{"text_format":"1","workbook":"xlsx","n_sheets":13,"sheets":["Entete","Production Mar","Production Mar avant macro","Production Lun","pos","Achats","OP","Lots","Rend","Calcul Rend","Prix","Poids","Date"],"not_rendered":{"charts":0,"images":0,"macros":1,"external_links":3,"defined_names":19,"comments":2,"pivot_tables":0},"unopened":[],"bounds":{"document_bytes":16777216,"sheet_cells":100000,"rows_first":2000,"rows_last":500,"rows_between":2000,"halvings":0,"cell_chars":16384,"cell_head_chars":4096},"cells_cut":0,"cells_raw":0,"read":"whole","date_system":"1900"}

{"sheet":"Entete","index":0,"n_rows":36,"n_cols":26,"rows_kept":36,"cut":false,"hidden":false,"merged":[[17,13,17,15]]}
["Report ID","Dep","Typ","Product ID","Product Description","Lot #","Production Raw Material","Finished Goods","Cat","Difference (RM less FG)","Yield","# ID","Supplier","Purchased Kg","Price Paid/Kg","Price Sale/Kg $P1","RM Costing","FG Selling $P1","Report ID Earning","Code","Fr/Fz","Frais","Congelé","Date FG","Date Report ID"]
[null,null,null,null,null,null,null,null,null,null,{"$f":"IF(ISNA(VLOOKUP($D:$D,rend,2,FALSE))=FALSE,VLOOKUP($D:$D,rend,2,FALSE),\"\")","v":""},{"$f":"IF($C2=\"RM\",IF(ISNA(VLOOKUP($F$2:$F$410,pos,2,FALSE))=FALSE,VLOOKUP($F2:$F$410,pos,2,FALSE),IF(ISNA(VLOOKUP($F$2:$F$410,lot,2,FALSE))=FALSE,VLOOKUP($F$2:$F$410,lot,2,FALSE),\"MANQUANT\")),\"\")","v":""},{"$f":"IF($C2=\"RM\",IF(ISNA(VLOOKUP($F$2:$F$410,pos,3,FALSE))=FALSE,VLOOKUP($F2:$F410,pos,3,FALSE),\"OP\"),\"\")","v":""},{"$f":"IF($C2=\"RM\",IF(ISNA(VLOOKUP($F2:$F$403,pos,4,FALSE))=FALSE,VLOOKUP($F$2:$F$403,pos,4,FALSE),\"\"),\"\")","v":""},{"$f":"IF($C2=\"RM\",IF(ISNA(VLOOKUP($F$2:$F$410,pos,5,FALSE))=FALSE,VLOOKUP($F$2:$F$410,pos,5,FALSE),IF(ISNA(VLOOKUP($F$2:$F$410,lot,5,FALSE))=FALSE,VLOOKUP($F$2:$F$410,lot,5,FALSE),0)),\"\")","v":""},{"$f":"IF($H2>0,VLOOKUP($D:$D,prix,15,FALSE),\"\")","v":""},{"$f":"IF($C2=\"RM\",$O2*$G2,\"\")","v":""},{"$f":"IF($H2>0,$H2*$P2,\"\")","v":""},null,{"$f":"IF($F2>0,VALUE(LEFT($F2,4)),\"\")","v":""},{"$f":"IF(F2>0,IF(ISERROR(SEARCH(\"*FZ*\",$E2))=FALSE,\"FZ\",IF(ISERROR(SEARCH(\"*FR*\",$E2))=FALSE,\"FR\",\"Aucun\")),\"\")","v":""},{"$f":"IF($C2=\"RM\",IF($U2=\"FR\",IF(ISNA(VLOOKUP($F:$F,lot,6,FALSE))=TRUE,VLOOKUP($T:$T,date,2,FALSE),VLOOKUP($F:$F,lot,6,FALSE)),\"\"),\"\")","v":""},{"$f":"IF($C2=\"RM\",IF($U2=\"Fz\",IF(ISNA(VLOOKUP($F:$F,lot,6,FALSE))=TRUE,VLOOKUP($T:$T,date,2,FALSE),VLOOKUP($F:$F,lot,6,FALSE)),\"\"),\"\")","v":""},{"$f":"IF($C2=\"FG\",VLOOKUP($A:$A,op,4,FALSE),\"\")","v":""},null,{"$f":"IF(C2=\"rm\",IF(U2=\"aucun\",\"OK\",IF(U2=\"fz\",IF(Y2-W2>730,Y2-W2,\"OK\"),IF(Y2-V2<1,1,Y2-V2))),\"\")","v":""}]
[]
[]
[]
["Fonction Sous-Total",null,null,null,null,null,null,null,null,{"$f":"$G6-$H6","v":0},{"$f":"$H6/$G6","v":{"$error":"#DIV/0!"}},null,null,null,{"$f":"$Q6/$H6","v":{"$error":"#DIV/0!"}},null,null,null,{"$f":"($R6-$Q6)/$Q6","v":{"$error":"#DIV/0!"}},null,null,null,null,{"$f":"IF($C6=\"FG\",VLOOKUP($A:$A,op,4,FALSE),\"\")","v":""},null,{"$f":"V3","v":"00:00:00"}]
[]
[null,null,null,null,null,null,"Fonction Sous-Total Colonne G & H",null,null,null,null,null,null,null,null,null,"Fonction Sous-Total Colonne Q & R"]
[null,null,null,null,null,null,null,null,null,"(1)","(2)",null,null,null,"(3)",null,null,null,"(4)",null,null,null,null,null,null,"Saisie Manuelle"]
["À exporter d'interal pour commencer:"]
["Produc:","Interal / Topics / System tools / Search wizard / Archive (production per day). Date, save, result, Export Data, coller feuille \"Production #jour\""]
["Achats:","Interal / Topics / System tools / Search Wizard / List of good received. Date, save, result, Export Data, coller feuille \"Achats\"."]
["Prix:","Interal / Topics / System tools / search wizard / Liste de prix, result, Export Data, coller feuille \"Prix\""]
[null,"1)","Bouton: Achats de la feuille achats"]
[null,"2)","Copier/Coller dans feuille POS ( Insert copied cells )"]
["Ensuite, suivre ces étapes",null,null,null,"Date:","2016-04-25"]
[null,"3) ","Bouton Date",null,null,{"$f":"F16+1","v":"2016-04-26"}]
[null,null,null,null,null,{"$f":"F17+1","v":"2016-04-27"}]
[null,null,null,null,null,{"$f":"F18+1","v":"2016-04-28"}]
[null,null,null,null,null,{"$f":"F19+1","v":"2016-04-29"}]
[null,"4)","Supprimer lignes sous-total vides"]
[null,"5)","Sous-total #2: Gras, Gris"]
[null,"6)","Copier/Coller Formule (1) (2) (3) (4) Colonne J, K, O, S Ligne Sous-Total"]
[null,"7)","Faire l'analyse complète des OP, Valider les feuilles de recettes, Effectuer les corrections & Ajustements."]
[null,"8)","Enlever Emballage des RM, Inscrire Cat 01, 02, 03, 04, 05 Colonne I"]
[null,"9)","Choisir Date OP, mettre dans colonne Z, ligne Sous-Total"]
[null,"10)","Faire Copie de l'onglet de la feuille, Copier/Coller Value, Garder sous-total seulement, Enlever mot Total, Garder Colonnes: Yield, Price Paid/Kg, Report ID Earning, Date(z)"]
[null,"11)","Coller ces informations dans l'onglet OP & supprimer l'onglet copié"]
[null,"12)","Faire Copie de l'onglet de la feuille, Enlever les Sous-Totaux, Copier/Coller De A à I dans Fichier \"Heures & Salaires\". Mettre Colonne Lot# devant Report ID, Garder Colonnes: Lot #, Report ID, Product ID"]
[null,"13)","Coller ces informations dans l'onglet Lots & supprimer l'onglet copié"]
[null,"14)","Faire 2e Copie de l'onglet de la feuille, Enlever les Sous-Totaux, Copier/Coller De A à I dans Fichier \"Heures & Salaires\". Mettre Colonne Lot# devant Report ID, Garder Colonnes: Lot #, Report ID, Product ID"]
[null,"14)","Remplacer les informations collés de l'étape 11) par ceux-là dans l'onglet OP & supprimer l'onglet copié"]
[null,"15)","Masques les Colonnes en Jaune: V, X, Y"]
[null,"16)","Ajuster sauts de page"]
[null,"17)","Imprimer"]
[null,"18)","Faire suivi à Roger & Terry"]

{"sheet":"Production Mar","index":1,"n_rows":419,"n_cols":26,"rows_kept":419,"cut":false,"hidden":false,"merged":[]}
["Report ID","Dep","Typ","Product ID","Product Description","Lot #","Production Raw Material","Finished Goods","Cat","Difference (RM less FG)","Yield","# ID","Supplier","Purchased Kg","Price Paid/Kg","Price Sale/Kg $P1","RM Costing","FG Selling $P1","Report ID Earning","Code","Fr/Fz","Frais","Congelé","Date FG","Date Report ID",{"$f":"Entete!F17","v":"2016-04-26"}]
["5413B04","Beef","RM",30202,"BAVETTE DE BOEUF A/AA FR #D","5413B04",245.6,null,null,null,{"$f":"IF(ISNA(VLOOKUP($D:$D,rend,2,FALSE))=FALSE,VLOOKUP($D:$D,rend,2,FALSE),\"\")","v":0.93635002497397324},{"$f":"IF($C2=\"RM\",IF(ISNA(VLOOKUP($F$2:$F$478,pos,2,FALSE))=FALSE,VLOOKUP($F2:$F$478,pos,2,FALSE),IF(ISNA(VLOOKUP($F$2:$F$478,lot,2,FALSE))=FALSE,VLOOKUP($F$2:$F$478,lot,2,FALSE),\"MANQUANT\")),\"\")","v":"PO-0021794"},{"$f":"IF($C2=\"RM\",IF(ISNA(VLOOKUP($F$2:$F$478,pos,3,FALSE))=FALSE,VLOOKUP($F2:$F478,pos,3,FALSE),\"OP\"),\"\")","v":"C&C"},{"$f":"IF($C2=\"RM\",IF(ISNA(VLOOKUP($F2:$F$471,pos,4,FALSE))=FALSE,VLOOKUP($F$2:$F$471,pos,4,FALSE),\"\"),\"\")","v":1959.14},{"$f":"IF($C2=\"RM\",IF(ISNA(VLOOKUP($F$2:$F$478,pos,5,FALSE))=FALSE,VLOOKUP($F$2:$F$478,pos,5,FALSE),IF(ISNA(VLOOKUP($F$2:$F$478,lot,5,FALSE))=FALSE,VLOOKUP($F$2:$F$478,lot,5,FALSE),0)),\"\")","v":13.99},{"$f":"IF($H2>0,VLOOKUP($D:$D,prix,15,FALSE),\"\")","v":""},{"$f":"IF($C2=\"RM\",$O2*$G2,\"\")","v":3435.944},{"$f":"IF($H2>0,$H2*$P2,\"\")","v":""},null,{"$f":"IF($F2>0,VALUE(LEFT($F2,4)),\"\")","v":5413},{"$f":"IF(F2>0,IF(ISERROR(SEARCH(\"*FZ*\",$E2))=FALSE,\"FZ\",IF(ISERROR(SEARCH(\"*FR*\",$E2))=FALSE,\"FR\",\"Aucun\")),\"\")","v":"FR"},{"$f":"IF($C2=\"RM\",IF($U2=\"FR\",IF(ISNA(VLOOKUP($F:$F,lot,6,FALSE))=TRUE,VLOOKUP($T:$T,date,2,FALSE),VLOOKUP($F:$F,lot,6,FALSE)),\"\"),\"\")","v":"2015-10-06"},{"$f":"IF($C2=\"RM\",IF($U2=\"Fz\",IF(ISNA(VLOOKUP($F:$F,lot,6,FALSE))=TRUE,VLOOKUP($T:$T,date,2,FALSE),VLOOKUP($F:$F,lot,6,FALSE)),\"\"),\"\")","v":""},{"$f":"IF($C2=\"FG\",VLOOKUP($A:$A,op,4,FALSE),\"\")","v":""},"2016-04-26",{"$f":"IF(C2=\"rm\",IF(U2=\"aucun\",\"OK\",IF(U2=\"fz\",IF(Y2-W2>730,Y2-W2,\"OK\"),IF(Y2-V2<1,1,Y2-V2))),\"\")","v":203}]
["5413B04","Beef","FG",31500,"BEEF HOUSE TRIMMINGS FR @P","5413B041","",64.78,null,null,{"$f":"IF(ISNA(VLOOKUP($D:$D,rend,2,FALSE))=FALSE,VLOOKUP($D:$D,rend,2,FALSE),\"\")","v":0.92196671697625909},{"$f":"IF($C3=\"RM\",IF(ISNA(VLOOKUP($F$2:$F$478,pos,2,FALSE))=FALSE,VLOOKUP($F3:$F$478,pos,2,FALSE),IF(ISNA(VLOOKUP($F$2:$F$478,lot,2,FALSE))=FALSE,VLOOKUP($F$2:$F$478,lot,2,FALSE),\"MANQUANT\")),\"\")","v":""},{"$f":"IF($C3=\"RM\",IF(ISNA(VLOOKUP($F$2:$F$478,pos,3,FALSE))=FALSE,VLOOKUP($F3:$F479,pos,3,FALSE),\"OP\"),\"\")","v":""},{"$f":"IF($C3=\"RM\",IF(ISNA(VLOOKUP($F3:$F$471,pos,4,FALSE))=FALSE,VLOOKUP($F$2:$F$471,pos,4,FALSE),\"\"),\"\")","v":""},{"$f":"IF($C3=\"RM\",IF(ISNA(VLOOKUP($F$2:$F$478,pos,5,FALSE))=FALSE,VLOOKUP($F$2:$F$478,pos,5,FALSE),IF(ISNA(VLOOKUP($F$2:$F$478,lot,5,FALSE))=FALSE,VLOOKUP($F$2:$F$478,lot,5,FALSE),0)),\"\")","v":""},{"$f":"IF($H3>0,VLOOKUP($D:$D,prix,15,FALSE),\"\")","v":10},{"$f":"IF($C3=\"RM\",$O3*$G3,\"\")","v":""},{"$f":"IF($H3>0,$H3*$P3,\"\")","v":647.79999999999995},null,{"$f":"IF($F3>0,VALUE(LEFT($F3,4)),\"\")","v":5413},{"$f":"IF(F3>0,IF(ISERROR(SEARCH(\"*FZ*\",$E3))=FALSE,\"FZ\",IF(ISERROR(SEARCH(\"*FR*\",$E3))=FALSE,\"FR\",\"Aucun\")),\"\")","v":"FR"},{"$f":"IF($C3=\"RM\",IF($U3=\"FR\",IF(ISNA(VLOOKUP($F:$F,lot,6,FALSE))=TRUE,VLOOKUP($T:$T,date,2,FALSE),VLOOKUP($F:$F,lot,6,FALSE)),\"\"),\"\")","v":""},{"$f":"IF($C3=\"RM\",IF($U3=\"Fz\",IF(ISNA(VLOOKUP($F:$F,lot,6,FALSE))=TRUE,VLOOKUP($T:$T,date,2,FALSE),VLOOKUP($F:$F,lot,6,FALSE)),\"\"),\"\")","v":""},{"$f":"IF($C3=\"FG\",VLOOKUP($A:$A,op,4,FALSE),\"\")","v":{"$error":"#N/A"}},"2016-04-26",{"$f":"IF(C3=\"rm\",IF(U3=\"aucun\",\"OK\",IF(U3=\"fz\",IF(Y3-W3>730,Y3-W3,\"OK\"),IF(Y3-V3<1,1,Y3-V3))),\"\")","v":""}]
["5413B04","Beef","FG",31519,"BAVETTE *IN PROCESS* FR","5413B042","",174.56,null,null,{"$f":"IF(ISNA(VLOOKUP($D:$D,rend,2,FALSE))=FALSE,VLOOKUP($D:$D,rend,2,FALSE),\"\")","v":0.92948618940687611},{"$f":"IF($C4=\"RM\",IF(ISNA(VLOOKUP($F$2:$F$478,pos,2,FALSE))=FALSE,VLOOKUP($F4:$F$478,pos,2,FALSE),IF(ISNA(VLOOKUP($F$2:$F$478,lot,2,FALSE))=FALSE,VLOOKUP($F$2:$F$478,lot,2,FALSE),\"MANQUANT\")),\"\")","v":""},{"$f":"IF($C4=\"RM\",IF(ISNA(VLOOKUP($F$2:$F$478,pos,3,FALSE))=FALSE,VLOOKUP($F4:$F480,pos,3,FALSE),\"OP\"),\"\")","v":""},{"$f":"IF($C4=\"RM\",IF(ISNA(VLOOKUP($F4:$F$471,pos,4,FALSE))=FALSE,VLOOKUP($F$2:$F$471,pos,4,FALSE),\"\"),\"\")","v":""},{"$f":"IF($C4=\"RM\",IF(ISNA(VLOOKUP($F$2:$F$478,pos,5,FALSE))=FALSE,VLOOKUP($F$2:$F$478,pos,5,FALSE),IF(ISNA(VLOOKUP($F$2:$F$478,lot,5,FALSE))=FALSE,VLOOKUP($F$2:$F$478,lot,5,FALSE),0)),\"\")","v":""},{"$f":"IF($H4>0,VLOOKUP($D:$D,prix,15,FALSE),\"\")","v":20.8},{"$f":"IF($C4=\"RM\",$O4*$G4,\"\")","v":""},{"$f":"IF($H4>0,$H4*$P4,\"\")","v":3630.848},null,{"$f":"IF($F4>0,VALUE(LEFT($F4,4)),\"\")","v":5413},{"$f":"IF(F4>0,IF(ISERROR(SEARCH(\"*FZ*\",$E4))=FALSE,\"FZ\",IF(ISERROR(SEARCH(\"*FR*\",$E4))=FALSE,\"FR\",\"Aucun\")),\"\")","v":"FR"},{"$f":"IF($C4=\"RM\",IF($U4=\"FR\",IF(ISNA(VLOOKUP($F:$F,lot,6,FALSE))=TRUE,VLOOKUP($T:$T,date,2,FALSE),VLOOKUP($F:$F,lot,6,FALSE)),\"\"),\"\")","v":""},{"$f":"IF($C4=\"RM\",IF($U4=\"Fz\",IF(ISNA(VLOOKUP($F:$F,lot,6,FALSE))=TRUE,VLOOKUP($T:$T,date,2,FALSE),VLOOKUP($F:$F,lot,6,FALSE)),\"\"),\"\")","v":""},{"$f":"IF($C4=\"FG\",VLOOKUP($A:$A,op,4,FALSE),\"\")","v":{"$error":"#N/A"}},"2016-04-26",{"$f":"IF(C4=\"rm\",IF(U4=\"aucun\",\"OK\",IF(U4=\"fz\",IF(Y4-W4>730,Y4-W4,\"OK\"),IF(Y4-V4<1,1,Y4-V4))),\"\")","v":""}]
["5413B04 Total",null,null,null,null,null,{"$f":"SUBTOTAL(9,G2:G4)","v":245.6},{"$f":"SUBTOTAL(9,H2:H4)","v":239.34},null,null,null,null,null,null,null,null,{"$f":"SUBTOTAL(9,Q2:Q4)","v":3435.944},{"$f":"SUBTOTAL(9,R2:R4)","v":4278.6480000000001}]
["5484B0786B","Beef","RM",41342,"TEXAN MEDALLION *IN PROCESS* CODE: 24003 (3X 12) FR #D","5484B0786",21.6,null,null,null,{"$f":"IF(ISNA(VLOOKUP($D:$D,rend,2,FALSE))=FALSE,VLOOKUP($D:$D,rend,2,FALSE),\"\")","v":0.94503696537579718},{"$f":"IF($C6=\"RM\",IF(ISNA(VLOOKUP($F$2:$F$478,pos,2,FALSE))=FALSE,VLOOKUP($F6:$F$478,pos,2,FALSE),IF(ISNA(VLOOKUP($F$2:$F$478,lot,2,FALSE))=FALSE,VLOOKUP($F$2:$F$478,lot,2,FALSE),\"MANQUANT\")),\"\")","v":"5484B0775C"},{"$f":"IF($C6=\"RM\",IF(ISNA(VLOOKUP($F$2:$F$478,pos,3,FALSE))=FALSE,VLOOKUP($F6:$F481,pos,3,FALSE),\"OP\"),\"\")","v":"OP"},{"$f":"IF($C6=\"RM\",IF(ISNA(VLOOKUP($F6:$F$471,pos,4,FALSE))=FALSE,VLOOKUP($F$2:$F$471,pos,4,FALSE),\"\"),\"\")","v":""},{"$f":"IF($C6=\"RM\",IF(ISNA(VLOOKUP($F$2:$F$478,pos,5,FALSE))=FALSE,VLOOKUP($F$2:$F$478,pos,5,FALSE),IF(ISNA(VLOOKUP($F$2:$F$478,lot,5,FALSE))=FALSE,VLOOKUP($F$2:$F$478,lot,5,FALSE),0)),\"\")","v":5.4684107626591434},{"$f":"IF($H6>0,VLOOKUP($D:$D,prix,15,FALSE),\"\")","v":""},{"$f":"IF($C6=\"RM\",$O6*$G6,\"\")","v":118.11767247343751},{"$f":"IF($H6>0,$H6*$P6,\"\")","v":""},null,{"$f":"IF($F6>0,VALUE(LEFT($F6,4)),\"\")","v":5484},{"$f":"IF(F6>0,IF(ISERROR(SEARCH(\"*FZ*\",$E6))=FALSE,\"FZ\",IF(ISERROR(SEARCH(\"*FR*\",$E6))=FALSE,\"FR\",\"Aucun\")),\"\")","v":"FR"},{"$f":"IF($C6=\"RM\",IF($U6=\"FR\",IF(ISNA(VLOOKUP($F:$F,lot,6,FALSE))=TRUE,VLOOKUP($T:$T,date,2,FALSE),VLOOKUP($F:$F,lot,6,FALSE)),\"\"),\"\")","v":"2016-04-22"},{"$f":"IF($C6=\"RM\",IF($U6=\"Fz\",IF(ISNA(VLOOKUP($F:$F,lot,6,FALSE))=TRUE,VLOOKUP($T:$T,date,2,FALSE),VLOOKUP($F:$F,lot,6,FALSE)),\"\"),\"\")","v":""},{"$f":"IF($C6=\"FG\",VLOOKUP($A:$A,op,4,FALSE),\"\")","v":""},"2016-04-26",{"$f":"IF(C6=\"rm\",IF(U6=\"aucun\",\"OK\",IF(U6=\"fz\",IF(Y6-W6>730,Y6-W6,\"OK\"),IF(Y6-V6<1,1,Y6-V6))),\"\")","v":4}]
["5484B0786B","Beef","FG",24003,"FILET DE PORC ASAISSONNE TEXAN**METRO( 3 X12 UN/ CS)115-125GR*4.32KG/SAC FR @P","5484B0792","",21.6,null,null,{"$f":"IF(ISNA(VLOOKUP($D:$D,rend,2,FALSE))=FALSE,VLOOKUP($D:$D,rend,2,FALSE),\"\")","v":0.93490302123433855},{"$f":"IF($C7=\"RM\",IF(ISNA(VLOOKUP($F$2:$F$478,pos,2,FALSE))=FALSE,VLOOKUP($F7:$F$478,pos,2,FALSE),IF(ISNA(VLOOKUP($F$2:$F$478,lot,2,FALSE))=FALSE,VLOOKUP($F$2:$F$478,lot,2,FALSE),\"MANQUANT\")),\"\")","v":""},{"$f":"IF($C7=\"RM\",IF(ISNA(VLOOKUP($F$2:$F$478,pos,3,FALSE))=FALSE,VLOOKUP($F7:$F482,pos,3,FALSE),\"OP\"),\"\")","v":""},{"$f":"IF($C7=\"RM\",IF(ISNA(VLOOKUP($F7:$F$471,pos,4,FALSE))=FALSE,VLOOKUP($F$2:$F$471,pos,4,FALSE),\"\"),\"\")","v":""},{"$f":"IF($C7=\"RM\",IF(ISNA(VLOOKUP($F$2:$F$478,pos,5,FALSE))=FALSE,VLOOKUP($F$2:$F$478,pos,5,FALSE),IF(ISNA(VLOOKUP($F$2:$F$478,lot,5,FALSE))=FALSE,VLOOKUP($F$2:$F$478,lot,5,FALSE),0)),\"\")","v":""},{"$f":"IF($H7>0,VLOOKUP($D:$D,prix,15,FALSE),\"\")","v":8.8518518518518512},{"$f":"IF($C7=\"RM\",$O7*$G7,\"\")","v":""},{"$f":"IF($H7>0,$H7*$P7,\"\")","v":191.2},null,{"$f":"IF($F7>0,VALUE(LEFT($F7,4)),\"\")","v":5484},{"$f":"IF(F7>0,IF(ISERROR(SEARCH(\"*FZ*\",$E7))=FALSE,\"FZ\",IF(ISERROR(SEARCH(\"*FR*\",$E7))=FALSE,\"FR\",\"Aucun\")),\"\")","v":"FR"},{"$f":"IF($C7=\"RM\",IF($U7=\"FR\",IF(ISNA(VLOOKUP($F:$F,lot,6,FALSE))=TRUE,VLOOKUP($T:$T,date,2,FALSE),VLOOKUP($F:$F,lot,6,FALSE)),\"\"),\"\")","v":""},{"$f":"IF($C7=\"RM\",IF($U7=\"Fz\",IF(ISNA(VLOOKUP($F:$F,lot,6,FALSE))=TRUE,VLOOKUP($T:$T,date,2,FALSE),VLOOKUP($F:$F,lot,6,FALSE)),\"\"),\"\")","v":""},{"$f":"IF($C7=\"FG\",VLOOKUP($A:$A,op,4,FALSE),\"\")","v":{"$error":"#N/A"}},"2016-04-26",{"$f":"IF(C7=\"rm\",IF(U7=\"aucun\",\"OK\",IF(U7=\"fz\",IF(Y7-W7>730,Y7-W7,\"OK\"),IF(Y7-V7<1,1,Y7-V7))),\"\")","v":""}]
["5484B0786B Total",null,null,null,null,null,{"$f":"SUBTOTAL(9,G6:G7)","v":21.6},{"$f":"SUBTOTAL(9,H6:H7)","v":21.6},null,{"$f":"$G8-$H8","v":0},{"$f":"$H8/$G8","v":1},null,null,null,{"$f":"$Q8/$H8","v":5.4684107626591434},null,{"$f":"SUBTOTAL(9,Q6:Q7)","v":118.11767247343751},{"$f":"SUBTOTAL(9,R6:R7)","v":191.2},{"$f":"($R8-$Q8)/$Q8","v":0.61872475131100602}]
["5484B0791","Beef","RM",1,"ING EAU","5166AS",82.66,null,null,null,{"$f":"IF(ISNA(VLOOKUP($D:$D,rend,2,FALSE))=FALSE,VLOOKUP($D:$D,rend,2,FALSE),\"\")","v":""},{"$f":"IF($C9=\"RM\",IF(ISNA(VLOOKUP($F$2:$F$478,pos,2,FALSE))=FALSE,VLOOKUP($F9:$F$478,pos,2,FALSE),IF(ISNA(VLOOKUP($F$2:$F$478,lot,2,FALSE))=FALSE,VLOOKUP($F$2:$F$478,lot,2,FALSE),\"MANQUANT\")),\"\")","v":"Aucun"},{"$f":"IF($C9=\"RM\",IF(ISNA(VLOOKUP($F$2:$F$478,pos,3,FALSE))=FALSE,VLOOKUP($F9:$F483,pos,3,FALSE),\"OP\"),\"\")","v":"Aucun"},{"$f":"IF($C9=\"RM\",IF(ISNA(VLOOKUP($F9:$F$471,pos,4,FALSE))=FALSE,VLOOKUP($F$2:$F$471,pos,4,FALSE),\"\"),\"\")","v":0},{"$f":"IF($C9=\"RM\",IF(ISNA(VLOOKUP($F$2:$F$478,pos,5,FALSE))=FALSE,VLOOKUP($F$2:$F$478,pos,5,FALSE),IF(ISNA(VLOOKUP($F$2:$F$478,lot,5,FALSE))=FALSE,VLOOKUP($F$2:$F$478,lot,5,FALSE),0)),\"\")","v":0},{"$f":"IF($H9>0,VLOOKUP($D:$D,prix,15,FALSE),\"\")","v":""},{"$f":"IF($C9=\"RM\",$O9*$G9,\"\")","v":0},{"$f":"IF($H9>0,$H9*$P9,\"\")","v":""},null,{"$f":"IF($F9>0,VALUE(LEFT($F9,4)),\"\")","v":5166},{"$f":"IF(F9>0,IF(ISERROR(SEARCH(\"*FZ*\",$E9))=FALSE,\"FZ\",IF(ISERROR(SEARCH(\"*FR*\",$E9))=FALSE,\"FR\",\"Aucun\")),\"\")","v":"Aucun"},{"$f":"IF($C9=\"RM\",IF($U9=\"FR\",IF(ISNA(VLOOKUP($F:$F,lot,6,FALSE))=TRUE,VLOOKUP($T:$T,date,2,FALSE),VLOOKUP($F:$F,lot,6,FALSE)),\"\"),\"\")","v":""},{"$f":"IF($C9=\"RM\",IF($U9=\"Fz\",IF(ISNA(VLOOKUP($F:$F,lot,6,FALSE))=TRUE,VLOOKUP($T:$T,date,2,FALSE),VLOOKUP($F:$F,lot,6,FALSE)),\"\"),\"\")","v":""},{"$f":"IF($C9=\"FG\",VLOOKUP($A:$A,op,4,FALSE),\"\")","v":""},"2016-04-26",{"$f":"IF(C9=\"rm\",IF(U9=\"aucun\",\"OK\",IF(U9=\"fz\",IF(Y9-W9>730,Y9-W9,\"OK\"),IF(Y9-V9<1,1,Y9-V9))),\"\")","v":"OK"}]
["5484B0791","Beef","RM",41341,"PORK FILET *IN PROCESS* FR #D","5484B0784",20.66,null,null,null,{"$f":"IF(ISNA(VLOOKUP($D:$D,rend,2,FALSE))=FALSE,VLOOKUP($D:$D,rend,2,FALSE),\"\")","v":0.92629849325683555},{"$f":"IF($C10=\"RM\",IF(ISNA(VLOOKUP($F$2:$F$478,pos,2,FALSE))=FALSE,VLOOKUP($F10:$F$478,pos,2,FALSE),IF(ISNA(VLOOKUP($F$2:$F$478,lot,2,FALSE))=FALSE,VLOOKUP($F$2:$F$478,lot,2,FALSE),\"MANQUANT\")),\"\")","v":"5484B07N"},{"$f":"IF($C10=\"RM\",IF(ISNA(VLOOKUP($F$2:$F$478,pos,3,FALSE))=FALSE,VLOOKUP($F10:$F484,pos,3,FALSE),\"OP\"),\"\")","v":"OP"},{"$f":"IF($C10=\"RM\",IF(ISNA(VLOOKUP($F10:$F$471,pos,4,FALSE))=FALSE,VLOOKUP($F$2:$F$471,pos,4,FALSE),\"\"),\"\")","v":""},{"$f":"IF($C10=\"RM\",IF(ISNA(VLOOKUP($F$2:$F$478,pos,5,FALSE))=FALSE,VLOOKUP($F$2:$F$478,pos,5,FALSE),IF(ISNA(VLOOKUP($F$2:$F$478,lot,5,FALSE))=FALSE,VLOOKUP($F$2:$F$478,lot,5,FALSE),0)),\"\")","v":6.6893564356435649},{"$f":"IF($H10>0,VLOOKUP($D:$D,prix,15,FALSE),\"\")","v":""},{"$f":"IF($C10=\"RM\",$O10*$G10,\"\")","v":138.20210396039604},{"$f":"IF($H10>0,$H10*$P10,\"\")","v":""},null,{"$f":"IF($F10>0,VALUE(LEFT($F10,4)),\"\")","v":5484},{"$f":"IF(F10>0,IF(ISERROR(SEARCH(\"*FZ*\",$E10))=FALSE,\"FZ\",IF(ISERROR(SEARCH(\"*FR*\",$E10))=FALSE,\"FR\",\"Aucun\")),\"\")","v":"FR"},{"$f":"IF($C10=\"RM\",IF($U10=\"FR\",IF(ISNA(VLOOKUP($F:$F,lot,6,FALSE))=TRUE,VLOOKUP($T:$T,date,2,FALSE),VLOOKUP($F:$F,lot,6,FALSE)),\"\"),\"\")","v":"2016-04-22"},{"$f":"IF($C10=\"RM\",IF($U10=\"Fz\",IF(ISNA(VLOOKUP($F:$F,lot,6,FALSE))=TRUE,VLOOKUP($T:$T,date,2,FALSE),VLOOKUP($F:$F,lot,6,FALSE)),\"\"),\"\")","v":""},{"$f":"IF($C10=\"FG\",VLOOKUP($A:$A,op,4,FALSE),\"\")","v":""},"2016-04-26",{"$f":"IF(C10=\"rm\",IF(U10=\"aucun\",\"OK\",IF(U10=\"fz\",IF(Y10-W10>730,Y10-W10,\"OK\"),IF(Y10-V10<1,1,Y10-V10))),\"\")","v":4}]
["5484B0791","Beef","RM",41342,"TEXAN MEDALLION *IN PROCESS* CODE: 24003 (3X 12) FR #D","5484B0786",1.88,null,null,null,{"$f":"IF(ISNA(VLOOKUP($D:$D,rend,2,FALSE))=FALSE,VLOOKUP($D:$D,rend,2,FALSE),\"\")","v":0.94503696537579718},{"$f":"IF($C11=\"RM\",IF(ISNA(VLOOKUP($F$2:$F$478,pos,2,FALSE))=FALSE,VLOOKUP($F11:$F$478,pos,2,FALSE),IF(ISNA(VLOOKUP($F$2:$F$478,lot,2,FALSE))=FALSE,VLOOKUP($F$2:$F$478,lot,2,FALSE),\"MANQUANT\")),\"\")","v":"5484B0775C"},{"$f":"IF($C11=\"RM\",IF(ISNA(VLOOKUP($F$2:$F$478,pos,3,FALSE))=FALSE,VLOOKUP($F11:$F485,pos,3,FALSE),\"OP\"),\"\")","v":"OP"},{"$f":"IF($C11=\"RM\",IF(ISNA(VLOOKUP($F11:$F$471,pos,4,FALSE))=FALSE,VLOOKUP($F$2:$F$471,pos,4,FALSE),\"\"),\"\")","v":""},{"$f":"IF($C11=\"RM\",IF(ISNA(VLOOKUP($F$2:$F$478,pos,5,FALSE))=FALSE,VLOOKUP($F$2:$F$478,pos,5,FALSE),IF(ISNA(VLOOKUP($F$2:$F$478,lot,5,FALSE))=FALSE,VLOOKUP($F$2:$F$478,lot,5,FALSE),0)),\"\")","v":5.4684107626591434},{"$f":"IF($H11>0,VLOOKUP($D:$D,prix,15,FALSE),\"\")","v":""},{"$f":"IF($C11=\"RM\",$O11*$G11,\"\")","v":10.280612233799189},{"$f":"IF($H11>0,$H11*$P11,\"\")","v":""},null,{"$f":"IF($F11>0,VALUE(LEFT($F11,4)),\"\")","v":5484},{"$f":"IF(F11>0,IF(ISERROR(SEARCH(\"*FZ*\",$E11))=FALSE,\"FZ\",IF(ISERROR(SEARCH(\"*FR*\",$E11))=FALSE,\"FR\",\"Aucun\")),\"\")","v":"FR"},{"$f":"IF($C11=\"RM\",IF($U11=\"FR\",IF(ISNA(VLOOKUP($F:$F,lot,6,FALSE))=TRUE,VLOOKUP($T:$T,date,2,FALSE),VLOOKUP($F:$F,lot,6,FALSE)),\"\"),\"\")","v":"2016-04-22"},{"$f":"IF($C11=\"RM\",IF($U11=\"Fz\",IF(ISNA(VLOOKUP($F:$F,lot,6,FALSE))=TRUE,VLOOKUP($T:$T,date,2,FALSE),VLOOKUP($F:$F,lot,6,FALSE)),\"\"),\"\")","v":""},{"$f":"IF($C11=\"FG\",VLOOKUP($A:$A,op,4,FALSE),\"\")","v":""},"2016-04-26",{"$f":"IF(C11=\"rm\",IF(U11=\"aucun\",\"OK\",IF(U11=\"fz\",IF(Y11-W11>730,Y11-W11,\"OK\"),IF(Y11-V11<1,1,Y11-V11))),\"\")","v":4}]
["5484B0791","Beef","RM",41341,"PORK FILET *IN PROCESS* FR #D","5484B0791",372.8,null,null,null,{"$f":"IF(ISNA(VLOOKUP($D:$D,rend,2,FALSE))=FALSE,VLOOKUP($D:$D,rend,2,FALSE),\"\")","v":0.92629849325683555},{"$f":"IF($C12=\"RM\",IF(ISNA(VLOOKUP($F$2:$F$478,pos,2,FALSE))=FALSE,VLOOKUP($F12:$F$478,pos,2,FALSE),IF(ISNA(VLOOKUP($F$2:$F$478,lot,2,FALSE))=FALSE,VLOOKUP($F$2:$F$478,lot,2,FALSE),\"MANQUANT\")),\"\")","v":"5484B07O"},{"$f":"IF($C12=\"RM\",IF(ISNA(VLOOKUP($F$2:$F$478,pos,3,FALSE))=FALSE,VLOOKUP($F12:$F486,pos,3,FALSE),\"OP\"),\"\")","v":"OP"},{"$f":"IF($C12=\"RM\",IF(ISNA(VLOOKUP($F12:$F$471,pos,4,FALSE))=FALSE,VLOOKUP($F$2:$F$471,pos,4,FALSE),\"\"),\"\")","v":""},{"$f":"IF($C12=\"RM\",IF(ISNA(VLOOKUP($F$2:$F$478,pos,5,FALSE))=FALSE,VLOOKUP($F$2:$F$478,pos,5,FALSE),IF(ISNA(VLOOKUP($F$2:$F$478,lot,5,FALSE))=FALSE,VLOOKUP($F$2:$F$478,lot,5,FALSE),0)),\"\")","v":6.2624197493121372},{"$f":"IF($H12>0,VLOOKUP($D:$D,prix,15,FALSE),\"\")","v":""},{"$f":"IF($C12=\"RM\",$O12*$G12,\"\")","v":2334.6300825435646},{"$f":"IF($H12>0,$H12*$P12,\"\")","v":""},null,{"$f":"IF($F12>0,VALUE(LEFT($F12,4)),\"\")","v":5484},{"$f":"IF(F12>0,IF(ISERROR(SEARCH(\"*FZ*\",$E12))=FALSE,\"FZ\",IF(ISERROR(SEARCH(\"*FR*\",$E12))=FALSE,\"FR\",\"Aucun\")),\"\")","v":"FR"},{"$f":"IF($C12=\"RM\",IF($U12=\"FR\",IF(ISNA(VLOOKUP($F:$F,lot,6,FALSE))=TRUE,VLOOKUP($T:$T,date,2,FALSE),VLOOKUP($F:$F,lot,6,FALSE)),\"\"),\"\")","v":"2016-04-25"},{"$f":"IF($C12=\"RM\",IF($U12=\"Fz\",IF(ISNA(VLOOKUP($F:$F,lot,6,FALSE))=TRUE,VLOOKUP($T:$T,date,2,FALSE),VLOOKUP($F:$F,lot,6,FALSE)),\"\"),\"\")","v":""},{"$f":"IF($C12=\"FG\",VLOOKUP($A:$A,op,4,FALSE),\"\")","v":""},"2016-04-26",{"$f":"IF(C12=\"rm\",IF(U12=\"aucun\",\"OK\",IF(U12=\"fz\",IF(Y12-W12>730,Y12-W12,\"OK\"),IF(Y12-V12<1,1,Y12-V12))),\"\")","v":1}]
["5484B0791","Beef","RM",12,"ING BSA 2B3L022 / ASSAISONNEMENTS BBQ-TEXANE / ALLERG: AUCUN","6052AS02",28.02,null,null,null,{"$f":"IF(ISNA(VLOOKUP($D:$D,rend,2,FALSE))=FALSE,VLOOKUP($D:$D,rend,2,FALSE),\"\")","v":""},{"$f":"IF($C13=\"RM\",IF(ISNA(VLOOKUP($F$2:$F$478,pos,2,FALSE))=FALSE,VLOOKUP($F13:$F$478,pos,2,FALSE),IF(ISNA(VLOOKUP($F$2:$F$478,lot,2,FALSE))=FALSE,VLOOKUP($F$2:$F$478,lot,2,FALSE),\"MANQUANT\")),\"\")","v":"PO-0021710"},{"$f":"IF($C13=\"RM\",IF(ISNA(VLOOKUP($F$2:$F$478,pos,3,FALSE))=FALSE,VLOOKUP($F13:$F487,pos,3,FALSE),\"OP\"),\"\")","v":"BSA"},{"$f":"IF($C13=\"RM\",IF(ISNA(VLOOKUP($F13:$F$471,pos,4,FALSE))=FALSE,VLOOKUP($F$2:$F$471,pos,4,FALSE),\"\"),\"\")","v":100},{"$f":"IF($C13=\"RM\",IF(ISNA(VLOOKUP($F$2:$F$478,pos,5,FALSE))=FALSE,VLOOKUP($F$2:$F$478,pos,5,FALSE),IF(ISNA(VLOOKUP($F$2:$F$478,lot,5,FALSE))=FALSE,VLOOKUP($F$2:$F$478,lot,5,FALSE),0)),\"\")","v":10.42},{"$f":"IF($H13>0,VLOOKUP($D:$D,prix,15,FALSE),\"\")","v":""},{"$f":"IF($C13=\"RM\",$O13*$G13,\"\")","v":291.96839999999997},{"$f":"IF($H13>0,$H13*$P13,\"\")","v":""},null,{"$f":"IF($F13>0,VALUE(LEFT($F13,4)),\"\")","v":6052},{"$f":"IF(F13>0,IF(ISERROR(SEARCH(\"*FZ*\",$E13))=FALSE,\"FZ\",IF(ISERROR(SEARCH(\"*FR*\",$E13))=FALSE,\"FR\",\"Aucun\")),\"\")","v":"Aucun"},{"$f":"IF($C13=\"RM\",IF($U13=\"FR\",IF(ISNA(VLOOKUP($F:$F,lot,6,FALSE))=TRUE,VLOOKUP($T:$T,date,2,FALSE),VLOOKUP($F:$F,lot,6,FALSE)),\"\"),\"\")","v":""},{"$f":"IF($C13=\"RM\",IF($U13=\"Fz\",IF(ISNA(VLOOKUP($F:$F,lot,6,FALSE))=TRUE,VLOOKUP($T:$T,date,2,FALSE),VLOOKUP($F:$F,lot,6,FALSE)),\"\"),\"\")","v":""},{"$f":"IF($C13=\"FG\",VLOOKUP($A:$A,op,4,FALSE),\"\")","v":""},"2016-04-26",{"$f":"IF(C13=\"rm\",IF(U13=\"aucun\",\"OK\",IF(U13=\"fz\",IF(Y13-W13>730,Y13-W13,\"OK\"),IF(Y13-V13<1,1,Y13-V13))),\"\")","v":"OK"}]
["5484B0791","Beef","FG",24003,"FILET DE PORC ASAISSONNE TEXAN**METRO( 3 X12 UN/ CS)115-125GR*4.32KG/SAC FR @P","5484B0793","",410.4,null,null,{"$f":"IF(ISNA(VLOOKUP($D:$D,rend,2,FALSE))=FALSE,VLOOKUP($D:$D,rend,2,FALSE),\"\")","v":0.93490302123433855},{"$f":"IF($C14=\"RM\",IF(ISNA(VLOOKUP($F$2:$F$478,pos,2,FALSE))=FALSE,VLOOKUP($F14:$F$478,pos,2,FALSE),IF(ISNA(VLOOKUP($F$2:$F$478,lot,2,FALSE))=FALSE,VLOOKUP($F$2:$F$478,lot,2,FALSE),\"MANQUANT\")),\"\")","v":""},{"$f":"IF($C14=\"RM\",IF(ISNA(VLOOKUP($F$2:$F$478,pos,3,FALSE))=FALSE,VLOOKUP($F14:$F488,pos,3,FALSE),\"OP\"),\"\")","v":""},{"$f":"IF($C14=\"RM\",IF(ISNA(VLOOKUP($F14:$F$471,pos,4,FALSE))=FALSE,VLOOKUP($F$2:$F$471,pos,4,FALSE),\"\"),\"\")","v":""},{"$f":"IF($C14=\"RM\",IF(ISNA(VLOOKUP($F$2:$F$478,pos,5,FALSE))=FALSE,VLOOKUP($F$2:$F$478,pos,5,FALSE),IF(ISNA(VLOOKUP($F$2:$F$478,lot,5,FALSE))=FALSE,VLOOKUP($F$2:$F$478,lot,5,FALSE),0)),\"\")","v":""},{"$f":"IF($H14>0,VLOOKUP($D:$D,prix,15,FALSE),\"\")","v":8.8518518518518512},{"$f":"IF($C14=\"RM\",$O14*$G14,\"\")","v":""},{"$f":"IF($H14>0,$H14*$P14,\"\")","v":3632.7999999999997},null,{"$f":"IF($F14>0,VALUE(LEFT($F14,4)),\"\")","v":5484},{"$f":"IF(F14>0,IF(ISERROR(SEARCH(\"*FZ*\",$E14))=FALSE,\"FZ\",IF(ISERROR(SEARCH(\"*FR*\",$E14))=FALSE,\"FR\",\"Aucun\")),\"\")","v":"FR"},{"$f":"IF($C14=\"RM\",IF($U14=\"FR\",IF(ISNA(VLOOKUP($F:$F,lot,6,FALSE))=TRUE,VLOOKUP($T:$T,date,2,FALSE),VLOOKUP($F:$F,lot,6,FALSE)),\"\"),\"\")","v":""},{"$f":"IF($C14=\"RM\",IF($U14=\"Fz\",IF(ISNA(VLOOKUP($F:$F,lot,6,FALSE))=TRUE,VLOOKUP($T:$T,date,2,FALSE),VLOOKUP($F:$F,lot,6,FALSE)),\"\"),\"\")","v":""},{"$f":"IF($C14=\"FG\",VLOOKUP($A:$A,op,4,FALSE),\"\")","v":{"$error":"#N/A"}},"2016-04-26",{"$f":"IF(C14=\"rm\",IF(U14=\"aucun\",\"OK\",IF(U14=\"fz\",IF(Y14-W14>730,Y14-W14,\"OK\"),IF(Y14-V14<1,1,Y14-V14))),\"\")","v":""}]
["5484B0791","Beef","FG",41342,"TEXAN MEDALLION *IN PROCESS* CODE: 24003 (3X 12) FR #D","5484B0794","",71.98,null,null,{"$f":"IF(ISNA(VLOOKUP($D:$D,rend,2,FALSE))=FALSE,VLOOKUP($D:$D,rend,2,FALSE),\"\")","v":0.94503696537579718},{"$f":"IF($C15=\"RM\",IF(ISNA(VLOOKUP($F$2:$F$478,pos,2,FALSE))=FALSE,VLOOKUP($F15:$F$478,pos,2,FALSE),IF(ISNA(VLOOKUP($F$2:$F$478,lot,2,FALSE))=FALSE,VLOOKUP($F$2:$F$478,lot,2,FALSE),\"MANQUANT\")),\"\")","v":""},{"$f":"IF($C15=\"RM\",IF(ISNA(VLOOKUP($F$2:$F$478,pos,3,FALSE))=FALSE,VLOOKUP($F15:$F489,pos,3,FALSE),\"OP\"),\"\")","v":""},{"$f":"IF($C15=\"RM\",IF(ISNA(VLOOKUP($F15:$F$471,pos,4,FALSE))=FALSE,VLOOKUP($F$2:$F$471,pos,4,FALSE),\"\"),\"\")","v":""},{"$f":"IF($C15=\"RM\",IF(ISNA(VLOOKUP($F$2:$F$478,pos,5,FALSE))=FALSE,VLOOKUP($F$2:$F$478,pos,5,FALSE),IF(ISNA(VLOOKUP($F$2:$F$478,lot,5,FALSE))=FALSE,VLOOKUP($F$2:$F$478,lot,5,FALSE),0)),\"\")","v":""},{"$f":"IF($H15>0,VLOOKUP($D:$D,prix,15,FALSE),\"\")","v":8.85},{"$f":"IF($C15=\"RM\",$O15*$G15,\"\")","v":""},{"$f":"IF($H15>0,$H15*$P15,\"\")","v":637.02300000000002},null,{"$f":"IF($F15>0,VALUE(LEFT($F15,4)),\"\")","v":5484},{"$f":"IF(F15>0,IF(ISERROR(SEARCH(\"*FZ*\",$E15))=FALSE,\"FZ\",IF(ISERROR(SEARCH(\"*FR*\",$E15))=FALSE,\"FR\",\"Aucun\")),\"\")","v":"FR"},{"$f":"IF($C15=\"RM\",IF($U15=\"FR\",IF(ISNA(VLOOKUP($F:$F,lot,6,FALSE))=TRUE,VLOOKUP($T:$T,date,2,FALSE),VLOOKUP($F:$F,lot,6,FALSE)),\"\"),\"\")","v":""},{"$f":"IF($C15=\"RM\",IF($U15=\"Fz\",IF(ISNA(VLOOKUP($F:$F,lot,6,FALSE))=TRUE,VLOOKUP($T:$T,date,2,FALSE),VLOOKUP($F:$F,lot,6,FALSE)),\"\"),\"\")","v":""},{"$f":"IF($C15=\"FG\",VLOOKUP($A:$A,op,4,FALSE),\"\")","v":{"$error":"#N/A"}},"2016-04-26",{"$f":"IF(C15=\"rm\",IF(U15=\"aucun\",\"OK\",IF(U15=\"fz\",IF(Y15-W15>730,Y15-W15,\"OK\"),IF(Y15-V15<1,1,Y15-V15))),\"\")","v":""}]
["5484B0791 Total",null,null,null,null,null,{"$f":"SUBTOTAL(9,G9:G15)","v":506.02},{"$f":"SUBTOTAL(9,H9:H15)","v":482.38},null,null,null,null,null,null,null,null,{"$f":"SUBTOTAL(9,Q9:Q15)","v":2775.0811987377601},{"$f":"SUBTOTAL(9,R9:R15)","v":4269.8229999999994}]
["5484B07P","Beef","RM",63002,"PORK FILET IBP US (VAC X2) FZ","5484B07",484.9,null,null,null,{"$f":"IF(ISNA(VLOOKUP($D:$D,rend,2,FALSE))=FALSE,VLOOKUP($D:$D,rend,2,FALSE),\"\")","v":0.94190844688344222},{"$f":"IF($C17=\"RM\",IF(ISNA(VLOOKUP($F$2:$F$478,pos,2,FALSE))=FALSE,VLOOKUP($F17:$F$478,pos,2,FALSE),IF(ISNA(VLOOKUP($F$2:$F$478,lot,2,FALSE))=FALSE,VLOOKUP($F$2:$F$478,lot,2,FALSE),\"MANQUANT\")),\"\")","v":"PO-0021592"},{"$f":"IF($C17=\"RM\",IF(ISNA(VLOOKUP($F$2:$F$478,pos,3,FALSE))=FALSE,VLOOKUP($F17:$F490,pos,3,FALSE),\"OP\"),\"\")","v":"CHIS"},{"$f":"IF($C17=\"RM\",IF(ISNA(VLOOKUP($F17:$F$471,pos,4,FALSE))=FALSE,VLOOKUP($F$2:$F$471,pos,4,FALSE),\"\"),\"\")","v":5000.6099999999997},{"$f":"IF($C17=\"RM\",IF(ISNA(VLOOKUP($F$2:$F$478,pos,5,FALSE))=FALSE,VLOOKUP($F$2:$F$478,pos,5,FALSE),IF(ISNA(VLOOKUP($F$2:$F$478,lot,5,FALSE))=FALSE,VLOOKUP($F$2:$F$478,lot,5,FALSE),0)),\"\")","v":5.75},{"$f":"IF($H17>0,VLOOKUP($D:$D,prix,15,FALSE),\"\")","v":""},{"$f":"IF($C17=\"RM\",$O17*$G17,\"\")","v":2788.1749999999997},{"$f":"IF($H17>0,$H17*$P17,\"\")","v":""},null,{"$f":"IF($F17>0,VALUE(LEFT($F17,4)),\"\")","v":5484},{"$f":"IF(F17>0,IF(ISERROR(SEARCH(\"*FZ*\",$E17))=FALSE,\"FZ\",IF(ISERROR(SEARCH(\"*FR*\",$E17))=FALSE,\"FR\",\"Aucun\")),\"\")","v":"FZ"},{"$f":"IF($C17=\"RM\",IF($U17=\"FR\",IF(ISNA(VLOOKUP($F:$F,lot,6,FALSE))=TRUE,VLOOKUP($T:$T,date,2,FALSE),VLOOKUP($F:$F,lot,6,FALSE)),\"\"),\"\")","v":""},{"$f":"IF($C17=\"RM\",IF($U17=\"Fz\",IF(ISNA(VLOOKUP($F:$F,lot,6,FALSE))=TRUE,VLOOKUP($T:$T,date,2,FALSE),VLOOKUP($F:$F,lot,6,FALSE)),\"\"),\"\")","v":"2015-11-25"},{"$f":"IF($C17=\"FG\",VLOOKUP($A:$A,op,4,FALSE),\"\")","v":""},"2016-04-26",{"$f":"IF(C17=\"rm\",IF(U17=\"aucun\",\"OK\",IF(U17=\"fz\",IF(Y17-W17>730,Y17-W17,\"OK\"),IF(Y17-V17<1,1,Y17-V17))),\"\")","v":"OK"}]
["5484B07P","Beef","FG",41351,"PORK TABLE TRIMMINGS*IN PROCESS**25 KG/CS FZ","5484B0795","",75,null,null,{"$f":"IF(ISNA(VLOOKUP($D:$D,rend,2,FALSE))=FALSE,VLOOKUP($D:$D,rend,2,FALSE),\"\")","v":0.93515881166437276},{"$f":"IF($C18=\"RM\",IF(ISNA(VLOOKUP($F$2:$F$478,pos,2,FALSE))=FALSE,VLOOKUP($F18:$F$478,pos,2,FALSE),IF(ISNA(VLOOKUP($F$2:$F$478,lot,2,FALSE))=FALSE,VLOOKUP($F$2:$F$478,lot,2,FALSE),\"MANQUANT\")),\"\")","v":""},{"$f":"IF($C18=\"RM\",IF(ISNA(VLOOKUP($F$2:$F$478,pos,3,FALSE))=FALSE,VLOOKUP($F18:$F491,pos,3,FALSE),\"OP\"),\"\")","v":""},{"$f":"IF($C18=\"RM\",IF(ISNA(VLOOKUP($F18:$F$471,pos,4,FALSE))=FALSE,VLOOKUP($F$2:$F$471,pos,4,FALSE),\"\"),\"\")","v":""},{"$f":"IF($C18=\"RM\",IF(ISNA(VLOOKUP($F$2:$F$478,pos,5,FALSE))=FALSE,VLOOKUP($F$2:$F$478,pos,5,FALSE),IF(ISNA(VLOOKUP($F$2:$F$478,lot,5,FALSE))=FALSE,VLOOKUP($F$2:$F$478,lot,5,FALSE),0)),\"\")","v":""},{"$f":"IF($H18>0,VLOOKUP($D:$D,prix,15,FALSE),\"\")","v":5.5},{"$f":"IF($C18=\"RM\",$O18*$G18,\"\")","v":""},{"$f":"IF($H18>0,$H18*$P18,\"\")","v":412.5},null,{"$f":"IF($F18>0,VALUE(LEFT($F18,4)),\"\")","v":5484},{"$f":"IF(F18>0,IF(ISERROR(SEARCH(\"*FZ*\",$E18))=FALSE,\"FZ\",IF(ISERROR(SEARCH(\"*FR*\",$E18))=FALSE,\"FR\",\"Aucun\")),\"\")","v":"FZ"},{"$f":"IF($C18=\"RM\",IF($U18=\"FR\",IF(ISNA(VLOOKUP($F:$F,lot,6,FALSE))=TRUE,VLOOKUP($T:$T,date,2,FALSE),VLOOKUP($F:$F,lot,6,FALSE)),\"\"),\"\")","v":""},{"$f":"IF($C18=\"RM\",IF($U18=\"Fz\",IF(ISNA(VLOOKUP($F:$F,lot,6,FALSE))=TRUE,VLOOKUP($T:$T,date,2,FALSE),VLOOKUP($F:$F,lot,6,FALSE)),\"\"),\"\")","v":""},{"$f":"IF($C18=\"FG\",VLOOKUP($A:$A,op,4,FALSE),\"\")","v":{"$error":"#N/A"}},"2016-04-26",{"$f":"IF(C18=\"rm\",IF(U18=\"aucun\",\"OK\",IF(U18=\"fz\",IF(Y18-W18>730,Y18-W18,\"OK\"),IF(Y18-V18<1,1,Y18-V18))),\"\")","v":""}]
["5484B07P","Beef","FG",41341,"PORK FILET *IN PROCESS* FR #D","5484B0796","",341.2,null,null,{"$f":"IF(ISNA(VLOOKUP($D:$D,rend,2,FALSE))=FALSE,VLOOKUP($D:$D,rend,2,FALSE),\"\")","v":0.92629849325683555},{"$f":"IF($C19=\"RM\",IF(ISNA(VLOOKUP($F$2:$F$478,pos,2,FALSE))=FALSE,VLOOKUP($F19:$F$478,pos,2,FALSE),IF(ISNA(VLOOKUP($F$2:$F$478,lot,2,FALSE))=FALSE,VLOOKUP($F$2:$F$478,lot,2,FALSE),\"MANQUANT\")),\"\")","v":""},{"$f":"IF($C19=\"RM\",IF(ISNA(VLOOKUP($F$2:$F$478,pos,3,FALSE))=FALSE,VLOOKUP($F19:$F492,pos,3,FALSE),\"OP\"),\"\")","v":""},{"$f":"IF($C19=\"RM\",IF(ISNA(VLOOKUP($F19:$F$471,pos,4,FALSE))=FALSE,VLOOKUP($F$2:$F$471,pos,4,FALSE),\"\"),\"\")","v":""},{"$f":"IF($C19=\"RM\",IF(ISNA(VLOOKUP($F$2:$F$478,pos,5,FALSE))=FALSE,VLOOKUP($F$2:$F$478,pos,5,FALSE),IF(ISNA(VLOOKUP($F$2:$F$478,lot,5,FALSE))=FALSE,VLOOKUP($F$2:$F$478,lot,5,FALSE),0)),\"\")","v":""},{"$f":"IF($H19>0,VLOOKUP($D:$D,prix,15,FALSE),\"\")","v":6.15},{"$f":"IF($C19=\"RM\",$O19*$G19,\"\")","v":""},{"$f":"IF($H19>0,$H19*$P19,\"\")","v":2098.38},null,{"$f":"IF($F19>0,VALUE(LEFT($F19,4)),\"\")","v":5484},{"$f":"IF(F19>0,IF(ISERROR(SEARCH(\"*FZ*\",$E19))=FALSE,\"FZ\",IF(ISERROR(SEARCH(\"*FR*\",$E19))=FALSE,\"FR\",\"Aucun\")),\"\")","v":"FR"},{"$f":"IF($C19=\"RM\",IF($U19=\"FR\",IF(ISNA(VLOOKUP($F:$F,lot,6,FALSE))=TRUE,VLOOKUP($T:$T,date,2,FALSE),VLOOKUP($F:$F,lot,6,FALSE)),\"\"),\"\")","v":""},{"$f":"IF($C19=\"RM\",IF($U19=\"Fz\",IF(ISNA(VLOOKUP($F:$F,lot,6,FALSE))=TRUE,VLOOKUP($T:$T,date,2,FALSE),VLOOKUP($F:$F,lot,6,FALSE)),\"\"),\"\")","v":""},{"$f":"IF($C19=\"FG\",VLOOKUP($A:$A,op,4,FALSE),\"\")","v":{"$error":"#N/A"}},"2016-04-26",{"$f":"IF(C19=\"rm\",IF(U19=\"aucun\",\"OK\",IF(U19=\"fz\",IF(Y19-W19>730,Y19-W19,\"OK\"),IF(Y19-V19<1,1,Y19-V19))),\"\")","v":""}]
["5484B07P Total",null,null,null,null,null,{"$f":"SUBTOTAL(9,G17:G19)","v":484.9},{"$f":"SUBTOTAL(9,H17:H19)","v":416.2},null,null,null,null,null,null,null,null,{"$f":"SUBTOTAL(9,Q17:Q19)","v":2788.1749999999997},{"$f":"SUBTOTAL(9,R17:R19)","v":2510.88}]
["6046B04T","Beef","RM",1,"ING EAU","5166AS",7,null,null,null,{"$f":"IF(ISNA(VLOOKUP($D:$D,rend,2,FALSE))=FALSE,VLOOKUP($D:$D,rend,2,FALSE),\"\")","v":""},{"$f":"IF($C21=\"RM\",IF(ISNA(VLOOKUP($F$2:$F$478,pos,2,FALSE))=FALSE,VLOOKUP($F21:$F$478,pos,2,FALSE),IF(ISNA(VLOOKUP($F$2:$F$478,lot,2,FALSE))=FALSE,VLOOKUP($F$2:$F$478,lot,2,FALSE),\"MANQUANT\")),\"\")","v":"Aucun"},{"$f":"IF($C21=\"RM\",IF(ISNA(VLOOKUP($F$2:$F$478,pos,3,FALSE))=FALSE,VLOOKUP($F21:$F493,pos,3,FALSE),\"OP\"),\"\")","v":"Aucun"},{"$f":"IF($C21=\"RM\",IF(ISNA(VLOOKUP($F21:$F$471,pos,4,FALSE))=FALSE,VLOOKUP($F$2:$F$471,pos,4,FALSE),\"\"),\"\")","v":0},{"$f":"IF($C21=\"RM\",IF(ISNA(VLOOKUP($F$2:$F$478,pos,5,FALSE))=FALSE,VLOOKUP($F$2:$F$478,pos,5,FALSE),IF(ISNA(VLOOKUP($F$2:$F$478,lot,5,FALSE))=FALSE,VLOOKUP($F$2:$F$478,lot,5,FALSE),0)),\"\")","v":0},{"$f":"IF($H21>0,VLOOKUP($D:$D,prix,15,FALSE),\"\")","v":""},{"$f":"IF($C21=\"RM\",$O21*$G21,\"\")","v":0},{"$f":"IF($H21>0,$H21*$P21,\"\")","v":""},null,{"$f":"IF($F21>0,VALUE(LEFT($F21,4)),\"\")","v":5166},{"$f":"IF(F21>0,IF(ISERROR(SEARCH(\"*FZ*\",$E21))=FALSE,\"FZ\",IF(ISERROR(SEARCH(\"*FR*\",$E21))=FALSE,\"FR\",\"Aucun\")),\"\")","v":"Aucun"},{"$f":"IF($C21=\"RM\",IF($U21=\"FR\",IF(ISNA(VLOOKUP($F:$F,lot,6,FALSE))=TRUE,VLOOKUP($T:$T,date,2,FALSE),VLOOKUP($F:$F,lot,6,FALSE)),\"\"),\"\")","v":""},{"$f":"IF($C21=\"RM\",IF($U21=\"Fz\",IF(ISNA(VLOOKUP($F:$F,lot,6,FALSE))=TRUE,VLOOKUP($T:$T,date,2,FALSE),VLOOKUP($F:$F,lot,6,FALSE)),\"\"),\"\")","v":""},{"$f":"IF($C21=\"FG\",VLOOKUP($A:$A,op,4,FALSE),\"\")","v":""},"2016-04-26",{"$f":"IF(C21=\"rm\",IF(U21=\"aucun\",\"OK\",IF(U21=\"fz\",IF(Y21-W21>730,Y21-W21,\"OK\"),IF(Y21-V21<1,1,Y21-V21))),\"\")","v":"OK"}]
["6046B04T","Beef","RM",30032,"BONELESS BEEF 65% TRIMMINGS**RM COA REQUIS FZ #D","5472B04",81.66,null,null,null,{"$f":"IF(ISNA(VLOOKUP($D:$D,rend,2,FALSE))=FALSE,VLOOKUP($D:$D,rend,2,FALSE),\"\")","v":0.94107352677990375},{"$f":"IF($C22=\"RM\",IF(ISNA(VLOOKUP($F$2:$F$478,pos,2,FALSE))=FALSE,VLOOKUP($F22:$F$478,pos,2,FALSE),IF(ISNA(VLOOKUP($F$2:$F$478,lot,2,FALSE))=FALSE,VLOOKUP($F$2:$F$478,lot,2,FALSE),\"MANQUANT\")),\"\")","v":"PO-0021789"},{"$f":"IF($C22=\"RM\",IF(ISNA(VLOOKUP($F$2:$F$478,pos,3,FALSE))=FALSE,VLOOKUP($F22:$F494,pos,3,FALSE),\"OP\"),\"\")","v":"CHIS"},{"$f":"IF($C22=\"RM\",IF(ISNA(VLOOKUP($F22:$F$471,pos,4,FALSE))=FALSE,VLOOKUP($F$2:$F$471,pos,4,FALSE),\"\"),\"\")","v":24171.360000000001},{"$f":"IF($C22=\"RM\",IF(ISNA(VLOOKUP($F$2:$F$478,pos,5,FALSE))=FALSE,VLOOKUP($F$2:$F$478,pos,5,FALSE),IF(ISNA(VLOOKUP($F$2:$F$478,lot,5,FALSE))=FALSE,VLOOKUP($F$2:$F$478,lot,5,FALSE),0)),\"\")","v":3.15},{"$f":"IF($H22>0,VLOOKUP($D:$D,prix,15,FALSE),\"\")","v":""},{"$f":"IF($C22=\"RM\",$O22*$G22,\"\")","v":257.22899999999998},{"$f":"IF($H22>0,$H22*$P22,\"\")","v":""},null,{"$f":"IF($F22>0,VALUE(LEFT($F22,4)),\"\")","v":5472},{"$f":"IF(F22>0,IF(ISERROR(SEARCH(\"*FZ*\",$E22))=FALSE,\"FZ\",IF(ISERROR(SEARCH(\"*FR*\",$E22))=FALSE,\"FR\",\"Aucun\")),\"\")","v":"FZ"},{"$f":"IF($C22=\"RM\",IF($U22=\"FR\",IF(ISNA(VLOOKUP($F:$F,lot,6,FALSE))=TRUE,VLOOKUP($T:$T,date,2,FALSE),VLOOKUP($F:$F,lot,6,FALSE)),\"\"),\"\")","v":""},{"$f":"IF($C22=\"RM\",IF($U22=\"Fz\",IF(ISNA(VLOOKUP($F:$F,lot,6,FALSE))=TRUE,VLOOKUP($T:$T,date,2,FALSE),VLOOKUP($F:$F,lot,6,FALSE)),\"\"),\"\")","v":"2015-11-16"},{"$f":"IF($C22=\"FG\",VLOOKUP($A:$A,op,4,FALSE),\"\")","v":""},"2016-04-26",{"$f":"IF(C22=\"rm\",IF(U22=\"aucun\",\"OK\",IF(U22=\"fz\",IF(Y22-W22>730,Y22-W22,\"OK\"),IF(Y22-V22<1,1,Y22-V22))),\"\")","v":"OK"}]
["6046B04T","Beef","RM",21,"ING MMIS 303003-12.84 / ASSAISONNEMENTS OIGNONS ROTIS / ALLERG: BLE","5486AS02",8,null,null,null,{"$f":"IF(ISNA(VLOOKUP($D:$D,rend,2,FALSE))=FALSE,VLOOKUP($D:$D,rend,2,FALSE),\"\")","v":""},{"$f":"IF($C23=\"RM\",IF(ISNA(VLOOKUP($F$2:$F$478,pos,2,FALSE))=FALSE,VLOOKUP($F23:$F$478,pos,2,FALSE),IF(ISNA(VLOOKUP($F$2:$F$478,lot,2,FALSE))=FALSE,VLOOKUP($F$2:$F$478,lot,2,FALSE),\"MANQUANT\")),\"\")","v":"PO-0020895"},{"$f":"IF($C23=\"RM\",IF(ISNA(VLOOKUP($F$2:$F$478,pos,3,FALSE))=FALSE,VLOOKUP($F23:$F495,pos,3,FALSE),\"OP\"),\"\")","v":"MMIS"},{"$f":"IF($C23=\"RM\",IF(ISNA(VLOOKUP($F23:$F$471,pos,4,FALSE))=FALSE,VLOOKUP($F$2:$F$471,pos,4,FALSE),\"\"),\"\")","v":400},{"$f":"IF($C23=\"RM\",IF(ISNA(VLOOKUP($F$2:$F$478,pos,5,FALSE))=FALSE,VLOOKUP($F$2:$F$478,pos,5,FALSE),IF(ISNA(VLOOKUP($F$2:$F$478,lot,5,FALSE))=FALSE,VLOOKUP($F$2:$F$478,lot,5,FALSE),0)),\"\")","v":5.4329999999999998},{"$f":"IF($H23>0,VLOOKUP($D:$D,prix,15,FALSE),\"\")","v":""},{"$f":"IF($C23=\"RM\",$O23*$G23,\"\")","v":43.463999999999999},{"$f":"IF($H23>0,$H23*$P23,\"\")","v":""},null,{"$f":"IF($F23>0,VALUE(LEFT($F23,4)),\"\")","v":5486},{"$f":"IF(F23>0,IF(ISERROR(SEARCH(\"*FZ*\",$E23))=FALSE,\"FZ\",IF(ISERROR(SEARCH(\"*FR*\",$E23))=FALSE,\"FR\",\"Aucun\")),\"\")","v":"Aucun"},{"$f":"IF($C23=\"RM\",IF($U23=\"FR\",IF(ISNA(VLOOKUP($F:$F,lot,6,FALSE))=TRUE,VLOOKUP($T:$T,date,2,FALSE),VLOOKUP($F:$F,lot,6,FALSE)),\"\"),\"\")","v":""},{"$f":"IF($C23=\"RM\",IF($U23=\"Fz\",IF(ISNA(VLOOKUP($F:$F,lot,6,FALSE))=TRUE,VLOOKUP($T:$T,date,2,FALSE),VLOOKUP($F:$F,lot,6,FALSE)),\"\"),\"\")","v":""},{"$f":"IF($C23=\"FG\",VLOOKUP($A:$A,op,4,FALSE),\"\")","v":""},"2016-04-26",{"$f":"IF(C23=\"rm\",IF(U23=\"aucun\",\"OK\",IF(U23=\"fz\",IF(Y23-W23>730,Y23-W23,\"OK\"),IF(Y23-V23<1,1,Y23-V23))),\"\")","v":"OK"}]
["6046B04T","Beef","RM",9,"GLACE CONCASSEE","6046AS01",7,null,null,null,{"$f":"IF(ISNA(VLOOKUP($D:$D,rend,2,FALSE))=FALSE,VLOOKUP($D:$D,rend,2,FALSE),\"\")","v":""},{"$f":"IF($C24=\"RM\",IF(ISNA(VLOOKUP($F$2:$F$478,pos,2,FALSE))=FALSE,VLOOKUP($F24:$F$478,pos,2,FALSE),IF(ISNA(VLOOKUP($F$2:$F$478,lot,2,FALSE))=FALSE,VLOOKUP($F$2:$F$478,lot,2,FALSE),\"MANQUANT\")),\"\")","v":"PO-0021148"},{"$f":"IF($C24=\"RM\",IF(ISNA(VLOOKUP($F$2:$F$478,pos,3,FALSE))=FALSE,VLOOKUP($F24:$F496,pos,3,FALSE),\"OP\"),\"\")","v":"GLACIER"},{"$f":"IF($C24=\"RM\",IF(ISNA(VLOOKUP($F24:$F$471,pos,4,FALSE))=FALSE,VLOOKUP($F$2:$F$471,pos,4,FALSE),\"\"),\"\")","v":1000},{"$f":"IF($C24=\"RM\",IF(ISNA(VLOOKUP($F$2:$F$478,pos,5,FALSE))=FALSE,VLOOKUP($F$2:$F$478,pos,5,FALSE),IF(ISNA(VLOOKUP($F$2:$F$478,lot,5,FALSE))=FALSE,VLOOKUP($F$2:$F$478,lot,5,FALSE),0)),\"\")","v":0.42499999999999999},{"$f":"IF($H24>0,VLOOKUP($D:$D,prix,15,FALSE),\"\")","v":""},{"$f":"IF($C24=\"RM\",$O24*$G24,\"\")","v":2.9750000000000001},{"$f":"IF($H24>0,$H24*$P24,\"\")","v":""},null,{"$f":"IF($F24>0,VALUE(LEFT($F24,4)),\"\")","v":6046},{"$f":"IF(F24>0,IF(ISERROR(SEARCH(\"*FZ*\",$E24))=FALSE,\"FZ\",IF(ISERROR(SEARCH(\"*FR*\",$E24))=FALSE,\"FR\",\"Aucun\")),\"\")","v":"Aucun"},{"$f":"IF($C24=\"RM\",IF($U24=\"FR\",IF(ISNA(VLOOKUP($F:$F,lot,6,FALSE))=TRUE,VLOOKUP($T:$T,date,2,FALSE),VLOOKUP($F:$F,lot,6,FALSE)),\"\"),\"\")","v":""},{"$f":"IF($C24=\"RM\",IF($U24=\"Fz\",IF(ISNA(VLOOKUP($F:$F,lot,6,FALSE))=TRUE,VLOOKUP($T:$T,date,2,FALSE),VLOOKUP($F:$F,lot,6,FALSE)),\"\"),\"\")","v":""},{"$f":"IF($C24=\"FG\",VLOOKUP($A:$A,op,4,FALSE),\"\")","v":""},"2016-04-26",{"$f":"IF(C24=\"rm\",IF(U24=\"aucun\",\"OK\",IF(U24=\"fz\",IF(Y24-W24>730,Y24-W24,\"OK\"),IF(Y24-V24<1,1,Y24-V24))),\"\")","v":"OK"}]
["6046B04T","Beef","RM",30010,"BONELESS BEEF *RM*95%* COA REQUIS FZ","6046B04",27.22,null,null,null,{"$f":"IF(ISNA(VLOOKUP($D:$D,rend,2,FALSE))=FALSE,VLOOKUP($D:$D,rend,2,FALSE),\"\")","v":0.93871035709706219},{"$f":"IF($C25=\"RM\",IF(ISNA(VLOOKUP($F$2:$F$478,pos,2,FALSE))=FALSE,VLOOKUP($F25:$F$478,pos,2,FALSE),IF(ISNA(VLOOKUP($F$2:$F$478,lot,2,FALSE))=FALSE,VLOOKUP($F$2:$F$478,lot,2,FALSE),\"MANQUANT\")),\"\")","v":"PO-0021001"},{"$f":"IF($C25=\"RM\",IF(ISNA(VLOOKUP($F$2:$F$478,pos,3,FALSE))=FALSE,VLOOKUP($F25:$F497,pos,3,FALSE),\"OP\"),\"\")","v":"CHIS"},{"$f":"IF($C25=\"RM\",IF(ISNA(VLOOKUP($F25:$F$471,pos,4,FALSE))=FALSE,VLOOKUP($F$2:$F$471,pos,4,FALSE),\"\"),\"\")","v":17965.2},{"$f":"IF($C25=\"RM\",IF(ISNA(VLOOKUP($F$2:$F$478,pos,5,FALSE))=FALSE,VLOOKUP($F$2:$F$478,pos,5,FALSE),IF(ISNA(VLOOKUP($F$2:$F$478,lot,5,FALSE))=FALSE,VLOOKUP($F$2:$F$478,lot,5,FALSE),0)),\"\")","v":5.86},{"$f":"IF($H25>0,VLOOKUP($D:$D,prix,15,FALSE),\"\")","v":""},{"$f":"IF($C25=\"RM\",$O25*$G25,\"\")","v":159.50919999999999},{"$f":"IF($H25>0,$H25*$P25,\"\")","v":""},null,{"$f":"IF($F25>0,VALUE(LEFT($F25,4)),\"\")","v":6046},{"$f":"IF(F25>0,IF(ISERROR(SEARCH(\"*FZ*\",$E25))=FALSE,\"FZ\",IF(ISERROR(SEARCH(\"*FR*\",$E25))=FALSE,\"FR\",\"Aucun\")),\"\")","v":"FZ"},{"$f":"IF($C25=\"RM\",IF($U25=\"FR\",IF(ISNA(VLOOKUP($F:$F,lot,6,FALSE))=TRUE,VLOOKUP($T:$T,date,2,FALSE),VLOOKUP($F:$F,lot,6,FALSE)),\"\"),\"\")","v":""},{"$f":"IF($C25=\"RM\",IF($U25=\"Fz\",IF(ISNA(VLOOKUP($F:$F,lot,6,FALSE))=TRUE,VLOOKUP($T:$T,date,2,FALSE),VLOOKUP($F:$F,lot,6,FALSE)),\"\"),\"\")","v":"2016-01-22"},{"$f":"IF($C25=\"FG\",VLOOKUP($A:$A,op,4,FALSE),\"\")","v":""},"2016-04-26",{"$f":"IF(C25=\"rm\",IF(U25=\"aucun\",\"OK\",IF(U25=\"fz\",IF(Y25-W25>730,Y25-W25,\"OK\"),IF(Y25-V25<1,1,Y25-V25))),\"\")","v":"OK"}]
["6046B04T","Beef","RM",30028,"BONELESS **90 % BEEF (RM )**COA REQUIRED FR #D","6174B02",47.12,null,null,null,{"$f":"IF(ISNA(VLOOKUP($D:$D,rend,2,FALSE))=FALSE,VLOOKUP($D:$D,rend,2,FALSE),\"\")","v":0.94068809869144898},{"$f":"IF($C26=\"RM\",IF(ISNA(VLOOKUP($F$2:$F$478,pos,2,FALSE))=FALSE,VLOOKUP($F26:$F$478,pos,2,FALSE),IF(ISNA(VLOOKUP($F$2:$F$478,lot,2,FALSE))=FALSE,VLOOKUP($F$2:$F$478,lot,2,FALSE),\"MANQUANT\")),\"\")","v":"PO-0021749"},{"$f":"IF($C26=\"RM\",IF(ISNA(VLOOKUP($F$2:$F$478,pos,3,FALSE))=FALSE,VLOOKUP($F26:$F498,pos,3,FALSE),\"OP\"),\"\")","v":"RYDI"},{"$f":"IF($C26=\"RM\",IF(ISNA(VLOOKUP($F26:$F$471,pos,4,FALSE))=FALSE,VLOOKUP($F$2:$F$471,pos,4,FALSE),\"\"),\"\")","v":866.5},{"$f":"IF($C26=\"RM\",IF(ISNA(VLOOKUP($F$2:$F$478,pos,5,FALSE))=FALSE,VLOOKUP($F$2:$F$478,pos,5,FALSE),IF(ISNA(VLOOKUP($F$2:$F$478,lot,5,FALSE))=FALSE,VLOOKUP($F$2:$F$478,lot,5,FALSE),0)),\"\")","v":6.68},{"$f":"IF($H26>0,VLOOKUP($D:$D,prix,15,FALSE),\"\")","v":""},{"$f":"IF($C26=\"RM\",$O26*$G26,\"\")","v":314.76159999999999},{"$f":"IF($H26>0,$H26*$P26,\"\")","v":""},null,{"$f":"IF($F26>0,VALUE(LEFT($F26,4)),\"\")","v":6174},{"$f":"IF(F26>0,IF(ISERROR(SEARCH(\"*FZ*\",$E26))=FALSE,\"FZ\",IF(ISERROR(SEARCH(\"*FR*\",$E26))=FALSE,\"FR\",\"Aucun\")),\"\")","v":"FR"},{"$f":"IF($C26=\"RM\",IF($U26=\"FR\",IF(ISNA(VLOOKUP($F:$F,lot,6,FALSE))=TRUE,VLOOKUP($T:$T,date,2,FALSE),VLOOKUP($F:$F,lot,6,FALSE)),\"\"),\"\")","v":"2016-04-20"},{"$f":"IF($C26=\"RM\",IF($U26=\"Fz\",IF(ISNA(VLOOKUP($F:$F,lot,6,FALSE))=TRUE,VLOOKUP($T:$T,date,2,FALSE),VLOOKUP($F:$F,lot,6,FALSE)),\"\"),\"\")","v":""},{"$f":"IF($C26=\"FG\",VLOOKUP($A:$A,op,4,FALSE),\"\")","v":""},"2016-04-26",{"$f":"IF(C26=\"rm\",IF(U26=\"aucun\",\"OK\",IF(U26=\"fz\",IF(Y26-W26>730,Y26-W26,\"OK\"),IF(Y26-V26<1,1,Y26-V26))),\"\")","v":6}]
["6046B04T","Beef","RM",30001,"BNLS BEEF TRIMMINGS 65%**RAW MATERIAL* COA REQUIS FR #D","6175B07",22,null,null,null,{"$f":"IF(ISNA(VLOOKUP($D:$D,rend,2,FALSE))=FALSE,VLOOKUP($D:$D,rend,2,FALSE),\"\")","v":0.93871973440613066},{"$f":"IF($C27=\"RM\",IF(ISNA(VLOOKUP($F$2:$F$478,pos,2,FALSE))=FALSE,VLOOKUP($F27:$F$478,pos,2,FALSE),IF(ISNA(VLOOKUP($F$2:$F$478,lot,2,FALSE))=FALSE,VLOOKUP($F$2:$F$478,lot,2,FALSE),\"MANQUANT\")),\"\")","v":"PO-0021815"},{"$f":"IF($C27=\"RM\",IF(ISNA(VLOOKUP($F$2:$F$478,pos,3,FALSE))=FALSE,VLOOKUP($F27:$F499,pos,3,FALSE),\"OP\"),\"\")","v":"RYDI"},{"$f":"IF($C27=\"RM\",IF(ISNA(VLOOKUP($F27:$F$471,pos,4,FALSE))=FALSE,VLOOKUP($F$2:$F$471,pos,4,FALSE),\"\"),\"\")","v":800},{"$f":"IF($C27=\"RM\",IF(ISNA(VLOOKUP($F$2:$F$478,pos,5,FALSE))=FALSE,VLOOKUP($F$2:$F$478,pos,5,FALSE),IF(ISNA(VLOOKUP($F$2:$F$478,lot,5,FALSE))=FALSE,VLOOKUP($F$2:$F$478,lot,5,FALSE),0)),\"\")","v":3.79},{"$f":"IF($H27>0,VLOOKUP($D:$D,prix,15,FALSE),\"\")","v":""},{"$f":"IF($C27=\"RM\",$O27*$G27,\"\")","v":83.38},{"$f":"IF($H27>0,$H27*$P27,\"\")","v":""},null,{"$f":"IF($F27>0,VALUE(LEFT($F27,4)),\"\")","v":6175},{"$f":"IF(F27>0,IF(ISERROR(SEARCH(\"*FZ*\",$E27))=FALSE,\"FZ\",IF(ISERROR(SEARCH(\"*FR*\",$E27))=FALSE,\"FR\",\"Aucun\")),\"\")","v":"FR"},{"$f":"IF($C27=\"RM\",IF($U27=\"FR\",IF(ISNA(VLOOKUP($F:$F,lot,6,FALSE))=TRUE,VLOOKUP($T:$T,date,2,FALSE),VLOOKUP($F:$F,lot,6,FALSE)),\"\"),\"\")","v":"2016-04-21"},{"$f":"IF($C27=\"RM\",IF($U27=\"Fz\",IF(ISNA(VLOOKUP($F:$F,lot,6,FALSE))=TRUE,VLOOKUP($T:$T,date,2,FALSE),VLOOKUP($F:$F,lot,6,FALSE)),\"\"),\"\")","v":""},{"$f":"IF($C27=\"FG\",VLOOKUP($A:$A,op,4,FALSE),\"\")","v":""},"2016-04-26",{"$f":"IF(C27=\"rm\",IF(U27=\"aucun\",\"OK\",IF(U27=\"fz\",IF(Y27-W27>730,Y27-W27,\"OK\"),IF(Y27-V27<1,1,Y27-V27))),\"\")","v":5}]
["6046B04T","Beef","FG",11188,"BEEF BURGER IMPERIO 1/3 LIVRE**5.3 OZ ( 24/CS 3.63KG/CS) FZ #D","6046B0423","",199.65,null,null,{"$f":"IF(ISNA(VLOOKUP($D:$D,rend,2,FALSE))=FALSE,VLOOKUP($D:$D,rend,2,FALSE),\"\")","v":0.97416507073611269},{"$f":"IF($C28=\"RM\",IF(ISNA(VLOOKUP($F$2:$F$478,pos,2,FALSE))=FALSE,VLOOKUP($F28:$F$478,pos,2,FALSE),IF(ISNA(VLOOKUP($F$2:$F$478,lot,2,FALSE))=FALSE,VLOOKUP($F$2:$F$478,lot,2,FALSE),\"MANQUANT\")),\"\")","v":""},{"$f":"IF($C28=\"RM\",IF(ISNA(VLOOKUP($F$2:$F$478,pos,3,FALSE))=FALSE,VLOOKUP($F28:$F500,pos,3,FALSE),\"OP\"),\"\")","v":""},{"$f":"IF($C28=\"RM\",IF(ISNA(VLOOKUP($F28:$F$471,pos,4,FALSE))=FALSE,VLOOKUP($F$2:$F$471,pos,4,FALSE),\"\"),\"\")","v":""},{"$f":"IF($C28=\"RM\",IF(ISNA(VLOOKUP($F$2:$F$478,pos,5,FALSE))=FALSE,VLOOKUP($F$2:$F$478,pos,5,FALSE),IF(ISNA(VLOOKUP($F$2:$F$478,lot,5,FALSE))=FALSE,VLOOKUP($F$2:$F$478,lot,5,FALSE),0)),\"\")","v":""},{"$f":"IF($H28>0,VLOOKUP($D:$D,prix,15,FALSE),\"\")","v":7.8732782369145999},{"$f":"IF($C28=\"RM\",$O28*$G28,\"\")","v":""},{"$f":"IF($H28>0,$H28*$P28,\"\")","v":1571.8999999999999},null,{"$f":"IF($F28>0,VALUE(LEFT($F28,4)),\"\")","v":6046},{"$f":"IF(F28>0,IF(ISERROR(SEARCH(\"*FZ*\",$E28))=FALSE,\"FZ\",IF(ISERROR(SEARCH(\"*FR*\",$E28))=FALSE,\"FR\",\"Aucun\")),\"\")","v":"FZ"},{"$f":"IF($C28=\"RM\",IF($U28=\"FR\",IF(ISNA(VLOOKUP($F:$F,lot,6,FALSE))=TRUE,VLOOKUP($T:$T,date,2,FALSE),VLOOKUP($F:$F,lot,6,FALSE)),\"\"),\"\")","v":""},{"$f":"IF($C28=\"RM\",IF($U28=\"Fz\",IF(ISNA(VLOOKUP($F:$F,lot,6,FALSE))=TRUE,VLOOKUP($T:$T,date,2,FALSE),VLOOKUP($F:$F,lot,6,FALSE)),\"\"),\"\")","v":""},{"$f":"IF($C28=\"FG\",VLOOKUP($A:$A,op,4,FALSE),\"\")","v":{"$error":"#N/A"}},"2016-04-26",{"$f":"IF(C28=\"rm\",IF(U28=\"aucun\",\"OK\",IF(U28=\"fz\",IF(Y28-W28>730,Y28-W28,\"OK\"),IF(Y28-V28<1,1,Y28-V28))),\"\")","v":""}]
["6046B04T Total",null,null,null,null,null,{"$f":"SUBTOTAL(9,G21:G28)","v":200},{"$f":"SUBTOTAL(9,H21:H28)","v":199.65},null,null,null,null,null,null,null,null,{"$f":"SUBTOTAL(9,Q21:Q28)","v":861.3187999999999},{"$f":"SUBTOTAL(9,R21:R28)","v":1571.8999999999999}]
["6055B04L","Beef","RM",30020,"BEEF RIB* RTS*** AA FR #D","6055B04",44,null,null,null,{"$f":"IF(ISNA(VLOOKUP($D:$D,rend,2,FALSE))=FALSE,VLOOKUP($D:$D,rend,2,FALSE),\"\")","v":0.85538283760388722},{"$f":"IF($C30=\"RM\",IF(ISNA(VLOOKUP($F$2:$F$478,pos,2,FALSE))=FALSE,VLOOKUP($F30:$F$478,pos,2,FALSE),IF(ISNA(VLOOKUP($F$2:$F$478,lot,2,FALSE))=FALSE,VLOOKUP($F$2:$F$478,lot,2,FALSE),\"MANQUANT\")),\"\")","v":"PO-0021328"},{"$f":"IF($C30=\"RM\",IF(ISNA(VLOOKUP($F$2:$F$478,pos,3,FALSE))=FALSE,VLOOKUP($F30:$F501,pos,3,FALSE),\"OP\"),\"\")","v":99},{"$f":"IF($C30=\"RM\",IF(ISNA(VLOOKUP($F30:$F$471,pos,4,FALSE))=FALSE,VLOOKUP($F$2:$F$471,pos,4,FALSE),\"\"),\"\")","v":1328.53},{"$f":"IF($C30=\"RM\",IF(ISNA(VLOOKUP($F$2:$F$478,pos,5,FALSE))=FALSE,VLOOKUP($F$2:$F$478,pos,5,FALSE),IF(ISNA(VLOOKUP($F$2:$F$478,lot,5,FALSE))=FALSE,VLOOKUP($F$2:$F$478,lot,5,FALSE),0)),\"\")","v":16},{"$f":"IF($H30>0,VLOOKUP($D:$D,prix,15,FALSE),\"\")","v":""},{"$f":"IF($C30=\"RM\",$O30*$G30,\"\")","v":704},{"$f":"IF($H30>0,$H30*$P30,\"\")","v":""},null,{"$f":"IF($F30>0,VALUE(LEFT($F30,4)),\"\")","v":6055},{"$f":"IF(F30>0,IF(ISERROR(SEARCH(\"*FZ*\",$E30))=FALSE,\"FZ\",IF(ISERROR(SEARCH(\"*FR*\",$E30))=FALSE,\"FR\",\"Aucun\")),\"\")","v":"FR"},{"$f":"IF($C30=\"RM\",IF($U30=\"FR\",IF(ISNA(VLOOKUP($F:$F,lot,6,FALSE))=TRUE,VLOOKUP($T:$T,date,2,FALSE),VLOOKUP($F:$F,lot,6,FALSE)),\"\"),\"\")","v":"2016-01-28"},{"$f":"IF($C30=\"RM\",IF($U30=\"Fz\",IF(ISNA(VLOOKUP($F:$F,lot,6,FALSE))=TRUE,VLOOKUP($T:$T,date,2,FALSE),VLOOKUP($F:$F,lot,6,FALSE)),\"\"),\"\")","v":""},{"$f":"IF($C30=\"FG\",VLOOKUP($A:$A,op,4,FALSE),\"\")","v":""},"2016-04-26",{"$f":"IF(C30=\"rm\",IF(U30=\"aucun\",\"OK\",IF(U30=\"fz\",IF(Y30-W30>730,Y30-W30,\"OK\"),IF(Y30-V30<1,1,Y30-V30))),\"\")","v":89}]
["6055B04L","Beef","RM",31506,"BEEF RIB STEAK *IN PROCESS* CODE: 30409, 30714, 30415, 30460, 30420 FR","6055B0466",19.02,null,null,null,{"$f":"IF(ISNA(VLOOKUP($D:$D,rend,2,FALSE))=FALSE,VLOOKUP($D:$D,rend,2,FALSE),\"\")","v":0.90764836830193008},{"$f":"IF($C31=\"RM\",IF(ISNA(VLOOKUP($F$2:$F$478,pos,2,FALSE))=FALSE,VLOOKUP($F31:$F$478,pos,2,FALSE),IF(ISNA(VLOOKUP($F$2:$F$478,lot,2,FALSE))=FALSE,VLOOKUP($F$2:$F$478,lot,2,FALSE),\"MANQUANT\")),\"\")","v":"6055B04J"},{"$f":"IF($C31=\"RM\",IF(ISNA(VLOOKUP($F$2:$F$478,pos,3,FALSE))=FALSE,VLOOKUP($F31:$F502,pos,3,FALSE),\"OP\"),\"\")","v":"OP"},{"$f":"IF($C31=\"RM\",IF(ISNA(VLOOKUP($F31:$F$471,pos,4,FALSE))=FALSE,VLOOKUP($F$2:$F$471,pos,4,FALSE),\"\"),\"\")","v":""},{"$f":"IF($C31=\"RM\",IF(ISNA(VLOOKUP($F$2:$F$478,pos,5,FALSE))=FALSE,VLOOKUP($F$2:$F$478,pos,5,FALSE),IF(ISNA(VLOOKUP($F$2:$F$478,lot,5,FALSE))=FALSE,VLOOKUP($F$2:$F$478,lot,5,FALSE),0)),\"\")","v":16.382981533027408},{"$f":"IF($H31>0,VLOOKUP($D:$D,prix,15,FALSE),\"\")","v":""},{"$f":"IF($C31=\"RM\",$O31*$G31,\"\")","v":311.60430875818128},{"$f":"IF($H31>0,$H31*$P31,\"\")","v":""},null,{"$f":"IF($F31>0,VALUE(LEFT($F31,4)),\"\")","v":6055},{"$f":"IF(F31>0,IF(ISERROR(SEARCH(\"*FZ*\",$E31))=FALSE,\"FZ\",IF(ISERROR(SEARCH(\"*FR*\",$E31))=FALSE,\"FR\",\"Aucun\")),\"\")","v":"FR"},{"$f":"IF($C31=\"RM\",IF($U31=\"FR\",IF(ISNA(VLOOKUP($F:$F,lot,6,FALSE))=TRUE,VLOOKUP($T:$T,date,2,FALSE),VLOOKUP($F:$F,lot,6,FALSE)),\"\"),\"\")","v":"2016-01-28"},{"$f":"IF($C31=\"RM\",IF($U31=\"Fz\",IF(ISNA(VLOOKUP($F:$F,lot,6,FALSE))=TRUE,VLOOKUP($T:$T,date,2,FALSE),VLOOKUP($F:$F,lot,6,FALSE)),\"\"),\"\")","v":""},{"$f":"IF($C31=\"FG\",VLOOKUP($A:$A,op,4,FALSE),\"\")","v":""},"2016-04-26",{"$f":"IF(C31=\"rm\",IF(U31=\"aucun\",\"OK\",IF(U31=\"fz\",IF(Y31-W31>730,Y31-W31,\"OK\"),IF(Y31-V31<1,1,Y31-V31))),\"\")","v":89}]
["6055B04L","Beef","RM",31506,"BEEF RIB STEAK *IN PROCESS* CODE: 30409, 30714, 30415, 30460, 30420 FR","6055B0475",14.28,null,null,null,{"$f":"IF(ISNA(VLOOKUP($D:$D,rend,2,FALSE))=FALSE,VLOOKUP($D:$D,rend,2,FALSE),\"\")","v":0.90764836830193008},{"$f":"IF($C32=\"RM\",IF(ISNA(VLOOKUP($F$2:$F$478,pos,2,FALSE))=FALSE,VLOOKUP($F32:$F$478,pos,2,FALSE),IF(ISNA(VLOOKUP($F$2:$F$478,lot,2,FALSE))=FALSE,VLOOKUP($F$2:$F$478,lot,2,FALSE),\"MANQUANT\")),\"\")","v":"6055B04K"},{"$f":"IF($C32=\"RM\",IF(ISNA(VLOOKUP($F$2:$F$478,pos,3,FALSE))=FALSE,VLOOKUP($F32:$F503,pos,3,FALSE),\"OP\"),\"\")","v":"OP"},{"$f":"IF($C32=\"RM\",IF(ISNA(VLOOKUP($F32:$F$471,pos,4,FALSE))=FALSE,VLOOKUP($F$2:$F$471,pos,4,FALSE),\"\"),\"\")","v":""},{"$f":"IF($C32=\"RM\",IF(ISNA(VLOOKUP($F$2:$F$478,pos,5,FALSE))=FALSE,VLOOKUP($F$2:$F$478,pos,5,FALSE),IF(ISNA(VLOOKUP($F$2:$F$478,lot,5,FALSE))=FALSE,VLOOKUP($F$2:$F$478,lot,5,FALSE),0)),\"\")","v":28.671049484333984},{"$f":"IF($H32>0,VLOOKUP($D:$D,prix,15,FALSE),\"\")","v":""},{"$f":"IF($C32=\"RM\",$O32*$G32,\"\")","v":409.42258663628928},{"$f":"IF($H32>0,$H32*$P32,\"\")","v":""},null,{"$f":"IF($F32>0,VALUE(LEFT($F32,4)),\"\")","v":6055},{"$f":"IF(F32>0,IF(ISERROR(SEARCH(\"*FZ*\",$E32))=FALSE,\"FZ\",IF(ISERROR(SEARCH(\"*FR*\",$E32))=FALSE,\"FR\",\"Aucun\")),\"\")","v":"FR"},{"$f":"IF($C32=\"RM\",IF($U32=\"FR\",IF(ISNA(VLOOKUP($F:$F,lot,6,FALSE))=TRUE,VLOOKUP($T:$T,date,2,FALSE),VLOOKUP($F:$F,lot,6,FALSE)),\"\"),\"\")","v":"2016-01-28"},{"$f":"IF($C32=\"RM\",IF($U32=\"Fz\",IF(ISNA(VLOOKUP($F:$F,lot,6,FALSE))=TRUE,VLOOKUP($T:$T,date,2,FALSE),VLOOKUP($F:$F,lot,6,FALSE)),\"\"),\"\")","v":""},{"$f":"IF($C32=\"FG\",VLOOKUP($A:$A,op,4,FALSE),\"\")","v":""},"2016-04-26",{"$f":"IF(C32=\"rm\",IF(U32=\"aucun\",\"OK\",IF(U32=\"fz\",IF(Y32-W32>730,Y32-W32,\"OK\"),IF(Y32-V32<1,1,Y32-V32))),\"\")","v":89}]
["6055B04L","Beef","RM",31506,"BEEF RIB STEAK *IN PROCESS* CODE: 30409, 30714, 30415, 30460, 30420 FR","6076B0174",10,null,null,null,{"$f":"IF(ISNA(VLOOKUP($D:$D,rend,2,FALSE))=FALSE,VLOOKUP($D:$D,rend,2,FALSE),\"\")","v":0.90764836830193008},{"$f":"IF($C33=\"RM\",IF(ISNA(VLOOKUP($F$2:$F$478,pos,2,FALSE))=FALSE,VLOOKUP($F33:$F$478,pos,2,FALSE),IF(ISNA(VLOOKUP($F$2:$F$478,lot,2,FALSE))=FALSE,VLOOKUP($F$2:$F$478,lot,2,FALSE),\"MANQUANT\")),\"\")","v":"6076B01L"},{"$f":"IF($C33=\"RM\",IF(ISNA(VLOOKUP($F$2:$F$478,pos,3,FALSE))=FALSE,VLOOKUP($F33:$F504,pos,3,FALSE),\"OP\"),\"\")","v":"OP"},{"$f":"IF($C33=\"RM\",IF(ISNA(VLOOKUP($F33:$F$471,pos,4,FALSE))=FALSE,VLOOKUP($F$2:$F$471,pos,4,FALSE),\"\"),\"\")","v":""},{"$f":"IF($C33=\"RM\",IF(ISNA(VLOOKUP($F$2:$F$478,pos,5,FALSE))=FALSE,VLOOKUP($F$2:$F$478,pos,5,FALSE),IF(ISNA(VLOOKUP($F$2:$F$478,lot,5,FALSE))=FALSE,VLOOKUP($F$2:$F$478,lot,5,FALSE),0)),\"\")","v":18.184135338457292},{"$f":"IF($H33>0,VLOOKUP($D:$D,prix,15,FALSE),\"\")","v":""},{"$f":"IF($C33=\"RM\",$O33*$G33,\"\")","v":181.84135338457293},{"$f":"IF($H33>0,$H33*$P33,\"\")","v":""},null,{"$f":"IF($F33>0,VALUE(LEFT($F33,4)),\"\")","v":6076},{"$f":"IF(F33>0,IF(ISERROR(SEARCH(\"*FZ*\",$E33))=FALSE,\"FZ\",IF(ISERROR(SEARCH(\"*FR*\",$E33))=FALSE,\"FR\",\"Aucun\")),\"\")","v":"FR"},{"$f":"IF($C33=\"RM\",IF($U33=\"FR\",IF(ISNA(VLOOKUP($F:$F,lot,6,FALSE))=TRUE,VLOOKUP($T:$T,date,2,FALSE),VLOOKUP($F:$F,lot,6,FALSE)),\"\"),\"\")","v":"2016-01-28"},{"$f":"IF($C33=\"RM\",IF($U33=\"Fz\",IF(ISNA(VLOOKUP($F:$F,lot,6,FALSE))=TRUE,VLOOKUP($T:$T,date,2,FALSE),VLOOKUP($F:$F,lot,6,FALSE)),\"\"),\"\")","v":""},{"$f":"IF($C33=\"FG\",VLOOKUP($A:$A,op,4,FALSE),\"\")","v":""},"2016-04-26",{"$f":"IF(C33=\"rm\",IF(U33=\"aucun\",\"OK\",IF(U33=\"fz\",IF(Y33-W33>730,Y33-W33,\"OK\"),IF(Y33-V33<1,1,Y33-V33))),\"\")","v":89}]
["6055B04L","Beef","FG",99997,"14OZ-BEEF RIB STEAKS*PROMO* 20 X 1 COV*AA**8KG/CS FZ #D","6055B0478","",72,null,null,{"$f":"IF(ISNA(VLOOKUP($D:$D,rend,2,FALSE))=FALSE,VLOOKUP($D:$D,rend,2,FALSE),\"\")","v":0.92551114489510589},{"$f":"IF($C34=\"RM\",IF(ISNA(VLOOKUP($F$2:$F$478,pos,2,FALSE))=FALSE,VLOOKUP($F34:$F$478,pos,2,FALSE),IF(ISNA(VLOOKUP($F$2:$F$478,lot,2,FALSE))=FALSE,VLOOKUP($F$2:$F$478,lot,2,FALSE),\"MANQUANT\")),\"\")","v":""},{"$f":"IF($C34=\"RM\",IF(ISNA(VLOOKUP($F$2:$F$478,pos,3,FALSE))=FALSE,VLOOKUP($F34:$F505,pos,3,FALSE),\"OP\"),\"\")","v":""},{"$f":"IF($C34=\"RM\",IF(ISNA(VLOOKUP($F34:$F$471,pos,4,FALSE))=FALSE,VLOOKUP($F$2:$F$471,pos,4,FALSE),\"\"),\"\")","v":""},{"$f":"IF($C34=\"RM\",IF(ISNA(VLOOKUP($F$2:$F$478,pos,5,FALSE))=FALSE,VLOOKUP($F$2:$F$478,pos,5,FALSE),IF(ISNA(VLOOKUP($F$2:$F$478,lot,5,FALSE))=FALSE,VLOOKUP($F$2:$F$478,lot,5,FALSE),0)),\"\")","v":""},{"$f":"IF($H34>0,VLOOKUP($D:$D,prix,15,FALSE),\"\")","v":23},{"$f":"IF($C34=\"RM\",$O34*$G34,\"\")","v":""},{"$f":"IF($H34>0,$H34*$P34,\"\")","v":1656},null,{"$f":"IF($F34>0,VALUE(LEFT($F34,4)),\"\")","v":6055},{"$f":"IF(F34>0,IF(ISERROR(SEARCH(\"*FZ*\",$E34))=FALSE,\"FZ\",IF(ISERROR(SEARCH(\"*FR*\",$E34))=FALSE,\"FR\",\"Aucun\")),\"\")","v":"FZ"},{"$f":"IF($C34=\"RM\",IF($U34=\"FR\",IF(ISNA(VLOOKUP($F:$F,lot,6,FALSE))=TRUE,VLOOKUP($T:$T,date,2,FALSE),VLOOKUP($F:$F,lot,6,FALSE)),\"\"),\"\")","v":""},{"$f":"IF($C34=\"RM\",IF($U34=\"Fz\",IF(ISNA(VLOOKUP($F:$F,lot,6,FALSE))=TRUE,VLOOKUP($T:$T,date,2,FALSE),VLOOKUP($F:$F,lot,6,FALSE)),\"\"),\"\")","v":""},{"$f":"IF($C34=\"FG\",VLOOKUP($A:$A,op,4,FALSE),\"\")","v":{"$error":"#N/A"}},"2016-04-26",{"$f":"IF(C34=\"rm\",IF(U34=\"aucun\",\"OK\",IF(U34=\"fz\",IF(Y34-W34>730,Y34-W34,\"OK\"),IF(Y34-V34<1,1,Y34-V34))),\"\")","v":""}]
["6055B04L","Beef","FG",14114,"14 OZ-BEEF RIB STEAKS-12X1*AA FR @P","6055B0479","",19.5,null,null,{"$f":"IF(ISNA(VLOOKUP($D:$D,rend,2,FALSE))=FALSE,VLOOKUP($D:$D,rend,2,FALSE),\"\")","v":0.91623339377732549},{"$f":"IF($C35=\"RM\",IF(ISNA(VLOOKUP($F$2:$F$478,pos,2,FALSE))=FALSE,VLOOKUP($F35:$F$478,pos,2,FALSE),IF(ISNA(VLOOKUP($F$2:$F$478,lot,2,FALSE))=FALSE,VLOOKUP($F$2:$F$478,lot,2,FALSE),\"MANQUANT\")),\"\")","v":""},{"$f":"IF($C35=\"RM\",IF(ISNA(VLOOKUP($F$2:$F$478,pos,3,FALSE))=FALSE,VLOOKUP($F35:$F506,pos,3,FALSE),\"OP\"),\"\")","v":""},{"$f":"IF($C35=\"RM\",IF(ISNA(VLOOKUP($F35:$F$471,pos,4,FALSE))=FALSE,VLOOKUP($F$2:$F$471,pos,4,FALSE),\"\"),\"\")","v":""},{"$f":"IF($C35=\"RM\",IF(ISNA(VLOOKUP($F$2:$F$478,pos,5,FALSE))=FALSE,VLOOKUP($F$2:$F$478,pos,5,FALSE),IF(ISNA(VLOOKUP($F$2:$F$478,lot,5,FALSE))=FALSE,VLOOKUP($F$2:$F$478,lot,5,FALSE),0)),\"\")","v":""},{"$f":"IF($H35>0,VLOOKUP($D:$D,prix,15,FALSE),\"\")","v":23},{"$f":"IF($C35=\"RM\",$O35*$G35,\"\")","v":""},{"$f":"IF($H35>0,$H35*$P35,\"\")","v":448.5},null,{"$f":"IF($F35>0,VALUE(LEFT($F35,4)),\"\")","v":6055},{"$f":"IF(F35>0,IF(ISERROR(SEARCH(\"*FZ*\",$E35))=FALSE,\"FZ\",IF(ISERROR(SEARCH(\"*FR*\",$E35))=FALSE,\"FR\",\"Aucun\")),\"\")","v":"FR"},{"$f":"IF($C35=\"RM\",IF($U35=\"FR\",IF(ISNA(VLOOKUP($F:$F,lot,6,FALSE))=TRUE,VLOOKUP($T:$T,date,2,FALSE),VLOOKUP($F:$F,lot,6,FALSE)),\"\"),\"\")","v":""},{"$f":"IF($C35=\"RM\",IF($U35=\"Fz\",IF(ISNA(VLOOKUP($F:$F,lot,6,FALSE))=TRUE,VLOOKUP($T:$T,date,2,FALSE),VLOOKUP($F:$F,lot,6,FALSE)),\"\"),\"\")","v":""},{"$f":"IF($C35=\"FG\",VLOOKUP($A:$A,op,4,FALSE),\"\")","v":{"$error":"#N/A"}},"2016-04-26",{"$f":"IF(C35=\"rm\",IF(U35=\"aucun\",\"OK\",IF(U35=\"fz\",IF(Y35-W35>730,Y35-W35,\"OK\"),IF(Y35-V35<1,1,Y35-V35))),\"\")","v":""}]
["6055B04L","Beef","FG",30614,"BEEF UNIT RIB STEAKS*12/CAISSES**COV X1*AAA*14 OZ FR @P","6055B0480","",5.0199999999999996,null,null,{"$f":"IF(ISNA(VLOOKUP($D:$D,rend,2,FALSE))=FALSE,VLOOKUP($D:$D,rend,2,FALSE),\"\")","v":0.90342793033817814},{"$f":"IF($C36=\"RM\",IF(ISNA(VLOOKUP($F$2:$F$478,pos,2,FALSE))=FALSE,VLOOKUP($F36:$F$478,pos,2,FALSE),IF(ISNA(VLOOKUP($F$2:$F$478,lot,2,FALSE))=FALSE,VLOOKUP($F$2:$F$478,lot,2,FALSE),\"MANQUANT\")),\"\")","v":""},{"$f":"IF($C36=\"RM\",IF(ISNA(VLOOKUP($F$2:$F$478,pos,3,FALSE))=FALSE,VLOOKUP($F36:$F507,pos,3,FALSE),\"OP\"),\"\")","v":""},{"$f":"IF($C36=\"RM\",IF(ISNA(VLOOKUP($F36:$F$471,pos,4,FALSE))=FALSE,VLOOKUP($F$2:$F$471,pos,4,FALSE),\"\"),\"\")","v":""},{"$f":"IF($C36=\"RM\",IF(ISNA(VLOOKUP($F$2:$F$478,pos,5,FALSE))=FALSE,VLOOKUP($F$2:$F$478,pos,5,FALSE),IF(ISNA(VLOOKUP($F$2:$F$478,lot,5,FALSE))=FALSE,VLOOKUP($F$2:$F$478,lot,5,FALSE),0)),\"\")","v":""},{"$f":"IF($H36>0,VLOOKUP($D:$D,prix,15,FALSE),\"\")","v":24.5},{"$f":"IF($C36=\"RM\",$O36*$G36,\"\")","v":""},{"$f":"IF($H36>0,$H36*$P36,\"\")","v":122.99},null,{"$f":"IF($F36>0,VALUE(LEFT($F36,4)),\"\")","v":6055},{"$f":"IF(F36>0,IF(ISERROR(SEARCH(\"*FZ*\",$E36))=FALSE,\"FZ\",IF(ISERROR(SEARCH(\"*FR*\",$E36))=FALSE,\"FR\",\"Aucun\")),\"\")","v":"FR"},{"$f":"IF($C36=\"RM\",IF($U36=\"FR\",IF(ISNA(VLOOKUP($F:$F,lot,6,FALSE))=TRUE,VLOOKUP($T:$T,date,2,FALSE),VLOOKUP($F:$F,lot,6,FALSE)),\"\"),\"\")","v":""},{"$f":"IF($C36=\"RM\",IF($U36=\"Fz\",IF(ISNA(VLOOKUP($F:$F,lot,6,FALSE))=TRUE,VLOOKUP($T:$T,date,2,FALSE),VLOOKUP($F:$F,lot,6,FALSE)),\"\"),\"\")","v":""},{"$f":"IF($C36=\"FG\",VLOOKUP($A:$A,op,4,FALSE),\"\")","v":{"$error":"#N/A"}},"2016-04-26",{"$f":"IF(C36=\"rm\",IF(U36=\"aucun\",\"OK\",IF(U36=\"fz\",IF(Y36-W36>730,Y36-W36,\"OK\"),IF(Y36-V36<1,1,Y36-V36))),\"\")","v":""}]
["6055B04L","Beef","FG",30514,"BEEF UNIT RIB STEAKS*12/CAISSES**COV X1*AA*14 OZ FR @P","6055B0481","",14.76,null,null,{"$f":"IF(ISNA(VLOOKUP($D:$D,rend,2,FALSE))=FALSE,VLOOKUP($D:$D,rend,2,FALSE),\"\")","v":0.90609831921641693},{"$f":"IF($C37=\"RM\",IF(ISNA(VLOOKUP($F$2:$F$478,pos,2,FALSE))=FALSE,VLOOKUP($F37:$F$478,pos,2,FALSE),IF(ISNA(VLOOKUP($F$2:$F$478,lot,2,FALSE))=FALSE,VLOOKUP($F$2:$F$478,lot,2,FALSE),\"MANQUANT\")),\"\")","v":""},{"$f":"IF($C37=\"RM\",IF(ISNA(VLOOKUP($F$2:$F$478,pos,3,FALSE))=FALSE,VLOOKUP($F37:$F508,pos,3,FALSE),\"OP\"),\"\")","v":""},{"$f":"IF($C37=\"RM\",IF(ISNA(VLOOKUP($F37:$F$471,pos,4,FALSE))=FALSE,VLOOKUP($F$2:$F$471,pos,4,FALSE),\"\"),\"\")","v":""},{"$f":"IF($C37=\"RM\",IF(ISNA(VLOOKUP($F$2:$F$478,pos,5,FALSE))=FALSE,VLOOKUP($F$2:$F$478,pos,5,FALSE),IF(ISNA(VLOOKUP($F$2:$F$478,lot,5,FALSE))=FALSE,VLOOKUP($F$2:$F$478,lot,5,FALSE),0)),\"\")","v":""},{"$f":"IF($H37>0,VLOOKUP($D:$D,prix,15,FALSE),\"\")","v":22},{"$f":"IF($C37=\"RM\",$O37*$G37,\"\")","v":""},{"$f":"IF($H37>0,$H37*$P37,\"\")","v":324.71999999999997},null,{"$f":"IF($F37>0,VALUE(LEFT($F37,4)),\"\")","v":6055},{"$f":"IF(F37>0,IF(ISERROR(SEARCH(\"*FZ*\",$E37))=FALSE,\"FZ\",IF(ISERROR(SEARCH(\"*FR*\",$E37))=FALSE,\"FR\",\"Aucun\")),\"\")","v":"FR"},{"$f":"IF($C37=\"RM\",IF($U37=\"FR\",IF(ISNA(VLOOKUP($F:$F,lot,6,FALSE))=TRUE,VLOOKUP($T:$T,date,2,FALSE),VLOOKUP($F:$F,lot,6,FALSE)),\"\"),\"\")","v":""},{"$f":"IF($C37=\"RM\",IF($U37=\"Fz\",IF(ISNA(VLOOKUP($F:$F,lot,6,FALSE))=TRUE,VLOOKUP($T:$T,date,2,FALSE),VLOOKUP($F:$F,lot,6,FALSE)),\"\"),\"\")","v":""},{"$f":"IF($C37=\"FG\",VLOOKUP($A:$A,op,4,FALSE),\"\")","v":{"$error":"#N/A"}},"2016-04-26",{"$f":"IF(C37=\"rm\",IF(U37=\"aucun\",\"OK\",IF(U37=\"fz\",IF(Y37-W37>730,Y37-W37,\"OK\"),IF(Y37-V37<1,1,Y37-V37))),\"\")","v":""}]
["6055B04L","Beef","FG",31331,"BEEF UNIT RIB STEAK * 12 OZ**AA** CONAN BOX* 15 / CS**VACX1 FZ","6055B0482","",10.16,null,null,{"$f":"IF(ISNA(VLOOKUP($D:$D,rend,2,FALSE))=FALSE,VLOOKUP($D:$D,rend,2,FALSE),\"\")","v":0.8909209148656646},{"$f":"IF($C38=\"RM\",IF(ISNA(VLOOKUP($F$2:$F$478,pos,2,FALSE))=FALSE,VLOOKUP($F38:$F$478,pos,2,FALSE),IF(ISNA(VLOOKUP($F$2:$F$478,lot,2,FALSE))=FALSE,VLOOKUP($F$2:$F$478,lot,2,FALSE),\"MANQUANT\")),\"\")","v":""},{"$f":"IF($C38=\"RM\",IF(ISNA(VLOOKUP($F$2:$F$478,pos,3,FALSE))=FALSE,VLOOKUP($F38:$F509,pos,3,FALSE),\"OP\"),\"\")","v":""},{"$f":"IF($C38=\"RM\",IF(ISNA(VLOOKUP($F38:$F$471,pos,4,FALSE))=FALSE,VLOOKUP($F$2:$F$471,pos,4,FALSE),\"\"),\"\")","v":""},{"$f":"IF($C38=\"RM\",IF(ISNA(VLOOKUP($F$2:$F$478,pos,5,FALSE))=FALSE,VLOOKUP($F$2:$F$478,pos,5,FALSE),IF(ISNA(VLOOKUP($F$2:$F$478,lot,5,FALSE))=FALSE,VLOOKUP($F$2:$F$478,lot,5,FALSE),0)),\"\")","v":""},{"$f":"IF($H38>0,VLOOKUP($D:$D,prix,15,FALSE),\"\")","v":24.5},{"$f":"IF($C38=\"RM\",$O38*$G38,\"\")","v":""},{"$f":"IF($H38>0,$H38*$P38,\"\")","v":248.92000000000002},null,{"$f":"IF($F38>0,VALUE(LEFT($F38,4)),\"\")","v":6055},{"$f":"IF(F38>0,IF(ISERROR(SEARCH(\"*FZ*\",$E38))=FALSE,\"FZ\",IF(ISERROR(SEARCH(\"*FR*\",$E38))=FALSE,\"FR\",\"Aucun\")),\"\")","v":"FZ"},{"$f":"IF($C38=\"RM\",IF($U38=\"FR\",IF(ISNA(VLOOKUP($F:$F,lot,6,FALSE))=TRUE,VLOOKUP($T:$T,date,2,FALSE),VLOOKUP($F:$F,lot,6,FALSE)),\"\"),\"\")","v":""},{"$f":"IF($C38=\"RM\",IF($U38=\"Fz\",IF(ISNA(VLOOKUP($F:$F,lot,6,FALSE))=TRUE,VLOOKUP($T:$T,date,2,FALSE),VLOOKUP($F:$F,lot,6,FALSE)),\"\"),\"\")","v":""},{"$f":"IF($C38=\"FG\",VLOOKUP($A:$A,op,4,FALSE),\"\")","v":{"$error":"#N/A"}},"2016-04-26",{"$f":"IF(C38=\"rm\",IF(U38=\"aucun\",\"OK\",IF(U38=\"fz\",IF(Y38-W38>730,Y38-W38,\"OK\"),IF(Y38-V38<1,1,Y38-V38))),\"\")","v":""}]
["6055B04L","Beef","FG",30512,"BEEF UNIT RIB STEAKS*12/CAISSES**COV X1*AA*12 OZ FR @P","6055B0483","",8.6199999999999992,null,null,{"$f":"IF(ISNA(VLOOKUP($D:$D,rend,2,FALSE))=FALSE,VLOOKUP($D:$D,rend,2,FALSE),\"\")","v":0.91591818451260565},{"$f":"IF($C39=\"RM\",IF(ISNA(VLOOKUP($F$2:$F$478,pos,2,FALSE))=FALSE,VLOOKUP($F39:$F$478,pos,2,FALSE),IF(ISNA(VLOOKUP($F$2:$F$478,lot,2,FALSE))=FALSE,VLOOKUP($F$2:$F$478,lot,2,FALSE),\"MANQUANT\")),\"\")","v":""},{"$f":"IF($C39=\"RM\",IF(ISNA(VLOOKUP($F$2:$F$478,pos,3,FALSE))=FALSE,VLOOKUP($F39:$F510,pos,3,FALSE),\"OP\"),\"\")","v":""},{"$f":"IF($C39=\"RM\",IF(ISNA(VLOOKUP($F39:$F$471,pos,4,FALSE))=FALSE,VLOOKUP($F$2:$F$471,pos,4,FALSE),\"\"),\"\")","v":""},{"$f":"IF($C39=\"RM\",IF(ISNA(VLOOKUP($F$2:$F$478,pos,5,FALSE))=FALSE,VLOOKUP($F$2:$F$478,pos,5,FALSE),IF(ISNA(VLOOKUP($F$2:$F$478,lot,5,FALSE))=FALSE,VLOOKUP($F$2:$F$478,lot,5,FALSE),0)),\"\")","v":""},{"$f":"IF($H39>0,VLOOKUP($D:$D,prix,15,FALSE),\"\")","v":22},{"$f":"IF($C39=\"RM\",$O39*$G39,\"\")","v":""},{"$f":"IF($H39>0,$H39*$P39,\"\")","v":189.64},null,{"$f":"IF($F39>0,VALUE(LEFT($F39,4)),\"\")","v":6055},{"$f":"IF(F39>0,IF(ISERROR(SEARCH(\"*FZ*\",$E39))=FALSE,\"FZ\",IF(ISERROR(SEARCH(\"*FR*\",$E39))=FALSE,\"FR\",\"Aucun\")),\"\")","v":"FR"},{"$f":"IF($C39=\"RM\",IF($U39=\"FR\",IF(ISNA(VLOOKUP($F:$F,lot,6,FALSE))=TRUE,VLOOKUP($T:$T,date,2,FALSE),VLOOKUP($F:$F,lot,6,FALSE)),\"\"),\"\")","v":""},{"$f":"IF($C39=\"RM\",IF($U39=\"Fz\",IF(ISNA(VLOOKUP($F:$F,lot,6,FALSE))=TRUE,VLOOKUP($T:$T,date,2,FALSE),VLOOKUP($F:$F,lot,6,FALSE)),\"\"),\"\")","v":""},{"$f":"IF($C39=\"FG\",VLOOKUP($A:$A,op,4,FALSE),\"\")","v":{"$error":"#N/A"}},"2016-04-26",{"$f":"IF(C39=\"rm\",IF(U39=\"aucun\",\"OK\",IF(U39=\"fz\",IF(Y39-W39>730,Y39-W39,\"OK\"),IF(Y39-V39<1,1,Y39-V39))),\"\")","v":""}]
["6055B04L","Beef","FG",30510,"BEEF UNIT RIB STEAKS*12/CAISSES**COV X1*AA*10 OZ FR @P","6055B0484","",4.4800000000000004,null,null,{"$f":"IF(ISNA(VLOOKUP($D:$D,rend,2,FALSE))=FALSE,VLOOKUP($D:$D,rend,2,FALSE),\"\")","v":0.90147066511946616},{"$f":"IF($C40=\"RM\",IF(ISNA(VLOOKUP($F$2:$F$478,pos,2,FALSE))=FALSE,VLOOKUP($F40:$F$478,pos,2,FALSE),IF(ISNA(VLOOKUP($F$2:$F$478,lot,2,FALSE))=FALSE,VLOOKUP($F$2:$F$478,lot,2,FALSE),\"MANQUANT\")),\"\")","v":""},{"$f":"IF($C40=\"RM\",IF(ISNA(VLOOKUP($F$2:$F$478,pos,3,FALSE))=FALSE,VLOOKUP($F40:$F511,pos,3,FALSE),\"OP\"),\"\")","v":""},{"$f":"IF($C40=\"RM\",IF(ISNA(VLOOKUP($F40:$F$471,pos,4,FALSE))=FALSE,VLOOKUP($F$2:$F$471,pos,4,FALSE),\"\"),\"\")","v":""},{"$f":"IF($C40=\"RM\",IF(ISNA(VLOOKUP($F$2:$F$478,pos,5,FALSE))=FALSE,VLOOKUP($F$2:$F$478,pos,5,FALSE),IF(ISNA(VLOOKUP($F$2:$F$478,lot,5,FALSE))=FALSE,VLOOKUP($F$2:$F$478,lot,5,FALSE),0)),\"\")","v":""},{"$f":"IF($H40>0,VLOOKUP($D:$D,prix,15,FALSE),\"\")","v":22},{"$f":"IF($C40=\"RM\",$O40*$G40,\"\")","v":""},{"$f":"IF($H40>0,$H40*$P40,\"\")","v":98.56},null,{"$f":"IF($F40>0,VALUE(LEFT($F40,4)),\"\")","v":6055},{"$f":"IF(F40>0,IF(ISERROR(SEARCH(\"*FZ*\",$E40))=FALSE,\"FZ\",IF(ISERROR(SEARCH(\"*FR*\",$E40))=FALSE,\"FR\",\"Aucun\")),\"\")","v":"FR"},{"$f":"IF($C40=\"RM\",IF($U40=\"FR\",IF(ISNA(VLOOKUP($F:$F,lot,6,FALSE))=TRUE,VLOOKUP($T:$T,date,2,FALSE),VLOOKUP($F:$F,lot,6,FALSE)),\"\"),\"\")","v":""},{"$f":"IF($C40=\"RM\",IF($U40=\"Fz\",IF(ISNA(VLOOKUP($F:$F,lot,6,FALSE))=TRUE,VLOOKUP($T:$T,date,2,FALSE),VLOOKUP($F:$F,lot,6,FALSE)),\"\"),\"\")","v":""},{"$f":"IF($C40=\"FG\",VLOOKUP($A:$A,op,4,FALSE),\"\")","v":{"$error":"#N/A"}},"2016-04-26",{"$f":"IF(C40=\"rm\",IF(U40=\"aucun\",\"OK\",IF(U40=\"fz\",IF(Y40-W40>730,Y40-W40,\"OK\"),IF(Y40-V40<1,1,Y40-V40))),\"\")","v":""}]
["6055B04L","Beef","FG",30516,"BEEF UNIT RIB STEAKS*12/CAISSES**COV X1*AA*16 OZ FR @P","6055B0485","",11.24,null,null,{"$f":"IF(ISNA(VLOOKUP($D:$D,rend,2,FALSE))=FALSE,VLOOKUP($D:$D,rend,2,FALSE),\"\")","v":0.90155701813137146},{"$f":"IF($C41=\"RM\",IF(ISNA(VLOOKUP($F$2:$F$478,pos,2,FALSE))=FALSE,VLOOKUP($F41:$F$478,pos,2,FALSE),IF(ISNA(VLOOKUP($F$2:$F$478,lot,2,FALSE))=FALSE,VLOOKUP($F$2:$F$478,lot,2,FALSE),\"MANQUANT\")),\"\")","v":""},{"$f":"IF($C41=\"RM\",IF(ISNA(VLOOKUP($F$2:$F$478,pos,3,FALSE))=FALSE,VLOOKUP($F41:$F512,pos,3,FALSE),\"OP\"),\"\")","v":""},{"$f":"IF($C41=\"RM\",IF(ISNA(VLOOKUP($F41:$F$471,pos,4,FALSE))=FALSE,VLOOKUP($F$2:$F$471,pos,4,FALSE),\"\"),\"\")","v":""},{"$f":"IF($C41=\"RM\",IF(ISNA(VLOOKUP($F$2:$F$478,pos,5,FALSE))=FALSE,VLOOKUP($F$2:$F$478,pos,5,FALSE),IF(ISNA(VLOOKUP($F$2:$F$478,lot,5,FALSE))=FALSE,VLOOKUP($F$2:$F$478,lot,5,FALSE),0)),\"\")","v":""},{"$f":"IF($H41>0,VLOOKUP($D:$D,prix,15,FALSE),\"\")","v":22},{"$f":"IF($C41=\"RM\",$O41*$G41,\"\")","v":""},{"$f":"IF($H41>0,$H41*$P41,\"\")","v":247.28},null,{"$f":"IF($F41>0,VALUE(LEFT($F41,4)),\"\")","v":6055},{"$f":"IF(F41>0,IF(ISERROR(SEARCH(\"*FZ*\",$E41))=FALSE,\"FZ\",IF(ISERROR(SEARCH(\"*FR*\",$E41))=FALSE,\"FR\",\"Aucun\")),\"\")","v":"FR"},{"$f":"IF($C41=\"RM\",IF($U41=\"FR\",IF(ISNA(VLOOKUP($F:$F,lot,6,FALSE))=TRUE,VLOOKUP($T:$T,date,2,FALSE),VLOOKUP($F:$F,lot,6,FALSE)),\"\"),\"\")","v":""},{"$f":"IF($C41=\"RM\",IF($U41=\"Fz\",IF(ISNA(VLOOKUP($F:$F,lot,6,FALSE))=TRUE,VLOOKUP($T:$T,date,2,FALSE),VLOOKUP($F:$F,lot,6,FALSE)),\"\"),\"\")","v":""},{"$f":"IF($C41=\"FG\",VLOOKUP($A:$A,op,4,FALSE),\"\")","v":{"$error":"#N/A"}},"2016-04-26",{"$f":"IF(C41=\"rm\",IF(U41=\"aucun\",\"OK\",IF(U41=\"fz\",IF(Y41-W41>730,Y41-W41,\"OK\"),IF(Y41-V41<1,1,Y41-V41))),\"\")","v":""}]
["6055B04L","Beef","FG",31506,"BEEF RIB STEAK *IN PROCESS* CODE: 30409, 30714, 30415, 30460, 30420 FR","6055B0486","",2,null,null,{"$f":"IF(ISNA(VLOOKUP($D:$D,rend,2,FALSE))=FALSE,VLOOKUP($D:$D,rend,2,FALSE),\"\")","v":0.90764836830193008},{"$f":"IF($C42=\"RM\",IF(ISNA(VLOOKUP($F$2:$F$478,pos,2,FALSE))=FALSE,VLOOKUP($F42:$F$478,pos,2,FALSE),IF(ISNA(VLOOKUP($F$2:$F$478,lot,2,FALSE))=FALSE,VLOOKUP($F$2:$F$478,lot,2,FALSE),\"MANQUANT\")),\"\")","v":""},{"$f":"IF($C42=\"RM\",IF(ISNA(VLOOKUP($F$2:$F$478,pos,3,FALSE))=FALSE,VLOOKUP($F42:$F513,pos,3,FALSE),\"OP\"),\"\")","v":""},{"$f":"IF($C42=\"RM\",IF(ISNA(VLOOKUP($F42:$F$471,pos,4,FALSE))=FALSE,VLOOKUP($F$2:$F$471,pos,4,FALSE),\"\"),\"\")","v":""},{"$f":"IF($C42=\"RM\",IF(ISNA(VLOOKUP($F$2:$F$478,pos,5,FALSE))=FALSE,VLOOKUP($F$2:$F$478,pos,5,FALSE),IF(ISNA(VLOOKUP($F$2:$F$478,lot,5,FALSE))=FALSE,VLOOKUP($F$2:$F$478,lot,5,FALSE),0)),\"\")","v":""},{"$f":"IF($H42>0,VLOOKUP($D:$D,prix,15,FALSE),\"\")","v":18.5},{"$f":"IF($C42=\"RM\",$O42*$G42,\"\")","v":""},{"$f":"IF($H42>0,$H42*$P42,\"\")","v":37},null,{"$f":"IF($F42>0,VALUE(LEFT($F42,4)),\"\")","v":6055},{"$f":"IF(F42>0,IF(ISERROR(SEARCH(\"*FZ*\",$E42))=FALSE,\"FZ\",IF(ISERROR(SEARCH(\"*FR*\",$E42))=FALSE,\"FR\",\"Aucun\")),\"\")","v":"FR"},{"$f":"IF($C42=\"RM\",IF($U42=\"FR\",IF(ISNA(VLOOKUP($F:$F,lot,6,FALSE))=TRUE,VLOOKUP($T:$T,date,2,FALSE),VLOOKUP($F:$F,lot,6,FALSE)),\"\"),\"\")","v":""},{"$f":"IF($C42=\"RM\",IF($U42=\"Fz\",IF(ISNA(VLOOKUP($F:$F,lot,6,FALSE))=TRUE,VLOOKUP($T:$T,date,2,FALSE),VLOOKUP($F:$F,lot,6,FALSE)),\"\"),\"\")","v":""},{"$f":"IF($C42=\"FG\",VLOOKUP($A:$A,op,4,FALSE),\"\")","v":{"$error":"#N/A"}},"2016-04-26",{"$f":"IF(C42=\"rm\",IF(U42=\"aucun\",\"OK\",IF(U42=\"fz\",IF(Y42-W42>730,Y42-W42,\"OK\"),IF(Y42-V42<1,1,Y42-V42))),\"\")","v":""}]
["6055B04L Total",null,null,null,null,null,{"$f":"SUBTOTAL(9,G30:G42)","v":87.3},{"$f":"SUBTOTAL(9,H30:H42)","v":147.78},null,null,null,null,null,null,null,null,{"$f":"SUBTOTAL(9,Q30:Q42)","v":1606.8682487790434},{"$f":"SUBTOTAL(9,R30:R42)","v":3373.6099999999997}]
["6094B07206","Beef","RM",41344,"PORK CHOPS SEASONED BBQ SPARERIBS *IN PROCESS* CODE: 24007,24008 FR","6094B07206",37.799999999999997,null,null,null,{"$f":"IF(ISNA(VLOOKUP($D:$D,rend,2,FALSE))=FALSE,VLOOKUP($D:$D,rend,2,FALSE),\"\")","v":0.96324110087120696},{"$f":"IF($C44=\"RM\",IF(ISNA(VLOOKUP($F$2:$F$478,pos,2,FALSE))=FALSE,VLOOKUP($F44:$F$478,pos,2,FALSE),IF(ISNA(VLOOKUP($F$2:$F$478,lot,2,FALSE))=FALSE,VLOOKUP($F$2:$F$478,lot,2,FALSE),\"MANQUANT\")),\"\")","v":"6094B07203"},{"$f":"IF($C44=\"RM\",IF(ISNA(VLOOKUP($F$2:$F$478,pos,3,FALSE))=FALSE,VLOOKUP($F44:$F514,pos,3,FALSE),\"OP\"),\"\")","v":"OP"},{"$f":"IF($C44=\"RM\",IF(ISNA(VLOOKUP($F44:$F$471,pos,4,FALSE))=FALSE,VLOOKUP($F$2:$F$471,pos,4,FALSE),\"\"),\"\")","v":""},{"$f":"IF($C44=\"RM\",IF(ISNA(VLOOKUP($F$2:$F$478,pos,5,FALSE))=FALSE,VLOOKUP($F$2:$F$478,pos,5,FALSE),IF(ISNA(VLOOKUP($F$2:$F$478,lot,5,FALSE))=FALSE,VLOOKUP($F$2:$F$478,lot,5,FALSE),0)),\"\")","v":3.9977668164396665},{"$f":"IF($H44>0,VLOOKUP($D:$D,prix,15,FALSE),\"\")","v":""},{"$f":"IF($C44=\"RM\",$O44*$G44,\"\")","v":151.11558566141937},{"$f":"IF($H44>0,$H44*$P44,\"\")","v":""},null,{"$f":"IF($F44>0,VALUE(LEFT($F44,4)),\"\")","v":6094},{"$f":"IF(F44>0,IF(ISERROR(SEARCH(\"*FZ*\",$E44))=FALSE,\"FZ\",IF(ISERROR(SEARCH(\"*FR*\",$E44))=FALSE,\"FR\",\"Aucun\")),\"\")","v":"FR"},{"$f":"IF($C44=\"RM\",IF($U44=\"FR\",IF(ISNA(VLOOKUP($F:$F,lot,6,FALSE))=TRUE,VLOOKUP($T:$T,date,2,FALSE),VLOOKUP($F:$F,lot,6,FALSE)),\"\"),\"\")","v":"2016-04-25"},{"$f":"IF($C44=\"RM\",IF($U44=\"Fz\",IF(ISNA(VLOOKUP($F:$F,lot,6,FALSE))=TRUE,VLOOKUP($T:$T,date,2,FALSE),VLOOKUP($F:$F,lot,6,FALSE)),\"\"),\"\")","v":""},{"$f":"IF($C44=\"FG\",VLOOKUP($A:$A,op,4,FALSE),\"\")","v":""},"2016-04-26",{"$f":"IF(C44=\"rm\",IF(U44=\"aucun\",\"OK\",IF(U44=\"fz\",IF(Y44-W44>730,Y44-W44,\"OK\"),IF(Y44-V44<1,1,Y44-V44))),\"\")","v":1}]
["6094B07206","Beef","FG",24007,"PORK CHOPS SEASONED BBQ SPARERIBS**7 OZ (3 SAC X9 UNIT ) /CS 5.4KG/CS) FR @P","6094B07213","",37.799999999999997,null,null,{"$f":"IF(ISNA(VLOOKUP($D:$D,rend,2,FALSE))=FALSE,VLOOKUP($D:$D,rend,2,FALSE),\"\")","v":0.9547963660853469},{"$f":"IF($C45=\"RM\",IF(ISNA(VLOOKUP($F$2:$F$478,pos,2,FALSE))=FALSE,VLOOKUP($F45:$F$478,pos,2,FALSE),IF(ISNA(VLOOKUP($F$2:$F$478,lot,2,FALSE))=FALSE,VLOOKUP($F$2:$F$478,lot,2,FALSE),\"MANQUANT\")),\"\")","v":""},{"$f":"IF($C45=\"RM\",IF(ISNA(VLOOKUP($F$2:$F$478,pos,3,FALSE))=FALSE,VLOOKUP($F45:$F515,pos,3,FALSE),\"OP\"),\"\")","v":""},{"$f":"IF($C45=\"RM\",IF(ISNA(VLOOKUP($F45:$F$471,pos,4,FALSE))=FALSE,VLOOKUP($F$2:$F$471,pos,4,FALSE),\"\"),\"\")","v":""},{"$f":"IF($C45=\"RM\",IF(ISNA(VLOOKUP($F$2:$F$478,pos,5,FALSE))=FALSE,VLOOKUP($F$2:$F$478,pos,5,FALSE),IF(ISNA(VLOOKUP($F$2:$F$478,lot,5,FALSE))=FALSE,VLOOKUP($F$2:$F$478,lot,5,FALSE),0)),\"\")","v":""},{"$f":"IF($H45>0,VLOOKUP($D:$D,prix,15,FALSE),\"\")","v":6.0999999999999988},{"$f":"IF($C45=\"RM\",$O45*$G45,\"\")","v":""},{"$f":"IF($H45>0,$H45*$P45,\"\")","v":230.57999999999993},null,{"$f":"IF($F45>0,VALUE(LEFT($F45,4)),\"\")","v":6094},{"$f":"IF(F45>0,IF(ISERROR(SEARCH(\"*FZ*\",$E45))=FALSE,\"FZ\",IF(ISERROR(SEARCH(\"*FR*\",$E45))=FALSE,\"FR\",\"Aucun\")),\"\")","v":"FR"},{"$f":"IF($C45=\"RM\",IF($U45=\"FR\",IF(ISNA(VLOOKUP($F:$F,lot,6,FALSE))=TRUE,VLOOKUP($T:$T,date,2,FALSE),VLOOKUP($F:$F,lot,6,FALSE)),\"\"),\"\")","v":""},{"$f":"IF($C45=\"RM\",IF($U45=\"Fz\",IF(ISNA(VLOOKUP($F:$F,lot,6,FALSE))=TRUE,VLOOKUP($T:$T,date,2,FALSE),VLOOKUP($F:$F,lot,6,FALSE)),\"\"),\"\")","v":""},{"$f":"IF($C45=\"FG\",VLOOKUP($A:$A,op,4,FALSE),\"\")","v":{"$error":"#N/A"}},"2016-04-26",{"$f":"IF(C45=\"rm\",IF(U45=\"aucun\",\"OK\",IF(U45=\"fz\",IF(Y45-W45>730,Y45-W45,\"OK\"),IF(Y45-V45<1,1,Y45-V45))),\"\")","v":""}]
["6094B07206 Total",null,null,null,null,null,{"$f":"SUBTOTAL(9,G44:G45)","v":37.799999999999997},{"$f":"SUBTOTAL(9,H44:H45)","v":37.799999999999997},null,null,null,null,null,null,null,null,{"$f":"SUBTOTAL(9,Q44:Q45)","v":151.11558566141937},{"$f":"SUBTOTAL(9,R44:R45)","v":230.57999999999993}]
["6094B07208","Beef","RM",41344,"PORK CHOPS SEASONED BBQ SPARERIBS *IN PROCESS* CODE: 24007,24008 FR","6094B07208",502.2,null,null,null,{"$f":"IF(ISNA(VLOOKUP($D:$D,rend,2,FALSE))=FALSE,VLOOKUP($D:$D,rend,2,FALSE),\"\")","v":0.96324110087120696},{"$f":"IF($C47=\"RM\",IF(ISNA(VLOOKUP($F$2:$F$478,pos,2,FALSE))=FALSE,VLOOKUP($F47:$F$478,pos,2,FALSE),IF(ISNA(VLOOKUP($F$2:$F$478,lot,2,FALSE))=FALSE,VLOOKUP($F$2:$F$478,lot,2,FALSE),\"MANQUANT\")),\"\")","v":"6094B07203B"},{"$f":"IF($C47=\"RM\",IF(ISNA(VLOOKUP($F$2:$F$478,pos,3,FALSE))=FALSE,VLOOKUP($F47:$F516,pos,3,FALSE),\"OP\"),\"\")","v":"OP"},{"$f":"IF($C47=\"RM\",IF(ISNA(VLOOKUP($F47:$F$471,pos,4,FALSE))=FALSE,VLOOKUP($F$2:$F$471,pos,4,FALSE),\"\"),\"\")","v":""},{"$f":"IF($C47=\"RM\",IF(ISNA(VLOOKUP($F$2:$F$478,pos,5,FALSE))=FALSE,VLOOKUP($F$2:$F$478,pos,5,FALSE),IF(ISNA(VLOOKUP($F$2:$F$478,lot,5,FALSE))=FALSE,VLOOKUP($F$2:$F$478,lot,5,FALSE),0)),\"\")","v":3.7609102676219863},{"$f":"IF($H47>0,VLOOKUP($D:$D,prix,15,FALSE),\"\")","v":""},{"$f":"IF($C47=\"RM\",$O47*$G47,\"\")","v":1888.7291363997615},{"$f":"IF($H47>0,$H47*$P47,\"\")","v":""},null,{"$f":"IF($F47>0,VALUE(LEFT($F47,4)),\"\")","v":6094},{"$f":"IF(F47>0,IF(ISERROR(SEARCH(\"*FZ*\",$E47))=FALSE,\"FZ\",IF(ISERROR(SEARCH(\"*FR*\",$E47))=FALSE,\"FR\",\"Aucun\")),\"\")","v":"FR"},{"$f":"IF($C47=\"RM\",IF($U47=\"FR\",IF(ISNA(VLOOKUP($F:$F,lot,6,FALSE))=TRUE,VLOOKUP($T:$T,date,2,FALSE),VLOOKUP($F:$F,lot,6,FALSE)),\"\"),\"\")","v":"2016-04-22"},{"$f":"IF($C47=\"RM\",IF($U47=\"Fz\",IF(ISNA(VLOOKUP($F:$F,lot,6,FALSE))=TRUE,VLOOKUP($T:$T,date,2,FALSE),VLOOKUP($F:$F,lot,6,FALSE)),\"\"),\"\")","v":""},{"$f":"IF($C47=\"FG\",VLOOKUP($A:$A,op,4,FALSE),\"\")","v":""},"2016-04-26",{"$f":"IF(C47=\"rm\",IF(U47=\"aucun\",\"OK\",IF(U47=\"fz\",IF(Y47-W47>730,Y47-W47,\"OK\"),IF(Y47-V47<1,1,Y47-V47))),\"\")","v":4}]
["6094B07208","Beef","FG",24007,"PORK CHOPS SEASONED BBQ SPARERIBS**7 OZ (3 SAC X9 UNIT ) /CS 5.4KG/CS) FR @P","6094B07214","",502.2,null,null,{"$f":"IF(ISNA(VLOOKUP($D:$D,rend,2,FALSE))=FALSE,VLOOKUP($D:$D,rend,2,FALSE),\"\")","v":0.9547963660853469},{"$f":"IF($C48=\"RM\",IF(ISNA(VLOOKUP($F$2:$F$478,pos,2,FALSE))=FALSE,VLOOKUP($F48:$F$478,pos,2,FALSE),IF(ISNA(VLOOKUP($F$2:$F$478,lot,2,FALSE))=FALSE,VLOOKUP($F$2:$F$478,lot,2,FALSE),\"MANQUANT\")),\"\")","v":""},{"$f":"IF($C48=\"RM\",IF(ISNA(VLOOKUP($F$2:$F$478,pos,3,FALSE))=FALSE,VLOOKUP($F48:$F517,pos,3,FALSE),\"OP\"),\"\")","v":""},{"$f":"IF($C48=\"RM\",IF(ISNA(VLOOKUP($F48:$F$471,pos,4,FALSE))=FALSE,VLOOKUP($F$2:$F$471,pos,4,FALSE),\"\"),\"\")","v":""},{"$f":"IF($C48=\"RM\",IF(ISNA(VLOOKUP($F$2:$F$478,pos,5,FALSE))=FALSE,VLOOKUP($F$2:$F$478,pos,5,FALSE),IF(ISNA(VLOOKUP($F$2:$F$478,lot,5,FALSE))=FALSE,VLOOKUP($F$2:$F$478,lot,5,FALSE),0)),\"\")","v":""},{"$f":"IF($H48>0,VLOOKUP($D:$D,prix,15,FALSE),\"\")","v":6.0999999999999988},{"$f":"IF($C48=\"RM\",$O48*$G48,\"\")","v":""},{"$f":"IF($H48>0,$H48*$P48,\"\")","v":3063.4199999999992},null,{"$f":"IF($F48>0,VALUE(LEFT($F48,4)),\"\")","v":6094},{"$f":"IF(F48>0,IF(ISERROR(SEARCH(\"*FZ*\",$E48))=FALSE,\"FZ\",IF(ISERROR(SEARCH(\"*FR*\",$E48))=FALSE,\"FR\",\"Aucun\")),\"\")","v":"FR"},{"$f":"IF($C48=\"RM\",IF($U48=\"FR\",IF(ISNA(VLOOKUP($F:$F,lot,6,FALSE))=TRUE,VLOOKUP($T:$T,date,2,FALSE),VLOOKUP($F:$F,lot,6,FALSE)),\"\"),\"\")","v":""},{"$f":"IF($C48=\"RM\",IF($U48=\"Fz\",IF(ISNA(VLOOKUP($F:$F,lot,6,FALSE))=TRUE,VLOOKUP($T:$T,date,2,FALSE),VLOOKUP($F:$F,lot,6,FALSE)),\"\"),\"\")","v":""},{"$f":"IF($C48=\"FG\",VLOOKUP($A:$A,op,4,FALSE),\"\")","v":{"$error":"#N/A"}},"2016-04-26",{"$f":"IF(C48=\"rm\",IF(U48=\"aucun\",\"OK\",IF(U48=\"fz\",IF(Y48-W48>730,Y48-W48,\"OK\"),IF(Y48-V48<1,1,Y48-V48))),\"\")","v":""}]
["6094B07208 Total",null,null,null,null,null,{"$f":"SUBTOTAL(9,G47:G48)","v":502.2},{"$f":"SUBTOTAL(9,H47:H48)","v":502.2},null,null,null,null,null,null,null,null,{"$f":"SUBTOTAL(9,Q47:Q48)","v":1888.7291363997615},{"$f":"SUBTOTAL(9,R47:R48)","v":3063.4199999999992}]
["6094B07209","Beef","RM",41345,"PORK ROAST SEASONED BBQ*IN PROCESS* CODE: 24006 (4 X 1.7 KG/CS**6.8 KG/CS) FR","6094B07209",136,null,null,null,{"$f":"IF(ISNA(VLOOKUP($D:$D,rend,2,FALSE))=FALSE,VLOOKUP($D:$D,rend,2,FALSE),\"\")","v":0.9576455335992532},{"$f":"IF($C50=\"RM\",IF(ISNA(VLOOKUP($F$2:$F$478,pos,2,FALSE))=FALSE,VLOOKUP($F50:$F$478,pos,2,FALSE),IF(ISNA(VLOOKUP($F$2:$F$478,lot,2,FALSE))=FALSE,VLOOKUP($F$2:$F$478,lot,2,FALSE),\"MANQUANT\")),\"\")","v":"6094B07207"},{"$f":"IF($C50=\"RM\",IF(ISNA(VLOOKUP($F$2:$F$478,pos,3,FALSE))=FALSE,VLOOKUP($F50:$F518,pos,3,FALSE),\"OP\"),\"\")","v":"OP"},{"$f":"IF($C50=\"RM\",IF(ISNA(VLOOKUP($F50:$F$471,pos,4,FALSE))=FALSE,VLOOKUP($F$2:$F$471,pos,4,FALSE),\"\"),\"\")","v":""},{"$f":"IF($C50=\"RM\",IF(ISNA(VLOOKUP($F$2:$F$478,pos,5,FALSE))=FALSE,VLOOKUP($F$2:$F$478,pos,5,FALSE),IF(ISNA(VLOOKUP($F$2:$F$478,lot,5,FALSE))=FALSE,VLOOKUP($F$2:$F$478,lot,5,FALSE),0)),\"\")","v":3.9246742917084059},{"$f":"IF($H50>0,VLOOKUP($D:$D,prix,15,FALSE),\"\")","v":""},{"$f":"IF($C50=\"RM\",$O50*$G50,\"\")","v":533.7557036723432},{"$f":"IF($H50>0,$H50*$P50,\"\")","v":""},null,{"$f":"IF($F50>0,VALUE(LEFT($F50,4)),\"\")","v":6094},{"$f":"IF(F50>0,IF(ISERROR(SEARCH(\"*FZ*\",$E50))=FALSE,\"FZ\",IF(ISERROR(SEARCH(\"*FR*\",$E50))=FALSE,\"FR\",\"Aucun\")),\"\")","v":"FR"},{"$f":"IF($C50=\"RM\",IF($U50=\"FR\",IF(ISNA(VLOOKUP($F:$F,lot,6,FALSE))=TRUE,VLOOKUP($T:$T,date,2,FALSE),VLOOKUP($F:$F,lot,6,FALSE)),\"\"),\"\")","v":"2016-04-25"},{"$f":"IF($C50=\"RM\",IF($U50=\"Fz\",IF(ISNA(VLOOKUP($F:$F,lot,6,FALSE))=TRUE,VLOOKUP($T:$T,date,2,FALSE),VLOOKUP($F:$F,lot,6,FALSE)),\"\"),\"\")","v":""},{"$f":"IF($C50=\"FG\",VLOOKUP($A:$A,op,4,FALSE),\"\")","v":""},"2016-04-26",{"$f":"IF(C50=\"rm\",IF(U50=\"aucun\",\"OK\",IF(U50=\"fz\",IF(Y50-W50>730,Y50-W50,\"OK\"),IF(Y50-V50<1,1,Y50-V50))),\"\")","v":1}]
["6094B07209","Beef","FG",24006,"PORK ROAST SEASONED BBQ SPARERIBS**1.7KG (4/CS, 6.8KG/CS) FR @P","6094B07215","",136,null,null,{"$f":"IF(ISNA(VLOOKUP($D:$D,rend,2,FALSE))=FALSE,VLOOKUP($D:$D,rend,2,FALSE),\"\")","v":0.95114797437970944},{"$f":"IF($C51=\"RM\",IF(ISNA(VLOOKUP($F$2:$F$478,pos,2,FALSE))=FALSE,VLOOKUP($F51:$F$478,pos,2,FALSE),IF(ISNA(VLOOKUP($F$2:$F$478,lot,2,FALSE))=FALSE,VLOOKUP($F$2:$F$478,lot,2,FALSE),\"MANQUANT\")),\"\")","v":""},{"$f":"IF($C51=\"RM\",IF(ISNA(VLOOKUP($F$2:$F$478,pos,3,FALSE))=FALSE,VLOOKUP($F51:$F519,pos,3,FALSE),\"OP\"),\"\")","v":""},{"$f":"IF($C51=\"RM\",IF(ISNA(VLOOKUP($F51:$F$471,pos,4,FALSE))=FALSE,VLOOKUP($F$2:$F$471,pos,4,FALSE),\"\"),\"\")","v":""},{"$f":"IF($C51=\"RM\",IF(ISNA(VLOOKUP($F$2:$F$478,pos,5,FALSE))=FALSE,VLOOKUP($F$2:$F$478,pos,5,FALSE),IF(ISNA(VLOOKUP($F$2:$F$478,lot,5,FALSE))=FALSE,VLOOKUP($F$2:$F$478,lot,5,FALSE),0)),\"\")","v":""},{"$f":"IF($H51>0,VLOOKUP($D:$D,prix,15,FALSE),\"\")","v":6.1},{"$f":"IF($C51=\"RM\",$O51*$G51,\"\")","v":""},{"$f":"IF($H51>0,$H51*$P51,\"\")","v":829.59999999999991},null,{"$f":"IF($F51>0,VALUE(LEFT($F51,4)),\"\")","v":6094},{"$f":"IF(F51>0,IF(ISERROR(SEARCH(\"*FZ*\",$E51))=FALSE,\"FZ\",IF(ISERROR(SEARCH(\"*FR*\",$E51))=FALSE,\"FR\",\"Aucun\")),\"\")","v":"FR"},{"$f":"IF($C51=\"RM\",IF($U51=\"FR\",IF(ISNA(VLOOKUP($F:$F,lot,6,FALSE))=TRUE,VLOOKUP($T:$T,date,2,FALSE),VLOOKUP($F:$F,lot,6,FALSE)),\"\"),\"\")","v":""},{"$f":"IF($C51=\"RM\",IF($U51=\"Fz\",IF(ISNA(VLOOKUP($F:$F,lot,6,FALSE))=TRUE,VLOOKUP($T:$T,date,2,FALSE),VLOOKUP($F:$F,lot,6,FALSE)),\"\"),\"\")","v":""},{"$f":"IF($C51=\"FG\",VLOOKUP($A:$A,op,4,FALSE),\"\")","v":{"$error":"#N/A"}},"2016-04-26",{"$f":"IF(C51=\"rm\",IF(U51=\"aucun\",\"OK\",IF(U51=\"fz\",IF(Y51-W51>730,Y51-W51,\"OK\"),IF(Y51-V51<1,1,Y51-V51))),\"\")","v":""}]
["6094B07209 Total",null,null,null,null,null,{"$f":"SUBTOTAL(9,G50:G51)","v":136},{"$f":"SUBTOTAL(9,H50:H51)","v":136},null,null,null,null,null,null,null,null,{"$f":"SUBTOTAL(9,Q50:Q51)","v":533.7557036723432},{"$f":"SUBTOTAL(9,R50:R51)","v":829.59999999999991}]
["6094B07220","Beef","RM",1,"ING EAU","5166AS",14.37,null,null,null,{"$f":"IF(ISNA(VLOOKUP($D:$D,rend,2,FALSE))=FALSE,VLOOKUP($D:$D,rend,2,FALSE),\"\")","v":""},{"$f":"IF($C53=\"RM\",IF(ISNA(VLOOKUP($F$2:$F$478,pos,2,FALSE))=FALSE,VLOOKUP($F53:$F$478,pos,2,FALSE),IF(ISNA(VLOOKUP($F$2:$F$478,lot,2,FALSE))=FALSE,VLOOKUP($F$2:$F$478,lot,2,FALSE),\"MANQUANT\")),\"\")","v":"Aucun"},{"$f":"IF($C53=\"RM\",IF(ISNA(VLOOKUP($F$2:$F$478,pos,3,FALSE))=FALSE,VLOOKUP($F53:$F520,pos,3,FALSE),\"OP\"),\"\")","v":"Aucun"},{"$f":"IF($C53=\"RM\",IF(ISNA(VLOOKUP($F53:$F$471,pos,4,FALSE))=FALSE,VLOOKUP($F$2:$F$471,pos,4,FALSE),\"\"),\"\")","v":0},{"$f":"IF($C53=\"RM\",IF(ISNA(VLOOKUP($F$2:$F$478,pos,5,FALSE))=FALSE,VLOOKUP($F$2:$F$478,pos,5,FALSE),IF(ISNA(VLOOKUP($F$2:$F$478,lot,5,FALSE))=FALSE,VLOOKUP($F$2:$F$478,lot,5,FALSE),0)),\"\")","v":0},{"$f":"IF($H53>0,VLOOKUP($D:$D,prix,15,FALSE),\"\")","v":""},{"$f":"IF($C53=\"RM\",$O53*$G53,\"\")","v":0},{"$f":"IF($H53>0,$H53*$P53,\"\")","v":""},null,{"$f":"IF($F53>0,VALUE(LEFT($F53,4)),\"\")","v":5166},{"$f":"IF(F53>0,IF(ISERROR(SEARCH(\"*FZ*\",$E53))=FALSE,\"FZ\",IF(ISERROR(SEARCH(\"*FR*\",$E53))=FALSE,\"FR\",\"Aucun\")),\"\")","v":"Aucun"},{"$f":"IF($C53=\"RM\",IF($U53=\"FR\",IF(ISNA(VLOOKUP($F:$F,lot,6,FALSE))=TRUE,VLOOKUP($T:$T,date,2,FALSE),VLOOKUP($F:$F,lot,6,FALSE)),\"\"),\"\")","v":""},{"$f":"IF($C53=\"RM\",IF($U53=\"Fz\",IF(ISNA(VLOOKUP($F:$F,lot,6,FALSE))=TRUE,VLOOKUP($T:$T,date,2,FALSE),VLOOKUP($F:$F,lot,6,FALSE)),\"\"),\"\")","v":""},{"$f":"IF($C53=\"FG\",VLOOKUP($A:$A,op,4,FALSE),\"\")","v":""},"2016-04-26",{"$f":"IF(C53=\"rm\",IF(U53=\"aucun\",\"OK\",IF(U53=\"fz\",IF(Y53-W53>730,Y53-W53,\"OK\"),IF(Y53-V53<1,1,Y53-V53))),\"\")","v":"OK"}]
["6094B07220","Beef","RM",41346,"PORK ROAST NATURE *IN PROCESS* CODE: 24006 FR","6094B07220",128.31,null,null,null,{"$f":"IF(ISNA(VLOOKUP($D:$D,rend,2,FALSE))=FALSE,VLOOKUP($D:$D,rend,2,FALSE),\"\")","v":0.9342629607965951},{"$f":"IF($C54=\"RM\",IF(ISNA(VLOOKUP($F$2:$F$478,pos,2,FALSE))=FALSE,VLOOKUP($F54:$F$478,pos,2,FALSE),IF(ISNA(VLOOKUP($F$2:$F$478,lot,2,FALSE))=FALSE,VLOOKUP($F$2:$F$478,lot,2,FALSE),\"MANQUANT\")),\"\")","v":"MANQUANT"},{"$f":"IF($C54=\"RM\",IF(ISNA(VLOOKUP($F$2:$F$478,pos,3,FALSE))=FALSE,VLOOKUP($F54:$F521,pos,3,FALSE),\"OP\"),\"\")","v":"OP"},{"$f":"IF($C54=\"RM\",IF(ISNA(VLOOKUP($F54:$F$471,pos,4,FALSE))=FALSE,VLOOKUP($F$2:$F$471,pos,4,FALSE),\"\"),\"\")","v":""},{"$f":"IF($C54=\"RM\",IF(ISNA(VLOOKUP($F$2:$F$478,pos,5,FALSE))=FALSE,VLOOKUP($F$2:$F$478,pos,5,FALSE),IF(ISNA(VLOOKUP($F$2:$F$478,lot,5,FALSE))=FALSE,VLOOKUP($F$2:$F$478,lot,5,FALSE),0)),\"\")","v":0},{"$f":"IF($H54>0,VLOOKUP($D:$D,prix,15,FALSE),\"\")","v":""},{"$f":"IF($C54=\"RM\",$O54*$G54,\"\")","v":0},{"$f":"IF($H54>0,$H54*$P54,\"\")","v":""},null,{"$f":"IF($F54>0,VALUE(LEFT($F54,4)),\"\")","v":6094},{"$f":"IF(F54>0,IF(ISERROR(SEARCH(\"*FZ*\",$E54))=FALSE,\"FZ\",IF(ISERROR(SEARCH(\"*FR*\",$E54))=FALSE,\"FR\",\"Aucun\")),\"\")","v":"FR"},{"$f":"IF($C54=\"RM\",IF($U54=\"FR\",IF(ISNA(VLOOKUP($F:$F,lot,6,FALSE))=TRUE,VLOOKUP($T:$T,date,2,FALSE),VLOOKUP($F:$F,lot,6,FALSE)),\"\"),\"\")","v":"2016-02-24"},{"$f":"IF($C54=\"RM\",IF($U54=\"Fz\",IF(ISNA(VLOOKUP($F:$F,lot,6,FALSE))=TRUE,VLOOKUP($T:$T,date,2,FALSE),VLOOKUP($F:$F,lot,6,FALSE)),\"\"),\"\")","v":""},{"$f":"IF($C54=\"FG\",VLOOKUP($A:$A,op,4,FALSE),\"\")","v":""},"2016-04-26",{"$f":"IF(C54=\"rm\",IF(U54=\"aucun\",\"OK\",IF(U54=\"fz\",IF(Y54-W54>730,Y54-W54,\"OK\"),IF(Y54-V54<1,1,Y54-V54))),\"\")","v":62}]
["6094B07220","Beef","RM",19,"ING MONTOUR 7139 / MARINADE STYLE COTES-LEVEES / ALLERG: AUCUN","6163AS01",11.32,null,null,null,{"$f":"IF(ISNA(VLOOKUP($D:$D,rend,2,FALSE))=FALSE,VLOOKUP($D:$D,rend,2,FALSE),\"\")","v":""},{"$f":"IF($C55=\"RM\",IF(ISNA(VLOOKUP($F$2:$F$478,pos,2,FALSE))=FALSE,VLOOKUP($F55:$F$478,pos,2,FALSE),IF(ISNA(VLOOKUP($F$2:$F$478,lot,2,FALSE))=FALSE,VLOOKUP($F$2:$F$478,lot,2,FALSE),\"MANQUANT\")),\"\")","v":"PO-0021711"},{"$f":"IF($C55=\"RM\",IF(ISNA(VLOOKUP($F$2:$F$478,pos,3,FALSE))=FALSE,VLOOKUP($F55:$F522,pos,3,FALSE),\"OP\"),\"\")","v":"MONTO"},{"$f":"IF($C55=\"RM\",IF(ISNA(VLOOKUP($F55:$F$471,pos,4,FALSE))=FALSE,VLOOKUP($F$2:$F$471,pos,4,FALSE),\"\"),\"\")","v":300},{"$f":"IF($C55=\"RM\",IF(ISNA(VLOOKUP($F$2:$F$478,pos,5,FALSE))=FALSE,VLOOKUP($F$2:$F$478,pos,5,FALSE),IF(ISNA(VLOOKUP($F$2:$F$478,lot,5,FALSE))=FALSE,VLOOKUP($F$2:$F$478,lot,5,FALSE),0)),\"\")","v":7.94},{"$f":"IF($H55>0,VLOOKUP($D:$D,prix,15,FALSE),\"\")","v":""},{"$f":"IF($C55=\"RM\",$O55*$G55,\"\")","v":89.880800000000008},{"$f":"IF($H55>0,$H55*$P55,\"\")","v":""},null,{"$f":"IF($F55>0,VALUE(LEFT($F55,4)),\"\")","v":6163},{"$f":"IF(F55>0,IF(ISERROR(SEARCH(\"*FZ*\",$E55))=FALSE,\"FZ\",IF(ISERROR(SEARCH(\"*FR*\",$E55))=FALSE,\"FR\",\"Aucun\")),\"\")","v":"Aucun"},{"$f":"IF($C55=\"RM\",IF($U55=\"FR\",IF(ISNA(VLOOKUP($F:$F,lot,6,FALSE))=TRUE,VLOOKUP($T:$T,date,2,FALSE),VLOOKUP($F:$F,lot,6,FALSE)),\"\"),\"\")","v":""},{"$f":"IF($C55=\"RM\",IF($U55=\"Fz\",IF(ISNA(VLOOKUP($F:$F,lot,6,FALSE))=TRUE,VLOOKUP($T:$T,date,2,FALSE),VLOOKUP($F:$F,lot,6,FALSE)),\"\"),\"\")","v":""},{"$f":"IF($C55=\"FG\",VLOOKUP($A:$A,op,4,FALSE),\"\")","v":""},"2016-04-26",{"$f":"IF(C55=\"rm\",IF(U55=\"aucun\",\"OK\",IF(U55=\"fz\",IF(Y55-W55>730,Y55-W55,\"OK\"),IF(Y55-V55<1,1,Y55-V55))),\"\")","v":"OK"}]
["6094B07220","Beef","FG",41345,"PORK ROAST SEASONED BBQ*IN PROCESS* CODE: 24006 (4 X 1.7 KG/CS**6.8 KG/CS) FR","6094B07221","",154,null,null,{"$f":"IF(ISNA(VLOOKUP($D:$D,rend,2,FALSE))=FALSE,VLOOKUP($D:$D,rend,2,FALSE),\"\")","v":0.9576455335992532},{"$f":"IF($C56=\"RM\",IF(ISNA(VLOOKUP($F$2:$F$478,pos,2,FALSE))=FALSE,VLOOKUP($F56:$F$478,pos,2,FALSE),IF(ISNA(VLOOKUP($F$2:$F$478,lot,2,FALSE))=FALSE,VLOOKUP($F$2:$F$478,lot,2,FALSE),\"MANQUANT\")),\"\")","v":""},{"$f":"IF($C56=\"RM\",IF(ISNA(VLOOKUP($F$2:$F$478,pos,3,FALSE))=FALSE,VLOOKUP($F56:$F523,pos,3,FALSE),\"OP\"),\"\")","v":""},{"$f":"IF($C56=\"RM\",IF(ISNA(VLOOKUP($F56:$F$471,pos,4,FALSE))=FALSE,VLOOKUP($F$2:$F$471,pos,4,FALSE),\"\"),\"\")","v":""},{"$f":"IF($C56=\"RM\",IF(ISNA(VLOOKUP($F$2:$F$478,pos,5,FALSE))=FALSE,VLOOKUP($F$2:$F$478,pos,5,FALSE),IF(ISNA(VLOOKUP($F$2:$F$478,lot,5,FALSE))=FALSE,VLOOKUP($F$2:$F$478,lot,5,FALSE),0)),\"\")","v":""},{"$f":"IF($H56>0,VLOOKUP($D:$D,prix,15,FALSE),\"\")","v":6.1},{"$f":"IF($C56=\"RM\",$O56*$G56,\"\")","v":""},{"$f":"IF($H56>0,$H56*$P56,\"\")","v":939.4},null,{"$f":"IF($F56>0,VALUE(LEFT($F56,4)),\"\")","v":6094},{"$f":"IF(F56>0,IF(ISERROR(SEARCH(\"*FZ*\",$E56))=FALSE,\"FZ\",IF(ISERROR(SEARCH(\"*FR*\",$E56))=FALSE,\"FR\",\"Aucun\")),\"\")","v":"FR"},{"$f":"IF($C56=\"RM\",IF($U56=\"FR\",IF(ISNA(VLOOKUP($F:$F,lot,6,FALSE))=TRUE,VLOOKUP($T:$T,date,2,FALSE),VLOOKUP($F:$F,lot,6,FALSE)),\"\"),\"\")","v":""},{"$f":"IF($C56=\"RM\",IF($U56=\"Fz\",IF(ISNA(VLOOKUP($F:$F,lot,6,FALSE))=TRUE,VLOOKUP($T:$T,date,2,FALSE),VLOOKUP($F:$F,lot,6,FALSE)),\"\"),\"\")","v":""},{"$f":"IF($C56=\"FG\",VLOOKUP($A:$A,op,4,FALSE),\"\")","v":{"$error":"#N/A"}},"2016-04-26",{"$f":"IF(C56=\"rm\",IF(U56=\"aucun\",\"OK\",IF(U56=\"fz\",IF(Y56-W56>730,Y56-W56,\"OK\"),IF(Y56-V56<1,1,Y56-V56))),\"\")","v":""}]
["6094B07220 Total",null,null,null,null,null,{"$f":"SUBTOTAL(9,G53:G56)","v":154},{"$f":"SUBTOTAL(9,H53:H56)","v":154},null,null,null,null,null,null,null,null,{"$f":"SUBTOTAL(9,Q53:Q56)","v":89.880800000000008},{"$f":"SUBTOTAL(9,R53:R56)","v":939.4}]
["6094B07AD","Beef","RM",41071,"BONELESS PORK LOINS STRIPS MAIN MUSCLE FZ #D","6094B07",326.56,null,null,null,{"$f":"IF(ISNA(VLOOKUP($D:$D,rend,2,FALSE))=FALSE,VLOOKUP($D:$D,rend,2,FALSE),\"\")","v":0.90793417689541567},{"$f":"IF($C58=\"RM\",IF(ISNA(VLOOKUP($F$2:$F$478,pos,2,FALSE))=FALSE,VLOOKUP($F58:$F$478,pos,2,FALSE),IF(ISNA(VLOOKUP($F$2:$F$478,lot,2,FALSE))=FALSE,VLOOKUP($F$2:$F$478,lot,2,FALSE),\"MANQUANT\")),\"\")","v":"PO-0021440"},{"$f":"IF($C58=\"RM\",IF(ISNA(VLOOKUP($F$2:$F$478,pos,3,FALSE))=FALSE,VLOOKUP($F58:$F524,pos,3,FALSE),\"OP\"),\"\")","v":"CHIS"},{"$f":"IF($C58=\"RM\",IF(ISNA(VLOOKUP($F58:$F$471,pos,4,FALSE))=FALSE,VLOOKUP($F$2:$F$471,pos,4,FALSE),\"\"),\"\")","v":10757.76},{"$f":"IF($C58=\"RM\",IF(ISNA(VLOOKUP($F$2:$F$478,pos,5,FALSE))=FALSE,VLOOKUP($F$2:$F$478,pos,5,FALSE),IF(ISNA(VLOOKUP($F$2:$F$478,lot,5,FALSE))=FALSE,VLOOKUP($F$2:$F$478,lot,5,FALSE),0)),\"\")","v":4.05},{"$f":"IF($H58>0,VLOOKUP($D:$D,prix,15,FALSE),\"\")","v":""},{"$f":"IF($C58=\"RM\",$O58*$G58,\"\")","v":1322.568},{"$f":"IF($H58>0,$H58*$P58,\"\")","v":""},null,{"$f":"IF($F58>0,VALUE(LEFT($F58,4)),\"\")","v":6094},{"$f":"IF(F58>0,IF(ISERROR(SEARCH(\"*FZ*\",$E58))=FALSE,\"FZ\",IF(ISERROR(SEARCH(\"*FR*\",$E58))=FALSE,\"FR\",\"Aucun\")),\"\")","v":"FZ"},{"$f":"IF($C58=\"RM\",IF($U58=\"FR\",IF(ISNA(VLOOKUP($F:$F,lot,6,FALSE))=TRUE,VLOOKUP($T:$T,date,2,FALSE),VLOOKUP($F:$F,lot,6,FALSE)),\"\"),\"\")","v":""},{"$f":"IF($C58=\"RM\",IF($U58=\"Fz\",IF(ISNA(VLOOKUP($F:$F,lot,6,FALSE))=TRUE,VLOOKUP($T:$T,date,2,FALSE),VLOOKUP($F:$F,lot,6,FALSE)),\"\"),\"\")","v":"2016-02-24"},{"$f":"IF($C58=\"FG\",VLOOKUP($A:$A,op,4,FALSE),\"\")","v":""},"2016-04-26",{"$f":"IF(C58=\"rm\",IF(U58=\"aucun\",\"OK\",IF(U58=\"fz\",IF(Y58-W58>730,Y58-W58,\"OK\"),IF(Y58-V58<1,1,Y58-V58))),\"\")","v":"OK"}]
["6094B07AD","Beef","FG",41217,"BONELESS PORK SIRLOIN STRIPS *1/4\" X 3\"* 5 X 1 KG FZ #D","6094B07216","",0,null,null,{"$f":"IF(ISNA(VLOOKUP($D:$D,rend,2,FALSE))=FALSE,VLOOKUP($D:$D,rend,2,FALSE),\"\")","v":0.66952307344419215},{"$f":"IF($C59=\"RM\",IF(ISNA(VLOOKUP($F$2:$F$478,pos,2,FALSE))=FALSE,VLOOKUP($F59:$F$478,pos,2,FALSE),IF(ISNA(VLOOKUP($F$2:$F$478,lot,2,FALSE))=FALSE,VLOOKUP($F$2:$F$478,lot,2,FALSE),\"MANQUANT\")),\"\")","v":""},{"$f":"IF($C59=\"RM\",IF(ISNA(VLOOKUP($F$2:$F$478,pos,3,FALSE))=FALSE,VLOOKUP($F59:$F525,pos,3,FALSE),\"OP\"),\"\")","v":""},{"$f":"IF($C59=\"RM\",IF(ISNA(VLOOKUP($F59:$F$471,pos,4,FALSE))=FALSE,VLOOKUP($F$2:$F$471,pos,4,FALSE),\"\"),\"\")","v":""},{"$f":"IF($C59=\"RM\",IF(ISNA(VLOOKUP($F$2:$F$478,pos,5,FALSE))=FALSE,VLOOKUP($F$2:$F$478,pos,5,FALSE),IF(ISNA(VLOOKUP($F$2:$F$478,lot,5,FALSE))=FALSE,VLOOKUP($F$2:$F$478,lot,5,FALSE),0)),\"\")","v":""},{"$f":"IF($H59>0,VLOOKUP($D:$D,prix,15,FALSE),\"\")","v":""},{"$f":"IF($C59=\"RM\",$O59*$G59,\"\")","v":""},{"$f":"IF($H59>0,$H59*$P59,\"\")","v":""},null,{"$f":"IF($F59>0,VALUE(LEFT($F59,4)),\"\")","v":6094},{"$f":"IF(F59>0,IF(ISERROR(SEARCH(\"*FZ*\",$E59))=FALSE,\"FZ\",IF(ISERROR(SEARCH(\"*FR*\",$E59))=FALSE,\"FR\",\"Aucun\")),\"\")","v":"FZ"},{"$f":"IF($C59=\"RM\",IF($U59=\"FR\",IF(ISNA(VLOOKUP($F:$F,lot,6,FALSE))=TRUE,VLOOKUP($T:$T,date,2,FALSE),VLOOKUP($F:$F,lot,6,FALSE)),\"\"),\"\")","v":""},{"$f":"IF($C59=\"RM\",IF($U59=\"Fz\",IF(ISNA(VLOOKUP($F:$F,lot,6,FALSE))=TRUE,VLOOKUP($T:$T,date,2,FALSE),VLOOKUP($F:$F,lot,6,FALSE)),\"\"),\"\")","v":""},{"$f":"IF($C59=\"FG\",VLOOKUP($A:$A,op,4,FALSE),\"\")","v":{"$error":"#N/A"}},"2016-04-26",{"$f":"IF(C59=\"rm\",IF(U59=\"aucun\",\"OK\",IF(U59=\"fz\",IF(Y59-W59>730,Y59-W59,\"OK\"),IF(Y59-V59<1,1,Y59-V59))),\"\")","v":""}]
["6094B07AD","Beef","FG",41216,"BONELESS PORK SIRLOIN ROAST APROX. 1 KG *4/CS* FZ #D","6094B07217","",20.36,null,null,{"$f":"IF(ISNA(VLOOKUP($D:$D,rend,2,FALSE))=FALSE,VLOOKUP($D:$D,rend,2,FALSE),\"\")","v":0.94918878759693515},{"$f":"IF($C60=\"RM\",IF(ISNA(VLOOKUP($F$2:$F$478,pos,2,FALSE))=FALSE,VLOOKUP($F60:$F$478,pos,2,FALSE),IF(ISNA(VLOOKUP($F$2:$F$478,lot,2,FALSE))=FALSE,VLOOKUP($F$2:$F$478,lot,2,FALSE),\"MANQUANT\")),\"\")","v":""},{"$f":"IF($C60=\"RM\",IF(ISNA(VLOOKUP($F$2:$F$478,pos,3,FALSE))=FALSE,VLOOKUP($F60:$F526,pos,3,FALSE),\"OP\"),\"\")","v":""},{"$f":"IF($C60=\"RM\",IF(ISNA(VLOOKUP($F60:$F$471,pos,4,FALSE))=FALSE,VLOOKUP($F$2:$F$471,pos,4,FALSE),\"\"),\"\")","v":""},{"$f":"IF($C60=\"RM\",IF(ISNA(VLOOKUP($F$2:$F$478,pos,5,FALSE))=FALSE,VLOOKUP($F$2:$F$478,pos,5,FALSE),IF(ISNA(VLOOKUP($F$2:$F$478,lot,5,FALSE))=FALSE,VLOOKUP($F$2:$F$478,lot,5,FALSE),0)),\"\")","v":""},{"$f":"IF($H60>0,VLOOKUP($D:$D,prix,15,FALSE),\"\")","v":6.25},{"$f":"IF($C60=\"RM\",$O60*$G60,\"\")","v":""},{"$f":"IF($H60>0,$H60*$P60,\"\")","v":127.25},null,{"$f":"IF($F60>0,VALUE(LEFT($F60,4)),\"\")","v":6094},{"$f":"IF(F60>0,IF(ISERROR(SEARCH(\"*FZ*\",$E60))=FALSE,\"FZ\",IF(ISERROR(SEARCH(\"*FR*\",$E60))=FALSE,\"FR\",\"Aucun\")),\"\")","v":"FZ"},{"$f":"IF($C60=\"RM\",IF($U60=\"FR\",IF(ISNA(VLOOKUP($F:$F,lot,6,FALSE))=TRUE,VLOOKUP($T:$T,date,2,FALSE),VLOOKUP($F:$F,lot,6,FALSE)),\"\"),\"\")","v":""},{"$f":"IF($C60=\"RM\",IF($U60=\"Fz\",IF(ISNA(VLOOKUP($F:$F,lot,6,FALSE))=TRUE,VLOOKUP($T:$T,date,2,FALSE),VLOOKUP($F:$F,lot,6,FALSE)),\"\"),\"\")","v":""},{"$f":"IF($C60=\"FG\",VLOOKUP($A:$A,op,4,FALSE),\"\")","v":{"$error":"#N/A"}},"2016-04-26",{"$f":"IF(C60=\"rm\",IF(U60=\"aucun\",\"OK\",IF(U60=\"fz\",IF(Y60-W60>730,Y60-W60,\"OK\"),IF(Y60-V60<1,1,Y60-V60))),\"\")","v":""}]
["6094B07AD","Beef","FG",41271,"CUBES DE PORC 1 TO 1 1/2 INCH ***2X2.5 KG * BOITE ALIMPLUS FZ #D","6094B07218","",15,null,null,{"$f":"IF(ISNA(VLOOKUP($D:$D,rend,2,FALSE))=FALSE,VLOOKUP($D:$D,rend,2,FALSE),\"\")","v":0.93314086824747045},{"$f":"IF($C61=\"RM\",IF(ISNA(VLOOKUP($F$2:$F$478,pos,2,FALSE))=FALSE,VLOOKUP($F61:$F$478,pos,2,FALSE),IF(ISNA(VLOOKUP($F$2:$F$478,lot,2,FALSE))=FALSE,VLOOKUP($F$2:$F$478,lot,2,FALSE),\"MANQUANT\")),\"\")","v":""},{"$f":"IF($C61=\"RM\",IF(ISNA(VLOOKUP($F$2:$F$478,pos,3,FALSE))=FALSE,VLOOKUP($F61:$F527,pos,3,FALSE),\"OP\"),\"\")","v":""},{"$f":"IF($C61=\"RM\",IF(ISNA(VLOOKUP($F61:$F$471,pos,4,FALSE))=FALSE,VLOOKUP($F$2:$F$471,pos,4,FALSE),\"\"),\"\")","v":""},{"$f":"IF($C61=\"RM\",IF(ISNA(VLOOKUP($F$2:$F$478,pos,5,FALSE))=FALSE,VLOOKUP($F$2:$F$478,pos,5,FALSE),IF(ISNA(VLOOKUP($F$2:$F$478,lot,5,FALSE))=FALSE,VLOOKUP($F$2:$F$478,lot,5,FALSE),0)),\"\")","v":""},{"$f":"IF($H61>0,VLOOKUP($D:$D,prix,15,FALSE),\"\")","v":5.5},{"$f":"IF($C61=\"RM\",$O61*$G61,\"\")","v":""},{"$f":"IF($H61>0,$H61*$P61,\"\")","v":82.5},null,{"$f":"IF($F61>0,VALUE(LEFT($F61,4)),\"\")","v":6094},{"$f":"IF(F61>0,IF(ISERROR(SEARCH(\"*FZ*\",$E61))=FALSE,\"FZ\",IF(ISERROR(SEARCH(\"*FR*\",$E61))=FALSE,\"FR\",\"Aucun\")),\"\")","v":"FZ"},{"$f":"IF($C61=\"RM\",IF($U61=\"FR\",IF(ISNA(VLOOKUP($F:$F,lot,6,FALSE))=TRUE,VLOOKUP($T:$T,date,2,FALSE),VLOOKUP($F:$F,lot,6,FALSE)),\"\"),\"\")","v":""},{"$f":"IF($C61=\"RM\",IF($U61=\"Fz\",IF(ISNA(VLOOKUP($F:$F,lot,6,FALSE))=TRUE,VLOOKUP($T:$T,date,2,FALSE),VLOOKUP($F:$F,lot,6,FALSE)),\"\"),\"\")","v":""},{"$f":"IF($C61=\"FG\",VLOOKUP($A:$A,op,4,FALSE),\"\")","v":{"$error":"#N/A"}},"2016-04-26",{"$f":"IF(C61=\"rm\",IF(U61=\"aucun\",\"OK\",IF(U61=\"fz\",IF(Y61-W61>730,Y61-W61,\"OK\"),IF(Y61-V61<1,1,Y61-V61))),\"\")","v":""}]
["6094B07AD","Beef","FG",41347,"CUBES DE PORC*IN PROCESS* CODE: 41270 FR","6094B07219","",2.5,null,null,{"$f":"IF(ISNA(VLOOKUP($D:$D,rend,2,FALSE))=FALSE,VLOOKUP($D:$D,rend,2,FALSE),\"\")","v":0.90090245994229401},{"$f":"IF($C62=\"RM\",IF(ISNA(VLOOKUP($F$2:$F$478,pos,2,FALSE))=FALSE,VLOOKUP($F62:$F$478,pos,2,FALSE),IF(ISNA(VLOOKUP($F$2:$F$478,lot,2,FALSE))=FALSE,VLOOKUP($F$2:$F$478,lot,2,FALSE),\"MANQUANT\")),\"\")","v":""},{"$f":"IF($C62=\"RM\",IF(ISNA(VLOOKUP($F$2:$F$478,pos,3,FALSE))=FALSE,VLOOKUP($F62:$F528,pos,3,FALSE),\"OP\"),\"\")","v":""},{"$f":"IF($C62=\"RM\",IF(ISNA(VLOOKUP($F62:$F$471,pos,4,FALSE))=FALSE,VLOOKUP($F$2:$F$471,pos,4,FALSE),\"\"),\"\")","v":""},{"$f":"IF($C62=\"RM\",IF(ISNA(VLOOKUP($F$2:$F$478,pos,5,FALSE))=FALSE,VLOOKUP($F$2:$F$478,pos,5,FALSE),IF(ISNA(VLOOKUP($F$2:$F$478,lot,5,FALSE))=FALSE,VLOOKUP($F$2:$F$478,lot,5,FALSE),0)),\"\")","v":""},{"$f":"IF($H62>0,VLOOKUP($D:$D,prix,15,FALSE),\"\")","v":5.5},{"$f":"IF($C62=\"RM\",$O62*$G62,\"\")","v":""},{"$f":"IF($H62>0,$H62*$P62,\"\")","v":13.75},null,{"$f":"IF($F62>0,VALUE(LEFT($F62,4)),\"\")","v":6094},{"$f":"IF(F62>0,IF(ISERROR(SEARCH(\"*FZ*\",$E62))=FALSE,\"FZ\",IF(ISERROR(SEARCH(\"*FR*\",$E62))=FALSE,\"FR\",\"Aucun\")),\"\")","v":"FR"},{"$f":"IF($C62=\"RM\",IF($U62=\"FR\",IF(ISNA(VLOOKUP($F:$F,lot,6,FALSE))=TRUE,VLOOKUP($T:$T,date,2,FALSE),VLOOKUP($F:$F,lot,6,FALSE)),\"\"),\"\")","v":""},{"$f":"IF($C62=\"RM\",IF($U62=\"Fz\",IF(ISNA(VLOOKUP($F:$F,lot,6,FALSE))=TRUE,VLOOKUP($T:$T,date,2,FALSE),VLOOKUP($F:$F,lot,6,FALSE)),\"\"),\"\")","v":""},{"$f":"IF($C62=\"FG\",VLOOKUP($A:$A,op,4,FALSE),\"\")","v":{"$error":"#N/A"}},"2016-04-26",{"$f":"IF(C62=\"rm\",IF(U62=\"aucun\",\"OK\",IF(U62=\"fz\",IF(Y62-W62>730,Y62-W62,\"OK\"),IF(Y62-V62<1,1,Y62-V62))),\"\")","v":""}]
["6094B07AD","Beef","FG",41346,"PORK ROAST NATURE *IN PROCESS* CODE: 24006 FR","6094B07220","",128.31,null,null,{"$f":"IF(ISNA(VLOOKUP($D:$D,rend,2,FALSE))=FALSE,VLOOKUP($D:$D,rend,2,FALSE),\"\")","v":0.9342629607965951},{"$f":"IF($C63=\"RM\",IF(ISNA(VLOOKUP($F$2:$F$478,pos,2,FALSE))=FALSE,VLOOKUP($F63:$F$478,pos,2,FALSE),IF(ISNA(VLOOKUP($F$2:$F$478,lot,2,FALSE))=FALSE,VLOOKUP($F$2:$F$478,lot,2,FALSE),\"MANQUANT\")),\"\")","v":""},{"$f":"IF($C63=\"RM\",IF(ISNA(VLOOKUP($F$2:$F$478,pos,3,FALSE))=FALSE,VLOOKUP($F63:$F529,pos,3,FALSE),\"OP\"),\"\")","v":""},{"$f":"IF($C63=\"RM\",IF(ISNA(VLOOKUP($F63:$F$471,pos,4,FALSE))=FALSE,VLOOKUP($F$2:$F$471,pos,4,FALSE),\"\"),\"\")","v":""},{"$f":"IF($C63=\"RM\",IF(ISNA(VLOOKUP($F$2:$F$478,pos,5,FALSE))=FALSE,VLOOKUP($F$2:$F$478,pos,5,FALSE),IF(ISNA(VLOOKUP($F$2:$F$478,lot,5,FALSE))=FALSE,VLOOKUP($F$2:$F$478,lot,5,FALSE),0)),\"\")","v":""},{"$f":"IF($H63>0,VLOOKUP($D:$D,prix,15,FALSE),\"\")","v":6.1},{"$f":"IF($C63=\"RM\",$O63*$G63,\"\")","v":""},{"$f":"IF($H63>0,$H63*$P63,\"\")","v":782.69099999999992},null,{"$f":"IF($F63>0,VALUE(LEFT($F63,4)),\"\")","v":6094},{"$f":"IF(F63>0,IF(ISERROR(SEARCH(\"*FZ*\",$E63))=FALSE,\"FZ\",IF(ISERROR(SEARCH(\"*FR*\",$E63))=FALSE,\"FR\",\"Aucun\")),\"\")","v":"FR"},{"$f":"IF($C63=\"RM\",IF($U63=\"FR\",IF(ISNA(VLOOKUP($F:$F,lot,6,FALSE))=TRUE,VLOOKUP($T:$T,date,2,FALSE),VLOOKUP($F:$F,lot,6,FALSE)),\"\"),\"\")","v":""},{"$f":"IF($C63=\"RM\",IF($U63=\"Fz\",IF(ISNA(VLOOKUP($F:$F,lot,6,FALSE))=TRUE,VLOOKUP($T:$T,date,2,FALSE),VLOOKUP($F:$F,lot,6,FALSE)),\"\"),\"\")","v":""},{"$f":"IF($C63=\"FG\",VLOOKUP($A:$A,op,4,FALSE),\"\")","v":{"$error":"#N/A"}},"2016-04-26",{"$f":"IF(C63=\"rm\",IF(U63=\"aucun\",\"OK\",IF(U63=\"fz\",IF(Y63-W63>730,Y63-W63,\"OK\"),IF(Y63-V63<1,1,Y63-V63))),\"\")","v":""}]
["6094B07AD","Beef","FG",41351,"PORK TABLE TRIMMINGS*IN PROCESS**25 KG/CS FZ","6094B07222","",50,null,null,{"$f":"IF(ISNA(VLOOKUP($D:$D,rend,2,FALSE))=FALSE,VLOOKUP($D:$D,rend,2,FALSE),\"\")","v":0.93515881166437276},{"$f":"IF($C64=\"RM\",IF(ISNA(VLOOKUP($F$2:$F$478,pos,2,FALSE))=FALSE,VLOOKUP($F64:$F$478,pos,2,FALSE),IF(ISNA(VLOOKUP($F$2:$F$478,lot,2,FALSE))=FALSE,VLOOKUP($F$2:$F$478,lot,2,FALSE),\"MANQUANT\")),\"\")","v":""},{"$f":"IF($C64=\"RM\",IF(ISNA(VLOOKUP($F$2:$F$478,pos,3,FALSE))=FALSE,VLOOKUP($F64:$F530,pos,3,FALSE),\"OP\"),\"\")","v":""},{"$f":"IF($C64=\"RM\",IF(ISNA(VLOOKUP($F64:$F$471,pos,4,FALSE))=FALSE,VLOOKUP($F$2:$F$471,pos,4,FALSE),\"\"),\"\")","v":""},{"$f":"IF($C64=\"RM\",IF(ISNA(VLOOKUP($F$2:$F$478,pos,5,FALSE))=FALSE,VLOOKUP($F$2:$F$478,pos,5,FALSE),IF(ISNA(VLOOKUP($F$2:$F$478,lot,5,FALSE))=FALSE,VLOOKUP($F$2:$F$478,lot,5,FALSE),0)),\"\")","v":""},{"$f":"IF($H64>0,VLOOKUP($D:$D,prix,15,FALSE),\"\")","v":5.5},{"$f":"IF($C64=\"RM\",$O64*$G64,\"\")","v":""},{"$f":"IF($H64>0,$H64*$P64,\"\")","v":275},null,{"$f":"IF($F64>0,VALUE(LEFT($F64,4)),\"\")","v":6094},{"$f":"IF(F64>0,IF(ISERROR(SEARCH(\"*FZ*\",$E64))=FALSE,\"FZ\",IF(ISERROR(SEARCH(\"*FR*\",$E64))=FALSE,\"FR\",\"Aucun\")),\"\")","v":"FZ"},{"$f":"IF($C64=\"RM\",IF($U64=\"FR\",IF(ISNA(VLOOKUP($F:$F,lot,6,FALSE))=TRUE,VLOOKUP($T:$T,date,2,FALSE),VLOOKUP($F:$F,lot,6,FALSE)),\"\"),\"\")","v":""},{"$f":"IF($C64=\"RM\",IF($U64=\"Fz\",IF(ISNA(VLOOKUP($F:$F,lot,6,FALSE))=TRUE,VLOOKUP($T:$T,date,2,FALSE),VLOOKUP($F:$F,lot,6,FALSE)),\"\"),\"\")","v":""},{"$f":"IF($C64=\"FG\",VLOOKUP($A:$A,op,4,FALSE),\"\")","v":{"$error":"#N/A"}},"2016-04-26",{"$f":"IF(C64=\"rm\",IF(U64=\"aucun\",\"OK\",IF(U64=\"fz\",IF(Y64-W64>730,Y64-W64,\"OK\"),IF(Y64-V64<1,1,Y64-V64))),\"\")","v":""}]
["6094B07AD Total",null,null,null,null,null,{"$f":"SUBTOTAL(9,G58:G64)","v":326.56},{"$f":"SUBTOTAL(9,H58:H64)","v":216.17000000000002},null,null,null,null,null,null,null,null,{"$f":"SUBTOTAL(9,Q58:Q64)","v":1322.568},{"$f":"SUBTOTAL(9,R58:R64)","v":1281.1909999999998}]
["6102B06C","Beef","RM",30101,"BEEF TENDERLOIN  * XL**JBS  * 5UP FR #D","6102B06",11.68,null,null,null,{"$f":"IF(ISNA(VLOOKUP($D:$D,rend,2,FALSE))=FALSE,VLOOKUP($D:$D,rend,2,FALSE),\"\")","v":0.75264280931665561},{"$f":"IF($C66=\"RM\",IF(ISNA(VLOOKUP($F$2:$F$478,pos,2,FALSE))=FALSE,VLOOKUP($F66:$F$478,pos,2,FALSE),IF(ISNA(VLOOKUP($F$2:$F$478,lot,2,FALSE))=FALSE,VLOOKUP($F$2:$F$478,lot,2,FALSE),\"MANQUANT\")),\"\")","v":"PO-0021505"},{"$f":"IF($C66=\"RM\",IF(ISNA(VLOOKUP($F$2:$F$478,pos,3,FALSE))=FALSE,VLOOKUP($F66:$F531,pos,3,FALSE),\"OP\"),\"\")","v":"C&C"},{"$f":"IF($C66=\"RM\",IF(ISNA(VLOOKUP($F66:$F$471,pos,4,FALSE))=FALSE,VLOOKUP($F$2:$F$471,pos,4,FALSE),\"\"),\"\")","v":67.39},{"$f":"IF($C66=\"RM\",IF(ISNA(VLOOKUP($F$2:$F$478,pos,5,FALSE))=FALSE,VLOOKUP($F$2:$F$478,pos,5,FALSE),IF(ISNA(VLOOKUP($F$2:$F$478,lot,5,FALSE))=FALSE,VLOOKUP($F$2:$F$478,lot,5,FALSE),0)),\"\")","v":17.95},{"$f":"IF($H66>0,VLOOKUP($D:$D,prix,15,FALSE),\"\")","v":""},{"$f":"IF($C66=\"RM\",$O66*$G66,\"\")","v":209.65599999999998},{"$f":"IF($H66>0,$H66*$P66,\"\")","v":""},null,{"$f":"IF($F66>0,VALUE(LEFT($F66,4)),\"\")","v":6102},{"$f":"IF(F66>0,IF(ISERROR(SEARCH(\"*FZ*\",$E66))=FALSE,\"FZ\",IF(ISERROR(SEARCH(\"*FR*\",$E66))=FALSE,\"FR\",\"Aucun\")),\"\")","v":"FR"},{"$f":"IF($C66=\"RM\",IF($U66=\"FR\",IF(ISNA(VLOOKUP($F:$F,lot,6,FALSE))=TRUE,VLOOKUP($T:$T,date,2,FALSE),VLOOKUP($F:$F,lot,6,FALSE)),\"\"),\"\")","v":"2016-02-29"},{"$f":"IF($C66=\"RM\",IF($U66=\"Fz\",IF(ISNA(VLOOKUP($F:$F,lot,6,FALSE))=TRUE,VLOOKUP($T:$T,date,2,FALSE),VLOOKUP($F:$F,lot,6,FALSE)),\"\"),\"\")","v":""},{"$f":"IF($C66=\"FG\",VLOOKUP($A:$A,op,4,FALSE),\"\")","v":""},"2016-04-26",{"$f":"IF(C66=\"rm\",IF(U66=\"aucun\",\"OK\",IF(U66=\"fz\",IF(Y66-W66>730,Y66-W66,\"OK\"),IF(Y66-V66<1,1,Y66-V66))),\"\")","v":57}]
["6102B06C","Beef","FG",31300,"UNIT MEDALLION COW FILETS VAC FR @P","6102B064","",5.38,null,null,{"$f":"IF(ISNA(VLOOKUP($D:$D,rend,2,FALSE))=FALSE,VLOOKUP($D:$D,rend,2,FALSE),\"\")","v":0.74391682029974926},{"$f":"IF($C67=\"RM\",IF(ISNA(VLOOKUP($F$2:$F$478,pos,2,FALSE))=FALSE,VLOOKUP($F67:$F$478,pos,2,FALSE),IF(ISNA(VLOOKUP($F$2:$F$478,lot,2,FALSE))=FALSE,VLOOKUP($F$2:$F$478,lot,2,FALSE),\"MANQUANT\")),\"\")","v":""},{"$f":"IF($C67=\"RM\",IF(ISNA(VLOOKUP($F$2:$F$478,pos,3,FALSE))=FALSE,VLOOKUP($F67:$F532,pos,3,FALSE),\"OP\"),\"\")","v":""},{"$f":"IF($C67=\"RM\",IF(ISNA(VLOOKUP($F67:$F$471,pos,4,FALSE))=FALSE,VLOOKUP($F$2:$F$471,pos,4,FALSE),\"\"),\"\")","v":""},{"$f":"IF($C67=\"RM\",IF(ISNA(VLOOKUP($F$2:$F$478,pos,5,FALSE))=FALSE,VLOOKUP($F$2:$F$478,pos,5,FALSE),IF(ISNA(VLOOKUP($F$2:$F$478,lot,5,FALSE))=FALSE,VLOOKUP($F$2:$F$478,lot,5,FALSE),0)),\"\")","v":""},{"$f":"IF($H67>0,VLOOKUP($D:$D,prix,15,FALSE),\"\")","v":34.5},{"$f":"IF($C67=\"RM\",$O67*$G67,\"\")","v":""},{"$f":"IF($H67>0,$H67*$P67,\"\")","v":185.60999999999999},null,{"$f":"IF($F67>0,VALUE(LEFT($F67,4)),\"\")","v":6102},{"$f":"IF(F67>0,IF(ISERROR(SEARCH(\"*FZ*\",$E67))=FALSE,\"FZ\",IF(ISERROR(SEARCH(\"*FR*\",$E67))=FALSE,\"FR\",\"Aucun\")),\"\")","v":"FR"},{"$f":"IF($C67=\"RM\",IF($U67=\"FR\",IF(ISNA(VLOOKUP($F:$F,lot,6,FALSE))=TRUE,VLOOKUP($T:$T,date,2,FALSE),VLOOKUP($F:$F,lot,6,FALSE)),\"\"),\"\")","v":""},{"$f":"IF($C67=\"RM\",IF($U67=\"Fz\",IF(ISNA(VLOOKUP($F:$F,lot,6,FALSE))=TRUE,VLOOKUP($T:$T,date,2,FALSE),VLOOKUP($F:$F,lot,6,FALSE)),\"\"),\"\")","v":""},{"$f":"IF($C67=\"FG\",VLOOKUP($A:$A,op,4,FALSE),\"\")","v":{"$error":"#N/A"}},"2016-04-26",{"$f":"IF(C67=\"rm\",IF(U67=\"aucun\",\"OK\",IF(U67=\"fz\",IF(Y67-W67>730,Y67-W67,\"OK\"),IF(Y67-V67<1,1,Y67-V67))),\"\")","v":""}]
["6102B06C","Beef","FG",31500,"BEEF HOUSE TRIMMINGS FR @P","6102B065","",2.62,null,null,{"$f":"IF(ISNA(VLOOKUP($D:$D,rend,2,FALSE))=FALSE,VLOOKUP($D:$D,rend,2,FALSE),\"\")","v":0.92196671697625909},{"$f":"IF($C68=\"RM\",IF(ISNA(VLOOKUP($F$2:$F$478,pos,2,FALSE))=FALSE,VLOOKUP($F68:$F$478,pos,2,FALSE),IF(ISNA(VLOOKUP($F$2:$F$478,lot,2,FALSE))=FALSE,VLOOKUP($F$2:$F$478,lot,2,FALSE),\"MANQUANT\")),\"\")","v":""},{"$f":"IF($C68=\"RM\",IF(ISNA(VLOOKUP($F$2:$F$478,pos,3,FALSE))=FALSE,VLOOKUP($F68:$F533,pos,3,FALSE),\"OP\"),\"\")","v":""},{"$f":"IF($C68=\"RM\",IF(ISNA(VLOOKUP($F68:$F$471,pos,4,FALSE))=FALSE,VLOOKUP($F$2:$F$471,pos,4,FALSE),\"\"),\"\")","v":""},{"$f":"IF($C68=\"RM\",IF(ISNA(VLOOKUP($F$2:$F$478,pos,5,FALSE))=FALSE,VLOOKUP($F$2:$F$478,pos,5,FALSE),IF(ISNA(VLOOKUP($F$2:$F$478,lot,5,FALSE))=FALSE,VLOOKUP($F$2:$F$478,lot,5,FALSE),0)),\"\")","v":""},{"$f":"IF($H68>0,VLOOKUP($D:$D,prix,15,FALSE),\"\")","v":10},{"$f":"IF($C68=\"RM\",$O68*$G68,\"\")","v":""},{"$f":"IF($H68>0,$H68*$P68,\"\")","v":26.200000000000003},null,{"$f":"IF($F68>0,VALUE(LEFT($F68,4)),\"\")","v":6102},{"$f":"IF(F68>0,IF(ISERROR(SEARCH(\"*FZ*\",$E68))=FALSE,\"FZ\",IF(ISERROR(SEARCH(\"*FR*\",$E68))=FALSE,\"FR\",\"Aucun\")),\"\")","v":"FR"},{"$f":"IF($C68=\"RM\",IF($U68=\"FR\",IF(ISNA(VLOOKUP($F:$F,lot,6,FALSE))=TRUE,VLOOKUP($T:$T,date,2,FALSE),VLOOKUP($F:$F,lot,6,FALSE)),\"\"),\"\")","v":""},{"$f":"IF($C68=\"RM\",IF($U68=\"Fz\",IF(ISNA(VLOOKUP($F:$F,lot,6,FALSE))=TRUE,VLOOKUP($T:$T,date,2,FALSE),VLOOKUP($F:$F,lot,6,FALSE)),\"\"),\"\")","v":""},{"$f":"IF($C68=\"FG\",VLOOKUP($A:$A,op,4,FALSE),\"\")","v":{"$error":"#N/A"}},"2016-04-26",{"$f":"IF(C68=\"rm\",IF(U68=\"aucun\",\"OK\",IF(U68=\"fz\",IF(Y68-W68>730,Y68-W68,\"OK\"),IF(Y68-V68<1,1,Y68-V68))),\"\")","v":""}]
["6102B06C Total",null,null,null,null,null,{"$f":"SUBTOTAL(9,G66:G68)","v":11.68},{"$f":"SUBTOTAL(9,H66:H68)","v":8},null,null,null,null,null,null,null,null,{"$f":"SUBTOTAL(9,Q66:Q68)","v":209.65599999999998},{"$f":"SUBTOTAL(9,R66:R68)","v":211.81}]
["6103B033","Beef","RM",1,"ING EAU","5166AS",169.4,null,null,null,{"$f":"IF(ISNA(VLOOKUP($D:$D,rend,2,FALSE))=FALSE,VLOOKUP($D:$D,rend,2,FALSE),\"\")","v":""},{"$f":"IF($C70=\"RM\",IF(ISNA(VLOOKUP($F$2:$F$478,pos,2,FALSE))=FALSE,VLOOKUP($F70:$F$478,pos,2,FALSE),IF(ISNA(VLOOKUP($F$2:$F$478,lot,2,FALSE))=FALSE,VLOOKUP($F$2:$F$478,lot,2,FALSE),\"MANQUANT\")),\"\")","v":"Aucun"},{"$f":"IF($C70=\"RM\",IF(ISNA(VLOOKUP($F$2:$F$478,pos,3,FALSE))=FALSE,VLOOKUP($F70:$F534,pos,3,FALSE),\"OP\"),\"\")","v":"Aucun"},{"$f":"IF($C70=\"RM\",IF(ISNA(VLOOKUP($F70:$F$471,pos,4,FALSE))=FALSE,VLOOKUP($F$2:$F$471,pos,4,FALSE),\"\"),\"\")","v":0},{"$f":"IF($C70=\"RM\",IF(ISNA(VLOOKUP($F$2:$F$478,pos,5,FALSE))=FALSE,VLOOKUP($F$2:$F$478,pos,5,FALSE),IF(ISNA(VLOOKUP($F$2:$F$478,lot,5,FALSE))=FALSE,VLOOKUP($F$2:$F$478,lot,5,FALSE),0)),\"\")","v":0},{"$f":"IF($H70>0,VLOOKUP($D:$D,prix,15,FALSE),\"\")","v":""},{"$f":"IF($C70=\"RM\",$O70*$G70,\"\")","v":0},{"$f":"IF($H70>0,$H70*$P70,\"\")","v":""},null,{"$f":"IF($F70>0,VALUE(LEFT($F70,4)),\"\")","v":5166},{"$f":"IF(F70>0,IF(ISERROR(SEARCH(\"*FZ*\",$E70))=FALSE,\"FZ\",IF(ISERROR(SEARCH(\"*FR*\",$E70))=FALSE,\"FR\",\"Aucun\")),\"\")","v":"Aucun"},{"$f":"IF($C70=\"RM\",IF($U70=\"FR\",IF(ISNA(VLOOKUP($F:$F,lot,6,FALSE))=TRUE,VLOOKUP($T:$T,date,2,FALSE),VLOOKUP($F:$F,lot,6,FALSE)),\"\"),\"\")","v":""},{"$f":"IF($C70=\"RM\",IF($U70=\"Fz\",IF(ISNA(VLOOKUP($F:$F,lot,6,FALSE))=TRUE,VLOOKUP($T:$T,date,2,FALSE),VLOOKUP($F:$F,lot,6,FALSE)),\"\"),\"\")","v":""},{"$f":"IF($C70=\"FG\",VLOOKUP($A:$A,op,4,FALSE),\"\")","v":""},"2016-04-26",{"$f":"IF(C70=\"rm\",IF(U70=\"aucun\",\"OK\",IF(U70=\"fz\",IF(Y70-W70>730,Y70-W70,\"OK\"),IF(Y70-V70<1,1,Y70-V70))),\"\")","v":"OK"}]
["6103B033","Beef","RM",16,"ING BSA 2A8E033 / TRIPOLYPHOSPHATE DE SODIUM GRANULE (3562) / ALLERG: AUCUN","6055AS01",2.59,null,null,null,{"$f":"IF(ISNA(VLOOKUP($D:$D,rend,2,FALSE))=FALSE,VLOOKUP($D:$D,rend,2,FALSE),\"\")","v":""},{"$f":"IF($C71=\"RM\",IF(ISNA(VLOOKUP($F$2:$F$478,pos,2,FALSE))=FALSE,VLOOKUP($F71:$F$478,pos,2,FALSE),IF(ISNA(VLOOKUP($F$2:$F$478,lot,2,FALSE))=FALSE,VLOOKUP($F$2:$F$478,lot,2,FALSE),\"MANQUANT\")),\"\")","v":"PO-0021532"},{"$f":"IF($C71=\"RM\",IF(ISNA(VLOOKUP($F$2:$F$478,pos,3,FALSE))=FALSE,VLOOKUP($F71:$F535,pos,3,FALSE),\"OP\"),\"\")","v":"BSA"},{"$f":"IF($C71=\"RM\",IF(ISNA(VLOOKUP($F71:$F$471,pos,4,FALSE))=FALSE,VLOOKUP($F$2:$F$471,pos,4,FALSE),\"\"),\"\")","v":25},{"$f":"IF($C71=\"RM\",IF(ISNA(VLOOKUP($F$2:$F$478,pos,5,FALSE))=FALSE,VLOOKUP($F$2:$F$478,pos,5,FALSE),IF(ISNA(VLOOKUP($F$2:$F$478,lot,5,FALSE))=FALSE,VLOOKUP($F$2:$F$478,lot,5,FALSE),0)),\"\")","v":2.78},{"$f":"IF($H71>0,VLOOKUP($D:$D,prix,15,FALSE),\"\")","v":""},{"$f":"IF($C71=\"RM\",$O71*$G71,\"\")","v":7.2001999999999988},{"$f":"IF($H71>0,$H71*$P71,\"\")","v":""},null,{"$f":"IF($F71>0,VALUE(LEFT($F71,4)),\"\")","v":6055},{"$f":"IF(F71>0,IF(ISERROR(SEARCH(\"*FZ*\",$E71))=FALSE,\"FZ\",IF(ISERROR(SEARCH(\"*FR*\",$E71))=FALSE,\"FR\",\"Aucun\")),\"\")","v":"Aucun"},{"$f":"IF($C71=\"RM\",IF($U71=\"FR\",IF(ISNA(VLOOKUP($F:$F,lot,6,FALSE))=TRUE,VLOOKUP($T:$T,date,2,FALSE),VLOOKUP($F:$F,lot,6,FALSE)),\"\"),\"\")","v":""},{"$f":"IF($C71=\"RM\",IF($U71=\"Fz\",IF(ISNA(VLOOKUP($F:$F,lot,6,FALSE))=TRUE,VLOOKUP($T:$T,date,2,FALSE),VLOOKUP($F:$F,lot,6,FALSE)),\"\"),\"\")","v":""},{"$f":"IF($C71=\"FG\",VLOOKUP($A:$A,op,4,FALSE),\"\")","v":""},"2016-04-26",{"$f":"IF(C71=\"rm\",IF(U71=\"aucun\",\"OK\",IF(U71=\"fz\",IF(Y71-W71>730,Y71-W71,\"OK\"),IF(Y71-V71<1,1,Y71-V71))),\"\")","v":"OK"}]
["6103B033","Beef","RM",31505,"BEEF CUBES *IN PROCESS* CODE: 30314, 30304 FR","6103B033",433.1,null,null,null,{"$f":"IF(ISNA(VLOOKUP($D:$D,rend,2,FALSE))=FALSE,VLOOKUP($D:$D,rend,2,FALSE),\"\")","v":0.93787246963190563},{"$f":"IF($C72=\"RM\",IF(ISNA(VLOOKUP($F$2:$F$478,pos,2,FALSE))=FALSE,VLOOKUP($F72:$F$478,pos,2,FALSE),IF(ISNA(VLOOKUP($F$2:$F$478,lot,2,FALSE))=FALSE,VLOOKUP($F$2:$F$478,lot,2,FALSE),\"MANQUANT\")),\"\")","v":"6103B03"},{"$f":"IF($C72=\"RM\",IF(ISNA(VLOOKUP($F$2:$F$478,pos,3,FALSE))=FALSE,VLOOKUP($F72:$F536,pos,3,FALSE),\"OP\"),\"\")","v":"OP"},{"$f":"IF($C72=\"RM\",IF(ISNA(VLOOKUP($F72:$F$471,pos,4,FALSE))=FALSE,VLOOKUP($F$2:$F$471,pos,4,FALSE),\"\"),\"\")","v":""},{"$f":"IF($C72=\"RM\",IF(ISNA(VLOOKUP($F$2:$F$478,pos,5,FALSE))=FALSE,VLOOKUP($F$2:$F$478,pos,5,FALSE),IF(ISNA(VLOOKUP($F$2:$F$478,lot,5,FALSE))=FALSE,VLOOKUP($F$2:$F$478,lot,5,FALSE),0)),\"\")","v":8.2236003391009476},{"$f":"IF($H72>0,VLOOKUP($D:$D,prix,15,FALSE),\"\")","v":""},{"$f":"IF($C72=\"RM\",$O72*$G72,\"\")","v":3561.6413068646207},{"$f":"IF($H72>0,$H72*$P72,\"\")","v":""},null,{"$f":"IF($F72>0,VALUE(LEFT($F72,4)),\"\")","v":6103},{"$f":"IF(F72>0,IF(ISERROR(SEARCH(\"*FZ*\",$E72))=FALSE,\"FZ\",IF(ISERROR(SEARCH(\"*FR*\",$E72))=FALSE,\"FR\",\"Aucun\")),\"\")","v":"FR"},{"$f":"IF($C72=\"RM\",IF($U72=\"FR\",IF(ISNA(VLOOKUP($F:$F,lot,6,FALSE))=TRUE,VLOOKUP($T:$T,date,2,FALSE),VLOOKUP($F:$F,lot,6,FALSE)),\"\"),\"\")","v":"2016-03-01"},{"$f":"IF($C72=\"RM\",IF($U72=\"Fz\",IF(ISNA(VLOOKUP($F:$F,lot,6,FALSE))=TRUE,VLOOKUP($T:$T,date,2,FALSE),VLOOKUP($F:$F,lot,6,FALSE)),\"\"),\"\")","v":""},{"$f":"IF($C72=\"FG\",VLOOKUP($A:$A,op,4,FALSE),\"\")","v":""},"2016-04-26",{"$f":"IF(C72=\"rm\",IF(U72=\"aucun\",\"OK\",IF(U72=\"fz\",IF(Y72-W72>730,Y72-W72,\"OK\"),IF(Y72-V72<1,1,Y72-V72))),\"\")","v":56}]
["6103B033","Beef","RM",15,"ING BSA 2B1A038 / SEL HI GRADE POLY OU TOP FLO / ALLERG: AUCUN","6133AS01",4.88,null,null,null,{"$f":"IF(ISNA(VLOOKUP($D:$D,rend,2,FALSE))=FALSE,VLOOKUP($D:$D,rend,2,FALSE),\"\")","v":""},{"$f":"IF($C73=\"RM\",IF(ISNA(VLOOKUP($F$2:$F$478,pos,2,FALSE))=FALSE,VLOOKUP($F73:$F$478,pos,2,FALSE),IF(ISNA(VLOOKUP($F$2:$F$478,lot,2,FALSE))=FALSE,VLOOKUP($F$2:$F$478,lot,2,FALSE),\"MANQUANT\")),\"\")","v":"PO-0021532"},{"$f":"IF($C73=\"RM\",IF(ISNA(VLOOKUP($F$2:$F$478,pos,3,FALSE))=FALSE,VLOOKUP($F73:$F537,pos,3,FALSE),\"OP\"),\"\")","v":"BSA"},{"$f":"IF($C73=\"RM\",IF(ISNA(VLOOKUP($F73:$F$471,pos,4,FALSE))=FALSE,VLOOKUP($F$2:$F$471,pos,4,FALSE),\"\"),\"\")","v":40},{"$f":"IF($C73=\"RM\",IF(ISNA(VLOOKUP($F$2:$F$478,pos,5,FALSE))=FALSE,VLOOKUP($F$2:$F$478,pos,5,FALSE),IF(ISNA(VLOOKUP($F$2:$F$478,lot,5,FALSE))=FALSE,VLOOKUP($F$2:$F$478,lot,5,FALSE),0)),\"\")","v":0.39},{"$f":"IF($H73>0,VLOOKUP($D:$D,prix,15,FALSE),\"\")","v":""},{"$f":"IF($C73=\"RM\",$O73*$G73,\"\")","v":1.9032},{"$f":"IF($H73>0,$H73*$P73,\"\")","v":""},null,{"$f":"IF($F73>0,VALUE(LEFT($F73,4)),\"\")","v":6133},{"$f":"IF(F73>0,IF(ISERROR(SEARCH(\"*FZ*\",$E73))=FALSE,\"FZ\",IF(ISERROR(SEARCH(\"*FR*\",$E73))=FALSE,\"FR\",\"Aucun\")),\"\")","v":"Aucun"},{"$f":"IF($C73=\"RM\",IF($U73=\"FR\",IF(ISNA(VLOOKUP($F:$F,lot,6,FALSE))=TRUE,VLOOKUP($T:$T,date,2,FALSE),VLOOKUP($F:$F,lot,6,FALSE)),\"\"),\"\")","v":""},{"$f":"IF($C73=\"RM\",IF($U73=\"Fz\",IF(ISNA(VLOOKUP($F:$F,lot,6,FALSE))=TRUE,VLOOKUP($T:$T,date,2,FALSE),VLOOKUP($F:$F,lot,6,FALSE)),\"\"),\"\")","v":""},{"$f":"IF($C73=\"FG\",VLOOKUP($A:$A,op,4,FALSE),\"\")","v":""},"2016-04-26",{"$f":"IF(C73=\"rm\",IF(U73=\"aucun\",\"OK\",IF(U73=\"fz\",IF(Y73-W73>730,Y73-W73,\"OK\"),IF(Y73-V73<1,1,Y73-V73))),\"\")","v":"OK"}]
["6103B033","Beef","FG",24132,"BEEF LANIERES SEASONNED**1.5 to INCH X 3/8 X 3/8 SUNCHEF**25 KG/CS FR #P( avrg 2","6103B034","",609.28,null,null,{"$f":"IF(ISNA(VLOOKUP($D:$D,rend,2,FALSE))=FALSE,VLOOKUP($D:$D,rend,2,FALSE),\"\")","v":0.93372197262301371},{"$f":"IF($C74=\"RM\",IF(ISNA(VLOOKUP($F$2:$F$478,pos,2,FALSE))=FALSE,VLOOKUP($F74:$F$478,pos,2,FALSE),IF(ISNA(VLOOKUP($F$2:$F$478,lot,2,FALSE))=FALSE,VLOOKUP($F$2:$F$478,lot,2,FALSE),\"MANQUANT\")),\"\")","v":""},{"$f":"IF($C74=\"RM\",IF(ISNA(VLOOKUP($F$2:$F$478,pos,3,FALSE))=FALSE,VLOOKUP($F74:$F538,pos,3,FALSE),\"OP\"),\"\")","v":""},{"$f":"IF($C74=\"RM\",IF(ISNA(VLOOKUP($F74:$F$471,pos,4,FALSE))=FALSE,VLOOKUP($F$2:$F$471,pos,4,FALSE),\"\"),\"\")","v":""},{"$f":"IF($C74=\"RM\",IF(ISNA(VLOOKUP($F$2:$F$478,pos,5,FALSE))=FALSE,VLOOKUP($F$2:$F$478,pos,5,FALSE),IF(ISNA(VLOOKUP($F$2:$F$478,lot,5,FALSE))=FALSE,VLOOKUP($F$2:$F$478,lot,5,FALSE),0)),\"\")","v":""},{"$f":"IF($H74>0,VLOOKUP($D:$D,prix,15,FALSE),\"\")","v":9},{"$f":"IF($C74=\"RM\",$O74*$G74,\"\")","v":""},{"$f":"IF($H74>0,$H74*$P74,\"\")","v":5483.5199999999995},null,{"$f":"IF($F74>0,VALUE(LEFT($F74,4)),\"\")","v":6103},{"$f":"IF(F74>0,IF(ISERROR(SEARCH(\"*FZ*\",$E74))=FALSE,\"FZ\",IF(ISERROR(SEARCH(\"*FR*\",$E74))=FALSE,\"FR\",\"Aucun\")),\"\")","v":"FR"},{"$f":"IF($C74=\"RM\",IF($U74=\"FR\",IF(ISNA(VLOOKUP($F:$F,lot,6,FALSE))=TRUE,VLOOKUP($T:$T,date,2,FALSE),VLOOKUP($F:$F,lot,6,FALSE)),\"\"),\"\")","v":""},{"$f":"IF($C74=\"RM\",IF($U74=\"Fz\",IF(ISNA(VLOOKUP($F:$F,lot,6,FALSE))=TRUE,VLOOKUP($T:$T,date,2,FALSE),VLOOKUP($F:$F,lot,6,FALSE)),\"\"),\"\")","v":""},{"$f":"IF($C74=\"FG\",VLOOKUP($A:$A,op,4,FALSE),\"\")","v":{"$error":"#N/A"}},"2016-04-26",{"$f":"IF(C74=\"rm\",IF(U74=\"aucun\",\"OK\",IF(U74=\"fz\",IF(Y74-W74>730,Y74-W74,\"OK\"),IF(Y74-V74<1,1,Y74-V74))),\"\")","v":""}]
["6103B033 Total",null,null,null,null,null,{"$f":"SUBTOTAL(9,G70:G74)","v":609.97},{"$f":"SUBTOTAL(9,H70:H74)","v":609.28},null,null,null,null,null,null,null,null,{"$f":"SUBTOTAL(9,Q70:Q74)","v":3570.7447068646211},{"$f":"SUBTOTAL(9,R70:R74)","v":5483.5199999999995}]
["6104B06B","Beef","RM",30041,"BEEF STRIPLOIN BNLS AAH 0X1 FR","6104B06",86.6,null,null,null,{"$f":"IF(ISNA(VLOOKUP($D:$D,rend,2,FALSE))=FALSE,VLOOKUP($D:$D,rend,2,FALSE),\"\")","v":0.88183150735637195},{"$f":"IF($C76=\"RM\",IF(ISNA(VLOOKUP($F$2:$F$478,pos,2,FALSE))=FALSE,VLOOKUP($F76:$F$478,pos,2,FALSE),IF(ISNA(VLOOKUP($F$2:$F$478,lot,2,FALSE))=FALSE,VLOOKUP($F$2:$F$478,lot,2,FALSE),\"MANQUANT\")),\"\")","v":"PO-0021707"},{"$f":"IF($C76=\"RM\",IF(ISNA(VLOOKUP($F$2:$F$478,pos,3,FALSE))=FALSE,VLOOKUP($F76:$F539,pos,3,FALSE),\"OP\"),\"\")","v":"RETA"},{"$f":"IF($C76=\"RM\",IF(ISNA(VLOOKUP($F76:$F$471,pos,4,FALSE))=FALSE,VLOOKUP($F$2:$F$471,pos,4,FALSE),\"\"),\"\")","v":778.95417799999996},{"$f":"IF($C76=\"RM\",IF(ISNA(VLOOKUP($F$2:$F$478,pos,5,FALSE))=FALSE,VLOOKUP($F$2:$F$478,pos,5,FALSE),IF(ISNA(VLOOKUP($F$2:$F$478,lot,5,FALSE))=FALSE,VLOOKUP($F$2:$F$478,lot,5,FALSE),0)),\"\")","v":17.39},{"$f":"IF($H76>0,VLOOKUP($D:$D,prix,15,FALSE),\"\")","v":""},{"$f":"IF($C76=\"RM\",$O76*$G76,\"\")","v":1505.9739999999999},{"$f":"IF($H76>0,$H76*$P76,\"\")","v":""},null,{"$f":"IF($F76>0,VALUE(LEFT($F76,4)),\"\")","v":6104},{"$f":"IF(F76>0,IF(ISERROR(SEARCH(\"*FZ*\",$E76))=FALSE,\"FZ\",IF(ISERROR(SEARCH(\"*FR*\",$E76))=FALSE,\"FR\",\"Aucun\")),\"\")","v":"FR"},{"$f":"IF($C76=\"RM\",IF($U76=\"FR\",IF(ISNA(VLOOKUP($F:$F,lot,6,FALSE))=TRUE,VLOOKUP($T:$T,date,2,FALSE),VLOOKUP($F:$F,lot,6,FALSE)),\"\"),\"\")","v":"2016-03-02"},{"$f":"IF($C76=\"RM\",IF($U76=\"Fz\",IF(ISNA(VLOOKUP($F:$F,lot,6,FALSE))=TRUE,VLOOKUP($T:$T,date,2,FALSE),VLOOKUP($F:$F,lot,6,FALSE)),\"\"),\"\")","v":""},{"$f":"IF($C76=\"FG\",VLOOKUP($A:$A,op,4,FALSE),\"\")","v":""},"2016-04-26",{"$f":"IF(C76=\"rm\",IF(U76=\"aucun\",\"OK\",IF(U76=\"fz\",IF(Y76-W76>730,Y76-W76,\"OK\"),IF(Y76-V76<1,1,Y76-V76))),\"\")","v":55}]
["6104B06B","Beef","FG",31211,"*AAA ANGUS *UNIT STRIPLOIN STEAKS *VACUUM* FR @P","6104B061","",41.28,null,null,{"$f":"IF(ISNA(VLOOKUP($D:$D,rend,2,FALSE))=FALSE,VLOOKUP($D:$D,rend,2,FALSE),\"\")","v":0.87525896488713095},{"$f":"IF($C77=\"RM\",IF(ISNA(VLOOKUP($F$2:$F$478,pos,2,FALSE))=FALSE,VLOOKUP($F77:$F$478,pos,2,FALSE),IF(ISNA(VLOOKUP($F$2:$F$478,lot,2,FALSE))=FALSE,VLOOKUP($F$2:$F$478,lot,2,FALSE),\"MANQUANT\")),\"\")","v":""},{"$f":"IF($C77=\"RM\",IF(ISNA(VLOOKUP($F$2:$F$478,pos,3,FALSE))=FALSE,VLOOKUP($F77:$F540,pos,3,FALSE),\"OP\"),\"\")","v":""},{"$f":"IF($C77=\"RM\",IF(ISNA(VLOOKUP($F77:$F$471,pos,4,FALSE))=FALSE,VLOOKUP($F$2:$F$471,pos,4,FALSE),\"\"),\"\")","v":""},{"$f":"IF($C77=\"RM\",IF(ISNA(VLOOKUP($F$2:$F$478,pos,5,FALSE))=FALSE,VLOOKUP($F$2:$F$478,pos,5,FALSE),IF(ISNA(VLOOKUP($F$2:$F$478,lot,5,FALSE))=FALSE,VLOOKUP($F$2:$F$478,lot,5,FALSE),0)),\"\")","v":""},{"$f":"IF($H77>0,VLOOKUP($D:$D,prix,15,FALSE),\"\")","v":29.5},{"$f":"IF($C77=\"RM\",$O77*$G77,\"\")","v":""},{"$f":"IF($H77>0,$H77*$P77,\"\")","v":1217.76},null,{"$f":"IF($F77>0,VALUE(LEFT($F77,4)),\"\")","v":6104},{"$f":"IF(F77>0,IF(ISERROR(SEARCH(\"*FZ*\",$E77))=FALSE,\"FZ\",IF(ISERROR(SEARCH(\"*FR*\",$E77))=FALSE,\"FR\",\"Aucun\")),\"\")","v":"FR"},{"$f":"IF($C77=\"RM\",IF($U77=\"FR\",IF(ISNA(VLOOKUP($F:$F,lot,6,FALSE))=TRUE,VLOOKUP($T:$T,date,2,FALSE),VLOOKUP($F:$F,lot,6,FALSE)),\"\"),\"\")","v":""},{"$f":"IF($C77=\"RM\",IF($U77=\"Fz\",IF(ISNA(VLOOKUP($F:$F,lot,6,FALSE))=TRUE,VLOOKUP($T:$T,date,2,FALSE),VLOOKUP($F:$F,lot,6,FALSE)),\"\"),\"\")","v":""},{"$f":"IF($C77=\"FG\",VLOOKUP($A:$A,op,4,FALSE),\"\")","v":{"$error":"#N/A"}},"2016-04-26",{"$f":"IF(C77=\"rm\",IF(U77=\"aucun\",\"OK\",IF(U77=\"fz\",IF(Y77-W77>730,Y77-W77,\"OK\"),IF(Y77-V77<1,1,Y77-V77))),\"\")","v":""}]
["6104B06B","Beef","FG",31206,"UNIT STRIPLOIN SL*FRESH*VACUUM AA FR @P","6104B062","",2.54,null,null,{"$f":"IF(ISNA(VLOOKUP($D:$D,rend,2,FALSE))=FALSE,VLOOKUP($D:$D,rend,2,FALSE),\"\")","v":0.87394397293319104},{"$f":"IF($C78=\"RM\",IF(ISNA(VLOOKUP($F$2:$F$478,pos,2,FALSE))=FALSE,VLOOKUP($F78:$F$478,pos,2,FALSE),IF(ISNA(VLOOKUP($F$2:$F$478,lot,2,FALSE))=FALSE,VLOOKUP($F$2:$F$478,lot,2,FALSE),\"MANQUANT\")),\"\")","v":""},{"$f":"IF($C78=\"RM\",IF(ISNA(VLOOKUP($F$2:$F$478,pos,3,FALSE))=FALSE,VLOOKUP($F78:$F541,pos,3,FALSE),\"OP\"),\"\")","v":""},{"$f":"IF($C78=\"RM\",IF(ISNA(VLOOKUP($F78:$F$471,pos,4,FALSE))=FALSE,VLOOKUP($F$2:$F$471,pos,4,FALSE),\"\"),\"\")","v":""},{"$f":"IF($C78=\"RM\",IF(ISNA(VLOOKUP($F$2:$F$478,pos,5,FALSE))=FALSE,VLOOKUP($F$2:$F$478,pos,5,FALSE),IF(ISNA(VLOOKUP($F$2:$F$478,lot,5,FALSE))=FALSE,VLOOKUP($F$2:$F$478,lot,5,FALSE),0)),\"\")","v":""},{"$f":"IF($H78>0,VLOOKUP($D:$D,prix,15,FALSE),\"\")","v":25},{"$f":"IF($C78=\"RM\",$O78*$G78,\"\")","v":""},{"$f":"IF($H78>0,$H78*$P78,\"\")","v":63.5},null,{"$f":"IF($F78>0,VALUE(LEFT($F78,4)),\"\")","v":6104},{"$f":"IF(F78>0,IF(ISERROR(SEARCH(\"*FZ*\",$E78))=FALSE,\"FZ\",IF(ISERROR(SEARCH(\"*FR*\",$E78))=FALSE,\"FR\",\"Aucun\")),\"\")","v":"FR"},{"$f":"IF($C78=\"RM\",IF($U78=\"FR\",IF(ISNA(VLOOKUP($F:$F,lot,6,FALSE))=TRUE,VLOOKUP($T:$T,date,2,FALSE),VLOOKUP($F:$F,lot,6,FALSE)),\"\"),\"\")","v":""},{"$f":"IF($C78=\"RM\",IF($U78=\"Fz\",IF(ISNA(VLOOKUP($F:$F,lot,6,FALSE))=TRUE,VLOOKUP($T:$T,date,2,FALSE),VLOOKUP($F:$F,lot,6,FALSE)),\"\"),\"\")","v":""},{"$f":"IF($C78=\"FG\",VLOOKUP($A:$A,op,4,FALSE),\"\")","v":{"$error":"#N/A"}},"2016-04-26",{"$f":"IF(C78=\"rm\",IF(U78=\"aucun\",\"OK\",IF(U78=\"fz\",IF(Y78-W78>730,Y78-W78,\"OK\"),IF(Y78-V78<1,1,Y78-V78))),\"\")","v":""}]
["6104B06B","Beef","FG",31500,"BEEF HOUSE TRIMMINGS FR @P","6104B063","",19.32,null,null,{"$f":"IF(ISNA(VLOOKUP($D:$D,rend,2,FALSE))=FALSE,VLOOKUP($D:$D,rend,2,FALSE),\"\")","v":0.92196671697625909},{"$f":"IF($C79=\"RM\",IF(ISNA(VLOOKUP($F$2:$F$478,pos,2,FALSE))=FALSE,VLOOKUP($F79:$F$478,pos,2,FALSE),IF(ISNA(VLOOKUP($F$2:$F$478,lot,2,FALSE))=FALSE,VLOOKUP($F$2:$F$478,lot,2,FALSE),\"MANQUANT\")),\"\")","v":""},{"$f":"IF($C79=\"RM\",IF(ISNA(VLOOKUP($F$2:$F$478,pos,3,FALSE))=FALSE,VLOOKUP($F79:$F542,pos,3,FALSE),\"OP\"),\"\")","v":""},{"$f":"IF($C79=\"RM\",IF(ISNA(VLOOKUP($F79:$F$471,pos,4,FALSE))=FALSE,VLOOKUP($F$2:$F$471,pos,4,FALSE),\"\"),\"\")","v":""},{"$f":"IF($C79=\"RM\",IF(ISNA(VLOOKUP($F$2:$F$478,pos,5,FALSE))=FALSE,VLOOKUP($F$2:$F$478,pos,5,FALSE),IF(ISNA(VLOOKUP($F$2:$F$478,lot,5,FALSE))=FALSE,VLOOKUP($F$2:$F$478,lot,5,FALSE),0)),\"\")","v":""},{"$f":"IF($H79>0,VLOOKUP($D:$D,prix,15,FALSE),\"\")","v":10},{"$f":"IF($C79=\"RM\",$O79*$G79,\"\")","v":""},{"$f":"IF($H79>0,$H79*$P79,\"\")","v":193.2},null,{"$f":"IF($F79>0,VALUE(LEFT($F79,4)),\"\")","v":6104},{"$f":"IF(F79>0,IF(ISERROR(SEARCH(\"*FZ*\",$E79))=FALSE,\"FZ\",IF(ISERROR(SEARCH(\"*FR*\",$E79))=FALSE,\"FR\",\"Aucun\")),\"\")","v":"FR"},{"$f":"IF($C79=\"RM\",IF($U79=\"FR\",IF(ISNA(VLOOKUP($F:$F,lot,6,FALSE))=TRUE,VLOOKUP($T:$T,date,2,FALSE),VLOOKUP($F:$F,lot,6,FALSE)),\"\"),\"\")","v":""},{"$f":"IF($C79=\"RM\",IF($U79=\"Fz\",IF(ISNA(VLOOKUP($F:$F,lot,6,FALSE))=TRUE,VLOOKUP($T:$T,date,2,FALSE),VLOOKUP($F:$F,lot,6,FALSE)),\"\"),\"\")","v":""},{"$f":"IF($C79=\"FG\",VLOOKUP($A:$A,op,4,FALSE),\"\")","v":{"$error":"#N/A"}},"2016-04-26",{"$f":"IF(C79=\"rm\",IF(U79=\"aucun\",\"OK\",IF(U79=\"fz\",IF(Y79-W79>730,Y79-W79,\"OK\"),IF(Y79-V79<1,1,Y79-V79))),\"\")","v":""}]
["6104B06B","Beef","FG",99990,"8OZ-BEEF STRIPLOIN STEAKS*PROMO* 20 X 1 COV*AA**4.54KG/CS FZ #D","6104B064","",13.62,null,null,{"$f":"IF(ISNA(VLOOKUP($D:$D,rend,2,FALSE))=FALSE,VLOOKUP($D:$D,rend,2,FALSE),\"\")","v":0.87629430221235483},{"$f":"IF($C80=\"RM\",IF(ISNA(VLOOKUP($F$2:$F$478,pos,2,FALSE))=FALSE,VLOOKUP($F80:$F$478,pos,2,FALSE),IF(ISNA(VLOOKUP($F$2:$F$478,lot,2,FALSE))=FALSE,VLOOKUP($F$2:$F$478,lot,2,FALSE),\"MANQUANT\")),\"\")","v":""},{"$f":"IF($C80=\"RM\",IF(ISNA(VLOOKUP($F$2:$F$478,pos,3,FALSE))=FALSE,VLOOKUP($F80:$F543,pos,3,FALSE),\"OP\"),\"\")","v":""},{"$f":"IF($C80=\"RM\",IF(ISNA(VLOOKUP($F80:$F$471,pos,4,FALSE))=FALSE,VLOOKUP($F$2:$F$471,pos,4,FALSE),\"\"),\"\")","v":""},{"$f":"IF($C80=\"RM\",IF(ISNA(VLOOKUP($F$2:$F$478,pos,5,FALSE))=FALSE,VLOOKUP($F$2:$F$478,pos,5,FALSE),IF(ISNA(VLOOKUP($F$2:$F$478,lot,5,FALSE))=FALSE,VLOOKUP($F$2:$F$478,lot,5,FALSE),0)),\"\")","v":""},{"$f":"IF($H80>0,VLOOKUP($D:$D,prix,15,FALSE),\"\")","v":25},{"$f":"IF($C80=\"RM\",$O80*$G80,\"\")","v":""},{"$f":"IF($H80>0,$H80*$P80,\"\")","v":340.5},null,{"$f":"IF($F80>0,VALUE(LEFT($F80,4)),\"\")","v":6104},{"$f":"IF(F80>0,IF(ISERROR(SEARCH(\"*FZ*\",$E80))=FALSE,\"FZ\",IF(ISERROR(SEARCH(\"*FR*\",$E80))=FALSE,\"FR\",\"Aucun\")),\"\")","v":"FZ"},{"$f":"IF($C80=\"RM\",IF($U80=\"FR\",IF(ISNA(VLOOKUP($F:$F,lot,6,FALSE))=TRUE,VLOOKUP($T:$T,date,2,FALSE),VLOOKUP($F:$F,lot,6,FALSE)),\"\"),\"\")","v":""},{"$f":"IF($C80=\"RM\",IF($U80=\"Fz\",IF(ISNA(VLOOKUP($F:$F,lot,6,FALSE))=TRUE,VLOOKUP($T:$T,date,2,FALSE),VLOOKUP($F:$F,lot,6,FALSE)),\"\"),\"\")","v":""},{"$f":"IF($C80=\"FG\",VLOOKUP($A:$A,op,4,FALSE),\"\")","v":{"$error":"#N/A"}},"2016-04-26",{"$f":"IF(C80=\"rm\",IF(U80=\"aucun\",\"OK\",IF(U80=\"fz\",IF(Y80-W80>730,Y80-W80,\"OK\"),IF(Y80-V80<1,1,Y80-V80))),\"\")","v":""}]
["6104B06B","Beef","FG",31507,"BEEF STRIPLOIN STEAK *IN PROCESS* 33150, 99990, 31412 FR","6104B065","",10.08,null,null,{"$f":"IF(ISNA(VLOOKUP($D:$D,rend,2,FALSE))=FALSE,VLOOKUP($D:$D,rend,2,FALSE),\"\")","v":0.89945663749015448},{"$f":"IF($C81=\"RM\",IF(ISNA(VLOOKUP($F$2:$F$478,pos,2,FALSE))=FALSE,VLOOKUP($F81:$F$478,pos,2,FALSE),IF(ISNA(VLOOKUP($F$2:$F$478,lot,2,FALSE))=FALSE,VLOOKUP($F$2:$F$478,lot,2,FALSE),\"MANQUANT\")),\"\")","v":""},{"$f":"IF($C81=\"RM\",IF(ISNA(VLOOKUP($F$2:$F$478,pos,3,FALSE))=FALSE,VLOOKUP($F81:$F544,pos,3,FALSE),\"OP\"),\"\")","v":""},{"$f":"IF($C81=\"RM\",IF(ISNA(VLOOKUP($F81:$F$471,pos,4,FALSE))=FALSE,VLOOKUP($F$2:$F$471,pos,4,FALSE),\"\"),\"\")","v":""},{"$f":"IF($C81=\"RM\",IF(ISNA(VLOOKUP($F$2:$F$478,pos,5,FALSE))=FALSE,VLOOKUP($F$2:$F$478,pos,5,FALSE),IF(ISNA(VLOOKUP($F$2:$F$478,lot,5,FALSE))=FALSE,VLOOKUP($F$2:$F$478,lot,5,FALSE),0)),\"\")","v":""},{"$f":"IF($H81>0,VLOOKUP($D:$D,prix,15,FALSE),\"\")","v":22},{"$f":"IF($C81=\"RM\",$O81*$G81,\"\")","v":""},{"$f":"IF($H81>0,$H81*$P81,\"\")","v":221.76},null,{"$f":"IF($F81>0,VALUE(LEFT($F81,4)),\"\")","v":6104},{"$f":"IF(F81>0,IF(ISERROR(SEARCH(\"*FZ*\",$E81))=FALSE,\"FZ\",IF(ISERROR(SEARCH(\"*FR*\",$E81))=FALSE,\"FR\",\"Aucun\")),\"\")","v":"FR"},{"$f":"IF($C81=\"RM\",IF($U81=\"FR\",IF(ISNA(VLOOKUP($F:$F,lot,6,FALSE))=TRUE,VLOOKUP($T:$T,date,2,FALSE),VLOOKUP($F:$F,lot,6,FALSE)),\"\"),\"\")","v":""},{"$f":"IF($C81=\"RM\",IF($U81=\"Fz\",IF(ISNA(VLOOKUP($F:$F,lot,6,FALSE))=TRUE,VLOOKUP($T:$T,date,2,FALSE),VLOOKUP($F:$F,lot,6,FALSE)),\"\"),\"\")","v":""},{"$f":"IF($C81=\"FG\",VLOOKUP($A:$A,op,4,FALSE),\"\")","v":{"$error":"#N/A"}},"2016-04-26",{"$f":"IF(C81=\"rm\",IF(U81=\"aucun\",\"OK\",IF(U81=\"fz\",IF(Y81-W81>730,Y81-W81,\"OK\"),IF(Y81-V81<1,1,Y81-V81))),\"\")","v":""}]
["6104B06B Total",null,null,null,null,null,{"$f":"SUBTOTAL(9,G76:G81)","v":86.6},{"$f":"SUBTOTAL(9,H76:H81)","v":86.84},null,null,null,null,null,null,null,null,{"$f":"SUBTOTAL(9,Q76:Q81)","v":1505.9739999999999},{"$f":"SUBTOTAL(9,R76:R81)","v":2036.72}]
["6106B03B","Beef","RM",30312,"BEEF SHOULDER FLAT IRON**RM**A+ FR #D","6106b03",78.91,null,null,null,{"$f":"IF(ISNA(VLOOKUP($D:$D,rend,2,FALSE))=FALSE,VLOOKUP($D:$D,rend,2,FALSE),\"\")","v":0.90690168349131051},{"$f":"IF($C83=\"RM\",IF(ISNA(VLOOKUP($F$2:$F$478,pos,2,FALSE))=FALSE,VLOOKUP($F83:$F$478,pos,2,FALSE),IF(ISNA(VLOOKUP($F$2:$F$478,lot,2,FALSE))=FALSE,VLOOKUP($F$2:$F$478,lot,2,FALSE),\"MANQUANT\")),\"\")","v":"PO-0021526"},{"$f":"IF($C83=\"RM\",IF(ISNA(VLOOKUP($F$2:$F$478,pos,3,FALSE))=FALSE,VLOOKUP($F83:$F545,pos,3,FALSE),\"OP\"),\"\")","v":"DECA"},{"$f":"IF($C83=\"RM\",IF(ISNA(VLOOKUP($F83:$F$471,pos,4,FALSE))=FALSE,VLOOKUP($F$2:$F$471,pos,4,FALSE),\"\"),\"\")","v":195.53},{"$f":"IF($C83=\"RM\",IF(ISNA(VLOOKUP($F$2:$F$478,pos,5,FALSE))=FALSE,VLOOKUP($F$2:$F$478,pos,5,FALSE),IF(ISNA(VLOOKUP($F$2:$F$478,lot,5,FALSE))=FALSE,VLOOKUP($F$2:$F$478,lot,5,FALSE),0)),\"\")","v":9.39},{"$f":"IF($H83>0,VLOOKUP($D:$D,prix,15,FALSE),\"\")","v":""},{"$f":"IF($C83=\"RM\",$O83*$G83,\"\")","v":740.96490000000006},{"$f":"IF($H83>0,$H83*$P83,\"\")","v":""},null,{"$f":"IF($F83>0,VALUE(LEFT($F83,4)),\"\")","v":6106},{"$f":"IF(F83>0,IF(ISERROR(SEARCH(\"*FZ*\",$E83))=FALSE,\"FZ\",IF(ISERROR(SEARCH(\"*FR*\",$E83))=FALSE,\"FR\",\"Aucun\")),\"\")","v":"FR"},{"$f":"IF($C83=\"RM\",IF($U83=\"FR\",IF(ISNA(VLOOKUP($F:$F,lot,6,FALSE))=TRUE,VLOOKUP($T:$T,date,2,FALSE),VLOOKUP($F:$F,lot,6,FALSE)),\"\"),\"\")","v":"2016-03-04"},{"$f":"IF($C83=\"RM\",IF($U83=\"Fz\",IF(ISNA(VLOOKUP($F:$F,lot,6,FALSE))=TRUE,VLOOKUP($T:$T,date,2,FALSE),VLOOKUP($F:$F,lot,6,FALSE)),\"\"),\"\")","v":""},{"$f":"IF($C83=\"FG\",VLOOKUP($A:$A,op,4,FALSE),\"\")","v":""},"2016-04-26",{"$f":"IF(C83=\"rm\",IF(U83=\"aucun\",\"OK\",IF(U83=\"fz\",IF(Y83-W83>730,Y83-W83,\"OK\"),IF(Y83-V83<1,1,Y83-V83))),\"\")","v":53}]
["6106B03B","Beef","FG",33302,"BEEF SHOULDER FLAT IRON STEAKS AA**36 X 8 OZ VACX1*BOITE BLANCHE FR #D","6106B033","",11.3,null,null,{"$f":"IF(ISNA(VLOOKUP($D:$D,rend,2,FALSE))=FALSE,VLOOKUP($D:$D,rend,2,FALSE),\"\")","v":0.86411265706955798},{"$f":"IF($C84=\"RM\",IF(ISNA(VLOOKUP($F$2:$F$478,pos,2,FALSE))=FALSE,VLOOKUP($F84:$F$478,pos,2,FALSE),IF(ISNA(VLOOKUP($F$2:$F$478,lot,2,FALSE))=FALSE,VLOOKUP($F$2:$F$478,lot,2,FALSE),\"MANQUANT\")),\"\")","v":""},{"$f":"IF($C84=\"RM\",IF(ISNA(VLOOKUP($F$2:$F$478,pos,3,FALSE))=FALSE,VLOOKUP($F84:$F546,pos,3,FALSE),\"OP\"),\"\")","v":""},{"$f":"IF($C84=\"RM\",IF(ISNA(VLOOKUP($F84:$F$471,pos,4,FALSE))=FALSE,VLOOKUP($F$2:$F$471,pos,4,FALSE),\"\"),\"\")","v":""},{"$f":"IF($C84=\"RM\",IF(ISNA(VLOOKUP($F$2:$F$478,pos,5,FALSE))=FALSE,VLOOKUP($F$2:$F$478,pos,5,FALSE),IF(ISNA(VLOOKUP($F$2:$F$478,lot,5,FALSE))=FALSE,VLOOKUP($F$2:$F$478,lot,5,FALSE),0)),\"\")","v":""},{"$f":"IF($H84>0,VLOOKUP($D:$D,prix,15,FALSE),\"\")","v":20},{"$f":"IF($C84=\"RM\",$O84*$G84,\"\")","v":""},{"$f":"IF($H84>0,$H84*$P84,\"\")","v":226},null,{"$f":"IF($F84>0,VALUE(LEFT($F84,4)),\"\")","v":6106},{"$f":"IF(F84>0,IF(ISERROR(SEARCH(\"*FZ*\",$E84))=FALSE,\"FZ\",IF(ISERROR(SEARCH(\"*FR*\",$E84))=FALSE,\"FR\",\"Aucun\")),\"\")","v":"FR"},{"$f":"IF($C84=\"RM\",IF($U84=\"FR\",IF(ISNA(VLOOKUP($F:$F,lot,6,FALSE))=TRUE,VLOOKUP($T:$T,date,2,FALSE),VLOOKUP($F:$F,lot,6,FALSE)),\"\"),\"\")","v":""},{"$f":"IF($C84=\"RM\",IF($U84=\"Fz\",IF(ISNA(VLOOKUP($F:$F,lot,6,FALSE))=TRUE,VLOOKUP($T:$T,date,2,FALSE),VLOOKUP($F:$F,lot,6,FALSE)),\"\"),\"\")","v":""},{"$f":"IF($C84=\"FG\",VLOOKUP($A:$A,op,4,FALSE),\"\")","v":{"$error":"#N/A"}},"2016-04-26",{"$f":"IF(C84=\"rm\",IF(U84=\"aucun\",\"OK\",IF(U84=\"fz\",IF(Y84-W84>730,Y84-W84,\"OK\"),IF(Y84-V84<1,1,Y84-V84))),\"\")","v":""}]
["6106B03B","Beef","FG",33311,"BEEF FLAT IRON STEAK AAA**12 X 285GR (A+ PORTION 12/CS) FR","6106B034","",27.92,null,null,{"$f":"IF(ISNA(VLOOKUP($D:$D,rend,2,FALSE))=FALSE,VLOOKUP($D:$D,rend,2,FALSE),\"\")","v":0.88320508381822438},{"$f":"IF($C85=\"RM\",IF(ISNA(VLOOKUP($F$2:$F$478,pos,2,FALSE))=FALSE,VLOOKUP($F85:$F$478,pos,2,FALSE),IF(ISNA(VLOOKUP($F$2:$F$478,lot,2,FALSE))=FALSE,VLOOKUP($F$2:$F$478,lot,2,FALSE),\"MANQUANT\")),\"\")","v":""},{"$f":"IF($C85=\"RM\",IF(ISNA(VLOOKUP($F$2:$F$478,pos,3,FALSE))=FALSE,VLOOKUP($F85:$F547,pos,3,FALSE),\"OP\"),\"\")","v":""},{"$f":"IF($C85=\"RM\",IF(ISNA(VLOOKUP($F85:$F$471,pos,4,FALSE))=FALSE,VLOOKUP($F$2:$F$471,pos,4,FALSE),\"\"),\"\")","v":""},{"$f":"IF($C85=\"RM\",IF(ISNA(VLOOKUP($F$2:$F$478,pos,5,FALSE))=FALSE,VLOOKUP($F$2:$F$478,pos,5,FALSE),IF(ISNA(VLOOKUP($F$2:$F$478,lot,5,FALSE))=FALSE,VLOOKUP($F$2:$F$478,lot,5,FALSE),0)),\"\")","v":""},{"$f":"IF($H85>0,VLOOKUP($D:$D,prix,15,FALSE),\"\")","v":19.95},{"$f":"IF($C85=\"RM\",$O85*$G85,\"\")","v":""},{"$f":"IF($H85>0,$H85*$P85,\"\")","v":557.00400000000002},null,{"$f":"IF($F85>0,VALUE(LEFT($F85,4)),\"\")","v":6106},{"$f":"IF(F85>0,IF(ISERROR(SEARCH(\"*FZ*\",$E85))=FALSE,\"FZ\",IF(ISERROR(SEARCH(\"*FR*\",$E85))=FALSE,\"FR\",\"Aucun\")),\"\")","v":"FR"},{"$f":"IF($C85=\"RM\",IF($U85=\"FR\",IF(ISNA(VLOOKUP($F:$F,lot,6,FALSE))=TRUE,VLOOKUP($T:$T,date,2,FALSE),VLOOKUP($F:$F,lot,6,FALSE)),\"\"),\"\")","v":""},{"$f":"IF($C85=\"RM\",IF($U85=\"Fz\",IF(ISNA(VLOOKUP($F:$F,lot,6,FALSE))=TRUE,VLOOKUP($T:$T,date,2,FALSE),VLOOKUP($F:$F,lot,6,FALSE)),\"\"),\"\")","v":""},{"$f":"IF($C85=\"FG\",VLOOKUP($A:$A,op,4,FALSE),\"\")","v":{"$error":"#N/A"}},"2016-04-26",{"$f":"IF(C85=\"rm\",IF(U85=\"aucun\",\"OK\",IF(U85=\"fz\",IF(Y85-W85>730,Y85-W85,\"OK\"),IF(Y85-V85<1,1,Y85-V85))),\"\")","v":""}]
["6106B03B","Beef","FG",31500,"BEEF HOUSE TRIMMINGS FR @P","6106B035","",17.68,null,null,{"$f":"IF(ISNA(VLOOKUP($D:$D,rend,2,FALSE))=FALSE,VLOOKUP($D:$D,rend,2,FALSE),\"\")","v":0.92196671697625909},{"$f":"IF($C86=\"RM\",IF(ISNA(VLOOKUP($F$2:$F$478,pos,2,FALSE))=FALSE,VLOOKUP($F86:$F$478,pos,2,FALSE),IF(ISNA(VLOOKUP($F$2:$F$478,lot,2,FALSE))=FALSE,VLOOKUP($F$2:$F$478,lot,2,FALSE),\"MANQUANT\")),\"\")","v":""},{"$f":"IF($C86=\"RM\",IF(ISNA(VLOOKUP($F$2:$F$478,pos,3,FALSE))=FALSE,VLOOKUP($F86:$F548,pos,3,FALSE),\"OP\"),\"\")","v":""},{"$f":"IF($C86=\"RM\",IF(ISNA(VLOOKUP($F86:$F$471,pos,4,FALSE))=FALSE,VLOOKUP($F$2:$F$471,pos,4,FALSE),\"\"),\"\")","v":""},{"$f":"IF($C86=\"RM\",IF(ISNA(VLOOKUP($F$2:$F$478,pos,5,FALSE))=FALSE,VLOOKUP($F$2:$F$478,pos,5,FALSE),IF(ISNA(VLOOKUP($F$2:$F$478,lot,5,FALSE))=FALSE,VLOOKUP($F$2:$F$478,lot,5,FALSE),0)),\"\")","v":""},{"$f":"IF($H86>0,VLOOKUP($D:$D,prix,15,FALSE),\"\")","v":10},{"$f":"IF($C86=\"RM\",$O86*$G86,\"\")","v":""},{"$f":"IF($H86>0,$H86*$P86,\"\")","v":176.8},null,{"$f":"IF($F86>0,VALUE(LEFT($F86,4)),\"\")","v":6106},{"$f":"IF(F86>0,IF(ISERROR(SEARCH(\"*FZ*\",$E86))=FALSE,\"FZ\",IF(ISERROR(SEARCH(\"*FR*\",$E86))=FALSE,\"FR\",\"Aucun\")),\"\")","v":"FR"},{"$f":"IF($C86=\"RM\",IF($U86=\"FR\",IF(ISNA(VLOOKUP($F:$F,lot,6,FALSE))=TRUE,VLOOKUP($T:$T,date,2,FALSE),VLOOKUP($F:$F,lot,6,FALSE)),\"\"),\"\")","v":""},{"$f":"IF($C86=\"RM\",IF($U86=\"Fz\",IF(ISNA(VLOOKUP($F:$F,lot,6,FALSE))=TRUE,VLOOKUP($T:$T,date,2,FALSE),VLOOKUP($F:$F,lot,6,FALSE)),\"\"),\"\")","v":""},{"$f":"IF($C86=\"FG\",VLOOKUP($A:$A,op,4,FALSE),\"\")","v":{"$error":"#N/A"}},"2016-04-26",{"$f":"IF(C86=\"rm\",IF(U86=\"aucun\",\"OK\",IF(U86=\"fz\",IF(Y86-W86>730,Y86-W86,\"OK\"),IF(Y86-V86<1,1,Y86-V86))),\"\")","v":""}]
["6106B03B","Beef","FG",31505,"BEEF CUBES *IN PROCESS* CODE: 30314, 30304 FR","6106B036","",8.3800000000000008,null,null,{"$f":"IF(ISNA(VLOOKUP($D:$D,rend,2,FALSE))=FALSE,VLOOKUP($D:$D,rend,2,FALSE),\"\")","v":0.93787246963190563},{"$f":"IF($C87=\"RM\",IF(ISNA(VLOOKUP($F$2:$F$478,pos,2,FALSE))=FALSE,VLOOKUP($F87:$F$478,pos,2,FALSE),IF(ISNA(VLOOKUP($F$2:$F$478,lot,2,FALSE))=FALSE,VLOOKUP($F$2:$F$478,lot,2,FALSE),\"MANQUANT\")),\"\")","v":""},{"$f":"IF($C87=\"RM\",IF(ISNA(VLOOKUP($F$2:$F$478,pos,3,FALSE))=FALSE,VLOOKUP($F87:$F549,pos,3,FALSE),\"OP\"),\"\")","v":""},{"$f":"IF($C87=\"RM\",IF(ISNA(VLOOKUP($F87:$F$471,pos,4,FALSE))=FALSE,VLOOKUP($F$2:$F$471,pos,4,FALSE),\"\"),\"\")","v":""},{"$f":"IF($C87=\"RM\",IF(ISNA(VLOOKUP($F$2:$F$478,pos,5,FALSE))=FALSE,VLOOKUP($F$2:$F$478,pos,5,FALSE),IF(ISNA(VLOOKUP($F$2:$F$478,lot,5,FALSE))=FALSE,VLOOKUP($F$2:$F$478,lot,5,FALSE),0)),\"\")","v":""},{"$f":"IF($H87>0,VLOOKUP($D:$D,prix,15,FALSE),\"\")","v":11},{"$f":"IF($C87=\"RM\",$O87*$G87,\"\")","v":""},{"$f":"IF($H87>0,$H87*$P87,\"\")","v":92.18},null,{"$f":"IF($F87>0,VALUE(LEFT($F87,4)),\"\")","v":6106},{"$f":"IF(F87>0,IF(ISERROR(SEARCH(\"*FZ*\",$E87))=FALSE,\"FZ\",IF(ISERROR(SEARCH(\"*FR*\",$E87))=FALSE,\"FR\",\"Aucun\")),\"\")","v":"FR"},{"$f":"IF($C87=\"RM\",IF($U87=\"FR\",IF(ISNA(VLOOKUP($F:$F,lot,6,FALSE))=TRUE,VLOOKUP($T:$T,date,2,FALSE),VLOOKUP($F:$F,lot,6,FALSE)),\"\"),\"\")","v":""},{"$f":"IF($C87=\"RM\",IF($U87=\"Fz\",IF(ISNA(VLOOKUP($F:$F,lot,6,FALSE))=TRUE,VLOOKUP($T:$T,date,2,FALSE),VLOOKUP($F:$F,lot,6,FALSE)),\"\"),\"\")","v":""},{"$f":"IF($C87=\"FG\",VLOOKUP($A:$A,op,4,FALSE),\"\")","v":{"$error":"#N/A"}},"2016-04-26",{"$f":"IF(C87=\"rm\",IF(U87=\"aucun\",\"OK\",IF(U87=\"fz\",IF(Y87-W87>730,Y87-W87,\"OK\"),IF(Y87-V87<1,1,Y87-V87))),\"\")","v":""}]
["6106B03B Total",null,null,null,null,null,{"$f":"SUBTOTAL(9,G83:G87)","v":78.91},{"$f":"SUBTOTAL(9,H83:H87)","v":65.28},null,null,null,null,null,null,null,null,{"$f":"SUBTOTAL(9,Q83:Q87)","v":740.96490000000006},{"$f":"SUBTOTAL(9,R83:R87)","v":1051.9840000000002}]
["6122B07B","Beef","RM",30009,"BEEF CHUCK TENDER*RAWMAT FR","6122B07",704.5,null,null,null,{"$f":"IF(ISNA(VLOOKUP($D:$D,rend,2,FALSE))=FALSE,VLOOKUP($D:$D,rend,2,FALSE),\"\")","v":0.94493587738841001},{"$f":"IF($C89=\"RM\",IF(ISNA(VLOOKUP($F$2:$F$478,pos,2,FALSE))=FALSE,VLOOKUP($F89:$F$478,pos,2,FALSE),IF(ISNA(VLOOKUP($F$2:$F$478,lot,2,FALSE))=FALSE,VLOOKUP($F$2:$F$478,lot,2,FALSE),\"MANQUANT\")),\"\")","v":"PO-0021651"},{"$f":"IF($C89=\"RM\",IF(ISNA(VLOOKUP($F$2:$F$478,pos,3,FALSE))=FALSE,VLOOKUP($F89:$F550,pos,3,FALSE),\"OP\"),\"\")","v":"C&C"},{"$f":"IF($C89=\"RM\",IF(ISNA(VLOOKUP($F89:$F$471,pos,4,FALSE))=FALSE,VLOOKUP($F$2:$F$471,pos,4,FALSE),\"\"),\"\")","v":2615.1799999999998},{"$f":"IF($C89=\"RM\",IF(ISNA(VLOOKUP($F$2:$F$478,pos,5,FALSE))=FALSE,VLOOKUP($F$2:$F$478,pos,5,FALSE),IF(ISNA(VLOOKUP($F$2:$F$478,lot,5,FALSE))=FALSE,VLOOKUP($F$2:$F$478,lot,5,FALSE),0)),\"\")","v":6.79},{"$f":"IF($H89>0,VLOOKUP($D:$D,prix,15,FALSE),\"\")","v":""},{"$f":"IF($C89=\"RM\",$O89*$G89,\"\")","v":4783.5550000000003},{"$f":"IF($H89>0,$H89*$P89,\"\")","v":""},null,{"$f":"IF($F89>0,VALUE(LEFT($F89,4)),\"\")","v":6122},{"$f":"IF(F89>0,IF(ISERROR(SEARCH(\"*FZ*\",$E89))=FALSE,\"FZ\",IF(ISERROR(SEARCH(\"*FR*\",$E89))=FALSE,\"FR\",\"Aucun\")),\"\")","v":"FR"},{"$f":"IF($C89=\"RM\",IF($U89=\"FR\",IF(ISNA(VLOOKUP($F:$F,lot,6,FALSE))=TRUE,VLOOKUP($T:$T,date,2,FALSE),VLOOKUP($F:$F,lot,6,FALSE)),\"\"),\"\")","v":"2016-03-14"},{"$f":"IF($C89=\"RM\",IF($U89=\"Fz\",IF(ISNA(VLOOKUP($F:$F,lot,6,FALSE))=TRUE,VLOOKUP($T:$T,date,2,FALSE),VLOOKUP($F:$F,lot,6,FALSE)),\"\"),\"\")","v":""},{"$f":"IF($C89=\"FG\",VLOOKUP($A:$A,op,4,FALSE),\"\")","v":""},"2016-04-26",{"$f":"IF(C89=\"rm\",IF(U89=\"aucun\",\"OK\",IF(U89=\"fz\",IF(Y89-W89>730,Y89-W89,\"OK\"),IF(Y89-V89<1,1,Y89-V89))),\"\")","v":43}]
["6122B07B","Beef","RM",31505,"BEEF CUBES *IN PROCESS* CODE: 30314, 30304 FR","6122B073",45,null,null,null,{"$f":"IF(ISNA(VLOOKUP($D:$D,rend,2,FALSE))=FALSE,VLOOKUP($D:$D,rend,2,FALSE),\"\")","v":0.93787246963190563},{"$f":"IF($C90=\"RM\",IF(ISNA(VLOOKUP($F$2:$F$478,pos,2,FALSE))=FALSE,VLOOKUP($F90:$F$478,pos,2,FALSE),IF(ISNA(VLOOKUP($F$2:$F$478,lot,2,FALSE))=FALSE,VLOOKUP($F$2:$F$478,lot,2,FALSE),\"MANQUANT\")),\"\")","v":"MANQUANT"},{"$f":"IF($C90=\"RM\",IF(ISNA(VLOOKUP($F$2:$F$478,pos,3,FALSE))=FALSE,VLOOKUP($F90:$F551,pos,3,FALSE),\"OP\"),\"\")","v":"OP"},{"$f":"IF($C90=\"RM\",IF(ISNA(VLOOKUP($F90:$F$471,pos,4,FALSE))=FALSE,VLOOKUP($F$2:$F$471,pos,4,FALSE),\"\"),\"\")","v":""},{"$f":"IF($C90=\"RM\",IF(ISNA(VLOOKUP($F$2:$F$478,pos,5,FALSE))=FALSE,VLOOKUP($F$2:$F$478,pos,5,FALSE),IF(ISNA(VLOOKUP($F$2:$F$478,lot,5,FALSE))=FALSE,VLOOKUP($F$2:$F$478,lot,5,FALSE),0)),\"\")","v":0},{"$f":"IF($H90>0,VLOOKUP($D:$D,prix,15,FALSE),\"\")","v":""},{"$f":"IF($C90=\"RM\",$O90*$G90,\"\")","v":0},{"$f":"IF($H90>0,$H90*$P90,\"\")","v":""},null,{"$f":"IF($F90>0,VALUE(LEFT($F90,4)),\"\")","v":6122},{"$f":"IF(F90>0,IF(ISERROR(SEARCH(\"*FZ*\",$E90))=FALSE,\"FZ\",IF(ISERROR(SEARCH(\"*FR*\",$E90))=FALSE,\"FR\",\"Aucun\")),\"\")","v":"FR"},{"$f":"IF($C90=\"RM\",IF($U90=\"FR\",IF(ISNA(VLOOKUP($F:$F,lot,6,FALSE))=TRUE,VLOOKUP($T:$T,date,2,FALSE),VLOOKUP($F:$F,lot,6,FALSE)),\"\"),\"\")","v":"2016-03-14"},{"$f":"IF($C90=\"RM\",IF($U90=\"Fz\",IF(ISNA(VLOOKUP($F:$F,lot,6,FALSE))=TRUE,VLOOKUP($T:$T,date,2,FALSE),VLOOKUP($F:$F,lot,6,FALSE)),\"\"),\"\")","v":""},{"$f":"IF($C90=\"FG\",VLOOKUP($A:$A,op,4,FALSE),\"\")","v":""},"2016-04-26",{"$f":"IF(C90=\"rm\",IF(U90=\"aucun\",\"OK\",IF(U90=\"fz\",IF(Y90-W90>730,Y90-W90,\"OK\"),IF(Y90-V90<1,1,Y90-V90))),\"\")","v":43}]
["6122B07B","Beef","RM",31505,"BEEF CUBES *IN PROCESS* CODE: 30314, 30304 FR","6125B1136",32.56,null,null,null,{"$f":"IF(ISNA(VLOOKUP($D:$D,rend,2,FALSE))=FALSE,VLOOKUP($D:$D,rend,2,FALSE),\"\")","v":0.93787246963190563},{"$f":"IF($C91=\"RM\",IF(ISNA(VLOOKUP($F$2:$F$478,pos,2,FALSE))=FALSE,VLOOKUP($F91:$F$478,pos,2,FALSE),IF(ISNA(VLOOKUP($F$2:$F$478,lot,2,FALSE))=FALSE,VLOOKUP($F$2:$F$478,lot,2,FALSE),\"MANQUANT\")),\"\")","v":"MANQUANT"},{"$f":"IF($C91=\"RM\",IF(ISNA(VLOOKUP($F$2:$F$478,pos,3,FALSE))=FALSE,VLOOKUP($F91:$F552,pos,3,FALSE),\"OP\"),\"\")","v":"OP"},{"$f":"IF($C91=\"RM\",IF(ISNA(VLOOKUP($F91:$F$471,pos,4,FALSE))=FALSE,VLOOKUP($F$2:$F$471,pos,4,FALSE),\"\"),\"\")","v":""},{"$f":"IF($C91=\"RM\",IF(ISNA(VLOOKUP($F$2:$F$478,pos,5,FALSE))=FALSE,VLOOKUP($F$2:$F$478,pos,5,FALSE),IF(ISNA(VLOOKUP($F$2:$F$478,lot,5,FALSE))=FALSE,VLOOKUP($F$2:$F$478,lot,5,FALSE),0)),\"\")","v":0},{"$f":"IF($H91>0,VLOOKUP($D:$D,prix,15,FALSE),\"\")","v":""},{"$f":"IF($C91=\"RM\",$O91*$G91,\"\")","v":0},{"$f":"IF($H91>0,$H91*$P91,\"\")","v":""},null,{"$f":"IF($F91>0,VALUE(LEFT($F91,4)),\"\")","v":6125},{"$f":"IF(F91>0,IF(ISERROR(SEARCH(\"*FZ*\",$E91))=FALSE,\"FZ\",IF(ISERROR(SEARCH(\"*FR*\",$E91))=FALSE,\"FR\",\"Aucun\")),\"\")","v":"FR"},{"$f":"IF($C91=\"RM\",IF($U91=\"FR\",IF(ISNA(VLOOKUP($F:$F,lot,6,FALSE))=TRUE,VLOOKUP($T:$T,date,2,FALSE),VLOOKUP($F:$F,lot,6,FALSE)),\"\"),\"\")","v":"2016-03-17"},{"$f":"IF($C91=\"RM\",IF($U91=\"Fz\",IF(ISNA(VLOOKUP($F:$F,lot,6,FALSE))=TRUE,VLOOKUP($T:$T,date,2,FALSE),VLOOKUP($F:$F,lot,6,FALSE)),\"\"),\"\")","v":""},{"$f":"IF($C91=\"FG\",VLOOKUP($A:$A,op,4,FALSE),\"\")","v":""},"2016-04-26",{"$f":"IF(C91=\"rm\",IF(U91=\"aucun\",\"OK\",IF(U91=\"fz\",IF(Y91-W91>730,Y91-W91,\"OK\"),IF(Y91-V91<1,1,Y91-V91))),\"\")","v":40}]
["6122B07B","Beef","FG",31505,"BEEF CUBES *IN PROCESS* CODE: 30314, 30304 FR","6122B073","",212.6,null,null,{"$f":"IF(ISNA(VLOOKUP($D:$D,rend,2,FALSE))=FALSE,VLOOKUP($D:$D,rend,2,FALSE),\"\")","v":0.93787246963190563},{"$f":"IF($C92=\"RM\",IF(ISNA(VLOOKUP($F$2:$F$478,pos,2,FALSE))=FALSE,VLOOKUP($F92:$F$478,pos,2,FALSE),IF(ISNA(VLOOKUP($F$2:$F$478,lot,2,FALSE))=FALSE,VLOOKUP($F$2:$F$478,lot,2,FALSE),\"MANQUANT\")),\"\")","v":""},{"$f":"IF($C92=\"RM\",IF(ISNA(VLOOKUP($F$2:$F$478,pos,3,FALSE))=FALSE,VLOOKUP($F92:$F553,pos,3,FALSE),\"OP\"),\"\")","v":""},{"$f":"IF($C92=\"RM\",IF(ISNA(VLOOKUP($F92:$F$471,pos,4,FALSE))=FALSE,VLOOKUP($F$2:$F$471,pos,4,FALSE),\"\"),\"\")","v":""},{"$f":"IF($C92=\"RM\",IF(ISNA(VLOOKUP($F$2:$F$478,pos,5,FALSE))=FALSE,VLOOKUP($F$2:$F$478,pos,5,FALSE),IF(ISNA(VLOOKUP($F$2:$F$478,lot,5,FALSE))=FALSE,VLOOKUP($F$2:$F$478,lot,5,FALSE),0)),\"\")","v":""},{"$f":"IF($H92>0,VLOOKUP($D:$D,prix,15,FALSE),\"\")","v":11},{"$f":"IF($C92=\"RM\",$O92*$G92,\"\")","v":""},{"$f":"IF($H92>0,$H92*$P92,\"\")","v":2338.6},null,{"$f":"IF($F92>0,VALUE(LEFT($F92,4)),\"\")","v":6122},{"$f":"IF(F92>0,IF(ISERROR(SEARCH(\"*FZ*\",$E92))=FALSE,\"FZ\",IF(ISERROR(SEARCH(\"*FR*\",$E92))=FALSE,\"FR\",\"Aucun\")),\"\")","v":"FR"},{"$f":"IF($C92=\"RM\",IF($U92=\"FR\",IF(ISNA(VLOOKUP($F:$F,lot,6,FALSE))=TRUE,VLOOKUP($T:$T,date,2,FALSE),VLOOKUP($F:$F,lot,6,FALSE)),\"\"),\"\")","v":""},{"$f":"IF($C92=\"RM\",IF($U92=\"Fz\",IF(ISNA(VLOOKUP($F:$F,lot,6,FALSE))=TRUE,VLOOKUP($T:$T,date,2,FALSE),VLOOKUP($F:$F,lot,6,FALSE)),\"\"),\"\")","v":""},{"$f":"IF($C92=\"FG\",VLOOKUP($A:$A,op,4,FALSE),\"\")","v":{"$error":"#N/A"}},"2016-04-26",{"$f":"IF(C92=\"rm\",IF(U92=\"aucun\",\"OK\",IF(U92=\"fz\",IF(Y92-W92>730,Y92-W92,\"OK\"),IF(Y92-V92<1,1,Y92-V92))),\"\")","v":""}]
["6122B07B","Beef","FG",30311,"BONELESS BEEF LANIERES**5 KG/CS FZ #D","6122B074","",60,null,null,{"$f":"IF(ISNA(VLOOKUP($D:$D,rend,2,FALSE))=FALSE,VLOOKUP($D:$D,rend,2,FALSE),\"\")","v":0.90930978279377028},{"$f":"IF($C93=\"RM\",IF(ISNA(VLOOKUP($F$2:$F$478,pos,2,FALSE))=FALSE,VLOOKUP($F93:$F$478,pos,2,FALSE),IF(ISNA(VLOOKUP($F$2:$F$478,lot,2,FALSE))=FALSE,VLOOKUP($F$2:$F$478,lot,2,FALSE),\"MANQUANT\")),\"\")","v":""},{"$f":"IF($C93=\"RM\",IF(ISNA(VLOOKUP($F$2:$F$478,pos,3,FALSE))=FALSE,VLOOKUP($F93:$F554,pos,3,FALSE),\"OP\"),\"\")","v":""},{"$f":"IF($C93=\"RM\",IF(ISNA(VLOOKUP($F93:$F$471,pos,4,FALSE))=FALSE,VLOOKUP($F$2:$F$471,pos,4,FALSE),\"\"),\"\")","v":""},{"$f":"IF($C93=\"RM\",IF(ISNA(VLOOKUP($F$2:$F$478,pos,5,FALSE))=FALSE,VLOOKUP($F$2:$F$478,pos,5,FALSE),IF(ISNA(VLOOKUP($F$2:$F$478,lot,5,FALSE))=FALSE,VLOOKUP($F$2:$F$478,lot,5,FALSE),0)),\"\")","v":""},{"$f":"IF($H93>0,VLOOKUP($D:$D,prix,15,FALSE),\"\")","v":11.2},{"$f":"IF($C93=\"RM\",$O93*$G93,\"\")","v":""},{"$f":"IF($H93>0,$H93*$P93,\"\")","v":672},null,{"$f":"IF($F93>0,VALUE(LEFT($F93,4)),\"\")","v":6122},{"$f":"IF(F93>0,IF(ISERROR(SEARCH(\"*FZ*\",$E93))=FALSE,\"FZ\",IF(ISERROR(SEARCH(\"*FR*\",$E93))=FALSE,\"FR\",\"Aucun\")),\"\")","v":"FZ"},{"$f":"IF($C93=\"RM\",IF($U93=\"FR\",IF(ISNA(VLOOKUP($F:$F,lot,6,FALSE))=TRUE,VLOOKUP($T:$T,date,2,FALSE),VLOOKUP($F:$F,lot,6,FALSE)),\"\"),\"\")","v":""},{"$f":"IF($C93=\"RM\",IF($U93=\"Fz\",IF(ISNA(VLOOKUP($F:$F,lot,6,FALSE))=TRUE,VLOOKUP($T:$T,date,2,FALSE),VLOOKUP($F:$F,lot,6,FALSE)),\"\"),\"\")","v":""},{"$f":"IF($C93=\"FG\",VLOOKUP($A:$A,op,4,FALSE),\"\")","v":{"$error":"#N/A"}},"2016-04-26",{"$f":"IF(C93=\"rm\",IF(U93=\"aucun\",\"OK\",IF(U93=\"fz\",IF(Y93-W93>730,Y93-W93,\"OK\"),IF(Y93-V93<1,1,Y93-V93))),\"\")","v":""}]
["6122B07B","Beef","FG",31500,"BEEF HOUSE TRIMMINGS FR @P","6122B075","",63.1,null,null,{"$f":"IF(ISNA(VLOOKUP($D:$D,rend,2,FALSE))=FALSE,VLOOKUP($D:$D,rend,2,FALSE),\"\")","v":0.92196671697625909},{"$f":"IF($C94=\"RM\",IF(ISNA(VLOOKUP($F$2:$F$478,pos,2,FALSE))=FALSE,VLOOKUP($F94:$F$478,pos,2,FALSE),IF(ISNA(VLOOKUP($F$2:$F$478,lot,2,FALSE))=FALSE,VLOOKUP($F$2:$F$478,lot,2,FALSE),\"MANQUANT\")),\"\")","v":""},{"$f":"IF($C94=\"RM\",IF(ISNA(VLOOKUP($F$2:$F$478,pos,3,FALSE))=FALSE,VLOOKUP($F94:$F555,pos,3,FALSE),\"OP\"),\"\")","v":""},{"$f":"IF($C94=\"RM\",IF(ISNA(VLOOKUP($F94:$F$471,pos,4,FALSE))=FALSE,VLOOKUP($F$2:$F$471,pos,4,FALSE),\"\"),\"\")","v":""},{"$f":"IF($C94=\"RM\",IF(ISNA(VLOOKUP($F$2:$F$478,pos,5,FALSE))=FALSE,VLOOKUP($F$2:$F$478,pos,5,FALSE),IF(ISNA(VLOOKUP($F$2:$F$478,lot,5,FALSE))=FALSE,VLOOKUP($F$2:$F$478,lot,5,FALSE),0)),\"\")","v":""},{"$f":"IF($H94>0,VLOOKUP($D:$D,prix,15,FALSE),\"\")","v":10},{"$f":"IF($C94=\"RM\",$O94*$G94,\"\")","v":""},{"$f":"IF($H94>0,$H94*$P94,\"\")","v":631},null,{"$f":"IF($F94>0,VALUE(LEFT($F94,4)),\"\")","v":6122},{"$f":"IF(F94>0,IF(ISERROR(SEARCH(\"*FZ*\",$E94))=FALSE,\"FZ\",IF(ISERROR(SEARCH(\"*FR*\",$E94))=FALSE,\"FR\",\"Aucun\")),\"\")","v":"FR"},{"$f":"IF($C94=\"RM\",IF($U94=\"FR\",IF(ISNA(VLOOKUP($F:$F,lot,6,FALSE))=TRUE,VLOOKUP($T:$T,date,2,FALSE),VLOOKUP($F:$F,lot,6,FALSE)),\"\"),\"\")","v":""},{"$f":"IF($C94=\"RM\",IF($U94=\"Fz\",IF(ISNA(VLOOKUP($F:$F,lot,6,FALSE))=TRUE,VLOOKUP($T:$T,date,2,FALSE),VLOOKUP($F:$F,lot,6,FALSE)),\"\"),\"\")","v":""},{"$f":"IF($C94=\"FG\",VLOOKUP($A:$A,op,4,FALSE),\"\")","v":{"$error":"#N/A"}},"2016-04-26",{"$f":"IF(C94=\"rm\",IF(U94=\"aucun\",\"OK\",IF(U94=\"fz\",IF(Y94-W94>730,Y94-W94,\"OK\"),IF(Y94-V94<1,1,Y94-V94))),\"\")","v":""}]
["6122B07B","Beef","FG",30325,"BEEF STEW**FOR ALIMPLUS* 85 % 2X2.5KG FZ #D","6122B076","",310,null,null,{"$f":"IF(ISNA(VLOOKUP($D:$D,rend,2,FALSE))=FALSE,VLOOKUP($D:$D,rend,2,FALSE),\"\")","v":0.97422059913894765},{"$f":"IF($C95=\"RM\",IF(ISNA(VLOOKUP($F$2:$F$478,pos,2,FALSE))=FALSE,VLOOKUP($F95:$F$478,pos,2,FALSE),IF(ISNA(VLOOKUP($F$2:$F$478,lot,2,FALSE))=FALSE,VLOOKUP($F$2:$F$478,lot,2,FALSE),\"MANQUANT\")),\"\")","v":""},{"$f":"IF($C95=\"RM\",IF(ISNA(VLOOKUP($F$2:$F$478,pos,3,FALSE))=FALSE,VLOOKUP($F95:$F556,pos,3,FALSE),\"OP\"),\"\")","v":""},{"$f":"IF($C95=\"RM\",IF(ISNA(VLOOKUP($F95:$F$471,pos,4,FALSE))=FALSE,VLOOKUP($F$2:$F$471,pos,4,FALSE),\"\"),\"\")","v":""},{"$f":"IF($C95=\"RM\",IF(ISNA(VLOOKUP($F$2:$F$478,pos,5,FALSE))=FALSE,VLOOKUP($F$2:$F$478,pos,5,FALSE),IF(ISNA(VLOOKUP($F$2:$F$478,lot,5,FALSE))=FALSE,VLOOKUP($F$2:$F$478,lot,5,FALSE),0)),\"\")","v":""},{"$f":"IF($H95>0,VLOOKUP($D:$D,prix,15,FALSE),\"\")","v":11.25},{"$f":"IF($C95=\"RM\",$O95*$G95,\"\")","v":""},{"$f":"IF($H95>0,$H95*$P95,\"\")","v":3487.5},null,{"$f":"IF($F95>0,VALUE(LEFT($F95,4)),\"\")","v":6122},{"$f":"IF(F95>0,IF(ISERROR(SEARCH(\"*FZ*\",$E95))=FALSE,\"FZ\",IF(ISERROR(SEARCH(\"*FR*\",$E95))=FALSE,\"FR\",\"Aucun\")),\"\")","v":"FZ"},{"$f":"IF($C95=\"RM\",IF($U95=\"FR\",IF(ISNA(VLOOKUP($F:$F,lot,6,FALSE))=TRUE,VLOOKUP($T:$T,date,2,FALSE),VLOOKUP($F:$F,lot,6,FALSE)),\"\"),\"\")","v":""},{"$f":"IF($C95=\"RM\",IF($U95=\"Fz\",IF(ISNA(VLOOKUP($F:$F,lot,6,FALSE))=TRUE,VLOOKUP($T:$T,date,2,FALSE),VLOOKUP($F:$F,lot,6,FALSE)),\"\"),\"\")","v":""},{"$f":"IF($C95=\"FG\",VLOOKUP($A:$A,op,4,FALSE),\"\")","v":{"$error":"#N/A"}},"2016-04-26",{"$f":"IF(C95=\"rm\",IF(U95=\"aucun\",\"OK\",IF(U95=\"fz\",IF(Y95-W95>730,Y95-W95,\"OK\"),IF(Y95-V95<1,1,Y95-V95))),\"\")","v":""}]
["6122B07B","Beef","FG",31500,"BEEF HOUSE TRIMMINGS FR @P","6122B077","",131.82,null,null,{"$f":"IF(ISNA(VLOOKUP($D:$D,rend,2,FALSE))=FALSE,VLOOKUP($D:$D,rend,2,FALSE),\"\")","v":0.92196671697625909},{"$f":"IF($C96=\"RM\",IF(ISNA(VLOOKUP($F$2:$F$478,pos,2,FALSE))=FALSE,VLOOKUP($F96:$F$478,pos,2,FALSE),IF(ISNA(VLOOKUP($F$2:$F$478,lot,2,FALSE))=FALSE,VLOOKUP($F$2:$F$478,lot,2,FALSE),\"MANQUANT\")),\"\")","v":""},{"$f":"IF($C96=\"RM\",IF(ISNA(VLOOKUP($F$2:$F$478,pos,3,FALSE))=FALSE,VLOOKUP($F96:$F557,pos,3,FALSE),\"OP\"),\"\")","v":""},{"$f":"IF($C96=\"RM\",IF(ISNA(VLOOKUP($F96:$F$471,pos,4,FALSE))=FALSE,VLOOKUP($F$2:$F$471,pos,4,FALSE),\"\"),\"\")","v":""},{"$f":"IF($C96=\"RM\",IF(ISNA(VLOOKUP($F$2:$F$478,pos,5,FALSE))=FALSE,VLOOKUP($F$2:$F$478,pos,5,FALSE),IF(ISNA(VLOOKUP($F$2:$F$478,lot,5,FALSE))=FALSE,VLOOKUP($F$2:$F$478,lot,5,FALSE),0)),\"\")","v":""},{"$f":"IF($H96>0,VLOOKUP($D:$D,prix,15,FALSE),\"\")","v":10},{"$f":"IF($C96=\"RM\",$O96*$G96,\"\")","v":""},{"$f":"IF($H96>0,$H96*$P96,\"\")","v":1318.1999999999998},null,{"$f":"IF($F96>0,VALUE(LEFT($F96,4)),\"\")","v":6122},{"$f":"IF(F96>0,IF(ISERROR(SEARCH(\"*FZ*\",$E96))=FALSE,\"FZ\",IF(ISERROR(SEARCH(\"*FR*\",$E96))=FALSE,\"FR\",\"Aucun\")),\"\")","v":"FR"},{"$f":"IF($C96=\"RM\",IF($U96=\"FR\",IF(ISNA(VLOOKUP($F:$F,lot,6,FALSE))=TRUE,VLOOKUP($T:$T,date,2,FALSE),VLOOKUP($F:$F,lot,6,FALSE)),\"\"),\"\")","v":""},{"$f":"IF($C96=\"RM\",IF($U96=\"Fz\",IF(ISNA(VLOOKUP($F:$F,lot,6,FALSE))=TRUE,VLOOKUP($T:$T,date,2,FALSE),VLOOKUP($F:$F,lot,6,FALSE)),\"\"),\"\")","v":""},{"$f":"IF($C96=\"FG\",VLOOKUP($A:$A,op,4,FALSE),\"\")","v":{"$error":"#N/A"}},"2016-04-26",{"$f":"IF(C96=\"rm\",IF(U96=\"aucun\",\"OK\",IF(U96=\"fz\",IF(Y96-W96>730,Y96-W96,\"OK\"),IF(Y96-V96<1,1,Y96-V96))),\"\")","v":""}]
["6122B07B Total",null,null,null,null,null,{"$f":"SUBTOTAL(9,G89:G96)","v":782.06},{"$f":"SUBTOTAL(9,H89:H96)","v":777.52},null,null,null,null,null,null,null,null,{"$f":"SUBTOTAL(9,Q89:Q96)","v":4783.5550000000003},{"$f":"SUBTOTAL(9,R89:R96)","v":8447.2999999999993}]
["6125B11I","Beef","RM",30180,"BEEF INSIDE ROUND* AA**regular FR #D","6125B11",95.4,null,null,null,{"$f":"IF(ISNA(VLOOKUP($D:$D,rend,2,FALSE))=FALSE,VLOOKUP($D:$D,rend,2,FALSE),\"\")","v":0.8981347500336847},{"$f":"IF($C98=\"RM\",IF(ISNA(VLOOKUP($F$2:$F$478,pos,2,FALSE))=FALSE,VLOOKUP($F98:$F$478,pos,2,FALSE),IF(ISNA(VLOOKUP($F$2:$F$478,lot,2,FALSE))=FALSE,VLOOKUP($F$2:$F$478,lot,2,FALSE),\"MANQUANT\")),\"\")","v":"PO-0021642"},{"$f":"IF($C98=\"RM\",IF(ISNA(VLOOKUP($F$2:$F$478,pos,3,FALSE))=FALSE,VLOOKUP($F98:$F558,pos,3,FALSE),\"OP\"),\"\")","v":"C&C"},{"$f":"IF($C98=\"RM\",IF(ISNA(VLOOKUP($F98:$F$471,pos,4,FALSE))=FALSE,VLOOKUP($F$2:$F$471,pos,4,FALSE),\"\"),\"\")","v":1145.08},{"$f":"IF($C98=\"RM\",IF(ISNA(VLOOKUP($F$2:$F$478,pos,5,FALSE))=FALSE,VLOOKUP($F$2:$F$478,pos,5,FALSE),IF(ISNA(VLOOKUP($F$2:$F$478,lot,5,FALSE))=FALSE,VLOOKUP($F$2:$F$478,lot,5,FALSE),0)),\"\")","v":7.09},{"$f":"IF($H98>0,VLOOKUP($D:$D,prix,15,FALSE),\"\")","v":""},{"$f":"IF($C98=\"RM\",$O98*$G98,\"\")","v":676.38600000000008},{"$f":"IF($H98>0,$H98*$P98,\"\")","v":""},null,{"$f":"IF($F98>0,VALUE(LEFT($F98,4)),\"\")","v":6125},{"$f":"IF(F98>0,IF(ISERROR(SEARCH(\"*FZ*\",$E98))=FALSE,\"FZ\",IF(ISERROR(SEARCH(\"*FR*\",$E98))=FALSE,\"FR\",\"Aucun\")),\"\")","v":"FR"},{"$f":"IF($C98=\"RM\",IF($U98=\"FR\",IF(ISNA(VLOOKUP($F:$F,lot,6,FALSE))=TRUE,VLOOKUP($T:$T,date,2,FALSE),VLOOKUP($F:$F,lot,6,FALSE)),\"\"),\"\")","v":"2016-03-17"},{"$f":"IF($C98=\"RM\",IF($U98=\"Fz\",IF(ISNA(VLOOKUP($F:$F,lot,6,FALSE))=TRUE,VLOOKUP($T:$T,date,2,FALSE),VLOOKUP($F:$F,lot,6,FALSE)),\"\"),\"\")","v":""},{"$f":"IF($C98=\"FG\",VLOOKUP($A:$A,op,4,FALSE),\"\")","v":""},"2016-04-26",{"$f":"IF(C98=\"rm\",IF(U98=\"aucun\",\"OK\",IF(U98=\"fz\",IF(Y98-W98>730,Y98-W98,\"OK\"),IF(Y98-V98<1,1,Y98-V98))),\"\")","v":40}]
["6125B11I","Beef","RM",30180,"BEEF INSIDE ROUND* AA**regular FR #D","6142B04",32.090000000000003,null,null,null,{"$f":"IF(ISNA(VLOOKUP($D:$D,rend,2,FALSE))=FALSE,VLOOKUP($D:$D,rend,2,FALSE),\"\")","v":0.8981347500336847},{"$f":"IF($C99=\"RM\",IF(ISNA(VLOOKUP($F$2:$F$478,pos,2,FALSE))=FALSE,VLOOKUP($F99:$F$478,pos,2,FALSE),IF(ISNA(VLOOKUP($F$2:$F$478,lot,2,FALSE))=FALSE,VLOOKUP($F$2:$F$478,lot,2,FALSE),\"MANQUANT\")),\"\")","v":"PO-0021763"},{"$f":"IF($C99=\"RM\",IF(ISNA(VLOOKUP($F$2:$F$478,pos,3,FALSE))=FALSE,VLOOKUP($F99:$F559,pos,3,FALSE),\"OP\"),\"\")","v":"C&C"},{"$f":"IF($C99=\"RM\",IF(ISNA(VLOOKUP($F99:$F$471,pos,4,FALSE))=FALSE,VLOOKUP($F$2:$F$471,pos,4,FALSE),\"\"),\"\")","v":1021.33},{"$f":"IF($C99=\"RM\",IF(ISNA(VLOOKUP($F$2:$F$478,pos,5,FALSE))=FALSE,VLOOKUP($F$2:$F$478,pos,5,FALSE),IF(ISNA(VLOOKUP($F$2:$F$478,lot,5,FALSE))=FALSE,VLOOKUP($F$2:$F$478,lot,5,FALSE),0)),\"\")","v":7.09},{"$f":"IF($H99>0,VLOOKUP($D:$D,prix,15,FALSE),\"\")","v":""},{"$f":"IF($C99=\"RM\",$O99*$G99,\"\")","v":227.51810000000003},{"$f":"IF($H99>0,$H99*$P99,\"\")","v":""},null,{"$f":"IF($F99>0,VALUE(LEFT($F99,4)),\"\")","v":6142},{"$f":"IF(F99>0,IF(ISERROR(SEARCH(\"*FZ*\",$E99))=FALSE,\"FZ\",IF(ISERROR(SEARCH(\"*FR*\",$E99))=FALSE,\"FR\",\"Aucun\")),\"\")","v":"FR"},{"$f":"IF($C99=\"RM\",IF($U99=\"FR\",IF(ISNA(VLOOKUP($F:$F,lot,6,FALSE))=TRUE,VLOOKUP($T:$T,date,2,FALSE),VLOOKUP($F:$F,lot,6,FALSE)),\"\"),\"\")","v":"2016-03-28"},{"$f":"IF($C99=\"RM\",IF($U99=\"Fz\",IF(ISNA(VLOOKUP($F:$F,lot,6,FALSE))=TRUE,VLOOKUP($T:$T,date,2,FALSE),VLOOKUP($F:$F,lot,6,FALSE)),\"\"),\"\")","v":""},{"$f":"IF($C99=\"FG\",VLOOKUP($A:$A,op,4,FALSE),\"\")","v":""},"2016-04-26",{"$f":"IF(C99=\"rm\",IF(U99=\"aucun\",\"OK\",IF(U99=\"fz\",IF(Y99-W99>730,Y99-W99,\"OK\"),IF(Y99-V99<1,1,Y99-V99))),\"\")","v":29}]
["6125B11I","Beef","FG",31505,"BEEF CUBES *IN PROCESS* CODE: 30314, 30304 FR","6125B1136","",32.56,null,null,{"$f":"IF(ISNA(VLOOKUP($D:$D,rend,2,FALSE))=FALSE,VLOOKUP($D:$D,rend,2,FALSE),\"\")","v":0.93787246963190563},{"$f":"IF($C100=\"RM\",IF(ISNA(VLOOKUP($F$2:$F$478,pos,2,FALSE))=FALSE,VLOOKUP($F100:$F$478,pos,2,FALSE),IF(ISNA(VLOOKUP($F$2:$F$478,lot,2,FALSE))=FALSE,VLOOKUP($F$2:$F$478,lot,2,FALSE),\"MANQUANT\")),\"\")","v":""},{"$f":"IF($C100=\"RM\",IF(ISNA(VLOOKUP($F$2:$F$478,pos,3,FALSE))=FALSE,VLOOKUP($F100:$F560,pos,3,FALSE),\"OP\"),\"\")","v":""},{"$f":"IF($C100=\"RM\",IF(ISNA(VLOOKUP($F100:$F$471,pos,4,FALSE))=FALSE,VLOOKUP($F$2:$F$471,pos,4,FALSE),\"\"),\"\")","v":""},{"$f":"IF($C100=\"RM\",IF(ISNA(VLOOKUP($F$2:$F$478,pos,5,FALSE))=FALSE,VLOOKUP($F$2:$F$478,pos,5,FALSE),IF(ISNA(VLOOKUP($F$2:$F$478,lot,5,FALSE))=FALSE,VLOOKUP($F$2:$F$478,lot,5,FALSE),0)),\"\")","v":""},{"$f":"IF($H100>0,VLOOKUP($D:$D,prix,15,FALSE),\"\")","v":11},{"$f":"IF($C100=\"RM\",$O100*$G100,\"\")","v":""},{"$f":"IF($H100>0,$H100*$P100,\"\")","v":358.16},null,{"$f":"IF($F100>0,VALUE(LEFT($F100,4)),\"\")","v":6125},{"$f":"IF(F100>0,IF(ISERROR(SEARCH(\"*FZ*\",$E100))=FALSE,\"FZ\",IF(ISERROR(SEARCH(\"*FR*\",$E100))=FALSE,\"FR\",\"Aucun\")),\"\")","v":"FR"},{"$f":"IF($C100=\"RM\",IF($U100=\"FR\",IF(ISNA(VLOOKUP($F:$F,lot,6,FALSE))=TRUE,VLOOKUP($T:$T,date,2,FALSE),VLOOKUP($F:$F,lot,6,FALSE)),\"\"),\"\")","v":""},{"$f":"IF($C100=\"RM\",IF($U100=\"Fz\",IF(ISNA(VLOOKUP($F:$F,lot,6,FALSE))=TRUE,VLOOKUP($T:$T,date,2,FALSE),VLOOKUP($F:$F,lot,6,FALSE)),\"\"),\"\")","v":""},{"$f":"IF($C100=\"FG\",VLOOKUP($A:$A,op,4,FALSE),\"\")","v":{"$error":"#N/A"}},"2016-04-26",{"$f":"IF(C100=\"rm\",IF(U100=\"aucun\",\"OK\",IF(U100=\"fz\",IF(Y100-W100>730,Y100-W100,\"OK\"),IF(Y100-V100<1,1,Y100-V100))),\"\")","v":""}]
["6125B11I","Beef","FG",13340,"BEEF INSIDE STEAKS* 160-180 gr**COV 1X1**24/CS FR @P","6125B1137","",44.2,null,null,{"$f":"IF(ISNA(VLOOKUP($D:$D,rend,2,FALSE))=FALSE,VLOOKUP($D:$D,rend,2,FALSE),\"\")","v":0.83364138873923099},{"$f":"IF($C101=\"RM\",IF(ISNA(VLOOKUP($F$2:$F$478,pos,2,FALSE))=FALSE,VLOOKUP($F101:$F$478,pos,2,FALSE),IF(ISNA(VLOOKUP($F$2:$F$478,lot,2,FALSE))=FALSE,VLOOKUP($F$2:$F$478,lot,2,FALSE),\"MANQUANT\")),\"\")","v":""},{"$f":"IF($C101=\"RM\",IF(ISNA(VLOOKUP($F$2:$F$478,pos,3,FALSE))=FALSE,VLOOKUP($F101:$F561,pos,3,FALSE),\"OP\"),\"\")","v":""},{"$f":"IF($C101=\"RM\",IF(ISNA(VLOOKUP($F101:$F$471,pos,4,FALSE))=FALSE,VLOOKUP($F$2:$F$471,pos,4,FALSE),\"\"),\"\")","v":""},{"$f":"IF($C101=\"RM\",IF(ISNA(VLOOKUP($F$2:$F$478,pos,5,FALSE))=FALSE,VLOOKUP($F$2:$F$478,pos,5,FALSE),IF(ISNA(VLOOKUP($F$2:$F$478,lot,5,FALSE))=FALSE,VLOOKUP($F$2:$F$478,lot,5,FALSE),0)),\"\")","v":""},{"$f":"IF($H101>0,VLOOKUP($D:$D,prix,15,FALSE),\"\")","v":13},{"$f":"IF($C101=\"RM\",$O101*$G101,\"\")","v":""},{"$f":"IF($H101>0,$H101*$P101,\"\")","v":574.6},null,{"$f":"IF($F101>0,VALUE(LEFT($F101,4)),\"\")","v":6125},{"$f":"IF(F101>0,IF(ISERROR(SEARCH(\"*FZ*\",$E101))=FALSE,\"FZ\",IF(ISERROR(SEARCH(\"*FR*\",$E101))=FALSE,\"FR\",\"Aucun\")),\"\")","v":"FR"},{"$f":"IF($C101=\"RM\",IF($U101=\"FR\",IF(ISNA(VLOOKUP($F:$F,lot,6,FALSE))=TRUE,VLOOKUP($T:$T,date,2,FALSE),VLOOKUP($F:$F,lot,6,FALSE)),\"\"),\"\")","v":""},{"$f":"IF($C101=\"RM\",IF($U101=\"Fz\",IF(ISNA(VLOOKUP($F:$F,lot,6,FALSE))=TRUE,VLOOKUP($T:$T,date,2,FALSE),VLOOKUP($F:$F,lot,6,FALSE)),\"\"),\"\")","v":""},{"$f":"IF($C101=\"FG\",VLOOKUP($A:$A,op,4,FALSE),\"\")","v":{"$error":"#N/A"}},"2016-04-26",{"$f":"IF(C101=\"rm\",IF(U101=\"aucun\",\"OK\",IF(U101=\"fz\",IF(Y101-W101>730,Y101-W101,\"OK\"),IF(Y101-V101<1,1,Y101-V101))),\"\")","v":""}]
["6125B11I","Beef","FG",31500,"BEEF HOUSE TRIMMINGS FR @P","6125B1138","",44.94,null,null,{"$f":"IF(ISNA(VLOOKUP($D:$D,rend,2,FALSE))=FALSE,VLOOKUP($D:$D,rend,2,FALSE),\"\")","v":0.92196671697625909},{"$f":"IF($C102=\"RM\",IF(ISNA(VLOOKUP($F$2:$F$478,pos,2,FALSE))=FALSE,VLOOKUP($F102:$F$478,pos,2,FALSE),IF(ISNA(VLOOKUP($F$2:$F$478,lot,2,FALSE))=FALSE,VLOOKUP($F$2:$F$478,lot,2,FALSE),\"MANQUANT\")),\"\")","v":""},{"$f":"IF($C102=\"RM\",IF(ISNA(VLOOKUP($F$2:$F$478,pos,3,FALSE))=FALSE,VLOOKUP($F102:$F562,pos,3,FALSE),\"OP\"),\"\")","v":""},{"$f":"IF($C102=\"RM\",IF(ISNA(VLOOKUP($F102:$F$471,pos,4,FALSE))=FALSE,VLOOKUP($F$2:$F$471,pos,4,FALSE),\"\"),\"\")","v":""},{"$f":"IF($C102=\"RM\",IF(ISNA(VLOOKUP($F$2:$F$478,pos,5,FALSE))=FALSE,VLOOKUP($F$2:$F$478,pos,5,FALSE),IF(ISNA(VLOOKUP($F$2:$F$478,lot,5,FALSE))=FALSE,VLOOKUP($F$2:$F$478,lot,5,FALSE),0)),\"\")","v":""},{"$f":"IF($H102>0,VLOOKUP($D:$D,prix,15,FALSE),\"\")","v":10},{"$f":"IF($C102=\"RM\",$O102*$G102,\"\")","v":""},{"$f":"IF($H102>0,$H102*$P102,\"\")","v":449.4},null,{"$f":"IF($F102>0,VALUE(LEFT($F102,4)),\"\")","v":6125},{"$f":"IF(F102>0,IF(ISERROR(SEARCH(\"*FZ*\",$E102))=FALSE,\"FZ\",IF(ISERROR(SEARCH(\"*FR*\",$E102))=FALSE,\"FR\",\"Aucun\")),\"\")","v":"FR"},{"$f":"IF($C102=\"RM\",IF($U102=\"FR\",IF(ISNA(VLOOKUP($F:$F,lot,6,FALSE))=TRUE,VLOOKUP($T:$T,date,2,FALSE),VLOOKUP($F:$F,lot,6,FALSE)),\"\"),\"\")","v":""},{"$f":"IF($C102=\"RM\",IF($U102=\"Fz\",IF(ISNA(VLOOKUP($F:$F,lot,6,FALSE))=TRUE,VLOOKUP($T:$T,date,2,FALSE),VLOOKUP($F:$F,lot,6,FALSE)),\"\"),\"\")","v":""},{"$f":"IF($C102=\"FG\",VLOOKUP($A:$A,op,4,FALSE),\"\")","v":{"$error":"#N/A"}},"2016-04-26",{"$f":"IF(C102=\"rm\",IF(U102=\"aucun\",\"OK\",IF(U102=\"fz\",IF(Y102-W102>730,Y102-W102,\"OK\"),IF(Y102-V102<1,1,Y102-V102))),\"\")","v":""}]
["6125B11I Total",null,null,null,null,null,{"$f":"SUBTOTAL(9,G98:G102)","v":127.49000000000001},{"$f":"SUBTOTAL(9,H98:H102)","v":121.7},null,null,null,null,null,null,null,null,{"$f":"SUBTOTAL(9,Q98:Q102)","v":903.90410000000008},{"$f":"SUBTOTAL(9,R98:R102)","v":1382.1599999999999}]
["6144B0112B","Beef","RM",45207,"BONELESS VEAL FOR  CUTLETS *IN PROCESS* CODE: 45202,203,206,209,210 FR","6144B0112",18.399999999999999,null,null,null,{"$f":"IF(ISNA(VLOOKUP($D:$D,rend,2,FALSE))=FALSE,VLOOKUP($D:$D,rend,2,FALSE),\"\")","v":0.94542871717569332},{"$f":"IF($C104=\"RM\",IF(ISNA(VLOOKUP($F$2:$F$478,pos,2,FALSE))=FALSE,VLOOKUP($F104:$F$478,pos,2,FALSE),IF(ISNA(VLOOKUP($F$2:$F$478,lot,2,FALSE))=FALSE,VLOOKUP($F$2:$F$478,lot,2,FALSE),\"MANQUANT\")),\"\")","v":"6144B01B"},{"$f":"IF($C104=\"RM\",IF(ISNA(VLOOKUP($F$2:$F$478,pos,3,FALSE))=FALSE,VLOOKUP($F104:$F563,pos,3,FALSE),\"OP\"),\"\")","v":"OP"},{"$f":"IF($C104=\"RM\",IF(ISNA(VLOOKUP($F104:$F$471,pos,4,FALSE))=FALSE,VLOOKUP($F$2:$F$471,pos,4,FALSE),\"\"),\"\")","v":""},{"$f":"IF($C104=\"RM\",IF(ISNA(VLOOKUP($F$2:$F$478,pos,5,FALSE))=FALSE,VLOOKUP($F$2:$F$478,pos,5,FALSE),IF(ISNA(VLOOKUP($F$2:$F$478,lot,5,FALSE))=FALSE,VLOOKUP($F$2:$F$478,lot,5,FALSE),0)),\"\")","v":10.200011209505659},{"$f":"IF($H104>0,VLOOKUP($D:$D,prix,15,FALSE),\"\")","v":""},{"$f":"IF($C104=\"RM\",$O104*$G104,\"\")","v":187.68020625490411},{"$f":"IF($H104>0,$H104*$P104,\"\")","v":""},null,{"$f":"IF($F104>0,VALUE(LEFT($F104,4)),\"\")","v":6144},{"$f":"IF(F104>0,IF(ISERROR(SEARCH(\"*FZ*\",$E104))=FALSE,\"FZ\",IF(ISERROR(SEARCH(\"*FR*\",$E104))=FALSE,\"FR\",\"Aucun\")),\"\")","v":"FR"},{"$f":"IF($C104=\"RM\",IF($U104=\"FR\",IF(ISNA(VLOOKUP($F:$F,lot,6,FALSE))=TRUE,VLOOKUP($T:$T,date,2,FALSE),VLOOKUP($F:$F,lot,6,FALSE)),\"\"),\"\")","v":"2016-03-30"},{"$f":"IF($C104=\"RM\",IF($U104=\"Fz\",IF(ISNA(VLOOKUP($F:$F,lot,6,FALSE))=TRUE,VLOOKUP($T:$T,date,2,FALSE),VLOOKUP($F:$F,lot,6,FALSE)),\"\"),\"\")","v":""},{"$f":"IF($C104=\"FG\",VLOOKUP($A:$A,op,4,FALSE),\"\")","v":""},"2016-04-26",{"$f":"IF(C104=\"rm\",IF(U104=\"aucun\",\"OK\",IF(U104=\"fz\",IF(Y104-W104>730,Y104-W104,\"OK\"),IF(Y104-V104<1,1,Y104-V104))),\"\")","v":27}]
["6144B0112B","Beef","FG",45203,"VEAL INSIDE FOR SCALOPINI FR #D","6144B0116","",18.399999999999999,null,null,{"$f":"IF(ISNA(VLOOKUP($D:$D,rend,2,FALSE))=FALSE,VLOOKUP($D:$D,rend,2,FALSE),\"\")","v":0.96286739153003387},{"$f":"IF($C105=\"RM\",IF(ISNA(VLOOKUP($F$2:$F$478,pos,2,FALSE))=FALSE,VLOOKUP($F105:$F$478,pos,2,FALSE),IF(ISNA(VLOOKUP($F$2:$F$478,lot,2,FALSE))=FALSE,VLOOKUP($F$2:$F$478,lot,2,FALSE),\"MANQUANT\")),\"\")","v":""},{"$f":"IF($C105=\"RM\",IF(ISNA(VLOOKUP($F$2:$F$478,pos,3,FALSE))=FALSE,VLOOKUP($F105:$F564,pos,3,FALSE),\"OP\"),\"\")","v":""},{"$f":"IF($C105=\"RM\",IF(ISNA(VLOOKUP($F105:$F$471,pos,4,FALSE))=FALSE,VLOOKUP($F$2:$F$471,pos,4,FALSE),\"\"),\"\")","v":""},{"$f":"IF($C105=\"RM\",IF(ISNA(VLOOKUP($F$2:$F$478,pos,5,FALSE))=FALSE,VLOOKUP($F$2:$F$478,pos,5,FALSE),IF(ISNA(VLOOKUP($F$2:$F$478,lot,5,FALSE))=FALSE,VLOOKUP($F$2:$F$478,lot,5,FALSE),0)),\"\")","v":""},{"$f":"IF($H105>0,VLOOKUP($D:$D,prix,15,FALSE),\"\")","v":19.95},{"$f":"IF($C105=\"RM\",$O105*$G105,\"\")","v":""},{"$f":"IF($H105>0,$H105*$P105,\"\")","v":367.08},null,{"$f":"IF($F105>0,VALUE(LEFT($F105,4)),\"\")","v":6144},{"$f":"IF(F105>0,IF(ISERROR(SEARCH(\"*FZ*\",$E105))=FALSE,\"FZ\",IF(ISERROR(SEARCH(\"*FR*\",$E105))=FALSE,\"FR\",\"Aucun\")),\"\")","v":"FR"},{"$f":"IF($C105=\"RM\",IF($U105=\"FR\",IF(ISNA(VLOOKUP($F:$F,lot,6,FALSE))=TRUE,VLOOKUP($T:$T,date,2,FALSE),VLOOKUP($F:$F,lot,6,FALSE)),\"\"),\"\")","v":""},{"$f":"IF($C105=\"RM\",IF($U105=\"Fz\",IF(ISNA(VLOOKUP($F:$F,lot,6,FALSE))=TRUE,VLOOKUP($T:$T,date,2,FALSE),VLOOKUP($F:$F,lot,6,FALSE)),\"\"),\"\")","v":""},{"$f":"IF($C105=\"FG\",VLOOKUP($A:$A,op,4,FALSE),\"\")","v":{"$error":"#N/A"}},"2016-04-26",{"$f":"IF(C105=\"rm\",IF(U105=\"aucun\",\"OK\",IF(U105=\"fz\",IF(Y105-W105>730,Y105-W105,\"OK\"),IF(Y105-V105<1,1,Y105-V105))),\"\")","v":""}]
["6144B0112B Total",null,null,null,null,null,{"$f":"SUBTOTAL(9,G104:G105)","v":18.399999999999999},{"$f":"SUBTOTAL(9,H104:H105)","v":18.399999999999999},null,null,null,null,null,null,null,null,{"$f":"SUBTOTAL(9,Q104:Q105)","v":187.68020625490411},{"$f":"SUBTOTAL(9,R104:R105)","v":367.08}]
["6153B022","Beef","RM",45207,"BONELESS VEAL FOR  CUTLETS *IN PROCESS* CODE: 45202,203,206,209,210 FR","6153B022",10.71,null,null,null,{"$f":"IF(ISNA(VLOOKUP($D:$D,rend,2,FALSE))=FALSE,VLOOKUP($D:$D,rend,2,FALSE),\"\")","v":0.94542871717569332},{"$f":"IF($C107=\"RM\",IF(ISNA(VLOOKUP($F$2:$F$478,pos,2,FALSE))=FALSE,VLOOKUP($F107:$F$478,pos,2,FALSE),IF(ISNA(VLOOKUP($F$2:$F$478,lot,2,FALSE))=FALSE,VLOOKUP($F$2:$F$478,lot,2,FALSE),\"MANQUANT\")),\"\")","v":"6153B02"},{"$f":"IF($C107=\"RM\",IF(ISNA(VLOOKUP($F$2:$F$478,pos,3,FALSE))=FALSE,VLOOKUP($F107:$F565,pos,3,FALSE),\"OP\"),\"\")","v":"OP"},{"$f":"IF($C107=\"RM\",IF(ISNA(VLOOKUP($F107:$F$471,pos,4,FALSE))=FALSE,VLOOKUP($F$2:$F$471,pos,4,FALSE),\"\"),\"\")","v":""},{"$f":"IF($C107=\"RM\",IF(ISNA(VLOOKUP($F$2:$F$478,pos,5,FALSE))=FALSE,VLOOKUP($F$2:$F$478,pos,5,FALSE),IF(ISNA(VLOOKUP($F$2:$F$478,lot,5,FALSE))=FALSE,VLOOKUP($F$2:$F$478,lot,5,FALSE),0)),\"\")","v":11.559636992221263},{"$f":"IF($H107>0,VLOOKUP($D:$D,prix,15,FALSE),\"\")","v":""},{"$f":"IF($C107=\"RM\",$O107*$G107,\"\")","v":123.80371218668974},{"$f":"IF($H107>0,$H107*$P107,\"\")","v":""},null,{"$f":"IF($F107>0,VALUE(LEFT($F107,4)),\"\")","v":6153},{"$f":"IF(F107>0,IF(ISERROR(SEARCH(\"*FZ*\",$E107))=FALSE,\"FZ\",IF(ISERROR(SEARCH(\"*FR*\",$E107))=FALSE,\"FR\",\"Aucun\")),\"\")","v":"FR"},{"$f":"IF($C107=\"RM\",IF($U107=\"FR\",IF(ISNA(VLOOKUP($F:$F,lot,6,FALSE))=TRUE,VLOOKUP($T:$T,date,2,FALSE),VLOOKUP($F:$F,lot,6,FALSE)),\"\"),\"\")","v":"2016-04-05"},{"$f":"IF($C107=\"RM\",IF($U107=\"Fz\",IF(ISNA(VLOOKUP($F:$F,lot,6,FALSE))=TRUE,VLOOKUP($T:$T,date,2,FALSE),VLOOKUP($F:$F,lot,6,FALSE)),\"\"),\"\")","v":""},{"$f":"IF($C107=\"FG\",VLOOKUP($A:$A,op,4,FALSE),\"\")","v":""},"2016-04-26",{"$f":"IF(C107=\"rm\",IF(U107=\"aucun\",\"OK\",IF(U107=\"fz\",IF(Y107-W107>730,Y107-W107,\"OK\"),IF(Y107-V107<1,1,Y107-V107))),\"\")","v":21}]
["6153B022","Beef","FG",45209,"VEAL CUTLETS TENDERIZED*UNIT LAYER PACK FR @P","6153B023","",5.26,null,null,{"$f":"IF(ISNA(VLOOKUP($D:$D,rend,2,FALSE))=FALSE,VLOOKUP($D:$D,rend,2,FALSE),\"\")","v":0.95346295186046193},{"$f":"IF($C108=\"RM\",IF(ISNA(VLOOKUP($F$2:$F$478,pos,2,FALSE))=FALSE,VLOOKUP($F108:$F$478,pos,2,FALSE),IF(ISNA(VLOOKUP($F$2:$F$478,lot,2,FALSE))=FALSE,VLOOKUP($F$2:$F$478,lot,2,FALSE),\"MANQUANT\")),\"\")","v":""},{"$f":"IF($C108=\"RM\",IF(ISNA(VLOOKUP($F$2:$F$478,pos,3,FALSE))=FALSE,VLOOKUP($F108:$F566,pos,3,FALSE),\"OP\"),\"\")","v":""},{"$f":"IF($C108=\"RM\",IF(ISNA(VLOOKUP($F108:$F$471,pos,4,FALSE))=FALSE,VLOOKUP($F$2:$F$471,pos,4,FALSE),\"\"),\"\")","v":""},{"$f":"IF($C108=\"RM\",IF(ISNA(VLOOKUP($F$2:$F$478,pos,5,FALSE))=FALSE,VLOOKUP($F$2:$F$478,pos,5,FALSE),IF(ISNA(VLOOKUP($F$2:$F$478,lot,5,FALSE))=FALSE,VLOOKUP($F$2:$F$478,lot,5,FALSE),0)),\"\")","v":""},{"$f":"IF($H108>0,VLOOKUP($D:$D,prix,15,FALSE),\"\")","v":14.25},{"$f":"IF($C108=\"RM\",$O108*$G108,\"\")","v":""},{"$f":"IF($H108>0,$H108*$P108,\"\")","v":74.954999999999998},null,{"$f":"IF($F108>0,VALUE(LEFT($F108,4)),\"\")","v":6153},{"$f":"IF(F108>0,IF(ISERROR(SEARCH(\"*FZ*\",$E108))=FALSE,\"FZ\",IF(ISERROR(SEARCH(\"*FR*\",$E108))=FALSE,\"FR\",\"Aucun\")),\"\")","v":"FR"},{"$f":"IF($C108=\"RM\",IF($U108=\"FR\",IF(ISNA(VLOOKUP($F:$F,lot,6,FALSE))=TRUE,VLOOKUP($T:$T,date,2,FALSE),VLOOKUP($F:$F,lot,6,FALSE)),\"\"),\"\")","v":""},{"$f":"IF($C108=\"RM\",IF($U108=\"Fz\",IF(ISNA(VLOOKUP($F:$F,lot,6,FALSE))=TRUE,VLOOKUP($T:$T,date,2,FALSE),VLOOKUP($F:$F,lot,6,FALSE)),\"\"),\"\")","v":""},{"$f":"IF($C108=\"FG\",VLOOKUP($A:$A,op,4,FALSE),\"\")","v":{"$error":"#N/A"}},"2016-04-26",{"$f":"IF(C108=\"rm\",IF(U108=\"aucun\",\"OK\",IF(U108=\"fz\",IF(Y108-W108>730,Y108-W108,\"OK\"),IF(Y108-V108<1,1,Y108-V108))),\"\")","v":""}]
["6153B022 Total",null,null,null,null,null,{"$f":"SUBTOTAL(9,G107:G108)","v":10.71},{"$f":"SUBTOTAL(9,H107:H108)","v":5.26},null,null,null,null,null,null,null,null,{"$f":"SUBTOTAL(9,Q107:Q108)","v":123.80371218668974},{"$f":"SUBTOTAL(9,R107:R108)","v":74.954999999999998}]
["6153B058","Beef","RM",41347,"CUBES DE PORC*IN PROCESS* CODE: 41270 FR","6094B07212",2.5,null,null,null,{"$f":"IF(ISNA(VLOOKUP($D:$D,rend,2,FALSE))=FALSE,VLOOKUP($D:$D,rend,2,FALSE),\"\")","v":0.90090245994229401},{"$f":"IF($C110=\"RM\",IF(ISNA(VLOOKUP($F$2:$F$478,pos,2,FALSE))=FALSE,VLOOKUP($F110:$F$478,pos,2,FALSE),IF(ISNA(VLOOKUP($F$2:$F$478,lot,2,FALSE))=FALSE,VLOOKUP($F$2:$F$478,lot,2,FALSE),\"MANQUANT\")),\"\")","v":"6094B07AC"},{"$f":"IF($C110=\"RM\",IF(ISNA(VLOOKUP($F$2:$F$478,pos,3,FALSE))=FALSE,VLOOKUP($F110:$F567,pos,3,FALSE),\"OP\"),\"\")","v":"OP"},{"$f":"IF($C110=\"RM\",IF(ISNA(VLOOKUP($F110:$F$471,pos,4,FALSE))=FALSE,VLOOKUP($F$2:$F$471,pos,4,FALSE),\"\"),\"\")","v":""},{"$f":"IF($C110=\"RM\",IF(ISNA(VLOOKUP($F$2:$F$478,pos,5,FALSE))=FALSE,VLOOKUP($F$2:$F$478,pos,5,FALSE),IF(ISNA(VLOOKUP($F$2:$F$478,lot,5,FALSE))=FALSE,VLOOKUP($F$2:$F$478,lot,5,FALSE),0)),\"\")","v":4.6381766720578437},{"$f":"IF($H110>0,VLOOKUP($D:$D,prix,15,FALSE),\"\")","v":""},{"$f":"IF($C110=\"RM\",$O110*$G110,\"\")","v":11.59544168014461},{"$f":"IF($H110>0,$H110*$P110,\"\")","v":""},null,{"$f":"IF($F110>0,VALUE(LEFT($F110,4)),\"\")","v":6094},{"$f":"IF(F110>0,IF(ISERROR(SEARCH(\"*FZ*\",$E110))=FALSE,\"FZ\",IF(ISERROR(SEARCH(\"*FR*\",$E110))=FALSE,\"FR\",\"Aucun\")),\"\")","v":"FR"},{"$f":"IF($C110=\"RM\",IF($U110=\"FR\",IF(ISNA(VLOOKUP($F:$F,lot,6,FALSE))=TRUE,VLOOKUP($T:$T,date,2,FALSE),VLOOKUP($F:$F,lot,6,FALSE)),\"\"),\"\")","v":"2016-04-25"},{"$f":"IF($C110=\"RM\",IF($U110=\"Fz\",IF(ISNA(VLOOKUP($F:$F,lot,6,FALSE))=TRUE,VLOOKUP($T:$T,date,2,FALSE),VLOOKUP($F:$F,lot,6,FALSE)),\"\"),\"\")","v":""},{"$f":"IF($C110=\"FG\",VLOOKUP($A:$A,op,4,FALSE),\"\")","v":""},"2016-04-26",{"$f":"IF(C110=\"rm\",IF(U110=\"aucun\",\"OK\",IF(U110=\"fz\",IF(Y110-W110>730,Y110-W110,\"OK\"),IF(Y110-V110<1,1,Y110-V110))),\"\")","v":1}]
["6153B058","Beef","RM",41347,"CUBES DE PORC*IN PROCESS* CODE: 41270 FR","6153B058",60,null,null,null,{"$f":"IF(ISNA(VLOOKUP($D:$D,rend,2,FALSE))=FALSE,VLOOKUP($D:$D,rend,2,FALSE),\"\")","v":0.90090245994229401},{"$f":"IF($C111=\"RM\",IF(ISNA(VLOOKUP($F$2:$F$478,pos,2,FALSE))=FALSE,VLOOKUP($F111:$F$478,pos,2,FALSE),IF(ISNA(VLOOKUP($F$2:$F$478,lot,2,FALSE))=FALSE,VLOOKUP($F$2:$F$478,lot,2,FALSE),\"MANQUANT\")),\"\")","v":"6153B05B"},{"$f":"IF($C111=\"RM\",IF(ISNA(VLOOKUP($F$2:$F$478,pos,3,FALSE))=FALSE,VLOOKUP($F111:$F568,pos,3,FALSE),\"OP\"),\"\")","v":"OP"},{"$f":"IF($C111=\"RM\",IF(ISNA(VLOOKUP($F111:$F$471,pos,4,FALSE))=FALSE,VLOOKUP($F$2:$F$471,pos,4,FALSE),\"\"),\"\")","v":""},{"$f":"IF($C111=\"RM\",IF(ISNA(VLOOKUP($F$2:$F$478,pos,5,FALSE))=FALSE,VLOOKUP($F$2:$F$478,pos,5,FALSE),IF(ISNA(VLOOKUP($F$2:$F$478,lot,5,FALSE))=FALSE,VLOOKUP($F$2:$F$478,lot,5,FALSE),0)),\"\")","v":2.9428122514303912},{"$f":"IF($H111>0,VLOOKUP($D:$D,prix,15,FALSE),\"\")","v":""},{"$f":"IF($C111=\"RM\",$O111*$G111,\"\")","v":176.56873508582348},{"$f":"IF($H111>0,$H111*$P111,\"\")","v":""},null,{"$f":"IF($F111>0,VALUE(LEFT($F111,4)),\"\")","v":6153},{"$f":"IF(F111>0,IF(ISERROR(SEARCH(\"*FZ*\",$E111))=FALSE,\"FZ\",IF(ISERROR(SEARCH(\"*FR*\",$E111))=FALSE,\"FR\",\"Aucun\")),\"\")","v":"FR"},{"$f":"IF($C111=\"RM\",IF($U111=\"FR\",IF(ISNA(VLOOKUP($F:$F,lot,6,FALSE))=TRUE,VLOOKUP($T:$T,date,2,FALSE),VLOOKUP($F:$F,lot,6,FALSE)),\"\"),\"\")","v":"2016-03-31"},{"$f":"IF($C111=\"RM\",IF($U111=\"Fz\",IF(ISNA(VLOOKUP($F:$F,lot,6,FALSE))=TRUE,VLOOKUP($T:$T,date,2,FALSE),VLOOKUP($F:$F,lot,6,FALSE)),\"\"),\"\")","v":""},{"$f":"IF($C111=\"FG\",VLOOKUP($A:$A,op,4,FALSE),\"\")","v":""},"2016-04-26",{"$f":"IF(C111=\"rm\",IF(U111=\"aucun\",\"OK\",IF(U111=\"fz\",IF(Y111-W111>730,Y111-W111,\"OK\"),IF(Y111-V111<1,1,Y111-V111))),\"\")","v":26}]
["6153B058","Beef","RM",41020,"PORK BUCKEYE (U.S.) FR","6164B06",2.5,null,null,null,{"$f":"IF(ISNA(VLOOKUP($D:$D,rend,2,FALSE))=FALSE,VLOOKUP($D:$D,rend,2,FALSE),\"\")","v":0.84556785961909275},{"$f":"IF($C112=\"RM\",IF(ISNA(VLOOKUP($F$2:$F$478,pos,2,FALSE))=FALSE,VLOOKUP($F112:$F$478,pos,2,FALSE),IF(ISNA(VLOOKUP($F$2:$F$478,lot,2,FALSE))=FALSE,VLOOKUP($F$2:$F$478,lot,2,FALSE),\"MANQUANT\")),\"\")","v":"PO-0021732"},{"$f":"IF($C112=\"RM\",IF(ISNA(VLOOKUP($F$2:$F$478,pos,3,FALSE))=FALSE,VLOOKUP($F112:$F569,pos,3,FALSE),\"OP\"),\"\")","v":"DECA"},{"$f":"IF($C112=\"RM\",IF(ISNA(VLOOKUP($F112:$F$471,pos,4,FALSE))=FALSE,VLOOKUP($F$2:$F$471,pos,4,FALSE),\"\"),\"\")","v":1215.0378820000001},{"$f":"IF($C112=\"RM\",IF(ISNA(VLOOKUP($F$2:$F$478,pos,5,FALSE))=FALSE,VLOOKUP($F$2:$F$478,pos,5,FALSE),IF(ISNA(VLOOKUP($F$2:$F$478,lot,5,FALSE))=FALSE,VLOOKUP($F$2:$F$478,lot,5,FALSE),0)),\"\")","v":3.1},{"$f":"IF($H112>0,VLOOKUP($D:$D,prix,15,FALSE),\"\")","v":""},{"$f":"IF($C112=\"RM\",$O112*$G112,\"\")","v":7.75},{"$f":"IF($H112>0,$H112*$P112,\"\")","v":""},null,{"$f":"IF($F112>0,VALUE(LEFT($F112,4)),\"\")","v":6164},{"$f":"IF(F112>0,IF(ISERROR(SEARCH(\"*FZ*\",$E112))=FALSE,\"FZ\",IF(ISERROR(SEARCH(\"*FR*\",$E112))=FALSE,\"FR\",\"Aucun\")),\"\")","v":"FR"},{"$f":"IF($C112=\"RM\",IF($U112=\"FR\",IF(ISNA(VLOOKUP($F:$F,lot,6,FALSE))=TRUE,VLOOKUP($T:$T,date,2,FALSE),VLOOKUP($F:$F,lot,6,FALSE)),\"\"),\"\")","v":"2016-04-13"},{"$f":"IF($C112=\"RM\",IF($U112=\"Fz\",IF(ISNA(VLOOKUP($F:$F,lot,6,FALSE))=TRUE,VLOOKUP($T:$T,date,2,FALSE),VLOOKUP($F:$F,lot,6,FALSE)),\"\"),\"\")","v":""},{"$f":"IF($C112=\"FG\",VLOOKUP($A:$A,op,4,FALSE),\"\")","v":""},"2016-04-26",{"$f":"IF(C112=\"rm\",IF(U112=\"aucun\",\"OK\",IF(U112=\"fz\",IF(Y112-W112>730,Y112-W112,\"OK\"),IF(Y112-V112<1,1,Y112-V112))),\"\")","v":13}]
["6153B058","Beef","FG",41263,"CUBES DE PORC ( BUCKEYE )**2 X 2.5 KG FZ #D","6153B0510","",50,null,null,{"$f":"IF(ISNA(VLOOKUP($D:$D,rend,2,FALSE))=FALSE,VLOOKUP($D:$D,rend,2,FALSE),\"\")","v":0.89108804425789834},{"$f":"IF($C113=\"RM\",IF(ISNA(VLOOKUP($F$2:$F$478,pos,2,FALSE))=FALSE,VLOOKUP($F113:$F$478,pos,2,FALSE),IF(ISNA(VLOOKUP($F$2:$F$478,lot,2,FALSE))=FALSE,VLOOKUP($F$2:$F$478,lot,2,FALSE),\"MANQUANT\")),\"\")","v":""},{"$f":"IF($C113=\"RM\",IF(ISNA(VLOOKUP($F$2:$F$478,pos,3,FALSE))=FALSE,VLOOKUP($F113:$F570,pos,3,FALSE),\"OP\"),\"\")","v":""},{"$f":"IF($C113=\"RM\",IF(ISNA(VLOOKUP($F113:$F$471,pos,4,FALSE))=FALSE,VLOOKUP($F$2:$F$471,pos,4,FALSE),\"\"),\"\")","v":""},{"$f":"IF($C113=\"RM\",IF(ISNA(VLOOKUP($F$2:$F$478,pos,5,FALSE))=FALSE,VLOOKUP($F$2:$F$478,pos,5,FALSE),IF(ISNA(VLOOKUP($F$2:$F$478,lot,5,FALSE))=FALSE,VLOOKUP($F$2:$F$478,lot,5,FALSE),0)),\"\")","v":""},{"$f":"IF($H113>0,VLOOKUP($D:$D,prix,15,FALSE),\"\")","v":5.5},{"$f":"IF($C113=\"RM\",$O113*$G113,\"\")","v":""},{"$f":"IF($H113>0,$H113*$P113,\"\")","v":275},null,{"$f":"IF($F113>0,VALUE(LEFT($F113,4)),\"\")","v":6153},{"$f":"IF(F113>0,IF(ISERROR(SEARCH(\"*FZ*\",$E113))=FALSE,\"FZ\",IF(ISERROR(SEARCH(\"*FR*\",$E113))=FALSE,\"FR\",\"Aucun\")),\"\")","v":"FZ"},{"$f":"IF($C113=\"RM\",IF($U113=\"FR\",IF(ISNA(VLOOKUP($F:$F,lot,6,FALSE))=TRUE,VLOOKUP($T:$T,date,2,FALSE),VLOOKUP($F:$F,lot,6,FALSE)),\"\"),\"\")","v":""},{"$f":"IF($C113=\"RM\",IF($U113=\"Fz\",IF(ISNA(VLOOKUP($F:$F,lot,6,FALSE))=TRUE,VLOOKUP($T:$T,date,2,FALSE),VLOOKUP($F:$F,lot,6,FALSE)),\"\"),\"\")","v":""},{"$f":"IF($C113=\"FG\",VLOOKUP($A:$A,op,4,FALSE),\"\")","v":{"$error":"#N/A"}},"2016-04-26",{"$f":"IF(C113=\"rm\",IF(U113=\"aucun\",\"OK\",IF(U113=\"fz\",IF(Y113-W113>730,Y113-W113,\"OK\"),IF(Y113-V113<1,1,Y113-V113))),\"\")","v":""}]
["6153B058","Beef","FG",41250,"PORK BUCKEYE CUBED**15-20 GRAMS**25 KG/CS FR @P","6153B0511","",15,null,null,{"$f":"IF(ISNA(VLOOKUP($D:$D,rend,2,FALSE))=FALSE,VLOOKUP($D:$D,rend,2,FALSE),\"\")","v":0.92328138058034659},{"$f":"IF($C114=\"RM\",IF(ISNA(VLOOKUP($F$2:$F$478,pos,2,FALSE))=FALSE,VLOOKUP($F114:$F$478,pos,2,FALSE),IF(ISNA(VLOOKUP($F$2:$F$478,lot,2,FALSE))=FALSE,VLOOKUP($F$2:$F$478,lot,2,FALSE),\"MANQUANT\")),\"\")","v":""},{"$f":"IF($C114=\"RM\",IF(ISNA(VLOOKUP($F$2:$F$478,pos,3,FALSE))=FALSE,VLOOKUP($F114:$F571,pos,3,FALSE),\"OP\"),\"\")","v":""},{"$f":"IF($C114=\"RM\",IF(ISNA(VLOOKUP($F114:$F$471,pos,4,FALSE))=FALSE,VLOOKUP($F$2:$F$471,pos,4,FALSE),\"\"),\"\")","v":""},{"$f":"IF($C114=\"RM\",IF(ISNA(VLOOKUP($F$2:$F$478,pos,5,FALSE))=FALSE,VLOOKUP($F$2:$F$478,pos,5,FALSE),IF(ISNA(VLOOKUP($F$2:$F$478,lot,5,FALSE))=FALSE,VLOOKUP($F$2:$F$478,lot,5,FALSE),0)),\"\")","v":""},{"$f":"IF($H114>0,VLOOKUP($D:$D,prix,15,FALSE),\"\")","v":5.5},{"$f":"IF($C114=\"RM\",$O114*$G114,\"\")","v":""},{"$f":"IF($H114>0,$H114*$P114,\"\")","v":82.5},null,{"$f":"IF($F114>0,VALUE(LEFT($F114,4)),\"\")","v":6153},{"$f":"IF(F114>0,IF(ISERROR(SEARCH(\"*FZ*\",$E114))=FALSE,\"FZ\",IF(ISERROR(SEARCH(\"*FR*\",$E114))=FALSE,\"FR\",\"Aucun\")),\"\")","v":"FR"},{"$f":"IF($C114=\"RM\",IF($U114=\"FR\",IF(ISNA(VLOOKUP($F:$F,lot,6,FALSE))=TRUE,VLOOKUP($T:$T,date,2,FALSE),VLOOKUP($F:$F,lot,6,FALSE)),\"\"),\"\")","v":""},{"$f":"IF($C114=\"RM\",IF($U114=\"Fz\",IF(ISNA(VLOOKUP($F:$F,lot,6,FALSE))=TRUE,VLOOKUP($T:$T,date,2,FALSE),VLOOKUP($F:$F,lot,6,FALSE)),\"\"),\"\")","v":""},{"$f":"IF($C114=\"FG\",VLOOKUP($A:$A,op,4,FALSE),\"\")","v":{"$error":"#N/A"}},"2016-04-26",{"$f":"IF(C114=\"rm\",IF(U114=\"aucun\",\"OK\",IF(U114=\"fz\",IF(Y114-W114>730,Y114-W114,\"OK\"),IF(Y114-V114<1,1,Y114-V114))),\"\")","v":""}]
["6153B058 Total",null,null,null,null,null,{"$f":"SUBTOTAL(9,G110:G114)","v":65},{"$f":"SUBTOTAL(9,H110:H114)","v":65},null,null,null,null,null,null,null,null,{"$f":"SUBTOTAL(9,Q110:Q114)","v":195.91417676596808},{"$f":"SUBTOTAL(9,R110:R114)","v":357.5}]
["6164B06","Beef","RM",41020,"PORK BUCKEYE (U.S.) FR","6153B05",16.32,null,null,null,{"$f":"IF(ISNA(VLOOKUP($D:$D,rend,2,FALSE))=FALSE,VLOOKUP($D:$D,rend,2,FALSE),\"\")","v":0.84556785961909275},{"$f":"IF($C116=\"RM\",IF(ISNA(VLOOKUP($F$2:$F$478,pos,2,FALSE))=FALSE,VLOOKUP($F116:$F$478,pos,2,FALSE),IF(ISNA(VLOOKUP($F$2:$F$478,lot,2,FALSE))=FALSE,VLOOKUP($F$2:$F$478,lot,2,FALSE),\"MANQUANT\")),\"\")","v":"PO-0021691"},{"$f":"IF($C116=\"RM\",IF(ISNA(VLOOKUP($F$2:$F$478,pos,3,FALSE))=FALSE,VLOOKUP($F116:$F572,pos,3,FALSE),\"OP\"),\"\")","v":"DECA"},{"$f":"IF($C116=\"RM\",IF(ISNA(VLOOKUP($F116:$F$471,pos,4,FALSE))=FALSE,VLOOKUP($F$2:$F$471,pos,4,FALSE),\"\"),\"\")","v":1170.2612979999999},{"$f":"IF($C116=\"RM\",IF(ISNA(VLOOKUP($F$2:$F$478,pos,5,FALSE))=FALSE,VLOOKUP($F$2:$F$478,pos,5,FALSE),IF(ISNA(VLOOKUP($F$2:$F$478,lot,5,FALSE))=FALSE,VLOOKUP($F$2:$F$478,lot,5,FALSE),0)),\"\")","v":3.12},{"$f":"IF($H116>0,VLOOKUP($D:$D,prix,15,FALSE),\"\")","v":""},{"$f":"IF($C116=\"RM\",$O116*$G116,\"\")","v":50.918400000000005},{"$f":"IF($H116>0,$H116*$P116,\"\")","v":""},null,{"$f":"IF($F116>0,VALUE(LEFT($F116,4)),\"\")","v":6153},{"$f":"IF(F116>0,IF(ISERROR(SEARCH(\"*FZ*\",$E116))=FALSE,\"FZ\",IF(ISERROR(SEARCH(\"*FR*\",$E116))=FALSE,\"FR\",\"Aucun\")),\"\")","v":"FR"},{"$f":"IF($C116=\"RM\",IF($U116=\"FR\",IF(ISNA(VLOOKUP($F:$F,lot,6,FALSE))=TRUE,VLOOKUP($T:$T,date,2,FALSE),VLOOKUP($F:$F,lot,6,FALSE)),\"\"),\"\")","v":"2016-04-05"},{"$f":"IF($C116=\"RM\",IF($U116=\"Fz\",IF(ISNA(VLOOKUP($F:$F,lot,6,FALSE))=TRUE,VLOOKUP($T:$T,date,2,FALSE),VLOOKUP($F:$F,lot,6,FALSE)),\"\"),\"\")","v":""},{"$f":"IF($C116=\"FG\",VLOOKUP($A:$A,op,4,FALSE),\"\")","v":""},"2016-04-26",{"$f":"IF(C116=\"rm\",IF(U116=\"aucun\",\"OK\",IF(U116=\"fz\",IF(Y116-W116>730,Y116-W116,\"OK\"),IF(Y116-V116<1,1,Y116-V116))),\"\")","v":21}]
["6164B06","Beef","RM",41020,"PORK BUCKEYE (U.S.) FR","6164B06",37.869999999999997,null,null,null,{"$f":"IF(ISNA(VLOOKUP($D:$D,rend,2,FALSE))=FALSE,VLOOKUP($D:$D,rend,2,FALSE),\"\")","v":0.84556785961909275},{"$f":"IF($C117=\"RM\",IF(ISNA(VLOOKUP($F$2:$F$478,pos,2,FALSE))=FALSE,VLOOKUP($F117:$F$478,pos,2,FALSE),IF(ISNA(VLOOKUP($F$2:$F$478,lot,2,FALSE))=FALSE,VLOOKUP($F$2:$F$478,lot,2,FALSE),\"MANQUANT\")),\"\")","v":"PO-0021732"},{"$f":"IF($C117=\"RM\",IF(ISNA(VLOOKUP($F$2:$F$478,pos,3,FALSE))=FALSE,VLOOKUP($F117:$F573,pos,3,FALSE),\"OP\"),\"\")","v":"DECA"},{"$f":"IF($C117=\"RM\",IF(ISNA(VLOOKUP($F117:$F$471,pos,4,FALSE))=FALSE,VLOOKUP($F$2:$F$471,pos,4,FALSE),\"\"),\"\")","v":1215.0378820000001},{"$f":"IF($C117=\"RM\",IF(ISNA(VLOOKUP($F$2:$F$478,pos,5,FALSE))=FALSE,VLOOKUP($F$2:$F$478,pos,5,FALSE),IF(ISNA(VLOOKUP($F$2:$F$478,lot,5,FALSE))=FALSE,VLOOKUP($F$2:$F$478,lot,5,FALSE),0)),\"\")","v":3.1},{"$f":"IF($H117>0,VLOOKUP($D:$D,prix,15,FALSE),\"\")","v":""},{"$f":"IF($C117=\"RM\",$O117*$G117,\"\")","v":117.39699999999999},{"$f":"IF($H117>0,$H117*$P117,\"\")","v":""},null,{"$f":"IF($F117>0,VALUE(LEFT($F117,4)),\"\")","v":6164},{"$f":"IF(F117>0,IF(ISERROR(SEARCH(\"*FZ*\",$E117))=FALSE,\"FZ\",IF(ISERROR(SEARCH(\"*FR*\",$E117))=FALSE,\"FR\",\"Aucun\")),\"\")","v":"FR"},{"$f":"IF($C117=\"RM\",IF($U117=\"FR\",IF(ISNA(VLOOKUP($F:$F,lot,6,FALSE))=TRUE,VLOOKUP($T:$T,date,2,FALSE),VLOOKUP($F:$F,lot,6,FALSE)),\"\"),\"\")","v":"2016-04-13"},{"$f":"IF($C117=\"RM\",IF($U117=\"Fz\",IF(ISNA(VLOOKUP($F:$F,lot,6,FALSE))=TRUE,VLOOKUP($T:$T,date,2,FALSE),VLOOKUP($F:$F,lot,6,FALSE)),\"\"),\"\")","v":""},{"$f":"IF($C117=\"FG\",VLOOKUP($A:$A,op,4,FALSE),\"\")","v":""},"2016-04-26",{"$f":"IF(C117=\"rm\",IF(U117=\"aucun\",\"OK\",IF(U117=\"fz\",IF(Y117-W117>730,Y117-W117,\"OK\"),IF(Y117-V117<1,1,Y117-V117))),\"\")","v":13}]
["6164B06","Beef","FG",41217,"BONELESS PORK SIRLOIN STRIPS *1/4\" X 3\"* 5 X 1 KG FZ #D","6164B061","",4.9800000000000004,null,null,{"$f":"IF(ISNA(VLOOKUP($D:$D,rend,2,FALSE))=FALSE,VLOOKUP($D:$D,rend,2,FALSE),\"\")","v":0.66952307344419215},{"$f":"IF($C118=\"RM\",IF(ISNA(VLOOKUP($F$2:$F$478,pos,2,FALSE))=FALSE,VLOOKUP($F118:$F$478,pos,2,FALSE),IF(ISNA(VLOOKUP($F$2:$F$478,lot,2,FALSE))=FALSE,VLOOKUP($F$2:$F$478,lot,2,FALSE),\"MANQUANT\")),\"\")","v":""},{"$f":"IF($C118=\"RM\",IF(ISNA(VLOOKUP($F$2:$F$478,pos,3,FALSE))=FALSE,VLOOKUP($F118:$F574,pos,3,FALSE),\"OP\"),\"\")","v":""},{"$f":"IF($C118=\"RM\",IF(ISNA(VLOOKUP($F118:$F$471,pos,4,FALSE))=FALSE,VLOOKUP($F$2:$F$471,pos,4,FALSE),\"\"),\"\")","v":""},{"$f":"IF($C118=\"RM\",IF(ISNA(VLOOKUP($F$2:$F$478,pos,5,FALSE))=FALSE,VLOOKUP($F$2:$F$478,pos,5,FALSE),IF(ISNA(VLOOKUP($F$2:$F$478,lot,5,FALSE))=FALSE,VLOOKUP($F$2:$F$478,lot,5,FALSE),0)),\"\")","v":""},{"$f":"IF($H118>0,VLOOKUP($D:$D,prix,15,FALSE),\"\")","v":7.5},{"$f":"IF($C118=\"RM\",$O118*$G118,\"\")","v":""},{"$f":"IF($H118>0,$H118*$P118,\"\")","v":37.35},null,{"$f":"IF($F118>0,VALUE(LEFT($F118,4)),\"\")","v":6164},{"$f":"IF(F118>0,IF(ISERROR(SEARCH(\"*FZ*\",$E118))=FALSE,\"FZ\",IF(ISERROR(SEARCH(\"*FR*\",$E118))=FALSE,\"FR\",\"Aucun\")),\"\")","v":"FZ"},{"$f":"IF($C118=\"RM\",IF($U118=\"FR\",IF(ISNA(VLOOKUP($F:$F,lot,6,FALSE))=TRUE,VLOOKUP($T:$T,date,2,FALSE),VLOOKUP($F:$F,lot,6,FALSE)),\"\"),\"\")","v":""},{"$f":"IF($C118=\"RM\",IF($U118=\"Fz\",IF(ISNA(VLOOKUP($F:$F,lot,6,FALSE))=TRUE,VLOOKUP($T:$T,date,2,FALSE),VLOOKUP($F:$F,lot,6,FALSE)),\"\"),\"\")","v":""},{"$f":"IF($C118=\"FG\",VLOOKUP($A:$A,op,4,FALSE),\"\")","v":{"$error":"#N/A"}},"2016-04-26",{"$f":"IF(C118=\"rm\",IF(U118=\"aucun\",\"OK\",IF(U118=\"fz\",IF(Y118-W118>730,Y118-W118,\"OK\"),IF(Y118-V118<1,1,Y118-V118))),\"\")","v":""}]
["6164B06","Beef","FG",41312,"ESCALOPE DE PORC TENDERIZE**6X4X110GR (105-115GR,2.64KG/CS) BTE A+ PORTION FZ @P","6164B062","",31.68,null,null,{"$f":"IF(ISNA(VLOOKUP($D:$D,rend,2,FALSE))=FALSE,VLOOKUP($D:$D,rend,2,FALSE),\"\")","v":1},{"$f":"IF($C119=\"RM\",IF(ISNA(VLOOKUP($F$2:$F$478,pos,2,FALSE))=FALSE,VLOOKUP($F119:$F$478,pos,2,FALSE),IF(ISNA(VLOOKUP($F$2:$F$478,lot,2,FALSE))=FALSE,VLOOKUP($F$2:$F$478,lot,2,FALSE),\"MANQUANT\")),\"\")","v":""},{"$f":"IF($C119=\"RM\",IF(ISNA(VLOOKUP($F$2:$F$478,pos,3,FALSE))=FALSE,VLOOKUP($F119:$F575,pos,3,FALSE),\"OP\"),\"\")","v":""},{"$f":"IF($C119=\"RM\",IF(ISNA(VLOOKUP($F119:$F$471,pos,4,FALSE))=FALSE,VLOOKUP($F$2:$F$471,pos,4,FALSE),\"\"),\"\")","v":""},{"$f":"IF($C119=\"RM\",IF(ISNA(VLOOKUP($F$2:$F$478,pos,5,FALSE))=FALSE,VLOOKUP($F$2:$F$478,pos,5,FALSE),IF(ISNA(VLOOKUP($F$2:$F$478,lot,5,FALSE))=FALSE,VLOOKUP($F$2:$F$478,lot,5,FALSE),0)),\"\")","v":""},{"$f":"IF($H119>0,VLOOKUP($D:$D,prix,15,FALSE),\"\")","v":7},{"$f":"IF($C119=\"RM\",$O119*$G119,\"\")","v":""},{"$f":"IF($H119>0,$H119*$P119,\"\")","v":221.76},null,{"$f":"IF($F119>0,VALUE(LEFT($F119,4)),\"\")","v":6164},{"$f":"IF(F119>0,IF(ISERROR(SEARCH(\"*FZ*\",$E119))=FALSE,\"FZ\",IF(ISERROR(SEARCH(\"*FR*\",$E119))=FALSE,\"FR\",\"Aucun\")),\"\")","v":"FZ"},{"$f":"IF($C119=\"RM\",IF($U119=\"FR\",IF(ISNA(VLOOKUP($F:$F,lot,6,FALSE))=TRUE,VLOOKUP($T:$T,date,2,FALSE),VLOOKUP($F:$F,lot,6,FALSE)),\"\"),\"\")","v":""},{"$f":"IF($C119=\"RM\",IF($U119=\"Fz\",IF(ISNA(VLOOKUP($F:$F,lot,6,FALSE))=TRUE,VLOOKUP($T:$T,date,2,FALSE),VLOOKUP($F:$F,lot,6,FALSE)),\"\"),\"\")","v":""},{"$f":"IF($C119=\"FG\",VLOOKUP($A:$A,op,4,FALSE),\"\")","v":{"$error":"#N/A"}},"2016-04-26",{"$f":"IF(C119=\"rm\",IF(U119=\"aucun\",\"OK\",IF(U119=\"fz\",IF(Y119-W119>730,Y119-W119,\"OK\"),IF(Y119-V119<1,1,Y119-V119))),\"\")","v":""}]
["6164B06 Total",null,null,null,null,null,{"$f":"SUBTOTAL(9,G116:G119)","v":54.19},{"$f":"SUBTOTAL(9,H116:H119)","v":36.659999999999997},null,null,null,null,null,null,null,null,{"$f":"SUBTOTAL(9,Q116:Q119)","v":168.31540000000001},{"$f":"SUBTOTAL(9,R116:R119)","v":259.11}]
["6165B02I","Beef","RM",1,"ING EAU","5166AS",29.88,null,null,null,{"$f":"IF(ISNA(VLOOKUP($D:$D,rend,2,FALSE))=FALSE,VLOOKUP($D:$D,rend,2,FALSE),\"\")","v":""},{"$f":"IF($C121=\"RM\",IF(ISNA(VLOOKUP($F$2:$F$478,pos,2,FALSE))=FALSE,VLOOKUP($F121:$F$478,pos,2,FALSE),IF(ISNA(VLOOKUP($F$2:$F$478,lot,2,FALSE))=FALSE,VLOOKUP($F$2:$F$478,lot,2,FALSE),\"MANQUANT\")),\"\")","v":"Aucun"},{"$f":"IF($C121=\"RM\",IF(ISNA(VLOOKUP($F$2:$F$478,pos,3,FALSE))=FALSE,VLOOKUP($F121:$F576,pos,3,FALSE),\"OP\"),\"\")","v":"Aucun"},{"$f":"IF($C121=\"RM\",IF(ISNA(VLOOKUP($F121:$F$471,pos,4,FALSE))=FALSE,VLOOKUP($F$2:$F$471,pos,4,FALSE),\"\"),\"\")","v":0},{"$f":"IF($C121=\"RM\",IF(ISNA(VLOOKUP($F$2:$F$478,pos,5,FALSE))=FALSE,VLOOKUP($F$2:$F$478,pos,5,FALSE),IF(ISNA(VLOOKUP($F$2:$F$478,lot,5,FALSE))=FALSE,VLOOKUP($F$2:$F$478,lot,5,FALSE),0)),\"\")","v":0},{"$f":"IF($H121>0,VLOOKUP($D:$D,prix,15,FALSE),\"\")","v":""},{"$f":"IF($C121=\"RM\",$O121*$G121,\"\")","v":0},{"$f":"IF($H121>0,$H121*$P121,\"\")","v":""},null,{"$f":"IF($F121>0,VALUE(LEFT($F121,4)),\"\")","v":5166},{"$f":"IF(F121>0,IF(ISERROR(SEARCH(\"*FZ*\",$E121))=FALSE,\"FZ\",IF(ISERROR(SEARCH(\"*FR*\",$E121))=FALSE,\"FR\",\"Aucun\")),\"\")","v":"Aucun"},{"$f":"IF($C121=\"RM\",IF($U121=\"FR\",IF(ISNA(VLOOKUP($F:$F,lot,6,FALSE))=TRUE,VLOOKUP($T:$T,date,2,FALSE),VLOOKUP($F:$F,lot,6,FALSE)),\"\"),\"\")","v":""},{"$f":"IF($C121=\"RM\",IF($U121=\"Fz\",IF(ISNA(VLOOKUP($F:$F,lot,6,FALSE))=TRUE,VLOOKUP($T:$T,date,2,FALSE),VLOOKUP($F:$F,lot,6,FALSE)),\"\"),\"\")","v":""},{"$f":"IF($C121=\"FG\",VLOOKUP($A:$A,op,4,FALSE),\"\")","v":""},"2016-04-26",{"$f":"IF(C121=\"rm\",IF(U121=\"aucun\",\"OK\",IF(U121=\"fz\",IF(Y121-W121>730,Y121-W121,\"OK\"),IF(Y121-V121<1,1,Y121-V121))),\"\")","v":"OK"}]
["6165B02I","Beef","RM",30031,"BEEF HEAD MEAT FZ","5232B08",81.27,null,null,null,{"$f":"IF(ISNA(VLOOKUP($D:$D,rend,2,FALSE))=FALSE,VLOOKUP($D:$D,rend,2,FALSE),\"\")","v":0.94223450400465392},{"$f":"IF($C122=\"RM\",IF(ISNA(VLOOKUP($F$2:$F$478,pos,2,FALSE))=FALSE,VLOOKUP($F122:$F$478,pos,2,FALSE),IF(ISNA(VLOOKUP($F$2:$F$478,lot,2,FALSE))=FALSE,VLOOKUP($F$2:$F$478,lot,2,FALSE),\"MANQUANT\")),\"\")","v":"PO-0021612"},{"$f":"IF($C122=\"RM\",IF(ISNA(VLOOKUP($F$2:$F$478,pos,3,FALSE))=FALSE,VLOOKUP($F122:$F577,pos,3,FALSE),\"OP\"),\"\")","v":"C&C"},{"$f":"IF($C122=\"RM\",IF(ISNA(VLOOKUP($F122:$F$471,pos,4,FALSE))=FALSE,VLOOKUP($F$2:$F$471,pos,4,FALSE),\"\"),\"\")","v":2722},{"$f":"IF($C122=\"RM\",IF(ISNA(VLOOKUP($F$2:$F$478,pos,5,FALSE))=FALSE,VLOOKUP($F$2:$F$478,pos,5,FALSE),IF(ISNA(VLOOKUP($F$2:$F$478,lot,5,FALSE))=FALSE,VLOOKUP($F$2:$F$478,lot,5,FALSE),0)),\"\")","v":2.15},{"$f":"IF($H122>0,VLOOKUP($D:$D,prix,15,FALSE),\"\")","v":""},{"$f":"IF($C122=\"RM\",$O122*$G122,\"\")","v":174.73049999999998},{"$f":"IF($H122>0,$H122*$P122,\"\")","v":""},null,{"$f":"IF($F122>0,VALUE(LEFT($F122,4)),\"\")","v":5232},{"$f":"IF(F122>0,IF(ISERROR(SEARCH(\"*FZ*\",$E122))=FALSE,\"FZ\",IF(ISERROR(SEARCH(\"*FR*\",$E122))=FALSE,\"FR\",\"Aucun\")),\"\")","v":"FZ"},{"$f":"IF($C122=\"RM\",IF($U122=\"FR\",IF(ISNA(VLOOKUP($F:$F,lot,6,FALSE))=TRUE,VLOOKUP($T:$T,date,2,FALSE),VLOOKUP($F:$F,lot,6,FALSE)),\"\"),\"\")","v":""},{"$f":"IF($C122=\"RM\",IF($U122=\"Fz\",IF(ISNA(VLOOKUP($F:$F,lot,6,FALSE))=TRUE,VLOOKUP($T:$T,date,2,FALSE),VLOOKUP($F:$F,lot,6,FALSE)),\"\"),\"\")","v":"2015-06-01"},{"$f":"IF($C122=\"FG\",VLOOKUP($A:$A,op,4,FALSE),\"\")","v":""},"2016-04-26",{"$f":"IF(C122=\"rm\",IF(U122=\"aucun\",\"OK\",IF(U122=\"fz\",IF(Y122-W122>730,Y122-W122,\"OK\"),IF(Y122-V122<1,1,Y122-V122))),\"\")","v":"OK"}]
["6165B02I","Beef","RM",30015,"STEER BEEF HEARTS COA REQUIS FZ","6124B04",325.10000000000002,null,null,null,{"$f":"IF(ISNA(VLOOKUP($D:$D,rend,2,FALSE))=FALSE,VLOOKUP($D:$D,rend,2,FALSE),\"\")","v":0.93296923430804701},{"$f":"IF($C123=\"RM\",IF(ISNA(VLOOKUP($F$2:$F$478,pos,2,FALSE))=FALSE,VLOOKUP($F123:$F$478,pos,2,FALSE),IF(ISNA(VLOOKUP($F$2:$F$478,lot,2,FALSE))=FALSE,VLOOKUP($F$2:$F$478,lot,2,FALSE),\"MANQUANT\")),\"\")","v":"PO-0021564"},{"$f":"IF($C123=\"RM\",IF(ISNA(VLOOKUP($F$2:$F$478,pos,3,FALSE))=FALSE,VLOOKUP($F123:$F578,pos,3,FALSE),\"OP\"),\"\")","v":"CHIS"},{"$f":"IF($C123=\"RM\",IF(ISNA(VLOOKUP($F123:$F$471,pos,4,FALSE))=FALSE,VLOOKUP($F$2:$F$471,pos,4,FALSE),\"\"),\"\")","v":18285.12},{"$f":"IF($C123=\"RM\",IF(ISNA(VLOOKUP($F$2:$F$478,pos,5,FALSE))=FALSE,VLOOKUP($F$2:$F$478,pos,5,FALSE),IF(ISNA(VLOOKUP($F$2:$F$478,lot,5,FALSE))=FALSE,VLOOKUP($F$2:$F$478,lot,5,FALSE),0)),\"\")","v":1.5},{"$f":"IF($H123>0,VLOOKUP($D:$D,prix,15,FALSE),\"\")","v":""},{"$f":"IF($C123=\"RM\",$O123*$G123,\"\")","v":487.65000000000003},{"$f":"IF($H123>0,$H123*$P123,\"\")","v":""},null,{"$f":"IF($F123>0,VALUE(LEFT($F123,4)),\"\")","v":6124},{"$f":"IF(F123>0,IF(ISERROR(SEARCH(\"*FZ*\",$E123))=FALSE,\"FZ\",IF(ISERROR(SEARCH(\"*FR*\",$E123))=FALSE,\"FR\",\"Aucun\")),\"\")","v":"FZ"},{"$f":"IF($C123=\"RM\",IF($U123=\"FR\",IF(ISNA(VLOOKUP($F:$F,lot,6,FALSE))=TRUE,VLOOKUP($T:$T,date,2,FALSE),VLOOKUP($F:$F,lot,6,FALSE)),\"\"),\"\")","v":""},{"$f":"IF($C123=\"RM\",IF($U123=\"Fz\",IF(ISNA(VLOOKUP($F:$F,lot,6,FALSE))=TRUE,VLOOKUP($T:$T,date,2,FALSE),VLOOKUP($F:$F,lot,6,FALSE)),\"\"),\"\")","v":"2016-03-16"},{"$f":"IF($C123=\"FG\",VLOOKUP($A:$A,op,4,FALSE),\"\")","v":""},"2016-04-26",{"$f":"IF(C123=\"rm\",IF(U123=\"aucun\",\"OK\",IF(U123=\"fz\",IF(Y123-W123>730,Y123-W123,\"OK\"),IF(Y123-V123<1,1,Y123-V123))),\"\")","v":"OK"}]
["6165B02I","Beef","RM",30028,"BONELESS **90 % BEEF (RM )**COA REQUIRED FR #D","6165B02",163.75,null,null,null,{"$f":"IF(ISNA(VLOOKUP($D:$D,rend,2,FALSE))=FALSE,VLOOKUP($D:$D,rend,2,FALSE),\"\")","v":0.94068809869144898},{"$f":"IF($C124=\"RM\",IF(ISNA(VLOOKUP($F$2:$F$478,pos,2,FALSE))=FALSE,VLOOKUP($F124:$F$478,pos,2,FALSE),IF(ISNA(VLOOKUP($F$2:$F$478,lot,2,FALSE))=FALSE,VLOOKUP($F$2:$F$478,lot,2,FALSE),\"MANQUANT\")),\"\")","v":"PO-0021747"},{"$f":"IF($C124=\"RM\",IF(ISNA(VLOOKUP($F$2:$F$478,pos,3,FALSE))=FALSE,VLOOKUP($F124:$F579,pos,3,FALSE),\"OP\"),\"\")","v":"RYDI"},{"$f":"IF($C124=\"RM\",IF(ISNA(VLOOKUP($F124:$F$471,pos,4,FALSE))=FALSE,VLOOKUP($F$2:$F$471,pos,4,FALSE),\"\"),\"\")","v":1720},{"$f":"IF($C124=\"RM\",IF(ISNA(VLOOKUP($F$2:$F$478,pos,5,FALSE))=FALSE,VLOOKUP($F$2:$F$478,pos,5,FALSE),IF(ISNA(VLOOKUP($F$2:$F$478,lot,5,FALSE))=FALSE,VLOOKUP($F$2:$F$478,lot,5,FALSE),0)),\"\")","v":6.52},{"$f":"IF($H124>0,VLOOKUP($D:$D,prix,15,FALSE),\"\")","v":""},{"$f":"IF($C124=\"RM\",$O124*$G124,\"\")","v":1067.6499999999999},{"$f":"IF($H124>0,$H124*$P124,\"\")","v":""},null,{"$f":"IF($F124>0,VALUE(LEFT($F124,4)),\"\")","v":6165},{"$f":"IF(F124>0,IF(ISERROR(SEARCH(\"*FZ*\",$E124))=FALSE,\"FZ\",IF(ISERROR(SEARCH(\"*FR*\",$E124))=FALSE,\"FR\",\"Aucun\")),\"\")","v":"FR"},{"$f":"IF($C124=\"RM\",IF($U124=\"FR\",IF(ISNA(VLOOKUP($F:$F,lot,6,FALSE))=TRUE,VLOOKUP($T:$T,date,2,FALSE),VLOOKUP($F:$F,lot,6,FALSE)),\"\"),\"\")","v":"2016-04-14"},{"$f":"IF($C124=\"RM\",IF($U124=\"Fz\",IF(ISNA(VLOOKUP($F:$F,lot,6,FALSE))=TRUE,VLOOKUP($T:$T,date,2,FALSE),VLOOKUP($F:$F,lot,6,FALSE)),\"\"),\"\")","v":""},{"$f":"IF($C124=\"FG\",VLOOKUP($A:$A,op,4,FALSE),\"\")","v":""},"2016-04-26",{"$f":"IF(C124=\"rm\",IF(U124=\"aucun\",\"OK\",IF(U124=\"fz\",IF(Y124-W124>730,Y124-W124,\"OK\"),IF(Y124-V124<1,1,Y124-V124))),\"\")","v":12}]
["6165B02I","Beef","FG",21019,"LEAN GROUNDD BEEF (2 X 2.5KG) *BOITE BLANCHE* FZ #D**","6165B0217","",600,null,null,{"$f":"IF(ISNA(VLOOKUP($D:$D,rend,2,FALSE))=FALSE,VLOOKUP($D:$D,rend,2,FALSE),\"\")","v":1},{"$f":"IF($C125=\"RM\",IF(ISNA(VLOOKUP($F$2:$F$478,pos,2,FALSE))=FALSE,VLOOKUP($F125:$F$478,pos,2,FALSE),IF(ISNA(VLOOKUP($F$2:$F$478,lot,2,FALSE))=FALSE,VLOOKUP($F$2:$F$478,lot,2,FALSE),\"MANQUANT\")),\"\")","v":""},{"$f":"IF($C125=\"RM\",IF(ISNA(VLOOKUP($F$2:$F$478,pos,3,FALSE))=FALSE,VLOOKUP($F125:$F580,pos,3,FALSE),\"OP\"),\"\")","v":""},{"$f":"IF($C125=\"RM\",IF(ISNA(VLOOKUP($F125:$F$471,pos,4,FALSE))=FALSE,VLOOKUP($F$2:$F$471,pos,4,FALSE),\"\"),\"\")","v":""},{"$f":"IF($C125=\"RM\",IF(ISNA(VLOOKUP($F$2:$F$478,pos,5,FALSE))=FALSE,VLOOKUP($F$2:$F$478,pos,5,FALSE),IF(ISNA(VLOOKUP($F$2:$F$478,lot,5,FALSE))=FALSE,VLOOKUP($F$2:$F$478,lot,5,FALSE),0)),\"\")","v":""},{"$f":"IF($H125>0,VLOOKUP($D:$D,prix,15,FALSE),\"\")","v":5.2},{"$f":"IF($C125=\"RM\",$O125*$G125,\"\")","v":""},{"$f":"IF($H125>0,$H125*$P125,\"\")","v":3120},null,{"$f":"IF($F125>0,VALUE(LEFT($F125,4)),\"\")","v":6165},{"$f":"IF(F125>0,IF(ISERROR(SEARCH(\"*FZ*\",$E125))=FALSE,\"FZ\",IF(ISERROR(SEARCH(\"*FR*\",$E125))=FALSE,\"FR\",\"Aucun\")),\"\")","v":"FZ"},{"$f":"IF($C125=\"RM\",IF($U125=\"FR\",IF(ISNA(VLOOKUP($F:$F,lot,6,FALSE))=TRUE,VLOOKUP($T:$T,date,2,FALSE),VLOOKUP($F:$F,lot,6,FALSE)),\"\"),\"\")","v":""},{"$f":"IF($C125=\"RM\",IF($U125=\"Fz\",IF(ISNA(VLOOKUP($F:$F,lot,6,FALSE))=TRUE,VLOOKUP($T:$T,date,2,FALSE),VLOOKUP($F:$F,lot,6,FALSE)),\"\"),\"\")","v":""},{"$f":"IF($C125=\"FG\",VLOOKUP($A:$A,op,4,FALSE),\"\")","v":{"$error":"#N/A"}},"2016-04-26",{"$f":"IF(C125=\"rm\",IF(U125=\"aucun\",\"OK\",IF(U125=\"fz\",IF(Y125-W125>730,Y125-W125,\"OK\"),IF(Y125-V125<1,1,Y125-V125))),\"\")","v":""}]
["6165B02I Total",null,null,null,null,null,{"$f":"SUBTOTAL(9,G121:G125)","v":600},{"$f":"SUBTOTAL(9,H121:H125)","v":600},null,null,null,null,null,null,null,null,{"$f":"SUBTOTAL(9,Q121:Q125)","v":1730.0304999999998},{"$f":"SUBTOTAL(9,R121:R125)","v":3120}]
["6165B02J","Beef","RM",1,"ING EAU","5166AS",148.81,null,null,null,{"$f":"IF(ISNA(VLOOKUP($D:$D,rend,2,FALSE))=FALSE,VLOOKUP($D:$D,rend,2,FALSE),\"\")","v":""},{"$f":"IF($C127=\"RM\",IF(ISNA(VLOOKUP($F$2:$F$478,pos,2,FALSE))=FALSE,VLOOKUP($F127:$F$478,pos,2,FALSE),IF(ISNA(VLOOKUP($F$2:$F$478,lot,2,FALSE))=FALSE,VLOOKUP($F$2:$F$478,lot,2,FALSE),\"MANQUANT\")),\"\")","v":"Aucun"},{"$f":"IF($C127=\"RM\",IF(ISNA(VLOOKUP($F$2:$F$478,pos,3,FALSE))=FALSE,VLOOKUP($F127:$F581,pos,3,FALSE),\"OP\"),\"\")","v":"Aucun"},{"$f":"IF($C127=\"RM\",IF(ISNA(VLOOKUP($F127:$F$471,pos,4,FALSE))=FALSE,VLOOKUP($F$2:$F$471,pos,4,FALSE),\"\"),\"\")","v":0},{"$f":"IF($C127=\"RM\",IF(ISNA(VLOOKUP($F$2:$F$478,pos,5,FALSE))=FALSE,VLOOKUP($F$2:$F$478,pos,5,FALSE),IF(ISNA(VLOOKUP($F$2:$F$478,lot,5,FALSE))=FALSE,VLOOKUP($F$2:$F$478,lot,5,FALSE),0)),\"\")","v":0},{"$f":"IF($H127>0,VLOOKUP($D:$D,prix,15,FALSE),\"\")","v":""},{"$f":"IF($C127=\"RM\",$O127*$G127,\"\")","v":0},{"$f":"IF($H127>0,$H127*$P127,\"\")","v":""},null,{"$f":"IF($F127>0,VALUE(LEFT($F127,4)),\"\")","v":5166},{"$f":"IF(F127>0,IF(ISERROR(SEARCH(\"*FZ*\",$E127))=FALSE,\"FZ\",IF(ISERROR(SEARCH(\"*FR*\",$E127))=FALSE,\"FR\",\"Aucun\")),\"\")","v":"Aucun"},{"$f":"IF($C127=\"RM\",IF($U127=\"FR\",IF(ISNA(VLOOKUP($F:$F,lot,6,FALSE))=TRUE,VLOOKUP($T:$T,date,2,FALSE),VLOOKUP($F:$F,lot,6,FALSE)),\"\"),\"\")","v":""},{"$f":"IF($C127=\"RM\",IF($U127=\"Fz\",IF(ISNA(VLOOKUP($F:$F,lot,6,FALSE))=TRUE,VLOOKUP($T:$T,date,2,FALSE),VLOOKUP($F:$F,lot,6,FALSE)),\"\"),\"\")","v":""},{"$f":"IF($C127=\"FG\",VLOOKUP($A:$A,op,4,FALSE),\"\")","v":""},"2016-04-26",{"$f":"IF(C127=\"rm\",IF(U127=\"aucun\",\"OK\",IF(U127=\"fz\",IF(Y127-W127>730,Y127-W127,\"OK\"),IF(Y127-V127<1,1,Y127-V127))),\"\")","v":"OK"}]
["6165B02J","Beef","RM",30032,"BONELESS BEEF 65% TRIMMINGS**RM COA REQUIS FZ #D","5472B04",27,null,null,null,{"$f":"IF(ISNA(VLOOKUP($D:$D,rend,2,FALSE))=FALSE,VLOOKUP($D:$D,rend,2,FALSE),\"\")","v":0.94107352677990375},{"$f":"IF($C128=\"RM\",IF(ISNA(VLOOKUP($F$2:$F$478,pos,2,FALSE))=FALSE,VLOOKUP($F128:$F$478,pos,2,FALSE),IF(ISNA(VLOOKUP($F$2:$F$478,lot,2,FALSE))=FALSE,VLOOKUP($F$2:$F$478,lot,2,FALSE),\"MANQUANT\")),\"\")","v":"PO-0021789"},{"$f":"IF($C128=\"RM\",IF(ISNA(VLOOKUP($F$2:$F$478,pos,3,FALSE))=FALSE,VLOOKUP($F128:$F582,pos,3,FALSE),\"OP\"),\"\")","v":"CHIS"},{"$f":"IF($C128=\"RM\",IF(ISNA(VLOOKUP($F128:$F$471,pos,4,FALSE))=FALSE,VLOOKUP($F$2:$F$471,pos,4,FALSE),\"\"),\"\")","v":24171.360000000001},{"$f":"IF($C128=\"RM\",IF(ISNA(VLOOKUP($F$2:$F$478,pos,5,FALSE))=FALSE,VLOOKUP($F$2:$F$478,pos,5,FALSE),IF(ISNA(VLOOKUP($F$2:$F$478,lot,5,FALSE))=FALSE,VLOOKUP($F$2:$F$478,lot,5,FALSE),0)),\"\")","v":3.15},{"$f":"IF($H128>0,VLOOKUP($D:$D,prix,15,FALSE),\"\")","v":""},{"$f":"IF($C128=\"RM\",$O128*$G128,\"\")","v":85.05},{"$f":"IF($H128>0,$H128*$P128,\"\")","v":""},null,{"$f":"IF($F128>0,VALUE(LEFT($F128,4)),\"\")","v":5472},{"$f":"IF(F128>0,IF(ISERROR(SEARCH(\"*FZ*\",$E128))=FALSE,\"FZ\",IF(ISERROR(SEARCH(\"*FR*\",$E128))=FALSE,\"FR\",\"Aucun\")),\"\")","v":"FZ"},{"$f":"IF($C128=\"RM\",IF($U128=\"FR\",IF(ISNA(VLOOKUP($F:$F,lot,6,FALSE))=TRUE,VLOOKUP($T:$T,date,2,FALSE),VLOOKUP($F:$F,lot,6,FALSE)),\"\"),\"\")","v":""},{"$f":"IF($C128=\"RM\",IF($U128=\"Fz\",IF(ISNA(VLOOKUP($F:$F,lot,6,FALSE))=TRUE,VLOOKUP($T:$T,date,2,FALSE),VLOOKUP($F:$F,lot,6,FALSE)),\"\"),\"\")","v":"2015-11-16"},{"$f":"IF($C128=\"FG\",VLOOKUP($A:$A,op,4,FALSE),\"\")","v":""},"2016-04-26",{"$f":"IF(C128=\"rm\",IF(U128=\"aucun\",\"OK\",IF(U128=\"fz\",IF(Y128-W128>730,Y128-W128,\"OK\"),IF(Y128-V128<1,1,Y128-V128))),\"\")","v":"OK"}]
["6165B02J","Beef","RM",30015,"STEER BEEF HEARTS COA REQUIS FZ","6124B04",1218,null,null,null,{"$f":"IF(ISNA(VLOOKUP($D:$D,rend,2,FALSE))=FALSE,VLOOKUP($D:$D,rend,2,FALSE),\"\")","v":0.93296923430804701},{"$f":"IF($C129=\"RM\",IF(ISNA(VLOOKUP($F$2:$F$478,pos,2,FALSE))=FALSE,VLOOKUP($F129:$F$478,pos,2,FALSE),IF(ISNA(VLOOKUP($F$2:$F$478,lot,2,FALSE))=FALSE,VLOOKUP($F$2:$F$478,lot,2,FALSE),\"MANQUANT\")),\"\")","v":"PO-0021564"},{"$f":"IF($C129=\"RM\",IF(ISNA(VLOOKUP($F$2:$F$478,pos,3,FALSE))=FALSE,VLOOKUP($F129:$F583,pos,3,FALSE),\"OP\"),\"\")","v":"CHIS"},{"$f":"IF($C129=\"RM\",IF(ISNA(VLOOKUP($F129:$F$471,pos,4,FALSE))=FALSE,VLOOKUP($F$2:$F$471,pos,4,FALSE),\"\"),\"\")","v":18285.12},{"$f":"IF($C129=\"RM\",IF(ISNA(VLOOKUP($F$2:$F$478,pos,5,FALSE))=FALSE,VLOOKUP($F$2:$F$478,pos,5,FALSE),IF(ISNA(VLOOKUP($F$2:$F$478,lot,5,FALSE))=FALSE,VLOOKUP($F$2:$F$478,lot,5,FALSE),0)),\"\")","v":1.5},{"$f":"IF($H129>0,VLOOKUP($D:$D,prix,15,FALSE),\"\")","v":""},{"$f":"IF($C129=\"RM\",$O129*$G129,\"\")","v":1827},{"$f":"IF($H129>0,$H129*$P129,\"\")","v":""},null,{"$f":"IF($F129>0,VALUE(LEFT($F129,4)),\"\")","v":6124},{"$f":"IF(F129>0,IF(ISERROR(SEARCH(\"*FZ*\",$E129))=FALSE,\"FZ\",IF(ISERROR(SEARCH(\"*FR*\",$E129))=FALSE,\"FR\",\"Aucun\")),\"\")","v":"FZ"},{"$f":"IF($C129=\"RM\",IF($U129=\"FR\",IF(ISNA(VLOOKUP($F:$F,lot,6,FALSE))=TRUE,VLOOKUP($T:$T,date,2,FALSE),VLOOKUP($F:$F,lot,6,FALSE)),\"\"),\"\")","v":""},{"$f":"IF($C129=\"RM\",IF($U129=\"Fz\",IF(ISNA(VLOOKUP($F:$F,lot,6,FALSE))=TRUE,VLOOKUP($T:$T,date,2,FALSE),VLOOKUP($F:$F,lot,6,FALSE)),\"\"),\"\")","v":"2016-03-16"},{"$f":"IF($C129=\"FG\",VLOOKUP($A:$A,op,4,FALSE),\"\")","v":""},"2016-04-26",{"$f":"IF(C129=\"rm\",IF(U129=\"aucun\",\"OK\",IF(U129=\"fz\",IF(Y129-W129>730,Y129-W129,\"OK\"),IF(Y129-V129<1,1,Y129-V129))),\"\")","v":"OK"}]
["6165B02J","Beef","RM",30028,"BONELESS **90 % BEEF (RM )**COA REQUIRED FR #D","6165B02",424,null,null,null,{"$f":"IF(ISNA(VLOOKUP($D:$D,rend,2,FALSE))=FALSE,VLOOKUP($D:$D,rend,2,FALSE),\"\")","v":0.94068809869144898},{"$f":"IF($C130=\"RM\",IF(ISNA(VLOOKUP($F$2:$F$478,pos,2,FALSE))=FALSE,VLOOKUP($F130:$F$478,pos,2,FALSE),IF(ISNA(VLOOKUP($F$2:$F$478,lot,2,FALSE))=FALSE,VLOOKUP($F$2:$F$478,lot,2,FALSE),\"MANQUANT\")),\"\")","v":"PO-0021747"},{"$f":"IF($C130=\"RM\",IF(ISNA(VLOOKUP($F$2:$F$478,pos,3,FALSE))=FALSE,VLOOKUP($F130:$F584,pos,3,FALSE),\"OP\"),\"\")","v":"RYDI"},{"$f":"IF($C130=\"RM\",IF(ISNA(VLOOKUP($F130:$F$471,pos,4,FALSE))=FALSE,VLOOKUP($F$2:$F$471,pos,4,FALSE),\"\"),\"\")","v":1720},{"$f":"IF($C130=\"RM\",IF(ISNA(VLOOKUP($F$2:$F$478,pos,5,FALSE))=FALSE,VLOOKUP($F$2:$F$478,pos,5,FALSE),IF(ISNA(VLOOKUP($F$2:$F$478,lot,5,FALSE))=FALSE,VLOOKUP($F$2:$F$478,lot,5,FALSE),0)),\"\")","v":6.52},{"$f":"IF($H130>0,VLOOKUP($D:$D,prix,15,FALSE),\"\")","v":""},{"$f":"IF($C130=\"RM\",$O130*$G130,\"\")","v":2764.48},{"$f":"IF($H130>0,$H130*$P130,\"\")","v":""},null,{"$f":"IF($F130>0,VALUE(LEFT($F130,4)),\"\")","v":6165},{"$f":"IF(F130>0,IF(ISERROR(SEARCH(\"*FZ*\",$E130))=FALSE,\"FZ\",IF(ISERROR(SEARCH(\"*FR*\",$E130))=FALSE,\"FR\",\"Aucun\")),\"\")","v":"FR"},{"$f":"IF($C130=\"RM\",IF($U130=\"FR\",IF(ISNA(VLOOKUP($F:$F,lot,6,FALSE))=TRUE,VLOOKUP($T:$T,date,2,FALSE),VLOOKUP($F:$F,lot,6,FALSE)),\"\"),\"\")","v":"2016-04-14"},{"$f":"IF($C130=\"RM\",IF($U130=\"Fz\",IF(ISNA(VLOOKUP($F:$F,lot,6,FALSE))=TRUE,VLOOKUP($T:$T,date,2,FALSE),VLOOKUP($F:$F,lot,6,FALSE)),\"\"),\"\")","v":""},{"$f":"IF($C130=\"FG\",VLOOKUP($A:$A,op,4,FALSE),\"\")","v":""},"2016-04-26",{"$f":"IF(C130=\"rm\",IF(U130=\"aucun\",\"OK\",IF(U130=\"fz\",IF(Y130-W130>730,Y130-W130,\"OK\"),IF(Y130-V130<1,1,Y130-V130))),\"\")","v":12}]
["6165B02J","Beef","RM",30028,"BONELESS **90 % BEEF (RM )**COA REQUIRED FR #D","6166B02",798,null,null,null,{"$f":"IF(ISNA(VLOOKUP($D:$D,rend,2,FALSE))=FALSE,VLOOKUP($D:$D,rend,2,FALSE),\"\")","v":0.94068809869144898},{"$f":"IF($C131=\"RM\",IF(ISNA(VLOOKUP($F$2:$F$478,pos,2,FALSE))=FALSE,VLOOKUP($F131:$F$478,pos,2,FALSE),IF(ISNA(VLOOKUP($F$2:$F$478,lot,2,FALSE))=FALSE,VLOOKUP($F$2:$F$478,lot,2,FALSE),\"MANQUANT\")),\"\")","v":"PO-0021748"},{"$f":"IF($C131=\"RM\",IF(ISNA(VLOOKUP($F$2:$F$478,pos,3,FALSE))=FALSE,VLOOKUP($F131:$F585,pos,3,FALSE),\"OP\"),\"\")","v":"RYDI"},{"$f":"IF($C131=\"RM\",IF(ISNA(VLOOKUP($F131:$F$471,pos,4,FALSE))=FALSE,VLOOKUP($F$2:$F$471,pos,4,FALSE),\"\"),\"\")","v":1731},{"$f":"IF($C131=\"RM\",IF(ISNA(VLOOKUP($F$2:$F$478,pos,5,FALSE))=FALSE,VLOOKUP($F$2:$F$478,pos,5,FALSE),IF(ISNA(VLOOKUP($F$2:$F$478,lot,5,FALSE))=FALSE,VLOOKUP($F$2:$F$478,lot,5,FALSE),0)),\"\")","v":6.68},{"$f":"IF($H131>0,VLOOKUP($D:$D,prix,15,FALSE),\"\")","v":""},{"$f":"IF($C131=\"RM\",$O131*$G131,\"\")","v":5330.6399999999994},{"$f":"IF($H131>0,$H131*$P131,\"\")","v":""},null,{"$f":"IF($F131>0,VALUE(LEFT($F131,4)),\"\")","v":6166},{"$f":"IF(F131>0,IF(ISERROR(SEARCH(\"*FZ*\",$E131))=FALSE,\"FZ\",IF(ISERROR(SEARCH(\"*FR*\",$E131))=FALSE,\"FR\",\"Aucun\")),\"\")","v":"FR"},{"$f":"IF($C131=\"RM\",IF($U131=\"FR\",IF(ISNA(VLOOKUP($F:$F,lot,6,FALSE))=TRUE,VLOOKUP($T:$T,date,2,FALSE),VLOOKUP($F:$F,lot,6,FALSE)),\"\"),\"\")","v":"2016-04-15"},{"$f":"IF($C131=\"RM\",IF($U131=\"Fz\",IF(ISNA(VLOOKUP($F:$F,lot,6,FALSE))=TRUE,VLOOKUP($T:$T,date,2,FALSE),VLOOKUP($F:$F,lot,6,FALSE)),\"\"),\"\")","v":""},{"$f":"IF($C131=\"FG\",VLOOKUP($A:$A,op,4,FALSE),\"\")","v":""},"2016-04-26",{"$f":"IF(C131=\"rm\",IF(U131=\"aucun\",\"OK\",IF(U131=\"fz\",IF(Y131-W131>730,Y131-W131,\"OK\"),IF(Y131-V131<1,1,Y131-V131))),\"\")","v":11}]
["6165B02J","Beef","RM",30001,"BNLS BEEF TRIMMINGS 65%**RAW MATERIAL* COA REQUIS FR #D","6172B02",48,null,null,null,{"$f":"IF(ISNA(VLOOKUP($D:$D,rend,2,FALSE))=FALSE,VLOOKUP($D:$D,rend,2,FALSE),\"\")","v":0.93871973440613066},{"$f":"IF($C132=\"RM\",IF(ISNA(VLOOKUP($F$2:$F$478,pos,2,FALSE))=FALSE,VLOOKUP($F132:$F$478,pos,2,FALSE),IF(ISNA(VLOOKUP($F$2:$F$478,lot,2,FALSE))=FALSE,VLOOKUP($F$2:$F$478,lot,2,FALSE),\"MANQUANT\")),\"\")","v":"PO-0021748"},{"$f":"IF($C132=\"RM\",IF(ISNA(VLOOKUP($F$2:$F$478,pos,3,FALSE))=FALSE,VLOOKUP($F132:$F586,pos,3,FALSE),\"OP\"),\"\")","v":"RYDI"},{"$f":"IF($C132=\"RM\",IF(ISNA(VLOOKUP($F132:$F$471,pos,4,FALSE))=FALSE,VLOOKUP($F$2:$F$471,pos,4,FALSE),\"\"),\"\")","v":800},{"$f":"IF($C132=\"RM\",IF(ISNA(VLOOKUP($F$2:$F$478,pos,5,FALSE))=FALSE,VLOOKUP($F$2:$F$478,pos,5,FALSE),IF(ISNA(VLOOKUP($F$2:$F$478,lot,5,FALSE))=FALSE,VLOOKUP($F$2:$F$478,lot,5,FALSE),0)),\"\")","v":4.04},{"$f":"IF($H132>0,VLOOKUP($D:$D,prix,15,FALSE),\"\")","v":""},{"$f":"IF($C132=\"RM\",$O132*$G132,\"\")","v":193.92000000000002},{"$f":"IF($H132>0,$H132*$P132,\"\")","v":""},null,{"$f":"IF($F132>0,VALUE(LEFT($F132,4)),\"\")","v":6172},{"$f":"IF(F132>0,IF(ISERROR(SEARCH(\"*FZ*\",$E132))=FALSE,\"FZ\",IF(ISERROR(SEARCH(\"*FR*\",$E132))=FALSE,\"FR\",\"Aucun\")),\"\")","v":"FR"},{"$f":"IF($C132=\"RM\",IF($U132=\"FR\",IF(ISNA(VLOOKUP($F:$F,lot,6,FALSE))=TRUE,VLOOKUP($T:$T,date,2,FALSE),VLOOKUP($F:$F,lot,6,FALSE)),\"\"),\"\")","v":"2016-04-18"},{"$f":"IF($C132=\"RM\",IF($U132=\"Fz\",IF(ISNA(VLOOKUP($F:$F,lot,6,FALSE))=TRUE,VLOOKUP($T:$T,date,2,FALSE),VLOOKUP($F:$F,lot,6,FALSE)),\"\"),\"\")","v":""},{"$f":"IF($C132=\"FG\",VLOOKUP($A:$A,op,4,FALSE),\"\")","v":""},"2016-04-26",{"$f":"IF(C132=\"rm\",IF(U132=\"aucun\",\"OK\",IF(U132=\"fz\",IF(Y132-W132>730,Y132-W132,\"OK\"),IF(Y132-V132<1,1,Y132-V132))),\"\")","v":8}]
["6165B02J","Beef","RM",30028,"BONELESS **90 % BEEF (RM )**COA REQUIRED FR #D","6174B02",266,null,null,null,{"$f":"IF(ISNA(VLOOKUP($D:$D,rend,2,FALSE))=FALSE,VLOOKUP($D:$D,rend,2,FALSE),\"\")","v":0.94068809869144898},{"$f":"IF($C133=\"RM\",IF(ISNA(VLOOKUP($F$2:$F$478,pos,2,FALSE))=FALSE,VLOOKUP($F133:$F$478,pos,2,FALSE),IF(ISNA(VLOOKUP($F$2:$F$478,lot,2,FALSE))=FALSE,VLOOKUP($F$2:$F$478,lot,2,FALSE),\"MANQUANT\")),\"\")","v":"PO-0021749"},{"$f":"IF($C133=\"RM\",IF(ISNA(VLOOKUP($F$2:$F$478,pos,3,FALSE))=FALSE,VLOOKUP($F133:$F587,pos,3,FALSE),\"OP\"),\"\")","v":"RYDI"},{"$f":"IF($C133=\"RM\",IF(ISNA(VLOOKUP($F133:$F$471,pos,4,FALSE))=FALSE,VLOOKUP($F$2:$F$471,pos,4,FALSE),\"\"),\"\")","v":866.5},{"$f":"IF($C133=\"RM\",IF(ISNA(VLOOKUP($F$2:$F$478,pos,5,FALSE))=FALSE,VLOOKUP($F$2:$F$478,pos,5,FALSE),IF(ISNA(VLOOKUP($F$2:$F$478,lot,5,FALSE))=FALSE,VLOOKUP($F$2:$F$478,lot,5,FALSE),0)),\"\")","v":6.68},{"$f":"IF($H133>0,VLOOKUP($D:$D,prix,15,FALSE),\"\")","v":""},{"$f":"IF($C133=\"RM\",$O133*$G133,\"\")","v":1776.8799999999999},{"$f":"IF($H133>0,$H133*$P133,\"\")","v":""},null,{"$f":"IF($F133>0,VALUE(LEFT($F133,4)),\"\")","v":6174},{"$f":"IF(F133>0,IF(ISERROR(SEARCH(\"*FZ*\",$E133))=FALSE,\"FZ\",IF(ISERROR(SEARCH(\"*FR*\",$E133))=FALSE,\"FR\",\"Aucun\")),\"\")","v":"FR"},{"$f":"IF($C133=\"RM\",IF($U133=\"FR\",IF(ISNA(VLOOKUP($F:$F,lot,6,FALSE))=TRUE,VLOOKUP($T:$T,date,2,FALSE),VLOOKUP($F:$F,lot,6,FALSE)),\"\"),\"\")","v":"2016-04-20"},{"$f":"IF($C133=\"RM\",IF($U133=\"Fz\",IF(ISNA(VLOOKUP($F:$F,lot,6,FALSE))=TRUE,VLOOKUP($T:$T,date,2,FALSE),VLOOKUP($F:$F,lot,6,FALSE)),\"\"),\"\")","v":""},{"$f":"IF($C133=\"FG\",VLOOKUP($A:$A,op,4,FALSE),\"\")","v":""},"2016-04-26",{"$f":"IF(C133=\"rm\",IF(U133=\"aucun\",\"OK\",IF(U133=\"fz\",IF(Y133-W133>730,Y133-W133,\"OK\"),IF(Y133-V133<1,1,Y133-V133))),\"\")","v":6}]
["6165B02J","Beef","RM",30001,"BNLS BEEF TRIMMINGS 65%**RAW MATERIAL* COA REQUIS FR #D","6175B07",70,null,null,null,{"$f":"IF(ISNA(VLOOKUP($D:$D,rend,2,FALSE))=FALSE,VLOOKUP($D:$D,rend,2,FALSE),\"\")","v":0.93871973440613066},{"$f":"IF($C134=\"RM\",IF(ISNA(VLOOKUP($F$2:$F$478,pos,2,FALSE))=FALSE,VLOOKUP($F134:$F$478,pos,2,FALSE),IF(ISNA(VLOOKUP($F$2:$F$478,lot,2,FALSE))=FALSE,VLOOKUP($F$2:$F$478,lot,2,FALSE),\"MANQUANT\")),\"\")","v":"PO-0021815"},{"$f":"IF($C134=\"RM\",IF(ISNA(VLOOKUP($F$2:$F$478,pos,3,FALSE))=FALSE,VLOOKUP($F134:$F588,pos,3,FALSE),\"OP\"),\"\")","v":"RYDI"},{"$f":"IF($C134=\"RM\",IF(ISNA(VLOOKUP($F134:$F$471,pos,4,FALSE))=FALSE,VLOOKUP($F$2:$F$471,pos,4,FALSE),\"\"),\"\")","v":800},{"$f":"IF($C134=\"RM\",IF(ISNA(VLOOKUP($F$2:$F$478,pos,5,FALSE))=FALSE,VLOOKUP($F$2:$F$478,pos,5,FALSE),IF(ISNA(VLOOKUP($F$2:$F$478,lot,5,FALSE))=FALSE,VLOOKUP($F$2:$F$478,lot,5,FALSE),0)),\"\")","v":3.79},{"$f":"IF($H134>0,VLOOKUP($D:$D,prix,15,FALSE),\"\")","v":""},{"$f":"IF($C134=\"RM\",$O134*$G134,\"\")","v":265.3},{"$f":"IF($H134>0,$H134*$P134,\"\")","v":""},null,{"$f":"IF($F134>0,VALUE(LEFT($F134,4)),\"\")","v":6175},{"$f":"IF(F134>0,IF(ISERROR(SEARCH(\"*FZ*\",$E134))=FALSE,\"FZ\",IF(ISERROR(SEARCH(\"*FR*\",$E134))=FALSE,\"FR\",\"Aucun\")),\"\")","v":"FR"},{"$f":"IF($C134=\"RM\",IF($U134=\"FR\",IF(ISNA(VLOOKUP($F:$F,lot,6,FALSE))=TRUE,VLOOKUP($T:$T,date,2,FALSE),VLOOKUP($F:$F,lot,6,FALSE)),\"\"),\"\")","v":"2016-04-21"},{"$f":"IF($C134=\"RM\",IF($U134=\"Fz\",IF(ISNA(VLOOKUP($F:$F,lot,6,FALSE))=TRUE,VLOOKUP($T:$T,date,2,FALSE),VLOOKUP($F:$F,lot,6,FALSE)),\"\"),\"\")","v":""},{"$f":"IF($C134=\"FG\",VLOOKUP($A:$A,op,4,FALSE),\"\")","v":""},"2016-04-26",{"$f":"IF(C134=\"rm\",IF(U134=\"aucun\",\"OK\",IF(U134=\"fz\",IF(Y134-W134>730,Y134-W134,\"OK\"),IF(Y134-V134<1,1,Y134-V134))),\"\")","v":5}]
["6165B02J","Beef","FG",21017,"LEAN GROUND BEEF ANGUS ALPHA  (4 X .400gr, 1.6 KG) 10 SAC/ CAISSE FZ #D","6165B0218","",2992,null,null,{"$f":"IF(ISNA(VLOOKUP($D:$D,rend,2,FALSE))=FALSE,VLOOKUP($D:$D,rend,2,FALSE),\"\")","v":1},{"$f":"IF($C135=\"RM\",IF(ISNA(VLOOKUP($F$2:$F$478,pos,2,FALSE))=FALSE,VLOOKUP($F135:$F$478,pos,2,FALSE),IF(ISNA(VLOOKUP($F$2:$F$478,lot,2,FALSE))=FALSE,VLOOKUP($F$2:$F$478,lot,2,FALSE),\"MANQUANT\")),\"\")","v":""},{"$f":"IF($C135=\"RM\",IF(ISNA(VLOOKUP($F$2:$F$478,pos,3,FALSE))=FALSE,VLOOKUP($F135:$F589,pos,3,FALSE),\"OP\"),\"\")","v":""},{"$f":"IF($C135=\"RM\",IF(ISNA(VLOOKUP($F135:$F$471,pos,4,FALSE))=FALSE,VLOOKUP($F$2:$F$471,pos,4,FALSE),\"\"),\"\")","v":""},{"$f":"IF($C135=\"RM\",IF(ISNA(VLOOKUP($F$2:$F$478,pos,5,FALSE))=FALSE,VLOOKUP($F$2:$F$478,pos,5,FALSE),IF(ISNA(VLOOKUP($F$2:$F$478,lot,5,FALSE))=FALSE,VLOOKUP($F$2:$F$478,lot,5,FALSE),0)),\"\")","v":""},{"$f":"IF($H135>0,VLOOKUP($D:$D,prix,15,FALSE),\"\")","v":6.25},{"$f":"IF($C135=\"RM\",$O135*$G135,\"\")","v":""},{"$f":"IF($H135>0,$H135*$P135,\"\")","v":18700},null,{"$f":"IF($F135>0,VALUE(LEFT($F135,4)),\"\")","v":6165},{"$f":"IF(F135>0,IF(ISERROR(SEARCH(\"*FZ*\",$E135))=FALSE,\"FZ\",IF(ISERROR(SEARCH(\"*FR*\",$E135))=FALSE,\"FR\",\"Aucun\")),\"\")","v":"FZ"},{"$f":"IF($C135=\"RM\",IF($U135=\"FR\",IF(ISNA(VLOOKUP($F:$F,lot,6,FALSE))=TRUE,VLOOKUP($T:$T,date,2,FALSE),VLOOKUP($F:$F,lot,6,FALSE)),\"\"),\"\")","v":""},{"$f":"IF($C135=\"RM\",IF($U135=\"Fz\",IF(ISNA(VLOOKUP($F:$F,lot,6,FALSE))=TRUE,VLOOKUP($T:$T,date,2,FALSE),VLOOKUP($F:$F,lot,6,FALSE)),\"\"),\"\")","v":""},{"$f":"IF($C135=\"FG\",VLOOKUP($A:$A,op,4,FALSE),\"\")","v":{"$error":"#N/A"}},"2016-04-26",{"$f":"IF(C135=\"rm\",IF(U135=\"aucun\",\"OK\",IF(U135=\"fz\",IF(Y135-W135>730,Y135-W135,\"OK\"),IF(Y135-V135<1,1,Y135-V135))),\"\")","v":""}]
["6165B02J","Beef","FG",21018,"MIX GROUND BEEF AND PORK ( 4X 500 GR, 2 KG)  8 SAC/ CAISSE FZ #D","6165B0219","",0,null,null,{"$f":"IF(ISNA(VLOOKUP($D:$D,rend,2,FALSE))=FALSE,VLOOKUP($D:$D,rend,2,FALSE),\"\")","v":1},{"$f":"IF($C136=\"RM\",IF(ISNA(VLOOKUP($F$2:$F$478,pos,2,FALSE))=FALSE,VLOOKUP($F136:$F$478,pos,2,FALSE),IF(ISNA(VLOOKUP($F$2:$F$478,lot,2,FALSE))=FALSE,VLOOKUP($F$2:$F$478,lot,2,FALSE),\"MANQUANT\")),\"\")","v":""},{"$f":"IF($C136=\"RM\",IF(ISNA(VLOOKUP($F$2:$F$478,pos,3,FALSE))=FALSE,VLOOKUP($F136:$F590,pos,3,FALSE),\"OP\"),\"\")","v":""},{"$f":"IF($C136=\"RM\",IF(ISNA(VLOOKUP($F136:$F$471,pos,4,FALSE))=FALSE,VLOOKUP($F$2:$F$471,pos,4,FALSE),\"\"),\"\")","v":""},{"$f":"IF($C136=\"RM\",IF(ISNA(VLOOKUP($F$2:$F$478,pos,5,FALSE))=FALSE,VLOOKUP($F$2:$F$478,pos,5,FALSE),IF(ISNA(VLOOKUP($F$2:$F$478,lot,5,FALSE))=FALSE,VLOOKUP($F$2:$F$478,lot,5,FALSE),0)),\"\")","v":""},{"$f":"IF($H136>0,VLOOKUP($D:$D,prix,15,FALSE),\"\")","v":""},{"$f":"IF($C136=\"RM\",$O136*$G136,\"\")","v":""},{"$f":"IF($H136>0,$H136*$P136,\"\")","v":""},null,{"$f":"IF($F136>0,VALUE(LEFT($F136,4)),\"\")","v":6165},{"$f":"IF(F136>0,IF(ISERROR(SEARCH(\"*FZ*\",$E136))=FALSE,\"FZ\",IF(ISERROR(SEARCH(\"*FR*\",$E136))=FALSE,\"FR\",\"Aucun\")),\"\")","v":"FZ"},{"$f":"IF($C136=\"RM\",IF($U136=\"FR\",IF(ISNA(VLOOKUP($F:$F,lot,6,FALSE))=TRUE,VLOOKUP($T:$T,date,2,FALSE),VLOOKUP($F:$F,lot,6,FALSE)),\"\"),\"\")","v":""},{"$f":"IF($C136=\"RM\",IF($U136=\"Fz\",IF(ISNA(VLOOKUP($F:$F,lot,6,FALSE))=TRUE,VLOOKUP($T:$T,date,2,FALSE),VLOOKUP($F:$F,lot,6,FALSE)),\"\"),\"\")","v":""},{"$f":"IF($C136=\"FG\",VLOOKUP($A:$A,op,4,FALSE),\"\")","v":{"$error":"#N/A"}},"2016-04-26",{"$f":"IF(C136=\"rm\",IF(U136=\"aucun\",\"OK\",IF(U136=\"fz\",IF(Y136-W136>730,Y136-W136,\"OK\"),IF(Y136-V136<1,1,Y136-V136))),\"\")","v":""}]
["6165B02J","Beef","FG",31503,"LEAN GROUND BEEF *IN PROCESS* CODE: 32004,005,012,014,016,023,031,033 FR","6165B0221","",5.84,null,null,{"$f":"IF(ISNA(VLOOKUP($D:$D,rend,2,FALSE))=FALSE,VLOOKUP($D:$D,rend,2,FALSE),\"\")","v":0.95706920057671174},{"$f":"IF($C137=\"RM\",IF(ISNA(VLOOKUP($F$2:$F$478,pos,2,FALSE))=FALSE,VLOOKUP($F137:$F$478,pos,2,FALSE),IF(ISNA(VLOOKUP($F$2:$F$478,lot,2,FALSE))=FALSE,VLOOKUP($F$2:$F$478,lot,2,FALSE),\"MANQUANT\")),\"\")","v":""},{"$f":"IF($C137=\"RM\",IF(ISNA(VLOOKUP($F$2:$F$478,pos,3,FALSE))=FALSE,VLOOKUP($F137:$F591,pos,3,FALSE),\"OP\"),\"\")","v":""},{"$f":"IF($C137=\"RM\",IF(ISNA(VLOOKUP($F137:$F$471,pos,4,FALSE))=FALSE,VLOOKUP($F$2:$F$471,pos,4,FALSE),\"\"),\"\")","v":""},{"$f":"IF($C137=\"RM\",IF(ISNA(VLOOKUP($F$2:$F$478,pos,5,FALSE))=FALSE,VLOOKUP($F$2:$F$478,pos,5,FALSE),IF(ISNA(VLOOKUP($F$2:$F$478,lot,5,FALSE))=FALSE,VLOOKUP($F$2:$F$478,lot,5,FALSE),0)),\"\")","v":""},{"$f":"IF($H137>0,VLOOKUP($D:$D,prix,15,FALSE),\"\")","v":7.65},{"$f":"IF($C137=\"RM\",$O137*$G137,\"\")","v":""},{"$f":"IF($H137>0,$H137*$P137,\"\")","v":44.676000000000002},null,{"$f":"IF($F137>0,VALUE(LEFT($F137,4)),\"\")","v":6165},{"$f":"IF(F137>0,IF(ISERROR(SEARCH(\"*FZ*\",$E137))=FALSE,\"FZ\",IF(ISERROR(SEARCH(\"*FR*\",$E137))=FALSE,\"FR\",\"Aucun\")),\"\")","v":"FR"},{"$f":"IF($C137=\"RM\",IF($U137=\"FR\",IF(ISNA(VLOOKUP($F:$F,lot,6,FALSE))=TRUE,VLOOKUP($T:$T,date,2,FALSE),VLOOKUP($F:$F,lot,6,FALSE)),\"\"),\"\")","v":""},{"$f":"IF($C137=\"RM\",IF($U137=\"Fz\",IF(ISNA(VLOOKUP($F:$F,lot,6,FALSE))=TRUE,VLOOKUP($T:$T,date,2,FALSE),VLOOKUP($F:$F,lot,6,FALSE)),\"\"),\"\")","v":""},{"$f":"IF($C137=\"FG\",VLOOKUP($A:$A,op,4,FALSE),\"\")","v":{"$error":"#N/A"}},"2016-04-26",{"$f":"IF(C137=\"rm\",IF(U137=\"aucun\",\"OK\",IF(U137=\"fz\",IF(Y137-W137>730,Y137-W137,\"OK\"),IF(Y137-V137<1,1,Y137-V137))),\"\")","v":""}]
["6165B02J Total",null,null,null,null,null,{"$f":"SUBTOTAL(9,G127:G137)","v":2999.81},{"$f":"SUBTOTAL(9,H127:H137)","v":2997.84},null,null,null,null,null,null,null,null,{"$f":"SUBTOTAL(9,Q127:Q137)","v":12243.269999999997},{"$f":"SUBTOTAL(9,R127:R137)","v":18744.675999999999}]
["6165B02K","Beef","RM",1,"ING EAU","5166AS",2,null,null,null,{"$f":"IF(ISNA(VLOOKUP($D:$D,rend,2,FALSE))=FALSE,VLOOKUP($D:$D,rend,2,FALSE),\"\")","v":""},{"$f":"IF($C139=\"RM\",IF(ISNA(VLOOKUP($F$2:$F$478,pos,2,FALSE))=FALSE,VLOOKUP($F139:$F$478,pos,2,FALSE),IF(ISNA(VLOOKUP($F$2:$F$478,lot,2,FALSE))=FALSE,VLOOKUP($F$2:$F$478,lot,2,FALSE),\"MANQUANT\")),\"\")","v":"Aucun"},{"$f":"IF($C139=\"RM\",IF(ISNA(VLOOKUP($F$2:$F$478,pos,3,FALSE))=FALSE,VLOOKUP($F139:$F592,pos,3,FALSE),\"OP\"),\"\")","v":"Aucun"},{"$f":"IF($C139=\"RM\",IF(ISNA(VLOOKUP($F139:$F$471,pos,4,FALSE))=FALSE,VLOOKUP($F$2:$F$471,pos,4,FALSE),\"\"),\"\")","v":0},{"$f":"IF($C139=\"RM\",IF(ISNA(VLOOKUP($F$2:$F$478,pos,5,FALSE))=FALSE,VLOOKUP($F$2:$F$478,pos,5,FALSE),IF(ISNA(VLOOKUP($F$2:$F$478,lot,5,FALSE))=FALSE,VLOOKUP($F$2:$F$478,lot,5,FALSE),0)),\"\")","v":0},{"$f":"IF($H139>0,VLOOKUP($D:$D,prix,15,FALSE),\"\")","v":""},{"$f":"IF($C139=\"RM\",$O139*$G139,\"\")","v":0},{"$f":"IF($H139>0,$H139*$P139,\"\")","v":""},null,{"$f":"IF($F139>0,VALUE(LEFT($F139,4)),\"\")","v":5166},{"$f":"IF(F139>0,IF(ISERROR(SEARCH(\"*FZ*\",$E139))=FALSE,\"FZ\",IF(ISERROR(SEARCH(\"*FR*\",$E139))=FALSE,\"FR\",\"Aucun\")),\"\")","v":"Aucun"},{"$f":"IF($C139=\"RM\",IF($U139=\"FR\",IF(ISNA(VLOOKUP($F:$F,lot,6,FALSE))=TRUE,VLOOKUP($T:$T,date,2,FALSE),VLOOKUP($F:$F,lot,6,FALSE)),\"\"),\"\")","v":""},{"$f":"IF($C139=\"RM\",IF($U139=\"Fz\",IF(ISNA(VLOOKUP($F:$F,lot,6,FALSE))=TRUE,VLOOKUP($T:$T,date,2,FALSE),VLOOKUP($F:$F,lot,6,FALSE)),\"\"),\"\")","v":""},{"$f":"IF($C139=\"FG\",VLOOKUP($A:$A,op,4,FALSE),\"\")","v":""},"2016-04-26",{"$f":"IF(C139=\"rm\",IF(U139=\"aucun\",\"OK\",IF(U139=\"fz\",IF(Y139-W139>730,Y139-W139,\"OK\"),IF(Y139-V139<1,1,Y139-V139))),\"\")","v":"OK"}]
["6165B02K","Beef","RM",30032,"BONELESS BEEF 65% TRIMMINGS**RM COA REQUIS FZ #D","5472B04",54.4,null,null,null,{"$f":"IF(ISNA(VLOOKUP($D:$D,rend,2,FALSE))=FALSE,VLOOKUP($D:$D,rend,2,FALSE),\"\")","v":0.94107352677990375},{"$f":"IF($C140=\"RM\",IF(ISNA(VLOOKUP($F$2:$F$478,pos,2,FALSE))=FALSE,VLOOKUP($F140:$F$478,pos,2,FALSE),IF(ISNA(VLOOKUP($F$2:$F$478,lot,2,FALSE))=FALSE,VLOOKUP($F$2:$F$478,lot,2,FALSE),\"MANQUANT\")),\"\")","v":"PO-0021789"},{"$f":"IF($C140=\"RM\",IF(ISNA(VLOOKUP($F$2:$F$478,pos,3,FALSE))=FALSE,VLOOKUP($F140:$F593,pos,3,FALSE),\"OP\"),\"\")","v":"CHIS"},{"$f":"IF($C140=\"RM\",IF(ISNA(VLOOKUP($F140:$F$471,pos,4,FALSE))=FALSE,VLOOKUP($F$2:$F$471,pos,4,FALSE),\"\"),\"\")","v":24171.360000000001},{"$f":"IF($C140=\"RM\",IF(ISNA(VLOOKUP($F$2:$F$478,pos,5,FALSE))=FALSE,VLOOKUP($F$2:$F$478,pos,5,FALSE),IF(ISNA(VLOOKUP($F$2:$F$478,lot,5,FALSE))=FALSE,VLOOKUP($F$2:$F$478,lot,5,FALSE),0)),\"\")","v":3.15},{"$f":"IF($H140>0,VLOOKUP($D:$D,prix,15,FALSE),\"\")","v":""},{"$f":"IF($C140=\"RM\",$O140*$G140,\"\")","v":171.35999999999999},{"$f":"IF($H140>0,$H140*$P140,\"\")","v":""},null,{"$f":"IF($F140>0,VALUE(LEFT($F140,4)),\"\")","v":5472},{"$f":"IF(F140>0,IF(ISERROR(SEARCH(\"*FZ*\",$E140))=FALSE,\"FZ\",IF(ISERROR(SEARCH(\"*FR*\",$E140))=FALSE,\"FR\",\"Aucun\")),\"\")","v":"FZ"},{"$f":"IF($C140=\"RM\",IF($U140=\"FR\",IF(ISNA(VLOOKUP($F:$F,lot,6,FALSE))=TRUE,VLOOKUP($T:$T,date,2,FALSE),VLOOKUP($F:$F,lot,6,FALSE)),\"\"),\"\")","v":""},{"$f":"IF($C140=\"RM\",IF($U140=\"Fz\",IF(ISNA(VLOOKUP($F:$F,lot,6,FALSE))=TRUE,VLOOKUP($T:$T,date,2,FALSE),VLOOKUP($F:$F,lot,6,FALSE)),\"\"),\"\")","v":"2015-11-16"},{"$f":"IF($C140=\"FG\",VLOOKUP($A:$A,op,4,FALSE),\"\")","v":""},"2016-04-26",{"$f":"IF(C140=\"rm\",IF(U140=\"aucun\",\"OK\",IF(U140=\"fz\",IF(Y140-W140>730,Y140-W140,\"OK\"),IF(Y140-V140<1,1,Y140-V140))),\"\")","v":"OK"}]
["6165B02K","Beef","RM",9,"GLACE CONCASSEE","6046AS01",2,null,null,null,{"$f":"IF(ISNA(VLOOKUP($D:$D,rend,2,FALSE))=FALSE,VLOOKUP($D:$D,rend,2,FALSE),\"\")","v":""},{"$f":"IF($C141=\"RM\",IF(ISNA(VLOOKUP($F$2:$F$478,pos,2,FALSE))=FALSE,VLOOKUP($F141:$F$478,pos,2,FALSE),IF(ISNA(VLOOKUP($F$2:$F$478,lot,2,FALSE))=FALSE,VLOOKUP($F$2:$F$478,lot,2,FALSE),\"MANQUANT\")),\"\")","v":"PO-0021148"},{"$f":"IF($C141=\"RM\",IF(ISNA(VLOOKUP($F$2:$F$478,pos,3,FALSE))=FALSE,VLOOKUP($F141:$F594,pos,3,FALSE),\"OP\"),\"\")","v":"GLACIER"},{"$f":"IF($C141=\"RM\",IF(ISNA(VLOOKUP($F141:$F$471,pos,4,FALSE))=FALSE,VLOOKUP($F$2:$F$471,pos,4,FALSE),\"\"),\"\")","v":1000},{"$f":"IF($C141=\"RM\",IF(ISNA(VLOOKUP($F$2:$F$478,pos,5,FALSE))=FALSE,VLOOKUP($F$2:$F$478,pos,5,FALSE),IF(ISNA(VLOOKUP($F$2:$F$478,lot,5,FALSE))=FALSE,VLOOKUP($F$2:$F$478,lot,5,FALSE),0)),\"\")","v":0.42499999999999999},{"$f":"IF($H141>0,VLOOKUP($D:$D,prix,15,FALSE),\"\")","v":""},{"$f":"IF($C141=\"RM\",$O141*$G141,\"\")","v":0.85},{"$f":"IF($H141>0,$H141*$P141,\"\")","v":""},null,{"$f":"IF($F141>0,VALUE(LEFT($F141,4)),\"\")","v":6046},{"$f":"IF(F141>0,IF(ISERROR(SEARCH(\"*FZ*\",$E141))=FALSE,\"FZ\",IF(ISERROR(SEARCH(\"*FR*\",$E141))=FALSE,\"FR\",\"Aucun\")),\"\")","v":"Aucun"},{"$f":"IF($C141=\"RM\",IF($U141=\"FR\",IF(ISNA(VLOOKUP($F:$F,lot,6,FALSE))=TRUE,VLOOKUP($T:$T,date,2,FALSE),VLOOKUP($F:$F,lot,6,FALSE)),\"\"),\"\")","v":""},{"$f":"IF($C141=\"RM\",IF($U141=\"Fz\",IF(ISNA(VLOOKUP($F:$F,lot,6,FALSE))=TRUE,VLOOKUP($T:$T,date,2,FALSE),VLOOKUP($F:$F,lot,6,FALSE)),\"\"),\"\")","v":""},{"$f":"IF($C141=\"FG\",VLOOKUP($A:$A,op,4,FALSE),\"\")","v":""},"2016-04-26",{"$f":"IF(C141=\"rm\",IF(U141=\"aucun\",\"OK\",IF(U141=\"fz\",IF(Y141-W141>730,Y141-W141,\"OK\"),IF(Y141-V141<1,1,Y141-V141))),\"\")","v":"OK"}]
["6165B02K","Beef","RM",30010,"BONELESS BEEF *RM*95%* COA REQUIS FZ","6046B04",54.4,null,null,null,{"$f":"IF(ISNA(VLOOKUP($D:$D,rend,2,FALSE))=FALSE,VLOOKUP($D:$D,rend,2,FALSE),\"\")","v":0.93871035709706219},{"$f":"IF($C142=\"RM\",IF(ISNA(VLOOKUP($F$2:$F$478,pos,2,FALSE))=FALSE,VLOOKUP($F142:$F$478,pos,2,FALSE),IF(ISNA(VLOOKUP($F$2:$F$478,lot,2,FALSE))=FALSE,VLOOKUP($F$2:$F$478,lot,2,FALSE),\"MANQUANT\")),\"\")","v":"PO-0021001"},{"$f":"IF($C142=\"RM\",IF(ISNA(VLOOKUP($F$2:$F$478,pos,3,FALSE))=FALSE,VLOOKUP($F142:$F595,pos,3,FALSE),\"OP\"),\"\")","v":"CHIS"},{"$f":"IF($C142=\"RM\",IF(ISNA(VLOOKUP($F142:$F$471,pos,4,FALSE))=FALSE,VLOOKUP($F$2:$F$471,pos,4,FALSE),\"\"),\"\")","v":17965.2},{"$f":"IF($C142=\"RM\",IF(ISNA(VLOOKUP($F$2:$F$478,pos,5,FALSE))=FALSE,VLOOKUP($F$2:$F$478,pos,5,FALSE),IF(ISNA(VLOOKUP($F$2:$F$478,lot,5,FALSE))=FALSE,VLOOKUP($F$2:$F$478,lot,5,FALSE),0)),\"\")","v":5.86},{"$f":"IF($H142>0,VLOOKUP($D:$D,prix,15,FALSE),\"\")","v":""},{"$f":"IF($C142=\"RM\",$O142*$G142,\"\")","v":318.78399999999999},{"$f":"IF($H142>0,$H142*$P142,\"\")","v":""},null,{"$f":"IF($F142>0,VALUE(LEFT($F142,4)),\"\")","v":6046},{"$f":"IF(F142>0,IF(ISERROR(SEARCH(\"*FZ*\",$E142))=FALSE,\"FZ\",IF(ISERROR(SEARCH(\"*FR*\",$E142))=FALSE,\"FR\",\"Aucun\")),\"\")","v":"FZ"},{"$f":"IF($C142=\"RM\",IF($U142=\"FR\",IF(ISNA(VLOOKUP($F:$F,lot,6,FALSE))=TRUE,VLOOKUP($T:$T,date,2,FALSE),VLOOKUP($F:$F,lot,6,FALSE)),\"\"),\"\")","v":""},{"$f":"IF($C142=\"RM\",IF($U142=\"Fz\",IF(ISNA(VLOOKUP($F:$F,lot,6,FALSE))=TRUE,VLOOKUP($T:$T,date,2,FALSE),VLOOKUP($F:$F,lot,6,FALSE)),\"\"),\"\")","v":"2016-01-22"},{"$f":"IF($C142=\"FG\",VLOOKUP($A:$A,op,4,FALSE),\"\")","v":""},"2016-04-26",{"$f":"IF(C142=\"rm\",IF(U142=\"aucun\",\"OK\",IF(U142=\"fz\",IF(Y142-W142>730,Y142-W142,\"OK\"),IF(Y142-V142<1,1,Y142-V142))),\"\")","v":"OK"}]
["6165B02K","Beef","RM",30015,"STEER BEEF HEARTS COA REQUIS FZ","6124B04",27.2,null,null,null,{"$f":"IF(ISNA(VLOOKUP($D:$D,rend,2,FALSE))=FALSE,VLOOKUP($D:$D,rend,2,FALSE),\"\")","v":0.93296923430804701},{"$f":"IF($C143=\"RM\",IF(ISNA(VLOOKUP($F$2:$F$478,pos,2,FALSE))=FALSE,VLOOKUP($F143:$F$478,pos,2,FALSE),IF(ISNA(VLOOKUP($F$2:$F$478,lot,2,FALSE))=FALSE,VLOOKUP($F$2:$F$478,lot,2,FALSE),\"MANQUANT\")),\"\")","v":"PO-0021564"},{"$f":"IF($C143=\"RM\",IF(ISNA(VLOOKUP($F$2:$F$478,pos,3,FALSE))=FALSE,VLOOKUP($F143:$F596,pos,3,FALSE),\"OP\"),\"\")","v":"CHIS"},{"$f":"IF($C143=\"RM\",IF(ISNA(VLOOKUP($F143:$F$471,pos,4,FALSE))=FALSE,VLOOKUP($F$2:$F$471,pos,4,FALSE),\"\"),\"\")","v":18285.12},{"$f":"IF($C143=\"RM\",IF(ISNA(VLOOKUP($F$2:$F$478,pos,5,FALSE))=FALSE,VLOOKUP($F$2:$F$478,pos,5,FALSE),IF(ISNA(VLOOKUP($F$2:$F$478,lot,5,FALSE))=FALSE,VLOOKUP($F$2:$F$478,lot,5,FALSE),0)),\"\")","v":1.5},{"$f":"IF($H143>0,VLOOKUP($D:$D,prix,15,FALSE),\"\")","v":""},{"$f":"IF($C143=\"RM\",$O143*$G143,\"\")","v":40.799999999999997},{"$f":"IF($H143>0,$H143*$P143,\"\")","v":""},null,{"$f":"IF($F143>0,VALUE(LEFT($F143,4)),\"\")","v":6124},{"$f":"IF(F143>0,IF(ISERROR(SEARCH(\"*FZ*\",$E143))=FALSE,\"FZ\",IF(ISERROR(SEARCH(\"*FR*\",$E143))=FALSE,\"FR\",\"Aucun\")),\"\")","v":"FZ"},{"$f":"IF($C143=\"RM\",IF($U143=\"FR\",IF(ISNA(VLOOKUP($F:$F,lot,6,FALSE))=TRUE,VLOOKUP($T:$T,date,2,FALSE),VLOOKUP($F:$F,lot,6,FALSE)),\"\"),\"\")","v":""},{"$f":"IF($C143=\"RM\",IF($U143=\"Fz\",IF(ISNA(VLOOKUP($F:$F,lot,6,FALSE))=TRUE,VLOOKUP($T:$T,date,2,FALSE),VLOOKUP($F:$F,lot,6,FALSE)),\"\"),\"\")","v":"2016-03-16"},{"$f":"IF($C143=\"FG\",VLOOKUP($A:$A,op,4,FALSE),\"\")","v":""},"2016-04-26",{"$f":"IF(C143=\"rm\",IF(U143=\"aucun\",\"OK\",IF(U143=\"fz\",IF(Y143-W143>730,Y143-W143,\"OK\"),IF(Y143-V143<1,1,Y143-V143))),\"\")","v":"OK"}]
["6165B02K","Beef","RM",30028,"BONELESS **90 % BEEF (RM )**COA REQUIRED FR #D","6165B02",60,null,null,null,{"$f":"IF(ISNA(VLOOKUP($D:$D,rend,2,FALSE))=FALSE,VLOOKUP($D:$D,rend,2,FALSE),\"\")","v":0.94068809869144898},{"$f":"IF($C144=\"RM\",IF(ISNA(VLOOKUP($F$2:$F$478,pos,2,FALSE))=FALSE,VLOOKUP($F144:$F$478,pos,2,FALSE),IF(ISNA(VLOOKUP($F$2:$F$478,lot,2,FALSE))=FALSE,VLOOKUP($F$2:$F$478,lot,2,FALSE),\"MANQUANT\")),\"\")","v":"PO-0021747"},{"$f":"IF($C144=\"RM\",IF(ISNA(VLOOKUP($F$2:$F$478,pos,3,FALSE))=FALSE,VLOOKUP($F144:$F597,pos,3,FALSE),\"OP\"),\"\")","v":"RYDI"},{"$f":"IF($C144=\"RM\",IF(ISNA(VLOOKUP($F144:$F$471,pos,4,FALSE))=FALSE,VLOOKUP($F$2:$F$471,pos,4,FALSE),\"\"),\"\")","v":1720},{"$f":"IF($C144=\"RM\",IF(ISNA(VLOOKUP($F$2:$F$478,pos,5,FALSE))=FALSE,VLOOKUP($F$2:$F$478,pos,5,FALSE),IF(ISNA(VLOOKUP($F$2:$F$478,lot,5,FALSE))=FALSE,VLOOKUP($F$2:$F$478,lot,5,FALSE),0)),\"\")","v":6.52},{"$f":"IF($H144>0,VLOOKUP($D:$D,prix,15,FALSE),\"\")","v":""},{"$f":"IF($C144=\"RM\",$O144*$G144,\"\")","v":391.2},{"$f":"IF($H144>0,$H144*$P144,\"\")","v":""},null,{"$f":"IF($F144>0,VALUE(LEFT($F144,4)),\"\")","v":6165},{"$f":"IF(F144>0,IF(ISERROR(SEARCH(\"*FZ*\",$E144))=FALSE,\"FZ\",IF(ISERROR(SEARCH(\"*FR*\",$E144))=FALSE,\"FR\",\"Aucun\")),\"\")","v":"FR"},{"$f":"IF($C144=\"RM\",IF($U144=\"FR\",IF(ISNA(VLOOKUP($F:$F,lot,6,FALSE))=TRUE,VLOOKUP($T:$T,date,2,FALSE),VLOOKUP($F:$F,lot,6,FALSE)),\"\"),\"\")","v":"2016-04-14"},{"$f":"IF($C144=\"RM\",IF($U144=\"Fz\",IF(ISNA(VLOOKUP($F:$F,lot,6,FALSE))=TRUE,VLOOKUP($T:$T,date,2,FALSE),VLOOKUP($F:$F,lot,6,FALSE)),\"\"),\"\")","v":""},{"$f":"IF($C144=\"FG\",VLOOKUP($A:$A,op,4,FALSE),\"\")","v":""},"2016-04-26",{"$f":"IF(C144=\"rm\",IF(U144=\"aucun\",\"OK\",IF(U144=\"fz\",IF(Y144-W144>730,Y144-W144,\"OK\"),IF(Y144-V144<1,1,Y144-V144))),\"\")","v":12}]
["6165B02K","Beef","FG",11154,"BEEF BURGER PRIMAGO 4 OZ**36/CS**4.08KG/CS FZ #D","6165B0220","",195.84,null,null,{"$f":"IF(ISNA(VLOOKUP($D:$D,rend,2,FALSE))=FALSE,VLOOKUP($D:$D,rend,2,FALSE),\"\")","v":0.95473099014943719},{"$f":"IF($C145=\"RM\",IF(ISNA(VLOOKUP($F$2:$F$478,pos,2,FALSE))=FALSE,VLOOKUP($F145:$F$478,pos,2,FALSE),IF(ISNA(VLOOKUP($F$2:$F$478,lot,2,FALSE))=FALSE,VLOOKUP($F$2:$F$478,lot,2,FALSE),\"MANQUANT\")),\"\")","v":""},{"$f":"IF($C145=\"RM\",IF(ISNA(VLOOKUP($F$2:$F$478,pos,3,FALSE))=FALSE,VLOOKUP($F145:$F598,pos,3,FALSE),\"OP\"),\"\")","v":""},{"$f":"IF($C145=\"RM\",IF(ISNA(VLOOKUP($F145:$F$471,pos,4,FALSE))=FALSE,VLOOKUP($F$2:$F$471,pos,4,FALSE),\"\"),\"\")","v":""},{"$f":"IF($C145=\"RM\",IF(ISNA(VLOOKUP($F$2:$F$478,pos,5,FALSE))=FALSE,VLOOKUP($F$2:$F$478,pos,5,FALSE),IF(ISNA(VLOOKUP($F$2:$F$478,lot,5,FALSE))=FALSE,VLOOKUP($F$2:$F$478,lot,5,FALSE),0)),\"\")","v":""},{"$f":"IF($H145>0,VLOOKUP($D:$D,prix,15,FALSE),\"\")","v":7.3039215686274508},{"$f":"IF($C145=\"RM\",$O145*$G145,\"\")","v":""},{"$f":"IF($H145>0,$H145*$P145,\"\")","v":1430.4},null,{"$f":"IF($F145>0,VALUE(LEFT($F145,4)),\"\")","v":6165},{"$f":"IF(F145>0,IF(ISERROR(SEARCH(\"*FZ*\",$E145))=FALSE,\"FZ\",IF(ISERROR(SEARCH(\"*FR*\",$E145))=FALSE,\"FR\",\"Aucun\")),\"\")","v":"FZ"},{"$f":"IF($C145=\"RM\",IF($U145=\"FR\",IF(ISNA(VLOOKUP($F:$F,lot,6,FALSE))=TRUE,VLOOKUP($T:$T,date,2,FALSE),VLOOKUP($F:$F,lot,6,FALSE)),\"\"),\"\")","v":""},{"$f":"IF($C145=\"RM\",IF($U145=\"Fz\",IF(ISNA(VLOOKUP($F:$F,lot,6,FALSE))=TRUE,VLOOKUP($T:$T,date,2,FALSE),VLOOKUP($F:$F,lot,6,FALSE)),\"\"),\"\")","v":""},{"$f":"IF($C145=\"FG\",VLOOKUP($A:$A,op,4,FALSE),\"\")","v":{"$error":"#N/A"}},"2016-04-26",{"$f":"IF(C145=\"rm\",IF(U145=\"aucun\",\"OK\",IF(U145=\"fz\",IF(Y145-W145>730,Y145-W145,\"OK\"),IF(Y145-V145<1,1,Y145-V145))),\"\")","v":""}]
["6165B02K Total",null,null,null,null,null,{"$f":"SUBTOTAL(9,G139:G145)","v":200},{"$f":"SUBTOTAL(9,H139:H145)","v":195.84},null,null,null,null,null,null,null,null,{"$f":"SUBTOTAL(9,Q139:Q145)","v":922.99399999999991},{"$f":"SUBTOTAL(9,R139:R145)","v":1430.4}]
["6166B02D","Beef","RM",30010,"BONELESS BEEF *RM*95%* COA REQUIS FZ","6046B04",108,null,null,null,{"$f":"IF(ISNA(VLOOKUP($D:$D,rend,2,FALSE))=FALSE,VLOOKUP($D:$D,rend,2,FALSE),\"\")","v":0.93871035709706219},{"$f":"IF($C147=\"RM\",IF(ISNA(VLOOKUP($F$2:$F$478,pos,2,FALSE))=FALSE,VLOOKUP($F147:$F$478,pos,2,FALSE),IF(ISNA(VLOOKUP($F$2:$F$478,lot,2,FALSE))=FALSE,VLOOKUP($F$2:$F$478,lot,2,FALSE),\"MANQUANT\")),\"\")","v":"PO-0021001"},{"$f":"IF($C147=\"RM\",IF(ISNA(VLOOKUP($F$2:$F$478,pos,3,FALSE))=FALSE,VLOOKUP($F147:$F599,pos,3,FALSE),\"OP\"),\"\")","v":"CHIS"},{"$f":"IF($C147=\"RM\",IF(ISNA(VLOOKUP($F147:$F$471,pos,4,FALSE))=FALSE,VLOOKUP($F$2:$F$471,pos,4,FALSE),\"\"),\"\")","v":17965.2},{"$f":"IF($C147=\"RM\",IF(ISNA(VLOOKUP($F$2:$F$478,pos,5,FALSE))=FALSE,VLOOKUP($F$2:$F$478,pos,5,FALSE),IF(ISNA(VLOOKUP($F$2:$F$478,lot,5,FALSE))=FALSE,VLOOKUP($F$2:$F$478,lot,5,FALSE),0)),\"\")","v":5.86},{"$f":"IF($H147>0,VLOOKUP($D:$D,prix,15,FALSE),\"\")","v":""},{"$f":"IF($C147=\"RM\",$O147*$G147,\"\")","v":632.88},{"$f":"IF($H147>0,$H147*$P147,\"\")","v":""},null,{"$f":"IF($F147>0,VALUE(LEFT($F147,4)),\"\")","v":6046},{"$f":"IF(F147>0,IF(ISERROR(SEARCH(\"*FZ*\",$E147))=FALSE,\"FZ\",IF(ISERROR(SEARCH(\"*FR*\",$E147))=FALSE,\"FR\",\"Aucun\")),\"\")","v":"FZ"},{"$f":"IF($C147=\"RM\",IF($U147=\"FR\",IF(ISNA(VLOOKUP($F:$F,lot,6,FALSE))=TRUE,VLOOKUP($T:$T,date,2,FALSE),VLOOKUP($F:$F,lot,6,FALSE)),\"\"),\"\")","v":""},{"$f":"IF($C147=\"RM\",IF($U147=\"Fz\",IF(ISNA(VLOOKUP($F:$F,lot,6,FALSE))=TRUE,VLOOKUP($T:$T,date,2,FALSE),VLOOKUP($F:$F,lot,6,FALSE)),\"\"),\"\")","v":"2016-01-22"},{"$f":"IF($C147=\"FG\",VLOOKUP($A:$A,op,4,FALSE),\"\")","v":""},"2016-04-26",{"$f":"IF(C147=\"rm\",IF(U147=\"aucun\",\"OK\",IF(U147=\"fz\",IF(Y147-W147>730,Y147-W147,\"OK\"),IF(Y147-V147<1,1,Y147-V147))),\"\")","v":"OK"}]
["6166B02D","Beef","RM",30028,"BONELESS **90 % BEEF (RM )**COA REQUIRED FR #D","6166B02",132,null,null,null,{"$f":"IF(ISNA(VLOOKUP($D:$D,rend,2,FALSE))=FALSE,VLOOKUP($D:$D,rend,2,FALSE),\"\")","v":0.94068809869144898},{"$f":"IF($C148=\"RM\",IF(ISNA(VLOOKUP($F$2:$F$478,pos,2,FALSE))=FALSE,VLOOKUP($F148:$F$478,pos,2,FALSE),IF(ISNA(VLOOKUP($F$2:$F$478,lot,2,FALSE))=FALSE,VLOOKUP($F$2:$F$478,lot,2,FALSE),\"MANQUANT\")),\"\")","v":"PO-0021748"},{"$f":"IF($C148=\"RM\",IF(ISNA(VLOOKUP($F$2:$F$478,pos,3,FALSE))=FALSE,VLOOKUP($F148:$F600,pos,3,FALSE),\"OP\"),\"\")","v":"RYDI"},{"$f":"IF($C148=\"RM\",IF(ISNA(VLOOKUP($F148:$F$471,pos,4,FALSE))=FALSE,VLOOKUP($F$2:$F$471,pos,4,FALSE),\"\"),\"\")","v":1731},{"$f":"IF($C148=\"RM\",IF(ISNA(VLOOKUP($F$2:$F$478,pos,5,FALSE))=FALSE,VLOOKUP($F$2:$F$478,pos,5,FALSE),IF(ISNA(VLOOKUP($F$2:$F$478,lot,5,FALSE))=FALSE,VLOOKUP($F$2:$F$478,lot,5,FALSE),0)),\"\")","v":6.68},{"$f":"IF($H148>0,VLOOKUP($D:$D,prix,15,FALSE),\"\")","v":""},{"$f":"IF($C148=\"RM\",$O148*$G148,\"\")","v":881.76},{"$f":"IF($H148>0,$H148*$P148,\"\")","v":""},null,{"$f":"IF($F148>0,VALUE(LEFT($F148,4)),\"\")","v":6166},{"$f":"IF(F148>0,IF(ISERROR(SEARCH(\"*FZ*\",$E148))=FALSE,\"FZ\",IF(ISERROR(SEARCH(\"*FR*\",$E148))=FALSE,\"FR\",\"Aucun\")),\"\")","v":"FR"},{"$f":"IF($C148=\"RM\",IF($U148=\"FR\",IF(ISNA(VLOOKUP($F:$F,lot,6,FALSE))=TRUE,VLOOKUP($T:$T,date,2,FALSE),VLOOKUP($F:$F,lot,6,FALSE)),\"\"),\"\")","v":"2016-04-15"},{"$f":"IF($C148=\"RM\",IF($U148=\"Fz\",IF(ISNA(VLOOKUP($F:$F,lot,6,FALSE))=TRUE,VLOOKUP($T:$T,date,2,FALSE),VLOOKUP($F:$F,lot,6,FALSE)),\"\"),\"\")","v":""},{"$f":"IF($C148=\"FG\",VLOOKUP($A:$A,op,4,FALSE),\"\")","v":""},"2016-04-26",{"$f":"IF(C148=\"rm\",IF(U148=\"aucun\",\"OK\",IF(U148=\"fz\",IF(Y148-W148>730,Y148-W148,\"OK\"),IF(Y148-V148<1,1,Y148-V148))),\"\")","v":11}]
["6166B02D","Beef","RM",30001,"BNLS BEEF TRIMMINGS 65%**RAW MATERIAL* COA REQUIS FR #D","6172B02",160,null,null,null,{"$f":"IF(ISNA(VLOOKUP($D:$D,rend,2,FALSE))=FALSE,VLOOKUP($D:$D,rend,2,FALSE),\"\")","v":0.93871973440613066},{"$f":"IF($C149=\"RM\",IF(ISNA(VLOOKUP($F$2:$F$478,pos,2,FALSE))=FALSE,VLOOKUP($F149:$F$478,pos,2,FALSE),IF(ISNA(VLOOKUP($F$2:$F$478,lot,2,FALSE))=FALSE,VLOOKUP($F$2:$F$478,lot,2,FALSE),\"MANQUANT\")),\"\")","v":"PO-0021748"},{"$f":"IF($C149=\"RM\",IF(ISNA(VLOOKUP($F$2:$F$478,pos,3,FALSE))=FALSE,VLOOKUP($F149:$F601,pos,3,FALSE),\"OP\"),\"\")","v":"RYDI"},{"$f":"IF($C149=\"RM\",IF(ISNA(VLOOKUP($F149:$F$471,pos,4,FALSE))=FALSE,VLOOKUP($F$2:$F$471,pos,4,FALSE),\"\"),\"\")","v":800},{"$f":"IF($C149=\"RM\",IF(ISNA(VLOOKUP($F$2:$F$478,pos,5,FALSE))=FALSE,VLOOKUP($F$2:$F$478,pos,5,FALSE),IF(ISNA(VLOOKUP($F$2:$F$478,lot,5,FALSE))=FALSE,VLOOKUP($F$2:$F$478,lot,5,FALSE),0)),\"\")","v":4.04},{"$f":"IF($H149>0,VLOOKUP($D:$D,prix,15,FALSE),\"\")","v":""},{"$f":"IF($C149=\"RM\",$O149*$G149,\"\")","v":646.4},{"$f":"IF($H149>0,$H149*$P149,\"\")","v":""},null,{"$f":"IF($F149>0,VALUE(LEFT($F149,4)),\"\")","v":6172},{"$f":"IF(F149>0,IF(ISERROR(SEARCH(\"*FZ*\",$E149))=FALSE,\"FZ\",IF(ISERROR(SEARCH(\"*FR*\",$E149))=FALSE,\"FR\",\"Aucun\")),\"\")","v":"FR"},{"$f":"IF($C149=\"RM\",IF($U149=\"FR\",IF(ISNA(VLOOKUP($F:$F,lot,6,FALSE))=TRUE,VLOOKUP($T:$T,date,2,FALSE),VLOOKUP($F:$F,lot,6,FALSE)),\"\"),\"\")","v":"2016-04-18"},{"$f":"IF($C149=\"RM\",IF($U149=\"Fz\",IF(ISNA(VLOOKUP($F:$F,lot,6,FALSE))=TRUE,VLOOKUP($T:$T,date,2,FALSE),VLOOKUP($F:$F,lot,6,FALSE)),\"\"),\"\")","v":""},{"$f":"IF($C149=\"FG\",VLOOKUP($A:$A,op,4,FALSE),\"\")","v":""},"2016-04-26",{"$f":"IF(C149=\"rm\",IF(U149=\"aucun\",\"OK\",IF(U149=\"fz\",IF(Y149-W149>730,Y149-W149,\"OK\"),IF(Y149-V149<1,1,Y149-V149))),\"\")","v":8}]
["6166B02D","Beef","FG",32013,"MEDIUM GROUND BEEF 2X2.5 KG* BOTE BLANCHE FR @P","6166B0210","",5,null,null,{"$f":"IF(ISNA(VLOOKUP($D:$D,rend,2,FALSE))=FALSE,VLOOKUP($D:$D,rend,2,FALSE),\"\")","v":0.91213585699241562},{"$f":"IF($C150=\"RM\",IF(ISNA(VLOOKUP($F$2:$F$478,pos,2,FALSE))=FALSE,VLOOKUP($F150:$F$478,pos,2,FALSE),IF(ISNA(VLOOKUP($F$2:$F$478,lot,2,FALSE))=FALSE,VLOOKUP($F$2:$F$478,lot,2,FALSE),\"MANQUANT\")),\"\")","v":""},{"$f":"IF($C150=\"RM\",IF(ISNA(VLOOKUP($F$2:$F$478,pos,3,FALSE))=FALSE,VLOOKUP($F150:$F602,pos,3,FALSE),\"OP\"),\"\")","v":""},{"$f":"IF($C150=\"RM\",IF(ISNA(VLOOKUP($F150:$F$471,pos,4,FALSE))=FALSE,VLOOKUP($F$2:$F$471,pos,4,FALSE),\"\"),\"\")","v":""},{"$f":"IF($C150=\"RM\",IF(ISNA(VLOOKUP($F$2:$F$478,pos,5,FALSE))=FALSE,VLOOKUP($F$2:$F$478,pos,5,FALSE),IF(ISNA(VLOOKUP($F$2:$F$478,lot,5,FALSE))=FALSE,VLOOKUP($F$2:$F$478,lot,5,FALSE),0)),\"\")","v":""},{"$f":"IF($H150>0,VLOOKUP($D:$D,prix,15,FALSE),\"\")","v":6.9},{"$f":"IF($C150=\"RM\",$O150*$G150,\"\")","v":""},{"$f":"IF($H150>0,$H150*$P150,\"\")","v":34.5},null,{"$f":"IF($F150>0,VALUE(LEFT($F150,4)),\"\")","v":6166},{"$f":"IF(F150>0,IF(ISERROR(SEARCH(\"*FZ*\",$E150))=FALSE,\"FZ\",IF(ISERROR(SEARCH(\"*FR*\",$E150))=FALSE,\"FR\",\"Aucun\")),\"\")","v":"FR"},{"$f":"IF($C150=\"RM\",IF($U150=\"FR\",IF(ISNA(VLOOKUP($F:$F,lot,6,FALSE))=TRUE,VLOOKUP($T:$T,date,2,FALSE),VLOOKUP($F:$F,lot,6,FALSE)),\"\"),\"\")","v":""},{"$f":"IF($C150=\"RM\",IF($U150=\"Fz\",IF(ISNA(VLOOKUP($F:$F,lot,6,FALSE))=TRUE,VLOOKUP($T:$T,date,2,FALSE),VLOOKUP($F:$F,lot,6,FALSE)),\"\"),\"\")","v":""},{"$f":"IF($C150=\"FG\",VLOOKUP($A:$A,op,4,FALSE),\"\")","v":{"$error":"#N/A"}},"2016-04-26",{"$f":"IF(C150=\"rm\",IF(U150=\"aucun\",\"OK\",IF(U150=\"fz\",IF(Y150-W150>730,Y150-W150,\"OK\"),IF(Y150-V150<1,1,Y150-V150))),\"\")","v":""}]
["6166B02D","Beef","FG",32022,"MEDIUM GROUND BEEF* 2 X 2.5 KG TUBE  FZ #D","6166B0211","",20,null,null,{"$f":"IF(ISNA(VLOOKUP($D:$D,rend,2,FALSE))=FALSE,VLOOKUP($D:$D,rend,2,FALSE),\"\")","v":0.9708581457021872},{"$f":"IF($C151=\"RM\",IF(ISNA(VLOOKUP($F$2:$F$478,pos,2,FALSE))=FALSE,VLOOKUP($F151:$F$478,pos,2,FALSE),IF(ISNA(VLOOKUP($F$2:$F$478,lot,2,FALSE))=FALSE,VLOOKUP($F$2:$F$478,lot,2,FALSE),\"MANQUANT\")),\"\")","v":""},{"$f":"IF($C151=\"RM\",IF(ISNA(VLOOKUP($F$2:$F$478,pos,3,FALSE))=FALSE,VLOOKUP($F151:$F603,pos,3,FALSE),\"OP\"),\"\")","v":""},{"$f":"IF($C151=\"RM\",IF(ISNA(VLOOKUP($F151:$F$471,pos,4,FALSE))=FALSE,VLOOKUP($F$2:$F$471,pos,4,FALSE),\"\"),\"\")","v":""},{"$f":"IF($C151=\"RM\",IF(ISNA(VLOOKUP($F$2:$F$478,pos,5,FALSE))=FALSE,VLOOKUP($F$2:$F$478,pos,5,FALSE),IF(ISNA(VLOOKUP($F$2:$F$478,lot,5,FALSE))=FALSE,VLOOKUP($F$2:$F$478,lot,5,FALSE),0)),\"\")","v":""},{"$f":"IF($H151>0,VLOOKUP($D:$D,prix,15,FALSE),\"\")","v":6.95},{"$f":"IF($C151=\"RM\",$O151*$G151,\"\")","v":""},{"$f":"IF($H151>0,$H151*$P151,\"\")","v":139},null,{"$f":"IF($F151>0,VALUE(LEFT($F151,4)),\"\")","v":6166},{"$f":"IF(F151>0,IF(ISERROR(SEARCH(\"*FZ*\",$E151))=FALSE,\"FZ\",IF(ISERROR(SEARCH(\"*FR*\",$E151))=FALSE,\"FR\",\"Aucun\")),\"\")","v":"FZ"},{"$f":"IF($C151=\"RM\",IF($U151=\"FR\",IF(ISNA(VLOOKUP($F:$F,lot,6,FALSE))=TRUE,VLOOKUP($T:$T,date,2,FALSE),VLOOKUP($F:$F,lot,6,FALSE)),\"\"),\"\")","v":""},{"$f":"IF($C151=\"RM\",IF($U151=\"Fz\",IF(ISNA(VLOOKUP($F:$F,lot,6,FALSE))=TRUE,VLOOKUP($T:$T,date,2,FALSE),VLOOKUP($F:$F,lot,6,FALSE)),\"\"),\"\")","v":""},{"$f":"IF($C151=\"FG\",VLOOKUP($A:$A,op,4,FALSE),\"\")","v":{"$error":"#N/A"}},"2016-04-26",{"$f":"IF(C151=\"rm\",IF(U151=\"aucun\",\"OK\",IF(U151=\"fz\",IF(Y151-W151>730,Y151-W151,\"OK\"),IF(Y151-V151<1,1,Y151-V151))),\"\")","v":""}]
["6166B02D","Beef","FG",32001,"2X REGULAR GROUND BEEF (TUBE) FR #D","6166B0212","",225,null,null,{"$f":"IF(ISNA(VLOOKUP($D:$D,rend,2,FALSE))=FALSE,VLOOKUP($D:$D,rend,2,FALSE),\"\")","v":0.96057415960890002},{"$f":"IF($C152=\"RM\",IF(ISNA(VLOOKUP($F$2:$F$478,pos,2,FALSE))=FALSE,VLOOKUP($F152:$F$478,pos,2,FALSE),IF(ISNA(VLOOKUP($F$2:$F$478,lot,2,FALSE))=FALSE,VLOOKUP($F$2:$F$478,lot,2,FALSE),\"MANQUANT\")),\"\")","v":""},{"$f":"IF($C152=\"RM\",IF(ISNA(VLOOKUP($F$2:$F$478,pos,3,FALSE))=FALSE,VLOOKUP($F152:$F604,pos,3,FALSE),\"OP\"),\"\")","v":""},{"$f":"IF($C152=\"RM\",IF(ISNA(VLOOKUP($F152:$F$471,pos,4,FALSE))=FALSE,VLOOKUP($F$2:$F$471,pos,4,FALSE),\"\"),\"\")","v":""},{"$f":"IF($C152=\"RM\",IF(ISNA(VLOOKUP($F$2:$F$478,pos,5,FALSE))=FALSE,VLOOKUP($F$2:$F$478,pos,5,FALSE),IF(ISNA(VLOOKUP($F$2:$F$478,lot,5,FALSE))=FALSE,VLOOKUP($F$2:$F$478,lot,5,FALSE),0)),\"\")","v":""},{"$f":"IF($H152>0,VLOOKUP($D:$D,prix,15,FALSE),\"\")","v":6.9},{"$f":"IF($C152=\"RM\",$O152*$G152,\"\")","v":""},{"$f":"IF($H152>0,$H152*$P152,\"\")","v":1552.5},null,{"$f":"IF($F152>0,VALUE(LEFT($F152,4)),\"\")","v":6166},{"$f":"IF(F152>0,IF(ISERROR(SEARCH(\"*FZ*\",$E152))=FALSE,\"FZ\",IF(ISERROR(SEARCH(\"*FR*\",$E152))=FALSE,\"FR\",\"Aucun\")),\"\")","v":"FR"},{"$f":"IF($C152=\"RM\",IF($U152=\"FR\",IF(ISNA(VLOOKUP($F:$F,lot,6,FALSE))=TRUE,VLOOKUP($T:$T,date,2,FALSE),VLOOKUP($F:$F,lot,6,FALSE)),\"\"),\"\")","v":""},{"$f":"IF($C152=\"RM\",IF($U152=\"Fz\",IF(ISNA(VLOOKUP($F:$F,lot,6,FALSE))=TRUE,VLOOKUP($T:$T,date,2,FALSE),VLOOKUP($F:$F,lot,6,FALSE)),\"\"),\"\")","v":""},{"$f":"IF($C152=\"FG\",VLOOKUP($A:$A,op,4,FALSE),\"\")","v":{"$error":"#N/A"}},"2016-04-26",{"$f":"IF(C152=\"rm\",IF(U152=\"aucun\",\"OK\",IF(U152=\"fz\",IF(Y152-W152>730,Y152-W152,\"OK\"),IF(Y152-V152<1,1,Y152-V152))),\"\")","v":""}]
["6166B02D","Beef","FG",32002,"MEDIUM GROUND BEEF 2X (STEAK BEC) 2X2.5KG VAC BAG FR #D","6166B029","",150,null,null,{"$f":"IF(ISNA(VLOOKUP($D:$D,rend,2,FALSE))=FALSE,VLOOKUP($D:$D,rend,2,FALSE),\"\")","v":0.9797520011961286},{"$f":"IF($C153=\"RM\",IF(ISNA(VLOOKUP($F$2:$F$478,pos,2,FALSE))=FALSE,VLOOKUP($F153:$F$478,pos,2,FALSE),IF(ISNA(VLOOKUP($F$2:$F$478,lot,2,FALSE))=FALSE,VLOOKUP($F$2:$F$478,lot,2,FALSE),\"MANQUANT\")),\"\")","v":""},{"$f":"IF($C153=\"RM\",IF(ISNA(VLOOKUP($F$2:$F$478,pos,3,FALSE))=FALSE,VLOOKUP($F153:$F605,pos,3,FALSE),\"OP\"),\"\")","v":""},{"$f":"IF($C153=\"RM\",IF(ISNA(VLOOKUP($F153:$F$471,pos,4,FALSE))=FALSE,VLOOKUP($F$2:$F$471,pos,4,FALSE),\"\"),\"\")","v":""},{"$f":"IF($C153=\"RM\",IF(ISNA(VLOOKUP($F$2:$F$478,pos,5,FALSE))=FALSE,VLOOKUP($F$2:$F$478,pos,5,FALSE),IF(ISNA(VLOOKUP($F$2:$F$478,lot,5,FALSE))=FALSE,VLOOKUP($F$2:$F$478,lot,5,FALSE),0)),\"\")","v":""},{"$f":"IF($H153>0,VLOOKUP($D:$D,prix,15,FALSE),\"\")","v":6.9},{"$f":"IF($C153=\"RM\",$O153*$G153,\"\")","v":""},{"$f":"IF($H153>0,$H153*$P153,\"\")","v":1035},null,{"$f":"IF($F153>0,VALUE(LEFT($F153,4)),\"\")","v":6166},{"$f":"IF(F153>0,IF(ISERROR(SEARCH(\"*FZ*\",$E153))=FALSE,\"FZ\",IF(ISERROR(SEARCH(\"*FR*\",$E153))=FALSE,\"FR\",\"Aucun\")),\"\")","v":"FR"},{"$f":"IF($C153=\"RM\",IF($U153=\"FR\",IF(ISNA(VLOOKUP($F:$F,lot,6,FALSE))=TRUE,VLOOKUP($T:$T,date,2,FALSE),VLOOKUP($F:$F,lot,6,FALSE)),\"\"),\"\")","v":""},{"$f":"IF($C153=\"RM\",IF($U153=\"Fz\",IF(ISNA(VLOOKUP($F:$F,lot,6,FALSE))=TRUE,VLOOKUP($T:$T,date,2,FALSE),VLOOKUP($F:$F,lot,6,FALSE)),\"\"),\"\")","v":""},{"$f":"IF($C153=\"FG\",VLOOKUP($A:$A,op,4,FALSE),\"\")","v":{"$error":"#N/A"}},"2016-04-26",{"$f":"IF(C153=\"rm\",IF(U153=\"aucun\",\"OK\",IF(U153=\"fz\",IF(Y153-W153>730,Y153-W153,\"OK\"),IF(Y153-V153<1,1,Y153-V153))),\"\")","v":""}]
["6166B02D Total",null,null,null,null,null,{"$f":"SUBTOTAL(9,G147:G153)","v":400},{"$f":"SUBTOTAL(9,H147:H153)","v":400},null,null,null,null,null,null,null,null,{"$f":"SUBTOTAL(9,Q147:Q153)","v":2161.04},{"$f":"SUBTOTAL(9,R147:R153)","v":2761}]
["6166B02E","Beef","RM",30010,"BONELESS BEEF *RM*95%* COA REQUIS FZ","6046B04",27,null,null,null,{"$f":"IF(ISNA(VLOOKUP($D:$D,rend,2,FALSE))=FALSE,VLOOKUP($D:$D,rend,2,FALSE),\"\")","v":0.93871035709706219},{"$f":"IF($C155=\"RM\",IF(ISNA(VLOOKUP($F$2:$F$478,pos,2,FALSE))=FALSE,VLOOKUP($F155:$F$478,pos,2,FALSE),IF(ISNA(VLOOKUP($F$2:$F$478,lot,2,FALSE))=FALSE,VLOOKUP($F$2:$F$478,lot,2,FALSE),\"MANQUANT\")),\"\")","v":"PO-0021001"},{"$f":"IF($C155=\"RM\",IF(ISNA(VLOOKUP($F$2:$F$478,pos,3,FALSE))=FALSE,VLOOKUP($F155:$F606,pos,3,FALSE),\"OP\"),\"\")","v":"CHIS"},{"$f":"IF($C155=\"RM\",IF(ISNA(VLOOKUP($F155:$F$471,pos,4,FALSE))=FALSE,VLOOKUP($F$2:$F$471,pos,4,FALSE),\"\"),\"\")","v":17965.2},{"$f":"IF($C155=\"RM\",IF(ISNA(VLOOKUP($F$2:$F$478,pos,5,FALSE))=FALSE,VLOOKUP($F$2:$F$478,pos,5,FALSE),IF(ISNA(VLOOKUP($F$2:$F$478,lot,5,FALSE))=FALSE,VLOOKUP($F$2:$F$478,lot,5,FALSE),0)),\"\")","v":5.86},{"$f":"IF($H155>0,VLOOKUP($D:$D,prix,15,FALSE),\"\")","v":""},{"$f":"IF($C155=\"RM\",$O155*$G155,\"\")","v":158.22},{"$f":"IF($H155>0,$H155*$P155,\"\")","v":""},null,{"$f":"IF($F155>0,VALUE(LEFT($F155,4)),\"\")","v":6046},{"$f":"IF(F155>0,IF(ISERROR(SEARCH(\"*FZ*\",$E155))=FALSE,\"FZ\",IF(ISERROR(SEARCH(\"*FR*\",$E155))=FALSE,\"FR\",\"Aucun\")),\"\")","v":"FZ"},{"$f":"IF($C155=\"RM\",IF($U155=\"FR\",IF(ISNA(VLOOKUP($F:$F,lot,6,FALSE))=TRUE,VLOOKUP($T:$T,date,2,FALSE),VLOOKUP($F:$F,lot,6,FALSE)),\"\"),\"\")","v":""},{"$f":"IF($C155=\"RM\",IF($U155=\"Fz\",IF(ISNA(VLOOKUP($F:$F,lot,6,FALSE))=TRUE,VLOOKUP($T:$T,date,2,FALSE),VLOOKUP($F:$F,lot,6,FALSE)),\"\"),\"\")","v":"2016-01-22"},{"$f":"IF($C155=\"FG\",VLOOKUP($A:$A,op,4,FALSE),\"\")","v":""},"2016-04-26",{"$f":"IF(C155=\"rm\",IF(U155=\"aucun\",\"OK\",IF(U155=\"fz\",IF(Y155-W155>730,Y155-W155,\"OK\"),IF(Y155-V155<1,1,Y155-V155))),\"\")","v":"OK"}]
["6166B02E","Beef","RM",30028,"BONELESS **90 % BEEF (RM )**COA REQUIRED FR #D","6166B02",49,null,null,null,{"$f":"IF(ISNA(VLOOKUP($D:$D,rend,2,FALSE))=FALSE,VLOOKUP($D:$D,rend,2,FALSE),\"\")","v":0.94068809869144898},{"$f":"IF($C156=\"RM\",IF(ISNA(VLOOKUP($F$2:$F$478,pos,2,FALSE))=FALSE,VLOOKUP($F156:$F$478,pos,2,FALSE),IF(ISNA(VLOOKUP($F$2:$F$478,lot,2,FALSE))=FALSE,VLOOKUP($F$2:$F$478,lot,2,FALSE),\"MANQUANT\")),\"\")","v":"PO-0021748"},{"$f":"IF($C156=\"RM\",IF(ISNA(VLOOKUP($F$2:$F$478,pos,3,FALSE))=FALSE,VLOOKUP($F156:$F607,pos,3,FALSE),\"OP\"),\"\")","v":"RYDI"},{"$f":"IF($C156=\"RM\",IF(ISNA(VLOOKUP($F156:$F$471,pos,4,FALSE))=FALSE,VLOOKUP($F$2:$F$471,pos,4,FALSE),\"\"),\"\")","v":1731},{"$f":"IF($C156=\"RM\",IF(ISNA(VLOOKUP($F$2:$F$478,pos,5,FALSE))=FALSE,VLOOKUP($F$2:$F$478,pos,5,FALSE),IF(ISNA(VLOOKUP($F$2:$F$478,lot,5,FALSE))=FALSE,VLOOKUP($F$2:$F$478,lot,5,FALSE),0)),\"\")","v":6.68},{"$f":"IF($H156>0,VLOOKUP($D:$D,prix,15,FALSE),\"\")","v":""},{"$f":"IF($C156=\"RM\",$O156*$G156,\"\")","v":327.32},{"$f":"IF($H156>0,$H156*$P156,\"\")","v":""},null,{"$f":"IF($F156>0,VALUE(LEFT($F156,4)),\"\")","v":6166},{"$f":"IF(F156>0,IF(ISERROR(SEARCH(\"*FZ*\",$E156))=FALSE,\"FZ\",IF(ISERROR(SEARCH(\"*FR*\",$E156))=FALSE,\"FR\",\"Aucun\")),\"\")","v":"FR"},{"$f":"IF($C156=\"RM\",IF($U156=\"FR\",IF(ISNA(VLOOKUP($F:$F,lot,6,FALSE))=TRUE,VLOOKUP($T:$T,date,2,FALSE),VLOOKUP($F:$F,lot,6,FALSE)),\"\"),\"\")","v":"2016-04-15"},{"$f":"IF($C156=\"RM\",IF($U156=\"Fz\",IF(ISNA(VLOOKUP($F:$F,lot,6,FALSE))=TRUE,VLOOKUP($T:$T,date,2,FALSE),VLOOKUP($F:$F,lot,6,FALSE)),\"\"),\"\")","v":""},{"$f":"IF($C156=\"FG\",VLOOKUP($A:$A,op,4,FALSE),\"\")","v":""},"2016-04-26",{"$f":"IF(C156=\"rm\",IF(U156=\"aucun\",\"OK\",IF(U156=\"fz\",IF(Y156-W156>730,Y156-W156,\"OK\"),IF(Y156-V156<1,1,Y156-V156))),\"\")","v":11}]
["6166B02E","Beef","RM",30001,"BNLS BEEF TRIMMINGS 65%**RAW MATERIAL* COA REQUIS FR #D","6172B02",24,null,null,null,{"$f":"IF(ISNA(VLOOKUP($D:$D,rend,2,FALSE))=FALSE,VLOOKUP($D:$D,rend,2,FALSE),\"\")","v":0.93871973440613066},{"$f":"IF($C157=\"RM\",IF(ISNA(VLOOKUP($F$2:$F$478,pos,2,FALSE))=FALSE,VLOOKUP($F157:$F$478,pos,2,FALSE),IF(ISNA(VLOOKUP($F$2:$F$478,lot,2,FALSE))=FALSE,VLOOKUP($F$2:$F$478,lot,2,FALSE),\"MANQUANT\")),\"\")","v":"PO-0021748"},{"$f":"IF($C157=\"RM\",IF(ISNA(VLOOKUP($F$2:$F$478,pos,3,FALSE))=FALSE,VLOOKUP($F157:$F608,pos,3,FALSE),\"OP\"),\"\")","v":"RYDI"},{"$f":"IF($C157=\"RM\",IF(ISNA(VLOOKUP($F157:$F$471,pos,4,FALSE))=FALSE,VLOOKUP($F$2:$F$471,pos,4,FALSE),\"\"),\"\")","v":800},{"$f":"IF($C157=\"RM\",IF(ISNA(VLOOKUP($F$2:$F$478,pos,5,FALSE))=FALSE,VLOOKUP($F$2:$F$478,pos,5,FALSE),IF(ISNA(VLOOKUP($F$2:$F$478,lot,5,FALSE))=FALSE,VLOOKUP($F$2:$F$478,lot,5,FALSE),0)),\"\")","v":4.04},{"$f":"IF($H157>0,VLOOKUP($D:$D,prix,15,FALSE),\"\")","v":""},{"$f":"IF($C157=\"RM\",$O157*$G157,\"\")","v":96.960000000000008},{"$f":"IF($H157>0,$H157*$P157,\"\")","v":""},null,{"$f":"IF($F157>0,VALUE(LEFT($F157,4)),\"\")","v":6172},{"$f":"IF(F157>0,IF(ISERROR(SEARCH(\"*FZ*\",$E157))=FALSE,\"FZ\",IF(ISERROR(SEARCH(\"*FR*\",$E157))=FALSE,\"FR\",\"Aucun\")),\"\")","v":"FR"},{"$f":"IF($C157=\"RM\",IF($U157=\"FR\",IF(ISNA(VLOOKUP($F:$F,lot,6,FALSE))=TRUE,VLOOKUP($T:$T,date,2,FALSE),VLOOKUP($F:$F,lot,6,FALSE)),\"\"),\"\")","v":"2016-04-18"},{"$f":"IF($C157=\"RM\",IF($U157=\"Fz\",IF(ISNA(VLOOKUP($F:$F,lot,6,FALSE))=TRUE,VLOOKUP($T:$T,date,2,FALSE),VLOOKUP($F:$F,lot,6,FALSE)),\"\"),\"\")","v":""},{"$f":"IF($C157=\"FG\",VLOOKUP($A:$A,op,4,FALSE),\"\")","v":""},"2016-04-26",{"$f":"IF(C157=\"rm\",IF(U157=\"aucun\",\"OK\",IF(U157=\"fz\",IF(Y157-W157>730,Y157-W157,\"OK\"),IF(Y157-V157<1,1,Y157-V157))),\"\")","v":8}]
["6166B02E","Beef","FG",32004,"2X SPECIAL MAIGRE GROUND BEEF (VAC BAG) FR #D","6166B0213","",50,null,null,{"$f":"IF(ISNA(VLOOKUP($D:$D,rend,2,FALSE))=FALSE,VLOOKUP($D:$D,rend,2,FALSE),\"\")","v":0.96384417014436008},{"$f":"IF($C158=\"RM\",IF(ISNA(VLOOKUP($F$2:$F$478,pos,2,FALSE))=FALSE,VLOOKUP($F158:$F$478,pos,2,FALSE),IF(ISNA(VLOOKUP($F$2:$F$478,lot,2,FALSE))=FALSE,VLOOKUP($F$2:$F$478,lot,2,FALSE),\"MANQUANT\")),\"\")","v":""},{"$f":"IF($C158=\"RM\",IF(ISNA(VLOOKUP($F$2:$F$478,pos,3,FALSE))=FALSE,VLOOKUP($F158:$F609,pos,3,FALSE),\"OP\"),\"\")","v":""},{"$f":"IF($C158=\"RM\",IF(ISNA(VLOOKUP($F158:$F$471,pos,4,FALSE))=FALSE,VLOOKUP($F$2:$F$471,pos,4,FALSE),\"\"),\"\")","v":""},{"$f":"IF($C158=\"RM\",IF(ISNA(VLOOKUP($F$2:$F$478,pos,5,FALSE))=FALSE,VLOOKUP($F$2:$F$478,pos,5,FALSE),IF(ISNA(VLOOKUP($F$2:$F$478,lot,5,FALSE))=FALSE,VLOOKUP($F$2:$F$478,lot,5,FALSE),0)),\"\")","v":""},{"$f":"IF($H158>0,VLOOKUP($D:$D,prix,15,FALSE),\"\")","v":7.75},{"$f":"IF($C158=\"RM\",$O158*$G158,\"\")","v":""},{"$f":"IF($H158>0,$H158*$P158,\"\")","v":387.5},null,{"$f":"IF($F158>0,VALUE(LEFT($F158,4)),\"\")","v":6166},{"$f":"IF(F158>0,IF(ISERROR(SEARCH(\"*FZ*\",$E158))=FALSE,\"FZ\",IF(ISERROR(SEARCH(\"*FR*\",$E158))=FALSE,\"FR\",\"Aucun\")),\"\")","v":"FR"},{"$f":"IF($C158=\"RM\",IF($U158=\"FR\",IF(ISNA(VLOOKUP($F:$F,lot,6,FALSE))=TRUE,VLOOKUP($T:$T,date,2,FALSE),VLOOKUP($F:$F,lot,6,FALSE)),\"\"),\"\")","v":""},{"$f":"IF($C158=\"RM\",IF($U158=\"Fz\",IF(ISNA(VLOOKUP($F:$F,lot,6,FALSE))=TRUE,VLOOKUP($T:$T,date,2,FALSE),VLOOKUP($F:$F,lot,6,FALSE)),\"\"),\"\")","v":""},{"$f":"IF($C158=\"FG\",VLOOKUP($A:$A,op,4,FALSE),\"\")","v":{"$error":"#N/A"}},"2016-04-26",{"$f":"IF(C158=\"rm\",IF(U158=\"aucun\",\"OK\",IF(U158=\"fz\",IF(Y158-W158>730,Y158-W158,\"OK\"),IF(Y158-V158<1,1,Y158-V158))),\"\")","v":""}]
["6166B02E","Beef","FG",32005,"LEAN GROUND BEEF CHUCK* VAC BAG X 2.5KG FR #D","6166B0214","",35,null,null,{"$f":"IF(ISNA(VLOOKUP($D:$D,rend,2,FALSE))=FALSE,VLOOKUP($D:$D,rend,2,FALSE),\"\")","v":0.93419690150380219},{"$f":"IF($C159=\"RM\",IF(ISNA(VLOOKUP($F$2:$F$478,pos,2,FALSE))=FALSE,VLOOKUP($F159:$F$478,pos,2,FALSE),IF(ISNA(VLOOKUP($F$2:$F$478,lot,2,FALSE))=FALSE,VLOOKUP($F$2:$F$478,lot,2,FALSE),\"MANQUANT\")),\"\")","v":""},{"$f":"IF($C159=\"RM\",IF(ISNA(VLOOKUP($F$2:$F$478,pos,3,FALSE))=FALSE,VLOOKUP($F159:$F610,pos,3,FALSE),\"OP\"),\"\")","v":""},{"$f":"IF($C159=\"RM\",IF(ISNA(VLOOKUP($F159:$F$471,pos,4,FALSE))=FALSE,VLOOKUP($F$2:$F$471,pos,4,FALSE),\"\"),\"\")","v":""},{"$f":"IF($C159=\"RM\",IF(ISNA(VLOOKUP($F$2:$F$478,pos,5,FALSE))=FALSE,VLOOKUP($F$2:$F$478,pos,5,FALSE),IF(ISNA(VLOOKUP($F$2:$F$478,lot,5,FALSE))=FALSE,VLOOKUP($F$2:$F$478,lot,5,FALSE),0)),\"\")","v":""},{"$f":"IF($H159>0,VLOOKUP($D:$D,prix,15,FALSE),\"\")","v":8},{"$f":"IF($C159=\"RM\",$O159*$G159,\"\")","v":""},{"$f":"IF($H159>0,$H159*$P159,\"\")","v":280},null,{"$f":"IF($F159>0,VALUE(LEFT($F159,4)),\"\")","v":6166},{"$f":"IF(F159>0,IF(ISERROR(SEARCH(\"*FZ*\",$E159))=FALSE,\"FZ\",IF(ISERROR(SEARCH(\"*FR*\",$E159))=FALSE,\"FR\",\"Aucun\")),\"\")","v":"FR"},{"$f":"IF($C159=\"RM\",IF($U159=\"FR\",IF(ISNA(VLOOKUP($F:$F,lot,6,FALSE))=TRUE,VLOOKUP($T:$T,date,2,FALSE),VLOOKUP($F:$F,lot,6,FALSE)),\"\"),\"\")","v":""},{"$f":"IF($C159=\"RM\",IF($U159=\"Fz\",IF(ISNA(VLOOKUP($F:$F,lot,6,FALSE))=TRUE,VLOOKUP($T:$T,date,2,FALSE),VLOOKUP($F:$F,lot,6,FALSE)),\"\"),\"\")","v":""},{"$f":"IF($C159=\"FG\",VLOOKUP($A:$A,op,4,FALSE),\"\")","v":{"$error":"#N/A"}},"2016-04-26",{"$f":"IF(C159=\"rm\",IF(U159=\"aucun\",\"OK\",IF(U159=\"fz\",IF(Y159-W159>730,Y159-W159,\"OK\"),IF(Y159-V159<1,1,Y159-V159))),\"\")","v":""}]
["6166B02E","Beef","FG",32023,"LEAN GROUND BEEF** 2X 2.5 KG TUBE FZ #D","6166B0215","",15,null,null,{"$f":"IF(ISNA(VLOOKUP($D:$D,rend,2,FALSE))=FALSE,VLOOKUP($D:$D,rend,2,FALSE),\"\")","v":0.97867110324349915},{"$f":"IF($C160=\"RM\",IF(ISNA(VLOOKUP($F$2:$F$478,pos,2,FALSE))=FALSE,VLOOKUP($F160:$F$478,pos,2,FALSE),IF(ISNA(VLOOKUP($F$2:$F$478,lot,2,FALSE))=FALSE,VLOOKUP($F$2:$F$478,lot,2,FALSE),\"MANQUANT\")),\"\")","v":""},{"$f":"IF($C160=\"RM\",IF(ISNA(VLOOKUP($F$2:$F$478,pos,3,FALSE))=FALSE,VLOOKUP($F160:$F611,pos,3,FALSE),\"OP\"),\"\")","v":""},{"$f":"IF($C160=\"RM\",IF(ISNA(VLOOKUP($F160:$F$471,pos,4,FALSE))=FALSE,VLOOKUP($F$2:$F$471,pos,4,FALSE),\"\"),\"\")","v":""},{"$f":"IF($C160=\"RM\",IF(ISNA(VLOOKUP($F$2:$F$478,pos,5,FALSE))=FALSE,VLOOKUP($F$2:$F$478,pos,5,FALSE),IF(ISNA(VLOOKUP($F$2:$F$478,lot,5,FALSE))=FALSE,VLOOKUP($F$2:$F$478,lot,5,FALSE),0)),\"\")","v":""},{"$f":"IF($H160>0,VLOOKUP($D:$D,prix,15,FALSE),\"\")","v":7.65},{"$f":"IF($C160=\"RM\",$O160*$G160,\"\")","v":""},{"$f":"IF($H160>0,$H160*$P160,\"\")","v":114.75},null,{"$f":"IF($F160>0,VALUE(LEFT($F160,4)),\"\")","v":6166},{"$f":"IF(F160>0,IF(ISERROR(SEARCH(\"*FZ*\",$E160))=FALSE,\"FZ\",IF(ISERROR(SEARCH(\"*FR*\",$E160))=FALSE,\"FR\",\"Aucun\")),\"\")","v":"FZ"},{"$f":"IF($C160=\"RM\",IF($U160=\"FR\",IF(ISNA(VLOOKUP($F:$F,lot,6,FALSE))=TRUE,VLOOKUP($T:$T,date,2,FALSE),VLOOKUP($F:$F,lot,6,FALSE)),\"\"),\"\")","v":""},{"$f":"IF($C160=\"RM\",IF($U160=\"Fz\",IF(ISNA(VLOOKUP($F:$F,lot,6,FALSE))=TRUE,VLOOKUP($T:$T,date,2,FALSE),VLOOKUP($F:$F,lot,6,FALSE)),\"\"),\"\")","v":""},{"$f":"IF($C160=\"FG\",VLOOKUP($A:$A,op,4,FALSE),\"\")","v":{"$error":"#N/A"}},"2016-04-26",{"$f":"IF(C160=\"rm\",IF(U160=\"aucun\",\"OK\",IF(U160=\"fz\",IF(Y160-W160>730,Y160-W160,\"OK\"),IF(Y160-V160<1,1,Y160-V160))),\"\")","v":""}]
["6166B02E Total",null,null,null,null,null,{"$f":"SUBTOTAL(9,G155:G160)","v":100},{"$f":"SUBTOTAL(9,H155:H160)","v":100},null,null,null,null,null,null,null,null,{"$f":"SUBTOTAL(9,Q155:Q160)","v":582.5},{"$f":"SUBTOTAL(9,R155:R160)","v":782.25}]
["6166B02F","Beef","RM",31500,"BEEF HOUSE TRIMMINGS FR @P","5406B042",13.94,null,null,null,{"$f":"IF(ISNA(VLOOKUP($D:$D,rend,2,FALSE))=FALSE,VLOOKUP($D:$D,rend,2,FALSE),\"\")","v":0.92196671697625909},{"$f":"IF($C162=\"RM\",IF(ISNA(VLOOKUP($F$2:$F$478,pos,2,FALSE))=FALSE,VLOOKUP($F162:$F$478,pos,2,FALSE),IF(ISNA(VLOOKUP($F$2:$F$478,lot,2,FALSE))=FALSE,VLOOKUP($F$2:$F$478,lot,2,FALSE),\"MANQUANT\")),\"\")","v":"5406B04"},{"$f":"IF($C162=\"RM\",IF(ISNA(VLOOKUP($F$2:$F$478,pos,3,FALSE))=FALSE,VLOOKUP($F162:$F612,pos,3,FALSE),\"OP\"),\"\")","v":"OP"},{"$f":"IF($C162=\"RM\",IF(ISNA(VLOOKUP($F162:$F$471,pos,4,FALSE))=FALSE,VLOOKUP($F$2:$F$471,pos,4,FALSE),\"\"),\"\")","v":""},{"$f":"IF($C162=\"RM\",IF(ISNA(VLOOKUP($F$2:$F$478,pos,5,FALSE))=FALSE,VLOOKUP($F$2:$F$478,pos,5,FALSE),IF(ISNA(VLOOKUP($F$2:$F$478,lot,5,FALSE))=FALSE,VLOOKUP($F$2:$F$478,lot,5,FALSE),0)),\"\")","v":14.54751671038159},{"$f":"IF($H162>0,VLOOKUP($D:$D,prix,15,FALSE),\"\")","v":""},{"$f":"IF($C162=\"RM\",$O162*$G162,\"\")","v":202.79238294271934},{"$f":"IF($H162>0,$H162*$P162,\"\")","v":""},null,{"$f":"IF($F162>0,VALUE(LEFT($F162,4)),\"\")","v":5406},{"$f":"IF(F162>0,IF(ISERROR(SEARCH(\"*FZ*\",$E162))=FALSE,\"FZ\",IF(ISERROR(SEARCH(\"*FR*\",$E162))=FALSE,\"FR\",\"Aucun\")),\"\")","v":"FR"},{"$f":"IF($C162=\"RM\",IF($U162=\"FR\",IF(ISNA(VLOOKUP($F:$F,lot,6,FALSE))=TRUE,VLOOKUP($T:$T,date,2,FALSE),VLOOKUP($F:$F,lot,6,FALSE)),\"\"),\"\")","v":"2015-10-02"},{"$f":"IF($C162=\"RM\",IF($U162=\"Fz\",IF(ISNA(VLOOKUP($F:$F,lot,6,FALSE))=TRUE,VLOOKUP($T:$T,date,2,FALSE),VLOOKUP($F:$F,lot,6,FALSE)),\"\"),\"\")","v":""},{"$f":"IF($C162=\"FG\",VLOOKUP($A:$A,op,4,FALSE),\"\")","v":""},"2016-04-26",{"$f":"IF(C162=\"rm\",IF(U162=\"aucun\",\"OK\",IF(U162=\"fz\",IF(Y162-W162>730,Y162-W162,\"OK\"),IF(Y162-V162<1,1,Y162-V162))),\"\")","v":207}]
["6166B02F","Beef","RM",30028,"BONELESS **90 % BEEF (RM )**COA REQUIRED FR #D","6166B02",36.06,null,null,null,{"$f":"IF(ISNA(VLOOKUP($D:$D,rend,2,FALSE))=FALSE,VLOOKUP($D:$D,rend,2,FALSE),\"\")","v":0.94068809869144898},{"$f":"IF($C163=\"RM\",IF(ISNA(VLOOKUP($F$2:$F$478,pos,2,FALSE))=FALSE,VLOOKUP($F163:$F$478,pos,2,FALSE),IF(ISNA(VLOOKUP($F$2:$F$478,lot,2,FALSE))=FALSE,VLOOKUP($F$2:$F$478,lot,2,FALSE),\"MANQUANT\")),\"\")","v":"PO-0021748"},{"$f":"IF($C163=\"RM\",IF(ISNA(VLOOKUP($F$2:$F$478,pos,3,FALSE))=FALSE,VLOOKUP($F163:$F613,pos,3,FALSE),\"OP\"),\"\")","v":"RYDI"},{"$f":"IF($C163=\"RM\",IF(ISNA(VLOOKUP($F163:$F$471,pos,4,FALSE))=FALSE,VLOOKUP($F$2:$F$471,pos,4,FALSE),\"\"),\"\")","v":1731},{"$f":"IF($C163=\"RM\",IF(ISNA(VLOOKUP($F$2:$F$478,pos,5,FALSE))=FALSE,VLOOKUP($F$2:$F$478,pos,5,FALSE),IF(ISNA(VLOOKUP($F$2:$F$478,lot,5,FALSE))=FALSE,VLOOKUP($F$2:$F$478,lot,5,FALSE),0)),\"\")","v":6.68},{"$f":"IF($H163>0,VLOOKUP($D:$D,prix,15,FALSE),\"\")","v":""},{"$f":"IF($C163=\"RM\",$O163*$G163,\"\")","v":240.88079999999999},{"$f":"IF($H163>0,$H163*$P163,\"\")","v":""},null,{"$f":"IF($F163>0,VALUE(LEFT($F163,4)),\"\")","v":6166},{"$f":"IF(F163>0,IF(ISERROR(SEARCH(\"*FZ*\",$E163))=FALSE,\"FZ\",IF(ISERROR(SEARCH(\"*FR*\",$E163))=FALSE,\"FR\",\"Aucun\")),\"\")","v":"FR"},{"$f":"IF($C163=\"RM\",IF($U163=\"FR\",IF(ISNA(VLOOKUP($F:$F,lot,6,FALSE))=TRUE,VLOOKUP($T:$T,date,2,FALSE),VLOOKUP($F:$F,lot,6,FALSE)),\"\"),\"\")","v":"2016-04-15"},{"$f":"IF($C163=\"RM\",IF($U163=\"Fz\",IF(ISNA(VLOOKUP($F:$F,lot,6,FALSE))=TRUE,VLOOKUP($T:$T,date,2,FALSE),VLOOKUP($F:$F,lot,6,FALSE)),\"\"),\"\")","v":""},{"$f":"IF($C163=\"FG\",VLOOKUP($A:$A,op,4,FALSE),\"\")","v":""},"2016-04-26",{"$f":"IF(C163=\"rm\",IF(U163=\"aucun\",\"OK\",IF(U163=\"fz\",IF(Y163-W163>730,Y163-W163,\"OK\"),IF(Y163-V163<1,1,Y163-V163))),\"\")","v":11}]
["6166B02F","Beef","FG",11188,"BEEF BURGER IMPERIO 1/3 LIVRE**5.3 OZ ( 24/CS 3.63KG/CS) FZ #D","6166B0217","",0,null,null,{"$f":"IF(ISNA(VLOOKUP($D:$D,rend,2,FALSE))=FALSE,VLOOKUP($D:$D,rend,2,FALSE),\"\")","v":0.97416507073611269},{"$f":"IF($C164=\"RM\",IF(ISNA(VLOOKUP($F$2:$F$478,pos,2,FALSE))=FALSE,VLOOKUP($F164:$F$478,pos,2,FALSE),IF(ISNA(VLOOKUP($F$2:$F$478,lot,2,FALSE))=FALSE,VLOOKUP($F$2:$F$478,lot,2,FALSE),\"MANQUANT\")),\"\")","v":""},{"$f":"IF($C164=\"RM\",IF(ISNA(VLOOKUP($F$2:$F$478,pos,3,FALSE))=FALSE,VLOOKUP($F164:$F614,pos,3,FALSE),\"OP\"),\"\")","v":""},{"$f":"IF($C164=\"RM\",IF(ISNA(VLOOKUP($F164:$F$471,pos,4,FALSE))=FALSE,VLOOKUP($F$2:$F$471,pos,4,FALSE),\"\"),\"\")","v":""},{"$f":"IF($C164=\"RM\",IF(ISNA(VLOOKUP($F$2:$F$478,pos,5,FALSE))=FALSE,VLOOKUP($F$2:$F$478,pos,5,FALSE),IF(ISNA(VLOOKUP($F$2:$F$478,lot,5,FALSE))=FALSE,VLOOKUP($F$2:$F$478,lot,5,FALSE),0)),\"\")","v":""},{"$f":"IF($H164>0,VLOOKUP($D:$D,prix,15,FALSE),\"\")","v":""},{"$f":"IF($C164=\"RM\",$O164*$G164,\"\")","v":""},{"$f":"IF($H164>0,$H164*$P164,\"\")","v":""},null,{"$f":"IF($F164>0,VALUE(LEFT($F164,4)),\"\")","v":6166},{"$f":"IF(F164>0,IF(ISERROR(SEARCH(\"*FZ*\",$E164))=FALSE,\"FZ\",IF(ISERROR(SEARCH(\"*FR*\",$E164))=FALSE,\"FR\",\"Aucun\")),\"\")","v":"FZ"},{"$f":"IF($C164=\"RM\",IF($U164=\"FR\",IF(ISNA(VLOOKUP($F:$F,lot,6,FALSE))=TRUE,VLOOKUP($T:$T,date,2,FALSE),VLOOKUP($F:$F,lot,6,FALSE)),\"\"),\"\")","v":""},{"$f":"IF($C164=\"RM\",IF($U164=\"Fz\",IF(ISNA(VLOOKUP($F:$F,lot,6,FALSE))=TRUE,VLOOKUP($T:$T,date,2,FALSE),VLOOKUP($F:$F,lot,6,FALSE)),\"\"),\"\")","v":""},{"$f":"IF($C164=\"FG\",VLOOKUP($A:$A,op,4,FALSE),\"\")","v":{"$error":"#N/A"}},"2016-04-26",{"$f":"IF(C164=\"rm\",IF(U164=\"aucun\",\"OK\",IF(U164=\"fz\",IF(Y164-W164>730,Y164-W164,\"OK\"),IF(Y164-V164<1,1,Y164-V164))),\"\")","v":""}]
["6166B02F","Beef","FG",11101,"BEEF*PATTIES*3OZ*60/CS*5.1KG**60/CS**FR","6166B0218","",0,null,null,{"$f":"IF(ISNA(VLOOKUP($D:$D,rend,2,FALSE))=FALSE,VLOOKUP($D:$D,rend,2,FALSE),\"\")","v":0.86455987091651154},{"$f":"IF($C165=\"RM\",IF(ISNA(VLOOKUP($F$2:$F$478,pos,2,FALSE))=FALSE,VLOOKUP($F165:$F$478,pos,2,FALSE),IF(ISNA(VLOOKUP($F$2:$F$478,lot,2,FALSE))=FALSE,VLOOKUP($F$2:$F$478,lot,2,FALSE),\"MANQUANT\")),\"\")","v":""},{"$f":"IF($C165=\"RM\",IF(ISNA(VLOOKUP($F$2:$F$478,pos,3,FALSE))=FALSE,VLOOKUP($F165:$F615,pos,3,FALSE),\"OP\"),\"\")","v":""},{"$f":"IF($C165=\"RM\",IF(ISNA(VLOOKUP($F165:$F$471,pos,4,FALSE))=FALSE,VLOOKUP($F$2:$F$471,pos,4,FALSE),\"\"),\"\")","v":""},{"$f":"IF($C165=\"RM\",IF(ISNA(VLOOKUP($F$2:$F$478,pos,5,FALSE))=FALSE,VLOOKUP($F$2:$F$478,pos,5,FALSE),IF(ISNA(VLOOKUP($F$2:$F$478,lot,5,FALSE))=FALSE,VLOOKUP($F$2:$F$478,lot,5,FALSE),0)),\"\")","v":""},{"$f":"IF($H165>0,VLOOKUP($D:$D,prix,15,FALSE),\"\")","v":""},{"$f":"IF($C165=\"RM\",$O165*$G165,\"\")","v":""},{"$f":"IF($H165>0,$H165*$P165,\"\")","v":""},null,{"$f":"IF($F165>0,VALUE(LEFT($F165,4)),\"\")","v":6166},{"$f":"IF(F165>0,IF(ISERROR(SEARCH(\"*FZ*\",$E165))=FALSE,\"FZ\",IF(ISERROR(SEARCH(\"*FR*\",$E165))=FALSE,\"FR\",\"Aucun\")),\"\")","v":"FR"},{"$f":"IF($C165=\"RM\",IF($U165=\"FR\",IF(ISNA(VLOOKUP($F:$F,lot,6,FALSE))=TRUE,VLOOKUP($T:$T,date,2,FALSE),VLOOKUP($F:$F,lot,6,FALSE)),\"\"),\"\")","v":""},{"$f":"IF($C165=\"RM\",IF($U165=\"Fz\",IF(ISNA(VLOOKUP($F:$F,lot,6,FALSE))=TRUE,VLOOKUP($T:$T,date,2,FALSE),VLOOKUP($F:$F,lot,6,FALSE)),\"\"),\"\")","v":""},{"$f":"IF($C165=\"FG\",VLOOKUP($A:$A,op,4,FALSE),\"\")","v":{"$error":"#N/A"}},"2016-04-26",{"$f":"IF(C165=\"rm\",IF(U165=\"aucun\",\"OK\",IF(U165=\"fz\",IF(Y165-W165>730,Y165-W165,\"OK\"),IF(Y165-V165<1,1,Y165-V165))),\"\")","v":""}]
["6166B02F","Beef","FG",32001,"2X REGULAR GROUND BEEF (TUBE) FR #D","6166B0219","",0,null,null,{"$f":"IF(ISNA(VLOOKUP($D:$D,rend,2,FALSE))=FALSE,VLOOKUP($D:$D,rend,2,FALSE),\"\")","v":0.96057415960890002},{"$f":"IF($C166=\"RM\",IF(ISNA(VLOOKUP($F$2:$F$478,pos,2,FALSE))=FALSE,VLOOKUP($F166:$F$478,pos,2,FALSE),IF(ISNA(VLOOKUP($F$2:$F$478,lot,2,FALSE))=FALSE,VLOOKUP($F$2:$F$478,lot,2,FALSE),\"MANQUANT\")),\"\")","v":""},{"$f":"IF($C166=\"RM\",IF(ISNA(VLOOKUP($F$2:$F$478,pos,3,FALSE))=FALSE,VLOOKUP($F166:$F616,pos,3,FALSE),\"OP\"),\"\")","v":""},{"$f":"IF($C166=\"RM\",IF(ISNA(VLOOKUP($F166:$F$471,pos,4,FALSE))=FALSE,VLOOKUP($F$2:$F$471,pos,4,FALSE),\"\"),\"\")","v":""},{"$f":"IF($C166=\"RM\",IF(ISNA(VLOOKUP($F$2:$F$478,pos,5,FALSE))=FALSE,VLOOKUP($F$2:$F$478,pos,5,FALSE),IF(ISNA(VLOOKUP($F$2:$F$478,lot,5,FALSE))=FALSE,VLOOKUP($F$2:$F$478,lot,5,FALSE),0)),\"\")","v":""},{"$f":"IF($H166>0,VLOOKUP($D:$D,prix,15,FALSE),\"\")","v":""},{"$f":"IF($C166=\"RM\",$O166*$G166,\"\")","v":""},{"$f":"IF($H166>0,$H166*$P166,\"\")","v":""},null,{"$f":"IF($F166>0,VALUE(LEFT($F166,4)),\"\")","v":6166},{"$f":"IF(F166>0,IF(ISERROR(SEARCH(\"*FZ*\",$E166))=FALSE,\"FZ\",IF(ISERROR(SEARCH(\"*FR*\",$E166))=FALSE,\"FR\",\"Aucun\")),\"\")","v":"FR"},{"$f":"IF($C166=\"RM\",IF($U166=\"FR\",IF(ISNA(VLOOKUP($F:$F,lot,6,FALSE))=TRUE,VLOOKUP($T:$T,date,2,FALSE),VLOOKUP($F:$F,lot,6,FALSE)),\"\"),\"\")","v":""},{"$f":"IF($C166=\"RM\",IF($U166=\"Fz\",IF(ISNA(VLOOKUP($F:$F,lot,6,FALSE))=TRUE,VLOOKUP($T:$T,date,2,FALSE),VLOOKUP($F:$F,lot,6,FALSE)),\"\"),\"\")","v":""},{"$f":"IF($C166=\"FG\",VLOOKUP($A:$A,op,4,FALSE),\"\")","v":{"$error":"#N/A"}},"2016-04-26",{"$f":"IF(C166=\"rm\",IF(U166=\"aucun\",\"OK\",IF(U166=\"fz\",IF(Y166-W166>730,Y166-W166,\"OK\"),IF(Y166-V166<1,1,Y166-V166))),\"\")","v":""}]
["6166B02F","Beef","FG",32021,"REGULAR GROUND BEEF* 4 X 2.5 KG TUBES FROZEN","6166B0220","",0,null,null,{"$f":"IF(ISNA(VLOOKUP($D:$D,rend,2,FALSE))=FALSE,VLOOKUP($D:$D,rend,2,FALSE),\"\")","v":""},{"$f":"IF($C167=\"RM\",IF(ISNA(VLOOKUP($F$2:$F$478,pos,2,FALSE))=FALSE,VLOOKUP($F167:$F$478,pos,2,FALSE),IF(ISNA(VLOOKUP($F$2:$F$478,lot,2,FALSE))=FALSE,VLOOKUP($F$2:$F$478,lot,2,FALSE),\"MANQUANT\")),\"\")","v":""},{"$f":"IF($C167=\"RM\",IF(ISNA(VLOOKUP($F$2:$F$478,pos,3,FALSE))=FALSE,VLOOKUP($F167:$F617,pos,3,FALSE),\"OP\"),\"\")","v":""},{"$f":"IF($C167=\"RM\",IF(ISNA(VLOOKUP($F167:$F$471,pos,4,FALSE))=FALSE,VLOOKUP($F$2:$F$471,pos,4,FALSE),\"\"),\"\")","v":""},{"$f":"IF($C167=\"RM\",IF(ISNA(VLOOKUP($F$2:$F$478,pos,5,FALSE))=FALSE,VLOOKUP($F$2:$F$478,pos,5,FALSE),IF(ISNA(VLOOKUP($F$2:$F$478,lot,5,FALSE))=FALSE,VLOOKUP($F$2:$F$478,lot,5,FALSE),0)),\"\")","v":""},{"$f":"IF($H167>0,VLOOKUP($D:$D,prix,15,FALSE),\"\")","v":""},{"$f":"IF($C167=\"RM\",$O167*$G167,\"\")","v":""},{"$f":"IF($H167>0,$H167*$P167,\"\")","v":""},null,{"$f":"IF($F167>0,VALUE(LEFT($F167,4)),\"\")","v":6166},{"$f":"IF(F167>0,IF(ISERROR(SEARCH(\"*FZ*\",$E167))=FALSE,\"FZ\",IF(ISERROR(SEARCH(\"*FR*\",$E167))=FALSE,\"FR\",\"Aucun\")),\"\")","v":"FR"},{"$f":"IF($C167=\"RM\",IF($U167=\"FR\",IF(ISNA(VLOOKUP($F:$F,lot,6,FALSE))=TRUE,VLOOKUP($T:$T,date,2,FALSE),VLOOKUP($F:$F,lot,6,FALSE)),\"\"),\"\")","v":""},{"$f":"IF($C167=\"RM\",IF($U167=\"Fz\",IF(ISNA(VLOOKUP($F:$F,lot,6,FALSE))=TRUE,VLOOKUP($T:$T,date,2,FALSE),VLOOKUP($F:$F,lot,6,FALSE)),\"\"),\"\")","v":""},{"$f":"IF($C167=\"FG\",VLOOKUP($A:$A,op,4,FALSE),\"\")","v":{"$error":"#N/A"}},"2016-04-26",{"$f":"IF(C167=\"rm\",IF(U167=\"aucun\",\"OK\",IF(U167=\"fz\",IF(Y167-W167>730,Y167-W167,\"OK\"),IF(Y167-V167<1,1,Y167-V167))),\"\")","v":""}]
["6166B02F","Beef","FG",32026,"REGULAR GROUND BEEF 75% (2 X 2.5kG) tUBE *BOITE BLANCHE* FR #D","6166B0221","",0,null,null,{"$f":"IF(ISNA(VLOOKUP($D:$D,rend,2,FALSE))=FALSE,VLOOKUP($D:$D,rend,2,FALSE),\"\")","v":1},{"$f":"IF($C168=\"RM\",IF(ISNA(VLOOKUP($F$2:$F$478,pos,2,FALSE))=FALSE,VLOOKUP($F168:$F$478,pos,2,FALSE),IF(ISNA(VLOOKUP($F$2:$F$478,lot,2,FALSE))=FALSE,VLOOKUP($F$2:$F$478,lot,2,FALSE),\"MANQUANT\")),\"\")","v":""},{"$f":"IF($C168=\"RM\",IF(ISNA(VLOOKUP($F$2:$F$478,pos,3,FALSE))=FALSE,VLOOKUP($F168:$F618,pos,3,FALSE),\"OP\"),\"\")","v":""},{"$f":"IF($C168=\"RM\",IF(ISNA(VLOOKUP($F168:$F$471,pos,4,FALSE))=FALSE,VLOOKUP($F$2:$F$471,pos,4,FALSE),\"\"),\"\")","v":""},{"$f":"IF($C168=\"RM\",IF(ISNA(VLOOKUP($F$2:$F$478,pos,5,FALSE))=FALSE,VLOOKUP($F$2:$F$478,pos,5,FALSE),IF(ISNA(VLOOKUP($F$2:$F$478,lot,5,FALSE))=FALSE,VLOOKUP($F$2:$F$478,lot,5,FALSE),0)),\"\")","v":""},{"$f":"IF($H168>0,VLOOKUP($D:$D,prix,15,FALSE),\"\")","v":""},{"$f":"IF($C168=\"RM\",$O168*$G168,\"\")","v":""},{"$f":"IF($H168>0,$H168*$P168,\"\")","v":""},null,{"$f":"IF($F168>0,VALUE(LEFT($F168,4)),\"\")","v":6166},{"$f":"IF(F168>0,IF(ISERROR(SEARCH(\"*FZ*\",$E168))=FALSE,\"FZ\",IF(ISERROR(SEARCH(\"*FR*\",$E168))=FALSE,\"FR\",\"Aucun\")),\"\")","v":"FR"},{"$f":"IF($C168=\"RM\",IF($U168=\"FR\",IF(ISNA(VLOOKUP($F:$F,lot,6,FALSE))=TRUE,VLOOKUP($T:$T,date,2,FALSE),VLOOKUP($F:$F,lot,6,FALSE)),\"\"),\"\")","v":""},{"$f":"IF($C168=\"RM\",IF($U168=\"Fz\",IF(ISNA(VLOOKUP($F:$F,lot,6,FALSE))=TRUE,VLOOKUP($T:$T,date,2,FALSE),VLOOKUP($F:$F,lot,6,FALSE)),\"\"),\"\")","v":""},{"$f":"IF($C168=\"FG\",VLOOKUP($A:$A,op,4,FALSE),\"\")","v":{"$error":"#N/A"}},"2016-04-26",{"$f":"IF(C168=\"rm\",IF(U168=\"aucun\",\"OK\",IF(U168=\"fz\",IF(Y168-W168>730,Y168-W168,\"OK\"),IF(Y168-V168<1,1,Y168-V168))),\"\")","v":""}]
["6166B02F","Beef","FG",32027,"2X REGULAR GROUND BEEF 70% (2 X 2.5KG) TUBE *BOITE BLANCHE* FR #D","6166B0222","",0,null,null,{"$f":"IF(ISNA(VLOOKUP($D:$D,rend,2,FALSE))=FALSE,VLOOKUP($D:$D,rend,2,FALSE),\"\")","v":""},{"$f":"IF($C169=\"RM\",IF(ISNA(VLOOKUP($F$2:$F$478,pos,2,FALSE))=FALSE,VLOOKUP($F169:$F$478,pos,2,FALSE),IF(ISNA(VLOOKUP($F$2:$F$478,lot,2,FALSE))=FALSE,VLOOKUP($F$2:$F$478,lot,2,FALSE),\"MANQUANT\")),\"\")","v":""},{"$f":"IF($C169=\"RM\",IF(ISNA(VLOOKUP($F$2:$F$478,pos,3,FALSE))=FALSE,VLOOKUP($F169:$F619,pos,3,FALSE),\"OP\"),\"\")","v":""},{"$f":"IF($C169=\"RM\",IF(ISNA(VLOOKUP($F169:$F$471,pos,4,FALSE))=FALSE,VLOOKUP($F$2:$F$471,pos,4,FALSE),\"\"),\"\")","v":""},{"$f":"IF($C169=\"RM\",IF(ISNA(VLOOKUP($F$2:$F$478,pos,5,FALSE))=FALSE,VLOOKUP($F$2:$F$478,pos,5,FALSE),IF(ISNA(VLOOKUP($F$2:$F$478,lot,5,FALSE))=FALSE,VLOOKUP($F$2:$F$478,lot,5,FALSE),0)),\"\")","v":""},{"$f":"IF($H169>0,VLOOKUP($D:$D,prix,15,FALSE),\"\")","v":""},{"$f":"IF($C169=\"RM\",$O169*$G169,\"\")","v":""},{"$f":"IF($H169>0,$H169*$P169,\"\")","v":""},null,{"$f":"IF($F169>0,VALUE(LEFT($F169,4)),\"\")","v":6166},{"$f":"IF(F169>0,IF(ISERROR(SEARCH(\"*FZ*\",$E169))=FALSE,\"FZ\",IF(ISERROR(SEARCH(\"*FR*\",$E169))=FALSE,\"FR\",\"Aucun\")),\"\")","v":"FR"},{"$f":"IF($C169=\"RM\",IF($U169=\"FR\",IF(ISNA(VLOOKUP($F:$F,lot,6,FALSE))=TRUE,VLOOKUP($T:$T,date,2,FALSE),VLOOKUP($F:$F,lot,6,FALSE)),\"\"),\"\")","v":""},{"$f":"IF($C169=\"RM\",IF($U169=\"Fz\",IF(ISNA(VLOOKUP($F:$F,lot,6,FALSE))=TRUE,VLOOKUP($T:$T,date,2,FALSE),VLOOKUP($F:$F,lot,6,FALSE)),\"\"),\"\")","v":""},{"$f":"IF($C169=\"FG\",VLOOKUP($A:$A,op,4,FALSE),\"\")","v":{"$error":"#N/A"}},"2016-04-26",{"$f":"IF(C169=\"rm\",IF(U169=\"aucun\",\"OK\",IF(U169=\"fz\",IF(Y169-W169>730,Y169-W169,\"OK\"),IF(Y169-V169<1,1,Y169-V169))),\"\")","v":""}]
["6166B02F","Beef","FG",32028,"1X REGULAR GROUND BEEF 70% (2 X 2.5KG) TUBE *BOITE BLANCHE* FR #D","6166B0223","",0,null,null,{"$f":"IF(ISNA(VLOOKUP($D:$D,rend,2,FALSE))=FALSE,VLOOKUP($D:$D,rend,2,FALSE),\"\")","v":""},{"$f":"IF($C170=\"RM\",IF(ISNA(VLOOKUP($F$2:$F$478,pos,2,FALSE))=FALSE,VLOOKUP($F170:$F$478,pos,2,FALSE),IF(ISNA(VLOOKUP($F$2:$F$478,lot,2,FALSE))=FALSE,VLOOKUP($F$2:$F$478,lot,2,FALSE),\"MANQUANT\")),\"\")","v":""},{"$f":"IF($C170=\"RM\",IF(ISNA(VLOOKUP($F$2:$F$478,pos,3,FALSE))=FALSE,VLOOKUP($F170:$F620,pos,3,FALSE),\"OP\"),\"\")","v":""},{"$f":"IF($C170=\"RM\",IF(ISNA(VLOOKUP($F170:$F$471,pos,4,FALSE))=FALSE,VLOOKUP($F$2:$F$471,pos,4,FALSE),\"\"),\"\")","v":""},{"$f":"IF($C170=\"RM\",IF(ISNA(VLOOKUP($F$2:$F$478,pos,5,FALSE))=FALSE,VLOOKUP($F$2:$F$478,pos,5,FALSE),IF(ISNA(VLOOKUP($F$2:$F$478,lot,5,FALSE))=FALSE,VLOOKUP($F$2:$F$478,lot,5,FALSE),0)),\"\")","v":""},{"$f":"IF($H170>0,VLOOKUP($D:$D,prix,15,FALSE),\"\")","v":""},{"$f":"IF($C170=\"RM\",$O170*$G170,\"\")","v":""},{"$f":"IF($H170>0,$H170*$P170,\"\")","v":""},null,{"$f":"IF($F170>0,VALUE(LEFT($F170,4)),\"\")","v":6166},{"$f":"IF(F170>0,IF(ISERROR(SEARCH(\"*FZ*\",$E170))=FALSE,\"FZ\",IF(ISERROR(SEARCH(\"*FR*\",$E170))=FALSE,\"FR\",\"Aucun\")),\"\")","v":"FR"},{"$f":"IF($C170=\"RM\",IF($U170=\"FR\",IF(ISNA(VLOOKUP($F:$F,lot,6,FALSE))=TRUE,VLOOKUP($T:$T,date,2,FALSE),VLOOKUP($F:$F,lot,6,FALSE)),\"\"),\"\")","v":""},{"$f":"IF($C170=\"RM\",IF($U170=\"Fz\",IF(ISNA(VLOOKUP($F:$F,lot,6,FALSE))=TRUE,VLOOKUP($T:$T,date,2,FALSE),VLOOKUP($F:$F,lot,6,FALSE)),\"\"),\"\")","v":""},{"$f":"IF($C170=\"FG\",VLOOKUP($A:$A,op,4,FALSE),\"\")","v":{"$error":"#N/A"}},"2016-04-26",{"$f":"IF(C170=\"rm\",IF(U170=\"aucun\",\"OK\",IF(U170=\"fz\",IF(Y170-W170>730,Y170-W170,\"OK\"),IF(Y170-V170<1,1,Y170-V170))),\"\")","v":""}]
["6166B02F","Beef","FG",32035,"REGULAR GROUND BEEF***2 X 2.5 TUBES**INSTITUTIONS FZ @D","6166B0224","",0,null,null,{"$f":"IF(ISNA(VLOOKUP($D:$D,rend,2,FALSE))=FALSE,VLOOKUP($D:$D,rend,2,FALSE),\"\")","v":0.8752106922970192},{"$f":"IF($C171=\"RM\",IF(ISNA(VLOOKUP($F$2:$F$478,pos,2,FALSE))=FALSE,VLOOKUP($F171:$F$478,pos,2,FALSE),IF(ISNA(VLOOKUP($F$2:$F$478,lot,2,FALSE))=FALSE,VLOOKUP($F$2:$F$478,lot,2,FALSE),\"MANQUANT\")),\"\")","v":""},{"$f":"IF($C171=\"RM\",IF(ISNA(VLOOKUP($F$2:$F$478,pos,3,FALSE))=FALSE,VLOOKUP($F171:$F621,pos,3,FALSE),\"OP\"),\"\")","v":""},{"$f":"IF($C171=\"RM\",IF(ISNA(VLOOKUP($F171:$F$471,pos,4,FALSE))=FALSE,VLOOKUP($F$2:$F$471,pos,4,FALSE),\"\"),\"\")","v":""},{"$f":"IF($C171=\"RM\",IF(ISNA(VLOOKUP($F$2:$F$478,pos,5,FALSE))=FALSE,VLOOKUP($F$2:$F$478,pos,5,FALSE),IF(ISNA(VLOOKUP($F$2:$F$478,lot,5,FALSE))=FALSE,VLOOKUP($F$2:$F$478,lot,5,FALSE),0)),\"\")","v":""},{"$f":"IF($H171>0,VLOOKUP($D:$D,prix,15,FALSE),\"\")","v":""},{"$f":"IF($C171=\"RM\",$O171*$G171,\"\")","v":""},{"$f":"IF($H171>0,$H171*$P171,\"\")","v":""},null,{"$f":"IF($F171>0,VALUE(LEFT($F171,4)),\"\")","v":6166},{"$f":"IF(F171>0,IF(ISERROR(SEARCH(\"*FZ*\",$E171))=FALSE,\"FZ\",IF(ISERROR(SEARCH(\"*FR*\",$E171))=FALSE,\"FR\",\"Aucun\")),\"\")","v":"FZ"},{"$f":"IF($C171=\"RM\",IF($U171=\"FR\",IF(ISNA(VLOOKUP($F:$F,lot,6,FALSE))=TRUE,VLOOKUP($T:$T,date,2,FALSE),VLOOKUP($F:$F,lot,6,FALSE)),\"\"),\"\")","v":""},{"$f":"IF($C171=\"RM\",IF($U171=\"Fz\",IF(ISNA(VLOOKUP($F:$F,lot,6,FALSE))=TRUE,VLOOKUP($T:$T,date,2,FALSE),VLOOKUP($F:$F,lot,6,FALSE)),\"\"),\"\")","v":""},{"$f":"IF($C171=\"FG\",VLOOKUP($A:$A,op,4,FALSE),\"\")","v":{"$error":"#N/A"}},"2016-04-26",{"$f":"IF(C171=\"rm\",IF(U171=\"aucun\",\"OK\",IF(U171=\"fz\",IF(Y171-W171>730,Y171-W171,\"OK\"),IF(Y171-V171<1,1,Y171-V171))),\"\")","v":""}]
["6166B02F","Beef","FG",32000,"1X REGULAR GROUND BEEF ( 2.5 kg/SAC) FR #D","6166B028","",50,null,null,{"$f":"IF(ISNA(VLOOKUP($D:$D,rend,2,FALSE))=FALSE,VLOOKUP($D:$D,rend,2,FALSE),\"\")","v":0.95068130321858302},{"$f":"IF($C172=\"RM\",IF(ISNA(VLOOKUP($F$2:$F$478,pos,2,FALSE))=FALSE,VLOOKUP($F172:$F$478,pos,2,FALSE),IF(ISNA(VLOOKUP($F$2:$F$478,lot,2,FALSE))=FALSE,VLOOKUP($F$2:$F$478,lot,2,FALSE),\"MANQUANT\")),\"\")","v":""},{"$f":"IF($C172=\"RM\",IF(ISNA(VLOOKUP($F$2:$F$478,pos,3,FALSE))=FALSE,VLOOKUP($F172:$F622,pos,3,FALSE),\"OP\"),\"\")","v":""},{"$f":"IF($C172=\"RM\",IF(ISNA(VLOOKUP($F172:$F$471,pos,4,FALSE))=FALSE,VLOOKUP($F$2:$F$471,pos,4,FALSE),\"\"),\"\")","v":""},{"$f":"IF($C172=\"RM\",IF(ISNA(VLOOKUP($F$2:$F$478,pos,5,FALSE))=FALSE,VLOOKUP($F$2:$F$478,pos,5,FALSE),IF(ISNA(VLOOKUP($F$2:$F$478,lot,5,FALSE))=FALSE,VLOOKUP($F$2:$F$478,lot,5,FALSE),0)),\"\")","v":""},{"$f":"IF($H172>0,VLOOKUP($D:$D,prix,15,FALSE),\"\")","v":6},{"$f":"IF($C172=\"RM\",$O172*$G172,\"\")","v":""},{"$f":"IF($H172>0,$H172*$P172,\"\")","v":300},null,{"$f":"IF($F172>0,VALUE(LEFT($F172,4)),\"\")","v":6166},{"$f":"IF(F172>0,IF(ISERROR(SEARCH(\"*FZ*\",$E172))=FALSE,\"FZ\",IF(ISERROR(SEARCH(\"*FR*\",$E172))=FALSE,\"FR\",\"Aucun\")),\"\")","v":"FR"},{"$f":"IF($C172=\"RM\",IF($U172=\"FR\",IF(ISNA(VLOOKUP($F:$F,lot,6,FALSE))=TRUE,VLOOKUP($T:$T,date,2,FALSE),VLOOKUP($F:$F,lot,6,FALSE)),\"\"),\"\")","v":""},{"$f":"IF($C172=\"RM\",IF($U172=\"Fz\",IF(ISNA(VLOOKUP($F:$F,lot,6,FALSE))=TRUE,VLOOKUP($T:$T,date,2,FALSE),VLOOKUP($F:$F,lot,6,FALSE)),\"\"),\"\")","v":""},{"$f":"IF($C172=\"FG\",VLOOKUP($A:$A,op,4,FALSE),\"\")","v":{"$error":"#N/A"}},"2016-04-26",{"$f":"IF(C172=\"rm\",IF(U172=\"aucun\",\"OK\",IF(U172=\"fz\",IF(Y172-W172>730,Y172-W172,\"OK\"),IF(Y172-V172<1,1,Y172-V172))),\"\")","v":""}]
["6166B02F Total",null,null,null,null,null,{"$f":"SUBTOTAL(9,G162:G172)","v":50},{"$f":"SUBTOTAL(9,H162:H172)","v":50},null,null,null,null,null,null,null,null,{"$f":"SUBTOTAL(9,Q162:Q172)","v":443.67318294271934},{"$f":"SUBTOTAL(9,R162:R172)","v":300}]
["6166B02G","Beef","RM",30028,"BONELESS **90 % BEEF (RM )**COA REQUIRED FR #D","6166B02",4.5,null,null,null,{"$f":"IF(ISNA(VLOOKUP($D:$D,rend,2,FALSE))=FALSE,VLOOKUP($D:$D,rend,2,FALSE),\"\")","v":0.94068809869144898},{"$f":"IF($C174=\"RM\",IF(ISNA(VLOOKUP($F$2:$F$478,pos,2,FALSE))=FALSE,VLOOKUP($F174:$F$478,pos,2,FALSE),IF(ISNA(VLOOKUP($F$2:$F$478,lot,2,FALSE))=FALSE,VLOOKUP($F$2:$F$478,lot,2,FALSE),\"MANQUANT\")),\"\")","v":"PO-0021748"},{"$f":"IF($C174=\"RM\",IF(ISNA(VLOOKUP($F$2:$F$478,pos,3,FALSE))=FALSE,VLOOKUP($F174:$F623,pos,3,FALSE),\"OP\"),\"\")","v":"RYDI"},{"$f":"IF($C174=\"RM\",IF(ISNA(VLOOKUP($F174:$F$471,pos,4,FALSE))=FALSE,VLOOKUP($F$2:$F$471,pos,4,FALSE),\"\"),\"\")","v":1731},{"$f":"IF($C174=\"RM\",IF(ISNA(VLOOKUP($F$2:$F$478,pos,5,FALSE))=FALSE,VLOOKUP($F$2:$F$478,pos,5,FALSE),IF(ISNA(VLOOKUP($F$2:$F$478,lot,5,FALSE))=FALSE,VLOOKUP($F$2:$F$478,lot,5,FALSE),0)),\"\")","v":6.68},{"$f":"IF($H174>0,VLOOKUP($D:$D,prix,15,FALSE),\"\")","v":""},{"$f":"IF($C174=\"RM\",$O174*$G174,\"\")","v":30.06},{"$f":"IF($H174>0,$H174*$P174,\"\")","v":""},null,{"$f":"IF($F174>0,VALUE(LEFT($F174,4)),\"\")","v":6166},{"$f":"IF(F174>0,IF(ISERROR(SEARCH(\"*FZ*\",$E174))=FALSE,\"FZ\",IF(ISERROR(SEARCH(\"*FR*\",$E174))=FALSE,\"FR\",\"Aucun\")),\"\")","v":"FR"},{"$f":"IF($C174=\"RM\",IF($U174=\"FR\",IF(ISNA(VLOOKUP($F:$F,lot,6,FALSE))=TRUE,VLOOKUP($T:$T,date,2,FALSE),VLOOKUP($F:$F,lot,6,FALSE)),\"\"),\"\")","v":"2016-04-15"},{"$f":"IF($C174=\"RM\",IF($U174=\"Fz\",IF(ISNA(VLOOKUP($F:$F,lot,6,FALSE))=TRUE,VLOOKUP($T:$T,date,2,FALSE),VLOOKUP($F:$F,lot,6,FALSE)),\"\"),\"\")","v":""},{"$f":"IF($C174=\"FG\",VLOOKUP($A:$A,op,4,FALSE),\"\")","v":""},"2016-04-26",{"$f":"IF(C174=\"rm\",IF(U174=\"aucun\",\"OK\",IF(U174=\"fz\",IF(Y174-W174>730,Y174-W174,\"OK\"),IF(Y174-V174<1,1,Y174-V174))),\"\")","v":11}]
["6166B02G","Beef","RM",30001,"BNLS BEEF TRIMMINGS 65%**RAW MATERIAL* COA REQUIS FR #D","6172B02",5.5,null,null,null,{"$f":"IF(ISNA(VLOOKUP($D:$D,rend,2,FALSE))=FALSE,VLOOKUP($D:$D,rend,2,FALSE),\"\")","v":0.93871973440613066},{"$f":"IF($C175=\"RM\",IF(ISNA(VLOOKUP($F$2:$F$478,pos,2,FALSE))=FALSE,VLOOKUP($F175:$F$478,pos,2,FALSE),IF(ISNA(VLOOKUP($F$2:$F$478,lot,2,FALSE))=FALSE,VLOOKUP($F$2:$F$478,lot,2,FALSE),\"MANQUANT\")),\"\")","v":"PO-0021748"},{"$f":"IF($C175=\"RM\",IF(ISNA(VLOOKUP($F$2:$F$478,pos,3,FALSE))=FALSE,VLOOKUP($F175:$F624,pos,3,FALSE),\"OP\"),\"\")","v":"RYDI"},{"$f":"IF($C175=\"RM\",IF(ISNA(VLOOKUP($F175:$F$471,pos,4,FALSE))=FALSE,VLOOKUP($F$2:$F$471,pos,4,FALSE),\"\"),\"\")","v":800},{"$f":"IF($C175=\"RM\",IF(ISNA(VLOOKUP($F$2:$F$478,pos,5,FALSE))=FALSE,VLOOKUP($F$2:$F$478,pos,5,FALSE),IF(ISNA(VLOOKUP($F$2:$F$478,lot,5,FALSE))=FALSE,VLOOKUP($F$2:$F$478,lot,5,FALSE),0)),\"\")","v":4.04},{"$f":"IF($H175>0,VLOOKUP($D:$D,prix,15,FALSE),\"\")","v":""},{"$f":"IF($C175=\"RM\",$O175*$G175,\"\")","v":22.22},{"$f":"IF($H175>0,$H175*$P175,\"\")","v":""},null,{"$f":"IF($F175>0,VALUE(LEFT($F175,4)),\"\")","v":6172},{"$f":"IF(F175>0,IF(ISERROR(SEARCH(\"*FZ*\",$E175))=FALSE,\"FZ\",IF(ISERROR(SEARCH(\"*FR*\",$E175))=FALSE,\"FR\",\"Aucun\")),\"\")","v":"FR"},{"$f":"IF($C175=\"RM\",IF($U175=\"FR\",IF(ISNA(VLOOKUP($F:$F,lot,6,FALSE))=TRUE,VLOOKUP($T:$T,date,2,FALSE),VLOOKUP($F:$F,lot,6,FALSE)),\"\"),\"\")","v":"2016-04-18"},{"$f":"IF($C175=\"RM\",IF($U175=\"Fz\",IF(ISNA(VLOOKUP($F:$F,lot,6,FALSE))=TRUE,VLOOKUP($T:$T,date,2,FALSE),VLOOKUP($F:$F,lot,6,FALSE)),\"\"),\"\")","v":""},{"$f":"IF($C175=\"FG\",VLOOKUP($A:$A,op,4,FALSE),\"\")","v":""},"2016-04-26",{"$f":"IF(C175=\"rm\",IF(U175=\"aucun\",\"OK\",IF(U175=\"fz\",IF(Y175-W175>730,Y175-W175,\"OK\"),IF(Y175-V175<1,1,Y175-V175))),\"\")","v":8}]
["6166B02G","Beef","FG",32026,"REGULAR GROUND BEEF 75% (2 X 2.5kG) tUBE *BOITE BLANCHE* FR #D","6166B0216","",10,null,null,{"$f":"IF(ISNA(VLOOKUP($D:$D,rend,2,FALSE))=FALSE,VLOOKUP($D:$D,rend,2,FALSE),\"\")","v":1},{"$f":"IF($C176=\"RM\",IF(ISNA(VLOOKUP($F$2:$F$478,pos,2,FALSE))=FALSE,VLOOKUP($F176:$F$478,pos,2,FALSE),IF(ISNA(VLOOKUP($F$2:$F$478,lot,2,FALSE))=FALSE,VLOOKUP($F$2:$F$478,lot,2,FALSE),\"MANQUANT\")),\"\")","v":""},{"$f":"IF($C176=\"RM\",IF(ISNA(VLOOKUP($F$2:$F$478,pos,3,FALSE))=FALSE,VLOOKUP($F176:$F625,pos,3,FALSE),\"OP\"),\"\")","v":""},{"$f":"IF($C176=\"RM\",IF(ISNA(VLOOKUP($F176:$F$471,pos,4,FALSE))=FALSE,VLOOKUP($F$2:$F$471,pos,4,FALSE),\"\"),\"\")","v":""},{"$f":"IF($C176=\"RM\",IF(ISNA(VLOOKUP($F$2:$F$478,pos,5,FALSE))=FALSE,VLOOKUP($F$2:$F$478,pos,5,FALSE),IF(ISNA(VLOOKUP($F$2:$F$478,lot,5,FALSE))=FALSE,VLOOKUP($F$2:$F$478,lot,5,FALSE),0)),\"\")","v":""},{"$f":"IF($H176>0,VLOOKUP($D:$D,prix,15,FALSE),\"\")","v":6.99},{"$f":"IF($C176=\"RM\",$O176*$G176,\"\")","v":""},{"$f":"IF($H176>0,$H176*$P176,\"\")","v":69.900000000000006},null,{"$f":"IF($F176>0,VALUE(LEFT($F176,4)),\"\")","v":6166},{"$f":"IF(F176>0,IF(ISERROR(SEARCH(\"*FZ*\",$E176))=FALSE,\"FZ\",IF(ISERROR(SEARCH(\"*FR*\",$E176))=FALSE,\"FR\",\"Aucun\")),\"\")","v":"FR"},{"$f":"IF($C176=\"RM\",IF($U176=\"FR\",IF(ISNA(VLOOKUP($F:$F,lot,6,FALSE))=TRUE,VLOOKUP($T:$T,date,2,FALSE),VLOOKUP($F:$F,lot,6,FALSE)),\"\"),\"\")","v":""},{"$f":"IF($C176=\"RM\",IF($U176=\"Fz\",IF(ISNA(VLOOKUP($F:$F,lot,6,FALSE))=TRUE,VLOOKUP($T:$T,date,2,FALSE),VLOOKUP($F:$F,lot,6,FALSE)),\"\"),\"\")","v":""},{"$f":"IF($C176=\"FG\",VLOOKUP($A:$A,op,4,FALSE),\"\")","v":{"$error":"#N/A"}},"2016-04-26",{"$f":"IF(C176=\"rm\",IF(U176=\"aucun\",\"OK\",IF(U176=\"fz\",IF(Y176-W176>730,Y176-W176,\"OK\"),IF(Y176-V176<1,1,Y176-V176))),\"\")","v":""}]
["6166B02G Total",null,null,null,null,null,{"$f":"SUBTOTAL(9,G174:G176)","v":10},{"$f":"SUBTOTAL(9,H174:H176)","v":10},null,null,null,null,null,null,null,null,{"$f":"SUBTOTAL(9,Q174:Q176)","v":52.28},{"$f":"SUBTOTAL(9,R174:R176)","v":69.900000000000006}]
["6173B011","Beef","RM",41348,"PORK BUTTS SLICED FOR GYRO *IN PROCESS* CODE: 41252 FR","6173B011",115.4,null,null,null,{"$f":"IF(ISNA(VLOOKUP($D:$D,rend,2,FALSE))=FALSE,VLOOKUP($D:$D,rend,2,FALSE),\"\")","v":0.82355655226624092},{"$f":"IF($C178=\"RM\",IF(ISNA(VLOOKUP($F$2:$F$478,pos,2,FALSE))=FALSE,VLOOKUP($F178:$F$478,pos,2,FALSE),IF(ISNA(VLOOKUP($F$2:$F$478,lot,2,FALSE))=FALSE,VLOOKUP($F$2:$F$478,lot,2,FALSE),\"MANQUANT\")),\"\")","v":"6173B01"},{"$f":"IF($C178=\"RM\",IF(ISNA(VLOOKUP($F$2:$F$478,pos,3,FALSE))=FALSE,VLOOKUP($F178:$F626,pos,3,FALSE),\"OP\"),\"\")","v":"OP"},{"$f":"IF($C178=\"RM\",IF(ISNA(VLOOKUP($F178:$F$471,pos,4,FALSE))=FALSE,VLOOKUP($F$2:$F$471,pos,4,FALSE),\"\"),\"\")","v":""},{"$f":"IF($C178=\"RM\",IF(ISNA(VLOOKUP($F$2:$F$478,pos,5,FALSE))=FALSE,VLOOKUP($F$2:$F$478,pos,5,FALSE),IF(ISNA(VLOOKUP($F$2:$F$478,lot,5,FALSE))=FALSE,VLOOKUP($F$2:$F$478,lot,5,FALSE),0)),\"\")","v":3.1634134397388229},{"$f":"IF($H178>0,VLOOKUP($D:$D,prix,15,FALSE),\"\")","v":""},{"$f":"IF($C178=\"RM\",$O178*$G178,\"\")","v":365.05791094586016},{"$f":"IF($H178>0,$H178*$P178,\"\")","v":""},null,{"$f":"IF($F178>0,VALUE(LEFT($F178,4)),\"\")","v":6173},{"$f":"IF(F178>0,IF(ISERROR(SEARCH(\"*FZ*\",$E178))=FALSE,\"FZ\",IF(ISERROR(SEARCH(\"*FR*\",$E178))=FALSE,\"FR\",\"Aucun\")),\"\")","v":"FR"},{"$f":"IF($C178=\"RM\",IF($U178=\"FR\",IF(ISNA(VLOOKUP($F:$F,lot,6,FALSE))=TRUE,VLOOKUP($T:$T,date,2,FALSE),VLOOKUP($F:$F,lot,6,FALSE)),\"\"),\"\")","v":"2016-04-19"},{"$f":"IF($C178=\"RM\",IF($U178=\"Fz\",IF(ISNA(VLOOKUP($F:$F,lot,6,FALSE))=TRUE,VLOOKUP($T:$T,date,2,FALSE),VLOOKUP($F:$F,lot,6,FALSE)),\"\"),\"\")","v":""},{"$f":"IF($C178=\"FG\",VLOOKUP($A:$A,op,4,FALSE),\"\")","v":""},"2016-04-26",{"$f":"IF(C178=\"rm\",IF(U178=\"aucun\",\"OK\",IF(U178=\"fz\",IF(Y178-W178>730,Y178-W178,\"OK\"),IF(Y178-V178<1,1,Y178-V178))),\"\")","v":7}]
["6173B011","Beef","FG",41252,"PORK BUTTS SLICED FOR GYRO FR @P","6173B014","",91.58,null,null,{"$f":"IF(ISNA(VLOOKUP($D:$D,rend,2,FALSE))=FALSE,VLOOKUP($D:$D,rend,2,FALSE),\"\")","v":0.88637769349848661},{"$f":"IF($C179=\"RM\",IF(ISNA(VLOOKUP($F$2:$F$478,pos,2,FALSE))=FALSE,VLOOKUP($F179:$F$478,pos,2,FALSE),IF(ISNA(VLOOKUP($F$2:$F$478,lot,2,FALSE))=FALSE,VLOOKUP($F$2:$F$478,lot,2,FALSE),\"MANQUANT\")),\"\")","v":""},{"$f":"IF($C179=\"RM\",IF(ISNA(VLOOKUP($F$2:$F$478,pos,3,FALSE))=FALSE,VLOOKUP($F179:$F627,pos,3,FALSE),\"OP\"),\"\")","v":""},{"$f":"IF($C179=\"RM\",IF(ISNA(VLOOKUP($F179:$F$471,pos,4,FALSE))=FALSE,VLOOKUP($F$2:$F$471,pos,4,FALSE),\"\"),\"\")","v":""},{"$f":"IF($C179=\"RM\",IF(ISNA(VLOOKUP($F$2:$F$478,pos,5,FALSE))=FALSE,VLOOKUP($F$2:$F$478,pos,5,FALSE),IF(ISNA(VLOOKUP($F$2:$F$478,lot,5,FALSE))=FALSE,VLOOKUP($F$2:$F$478,lot,5,FALSE),0)),\"\")","v":""},{"$f":"IF($H179>0,VLOOKUP($D:$D,prix,15,FALSE),\"\")","v":5.35},{"$f":"IF($C179=\"RM\",$O179*$G179,\"\")","v":""},{"$f":"IF($H179>0,$H179*$P179,\"\")","v":489.95299999999997},null,{"$f":"IF($F179>0,VALUE(LEFT($F179,4)),\"\")","v":6173},{"$f":"IF(F179>0,IF(ISERROR(SEARCH(\"*FZ*\",$E179))=FALSE,\"FZ\",IF(ISERROR(SEARCH(\"*FR*\",$E179))=FALSE,\"FR\",\"Aucun\")),\"\")","v":"FR"},{"$f":"IF($C179=\"RM\",IF($U179=\"FR\",IF(ISNA(VLOOKUP($F:$F,lot,6,FALSE))=TRUE,VLOOKUP($T:$T,date,2,FALSE),VLOOKUP($F:$F,lot,6,FALSE)),\"\"),\"\")","v":""},{"$f":"IF($C179=\"RM\",IF($U179=\"Fz\",IF(ISNA(VLOOKUP($F:$F,lot,6,FALSE))=TRUE,VLOOKUP($T:$T,date,2,FALSE),VLOOKUP($F:$F,lot,6,FALSE)),\"\"),\"\")","v":""},{"$f":"IF($C179=\"FG\",VLOOKUP($A:$A,op,4,FALSE),\"\")","v":{"$error":"#N/A"}},"2016-04-26",{"$f":"IF(C179=\"rm\",IF(U179=\"aucun\",\"OK\",IF(U179=\"fz\",IF(Y179-W179>730,Y179-W179,\"OK\"),IF(Y179-V179<1,1,Y179-V179))),\"\")","v":""}]
["6173B011","Beef","FG",41253,"PORK BUTTS CUBED FR @P","6173B015","",23.82,null,null,{"$f":"IF(ISNA(VLOOKUP($D:$D,rend,2,FALSE))=FALSE,VLOOKUP($D:$D,rend,2,FALSE),\"\")","v":0.90509565383517221},{"$f":"IF($C180=\"RM\",IF(ISNA(VLOOKUP($F$2:$F$478,pos,2,FALSE))=FALSE,VLOOKUP($F180:$F$478,pos,2,FALSE),IF(ISNA(VLOOKUP($F$2:$F$478,lot,2,FALSE))=FALSE,VLOOKUP($F$2:$F$478,lot,2,FALSE),\"MANQUANT\")),\"\")","v":""},{"$f":"IF($C180=\"RM\",IF(ISNA(VLOOKUP($F$2:$F$478,pos,3,FALSE))=FALSE,VLOOKUP($F180:$F628,pos,3,FALSE),\"OP\"),\"\")","v":""},{"$f":"IF($C180=\"RM\",IF(ISNA(VLOOKUP($F180:$F$471,pos,4,FALSE))=FALSE,VLOOKUP($F$2:$F$471,pos,4,FALSE),\"\"),\"\")","v":""},{"$f":"IF($C180=\"RM\",IF(ISNA(VLOOKUP($F$2:$F$478,pos,5,FALSE))=FALSE,VLOOKUP($F$2:$F$478,pos,5,FALSE),IF(ISNA(VLOOKUP($F$2:$F$478,lot,5,FALSE))=FALSE,VLOOKUP($F$2:$F$478,lot,5,FALSE),0)),\"\")","v":""},{"$f":"IF($H180>0,VLOOKUP($D:$D,prix,15,FALSE),\"\")","v":5.35},{"$f":"IF($C180=\"RM\",$O180*$G180,\"\")","v":""},{"$f":"IF($H180>0,$H180*$P180,\"\")","v":127.437},null,{"$f":"IF($F180>0,VALUE(LEFT($F180,4)),\"\")","v":6173},{"$f":"IF(F180>0,IF(ISERROR(SEARCH(\"*FZ*\",$E180))=FALSE,\"FZ\",IF(ISERROR(SEARCH(\"*FR*\",$E180))=FALSE,\"FR\",\"Aucun\")),\"\")","v":"FR"},{"$f":"IF($C180=\"RM\",IF($U180=\"FR\",IF(ISNA(VLOOKUP($F:$F,lot,6,FALSE))=TRUE,VLOOKUP($T:$T,date,2,FALSE),VLOOKUP($F:$F,lot,6,FALSE)),\"\"),\"\")","v":""},{"$f":"IF($C180=\"RM\",IF($U180=\"Fz\",IF(ISNA(VLOOKUP($F:$F,lot,6,FALSE))=TRUE,VLOOKUP($T:$T,date,2,FALSE),VLOOKUP($F:$F,lot,6,FALSE)),\"\"),\"\")","v":""},{"$f":"IF($C180=\"FG\",VLOOKUP($A:$A,op,4,FALSE),\"\")","v":{"$error":"#N/A"}},"2016-04-26",{"$f":"IF(C180=\"rm\",IF(U180=\"aucun\",\"OK\",IF(U180=\"fz\",IF(Y180-W180>730,Y180-W180,\"OK\"),IF(Y180-V180<1,1,Y180-V180))),\"\")","v":""}]
["6173B011 Total",null,null,null,null,null,{"$f":"SUBTOTAL(9,G178:G180)","v":115.4},{"$f":"SUBTOTAL(9,H178:H180)","v":115.4},null,null,null,null,null,null,null,null,{"$f":"SUBTOTAL(9,Q178:Q180)","v":365.05791094586016},{"$f":"SUBTOTAL(9,R178:R180)","v":617.39}]
["6175B05","Beef","RM",30019,"BEEF SHOULDER CLODS**RAW MATERIAL***COA REQUIRED FR #D","6175B05",5.22,null,null,null,{"$f":"IF(ISNA(VLOOKUP($D:$D,rend,2,FALSE))=FALSE,VLOOKUP($D:$D,rend,2,FALSE),\"\")","v":0.96334364459795419},{"$f":"IF($C182=\"RM\",IF(ISNA(VLOOKUP($F$2:$F$478,pos,2,FALSE))=FALSE,VLOOKUP($F182:$F$478,pos,2,FALSE),IF(ISNA(VLOOKUP($F$2:$F$478,lot,2,FALSE))=FALSE,VLOOKUP($F$2:$F$478,lot,2,FALSE),\"MANQUANT\")),\"\")","v":"PO-0021815"},{"$f":"IF($C182=\"RM\",IF(ISNA(VLOOKUP($F$2:$F$478,pos,3,FALSE))=FALSE,VLOOKUP($F182:$F629,pos,3,FALSE),\"OP\"),\"\")","v":"RYDI"},{"$f":"IF($C182=\"RM\",IF(ISNA(VLOOKUP($F182:$F$471,pos,4,FALSE))=FALSE,VLOOKUP($F$2:$F$471,pos,4,FALSE),\"\"),\"\")","v":742.5},{"$f":"IF($C182=\"RM\",IF(ISNA(VLOOKUP($F$2:$F$478,pos,5,FALSE))=FALSE,VLOOKUP($F$2:$F$478,pos,5,FALSE),IF(ISNA(VLOOKUP($F$2:$F$478,lot,5,FALSE))=FALSE,VLOOKUP($F$2:$F$478,lot,5,FALSE),0)),\"\")","v":7.28},{"$f":"IF($H182>0,VLOOKUP($D:$D,prix,15,FALSE),\"\")","v":""},{"$f":"IF($C182=\"RM\",$O182*$G182,\"\")","v":38.001599999999996},{"$f":"IF($H182>0,$H182*$P182,\"\")","v":""},null,{"$f":"IF($F182>0,VALUE(LEFT($F182,4)),\"\")","v":6175},{"$f":"IF(F182>0,IF(ISERROR(SEARCH(\"*FZ*\",$E182))=FALSE,\"FZ\",IF(ISERROR(SEARCH(\"*FR*\",$E182))=FALSE,\"FR\",\"Aucun\")),\"\")","v":"FR"},{"$f":"IF($C182=\"RM\",IF($U182=\"FR\",IF(ISNA(VLOOKUP($F:$F,lot,6,FALSE))=TRUE,VLOOKUP($T:$T,date,2,FALSE),VLOOKUP($F:$F,lot,6,FALSE)),\"\"),\"\")","v":"2016-04-21"},{"$f":"IF($C182=\"RM\",IF($U182=\"Fz\",IF(ISNA(VLOOKUP($F:$F,lot,6,FALSE))=TRUE,VLOOKUP($T:$T,date,2,FALSE),VLOOKUP($F:$F,lot,6,FALSE)),\"\"),\"\")","v":""},{"$f":"IF($C182=\"FG\",VLOOKUP($A:$A,op,4,FALSE),\"\")","v":""},"2016-04-26",{"$f":"IF(C182=\"rm\",IF(U182=\"aucun\",\"OK\",IF(U182=\"fz\",IF(Y182-W182>730,Y182-W182,\"OK\"),IF(Y182-V182<1,1,Y182-V182))),\"\")","v":5}]
["6175B05","Beef","FG",30303,"BONELESS BEEF SHOULDER ROLL FR #D","6175B051","",5.22,null,null,{"$f":"IF(ISNA(VLOOKUP($D:$D,rend,2,FALSE))=FALSE,VLOOKUP($D:$D,rend,2,FALSE),\"\")","v":0.82001574533407096},{"$f":"IF($C183=\"RM\",IF(ISNA(VLOOKUP($F$2:$F$478,pos,2,FALSE))=FALSE,VLOOKUP($F183:$F$478,pos,2,FALSE),IF(ISNA(VLOOKUP($F$2:$F$478,lot,2,FALSE))=FALSE,VLOOKUP($F$2:$F$478,lot,2,FALSE),\"MANQUANT\")),\"\")","v":""},{"$f":"IF($C183=\"RM\",IF(ISNA(VLOOKUP($F$2:$F$478,pos,3,FALSE))=FALSE,VLOOKUP($F183:$F630,pos,3,FALSE),\"OP\"),\"\")","v":""},{"$f":"IF($C183=\"RM\",IF(ISNA(VLOOKUP($F183:$F$471,pos,4,FALSE))=FALSE,VLOOKUP($F$2:$F$471,pos,4,FALSE),\"\"),\"\")","v":""},{"$f":"IF($C183=\"RM\",IF(ISNA(VLOOKUP($F$2:$F$478,pos,5,FALSE))=FALSE,VLOOKUP($F$2:$F$478,pos,5,FALSE),IF(ISNA(VLOOKUP($F$2:$F$478,lot,5,FALSE))=FALSE,VLOOKUP($F$2:$F$478,lot,5,FALSE),0)),\"\")","v":""},{"$f":"IF($H183>0,VLOOKUP($D:$D,prix,15,FALSE),\"\")","v":12},{"$f":"IF($C183=\"RM\",$O183*$G183,\"\")","v":""},{"$f":"IF($H183>0,$H183*$P183,\"\")","v":62.64},null,{"$f":"IF($F183>0,VALUE(LEFT($F183,4)),\"\")","v":6175},{"$f":"IF(F183>0,IF(ISERROR(SEARCH(\"*FZ*\",$E183))=FALSE,\"FZ\",IF(ISERROR(SEARCH(\"*FR*\",$E183))=FALSE,\"FR\",\"Aucun\")),\"\")","v":"FR"},{"$f":"IF($C183=\"RM\",IF($U183=\"FR\",IF(ISNA(VLOOKUP($F:$F,lot,6,FALSE))=TRUE,VLOOKUP($T:$T,date,2,FALSE),VLOOKUP($F:$F,lot,6,FALSE)),\"\"),\"\")","v":""},{"$f":"IF($C183=\"RM\",IF($U183=\"Fz\",IF(ISNA(VLOOKUP($F:$F,lot,6,FALSE))=TRUE,VLOOKUP($T:$T,date,2,FALSE),VLOOKUP($F:$F,lot,6,FALSE)),\"\"),\"\")","v":""},{"$f":"IF($C183=\"FG\",VLOOKUP($A:$A,op,4,FALSE),\"\")","v":{"$error":"#N/A"}},"2016-04-26",{"$f":"IF(C183=\"rm\",IF(U183=\"aucun\",\"OK\",IF(U183=\"fz\",IF(Y183-W183>730,Y183-W183,\"OK\"),IF(Y183-V183<1,1,Y183-V183))),\"\")","v":""}]
["6175B05 Total",null,null,null,null,null,{"$f":"SUBTOTAL(9,G182:G183)","v":5.22},{"$f":"SUBTOTAL(9,H182:H183)","v":5.22},null,null,null,null,null,null,null,null,{"$f":"SUBTOTAL(9,Q182:Q183)","v":38.001599999999996},{"$f":"SUBTOTAL(9,R182:R183)","v":62.64}]
["6172P09","Chicken","FG",35824,"CHICKEN THIGHS BONELESS FR @P","6172P091","",-20,null,null,{"$f":"IF(ISNA(VLOOKUP($D:$D,rend,2,FALSE))=FALSE,VLOOKUP($D:$D,rend,2,FALSE),\"\")","v":0.68052333911271923},{"$f":"IF($C185=\"RM\",IF(ISNA(VLOOKUP($F$2:$F$478,pos,2,FALSE))=FALSE,VLOOKUP($F185:$F$478,pos,2,FALSE),IF(ISNA(VLOOKUP($F$2:$F$478,lot,2,FALSE))=FALSE,VLOOKUP($F$2:$F$478,lot,2,FALSE),\"MANQUANT\")),\"\")","v":""},{"$f":"IF($C185=\"RM\",IF(ISNA(VLOOKUP($F$2:$F$478,pos,3,FALSE))=FALSE,VLOOKUP($F185:$F631,pos,3,FALSE),\"OP\"),\"\")","v":""},{"$f":"IF($C185=\"RM\",IF(ISNA(VLOOKUP($F185:$F$471,pos,4,FALSE))=FALSE,VLOOKUP($F$2:$F$471,pos,4,FALSE),\"\"),\"\")","v":""},{"$f":"IF($C185=\"RM\",IF(ISNA(VLOOKUP($F$2:$F$478,pos,5,FALSE))=FALSE,VLOOKUP($F$2:$F$478,pos,5,FALSE),IF(ISNA(VLOOKUP($F$2:$F$478,lot,5,FALSE))=FALSE,VLOOKUP($F$2:$F$478,lot,5,FALSE),0)),\"\")","v":""},{"$f":"IF($H185>0,VLOOKUP($D:$D,prix,15,FALSE),\"\")","v":""},{"$f":"IF($C185=\"RM\",$O185*$G185,\"\")","v":""},{"$f":"IF($H185>0,$H185*$P185,\"\")","v":""},null,{"$f":"IF($F185>0,VALUE(LEFT($F185,4)),\"\")","v":6172},{"$f":"IF(F185>0,IF(ISERROR(SEARCH(\"*FZ*\",$E185))=FALSE,\"FZ\",IF(ISERROR(SEARCH(\"*FR*\",$E185))=FALSE,\"FR\",\"Aucun\")),\"\")","v":"FR"},{"$f":"IF($C185=\"RM\",IF($U185=\"FR\",IF(ISNA(VLOOKUP($F:$F,lot,6,FALSE))=TRUE,VLOOKUP($T:$T,date,2,FALSE),VLOOKUP($F:$F,lot,6,FALSE)),\"\"),\"\")","v":""},{"$f":"IF($C185=\"RM\",IF($U185=\"Fz\",IF(ISNA(VLOOKUP($F:$F,lot,6,FALSE))=TRUE,VLOOKUP($T:$T,date,2,FALSE),VLOOKUP($F:$F,lot,6,FALSE)),\"\"),\"\")","v":""},{"$f":"IF($C185=\"FG\",VLOOKUP($A:$A,op,4,FALSE),\"\")","v":"2016-04-18"},"2016-04-26",{"$f":"IF(C185=\"rm\",IF(U185=\"aucun\",\"OK\",IF(U185=\"fz\",IF(Y185-W185>730,Y185-W185,\"OK\"),IF(Y185-V185<1,1,Y185-V185))),\"\")","v":""}]
["6172P09 Total",null,null,null,null,null,{"$f":"SUBTOTAL(9,G185:G185)","v":0},{"$f":"SUBTOTAL(9,H185:H185)","v":-20},null,null,null,null,null,null,null,null,{"$f":"SUBTOTAL(9,Q185:Q185)","v":0},{"$f":"SUBTOTAL(9,R185:R185)","v":0}]
["6172P091D","Chicken","RM",35824,"CHICKEN THIGHS BONELESS FR @P","6172P091",20,null,null,null,{"$f":"IF(ISNA(VLOOKUP($D:$D,rend,2,FALSE))=FALSE,VLOOKUP($D:$D,rend,2,FALSE),\"\")","v":0.68052333911271923},{"$f":"IF($C187=\"RM\",IF(ISNA(VLOOKUP($F$2:$F$478,pos,2,FALSE))=FALSE,VLOOKUP($F187:$F$478,pos,2,FALSE),IF(ISNA(VLOOKUP($F$2:$F$478,lot,2,FALSE))=FALSE,VLOOKUP($F$2:$F$478,lot,2,FALSE),\"MANQUANT\")),\"\")","v":"6172P09"},{"$f":"IF($C187=\"RM\",IF(ISNA(VLOOKUP($F$2:$F$478,pos,3,FALSE))=FALSE,VLOOKUP($F187:$F632,pos,3,FALSE),\"OP\"),\"\")","v":"OP"},{"$f":"IF($C187=\"RM\",IF(ISNA(VLOOKUP($F187:$F$471,pos,4,FALSE))=FALSE,VLOOKUP($F$2:$F$471,pos,4,FALSE),\"\"),\"\")","v":""},{"$f":"IF($C187=\"RM\",IF(ISNA(VLOOKUP($F$2:$F$478,pos,5,FALSE))=FALSE,VLOOKUP($F$2:$F$478,pos,5,FALSE),IF(ISNA(VLOOKUP($F$2:$F$478,lot,5,FALSE))=FALSE,VLOOKUP($F$2:$F$478,lot,5,FALSE),0)),\"\")","v":4.9652215831100071},{"$f":"IF($H187>0,VLOOKUP($D:$D,prix,15,FALSE),\"\")","v":""},{"$f":"IF($C187=\"RM\",$O187*$G187,\"\")","v":99.304431662200145},{"$f":"IF($H187>0,$H187*$P187,\"\")","v":""},null,{"$f":"IF($F187>0,VALUE(LEFT($F187,4)),\"\")","v":6172},{"$f":"IF(F187>0,IF(ISERROR(SEARCH(\"*FZ*\",$E187))=FALSE,\"FZ\",IF(ISERROR(SEARCH(\"*FR*\",$E187))=FALSE,\"FR\",\"Aucun\")),\"\")","v":"FR"},{"$f":"IF($C187=\"RM\",IF($U187=\"FR\",IF(ISNA(VLOOKUP($F:$F,lot,6,FALSE))=TRUE,VLOOKUP($T:$T,date,2,FALSE),VLOOKUP($F:$F,lot,6,FALSE)),\"\"),\"\")","v":"2016-04-18"},{"$f":"IF($C187=\"RM\",IF($U187=\"Fz\",IF(ISNA(VLOOKUP($F:$F,lot,6,FALSE))=TRUE,VLOOKUP($T:$T,date,2,FALSE),VLOOKUP($F:$F,lot,6,FALSE)),\"\"),\"\")","v":""},{"$f":"IF($C187=\"FG\",VLOOKUP($A:$A,op,4,FALSE),\"\")","v":""},"2016-04-26",{"$f":"IF(C187=\"rm\",IF(U187=\"aucun\",\"OK\",IF(U187=\"fz\",IF(Y187-W187>730,Y187-W187,\"OK\"),IF(Y187-V187<1,1,Y187-V187))),\"\")","v":8}]
["6172P091D","Chicken","FG",35824,"CHICKEN THIGHS BONELESS FR @P","6172P0912","",40,null,null,{"$f":"IF(ISNA(VLOOKUP($D:$D,rend,2,FALSE))=FALSE,VLOOKUP($D:$D,rend,2,FALSE),\"\")","v":0.68052333911271923},{"$f":"IF($C188=\"RM\",IF(ISNA(VLOOKUP($F$2:$F$478,pos,2,FALSE))=FALSE,VLOOKUP($F188:$F$478,pos,2,FALSE),IF(ISNA(VLOOKUP($F$2:$F$478,lot,2,FALSE))=FALSE,VLOOKUP($F$2:$F$478,lot,2,FALSE),\"MANQUANT\")),\"\")","v":""},{"$f":"IF($C188=\"RM\",IF(ISNA(VLOOKUP($F$2:$F$478,pos,3,FALSE))=FALSE,VLOOKUP($F188:$F633,pos,3,FALSE),\"OP\"),\"\")","v":""},{"$f":"IF($C188=\"RM\",IF(ISNA(VLOOKUP($F188:$F$471,pos,4,FALSE))=FALSE,VLOOKUP($F$2:$F$471,pos,4,FALSE),\"\"),\"\")","v":""},{"$f":"IF($C188=\"RM\",IF(ISNA(VLOOKUP($F$2:$F$478,pos,5,FALSE))=FALSE,VLOOKUP($F$2:$F$478,pos,5,FALSE),IF(ISNA(VLOOKUP($F$2:$F$478,lot,5,FALSE))=FALSE,VLOOKUP($F$2:$F$478,lot,5,FALSE),0)),\"\")","v":""},{"$f":"IF($H188>0,VLOOKUP($D:$D,prix,15,FALSE),\"\")","v":6.75},{"$f":"IF($C188=\"RM\",$O188*$G188,\"\")","v":""},{"$f":"IF($H188>0,$H188*$P188,\"\")","v":270},null,{"$f":"IF($F188>0,VALUE(LEFT($F188,4)),\"\")","v":6172},{"$f":"IF(F188>0,IF(ISERROR(SEARCH(\"*FZ*\",$E188))=FALSE,\"FZ\",IF(ISERROR(SEARCH(\"*FR*\",$E188))=FALSE,\"FR\",\"Aucun\")),\"\")","v":"FR"},{"$f":"IF($C188=\"RM\",IF($U188=\"FR\",IF(ISNA(VLOOKUP($F:$F,lot,6,FALSE))=TRUE,VLOOKUP($T:$T,date,2,FALSE),VLOOKUP($F:$F,lot,6,FALSE)),\"\"),\"\")","v":""},{"$f":"IF($C188=\"RM\",IF($U188=\"Fz\",IF(ISNA(VLOOKUP($F:$F,lot,6,FALSE))=TRUE,VLOOKUP($T:$T,date,2,FALSE),VLOOKUP($F:$F,lot,6,FALSE)),\"\"),\"\")","v":""},{"$f":"IF($C188=\"FG\",VLOOKUP($A:$A,op,4,FALSE),\"\")","v":{"$error":"#N/A"}},"2016-04-26",{"$f":"IF(C188=\"rm\",IF(U188=\"aucun\",\"OK\",IF(U188=\"fz\",IF(Y188-W188>730,Y188-W188,\"OK\"),IF(Y188-V188<1,1,Y188-V188))),\"\")","v":""}]
["6172P091D Total",null,null,null,null,null,{"$f":"SUBTOTAL(9,G187:G188)","v":20},{"$f":"SUBTOTAL(9,H187:H188)","v":40},null,null,null,null,null,null,null,null,{"$f":"SUBTOTAL(9,Q187:Q188)","v":99.304431662200145},{"$f":"SUBTOTAL(9,R187:R188)","v":270}]
["6172P096","Chicken","FG",35824,"CHICKEN THIGHS BONELESS FR @P","6172P0910","",0,null,null,{"$f":"IF(ISNA(VLOOKUP($D:$D,rend,2,FALSE))=FALSE,VLOOKUP($D:$D,rend,2,FALSE),\"\")","v":0.68052333911271923},{"$f":"IF($C190=\"RM\",IF(ISNA(VLOOKUP($F$2:$F$478,pos,2,FALSE))=FALSE,VLOOKUP($F190:$F$478,pos,2,FALSE),IF(ISNA(VLOOKUP($F$2:$F$478,lot,2,FALSE))=FALSE,VLOOKUP($F$2:$F$478,lot,2,FALSE),\"MANQUANT\")),\"\")","v":""},{"$f":"IF($C190=\"RM\",IF(ISNA(VLOOKUP($F$2:$F$478,pos,3,FALSE))=FALSE,VLOOKUP($F190:$F634,pos,3,FALSE),\"OP\"),\"\")","v":""},{"$f":"IF($C190=\"RM\",IF(ISNA(VLOOKUP($F190:$F$471,pos,4,FALSE))=FALSE,VLOOKUP($F$2:$F$471,pos,4,FALSE),\"\"),\"\")","v":""},{"$f":"IF($C190=\"RM\",IF(ISNA(VLOOKUP($F$2:$F$478,pos,5,FALSE))=FALSE,VLOOKUP($F$2:$F$478,pos,5,FALSE),IF(ISNA(VLOOKUP($F$2:$F$478,lot,5,FALSE))=FALSE,VLOOKUP($F$2:$F$478,lot,5,FALSE),0)),\"\")","v":""},{"$f":"IF($H190>0,VLOOKUP($D:$D,prix,15,FALSE),\"\")","v":""},{"$f":"IF($C190=\"RM\",$O190*$G190,\"\")","v":""},{"$f":"IF($H190>0,$H190*$P190,\"\")","v":""},null,{"$f":"IF($F190>0,VALUE(LEFT($F190,4)),\"\")","v":6172},{"$f":"IF(F190>0,IF(ISERROR(SEARCH(\"*FZ*\",$E190))=FALSE,\"FZ\",IF(ISERROR(SEARCH(\"*FR*\",$E190))=FALSE,\"FR\",\"Aucun\")),\"\")","v":"FR"},{"$f":"IF($C190=\"RM\",IF($U190=\"FR\",IF(ISNA(VLOOKUP($F:$F,lot,6,FALSE))=TRUE,VLOOKUP($T:$T,date,2,FALSE),VLOOKUP($F:$F,lot,6,FALSE)),\"\"),\"\")","v":""},{"$f":"IF($C190=\"RM\",IF($U190=\"Fz\",IF(ISNA(VLOOKUP($F:$F,lot,6,FALSE))=TRUE,VLOOKUP($T:$T,date,2,FALSE),VLOOKUP($F:$F,lot,6,FALSE)),\"\"),\"\")","v":""},{"$f":"IF($C190=\"FG\",VLOOKUP($A:$A,op,4,FALSE),\"\")","v":"2016-04-18"},"2016-04-26",{"$f":"IF(C190=\"rm\",IF(U190=\"aucun\",\"OK\",IF(U190=\"fz\",IF(Y190-W190>730,Y190-W190,\"OK\"),IF(Y190-V190<1,1,Y190-V190))),\"\")","v":""}]
["6172P096 Total",null,null,null,null,null,{"$f":"SUBTOTAL(9,G190:G190)","v":0},{"$f":"SUBTOTAL(9,H190:H190)","v":0},null,null,null,null,null,null,null,null,{"$f":"SUBTOTAL(9,Q190:Q190)","v":0},{"$f":"SUBTOTAL(9,R190:R190)","v":0}]
["6172P096B","Chicken","RM",35824,"CHICKEN THIGHS BONELESS FR @P","6172P096",10,null,null,null,{"$f":"IF(ISNA(VLOOKUP($D:$D,rend,2,FALSE))=FALSE,VLOOKUP($D:$D,rend,2,FALSE),\"\")","v":0.68052333911271923},{"$f":"IF($C192=\"RM\",IF(ISNA(VLOOKUP($F$2:$F$478,pos,2,FALSE))=FALSE,VLOOKUP($F192:$F$478,pos,2,FALSE),IF(ISNA(VLOOKUP($F$2:$F$478,lot,2,FALSE))=FALSE,VLOOKUP($F$2:$F$478,lot,2,FALSE),\"MANQUANT\")),\"\")","v":"6172P091C"},{"$f":"IF($C192=\"RM\",IF(ISNA(VLOOKUP($F$2:$F$478,pos,3,FALSE))=FALSE,VLOOKUP($F192:$F635,pos,3,FALSE),\"OP\"),\"\")","v":"OP"},{"$f":"IF($C192=\"RM\",IF(ISNA(VLOOKUP($F192:$F$471,pos,4,FALSE))=FALSE,VLOOKUP($F$2:$F$471,pos,4,FALSE),\"\"),\"\")","v":""},{"$f":"IF($C192=\"RM\",IF(ISNA(VLOOKUP($F$2:$F$478,pos,5,FALSE))=FALSE,VLOOKUP($F$2:$F$478,pos,5,FALSE),IF(ISNA(VLOOKUP($F$2:$F$478,lot,5,FALSE))=FALSE,VLOOKUP($F$2:$F$478,lot,5,FALSE),0)),\"\")","v":4.9652215831100071},{"$f":"IF($H192>0,VLOOKUP($D:$D,prix,15,FALSE),\"\")","v":""},{"$f":"IF($C192=\"RM\",$O192*$G192,\"\")","v":49.652215831100072},{"$f":"IF($H192>0,$H192*$P192,\"\")","v":""},null,{"$f":"IF($F192>0,VALUE(LEFT($F192,4)),\"\")","v":6172},{"$f":"IF(F192>0,IF(ISERROR(SEARCH(\"*FZ*\",$E192))=FALSE,\"FZ\",IF(ISERROR(SEARCH(\"*FR*\",$E192))=FALSE,\"FR\",\"Aucun\")),\"\")","v":"FR"},{"$f":"IF($C192=\"RM\",IF($U192=\"FR\",IF(ISNA(VLOOKUP($F:$F,lot,6,FALSE))=TRUE,VLOOKUP($T:$T,date,2,FALSE),VLOOKUP($F:$F,lot,6,FALSE)),\"\"),\"\")","v":"2016-04-18"},{"$f":"IF($C192=\"RM\",IF($U192=\"Fz\",IF(ISNA(VLOOKUP($F:$F,lot,6,FALSE))=TRUE,VLOOKUP($T:$T,date,2,FALSE),VLOOKUP($F:$F,lot,6,FALSE)),\"\"),\"\")","v":""},{"$f":"IF($C192=\"FG\",VLOOKUP($A:$A,op,4,FALSE),\"\")","v":""},"2016-04-26",{"$f":"IF(C192=\"rm\",IF(U192=\"aucun\",\"OK\",IF(U192=\"fz\",IF(Y192-W192>730,Y192-W192,\"OK\"),IF(Y192-V192<1,1,Y192-V192))),\"\")","v":8}]
["6172P096B","Chicken","FG",35824,"CHICKEN THIGHS BONELESS FR @P","6172P0911","",10,null,null,{"$f":"IF(ISNA(VLOOKUP($D:$D,rend,2,FALSE))=FALSE,VLOOKUP($D:$D,rend,2,FALSE),\"\")","v":0.68052333911271923},{"$f":"IF($C193=\"RM\",IF(ISNA(VLOOKUP($F$2:$F$478,pos,2,FALSE))=FALSE,VLOOKUP($F193:$F$478,pos,2,FALSE),IF(ISNA(VLOOKUP($F$2:$F$478,lot,2,FALSE))=FALSE,VLOOKUP($F$2:$F$478,lot,2,FALSE),\"MANQUANT\")),\"\")","v":""},{"$f":"IF($C193=\"RM\",IF(ISNA(VLOOKUP($F$2:$F$478,pos,3,FALSE))=FALSE,VLOOKUP($F193:$F636,pos,3,FALSE),\"OP\"),\"\")","v":""},{"$f":"IF($C193=\"RM\",IF(ISNA(VLOOKUP($F193:$F$471,pos,4,FALSE))=FALSE,VLOOKUP($F$2:$F$471,pos,4,FALSE),\"\"),\"\")","v":""},{"$f":"IF($C193=\"RM\",IF(ISNA(VLOOKUP($F$2:$F$478,pos,5,FALSE))=FALSE,VLOOKUP($F$2:$F$478,pos,5,FALSE),IF(ISNA(VLOOKUP($F$2:$F$478,lot,5,FALSE))=FALSE,VLOOKUP($F$2:$F$478,lot,5,FALSE),0)),\"\")","v":""},{"$f":"IF($H193>0,VLOOKUP($D:$D,prix,15,FALSE),\"\")","v":6.75},{"$f":"IF($C193=\"RM\",$O193*$G193,\"\")","v":""},{"$f":"IF($H193>0,$H193*$P193,\"\")","v":67.5},null,{"$f":"IF($F193>0,VALUE(LEFT($F193,4)),\"\")","v":6172},{"$f":"IF(F193>0,IF(ISERROR(SEARCH(\"*FZ*\",$E193))=FALSE,\"FZ\",IF(ISERROR(SEARCH(\"*FR*\",$E193))=FALSE,\"FR\",\"Aucun\")),\"\")","v":"FR"},{"$f":"IF($C193=\"RM\",IF($U193=\"FR\",IF(ISNA(VLOOKUP($F:$F,lot,6,FALSE))=TRUE,VLOOKUP($T:$T,date,2,FALSE),VLOOKUP($F:$F,lot,6,FALSE)),\"\"),\"\")","v":""},{"$f":"IF($C193=\"RM\",IF($U193=\"Fz\",IF(ISNA(VLOOKUP($F:$F,lot,6,FALSE))=TRUE,VLOOKUP($T:$T,date,2,FALSE),VLOOKUP($F:$F,lot,6,FALSE)),\"\"),\"\")","v":""},{"$f":"IF($C193=\"FG\",VLOOKUP($A:$A,op,4,FALSE),\"\")","v":{"$error":"#N/A"}},"2016-04-26",{"$f":"IF(C193=\"rm\",IF(U193=\"aucun\",\"OK\",IF(U193=\"fz\",IF(Y193-W193>730,Y193-W193,\"OK\"),IF(Y193-V193<1,1,Y193-V193))),\"\")","v":""}]
["6172P096B Total",null,null,null,null,null,{"$f":"SUBTOTAL(9,G192:G193)","v":10},{"$f":"SUBTOTAL(9,H192:H193)","v":10},null,null,null,null,null,null,null,null,{"$f":"SUBTOTAL(9,Q192:Q193)","v":49.652215831100072},{"$f":"SUBTOTAL(9,R192:R193)","v":67.5}]
["6174P0622","Chicken","RM",37010,"CHICKEN SEASONED *IN PROCESS* CODE: 27054 FR @P","6174P0622",223,null,null,null,{"$f":"IF(ISNA(VLOOKUP($D:$D,rend,2,FALSE))=FALSE,VLOOKUP($D:$D,rend,2,FALSE),\"\")","v":0.96585341220661314},{"$f":"IF($C195=\"RM\",IF(ISNA(VLOOKUP($F$2:$F$478,pos,2,FALSE))=FALSE,VLOOKUP($F195:$F$478,pos,2,FALSE),IF(ISNA(VLOOKUP($F$2:$F$478,lot,2,FALSE))=FALSE,VLOOKUP($F$2:$F$478,lot,2,FALSE),\"MANQUANT\")),\"\")","v":"6174P0615"},{"$f":"IF($C195=\"RM\",IF(ISNA(VLOOKUP($F$2:$F$478,pos,3,FALSE))=FALSE,VLOOKUP($F195:$F637,pos,3,FALSE),\"OP\"),\"\")","v":"OP"},{"$f":"IF($C195=\"RM\",IF(ISNA(VLOOKUP($F195:$F$471,pos,4,FALSE))=FALSE,VLOOKUP($F$2:$F$471,pos,4,FALSE),\"\"),\"\")","v":""},{"$f":"IF($C195=\"RM\",IF(ISNA(VLOOKUP($F$2:$F$478,pos,5,FALSE))=FALSE,VLOOKUP($F$2:$F$478,pos,5,FALSE),IF(ISNA(VLOOKUP($F$2:$F$478,lot,5,FALSE))=FALSE,VLOOKUP($F$2:$F$478,lot,5,FALSE),0)),\"\")","v":3.6021245630632674},{"$f":"IF($H195>0,VLOOKUP($D:$D,prix,15,FALSE),\"\")","v":""},{"$f":"IF($C195=\"RM\",$O195*$G195,\"\")","v":803.27377756310864},{"$f":"IF($H195>0,$H195*$P195,\"\")","v":""},null,{"$f":"IF($F195>0,VALUE(LEFT($F195,4)),\"\")","v":6174},{"$f":"IF(F195>0,IF(ISERROR(SEARCH(\"*FZ*\",$E195))=FALSE,\"FZ\",IF(ISERROR(SEARCH(\"*FR*\",$E195))=FALSE,\"FR\",\"Aucun\")),\"\")","v":"FR"},{"$f":"IF($C195=\"RM\",IF($U195=\"FR\",IF(ISNA(VLOOKUP($F:$F,lot,6,FALSE))=TRUE,VLOOKUP($T:$T,date,2,FALSE),VLOOKUP($F:$F,lot,6,FALSE)),\"\"),\"\")","v":"2016-04-20"},{"$f":"IF($C195=\"RM\",IF($U195=\"Fz\",IF(ISNA(VLOOKUP($F:$F,lot,6,FALSE))=TRUE,VLOOKUP($T:$T,date,2,FALSE),VLOOKUP($F:$F,lot,6,FALSE)),\"\"),\"\")","v":""},{"$f":"IF($C195=\"FG\",VLOOKUP($A:$A,op,4,FALSE),\"\")","v":""},"2016-04-26",{"$f":"IF(C195=\"rm\",IF(U195=\"aucun\",\"OK\",IF(U195=\"fz\",IF(Y195-W195>730,Y195-W195,\"OK\"),IF(Y195-V195<1,1,Y195-V195))),\"\")","v":6}]
["6174P0622","Chicken","FG",27054,"DEMI-POIT. POUL F TRIM BBQ COTES-LEVEES (120-130GR)(2 X 18 UN)**4.5KG/CS FR @P","6174P0623","",171,null,null,{"$f":"IF(ISNA(VLOOKUP($D:$D,rend,2,FALSE))=FALSE,VLOOKUP($D:$D,rend,2,FALSE),\"\")","v":0.96203544472650215},{"$f":"IF($C196=\"RM\",IF(ISNA(VLOOKUP($F$2:$F$478,pos,2,FALSE))=FALSE,VLOOKUP($F196:$F$478,pos,2,FALSE),IF(ISNA(VLOOKUP($F$2:$F$478,lot,2,FALSE))=FALSE,VLOOKUP($F$2:$F$478,lot,2,FALSE),\"MANQUANT\")),\"\")","v":""},{"$f":"IF($C196=\"RM\",IF(ISNA(VLOOKUP($F$2:$F$478,pos,3,FALSE))=FALSE,VLOOKUP($F196:$F638,pos,3,FALSE),\"OP\"),\"\")","v":""},{"$f":"IF($C196=\"RM\",IF(ISNA(VLOOKUP($F196:$F$471,pos,4,FALSE))=FALSE,VLOOKUP($F$2:$F$471,pos,4,FALSE),\"\"),\"\")","v":""},{"$f":"IF($C196=\"RM\",IF(ISNA(VLOOKUP($F$2:$F$478,pos,5,FALSE))=FALSE,VLOOKUP($F$2:$F$478,pos,5,FALSE),IF(ISNA(VLOOKUP($F$2:$F$478,lot,5,FALSE))=FALSE,VLOOKUP($F$2:$F$478,lot,5,FALSE),0)),\"\")","v":""},{"$f":"IF($H196>0,VLOOKUP($D:$D,prix,15,FALSE),\"\")","v":10.72},{"$f":"IF($C196=\"RM\",$O196*$G196,\"\")","v":""},{"$f":"IF($H196>0,$H196*$P196,\"\")","v":1833.1200000000001},null,{"$f":"IF($F196>0,VALUE(LEFT($F196,4)),\"\")","v":6174},{"$f":"IF(F196>0,IF(ISERROR(SEARCH(\"*FZ*\",$E196))=FALSE,\"FZ\",IF(ISERROR(SEARCH(\"*FR*\",$E196))=FALSE,\"FR\",\"Aucun\")),\"\")","v":"FR"},{"$f":"IF($C196=\"RM\",IF($U196=\"FR\",IF(ISNA(VLOOKUP($F:$F,lot,6,FALSE))=TRUE,VLOOKUP($T:$T,date,2,FALSE),VLOOKUP($F:$F,lot,6,FALSE)),\"\"),\"\")","v":""},{"$f":"IF($C196=\"RM\",IF($U196=\"Fz\",IF(ISNA(VLOOKUP($F:$F,lot,6,FALSE))=TRUE,VLOOKUP($T:$T,date,2,FALSE),VLOOKUP($F:$F,lot,6,FALSE)),\"\"),\"\")","v":""},{"$f":"IF($C196=\"FG\",VLOOKUP($A:$A,op,4,FALSE),\"\")","v":{"$error":"#N/A"}},"2016-04-26",{"$f":"IF(C196=\"rm\",IF(U196=\"aucun\",\"OK\",IF(U196=\"fz\",IF(Y196-W196>730,Y196-W196,\"OK\"),IF(Y196-V196<1,1,Y196-V196))),\"\")","v":""}]
["6174P0622","Chicken","FG",37010,"CHICKEN SEASONED *IN PROCESS* CODE: 27054 FR @P","6174P0624","",31.5,null,null,{"$f":"IF(ISNA(VLOOKUP($D:$D,rend,2,FALSE))=FALSE,VLOOKUP($D:$D,rend,2,FALSE),\"\")","v":0.96585341220661314},{"$f":"IF($C197=\"RM\",IF(ISNA(VLOOKUP($F$2:$F$478,pos,2,FALSE))=FALSE,VLOOKUP($F197:$F$478,pos,2,FALSE),IF(ISNA(VLOOKUP($F$2:$F$478,lot,2,FALSE))=FALSE,VLOOKUP($F$2:$F$478,lot,2,FALSE),\"MANQUANT\")),\"\")","v":""},{"$f":"IF($C197=\"RM\",IF(ISNA(VLOOKUP($F$2:$F$478,pos,3,FALSE))=FALSE,VLOOKUP($F197:$F639,pos,3,FALSE),\"OP\"),\"\")","v":""},{"$f":"IF($C197=\"RM\",IF(ISNA(VLOOKUP($F197:$F$471,pos,4,FALSE))=FALSE,VLOOKUP($F$2:$F$471,pos,4,FALSE),\"\"),\"\")","v":""},{"$f":"IF($C197=\"RM\",IF(ISNA(VLOOKUP($F$2:$F$478,pos,5,FALSE))=FALSE,VLOOKUP($F$2:$F$478,pos,5,FALSE),IF(ISNA(VLOOKUP($F$2:$F$478,lot,5,FALSE))=FALSE,VLOOKUP($F$2:$F$478,lot,5,FALSE),0)),\"\")","v":""},{"$f":"IF($H197>0,VLOOKUP($D:$D,prix,15,FALSE),\"\")","v":10.72},{"$f":"IF($C197=\"RM\",$O197*$G197,\"\")","v":""},{"$f":"IF($H197>0,$H197*$P197,\"\")","v":337.68},null,{"$f":"IF($F197>0,VALUE(LEFT($F197,4)),\"\")","v":6174},{"$f":"IF(F197>0,IF(ISERROR(SEARCH(\"*FZ*\",$E197))=FALSE,\"FZ\",IF(ISERROR(SEARCH(\"*FR*\",$E197))=FALSE,\"FR\",\"Aucun\")),\"\")","v":"FR"},{"$f":"IF($C197=\"RM\",IF($U197=\"FR\",IF(ISNA(VLOOKUP($F:$F,lot,6,FALSE))=TRUE,VLOOKUP($T:$T,date,2,FALSE),VLOOKUP($F:$F,lot,6,FALSE)),\"\"),\"\")","v":""},{"$f":"IF($C197=\"RM\",IF($U197=\"Fz\",IF(ISNA(VLOOKUP($F:$F,lot,6,FALSE))=TRUE,VLOOKUP($T:$T,date,2,FALSE),VLOOKUP($F:$F,lot,6,FALSE)),\"\"),\"\")","v":""},{"$f":"IF($C197=\"FG\",VLOOKUP($A:$A,op,4,FALSE),\"\")","v":{"$error":"#N/A"}},"2016-04-26",{"$f":"IF(C197=\"rm\",IF(U197=\"aucun\",\"OK\",IF(U197=\"fz\",IF(Y197-W197>730,Y197-W197,\"OK\"),IF(Y197-V197<1,1,Y197-V197))),\"\")","v":""}]
["6174P0622 Total",null,null,null,null,null,{"$f":"SUBTOTAL(9,G195:G197)","v":223},{"$f":"SUBTOTAL(9,H195:H197)","v":202.5},null,null,null,null,null,null,null,null,{"$f":"SUBTOTAL(9,Q195:Q197)","v":803.27377756310864},{"$f":"SUBTOTAL(9,R195:R197)","v":2170.8000000000002}]
["6174P0812","Chicken","RM",37005,"POULET ASSAISONNE *IN PROCESS* CODE 27051 FR @P","6174P0812",63,null,null,null,{"$f":"IF(ISNA(VLOOKUP($D:$D,rend,2,FALSE))=FALSE,VLOOKUP($D:$D,rend,2,FALSE),\"\")","v":0.96964794520876518},{"$f":"IF($C199=\"RM\",IF(ISNA(VLOOKUP($F$2:$F$478,pos,2,FALSE))=FALSE,VLOOKUP($F199:$F$478,pos,2,FALSE),IF(ISNA(VLOOKUP($F$2:$F$478,lot,2,FALSE))=FALSE,VLOOKUP($F$2:$F$478,lot,2,FALSE),\"MANQUANT\")),\"\")","v":"6174P087B"},{"$f":"IF($C199=\"RM\",IF(ISNA(VLOOKUP($F$2:$F$478,pos,3,FALSE))=FALSE,VLOOKUP($F199:$F640,pos,3,FALSE),\"OP\"),\"\")","v":"OP"},{"$f":"IF($C199=\"RM\",IF(ISNA(VLOOKUP($F199:$F$471,pos,4,FALSE))=FALSE,VLOOKUP($F$2:$F$471,pos,4,FALSE),\"\"),\"\")","v":""},{"$f":"IF($C199=\"RM\",IF(ISNA(VLOOKUP($F$2:$F$478,pos,5,FALSE))=FALSE,VLOOKUP($F$2:$F$478,pos,5,FALSE),IF(ISNA(VLOOKUP($F$2:$F$478,lot,5,FALSE))=FALSE,VLOOKUP($F$2:$F$478,lot,5,FALSE),0)),\"\")","v":5.7717418870477992},{"$f":"IF($H199>0,VLOOKUP($D:$D,prix,15,FALSE),\"\")","v":""},{"$f":"IF($C199=\"RM\",$O199*$G199,\"\")","v":363.61973888401133},{"$f":"IF($H199>0,$H199*$P199,\"\")","v":""},null,{"$f":"IF($F199>0,VALUE(LEFT($F199,4)),\"\")","v":6174},{"$f":"IF(F199>0,IF(ISERROR(SEARCH(\"*FZ*\",$E199))=FALSE,\"FZ\",IF(ISERROR(SEARCH(\"*FR*\",$E199))=FALSE,\"FR\",\"Aucun\")),\"\")","v":"FR"},{"$f":"IF($C199=\"RM\",IF($U199=\"FR\",IF(ISNA(VLOOKUP($F:$F,lot,6,FALSE))=TRUE,VLOOKUP($T:$T,date,2,FALSE),VLOOKUP($F:$F,lot,6,FALSE)),\"\"),\"\")","v":"2016-04-18"},{"$f":"IF($C199=\"RM\",IF($U199=\"Fz\",IF(ISNA(VLOOKUP($F:$F,lot,6,FALSE))=TRUE,VLOOKUP($T:$T,date,2,FALSE),VLOOKUP($F:$F,lot,6,FALSE)),\"\"),\"\")","v":""},{"$f":"IF($C199=\"FG\",VLOOKUP($A:$A,op,4,FALSE),\"\")","v":""},"2016-04-26",{"$f":"IF(C199=\"rm\",IF(U199=\"aucun\",\"OK\",IF(U199=\"fz\",IF(Y199-W199>730,Y199-W199,\"OK\"),IF(Y199-V199<1,1,Y199-V199))),\"\")","v":8}]
["6174P0812","Chicken","FG",27051,"CHIPOTLE SEASONED BNLS CH BREAST F-TRIM**120-130g (2 SACX18 UN)**4.5 kg FR #D","6174P0815","",63,null,null,{"$f":"IF(ISNA(VLOOKUP($D:$D,rend,2,FALSE))=FALSE,VLOOKUP($D:$D,rend,2,FALSE),\"\")","v":0.96512641307292313},{"$f":"IF($C200=\"RM\",IF(ISNA(VLOOKUP($F$2:$F$478,pos,2,FALSE))=FALSE,VLOOKUP($F200:$F$478,pos,2,FALSE),IF(ISNA(VLOOKUP($F$2:$F$478,lot,2,FALSE))=FALSE,VLOOKUP($F$2:$F$478,lot,2,FALSE),\"MANQUANT\")),\"\")","v":""},{"$f":"IF($C200=\"RM\",IF(ISNA(VLOOKUP($F$2:$F$478,pos,3,FALSE))=FALSE,VLOOKUP($F200:$F641,pos,3,FALSE),\"OP\"),\"\")","v":""},{"$f":"IF($C200=\"RM\",IF(ISNA(VLOOKUP($F200:$F$471,pos,4,FALSE))=FALSE,VLOOKUP($F$2:$F$471,pos,4,FALSE),\"\"),\"\")","v":""},{"$f":"IF($C200=\"RM\",IF(ISNA(VLOOKUP($F$2:$F$478,pos,5,FALSE))=FALSE,VLOOKUP($F$2:$F$478,pos,5,FALSE),IF(ISNA(VLOOKUP($F$2:$F$478,lot,5,FALSE))=FALSE,VLOOKUP($F$2:$F$478,lot,5,FALSE),0)),\"\")","v":""},{"$f":"IF($H200>0,VLOOKUP($D:$D,prix,15,FALSE),\"\")","v":10.72},{"$f":"IF($C200=\"RM\",$O200*$G200,\"\")","v":""},{"$f":"IF($H200>0,$H200*$P200,\"\")","v":675.36},null,{"$f":"IF($F200>0,VALUE(LEFT($F200,4)),\"\")","v":6174},{"$f":"IF(F200>0,IF(ISERROR(SEARCH(\"*FZ*\",$E200))=FALSE,\"FZ\",IF(ISERROR(SEARCH(\"*FR*\",$E200))=FALSE,\"FR\",\"Aucun\")),\"\")","v":"FR"},{"$f":"IF($C200=\"RM\",IF($U200=\"FR\",IF(ISNA(VLOOKUP($F:$F,lot,6,FALSE))=TRUE,VLOOKUP($T:$T,date,2,FALSE),VLOOKUP($F:$F,lot,6,FALSE)),\"\"),\"\")","v":""},{"$f":"IF($C200=\"RM\",IF($U200=\"Fz\",IF(ISNA(VLOOKUP($F:$F,lot,6,FALSE))=TRUE,VLOOKUP($T:$T,date,2,FALSE),VLOOKUP($F:$F,lot,6,FALSE)),\"\"),\"\")","v":""},{"$f":"IF($C200=\"FG\",VLOOKUP($A:$A,op,4,FALSE),\"\")","v":{"$error":"#N/A"}},"2016-04-26",{"$f":"IF(C200=\"rm\",IF(U200=\"aucun\",\"OK\",IF(U200=\"fz\",IF(Y200-W200>730,Y200-W200,\"OK\"),IF(Y200-V200<1,1,Y200-V200))),\"\")","v":""}]
["6174P0812 Total",null,null,null,null,null,{"$f":"SUBTOTAL(9,G199:G200)","v":63},{"$f":"SUBTOTAL(9,H199:H200)","v":63},null,null,null,null,null,null,null,null,{"$f":"SUBTOTAL(9,Q199:Q200)","v":363.61973888401133},{"$f":"SUBTOTAL(9,R199:R200)","v":675.36}]
["6174P0813","Chicken","RM",37010,"CHICKEN SEASONED *IN PROCESS* CODE: 27054 FR @P","6174P0813",54,null,null,null,{"$f":"IF(ISNA(VLOOKUP($D:$D,rend,2,FALSE))=FALSE,VLOOKUP($D:$D,rend,2,FALSE),\"\")","v":0.96585341220661314},{"$f":"IF($C202=\"RM\",IF(ISNA(VLOOKUP($F$2:$F$478,pos,2,FALSE))=FALSE,VLOOKUP($F202:$F$478,pos,2,FALSE),IF(ISNA(VLOOKUP($F$2:$F$478,lot,2,FALSE))=FALSE,VLOOKUP($F$2:$F$478,lot,2,FALSE),\"MANQUANT\")),\"\")","v":"6174P087"},{"$f":"IF($C202=\"RM\",IF(ISNA(VLOOKUP($F$2:$F$478,pos,3,FALSE))=FALSE,VLOOKUP($F202:$F642,pos,3,FALSE),\"OP\"),\"\")","v":"OP"},{"$f":"IF($C202=\"RM\",IF(ISNA(VLOOKUP($F202:$F$471,pos,4,FALSE))=FALSE,VLOOKUP($F$2:$F$471,pos,4,FALSE),\"\"),\"\")","v":""},{"$f":"IF($C202=\"RM\",IF(ISNA(VLOOKUP($F$2:$F$478,pos,5,FALSE))=FALSE,VLOOKUP($F$2:$F$478,pos,5,FALSE),IF(ISNA(VLOOKUP($F$2:$F$478,lot,5,FALSE))=FALSE,VLOOKUP($F$2:$F$478,lot,5,FALSE),0)),\"\")","v":6.1809499502163865},{"$f":"IF($H202>0,VLOOKUP($D:$D,prix,15,FALSE),\"\")","v":""},{"$f":"IF($C202=\"RM\",$O202*$G202,\"\")","v":333.77129731168486},{"$f":"IF($H202>0,$H202*$P202,\"\")","v":""},null,{"$f":"IF($F202>0,VALUE(LEFT($F202,4)),\"\")","v":6174},{"$f":"IF(F202>0,IF(ISERROR(SEARCH(\"*FZ*\",$E202))=FALSE,\"FZ\",IF(ISERROR(SEARCH(\"*FR*\",$E202))=FALSE,\"FR\",\"Aucun\")),\"\")","v":"FR"},{"$f":"IF($C202=\"RM\",IF($U202=\"FR\",IF(ISNA(VLOOKUP($F:$F,lot,6,FALSE))=TRUE,VLOOKUP($T:$T,date,2,FALSE),VLOOKUP($F:$F,lot,6,FALSE)),\"\"),\"\")","v":"2016-04-20"},{"$f":"IF($C202=\"RM\",IF($U202=\"Fz\",IF(ISNA(VLOOKUP($F:$F,lot,6,FALSE))=TRUE,VLOOKUP($T:$T,date,2,FALSE),VLOOKUP($F:$F,lot,6,FALSE)),\"\"),\"\")","v":""},{"$f":"IF($C202=\"FG\",VLOOKUP($A:$A,op,4,FALSE),\"\")","v":""},"2016-04-26",{"$f":"IF(C202=\"rm\",IF(U202=\"aucun\",\"OK\",IF(U202=\"fz\",IF(Y202-W202>730,Y202-W202,\"OK\"),IF(Y202-V202<1,1,Y202-V202))),\"\")","v":6}]
["6174P0813","Chicken","FG",27054,"DEMI-POIT. POUL F TRIM BBQ COTES-LEVEES (120-130GR)(2 X 18 UN)**4.5KG/CS FR @P","6174P0814","",54,null,null,{"$f":"IF(ISNA(VLOOKUP($D:$D,rend,2,FALSE))=FALSE,VLOOKUP($D:$D,rend,2,FALSE),\"\")","v":0.96203544472650215},{"$f":"IF($C203=\"RM\",IF(ISNA(VLOOKUP($F$2:$F$478,pos,2,FALSE))=FALSE,VLOOKUP($F203:$F$478,pos,2,FALSE),IF(ISNA(VLOOKUP($F$2:$F$478,lot,2,FALSE))=FALSE,VLOOKUP($F$2:$F$478,lot,2,FALSE),\"MANQUANT\")),\"\")","v":""},{"$f":"IF($C203=\"RM\",IF(ISNA(VLOOKUP($F$2:$F$478,pos,3,FALSE))=FALSE,VLOOKUP($F203:$F643,pos,3,FALSE),\"OP\"),\"\")","v":""},{"$f":"IF($C203=\"RM\",IF(ISNA(VLOOKUP($F203:$F$471,pos,4,FALSE))=FALSE,VLOOKUP($F$2:$F$471,pos,4,FALSE),\"\"),\"\")","v":""},{"$f":"IF($C203=\"RM\",IF(ISNA(VLOOKUP($F$2:$F$478,pos,5,FALSE))=FALSE,VLOOKUP($F$2:$F$478,pos,5,FALSE),IF(ISNA(VLOOKUP($F$2:$F$478,lot,5,FALSE))=FALSE,VLOOKUP($F$2:$F$478,lot,5,FALSE),0)),\"\")","v":""},{"$f":"IF($H203>0,VLOOKUP($D:$D,prix,15,FALSE),\"\")","v":10.72},{"$f":"IF($C203=\"RM\",$O203*$G203,\"\")","v":""},{"$f":"IF($H203>0,$H203*$P203,\"\")","v":578.88},null,{"$f":"IF($F203>0,VALUE(LEFT($F203,4)),\"\")","v":6174},{"$f":"IF(F203>0,IF(ISERROR(SEARCH(\"*FZ*\",$E203))=FALSE,\"FZ\",IF(ISERROR(SEARCH(\"*FR*\",$E203))=FALSE,\"FR\",\"Aucun\")),\"\")","v":"FR"},{"$f":"IF($C203=\"RM\",IF($U203=\"FR\",IF(ISNA(VLOOKUP($F:$F,lot,6,FALSE))=TRUE,VLOOKUP($T:$T,date,2,FALSE),VLOOKUP($F:$F,lot,6,FALSE)),\"\"),\"\")","v":""},{"$f":"IF($C203=\"RM\",IF($U203=\"Fz\",IF(ISNA(VLOOKUP($F:$F,lot,6,FALSE))=TRUE,VLOOKUP($T:$T,date,2,FALSE),VLOOKUP($F:$F,lot,6,FALSE)),\"\"),\"\")","v":""},{"$f":"IF($C203=\"FG\",VLOOKUP($A:$A,op,4,FALSE),\"\")","v":{"$error":"#N/A"}},"2016-04-26",{"$f":"IF(C203=\"rm\",IF(U203=\"aucun\",\"OK\",IF(U203=\"fz\",IF(Y203-W203>730,Y203-W203,\"OK\"),IF(Y203-V203<1,1,Y203-V203))),\"\")","v":""}]
["6174P0813 Total",null,null,null,null,null,{"$f":"SUBTOTAL(9,G202:G203)","v":54},{"$f":"SUBTOTAL(9,H202:H203)","v":54},null,null,null,null,null,null,null,null,{"$f":"SUBTOTAL(9,Q202:Q203)","v":333.77129731168486},{"$f":"SUBTOTAL(9,R202:R203)","v":578.88}]
["6176P011","Chicken","RM",37004,"BONELESS CH.BREAST *IN PROCESS* FR @P","6176P011",4898.82,null,null,null,{"$f":"IF(ISNA(VLOOKUP($D:$D,rend,2,FALSE))=FALSE,VLOOKUP($D:$D,rend,2,FALSE),\"\")","v":0.80480511567184854},{"$f":"IF($C205=\"RM\",IF(ISNA(VLOOKUP($F$2:$F$478,pos,2,FALSE))=FALSE,VLOOKUP($F205:$F$478,pos,2,FALSE),IF(ISNA(VLOOKUP($F$2:$F$478,lot,2,FALSE))=FALSE,VLOOKUP($F$2:$F$478,lot,2,FALSE),\"MANQUANT\")),\"\")","v":"6176P01"},{"$f":"IF($C205=\"RM\",IF(ISNA(VLOOKUP($F$2:$F$478,pos,3,FALSE))=FALSE,VLOOKUP($F205:$F644,pos,3,FALSE),\"OP\"),\"\")","v":"OP"},{"$f":"IF($C205=\"RM\",IF(ISNA(VLOOKUP($F205:$F$471,pos,4,FALSE))=FALSE,VLOOKUP($F$2:$F$471,pos,4,FALSE),\"\"),\"\")","v":""},{"$f":"IF($C205=\"RM\",IF(ISNA(VLOOKUP($F$2:$F$478,pos,5,FALSE))=FALSE,VLOOKUP($F$2:$F$478,pos,5,FALSE),IF(ISNA(VLOOKUP($F$2:$F$478,lot,5,FALSE))=FALSE,VLOOKUP($F$2:$F$478,lot,5,FALSE),0)),\"\")","v":3.2700180227075091},{"$f":"IF($H205>0,VLOOKUP($D:$D,prix,15,FALSE),\"\")","v":""},{"$f":"IF($C205=\"RM\",$O205*$G205,\"\")","v":16019.229689999998},{"$f":"IF($H205>0,$H205*$P205,\"\")","v":""},null,{"$f":"IF($F205>0,VALUE(LEFT($F205,4)),\"\")","v":6176},{"$f":"IF(F205>0,IF(ISERROR(SEARCH(\"*FZ*\",$E205))=FALSE,\"FZ\",IF(ISERROR(SEARCH(\"*FR*\",$E205))=FALSE,\"FR\",\"Aucun\")),\"\")","v":"FR"},{"$f":"IF($C205=\"RM\",IF($U205=\"FR\",IF(ISNA(VLOOKUP($F:$F,lot,6,FALSE))=TRUE,VLOOKUP($T:$T,date,2,FALSE),VLOOKUP($F:$F,lot,6,FALSE)),\"\"),\"\")","v":"2016-04-22"},{"$f":"IF($C205=\"RM\",IF($U205=\"Fz\",IF(ISNA(VLOOKUP($F:$F,lot,6,FALSE))=TRUE,VLOOKUP($T:$T,date,2,FALSE),VLOOKUP($F:$F,lot,6,FALSE)),\"\"),\"\")","v":""},{"$f":"IF($C205=\"FG\",VLOOKUP($A:$A,op,4,FALSE),\"\")","v":""},"2016-04-26",{"$f":"IF(C205=\"rm\",IF(U205=\"aucun\",\"OK\",IF(U205=\"fz\",IF(Y205-W205>730,Y205-W205,\"OK\"),IF(Y205-V205<1,1,Y205-V205))),\"\")","v":4}]
["6176P011","Chicken","FG",35760,"CH.FILET*CUT/2* NF*F.TRIM FR @P","6176P0119","",1055,null,null,{"$f":"IF(ISNA(VLOOKUP($D:$D,rend,2,FALSE))=FALSE,VLOOKUP($D:$D,rend,2,FALSE),\"\")","v":0.87125664974782602},{"$f":"IF($C206=\"RM\",IF(ISNA(VLOOKUP($F$2:$F$478,pos,2,FALSE))=FALSE,VLOOKUP($F206:$F$478,pos,2,FALSE),IF(ISNA(VLOOKUP($F$2:$F$478,lot,2,FALSE))=FALSE,VLOOKUP($F$2:$F$478,lot,2,FALSE),\"MANQUANT\")),\"\")","v":""},{"$f":"IF($C206=\"RM\",IF(ISNA(VLOOKUP($F$2:$F$478,pos,3,FALSE))=FALSE,VLOOKUP($F206:$F645,pos,3,FALSE),\"OP\"),\"\")","v":""},{"$f":"IF($C206=\"RM\",IF(ISNA(VLOOKUP($F206:$F$471,pos,4,FALSE))=FALSE,VLOOKUP($F$2:$F$471,pos,4,FALSE),\"\"),\"\")","v":""},{"$f":"IF($C206=\"RM\",IF(ISNA(VLOOKUP($F$2:$F$478,pos,5,FALSE))=FALSE,VLOOKUP($F$2:$F$478,pos,5,FALSE),IF(ISNA(VLOOKUP($F$2:$F$478,lot,5,FALSE))=FALSE,VLOOKUP($F$2:$F$478,lot,5,FALSE),0)),\"\")","v":""},{"$f":"IF($H206>0,VLOOKUP($D:$D,prix,15,FALSE),\"\")","v":8.6999999999999993},{"$f":"IF($C206=\"RM\",$O206*$G206,\"\")","v":""},{"$f":"IF($H206>0,$H206*$P206,\"\")","v":9178.5},null,{"$f":"IF($F206>0,VALUE(LEFT($F206,4)),\"\")","v":6176},{"$f":"IF(F206>0,IF(ISERROR(SEARCH(\"*FZ*\",$E206))=FALSE,\"FZ\",IF(ISERROR(SEARCH(\"*FR*\",$E206))=FALSE,\"FR\",\"Aucun\")),\"\")","v":"FR"},{"$f":"IF($C206=\"RM\",IF($U206=\"FR\",IF(ISNA(VLOOKUP($F:$F,lot,6,FALSE))=TRUE,VLOOKUP($T:$T,date,2,FALSE),VLOOKUP($F:$F,lot,6,FALSE)),\"\"),\"\")","v":""},{"$f":"IF($C206=\"RM\",IF($U206=\"Fz\",IF(ISNA(VLOOKUP($F:$F,lot,6,FALSE))=TRUE,VLOOKUP($T:$T,date,2,FALSE),VLOOKUP($F:$F,lot,6,FALSE)),\"\"),\"\")","v":""},{"$f":"IF($C206=\"FG\",VLOOKUP($A:$A,op,4,FALSE),\"\")","v":"2016-04-22"},"2016-04-26",{"$f":"IF(C206=\"rm\",IF(U206=\"aucun\",\"OK\",IF(U206=\"fz\",IF(Y206-W206>730,Y206-W206,\"OK\"),IF(Y206-V206<1,1,Y206-V206))),\"\")","v":""}]
["6176P011","Chicken","FG",35723,"BONELESS CHICKEN BREAST SPLIT**MEDIUM FR #P","6176P0120","",300,null,null,{"$f":"IF(ISNA(VLOOKUP($D:$D,rend,2,FALSE))=FALSE,VLOOKUP($D:$D,rend,2,FALSE),\"\")","v":0.88313918705202821},{"$f":"IF($C207=\"RM\",IF(ISNA(VLOOKUP($F$2:$F$478,pos,2,FALSE))=FALSE,VLOOKUP($F207:$F$478,pos,2,FALSE),IF(ISNA(VLOOKUP($F$2:$F$478,lot,2,FALSE))=FALSE,VLOOKUP($F$2:$F$478,lot,2,FALSE),\"MANQUANT\")),\"\")","v":""},{"$f":"IF($C207=\"RM\",IF(ISNA(VLOOKUP($F$2:$F$478,pos,3,FALSE))=FALSE,VLOOKUP($F207:$F646,pos,3,FALSE),\"OP\"),\"\")","v":""},{"$f":"IF($C207=\"RM\",IF(ISNA(VLOOKUP($F207:$F$471,pos,4,FALSE))=FALSE,VLOOKUP($F$2:$F$471,pos,4,FALSE),\"\"),\"\")","v":""},{"$f":"IF($C207=\"RM\",IF(ISNA(VLOOKUP($F$2:$F$478,pos,5,FALSE))=FALSE,VLOOKUP($F$2:$F$478,pos,5,FALSE),IF(ISNA(VLOOKUP($F$2:$F$478,lot,5,FALSE))=FALSE,VLOOKUP($F$2:$F$478,lot,5,FALSE),0)),\"\")","v":""},{"$f":"IF($H207>0,VLOOKUP($D:$D,prix,15,FALSE),\"\")","v":7.5},{"$f":"IF($C207=\"RM\",$O207*$G207,\"\")","v":""},{"$f":"IF($H207>0,$H207*$P207,\"\")","v":2250},null,{"$f":"IF($F207>0,VALUE(LEFT($F207,4)),\"\")","v":6176},{"$f":"IF(F207>0,IF(ISERROR(SEARCH(\"*FZ*\",$E207))=FALSE,\"FZ\",IF(ISERROR(SEARCH(\"*FR*\",$E207))=FALSE,\"FR\",\"Aucun\")),\"\")","v":"FR"},{"$f":"IF($C207=\"RM\",IF($U207=\"FR\",IF(ISNA(VLOOKUP($F:$F,lot,6,FALSE))=TRUE,VLOOKUP($T:$T,date,2,FALSE),VLOOKUP($F:$F,lot,6,FALSE)),\"\"),\"\")","v":""},{"$f":"IF($C207=\"RM\",IF($U207=\"Fz\",IF(ISNA(VLOOKUP($F:$F,lot,6,FALSE))=TRUE,VLOOKUP($T:$T,date,2,FALSE),VLOOKUP($F:$F,lot,6,FALSE)),\"\"),\"\")","v":""},{"$f":"IF($C207=\"FG\",VLOOKUP($A:$A,op,4,FALSE),\"\")","v":"2016-04-22"},"2016-04-26",{"$f":"IF(C207=\"rm\",IF(U207=\"aucun\",\"OK\",IF(U207=\"fz\",IF(Y207-W207>730,Y207-W207,\"OK\"),IF(Y207-V207<1,1,Y207-V207))),\"\")","v":""}]
["6176P011","Chicken","FG",35741,"BONELESS CHICKEN BREAST  RANDOM *SPLIT BIG FR @P","6176P0121","",50,null,null,{"$f":"IF(ISNA(VLOOKUP($D:$D,rend,2,FALSE))=FALSE,VLOOKUP($D:$D,rend,2,FALSE),\"\")","v":0.86543046352414799},{"$f":"IF($C208=\"RM\",IF(ISNA(VLOOKUP($F$2:$F$478,pos,2,FALSE))=FALSE,VLOOKUP($F208:$F$478,pos,2,FALSE),IF(ISNA(VLOOKUP($F$2:$F$478,lot,2,FALSE))=FALSE,VLOOKUP($F$2:$F$478,lot,2,FALSE),\"MANQUANT\")),\"\")","v":""},{"$f":"IF($C208=\"RM\",IF(ISNA(VLOOKUP($F$2:$F$478,pos,3,FALSE))=FALSE,VLOOKUP($F208:$F647,pos,3,FALSE),\"OP\"),\"\")","v":""},{"$f":"IF($C208=\"RM\",IF(ISNA(VLOOKUP($F208:$F$471,pos,4,FALSE))=FALSE,VLOOKUP($F$2:$F$471,pos,4,FALSE),\"\"),\"\")","v":""},{"$f":"IF($C208=\"RM\",IF(ISNA(VLOOKUP($F$2:$F$478,pos,5,FALSE))=FALSE,VLOOKUP($F$2:$F$478,pos,5,FALSE),IF(ISNA(VLOOKUP($F$2:$F$478,lot,5,FALSE))=FALSE,VLOOKUP($F$2:$F$478,lot,5,FALSE),0)),\"\")","v":""},{"$f":"IF($H208>0,VLOOKUP($D:$D,prix,15,FALSE),\"\")","v":7.75},{"$f":"IF($C208=\"RM\",$O208*$G208,\"\")","v":""},{"$f":"IF($H208>0,$H208*$P208,\"\")","v":387.5},null,{"$f":"IF($F208>0,VALUE(LEFT($F208,4)),\"\")","v":6176},{"$f":"IF(F208>0,IF(ISERROR(SEARCH(\"*FZ*\",$E208))=FALSE,\"FZ\",IF(ISERROR(SEARCH(\"*FR*\",$E208))=FALSE,\"FR\",\"Aucun\")),\"\")","v":"FR"},{"$f":"IF($C208=\"RM\",IF($U208=\"FR\",IF(ISNA(VLOOKUP($F:$F,lot,6,FALSE))=TRUE,VLOOKUP($T:$T,date,2,FALSE),VLOOKUP($F:$F,lot,6,FALSE)),\"\"),\"\")","v":""},{"$f":"IF($C208=\"RM\",IF($U208=\"Fz\",IF(ISNA(VLOOKUP($F:$F,lot,6,FALSE))=TRUE,VLOOKUP($T:$T,date,2,FALSE),VLOOKUP($F:$F,lot,6,FALSE)),\"\"),\"\")","v":""},{"$f":"IF($C208=\"FG\",VLOOKUP($A:$A,op,4,FALSE),\"\")","v":"2016-04-22"},"2016-04-26",{"$f":"IF(C208=\"rm\",IF(U208=\"aucun\",\"OK\",IF(U208=\"fz\",IF(Y208-W208>730,Y208-W208,\"OK\"),IF(Y208-V208<1,1,Y208-V208))),\"\")","v":""}]
["6176P011","Chicken","FG",37004,"BONELESS CH.BREAST *IN PROCESS* FR @P","6176P0124","",713,null,null,{"$f":"IF(ISNA(VLOOKUP($D:$D,rend,2,FALSE))=FALSE,VLOOKUP($D:$D,rend,2,FALSE),\"\")","v":0.80480511567184854},{"$f":"IF($C209=\"RM\",IF(ISNA(VLOOKUP($F$2:$F$478,pos,2,FALSE))=FALSE,VLOOKUP($F209:$F$478,pos,2,FALSE),IF(ISNA(VLOOKUP($F$2:$F$478,lot,2,FALSE))=FALSE,VLOOKUP($F$2:$F$478,lot,2,FALSE),\"MANQUANT\")),\"\")","v":""},{"$f":"IF($C209=\"RM\",IF(ISNA(VLOOKUP($F$2:$F$478,pos,3,FALSE))=FALSE,VLOOKUP($F209:$F648,pos,3,FALSE),\"OP\"),\"\")","v":""},{"$f":"IF($C209=\"RM\",IF(ISNA(VLOOKUP($F209:$F$471,pos,4,FALSE))=FALSE,VLOOKUP($F$2:$F$471,pos,4,FALSE),\"\"),\"\")","v":""},{"$f":"IF($C209=\"RM\",IF(ISNA(VLOOKUP($F$2:$F$478,pos,5,FALSE))=FALSE,VLOOKUP($F$2:$F$478,pos,5,FALSE),IF(ISNA(VLOOKUP($F$2:$F$478,lot,5,FALSE))=FALSE,VLOOKUP($F$2:$F$478,lot,5,FALSE),0)),\"\")","v":""},{"$f":"IF($H209>0,VLOOKUP($D:$D,prix,15,FALSE),\"\")","v":7.5},{"$f":"IF($C209=\"RM\",$O209*$G209,\"\")","v":""},{"$f":"IF($H209>0,$H209*$P209,\"\")","v":5347.5},null,{"$f":"IF($F209>0,VALUE(LEFT($F209,4)),\"\")","v":6176},{"$f":"IF(F209>0,IF(ISERROR(SEARCH(\"*FZ*\",$E209))=FALSE,\"FZ\",IF(ISERROR(SEARCH(\"*FR*\",$E209))=FALSE,\"FR\",\"Aucun\")),\"\")","v":"FR"},{"$f":"IF($C209=\"RM\",IF($U209=\"FR\",IF(ISNA(VLOOKUP($F:$F,lot,6,FALSE))=TRUE,VLOOKUP($T:$T,date,2,FALSE),VLOOKUP($F:$F,lot,6,FALSE)),\"\"),\"\")","v":""},{"$f":"IF($C209=\"RM\",IF($U209=\"Fz\",IF(ISNA(VLOOKUP($F:$F,lot,6,FALSE))=TRUE,VLOOKUP($T:$T,date,2,FALSE),VLOOKUP($F:$F,lot,6,FALSE)),\"\"),\"\")","v":""},{"$f":"IF($C209=\"FG\",VLOOKUP($A:$A,op,4,FALSE),\"\")","v":"2016-04-22"},"2016-04-26",{"$f":"IF(C209=\"rm\",IF(U209=\"aucun\",\"OK\",IF(U209=\"fz\",IF(Y209-W209>730,Y209-W209,\"OK\"),IF(Y209-V209<1,1,Y209-V209))),\"\")","v":""}]
["6176P011","Chicken","FG",36315,"BONLESS CHICKEN BREAST SPLIT ( 2 X 5 KG CVP) **METRO** FR #D","6176P0125","",2000,null,null,{"$f":"IF(ISNA(VLOOKUP($D:$D,rend,2,FALSE))=FALSE,VLOOKUP($D:$D,rend,2,FALSE),\"\")","v":0.83718453419271532},{"$f":"IF($C210=\"RM\",IF(ISNA(VLOOKUP($F$2:$F$478,pos,2,FALSE))=FALSE,VLOOKUP($F210:$F$478,pos,2,FALSE),IF(ISNA(VLOOKUP($F$2:$F$478,lot,2,FALSE))=FALSE,VLOOKUP($F$2:$F$478,lot,2,FALSE),\"MANQUANT\")),\"\")","v":""},{"$f":"IF($C210=\"RM\",IF(ISNA(VLOOKUP($F$2:$F$478,pos,3,FALSE))=FALSE,VLOOKUP($F210:$F649,pos,3,FALSE),\"OP\"),\"\")","v":""},{"$f":"IF($C210=\"RM\",IF(ISNA(VLOOKUP($F210:$F$471,pos,4,FALSE))=FALSE,VLOOKUP($F$2:$F$471,pos,4,FALSE),\"\"),\"\")","v":""},{"$f":"IF($C210=\"RM\",IF(ISNA(VLOOKUP($F$2:$F$478,pos,5,FALSE))=FALSE,VLOOKUP($F$2:$F$478,pos,5,FALSE),IF(ISNA(VLOOKUP($F$2:$F$478,lot,5,FALSE))=FALSE,VLOOKUP($F$2:$F$478,lot,5,FALSE),0)),\"\")","v":""},{"$f":"IF($H210>0,VLOOKUP($D:$D,prix,15,FALSE),\"\")","v":8.65},{"$f":"IF($C210=\"RM\",$O210*$G210,\"\")","v":""},{"$f":"IF($H210>0,$H210*$P210,\"\")","v":17300},null,{"$f":"IF($F210>0,VALUE(LEFT($F210,4)),\"\")","v":6176},{"$f":"IF(F210>0,IF(ISERROR(SEARCH(\"*FZ*\",$E210))=FALSE,\"FZ\",IF(ISERROR(SEARCH(\"*FR*\",$E210))=FALSE,\"FR\",\"Aucun\")),\"\")","v":"FR"},{"$f":"IF($C210=\"RM\",IF($U210=\"FR\",IF(ISNA(VLOOKUP($F:$F,lot,6,FALSE))=TRUE,VLOOKUP($T:$T,date,2,FALSE),VLOOKUP($F:$F,lot,6,FALSE)),\"\"),\"\")","v":""},{"$f":"IF($C210=\"RM\",IF($U210=\"Fz\",IF(ISNA(VLOOKUP($F:$F,lot,6,FALSE))=TRUE,VLOOKUP($T:$T,date,2,FALSE),VLOOKUP($F:$F,lot,6,FALSE)),\"\"),\"\")","v":""},{"$f":"IF($C210=\"FG\",VLOOKUP($A:$A,op,4,FALSE),\"\")","v":"2016-04-22"},"2016-04-26",{"$f":"IF(C210=\"rm\",IF(U210=\"aucun\",\"OK\",IF(U210=\"fz\",IF(Y210-W210>730,Y210-W210,\"OK\"),IF(Y210-V210<1,1,Y210-V210))),\"\")","v":""}]
["6176P011","Chicken","FG",38006,"CUBES DE POULET 15-20 GRAMMES**5 KG/CS FR @P","6176P0126","",65,null,null,{"$f":"IF(ISNA(VLOOKUP($D:$D,rend,2,FALSE))=FALSE,VLOOKUP($D:$D,rend,2,FALSE),\"\")","v":0.91358316152384567},{"$f":"IF($C211=\"RM\",IF(ISNA(VLOOKUP($F$2:$F$478,pos,2,FALSE))=FALSE,VLOOKUP($F211:$F$478,pos,2,FALSE),IF(ISNA(VLOOKUP($F$2:$F$478,lot,2,FALSE))=FALSE,VLOOKUP($F$2:$F$478,lot,2,FALSE),\"MANQUANT\")),\"\")","v":""},{"$f":"IF($C211=\"RM\",IF(ISNA(VLOOKUP($F$2:$F$478,pos,3,FALSE))=FALSE,VLOOKUP($F211:$F650,pos,3,FALSE),\"OP\"),\"\")","v":""},{"$f":"IF($C211=\"RM\",IF(ISNA(VLOOKUP($F211:$F$471,pos,4,FALSE))=FALSE,VLOOKUP($F$2:$F$471,pos,4,FALSE),\"\"),\"\")","v":""},{"$f":"IF($C211=\"RM\",IF(ISNA(VLOOKUP($F$2:$F$478,pos,5,FALSE))=FALSE,VLOOKUP($F$2:$F$478,pos,5,FALSE),IF(ISNA(VLOOKUP($F$2:$F$478,lot,5,FALSE))=FALSE,VLOOKUP($F$2:$F$478,lot,5,FALSE),0)),\"\")","v":""},{"$f":"IF($H211>0,VLOOKUP($D:$D,prix,15,FALSE),\"\")","v":9.5},{"$f":"IF($C211=\"RM\",$O211*$G211,\"\")","v":""},{"$f":"IF($H211>0,$H211*$P211,\"\")","v":617.5},null,{"$f":"IF($F211>0,VALUE(LEFT($F211,4)),\"\")","v":6176},{"$f":"IF(F211>0,IF(ISERROR(SEARCH(\"*FZ*\",$E211))=FALSE,\"FZ\",IF(ISERROR(SEARCH(\"*FR*\",$E211))=FALSE,\"FR\",\"Aucun\")),\"\")","v":"FR"},{"$f":"IF($C211=\"RM\",IF($U211=\"FR\",IF(ISNA(VLOOKUP($F:$F,lot,6,FALSE))=TRUE,VLOOKUP($T:$T,date,2,FALSE),VLOOKUP($F:$F,lot,6,FALSE)),\"\"),\"\")","v":""},{"$f":"IF($C211=\"RM\",IF($U211=\"Fz\",IF(ISNA(VLOOKUP($F:$F,lot,6,FALSE))=TRUE,VLOOKUP($T:$T,date,2,FALSE),VLOOKUP($F:$F,lot,6,FALSE)),\"\"),\"\")","v":""},{"$f":"IF($C211=\"FG\",VLOOKUP($A:$A,op,4,FALSE),\"\")","v":"2016-04-22"},"2016-04-26",{"$f":"IF(C211=\"rm\",IF(U211=\"aucun\",\"OK\",IF(U211=\"fz\",IF(Y211-W211>730,Y211-W211,\"OK\"),IF(Y211-V211<1,1,Y211-V211))),\"\")","v":""}]
["6176P011","Chicken","FG",36320,"BONELESS CHICKEN BREAST RANDOM**DECARIE** FR #D","6176P0127","",125,null,null,{"$f":"IF(ISNA(VLOOKUP($D:$D,rend,2,FALSE))=FALSE,VLOOKUP($D:$D,rend,2,FALSE),\"\")","v":0.89076601913762632},{"$f":"IF($C212=\"RM\",IF(ISNA(VLOOKUP($F$2:$F$478,pos,2,FALSE))=FALSE,VLOOKUP($F212:$F$478,pos,2,FALSE),IF(ISNA(VLOOKUP($F$2:$F$478,lot,2,FALSE))=FALSE,VLOOKUP($F$2:$F$478,lot,2,FALSE),\"MANQUANT\")),\"\")","v":""},{"$f":"IF($C212=\"RM\",IF(ISNA(VLOOKUP($F$2:$F$478,pos,3,FALSE))=FALSE,VLOOKUP($F212:$F651,pos,3,FALSE),\"OP\"),\"\")","v":""},{"$f":"IF($C212=\"RM\",IF(ISNA(VLOOKUP($F212:$F$471,pos,4,FALSE))=FALSE,VLOOKUP($F$2:$F$471,pos,4,FALSE),\"\"),\"\")","v":""},{"$f":"IF($C212=\"RM\",IF(ISNA(VLOOKUP($F$2:$F$478,pos,5,FALSE))=FALSE,VLOOKUP($F$2:$F$478,pos,5,FALSE),IF(ISNA(VLOOKUP($F$2:$F$478,lot,5,FALSE))=FALSE,VLOOKUP($F$2:$F$478,lot,5,FALSE),0)),\"\")","v":""},{"$f":"IF($H212>0,VLOOKUP($D:$D,prix,15,FALSE),\"\")","v":7.75},{"$f":"IF($C212=\"RM\",$O212*$G212,\"\")","v":""},{"$f":"IF($H212>0,$H212*$P212,\"\")","v":968.75},null,{"$f":"IF($F212>0,VALUE(LEFT($F212,4)),\"\")","v":6176},{"$f":"IF(F212>0,IF(ISERROR(SEARCH(\"*FZ*\",$E212))=FALSE,\"FZ\",IF(ISERROR(SEARCH(\"*FR*\",$E212))=FALSE,\"FR\",\"Aucun\")),\"\")","v":"FR"},{"$f":"IF($C212=\"RM\",IF($U212=\"FR\",IF(ISNA(VLOOKUP($F:$F,lot,6,FALSE))=TRUE,VLOOKUP($T:$T,date,2,FALSE),VLOOKUP($F:$F,lot,6,FALSE)),\"\"),\"\")","v":""},{"$f":"IF($C212=\"RM\",IF($U212=\"Fz\",IF(ISNA(VLOOKUP($F:$F,lot,6,FALSE))=TRUE,VLOOKUP($T:$T,date,2,FALSE),VLOOKUP($F:$F,lot,6,FALSE)),\"\"),\"\")","v":""},{"$f":"IF($C212=\"FG\",VLOOKUP($A:$A,op,4,FALSE),\"\")","v":"2016-04-22"},"2016-04-26",{"$f":"IF(C212=\"rm\",IF(U212=\"aucun\",\"OK\",IF(U212=\"fz\",IF(Y212-W212>730,Y212-W212,\"OK\"),IF(Y212-V212<1,1,Y212-V212))),\"\")","v":""}]
["6176P011","Chicken","FG",38007,"CUBES DE POULET 17 et 23 gr.. ONLY   GRAMMES**5 KG/CS FR @P","6176P0130","",25,null,null,{"$f":"IF(ISNA(VLOOKUP($D:$D,rend,2,FALSE))=FALSE,VLOOKUP($D:$D,rend,2,FALSE),\"\")","v":0.91642217080835064},{"$f":"IF($C213=\"RM\",IF(ISNA(VLOOKUP($F$2:$F$478,pos,2,FALSE))=FALSE,VLOOKUP($F213:$F$478,pos,2,FALSE),IF(ISNA(VLOOKUP($F$2:$F$478,lot,2,FALSE))=FALSE,VLOOKUP($F$2:$F$478,lot,2,FALSE),\"MANQUANT\")),\"\")","v":""},{"$f":"IF($C213=\"RM\",IF(ISNA(VLOOKUP($F$2:$F$478,pos,3,FALSE))=FALSE,VLOOKUP($F213:$F652,pos,3,FALSE),\"OP\"),\"\")","v":""},{"$f":"IF($C213=\"RM\",IF(ISNA(VLOOKUP($F213:$F$471,pos,4,FALSE))=FALSE,VLOOKUP($F$2:$F$471,pos,4,FALSE),\"\"),\"\")","v":""},{"$f":"IF($C213=\"RM\",IF(ISNA(VLOOKUP($F$2:$F$478,pos,5,FALSE))=FALSE,VLOOKUP($F$2:$F$478,pos,5,FALSE),IF(ISNA(VLOOKUP($F$2:$F$478,lot,5,FALSE))=FALSE,VLOOKUP($F$2:$F$478,lot,5,FALSE),0)),\"\")","v":""},{"$f":"IF($H213>0,VLOOKUP($D:$D,prix,15,FALSE),\"\")","v":9.5},{"$f":"IF($C213=\"RM\",$O213*$G213,\"\")","v":""},{"$f":"IF($H213>0,$H213*$P213,\"\")","v":237.5},null,{"$f":"IF($F213>0,VALUE(LEFT($F213,4)),\"\")","v":6176},{"$f":"IF(F213>0,IF(ISERROR(SEARCH(\"*FZ*\",$E213))=FALSE,\"FZ\",IF(ISERROR(SEARCH(\"*FR*\",$E213))=FALSE,\"FR\",\"Aucun\")),\"\")","v":"FR"},{"$f":"IF($C213=\"RM\",IF($U213=\"FR\",IF(ISNA(VLOOKUP($F:$F,lot,6,FALSE))=TRUE,VLOOKUP($T:$T,date,2,FALSE),VLOOKUP($F:$F,lot,6,FALSE)),\"\"),\"\")","v":""},{"$f":"IF($C213=\"RM\",IF($U213=\"Fz\",IF(ISNA(VLOOKUP($F:$F,lot,6,FALSE))=TRUE,VLOOKUP($T:$T,date,2,FALSE),VLOOKUP($F:$F,lot,6,FALSE)),\"\"),\"\")","v":""},{"$f":"IF($C213=\"FG\",VLOOKUP($A:$A,op,4,FALSE),\"\")","v":"2016-04-22"},"2016-04-26",{"$f":"IF(C213=\"rm\",IF(U213=\"aucun\",\"OK\",IF(U213=\"fz\",IF(Y213-W213>730,Y213-W213,\"OK\"),IF(Y213-V213<1,1,Y213-V213))),\"\")","v":""}]
["6176P011","Chicken","FG",35802,"CHICKEN TRIMMINGS 80% FZ #D","6176P0131","",375,null,null,{"$f":"IF(ISNA(VLOOKUP($D:$D,rend,2,FALSE))=FALSE,VLOOKUP($D:$D,rend,2,FALSE),\"\")","v":0.83345280817828782},{"$f":"IF($C214=\"RM\",IF(ISNA(VLOOKUP($F$2:$F$478,pos,2,FALSE))=FALSE,VLOOKUP($F214:$F$478,pos,2,FALSE),IF(ISNA(VLOOKUP($F$2:$F$478,lot,2,FALSE))=FALSE,VLOOKUP($F$2:$F$478,lot,2,FALSE),\"MANQUANT\")),\"\")","v":""},{"$f":"IF($C214=\"RM\",IF(ISNA(VLOOKUP($F$2:$F$478,pos,3,FALSE))=FALSE,VLOOKUP($F214:$F653,pos,3,FALSE),\"OP\"),\"\")","v":""},{"$f":"IF($C214=\"RM\",IF(ISNA(VLOOKUP($F214:$F$471,pos,4,FALSE))=FALSE,VLOOKUP($F$2:$F$471,pos,4,FALSE),\"\"),\"\")","v":""},{"$f":"IF($C214=\"RM\",IF(ISNA(VLOOKUP($F$2:$F$478,pos,5,FALSE))=FALSE,VLOOKUP($F$2:$F$478,pos,5,FALSE),IF(ISNA(VLOOKUP($F$2:$F$478,lot,5,FALSE))=FALSE,VLOOKUP($F$2:$F$478,lot,5,FALSE),0)),\"\")","v":""},{"$f":"IF($H214>0,VLOOKUP($D:$D,prix,15,FALSE),\"\")","v":2.75},{"$f":"IF($C214=\"RM\",$O214*$G214,\"\")","v":""},{"$f":"IF($H214>0,$H214*$P214,\"\")","v":1031.25},null,{"$f":"IF($F214>0,VALUE(LEFT($F214,4)),\"\")","v":6176},{"$f":"IF(F214>0,IF(ISERROR(SEARCH(\"*FZ*\",$E214))=FALSE,\"FZ\",IF(ISERROR(SEARCH(\"*FR*\",$E214))=FALSE,\"FR\",\"Aucun\")),\"\")","v":"FZ"},{"$f":"IF($C214=\"RM\",IF($U214=\"FR\",IF(ISNA(VLOOKUP($F:$F,lot,6,FALSE))=TRUE,VLOOKUP($T:$T,date,2,FALSE),VLOOKUP($F:$F,lot,6,FALSE)),\"\"),\"\")","v":""},{"$f":"IF($C214=\"RM\",IF($U214=\"Fz\",IF(ISNA(VLOOKUP($F:$F,lot,6,FALSE))=TRUE,VLOOKUP($T:$T,date,2,FALSE),VLOOKUP($F:$F,lot,6,FALSE)),\"\"),\"\")","v":""},{"$f":"IF($C214=\"FG\",VLOOKUP($A:$A,op,4,FALSE),\"\")","v":"2016-04-22"},"2016-04-26",{"$f":"IF(C214=\"rm\",IF(U214=\"aucun\",\"OK\",IF(U214=\"fz\",IF(Y214-W214>730,Y214-W214,\"OK\"),IF(Y214-V214<1,1,Y214-V214))),\"\")","v":""}]
["6176P011","Chicken","FG",37003,"FULL TRIM RANDOM *IN PROCESS* CODE: 26019,27056,35760 FR @P","6176P0132","",40,null,null,{"$f":"IF(ISNA(VLOOKUP($D:$D,rend,2,FALSE))=FALSE,VLOOKUP($D:$D,rend,2,FALSE),\"\")","v":0.8474087549148519},{"$f":"IF($C215=\"RM\",IF(ISNA(VLOOKUP($F$2:$F$478,pos,2,FALSE))=FALSE,VLOOKUP($F215:$F$478,pos,2,FALSE),IF(ISNA(VLOOKUP($F$2:$F$478,lot,2,FALSE))=FALSE,VLOOKUP($F$2:$F$478,lot,2,FALSE),\"MANQUANT\")),\"\")","v":""},{"$f":"IF($C215=\"RM\",IF(ISNA(VLOOKUP($F$2:$F$478,pos,3,FALSE))=FALSE,VLOOKUP($F215:$F654,pos,3,FALSE),\"OP\"),\"\")","v":""},{"$f":"IF($C215=\"RM\",IF(ISNA(VLOOKUP($F215:$F$471,pos,4,FALSE))=FALSE,VLOOKUP($F$2:$F$471,pos,4,FALSE),\"\"),\"\")","v":""},{"$f":"IF($C215=\"RM\",IF(ISNA(VLOOKUP($F$2:$F$478,pos,5,FALSE))=FALSE,VLOOKUP($F$2:$F$478,pos,5,FALSE),IF(ISNA(VLOOKUP($F$2:$F$478,lot,5,FALSE))=FALSE,VLOOKUP($F$2:$F$478,lot,5,FALSE),0)),\"\")","v":""},{"$f":"IF($H215>0,VLOOKUP($D:$D,prix,15,FALSE),\"\")","v":11.5},{"$f":"IF($C215=\"RM\",$O215*$G215,\"\")","v":""},{"$f":"IF($H215>0,$H215*$P215,\"\")","v":460},null,{"$f":"IF($F215>0,VALUE(LEFT($F215,4)),\"\")","v":6176},{"$f":"IF(F215>0,IF(ISERROR(SEARCH(\"*FZ*\",$E215))=FALSE,\"FZ\",IF(ISERROR(SEARCH(\"*FR*\",$E215))=FALSE,\"FR\",\"Aucun\")),\"\")","v":"FR"},{"$f":"IF($C215=\"RM\",IF($U215=\"FR\",IF(ISNA(VLOOKUP($F:$F,lot,6,FALSE))=TRUE,VLOOKUP($T:$T,date,2,FALSE),VLOOKUP($F:$F,lot,6,FALSE)),\"\"),\"\")","v":""},{"$f":"IF($C215=\"RM\",IF($U215=\"Fz\",IF(ISNA(VLOOKUP($F:$F,lot,6,FALSE))=TRUE,VLOOKUP($T:$T,date,2,FALSE),VLOOKUP($F:$F,lot,6,FALSE)),\"\"),\"\")","v":""},{"$f":"IF($C215=\"FG\",VLOOKUP($A:$A,op,4,FALSE),\"\")","v":"2016-04-22"},"2016-04-26",{"$f":"IF(C215=\"rm\",IF(U215=\"aucun\",\"OK\",IF(U215=\"fz\",IF(Y215-W215>730,Y215-W215,\"OK\"),IF(Y215-V215<1,1,Y215-V215))),\"\")","v":""}]
["6176P011","Chicken","FG",37006,"CHICKEN *IN PROCESS* 4 OZ FR @P","6176P0135","",108,null,null,{"$f":"IF(ISNA(VLOOKUP($D:$D,rend,2,FALSE))=FALSE,VLOOKUP($D:$D,rend,2,FALSE),\"\")","v":0.84379099121122703},{"$f":"IF($C216=\"RM\",IF(ISNA(VLOOKUP($F$2:$F$478,pos,2,FALSE))=FALSE,VLOOKUP($F216:$F$478,pos,2,FALSE),IF(ISNA(VLOOKUP($F$2:$F$478,lot,2,FALSE))=FALSE,VLOOKUP($F$2:$F$478,lot,2,FALSE),\"MANQUANT\")),\"\")","v":""},{"$f":"IF($C216=\"RM\",IF(ISNA(VLOOKUP($F$2:$F$478,pos,3,FALSE))=FALSE,VLOOKUP($F216:$F655,pos,3,FALSE),\"OP\"),\"\")","v":""},{"$f":"IF($C216=\"RM\",IF(ISNA(VLOOKUP($F216:$F$471,pos,4,FALSE))=FALSE,VLOOKUP($F$2:$F$471,pos,4,FALSE),\"\"),\"\")","v":""},{"$f":"IF($C216=\"RM\",IF(ISNA(VLOOKUP($F$2:$F$478,pos,5,FALSE))=FALSE,VLOOKUP($F$2:$F$478,pos,5,FALSE),IF(ISNA(VLOOKUP($F$2:$F$478,lot,5,FALSE))=FALSE,VLOOKUP($F$2:$F$478,lot,5,FALSE),0)),\"\")","v":""},{"$f":"IF($H216>0,VLOOKUP($D:$D,prix,15,FALSE),\"\")","v":8.5},{"$f":"IF($C216=\"RM\",$O216*$G216,\"\")","v":""},{"$f":"IF($H216>0,$H216*$P216,\"\")","v":918},null,{"$f":"IF($F216>0,VALUE(LEFT($F216,4)),\"\")","v":6176},{"$f":"IF(F216>0,IF(ISERROR(SEARCH(\"*FZ*\",$E216))=FALSE,\"FZ\",IF(ISERROR(SEARCH(\"*FR*\",$E216))=FALSE,\"FR\",\"Aucun\")),\"\")","v":"FR"},{"$f":"IF($C216=\"RM\",IF($U216=\"FR\",IF(ISNA(VLOOKUP($F:$F,lot,6,FALSE))=TRUE,VLOOKUP($T:$T,date,2,FALSE),VLOOKUP($F:$F,lot,6,FALSE)),\"\"),\"\")","v":""},{"$f":"IF($C216=\"RM\",IF($U216=\"Fz\",IF(ISNA(VLOOKUP($F:$F,lot,6,FALSE))=TRUE,VLOOKUP($T:$T,date,2,FALSE),VLOOKUP($F:$F,lot,6,FALSE)),\"\"),\"\")","v":""},{"$f":"IF($C216=\"FG\",VLOOKUP($A:$A,op,4,FALSE),\"\")","v":"2016-04-22"},"2016-04-26",{"$f":"IF(C216=\"rm\",IF(U216=\"aucun\",\"OK\",IF(U216=\"fz\",IF(Y216-W216>730,Y216-W216,\"OK\"),IF(Y216-V216<1,1,Y216-V216))),\"\")","v":""}]
["6176P011 Total",null,null,null,null,null,{"$f":"SUBTOTAL(9,G205:G216)","v":4898.82},{"$f":"SUBTOTAL(9,H205:H216)","v":4856},null,null,null,null,null,null,null,null,{"$f":"SUBTOTAL(9,Q205:Q216)","v":16019.229689999998},{"$f":"SUBTOTAL(9,R205:R216)","v":38696.5}]
["6176P0110","Chicken","RM",26017,"BONELESS SEASONED CHICKEN BREAST NO FINGERS FR @P","6176P0110",40,null,null,null,{"$f":"IF(ISNA(VLOOKUP($D:$D,rend,2,FALSE))=FALSE,VLOOKUP($D:$D,rend,2,FALSE),\"\")","v":0.97744691385303573},{"$f":"IF($C218=\"RM\",IF(ISNA(VLOOKUP($F$2:$F$478,pos,2,FALSE))=FALSE,VLOOKUP($F218:$F$478,pos,2,FALSE),IF(ISNA(VLOOKUP($F$2:$F$478,lot,2,FALSE))=FALSE,VLOOKUP($F$2:$F$478,lot,2,FALSE),\"MANQUANT\")),\"\")","v":"6176P019"},{"$f":"IF($C218=\"RM\",IF(ISNA(VLOOKUP($F$2:$F$478,pos,3,FALSE))=FALSE,VLOOKUP($F218:$F656,pos,3,FALSE),\"OP\"),\"\")","v":"OP"},{"$f":"IF($C218=\"RM\",IF(ISNA(VLOOKUP($F218:$F$471,pos,4,FALSE))=FALSE,VLOOKUP($F$2:$F$471,pos,4,FALSE),\"\"),\"\")","v":""},{"$f":"IF($C218=\"RM\",IF(ISNA(VLOOKUP($F$2:$F$478,pos,5,FALSE))=FALSE,VLOOKUP($F$2:$F$478,pos,5,FALSE),IF(ISNA(VLOOKUP($F$2:$F$478,lot,5,FALSE))=FALSE,VLOOKUP($F$2:$F$478,lot,5,FALSE),0)),\"\")","v":1.4936000000000001E-2},{"$f":"IF($H218>0,VLOOKUP($D:$D,prix,15,FALSE),\"\")","v":""},{"$f":"IF($C218=\"RM\",$O218*$G218,\"\")","v":0.59744000000000008},{"$f":"IF($H218>0,$H218*$P218,\"\")","v":""},null,{"$f":"IF($F218>0,VALUE(LEFT($F218,4)),\"\")","v":6176},{"$f":"IF(F218>0,IF(ISERROR(SEARCH(\"*FZ*\",$E218))=FALSE,\"FZ\",IF(ISERROR(SEARCH(\"*FR*\",$E218))=FALSE,\"FR\",\"Aucun\")),\"\")","v":"FR"},{"$f":"IF($C218=\"RM\",IF($U218=\"FR\",IF(ISNA(VLOOKUP($F:$F,lot,6,FALSE))=TRUE,VLOOKUP($T:$T,date,2,FALSE),VLOOKUP($F:$F,lot,6,FALSE)),\"\"),\"\")","v":"2016-04-22"},{"$f":"IF($C218=\"RM\",IF($U218=\"Fz\",IF(ISNA(VLOOKUP($F:$F,lot,6,FALSE))=TRUE,VLOOKUP($T:$T,date,2,FALSE),VLOOKUP($F:$F,lot,6,FALSE)),\"\"),\"\")","v":""},{"$f":"IF($C218=\"FG\",VLOOKUP($A:$A,op,4,FALSE),\"\")","v":""},"2016-04-26",{"$f":"IF(C218=\"rm\",IF(U218=\"aucun\",\"OK\",IF(U218=\"fz\",IF(Y218-W218>730,Y218-W218,\"OK\"),IF(Y218-V218<1,1,Y218-V218))),\"\")","v":4}]
["6176P0110","Chicken","FG",26017,"BONELESS SEASONED CHICKEN BREAST NO FINGERS FR @P","6176P0128","",40,null,null,{"$f":"IF(ISNA(VLOOKUP($D:$D,rend,2,FALSE))=FALSE,VLOOKUP($D:$D,rend,2,FALSE),\"\")","v":0.97744691385303573},{"$f":"IF($C219=\"RM\",IF(ISNA(VLOOKUP($F$2:$F$478,pos,2,FALSE))=FALSE,VLOOKUP($F219:$F$478,pos,2,FALSE),IF(ISNA(VLOOKUP($F$2:$F$478,lot,2,FALSE))=FALSE,VLOOKUP($F$2:$F$478,lot,2,FALSE),\"MANQUANT\")),\"\")","v":""},{"$f":"IF($C219=\"RM\",IF(ISNA(VLOOKUP($F$2:$F$478,pos,3,FALSE))=FALSE,VLOOKUP($F219:$F657,pos,3,FALSE),\"OP\"),\"\")","v":""},{"$f":"IF($C219=\"RM\",IF(ISNA(VLOOKUP($F219:$F$471,pos,4,FALSE))=FALSE,VLOOKUP($F$2:$F$471,pos,4,FALSE),\"\"),\"\")","v":""},{"$f":"IF($C219=\"RM\",IF(ISNA(VLOOKUP($F$2:$F$478,pos,5,FALSE))=FALSE,VLOOKUP($F$2:$F$478,pos,5,FALSE),IF(ISNA(VLOOKUP($F$2:$F$478,lot,5,FALSE))=FALSE,VLOOKUP($F$2:$F$478,lot,5,FALSE),0)),\"\")","v":""},{"$f":"IF($H219>0,VLOOKUP($D:$D,prix,15,FALSE),\"\")","v":7},{"$f":"IF($C219=\"RM\",$O219*$G219,\"\")","v":""},{"$f":"IF($H219>0,$H219*$P219,\"\")","v":280},null,{"$f":"IF($F219>0,VALUE(LEFT($F219,4)),\"\")","v":6176},{"$f":"IF(F219>0,IF(ISERROR(SEARCH(\"*FZ*\",$E219))=FALSE,\"FZ\",IF(ISERROR(SEARCH(\"*FR*\",$E219))=FALSE,\"FR\",\"Aucun\")),\"\")","v":"FR"},{"$f":"IF($C219=\"RM\",IF($U219=\"FR\",IF(ISNA(VLOOKUP($F:$F,lot,6,FALSE))=TRUE,VLOOKUP($T:$T,date,2,FALSE),VLOOKUP($F:$F,lot,6,FALSE)),\"\"),\"\")","v":""},{"$f":"IF($C219=\"RM\",IF($U219=\"Fz\",IF(ISNA(VLOOKUP($F:$F,lot,6,FALSE))=TRUE,VLOOKUP($T:$T,date,2,FALSE),VLOOKUP($F:$F,lot,6,FALSE)),\"\"),\"\")","v":""},{"$f":"IF($C219=\"FG\",VLOOKUP($A:$A,op,4,FALSE),\"\")","v":{"$error":"#N/A"}},"2016-04-26",{"$f":"IF(C219=\"rm\",IF(U219=\"aucun\",\"OK\",IF(U219=\"fz\",IF(Y219-W219>730,Y219-W219,\"OK\"),IF(Y219-V219<1,1,Y219-V219))),\"\")","v":""}]
["6176P0110 Total",null,null,null,null,null,{"$f":"SUBTOTAL(9,G218:G219)","v":40},{"$f":"SUBTOTAL(9,H218:H219)","v":40},null,null,null,null,null,null,null,null,{"$f":"SUBTOTAL(9,Q218:Q219)","v":0.59744000000000008},{"$f":"SUBTOTAL(9,R218:R219)","v":280}]
["6176P0115","Chicken","FG",35760,"CH.FILET*CUT/2* NF*F.TRIM FR @P","6176P0122","",450,null,null,{"$f":"IF(ISNA(VLOOKUP($D:$D,rend,2,FALSE))=FALSE,VLOOKUP($D:$D,rend,2,FALSE),\"\")","v":0.87125664974782602},{"$f":"IF($C221=\"RM\",IF(ISNA(VLOOKUP($F$2:$F$478,pos,2,FALSE))=FALSE,VLOOKUP($F221:$F$478,pos,2,FALSE),IF(ISNA(VLOOKUP($F$2:$F$478,lot,2,FALSE))=FALSE,VLOOKUP($F$2:$F$478,lot,2,FALSE),\"MANQUANT\")),\"\")","v":""},{"$f":"IF($C221=\"RM\",IF(ISNA(VLOOKUP($F$2:$F$478,pos,3,FALSE))=FALSE,VLOOKUP($F221:$F658,pos,3,FALSE),\"OP\"),\"\")","v":""},{"$f":"IF($C221=\"RM\",IF(ISNA(VLOOKUP($F221:$F$471,pos,4,FALSE))=FALSE,VLOOKUP($F$2:$F$471,pos,4,FALSE),\"\"),\"\")","v":""},{"$f":"IF($C221=\"RM\",IF(ISNA(VLOOKUP($F$2:$F$478,pos,5,FALSE))=FALSE,VLOOKUP($F$2:$F$478,pos,5,FALSE),IF(ISNA(VLOOKUP($F$2:$F$478,lot,5,FALSE))=FALSE,VLOOKUP($F$2:$F$478,lot,5,FALSE),0)),\"\")","v":""},{"$f":"IF($H221>0,VLOOKUP($D:$D,prix,15,FALSE),\"\")","v":8.6999999999999993},{"$f":"IF($C221=\"RM\",$O221*$G221,\"\")","v":""},{"$f":"IF($H221>0,$H221*$P221,\"\")","v":3914.9999999999995},null,{"$f":"IF($F221>0,VALUE(LEFT($F221,4)),\"\")","v":6176},{"$f":"IF(F221>0,IF(ISERROR(SEARCH(\"*FZ*\",$E221))=FALSE,\"FZ\",IF(ISERROR(SEARCH(\"*FR*\",$E221))=FALSE,\"FR\",\"Aucun\")),\"\")","v":"FR"},{"$f":"IF($C221=\"RM\",IF($U221=\"FR\",IF(ISNA(VLOOKUP($F:$F,lot,6,FALSE))=TRUE,VLOOKUP($T:$T,date,2,FALSE),VLOOKUP($F:$F,lot,6,FALSE)),\"\"),\"\")","v":""},{"$f":"IF($C221=\"RM\",IF($U221=\"Fz\",IF(ISNA(VLOOKUP($F:$F,lot,6,FALSE))=TRUE,VLOOKUP($T:$T,date,2,FALSE),VLOOKUP($F:$F,lot,6,FALSE)),\"\"),\"\")","v":""},{"$f":"IF($C221=\"FG\",VLOOKUP($A:$A,op,4,FALSE),\"\")","v":"2016-04-22"},"2016-04-26",{"$f":"IF(C221=\"rm\",IF(U221=\"aucun\",\"OK\",IF(U221=\"fz\",IF(Y221-W221>730,Y221-W221,\"OK\"),IF(Y221-V221<1,1,Y221-V221))),\"\")","v":""}]
["6176P0115 Total",null,null,null,null,null,{"$f":"SUBTOTAL(9,G221:G221)","v":0},{"$f":"SUBTOTAL(9,H221:H221)","v":450},null,null,null,null,null,null,null,null,{"$f":"SUBTOTAL(9,Q221:Q221)","v":0},{"$f":"SUBTOTAL(9,R221:R221)","v":3914.9999999999995}]
["6176P0115B","Chicken","RM",37003,"FULL TRIM RANDOM *IN PROCESS* CODE: 26019,27056,35760 FR @P","6176P0115",450,null,null,null,{"$f":"IF(ISNA(VLOOKUP($D:$D,rend,2,FALSE))=FALSE,VLOOKUP($D:$D,rend,2,FALSE),\"\")","v":0.8474087549148519},{"$f":"IF($C223=\"RM\",IF(ISNA(VLOOKUP($F$2:$F$478,pos,2,FALSE))=FALSE,VLOOKUP($F223:$F$478,pos,2,FALSE),IF(ISNA(VLOOKUP($F$2:$F$478,lot,2,FALSE))=FALSE,VLOOKUP($F$2:$F$478,lot,2,FALSE),\"MANQUANT\")),\"\")","v":"6176P011"},{"$f":"IF($C223=\"RM\",IF(ISNA(VLOOKUP($F$2:$F$478,pos,3,FALSE))=FALSE,VLOOKUP($F223:$F659,pos,3,FALSE),\"OP\"),\"\")","v":"OP"},{"$f":"IF($C223=\"RM\",IF(ISNA(VLOOKUP($F223:$F$471,pos,4,FALSE))=FALSE,VLOOKUP($F$2:$F$471,pos,4,FALSE),\"\"),\"\")","v":""},{"$f":"IF($C223=\"RM\",IF(ISNA(VLOOKUP($F$2:$F$478,pos,5,FALSE))=FALSE,VLOOKUP($F$2:$F$478,pos,5,FALSE),IF(ISNA(VLOOKUP($F$2:$F$478,lot,5,FALSE))=FALSE,VLOOKUP($F$2:$F$478,lot,5,FALSE),0)),\"\")","v":3.1179770526902053},{"$f":"IF($H223>0,VLOOKUP($D:$D,prix,15,FALSE),\"\")","v":""},{"$f":"IF($C223=\"RM\",$O223*$G223,\"\")","v":1403.0896737105925},{"$f":"IF($H223>0,$H223*$P223,\"\")","v":""},null,{"$f":"IF($F223>0,VALUE(LEFT($F223,4)),\"\")","v":6176},{"$f":"IF(F223>0,IF(ISERROR(SEARCH(\"*FZ*\",$E223))=FALSE,\"FZ\",IF(ISERROR(SEARCH(\"*FR*\",$E223))=FALSE,\"FR\",\"Aucun\")),\"\")","v":"FR"},{"$f":"IF($C223=\"RM\",IF($U223=\"FR\",IF(ISNA(VLOOKUP($F:$F,lot,6,FALSE))=TRUE,VLOOKUP($T:$T,date,2,FALSE),VLOOKUP($F:$F,lot,6,FALSE)),\"\"),\"\")","v":"2016-04-22"},{"$f":"IF($C223=\"RM\",IF($U223=\"Fz\",IF(ISNA(VLOOKUP($F:$F,lot,6,FALSE))=TRUE,VLOOKUP($T:$T,date,2,FALSE),VLOOKUP($F:$F,lot,6,FALSE)),\"\"),\"\")","v":""},{"$f":"IF($C223=\"FG\",VLOOKUP($A:$A,op,4,FALSE),\"\")","v":""},"2016-04-26",{"$f":"IF(C223=\"rm\",IF(U223=\"aucun\",\"OK\",IF(U223=\"fz\",IF(Y223-W223>730,Y223-W223,\"OK\"),IF(Y223-V223<1,1,Y223-V223))),\"\")","v":4}]
["6176P0115B Total",null,null,null,null,null,{"$f":"SUBTOTAL(9,G223:G223)","v":450},{"$f":"SUBTOTAL(9,H223:H223)","v":0},null,null,null,null,null,null,null,null,{"$f":"SUBTOTAL(9,Q223:Q223)","v":1403.0896737105925},{"$f":"SUBTOTAL(9,R223:R223)","v":0}]
["6176P0118","Chicken","RM",1,"ING EAU","5166AS",6.16,null,null,null,{"$f":"IF(ISNA(VLOOKUP($D:$D,rend,2,FALSE))=FALSE,VLOOKUP($D:$D,rend,2,FALSE),\"\")","v":""},{"$f":"IF($C225=\"RM\",IF(ISNA(VLOOKUP($F$2:$F$478,pos,2,FALSE))=FALSE,VLOOKUP($F225:$F$478,pos,2,FALSE),IF(ISNA(VLOOKUP($F$2:$F$478,lot,2,FALSE))=FALSE,VLOOKUP($F$2:$F$478,lot,2,FALSE),\"MANQUANT\")),\"\")","v":"Aucun"},{"$f":"IF($C225=\"RM\",IF(ISNA(VLOOKUP($F$2:$F$478,pos,3,FALSE))=FALSE,VLOOKUP($F225:$F660,pos,3,FALSE),\"OP\"),\"\")","v":"Aucun"},{"$f":"IF($C225=\"RM\",IF(ISNA(VLOOKUP($F225:$F$471,pos,4,FALSE))=FALSE,VLOOKUP($F$2:$F$471,pos,4,FALSE),\"\"),\"\")","v":0},{"$f":"IF($C225=\"RM\",IF(ISNA(VLOOKUP($F$2:$F$478,pos,5,FALSE))=FALSE,VLOOKUP($F$2:$F$478,pos,5,FALSE),IF(ISNA(VLOOKUP($F$2:$F$478,lot,5,FALSE))=FALSE,VLOOKUP($F$2:$F$478,lot,5,FALSE),0)),\"\")","v":0},{"$f":"IF($H225>0,VLOOKUP($D:$D,prix,15,FALSE),\"\")","v":""},{"$f":"IF($C225=\"RM\",$O225*$G225,\"\")","v":0},{"$f":"IF($H225>0,$H225*$P225,\"\")","v":""},null,{"$f":"IF($F225>0,VALUE(LEFT($F225,4)),\"\")","v":5166},{"$f":"IF(F225>0,IF(ISERROR(SEARCH(\"*FZ*\",$E225))=FALSE,\"FZ\",IF(ISERROR(SEARCH(\"*FR*\",$E225))=FALSE,\"FR\",\"Aucun\")),\"\")","v":"Aucun"},{"$f":"IF($C225=\"RM\",IF($U225=\"FR\",IF(ISNA(VLOOKUP($F:$F,lot,6,FALSE))=TRUE,VLOOKUP($T:$T,date,2,FALSE),VLOOKUP($F:$F,lot,6,FALSE)),\"\"),\"\")","v":""},{"$f":"IF($C225=\"RM\",IF($U225=\"Fz\",IF(ISNA(VLOOKUP($F:$F,lot,6,FALSE))=TRUE,VLOOKUP($T:$T,date,2,FALSE),VLOOKUP($F:$F,lot,6,FALSE)),\"\"),\"\")","v":""},{"$f":"IF($C225=\"FG\",VLOOKUP($A:$A,op,4,FALSE),\"\")","v":""},"2016-04-26",{"$f":"IF(C225=\"rm\",IF(U225=\"aucun\",\"OK\",IF(U225=\"fz\",IF(Y225-W225>730,Y225-W225,\"OK\"),IF(Y225-V225<1,1,Y225-V225))),\"\")","v":"OK"}]
["6176P0118","Chicken","RM",130,"EMB FLEXO F8148 / 26019 (LOBLAW) / ETIQUETTE POITRINE POULET","5502EM05",120,null,null,null,{"$f":"IF(ISNA(VLOOKUP($D:$D,rend,2,FALSE))=FALSE,VLOOKUP($D:$D,rend,2,FALSE),\"\")","v":""},{"$f":"IF($C226=\"RM\",IF(ISNA(VLOOKUP($F$2:$F$478,pos,2,FALSE))=FALSE,VLOOKUP($F226:$F$478,pos,2,FALSE),IF(ISNA(VLOOKUP($F$2:$F$478,lot,2,FALSE))=FALSE,VLOOKUP($F$2:$F$478,lot,2,FALSE),\"MANQUANT\")),\"\")","v":"PO-0020838"},{"$f":"IF($C226=\"RM\",IF(ISNA(VLOOKUP($F$2:$F$478,pos,3,FALSE))=FALSE,VLOOKUP($F226:$F661,pos,3,FALSE),\"OP\"),\"\")","v":"FLEXO"},{"$f":"IF($C226=\"RM\",IF(ISNA(VLOOKUP($F226:$F$471,pos,4,FALSE))=FALSE,VLOOKUP($F$2:$F$471,pos,4,FALSE),\"\"),\"\")","v":10400},{"$f":"IF($C226=\"RM\",IF(ISNA(VLOOKUP($F$2:$F$478,pos,5,FALSE))=FALSE,VLOOKUP($F$2:$F$478,pos,5,FALSE),IF(ISNA(VLOOKUP($F$2:$F$478,lot,5,FALSE))=FALSE,VLOOKUP($F$2:$F$478,lot,5,FALSE),0)),\"\")","v":3.8899999999999997E-2},{"$f":"IF($H226>0,VLOOKUP($D:$D,prix,15,FALSE),\"\")","v":""},{"$f":"IF($C226=\"RM\",$O226*$G226,\"\")","v":4.6679999999999993},{"$f":"IF($H226>0,$H226*$P226,\"\")","v":""},null,{"$f":"IF($F226>0,VALUE(LEFT($F226,4)),\"\")","v":5502},{"$f":"IF(F226>0,IF(ISERROR(SEARCH(\"*FZ*\",$E226))=FALSE,\"FZ\",IF(ISERROR(SEARCH(\"*FR*\",$E226))=FALSE,\"FR\",\"Aucun\")),\"\")","v":"Aucun"},{"$f":"IF($C226=\"RM\",IF($U226=\"FR\",IF(ISNA(VLOOKUP($F:$F,lot,6,FALSE))=TRUE,VLOOKUP($T:$T,date,2,FALSE),VLOOKUP($F:$F,lot,6,FALSE)),\"\"),\"\")","v":""},{"$f":"IF($C226=\"RM\",IF($U226=\"Fz\",IF(ISNA(VLOOKUP($F:$F,lot,6,FALSE))=TRUE,VLOOKUP($T:$T,date,2,FALSE),VLOOKUP($F:$F,lot,6,FALSE)),\"\"),\"\")","v":""},{"$f":"IF($C226=\"FG\",VLOOKUP($A:$A,op,4,FALSE),\"\")","v":""},"2016-04-26",{"$f":"IF(C226=\"rm\",IF(U226=\"aucun\",\"OK\",IF(U226=\"fz\",IF(Y226-W226>730,Y226-W226,\"OK\"),IF(Y226-V226<1,1,Y226-V226))),\"\")","v":"OK"}]
["6176P0118","Chicken","RM",144,"EMB HEAT SEALING 023018 / 3D BLACK PADDED (LOBLAW) / 400CS","5524EM02",120,null,null,null,{"$f":"IF(ISNA(VLOOKUP($D:$D,rend,2,FALSE))=FALSE,VLOOKUP($D:$D,rend,2,FALSE),\"\")","v":""},{"$f":"IF($C227=\"RM\",IF(ISNA(VLOOKUP($F$2:$F$478,pos,2,FALSE))=FALSE,VLOOKUP($F227:$F$478,pos,2,FALSE),IF(ISNA(VLOOKUP($F$2:$F$478,lot,2,FALSE))=FALSE,VLOOKUP($F$2:$F$478,lot,2,FALSE),\"MANQUANT\")),\"\")","v":"PO-0020949"},{"$f":"IF($C227=\"RM\",IF(ISNA(VLOOKUP($F$2:$F$478,pos,3,FALSE))=FALSE,VLOOKUP($F227:$F662,pos,3,FALSE),\"OP\"),\"\")","v":"HEAT"},{"$f":"IF($C227=\"RM\",IF(ISNA(VLOOKUP($F227:$F$471,pos,4,FALSE))=FALSE,VLOOKUP($F$2:$F$471,pos,4,FALSE),\"\"),\"\")","v":2000},{"$f":"IF($C227=\"RM\",IF(ISNA(VLOOKUP($F$2:$F$478,pos,5,FALSE))=FALSE,VLOOKUP($F$2:$F$478,pos,5,FALSE),IF(ISNA(VLOOKUP($F$2:$F$478,lot,5,FALSE))=FALSE,VLOOKUP($F$2:$F$478,lot,5,FALSE),0)),\"\")","v":0.13},{"$f":"IF($H227>0,VLOOKUP($D:$D,prix,15,FALSE),\"\")","v":""},{"$f":"IF($C227=\"RM\",$O227*$G227,\"\")","v":15.600000000000001},{"$f":"IF($H227>0,$H227*$P227,\"\")","v":""},null,{"$f":"IF($F227>0,VALUE(LEFT($F227,4)),\"\")","v":5524},{"$f":"IF(F227>0,IF(ISERROR(SEARCH(\"*FZ*\",$E227))=FALSE,\"FZ\",IF(ISERROR(SEARCH(\"*FR*\",$E227))=FALSE,\"FR\",\"Aucun\")),\"\")","v":"Aucun"},{"$f":"IF($C227=\"RM\",IF($U227=\"FR\",IF(ISNA(VLOOKUP($F:$F,lot,6,FALSE))=TRUE,VLOOKUP($T:$T,date,2,FALSE),VLOOKUP($F:$F,lot,6,FALSE)),\"\"),\"\")","v":""},{"$f":"IF($C227=\"RM\",IF($U227=\"Fz\",IF(ISNA(VLOOKUP($F:$F,lot,6,FALSE))=TRUE,VLOOKUP($T:$T,date,2,FALSE),VLOOKUP($F:$F,lot,6,FALSE)),\"\"),\"\")","v":""},{"$f":"IF($C227=\"FG\",VLOOKUP($A:$A,op,4,FALSE),\"\")","v":""},"2016-04-26",{"$f":"IF(C227=\"rm\",IF(U227=\"aucun\",\"OK\",IF(U227=\"fz\",IF(Y227-W227>730,Y227-W227,\"OK\"),IF(Y227-V227<1,1,Y227-V227))),\"\")","v":"OK"}]
["6176P0118","Chicken","RM",108,"EMB ALIMENTS QUEBEC / ETIQUETTE ALIMENTS DU QUEBEC (LOBLAW)","5525EM01",120,null,null,null,{"$f":"IF(ISNA(VLOOKUP($D:$D,rend,2,FALSE))=FALSE,VLOOKUP($D:$D,rend,2,FALSE),\"\")","v":""},{"$f":"IF($C228=\"RM\",IF(ISNA(VLOOKUP($F$2:$F$478,pos,2,FALSE))=FALSE,VLOOKUP($F228:$F$478,pos,2,FALSE),IF(ISNA(VLOOKUP($F$2:$F$478,lot,2,FALSE))=FALSE,VLOOKUP($F$2:$F$478,lot,2,FALSE),\"MANQUANT\")),\"\")","v":"PO-0020950"},{"$f":"IF($C228=\"RM\",IF(ISNA(VLOOKUP($F$2:$F$478,pos,3,FALSE))=FALSE,VLOOKUP($F228:$F663,pos,3,FALSE),\"OP\"),\"\")","v":"CPAQ"},{"$f":"IF($C228=\"RM\",IF(ISNA(VLOOKUP($F228:$F$471,pos,4,FALSE))=FALSE,VLOOKUP($F$2:$F$471,pos,4,FALSE),\"\"),\"\")","v":40000},{"$f":"IF($C228=\"RM\",IF(ISNA(VLOOKUP($F$2:$F$478,pos,5,FALSE))=FALSE,VLOOKUP($F$2:$F$478,pos,5,FALSE),IF(ISNA(VLOOKUP($F$2:$F$478,lot,5,FALSE))=FALSE,VLOOKUP($F$2:$F$478,lot,5,FALSE),0)),\"\")","v":2.1000000000000001E-2},{"$f":"IF($H228>0,VLOOKUP($D:$D,prix,15,FALSE),\"\")","v":""},{"$f":"IF($C228=\"RM\",$O228*$G228,\"\")","v":2.52},{"$f":"IF($H228>0,$H228*$P228,\"\")","v":""},null,{"$f":"IF($F228>0,VALUE(LEFT($F228,4)),\"\")","v":5525},{"$f":"IF(F228>0,IF(ISERROR(SEARCH(\"*FZ*\",$E228))=FALSE,\"FZ\",IF(ISERROR(SEARCH(\"*FR*\",$E228))=FALSE,\"FR\",\"Aucun\")),\"\")","v":"Aucun"},{"$f":"IF($C228=\"RM\",IF($U228=\"FR\",IF(ISNA(VLOOKUP($F:$F,lot,6,FALSE))=TRUE,VLOOKUP($T:$T,date,2,FALSE),VLOOKUP($F:$F,lot,6,FALSE)),\"\"),\"\")","v":""},{"$f":"IF($C228=\"RM\",IF($U228=\"Fz\",IF(ISNA(VLOOKUP($F:$F,lot,6,FALSE))=TRUE,VLOOKUP($T:$T,date,2,FALSE),VLOOKUP($F:$F,lot,6,FALSE)),\"\"),\"\")","v":""},{"$f":"IF($C228=\"FG\",VLOOKUP($A:$A,op,4,FALSE),\"\")","v":""},"2016-04-26",{"$f":"IF(C228=\"rm\",IF(U228=\"aucun\",\"OK\",IF(U228=\"fz\",IF(Y228-W228>730,Y228-W228,\"OK\"),IF(Y228-V228<1,1,Y228-V228))),\"\")","v":"OK"}]
["6176P0118","Chicken","RM",19,"ING MONTOUR 7139 / MARINADE STYLE COTES-LEVEES / ALLERG: AUCUN","6163AS01",4.8499999999999996,null,null,null,{"$f":"IF(ISNA(VLOOKUP($D:$D,rend,2,FALSE))=FALSE,VLOOKUP($D:$D,rend,2,FALSE),\"\")","v":""},{"$f":"IF($C229=\"RM\",IF(ISNA(VLOOKUP($F$2:$F$478,pos,2,FALSE))=FALSE,VLOOKUP($F229:$F$478,pos,2,FALSE),IF(ISNA(VLOOKUP($F$2:$F$478,lot,2,FALSE))=FALSE,VLOOKUP($F$2:$F$478,lot,2,FALSE),\"MANQUANT\")),\"\")","v":"PO-0021711"},{"$f":"IF($C229=\"RM\",IF(ISNA(VLOOKUP($F$2:$F$478,pos,3,FALSE))=FALSE,VLOOKUP($F229:$F664,pos,3,FALSE),\"OP\"),\"\")","v":"MONTO"},{"$f":"IF($C229=\"RM\",IF(ISNA(VLOOKUP($F229:$F$471,pos,4,FALSE))=FALSE,VLOOKUP($F$2:$F$471,pos,4,FALSE),\"\"),\"\")","v":300},{"$f":"IF($C229=\"RM\",IF(ISNA(VLOOKUP($F$2:$F$478,pos,5,FALSE))=FALSE,VLOOKUP($F$2:$F$478,pos,5,FALSE),IF(ISNA(VLOOKUP($F$2:$F$478,lot,5,FALSE))=FALSE,VLOOKUP($F$2:$F$478,lot,5,FALSE),0)),\"\")","v":7.94},{"$f":"IF($H229>0,VLOOKUP($D:$D,prix,15,FALSE),\"\")","v":""},{"$f":"IF($C229=\"RM\",$O229*$G229,\"\")","v":38.509},{"$f":"IF($H229>0,$H229*$P229,\"\")","v":""},null,{"$f":"IF($F229>0,VALUE(LEFT($F229,4)),\"\")","v":6163},{"$f":"IF(F229>0,IF(ISERROR(SEARCH(\"*FZ*\",$E229))=FALSE,\"FZ\",IF(ISERROR(SEARCH(\"*FR*\",$E229))=FALSE,\"FR\",\"Aucun\")),\"\")","v":"Aucun"},{"$f":"IF($C229=\"RM\",IF($U229=\"FR\",IF(ISNA(VLOOKUP($F:$F,lot,6,FALSE))=TRUE,VLOOKUP($T:$T,date,2,FALSE),VLOOKUP($F:$F,lot,6,FALSE)),\"\"),\"\")","v":""},{"$f":"IF($C229=\"RM\",IF($U229=\"Fz\",IF(ISNA(VLOOKUP($F:$F,lot,6,FALSE))=TRUE,VLOOKUP($T:$T,date,2,FALSE),VLOOKUP($F:$F,lot,6,FALSE)),\"\"),\"\")","v":""},{"$f":"IF($C229=\"FG\",VLOOKUP($A:$A,op,4,FALSE),\"\")","v":""},"2016-04-26",{"$f":"IF(C229=\"rm\",IF(U229=\"aucun\",\"OK\",IF(U229=\"fz\",IF(Y229-W229>730,Y229-W229,\"OK\"),IF(Y229-V229<1,1,Y229-V229))),\"\")","v":"OK"}]
["6176P0118","Chicken","RM",304,"EMB BELLEY SAL04-1300 / TRAY BOX BOTTOM (LOBLAW)/ 8X260","6176EM04",10,null,null,null,{"$f":"IF(ISNA(VLOOKUP($D:$D,rend,2,FALSE))=FALSE,VLOOKUP($D:$D,rend,2,FALSE),\"\")","v":""},{"$f":"IF($C230=\"RM\",IF(ISNA(VLOOKUP($F$2:$F$478,pos,2,FALSE))=FALSE,VLOOKUP($F230:$F$478,pos,2,FALSE),IF(ISNA(VLOOKUP($F$2:$F$478,lot,2,FALSE))=FALSE,VLOOKUP($F$2:$F$478,lot,2,FALSE),\"MANQUANT\")),\"\")","v":"PO-0021791"},{"$f":"IF($C230=\"RM\",IF(ISNA(VLOOKUP($F$2:$F$478,pos,3,FALSE))=FALSE,VLOOKUP($F230:$F665,pos,3,FALSE),\"OP\"),\"\")","v":"MITC"},{"$f":"IF($C230=\"RM\",IF(ISNA(VLOOKUP($F230:$F$471,pos,4,FALSE))=FALSE,VLOOKUP($F$2:$F$471,pos,4,FALSE),\"\"),\"\")","v":960},{"$f":"IF($C230=\"RM\",IF(ISNA(VLOOKUP($F$2:$F$478,pos,5,FALSE))=FALSE,VLOOKUP($F$2:$F$478,pos,5,FALSE),IF(ISNA(VLOOKUP($F$2:$F$478,lot,5,FALSE))=FALSE,VLOOKUP($F$2:$F$478,lot,5,FALSE),0)),\"\")","v":0.745},{"$f":"IF($H230>0,VLOOKUP($D:$D,prix,15,FALSE),\"\")","v":""},{"$f":"IF($C230=\"RM\",$O230*$G230,\"\")","v":7.45},{"$f":"IF($H230>0,$H230*$P230,\"\")","v":""},null,{"$f":"IF($F230>0,VALUE(LEFT($F230,4)),\"\")","v":6176},{"$f":"IF(F230>0,IF(ISERROR(SEARCH(\"*FZ*\",$E230))=FALSE,\"FZ\",IF(ISERROR(SEARCH(\"*FR*\",$E230))=FALSE,\"FR\",\"Aucun\")),\"\")","v":"Aucun"},{"$f":"IF($C230=\"RM\",IF($U230=\"FR\",IF(ISNA(VLOOKUP($F:$F,lot,6,FALSE))=TRUE,VLOOKUP($T:$T,date,2,FALSE),VLOOKUP($F:$F,lot,6,FALSE)),\"\"),\"\")","v":""},{"$f":"IF($C230=\"RM\",IF($U230=\"Fz\",IF(ISNA(VLOOKUP($F:$F,lot,6,FALSE))=TRUE,VLOOKUP($T:$T,date,2,FALSE),VLOOKUP($F:$F,lot,6,FALSE)),\"\"),\"\")","v":""},{"$f":"IF($C230=\"FG\",VLOOKUP($A:$A,op,4,FALSE),\"\")","v":""},"2016-04-26",{"$f":"IF(C230=\"rm\",IF(U230=\"aucun\",\"OK\",IF(U230=\"fz\",IF(Y230-W230>730,Y230-W230,\"OK\"),IF(Y230-V230<1,1,Y230-V230))),\"\")","v":"OK"}]
["6176P0118","Chicken","RM",303,"EMB BELLEY SAL04-1290 / TRAY BOX TOP (LOBLAW)/ 8X260","6176EM05",10,null,null,null,{"$f":"IF(ISNA(VLOOKUP($D:$D,rend,2,FALSE))=FALSE,VLOOKUP($D:$D,rend,2,FALSE),\"\")","v":""},{"$f":"IF($C231=\"RM\",IF(ISNA(VLOOKUP($F$2:$F$478,pos,2,FALSE))=FALSE,VLOOKUP($F231:$F$478,pos,2,FALSE),IF(ISNA(VLOOKUP($F$2:$F$478,lot,2,FALSE))=FALSE,VLOOKUP($F$2:$F$478,lot,2,FALSE),\"MANQUANT\")),\"\")","v":"PO-0021792"},{"$f":"IF($C231=\"RM\",IF(ISNA(VLOOKUP($F$2:$F$478,pos,3,FALSE))=FALSE,VLOOKUP($F231:$F666,pos,3,FALSE),\"OP\"),\"\")","v":"MITC"},{"$f":"IF($C231=\"RM\",IF(ISNA(VLOOKUP($F231:$F$471,pos,4,FALSE))=FALSE,VLOOKUP($F$2:$F$471,pos,4,FALSE),\"\"),\"\")","v":1108},{"$f":"IF($C231=\"RM\",IF(ISNA(VLOOKUP($F$2:$F$478,pos,5,FALSE))=FALSE,VLOOKUP($F$2:$F$478,pos,5,FALSE),IF(ISNA(VLOOKUP($F$2:$F$478,lot,5,FALSE))=FALSE,VLOOKUP($F$2:$F$478,lot,5,FALSE),0)),\"\")","v":0.75600000000000001},{"$f":"IF($H231>0,VLOOKUP($D:$D,prix,15,FALSE),\"\")","v":""},{"$f":"IF($C231=\"RM\",$O231*$G231,\"\")","v":7.5600000000000005},{"$f":"IF($H231>0,$H231*$P231,\"\")","v":""},null,{"$f":"IF($F231>0,VALUE(LEFT($F231,4)),\"\")","v":6176},{"$f":"IF(F231>0,IF(ISERROR(SEARCH(\"*FZ*\",$E231))=FALSE,\"FZ\",IF(ISERROR(SEARCH(\"*FR*\",$E231))=FALSE,\"FR\",\"Aucun\")),\"\")","v":"Aucun"},{"$f":"IF($C231=\"RM\",IF($U231=\"FR\",IF(ISNA(VLOOKUP($F:$F,lot,6,FALSE))=TRUE,VLOOKUP($T:$T,date,2,FALSE),VLOOKUP($F:$F,lot,6,FALSE)),\"\"),\"\")","v":""},{"$f":"IF($C231=\"RM\",IF($U231=\"Fz\",IF(ISNA(VLOOKUP($F:$F,lot,6,FALSE))=TRUE,VLOOKUP($T:$T,date,2,FALSE),VLOOKUP($F:$F,lot,6,FALSE)),\"\"),\"\")","v":""},{"$f":"IF($C231=\"FG\",VLOOKUP($A:$A,op,4,FALSE),\"\")","v":""},"2016-04-26",{"$f":"IF(C231=\"rm\",IF(U231=\"aucun\",\"OK\",IF(U231=\"fz\",IF(Y231-W231>730,Y231-W231,\"OK\"),IF(Y231-V231<1,1,Y231-V231))),\"\")","v":"OK"}]
["6176P0118","Chicken","RM",26019,"POITRINE DE POULET DES. ASS. BBQ *LOBLAW* (12 X 2/TRAY 3D black) FR @P","6176P0118",66,null,null,null,{"$f":"IF(ISNA(VLOOKUP($D:$D,rend,2,FALSE))=FALSE,VLOOKUP($D:$D,rend,2,FALSE),\"\")","v":0.9024538647118503},{"$f":"IF($C232=\"RM\",IF(ISNA(VLOOKUP($F$2:$F$478,pos,2,FALSE))=FALSE,VLOOKUP($F232:$F$478,pos,2,FALSE),IF(ISNA(VLOOKUP($F$2:$F$478,lot,2,FALSE))=FALSE,VLOOKUP($F$2:$F$478,lot,2,FALSE),\"MANQUANT\")),\"\")","v":"6176P0115"},{"$f":"IF($C232=\"RM\",IF(ISNA(VLOOKUP($F$2:$F$478,pos,3,FALSE))=FALSE,VLOOKUP($F232:$F667,pos,3,FALSE),\"OP\"),\"\")","v":"OP"},{"$f":"IF($C232=\"RM\",IF(ISNA(VLOOKUP($F232:$F$471,pos,4,FALSE))=FALSE,VLOOKUP($F$2:$F$471,pos,4,FALSE),\"\"),\"\")","v":""},{"$f":"IF($C232=\"RM\",IF(ISNA(VLOOKUP($F$2:$F$478,pos,5,FALSE))=FALSE,VLOOKUP($F$2:$F$478,pos,5,FALSE),IF(ISNA(VLOOKUP($F$2:$F$478,lot,5,FALSE))=FALSE,VLOOKUP($F$2:$F$478,lot,5,FALSE),0)),\"\")","v":0.58346969696969697},{"$f":"IF($H232>0,VLOOKUP($D:$D,prix,15,FALSE),\"\")","v":""},{"$f":"IF($C232=\"RM\",$O232*$G232,\"\")","v":38.509},{"$f":"IF($H232>0,$H232*$P232,\"\")","v":""},null,{"$f":"IF($F232>0,VALUE(LEFT($F232,4)),\"\")","v":6176},{"$f":"IF(F232>0,IF(ISERROR(SEARCH(\"*FZ*\",$E232))=FALSE,\"FZ\",IF(ISERROR(SEARCH(\"*FR*\",$E232))=FALSE,\"FR\",\"Aucun\")),\"\")","v":"FR"},{"$f":"IF($C232=\"RM\",IF($U232=\"FR\",IF(ISNA(VLOOKUP($F:$F,lot,6,FALSE))=TRUE,VLOOKUP($T:$T,date,2,FALSE),VLOOKUP($F:$F,lot,6,FALSE)),\"\"),\"\")","v":"2016-04-22"},{"$f":"IF($C232=\"RM\",IF($U232=\"Fz\",IF(ISNA(VLOOKUP($F:$F,lot,6,FALSE))=TRUE,VLOOKUP($T:$T,date,2,FALSE),VLOOKUP($F:$F,lot,6,FALSE)),\"\"),\"\")","v":""},{"$f":"IF($C232=\"FG\",VLOOKUP($A:$A,op,4,FALSE),\"\")","v":""},"2016-04-26",{"$f":"IF(C232=\"rm\",IF(U232=\"aucun\",\"OK\",IF(U232=\"fz\",IF(Y232-W232>730,Y232-W232,\"OK\"),IF(Y232-V232<1,1,Y232-V232))),\"\")","v":4}]
["6176P0118","Chicken","FG",26019,"POITRINE DE POULET DES. ASS. BBQ *LOBLAW* (12 X 2/TRAY 3D black) FR @P","6176P0134","",62.72,null,null,{"$f":"IF(ISNA(VLOOKUP($D:$D,rend,2,FALSE))=FALSE,VLOOKUP($D:$D,rend,2,FALSE),\"\")","v":0.9024538647118503},{"$f":"IF($C233=\"RM\",IF(ISNA(VLOOKUP($F$2:$F$478,pos,2,FALSE))=FALSE,VLOOKUP($F233:$F$478,pos,2,FALSE),IF(ISNA(VLOOKUP($F$2:$F$478,lot,2,FALSE))=FALSE,VLOOKUP($F$2:$F$478,lot,2,FALSE),\"MANQUANT\")),\"\")","v":""},{"$f":"IF($C233=\"RM\",IF(ISNA(VLOOKUP($F$2:$F$478,pos,3,FALSE))=FALSE,VLOOKUP($F233:$F668,pos,3,FALSE),\"OP\"),\"\")","v":""},{"$f":"IF($C233=\"RM\",IF(ISNA(VLOOKUP($F233:$F$471,pos,4,FALSE))=FALSE,VLOOKUP($F$2:$F$471,pos,4,FALSE),\"\"),\"\")","v":""},{"$f":"IF($C233=\"RM\",IF(ISNA(VLOOKUP($F$2:$F$478,pos,5,FALSE))=FALSE,VLOOKUP($F$2:$F$478,pos,5,FALSE),IF(ISNA(VLOOKUP($F$2:$F$478,lot,5,FALSE))=FALSE,VLOOKUP($F$2:$F$478,lot,5,FALSE),0)),\"\")","v":""},{"$f":"IF($H233>0,VLOOKUP($D:$D,prix,15,FALSE),\"\")","v":11.5},{"$f":"IF($C233=\"RM\",$O233*$G233,\"\")","v":""},{"$f":"IF($H233>0,$H233*$P233,\"\")","v":721.28},null,{"$f":"IF($F233>0,VALUE(LEFT($F233,4)),\"\")","v":6176},{"$f":"IF(F233>0,IF(ISERROR(SEARCH(\"*FZ*\",$E233))=FALSE,\"FZ\",IF(ISERROR(SEARCH(\"*FR*\",$E233))=FALSE,\"FR\",\"Aucun\")),\"\")","v":"FR"},{"$f":"IF($C233=\"RM\",IF($U233=\"FR\",IF(ISNA(VLOOKUP($F:$F,lot,6,FALSE))=TRUE,VLOOKUP($T:$T,date,2,FALSE),VLOOKUP($F:$F,lot,6,FALSE)),\"\"),\"\")","v":""},{"$f":"IF($C233=\"RM\",IF($U233=\"Fz\",IF(ISNA(VLOOKUP($F:$F,lot,6,FALSE))=TRUE,VLOOKUP($T:$T,date,2,FALSE),VLOOKUP($F:$F,lot,6,FALSE)),\"\"),\"\")","v":""},{"$f":"IF($C233=\"FG\",VLOOKUP($A:$A,op,4,FALSE),\"\")","v":{"$error":"#N/A"}},"2016-04-26",{"$f":"IF(C233=\"rm\",IF(U233=\"aucun\",\"OK\",IF(U233=\"fz\",IF(Y233-W233>730,Y233-W233,\"OK\"),IF(Y233-V233<1,1,Y233-V233))),\"\")","v":""}]
["6176P0118 Total",null,null,null,null,null,{"$f":"SUBTOTAL(9,G225:G233)","v":457.01},{"$f":"SUBTOTAL(9,H225:H233)","v":62.72},null,null,null,null,null,null,null,null,{"$f":"SUBTOTAL(9,Q225:Q233)","v":114.816},{"$f":"SUBTOTAL(9,R225:R233)","v":721.28}]
["6176P0124","Chicken","RM",1,"ING EAU","5166AS",7.33,null,null,null,{"$f":"IF(ISNA(VLOOKUP($D:$D,rend,2,FALSE))=FALSE,VLOOKUP($D:$D,rend,2,FALSE),\"\")","v":""},{"$f":"IF($C235=\"RM\",IF(ISNA(VLOOKUP($F$2:$F$478,pos,2,FALSE))=FALSE,VLOOKUP($F235:$F$478,pos,2,FALSE),IF(ISNA(VLOOKUP($F$2:$F$478,lot,2,FALSE))=FALSE,VLOOKUP($F$2:$F$478,lot,2,FALSE),\"MANQUANT\")),\"\")","v":"Aucun"},{"$f":"IF($C235=\"RM\",IF(ISNA(VLOOKUP($F$2:$F$478,pos,3,FALSE))=FALSE,VLOOKUP($F235:$F669,pos,3,FALSE),\"OP\"),\"\")","v":"Aucun"},{"$f":"IF($C235=\"RM\",IF(ISNA(VLOOKUP($F235:$F$471,pos,4,FALSE))=FALSE,VLOOKUP($F$2:$F$471,pos,4,FALSE),\"\"),\"\")","v":0},{"$f":"IF($C235=\"RM\",IF(ISNA(VLOOKUP($F$2:$F$478,pos,5,FALSE))=FALSE,VLOOKUP($F$2:$F$478,pos,5,FALSE),IF(ISNA(VLOOKUP($F$2:$F$478,lot,5,FALSE))=FALSE,VLOOKUP($F$2:$F$478,lot,5,FALSE),0)),\"\")","v":0},{"$f":"IF($H235>0,VLOOKUP($D:$D,prix,15,FALSE),\"\")","v":""},{"$f":"IF($C235=\"RM\",$O235*$G235,\"\")","v":0},{"$f":"IF($H235>0,$H235*$P235,\"\")","v":""},null,{"$f":"IF($F235>0,VALUE(LEFT($F235,4)),\"\")","v":5166},{"$f":"IF(F235>0,IF(ISERROR(SEARCH(\"*FZ*\",$E235))=FALSE,\"FZ\",IF(ISERROR(SEARCH(\"*FR*\",$E235))=FALSE,\"FR\",\"Aucun\")),\"\")","v":"Aucun"},{"$f":"IF($C235=\"RM\",IF($U235=\"FR\",IF(ISNA(VLOOKUP($F:$F,lot,6,FALSE))=TRUE,VLOOKUP($T:$T,date,2,FALSE),VLOOKUP($F:$F,lot,6,FALSE)),\"\"),\"\")","v":""},{"$f":"IF($C235=\"RM\",IF($U235=\"Fz\",IF(ISNA(VLOOKUP($F:$F,lot,6,FALSE))=TRUE,VLOOKUP($T:$T,date,2,FALSE),VLOOKUP($F:$F,lot,6,FALSE)),\"\"),\"\")","v":""},{"$f":"IF($C235=\"FG\",VLOOKUP($A:$A,op,4,FALSE),\"\")","v":""},"2016-04-26",{"$f":"IF(C235=\"rm\",IF(U235=\"aucun\",\"OK\",IF(U235=\"fz\",IF(Y235-W235>730,Y235-W235,\"OK\"),IF(Y235-V235<1,1,Y235-V235))),\"\")","v":"OK"}]
["6176P0124","Chicken","RM",16,"ING BSA 2A8E033 / TRIPOLYPHOSPHATE DE SODIUM GRANULE (3562) / ALLERG: AUCUN","6055AS01",0.22,null,null,null,{"$f":"IF(ISNA(VLOOKUP($D:$D,rend,2,FALSE))=FALSE,VLOOKUP($D:$D,rend,2,FALSE),\"\")","v":""},{"$f":"IF($C236=\"RM\",IF(ISNA(VLOOKUP($F$2:$F$478,pos,2,FALSE))=FALSE,VLOOKUP($F236:$F$478,pos,2,FALSE),IF(ISNA(VLOOKUP($F$2:$F$478,lot,2,FALSE))=FALSE,VLOOKUP($F$2:$F$478,lot,2,FALSE),\"MANQUANT\")),\"\")","v":"PO-0021532"},{"$f":"IF($C236=\"RM\",IF(ISNA(VLOOKUP($F$2:$F$478,pos,3,FALSE))=FALSE,VLOOKUP($F236:$F670,pos,3,FALSE),\"OP\"),\"\")","v":"BSA"},{"$f":"IF($C236=\"RM\",IF(ISNA(VLOOKUP($F236:$F$471,pos,4,FALSE))=FALSE,VLOOKUP($F$2:$F$471,pos,4,FALSE),\"\"),\"\")","v":25},{"$f":"IF($C236=\"RM\",IF(ISNA(VLOOKUP($F$2:$F$478,pos,5,FALSE))=FALSE,VLOOKUP($F$2:$F$478,pos,5,FALSE),IF(ISNA(VLOOKUP($F$2:$F$478,lot,5,FALSE))=FALSE,VLOOKUP($F$2:$F$478,lot,5,FALSE),0)),\"\")","v":2.78},{"$f":"IF($H236>0,VLOOKUP($D:$D,prix,15,FALSE),\"\")","v":""},{"$f":"IF($C236=\"RM\",$O236*$G236,\"\")","v":0.61159999999999992},{"$f":"IF($H236>0,$H236*$P236,\"\")","v":""},null,{"$f":"IF($F236>0,VALUE(LEFT($F236,4)),\"\")","v":6055},{"$f":"IF(F236>0,IF(ISERROR(SEARCH(\"*FZ*\",$E236))=FALSE,\"FZ\",IF(ISERROR(SEARCH(\"*FR*\",$E236))=FALSE,\"FR\",\"Aucun\")),\"\")","v":"Aucun"},{"$f":"IF($C236=\"RM\",IF($U236=\"FR\",IF(ISNA(VLOOKUP($F:$F,lot,6,FALSE))=TRUE,VLOOKUP($T:$T,date,2,FALSE),VLOOKUP($F:$F,lot,6,FALSE)),\"\"),\"\")","v":""},{"$f":"IF($C236=\"RM\",IF($U236=\"Fz\",IF(ISNA(VLOOKUP($F:$F,lot,6,FALSE))=TRUE,VLOOKUP($T:$T,date,2,FALSE),VLOOKUP($F:$F,lot,6,FALSE)),\"\"),\"\")","v":""},{"$f":"IF($C236=\"FG\",VLOOKUP($A:$A,op,4,FALSE),\"\")","v":""},"2016-04-26",{"$f":"IF(C236=\"rm\",IF(U236=\"aucun\",\"OK\",IF(U236=\"fz\",IF(Y236-W236>730,Y236-W236,\"OK\"),IF(Y236-V236<1,1,Y236-V236))),\"\")","v":"OK"}]
["6176P0124","Chicken","RM",15,"ING BSA 2B1A038 / SEL HI GRADE POLY OU TOP FLO / ALLERG: AUCUN","6133AS01",0.35,null,null,null,{"$f":"IF(ISNA(VLOOKUP($D:$D,rend,2,FALSE))=FALSE,VLOOKUP($D:$D,rend,2,FALSE),\"\")","v":""},{"$f":"IF($C237=\"RM\",IF(ISNA(VLOOKUP($F$2:$F$478,pos,2,FALSE))=FALSE,VLOOKUP($F237:$F$478,pos,2,FALSE),IF(ISNA(VLOOKUP($F$2:$F$478,lot,2,FALSE))=FALSE,VLOOKUP($F$2:$F$478,lot,2,FALSE),\"MANQUANT\")),\"\")","v":"PO-0021532"},{"$f":"IF($C237=\"RM\",IF(ISNA(VLOOKUP($F$2:$F$478,pos,3,FALSE))=FALSE,VLOOKUP($F237:$F671,pos,3,FALSE),\"OP\"),\"\")","v":"BSA"},{"$f":"IF($C237=\"RM\",IF(ISNA(VLOOKUP($F237:$F$471,pos,4,FALSE))=FALSE,VLOOKUP($F$2:$F$471,pos,4,FALSE),\"\"),\"\")","v":40},{"$f":"IF($C237=\"RM\",IF(ISNA(VLOOKUP($F$2:$F$478,pos,5,FALSE))=FALSE,VLOOKUP($F$2:$F$478,pos,5,FALSE),IF(ISNA(VLOOKUP($F$2:$F$478,lot,5,FALSE))=FALSE,VLOOKUP($F$2:$F$478,lot,5,FALSE),0)),\"\")","v":0.39},{"$f":"IF($H237>0,VLOOKUP($D:$D,prix,15,FALSE),\"\")","v":""},{"$f":"IF($C237=\"RM\",$O237*$G237,\"\")","v":0.13649999999999998},{"$f":"IF($H237>0,$H237*$P237,\"\")","v":""},null,{"$f":"IF($F237>0,VALUE(LEFT($F237,4)),\"\")","v":6133},{"$f":"IF(F237>0,IF(ISERROR(SEARCH(\"*FZ*\",$E237))=FALSE,\"FZ\",IF(ISERROR(SEARCH(\"*FR*\",$E237))=FALSE,\"FR\",\"Aucun\")),\"\")","v":"Aucun"},{"$f":"IF($C237=\"RM\",IF($U237=\"FR\",IF(ISNA(VLOOKUP($F:$F,lot,6,FALSE))=TRUE,VLOOKUP($T:$T,date,2,FALSE),VLOOKUP($F:$F,lot,6,FALSE)),\"\"),\"\")","v":""},{"$f":"IF($C237=\"RM\",IF($U237=\"Fz\",IF(ISNA(VLOOKUP($F:$F,lot,6,FALSE))=TRUE,VLOOKUP($T:$T,date,2,FALSE),VLOOKUP($F:$F,lot,6,FALSE)),\"\"),\"\")","v":""},{"$f":"IF($C237=\"FG\",VLOOKUP($A:$A,op,4,FALSE),\"\")","v":""},"2016-04-26",{"$f":"IF(C237=\"rm\",IF(U237=\"aucun\",\"OK\",IF(U237=\"fz\",IF(Y237-W237>730,Y237-W237,\"OK\"),IF(Y237-V237<1,1,Y237-V237))),\"\")","v":"OK"}]
["6176P0124","Chicken","RM",37004,"BONELESS CH.BREAST *IN PROCESS* FR @P","6176P0124",43,null,null,null,{"$f":"IF(ISNA(VLOOKUP($D:$D,rend,2,FALSE))=FALSE,VLOOKUP($D:$D,rend,2,FALSE),\"\")","v":0.80480511567184854},{"$f":"IF($C238=\"RM\",IF(ISNA(VLOOKUP($F$2:$F$478,pos,2,FALSE))=FALSE,VLOOKUP($F238:$F$478,pos,2,FALSE),IF(ISNA(VLOOKUP($F$2:$F$478,lot,2,FALSE))=FALSE,VLOOKUP($F$2:$F$478,lot,2,FALSE),\"MANQUANT\")),\"\")","v":"MANQUANT"},{"$f":"IF($C238=\"RM\",IF(ISNA(VLOOKUP($F$2:$F$478,pos,3,FALSE))=FALSE,VLOOKUP($F238:$F672,pos,3,FALSE),\"OP\"),\"\")","v":"OP"},{"$f":"IF($C238=\"RM\",IF(ISNA(VLOOKUP($F238:$F$471,pos,4,FALSE))=FALSE,VLOOKUP($F$2:$F$471,pos,4,FALSE),\"\"),\"\")","v":""},{"$f":"IF($C238=\"RM\",IF(ISNA(VLOOKUP($F$2:$F$478,pos,5,FALSE))=FALSE,VLOOKUP($F$2:$F$478,pos,5,FALSE),IF(ISNA(VLOOKUP($F$2:$F$478,lot,5,FALSE))=FALSE,VLOOKUP($F$2:$F$478,lot,5,FALSE),0)),\"\")","v":0},{"$f":"IF($H238>0,VLOOKUP($D:$D,prix,15,FALSE),\"\")","v":""},{"$f":"IF($C238=\"RM\",$O238*$G238,\"\")","v":0},{"$f":"IF($H238>0,$H238*$P238,\"\")","v":""},null,{"$f":"IF($F238>0,VALUE(LEFT($F238,4)),\"\")","v":6176},{"$f":"IF(F238>0,IF(ISERROR(SEARCH(\"*FZ*\",$E238))=FALSE,\"FZ\",IF(ISERROR(SEARCH(\"*FR*\",$E238))=FALSE,\"FR\",\"Aucun\")),\"\")","v":"FR"},{"$f":"IF($C238=\"RM\",IF($U238=\"FR\",IF(ISNA(VLOOKUP($F:$F,lot,6,FALSE))=TRUE,VLOOKUP($T:$T,date,2,FALSE),VLOOKUP($F:$F,lot,6,FALSE)),\"\"),\"\")","v":"2016-04-22"},{"$f":"IF($C238=\"RM\",IF($U238=\"Fz\",IF(ISNA(VLOOKUP($F:$F,lot,6,FALSE))=TRUE,VLOOKUP($T:$T,date,2,FALSE),VLOOKUP($F:$F,lot,6,FALSE)),\"\"),\"\")","v":""},{"$f":"IF($C238=\"FG\",VLOOKUP($A:$A,op,4,FALSE),\"\")","v":""},"2016-04-26",{"$f":"IF(C238=\"rm\",IF(U238=\"aucun\",\"OK\",IF(U238=\"fz\",IF(Y238-W238>730,Y238-W238,\"OK\"),IF(Y238-V238<1,1,Y238-V238))),\"\")","v":4}]
["6176P0124","Chicken","FG",26017,"BONELESS SEASONED CHICKEN BREAST NO FINGERS FR @P","6176P0129","",50,null,null,{"$f":"IF(ISNA(VLOOKUP($D:$D,rend,2,FALSE))=FALSE,VLOOKUP($D:$D,rend,2,FALSE),\"\")","v":0.97744691385303573},{"$f":"IF($C239=\"RM\",IF(ISNA(VLOOKUP($F$2:$F$478,pos,2,FALSE))=FALSE,VLOOKUP($F239:$F$478,pos,2,FALSE),IF(ISNA(VLOOKUP($F$2:$F$478,lot,2,FALSE))=FALSE,VLOOKUP($F$2:$F$478,lot,2,FALSE),\"MANQUANT\")),\"\")","v":""},{"$f":"IF($C239=\"RM\",IF(ISNA(VLOOKUP($F$2:$F$478,pos,3,FALSE))=FALSE,VLOOKUP($F239:$F673,pos,3,FALSE),\"OP\"),\"\")","v":""},{"$f":"IF($C239=\"RM\",IF(ISNA(VLOOKUP($F239:$F$471,pos,4,FALSE))=FALSE,VLOOKUP($F$2:$F$471,pos,4,FALSE),\"\"),\"\")","v":""},{"$f":"IF($C239=\"RM\",IF(ISNA(VLOOKUP($F$2:$F$478,pos,5,FALSE))=FALSE,VLOOKUP($F$2:$F$478,pos,5,FALSE),IF(ISNA(VLOOKUP($F$2:$F$478,lot,5,FALSE))=FALSE,VLOOKUP($F$2:$F$478,lot,5,FALSE),0)),\"\")","v":""},{"$f":"IF($H239>0,VLOOKUP($D:$D,prix,15,FALSE),\"\")","v":7},{"$f":"IF($C239=\"RM\",$O239*$G239,\"\")","v":""},{"$f":"IF($H239>0,$H239*$P239,\"\")","v":350},null,{"$f":"IF($F239>0,VALUE(LEFT($F239,4)),\"\")","v":6176},{"$f":"IF(F239>0,IF(ISERROR(SEARCH(\"*FZ*\",$E239))=FALSE,\"FZ\",IF(ISERROR(SEARCH(\"*FR*\",$E239))=FALSE,\"FR\",\"Aucun\")),\"\")","v":"FR"},{"$f":"IF($C239=\"RM\",IF($U239=\"FR\",IF(ISNA(VLOOKUP($F:$F,lot,6,FALSE))=TRUE,VLOOKUP($T:$T,date,2,FALSE),VLOOKUP($F:$F,lot,6,FALSE)),\"\"),\"\")","v":""},{"$f":"IF($C239=\"RM\",IF($U239=\"Fz\",IF(ISNA(VLOOKUP($F:$F,lot,6,FALSE))=TRUE,VLOOKUP($T:$T,date,2,FALSE),VLOOKUP($F:$F,lot,6,FALSE)),\"\"),\"\")","v":""},{"$f":"IF($C239=\"FG\",VLOOKUP($A:$A,op,4,FALSE),\"\")","v":{"$error":"#N/A"}},"2016-04-26",{"$f":"IF(C239=\"rm\",IF(U239=\"aucun\",\"OK\",IF(U239=\"fz\",IF(Y239-W239>730,Y239-W239,\"OK\"),IF(Y239-V239<1,1,Y239-V239))),\"\")","v":""}]
["6176P0124 Total",null,null,null,null,null,{"$f":"SUBTOTAL(9,G235:G239)","v":50.9},{"$f":"SUBTOTAL(9,H235:H239)","v":50},null,null,null,null,null,null,null,null,{"$f":"SUBTOTAL(9,Q235:Q239)","v":0.74809999999999988},{"$f":"SUBTOTAL(9,R235:R239)","v":350}]
["6176P02","Chicken","RM",35004,"CH.BREAST NO BACK *CANADIAN**AIR** FR #D","6176P02",85.5,null,null,null,{"$f":"IF(ISNA(VLOOKUP($D:$D,rend,2,FALSE))=FALSE,VLOOKUP($D:$D,rend,2,FALSE),\"\")","v":0.69861999513592132},{"$f":"IF($C241=\"RM\",IF(ISNA(VLOOKUP($F$2:$F$478,pos,2,FALSE))=FALSE,VLOOKUP($F241:$F$478,pos,2,FALSE),IF(ISNA(VLOOKUP($F$2:$F$478,lot,2,FALSE))=FALSE,VLOOKUP($F$2:$F$478,lot,2,FALSE),\"MANQUANT\")),\"\")","v":"MANQUANT"},{"$f":"IF($C241=\"RM\",IF(ISNA(VLOOKUP($F$2:$F$478,pos,3,FALSE))=FALSE,VLOOKUP($F241:$F674,pos,3,FALSE),\"OP\"),\"\")","v":"OP"},{"$f":"IF($C241=\"RM\",IF(ISNA(VLOOKUP($F241:$F$471,pos,4,FALSE))=FALSE,VLOOKUP($F$2:$F$471,pos,4,FALSE),\"\"),\"\")","v":""},{"$f":"IF($C241=\"RM\",IF(ISNA(VLOOKUP($F$2:$F$478,pos,5,FALSE))=FALSE,VLOOKUP($F$2:$F$478,pos,5,FALSE),IF(ISNA(VLOOKUP($F$2:$F$478,lot,5,FALSE))=FALSE,VLOOKUP($F$2:$F$478,lot,5,FALSE),0)),\"\")","v":0},{"$f":"IF($H241>0,VLOOKUP($D:$D,prix,15,FALSE),\"\")","v":""},{"$f":"IF($C241=\"RM\",$O241*$G241,\"\")","v":0},{"$f":"IF($H241>0,$H241*$P241,\"\")","v":""},null,{"$f":"IF($F241>0,VALUE(LEFT($F241,4)),\"\")","v":6176},{"$f":"IF(F241>0,IF(ISERROR(SEARCH(\"*FZ*\",$E241))=FALSE,\"FZ\",IF(ISERROR(SEARCH(\"*FR*\",$E241))=FALSE,\"FR\",\"Aucun\")),\"\")","v":"FR"},{"$f":"IF($C241=\"RM\",IF($U241=\"FR\",IF(ISNA(VLOOKUP($F:$F,lot,6,FALSE))=TRUE,VLOOKUP($T:$T,date,2,FALSE),VLOOKUP($F:$F,lot,6,FALSE)),\"\"),\"\")","v":"2016-04-22"},{"$f":"IF($C241=\"RM\",IF($U241=\"Fz\",IF(ISNA(VLOOKUP($F:$F,lot,6,FALSE))=TRUE,VLOOKUP($T:$T,date,2,FALSE),VLOOKUP($F:$F,lot,6,FALSE)),\"\"),\"\")","v":""},{"$f":"IF($C241=\"FG\",VLOOKUP($A:$A,op,4,FALSE),\"\")","v":""},"2016-04-26",{"$f":"IF(C241=\"rm\",IF(U241=\"aucun\",\"OK\",IF(U241=\"fz\",IF(Y241-W241>730,Y241-W241,\"OK\"),IF(Y241-V241<1,1,Y241-V241))),\"\")","v":4}]
["6176P02","Chicken","RM",37004,"BONELESS CH.BREAST *IN PROCESS* FR @P","6176P0215",189,null,null,null,{"$f":"IF(ISNA(VLOOKUP($D:$D,rend,2,FALSE))=FALSE,VLOOKUP($D:$D,rend,2,FALSE),\"\")","v":0.80480511567184854},{"$f":"IF($C242=\"RM\",IF(ISNA(VLOOKUP($F$2:$F$478,pos,2,FALSE))=FALSE,VLOOKUP($F242:$F$478,pos,2,FALSE),IF(ISNA(VLOOKUP($F$2:$F$478,lot,2,FALSE))=FALSE,VLOOKUP($F$2:$F$478,lot,2,FALSE),\"MANQUANT\")),\"\")","v":"6176P02"},{"$f":"IF($C242=\"RM\",IF(ISNA(VLOOKUP($F$2:$F$478,pos,3,FALSE))=FALSE,VLOOKUP($F242:$F675,pos,3,FALSE),\"OP\"),\"\")","v":"OP"},{"$f":"IF($C242=\"RM\",IF(ISNA(VLOOKUP($F242:$F$471,pos,4,FALSE))=FALSE,VLOOKUP($F$2:$F$471,pos,4,FALSE),\"\"),\"\")","v":""},{"$f":"IF($C242=\"RM\",IF(ISNA(VLOOKUP($F$2:$F$478,pos,5,FALSE))=FALSE,VLOOKUP($F$2:$F$478,pos,5,FALSE),IF(ISNA(VLOOKUP($F$2:$F$478,lot,5,FALSE))=FALSE,VLOOKUP($F$2:$F$478,lot,5,FALSE),0)),\"\")","v":6.2243081492266468},{"$f":"IF($H242>0,VLOOKUP($D:$D,prix,15,FALSE),\"\")","v":""},{"$f":"IF($C242=\"RM\",$O242*$G242,\"\")","v":1176.3942402038363},{"$f":"IF($H242>0,$H242*$P242,\"\")","v":""},null,{"$f":"IF($F242>0,VALUE(LEFT($F242,4)),\"\")","v":6176},{"$f":"IF(F242>0,IF(ISERROR(SEARCH(\"*FZ*\",$E242))=FALSE,\"FZ\",IF(ISERROR(SEARCH(\"*FR*\",$E242))=FALSE,\"FR\",\"Aucun\")),\"\")","v":"FR"},{"$f":"IF($C242=\"RM\",IF($U242=\"FR\",IF(ISNA(VLOOKUP($F:$F,lot,6,FALSE))=TRUE,VLOOKUP($T:$T,date,2,FALSE),VLOOKUP($F:$F,lot,6,FALSE)),\"\"),\"\")","v":"2016-04-22"},{"$f":"IF($C242=\"RM\",IF($U242=\"Fz\",IF(ISNA(VLOOKUP($F:$F,lot,6,FALSE))=TRUE,VLOOKUP($T:$T,date,2,FALSE),VLOOKUP($F:$F,lot,6,FALSE)),\"\"),\"\")","v":""},{"$f":"IF($C242=\"FG\",VLOOKUP($A:$A,op,4,FALSE),\"\")","v":""},"2016-04-26",{"$f":"IF(C242=\"rm\",IF(U242=\"aucun\",\"OK\",IF(U242=\"fz\",IF(Y242-W242>730,Y242-W242,\"OK\"),IF(Y242-V242<1,1,Y242-V242))),\"\")","v":4}]
["6176P02","Chicken","FG",35730,"CH.FILET* TRIM * UNIFORM FR @P","6176P0218","",40,null,null,{"$f":"IF(ISNA(VLOOKUP($D:$D,rend,2,FALSE))=FALSE,VLOOKUP($D:$D,rend,2,FALSE),\"\")","v":0.68651839794962677},{"$f":"IF($C243=\"RM\",IF(ISNA(VLOOKUP($F$2:$F$478,pos,2,FALSE))=FALSE,VLOOKUP($F243:$F$478,pos,2,FALSE),IF(ISNA(VLOOKUP($F$2:$F$478,lot,2,FALSE))=FALSE,VLOOKUP($F$2:$F$478,lot,2,FALSE),\"MANQUANT\")),\"\")","v":""},{"$f":"IF($C243=\"RM\",IF(ISNA(VLOOKUP($F$2:$F$478,pos,3,FALSE))=FALSE,VLOOKUP($F243:$F676,pos,3,FALSE),\"OP\"),\"\")","v":""},{"$f":"IF($C243=\"RM\",IF(ISNA(VLOOKUP($F243:$F$471,pos,4,FALSE))=FALSE,VLOOKUP($F$2:$F$471,pos,4,FALSE),\"\"),\"\")","v":""},{"$f":"IF($C243=\"RM\",IF(ISNA(VLOOKUP($F$2:$F$478,pos,5,FALSE))=FALSE,VLOOKUP($F$2:$F$478,pos,5,FALSE),IF(ISNA(VLOOKUP($F$2:$F$478,lot,5,FALSE))=FALSE,VLOOKUP($F$2:$F$478,lot,5,FALSE),0)),\"\")","v":""},{"$f":"IF($H243>0,VLOOKUP($D:$D,prix,15,FALSE),\"\")","v":9.75},{"$f":"IF($C243=\"RM\",$O243*$G243,\"\")","v":""},{"$f":"IF($H243>0,$H243*$P243,\"\")","v":390},null,{"$f":"IF($F243>0,VALUE(LEFT($F243,4)),\"\")","v":6176},{"$f":"IF(F243>0,IF(ISERROR(SEARCH(\"*FZ*\",$E243))=FALSE,\"FZ\",IF(ISERROR(SEARCH(\"*FR*\",$E243))=FALSE,\"FR\",\"Aucun\")),\"\")","v":"FR"},{"$f":"IF($C243=\"RM\",IF($U243=\"FR\",IF(ISNA(VLOOKUP($F:$F,lot,6,FALSE))=TRUE,VLOOKUP($T:$T,date,2,FALSE),VLOOKUP($F:$F,lot,6,FALSE)),\"\"),\"\")","v":""},{"$f":"IF($C243=\"RM\",IF($U243=\"Fz\",IF(ISNA(VLOOKUP($F:$F,lot,6,FALSE))=TRUE,VLOOKUP($T:$T,date,2,FALSE),VLOOKUP($F:$F,lot,6,FALSE)),\"\"),\"\")","v":""},{"$f":"IF($C243=\"FG\",VLOOKUP($A:$A,op,4,FALSE),\"\")","v":"2016-04-22"},"2016-04-26",{"$f":"IF(C243=\"rm\",IF(U243=\"aucun\",\"OK\",IF(U243=\"fz\",IF(Y243-W243>730,Y243-W243,\"OK\"),IF(Y243-V243<1,1,Y243-V243))),\"\")","v":""}]
["6176P02","Chicken","FG",35728,"CH.FILET*NF*TRIM*UNIFORM FR @P","6176P0219","",100,null,null,{"$f":"IF(ISNA(VLOOKUP($D:$D,rend,2,FALSE))=FALSE,VLOOKUP($D:$D,rend,2,FALSE),\"\")","v":0.68570285277184917},{"$f":"IF($C244=\"RM\",IF(ISNA(VLOOKUP($F$2:$F$478,pos,2,FALSE))=FALSE,VLOOKUP($F244:$F$478,pos,2,FALSE),IF(ISNA(VLOOKUP($F$2:$F$478,lot,2,FALSE))=FALSE,VLOOKUP($F$2:$F$478,lot,2,FALSE),\"MANQUANT\")),\"\")","v":""},{"$f":"IF($C244=\"RM\",IF(ISNA(VLOOKUP($F$2:$F$478,pos,3,FALSE))=FALSE,VLOOKUP($F244:$F677,pos,3,FALSE),\"OP\"),\"\")","v":""},{"$f":"IF($C244=\"RM\",IF(ISNA(VLOOKUP($F244:$F$471,pos,4,FALSE))=FALSE,VLOOKUP($F$2:$F$471,pos,4,FALSE),\"\"),\"\")","v":""},{"$f":"IF($C244=\"RM\",IF(ISNA(VLOOKUP($F$2:$F$478,pos,5,FALSE))=FALSE,VLOOKUP($F$2:$F$478,pos,5,FALSE),IF(ISNA(VLOOKUP($F$2:$F$478,lot,5,FALSE))=FALSE,VLOOKUP($F$2:$F$478,lot,5,FALSE),0)),\"\")","v":""},{"$f":"IF($H244>0,VLOOKUP($D:$D,prix,15,FALSE),\"\")","v":9.85},{"$f":"IF($C244=\"RM\",$O244*$G244,\"\")","v":""},{"$f":"IF($H244>0,$H244*$P244,\"\")","v":985},null,{"$f":"IF($F244>0,VALUE(LEFT($F244,4)),\"\")","v":6176},{"$f":"IF(F244>0,IF(ISERROR(SEARCH(\"*FZ*\",$E244))=FALSE,\"FZ\",IF(ISERROR(SEARCH(\"*FR*\",$E244))=FALSE,\"FR\",\"Aucun\")),\"\")","v":"FR"},{"$f":"IF($C244=\"RM\",IF($U244=\"FR\",IF(ISNA(VLOOKUP($F:$F,lot,6,FALSE))=TRUE,VLOOKUP($T:$T,date,2,FALSE),VLOOKUP($F:$F,lot,6,FALSE)),\"\"),\"\")","v":""},{"$f":"IF($C244=\"RM\",IF($U244=\"Fz\",IF(ISNA(VLOOKUP($F:$F,lot,6,FALSE))=TRUE,VLOOKUP($T:$T,date,2,FALSE),VLOOKUP($F:$F,lot,6,FALSE)),\"\"),\"\")","v":""},{"$f":"IF($C244=\"FG\",VLOOKUP($A:$A,op,4,FALSE),\"\")","v":"2016-04-22"},"2016-04-26",{"$f":"IF(C244=\"rm\",IF(U244=\"aucun\",\"OK\",IF(U244=\"fz\",IF(Y244-W244>730,Y244-W244,\"OK\"),IF(Y244-V244<1,1,Y244-V244))),\"\")","v":""}]
["6176P02","Chicken","FG",35776,"CH.FILET*NF*CUT/2*F.TRIM*6ONC FR @P","6176P0223","",18.5,null,null,{"$f":"IF(ISNA(VLOOKUP($D:$D,rend,2,FALSE))=FALSE,VLOOKUP($D:$D,rend,2,FALSE),\"\")","v":0.81068398020987931},{"$f":"IF($C245=\"RM\",IF(ISNA(VLOOKUP($F$2:$F$478,pos,2,FALSE))=FALSE,VLOOKUP($F245:$F$478,pos,2,FALSE),IF(ISNA(VLOOKUP($F$2:$F$478,lot,2,FALSE))=FALSE,VLOOKUP($F$2:$F$478,lot,2,FALSE),\"MANQUANT\")),\"\")","v":""},{"$f":"IF($C245=\"RM\",IF(ISNA(VLOOKUP($F$2:$F$478,pos,3,FALSE))=FALSE,VLOOKUP($F245:$F678,pos,3,FALSE),\"OP\"),\"\")","v":""},{"$f":"IF($C245=\"RM\",IF(ISNA(VLOOKUP($F245:$F$471,pos,4,FALSE))=FALSE,VLOOKUP($F$2:$F$471,pos,4,FALSE),\"\"),\"\")","v":""},{"$f":"IF($C245=\"RM\",IF(ISNA(VLOOKUP($F$2:$F$478,pos,5,FALSE))=FALSE,VLOOKUP($F$2:$F$478,pos,5,FALSE),IF(ISNA(VLOOKUP($F$2:$F$478,lot,5,FALSE))=FALSE,VLOOKUP($F$2:$F$478,lot,5,FALSE),0)),\"\")","v":""},{"$f":"IF($H245>0,VLOOKUP($D:$D,prix,15,FALSE),\"\")","v":9.85},{"$f":"IF($C245=\"RM\",$O245*$G245,\"\")","v":""},{"$f":"IF($H245>0,$H245*$P245,\"\")","v":182.22499999999999},null,{"$f":"IF($F245>0,VALUE(LEFT($F245,4)),\"\")","v":6176},{"$f":"IF(F245>0,IF(ISERROR(SEARCH(\"*FZ*\",$E245))=FALSE,\"FZ\",IF(ISERROR(SEARCH(\"*FR*\",$E245))=FALSE,\"FR\",\"Aucun\")),\"\")","v":"FR"},{"$f":"IF($C245=\"RM\",IF($U245=\"FR\",IF(ISNA(VLOOKUP($F:$F,lot,6,FALSE))=TRUE,VLOOKUP($T:$T,date,2,FALSE),VLOOKUP($F:$F,lot,6,FALSE)),\"\"),\"\")","v":""},{"$f":"IF($C245=\"RM\",IF($U245=\"Fz\",IF(ISNA(VLOOKUP($F:$F,lot,6,FALSE))=TRUE,VLOOKUP($T:$T,date,2,FALSE),VLOOKUP($F:$F,lot,6,FALSE)),\"\"),\"\")","v":""},{"$f":"IF($C245=\"FG\",VLOOKUP($A:$A,op,4,FALSE),\"\")","v":"2016-04-22"},"2016-04-26",{"$f":"IF(C245=\"rm\",IF(U245=\"aucun\",\"OK\",IF(U245=\"fz\",IF(Y245-W245>730,Y245-W245,\"OK\"),IF(Y245-V245<1,1,Y245-V245))),\"\")","v":""}]
["6176P02","Chicken","FG",35777,"CH.FILET*NF*CUT/2*F.TRIM*7ONC FR@P","6176P0225","",20,null,null,{"$f":"IF(ISNA(VLOOKUP($D:$D,rend,2,FALSE))=FALSE,VLOOKUP($D:$D,rend,2,FALSE),\"\")","v":0.82083949260670197},{"$f":"IF($C246=\"RM\",IF(ISNA(VLOOKUP($F$2:$F$478,pos,2,FALSE))=FALSE,VLOOKUP($F246:$F$478,pos,2,FALSE),IF(ISNA(VLOOKUP($F$2:$F$478,lot,2,FALSE))=FALSE,VLOOKUP($F$2:$F$478,lot,2,FALSE),\"MANQUANT\")),\"\")","v":""},{"$f":"IF($C246=\"RM\",IF(ISNA(VLOOKUP($F$2:$F$478,pos,3,FALSE))=FALSE,VLOOKUP($F246:$F679,pos,3,FALSE),\"OP\"),\"\")","v":""},{"$f":"IF($C246=\"RM\",IF(ISNA(VLOOKUP($F246:$F$471,pos,4,FALSE))=FALSE,VLOOKUP($F$2:$F$471,pos,4,FALSE),\"\"),\"\")","v":""},{"$f":"IF($C246=\"RM\",IF(ISNA(VLOOKUP($F$2:$F$478,pos,5,FALSE))=FALSE,VLOOKUP($F$2:$F$478,pos,5,FALSE),IF(ISNA(VLOOKUP($F$2:$F$478,lot,5,FALSE))=FALSE,VLOOKUP($F$2:$F$478,lot,5,FALSE),0)),\"\")","v":""},{"$f":"IF($H246>0,VLOOKUP($D:$D,prix,15,FALSE),\"\")","v":9.85},{"$f":"IF($C246=\"RM\",$O246*$G246,\"\")","v":""},{"$f":"IF($H246>0,$H246*$P246,\"\")","v":197},null,{"$f":"IF($F246>0,VALUE(LEFT($F246,4)),\"\")","v":6176},{"$f":"IF(F246>0,IF(ISERROR(SEARCH(\"*FZ*\",$E246))=FALSE,\"FZ\",IF(ISERROR(SEARCH(\"*FR*\",$E246))=FALSE,\"FR\",\"Aucun\")),\"\")","v":"FR"},{"$f":"IF($C246=\"RM\",IF($U246=\"FR\",IF(ISNA(VLOOKUP($F:$F,lot,6,FALSE))=TRUE,VLOOKUP($T:$T,date,2,FALSE),VLOOKUP($F:$F,lot,6,FALSE)),\"\"),\"\")","v":""},{"$f":"IF($C246=\"RM\",IF($U246=\"Fz\",IF(ISNA(VLOOKUP($F:$F,lot,6,FALSE))=TRUE,VLOOKUP($T:$T,date,2,FALSE),VLOOKUP($F:$F,lot,6,FALSE)),\"\"),\"\")","v":""},{"$f":"IF($C246=\"FG\",VLOOKUP($A:$A,op,4,FALSE),\"\")","v":"2016-04-22"},"2016-04-26",{"$f":"IF(C246=\"rm\",IF(U246=\"aucun\",\"OK\",IF(U246=\"fz\",IF(Y246-W246>730,Y246-W246,\"OK\"),IF(Y246-V246<1,1,Y246-V246))),\"\")","v":""}]
["6176P02","Chicken","FG",35802,"CHICKEN TRIMMINGS 80% FZ #D","6176P0226","",125,null,null,{"$f":"IF(ISNA(VLOOKUP($D:$D,rend,2,FALSE))=FALSE,VLOOKUP($D:$D,rend,2,FALSE),\"\")","v":0.83345280817828782},{"$f":"IF($C247=\"RM\",IF(ISNA(VLOOKUP($F$2:$F$478,pos,2,FALSE))=FALSE,VLOOKUP($F247:$F$478,pos,2,FALSE),IF(ISNA(VLOOKUP($F$2:$F$478,lot,2,FALSE))=FALSE,VLOOKUP($F$2:$F$478,lot,2,FALSE),\"MANQUANT\")),\"\")","v":""},{"$f":"IF($C247=\"RM\",IF(ISNA(VLOOKUP($F$2:$F$478,pos,3,FALSE))=FALSE,VLOOKUP($F247:$F680,pos,3,FALSE),\"OP\"),\"\")","v":""},{"$f":"IF($C247=\"RM\",IF(ISNA(VLOOKUP($F247:$F$471,pos,4,FALSE))=FALSE,VLOOKUP($F$2:$F$471,pos,4,FALSE),\"\"),\"\")","v":""},{"$f":"IF($C247=\"RM\",IF(ISNA(VLOOKUP($F$2:$F$478,pos,5,FALSE))=FALSE,VLOOKUP($F$2:$F$478,pos,5,FALSE),IF(ISNA(VLOOKUP($F$2:$F$478,lot,5,FALSE))=FALSE,VLOOKUP($F$2:$F$478,lot,5,FALSE),0)),\"\")","v":""},{"$f":"IF($H247>0,VLOOKUP($D:$D,prix,15,FALSE),\"\")","v":2.75},{"$f":"IF($C247=\"RM\",$O247*$G247,\"\")","v":""},{"$f":"IF($H247>0,$H247*$P247,\"\")","v":343.75},null,{"$f":"IF($F247>0,VALUE(LEFT($F247,4)),\"\")","v":6176},{"$f":"IF(F247>0,IF(ISERROR(SEARCH(\"*FZ*\",$E247))=FALSE,\"FZ\",IF(ISERROR(SEARCH(\"*FR*\",$E247))=FALSE,\"FR\",\"Aucun\")),\"\")","v":"FZ"},{"$f":"IF($C247=\"RM\",IF($U247=\"FR\",IF(ISNA(VLOOKUP($F:$F,lot,6,FALSE))=TRUE,VLOOKUP($T:$T,date,2,FALSE),VLOOKUP($F:$F,lot,6,FALSE)),\"\"),\"\")","v":""},{"$f":"IF($C247=\"RM\",IF($U247=\"Fz\",IF(ISNA(VLOOKUP($F:$F,lot,6,FALSE))=TRUE,VLOOKUP($T:$T,date,2,FALSE),VLOOKUP($F:$F,lot,6,FALSE)),\"\"),\"\")","v":""},{"$f":"IF($C247=\"FG\",VLOOKUP($A:$A,op,4,FALSE),\"\")","v":"2016-04-22"},"2016-04-26",{"$f":"IF(C247=\"rm\",IF(U247=\"aucun\",\"OK\",IF(U247=\"fz\",IF(Y247-W247>730,Y247-W247,\"OK\"),IF(Y247-V247<1,1,Y247-V247))),\"\")","v":""}]
["6176P02","Chicken","FG",35750,"CHICKEN FINGERS FR #D","6176P0227","",35,null,null,{"$f":"IF(ISNA(VLOOKUP($D:$D,rend,2,FALSE))=FALSE,VLOOKUP($D:$D,rend,2,FALSE),\"\")","v":0.73420780594965107},{"$f":"IF($C248=\"RM\",IF(ISNA(VLOOKUP($F$2:$F$478,pos,2,FALSE))=FALSE,VLOOKUP($F248:$F$478,pos,2,FALSE),IF(ISNA(VLOOKUP($F$2:$F$478,lot,2,FALSE))=FALSE,VLOOKUP($F$2:$F$478,lot,2,FALSE),\"MANQUANT\")),\"\")","v":""},{"$f":"IF($C248=\"RM\",IF(ISNA(VLOOKUP($F$2:$F$478,pos,3,FALSE))=FALSE,VLOOKUP($F248:$F681,pos,3,FALSE),\"OP\"),\"\")","v":""},{"$f":"IF($C248=\"RM\",IF(ISNA(VLOOKUP($F248:$F$471,pos,4,FALSE))=FALSE,VLOOKUP($F$2:$F$471,pos,4,FALSE),\"\"),\"\")","v":""},{"$f":"IF($C248=\"RM\",IF(ISNA(VLOOKUP($F$2:$F$478,pos,5,FALSE))=FALSE,VLOOKUP($F$2:$F$478,pos,5,FALSE),IF(ISNA(VLOOKUP($F$2:$F$478,lot,5,FALSE))=FALSE,VLOOKUP($F$2:$F$478,lot,5,FALSE),0)),\"\")","v":""},{"$f":"IF($H248>0,VLOOKUP($D:$D,prix,15,FALSE),\"\")","v":6.5},{"$f":"IF($C248=\"RM\",$O248*$G248,\"\")","v":""},{"$f":"IF($H248>0,$H248*$P248,\"\")","v":227.5},null,{"$f":"IF($F248>0,VALUE(LEFT($F248,4)),\"\")","v":6176},{"$f":"IF(F248>0,IF(ISERROR(SEARCH(\"*FZ*\",$E248))=FALSE,\"FZ\",IF(ISERROR(SEARCH(\"*FR*\",$E248))=FALSE,\"FR\",\"Aucun\")),\"\")","v":"FR"},{"$f":"IF($C248=\"RM\",IF($U248=\"FR\",IF(ISNA(VLOOKUP($F:$F,lot,6,FALSE))=TRUE,VLOOKUP($T:$T,date,2,FALSE),VLOOKUP($F:$F,lot,6,FALSE)),\"\"),\"\")","v":""},{"$f":"IF($C248=\"RM\",IF($U248=\"Fz\",IF(ISNA(VLOOKUP($F:$F,lot,6,FALSE))=TRUE,VLOOKUP($T:$T,date,2,FALSE),VLOOKUP($F:$F,lot,6,FALSE)),\"\"),\"\")","v":""},{"$f":"IF($C248=\"FG\",VLOOKUP($A:$A,op,4,FALSE),\"\")","v":"2016-04-22"},"2016-04-26",{"$f":"IF(C248=\"rm\",IF(U248=\"aucun\",\"OK\",IF(U248=\"fz\",IF(Y248-W248>730,Y248-W248,\"OK\"),IF(Y248-V248<1,1,Y248-V248))),\"\")","v":""}]
["6176P02","Chicken","FG",37001,"CHICKEN *IN PROCESS* 6 OZ CODE: 26048,36311,35776 FR @P","6176P0229","",10,null,null,{"$f":"IF(ISNA(VLOOKUP($D:$D,rend,2,FALSE))=FALSE,VLOOKUP($D:$D,rend,2,FALSE),\"\")","v":0.82664039078471685},{"$f":"IF($C249=\"RM\",IF(ISNA(VLOOKUP($F$2:$F$478,pos,2,FALSE))=FALSE,VLOOKUP($F249:$F$478,pos,2,FALSE),IF(ISNA(VLOOKUP($F$2:$F$478,lot,2,FALSE))=FALSE,VLOOKUP($F$2:$F$478,lot,2,FALSE),\"MANQUANT\")),\"\")","v":""},{"$f":"IF($C249=\"RM\",IF(ISNA(VLOOKUP($F$2:$F$478,pos,3,FALSE))=FALSE,VLOOKUP($F249:$F682,pos,3,FALSE),\"OP\"),\"\")","v":""},{"$f":"IF($C249=\"RM\",IF(ISNA(VLOOKUP($F249:$F$471,pos,4,FALSE))=FALSE,VLOOKUP($F$2:$F$471,pos,4,FALSE),\"\"),\"\")","v":""},{"$f":"IF($C249=\"RM\",IF(ISNA(VLOOKUP($F$2:$F$478,pos,5,FALSE))=FALSE,VLOOKUP($F$2:$F$478,pos,5,FALSE),IF(ISNA(VLOOKUP($F$2:$F$478,lot,5,FALSE))=FALSE,VLOOKUP($F$2:$F$478,lot,5,FALSE),0)),\"\")","v":""},{"$f":"IF($H249>0,VLOOKUP($D:$D,prix,15,FALSE),\"\")","v":9.5},{"$f":"IF($C249=\"RM\",$O249*$G249,\"\")","v":""},{"$f":"IF($H249>0,$H249*$P249,\"\")","v":95},null,{"$f":"IF($F249>0,VALUE(LEFT($F249,4)),\"\")","v":6176},{"$f":"IF(F249>0,IF(ISERROR(SEARCH(\"*FZ*\",$E249))=FALSE,\"FZ\",IF(ISERROR(SEARCH(\"*FR*\",$E249))=FALSE,\"FR\",\"Aucun\")),\"\")","v":"FR"},{"$f":"IF($C249=\"RM\",IF($U249=\"FR\",IF(ISNA(VLOOKUP($F:$F,lot,6,FALSE))=TRUE,VLOOKUP($T:$T,date,2,FALSE),VLOOKUP($F:$F,lot,6,FALSE)),\"\"),\"\")","v":""},{"$f":"IF($C249=\"RM\",IF($U249=\"Fz\",IF(ISNA(VLOOKUP($F:$F,lot,6,FALSE))=TRUE,VLOOKUP($T:$T,date,2,FALSE),VLOOKUP($F:$F,lot,6,FALSE)),\"\"),\"\")","v":""},{"$f":"IF($C249=\"FG\",VLOOKUP($A:$A,op,4,FALSE),\"\")","v":"2016-04-22"},"2016-04-26",{"$f":"IF(C249=\"rm\",IF(U249=\"aucun\",\"OK\",IF(U249=\"fz\",IF(Y249-W249>730,Y249-W249,\"OK\"),IF(Y249-V249<1,1,Y249-V249))),\"\")","v":""}]
["6176P02 Total",null,null,null,null,null,{"$f":"SUBTOTAL(9,G241:G249)","v":274.5},{"$f":"SUBTOTAL(9,H241:H249)","v":348.5},null,null,null,null,null,null,null,null,{"$f":"SUBTOTAL(9,Q241:Q249)","v":1176.3942402038363},{"$f":"SUBTOTAL(9,R241:R249)","v":2420.4749999999999}]
["6176P021","Chicken","RM",35740,"BNLESS CHICKEN BREAST* PAPILLION**SMAL-MEDIUM FR @P","6176P021",50,null,null,null,{"$f":"IF(ISNA(VLOOKUP($D:$D,rend,2,FALSE))=FALSE,VLOOKUP($D:$D,rend,2,FALSE),\"\")","v":0.72026941335910277},{"$f":"IF($C251=\"RM\",IF(ISNA(VLOOKUP($F$2:$F$478,pos,2,FALSE))=FALSE,VLOOKUP($F251:$F$478,pos,2,FALSE),IF(ISNA(VLOOKUP($F$2:$F$478,lot,2,FALSE))=FALSE,VLOOKUP($F$2:$F$478,lot,2,FALSE),\"MANQUANT\")),\"\")","v":"6176P02"},{"$f":"IF($C251=\"RM\",IF(ISNA(VLOOKUP($F$2:$F$478,pos,3,FALSE))=FALSE,VLOOKUP($F251:$F683,pos,3,FALSE),\"OP\"),\"\")","v":"OP"},{"$f":"IF($C251=\"RM\",IF(ISNA(VLOOKUP($F251:$F$471,pos,4,FALSE))=FALSE,VLOOKUP($F$2:$F$471,pos,4,FALSE),\"\"),\"\")","v":""},{"$f":"IF($C251=\"RM\",IF(ISNA(VLOOKUP($F$2:$F$478,pos,5,FALSE))=FALSE,VLOOKUP($F$2:$F$478,pos,5,FALSE),IF(ISNA(VLOOKUP($F$2:$F$478,lot,5,FALSE))=FALSE,VLOOKUP($F$2:$F$478,lot,5,FALSE),0)),\"\")","v":6.2243081492266468},{"$f":"IF($H251>0,VLOOKUP($D:$D,prix,15,FALSE),\"\")","v":""},{"$f":"IF($C251=\"RM\",$O251*$G251,\"\")","v":311.21540746133235},{"$f":"IF($H251>0,$H251*$P251,\"\")","v":""},null,{"$f":"IF($F251>0,VALUE(LEFT($F251,4)),\"\")","v":6176},{"$f":"IF(F251>0,IF(ISERROR(SEARCH(\"*FZ*\",$E251))=FALSE,\"FZ\",IF(ISERROR(SEARCH(\"*FR*\",$E251))=FALSE,\"FR\",\"Aucun\")),\"\")","v":"FR"},{"$f":"IF($C251=\"RM\",IF($U251=\"FR\",IF(ISNA(VLOOKUP($F:$F,lot,6,FALSE))=TRUE,VLOOKUP($T:$T,date,2,FALSE),VLOOKUP($F:$F,lot,6,FALSE)),\"\"),\"\")","v":"2016-04-22"},{"$f":"IF($C251=\"RM\",IF($U251=\"Fz\",IF(ISNA(VLOOKUP($F:$F,lot,6,FALSE))=TRUE,VLOOKUP($T:$T,date,2,FALSE),VLOOKUP($F:$F,lot,6,FALSE)),\"\"),\"\")","v":""},{"$f":"IF($C251=\"FG\",VLOOKUP($A:$A,op,4,FALSE),\"\")","v":""},"2016-04-26",{"$f":"IF(C251=\"rm\",IF(U251=\"aucun\",\"OK\",IF(U251=\"fz\",IF(Y251-W251>730,Y251-W251,\"OK\"),IF(Y251-V251<1,1,Y251-V251))),\"\")","v":4}]
["6176P021","Chicken","FG",35740,"BNLESS CHICKEN BREAST* PAPILLION**SMAL-MEDIUM FR @P","6176P0224","",50,null,null,{"$f":"IF(ISNA(VLOOKUP($D:$D,rend,2,FALSE))=FALSE,VLOOKUP($D:$D,rend,2,FALSE),\"\")","v":0.72026941335910277},{"$f":"IF($C252=\"RM\",IF(ISNA(VLOOKUP($F$2:$F$478,pos,2,FALSE))=FALSE,VLOOKUP($F252:$F$478,pos,2,FALSE),IF(ISNA(VLOOKUP($F$2:$F$478,lot,2,FALSE))=FALSE,VLOOKUP($F$2:$F$478,lot,2,FALSE),\"MANQUANT\")),\"\")","v":""},{"$f":"IF($C252=\"RM\",IF(ISNA(VLOOKUP($F$2:$F$478,pos,3,FALSE))=FALSE,VLOOKUP($F252:$F684,pos,3,FALSE),\"OP\"),\"\")","v":""},{"$f":"IF($C252=\"RM\",IF(ISNA(VLOOKUP($F252:$F$471,pos,4,FALSE))=FALSE,VLOOKUP($F$2:$F$471,pos,4,FALSE),\"\"),\"\")","v":""},{"$f":"IF($C252=\"RM\",IF(ISNA(VLOOKUP($F$2:$F$478,pos,5,FALSE))=FALSE,VLOOKUP($F$2:$F$478,pos,5,FALSE),IF(ISNA(VLOOKUP($F$2:$F$478,lot,5,FALSE))=FALSE,VLOOKUP($F$2:$F$478,lot,5,FALSE),0)),\"\")","v":""},{"$f":"IF($H252>0,VLOOKUP($D:$D,prix,15,FALSE),\"\")","v":8.75},{"$f":"IF($C252=\"RM\",$O252*$G252,\"\")","v":""},{"$f":"IF($H252>0,$H252*$P252,\"\")","v":437.5},null,{"$f":"IF($F252>0,VALUE(LEFT($F252,4)),\"\")","v":6176},{"$f":"IF(F252>0,IF(ISERROR(SEARCH(\"*FZ*\",$E252))=FALSE,\"FZ\",IF(ISERROR(SEARCH(\"*FR*\",$E252))=FALSE,\"FR\",\"Aucun\")),\"\")","v":"FR"},{"$f":"IF($C252=\"RM\",IF($U252=\"FR\",IF(ISNA(VLOOKUP($F:$F,lot,6,FALSE))=TRUE,VLOOKUP($T:$T,date,2,FALSE),VLOOKUP($F:$F,lot,6,FALSE)),\"\"),\"\")","v":""},{"$f":"IF($C252=\"RM\",IF($U252=\"Fz\",IF(ISNA(VLOOKUP($F:$F,lot,6,FALSE))=TRUE,VLOOKUP($T:$T,date,2,FALSE),VLOOKUP($F:$F,lot,6,FALSE)),\"\"),\"\")","v":""},{"$f":"IF($C252=\"FG\",VLOOKUP($A:$A,op,4,FALSE),\"\")","v":{"$error":"#N/A"}},"2016-04-26",{"$f":"IF(C252=\"rm\",IF(U252=\"aucun\",\"OK\",IF(U252=\"fz\",IF(Y252-W252>730,Y252-W252,\"OK\"),IF(Y252-V252<1,1,Y252-V252))),\"\")","v":""}]
["6176P021 Total",null,null,null,null,null,{"$f":"SUBTOTAL(9,G251:G252)","v":50},{"$f":"SUBTOTAL(9,H251:H252)","v":50},null,null,null,null,null,null,null,null,{"$f":"SUBTOTAL(9,Q251:Q252)","v":311.21540746133235},{"$f":"SUBTOTAL(9,R251:R252)","v":437.5}]
["6176P0213","Chicken","RM",35750,"CHICKEN FINGERS FR #D","6176P0213",40,null,null,null,{"$f":"IF(ISNA(VLOOKUP($D:$D,rend,2,FALSE))=FALSE,VLOOKUP($D:$D,rend,2,FALSE),\"\")","v":0.73420780594965107},{"$f":"IF($C254=\"RM\",IF(ISNA(VLOOKUP($F$2:$F$478,pos,2,FALSE))=FALSE,VLOOKUP($F254:$F$478,pos,2,FALSE),IF(ISNA(VLOOKUP($F$2:$F$478,lot,2,FALSE))=FALSE,VLOOKUP($F$2:$F$478,lot,2,FALSE),\"MANQUANT\")),\"\")","v":"6176P02"},{"$f":"IF($C254=\"RM\",IF(ISNA(VLOOKUP($F$2:$F$478,pos,3,FALSE))=FALSE,VLOOKUP($F254:$F685,pos,3,FALSE),\"OP\"),\"\")","v":"OP"},{"$f":"IF($C254=\"RM\",IF(ISNA(VLOOKUP($F254:$F$471,pos,4,FALSE))=FALSE,VLOOKUP($F$2:$F$471,pos,4,FALSE),\"\"),\"\")","v":""},{"$f":"IF($C254=\"RM\",IF(ISNA(VLOOKUP($F$2:$F$478,pos,5,FALSE))=FALSE,VLOOKUP($F$2:$F$478,pos,5,FALSE),IF(ISNA(VLOOKUP($F$2:$F$478,lot,5,FALSE))=FALSE,VLOOKUP($F$2:$F$478,lot,5,FALSE),0)),\"\")","v":6.2243081492266468},{"$f":"IF($H254>0,VLOOKUP($D:$D,prix,15,FALSE),\"\")","v":""},{"$f":"IF($C254=\"RM\",$O254*$G254,\"\")","v":248.97232596906588},{"$f":"IF($H254>0,$H254*$P254,\"\")","v":""},null,{"$f":"IF($F254>0,VALUE(LEFT($F254,4)),\"\")","v":6176},{"$f":"IF(F254>0,IF(ISERROR(SEARCH(\"*FZ*\",$E254))=FALSE,\"FZ\",IF(ISERROR(SEARCH(\"*FR*\",$E254))=FALSE,\"FR\",\"Aucun\")),\"\")","v":"FR"},{"$f":"IF($C254=\"RM\",IF($U254=\"FR\",IF(ISNA(VLOOKUP($F:$F,lot,6,FALSE))=TRUE,VLOOKUP($T:$T,date,2,FALSE),VLOOKUP($F:$F,lot,6,FALSE)),\"\"),\"\")","v":"2016-04-22"},{"$f":"IF($C254=\"RM\",IF($U254=\"Fz\",IF(ISNA(VLOOKUP($F:$F,lot,6,FALSE))=TRUE,VLOOKUP($T:$T,date,2,FALSE),VLOOKUP($F:$F,lot,6,FALSE)),\"\"),\"\")","v":""},{"$f":"IF($C254=\"FG\",VLOOKUP($A:$A,op,4,FALSE),\"\")","v":""},"2016-04-26",{"$f":"IF(C254=\"rm\",IF(U254=\"aucun\",\"OK\",IF(U254=\"fz\",IF(Y254-W254>730,Y254-W254,\"OK\"),IF(Y254-V254<1,1,Y254-V254))),\"\")","v":4}]
["6176P0213","Chicken","FG",35750,"CHICKEN FINGERS FR #D","6176P0222","",40,null,null,{"$f":"IF(ISNA(VLOOKUP($D:$D,rend,2,FALSE))=FALSE,VLOOKUP($D:$D,rend,2,FALSE),\"\")","v":0.73420780594965107},{"$f":"IF($C255=\"RM\",IF(ISNA(VLOOKUP($F$2:$F$478,pos,2,FALSE))=FALSE,VLOOKUP($F255:$F$478,pos,2,FALSE),IF(ISNA(VLOOKUP($F$2:$F$478,lot,2,FALSE))=FALSE,VLOOKUP($F$2:$F$478,lot,2,FALSE),\"MANQUANT\")),\"\")","v":""},{"$f":"IF($C255=\"RM\",IF(ISNA(VLOOKUP($F$2:$F$478,pos,3,FALSE))=FALSE,VLOOKUP($F255:$F686,pos,3,FALSE),\"OP\"),\"\")","v":""},{"$f":"IF($C255=\"RM\",IF(ISNA(VLOOKUP($F255:$F$471,pos,4,FALSE))=FALSE,VLOOKUP($F$2:$F$471,pos,4,FALSE),\"\"),\"\")","v":""},{"$f":"IF($C255=\"RM\",IF(ISNA(VLOOKUP($F$2:$F$478,pos,5,FALSE))=FALSE,VLOOKUP($F$2:$F$478,pos,5,FALSE),IF(ISNA(VLOOKUP($F$2:$F$478,lot,5,FALSE))=FALSE,VLOOKUP($F$2:$F$478,lot,5,FALSE),0)),\"\")","v":""},{"$f":"IF($H255>0,VLOOKUP($D:$D,prix,15,FALSE),\"\")","v":6.5},{"$f":"IF($C255=\"RM\",$O255*$G255,\"\")","v":""},{"$f":"IF($H255>0,$H255*$P255,\"\")","v":260},null,{"$f":"IF($F255>0,VALUE(LEFT($F255,4)),\"\")","v":6176},{"$f":"IF(F255>0,IF(ISERROR(SEARCH(\"*FZ*\",$E255))=FALSE,\"FZ\",IF(ISERROR(SEARCH(\"*FR*\",$E255))=FALSE,\"FR\",\"Aucun\")),\"\")","v":"FR"},{"$f":"IF($C255=\"RM\",IF($U255=\"FR\",IF(ISNA(VLOOKUP($F:$F,lot,6,FALSE))=TRUE,VLOOKUP($T:$T,date,2,FALSE),VLOOKUP($F:$F,lot,6,FALSE)),\"\"),\"\")","v":""},{"$f":"IF($C255=\"RM\",IF($U255=\"Fz\",IF(ISNA(VLOOKUP($F:$F,lot,6,FALSE))=TRUE,VLOOKUP($T:$T,date,2,FALSE),VLOOKUP($F:$F,lot,6,FALSE)),\"\"),\"\")","v":""},{"$f":"IF($C255=\"FG\",VLOOKUP($A:$A,op,4,FALSE),\"\")","v":{"$error":"#N/A"}},"2016-04-26",{"$f":"IF(C255=\"rm\",IF(U255=\"aucun\",\"OK\",IF(U255=\"fz\",IF(Y255-W255>730,Y255-W255,\"OK\"),IF(Y255-V255<1,1,Y255-V255))),\"\")","v":""}]
["6176P0213 Total",null,null,null,null,null,{"$f":"SUBTOTAL(9,G254:G255)","v":40},{"$f":"SUBTOTAL(9,H254:H255)","v":40},null,null,null,null,null,null,null,null,{"$f":"SUBTOTAL(9,Q254:Q255)","v":248.97232596906588},{"$f":"SUBTOTAL(9,R254:R255)","v":260}]
["6176P0215","Chicken","RM",37004,"BONELESS CH.BREAST *IN PROCESS* FR @P","6176P0215",15,null,null,null,{"$f":"IF(ISNA(VLOOKUP($D:$D,rend,2,FALSE))=FALSE,VLOOKUP($D:$D,rend,2,FALSE),\"\")","v":0.80480511567184854},{"$f":"IF($C257=\"RM\",IF(ISNA(VLOOKUP($F$2:$F$478,pos,2,FALSE))=FALSE,VLOOKUP($F257:$F$478,pos,2,FALSE),IF(ISNA(VLOOKUP($F$2:$F$478,lot,2,FALSE))=FALSE,VLOOKUP($F$2:$F$478,lot,2,FALSE),\"MANQUANT\")),\"\")","v":"6176P02"},{"$f":"IF($C257=\"RM\",IF(ISNA(VLOOKUP($F$2:$F$478,pos,3,FALSE))=FALSE,VLOOKUP($F257:$F687,pos,3,FALSE),\"OP\"),\"\")","v":"OP"},{"$f":"IF($C257=\"RM\",IF(ISNA(VLOOKUP($F257:$F$471,pos,4,FALSE))=FALSE,VLOOKUP($F$2:$F$471,pos,4,FALSE),\"\"),\"\")","v":""},{"$f":"IF($C257=\"RM\",IF(ISNA(VLOOKUP($F$2:$F$478,pos,5,FALSE))=FALSE,VLOOKUP($F$2:$F$478,pos,5,FALSE),IF(ISNA(VLOOKUP($F$2:$F$478,lot,5,FALSE))=FALSE,VLOOKUP($F$2:$F$478,lot,5,FALSE),0)),\"\")","v":6.2243081492266468},{"$f":"IF($H257>0,VLOOKUP($D:$D,prix,15,FALSE),\"\")","v":""},{"$f":"IF($C257=\"RM\",$O257*$G257,\"\")","v":93.364622238399704},{"$f":"IF($H257>0,$H257*$P257,\"\")","v":""},null,{"$f":"IF($F257>0,VALUE(LEFT($F257,4)),\"\")","v":6176},{"$f":"IF(F257>0,IF(ISERROR(SEARCH(\"*FZ*\",$E257))=FALSE,\"FZ\",IF(ISERROR(SEARCH(\"*FR*\",$E257))=FALSE,\"FR\",\"Aucun\")),\"\")","v":"FR"},{"$f":"IF($C257=\"RM\",IF($U257=\"FR\",IF(ISNA(VLOOKUP($F:$F,lot,6,FALSE))=TRUE,VLOOKUP($T:$T,date,2,FALSE),VLOOKUP($F:$F,lot,6,FALSE)),\"\"),\"\")","v":"2016-04-22"},{"$f":"IF($C257=\"RM\",IF($U257=\"Fz\",IF(ISNA(VLOOKUP($F:$F,lot,6,FALSE))=TRUE,VLOOKUP($T:$T,date,2,FALSE),VLOOKUP($F:$F,lot,6,FALSE)),\"\"),\"\")","v":""},{"$f":"IF($C257=\"FG\",VLOOKUP($A:$A,op,4,FALSE),\"\")","v":""},"2016-04-26",{"$f":"IF(C257=\"rm\",IF(U257=\"aucun\",\"OK\",IF(U257=\"fz\",IF(Y257-W257>730,Y257-W257,\"OK\"),IF(Y257-V257<1,1,Y257-V257))),\"\")","v":4}]
["6176P0215","Chicken","FG",35721,"BONELESS CHICKEN BREAST BUTTERFLY BIG FR #D","6176P0221","",15,null,null,{"$f":"IF(ISNA(VLOOKUP($D:$D,rend,2,FALSE))=FALSE,VLOOKUP($D:$D,rend,2,FALSE),\"\")","v":0.73270192931405309},{"$f":"IF($C258=\"RM\",IF(ISNA(VLOOKUP($F$2:$F$478,pos,2,FALSE))=FALSE,VLOOKUP($F258:$F$478,pos,2,FALSE),IF(ISNA(VLOOKUP($F$2:$F$478,lot,2,FALSE))=FALSE,VLOOKUP($F$2:$F$478,lot,2,FALSE),\"MANQUANT\")),\"\")","v":""},{"$f":"IF($C258=\"RM\",IF(ISNA(VLOOKUP($F$2:$F$478,pos,3,FALSE))=FALSE,VLOOKUP($F258:$F688,pos,3,FALSE),\"OP\"),\"\")","v":""},{"$f":"IF($C258=\"RM\",IF(ISNA(VLOOKUP($F258:$F$471,pos,4,FALSE))=FALSE,VLOOKUP($F$2:$F$471,pos,4,FALSE),\"\"),\"\")","v":""},{"$f":"IF($C258=\"RM\",IF(ISNA(VLOOKUP($F$2:$F$478,pos,5,FALSE))=FALSE,VLOOKUP($F$2:$F$478,pos,5,FALSE),IF(ISNA(VLOOKUP($F$2:$F$478,lot,5,FALSE))=FALSE,VLOOKUP($F$2:$F$478,lot,5,FALSE),0)),\"\")","v":""},{"$f":"IF($H258>0,VLOOKUP($D:$D,prix,15,FALSE),\"\")","v":8.4},{"$f":"IF($C258=\"RM\",$O258*$G258,\"\")","v":""},{"$f":"IF($H258>0,$H258*$P258,\"\")","v":126},null,{"$f":"IF($F258>0,VALUE(LEFT($F258,4)),\"\")","v":6176},{"$f":"IF(F258>0,IF(ISERROR(SEARCH(\"*FZ*\",$E258))=FALSE,\"FZ\",IF(ISERROR(SEARCH(\"*FR*\",$E258))=FALSE,\"FR\",\"Aucun\")),\"\")","v":"FR"},{"$f":"IF($C258=\"RM\",IF($U258=\"FR\",IF(ISNA(VLOOKUP($F:$F,lot,6,FALSE))=TRUE,VLOOKUP($T:$T,date,2,FALSE),VLOOKUP($F:$F,lot,6,FALSE)),\"\"),\"\")","v":""},{"$f":"IF($C258=\"RM\",IF($U258=\"Fz\",IF(ISNA(VLOOKUP($F:$F,lot,6,FALSE))=TRUE,VLOOKUP($T:$T,date,2,FALSE),VLOOKUP($F:$F,lot,6,FALSE)),\"\"),\"\")","v":""},{"$f":"IF($C258=\"FG\",VLOOKUP($A:$A,op,4,FALSE),\"\")","v":{"$error":"#N/A"}},"2016-04-26",{"$f":"IF(C258=\"rm\",IF(U258=\"aucun\",\"OK\",IF(U258=\"fz\",IF(Y258-W258>730,Y258-W258,\"OK\"),IF(Y258-V258<1,1,Y258-V258))),\"\")","v":""}]
["6176P0215 Total",null,null,null,null,null,{"$f":"SUBTOTAL(9,G257:G258)","v":15},{"$f":"SUBTOTAL(9,H257:H258)","v":15},null,null,null,null,null,null,null,null,{"$f":"SUBTOTAL(9,Q257:Q258)","v":93.364622238399704},{"$f":"SUBTOTAL(9,R257:R258)","v":126}]
["6176P0215B","Chicken","RM",37004,"BONELESS CH.BREAST *IN PROCESS* FR @P","6176P0215",10,null,null,null,{"$f":"IF(ISNA(VLOOKUP($D:$D,rend,2,FALSE))=FALSE,VLOOKUP($D:$D,rend,2,FALSE),\"\")","v":0.80480511567184854},{"$f":"IF($C260=\"RM\",IF(ISNA(VLOOKUP($F$2:$F$478,pos,2,FALSE))=FALSE,VLOOKUP($F260:$F$478,pos,2,FALSE),IF(ISNA(VLOOKUP($F$2:$F$478,lot,2,FALSE))=FALSE,VLOOKUP($F$2:$F$478,lot,2,FALSE),\"MANQUANT\")),\"\")","v":"6176P02"},{"$f":"IF($C260=\"RM\",IF(ISNA(VLOOKUP($F$2:$F$478,pos,3,FALSE))=FALSE,VLOOKUP($F260:$F689,pos,3,FALSE),\"OP\"),\"\")","v":"OP"},{"$f":"IF($C260=\"RM\",IF(ISNA(VLOOKUP($F260:$F$471,pos,4,FALSE))=FALSE,VLOOKUP($F$2:$F$471,pos,4,FALSE),\"\"),\"\")","v":""},{"$f":"IF($C260=\"RM\",IF(ISNA(VLOOKUP($F$2:$F$478,pos,5,FALSE))=FALSE,VLOOKUP($F$2:$F$478,pos,5,FALSE),IF(ISNA(VLOOKUP($F$2:$F$478,lot,5,FALSE))=FALSE,VLOOKUP($F$2:$F$478,lot,5,FALSE),0)),\"\")","v":6.2243081492266468},{"$f":"IF($H260>0,VLOOKUP($D:$D,prix,15,FALSE),\"\")","v":""},{"$f":"IF($C260=\"RM\",$O260*$G260,\"\")","v":62.243081492266469},{"$f":"IF($H260>0,$H260*$P260,\"\")","v":""},null,{"$f":"IF($F260>0,VALUE(LEFT($F260,4)),\"\")","v":6176},{"$f":"IF(F260>0,IF(ISERROR(SEARCH(\"*FZ*\",$E260))=FALSE,\"FZ\",IF(ISERROR(SEARCH(\"*FR*\",$E260))=FALSE,\"FR\",\"Aucun\")),\"\")","v":"FR"},{"$f":"IF($C260=\"RM\",IF($U260=\"FR\",IF(ISNA(VLOOKUP($F:$F,lot,6,FALSE))=TRUE,VLOOKUP($T:$T,date,2,FALSE),VLOOKUP($F:$F,lot,6,FALSE)),\"\"),\"\")","v":"2016-04-22"},{"$f":"IF($C260=\"RM\",IF($U260=\"Fz\",IF(ISNA(VLOOKUP($F:$F,lot,6,FALSE))=TRUE,VLOOKUP($T:$T,date,2,FALSE),VLOOKUP($F:$F,lot,6,FALSE)),\"\"),\"\")","v":""},{"$f":"IF($C260=\"FG\",VLOOKUP($A:$A,op,4,FALSE),\"\")","v":""},"2016-04-26",{"$f":"IF(C260=\"rm\",IF(U260=\"aucun\",\"OK\",IF(U260=\"fz\",IF(Y260-W260>730,Y260-W260,\"OK\"),IF(Y260-V260<1,1,Y260-V260))),\"\")","v":4}]
["6176P0215B","Chicken","FG",35740,"BNLESS CHICKEN BREAST* PAPILLION**SMAL-MEDIUM FR @P","6176P0228","",10,null,null,{"$f":"IF(ISNA(VLOOKUP($D:$D,rend,2,FALSE))=FALSE,VLOOKUP($D:$D,rend,2,FALSE),\"\")","v":0.72026941335910277},{"$f":"IF($C261=\"RM\",IF(ISNA(VLOOKUP($F$2:$F$478,pos,2,FALSE))=FALSE,VLOOKUP($F261:$F$478,pos,2,FALSE),IF(ISNA(VLOOKUP($F$2:$F$478,lot,2,FALSE))=FALSE,VLOOKUP($F$2:$F$478,lot,2,FALSE),\"MANQUANT\")),\"\")","v":""},{"$f":"IF($C261=\"RM\",IF(ISNA(VLOOKUP($F$2:$F$478,pos,3,FALSE))=FALSE,VLOOKUP($F261:$F690,pos,3,FALSE),\"OP\"),\"\")","v":""},{"$f":"IF($C261=\"RM\",IF(ISNA(VLOOKUP($F261:$F$471,pos,4,FALSE))=FALSE,VLOOKUP($F$2:$F$471,pos,4,FALSE),\"\"),\"\")","v":""},{"$f":"IF($C261=\"RM\",IF(ISNA(VLOOKUP($F$2:$F$478,pos,5,FALSE))=FALSE,VLOOKUP($F$2:$F$478,pos,5,FALSE),IF(ISNA(VLOOKUP($F$2:$F$478,lot,5,FALSE))=FALSE,VLOOKUP($F$2:$F$478,lot,5,FALSE),0)),\"\")","v":""},{"$f":"IF($H261>0,VLOOKUP($D:$D,prix,15,FALSE),\"\")","v":8.75},{"$f":"IF($C261=\"RM\",$O261*$G261,\"\")","v":""},{"$f":"IF($H261>0,$H261*$P261,\"\")","v":87.5},null,{"$f":"IF($F261>0,VALUE(LEFT($F261,4)),\"\")","v":6176},{"$f":"IF(F261>0,IF(ISERROR(SEARCH(\"*FZ*\",$E261))=FALSE,\"FZ\",IF(ISERROR(SEARCH(\"*FR*\",$E261))=FALSE,\"FR\",\"Aucun\")),\"\")","v":"FR"},{"$f":"IF($C261=\"RM\",IF($U261=\"FR\",IF(ISNA(VLOOKUP($F:$F,lot,6,FALSE))=TRUE,VLOOKUP($T:$T,date,2,FALSE),VLOOKUP($F:$F,lot,6,FALSE)),\"\"),\"\")","v":""},{"$f":"IF($C261=\"RM\",IF($U261=\"Fz\",IF(ISNA(VLOOKUP($F:$F,lot,6,FALSE))=TRUE,VLOOKUP($T:$T,date,2,FALSE),VLOOKUP($F:$F,lot,6,FALSE)),\"\"),\"\")","v":""},{"$f":"IF($C261=\"FG\",VLOOKUP($A:$A,op,4,FALSE),\"\")","v":{"$error":"#N/A"}},"2016-04-26",{"$f":"IF(C261=\"rm\",IF(U261=\"aucun\",\"OK\",IF(U261=\"fz\",IF(Y261-W261>730,Y261-W261,\"OK\"),IF(Y261-V261<1,1,Y261-V261))),\"\")","v":""}]
["6176P0215B Total",null,null,null,null,null,{"$f":"SUBTOTAL(9,G260:G261)","v":10},{"$f":"SUBTOTAL(9,H260:H261)","v":10},null,null,null,null,null,null,null,null,{"$f":"SUBTOTAL(9,Q260:Q261)","v":62.243081492266469},{"$f":"SUBTOTAL(9,R260:R261)","v":87.5}]
["6176P0217","Chicken","RM",37002,"CHICKEN *IN PROCESS* 7 OZ CODE: 36704,35777,35747 FR @P","6176P0217",65,null,null,null,{"$f":"IF(ISNA(VLOOKUP($D:$D,rend,2,FALSE))=FALSE,VLOOKUP($D:$D,rend,2,FALSE),\"\")","v":0.78309963630295676},{"$f":"IF($C263=\"RM\",IF(ISNA(VLOOKUP($F$2:$F$478,pos,2,FALSE))=FALSE,VLOOKUP($F263:$F$478,pos,2,FALSE),IF(ISNA(VLOOKUP($F$2:$F$478,lot,2,FALSE))=FALSE,VLOOKUP($F$2:$F$478,lot,2,FALSE),\"MANQUANT\")),\"\")","v":"6176P02"},{"$f":"IF($C263=\"RM\",IF(ISNA(VLOOKUP($F$2:$F$478,pos,3,FALSE))=FALSE,VLOOKUP($F263:$F691,pos,3,FALSE),\"OP\"),\"\")","v":"OP"},{"$f":"IF($C263=\"RM\",IF(ISNA(VLOOKUP($F263:$F$471,pos,4,FALSE))=FALSE,VLOOKUP($F$2:$F$471,pos,4,FALSE),\"\"),\"\")","v":""},{"$f":"IF($C263=\"RM\",IF(ISNA(VLOOKUP($F$2:$F$478,pos,5,FALSE))=FALSE,VLOOKUP($F$2:$F$478,pos,5,FALSE),IF(ISNA(VLOOKUP($F$2:$F$478,lot,5,FALSE))=FALSE,VLOOKUP($F$2:$F$478,lot,5,FALSE),0)),\"\")","v":6.2243081492266468},{"$f":"IF($H263>0,VLOOKUP($D:$D,prix,15,FALSE),\"\")","v":""},{"$f":"IF($C263=\"RM\",$O263*$G263,\"\")","v":404.58002969973205},{"$f":"IF($H263>0,$H263*$P263,\"\")","v":""},null,{"$f":"IF($F263>0,VALUE(LEFT($F263,4)),\"\")","v":6176},{"$f":"IF(F263>0,IF(ISERROR(SEARCH(\"*FZ*\",$E263))=FALSE,\"FZ\",IF(ISERROR(SEARCH(\"*FR*\",$E263))=FALSE,\"FR\",\"Aucun\")),\"\")","v":"FR"},{"$f":"IF($C263=\"RM\",IF($U263=\"FR\",IF(ISNA(VLOOKUP($F:$F,lot,6,FALSE))=TRUE,VLOOKUP($T:$T,date,2,FALSE),VLOOKUP($F:$F,lot,6,FALSE)),\"\"),\"\")","v":"2016-04-22"},{"$f":"IF($C263=\"RM\",IF($U263=\"Fz\",IF(ISNA(VLOOKUP($F:$F,lot,6,FALSE))=TRUE,VLOOKUP($T:$T,date,2,FALSE),VLOOKUP($F:$F,lot,6,FALSE)),\"\"),\"\")","v":""},{"$f":"IF($C263=\"FG\",VLOOKUP($A:$A,op,4,FALSE),\"\")","v":""},"2016-04-26",{"$f":"IF(C263=\"rm\",IF(U263=\"aucun\",\"OK\",IF(U263=\"fz\",IF(Y263-W263>730,Y263-W263,\"OK\"),IF(Y263-V263<1,1,Y263-V263))),\"\")","v":4}]
["6176P0217","Chicken","FG",36704,"CH.FILET*NF*CUT/2*F.TRIM*7ONC ***ALIMPLUS***FR @P","6176P0220","",65,null,null,{"$f":"IF(ISNA(VLOOKUP($D:$D,rend,2,FALSE))=FALSE,VLOOKUP($D:$D,rend,2,FALSE),\"\")","v":0.80079207353180992},{"$f":"IF($C264=\"RM\",IF(ISNA(VLOOKUP($F$2:$F$478,pos,2,FALSE))=FALSE,VLOOKUP($F264:$F$478,pos,2,FALSE),IF(ISNA(VLOOKUP($F$2:$F$478,lot,2,FALSE))=FALSE,VLOOKUP($F$2:$F$478,lot,2,FALSE),\"MANQUANT\")),\"\")","v":""},{"$f":"IF($C264=\"RM\",IF(ISNA(VLOOKUP($F$2:$F$478,pos,3,FALSE))=FALSE,VLOOKUP($F264:$F692,pos,3,FALSE),\"OP\"),\"\")","v":""},{"$f":"IF($C264=\"RM\",IF(ISNA(VLOOKUP($F264:$F$471,pos,4,FALSE))=FALSE,VLOOKUP($F$2:$F$471,pos,4,FALSE),\"\"),\"\")","v":""},{"$f":"IF($C264=\"RM\",IF(ISNA(VLOOKUP($F$2:$F$478,pos,5,FALSE))=FALSE,VLOOKUP($F$2:$F$478,pos,5,FALSE),IF(ISNA(VLOOKUP($F$2:$F$478,lot,5,FALSE))=FALSE,VLOOKUP($F$2:$F$478,lot,5,FALSE),0)),\"\")","v":""},{"$f":"IF($H264>0,VLOOKUP($D:$D,prix,15,FALSE),\"\")","v":9.75},{"$f":"IF($C264=\"RM\",$O264*$G264,\"\")","v":""},{"$f":"IF($H264>0,$H264*$P264,\"\")","v":633.75},null,{"$f":"IF($F264>0,VALUE(LEFT($F264,4)),\"\")","v":6176},{"$f":"IF(F264>0,IF(ISERROR(SEARCH(\"*FZ*\",$E264))=FALSE,\"FZ\",IF(ISERROR(SEARCH(\"*FR*\",$E264))=FALSE,\"FR\",\"Aucun\")),\"\")","v":"FR"},{"$f":"IF($C264=\"RM\",IF($U264=\"FR\",IF(ISNA(VLOOKUP($F:$F,lot,6,FALSE))=TRUE,VLOOKUP($T:$T,date,2,FALSE),VLOOKUP($F:$F,lot,6,FALSE)),\"\"),\"\")","v":""},{"$f":"IF($C264=\"RM\",IF($U264=\"Fz\",IF(ISNA(VLOOKUP($F:$F,lot,6,FALSE))=TRUE,VLOOKUP($T:$T,date,2,FALSE),VLOOKUP($F:$F,lot,6,FALSE)),\"\"),\"\")","v":""},{"$f":"IF($C264=\"FG\",VLOOKUP($A:$A,op,4,FALSE),\"\")","v":{"$error":"#N/A"}},"2016-04-26",{"$f":"IF(C264=\"rm\",IF(U264=\"aucun\",\"OK\",IF(U264=\"fz\",IF(Y264-W264>730,Y264-W264,\"OK\"),IF(Y264-V264<1,1,Y264-V264))),\"\")","v":""}]
["6176P0217 Total",null,null,null,null,null,{"$f":"SUBTOTAL(9,G263:G264)","v":65},{"$f":"SUBTOTAL(9,H263:H264)","v":65},null,null,null,null,null,null,null,null,{"$f":"SUBTOTAL(9,Q263:Q264)","v":404.58002969973205},{"$f":"SUBTOTAL(9,R263:R264)","v":633.75}]
["6176P03","Chicken","RM",35008,"CHICKEN THIGHS WHOLE FR #D","6176P03",1744.47,null,null,null,{"$f":"IF(ISNA(VLOOKUP($D:$D,rend,2,FALSE))=FALSE,VLOOKUP($D:$D,rend,2,FALSE),\"\")","v":0.64157183005905072},{"$f":"IF($C266=\"RM\",IF(ISNA(VLOOKUP($F$2:$F$478,pos,2,FALSE))=FALSE,VLOOKUP($F266:$F$478,pos,2,FALSE),IF(ISNA(VLOOKUP($F$2:$F$478,lot,2,FALSE))=FALSE,VLOOKUP($F$2:$F$478,lot,2,FALSE),\"MANQUANT\")),\"\")","v":"MANQUANT"},{"$f":"IF($C266=\"RM\",IF(ISNA(VLOOKUP($F$2:$F$478,pos,3,FALSE))=FALSE,VLOOKUP($F266:$F693,pos,3,FALSE),\"OP\"),\"\")","v":"OP"},{"$f":"IF($C266=\"RM\",IF(ISNA(VLOOKUP($F266:$F$471,pos,4,FALSE))=FALSE,VLOOKUP($F$2:$F$471,pos,4,FALSE),\"\"),\"\")","v":""},{"$f":"IF($C266=\"RM\",IF(ISNA(VLOOKUP($F$2:$F$478,pos,5,FALSE))=FALSE,VLOOKUP($F$2:$F$478,pos,5,FALSE),IF(ISNA(VLOOKUP($F$2:$F$478,lot,5,FALSE))=FALSE,VLOOKUP($F$2:$F$478,lot,5,FALSE),0)),\"\")","v":0},{"$f":"IF($H266>0,VLOOKUP($D:$D,prix,15,FALSE),\"\")","v":""},{"$f":"IF($C266=\"RM\",$O266*$G266,\"\")","v":0},{"$f":"IF($H266>0,$H266*$P266,\"\")","v":""},null,{"$f":"IF($F266>0,VALUE(LEFT($F266,4)),\"\")","v":6176},{"$f":"IF(F266>0,IF(ISERROR(SEARCH(\"*FZ*\",$E266))=FALSE,\"FZ\",IF(ISERROR(SEARCH(\"*FR*\",$E266))=FALSE,\"FR\",\"Aucun\")),\"\")","v":"FR"},{"$f":"IF($C266=\"RM\",IF($U266=\"FR\",IF(ISNA(VLOOKUP($F:$F,lot,6,FALSE))=TRUE,VLOOKUP($T:$T,date,2,FALSE),VLOOKUP($F:$F,lot,6,FALSE)),\"\"),\"\")","v":"2016-04-22"},{"$f":"IF($C266=\"RM\",IF($U266=\"Fz\",IF(ISNA(VLOOKUP($F:$F,lot,6,FALSE))=TRUE,VLOOKUP($T:$T,date,2,FALSE),VLOOKUP($F:$F,lot,6,FALSE)),\"\"),\"\")","v":""},{"$f":"IF($C266=\"FG\",VLOOKUP($A:$A,op,4,FALSE),\"\")","v":""},"2016-04-26",{"$f":"IF(C266=\"rm\",IF(U266=\"aucun\",\"OK\",IF(U266=\"fz\",IF(Y266-W266>730,Y266-W266,\"OK\"),IF(Y266-V266<1,1,Y266-V266))),\"\")","v":4}]
["6176P03","Chicken","FG",35824,"CHICKEN THIGHS BONELESS FR @P","6176P033","",1085,null,null,{"$f":"IF(ISNA(VLOOKUP($D:$D,rend,2,FALSE))=FALSE,VLOOKUP($D:$D,rend,2,FALSE),\"\")","v":0.68052333911271923},{"$f":"IF($C267=\"RM\",IF(ISNA(VLOOKUP($F$2:$F$478,pos,2,FALSE))=FALSE,VLOOKUP($F267:$F$478,pos,2,FALSE),IF(ISNA(VLOOKUP($F$2:$F$478,lot,2,FALSE))=FALSE,VLOOKUP($F$2:$F$478,lot,2,FALSE),\"MANQUANT\")),\"\")","v":""},{"$f":"IF($C267=\"RM\",IF(ISNA(VLOOKUP($F$2:$F$478,pos,3,FALSE))=FALSE,VLOOKUP($F267:$F694,pos,3,FALSE),\"OP\"),\"\")","v":""},{"$f":"IF($C267=\"RM\",IF(ISNA(VLOOKUP($F267:$F$471,pos,4,FALSE))=FALSE,VLOOKUP($F$2:$F$471,pos,4,FALSE),\"\"),\"\")","v":""},{"$f":"IF($C267=\"RM\",IF(ISNA(VLOOKUP($F$2:$F$478,pos,5,FALSE))=FALSE,VLOOKUP($F$2:$F$478,pos,5,FALSE),IF(ISNA(VLOOKUP($F$2:$F$478,lot,5,FALSE))=FALSE,VLOOKUP($F$2:$F$478,lot,5,FALSE),0)),\"\")","v":""},{"$f":"IF($H267>0,VLOOKUP($D:$D,prix,15,FALSE),\"\")","v":6.75},{"$f":"IF($C267=\"RM\",$O267*$G267,\"\")","v":""},{"$f":"IF($H267>0,$H267*$P267,\"\")","v":7323.75},null,{"$f":"IF($F267>0,VALUE(LEFT($F267,4)),\"\")","v":6176},{"$f":"IF(F267>0,IF(ISERROR(SEARCH(\"*FZ*\",$E267))=FALSE,\"FZ\",IF(ISERROR(SEARCH(\"*FR*\",$E267))=FALSE,\"FR\",\"Aucun\")),\"\")","v":"FR"},{"$f":"IF($C267=\"RM\",IF($U267=\"FR\",IF(ISNA(VLOOKUP($F:$F,lot,6,FALSE))=TRUE,VLOOKUP($T:$T,date,2,FALSE),VLOOKUP($F:$F,lot,6,FALSE)),\"\"),\"\")","v":""},{"$f":"IF($C267=\"RM\",IF($U267=\"Fz\",IF(ISNA(VLOOKUP($F:$F,lot,6,FALSE))=TRUE,VLOOKUP($T:$T,date,2,FALSE),VLOOKUP($F:$F,lot,6,FALSE)),\"\"),\"\")","v":""},{"$f":"IF($C267=\"FG\",VLOOKUP($A:$A,op,4,FALSE),\"\")","v":"2016-04-22"},"2016-04-26",{"$f":"IF(C267=\"rm\",IF(U267=\"aucun\",\"OK\",IF(U267=\"fz\",IF(Y267-W267>730,Y267-W267,\"OK\"),IF(Y267-V267<1,1,Y267-V267))),\"\")","v":""}]
["6176P03","Chicken","FG",35824,"CHICKEN THIGHS BONELESS FR @P","6176P034","",52.8,null,null,{"$f":"IF(ISNA(VLOOKUP($D:$D,rend,2,FALSE))=FALSE,VLOOKUP($D:$D,rend,2,FALSE),\"\")","v":0.68052333911271923},{"$f":"IF($C268=\"RM\",IF(ISNA(VLOOKUP($F$2:$F$478,pos,2,FALSE))=FALSE,VLOOKUP($F268:$F$478,pos,2,FALSE),IF(ISNA(VLOOKUP($F$2:$F$478,lot,2,FALSE))=FALSE,VLOOKUP($F$2:$F$478,lot,2,FALSE),\"MANQUANT\")),\"\")","v":""},{"$f":"IF($C268=\"RM\",IF(ISNA(VLOOKUP($F$2:$F$478,pos,3,FALSE))=FALSE,VLOOKUP($F268:$F695,pos,3,FALSE),\"OP\"),\"\")","v":""},{"$f":"IF($C268=\"RM\",IF(ISNA(VLOOKUP($F268:$F$471,pos,4,FALSE))=FALSE,VLOOKUP($F$2:$F$471,pos,4,FALSE),\"\"),\"\")","v":""},{"$f":"IF($C268=\"RM\",IF(ISNA(VLOOKUP($F$2:$F$478,pos,5,FALSE))=FALSE,VLOOKUP($F$2:$F$478,pos,5,FALSE),IF(ISNA(VLOOKUP($F$2:$F$478,lot,5,FALSE))=FALSE,VLOOKUP($F$2:$F$478,lot,5,FALSE),0)),\"\")","v":""},{"$f":"IF($H268>0,VLOOKUP($D:$D,prix,15,FALSE),\"\")","v":6.75},{"$f":"IF($C268=\"RM\",$O268*$G268,\"\")","v":""},{"$f":"IF($H268>0,$H268*$P268,\"\")","v":356.4},null,{"$f":"IF($F268>0,VALUE(LEFT($F268,4)),\"\")","v":6176},{"$f":"IF(F268>0,IF(ISERROR(SEARCH(\"*FZ*\",$E268))=FALSE,\"FZ\",IF(ISERROR(SEARCH(\"*FR*\",$E268))=FALSE,\"FR\",\"Aucun\")),\"\")","v":"FR"},{"$f":"IF($C268=\"RM\",IF($U268=\"FR\",IF(ISNA(VLOOKUP($F:$F,lot,6,FALSE))=TRUE,VLOOKUP($T:$T,date,2,FALSE),VLOOKUP($F:$F,lot,6,FALSE)),\"\"),\"\")","v":""},{"$f":"IF($C268=\"RM\",IF($U268=\"Fz\",IF(ISNA(VLOOKUP($F:$F,lot,6,FALSE))=TRUE,VLOOKUP($T:$T,date,2,FALSE),VLOOKUP($F:$F,lot,6,FALSE)),\"\"),\"\")","v":""},{"$f":"IF($C268=\"FG\",VLOOKUP($A:$A,op,4,FALSE),\"\")","v":"2016-04-22"},"2016-04-26",{"$f":"IF(C268=\"rm\",IF(U268=\"aucun\",\"OK\",IF(U268=\"fz\",IF(Y268-W268>730,Y268-W268,\"OK\"),IF(Y268-V268<1,1,Y268-V268))),\"\")","v":""}]
["6176P03","Chicken","FG",35008,"CHICKEN THIGHS WHOLE FR #D","6176P035","",6.05,null,null,{"$f":"IF(ISNA(VLOOKUP($D:$D,rend,2,FALSE))=FALSE,VLOOKUP($D:$D,rend,2,FALSE),\"\")","v":0.64157183005905072},{"$f":"IF($C269=\"RM\",IF(ISNA(VLOOKUP($F$2:$F$478,pos,2,FALSE))=FALSE,VLOOKUP($F269:$F$478,pos,2,FALSE),IF(ISNA(VLOOKUP($F$2:$F$478,lot,2,FALSE))=FALSE,VLOOKUP($F$2:$F$478,lot,2,FALSE),\"MANQUANT\")),\"\")","v":""},{"$f":"IF($C269=\"RM\",IF(ISNA(VLOOKUP($F$2:$F$478,pos,3,FALSE))=FALSE,VLOOKUP($F269:$F696,pos,3,FALSE),\"OP\"),\"\")","v":""},{"$f":"IF($C269=\"RM\",IF(ISNA(VLOOKUP($F269:$F$471,pos,4,FALSE))=FALSE,VLOOKUP($F$2:$F$471,pos,4,FALSE),\"\"),\"\")","v":""},{"$f":"IF($C269=\"RM\",IF(ISNA(VLOOKUP($F$2:$F$478,pos,5,FALSE))=FALSE,VLOOKUP($F$2:$F$478,pos,5,FALSE),IF(ISNA(VLOOKUP($F$2:$F$478,lot,5,FALSE))=FALSE,VLOOKUP($F$2:$F$478,lot,5,FALSE),0)),\"\")","v":""},{"$f":"IF($H269>0,VLOOKUP($D:$D,prix,15,FALSE),\"\")","v":3.85},{"$f":"IF($C269=\"RM\",$O269*$G269,\"\")","v":""},{"$f":"IF($H269>0,$H269*$P269,\"\")","v":23.2925},null,{"$f":"IF($F269>0,VALUE(LEFT($F269,4)),\"\")","v":6176},{"$f":"IF(F269>0,IF(ISERROR(SEARCH(\"*FZ*\",$E269))=FALSE,\"FZ\",IF(ISERROR(SEARCH(\"*FR*\",$E269))=FALSE,\"FR\",\"Aucun\")),\"\")","v":"FR"},{"$f":"IF($C269=\"RM\",IF($U269=\"FR\",IF(ISNA(VLOOKUP($F:$F,lot,6,FALSE))=TRUE,VLOOKUP($T:$T,date,2,FALSE),VLOOKUP($F:$F,lot,6,FALSE)),\"\"),\"\")","v":""},{"$f":"IF($C269=\"RM\",IF($U269=\"Fz\",IF(ISNA(VLOOKUP($F:$F,lot,6,FALSE))=TRUE,VLOOKUP($T:$T,date,2,FALSE),VLOOKUP($F:$F,lot,6,FALSE)),\"\"),\"\")","v":""},{"$f":"IF($C269=\"FG\",VLOOKUP($A:$A,op,4,FALSE),\"\")","v":"2016-04-22"},"2016-04-26",{"$f":"IF(C269=\"rm\",IF(U269=\"aucun\",\"OK\",IF(U269=\"fz\",IF(Y269-W269>730,Y269-W269,\"OK\"),IF(Y269-V269<1,1,Y269-V269))),\"\")","v":""}]
["6176P03","Chicken","FG",35827,"CHICKEN THIGHS BONELESS FULL TRIM FR @P","6176P036","",24.16,null,null,{"$f":"IF(ISNA(VLOOKUP($D:$D,rend,2,FALSE))=FALSE,VLOOKUP($D:$D,rend,2,FALSE),\"\")","v":0.60682427966560448},{"$f":"IF($C270=\"RM\",IF(ISNA(VLOOKUP($F$2:$F$478,pos,2,FALSE))=FALSE,VLOOKUP($F270:$F$478,pos,2,FALSE),IF(ISNA(VLOOKUP($F$2:$F$478,lot,2,FALSE))=FALSE,VLOOKUP($F$2:$F$478,lot,2,FALSE),\"MANQUANT\")),\"\")","v":""},{"$f":"IF($C270=\"RM\",IF(ISNA(VLOOKUP($F$2:$F$478,pos,3,FALSE))=FALSE,VLOOKUP($F270:$F697,pos,3,FALSE),\"OP\"),\"\")","v":""},{"$f":"IF($C270=\"RM\",IF(ISNA(VLOOKUP($F270:$F$471,pos,4,FALSE))=FALSE,VLOOKUP($F$2:$F$471,pos,4,FALSE),\"\"),\"\")","v":""},{"$f":"IF($C270=\"RM\",IF(ISNA(VLOOKUP($F$2:$F$478,pos,5,FALSE))=FALSE,VLOOKUP($F$2:$F$478,pos,5,FALSE),IF(ISNA(VLOOKUP($F$2:$F$478,lot,5,FALSE))=FALSE,VLOOKUP($F$2:$F$478,lot,5,FALSE),0)),\"\")","v":""},{"$f":"IF($H270>0,VLOOKUP($D:$D,prix,15,FALSE),\"\")","v":8.15},{"$f":"IF($C270=\"RM\",$O270*$G270,\"\")","v":""},{"$f":"IF($H270>0,$H270*$P270,\"\")","v":196.904},null,{"$f":"IF($F270>0,VALUE(LEFT($F270,4)),\"\")","v":6176},{"$f":"IF(F270>0,IF(ISERROR(SEARCH(\"*FZ*\",$E270))=FALSE,\"FZ\",IF(ISERROR(SEARCH(\"*FR*\",$E270))=FALSE,\"FR\",\"Aucun\")),\"\")","v":"FR"},{"$f":"IF($C270=\"RM\",IF($U270=\"FR\",IF(ISNA(VLOOKUP($F:$F,lot,6,FALSE))=TRUE,VLOOKUP($T:$T,date,2,FALSE),VLOOKUP($F:$F,lot,6,FALSE)),\"\"),\"\")","v":""},{"$f":"IF($C270=\"RM\",IF($U270=\"Fz\",IF(ISNA(VLOOKUP($F:$F,lot,6,FALSE))=TRUE,VLOOKUP($T:$T,date,2,FALSE),VLOOKUP($F:$F,lot,6,FALSE)),\"\"),\"\")","v":""},{"$f":"IF($C270=\"FG\",VLOOKUP($A:$A,op,4,FALSE),\"\")","v":"2016-04-22"},"2016-04-26",{"$f":"IF(C270=\"rm\",IF(U270=\"aucun\",\"OK\",IF(U270=\"fz\",IF(Y270-W270>730,Y270-W270,\"OK\"),IF(Y270-V270<1,1,Y270-V270))),\"\")","v":""}]
["6176P03 Total",null,null,null,null,null,{"$f":"SUBTOTAL(9,G266:G270)","v":1744.47},{"$f":"SUBTOTAL(9,H266:H270)","v":1168.01},null,null,null,null,null,null,null,null,{"$f":"SUBTOTAL(9,Q266:Q270)","v":0},{"$f":"SUBTOTAL(9,R266:R270)","v":7900.3464999999997}]
["6176P036","Chicken","RM",1,"ING EAU","5166AS",2.71,null,null,null,{"$f":"IF(ISNA(VLOOKUP($D:$D,rend,2,FALSE))=FALSE,VLOOKUP($D:$D,rend,2,FALSE),\"\")","v":""},{"$f":"IF($C272=\"RM\",IF(ISNA(VLOOKUP($F$2:$F$478,pos,2,FALSE))=FALSE,VLOOKUP($F272:$F$478,pos,2,FALSE),IF(ISNA(VLOOKUP($F$2:$F$478,lot,2,FALSE))=FALSE,VLOOKUP($F$2:$F$478,lot,2,FALSE),\"MANQUANT\")),\"\")","v":"Aucun"},{"$f":"IF($C272=\"RM\",IF(ISNA(VLOOKUP($F$2:$F$478,pos,3,FALSE))=FALSE,VLOOKUP($F272:$F698,pos,3,FALSE),\"OP\"),\"\")","v":"Aucun"},{"$f":"IF($C272=\"RM\",IF(ISNA(VLOOKUP($F272:$F$471,pos,4,FALSE))=FALSE,VLOOKUP($F$2:$F$471,pos,4,FALSE),\"\"),\"\")","v":0},{"$f":"IF($C272=\"RM\",IF(ISNA(VLOOKUP($F$2:$F$478,pos,5,FALSE))=FALSE,VLOOKUP($F$2:$F$478,pos,5,FALSE),IF(ISNA(VLOOKUP($F$2:$F$478,lot,5,FALSE))=FALSE,VLOOKUP($F$2:$F$478,lot,5,FALSE),0)),\"\")","v":0},{"$f":"IF($H272>0,VLOOKUP($D:$D,prix,15,FALSE),\"\")","v":""},{"$f":"IF($C272=\"RM\",$O272*$G272,\"\")","v":0},{"$f":"IF($H272>0,$H272*$P272,\"\")","v":""},null,{"$f":"IF($F272>0,VALUE(LEFT($F272,4)),\"\")","v":5166},{"$f":"IF(F272>0,IF(ISERROR(SEARCH(\"*FZ*\",$E272))=FALSE,\"FZ\",IF(ISERROR(SEARCH(\"*FR*\",$E272))=FALSE,\"FR\",\"Aucun\")),\"\")","v":"Aucun"},{"$f":"IF($C272=\"RM\",IF($U272=\"FR\",IF(ISNA(VLOOKUP($F:$F,lot,6,FALSE))=TRUE,VLOOKUP($T:$T,date,2,FALSE),VLOOKUP($F:$F,lot,6,FALSE)),\"\"),\"\")","v":""},{"$f":"IF($C272=\"RM\",IF($U272=\"Fz\",IF(ISNA(VLOOKUP($F:$F,lot,6,FALSE))=TRUE,VLOOKUP($T:$T,date,2,FALSE),VLOOKUP($F:$F,lot,6,FALSE)),\"\"),\"\")","v":""},{"$f":"IF($C272=\"FG\",VLOOKUP($A:$A,op,4,FALSE),\"\")","v":""},"2016-04-26",{"$f":"IF(C272=\"rm\",IF(U272=\"aucun\",\"OK\",IF(U272=\"fz\",IF(Y272-W272>730,Y272-W272,\"OK\"),IF(Y272-V272<1,1,Y272-V272))),\"\")","v":"OK"}]
["6176P036","Chicken","RM",129,"EMB FLEXO F8149 / 26012 (LOBLAW) / ETIQUETTE HAUT CUISSE","5325EM02",24,null,null,null,{"$f":"IF(ISNA(VLOOKUP($D:$D,rend,2,FALSE))=FALSE,VLOOKUP($D:$D,rend,2,FALSE),\"\")","v":""},{"$f":"IF($C273=\"RM\",IF(ISNA(VLOOKUP($F$2:$F$478,pos,2,FALSE))=FALSE,VLOOKUP($F273:$F$478,pos,2,FALSE),IF(ISNA(VLOOKUP($F$2:$F$478,lot,2,FALSE))=FALSE,VLOOKUP($F$2:$F$478,lot,2,FALSE),\"MANQUANT\")),\"\")","v":"PO-0019989"},{"$f":"IF($C273=\"RM\",IF(ISNA(VLOOKUP($F$2:$F$478,pos,3,FALSE))=FALSE,VLOOKUP($F273:$F699,pos,3,FALSE),\"OP\"),\"\")","v":"FLEXO"},{"$f":"IF($C273=\"RM\",IF(ISNA(VLOOKUP($F273:$F$471,pos,4,FALSE))=FALSE,VLOOKUP($F$2:$F$471,pos,4,FALSE),\"\"),\"\")","v":10670},{"$f":"IF($C273=\"RM\",IF(ISNA(VLOOKUP($F$2:$F$478,pos,5,FALSE))=FALSE,VLOOKUP($F$2:$F$478,pos,5,FALSE),IF(ISNA(VLOOKUP($F$2:$F$478,lot,5,FALSE))=FALSE,VLOOKUP($F$2:$F$478,lot,5,FALSE),0)),\"\")","v":2.5999999999999999E-2},{"$f":"IF($H273>0,VLOOKUP($D:$D,prix,15,FALSE),\"\")","v":""},{"$f":"IF($C273=\"RM\",$O273*$G273,\"\")","v":0.624},{"$f":"IF($H273>0,$H273*$P273,\"\")","v":""},null,{"$f":"IF($F273>0,VALUE(LEFT($F273,4)),\"\")","v":5325},{"$f":"IF(F273>0,IF(ISERROR(SEARCH(\"*FZ*\",$E273))=FALSE,\"FZ\",IF(ISERROR(SEARCH(\"*FR*\",$E273))=FALSE,\"FR\",\"Aucun\")),\"\")","v":"Aucun"},{"$f":"IF($C273=\"RM\",IF($U273=\"FR\",IF(ISNA(VLOOKUP($F:$F,lot,6,FALSE))=TRUE,VLOOKUP($T:$T,date,2,FALSE),VLOOKUP($F:$F,lot,6,FALSE)),\"\"),\"\")","v":""},{"$f":"IF($C273=\"RM\",IF($U273=\"Fz\",IF(ISNA(VLOOKUP($F:$F,lot,6,FALSE))=TRUE,VLOOKUP($T:$T,date,2,FALSE),VLOOKUP($F:$F,lot,6,FALSE)),\"\"),\"\")","v":""},{"$f":"IF($C273=\"FG\",VLOOKUP($A:$A,op,4,FALSE),\"\")","v":""},"2016-04-26",{"$f":"IF(C273=\"rm\",IF(U273=\"aucun\",\"OK\",IF(U273=\"fz\",IF(Y273-W273>730,Y273-W273,\"OK\"),IF(Y273-V273<1,1,Y273-V273))),\"\")","v":"OK"}]
["6176P036","Chicken","RM",108,"EMB ALIMENTS QUEBEC / ETIQUETTE ALIMENTS DU QUEBEC (LOBLAW)","5525EM01",24,null,null,null,{"$f":"IF(ISNA(VLOOKUP($D:$D,rend,2,FALSE))=FALSE,VLOOKUP($D:$D,rend,2,FALSE),\"\")","v":""},{"$f":"IF($C274=\"RM\",IF(ISNA(VLOOKUP($F$2:$F$478,pos,2,FALSE))=FALSE,VLOOKUP($F274:$F$478,pos,2,FALSE),IF(ISNA(VLOOKUP($F$2:$F$478,lot,2,FALSE))=FALSE,VLOOKUP($F$2:$F$478,lot,2,FALSE),\"MANQUANT\")),\"\")","v":"PO-0020950"},{"$f":"IF($C274=\"RM\",IF(ISNA(VLOOKUP($F$2:$F$478,pos,3,FALSE))=FALSE,VLOOKUP($F274:$F700,pos,3,FALSE),\"OP\"),\"\")","v":"CPAQ"},{"$f":"IF($C274=\"RM\",IF(ISNA(VLOOKUP($F274:$F$471,pos,4,FALSE))=FALSE,VLOOKUP($F$2:$F$471,pos,4,FALSE),\"\"),\"\")","v":40000},{"$f":"IF($C274=\"RM\",IF(ISNA(VLOOKUP($F$2:$F$478,pos,5,FALSE))=FALSE,VLOOKUP($F$2:$F$478,pos,5,FALSE),IF(ISNA(VLOOKUP($F$2:$F$478,lot,5,FALSE))=FALSE,VLOOKUP($F$2:$F$478,lot,5,FALSE),0)),\"\")","v":2.1000000000000001E-2},{"$f":"IF($H274>0,VLOOKUP($D:$D,prix,15,FALSE),\"\")","v":""},{"$f":"IF($C274=\"RM\",$O274*$G274,\"\")","v":0.504},{"$f":"IF($H274>0,$H274*$P274,\"\")","v":""},null,{"$f":"IF($F274>0,VALUE(LEFT($F274,4)),\"\")","v":5525},{"$f":"IF(F274>0,IF(ISERROR(SEARCH(\"*FZ*\",$E274))=FALSE,\"FZ\",IF(ISERROR(SEARCH(\"*FR*\",$E274))=FALSE,\"FR\",\"Aucun\")),\"\")","v":"Aucun"},{"$f":"IF($C274=\"RM\",IF($U274=\"FR\",IF(ISNA(VLOOKUP($F:$F,lot,6,FALSE))=TRUE,VLOOKUP($T:$T,date,2,FALSE),VLOOKUP($F:$F,lot,6,FALSE)),\"\"),\"\")","v":""},{"$f":"IF($C274=\"RM\",IF($U274=\"Fz\",IF(ISNA(VLOOKUP($F:$F,lot,6,FALSE))=TRUE,VLOOKUP($T:$T,date,2,FALSE),VLOOKUP($F:$F,lot,6,FALSE)),\"\"),\"\")","v":""},{"$f":"IF($C274=\"FG\",VLOOKUP($A:$A,op,4,FALSE),\"\")","v":""},"2016-04-26",{"$f":"IF(C274=\"rm\",IF(U274=\"aucun\",\"OK\",IF(U274=\"fz\",IF(Y274-W274>730,Y274-W274,\"OK\"),IF(Y274-V274<1,1,Y274-V274))),\"\")","v":"OK"}]
["6176P036","Chicken","RM",125,"EMB HEAT SEALING 023038 / 8D PZ40 BLACK PADDED (LOBLAW)/ 400/CS","6146EM02",24,null,null,null,{"$f":"IF(ISNA(VLOOKUP($D:$D,rend,2,FALSE))=FALSE,VLOOKUP($D:$D,rend,2,FALSE),\"\")","v":""},{"$f":"IF($C275=\"RM\",IF(ISNA(VLOOKUP($F$2:$F$478,pos,2,FALSE))=FALSE,VLOOKUP($F275:$F$478,pos,2,FALSE),IF(ISNA(VLOOKUP($F$2:$F$478,lot,2,FALSE))=FALSE,VLOOKUP($F$2:$F$478,lot,2,FALSE),\"MANQUANT\")),\"\")","v":"PO-0021624"},{"$f":"IF($C275=\"RM\",IF(ISNA(VLOOKUP($F$2:$F$478,pos,3,FALSE))=FALSE,VLOOKUP($F275:$F701,pos,3,FALSE),\"OP\"),\"\")","v":"HEAT"},{"$f":"IF($C275=\"RM\",IF(ISNA(VLOOKUP($F275:$F$471,pos,4,FALSE))=FALSE,VLOOKUP($F$2:$F$471,pos,4,FALSE),\"\"),\"\")","v":4000},{"$f":"IF($C275=\"RM\",IF(ISNA(VLOOKUP($F$2:$F$478,pos,5,FALSE))=FALSE,VLOOKUP($F$2:$F$478,pos,5,FALSE),IF(ISNA(VLOOKUP($F$2:$F$478,lot,5,FALSE))=FALSE,VLOOKUP($F$2:$F$478,lot,5,FALSE),0)),\"\")","v":0.19500000000000001},{"$f":"IF($H275>0,VLOOKUP($D:$D,prix,15,FALSE),\"\")","v":""},{"$f":"IF($C275=\"RM\",$O275*$G275,\"\")","v":4.68},{"$f":"IF($H275>0,$H275*$P275,\"\")","v":""},null,{"$f":"IF($F275>0,VALUE(LEFT($F275,4)),\"\")","v":6146},{"$f":"IF(F275>0,IF(ISERROR(SEARCH(\"*FZ*\",$E275))=FALSE,\"FZ\",IF(ISERROR(SEARCH(\"*FR*\",$E275))=FALSE,\"FR\",\"Aucun\")),\"\")","v":"Aucun"},{"$f":"IF($C275=\"RM\",IF($U275=\"FR\",IF(ISNA(VLOOKUP($F:$F,lot,6,FALSE))=TRUE,VLOOKUP($T:$T,date,2,FALSE),VLOOKUP($F:$F,lot,6,FALSE)),\"\"),\"\")","v":""},{"$f":"IF($C275=\"RM\",IF($U275=\"Fz\",IF(ISNA(VLOOKUP($F:$F,lot,6,FALSE))=TRUE,VLOOKUP($T:$T,date,2,FALSE),VLOOKUP($F:$F,lot,6,FALSE)),\"\"),\"\")","v":""},{"$f":"IF($C275=\"FG\",VLOOKUP($A:$A,op,4,FALSE),\"\")","v":""},"2016-04-26",{"$f":"IF(C275=\"rm\",IF(U275=\"aucun\",\"OK\",IF(U275=\"fz\",IF(Y275-W275>730,Y275-W275,\"OK\"),IF(Y275-V275<1,1,Y275-V275))),\"\")","v":"OK"}]
["6176P036","Chicken","RM",19,"ING MONTOUR 7139 / MARINADE STYLE COTES-LEVEES / ALLERG: AUCUN","6163AS01",2.13,null,null,null,{"$f":"IF(ISNA(VLOOKUP($D:$D,rend,2,FALSE))=FALSE,VLOOKUP($D:$D,rend,2,FALSE),\"\")","v":""},{"$f":"IF($C276=\"RM\",IF(ISNA(VLOOKUP($F$2:$F$478,pos,2,FALSE))=FALSE,VLOOKUP($F276:$F$478,pos,2,FALSE),IF(ISNA(VLOOKUP($F$2:$F$478,lot,2,FALSE))=FALSE,VLOOKUP($F$2:$F$478,lot,2,FALSE),\"MANQUANT\")),\"\")","v":"PO-0021711"},{"$f":"IF($C276=\"RM\",IF(ISNA(VLOOKUP($F$2:$F$478,pos,3,FALSE))=FALSE,VLOOKUP($F276:$F702,pos,3,FALSE),\"OP\"),\"\")","v":"MONTO"},{"$f":"IF($C276=\"RM\",IF(ISNA(VLOOKUP($F276:$F$471,pos,4,FALSE))=FALSE,VLOOKUP($F$2:$F$471,pos,4,FALSE),\"\"),\"\")","v":300},{"$f":"IF($C276=\"RM\",IF(ISNA(VLOOKUP($F$2:$F$478,pos,5,FALSE))=FALSE,VLOOKUP($F$2:$F$478,pos,5,FALSE),IF(ISNA(VLOOKUP($F$2:$F$478,lot,5,FALSE))=FALSE,VLOOKUP($F$2:$F$478,lot,5,FALSE),0)),\"\")","v":7.94},{"$f":"IF($H276>0,VLOOKUP($D:$D,prix,15,FALSE),\"\")","v":""},{"$f":"IF($C276=\"RM\",$O276*$G276,\"\")","v":16.912199999999999},{"$f":"IF($H276>0,$H276*$P276,\"\")","v":""},null,{"$f":"IF($F276>0,VALUE(LEFT($F276,4)),\"\")","v":6163},{"$f":"IF(F276>0,IF(ISERROR(SEARCH(\"*FZ*\",$E276))=FALSE,\"FZ\",IF(ISERROR(SEARCH(\"*FR*\",$E276))=FALSE,\"FR\",\"Aucun\")),\"\")","v":"Aucun"},{"$f":"IF($C276=\"RM\",IF($U276=\"FR\",IF(ISNA(VLOOKUP($F:$F,lot,6,FALSE))=TRUE,VLOOKUP($T:$T,date,2,FALSE),VLOOKUP($F:$F,lot,6,FALSE)),\"\"),\"\")","v":""},{"$f":"IF($C276=\"RM\",IF($U276=\"Fz\",IF(ISNA(VLOOKUP($F:$F,lot,6,FALSE))=TRUE,VLOOKUP($T:$T,date,2,FALSE),VLOOKUP($F:$F,lot,6,FALSE)),\"\"),\"\")","v":""},{"$f":"IF($C276=\"FG\",VLOOKUP($A:$A,op,4,FALSE),\"\")","v":""},"2016-04-26",{"$f":"IF(C276=\"rm\",IF(U276=\"aucun\",\"OK\",IF(U276=\"fz\",IF(Y276-W276>730,Y276-W276,\"OK\"),IF(Y276-V276<1,1,Y276-V276))),\"\")","v":"OK"}]
["6176P036","Chicken","RM",304,"EMB BELLEY SAL04-1300 / TRAY BOX BOTTOM (LOBLAW)/ 8X260","6176EM04",3,null,null,null,{"$f":"IF(ISNA(VLOOKUP($D:$D,rend,2,FALSE))=FALSE,VLOOKUP($D:$D,rend,2,FALSE),\"\")","v":""},{"$f":"IF($C277=\"RM\",IF(ISNA(VLOOKUP($F$2:$F$478,pos,2,FALSE))=FALSE,VLOOKUP($F277:$F$478,pos,2,FALSE),IF(ISNA(VLOOKUP($F$2:$F$478,lot,2,FALSE))=FALSE,VLOOKUP($F$2:$F$478,lot,2,FALSE),\"MANQUANT\")),\"\")","v":"PO-0021791"},{"$f":"IF($C277=\"RM\",IF(ISNA(VLOOKUP($F$2:$F$478,pos,3,FALSE))=FALSE,VLOOKUP($F277:$F703,pos,3,FALSE),\"OP\"),\"\")","v":"MITC"},{"$f":"IF($C277=\"RM\",IF(ISNA(VLOOKUP($F277:$F$471,pos,4,FALSE))=FALSE,VLOOKUP($F$2:$F$471,pos,4,FALSE),\"\"),\"\")","v":960},{"$f":"IF($C277=\"RM\",IF(ISNA(VLOOKUP($F$2:$F$478,pos,5,FALSE))=FALSE,VLOOKUP($F$2:$F$478,pos,5,FALSE),IF(ISNA(VLOOKUP($F$2:$F$478,lot,5,FALSE))=FALSE,VLOOKUP($F$2:$F$478,lot,5,FALSE),0)),\"\")","v":0.745},{"$f":"IF($H277>0,VLOOKUP($D:$D,prix,15,FALSE),\"\")","v":""},{"$f":"IF($C277=\"RM\",$O277*$G277,\"\")","v":2.2349999999999999},{"$f":"IF($H277>0,$H277*$P277,\"\")","v":""},null,{"$f":"IF($F277>0,VALUE(LEFT($F277,4)),\"\")","v":6176},{"$f":"IF(F277>0,IF(ISERROR(SEARCH(\"*FZ*\",$E277))=FALSE,\"FZ\",IF(ISERROR(SEARCH(\"*FR*\",$E277))=FALSE,\"FR\",\"Aucun\")),\"\")","v":"Aucun"},{"$f":"IF($C277=\"RM\",IF($U277=\"FR\",IF(ISNA(VLOOKUP($F:$F,lot,6,FALSE))=TRUE,VLOOKUP($T:$T,date,2,FALSE),VLOOKUP($F:$F,lot,6,FALSE)),\"\"),\"\")","v":""},{"$f":"IF($C277=\"RM\",IF($U277=\"Fz\",IF(ISNA(VLOOKUP($F:$F,lot,6,FALSE))=TRUE,VLOOKUP($T:$T,date,2,FALSE),VLOOKUP($F:$F,lot,6,FALSE)),\"\"),\"\")","v":""},{"$f":"IF($C277=\"FG\",VLOOKUP($A:$A,op,4,FALSE),\"\")","v":""},"2016-04-26",{"$f":"IF(C277=\"rm\",IF(U277=\"aucun\",\"OK\",IF(U277=\"fz\",IF(Y277-W277>730,Y277-W277,\"OK\"),IF(Y277-V277<1,1,Y277-V277))),\"\")","v":"OK"}]
["6176P036","Chicken","RM",303,"EMB BELLEY SAL04-1290 / TRAY BOX TOP (LOBLAW)/ 8X260","6176EM05",3,null,null,null,{"$f":"IF(ISNA(VLOOKUP($D:$D,rend,2,FALSE))=FALSE,VLOOKUP($D:$D,rend,2,FALSE),\"\")","v":""},{"$f":"IF($C278=\"RM\",IF(ISNA(VLOOKUP($F$2:$F$478,pos,2,FALSE))=FALSE,VLOOKUP($F278:$F$478,pos,2,FALSE),IF(ISNA(VLOOKUP($F$2:$F$478,lot,2,FALSE))=FALSE,VLOOKUP($F$2:$F$478,lot,2,FALSE),\"MANQUANT\")),\"\")","v":"PO-0021792"},{"$f":"IF($C278=\"RM\",IF(ISNA(VLOOKUP($F$2:$F$478,pos,3,FALSE))=FALSE,VLOOKUP($F278:$F704,pos,3,FALSE),\"OP\"),\"\")","v":"MITC"},{"$f":"IF($C278=\"RM\",IF(ISNA(VLOOKUP($F278:$F$471,pos,4,FALSE))=FALSE,VLOOKUP($F$2:$F$471,pos,4,FALSE),\"\"),\"\")","v":1108},{"$f":"IF($C278=\"RM\",IF(ISNA(VLOOKUP($F$2:$F$478,pos,5,FALSE))=FALSE,VLOOKUP($F$2:$F$478,pos,5,FALSE),IF(ISNA(VLOOKUP($F$2:$F$478,lot,5,FALSE))=FALSE,VLOOKUP($F$2:$F$478,lot,5,FALSE),0)),\"\")","v":0.75600000000000001},{"$f":"IF($H278>0,VLOOKUP($D:$D,prix,15,FALSE),\"\")","v":""},{"$f":"IF($C278=\"RM\",$O278*$G278,\"\")","v":2.2679999999999998},{"$f":"IF($H278>0,$H278*$P278,\"\")","v":""},null,{"$f":"IF($F278>0,VALUE(LEFT($F278,4)),\"\")","v":6176},{"$f":"IF(F278>0,IF(ISERROR(SEARCH(\"*FZ*\",$E278))=FALSE,\"FZ\",IF(ISERROR(SEARCH(\"*FR*\",$E278))=FALSE,\"FR\",\"Aucun\")),\"\")","v":"Aucun"},{"$f":"IF($C278=\"RM\",IF($U278=\"FR\",IF(ISNA(VLOOKUP($F:$F,lot,6,FALSE))=TRUE,VLOOKUP($T:$T,date,2,FALSE),VLOOKUP($F:$F,lot,6,FALSE)),\"\"),\"\")","v":""},{"$f":"IF($C278=\"RM\",IF($U278=\"Fz\",IF(ISNA(VLOOKUP($F:$F,lot,6,FALSE))=TRUE,VLOOKUP($T:$T,date,2,FALSE),VLOOKUP($F:$F,lot,6,FALSE)),\"\"),\"\")","v":""},{"$f":"IF($C278=\"FG\",VLOOKUP($A:$A,op,4,FALSE),\"\")","v":""},"2016-04-26",{"$f":"IF(C278=\"rm\",IF(U278=\"aucun\",\"OK\",IF(U278=\"fz\",IF(Y278-W278>730,Y278-W278,\"OK\"),IF(Y278-V278<1,1,Y278-V278))),\"\")","v":"OK"}]
["6176P036","Chicken","RM",35827,"CHICKEN THIGHS BONELESS FULL TRIM FR @P","6176P036",24.16,null,null,null,{"$f":"IF(ISNA(VLOOKUP($D:$D,rend,2,FALSE))=FALSE,VLOOKUP($D:$D,rend,2,FALSE),\"\")","v":0.60682427966560448},{"$f":"IF($C279=\"RM\",IF(ISNA(VLOOKUP($F$2:$F$478,pos,2,FALSE))=FALSE,VLOOKUP($F279:$F$478,pos,2,FALSE),IF(ISNA(VLOOKUP($F$2:$F$478,lot,2,FALSE))=FALSE,VLOOKUP($F$2:$F$478,lot,2,FALSE),\"MANQUANT\")),\"\")","v":"MANQUANT"},{"$f":"IF($C279=\"RM\",IF(ISNA(VLOOKUP($F$2:$F$478,pos,3,FALSE))=FALSE,VLOOKUP($F279:$F705,pos,3,FALSE),\"OP\"),\"\")","v":"OP"},{"$f":"IF($C279=\"RM\",IF(ISNA(VLOOKUP($F279:$F$471,pos,4,FALSE))=FALSE,VLOOKUP($F$2:$F$471,pos,4,FALSE),\"\"),\"\")","v":""},{"$f":"IF($C279=\"RM\",IF(ISNA(VLOOKUP($F$2:$F$478,pos,5,FALSE))=FALSE,VLOOKUP($F$2:$F$478,pos,5,FALSE),IF(ISNA(VLOOKUP($F$2:$F$478,lot,5,FALSE))=FALSE,VLOOKUP($F$2:$F$478,lot,5,FALSE),0)),\"\")","v":0},{"$f":"IF($H279>0,VLOOKUP($D:$D,prix,15,FALSE),\"\")","v":""},{"$f":"IF($C279=\"RM\",$O279*$G279,\"\")","v":0},{"$f":"IF($H279>0,$H279*$P279,\"\")","v":""},null,{"$f":"IF($F279>0,VALUE(LEFT($F279,4)),\"\")","v":6176},{"$f":"IF(F279>0,IF(ISERROR(SEARCH(\"*FZ*\",$E279))=FALSE,\"FZ\",IF(ISERROR(SEARCH(\"*FR*\",$E279))=FALSE,\"FR\",\"Aucun\")),\"\")","v":"FR"},{"$f":"IF($C279=\"RM\",IF($U279=\"FR\",IF(ISNA(VLOOKUP($F:$F,lot,6,FALSE))=TRUE,VLOOKUP($T:$T,date,2,FALSE),VLOOKUP($F:$F,lot,6,FALSE)),\"\"),\"\")","v":"2016-04-22"},{"$f":"IF($C279=\"RM\",IF($U279=\"Fz\",IF(ISNA(VLOOKUP($F:$F,lot,6,FALSE))=TRUE,VLOOKUP($T:$T,date,2,FALSE),VLOOKUP($F:$F,lot,6,FALSE)),\"\"),\"\")","v":""},{"$f":"IF($C279=\"FG\",VLOOKUP($A:$A,op,4,FALSE),\"\")","v":""},"2016-04-26",{"$f":"IF(C279=\"rm\",IF(U279=\"aucun\",\"OK\",IF(U279=\"fz\",IF(Y279-W279>730,Y279-W279,\"OK\"),IF(Y279-V279<1,1,Y279-V279))),\"\")","v":4}]
["6176P036","Chicken","FG",26012,"HAUT DE CUISSE POULET DES. PAREE ASS. BBQ *LOBLAW* (8 X 12/TRAY 8D black) FR @P","6176P037","",28.44,null,null,{"$f":"IF(ISNA(VLOOKUP($D:$D,rend,2,FALSE))=FALSE,VLOOKUP($D:$D,rend,2,FALSE),\"\")","v":0.92782827974587911},{"$f":"IF($C280=\"RM\",IF(ISNA(VLOOKUP($F$2:$F$478,pos,2,FALSE))=FALSE,VLOOKUP($F280:$F$478,pos,2,FALSE),IF(ISNA(VLOOKUP($F$2:$F$478,lot,2,FALSE))=FALSE,VLOOKUP($F$2:$F$478,lot,2,FALSE),\"MANQUANT\")),\"\")","v":""},{"$f":"IF($C280=\"RM\",IF(ISNA(VLOOKUP($F$2:$F$478,pos,3,FALSE))=FALSE,VLOOKUP($F280:$F706,pos,3,FALSE),\"OP\"),\"\")","v":""},{"$f":"IF($C280=\"RM\",IF(ISNA(VLOOKUP($F280:$F$471,pos,4,FALSE))=FALSE,VLOOKUP($F$2:$F$471,pos,4,FALSE),\"\"),\"\")","v":""},{"$f":"IF($C280=\"RM\",IF(ISNA(VLOOKUP($F$2:$F$478,pos,5,FALSE))=FALSE,VLOOKUP($F$2:$F$478,pos,5,FALSE),IF(ISNA(VLOOKUP($F$2:$F$478,lot,5,FALSE))=FALSE,VLOOKUP($F$2:$F$478,lot,5,FALSE),0)),\"\")","v":""},{"$f":"IF($H280>0,VLOOKUP($D:$D,prix,15,FALSE),\"\")","v":8.9499999999999993},{"$f":"IF($C280=\"RM\",$O280*$G280,\"\")","v":""},{"$f":"IF($H280>0,$H280*$P280,\"\")","v":254.53799999999998},null,{"$f":"IF($F280>0,VALUE(LEFT($F280,4)),\"\")","v":6176},{"$f":"IF(F280>0,IF(ISERROR(SEARCH(\"*FZ*\",$E280))=FALSE,\"FZ\",IF(ISERROR(SEARCH(\"*FR*\",$E280))=FALSE,\"FR\",\"Aucun\")),\"\")","v":"FR"},{"$f":"IF($C280=\"RM\",IF($U280=\"FR\",IF(ISNA(VLOOKUP($F:$F,lot,6,FALSE))=TRUE,VLOOKUP($T:$T,date,2,FALSE),VLOOKUP($F:$F,lot,6,FALSE)),\"\"),\"\")","v":""},{"$f":"IF($C280=\"RM\",IF($U280=\"Fz\",IF(ISNA(VLOOKUP($F:$F,lot,6,FALSE))=TRUE,VLOOKUP($T:$T,date,2,FALSE),VLOOKUP($F:$F,lot,6,FALSE)),\"\"),\"\")","v":""},{"$f":"IF($C280=\"FG\",VLOOKUP($A:$A,op,4,FALSE),\"\")","v":{"$error":"#N/A"}},"2016-04-26",{"$f":"IF(C280=\"rm\",IF(U280=\"aucun\",\"OK\",IF(U280=\"fz\",IF(Y280-W280>730,Y280-W280,\"OK\"),IF(Y280-V280<1,1,Y280-V280))),\"\")","v":""}]
["6176P036 Total",null,null,null,null,null,{"$f":"SUBTOTAL(9,G272:G280)","v":107},{"$f":"SUBTOTAL(9,H272:H280)","v":28.44},null,null,null,null,null,null,null,null,{"$f":"SUBTOTAL(9,Q272:Q280)","v":27.223199999999999},{"$f":"SUBTOTAL(9,R272:R280)","v":254.53799999999998}]
["6176P04","Chicken","RM",6,"ING BSA 2B5F019 / ASS COTES-LEVEES POULET SAUPOUDRE / ALLERG: SULFITES","5325AS01",2.71,null,null,null,{"$f":"IF(ISNA(VLOOKUP($D:$D,rend,2,FALSE))=FALSE,VLOOKUP($D:$D,rend,2,FALSE),\"\")","v":""},{"$f":"IF($C282=\"RM\",IF(ISNA(VLOOKUP($F$2:$F$478,pos,2,FALSE))=FALSE,VLOOKUP($F282:$F$478,pos,2,FALSE),IF(ISNA(VLOOKUP($F$2:$F$478,lot,2,FALSE))=FALSE,VLOOKUP($F$2:$F$478,lot,2,FALSE),\"MANQUANT\")),\"\")","v":"PO-0020065"},{"$f":"IF($C282=\"RM\",IF(ISNA(VLOOKUP($F$2:$F$478,pos,3,FALSE))=FALSE,VLOOKUP($F282:$F707,pos,3,FALSE),\"OP\"),\"\")","v":"BSA"},{"$f":"IF($C282=\"RM\",IF(ISNA(VLOOKUP($F282:$F$471,pos,4,FALSE))=FALSE,VLOOKUP($F$2:$F$471,pos,4,FALSE),\"\"),\"\")","v":380},{"$f":"IF($C282=\"RM\",IF(ISNA(VLOOKUP($F$2:$F$478,pos,5,FALSE))=FALSE,VLOOKUP($F$2:$F$478,pos,5,FALSE),IF(ISNA(VLOOKUP($F$2:$F$478,lot,5,FALSE))=FALSE,VLOOKUP($F$2:$F$478,lot,5,FALSE),0)),\"\")","v":9.1300000000000008},{"$f":"IF($H282>0,VLOOKUP($D:$D,prix,15,FALSE),\"\")","v":""},{"$f":"IF($C282=\"RM\",$O282*$G282,\"\")","v":24.7423},{"$f":"IF($H282>0,$H282*$P282,\"\")","v":""},null,{"$f":"IF($F282>0,VALUE(LEFT($F282,4)),\"\")","v":5325},{"$f":"IF(F282>0,IF(ISERROR(SEARCH(\"*FZ*\",$E282))=FALSE,\"FZ\",IF(ISERROR(SEARCH(\"*FR*\",$E282))=FALSE,\"FR\",\"Aucun\")),\"\")","v":"Aucun"},{"$f":"IF($C282=\"RM\",IF($U282=\"FR\",IF(ISNA(VLOOKUP($F:$F,lot,6,FALSE))=TRUE,VLOOKUP($T:$T,date,2,FALSE),VLOOKUP($F:$F,lot,6,FALSE)),\"\"),\"\")","v":""},{"$f":"IF($C282=\"RM\",IF($U282=\"Fz\",IF(ISNA(VLOOKUP($F:$F,lot,6,FALSE))=TRUE,VLOOKUP($T:$T,date,2,FALSE),VLOOKUP($F:$F,lot,6,FALSE)),\"\"),\"\")","v":""},{"$f":"IF($C282=\"FG\",VLOOKUP($A:$A,op,4,FALSE),\"\")","v":""},"2016-04-26",{"$f":"IF(C282=\"rm\",IF(U282=\"aucun\",\"OK\",IF(U282=\"fz\",IF(Y282-W282>730,Y282-W282,\"OK\"),IF(Y282-V282<1,1,Y282-V282))),\"\")","v":"OK"}]
["6176P04","Chicken","RM",132,"EMB FLEXO F8149B / 26034 (LOBLAW) / ETIQUETTE PILONS POULET","5502EM03",120,null,null,null,{"$f":"IF(ISNA(VLOOKUP($D:$D,rend,2,FALSE))=FALSE,VLOOKUP($D:$D,rend,2,FALSE),\"\")","v":""},{"$f":"IF($C283=\"RM\",IF(ISNA(VLOOKUP($F$2:$F$478,pos,2,FALSE))=FALSE,VLOOKUP($F283:$F$478,pos,2,FALSE),IF(ISNA(VLOOKUP($F$2:$F$478,lot,2,FALSE))=FALSE,VLOOKUP($F$2:$F$478,lot,2,FALSE),\"MANQUANT\")),\"\")","v":"PO-0020837"},{"$f":"IF($C283=\"RM\",IF(ISNA(VLOOKUP($F$2:$F$478,pos,3,FALSE))=FALSE,VLOOKUP($F283:$F708,pos,3,FALSE),\"OP\"),\"\")","v":"FLEXO"},{"$f":"IF($C283=\"RM\",IF(ISNA(VLOOKUP($F283:$F$471,pos,4,FALSE))=FALSE,VLOOKUP($F$2:$F$471,pos,4,FALSE),\"\"),\"\")","v":15890},{"$f":"IF($C283=\"RM\",IF(ISNA(VLOOKUP($F$2:$F$478,pos,5,FALSE))=FALSE,VLOOKUP($F$2:$F$478,pos,5,FALSE),IF(ISNA(VLOOKUP($F$2:$F$478,lot,5,FALSE))=FALSE,VLOOKUP($F$2:$F$478,lot,5,FALSE),0)),\"\")","v":2.7300000000000001E-2},{"$f":"IF($H283>0,VLOOKUP($D:$D,prix,15,FALSE),\"\")","v":""},{"$f":"IF($C283=\"RM\",$O283*$G283,\"\")","v":3.2760000000000002},{"$f":"IF($H283>0,$H283*$P283,\"\")","v":""},null,{"$f":"IF($F283>0,VALUE(LEFT($F283,4)),\"\")","v":5502},{"$f":"IF(F283>0,IF(ISERROR(SEARCH(\"*FZ*\",$E283))=FALSE,\"FZ\",IF(ISERROR(SEARCH(\"*FR*\",$E283))=FALSE,\"FR\",\"Aucun\")),\"\")","v":"Aucun"},{"$f":"IF($C283=\"RM\",IF($U283=\"FR\",IF(ISNA(VLOOKUP($F:$F,lot,6,FALSE))=TRUE,VLOOKUP($T:$T,date,2,FALSE),VLOOKUP($F:$F,lot,6,FALSE)),\"\"),\"\")","v":""},{"$f":"IF($C283=\"RM\",IF($U283=\"Fz\",IF(ISNA(VLOOKUP($F:$F,lot,6,FALSE))=TRUE,VLOOKUP($T:$T,date,2,FALSE),VLOOKUP($F:$F,lot,6,FALSE)),\"\"),\"\")","v":""},{"$f":"IF($C283=\"FG\",VLOOKUP($A:$A,op,4,FALSE),\"\")","v":""},"2016-04-26",{"$f":"IF(C283=\"rm\",IF(U283=\"aucun\",\"OK\",IF(U283=\"fz\",IF(Y283-W283>730,Y283-W283,\"OK\"),IF(Y283-V283<1,1,Y283-V283))),\"\")","v":"OK"}]
["6176P04","Chicken","RM",108,"EMB ALIMENTS QUEBEC / ETIQUETTE ALIMENTS DU QUEBEC (LOBLAW)","5525EM01",120,null,null,null,{"$f":"IF(ISNA(VLOOKUP($D:$D,rend,2,FALSE))=FALSE,VLOOKUP($D:$D,rend,2,FALSE),\"\")","v":""},{"$f":"IF($C284=\"RM\",IF(ISNA(VLOOKUP($F$2:$F$478,pos,2,FALSE))=FALSE,VLOOKUP($F284:$F$478,pos,2,FALSE),IF(ISNA(VLOOKUP($F$2:$F$478,lot,2,FALSE))=FALSE,VLOOKUP($F$2:$F$478,lot,2,FALSE),\"MANQUANT\")),\"\")","v":"PO-0020950"},{"$f":"IF($C284=\"RM\",IF(ISNA(VLOOKUP($F$2:$F$478,pos,3,FALSE))=FALSE,VLOOKUP($F284:$F709,pos,3,FALSE),\"OP\"),\"\")","v":"CPAQ"},{"$f":"IF($C284=\"RM\",IF(ISNA(VLOOKUP($F284:$F$471,pos,4,FALSE))=FALSE,VLOOKUP($F$2:$F$471,pos,4,FALSE),\"\"),\"\")","v":40000},{"$f":"IF($C284=\"RM\",IF(ISNA(VLOOKUP($F$2:$F$478,pos,5,FALSE))=FALSE,VLOOKUP($F$2:$F$478,pos,5,FALSE),IF(ISNA(VLOOKUP($F$2:$F$478,lot,5,FALSE))=FALSE,VLOOKUP($F$2:$F$478,lot,5,FALSE),0)),\"\")","v":2.1000000000000001E-2},{"$f":"IF($H284>0,VLOOKUP($D:$D,prix,15,FALSE),\"\")","v":""},{"$f":"IF($C284=\"RM\",$O284*$G284,\"\")","v":2.52},{"$f":"IF($H284>0,$H284*$P284,\"\")","v":""},null,{"$f":"IF($F284>0,VALUE(LEFT($F284,4)),\"\")","v":5525},{"$f":"IF(F284>0,IF(ISERROR(SEARCH(\"*FZ*\",$E284))=FALSE,\"FZ\",IF(ISERROR(SEARCH(\"*FR*\",$E284))=FALSE,\"FR\",\"Aucun\")),\"\")","v":"Aucun"},{"$f":"IF($C284=\"RM\",IF($U284=\"FR\",IF(ISNA(VLOOKUP($F:$F,lot,6,FALSE))=TRUE,VLOOKUP($T:$T,date,2,FALSE),VLOOKUP($F:$F,lot,6,FALSE)),\"\"),\"\")","v":""},{"$f":"IF($C284=\"RM\",IF($U284=\"Fz\",IF(ISNA(VLOOKUP($F:$F,lot,6,FALSE))=TRUE,VLOOKUP($T:$T,date,2,FALSE),VLOOKUP($F:$F,lot,6,FALSE)),\"\"),\"\")","v":""},{"$f":"IF($C284=\"FG\",VLOOKUP($A:$A,op,4,FALSE),\"\")","v":""},"2016-04-26",{"$f":"IF(C284=\"rm\",IF(U284=\"aucun\",\"OK\",IF(U284=\"fz\",IF(Y284-W284>730,Y284-W284,\"OK\"),IF(Y284-V284<1,1,Y284-V284))),\"\")","v":"OK"}]
["6176P04","Chicken","RM",125,"EMB HEAT SEALING 023038 / 8D PZ40 BLACK PADDED (LOBLAW)/ 400/CS","6146EM02",120,null,null,null,{"$f":"IF(ISNA(VLOOKUP($D:$D,rend,2,FALSE))=FALSE,VLOOKUP($D:$D,rend,2,FALSE),\"\")","v":""},{"$f":"IF($C285=\"RM\",IF(ISNA(VLOOKUP($F$2:$F$478,pos,2,FALSE))=FALSE,VLOOKUP($F285:$F$478,pos,2,FALSE),IF(ISNA(VLOOKUP($F$2:$F$478,lot,2,FALSE))=FALSE,VLOOKUP($F$2:$F$478,lot,2,FALSE),\"MANQUANT\")),\"\")","v":"PO-0021624"},{"$f":"IF($C285=\"RM\",IF(ISNA(VLOOKUP($F$2:$F$478,pos,3,FALSE))=FALSE,VLOOKUP($F285:$F710,pos,3,FALSE),\"OP\"),\"\")","v":"HEAT"},{"$f":"IF($C285=\"RM\",IF(ISNA(VLOOKUP($F285:$F$471,pos,4,FALSE))=FALSE,VLOOKUP($F$2:$F$471,pos,4,FALSE),\"\"),\"\")","v":4000},{"$f":"IF($C285=\"RM\",IF(ISNA(VLOOKUP($F$2:$F$478,pos,5,FALSE))=FALSE,VLOOKUP($F$2:$F$478,pos,5,FALSE),IF(ISNA(VLOOKUP($F$2:$F$478,lot,5,FALSE))=FALSE,VLOOKUP($F$2:$F$478,lot,5,FALSE),0)),\"\")","v":0.19500000000000001},{"$f":"IF($H285>0,VLOOKUP($D:$D,prix,15,FALSE),\"\")","v":""},{"$f":"IF($C285=\"RM\",$O285*$G285,\"\")","v":23.400000000000002},{"$f":"IF($H285>0,$H285*$P285,\"\")","v":""},null,{"$f":"IF($F285>0,VALUE(LEFT($F285,4)),\"\")","v":6146},{"$f":"IF(F285>0,IF(ISERROR(SEARCH(\"*FZ*\",$E285))=FALSE,\"FZ\",IF(ISERROR(SEARCH(\"*FR*\",$E285))=FALSE,\"FR\",\"Aucun\")),\"\")","v":"Aucun"},{"$f":"IF($C285=\"RM\",IF($U285=\"FR\",IF(ISNA(VLOOKUP($F:$F,lot,6,FALSE))=TRUE,VLOOKUP($T:$T,date,2,FALSE),VLOOKUP($F:$F,lot,6,FALSE)),\"\"),\"\")","v":""},{"$f":"IF($C285=\"RM\",IF($U285=\"Fz\",IF(ISNA(VLOOKUP($F:$F,lot,6,FALSE))=TRUE,VLOOKUP($T:$T,date,2,FALSE),VLOOKUP($F:$F,lot,6,FALSE)),\"\"),\"\")","v":""},{"$f":"IF($C285=\"FG\",VLOOKUP($A:$A,op,4,FALSE),\"\")","v":""},"2016-04-26",{"$f":"IF(C285=\"rm\",IF(U285=\"aucun\",\"OK\",IF(U285=\"fz\",IF(Y285-W285>730,Y285-W285,\"OK\"),IF(Y285-V285<1,1,Y285-V285))),\"\")","v":"OK"}]
["6176P04","Chicken","RM",35831,"CHICKEN DRUMSTICKS FR**RM 18 KG @P","6174P01",18.14,null,null,null,{"$f":"IF(ISNA(VLOOKUP($D:$D,rend,2,FALSE))=FALSE,VLOOKUP($D:$D,rend,2,FALSE),\"\")","v":0.7649243740503473},{"$f":"IF($C286=\"RM\",IF(ISNA(VLOOKUP($F$2:$F$478,pos,2,FALSE))=FALSE,VLOOKUP($F286:$F$478,pos,2,FALSE),IF(ISNA(VLOOKUP($F$2:$F$478,lot,2,FALSE))=FALSE,VLOOKUP($F$2:$F$478,lot,2,FALSE),\"MANQUANT\")),\"\")","v":"PO-0021768"},{"$f":"IF($C286=\"RM\",IF(ISNA(VLOOKUP($F$2:$F$478,pos,3,FALSE))=FALSE,VLOOKUP($F286:$F711,pos,3,FALSE),\"OP\"),\"\")","v":"EXCE"},{"$f":"IF($C286=\"RM\",IF(ISNA(VLOOKUP($F286:$F$471,pos,4,FALSE))=FALSE,VLOOKUP($F$2:$F$471,pos,4,FALSE),\"\"),\"\")","v":238.95},{"$f":"IF($C286=\"RM\",IF(ISNA(VLOOKUP($F$2:$F$478,pos,5,FALSE))=FALSE,VLOOKUP($F$2:$F$478,pos,5,FALSE),IF(ISNA(VLOOKUP($F$2:$F$478,lot,5,FALSE))=FALSE,VLOOKUP($F$2:$F$478,lot,5,FALSE),0)),\"\")","v":3},{"$f":"IF($H286>0,VLOOKUP($D:$D,prix,15,FALSE),\"\")","v":""},{"$f":"IF($C286=\"RM\",$O286*$G286,\"\")","v":54.42},{"$f":"IF($H286>0,$H286*$P286,\"\")","v":""},null,{"$f":"IF($F286>0,VALUE(LEFT($F286,4)),\"\")","v":6174},{"$f":"IF(F286>0,IF(ISERROR(SEARCH(\"*FZ*\",$E286))=FALSE,\"FZ\",IF(ISERROR(SEARCH(\"*FR*\",$E286))=FALSE,\"FR\",\"Aucun\")),\"\")","v":"FR"},{"$f":"IF($C286=\"RM\",IF($U286=\"FR\",IF(ISNA(VLOOKUP($F:$F,lot,6,FALSE))=TRUE,VLOOKUP($T:$T,date,2,FALSE),VLOOKUP($F:$F,lot,6,FALSE)),\"\"),\"\")","v":"2016-04-20"},{"$f":"IF($C286=\"RM\",IF($U286=\"Fz\",IF(ISNA(VLOOKUP($F:$F,lot,6,FALSE))=TRUE,VLOOKUP($T:$T,date,2,FALSE),VLOOKUP($F:$F,lot,6,FALSE)),\"\"),\"\")","v":""},{"$f":"IF($C286=\"FG\",VLOOKUP($A:$A,op,4,FALSE),\"\")","v":""},"2016-04-26",{"$f":"IF(C286=\"rm\",IF(U286=\"aucun\",\"OK\",IF(U286=\"fz\",IF(Y286-W286>730,Y286-W286,\"OK\"),IF(Y286-V286<1,1,Y286-V286))),\"\")","v":6}]
["6176P04","Chicken","RM",304,"EMB BELLEY SAL04-1300 / TRAY BOX BOTTOM (LOBLAW)/ 8X260","6176EM04",15,null,null,null,{"$f":"IF(ISNA(VLOOKUP($D:$D,rend,2,FALSE))=FALSE,VLOOKUP($D:$D,rend,2,FALSE),\"\")","v":""},{"$f":"IF($C287=\"RM\",IF(ISNA(VLOOKUP($F$2:$F$478,pos,2,FALSE))=FALSE,VLOOKUP($F287:$F$478,pos,2,FALSE),IF(ISNA(VLOOKUP($F$2:$F$478,lot,2,FALSE))=FALSE,VLOOKUP($F$2:$F$478,lot,2,FALSE),\"MANQUANT\")),\"\")","v":"PO-0021791"},{"$f":"IF($C287=\"RM\",IF(ISNA(VLOOKUP($F$2:$F$478,pos,3,FALSE))=FALSE,VLOOKUP($F287:$F712,pos,3,FALSE),\"OP\"),\"\")","v":"MITC"},{"$f":"IF($C287=\"RM\",IF(ISNA(VLOOKUP($F287:$F$471,pos,4,FALSE))=FALSE,VLOOKUP($F$2:$F$471,pos,4,FALSE),\"\"),\"\")","v":960},{"$f":"IF($C287=\"RM\",IF(ISNA(VLOOKUP($F$2:$F$478,pos,5,FALSE))=FALSE,VLOOKUP($F$2:$F$478,pos,5,FALSE),IF(ISNA(VLOOKUP($F$2:$F$478,lot,5,FALSE))=FALSE,VLOOKUP($F$2:$F$478,lot,5,FALSE),0)),\"\")","v":0.745},{"$f":"IF($H287>0,VLOOKUP($D:$D,prix,15,FALSE),\"\")","v":""},{"$f":"IF($C287=\"RM\",$O287*$G287,\"\")","v":11.175000000000001},{"$f":"IF($H287>0,$H287*$P287,\"\")","v":""},null,{"$f":"IF($F287>0,VALUE(LEFT($F287,4)),\"\")","v":6176},{"$f":"IF(F287>0,IF(ISERROR(SEARCH(\"*FZ*\",$E287))=FALSE,\"FZ\",IF(ISERROR(SEARCH(\"*FR*\",$E287))=FALSE,\"FR\",\"Aucun\")),\"\")","v":"Aucun"},{"$f":"IF($C287=\"RM\",IF($U287=\"FR\",IF(ISNA(VLOOKUP($F:$F,lot,6,FALSE))=TRUE,VLOOKUP($T:$T,date,2,FALSE),VLOOKUP($F:$F,lot,6,FALSE)),\"\"),\"\")","v":""},{"$f":"IF($C287=\"RM\",IF($U287=\"Fz\",IF(ISNA(VLOOKUP($F:$F,lot,6,FALSE))=TRUE,VLOOKUP($T:$T,date,2,FALSE),VLOOKUP($F:$F,lot,6,FALSE)),\"\"),\"\")","v":""},{"$f":"IF($C287=\"FG\",VLOOKUP($A:$A,op,4,FALSE),\"\")","v":""},"2016-04-26",{"$f":"IF(C287=\"rm\",IF(U287=\"aucun\",\"OK\",IF(U287=\"fz\",IF(Y287-W287>730,Y287-W287,\"OK\"),IF(Y287-V287<1,1,Y287-V287))),\"\")","v":"OK"}]
["6176P04","Chicken","RM",303,"EMB BELLEY SAL04-1290 / TRAY BOX TOP (LOBLAW)/ 8X260","6176EM05",15,null,null,null,{"$f":"IF(ISNA(VLOOKUP($D:$D,rend,2,FALSE))=FALSE,VLOOKUP($D:$D,rend,2,FALSE),\"\")","v":""},{"$f":"IF($C288=\"RM\",IF(ISNA(VLOOKUP($F$2:$F$478,pos,2,FALSE))=FALSE,VLOOKUP($F288:$F$478,pos,2,FALSE),IF(ISNA(VLOOKUP($F$2:$F$478,lot,2,FALSE))=FALSE,VLOOKUP($F$2:$F$478,lot,2,FALSE),\"MANQUANT\")),\"\")","v":"PO-0021792"},{"$f":"IF($C288=\"RM\",IF(ISNA(VLOOKUP($F$2:$F$478,pos,3,FALSE))=FALSE,VLOOKUP($F288:$F713,pos,3,FALSE),\"OP\"),\"\")","v":"MITC"},{"$f":"IF($C288=\"RM\",IF(ISNA(VLOOKUP($F288:$F$471,pos,4,FALSE))=FALSE,VLOOKUP($F$2:$F$471,pos,4,FALSE),\"\"),\"\")","v":1108},{"$f":"IF($C288=\"RM\",IF(ISNA(VLOOKUP($F$2:$F$478,pos,5,FALSE))=FALSE,VLOOKUP($F$2:$F$478,pos,5,FALSE),IF(ISNA(VLOOKUP($F$2:$F$478,lot,5,FALSE))=FALSE,VLOOKUP($F$2:$F$478,lot,5,FALSE),0)),\"\")","v":0.75600000000000001},{"$f":"IF($H288>0,VLOOKUP($D:$D,prix,15,FALSE),\"\")","v":""},{"$f":"IF($C288=\"RM\",$O288*$G288,\"\")","v":11.34},{"$f":"IF($H288>0,$H288*$P288,\"\")","v":""},null,{"$f":"IF($F288>0,VALUE(LEFT($F288,4)),\"\")","v":6176},{"$f":"IF(F288>0,IF(ISERROR(SEARCH(\"*FZ*\",$E288))=FALSE,\"FZ\",IF(ISERROR(SEARCH(\"*FR*\",$E288))=FALSE,\"FR\",\"Aucun\")),\"\")","v":"Aucun"},{"$f":"IF($C288=\"RM\",IF($U288=\"FR\",IF(ISNA(VLOOKUP($F:$F,lot,6,FALSE))=TRUE,VLOOKUP($T:$T,date,2,FALSE),VLOOKUP($F:$F,lot,6,FALSE)),\"\"),\"\")","v":""},{"$f":"IF($C288=\"RM\",IF($U288=\"Fz\",IF(ISNA(VLOOKUP($F:$F,lot,6,FALSE))=TRUE,VLOOKUP($T:$T,date,2,FALSE),VLOOKUP($F:$F,lot,6,FALSE)),\"\"),\"\")","v":""},{"$f":"IF($C288=\"FG\",VLOOKUP($A:$A,op,4,FALSE),\"\")","v":""},"2016-04-26",{"$f":"IF(C288=\"rm\",IF(U288=\"aucun\",\"OK\",IF(U288=\"fz\",IF(Y288-W288>730,Y288-W288,\"OK\"),IF(Y288-V288<1,1,Y288-V288))),\"\")","v":"OK"}]
["6176P04","Chicken","RM",35831,"CHICKEN DRUMSTICKS FR**RM 18 KG @P","6176P04",102.71,null,null,null,{"$f":"IF(ISNA(VLOOKUP($D:$D,rend,2,FALSE))=FALSE,VLOOKUP($D:$D,rend,2,FALSE),\"\")","v":0.7649243740503473},{"$f":"IF($C289=\"RM\",IF(ISNA(VLOOKUP($F$2:$F$478,pos,2,FALSE))=FALSE,VLOOKUP($F289:$F$478,pos,2,FALSE),IF(ISNA(VLOOKUP($F$2:$F$478,lot,2,FALSE))=FALSE,VLOOKUP($F$2:$F$478,lot,2,FALSE),\"MANQUANT\")),\"\")","v":"MANQUANT"},{"$f":"IF($C289=\"RM\",IF(ISNA(VLOOKUP($F$2:$F$478,pos,3,FALSE))=FALSE,VLOOKUP($F289:$F714,pos,3,FALSE),\"OP\"),\"\")","v":"OP"},{"$f":"IF($C289=\"RM\",IF(ISNA(VLOOKUP($F289:$F$471,pos,4,FALSE))=FALSE,VLOOKUP($F$2:$F$471,pos,4,FALSE),\"\"),\"\")","v":""},{"$f":"IF($C289=\"RM\",IF(ISNA(VLOOKUP($F$2:$F$478,pos,5,FALSE))=FALSE,VLOOKUP($F$2:$F$478,pos,5,FALSE),IF(ISNA(VLOOKUP($F$2:$F$478,lot,5,FALSE))=FALSE,VLOOKUP($F$2:$F$478,lot,5,FALSE),0)),\"\")","v":0},{"$f":"IF($H289>0,VLOOKUP($D:$D,prix,15,FALSE),\"\")","v":""},{"$f":"IF($C289=\"RM\",$O289*$G289,\"\")","v":0},{"$f":"IF($H289>0,$H289*$P289,\"\")","v":""},null,{"$f":"IF($F289>0,VALUE(LEFT($F289,4)),\"\")","v":6176},{"$f":"IF(F289>0,IF(ISERROR(SEARCH(\"*FZ*\",$E289))=FALSE,\"FZ\",IF(ISERROR(SEARCH(\"*FR*\",$E289))=FALSE,\"FR\",\"Aucun\")),\"\")","v":"FR"},{"$f":"IF($C289=\"RM\",IF($U289=\"FR\",IF(ISNA(VLOOKUP($F:$F,lot,6,FALSE))=TRUE,VLOOKUP($T:$T,date,2,FALSE),VLOOKUP($F:$F,lot,6,FALSE)),\"\"),\"\")","v":"2016-04-22"},{"$f":"IF($C289=\"RM\",IF($U289=\"Fz\",IF(ISNA(VLOOKUP($F:$F,lot,6,FALSE))=TRUE,VLOOKUP($T:$T,date,2,FALSE),VLOOKUP($F:$F,lot,6,FALSE)),\"\"),\"\")","v":""},{"$f":"IF($C289=\"FG\",VLOOKUP($A:$A,op,4,FALSE),\"\")","v":""},"2016-04-26",{"$f":"IF(C289=\"rm\",IF(U289=\"aucun\",\"OK\",IF(U289=\"fz\",IF(Y289-W289>730,Y289-W289,\"OK\"),IF(Y289-V289<1,1,Y289-V289))),\"\")","v":4}]
["6176P04","Chicken","FG",26034,"PILON DE POULET ASSAISONNE BBQ *LOBLAW* ( 8 X 8/TRAY 8D black) FR @P","6176P041","",123.12,null,null,{"$f":"IF(ISNA(VLOOKUP($D:$D,rend,2,FALSE))=FALSE,VLOOKUP($D:$D,rend,2,FALSE),\"\")","v":0.96356984000921941},{"$f":"IF($C290=\"RM\",IF(ISNA(VLOOKUP($F$2:$F$478,pos,2,FALSE))=FALSE,VLOOKUP($F290:$F$478,pos,2,FALSE),IF(ISNA(VLOOKUP($F$2:$F$478,lot,2,FALSE))=FALSE,VLOOKUP($F$2:$F$478,lot,2,FALSE),\"MANQUANT\")),\"\")","v":""},{"$f":"IF($C290=\"RM\",IF(ISNA(VLOOKUP($F$2:$F$478,pos,3,FALSE))=FALSE,VLOOKUP($F290:$F715,pos,3,FALSE),\"OP\"),\"\")","v":""},{"$f":"IF($C290=\"RM\",IF(ISNA(VLOOKUP($F290:$F$471,pos,4,FALSE))=FALSE,VLOOKUP($F$2:$F$471,pos,4,FALSE),\"\"),\"\")","v":""},{"$f":"IF($C290=\"RM\",IF(ISNA(VLOOKUP($F$2:$F$478,pos,5,FALSE))=FALSE,VLOOKUP($F$2:$F$478,pos,5,FALSE),IF(ISNA(VLOOKUP($F$2:$F$478,lot,5,FALSE))=FALSE,VLOOKUP($F$2:$F$478,lot,5,FALSE),0)),\"\")","v":""},{"$f":"IF($H290>0,VLOOKUP($D:$D,prix,15,FALSE),\"\")","v":5.2},{"$f":"IF($C290=\"RM\",$O290*$G290,\"\")","v":""},{"$f":"IF($H290>0,$H290*$P290,\"\")","v":640.22400000000005},null,{"$f":"IF($F290>0,VALUE(LEFT($F290,4)),\"\")","v":6176},{"$f":"IF(F290>0,IF(ISERROR(SEARCH(\"*FZ*\",$E290))=FALSE,\"FZ\",IF(ISERROR(SEARCH(\"*FR*\",$E290))=FALSE,\"FR\",\"Aucun\")),\"\")","v":"FR"},{"$f":"IF($C290=\"RM\",IF($U290=\"FR\",IF(ISNA(VLOOKUP($F:$F,lot,6,FALSE))=TRUE,VLOOKUP($T:$T,date,2,FALSE),VLOOKUP($F:$F,lot,6,FALSE)),\"\"),\"\")","v":""},{"$f":"IF($C290=\"RM\",IF($U290=\"Fz\",IF(ISNA(VLOOKUP($F:$F,lot,6,FALSE))=TRUE,VLOOKUP($T:$T,date,2,FALSE),VLOOKUP($F:$F,lot,6,FALSE)),\"\"),\"\")","v":""},{"$f":"IF($C290=\"FG\",VLOOKUP($A:$A,op,4,FALSE),\"\")","v":{"$error":"#N/A"}},"2016-04-26",{"$f":"IF(C290=\"rm\",IF(U290=\"aucun\",\"OK\",IF(U290=\"fz\",IF(Y290-W290>730,Y290-W290,\"OK\"),IF(Y290-V290<1,1,Y290-V290))),\"\")","v":""}]
["6176P04 Total",null,null,null,null,null,{"$f":"SUBTOTAL(9,G282:G290)","v":513.55999999999995},{"$f":"SUBTOTAL(9,H282:H290)","v":123.12},null,null,null,null,null,null,null,null,{"$f":"SUBTOTAL(9,Q282:Q290)","v":130.8733},{"$f":"SUBTOTAL(9,R282:R290)","v":640.22400000000005}]
["6176P05","Chicken","RM",6,"ING BSA 2B5F019 / ASS COTES-LEVEES POULET SAUPOUDRE / ALLERG: SULFITES","5325AS01",2.97,null,null,null,{"$f":"IF(ISNA(VLOOKUP($D:$D,rend,2,FALSE))=FALSE,VLOOKUP($D:$D,rend,2,FALSE),\"\")","v":""},{"$f":"IF($C292=\"RM\",IF(ISNA(VLOOKUP($F$2:$F$478,pos,2,FALSE))=FALSE,VLOOKUP($F292:$F$478,pos,2,FALSE),IF(ISNA(VLOOKUP($F$2:$F$478,lot,2,FALSE))=FALSE,VLOOKUP($F$2:$F$478,lot,2,FALSE),\"MANQUANT\")),\"\")","v":"PO-0020065"},{"$f":"IF($C292=\"RM\",IF(ISNA(VLOOKUP($F$2:$F$478,pos,3,FALSE))=FALSE,VLOOKUP($F292:$F716,pos,3,FALSE),\"OP\"),\"\")","v":"BSA"},{"$f":"IF($C292=\"RM\",IF(ISNA(VLOOKUP($F292:$F$471,pos,4,FALSE))=FALSE,VLOOKUP($F$2:$F$471,pos,4,FALSE),\"\"),\"\")","v":380},{"$f":"IF($C292=\"RM\",IF(ISNA(VLOOKUP($F$2:$F$478,pos,5,FALSE))=FALSE,VLOOKUP($F$2:$F$478,pos,5,FALSE),IF(ISNA(VLOOKUP($F$2:$F$478,lot,5,FALSE))=FALSE,VLOOKUP($F$2:$F$478,lot,5,FALSE),0)),\"\")","v":9.1300000000000008},{"$f":"IF($H292>0,VLOOKUP($D:$D,prix,15,FALSE),\"\")","v":""},{"$f":"IF($C292=\"RM\",$O292*$G292,\"\")","v":27.116100000000003},{"$f":"IF($H292>0,$H292*$P292,\"\")","v":""},null,{"$f":"IF($F292>0,VALUE(LEFT($F292,4)),\"\")","v":5325},{"$f":"IF(F292>0,IF(ISERROR(SEARCH(\"*FZ*\",$E292))=FALSE,\"FZ\",IF(ISERROR(SEARCH(\"*FR*\",$E292))=FALSE,\"FR\",\"Aucun\")),\"\")","v":"Aucun"},{"$f":"IF($C292=\"RM\",IF($U292=\"FR\",IF(ISNA(VLOOKUP($F:$F,lot,6,FALSE))=TRUE,VLOOKUP($T:$T,date,2,FALSE),VLOOKUP($F:$F,lot,6,FALSE)),\"\"),\"\")","v":""},{"$f":"IF($C292=\"RM\",IF($U292=\"Fz\",IF(ISNA(VLOOKUP($F:$F,lot,6,FALSE))=TRUE,VLOOKUP($T:$T,date,2,FALSE),VLOOKUP($F:$F,lot,6,FALSE)),\"\"),\"\")","v":""},{"$f":"IF($C292=\"FG\",VLOOKUP($A:$A,op,4,FALSE),\"\")","v":""},"2016-04-26",{"$f":"IF(C292=\"rm\",IF(U292=\"aucun\",\"OK\",IF(U292=\"fz\",IF(Y292-W292>730,Y292-W292,\"OK\"),IF(Y292-V292<1,1,Y292-V292))),\"\")","v":"OK"}]
["6176P05","Chicken","RM",131,"EMB FLEXO F8149A / 26020 (LOBLAW) / ETIQUETTE CUISSE POULET","5502EM02",128,null,null,null,{"$f":"IF(ISNA(VLOOKUP($D:$D,rend,2,FALSE))=FALSE,VLOOKUP($D:$D,rend,2,FALSE),\"\")","v":""},{"$f":"IF($C293=\"RM\",IF(ISNA(VLOOKUP($F$2:$F$478,pos,2,FALSE))=FALSE,VLOOKUP($F293:$F$478,pos,2,FALSE),IF(ISNA(VLOOKUP($F$2:$F$478,lot,2,FALSE))=FALSE,VLOOKUP($F$2:$F$478,lot,2,FALSE),\"MANQUANT\")),\"\")","v":"PO-0020837"},{"$f":"IF($C293=\"RM\",IF(ISNA(VLOOKUP($F$2:$F$478,pos,3,FALSE))=FALSE,VLOOKUP($F293:$F717,pos,3,FALSE),\"OP\"),\"\")","v":"FLEXO"},{"$f":"IF($C293=\"RM\",IF(ISNA(VLOOKUP($F293:$F$471,pos,4,FALSE))=FALSE,VLOOKUP($F$2:$F$471,pos,4,FALSE),\"\"),\"\")","v":15790},{"$f":"IF($C293=\"RM\",IF(ISNA(VLOOKUP($F$2:$F$478,pos,5,FALSE))=FALSE,VLOOKUP($F$2:$F$478,pos,5,FALSE),IF(ISNA(VLOOKUP($F$2:$F$478,lot,5,FALSE))=FALSE,VLOOKUP($F$2:$F$478,lot,5,FALSE),0)),\"\")","v":2.7300000000000001E-2},{"$f":"IF($H293>0,VLOOKUP($D:$D,prix,15,FALSE),\"\")","v":""},{"$f":"IF($C293=\"RM\",$O293*$G293,\"\")","v":3.4944000000000002},{"$f":"IF($H293>0,$H293*$P293,\"\")","v":""},null,{"$f":"IF($F293>0,VALUE(LEFT($F293,4)),\"\")","v":5502},{"$f":"IF(F293>0,IF(ISERROR(SEARCH(\"*FZ*\",$E293))=FALSE,\"FZ\",IF(ISERROR(SEARCH(\"*FR*\",$E293))=FALSE,\"FR\",\"Aucun\")),\"\")","v":"Aucun"},{"$f":"IF($C293=\"RM\",IF($U293=\"FR\",IF(ISNA(VLOOKUP($F:$F,lot,6,FALSE))=TRUE,VLOOKUP($T:$T,date,2,FALSE),VLOOKUP($F:$F,lot,6,FALSE)),\"\"),\"\")","v":""},{"$f":"IF($C293=\"RM\",IF($U293=\"Fz\",IF(ISNA(VLOOKUP($F:$F,lot,6,FALSE))=TRUE,VLOOKUP($T:$T,date,2,FALSE),VLOOKUP($F:$F,lot,6,FALSE)),\"\"),\"\")","v":""},{"$f":"IF($C293=\"FG\",VLOOKUP($A:$A,op,4,FALSE),\"\")","v":""},"2016-04-26",{"$f":"IF(C293=\"rm\",IF(U293=\"aucun\",\"OK\",IF(U293=\"fz\",IF(Y293-W293>730,Y293-W293,\"OK\"),IF(Y293-V293<1,1,Y293-V293))),\"\")","v":"OK"}]
["6176P05","Chicken","RM",108,"EMB ALIMENTS QUEBEC / ETIQUETTE ALIMENTS DU QUEBEC (LOBLAW)","5525EM01",128,null,null,null,{"$f":"IF(ISNA(VLOOKUP($D:$D,rend,2,FALSE))=FALSE,VLOOKUP($D:$D,rend,2,FALSE),\"\")","v":""},{"$f":"IF($C294=\"RM\",IF(ISNA(VLOOKUP($F$2:$F$478,pos,2,FALSE))=FALSE,VLOOKUP($F294:$F$478,pos,2,FALSE),IF(ISNA(VLOOKUP($F$2:$F$478,lot,2,FALSE))=FALSE,VLOOKUP($F$2:$F$478,lot,2,FALSE),\"MANQUANT\")),\"\")","v":"PO-0020950"},{"$f":"IF($C294=\"RM\",IF(ISNA(VLOOKUP($F$2:$F$478,pos,3,FALSE))=FALSE,VLOOKUP($F294:$F718,pos,3,FALSE),\"OP\"),\"\")","v":"CPAQ"},{"$f":"IF($C294=\"RM\",IF(ISNA(VLOOKUP($F294:$F$471,pos,4,FALSE))=FALSE,VLOOKUP($F$2:$F$471,pos,4,FALSE),\"\"),\"\")","v":40000},{"$f":"IF($C294=\"RM\",IF(ISNA(VLOOKUP($F$2:$F$478,pos,5,FALSE))=FALSE,VLOOKUP($F$2:$F$478,pos,5,FALSE),IF(ISNA(VLOOKUP($F$2:$F$478,lot,5,FALSE))=FALSE,VLOOKUP($F$2:$F$478,lot,5,FALSE),0)),\"\")","v":2.1000000000000001E-2},{"$f":"IF($H294>0,VLOOKUP($D:$D,prix,15,FALSE),\"\")","v":""},{"$f":"IF($C294=\"RM\",$O294*$G294,\"\")","v":2.6880000000000002},{"$f":"IF($H294>0,$H294*$P294,\"\")","v":""},null,{"$f":"IF($F294>0,VALUE(LEFT($F294,4)),\"\")","v":5525},{"$f":"IF(F294>0,IF(ISERROR(SEARCH(\"*FZ*\",$E294))=FALSE,\"FZ\",IF(ISERROR(SEARCH(\"*FR*\",$E294))=FALSE,\"FR\",\"Aucun\")),\"\")","v":"Aucun"},{"$f":"IF($C294=\"RM\",IF($U294=\"FR\",IF(ISNA(VLOOKUP($F:$F,lot,6,FALSE))=TRUE,VLOOKUP($T:$T,date,2,FALSE),VLOOKUP($F:$F,lot,6,FALSE)),\"\"),\"\")","v":""},{"$f":"IF($C294=\"RM\",IF($U294=\"Fz\",IF(ISNA(VLOOKUP($F:$F,lot,6,FALSE))=TRUE,VLOOKUP($T:$T,date,2,FALSE),VLOOKUP($F:$F,lot,6,FALSE)),\"\"),\"\")","v":""},{"$f":"IF($C294=\"FG\",VLOOKUP($A:$A,op,4,FALSE),\"\")","v":""},"2016-04-26",{"$f":"IF(C294=\"rm\",IF(U294=\"aucun\",\"OK\",IF(U294=\"fz\",IF(Y294-W294>730,Y294-W294,\"OK\"),IF(Y294-V294<1,1,Y294-V294))),\"\")","v":"OK"}]
["6176P05","Chicken","RM",125,"EMB HEAT SEALING 023038 / 8D PZ40 BLACK PADDED (LOBLAW)/ 400/CS","6146EM02",128,null,null,null,{"$f":"IF(ISNA(VLOOKUP($D:$D,rend,2,FALSE))=FALSE,VLOOKUP($D:$D,rend,2,FALSE),\"\")","v":""},{"$f":"IF($C295=\"RM\",IF(ISNA(VLOOKUP($F$2:$F$478,pos,2,FALSE))=FALSE,VLOOKUP($F295:$F$478,pos,2,FALSE),IF(ISNA(VLOOKUP($F$2:$F$478,lot,2,FALSE))=FALSE,VLOOKUP($F$2:$F$478,lot,2,FALSE),\"MANQUANT\")),\"\")","v":"PO-0021624"},{"$f":"IF($C295=\"RM\",IF(ISNA(VLOOKUP($F$2:$F$478,pos,3,FALSE))=FALSE,VLOOKUP($F295:$F719,pos,3,FALSE),\"OP\"),\"\")","v":"HEAT"},{"$f":"IF($C295=\"RM\",IF(ISNA(VLOOKUP($F295:$F$471,pos,4,FALSE))=FALSE,VLOOKUP($F$2:$F$471,pos,4,FALSE),\"\"),\"\")","v":4000},{"$f":"IF($C295=\"RM\",IF(ISNA(VLOOKUP($F$2:$F$478,pos,5,FALSE))=FALSE,VLOOKUP($F$2:$F$478,pos,5,FALSE),IF(ISNA(VLOOKUP($F$2:$F$478,lot,5,FALSE))=FALSE,VLOOKUP($F$2:$F$478,lot,5,FALSE),0)),\"\")","v":0.19500000000000001},{"$f":"IF($H295>0,VLOOKUP($D:$D,prix,15,FALSE),\"\")","v":""},{"$f":"IF($C295=\"RM\",$O295*$G295,\"\")","v":24.96},{"$f":"IF($H295>0,$H295*$P295,\"\")","v":""},null,{"$f":"IF($F295>0,VALUE(LEFT($F295,4)),\"\")","v":6146},{"$f":"IF(F295>0,IF(ISERROR(SEARCH(\"*FZ*\",$E295))=FALSE,\"FZ\",IF(ISERROR(SEARCH(\"*FR*\",$E295))=FALSE,\"FR\",\"Aucun\")),\"\")","v":"Aucun"},{"$f":"IF($C295=\"RM\",IF($U295=\"FR\",IF(ISNA(VLOOKUP($F:$F,lot,6,FALSE))=TRUE,VLOOKUP($T:$T,date,2,FALSE),VLOOKUP($F:$F,lot,6,FALSE)),\"\"),\"\")","v":""},{"$f":"IF($C295=\"RM\",IF($U295=\"Fz\",IF(ISNA(VLOOKUP($F:$F,lot,6,FALSE))=TRUE,VLOOKUP($T:$T,date,2,FALSE),VLOOKUP($F:$F,lot,6,FALSE)),\"\"),\"\")","v":""},{"$f":"IF($C295=\"FG\",VLOOKUP($A:$A,op,4,FALSE),\"\")","v":""},"2016-04-26",{"$f":"IF(C295=\"rm\",IF(U295=\"aucun\",\"OK\",IF(U295=\"fz\",IF(Y295-W295>730,Y295-W295,\"OK\"),IF(Y295-V295<1,1,Y295-V295))),\"\")","v":"OK"}]
["6176P05","Chicken","RM",303,"EMB BELLEY SAL04-1290 / TRAY BOX TOP (LOBLAW)/ 8X260","6154EM01",16,null,null,null,{"$f":"IF(ISNA(VLOOKUP($D:$D,rend,2,FALSE))=FALSE,VLOOKUP($D:$D,rend,2,FALSE),\"\")","v":""},{"$f":"IF($C296=\"RM\",IF(ISNA(VLOOKUP($F$2:$F$478,pos,2,FALSE))=FALSE,VLOOKUP($F296:$F$478,pos,2,FALSE),IF(ISNA(VLOOKUP($F$2:$F$478,lot,2,FALSE))=FALSE,VLOOKUP($F$2:$F$478,lot,2,FALSE),\"MANQUANT\")),\"\")","v":"PO-0021663"},{"$f":"IF($C296=\"RM\",IF(ISNA(VLOOKUP($F$2:$F$478,pos,3,FALSE))=FALSE,VLOOKUP($F296:$F720,pos,3,FALSE),\"OP\"),\"\")","v":"MITC"},{"$f":"IF($C296=\"RM\",IF(ISNA(VLOOKUP($F296:$F$471,pos,4,FALSE))=FALSE,VLOOKUP($F$2:$F$471,pos,4,FALSE),\"\"),\"\")","v":1440},{"$f":"IF($C296=\"RM\",IF(ISNA(VLOOKUP($F$2:$F$478,pos,5,FALSE))=FALSE,VLOOKUP($F$2:$F$478,pos,5,FALSE),IF(ISNA(VLOOKUP($F$2:$F$478,lot,5,FALSE))=FALSE,VLOOKUP($F$2:$F$478,lot,5,FALSE),0)),\"\")","v":0.75600000000000001},{"$f":"IF($H296>0,VLOOKUP($D:$D,prix,15,FALSE),\"\")","v":""},{"$f":"IF($C296=\"RM\",$O296*$G296,\"\")","v":12.096},{"$f":"IF($H296>0,$H296*$P296,\"\")","v":""},null,{"$f":"IF($F296>0,VALUE(LEFT($F296,4)),\"\")","v":6154},{"$f":"IF(F296>0,IF(ISERROR(SEARCH(\"*FZ*\",$E296))=FALSE,\"FZ\",IF(ISERROR(SEARCH(\"*FR*\",$E296))=FALSE,\"FR\",\"Aucun\")),\"\")","v":"Aucun"},{"$f":"IF($C296=\"RM\",IF($U296=\"FR\",IF(ISNA(VLOOKUP($F:$F,lot,6,FALSE))=TRUE,VLOOKUP($T:$T,date,2,FALSE),VLOOKUP($F:$F,lot,6,FALSE)),\"\"),\"\")","v":""},{"$f":"IF($C296=\"RM\",IF($U296=\"Fz\",IF(ISNA(VLOOKUP($F:$F,lot,6,FALSE))=TRUE,VLOOKUP($T:$T,date,2,FALSE),VLOOKUP($F:$F,lot,6,FALSE)),\"\"),\"\")","v":""},{"$f":"IF($C296=\"FG\",VLOOKUP($A:$A,op,4,FALSE),\"\")","v":""},"2016-04-26",{"$f":"IF(C296=\"rm\",IF(U296=\"aucun\",\"OK\",IF(U296=\"fz\",IF(Y296-W296>730,Y296-W296,\"OK\"),IF(Y296-V296<1,1,Y296-V296))),\"\")","v":"OK"}]
["6176P05","Chicken","RM",35006,"CH.LEGS *WHOLE* FR #D","6174P02",22.6,null,null,null,{"$f":"IF(ISNA(VLOOKUP($D:$D,rend,2,FALSE))=FALSE,VLOOKUP($D:$D,rend,2,FALSE),\"\")","v":0.91616344332738064},{"$f":"IF($C297=\"RM\",IF(ISNA(VLOOKUP($F$2:$F$478,pos,2,FALSE))=FALSE,VLOOKUP($F297:$F$478,pos,2,FALSE),IF(ISNA(VLOOKUP($F$2:$F$478,lot,2,FALSE))=FALSE,VLOOKUP($F$2:$F$478,lot,2,FALSE),\"MANQUANT\")),\"\")","v":"PO-0021768"},{"$f":"IF($C297=\"RM\",IF(ISNA(VLOOKUP($F$2:$F$478,pos,3,FALSE))=FALSE,VLOOKUP($F297:$F721,pos,3,FALSE),\"OP\"),\"\")","v":"EXCE"},{"$f":"IF($C297=\"RM\",IF(ISNA(VLOOKUP($F297:$F$471,pos,4,FALSE))=FALSE,VLOOKUP($F$2:$F$471,pos,4,FALSE),\"\"),\"\")","v":332},{"$f":"IF($C297=\"RM\",IF(ISNA(VLOOKUP($F$2:$F$478,pos,5,FALSE))=FALSE,VLOOKUP($F$2:$F$478,pos,5,FALSE),IF(ISNA(VLOOKUP($F$2:$F$478,lot,5,FALSE))=FALSE,VLOOKUP($F$2:$F$478,lot,5,FALSE),0)),\"\")","v":2},{"$f":"IF($H297>0,VLOOKUP($D:$D,prix,15,FALSE),\"\")","v":""},{"$f":"IF($C297=\"RM\",$O297*$G297,\"\")","v":45.2},{"$f":"IF($H297>0,$H297*$P297,\"\")","v":""},null,{"$f":"IF($F297>0,VALUE(LEFT($F297,4)),\"\")","v":6174},{"$f":"IF(F297>0,IF(ISERROR(SEARCH(\"*FZ*\",$E297))=FALSE,\"FZ\",IF(ISERROR(SEARCH(\"*FR*\",$E297))=FALSE,\"FR\",\"Aucun\")),\"\")","v":"FR"},{"$f":"IF($C297=\"RM\",IF($U297=\"FR\",IF(ISNA(VLOOKUP($F:$F,lot,6,FALSE))=TRUE,VLOOKUP($T:$T,date,2,FALSE),VLOOKUP($F:$F,lot,6,FALSE)),\"\"),\"\")","v":"2016-04-20"},{"$f":"IF($C297=\"RM\",IF($U297=\"Fz\",IF(ISNA(VLOOKUP($F:$F,lot,6,FALSE))=TRUE,VLOOKUP($T:$T,date,2,FALSE),VLOOKUP($F:$F,lot,6,FALSE)),\"\"),\"\")","v":""},{"$f":"IF($C297=\"FG\",VLOOKUP($A:$A,op,4,FALSE),\"\")","v":""},"2016-04-26",{"$f":"IF(C297=\"rm\",IF(U297=\"aucun\",\"OK\",IF(U297=\"fz\",IF(Y297-W297>730,Y297-W297,\"OK\"),IF(Y297-V297<1,1,Y297-V297))),\"\")","v":6}]
["6176P05","Chicken","RM",304,"EMB BELLEY SAL04-1300 / TRAY BOX BOTTOM (LOBLAW)/ 8X260","6176EM04",16,null,null,null,{"$f":"IF(ISNA(VLOOKUP($D:$D,rend,2,FALSE))=FALSE,VLOOKUP($D:$D,rend,2,FALSE),\"\")","v":""},{"$f":"IF($C298=\"RM\",IF(ISNA(VLOOKUP($F$2:$F$478,pos,2,FALSE))=FALSE,VLOOKUP($F298:$F$478,pos,2,FALSE),IF(ISNA(VLOOKUP($F$2:$F$478,lot,2,FALSE))=FALSE,VLOOKUP($F$2:$F$478,lot,2,FALSE),\"MANQUANT\")),\"\")","v":"PO-0021791"},{"$f":"IF($C298=\"RM\",IF(ISNA(VLOOKUP($F$2:$F$478,pos,3,FALSE))=FALSE,VLOOKUP($F298:$F722,pos,3,FALSE),\"OP\"),\"\")","v":"MITC"},{"$f":"IF($C298=\"RM\",IF(ISNA(VLOOKUP($F298:$F$471,pos,4,FALSE))=FALSE,VLOOKUP($F$2:$F$471,pos,4,FALSE),\"\"),\"\")","v":960},{"$f":"IF($C298=\"RM\",IF(ISNA(VLOOKUP($F$2:$F$478,pos,5,FALSE))=FALSE,VLOOKUP($F$2:$F$478,pos,5,FALSE),IF(ISNA(VLOOKUP($F$2:$F$478,lot,5,FALSE))=FALSE,VLOOKUP($F$2:$F$478,lot,5,FALSE),0)),\"\")","v":0.745},{"$f":"IF($H298>0,VLOOKUP($D:$D,prix,15,FALSE),\"\")","v":""},{"$f":"IF($C298=\"RM\",$O298*$G298,\"\")","v":11.92},{"$f":"IF($H298>0,$H298*$P298,\"\")","v":""},null,{"$f":"IF($F298>0,VALUE(LEFT($F298,4)),\"\")","v":6176},{"$f":"IF(F298>0,IF(ISERROR(SEARCH(\"*FZ*\",$E298))=FALSE,\"FZ\",IF(ISERROR(SEARCH(\"*FR*\",$E298))=FALSE,\"FR\",\"Aucun\")),\"\")","v":"Aucun"},{"$f":"IF($C298=\"RM\",IF($U298=\"FR\",IF(ISNA(VLOOKUP($F:$F,lot,6,FALSE))=TRUE,VLOOKUP($T:$T,date,2,FALSE),VLOOKUP($F:$F,lot,6,FALSE)),\"\"),\"\")","v":""},{"$f":"IF($C298=\"RM\",IF($U298=\"Fz\",IF(ISNA(VLOOKUP($F:$F,lot,6,FALSE))=TRUE,VLOOKUP($T:$T,date,2,FALSE),VLOOKUP($F:$F,lot,6,FALSE)),\"\"),\"\")","v":""},{"$f":"IF($C298=\"FG\",VLOOKUP($A:$A,op,4,FALSE),\"\")","v":""},"2016-04-26",{"$f":"IF(C298=\"rm\",IF(U298=\"aucun\",\"OK\",IF(U298=\"fz\",IF(Y298-W298>730,Y298-W298,\"OK\"),IF(Y298-V298<1,1,Y298-V298))),\"\")","v":"OK"}]
["6176P05","Chicken","RM",35006,"CH.LEGS *WHOLE* FR #D","6176P05",108.83,null,null,null,{"$f":"IF(ISNA(VLOOKUP($D:$D,rend,2,FALSE))=FALSE,VLOOKUP($D:$D,rend,2,FALSE),\"\")","v":0.91616344332738064},{"$f":"IF($C299=\"RM\",IF(ISNA(VLOOKUP($F$2:$F$478,pos,2,FALSE))=FALSE,VLOOKUP($F299:$F$478,pos,2,FALSE),IF(ISNA(VLOOKUP($F$2:$F$478,lot,2,FALSE))=FALSE,VLOOKUP($F$2:$F$478,lot,2,FALSE),\"MANQUANT\")),\"\")","v":"MANQUANT"},{"$f":"IF($C299=\"RM\",IF(ISNA(VLOOKUP($F$2:$F$478,pos,3,FALSE))=FALSE,VLOOKUP($F299:$F723,pos,3,FALSE),\"OP\"),\"\")","v":"OP"},{"$f":"IF($C299=\"RM\",IF(ISNA(VLOOKUP($F299:$F$471,pos,4,FALSE))=FALSE,VLOOKUP($F$2:$F$471,pos,4,FALSE),\"\"),\"\")","v":""},{"$f":"IF($C299=\"RM\",IF(ISNA(VLOOKUP($F$2:$F$478,pos,5,FALSE))=FALSE,VLOOKUP($F$2:$F$478,pos,5,FALSE),IF(ISNA(VLOOKUP($F$2:$F$478,lot,5,FALSE))=FALSE,VLOOKUP($F$2:$F$478,lot,5,FALSE),0)),\"\")","v":0},{"$f":"IF($H299>0,VLOOKUP($D:$D,prix,15,FALSE),\"\")","v":""},{"$f":"IF($C299=\"RM\",$O299*$G299,\"\")","v":0},{"$f":"IF($H299>0,$H299*$P299,\"\")","v":""},null,{"$f":"IF($F299>0,VALUE(LEFT($F299,4)),\"\")","v":6176},{"$f":"IF(F299>0,IF(ISERROR(SEARCH(\"*FZ*\",$E299))=FALSE,\"FZ\",IF(ISERROR(SEARCH(\"*FR*\",$E299))=FALSE,\"FR\",\"Aucun\")),\"\")","v":"FR"},{"$f":"IF($C299=\"RM\",IF($U299=\"FR\",IF(ISNA(VLOOKUP($F:$F,lot,6,FALSE))=TRUE,VLOOKUP($T:$T,date,2,FALSE),VLOOKUP($F:$F,lot,6,FALSE)),\"\"),\"\")","v":"2016-04-22"},{"$f":"IF($C299=\"RM\",IF($U299=\"Fz\",IF(ISNA(VLOOKUP($F:$F,lot,6,FALSE))=TRUE,VLOOKUP($T:$T,date,2,FALSE),VLOOKUP($F:$F,lot,6,FALSE)),\"\"),\"\")","v":""},{"$f":"IF($C299=\"FG\",VLOOKUP($A:$A,op,4,FALSE),\"\")","v":""},"2016-04-26",{"$f":"IF(C299=\"rm\",IF(U299=\"aucun\",\"OK\",IF(U299=\"fz\",IF(Y299-W299>730,Y299-W299,\"OK\"),IF(Y299-V299<1,1,Y299-V299))),\"\")","v":4}]
["6176P05","Chicken","FG",26020,"CUISSE DE POULET AVEC DOS ASS. BBQ *LOBLAW* (8 X 3-4/TRAY 8D black) FR @P","6176P052","",128.54,null,null,{"$f":"IF(ISNA(VLOOKUP($D:$D,rend,2,FALSE))=FALSE,VLOOKUP($D:$D,rend,2,FALSE),\"\")","v":0.80876323364252056},{"$f":"IF($C300=\"RM\",IF(ISNA(VLOOKUP($F$2:$F$478,pos,2,FALSE))=FALSE,VLOOKUP($F300:$F$478,pos,2,FALSE),IF(ISNA(VLOOKUP($F$2:$F$478,lot,2,FALSE))=FALSE,VLOOKUP($F$2:$F$478,lot,2,FALSE),\"MANQUANT\")),\"\")","v":""},{"$f":"IF($C300=\"RM\",IF(ISNA(VLOOKUP($F$2:$F$478,pos,3,FALSE))=FALSE,VLOOKUP($F300:$F724,pos,3,FALSE),\"OP\"),\"\")","v":""},{"$f":"IF($C300=\"RM\",IF(ISNA(VLOOKUP($F300:$F$471,pos,4,FALSE))=FALSE,VLOOKUP($F$2:$F$471,pos,4,FALSE),\"\"),\"\")","v":""},{"$f":"IF($C300=\"RM\",IF(ISNA(VLOOKUP($F$2:$F$478,pos,5,FALSE))=FALSE,VLOOKUP($F$2:$F$478,pos,5,FALSE),IF(ISNA(VLOOKUP($F$2:$F$478,lot,5,FALSE))=FALSE,VLOOKUP($F$2:$F$478,lot,5,FALSE),0)),\"\")","v":""},{"$f":"IF($H300>0,VLOOKUP($D:$D,prix,15,FALSE),\"\")","v":4.5},{"$f":"IF($C300=\"RM\",$O300*$G300,\"\")","v":""},{"$f":"IF($H300>0,$H300*$P300,\"\")","v":578.42999999999995},null,{"$f":"IF($F300>0,VALUE(LEFT($F300,4)),\"\")","v":6176},{"$f":"IF(F300>0,IF(ISERROR(SEARCH(\"*FZ*\",$E300))=FALSE,\"FZ\",IF(ISERROR(SEARCH(\"*FR*\",$E300))=FALSE,\"FR\",\"Aucun\")),\"\")","v":"FR"},{"$f":"IF($C300=\"RM\",IF($U300=\"FR\",IF(ISNA(VLOOKUP($F:$F,lot,6,FALSE))=TRUE,VLOOKUP($T:$T,date,2,FALSE),VLOOKUP($F:$F,lot,6,FALSE)),\"\"),\"\")","v":""},{"$f":"IF($C300=\"RM\",IF($U300=\"Fz\",IF(ISNA(VLOOKUP($F:$F,lot,6,FALSE))=TRUE,VLOOKUP($T:$T,date,2,FALSE),VLOOKUP($F:$F,lot,6,FALSE)),\"\"),\"\")","v":""},{"$f":"IF($C300=\"FG\",VLOOKUP($A:$A,op,4,FALSE),\"\")","v":"2016-04-22"},"2016-04-26",{"$f":"IF(C300=\"rm\",IF(U300=\"aucun\",\"OK\",IF(U300=\"fz\",IF(Y300-W300>730,Y300-W300,\"OK\"),IF(Y300-V300<1,1,Y300-V300))),\"\")","v":""}]
["6176P05 Total",null,null,null,null,null,{"$f":"SUBTOTAL(9,G292:G300)","v":550.40000000000009},{"$f":"SUBTOTAL(9,H292:H300)","v":128.54},null,null,null,null,null,null,null,null,{"$f":"SUBTOTAL(9,Q292:Q300)","v":127.47450000000001},{"$f":"SUBTOTAL(9,R292:R300)","v":578.42999999999995}]
["6176P05B","Chicken","RM",35006,"CH.LEGS *WHOLE* FR #D","6176P05",0.01,null,null,null,{"$f":"IF(ISNA(VLOOKUP($D:$D,rend,2,FALSE))=FALSE,VLOOKUP($D:$D,rend,2,FALSE),\"\")","v":0.91616344332738064},{"$f":"IF($C302=\"RM\",IF(ISNA(VLOOKUP($F$2:$F$478,pos,2,FALSE))=FALSE,VLOOKUP($F302:$F$478,pos,2,FALSE),IF(ISNA(VLOOKUP($F$2:$F$478,lot,2,FALSE))=FALSE,VLOOKUP($F$2:$F$478,lot,2,FALSE),\"MANQUANT\")),\"\")","v":"MANQUANT"},{"$f":"IF($C302=\"RM\",IF(ISNA(VLOOKUP($F$2:$F$478,pos,3,FALSE))=FALSE,VLOOKUP($F302:$F725,pos,3,FALSE),\"OP\"),\"\")","v":"OP"},{"$f":"IF($C302=\"RM\",IF(ISNA(VLOOKUP($F302:$F$471,pos,4,FALSE))=FALSE,VLOOKUP($F$2:$F$471,pos,4,FALSE),\"\"),\"\")","v":""},{"$f":"IF($C302=\"RM\",IF(ISNA(VLOOKUP($F$2:$F$478,pos,5,FALSE))=FALSE,VLOOKUP($F$2:$F$478,pos,5,FALSE),IF(ISNA(VLOOKUP($F$2:$F$478,lot,5,FALSE))=FALSE,VLOOKUP($F$2:$F$478,lot,5,FALSE),0)),\"\")","v":0},{"$f":"IF($H302>0,VLOOKUP($D:$D,prix,15,FALSE),\"\")","v":""},{"$f":"IF($C302=\"RM\",$O302*$G302,\"\")","v":0},{"$f":"IF($H302>0,$H302*$P302,\"\")","v":""},null,{"$f":"IF($F302>0,VALUE(LEFT($F302,4)),\"\")","v":6176},{"$f":"IF(F302>0,IF(ISERROR(SEARCH(\"*FZ*\",$E302))=FALSE,\"FZ\",IF(ISERROR(SEARCH(\"*FR*\",$E302))=FALSE,\"FR\",\"Aucun\")),\"\")","v":"FR"},{"$f":"IF($C302=\"RM\",IF($U302=\"FR\",IF(ISNA(VLOOKUP($F:$F,lot,6,FALSE))=TRUE,VLOOKUP($T:$T,date,2,FALSE),VLOOKUP($F:$F,lot,6,FALSE)),\"\"),\"\")","v":"2016-04-22"},{"$f":"IF($C302=\"RM\",IF($U302=\"Fz\",IF(ISNA(VLOOKUP($F:$F,lot,6,FALSE))=TRUE,VLOOKUP($T:$T,date,2,FALSE),VLOOKUP($F:$F,lot,6,FALSE)),\"\"),\"\")","v":""},{"$f":"IF($C302=\"FG\",VLOOKUP($A:$A,op,4,FALSE),\"\")","v":""},"2016-04-26",{"$f":"IF(C302=\"rm\",IF(U302=\"aucun\",\"OK\",IF(U302=\"fz\",IF(Y302-W302>730,Y302-W302,\"OK\"),IF(Y302-V302<1,1,Y302-V302))),\"\")","v":4}]
["6176P05B Total",null,null,null,null,null,{"$f":"SUBTOTAL(9,G302:G302)","v":0.01},{"$f":"SUBTOTAL(9,H302:H302)","v":0},null,null,null,null,null,null,null,null,{"$f":"SUBTOTAL(9,Q302:Q302)","v":0},{"$f":"SUBTOTAL(9,R302:R302)","v":0}]
["6176P06","Chicken","RM",6,"ING BSA 2B5F019 / ASS COTES-LEVEES POULET SAUPOUDRE / ALLERG: SULFITES","5325AS01",0.68,null,null,null,{"$f":"IF(ISNA(VLOOKUP($D:$D,rend,2,FALSE))=FALSE,VLOOKUP($D:$D,rend,2,FALSE),\"\")","v":""},{"$f":"IF($C304=\"RM\",IF(ISNA(VLOOKUP($F$2:$F$478,pos,2,FALSE))=FALSE,VLOOKUP($F304:$F$478,pos,2,FALSE),IF(ISNA(VLOOKUP($F$2:$F$478,lot,2,FALSE))=FALSE,VLOOKUP($F$2:$F$478,lot,2,FALSE),\"MANQUANT\")),\"\")","v":"PO-0020065"},{"$f":"IF($C304=\"RM\",IF(ISNA(VLOOKUP($F$2:$F$478,pos,3,FALSE))=FALSE,VLOOKUP($F304:$F726,pos,3,FALSE),\"OP\"),\"\")","v":"BSA"},{"$f":"IF($C304=\"RM\",IF(ISNA(VLOOKUP($F304:$F$471,pos,4,FALSE))=FALSE,VLOOKUP($F$2:$F$471,pos,4,FALSE),\"\"),\"\")","v":380},{"$f":"IF($C304=\"RM\",IF(ISNA(VLOOKUP($F$2:$F$478,pos,5,FALSE))=FALSE,VLOOKUP($F$2:$F$478,pos,5,FALSE),IF(ISNA(VLOOKUP($F$2:$F$478,lot,5,FALSE))=FALSE,VLOOKUP($F$2:$F$478,lot,5,FALSE),0)),\"\")","v":9.1300000000000008},{"$f":"IF($H304>0,VLOOKUP($D:$D,prix,15,FALSE),\"\")","v":""},{"$f":"IF($C304=\"RM\",$O304*$G304,\"\")","v":6.208400000000001},{"$f":"IF($H304>0,$H304*$P304,\"\")","v":""},null,{"$f":"IF($F304>0,VALUE(LEFT($F304,4)),\"\")","v":5325},{"$f":"IF(F304>0,IF(ISERROR(SEARCH(\"*FZ*\",$E304))=FALSE,\"FZ\",IF(ISERROR(SEARCH(\"*FR*\",$E304))=FALSE,\"FR\",\"Aucun\")),\"\")","v":"Aucun"},{"$f":"IF($C304=\"RM\",IF($U304=\"FR\",IF(ISNA(VLOOKUP($F:$F,lot,6,FALSE))=TRUE,VLOOKUP($T:$T,date,2,FALSE),VLOOKUP($F:$F,lot,6,FALSE)),\"\"),\"\")","v":""},{"$f":"IF($C304=\"RM\",IF($U304=\"Fz\",IF(ISNA(VLOOKUP($F:$F,lot,6,FALSE))=TRUE,VLOOKUP($T:$T,date,2,FALSE),VLOOKUP($F:$F,lot,6,FALSE)),\"\"),\"\")","v":""},{"$f":"IF($C304=\"FG\",VLOOKUP($A:$A,op,4,FALSE),\"\")","v":""},"2016-04-26",{"$f":"IF(C304=\"rm\",IF(U304=\"aucun\",\"OK\",IF(U304=\"fz\",IF(Y304-W304>730,Y304-W304,\"OK\"),IF(Y304-V304<1,1,Y304-V304))),\"\")","v":"OK"}]
["6176P06","Chicken","RM",133,"EMB FLEXO F8149C / 26036 (LOBLAW) / ETIQUETTE AILES POULET","5325EM06",32,null,null,null,{"$f":"IF(ISNA(VLOOKUP($D:$D,rend,2,FALSE))=FALSE,VLOOKUP($D:$D,rend,2,FALSE),\"\")","v":""},{"$f":"IF($C305=\"RM\",IF(ISNA(VLOOKUP($F$2:$F$478,pos,2,FALSE))=FALSE,VLOOKUP($F305:$F$478,pos,2,FALSE),IF(ISNA(VLOOKUP($F$2:$F$478,lot,2,FALSE))=FALSE,VLOOKUP($F$2:$F$478,lot,2,FALSE),\"MANQUANT\")),\"\")","v":"PO-0019989"},{"$f":"IF($C305=\"RM\",IF(ISNA(VLOOKUP($F$2:$F$478,pos,3,FALSE))=FALSE,VLOOKUP($F305:$F727,pos,3,FALSE),\"OP\"),\"\")","v":"FLEXO"},{"$f":"IF($C305=\"RM\",IF(ISNA(VLOOKUP($F305:$F$471,pos,4,FALSE))=FALSE,VLOOKUP($F$2:$F$471,pos,4,FALSE),\"\"),\"\")","v":10500},{"$f":"IF($C305=\"RM\",IF(ISNA(VLOOKUP($F$2:$F$478,pos,5,FALSE))=FALSE,VLOOKUP($F$2:$F$478,pos,5,FALSE),IF(ISNA(VLOOKUP($F$2:$F$478,lot,5,FALSE))=FALSE,VLOOKUP($F$2:$F$478,lot,5,FALSE),0)),\"\")","v":2.5999999999999999E-2},{"$f":"IF($H305>0,VLOOKUP($D:$D,prix,15,FALSE),\"\")","v":""},{"$f":"IF($C305=\"RM\",$O305*$G305,\"\")","v":0.83199999999999996},{"$f":"IF($H305>0,$H305*$P305,\"\")","v":""},null,{"$f":"IF($F305>0,VALUE(LEFT($F305,4)),\"\")","v":5325},{"$f":"IF(F305>0,IF(ISERROR(SEARCH(\"*FZ*\",$E305))=FALSE,\"FZ\",IF(ISERROR(SEARCH(\"*FR*\",$E305))=FALSE,\"FR\",\"Aucun\")),\"\")","v":"Aucun"},{"$f":"IF($C305=\"RM\",IF($U305=\"FR\",IF(ISNA(VLOOKUP($F:$F,lot,6,FALSE))=TRUE,VLOOKUP($T:$T,date,2,FALSE),VLOOKUP($F:$F,lot,6,FALSE)),\"\"),\"\")","v":""},{"$f":"IF($C305=\"RM\",IF($U305=\"Fz\",IF(ISNA(VLOOKUP($F:$F,lot,6,FALSE))=TRUE,VLOOKUP($T:$T,date,2,FALSE),VLOOKUP($F:$F,lot,6,FALSE)),\"\"),\"\")","v":""},{"$f":"IF($C305=\"FG\",VLOOKUP($A:$A,op,4,FALSE),\"\")","v":""},"2016-04-26",{"$f":"IF(C305=\"rm\",IF(U305=\"aucun\",\"OK\",IF(U305=\"fz\",IF(Y305-W305>730,Y305-W305,\"OK\"),IF(Y305-V305<1,1,Y305-V305))),\"\")","v":"OK"}]
["6176P06","Chicken","RM",108,"EMB ALIMENTS QUEBEC / ETIQUETTE ALIMENTS DU QUEBEC (LOBLAW)","5525EM01",32,null,null,null,{"$f":"IF(ISNA(VLOOKUP($D:$D,rend,2,FALSE))=FALSE,VLOOKUP($D:$D,rend,2,FALSE),\"\")","v":""},{"$f":"IF($C306=\"RM\",IF(ISNA(VLOOKUP($F$2:$F$478,pos,2,FALSE))=FALSE,VLOOKUP($F306:$F$478,pos,2,FALSE),IF(ISNA(VLOOKUP($F$2:$F$478,lot,2,FALSE))=FALSE,VLOOKUP($F$2:$F$478,lot,2,FALSE),\"MANQUANT\")),\"\")","v":"PO-0020950"},{"$f":"IF($C306=\"RM\",IF(ISNA(VLOOKUP($F$2:$F$478,pos,3,FALSE))=FALSE,VLOOKUP($F306:$F728,pos,3,FALSE),\"OP\"),\"\")","v":"CPAQ"},{"$f":"IF($C306=\"RM\",IF(ISNA(VLOOKUP($F306:$F$471,pos,4,FALSE))=FALSE,VLOOKUP($F$2:$F$471,pos,4,FALSE),\"\"),\"\")","v":40000},{"$f":"IF($C306=\"RM\",IF(ISNA(VLOOKUP($F$2:$F$478,pos,5,FALSE))=FALSE,VLOOKUP($F$2:$F$478,pos,5,FALSE),IF(ISNA(VLOOKUP($F$2:$F$478,lot,5,FALSE))=FALSE,VLOOKUP($F$2:$F$478,lot,5,FALSE),0)),\"\")","v":2.1000000000000001E-2},{"$f":"IF($H306>0,VLOOKUP($D:$D,prix,15,FALSE),\"\")","v":""},{"$f":"IF($C306=\"RM\",$O306*$G306,\"\")","v":0.67200000000000004},{"$f":"IF($H306>0,$H306*$P306,\"\")","v":""},null,{"$f":"IF($F306>0,VALUE(LEFT($F306,4)),\"\")","v":5525},{"$f":"IF(F306>0,IF(ISERROR(SEARCH(\"*FZ*\",$E306))=FALSE,\"FZ\",IF(ISERROR(SEARCH(\"*FR*\",$E306))=FALSE,\"FR\",\"Aucun\")),\"\")","v":"Aucun"},{"$f":"IF($C306=\"RM\",IF($U306=\"FR\",IF(ISNA(VLOOKUP($F:$F,lot,6,FALSE))=TRUE,VLOOKUP($T:$T,date,2,FALSE),VLOOKUP($F:$F,lot,6,FALSE)),\"\"),\"\")","v":""},{"$f":"IF($C306=\"RM\",IF($U306=\"Fz\",IF(ISNA(VLOOKUP($F:$F,lot,6,FALSE))=TRUE,VLOOKUP($T:$T,date,2,FALSE),VLOOKUP($F:$F,lot,6,FALSE)),\"\"),\"\")","v":""},{"$f":"IF($C306=\"FG\",VLOOKUP($A:$A,op,4,FALSE),\"\")","v":""},"2016-04-26",{"$f":"IF(C306=\"rm\",IF(U306=\"aucun\",\"OK\",IF(U306=\"fz\",IF(Y306-W306>730,Y306-W306,\"OK\"),IF(Y306-V306<1,1,Y306-V306))),\"\")","v":"OK"}]
["6176P06","Chicken","RM",125,"EMB HEAT SEALING 023038 / 8D PZ40 BLACK PADDED (LOBLAW)/ 400/CS","6146EM02",32,null,null,null,{"$f":"IF(ISNA(VLOOKUP($D:$D,rend,2,FALSE))=FALSE,VLOOKUP($D:$D,rend,2,FALSE),\"\")","v":""},{"$f":"IF($C307=\"RM\",IF(ISNA(VLOOKUP($F$2:$F$478,pos,2,FALSE))=FALSE,VLOOKUP($F307:$F$478,pos,2,FALSE),IF(ISNA(VLOOKUP($F$2:$F$478,lot,2,FALSE))=FALSE,VLOOKUP($F$2:$F$478,lot,2,FALSE),\"MANQUANT\")),\"\")","v":"PO-0021624"},{"$f":"IF($C307=\"RM\",IF(ISNA(VLOOKUP($F$2:$F$478,pos,3,FALSE))=FALSE,VLOOKUP($F307:$F729,pos,3,FALSE),\"OP\"),\"\")","v":"HEAT"},{"$f":"IF($C307=\"RM\",IF(ISNA(VLOOKUP($F307:$F$471,pos,4,FALSE))=FALSE,VLOOKUP($F$2:$F$471,pos,4,FALSE),\"\"),\"\")","v":4000},{"$f":"IF($C307=\"RM\",IF(ISNA(VLOOKUP($F$2:$F$478,pos,5,FALSE))=FALSE,VLOOKUP($F$2:$F$478,pos,5,FALSE),IF(ISNA(VLOOKUP($F$2:$F$478,lot,5,FALSE))=FALSE,VLOOKUP($F$2:$F$478,lot,5,FALSE),0)),\"\")","v":0.19500000000000001},{"$f":"IF($H307>0,VLOOKUP($D:$D,prix,15,FALSE),\"\")","v":""},{"$f":"IF($C307=\"RM\",$O307*$G307,\"\")","v":6.24},{"$f":"IF($H307>0,$H307*$P307,\"\")","v":""},null,{"$f":"IF($F307>0,VALUE(LEFT($F307,4)),\"\")","v":6146},{"$f":"IF(F307>0,IF(ISERROR(SEARCH(\"*FZ*\",$E307))=FALSE,\"FZ\",IF(ISERROR(SEARCH(\"*FR*\",$E307))=FALSE,\"FR\",\"Aucun\")),\"\")","v":"Aucun"},{"$f":"IF($C307=\"RM\",IF($U307=\"FR\",IF(ISNA(VLOOKUP($F:$F,lot,6,FALSE))=TRUE,VLOOKUP($T:$T,date,2,FALSE),VLOOKUP($F:$F,lot,6,FALSE)),\"\"),\"\")","v":""},{"$f":"IF($C307=\"RM\",IF($U307=\"Fz\",IF(ISNA(VLOOKUP($F:$F,lot,6,FALSE))=TRUE,VLOOKUP($T:$T,date,2,FALSE),VLOOKUP($F:$F,lot,6,FALSE)),\"\"),\"\")","v":""},{"$f":"IF($C307=\"FG\",VLOOKUP($A:$A,op,4,FALSE),\"\")","v":""},"2016-04-26",{"$f":"IF(C307=\"rm\",IF(U307=\"aucun\",\"OK\",IF(U307=\"fz\",IF(Y307-W307>730,Y307-W307,\"OK\"),IF(Y307-V307<1,1,Y307-V307))),\"\")","v":"OK"}]
["6176P06","Chicken","RM",304,"EMB BELLEY SAL04-1300 / TRAY BOX BOTTOM (LOBLAW)/ 8X260","6176EM04",4,null,null,null,{"$f":"IF(ISNA(VLOOKUP($D:$D,rend,2,FALSE))=FALSE,VLOOKUP($D:$D,rend,2,FALSE),\"\")","v":""},{"$f":"IF($C308=\"RM\",IF(ISNA(VLOOKUP($F$2:$F$478,pos,2,FALSE))=FALSE,VLOOKUP($F308:$F$478,pos,2,FALSE),IF(ISNA(VLOOKUP($F$2:$F$478,lot,2,FALSE))=FALSE,VLOOKUP($F$2:$F$478,lot,2,FALSE),\"MANQUANT\")),\"\")","v":"PO-0021791"},{"$f":"IF($C308=\"RM\",IF(ISNA(VLOOKUP($F$2:$F$478,pos,3,FALSE))=FALSE,VLOOKUP($F308:$F730,pos,3,FALSE),\"OP\"),\"\")","v":"MITC"},{"$f":"IF($C308=\"RM\",IF(ISNA(VLOOKUP($F308:$F$471,pos,4,FALSE))=FALSE,VLOOKUP($F$2:$F$471,pos,4,FALSE),\"\"),\"\")","v":960},{"$f":"IF($C308=\"RM\",IF(ISNA(VLOOKUP($F$2:$F$478,pos,5,FALSE))=FALSE,VLOOKUP($F$2:$F$478,pos,5,FALSE),IF(ISNA(VLOOKUP($F$2:$F$478,lot,5,FALSE))=FALSE,VLOOKUP($F$2:$F$478,lot,5,FALSE),0)),\"\")","v":0.745},{"$f":"IF($H308>0,VLOOKUP($D:$D,prix,15,FALSE),\"\")","v":""},{"$f":"IF($C308=\"RM\",$O308*$G308,\"\")","v":2.98},{"$f":"IF($H308>0,$H308*$P308,\"\")","v":""},null,{"$f":"IF($F308>0,VALUE(LEFT($F308,4)),\"\")","v":6176},{"$f":"IF(F308>0,IF(ISERROR(SEARCH(\"*FZ*\",$E308))=FALSE,\"FZ\",IF(ISERROR(SEARCH(\"*FR*\",$E308))=FALSE,\"FR\",\"Aucun\")),\"\")","v":"Aucun"},{"$f":"IF($C308=\"RM\",IF($U308=\"FR\",IF(ISNA(VLOOKUP($F:$F,lot,6,FALSE))=TRUE,VLOOKUP($T:$T,date,2,FALSE),VLOOKUP($F:$F,lot,6,FALSE)),\"\"),\"\")","v":""},{"$f":"IF($C308=\"RM\",IF($U308=\"Fz\",IF(ISNA(VLOOKUP($F:$F,lot,6,FALSE))=TRUE,VLOOKUP($T:$T,date,2,FALSE),VLOOKUP($F:$F,lot,6,FALSE)),\"\"),\"\")","v":""},{"$f":"IF($C308=\"FG\",VLOOKUP($A:$A,op,4,FALSE),\"\")","v":""},"2016-04-26",{"$f":"IF(C308=\"rm\",IF(U308=\"aucun\",\"OK\",IF(U308=\"fz\",IF(Y308-W308>730,Y308-W308,\"OK\"),IF(Y308-V308<1,1,Y308-V308))),\"\")","v":"OK"}]
["6176P06","Chicken","RM",303,"EMB BELLEY SAL04-1290 / TRAY BOX TOP (LOBLAW)/ 8X260","6176EM05",4,null,null,null,{"$f":"IF(ISNA(VLOOKUP($D:$D,rend,2,FALSE))=FALSE,VLOOKUP($D:$D,rend,2,FALSE),\"\")","v":""},{"$f":"IF($C309=\"RM\",IF(ISNA(VLOOKUP($F$2:$F$478,pos,2,FALSE))=FALSE,VLOOKUP($F309:$F$478,pos,2,FALSE),IF(ISNA(VLOOKUP($F$2:$F$478,lot,2,FALSE))=FALSE,VLOOKUP($F$2:$F$478,lot,2,FALSE),\"MANQUANT\")),\"\")","v":"PO-0021792"},{"$f":"IF($C309=\"RM\",IF(ISNA(VLOOKUP($F$2:$F$478,pos,3,FALSE))=FALSE,VLOOKUP($F309:$F731,pos,3,FALSE),\"OP\"),\"\")","v":"MITC"},{"$f":"IF($C309=\"RM\",IF(ISNA(VLOOKUP($F309:$F$471,pos,4,FALSE))=FALSE,VLOOKUP($F$2:$F$471,pos,4,FALSE),\"\"),\"\")","v":1108},{"$f":"IF($C309=\"RM\",IF(ISNA(VLOOKUP($F$2:$F$478,pos,5,FALSE))=FALSE,VLOOKUP($F$2:$F$478,pos,5,FALSE),IF(ISNA(VLOOKUP($F$2:$F$478,lot,5,FALSE))=FALSE,VLOOKUP($F$2:$F$478,lot,5,FALSE),0)),\"\")","v":0.75600000000000001},{"$f":"IF($H309>0,VLOOKUP($D:$D,prix,15,FALSE),\"\")","v":""},{"$f":"IF($C309=\"RM\",$O309*$G309,\"\")","v":3.024},{"$f":"IF($H309>0,$H309*$P309,\"\")","v":""},null,{"$f":"IF($F309>0,VALUE(LEFT($F309,4)),\"\")","v":6176},{"$f":"IF(F309>0,IF(ISERROR(SEARCH(\"*FZ*\",$E309))=FALSE,\"FZ\",IF(ISERROR(SEARCH(\"*FR*\",$E309))=FALSE,\"FR\",\"Aucun\")),\"\")","v":"Aucun"},{"$f":"IF($C309=\"RM\",IF($U309=\"FR\",IF(ISNA(VLOOKUP($F:$F,lot,6,FALSE))=TRUE,VLOOKUP($T:$T,date,2,FALSE),VLOOKUP($F:$F,lot,6,FALSE)),\"\"),\"\")","v":""},{"$f":"IF($C309=\"RM\",IF($U309=\"Fz\",IF(ISNA(VLOOKUP($F:$F,lot,6,FALSE))=TRUE,VLOOKUP($T:$T,date,2,FALSE),VLOOKUP($F:$F,lot,6,FALSE)),\"\"),\"\")","v":""},{"$f":"IF($C309=\"FG\",VLOOKUP($A:$A,op,4,FALSE),\"\")","v":""},"2016-04-26",{"$f":"IF(C309=\"rm\",IF(U309=\"aucun\",\"OK\",IF(U309=\"fz\",IF(Y309-W309>730,Y309-W309,\"OK\"),IF(Y309-V309<1,1,Y309-V309))),\"\")","v":"OK"}]
["6176P06","Chicken","RM",35836,"SPLIT CHICKEN WINGS*RM*18KG/CS FR","6176P06",30.55,null,null,null,{"$f":"IF(ISNA(VLOOKUP($D:$D,rend,2,FALSE))=FALSE,VLOOKUP($D:$D,rend,2,FALSE),\"\")","v":0.82640503470663029},{"$f":"IF($C310=\"RM\",IF(ISNA(VLOOKUP($F$2:$F$478,pos,2,FALSE))=FALSE,VLOOKUP($F310:$F$478,pos,2,FALSE),IF(ISNA(VLOOKUP($F$2:$F$478,lot,2,FALSE))=FALSE,VLOOKUP($F$2:$F$478,lot,2,FALSE),\"MANQUANT\")),\"\")","v":"MANQUANT"},{"$f":"IF($C310=\"RM\",IF(ISNA(VLOOKUP($F$2:$F$478,pos,3,FALSE))=FALSE,VLOOKUP($F310:$F732,pos,3,FALSE),\"OP\"),\"\")","v":"OP"},{"$f":"IF($C310=\"RM\",IF(ISNA(VLOOKUP($F310:$F$471,pos,4,FALSE))=FALSE,VLOOKUP($F$2:$F$471,pos,4,FALSE),\"\"),\"\")","v":""},{"$f":"IF($C310=\"RM\",IF(ISNA(VLOOKUP($F$2:$F$478,pos,5,FALSE))=FALSE,VLOOKUP($F$2:$F$478,pos,5,FALSE),IF(ISNA(VLOOKUP($F$2:$F$478,lot,5,FALSE))=FALSE,VLOOKUP($F$2:$F$478,lot,5,FALSE),0)),\"\")","v":0},{"$f":"IF($H310>0,VLOOKUP($D:$D,prix,15,FALSE),\"\")","v":""},{"$f":"IF($C310=\"RM\",$O310*$G310,\"\")","v":0},{"$f":"IF($H310>0,$H310*$P310,\"\")","v":""},null,{"$f":"IF($F310>0,VALUE(LEFT($F310,4)),\"\")","v":6176},{"$f":"IF(F310>0,IF(ISERROR(SEARCH(\"*FZ*\",$E310))=FALSE,\"FZ\",IF(ISERROR(SEARCH(\"*FR*\",$E310))=FALSE,\"FR\",\"Aucun\")),\"\")","v":"FR"},{"$f":"IF($C310=\"RM\",IF($U310=\"FR\",IF(ISNA(VLOOKUP($F:$F,lot,6,FALSE))=TRUE,VLOOKUP($T:$T,date,2,FALSE),VLOOKUP($F:$F,lot,6,FALSE)),\"\"),\"\")","v":"2016-04-22"},{"$f":"IF($C310=\"RM\",IF($U310=\"Fz\",IF(ISNA(VLOOKUP($F:$F,lot,6,FALSE))=TRUE,VLOOKUP($T:$T,date,2,FALSE),VLOOKUP($F:$F,lot,6,FALSE)),\"\"),\"\")","v":""},{"$f":"IF($C310=\"FG\",VLOOKUP($A:$A,op,4,FALSE),\"\")","v":""},"2016-04-26",{"$f":"IF(C310=\"rm\",IF(U310=\"aucun\",\"OK\",IF(U310=\"fz\",IF(Y310-W310>730,Y310-W310,\"OK\"),IF(Y310-V310<1,1,Y310-V310))),\"\")","v":4}]
["6176P06","Chicken","FG",26036,"AILES DE POULET BOUT ENLEVE ASS. BBQ *LOBLAW* (8 X 24/TRAY 8D black) FR @P","6176P061","",30.98,null,null,{"$f":"IF(ISNA(VLOOKUP($D:$D,rend,2,FALSE))=FALSE,VLOOKUP($D:$D,rend,2,FALSE),\"\")","v":0.94506187431556787},{"$f":"IF($C311=\"RM\",IF(ISNA(VLOOKUP($F$2:$F$478,pos,2,FALSE))=FALSE,VLOOKUP($F311:$F$478,pos,2,FALSE),IF(ISNA(VLOOKUP($F$2:$F$478,lot,2,FALSE))=FALSE,VLOOKUP($F$2:$F$478,lot,2,FALSE),\"MANQUANT\")),\"\")","v":""},{"$f":"IF($C311=\"RM\",IF(ISNA(VLOOKUP($F$2:$F$478,pos,3,FALSE))=FALSE,VLOOKUP($F311:$F733,pos,3,FALSE),\"OP\"),\"\")","v":""},{"$f":"IF($C311=\"RM\",IF(ISNA(VLOOKUP($F311:$F$471,pos,4,FALSE))=FALSE,VLOOKUP($F$2:$F$471,pos,4,FALSE),\"\"),\"\")","v":""},{"$f":"IF($C311=\"RM\",IF(ISNA(VLOOKUP($F$2:$F$478,pos,5,FALSE))=FALSE,VLOOKUP($F$2:$F$478,pos,5,FALSE),IF(ISNA(VLOOKUP($F$2:$F$478,lot,5,FALSE))=FALSE,VLOOKUP($F$2:$F$478,lot,5,FALSE),0)),\"\")","v":""},{"$f":"IF($H311>0,VLOOKUP($D:$D,prix,15,FALSE),\"\")","v":9.3000000000000007},{"$f":"IF($C311=\"RM\",$O311*$G311,\"\")","v":""},{"$f":"IF($H311>0,$H311*$P311,\"\")","v":288.11400000000003},null,{"$f":"IF($F311>0,VALUE(LEFT($F311,4)),\"\")","v":6176},{"$f":"IF(F311>0,IF(ISERROR(SEARCH(\"*FZ*\",$E311))=FALSE,\"FZ\",IF(ISERROR(SEARCH(\"*FR*\",$E311))=FALSE,\"FR\",\"Aucun\")),\"\")","v":"FR"},{"$f":"IF($C311=\"RM\",IF($U311=\"FR\",IF(ISNA(VLOOKUP($F:$F,lot,6,FALSE))=TRUE,VLOOKUP($T:$T,date,2,FALSE),VLOOKUP($F:$F,lot,6,FALSE)),\"\"),\"\")","v":""},{"$f":"IF($C311=\"RM\",IF($U311=\"Fz\",IF(ISNA(VLOOKUP($F:$F,lot,6,FALSE))=TRUE,VLOOKUP($T:$T,date,2,FALSE),VLOOKUP($F:$F,lot,6,FALSE)),\"\"),\"\")","v":""},{"$f":"IF($C311=\"FG\",VLOOKUP($A:$A,op,4,FALSE),\"\")","v":{"$error":"#N/A"}},"2016-04-26",{"$f":"IF(C311=\"rm\",IF(U311=\"aucun\",\"OK\",IF(U311=\"fz\",IF(Y311-W311>730,Y311-W311,\"OK\"),IF(Y311-V311<1,1,Y311-V311))),\"\")","v":""}]
["6176P06 Total",null,null,null,null,null,{"$f":"SUBTOTAL(9,G304:G311)","v":135.23000000000002},{"$f":"SUBTOTAL(9,H304:H311)","v":30.98},null,null,null,null,null,null,null,null,{"$f":"SUBTOTAL(9,Q304:Q311)","v":19.956400000000002},{"$f":"SUBTOTAL(9,R304:R311)","v":288.11400000000003}]
["6176P07","Chicken","RM",35015,"WHOLE CHICKEN* EXCELDOR 1.77-1.82 KG***AIR CHILLED***TIED FR #D","6176P07",26.9,null,null,null,{"$f":"IF(ISNA(VLOOKUP($D:$D,rend,2,FALSE))=FALSE,VLOOKUP($D:$D,rend,2,FALSE),\"\")","v":0.93048688280673253},{"$f":"IF($C313=\"RM\",IF(ISNA(VLOOKUP($F$2:$F$478,pos,2,FALSE))=FALSE,VLOOKUP($F313:$F$478,pos,2,FALSE),IF(ISNA(VLOOKUP($F$2:$F$478,lot,2,FALSE))=FALSE,VLOOKUP($F$2:$F$478,lot,2,FALSE),\"MANQUANT\")),\"\")","v":"MANQUANT"},{"$f":"IF($C313=\"RM\",IF(ISNA(VLOOKUP($F$2:$F$478,pos,3,FALSE))=FALSE,VLOOKUP($F313:$F734,pos,3,FALSE),\"OP\"),\"\")","v":"OP"},{"$f":"IF($C313=\"RM\",IF(ISNA(VLOOKUP($F313:$F$471,pos,4,FALSE))=FALSE,VLOOKUP($F$2:$F$471,pos,4,FALSE),\"\"),\"\")","v":""},{"$f":"IF($C313=\"RM\",IF(ISNA(VLOOKUP($F$2:$F$478,pos,5,FALSE))=FALSE,VLOOKUP($F$2:$F$478,pos,5,FALSE),IF(ISNA(VLOOKUP($F$2:$F$478,lot,5,FALSE))=FALSE,VLOOKUP($F$2:$F$478,lot,5,FALSE),0)),\"\")","v":0},{"$f":"IF($H313>0,VLOOKUP($D:$D,prix,15,FALSE),\"\")","v":""},{"$f":"IF($C313=\"RM\",$O313*$G313,\"\")","v":0},{"$f":"IF($H313>0,$H313*$P313,\"\")","v":""},null,{"$f":"IF($F313>0,VALUE(LEFT($F313,4)),\"\")","v":6176},{"$f":"IF(F313>0,IF(ISERROR(SEARCH(\"*FZ*\",$E313))=FALSE,\"FZ\",IF(ISERROR(SEARCH(\"*FR*\",$E313))=FALSE,\"FR\",\"Aucun\")),\"\")","v":"FR"},{"$f":"IF($C313=\"RM\",IF($U313=\"FR\",IF(ISNA(VLOOKUP($F:$F,lot,6,FALSE))=TRUE,VLOOKUP($T:$T,date,2,FALSE),VLOOKUP($F:$F,lot,6,FALSE)),\"\"),\"\")","v":"2016-04-22"},{"$f":"IF($C313=\"RM\",IF($U313=\"Fz\",IF(ISNA(VLOOKUP($F:$F,lot,6,FALSE))=TRUE,VLOOKUP($T:$T,date,2,FALSE),VLOOKUP($F:$F,lot,6,FALSE)),\"\"),\"\")","v":""},{"$f":"IF($C313=\"FG\",VLOOKUP($A:$A,op,4,FALSE),\"\")","v":""},"2016-04-26",{"$f":"IF(C313=\"rm\",IF(U313=\"aucun\",\"OK\",IF(U313=\"fz\",IF(Y313-W313>730,Y313-W313,\"OK\"),IF(Y313-V313<1,1,Y313-V313))),\"\")","v":4}]
["6176P07","Chicken","RM",35703,"BBQ CHICKEN 1.9-2.2 KG  **4 (UNIT/ CAISSES) FR #D","6176P071",5.48,null,null,null,{"$f":"IF(ISNA(VLOOKUP($D:$D,rend,2,FALSE))=FALSE,VLOOKUP($D:$D,rend,2,FALSE),\"\")","v":0.96054879189068032},{"$f":"IF($C314=\"RM\",IF(ISNA(VLOOKUP($F$2:$F$478,pos,2,FALSE))=FALSE,VLOOKUP($F314:$F$478,pos,2,FALSE),IF(ISNA(VLOOKUP($F$2:$F$478,lot,2,FALSE))=FALSE,VLOOKUP($F$2:$F$478,lot,2,FALSE),\"MANQUANT\")),\"\")","v":"6176P07"},{"$f":"IF($C314=\"RM\",IF(ISNA(VLOOKUP($F$2:$F$478,pos,3,FALSE))=FALSE,VLOOKUP($F314:$F735,pos,3,FALSE),\"OP\"),\"\")","v":"OP"},{"$f":"IF($C314=\"RM\",IF(ISNA(VLOOKUP($F314:$F$471,pos,4,FALSE))=FALSE,VLOOKUP($F$2:$F$471,pos,4,FALSE),\"\"),\"\")","v":""},{"$f":"IF($C314=\"RM\",IF(ISNA(VLOOKUP($F$2:$F$478,pos,5,FALSE))=FALSE,VLOOKUP($F$2:$F$478,pos,5,FALSE),IF(ISNA(VLOOKUP($F$2:$F$478,lot,5,FALSE))=FALSE,VLOOKUP($F$2:$F$478,lot,5,FALSE),0)),\"\")","v":4.051394833948339},{"$f":"IF($H314>0,VLOOKUP($D:$D,prix,15,FALSE),\"\")","v":""},{"$f":"IF($C314=\"RM\",$O314*$G314,\"\")","v":22.201643690036899},{"$f":"IF($H314>0,$H314*$P314,\"\")","v":""},null,{"$f":"IF($F314>0,VALUE(LEFT($F314,4)),\"\")","v":6176},{"$f":"IF(F314>0,IF(ISERROR(SEARCH(\"*FZ*\",$E314))=FALSE,\"FZ\",IF(ISERROR(SEARCH(\"*FR*\",$E314))=FALSE,\"FR\",\"Aucun\")),\"\")","v":"FR"},{"$f":"IF($C314=\"RM\",IF($U314=\"FR\",IF(ISNA(VLOOKUP($F:$F,lot,6,FALSE))=TRUE,VLOOKUP($T:$T,date,2,FALSE),VLOOKUP($F:$F,lot,6,FALSE)),\"\"),\"\")","v":"2016-04-22"},{"$f":"IF($C314=\"RM\",IF($U314=\"Fz\",IF(ISNA(VLOOKUP($F:$F,lot,6,FALSE))=TRUE,VLOOKUP($T:$T,date,2,FALSE),VLOOKUP($F:$F,lot,6,FALSE)),\"\"),\"\")","v":""},{"$f":"IF($C314=\"FG\",VLOOKUP($A:$A,op,4,FALSE),\"\")","v":""},"2016-04-26",{"$f":"IF(C314=\"rm\",IF(U314=\"aucun\",\"OK\",IF(U314=\"fz\",IF(Y314-W314>730,Y314-W314,\"OK\"),IF(Y314-V314<1,1,Y314-V314))),\"\")","v":4}]
["6176P07","Chicken","FG",35703,"BBQ CHICKEN 1.9-2.2 KG  **4 (UNIT/ CAISSES) FR #D","6176P072","",32.25,null,null,{"$f":"IF(ISNA(VLOOKUP($D:$D,rend,2,FALSE))=FALSE,VLOOKUP($D:$D,rend,2,FALSE),\"\")","v":0.96054879189068032},{"$f":"IF($C315=\"RM\",IF(ISNA(VLOOKUP($F$2:$F$478,pos,2,FALSE))=FALSE,VLOOKUP($F315:$F$478,pos,2,FALSE),IF(ISNA(VLOOKUP($F$2:$F$478,lot,2,FALSE))=FALSE,VLOOKUP($F$2:$F$478,lot,2,FALSE),\"MANQUANT\")),\"\")","v":""},{"$f":"IF($C315=\"RM\",IF(ISNA(VLOOKUP($F$2:$F$478,pos,3,FALSE))=FALSE,VLOOKUP($F315:$F736,pos,3,FALSE),\"OP\"),\"\")","v":""},{"$f":"IF($C315=\"RM\",IF(ISNA(VLOOKUP($F315:$F$471,pos,4,FALSE))=FALSE,VLOOKUP($F$2:$F$471,pos,4,FALSE),\"\"),\"\")","v":""},{"$f":"IF($C315=\"RM\",IF(ISNA(VLOOKUP($F$2:$F$478,pos,5,FALSE))=FALSE,VLOOKUP($F$2:$F$478,pos,5,FALSE),IF(ISNA(VLOOKUP($F$2:$F$478,lot,5,FALSE))=FALSE,VLOOKUP($F$2:$F$478,lot,5,FALSE),0)),\"\")","v":""},{"$f":"IF($H315>0,VLOOKUP($D:$D,prix,15,FALSE),\"\")","v":4.59},{"$f":"IF($C315=\"RM\",$O315*$G315,\"\")","v":""},{"$f":"IF($H315>0,$H315*$P315,\"\")","v":148.0275},null,{"$f":"IF($F315>0,VALUE(LEFT($F315,4)),\"\")","v":6176},{"$f":"IF(F315>0,IF(ISERROR(SEARCH(\"*FZ*\",$E315))=FALSE,\"FZ\",IF(ISERROR(SEARCH(\"*FR*\",$E315))=FALSE,\"FR\",\"Aucun\")),\"\")","v":"FR"},{"$f":"IF($C315=\"RM\",IF($U315=\"FR\",IF(ISNA(VLOOKUP($F:$F,lot,6,FALSE))=TRUE,VLOOKUP($T:$T,date,2,FALSE),VLOOKUP($F:$F,lot,6,FALSE)),\"\"),\"\")","v":""},{"$f":"IF($C315=\"RM\",IF($U315=\"Fz\",IF(ISNA(VLOOKUP($F:$F,lot,6,FALSE))=TRUE,VLOOKUP($T:$T,date,2,FALSE),VLOOKUP($F:$F,lot,6,FALSE)),\"\"),\"\")","v":""},{"$f":"IF($C315=\"FG\",VLOOKUP($A:$A,op,4,FALSE),\"\")","v":"2016-04-22"},"2016-04-26",{"$f":"IF(C315=\"rm\",IF(U315=\"aucun\",\"OK\",IF(U315=\"fz\",IF(Y315-W315>730,Y315-W315,\"OK\"),IF(Y315-V315<1,1,Y315-V315))),\"\")","v":""}]
["6176P07 Total",null,null,null,null,null,{"$f":"SUBTOTAL(9,G313:G315)","v":32.379999999999995},{"$f":"SUBTOTAL(9,H313:H315)","v":32.25},null,null,null,null,null,null,null,null,{"$f":"SUBTOTAL(9,Q313:Q315)","v":22.201643690036899},{"$f":"SUBTOTAL(9,R313:R315)","v":148.0275}]
["6177P01","Chicken","RM",35004,"CH.BREAST NO BACK *CANADIAN**AIR** FR #D","6177P01",1950.41,null,null,null,{"$f":"IF(ISNA(VLOOKUP($D:$D,rend,2,FALSE))=FALSE,VLOOKUP($D:$D,rend,2,FALSE),\"\")","v":0.69861999513592132},{"$f":"IF($C317=\"RM\",IF(ISNA(VLOOKUP($F$2:$F$478,pos,2,FALSE))=FALSE,VLOOKUP($F317:$F$478,pos,2,FALSE),IF(ISNA(VLOOKUP($F$2:$F$478,lot,2,FALSE))=FALSE,VLOOKUP($F$2:$F$478,lot,2,FALSE),\"MANQUANT\")),\"\")","v":"PO-0021802"},{"$f":"IF($C317=\"RM\",IF(ISNA(VLOOKUP($F$2:$F$478,pos,3,FALSE))=FALSE,VLOOKUP($F317:$F737,pos,3,FALSE),\"OP\"),\"\")","v":"EXCE"},{"$f":"IF($C317=\"RM\",IF(ISNA(VLOOKUP($F317:$F$471,pos,4,FALSE))=FALSE,VLOOKUP($F$2:$F$471,pos,4,FALSE),\"\"),\"\")","v":2568.5700000000002},{"$f":"IF($C317=\"RM\",IF(ISNA(VLOOKUP($F$2:$F$478,pos,5,FALSE))=FALSE,VLOOKUP($F$2:$F$478,pos,5,FALSE),IF(ISNA(VLOOKUP($F$2:$F$478,lot,5,FALSE))=FALSE,VLOOKUP($F$2:$F$478,lot,5,FALSE),0)),\"\")","v":4.75},{"$f":"IF($H317>0,VLOOKUP($D:$D,prix,15,FALSE),\"\")","v":""},{"$f":"IF($C317=\"RM\",$O317*$G317,\"\")","v":9264.4475000000002},{"$f":"IF($H317>0,$H317*$P317,\"\")","v":""},null,{"$f":"IF($F317>0,VALUE(LEFT($F317,4)),\"\")","v":6177},{"$f":"IF(F317>0,IF(ISERROR(SEARCH(\"*FZ*\",$E317))=FALSE,\"FZ\",IF(ISERROR(SEARCH(\"*FR*\",$E317))=FALSE,\"FR\",\"Aucun\")),\"\")","v":"FR"},{"$f":"IF($C317=\"RM\",IF($U317=\"FR\",IF(ISNA(VLOOKUP($F:$F,lot,6,FALSE))=TRUE,VLOOKUP($T:$T,date,2,FALSE),VLOOKUP($F:$F,lot,6,FALSE)),\"\"),\"\")","v":"2016-04-23"},{"$f":"IF($C317=\"RM\",IF($U317=\"Fz\",IF(ISNA(VLOOKUP($F:$F,lot,6,FALSE))=TRUE,VLOOKUP($T:$T,date,2,FALSE),VLOOKUP($F:$F,lot,6,FALSE)),\"\"),\"\")","v":""},{"$f":"IF($C317=\"FG\",VLOOKUP($A:$A,op,4,FALSE),\"\")","v":""},"2016-04-26",{"$f":"IF(C317=\"rm\",IF(U317=\"aucun\",\"OK\",IF(U317=\"fz\",IF(Y317-W317>730,Y317-W317,\"OK\"),IF(Y317-V317<1,1,Y317-V317))),\"\")","v":3}]
["6177P01","Chicken","FG",35740,"BNLESS CHICKEN BREAST* PAPILLION**SMAL-MEDIUM FR @P","6177P011","",131.6,null,null,{"$f":"IF(ISNA(VLOOKUP($D:$D,rend,2,FALSE))=FALSE,VLOOKUP($D:$D,rend,2,FALSE),\"\")","v":0.72026941335910277},{"$f":"IF($C318=\"RM\",IF(ISNA(VLOOKUP($F$2:$F$478,pos,2,FALSE))=FALSE,VLOOKUP($F318:$F$478,pos,2,FALSE),IF(ISNA(VLOOKUP($F$2:$F$478,lot,2,FALSE))=FALSE,VLOOKUP($F$2:$F$478,lot,2,FALSE),\"MANQUANT\")),\"\")","v":""},{"$f":"IF($C318=\"RM\",IF(ISNA(VLOOKUP($F$2:$F$478,pos,3,FALSE))=FALSE,VLOOKUP($F318:$F738,pos,3,FALSE),\"OP\"),\"\")","v":""},{"$f":"IF($C318=\"RM\",IF(ISNA(VLOOKUP($F318:$F$471,pos,4,FALSE))=FALSE,VLOOKUP($F$2:$F$471,pos,4,FALSE),\"\"),\"\")","v":""},{"$f":"IF($C318=\"RM\",IF(ISNA(VLOOKUP($F$2:$F$478,pos,5,FALSE))=FALSE,VLOOKUP($F$2:$F$478,pos,5,FALSE),IF(ISNA(VLOOKUP($F$2:$F$478,lot,5,FALSE))=FALSE,VLOOKUP($F$2:$F$478,lot,5,FALSE),0)),\"\")","v":""},{"$f":"IF($H318>0,VLOOKUP($D:$D,prix,15,FALSE),\"\")","v":8.75},{"$f":"IF($C318=\"RM\",$O318*$G318,\"\")","v":""},{"$f":"IF($H318>0,$H318*$P318,\"\")","v":1151.5},null,{"$f":"IF($F318>0,VALUE(LEFT($F318,4)),\"\")","v":6177},{"$f":"IF(F318>0,IF(ISERROR(SEARCH(\"*FZ*\",$E318))=FALSE,\"FZ\",IF(ISERROR(SEARCH(\"*FR*\",$E318))=FALSE,\"FR\",\"Aucun\")),\"\")","v":"FR"},{"$f":"IF($C318=\"RM\",IF($U318=\"FR\",IF(ISNA(VLOOKUP($F:$F,lot,6,FALSE))=TRUE,VLOOKUP($T:$T,date,2,FALSE),VLOOKUP($F:$F,lot,6,FALSE)),\"\"),\"\")","v":""},{"$f":"IF($C318=\"RM\",IF($U318=\"Fz\",IF(ISNA(VLOOKUP($F:$F,lot,6,FALSE))=TRUE,VLOOKUP($T:$T,date,2,FALSE),VLOOKUP($F:$F,lot,6,FALSE)),\"\"),\"\")","v":""},{"$f":"IF($C318=\"FG\",VLOOKUP($A:$A,op,4,FALSE),\"\")","v":{"$error":"#N/A"}},"2016-04-26",{"$f":"IF(C318=\"rm\",IF(U318=\"aucun\",\"OK\",IF(U318=\"fz\",IF(Y318-W318>730,Y318-W318,\"OK\"),IF(Y318-V318<1,1,Y318-V318))),\"\")","v":""}]
["6177P01","Chicken","FG",38000,"POITRINE POULET DESOSSE PAPILLION UNIFORME 5 KG/ CS**12-14 OZ FR @P","6177P0110","",115,null,null,{"$f":"IF(ISNA(VLOOKUP($D:$D,rend,2,FALSE))=FALSE,VLOOKUP($D:$D,rend,2,FALSE),\"\")","v":0.7160876155279885},{"$f":"IF($C319=\"RM\",IF(ISNA(VLOOKUP($F$2:$F$478,pos,2,FALSE))=FALSE,VLOOKUP($F319:$F$478,pos,2,FALSE),IF(ISNA(VLOOKUP($F$2:$F$478,lot,2,FALSE))=FALSE,VLOOKUP($F$2:$F$478,lot,2,FALSE),\"MANQUANT\")),\"\")","v":""},{"$f":"IF($C319=\"RM\",IF(ISNA(VLOOKUP($F$2:$F$478,pos,3,FALSE))=FALSE,VLOOKUP($F319:$F739,pos,3,FALSE),\"OP\"),\"\")","v":""},{"$f":"IF($C319=\"RM\",IF(ISNA(VLOOKUP($F319:$F$471,pos,4,FALSE))=FALSE,VLOOKUP($F$2:$F$471,pos,4,FALSE),\"\"),\"\")","v":""},{"$f":"IF($C319=\"RM\",IF(ISNA(VLOOKUP($F$2:$F$478,pos,5,FALSE))=FALSE,VLOOKUP($F$2:$F$478,pos,5,FALSE),IF(ISNA(VLOOKUP($F$2:$F$478,lot,5,FALSE))=FALSE,VLOOKUP($F$2:$F$478,lot,5,FALSE),0)),\"\")","v":""},{"$f":"IF($H319>0,VLOOKUP($D:$D,prix,15,FALSE),\"\")","v":8.75},{"$f":"IF($C319=\"RM\",$O319*$G319,\"\")","v":""},{"$f":"IF($H319>0,$H319*$P319,\"\")","v":1006.25},null,{"$f":"IF($F319>0,VALUE(LEFT($F319,4)),\"\")","v":6177},{"$f":"IF(F319>0,IF(ISERROR(SEARCH(\"*FZ*\",$E319))=FALSE,\"FZ\",IF(ISERROR(SEARCH(\"*FR*\",$E319))=FALSE,\"FR\",\"Aucun\")),\"\")","v":"FR"},{"$f":"IF($C319=\"RM\",IF($U319=\"FR\",IF(ISNA(VLOOKUP($F:$F,lot,6,FALSE))=TRUE,VLOOKUP($T:$T,date,2,FALSE),VLOOKUP($F:$F,lot,6,FALSE)),\"\"),\"\")","v":""},{"$f":"IF($C319=\"RM\",IF($U319=\"Fz\",IF(ISNA(VLOOKUP($F:$F,lot,6,FALSE))=TRUE,VLOOKUP($T:$T,date,2,FALSE),VLOOKUP($F:$F,lot,6,FALSE)),\"\"),\"\")","v":""},{"$f":"IF($C319=\"FG\",VLOOKUP($A:$A,op,4,FALSE),\"\")","v":{"$error":"#N/A"}},"2016-04-26",{"$f":"IF(C319=\"rm\",IF(U319=\"aucun\",\"OK\",IF(U319=\"fz\",IF(Y319-W319>730,Y319-W319,\"OK\"),IF(Y319-V319<1,1,Y319-V319))),\"\")","v":""}]
["6177P01","Chicken","FG",35727,"CH.FILET N.F FR @P","6177P0111","",40,null,null,{"$f":"IF(ISNA(VLOOKUP($D:$D,rend,2,FALSE))=FALSE,VLOOKUP($D:$D,rend,2,FALSE),\"\")","v":0.67836957072619342},{"$f":"IF($C320=\"RM\",IF(ISNA(VLOOKUP($F$2:$F$478,pos,2,FALSE))=FALSE,VLOOKUP($F320:$F$478,pos,2,FALSE),IF(ISNA(VLOOKUP($F$2:$F$478,lot,2,FALSE))=FALSE,VLOOKUP($F$2:$F$478,lot,2,FALSE),\"MANQUANT\")),\"\")","v":""},{"$f":"IF($C320=\"RM\",IF(ISNA(VLOOKUP($F$2:$F$478,pos,3,FALSE))=FALSE,VLOOKUP($F320:$F740,pos,3,FALSE),\"OP\"),\"\")","v":""},{"$f":"IF($C320=\"RM\",IF(ISNA(VLOOKUP($F320:$F$471,pos,4,FALSE))=FALSE,VLOOKUP($F$2:$F$471,pos,4,FALSE),\"\"),\"\")","v":""},{"$f":"IF($C320=\"RM\",IF(ISNA(VLOOKUP($F$2:$F$478,pos,5,FALSE))=FALSE,VLOOKUP($F$2:$F$478,pos,5,FALSE),IF(ISNA(VLOOKUP($F$2:$F$478,lot,5,FALSE))=FALSE,VLOOKUP($F$2:$F$478,lot,5,FALSE),0)),\"\")","v":""},{"$f":"IF($H320>0,VLOOKUP($D:$D,prix,15,FALSE),\"\")","v":8.75},{"$f":"IF($C320=\"RM\",$O320*$G320,\"\")","v":""},{"$f":"IF($H320>0,$H320*$P320,\"\")","v":350},null,{"$f":"IF($F320>0,VALUE(LEFT($F320,4)),\"\")","v":6177},{"$f":"IF(F320>0,IF(ISERROR(SEARCH(\"*FZ*\",$E320))=FALSE,\"FZ\",IF(ISERROR(SEARCH(\"*FR*\",$E320))=FALSE,\"FR\",\"Aucun\")),\"\")","v":"FR"},{"$f":"IF($C320=\"RM\",IF($U320=\"FR\",IF(ISNA(VLOOKUP($F:$F,lot,6,FALSE))=TRUE,VLOOKUP($T:$T,date,2,FALSE),VLOOKUP($F:$F,lot,6,FALSE)),\"\"),\"\")","v":""},{"$f":"IF($C320=\"RM\",IF($U320=\"Fz\",IF(ISNA(VLOOKUP($F:$F,lot,6,FALSE))=TRUE,VLOOKUP($T:$T,date,2,FALSE),VLOOKUP($F:$F,lot,6,FALSE)),\"\"),\"\")","v":""},{"$f":"IF($C320=\"FG\",VLOOKUP($A:$A,op,4,FALSE),\"\")","v":{"$error":"#N/A"}},"2016-04-26",{"$f":"IF(C320=\"rm\",IF(U320=\"aucun\",\"OK\",IF(U320=\"fz\",IF(Y320-W320>730,Y320-W320,\"OK\"),IF(Y320-V320<1,1,Y320-V320))),\"\")","v":""}]
["6177P01","Chicken","FG",35802,"CHICKEN TRIMMINGS 80% FZ #D","6177P0112","",75,null,null,{"$f":"IF(ISNA(VLOOKUP($D:$D,rend,2,FALSE))=FALSE,VLOOKUP($D:$D,rend,2,FALSE),\"\")","v":0.83345280817828782},{"$f":"IF($C321=\"RM\",IF(ISNA(VLOOKUP($F$2:$F$478,pos,2,FALSE))=FALSE,VLOOKUP($F321:$F$478,pos,2,FALSE),IF(ISNA(VLOOKUP($F$2:$F$478,lot,2,FALSE))=FALSE,VLOOKUP($F$2:$F$478,lot,2,FALSE),\"MANQUANT\")),\"\")","v":""},{"$f":"IF($C321=\"RM\",IF(ISNA(VLOOKUP($F$2:$F$478,pos,3,FALSE))=FALSE,VLOOKUP($F321:$F741,pos,3,FALSE),\"OP\"),\"\")","v":""},{"$f":"IF($C321=\"RM\",IF(ISNA(VLOOKUP($F321:$F$471,pos,4,FALSE))=FALSE,VLOOKUP($F$2:$F$471,pos,4,FALSE),\"\"),\"\")","v":""},{"$f":"IF($C321=\"RM\",IF(ISNA(VLOOKUP($F$2:$F$478,pos,5,FALSE))=FALSE,VLOOKUP($F$2:$F$478,pos,5,FALSE),IF(ISNA(VLOOKUP($F$2:$F$478,lot,5,FALSE))=FALSE,VLOOKUP($F$2:$F$478,lot,5,FALSE),0)),\"\")","v":""},{"$f":"IF($H321>0,VLOOKUP($D:$D,prix,15,FALSE),\"\")","v":2.75},{"$f":"IF($C321=\"RM\",$O321*$G321,\"\")","v":""},{"$f":"IF($H321>0,$H321*$P321,\"\")","v":206.25},null,{"$f":"IF($F321>0,VALUE(LEFT($F321,4)),\"\")","v":6177},{"$f":"IF(F321>0,IF(ISERROR(SEARCH(\"*FZ*\",$E321))=FALSE,\"FZ\",IF(ISERROR(SEARCH(\"*FR*\",$E321))=FALSE,\"FR\",\"Aucun\")),\"\")","v":"FZ"},{"$f":"IF($C321=\"RM\",IF($U321=\"FR\",IF(ISNA(VLOOKUP($F:$F,lot,6,FALSE))=TRUE,VLOOKUP($T:$T,date,2,FALSE),VLOOKUP($F:$F,lot,6,FALSE)),\"\"),\"\")","v":""},{"$f":"IF($C321=\"RM\",IF($U321=\"Fz\",IF(ISNA(VLOOKUP($F:$F,lot,6,FALSE))=TRUE,VLOOKUP($T:$T,date,2,FALSE),VLOOKUP($F:$F,lot,6,FALSE)),\"\"),\"\")","v":""},{"$f":"IF($C321=\"FG\",VLOOKUP($A:$A,op,4,FALSE),\"\")","v":{"$error":"#N/A"}},"2016-04-26",{"$f":"IF(C321=\"rm\",IF(U321=\"aucun\",\"OK\",IF(U321=\"fz\",IF(Y321-W321>730,Y321-W321,\"OK\"),IF(Y321-V321<1,1,Y321-V321))),\"\")","v":""}]
["6177P01","Chicken","FG",35750,"CHICKEN FINGERS FR #D","6177P0113","",110,null,null,{"$f":"IF(ISNA(VLOOKUP($D:$D,rend,2,FALSE))=FALSE,VLOOKUP($D:$D,rend,2,FALSE),\"\")","v":0.73420780594965107},{"$f":"IF($C322=\"RM\",IF(ISNA(VLOOKUP($F$2:$F$478,pos,2,FALSE))=FALSE,VLOOKUP($F322:$F$478,pos,2,FALSE),IF(ISNA(VLOOKUP($F$2:$F$478,lot,2,FALSE))=FALSE,VLOOKUP($F$2:$F$478,lot,2,FALSE),\"MANQUANT\")),\"\")","v":""},{"$f":"IF($C322=\"RM\",IF(ISNA(VLOOKUP($F$2:$F$478,pos,3,FALSE))=FALSE,VLOOKUP($F322:$F742,pos,3,FALSE),\"OP\"),\"\")","v":""},{"$f":"IF($C322=\"RM\",IF(ISNA(VLOOKUP($F322:$F$471,pos,4,FALSE))=FALSE,VLOOKUP($F$2:$F$471,pos,4,FALSE),\"\"),\"\")","v":""},{"$f":"IF($C322=\"RM\",IF(ISNA(VLOOKUP($F$2:$F$478,pos,5,FALSE))=FALSE,VLOOKUP($F$2:$F$478,pos,5,FALSE),IF(ISNA(VLOOKUP($F$2:$F$478,lot,5,FALSE))=FALSE,VLOOKUP($F$2:$F$478,lot,5,FALSE),0)),\"\")","v":""},{"$f":"IF($H322>0,VLOOKUP($D:$D,prix,15,FALSE),\"\")","v":6.5},{"$f":"IF($C322=\"RM\",$O322*$G322,\"\")","v":""},{"$f":"IF($H322>0,$H322*$P322,\"\")","v":715},null,{"$f":"IF($F322>0,VALUE(LEFT($F322,4)),\"\")","v":6177},{"$f":"IF(F322>0,IF(ISERROR(SEARCH(\"*FZ*\",$E322))=FALSE,\"FZ\",IF(ISERROR(SEARCH(\"*FR*\",$E322))=FALSE,\"FR\",\"Aucun\")),\"\")","v":"FR"},{"$f":"IF($C322=\"RM\",IF($U322=\"FR\",IF(ISNA(VLOOKUP($F:$F,lot,6,FALSE))=TRUE,VLOOKUP($T:$T,date,2,FALSE),VLOOKUP($F:$F,lot,6,FALSE)),\"\"),\"\")","v":""},{"$f":"IF($C322=\"RM\",IF($U322=\"Fz\",IF(ISNA(VLOOKUP($F:$F,lot,6,FALSE))=TRUE,VLOOKUP($T:$T,date,2,FALSE),VLOOKUP($F:$F,lot,6,FALSE)),\"\"),\"\")","v":""},{"$f":"IF($C322=\"FG\",VLOOKUP($A:$A,op,4,FALSE),\"\")","v":{"$error":"#N/A"}},"2016-04-26",{"$f":"IF(C322=\"rm\",IF(U322=\"aucun\",\"OK\",IF(U322=\"fz\",IF(Y322-W322>730,Y322-W322,\"OK\"),IF(Y322-V322<1,1,Y322-V322))),\"\")","v":""}]
["6177P01","Chicken","FG",35721,"BONELESS CHICKEN BREAST BUTTERFLY BIG FR #D","6177P0114","",20,null,null,{"$f":"IF(ISNA(VLOOKUP($D:$D,rend,2,FALSE))=FALSE,VLOOKUP($D:$D,rend,2,FALSE),\"\")","v":0.73270192931405309},{"$f":"IF($C323=\"RM\",IF(ISNA(VLOOKUP($F$2:$F$478,pos,2,FALSE))=FALSE,VLOOKUP($F323:$F$478,pos,2,FALSE),IF(ISNA(VLOOKUP($F$2:$F$478,lot,2,FALSE))=FALSE,VLOOKUP($F$2:$F$478,lot,2,FALSE),\"MANQUANT\")),\"\")","v":""},{"$f":"IF($C323=\"RM\",IF(ISNA(VLOOKUP($F$2:$F$478,pos,3,FALSE))=FALSE,VLOOKUP($F323:$F743,pos,3,FALSE),\"OP\"),\"\")","v":""},{"$f":"IF($C323=\"RM\",IF(ISNA(VLOOKUP($F323:$F$471,pos,4,FALSE))=FALSE,VLOOKUP($F$2:$F$471,pos,4,FALSE),\"\"),\"\")","v":""},{"$f":"IF($C323=\"RM\",IF(ISNA(VLOOKUP($F$2:$F$478,pos,5,FALSE))=FALSE,VLOOKUP($F$2:$F$478,pos,5,FALSE),IF(ISNA(VLOOKUP($F$2:$F$478,lot,5,FALSE))=FALSE,VLOOKUP($F$2:$F$478,lot,5,FALSE),0)),\"\")","v":""},{"$f":"IF($H323>0,VLOOKUP($D:$D,prix,15,FALSE),\"\")","v":8.4},{"$f":"IF($C323=\"RM\",$O323*$G323,\"\")","v":""},{"$f":"IF($H323>0,$H323*$P323,\"\")","v":168},null,{"$f":"IF($F323>0,VALUE(LEFT($F323,4)),\"\")","v":6177},{"$f":"IF(F323>0,IF(ISERROR(SEARCH(\"*FZ*\",$E323))=FALSE,\"FZ\",IF(ISERROR(SEARCH(\"*FR*\",$E323))=FALSE,\"FR\",\"Aucun\")),\"\")","v":"FR"},{"$f":"IF($C323=\"RM\",IF($U323=\"FR\",IF(ISNA(VLOOKUP($F:$F,lot,6,FALSE))=TRUE,VLOOKUP($T:$T,date,2,FALSE),VLOOKUP($F:$F,lot,6,FALSE)),\"\"),\"\")","v":""},{"$f":"IF($C323=\"RM\",IF($U323=\"Fz\",IF(ISNA(VLOOKUP($F:$F,lot,6,FALSE))=TRUE,VLOOKUP($T:$T,date,2,FALSE),VLOOKUP($F:$F,lot,6,FALSE)),\"\"),\"\")","v":""},{"$f":"IF($C323=\"FG\",VLOOKUP($A:$A,op,4,FALSE),\"\")","v":{"$error":"#N/A"}},"2016-04-26",{"$f":"IF(C323=\"rm\",IF(U323=\"aucun\",\"OK\",IF(U323=\"fz\",IF(Y323-W323>730,Y323-W323,\"OK\"),IF(Y323-V323<1,1,Y323-V323))),\"\")","v":""}]
["6177P01","Chicken","FG",37001,"CHICKEN *IN PROCESS* 6 OZ CODE: 26048,36311,35776 FR @P","6177P0115","",10,null,null,{"$f":"IF(ISNA(VLOOKUP($D:$D,rend,2,FALSE))=FALSE,VLOOKUP($D:$D,rend,2,FALSE),\"\")","v":0.82664039078471685},{"$f":"IF($C324=\"RM\",IF(ISNA(VLOOKUP($F$2:$F$478,pos,2,FALSE))=FALSE,VLOOKUP($F324:$F$478,pos,2,FALSE),IF(ISNA(VLOOKUP($F$2:$F$478,lot,2,FALSE))=FALSE,VLOOKUP($F$2:$F$478,lot,2,FALSE),\"MANQUANT\")),\"\")","v":""},{"$f":"IF($C324=\"RM\",IF(ISNA(VLOOKUP($F$2:$F$478,pos,3,FALSE))=FALSE,VLOOKUP($F324:$F744,pos,3,FALSE),\"OP\"),\"\")","v":""},{"$f":"IF($C324=\"RM\",IF(ISNA(VLOOKUP($F324:$F$471,pos,4,FALSE))=FALSE,VLOOKUP($F$2:$F$471,pos,4,FALSE),\"\"),\"\")","v":""},{"$f":"IF($C324=\"RM\",IF(ISNA(VLOOKUP($F$2:$F$478,pos,5,FALSE))=FALSE,VLOOKUP($F$2:$F$478,pos,5,FALSE),IF(ISNA(VLOOKUP($F$2:$F$478,lot,5,FALSE))=FALSE,VLOOKUP($F$2:$F$478,lot,5,FALSE),0)),\"\")","v":""},{"$f":"IF($H324>0,VLOOKUP($D:$D,prix,15,FALSE),\"\")","v":9.5},{"$f":"IF($C324=\"RM\",$O324*$G324,\"\")","v":""},{"$f":"IF($H324>0,$H324*$P324,\"\")","v":95},null,{"$f":"IF($F324>0,VALUE(LEFT($F324,4)),\"\")","v":6177},{"$f":"IF(F324>0,IF(ISERROR(SEARCH(\"*FZ*\",$E324))=FALSE,\"FZ\",IF(ISERROR(SEARCH(\"*FR*\",$E324))=FALSE,\"FR\",\"Aucun\")),\"\")","v":"FR"},{"$f":"IF($C324=\"RM\",IF($U324=\"FR\",IF(ISNA(VLOOKUP($F:$F,lot,6,FALSE))=TRUE,VLOOKUP($T:$T,date,2,FALSE),VLOOKUP($F:$F,lot,6,FALSE)),\"\"),\"\")","v":""},{"$f":"IF($C324=\"RM\",IF($U324=\"Fz\",IF(ISNA(VLOOKUP($F:$F,lot,6,FALSE))=TRUE,VLOOKUP($T:$T,date,2,FALSE),VLOOKUP($F:$F,lot,6,FALSE)),\"\"),\"\")","v":""},{"$f":"IF($C324=\"FG\",VLOOKUP($A:$A,op,4,FALSE),\"\")","v":{"$error":"#N/A"}},"2016-04-26",{"$f":"IF(C324=\"rm\",IF(U324=\"aucun\",\"OK\",IF(U324=\"fz\",IF(Y324-W324>730,Y324-W324,\"OK\"),IF(Y324-V324<1,1,Y324-V324))),\"\")","v":""}]
["6177P01","Chicken","FG",37002,"CHICKEN *IN PROCESS* 7 OZ CODE: 36704,35777,35747 FR @P","6177P0116","",95,null,null,{"$f":"IF(ISNA(VLOOKUP($D:$D,rend,2,FALSE))=FALSE,VLOOKUP($D:$D,rend,2,FALSE),\"\")","v":0.78309963630295676},{"$f":"IF($C325=\"RM\",IF(ISNA(VLOOKUP($F$2:$F$478,pos,2,FALSE))=FALSE,VLOOKUP($F325:$F$478,pos,2,FALSE),IF(ISNA(VLOOKUP($F$2:$F$478,lot,2,FALSE))=FALSE,VLOOKUP($F$2:$F$478,lot,2,FALSE),\"MANQUANT\")),\"\")","v":""},{"$f":"IF($C325=\"RM\",IF(ISNA(VLOOKUP($F$2:$F$478,pos,3,FALSE))=FALSE,VLOOKUP($F325:$F745,pos,3,FALSE),\"OP\"),\"\")","v":""},{"$f":"IF($C325=\"RM\",IF(ISNA(VLOOKUP($F325:$F$471,pos,4,FALSE))=FALSE,VLOOKUP($F$2:$F$471,pos,4,FALSE),\"\"),\"\")","v":""},{"$f":"IF($C325=\"RM\",IF(ISNA(VLOOKUP($F$2:$F$478,pos,5,FALSE))=FALSE,VLOOKUP($F$2:$F$478,pos,5,FALSE),IF(ISNA(VLOOKUP($F$2:$F$478,lot,5,FALSE))=FALSE,VLOOKUP($F$2:$F$478,lot,5,FALSE),0)),\"\")","v":""},{"$f":"IF($H325>0,VLOOKUP($D:$D,prix,15,FALSE),\"\")","v":9.5},{"$f":"IF($C325=\"RM\",$O325*$G325,\"\")","v":""},{"$f":"IF($H325>0,$H325*$P325,\"\")","v":902.5},null,{"$f":"IF($F325>0,VALUE(LEFT($F325,4)),\"\")","v":6177},{"$f":"IF(F325>0,IF(ISERROR(SEARCH(\"*FZ*\",$E325))=FALSE,\"FZ\",IF(ISERROR(SEARCH(\"*FR*\",$E325))=FALSE,\"FR\",\"Aucun\")),\"\")","v":"FR"},{"$f":"IF($C325=\"RM\",IF($U325=\"FR\",IF(ISNA(VLOOKUP($F:$F,lot,6,FALSE))=TRUE,VLOOKUP($T:$T,date,2,FALSE),VLOOKUP($F:$F,lot,6,FALSE)),\"\"),\"\")","v":""},{"$f":"IF($C325=\"RM\",IF($U325=\"Fz\",IF(ISNA(VLOOKUP($F:$F,lot,6,FALSE))=TRUE,VLOOKUP($T:$T,date,2,FALSE),VLOOKUP($F:$F,lot,6,FALSE)),\"\"),\"\")","v":""},{"$f":"IF($C325=\"FG\",VLOOKUP($A:$A,op,4,FALSE),\"\")","v":{"$error":"#N/A"}},"2016-04-26",{"$f":"IF(C325=\"rm\",IF(U325=\"aucun\",\"OK\",IF(U325=\"fz\",IF(Y325-W325>730,Y325-W325,\"OK\"),IF(Y325-V325<1,1,Y325-V325))),\"\")","v":""}]
["6177P01","Chicken","FG",37006,"CHICKEN *IN PROCESS* 4 OZ FR @P","6177P0117","",8,null,null,{"$f":"IF(ISNA(VLOOKUP($D:$D,rend,2,FALSE))=FALSE,VLOOKUP($D:$D,rend,2,FALSE),\"\")","v":0.84379099121122703},{"$f":"IF($C326=\"RM\",IF(ISNA(VLOOKUP($F$2:$F$478,pos,2,FALSE))=FALSE,VLOOKUP($F326:$F$478,pos,2,FALSE),IF(ISNA(VLOOKUP($F$2:$F$478,lot,2,FALSE))=FALSE,VLOOKUP($F$2:$F$478,lot,2,FALSE),\"MANQUANT\")),\"\")","v":""},{"$f":"IF($C326=\"RM\",IF(ISNA(VLOOKUP($F$2:$F$478,pos,3,FALSE))=FALSE,VLOOKUP($F326:$F746,pos,3,FALSE),\"OP\"),\"\")","v":""},{"$f":"IF($C326=\"RM\",IF(ISNA(VLOOKUP($F326:$F$471,pos,4,FALSE))=FALSE,VLOOKUP($F$2:$F$471,pos,4,FALSE),\"\"),\"\")","v":""},{"$f":"IF($C326=\"RM\",IF(ISNA(VLOOKUP($F$2:$F$478,pos,5,FALSE))=FALSE,VLOOKUP($F$2:$F$478,pos,5,FALSE),IF(ISNA(VLOOKUP($F$2:$F$478,lot,5,FALSE))=FALSE,VLOOKUP($F$2:$F$478,lot,5,FALSE),0)),\"\")","v":""},{"$f":"IF($H326>0,VLOOKUP($D:$D,prix,15,FALSE),\"\")","v":8.5},{"$f":"IF($C326=\"RM\",$O326*$G326,\"\")","v":""},{"$f":"IF($H326>0,$H326*$P326,\"\")","v":68},null,{"$f":"IF($F326>0,VALUE(LEFT($F326,4)),\"\")","v":6177},{"$f":"IF(F326>0,IF(ISERROR(SEARCH(\"*FZ*\",$E326))=FALSE,\"FZ\",IF(ISERROR(SEARCH(\"*FR*\",$E326))=FALSE,\"FR\",\"Aucun\")),\"\")","v":"FR"},{"$f":"IF($C326=\"RM\",IF($U326=\"FR\",IF(ISNA(VLOOKUP($F:$F,lot,6,FALSE))=TRUE,VLOOKUP($T:$T,date,2,FALSE),VLOOKUP($F:$F,lot,6,FALSE)),\"\"),\"\")","v":""},{"$f":"IF($C326=\"RM\",IF($U326=\"Fz\",IF(ISNA(VLOOKUP($F:$F,lot,6,FALSE))=TRUE,VLOOKUP($T:$T,date,2,FALSE),VLOOKUP($F:$F,lot,6,FALSE)),\"\"),\"\")","v":""},{"$f":"IF($C326=\"FG\",VLOOKUP($A:$A,op,4,FALSE),\"\")","v":{"$error":"#N/A"}},"2016-04-26",{"$f":"IF(C326=\"rm\",IF(U326=\"aucun\",\"OK\",IF(U326=\"fz\",IF(Y326-W326>730,Y326-W326,\"OK\"),IF(Y326-V326<1,1,Y326-V326))),\"\")","v":""}]
["6177P01","Chicken","FG",37004,"BONELESS CH.BREAST *IN PROCESS* FR @P","6177P0118","",51,null,null,{"$f":"IF(ISNA(VLOOKUP($D:$D,rend,2,FALSE))=FALSE,VLOOKUP($D:$D,rend,2,FALSE),\"\")","v":0.80480511567184854},{"$f":"IF($C327=\"RM\",IF(ISNA(VLOOKUP($F$2:$F$478,pos,2,FALSE))=FALSE,VLOOKUP($F327:$F$478,pos,2,FALSE),IF(ISNA(VLOOKUP($F$2:$F$478,lot,2,FALSE))=FALSE,VLOOKUP($F$2:$F$478,lot,2,FALSE),\"MANQUANT\")),\"\")","v":""},{"$f":"IF($C327=\"RM\",IF(ISNA(VLOOKUP($F$2:$F$478,pos,3,FALSE))=FALSE,VLOOKUP($F327:$F747,pos,3,FALSE),\"OP\"),\"\")","v":""},{"$f":"IF($C327=\"RM\",IF(ISNA(VLOOKUP($F327:$F$471,pos,4,FALSE))=FALSE,VLOOKUP($F$2:$F$471,pos,4,FALSE),\"\"),\"\")","v":""},{"$f":"IF($C327=\"RM\",IF(ISNA(VLOOKUP($F$2:$F$478,pos,5,FALSE))=FALSE,VLOOKUP($F$2:$F$478,pos,5,FALSE),IF(ISNA(VLOOKUP($F$2:$F$478,lot,5,FALSE))=FALSE,VLOOKUP($F$2:$F$478,lot,5,FALSE),0)),\"\")","v":""},{"$f":"IF($H327>0,VLOOKUP($D:$D,prix,15,FALSE),\"\")","v":7.5},{"$f":"IF($C327=\"RM\",$O327*$G327,\"\")","v":""},{"$f":"IF($H327>0,$H327*$P327,\"\")","v":382.5},null,{"$f":"IF($F327>0,VALUE(LEFT($F327,4)),\"\")","v":6177},{"$f":"IF(F327>0,IF(ISERROR(SEARCH(\"*FZ*\",$E327))=FALSE,\"FZ\",IF(ISERROR(SEARCH(\"*FR*\",$E327))=FALSE,\"FR\",\"Aucun\")),\"\")","v":"FR"},{"$f":"IF($C327=\"RM\",IF($U327=\"FR\",IF(ISNA(VLOOKUP($F:$F,lot,6,FALSE))=TRUE,VLOOKUP($T:$T,date,2,FALSE),VLOOKUP($F:$F,lot,6,FALSE)),\"\"),\"\")","v":""},{"$f":"IF($C327=\"RM\",IF($U327=\"Fz\",IF(ISNA(VLOOKUP($F:$F,lot,6,FALSE))=TRUE,VLOOKUP($T:$T,date,2,FALSE),VLOOKUP($F:$F,lot,6,FALSE)),\"\"),\"\")","v":""},{"$f":"IF($C327=\"FG\",VLOOKUP($A:$A,op,4,FALSE),\"\")","v":{"$error":"#N/A"}},"2016-04-26",{"$f":"IF(C327=\"rm\",IF(U327=\"aucun\",\"OK\",IF(U327=\"fz\",IF(Y327-W327>730,Y327-W327,\"OK\"),IF(Y327-V327<1,1,Y327-V327))),\"\")","v":""}]
["6177P01","Chicken","FG",37003,"FULL TRIM RANDOM *IN PROCESS* CODE: 26019,27056,35760 FR @P","6177P0119","",46.66,null,null,{"$f":"IF(ISNA(VLOOKUP($D:$D,rend,2,FALSE))=FALSE,VLOOKUP($D:$D,rend,2,FALSE),\"\")","v":0.8474087549148519},{"$f":"IF($C328=\"RM\",IF(ISNA(VLOOKUP($F$2:$F$478,pos,2,FALSE))=FALSE,VLOOKUP($F328:$F$478,pos,2,FALSE),IF(ISNA(VLOOKUP($F$2:$F$478,lot,2,FALSE))=FALSE,VLOOKUP($F$2:$F$478,lot,2,FALSE),\"MANQUANT\")),\"\")","v":""},{"$f":"IF($C328=\"RM\",IF(ISNA(VLOOKUP($F$2:$F$478,pos,3,FALSE))=FALSE,VLOOKUP($F328:$F748,pos,3,FALSE),\"OP\"),\"\")","v":""},{"$f":"IF($C328=\"RM\",IF(ISNA(VLOOKUP($F328:$F$471,pos,4,FALSE))=FALSE,VLOOKUP($F$2:$F$471,pos,4,FALSE),\"\"),\"\")","v":""},{"$f":"IF($C328=\"RM\",IF(ISNA(VLOOKUP($F$2:$F$478,pos,5,FALSE))=FALSE,VLOOKUP($F$2:$F$478,pos,5,FALSE),IF(ISNA(VLOOKUP($F$2:$F$478,lot,5,FALSE))=FALSE,VLOOKUP($F$2:$F$478,lot,5,FALSE),0)),\"\")","v":""},{"$f":"IF($H328>0,VLOOKUP($D:$D,prix,15,FALSE),\"\")","v":11.5},{"$f":"IF($C328=\"RM\",$O328*$G328,\"\")","v":""},{"$f":"IF($H328>0,$H328*$P328,\"\")","v":536.58999999999992},null,{"$f":"IF($F328>0,VALUE(LEFT($F328,4)),\"\")","v":6177},{"$f":"IF(F328>0,IF(ISERROR(SEARCH(\"*FZ*\",$E328))=FALSE,\"FZ\",IF(ISERROR(SEARCH(\"*FR*\",$E328))=FALSE,\"FR\",\"Aucun\")),\"\")","v":"FR"},{"$f":"IF($C328=\"RM\",IF($U328=\"FR\",IF(ISNA(VLOOKUP($F:$F,lot,6,FALSE))=TRUE,VLOOKUP($T:$T,date,2,FALSE),VLOOKUP($F:$F,lot,6,FALSE)),\"\"),\"\")","v":""},{"$f":"IF($C328=\"RM\",IF($U328=\"Fz\",IF(ISNA(VLOOKUP($F:$F,lot,6,FALSE))=TRUE,VLOOKUP($T:$T,date,2,FALSE),VLOOKUP($F:$F,lot,6,FALSE)),\"\"),\"\")","v":""},{"$f":"IF($C328=\"FG\",VLOOKUP($A:$A,op,4,FALSE),\"\")","v":{"$error":"#N/A"}},"2016-04-26",{"$f":"IF(C328=\"rm\",IF(U328=\"aucun\",\"OK\",IF(U328=\"fz\",IF(Y328-W328>730,Y328-W328,\"OK\"),IF(Y328-V328<1,1,Y328-V328))),\"\")","v":""}]
["6177P01","Chicken","FG",35720,"CH.FILET*SKIN ON * BNLSS FR @P","6177P012","",25,null,null,{"$f":"IF(ISNA(VLOOKUP($D:$D,rend,2,FALSE))=FALSE,VLOOKUP($D:$D,rend,2,FALSE),\"\")","v":0.72370067185253073},{"$f":"IF($C329=\"RM\",IF(ISNA(VLOOKUP($F$2:$F$478,pos,2,FALSE))=FALSE,VLOOKUP($F329:$F$478,pos,2,FALSE),IF(ISNA(VLOOKUP($F$2:$F$478,lot,2,FALSE))=FALSE,VLOOKUP($F$2:$F$478,lot,2,FALSE),\"MANQUANT\")),\"\")","v":""},{"$f":"IF($C329=\"RM\",IF(ISNA(VLOOKUP($F$2:$F$478,pos,3,FALSE))=FALSE,VLOOKUP($F329:$F749,pos,3,FALSE),\"OP\"),\"\")","v":""},{"$f":"IF($C329=\"RM\",IF(ISNA(VLOOKUP($F329:$F$471,pos,4,FALSE))=FALSE,VLOOKUP($F$2:$F$471,pos,4,FALSE),\"\"),\"\")","v":""},{"$f":"IF($C329=\"RM\",IF(ISNA(VLOOKUP($F$2:$F$478,pos,5,FALSE))=FALSE,VLOOKUP($F$2:$F$478,pos,5,FALSE),IF(ISNA(VLOOKUP($F$2:$F$478,lot,5,FALSE))=FALSE,VLOOKUP($F$2:$F$478,lot,5,FALSE),0)),\"\")","v":""},{"$f":"IF($H329>0,VLOOKUP($D:$D,prix,15,FALSE),\"\")","v":7.35},{"$f":"IF($C329=\"RM\",$O329*$G329,\"\")","v":""},{"$f":"IF($H329>0,$H329*$P329,\"\")","v":183.75},null,{"$f":"IF($F329>0,VALUE(LEFT($F329,4)),\"\")","v":6177},{"$f":"IF(F329>0,IF(ISERROR(SEARCH(\"*FZ*\",$E329))=FALSE,\"FZ\",IF(ISERROR(SEARCH(\"*FR*\",$E329))=FALSE,\"FR\",\"Aucun\")),\"\")","v":"FR"},{"$f":"IF($C329=\"RM\",IF($U329=\"FR\",IF(ISNA(VLOOKUP($F:$F,lot,6,FALSE))=TRUE,VLOOKUP($T:$T,date,2,FALSE),VLOOKUP($F:$F,lot,6,FALSE)),\"\"),\"\")","v":""},{"$f":"IF($C329=\"RM\",IF($U329=\"Fz\",IF(ISNA(VLOOKUP($F:$F,lot,6,FALSE))=TRUE,VLOOKUP($T:$T,date,2,FALSE),VLOOKUP($F:$F,lot,6,FALSE)),\"\"),\"\")","v":""},{"$f":"IF($C329=\"FG\",VLOOKUP($A:$A,op,4,FALSE),\"\")","v":{"$error":"#N/A"}},"2016-04-26",{"$f":"IF(C329=\"rm\",IF(U329=\"aucun\",\"OK\",IF(U329=\"fz\",IF(Y329-W329>730,Y329-W329,\"OK\"),IF(Y329-V329<1,1,Y329-V329))),\"\")","v":""}]
["6177P01","Chicken","FG",35005,"CH.BREAST NO BACK (U.S)*40LB FR #D","6177P013","",313.38,null,null,{"$f":"IF(ISNA(VLOOKUP($D:$D,rend,2,FALSE))=FALSE,VLOOKUP($D:$D,rend,2,FALSE),\"\")","v":0.7604224173614238},{"$f":"IF($C330=\"RM\",IF(ISNA(VLOOKUP($F$2:$F$478,pos,2,FALSE))=FALSE,VLOOKUP($F330:$F$478,pos,2,FALSE),IF(ISNA(VLOOKUP($F$2:$F$478,lot,2,FALSE))=FALSE,VLOOKUP($F$2:$F$478,lot,2,FALSE),\"MANQUANT\")),\"\")","v":""},{"$f":"IF($C330=\"RM\",IF(ISNA(VLOOKUP($F$2:$F$478,pos,3,FALSE))=FALSE,VLOOKUP($F330:$F750,pos,3,FALSE),\"OP\"),\"\")","v":""},{"$f":"IF($C330=\"RM\",IF(ISNA(VLOOKUP($F330:$F$471,pos,4,FALSE))=FALSE,VLOOKUP($F$2:$F$471,pos,4,FALSE),\"\"),\"\")","v":""},{"$f":"IF($C330=\"RM\",IF(ISNA(VLOOKUP($F$2:$F$478,pos,5,FALSE))=FALSE,VLOOKUP($F$2:$F$478,pos,5,FALSE),IF(ISNA(VLOOKUP($F$2:$F$478,lot,5,FALSE))=FALSE,VLOOKUP($F$2:$F$478,lot,5,FALSE),0)),\"\")","v":""},{"$f":"IF($H330>0,VLOOKUP($D:$D,prix,15,FALSE),\"\")","v":5.25},{"$f":"IF($C330=\"RM\",$O330*$G330,\"\")","v":""},{"$f":"IF($H330>0,$H330*$P330,\"\")","v":1645.2449999999999},null,{"$f":"IF($F330>0,VALUE(LEFT($F330,4)),\"\")","v":6177},{"$f":"IF(F330>0,IF(ISERROR(SEARCH(\"*FZ*\",$E330))=FALSE,\"FZ\",IF(ISERROR(SEARCH(\"*FR*\",$E330))=FALSE,\"FR\",\"Aucun\")),\"\")","v":"FR"},{"$f":"IF($C330=\"RM\",IF($U330=\"FR\",IF(ISNA(VLOOKUP($F:$F,lot,6,FALSE))=TRUE,VLOOKUP($T:$T,date,2,FALSE),VLOOKUP($F:$F,lot,6,FALSE)),\"\"),\"\")","v":""},{"$f":"IF($C330=\"RM\",IF($U330=\"Fz\",IF(ISNA(VLOOKUP($F:$F,lot,6,FALSE))=TRUE,VLOOKUP($T:$T,date,2,FALSE),VLOOKUP($F:$F,lot,6,FALSE)),\"\"),\"\")","v":""},{"$f":"IF($C330=\"FG\",VLOOKUP($A:$A,op,4,FALSE),\"\")","v":{"$error":"#N/A"}},"2016-04-26",{"$f":"IF(C330=\"rm\",IF(U330=\"aucun\",\"OK\",IF(U330=\"fz\",IF(Y330-W330>730,Y330-W330,\"OK\"),IF(Y330-V330<1,1,Y330-V330))),\"\")","v":""}]
["6177P01","Chicken","FG",35776,"CH.FILET*NF*CUT/2*F.TRIM*6ONC FR @P","6177P014","",140,null,null,{"$f":"IF(ISNA(VLOOKUP($D:$D,rend,2,FALSE))=FALSE,VLOOKUP($D:$D,rend,2,FALSE),\"\")","v":0.81068398020987931},{"$f":"IF($C331=\"RM\",IF(ISNA(VLOOKUP($F$2:$F$478,pos,2,FALSE))=FALSE,VLOOKUP($F331:$F$478,pos,2,FALSE),IF(ISNA(VLOOKUP($F$2:$F$478,lot,2,FALSE))=FALSE,VLOOKUP($F$2:$F$478,lot,2,FALSE),\"MANQUANT\")),\"\")","v":""},{"$f":"IF($C331=\"RM\",IF(ISNA(VLOOKUP($F$2:$F$478,pos,3,FALSE))=FALSE,VLOOKUP($F331:$F751,pos,3,FALSE),\"OP\"),\"\")","v":""},{"$f":"IF($C331=\"RM\",IF(ISNA(VLOOKUP($F331:$F$471,pos,4,FALSE))=FALSE,VLOOKUP($F$2:$F$471,pos,4,FALSE),\"\"),\"\")","v":""},{"$f":"IF($C331=\"RM\",IF(ISNA(VLOOKUP($F$2:$F$478,pos,5,FALSE))=FALSE,VLOOKUP($F$2:$F$478,pos,5,FALSE),IF(ISNA(VLOOKUP($F$2:$F$478,lot,5,FALSE))=FALSE,VLOOKUP($F$2:$F$478,lot,5,FALSE),0)),\"\")","v":""},{"$f":"IF($H331>0,VLOOKUP($D:$D,prix,15,FALSE),\"\")","v":9.85},{"$f":"IF($C331=\"RM\",$O331*$G331,\"\")","v":""},{"$f":"IF($H331>0,$H331*$P331,\"\")","v":1379},null,{"$f":"IF($F331>0,VALUE(LEFT($F331,4)),\"\")","v":6177},{"$f":"IF(F331>0,IF(ISERROR(SEARCH(\"*FZ*\",$E331))=FALSE,\"FZ\",IF(ISERROR(SEARCH(\"*FR*\",$E331))=FALSE,\"FR\",\"Aucun\")),\"\")","v":"FR"},{"$f":"IF($C331=\"RM\",IF($U331=\"FR\",IF(ISNA(VLOOKUP($F:$F,lot,6,FALSE))=TRUE,VLOOKUP($T:$T,date,2,FALSE),VLOOKUP($F:$F,lot,6,FALSE)),\"\"),\"\")","v":""},{"$f":"IF($C331=\"RM\",IF($U331=\"Fz\",IF(ISNA(VLOOKUP($F:$F,lot,6,FALSE))=TRUE,VLOOKUP($T:$T,date,2,FALSE),VLOOKUP($F:$F,lot,6,FALSE)),\"\"),\"\")","v":""},{"$f":"IF($C331=\"FG\",VLOOKUP($A:$A,op,4,FALSE),\"\")","v":{"$error":"#N/A"}},"2016-04-26",{"$f":"IF(C331=\"rm\",IF(U331=\"aucun\",\"OK\",IF(U331=\"fz\",IF(Y331-W331>730,Y331-W331,\"OK\"),IF(Y331-V331<1,1,Y331-V331))),\"\")","v":""}]
["6177P01","Chicken","FG",36704,"CH.FILET*NF*CUT/2*F.TRIM*7ONC ***ALIMPLUS***FR @P","6177P015","",135,null,null,{"$f":"IF(ISNA(VLOOKUP($D:$D,rend,2,FALSE))=FALSE,VLOOKUP($D:$D,rend,2,FALSE),\"\")","v":0.80079207353180992},{"$f":"IF($C332=\"RM\",IF(ISNA(VLOOKUP($F$2:$F$478,pos,2,FALSE))=FALSE,VLOOKUP($F332:$F$478,pos,2,FALSE),IF(ISNA(VLOOKUP($F$2:$F$478,lot,2,FALSE))=FALSE,VLOOKUP($F$2:$F$478,lot,2,FALSE),\"MANQUANT\")),\"\")","v":""},{"$f":"IF($C332=\"RM\",IF(ISNA(VLOOKUP($F$2:$F$478,pos,3,FALSE))=FALSE,VLOOKUP($F332:$F752,pos,3,FALSE),\"OP\"),\"\")","v":""},{"$f":"IF($C332=\"RM\",IF(ISNA(VLOOKUP($F332:$F$471,pos,4,FALSE))=FALSE,VLOOKUP($F$2:$F$471,pos,4,FALSE),\"\"),\"\")","v":""},{"$f":"IF($C332=\"RM\",IF(ISNA(VLOOKUP($F$2:$F$478,pos,5,FALSE))=FALSE,VLOOKUP($F$2:$F$478,pos,5,FALSE),IF(ISNA(VLOOKUP($F$2:$F$478,lot,5,FALSE))=FALSE,VLOOKUP($F$2:$F$478,lot,5,FALSE),0)),\"\")","v":""},{"$f":"IF($H332>0,VLOOKUP($D:$D,prix,15,FALSE),\"\")","v":9.75},{"$f":"IF($C332=\"RM\",$O332*$G332,\"\")","v":""},{"$f":"IF($H332>0,$H332*$P332,\"\")","v":1316.25},null,{"$f":"IF($F332>0,VALUE(LEFT($F332,4)),\"\")","v":6177},{"$f":"IF(F332>0,IF(ISERROR(SEARCH(\"*FZ*\",$E332))=FALSE,\"FZ\",IF(ISERROR(SEARCH(\"*FR*\",$E332))=FALSE,\"FR\",\"Aucun\")),\"\")","v":"FR"},{"$f":"IF($C332=\"RM\",IF($U332=\"FR\",IF(ISNA(VLOOKUP($F:$F,lot,6,FALSE))=TRUE,VLOOKUP($T:$T,date,2,FALSE),VLOOKUP($F:$F,lot,6,FALSE)),\"\"),\"\")","v":""},{"$f":"IF($C332=\"RM\",IF($U332=\"Fz\",IF(ISNA(VLOOKUP($F:$F,lot,6,FALSE))=TRUE,VLOOKUP($T:$T,date,2,FALSE),VLOOKUP($F:$F,lot,6,FALSE)),\"\"),\"\")","v":""},{"$f":"IF($C332=\"FG\",VLOOKUP($A:$A,op,4,FALSE),\"\")","v":{"$error":"#N/A"}},"2016-04-26",{"$f":"IF(C332=\"rm\",IF(U332=\"aucun\",\"OK\",IF(U332=\"fz\",IF(Y332-W332>730,Y332-W332,\"OK\"),IF(Y332-V332<1,1,Y332-V332))),\"\")","v":""}]
["6177P01","Chicken","FG",36304,"BONELESS CHICKEN BREAST (PAPILLON)*ALIMPLUS*FR @P","6177P016","",25,null,null,{"$f":"IF(ISNA(VLOOKUP($D:$D,rend,2,FALSE))=FALSE,VLOOKUP($D:$D,rend,2,FALSE),\"\")","v":0.80746337817037728},{"$f":"IF($C333=\"RM\",IF(ISNA(VLOOKUP($F$2:$F$478,pos,2,FALSE))=FALSE,VLOOKUP($F333:$F$478,pos,2,FALSE),IF(ISNA(VLOOKUP($F$2:$F$478,lot,2,FALSE))=FALSE,VLOOKUP($F$2:$F$478,lot,2,FALSE),\"MANQUANT\")),\"\")","v":""},{"$f":"IF($C333=\"RM\",IF(ISNA(VLOOKUP($F$2:$F$478,pos,3,FALSE))=FALSE,VLOOKUP($F333:$F753,pos,3,FALSE),\"OP\"),\"\")","v":""},{"$f":"IF($C333=\"RM\",IF(ISNA(VLOOKUP($F333:$F$471,pos,4,FALSE))=FALSE,VLOOKUP($F$2:$F$471,pos,4,FALSE),\"\"),\"\")","v":""},{"$f":"IF($C333=\"RM\",IF(ISNA(VLOOKUP($F$2:$F$478,pos,5,FALSE))=FALSE,VLOOKUP($F$2:$F$478,pos,5,FALSE),IF(ISNA(VLOOKUP($F$2:$F$478,lot,5,FALSE))=FALSE,VLOOKUP($F$2:$F$478,lot,5,FALSE),0)),\"\")","v":""},{"$f":"IF($H333>0,VLOOKUP($D:$D,prix,15,FALSE),\"\")","v":8.25},{"$f":"IF($C333=\"RM\",$O333*$G333,\"\")","v":""},{"$f":"IF($H333>0,$H333*$P333,\"\")","v":206.25},null,{"$f":"IF($F333>0,VALUE(LEFT($F333,4)),\"\")","v":6177},{"$f":"IF(F333>0,IF(ISERROR(SEARCH(\"*FZ*\",$E333))=FALSE,\"FZ\",IF(ISERROR(SEARCH(\"*FR*\",$E333))=FALSE,\"FR\",\"Aucun\")),\"\")","v":"FR"},{"$f":"IF($C333=\"RM\",IF($U333=\"FR\",IF(ISNA(VLOOKUP($F:$F,lot,6,FALSE))=TRUE,VLOOKUP($T:$T,date,2,FALSE),VLOOKUP($F:$F,lot,6,FALSE)),\"\"),\"\")","v":""},{"$f":"IF($C333=\"RM\",IF($U333=\"Fz\",IF(ISNA(VLOOKUP($F:$F,lot,6,FALSE))=TRUE,VLOOKUP($T:$T,date,2,FALSE),VLOOKUP($F:$F,lot,6,FALSE)),\"\"),\"\")","v":""},{"$f":"IF($C333=\"FG\",VLOOKUP($A:$A,op,4,FALSE),\"\")","v":{"$error":"#N/A"}},"2016-04-26",{"$f":"IF(C333=\"rm\",IF(U333=\"aucun\",\"OK\",IF(U333=\"fz\",IF(Y333-W333>730,Y333-W333,\"OK\"),IF(Y333-V333<1,1,Y333-V333))),\"\")","v":""}]
["6177P01","Chicken","FG",35777,"CH.FILET*NF*CUT/2*F.TRIM*7ONC FR@P","6177P017","",65,null,null,{"$f":"IF(ISNA(VLOOKUP($D:$D,rend,2,FALSE))=FALSE,VLOOKUP($D:$D,rend,2,FALSE),\"\")","v":0.82083949260670197},{"$f":"IF($C334=\"RM\",IF(ISNA(VLOOKUP($F$2:$F$478,pos,2,FALSE))=FALSE,VLOOKUP($F334:$F$478,pos,2,FALSE),IF(ISNA(VLOOKUP($F$2:$F$478,lot,2,FALSE))=FALSE,VLOOKUP($F$2:$F$478,lot,2,FALSE),\"MANQUANT\")),\"\")","v":""},{"$f":"IF($C334=\"RM\",IF(ISNA(VLOOKUP($F$2:$F$478,pos,3,FALSE))=FALSE,VLOOKUP($F334:$F754,pos,3,FALSE),\"OP\"),\"\")","v":""},{"$f":"IF($C334=\"RM\",IF(ISNA(VLOOKUP($F334:$F$471,pos,4,FALSE))=FALSE,VLOOKUP($F$2:$F$471,pos,4,FALSE),\"\"),\"\")","v":""},{"$f":"IF($C334=\"RM\",IF(ISNA(VLOOKUP($F$2:$F$478,pos,5,FALSE))=FALSE,VLOOKUP($F$2:$F$478,pos,5,FALSE),IF(ISNA(VLOOKUP($F$2:$F$478,lot,5,FALSE))=FALSE,VLOOKUP($F$2:$F$478,lot,5,FALSE),0)),\"\")","v":""},{"$f":"IF($H334>0,VLOOKUP($D:$D,prix,15,FALSE),\"\")","v":9.85},{"$f":"IF($C334=\"RM\",$O334*$G334,\"\")","v":""},{"$f":"IF($H334>0,$H334*$P334,\"\")","v":640.25},null,{"$f":"IF($F334>0,VALUE(LEFT($F334,4)),\"\")","v":6177},{"$f":"IF(F334>0,IF(ISERROR(SEARCH(\"*FZ*\",$E334))=FALSE,\"FZ\",IF(ISERROR(SEARCH(\"*FR*\",$E334))=FALSE,\"FR\",\"Aucun\")),\"\")","v":"FR"},{"$f":"IF($C334=\"RM\",IF($U334=\"FR\",IF(ISNA(VLOOKUP($F:$F,lot,6,FALSE))=TRUE,VLOOKUP($T:$T,date,2,FALSE),VLOOKUP($F:$F,lot,6,FALSE)),\"\"),\"\")","v":""},{"$f":"IF($C334=\"RM\",IF($U334=\"Fz\",IF(ISNA(VLOOKUP($F:$F,lot,6,FALSE))=TRUE,VLOOKUP($T:$T,date,2,FALSE),VLOOKUP($F:$F,lot,6,FALSE)),\"\"),\"\")","v":""},{"$f":"IF($C334=\"FG\",VLOOKUP($A:$A,op,4,FALSE),\"\")","v":{"$error":"#N/A"}},"2016-04-26",{"$f":"IF(C334=\"rm\",IF(U334=\"aucun\",\"OK\",IF(U334=\"fz\",IF(Y334-W334>730,Y334-W334,\"OK\"),IF(Y334-V334<1,1,Y334-V334))),\"\")","v":""}]
["6177P01","Chicken","FG",35775,"CH.FILET*NF*CUT/2*F.TRIM*5ONC FR @P","6177P018","",25,null,null,{"$f":"IF(ISNA(VLOOKUP($D:$D,rend,2,FALSE))=FALSE,VLOOKUP($D:$D,rend,2,FALSE),\"\")","v":0.75927147913009474},{"$f":"IF($C335=\"RM\",IF(ISNA(VLOOKUP($F$2:$F$478,pos,2,FALSE))=FALSE,VLOOKUP($F335:$F$478,pos,2,FALSE),IF(ISNA(VLOOKUP($F$2:$F$478,lot,2,FALSE))=FALSE,VLOOKUP($F$2:$F$478,lot,2,FALSE),\"MANQUANT\")),\"\")","v":""},{"$f":"IF($C335=\"RM\",IF(ISNA(VLOOKUP($F$2:$F$478,pos,3,FALSE))=FALSE,VLOOKUP($F335:$F755,pos,3,FALSE),\"OP\"),\"\")","v":""},{"$f":"IF($C335=\"RM\",IF(ISNA(VLOOKUP($F335:$F$471,pos,4,FALSE))=FALSE,VLOOKUP($F$2:$F$471,pos,4,FALSE),\"\"),\"\")","v":""},{"$f":"IF($C335=\"RM\",IF(ISNA(VLOOKUP($F$2:$F$478,pos,5,FALSE))=FALSE,VLOOKUP($F$2:$F$478,pos,5,FALSE),IF(ISNA(VLOOKUP($F$2:$F$478,lot,5,FALSE))=FALSE,VLOOKUP($F$2:$F$478,lot,5,FALSE),0)),\"\")","v":""},{"$f":"IF($H335>0,VLOOKUP($D:$D,prix,15,FALSE),\"\")","v":9.85},{"$f":"IF($C335=\"RM\",$O335*$G335,\"\")","v":""},{"$f":"IF($H335>0,$H335*$P335,\"\")","v":246.25},null,{"$f":"IF($F335>0,VALUE(LEFT($F335,4)),\"\")","v":6177},{"$f":"IF(F335>0,IF(ISERROR(SEARCH(\"*FZ*\",$E335))=FALSE,\"FZ\",IF(ISERROR(SEARCH(\"*FR*\",$E335))=FALSE,\"FR\",\"Aucun\")),\"\")","v":"FR"},{"$f":"IF($C335=\"RM\",IF($U335=\"FR\",IF(ISNA(VLOOKUP($F:$F,lot,6,FALSE))=TRUE,VLOOKUP($T:$T,date,2,FALSE),VLOOKUP($F:$F,lot,6,FALSE)),\"\"),\"\")","v":""},{"$f":"IF($C335=\"RM\",IF($U335=\"Fz\",IF(ISNA(VLOOKUP($F:$F,lot,6,FALSE))=TRUE,VLOOKUP($T:$T,date,2,FALSE),VLOOKUP($F:$F,lot,6,FALSE)),\"\"),\"\")","v":""},{"$f":"IF($C335=\"FG\",VLOOKUP($A:$A,op,4,FALSE),\"\")","v":{"$error":"#N/A"}},"2016-04-26",{"$f":"IF(C335=\"rm\",IF(U335=\"aucun\",\"OK\",IF(U335=\"fz\",IF(Y335-W335>730,Y335-W335,\"OK\"),IF(Y335-V335<1,1,Y335-V335))),\"\")","v":""}]
["6177P01","Chicken","FG",35720,"CH.FILET*SKIN ON * BNLSS FR @P","6177P019","",15,null,null,{"$f":"IF(ISNA(VLOOKUP($D:$D,rend,2,FALSE))=FALSE,VLOOKUP($D:$D,rend,2,FALSE),\"\")","v":0.72370067185253073},{"$f":"IF($C336=\"RM\",IF(ISNA(VLOOKUP($F$2:$F$478,pos,2,FALSE))=FALSE,VLOOKUP($F336:$F$478,pos,2,FALSE),IF(ISNA(VLOOKUP($F$2:$F$478,lot,2,FALSE))=FALSE,VLOOKUP($F$2:$F$478,lot,2,FALSE),\"MANQUANT\")),\"\")","v":""},{"$f":"IF($C336=\"RM\",IF(ISNA(VLOOKUP($F$2:$F$478,pos,3,FALSE))=FALSE,VLOOKUP($F336:$F756,pos,3,FALSE),\"OP\"),\"\")","v":""},{"$f":"IF($C336=\"RM\",IF(ISNA(VLOOKUP($F336:$F$471,pos,4,FALSE))=FALSE,VLOOKUP($F$2:$F$471,pos,4,FALSE),\"\"),\"\")","v":""},{"$f":"IF($C336=\"RM\",IF(ISNA(VLOOKUP($F$2:$F$478,pos,5,FALSE))=FALSE,VLOOKUP($F$2:$F$478,pos,5,FALSE),IF(ISNA(VLOOKUP($F$2:$F$478,lot,5,FALSE))=FALSE,VLOOKUP($F$2:$F$478,lot,5,FALSE),0)),\"\")","v":""},{"$f":"IF($H336>0,VLOOKUP($D:$D,prix,15,FALSE),\"\")","v":7.35},{"$f":"IF($C336=\"RM\",$O336*$G336,\"\")","v":""},{"$f":"IF($H336>0,$H336*$P336,\"\")","v":110.25},null,{"$f":"IF($F336>0,VALUE(LEFT($F336,4)),\"\")","v":6177},{"$f":"IF(F336>0,IF(ISERROR(SEARCH(\"*FZ*\",$E336))=FALSE,\"FZ\",IF(ISERROR(SEARCH(\"*FR*\",$E336))=FALSE,\"FR\",\"Aucun\")),\"\")","v":"FR"},{"$f":"IF($C336=\"RM\",IF($U336=\"FR\",IF(ISNA(VLOOKUP($F:$F,lot,6,FALSE))=TRUE,VLOOKUP($T:$T,date,2,FALSE),VLOOKUP($F:$F,lot,6,FALSE)),\"\"),\"\")","v":""},{"$f":"IF($C336=\"RM\",IF($U336=\"Fz\",IF(ISNA(VLOOKUP($F:$F,lot,6,FALSE))=TRUE,VLOOKUP($T:$T,date,2,FALSE),VLOOKUP($F:$F,lot,6,FALSE)),\"\"),\"\")","v":""},{"$f":"IF($C336=\"FG\",VLOOKUP($A:$A,op,4,FALSE),\"\")","v":{"$error":"#N/A"}},"2016-04-26",{"$f":"IF(C336=\"rm\",IF(U336=\"aucun\",\"OK\",IF(U336=\"fz\",IF(Y336-W336>730,Y336-W336,\"OK\"),IF(Y336-V336<1,1,Y336-V336))),\"\")","v":""}]
["6177P01 Total",null,null,null,null,null,{"$f":"SUBTOTAL(9,G317:G336)","v":1950.41},{"$f":"SUBTOTAL(9,H317:H336)","v":1445.6399999999999},null,null,null,null,null,null,null,null,{"$f":"SUBTOTAL(9,Q317:Q336)","v":9264.4475000000002},{"$f":"SUBTOTAL(9,R317:R336)","v":11308.834999999999}]
["6177P0119","Chicken","RM",1,"ING EAU","5166AS",5.22,null,null,null,{"$f":"IF(ISNA(VLOOKUP($D:$D,rend,2,FALSE))=FALSE,VLOOKUP($D:$D,rend,2,FALSE),\"\")","v":""},{"$f":"IF($C338=\"RM\",IF(ISNA(VLOOKUP($F$2:$F$478,pos,2,FALSE))=FALSE,VLOOKUP($F338:$F$478,pos,2,FALSE),IF(ISNA(VLOOKUP($F$2:$F$478,lot,2,FALSE))=FALSE,VLOOKUP($F$2:$F$478,lot,2,FALSE),\"MANQUANT\")),\"\")","v":"Aucun"},{"$f":"IF($C338=\"RM\",IF(ISNA(VLOOKUP($F$2:$F$478,pos,3,FALSE))=FALSE,VLOOKUP($F338:$F757,pos,3,FALSE),\"OP\"),\"\")","v":"Aucun"},{"$f":"IF($C338=\"RM\",IF(ISNA(VLOOKUP($F338:$F$471,pos,4,FALSE))=FALSE,VLOOKUP($F$2:$F$471,pos,4,FALSE),\"\"),\"\")","v":0},{"$f":"IF($C338=\"RM\",IF(ISNA(VLOOKUP($F$2:$F$478,pos,5,FALSE))=FALSE,VLOOKUP($F$2:$F$478,pos,5,FALSE),IF(ISNA(VLOOKUP($F$2:$F$478,lot,5,FALSE))=FALSE,VLOOKUP($F$2:$F$478,lot,5,FALSE),0)),\"\")","v":0},{"$f":"IF($H338>0,VLOOKUP($D:$D,prix,15,FALSE),\"\")","v":""},{"$f":"IF($C338=\"RM\",$O338*$G338,\"\")","v":0},{"$f":"IF($H338>0,$H338*$P338,\"\")","v":""},null,{"$f":"IF($F338>0,VALUE(LEFT($F338,4)),\"\")","v":5166},{"$f":"IF(F338>0,IF(ISERROR(SEARCH(\"*FZ*\",$E338))=FALSE,\"FZ\",IF(ISERROR(SEARCH(\"*FR*\",$E338))=FALSE,\"FR\",\"Aucun\")),\"\")","v":"Aucun"},{"$f":"IF($C338=\"RM\",IF($U338=\"FR\",IF(ISNA(VLOOKUP($F:$F,lot,6,FALSE))=TRUE,VLOOKUP($T:$T,date,2,FALSE),VLOOKUP($F:$F,lot,6,FALSE)),\"\"),\"\")","v":""},{"$f":"IF($C338=\"RM\",IF($U338=\"Fz\",IF(ISNA(VLOOKUP($F:$F,lot,6,FALSE))=TRUE,VLOOKUP($T:$T,date,2,FALSE),VLOOKUP($F:$F,lot,6,FALSE)),\"\"),\"\")","v":""},{"$f":"IF($C338=\"FG\",VLOOKUP($A:$A,op,4,FALSE),\"\")","v":""},"2016-04-26",{"$f":"IF(C338=\"rm\",IF(U338=\"aucun\",\"OK\",IF(U338=\"fz\",IF(Y338-W338>730,Y338-W338,\"OK\"),IF(Y338-V338<1,1,Y338-V338))),\"\")","v":"OK"}]
["6177P0119","Chicken","RM",130,"EMB FLEXO F8148 / 26019 (LOBLAW) / ETIQUETTE POITRINE POULET","5502EM05",108,null,null,null,{"$f":"IF(ISNA(VLOOKUP($D:$D,rend,2,FALSE))=FALSE,VLOOKUP($D:$D,rend,2,FALSE),\"\")","v":""},{"$f":"IF($C339=\"RM\",IF(ISNA(VLOOKUP($F$2:$F$478,pos,2,FALSE))=FALSE,VLOOKUP($F339:$F$478,pos,2,FALSE),IF(ISNA(VLOOKUP($F$2:$F$478,lot,2,FALSE))=FALSE,VLOOKUP($F$2:$F$478,lot,2,FALSE),\"MANQUANT\")),\"\")","v":"PO-0020838"},{"$f":"IF($C339=\"RM\",IF(ISNA(VLOOKUP($F$2:$F$478,pos,3,FALSE))=FALSE,VLOOKUP($F339:$F758,pos,3,FALSE),\"OP\"),\"\")","v":"FLEXO"},{"$f":"IF($C339=\"RM\",IF(ISNA(VLOOKUP($F339:$F$471,pos,4,FALSE))=FALSE,VLOOKUP($F$2:$F$471,pos,4,FALSE),\"\"),\"\")","v":10400},{"$f":"IF($C339=\"RM\",IF(ISNA(VLOOKUP($F$2:$F$478,pos,5,FALSE))=FALSE,VLOOKUP($F$2:$F$478,pos,5,FALSE),IF(ISNA(VLOOKUP($F$2:$F$478,lot,5,FALSE))=FALSE,VLOOKUP($F$2:$F$478,lot,5,FALSE),0)),\"\")","v":3.8899999999999997E-2},{"$f":"IF($H339>0,VLOOKUP($D:$D,prix,15,FALSE),\"\")","v":""},{"$f":"IF($C339=\"RM\",$O339*$G339,\"\")","v":4.2012},{"$f":"IF($H339>0,$H339*$P339,\"\")","v":""},null,{"$f":"IF($F339>0,VALUE(LEFT($F339,4)),\"\")","v":5502},{"$f":"IF(F339>0,IF(ISERROR(SEARCH(\"*FZ*\",$E339))=FALSE,\"FZ\",IF(ISERROR(SEARCH(\"*FR*\",$E339))=FALSE,\"FR\",\"Aucun\")),\"\")","v":"Aucun"},{"$f":"IF($C339=\"RM\",IF($U339=\"FR\",IF(ISNA(VLOOKUP($F:$F,lot,6,FALSE))=TRUE,VLOOKUP($T:$T,date,2,FALSE),VLOOKUP($F:$F,lot,6,FALSE)),\"\"),\"\")","v":""},{"$f":"IF($C339=\"RM\",IF($U339=\"Fz\",IF(ISNA(VLOOKUP($F:$F,lot,6,FALSE))=TRUE,VLOOKUP($T:$T,date,2,FALSE),VLOOKUP($F:$F,lot,6,FALSE)),\"\"),\"\")","v":""},{"$f":"IF($C339=\"FG\",VLOOKUP($A:$A,op,4,FALSE),\"\")","v":""},"2016-04-26",{"$f":"IF(C339=\"rm\",IF(U339=\"aucun\",\"OK\",IF(U339=\"fz\",IF(Y339-W339>730,Y339-W339,\"OK\"),IF(Y339-V339<1,1,Y339-V339))),\"\")","v":"OK"}]
["6177P0119","Chicken","RM",144,"EMB HEAT SEALING 023018 / 3D BLACK PADDED (LOBLAW) / 400CS","5524EM02",108,null,null,null,{"$f":"IF(ISNA(VLOOKUP($D:$D,rend,2,FALSE))=FALSE,VLOOKUP($D:$D,rend,2,FALSE),\"\")","v":""},{"$f":"IF($C340=\"RM\",IF(ISNA(VLOOKUP($F$2:$F$478,pos,2,FALSE))=FALSE,VLOOKUP($F340:$F$478,pos,2,FALSE),IF(ISNA(VLOOKUP($F$2:$F$478,lot,2,FALSE))=FALSE,VLOOKUP($F$2:$F$478,lot,2,FALSE),\"MANQUANT\")),\"\")","v":"PO-0020949"},{"$f":"IF($C340=\"RM\",IF(ISNA(VLOOKUP($F$2:$F$478,pos,3,FALSE))=FALSE,VLOOKUP($F340:$F759,pos,3,FALSE),\"OP\"),\"\")","v":"HEAT"},{"$f":"IF($C340=\"RM\",IF(ISNA(VLOOKUP($F340:$F$471,pos,4,FALSE))=FALSE,VLOOKUP($F$2:$F$471,pos,4,FALSE),\"\"),\"\")","v":2000},{"$f":"IF($C340=\"RM\",IF(ISNA(VLOOKUP($F$2:$F$478,pos,5,FALSE))=FALSE,VLOOKUP($F$2:$F$478,pos,5,FALSE),IF(ISNA(VLOOKUP($F$2:$F$478,lot,5,FALSE))=FALSE,VLOOKUP($F$2:$F$478,lot,5,FALSE),0)),\"\")","v":0.13},{"$f":"IF($H340>0,VLOOKUP($D:$D,prix,15,FALSE),\"\")","v":""},{"$f":"IF($C340=\"RM\",$O340*$G340,\"\")","v":14.040000000000001},{"$f":"IF($H340>0,$H340*$P340,\"\")","v":""},null,{"$f":"IF($F340>0,VALUE(LEFT($F340,4)),\"\")","v":5524},{"$f":"IF(F340>0,IF(ISERROR(SEARCH(\"*FZ*\",$E340))=FALSE,\"FZ\",IF(ISERROR(SEARCH(\"*FR*\",$E340))=FALSE,\"FR\",\"Aucun\")),\"\")","v":"Aucun"},{"$f":"IF($C340=\"RM\",IF($U340=\"FR\",IF(ISNA(VLOOKUP($F:$F,lot,6,FALSE))=TRUE,VLOOKUP($T:$T,date,2,FALSE),VLOOKUP($F:$F,lot,6,FALSE)),\"\"),\"\")","v":""},{"$f":"IF($C340=\"RM\",IF($U340=\"Fz\",IF(ISNA(VLOOKUP($F:$F,lot,6,FALSE))=TRUE,VLOOKUP($T:$T,date,2,FALSE),VLOOKUP($F:$F,lot,6,FALSE)),\"\"),\"\")","v":""},{"$f":"IF($C340=\"FG\",VLOOKUP($A:$A,op,4,FALSE),\"\")","v":""},"2016-04-26",{"$f":"IF(C340=\"rm\",IF(U340=\"aucun\",\"OK\",IF(U340=\"fz\",IF(Y340-W340>730,Y340-W340,\"OK\"),IF(Y340-V340<1,1,Y340-V340))),\"\")","v":"OK"}]
["6177P0119","Chicken","RM",108,"EMB ALIMENTS QUEBEC / ETIQUETTE ALIMENTS DU QUEBEC (LOBLAW)","5525EM01",108,null,null,null,{"$f":"IF(ISNA(VLOOKUP($D:$D,rend,2,FALSE))=FALSE,VLOOKUP($D:$D,rend,2,FALSE),\"\")","v":""},{"$f":"IF($C341=\"RM\",IF(ISNA(VLOOKUP($F$2:$F$478,pos,2,FALSE))=FALSE,VLOOKUP($F341:$F$478,pos,2,FALSE),IF(ISNA(VLOOKUP($F$2:$F$478,lot,2,FALSE))=FALSE,VLOOKUP($F$2:$F$478,lot,2,FALSE),\"MANQUANT\")),\"\")","v":"PO-0020950"},{"$f":"IF($C341=\"RM\",IF(ISNA(VLOOKUP($F$2:$F$478,pos,3,FALSE))=FALSE,VLOOKUP($F341:$F760,pos,3,FALSE),\"OP\"),\"\")","v":"CPAQ"},{"$f":"IF($C341=\"RM\",IF(ISNA(VLOOKUP($F341:$F$471,pos,4,FALSE))=FALSE,VLOOKUP($F$2:$F$471,pos,4,FALSE),\"\"),\"\")","v":40000},{"$f":"IF($C341=\"RM\",IF(ISNA(VLOOKUP($F$2:$F$478,pos,5,FALSE))=FALSE,VLOOKUP($F$2:$F$478,pos,5,FALSE),IF(ISNA(VLOOKUP($F$2:$F$478,lot,5,FALSE))=FALSE,VLOOKUP($F$2:$F$478,lot,5,FALSE),0)),\"\")","v":2.1000000000000001E-2},{"$f":"IF($H341>0,VLOOKUP($D:$D,prix,15,FALSE),\"\")","v":""},{"$f":"IF($C341=\"RM\",$O341*$G341,\"\")","v":2.2680000000000002},{"$f":"IF($H341>0,$H341*$P341,\"\")","v":""},null,{"$f":"IF($F341>0,VALUE(LEFT($F341,4)),\"\")","v":5525},{"$f":"IF(F341>0,IF(ISERROR(SEARCH(\"*FZ*\",$E341))=FALSE,\"FZ\",IF(ISERROR(SEARCH(\"*FR*\",$E341))=FALSE,\"FR\",\"Aucun\")),\"\")","v":"Aucun"},{"$f":"IF($C341=\"RM\",IF($U341=\"FR\",IF(ISNA(VLOOKUP($F:$F,lot,6,FALSE))=TRUE,VLOOKUP($T:$T,date,2,FALSE),VLOOKUP($F:$F,lot,6,FALSE)),\"\"),\"\")","v":""},{"$f":"IF($C341=\"RM\",IF($U341=\"Fz\",IF(ISNA(VLOOKUP($F:$F,lot,6,FALSE))=TRUE,VLOOKUP($T:$T,date,2,FALSE),VLOOKUP($F:$F,lot,6,FALSE)),\"\"),\"\")","v":""},{"$f":"IF($C341=\"FG\",VLOOKUP($A:$A,op,4,FALSE),\"\")","v":""},"2016-04-26",{"$f":"IF(C341=\"rm\",IF(U341=\"aucun\",\"OK\",IF(U341=\"fz\",IF(Y341-W341>730,Y341-W341,\"OK\"),IF(Y341-V341<1,1,Y341-V341))),\"\")","v":"OK"}]
["6177P0119","Chicken","RM",19,"ING MONTOUR 7139 / MARINADE STYLE COTES-LEVEES / ALLERG: AUCUN","6163AS01",4.12,null,null,null,{"$f":"IF(ISNA(VLOOKUP($D:$D,rend,2,FALSE))=FALSE,VLOOKUP($D:$D,rend,2,FALSE),\"\")","v":""},{"$f":"IF($C342=\"RM\",IF(ISNA(VLOOKUP($F$2:$F$478,pos,2,FALSE))=FALSE,VLOOKUP($F342:$F$478,pos,2,FALSE),IF(ISNA(VLOOKUP($F$2:$F$478,lot,2,FALSE))=FALSE,VLOOKUP($F$2:$F$478,lot,2,FALSE),\"MANQUANT\")),\"\")","v":"PO-0021711"},{"$f":"IF($C342=\"RM\",IF(ISNA(VLOOKUP($F$2:$F$478,pos,3,FALSE))=FALSE,VLOOKUP($F342:$F761,pos,3,FALSE),\"OP\"),\"\")","v":"MONTO"},{"$f":"IF($C342=\"RM\",IF(ISNA(VLOOKUP($F342:$F$471,pos,4,FALSE))=FALSE,VLOOKUP($F$2:$F$471,pos,4,FALSE),\"\"),\"\")","v":300},{"$f":"IF($C342=\"RM\",IF(ISNA(VLOOKUP($F$2:$F$478,pos,5,FALSE))=FALSE,VLOOKUP($F$2:$F$478,pos,5,FALSE),IF(ISNA(VLOOKUP($F$2:$F$478,lot,5,FALSE))=FALSE,VLOOKUP($F$2:$F$478,lot,5,FALSE),0)),\"\")","v":7.94},{"$f":"IF($H342>0,VLOOKUP($D:$D,prix,15,FALSE),\"\")","v":""},{"$f":"IF($C342=\"RM\",$O342*$G342,\"\")","v":32.712800000000001},{"$f":"IF($H342>0,$H342*$P342,\"\")","v":""},null,{"$f":"IF($F342>0,VALUE(LEFT($F342,4)),\"\")","v":6163},{"$f":"IF(F342>0,IF(ISERROR(SEARCH(\"*FZ*\",$E342))=FALSE,\"FZ\",IF(ISERROR(SEARCH(\"*FR*\",$E342))=FALSE,\"FR\",\"Aucun\")),\"\")","v":"Aucun"},{"$f":"IF($C342=\"RM\",IF($U342=\"FR\",IF(ISNA(VLOOKUP($F:$F,lot,6,FALSE))=TRUE,VLOOKUP($T:$T,date,2,FALSE),VLOOKUP($F:$F,lot,6,FALSE)),\"\"),\"\")","v":""},{"$f":"IF($C342=\"RM\",IF($U342=\"Fz\",IF(ISNA(VLOOKUP($F:$F,lot,6,FALSE))=TRUE,VLOOKUP($T:$T,date,2,FALSE),VLOOKUP($F:$F,lot,6,FALSE)),\"\"),\"\")","v":""},{"$f":"IF($C342=\"FG\",VLOOKUP($A:$A,op,4,FALSE),\"\")","v":""},"2016-04-26",{"$f":"IF(C342=\"rm\",IF(U342=\"aucun\",\"OK\",IF(U342=\"fz\",IF(Y342-W342>730,Y342-W342,\"OK\"),IF(Y342-V342<1,1,Y342-V342))),\"\")","v":"OK"}]
["6177P0119","Chicken","RM",304,"EMB BELLEY SAL04-1300 / TRAY BOX BOTTOM (LOBLAW)/ 8X260","6176EM04",9,null,null,null,{"$f":"IF(ISNA(VLOOKUP($D:$D,rend,2,FALSE))=FALSE,VLOOKUP($D:$D,rend,2,FALSE),\"\")","v":""},{"$f":"IF($C343=\"RM\",IF(ISNA(VLOOKUP($F$2:$F$478,pos,2,FALSE))=FALSE,VLOOKUP($F343:$F$478,pos,2,FALSE),IF(ISNA(VLOOKUP($F$2:$F$478,lot,2,FALSE))=FALSE,VLOOKUP($F$2:$F$478,lot,2,FALSE),\"MANQUANT\")),\"\")","v":"PO-0021791"},{"$f":"IF($C343=\"RM\",IF(ISNA(VLOOKUP($F$2:$F$478,pos,3,FALSE))=FALSE,VLOOKUP($F343:$F762,pos,3,FALSE),\"OP\"),\"\")","v":"MITC"},{"$f":"IF($C343=\"RM\",IF(ISNA(VLOOKUP($F343:$F$471,pos,4,FALSE))=FALSE,VLOOKUP($F$2:$F$471,pos,4,FALSE),\"\"),\"\")","v":960},{"$f":"IF($C343=\"RM\",IF(ISNA(VLOOKUP($F$2:$F$478,pos,5,FALSE))=FALSE,VLOOKUP($F$2:$F$478,pos,5,FALSE),IF(ISNA(VLOOKUP($F$2:$F$478,lot,5,FALSE))=FALSE,VLOOKUP($F$2:$F$478,lot,5,FALSE),0)),\"\")","v":0.745},{"$f":"IF($H343>0,VLOOKUP($D:$D,prix,15,FALSE),\"\")","v":""},{"$f":"IF($C343=\"RM\",$O343*$G343,\"\")","v":6.7050000000000001},{"$f":"IF($H343>0,$H343*$P343,\"\")","v":""},null,{"$f":"IF($F343>0,VALUE(LEFT($F343,4)),\"\")","v":6176},{"$f":"IF(F343>0,IF(ISERROR(SEARCH(\"*FZ*\",$E343))=FALSE,\"FZ\",IF(ISERROR(SEARCH(\"*FR*\",$E343))=FALSE,\"FR\",\"Aucun\")),\"\")","v":"Aucun"},{"$f":"IF($C343=\"RM\",IF($U343=\"FR\",IF(ISNA(VLOOKUP($F:$F,lot,6,FALSE))=TRUE,VLOOKUP($T:$T,date,2,FALSE),VLOOKUP($F:$F,lot,6,FALSE)),\"\"),\"\")","v":""},{"$f":"IF($C343=\"RM\",IF($U343=\"Fz\",IF(ISNA(VLOOKUP($F:$F,lot,6,FALSE))=TRUE,VLOOKUP($T:$T,date,2,FALSE),VLOOKUP($F:$F,lot,6,FALSE)),\"\"),\"\")","v":""},{"$f":"IF($C343=\"FG\",VLOOKUP($A:$A,op,4,FALSE),\"\")","v":""},"2016-04-26",{"$f":"IF(C343=\"rm\",IF(U343=\"aucun\",\"OK\",IF(U343=\"fz\",IF(Y343-W343>730,Y343-W343,\"OK\"),IF(Y343-V343<1,1,Y343-V343))),\"\")","v":"OK"}]
["6177P0119","Chicken","RM",303,"EMB BELLEY SAL04-1290 / TRAY BOX TOP (LOBLAW)/ 8X260","6176EM05",9,null,null,null,{"$f":"IF(ISNA(VLOOKUP($D:$D,rend,2,FALSE))=FALSE,VLOOKUP($D:$D,rend,2,FALSE),\"\")","v":""},{"$f":"IF($C344=\"RM\",IF(ISNA(VLOOKUP($F$2:$F$478,pos,2,FALSE))=FALSE,VLOOKUP($F344:$F$478,pos,2,FALSE),IF(ISNA(VLOOKUP($F$2:$F$478,lot,2,FALSE))=FALSE,VLOOKUP($F$2:$F$478,lot,2,FALSE),\"MANQUANT\")),\"\")","v":"PO-0021792"},{"$f":"IF($C344=\"RM\",IF(ISNA(VLOOKUP($F$2:$F$478,pos,3,FALSE))=FALSE,VLOOKUP($F344:$F763,pos,3,FALSE),\"OP\"),\"\")","v":"MITC"},{"$f":"IF($C344=\"RM\",IF(ISNA(VLOOKUP($F344:$F$471,pos,4,FALSE))=FALSE,VLOOKUP($F$2:$F$471,pos,4,FALSE),\"\"),\"\")","v":1108},{"$f":"IF($C344=\"RM\",IF(ISNA(VLOOKUP($F$2:$F$478,pos,5,FALSE))=FALSE,VLOOKUP($F$2:$F$478,pos,5,FALSE),IF(ISNA(VLOOKUP($F$2:$F$478,lot,5,FALSE))=FALSE,VLOOKUP($F$2:$F$478,lot,5,FALSE),0)),\"\")","v":0.75600000000000001},{"$f":"IF($H344>0,VLOOKUP($D:$D,prix,15,FALSE),\"\")","v":""},{"$f":"IF($C344=\"RM\",$O344*$G344,\"\")","v":6.8040000000000003},{"$f":"IF($H344>0,$H344*$P344,\"\")","v":""},null,{"$f":"IF($F344>0,VALUE(LEFT($F344,4)),\"\")","v":6176},{"$f":"IF(F344>0,IF(ISERROR(SEARCH(\"*FZ*\",$E344))=FALSE,\"FZ\",IF(ISERROR(SEARCH(\"*FR*\",$E344))=FALSE,\"FR\",\"Aucun\")),\"\")","v":"Aucun"},{"$f":"IF($C344=\"RM\",IF($U344=\"FR\",IF(ISNA(VLOOKUP($F:$F,lot,6,FALSE))=TRUE,VLOOKUP($T:$T,date,2,FALSE),VLOOKUP($F:$F,lot,6,FALSE)),\"\"),\"\")","v":""},{"$f":"IF($C344=\"RM\",IF($U344=\"Fz\",IF(ISNA(VLOOKUP($F:$F,lot,6,FALSE))=TRUE,VLOOKUP($T:$T,date,2,FALSE),VLOOKUP($F:$F,lot,6,FALSE)),\"\"),\"\")","v":""},{"$f":"IF($C344=\"FG\",VLOOKUP($A:$A,op,4,FALSE),\"\")","v":""},"2016-04-26",{"$f":"IF(C344=\"rm\",IF(U344=\"aucun\",\"OK\",IF(U344=\"fz\",IF(Y344-W344>730,Y344-W344,\"OK\"),IF(Y344-V344<1,1,Y344-V344))),\"\")","v":"OK"}]
["6177P0119","Chicken","RM",37003,"FULL TRIM RANDOM *IN PROCESS* CODE: 26019,27056,35760 FR @P","6177P0119",46.66,null,null,null,{"$f":"IF(ISNA(VLOOKUP($D:$D,rend,2,FALSE))=FALSE,VLOOKUP($D:$D,rend,2,FALSE),\"\")","v":0.8474087549148519},{"$f":"IF($C345=\"RM\",IF(ISNA(VLOOKUP($F$2:$F$478,pos,2,FALSE))=FALSE,VLOOKUP($F345:$F$478,pos,2,FALSE),IF(ISNA(VLOOKUP($F$2:$F$478,lot,2,FALSE))=FALSE,VLOOKUP($F$2:$F$478,lot,2,FALSE),\"MANQUANT\")),\"\")","v":"MANQUANT"},{"$f":"IF($C345=\"RM\",IF(ISNA(VLOOKUP($F$2:$F$478,pos,3,FALSE))=FALSE,VLOOKUP($F345:$F764,pos,3,FALSE),\"OP\"),\"\")","v":"OP"},{"$f":"IF($C345=\"RM\",IF(ISNA(VLOOKUP($F345:$F$471,pos,4,FALSE))=FALSE,VLOOKUP($F$2:$F$471,pos,4,FALSE),\"\"),\"\")","v":""},{"$f":"IF($C345=\"RM\",IF(ISNA(VLOOKUP($F$2:$F$478,pos,5,FALSE))=FALSE,VLOOKUP($F$2:$F$478,pos,5,FALSE),IF(ISNA(VLOOKUP($F$2:$F$478,lot,5,FALSE))=FALSE,VLOOKUP($F$2:$F$478,lot,5,FALSE),0)),\"\")","v":0},{"$f":"IF($H345>0,VLOOKUP($D:$D,prix,15,FALSE),\"\")","v":""},{"$f":"IF($C345=\"RM\",$O345*$G345,\"\")","v":0},{"$f":"IF($H345>0,$H345*$P345,\"\")","v":""},null,{"$f":"IF($F345>0,VALUE(LEFT($F345,4)),\"\")","v":6177},{"$f":"IF(F345>0,IF(ISERROR(SEARCH(\"*FZ*\",$E345))=FALSE,\"FZ\",IF(ISERROR(SEARCH(\"*FR*\",$E345))=FALSE,\"FR\",\"Aucun\")),\"\")","v":"FR"},{"$f":"IF($C345=\"RM\",IF($U345=\"FR\",IF(ISNA(VLOOKUP($F:$F,lot,6,FALSE))=TRUE,VLOOKUP($T:$T,date,2,FALSE),VLOOKUP($F:$F,lot,6,FALSE)),\"\"),\"\")","v":"2016-04-23"},{"$f":"IF($C345=\"RM\",IF($U345=\"Fz\",IF(ISNA(VLOOKUP($F:$F,lot,6,FALSE))=TRUE,VLOOKUP($T:$T,date,2,FALSE),VLOOKUP($F:$F,lot,6,FALSE)),\"\"),\"\")","v":""},{"$f":"IF($C345=\"FG\",VLOOKUP($A:$A,op,4,FALSE),\"\")","v":""},"2016-04-26",{"$f":"IF(C345=\"rm\",IF(U345=\"aucun\",\"OK\",IF(U345=\"fz\",IF(Y345-W345>730,Y345-W345,\"OK\"),IF(Y345-V345<1,1,Y345-V345))),\"\")","v":3}]
["6177P0119","Chicken","FG",26019,"POITRINE DE POULET DES. ASS. BBQ *LOBLAW* (12 X 2/TRAY 3D black) FR @P","6177P0120","",51.56,null,null,{"$f":"IF(ISNA(VLOOKUP($D:$D,rend,2,FALSE))=FALSE,VLOOKUP($D:$D,rend,2,FALSE),\"\")","v":0.9024538647118503},{"$f":"IF($C346=\"RM\",IF(ISNA(VLOOKUP($F$2:$F$478,pos,2,FALSE))=FALSE,VLOOKUP($F346:$F$478,pos,2,FALSE),IF(ISNA(VLOOKUP($F$2:$F$478,lot,2,FALSE))=FALSE,VLOOKUP($F$2:$F$478,lot,2,FALSE),\"MANQUANT\")),\"\")","v":""},{"$f":"IF($C346=\"RM\",IF(ISNA(VLOOKUP($F$2:$F$478,pos,3,FALSE))=FALSE,VLOOKUP($F346:$F765,pos,3,FALSE),\"OP\"),\"\")","v":""},{"$f":"IF($C346=\"RM\",IF(ISNA(VLOOKUP($F346:$F$471,pos,4,FALSE))=FALSE,VLOOKUP($F$2:$F$471,pos,4,FALSE),\"\"),\"\")","v":""},{"$f":"IF($C346=\"RM\",IF(ISNA(VLOOKUP($F$2:$F$478,pos,5,FALSE))=FALSE,VLOOKUP($F$2:$F$478,pos,5,FALSE),IF(ISNA(VLOOKUP($F$2:$F$478,lot,5,FALSE))=FALSE,VLOOKUP($F$2:$F$478,lot,5,FALSE),0)),\"\")","v":""},{"$f":"IF($H346>0,VLOOKUP($D:$D,prix,15,FALSE),\"\")","v":11.5},{"$f":"IF($C346=\"RM\",$O346*$G346,\"\")","v":""},{"$f":"IF($H346>0,$H346*$P346,\"\")","v":592.94000000000005},null,{"$f":"IF($F346>0,VALUE(LEFT($F346,4)),\"\")","v":6177},{"$f":"IF(F346>0,IF(ISERROR(SEARCH(\"*FZ*\",$E346))=FALSE,\"FZ\",IF(ISERROR(SEARCH(\"*FR*\",$E346))=FALSE,\"FR\",\"Aucun\")),\"\")","v":"FR"},{"$f":"IF($C346=\"RM\",IF($U346=\"FR\",IF(ISNA(VLOOKUP($F:$F,lot,6,FALSE))=TRUE,VLOOKUP($T:$T,date,2,FALSE),VLOOKUP($F:$F,lot,6,FALSE)),\"\"),\"\")","v":""},{"$f":"IF($C346=\"RM\",IF($U346=\"Fz\",IF(ISNA(VLOOKUP($F:$F,lot,6,FALSE))=TRUE,VLOOKUP($T:$T,date,2,FALSE),VLOOKUP($F:$F,lot,6,FALSE)),\"\"),\"\")","v":""},{"$f":"IF($C346=\"FG\",VLOOKUP($A:$A,op,4,FALSE),\"\")","v":{"$error":"#N/A"}},"2016-04-26",{"$f":"IF(C346=\"rm\",IF(U346=\"aucun\",\"OK\",IF(U346=\"fz\",IF(Y346-W346>730,Y346-W346,\"OK\"),IF(Y346-V346<1,1,Y346-V346))),\"\")","v":""}]
["6177P0119 Total",null,null,null,null,null,{"$f":"SUBTOTAL(9,G338:G346)","v":398},{"$f":"SUBTOTAL(9,H338:H346)","v":51.56},null,null,null,null,null,null,null,null,{"$f":"SUBTOTAL(9,Q338:Q346)","v":66.730999999999995},{"$f":"SUBTOTAL(9,R338:R346)","v":592.94000000000005}]
["6182P0110B","Chicken","RM",37004,"BONELESS CH.BREAST *IN PROCESS* FR @P","6182P0110",0.01,null,null,null,{"$f":"IF(ISNA(VLOOKUP($D:$D,rend,2,FALSE))=FALSE,VLOOKUP($D:$D,rend,2,FALSE),\"\")","v":0.80480511567184854},{"$f":"IF($C348=\"RM\",IF(ISNA(VLOOKUP($F$2:$F$478,pos,2,FALSE))=FALSE,VLOOKUP($F348:$F$478,pos,2,FALSE),IF(ISNA(VLOOKUP($F$2:$F$478,lot,2,FALSE))=FALSE,VLOOKUP($F$2:$F$478,lot,2,FALSE),\"MANQUANT\")),\"\")","v":"6182P01"},{"$f":"IF($C348=\"RM\",IF(ISNA(VLOOKUP($F$2:$F$478,pos,3,FALSE))=FALSE,VLOOKUP($F348:$F766,pos,3,FALSE),\"OP\"),\"\")","v":"OP"},{"$f":"IF($C348=\"RM\",IF(ISNA(VLOOKUP($F348:$F$471,pos,4,FALSE))=FALSE,VLOOKUP($F$2:$F$471,pos,4,FALSE),\"\"),\"\")","v":""},{"$f":"IF($C348=\"RM\",IF(ISNA(VLOOKUP($F$2:$F$478,pos,5,FALSE))=FALSE,VLOOKUP($F$2:$F$478,pos,5,FALSE),IF(ISNA(VLOOKUP($F$2:$F$478,lot,5,FALSE))=FALSE,VLOOKUP($F$2:$F$478,lot,5,FALSE),0)),\"\")","v":6.6903212783994936},{"$f":"IF($H348>0,VLOOKUP($D:$D,prix,15,FALSE),\"\")","v":""},{"$f":"IF($C348=\"RM\",$O348*$G348,\"\")","v":6.6903212783994942E-2},{"$f":"IF($H348>0,$H348*$P348,\"\")","v":""},null,{"$f":"IF($F348>0,VALUE(LEFT($F348,4)),\"\")","v":6182},{"$f":"IF(F348>0,IF(ISERROR(SEARCH(\"*FZ*\",$E348))=FALSE,\"FZ\",IF(ISERROR(SEARCH(\"*FR*\",$E348))=FALSE,\"FR\",\"Aucun\")),\"\")","v":"FR"},{"$f":"IF($C348=\"RM\",IF($U348=\"FR\",IF(ISNA(VLOOKUP($F:$F,lot,6,FALSE))=TRUE,VLOOKUP($T:$T,date,2,FALSE),VLOOKUP($F:$F,lot,6,FALSE)),\"\"),\"\")","v":"2016-04-25"},{"$f":"IF($C348=\"RM\",IF($U348=\"Fz\",IF(ISNA(VLOOKUP($F:$F,lot,6,FALSE))=TRUE,VLOOKUP($T:$T,date,2,FALSE),VLOOKUP($F:$F,lot,6,FALSE)),\"\"),\"\")","v":""},{"$f":"IF($C348=\"FG\",VLOOKUP($A:$A,op,4,FALSE),\"\")","v":""},"2016-04-26",{"$f":"IF(C348=\"rm\",IF(U348=\"aucun\",\"OK\",IF(U348=\"fz\",IF(Y348-W348>730,Y348-W348,\"OK\"),IF(Y348-V348<1,1,Y348-V348))),\"\")","v":1}]
["6182P0110B","Chicken","FG",35800,"CHICKEN BONES CAISSE FR #D","6182P0121","",288,null,null,{"$f":"IF(ISNA(VLOOKUP($D:$D,rend,2,FALSE))=FALSE,VLOOKUP($D:$D,rend,2,FALSE),\"\")","v":0.96719324775961724},{"$f":"IF($C349=\"RM\",IF(ISNA(VLOOKUP($F$2:$F$478,pos,2,FALSE))=FALSE,VLOOKUP($F349:$F$478,pos,2,FALSE),IF(ISNA(VLOOKUP($F$2:$F$478,lot,2,FALSE))=FALSE,VLOOKUP($F$2:$F$478,lot,2,FALSE),\"MANQUANT\")),\"\")","v":""},{"$f":"IF($C349=\"RM\",IF(ISNA(VLOOKUP($F$2:$F$478,pos,3,FALSE))=FALSE,VLOOKUP($F349:$F767,pos,3,FALSE),\"OP\"),\"\")","v":""},{"$f":"IF($C349=\"RM\",IF(ISNA(VLOOKUP($F349:$F$471,pos,4,FALSE))=FALSE,VLOOKUP($F$2:$F$471,pos,4,FALSE),\"\"),\"\")","v":""},{"$f":"IF($C349=\"RM\",IF(ISNA(VLOOKUP($F$2:$F$478,pos,5,FALSE))=FALSE,VLOOKUP($F$2:$F$478,pos,5,FALSE),IF(ISNA(VLOOKUP($F$2:$F$478,lot,5,FALSE))=FALSE,VLOOKUP($F$2:$F$478,lot,5,FALSE),0)),\"\")","v":""},{"$f":"IF($H349>0,VLOOKUP($D:$D,prix,15,FALSE),\"\")","v":0.58333333333333337},{"$f":"IF($C349=\"RM\",$O349*$G349,\"\")","v":""},{"$f":"IF($H349>0,$H349*$P349,\"\")","v":168},null,{"$f":"IF($F349>0,VALUE(LEFT($F349,4)),\"\")","v":6182},{"$f":"IF(F349>0,IF(ISERROR(SEARCH(\"*FZ*\",$E349))=FALSE,\"FZ\",IF(ISERROR(SEARCH(\"*FR*\",$E349))=FALSE,\"FR\",\"Aucun\")),\"\")","v":"FR"},{"$f":"IF($C349=\"RM\",IF($U349=\"FR\",IF(ISNA(VLOOKUP($F:$F,lot,6,FALSE))=TRUE,VLOOKUP($T:$T,date,2,FALSE),VLOOKUP($F:$F,lot,6,FALSE)),\"\"),\"\")","v":""},{"$f":"IF($C349=\"RM\",IF($U349=\"Fz\",IF(ISNA(VLOOKUP($F:$F,lot,6,FALSE))=TRUE,VLOOKUP($T:$T,date,2,FALSE),VLOOKUP($F:$F,lot,6,FALSE)),\"\"),\"\")","v":""},{"$f":"IF($C349=\"FG\",VLOOKUP($A:$A,op,4,FALSE),\"\")","v":{"$error":"#N/A"}},"2016-04-26",{"$f":"IF(C349=\"rm\",IF(U349=\"aucun\",\"OK\",IF(U349=\"fz\",IF(Y349-W349>730,Y349-W349,\"OK\"),IF(Y349-V349<1,1,Y349-V349))),\"\")","v":""}]
["6182P0110B Total",null,null,null,null,null,{"$f":"SUBTOTAL(9,G348:G349)","v":0.01},{"$f":"SUBTOTAL(9,H348:H349)","v":288},null,null,null,null,null,null,null,null,{"$f":"SUBTOTAL(9,Q348:Q349)","v":6.6903212783994942E-2},{"$f":"SUBTOTAL(9,R348:R349)","v":168}]
["6182P0116","Chicken","RM",37005,"POULET ASSAISONNE *IN PROCESS* CODE 27051 FR @P","6182P0116",223,null,null,null,{"$f":"IF(ISNA(VLOOKUP($D:$D,rend,2,FALSE))=FALSE,VLOOKUP($D:$D,rend,2,FALSE),\"\")","v":0.96964794520876518},{"$f":"IF($C351=\"RM\",IF(ISNA(VLOOKUP($F$2:$F$478,pos,2,FALSE))=FALSE,VLOOKUP($F351:$F$478,pos,2,FALSE),IF(ISNA(VLOOKUP($F$2:$F$478,lot,2,FALSE))=FALSE,VLOOKUP($F$2:$F$478,lot,2,FALSE),\"MANQUANT\")),\"\")","v":"6182P0114"},{"$f":"IF($C351=\"RM\",IF(ISNA(VLOOKUP($F$2:$F$478,pos,3,FALSE))=FALSE,VLOOKUP($F351:$F768,pos,3,FALSE),\"OP\"),\"\")","v":"OP"},{"$f":"IF($C351=\"RM\",IF(ISNA(VLOOKUP($F351:$F$471,pos,4,FALSE))=FALSE,VLOOKUP($F$2:$F$471,pos,4,FALSE),\"\"),\"\")","v":""},{"$f":"IF($C351=\"RM\",IF(ISNA(VLOOKUP($F$2:$F$478,pos,5,FALSE))=FALSE,VLOOKUP($F$2:$F$478,pos,5,FALSE),IF(ISNA(VLOOKUP($F$2:$F$478,lot,5,FALSE))=FALSE,VLOOKUP($F$2:$F$478,lot,5,FALSE),0)),\"\")","v":5.0450486750848382},{"$f":"IF($H351>0,VLOOKUP($D:$D,prix,15,FALSE),\"\")","v":""},{"$f":"IF($C351=\"RM\",$O351*$G351,\"\")","v":1125.0458545439189},{"$f":"IF($H351>0,$H351*$P351,\"\")","v":""},null,{"$f":"IF($F351>0,VALUE(LEFT($F351,4)),\"\")","v":6182},{"$f":"IF(F351>0,IF(ISERROR(SEARCH(\"*FZ*\",$E351))=FALSE,\"FZ\",IF(ISERROR(SEARCH(\"*FR*\",$E351))=FALSE,\"FR\",\"Aucun\")),\"\")","v":"FR"},{"$f":"IF($C351=\"RM\",IF($U351=\"FR\",IF(ISNA(VLOOKUP($F:$F,lot,6,FALSE))=TRUE,VLOOKUP($T:$T,date,2,FALSE),VLOOKUP($F:$F,lot,6,FALSE)),\"\"),\"\")","v":"2016-04-22"},{"$f":"IF($C351=\"RM\",IF($U351=\"Fz\",IF(ISNA(VLOOKUP($F:$F,lot,6,FALSE))=TRUE,VLOOKUP($T:$T,date,2,FALSE),VLOOKUP($F:$F,lot,6,FALSE)),\"\"),\"\")","v":""},{"$f":"IF($C351=\"FG\",VLOOKUP($A:$A,op,4,FALSE),\"\")","v":""},"2016-04-26",{"$f":"IF(C351=\"rm\",IF(U351=\"aucun\",\"OK\",IF(U351=\"fz\",IF(Y351-W351>730,Y351-W351,\"OK\"),IF(Y351-V351<1,1,Y351-V351))),\"\")","v":4}]
["6182P0116","Chicken","FG",27051,"CHIPOTLE SEASONED BNLS CH BREAST F-TRIM**120-130g (2 SACX18 UN)**4.5 kg FR #D","6182P0120","",162,null,null,{"$f":"IF(ISNA(VLOOKUP($D:$D,rend,2,FALSE))=FALSE,VLOOKUP($D:$D,rend,2,FALSE),\"\")","v":0.96512641307292313},{"$f":"IF($C352=\"RM\",IF(ISNA(VLOOKUP($F$2:$F$478,pos,2,FALSE))=FALSE,VLOOKUP($F352:$F$478,pos,2,FALSE),IF(ISNA(VLOOKUP($F$2:$F$478,lot,2,FALSE))=FALSE,VLOOKUP($F$2:$F$478,lot,2,FALSE),\"MANQUANT\")),\"\")","v":""},{"$f":"IF($C352=\"RM\",IF(ISNA(VLOOKUP($F$2:$F$478,pos,3,FALSE))=FALSE,VLOOKUP($F352:$F769,pos,3,FALSE),\"OP\"),\"\")","v":""},{"$f":"IF($C352=\"RM\",IF(ISNA(VLOOKUP($F352:$F$471,pos,4,FALSE))=FALSE,VLOOKUP($F$2:$F$471,pos,4,FALSE),\"\"),\"\")","v":""},{"$f":"IF($C352=\"RM\",IF(ISNA(VLOOKUP($F$2:$F$478,pos,5,FALSE))=FALSE,VLOOKUP($F$2:$F$478,pos,5,FALSE),IF(ISNA(VLOOKUP($F$2:$F$478,lot,5,FALSE))=FALSE,VLOOKUP($F$2:$F$478,lot,5,FALSE),0)),\"\")","v":""},{"$f":"IF($H352>0,VLOOKUP($D:$D,prix,15,FALSE),\"\")","v":10.72},{"$f":"IF($C352=\"RM\",$O352*$G352,\"\")","v":""},{"$f":"IF($H352>0,$H352*$P352,\"\")","v":1736.64},null,{"$f":"IF($F352>0,VALUE(LEFT($F352,4)),\"\")","v":6182},{"$f":"IF(F352>0,IF(ISERROR(SEARCH(\"*FZ*\",$E352))=FALSE,\"FZ\",IF(ISERROR(SEARCH(\"*FR*\",$E352))=FALSE,\"FR\",\"Aucun\")),\"\")","v":"FR"},{"$f":"IF($C352=\"RM\",IF($U352=\"FR\",IF(ISNA(VLOOKUP($F:$F,lot,6,FALSE))=TRUE,VLOOKUP($T:$T,date,2,FALSE),VLOOKUP($F:$F,lot,6,FALSE)),\"\"),\"\")","v":""},{"$f":"IF($C352=\"RM\",IF($U352=\"Fz\",IF(ISNA(VLOOKUP($F:$F,lot,6,FALSE))=TRUE,VLOOKUP($T:$T,date,2,FALSE),VLOOKUP($F:$F,lot,6,FALSE)),\"\"),\"\")","v":""},{"$f":"IF($C352=\"FG\",VLOOKUP($A:$A,op,4,FALSE),\"\")","v":{"$error":"#N/A"}},"2016-04-26",{"$f":"IF(C352=\"rm\",IF(U352=\"aucun\",\"OK\",IF(U352=\"fz\",IF(Y352-W352>730,Y352-W352,\"OK\"),IF(Y352-V352<1,1,Y352-V352))),\"\")","v":""}]
["6182P0116","Chicken","FG",37005,"POULET ASSAISONNE *IN PROCESS* CODE 27051 FR @P","6182P0122","",76.5,null,null,{"$f":"IF(ISNA(VLOOKUP($D:$D,rend,2,FALSE))=FALSE,VLOOKUP($D:$D,rend,2,FALSE),\"\")","v":0.96964794520876518},{"$f":"IF($C353=\"RM\",IF(ISNA(VLOOKUP($F$2:$F$478,pos,2,FALSE))=FALSE,VLOOKUP($F353:$F$478,pos,2,FALSE),IF(ISNA(VLOOKUP($F$2:$F$478,lot,2,FALSE))=FALSE,VLOOKUP($F$2:$F$478,lot,2,FALSE),\"MANQUANT\")),\"\")","v":""},{"$f":"IF($C353=\"RM\",IF(ISNA(VLOOKUP($F$2:$F$478,pos,3,FALSE))=FALSE,VLOOKUP($F353:$F770,pos,3,FALSE),\"OP\"),\"\")","v":""},{"$f":"IF($C353=\"RM\",IF(ISNA(VLOOKUP($F353:$F$471,pos,4,FALSE))=FALSE,VLOOKUP($F$2:$F$471,pos,4,FALSE),\"\"),\"\")","v":""},{"$f":"IF($C353=\"RM\",IF(ISNA(VLOOKUP($F$2:$F$478,pos,5,FALSE))=FALSE,VLOOKUP($F$2:$F$478,pos,5,FALSE),IF(ISNA(VLOOKUP($F$2:$F$478,lot,5,FALSE))=FALSE,VLOOKUP($F$2:$F$478,lot,5,FALSE),0)),\"\")","v":""},{"$f":"IF($H353>0,VLOOKUP($D:$D,prix,15,FALSE),\"\")","v":10.72},{"$f":"IF($C353=\"RM\",$O353*$G353,\"\")","v":""},{"$f":"IF($H353>0,$H353*$P353,\"\")","v":820.08},null,{"$f":"IF($F353>0,VALUE(LEFT($F353,4)),\"\")","v":6182},{"$f":"IF(F353>0,IF(ISERROR(SEARCH(\"*FZ*\",$E353))=FALSE,\"FZ\",IF(ISERROR(SEARCH(\"*FR*\",$E353))=FALSE,\"FR\",\"Aucun\")),\"\")","v":"FR"},{"$f":"IF($C353=\"RM\",IF($U353=\"FR\",IF(ISNA(VLOOKUP($F:$F,lot,6,FALSE))=TRUE,VLOOKUP($T:$T,date,2,FALSE),VLOOKUP($F:$F,lot,6,FALSE)),\"\"),\"\")","v":""},{"$f":"IF($C353=\"RM\",IF($U353=\"Fz\",IF(ISNA(VLOOKUP($F:$F,lot,6,FALSE))=TRUE,VLOOKUP($T:$T,date,2,FALSE),VLOOKUP($F:$F,lot,6,FALSE)),\"\"),\"\")","v":""},{"$f":"IF($C353=\"FG\",VLOOKUP($A:$A,op,4,FALSE),\"\")","v":{"$error":"#N/A"}},"2016-04-26",{"$f":"IF(C353=\"rm\",IF(U353=\"aucun\",\"OK\",IF(U353=\"fz\",IF(Y353-W353>730,Y353-W353,\"OK\"),IF(Y353-V353<1,1,Y353-V353))),\"\")","v":""}]
["6182P0116 Total",null,null,null,null,null,{"$f":"SUBTOTAL(9,G351:G353)","v":223},{"$f":"SUBTOTAL(9,H351:H353)","v":238.5},null,null,null,null,null,null,null,null,{"$f":"SUBTOTAL(9,Q351:Q353)","v":1125.0458545439189},{"$f":"SUBTOTAL(9,R351:R353)","v":2556.7200000000003}]
["6182P03","Chicken","RM",6,"ING BSA 2B5F019 / ASS COTES-LEVEES POULET SAUPOUDRE / ALLERG: SULFITES","5325AS01",3.48,null,null,null,{"$f":"IF(ISNA(VLOOKUP($D:$D,rend,2,FALSE))=FALSE,VLOOKUP($D:$D,rend,2,FALSE),\"\")","v":""},{"$f":"IF($C355=\"RM\",IF(ISNA(VLOOKUP($F$2:$F$478,pos,2,FALSE))=FALSE,VLOOKUP($F355:$F$478,pos,2,FALSE),IF(ISNA(VLOOKUP($F$2:$F$478,lot,2,FALSE))=FALSE,VLOOKUP($F$2:$F$478,lot,2,FALSE),\"MANQUANT\")),\"\")","v":"PO-0020065"},{"$f":"IF($C355=\"RM\",IF(ISNA(VLOOKUP($F$2:$F$478,pos,3,FALSE))=FALSE,VLOOKUP($F355:$F771,pos,3,FALSE),\"OP\"),\"\")","v":"BSA"},{"$f":"IF($C355=\"RM\",IF(ISNA(VLOOKUP($F355:$F$471,pos,4,FALSE))=FALSE,VLOOKUP($F$2:$F$471,pos,4,FALSE),\"\"),\"\")","v":380},{"$f":"IF($C355=\"RM\",IF(ISNA(VLOOKUP($F$2:$F$478,pos,5,FALSE))=FALSE,VLOOKUP($F$2:$F$478,pos,5,FALSE),IF(ISNA(VLOOKUP($F$2:$F$478,lot,5,FALSE))=FALSE,VLOOKUP($F$2:$F$478,lot,5,FALSE),0)),\"\")","v":9.1300000000000008},{"$f":"IF($H355>0,VLOOKUP($D:$D,prix,15,FALSE),\"\")","v":""},{"$f":"IF($C355=\"RM\",$O355*$G355,\"\")","v":31.772400000000001},{"$f":"IF($H355>0,$H355*$P355,\"\")","v":""},null,{"$f":"IF($F355>0,VALUE(LEFT($F355,4)),\"\")","v":5325},{"$f":"IF(F355>0,IF(ISERROR(SEARCH(\"*FZ*\",$E355))=FALSE,\"FZ\",IF(ISERROR(SEARCH(\"*FR*\",$E355))=FALSE,\"FR\",\"Aucun\")),\"\")","v":"Aucun"},{"$f":"IF($C355=\"RM\",IF($U355=\"FR\",IF(ISNA(VLOOKUP($F:$F,lot,6,FALSE))=TRUE,VLOOKUP($T:$T,date,2,FALSE),VLOOKUP($F:$F,lot,6,FALSE)),\"\"),\"\")","v":""},{"$f":"IF($C355=\"RM\",IF($U355=\"Fz\",IF(ISNA(VLOOKUP($F:$F,lot,6,FALSE))=TRUE,VLOOKUP($T:$T,date,2,FALSE),VLOOKUP($F:$F,lot,6,FALSE)),\"\"),\"\")","v":""},{"$f":"IF($C355=\"FG\",VLOOKUP($A:$A,op,4,FALSE),\"\")","v":""},"2016-04-26",{"$f":"IF(C355=\"rm\",IF(U355=\"aucun\",\"OK\",IF(U355=\"fz\",IF(Y355-W355>730,Y355-W355,\"OK\"),IF(Y355-V355<1,1,Y355-V355))),\"\")","v":"OK"}]
["6182P03","Chicken","RM",132,"EMB FLEXO F8149B / 26034 (LOBLAW) / ETIQUETTE PILONS POULET","5502EM03",136,null,null,null,{"$f":"IF(ISNA(VLOOKUP($D:$D,rend,2,FALSE))=FALSE,VLOOKUP($D:$D,rend,2,FALSE),\"\")","v":""},{"$f":"IF($C356=\"RM\",IF(ISNA(VLOOKUP($F$2:$F$478,pos,2,FALSE))=FALSE,VLOOKUP($F356:$F$478,pos,2,FALSE),IF(ISNA(VLOOKUP($F$2:$F$478,lot,2,FALSE))=FALSE,VLOOKUP($F$2:$F$478,lot,2,FALSE),\"MANQUANT\")),\"\")","v":"PO-0020837"},{"$f":"IF($C356=\"RM\",IF(ISNA(VLOOKUP($F$2:$F$478,pos,3,FALSE))=FALSE,VLOOKUP($F356:$F772,pos,3,FALSE),\"OP\"),\"\")","v":"FLEXO"},{"$f":"IF($C356=\"RM\",IF(ISNA(VLOOKUP($F356:$F$471,pos,4,FALSE))=FALSE,VLOOKUP($F$2:$F$471,pos,4,FALSE),\"\"),\"\")","v":15890},{"$f":"IF($C356=\"RM\",IF(ISNA(VLOOKUP($F$2:$F$478,pos,5,FALSE))=FALSE,VLOOKUP($F$2:$F$478,pos,5,FALSE),IF(ISNA(VLOOKUP($F$2:$F$478,lot,5,FALSE))=FALSE,VLOOKUP($F$2:$F$478,lot,5,FALSE),0)),\"\")","v":2.7300000000000001E-2},{"$f":"IF($H356>0,VLOOKUP($D:$D,prix,15,FALSE),\"\")","v":""},{"$f":"IF($C356=\"RM\",$O356*$G356,\"\")","v":3.7128000000000001},{"$f":"IF($H356>0,$H356*$P356,\"\")","v":""},null,{"$f":"IF($F356>0,VALUE(LEFT($F356,4)),\"\")","v":5502},{"$f":"IF(F356>0,IF(ISERROR(SEARCH(\"*FZ*\",$E356))=FALSE,\"FZ\",IF(ISERROR(SEARCH(\"*FR*\",$E356))=FALSE,\"FR\",\"Aucun\")),\"\")","v":"Aucun"},{"$f":"IF($C356=\"RM\",IF($U356=\"FR\",IF(ISNA(VLOOKUP($F:$F,lot,6,FALSE))=TRUE,VLOOKUP($T:$T,date,2,FALSE),VLOOKUP($F:$F,lot,6,FALSE)),\"\"),\"\")","v":""},{"$f":"IF($C356=\"RM\",IF($U356=\"Fz\",IF(ISNA(VLOOKUP($F:$F,lot,6,FALSE))=TRUE,VLOOKUP($T:$T,date,2,FALSE),VLOOKUP($F:$F,lot,6,FALSE)),\"\"),\"\")","v":""},{"$f":"IF($C356=\"FG\",VLOOKUP($A:$A,op,4,FALSE),\"\")","v":""},"2016-04-26",{"$f":"IF(C356=\"rm\",IF(U356=\"aucun\",\"OK\",IF(U356=\"fz\",IF(Y356-W356>730,Y356-W356,\"OK\"),IF(Y356-V356<1,1,Y356-V356))),\"\")","v":"OK"}]
["6182P03","Chicken","RM",108,"EMB ALIMENTS QUEBEC / ETIQUETTE ALIMENTS DU QUEBEC (LOBLAW)","5525EM01",136,null,null,null,{"$f":"IF(ISNA(VLOOKUP($D:$D,rend,2,FALSE))=FALSE,VLOOKUP($D:$D,rend,2,FALSE),\"\")","v":""},{"$f":"IF($C357=\"RM\",IF(ISNA(VLOOKUP($F$2:$F$478,pos,2,FALSE))=FALSE,VLOOKUP($F357:$F$478,pos,2,FALSE),IF(ISNA(VLOOKUP($F$2:$F$478,lot,2,FALSE))=FALSE,VLOOKUP($F$2:$F$478,lot,2,FALSE),\"MANQUANT\")),\"\")","v":"PO-0020950"},{"$f":"IF($C357=\"RM\",IF(ISNA(VLOOKUP($F$2:$F$478,pos,3,FALSE))=FALSE,VLOOKUP($F357:$F773,pos,3,FALSE),\"OP\"),\"\")","v":"CPAQ"},{"$f":"IF($C357=\"RM\",IF(ISNA(VLOOKUP($F357:$F$471,pos,4,FALSE))=FALSE,VLOOKUP($F$2:$F$471,pos,4,FALSE),\"\"),\"\")","v":40000},{"$f":"IF($C357=\"RM\",IF(ISNA(VLOOKUP($F$2:$F$478,pos,5,FALSE))=FALSE,VLOOKUP($F$2:$F$478,pos,5,FALSE),IF(ISNA(VLOOKUP($F$2:$F$478,lot,5,FALSE))=FALSE,VLOOKUP($F$2:$F$478,lot,5,FALSE),0)),\"\")","v":2.1000000000000001E-2},{"$f":"IF($H357>0,VLOOKUP($D:$D,prix,15,FALSE),\"\")","v":""},{"$f":"IF($C357=\"RM\",$O357*$G357,\"\")","v":2.8560000000000003},{"$f":"IF($H357>0,$H357*$P357,\"\")","v":""},null,{"$f":"IF($F357>0,VALUE(LEFT($F357,4)),\"\")","v":5525},{"$f":"IF(F357>0,IF(ISERROR(SEARCH(\"*FZ*\",$E357))=FALSE,\"FZ\",IF(ISERROR(SEARCH(\"*FR*\",$E357))=FALSE,\"FR\",\"Aucun\")),\"\")","v":"Aucun"},{"$f":"IF($C357=\"RM\",IF($U357=\"FR\",IF(ISNA(VLOOKUP($F:$F,lot,6,FALSE))=TRUE,VLOOKUP($T:$T,date,2,FALSE),VLOOKUP($F:$F,lot,6,FALSE)),\"\"),\"\")","v":""},{"$f":"IF($C357=\"RM\",IF($U357=\"Fz\",IF(ISNA(VLOOKUP($F:$F,lot,6,FALSE))=TRUE,VLOOKUP($T:$T,date,2,FALSE),VLOOKUP($F:$F,lot,6,FALSE)),\"\"),\"\")","v":""},{"$f":"IF($C357=\"FG\",VLOOKUP($A:$A,op,4,FALSE),\"\")","v":""},"2016-04-26",{"$f":"IF(C357=\"rm\",IF(U357=\"aucun\",\"OK\",IF(U357=\"fz\",IF(Y357-W357>730,Y357-W357,\"OK\"),IF(Y357-V357<1,1,Y357-V357))),\"\")","v":"OK"}]
["6182P03","Chicken","RM",125,"EMB HEAT SEALING 023038 / 8D PZ40 BLACK PADDED (LOBLAW)/ 400/CS","6146EM02",136,null,null,null,{"$f":"IF(ISNA(VLOOKUP($D:$D,rend,2,FALSE))=FALSE,VLOOKUP($D:$D,rend,2,FALSE),\"\")","v":""},{"$f":"IF($C358=\"RM\",IF(ISNA(VLOOKUP($F$2:$F$478,pos,2,FALSE))=FALSE,VLOOKUP($F358:$F$478,pos,2,FALSE),IF(ISNA(VLOOKUP($F$2:$F$478,lot,2,FALSE))=FALSE,VLOOKUP($F$2:$F$478,lot,2,FALSE),\"MANQUANT\")),\"\")","v":"PO-0021624"},{"$f":"IF($C358=\"RM\",IF(ISNA(VLOOKUP($F$2:$F$478,pos,3,FALSE))=FALSE,VLOOKUP($F358:$F774,pos,3,FALSE),\"OP\"),\"\")","v":"HEAT"},{"$f":"IF($C358=\"RM\",IF(ISNA(VLOOKUP($F358:$F$471,pos,4,FALSE))=FALSE,VLOOKUP($F$2:$F$471,pos,4,FALSE),\"\"),\"\")","v":4000},{"$f":"IF($C358=\"RM\",IF(ISNA(VLOOKUP($F$2:$F$478,pos,5,FALSE))=FALSE,VLOOKUP($F$2:$F$478,pos,5,FALSE),IF(ISNA(VLOOKUP($F$2:$F$478,lot,5,FALSE))=FALSE,VLOOKUP($F$2:$F$478,lot,5,FALSE),0)),\"\")","v":0.19500000000000001},{"$f":"IF($H358>0,VLOOKUP($D:$D,prix,15,FALSE),\"\")","v":""},{"$f":"IF($C358=\"RM\",$O358*$G358,\"\")","v":26.52},{"$f":"IF($H358>0,$H358*$P358,\"\")","v":""},null,{"$f":"IF($F358>0,VALUE(LEFT($F358,4)),\"\")","v":6146},{"$f":"IF(F358>0,IF(ISERROR(SEARCH(\"*FZ*\",$E358))=FALSE,\"FZ\",IF(ISERROR(SEARCH(\"*FR*\",$E358))=FALSE,\"FR\",\"Aucun\")),\"\")","v":"Aucun"},{"$f":"IF($C358=\"RM\",IF($U358=\"FR\",IF(ISNA(VLOOKUP($F:$F,lot,6,FALSE))=TRUE,VLOOKUP($T:$T,date,2,FALSE),VLOOKUP($F:$F,lot,6,FALSE)),\"\"),\"\")","v":""},{"$f":"IF($C358=\"RM\",IF($U358=\"Fz\",IF(ISNA(VLOOKUP($F:$F,lot,6,FALSE))=TRUE,VLOOKUP($T:$T,date,2,FALSE),VLOOKUP($F:$F,lot,6,FALSE)),\"\"),\"\")","v":""},{"$f":"IF($C358=\"FG\",VLOOKUP($A:$A,op,4,FALSE),\"\")","v":""},"2016-04-26",{"$f":"IF(C358=\"rm\",IF(U358=\"aucun\",\"OK\",IF(U358=\"fz\",IF(Y358-W358>730,Y358-W358,\"OK\"),IF(Y358-V358<1,1,Y358-V358))),\"\")","v":"OK"}]
["6182P03","Chicken","RM",304,"EMB BELLEY SAL04-1300 / TRAY BOX BOTTOM (LOBLAW)/ 8X260","6176EM04",17,null,null,null,{"$f":"IF(ISNA(VLOOKUP($D:$D,rend,2,FALSE))=FALSE,VLOOKUP($D:$D,rend,2,FALSE),\"\")","v":""},{"$f":"IF($C359=\"RM\",IF(ISNA(VLOOKUP($F$2:$F$478,pos,2,FALSE))=FALSE,VLOOKUP($F359:$F$478,pos,2,FALSE),IF(ISNA(VLOOKUP($F$2:$F$478,lot,2,FALSE))=FALSE,VLOOKUP($F$2:$F$478,lot,2,FALSE),\"MANQUANT\")),\"\")","v":"PO-0021791"},{"$f":"IF($C359=\"RM\",IF(ISNA(VLOOKUP($F$2:$F$478,pos,3,FALSE))=FALSE,VLOOKUP($F359:$F775,pos,3,FALSE),\"OP\"),\"\")","v":"MITC"},{"$f":"IF($C359=\"RM\",IF(ISNA(VLOOKUP($F359:$F$471,pos,4,FALSE))=FALSE,VLOOKUP($F$2:$F$471,pos,4,FALSE),\"\"),\"\")","v":960},{"$f":"IF($C359=\"RM\",IF(ISNA(VLOOKUP($F$2:$F$478,pos,5,FALSE))=FALSE,VLOOKUP($F$2:$F$478,pos,5,FALSE),IF(ISNA(VLOOKUP($F$2:$F$478,lot,5,FALSE))=FALSE,VLOOKUP($F$2:$F$478,lot,5,FALSE),0)),\"\")","v":0.745},{"$f":"IF($H359>0,VLOOKUP($D:$D,prix,15,FALSE),\"\")","v":""},{"$f":"IF($C359=\"RM\",$O359*$G359,\"\")","v":12.664999999999999},{"$f":"IF($H359>0,$H359*$P359,\"\")","v":""},null,{"$f":"IF($F359>0,VALUE(LEFT($F359,4)),\"\")","v":6176},{"$f":"IF(F359>0,IF(ISERROR(SEARCH(\"*FZ*\",$E359))=FALSE,\"FZ\",IF(ISERROR(SEARCH(\"*FR*\",$E359))=FALSE,\"FR\",\"Aucun\")),\"\")","v":"Aucun"},{"$f":"IF($C359=\"RM\",IF($U359=\"FR\",IF(ISNA(VLOOKUP($F:$F,lot,6,FALSE))=TRUE,VLOOKUP($T:$T,date,2,FALSE),VLOOKUP($F:$F,lot,6,FALSE)),\"\"),\"\")","v":""},{"$f":"IF($C359=\"RM\",IF($U359=\"Fz\",IF(ISNA(VLOOKUP($F:$F,lot,6,FALSE))=TRUE,VLOOKUP($T:$T,date,2,FALSE),VLOOKUP($F:$F,lot,6,FALSE)),\"\"),\"\")","v":""},{"$f":"IF($C359=\"FG\",VLOOKUP($A:$A,op,4,FALSE),\"\")","v":""},"2016-04-26",{"$f":"IF(C359=\"rm\",IF(U359=\"aucun\",\"OK\",IF(U359=\"fz\",IF(Y359-W359>730,Y359-W359,\"OK\"),IF(Y359-V359<1,1,Y359-V359))),\"\")","v":"OK"}]
["6182P03","Chicken","RM",303,"EMB BELLEY SAL04-1290 / TRAY BOX TOP (LOBLAW)/ 8X260","6176EM05",17,null,null,null,{"$f":"IF(ISNA(VLOOKUP($D:$D,rend,2,FALSE))=FALSE,VLOOKUP($D:$D,rend,2,FALSE),\"\")","v":""},{"$f":"IF($C360=\"RM\",IF(ISNA(VLOOKUP($F$2:$F$478,pos,2,FALSE))=FALSE,VLOOKUP($F360:$F$478,pos,2,FALSE),IF(ISNA(VLOOKUP($F$2:$F$478,lot,2,FALSE))=FALSE,VLOOKUP($F$2:$F$478,lot,2,FALSE),\"MANQUANT\")),\"\")","v":"PO-0021792"},{"$f":"IF($C360=\"RM\",IF(ISNA(VLOOKUP($F$2:$F$478,pos,3,FALSE))=FALSE,VLOOKUP($F360:$F776,pos,3,FALSE),\"OP\"),\"\")","v":"MITC"},{"$f":"IF($C360=\"RM\",IF(ISNA(VLOOKUP($F360:$F$471,pos,4,FALSE))=FALSE,VLOOKUP($F$2:$F$471,pos,4,FALSE),\"\"),\"\")","v":1108},{"$f":"IF($C360=\"RM\",IF(ISNA(VLOOKUP($F$2:$F$478,pos,5,FALSE))=FALSE,VLOOKUP($F$2:$F$478,pos,5,FALSE),IF(ISNA(VLOOKUP($F$2:$F$478,lot,5,FALSE))=FALSE,VLOOKUP($F$2:$F$478,lot,5,FALSE),0)),\"\")","v":0.75600000000000001},{"$f":"IF($H360>0,VLOOKUP($D:$D,prix,15,FALSE),\"\")","v":""},{"$f":"IF($C360=\"RM\",$O360*$G360,\"\")","v":12.852},{"$f":"IF($H360>0,$H360*$P360,\"\")","v":""},null,{"$f":"IF($F360>0,VALUE(LEFT($F360,4)),\"\")","v":6176},{"$f":"IF(F360>0,IF(ISERROR(SEARCH(\"*FZ*\",$E360))=FALSE,\"FZ\",IF(ISERROR(SEARCH(\"*FR*\",$E360))=FALSE,\"FR\",\"Aucun\")),\"\")","v":"Aucun"},{"$f":"IF($C360=\"RM\",IF($U360=\"FR\",IF(ISNA(VLOOKUP($F:$F,lot,6,FALSE))=TRUE,VLOOKUP($T:$T,date,2,FALSE),VLOOKUP($F:$F,lot,6,FALSE)),\"\"),\"\")","v":""},{"$f":"IF($C360=\"RM\",IF($U360=\"Fz\",IF(ISNA(VLOOKUP($F:$F,lot,6,FALSE))=TRUE,VLOOKUP($T:$T,date,2,FALSE),VLOOKUP($F:$F,lot,6,FALSE)),\"\"),\"\")","v":""},{"$f":"IF($C360=\"FG\",VLOOKUP($A:$A,op,4,FALSE),\"\")","v":""},"2016-04-26",{"$f":"IF(C360=\"rm\",IF(U360=\"aucun\",\"OK\",IF(U360=\"fz\",IF(Y360-W360>730,Y360-W360,\"OK\"),IF(Y360-V360<1,1,Y360-V360))),\"\")","v":"OK"}]
["6182P03","Chicken","RM",35831,"CHICKEN DRUMSTICKS FR**RM 18 KG @P","6176P04",25.51,null,null,null,{"$f":"IF(ISNA(VLOOKUP($D:$D,rend,2,FALSE))=FALSE,VLOOKUP($D:$D,rend,2,FALSE),\"\")","v":0.7649243740503473},{"$f":"IF($C361=\"RM\",IF(ISNA(VLOOKUP($F$2:$F$478,pos,2,FALSE))=FALSE,VLOOKUP($F361:$F$478,pos,2,FALSE),IF(ISNA(VLOOKUP($F$2:$F$478,lot,2,FALSE))=FALSE,VLOOKUP($F$2:$F$478,lot,2,FALSE),\"MANQUANT\")),\"\")","v":"MANQUANT"},{"$f":"IF($C361=\"RM\",IF(ISNA(VLOOKUP($F$2:$F$478,pos,3,FALSE))=FALSE,VLOOKUP($F361:$F777,pos,3,FALSE),\"OP\"),\"\")","v":"OP"},{"$f":"IF($C361=\"RM\",IF(ISNA(VLOOKUP($F361:$F$471,pos,4,FALSE))=FALSE,VLOOKUP($F$2:$F$471,pos,4,FALSE),\"\"),\"\")","v":""},{"$f":"IF($C361=\"RM\",IF(ISNA(VLOOKUP($F$2:$F$478,pos,5,FALSE))=FALSE,VLOOKUP($F$2:$F$478,pos,5,FALSE),IF(ISNA(VLOOKUP($F$2:$F$478,lot,5,FALSE))=FALSE,VLOOKUP($F$2:$F$478,lot,5,FALSE),0)),\"\")","v":0},{"$f":"IF($H361>0,VLOOKUP($D:$D,prix,15,FALSE),\"\")","v":""},{"$f":"IF($C361=\"RM\",$O361*$G361,\"\")","v":0},{"$f":"IF($H361>0,$H361*$P361,\"\")","v":""},null,{"$f":"IF($F361>0,VALUE(LEFT($F361,4)),\"\")","v":6176},{"$f":"IF(F361>0,IF(ISERROR(SEARCH(\"*FZ*\",$E361))=FALSE,\"FZ\",IF(ISERROR(SEARCH(\"*FR*\",$E361))=FALSE,\"FR\",\"Aucun\")),\"\")","v":"FR"},{"$f":"IF($C361=\"RM\",IF($U361=\"FR\",IF(ISNA(VLOOKUP($F:$F,lot,6,FALSE))=TRUE,VLOOKUP($T:$T,date,2,FALSE),VLOOKUP($F:$F,lot,6,FALSE)),\"\"),\"\")","v":"2016-04-22"},{"$f":"IF($C361=\"RM\",IF($U361=\"Fz\",IF(ISNA(VLOOKUP($F:$F,lot,6,FALSE))=TRUE,VLOOKUP($T:$T,date,2,FALSE),VLOOKUP($F:$F,lot,6,FALSE)),\"\"),\"\")","v":""},{"$f":"IF($C361=\"FG\",VLOOKUP($A:$A,op,4,FALSE),\"\")","v":""},"2016-04-26",{"$f":"IF(C361=\"rm\",IF(U361=\"aucun\",\"OK\",IF(U361=\"fz\",IF(Y361-W361>730,Y361-W361,\"OK\"),IF(Y361-V361<1,1,Y361-V361))),\"\")","v":4}]
["6182P03","Chicken","RM",35831,"CHICKEN DRUMSTICKS FR**RM 18 KG @P","6182P03",128.56,null,null,null,{"$f":"IF(ISNA(VLOOKUP($D:$D,rend,2,FALSE))=FALSE,VLOOKUP($D:$D,rend,2,FALSE),\"\")","v":0.7649243740503473},{"$f":"IF($C362=\"RM\",IF(ISNA(VLOOKUP($F$2:$F$478,pos,2,FALSE))=FALSE,VLOOKUP($F362:$F$478,pos,2,FALSE),IF(ISNA(VLOOKUP($F$2:$F$478,lot,2,FALSE))=FALSE,VLOOKUP($F$2:$F$478,lot,2,FALSE),\"MANQUANT\")),\"\")","v":"PO-0021802"},{"$f":"IF($C362=\"RM\",IF(ISNA(VLOOKUP($F$2:$F$478,pos,3,FALSE))=FALSE,VLOOKUP($F362:$F778,pos,3,FALSE),\"OP\"),\"\")","v":"EXCE"},{"$f":"IF($C362=\"RM\",IF(ISNA(VLOOKUP($F362:$F$471,pos,4,FALSE))=FALSE,VLOOKUP($F$2:$F$471,pos,4,FALSE),\"\"),\"\")","v":128.56},{"$f":"IF($C362=\"RM\",IF(ISNA(VLOOKUP($F$2:$F$478,pos,5,FALSE))=FALSE,VLOOKUP($F$2:$F$478,pos,5,FALSE),IF(ISNA(VLOOKUP($F$2:$F$478,lot,5,FALSE))=FALSE,VLOOKUP($F$2:$F$478,lot,5,FALSE),0)),\"\")","v":3},{"$f":"IF($H362>0,VLOOKUP($D:$D,prix,15,FALSE),\"\")","v":""},{"$f":"IF($C362=\"RM\",$O362*$G362,\"\")","v":385.68},{"$f":"IF($H362>0,$H362*$P362,\"\")","v":""},null,{"$f":"IF($F362>0,VALUE(LEFT($F362,4)),\"\")","v":6182},{"$f":"IF(F362>0,IF(ISERROR(SEARCH(\"*FZ*\",$E362))=FALSE,\"FZ\",IF(ISERROR(SEARCH(\"*FR*\",$E362))=FALSE,\"FR\",\"Aucun\")),\"\")","v":"FR"},{"$f":"IF($C362=\"RM\",IF($U362=\"FR\",IF(ISNA(VLOOKUP($F:$F,lot,6,FALSE))=TRUE,VLOOKUP($T:$T,date,2,FALSE),VLOOKUP($F:$F,lot,6,FALSE)),\"\"),\"\")","v":"2016-04-25"},{"$f":"IF($C362=\"RM\",IF($U362=\"Fz\",IF(ISNA(VLOOKUP($F:$F,lot,6,FALSE))=TRUE,VLOOKUP($T:$T,date,2,FALSE),VLOOKUP($F:$F,lot,6,FALSE)),\"\"),\"\")","v":""},{"$f":"IF($C362=\"FG\",VLOOKUP($A:$A,op,4,FALSE),\"\")","v":""},"2016-04-26",{"$f":"IF(C362=\"rm\",IF(U362=\"aucun\",\"OK\",IF(U362=\"fz\",IF(Y362-W362>730,Y362-W362,\"OK\"),IF(Y362-V362<1,1,Y362-V362))),\"\")","v":1}]
["6182P03","Chicken","FG",26034,"PILON DE POULET ASSAISONNE BBQ *LOBLAW* ( 8 X 8/TRAY 8D black) FR @P","6182P031","",156.78,null,null,{"$f":"IF(ISNA(VLOOKUP($D:$D,rend,2,FALSE))=FALSE,VLOOKUP($D:$D,rend,2,FALSE),\"\")","v":0.96356984000921941},{"$f":"IF($C363=\"RM\",IF(ISNA(VLOOKUP($F$2:$F$478,pos,2,FALSE))=FALSE,VLOOKUP($F363:$F$478,pos,2,FALSE),IF(ISNA(VLOOKUP($F$2:$F$478,lot,2,FALSE))=FALSE,VLOOKUP($F$2:$F$478,lot,2,FALSE),\"MANQUANT\")),\"\")","v":""},{"$f":"IF($C363=\"RM\",IF(ISNA(VLOOKUP($F$2:$F$478,pos,3,FALSE))=FALSE,VLOOKUP($F363:$F779,pos,3,FALSE),\"OP\"),\"\")","v":""},{"$f":"IF($C363=\"RM\",IF(ISNA(VLOOKUP($F363:$F$471,pos,4,FALSE))=FALSE,VLOOKUP($F$2:$F$471,pos,4,FALSE),\"\"),\"\")","v":""},{"$f":"IF($C363=\"RM\",IF(ISNA(VLOOKUP($F$2:$F$478,pos,5,FALSE))=FALSE,VLOOKUP($F$2:$F$478,pos,5,FALSE),IF(ISNA(VLOOKUP($F$2:$F$478,lot,5,FALSE))=FALSE,VLOOKUP($F$2:$F$478,lot,5,FALSE),0)),\"\")","v":""},{"$f":"IF($H363>0,VLOOKUP($D:$D,prix,15,FALSE),\"\")","v":5.2},{"$f":"IF($C363=\"RM\",$O363*$G363,\"\")","v":""},{"$f":"IF($H363>0,$H363*$P363,\"\")","v":815.25600000000009},null,{"$f":"IF($F363>0,VALUE(LEFT($F363,4)),\"\")","v":6182},{"$f":"IF(F363>0,IF(ISERROR(SEARCH(\"*FZ*\",$E363))=FALSE,\"FZ\",IF(ISERROR(SEARCH(\"*FR*\",$E363))=FALSE,\"FR\",\"Aucun\")),\"\")","v":"FR"},{"$f":"IF($C363=\"RM\",IF($U363=\"FR\",IF(ISNA(VLOOKUP($F:$F,lot,6,FALSE))=TRUE,VLOOKUP($T:$T,date,2,FALSE),VLOOKUP($F:$F,lot,6,FALSE)),\"\"),\"\")","v":""},{"$f":"IF($C363=\"RM\",IF($U363=\"Fz\",IF(ISNA(VLOOKUP($F:$F,lot,6,FALSE))=TRUE,VLOOKUP($T:$T,date,2,FALSE),VLOOKUP($F:$F,lot,6,FALSE)),\"\"),\"\")","v":""},{"$f":"IF($C363=\"FG\",VLOOKUP($A:$A,op,4,FALSE),\"\")","v":{"$error":"#N/A"}},"2016-04-26",{"$f":"IF(C363=\"rm\",IF(U363=\"aucun\",\"OK\",IF(U363=\"fz\",IF(Y363-W363>730,Y363-W363,\"OK\"),IF(Y363-V363<1,1,Y363-V363))),\"\")","v":""}]
["6182P03 Total",null,null,null,null,null,{"$f":"SUBTOTAL(9,G355:G363)","v":599.54999999999995},{"$f":"SUBTOTAL(9,H355:H363)","v":156.78},null,null,null,null,null,null,null,null,{"$f":"SUBTOTAL(9,Q355:Q363)","v":476.0582},{"$f":"SUBTOTAL(9,R355:R363)","v":815.25600000000009}]
["6182P04","Chicken","RM",6,"ING BSA 2B5F019 / ASS COTES-LEVEES POULET SAUPOUDRE / ALLERG: SULFITES","5325AS01",2.4900000000000002,null,null,null,{"$f":"IF(ISNA(VLOOKUP($D:$D,rend,2,FALSE))=FALSE,VLOOKUP($D:$D,rend,2,FALSE),\"\")","v":""},{"$f":"IF($C365=\"RM\",IF(ISNA(VLOOKUP($F$2:$F$478,pos,2,FALSE))=FALSE,VLOOKUP($F365:$F$478,pos,2,FALSE),IF(ISNA(VLOOKUP($F$2:$F$478,lot,2,FALSE))=FALSE,VLOOKUP($F$2:$F$478,lot,2,FALSE),\"MANQUANT\")),\"\")","v":"PO-0020065"},{"$f":"IF($C365=\"RM\",IF(ISNA(VLOOKUP($F$2:$F$478,pos,3,FALSE))=FALSE,VLOOKUP($F365:$F780,pos,3,FALSE),\"OP\"),\"\")","v":"BSA"},{"$f":"IF($C365=\"RM\",IF(ISNA(VLOOKUP($F365:$F$471,pos,4,FALSE))=FALSE,VLOOKUP($F$2:$F$471,pos,4,FALSE),\"\"),\"\")","v":380},{"$f":"IF($C365=\"RM\",IF(ISNA(VLOOKUP($F$2:$F$478,pos,5,FALSE))=FALSE,VLOOKUP($F$2:$F$478,pos,5,FALSE),IF(ISNA(VLOOKUP($F$2:$F$478,lot,5,FALSE))=FALSE,VLOOKUP($F$2:$F$478,lot,5,FALSE),0)),\"\")","v":9.1300000000000008},{"$f":"IF($H365>0,VLOOKUP($D:$D,prix,15,FALSE),\"\")","v":""},{"$f":"IF($C365=\"RM\",$O365*$G365,\"\")","v":22.733700000000002},{"$f":"IF($H365>0,$H365*$P365,\"\")","v":""},null,{"$f":"IF($F365>0,VALUE(LEFT($F365,4)),\"\")","v":5325},{"$f":"IF(F365>0,IF(ISERROR(SEARCH(\"*FZ*\",$E365))=FALSE,\"FZ\",IF(ISERROR(SEARCH(\"*FR*\",$E365))=FALSE,\"FR\",\"Aucun\")),\"\")","v":"Aucun"},{"$f":"IF($C365=\"RM\",IF($U365=\"FR\",IF(ISNA(VLOOKUP($F:$F,lot,6,FALSE))=TRUE,VLOOKUP($T:$T,date,2,FALSE),VLOOKUP($F:$F,lot,6,FALSE)),\"\"),\"\")","v":""},{"$f":"IF($C365=\"RM\",IF($U365=\"Fz\",IF(ISNA(VLOOKUP($F:$F,lot,6,FALSE))=TRUE,VLOOKUP($T:$T,date,2,FALSE),VLOOKUP($F:$F,lot,6,FALSE)),\"\"),\"\")","v":""},{"$f":"IF($C365=\"FG\",VLOOKUP($A:$A,op,4,FALSE),\"\")","v":""},"2016-04-26",{"$f":"IF(C365=\"rm\",IF(U365=\"aucun\",\"OK\",IF(U365=\"fz\",IF(Y365-W365>730,Y365-W365,\"OK\"),IF(Y365-V365<1,1,Y365-V365))),\"\")","v":"OK"}]
["6182P04","Chicken","RM",131,"EMB FLEXO F8149A / 26020 (LOBLAW) / ETIQUETTE CUISSE POULET","5502EM02",128,null,null,null,{"$f":"IF(ISNA(VLOOKUP($D:$D,rend,2,FALSE))=FALSE,VLOOKUP($D:$D,rend,2,FALSE),\"\")","v":""},{"$f":"IF($C366=\"RM\",IF(ISNA(VLOOKUP($F$2:$F$478,pos,2,FALSE))=FALSE,VLOOKUP($F366:$F$478,pos,2,FALSE),IF(ISNA(VLOOKUP($F$2:$F$478,lot,2,FALSE))=FALSE,VLOOKUP($F$2:$F$478,lot,2,FALSE),\"MANQUANT\")),\"\")","v":"PO-0020837"},{"$f":"IF($C366=\"RM\",IF(ISNA(VLOOKUP($F$2:$F$478,pos,3,FALSE))=FALSE,VLOOKUP($F366:$F781,pos,3,FALSE),\"OP\"),\"\")","v":"FLEXO"},{"$f":"IF($C366=\"RM\",IF(ISNA(VLOOKUP($F366:$F$471,pos,4,FALSE))=FALSE,VLOOKUP($F$2:$F$471,pos,4,FALSE),\"\"),\"\")","v":15790},{"$f":"IF($C366=\"RM\",IF(ISNA(VLOOKUP($F$2:$F$478,pos,5,FALSE))=FALSE,VLOOKUP($F$2:$F$478,pos,5,FALSE),IF(ISNA(VLOOKUP($F$2:$F$478,lot,5,FALSE))=FALSE,VLOOKUP($F$2:$F$478,lot,5,FALSE),0)),\"\")","v":2.7300000000000001E-2},{"$f":"IF($H366>0,VLOOKUP($D:$D,prix,15,FALSE),\"\")","v":""},{"$f":"IF($C366=\"RM\",$O366*$G366,\"\")","v":3.4944000000000002},{"$f":"IF($H366>0,$H366*$P366,\"\")","v":""},null,{"$f":"IF($F366>0,VALUE(LEFT($F366,4)),\"\")","v":5502},{"$f":"IF(F366>0,IF(ISERROR(SEARCH(\"*FZ*\",$E366))=FALSE,\"FZ\",IF(ISERROR(SEARCH(\"*FR*\",$E366))=FALSE,\"FR\",\"Aucun\")),\"\")","v":"Aucun"},{"$f":"IF($C366=\"RM\",IF($U366=\"FR\",IF(ISNA(VLOOKUP($F:$F,lot,6,FALSE))=TRUE,VLOOKUP($T:$T,date,2,FALSE),VLOOKUP($F:$F,lot,6,FALSE)),\"\"),\"\")","v":""},{"$f":"IF($C366=\"RM\",IF($U366=\"Fz\",IF(ISNA(VLOOKUP($F:$F,lot,6,FALSE))=TRUE,VLOOKUP($T:$T,date,2,FALSE),VLOOKUP($F:$F,lot,6,FALSE)),\"\"),\"\")","v":""},{"$f":"IF($C366=\"FG\",VLOOKUP($A:$A,op,4,FALSE),\"\")","v":""},"2016-04-26",{"$f":"IF(C366=\"rm\",IF(U366=\"aucun\",\"OK\",IF(U366=\"fz\",IF(Y366-W366>730,Y366-W366,\"OK\"),IF(Y366-V366<1,1,Y366-V366))),\"\")","v":"OK"}]
["6182P04","Chicken","RM",108,"EMB ALIMENTS QUEBEC / ETIQUETTE ALIMENTS DU QUEBEC (LOBLAW)","5525EM01",128,null,null,null,{"$f":"IF(ISNA(VLOOKUP($D:$D,rend,2,FALSE))=FALSE,VLOOKUP($D:$D,rend,2,FALSE),\"\")","v":""},{"$f":"IF($C367=\"RM\",IF(ISNA(VLOOKUP($F$2:$F$478,pos,2,FALSE))=FALSE,VLOOKUP($F367:$F$478,pos,2,FALSE),IF(ISNA(VLOOKUP($F$2:$F$478,lot,2,FALSE))=FALSE,VLOOKUP($F$2:$F$478,lot,2,FALSE),\"MANQUANT\")),\"\")","v":"PO-0020950"},{"$f":"IF($C367=\"RM\",IF(ISNA(VLOOKUP($F$2:$F$478,pos,3,FALSE))=FALSE,VLOOKUP($F367:$F782,pos,3,FALSE),\"OP\"),\"\")","v":"CPAQ"},{"$f":"IF($C367=\"RM\",IF(ISNA(VLOOKUP($F367:$F$471,pos,4,FALSE))=FALSE,VLOOKUP($F$2:$F$471,pos,4,FALSE),\"\"),\"\")","v":40000},{"$f":"IF($C367=\"RM\",IF(ISNA(VLOOKUP($F$2:$F$478,pos,5,FALSE))=FALSE,VLOOKUP($F$2:$F$478,pos,5,FALSE),IF(ISNA(VLOOKUP($F$2:$F$478,lot,5,FALSE))=FALSE,VLOOKUP($F$2:$F$478,lot,5,FALSE),0)),\"\")","v":2.1000000000000001E-2},{"$f":"IF($H367>0,VLOOKUP($D:$D,prix,15,FALSE),\"\")","v":""},{"$f":"IF($C367=\"RM\",$O367*$G367,\"\")","v":2.6880000000000002},{"$f":"IF($H367>0,$H367*$P367,\"\")","v":""},null,{"$f":"IF($F367>0,VALUE(LEFT($F367,4)),\"\")","v":5525},{"$f":"IF(F367>0,IF(ISERROR(SEARCH(\"*FZ*\",$E367))=FALSE,\"FZ\",IF(ISERROR(SEARCH(\"*FR*\",$E367))=FALSE,\"FR\",\"Aucun\")),\"\")","v":"Aucun"},{"$f":"IF($C367=\"RM\",IF($U367=\"FR\",IF(ISNA(VLOOKUP($F:$F,lot,6,FALSE))=TRUE,VLOOKUP($T:$T,date,2,FALSE),VLOOKUP($F:$F,lot,6,FALSE)),\"\"),\"\")","v":""},{"$f":"IF($C367=\"RM\",IF($U367=\"Fz\",IF(ISNA(VLOOKUP($F:$F,lot,6,FALSE))=TRUE,VLOOKUP($T:$T,date,2,FALSE),VLOOKUP($F:$F,lot,6,FALSE)),\"\"),\"\")","v":""},{"$f":"IF($C367=\"FG\",VLOOKUP($A:$A,op,4,FALSE),\"\")","v":""},"2016-04-26",{"$f":"IF(C367=\"rm\",IF(U367=\"aucun\",\"OK\",IF(U367=\"fz\",IF(Y367-W367>730,Y367-W367,\"OK\"),IF(Y367-V367<1,1,Y367-V367))),\"\")","v":"OK"}]
["6182P04","Chicken","RM",125,"EMB HEAT SEALING 023038 / 8D PZ40 BLACK PADDED (LOBLAW)/ 400/CS","6146EM02",128,null,null,null,{"$f":"IF(ISNA(VLOOKUP($D:$D,rend,2,FALSE))=FALSE,VLOOKUP($D:$D,rend,2,FALSE),\"\")","v":""},{"$f":"IF($C368=\"RM\",IF(ISNA(VLOOKUP($F$2:$F$478,pos,2,FALSE))=FALSE,VLOOKUP($F368:$F$478,pos,2,FALSE),IF(ISNA(VLOOKUP($F$2:$F$478,lot,2,FALSE))=FALSE,VLOOKUP($F$2:$F$478,lot,2,FALSE),\"MANQUANT\")),\"\")","v":"PO-0021624"},{"$f":"IF($C368=\"RM\",IF(ISNA(VLOOKUP($F$2:$F$478,pos,3,FALSE))=FALSE,VLOOKUP($F368:$F783,pos,3,FALSE),\"OP\"),\"\")","v":"HEAT"},{"$f":"IF($C368=\"RM\",IF(ISNA(VLOOKUP($F368:$F$471,pos,4,FALSE))=FALSE,VLOOKUP($F$2:$F$471,pos,4,FALSE),\"\"),\"\")","v":4000},{"$f":"IF($C368=\"RM\",IF(ISNA(VLOOKUP($F$2:$F$478,pos,5,FALSE))=FALSE,VLOOKUP($F$2:$F$478,pos,5,FALSE),IF(ISNA(VLOOKUP($F$2:$F$478,lot,5,FALSE))=FALSE,VLOOKUP($F$2:$F$478,lot,5,FALSE),0)),\"\")","v":0.19500000000000001},{"$f":"IF($H368>0,VLOOKUP($D:$D,prix,15,FALSE),\"\")","v":""},{"$f":"IF($C368=\"RM\",$O368*$G368,\"\")","v":24.96},{"$f":"IF($H368>0,$H368*$P368,\"\")","v":""},null,{"$f":"IF($F368>0,VALUE(LEFT($F368,4)),\"\")","v":6146},{"$f":"IF(F368>0,IF(ISERROR(SEARCH(\"*FZ*\",$E368))=FALSE,\"FZ\",IF(ISERROR(SEARCH(\"*FR*\",$E368))=FALSE,\"FR\",\"Aucun\")),\"\")","v":"Aucun"},{"$f":"IF($C368=\"RM\",IF($U368=\"FR\",IF(ISNA(VLOOKUP($F:$F,lot,6,FALSE))=TRUE,VLOOKUP($T:$T,date,2,FALSE),VLOOKUP($F:$F,lot,6,FALSE)),\"\"),\"\")","v":""},{"$f":"IF($C368=\"RM\",IF($U368=\"Fz\",IF(ISNA(VLOOKUP($F:$F,lot,6,FALSE))=TRUE,VLOOKUP($T:$T,date,2,FALSE),VLOOKUP($F:$F,lot,6,FALSE)),\"\"),\"\")","v":""},{"$f":"IF($C368=\"FG\",VLOOKUP($A:$A,op,4,FALSE),\"\")","v":""},"2016-04-26",{"$f":"IF(C368=\"rm\",IF(U368=\"aucun\",\"OK\",IF(U368=\"fz\",IF(Y368-W368>730,Y368-W368,\"OK\"),IF(Y368-V368<1,1,Y368-V368))),\"\")","v":"OK"}]
["6182P04","Chicken","RM",303,"EMB BELLEY SAL04-1290 / TRAY BOX TOP (LOBLAW)/ 8X260","6154EM01",16,null,null,null,{"$f":"IF(ISNA(VLOOKUP($D:$D,rend,2,FALSE))=FALSE,VLOOKUP($D:$D,rend,2,FALSE),\"\")","v":""},{"$f":"IF($C369=\"RM\",IF(ISNA(VLOOKUP($F$2:$F$478,pos,2,FALSE))=FALSE,VLOOKUP($F369:$F$478,pos,2,FALSE),IF(ISNA(VLOOKUP($F$2:$F$478,lot,2,FALSE))=FALSE,VLOOKUP($F$2:$F$478,lot,2,FALSE),\"MANQUANT\")),\"\")","v":"PO-0021663"},{"$f":"IF($C369=\"RM\",IF(ISNA(VLOOKUP($F$2:$F$478,pos,3,FALSE))=FALSE,VLOOKUP($F369:$F784,pos,3,FALSE),\"OP\"),\"\")","v":"MITC"},{"$f":"IF($C369=\"RM\",IF(ISNA(VLOOKUP($F369:$F$471,pos,4,FALSE))=FALSE,VLOOKUP($F$2:$F$471,pos,4,FALSE),\"\"),\"\")","v":1440},{"$f":"IF($C369=\"RM\",IF(ISNA(VLOOKUP($F$2:$F$478,pos,5,FALSE))=FALSE,VLOOKUP($F$2:$F$478,pos,5,FALSE),IF(ISNA(VLOOKUP($F$2:$F$478,lot,5,FALSE))=FALSE,VLOOKUP($F$2:$F$478,lot,5,FALSE),0)),\"\")","v":0.75600000000000001},{"$f":"IF($H369>0,VLOOKUP($D:$D,prix,15,FALSE),\"\")","v":""},{"$f":"IF($C369=\"RM\",$O369*$G369,\"\")","v":12.096},{"$f":"IF($H369>0,$H369*$P369,\"\")","v":""},null,{"$f":"IF($F369>0,VALUE(LEFT($F369,4)),\"\")","v":6154},{"$f":"IF(F369>0,IF(ISERROR(SEARCH(\"*FZ*\",$E369))=FALSE,\"FZ\",IF(ISERROR(SEARCH(\"*FR*\",$E369))=FALSE,\"FR\",\"Aucun\")),\"\")","v":"Aucun"},{"$f":"IF($C369=\"RM\",IF($U369=\"FR\",IF(ISNA(VLOOKUP($F:$F,lot,6,FALSE))=TRUE,VLOOKUP($T:$T,date,2,FALSE),VLOOKUP($F:$F,lot,6,FALSE)),\"\"),\"\")","v":""},{"$f":"IF($C369=\"RM\",IF($U369=\"Fz\",IF(ISNA(VLOOKUP($F:$F,lot,6,FALSE))=TRUE,VLOOKUP($T:$T,date,2,FALSE),VLOOKUP($F:$F,lot,6,FALSE)),\"\"),\"\")","v":""},{"$f":"IF($C369=\"FG\",VLOOKUP($A:$A,op,4,FALSE),\"\")","v":""},"2016-04-26",{"$f":"IF(C369=\"rm\",IF(U369=\"aucun\",\"OK\",IF(U369=\"fz\",IF(Y369-W369>730,Y369-W369,\"OK\"),IF(Y369-V369<1,1,Y369-V369))),\"\")","v":"OK"}]
["6182P04","Chicken","RM",304,"EMB BELLEY SAL04-1300 / TRAY BOX BOTTOM (LOBLAW)/ 8X260","6176EM04",16,null,null,null,{"$f":"IF(ISNA(VLOOKUP($D:$D,rend,2,FALSE))=FALSE,VLOOKUP($D:$D,rend,2,FALSE),\"\")","v":""},{"$f":"IF($C370=\"RM\",IF(ISNA(VLOOKUP($F$2:$F$478,pos,2,FALSE))=FALSE,VLOOKUP($F370:$F$478,pos,2,FALSE),IF(ISNA(VLOOKUP($F$2:$F$478,lot,2,FALSE))=FALSE,VLOOKUP($F$2:$F$478,lot,2,FALSE),\"MANQUANT\")),\"\")","v":"PO-0021791"},{"$f":"IF($C370=\"RM\",IF(ISNA(VLOOKUP($F$2:$F$478,pos,3,FALSE))=FALSE,VLOOKUP($F370:$F785,pos,3,FALSE),\"OP\"),\"\")","v":"MITC"},{"$f":"IF($C370=\"RM\",IF(ISNA(VLOOKUP($F370:$F$471,pos,4,FALSE))=FALSE,VLOOKUP($F$2:$F$471,pos,4,FALSE),\"\"),\"\")","v":960},{"$f":"IF($C370=\"RM\",IF(ISNA(VLOOKUP($F$2:$F$478,pos,5,FALSE))=FALSE,VLOOKUP($F$2:$F$478,pos,5,FALSE),IF(ISNA(VLOOKUP($F$2:$F$478,lot,5,FALSE))=FALSE,VLOOKUP($F$2:$F$478,lot,5,FALSE),0)),\"\")","v":0.745},{"$f":"IF($H370>0,VLOOKUP($D:$D,prix,15,FALSE),\"\")","v":""},{"$f":"IF($C370=\"RM\",$O370*$G370,\"\")","v":11.92},{"$f":"IF($H370>0,$H370*$P370,\"\")","v":""},null,{"$f":"IF($F370>0,VALUE(LEFT($F370,4)),\"\")","v":6176},{"$f":"IF(F370>0,IF(ISERROR(SEARCH(\"*FZ*\",$E370))=FALSE,\"FZ\",IF(ISERROR(SEARCH(\"*FR*\",$E370))=FALSE,\"FR\",\"Aucun\")),\"\")","v":"Aucun"},{"$f":"IF($C370=\"RM\",IF($U370=\"FR\",IF(ISNA(VLOOKUP($F:$F,lot,6,FALSE))=TRUE,VLOOKUP($T:$T,date,2,FALSE),VLOOKUP($F:$F,lot,6,FALSE)),\"\"),\"\")","v":""},{"$f":"IF($C370=\"RM\",IF($U370=\"Fz\",IF(ISNA(VLOOKUP($F:$F,lot,6,FALSE))=TRUE,VLOOKUP($T:$T,date,2,FALSE),VLOOKUP($F:$F,lot,6,FALSE)),\"\"),\"\")","v":""},{"$f":"IF($C370=\"FG\",VLOOKUP($A:$A,op,4,FALSE),\"\")","v":""},"2016-04-26",{"$f":"IF(C370=\"rm\",IF(U370=\"aucun\",\"OK\",IF(U370=\"fz\",IF(Y370-W370>730,Y370-W370,\"OK\"),IF(Y370-V370<1,1,Y370-V370))),\"\")","v":"OK"}]
["6182P04","Chicken","RM",35006,"CH.LEGS *WHOLE* FR #D","6182P04",110.72,null,null,null,{"$f":"IF(ISNA(VLOOKUP($D:$D,rend,2,FALSE))=FALSE,VLOOKUP($D:$D,rend,2,FALSE),\"\")","v":0.91616344332738064},{"$f":"IF($C371=\"RM\",IF(ISNA(VLOOKUP($F$2:$F$478,pos,2,FALSE))=FALSE,VLOOKUP($F371:$F$478,pos,2,FALSE),IF(ISNA(VLOOKUP($F$2:$F$478,lot,2,FALSE))=FALSE,VLOOKUP($F$2:$F$478,lot,2,FALSE),\"MANQUANT\")),\"\")","v":"PO-0021802"},{"$f":"IF($C371=\"RM\",IF(ISNA(VLOOKUP($F$2:$F$478,pos,3,FALSE))=FALSE,VLOOKUP($F371:$F786,pos,3,FALSE),\"OP\"),\"\")","v":"EXCE"},{"$f":"IF($C371=\"RM\",IF(ISNA(VLOOKUP($F371:$F$471,pos,4,FALSE))=FALSE,VLOOKUP($F$2:$F$471,pos,4,FALSE),\"\"),\"\")","v":110.72},{"$f":"IF($C371=\"RM\",IF(ISNA(VLOOKUP($F$2:$F$478,pos,5,FALSE))=FALSE,VLOOKUP($F$2:$F$478,pos,5,FALSE),IF(ISNA(VLOOKUP($F$2:$F$478,lot,5,FALSE))=FALSE,VLOOKUP($F$2:$F$478,lot,5,FALSE),0)),\"\")","v":2},{"$f":"IF($H371>0,VLOOKUP($D:$D,prix,15,FALSE),\"\")","v":""},{"$f":"IF($C371=\"RM\",$O371*$G371,\"\")","v":221.44},{"$f":"IF($H371>0,$H371*$P371,\"\")","v":""},null,{"$f":"IF($F371>0,VALUE(LEFT($F371,4)),\"\")","v":6182},{"$f":"IF(F371>0,IF(ISERROR(SEARCH(\"*FZ*\",$E371))=FALSE,\"FZ\",IF(ISERROR(SEARCH(\"*FR*\",$E371))=FALSE,\"FR\",\"Aucun\")),\"\")","v":"FR"},{"$f":"IF($C371=\"RM\",IF($U371=\"FR\",IF(ISNA(VLOOKUP($F:$F,lot,6,FALSE))=TRUE,VLOOKUP($T:$T,date,2,FALSE),VLOOKUP($F:$F,lot,6,FALSE)),\"\"),\"\")","v":"2016-04-25"},{"$f":"IF($C371=\"RM\",IF($U371=\"Fz\",IF(ISNA(VLOOKUP($F:$F,lot,6,FALSE))=TRUE,VLOOKUP($T:$T,date,2,FALSE),VLOOKUP($F:$F,lot,6,FALSE)),\"\"),\"\")","v":""},{"$f":"IF($C371=\"FG\",VLOOKUP($A:$A,op,4,FALSE),\"\")","v":""},"2016-04-26",{"$f":"IF(C371=\"rm\",IF(U371=\"aucun\",\"OK\",IF(U371=\"fz\",IF(Y371-W371>730,Y371-W371,\"OK\"),IF(Y371-V371<1,1,Y371-V371))),\"\")","v":1}]
["6182P04","Chicken","FG",26020,"CUISSE DE POULET AVEC DOS ASS. BBQ *LOBLAW* (8 X 3-4/TRAY 8D black) FR @P","6182P041","",97.86,null,null,{"$f":"IF(ISNA(VLOOKUP($D:$D,rend,2,FALSE))=FALSE,VLOOKUP($D:$D,rend,2,FALSE),\"\")","v":0.80876323364252056},{"$f":"IF($C372=\"RM\",IF(ISNA(VLOOKUP($F$2:$F$478,pos,2,FALSE))=FALSE,VLOOKUP($F372:$F$478,pos,2,FALSE),IF(ISNA(VLOOKUP($F$2:$F$478,lot,2,FALSE))=FALSE,VLOOKUP($F$2:$F$478,lot,2,FALSE),\"MANQUANT\")),\"\")","v":""},{"$f":"IF($C372=\"RM\",IF(ISNA(VLOOKUP($F$2:$F$478,pos,3,FALSE))=FALSE,VLOOKUP($F372:$F787,pos,3,FALSE),\"OP\"),\"\")","v":""},{"$f":"IF($C372=\"RM\",IF(ISNA(VLOOKUP($F372:$F$471,pos,4,FALSE))=FALSE,VLOOKUP($F$2:$F$471,pos,4,FALSE),\"\"),\"\")","v":""},{"$f":"IF($C372=\"RM\",IF(ISNA(VLOOKUP($F$2:$F$478,pos,5,FALSE))=FALSE,VLOOKUP($F$2:$F$478,pos,5,FALSE),IF(ISNA(VLOOKUP($F$2:$F$478,lot,5,FALSE))=FALSE,VLOOKUP($F$2:$F$478,lot,5,FALSE),0)),\"\")","v":""},{"$f":"IF($H372>0,VLOOKUP($D:$D,prix,15,FALSE),\"\")","v":4.5},{"$f":"IF($C372=\"RM\",$O372*$G372,\"\")","v":""},{"$f":"IF($H372>0,$H372*$P372,\"\")","v":440.37},null,{"$f":"IF($F372>0,VALUE(LEFT($F372,4)),\"\")","v":6182},{"$f":"IF(F372>0,IF(ISERROR(SEARCH(\"*FZ*\",$E372))=FALSE,\"FZ\",IF(ISERROR(SEARCH(\"*FR*\",$E372))=FALSE,\"FR\",\"Aucun\")),\"\")","v":"FR"},{"$f":"IF($C372=\"RM\",IF($U372=\"FR\",IF(ISNA(VLOOKUP($F:$F,lot,6,FALSE))=TRUE,VLOOKUP($T:$T,date,2,FALSE),VLOOKUP($F:$F,lot,6,FALSE)),\"\"),\"\")","v":""},{"$f":"IF($C372=\"RM\",IF($U372=\"Fz\",IF(ISNA(VLOOKUP($F:$F,lot,6,FALSE))=TRUE,VLOOKUP($T:$T,date,2,FALSE),VLOOKUP($F:$F,lot,6,FALSE)),\"\"),\"\")","v":""},{"$f":"IF($C372=\"FG\",VLOOKUP($A:$A,op,4,FALSE),\"\")","v":{"$error":"#N/A"}},"2016-04-26",{"$f":"IF(C372=\"rm\",IF(U372=\"aucun\",\"OK\",IF(U372=\"fz\",IF(Y372-W372>730,Y372-W372,\"OK\"),IF(Y372-V372<1,1,Y372-V372))),\"\")","v":""}]
["6182P04 Total",null,null,null,null,null,{"$f":"SUBTOTAL(9,G365:G372)","v":529.21},{"$f":"SUBTOTAL(9,H365:H372)","v":97.86},null,null,null,null,null,null,null,null,{"$f":"SUBTOTAL(9,Q365:Q372)","v":299.33209999999997},{"$f":"SUBTOTAL(9,R365:R372)","v":440.37}]
["6182P05","Chicken","RM",6,"ING BSA 2B5F019 / ASS COTES-LEVEES POULET SAUPOUDRE / ALLERG: SULFITES","5325AS01",0.9,null,null,null,{"$f":"IF(ISNA(VLOOKUP($D:$D,rend,2,FALSE))=FALSE,VLOOKUP($D:$D,rend,2,FALSE),\"\")","v":""},{"$f":"IF($C374=\"RM\",IF(ISNA(VLOOKUP($F$2:$F$478,pos,2,FALSE))=FALSE,VLOOKUP($F374:$F$478,pos,2,FALSE),IF(ISNA(VLOOKUP($F$2:$F$478,lot,2,FALSE))=FALSE,VLOOKUP($F$2:$F$478,lot,2,FALSE),\"MANQUANT\")),\"\")","v":"PO-0020065"},{"$f":"IF($C374=\"RM\",IF(ISNA(VLOOKUP($F$2:$F$478,pos,3,FALSE))=FALSE,VLOOKUP($F374:$F788,pos,3,FALSE),\"OP\"),\"\")","v":"BSA"},{"$f":"IF($C374=\"RM\",IF(ISNA(VLOOKUP($F374:$F$471,pos,4,FALSE))=FALSE,VLOOKUP($F$2:$F$471,pos,4,FALSE),\"\"),\"\")","v":380},{"$f":"IF($C374=\"RM\",IF(ISNA(VLOOKUP($F$2:$F$478,pos,5,FALSE))=FALSE,VLOOKUP($F$2:$F$478,pos,5,FALSE),IF(ISNA(VLOOKUP($F$2:$F$478,lot,5,FALSE))=FALSE,VLOOKUP($F$2:$F$478,lot,5,FALSE),0)),\"\")","v":9.1300000000000008},{"$f":"IF($H374>0,VLOOKUP($D:$D,prix,15,FALSE),\"\")","v":""},{"$f":"IF($C374=\"RM\",$O374*$G374,\"\")","v":8.2170000000000005},{"$f":"IF($H374>0,$H374*$P374,\"\")","v":""},null,{"$f":"IF($F374>0,VALUE(LEFT($F374,4)),\"\")","v":5325},{"$f":"IF(F374>0,IF(ISERROR(SEARCH(\"*FZ*\",$E374))=FALSE,\"FZ\",IF(ISERROR(SEARCH(\"*FR*\",$E374))=FALSE,\"FR\",\"Aucun\")),\"\")","v":"Aucun"},{"$f":"IF($C374=\"RM\",IF($U374=\"FR\",IF(ISNA(VLOOKUP($F:$F,lot,6,FALSE))=TRUE,VLOOKUP($T:$T,date,2,FALSE),VLOOKUP($F:$F,lot,6,FALSE)),\"\"),\"\")","v":""},{"$f":"IF($C374=\"RM\",IF($U374=\"Fz\",IF(ISNA(VLOOKUP($F:$F,lot,6,FALSE))=TRUE,VLOOKUP($T:$T,date,2,FALSE),VLOOKUP($F:$F,lot,6,FALSE)),\"\"),\"\")","v":""},{"$f":"IF($C374=\"FG\",VLOOKUP($A:$A,op,4,FALSE),\"\")","v":""},"2016-04-26",{"$f":"IF(C374=\"rm\",IF(U374=\"aucun\",\"OK\",IF(U374=\"fz\",IF(Y374-W374>730,Y374-W374,\"OK\"),IF(Y374-V374<1,1,Y374-V374))),\"\")","v":"OK"}]
["6182P05","Chicken","RM",133,"EMB FLEXO F8149C / 26036 (LOBLAW) / ETIQUETTE AILES POULET","5325EM06",40,null,null,null,{"$f":"IF(ISNA(VLOOKUP($D:$D,rend,2,FALSE))=FALSE,VLOOKUP($D:$D,rend,2,FALSE),\"\")","v":""},{"$f":"IF($C375=\"RM\",IF(ISNA(VLOOKUP($F$2:$F$478,pos,2,FALSE))=FALSE,VLOOKUP($F375:$F$478,pos,2,FALSE),IF(ISNA(VLOOKUP($F$2:$F$478,lot,2,FALSE))=FALSE,VLOOKUP($F$2:$F$478,lot,2,FALSE),\"MANQUANT\")),\"\")","v":"PO-0019989"},{"$f":"IF($C375=\"RM\",IF(ISNA(VLOOKUP($F$2:$F$478,pos,3,FALSE))=FALSE,VLOOKUP($F375:$F789,pos,3,FALSE),\"OP\"),\"\")","v":"FLEXO"},{"$f":"IF($C375=\"RM\",IF(ISNA(VLOOKUP($F375:$F$471,pos,4,FALSE))=FALSE,VLOOKUP($F$2:$F$471,pos,4,FALSE),\"\"),\"\")","v":10500},{"$f":"IF($C375=\"RM\",IF(ISNA(VLOOKUP($F$2:$F$478,pos,5,FALSE))=FALSE,VLOOKUP($F$2:$F$478,pos,5,FALSE),IF(ISNA(VLOOKUP($F$2:$F$478,lot,5,FALSE))=FALSE,VLOOKUP($F$2:$F$478,lot,5,FALSE),0)),\"\")","v":2.5999999999999999E-2},{"$f":"IF($H375>0,VLOOKUP($D:$D,prix,15,FALSE),\"\")","v":""},{"$f":"IF($C375=\"RM\",$O375*$G375,\"\")","v":1.04},{"$f":"IF($H375>0,$H375*$P375,\"\")","v":""},null,{"$f":"IF($F375>0,VALUE(LEFT($F375,4)),\"\")","v":5325},{"$f":"IF(F375>0,IF(ISERROR(SEARCH(\"*FZ*\",$E375))=FALSE,\"FZ\",IF(ISERROR(SEARCH(\"*FR*\",$E375))=FALSE,\"FR\",\"Aucun\")),\"\")","v":"Aucun"},{"$f":"IF($C375=\"RM\",IF($U375=\"FR\",IF(ISNA(VLOOKUP($F:$F,lot,6,FALSE))=TRUE,VLOOKUP($T:$T,date,2,FALSE),VLOOKUP($F:$F,lot,6,FALSE)),\"\"),\"\")","v":""},{"$f":"IF($C375=\"RM\",IF($U375=\"Fz\",IF(ISNA(VLOOKUP($F:$F,lot,6,FALSE))=TRUE,VLOOKUP($T:$T,date,2,FALSE),VLOOKUP($F:$F,lot,6,FALSE)),\"\"),\"\")","v":""},{"$f":"IF($C375=\"FG\",VLOOKUP($A:$A,op,4,FALSE),\"\")","v":""},"2016-04-26",{"$f":"IF(C375=\"rm\",IF(U375=\"aucun\",\"OK\",IF(U375=\"fz\",IF(Y375-W375>730,Y375-W375,\"OK\"),IF(Y375-V375<1,1,Y375-V375))),\"\")","v":"OK"}]
["6182P05","Chicken","RM",108,"EMB ALIMENTS QUEBEC / ETIQUETTE ALIMENTS DU QUEBEC (LOBLAW)","5525EM01",40,null,null,null,{"$f":"IF(ISNA(VLOOKUP($D:$D,rend,2,FALSE))=FALSE,VLOOKUP($D:$D,rend,2,FALSE),\"\")","v":""},{"$f":"IF($C376=\"RM\",IF(ISNA(VLOOKUP($F$2:$F$478,pos,2,FALSE))=FALSE,VLOOKUP($F376:$F$478,pos,2,FALSE),IF(ISNA(VLOOKUP($F$2:$F$478,lot,2,FALSE))=FALSE,VLOOKUP($F$2:$F$478,lot,2,FALSE),\"MANQUANT\")),\"\")","v":"PO-0020950"},{"$f":"IF($C376=\"RM\",IF(ISNA(VLOOKUP($F$2:$F$478,pos,3,FALSE))=FALSE,VLOOKUP($F376:$F790,pos,3,FALSE),\"OP\"),\"\")","v":"CPAQ"},{"$f":"IF($C376=\"RM\",IF(ISNA(VLOOKUP($F376:$F$471,pos,4,FALSE))=FALSE,VLOOKUP($F$2:$F$471,pos,4,FALSE),\"\"),\"\")","v":40000},{"$f":"IF($C376=\"RM\",IF(ISNA(VLOOKUP($F$2:$F$478,pos,5,FALSE))=FALSE,VLOOKUP($F$2:$F$478,pos,5,FALSE),IF(ISNA(VLOOKUP($F$2:$F$478,lot,5,FALSE))=FALSE,VLOOKUP($F$2:$F$478,lot,5,FALSE),0)),\"\")","v":2.1000000000000001E-2},{"$f":"IF($H376>0,VLOOKUP($D:$D,prix,15,FALSE),\"\")","v":""},{"$f":"IF($C376=\"RM\",$O376*$G376,\"\")","v":0.84000000000000008},{"$f":"IF($H376>0,$H376*$P376,\"\")","v":""},null,{"$f":"IF($F376>0,VALUE(LEFT($F376,4)),\"\")","v":5525},{"$f":"IF(F376>0,IF(ISERROR(SEARCH(\"*FZ*\",$E376))=FALSE,\"FZ\",IF(ISERROR(SEARCH(\"*FR*\",$E376))=FALSE,\"FR\",\"Aucun\")),\"\")","v":"Aucun"},{"$f":"IF($C376=\"RM\",IF($U376=\"FR\",IF(ISNA(VLOOKUP($F:$F,lot,6,FALSE))=TRUE,VLOOKUP($T:$T,date,2,FALSE),VLOOKUP($F:$F,lot,6,FALSE)),\"\"),\"\")","v":""},{"$f":"IF($C376=\"RM\",IF($U376=\"Fz\",IF(ISNA(VLOOKUP($F:$F,lot,6,FALSE))=TRUE,VLOOKUP($T:$T,date,2,FALSE),VLOOKUP($F:$F,lot,6,FALSE)),\"\"),\"\")","v":""},{"$f":"IF($C376=\"FG\",VLOOKUP($A:$A,op,4,FALSE),\"\")","v":""},"2016-04-26",{"$f":"IF(C376=\"rm\",IF(U376=\"aucun\",\"OK\",IF(U376=\"fz\",IF(Y376-W376>730,Y376-W376,\"OK\"),IF(Y376-V376<1,1,Y376-V376))),\"\")","v":"OK"}]
["6182P05","Chicken","RM",125,"EMB HEAT SEALING 023038 / 8D PZ40 BLACK PADDED (LOBLAW)/ 400/CS","6146EM02",40,null,null,null,{"$f":"IF(ISNA(VLOOKUP($D:$D,rend,2,FALSE))=FALSE,VLOOKUP($D:$D,rend,2,FALSE),\"\")","v":""},{"$f":"IF($C377=\"RM\",IF(ISNA(VLOOKUP($F$2:$F$478,pos,2,FALSE))=FALSE,VLOOKUP($F377:$F$478,pos,2,FALSE),IF(ISNA(VLOOKUP($F$2:$F$478,lot,2,FALSE))=FALSE,VLOOKUP($F$2:$F$478,lot,2,FALSE),\"MANQUANT\")),\"\")","v":"PO-0021624"},{"$f":"IF($C377=\"RM\",IF(ISNA(VLOOKUP($F$2:$F$478,pos,3,FALSE))=FALSE,VLOOKUP($F377:$F791,pos,3,FALSE),\"OP\"),\"\")","v":"HEAT"},{"$f":"IF($C377=\"RM\",IF(ISNA(VLOOKUP($F377:$F$471,pos,4,FALSE))=FALSE,VLOOKUP($F$2:$F$471,pos,4,FALSE),\"\"),\"\")","v":4000},{"$f":"IF($C377=\"RM\",IF(ISNA(VLOOKUP($F$2:$F$478,pos,5,FALSE))=FALSE,VLOOKUP($F$2:$F$478,pos,5,FALSE),IF(ISNA(VLOOKUP($F$2:$F$478,lot,5,FALSE))=FALSE,VLOOKUP($F$2:$F$478,lot,5,FALSE),0)),\"\")","v":0.19500000000000001},{"$f":"IF($H377>0,VLOOKUP($D:$D,prix,15,FALSE),\"\")","v":""},{"$f":"IF($C377=\"RM\",$O377*$G377,\"\")","v":7.8000000000000007},{"$f":"IF($H377>0,$H377*$P377,\"\")","v":""},null,{"$f":"IF($F377>0,VALUE(LEFT($F377,4)),\"\")","v":6146},{"$f":"IF(F377>0,IF(ISERROR(SEARCH(\"*FZ*\",$E377))=FALSE,\"FZ\",IF(ISERROR(SEARCH(\"*FR*\",$E377))=FALSE,\"FR\",\"Aucun\")),\"\")","v":"Aucun"},{"$f":"IF($C377=\"RM\",IF($U377=\"FR\",IF(ISNA(VLOOKUP($F:$F,lot,6,FALSE))=TRUE,VLOOKUP($T:$T,date,2,FALSE),VLOOKUP($F:$F,lot,6,FALSE)),\"\"),\"\")","v":""},{"$f":"IF($C377=\"RM\",IF($U377=\"Fz\",IF(ISNA(VLOOKUP($F:$F,lot,6,FALSE))=TRUE,VLOOKUP($T:$T,date,2,FALSE),VLOOKUP($F:$F,lot,6,FALSE)),\"\"),\"\")","v":""},{"$f":"IF($C377=\"FG\",VLOOKUP($A:$A,op,4,FALSE),\"\")","v":""},"2016-04-26",{"$f":"IF(C377=\"rm\",IF(U377=\"aucun\",\"OK\",IF(U377=\"fz\",IF(Y377-W377>730,Y377-W377,\"OK\"),IF(Y377-V377<1,1,Y377-V377))),\"\")","v":"OK"}]
["6182P05","Chicken","RM",304,"EMB BELLEY SAL04-1300 / TRAY BOX BOTTOM (LOBLAW)/ 8X260","6176EM04",5,null,null,null,{"$f":"IF(ISNA(VLOOKUP($D:$D,rend,2,FALSE))=FALSE,VLOOKUP($D:$D,rend,2,FALSE),\"\")","v":""},{"$f":"IF($C378=\"RM\",IF(ISNA(VLOOKUP($F$2:$F$478,pos,2,FALSE))=FALSE,VLOOKUP($F378:$F$478,pos,2,FALSE),IF(ISNA(VLOOKUP($F$2:$F$478,lot,2,FALSE))=FALSE,VLOOKUP($F$2:$F$478,lot,2,FALSE),\"MANQUANT\")),\"\")","v":"PO-0021791"},{"$f":"IF($C378=\"RM\",IF(ISNA(VLOOKUP($F$2:$F$478,pos,3,FALSE))=FALSE,VLOOKUP($F378:$F792,pos,3,FALSE),\"OP\"),\"\")","v":"MITC"},{"$f":"IF($C378=\"RM\",IF(ISNA(VLOOKUP($F378:$F$471,pos,4,FALSE))=FALSE,VLOOKUP($F$2:$F$471,pos,4,FALSE),\"\"),\"\")","v":960},{"$f":"IF($C378=\"RM\",IF(ISNA(VLOOKUP($F$2:$F$478,pos,5,FALSE))=FALSE,VLOOKUP($F$2:$F$478,pos,5,FALSE),IF(ISNA(VLOOKUP($F$2:$F$478,lot,5,FALSE))=FALSE,VLOOKUP($F$2:$F$478,lot,5,FALSE),0)),\"\")","v":0.745},{"$f":"IF($H378>0,VLOOKUP($D:$D,prix,15,FALSE),\"\")","v":""},{"$f":"IF($C378=\"RM\",$O378*$G378,\"\")","v":3.7250000000000001},{"$f":"IF($H378>0,$H378*$P378,\"\")","v":""},null,{"$f":"IF($F378>0,VALUE(LEFT($F378,4)),\"\")","v":6176},{"$f":"IF(F378>0,IF(ISERROR(SEARCH(\"*FZ*\",$E378))=FALSE,\"FZ\",IF(ISERROR(SEARCH(\"*FR*\",$E378))=FALSE,\"FR\",\"Aucun\")),\"\")","v":"Aucun"},{"$f":"IF($C378=\"RM\",IF($U378=\"FR\",IF(ISNA(VLOOKUP($F:$F,lot,6,FALSE))=TRUE,VLOOKUP($T:$T,date,2,FALSE),VLOOKUP($F:$F,lot,6,FALSE)),\"\"),\"\")","v":""},{"$f":"IF($C378=\"RM\",IF($U378=\"Fz\",IF(ISNA(VLOOKUP($F:$F,lot,6,FALSE))=TRUE,VLOOKUP($T:$T,date,2,FALSE),VLOOKUP($F:$F,lot,6,FALSE)),\"\"),\"\")","v":""},{"$f":"IF($C378=\"FG\",VLOOKUP($A:$A,op,4,FALSE),\"\")","v":""},"2016-04-26",{"$f":"IF(C378=\"rm\",IF(U378=\"aucun\",\"OK\",IF(U378=\"fz\",IF(Y378-W378>730,Y378-W378,\"OK\"),IF(Y378-V378<1,1,Y378-V378))),\"\")","v":"OK"}]
["6182P05","Chicken","RM",303,"EMB BELLEY SAL04-1290 / TRAY BOX TOP (LOBLAW)/ 8X260","6176EM05",5,null,null,null,{"$f":"IF(ISNA(VLOOKUP($D:$D,rend,2,FALSE))=FALSE,VLOOKUP($D:$D,rend,2,FALSE),\"\")","v":""},{"$f":"IF($C379=\"RM\",IF(ISNA(VLOOKUP($F$2:$F$478,pos,2,FALSE))=FALSE,VLOOKUP($F379:$F$478,pos,2,FALSE),IF(ISNA(VLOOKUP($F$2:$F$478,lot,2,FALSE))=FALSE,VLOOKUP($F$2:$F$478,lot,2,FALSE),\"MANQUANT\")),\"\")","v":"PO-0021792"},{"$f":"IF($C379=\"RM\",IF(ISNA(VLOOKUP($F$2:$F$478,pos,3,FALSE))=FALSE,VLOOKUP($F379:$F793,pos,3,FALSE),\"OP\"),\"\")","v":"MITC"},{"$f":"IF($C379=\"RM\",IF(ISNA(VLOOKUP($F379:$F$471,pos,4,FALSE))=FALSE,VLOOKUP($F$2:$F$471,pos,4,FALSE),\"\"),\"\")","v":1108},{"$f":"IF($C379=\"RM\",IF(ISNA(VLOOKUP($F$2:$F$478,pos,5,FALSE))=FALSE,VLOOKUP($F$2:$F$478,pos,5,FALSE),IF(ISNA(VLOOKUP($F$2:$F$478,lot,5,FALSE))=FALSE,VLOOKUP($F$2:$F$478,lot,5,FALSE),0)),\"\")","v":0.75600000000000001},{"$f":"IF($H379>0,VLOOKUP($D:$D,prix,15,FALSE),\"\")","v":""},{"$f":"IF($C379=\"RM\",$O379*$G379,\"\")","v":3.7800000000000002},{"$f":"IF($H379>0,$H379*$P379,\"\")","v":""},null,{"$f":"IF($F379>0,VALUE(LEFT($F379,4)),\"\")","v":6176},{"$f":"IF(F379>0,IF(ISERROR(SEARCH(\"*FZ*\",$E379))=FALSE,\"FZ\",IF(ISERROR(SEARCH(\"*FR*\",$E379))=FALSE,\"FR\",\"Aucun\")),\"\")","v":"Aucun"},{"$f":"IF($C379=\"RM\",IF($U379=\"FR\",IF(ISNA(VLOOKUP($F:$F,lot,6,FALSE))=TRUE,VLOOKUP($T:$T,date,2,FALSE),VLOOKUP($F:$F,lot,6,FALSE)),\"\"),\"\")","v":""},{"$f":"IF($C379=\"RM\",IF($U379=\"Fz\",IF(ISNA(VLOOKUP($F:$F,lot,6,FALSE))=TRUE,VLOOKUP($T:$T,date,2,FALSE),VLOOKUP($F:$F,lot,6,FALSE)),\"\"),\"\")","v":""},{"$f":"IF($C379=\"FG\",VLOOKUP($A:$A,op,4,FALSE),\"\")","v":""},"2016-04-26",{"$f":"IF(C379=\"rm\",IF(U379=\"aucun\",\"OK\",IF(U379=\"fz\",IF(Y379-W379>730,Y379-W379,\"OK\"),IF(Y379-V379<1,1,Y379-V379))),\"\")","v":"OK"}]
["6182P05","Chicken","RM",35836,"SPLIT CHICKEN WINGS*RM*18KG/CS FR","6176P06",4,null,null,null,{"$f":"IF(ISNA(VLOOKUP($D:$D,rend,2,FALSE))=FALSE,VLOOKUP($D:$D,rend,2,FALSE),\"\")","v":0.82640503470663029},{"$f":"IF($C380=\"RM\",IF(ISNA(VLOOKUP($F$2:$F$478,pos,2,FALSE))=FALSE,VLOOKUP($F380:$F$478,pos,2,FALSE),IF(ISNA(VLOOKUP($F$2:$F$478,lot,2,FALSE))=FALSE,VLOOKUP($F$2:$F$478,lot,2,FALSE),\"MANQUANT\")),\"\")","v":"MANQUANT"},{"$f":"IF($C380=\"RM\",IF(ISNA(VLOOKUP($F$2:$F$478,pos,3,FALSE))=FALSE,VLOOKUP($F380:$F794,pos,3,FALSE),\"OP\"),\"\")","v":"OP"},{"$f":"IF($C380=\"RM\",IF(ISNA(VLOOKUP($F380:$F$471,pos,4,FALSE))=FALSE,VLOOKUP($F$2:$F$471,pos,4,FALSE),\"\"),\"\")","v":""},{"$f":"IF($C380=\"RM\",IF(ISNA(VLOOKUP($F$2:$F$478,pos,5,FALSE))=FALSE,VLOOKUP($F$2:$F$478,pos,5,FALSE),IF(ISNA(VLOOKUP($F$2:$F$478,lot,5,FALSE))=FALSE,VLOOKUP($F$2:$F$478,lot,5,FALSE),0)),\"\")","v":0},{"$f":"IF($H380>0,VLOOKUP($D:$D,prix,15,FALSE),\"\")","v":""},{"$f":"IF($C380=\"RM\",$O380*$G380,\"\")","v":0},{"$f":"IF($H380>0,$H380*$P380,\"\")","v":""},null,{"$f":"IF($F380>0,VALUE(LEFT($F380,4)),\"\")","v":6176},{"$f":"IF(F380>0,IF(ISERROR(SEARCH(\"*FZ*\",$E380))=FALSE,\"FZ\",IF(ISERROR(SEARCH(\"*FR*\",$E380))=FALSE,\"FR\",\"Aucun\")),\"\")","v":"FR"},{"$f":"IF($C380=\"RM\",IF($U380=\"FR\",IF(ISNA(VLOOKUP($F:$F,lot,6,FALSE))=TRUE,VLOOKUP($T:$T,date,2,FALSE),VLOOKUP($F:$F,lot,6,FALSE)),\"\"),\"\")","v":"2016-04-22"},{"$f":"IF($C380=\"RM\",IF($U380=\"Fz\",IF(ISNA(VLOOKUP($F:$F,lot,6,FALSE))=TRUE,VLOOKUP($T:$T,date,2,FALSE),VLOOKUP($F:$F,lot,6,FALSE)),\"\"),\"\")","v":""},{"$f":"IF($C380=\"FG\",VLOOKUP($A:$A,op,4,FALSE),\"\")","v":""},"2016-04-26",{"$f":"IF(C380=\"rm\",IF(U380=\"aucun\",\"OK\",IF(U380=\"fz\",IF(Y380-W380>730,Y380-W380,\"OK\"),IF(Y380-V380<1,1,Y380-V380))),\"\")","v":4}]
["6182P05","Chicken","RM",35836,"SPLIT CHICKEN WINGS*RM*18KG/CS FR","6182P05",36.44,null,null,null,{"$f":"IF(ISNA(VLOOKUP($D:$D,rend,2,FALSE))=FALSE,VLOOKUP($D:$D,rend,2,FALSE),\"\")","v":0.82640503470663029},{"$f":"IF($C381=\"RM\",IF(ISNA(VLOOKUP($F$2:$F$478,pos,2,FALSE))=FALSE,VLOOKUP($F381:$F$478,pos,2,FALSE),IF(ISNA(VLOOKUP($F$2:$F$478,lot,2,FALSE))=FALSE,VLOOKUP($F$2:$F$478,lot,2,FALSE),\"MANQUANT\")),\"\")","v":"PO-0021802"},{"$f":"IF($C381=\"RM\",IF(ISNA(VLOOKUP($F$2:$F$478,pos,3,FALSE))=FALSE,VLOOKUP($F381:$F795,pos,3,FALSE),\"OP\"),\"\")","v":"EXCE"},{"$f":"IF($C381=\"RM\",IF(ISNA(VLOOKUP($F381:$F$471,pos,4,FALSE))=FALSE,VLOOKUP($F$2:$F$471,pos,4,FALSE),\"\"),\"\")","v":36.44},{"$f":"IF($C381=\"RM\",IF(ISNA(VLOOKUP($F$2:$F$478,pos,5,FALSE))=FALSE,VLOOKUP($F$2:$F$478,pos,5,FALSE),IF(ISNA(VLOOKUP($F$2:$F$478,lot,5,FALSE))=FALSE,VLOOKUP($F$2:$F$478,lot,5,FALSE),0)),\"\")","v":6.5},{"$f":"IF($H381>0,VLOOKUP($D:$D,prix,15,FALSE),\"\")","v":""},{"$f":"IF($C381=\"RM\",$O381*$G381,\"\")","v":236.85999999999999},{"$f":"IF($H381>0,$H381*$P381,\"\")","v":""},null,{"$f":"IF($F381>0,VALUE(LEFT($F381,4)),\"\")","v":6182},{"$f":"IF(F381>0,IF(ISERROR(SEARCH(\"*FZ*\",$E381))=FALSE,\"FZ\",IF(ISERROR(SEARCH(\"*FR*\",$E381))=FALSE,\"FR\",\"Aucun\")),\"\")","v":"FR"},{"$f":"IF($C381=\"RM\",IF($U381=\"FR\",IF(ISNA(VLOOKUP($F:$F,lot,6,FALSE))=TRUE,VLOOKUP($T:$T,date,2,FALSE),VLOOKUP($F:$F,lot,6,FALSE)),\"\"),\"\")","v":"2016-04-25"},{"$f":"IF($C381=\"RM\",IF($U381=\"Fz\",IF(ISNA(VLOOKUP($F:$F,lot,6,FALSE))=TRUE,VLOOKUP($T:$T,date,2,FALSE),VLOOKUP($F:$F,lot,6,FALSE)),\"\"),\"\")","v":""},{"$f":"IF($C381=\"FG\",VLOOKUP($A:$A,op,4,FALSE),\"\")","v":""},"2016-04-26",{"$f":"IF(C381=\"rm\",IF(U381=\"aucun\",\"OK\",IF(U381=\"fz\",IF(Y381-W381>730,Y381-W381,\"OK\"),IF(Y381-V381<1,1,Y381-V381))),\"\")","v":1}]
["6182P05","Chicken","FG",26036,"AILES DE POULET BOUT ENLEVE ASS. BBQ *LOBLAW* (8 X 24/TRAY 8D black) FR @P","6182P051","",39.9,null,null,{"$f":"IF(ISNA(VLOOKUP($D:$D,rend,2,FALSE))=FALSE,VLOOKUP($D:$D,rend,2,FALSE),\"\")","v":0.94506187431556787},{"$f":"IF($C382=\"RM\",IF(ISNA(VLOOKUP($F$2:$F$478,pos,2,FALSE))=FALSE,VLOOKUP($F382:$F$478,pos,2,FALSE),IF(ISNA(VLOOKUP($F$2:$F$478,lot,2,FALSE))=FALSE,VLOOKUP($F$2:$F$478,lot,2,FALSE),\"MANQUANT\")),\"\")","v":""},{"$f":"IF($C382=\"RM\",IF(ISNA(VLOOKUP($F$2:$F$478,pos,3,FALSE))=FALSE,VLOOKUP($F382:$F796,pos,3,FALSE),\"OP\"),\"\")","v":""},{"$f":"IF($C382=\"RM\",IF(ISNA(VLOOKUP($F382:$F$471,pos,4,FALSE))=FALSE,VLOOKUP($F$2:$F$471,pos,4,FALSE),\"\"),\"\")","v":""},{"$f":"IF($C382=\"RM\",IF(ISNA(VLOOKUP($F$2:$F$478,pos,5,FALSE))=FALSE,VLOOKUP($F$2:$F$478,pos,5,FALSE),IF(ISNA(VLOOKUP($F$2:$F$478,lot,5,FALSE))=FALSE,VLOOKUP($F$2:$F$478,lot,5,FALSE),0)),\"\")","v":""},{"$f":"IF($H382>0,VLOOKUP($D:$D,prix,15,FALSE),\"\")","v":9.3000000000000007},{"$f":"IF($C382=\"RM\",$O382*$G382,\"\")","v":""},{"$f":"IF($H382>0,$H382*$P382,\"\")","v":371.07},null,{"$f":"IF($F382>0,VALUE(LEFT($F382,4)),\"\")","v":6182},{"$f":"IF(F382>0,IF(ISERROR(SEARCH(\"*FZ*\",$E382))=FALSE,\"FZ\",IF(ISERROR(SEARCH(\"*FR*\",$E382))=FALSE,\"FR\",\"Aucun\")),\"\")","v":"FR"},{"$f":"IF($C382=\"RM\",IF($U382=\"FR\",IF(ISNA(VLOOKUP($F:$F,lot,6,FALSE))=TRUE,VLOOKUP($T:$T,date,2,FALSE),VLOOKUP($F:$F,lot,6,FALSE)),\"\"),\"\")","v":""},{"$f":"IF($C382=\"RM\",IF($U382=\"Fz\",IF(ISNA(VLOOKUP($F:$F,lot,6,FALSE))=TRUE,VLOOKUP($T:$T,date,2,FALSE),VLOOKUP($F:$F,lot,6,FALSE)),\"\"),\"\")","v":""},{"$f":"IF($C382=\"FG\",VLOOKUP($A:$A,op,4,FALSE),\"\")","v":{"$error":"#N/A"}},"2016-04-26",{"$f":"IF(C382=\"rm\",IF(U382=\"aucun\",\"OK\",IF(U382=\"fz\",IF(Y382-W382>730,Y382-W382,\"OK\"),IF(Y382-V382<1,1,Y382-V382))),\"\")","v":""}]
["6182P05 Total",null,null,null,null,null,{"$f":"SUBTOTAL(9,G374:G382)","v":171.34},{"$f":"SUBTOTAL(9,H374:H382)","v":39.9},null,null,null,null,null,null,null,null,{"$f":"SUBTOTAL(9,Q374:Q382)","v":262.262},{"$f":"SUBTOTAL(9,R374:R382)","v":371.07}]
["6183P01","Chicken","RM",303,"EMB BELLEY SAL04-1290 / TRAY BOX TOP (LOBLAW)/ 8X260","6154EM01",250,null,null,null,{"$f":"IF(ISNA(VLOOKUP($D:$D,rend,2,FALSE))=FALSE,VLOOKUP($D:$D,rend,2,FALSE),\"\")","v":""},{"$f":"IF($C384=\"RM\",IF(ISNA(VLOOKUP($F$2:$F$478,pos,2,FALSE))=FALSE,VLOOKUP($F384:$F$478,pos,2,FALSE),IF(ISNA(VLOOKUP($F$2:$F$478,lot,2,FALSE))=FALSE,VLOOKUP($F$2:$F$478,lot,2,FALSE),\"MANQUANT\")),\"\")","v":"PO-0021663"},{"$f":"IF($C384=\"RM\",IF(ISNA(VLOOKUP($F$2:$F$478,pos,3,FALSE))=FALSE,VLOOKUP($F384:$F797,pos,3,FALSE),\"OP\"),\"\")","v":"MITC"},{"$f":"IF($C384=\"RM\",IF(ISNA(VLOOKUP($F384:$F$471,pos,4,FALSE))=FALSE,VLOOKUP($F$2:$F$471,pos,4,FALSE),\"\"),\"\")","v":1440},{"$f":"IF($C384=\"RM\",IF(ISNA(VLOOKUP($F$2:$F$478,pos,5,FALSE))=FALSE,VLOOKUP($F$2:$F$478,pos,5,FALSE),IF(ISNA(VLOOKUP($F$2:$F$478,lot,5,FALSE))=FALSE,VLOOKUP($F$2:$F$478,lot,5,FALSE),0)),\"\")","v":0.75600000000000001},{"$f":"IF($H384>0,VLOOKUP($D:$D,prix,15,FALSE),\"\")","v":""},{"$f":"IF($C384=\"RM\",$O384*$G384,\"\")","v":189},{"$f":"IF($H384>0,$H384*$P384,\"\")","v":""},null,{"$f":"IF($F384>0,VALUE(LEFT($F384,4)),\"\")","v":6154},{"$f":"IF(F384>0,IF(ISERROR(SEARCH(\"*FZ*\",$E384))=FALSE,\"FZ\",IF(ISERROR(SEARCH(\"*FR*\",$E384))=FALSE,\"FR\",\"Aucun\")),\"\")","v":"Aucun"},{"$f":"IF($C384=\"RM\",IF($U384=\"FR\",IF(ISNA(VLOOKUP($F:$F,lot,6,FALSE))=TRUE,VLOOKUP($T:$T,date,2,FALSE),VLOOKUP($F:$F,lot,6,FALSE)),\"\"),\"\")","v":""},{"$f":"IF($C384=\"RM\",IF($U384=\"Fz\",IF(ISNA(VLOOKUP($F:$F,lot,6,FALSE))=TRUE,VLOOKUP($T:$T,date,2,FALSE),VLOOKUP($F:$F,lot,6,FALSE)),\"\"),\"\")","v":""},{"$f":"IF($C384=\"FG\",VLOOKUP($A:$A,op,4,FALSE),\"\")","v":""},"2016-04-26",{"$f":"IF(C384=\"rm\",IF(U384=\"aucun\",\"OK\",IF(U384=\"fz\",IF(Y384-W384>730,Y384-W384,\"OK\"),IF(Y384-V384<1,1,Y384-V384))),\"\")","v":"OK"}]
["6183P01","Chicken","RM",126,"EMB HEAT SEALING 023012 / 8D PZ90 WHITE PADDED (LOBLAW) / 400/CS","6172EM08",2000,null,null,null,{"$f":"IF(ISNA(VLOOKUP($D:$D,rend,2,FALSE))=FALSE,VLOOKUP($D:$D,rend,2,FALSE),\"\")","v":""},{"$f":"IF($C385=\"RM\",IF(ISNA(VLOOKUP($F$2:$F$478,pos,2,FALSE))=FALSE,VLOOKUP($F385:$F$478,pos,2,FALSE),IF(ISNA(VLOOKUP($F$2:$F$478,lot,2,FALSE))=FALSE,VLOOKUP($F$2:$F$478,lot,2,FALSE),\"MANQUANT\")),\"\")","v":"PO-0021761"},{"$f":"IF($C385=\"RM\",IF(ISNA(VLOOKUP($F$2:$F$478,pos,3,FALSE))=FALSE,VLOOKUP($F385:$F798,pos,3,FALSE),\"OP\"),\"\")","v":"HEAT"},{"$f":"IF($C385=\"RM\",IF(ISNA(VLOOKUP($F385:$F$471,pos,4,FALSE))=FALSE,VLOOKUP($F$2:$F$471,pos,4,FALSE),\"\"),\"\")","v":8000},{"$f":"IF($C385=\"RM\",IF(ISNA(VLOOKUP($F$2:$F$478,pos,5,FALSE))=FALSE,VLOOKUP($F$2:$F$478,pos,5,FALSE),IF(ISNA(VLOOKUP($F$2:$F$478,lot,5,FALSE))=FALSE,VLOOKUP($F$2:$F$478,lot,5,FALSE),0)),\"\")","v":0.19500000000000001},{"$f":"IF($H385>0,VLOOKUP($D:$D,prix,15,FALSE),\"\")","v":""},{"$f":"IF($C385=\"RM\",$O385*$G385,\"\")","v":390},{"$f":"IF($H385>0,$H385*$P385,\"\")","v":""},null,{"$f":"IF($F385>0,VALUE(LEFT($F385,4)),\"\")","v":6172},{"$f":"IF(F385>0,IF(ISERROR(SEARCH(\"*FZ*\",$E385))=FALSE,\"FZ\",IF(ISERROR(SEARCH(\"*FR*\",$E385))=FALSE,\"FR\",\"Aucun\")),\"\")","v":"Aucun"},{"$f":"IF($C385=\"RM\",IF($U385=\"FR\",IF(ISNA(VLOOKUP($F:$F,lot,6,FALSE))=TRUE,VLOOKUP($T:$T,date,2,FALSE),VLOOKUP($F:$F,lot,6,FALSE)),\"\"),\"\")","v":""},{"$f":"IF($C385=\"RM\",IF($U385=\"Fz\",IF(ISNA(VLOOKUP($F:$F,lot,6,FALSE))=TRUE,VLOOKUP($T:$T,date,2,FALSE),VLOOKUP($F:$F,lot,6,FALSE)),\"\"),\"\")","v":""},{"$f":"IF($C385=\"FG\",VLOOKUP($A:$A,op,4,FALSE),\"\")","v":""},"2016-04-26",{"$f":"IF(C385=\"rm\",IF(U385=\"aucun\",\"OK\",IF(U385=\"fz\",IF(Y385-W385>730,Y385-W385,\"OK\"),IF(Y385-V385<1,1,Y385-V385))),\"\")","v":"OK"}]
["6183P01","Chicken","RM",304,"EMB BELLEY SAL04-1300 / TRAY BOX BOTTOM (LOBLAW)/ 8X260","6176EM04",250,null,null,null,{"$f":"IF(ISNA(VLOOKUP($D:$D,rend,2,FALSE))=FALSE,VLOOKUP($D:$D,rend,2,FALSE),\"\")","v":""},{"$f":"IF($C386=\"RM\",IF(ISNA(VLOOKUP($F$2:$F$478,pos,2,FALSE))=FALSE,VLOOKUP($F386:$F$478,pos,2,FALSE),IF(ISNA(VLOOKUP($F$2:$F$478,lot,2,FALSE))=FALSE,VLOOKUP($F$2:$F$478,lot,2,FALSE),\"MANQUANT\")),\"\")","v":"PO-0021791"},{"$f":"IF($C386=\"RM\",IF(ISNA(VLOOKUP($F$2:$F$478,pos,3,FALSE))=FALSE,VLOOKUP($F386:$F799,pos,3,FALSE),\"OP\"),\"\")","v":"MITC"},{"$f":"IF($C386=\"RM\",IF(ISNA(VLOOKUP($F386:$F$471,pos,4,FALSE))=FALSE,VLOOKUP($F$2:$F$471,pos,4,FALSE),\"\"),\"\")","v":960},{"$f":"IF($C386=\"RM\",IF(ISNA(VLOOKUP($F$2:$F$478,pos,5,FALSE))=FALSE,VLOOKUP($F$2:$F$478,pos,5,FALSE),IF(ISNA(VLOOKUP($F$2:$F$478,lot,5,FALSE))=FALSE,VLOOKUP($F$2:$F$478,lot,5,FALSE),0)),\"\")","v":0.745},{"$f":"IF($H386>0,VLOOKUP($D:$D,prix,15,FALSE),\"\")","v":""},{"$f":"IF($C386=\"RM\",$O386*$G386,\"\")","v":186.25},{"$f":"IF($H386>0,$H386*$P386,\"\")","v":""},null,{"$f":"IF($F386>0,VALUE(LEFT($F386,4)),\"\")","v":6176},{"$f":"IF(F386>0,IF(ISERROR(SEARCH(\"*FZ*\",$E386))=FALSE,\"FZ\",IF(ISERROR(SEARCH(\"*FR*\",$E386))=FALSE,\"FR\",\"Aucun\")),\"\")","v":"Aucun"},{"$f":"IF($C386=\"RM\",IF($U386=\"FR\",IF(ISNA(VLOOKUP($F:$F,lot,6,FALSE))=TRUE,VLOOKUP($T:$T,date,2,FALSE),VLOOKUP($F:$F,lot,6,FALSE)),\"\"),\"\")","v":""},{"$f":"IF($C386=\"RM\",IF($U386=\"Fz\",IF(ISNA(VLOOKUP($F:$F,lot,6,FALSE))=TRUE,VLOOKUP($T:$T,date,2,FALSE),VLOOKUP($F:$F,lot,6,FALSE)),\"\"),\"\")","v":""},{"$f":"IF($C386=\"FG\",VLOOKUP($A:$A,op,4,FALSE),\"\")","v":""},"2016-04-26",{"$f":"IF(C386=\"rm\",IF(U386=\"aucun\",\"OK\",IF(U386=\"fz\",IF(Y386-W386>730,Y386-W386,\"OK\"),IF(Y386-V386<1,1,Y386-V386))),\"\")","v":"OK"}]
["6183P01","Chicken","RM",35022,"BONELESS CHICKEN BREAST SMALL-MEDIUM***RAW MATERIAL FR #D","6183P01",2500,null,null,null,{"$f":"IF(ISNA(VLOOKUP($D:$D,rend,2,FALSE))=FALSE,VLOOKUP($D:$D,rend,2,FALSE),\"\")","v":0.94947128027888894},{"$f":"IF($C387=\"RM\",IF(ISNA(VLOOKUP($F$2:$F$478,pos,2,FALSE))=FALSE,VLOOKUP($F387:$F$478,pos,2,FALSE),IF(ISNA(VLOOKUP($F$2:$F$478,lot,2,FALSE))=FALSE,VLOOKUP($F$2:$F$478,lot,2,FALSE),\"MANQUANT\")),\"\")","v":"PO-0021826"},{"$f":"IF($C387=\"RM\",IF(ISNA(VLOOKUP($F$2:$F$478,pos,3,FALSE))=FALSE,VLOOKUP($F387:$F800,pos,3,FALSE),\"OP\"),\"\")","v":99},{"$f":"IF($C387=\"RM\",IF(ISNA(VLOOKUP($F387:$F$471,pos,4,FALSE))=FALSE,VLOOKUP($F$2:$F$471,pos,4,FALSE),\"\"),\"\")","v":2500},{"$f":"IF($C387=\"RM\",IF(ISNA(VLOOKUP($F$2:$F$478,pos,5,FALSE))=FALSE,VLOOKUP($F$2:$F$478,pos,5,FALSE),IF(ISNA(VLOOKUP($F$2:$F$478,lot,5,FALSE))=FALSE,VLOOKUP($F$2:$F$478,lot,5,FALSE),0)),\"\")","v":0.01},{"$f":"IF($H387>0,VLOOKUP($D:$D,prix,15,FALSE),\"\")","v":""},{"$f":"IF($C387=\"RM\",$O387*$G387,\"\")","v":25},{"$f":"IF($H387>0,$H387*$P387,\"\")","v":""},null,{"$f":"IF($F387>0,VALUE(LEFT($F387,4)),\"\")","v":6183},{"$f":"IF(F387>0,IF(ISERROR(SEARCH(\"*FZ*\",$E387))=FALSE,\"FZ\",IF(ISERROR(SEARCH(\"*FR*\",$E387))=FALSE,\"FR\",\"Aucun\")),\"\")","v":"FR"},{"$f":"IF($C387=\"RM\",IF($U387=\"FR\",IF(ISNA(VLOOKUP($F:$F,lot,6,FALSE))=TRUE,VLOOKUP($T:$T,date,2,FALSE),VLOOKUP($F:$F,lot,6,FALSE)),\"\"),\"\")","v":"2016-04-26"},{"$f":"IF($C387=\"RM\",IF($U387=\"Fz\",IF(ISNA(VLOOKUP($F:$F,lot,6,FALSE))=TRUE,VLOOKUP($T:$T,date,2,FALSE),VLOOKUP($F:$F,lot,6,FALSE)),\"\"),\"\")","v":""},{"$f":"IF($C387=\"FG\",VLOOKUP($A:$A,op,4,FALSE),\"\")","v":""},"2016-04-26",{"$f":"IF(C387=\"rm\",IF(U387=\"aucun\",\"OK\",IF(U387=\"fz\",IF(Y387-W387>730,Y387-W387,\"OK\"),IF(Y387-V387<1,1,Y387-V387))),\"\")","v":1}]
["6183P01","Chicken","FG",35732,"POITRINE DE POULET DES. NATURE *LOBLAW* (8 X 4-5/TRAY 8D white) FR @P","6183P011","",2285.4299999999998,null,null,{"$f":"IF(ISNA(VLOOKUP($D:$D,rend,2,FALSE))=FALSE,VLOOKUP($D:$D,rend,2,FALSE),\"\")","v":0.82924886639904938},{"$f":"IF($C388=\"RM\",IF(ISNA(VLOOKUP($F$2:$F$478,pos,2,FALSE))=FALSE,VLOOKUP($F388:$F$478,pos,2,FALSE),IF(ISNA(VLOOKUP($F$2:$F$478,lot,2,FALSE))=FALSE,VLOOKUP($F$2:$F$478,lot,2,FALSE),\"MANQUANT\")),\"\")","v":""},{"$f":"IF($C388=\"RM\",IF(ISNA(VLOOKUP($F$2:$F$478,pos,3,FALSE))=FALSE,VLOOKUP($F388:$F801,pos,3,FALSE),\"OP\"),\"\")","v":""},{"$f":"IF($C388=\"RM\",IF(ISNA(VLOOKUP($F388:$F$471,pos,4,FALSE))=FALSE,VLOOKUP($F$2:$F$471,pos,4,FALSE),\"\"),\"\")","v":""},{"$f":"IF($C388=\"RM\",IF(ISNA(VLOOKUP($F$2:$F$478,pos,5,FALSE))=FALSE,VLOOKUP($F$2:$F$478,pos,5,FALSE),IF(ISNA(VLOOKUP($F$2:$F$478,lot,5,FALSE))=FALSE,VLOOKUP($F$2:$F$478,lot,5,FALSE),0)),\"\")","v":""},{"$f":"IF($H388>0,VLOOKUP($D:$D,prix,15,FALSE),\"\")","v":9.35},{"$f":"IF($C388=\"RM\",$O388*$G388,\"\")","v":""},{"$f":"IF($H388>0,$H388*$P388,\"\")","v":21368.770499999999},null,{"$f":"IF($F388>0,VALUE(LEFT($F388,4)),\"\")","v":6183},{"$f":"IF(F388>0,IF(ISERROR(SEARCH(\"*FZ*\",$E388))=FALSE,\"FZ\",IF(ISERROR(SEARCH(\"*FR*\",$E388))=FALSE,\"FR\",\"Aucun\")),\"\")","v":"FR"},{"$f":"IF($C388=\"RM\",IF($U388=\"FR\",IF(ISNA(VLOOKUP($F:$F,lot,6,FALSE))=TRUE,VLOOKUP($T:$T,date,2,FALSE),VLOOKUP($F:$F,lot,6,FALSE)),\"\"),\"\")","v":""},{"$f":"IF($C388=\"RM\",IF($U388=\"Fz\",IF(ISNA(VLOOKUP($F:$F,lot,6,FALSE))=TRUE,VLOOKUP($T:$T,date,2,FALSE),VLOOKUP($F:$F,lot,6,FALSE)),\"\"),\"\")","v":""},{"$f":"IF($C388=\"FG\",VLOOKUP($A:$A,op,4,FALSE),\"\")","v":{"$error":"#N/A"}},"2016-04-26",{"$f":"IF(C388=\"rm\",IF(U388=\"aucun\",\"OK\",IF(U388=\"fz\",IF(Y388-W388>730,Y388-W388,\"OK\"),IF(Y388-V388<1,1,Y388-V388))),\"\")","v":""}]
["6183P01","Chicken","FG",11436,"BONELESS CHICKEN BREAST FULL TRIM AVEC FILET:2 SACX 5 KG/CS FR @P","6183P012","",0,null,null,{"$f":"IF(ISNA(VLOOKUP($D:$D,rend,2,FALSE))=FALSE,VLOOKUP($D:$D,rend,2,FALSE),\"\")","v":0.9014222364956892},{"$f":"IF($C389=\"RM\",IF(ISNA(VLOOKUP($F$2:$F$478,pos,2,FALSE))=FALSE,VLOOKUP($F389:$F$478,pos,2,FALSE),IF(ISNA(VLOOKUP($F$2:$F$478,lot,2,FALSE))=FALSE,VLOOKUP($F$2:$F$478,lot,2,FALSE),\"MANQUANT\")),\"\")","v":""},{"$f":"IF($C389=\"RM\",IF(ISNA(VLOOKUP($F$2:$F$478,pos,3,FALSE))=FALSE,VLOOKUP($F389:$F802,pos,3,FALSE),\"OP\"),\"\")","v":""},{"$f":"IF($C389=\"RM\",IF(ISNA(VLOOKUP($F389:$F$471,pos,4,FALSE))=FALSE,VLOOKUP($F$2:$F$471,pos,4,FALSE),\"\"),\"\")","v":""},{"$f":"IF($C389=\"RM\",IF(ISNA(VLOOKUP($F$2:$F$478,pos,5,FALSE))=FALSE,VLOOKUP($F$2:$F$478,pos,5,FALSE),IF(ISNA(VLOOKUP($F$2:$F$478,lot,5,FALSE))=FALSE,VLOOKUP($F$2:$F$478,lot,5,FALSE),0)),\"\")","v":""},{"$f":"IF($H389>0,VLOOKUP($D:$D,prix,15,FALSE),\"\")","v":""},{"$f":"IF($C389=\"RM\",$O389*$G389,\"\")","v":""},{"$f":"IF($H389>0,$H389*$P389,\"\")","v":""},null,{"$f":"IF($F389>0,VALUE(LEFT($F389,4)),\"\")","v":6183},{"$f":"IF(F389>0,IF(ISERROR(SEARCH(\"*FZ*\",$E389))=FALSE,\"FZ\",IF(ISERROR(SEARCH(\"*FR*\",$E389))=FALSE,\"FR\",\"Aucun\")),\"\")","v":"FR"},{"$f":"IF($C389=\"RM\",IF($U389=\"FR\",IF(ISNA(VLOOKUP($F:$F,lot,6,FALSE))=TRUE,VLOOKUP($T:$T,date,2,FALSE),VLOOKUP($F:$F,lot,6,FALSE)),\"\"),\"\")","v":""},{"$f":"IF($C389=\"RM\",IF($U389=\"Fz\",IF(ISNA(VLOOKUP($F:$F,lot,6,FALSE))=TRUE,VLOOKUP($T:$T,date,2,FALSE),VLOOKUP($F:$F,lot,6,FALSE)),\"\"),\"\")","v":""},{"$f":"IF($C389=\"FG\",VLOOKUP($A:$A,op,4,FALSE),\"\")","v":{"$error":"#N/A"}},"2016-04-26",{"$f":"IF(C389=\"rm\",IF(U389=\"aucun\",\"OK\",IF(U389=\"fz\",IF(Y389-W389>730,Y389-W389,\"OK\"),IF(Y389-V389<1,1,Y389-V389))),\"\")","v":""}]
["6183P01 Total",null,null,null,null,null,{"$f":"SUBTOTAL(9,G384:G389)","v":5000},{"$f":"SUBTOTAL(9,H384:H389)","v":2285.4299999999998},null,null,null,null,null,null,null,null,{"$f":"SUBTOTAL(9,Q384:Q389)","v":790.25},{"$f":"SUBTOTAL(9,R384:R389)","v":21368.770499999999}]
["6183P03","Chicken","RM",126,"EMB HEAT SEALING 023012 / 8D PZ90 WHITE PADDED (LOBLAW) / 400/CS","6172EM08",672,null,null,null,{"$f":"IF(ISNA(VLOOKUP($D:$D,rend,2,FALSE))=FALSE,VLOOKUP($D:$D,rend,2,FALSE),\"\")","v":""},{"$f":"IF($C391=\"RM\",IF(ISNA(VLOOKUP($F$2:$F$478,pos,2,FALSE))=FALSE,VLOOKUP($F391:$F$478,pos,2,FALSE),IF(ISNA(VLOOKUP($F$2:$F$478,lot,2,FALSE))=FALSE,VLOOKUP($F$2:$F$478,lot,2,FALSE),\"MANQUANT\")),\"\")","v":"PO-0021761"},{"$f":"IF($C391=\"RM\",IF(ISNA(VLOOKUP($F$2:$F$478,pos,3,FALSE))=FALSE,VLOOKUP($F391:$F803,pos,3,FALSE),\"OP\"),\"\")","v":"HEAT"},{"$f":"IF($C391=\"RM\",IF(ISNA(VLOOKUP($F391:$F$471,pos,4,FALSE))=FALSE,VLOOKUP($F$2:$F$471,pos,4,FALSE),\"\"),\"\")","v":8000},{"$f":"IF($C391=\"RM\",IF(ISNA(VLOOKUP($F$2:$F$478,pos,5,FALSE))=FALSE,VLOOKUP($F$2:$F$478,pos,5,FALSE),IF(ISNA(VLOOKUP($F$2:$F$478,lot,5,FALSE))=FALSE,VLOOKUP($F$2:$F$478,lot,5,FALSE),0)),\"\")","v":0.19500000000000001},{"$f":"IF($H391>0,VLOOKUP($D:$D,prix,15,FALSE),\"\")","v":""},{"$f":"IF($C391=\"RM\",$O391*$G391,\"\")","v":131.04},{"$f":"IF($H391>0,$H391*$P391,\"\")","v":""},null,{"$f":"IF($F391>0,VALUE(LEFT($F391,4)),\"\")","v":6172},{"$f":"IF(F391>0,IF(ISERROR(SEARCH(\"*FZ*\",$E391))=FALSE,\"FZ\",IF(ISERROR(SEARCH(\"*FR*\",$E391))=FALSE,\"FR\",\"Aucun\")),\"\")","v":"Aucun"},{"$f":"IF($C391=\"RM\",IF($U391=\"FR\",IF(ISNA(VLOOKUP($F:$F,lot,6,FALSE))=TRUE,VLOOKUP($T:$T,date,2,FALSE),VLOOKUP($F:$F,lot,6,FALSE)),\"\"),\"\")","v":""},{"$f":"IF($C391=\"RM\",IF($U391=\"Fz\",IF(ISNA(VLOOKUP($F:$F,lot,6,FALSE))=TRUE,VLOOKUP($T:$T,date,2,FALSE),VLOOKUP($F:$F,lot,6,FALSE)),\"\"),\"\")","v":""},{"$f":"IF($C391=\"FG\",VLOOKUP($A:$A,op,4,FALSE),\"\")","v":""},"2016-04-26",{"$f":"IF(C391=\"rm\",IF(U391=\"aucun\",\"OK\",IF(U391=\"fz\",IF(Y391-W391>730,Y391-W391,\"OK\"),IF(Y391-V391<1,1,Y391-V391))),\"\")","v":"OK"}]
["6183P03","Chicken","RM",304,"EMB BELLEY SAL04-1300 / TRAY BOX BOTTOM (LOBLAW)/ 8X260","6176EM04",84,null,null,null,{"$f":"IF(ISNA(VLOOKUP($D:$D,rend,2,FALSE))=FALSE,VLOOKUP($D:$D,rend,2,FALSE),\"\")","v":""},{"$f":"IF($C392=\"RM\",IF(ISNA(VLOOKUP($F$2:$F$478,pos,2,FALSE))=FALSE,VLOOKUP($F392:$F$478,pos,2,FALSE),IF(ISNA(VLOOKUP($F$2:$F$478,lot,2,FALSE))=FALSE,VLOOKUP($F$2:$F$478,lot,2,FALSE),\"MANQUANT\")),\"\")","v":"PO-0021791"},{"$f":"IF($C392=\"RM\",IF(ISNA(VLOOKUP($F$2:$F$478,pos,3,FALSE))=FALSE,VLOOKUP($F392:$F804,pos,3,FALSE),\"OP\"),\"\")","v":"MITC"},{"$f":"IF($C392=\"RM\",IF(ISNA(VLOOKUP($F392:$F$471,pos,4,FALSE))=FALSE,VLOOKUP($F$2:$F$471,pos,4,FALSE),\"\"),\"\")","v":960},{"$f":"IF($C392=\"RM\",IF(ISNA(VLOOKUP($F$2:$F$478,pos,5,FALSE))=FALSE,VLOOKUP($F$2:$F$478,pos,5,FALSE),IF(ISNA(VLOOKUP($F$2:$F$478,lot,5,FALSE))=FALSE,VLOOKUP($F$2:$F$478,lot,5,FALSE),0)),\"\")","v":0.745},{"$f":"IF($H392>0,VLOOKUP($D:$D,prix,15,FALSE),\"\")","v":""},{"$f":"IF($C392=\"RM\",$O392*$G392,\"\")","v":62.58},{"$f":"IF($H392>0,$H392*$P392,\"\")","v":""},null,{"$f":"IF($F392>0,VALUE(LEFT($F392,4)),\"\")","v":6176},{"$f":"IF(F392>0,IF(ISERROR(SEARCH(\"*FZ*\",$E392))=FALSE,\"FZ\",IF(ISERROR(SEARCH(\"*FR*\",$E392))=FALSE,\"FR\",\"Aucun\")),\"\")","v":"Aucun"},{"$f":"IF($C392=\"RM\",IF($U392=\"FR\",IF(ISNA(VLOOKUP($F:$F,lot,6,FALSE))=TRUE,VLOOKUP($T:$T,date,2,FALSE),VLOOKUP($F:$F,lot,6,FALSE)),\"\"),\"\")","v":""},{"$f":"IF($C392=\"RM\",IF($U392=\"Fz\",IF(ISNA(VLOOKUP($F:$F,lot,6,FALSE))=TRUE,VLOOKUP($T:$T,date,2,FALSE),VLOOKUP($F:$F,lot,6,FALSE)),\"\"),\"\")","v":""},{"$f":"IF($C392=\"FG\",VLOOKUP($A:$A,op,4,FALSE),\"\")","v":""},"2016-04-26",{"$f":"IF(C392=\"rm\",IF(U392=\"aucun\",\"OK\",IF(U392=\"fz\",IF(Y392-W392>730,Y392-W392,\"OK\"),IF(Y392-V392<1,1,Y392-V392))),\"\")","v":"OK"}]
["6183P03","Chicken","RM",303,"EMB BELLEY SAL04-1290 / TRAY BOX TOP (LOBLAW)/ 8X260","6176EM05",84,null,null,null,{"$f":"IF(ISNA(VLOOKUP($D:$D,rend,2,FALSE))=FALSE,VLOOKUP($D:$D,rend,2,FALSE),\"\")","v":""},{"$f":"IF($C393=\"RM\",IF(ISNA(VLOOKUP($F$2:$F$478,pos,2,FALSE))=FALSE,VLOOKUP($F393:$F$478,pos,2,FALSE),IF(ISNA(VLOOKUP($F$2:$F$478,lot,2,FALSE))=FALSE,VLOOKUP($F$2:$F$478,lot,2,FALSE),\"MANQUANT\")),\"\")","v":"PO-0021792"},{"$f":"IF($C393=\"RM\",IF(ISNA(VLOOKUP($F$2:$F$478,pos,3,FALSE))=FALSE,VLOOKUP($F393:$F805,pos,3,FALSE),\"OP\"),\"\")","v":"MITC"},{"$f":"IF($C393=\"RM\",IF(ISNA(VLOOKUP($F393:$F$471,pos,4,FALSE))=FALSE,VLOOKUP($F$2:$F$471,pos,4,FALSE),\"\"),\"\")","v":1108},{"$f":"IF($C393=\"RM\",IF(ISNA(VLOOKUP($F$2:$F$478,pos,5,FALSE))=FALSE,VLOOKUP($F$2:$F$478,pos,5,FALSE),IF(ISNA(VLOOKUP($F$2:$F$478,lot,5,FALSE))=FALSE,VLOOKUP($F$2:$F$478,lot,5,FALSE),0)),\"\")","v":0.75600000000000001},{"$f":"IF($H393>0,VLOOKUP($D:$D,prix,15,FALSE),\"\")","v":""},{"$f":"IF($C393=\"RM\",$O393*$G393,\"\")","v":63.503999999999998},{"$f":"IF($H393>0,$H393*$P393,\"\")","v":""},null,{"$f":"IF($F393>0,VALUE(LEFT($F393,4)),\"\")","v":6176},{"$f":"IF(F393>0,IF(ISERROR(SEARCH(\"*FZ*\",$E393))=FALSE,\"FZ\",IF(ISERROR(SEARCH(\"*FR*\",$E393))=FALSE,\"FR\",\"Aucun\")),\"\")","v":"Aucun"},{"$f":"IF($C393=\"RM\",IF($U393=\"FR\",IF(ISNA(VLOOKUP($F:$F,lot,6,FALSE))=TRUE,VLOOKUP($T:$T,date,2,FALSE),VLOOKUP($F:$F,lot,6,FALSE)),\"\"),\"\")","v":""},{"$f":"IF($C393=\"RM\",IF($U393=\"Fz\",IF(ISNA(VLOOKUP($F:$F,lot,6,FALSE))=TRUE,VLOOKUP($T:$T,date,2,FALSE),VLOOKUP($F:$F,lot,6,FALSE)),\"\"),\"\")","v":""},{"$f":"IF($C393=\"FG\",VLOOKUP($A:$A,op,4,FALSE),\"\")","v":""},"2016-04-26",{"$f":"IF(C393=\"rm\",IF(U393=\"aucun\",\"OK\",IF(U393=\"fz\",IF(Y393-W393>730,Y393-W393,\"OK\"),IF(Y393-V393<1,1,Y393-V393))),\"\")","v":"OK"}]
["6183P03","Chicken","RM",35824,"CHICKEN THIGHS BONELESS FR @P","6183P03",835,null,null,null,{"$f":"IF(ISNA(VLOOKUP($D:$D,rend,2,FALSE))=FALSE,VLOOKUP($D:$D,rend,2,FALSE),\"\")","v":0.68052333911271923},{"$f":"IF($C394=\"RM\",IF(ISNA(VLOOKUP($F$2:$F$478,pos,2,FALSE))=FALSE,VLOOKUP($F394:$F$478,pos,2,FALSE),IF(ISNA(VLOOKUP($F$2:$F$478,lot,2,FALSE))=FALSE,VLOOKUP($F$2:$F$478,lot,2,FALSE),\"MANQUANT\")),\"\")","v":"PO-0021826"},{"$f":"IF($C394=\"RM\",IF(ISNA(VLOOKUP($F$2:$F$478,pos,3,FALSE))=FALSE,VLOOKUP($F394:$F806,pos,3,FALSE),\"OP\"),\"\")","v":99},{"$f":"IF($C394=\"RM\",IF(ISNA(VLOOKUP($F394:$F$471,pos,4,FALSE))=FALSE,VLOOKUP($F$2:$F$471,pos,4,FALSE),\"\"),\"\")","v":835},{"$f":"IF($C394=\"RM\",IF(ISNA(VLOOKUP($F$2:$F$478,pos,5,FALSE))=FALSE,VLOOKUP($F$2:$F$478,pos,5,FALSE),IF(ISNA(VLOOKUP($F$2:$F$478,lot,5,FALSE))=FALSE,VLOOKUP($F$2:$F$478,lot,5,FALSE),0)),\"\")","v":0.01},{"$f":"IF($H394>0,VLOOKUP($D:$D,prix,15,FALSE),\"\")","v":""},{"$f":"IF($C394=\"RM\",$O394*$G394,\"\")","v":8.35},{"$f":"IF($H394>0,$H394*$P394,\"\")","v":""},null,{"$f":"IF($F394>0,VALUE(LEFT($F394,4)),\"\")","v":6183},{"$f":"IF(F394>0,IF(ISERROR(SEARCH(\"*FZ*\",$E394))=FALSE,\"FZ\",IF(ISERROR(SEARCH(\"*FR*\",$E394))=FALSE,\"FR\",\"Aucun\")),\"\")","v":"FR"},{"$f":"IF($C394=\"RM\",IF($U394=\"FR\",IF(ISNA(VLOOKUP($F:$F,lot,6,FALSE))=TRUE,VLOOKUP($T:$T,date,2,FALSE),VLOOKUP($F:$F,lot,6,FALSE)),\"\"),\"\")","v":"2016-04-26"},{"$f":"IF($C394=\"RM\",IF($U394=\"Fz\",IF(ISNA(VLOOKUP($F:$F,lot,6,FALSE))=TRUE,VLOOKUP($T:$T,date,2,FALSE),VLOOKUP($F:$F,lot,6,FALSE)),\"\"),\"\")","v":""},{"$f":"IF($C394=\"FG\",VLOOKUP($A:$A,op,4,FALSE),\"\")","v":""},"2016-04-26",{"$f":"IF(C394=\"rm\",IF(U394=\"aucun\",\"OK\",IF(U394=\"fz\",IF(Y394-W394>730,Y394-W394,\"OK\"),IF(Y394-V394<1,1,Y394-V394))),\"\")","v":1}]
["6183P03","Chicken","FG",35829,"HAUT DE CUISSE POULET DES. NATURE *LOBLAW* (8 X 12/TRAY 8D white) FR @P","6183P031","",820.33,null,null,{"$f":"IF(ISNA(VLOOKUP($D:$D,rend,2,FALSE))=FALSE,VLOOKUP($D:$D,rend,2,FALSE),\"\")","v":0.82262423009977892},{"$f":"IF($C395=\"RM\",IF(ISNA(VLOOKUP($F$2:$F$478,pos,2,FALSE))=FALSE,VLOOKUP($F395:$F$478,pos,2,FALSE),IF(ISNA(VLOOKUP($F$2:$F$478,lot,2,FALSE))=FALSE,VLOOKUP($F$2:$F$478,lot,2,FALSE),\"MANQUANT\")),\"\")","v":""},{"$f":"IF($C395=\"RM\",IF(ISNA(VLOOKUP($F$2:$F$478,pos,3,FALSE))=FALSE,VLOOKUP($F395:$F807,pos,3,FALSE),\"OP\"),\"\")","v":""},{"$f":"IF($C395=\"RM\",IF(ISNA(VLOOKUP($F395:$F$471,pos,4,FALSE))=FALSE,VLOOKUP($F$2:$F$471,pos,4,FALSE),\"\"),\"\")","v":""},{"$f":"IF($C395=\"RM\",IF(ISNA(VLOOKUP($F$2:$F$478,pos,5,FALSE))=FALSE,VLOOKUP($F$2:$F$478,pos,5,FALSE),IF(ISNA(VLOOKUP($F$2:$F$478,lot,5,FALSE))=FALSE,VLOOKUP($F$2:$F$478,lot,5,FALSE),0)),\"\")","v":""},{"$f":"IF($H395>0,VLOOKUP($D:$D,prix,15,FALSE),\"\")","v":9},{"$f":"IF($C395=\"RM\",$O395*$G395,\"\")","v":""},{"$f":"IF($H395>0,$H395*$P395,\"\")","v":7382.97},null,{"$f":"IF($F395>0,VALUE(LEFT($F395,4)),\"\")","v":6183},{"$f":"IF(F395>0,IF(ISERROR(SEARCH(\"*FZ*\",$E395))=FALSE,\"FZ\",IF(ISERROR(SEARCH(\"*FR*\",$E395))=FALSE,\"FR\",\"Aucun\")),\"\")","v":"FR"},{"$f":"IF($C395=\"RM\",IF($U395=\"FR\",IF(ISNA(VLOOKUP($F:$F,lot,6,FALSE))=TRUE,VLOOKUP($T:$T,date,2,FALSE),VLOOKUP($F:$F,lot,6,FALSE)),\"\"),\"\")","v":""},{"$f":"IF($C395=\"RM\",IF($U395=\"Fz\",IF(ISNA(VLOOKUP($F:$F,lot,6,FALSE))=TRUE,VLOOKUP($T:$T,date,2,FALSE),VLOOKUP($F:$F,lot,6,FALSE)),\"\"),\"\")","v":""},{"$f":"IF($C395=\"FG\",VLOOKUP($A:$A,op,4,FALSE),\"\")","v":{"$error":"#N/A"}},"2016-04-26",{"$f":"IF(C395=\"rm\",IF(U395=\"aucun\",\"OK\",IF(U395=\"fz\",IF(Y395-W395>730,Y395-W395,\"OK\"),IF(Y395-V395<1,1,Y395-V395))),\"\")","v":""}]
["6183P03 Total",null,null,null,null,null,{"$f":"SUBTOTAL(9,G391:G395)","v":1675},{"$f":"SUBTOTAL(9,H391:H395)","v":820.33},null,null,null,null,null,null,null,null,{"$f":"SUBTOTAL(9,Q391:Q395)","v":265.47400000000005},{"$f":"SUBTOTAL(9,R391:R395)","v":7382.97}]
["6184P0110B","Chicken","RM",35827,"CHICKEN THIGHS BONELESS FULL TRIM FR @P","6184P0110",5,null,null,null,{"$f":"IF(ISNA(VLOOKUP($D:$D,rend,2,FALSE))=FALSE,VLOOKUP($D:$D,rend,2,FALSE),\"\")","v":0.60682427966560448},{"$f":"IF($C397=\"RM\",IF(ISNA(VLOOKUP($F$2:$F$478,pos,2,FALSE))=FALSE,VLOOKUP($F397:$F$478,pos,2,FALSE),IF(ISNA(VLOOKUP($F$2:$F$478,lot,2,FALSE))=FALSE,VLOOKUP($F$2:$F$478,lot,2,FALSE),\"MANQUANT\")),\"\")","v":"6184P01C"},{"$f":"IF($C397=\"RM\",IF(ISNA(VLOOKUP($F$2:$F$478,pos,3,FALSE))=FALSE,VLOOKUP($F397:$F808,pos,3,FALSE),\"OP\"),\"\")","v":"OP"},{"$f":"IF($C397=\"RM\",IF(ISNA(VLOOKUP($F397:$F$471,pos,4,FALSE))=FALSE,VLOOKUP($F$2:$F$471,pos,4,FALSE),\"\"),\"\")","v":""},{"$f":"IF($C397=\"RM\",IF(ISNA(VLOOKUP($F$2:$F$478,pos,5,FALSE))=FALSE,VLOOKUP($F$2:$F$478,pos,5,FALSE),IF(ISNA(VLOOKUP($F$2:$F$478,lot,5,FALSE))=FALSE,VLOOKUP($F$2:$F$478,lot,5,FALSE),0)),\"\")","v":5.0202832461260938},{"$f":"IF($H397>0,VLOOKUP($D:$D,prix,15,FALSE),\"\")","v":""},{"$f":"IF($C397=\"RM\",$O397*$G397,\"\")","v":25.10141623063047},{"$f":"IF($H397>0,$H397*$P397,\"\")","v":""},null,{"$f":"IF($F397>0,VALUE(LEFT($F397,4)),\"\")","v":6184},{"$f":"IF(F397>0,IF(ISERROR(SEARCH(\"*FZ*\",$E397))=FALSE,\"FZ\",IF(ISERROR(SEARCH(\"*FR*\",$E397))=FALSE,\"FR\",\"Aucun\")),\"\")","v":"FR"},{"$f":"IF($C397=\"RM\",IF($U397=\"FR\",IF(ISNA(VLOOKUP($F:$F,lot,6,FALSE))=TRUE,VLOOKUP($T:$T,date,2,FALSE),VLOOKUP($F:$F,lot,6,FALSE)),\"\"),\"\")","v":"2016-04-20"},{"$f":"IF($C397=\"RM\",IF($U397=\"Fz\",IF(ISNA(VLOOKUP($F:$F,lot,6,FALSE))=TRUE,VLOOKUP($T:$T,date,2,FALSE),VLOOKUP($F:$F,lot,6,FALSE)),\"\"),\"\")","v":""},{"$f":"IF($C397=\"FG\",VLOOKUP($A:$A,op,4,FALSE),\"\")","v":""},"2016-04-26",{"$f":"IF(C397=\"rm\",IF(U397=\"aucun\",\"OK\",IF(U397=\"fz\",IF(Y397-W397>730,Y397-W397,\"OK\"),IF(Y397-V397<1,1,Y397-V397))),\"\")","v":6}]
["6184P0110B","Chicken","FG",35827,"CHICKEN THIGHS BONELESS FULL TRIM FR @P","6184P0114","",5,null,null,{"$f":"IF(ISNA(VLOOKUP($D:$D,rend,2,FALSE))=FALSE,VLOOKUP($D:$D,rend,2,FALSE),\"\")","v":0.60682427966560448},{"$f":"IF($C398=\"RM\",IF(ISNA(VLOOKUP($F$2:$F$478,pos,2,FALSE))=FALSE,VLOOKUP($F398:$F$478,pos,2,FALSE),IF(ISNA(VLOOKUP($F$2:$F$478,lot,2,FALSE))=FALSE,VLOOKUP($F$2:$F$478,lot,2,FALSE),\"MANQUANT\")),\"\")","v":""},{"$f":"IF($C398=\"RM\",IF(ISNA(VLOOKUP($F$2:$F$478,pos,3,FALSE))=FALSE,VLOOKUP($F398:$F809,pos,3,FALSE),\"OP\"),\"\")","v":""},{"$f":"IF($C398=\"RM\",IF(ISNA(VLOOKUP($F398:$F$471,pos,4,FALSE))=FALSE,VLOOKUP($F$2:$F$471,pos,4,FALSE),\"\"),\"\")","v":""},{"$f":"IF($C398=\"RM\",IF(ISNA(VLOOKUP($F$2:$F$478,pos,5,FALSE))=FALSE,VLOOKUP($F$2:$F$478,pos,5,FALSE),IF(ISNA(VLOOKUP($F$2:$F$478,lot,5,FALSE))=FALSE,VLOOKUP($F$2:$F$478,lot,5,FALSE),0)),\"\")","v":""},{"$f":"IF($H398>0,VLOOKUP($D:$D,prix,15,FALSE),\"\")","v":8.15},{"$f":"IF($C398=\"RM\",$O398*$G398,\"\")","v":""},{"$f":"IF($H398>0,$H398*$P398,\"\")","v":40.75},null,{"$f":"IF($F398>0,VALUE(LEFT($F398,4)),\"\")","v":6184},{"$f":"IF(F398>0,IF(ISERROR(SEARCH(\"*FZ*\",$E398))=FALSE,\"FZ\",IF(ISERROR(SEARCH(\"*FR*\",$E398))=FALSE,\"FR\",\"Aucun\")),\"\")","v":"FR"},{"$f":"IF($C398=\"RM\",IF($U398=\"FR\",IF(ISNA(VLOOKUP($F:$F,lot,6,FALSE))=TRUE,VLOOKUP($T:$T,date,2,FALSE),VLOOKUP($F:$F,lot,6,FALSE)),\"\"),\"\")","v":""},{"$f":"IF($C398=\"RM\",IF($U398=\"Fz\",IF(ISNA(VLOOKUP($F:$F,lot,6,FALSE))=TRUE,VLOOKUP($T:$T,date,2,FALSE),VLOOKUP($F:$F,lot,6,FALSE)),\"\"),\"\")","v":""},{"$f":"IF($C398=\"FG\",VLOOKUP($A:$A,op,4,FALSE),\"\")","v":{"$error":"#N/A"}},"2016-04-26",{"$f":"IF(C398=\"rm\",IF(U398=\"aucun\",\"OK\",IF(U398=\"fz\",IF(Y398-W398>730,Y398-W398,\"OK\"),IF(Y398-V398<1,1,Y398-V398))),\"\")","v":""}]
["6184P0110B Total",null,null,null,null,null,{"$f":"SUBTOTAL(9,G397:G398)","v":5},{"$f":"SUBTOTAL(9,H397:H398)","v":5},null,null,null,null,null,null,null,null,{"$f":"SUBTOTAL(9,Q397:Q398)","v":25.10141623063047},{"$f":"SUBTOTAL(9,R397:R398)","v":40.75}]
["6184P0112","Chicken","RM",1,"ING EAU","5166AS",1.87,null,null,null,{"$f":"IF(ISNA(VLOOKUP($D:$D,rend,2,FALSE))=FALSE,VLOOKUP($D:$D,rend,2,FALSE),\"\")","v":""},{"$f":"IF($C400=\"RM\",IF(ISNA(VLOOKUP($F$2:$F$478,pos,2,FALSE))=FALSE,VLOOKUP($F400:$F$478,pos,2,FALSE),IF(ISNA(VLOOKUP($F$2:$F$478,lot,2,FALSE))=FALSE,VLOOKUP($F$2:$F$478,lot,2,FALSE),\"MANQUANT\")),\"\")","v":"Aucun"},{"$f":"IF($C400=\"RM\",IF(ISNA(VLOOKUP($F$2:$F$478,pos,3,FALSE))=FALSE,VLOOKUP($F400:$F810,pos,3,FALSE),\"OP\"),\"\")","v":"Aucun"},{"$f":"IF($C400=\"RM\",IF(ISNA(VLOOKUP($F400:$F$471,pos,4,FALSE))=FALSE,VLOOKUP($F$2:$F$471,pos,4,FALSE),\"\"),\"\")","v":0},{"$f":"IF($C400=\"RM\",IF(ISNA(VLOOKUP($F$2:$F$478,pos,5,FALSE))=FALSE,VLOOKUP($F$2:$F$478,pos,5,FALSE),IF(ISNA(VLOOKUP($F$2:$F$478,lot,5,FALSE))=FALSE,VLOOKUP($F$2:$F$478,lot,5,FALSE),0)),\"\")","v":0},{"$f":"IF($H400>0,VLOOKUP($D:$D,prix,15,FALSE),\"\")","v":""},{"$f":"IF($C400=\"RM\",$O400*$G400,\"\")","v":0},{"$f":"IF($H400>0,$H400*$P400,\"\")","v":""},null,{"$f":"IF($F400>0,VALUE(LEFT($F400,4)),\"\")","v":5166},{"$f":"IF(F400>0,IF(ISERROR(SEARCH(\"*FZ*\",$E400))=FALSE,\"FZ\",IF(ISERROR(SEARCH(\"*FR*\",$E400))=FALSE,\"FR\",\"Aucun\")),\"\")","v":"Aucun"},{"$f":"IF($C400=\"RM\",IF($U400=\"FR\",IF(ISNA(VLOOKUP($F:$F,lot,6,FALSE))=TRUE,VLOOKUP($T:$T,date,2,FALSE),VLOOKUP($F:$F,lot,6,FALSE)),\"\"),\"\")","v":""},{"$f":"IF($C400=\"RM\",IF($U400=\"Fz\",IF(ISNA(VLOOKUP($F:$F,lot,6,FALSE))=TRUE,VLOOKUP($T:$T,date,2,FALSE),VLOOKUP($F:$F,lot,6,FALSE)),\"\"),\"\")","v":""},{"$f":"IF($C400=\"FG\",VLOOKUP($A:$A,op,4,FALSE),\"\")","v":""},"2016-04-26",{"$f":"IF(C400=\"rm\",IF(U400=\"aucun\",\"OK\",IF(U400=\"fz\",IF(Y400-W400>730,Y400-W400,\"OK\"),IF(Y400-V400<1,1,Y400-V400))),\"\")","v":"OK"}]
["6184P0112","Chicken","RM",129,"EMB FLEXO F8149 / 26012 (LOBLAW) / ETIQUETTE HAUT CUISSE","5325EM02",16,null,null,null,{"$f":"IF(ISNA(VLOOKUP($D:$D,rend,2,FALSE))=FALSE,VLOOKUP($D:$D,rend,2,FALSE),\"\")","v":""},{"$f":"IF($C401=\"RM\",IF(ISNA(VLOOKUP($F$2:$F$478,pos,2,FALSE))=FALSE,VLOOKUP($F401:$F$478,pos,2,FALSE),IF(ISNA(VLOOKUP($F$2:$F$478,lot,2,FALSE))=FALSE,VLOOKUP($F$2:$F$478,lot,2,FALSE),\"MANQUANT\")),\"\")","v":"PO-0019989"},{"$f":"IF($C401=\"RM\",IF(ISNA(VLOOKUP($F$2:$F$478,pos,3,FALSE))=FALSE,VLOOKUP($F401:$F811,pos,3,FALSE),\"OP\"),\"\")","v":"FLEXO"},{"$f":"IF($C401=\"RM\",IF(ISNA(VLOOKUP($F401:$F$471,pos,4,FALSE))=FALSE,VLOOKUP($F$2:$F$471,pos,4,FALSE),\"\"),\"\")","v":10670},{"$f":"IF($C401=\"RM\",IF(ISNA(VLOOKUP($F$2:$F$478,pos,5,FALSE))=FALSE,VLOOKUP($F$2:$F$478,pos,5,FALSE),IF(ISNA(VLOOKUP($F$2:$F$478,lot,5,FALSE))=FALSE,VLOOKUP($F$2:$F$478,lot,5,FALSE),0)),\"\")","v":2.5999999999999999E-2},{"$f":"IF($H401>0,VLOOKUP($D:$D,prix,15,FALSE),\"\")","v":""},{"$f":"IF($C401=\"RM\",$O401*$G401,\"\")","v":0.41599999999999998},{"$f":"IF($H401>0,$H401*$P401,\"\")","v":""},null,{"$f":"IF($F401>0,VALUE(LEFT($F401,4)),\"\")","v":5325},{"$f":"IF(F401>0,IF(ISERROR(SEARCH(\"*FZ*\",$E401))=FALSE,\"FZ\",IF(ISERROR(SEARCH(\"*FR*\",$E401))=FALSE,\"FR\",\"Aucun\")),\"\")","v":"Aucun"},{"$f":"IF($C401=\"RM\",IF($U401=\"FR\",IF(ISNA(VLOOKUP($F:$F,lot,6,FALSE))=TRUE,VLOOKUP($T:$T,date,2,FALSE),VLOOKUP($F:$F,lot,6,FALSE)),\"\"),\"\")","v":""},{"$f":"IF($C401=\"RM\",IF($U401=\"Fz\",IF(ISNA(VLOOKUP($F:$F,lot,6,FALSE))=TRUE,VLOOKUP($T:$T,date,2,FALSE),VLOOKUP($F:$F,lot,6,FALSE)),\"\"),\"\")","v":""},{"$f":"IF($C401=\"FG\",VLOOKUP($A:$A,op,4,FALSE),\"\")","v":""},"2016-04-26",{"$f":"IF(C401=\"rm\",IF(U401=\"aucun\",\"OK\",IF(U401=\"fz\",IF(Y401-W401>730,Y401-W401,\"OK\"),IF(Y401-V401<1,1,Y401-V401))),\"\")","v":"OK"}]
["6184P0112","Chicken","RM",108,"EMB ALIMENTS QUEBEC / ETIQUETTE ALIMENTS DU QUEBEC (LOBLAW)","5525EM01",16,null,null,null,{"$f":"IF(ISNA(VLOOKUP($D:$D,rend,2,FALSE))=FALSE,VLOOKUP($D:$D,rend,2,FALSE),\"\")","v":""},{"$f":"IF($C402=\"RM\",IF(ISNA(VLOOKUP($F$2:$F$478,pos,2,FALSE))=FALSE,VLOOKUP($F402:$F$478,pos,2,FALSE),IF(ISNA(VLOOKUP($F$2:$F$478,lot,2,FALSE))=FALSE,VLOOKUP($F$2:$F$478,lot,2,FALSE),\"MANQUANT\")),\"\")","v":"PO-0020950"},{"$f":"IF($C402=\"RM\",IF(ISNA(VLOOKUP($F$2:$F$478,pos,3,FALSE))=FALSE,VLOOKUP($F402:$F812,pos,3,FALSE),\"OP\"),\"\")","v":"CPAQ"},{"$f":"IF($C402=\"RM\",IF(ISNA(VLOOKUP($F402:$F$471,pos,4,FALSE))=FALSE,VLOOKUP($F$2:$F$471,pos,4,FALSE),\"\"),\"\")","v":40000},{"$f":"IF($C402=\"RM\",IF(ISNA(VLOOKUP($F$2:$F$478,pos,5,FALSE))=FALSE,VLOOKUP($F$2:$F$478,pos,5,FALSE),IF(ISNA(VLOOKUP($F$2:$F$478,lot,5,FALSE))=FALSE,VLOOKUP($F$2:$F$478,lot,5,FALSE),0)),\"\")","v":2.1000000000000001E-2},{"$f":"IF($H402>0,VLOOKUP($D:$D,prix,15,FALSE),\"\")","v":""},{"$f":"IF($C402=\"RM\",$O402*$G402,\"\")","v":0.33600000000000002},{"$f":"IF($H402>0,$H402*$P402,\"\")","v":""},null,{"$f":"IF($F402>0,VALUE(LEFT($F402,4)),\"\")","v":5525},{"$f":"IF(F402>0,IF(ISERROR(SEARCH(\"*FZ*\",$E402))=FALSE,\"FZ\",IF(ISERROR(SEARCH(\"*FR*\",$E402))=FALSE,\"FR\",\"Aucun\")),\"\")","v":"Aucun"},{"$f":"IF($C402=\"RM\",IF($U402=\"FR\",IF(ISNA(VLOOKUP($F:$F,lot,6,FALSE))=TRUE,VLOOKUP($T:$T,date,2,FALSE),VLOOKUP($F:$F,lot,6,FALSE)),\"\"),\"\")","v":""},{"$f":"IF($C402=\"RM\",IF($U402=\"Fz\",IF(ISNA(VLOOKUP($F:$F,lot,6,FALSE))=TRUE,VLOOKUP($T:$T,date,2,FALSE),VLOOKUP($F:$F,lot,6,FALSE)),\"\"),\"\")","v":""},{"$f":"IF($C402=\"FG\",VLOOKUP($A:$A,op,4,FALSE),\"\")","v":""},"2016-04-26",{"$f":"IF(C402=\"rm\",IF(U402=\"aucun\",\"OK\",IF(U402=\"fz\",IF(Y402-W402>730,Y402-W402,\"OK\"),IF(Y402-V402<1,1,Y402-V402))),\"\")","v":"OK"}]
["6184P0112","Chicken","RM",125,"EMB HEAT SEALING 023038 / 8D PZ40 BLACK PADDED (LOBLAW)/ 400/CS","6146EM02",16,null,null,null,{"$f":"IF(ISNA(VLOOKUP($D:$D,rend,2,FALSE))=FALSE,VLOOKUP($D:$D,rend,2,FALSE),\"\")","v":""},{"$f":"IF($C403=\"RM\",IF(ISNA(VLOOKUP($F$2:$F$478,pos,2,FALSE))=FALSE,VLOOKUP($F403:$F$478,pos,2,FALSE),IF(ISNA(VLOOKUP($F$2:$F$478,lot,2,FALSE))=FALSE,VLOOKUP($F$2:$F$478,lot,2,FALSE),\"MANQUANT\")),\"\")","v":"PO-0021624"},{"$f":"IF($C403=\"RM\",IF(ISNA(VLOOKUP($F$2:$F$478,pos,3,FALSE))=FALSE,VLOOKUP($F403:$F813,pos,3,FALSE),\"OP\"),\"\")","v":"HEAT"},{"$f":"IF($C403=\"RM\",IF(ISNA(VLOOKUP($F403:$F$471,pos,4,FALSE))=FALSE,VLOOKUP($F$2:$F$471,pos,4,FALSE),\"\"),\"\")","v":4000},{"$f":"IF($C403=\"RM\",IF(ISNA(VLOOKUP($F$2:$F$478,pos,5,FALSE))=FALSE,VLOOKUP($F$2:$F$478,pos,5,FALSE),IF(ISNA(VLOOKUP($F$2:$F$478,lot,5,FALSE))=FALSE,VLOOKUP($F$2:$F$478,lot,5,FALSE),0)),\"\")","v":0.19500000000000001},{"$f":"IF($H403>0,VLOOKUP($D:$D,prix,15,FALSE),\"\")","v":""},{"$f":"IF($C403=\"RM\",$O403*$G403,\"\")","v":3.12},{"$f":"IF($H403>0,$H403*$P403,\"\")","v":""},null,{"$f":"IF($F403>0,VALUE(LEFT($F403,4)),\"\")","v":6146},{"$f":"IF(F403>0,IF(ISERROR(SEARCH(\"*FZ*\",$E403))=FALSE,\"FZ\",IF(ISERROR(SEARCH(\"*FR*\",$E403))=FALSE,\"FR\",\"Aucun\")),\"\")","v":"Aucun"},{"$f":"IF($C403=\"RM\",IF($U403=\"FR\",IF(ISNA(VLOOKUP($F:$F,lot,6,FALSE))=TRUE,VLOOKUP($T:$T,date,2,FALSE),VLOOKUP($F:$F,lot,6,FALSE)),\"\"),\"\")","v":""},{"$f":"IF($C403=\"RM\",IF($U403=\"Fz\",IF(ISNA(VLOOKUP($F:$F,lot,6,FALSE))=TRUE,VLOOKUP($T:$T,date,2,FALSE),VLOOKUP($F:$F,lot,6,FALSE)),\"\"),\"\")","v":""},{"$f":"IF($C403=\"FG\",VLOOKUP($A:$A,op,4,FALSE),\"\")","v":""},"2016-04-26",{"$f":"IF(C403=\"rm\",IF(U403=\"aucun\",\"OK\",IF(U403=\"fz\",IF(Y403-W403>730,Y403-W403,\"OK\"),IF(Y403-V403<1,1,Y403-V403))),\"\")","v":"OK"}]
["6184P0112","Chicken","RM",19,"ING MONTOUR 7139 / MARINADE STYLE COTES-LEVEES / ALLERG: AUCUN","6163AS01",1.47,null,null,null,{"$f":"IF(ISNA(VLOOKUP($D:$D,rend,2,FALSE))=FALSE,VLOOKUP($D:$D,rend,2,FALSE),\"\")","v":""},{"$f":"IF($C404=\"RM\",IF(ISNA(VLOOKUP($F$2:$F$478,pos,2,FALSE))=FALSE,VLOOKUP($F404:$F$478,pos,2,FALSE),IF(ISNA(VLOOKUP($F$2:$F$478,lot,2,FALSE))=FALSE,VLOOKUP($F$2:$F$478,lot,2,FALSE),\"MANQUANT\")),\"\")","v":"PO-0021711"},{"$f":"IF($C404=\"RM\",IF(ISNA(VLOOKUP($F$2:$F$478,pos,3,FALSE))=FALSE,VLOOKUP($F404:$F814,pos,3,FALSE),\"OP\"),\"\")","v":"MONTO"},{"$f":"IF($C404=\"RM\",IF(ISNA(VLOOKUP($F404:$F$471,pos,4,FALSE))=FALSE,VLOOKUP($F$2:$F$471,pos,4,FALSE),\"\"),\"\")","v":300},{"$f":"IF($C404=\"RM\",IF(ISNA(VLOOKUP($F$2:$F$478,pos,5,FALSE))=FALSE,VLOOKUP($F$2:$F$478,pos,5,FALSE),IF(ISNA(VLOOKUP($F$2:$F$478,lot,5,FALSE))=FALSE,VLOOKUP($F$2:$F$478,lot,5,FALSE),0)),\"\")","v":7.94},{"$f":"IF($H404>0,VLOOKUP($D:$D,prix,15,FALSE),\"\")","v":""},{"$f":"IF($C404=\"RM\",$O404*$G404,\"\")","v":11.671800000000001},{"$f":"IF($H404>0,$H404*$P404,\"\")","v":""},null,{"$f":"IF($F404>0,VALUE(LEFT($F404,4)),\"\")","v":6163},{"$f":"IF(F404>0,IF(ISERROR(SEARCH(\"*FZ*\",$E404))=FALSE,\"FZ\",IF(ISERROR(SEARCH(\"*FR*\",$E404))=FALSE,\"FR\",\"Aucun\")),\"\")","v":"Aucun"},{"$f":"IF($C404=\"RM\",IF($U404=\"FR\",IF(ISNA(VLOOKUP($F:$F,lot,6,FALSE))=TRUE,VLOOKUP($T:$T,date,2,FALSE),VLOOKUP($F:$F,lot,6,FALSE)),\"\"),\"\")","v":""},{"$f":"IF($C404=\"RM\",IF($U404=\"Fz\",IF(ISNA(VLOOKUP($F:$F,lot,6,FALSE))=TRUE,VLOOKUP($T:$T,date,2,FALSE),VLOOKUP($F:$F,lot,6,FALSE)),\"\"),\"\")","v":""},{"$f":"IF($C404=\"FG\",VLOOKUP($A:$A,op,4,FALSE),\"\")","v":""},"2016-04-26",{"$f":"IF(C404=\"rm\",IF(U404=\"aucun\",\"OK\",IF(U404=\"fz\",IF(Y404-W404>730,Y404-W404,\"OK\"),IF(Y404-V404<1,1,Y404-V404))),\"\")","v":"OK"}]
["6184P0112","Chicken","RM",304,"EMB BELLEY SAL04-1300 / TRAY BOX BOTTOM (LOBLAW)/ 8X260","6176EM04",2,null,null,null,{"$f":"IF(ISNA(VLOOKUP($D:$D,rend,2,FALSE))=FALSE,VLOOKUP($D:$D,rend,2,FALSE),\"\")","v":""},{"$f":"IF($C405=\"RM\",IF(ISNA(VLOOKUP($F$2:$F$478,pos,2,FALSE))=FALSE,VLOOKUP($F405:$F$478,pos,2,FALSE),IF(ISNA(VLOOKUP($F$2:$F$478,lot,2,FALSE))=FALSE,VLOOKUP($F$2:$F$478,lot,2,FALSE),\"MANQUANT\")),\"\")","v":"PO-0021791"},{"$f":"IF($C405=\"RM\",IF(ISNA(VLOOKUP($F$2:$F$478,pos,3,FALSE))=FALSE,VLOOKUP($F405:$F815,pos,3,FALSE),\"OP\"),\"\")","v":"MITC"},{"$f":"IF($C405=\"RM\",IF(ISNA(VLOOKUP($F405:$F$471,pos,4,FALSE))=FALSE,VLOOKUP($F$2:$F$471,pos,4,FALSE),\"\"),\"\")","v":960},{"$f":"IF($C405=\"RM\",IF(ISNA(VLOOKUP($F$2:$F$478,pos,5,FALSE))=FALSE,VLOOKUP($F$2:$F$478,pos,5,FALSE),IF(ISNA(VLOOKUP($F$2:$F$478,lot,5,FALSE))=FALSE,VLOOKUP($F$2:$F$478,lot,5,FALSE),0)),\"\")","v":0.745},{"$f":"IF($H405>0,VLOOKUP($D:$D,prix,15,FALSE),\"\")","v":""},{"$f":"IF($C405=\"RM\",$O405*$G405,\"\")","v":1.49},{"$f":"IF($H405>0,$H405*$P405,\"\")","v":""},null,{"$f":"IF($F405>0,VALUE(LEFT($F405,4)),\"\")","v":6176},{"$f":"IF(F405>0,IF(ISERROR(SEARCH(\"*FZ*\",$E405))=FALSE,\"FZ\",IF(ISERROR(SEARCH(\"*FR*\",$E405))=FALSE,\"FR\",\"Aucun\")),\"\")","v":"Aucun"},{"$f":"IF($C405=\"RM\",IF($U405=\"FR\",IF(ISNA(VLOOKUP($F:$F,lot,6,FALSE))=TRUE,VLOOKUP($T:$T,date,2,FALSE),VLOOKUP($F:$F,lot,6,FALSE)),\"\"),\"\")","v":""},{"$f":"IF($C405=\"RM\",IF($U405=\"Fz\",IF(ISNA(VLOOKUP($F:$F,lot,6,FALSE))=TRUE,VLOOKUP($T:$T,date,2,FALSE),VLOOKUP($F:$F,lot,6,FALSE)),\"\"),\"\")","v":""},{"$f":"IF($C405=\"FG\",VLOOKUP($A:$A,op,4,FALSE),\"\")","v":""},"2016-04-26",{"$f":"IF(C405=\"rm\",IF(U405=\"aucun\",\"OK\",IF(U405=\"fz\",IF(Y405-W405>730,Y405-W405,\"OK\"),IF(Y405-V405<1,1,Y405-V405))),\"\")","v":"OK"}]
["6184P0112","Chicken","RM",303,"EMB BELLEY SAL04-1290 / TRAY BOX TOP (LOBLAW)/ 8X260","6176EM05",2,null,null,null,{"$f":"IF(ISNA(VLOOKUP($D:$D,rend,2,FALSE))=FALSE,VLOOKUP($D:$D,rend,2,FALSE),\"\")","v":""},{"$f":"IF($C406=\"RM\",IF(ISNA(VLOOKUP($F$2:$F$478,pos,2,FALSE))=FALSE,VLOOKUP($F406:$F$478,pos,2,FALSE),IF(ISNA(VLOOKUP($F$2:$F$478,lot,2,FALSE))=FALSE,VLOOKUP($F$2:$F$478,lot,2,FALSE),\"MANQUANT\")),\"\")","v":"PO-0021792"},{"$f":"IF($C406=\"RM\",IF(ISNA(VLOOKUP($F$2:$F$478,pos,3,FALSE))=FALSE,VLOOKUP($F406:$F816,pos,3,FALSE),\"OP\"),\"\")","v":"MITC"},{"$f":"IF($C406=\"RM\",IF(ISNA(VLOOKUP($F406:$F$471,pos,4,FALSE))=FALSE,VLOOKUP($F$2:$F$471,pos,4,FALSE),\"\"),\"\")","v":1108},{"$f":"IF($C406=\"RM\",IF(ISNA(VLOOKUP($F$2:$F$478,pos,5,FALSE))=FALSE,VLOOKUP($F$2:$F$478,pos,5,FALSE),IF(ISNA(VLOOKUP($F$2:$F$478,lot,5,FALSE))=FALSE,VLOOKUP($F$2:$F$478,lot,5,FALSE),0)),\"\")","v":0.75600000000000001},{"$f":"IF($H406>0,VLOOKUP($D:$D,prix,15,FALSE),\"\")","v":""},{"$f":"IF($C406=\"RM\",$O406*$G406,\"\")","v":1.512},{"$f":"IF($H406>0,$H406*$P406,\"\")","v":""},null,{"$f":"IF($F406>0,VALUE(LEFT($F406,4)),\"\")","v":6176},{"$f":"IF(F406>0,IF(ISERROR(SEARCH(\"*FZ*\",$E406))=FALSE,\"FZ\",IF(ISERROR(SEARCH(\"*FR*\",$E406))=FALSE,\"FR\",\"Aucun\")),\"\")","v":"Aucun"},{"$f":"IF($C406=\"RM\",IF($U406=\"FR\",IF(ISNA(VLOOKUP($F:$F,lot,6,FALSE))=TRUE,VLOOKUP($T:$T,date,2,FALSE),VLOOKUP($F:$F,lot,6,FALSE)),\"\"),\"\")","v":""},{"$f":"IF($C406=\"RM\",IF($U406=\"Fz\",IF(ISNA(VLOOKUP($F:$F,lot,6,FALSE))=TRUE,VLOOKUP($T:$T,date,2,FALSE),VLOOKUP($F:$F,lot,6,FALSE)),\"\"),\"\")","v":""},{"$f":"IF($C406=\"FG\",VLOOKUP($A:$A,op,4,FALSE),\"\")","v":""},"2016-04-26",{"$f":"IF(C406=\"rm\",IF(U406=\"aucun\",\"OK\",IF(U406=\"fz\",IF(Y406-W406>730,Y406-W406,\"OK\"),IF(Y406-V406<1,1,Y406-V406))),\"\")","v":"OK"}]
["6184P0112","Chicken","RM",26012,"HAUT DE CUISSE POULET DES. PAREE ASS. BBQ *LOBLAW* (8 X 12/TRAY 8D black) FR @P","6184P0112",20,null,null,null,{"$f":"IF(ISNA(VLOOKUP($D:$D,rend,2,FALSE))=FALSE,VLOOKUP($D:$D,rend,2,FALSE),\"\")","v":0.92782827974587911},{"$f":"IF($C407=\"RM\",IF(ISNA(VLOOKUP($F$2:$F$478,pos,2,FALSE))=FALSE,VLOOKUP($F407:$F$478,pos,2,FALSE),IF(ISNA(VLOOKUP($F$2:$F$478,lot,2,FALSE))=FALSE,VLOOKUP($F$2:$F$478,lot,2,FALSE),\"MANQUANT\")),\"\")","v":"6184P0110"},{"$f":"IF($C407=\"RM\",IF(ISNA(VLOOKUP($F$2:$F$478,pos,3,FALSE))=FALSE,VLOOKUP($F407:$F817,pos,3,FALSE),\"OP\"),\"\")","v":"OP"},{"$f":"IF($C407=\"RM\",IF(ISNA(VLOOKUP($F407:$F$471,pos,4,FALSE))=FALSE,VLOOKUP($F$2:$F$471,pos,4,FALSE),\"\"),\"\")","v":""},{"$f":"IF($C407=\"RM\",IF(ISNA(VLOOKUP($F$2:$F$478,pos,5,FALSE))=FALSE,VLOOKUP($F$2:$F$478,pos,5,FALSE),IF(ISNA(VLOOKUP($F$2:$F$478,lot,5,FALSE))=FALSE,VLOOKUP($F$2:$F$478,lot,5,FALSE),0)),\"\")","v":4.85083075920718},{"$f":"IF($H407>0,VLOOKUP($D:$D,prix,15,FALSE),\"\")","v":""},{"$f":"IF($C407=\"RM\",$O407*$G407,\"\")","v":97.016615184143603},{"$f":"IF($H407>0,$H407*$P407,\"\")","v":""},null,{"$f":"IF($F407>0,VALUE(LEFT($F407,4)),\"\")","v":6184},{"$f":"IF(F407>0,IF(ISERROR(SEARCH(\"*FZ*\",$E407))=FALSE,\"FZ\",IF(ISERROR(SEARCH(\"*FR*\",$E407))=FALSE,\"FR\",\"Aucun\")),\"\")","v":"FR"},{"$f":"IF($C407=\"RM\",IF($U407=\"FR\",IF(ISNA(VLOOKUP($F:$F,lot,6,FALSE))=TRUE,VLOOKUP($T:$T,date,2,FALSE),VLOOKUP($F:$F,lot,6,FALSE)),\"\"),\"\")","v":"2016-04-20"},{"$f":"IF($C407=\"RM\",IF($U407=\"Fz\",IF(ISNA(VLOOKUP($F:$F,lot,6,FALSE))=TRUE,VLOOKUP($T:$T,date,2,FALSE),VLOOKUP($F:$F,lot,6,FALSE)),\"\"),\"\")","v":""},{"$f":"IF($C407=\"FG\",VLOOKUP($A:$A,op,4,FALSE),\"\")","v":""},"2016-04-26",{"$f":"IF(C407=\"rm\",IF(U407=\"aucun\",\"OK\",IF(U407=\"fz\",IF(Y407-W407>730,Y407-W407,\"OK\"),IF(Y407-V407<1,1,Y407-V407))),\"\")","v":6}]
["6184P0112","Chicken","FG",26012,"HAUT DE CUISSE POULET DES. PAREE ASS. BBQ *LOBLAW* (8 X 12/TRAY 8D black) FR @P","6184P0115","",20.58,null,null,{"$f":"IF(ISNA(VLOOKUP($D:$D,rend,2,FALSE))=FALSE,VLOOKUP($D:$D,rend,2,FALSE),\"\")","v":0.92782827974587911},{"$f":"IF($C408=\"RM\",IF(ISNA(VLOOKUP($F$2:$F$478,pos,2,FALSE))=FALSE,VLOOKUP($F408:$F$478,pos,2,FALSE),IF(ISNA(VLOOKUP($F$2:$F$478,lot,2,FALSE))=FALSE,VLOOKUP($F$2:$F$478,lot,2,FALSE),\"MANQUANT\")),\"\")","v":""},{"$f":"IF($C408=\"RM\",IF(ISNA(VLOOKUP($F$2:$F$478,pos,3,FALSE))=FALSE,VLOOKUP($F408:$F818,pos,3,FALSE),\"OP\"),\"\")","v":""},{"$f":"IF($C408=\"RM\",IF(ISNA(VLOOKUP($F408:$F$471,pos,4,FALSE))=FALSE,VLOOKUP($F$2:$F$471,pos,4,FALSE),\"\"),\"\")","v":""},{"$f":"IF($C408=\"RM\",IF(ISNA(VLOOKUP($F$2:$F$478,pos,5,FALSE))=FALSE,VLOOKUP($F$2:$F$478,pos,5,FALSE),IF(ISNA(VLOOKUP($F$2:$F$478,lot,5,FALSE))=FALSE,VLOOKUP($F$2:$F$478,lot,5,FALSE),0)),\"\")","v":""},{"$f":"IF($H408>0,VLOOKUP($D:$D,prix,15,FALSE),\"\")","v":8.9499999999999993},{"$f":"IF($C408=\"RM\",$O408*$G408,\"\")","v":""},{"$f":"IF($H408>0,$H408*$P408,\"\")","v":184.19099999999997},null,{"$f":"IF($F408>0,VALUE(LEFT($F408,4)),\"\")","v":6184},{"$f":"IF(F408>0,IF(ISERROR(SEARCH(\"*FZ*\",$E408))=FALSE,\"FZ\",IF(ISERROR(SEARCH(\"*FR*\",$E408))=FALSE,\"FR\",\"Aucun\")),\"\")","v":"FR"},{"$f":"IF($C408=\"RM\",IF($U408=\"FR\",IF(ISNA(VLOOKUP($F:$F,lot,6,FALSE))=TRUE,VLOOKUP($T:$T,date,2,FALSE),VLOOKUP($F:$F,lot,6,FALSE)),\"\"),\"\")","v":""},{"$f":"IF($C408=\"RM\",IF($U408=\"Fz\",IF(ISNA(VLOOKUP($F:$F,lot,6,FALSE))=TRUE,VLOOKUP($T:$T,date,2,FALSE),VLOOKUP($F:$F,lot,6,FALSE)),\"\"),\"\")","v":""},{"$f":"IF($C408=\"FG\",VLOOKUP($A:$A,op,4,FALSE),\"\")","v":{"$error":"#N/A"}},"2016-04-26",{"$f":"IF(C408=\"rm\",IF(U408=\"aucun\",\"OK\",IF(U408=\"fz\",IF(Y408-W408>730,Y408-W408,\"OK\"),IF(Y408-V408<1,1,Y408-V408))),\"\")","v":""}]
["6184P0112 Total",null,null,null,null,null,{"$f":"SUBTOTAL(9,G400:G408)","v":75.34},{"$f":"SUBTOTAL(9,H400:H408)","v":20.58},null,null,null,null,null,null,null,null,{"$f":"SUBTOTAL(9,Q400:Q408)","v":115.5624151841436},{"$f":"SUBTOTAL(9,R400:R408)","v":184.19099999999997}]
[null,null,null,null,null,null,"",null,null,null,{"$f":"IF(ISNA(VLOOKUP($D:$D,rend,2,FALSE))=FALSE,VLOOKUP($D:$D,rend,2,FALSE),\"\")","v":""},{"$f":"IF($C410=\"RM\",IF(ISNA(VLOOKUP($F$2:$F$478,pos,2,FALSE))=FALSE,VLOOKUP($F410:$F$478,pos,2,FALSE),IF(ISNA(VLOOKUP($F$2:$F$478,lot,2,FALSE))=FALSE,VLOOKUP($F$2:$F$478,lot,2,FALSE),\"MANQUANT\")),\"\")","v":""},{"$f":"IF($C410=\"RM\",IF(ISNA(VLOOKUP($F$2:$F$478,pos,3,FALSE))=FALSE,VLOOKUP($F410:$F819,pos,3,FALSE),\"OP\"),\"\")","v":""},{"$f":"IF($C410=\"RM\",IF(ISNA(VLOOKUP($F410:$F$471,pos,4,FALSE))=FALSE,VLOOKUP($F$2:$F$471,pos,4,FALSE),\"\"),\"\")","v":""},{"$f":"IF($C410=\"RM\",IF(ISNA(VLOOKUP($F$2:$F$478,pos,5,FALSE))=FALSE,VLOOKUP($F$2:$F$478,pos,5,FALSE),IF(ISNA(VLOOKUP($F$2:$F$478,lot,5,FALSE))=FALSE,VLOOKUP($F$2:$F$478,lot,5,FALSE),0)),\"\")","v":""},{"$f":"IF($H410>0,VLOOKUP($D:$D,prix,15,FALSE),\"\")","v":""},{"$f":"IF($C410=\"RM\",$O410*$G410,\"\")","v":""},{"$f":"IF($H410>0,$H410*$P410,\"\")","v":""},null,{"$f":"IF($F410>0,VALUE(LEFT($F410,4)),\"\")","v":""},{"$f":"IF(F410>0,IF(ISERROR(SEARCH(\"*FZ*\",$E410))=FALSE,\"FZ\",IF(ISERROR(SEARCH(\"*FR*\",$E410))=FALSE,\"FR\",\"Aucun\")),\"\")","v":""},{"$f":"IF($C410=\"RM\",IF($U410=\"FR\",IF(ISNA(VLOOKUP($F:$F,lot,6,FALSE))=TRUE,VLOOKUP($T:$T,date,2,FALSE),VLOOKUP($F:$F,lot,6,FALSE)),\"\"),\"\")","v":""},{"$f":"IF($C410=\"RM\",IF($U410=\"Fz\",IF(ISNA(VLOOKUP($F:$F,lot,6,FALSE))=TRUE,VLOOKUP($T:$T,date,2,FALSE),VLOOKUP($F:$F,lot,6,FALSE)),\"\"),\"\")","v":""},{"$f":"IF($C410=\"FG\",VLOOKUP($A:$A,op,4,FALSE),\"\")","v":""},null,{"$f":"IF(C410=\"rm\",IF(U410=\"aucun\",\"OK\",IF(U410=\"fz\",IF(Y410-W410>730,Y410-W410,\"OK\"),IF(Y410-V410<1,1,Y410-V410))),\"\")","v":""}]
[null,null,null,null,null,null,"",null,null,null,{"$f":"IF(ISNA(VLOOKUP($D:$D,rend,2,FALSE))=FALSE,VLOOKUP($D:$D,rend,2,FALSE),\"\")","v":""},{"$f":"IF($C411=\"RM\",IF(ISNA(VLOOKUP($F$2:$F$478,pos,2,FALSE))=FALSE,VLOOKUP($F411:$F$478,pos,2,FALSE),IF(ISNA(VLOOKUP($F$2:$F$478,lot,2,FALSE))=FALSE,VLOOKUP($F$2:$F$478,lot,2,FALSE),\"MANQUANT\")),\"\")","v":""},{"$f":"IF($C411=\"RM\",IF(ISNA(VLOOKUP($F$2:$F$478,pos,3,FALSE))=FALSE,VLOOKUP($F411:$F820,pos,3,FALSE),\"OP\"),\"\")","v":""},{"$f":"IF($C411=\"RM\",IF(ISNA(VLOOKUP($F411:$F$471,pos,4,FALSE))=FALSE,VLOOKUP($F$2:$F$471,pos,4,FALSE),\"\"),\"\")","v":""},{"$f":"IF($C411=\"RM\",IF(ISNA(VLOOKUP($F$2:$F$478,pos,5,FALSE))=FALSE,VLOOKUP($F$2:$F$478,pos,5,FALSE),IF(ISNA(VLOOKUP($F$2:$F$478,lot,5,FALSE))=FALSE,VLOOKUP($F$2:$F$478,lot,5,FALSE),0)),\"\")","v":""},{"$f":"IF($H411>0,VLOOKUP($D:$D,prix,15,FALSE),\"\")","v":""},{"$f":"IF($C411=\"RM\",$O411*$G411,\"\")","v":""},{"$f":"IF($H411>0,$H411*$P411,\"\")","v":""},null,{"$f":"IF($F411>0,VALUE(LEFT($F411,4)),\"\")","v":""},{"$f":"IF(F411>0,IF(ISERROR(SEARCH(\"*FZ*\",$E411))=FALSE,\"FZ\",IF(ISERROR(SEARCH(\"*FR*\",$E411))=FALSE,\"FR\",\"Aucun\")),\"\")","v":""},{"$f":"IF($C411=\"RM\",IF($U411=\"FR\",IF(ISNA(VLOOKUP($F:$F,lot,6,FALSE))=TRUE,VLOOKUP($T:$T,date,2,FALSE),VLOOKUP($F:$F,lot,6,FALSE)),\"\"),\"\")","v":""},{"$f":"IF($C411=\"RM\",IF($U411=\"Fz\",IF(ISNA(VLOOKUP($F:$F,lot,6,FALSE))=TRUE,VLOOKUP($T:$T,date,2,FALSE),VLOOKUP($F:$F,lot,6,FALSE)),\"\"),\"\")","v":""},{"$f":"IF($C411=\"FG\",VLOOKUP($A:$A,op,4,FALSE),\"\")","v":""},null,{"$f":"IF(C411=\"rm\",IF(U411=\"aucun\",\"OK\",IF(U411=\"fz\",IF(Y411-W411>730,Y411-W411,\"OK\"),IF(Y411-V411<1,1,Y411-V411))),\"\")","v":""}]
[null,null,null,null,null,null,"",null,null,null,{"$f":"IF(ISNA(VLOOKUP($D:$D,rend,2,FALSE))=FALSE,VLOOKUP($D:$D,rend,2,FALSE),\"\")","v":""},{"$f":"IF($C412=\"RM\",IF(ISNA(VLOOKUP($F$2:$F$478,pos,2,FALSE))=FALSE,VLOOKUP($F412:$F$478,pos,2,FALSE),IF(ISNA(VLOOKUP($F$2:$F$478,lot,2,FALSE))=FALSE,VLOOKUP($F$2:$F$478,lot,2,FALSE),\"MANQUANT\")),\"\")","v":""},{"$f":"IF($C412=\"RM\",IF(ISNA(VLOOKUP($F$2:$F$478,pos,3,FALSE))=FALSE,VLOOKUP($F412:$F821,pos,3,FALSE),\"OP\"),\"\")","v":""},{"$f":"IF($C412=\"RM\",IF(ISNA(VLOOKUP($F412:$F$471,pos,4,FALSE))=FALSE,VLOOKUP($F$2:$F$471,pos,4,FALSE),\"\"),\"\")","v":""},{"$f":"IF($C412=\"RM\",IF(ISNA(VLOOKUP($F$2:$F$478,pos,5,FALSE))=FALSE,VLOOKUP($F$2:$F$478,pos,5,FALSE),IF(ISNA(VLOOKUP($F$2:$F$478,lot,5,FALSE))=FALSE,VLOOKUP($F$2:$F$478,lot,5,FALSE),0)),\"\")","v":""},{"$f":"IF($H412>0,VLOOKUP($D:$D,prix,15,FALSE),\"\")","v":""},{"$f":"IF($C412=\"RM\",$O412*$G412,\"\")","v":""},{"$f":"IF($H412>0,$H412*$P412,\"\")","v":""},null,{"$f":"IF($F412>0,VALUE(LEFT($F412,4)),\"\")","v":""},{"$f":"IF(F412>0,IF(ISERROR(SEARCH(\"*FZ*\",$E412))=FALSE,\"FZ\",IF(ISERROR(SEARCH(\"*FR*\",$E412))=FALSE,\"FR\",\"Aucun\")),\"\")","v":""},{"$f":"IF($C412=\"RM\",IF($U412=\"FR\",IF(ISNA(VLOOKUP($F:$F,lot,6,FALSE))=TRUE,VLOOKUP($T:$T,date,2,FALSE),VLOOKUP($F:$F,lot,6,FALSE)),\"\"),\"\")","v":""},{"$f":"IF($C412=\"RM\",IF($U412=\"Fz\",IF(ISNA(VLOOKUP($F:$F,lot,6,FALSE))=TRUE,VLOOKUP($T:$T,date,2,FALSE),VLOOKUP($F:$F,lot,6,FALSE)),\"\"),\"\")","v":""},{"$f":"IF($C412=\"FG\",VLOOKUP($A:$A,op,4,FALSE),\"\")","v":""},null,{"$f":"IF(C412=\"rm\",IF(U412=\"aucun\",\"OK\",IF(U412=\"fz\",IF(Y412-W412>730,Y412-W412,\"OK\"),IF(Y412-V412<1,1,Y412-V412))),\"\")","v":""}]
[null,null,null,null,null,null,"",null,null,null,{"$f":"IF(ISNA(VLOOKUP($D:$D,rend,2,FALSE))=FALSE,VLOOKUP($D:$D,rend,2,FALSE),\"\")","v":""},{"$f":"IF($C413=\"RM\",IF(ISNA(VLOOKUP($F$2:$F$478,pos,2,FALSE))=FALSE,VLOOKUP($F413:$F$478,pos,2,FALSE),IF(ISNA(VLOOKUP($F$2:$F$478,lot,2,FALSE))=FALSE,VLOOKUP($F$2:$F$478,lot,2,FALSE),\"MANQUANT\")),\"\")","v":""},{"$f":"IF($C413=\"RM\",IF(ISNA(VLOOKUP($F$2:$F$478,pos,3,FALSE))=FALSE,VLOOKUP($F413:$F822,pos,3,FALSE),\"OP\"),\"\")","v":""},{"$f":"IF($C413=\"RM\",IF(ISNA(VLOOKUP($F413:$F$471,pos,4,FALSE))=FALSE,VLOOKUP($F$2:$F$471,pos,4,FALSE),\"\"),\"\")","v":""},{"$f":"IF($C413=\"RM\",IF(ISNA(VLOOKUP($F$2:$F$478,pos,5,FALSE))=FALSE,VLOOKUP($F$2:$F$478,pos,5,FALSE),IF(ISNA(VLOOKUP($F$2:$F$478,lot,5,FALSE))=FALSE,VLOOKUP($F$2:$F$478,lot,5,FALSE),0)),\"\")","v":""},{"$f":"IF($H413>0,VLOOKUP($D:$D,prix,15,FALSE),\"\")","v":""},{"$f":"IF($C413=\"RM\",$O413*$G413,\"\")","v":""},{"$f":"IF($H413>0,$H413*$P413,\"\")","v":""},null,{"$f":"IF($F413>0,VALUE(LEFT($F413,4)),\"\")","v":""},{"$f":"IF(F413>0,IF(ISERROR(SEARCH(\"*FZ*\",$E413))=FALSE,\"FZ\",IF(ISERROR(SEARCH(\"*FR*\",$E413))=FALSE,\"FR\",\"Aucun\")),\"\")","v":""},{"$f":"IF($C413=\"RM\",IF($U413=\"FR\",IF(ISNA(VLOOKUP($F:$F,lot,6,FALSE))=TRUE,VLOOKUP($T:$T,date,2,FALSE),VLOOKUP($F:$F,lot,6,FALSE)),\"\"),\"\")","v":""},{"$f":"IF($C413=\"RM\",IF($U413=\"Fz\",IF(ISNA(VLOOKUP($F:$F,lot,6,FALSE))=TRUE,VLOOKUP($T:$T,date,2,FALSE),VLOOKUP($F:$F,lot,6,FALSE)),\"\"),\"\")","v":""},{"$f":"IF($C413=\"FG\",VLOOKUP($A:$A,op,4,FALSE),\"\")","v":""},null,{"$f":"IF(C413=\"rm\",IF(U413=\"aucun\",\"OK\",IF(U413=\"fz\",IF(Y413-W413>730,Y413-W413,\"OK\"),IF(Y413-V413<1,1,Y413-V413))),\"\")","v":""}]
[null,null,null,null,null,null,"",null,null,null,{"$f":"IF(ISNA(VLOOKUP($D:$D,rend,2,FALSE))=FALSE,VLOOKUP($D:$D,rend,2,FALSE),\"\")","v":""},{"$f":"IF($C414=\"RM\",IF(ISNA(VLOOKUP($F$2:$F$478,pos,2,FALSE))=FALSE,VLOOKUP($F414:$F$478,pos,2,FALSE),IF(ISNA(VLOOKUP($F$2:$F$478,lot,2,FALSE))=FALSE,VLOOKUP($F$2:$F$478,lot,2,FALSE),\"MANQUANT\")),\"\")","v":""},{"$f":"IF($C414=\"RM\",IF(ISNA(VLOOKUP($F$2:$F$478,pos,3,FALSE))=FALSE,VLOOKUP($F414:$F823,pos,3,FALSE),\"OP\"),\"\")","v":""},{"$f":"IF($C414=\"RM\",IF(ISNA(VLOOKUP($F414:$F$471,pos,4,FALSE))=FALSE,VLOOKUP($F$2:$F$471,pos,4,FALSE),\"\"),\"\")","v":""},{"$f":"IF($C414=\"RM\",IF(ISNA(VLOOKUP($F$2:$F$478,pos,5,FALSE))=FALSE,VLOOKUP($F$2:$F$478,pos,5,FALSE),IF(ISNA(VLOOKUP($F$2:$F$478,lot,5,FALSE))=FALSE,VLOOKUP($F$2:$F$478,lot,5,FALSE),0)),\"\")","v":""},{"$f":"IF($H414>0,VLOOKUP($D:$D,prix,15,FALSE),\"\")","v":""},{"$f":"IF($C414=\"RM\",$O414*$G414,\"\")","v":""},{"$f":"IF($H414>0,$H414*$P414,\"\")","v":""},null,{"$f":"IF($F414>0,VALUE(LEFT($F414,4)),\"\")","v":""},{"$f":"IF(F414>0,IF(ISERROR(SEARCH(\"*FZ*\",$E414))=FALSE,\"FZ\",IF(ISERROR(SEARCH(\"*FR*\",$E414))=FALSE,\"FR\",\"Aucun\")),\"\")","v":""},{"$f":"IF($C414=\"RM\",IF($U414=\"FR\",IF(ISNA(VLOOKUP($F:$F,lot,6,FALSE))=TRUE,VLOOKUP($T:$T,date,2,FALSE),VLOOKUP($F:$F,lot,6,FALSE)),\"\"),\"\")","v":""},{"$f":"IF($C414=\"RM\",IF($U414=\"Fz\",IF(ISNA(VLOOKUP($F:$F,lot,6,FALSE))=TRUE,VLOOKUP($T:$T,date,2,FALSE),VLOOKUP($F:$F,lot,6,FALSE)),\"\"),\"\")","v":""},{"$f":"IF($C414=\"FG\",VLOOKUP($A:$A,op,4,FALSE),\"\")","v":""},null,{"$f":"IF(C414=\"rm\",IF(U414=\"aucun\",\"OK\",IF(U414=\"fz\",IF(Y414-W414>730,Y414-W414,\"OK\"),IF(Y414-V414<1,1,Y414-V414))),\"\")","v":""}]
[null,null,null,null,null,null,"",null,null,null,{"$f":"IF(ISNA(VLOOKUP($D:$D,rend,2,FALSE))=FALSE,VLOOKUP($D:$D,rend,2,FALSE),\"\")","v":""},{"$f":"IF($C415=\"RM\",IF(ISNA(VLOOKUP($F$2:$F$478,pos,2,FALSE))=FALSE,VLOOKUP($F415:$F$478,pos,2,FALSE),IF(ISNA(VLOOKUP($F$2:$F$478,lot,2,FALSE))=FALSE,VLOOKUP($F$2:$F$478,lot,2,FALSE),\"MANQUANT\")),\"\")","v":""},{"$f":"IF($C415=\"RM\",IF(ISNA(VLOOKUP($F$2:$F$478,pos,3,FALSE))=FALSE,VLOOKUP($F415:$F824,pos,3,FALSE),\"OP\"),\"\")","v":""},{"$f":"IF($C415=\"RM\",IF(ISNA(VLOOKUP($F415:$F$471,pos,4,FALSE))=FALSE,VLOOKUP($F$2:$F$471,pos,4,FALSE),\"\"),\"\")","v":""},{"$f":"IF($C415=\"RM\",IF(ISNA(VLOOKUP($F$2:$F$478,pos,5,FALSE))=FALSE,VLOOKUP($F$2:$F$478,pos,5,FALSE),IF(ISNA(VLOOKUP($F$2:$F$478,lot,5,FALSE))=FALSE,VLOOKUP($F$2:$F$478,lot,5,FALSE),0)),\"\")","v":""},{"$f":"IF($H415>0,VLOOKUP($D:$D,prix,15,FALSE),\"\")","v":""},{"$f":"IF($C415=\"RM\",$O415*$G415,\"\")","v":""},{"$f":"IF($H415>0,$H415*$P415,\"\")","v":""},null,{"$f":"IF($F415>0,VALUE(LEFT($F415,4)),\"\")","v":""},{"$f":"IF(F415>0,IF(ISERROR(SEARCH(\"*FZ*\",$E415))=FALSE,\"FZ\",IF(ISERROR(SEARCH(\"*FR*\",$E415))=FALSE,\"FR\",\"Aucun\")),\"\")","v":""},{"$f":"IF($C415=\"RM\",IF($U415=\"FR\",IF(ISNA(VLOOKUP($F:$F,lot,6,FALSE))=TRUE,VLOOKUP($T:$T,date,2,FALSE),VLOOKUP($F:$F,lot,6,FALSE)),\"\"),\"\")","v":""},{"$f":"IF($C415=\"RM\",IF($U415=\"Fz\",IF(ISNA(VLOOKUP($F:$F,lot,6,FALSE))=TRUE,VLOOKUP($T:$T,date,2,FALSE),VLOOKUP($F:$F,lot,6,FALSE)),\"\"),\"\")","v":""},{"$f":"IF($C415=\"FG\",VLOOKUP($A:$A,op,4,FALSE),\"\")","v":""},null,{"$f":"IF(C415=\"rm\",IF(U415=\"aucun\",\"OK\",IF(U415=\"fz\",IF(Y415-W415>730,Y415-W415,\"OK\"),IF(Y415-V415<1,1,Y415-V415))),\"\")","v":""}]
[null,null,null,null,null,null,"",null,null,null,{"$f":"IF(ISNA(VLOOKUP($D:$D,rend,2,FALSE))=FALSE,VLOOKUP($D:$D,rend,2,FALSE),\"\")","v":""},{"$f":"IF($C416=\"RM\",IF(ISNA(VLOOKUP($F$2:$F$478,pos,2,FALSE))=FALSE,VLOOKUP($F416:$F$478,pos,2,FALSE),IF(ISNA(VLOOKUP($F$2:$F$478,lot,2,FALSE))=FALSE,VLOOKUP($F$2:$F$478,lot,2,FALSE),\"MANQUANT\")),\"\")","v":""},{"$f":"IF($C416=\"RM\",IF(ISNA(VLOOKUP($F$2:$F$478,pos,3,FALSE))=FALSE,VLOOKUP($F416:$F825,pos,3,FALSE),\"OP\"),\"\")","v":""},{"$f":"IF($C416=\"RM\",IF(ISNA(VLOOKUP($F416:$F$471,pos,4,FALSE))=FALSE,VLOOKUP($F$2:$F$471,pos,4,FALSE),\"\"),\"\")","v":""},{"$f":"IF($C416=\"RM\",IF(ISNA(VLOOKUP($F$2:$F$478,pos,5,FALSE))=FALSE,VLOOKUP($F$2:$F$478,pos,5,FALSE),IF(ISNA(VLOOKUP($F$2:$F$478,lot,5,FALSE))=FALSE,VLOOKUP($F$2:$F$478,lot,5,FALSE),0)),\"\")","v":""},{"$f":"IF($H416>0,VLOOKUP($D:$D,prix,15,FALSE),\"\")","v":""},{"$f":"IF($C416=\"RM\",$O416*$G416,\"\")","v":""},{"$f":"IF($H416>0,$H416*$P416,\"\")","v":""},null,{"$f":"IF($F416>0,VALUE(LEFT($F416,4)),\"\")","v":""},{"$f":"IF(F416>0,IF(ISERROR(SEARCH(\"*FZ*\",$E416))=FALSE,\"FZ\",IF(ISERROR(SEARCH(\"*FR*\",$E416))=FALSE,\"FR\",\"Aucun\")),\"\")","v":""},{"$f":"IF($C416=\"RM\",IF($U416=\"FR\",IF(ISNA(VLOOKUP($F:$F,lot,6,FALSE))=TRUE,VLOOKUP($T:$T,date,2,FALSE),VLOOKUP($F:$F,lot,6,FALSE)),\"\"),\"\")","v":""},{"$f":"IF($C416=\"RM\",IF($U416=\"Fz\",IF(ISNA(VLOOKUP($F:$F,lot,6,FALSE))=TRUE,VLOOKUP($T:$T,date,2,FALSE),VLOOKUP($F:$F,lot,6,FALSE)),\"\"),\"\")","v":""},{"$f":"IF($C416=\"FG\",VLOOKUP($A:$A,op,4,FALSE),\"\")","v":""},null,{"$f":"IF(C416=\"rm\",IF(U416=\"aucun\",\"OK\",IF(U416=\"fz\",IF(Y416-W416>730,Y416-W416,\"OK\"),IF(Y416-V416<1,1,Y416-V416))),\"\")","v":""}]
[null,null,null,null,null,null,"",null,null,null,{"$f":"IF(ISNA(VLOOKUP($D:$D,rend,2,FALSE))=FALSE,VLOOKUP($D:$D,rend,2,FALSE),\"\")","v":""},{"$f":"IF($C417=\"RM\",IF(ISNA(VLOOKUP($F$2:$F$478,pos,2,FALSE))=FALSE,VLOOKUP($F417:$F$478,pos,2,FALSE),IF(ISNA(VLOOKUP($F$2:$F$478,lot,2,FALSE))=FALSE,VLOOKUP($F$2:$F$478,lot,2,FALSE),\"MANQUANT\")),\"\")","v":""},{"$f":"IF($C417=\"RM\",IF(ISNA(VLOOKUP($F$2:$F$478,pos,3,FALSE))=FALSE,VLOOKUP($F417:$F826,pos,3,FALSE),\"OP\"),\"\")","v":""},{"$f":"IF($C417=\"RM\",IF(ISNA(VLOOKUP($F417:$F$471,pos,4,FALSE))=FALSE,VLOOKUP($F$2:$F$471,pos,4,FALSE),\"\"),\"\")","v":""},{"$f":"IF($C417=\"RM\",IF(ISNA(VLOOKUP($F$2:$F$478,pos,5,FALSE))=FALSE,VLOOKUP($F$2:$F$478,pos,5,FALSE),IF(ISNA(VLOOKUP($F$2:$F$478,lot,5,FALSE))=FALSE,VLOOKUP($F$2:$F$478,lot,5,FALSE),0)),\"\")","v":""},{"$f":"IF($H417>0,VLOOKUP($D:$D,prix,15,FALSE),\"\")","v":""},{"$f":"IF($C417=\"RM\",$O417*$G417,\"\")","v":""},{"$f":"IF($H417>0,$H417*$P417,\"\")","v":""},null,{"$f":"IF($F417>0,VALUE(LEFT($F417,4)),\"\")","v":""},{"$f":"IF(F417>0,IF(ISERROR(SEARCH(\"*FZ*\",$E417))=FALSE,\"FZ\",IF(ISERROR(SEARCH(\"*FR*\",$E417))=FALSE,\"FR\",\"Aucun\")),\"\")","v":""},{"$f":"IF($C417=\"RM\",IF($U417=\"FR\",IF(ISNA(VLOOKUP($F:$F,lot,6,FALSE))=TRUE,VLOOKUP($T:$T,date,2,FALSE),VLOOKUP($F:$F,lot,6,FALSE)),\"\"),\"\")","v":""},{"$f":"IF($C417=\"RM\",IF($U417=\"Fz\",IF(ISNA(VLOOKUP($F:$F,lot,6,FALSE))=TRUE,VLOOKUP($T:$T,date,2,FALSE),VLOOKUP($F:$F,lot,6,FALSE)),\"\"),\"\")","v":""},{"$f":"IF($C417=\"FG\",VLOOKUP($A:$A,op,4,FALSE),\"\")","v":""},null,{"$f":"IF(C417=\"rm\",IF(U417=\"aucun\",\"OK\",IF(U417=\"fz\",IF(Y417-W417>730,Y417-W417,\"OK\"),IF(Y417-V417<1,1,Y417-V417))),\"\")","v":""}]
["Grand Total",null,null,null,null,null,{"$f":"SUBTOTAL(9,G2:G417)","v":29458.559999999998},{"$f":"SUBTOTAL(9,H2:H417)","v":22119.000000000004},null,null,null,null,null,null,null,null,{"$f":"SUBTOTAL(9,Q2:Q417)","v":81003.846046573322},{"$f":"SUBTOTAL(9,R2:R417)","v":176830.74449999994}]
[null,null,null,null,null,null,""]

{"sheet":"Production Mar avant macro","index":2,"n_rows":342,"n_cols":21,"rows_kept":342,"cut":false,"hidden":false,"merged":[]}
["ID_ALPHA_ARCHIVE_PRODUCTION_PER_DAY","id_production_order_header","no_production_order","production_priority","date_production_start","material_type","batch_no","qty","no_product","description","id_product","unit","factor","total","qty_billed","total_billed","qty_stock","total_stock","total_purchase","unit_price_min","date_created"]
[107539,31891,"6176P02","Chicken","2016-04-25","RM","6176P02",85.5,35004,"CH.BREAST NO BACK *CANADIAN**AIR** FR #D",215,"KG",null,null,null,null,null,null,446.73750000000001,5.2249999999999996,"2016-04-26"]
[107540,31891,"6176P02","Chicken","2016-04-25","RM","6176P0215",189,37004,"BONELESS CH.BREAST *IN PROCESS* FR @P",965,"KG",null,null,null,null,null,null,1346.625,7.125,"2016-04-26"]
[107541,31892,"6176P011","Chicken","2016-04-25","RM","6176P011",4898.82,37004,"BONELESS CH.BREAST *IN PROCESS* FR @P",965,"KG",null,null,null,null,null,null,34904.092499999999,7.125,"2016-04-26"]
[107542,31911,"6176P05","Chicken","2016-04-25","RM","5325AS01",2.97,6,"ING BSA 2B5F019 / ASS COTES-LEVEES POULET SAUPOUDRE / ALLERG: SULFITES",1168,"KG",null,null,null,null,null,null,27.116099999999999,94.05,"2016-04-26"]
[107543,31911,"6176P05","Chicken","2016-04-25","RM","5502EM02",128,131,"EMB FLEXO F8149A / 26020 (LOBLAW) / ETIQUETTE CUISSE POULET",1885,"UN",null,null,null,null,null,null,3.4944000000000002,94.05,"2016-04-26"]
[107544,31911,"6176P05","Chicken","2016-04-25","RM","5525EM01",128,108,"EMB ALIMENTS QUEBEC / ETIQUETTE ALIMENTS DU QUEBEC (LOBLAW)",1658,"UN",null,null,null,null,null,null,12038.4,94.05,"2016-04-26"]
[107545,31911,"6176P05","Chicken","2016-04-25","RM","6146EM02",128,125,"EMB HEAT SEALING 023038 / 8D PZ40 BLACK PADDED (LOBLAW)/ 400/CS",1878,"UN",null,null,null,null,null,null,24.96,94.05,"2016-04-26"]
[107546,31911,"6176P05","Chicken","2016-04-25","RM","6154EM01",16,303,"EMB BELLEY SAL04-1290 / TRAY BOX TOP (LOBLAW)/ 8X260",1881,"UN",null,null,null,null,null,null,1504.8,94.05,"2016-04-26"]
[107547,31911,"6176P05","Chicken","2016-04-25","RM","6174P02",22.6,35006,"CH.LEGS *WHOLE* FR #D",253,"KG",null,null,null,null,null,null,48.307499999999997,2.1375000000000002,"2016-04-26"]
[107548,31911,"6176P05","Chicken","2016-04-25","RM","6176EM04",16,304,"EMB BELLEY SAL04-1300 / TRAY BOX BOTTOM (LOBLAW)/ 8X260",1882,"UN",null,null,null,null,null,null,1504.8,94.05,"2016-04-26"]
[107549,31911,"6176P05","Chicken","2016-04-25","RM","6176P05",108.83,35006,"CH.LEGS *WHOLE* FR #D",253,"KG",null,null,null,null,null,null,232.62412499999999,2.1375000000000002,"2016-04-26"]
[107550,31915,"6176P07","Chicken","2016-04-25","RM","6176P07",26.9,35015,"WHOLE CHICKEN* EXCELDOR 1.77-1.82 KG***AIR CHILLED***TIED FR #D",868,"KG",null,null,null,null,null,null,114.9975,4.2750000000000004,"2016-04-26"]
[107551,31915,"6176P07","Chicken","2016-04-25","RM","6176P071",5.48,35703,"BBQ CHICKEN 1.9-2.2 KG  **4 (UNIT/ CAISSES) FR #D",208,"KG",null,null,null,null,null,null,23.89554,4.3605,"2016-04-26"]
[107552,31944,"6176P03","Chicken","2016-04-25","RM","6176P03",1744.47,35008,"CHICKEN THIGHS WHOLE FR #D",258,"KG",null,null,null,null,null,null,6380.3990249999997,3.6575000000000002,"2016-04-26"]
[107553,31945,"6055B04L","Beef","2016-04-26","RM","6055B04",44,30020,"BEEF RIB* RTS*** AA FR #D",35,"KG",null,null,null,null,null,null,704,17.100000000000001,"2016-04-26"]
[107554,31945,"6055B04L","Beef","2016-04-26","RM","6055B0466",19.02,31506,"BEEF RIB STEAK *IN PROCESS* CODE: 30409, 30714, 30415, 30460, 30420 FR",1809,"KG",null,null,null,null,null,null,334.2765,17.574999999999999,"2016-04-26"]
[107555,31945,"6055B04L","Beef","2016-04-26","RM","6055B0475",14.28,31506,"BEEF RIB STEAK *IN PROCESS* CODE: 30409, 30714, 30415, 30460, 30420 FR",1809,"KG",null,null,null,null,null,null,250.971,17.574999999999999,"2016-04-26"]
[107556,31945,"6055B04L","Beef","2016-04-26","RM","6076B0174",10,31506,"BEEF RIB STEAK *IN PROCESS* CODE: 30409, 30714, 30415, 30460, 30420 FR",1809,"KG",null,null,null,null,null,null,175.75,17.574999999999999,"2016-04-26"]
[107557,31946,"6166B02D","Beef","2016-04-26","RM","6046B04",108,30010,"BONELESS BEEF *RM*95%* COA REQUIS FZ",10,"KG",null,null,null,null,null,null,632.88,7.4954999999999998,"2016-04-26"]
[107558,31946,"6166B02D","Beef","2016-04-26","RM","6166B02",132,30028,"BONELESS **90 % BEEF (RM )**COA REQUIRED FR #D",1128,"KG",null,null,null,null,null,null,1127.346,8.5404999999999998,"2016-04-26"]
[107559,31946,"6166B02D","Beef","2016-04-26","RM","6172B02",160,30001,"BNLS BEEF TRIMMINGS 65%**RAW MATERIAL* COA REQUIS FR #D",1,"KG",null,null,null,null,null,null,684,4.2750000000000004,"2016-04-26"]
[107560,31947,"6166B02E","Beef","2016-04-26","RM","6046B04",27,30010,"BONELESS BEEF *RM*95%* COA REQUIS FZ",10,"KG",null,null,null,null,null,null,158.22,7.4954999999999998,"2016-04-26"]
[107561,31947,"6166B02E","Beef","2016-04-26","RM","6166B02",49,30028,"BONELESS **90 % BEEF (RM )**COA REQUIRED FR #D",1128,"KG",null,null,null,null,null,null,418.48450000000003,8.5404999999999998,"2016-04-26"]
[107562,31947,"6166B02E","Beef","2016-04-26","RM","6172B02",24,30001,"BNLS BEEF TRIMMINGS 65%**RAW MATERIAL* COA REQUIS FR #D",1,"KG",null,null,null,null,null,null,102.6,4.2750000000000004,"2016-04-26"]
[107563,31948,"6166B02F","Beef","2016-04-26","RM","5406B042",13.94,31500,"BEEF HOUSE TRIMMINGS FR @P",1306,"KG",null,null,null,null,null,null,132.43,9.5,"2016-04-26"]
[107564,31948,"6166B02F","Beef","2016-04-26","RM","6166B02",36.06,30028,"BONELESS **90 % BEEF (RM )**COA REQUIRED FR #D",1128,"KG",null,null,null,null,null,null,307.97043000000002,8.5404999999999998,"2016-04-26"]
[107565,31949,"6094B07206","Beef","2016-04-26","RM","6094B07206",37.799999999999997,41344,"PORK CHOPS SEASONED BBQ SPARERIBS *IN PROCESS* CODE: 24007,24008 FR",1818,"KG",null,null,null,null,null,null,219.05099999999999,5.7949999999999999,"2016-04-26"]
[107566,31950,"6094B07208","Beef","2016-04-26","RM","6094B07208",502.2,41344,"PORK CHOPS SEASONED BBQ SPARERIBS *IN PROCESS* CODE: 24007,24008 FR",1818,"KG",null,null,null,null,null,null,2910.2489999999998,5.7949999999999999,"2016-04-26"]
[107567,31951,"6094B07209","Beef","2016-04-26","RM","6094B07209",136,41345,"PORK ROAST SEASONED BBQ*IN PROCESS* CODE: 24006 (4 X 1.7 KG/CS**6.8 KG/CS) FR",1855,"KG",null,null,null,null,null,null,788.12,5.7949999999999999,"2016-04-26"]
[107568,31952,"5484B0786B","Beef","2016-04-26","RM","5484B0786",21.6,41342,"TEXAN MEDALLION *IN PROCESS* CODE: 24003 (3X 12) FR #D",1585,"KG",null,null,null,null,null,null,181.602,8.4075000000000006,"2016-04-26"]
[107569,31953,"6166B02G","Beef","2016-04-26","RM","6166B02",4.5,30028,"BONELESS **90 % BEEF (RM )**COA REQUIRED FR #D",1128,"KG",null,null,null,null,null,null,38.432250000000003,8.5404999999999998,"2016-04-26"]
[107570,31953,"6166B02G","Beef","2016-04-26","RM","6172B02",5.5,30001,"BNLS BEEF TRIMMINGS 65%**RAW MATERIAL* COA REQUIS FR #D",1,"KG",null,null,null,null,null,null,23.512499999999999,4.2750000000000004,"2016-04-26"]
[107571,31954,"6103B033","Beef","2016-04-26","RM","5166AS",169.4,1,"ING EAU",1031,"KG",null,null,null,null,null,null,15932.07,94.05,"2016-04-26"]
[107572,31954,"6103B033","Beef","2016-04-26","RM","6055AS01",2.59,16,"ING BSA 2A8E033 / TRIPOLYPHOSPHATE DE SODIUM GRANULE (3562) / ALLERG: AUCUN",1634,"KG",null,null,null,null,null,null,7.2001999999999997,94.05,"2016-04-26"]
[107573,31954,"6103B033","Beef","2016-04-26","RM","6103B033",433.1,31505,"BEEF CUBES *IN PROCESS* CODE: 30314, 30304 FR",1808,"KG",null,null,null,null,null,null,4525.8950000000004,10.45,"2016-04-26"]
[107574,31954,"6103B033","Beef","2016-04-26","RM","6133AS01",4.88,15,"ING BSA 2B1A038 / SEL HI GRADE POLY OU TOP FLO / ALLERG: AUCUN",1633,"KG",null,null,null,null,null,null,1.9032,94.05,"2016-04-26"]
[107575,31955,"6125B11I","Beef","2016-04-26","RM","6125B11",95.4,30180,"BEEF INSIDE ROUND* AA**regular FR #D",102,"KG",null,null,null,null,null,null,676.38619100000005,7.5904999999999996,"2016-04-26"]
[107576,31955,"6125B11I","Beef","2016-04-26","RM","6142B04",32.090000000000003,30180,"BEEF INSIDE ROUND* AA**regular FR #D",102,"KG",null,null,null,null,null,null,243.57914500000001,7.5904999999999996,"2016-04-26"]
[107577,31956,"6153B058","Beef","2016-04-26","RM","6094B07212",2.5,41347,"CUBES DE PORC*IN PROCESS* CODE: 41270 FR",1859,"KG",null,null,null,null,null,null,13.0625,5.2249999999999996,"2016-04-26"]
[107578,31956,"6153B058","Beef","2016-04-26","RM","6153B058",60,41347,"CUBES DE PORC*IN PROCESS* CODE: 41270 FR",1859,"KG",null,null,null,null,null,null,313.5,5.2249999999999996,"2016-04-26"]
[107579,31956,"6153B058","Beef","2016-04-26","RM","6164B06",2.5,41020,"PORK BUCKEYE (U.S.) FR",406,"KG",null,null,null,null,null,null,8.90625,3.5625,"2016-04-26"]
[107580,31957,"6094B07AD","Beef","2016-04-26","RM","6094B07",326.56,41071,"BONELESS PORK LOINS STRIPS MAIN MUSCLE FZ #D",1707,"KG",null,null,null,null,null,null,1322.568,4.5125000000000002,"2016-04-26"]
[107581,31958,"6165B02I","Beef","2016-04-26","RM","5166AS",29.88,1,"ING EAU",1031,"KG",null,null,null,null,null,null,2810.2139999999999,94.05,"2016-04-26"]
[107582,31958,"6165B02I","Beef","2016-04-26","RM","5232B08",81.27,30031,"BEEF HEAD MEAT FZ",1136,"KG",null,null,null,null,null,null,174.73050000000001,2.85,"2016-04-26"]
[107583,31958,"6165B02I","Beef","2016-04-26","RM","6124B04",325.10000000000002,30015,"STEER BEEF HEARTS COA REQUIS FZ",739,"KG",null,null,null,null,null,null,487.65,3.04,"2016-04-26"]
[107584,31958,"6165B02I","Beef","2016-04-26","RM","6165B02",163.75,30028,"BONELESS **90 % BEEF (RM )**COA REQUIRED FR #D",1128,"KG",null,null,null,null,null,null,1067.6500000000001,8.5404999999999998,"2016-04-26"]
[107585,31959,"6144B0112B","Beef","2016-04-26","RM","6144B0112",18.399999999999999,45207,"BONELESS VEAL FOR  CUTLETS *IN PROCESS* CODE: 45202,203,206,209,210 FR",1309,"KG",null,null,null,null,null,null,249.09,13.5375,"2016-04-26"]
[107586,31960,"6104B06B","Beef","2016-04-26","RM","6104B06",86.6,30041,"BEEF STRIPLOIN BNLS AAH 0X1 FR",60,"KG",null,null,null,null,null,null,1505.974346,18.05,"2016-04-26"]
[107587,31961,"5484B0791","Beef","2016-04-26","RM","5166AS",82.66,1,"ING EAU",1031,"KG",null,null,null,null,null,null,7774.1729999999998,94.05,"2016-04-26"]
[107588,31961,"5484B0791","Beef","2016-04-26","RM","5484B0784",20.66,41341,"PORK FILET *IN PROCESS* FR #D",1450,"KG",null,null,null,null,null,null,120.70605,5.8425000000000002,"2016-04-26"]
[107589,31961,"5484B0791","Beef","2016-04-26","RM","5484B0786",1.88,41342,"TEXAN MEDALLION *IN PROCESS* CODE: 24003 (3X 12) FR #D",1585,"KG",null,null,null,null,null,null,15.806100000000001,8.4075000000000006,"2016-04-26"]
[107590,31961,"5484B0791","Beef","2016-04-26","RM","5484B0791",372.8,41341,"PORK FILET *IN PROCESS* FR #D",1450,"KG",null,null,null,null,null,null,2178.0839999999998,5.8425000000000002,"2016-04-26"]
[107591,31961,"5484B0791","Beef","2016-04-26","RM","6052AS02",28.02,12,"ING BSA 2B3L022 / ASSAISONNEMENTS BBQ-TEXANE / ALLERG: AUCUN",1629,"KG",null,null,null,null,null,null,2635.2809999999999,94.05,"2016-04-26"]
[107592,31962,"6172P096B","Chicken","2016-04-26","RM","6172P096",10,35824,"CHICKEN THIGHS BONELESS FR @P",260,"KG",null,null,null,null,null,null,64.125,6.4124999999999996,"2016-04-26"]
[107593,31963,"6172P091D","Chicken","2016-04-26","RM","6172P091",20,35824,"CHICKEN THIGHS BONELESS FR @P",260,"KG",null,null,null,null,null,null,128.25,6.4124999999999996,"2016-04-26"]
[107594,31964,"6165B02J","Beef","2016-04-26","RM","5166AS",148.81,1,"ING EAU",1031,"KG",null,null,null,null,null,null,13995.5805,94.05,"2016-04-26"]
[107595,31964,"6165B02J","Beef","2016-04-26","RM","5472B04",27,30032,"BONELESS BEEF 65% TRIMMINGS**RM COA REQUIS FZ #D",1205,"KG",null,null,null,null,null,null,111.5775,4.1325000000000003,"2016-04-26"]
[107596,31964,"6165B02J","Beef","2016-04-26","RM","6124B04",1218,30015,"STEER BEEF HEARTS COA REQUIS FZ",739,"KG",null,null,null,null,null,null,1827,3.04,"2016-04-26"]
[107597,31964,"6165B02J","Beef","2016-04-26","RM","6165B02",424,30028,"BONELESS **90 % BEEF (RM )**COA REQUIRED FR #D",1128,"KG",null,null,null,null,null,null,2764.48,8.5404999999999998,"2016-04-26"]
[107598,31964,"6165B02J","Beef","2016-04-26","RM","6166B02",798,30028,"BONELESS **90 % BEEF (RM )**COA REQUIRED FR #D",1128,"KG",null,null,null,null,null,null,6815.3190000000004,8.5404999999999998,"2016-04-26"]
[107599,31964,"6165B02J","Beef","2016-04-26","RM","6172B02",48,30001,"BNLS BEEF TRIMMINGS 65%**RAW MATERIAL* COA REQUIS FR #D",1,"KG",null,null,null,null,null,null,205.2,4.2750000000000004,"2016-04-26"]
[107600,31964,"6165B02J","Beef","2016-04-26","RM","6174B02",266,30028,"BONELESS **90 % BEEF (RM )**COA REQUIRED FR #D",1128,"KG",null,null,null,null,null,null,2271.7730000000001,8.5404999999999998,"2016-04-26"]
[107601,31964,"6165B02J","Beef","2016-04-26","RM","6175B07",70,30001,"BNLS BEEF TRIMMINGS 65%**RAW MATERIAL* COA REQUIS FR #D",1,"KG",null,null,null,null,null,null,299.25,4.2750000000000004,"2016-04-26"]
[107602,31965,"6184P0110B","Chicken","2016-04-26","RM","6184P0110",5,35827,"CHICKEN THIGHS BONELESS FULL TRIM FR @P",1012,"KG",null,null,null,null,null,null,38.712499999999999,7.7424999999999997,"2016-04-26"]
[107603,31966,"6176P0115B","Chicken","2016-04-26","RM","6176P0115",450,37003,"FULL TRIM RANDOM *IN PROCESS* CODE: 26019,27056,35760 FR @P",966,"KG",null,null,null,null,null,null,4916.25,10.925000000000001,"2016-04-26"]
[107604,31967,"6176P0217","Chicken","2016-04-26","RM","6176P0217",65,37002,"CHICKEN *IN PROCESS* 7 OZ CODE: 36704,35777,35747 FR @P",963,"KG",null,null,null,null,null,null,586.625,9.0250000000000004,"2016-04-26"]
[107605,31968,"6176P0215","Chicken","2016-04-26","RM","6176P0215",15,37004,"BONELESS CH.BREAST *IN PROCESS* FR @P",965,"KG",null,null,null,null,null,null,106.875,7.125,"2016-04-26"]
[107606,31969,"6176P0124","Chicken","2016-04-26","RM","5166AS",7.33,1,"ING EAU",1031,"KG",null,null,null,null,null,null,689.38649999999996,94.05,"2016-04-26"]
[107607,31969,"6176P0124","Chicken","2016-04-26","RM","6055AS01",0.22,16,"ING BSA 2A8E033 / TRIPOLYPHOSPHATE DE SODIUM GRANULE (3562) / ALLERG: AUCUN",1634,"KG",null,null,null,null,null,null,0.61160000000000003,94.05,"2016-04-26"]
[107608,31969,"6176P0124","Chicken","2016-04-26","RM","6133AS01",0.35,15,"ING BSA 2B1A038 / SEL HI GRADE POLY OU TOP FLO / ALLERG: AUCUN",1633,"KG",null,null,null,null,null,null,0.13650000000000001,94.05,"2016-04-26"]
[107609,31969,"6176P0124","Chicken","2016-04-26","RM","6176P0124",43,37004,"BONELESS CH.BREAST *IN PROCESS* FR @P",965,"KG",null,null,null,null,null,null,306.375,7.125,"2016-04-26"]
[107610,31970,"6173B011","Beef","2016-04-26","RM","6173B011",115.4,41348,"PORK BUTTS SLICED FOR GYRO *IN PROCESS* CODE: 41252 FR",1872,"KG",null,null,null,null,null,null,586.52049999999997,5.0824999999999996,"2016-04-26"]
[107611,31971,"6176P0213","Chicken","2016-04-26","RM","6176P0213",40,35750,"CHICKEN FINGERS FR #D",232,"KG",null,null,null,null,null,null,247,6.1749999999999998,"2016-04-26"]
[107612,31972,"6165B02K","Beef","2016-04-26","RM","5166AS",2,1,"ING EAU",1031,"KG",null,null,null,null,null,null,188.1,94.05,"2016-04-26"]
[107613,31972,"6165B02K","Beef","2016-04-26","RM","5472B04",54.4,30032,"BONELESS BEEF 65% TRIMMINGS**RM COA REQUIS FZ #D",1205,"KG",null,null,null,null,null,null,224.80799999999999,4.1325000000000003,"2016-04-26"]
[107614,31972,"6165B02K","Beef","2016-04-26","RM","6046AS01",2,9,"GLACE CONCASSEE",1172,"KG",null,null,null,null,null,null,188.1,94.05,"2016-04-26"]
[107615,31972,"6165B02K","Beef","2016-04-26","RM","6046B04",54.4,30010,"BONELESS BEEF *RM*95%* COA REQUIS FZ",10,"KG",null,null,null,null,null,null,318.78399999999999,7.4954999999999998,"2016-04-26"]
[107616,31972,"6165B02K","Beef","2016-04-26","RM","6124B04",27.2,30015,"STEER BEEF HEARTS COA REQUIS FZ",739,"KG",null,null,null,null,null,null,40.799999999999997,3.04,"2016-04-26"]
[107617,31972,"6165B02K","Beef","2016-04-26","RM","6165B02",60,30028,"BONELESS **90 % BEEF (RM )**COA REQUIRED FR #D",1128,"KG",null,null,null,null,null,null,391.2,8.5404999999999998,"2016-04-26"]
[107618,31973,"6106B03B","Beef","2016-04-26","RM","6106b03",78.91,30312,"BEEF SHOULDER FLAT IRON**RM**A+ FR #D",749,"KG",null,null,null,null,null,null,740.96616300000005,11.4,"2016-04-26"]
[107619,31974,"6102B06C","Beef","2016-04-26","RM","6102B06",11.68,30101,"BEEF TENDERLOIN  * XL**JBS  * 5UP FR #D",83,"KG",null,null,null,null,null,null,209.65590700000001,21.85,"2016-04-26"]
[107620,31975,"6164B06","Beef","2016-04-26","RM","6153B05",16.32,41020,"PORK BUCKEYE (U.S.) FR",406,"KG",null,null,null,null,null,null,58.14,3.5625,"2016-04-26"]
[107621,31975,"6164B06","Beef","2016-04-26","RM","6164B06",37.869999999999997,41020,"PORK BUCKEYE (U.S.) FR",406,"KG",null,null,null,null,null,null,134.91187500000001,3.5625,"2016-04-26"]
[107622,31976,"6174P0813","Chicken","2016-04-26","RM","6174P0813",54,37010,"CHICKEN SEASONED *IN PROCESS* CODE: 27054 FR @P",1829,"KG",null,null,null,null,null,null,549.93600000000004,10.183999999999999,"2016-04-26"]
[107623,31977,"6174P0812","Chicken","2016-04-26","RM","6174P0812",63,37005,"POULET ASSAISONNE *IN PROCESS* CODE 27051 FR @P",1315,"KG",null,null,null,null,null,null,641.59199999999998,10.183999999999999,"2016-04-26"]
[107624,31978,"6174P0622","Chicken","2016-04-26","RM","6174P0622",223,37010,"CHICKEN SEASONED *IN PROCESS* CODE: 27054 FR @P",1829,"KG",null,null,null,null,null,null,2271.0320000000002,10.183999999999999,"2016-04-26"]
[107625,31979,"6182P0116","Chicken","2016-04-26","RM","6182P0116",223,37005,"POULET ASSAISONNE *IN PROCESS* CODE 27051 FR @P",1315,"KG",null,null,null,null,null,null,2271.0320000000002,10.183999999999999,"2016-04-26"]
[107626,31980,"6122B07B","Beef","2016-04-26","RM","6122B07",704.5,30009,"BEEF CHUCK TENDER*RAWMAT FR",9,"KG",null,null,null,null,null,null,5688.8374999999996,8.0749999999999993,"2016-04-26"]
[107627,31980,"6122B07B","Beef","2016-04-26","RM","6122B073",45,31505,"BEEF CUBES *IN PROCESS* CODE: 30314, 30304 FR",1808,"KG",null,null,null,null,null,null,470.25,10.45,"2016-04-26"]
[107628,31980,"6122B07B","Beef","2016-04-26","RM","6125B1136",32.56,31505,"BEEF CUBES *IN PROCESS* CODE: 30314, 30304 FR",1808,"KG",null,null,null,null,null,null,340.25200000000001,10.45,"2016-04-26"]
[107629,31981,"6177P01","Chicken","2016-04-26","RM","6177P01",1950.41,35004,"CH.BREAST NO BACK *CANADIAN**AIR** FR #D",215,"KG",null,null,null,null,null,null,10190.892250000001,5.2249999999999996,"2016-04-26"]
[107630,31982,"6175B05","Beef","2016-04-26","RM","6175B05",5.22,30019,"BEEF SHOULDER CLODS**RAW MATERIAL***COA REQUIRED FR #D",1048,"KG",null,null,null,null,null,null,39.671999999999997,7.6,"2016-04-26"]
[107631,31983,"6176P021","Chicken","2016-04-26","RM","6176P021",50,35740,"BNLESS CHICKEN BREAST* PAPILLION**SMAL-MEDIUM FR @P",230,"KG",null,null,null,null,null,null,415.625,8.3125,"2016-04-26"]
[107632,31984,"6182P0110B","Chicken","2016-04-26","RM","6182P0110",0.01,37004,"BONELESS CH.BREAST *IN PROCESS* FR @P",965,"KG",null,null,null,null,null,null,7.1249999999999994E-2,7.125,"2016-04-26"]
[107633,31985,"6176P0110","Chicken","2016-04-26","RM","6176P0110",40,26017,"BONELESS SEASONED CHICKEN BREAST NO FINGERS FR @P",670,"KG",null,null,null,null,null,null,266,6.65,"2016-04-26"]
[107634,31986,"6153B022","Beef","2016-04-26","RM","6153B022",10.71,45207,"BONELESS VEAL FOR  CUTLETS *IN PROCESS* CODE: 45202,203,206,209,210 FR",1309,"KG",null,null,null,null,null,null,144.986625,13.5375,"2016-04-26"]
[107635,31987,"6176P0215B","Chicken","2016-04-26","RM","6176P0215",10,37004,"BONELESS CH.BREAST *IN PROCESS* FR @P",965,"KG",null,null,null,null,null,null,71.25,7.125,"2016-04-26"]
[107636,31988,"5413B04","Beef","2016-04-26","RM","5413B04",245.6,30202,"BAVETTE DE BOEUF A/AA FR #D",110,"KG",null,null,null,null,null,null,3966.44,16.149999999999999,"2016-04-26"]
[107637,31989,"6046B04T","Beef","2016-04-26","RM","5166AS",7,1,"ING EAU",1031,"KG",null,null,null,null,null,null,658.35,94.05,"2016-04-26"]
[107638,31989,"6046B04T","Beef","2016-04-26","RM","5472B04",81.66,30032,"BONELESS BEEF 65% TRIMMINGS**RM COA REQUIS FZ #D",1205,"KG",null,null,null,null,null,null,337.45994999999999,4.1325000000000003,"2016-04-26"]
[107639,31989,"6046B04T","Beef","2016-04-26","RM","5486AS02",8,21,"ING MMIS 303003-12.84 / ASSAISONNEMENTS OIGNONS ROTIS / ALLERG: BLE",1720,"KG",null,null,null,null,null,null,43.463999999999999,94.05,"2016-04-26"]
[107640,31989,"6046B04T","Beef","2016-04-26","RM","6046AS01",7,9,"GLACE CONCASSEE",1172,"KG",null,null,null,null,null,null,658.35,94.05,"2016-04-26"]
[107641,31989,"6046B04T","Beef","2016-04-26","RM","6046B04",27.22,30010,"BONELESS BEEF *RM*95%* COA REQUIS FZ",10,"KG",null,null,null,null,null,null,159.50919999999999,7.4954999999999998,"2016-04-26"]
[107642,31989,"6046B04T","Beef","2016-04-26","RM","6174B02",47.12,30028,"BONELESS **90 % BEEF (RM )**COA REQUIRED FR #D",1128,"KG",null,null,null,null,null,null,402.42836,8.5404999999999998,"2016-04-26"]
[107643,31989,"6046B04T","Beef","2016-04-26","RM","6175B07",22,30001,"BNLS BEEF TRIMMINGS 65%**RAW MATERIAL* COA REQUIS FR #D",1,"KG",null,null,null,null,null,null,94.05,4.2750000000000004,"2016-04-26"]
[107644,31990,"6094B07220","Beef","2016-04-26","RM","5166AS",14.37,1,"ING EAU",1031,"KG",null,null,null,null,null,null,1351.4984999999999,94.05,"2016-04-26"]
[107645,31990,"6094B07220","Beef","2016-04-26","RM","6094B07220",128.31,41346,"PORK ROAST NATURE *IN PROCESS* CODE: 24006 FR",1858,"KG",null,null,null,null,null,null,743.55645000000004,5.7949999999999999,"2016-04-26"]
[107646,31990,"6094B07220","Beef","2016-04-26","RM","6163AS01",11.32,19,"ING MONTOUR 7139 / MARINADE STYLE COTES-LEVEES / ALLERG: AUCUN",1718,"KG",null,null,null,null,null,null,1064.646,94.05,"2016-04-26"]
[107647,31991,"5484B07P","Beef","2016-04-26","RM","5484B07",484.9,63002,"PORK FILET IBP US (VAC X2) FZ",415,"KG",null,null,null,null,null,null,2788.1750000000002,6.8875000000000002,"2016-04-26"]
[107648,31992,"6176P0118","Chicken","2016-04-26","RM","5166AS",6.16,1,"ING EAU",1031,"KG",null,null,null,null,null,null,579.34799999999996,94.05,"2016-04-26"]
[107649,31992,"6176P0118","Chicken","2016-04-26","RM","5502EM05",120,130,"EMB FLEXO F8148 / 26019 (LOBLAW) / ETIQUETTE POITRINE POULET",1884,"UN",null,null,null,null,null,null,4.6680000000000001,94.05,"2016-04-26"]
[107650,31992,"6176P0118","Chicken","2016-04-26","RM","5524EM02",120,144,"EMB HEAT SEALING 023018 / 3D BLACK PADDED (LOBLAW) / 400CS",1921,"UN",null,null,null,null,null,null,15.6,94.05,"2016-04-26"]
[107651,31992,"6176P0118","Chicken","2016-04-26","RM","5525EM01",120,108,"EMB ALIMENTS QUEBEC / ETIQUETTE ALIMENTS DU QUEBEC (LOBLAW)",1658,"UN",null,null,null,null,null,null,11286,94.05,"2016-04-26"]
[107652,31992,"6176P0118","Chicken","2016-04-26","RM","6163AS01",4.8499999999999996,19,"ING MONTOUR 7139 / MARINADE STYLE COTES-LEVEES / ALLERG: AUCUN",1718,"KG",null,null,null,null,null,null,456.14249999999998,94.05,"2016-04-26"]
[107653,31992,"6176P0118","Chicken","2016-04-26","RM","6176EM04",10,304,"EMB BELLEY SAL04-1300 / TRAY BOX BOTTOM (LOBLAW)/ 8X260",1882,"UN",null,null,null,null,null,null,940.5,94.05,"2016-04-26"]
[107654,31992,"6176P0118","Chicken","2016-04-26","RM","6176EM05",10,303,"EMB BELLEY SAL04-1290 / TRAY BOX TOP (LOBLAW)/ 8X260",1881,"UN",null,null,null,null,null,null,940.5,94.05,"2016-04-26"]
[107655,31992,"6176P0118","Chicken","2016-04-26","RM","6176P0118",66,26019,"POITRINE DE POULET DES. ASS. BBQ *LOBLAW* (12 X 2/TRAY 3D black) FR @P",1794,"KG",null,null,null,null,null,null,721.05,10.925000000000001,"2016-04-26"]
[107656,31993,"6184P0112","Chicken","2016-04-26","RM","5166AS",1.87,1,"ING EAU",1031,"KG",null,null,null,null,null,null,175.87350000000001,94.05,"2016-04-26"]
[107657,31993,"6184P0112","Chicken","2016-04-26","RM","5325EM02",16,129,"EMB FLEXO F8149 / 26012 (LOBLAW) / ETIQUETTE HAUT CUISSE",1883,"UN",null,null,null,null,null,null,1504.8,94.05,"2016-04-26"]
[107658,31993,"6184P0112","Chicken","2016-04-26","RM","5525EM01",16,108,"EMB ALIMENTS QUEBEC / ETIQUETTE ALIMENTS DU QUEBEC (LOBLAW)",1658,"UN",null,null,null,null,null,null,1504.8,94.05,"2016-04-26"]
[107659,31993,"6184P0112","Chicken","2016-04-26","RM","6146EM02",16,125,"EMB HEAT SEALING 023038 / 8D PZ40 BLACK PADDED (LOBLAW)/ 400/CS",1878,"UN",null,null,null,null,null,null,3.12,94.05,"2016-04-26"]
[107660,31993,"6184P0112","Chicken","2016-04-26","RM","6163AS01",1.47,19,"ING MONTOUR 7139 / MARINADE STYLE COTES-LEVEES / ALLERG: AUCUN",1718,"KG",null,null,null,null,null,null,138.2535,94.05,"2016-04-26"]
[107661,31993,"6184P0112","Chicken","2016-04-26","RM","6176EM04",2,304,"EMB BELLEY SAL04-1300 / TRAY BOX BOTTOM (LOBLAW)/ 8X260",1882,"UN",null,null,null,null,null,null,188.1,94.05,"2016-04-26"]
[107662,31993,"6184P0112","Chicken","2016-04-26","RM","6176EM05",2,303,"EMB BELLEY SAL04-1290 / TRAY BOX TOP (LOBLAW)/ 8X260",1881,"UN",null,null,null,null,null,null,188.1,94.05,"2016-04-26"]
[107663,31993,"6184P0112","Chicken","2016-04-26","RM","6184P0112",20,26012,"HAUT DE CUISSE POULET DES. PAREE ASS. BBQ *LOBLAW* (8 X 12/TRAY 8D black) FR @P",1795,"KG",null,null,null,null,null,null,170.05,8.5024999999999995,"2016-04-26"]
[107664,31994,"6176P05B","Chicken","2016-04-26","RM","6176P05",0.01,35006,"CH.LEGS *WHOLE* FR #D",253,"KG",null,null,null,null,null,null,2.1375000000000002E-2,2.1375000000000002,"2016-04-26"]
[107665,31995,"6176P04","Chicken","2016-04-26","RM","5325AS01",2.71,6,"ING BSA 2B5F019 / ASS COTES-LEVEES POULET SAUPOUDRE / ALLERG: SULFITES",1168,"KG",null,null,null,null,null,null,24.7423,94.05,"2016-04-26"]
[107666,31995,"6176P04","Chicken","2016-04-26","RM","5502EM03",120,132,"EMB FLEXO F8149B / 26034 (LOBLAW) / ETIQUETTE PILONS POULET",1887,"UN",null,null,null,null,null,null,3.2759999999999998,94.05,"2016-04-26"]
[107667,31995,"6176P04","Chicken","2016-04-26","RM","5525EM01",120,108,"EMB ALIMENTS QUEBEC / ETIQUETTE ALIMENTS DU QUEBEC (LOBLAW)",1658,"UN",null,null,null,null,null,null,11286,94.05,"2016-04-26"]
[107668,31995,"6176P04","Chicken","2016-04-26","RM","6146EM02",120,125,"EMB HEAT SEALING 023038 / 8D PZ40 BLACK PADDED (LOBLAW)/ 400/CS",1878,"UN",null,null,null,null,null,null,23.4,94.05,"2016-04-26"]
[107669,31995,"6176P04","Chicken","2016-04-26","RM","6174P01",18.14,35831,"CHICKEN DRUMSTICKS FR**RM 18 KG @P",265,"KG",null,null,null,null,null,null,57.730550000000001,3.1825000000000001,"2016-04-26"]
[107670,31995,"6176P04","Chicken","2016-04-26","RM","6176EM04",15,304,"EMB BELLEY SAL04-1300 / TRAY BOX BOTTOM (LOBLAW)/ 8X260",1882,"UN",null,null,null,null,null,null,1410.75,94.05,"2016-04-26"]
[107671,31995,"6176P04","Chicken","2016-04-26","RM","6176EM05",15,303,"EMB BELLEY SAL04-1290 / TRAY BOX TOP (LOBLAW)/ 8X260",1881,"UN",null,null,null,null,null,null,1410.75,94.05,"2016-04-26"]
[107672,31995,"6176P04","Chicken","2016-04-26","RM","6176P04",102.71,35831,"CHICKEN DRUMSTICKS FR**RM 18 KG @P",265,"KG",null,null,null,null,null,null,326.87457499999999,3.1825000000000001,"2016-04-26"]
[107673,31996,"6176P06","Chicken","2016-04-26","RM","5325AS01",0.68,6,"ING BSA 2B5F019 / ASS COTES-LEVEES POULET SAUPOUDRE / ALLERG: SULFITES",1168,"KG",null,null,null,null,null,null,6.2084000000000001,94.05,"2016-04-26"]
[107674,31996,"6176P06","Chicken","2016-04-26","RM","5325EM06",32,133,"EMB FLEXO F8149C / 26036 (LOBLAW) / ETIQUETTE AILES POULET",1888,"UN",null,null,null,null,null,null,3009.6,94.05,"2016-04-26"]
[107675,31996,"6176P06","Chicken","2016-04-26","RM","5525EM01",32,108,"EMB ALIMENTS QUEBEC / ETIQUETTE ALIMENTS DU QUEBEC (LOBLAW)",1658,"UN",null,null,null,null,null,null,3009.6,94.05,"2016-04-26"]
[107676,31996,"6176P06","Chicken","2016-04-26","RM","6146EM02",32,125,"EMB HEAT SEALING 023038 / 8D PZ40 BLACK PADDED (LOBLAW)/ 400/CS",1878,"UN",null,null,null,null,null,null,6.24,94.05,"2016-04-26"]
[107677,31996,"6176P06","Chicken","2016-04-26","RM","6176EM04",4,304,"EMB BELLEY SAL04-1300 / TRAY BOX BOTTOM (LOBLAW)/ 8X260",1882,"UN",null,null,null,null,null,null,376.2,94.05,"2016-04-26"]
[107678,31996,"6176P06","Chicken","2016-04-26","RM","6176EM05",4,303,"EMB BELLEY SAL04-1290 / TRAY BOX TOP (LOBLAW)/ 8X260",1881,"UN",null,null,null,null,null,null,376.2,94.05,"2016-04-26"]
[107679,31996,"6176P06","Chicken","2016-04-26","RM","6176P06",30.55,35836,"SPLIT CHICKEN WINGS*RM*18KG/CS FR",1679,"KG",null,null,null,null,null,null,198.804125,6.5075000000000003,"2016-04-26"]
[107680,31997,"6182P03","Chicken","2016-04-26","RM","5325AS01",3.48,6,"ING BSA 2B5F019 / ASS COTES-LEVEES POULET SAUPOUDRE / ALLERG: SULFITES",1168,"KG",null,null,null,null,null,null,31.772400000000001,94.05,"2016-04-26"]
[107681,31997,"6182P03","Chicken","2016-04-26","RM","5502EM03",136,132,"EMB FLEXO F8149B / 26034 (LOBLAW) / ETIQUETTE PILONS POULET",1887,"UN",null,null,null,null,null,null,3.7128000000000001,94.05,"2016-04-26"]
[107682,31997,"6182P03","Chicken","2016-04-26","RM","5525EM01",136,108,"EMB ALIMENTS QUEBEC / ETIQUETTE ALIMENTS DU QUEBEC (LOBLAW)",1658,"UN",null,null,null,null,null,null,12790.8,94.05,"2016-04-26"]
[107683,31997,"6182P03","Chicken","2016-04-26","RM","6146EM02",136,125,"EMB HEAT SEALING 023038 / 8D PZ40 BLACK PADDED (LOBLAW)/ 400/CS",1878,"UN",null,null,null,null,null,null,26.52,94.05,"2016-04-26"]
[107684,31997,"6182P03","Chicken","2016-04-26","RM","6176EM04",17,304,"EMB BELLEY SAL04-1300 / TRAY BOX BOTTOM (LOBLAW)/ 8X260",1882,"UN",null,null,null,null,null,null,1598.85,94.05,"2016-04-26"]
[107685,31997,"6182P03","Chicken","2016-04-26","RM","6176EM05",17,303,"EMB BELLEY SAL04-1290 / TRAY BOX TOP (LOBLAW)/ 8X260",1881,"UN",null,null,null,null,null,null,1598.85,94.05,"2016-04-26"]
[107686,31997,"6182P03","Chicken","2016-04-26","RM","6176P04",25.51,35831,"CHICKEN DRUMSTICKS FR**RM 18 KG @P",265,"KG",null,null,null,null,null,null,81.185575,3.1825000000000001,"2016-04-26"]
[107687,31997,"6182P03","Chicken","2016-04-26","RM","6182P03",128.56,35831,"CHICKEN DRUMSTICKS FR**RM 18 KG @P",265,"KG",null,null,null,null,null,null,409.1422,3.1825000000000001,"2016-04-26"]
[107688,31998,"6182P04","Chicken","2016-04-26","RM","5325AS01",2.4900000000000002,6,"ING BSA 2B5F019 / ASS COTES-LEVEES POULET SAUPOUDRE / ALLERG: SULFITES",1168,"KG",null,null,null,null,null,null,22.733699999999999,94.05,"2016-04-26"]
[107689,31998,"6182P04","Chicken","2016-04-26","RM","5502EM02",128,131,"EMB FLEXO F8149A / 26020 (LOBLAW) / ETIQUETTE CUISSE POULET",1885,"UN",null,null,null,null,null,null,3.4944000000000002,94.05,"2016-04-26"]
[107690,31998,"6182P04","Chicken","2016-04-26","RM","5525EM01",128,108,"EMB ALIMENTS QUEBEC / ETIQUETTE ALIMENTS DU QUEBEC (LOBLAW)",1658,"UN",null,null,null,null,null,null,12038.4,94.05,"2016-04-26"]
[107691,31998,"6182P04","Chicken","2016-04-26","RM","6146EM02",128,125,"EMB HEAT SEALING 023038 / 8D PZ40 BLACK PADDED (LOBLAW)/ 400/CS",1878,"UN",null,null,null,null,null,null,24.96,94.05,"2016-04-26"]
[107692,31998,"6182P04","Chicken","2016-04-26","RM","6154EM01",16,303,"EMB BELLEY SAL04-1290 / TRAY BOX TOP (LOBLAW)/ 8X260",1881,"UN",null,null,null,null,null,null,1504.8,94.05,"2016-04-26"]
[107693,31998,"6182P04","Chicken","2016-04-26","RM","6176EM04",16,304,"EMB BELLEY SAL04-1300 / TRAY BOX BOTTOM (LOBLAW)/ 8X260",1882,"UN",null,null,null,null,null,null,1504.8,94.05,"2016-04-26"]
[107694,31998,"6182P04","Chicken","2016-04-26","RM","6182P04",110.72,35006,"CH.LEGS *WHOLE* FR #D",253,"KG",null,null,null,null,null,null,236.66399999999999,2.1375000000000002,"2016-04-26"]
[107695,31999,"6182P05","Chicken","2016-04-26","RM","5325AS01",0.9,6,"ING BSA 2B5F019 / ASS COTES-LEVEES POULET SAUPOUDRE / ALLERG: SULFITES",1168,"KG",null,null,null,null,null,null,8.2170000000000005,94.05,"2016-04-26"]
[107696,31999,"6182P05","Chicken","2016-04-26","RM","5325EM06",40,133,"EMB FLEXO F8149C / 26036 (LOBLAW) / ETIQUETTE AILES POULET",1888,"UN",null,null,null,null,null,null,3762,94.05,"2016-04-26"]
[107697,31999,"6182P05","Chicken","2016-04-26","RM","5525EM01",40,108,"EMB ALIMENTS QUEBEC / ETIQUETTE ALIMENTS DU QUEBEC (LOBLAW)",1658,"UN",null,null,null,null,null,null,3762,94.05,"2016-04-26"]
[107698,31999,"6182P05","Chicken","2016-04-26","RM","6146EM02",40,125,"EMB HEAT SEALING 023038 / 8D PZ40 BLACK PADDED (LOBLAW)/ 400/CS",1878,"UN",null,null,null,null,null,null,7.8,94.05,"2016-04-26"]
[107699,31999,"6182P05","Chicken","2016-04-26","RM","6176EM04",5,304,"EMB BELLEY SAL04-1300 / TRAY BOX BOTTOM (LOBLAW)/ 8X260",1882,"UN",null,null,null,null,null,null,470.25,94.05,"2016-04-26"]
[107700,31999,"6182P05","Chicken","2016-04-26","RM","6176EM05",5,303,"EMB BELLEY SAL04-1290 / TRAY BOX TOP (LOBLAW)/ 8X260",1881,"UN",null,null,null,null,null,null,470.25,94.05,"2016-04-26"]
[107701,31999,"6182P05","Chicken","2016-04-26","RM","6176P06",4,35836,"SPLIT CHICKEN WINGS*RM*18KG/CS FR",1679,"KG",null,null,null,null,null,null,26.03,6.5075000000000003,"2016-04-26"]
[107702,31999,"6182P05","Chicken","2016-04-26","RM","6182P05",36.44,35836,"SPLIT CHICKEN WINGS*RM*18KG/CS FR",1679,"KG",null,null,null,null,null,null,237.13329999999999,6.5075000000000003,"2016-04-26"]
[107703,32000,"6183P01","Chicken","2016-04-26","RM","6154EM01",250,303,"EMB BELLEY SAL04-1290 / TRAY BOX TOP (LOBLAW)/ 8X260",1881,"UN",null,null,null,null,null,null,23512.5,94.05,"2016-04-26"]
[107704,32000,"6183P01","Chicken","2016-04-26","RM","6172EM08",2000,126,"EMB HEAT SEALING 023012 / 8D PZ90 WHITE PADDED (LOBLAW) / 400/CS",1879,"UN",null,null,null,null,null,null,188100,94.05,"2016-04-26"]
[107705,32000,"6183P01","Chicken","2016-04-26","RM","6176EM04",250,304,"EMB BELLEY SAL04-1300 / TRAY BOX BOTTOM (LOBLAW)/ 8X260",1882,"UN",null,null,null,null,null,null,23512.5,94.05,"2016-04-26"]
[107706,32000,"6183P01","Chicken","2016-04-26","RM","6183P01",2500,35022,"BONELESS CHICKEN BREAST SMALL-MEDIUM***RAW MATERIAL FR #D",1351,"KG",null,null,null,null,null,null,17812.5,7.125,"2016-04-26"]
[107707,32001,"6176P036","Chicken","2016-04-26","RM","5166AS",2.71,1,"ING EAU",1031,"KG",null,null,null,null,null,null,254.87549999999999,94.05,"2016-04-26"]
[107708,32001,"6176P036","Chicken","2016-04-26","RM","5325EM02",24,129,"EMB FLEXO F8149 / 26012 (LOBLAW) / ETIQUETTE HAUT CUISSE",1883,"UN",null,null,null,null,null,null,2257.1999999999998,94.05,"2016-04-26"]
[107709,32001,"6176P036","Chicken","2016-04-26","RM","5525EM01",24,108,"EMB ALIMENTS QUEBEC / ETIQUETTE ALIMENTS DU QUEBEC (LOBLAW)",1658,"UN",null,null,null,null,null,null,2257.1999999999998,94.05,"2016-04-26"]
[107710,32001,"6176P036","Chicken","2016-04-26","RM","6146EM02",24,125,"EMB HEAT SEALING 023038 / 8D PZ40 BLACK PADDED (LOBLAW)/ 400/CS",1878,"UN",null,null,null,null,null,null,4.68,94.05,"2016-04-26"]
[107711,32001,"6176P036","Chicken","2016-04-26","RM","6163AS01",2.13,19,"ING MONTOUR 7139 / MARINADE STYLE COTES-LEVEES / ALLERG: AUCUN",1718,"KG",null,null,null,null,null,null,200.32650000000001,94.05,"2016-04-26"]
[107712,32001,"6176P036","Chicken","2016-04-26","RM","6176EM04",3,304,"EMB BELLEY SAL04-1300 / TRAY BOX BOTTOM (LOBLAW)/ 8X260",1882,"UN",null,null,null,null,null,null,282.14999999999998,94.05,"2016-04-26"]
[107713,32001,"6176P036","Chicken","2016-04-26","RM","6176EM05",3,303,"EMB BELLEY SAL04-1290 / TRAY BOX TOP (LOBLAW)/ 8X260",1881,"UN",null,null,null,null,null,null,282.14999999999998,94.05,"2016-04-26"]
[107714,32001,"6176P036","Chicken","2016-04-26","RM","6176P036",24.16,35827,"CHICKEN THIGHS BONELESS FULL TRIM FR @P",1012,"KG",null,null,null,null,null,null,187.05879999999999,7.7424999999999997,"2016-04-26"]
[107715,32002,"6177P0119","Chicken","2016-04-26","RM","5166AS",5.22,1,"ING EAU",1031,"KG",null,null,null,null,null,null,490.94099999999997,94.05,"2016-04-26"]
[107716,32002,"6177P0119","Chicken","2016-04-26","RM","5502EM05",108,130,"EMB FLEXO F8148 / 26019 (LOBLAW) / ETIQUETTE POITRINE POULET",1884,"UN",null,null,null,null,null,null,4.2012,94.05,"2016-04-26"]
[107717,32002,"6177P0119","Chicken","2016-04-26","RM","5524EM02",108,144,"EMB HEAT SEALING 023018 / 3D BLACK PADDED (LOBLAW) / 400CS",1921,"UN",null,null,null,null,null,null,14.04,94.05,"2016-04-26"]
[107718,32002,"6177P0119","Chicken","2016-04-26","RM","5525EM01",108,108,"EMB ALIMENTS QUEBEC / ETIQUETTE ALIMENTS DU QUEBEC (LOBLAW)",1658,"UN",null,null,null,null,null,null,10157.4,94.05,"2016-04-26"]
[107719,32002,"6177P0119","Chicken","2016-04-26","RM","6163AS01",4.12,19,"ING MONTOUR 7139 / MARINADE STYLE COTES-LEVEES / ALLERG: AUCUN",1718,"KG",null,null,null,null,null,null,387.48599999999999,94.05,"2016-04-26"]
[107720,32002,"6177P0119","Chicken","2016-04-26","RM","6176EM04",9,304,"EMB BELLEY SAL04-1300 / TRAY BOX BOTTOM (LOBLAW)/ 8X260",1882,"UN",null,null,null,null,null,null,846.45,94.05,"2016-04-26"]
[107721,32002,"6177P0119","Chicken","2016-04-26","RM","6176EM05",9,303,"EMB BELLEY SAL04-1290 / TRAY BOX TOP (LOBLAW)/ 8X260",1881,"UN",null,null,null,null,null,null,846.45,94.05,"2016-04-26"]
[107722,32002,"6177P0119","Chicken","2016-04-26","RM","6177P0119",46.66,37003,"FULL TRIM RANDOM *IN PROCESS* CODE: 26019,27056,35760 FR @P",966,"KG",null,null,null,null,null,null,509.76049999999998,10.925000000000001,"2016-04-26"]
[107723,32003,"6183P03","Chicken","2016-04-26","RM","6172EM08",672,126,"EMB HEAT SEALING 023012 / 8D PZ90 WHITE PADDED (LOBLAW) / 400/CS",1879,"UN",null,null,null,null,null,null,63201.599999999999,94.05,"2016-04-26"]
[107724,32003,"6183P03","Chicken","2016-04-26","RM","6176EM04",84,304,"EMB BELLEY SAL04-1300 / TRAY BOX BOTTOM (LOBLAW)/ 8X260",1882,"UN",null,null,null,null,null,null,7900.2,94.05,"2016-04-26"]
[107725,32003,"6183P03","Chicken","2016-04-26","RM","6176EM05",84,303,"EMB BELLEY SAL04-1290 / TRAY BOX TOP (LOBLAW)/ 8X260",1881,"UN",null,null,null,null,null,null,7900.2,94.05,"2016-04-26"]
[107726,32003,"6183P03","Chicken","2016-04-26","RM","6183P03",835,35824,"CHICKEN THIGHS BONELESS FR @P",260,"KG",null,null,null,null,null,null,5354.4375,6.4124999999999996,"2016-04-26"]
[107727,31748,"6172P09","Chicken","2016-04-20","FG","6172P091",-20,35824,"CHICKEN THIGHS BONELESS FR @P",260,"KG",1,-20,null,null,null,null,null,6.4124999999999996,"2016-04-26"]
[107728,31891,"6176P02","Chicken","2016-04-25","FG","6176P0218",40,35730,"CH.FILET* TRIM * UNIFORM FR @P",227,"KG",1,40,40,394,0,0,null,9.2624999999999993,"2016-04-26"]
[107729,31891,"6176P02","Chicken","2016-04-25","FG","6176P0219",100,35728,"CH.FILET*NF*TRIM*UNIFORM FR @P",224,"KG",1,100,200,1990,-100,-935.75,null,9.3574999999999999,"2016-04-26"]
[107730,31891,"6176P02","Chicken","2016-04-25","FG","6176P0223",18.5,35776,"CH.FILET*NF*CUT/2*F.TRIM*6ONC FR @P",241,"KG",1,18.5,18.5,203.5,0,0,null,9.3574999999999999,"2016-04-26"]
[107731,31891,"6176P02","Chicken","2016-04-25","FG","6176P0225",20,35777,"CH.FILET*NF*CUT/2*F.TRIM*7ONC FR@P",242,"KG",1,20,20,199,0,0,null,9.3574999999999999,"2016-04-26"]
[107732,31891,"6176P02","Chicken","2016-04-25","FG","6176P0226",125,35802,"CHICKEN TRIMMINGS 80% FZ #D",638,"KG",1,125,100,250,25,65.3125,null,2.6124999999999998,"2016-04-26"]
[107733,31891,"6176P02","Chicken","2016-04-25","FG","6176P0227",35,35750,"CHICKEN FINGERS FR #D",232,"KG",1,35,null,null,null,null,null,6.1749999999999998,"2016-04-26"]
[107734,31891,"6176P02","Chicken","2016-04-25","FG","6176P0229",10,37001,"CHICKEN *IN PROCESS* 6 OZ CODE: 26048,36311,35776 FR @P",962,"KG",1,10,null,null,null,null,null,9.0250000000000004,"2016-04-26"]
[107735,31892,"6176P011","Chicken","2016-04-25","FG","6176P0119",1055,35760,"CH.FILET*CUT/2* NF*F.TRIM FR @P",235,"KG",1,1055,1055,9631,0,0,null,8.2650000000000006,"2016-04-26"]
[107736,31892,"6176P011","Chicken","2016-04-25","FG","6176P0120",300,35723,"BONELESS CHICKEN BREAST SPLIT**MEDIUM FR #P",218,"KG",1,300,300,2250,0,0,null,7.125,"2016-04-26"]
[107737,31892,"6176P011","Chicken","2016-04-25","FG","6176P0121",50,35741,"BONELESS CHICKEN BREAST  RANDOM *SPLIT BIG FR @P",231,"KG",1,50,50,407.5,0,0,null,7.3624999999999998,"2016-04-26"]
[107738,31892,"6176P011","Chicken","2016-04-25","FG","6176P0124",713,37004,"BONELESS CH.BREAST *IN PROCESS* FR @P",965,"KG",1,713,null,null,null,null,null,7.125,"2016-04-26"]
[107739,31892,"6176P011","Chicken","2016-04-25","FG","6176P0125",2000,36315,"BONLESS CHICKEN BREAST SPLIT ( 2 X 5 KG CVP) **METRO** FR #D",1364,"KG",1,2000,2000,16300,0,0,null,8.2174999999999994,"2016-04-26"]
[107740,31892,"6176P011","Chicken","2016-04-25","FG","6176P0126",65,38006,"CUBES DE POULET 15-20 GRAMMES**5 KG/CS FR @P",1475,"KG",1,65,65,617.5,0,0,null,9.0250000000000004,"2016-04-26"]
[107741,31892,"6176P011","Chicken","2016-04-25","FG","6176P0127",125,36320,"BONELESS CHICKEN BREAST RANDOM**DECARIE** FR #D",1440,"KG",1,125,125,937.5,0,0,null,7.3624999999999998,"2016-04-26"]
[107742,31892,"6176P011","Chicken","2016-04-25","FG","6176P0130",25,38007,"CUBES DE POULET 17 et 23 gr.. ONLY   GRAMMES**5 KG/CS FR @P",1476,"KG",1,25,25,237.5,0,0,null,9.0250000000000004,"2016-04-26"]
[107743,31892,"6176P011","Chicken","2016-04-25","FG","6176P0131",375,35802,"CHICKEN TRIMMINGS 80% FZ #D",638,"KG",1,375,200,500,175,457.1875,null,2.6124999999999998,"2016-04-26"]
[107744,31892,"6176P011","Chicken","2016-04-25","FG","6176P0132",40,37003,"FULL TRIM RANDOM *IN PROCESS* CODE: 26019,27056,35760 FR @P",966,"KG",1,40,null,null,null,null,null,10.925000000000001,"2016-04-26"]
[107745,31892,"6176P011","Chicken","2016-04-25","FG","6176P0135",108,37006,"CHICKEN *IN PROCESS* 4 OZ FR @P",1360,"KG",1,108,null,null,null,null,null,8.0749999999999993,"2016-04-26"]
[107746,31911,"6176P05","Chicken","2016-04-25","FG","6176P052",128.54,26020,"CUISSE DE POULET AVEC DOS ASS. BBQ *LOBLAW* (8 X 3-4/TRAY 8D black) FR @P",1796,"KG",1,128.54,128.54,578.42999999999995,0,0,null,4.2750000000000004,"2016-04-26"]
[107747,31915,"6176P07","Chicken","2016-04-25","FG","6176P072",32.25,35703,"BBQ CHICKEN 1.9-2.2 KG  **4 (UNIT/ CAISSES) FR #D",208,"KG",1,32.25,14.34,65.820599999999999,17.91,78.096554999999995,null,4.3605,"2016-04-26"]
[107748,31920,"6172P096","Chicken","2016-04-25","FG","6172P0910",0,35824,"CHICKEN THIGHS BONELESS FR @P",260,"KG",1,0,null,null,null,null,null,6.4124999999999996,"2016-04-26"]
[107749,31942,"6176P0115","Chicken","2016-04-25","FG","6176P0122",450,35760,"CH.FILET*CUT/2* NF*F.TRIM FR @P",235,"KG",1,450,450,3937.5,0,0,null,8.2650000000000006,"2016-04-26"]
[107750,31944,"6176P03","Chicken","2016-04-25","FG","6176P033",1085,35824,"CHICKEN THIGHS BONELESS FR @P",260,"KG",1,1085,150,1012.5,935,5995.6875,null,6.4124999999999996,"2016-04-26"]
[107751,31944,"6176P03","Chicken","2016-04-25","FG","6176P034",52.8,35824,"CHICKEN THIGHS BONELESS FR @P",260,"KG",1,52.8,null,null,null,null,null,6.4124999999999996,"2016-04-26"]
[107752,31944,"6176P03","Chicken","2016-04-25","FG","6176P035",6.05,35008,"CHICKEN THIGHS WHOLE FR #D",258,"KG",1,6.05,null,null,null,null,null,3.6575000000000002,"2016-04-26"]
[107753,31944,"6176P03","Chicken","2016-04-25","FG","6176P036",24.16,35827,"CHICKEN THIGHS BONELESS FULL TRIM FR @P",1012,"KG",1,24.16,null,null,null,null,null,7.7424999999999997,"2016-04-26"]
[107754,31945,"6055B04L","Beef","2016-04-26","FG","6055B0478",9,99997,"14OZ-BEEF RIB STEAKS*PROMO* 20 X 1 COV*AA**8KG/CS FZ #D",723,"CS",8,72,null,null,null,null,null,174.8,"2016-04-26"]
[107755,31945,"6055B04L","Beef","2016-04-26","FG","6055B0479",19.5,14114,"14 OZ-BEEF RIB STEAKS-12X1*AA FR @P",27,"KG",1,19.5,19.5,448.5,0,0,null,21.85,"2016-04-26"]
[107756,31945,"6055B04L","Beef","2016-04-26","FG","6055B0480",5.0199999999999996,30614,"BEEF UNIT RIB STEAKS*12/CAISSES**COV X1*AAA*14 OZ FR @P",1509,"KG",1,5.0199999999999996,5.0199999999999996,122.99,0,0,null,23.274999999999999,"2016-04-26"]
[107757,31945,"6055B04L","Beef","2016-04-26","FG","6055B0481",14.76,30514,"BEEF UNIT RIB STEAKS*12/CAISSES**COV X1*AA*14 OZ FR @P",1486,"KG",1,14.76,14.76,324.72000000000003,0,0,null,20.9,"2016-04-26"]
[107758,31945,"6055B04L","Beef","2016-04-26","FG","6055B0482",10.16,31331,"BEEF UNIT RIB STEAK * 12 OZ**AA** CONAN BOX* 15 / CS**VACX1 FZ",1640,"KG",1,10.16,10.16,248.92,0,0,null,23.274999999999999,"2016-04-26"]
[107759,31945,"6055B04L","Beef","2016-04-26","FG","6055B0483",8.6199999999999992,30512,"BEEF UNIT RIB STEAKS*12/CAISSES**COV X1*AA*12 OZ FR @P",1483,"KG",1,8.6199999999999992,8.6199999999999992,189.64,0,0,null,20.9,"2016-04-26"]
[107760,31945,"6055B04L","Beef","2016-04-26","FG","6055B0484",4.4800000000000004,30510,"BEEF UNIT RIB STEAKS*12/CAISSES**COV X1*AA*10 OZ FR @P",1481,"KG",1,4.4800000000000004,4.4800000000000004,98.56,0,0,null,20.9,"2016-04-26"]
[107761,31945,"6055B04L","Beef","2016-04-26","FG","6055B0485",11.24,30516,"BEEF UNIT RIB STEAKS*12/CAISSES**COV X1*AA*16 OZ FR @P",1488,"KG",1,11.24,11.24,247.28,0,0,null,20.9,"2016-04-26"]
[107762,31945,"6055B04L","Beef","2016-04-26","FG","6055B0486",2,31506,"BEEF RIB STEAK *IN PROCESS* CODE: 30409, 30714, 30415, 30460, 30420 FR",1809,"KG",1,2,null,null,null,null,null,17.574999999999999,"2016-04-26"]
[107763,31946,"6166B02D","Beef","2016-04-26","FG","6166B0210",5,32013,"MEDIUM GROUND BEEF 2X2.5 KG* BOTE BLANCHE FR @P",790,"KG",1,5,5,34.5,0,0,null,6.5549999999999997,"2016-04-26"]
[107764,31946,"6166B02D","Beef","2016-04-26","FG","6166B0211",20,32022,"MEDIUM GROUND BEEF* 2 X 2.5 KG TUBE  FZ #D",852,"KG",1,20,null,null,null,null,null,6.6025,"2016-04-26"]
[107765,31946,"6166B02D","Beef","2016-04-26","FG","6166B0212",225,32001,"2X REGULAR GROUND BEEF (TUBE) FR #D",118,"KG",1,225,225,1552.5,0,0,null,6.5549999999999997,"2016-04-26"]
[107766,31946,"6166B02D","Beef","2016-04-26","FG","6166B029",150,32002,"MEDIUM GROUND BEEF 2X (STEAK BEC) 2X2.5KG VAC BAG FR #D",1708,"KG",1,150,150,1042.5,0,0,null,6.5549999999999997,"2016-04-26"]
[107767,31947,"6166B02E","Beef","2016-04-26","FG","6166B0213",50,32004,"2X SPECIAL MAIGRE GROUND BEEF (VAC BAG) FR #D",120,"KG",1,50,50,387.5,0,0,null,7.3624999999999998,"2016-04-26"]
[107768,31947,"6166B02E","Beef","2016-04-26","FG","6166B0214",35,32005,"LEAN GROUND BEEF CHUCK* VAC BAG X 2.5KG FR #D",121,"KG",1,35,35,295,0,0,null,7.6,"2016-04-26"]
[107769,31947,"6166B02E","Beef","2016-04-26","FG","6166B0215",15,32023,"LEAN GROUND BEEF** 2X 2.5 KG TUBE FZ #D",856,"KG",1,15,null,null,null,null,null,7.2675000000000001,"2016-04-26"]
[107770,31948,"6166B02F","Beef","2016-04-26","FG","6166B0217",0,11188,"BEEF BURGER IMPERIO 1/3 LIVRE**5.3 OZ ( 24/CS 3.63KG/CS) FZ #D",1806,"CS",3.63,0,null,null,null,null,null,27.151,"2016-04-26"]
[107771,31948,"6166B02F","Beef","2016-04-26","FG","6166B0218",0,11101,"BEEF*PATTIES*3OZ*60/CS*5.1KG**60/CS**FR",130,"CS",5.0999999999999996,0,null,null,null,null,null,36.337499999999999,"2016-04-26"]
[107772,31948,"6166B02F","Beef","2016-04-26","FG","6166B0219",0,32001,"2X REGULAR GROUND BEEF (TUBE) FR #D",118,"KG",1,0,null,null,null,null,null,6.5549999999999997,"2016-04-26"]
[107773,31948,"6166B02F","Beef","2016-04-26","FG","6166B0220",0,32021,"REGULAR GROUND BEEF* 4 X 2.5 KG TUBES FROZEN",855,"KG",1,0,null,null,null,null,null,4.2750000000000004,"2016-04-26"]
[107774,31948,"6166B02F","Beef","2016-04-26","FG","6166B0221",0,32026,"REGULAR GROUND BEEF 75% (2 X 2.5kG) tUBE *BOITE BLANCHE* FR #D",1984,"KG",1,0,null,null,null,null,null,6.6405000000000003,"2016-04-26"]
[107775,31948,"6166B02F","Beef","2016-04-26","FG","6166B0222",0,32027,"2X REGULAR GROUND BEEF 70% (2 X 2.5KG) TUBE *BOITE BLANCHE* FR #D",1985,"KG",1,0,null,null,null,null,null,6.4124999999999996,"2016-04-26"]
[107776,31948,"6166B02F","Beef","2016-04-26","FG","6166B0223",0,32028,"1X REGULAR GROUND BEEF 70% (2 X 2.5KG) TUBE *BOITE BLANCHE* FR #D",1986,"KG",1,0,null,null,null,null,null,6.4124999999999996,"2016-04-26"]
[107777,31948,"6166B02F","Beef","2016-04-26","FG","6166B0224",0,32035,"REGULAR GROUND BEEF***2 X 2.5 TUBES**INSTITUTIONS FZ @D",915,"KG",1,0,null,null,null,null,null,5.7,"2016-04-26"]
[107778,31948,"6166B02F","Beef","2016-04-26","FG","6166B028",50,32000,"1X REGULAR GROUND BEEF ( 2.5 kg/SAC) FR #D",117,"KG",1,50,50,300,0,0,null,5.7,"2016-04-26"]
[107779,31949,"6094B07206","Beef","2016-04-26","FG","6094B07213",7,24007,"PORK CHOPS SEASONED BBQ SPARERIBS**7 OZ (3 SAC X9 UNIT ) /CS 5.4KG/CS) FR @P",1783,"CS",5.4,37.799999999999997,7,230.58,0,0,null,31.292999999999999,"2016-04-26"]
[107780,31950,"6094B07208","Beef","2016-04-26","FG","6094B07214",93,24007,"PORK CHOPS SEASONED BBQ SPARERIBS**7 OZ (3 SAC X9 UNIT ) /CS 5.4KG/CS) FR @P",1783,"CS",5.4,502.2,93,3063.42,0,0,null,31.292999999999999,"2016-04-26"]
[107781,31951,"6094B07209","Beef","2016-04-26","FG","6094B07215",20,24006,"PORK ROAST SEASONED BBQ SPARERIBS**1.7KG (4/CS, 6.8KG/CS) FR @P",1782,"CS",6.8,136,20,829.6,0,0,null,39.405999999999999,"2016-04-26"]
[107782,31952,"5484B0786B","Beef","2016-04-26","FG","5484B0792",5,24003,"FILET DE PORC ASAISSONNE TEXAN**METRO( 3 X12 UN/ CS)115-125GR*4.32KG/SAC FR @P",1446,"CS",4.32,21.6,5,191.2,0,0,null,36.328000000000003,"2016-04-26"]
[107783,31953,"6166B02G","Beef","2016-04-26","FG","6166B0216",10,32026,"REGULAR GROUND BEEF 75% (2 X 2.5kG) tUBE *BOITE BLANCHE* FR #D",1984,"KG",1,10,10,69.900000000000006,0,0,null,6.6405000000000003,"2016-04-26"]
[107784,31954,"6103B033","Beef","2016-04-26","FG","6103B034",609.28,24132,"BEEF LANIERES SEASONNED**1.5 to INCH X 3/8 X 3/8 SUNCHEF**25 KG/CS FR #P( avrg 2",1572,"KG",1,609.28,609.28,5483.52,0,0,null,8.5500000000000007,"2016-04-26"]
[107785,31955,"6125B11I","Beef","2016-04-26","FG","6125B1136",32.56,31505,"BEEF CUBES *IN PROCESS* CODE: 30314, 30304 FR",1808,"KG",1,32.56,null,null,null,null,null,10.45,"2016-04-26"]
[107786,31955,"6125B11I","Beef","2016-04-26","FG","6125B1137",44.2,13340,"BEEF INSIDE STEAKS* 160-180 gr**COV 1X1**24/CS FR @P",807,"KG",1,44.2,44.2,574.6,0,0,null,12.35,"2016-04-26"]
[107787,31955,"6125B11I","Beef","2016-04-26","FG","6125B1138",44.94,31500,"BEEF HOUSE TRIMMINGS FR @P",1306,"KG",1,44.94,null,null,null,null,null,9.5,"2016-04-26"]
[107788,31956,"6153B058","Beef","2016-04-26","FG","6153B0510",10,41263,"CUBES DE PORC ( BUCKEYE )**2 X 2.5 KG FZ #D",1293,"CS",5,50,8,248,2,52.25,null,26.125,"2016-04-26"]
[107789,31956,"6153B058","Beef","2016-04-26","FG","6153B0511",15,41250,"PORK BUCKEYE CUBED**15-20 GRAMS**25 KG/CS FR @P",407,"KG",1,15,15,82.5,0,0,null,5.2249999999999996,"2016-04-26"]
[107790,31957,"6094B07AD","Beef","2016-04-26","FG","6094B07216",0,41217,"BONELESS PORK SIRLOIN STRIPS *1/4\" X 3\"* 5 X 1 KG FZ #D",986,"KG",1,0,null,null,null,null,null,7.125,"2016-04-26"]
[107791,31957,"6094B07AD","Beef","2016-04-26","FG","6094B07217",20.36,41216,"BONELESS PORK SIRLOIN ROAST APROX. 1 KG *4/CS* FZ #D",985,"KG",1,20.36,20.36,132.34,0,0,null,5.9375,"2016-04-26"]
[107792,31957,"6094B07AD","Beef","2016-04-26","FG","6094B07218",15,41271,"CUBES DE PORC 1 TO 1 1/2 INCH ***2X2.5 KG * BOITE ALIMPLUS FZ #D",1433,"KG",1,15,null,null,null,null,null,5.2249999999999996,"2016-04-26"]
[107793,31957,"6094B07AD","Beef","2016-04-26","FG","6094B07219",2.5,41347,"CUBES DE PORC*IN PROCESS* CODE: 41270 FR",1859,"KG",1,2.5,null,null,null,null,null,5.2249999999999996,"2016-04-26"]
[107794,31957,"6094B07AD","Beef","2016-04-26","FG","6094B07220",128.31,41346,"PORK ROAST NATURE *IN PROCESS* CODE: 24006 FR",1858,"KG",1,128.31,null,null,null,null,null,5.7949999999999999,"2016-04-26"]
[107795,31957,"6094B07AD","Beef","2016-04-26","FG","6094B07222",50,41351,"PORK TABLE TRIMMINGS*IN PROCESS**25 KG/CS FZ",1834,"KG",1,50,null,null,null,null,null,5.2249999999999996,"2016-04-26"]
[107796,31958,"6165B02I","Beef","2016-04-26","FG","6165B0217",600,21019,"LEAN GROUNDD BEEF (2 X 2.5KG) *BOITE BLANCHE* FZ #D**",2004,"KG",1,600,null,null,null,null,null,4.9400000000000004,"2016-04-26"]
[107797,31959,"6144B0112B","Beef","2016-04-26","FG","6144B0116",18.399999999999999,45203,"VEAL INSIDE FOR SCALOPINI FR #D",584,"KG",1,18.399999999999999,18.399999999999999,367.08,0,0,null,18.952500000000001,"2016-04-26"]
[107798,31960,"6104B06B","Beef","2016-04-26","FG","6104B061",41.28,31211,"*AAA ANGUS *UNIT STRIPLOIN STEAKS *VACUUM* FR @P",79,"KG",1,41.28,41.28,1217.76,0,0,null,28.024999999999999,"2016-04-26"]
[107799,31960,"6104B06B","Beef","2016-04-26","FG","6104B062",2.54,31206,"UNIT STRIPLOIN SL*FRESH*VACUUM AA FR @P",74,"KG",1,2.54,2.54,63.5,0,0,null,23.75,"2016-04-26"]
[107800,31960,"6104B06B","Beef","2016-04-26","FG","6104B063",19.32,31500,"BEEF HOUSE TRIMMINGS FR @P",1306,"KG",1,19.32,null,null,null,null,null,9.5,"2016-04-26"]
[107801,31960,"6104B06B","Beef","2016-04-26","FG","6104B064",3,99990,"8OZ-BEEF STRIPLOIN STEAKS*PROMO* 20 X 1 COV*AA**4.54KG/CS FZ #D",924,"CS",4.54,13.62,null,null,null,null,null,107.825,"2016-04-26"]
[107802,31960,"6104B06B","Beef","2016-04-26","FG","6104B065",10.08,31507,"BEEF STRIPLOIN STEAK *IN PROCESS* 33150, 99990, 31412 FR",1810,"KG",1,10.08,null,null,null,null,null,20.9,"2016-04-26"]
[107803,31961,"5484B0791","Beef","2016-04-26","FG","5484B0793",95,24003,"FILET DE PORC ASAISSONNE TEXAN**METRO( 3 X12 UN/ CS)115-125GR*4.32KG/SAC FR @P",1446,"CS",4.32,410.4,95,3632.8,0,0,null,36.328000000000003,"2016-04-26"]
[107804,31961,"5484B0791","Beef","2016-04-26","FG","5484B0794",71.98,41342,"TEXAN MEDALLION *IN PROCESS* CODE: 24003 (3X 12) FR #D",1585,"KG",1,71.98,null,null,null,null,null,8.4075000000000006,"2016-04-26"]
[107805,31962,"6172P096B","Chicken","2016-04-26","FG","6172P0911",10,35824,"CHICKEN THIGHS BONELESS FR @P",260,"KG",1,10,10,67.5,0,0,null,6.4124999999999996,"2016-04-26"]
[107806,31963,"6172P091D","Chicken","2016-04-26","FG","6172P0912",40,35824,"CHICKEN THIGHS BONELESS FR @P",260,"KG",1,40,40,270,0,0,null,6.4124999999999996,"2016-04-26"]
[107807,31964,"6165B02J","Beef","2016-04-26","FG","6165B0218",187,21017,"LEAN GROUND BEEF ANGUS ALPHA  (4 X .400gr, 1.6 KG) 10 SAC/ CAISSE FZ #D",1849,"CS",16,2992,null,null,null,null,null,95,"2016-04-26"]
[107808,31964,"6165B02J","Beef","2016-04-26","FG","6165B0219",0,21018,"MIX GROUND BEEF AND PORK ( 4X 500 GR, 2 KG)  8 SAC/ CAISSE FZ #D",1850,"CS",16,0,null,null,null,null,null,90.25,"2016-04-26"]
[107809,31964,"6165B02J","Beef","2016-04-26","FG","6165B0221",5.84,31503,"LEAN GROUND BEEF *IN PROCESS* CODE: 32004,005,012,014,016,023,031,033 FR",1313,"KG",1,5.84,null,null,null,null,null,7.2675000000000001,"2016-04-26"]
[107810,31965,"6184P0110B","Chicken","2016-04-26","FG","6184P0114",5,35827,"CHICKEN THIGHS BONELESS FULL TRIM FR @P",1012,"KG",1,5,5,40.75,0,0,null,7.7424999999999997,"2016-04-26"]
[107811,31967,"6176P0217","Chicken","2016-04-26","FG","6176P0220",65,36704,"CH.FILET*NF*CUT/2*F.TRIM*7ONC ***ALIMPLUS***FR @P",902,"KG",1,65,65,633.75,0,0,null,9.2624999999999993,"2016-04-26"]
[107812,31968,"6176P0215","Chicken","2016-04-26","FG","6176P0221",15,35721,"BONELESS CHICKEN BREAST BUTTERFLY BIG FR #D",214,"KG",1,15,15,126,0,0,null,7.98,"2016-04-26"]
[107813,31969,"6176P0124","Chicken","2016-04-26","FG","6176P0129",50,26017,"BONELESS SEASONED CHICKEN BREAST NO FINGERS FR @P",670,"KG",1,50,10,72.5,40,266,null,6.65,"2016-04-26"]
[107814,31970,"6173B011","Beef","2016-04-26","FG","6173B014",91.58,41252,"PORK BUTTS SLICED FOR GYRO FR @P",410,"KG",1,91.58,91.58,489.95299999999997,0,0,null,5.0824999999999996,"2016-04-26"]
[107815,31970,"6173B011","Beef","2016-04-26","FG","6173B015",23.82,41253,"PORK BUTTS CUBED FR @P",411,"KG",1,23.82,23.82,127.437,0,0,null,5.0824999999999996,"2016-04-26"]
[107816,31971,"6176P0213","Chicken","2016-04-26","FG","6176P0222",40,35750,"CHICKEN FINGERS FR #D",232,"KG",1,40,40,258.5,0,0,null,6.1749999999999998,"2016-04-26"]
[107817,31972,"6165B02K","Beef","2016-04-26","FG","6165B0220",48,11154,"BEEF BURGER PRIMAGO 4 OZ**36/CS**4.08KG/CS FZ #D",1682,"CS",4.08,195.84,null,null,null,null,null,28.31,"2016-04-26"]
[107818,31973,"6106B03B","Beef","2016-04-26","FG","6106B033",11.3,33302,"BEEF SHOULDER FLAT IRON STEAKS AA**36 X 8 OZ VACX1*BOITE BLANCHE FR #D",1593,"KG",1,11.3,11.3,226,0,0,null,19,"2016-04-26"]
[107819,31973,"6106B03B","Beef","2016-04-26","FG","6106B034",27.92,33311,"BEEF FLAT IRON STEAK AAA**12 X 285GR (A+ PORTION 12/CS) FR",1933,"KG",1,27.92,27.92,565.38,0,0,null,18.952500000000001,"2016-04-26"]
[107820,31973,"6106B03B","Beef","2016-04-26","FG","6106B035",17.68,31500,"BEEF HOUSE TRIMMINGS FR @P",1306,"KG",1,17.68,null,null,null,null,null,9.5,"2016-04-26"]
[107821,31973,"6106B03B","Beef","2016-04-26","FG","6106B036",8.3800000000000008,31505,"BEEF CUBES *IN PROCESS* CODE: 30314, 30304 FR",1808,"KG",1,8.3800000000000008,null,null,null,null,null,10.45,"2016-04-26"]
[107822,31974,"6102B06C","Beef","2016-04-26","FG","6102B064",5.38,31300,"UNIT MEDALLION COW FILETS VAC FR @P",80,"KG",1,5.38,5.38,185.61,0,0,null,32.774999999999999,"2016-04-26"]
[107823,31974,"6102B06C","Beef","2016-04-26","FG","6102B065",2.62,31500,"BEEF HOUSE TRIMMINGS FR @P",1306,"KG",1,2.62,null,null,null,null,null,9.5,"2016-04-26"]
[107824,31975,"6164B06","Beef","2016-04-26","FG","6164B061",4.9800000000000004,41217,"BONELESS PORK SIRLOIN STRIPS *1/4\" X 3\"* 5 X 1 KG FZ #D",986,"KG",1,4.9800000000000004,4.9800000000000004,37.35,0,0,null,7.125,"2016-04-26"]
[107825,31975,"6164B06","Beef","2016-04-26","FG","6164B062",12,41312,"ESCALOPE DE PORC TENDERIZE**6X4X110GR (105-115GR,2.64KG/CS) BTE A+ PORTION FZ @P",1950,"CS",2.64,31.68,null,null,null,null,null,17.556000000000001,"2016-04-26"]
[107826,31976,"6174P0813","Chicken","2016-04-26","FG","6174P0814",54,27054,"DEMI-POIT. POUL F TRIM BBQ COTES-LEVEES (120-130GR)(2 X 18 UN)**4.5KG/CS FR @P",1717,"KG",1,54,54,578.88,0,0,null,10.183999999999999,"2016-04-26"]
[107827,31977,"6174P0812","Chicken","2016-04-26","FG","6174P0815",63,27051,"CHIPOTLE SEASONED BNLS CH BREAST F-TRIM**120-130g (2 SACX18 UN)**4.5 kg FR #D",1363,"KG",1,63,63,675.36,0,0,null,10.183999999999999,"2016-04-26"]
[107828,31978,"6174P0622","Chicken","2016-04-26","FG","6174P0623",171,27054,"DEMI-POIT. POUL F TRIM BBQ COTES-LEVEES (120-130GR)(2 X 18 UN)**4.5KG/CS FR @P",1717,"KG",1,171,171,1833.12,0,0,null,10.183999999999999,"2016-04-26"]
[107829,31978,"6174P0622","Chicken","2016-04-26","FG","6174P0624",31.5,37010,"CHICKEN SEASONED *IN PROCESS* CODE: 27054 FR @P",1829,"KG",1,31.5,null,null,null,null,null,10.183999999999999,"2016-04-26"]
[107830,31979,"6182P0116","Chicken","2016-04-26","FG","6182P0120",162,27051,"CHIPOTLE SEASONED BNLS CH BREAST F-TRIM**120-130g (2 SACX18 UN)**4.5 kg FR #D",1363,"KG",1,162,162,1736.64,0,0,null,10.183999999999999,"2016-04-26"]
[107831,31979,"6182P0116","Chicken","2016-04-26","FG","6182P0122",76.5,37005,"POULET ASSAISONNE *IN PROCESS* CODE 27051 FR @P",1315,"KG",1,76.5,null,null,null,null,null,10.183999999999999,"2016-04-26"]
[107832,31980,"6122B07B","Beef","2016-04-26","FG","6122B073",212.6,31505,"BEEF CUBES *IN PROCESS* CODE: 30314, 30304 FR",1808,"KG",1,212.6,null,null,null,null,null,10.45,"2016-04-26"]
[107833,31980,"6122B07B","Beef","2016-04-26","FG","6122B074",60,30311,"BONELESS BEEF LANIERES**5 KG/CS FZ #D",743,"KG",1,60,null,null,null,null,null,10.64,"2016-04-26"]
[107834,31980,"6122B07B","Beef","2016-04-26","FG","6122B075",63.1,31500,"BEEF HOUSE TRIMMINGS FR @P",1306,"KG",1,63.1,null,null,null,null,null,9.5,"2016-04-26"]
[107835,31980,"6122B07B","Beef","2016-04-26","FG","6122B076",310,30325,"BEEF STEW**FOR ALIMPLUS* 85 % 2X2.5KG FZ #D",974,"KG",1,310,null,null,null,null,null,10.6875,"2016-04-26"]
[107836,31980,"6122B07B","Beef","2016-04-26","FG","6122B077",131.82,31500,"BEEF HOUSE TRIMMINGS FR @P",1306,"KG",1,131.82,null,null,null,null,null,9.5,"2016-04-26"]
[107837,31981,"6177P01","Chicken","2016-04-26","FG","6177P011",131.6,35740,"BNLESS CHICKEN BREAST* PAPILLION**SMAL-MEDIUM FR @P",230,"KG",1,131.6,106.6,1357.25,25,207.8125,null,8.3125,"2016-04-26"]
[107838,31981,"6177P01","Chicken","2016-04-26","FG","6177P0110",115,38000,"POITRINE POULET DESOSSE PAPILLION UNIFORME 5 KG/ CS**12-14 OZ FR @P",1472,"KG",1,115,115,1006.25,0,0,null,8.3125,"2016-04-26"]
[107839,31981,"6177P01","Chicken","2016-04-26","FG","6177P0111",40,35727,"CH.FILET N.F FR @P",223,"KG",1,40,40,350,0,0,null,8.3125,"2016-04-26"]
[107840,31981,"6177P01","Chicken","2016-04-26","FG","6177P0112",75,35802,"CHICKEN TRIMMINGS 80% FZ #D",638,"KG",1,75,null,null,null,null,null,2.6124999999999998,"2016-04-26"]
[107841,31981,"6177P01","Chicken","2016-04-26","FG","6177P0113",110,35750,"CHICKEN FINGERS FR #D",232,"KG",1,110,null,null,null,null,null,6.1749999999999998,"2016-04-26"]
[107842,31981,"6177P01","Chicken","2016-04-26","FG","6177P0114",20,35721,"BONELESS CHICKEN BREAST BUTTERFLY BIG FR #D",214,"KG",1,20,null,null,null,null,null,7.98,"2016-04-26"]
[107843,31981,"6177P01","Chicken","2016-04-26","FG","6177P0115",10,37001,"CHICKEN *IN PROCESS* 6 OZ CODE: 26048,36311,35776 FR @P",962,"KG",1,10,null,null,null,null,null,9.0250000000000004,"2016-04-26"]
[107844,31981,"6177P01","Chicken","2016-04-26","FG","6177P0116",95,37002,"CHICKEN *IN PROCESS* 7 OZ CODE: 36704,35777,35747 FR @P",963,"KG",1,95,null,null,null,null,null,9.0250000000000004,"2016-04-26"]
[107845,31981,"6177P01","Chicken","2016-04-26","FG","6177P0117",8,37006,"CHICKEN *IN PROCESS* 4 OZ FR @P",1360,"KG",1,8,null,null,null,null,null,8.0749999999999993,"2016-04-26"]
[107846,31981,"6177P01","Chicken","2016-04-26","FG","6177P0118",51,37004,"BONELESS CH.BREAST *IN PROCESS* FR @P",965,"KG",1,51,null,null,null,null,null,7.125,"2016-04-26"]
[107847,31981,"6177P01","Chicken","2016-04-26","FG","6177P0119",46.66,37003,"FULL TRIM RANDOM *IN PROCESS* CODE: 26019,27056,35760 FR @P",966,"KG",1,46.66,null,null,null,null,null,10.925000000000001,"2016-04-26"]
[107848,31981,"6177P01","Chicken","2016-04-26","FG","6177P012",25,35720,"CH.FILET*SKIN ON * BNLSS FR @P",213,"KG",1,25,25,183.75,0,0,null,6.9824999999999999,"2016-04-26"]
[107849,31981,"6177P01","Chicken","2016-04-26","FG","6177P013",313.38,35005,"CH.BREAST NO BACK (U.S)*40LB FR #D",216,"KG",1,313.38,308.38,1667.066,5,24.9375,null,4.9874999999999998,"2016-04-26"]
[107850,31981,"6177P01","Chicken","2016-04-26","FG","6177P014",140,35776,"CH.FILET*NF*CUT/2*F.TRIM*6ONC FR @P",241,"KG",1,140,140,1390.5,0,0,null,9.3574999999999999,"2016-04-26"]
[107851,31981,"6177P01","Chicken","2016-04-26","FG","6177P015",135,36704,"CH.FILET*NF*CUT/2*F.TRIM*7ONC ***ALIMPLUS***FR @P",902,"KG",1,135,135,1316.25,0,0,null,9.2624999999999993,"2016-04-26"]
[107852,31981,"6177P01","Chicken","2016-04-26","FG","6177P016",25,36304,"BONELESS CHICKEN BREAST (PAPILLON)*ALIMPLUS*FR @P",932,"KG",1,25,25,206.25,0,0,null,7.8375000000000004,"2016-04-26"]
[107853,31981,"6177P01","Chicken","2016-04-26","FG","6177P017",65,35777,"CH.FILET*NF*CUT/2*F.TRIM*7ONC FR@P",242,"KG",1,65,65,646.75,0,0,null,9.3574999999999999,"2016-04-26"]
[107854,31981,"6177P01","Chicken","2016-04-26","FG","6177P018",25,35775,"CH.FILET*NF*CUT/2*F.TRIM*5ONC FR @P",240,"KG",1,25,25,248.75,0,0,null,9.3574999999999999,"2016-04-26"]
[107855,31981,"6177P01","Chicken","2016-04-26","FG","6177P019",15,35720,"CH.FILET*SKIN ON * BNLSS FR @P",213,"KG",1,15,15,112.5,0,0,null,6.9824999999999999,"2016-04-26"]
[107856,31982,"6175B05","Beef","2016-04-26","FG","6175B051",5.22,30303,"BONELESS BEEF SHOULDER ROLL FR #D",16,"KG",1,5.22,5.22,62.64,0,0,null,11.4,"2016-04-26"]
[107857,31983,"6176P021","Chicken","2016-04-26","FG","6176P0224",50,35740,"BNLESS CHICKEN BREAST* PAPILLION**SMAL-MEDIUM FR @P",230,"KG",1,50,50,437.5,0,0,null,8.3125,"2016-04-26"]
[107858,31984,"6182P0110B","Chicken","2016-04-26","FG","6182P0121",24,35800,"CHICKEN BONES CAISSE FR #D",637,"CS",12,288,null,null,null,null,null,6.65,"2016-04-26"]
[107859,31985,"6176P0110","Chicken","2016-04-26","FG","6176P0128",40,26017,"BONELESS SEASONED CHICKEN BREAST NO FINGERS FR @P",670,"KG",1,40,40,290,0,0,null,6.65,"2016-04-26"]
[107860,31986,"6153B022","Beef","2016-04-26","FG","6153B023",5.26,45209,"VEAL CUTLETS TENDERIZED*UNIT LAYER PACK FR @P",1467,"KG",1,5.26,5.26,74.954999999999998,0,0,null,13.5375,"2016-04-26"]
[107861,31987,"6176P0215B","Chicken","2016-04-26","FG","6176P0228",10,35740,"BNLESS CHICKEN BREAST* PAPILLION**SMAL-MEDIUM FR @P",230,"KG",1,10,null,null,null,null,null,8.3125,"2016-04-26"]
[107862,31988,"5413B04","Beef","2016-04-26","FG","5413B041",64.78,31500,"BEEF HOUSE TRIMMINGS FR @P",1306,"KG",1,64.78,null,null,null,null,null,9.5,"2016-04-26"]
[107863,31988,"5413B04","Beef","2016-04-26","FG","5413B042",174.56,31519,"BAVETTE *IN PROCESS* FR",1811,"KG",1,174.56,null,null,null,null,null,19.760000000000002,"2016-04-26"]
[107864,31989,"6046B04T","Beef","2016-04-26","FG","6046B0423",55,11188,"BEEF BURGER IMPERIO 1/3 LIVRE**5.3 OZ ( 24/CS 3.63KG/CS) FZ #D",1806,"CS",3.63,199.65,null,null,null,null,null,27.151,"2016-04-26"]
[107865,31990,"6094B07220","Beef","2016-04-26","FG","6094B07221",154,41345,"PORK ROAST SEASONED BBQ*IN PROCESS* CODE: 24006 (4 X 1.7 KG/CS**6.8 KG/CS) FR",1855,"KG",1,154,null,null,null,null,null,5.7949999999999999,"2016-04-26"]
[107866,31991,"5484B07P","Beef","2016-04-26","FG","5484B0795",75,41351,"PORK TABLE TRIMMINGS*IN PROCESS**25 KG/CS FZ",1834,"KG",1,75,null,null,null,null,null,5.2249999999999996,"2016-04-26"]
[107867,31991,"5484B07P","Beef","2016-04-26","FG","5484B0796",341.2,41341,"PORK FILET *IN PROCESS* FR #D",1450,"KG",1,341.2,null,null,null,null,null,5.8425000000000002,"2016-04-26"]
[107868,31992,"6176P0118","Chicken","2016-04-26","FG","6176P0134",62.72,26019,"POITRINE DE POULET DES. ASS. BBQ *LOBLAW* (12 X 2/TRAY 3D black) FR @P",1794,"KG",1,62.72,62.72,721.28,0,0,null,10.925000000000001,"2016-04-26"]
[107869,31993,"6184P0112","Chicken","2016-04-26","FG","6184P0115",20.58,26012,"HAUT DE CUISSE POULET DES. PAREE ASS. BBQ *LOBLAW* (8 X 12/TRAY 8D black) FR @P",1795,"KG",1,20.58,20.58,184.191,0,0,null,8.5024999999999995,"2016-04-26"]
[107870,31995,"6176P04","Chicken","2016-04-26","FG","6176P041",123.12,26034,"PILON DE POULET ASSAISONNE BBQ *LOBLAW* ( 8 X 8/TRAY 8D black) FR @P",1797,"KG",1,123.12,123.12,640.22400000000005,0,0,null,4.9400000000000004,"2016-04-26"]
[107871,31996,"6176P06","Chicken","2016-04-26","FG","6176P061",30.98,26036,"AILES DE POULET BOUT ENLEVE ASS. BBQ *LOBLAW* (8 X 24/TRAY 8D black) FR @P",1798,"KG",1,30.98,30.98,288.11399999999998,0,0,null,8.8350000000000009,"2016-04-26"]
[107872,31997,"6182P03","Chicken","2016-04-26","FG","6182P031",156.78,26034,"PILON DE POULET ASSAISONNE BBQ *LOBLAW* ( 8 X 8/TRAY 8D black) FR @P",1797,"KG",1,156.78,null,null,null,null,null,4.9400000000000004,"2016-04-26"]
[107873,31998,"6182P04","Chicken","2016-04-26","FG","6182P041",97.86,26020,"CUISSE DE POULET AVEC DOS ASS. BBQ *LOBLAW* (8 X 3-4/TRAY 8D black) FR @P",1796,"KG",1,97.86,null,null,null,null,null,4.2750000000000004,"2016-04-26"]
[107874,31999,"6182P05","Chicken","2016-04-26","FG","6182P051",39.9,26036,"AILES DE POULET BOUT ENLEVE ASS. BBQ *LOBLAW* (8 X 24/TRAY 8D black) FR @P",1798,"KG",1,39.9,null,null,null,null,null,8.8350000000000009,"2016-04-26"]
[107875,32000,"6183P01","Chicken","2016-04-26","FG","6183P011",2285.4299999999998,35732,"POITRINE DE POULET DES. NATURE *LOBLAW* (8 X 4-5/TRAY 8D white) FR @P",1792,"KG",1,2285.4299999999998,2285.4299999999998,20568.87,0,0,null,8.8825000000000003,"2016-04-26"]
[107876,32000,"6183P01","Chicken","2016-04-26","FG","6183P012",0,11436,"BONELESS CHICKEN BREAST FULL TRIM AVEC FILET:2 SACX 5 KG/CS FR @P",1207,"KG",1,0,null,null,null,null,null,9.2624999999999993,"2016-04-26"]
[107877,32001,"6176P036","Chicken","2016-04-26","FG","6176P037",28.44,26012,"HAUT DE CUISSE POULET DES. PAREE ASS. BBQ *LOBLAW* (8 X 12/TRAY 8D black) FR @P",1795,"KG",1,28.44,null,null,null,null,null,8.5024999999999995,"2016-04-26"]
[107878,32002,"6177P0119","Chicken","2016-04-26","FG","6177P0120",51.56,26019,"POITRINE DE POULET DES. ASS. BBQ *LOBLAW* (12 X 2/TRAY 3D black) FR @P",1794,"KG",1,51.56,null,null,null,null,null,10.925000000000001,"2016-04-26"]
[107879,32003,"6183P03","Chicken","2016-04-26","FG","6183P031",820.33,35829,"HAUT DE CUISSE POULET DES. NATURE *LOBLAW* (8 X 12/TRAY 8D white) FR @P",1793,"KG",1,820.33,820.33,7382.97,0,0,null,8.5500000000000007,"2016-04-26"]

{"sheet":"Production Lun","index":3,"n_rows":351,"n_cols":26,"rows_kept":351,"cut":false,"hidden":false,"merged":[]}
["Report ID","Dep","Typ","Product ID","Product Description","Lot #","Production Raw Material","Finished Goods","Cat","Difference (RM less FG)","Yield","# ID","Supplier","Purchased Kg","Price Paid/Kg","Price Sale/Kg $P1","RM Costing","FG Selling $P1","Report ID Earning","Code","Fr/Fz","Frais","Congelé","Date FG","Date Report ID",{"$f":"[3]Entete!F16","v":"2016-04-25"}]
["5412B05J","Beef","RM",31519,"BAVETTE *IN PROCESS* FR","5406B041",17.54,null,1,null,{"$f":"IF(ISNA(VLOOKUP($D:$D,rend,2,FALSE))=FALSE,VLOOKUP($D:$D,rend,2,FALSE),\"\")","v":0.92948618940687611},{"$f":"IF($C2=\"RM\",IF(ISNA(VLOOKUP($F$2:$F$409,pos,2,FALSE))=FALSE,VLOOKUP($F2:$F$409,pos,2,FALSE),IF(ISNA(VLOOKUP($F$2:$F$409,lot,2,FALSE))=FALSE,VLOOKUP($F$2:$F$409,lot,2,FALSE),\"MANQUANT\")),\"\")","v":"5406B04"},{"$f":"IF($C2=\"RM\",IF(ISNA(VLOOKUP($F$2:$F$409,pos,3,FALSE))=FALSE,VLOOKUP($F2:$F409,pos,3,FALSE),\"OP\"),\"\")","v":"OP"},{"$f":"IF($C2=\"RM\",IF(ISNA(VLOOKUP($F2:$F$402,pos,4,FALSE))=FALSE,VLOOKUP($F$2:$F$402,pos,4,FALSE),\"\"),\"\")","v":""},{"$f":"IF($C2=\"RM\",IF(ISNA(VLOOKUP($F$2:$F$409,pos,5,FALSE))=FALSE,VLOOKUP($F$2:$F$409,pos,5,FALSE),IF(ISNA(VLOOKUP($F$2:$F$409,lot,5,FALSE))=FALSE,VLOOKUP($F$2:$F$409,lot,5,FALSE),0)),\"\")","v":14.54751671038159},{"$f":"IF($H2>0,VLOOKUP($D:$D,prix,15,FALSE),\"\")","v":""},{"$f":"IF($C2=\"RM\",$O2*$G2,\"\")","v":255.16344310009308},{"$f":"IF($H2>0,$H2*$P2,\"\")","v":""},null,{"$f":"IF($F2>0,VALUE(LEFT($F2,4)),\"\")","v":5406},{"$f":"IF(F2>0,IF(ISERROR(SEARCH(\"*FZ*\",$E2))=FALSE,\"FZ\",IF(ISERROR(SEARCH(\"*FR*\",$E2))=FALSE,\"FR\",\"Aucun\")),\"\")","v":"FR"},{"$f":"IF($C2=\"RM\",IF($U2=\"FR\",IF(ISNA(VLOOKUP($F:$F,lot,6,FALSE))=TRUE,VLOOKUP($T:$T,date,2,FALSE),VLOOKUP($F:$F,lot,6,FALSE)),\"\"),\"\")","v":"2015-10-02"},{"$f":"IF($C2=\"RM\",IF($U2=\"Fz\",IF(ISNA(VLOOKUP($F:$F,lot,6,FALSE))=TRUE,VLOOKUP($T:$T,date,2,FALSE),VLOOKUP($F:$F,lot,6,FALSE)),\"\"),\"\")","v":""},{"$f":"IF($C2=\"FG\",VLOOKUP($A:$A,op,4,FALSE),\"\")","v":""},"2016-04-25",{"$f":"IF(C2=\"rm\",IF(U2=\"aucun\",\"OK\",IF(U2=\"fz\",IF(Y2-W2>730,Y2-W2,\"OK\"),IF(Y2-V2<1,1,Y2-V2))),\"\")","v":206}]
["5412B05J","Beef","RM",30215,"BAVETTE DE BOEUF DENUDE***RM***AAA/CH*OR BLACK ANGUS FZ #D","5412B05",0.01,null,1,null,{"$f":"IF(ISNA(VLOOKUP($D:$D,rend,2,FALSE))=FALSE,VLOOKUP($D:$D,rend,2,FALSE),\"\")","v":0.90686630615326791},{"$f":"IF($C3=\"RM\",IF(ISNA(VLOOKUP($F$2:$F$409,pos,2,FALSE))=FALSE,VLOOKUP($F3:$F$409,pos,2,FALSE),IF(ISNA(VLOOKUP($F$2:$F$409,lot,2,FALSE))=FALSE,VLOOKUP($F$2:$F$409,lot,2,FALSE),\"MANQUANT\")),\"\")","v":"PO-0021559"},{"$f":"IF($C3=\"RM\",IF(ISNA(VLOOKUP($F$2:$F$409,pos,3,FALSE))=FALSE,VLOOKUP($F3:$F410,pos,3,FALSE),\"OP\"),\"\")","v":"C&C"},{"$f":"IF($C3=\"RM\",IF(ISNA(VLOOKUP($F3:$F$402,pos,4,FALSE))=FALSE,VLOOKUP($F$2:$F$402,pos,4,FALSE),\"\"),\"\")","v":1953.02},{"$f":"IF($C3=\"RM\",IF(ISNA(VLOOKUP($F$2:$F$409,pos,5,FALSE))=FALSE,VLOOKUP($F$2:$F$409,pos,5,FALSE),IF(ISNA(VLOOKUP($F$2:$F$409,lot,5,FALSE))=FALSE,VLOOKUP($F$2:$F$409,lot,5,FALSE),0)),\"\")","v":12.5},{"$f":"IF($H3>0,VLOOKUP($D:$D,prix,15,FALSE),\"\")","v":""},0.125,"",null,{"$f":"IF($F3>0,VALUE(LEFT($F3,4)),\"\")","v":5412},{"$f":"IF(F3>0,IF(ISERROR(SEARCH(\"*FZ*\",$E3))=FALSE,\"FZ\",IF(ISERROR(SEARCH(\"*FR*\",$E3))=FALSE,\"FR\",\"Aucun\")),\"\")","v":"FZ"},{"$f":"IF($C3=\"RM\",IF($U3=\"FR\",IF(ISNA(VLOOKUP($F:$F,lot,6,FALSE))=TRUE,VLOOKUP($T:$T,date,2,FALSE),VLOOKUP($F:$F,lot,6,FALSE)),\"\"),\"\")","v":""},{"$f":"IF($C3=\"RM\",IF($U3=\"Fz\",IF(ISNA(VLOOKUP($F:$F,lot,6,FALSE))=TRUE,VLOOKUP($T:$T,date,2,FALSE),VLOOKUP($F:$F,lot,6,FALSE)),\"\"),\"\")","v":"2015-10-05"},{"$f":"IF($C3=\"FG\",VLOOKUP($A:$A,op,4,FALSE),\"\")","v":""},"2016-04-25","OK"]
["5412B05J","Beef","RM",31519,"BAVETTE *IN PROCESS* FR","5412B0530",43.52,null,1,null,{"$f":"IF(ISNA(VLOOKUP($D:$D,rend,2,FALSE))=FALSE,VLOOKUP($D:$D,rend,2,FALSE),\"\")","v":0.92948618940687611},{"$f":"IF($C4=\"RM\",IF(ISNA(VLOOKUP($F$2:$F$409,pos,2,FALSE))=FALSE,VLOOKUP($F4:$F$409,pos,2,FALSE),IF(ISNA(VLOOKUP($F$2:$F$409,lot,2,FALSE))=FALSE,VLOOKUP($F$2:$F$409,lot,2,FALSE),\"MANQUANT\")),\"\")","v":"5412B05I"},{"$f":"IF($C4=\"RM\",IF(ISNA(VLOOKUP($F$2:$F$409,pos,3,FALSE))=FALSE,VLOOKUP($F4:$F411,pos,3,FALSE),\"OP\"),\"\")","v":"OP"},{"$f":"IF($C4=\"RM\",IF(ISNA(VLOOKUP($F4:$F$402,pos,4,FALSE))=FALSE,VLOOKUP($F$2:$F$402,pos,4,FALSE),\"\"),\"\")","v":""},{"$f":"IF($C4=\"RM\",IF(ISNA(VLOOKUP($F$2:$F$409,pos,5,FALSE))=FALSE,VLOOKUP($F$2:$F$409,pos,5,FALSE),IF(ISNA(VLOOKUP($F$2:$F$409,lot,5,FALSE))=FALSE,VLOOKUP($F$2:$F$409,lot,5,FALSE),0)),\"\")","v":13.975712767722825},{"$f":"IF($H4>0,VLOOKUP($D:$D,prix,15,FALSE),\"\")","v":""},608.22301965129736,"",null,{"$f":"IF($F4>0,VALUE(LEFT($F4,4)),\"\")","v":5412},{"$f":"IF(F4>0,IF(ISERROR(SEARCH(\"*FZ*\",$E4))=FALSE,\"FZ\",IF(ISERROR(SEARCH(\"*FR*\",$E4))=FALSE,\"FR\",\"Aucun\")),\"\")","v":"FR"},{"$f":"IF($C4=\"RM\",IF($U4=\"FR\",IF(ISNA(VLOOKUP($F:$F,lot,6,FALSE))=TRUE,VLOOKUP($T:$T,date,2,FALSE),VLOOKUP($F:$F,lot,6,FALSE)),\"\"),\"\")","v":"2015-10-02"},{"$f":"IF($C4=\"RM\",IF($U4=\"Fz\",IF(ISNA(VLOOKUP($F:$F,lot,6,FALSE))=TRUE,VLOOKUP($T:$T,date,2,FALSE),VLOOKUP($F:$F,lot,6,FALSE)),\"\"),\"\")","v":""},{"$f":"IF($C4=\"FG\",VLOOKUP($A:$A,op,4,FALSE),\"\")","v":""},"2016-04-25",206]
["5412B05J","Beef","FG",31519,"BAVETTE *IN PROCESS* FR","5412B0533","",7.62,1,null,{"$f":"IF(ISNA(VLOOKUP($D:$D,rend,2,FALSE))=FALSE,VLOOKUP($D:$D,rend,2,FALSE),\"\")","v":0.92948618940687611},{"$f":"IF($C5=\"RM\",IF(ISNA(VLOOKUP($F$2:$F$409,pos,2,FALSE))=FALSE,VLOOKUP($F5:$F$409,pos,2,FALSE),IF(ISNA(VLOOKUP($F$2:$F$409,lot,2,FALSE))=FALSE,VLOOKUP($F$2:$F$409,lot,2,FALSE),\"MANQUANT\")),\"\")","v":""},{"$f":"IF($C5=\"RM\",IF(ISNA(VLOOKUP($F$2:$F$409,pos,3,FALSE))=FALSE,VLOOKUP($F5:$F412,pos,3,FALSE),\"OP\"),\"\")","v":""},{"$f":"IF($C5=\"RM\",IF(ISNA(VLOOKUP($F5:$F$402,pos,4,FALSE))=FALSE,VLOOKUP($F$2:$F$402,pos,4,FALSE),\"\"),\"\")","v":""},{"$f":"IF($C5=\"RM\",IF(ISNA(VLOOKUP($F$2:$F$409,pos,5,FALSE))=FALSE,VLOOKUP($F$2:$F$409,pos,5,FALSE),IF(ISNA(VLOOKUP($F$2:$F$409,lot,5,FALSE))=FALSE,VLOOKUP($F$2:$F$409,lot,5,FALSE),0)),\"\")","v":""},{"$f":"IF($H5>0,VLOOKUP($D:$D,prix,15,FALSE),\"\")","v":20.8},"",158.49600000000001,null,{"$f":"IF($F5>0,VALUE(LEFT($F5,4)),\"\")","v":5412},{"$f":"IF(F5>0,IF(ISERROR(SEARCH(\"*FZ*\",$E5))=FALSE,\"FZ\",IF(ISERROR(SEARCH(\"*FR*\",$E5))=FALSE,\"FR\",\"Aucun\")),\"\")","v":"FR"},{"$f":"IF($C5=\"RM\",IF($U5=\"FR\",IF(ISNA(VLOOKUP($F:$F,lot,6,FALSE))=TRUE,VLOOKUP($T:$T,date,2,FALSE),VLOOKUP($F:$F,lot,6,FALSE)),\"\"),\"\")","v":""},{"$f":"IF($C5=\"RM\",IF($U5=\"Fz\",IF(ISNA(VLOOKUP($F:$F,lot,6,FALSE))=TRUE,VLOOKUP($T:$T,date,2,FALSE),VLOOKUP($F:$F,lot,6,FALSE)),\"\"),\"\")","v":""},{"$f":"IF($C5=\"FG\",VLOOKUP($A:$A,op,4,FALSE),\"\")","v":"2016-04-25"},"2016-04-25",""]
["5412B05J","Beef","FG",33151,"BEEF BAVETTE STEAKS 8 OZ**AAA**16/ CS**3 BRASSEURS FR @P","5412B0534","",54.45,1,null,{"$f":"IF(ISNA(VLOOKUP($D:$D,rend,2,FALSE))=FALSE,VLOOKUP($D:$D,rend,2,FALSE),\"\")","v":0.94440456384297167},{"$f":"IF($C6=\"RM\",IF(ISNA(VLOOKUP($F$2:$F$409,pos,2,FALSE))=FALSE,VLOOKUP($F6:$F$409,pos,2,FALSE),IF(ISNA(VLOOKUP($F$2:$F$409,lot,2,FALSE))=FALSE,VLOOKUP($F$2:$F$409,lot,2,FALSE),\"MANQUANT\")),\"\")","v":""},{"$f":"IF($C6=\"RM\",IF(ISNA(VLOOKUP($F$2:$F$409,pos,3,FALSE))=FALSE,VLOOKUP($F6:$F413,pos,3,FALSE),\"OP\"),\"\")","v":""},{"$f":"IF($C6=\"RM\",IF(ISNA(VLOOKUP($F6:$F$402,pos,4,FALSE))=FALSE,VLOOKUP($F$2:$F$402,pos,4,FALSE),\"\"),\"\")","v":""},{"$f":"IF($C6=\"RM\",IF(ISNA(VLOOKUP($F$2:$F$409,pos,5,FALSE))=FALSE,VLOOKUP($F$2:$F$409,pos,5,FALSE),IF(ISNA(VLOOKUP($F$2:$F$409,lot,5,FALSE))=FALSE,VLOOKUP($F$2:$F$409,lot,5,FALSE),0)),\"\")","v":""},{"$f":"IF($H6>0,VLOOKUP($D:$D,prix,15,FALSE),\"\")","v":27.548209366391184},"",1500,null,{"$f":"IF($F6>0,VALUE(LEFT($F6,4)),\"\")","v":5412},{"$f":"IF(F6>0,IF(ISERROR(SEARCH(\"*FZ*\",$E6))=FALSE,\"FZ\",IF(ISERROR(SEARCH(\"*FR*\",$E6))=FALSE,\"FR\",\"Aucun\")),\"\")","v":"FR"},{"$f":"IF($C6=\"RM\",IF($U6=\"FR\",IF(ISNA(VLOOKUP($F:$F,lot,6,FALSE))=TRUE,VLOOKUP($T:$T,date,2,FALSE),VLOOKUP($F:$F,lot,6,FALSE)),\"\"),\"\")","v":""},{"$f":"IF($C6=\"RM\",IF($U6=\"Fz\",IF(ISNA(VLOOKUP($F:$F,lot,6,FALSE))=TRUE,VLOOKUP($T:$T,date,2,FALSE),VLOOKUP($F:$F,lot,6,FALSE)),\"\"),\"\")","v":""},{"$f":"IF($C6=\"FG\",VLOOKUP($A:$A,op,4,FALSE),\"\")","v":"2016-04-25"},"2016-04-25",""]
["5412B05J Total",null,null,null,null,null,{"$f":"SUBTOTAL(9,G2:G6)","v":61.070000000000007},{"$f":"SUBTOTAL(9,H2:H6)","v":62.07},null,{"$f":"$G7-$H7","v":-0.99999999999999289},{"$f":"$H7/$G7","v":1.0163746520386441},null,null,null,{"$f":"$Q7/$H7","v":13.91189725715145},null,{"$f":"SUBTOTAL(9,Q2:Q6)","v":863.51146275139047},{"$f":"SUBTOTAL(9,R2:R6)","v":1658.4960000000001},{"$f":"($R7-$Q7)/$Q7","v":0.9206415566454268},null,null,null,null,null,null,{"$f":"Y6","v":"2016-04-25"}]
["5484B0786","Beef","RM",41342,"TEXAN MEDALLION *IN PROCESS* CODE: 24003 (3X 12) FR #D","5484B0786",129.6,null,3,null,{"$f":"IF(ISNA(VLOOKUP($D:$D,rend,2,FALSE))=FALSE,VLOOKUP($D:$D,rend,2,FALSE),\"\")","v":0.94503696537579718},{"$f":"IF($C8=\"RM\",IF(ISNA(VLOOKUP($F$2:$F$409,pos,2,FALSE))=FALSE,VLOOKUP($F8:$F$409,pos,2,FALSE),IF(ISNA(VLOOKUP($F$2:$F$409,lot,2,FALSE))=FALSE,VLOOKUP($F$2:$F$409,lot,2,FALSE),\"MANQUANT\")),\"\")","v":"5484B0775C"},{"$f":"IF($C8=\"RM\",IF(ISNA(VLOOKUP($F$2:$F$409,pos,3,FALSE))=FALSE,VLOOKUP($F8:$F414,pos,3,FALSE),\"OP\"),\"\")","v":"OP"},{"$f":"IF($C8=\"RM\",IF(ISNA(VLOOKUP($F8:$F$402,pos,4,FALSE))=FALSE,VLOOKUP($F$2:$F$402,pos,4,FALSE),\"\"),\"\")","v":""},{"$f":"IF($C8=\"RM\",IF(ISNA(VLOOKUP($F$2:$F$409,pos,5,FALSE))=FALSE,VLOOKUP($F$2:$F$409,pos,5,FALSE),IF(ISNA(VLOOKUP($F$2:$F$409,lot,5,FALSE))=FALSE,VLOOKUP($F$2:$F$409,lot,5,FALSE),0)),\"\")","v":5.4684107626591434},{"$f":"IF($H8>0,VLOOKUP($D:$D,prix,15,FALSE),\"\")","v":""},{"$f":"IF($C8=\"RM\",$O8*$G8,\"\")","v":708.70603484062497},"",null,{"$f":"IF($F8>0,VALUE(LEFT($F8,4)),\"\")","v":5484},{"$f":"IF(F8>0,IF(ISERROR(SEARCH(\"*FZ*\",$E8))=FALSE,\"FZ\",IF(ISERROR(SEARCH(\"*FR*\",$E8))=FALSE,\"FR\",\"Aucun\")),\"\")","v":"FR"},{"$f":"IF($C8=\"RM\",IF($U8=\"FR\",IF(ISNA(VLOOKUP($F:$F,lot,6,FALSE))=TRUE,VLOOKUP($T:$T,date,2,FALSE),VLOOKUP($F:$F,lot,6,FALSE)),\"\"),\"\")","v":"2016-04-22"},{"$f":"IF($C8=\"RM\",IF($U8=\"Fz\",IF(ISNA(VLOOKUP($F:$F,lot,6,FALSE))=TRUE,VLOOKUP($T:$T,date,2,FALSE),VLOOKUP($F:$F,lot,6,FALSE)),\"\"),\"\")","v":""},{"$f":"IF($C8=\"FG\",VLOOKUP($A:$A,op,4,FALSE),\"\")","v":""},"2016-04-25",{"$f":"IF(C8=\"rm\",IF(U8=\"aucun\",\"OK\",IF(U8=\"fz\",IF(Y8-W8>730,Y8-W8,\"OK\"),IF(Y8-V8<1,1,Y8-V8))),\"\")","v":3}]
["5484B0786","Beef","FG",24003,"FILET DE PORC ASAISSONNE TEXAN**METRO( 3 X12 UN/ CS)115-125GR*4.32KG/SAC FR @P","5484B0788","",129.6,3,null,{"$f":"IF(ISNA(VLOOKUP($D:$D,rend,2,FALSE))=FALSE,VLOOKUP($D:$D,rend,2,FALSE),\"\")","v":0.93490302123433855},{"$f":"IF($C9=\"RM\",IF(ISNA(VLOOKUP($F$2:$F$409,pos,2,FALSE))=FALSE,VLOOKUP($F9:$F$409,pos,2,FALSE),IF(ISNA(VLOOKUP($F$2:$F$409,lot,2,FALSE))=FALSE,VLOOKUP($F$2:$F$409,lot,2,FALSE),\"MANQUANT\")),\"\")","v":""},{"$f":"IF($C9=\"RM\",IF(ISNA(VLOOKUP($F$2:$F$409,pos,3,FALSE))=FALSE,VLOOKUP($F9:$F415,pos,3,FALSE),\"OP\"),\"\")","v":""},{"$f":"IF($C9=\"RM\",IF(ISNA(VLOOKUP($F9:$F$402,pos,4,FALSE))=FALSE,VLOOKUP($F$2:$F$402,pos,4,FALSE),\"\"),\"\")","v":""},{"$f":"IF($C9=\"RM\",IF(ISNA(VLOOKUP($F$2:$F$409,pos,5,FALSE))=FALSE,VLOOKUP($F$2:$F$409,pos,5,FALSE),IF(ISNA(VLOOKUP($F$2:$F$409,lot,5,FALSE))=FALSE,VLOOKUP($F$2:$F$409,lot,5,FALSE),0)),\"\")","v":""},{"$f":"IF($H9>0,VLOOKUP($D:$D,prix,15,FALSE),\"\")","v":8.8518518518518512},{"$f":"IF($C9=\"RM\",$O9*$G9,\"\")","v":""},1147.1999999999998,null,{"$f":"IF($F9>0,VALUE(LEFT($F9,4)),\"\")","v":5484},{"$f":"IF(F9>0,IF(ISERROR(SEARCH(\"*FZ*\",$E9))=FALSE,\"FZ\",IF(ISERROR(SEARCH(\"*FR*\",$E9))=FALSE,\"FR\",\"Aucun\")),\"\")","v":"FR"},{"$f":"IF($C9=\"RM\",IF($U9=\"FR\",IF(ISNA(VLOOKUP($F:$F,lot,6,FALSE))=TRUE,VLOOKUP($T:$T,date,2,FALSE),VLOOKUP($F:$F,lot,6,FALSE)),\"\"),\"\")","v":""},{"$f":"IF($C9=\"RM\",IF($U9=\"Fz\",IF(ISNA(VLOOKUP($F:$F,lot,6,FALSE))=TRUE,VLOOKUP($T:$T,date,2,FALSE),VLOOKUP($F:$F,lot,6,FALSE)),\"\"),\"\")","v":""},{"$f":"IF($C9=\"FG\",VLOOKUP($A:$A,op,4,FALSE),\"\")","v":"2016-04-22"},"2016-04-25",""]
["5484B0786 Total",null,null,null,null,null,{"$f":"SUBTOTAL(9,G8:G9)","v":129.6},{"$f":"SUBTOTAL(9,H8:H9)","v":129.6},null,{"$f":"$G10-$H10","v":0},{"$f":"$H10/$G10","v":1},null,null,null,{"$f":"$Q10/$H10","v":5.4684107626591434},null,{"$f":"SUBTOTAL(9,Q8:Q9)","v":708.70603484062497},{"$f":"SUBTOTAL(9,R8:R9)","v":1147.1999999999998},{"$f":"($R10-$Q10)/$Q10","v":0.61872475131100602},null,null,null,null,null,null,{"$f":"V8","v":"2016-04-22"}]
["5484B07O","Beef","RM",63002,"PORK FILET IBP US (VAC X2) FZ","5484B07",570,null,1,null,{"$f":"IF(ISNA(VLOOKUP($D:$D,rend,2,FALSE))=FALSE,VLOOKUP($D:$D,rend,2,FALSE),\"\")","v":0.94190844688344222},{"$f":"IF($C11=\"RM\",IF(ISNA(VLOOKUP($F$2:$F$409,pos,2,FALSE))=FALSE,VLOOKUP($F11:$F$409,pos,2,FALSE),IF(ISNA(VLOOKUP($F$2:$F$409,lot,2,FALSE))=FALSE,VLOOKUP($F$2:$F$409,lot,2,FALSE),\"MANQUANT\")),\"\")","v":"PO-0021592"},{"$f":"IF($C11=\"RM\",IF(ISNA(VLOOKUP($F$2:$F$409,pos,3,FALSE))=FALSE,VLOOKUP($F11:$F416,pos,3,FALSE),\"OP\"),\"\")","v":"CHIS"},{"$f":"IF($C11=\"RM\",IF(ISNA(VLOOKUP($F11:$F$402,pos,4,FALSE))=FALSE,VLOOKUP($F$2:$F$402,pos,4,FALSE),\"\"),\"\")","v":5000.6099999999997},{"$f":"IF($C11=\"RM\",IF(ISNA(VLOOKUP($F$2:$F$409,pos,5,FALSE))=FALSE,VLOOKUP($F$2:$F$409,pos,5,FALSE),IF(ISNA(VLOOKUP($F$2:$F$409,lot,5,FALSE))=FALSE,VLOOKUP($F$2:$F$409,lot,5,FALSE),0)),\"\")","v":5.75},{"$f":"IF($H11>0,VLOOKUP($D:$D,prix,15,FALSE),\"\")","v":""},{"$f":"IF($C11=\"RM\",$O11*$G11,\"\")","v":3277.5},"",null,{"$f":"IF($F11>0,VALUE(LEFT($F11,4)),\"\")","v":5484},{"$f":"IF(F11>0,IF(ISERROR(SEARCH(\"*FZ*\",$E11))=FALSE,\"FZ\",IF(ISERROR(SEARCH(\"*FR*\",$E11))=FALSE,\"FR\",\"Aucun\")),\"\")","v":"FZ"},{"$f":"IF($C11=\"RM\",IF($U11=\"FR\",IF(ISNA(VLOOKUP($F:$F,lot,6,FALSE))=TRUE,VLOOKUP($T:$T,date,2,FALSE),VLOOKUP($F:$F,lot,6,FALSE)),\"\"),\"\")","v":""},{"$f":"IF($C11=\"RM\",IF($U11=\"Fz\",IF(ISNA(VLOOKUP($F:$F,lot,6,FALSE))=TRUE,VLOOKUP($T:$T,date,2,FALSE),VLOOKUP($F:$F,lot,6,FALSE)),\"\"),\"\")","v":"2015-11-25"},{"$f":"IF($C11=\"FG\",VLOOKUP($A:$A,op,4,FALSE),\"\")","v":""},"2016-04-25",{"$f":"IF(C11=\"rm\",IF(U11=\"aucun\",\"OK\",IF(U11=\"fz\",IF(Y11-W11>730,Y11-W11,\"OK\"),IF(Y11-V11<1,1,Y11-V11))),\"\")","v":"OK"}]
["5484B07O","Beef","FG",41350,"PORK HOUSE TRIMMINGS FR @P","5484B0789","",50.56,1,null,{"$f":"IF(ISNA(VLOOKUP($D:$D,rend,2,FALSE))=FALSE,VLOOKUP($D:$D,rend,2,FALSE),\"\")","v":0.92826177504198948},{"$f":"IF($C12=\"RM\",IF(ISNA(VLOOKUP($F$2:$F$409,pos,2,FALSE))=FALSE,VLOOKUP($F12:$F$409,pos,2,FALSE),IF(ISNA(VLOOKUP($F$2:$F$409,lot,2,FALSE))=FALSE,VLOOKUP($F$2:$F$409,lot,2,FALSE),\"MANQUANT\")),\"\")","v":""},{"$f":"IF($C12=\"RM\",IF(ISNA(VLOOKUP($F$2:$F$409,pos,3,FALSE))=FALSE,VLOOKUP($F12:$F417,pos,3,FALSE),\"OP\"),\"\")","v":""},{"$f":"IF($C12=\"RM\",IF(ISNA(VLOOKUP($F12:$F$402,pos,4,FALSE))=FALSE,VLOOKUP($F$2:$F$402,pos,4,FALSE),\"\"),\"\")","v":""},{"$f":"IF($C12=\"RM\",IF(ISNA(VLOOKUP($F$2:$F$409,pos,5,FALSE))=FALSE,VLOOKUP($F$2:$F$409,pos,5,FALSE),IF(ISNA(VLOOKUP($F$2:$F$409,lot,5,FALSE))=FALSE,VLOOKUP($F$2:$F$409,lot,5,FALSE),0)),\"\")","v":""},{"$f":"IF($H12>0,VLOOKUP($D:$D,prix,15,FALSE),\"\")","v":5},{"$f":"IF($C12=\"RM\",$O12*$G12,\"\")","v":""},252.8,null,{"$f":"IF($F12>0,VALUE(LEFT($F12,4)),\"\")","v":5484},{"$f":"IF(F12>0,IF(ISERROR(SEARCH(\"*FZ*\",$E12))=FALSE,\"FZ\",IF(ISERROR(SEARCH(\"*FR*\",$E12))=FALSE,\"FR\",\"Aucun\")),\"\")","v":"FR"},{"$f":"IF($C12=\"RM\",IF($U12=\"FR\",IF(ISNA(VLOOKUP($F:$F,lot,6,FALSE))=TRUE,VLOOKUP($T:$T,date,2,FALSE),VLOOKUP($F:$F,lot,6,FALSE)),\"\"),\"\")","v":""},{"$f":"IF($C12=\"RM\",IF($U12=\"Fz\",IF(ISNA(VLOOKUP($F:$F,lot,6,FALSE))=TRUE,VLOOKUP($T:$T,date,2,FALSE),VLOOKUP($F:$F,lot,6,FALSE)),\"\"),\"\")","v":""},{"$f":"IF($C12=\"FG\",VLOOKUP($A:$A,op,4,FALSE),\"\")","v":"2016-04-25"},"2016-04-25",""]
["5484B07O","Beef","FG",41351,"PORK TABLE TRIMMINGS*IN PROCESS**25 KG/CS FZ","5484B0790","",100,1,null,{"$f":"IF(ISNA(VLOOKUP($D:$D,rend,2,FALSE))=FALSE,VLOOKUP($D:$D,rend,2,FALSE),\"\")","v":0.93515881166437276},{"$f":"IF($C13=\"RM\",IF(ISNA(VLOOKUP($F$2:$F$409,pos,2,FALSE))=FALSE,VLOOKUP($F13:$F$409,pos,2,FALSE),IF(ISNA(VLOOKUP($F$2:$F$409,lot,2,FALSE))=FALSE,VLOOKUP($F$2:$F$409,lot,2,FALSE),\"MANQUANT\")),\"\")","v":""},{"$f":"IF($C13=\"RM\",IF(ISNA(VLOOKUP($F$2:$F$409,pos,3,FALSE))=FALSE,VLOOKUP($F13:$F418,pos,3,FALSE),\"OP\"),\"\")","v":""},{"$f":"IF($C13=\"RM\",IF(ISNA(VLOOKUP($F13:$F$402,pos,4,FALSE))=FALSE,VLOOKUP($F$2:$F$402,pos,4,FALSE),\"\"),\"\")","v":""},{"$f":"IF($C13=\"RM\",IF(ISNA(VLOOKUP($F$2:$F$409,pos,5,FALSE))=FALSE,VLOOKUP($F$2:$F$409,pos,5,FALSE),IF(ISNA(VLOOKUP($F$2:$F$409,lot,5,FALSE))=FALSE,VLOOKUP($F$2:$F$409,lot,5,FALSE),0)),\"\")","v":""},{"$f":"IF($H13>0,VLOOKUP($D:$D,prix,15,FALSE),\"\")","v":5.5},{"$f":"IF($C13=\"RM\",$O13*$G13,\"\")","v":""},550,null,{"$f":"IF($F13>0,VALUE(LEFT($F13,4)),\"\")","v":5484},{"$f":"IF(F13>0,IF(ISERROR(SEARCH(\"*FZ*\",$E13))=FALSE,\"FZ\",IF(ISERROR(SEARCH(\"*FR*\",$E13))=FALSE,\"FR\",\"Aucun\")),\"\")","v":"FZ"},{"$f":"IF($C13=\"RM\",IF($U13=\"FR\",IF(ISNA(VLOOKUP($F:$F,lot,6,FALSE))=TRUE,VLOOKUP($T:$T,date,2,FALSE),VLOOKUP($F:$F,lot,6,FALSE)),\"\"),\"\")","v":""},{"$f":"IF($C13=\"RM\",IF($U13=\"Fz\",IF(ISNA(VLOOKUP($F:$F,lot,6,FALSE))=TRUE,VLOOKUP($T:$T,date,2,FALSE),VLOOKUP($F:$F,lot,6,FALSE)),\"\"),\"\")","v":""},{"$f":"IF($C13=\"FG\",VLOOKUP($A:$A,op,4,FALSE),\"\")","v":"2016-04-25"},"2016-04-25",""]
["5484B07O","Beef","FG",41341,"PORK FILET *IN PROCESS* FR #D","5484B0791","",372.8,1,null,{"$f":"IF(ISNA(VLOOKUP($D:$D,rend,2,FALSE))=FALSE,VLOOKUP($D:$D,rend,2,FALSE),\"\")","v":0.92629849325683555},{"$f":"IF($C14=\"RM\",IF(ISNA(VLOOKUP($F$2:$F$409,pos,2,FALSE))=FALSE,VLOOKUP($F14:$F$409,pos,2,FALSE),IF(ISNA(VLOOKUP($F$2:$F$409,lot,2,FALSE))=FALSE,VLOOKUP($F$2:$F$409,lot,2,FALSE),\"MANQUANT\")),\"\")","v":""},{"$f":"IF($C14=\"RM\",IF(ISNA(VLOOKUP($F$2:$F$409,pos,3,FALSE))=FALSE,VLOOKUP($F14:$F419,pos,3,FALSE),\"OP\"),\"\")","v":""},{"$f":"IF($C14=\"RM\",IF(ISNA(VLOOKUP($F14:$F$402,pos,4,FALSE))=FALSE,VLOOKUP($F$2:$F$402,pos,4,FALSE),\"\"),\"\")","v":""},{"$f":"IF($C14=\"RM\",IF(ISNA(VLOOKUP($F$2:$F$409,pos,5,FALSE))=FALSE,VLOOKUP($F$2:$F$409,pos,5,FALSE),IF(ISNA(VLOOKUP($F$2:$F$409,lot,5,FALSE))=FALSE,VLOOKUP($F$2:$F$409,lot,5,FALSE),0)),\"\")","v":""},{"$f":"IF($H14>0,VLOOKUP($D:$D,prix,15,FALSE),\"\")","v":6.15},{"$f":"IF($C14=\"RM\",$O14*$G14,\"\")","v":""},2292.7200000000003,null,{"$f":"IF($F14>0,VALUE(LEFT($F14,4)),\"\")","v":5484},{"$f":"IF(F14>0,IF(ISERROR(SEARCH(\"*FZ*\",$E14))=FALSE,\"FZ\",IF(ISERROR(SEARCH(\"*FR*\",$E14))=FALSE,\"FR\",\"Aucun\")),\"\")","v":"FR"},{"$f":"IF($C14=\"RM\",IF($U14=\"FR\",IF(ISNA(VLOOKUP($F:$F,lot,6,FALSE))=TRUE,VLOOKUP($T:$T,date,2,FALSE),VLOOKUP($F:$F,lot,6,FALSE)),\"\"),\"\")","v":""},{"$f":"IF($C14=\"RM\",IF($U14=\"Fz\",IF(ISNA(VLOOKUP($F:$F,lot,6,FALSE))=TRUE,VLOOKUP($T:$T,date,2,FALSE),VLOOKUP($F:$F,lot,6,FALSE)),\"\"),\"\")","v":""},{"$f":"IF($C14=\"FG\",VLOOKUP($A:$A,op,4,FALSE),\"\")","v":"2016-04-25"},"2016-04-25",""]
["5484B07O Total",null,null,null,null,null,{"$f":"SUBTOTAL(9,G11:G14)","v":570},{"$f":"SUBTOTAL(9,H11:H14)","v":523.36},null,{"$f":"$G15-$H15","v":46.639999999999986},{"$f":"$H15/$G15","v":0.9181754385964912},null,null,null,{"$f":"$Q15/$H15","v":6.2624197493121372},null,{"$f":"SUBTOTAL(9,Q11:Q14)","v":3277.5},{"$f":"SUBTOTAL(9,R11:R14)","v":3095.5200000000004},{"$f":"($R15-$Q15)/$Q15","v":-5.5524027459954099E-2},null,null,null,null,null,null,{"$f":"Y14","v":"2016-04-25"}]
["6055B04K","Beef","RM",30020,"BEEF RIB* RTS*** AA FR #D","6055B04",167.76,null,1,null,{"$f":"IF(ISNA(VLOOKUP($D:$D,rend,2,FALSE))=FALSE,VLOOKUP($D:$D,rend,2,FALSE),\"\")","v":0.85538283760388722},{"$f":"IF($C16=\"RM\",IF(ISNA(VLOOKUP($F$2:$F$409,pos,2,FALSE))=FALSE,VLOOKUP($F16:$F$409,pos,2,FALSE),IF(ISNA(VLOOKUP($F$2:$F$409,lot,2,FALSE))=FALSE,VLOOKUP($F$2:$F$409,lot,2,FALSE),\"MANQUANT\")),\"\")","v":"PO-0021328"},{"$f":"IF($C16=\"RM\",IF(ISNA(VLOOKUP($F$2:$F$409,pos,3,FALSE))=FALSE,VLOOKUP($F16:$F420,pos,3,FALSE),\"OP\"),\"\")","v":99},{"$f":"IF($C16=\"RM\",IF(ISNA(VLOOKUP($F16:$F$402,pos,4,FALSE))=FALSE,VLOOKUP($F$2:$F$402,pos,4,FALSE),\"\"),\"\")","v":1328.53},{"$f":"IF($C16=\"RM\",IF(ISNA(VLOOKUP($F$2:$F$409,pos,5,FALSE))=FALSE,VLOOKUP($F$2:$F$409,pos,5,FALSE),IF(ISNA(VLOOKUP($F$2:$F$409,lot,5,FALSE))=FALSE,VLOOKUP($F$2:$F$409,lot,5,FALSE),0)),\"\")","v":16},{"$f":"IF($H16>0,VLOOKUP($D:$D,prix,15,FALSE),\"\")","v":""},{"$f":"IF($C16=\"RM\",$O16*$G16,\"\")","v":2684.16},"",null,{"$f":"IF($F16>0,VALUE(LEFT($F16,4)),\"\")","v":6055},{"$f":"IF(F16>0,IF(ISERROR(SEARCH(\"*FZ*\",$E16))=FALSE,\"FZ\",IF(ISERROR(SEARCH(\"*FR*\",$E16))=FALSE,\"FR\",\"Aucun\")),\"\")","v":"FR"},{"$f":"IF($C16=\"RM\",IF($U16=\"FR\",IF(ISNA(VLOOKUP($F:$F,lot,6,FALSE))=TRUE,VLOOKUP($T:$T,date,2,FALSE),VLOOKUP($F:$F,lot,6,FALSE)),\"\"),\"\")","v":"2016-01-28"},{"$f":"IF($C16=\"RM\",IF($U16=\"Fz\",IF(ISNA(VLOOKUP($F:$F,lot,6,FALSE))=TRUE,VLOOKUP($T:$T,date,2,FALSE),VLOOKUP($F:$F,lot,6,FALSE)),\"\"),\"\")","v":""},{"$f":"IF($C16=\"FG\",VLOOKUP($A:$A,op,4,FALSE),\"\")","v":""},"2016-04-25",{"$f":"IF(C16=\"rm\",IF(U16=\"aucun\",\"OK\",IF(U16=\"fz\",IF(Y16-W16>730,Y16-W16,\"OK\"),IF(Y16-V16<1,1,Y16-V16))),\"\")","v":88}]
["6055B04K","Beef","RM",31506,"BEEF RIB STEAK *IN PROCESS* CODE: 30409, 30714, 30415, 30460, 30420 FR","6055B0456",5.44,null,1,null,0.90764836830193008,{"$f":"IF($C17=\"RM\",IF(ISNA(VLOOKUP($F$2:$F$409,pos,2,FALSE))=FALSE,VLOOKUP($F17:$F$409,pos,2,FALSE),IF(ISNA(VLOOKUP($F$2:$F$409,lot,2,FALSE))=FALSE,VLOOKUP($F$2:$F$409,lot,2,FALSE),\"MANQUANT\")),\"\")","v":"6055B04I"},"OP",{"$f":"IF($C17=\"RM\",IF(ISNA(VLOOKUP($F17:$F$402,pos,4,FALSE))=FALSE,VLOOKUP($F$2:$F$402,pos,4,FALSE),\"\"),\"\")","v":""},15.017495711835336,"",81.695176672384235,null,null,6055,"FR","2016-01-28","","","2016-04-25",88]
["6055B04K","Beef","RM",31506,"BEEF RIB STEAK *IN PROCESS* CODE: 30409, 30714, 30415, 30460, 30420 FR","6055B0466",2.12,null,1,null,0.90764836830193008,{"$f":"IF($C18=\"RM\",IF(ISNA(VLOOKUP($F$2:$F$409,pos,2,FALSE))=FALSE,VLOOKUP($F18:$F$409,pos,2,FALSE),IF(ISNA(VLOOKUP($F$2:$F$409,lot,2,FALSE))=FALSE,VLOOKUP($F$2:$F$409,lot,2,FALSE),\"MANQUANT\")),\"\")","v":"6055B04J"},"OP",{"$f":"IF($C18=\"RM\",IF(ISNA(VLOOKUP($F18:$F$402,pos,4,FALSE))=FALSE,VLOOKUP($F$2:$F$402,pos,4,FALSE),\"\"),\"\")","v":""},16.382981533027408,"",34.731920850018106,"",null,6055,"FR","2016-01-28","","","2016-04-25",88]
["6055B04K","Beef","RM",31506,"BEEF RIB STEAK *IN PROCESS* CODE: 30409, 30714, 30415, 30460, 30420 FR","6055B0626",2.54,null,1,null,0.90764836830193008,{"$f":"IF($C19=\"RM\",IF(ISNA(VLOOKUP($F$2:$F$409,pos,2,FALSE))=FALSE,VLOOKUP($F19:$F$409,pos,2,FALSE),IF(ISNA(VLOOKUP($F$2:$F$409,lot,2,FALSE))=FALSE,VLOOKUP($F$2:$F$409,lot,2,FALSE),\"MANQUANT\")),\"\")","v":"6055B06D"},"OP",{"$f":"IF($C19=\"RM\",IF(ISNA(VLOOKUP($F19:$F$402,pos,4,FALSE))=FALSE,VLOOKUP($F$2:$F$402,pos,4,FALSE),\"\"),\"\")","v":""},14.61602054478146,"",37.124692183744905,"",null,6055,"FR","2016-01-28","","","2016-04-25",88]
["6055B04K","Beef","RM",31506,"BEEF RIB STEAK *IN PROCESS* CODE: 30409, 30714, 30415, 30460, 30420 FR","6076B0174",3.54,null,1,null,0.90764836830193008,{"$f":"IF($C20=\"RM\",IF(ISNA(VLOOKUP($F$2:$F$409,pos,2,FALSE))=FALSE,VLOOKUP($F20:$F$409,pos,2,FALSE),IF(ISNA(VLOOKUP($F$2:$F$409,lot,2,FALSE))=FALSE,VLOOKUP($F$2:$F$409,lot,2,FALSE),\"MANQUANT\")),\"\")","v":"6076B01L"},"OP",{"$f":"IF($C20=\"RM\",IF(ISNA(VLOOKUP($F20:$F$402,pos,4,FALSE))=FALSE,VLOOKUP($F$2:$F$402,pos,4,FALSE),\"\"),\"\")","v":""},18.184135338457292,"",64.371839098138821,"",null,6076,"FR","2016-01-28","","","2016-04-25",88]
["6055B04K","Beef","FG",30409,"UNIT BEEF RIB STEAKS VACUUM AA FR @P","6055B0469","",1.82,1,null,0.91835104223353792,{"$f":"IF($C21=\"RM\",IF(ISNA(VLOOKUP($F$2:$F$409,pos,2,FALSE))=FALSE,VLOOKUP($F21:$F$409,pos,2,FALSE),IF(ISNA(VLOOKUP($F$2:$F$409,lot,2,FALSE))=FALSE,VLOOKUP($F$2:$F$409,lot,2,FALSE),\"MANQUANT\")),\"\")","v":""},"",{"$f":"IF($C21=\"RM\",IF(ISNA(VLOOKUP($F21:$F$402,pos,4,FALSE))=FALSE,VLOOKUP($F$2:$F$402,pos,4,FALSE),\"\"),\"\")","v":""},"",22,"",40.04,null,6055,"FR","","","2016-01-28","2016-04-25",""]
["6055B04K","Beef","FG",30514,"BEEF UNIT RIB STEAKS*12/CAISSES**COV X1*AA*14 OZ FR @P","6055B0470","",5.08,1,null,0.90609831921641693,{"$f":"IF($C22=\"RM\",IF(ISNA(VLOOKUP($F$2:$F$409,pos,2,FALSE))=FALSE,VLOOKUP($F22:$F$409,pos,2,FALSE),IF(ISNA(VLOOKUP($F$2:$F$409,lot,2,FALSE))=FALSE,VLOOKUP($F$2:$F$409,lot,2,FALSE),\"MANQUANT\")),\"\")","v":""},"",{"$f":"IF($C22=\"RM\",IF(ISNA(VLOOKUP($F22:$F$402,pos,4,FALSE))=FALSE,VLOOKUP($F$2:$F$402,pos,4,FALSE),\"\"),\"\")","v":""},"",22,"",111.76,null,6055,"FR","","","2016-01-28","2016-04-25",""]
["6055B04K","Beef","FG",30612,"BEEF UNIT RIB STEAKS*12/CAISSES**COV X1*AAA*12 OZ FR @P","6055B0471","",4.4000000000000004,1,null,0.93746686440257299,{"$f":"IF($C23=\"RM\",IF(ISNA(VLOOKUP($F$2:$F$409,pos,2,FALSE))=FALSE,VLOOKUP($F23:$F$409,pos,2,FALSE),IF(ISNA(VLOOKUP($F$2:$F$409,lot,2,FALSE))=FALSE,VLOOKUP($F$2:$F$409,lot,2,FALSE),\"MANQUANT\")),\"\")","v":""},"",{"$f":"IF($C23=\"RM\",IF(ISNA(VLOOKUP($F23:$F$402,pos,4,FALSE))=FALSE,VLOOKUP($F$2:$F$402,pos,4,FALSE),\"\"),\"\")","v":""},"",24.5,"",107.80000000000001,null,6055,"FR","","","2016-01-28","2016-04-25",""]
["6055B04K","Beef","FG",30406,"PR.RIB RTS2X2 AA ROAST READY FR @P","6055B0472","",9.98,1,null,0.9276832364254386,{"$f":"IF($C24=\"RM\",IF(ISNA(VLOOKUP($F$2:$F$409,pos,2,FALSE))=FALSE,VLOOKUP($F24:$F$409,pos,2,FALSE),IF(ISNA(VLOOKUP($F$2:$F$409,lot,2,FALSE))=FALSE,VLOOKUP($F$2:$F$409,lot,2,FALSE),\"MANQUANT\")),\"\")","v":""},"",{"$f":"IF($C24=\"RM\",IF(ISNA(VLOOKUP($F24:$F$402,pos,4,FALSE))=FALSE,VLOOKUP($F$2:$F$402,pos,4,FALSE),\"\"),\"\")","v":""},"",18.5,"",184.63,null,6055,"FR","","","2016-01-28","2016-04-25",""]
["6055B04K","Beef","FG",30711,"WHOLE BEEF RIB RTS SLICED**AA COV X1 **1 UN/CS**11 OZ FR @P","6055B0473","",15.84,1,null,0.91715826362797559,{"$f":"IF($C25=\"RM\",IF(ISNA(VLOOKUP($F$2:$F$409,pos,2,FALSE))=FALSE,VLOOKUP($F25:$F$409,pos,2,FALSE),IF(ISNA(VLOOKUP($F$2:$F$409,lot,2,FALSE))=FALSE,VLOOKUP($F$2:$F$409,lot,2,FALSE),\"MANQUANT\")),\"\")","v":""},"",{"$f":"IF($C25=\"RM\",IF(ISNA(VLOOKUP($F25:$F$402,pos,4,FALSE))=FALSE,VLOOKUP($F$2:$F$402,pos,4,FALSE),\"\"),\"\")","v":""},"",18.5,"",293.04000000000002,null,6055,"FR","","","2016-01-28","2016-04-25",""]
["6055B04K","Beef","FG",99995,"12 OZ BEEF RIB STEAK*PROMO*20 X1 COV * AA**6.8KG/CS FZ #D","6055B0474","",34,1,null,0.93043098265115143,{"$f":"IF($C26=\"RM\",IF(ISNA(VLOOKUP($F$2:$F$409,pos,2,FALSE))=FALSE,VLOOKUP($F26:$F$409,pos,2,FALSE),IF(ISNA(VLOOKUP($F$2:$F$409,lot,2,FALSE))=FALSE,VLOOKUP($F$2:$F$409,lot,2,FALSE),\"MANQUANT\")),\"\")","v":""},"",{"$f":"IF($C26=\"RM\",IF(ISNA(VLOOKUP($F26:$F$402,pos,4,FALSE))=FALSE,VLOOKUP($F$2:$F$402,pos,4,FALSE),\"\"),\"\")","v":""},"",23,"",782,null,6055,"FZ","","","2016-01-28","2016-04-25",""]
["6055B04K","Beef","FG",31506,"BEEF RIB STEAK *IN PROCESS* CODE: 30409, 30714, 30415, 30460, 30420 FR","6055B0475","",14.28,1,null,0.90764836830193008,{"$f":"IF($C27=\"RM\",IF(ISNA(VLOOKUP($F$2:$F$409,pos,2,FALSE))=FALSE,VLOOKUP($F27:$F$409,pos,2,FALSE),IF(ISNA(VLOOKUP($F$2:$F$409,lot,2,FALSE))=FALSE,VLOOKUP($F$2:$F$409,lot,2,FALSE),\"MANQUANT\")),\"\")","v":""},"",{"$f":"IF($C27=\"RM\",IF(ISNA(VLOOKUP($F27:$F$402,pos,4,FALSE))=FALSE,VLOOKUP($F$2:$F$402,pos,4,FALSE),\"\"),\"\")","v":""},"",18.5,"",264.18,null,6055,"FR","","","2016-01-28","2016-04-25",""]
["6055B04K","Beef","FG",31500,"BEEF HOUSE TRIMMINGS FR @P","6055B0476","",15.82,1,null,0.92196671697625909,{"$f":"IF($C28=\"RM\",IF(ISNA(VLOOKUP($F$2:$F$409,pos,2,FALSE))=FALSE,VLOOKUP($F28:$F$409,pos,2,FALSE),IF(ISNA(VLOOKUP($F$2:$F$409,lot,2,FALSE))=FALSE,VLOOKUP($F$2:$F$409,lot,2,FALSE),\"MANQUANT\")),\"\")","v":""},"",{"$f":"IF($C28=\"RM\",IF(ISNA(VLOOKUP($F28:$F$402,pos,4,FALSE))=FALSE,VLOOKUP($F$2:$F$402,pos,4,FALSE),\"\"),\"\")","v":""},"",10,"",158.19999999999999,null,6055,"FR","","","2016-01-28","2016-04-25",""]
["6055B04K Total",null,null,null,null,null,{"$f":"SUBTOTAL(9,G16:G28)","v":181.39999999999998},{"$f":"SUBTOTAL(9,H16:H28)","v":101.22},null,{"$f":"$G29-$H29","v":80.179999999999978},{"$f":"$H29/$G29","v":0.5579933847850056},null,null,null,{"$f":"$Q29/$H29","v":28.671049484333984},null,{"$f":"SUBTOTAL(9,Q16:Q28)","v":2902.083628804286},{"$f":"SUBTOTAL(9,R16:R28)","v":1941.65},{"$f":"($R29-$Q29)/$Q29","v":-0.330946227486905},null,null,null,null,null,null,{"$f":"V18","v":"2016-01-28"}]
["6094B07198","Beef","RM",41344,"PORK CHOPS SEASONED BBQ SPARERIBS *IN PROCESS* CODE: 24007,24008 FR","6094B07198",43.2,null,3,null,{"$f":"IF(ISNA(VLOOKUP($D:$D,rend,2,FALSE))=FALSE,VLOOKUP($D:$D,rend,2,FALSE),\"\")","v":0.96324110087120696},{"$f":"IF($C30=\"RM\",IF(ISNA(VLOOKUP($F$2:$F$409,pos,2,FALSE))=FALSE,VLOOKUP($F30:$F$409,pos,2,FALSE),IF(ISNA(VLOOKUP($F$2:$F$409,lot,2,FALSE))=FALSE,VLOOKUP($F$2:$F$409,lot,2,FALSE),\"MANQUANT\")),\"\")","v":"6094B07196"},{"$f":"IF($C30=\"RM\",IF(ISNA(VLOOKUP($F$2:$F$409,pos,3,FALSE))=FALSE,VLOOKUP($F30:$F433,pos,3,FALSE),\"OP\"),\"\")","v":"OP"},{"$f":"IF($C30=\"RM\",IF(ISNA(VLOOKUP($F30:$F$402,pos,4,FALSE))=FALSE,VLOOKUP($F$2:$F$402,pos,4,FALSE),\"\"),\"\")","v":""},{"$f":"IF($C30=\"RM\",IF(ISNA(VLOOKUP($F$2:$F$409,pos,5,FALSE))=FALSE,VLOOKUP($F$2:$F$409,pos,5,FALSE),IF(ISNA(VLOOKUP($F$2:$F$409,lot,5,FALSE))=FALSE,VLOOKUP($F$2:$F$409,lot,5,FALSE),0)),\"\")","v":3.8959971472898838},{"$f":"IF($H30>0,VLOOKUP($D:$D,prix,15,FALSE),\"\")","v":""},{"$f":"IF($C30=\"RM\",$O30*$G30,\"\")","v":168.307076762923},"",null,{"$f":"IF($F30>0,VALUE(LEFT($F30,4)),\"\")","v":6094},{"$f":"IF(F30>0,IF(ISERROR(SEARCH(\"*FZ*\",$E30))=FALSE,\"FZ\",IF(ISERROR(SEARCH(\"*FR*\",$E30))=FALSE,\"FR\",\"Aucun\")),\"\")","v":"FR"},{"$f":"IF($C30=\"RM\",IF($U30=\"FR\",IF(ISNA(VLOOKUP($F:$F,lot,6,FALSE))=TRUE,VLOOKUP($T:$T,date,2,FALSE),VLOOKUP($F:$F,lot,6,FALSE)),\"\"),\"\")","v":"2016-04-22"},{"$f":"IF($C30=\"RM\",IF($U30=\"Fz\",IF(ISNA(VLOOKUP($F:$F,lot,6,FALSE))=TRUE,VLOOKUP($T:$T,date,2,FALSE),VLOOKUP($F:$F,lot,6,FALSE)),\"\"),\"\")","v":""},{"$f":"IF($C30=\"FG\",VLOOKUP($A:$A,op,4,FALSE),\"\")","v":""},"2016-04-25",{"$f":"IF(C30=\"rm\",IF(U30=\"aucun\",\"OK\",IF(U30=\"fz\",IF(Y30-W30>730,Y30-W30,\"OK\"),IF(Y30-V30<1,1,Y30-V30))),\"\")","v":3}]
["6094B07198","Beef","FG",24007,"PORK CHOPS SEASONED BBQ SPARERIBS**7 OZ (3 SAC X9 UNIT ) /CS 5.4KG/CS) FR @P","6094B07200","",43.2,3,null,{"$f":"IF(ISNA(VLOOKUP($D:$D,rend,2,FALSE))=FALSE,VLOOKUP($D:$D,rend,2,FALSE),\"\")","v":0.9547963660853469},{"$f":"IF($C31=\"RM\",IF(ISNA(VLOOKUP($F$2:$F$409,pos,2,FALSE))=FALSE,VLOOKUP($F31:$F$409,pos,2,FALSE),IF(ISNA(VLOOKUP($F$2:$F$409,lot,2,FALSE))=FALSE,VLOOKUP($F$2:$F$409,lot,2,FALSE),\"MANQUANT\")),\"\")","v":""},{"$f":"IF($C31=\"RM\",IF(ISNA(VLOOKUP($F$2:$F$409,pos,3,FALSE))=FALSE,VLOOKUP($F31:$F434,pos,3,FALSE),\"OP\"),\"\")","v":""},{"$f":"IF($C31=\"RM\",IF(ISNA(VLOOKUP($F31:$F$402,pos,4,FALSE))=FALSE,VLOOKUP($F$2:$F$402,pos,4,FALSE),\"\"),\"\")","v":""},{"$f":"IF($C31=\"RM\",IF(ISNA(VLOOKUP($F$2:$F$409,pos,5,FALSE))=FALSE,VLOOKUP($F$2:$F$409,pos,5,FALSE),IF(ISNA(VLOOKUP($F$2:$F$409,lot,5,FALSE))=FALSE,VLOOKUP($F$2:$F$409,lot,5,FALSE),0)),\"\")","v":""},{"$f":"IF($H31>0,VLOOKUP($D:$D,prix,15,FALSE),\"\")","v":6.0999999999999988},{"$f":"IF($C31=\"RM\",$O31*$G31,\"\")","v":""},263.52,null,{"$f":"IF($F31>0,VALUE(LEFT($F31,4)),\"\")","v":6094},{"$f":"IF(F31>0,IF(ISERROR(SEARCH(\"*FZ*\",$E31))=FALSE,\"FZ\",IF(ISERROR(SEARCH(\"*FR*\",$E31))=FALSE,\"FR\",\"Aucun\")),\"\")","v":"FR"},{"$f":"IF($C31=\"RM\",IF($U31=\"FR\",IF(ISNA(VLOOKUP($F:$F,lot,6,FALSE))=TRUE,VLOOKUP($T:$T,date,2,FALSE),VLOOKUP($F:$F,lot,6,FALSE)),\"\"),\"\")","v":""},{"$f":"IF($C31=\"RM\",IF($U31=\"Fz\",IF(ISNA(VLOOKUP($F:$F,lot,6,FALSE))=TRUE,VLOOKUP($T:$T,date,2,FALSE),VLOOKUP($F:$F,lot,6,FALSE)),\"\"),\"\")","v":""},{"$f":"IF($C31=\"FG\",VLOOKUP($A:$A,op,4,FALSE),\"\")","v":"2016-04-22"},"2016-04-25",""]
["6094B07198 Total",null,null,null,null,null,{"$f":"SUBTOTAL(9,G30:G31)","v":43.2},{"$f":"SUBTOTAL(9,H30:H31)","v":43.2},null,{"$f":"$G32-$H32","v":0},{"$f":"$H32/$G32","v":1},null,null,null,{"$f":"$Q32/$H32","v":3.8959971472898842},null,{"$f":"SUBTOTAL(9,Q30:Q31)","v":168.307076762923},{"$f":"SUBTOTAL(9,R30:R31)","v":263.52},{"$f":"($R32-$Q32)/$Q32","v":0.56570956532739081},null,null,null,null,null,null,{"$f":"V30","v":"2016-04-22"}]
["6094B07203","Beef","RM",1,"ING EAU","5166AS",29.44,null,1,null,{"$f":"IF(ISNA(VLOOKUP($D:$D,rend,2,FALSE))=FALSE,VLOOKUP($D:$D,rend,2,FALSE),\"\")","v":""},{"$f":"IF($C33=\"RM\",IF(ISNA(VLOOKUP($F$2:$F$409,pos,2,FALSE))=FALSE,VLOOKUP($F33:$F$409,pos,2,FALSE),IF(ISNA(VLOOKUP($F$2:$F$409,lot,2,FALSE))=FALSE,VLOOKUP($F$2:$F$409,lot,2,FALSE),\"MANQUANT\")),\"\")","v":"Aucun"},{"$f":"IF($C33=\"RM\",IF(ISNA(VLOOKUP($F$2:$F$409,pos,3,FALSE))=FALSE,VLOOKUP($F33:$F435,pos,3,FALSE),\"OP\"),\"\")","v":"Aucun"},{"$f":"IF($C33=\"RM\",IF(ISNA(VLOOKUP($F33:$F$402,pos,4,FALSE))=FALSE,VLOOKUP($F$2:$F$402,pos,4,FALSE),\"\"),\"\")","v":0},{"$f":"IF($C33=\"RM\",IF(ISNA(VLOOKUP($F$2:$F$409,pos,5,FALSE))=FALSE,VLOOKUP($F$2:$F$409,pos,5,FALSE),IF(ISNA(VLOOKUP($F$2:$F$409,lot,5,FALSE))=FALSE,VLOOKUP($F$2:$F$409,lot,5,FALSE),0)),\"\")","v":0},{"$f":"IF($H33>0,VLOOKUP($D:$D,prix,15,FALSE),\"\")","v":""},{"$f":"IF($C33=\"RM\",$O33*$G33,\"\")","v":0},"",null,{"$f":"IF($F33>0,VALUE(LEFT($F33,4)),\"\")","v":5166},{"$f":"IF(F33>0,IF(ISERROR(SEARCH(\"*FZ*\",$E33))=FALSE,\"FZ\",IF(ISERROR(SEARCH(\"*FR*\",$E33))=FALSE,\"FR\",\"Aucun\")),\"\")","v":"Aucun"},{"$f":"IF($C33=\"RM\",IF($U33=\"FR\",IF(ISNA(VLOOKUP($F:$F,lot,6,FALSE))=TRUE,VLOOKUP($T:$T,date,2,FALSE),VLOOKUP($F:$F,lot,6,FALSE)),\"\"),\"\")","v":""},{"$f":"IF($C33=\"RM\",IF($U33=\"Fz\",IF(ISNA(VLOOKUP($F:$F,lot,6,FALSE))=TRUE,VLOOKUP($T:$T,date,2,FALSE),VLOOKUP($F:$F,lot,6,FALSE)),\"\"),\"\")","v":""},{"$f":"IF($C33=\"FG\",VLOOKUP($A:$A,op,4,FALSE),\"\")","v":""},"2016-04-25",{"$f":"IF(C33=\"rm\",IF(U33=\"aucun\",\"OK\",IF(U33=\"fz\",IF(Y33-W33>730,Y33-W33,\"OK\"),IF(Y33-V33<1,1,Y33-V33))),\"\")","v":"OK"}]
["6094B07203","Beef","RM",41343,"PORK CHOPS NATURE *IN PROCESS* CODE: 24007,24008 FR","6094B07203",162.4,null,1,null,{"$f":"IF(ISNA(VLOOKUP($D:$D,rend,2,FALSE))=FALSE,VLOOKUP($D:$D,rend,2,FALSE),\"\")","v":0.93421643742413663},{"$f":"IF($C34=\"RM\",IF(ISNA(VLOOKUP($F$2:$F$409,pos,2,FALSE))=FALSE,VLOOKUP($F34:$F$409,pos,2,FALSE),IF(ISNA(VLOOKUP($F$2:$F$409,lot,2,FALSE))=FALSE,VLOOKUP($F$2:$F$409,lot,2,FALSE),\"MANQUANT\")),\"\")","v":"6094B07AC"},{"$f":"IF($C34=\"RM\",IF(ISNA(VLOOKUP($F$2:$F$409,pos,3,FALSE))=FALSE,VLOOKUP($F34:$F436,pos,3,FALSE),\"OP\"),\"\")","v":"OP"},{"$f":"IF($C34=\"RM\",IF(ISNA(VLOOKUP($F34:$F$402,pos,4,FALSE))=FALSE,VLOOKUP($F$2:$F$402,pos,4,FALSE),\"\"),\"\")","v":""},{"$f":"IF($C34=\"RM\",IF(ISNA(VLOOKUP($F$2:$F$409,pos,5,FALSE))=FALSE,VLOOKUP($F$2:$F$409,pos,5,FALSE),IF(ISNA(VLOOKUP($F$2:$F$409,lot,5,FALSE))=FALSE,VLOOKUP($F$2:$F$409,lot,5,FALSE),0)),\"\")","v":4.6381766720578437},{"$f":"IF($H34>0,VLOOKUP($D:$D,prix,15,FALSE),\"\")","v":""},{"$f":"IF($C34=\"RM\",$O34*$G34,\"\")","v":753.23989154219385},"",null,{"$f":"IF($F34>0,VALUE(LEFT($F34,4)),\"\")","v":6094},{"$f":"IF(F34>0,IF(ISERROR(SEARCH(\"*FZ*\",$E34))=FALSE,\"FZ\",IF(ISERROR(SEARCH(\"*FR*\",$E34))=FALSE,\"FR\",\"Aucun\")),\"\")","v":"FR"},{"$f":"IF($C34=\"RM\",IF($U34=\"FR\",IF(ISNA(VLOOKUP($F:$F,lot,6,FALSE))=TRUE,VLOOKUP($T:$T,date,2,FALSE),VLOOKUP($F:$F,lot,6,FALSE)),\"\"),\"\")","v":"2016-04-25"},{"$f":"IF($C34=\"RM\",IF($U34=\"Fz\",IF(ISNA(VLOOKUP($F:$F,lot,6,FALSE))=TRUE,VLOOKUP($T:$T,date,2,FALSE),VLOOKUP($F:$F,lot,6,FALSE)),\"\"),\"\")","v":""},{"$f":"IF($C34=\"FG\",VLOOKUP($A:$A,op,4,FALSE),\"\")","v":""},"2016-04-25",1]
["6094B07203","Beef","RM",19,"ING MONTOUR 7139 / MARINADE STYLE COTES-LEVEES / ALLERG: AUCUN","6163AS01",11.17,null,1,null,{"$f":"IF(ISNA(VLOOKUP($D:$D,rend,2,FALSE))=FALSE,VLOOKUP($D:$D,rend,2,FALSE),\"\")","v":""},{"$f":"IF($C35=\"RM\",IF(ISNA(VLOOKUP($F$2:$F$409,pos,2,FALSE))=FALSE,VLOOKUP($F35:$F$409,pos,2,FALSE),IF(ISNA(VLOOKUP($F$2:$F$409,lot,2,FALSE))=FALSE,VLOOKUP($F$2:$F$409,lot,2,FALSE),\"MANQUANT\")),\"\")","v":"PO-0021711"},{"$f":"IF($C35=\"RM\",IF(ISNA(VLOOKUP($F$2:$F$409,pos,3,FALSE))=FALSE,VLOOKUP($F35:$F437,pos,3,FALSE),\"OP\"),\"\")","v":"MONTO"},{"$f":"IF($C35=\"RM\",IF(ISNA(VLOOKUP($F35:$F$402,pos,4,FALSE))=FALSE,VLOOKUP($F$2:$F$402,pos,4,FALSE),\"\"),\"\")","v":300},{"$f":"IF($C35=\"RM\",IF(ISNA(VLOOKUP($F$2:$F$409,pos,5,FALSE))=FALSE,VLOOKUP($F$2:$F$409,pos,5,FALSE),IF(ISNA(VLOOKUP($F$2:$F$409,lot,5,FALSE))=FALSE,VLOOKUP($F$2:$F$409,lot,5,FALSE),0)),\"\")","v":7.94},{"$f":"IF($H35>0,VLOOKUP($D:$D,prix,15,FALSE),\"\")","v":""},{"$f":"IF($C35=\"RM\",$O35*$G35,\"\")","v":88.689800000000005},"",null,{"$f":"IF($F35>0,VALUE(LEFT($F35,4)),\"\")","v":6163},{"$f":"IF(F35>0,IF(ISERROR(SEARCH(\"*FZ*\",$E35))=FALSE,\"FZ\",IF(ISERROR(SEARCH(\"*FR*\",$E35))=FALSE,\"FR\",\"Aucun\")),\"\")","v":"Aucun"},{"$f":"IF($C35=\"RM\",IF($U35=\"FR\",IF(ISNA(VLOOKUP($F:$F,lot,6,FALSE))=TRUE,VLOOKUP($T:$T,date,2,FALSE),VLOOKUP($F:$F,lot,6,FALSE)),\"\"),\"\")","v":""},{"$f":"IF($C35=\"RM\",IF($U35=\"Fz\",IF(ISNA(VLOOKUP($F:$F,lot,6,FALSE))=TRUE,VLOOKUP($T:$T,date,2,FALSE),VLOOKUP($F:$F,lot,6,FALSE)),\"\"),\"\")","v":""},{"$f":"IF($C35=\"FG\",VLOOKUP($A:$A,op,4,FALSE),\"\")","v":""},"2016-04-25","OK"]
["6094B07203","Beef","FG",24007,"PORK CHOPS SEASONED BBQ SPARERIBS**7 OZ (3 SAC X9 UNIT ) /CS 5.4KG/CS) FR @P","6094B07205","",172.8,1,null,{"$f":"IF(ISNA(VLOOKUP($D:$D,rend,2,FALSE))=FALSE,VLOOKUP($D:$D,rend,2,FALSE),\"\")","v":0.9547963660853469},{"$f":"IF($C36=\"RM\",IF(ISNA(VLOOKUP($F$2:$F$409,pos,2,FALSE))=FALSE,VLOOKUP($F36:$F$409,pos,2,FALSE),IF(ISNA(VLOOKUP($F$2:$F$409,lot,2,FALSE))=FALSE,VLOOKUP($F$2:$F$409,lot,2,FALSE),\"MANQUANT\")),\"\")","v":""},{"$f":"IF($C36=\"RM\",IF(ISNA(VLOOKUP($F$2:$F$409,pos,3,FALSE))=FALSE,VLOOKUP($F36:$F438,pos,3,FALSE),\"OP\"),\"\")","v":""},{"$f":"IF($C36=\"RM\",IF(ISNA(VLOOKUP($F36:$F$402,pos,4,FALSE))=FALSE,VLOOKUP($F$2:$F$402,pos,4,FALSE),\"\"),\"\")","v":""},{"$f":"IF($C36=\"RM\",IF(ISNA(VLOOKUP($F$2:$F$409,pos,5,FALSE))=FALSE,VLOOKUP($F$2:$F$409,pos,5,FALSE),IF(ISNA(VLOOKUP($F$2:$F$409,lot,5,FALSE))=FALSE,VLOOKUP($F$2:$F$409,lot,5,FALSE),0)),\"\")","v":""},{"$f":"IF($H36>0,VLOOKUP($D:$D,prix,15,FALSE),\"\")","v":6.0999999999999988},{"$f":"IF($C36=\"RM\",$O36*$G36,\"\")","v":""},1054.08,null,{"$f":"IF($F36>0,VALUE(LEFT($F36,4)),\"\")","v":6094},{"$f":"IF(F36>0,IF(ISERROR(SEARCH(\"*FZ*\",$E36))=FALSE,\"FZ\",IF(ISERROR(SEARCH(\"*FR*\",$E36))=FALSE,\"FR\",\"Aucun\")),\"\")","v":"FR"},{"$f":"IF($C36=\"RM\",IF($U36=\"FR\",IF(ISNA(VLOOKUP($F:$F,lot,6,FALSE))=TRUE,VLOOKUP($T:$T,date,2,FALSE),VLOOKUP($F:$F,lot,6,FALSE)),\"\"),\"\")","v":""},{"$f":"IF($C36=\"RM\",IF($U36=\"Fz\",IF(ISNA(VLOOKUP($F:$F,lot,6,FALSE))=TRUE,VLOOKUP($T:$T,date,2,FALSE),VLOOKUP($F:$F,lot,6,FALSE)),\"\"),\"\")","v":""},{"$f":"IF($C36=\"FG\",VLOOKUP($A:$A,op,4,FALSE),\"\")","v":"2016-04-25"},"2016-04-25",""]
["6094B07203","Beef","FG",41344,"PORK CHOPS SEASONED BBQ SPARERIBS *IN PROCESS* CODE: 24007,24008 FR","6094B07206","",37.799999999999997,1,null,{"$f":"IF(ISNA(VLOOKUP($D:$D,rend,2,FALSE))=FALSE,VLOOKUP($D:$D,rend,2,FALSE),\"\")","v":0.96324110087120696},{"$f":"IF($C37=\"RM\",IF(ISNA(VLOOKUP($F$2:$F$409,pos,2,FALSE))=FALSE,VLOOKUP($F37:$F$409,pos,2,FALSE),IF(ISNA(VLOOKUP($F$2:$F$409,lot,2,FALSE))=FALSE,VLOOKUP($F$2:$F$409,lot,2,FALSE),\"MANQUANT\")),\"\")","v":""},{"$f":"IF($C37=\"RM\",IF(ISNA(VLOOKUP($F$2:$F$409,pos,3,FALSE))=FALSE,VLOOKUP($F37:$F439,pos,3,FALSE),\"OP\"),\"\")","v":""},{"$f":"IF($C37=\"RM\",IF(ISNA(VLOOKUP($F37:$F$402,pos,4,FALSE))=FALSE,VLOOKUP($F$2:$F$402,pos,4,FALSE),\"\"),\"\")","v":""},{"$f":"IF($C37=\"RM\",IF(ISNA(VLOOKUP($F$2:$F$409,pos,5,FALSE))=FALSE,VLOOKUP($F$2:$F$409,pos,5,FALSE),IF(ISNA(VLOOKUP($F$2:$F$409,lot,5,FALSE))=FALSE,VLOOKUP($F$2:$F$409,lot,5,FALSE),0)),\"\")","v":""},{"$f":"IF($H37>0,VLOOKUP($D:$D,prix,15,FALSE),\"\")","v":6.1},{"$f":"IF($C37=\"RM\",$O37*$G37,\"\")","v":""},230.57999999999996,null,{"$f":"IF($F37>0,VALUE(LEFT($F37,4)),\"\")","v":6094},{"$f":"IF(F37>0,IF(ISERROR(SEARCH(\"*FZ*\",$E37))=FALSE,\"FZ\",IF(ISERROR(SEARCH(\"*FR*\",$E37))=FALSE,\"FR\",\"Aucun\")),\"\")","v":"FR"},{"$f":"IF($C37=\"RM\",IF($U37=\"FR\",IF(ISNA(VLOOKUP($F:$F,lot,6,FALSE))=TRUE,VLOOKUP($T:$T,date,2,FALSE),VLOOKUP($F:$F,lot,6,FALSE)),\"\"),\"\")","v":""},{"$f":"IF($C37=\"RM\",IF($U37=\"Fz\",IF(ISNA(VLOOKUP($F:$F,lot,6,FALSE))=TRUE,VLOOKUP($T:$T,date,2,FALSE),VLOOKUP($F:$F,lot,6,FALSE)),\"\"),\"\")","v":""},{"$f":"IF($C37=\"FG\",VLOOKUP($A:$A,op,4,FALSE),\"\")","v":"2016-04-25"},"2016-04-25",""]
["6094B07203 Total",null,null,null,null,null,{"$f":"SUBTOTAL(9,G33:G37)","v":203.01},{"$f":"SUBTOTAL(9,H33:H37)","v":210.60000000000002},null,{"$f":"$G38-$H38","v":-7.5900000000000318},{"$f":"$H38/$G38","v":1.0373873208216347},null,null,null,{"$f":"$Q38/$H38","v":3.9977668164396665},null,{"$f":"SUBTOTAL(9,Q33:Q37)","v":841.92969154219384},{"$f":"SUBTOTAL(9,R33:R37)","v":1284.6599999999999},{"$f":"($R38-$Q38)/$Q38","v":0.52585187683171086},null,null,null,null,null,null,{"$f":"Y35","v":"2016-04-25"}]
["6094B07203B","Beef","RM",1,"ING EAU","5166AS",84.1,null,1,null,{"$f":"IF(ISNA(VLOOKUP($D:$D,rend,2,FALSE))=FALSE,VLOOKUP($D:$D,rend,2,FALSE),\"\")","v":""},{"$f":"IF($C39=\"RM\",IF(ISNA(VLOOKUP($F$2:$F$409,pos,2,FALSE))=FALSE,VLOOKUP($F39:$F$409,pos,2,FALSE),IF(ISNA(VLOOKUP($F$2:$F$409,lot,2,FALSE))=FALSE,VLOOKUP($F$2:$F$409,lot,2,FALSE),\"MANQUANT\")),\"\")","v":"Aucun"},{"$f":"IF($C39=\"RM\",IF(ISNA(VLOOKUP($F$2:$F$409,pos,3,FALSE))=FALSE,VLOOKUP($F39:$F440,pos,3,FALSE),\"OP\"),\"\")","v":"Aucun"},{"$f":"IF($C39=\"RM\",IF(ISNA(VLOOKUP($F39:$F$402,pos,4,FALSE))=FALSE,VLOOKUP($F$2:$F$402,pos,4,FALSE),\"\"),\"\")","v":0},{"$f":"IF($C39=\"RM\",IF(ISNA(VLOOKUP($F$2:$F$409,pos,5,FALSE))=FALSE,VLOOKUP($F$2:$F$409,pos,5,FALSE),IF(ISNA(VLOOKUP($F$2:$F$409,lot,5,FALSE))=FALSE,VLOOKUP($F$2:$F$409,lot,5,FALSE),0)),\"\")","v":0},{"$f":"IF($H39>0,VLOOKUP($D:$D,prix,15,FALSE),\"\")","v":""},{"$f":"IF($C39=\"RM\",$O39*$G39,\"\")","v":0},"",null,{"$f":"IF($F39>0,VALUE(LEFT($F39,4)),\"\")","v":5166},{"$f":"IF(F39>0,IF(ISERROR(SEARCH(\"*FZ*\",$E39))=FALSE,\"FZ\",IF(ISERROR(SEARCH(\"*FR*\",$E39))=FALSE,\"FR\",\"Aucun\")),\"\")","v":"Aucun"},{"$f":"IF($C39=\"RM\",IF($U39=\"FR\",IF(ISNA(VLOOKUP($F:$F,lot,6,FALSE))=TRUE,VLOOKUP($T:$T,date,2,FALSE),VLOOKUP($F:$F,lot,6,FALSE)),\"\"),\"\")","v":""},{"$f":"IF($C39=\"RM\",IF($U39=\"Fz\",IF(ISNA(VLOOKUP($F:$F,lot,6,FALSE))=TRUE,VLOOKUP($T:$T,date,2,FALSE),VLOOKUP($F:$F,lot,6,FALSE)),\"\"),\"\")","v":""},{"$f":"IF($C39=\"FG\",VLOOKUP($A:$A,op,4,FALSE),\"\")","v":""},"2016-04-25",{"$f":"IF(C39=\"rm\",IF(U39=\"aucun\",\"OK\",IF(U39=\"fz\",IF(Y39-W39>730,Y39-W39,\"OK\"),IF(Y39-V39<1,1,Y39-V39))),\"\")","v":"OK"}]
["6094B07203B","Beef","RM",41344,"PORK CHOPS SEASONED BBQ SPARERIBS *IN PROCESS* CODE: 24007,24008 FR","6094B07198",3.92,null,1,null,0.96324110087120696,{"$f":"IF($C40=\"RM\",IF(ISNA(VLOOKUP($F$2:$F$409,pos,2,FALSE))=FALSE,VLOOKUP($F40:$F$409,pos,2,FALSE),IF(ISNA(VLOOKUP($F$2:$F$409,lot,2,FALSE))=FALSE,VLOOKUP($F$2:$F$409,lot,2,FALSE),\"MANQUANT\")),\"\")","v":"6094B07196"},"OP",{"$f":"IF($C40=\"RM\",IF(ISNA(VLOOKUP($F40:$F$402,pos,4,FALSE))=FALSE,VLOOKUP($F$2:$F$402,pos,4,FALSE),\"\"),\"\")","v":""},3.8959971472898838,"",15.272308817376343,"",null,6094,"FR","2016-04-22","","","2016-04-25",3]
["6094B07203B","Beef","RM",41343,"PORK CHOPS NATURE *IN PROCESS* CODE: 24007,24008 FR","6094B07203",464,null,1,null,0.93421643742413663,{"$f":"IF($C41=\"RM\",IF(ISNA(VLOOKUP($F$2:$F$409,pos,2,FALSE))=FALSE,VLOOKUP($F41:$F$409,pos,2,FALSE),IF(ISNA(VLOOKUP($F$2:$F$409,lot,2,FALSE))=FALSE,VLOOKUP($F$2:$F$409,lot,2,FALSE),\"MANQUANT\")),\"\")","v":"6094B07AC"},"OP",{"$f":"IF($C41=\"RM\",IF(ISNA(VLOOKUP($F41:$F$402,pos,4,FALSE))=FALSE,VLOOKUP($F$2:$F$402,pos,4,FALSE),\"\"),\"\")","v":""},4.6381766720578437,"",2152.1139758348395,"",null,6094,"FR","2016-04-25","","","2016-04-25",1]
["6094B07203B","Beef","RM",19,"ING MONTOUR 7139 / MARINADE STYLE COTES-LEVEES / ALLERG: AUCUN","6163AS01",31.9,null,1,null,"",{"$f":"IF($C42=\"RM\",IF(ISNA(VLOOKUP($F$2:$F$409,pos,2,FALSE))=FALSE,VLOOKUP($F42:$F$409,pos,2,FALSE),IF(ISNA(VLOOKUP($F$2:$F$409,lot,2,FALSE))=FALSE,VLOOKUP($F$2:$F$409,lot,2,FALSE),\"MANQUANT\")),\"\")","v":"PO-0021711"},"MONTO",{"$f":"IF($C42=\"RM\",IF(ISNA(VLOOKUP($F42:$F$402,pos,4,FALSE))=FALSE,VLOOKUP($F$2:$F$402,pos,4,FALSE),\"\"),\"\")","v":300},7.94,"",253.286,"",null,6163,"Aucun","","","","2016-04-25","OK"]
["6094B07203B","Beef","FG",41344,"PORK CHOPS SEASONED BBQ SPARERIBS *IN PROCESS* CODE: 24007,24008 FR","6094B07208","",640.44000000000005,1,null,0.96324110087120696,{"$f":"IF($C43=\"RM\",IF(ISNA(VLOOKUP($F$2:$F$409,pos,2,FALSE))=FALSE,VLOOKUP($F43:$F$409,pos,2,FALSE),IF(ISNA(VLOOKUP($F$2:$F$409,lot,2,FALSE))=FALSE,VLOOKUP($F$2:$F$409,lot,2,FALSE),\"MANQUANT\")),\"\")","v":""},"",{"$f":"IF($C43=\"RM\",IF(ISNA(VLOOKUP($F43:$F$402,pos,4,FALSE))=FALSE,VLOOKUP($F$2:$F$402,pos,4,FALSE),\"\"),\"\")","v":""},"",6.1,"",3906.6840000000002,null,6094,"FR","","","2016-04-22","2016-04-25"]
["6094B07203B","Beef","FG",24009,"PORK CHOPS SEASONED BBQ SPARERIBS**16 X 200 GR FZ","6094B07210","",3.2,1,null,"",{"$f":"IF($C44=\"RM\",IF(ISNA(VLOOKUP($F$2:$F$409,pos,2,FALSE))=FALSE,VLOOKUP($F44:$F$409,pos,2,FALSE),IF(ISNA(VLOOKUP($F$2:$F$409,lot,2,FALSE))=FALSE,VLOOKUP($F$2:$F$409,lot,2,FALSE),\"MANQUANT\")),\"\")","v":""},"",{"$f":"IF($C44=\"RM\",IF(ISNA(VLOOKUP($F44:$F$402,pos,4,FALSE))=FALSE,VLOOKUP($F$2:$F$402,pos,4,FALSE),\"\"),\"\")","v":""},"",7.75,"",24.8,null,6094,"FZ","","","2016-04-22","2016-04-25"]
["6094B07203B Total",null,null,null,null,null,{"$f":"SUBTOTAL(9,G39:G44)","v":583.91999999999996},{"$f":"SUBTOTAL(9,H39:H44)","v":643.6400000000001},null,{"$f":"$G45-$H45","v":-59.720000000000141},{"$f":"$H45/$G45","v":1.1022742841485138},null,null,null,{"$f":"$Q45/$H45","v":3.7609102676219863},null,{"$f":"SUBTOTAL(9,Q39:Q44)","v":2420.6722846522157},{"$f":"SUBTOTAL(9,R39:R44)","v":3931.4840000000004},{"$f":"($R45-$Q45)/$Q45","v":0.62412897645285637},null,null,null,null,null,null,{"$f":"V40","v":"2016-04-22"}]
["6094B07207","Beef","RM",1,"ING EAU","5166AS",11.2,null,1,null,{"$f":"IF(ISNA(VLOOKUP($D:$D,rend,2,FALSE))=FALSE,VLOOKUP($D:$D,rend,2,FALSE),\"\")","v":""},{"$f":"IF($C46=\"RM\",IF(ISNA(VLOOKUP($F$2:$F$409,pos,2,FALSE))=FALSE,VLOOKUP($F46:$F$409,pos,2,FALSE),IF(ISNA(VLOOKUP($F$2:$F$409,lot,2,FALSE))=FALSE,VLOOKUP($F$2:$F$409,lot,2,FALSE),\"MANQUANT\")),\"\")","v":"Aucun"},{"$f":"IF($C46=\"RM\",IF(ISNA(VLOOKUP($F$2:$F$409,pos,3,FALSE))=FALSE,VLOOKUP($F46:$F446,pos,3,FALSE),\"OP\"),\"\")","v":"Aucun"},{"$f":"IF($C46=\"RM\",IF(ISNA(VLOOKUP($F46:$F$402,pos,4,FALSE))=FALSE,VLOOKUP($F$2:$F$402,pos,4,FALSE),\"\"),\"\")","v":0},{"$f":"IF($C46=\"RM\",IF(ISNA(VLOOKUP($F$2:$F$409,pos,5,FALSE))=FALSE,VLOOKUP($F$2:$F$409,pos,5,FALSE),IF(ISNA(VLOOKUP($F$2:$F$409,lot,5,FALSE))=FALSE,VLOOKUP($F$2:$F$409,lot,5,FALSE),0)),\"\")","v":0},{"$f":"IF($H46>0,VLOOKUP($D:$D,prix,15,FALSE),\"\")","v":""},{"$f":"IF($C46=\"RM\",$O46*$G46,\"\")","v":0},"",null,{"$f":"IF($F46>0,VALUE(LEFT($F46,4)),\"\")","v":5166},{"$f":"IF(F46>0,IF(ISERROR(SEARCH(\"*FZ*\",$E46))=FALSE,\"FZ\",IF(ISERROR(SEARCH(\"*FR*\",$E46))=FALSE,\"FR\",\"Aucun\")),\"\")","v":"Aucun"},{"$f":"IF($C46=\"RM\",IF($U46=\"FR\",IF(ISNA(VLOOKUP($F:$F,lot,6,FALSE))=TRUE,VLOOKUP($T:$T,date,2,FALSE),VLOOKUP($F:$F,lot,6,FALSE)),\"\"),\"\")","v":""},{"$f":"IF($C46=\"RM\",IF($U46=\"Fz\",IF(ISNA(VLOOKUP($F:$F,lot,6,FALSE))=TRUE,VLOOKUP($T:$T,date,2,FALSE),VLOOKUP($F:$F,lot,6,FALSE)),\"\"),\"\")","v":""},{"$f":"IF($C46=\"FG\",VLOOKUP($A:$A,op,4,FALSE),\"\")","v":""},"2016-04-25",{"$f":"IF(C46=\"rm\",IF(U46=\"aucun\",\"OK\",IF(U46=\"fz\",IF(Y46-W46>730,Y46-W46,\"OK\"),IF(Y46-V46<1,1,Y46-V46))),\"\")","v":"OK"}]
["6094B07207","Beef","RM",41346,"PORK ROAST NATURE *IN PROCESS* CODE: 24006 FR","6094B07207",99.98,null,1,null,{"$f":"IF(ISNA(VLOOKUP($D:$D,rend,2,FALSE))=FALSE,VLOOKUP($D:$D,rend,2,FALSE),\"\")","v":0.9342629607965951},{"$f":"IF($C47=\"RM\",IF(ISNA(VLOOKUP($F$2:$F$409,pos,2,FALSE))=FALSE,VLOOKUP($F47:$F$409,pos,2,FALSE),IF(ISNA(VLOOKUP($F$2:$F$409,lot,2,FALSE))=FALSE,VLOOKUP($F$2:$F$409,lot,2,FALSE),\"MANQUANT\")),\"\")","v":"6094B07AC"},{"$f":"IF($C47=\"RM\",IF(ISNA(VLOOKUP($F$2:$F$409,pos,3,FALSE))=FALSE,VLOOKUP($F47:$F447,pos,3,FALSE),\"OP\"),\"\")","v":"OP"},{"$f":"IF($C47=\"RM\",IF(ISNA(VLOOKUP($F47:$F$402,pos,4,FALSE))=FALSE,VLOOKUP($F$2:$F$402,pos,4,FALSE),\"\"),\"\")","v":""},{"$f":"IF($C47=\"RM\",IF(ISNA(VLOOKUP($F$2:$F$409,pos,5,FALSE))=FALSE,VLOOKUP($F$2:$F$409,pos,5,FALSE),IF(ISNA(VLOOKUP($F$2:$F$409,lot,5,FALSE))=FALSE,VLOOKUP($F$2:$F$409,lot,5,FALSE),0)),\"\")","v":4.6381766720578437},{"$f":"IF($H47>0,VLOOKUP($D:$D,prix,15,FALSE),\"\")","v":""},{"$f":"IF($C47=\"RM\",$O47*$G47,\"\")","v":463.7249036723432},"",null,{"$f":"IF($F47>0,VALUE(LEFT($F47,4)),\"\")","v":6094},{"$f":"IF(F47>0,IF(ISERROR(SEARCH(\"*FZ*\",$E47))=FALSE,\"FZ\",IF(ISERROR(SEARCH(\"*FR*\",$E47))=FALSE,\"FR\",\"Aucun\")),\"\")","v":"FR"},{"$f":"IF($C47=\"RM\",IF($U47=\"FR\",IF(ISNA(VLOOKUP($F:$F,lot,6,FALSE))=TRUE,VLOOKUP($T:$T,date,2,FALSE),VLOOKUP($F:$F,lot,6,FALSE)),\"\"),\"\")","v":"2016-04-25"},{"$f":"IF($C47=\"RM\",IF($U47=\"Fz\",IF(ISNA(VLOOKUP($F:$F,lot,6,FALSE))=TRUE,VLOOKUP($T:$T,date,2,FALSE),VLOOKUP($F:$F,lot,6,FALSE)),\"\"),\"\")","v":""},{"$f":"IF($C47=\"FG\",VLOOKUP($A:$A,op,4,FALSE),\"\")","v":""},"2016-04-25",1]
["6094B07207","Beef","RM",19,"ING MONTOUR 7139 / MARINADE STYLE COTES-LEVEES / ALLERG: AUCUN","6163AS01",8.82,null,1,null,{"$f":"IF(ISNA(VLOOKUP($D:$D,rend,2,FALSE))=FALSE,VLOOKUP($D:$D,rend,2,FALSE),\"\")","v":""},{"$f":"IF($C48=\"RM\",IF(ISNA(VLOOKUP($F$2:$F$409,pos,2,FALSE))=FALSE,VLOOKUP($F48:$F$409,pos,2,FALSE),IF(ISNA(VLOOKUP($F$2:$F$409,lot,2,FALSE))=FALSE,VLOOKUP($F$2:$F$409,lot,2,FALSE),\"MANQUANT\")),\"\")","v":"PO-0021711"},{"$f":"IF($C48=\"RM\",IF(ISNA(VLOOKUP($F$2:$F$409,pos,3,FALSE))=FALSE,VLOOKUP($F48:$F448,pos,3,FALSE),\"OP\"),\"\")","v":"MONTO"},{"$f":"IF($C48=\"RM\",IF(ISNA(VLOOKUP($F48:$F$402,pos,4,FALSE))=FALSE,VLOOKUP($F$2:$F$402,pos,4,FALSE),\"\"),\"\")","v":300},{"$f":"IF($C48=\"RM\",IF(ISNA(VLOOKUP($F$2:$F$409,pos,5,FALSE))=FALSE,VLOOKUP($F$2:$F$409,pos,5,FALSE),IF(ISNA(VLOOKUP($F$2:$F$409,lot,5,FALSE))=FALSE,VLOOKUP($F$2:$F$409,lot,5,FALSE),0)),\"\")","v":7.94},{"$f":"IF($H48>0,VLOOKUP($D:$D,prix,15,FALSE),\"\")","v":""},{"$f":"IF($C48=\"RM\",$O48*$G48,\"\")","v":70.030799999999999},"",null,{"$f":"IF($F48>0,VALUE(LEFT($F48,4)),\"\")","v":6163},{"$f":"IF(F48>0,IF(ISERROR(SEARCH(\"*FZ*\",$E48))=FALSE,\"FZ\",IF(ISERROR(SEARCH(\"*FR*\",$E48))=FALSE,\"FR\",\"Aucun\")),\"\")","v":"Aucun"},{"$f":"IF($C48=\"RM\",IF($U48=\"FR\",IF(ISNA(VLOOKUP($F:$F,lot,6,FALSE))=TRUE,VLOOKUP($T:$T,date,2,FALSE),VLOOKUP($F:$F,lot,6,FALSE)),\"\"),\"\")","v":""},{"$f":"IF($C48=\"RM\",IF($U48=\"Fz\",IF(ISNA(VLOOKUP($F:$F,lot,6,FALSE))=TRUE,VLOOKUP($T:$T,date,2,FALSE),VLOOKUP($F:$F,lot,6,FALSE)),\"\"),\"\")","v":""},{"$f":"IF($C48=\"FG\",VLOOKUP($A:$A,op,4,FALSE),\"\")","v":""},"2016-04-25","OK"]
["6094B07207","Beef","FG",41345,"PORK ROAST SEASONED BBQ*IN PROCESS* CODE: 24006 (4 X 1.7 KG/CS**6.8 KG/CS) FR","6094B07209","",136,1,null,{"$f":"IF(ISNA(VLOOKUP($D:$D,rend,2,FALSE))=FALSE,VLOOKUP($D:$D,rend,2,FALSE),\"\")","v":0.9576455335992532},{"$f":"IF($C49=\"RM\",IF(ISNA(VLOOKUP($F$2:$F$409,pos,2,FALSE))=FALSE,VLOOKUP($F49:$F$409,pos,2,FALSE),IF(ISNA(VLOOKUP($F$2:$F$409,lot,2,FALSE))=FALSE,VLOOKUP($F$2:$F$409,lot,2,FALSE),\"MANQUANT\")),\"\")","v":""},{"$f":"IF($C49=\"RM\",IF(ISNA(VLOOKUP($F$2:$F$409,pos,3,FALSE))=FALSE,VLOOKUP($F49:$F449,pos,3,FALSE),\"OP\"),\"\")","v":""},{"$f":"IF($C49=\"RM\",IF(ISNA(VLOOKUP($F49:$F$402,pos,4,FALSE))=FALSE,VLOOKUP($F$2:$F$402,pos,4,FALSE),\"\"),\"\")","v":""},{"$f":"IF($C49=\"RM\",IF(ISNA(VLOOKUP($F$2:$F$409,pos,5,FALSE))=FALSE,VLOOKUP($F$2:$F$409,pos,5,FALSE),IF(ISNA(VLOOKUP($F$2:$F$409,lot,5,FALSE))=FALSE,VLOOKUP($F$2:$F$409,lot,5,FALSE),0)),\"\")","v":""},{"$f":"IF($H49>0,VLOOKUP($D:$D,prix,15,FALSE),\"\")","v":6.1},{"$f":"IF($C49=\"RM\",$O49*$G49,\"\")","v":""},829.59999999999991,null,{"$f":"IF($F49>0,VALUE(LEFT($F49,4)),\"\")","v":6094},{"$f":"IF(F49>0,IF(ISERROR(SEARCH(\"*FZ*\",$E49))=FALSE,\"FZ\",IF(ISERROR(SEARCH(\"*FR*\",$E49))=FALSE,\"FR\",\"Aucun\")),\"\")","v":"FR"},{"$f":"IF($C49=\"RM\",IF($U49=\"FR\",IF(ISNA(VLOOKUP($F:$F,lot,6,FALSE))=TRUE,VLOOKUP($T:$T,date,2,FALSE),VLOOKUP($F:$F,lot,6,FALSE)),\"\"),\"\")","v":""},{"$f":"IF($C49=\"RM\",IF($U49=\"Fz\",IF(ISNA(VLOOKUP($F:$F,lot,6,FALSE))=TRUE,VLOOKUP($T:$T,date,2,FALSE),VLOOKUP($F:$F,lot,6,FALSE)),\"\"),\"\")","v":""},{"$f":"IF($C49=\"FG\",VLOOKUP($A:$A,op,4,FALSE),\"\")","v":"2016-04-25"},"2016-04-25"]
["6094B07207 Total",null,null,null,null,null,{"$f":"SUBTOTAL(9,G46:G49)","v":120},{"$f":"SUBTOTAL(9,H46:H49)","v":136},null,{"$f":"$G50-$H50","v":-16},{"$f":"$H50/$G50","v":1.1333333333333333},null,null,null,{"$f":"$Q50/$H50","v":3.9246742917084059},null,{"$f":"SUBTOTAL(9,Q46:Q49)","v":533.7557036723432},{"$f":"SUBTOTAL(9,R46:R49)","v":829.59999999999991},{"$f":"($R50-$Q50)/$Q50","v":0.55426910530827178},null,null,null,null,null,null,{"$f":"Y48","v":"2016-04-25"}]
["6094B07AC","Beef","RM",41071,"BONELESS PORK LOINS STRIPS MAIN MUSCLE FZ #D","6094B07",963,null,1,null,{"$f":"IF(ISNA(VLOOKUP($D:$D,rend,2,FALSE))=FALSE,VLOOKUP($D:$D,rend,2,FALSE),\"\")","v":0.90793417689541567},{"$f":"IF($C51=\"RM\",IF(ISNA(VLOOKUP($F$2:$F$409,pos,2,FALSE))=FALSE,VLOOKUP($F51:$F$409,pos,2,FALSE),IF(ISNA(VLOOKUP($F$2:$F$409,lot,2,FALSE))=FALSE,VLOOKUP($F$2:$F$409,lot,2,FALSE),\"MANQUANT\")),\"\")","v":"PO-0021440"},{"$f":"IF($C51=\"RM\",IF(ISNA(VLOOKUP($F$2:$F$409,pos,3,FALSE))=FALSE,VLOOKUP($F51:$F450,pos,3,FALSE),\"OP\"),\"\")","v":"CHIS"},{"$f":"IF($C51=\"RM\",IF(ISNA(VLOOKUP($F51:$F$402,pos,4,FALSE))=FALSE,VLOOKUP($F$2:$F$402,pos,4,FALSE),\"\"),\"\")","v":10757.76},{"$f":"IF($C51=\"RM\",IF(ISNA(VLOOKUP($F$2:$F$409,pos,5,FALSE))=FALSE,VLOOKUP($F$2:$F$409,pos,5,FALSE),IF(ISNA(VLOOKUP($F$2:$F$409,lot,5,FALSE))=FALSE,VLOOKUP($F$2:$F$409,lot,5,FALSE),0)),\"\")","v":4.05},{"$f":"IF($H51>0,VLOOKUP($D:$D,prix,15,FALSE),\"\")","v":""},{"$f":"IF($C51=\"RM\",$O51*$G51,\"\")","v":3900.1499999999996},"",null,{"$f":"IF($F51>0,VALUE(LEFT($F51,4)),\"\")","v":6094},{"$f":"IF(F51>0,IF(ISERROR(SEARCH(\"*FZ*\",$E51))=FALSE,\"FZ\",IF(ISERROR(SEARCH(\"*FR*\",$E51))=FALSE,\"FR\",\"Aucun\")),\"\")","v":"FZ"},{"$f":"IF($C51=\"RM\",IF($U51=\"FR\",IF(ISNA(VLOOKUP($F:$F,lot,6,FALSE))=TRUE,VLOOKUP($T:$T,date,2,FALSE),VLOOKUP($F:$F,lot,6,FALSE)),\"\"),\"\")","v":""},{"$f":"IF($C51=\"RM\",IF($U51=\"Fz\",IF(ISNA(VLOOKUP($F:$F,lot,6,FALSE))=TRUE,VLOOKUP($T:$T,date,2,FALSE),VLOOKUP($F:$F,lot,6,FALSE)),\"\"),\"\")","v":"2016-02-24"},{"$f":"IF($C51=\"FG\",VLOOKUP($A:$A,op,4,FALSE),\"\")","v":""},"2016-04-25",{"$f":"IF(C51=\"rm\",IF(U51=\"aucun\",\"OK\",IF(U51=\"fz\",IF(Y51-W51>730,Y51-W51,\"OK\"),IF(Y51-V51<1,1,Y51-V51))),\"\")","v":"OK"}]
["6094B07AC","Beef","FG",41233,"BONELESS PORK CENTER CHOP BUTTERFLY**24X100GR (VAC X2) bTE A+ PORTION FZ @P","6094B07201","",60,1,null,"",{"$f":"IF($C52=\"RM\",IF(ISNA(VLOOKUP($F$2:$F$409,pos,2,FALSE))=FALSE,VLOOKUP($F52:$F$409,pos,2,FALSE),IF(ISNA(VLOOKUP($F$2:$F$409,lot,2,FALSE))=FALSE,VLOOKUP($F$2:$F$409,lot,2,FALSE),\"MANQUANT\")),\"\")","v":""},"",{"$f":"IF($C52=\"RM\",IF(ISNA(VLOOKUP($F52:$F$402,pos,4,FALSE))=FALSE,VLOOKUP($F$2:$F$402,pos,4,FALSE),\"\"),\"\")","v":""},"",6.5,"",390,null,6094,"FZ","","","2016-04-25","2016-04-25"]
["6094B07AC","Beef","FG",41400,"1X PORC HACHÉ ( 2 X 2.5 KG ) ALPHA FZ #D","6094B07202","",5,1,null,0.96435380319500852,{"$f":"IF($C53=\"RM\",IF(ISNA(VLOOKUP($F$2:$F$409,pos,2,FALSE))=FALSE,VLOOKUP($F53:$F$409,pos,2,FALSE),IF(ISNA(VLOOKUP($F$2:$F$409,lot,2,FALSE))=FALSE,VLOOKUP($F$2:$F$409,lot,2,FALSE),\"MANQUANT\")),\"\")","v":""},"",{"$f":"IF($C53=\"RM\",IF(ISNA(VLOOKUP($F53:$F$402,pos,4,FALSE))=FALSE,VLOOKUP($F$2:$F$402,pos,4,FALSE),\"\"),\"\")","v":""},"",4.5,"",22.5,null,6094,"FZ","","","2016-04-25","2016-04-25"]
["6094B07AC","Beef","FG",41343,"PORK CHOPS NATURE *IN PROCESS* CODE: 24007,24008 FR","6094B07203","",626.4,1,null,0.93421643742413663,{"$f":"IF($C54=\"RM\",IF(ISNA(VLOOKUP($F$2:$F$409,pos,2,FALSE))=FALSE,VLOOKUP($F54:$F$409,pos,2,FALSE),IF(ISNA(VLOOKUP($F$2:$F$409,lot,2,FALSE))=FALSE,VLOOKUP($F$2:$F$409,lot,2,FALSE),\"MANQUANT\")),\"\")","v":""},"",{"$f":"IF($C54=\"RM\",IF(ISNA(VLOOKUP($F54:$F$402,pos,4,FALSE))=FALSE,VLOOKUP($F$2:$F$402,pos,4,FALSE),\"\"),\"\")","v":""},"",6.1,"",3821.0399999999995,null,6094,"FR","","","2016-04-25","2016-04-25"]
["6094B07AC","Beef","FG",41350,"PORK HOUSE TRIMMINGS FR @P","6094B07204","",37,1,null,0.92826177504198948,{"$f":"IF($C55=\"RM\",IF(ISNA(VLOOKUP($F$2:$F$409,pos,2,FALSE))=FALSE,VLOOKUP($F55:$F$409,pos,2,FALSE),IF(ISNA(VLOOKUP($F$2:$F$409,lot,2,FALSE))=FALSE,VLOOKUP($F$2:$F$409,lot,2,FALSE),\"MANQUANT\")),\"\")","v":""},"",{"$f":"IF($C55=\"RM\",IF(ISNA(VLOOKUP($F55:$F$402,pos,4,FALSE))=FALSE,VLOOKUP($F$2:$F$402,pos,4,FALSE),\"\"),\"\")","v":""},"",5,"",185,null,6094,"FR","","","2016-04-25","2016-04-25"]
["6094B07AC","Beef","FG",41346,"PORK ROAST NATURE *IN PROCESS* CODE: 24006 FR","6094B07207","",99.98,1,null,0.9342629607965951,{"$f":"IF($C56=\"RM\",IF(ISNA(VLOOKUP($F$2:$F$409,pos,2,FALSE))=FALSE,VLOOKUP($F56:$F$409,pos,2,FALSE),IF(ISNA(VLOOKUP($F$2:$F$409,lot,2,FALSE))=FALSE,VLOOKUP($F$2:$F$409,lot,2,FALSE),\"MANQUANT\")),\"\")","v":""},"",{"$f":"IF($C56=\"RM\",IF(ISNA(VLOOKUP($F56:$F$402,pos,4,FALSE))=FALSE,VLOOKUP($F$2:$F$402,pos,4,FALSE),\"\"),\"\")","v":""},"",6.1,"",609.87800000000004,null,6094,"FR","","","2016-04-25","2016-04-25"]
["6094B07AC","Beef","FG",41271,"CUBES DE PORC 1 TO 1 1/2 INCH ***2X2.5 KG * BOITE ALIMPLUS FZ #D","6094B07211","",10,1,null,0.93314086824747045,{"$f":"IF($C57=\"RM\",IF(ISNA(VLOOKUP($F$2:$F$409,pos,2,FALSE))=FALSE,VLOOKUP($F57:$F$409,pos,2,FALSE),IF(ISNA(VLOOKUP($F$2:$F$409,lot,2,FALSE))=FALSE,VLOOKUP($F$2:$F$409,lot,2,FALSE),\"MANQUANT\")),\"\")","v":""},"",{"$f":"IF($C57=\"RM\",IF(ISNA(VLOOKUP($F57:$F$402,pos,4,FALSE))=FALSE,VLOOKUP($F$2:$F$402,pos,4,FALSE),\"\"),\"\")","v":""},"",5.5,"",55,null,6094,"FZ","","","2016-04-25","2016-04-25"]
["6094B07AC","Beef","FG",41347,"CUBES DE PORC*IN PROCESS* CODE: 41270 FR","6094B07212","",2.5,1,null,0.90090245994229401,{"$f":"IF($C58=\"RM\",IF(ISNA(VLOOKUP($F$2:$F$409,pos,2,FALSE))=FALSE,VLOOKUP($F58:$F$409,pos,2,FALSE),IF(ISNA(VLOOKUP($F$2:$F$409,lot,2,FALSE))=FALSE,VLOOKUP($F$2:$F$409,lot,2,FALSE),\"MANQUANT\")),\"\")","v":""},"",{"$f":"IF($C58=\"RM\",IF(ISNA(VLOOKUP($F58:$F$402,pos,4,FALSE))=FALSE,VLOOKUP($F$2:$F$402,pos,4,FALSE),\"\"),\"\")","v":""},"",5.5,"",13.75,null,6094,"FR","","","2016-04-25","2016-04-25"]
["6094B07AC Total",null,null,null,null,null,{"$f":"SUBTOTAL(9,G51:G58)","v":963},{"$f":"SUBTOTAL(9,H51:H58)","v":840.88},null,{"$f":"$G59-$H59","v":122.12},{"$f":"$H59/$G59","v":0.87318795430944962},null,null,null,{"$f":"$Q59/$H59","v":4.6381766720578437},null,{"$f":"SUBTOTAL(9,Q51:Q58)","v":3900.1499999999996},{"$f":"SUBTOTAL(9,R51:R58)","v":5097.1679999999988},{"$f":"($R59-$Q59)/$Q59","v":0.30691588785046708},null,null,null,null,null,null,{"$f":"Y55","v":"2016-04-25"}]
["6094B08F","Beef","RM",30041,"BEEF STRIPLOIN BNLS AAH 0X1 FR","6094B08",0.01,null,1,null,{"$f":"IF(ISNA(VLOOKUP($D:$D,rend,2,FALSE))=FALSE,VLOOKUP($D:$D,rend,2,FALSE),\"\")","v":0.88183150735637195},{"$f":"IF($C60=\"RM\",IF(ISNA(VLOOKUP($F$2:$F$409,pos,2,FALSE))=FALSE,VLOOKUP($F60:$F$409,pos,2,FALSE),IF(ISNA(VLOOKUP($F$2:$F$409,lot,2,FALSE))=FALSE,VLOOKUP($F$2:$F$409,lot,2,FALSE),\"MANQUANT\")),\"\")","v":"PO-0021708"},{"$f":"IF($C60=\"RM\",IF(ISNA(VLOOKUP($F$2:$F$409,pos,3,FALSE))=FALSE,VLOOKUP($F60:$F458,pos,3,FALSE),\"OP\"),\"\")","v":"RETA"},{"$f":"IF($C60=\"RM\",IF(ISNA(VLOOKUP($F60:$F$402,pos,4,FALSE))=FALSE,VLOOKUP($F$2:$F$402,pos,4,FALSE),\"\"),\"\")","v":1049.52},{"$f":"IF($C60=\"RM\",IF(ISNA(VLOOKUP($F$2:$F$409,pos,5,FALSE))=FALSE,VLOOKUP($F$2:$F$409,pos,5,FALSE),IF(ISNA(VLOOKUP($F$2:$F$409,lot,5,FALSE))=FALSE,VLOOKUP($F$2:$F$409,lot,5,FALSE),0)),\"\")","v":15.98},{"$f":"IF($H60>0,VLOOKUP($D:$D,prix,15,FALSE),\"\")","v":""},{"$f":"IF($C60=\"RM\",$O60*$G60,\"\")","v":0.1598},"",null,{"$f":"IF($F60>0,VALUE(LEFT($F60,4)),\"\")","v":6094},{"$f":"IF(F60>0,IF(ISERROR(SEARCH(\"*FZ*\",$E60))=FALSE,\"FZ\",IF(ISERROR(SEARCH(\"*FR*\",$E60))=FALSE,\"FR\",\"Aucun\")),\"\")","v":"FR"},{"$f":"IF($C60=\"RM\",IF($U60=\"FR\",IF(ISNA(VLOOKUP($F:$F,lot,6,FALSE))=TRUE,VLOOKUP($T:$T,date,2,FALSE),VLOOKUP($F:$F,lot,6,FALSE)),\"\"),\"\")","v":"2016-02-24"},{"$f":"IF($C60=\"RM\",IF($U60=\"Fz\",IF(ISNA(VLOOKUP($F:$F,lot,6,FALSE))=TRUE,VLOOKUP($T:$T,date,2,FALSE),VLOOKUP($F:$F,lot,6,FALSE)),\"\"),\"\")","v":""},{"$f":"IF($C60=\"FG\",VLOOKUP($A:$A,op,4,FALSE),\"\")","v":""},"2016-04-25",{"$f":"IF(C60=\"rm\",IF(U60=\"aucun\",\"OK\",IF(U60=\"fz\",IF(Y60-W60>730,Y60-W60,\"OK\"),IF(Y60-V60<1,1,Y60-V60))),\"\")","v":61}]
["6094B08F","Beef","RM",31507,"BEEF STRIPLOIN STEAK *IN PROCESS* 33150, 99990, 31412 FR","6094B0814",8.68,null,1,null,0.89945663749015448,{"$f":"IF($C61=\"RM\",IF(ISNA(VLOOKUP($F$2:$F$409,pos,2,FALSE))=FALSE,VLOOKUP($F61:$F$409,pos,2,FALSE),IF(ISNA(VLOOKUP($F$2:$F$409,lot,2,FALSE))=FALSE,VLOOKUP($F$2:$F$409,lot,2,FALSE),\"MANQUANT\")),\"\")","v":"6094B08D"},"OP",{"$f":"IF($C61=\"RM\",IF(ISNA(VLOOKUP($F61:$F$402,pos,4,FALSE))=FALSE,VLOOKUP($F$2:$F$402,pos,4,FALSE),\"\"),\"\")","v":""},20.956819715303777,"",181.90519512883677,"",null,6094,"FR","2016-02-24","","","2016-04-25",61]
["6094B08F","Beef","RM",31507,"BEEF STRIPLOIN STEAK *IN PROCESS* 33150, 99990, 31412 FR","6094B0821",53.96,null,1,null,0.89945663749015448,{"$f":"IF($C62=\"RM\",IF(ISNA(VLOOKUP($F$2:$F$409,pos,2,FALSE))=FALSE,VLOOKUP($F62:$F$409,pos,2,FALSE),IF(ISNA(VLOOKUP($F$2:$F$409,lot,2,FALSE))=FALSE,VLOOKUP($F$2:$F$409,lot,2,FALSE),\"MANQUANT\")),\"\")","v":"6094B08E"},"OP",{"$f":"IF($C62=\"RM\",IF(ISNA(VLOOKUP($F62:$F$402,pos,4,FALSE))=FALSE,VLOOKUP($F$2:$F$402,pos,4,FALSE),\"\"),\"\")","v":""},17.56341351397899,"",947.72179321430633,null,null,6094,"FR","2016-02-24","","","2016-04-25",61]
["6094B08F","Beef","RM",30041,"BEEF STRIPLOIN BNLS AAH 0X1 FR","6104B06",6,null,1,null,0.88183150735637195,{"$f":"IF($C63=\"RM\",IF(ISNA(VLOOKUP($F$2:$F$409,pos,2,FALSE))=FALSE,VLOOKUP($F63:$F$409,pos,2,FALSE),IF(ISNA(VLOOKUP($F$2:$F$409,lot,2,FALSE))=FALSE,VLOOKUP($F$2:$F$409,lot,2,FALSE),\"MANQUANT\")),\"\")","v":"PO-0021707"},"RETA",{"$f":"IF($C63=\"RM\",IF(ISNA(VLOOKUP($F63:$F$402,pos,4,FALSE))=FALSE,VLOOKUP($F$2:$F$402,pos,4,FALSE),\"\"),\"\")","v":778.95417799999996},17.39,"",104.34,"",null,6104,"FR","2016-03-02","","","2016-04-25",54]
["6094B08F","Beef","FG",31507,"BEEF STRIPLOIN STEAK *IN PROCESS* 33150, 99990, 31412 FR","6094B0823","",6.66,1,null,0.89945663749015448,{"$f":"IF($C64=\"RM\",IF(ISNA(VLOOKUP($F$2:$F$409,pos,2,FALSE))=FALSE,VLOOKUP($F64:$F$409,pos,2,FALSE),IF(ISNA(VLOOKUP($F$2:$F$409,lot,2,FALSE))=FALSE,VLOOKUP($F$2:$F$409,lot,2,FALSE),\"MANQUANT\")),\"\")","v":""},"",{"$f":"IF($C64=\"RM\",IF(ISNA(VLOOKUP($F64:$F$402,pos,4,FALSE))=FALSE,VLOOKUP($F$2:$F$402,pos,4,FALSE),\"\"),\"\")","v":""},"",22,"",146.52000000000001,null,6094,"FR","","","2016-02-24","2016-04-25"]
["6094B08F","Beef","FG",33150,"BEEF STRIPLOIN STEAKS **AAA* 10 OZ**16/CS**3 BRASSEURS**CENTER CUT FR @P","6094B0824","",54.48,1,null,0.90145944190046567,{"$f":"IF($C65=\"RM\",IF(ISNA(VLOOKUP($F$2:$F$409,pos,2,FALSE))=FALSE,VLOOKUP($F65:$F$409,pos,2,FALSE),IF(ISNA(VLOOKUP($F$2:$F$409,lot,2,FALSE))=FALSE,VLOOKUP($F$2:$F$409,lot,2,FALSE),\"MANQUANT\")),\"\")","v":""},"",{"$f":"IF($C65=\"RM\",IF(ISNA(VLOOKUP($F65:$F$402,pos,4,FALSE))=FALSE,VLOOKUP($F$2:$F$402,pos,4,FALSE),\"\"),\"\")","v":""},"",28.634361233480178,"",1560,null,6094,"FR","","","2016-02-24","2016-04-25"]
["6094B08F","Beef","FG",31412,"BEEF UNIT STRIPLOIN  STEAKS*12/CAISSES**COV X1*AA*12 OZ** FR @P","6094B0825","",4.62,1,null,0.86361378953060697,{"$f":"IF($C66=\"RM\",IF(ISNA(VLOOKUP($F$2:$F$409,pos,2,FALSE))=FALSE,VLOOKUP($F66:$F$409,pos,2,FALSE),IF(ISNA(VLOOKUP($F$2:$F$409,lot,2,FALSE))=FALSE,VLOOKUP($F$2:$F$409,lot,2,FALSE),\"MANQUANT\")),\"\")","v":""},"",{"$f":"IF($C66=\"RM\",IF(ISNA(VLOOKUP($F66:$F$402,pos,4,FALSE))=FALSE,VLOOKUP($F$2:$F$402,pos,4,FALSE),\"\"),\"\")","v":""},"",25.5,"",117.81,null,6094,"FR","","","2016-02-24","2016-04-25"]
["6094B08F Total",null,null,null,null,null,{"$f":"SUBTOTAL(9,G60:G66)","v":68.650000000000006},{"$f":"SUBTOTAL(9,H60:H66)","v":65.760000000000005},null,{"$f":"$G67-$H67","v":2.8900000000000006},{"$f":"$H67/$G67","v":0.9579024034959942},null,null,null,{"$f":"$Q67/$H67","v":18.767134859232709},null,{"$f":"SUBTOTAL(9,Q60:Q66)","v":1234.1267883431431},{"$f":"SUBTOTAL(9,R60:R66)","v":1824.33},{"$f":"($R67-$Q67)/$Q67","v":0.47823547566715136},null,null,null,null,null,null,{"$f":"V60","v":"2016-02-24"}]
["6103B03","Beef","RM",30152,"BEEF SIRLOIN TIP*KNUCKLE***R MATERIAL FR #D","6103B03",946.98,null,1,null,{"$f":"IF(ISNA(VLOOKUP($D:$D,rend,2,FALSE))=FALSE,VLOOKUP($D:$D,rend,2,FALSE),\"\")","v":0.93041798447120017},{"$f":"IF($C68=\"RM\",IF(ISNA(VLOOKUP($F$2:$F$409,pos,2,FALSE))=FALSE,VLOOKUP($F68:$F$409,pos,2,FALSE),IF(ISNA(VLOOKUP($F$2:$F$409,lot,2,FALSE))=FALSE,VLOOKUP($F$2:$F$409,lot,2,FALSE),\"MANQUANT\")),\"\")","v":"PO-0021574"},{"$f":"IF($C68=\"RM\",IF(ISNA(VLOOKUP($F$2:$F$409,pos,3,FALSE))=FALSE,VLOOKUP($F68:$F465,pos,3,FALSE),\"OP\"),\"\")","v":"C&C"},{"$f":"IF($C68=\"RM\",IF(ISNA(VLOOKUP($F68:$F$402,pos,4,FALSE))=FALSE,VLOOKUP($F$2:$F$402,pos,4,FALSE),\"\"),\"\")","v":946.98},{"$f":"IF($C68=\"RM\",IF(ISNA(VLOOKUP($F$2:$F$409,pos,5,FALSE))=FALSE,VLOOKUP($F$2:$F$409,pos,5,FALSE),IF(ISNA(VLOOKUP($F$2:$F$409,lot,5,FALSE))=FALSE,VLOOKUP($F$2:$F$409,lot,5,FALSE),0)),\"\")","v":7.99},{"$f":"IF($H68>0,VLOOKUP($D:$D,prix,15,FALSE),\"\")","v":""},{"$f":"IF($C68=\"RM\",$O68*$G68,\"\")","v":7566.3702000000003},"",null,{"$f":"IF($F68>0,VALUE(LEFT($F68,4)),\"\")","v":6103},{"$f":"IF(F68>0,IF(ISERROR(SEARCH(\"*FZ*\",$E68))=FALSE,\"FZ\",IF(ISERROR(SEARCH(\"*FR*\",$E68))=FALSE,\"FR\",\"Aucun\")),\"\")","v":"FR"},{"$f":"IF($C68=\"RM\",IF($U68=\"FR\",IF(ISNA(VLOOKUP($F:$F,lot,6,FALSE))=TRUE,VLOOKUP($T:$T,date,2,FALSE),VLOOKUP($F:$F,lot,6,FALSE)),\"\"),\"\")","v":"2016-03-01"},{"$f":"IF($C68=\"RM\",IF($U68=\"Fz\",IF(ISNA(VLOOKUP($F:$F,lot,6,FALSE))=TRUE,VLOOKUP($T:$T,date,2,FALSE),VLOOKUP($F:$F,lot,6,FALSE)),\"\"),\"\")","v":""},{"$f":"IF($C68=\"FG\",VLOOKUP($A:$A,op,4,FALSE),\"\")","v":""},"2016-04-25",{"$f":"IF(C68=\"rm\",IF(U68=\"aucun\",\"OK\",IF(U68=\"fz\",IF(Y68-W68>730,Y68-W68,\"OK\"),IF(Y68-V68<1,1,Y68-V68))),\"\")","v":55}]
["6103B03","Beef","FG",30324,"BEEF STEW FRESH **FOR ALIMPLUS* 85 % 2X2.5KG FR @P","6103B031","",10,1,null,{"$f":"IF(ISNA(VLOOKUP($D:$D,rend,2,FALSE))=FALSE,VLOOKUP($D:$D,rend,2,FALSE),\"\")","v":0.9792384931401128},{"$f":"IF($C69=\"RM\",IF(ISNA(VLOOKUP($F$2:$F$409,pos,2,FALSE))=FALSE,VLOOKUP($F69:$F$409,pos,2,FALSE),IF(ISNA(VLOOKUP($F$2:$F$409,lot,2,FALSE))=FALSE,VLOOKUP($F$2:$F$409,lot,2,FALSE),\"MANQUANT\")),\"\")","v":""},{"$f":"IF($C69=\"RM\",IF(ISNA(VLOOKUP($F$2:$F$409,pos,3,FALSE))=FALSE,VLOOKUP($F69:$F466,pos,3,FALSE),\"OP\"),\"\")","v":""},{"$f":"IF($C69=\"RM\",IF(ISNA(VLOOKUP($F69:$F$402,pos,4,FALSE))=FALSE,VLOOKUP($F$2:$F$402,pos,4,FALSE),\"\"),\"\")","v":""},{"$f":"IF($C69=\"RM\",IF(ISNA(VLOOKUP($F$2:$F$409,pos,5,FALSE))=FALSE,VLOOKUP($F$2:$F$409,pos,5,FALSE),IF(ISNA(VLOOKUP($F$2:$F$409,lot,5,FALSE))=FALSE,VLOOKUP($F$2:$F$409,lot,5,FALSE),0)),\"\")","v":""},{"$f":"IF($H69>0,VLOOKUP($D:$D,prix,15,FALSE),\"\")","v":11.25},{"$f":"IF($C69=\"RM\",$O69*$G69,\"\")","v":""},112.5,null,{"$f":"IF($F69>0,VALUE(LEFT($F69,4)),\"\")","v":6103},{"$f":"IF(F69>0,IF(ISERROR(SEARCH(\"*FZ*\",$E69))=FALSE,\"FZ\",IF(ISERROR(SEARCH(\"*FR*\",$E69))=FALSE,\"FR\",\"Aucun\")),\"\")","v":"FR"},{"$f":"IF($C69=\"RM\",IF($U69=\"FR\",IF(ISNA(VLOOKUP($F:$F,lot,6,FALSE))=TRUE,VLOOKUP($T:$T,date,2,FALSE),VLOOKUP($F:$F,lot,6,FALSE)),\"\"),\"\")","v":""},{"$f":"IF($C69=\"RM\",IF($U69=\"Fz\",IF(ISNA(VLOOKUP($F:$F,lot,6,FALSE))=TRUE,VLOOKUP($T:$T,date,2,FALSE),VLOOKUP($F:$F,lot,6,FALSE)),\"\"),\"\")","v":""},{"$f":"IF($C69=\"FG\",VLOOKUP($A:$A,op,4,FALSE),\"\")","v":"2016-03-01"},"2016-04-25"]
["6103B03","Beef","FG",31500,"BEEF HOUSE TRIMMINGS FR @P","6103B032","",164.38,1,null,{"$f":"IF(ISNA(VLOOKUP($D:$D,rend,2,FALSE))=FALSE,VLOOKUP($D:$D,rend,2,FALSE),\"\")","v":0.92196671697625909},{"$f":"IF($C70=\"RM\",IF(ISNA(VLOOKUP($F$2:$F$409,pos,2,FALSE))=FALSE,VLOOKUP($F70:$F$409,pos,2,FALSE),IF(ISNA(VLOOKUP($F$2:$F$409,lot,2,FALSE))=FALSE,VLOOKUP($F$2:$F$409,lot,2,FALSE),\"MANQUANT\")),\"\")","v":""},{"$f":"IF($C70=\"RM\",IF(ISNA(VLOOKUP($F$2:$F$409,pos,3,FALSE))=FALSE,VLOOKUP($F70:$F467,pos,3,FALSE),\"OP\"),\"\")","v":""},{"$f":"IF($C70=\"RM\",IF(ISNA(VLOOKUP($F70:$F$402,pos,4,FALSE))=FALSE,VLOOKUP($F$2:$F$402,pos,4,FALSE),\"\"),\"\")","v":""},{"$f":"IF($C70=\"RM\",IF(ISNA(VLOOKUP($F$2:$F$409,pos,5,FALSE))=FALSE,VLOOKUP($F$2:$F$409,pos,5,FALSE),IF(ISNA(VLOOKUP($F$2:$F$409,lot,5,FALSE))=FALSE,VLOOKUP($F$2:$F$409,lot,5,FALSE),0)),\"\")","v":""},{"$f":"IF($H70>0,VLOOKUP($D:$D,prix,15,FALSE),\"\")","v":10},{"$f":"IF($C70=\"RM\",$O70*$G70,\"\")","v":""},1643.8,null,{"$f":"IF($F70>0,VALUE(LEFT($F70,4)),\"\")","v":6103},{"$f":"IF(F70>0,IF(ISERROR(SEARCH(\"*FZ*\",$E70))=FALSE,\"FZ\",IF(ISERROR(SEARCH(\"*FR*\",$E70))=FALSE,\"FR\",\"Aucun\")),\"\")","v":"FR"},{"$f":"IF($C70=\"RM\",IF($U70=\"FR\",IF(ISNA(VLOOKUP($F:$F,lot,6,FALSE))=TRUE,VLOOKUP($T:$T,date,2,FALSE),VLOOKUP($F:$F,lot,6,FALSE)),\"\"),\"\")","v":""},{"$f":"IF($C70=\"RM\",IF($U70=\"Fz\",IF(ISNA(VLOOKUP($F:$F,lot,6,FALSE))=TRUE,VLOOKUP($T:$T,date,2,FALSE),VLOOKUP($F:$F,lot,6,FALSE)),\"\"),\"\")","v":""},{"$f":"IF($C70=\"FG\",VLOOKUP($A:$A,op,4,FALSE),\"\")","v":"2016-03-01"},"2016-04-25"]
["6103B03","Beef","FG",31505,"BEEF CUBES *IN PROCESS* CODE: 30314, 30304 FR","6103B033","",745.7,1,null,{"$f":"IF(ISNA(VLOOKUP($D:$D,rend,2,FALSE))=FALSE,VLOOKUP($D:$D,rend,2,FALSE),\"\")","v":0.93787246963190563},{"$f":"IF($C71=\"RM\",IF(ISNA(VLOOKUP($F$2:$F$409,pos,2,FALSE))=FALSE,VLOOKUP($F71:$F$409,pos,2,FALSE),IF(ISNA(VLOOKUP($F$2:$F$409,lot,2,FALSE))=FALSE,VLOOKUP($F$2:$F$409,lot,2,FALSE),\"MANQUANT\")),\"\")","v":""},{"$f":"IF($C71=\"RM\",IF(ISNA(VLOOKUP($F$2:$F$409,pos,3,FALSE))=FALSE,VLOOKUP($F71:$F468,pos,3,FALSE),\"OP\"),\"\")","v":""},{"$f":"IF($C71=\"RM\",IF(ISNA(VLOOKUP($F71:$F$402,pos,4,FALSE))=FALSE,VLOOKUP($F$2:$F$402,pos,4,FALSE),\"\"),\"\")","v":""},{"$f":"IF($C71=\"RM\",IF(ISNA(VLOOKUP($F$2:$F$409,pos,5,FALSE))=FALSE,VLOOKUP($F$2:$F$409,pos,5,FALSE),IF(ISNA(VLOOKUP($F$2:$F$409,lot,5,FALSE))=FALSE,VLOOKUP($F$2:$F$409,lot,5,FALSE),0)),\"\")","v":""},{"$f":"IF($H71>0,VLOOKUP($D:$D,prix,15,FALSE),\"\")","v":11},{"$f":"IF($C71=\"RM\",$O71*$G71,\"\")","v":""},8202.7000000000007,null,{"$f":"IF($F71>0,VALUE(LEFT($F71,4)),\"\")","v":6103},{"$f":"IF(F71>0,IF(ISERROR(SEARCH(\"*FZ*\",$E71))=FALSE,\"FZ\",IF(ISERROR(SEARCH(\"*FR*\",$E71))=FALSE,\"FR\",\"Aucun\")),\"\")","v":"FR"},{"$f":"IF($C71=\"RM\",IF($U71=\"FR\",IF(ISNA(VLOOKUP($F:$F,lot,6,FALSE))=TRUE,VLOOKUP($T:$T,date,2,FALSE),VLOOKUP($F:$F,lot,6,FALSE)),\"\"),\"\")","v":""},{"$f":"IF($C71=\"RM\",IF($U71=\"Fz\",IF(ISNA(VLOOKUP($F:$F,lot,6,FALSE))=TRUE,VLOOKUP($T:$T,date,2,FALSE),VLOOKUP($F:$F,lot,6,FALSE)),\"\"),\"\")","v":""},{"$f":"IF($C71=\"FG\",VLOOKUP($A:$A,op,4,FALSE),\"\")","v":"2016-03-01"},"2016-04-25"]
["6103B03 Total",null,null,null,null,null,{"$f":"SUBTOTAL(9,G68:G71)","v":946.98},{"$f":"SUBTOTAL(9,H68:H71)","v":920.08},null,{"$f":"$G72-$H72","v":26.899999999999977},{"$f":"$H72/$G72","v":0.97159390905826948},null,null,null,{"$f":"$Q72/$H72","v":8.2236003391009476},null,{"$f":"SUBTOTAL(9,Q68:Q71)","v":7566.3702000000003},{"$f":"SUBTOTAL(9,R68:R71)","v":9959},{"$f":"($R72-$Q72)/$Q72","v":0.31621897115211195},null,null,null,null,null,null,{"$f":"V68","v":"2016-03-01"}]
["6112B05F","Beef","RM",30027,"BEEF RAW MATERIAL CHUCK ROLL FZ #D","6112b05",13.38,null,1,null,{"$f":"IF(ISNA(VLOOKUP($D:$D,rend,2,FALSE))=FALSE,VLOOKUP($D:$D,rend,2,FALSE),\"\")","v":0.9959141318967869},{"$f":"IF($C73=\"RM\",IF(ISNA(VLOOKUP($F$2:$F$409,pos,2,FALSE))=FALSE,VLOOKUP($F73:$F$409,pos,2,FALSE),IF(ISNA(VLOOKUP($F$2:$F$409,lot,2,FALSE))=FALSE,VLOOKUP($F$2:$F$409,lot,2,FALSE),\"MANQUANT\")),\"\")","v":"PO-0021507"},{"$f":"IF($C73=\"RM\",IF(ISNA(VLOOKUP($F$2:$F$409,pos,3,FALSE))=FALSE,VLOOKUP($F73:$F470,pos,3,FALSE),\"OP\"),\"\")","v":"DECA"},{"$f":"IF($C73=\"RM\",IF(ISNA(VLOOKUP($F73:$F$402,pos,4,FALSE))=FALSE,VLOOKUP($F$2:$F$402,pos,4,FALSE),\"\"),\"\")","v":77.08},{"$f":"IF($C73=\"RM\",IF(ISNA(VLOOKUP($F$2:$F$409,pos,5,FALSE))=FALSE,VLOOKUP($F$2:$F$409,pos,5,FALSE),IF(ISNA(VLOOKUP($F$2:$F$409,lot,5,FALSE))=FALSE,VLOOKUP($F$2:$F$409,lot,5,FALSE),0)),\"\")","v":8.99},{"$f":"IF($H73>0,VLOOKUP($D:$D,prix,15,FALSE),\"\")","v":""},{"$f":"IF($C73=\"RM\",$O73*$G73,\"\")","v":120.28620000000001},"",null,{"$f":"IF($F73>0,VALUE(LEFT($F73,4)),\"\")","v":6112},{"$f":"IF(F73>0,IF(ISERROR(SEARCH(\"*FZ*\",$E73))=FALSE,\"FZ\",IF(ISERROR(SEARCH(\"*FR*\",$E73))=FALSE,\"FR\",\"Aucun\")),\"\")","v":"FZ"},{"$f":"IF($C73=\"RM\",IF($U73=\"FR\",IF(ISNA(VLOOKUP($F:$F,lot,6,FALSE))=TRUE,VLOOKUP($T:$T,date,2,FALSE),VLOOKUP($F:$F,lot,6,FALSE)),\"\"),\"\")","v":""},{"$f":"IF($C73=\"RM\",IF($U73=\"Fz\",IF(ISNA(VLOOKUP($F:$F,lot,6,FALSE))=TRUE,VLOOKUP($T:$T,date,2,FALSE),VLOOKUP($F:$F,lot,6,FALSE)),\"\"),\"\")","v":"2016-03-07"},{"$f":"IF($C73=\"FG\",VLOOKUP($A:$A,op,4,FALSE),\"\")","v":""},"2016-04-25",{"$f":"IF(C73=\"rm\",IF(U73=\"aucun\",\"OK\",IF(U73=\"fz\",IF(Y73-W73>730,Y73-W73,\"OK\"),IF(Y73-V73<1,1,Y73-V73))),\"\")","v":"OK"}]
["6112B05F","Beef","FG",30305,"BEEF CHUCK PIECES BNLS FR #D","6112B056","",13.24,1,null,{"$f":"IF(ISNA(VLOOKUP($D:$D,rend,2,FALSE))=FALSE,VLOOKUP($D:$D,rend,2,FALSE),\"\")","v":0.98951757195393841},{"$f":"IF($C74=\"RM\",IF(ISNA(VLOOKUP($F$2:$F$409,pos,2,FALSE))=FALSE,VLOOKUP($F74:$F$409,pos,2,FALSE),IF(ISNA(VLOOKUP($F$2:$F$409,lot,2,FALSE))=FALSE,VLOOKUP($F$2:$F$409,lot,2,FALSE),\"MANQUANT\")),\"\")","v":""},{"$f":"IF($C74=\"RM\",IF(ISNA(VLOOKUP($F$2:$F$409,pos,3,FALSE))=FALSE,VLOOKUP($F74:$F471,pos,3,FALSE),\"OP\"),\"\")","v":""},{"$f":"IF($C74=\"RM\",IF(ISNA(VLOOKUP($F74:$F$402,pos,4,FALSE))=FALSE,VLOOKUP($F$2:$F$402,pos,4,FALSE),\"\"),\"\")","v":""},{"$f":"IF($C74=\"RM\",IF(ISNA(VLOOKUP($F$2:$F$409,pos,5,FALSE))=FALSE,VLOOKUP($F$2:$F$409,pos,5,FALSE),IF(ISNA(VLOOKUP($F$2:$F$409,lot,5,FALSE))=FALSE,VLOOKUP($F$2:$F$409,lot,5,FALSE),0)),\"\")","v":""},{"$f":"IF($H74>0,VLOOKUP($D:$D,prix,15,FALSE),\"\")","v":10.5},{"$f":"IF($C74=\"RM\",$O74*$G74,\"\")","v":""},139.02000000000001,null,{"$f":"IF($F74>0,VALUE(LEFT($F74,4)),\"\")","v":6112},{"$f":"IF(F74>0,IF(ISERROR(SEARCH(\"*FZ*\",$E74))=FALSE,\"FZ\",IF(ISERROR(SEARCH(\"*FR*\",$E74))=FALSE,\"FR\",\"Aucun\")),\"\")","v":"FR"},{"$f":"IF($C74=\"RM\",IF($U74=\"FR\",IF(ISNA(VLOOKUP($F:$F,lot,6,FALSE))=TRUE,VLOOKUP($T:$T,date,2,FALSE),VLOOKUP($F:$F,lot,6,FALSE)),\"\"),\"\")","v":""},{"$f":"IF($C74=\"RM\",IF($U74=\"Fz\",IF(ISNA(VLOOKUP($F:$F,lot,6,FALSE))=TRUE,VLOOKUP($T:$T,date,2,FALSE),VLOOKUP($F:$F,lot,6,FALSE)),\"\"),\"\")","v":""},{"$f":"IF($C74=\"FG\",VLOOKUP($A:$A,op,4,FALSE),\"\")","v":"2016-04-25"},"2016-04-25"]
["6112B05F Total",null,null,null,null,null,{"$f":"SUBTOTAL(9,G73:G74)","v":13.38},{"$f":"SUBTOTAL(9,H73:H74)","v":13.24},null,{"$f":"$G75-$H75","v":0.14000000000000057},{"$f":"$H75/$G75","v":0.98953662182361735},null,null,null,{"$f":"$Q75/$H75","v":9.0850604229607264},null,{"$f":"SUBTOTAL(9,Q73:Q74)","v":120.28620000000001},{"$f":"SUBTOTAL(9,R73:R74)","v":139.02000000000001},{"$f":"($R75-$Q75)/$Q75","v":0.15574355162936399},null,null,null,null,null,null,{"$f":"Y73","v":"2016-04-25"}]
["6144B0112","Beef","RM",45207,"BONELESS VEAL FOR  CUTLETS *IN PROCESS* CODE: 45202,203,206,209,210 FR","6144B0112",6.64,null,3,null,{"$f":"IF(ISNA(VLOOKUP($D:$D,rend,2,FALSE))=FALSE,VLOOKUP($D:$D,rend,2,FALSE),\"\")","v":0.94542871717569332},{"$f":"IF($C76=\"RM\",IF(ISNA(VLOOKUP($F$2:$F$409,pos,2,FALSE))=FALSE,VLOOKUP($F76:$F$409,pos,2,FALSE),IF(ISNA(VLOOKUP($F$2:$F$409,lot,2,FALSE))=FALSE,VLOOKUP($F$2:$F$409,lot,2,FALSE),\"MANQUANT\")),\"\")","v":"6144B01B"},{"$f":"IF($C76=\"RM\",IF(ISNA(VLOOKUP($F$2:$F$409,pos,3,FALSE))=FALSE,VLOOKUP($F76:$F472,pos,3,FALSE),\"OP\"),\"\")","v":"OP"},{"$f":"IF($C76=\"RM\",IF(ISNA(VLOOKUP($F76:$F$402,pos,4,FALSE))=FALSE,VLOOKUP($F$2:$F$402,pos,4,FALSE),\"\"),\"\")","v":""},{"$f":"IF($C76=\"RM\",IF(ISNA(VLOOKUP($F$2:$F$409,pos,5,FALSE))=FALSE,VLOOKUP($F$2:$F$409,pos,5,FALSE),IF(ISNA(VLOOKUP($F$2:$F$409,lot,5,FALSE))=FALSE,VLOOKUP($F$2:$F$409,lot,5,FALSE),0)),\"\")","v":10.200011209505659},{"$f":"IF($H76>0,VLOOKUP($D:$D,prix,15,FALSE),\"\")","v":""},{"$f":"IF($C76=\"RM\",$O76*$G76,\"\")","v":67.728074431117577},"",null,{"$f":"IF($F76>0,VALUE(LEFT($F76,4)),\"\")","v":6144},{"$f":"IF(F76>0,IF(ISERROR(SEARCH(\"*FZ*\",$E76))=FALSE,\"FZ\",IF(ISERROR(SEARCH(\"*FR*\",$E76))=FALSE,\"FR\",\"Aucun\")),\"\")","v":"FR"},{"$f":"IF($C76=\"RM\",IF($U76=\"FR\",IF(ISNA(VLOOKUP($F:$F,lot,6,FALSE))=TRUE,VLOOKUP($T:$T,date,2,FALSE),VLOOKUP($F:$F,lot,6,FALSE)),\"\"),\"\")","v":"2016-03-30"},{"$f":"IF($C76=\"RM\",IF($U76=\"Fz\",IF(ISNA(VLOOKUP($F:$F,lot,6,FALSE))=TRUE,VLOOKUP($T:$T,date,2,FALSE),VLOOKUP($F:$F,lot,6,FALSE)),\"\"),\"\")","v":""},{"$f":"IF($C76=\"FG\",VLOOKUP($A:$A,op,4,FALSE),\"\")","v":""},"2016-04-25",{"$f":"IF(C76=\"rm\",IF(U76=\"aucun\",\"OK\",IF(U76=\"fz\",IF(Y76-W76>730,Y76-W76,\"OK\"),IF(Y76-V76<1,1,Y76-V76))),\"\")","v":26}]
["6144B0112","Beef","FG",45203,"VEAL INSIDE FOR SCALOPINI FR #D","6144B0115","",6.64,3,null,{"$f":"IF(ISNA(VLOOKUP($D:$D,rend,2,FALSE))=FALSE,VLOOKUP($D:$D,rend,2,FALSE),\"\")","v":0.96286739153003387},{"$f":"IF($C77=\"RM\",IF(ISNA(VLOOKUP($F$2:$F$409,pos,2,FALSE))=FALSE,VLOOKUP($F77:$F$409,pos,2,FALSE),IF(ISNA(VLOOKUP($F$2:$F$409,lot,2,FALSE))=FALSE,VLOOKUP($F$2:$F$409,lot,2,FALSE),\"MANQUANT\")),\"\")","v":""},{"$f":"IF($C77=\"RM\",IF(ISNA(VLOOKUP($F$2:$F$409,pos,3,FALSE))=FALSE,VLOOKUP($F77:$F473,pos,3,FALSE),\"OP\"),\"\")","v":""},{"$f":"IF($C77=\"RM\",IF(ISNA(VLOOKUP($F77:$F$402,pos,4,FALSE))=FALSE,VLOOKUP($F$2:$F$402,pos,4,FALSE),\"\"),\"\")","v":""},{"$f":"IF($C77=\"RM\",IF(ISNA(VLOOKUP($F$2:$F$409,pos,5,FALSE))=FALSE,VLOOKUP($F$2:$F$409,pos,5,FALSE),IF(ISNA(VLOOKUP($F$2:$F$409,lot,5,FALSE))=FALSE,VLOOKUP($F$2:$F$409,lot,5,FALSE),0)),\"\")","v":""},{"$f":"IF($H77>0,VLOOKUP($D:$D,prix,15,FALSE),\"\")","v":19.95},{"$f":"IF($C77=\"RM\",$O77*$G77,\"\")","v":""},132.46799999999999,null,{"$f":"IF($F77>0,VALUE(LEFT($F77,4)),\"\")","v":6144},{"$f":"IF(F77>0,IF(ISERROR(SEARCH(\"*FZ*\",$E77))=FALSE,\"FZ\",IF(ISERROR(SEARCH(\"*FR*\",$E77))=FALSE,\"FR\",\"Aucun\")),\"\")","v":"FR"},{"$f":"IF($C77=\"RM\",IF($U77=\"FR\",IF(ISNA(VLOOKUP($F:$F,lot,6,FALSE))=TRUE,VLOOKUP($T:$T,date,2,FALSE),VLOOKUP($F:$F,lot,6,FALSE)),\"\"),\"\")","v":""},{"$f":"IF($C77=\"RM\",IF($U77=\"Fz\",IF(ISNA(VLOOKUP($F:$F,lot,6,FALSE))=TRUE,VLOOKUP($T:$T,date,2,FALSE),VLOOKUP($F:$F,lot,6,FALSE)),\"\"),\"\")","v":""},{"$f":"IF($C77=\"FG\",VLOOKUP($A:$A,op,4,FALSE),\"\")","v":"2016-03-30"},"2016-04-25"]
["6144B0112 Total",null,null,null,null,null,{"$f":"SUBTOTAL(9,G76:G77)","v":6.64},{"$f":"SUBTOTAL(9,H76:H77)","v":6.64},null,{"$f":"$G78-$H78","v":0},{"$f":"$H78/$G78","v":1},null,null,null,{"$f":"$Q78/$H78","v":10.200011209505659},null,{"$f":"SUBTOTAL(9,Q76:Q77)","v":67.728074431117577},{"$f":"SUBTOTAL(9,R76:R77)","v":132.46799999999999},{"$f":"($R78-$Q78)/$Q78","v":0.95588020348527336},null,null,null,null,null,null,{"$f":"V76","v":"2016-03-30"}]
["6164B01E","Beef","RM",41005,"PORK LOIN WHOLE**LONGE DE POR FR #D","6164B01",8,null,1,null,{"$f":"IF(ISNA(VLOOKUP($D:$D,rend,2,FALSE))=FALSE,VLOOKUP($D:$D,rend,2,FALSE),\"\")","v":0.81408391727807394},{"$f":"IF($C79=\"RM\",IF(ISNA(VLOOKUP($F$2:$F$409,pos,2,FALSE))=FALSE,VLOOKUP($F79:$F$409,pos,2,FALSE),IF(ISNA(VLOOKUP($F$2:$F$409,lot,2,FALSE))=FALSE,VLOOKUP($F$2:$F$409,lot,2,FALSE),\"MANQUANT\")),\"\")","v":"PO-0021718"},{"$f":"IF($C79=\"RM\",IF(ISNA(VLOOKUP($F$2:$F$409,pos,3,FALSE))=FALSE,VLOOKUP($F79:$F474,pos,3,FALSE),\"OP\"),\"\")","v":"BOUC"},{"$f":"IF($C79=\"RM\",IF(ISNA(VLOOKUP($F79:$F$402,pos,4,FALSE))=FALSE,VLOOKUP($F$2:$F$402,pos,4,FALSE),\"\"),\"\")","v":93.52},{"$f":"IF($C79=\"RM\",IF(ISNA(VLOOKUP($F$2:$F$409,pos,5,FALSE))=FALSE,VLOOKUP($F$2:$F$409,pos,5,FALSE),IF(ISNA(VLOOKUP($F$2:$F$409,lot,5,FALSE))=FALSE,VLOOKUP($F$2:$F$409,lot,5,FALSE),0)),\"\")","v":3.6},{"$f":"IF($H79>0,VLOOKUP($D:$D,prix,15,FALSE),\"\")","v":""},{"$f":"IF($C79=\"RM\",$O79*$G79,\"\")","v":28.8},null,null,{"$f":"IF($F79>0,VALUE(LEFT($F79,4)),\"\")","v":6164},{"$f":"IF(F79>0,IF(ISERROR(SEARCH(\"*FZ*\",$E79))=FALSE,\"FZ\",IF(ISERROR(SEARCH(\"*FR*\",$E79))=FALSE,\"FR\",\"Aucun\")),\"\")","v":"FR"},{"$f":"IF($C79=\"RM\",IF($U79=\"FR\",IF(ISNA(VLOOKUP($F:$F,lot,6,FALSE))=TRUE,VLOOKUP($T:$T,date,2,FALSE),VLOOKUP($F:$F,lot,6,FALSE)),\"\"),\"\")","v":"2016-04-13"},{"$f":"IF($C79=\"RM\",IF($U79=\"Fz\",IF(ISNA(VLOOKUP($F:$F,lot,6,FALSE))=TRUE,VLOOKUP($T:$T,date,2,FALSE),VLOOKUP($F:$F,lot,6,FALSE)),\"\"),\"\")","v":""},{"$f":"IF($C79=\"FG\",VLOOKUP($A:$A,op,4,FALSE),\"\")","v":""},"2016-04-25",{"$f":"IF(C79=\"rm\",IF(U79=\"aucun\",\"OK\",IF(U79=\"fz\",IF(Y79-W79>730,Y79-W79,\"OK\"),IF(Y79-V79<1,1,Y79-V79))),\"\")","v":12}]
["6164B01E","Beef","FG",41207,"UNIT PORK CHOPS ***LAYER PACK***COTELETTES DE PORC FR @P","6164B015","",6.28,1,null,{"$f":"IF(ISNA(VLOOKUP($D:$D,rend,2,FALSE))=FALSE,VLOOKUP($D:$D,rend,2,FALSE),\"\")","v":0.77388529119910177},{"$f":"IF($C80=\"RM\",IF(ISNA(VLOOKUP($F$2:$F$409,pos,2,FALSE))=FALSE,VLOOKUP($F80:$F$409,pos,2,FALSE),IF(ISNA(VLOOKUP($F$2:$F$409,lot,2,FALSE))=FALSE,VLOOKUP($F$2:$F$409,lot,2,FALSE),\"MANQUANT\")),\"\")","v":""},{"$f":"IF($C80=\"RM\",IF(ISNA(VLOOKUP($F$2:$F$409,pos,3,FALSE))=FALSE,VLOOKUP($F80:$F475,pos,3,FALSE),\"OP\"),\"\")","v":""},{"$f":"IF($C80=\"RM\",IF(ISNA(VLOOKUP($F80:$F$402,pos,4,FALSE))=FALSE,VLOOKUP($F$2:$F$402,pos,4,FALSE),\"\"),\"\")","v":""},{"$f":"IF($C80=\"RM\",IF(ISNA(VLOOKUP($F$2:$F$409,pos,5,FALSE))=FALSE,VLOOKUP($F$2:$F$409,pos,5,FALSE),IF(ISNA(VLOOKUP($F$2:$F$409,lot,5,FALSE))=FALSE,VLOOKUP($F$2:$F$409,lot,5,FALSE),0)),\"\")","v":""},{"$f":"IF($H80>0,VLOOKUP($D:$D,prix,15,FALSE),\"\")","v":5.75},{"$f":"IF($C80=\"RM\",$O80*$G80,\"\")","v":""},{"$f":"IF($H80>0,$H80*$P80,\"\")","v":36.11},null,{"$f":"IF($F80>0,VALUE(LEFT($F80,4)),\"\")","v":6164},{"$f":"IF(F80>0,IF(ISERROR(SEARCH(\"*FZ*\",$E80))=FALSE,\"FZ\",IF(ISERROR(SEARCH(\"*FR*\",$E80))=FALSE,\"FR\",\"Aucun\")),\"\")","v":"FR"},{"$f":"IF($C80=\"RM\",IF($U80=\"FR\",IF(ISNA(VLOOKUP($F:$F,lot,6,FALSE))=TRUE,VLOOKUP($T:$T,date,2,FALSE),VLOOKUP($F:$F,lot,6,FALSE)),\"\"),\"\")","v":""},{"$f":"IF($C80=\"RM\",IF($U80=\"Fz\",IF(ISNA(VLOOKUP($F:$F,lot,6,FALSE))=TRUE,VLOOKUP($T:$T,date,2,FALSE),VLOOKUP($F:$F,lot,6,FALSE)),\"\"),\"\")","v":""},{"$f":"IF($C80=\"FG\",VLOOKUP($A:$A,op,4,FALSE),\"\")","v":"2016-04-13"},"2016-04-25"]
["6164B01E Total",null,null,null,null,null,{"$f":"SUBTOTAL(9,G79:G80)","v":8},{"$f":"SUBTOTAL(9,H79:H80)","v":6.28},null,{"$f":"$G81-$H81","v":1.7199999999999998},{"$f":"$H81/$G81","v":0.78500000000000003},null,null,null,{"$f":"$Q81/$H81","v":4.5859872611464967},null,{"$f":"SUBTOTAL(9,Q79:Q80)","v":28.8},{"$f":"SUBTOTAL(9,R79:R80)","v":36.11},{"$f":"($R81-$Q81)/$Q81","v":0.25381944444444438},null,null,null,null,null,null,{"$f":"V79","v":"2016-04-13"}]
["6166B02","Beef","RM",30010,"BONELESS BEEF *RM*95%* COA REQUIS FZ","6046B04",162,null,2,null,{"$f":"IF(ISNA(VLOOKUP($D:$D,rend,2,FALSE))=FALSE,VLOOKUP($D:$D,rend,2,FALSE),\"\")","v":0.93871035709706219},{"$f":"IF($C82=\"RM\",IF(ISNA(VLOOKUP($F$2:$F$409,pos,2,FALSE))=FALSE,VLOOKUP($F82:$F$409,pos,2,FALSE),IF(ISNA(VLOOKUP($F$2:$F$409,lot,2,FALSE))=FALSE,VLOOKUP($F$2:$F$409,lot,2,FALSE),\"MANQUANT\")),\"\")","v":"PO-0021001"},{"$f":"IF($C82=\"RM\",IF(ISNA(VLOOKUP($F$2:$F$409,pos,3,FALSE))=FALSE,VLOOKUP($F82:$F476,pos,3,FALSE),\"OP\"),\"\")","v":"CHIS"},{"$f":"IF($C82=\"RM\",IF(ISNA(VLOOKUP($F82:$F$402,pos,4,FALSE))=FALSE,VLOOKUP($F$2:$F$402,pos,4,FALSE),\"\"),\"\")","v":17965.2},{"$f":"IF($C82=\"RM\",IF(ISNA(VLOOKUP($F$2:$F$409,pos,5,FALSE))=FALSE,VLOOKUP($F$2:$F$409,pos,5,FALSE),IF(ISNA(VLOOKUP($F$2:$F$409,lot,5,FALSE))=FALSE,VLOOKUP($F$2:$F$409,lot,5,FALSE),0)),\"\")","v":5.86},{"$f":"IF($H82>0,VLOOKUP($D:$D,prix,15,FALSE),\"\")","v":""},{"$f":"IF($C82=\"RM\",$O82*$G82,\"\")","v":949.32},{"$f":"IF($H82>0,$H82*$P82,\"\")","v":""},null,{"$f":"IF($F82>0,VALUE(LEFT($F82,4)),\"\")","v":6046},{"$f":"IF(F82>0,IF(ISERROR(SEARCH(\"*FZ*\",$E82))=FALSE,\"FZ\",IF(ISERROR(SEARCH(\"*FR*\",$E82))=FALSE,\"FR\",\"Aucun\")),\"\")","v":"FZ"},{"$f":"IF($C82=\"RM\",IF($U82=\"FR\",IF(ISNA(VLOOKUP($F:$F,lot,6,FALSE))=TRUE,VLOOKUP($T:$T,date,2,FALSE),VLOOKUP($F:$F,lot,6,FALSE)),\"\"),\"\")","v":""},{"$f":"IF($C82=\"RM\",IF($U82=\"Fz\",IF(ISNA(VLOOKUP($F:$F,lot,6,FALSE))=TRUE,VLOOKUP($T:$T,date,2,FALSE),VLOOKUP($F:$F,lot,6,FALSE)),\"\"),\"\")","v":"2016-01-22"},{"$f":"IF($C82=\"FG\",VLOOKUP($A:$A,op,4,FALSE),\"\")","v":""},"2016-04-25",{"$f":"IF(C82=\"rm\",IF(U82=\"aucun\",\"OK\",IF(U82=\"fz\",IF(Y82-W82>730,Y82-W82,\"OK\"),IF(Y82-V82<1,1,Y82-V82))),\"\")","v":"OK"}]
["6166B02","Beef","RM",30028,"BONELESS **90 % BEEF (RM )**COA REQUIRED FR #D","6166B02",198,null,2,null,{"$f":"IF(ISNA(VLOOKUP($D:$D,rend,2,FALSE))=FALSE,VLOOKUP($D:$D,rend,2,FALSE),\"\")","v":0.94068809869144898},{"$f":"IF($C83=\"RM\",IF(ISNA(VLOOKUP($F$2:$F$409,pos,2,FALSE))=FALSE,VLOOKUP($F83:$F$409,pos,2,FALSE),IF(ISNA(VLOOKUP($F$2:$F$409,lot,2,FALSE))=FALSE,VLOOKUP($F$2:$F$409,lot,2,FALSE),\"MANQUANT\")),\"\")","v":"PO-0021748"},{"$f":"IF($C83=\"RM\",IF(ISNA(VLOOKUP($F$2:$F$409,pos,3,FALSE))=FALSE,VLOOKUP($F83:$F477,pos,3,FALSE),\"OP\"),\"\")","v":"RYDI"},{"$f":"IF($C83=\"RM\",IF(ISNA(VLOOKUP($F83:$F$402,pos,4,FALSE))=FALSE,VLOOKUP($F$2:$F$402,pos,4,FALSE),\"\"),\"\")","v":1731},{"$f":"IF($C83=\"RM\",IF(ISNA(VLOOKUP($F$2:$F$409,pos,5,FALSE))=FALSE,VLOOKUP($F$2:$F$409,pos,5,FALSE),IF(ISNA(VLOOKUP($F$2:$F$409,lot,5,FALSE))=FALSE,VLOOKUP($F$2:$F$409,lot,5,FALSE),0)),\"\")","v":6.68},{"$f":"IF($H83>0,VLOOKUP($D:$D,prix,15,FALSE),\"\")","v":""},{"$f":"IF($C83=\"RM\",$O83*$G83,\"\")","v":1322.6399999999999},"",null,{"$f":"IF($F83>0,VALUE(LEFT($F83,4)),\"\")","v":6166},{"$f":"IF(F83>0,IF(ISERROR(SEARCH(\"*FZ*\",$E83))=FALSE,\"FZ\",IF(ISERROR(SEARCH(\"*FR*\",$E83))=FALSE,\"FR\",\"Aucun\")),\"\")","v":"FR"},{"$f":"IF($C83=\"RM\",IF($U83=\"FR\",IF(ISNA(VLOOKUP($F:$F,lot,6,FALSE))=TRUE,VLOOKUP($T:$T,date,2,FALSE),VLOOKUP($F:$F,lot,6,FALSE)),\"\"),\"\")","v":"2016-04-15"},{"$f":"IF($C83=\"RM\",IF($U83=\"Fz\",IF(ISNA(VLOOKUP($F:$F,lot,6,FALSE))=TRUE,VLOOKUP($T:$T,date,2,FALSE),VLOOKUP($F:$F,lot,6,FALSE)),\"\"),\"\")","v":""},{"$f":"IF($C83=\"FG\",VLOOKUP($A:$A,op,4,FALSE),\"\")","v":""},"2016-04-25",10]
["6166B02","Beef","RM",30001,"BNLS BEEF TRIMMINGS 65%**RAW MATERIAL* COA REQUIS FR #D","6172B02",240,null,2,null,{"$f":"IF(ISNA(VLOOKUP($D:$D,rend,2,FALSE))=FALSE,VLOOKUP($D:$D,rend,2,FALSE),\"\")","v":0.93871973440613066},{"$f":"IF($C84=\"RM\",IF(ISNA(VLOOKUP($F$2:$F$409,pos,2,FALSE))=FALSE,VLOOKUP($F84:$F$409,pos,2,FALSE),IF(ISNA(VLOOKUP($F$2:$F$409,lot,2,FALSE))=FALSE,VLOOKUP($F$2:$F$409,lot,2,FALSE),\"MANQUANT\")),\"\")","v":"PO-0021748"},{"$f":"IF($C84=\"RM\",IF(ISNA(VLOOKUP($F$2:$F$409,pos,3,FALSE))=FALSE,VLOOKUP($F84:$F478,pos,3,FALSE),\"OP\"),\"\")","v":"RYDI"},{"$f":"IF($C84=\"RM\",IF(ISNA(VLOOKUP($F84:$F$402,pos,4,FALSE))=FALSE,VLOOKUP($F$2:$F$402,pos,4,FALSE),\"\"),\"\")","v":800},{"$f":"IF($C84=\"RM\",IF(ISNA(VLOOKUP($F$2:$F$409,pos,5,FALSE))=FALSE,VLOOKUP($F$2:$F$409,pos,5,FALSE),IF(ISNA(VLOOKUP($F$2:$F$409,lot,5,FALSE))=FALSE,VLOOKUP($F$2:$F$409,lot,5,FALSE),0)),\"\")","v":4.04},{"$f":"IF($H84>0,VLOOKUP($D:$D,prix,15,FALSE),\"\")","v":""},{"$f":"IF($C84=\"RM\",$O84*$G84,\"\")","v":969.6},"",null,{"$f":"IF($F84>0,VALUE(LEFT($F84,4)),\"\")","v":6172},{"$f":"IF(F84>0,IF(ISERROR(SEARCH(\"*FZ*\",$E84))=FALSE,\"FZ\",IF(ISERROR(SEARCH(\"*FR*\",$E84))=FALSE,\"FR\",\"Aucun\")),\"\")","v":"FR"},{"$f":"IF($C84=\"RM\",IF($U84=\"FR\",IF(ISNA(VLOOKUP($F:$F,lot,6,FALSE))=TRUE,VLOOKUP($T:$T,date,2,FALSE),VLOOKUP($F:$F,lot,6,FALSE)),\"\"),\"\")","v":"2016-04-18"},{"$f":"IF($C84=\"RM\",IF($U84=\"Fz\",IF(ISNA(VLOOKUP($F:$F,lot,6,FALSE))=TRUE,VLOOKUP($T:$T,date,2,FALSE),VLOOKUP($F:$F,lot,6,FALSE)),\"\"),\"\")","v":""},{"$f":"IF($C84=\"FG\",VLOOKUP($A:$A,op,4,FALSE),\"\")","v":""},"2016-04-25",7]
["6166B02","Beef","FG",32032,"MEDIUM GROUND BEEF***2 X 2.5 TUBES**BTE ALPHA** FZ #D","6166B024","",25,2,null,{"$f":"IF(ISNA(VLOOKUP($D:$D,rend,2,FALSE))=FALSE,VLOOKUP($D:$D,rend,2,FALSE),\"\")","v":0.96312675281692406},{"$f":"IF($C85=\"RM\",IF(ISNA(VLOOKUP($F$2:$F$409,pos,2,FALSE))=FALSE,VLOOKUP($F85:$F$409,pos,2,FALSE),IF(ISNA(VLOOKUP($F$2:$F$409,lot,2,FALSE))=FALSE,VLOOKUP($F$2:$F$409,lot,2,FALSE),\"MANQUANT\")),\"\")","v":""},{"$f":"IF($C85=\"RM\",IF(ISNA(VLOOKUP($F$2:$F$409,pos,3,FALSE))=FALSE,VLOOKUP($F85:$F479,pos,3,FALSE),\"OP\"),\"\")","v":""},{"$f":"IF($C85=\"RM\",IF(ISNA(VLOOKUP($F85:$F$402,pos,4,FALSE))=FALSE,VLOOKUP($F$2:$F$402,pos,4,FALSE),\"\"),\"\")","v":""},{"$f":"IF($C85=\"RM\",IF(ISNA(VLOOKUP($F$2:$F$409,pos,5,FALSE))=FALSE,VLOOKUP($F$2:$F$409,pos,5,FALSE),IF(ISNA(VLOOKUP($F$2:$F$409,lot,5,FALSE))=FALSE,VLOOKUP($F$2:$F$409,lot,5,FALSE),0)),\"\")","v":""},{"$f":"IF($H85>0,VLOOKUP($D:$D,prix,15,FALSE),\"\")","v":6.9},{"$f":"IF($C85=\"RM\",$O85*$G85,\"\")","v":""},172.5,null,{"$f":"IF($F85>0,VALUE(LEFT($F85,4)),\"\")","v":6166},{"$f":"IF(F85>0,IF(ISERROR(SEARCH(\"*FZ*\",$E85))=FALSE,\"FZ\",IF(ISERROR(SEARCH(\"*FR*\",$E85))=FALSE,\"FR\",\"Aucun\")),\"\")","v":"FZ"},{"$f":"IF($C85=\"RM\",IF($U85=\"FR\",IF(ISNA(VLOOKUP($F:$F,lot,6,FALSE))=TRUE,VLOOKUP($T:$T,date,2,FALSE),VLOOKUP($F:$F,lot,6,FALSE)),\"\"),\"\")","v":""},{"$f":"IF($C85=\"RM\",IF($U85=\"Fz\",IF(ISNA(VLOOKUP($F:$F,lot,6,FALSE))=TRUE,VLOOKUP($T:$T,date,2,FALSE),VLOOKUP($F:$F,lot,6,FALSE)),\"\"),\"\")","v":""},{"$f":"IF($C85=\"FG\",VLOOKUP($A:$A,op,4,FALSE),\"\")","v":"2016-04-15"},"2016-04-25"]
["6166B02","Beef","FG",32001,"2X REGULAR GROUND BEEF (TUBE) FR #D","6166B025","",575,2,null,{"$f":"IF(ISNA(VLOOKUP($D:$D,rend,2,FALSE))=FALSE,VLOOKUP($D:$D,rend,2,FALSE),\"\")","v":0.96057415960890002},{"$f":"IF($C86=\"RM\",IF(ISNA(VLOOKUP($F$2:$F$409,pos,2,FALSE))=FALSE,VLOOKUP($F86:$F$409,pos,2,FALSE),IF(ISNA(VLOOKUP($F$2:$F$409,lot,2,FALSE))=FALSE,VLOOKUP($F$2:$F$409,lot,2,FALSE),\"MANQUANT\")),\"\")","v":""},{"$f":"IF($C86=\"RM\",IF(ISNA(VLOOKUP($F$2:$F$409,pos,3,FALSE))=FALSE,VLOOKUP($F86:$F480,pos,3,FALSE),\"OP\"),\"\")","v":""},{"$f":"IF($C86=\"RM\",IF(ISNA(VLOOKUP($F86:$F$402,pos,4,FALSE))=FALSE,VLOOKUP($F$2:$F$402,pos,4,FALSE),\"\"),\"\")","v":""},{"$f":"IF($C86=\"RM\",IF(ISNA(VLOOKUP($F$2:$F$409,pos,5,FALSE))=FALSE,VLOOKUP($F$2:$F$409,pos,5,FALSE),IF(ISNA(VLOOKUP($F$2:$F$409,lot,5,FALSE))=FALSE,VLOOKUP($F$2:$F$409,lot,5,FALSE),0)),\"\")","v":""},{"$f":"IF($H86>0,VLOOKUP($D:$D,prix,15,FALSE),\"\")","v":6.9},{"$f":"IF($C86=\"RM\",$O86*$G86,\"\")","v":""},3967.5,null,{"$f":"IF($F86>0,VALUE(LEFT($F86,4)),\"\")","v":6166},{"$f":"IF(F86>0,IF(ISERROR(SEARCH(\"*FZ*\",$E86))=FALSE,\"FZ\",IF(ISERROR(SEARCH(\"*FR*\",$E86))=FALSE,\"FR\",\"Aucun\")),\"\")","v":"FR"},{"$f":"IF($C86=\"RM\",IF($U86=\"FR\",IF(ISNA(VLOOKUP($F:$F,lot,6,FALSE))=TRUE,VLOOKUP($T:$T,date,2,FALSE),VLOOKUP($F:$F,lot,6,FALSE)),\"\"),\"\")","v":""},{"$f":"IF($C86=\"RM\",IF($U86=\"Fz\",IF(ISNA(VLOOKUP($F:$F,lot,6,FALSE))=TRUE,VLOOKUP($T:$T,date,2,FALSE),VLOOKUP($F:$F,lot,6,FALSE)),\"\"),\"\")","v":""},{"$f":"IF($C86=\"FG\",VLOOKUP($A:$A,op,4,FALSE),\"\")","v":"2016-04-15"},"2016-04-25"]
["6166B02 Total",null,null,null,null,null,{"$f":"SUBTOTAL(9,G82:G86)","v":600},{"$f":"SUBTOTAL(9,H82:H86)","v":600},null,{"$f":"$G87-$H87","v":0},{"$f":"$H87/$G87","v":1},null,null,null,{"$f":"$Q87/$H87","v":5.4025999999999996},null,{"$f":"SUBTOTAL(9,Q82:Q86)","v":3241.56},{"$f":"SUBTOTAL(9,R82:R86)","v":4140},{"$f":"($R87-$Q87)/$Q87","v":0.2771628475178618},null,null,null,null,null,null,{"$f":"V83","v":"2016-04-15"}]
["6166B02B","Beef","RM",30010,"BONELESS BEEF *RM*95%* COA REQUIS FZ","6046B04",189,null,2,null,{"$f":"IF(ISNA(VLOOKUP($D:$D,rend,2,FALSE))=FALSE,VLOOKUP($D:$D,rend,2,FALSE),\"\")","v":0.93871035709706219},{"$f":"IF($C88=\"RM\",IF(ISNA(VLOOKUP($F$2:$F$409,pos,2,FALSE))=FALSE,VLOOKUP($F88:$F$409,pos,2,FALSE),IF(ISNA(VLOOKUP($F$2:$F$409,lot,2,FALSE))=FALSE,VLOOKUP($F$2:$F$409,lot,2,FALSE),\"MANQUANT\")),\"\")","v":"PO-0021001"},{"$f":"IF($C88=\"RM\",IF(ISNA(VLOOKUP($F$2:$F$409,pos,3,FALSE))=FALSE,VLOOKUP($F88:$F481,pos,3,FALSE),\"OP\"),\"\")","v":"CHIS"},{"$f":"IF($C88=\"RM\",IF(ISNA(VLOOKUP($F88:$F$402,pos,4,FALSE))=FALSE,VLOOKUP($F$2:$F$402,pos,4,FALSE),\"\"),\"\")","v":17965.2},{"$f":"IF($C88=\"RM\",IF(ISNA(VLOOKUP($F$2:$F$409,pos,5,FALSE))=FALSE,VLOOKUP($F$2:$F$409,pos,5,FALSE),IF(ISNA(VLOOKUP($F$2:$F$409,lot,5,FALSE))=FALSE,VLOOKUP($F$2:$F$409,lot,5,FALSE),0)),\"\")","v":5.86},{"$f":"IF($H88>0,VLOOKUP($D:$D,prix,15,FALSE),\"\")","v":""},{"$f":"IF($C88=\"RM\",$O88*$G88,\"\")","v":1107.54},{"$f":"IF($H88>0,$H88*$P88,\"\")","v":""},null,{"$f":"IF($F88>0,VALUE(LEFT($F88,4)),\"\")","v":6046},{"$f":"IF(F88>0,IF(ISERROR(SEARCH(\"*FZ*\",$E88))=FALSE,\"FZ\",IF(ISERROR(SEARCH(\"*FR*\",$E88))=FALSE,\"FR\",\"Aucun\")),\"\")","v":"FZ"},{"$f":"IF($C88=\"RM\",IF($U88=\"FR\",IF(ISNA(VLOOKUP($F:$F,lot,6,FALSE))=TRUE,VLOOKUP($T:$T,date,2,FALSE),VLOOKUP($F:$F,lot,6,FALSE)),\"\"),\"\")","v":""},{"$f":"IF($C88=\"RM\",IF($U88=\"Fz\",IF(ISNA(VLOOKUP($F:$F,lot,6,FALSE))=TRUE,VLOOKUP($T:$T,date,2,FALSE),VLOOKUP($F:$F,lot,6,FALSE)),\"\"),\"\")","v":"2016-01-22"},{"$f":"IF($C88=\"FG\",VLOOKUP($A:$A,op,4,FALSE),\"\")","v":""},"2016-04-25",{"$f":"IF(C88=\"rm\",IF(U88=\"aucun\",\"OK\",IF(U88=\"fz\",IF(Y88-W88>730,Y88-W88,\"OK\"),IF(Y88-V88<1,1,Y88-V88))),\"\")","v":"OK"}]
["6166B02B","Beef","RM",30028,"BONELESS **90 % BEEF (RM )**COA REQUIRED FR #D","6166B02",343,null,2,null,0.94068809869144898,{"$f":"IF($C89=\"RM\",IF(ISNA(VLOOKUP($F$2:$F$409,pos,2,FALSE))=FALSE,VLOOKUP($F89:$F$409,pos,2,FALSE),IF(ISNA(VLOOKUP($F$2:$F$409,lot,2,FALSE))=FALSE,VLOOKUP($F$2:$F$409,lot,2,FALSE),\"MANQUANT\")),\"\")","v":"PO-0021748"},"RYDI",{"$f":"IF($C89=\"RM\",IF(ISNA(VLOOKUP($F89:$F$402,pos,4,FALSE))=FALSE,VLOOKUP($F$2:$F$402,pos,4,FALSE),\"\"),\"\")","v":1731},6.68,"",2291.2399999999998,"",null,6166,"FR","2016-04-15","","","2016-04-25",10]
["6166B02B","Beef","RM",30001,"BNLS BEEF TRIMMINGS 65%**RAW MATERIAL* COA REQUIS FR #D","6172B02",168,null,2,null,0.93871973440613066,{"$f":"IF($C90=\"RM\",IF(ISNA(VLOOKUP($F$2:$F$409,pos,2,FALSE))=FALSE,VLOOKUP($F90:$F$409,pos,2,FALSE),IF(ISNA(VLOOKUP($F$2:$F$409,lot,2,FALSE))=FALSE,VLOOKUP($F$2:$F$409,lot,2,FALSE),\"MANQUANT\")),\"\")","v":"PO-0021748"},"RYDI",{"$f":"IF($C90=\"RM\",IF(ISNA(VLOOKUP($F90:$F$402,pos,4,FALSE))=FALSE,VLOOKUP($F$2:$F$402,pos,4,FALSE),\"\"),\"\")","v":800},4.04,"",678.72,"",null,6172,"FR","2016-04-18","","","2016-04-25",7]
["6166B02B","Beef","FG",32023,"LEAN GROUND BEEF** 2X 2.5 KG TUBE FZ #D","6166B021","",25,2,null,0.97867110324349915,{"$f":"IF($C91=\"RM\",IF(ISNA(VLOOKUP($F$2:$F$409,pos,2,FALSE))=FALSE,VLOOKUP($F91:$F$409,pos,2,FALSE),IF(ISNA(VLOOKUP($F$2:$F$409,lot,2,FALSE))=FALSE,VLOOKUP($F$2:$F$409,lot,2,FALSE),\"MANQUANT\")),\"\")","v":""},"",{"$f":"IF($C91=\"RM\",IF(ISNA(VLOOKUP($F91:$F$402,pos,4,FALSE))=FALSE,VLOOKUP($F$2:$F$402,pos,4,FALSE),\"\"),\"\")","v":""},"",7.65,"",191.25,null,6166,"FZ","","","2016-04-15","2016-04-25"]
["6166B02B","Beef","FG",32004,"2X SPECIAL MAIGRE GROUND BEEF (VAC BAG) FR #D","6166B022","",140,2,null,0.96384417014436008,{"$f":"IF($C92=\"RM\",IF(ISNA(VLOOKUP($F$2:$F$409,pos,2,FALSE))=FALSE,VLOOKUP($F92:$F$409,pos,2,FALSE),IF(ISNA(VLOOKUP($F$2:$F$409,lot,2,FALSE))=FALSE,VLOOKUP($F$2:$F$409,lot,2,FALSE),\"MANQUANT\")),\"\")","v":""},"",{"$f":"IF($C92=\"RM\",IF(ISNA(VLOOKUP($F92:$F$402,pos,4,FALSE))=FALSE,VLOOKUP($F$2:$F$402,pos,4,FALSE),\"\"),\"\")","v":""},"",7.75,"",1085,null,6166,"FR","","","2016-04-15","2016-04-25"]
["6166B02B","Beef","FG",32005,"LEAN GROUND BEEF CHUCK* VAC BAG X 2.5KG FR #D","6166B023","",535,2,null,0.93419690150380219,{"$f":"IF($C93=\"RM\",IF(ISNA(VLOOKUP($F$2:$F$409,pos,2,FALSE))=FALSE,VLOOKUP($F93:$F$409,pos,2,FALSE),IF(ISNA(VLOOKUP($F$2:$F$409,lot,2,FALSE))=FALSE,VLOOKUP($F$2:$F$409,lot,2,FALSE),\"MANQUANT\")),\"\")","v":""},"",{"$f":"IF($C93=\"RM\",IF(ISNA(VLOOKUP($F93:$F$402,pos,4,FALSE))=FALSE,VLOOKUP($F$2:$F$402,pos,4,FALSE),\"\"),\"\")","v":""},"",8,"",4280,null,6166,"FR","","","2016-04-15","2016-04-25"]
["6166B02B Total",null,null,null,null,null,{"$f":"SUBTOTAL(9,G88:G93)","v":700},{"$f":"SUBTOTAL(9,H88:H93)","v":700},null,{"$f":"$G94-$H94","v":0},{"$f":"$H94/$G94","v":1},null,null,null,{"$f":"$Q94/$H94","v":5.8250000000000002},null,{"$f":"SUBTOTAL(9,Q88:Q93)","v":4077.5},{"$f":"SUBTOTAL(9,R88:R93)","v":5556.25},{"$f":"($R94-$Q94)/$Q94","v":0.36266094420600858},null,null,null,null,null,null,{"$f":"V89","v":"2016-04-15"}]
["6166B02C","Beef","RM",31500,"BEEF HOUSE TRIMMINGS FR @P","5406B042",30.5,null,2,null,{"$f":"IF(ISNA(VLOOKUP($D:$D,rend,2,FALSE))=FALSE,VLOOKUP($D:$D,rend,2,FALSE),\"\")","v":0.92196671697625909},{"$f":"IF($C95=\"RM\",IF(ISNA(VLOOKUP($F$2:$F$409,pos,2,FALSE))=FALSE,VLOOKUP($F95:$F$409,pos,2,FALSE),IF(ISNA(VLOOKUP($F$2:$F$409,lot,2,FALSE))=FALSE,VLOOKUP($F$2:$F$409,lot,2,FALSE),\"MANQUANT\")),\"\")","v":"5406B04"},{"$f":"IF($C95=\"RM\",IF(ISNA(VLOOKUP($F$2:$F$409,pos,3,FALSE))=FALSE,VLOOKUP($F95:$F487,pos,3,FALSE),\"OP\"),\"\")","v":"OP"},{"$f":"IF($C95=\"RM\",IF(ISNA(VLOOKUP($F95:$F$402,pos,4,FALSE))=FALSE,VLOOKUP($F$2:$F$402,pos,4,FALSE),\"\"),\"\")","v":""},{"$f":"IF($C95=\"RM\",IF(ISNA(VLOOKUP($F$2:$F$409,pos,5,FALSE))=FALSE,VLOOKUP($F$2:$F$409,pos,5,FALSE),IF(ISNA(VLOOKUP($F$2:$F$409,lot,5,FALSE))=FALSE,VLOOKUP($F$2:$F$409,lot,5,FALSE),0)),\"\")","v":14.54751671038159},{"$f":"IF($H95>0,VLOOKUP($D:$D,prix,15,FALSE),\"\")","v":""},{"$f":"IF($C95=\"RM\",$O95*$G95,\"\")","v":443.69925966663851},{"$f":"IF($H95>0,$H95*$P95,\"\")","v":""},null,{"$f":"IF($F95>0,VALUE(LEFT($F95,4)),\"\")","v":5406},{"$f":"IF(F95>0,IF(ISERROR(SEARCH(\"*FZ*\",$E95))=FALSE,\"FZ\",IF(ISERROR(SEARCH(\"*FR*\",$E95))=FALSE,\"FR\",\"Aucun\")),\"\")","v":"FR"},{"$f":"IF($C95=\"RM\",IF($U95=\"FR\",IF(ISNA(VLOOKUP($F:$F,lot,6,FALSE))=TRUE,VLOOKUP($T:$T,date,2,FALSE),VLOOKUP($F:$F,lot,6,FALSE)),\"\"),\"\")","v":"2015-10-02"},{"$f":"IF($C95=\"RM\",IF($U95=\"Fz\",IF(ISNA(VLOOKUP($F:$F,lot,6,FALSE))=TRUE,VLOOKUP($T:$T,date,2,FALSE),VLOOKUP($F:$F,lot,6,FALSE)),\"\"),\"\")","v":""},{"$f":"IF($C95=\"FG\",VLOOKUP($A:$A,op,4,FALSE),\"\")","v":""},"2016-04-25",{"$f":"IF(C95=\"rm\",IF(U95=\"aucun\",\"OK\",IF(U95=\"fz\",IF(Y95-W95>730,Y95-W95,\"OK\"),IF(Y95-V95<1,1,Y95-V95))),\"\")","v":206}]
["6166B02C","Beef","RM",31500,"BEEF HOUSE TRIMMINGS FR @P","5412B0531",16.420000000000002,null,2,null,0.92196671697625909,{"$f":"IF($C96=\"RM\",IF(ISNA(VLOOKUP($F$2:$F$409,pos,2,FALSE))=FALSE,VLOOKUP($F96:$F$409,pos,2,FALSE),IF(ISNA(VLOOKUP($F$2:$F$409,lot,2,FALSE))=FALSE,VLOOKUP($F$2:$F$409,lot,2,FALSE),\"MANQUANT\")),\"\")","v":"5412B05I"},"OP",{"$f":"IF($C96=\"RM\",IF(ISNA(VLOOKUP($F96:$F$402,pos,4,FALSE))=FALSE,VLOOKUP($F$2:$F$402,pos,4,FALSE),\"\"),\"\")","v":""},13.975712767722825,"",229.48120364600882,"",null,5412,"FR","2015-10-02","","","2016-04-25",206]
["6166B02C","Beef","RM",31500,"BEEF HOUSE TRIMMINGS FR @P","6062B0718",19.18,null,2,null,0.92196671697625909,{"$f":"IF($C97=\"RM\",IF(ISNA(VLOOKUP($F$2:$F$409,pos,2,FALSE))=FALSE,VLOOKUP($F97:$F$409,pos,2,FALSE),IF(ISNA(VLOOKUP($F$2:$F$409,lot,2,FALSE))=FALSE,VLOOKUP($F$2:$F$409,lot,2,FALSE),\"MANQUANT\")),\"\")","v":"6062B07I"},"OP",{"$f":"IF($C97=\"RM\",IF(ISNA(VLOOKUP($F97:$F$402,pos,4,FALSE))=FALSE,VLOOKUP($F$2:$F$402,pos,4,FALSE),\"\"),\"\")","v":""},9.2622035790399533,"",177.6490646459863,"",null,6062,"FR","2016-04-19","","","2016-04-25",6]
["6166B02C","Beef","RM",31500,"BEEF HOUSE TRIMMINGS FR @P","6076B0156",8.4,null,2,null,0.92196671697625909,{"$f":"IF($C98=\"RM\",IF(ISNA(VLOOKUP($F$2:$F$409,pos,2,FALSE))=FALSE,VLOOKUP($F98:$F$409,pos,2,FALSE),IF(ISNA(VLOOKUP($F$2:$F$409,lot,2,FALSE))=FALSE,VLOOKUP($F$2:$F$409,lot,2,FALSE),\"MANQUANT\")),\"\")","v":"6076B01I"},"OP",{"$f":"IF($C98=\"RM\",IF(ISNA(VLOOKUP($F98:$F$402,pos,4,FALSE))=FALSE,VLOOKUP($F$2:$F$402,pos,4,FALSE),\"\"),\"\")","v":""},18.745103472147051,"",157.45886916603524,"",null,6076,"FR","2016-02-12","","","2016-04-25",73]
["6166B02C","Beef","RM",31500,"BEEF HOUSE TRIMMINGS FR @P","6106B049",13.26,null,2,null,0.92196671697625909,{"$f":"IF($C99=\"RM\",IF(ISNA(VLOOKUP($F$2:$F$409,pos,2,FALSE))=FALSE,VLOOKUP($F99:$F$409,pos,2,FALSE),IF(ISNA(VLOOKUP($F$2:$F$409,lot,2,FALSE))=FALSE,VLOOKUP($F$2:$F$409,lot,2,FALSE),\"MANQUANT\")),\"\")","v":"6106B04D"},"OP",{"$f":"IF($C99=\"RM\",IF(ISNA(VLOOKUP($F99:$F$402,pos,4,FALSE))=FALSE,VLOOKUP($F$2:$F$402,pos,4,FALSE),\"\"),\"\")","v":""},11.441754680748922,"",151.71766706673071,null,null,6106,"FR","2016-03-04","","","2016-04-25",52]
["6166B02C","Beef","RM",31500,"BEEF HOUSE TRIMMINGS FR @P","6125B1123",20.3,null,2,null,0.92196671697625909,{"$f":"IF($C100=\"RM\",IF(ISNA(VLOOKUP($F$2:$F$409,pos,2,FALSE))=FALSE,VLOOKUP($F100:$F$409,pos,2,FALSE),IF(ISNA(VLOOKUP($F$2:$F$409,lot,2,FALSE))=FALSE,VLOOKUP($F$2:$F$409,lot,2,FALSE),\"MANQUANT\")),\"\")","v":"6125B11F"},"OP",{"$f":"IF($C100=\"RM\",IF(ISNA(VLOOKUP($F100:$F$402,pos,4,FALSE))=FALSE,VLOOKUP($F$2:$F$402,pos,4,FALSE),\"\"),\"\")","v":""},6.5593757939308395,"",133.15532861679606,{"$f":"IF($H100>0,$H100*$P100,\"\")","v":""},null,6125,"FR","2016-03-17","","","2016-04-25",39]
["6166B02C","Beef","RM",31500,"BEEF HOUSE TRIMMINGS FR @P","6125B1124",19.88,null,2,null,0.92196671697625909,{"$f":"IF($C101=\"RM\",IF(ISNA(VLOOKUP($F$2:$F$409,pos,2,FALSE))=FALSE,VLOOKUP($F101:$F$409,pos,2,FALSE),IF(ISNA(VLOOKUP($F$2:$F$409,lot,2,FALSE))=FALSE,VLOOKUP($F$2:$F$409,lot,2,FALSE),\"MANQUANT\")),\"\")","v":"6125B11F"},"OP",{"$f":"IF($C101=\"RM\",IF(ISNA(VLOOKUP($F101:$F$402,pos,4,FALSE))=FALSE,VLOOKUP($F$2:$F$402,pos,4,FALSE),\"\"),\"\")","v":""},6.5593757939308395,"",130.40039078334507,"",null,6125,"FR","2016-03-17","","","2016-04-25",39]
["6166B02C","Beef","RM",31500,"BEEF HOUSE TRIMMINGS FR @P","6154B041",3.92,null,2,null,0.92196671697625909,{"$f":"IF($C102=\"RM\",IF(ISNA(VLOOKUP($F$2:$F$409,pos,2,FALSE))=FALSE,VLOOKUP($F102:$F$409,pos,2,FALSE),IF(ISNA(VLOOKUP($F$2:$F$409,lot,2,FALSE))=FALSE,VLOOKUP($F$2:$F$409,lot,2,FALSE),\"MANQUANT\")),\"\")","v":"6154B04"},"OP",{"$f":"IF($C102=\"RM\",IF(ISNA(VLOOKUP($F102:$F$402,pos,4,FALSE))=FALSE,VLOOKUP($F$2:$F$402,pos,4,FALSE),\"\"),\"\")","v":""},26.426938775510205,"",103.59360000000001,"",null,6154,"FR","2016-04-06","","","2016-04-25",19]
["6166B02C","Beef","RM",30028,"BONELESS **90 % BEEF (RM )**COA REQUIRED FR #D","6165B02",18.5,null,2,null,0.94068809869144898,{"$f":"IF($C103=\"RM\",IF(ISNA(VLOOKUP($F$2:$F$409,pos,2,FALSE))=FALSE,VLOOKUP($F103:$F$409,pos,2,FALSE),IF(ISNA(VLOOKUP($F$2:$F$409,lot,2,FALSE))=FALSE,VLOOKUP($F$2:$F$409,lot,2,FALSE),\"MANQUANT\")),\"\")","v":"PO-0021747"},"RYDI",{"$f":"IF($C103=\"RM\",IF(ISNA(VLOOKUP($F103:$F$402,pos,4,FALSE))=FALSE,VLOOKUP($F$2:$F$402,pos,4,FALSE),\"\"),\"\")","v":1720},6.52,"",120.61999999999999,"",null,6165,"FR","2016-04-14","","","2016-04-25",11]
["6166B02C","Beef","RM",30028,"BONELESS **90 % BEEF (RM )**COA REQUIRED FR #D","6166B02",49.64,null,2,null,0.94068809869144898,{"$f":"IF($C104=\"RM\",IF(ISNA(VLOOKUP($F$2:$F$409,pos,2,FALSE))=FALSE,VLOOKUP($F104:$F$409,pos,2,FALSE),IF(ISNA(VLOOKUP($F$2:$F$409,lot,2,FALSE))=FALSE,VLOOKUP($F$2:$F$409,lot,2,FALSE),\"MANQUANT\")),\"\")","v":"PO-0021748"},"RYDI",{"$f":"IF($C104=\"RM\",IF(ISNA(VLOOKUP($F104:$F$402,pos,4,FALSE))=FALSE,VLOOKUP($F$2:$F$402,pos,4,FALSE),\"\"),\"\")","v":1731},6.68,"",331.59519999999998,"",null,6166,"FR","2016-04-15","","","2016-04-25",10]
["6166B02C","Beef","FG",32000,"1X REGULAR GROUND BEEF ( 2.5 kg/SAC) FR #D","6166B026","",200,2,null,0.95068130321858302,{"$f":"IF($C105=\"RM\",IF(ISNA(VLOOKUP($F$2:$F$409,pos,2,FALSE))=FALSE,VLOOKUP($F105:$F$409,pos,2,FALSE),IF(ISNA(VLOOKUP($F$2:$F$409,lot,2,FALSE))=FALSE,VLOOKUP($F$2:$F$409,lot,2,FALSE),\"MANQUANT\")),\"\")","v":""},"",{"$f":"IF($C105=\"RM\",IF(ISNA(VLOOKUP($F105:$F$402,pos,4,FALSE))=FALSE,VLOOKUP($F$2:$F$402,pos,4,FALSE),\"\"),\"\")","v":""},"",6,"",1200,null,6166,"FR","","","2016-03-04","2016-04-25"]
["6166B02C Total",null,null,null,null,null,{"$f":"SUBTOTAL(9,G95:G105)","v":200},{"$f":"SUBTOTAL(9,H95:H105)","v":200},null,{"$f":"$G106-$H106","v":0},{"$f":"$H106/$G106","v":1},null,null,null,{"$f":"$Q106/$H106","v":9.8968529179577018},null,{"$f":"SUBTOTAL(9,Q95:Q105)","v":1979.3705835915405},{"$f":"SUBTOTAL(9,R95:R105)","v":1200},{"$f":"($R106-$Q106)/$Q106","v":-0.39374667384284523},null,null,null,null,null,null,{"$f":"V99","v":"2016-03-04"}]
["6173B02","Beef","RM",41350,"PORK HOUSE TRIMMINGS FR @P","5484B0735",18.46,null,2,null,{"$f":"IF(ISNA(VLOOKUP($D:$D,rend,2,FALSE))=FALSE,VLOOKUP($D:$D,rend,2,FALSE),\"\")","v":0.92826177504198948},{"$f":"IF($C107=\"RM\",IF(ISNA(VLOOKUP($F$2:$F$409,pos,2,FALSE))=FALSE,VLOOKUP($F107:$F$409,pos,2,FALSE),IF(ISNA(VLOOKUP($F$2:$F$409,lot,2,FALSE))=FALSE,VLOOKUP($F$2:$F$409,lot,2,FALSE),\"MANQUANT\")),\"\")","v":"5484B07G"},{"$f":"IF($C107=\"RM\",IF(ISNA(VLOOKUP($F$2:$F$409,pos,3,FALSE))=FALSE,VLOOKUP($F107:$F499,pos,3,FALSE),\"OP\"),\"\")","v":"OP"},{"$f":"IF($C107=\"RM\",IF(ISNA(VLOOKUP($F107:$F$402,pos,4,FALSE))=FALSE,VLOOKUP($F$2:$F$402,pos,4,FALSE),\"\"),\"\")","v":""},{"$f":"IF($C107=\"RM\",IF(ISNA(VLOOKUP($F$2:$F$409,pos,5,FALSE))=FALSE,VLOOKUP($F$2:$F$409,pos,5,FALSE),IF(ISNA(VLOOKUP($F$2:$F$409,lot,5,FALSE))=FALSE,VLOOKUP($F$2:$F$409,lot,5,FALSE),0)),\"\")","v":6.0334714627477783},{"$f":"IF($H107>0,VLOOKUP($D:$D,prix,15,FALSE),\"\")","v":""},{"$f":"IF($C107=\"RM\",$O107*$G107,\"\")","v":111.377883202324},{"$f":"IF($H107>0,$H107*$P107,\"\")","v":""},null,{"$f":"IF($F107>0,VALUE(LEFT($F107,4)),\"\")","v":5484},{"$f":"IF(F107>0,IF(ISERROR(SEARCH(\"*FZ*\",$E107))=FALSE,\"FZ\",IF(ISERROR(SEARCH(\"*FR*\",$E107))=FALSE,\"FR\",\"Aucun\")),\"\")","v":"FR"},{"$f":"IF($C107=\"RM\",IF($U107=\"FR\",IF(ISNA(VLOOKUP($F:$F,lot,6,FALSE))=TRUE,VLOOKUP($T:$T,date,2,FALSE),VLOOKUP($F:$F,lot,6,FALSE)),\"\"),\"\")","v":"2016-04-12"},{"$f":"IF($C107=\"RM\",IF($U107=\"Fz\",IF(ISNA(VLOOKUP($F:$F,lot,6,FALSE))=TRUE,VLOOKUP($T:$T,date,2,FALSE),VLOOKUP($F:$F,lot,6,FALSE)),\"\"),\"\")","v":""},{"$f":"IF($C107=\"FG\",VLOOKUP($A:$A,op,4,FALSE),\"\")","v":""},"2016-04-25",{"$f":"IF(C107=\"rm\",IF(U107=\"aucun\",\"OK\",IF(U107=\"fz\",IF(Y107-W107>730,Y107-W107,\"OK\"),IF(Y107-V107<1,1,Y107-V107))),\"\")","v":13}]
["6173B02","Beef","RM",41350,"PORK HOUSE TRIMMINGS FR @P","5484B0741",8.98,null,2,null,0.92826177504198948,{"$f":"IF($C108=\"RM\",IF(ISNA(VLOOKUP($F$2:$F$409,pos,2,FALSE))=FALSE,VLOOKUP($F108:$F$409,pos,2,FALSE),IF(ISNA(VLOOKUP($F$2:$F$409,lot,2,FALSE))=FALSE,VLOOKUP($F$2:$F$409,lot,2,FALSE),\"MANQUANT\")),\"\")","v":"5484B07H"},"OP",{"$f":"IF($C108=\"RM\",IF(ISNA(VLOOKUP($F108:$F$402,pos,4,FALSE))=FALSE,VLOOKUP($F$2:$F$402,pos,4,FALSE),\"\"),\"\")","v":""},5.9443453265933197,"",53.380221032808016,null,null,5484,"FR","2016-04-13","","","2016-04-25",12]
["6173B02","Beef","RM",41350,"PORK HOUSE TRIMMINGS FR @P","5484B0780",8.92,null,2,null,0.92826177504198948,{"$f":"IF($C109=\"RM\",IF(ISNA(VLOOKUP($F$2:$F$409,pos,2,FALSE))=FALSE,VLOOKUP($F109:$F$409,pos,2,FALSE),IF(ISNA(VLOOKUP($F$2:$F$409,lot,2,FALSE))=FALSE,VLOOKUP($F$2:$F$409,lot,2,FALSE),\"MANQUANT\")),\"\")","v":"5484B07M"},"OP",{"$f":"IF($C109=\"RM\",IF(ISNA(VLOOKUP($F109:$F$402,pos,4,FALSE))=FALSE,VLOOKUP($F$2:$F$402,pos,4,FALSE),\"\"),\"\")","v":""},5.9146469627641522,"",52.758650907856236,{"$f":"IF($H109>0,$H109*$P109,\"\")","v":""},null,5484,"FR","2016-04-21","","","2016-04-25",4]
["6173B02","Beef","RM",41350,"PORK HOUSE TRIMMINGS FR @P","5484B0787",11.66,null,2,null,0.92826177504198948,{"$f":"IF($C110=\"RM\",IF(ISNA(VLOOKUP($F$2:$F$409,pos,2,FALSE))=FALSE,VLOOKUP($F110:$F$409,pos,2,FALSE),IF(ISNA(VLOOKUP($F$2:$F$409,lot,2,FALSE))=FALSE,VLOOKUP($F$2:$F$409,lot,2,FALSE),\"MANQUANT\")),\"\")","v":"5484B07N"},"OP",{"$f":"IF($C110=\"RM\",IF(ISNA(VLOOKUP($F110:$F$402,pos,4,FALSE))=FALSE,VLOOKUP($F$2:$F$402,pos,4,FALSE),\"\"),\"\")","v":""},6.6893564356435649,"",77.997896039603972,"",null,5484,"FR","2016-04-22","","","2016-04-25",3]
["6173B02","Beef","RM",41350,"PORK HOUSE TRIMMINGS FR @P","5484B0789",40,null,2,null,0.92826177504198948,{"$f":"IF($C111=\"RM\",IF(ISNA(VLOOKUP($F$2:$F$409,pos,2,FALSE))=FALSE,VLOOKUP($F111:$F$409,pos,2,FALSE),IF(ISNA(VLOOKUP($F$2:$F$409,lot,2,FALSE))=FALSE,VLOOKUP($F$2:$F$409,lot,2,FALSE),\"MANQUANT\")),\"\")","v":"5484B07O"},"OP",{"$f":"IF($C111=\"RM\",IF(ISNA(VLOOKUP($F111:$F$402,pos,4,FALSE))=FALSE,VLOOKUP($F$2:$F$402,pos,4,FALSE),\"\"),\"\")","v":""},6.2624197493121372,"",250.49678997248549,null,null,5484,"FR","2016-04-25","","","2016-04-25",1]
["6173B02","Beef","RM",41350,"PORK HOUSE TRIMMINGS FR @P","6094B07123",1.48,null,2,null,0.92826177504198948,{"$f":"IF($C112=\"RM\",IF(ISNA(VLOOKUP($F$2:$F$409,pos,2,FALSE))=FALSE,VLOOKUP($F112:$F$409,pos,2,FALSE),IF(ISNA(VLOOKUP($F$2:$F$409,lot,2,FALSE))=FALSE,VLOOKUP($F$2:$F$409,lot,2,FALSE),\"MANQUANT\")),\"\")","v":"6094B07Q"},"OP",{"$f":"IF($C112=\"RM\",IF(ISNA(VLOOKUP($F112:$F$402,pos,4,FALSE))=FALSE,VLOOKUP($F$2:$F$402,pos,4,FALSE),\"\"),\"\")","v":""},3.3106864443482018,"",4.8998159376353385,{"$f":"IF($H112>0,$H112*$P112,\"\")","v":""},null,6094,"FR","2016-04-08","","","2016-04-25",17]
["6173B02","Beef","RM",41350,"PORK HOUSE TRIMMINGS FR @P","6094B07126",24,null,2,null,0.92826177504198948,{"$f":"IF($C113=\"RM\",IF(ISNA(VLOOKUP($F$2:$F$409,pos,2,FALSE))=FALSE,VLOOKUP($F113:$F$409,pos,2,FALSE),IF(ISNA(VLOOKUP($F$2:$F$409,lot,2,FALSE))=FALSE,VLOOKUP($F$2:$F$409,lot,2,FALSE),\"MANQUANT\")),\"\")","v":"6094B07S"},"OP",{"$f":"IF($C113=\"RM\",IF(ISNA(VLOOKUP($F113:$F$402,pos,4,FALSE))=FALSE,VLOOKUP($F$2:$F$402,pos,4,FALSE),\"\"),\"\")","v":""},4.4466366796156196,"",106.71928031077488,"",null,6094,"FR","2016-04-11","","","2016-04-25",14]
["6173B02","Beef","RM",41350,"PORK HOUSE TRIMMINGS FR @P","6094B07131",19.86,null,2,null,0.92826177504198948,{"$f":"IF($C114=\"RM\",IF(ISNA(VLOOKUP($F$2:$F$409,pos,2,FALSE))=FALSE,VLOOKUP($F114:$F$409,pos,2,FALSE),IF(ISNA(VLOOKUP($F$2:$F$409,lot,2,FALSE))=FALSE,VLOOKUP($F$2:$F$409,lot,2,FALSE),\"MANQUANT\")),\"\")","v":"6094B07T"},"OP",{"$f":"IF($C114=\"RM\",IF(ISNA(VLOOKUP($F114:$F$402,pos,4,FALSE))=FALSE,VLOOKUP($F$2:$F$402,pos,4,FALSE),\"\"),\"\")","v":""},3.1265275707898663,"",62.092837555886746,"",null,6094,"FR","2016-04-12","","","2016-04-25",13]
["6173B02","Beef","RM",41350,"PORK HOUSE TRIMMINGS FR @P","6094B07199",6.56,null,2,null,0.92826177504198948,{"$f":"IF($C115=\"RM\",IF(ISNA(VLOOKUP($F$2:$F$409,pos,2,FALSE))=FALSE,VLOOKUP($F115:$F$409,pos,2,FALSE),IF(ISNA(VLOOKUP($F$2:$F$409,lot,2,FALSE))=FALSE,VLOOKUP($F$2:$F$409,lot,2,FALSE),\"MANQUANT\")),\"\")","v":"6094B07AB"},"OP",{"$f":"IF($C115=\"RM\",IF(ISNA(VLOOKUP($F115:$F$402,pos,4,FALSE))=FALSE,VLOOKUP($F$2:$F$402,pos,4,FALSE),\"\"),\"\")","v":""},4.2211068435754191,"",27.690460893854748,"",null,6094,"FR","2016-04-22","","","2016-04-25",3]
["6173B02","Beef","RM",41350,"PORK HOUSE TRIMMINGS FR @P","6094B07204",37,null,2,null,0.92826177504198948,{"$f":"IF($C116=\"RM\",IF(ISNA(VLOOKUP($F$2:$F$409,pos,2,FALSE))=FALSE,VLOOKUP($F116:$F$409,pos,2,FALSE),IF(ISNA(VLOOKUP($F$2:$F$409,lot,2,FALSE))=FALSE,VLOOKUP($F$2:$F$409,lot,2,FALSE),\"MANQUANT\")),\"\")","v":"6094B07AC"},"OP",{"$f":"IF($C116=\"RM\",IF(ISNA(VLOOKUP($F116:$F$402,pos,4,FALSE))=FALSE,VLOOKUP($F$2:$F$402,pos,4,FALSE),\"\"),\"\")","v":""},4.6381766720578437,"",171.6125368661402,"",null,6094,"FR","2016-04-25","","","2016-04-25",1]
["6173B02","Beef","RM",41350,"PORK HOUSE TRIMMINGS FR @P","6145B0517",11.48,null,2,null,0.92826177504198948,{"$f":"IF($C117=\"RM\",IF(ISNA(VLOOKUP($F$2:$F$409,pos,2,FALSE))=FALSE,VLOOKUP($F117:$F$409,pos,2,FALSE),IF(ISNA(VLOOKUP($F$2:$F$409,lot,2,FALSE))=FALSE,VLOOKUP($F$2:$F$409,lot,2,FALSE),\"MANQUANT\")),\"\")","v":"6145B05E"},"OP",{"$f":"IF($C117=\"RM\",IF(ISNA(VLOOKUP($F117:$F$402,pos,4,FALSE))=FALSE,VLOOKUP($F$2:$F$402,pos,4,FALSE),\"\"),\"\")","v":""},3.2406334229455012,"",37.202471695414353,"",null,6145,"FR","2016-03-31","","","2016-04-25",25]
["6173B02","Beef","RM",41350,"PORK HOUSE TRIMMINGS FR @P","6156B012",11.5,null,2,null,0.92826177504198948,{"$f":"IF($C118=\"RM\",IF(ISNA(VLOOKUP($F$2:$F$409,pos,2,FALSE))=FALSE,VLOOKUP($F118:$F$409,pos,2,FALSE),IF(ISNA(VLOOKUP($F$2:$F$409,lot,2,FALSE))=FALSE,VLOOKUP($F$2:$F$409,lot,2,FALSE),\"MANQUANT\")),\"\")","v":"6156B01"},"OP",{"$f":"IF($C118=\"RM\",IF(ISNA(VLOOKUP($F118:$F$402,pos,4,FALSE))=FALSE,VLOOKUP($F$2:$F$402,pos,4,FALSE),\"\"),\"\")","v":""},3.7918720852764825,"",43.606528980679549,"",null,6156,"FR","2016-04-08","","","2016-04-25",17]
["6173B02","Beef","RM",41350,"PORK HOUSE TRIMMINGS FR @P","6156B024",47,null,2,null,0.92826177504198948,{"$f":"IF($C119=\"RM\",IF(ISNA(VLOOKUP($F$2:$F$409,pos,2,FALSE))=FALSE,VLOOKUP($F119:$F$409,pos,2,FALSE),IF(ISNA(VLOOKUP($F$2:$F$409,lot,2,FALSE))=FALSE,VLOOKUP($F$2:$F$409,lot,2,FALSE),\"MANQUANT\")),\"\")","v":"6156B02"},"OP",{"$f":"IF($C119=\"RM\",IF(ISNA(VLOOKUP($F119:$F$402,pos,4,FALSE))=FALSE,VLOOKUP($F$2:$F$402,pos,4,FALSE),\"\"),\"\")","v":""},2.6293730407523515,"",123.58053291536052,"",null,6156,"FR","2016-04-08","","","2016-04-25",17]
["6173B02","Beef","RM",41350,"PORK HOUSE TRIMMINGS FR @P","6162B034",16.64,null,2,null,0.92826177504198948,{"$f":"IF($C120=\"RM\",IF(ISNA(VLOOKUP($F$2:$F$409,pos,2,FALSE))=FALSE,VLOOKUP($F120:$F$409,pos,2,FALSE),IF(ISNA(VLOOKUP($F$2:$F$409,lot,2,FALSE))=FALSE,VLOOKUP($F$2:$F$409,lot,2,FALSE),\"MANQUANT\")),\"\")","v":"6162B03B"},"OP",{"$f":"IF($C120=\"RM\",IF(ISNA(VLOOKUP($F120:$F$402,pos,4,FALSE))=FALSE,VLOOKUP($F$2:$F$402,pos,4,FALSE),\"\"),\"\")","v":""},2.9659202898550725,"",49.352913623188407,"",null,6162,"FR","2016-04-11","","","2016-04-25",14]
["6173B02","Beef","RM",41350,"PORK HOUSE TRIMMINGS FR @P","6164B022",4.54,null,2,null,0.92826177504198948,{"$f":"IF($C121=\"RM\",IF(ISNA(VLOOKUP($F$2:$F$409,pos,2,FALSE))=FALSE,VLOOKUP($F121:$F$409,pos,2,FALSE),IF(ISNA(VLOOKUP($F$2:$F$409,lot,2,FALSE))=FALSE,VLOOKUP($F$2:$F$409,lot,2,FALSE),\"MANQUANT\")),\"\")","v":"6164B02"},"OP",{"$f":"IF($C121=\"RM\",IF(ISNA(VLOOKUP($F121:$F$402,pos,4,FALSE))=FALSE,VLOOKUP($F$2:$F$402,pos,4,FALSE),\"\"),\"\")","v":""},3.1743363499245856,"",14.411487028657618,"",null,6164,"FR","2016-04-13","","","2016-04-25",12]
["6173B02","Beef","RM",41350,"PORK HOUSE TRIMMINGS FR @P","6173B013",8.5,null,2,null,0.92826177504198948,{"$f":"IF($C122=\"RM\",IF(ISNA(VLOOKUP($F$2:$F$409,pos,2,FALSE))=FALSE,VLOOKUP($F122:$F$409,pos,2,FALSE),IF(ISNA(VLOOKUP($F$2:$F$409,lot,2,FALSE))=FALSE,VLOOKUP($F$2:$F$409,lot,2,FALSE),\"MANQUANT\")),\"\")","v":"6173B01"},"OP",{"$f":"IF($C122=\"RM\",IF(ISNA(VLOOKUP($F122:$F$402,pos,4,FALSE))=FALSE,VLOOKUP($F$2:$F$402,pos,4,FALSE),\"\"),\"\")","v":""},3.1634134397388229,"",26.889014237779996,null,null,6173,"FR","2016-04-19","","","2016-04-25",6]
["6173B02","Beef","RM",41000,"PICNIC BNLS *RAW MATERIAL* boneless FR","6173B02",51,null,2,null,0.96342490797171776,{"$f":"IF($C123=\"RM\",IF(ISNA(VLOOKUP($F$2:$F$409,pos,2,FALSE))=FALSE,VLOOKUP($F123:$F$409,pos,2,FALSE),IF(ISNA(VLOOKUP($F$2:$F$409,lot,2,FALSE))=FALSE,VLOOKUP($F$2:$F$409,lot,2,FALSE),\"MANQUANT\")),\"\")","v":"PO-0021771"},"BRET",{"$f":"IF($C123=\"RM\",IF(ISNA(VLOOKUP($F123:$F$402,pos,4,FALSE))=FALSE,VLOOKUP($F$2:$F$402,pos,4,FALSE),\"\"),\"\")","v":67.13},2.9,"",147.9,{"$f":"IF($H123>0,$H123*$P123,\"\")","v":""},null,6173,"FR","2016-04-19","","","2016-04-25",6]
["6173B02","Beef","RM",41350,"PORK HOUSE TRIMMINGS FR @P","6175B033",25,null,2,null,0.92826177504198948,{"$f":"IF($C124=\"RM\",IF(ISNA(VLOOKUP($F$2:$F$409,pos,2,FALSE))=FALSE,VLOOKUP($F124:$F$409,pos,2,FALSE),IF(ISNA(VLOOKUP($F$2:$F$409,lot,2,FALSE))=FALSE,VLOOKUP($F$2:$F$409,lot,2,FALSE),\"MANQUANT\")),\"\")","v":"6175B03"},"OP",{"$f":"IF($C124=\"RM\",IF(ISNA(VLOOKUP($F124:$F$402,pos,4,FALSE))=FALSE,VLOOKUP($F$2:$F$402,pos,4,FALSE),\"\"),\"\")","v":""},3.1753514906146481,"",79.383787265366195,"",null,6175,"FR","2016-04-21","","","2016-04-25",4]
["6173B02","Beef","FG",41404,"2X GROUND PORK**-LEAN**2X2.5KG ALIM PLUS BOX FZ #D","6173B021","",350,2,null,0.94620056969507382,{"$f":"IF($C125=\"RM\",IF(ISNA(VLOOKUP($F$2:$F$409,pos,2,FALSE))=FALSE,VLOOKUP($F125:$F$409,pos,2,FALSE),IF(ISNA(VLOOKUP($F$2:$F$409,lot,2,FALSE))=FALSE,VLOOKUP($F$2:$F$409,lot,2,FALSE),\"MANQUANT\")),\"\")","v":""},"",{"$f":"IF($C125=\"RM\",IF(ISNA(VLOOKUP($F125:$F$402,pos,4,FALSE))=FALSE,VLOOKUP($F$2:$F$402,pos,4,FALSE),\"\"),\"\")","v":""},"",4.95,"",1732.5,null,6173,"FZ","","","2016-03-31","2016-04-25"]
["6173B02","Beef","FG",41350,"PORK HOUSE TRIMMINGS FR @P","6173B022","",2.5,2,null,0.92826177504198948,{"$f":"IF($C126=\"RM\",IF(ISNA(VLOOKUP($F$2:$F$409,pos,2,FALSE))=FALSE,VLOOKUP($F126:$F$409,pos,2,FALSE),IF(ISNA(VLOOKUP($F$2:$F$409,lot,2,FALSE))=FALSE,VLOOKUP($F$2:$F$409,lot,2,FALSE),\"MANQUANT\")),\"\")","v":""},"",{"$f":"IF($C126=\"RM\",IF(ISNA(VLOOKUP($F126:$F$402,pos,4,FALSE))=FALSE,VLOOKUP($F$2:$F$402,pos,4,FALSE),\"\"),\"\")","v":""},"",5,"",12.5,null,6173,"FR","","","2016-03-31","2016-04-25"]
["6173B02 Total",null,null,null,null,null,{"$f":"SUBTOTAL(9,G107:G126)","v":352.58000000000004},{"$f":"SUBTOTAL(9,H107:H126)","v":352.5},null,{"$f":"$G127-$H127","v":8.0000000000040927E-2},{"$f":"$H127/$G127","v":0.99977310114016671},null,null,null,{"$f":"$Q127/$H127","v":4.0889449885555074},null,{"$f":"SUBTOTAL(9,Q107:Q126)","v":1441.3531084658164},{"$f":"SUBTOTAL(9,R107:R126)","v":1745},{"$f":"($R127-$Q127)/$Q127","v":0.21066794094431651},null,null,null,null,null,null,{"$f":"V117","v":"2016-03-31"}]
["6174B01","Beef","RM",30032,"BONELESS BEEF 65% TRIMMINGS**RM COA REQUIS FZ #D","5472B04",272,null,2,null,{"$f":"IF(ISNA(VLOOKUP($D:$D,rend,2,FALSE))=FALSE,VLOOKUP($D:$D,rend,2,FALSE),\"\")","v":0.94107352677990375},{"$f":"IF($C128=\"RM\",IF(ISNA(VLOOKUP($F$2:$F$409,pos,2,FALSE))=FALSE,VLOOKUP($F128:$F$409,pos,2,FALSE),IF(ISNA(VLOOKUP($F$2:$F$409,lot,2,FALSE))=FALSE,VLOOKUP($F$2:$F$409,lot,2,FALSE),\"MANQUANT\")),\"\")","v":"PO-0021789"},{"$f":"IF($C128=\"RM\",IF(ISNA(VLOOKUP($F$2:$F$409,pos,3,FALSE))=FALSE,VLOOKUP($F128:$F519,pos,3,FALSE),\"OP\"),\"\")","v":"CHIS"},{"$f":"IF($C128=\"RM\",IF(ISNA(VLOOKUP($F128:$F$402,pos,4,FALSE))=FALSE,VLOOKUP($F$2:$F$402,pos,4,FALSE),\"\"),\"\")","v":24171.360000000001},{"$f":"IF($C128=\"RM\",IF(ISNA(VLOOKUP($F$2:$F$409,pos,5,FALSE))=FALSE,VLOOKUP($F$2:$F$409,pos,5,FALSE),IF(ISNA(VLOOKUP($F$2:$F$409,lot,5,FALSE))=FALSE,VLOOKUP($F$2:$F$409,lot,5,FALSE),0)),\"\")","v":3.15},{"$f":"IF($H128>0,VLOOKUP($D:$D,prix,15,FALSE),\"\")","v":""},{"$f":"IF($C128=\"RM\",$O128*$G128,\"\")","v":856.8},{"$f":"IF($H128>0,$H128*$P128,\"\")","v":""},null,{"$f":"IF($F128>0,VALUE(LEFT($F128,4)),\"\")","v":5472},{"$f":"IF(F128>0,IF(ISERROR(SEARCH(\"*FZ*\",$E128))=FALSE,\"FZ\",IF(ISERROR(SEARCH(\"*FR*\",$E128))=FALSE,\"FR\",\"Aucun\")),\"\")","v":"FZ"},{"$f":"IF($C128=\"RM\",IF($U128=\"FR\",IF(ISNA(VLOOKUP($F:$F,lot,6,FALSE))=TRUE,VLOOKUP($T:$T,date,2,FALSE),VLOOKUP($F:$F,lot,6,FALSE)),\"\"),\"\")","v":""},{"$f":"IF($C128=\"RM\",IF($U128=\"Fz\",IF(ISNA(VLOOKUP($F:$F,lot,6,FALSE))=TRUE,VLOOKUP($T:$T,date,2,FALSE),VLOOKUP($F:$F,lot,6,FALSE)),\"\"),\"\")","v":"2015-11-16"},{"$f":"IF($C128=\"FG\",VLOOKUP($A:$A,op,4,FALSE),\"\")","v":""},"2016-04-25",{"$f":"IF(C128=\"rm\",IF(U128=\"aucun\",\"OK\",IF(U128=\"fz\",IF(Y128-W128>730,Y128-W128,\"OK\"),IF(Y128-V128<1,1,Y128-V128))),\"\")","v":"OK"}]
["6174B01","Beef","RM",30010,"BONELESS BEEF *RM*95%* COA REQUIS FZ","6046B04",272,null,2,null,0.93871035709706219,{"$f":"IF($C129=\"RM\",IF(ISNA(VLOOKUP($F$2:$F$409,pos,2,FALSE))=FALSE,VLOOKUP($F129:$F$409,pos,2,FALSE),IF(ISNA(VLOOKUP($F$2:$F$409,lot,2,FALSE))=FALSE,VLOOKUP($F$2:$F$409,lot,2,FALSE),\"MANQUANT\")),\"\")","v":"PO-0021001"},"CHIS",{"$f":"IF($C129=\"RM\",IF(ISNA(VLOOKUP($F129:$F$402,pos,4,FALSE))=FALSE,VLOOKUP($F$2:$F$402,pos,4,FALSE),\"\"),\"\")","v":17965.2},5.86,"",1593.92,"",null,6046,"FZ","","2016-01-22","","2016-04-25","OK"]
["6174B01","Beef","RM",30001,"BNLS BEEF TRIMMINGS 65%**RAW MATERIAL* COA REQUIS FR #D","6172B02",21,null,2,null,0.93871973440613066,{"$f":"IF($C130=\"RM\",IF(ISNA(VLOOKUP($F$2:$F$409,pos,2,FALSE))=FALSE,VLOOKUP($F130:$F$409,pos,2,FALSE),IF(ISNA(VLOOKUP($F$2:$F$409,lot,2,FALSE))=FALSE,VLOOKUP($F$2:$F$409,lot,2,FALSE),\"MANQUANT\")),\"\")","v":"PO-0021748"},"RYDI",{"$f":"IF($C130=\"RM\",IF(ISNA(VLOOKUP($F130:$F$402,pos,4,FALSE))=FALSE,VLOOKUP($F$2:$F$402,pos,4,FALSE),\"\"),\"\")","v":800},4.04,"",84.84,"",null,6172,"FR","2016-04-18","","","2016-04-25",7]
["6174B01","Beef","RM",30019,"BEEF SHOULDER CLODS**RAW MATERIAL***COA REQUIRED FR #D","6174B01",410,null,2,null,0.96334364459795419,{"$f":"IF($C131=\"RM\",IF(ISNA(VLOOKUP($F$2:$F$409,pos,2,FALSE))=FALSE,VLOOKUP($F131:$F$409,pos,2,FALSE),IF(ISNA(VLOOKUP($F$2:$F$409,lot,2,FALSE))=FALSE,VLOOKUP($F$2:$F$409,lot,2,FALSE),\"MANQUANT\")),\"\")","v":"PO-0021749"},"RYDI",{"$f":"IF($C131=\"RM\",IF(ISNA(VLOOKUP($F131:$F$402,pos,4,FALSE))=FALSE,VLOOKUP($F$2:$F$402,pos,4,FALSE),\"\"),\"\")","v":516.5},7.5,"",3075,"",null,6174,"FR","2016-04-20","","","2016-04-25",5]
["6174B01","Beef","FG",11130,"BEEF CHUCK BURGERS  * 24/ caisse**3 BRASSEURS**200 GR FR #D","6174B011","",859.2,2,null,0.96848925938741603,{"$f":"IF($C132=\"RM\",IF(ISNA(VLOOKUP($F$2:$F$409,pos,2,FALSE))=FALSE,VLOOKUP($F132:$F$409,pos,2,FALSE),IF(ISNA(VLOOKUP($F$2:$F$409,lot,2,FALSE))=FALSE,VLOOKUP($F$2:$F$409,lot,2,FALSE),\"MANQUANT\")),\"\")","v":""},"",{"$f":"IF($C132=\"RM\",IF(ISNA(VLOOKUP($F132:$F$402,pos,4,FALSE))=FALSE,VLOOKUP($F$2:$F$402,pos,4,FALSE),\"\"),\"\")","v":""},"",8.75,"",7518,null,6174,"FR","","","2016-04-18","2016-04-25"]
["6174B01","Beef","FG",11161,"BEEF BURGER ANGUS**7 OZ (2 SACS X12, 4.80 KG/CS) GAZ FLUSH (80/20% GRAS) FR #D","6174B012","",96,2,null,0.98132152526338923,{"$f":"IF($C133=\"RM\",IF(ISNA(VLOOKUP($F$2:$F$409,pos,2,FALSE))=FALSE,VLOOKUP($F133:$F$409,pos,2,FALSE),IF(ISNA(VLOOKUP($F$2:$F$409,lot,2,FALSE))=FALSE,VLOOKUP($F$2:$F$409,lot,2,FALSE),\"MANQUANT\")),\"\")","v":""},"",{"$f":"IF($C133=\"RM\",IF(ISNA(VLOOKUP($F133:$F$402,pos,4,FALSE))=FALSE,VLOOKUP($F$2:$F$402,pos,4,FALSE),\"\"),\"\")","v":""},"",8.75,"",840,null,6174,"FR","","","2016-04-18","2016-04-25"]
["6174B01 Total",null,null,null,null,null,{"$f":"SUBTOTAL(9,G128:G133)","v":975},{"$f":"SUBTOTAL(9,H128:H133)","v":955.2},null,{"$f":"$G134-$H134","v":19.799999999999955},{"$f":"$H134/$G134","v":0.97969230769230775},null,null,null,{"$f":"$Q134/$H134","v":5.8737018425460636},null,{"$f":"SUBTOTAL(9,Q128:Q133)","v":5610.56},{"$f":"SUBTOTAL(9,R128:R133)","v":8358},{"$f":"($R134-$Q134)/$Q134","v":0.48969086864769279},null,null,null,null,null,null,{"$f":"V130","v":"2016-04-18"}]
["6174B01B","Beef","RM",30019,"BEEF SHOULDER CLODS**RAW MATERIAL***COA REQUIRED FR #D","6174B01",10,null,2,null,{"$f":"IF(ISNA(VLOOKUP($D:$D,rend,2,FALSE))=FALSE,VLOOKUP($D:$D,rend,2,FALSE),\"\")","v":0.96334364459795419},{"$f":"IF($C135=\"RM\",IF(ISNA(VLOOKUP($F$2:$F$409,pos,2,FALSE))=FALSE,VLOOKUP($F135:$F$409,pos,2,FALSE),IF(ISNA(VLOOKUP($F$2:$F$409,lot,2,FALSE))=FALSE,VLOOKUP($F$2:$F$409,lot,2,FALSE),\"MANQUANT\")),\"\")","v":"PO-0021749"},{"$f":"IF($C135=\"RM\",IF(ISNA(VLOOKUP($F$2:$F$409,pos,3,FALSE))=FALSE,VLOOKUP($F135:$F525,pos,3,FALSE),\"OP\"),\"\")","v":"RYDI"},{"$f":"IF($C135=\"RM\",IF(ISNA(VLOOKUP($F135:$F$402,pos,4,FALSE))=FALSE,VLOOKUP($F$2:$F$402,pos,4,FALSE),\"\"),\"\")","v":516.5},{"$f":"IF($C135=\"RM\",IF(ISNA(VLOOKUP($F$2:$F$409,pos,5,FALSE))=FALSE,VLOOKUP($F$2:$F$409,pos,5,FALSE),IF(ISNA(VLOOKUP($F$2:$F$409,lot,5,FALSE))=FALSE,VLOOKUP($F$2:$F$409,lot,5,FALSE),0)),\"\")","v":7.5},{"$f":"IF($H135>0,VLOOKUP($D:$D,prix,15,FALSE),\"\")","v":""},{"$f":"IF($C135=\"RM\",$O135*$G135,\"\")","v":75},{"$f":"IF($H135>0,$H135*$P135,\"\")","v":""},null,{"$f":"IF($F135>0,VALUE(LEFT($F135,4)),\"\")","v":6174},{"$f":"IF(F135>0,IF(ISERROR(SEARCH(\"*FZ*\",$E135))=FALSE,\"FZ\",IF(ISERROR(SEARCH(\"*FR*\",$E135))=FALSE,\"FR\",\"Aucun\")),\"\")","v":"FR"},{"$f":"IF($C135=\"RM\",IF($U135=\"FR\",IF(ISNA(VLOOKUP($F:$F,lot,6,FALSE))=TRUE,VLOOKUP($T:$T,date,2,FALSE),VLOOKUP($F:$F,lot,6,FALSE)),\"\"),\"\")","v":"2016-04-20"},{"$f":"IF($C135=\"RM\",IF($U135=\"Fz\",IF(ISNA(VLOOKUP($F:$F,lot,6,FALSE))=TRUE,VLOOKUP($T:$T,date,2,FALSE),VLOOKUP($F:$F,lot,6,FALSE)),\"\"),\"\")","v":""},{"$f":"IF($C135=\"FG\",VLOOKUP($A:$A,op,4,FALSE),\"\")","v":""},"2016-04-25",{"$f":"IF(C135=\"rm\",IF(U135=\"aucun\",\"OK\",IF(U135=\"fz\",IF(Y135-W135>730,Y135-W135,\"OK\"),IF(Y135-V135<1,1,Y135-V135))),\"\")","v":5}]
["6174B01B","Beef","FG",32048,"STEAK HACHE SPECIAL MIX (2X2.5KG) GAZ FLUSH FR","6174B013","",10,2,null,{"$f":"IF(ISNA(VLOOKUP($D:$D,rend,2,FALSE))=FALSE,VLOOKUP($D:$D,rend,2,FALSE),\"\")","v":0.97974131711715606},{"$f":"IF($C136=\"RM\",IF(ISNA(VLOOKUP($F$2:$F$409,pos,2,FALSE))=FALSE,VLOOKUP($F136:$F$409,pos,2,FALSE),IF(ISNA(VLOOKUP($F$2:$F$409,lot,2,FALSE))=FALSE,VLOOKUP($F$2:$F$409,lot,2,FALSE),\"MANQUANT\")),\"\")","v":""},{"$f":"IF($C136=\"RM\",IF(ISNA(VLOOKUP($F$2:$F$409,pos,3,FALSE))=FALSE,VLOOKUP($F136:$F526,pos,3,FALSE),\"OP\"),\"\")","v":""},{"$f":"IF($C136=\"RM\",IF(ISNA(VLOOKUP($F136:$F$402,pos,4,FALSE))=FALSE,VLOOKUP($F$2:$F$402,pos,4,FALSE),\"\"),\"\")","v":""},{"$f":"IF($C136=\"RM\",IF(ISNA(VLOOKUP($F$2:$F$409,pos,5,FALSE))=FALSE,VLOOKUP($F$2:$F$409,pos,5,FALSE),IF(ISNA(VLOOKUP($F$2:$F$409,lot,5,FALSE))=FALSE,VLOOKUP($F$2:$F$409,lot,5,FALSE),0)),\"\")","v":""},{"$f":"IF($H136>0,VLOOKUP($D:$D,prix,15,FALSE),\"\")","v":8.75},{"$f":"IF($C136=\"RM\",$O136*$G136,\"\")","v":""},87.5,null,{"$f":"IF($F136>0,VALUE(LEFT($F136,4)),\"\")","v":6174},{"$f":"IF(F136>0,IF(ISERROR(SEARCH(\"*FZ*\",$E136))=FALSE,\"FZ\",IF(ISERROR(SEARCH(\"*FR*\",$E136))=FALSE,\"FR\",\"Aucun\")),\"\")","v":"FR"},{"$f":"IF($C136=\"RM\",IF($U136=\"FR\",IF(ISNA(VLOOKUP($F:$F,lot,6,FALSE))=TRUE,VLOOKUP($T:$T,date,2,FALSE),VLOOKUP($F:$F,lot,6,FALSE)),\"\"),\"\")","v":""},{"$f":"IF($C136=\"RM\",IF($U136=\"Fz\",IF(ISNA(VLOOKUP($F:$F,lot,6,FALSE))=TRUE,VLOOKUP($T:$T,date,2,FALSE),VLOOKUP($F:$F,lot,6,FALSE)),\"\"),\"\")","v":""},{"$f":"IF($C136=\"FG\",VLOOKUP($A:$A,op,4,FALSE),\"\")","v":"2016-04-20"},"2016-04-25"]
["6174B01B Total",null,null,null,null,null,{"$f":"SUBTOTAL(9,G135:G136)","v":10},{"$f":"SUBTOTAL(9,H135:H136)","v":10},null,{"$f":"$G137-$H137","v":0},{"$f":"$H137/$G137","v":1},null,null,null,{"$f":"$Q137/$H137","v":7.5},null,{"$f":"SUBTOTAL(9,Q135:Q136)","v":75},{"$f":"SUBTOTAL(9,R135:R136)","v":87.5},{"$f":"($R137-$Q137)/$Q137","v":0.16666666666666666},null,null,null,null,null,null,{"$f":"V135","v":"2016-04-20"}]
["6174B01C","Beef","RM",1,"ING EAU","5166AS",35.74,null,2,null,{"$f":"IF(ISNA(VLOOKUP($D:$D,rend,2,FALSE))=FALSE,VLOOKUP($D:$D,rend,2,FALSE),\"\")","v":""},{"$f":"IF($C138=\"RM\",IF(ISNA(VLOOKUP($F$2:$F$409,pos,2,FALSE))=FALSE,VLOOKUP($F138:$F$409,pos,2,FALSE),IF(ISNA(VLOOKUP($F$2:$F$409,lot,2,FALSE))=FALSE,VLOOKUP($F$2:$F$409,lot,2,FALSE),\"MANQUANT\")),\"\")","v":"Aucun"},{"$f":"IF($C138=\"RM\",IF(ISNA(VLOOKUP($F$2:$F$409,pos,3,FALSE))=FALSE,VLOOKUP($F138:$F527,pos,3,FALSE),\"OP\"),\"\")","v":"Aucun"},{"$f":"IF($C138=\"RM\",IF(ISNA(VLOOKUP($F138:$F$402,pos,4,FALSE))=FALSE,VLOOKUP($F$2:$F$402,pos,4,FALSE),\"\"),\"\")","v":0},{"$f":"IF($C138=\"RM\",IF(ISNA(VLOOKUP($F$2:$F$409,pos,5,FALSE))=FALSE,VLOOKUP($F$2:$F$409,pos,5,FALSE),IF(ISNA(VLOOKUP($F$2:$F$409,lot,5,FALSE))=FALSE,VLOOKUP($F$2:$F$409,lot,5,FALSE),0)),\"\")","v":0},{"$f":"IF($H138>0,VLOOKUP($D:$D,prix,15,FALSE),\"\")","v":""},{"$f":"IF($C138=\"RM\",$O138*$G138,\"\")","v":0},{"$f":"IF($H138>0,$H138*$P138,\"\")","v":""},null,{"$f":"IF($F138>0,VALUE(LEFT($F138,4)),\"\")","v":5166},{"$f":"IF(F138>0,IF(ISERROR(SEARCH(\"*FZ*\",$E138))=FALSE,\"FZ\",IF(ISERROR(SEARCH(\"*FR*\",$E138))=FALSE,\"FR\",\"Aucun\")),\"\")","v":"Aucun"},{"$f":"IF($C138=\"RM\",IF($U138=\"FR\",IF(ISNA(VLOOKUP($F:$F,lot,6,FALSE))=TRUE,VLOOKUP($T:$T,date,2,FALSE),VLOOKUP($F:$F,lot,6,FALSE)),\"\"),\"\")","v":""},{"$f":"IF($C138=\"RM\",IF($U138=\"Fz\",IF(ISNA(VLOOKUP($F:$F,lot,6,FALSE))=TRUE,VLOOKUP($T:$T,date,2,FALSE),VLOOKUP($F:$F,lot,6,FALSE)),\"\"),\"\")","v":""},{"$f":"IF($C138=\"FG\",VLOOKUP($A:$A,op,4,FALSE),\"\")","v":""},"2016-04-25",{"$f":"IF(C138=\"rm\",IF(U138=\"aucun\",\"OK\",IF(U138=\"fz\",IF(Y138-W138>730,Y138-W138,\"OK\"),IF(Y138-V138<1,1,Y138-V138))),\"\")","v":"OK"}]
["6174B01C","Beef","RM",30032,"BONELESS BEEF 65% TRIMMINGS**RM COA REQUIS FZ #D","5472B04",243.82,null,2,null,0.94107352677990375,{"$f":"IF($C139=\"RM\",IF(ISNA(VLOOKUP($F$2:$F$409,pos,2,FALSE))=FALSE,VLOOKUP($F139:$F$409,pos,2,FALSE),IF(ISNA(VLOOKUP($F$2:$F$409,lot,2,FALSE))=FALSE,VLOOKUP($F$2:$F$409,lot,2,FALSE),\"MANQUANT\")),\"\")","v":"PO-0021789"},{"$f":"IF($C139=\"RM\",IF(ISNA(VLOOKUP($F$2:$F$409,pos,3,FALSE))=FALSE,VLOOKUP($F139:$F528,pos,3,FALSE),\"OP\"),\"\")","v":"CHIS"},{"$f":"IF($C139=\"RM\",IF(ISNA(VLOOKUP($F139:$F$402,pos,4,FALSE))=FALSE,VLOOKUP($F$2:$F$402,pos,4,FALSE),\"\"),\"\")","v":24171.360000000001},3.15,"",768.0329999999999,"",null,5472,"FZ","","2015-11-16","","2016-04-25","OK"]
["6174B01C","Beef","RM",9,"GLACE CONCASSEE","6046AS01",35.74,null,2,null,"",{"$f":"IF($C140=\"RM\",IF(ISNA(VLOOKUP($F$2:$F$409,pos,2,FALSE))=FALSE,VLOOKUP($F140:$F$409,pos,2,FALSE),IF(ISNA(VLOOKUP($F$2:$F$409,lot,2,FALSE))=FALSE,VLOOKUP($F$2:$F$409,lot,2,FALSE),\"MANQUANT\")),\"\")","v":"PO-0021148"},{"$f":"IF($C140=\"RM\",IF(ISNA(VLOOKUP($F$2:$F$409,pos,3,FALSE))=FALSE,VLOOKUP($F140:$F529,pos,3,FALSE),\"OP\"),\"\")","v":"GLACIER"},{"$f":"IF($C140=\"RM\",IF(ISNA(VLOOKUP($F140:$F$402,pos,4,FALSE))=FALSE,VLOOKUP($F$2:$F$402,pos,4,FALSE),\"\"),\"\")","v":1000},0.42499999999999999,"",15.189500000000001,"",null,6046,"Aucun","","","","2016-04-25","OK"]
["6174B01C","Beef","RM",8,"Assaisonnement H4259","5504AS02",17.87,null,2,null,"",{"$f":"IF($C141=\"RM\",IF(ISNA(VLOOKUP($F$2:$F$409,pos,2,FALSE))=FALSE,VLOOKUP($F141:$F$409,pos,2,FALSE),IF(ISNA(VLOOKUP($F$2:$F$409,lot,2,FALSE))=FALSE,VLOOKUP($F$2:$F$409,lot,2,FALSE),\"MANQUANT\")),\"\")","v":"PO-0020864"},{"$f":"IF($C141=\"RM\",IF(ISNA(VLOOKUP($F$2:$F$409,pos,3,FALSE))=FALSE,VLOOKUP($F141:$F530,pos,3,FALSE),\"OP\"),\"\")","v":"FIRS"},{"$f":"IF($C141=\"RM\",IF(ISNA(VLOOKUP($F141:$F$402,pos,4,FALSE))=FALSE,VLOOKUP($F$2:$F$402,pos,4,FALSE),\"\"),\"\")","v":300},5.0599999999999996,"",90.422200000000004,"",null,5504,"Aucun","","","","2016-04-25","OK"]
["6174B01C","Beef","RM",30010,"BONELESS BEEF *RM*95%* COA REQUIS FZ","6046B04",162.55000000000001,null,2,null,0.93871035709706219,{"$f":"IF($C142=\"RM\",IF(ISNA(VLOOKUP($F$2:$F$409,pos,2,FALSE))=FALSE,VLOOKUP($F142:$F$409,pos,2,FALSE),IF(ISNA(VLOOKUP($F$2:$F$409,lot,2,FALSE))=FALSE,VLOOKUP($F$2:$F$409,lot,2,FALSE),\"MANQUANT\")),\"\")","v":"PO-0021001"},{"$f":"IF($C142=\"RM\",IF(ISNA(VLOOKUP($F$2:$F$409,pos,3,FALSE))=FALSE,VLOOKUP($F142:$F530,pos,3,FALSE),\"OP\"),\"\")","v":"CHIS"},{"$f":"IF($C142=\"RM\",IF(ISNA(VLOOKUP($F142:$F$402,pos,4,FALSE))=FALSE,VLOOKUP($F$2:$F$402,pos,4,FALSE),\"\"),\"\")","v":17965.2},5.86,"",952.54300000000012,"",null,6046,"FZ","","2016-01-22","","2016-04-25","OK"]
["6174B01C","Beef","RM",30028,"BONELESS **90 % BEEF (RM )**COA REQUIRED FR #D","6166B02",99,null,2,null,0.94068809869144898,{"$f":"IF($C143=\"RM\",IF(ISNA(VLOOKUP($F$2:$F$409,pos,2,FALSE))=FALSE,VLOOKUP($F143:$F$409,pos,2,FALSE),IF(ISNA(VLOOKUP($F$2:$F$409,lot,2,FALSE))=FALSE,VLOOKUP($F$2:$F$409,lot,2,FALSE),\"MANQUANT\")),\"\")","v":"PO-0021748"},"RYDI",{"$f":"IF($C143=\"RM\",IF(ISNA(VLOOKUP($F143:$F$402,pos,4,FALSE))=FALSE,VLOOKUP($F$2:$F$402,pos,4,FALSE),\"\"),\"\")","v":1731},6.68,"",661.31999999999994,"",null,6166,"FR","2016-04-15","","","2016-04-25",10]
["6174B01C","Beef","RM",30019,"BEEF SHOULDER CLODS**RAW MATERIAL***COA REQUIRED FR #D","6174B01",95,null,2,null,0.96334364459795419,{"$f":"IF($C144=\"RM\",IF(ISNA(VLOOKUP($F$2:$F$409,pos,2,FALSE))=FALSE,VLOOKUP($F144:$F$409,pos,2,FALSE),IF(ISNA(VLOOKUP($F$2:$F$409,lot,2,FALSE))=FALSE,VLOOKUP($F$2:$F$409,lot,2,FALSE),\"MANQUANT\")),\"\")","v":"PO-0021749"},"RYDI",{"$f":"IF($C144=\"RM\",IF(ISNA(VLOOKUP($F144:$F$402,pos,4,FALSE))=FALSE,VLOOKUP($F$2:$F$402,pos,4,FALSE),\"\"),\"\")","v":516.5},7.5,"",712.5,"",null,6174,"FR","2016-04-20","","","2016-04-25",5]
["6174B01C","Beef","FG",11173,"BEEF BURGER A+ SEASONED 3 OZ *DIAM 5PO**48/CS**4.08KG/CS FZ #D","6174B014","",130.56,2,null,0.95239902970514034,{"$f":"IF($C145=\"RM\",IF(ISNA(VLOOKUP($F$2:$F$409,pos,2,FALSE))=FALSE,VLOOKUP($F145:$F$409,pos,2,FALSE),IF(ISNA(VLOOKUP($F$2:$F$409,lot,2,FALSE))=FALSE,VLOOKUP($F$2:$F$409,lot,2,FALSE),\"MANQUANT\")),\"\")","v":""},"",{"$f":"IF($C145=\"RM\",IF(ISNA(VLOOKUP($F145:$F$402,pos,4,FALSE))=FALSE,VLOOKUP($F$2:$F$402,pos,4,FALSE),\"\"),\"\")","v":""},"",7.2499999999999991,"",946.56,null,6174,"FZ","","","2016-04-15","2016-04-25"]
["6174B01C","Beef","FG",11176,"BEEF BURGER A+ SEASONED 6 OZ**30/CS**5.10KG/CS FZ #D","6174B015","",96.9,2,null,0.95295542405107936,{"$f":"IF($C146=\"RM\",IF(ISNA(VLOOKUP($F$2:$F$409,pos,2,FALSE))=FALSE,VLOOKUP($F146:$F$409,pos,2,FALSE),IF(ISNA(VLOOKUP($F$2:$F$409,lot,2,FALSE))=FALSE,VLOOKUP($F$2:$F$409,lot,2,FALSE),\"MANQUANT\")),\"\")","v":""},"",{"$f":"IF($C146=\"RM\",IF(ISNA(VLOOKUP($F146:$F$402,pos,4,FALSE))=FALSE,VLOOKUP($F$2:$F$402,pos,4,FALSE),\"\"),\"\")","v":""},"",7.2509803921568627,"",702.62,null,6174,"FZ","","","2016-04-15","2016-04-25"]
["6174B01C","Beef","FG",11174,"BEEF BURGER A+ SEASONED 4 OZ**36/CS**4.08KG/CS FZ #D","6174B016","",452.88,2,null,0.96347050416992608,{"$f":"IF($C147=\"RM\",IF(ISNA(VLOOKUP($F$2:$F$409,pos,2,FALSE))=FALSE,VLOOKUP($F147:$F$409,pos,2,FALSE),IF(ISNA(VLOOKUP($F$2:$F$409,lot,2,FALSE))=FALSE,VLOOKUP($F$2:$F$409,lot,2,FALSE),\"MANQUANT\")),\"\")","v":""},"",{"$f":"IF($C147=\"RM\",IF(ISNA(VLOOKUP($F147:$F$402,pos,4,FALSE))=FALSE,VLOOKUP($F$2:$F$402,pos,4,FALSE),\"\"),\"\")","v":""},"",7.2499999999999991,"",3283.3799999999997,null,6174,"FZ","","","2016-04-15","2016-04-25"]
["6174B01C","Beef","FG",31502,"BEEF BURGER A+ ASSAISONNEE *IN PROCESS* CODE:11173 A 11178 FR","6174B017","",3.8,2,null,0.88585013483230202,{"$f":"IF($C148=\"RM\",IF(ISNA(VLOOKUP($F$2:$F$409,pos,2,FALSE))=FALSE,VLOOKUP($F148:$F$409,pos,2,FALSE),IF(ISNA(VLOOKUP($F$2:$F$409,lot,2,FALSE))=FALSE,VLOOKUP($F$2:$F$409,lot,2,FALSE),\"MANQUANT\")),\"\")","v":""},"",{"$f":"IF($C148=\"RM\",IF(ISNA(VLOOKUP($F148:$F$402,pos,4,FALSE))=FALSE,VLOOKUP($F$2:$F$402,pos,4,FALSE),\"\"),\"\")","v":""},"",7.25,"",27.549999999999997,null,6174,"FR","","","2016-04-15","2016-04-25"]
["6174B01C Total",null,null,null,null,null,{"$f":"SUBTOTAL(9,G138:G148)","v":689.72},{"$f":"SUBTOTAL(9,H138:H148)","v":684.14},null,{"$f":"$G149-$H149","v":5.5800000000000409},{"$f":"$H149/$G149","v":0.99190976048251456},null,null,null,{"$f":"$Q149/$H149","v":4.6774164644663374},null,{"$f":"SUBTOTAL(9,Q138:Q148)","v":3200.0077000000001},{"$f":"SUBTOTAL(9,R138:R148)","v":4960.1099999999997},{"$f":"($R149-$Q149)/$Q149","v":0.55003064523875977},null,null,null,null,null,null,{"$f":"V143","v":"2016-04-15"}]
["6175B03","Beef","RM",41001,"PORK SHOULDER MONTREAL FR","6175B03",117.38,null,1,null,{"$f":"IF(ISNA(VLOOKUP($D:$D,rend,2,FALSE))=FALSE,VLOOKUP($D:$D,rend,2,FALSE),\"\")","v":0.86290063129260264},{"$f":"IF($C150=\"RM\",IF(ISNA(VLOOKUP($F$2:$F$409,pos,2,FALSE))=FALSE,VLOOKUP($F150:$F$409,pos,2,FALSE),IF(ISNA(VLOOKUP($F$2:$F$409,lot,2,FALSE))=FALSE,VLOOKUP($F$2:$F$409,lot,2,FALSE),\"MANQUANT\")),\"\")","v":"PO-0021793"},{"$f":"IF($C150=\"RM\",IF(ISNA(VLOOKUP($F$2:$F$409,pos,3,FALSE))=FALSE,VLOOKUP($F150:$F537,pos,3,FALSE),\"OP\"),\"\")","v":"DECA"},{"$f":"IF($C150=\"RM\",IF(ISNA(VLOOKUP($F150:$F$402,pos,4,FALSE))=FALSE,VLOOKUP($F$2:$F$402,pos,4,FALSE),\"\"),\"\")","v":117.38},{"$f":"IF($C150=\"RM\",IF(ISNA(VLOOKUP($F$2:$F$409,pos,5,FALSE))=FALSE,VLOOKUP($F$2:$F$409,pos,5,FALSE),IF(ISNA(VLOOKUP($F$2:$F$409,lot,5,FALSE))=FALSE,VLOOKUP($F$2:$F$409,lot,5,FALSE),0)),\"\")","v":2.94},{"$f":"IF($H150>0,VLOOKUP($D:$D,prix,15,FALSE),\"\")","v":""},{"$f":"IF($C150=\"RM\",$O150*$G150,\"\")","v":345.09719999999999},{"$f":"IF($H150>0,$H150*$P150,\"\")","v":""},null,{"$f":"IF($F150>0,VALUE(LEFT($F150,4)),\"\")","v":6175},{"$f":"IF(F150>0,IF(ISERROR(SEARCH(\"*FZ*\",$E150))=FALSE,\"FZ\",IF(ISERROR(SEARCH(\"*FR*\",$E150))=FALSE,\"FR\",\"Aucun\")),\"\")","v":"FR"},{"$f":"IF($C150=\"RM\",IF($U150=\"FR\",IF(ISNA(VLOOKUP($F:$F,lot,6,FALSE))=TRUE,VLOOKUP($T:$T,date,2,FALSE),VLOOKUP($F:$F,lot,6,FALSE)),\"\"),\"\")","v":"2016-04-21"},{"$f":"IF($C150=\"RM\",IF($U150=\"Fz\",IF(ISNA(VLOOKUP($F:$F,lot,6,FALSE))=TRUE,VLOOKUP($T:$T,date,2,FALSE),VLOOKUP($F:$F,lot,6,FALSE)),\"\"),\"\")","v":""},{"$f":"IF($C150=\"FG\",VLOOKUP($A:$A,op,4,FALSE),\"\")","v":""},"2016-04-25",{"$f":"IF(C150=\"rm\",IF(U150=\"aucun\",\"OK\",IF(U150=\"fz\",IF(Y150-W150>730,Y150-W150,\"OK\"),IF(Y150-V150<1,1,Y150-V150))),\"\")","v":4}]
["6175B03","Beef","FG",41202,"ROAST PORK FZ #D","6175B031","",78.680000000000007,1,null,{"$f":"IF(ISNA(VLOOKUP($D:$D,rend,2,FALSE))=FALSE,VLOOKUP($D:$D,rend,2,FALSE),\"\")","v":0.8318933882794417},{"$f":"IF($C151=\"RM\",IF(ISNA(VLOOKUP($F$2:$F$409,pos,2,FALSE))=FALSE,VLOOKUP($F151:$F$409,pos,2,FALSE),IF(ISNA(VLOOKUP($F$2:$F$409,lot,2,FALSE))=FALSE,VLOOKUP($F$2:$F$409,lot,2,FALSE),\"MANQUANT\")),\"\")","v":""},{"$f":"IF($C151=\"RM\",IF(ISNA(VLOOKUP($F$2:$F$409,pos,3,FALSE))=FALSE,VLOOKUP($F151:$F538,pos,3,FALSE),\"OP\"),\"\")","v":""},{"$f":"IF($C151=\"RM\",IF(ISNA(VLOOKUP($F151:$F$402,pos,4,FALSE))=FALSE,VLOOKUP($F$2:$F$402,pos,4,FALSE),\"\"),\"\")","v":""},{"$f":"IF($C151=\"RM\",IF(ISNA(VLOOKUP($F$2:$F$409,pos,5,FALSE))=FALSE,VLOOKUP($F$2:$F$409,pos,5,FALSE),IF(ISNA(VLOOKUP($F$2:$F$409,lot,5,FALSE))=FALSE,VLOOKUP($F$2:$F$409,lot,5,FALSE),0)),\"\")","v":""},{"$f":"IF($H151>0,VLOOKUP($D:$D,prix,15,FALSE),\"\")","v":6.5},{"$f":"IF($C151=\"RM\",$O151*$G151,\"\")","v":""},511.42000000000007,null,{"$f":"IF($F151>0,VALUE(LEFT($F151,4)),\"\")","v":6175},{"$f":"IF(F151>0,IF(ISERROR(SEARCH(\"*FZ*\",$E151))=FALSE,\"FZ\",IF(ISERROR(SEARCH(\"*FR*\",$E151))=FALSE,\"FR\",\"Aucun\")),\"\")","v":"FZ"},{"$f":"IF($C151=\"RM\",IF($U151=\"FR\",IF(ISNA(VLOOKUP($F:$F,lot,6,FALSE))=TRUE,VLOOKUP($T:$T,date,2,FALSE),VLOOKUP($F:$F,lot,6,FALSE)),\"\"),\"\")","v":""},{"$f":"IF($C151=\"RM\",IF($U151=\"Fz\",IF(ISNA(VLOOKUP($F:$F,lot,6,FALSE))=TRUE,VLOOKUP($T:$T,date,2,FALSE),VLOOKUP($F:$F,lot,6,FALSE)),\"\"),\"\")","v":""},{"$f":"IF($C151=\"FG\",VLOOKUP($A:$A,op,4,FALSE),\"\")","v":"2016-04-21"},"2016-04-25"]
["6175B03","Beef","FG",41500,"CRETONS *MAISON***GROUND PORK FR @P","6175B032","",5,1,null,{"$f":"IF(ISNA(VLOOKUP($D:$D,rend,2,FALSE))=FALSE,VLOOKUP($D:$D,rend,2,FALSE),\"\")","v":0.9241627471066034},{"$f":"IF($C152=\"RM\",IF(ISNA(VLOOKUP($F$2:$F$409,pos,2,FALSE))=FALSE,VLOOKUP($F152:$F$409,pos,2,FALSE),IF(ISNA(VLOOKUP($F$2:$F$409,lot,2,FALSE))=FALSE,VLOOKUP($F$2:$F$409,lot,2,FALSE),\"MANQUANT\")),\"\")","v":""},{"$f":"IF($C152=\"RM\",IF(ISNA(VLOOKUP($F$2:$F$409,pos,3,FALSE))=FALSE,VLOOKUP($F152:$F539,pos,3,FALSE),\"OP\"),\"\")","v":""},{"$f":"IF($C152=\"RM\",IF(ISNA(VLOOKUP($F152:$F$402,pos,4,FALSE))=FALSE,VLOOKUP($F$2:$F$402,pos,4,FALSE),\"\"),\"\")","v":""},{"$f":"IF($C152=\"RM\",IF(ISNA(VLOOKUP($F$2:$F$409,pos,5,FALSE))=FALSE,VLOOKUP($F$2:$F$409,pos,5,FALSE),IF(ISNA(VLOOKUP($F$2:$F$409,lot,5,FALSE))=FALSE,VLOOKUP($F$2:$F$409,lot,5,FALSE),0)),\"\")","v":""},{"$f":"IF($H152>0,VLOOKUP($D:$D,prix,15,FALSE),\"\")","v":4},{"$f":"IF($C152=\"RM\",$O152*$G152,\"\")","v":""},20,null,{"$f":"IF($F152>0,VALUE(LEFT($F152,4)),\"\")","v":6175},{"$f":"IF(F152>0,IF(ISERROR(SEARCH(\"*FZ*\",$E152))=FALSE,\"FZ\",IF(ISERROR(SEARCH(\"*FR*\",$E152))=FALSE,\"FR\",\"Aucun\")),\"\")","v":"FR"},{"$f":"IF($C152=\"RM\",IF($U152=\"FR\",IF(ISNA(VLOOKUP($F:$F,lot,6,FALSE))=TRUE,VLOOKUP($T:$T,date,2,FALSE),VLOOKUP($F:$F,lot,6,FALSE)),\"\"),\"\")","v":""},{"$f":"IF($C152=\"RM\",IF($U152=\"Fz\",IF(ISNA(VLOOKUP($F:$F,lot,6,FALSE))=TRUE,VLOOKUP($T:$T,date,2,FALSE),VLOOKUP($F:$F,lot,6,FALSE)),\"\"),\"\")","v":""},{"$f":"IF($C152=\"FG\",VLOOKUP($A:$A,op,4,FALSE),\"\")","v":"2016-04-21"},"2016-04-25"]
["6175B03","Beef","FG",41350,"PORK HOUSE TRIMMINGS FR @P","6175B033","",25,1,null,{"$f":"IF(ISNA(VLOOKUP($D:$D,rend,2,FALSE))=FALSE,VLOOKUP($D:$D,rend,2,FALSE),\"\")","v":0.92826177504198948},{"$f":"IF($C153=\"RM\",IF(ISNA(VLOOKUP($F$2:$F$409,pos,2,FALSE))=FALSE,VLOOKUP($F153:$F$409,pos,2,FALSE),IF(ISNA(VLOOKUP($F$2:$F$409,lot,2,FALSE))=FALSE,VLOOKUP($F$2:$F$409,lot,2,FALSE),\"MANQUANT\")),\"\")","v":""},{"$f":"IF($C153=\"RM\",IF(ISNA(VLOOKUP($F$2:$F$409,pos,3,FALSE))=FALSE,VLOOKUP($F153:$F540,pos,3,FALSE),\"OP\"),\"\")","v":""},{"$f":"IF($C153=\"RM\",IF(ISNA(VLOOKUP($F153:$F$402,pos,4,FALSE))=FALSE,VLOOKUP($F$2:$F$402,pos,4,FALSE),\"\"),\"\")","v":""},{"$f":"IF($C153=\"RM\",IF(ISNA(VLOOKUP($F$2:$F$409,pos,5,FALSE))=FALSE,VLOOKUP($F$2:$F$409,pos,5,FALSE),IF(ISNA(VLOOKUP($F$2:$F$409,lot,5,FALSE))=FALSE,VLOOKUP($F$2:$F$409,lot,5,FALSE),0)),\"\")","v":""},{"$f":"IF($H153>0,VLOOKUP($D:$D,prix,15,FALSE),\"\")","v":5},{"$f":"IF($C153=\"RM\",$O153*$G153,\"\")","v":""},125,null,{"$f":"IF($F153>0,VALUE(LEFT($F153,4)),\"\")","v":6175},{"$f":"IF(F153>0,IF(ISERROR(SEARCH(\"*FZ*\",$E153))=FALSE,\"FZ\",IF(ISERROR(SEARCH(\"*FR*\",$E153))=FALSE,\"FR\",\"Aucun\")),\"\")","v":"FR"},{"$f":"IF($C153=\"RM\",IF($U153=\"FR\",IF(ISNA(VLOOKUP($F:$F,lot,6,FALSE))=TRUE,VLOOKUP($T:$T,date,2,FALSE),VLOOKUP($F:$F,lot,6,FALSE)),\"\"),\"\")","v":""},{"$f":"IF($C153=\"RM\",IF($U153=\"Fz\",IF(ISNA(VLOOKUP($F:$F,lot,6,FALSE))=TRUE,VLOOKUP($T:$T,date,2,FALSE),VLOOKUP($F:$F,lot,6,FALSE)),\"\"),\"\")","v":""},{"$f":"IF($C153=\"FG\",VLOOKUP($A:$A,op,4,FALSE),\"\")","v":"2016-04-21"},"2016-04-25"]
["6175B03 Total",null,null,null,null,null,{"$f":"SUBTOTAL(9,G150:G153)","v":117.38},{"$f":"SUBTOTAL(9,H150:H153)","v":108.68},null,{"$f":"$G154-$H154","v":8.6999999999999886},{"$f":"$H154/$G154","v":0.92588175157607777},null,null,null,{"$f":"$Q154/$H154","v":3.1753514906146481},null,{"$f":"SUBTOTAL(9,Q150:Q153)","v":345.09719999999999},{"$f":"SUBTOTAL(9,R150:R153)","v":656.42000000000007},{"$f":"($R154-$Q154)/$Q154","v":0.90213076199980791},null,null,null,null,null,null,{"$f":"V150","v":"2016-04-21"}]
["6165P0322B","Chicken","RM",26017,"BONELESS SEASONED CHICKEN BREAST NO FINGERS FR @P","6165P0322",15,null,5,null,{"$f":"IF(ISNA(VLOOKUP($D:$D,rend,2,FALSE))=FALSE,VLOOKUP($D:$D,rend,2,FALSE),\"\")","v":0.97744691385303573},{"$f":"IF($C155=\"RM\",IF(ISNA(VLOOKUP($F$2:$F$409,pos,2,FALSE))=FALSE,VLOOKUP($F155:$F$409,pos,2,FALSE),IF(ISNA(VLOOKUP($F$2:$F$409,lot,2,FALSE))=FALSE,VLOOKUP($F$2:$F$409,lot,2,FALSE),\"MANQUANT\")),\"\")","v":"6165P0321"},{"$f":"IF($C155=\"RM\",IF(ISNA(VLOOKUP($F$2:$F$409,pos,3,FALSE))=FALSE,VLOOKUP($F155:$F541,pos,3,FALSE),\"OP\"),\"\")","v":"OP"},{"$f":"IF($C155=\"RM\",IF(ISNA(VLOOKUP($F155:$F$402,pos,4,FALSE))=FALSE,VLOOKUP($F$2:$F$402,pos,4,FALSE),\"\"),\"\")","v":""},{"$f":"IF($C155=\"RM\",IF(ISNA(VLOOKUP($F$2:$F$409,pos,5,FALSE))=FALSE,VLOOKUP($F$2:$F$409,pos,5,FALSE),IF(ISNA(VLOOKUP($F$2:$F$409,lot,5,FALSE))=FALSE,VLOOKUP($F$2:$F$409,lot,5,FALSE),0)),\"\")","v":2.9041351423746011},{"$f":"IF($H155>0,VLOOKUP($D:$D,prix,15,FALSE),\"\")","v":""},{"$f":"IF($C155=\"RM\",$O155*$G155,\"\")","v":43.562027135619019},{"$f":"IF($H155>0,$H155*$P155,\"\")","v":""},null,{"$f":"IF($F155>0,VALUE(LEFT($F155,4)),\"\")","v":6165},{"$f":"IF(F155>0,IF(ISERROR(SEARCH(\"*FZ*\",$E155))=FALSE,\"FZ\",IF(ISERROR(SEARCH(\"*FR*\",$E155))=FALSE,\"FR\",\"Aucun\")),\"\")","v":"FR"},{"$f":"IF($C155=\"RM\",IF($U155=\"FR\",IF(ISNA(VLOOKUP($F:$F,lot,6,FALSE))=TRUE,VLOOKUP($T:$T,date,2,FALSE),VLOOKUP($F:$F,lot,6,FALSE)),\"\"),\"\")","v":"2016-04-14"},{"$f":"IF($C155=\"RM\",IF($U155=\"Fz\",IF(ISNA(VLOOKUP($F:$F,lot,6,FALSE))=TRUE,VLOOKUP($T:$T,date,2,FALSE),VLOOKUP($F:$F,lot,6,FALSE)),\"\"),\"\")","v":""},{"$f":"IF($C155=\"FG\",VLOOKUP($A:$A,op,4,FALSE),\"\")","v":""},"2016-04-25",{"$f":"IF(C155=\"rm\",IF(U155=\"aucun\",\"OK\",IF(U155=\"fz\",IF(Y155-W155>730,Y155-W155,\"OK\"),IF(Y155-V155<1,1,Y155-V155))),\"\")","v":11}]
["6165P0322B","Chicken","FG",26017,"BONELESS SEASONED CHICKEN BREAST NO FINGERS FR @P","6165P0376","",15,5,null,{"$f":"IF(ISNA(VLOOKUP($D:$D,rend,2,FALSE))=FALSE,VLOOKUP($D:$D,rend,2,FALSE),\"\")","v":0.97744691385303573},{"$f":"IF($C156=\"RM\",IF(ISNA(VLOOKUP($F$2:$F$409,pos,2,FALSE))=FALSE,VLOOKUP($F156:$F$409,pos,2,FALSE),IF(ISNA(VLOOKUP($F$2:$F$409,lot,2,FALSE))=FALSE,VLOOKUP($F$2:$F$409,lot,2,FALSE),\"MANQUANT\")),\"\")","v":""},{"$f":"IF($C156=\"RM\",IF(ISNA(VLOOKUP($F$2:$F$409,pos,3,FALSE))=FALSE,VLOOKUP($F156:$F542,pos,3,FALSE),\"OP\"),\"\")","v":""},{"$f":"IF($C156=\"RM\",IF(ISNA(VLOOKUP($F156:$F$402,pos,4,FALSE))=FALSE,VLOOKUP($F$2:$F$402,pos,4,FALSE),\"\"),\"\")","v":""},{"$f":"IF($C156=\"RM\",IF(ISNA(VLOOKUP($F$2:$F$409,pos,5,FALSE))=FALSE,VLOOKUP($F$2:$F$409,pos,5,FALSE),IF(ISNA(VLOOKUP($F$2:$F$409,lot,5,FALSE))=FALSE,VLOOKUP($F$2:$F$409,lot,5,FALSE),0)),\"\")","v":""},{"$f":"IF($H156>0,VLOOKUP($D:$D,prix,15,FALSE),\"\")","v":7},{"$f":"IF($C156=\"RM\",$O156*$G156,\"\")","v":""},105,null,{"$f":"IF($F156>0,VALUE(LEFT($F156,4)),\"\")","v":6165},{"$f":"IF(F156>0,IF(ISERROR(SEARCH(\"*FZ*\",$E156))=FALSE,\"FZ\",IF(ISERROR(SEARCH(\"*FR*\",$E156))=FALSE,\"FR\",\"Aucun\")),\"\")","v":"FR"},{"$f":"IF($C156=\"RM\",IF($U156=\"FR\",IF(ISNA(VLOOKUP($F:$F,lot,6,FALSE))=TRUE,VLOOKUP($T:$T,date,2,FALSE),VLOOKUP($F:$F,lot,6,FALSE)),\"\"),\"\")","v":""},{"$f":"IF($C156=\"RM\",IF($U156=\"Fz\",IF(ISNA(VLOOKUP($F:$F,lot,6,FALSE))=TRUE,VLOOKUP($T:$T,date,2,FALSE),VLOOKUP($F:$F,lot,6,FALSE)),\"\"),\"\")","v":""},{"$f":"IF($C156=\"FG\",VLOOKUP($A:$A,op,4,FALSE),\"\")","v":"2016-04-14"},"2016-04-25"]
["6165P0322B Total",null,null,null,null,null,{"$f":"SUBTOTAL(9,G155:G156)","v":15},{"$f":"SUBTOTAL(9,H155:H156)","v":15},null,{"$f":"$G157-$H157","v":0},{"$f":"$H157/$G157","v":1},null,null,null,{"$f":"$Q157/$H157","v":2.9041351423746011},null,{"$f":"SUBTOTAL(9,Q155:Q156)","v":43.562027135619019},{"$f":"SUBTOTAL(9,R155:R156)","v":105},{"$f":"($R157-$Q157)/$Q157","v":1.4103561497060242},null,null,null,null,null,null,{"$f":"V155","v":"2016-04-14"}]
["6172P0311","Chicken","RM",35750,"CHICKEN FINGERS FR #D","6172P0311",30,null,5,null,{"$f":"IF(ISNA(VLOOKUP($D:$D,rend,2,FALSE))=FALSE,VLOOKUP($D:$D,rend,2,FALSE),\"\")","v":0.73420780594965107},{"$f":"IF($C158=\"RM\",IF(ISNA(VLOOKUP($F$2:$F$409,pos,2,FALSE))=FALSE,VLOOKUP($F158:$F$409,pos,2,FALSE),IF(ISNA(VLOOKUP($F$2:$F$409,lot,2,FALSE))=FALSE,VLOOKUP($F$2:$F$409,lot,2,FALSE),\"MANQUANT\")),\"\")","v":"6172P036"},{"$f":"IF($C158=\"RM\",IF(ISNA(VLOOKUP($F$2:$F$409,pos,3,FALSE))=FALSE,VLOOKUP($F158:$F543,pos,3,FALSE),\"OP\"),\"\")","v":"OP"},{"$f":"IF($C158=\"RM\",IF(ISNA(VLOOKUP($F158:$F$402,pos,4,FALSE))=FALSE,VLOOKUP($F$2:$F$402,pos,4,FALSE),\"\"),\"\")","v":""},{"$f":"IF($C158=\"RM\",IF(ISNA(VLOOKUP($F$2:$F$409,pos,5,FALSE))=FALSE,VLOOKUP($F$2:$F$409,pos,5,FALSE),IF(ISNA(VLOOKUP($F$2:$F$409,lot,5,FALSE))=FALSE,VLOOKUP($F$2:$F$409,lot,5,FALSE),0)),\"\")","v":6.0362535787321061},{"$f":"IF($H158>0,VLOOKUP($D:$D,prix,15,FALSE),\"\")","v":""},{"$f":"IF($C158=\"RM\",$O158*$G158,\"\")","v":181.08760736196319},{"$f":"IF($H158>0,$H158*$P158,\"\")","v":""},null,{"$f":"IF($F158>0,VALUE(LEFT($F158,4)),\"\")","v":6172},{"$f":"IF(F158>0,IF(ISERROR(SEARCH(\"*FZ*\",$E158))=FALSE,\"FZ\",IF(ISERROR(SEARCH(\"*FR*\",$E158))=FALSE,\"FR\",\"Aucun\")),\"\")","v":"FR"},{"$f":"IF($C158=\"RM\",IF($U158=\"FR\",IF(ISNA(VLOOKUP($F:$F,lot,6,FALSE))=TRUE,VLOOKUP($T:$T,date,2,FALSE),VLOOKUP($F:$F,lot,6,FALSE)),\"\"),\"\")","v":"2016-04-18"},{"$f":"IF($C158=\"RM\",IF($U158=\"Fz\",IF(ISNA(VLOOKUP($F:$F,lot,6,FALSE))=TRUE,VLOOKUP($T:$T,date,2,FALSE),VLOOKUP($F:$F,lot,6,FALSE)),\"\"),\"\")","v":""},{"$f":"IF($C158=\"FG\",VLOOKUP($A:$A,op,4,FALSE),\"\")","v":""},"2016-04-25",{"$f":"IF(C158=\"rm\",IF(U158=\"aucun\",\"OK\",IF(U158=\"fz\",IF(Y158-W158>730,Y158-W158,\"OK\"),IF(Y158-V158<1,1,Y158-V158))),\"\")","v":7}]
["6172P0311","Chicken","FG",35751,"CHICKEN FINGERS FZ #D","6172P0313","",30,5,null,{"$f":"IF(ISNA(VLOOKUP($D:$D,rend,2,FALSE))=FALSE,VLOOKUP($D:$D,rend,2,FALSE),\"\")","v":0.74604623705186879},{"$f":"IF($C159=\"RM\",IF(ISNA(VLOOKUP($F$2:$F$409,pos,2,FALSE))=FALSE,VLOOKUP($F159:$F$409,pos,2,FALSE),IF(ISNA(VLOOKUP($F$2:$F$409,lot,2,FALSE))=FALSE,VLOOKUP($F$2:$F$409,lot,2,FALSE),\"MANQUANT\")),\"\")","v":""},{"$f":"IF($C159=\"RM\",IF(ISNA(VLOOKUP($F$2:$F$409,pos,3,FALSE))=FALSE,VLOOKUP($F159:$F544,pos,3,FALSE),\"OP\"),\"\")","v":""},{"$f":"IF($C159=\"RM\",IF(ISNA(VLOOKUP($F159:$F$402,pos,4,FALSE))=FALSE,VLOOKUP($F$2:$F$402,pos,4,FALSE),\"\"),\"\")","v":""},{"$f":"IF($C159=\"RM\",IF(ISNA(VLOOKUP($F$2:$F$409,pos,5,FALSE))=FALSE,VLOOKUP($F$2:$F$409,pos,5,FALSE),IF(ISNA(VLOOKUP($F$2:$F$409,lot,5,FALSE))=FALSE,VLOOKUP($F$2:$F$409,lot,5,FALSE),0)),\"\")","v":""},{"$f":"IF($H159>0,VLOOKUP($D:$D,prix,15,FALSE),\"\")","v":6.35},{"$f":"IF($C159=\"RM\",$O159*$G159,\"\")","v":""},190.5,null,{"$f":"IF($F159>0,VALUE(LEFT($F159,4)),\"\")","v":6172},{"$f":"IF(F159>0,IF(ISERROR(SEARCH(\"*FZ*\",$E159))=FALSE,\"FZ\",IF(ISERROR(SEARCH(\"*FR*\",$E159))=FALSE,\"FR\",\"Aucun\")),\"\")","v":"FZ"},{"$f":"IF($C159=\"RM\",IF($U159=\"FR\",IF(ISNA(VLOOKUP($F:$F,lot,6,FALSE))=TRUE,VLOOKUP($T:$T,date,2,FALSE),VLOOKUP($F:$F,lot,6,FALSE)),\"\"),\"\")","v":""},{"$f":"IF($C159=\"RM\",IF($U159=\"Fz\",IF(ISNA(VLOOKUP($F:$F,lot,6,FALSE))=TRUE,VLOOKUP($T:$T,date,2,FALSE),VLOOKUP($F:$F,lot,6,FALSE)),\"\"),\"\")","v":""},{"$f":"IF($C159=\"FG\",VLOOKUP($A:$A,op,4,FALSE),\"\")","v":"2016-04-18"},"2016-04-25"]
["6172P0311 Total",null,null,null,null,null,{"$f":"SUBTOTAL(9,G158:G159)","v":30},{"$f":"SUBTOTAL(9,H158:H159)","v":30},null,{"$f":"$G160-$H160","v":0},{"$f":"$H160/$G160","v":1},null,null,null,{"$f":"$Q160/$H160","v":6.0362535787321061},null,{"$f":"SUBTOTAL(9,Q158:Q159)","v":181.08760736196319},{"$f":"SUBTOTAL(9,R158:R159)","v":190.5},{"$f":"($R160-$Q160)/$Q160","v":5.1977011431947641E-2},null,null,null,null,null,null,{"$f":"V158","v":"2016-04-18"}]
["6172P072","Chicken","RM",35703,"BBQ CHICKEN 1.9-2.2 KG  **4 (UNIT/ CAISSES) FR #D","6172P072",14.26,null,5,null,{"$f":"IF(ISNA(VLOOKUP($D:$D,rend,2,FALSE))=FALSE,VLOOKUP($D:$D,rend,2,FALSE),\"\")","v":0.96054879189068032},{"$f":"IF($C161=\"RM\",IF(ISNA(VLOOKUP($F$2:$F$409,pos,2,FALSE))=FALSE,VLOOKUP($F161:$F$409,pos,2,FALSE),IF(ISNA(VLOOKUP($F$2:$F$409,lot,2,FALSE))=FALSE,VLOOKUP($F$2:$F$409,lot,2,FALSE),\"MANQUANT\")),\"\")","v":"6172P07B"},{"$f":"IF($C161=\"RM\",IF(ISNA(VLOOKUP($F$2:$F$409,pos,3,FALSE))=FALSE,VLOOKUP($F161:$F545,pos,3,FALSE),\"OP\"),\"\")","v":"OP"},{"$f":"IF($C161=\"RM\",IF(ISNA(VLOOKUP($F161:$F$402,pos,4,FALSE))=FALSE,VLOOKUP($F$2:$F$402,pos,4,FALSE),\"\"),\"\")","v":""},{"$f":"IF($C161=\"RM\",IF(ISNA(VLOOKUP($F$2:$F$409,pos,5,FALSE))=FALSE,VLOOKUP($F$2:$F$409,pos,5,FALSE),IF(ISNA(VLOOKUP($F$2:$F$409,lot,5,FALSE))=FALSE,VLOOKUP($F$2:$F$409,lot,5,FALSE),0)),\"\")","v":3.7343096234309625},{"$f":"IF($H161>0,VLOOKUP($D:$D,prix,15,FALSE),\"\")","v":""},{"$f":"IF($C161=\"RM\",$O161*$G161,\"\")","v":53.251255230125523},{"$f":"IF($H161>0,$H161*$P161,\"\")","v":""},null,{"$f":"IF($F161>0,VALUE(LEFT($F161,4)),\"\")","v":6172},{"$f":"IF(F161>0,IF(ISERROR(SEARCH(\"*FZ*\",$E161))=FALSE,\"FZ\",IF(ISERROR(SEARCH(\"*FR*\",$E161))=FALSE,\"FR\",\"Aucun\")),\"\")","v":"FR"},{"$f":"IF($C161=\"RM\",IF($U161=\"FR\",IF(ISNA(VLOOKUP($F:$F,lot,6,FALSE))=TRUE,VLOOKUP($T:$T,date,2,FALSE),VLOOKUP($F:$F,lot,6,FALSE)),\"\"),\"\")","v":"2016-04-18"},{"$f":"IF($C161=\"RM\",IF($U161=\"Fz\",IF(ISNA(VLOOKUP($F:$F,lot,6,FALSE))=TRUE,VLOOKUP($T:$T,date,2,FALSE),VLOOKUP($F:$F,lot,6,FALSE)),\"\"),\"\")","v":""},{"$f":"IF($C161=\"FG\",VLOOKUP($A:$A,op,4,FALSE),\"\")","v":""},"2016-04-25",{"$f":"IF(C161=\"rm\",IF(U161=\"aucun\",\"OK\",IF(U161=\"fz\",IF(Y161-W161>730,Y161-W161,\"OK\"),IF(Y161-V161<1,1,Y161-V161))),\"\")","v":7}]
["6172P072","Chicken","FG",35703,"BBQ CHICKEN 1.9-2.2 KG  **4 (UNIT/ CAISSES) FR #D","6172P073","",14.26,5,null,{"$f":"IF(ISNA(VLOOKUP($D:$D,rend,2,FALSE))=FALSE,VLOOKUP($D:$D,rend,2,FALSE),\"\")","v":0.96054879189068032},{"$f":"IF($C162=\"RM\",IF(ISNA(VLOOKUP($F$2:$F$409,pos,2,FALSE))=FALSE,VLOOKUP($F162:$F$409,pos,2,FALSE),IF(ISNA(VLOOKUP($F$2:$F$409,lot,2,FALSE))=FALSE,VLOOKUP($F$2:$F$409,lot,2,FALSE),\"MANQUANT\")),\"\")","v":""},{"$f":"IF($C162=\"RM\",IF(ISNA(VLOOKUP($F$2:$F$409,pos,3,FALSE))=FALSE,VLOOKUP($F162:$F546,pos,3,FALSE),\"OP\"),\"\")","v":""},{"$f":"IF($C162=\"RM\",IF(ISNA(VLOOKUP($F162:$F$402,pos,4,FALSE))=FALSE,VLOOKUP($F$2:$F$402,pos,4,FALSE),\"\"),\"\")","v":""},{"$f":"IF($C162=\"RM\",IF(ISNA(VLOOKUP($F$2:$F$409,pos,5,FALSE))=FALSE,VLOOKUP($F$2:$F$409,pos,5,FALSE),IF(ISNA(VLOOKUP($F$2:$F$409,lot,5,FALSE))=FALSE,VLOOKUP($F$2:$F$409,lot,5,FALSE),0)),\"\")","v":""},{"$f":"IF($H162>0,VLOOKUP($D:$D,prix,15,FALSE),\"\")","v":4.59},{"$f":"IF($C162=\"RM\",$O162*$G162,\"\")","v":""},65.453400000000002,null,{"$f":"IF($F162>0,VALUE(LEFT($F162,4)),\"\")","v":6172},{"$f":"IF(F162>0,IF(ISERROR(SEARCH(\"*FZ*\",$E162))=FALSE,\"FZ\",IF(ISERROR(SEARCH(\"*FR*\",$E162))=FALSE,\"FR\",\"Aucun\")),\"\")","v":"FR"},{"$f":"IF($C162=\"RM\",IF($U162=\"FR\",IF(ISNA(VLOOKUP($F:$F,lot,6,FALSE))=TRUE,VLOOKUP($T:$T,date,2,FALSE),VLOOKUP($F:$F,lot,6,FALSE)),\"\"),\"\")","v":""},{"$f":"IF($C162=\"RM\",IF($U162=\"Fz\",IF(ISNA(VLOOKUP($F:$F,lot,6,FALSE))=TRUE,VLOOKUP($T:$T,date,2,FALSE),VLOOKUP($F:$F,lot,6,FALSE)),\"\"),\"\")","v":""},{"$f":"IF($C162=\"FG\",VLOOKUP($A:$A,op,4,FALSE),\"\")","v":"2016-04-18"},"2016-04-25"]
["6172P072 Total",null,null,null,null,null,{"$f":"SUBTOTAL(9,G161:G162)","v":14.26},{"$f":"SUBTOTAL(9,H161:H162)","v":14.26},null,{"$f":"$G163-$H163","v":0},{"$f":"$H163/$G163","v":1},null,null,null,{"$f":"$Q163/$H163","v":3.7343096234309625},null,{"$f":"SUBTOTAL(9,Q161:Q162)","v":53.251255230125523},{"$f":"SUBTOTAL(9,R161:R162)","v":65.453400000000002},{"$f":"($R163-$Q163)/$Q163","v":0.22914285714285718},null,null,null,null,null,null,{"$f":"V161","v":"2016-04-18"}]
["6172P0811","Chicken","RM",35750,"CHICKEN FINGERS FR #D","6172P0811",110,null,5,null,{"$f":"IF(ISNA(VLOOKUP($D:$D,rend,2,FALSE))=FALSE,VLOOKUP($D:$D,rend,2,FALSE),\"\")","v":0.73420780594965107},{"$f":"IF($C164=\"RM\",IF(ISNA(VLOOKUP($F$2:$F$409,pos,2,FALSE))=FALSE,VLOOKUP($F164:$F$409,pos,2,FALSE),IF(ISNA(VLOOKUP($F$2:$F$409,lot,2,FALSE))=FALSE,VLOOKUP($F$2:$F$409,lot,2,FALSE),\"MANQUANT\")),\"\")","v":"6172P08"},{"$f":"IF($C164=\"RM\",IF(ISNA(VLOOKUP($F$2:$F$409,pos,3,FALSE))=FALSE,VLOOKUP($F164:$F547,pos,3,FALSE),\"OP\"),\"\")","v":"OP"},{"$f":"IF($C164=\"RM\",IF(ISNA(VLOOKUP($F164:$F$402,pos,4,FALSE))=FALSE,VLOOKUP($F$2:$F$402,pos,4,FALSE),\"\"),\"\")","v":""},{"$f":"IF($C164=\"RM\",IF(ISNA(VLOOKUP($F$2:$F$409,pos,5,FALSE))=FALSE,VLOOKUP($F$2:$F$409,pos,5,FALSE),IF(ISNA(VLOOKUP($F$2:$F$409,lot,5,FALSE))=FALSE,VLOOKUP($F$2:$F$409,lot,5,FALSE),0)),\"\")","v":6.2861600012405603},{"$f":"IF($H164>0,VLOOKUP($D:$D,prix,15,FALSE),\"\")","v":""},{"$f":"IF($C164=\"RM\",$O164*$G164,\"\")","v":691.47760013646166},{"$f":"IF($H164>0,$H164*$P164,\"\")","v":""},null,{"$f":"IF($F164>0,VALUE(LEFT($F164,4)),\"\")","v":6172},{"$f":"IF(F164>0,IF(ISERROR(SEARCH(\"*FZ*\",$E164))=FALSE,\"FZ\",IF(ISERROR(SEARCH(\"*FR*\",$E164))=FALSE,\"FR\",\"Aucun\")),\"\")","v":"FR"},{"$f":"IF($C164=\"RM\",IF($U164=\"FR\",IF(ISNA(VLOOKUP($F:$F,lot,6,FALSE))=TRUE,VLOOKUP($T:$T,date,2,FALSE),VLOOKUP($F:$F,lot,6,FALSE)),\"\"),\"\")","v":"2016-04-18"},{"$f":"IF($C164=\"RM\",IF($U164=\"Fz\",IF(ISNA(VLOOKUP($F:$F,lot,6,FALSE))=TRUE,VLOOKUP($T:$T,date,2,FALSE),VLOOKUP($F:$F,lot,6,FALSE)),\"\"),\"\")","v":""},{"$f":"IF($C164=\"FG\",VLOOKUP($A:$A,op,4,FALSE),\"\")","v":""},"2016-04-25",{"$f":"IF(C164=\"rm\",IF(U164=\"aucun\",\"OK\",IF(U164=\"fz\",IF(Y164-W164>730,Y164-W164,\"OK\"),IF(Y164-V164<1,1,Y164-V164))),\"\")","v":7}]
["6172P0811","Chicken","FG",35751,"CHICKEN FINGERS FZ #D","6172P0819","",110,5,null,{"$f":"IF(ISNA(VLOOKUP($D:$D,rend,2,FALSE))=FALSE,VLOOKUP($D:$D,rend,2,FALSE),\"\")","v":0.74604623705186879},{"$f":"IF($C165=\"RM\",IF(ISNA(VLOOKUP($F$2:$F$409,pos,2,FALSE))=FALSE,VLOOKUP($F165:$F$409,pos,2,FALSE),IF(ISNA(VLOOKUP($F$2:$F$409,lot,2,FALSE))=FALSE,VLOOKUP($F$2:$F$409,lot,2,FALSE),\"MANQUANT\")),\"\")","v":""},{"$f":"IF($C165=\"RM\",IF(ISNA(VLOOKUP($F$2:$F$409,pos,3,FALSE))=FALSE,VLOOKUP($F165:$F548,pos,3,FALSE),\"OP\"),\"\")","v":""},{"$f":"IF($C165=\"RM\",IF(ISNA(VLOOKUP($F165:$F$402,pos,4,FALSE))=FALSE,VLOOKUP($F$2:$F$402,pos,4,FALSE),\"\"),\"\")","v":""},{"$f":"IF($C165=\"RM\",IF(ISNA(VLOOKUP($F$2:$F$409,pos,5,FALSE))=FALSE,VLOOKUP($F$2:$F$409,pos,5,FALSE),IF(ISNA(VLOOKUP($F$2:$F$409,lot,5,FALSE))=FALSE,VLOOKUP($F$2:$F$409,lot,5,FALSE),0)),\"\")","v":""},{"$f":"IF($H165>0,VLOOKUP($D:$D,prix,15,FALSE),\"\")","v":6.35},{"$f":"IF($C165=\"RM\",$O165*$G165,\"\")","v":""},698.5,null,{"$f":"IF($F165>0,VALUE(LEFT($F165,4)),\"\")","v":6172},{"$f":"IF(F165>0,IF(ISERROR(SEARCH(\"*FZ*\",$E165))=FALSE,\"FZ\",IF(ISERROR(SEARCH(\"*FR*\",$E165))=FALSE,\"FR\",\"Aucun\")),\"\")","v":"FZ"},{"$f":"IF($C165=\"RM\",IF($U165=\"FR\",IF(ISNA(VLOOKUP($F:$F,lot,6,FALSE))=TRUE,VLOOKUP($T:$T,date,2,FALSE),VLOOKUP($F:$F,lot,6,FALSE)),\"\"),\"\")","v":""},{"$f":"IF($C165=\"RM\",IF($U165=\"Fz\",IF(ISNA(VLOOKUP($F:$F,lot,6,FALSE))=TRUE,VLOOKUP($T:$T,date,2,FALSE),VLOOKUP($F:$F,lot,6,FALSE)),\"\"),\"\")","v":""},{"$f":"IF($C165=\"FG\",VLOOKUP($A:$A,op,4,FALSE),\"\")","v":"2016-04-18"},"2016-04-25"]
["6172P0811 Total",null,null,null,null,null,{"$f":"SUBTOTAL(9,G164:G165)","v":110},{"$f":"SUBTOTAL(9,H164:H165)","v":110},null,{"$f":"$G166-$H166","v":0},{"$f":"$H166/$G166","v":1},null,null,null,{"$f":"$Q166/$H166","v":6.2861600012405603},null,{"$f":"SUBTOTAL(9,Q164:Q165)","v":691.47760013646166},{"$f":"SUBTOTAL(9,R164:R165)","v":698.5},{"$f":"($R166-$Q166)/$Q166","v":1.0155643309562716E-2},null,null,null,null,null,null,{"$f":"V164","v":"2016-04-18"}]
["6172P096","Chicken","RM",35824,"CHICKEN THIGHS BONELESS FR @P","6172P096",5,null,5,null,{"$f":"IF(ISNA(VLOOKUP($D:$D,rend,2,FALSE))=FALSE,VLOOKUP($D:$D,rend,2,FALSE),\"\")","v":0.68052333911271923},{"$f":"IF($C167=\"RM\",IF(ISNA(VLOOKUP($F$2:$F$409,pos,2,FALSE))=FALSE,VLOOKUP($F167:$F$409,pos,2,FALSE),IF(ISNA(VLOOKUP($F$2:$F$409,lot,2,FALSE))=FALSE,VLOOKUP($F$2:$F$409,lot,2,FALSE),\"MANQUANT\")),\"\")","v":"6172P091C"},{"$f":"IF($C167=\"RM\",IF(ISNA(VLOOKUP($F$2:$F$409,pos,3,FALSE))=FALSE,VLOOKUP($F167:$F549,pos,3,FALSE),\"OP\"),\"\")","v":"OP"},{"$f":"IF($C167=\"RM\",IF(ISNA(VLOOKUP($F167:$F$402,pos,4,FALSE))=FALSE,VLOOKUP($F$2:$F$402,pos,4,FALSE),\"\"),\"\")","v":""},{"$f":"IF($C167=\"RM\",IF(ISNA(VLOOKUP($F$2:$F$409,pos,5,FALSE))=FALSE,VLOOKUP($F$2:$F$409,pos,5,FALSE),IF(ISNA(VLOOKUP($F$2:$F$409,lot,5,FALSE))=FALSE,VLOOKUP($F$2:$F$409,lot,5,FALSE),0)),\"\")","v":4.9652215831100071},{"$f":"IF($H167>0,VLOOKUP($D:$D,prix,15,FALSE),\"\")","v":""},{"$f":"IF($C167=\"RM\",$O167*$G167,\"\")","v":24.826107915550036},{"$f":"IF($H167>0,$H167*$P167,\"\")","v":""},null,{"$f":"IF($F167>0,VALUE(LEFT($F167,4)),\"\")","v":6172},{"$f":"IF(F167>0,IF(ISERROR(SEARCH(\"*FZ*\",$E167))=FALSE,\"FZ\",IF(ISERROR(SEARCH(\"*FR*\",$E167))=FALSE,\"FR\",\"Aucun\")),\"\")","v":"FR"},{"$f":"IF($C167=\"RM\",IF($U167=\"FR\",IF(ISNA(VLOOKUP($F:$F,lot,6,FALSE))=TRUE,VLOOKUP($T:$T,date,2,FALSE),VLOOKUP($F:$F,lot,6,FALSE)),\"\"),\"\")","v":"2016-04-18"},{"$f":"IF($C167=\"RM\",IF($U167=\"Fz\",IF(ISNA(VLOOKUP($F:$F,lot,6,FALSE))=TRUE,VLOOKUP($T:$T,date,2,FALSE),VLOOKUP($F:$F,lot,6,FALSE)),\"\"),\"\")","v":""},{"$f":"IF($C167=\"FG\",VLOOKUP($A:$A,op,4,FALSE),\"\")","v":""},"2016-04-25",{"$f":"IF(C167=\"rm\",IF(U167=\"aucun\",\"OK\",IF(U167=\"fz\",IF(Y167-W167>730,Y167-W167,\"OK\"),IF(Y167-V167<1,1,Y167-V167))),\"\")","v":7}]
["6172P096","Chicken","FG",35824,"CHICKEN THIGHS BONELESS FR @P","6172P099","",5,5,null,{"$f":"IF(ISNA(VLOOKUP($D:$D,rend,2,FALSE))=FALSE,VLOOKUP($D:$D,rend,2,FALSE),\"\")","v":0.68052333911271923},{"$f":"IF($C168=\"RM\",IF(ISNA(VLOOKUP($F$2:$F$409,pos,2,FALSE))=FALSE,VLOOKUP($F168:$F$409,pos,2,FALSE),IF(ISNA(VLOOKUP($F$2:$F$409,lot,2,FALSE))=FALSE,VLOOKUP($F$2:$F$409,lot,2,FALSE),\"MANQUANT\")),\"\")","v":""},{"$f":"IF($C168=\"RM\",IF(ISNA(VLOOKUP($F$2:$F$409,pos,3,FALSE))=FALSE,VLOOKUP($F168:$F550,pos,3,FALSE),\"OP\"),\"\")","v":""},{"$f":"IF($C168=\"RM\",IF(ISNA(VLOOKUP($F168:$F$402,pos,4,FALSE))=FALSE,VLOOKUP($F$2:$F$402,pos,4,FALSE),\"\"),\"\")","v":""},{"$f":"IF($C168=\"RM\",IF(ISNA(VLOOKUP($F$2:$F$409,pos,5,FALSE))=FALSE,VLOOKUP($F$2:$F$409,pos,5,FALSE),IF(ISNA(VLOOKUP($F$2:$F$409,lot,5,FALSE))=FALSE,VLOOKUP($F$2:$F$409,lot,5,FALSE),0)),\"\")","v":""},{"$f":"IF($H168>0,VLOOKUP($D:$D,prix,15,FALSE),\"\")","v":6.75},{"$f":"IF($C168=\"RM\",$O168*$G168,\"\")","v":""},33.75,null,{"$f":"IF($F168>0,VALUE(LEFT($F168,4)),\"\")","v":6172},{"$f":"IF(F168>0,IF(ISERROR(SEARCH(\"*FZ*\",$E168))=FALSE,\"FZ\",IF(ISERROR(SEARCH(\"*FR*\",$E168))=FALSE,\"FR\",\"Aucun\")),\"\")","v":"FR"},{"$f":"IF($C168=\"RM\",IF($U168=\"FR\",IF(ISNA(VLOOKUP($F:$F,lot,6,FALSE))=TRUE,VLOOKUP($T:$T,date,2,FALSE),VLOOKUP($F:$F,lot,6,FALSE)),\"\"),\"\")","v":""},{"$f":"IF($C168=\"RM\",IF($U168=\"Fz\",IF(ISNA(VLOOKUP($F:$F,lot,6,FALSE))=TRUE,VLOOKUP($T:$T,date,2,FALSE),VLOOKUP($F:$F,lot,6,FALSE)),\"\"),\"\")","v":""},{"$f":"IF($C168=\"FG\",VLOOKUP($A:$A,op,4,FALSE),\"\")","v":"2016-04-18"},"2016-04-25"]
["6172P096 Total",null,null,null,null,null,{"$f":"SUBTOTAL(9,G167:G168)","v":5},{"$f":"SUBTOTAL(9,H167:H168)","v":5},null,{"$f":"$G169-$H169","v":0},{"$f":"$H169/$G169","v":1},null,null,null,{"$f":"$Q169/$H169","v":4.9652215831100071},null,{"$f":"SUBTOTAL(9,Q167:Q168)","v":24.826107915550036},{"$f":"SUBTOTAL(9,R167:R168)","v":33.75},{"$f":"($R169-$Q169)/$Q169","v":0.35945594512059664},null,null,null,null,null,null,{"$f":"V167","v":"2016-04-18"}]
["6172P1026","Chicken","RM",37010,"CHICKEN SEASONED *IN PROCESS* CODE: 27054 FR @P","6172P1026",45,null,5,null,{"$f":"IF(ISNA(VLOOKUP($D:$D,rend,2,FALSE))=FALSE,VLOOKUP($D:$D,rend,2,FALSE),\"\")","v":0.96585341220661314},{"$f":"IF($C170=\"RM\",IF(ISNA(VLOOKUP($F$2:$F$409,pos,2,FALSE))=FALSE,VLOOKUP($F170:$F$409,pos,2,FALSE),IF(ISNA(VLOOKUP($F$2:$F$409,lot,2,FALSE))=FALSE,VLOOKUP($F$2:$F$409,lot,2,FALSE),\"MANQUANT\")),\"\")","v":"6172P1015"},{"$f":"IF($C170=\"RM\",IF(ISNA(VLOOKUP($F$2:$F$409,pos,3,FALSE))=FALSE,VLOOKUP($F170:$F551,pos,3,FALSE),\"OP\"),\"\")","v":"OP"},{"$f":"IF($C170=\"RM\",IF(ISNA(VLOOKUP($F170:$F$402,pos,4,FALSE))=FALSE,VLOOKUP($F$2:$F$402,pos,4,FALSE),\"\"),\"\")","v":""},{"$f":"IF($C170=\"RM\",IF(ISNA(VLOOKUP($F$2:$F$409,pos,5,FALSE))=FALSE,VLOOKUP($F$2:$F$409,pos,5,FALSE),IF(ISNA(VLOOKUP($F$2:$F$409,lot,5,FALSE))=FALSE,VLOOKUP($F$2:$F$409,lot,5,FALSE),0)),\"\")","v":6.0763284570093683},{"$f":"IF($H170>0,VLOOKUP($D:$D,prix,15,FALSE),\"\")","v":""},{"$f":"IF($C170=\"RM\",$O170*$G170,\"\")","v":273.43478056542159},{"$f":"IF($H170>0,$H170*$P170,\"\")","v":""},null,{"$f":"IF($F170>0,VALUE(LEFT($F170,4)),\"\")","v":6172},{"$f":"IF(F170>0,IF(ISERROR(SEARCH(\"*FZ*\",$E170))=FALSE,\"FZ\",IF(ISERROR(SEARCH(\"*FR*\",$E170))=FALSE,\"FR\",\"Aucun\")),\"\")","v":"FR"},{"$f":"IF($C170=\"RM\",IF($U170=\"FR\",IF(ISNA(VLOOKUP($F:$F,lot,6,FALSE))=TRUE,VLOOKUP($T:$T,date,2,FALSE),VLOOKUP($F:$F,lot,6,FALSE)),\"\"),\"\")","v":"2016-04-18"},{"$f":"IF($C170=\"RM\",IF($U170=\"Fz\",IF(ISNA(VLOOKUP($F:$F,lot,6,FALSE))=TRUE,VLOOKUP($T:$T,date,2,FALSE),VLOOKUP($F:$F,lot,6,FALSE)),\"\"),\"\")","v":""},{"$f":"IF($C170=\"FG\",VLOOKUP($A:$A,op,4,FALSE),\"\")","v":""},"2016-04-25",{"$f":"IF(C170=\"rm\",IF(U170=\"aucun\",\"OK\",IF(U170=\"fz\",IF(Y170-W170>730,Y170-W170,\"OK\"),IF(Y170-V170<1,1,Y170-V170))),\"\")","v":7}]
["6172P1026","Chicken","FG",27054,"DEMI-POIT. POUL F TRIM BBQ COTES-LEVEES (120-130GR)(2 X 18 UN)**4.5KG/CS FR @P","6172P1034","",45,5,null,{"$f":"IF(ISNA(VLOOKUP($D:$D,rend,2,FALSE))=FALSE,VLOOKUP($D:$D,rend,2,FALSE),\"\")","v":0.96203544472650215},{"$f":"IF($C171=\"RM\",IF(ISNA(VLOOKUP($F$2:$F$409,pos,2,FALSE))=FALSE,VLOOKUP($F171:$F$409,pos,2,FALSE),IF(ISNA(VLOOKUP($F$2:$F$409,lot,2,FALSE))=FALSE,VLOOKUP($F$2:$F$409,lot,2,FALSE),\"MANQUANT\")),\"\")","v":""},{"$f":"IF($C171=\"RM\",IF(ISNA(VLOOKUP($F$2:$F$409,pos,3,FALSE))=FALSE,VLOOKUP($F171:$F552,pos,3,FALSE),\"OP\"),\"\")","v":""},{"$f":"IF($C171=\"RM\",IF(ISNA(VLOOKUP($F171:$F$402,pos,4,FALSE))=FALSE,VLOOKUP($F$2:$F$402,pos,4,FALSE),\"\"),\"\")","v":""},{"$f":"IF($C171=\"RM\",IF(ISNA(VLOOKUP($F$2:$F$409,pos,5,FALSE))=FALSE,VLOOKUP($F$2:$F$409,pos,5,FALSE),IF(ISNA(VLOOKUP($F$2:$F$409,lot,5,FALSE))=FALSE,VLOOKUP($F$2:$F$409,lot,5,FALSE),0)),\"\")","v":""},{"$f":"IF($H171>0,VLOOKUP($D:$D,prix,15,FALSE),\"\")","v":10.72},{"$f":"IF($C171=\"RM\",$O171*$G171,\"\")","v":""},482.40000000000003,null,{"$f":"IF($F171>0,VALUE(LEFT($F171,4)),\"\")","v":6172},{"$f":"IF(F171>0,IF(ISERROR(SEARCH(\"*FZ*\",$E171))=FALSE,\"FZ\",IF(ISERROR(SEARCH(\"*FR*\",$E171))=FALSE,\"FR\",\"Aucun\")),\"\")","v":"FR"},{"$f":"IF($C171=\"RM\",IF($U171=\"FR\",IF(ISNA(VLOOKUP($F:$F,lot,6,FALSE))=TRUE,VLOOKUP($T:$T,date,2,FALSE),VLOOKUP($F:$F,lot,6,FALSE)),\"\"),\"\")","v":""},{"$f":"IF($C171=\"RM\",IF($U171=\"Fz\",IF(ISNA(VLOOKUP($F:$F,lot,6,FALSE))=TRUE,VLOOKUP($T:$T,date,2,FALSE),VLOOKUP($F:$F,lot,6,FALSE)),\"\"),\"\")","v":""},{"$f":"IF($C171=\"FG\",VLOOKUP($A:$A,op,4,FALSE),\"\")","v":"2016-04-18"},"2016-04-25"]
["6172P1026 Total",null,null,null,null,null,{"$f":"SUBTOTAL(9,G170:G171)","v":45},{"$f":"SUBTOTAL(9,H170:H171)","v":45},null,{"$f":"$G172-$H172","v":0},{"$f":"$H172/$G172","v":1},null,null,null,{"$f":"$Q172/$H172","v":6.0763284570093683},null,{"$f":"SUBTOTAL(9,Q170:Q171)","v":273.43478056542159},{"$f":"SUBTOTAL(9,R170:R171)","v":482.40000000000003},{"$f":"($R172-$Q172)/$Q172","v":0.76422326012246911},null,null,null,null,null,null,{"$f":"V170","v":"2016-04-18"}]
["6172P1029","Chicken","RM",37005,"POULET ASSAISONNE *IN PROCESS* CODE 27051 FR @P","6172P1029",67.5,null,5,null,{"$f":"IF(ISNA(VLOOKUP($D:$D,rend,2,FALSE))=FALSE,VLOOKUP($D:$D,rend,2,FALSE),\"\")","v":0.96964794520876518},{"$f":"IF($C173=\"RM\",IF(ISNA(VLOOKUP($F$2:$F$409,pos,2,FALSE))=FALSE,VLOOKUP($F173:$F$409,pos,2,FALSE),IF(ISNA(VLOOKUP($F$2:$F$409,lot,2,FALSE))=FALSE,VLOOKUP($F$2:$F$409,lot,2,FALSE),\"MANQUANT\")),\"\")","v":"6172P1016"},{"$f":"IF($C173=\"RM\",IF(ISNA(VLOOKUP($F$2:$F$409,pos,3,FALSE))=FALSE,VLOOKUP($F173:$F553,pos,3,FALSE),\"OP\"),\"\")","v":"OP"},{"$f":"IF($C173=\"RM\",IF(ISNA(VLOOKUP($F173:$F$402,pos,4,FALSE))=FALSE,VLOOKUP($F$2:$F$402,pos,4,FALSE),\"\"),\"\")","v":""},{"$f":"IF($C173=\"RM\",IF(ISNA(VLOOKUP($F$2:$F$409,pos,5,FALSE))=FALSE,VLOOKUP($F$2:$F$409,pos,5,FALSE),IF(ISNA(VLOOKUP($F$2:$F$409,lot,5,FALSE))=FALSE,VLOOKUP($F$2:$F$409,lot,5,FALSE),0)),\"\")","v":5.7724674898039448},{"$f":"IF($H173>0,VLOOKUP($D:$D,prix,15,FALSE),\"\")","v":""},{"$f":"IF($C173=\"RM\",$O173*$G173,\"\")","v":389.64155556176627},{"$f":"IF($H173>0,$H173*$P173,\"\")","v":""},null,{"$f":"IF($F173>0,VALUE(LEFT($F173,4)),\"\")","v":6172},{"$f":"IF(F173>0,IF(ISERROR(SEARCH(\"*FZ*\",$E173))=FALSE,\"FZ\",IF(ISERROR(SEARCH(\"*FR*\",$E173))=FALSE,\"FR\",\"Aucun\")),\"\")","v":"FR"},{"$f":"IF($C173=\"RM\",IF($U173=\"FR\",IF(ISNA(VLOOKUP($F:$F,lot,6,FALSE))=TRUE,VLOOKUP($T:$T,date,2,FALSE),VLOOKUP($F:$F,lot,6,FALSE)),\"\"),\"\")","v":"2016-04-18"},{"$f":"IF($C173=\"RM\",IF($U173=\"Fz\",IF(ISNA(VLOOKUP($F:$F,lot,6,FALSE))=TRUE,VLOOKUP($T:$T,date,2,FALSE),VLOOKUP($F:$F,lot,6,FALSE)),\"\"),\"\")","v":""},{"$f":"IF($C173=\"FG\",VLOOKUP($A:$A,op,4,FALSE),\"\")","v":""},"2016-04-25",{"$f":"IF(C173=\"rm\",IF(U173=\"aucun\",\"OK\",IF(U173=\"fz\",IF(Y173-W173>730,Y173-W173,\"OK\"),IF(Y173-V173<1,1,Y173-V173))),\"\")","v":7}]
["6172P1029","Chicken","FG",27051,"CHIPOTLE SEASONED BNLS CH BREAST F-TRIM**120-130g (2 SACX18 UN)**4.5 kg FR #D","6172P1033","",67.5,5,null,{"$f":"IF(ISNA(VLOOKUP($D:$D,rend,2,FALSE))=FALSE,VLOOKUP($D:$D,rend,2,FALSE),\"\")","v":0.96512641307292313},{"$f":"IF($C174=\"RM\",IF(ISNA(VLOOKUP($F$2:$F$409,pos,2,FALSE))=FALSE,VLOOKUP($F174:$F$409,pos,2,FALSE),IF(ISNA(VLOOKUP($F$2:$F$409,lot,2,FALSE))=FALSE,VLOOKUP($F$2:$F$409,lot,2,FALSE),\"MANQUANT\")),\"\")","v":""},{"$f":"IF($C174=\"RM\",IF(ISNA(VLOOKUP($F$2:$F$409,pos,3,FALSE))=FALSE,VLOOKUP($F174:$F554,pos,3,FALSE),\"OP\"),\"\")","v":""},{"$f":"IF($C174=\"RM\",IF(ISNA(VLOOKUP($F174:$F$402,pos,4,FALSE))=FALSE,VLOOKUP($F$2:$F$402,pos,4,FALSE),\"\"),\"\")","v":""},{"$f":"IF($C174=\"RM\",IF(ISNA(VLOOKUP($F$2:$F$409,pos,5,FALSE))=FALSE,VLOOKUP($F$2:$F$409,pos,5,FALSE),IF(ISNA(VLOOKUP($F$2:$F$409,lot,5,FALSE))=FALSE,VLOOKUP($F$2:$F$409,lot,5,FALSE),0)),\"\")","v":""},{"$f":"IF($H174>0,VLOOKUP($D:$D,prix,15,FALSE),\"\")","v":10.72},{"$f":"IF($C174=\"RM\",$O174*$G174,\"\")","v":""},723.6,null,{"$f":"IF($F174>0,VALUE(LEFT($F174,4)),\"\")","v":6172},{"$f":"IF(F174>0,IF(ISERROR(SEARCH(\"*FZ*\",$E174))=FALSE,\"FZ\",IF(ISERROR(SEARCH(\"*FR*\",$E174))=FALSE,\"FR\",\"Aucun\")),\"\")","v":"FR"},{"$f":"IF($C174=\"RM\",IF($U174=\"FR\",IF(ISNA(VLOOKUP($F:$F,lot,6,FALSE))=TRUE,VLOOKUP($T:$T,date,2,FALSE),VLOOKUP($F:$F,lot,6,FALSE)),\"\"),\"\")","v":""},{"$f":"IF($C174=\"RM\",IF($U174=\"Fz\",IF(ISNA(VLOOKUP($F:$F,lot,6,FALSE))=TRUE,VLOOKUP($T:$T,date,2,FALSE),VLOOKUP($F:$F,lot,6,FALSE)),\"\"),\"\")","v":""},{"$f":"IF($C174=\"FG\",VLOOKUP($A:$A,op,4,FALSE),\"\")","v":"2016-04-18"},"2016-04-25"]
["6172P1029 Total",null,null,null,null,null,{"$f":"SUBTOTAL(9,G173:G174)","v":67.5},{"$f":"SUBTOTAL(9,H173:H174)","v":67.5},null,{"$f":"$G175-$H175","v":0},{"$f":"$H175/$G175","v":1},null,null,null,{"$f":"$Q175/$H175","v":5.7724674898039448},null,{"$f":"SUBTOTAL(9,Q173:Q174)","v":389.64155556176627},{"$f":"SUBTOTAL(9,R173:R174)","v":723.6},{"$f":"($R175-$Q175)/$Q175","v":0.8570914464109165},null,null,null,null,null,null,{"$f":"V173","v":"2016-04-18"}]
["6172P117","Chicken","RM",37002,"CHICKEN *IN PROCESS* 7 OZ CODE: 36704,35777,35747 FR @P","6172P117",5,null,5,null,{"$f":"IF(ISNA(VLOOKUP($D:$D,rend,2,FALSE))=FALSE,VLOOKUP($D:$D,rend,2,FALSE),\"\")","v":0.78309963630295676},{"$f":"IF($C176=\"RM\",IF(ISNA(VLOOKUP($F$2:$F$409,pos,2,FALSE))=FALSE,VLOOKUP($F176:$F$409,pos,2,FALSE),IF(ISNA(VLOOKUP($F$2:$F$409,lot,2,FALSE))=FALSE,VLOOKUP($F$2:$F$409,lot,2,FALSE),\"MANQUANT\")),\"\")","v":"6172P11"},{"$f":"IF($C176=\"RM\",IF(ISNA(VLOOKUP($F$2:$F$409,pos,3,FALSE))=FALSE,VLOOKUP($F176:$F555,pos,3,FALSE),\"OP\"),\"\")","v":"OP"},{"$f":"IF($C176=\"RM\",IF(ISNA(VLOOKUP($F176:$F$402,pos,4,FALSE))=FALSE,VLOOKUP($F$2:$F$402,pos,4,FALSE),\"\"),\"\")","v":""},{"$f":"IF($C176=\"RM\",IF(ISNA(VLOOKUP($F$2:$F$409,pos,5,FALSE))=FALSE,VLOOKUP($F$2:$F$409,pos,5,FALSE),IF(ISNA(VLOOKUP($F$2:$F$409,lot,5,FALSE))=FALSE,VLOOKUP($F$2:$F$409,lot,5,FALSE),0)),\"\")","v":6.6887895500725696},{"$f":"IF($H176>0,VLOOKUP($D:$D,prix,15,FALSE),\"\")","v":""},{"$f":"IF($C176=\"RM\",$O176*$G176,\"\")","v":33.443947750362845},{"$f":"IF($H176>0,$H176*$P176,\"\")","v":""},null,{"$f":"IF($F176>0,VALUE(LEFT($F176,4)),\"\")","v":6172},{"$f":"IF(F176>0,IF(ISERROR(SEARCH(\"*FZ*\",$E176))=FALSE,\"FZ\",IF(ISERROR(SEARCH(\"*FR*\",$E176))=FALSE,\"FR\",\"Aucun\")),\"\")","v":"FR"},{"$f":"IF($C176=\"RM\",IF($U176=\"FR\",IF(ISNA(VLOOKUP($F:$F,lot,6,FALSE))=TRUE,VLOOKUP($T:$T,date,2,FALSE),VLOOKUP($F:$F,lot,6,FALSE)),\"\"),\"\")","v":"2016-04-18"},{"$f":"IF($C176=\"RM\",IF($U176=\"Fz\",IF(ISNA(VLOOKUP($F:$F,lot,6,FALSE))=TRUE,VLOOKUP($T:$T,date,2,FALSE),VLOOKUP($F:$F,lot,6,FALSE)),\"\"),\"\")","v":""},{"$f":"IF($C176=\"FG\",VLOOKUP($A:$A,op,4,FALSE),\"\")","v":""},"2016-04-25",{"$f":"IF(C176=\"rm\",IF(U176=\"aucun\",\"OK\",IF(U176=\"fz\",IF(Y176-W176>730,Y176-W176,\"OK\"),IF(Y176-V176<1,1,Y176-V176))),\"\")","v":7}]
["6172P117","Chicken","FG",36704,"CH.FILET*NF*CUT/2*F.TRIM*7ONC ***ALIMPLUS***FR @P","6172P118","",5,5,null,{"$f":"IF(ISNA(VLOOKUP($D:$D,rend,2,FALSE))=FALSE,VLOOKUP($D:$D,rend,2,FALSE),\"\")","v":0.80079207353180992},{"$f":"IF($C177=\"RM\",IF(ISNA(VLOOKUP($F$2:$F$409,pos,2,FALSE))=FALSE,VLOOKUP($F177:$F$409,pos,2,FALSE),IF(ISNA(VLOOKUP($F$2:$F$409,lot,2,FALSE))=FALSE,VLOOKUP($F$2:$F$409,lot,2,FALSE),\"MANQUANT\")),\"\")","v":""},{"$f":"IF($C177=\"RM\",IF(ISNA(VLOOKUP($F$2:$F$409,pos,3,FALSE))=FALSE,VLOOKUP($F177:$F556,pos,3,FALSE),\"OP\"),\"\")","v":""},{"$f":"IF($C177=\"RM\",IF(ISNA(VLOOKUP($F177:$F$402,pos,4,FALSE))=FALSE,VLOOKUP($F$2:$F$402,pos,4,FALSE),\"\"),\"\")","v":""},{"$f":"IF($C177=\"RM\",IF(ISNA(VLOOKUP($F$2:$F$409,pos,5,FALSE))=FALSE,VLOOKUP($F$2:$F$409,pos,5,FALSE),IF(ISNA(VLOOKUP($F$2:$F$409,lot,5,FALSE))=FALSE,VLOOKUP($F$2:$F$409,lot,5,FALSE),0)),\"\")","v":""},{"$f":"IF($H177>0,VLOOKUP($D:$D,prix,15,FALSE),\"\")","v":9.75},{"$f":"IF($C177=\"RM\",$O177*$G177,\"\")","v":""},48.75,null,{"$f":"IF($F177>0,VALUE(LEFT($F177,4)),\"\")","v":6172},{"$f":"IF(F177>0,IF(ISERROR(SEARCH(\"*FZ*\",$E177))=FALSE,\"FZ\",IF(ISERROR(SEARCH(\"*FR*\",$E177))=FALSE,\"FR\",\"Aucun\")),\"\")","v":"FR"},{"$f":"IF($C177=\"RM\",IF($U177=\"FR\",IF(ISNA(VLOOKUP($F:$F,lot,6,FALSE))=TRUE,VLOOKUP($T:$T,date,2,FALSE),VLOOKUP($F:$F,lot,6,FALSE)),\"\"),\"\")","v":""},{"$f":"IF($C177=\"RM\",IF($U177=\"Fz\",IF(ISNA(VLOOKUP($F:$F,lot,6,FALSE))=TRUE,VLOOKUP($T:$T,date,2,FALSE),VLOOKUP($F:$F,lot,6,FALSE)),\"\"),\"\")","v":""},{"$f":"IF($C177=\"FG\",VLOOKUP($A:$A,op,4,FALSE),\"\")","v":"2016-04-18"},"2016-04-25"]
["6172P117 Total",null,null,null,null,null,{"$f":"SUBTOTAL(9,G176:G177)","v":5},{"$f":"SUBTOTAL(9,H176:H177)","v":5},null,{"$f":"$G178-$H178","v":0},{"$f":"$H178/$G178","v":1},null,null,null,{"$f":"$Q178/$H178","v":6.6887895500725687},null,{"$f":"SUBTOTAL(9,Q176:Q177)","v":33.443947750362845},{"$f":"SUBTOTAL(9,R176:R177)","v":48.75},{"$f":"($R178-$Q178)/$Q178","v":0.45766284422780484},null,null,null,null,null,null,{"$f":"V176","v":"2016-04-18"}]
["6173P0615","Chicken","RM",35750,"CHICKEN FINGERS FR #D","6173P0615",145,null,5,null,{"$f":"IF(ISNA(VLOOKUP($D:$D,rend,2,FALSE))=FALSE,VLOOKUP($D:$D,rend,2,FALSE),\"\")","v":0.73420780594965107},{"$f":"IF($C179=\"RM\",IF(ISNA(VLOOKUP($F$2:$F$409,pos,2,FALSE))=FALSE,VLOOKUP($F179:$F$409,pos,2,FALSE),IF(ISNA(VLOOKUP($F$2:$F$409,lot,2,FALSE))=FALSE,VLOOKUP($F$2:$F$409,lot,2,FALSE),\"MANQUANT\")),\"\")","v":"6173P06"},{"$f":"IF($C179=\"RM\",IF(ISNA(VLOOKUP($F$2:$F$409,pos,3,FALSE))=FALSE,VLOOKUP($F179:$F557,pos,3,FALSE),\"OP\"),\"\")","v":"OP"},{"$f":"IF($C179=\"RM\",IF(ISNA(VLOOKUP($F179:$F$402,pos,4,FALSE))=FALSE,VLOOKUP($F$2:$F$402,pos,4,FALSE),\"\"),\"\")","v":""},{"$f":"IF($C179=\"RM\",IF(ISNA(VLOOKUP($F$2:$F$409,pos,5,FALSE))=FALSE,VLOOKUP($F$2:$F$409,pos,5,FALSE),IF(ISNA(VLOOKUP($F$2:$F$409,lot,5,FALSE))=FALSE,VLOOKUP($F$2:$F$409,lot,5,FALSE),0)),\"\")","v":6.6377881994745493},{"$f":"IF($H179>0,VLOOKUP($D:$D,prix,15,FALSE),\"\")","v":""},{"$f":"IF($C179=\"RM\",$O179*$G179,\"\")","v":962.47928892380969},{"$f":"IF($H179>0,$H179*$P179,\"\")","v":""},null,{"$f":"IF($F179>0,VALUE(LEFT($F179,4)),\"\")","v":6173},{"$f":"IF(F179>0,IF(ISERROR(SEARCH(\"*FZ*\",$E179))=FALSE,\"FZ\",IF(ISERROR(SEARCH(\"*FR*\",$E179))=FALSE,\"FR\",\"Aucun\")),\"\")","v":"FR"},{"$f":"IF($C179=\"RM\",IF($U179=\"FR\",IF(ISNA(VLOOKUP($F:$F,lot,6,FALSE))=TRUE,VLOOKUP($T:$T,date,2,FALSE),VLOOKUP($F:$F,lot,6,FALSE)),\"\"),\"\")","v":"2016-04-19"},{"$f":"IF($C179=\"RM\",IF($U179=\"Fz\",IF(ISNA(VLOOKUP($F:$F,lot,6,FALSE))=TRUE,VLOOKUP($T:$T,date,2,FALSE),VLOOKUP($F:$F,lot,6,FALSE)),\"\"),\"\")","v":""},{"$f":"IF($C179=\"FG\",VLOOKUP($A:$A,op,4,FALSE),\"\")","v":""},"2016-04-25",{"$f":"IF(C179=\"rm\",IF(U179=\"aucun\",\"OK\",IF(U179=\"fz\",IF(Y179-W179>730,Y179-W179,\"OK\"),IF(Y179-V179<1,1,Y179-V179))),\"\")","v":6}]
["6173P0615","Chicken","FG",35751,"CHICKEN FINGERS FZ #D","6173P0624","",145,5,null,{"$f":"IF(ISNA(VLOOKUP($D:$D,rend,2,FALSE))=FALSE,VLOOKUP($D:$D,rend,2,FALSE),\"\")","v":0.74604623705186879},{"$f":"IF($C180=\"RM\",IF(ISNA(VLOOKUP($F$2:$F$409,pos,2,FALSE))=FALSE,VLOOKUP($F180:$F$409,pos,2,FALSE),IF(ISNA(VLOOKUP($F$2:$F$409,lot,2,FALSE))=FALSE,VLOOKUP($F$2:$F$409,lot,2,FALSE),\"MANQUANT\")),\"\")","v":""},{"$f":"IF($C180=\"RM\",IF(ISNA(VLOOKUP($F$2:$F$409,pos,3,FALSE))=FALSE,VLOOKUP($F180:$F558,pos,3,FALSE),\"OP\"),\"\")","v":""},{"$f":"IF($C180=\"RM\",IF(ISNA(VLOOKUP($F180:$F$402,pos,4,FALSE))=FALSE,VLOOKUP($F$2:$F$402,pos,4,FALSE),\"\"),\"\")","v":""},{"$f":"IF($C180=\"RM\",IF(ISNA(VLOOKUP($F$2:$F$409,pos,5,FALSE))=FALSE,VLOOKUP($F$2:$F$409,pos,5,FALSE),IF(ISNA(VLOOKUP($F$2:$F$409,lot,5,FALSE))=FALSE,VLOOKUP($F$2:$F$409,lot,5,FALSE),0)),\"\")","v":""},{"$f":"IF($H180>0,VLOOKUP($D:$D,prix,15,FALSE),\"\")","v":6.35},{"$f":"IF($C180=\"RM\",$O180*$G180,\"\")","v":""},920.75,null,{"$f":"IF($F180>0,VALUE(LEFT($F180,4)),\"\")","v":6173},{"$f":"IF(F180>0,IF(ISERROR(SEARCH(\"*FZ*\",$E180))=FALSE,\"FZ\",IF(ISERROR(SEARCH(\"*FR*\",$E180))=FALSE,\"FR\",\"Aucun\")),\"\")","v":"FZ"},{"$f":"IF($C180=\"RM\",IF($U180=\"FR\",IF(ISNA(VLOOKUP($F:$F,lot,6,FALSE))=TRUE,VLOOKUP($T:$T,date,2,FALSE),VLOOKUP($F:$F,lot,6,FALSE)),\"\"),\"\")","v":""},{"$f":"IF($C180=\"RM\",IF($U180=\"Fz\",IF(ISNA(VLOOKUP($F:$F,lot,6,FALSE))=TRUE,VLOOKUP($T:$T,date,2,FALSE),VLOOKUP($F:$F,lot,6,FALSE)),\"\"),\"\")","v":""},{"$f":"IF($C180=\"FG\",VLOOKUP($A:$A,op,4,FALSE),\"\")","v":"2016-04-19"},"2016-04-25"]
["6173P0615 Total",null,null,null,null,null,{"$f":"SUBTOTAL(9,G179:G180)","v":145},{"$f":"SUBTOTAL(9,H179:H180)","v":145},null,{"$f":"$G181-$H181","v":0},{"$f":"$H181/$G181","v":1},null,null,null,{"$f":"$Q181/$H181","v":6.6377881994745493},null,{"$f":"SUBTOTAL(9,Q179:Q180)","v":962.47928892380969},{"$f":"SUBTOTAL(9,R179:R180)","v":920.75},{"$f":"($R181-$Q181)/$Q181","v":-4.3356038310672682E-2},null,null,null,null,null,null,{"$f":"V179","v":"2016-04-19"}]
["6173P0622","Chicken","RM",37003,"FULL TRIM RANDOM *IN PROCESS* CODE: 26019,27056,35760 FR @P","6173P0622",175,null,5,null,{"$f":"IF(ISNA(VLOOKUP($D:$D,rend,2,FALSE))=FALSE,VLOOKUP($D:$D,rend,2,FALSE),\"\")","v":0.8474087549148519},{"$f":"IF($C182=\"RM\",IF(ISNA(VLOOKUP($F$2:$F$409,pos,2,FALSE))=FALSE,VLOOKUP($F182:$F$409,pos,2,FALSE),IF(ISNA(VLOOKUP($F$2:$F$409,lot,2,FALSE))=FALSE,VLOOKUP($F$2:$F$409,lot,2,FALSE),\"MANQUANT\")),\"\")","v":"6173P0614"},{"$f":"IF($C182=\"RM\",IF(ISNA(VLOOKUP($F$2:$F$409,pos,3,FALSE))=FALSE,VLOOKUP($F182:$F559,pos,3,FALSE),\"OP\"),\"\")","v":"OP"},{"$f":"IF($C182=\"RM\",IF(ISNA(VLOOKUP($F182:$F$402,pos,4,FALSE))=FALSE,VLOOKUP($F$2:$F$402,pos,4,FALSE),\"\"),\"\")","v":""},{"$f":"IF($C182=\"RM\",IF(ISNA(VLOOKUP($F$2:$F$409,pos,5,FALSE))=FALSE,VLOOKUP($F$2:$F$409,pos,5,FALSE),IF(ISNA(VLOOKUP($F$2:$F$409,lot,5,FALSE))=FALSE,VLOOKUP($F$2:$F$409,lot,5,FALSE),0)),\"\")","v":6.1732447541550375},{"$f":"IF($H182>0,VLOOKUP($D:$D,prix,15,FALSE),\"\")","v":""},{"$f":"IF($C182=\"RM\",$O182*$G182,\"\")","v":1080.3178319771316},{"$f":"IF($H182>0,$H182*$P182,\"\")","v":""},null,{"$f":"IF($F182>0,VALUE(LEFT($F182,4)),\"\")","v":6173},{"$f":"IF(F182>0,IF(ISERROR(SEARCH(\"*FZ*\",$E182))=FALSE,\"FZ\",IF(ISERROR(SEARCH(\"*FR*\",$E182))=FALSE,\"FR\",\"Aucun\")),\"\")","v":"FR"},{"$f":"IF($C182=\"RM\",IF($U182=\"FR\",IF(ISNA(VLOOKUP($F:$F,lot,6,FALSE))=TRUE,VLOOKUP($T:$T,date,2,FALSE),VLOOKUP($F:$F,lot,6,FALSE)),\"\"),\"\")","v":"2016-04-19"},{"$f":"IF($C182=\"RM\",IF($U182=\"Fz\",IF(ISNA(VLOOKUP($F:$F,lot,6,FALSE))=TRUE,VLOOKUP($T:$T,date,2,FALSE),VLOOKUP($F:$F,lot,6,FALSE)),\"\"),\"\")","v":""},{"$f":"IF($C182=\"FG\",VLOOKUP($A:$A,op,4,FALSE),\"\")","v":""},"2016-04-25",{"$f":"IF(C182=\"rm\",IF(U182=\"aucun\",\"OK\",IF(U182=\"fz\",IF(Y182-W182>730,Y182-W182,\"OK\"),IF(Y182-V182<1,1,Y182-V182))),\"\")","v":6}]
["6173P0622","Chicken","FG",35760,"CH.FILET*CUT/2* NF*F.TRIM FR @P","6173P0623","",175,5,null,{"$f":"IF(ISNA(VLOOKUP($D:$D,rend,2,FALSE))=FALSE,VLOOKUP($D:$D,rend,2,FALSE),\"\")","v":0.87125664974782602},{"$f":"IF($C183=\"RM\",IF(ISNA(VLOOKUP($F$2:$F$409,pos,2,FALSE))=FALSE,VLOOKUP($F183:$F$409,pos,2,FALSE),IF(ISNA(VLOOKUP($F$2:$F$409,lot,2,FALSE))=FALSE,VLOOKUP($F$2:$F$409,lot,2,FALSE),\"MANQUANT\")),\"\")","v":""},{"$f":"IF($C183=\"RM\",IF(ISNA(VLOOKUP($F$2:$F$409,pos,3,FALSE))=FALSE,VLOOKUP($F183:$F560,pos,3,FALSE),\"OP\"),\"\")","v":""},{"$f":"IF($C183=\"RM\",IF(ISNA(VLOOKUP($F183:$F$402,pos,4,FALSE))=FALSE,VLOOKUP($F$2:$F$402,pos,4,FALSE),\"\"),\"\")","v":""},{"$f":"IF($C183=\"RM\",IF(ISNA(VLOOKUP($F$2:$F$409,pos,5,FALSE))=FALSE,VLOOKUP($F$2:$F$409,pos,5,FALSE),IF(ISNA(VLOOKUP($F$2:$F$409,lot,5,FALSE))=FALSE,VLOOKUP($F$2:$F$409,lot,5,FALSE),0)),\"\")","v":""},{"$f":"IF($H183>0,VLOOKUP($D:$D,prix,15,FALSE),\"\")","v":8.6999999999999993},{"$f":"IF($C183=\"RM\",$O183*$G183,\"\")","v":""},1522.4999999999998,null,{"$f":"IF($F183>0,VALUE(LEFT($F183,4)),\"\")","v":6173},{"$f":"IF(F183>0,IF(ISERROR(SEARCH(\"*FZ*\",$E183))=FALSE,\"FZ\",IF(ISERROR(SEARCH(\"*FR*\",$E183))=FALSE,\"FR\",\"Aucun\")),\"\")","v":"FR"},{"$f":"IF($C183=\"RM\",IF($U183=\"FR\",IF(ISNA(VLOOKUP($F:$F,lot,6,FALSE))=TRUE,VLOOKUP($T:$T,date,2,FALSE),VLOOKUP($F:$F,lot,6,FALSE)),\"\"),\"\")","v":""},{"$f":"IF($C183=\"RM\",IF($U183=\"Fz\",IF(ISNA(VLOOKUP($F:$F,lot,6,FALSE))=TRUE,VLOOKUP($T:$T,date,2,FALSE),VLOOKUP($F:$F,lot,6,FALSE)),\"\"),\"\")","v":""},{"$f":"IF($C183=\"FG\",VLOOKUP($A:$A,op,4,FALSE),\"\")","v":"2016-04-19"},"2016-04-25"]
["6173P0622 Total",null,null,null,null,null,{"$f":"SUBTOTAL(9,G182:G183)","v":175},{"$f":"SUBTOTAL(9,H182:H183)","v":175},null,{"$f":"$G184-$H184","v":0},{"$f":"$H184/$G184","v":1},null,null,null,{"$f":"$Q184/$H184","v":6.1732447541550375},null,{"$f":"SUBTOTAL(9,Q182:Q183)","v":1080.3178319771316},{"$f":"SUBTOTAL(9,R182:R183)","v":1522.4999999999998},{"$f":"($R184-$Q184)/$Q184","v":0.40930747872004797},null,null,null,null,null,null,{"$f":"V182","v":"2016-04-19"}]
["6173P0710","Chicken","RM",35750,"CHICKEN FINGERS FR #D","6173P0710",85,null,5,null,{"$f":"IF(ISNA(VLOOKUP($D:$D,rend,2,FALSE))=FALSE,VLOOKUP($D:$D,rend,2,FALSE),\"\")","v":0.73420780594965107},{"$f":"IF($C185=\"RM\",IF(ISNA(VLOOKUP($F$2:$F$409,pos,2,FALSE))=FALSE,VLOOKUP($F185:$F$409,pos,2,FALSE),IF(ISNA(VLOOKUP($F$2:$F$409,lot,2,FALSE))=FALSE,VLOOKUP($F$2:$F$409,lot,2,FALSE),\"MANQUANT\")),\"\")","v":"6173P07"},{"$f":"IF($C185=\"RM\",IF(ISNA(VLOOKUP($F$2:$F$409,pos,3,FALSE))=FALSE,VLOOKUP($F185:$F561,pos,3,FALSE),\"OP\"),\"\")","v":"OP"},{"$f":"IF($C185=\"RM\",IF(ISNA(VLOOKUP($F185:$F$402,pos,4,FALSE))=FALSE,VLOOKUP($F$2:$F$402,pos,4,FALSE),\"\"),\"\")","v":""},{"$f":"IF($C185=\"RM\",IF(ISNA(VLOOKUP($F$2:$F$409,pos,5,FALSE))=FALSE,VLOOKUP($F$2:$F$409,pos,5,FALSE),IF(ISNA(VLOOKUP($F$2:$F$409,lot,5,FALSE))=FALSE,VLOOKUP($F$2:$F$409,lot,5,FALSE),0)),\"\")","v":6.4610789834357858},{"$f":"IF($H185>0,VLOOKUP($D:$D,prix,15,FALSE),\"\")","v":""},{"$f":"IF($C185=\"RM\",$O185*$G185,\"\")","v":549.19171359204176},{"$f":"IF($H185>0,$H185*$P185,\"\")","v":""},null,{"$f":"IF($F185>0,VALUE(LEFT($F185,4)),\"\")","v":6173},{"$f":"IF(F185>0,IF(ISERROR(SEARCH(\"*FZ*\",$E185))=FALSE,\"FZ\",IF(ISERROR(SEARCH(\"*FR*\",$E185))=FALSE,\"FR\",\"Aucun\")),\"\")","v":"FR"},{"$f":"IF($C185=\"RM\",IF($U185=\"FR\",IF(ISNA(VLOOKUP($F:$F,lot,6,FALSE))=TRUE,VLOOKUP($T:$T,date,2,FALSE),VLOOKUP($F:$F,lot,6,FALSE)),\"\"),\"\")","v":"2016-04-19"},{"$f":"IF($C185=\"RM\",IF($U185=\"Fz\",IF(ISNA(VLOOKUP($F:$F,lot,6,FALSE))=TRUE,VLOOKUP($T:$T,date,2,FALSE),VLOOKUP($F:$F,lot,6,FALSE)),\"\"),\"\")","v":""},{"$f":"IF($C185=\"FG\",VLOOKUP($A:$A,op,4,FALSE),\"\")","v":""},"2016-04-25",{"$f":"IF(C185=\"rm\",IF(U185=\"aucun\",\"OK\",IF(U185=\"fz\",IF(Y185-W185>730,Y185-W185,\"OK\"),IF(Y185-V185<1,1,Y185-V185))),\"\")","v":6}]
["6173P0710","Chicken","FG",35750,"CHICKEN FINGERS FR #D","6173P0718","",85,5,null,{"$f":"IF(ISNA(VLOOKUP($D:$D,rend,2,FALSE))=FALSE,VLOOKUP($D:$D,rend,2,FALSE),\"\")","v":0.73420780594965107},{"$f":"IF($C186=\"RM\",IF(ISNA(VLOOKUP($F$2:$F$409,pos,2,FALSE))=FALSE,VLOOKUP($F186:$F$409,pos,2,FALSE),IF(ISNA(VLOOKUP($F$2:$F$409,lot,2,FALSE))=FALSE,VLOOKUP($F$2:$F$409,lot,2,FALSE),\"MANQUANT\")),\"\")","v":""},{"$f":"IF($C186=\"RM\",IF(ISNA(VLOOKUP($F$2:$F$409,pos,3,FALSE))=FALSE,VLOOKUP($F186:$F562,pos,3,FALSE),\"OP\"),\"\")","v":""},{"$f":"IF($C186=\"RM\",IF(ISNA(VLOOKUP($F186:$F$402,pos,4,FALSE))=FALSE,VLOOKUP($F$2:$F$402,pos,4,FALSE),\"\"),\"\")","v":""},{"$f":"IF($C186=\"RM\",IF(ISNA(VLOOKUP($F$2:$F$409,pos,5,FALSE))=FALSE,VLOOKUP($F$2:$F$409,pos,5,FALSE),IF(ISNA(VLOOKUP($F$2:$F$409,lot,5,FALSE))=FALSE,VLOOKUP($F$2:$F$409,lot,5,FALSE),0)),\"\")","v":""},{"$f":"IF($H186>0,VLOOKUP($D:$D,prix,15,FALSE),\"\")","v":6.5},{"$f":"IF($C186=\"RM\",$O186*$G186,\"\")","v":""},552.5,null,{"$f":"IF($F186>0,VALUE(LEFT($F186,4)),\"\")","v":6173},{"$f":"IF(F186>0,IF(ISERROR(SEARCH(\"*FZ*\",$E186))=FALSE,\"FZ\",IF(ISERROR(SEARCH(\"*FR*\",$E186))=FALSE,\"FR\",\"Aucun\")),\"\")","v":"FR"},{"$f":"IF($C186=\"RM\",IF($U186=\"FR\",IF(ISNA(VLOOKUP($F:$F,lot,6,FALSE))=TRUE,VLOOKUP($T:$T,date,2,FALSE),VLOOKUP($F:$F,lot,6,FALSE)),\"\"),\"\")","v":""},{"$f":"IF($C186=\"RM\",IF($U186=\"Fz\",IF(ISNA(VLOOKUP($F:$F,lot,6,FALSE))=TRUE,VLOOKUP($T:$T,date,2,FALSE),VLOOKUP($F:$F,lot,6,FALSE)),\"\"),\"\")","v":""},{"$f":"IF($C186=\"FG\",VLOOKUP($A:$A,op,4,FALSE),\"\")","v":"2016-04-19"},"2016-04-25"]
["6173P0710 Total",null,null,null,null,null,{"$f":"SUBTOTAL(9,G185:G186)","v":85},{"$f":"SUBTOTAL(9,H185:H186)","v":85},null,{"$f":"$G187-$H187","v":0},{"$f":"$H187/$G187","v":1},null,null,null,{"$f":"$Q187/$H187","v":6.4610789834357858},null,{"$f":"SUBTOTAL(9,Q185:Q186)","v":549.19171359204176},{"$f":"SUBTOTAL(9,R185:R186)","v":552.5},{"$f":"($R187-$Q187)/$Q187","v":6.0239190178600225E-3},null,null,null,null,null,null,{"$f":"V185","v":"2016-04-19"}]
["6173P0710B","Chicken","RM",35750,"CHICKEN FINGERS FR #D","6173P0710",5,null,5,null,{"$f":"IF(ISNA(VLOOKUP($D:$D,rend,2,FALSE))=FALSE,VLOOKUP($D:$D,rend,2,FALSE),\"\")","v":0.73420780594965107},{"$f":"IF($C188=\"RM\",IF(ISNA(VLOOKUP($F$2:$F$409,pos,2,FALSE))=FALSE,VLOOKUP($F188:$F$409,pos,2,FALSE),IF(ISNA(VLOOKUP($F$2:$F$409,lot,2,FALSE))=FALSE,VLOOKUP($F$2:$F$409,lot,2,FALSE),\"MANQUANT\")),\"\")","v":"6173P07"},{"$f":"IF($C188=\"RM\",IF(ISNA(VLOOKUP($F$2:$F$409,pos,3,FALSE))=FALSE,VLOOKUP($F188:$F563,pos,3,FALSE),\"OP\"),\"\")","v":"OP"},{"$f":"IF($C188=\"RM\",IF(ISNA(VLOOKUP($F188:$F$402,pos,4,FALSE))=FALSE,VLOOKUP($F$2:$F$402,pos,4,FALSE),\"\"),\"\")","v":""},{"$f":"IF($C188=\"RM\",IF(ISNA(VLOOKUP($F$2:$F$409,pos,5,FALSE))=FALSE,VLOOKUP($F$2:$F$409,pos,5,FALSE),IF(ISNA(VLOOKUP($F$2:$F$409,lot,5,FALSE))=FALSE,VLOOKUP($F$2:$F$409,lot,5,FALSE),0)),\"\")","v":6.4610789834357858},{"$f":"IF($H188>0,VLOOKUP($D:$D,prix,15,FALSE),\"\")","v":""},{"$f":"IF($C188=\"RM\",$O188*$G188,\"\")","v":32.30539491717893},{"$f":"IF($H188>0,$H188*$P188,\"\")","v":""},null,{"$f":"IF($F188>0,VALUE(LEFT($F188,4)),\"\")","v":6173},{"$f":"IF(F188>0,IF(ISERROR(SEARCH(\"*FZ*\",$E188))=FALSE,\"FZ\",IF(ISERROR(SEARCH(\"*FR*\",$E188))=FALSE,\"FR\",\"Aucun\")),\"\")","v":"FR"},{"$f":"IF($C188=\"RM\",IF($U188=\"FR\",IF(ISNA(VLOOKUP($F:$F,lot,6,FALSE))=TRUE,VLOOKUP($T:$T,date,2,FALSE),VLOOKUP($F:$F,lot,6,FALSE)),\"\"),\"\")","v":"2016-04-19"},{"$f":"IF($C188=\"RM\",IF($U188=\"Fz\",IF(ISNA(VLOOKUP($F:$F,lot,6,FALSE))=TRUE,VLOOKUP($T:$T,date,2,FALSE),VLOOKUP($F:$F,lot,6,FALSE)),\"\"),\"\")","v":""},{"$f":"IF($C188=\"FG\",VLOOKUP($A:$A,op,4,FALSE),\"\")","v":""},"2016-04-25",{"$f":"IF(C188=\"rm\",IF(U188=\"aucun\",\"OK\",IF(U188=\"fz\",IF(Y188-W188>730,Y188-W188,\"OK\"),IF(Y188-V188<1,1,Y188-V188))),\"\")","v":6}]
["6173P0710B","Chicken","FG",35751,"CHICKEN FINGERS FZ #D","6173P0719","",5,5,null,{"$f":"IF(ISNA(VLOOKUP($D:$D,rend,2,FALSE))=FALSE,VLOOKUP($D:$D,rend,2,FALSE),\"\")","v":0.74604623705186879},{"$f":"IF($C189=\"RM\",IF(ISNA(VLOOKUP($F$2:$F$409,pos,2,FALSE))=FALSE,VLOOKUP($F189:$F$409,pos,2,FALSE),IF(ISNA(VLOOKUP($F$2:$F$409,lot,2,FALSE))=FALSE,VLOOKUP($F$2:$F$409,lot,2,FALSE),\"MANQUANT\")),\"\")","v":""},{"$f":"IF($C189=\"RM\",IF(ISNA(VLOOKUP($F$2:$F$409,pos,3,FALSE))=FALSE,VLOOKUP($F189:$F564,pos,3,FALSE),\"OP\"),\"\")","v":""},{"$f":"IF($C189=\"RM\",IF(ISNA(VLOOKUP($F189:$F$402,pos,4,FALSE))=FALSE,VLOOKUP($F$2:$F$402,pos,4,FALSE),\"\"),\"\")","v":""},{"$f":"IF($C189=\"RM\",IF(ISNA(VLOOKUP($F$2:$F$409,pos,5,FALSE))=FALSE,VLOOKUP($F$2:$F$409,pos,5,FALSE),IF(ISNA(VLOOKUP($F$2:$F$409,lot,5,FALSE))=FALSE,VLOOKUP($F$2:$F$409,lot,5,FALSE),0)),\"\")","v":""},{"$f":"IF($H189>0,VLOOKUP($D:$D,prix,15,FALSE),\"\")","v":6.35},{"$f":"IF($C189=\"RM\",$O189*$G189,\"\")","v":""},31.75,null,{"$f":"IF($F189>0,VALUE(LEFT($F189,4)),\"\")","v":6173},{"$f":"IF(F189>0,IF(ISERROR(SEARCH(\"*FZ*\",$E189))=FALSE,\"FZ\",IF(ISERROR(SEARCH(\"*FR*\",$E189))=FALSE,\"FR\",\"Aucun\")),\"\")","v":"FZ"},{"$f":"IF($C189=\"RM\",IF($U189=\"FR\",IF(ISNA(VLOOKUP($F:$F,lot,6,FALSE))=TRUE,VLOOKUP($T:$T,date,2,FALSE),VLOOKUP($F:$F,lot,6,FALSE)),\"\"),\"\")","v":""},{"$f":"IF($C189=\"RM\",IF($U189=\"Fz\",IF(ISNA(VLOOKUP($F:$F,lot,6,FALSE))=TRUE,VLOOKUP($T:$T,date,2,FALSE),VLOOKUP($F:$F,lot,6,FALSE)),\"\"),\"\")","v":""},{"$f":"IF($C189=\"FG\",VLOOKUP($A:$A,op,4,FALSE),\"\")","v":"2016-04-19"},"2016-04-25"]
["6173P0710B Total",null,null,null,null,null,{"$f":"SUBTOTAL(9,G188:G189)","v":5},{"$f":"SUBTOTAL(9,H188:H189)","v":5},null,{"$f":"$G190-$H190","v":0},{"$f":"$H190/$G190","v":1},null,null,null,{"$f":"$Q190/$H190","v":6.4610789834357858},null,{"$f":"SUBTOTAL(9,Q188:Q189)","v":32.30539491717893},{"$f":"SUBTOTAL(9,R188:R189)","v":31.75},{"$f":"($R190-$Q190)/$Q190","v":-1.71920175748599E-2},null,null,null,null,null,null,{"$f":"V188","v":"2016-04-19"}]
["6174P02B","Chicken","RM",35006,"CH.LEGS *WHOLE* FR #D","6174P02",18.399999999999999,null,5,null,{"$f":"IF(ISNA(VLOOKUP($D:$D,rend,2,FALSE))=FALSE,VLOOKUP($D:$D,rend,2,FALSE),\"\")","v":0.91616344332738064},{"$f":"IF($C191=\"RM\",IF(ISNA(VLOOKUP($F$2:$F$409,pos,2,FALSE))=FALSE,VLOOKUP($F191:$F$409,pos,2,FALSE),IF(ISNA(VLOOKUP($F$2:$F$409,lot,2,FALSE))=FALSE,VLOOKUP($F$2:$F$409,lot,2,FALSE),\"MANQUANT\")),\"\")","v":"PO-0021768"},{"$f":"IF($C191=\"RM\",IF(ISNA(VLOOKUP($F$2:$F$409,pos,3,FALSE))=FALSE,VLOOKUP($F191:$F565,pos,3,FALSE),\"OP\"),\"\")","v":"EXCE"},{"$f":"IF($C191=\"RM\",IF(ISNA(VLOOKUP($F191:$F$402,pos,4,FALSE))=FALSE,VLOOKUP($F$2:$F$402,pos,4,FALSE),\"\"),\"\")","v":332},{"$f":"IF($C191=\"RM\",IF(ISNA(VLOOKUP($F$2:$F$409,pos,5,FALSE))=FALSE,VLOOKUP($F$2:$F$409,pos,5,FALSE),IF(ISNA(VLOOKUP($F$2:$F$409,lot,5,FALSE))=FALSE,VLOOKUP($F$2:$F$409,lot,5,FALSE),0)),\"\")","v":2},{"$f":"IF($H191>0,VLOOKUP($D:$D,prix,15,FALSE),\"\")","v":""},{"$f":"IF($C191=\"RM\",$O191*$G191,\"\")","v":36.799999999999997},{"$f":"IF($H191>0,$H191*$P191,\"\")","v":""},null,{"$f":"IF($F191>0,VALUE(LEFT($F191,4)),\"\")","v":6174},{"$f":"IF(F191>0,IF(ISERROR(SEARCH(\"*FZ*\",$E191))=FALSE,\"FZ\",IF(ISERROR(SEARCH(\"*FR*\",$E191))=FALSE,\"FR\",\"Aucun\")),\"\")","v":"FR"},{"$f":"IF($C191=\"RM\",IF($U191=\"FR\",IF(ISNA(VLOOKUP($F:$F,lot,6,FALSE))=TRUE,VLOOKUP($T:$T,date,2,FALSE),VLOOKUP($F:$F,lot,6,FALSE)),\"\"),\"\")","v":"2016-04-20"},{"$f":"IF($C191=\"RM\",IF($U191=\"Fz\",IF(ISNA(VLOOKUP($F:$F,lot,6,FALSE))=TRUE,VLOOKUP($T:$T,date,2,FALSE),VLOOKUP($F:$F,lot,6,FALSE)),\"\"),\"\")","v":""},{"$f":"IF($C191=\"FG\",VLOOKUP($A:$A,op,4,FALSE),\"\")","v":""},"2016-04-25",{"$f":"IF(C191=\"rm\",IF(U191=\"aucun\",\"OK\",IF(U191=\"fz\",IF(Y191-W191>730,Y191-W191,\"OK\"),IF(Y191-V191<1,1,Y191-V191))),\"\")","v":5}]
["6174P02B","Chicken","FG",35006,"CH.LEGS *WHOLE* FR #D","6174P022","",18.399999999999999,5,null,{"$f":"IF(ISNA(VLOOKUP($D:$D,rend,2,FALSE))=FALSE,VLOOKUP($D:$D,rend,2,FALSE),\"\")","v":0.91616344332738064},{"$f":"IF($C192=\"RM\",IF(ISNA(VLOOKUP($F$2:$F$409,pos,2,FALSE))=FALSE,VLOOKUP($F192:$F$409,pos,2,FALSE),IF(ISNA(VLOOKUP($F$2:$F$409,lot,2,FALSE))=FALSE,VLOOKUP($F$2:$F$409,lot,2,FALSE),\"MANQUANT\")),\"\")","v":""},{"$f":"IF($C192=\"RM\",IF(ISNA(VLOOKUP($F$2:$F$409,pos,3,FALSE))=FALSE,VLOOKUP($F192:$F566,pos,3,FALSE),\"OP\"),\"\")","v":""},{"$f":"IF($C192=\"RM\",IF(ISNA(VLOOKUP($F192:$F$402,pos,4,FALSE))=FALSE,VLOOKUP($F$2:$F$402,pos,4,FALSE),\"\"),\"\")","v":""},{"$f":"IF($C192=\"RM\",IF(ISNA(VLOOKUP($F$2:$F$409,pos,5,FALSE))=FALSE,VLOOKUP($F$2:$F$409,pos,5,FALSE),IF(ISNA(VLOOKUP($F$2:$F$409,lot,5,FALSE))=FALSE,VLOOKUP($F$2:$F$409,lot,5,FALSE),0)),\"\")","v":""},{"$f":"IF($H192>0,VLOOKUP($D:$D,prix,15,FALSE),\"\")","v":2.25},{"$f":"IF($C192=\"RM\",$O192*$G192,\"\")","v":""},41.4,null,{"$f":"IF($F192>0,VALUE(LEFT($F192,4)),\"\")","v":6174},{"$f":"IF(F192>0,IF(ISERROR(SEARCH(\"*FZ*\",$E192))=FALSE,\"FZ\",IF(ISERROR(SEARCH(\"*FR*\",$E192))=FALSE,\"FR\",\"Aucun\")),\"\")","v":"FR"},{"$f":"IF($C192=\"RM\",IF($U192=\"FR\",IF(ISNA(VLOOKUP($F:$F,lot,6,FALSE))=TRUE,VLOOKUP($T:$T,date,2,FALSE),VLOOKUP($F:$F,lot,6,FALSE)),\"\"),\"\")","v":""},{"$f":"IF($C192=\"RM\",IF($U192=\"Fz\",IF(ISNA(VLOOKUP($F:$F,lot,6,FALSE))=TRUE,VLOOKUP($T:$T,date,2,FALSE),VLOOKUP($F:$F,lot,6,FALSE)),\"\"),\"\")","v":""},{"$f":"IF($C192=\"FG\",VLOOKUP($A:$A,op,4,FALSE),\"\")","v":"2016-04-20"},"2016-04-25"]
["6174P02B Total",null,null,null,null,null,{"$f":"SUBTOTAL(9,G191:G192)","v":18.399999999999999},{"$f":"SUBTOTAL(9,H191:H192)","v":18.399999999999999},null,{"$f":"$G193-$H193","v":0},{"$f":"$H193/$G193","v":1},null,null,null,{"$f":"$Q193/$H193","v":2},null,{"$f":"SUBTOTAL(9,Q191:Q192)","v":36.799999999999997},{"$f":"SUBTOTAL(9,R191:R192)","v":41.4},{"$f":"($R193-$Q193)/$Q193","v":0.12500000000000006},null,null,null,null,null,null,{"$f":"V191","v":"2016-04-20"}]
["6174P0512","Chicken","RM",26037,"BNLSS SEASONED CHICKEN BREAST**NF**BOITE BLANCHE *5 KG/CS FR @P","6174P0512",40,null,5,null,{"$f":"IF(ISNA(VLOOKUP($D:$D,rend,2,FALSE))=FALSE,VLOOKUP($D:$D,rend,2,FALSE),\"\")","v":0.973776538508484},{"$f":"IF($C194=\"RM\",IF(ISNA(VLOOKUP($F$2:$F$409,pos,2,FALSE))=FALSE,VLOOKUP($F194:$F$409,pos,2,FALSE),IF(ISNA(VLOOKUP($F$2:$F$409,lot,2,FALSE))=FALSE,VLOOKUP($F$2:$F$409,lot,2,FALSE),\"MANQUANT\")),\"\")","v":"6174P055C"},{"$f":"IF($C194=\"RM\",IF(ISNA(VLOOKUP($F$2:$F$409,pos,3,FALSE))=FALSE,VLOOKUP($F194:$F567,pos,3,FALSE),\"OP\"),\"\")","v":"OP"},{"$f":"IF($C194=\"RM\",IF(ISNA(VLOOKUP($F194:$F$402,pos,4,FALSE))=FALSE,VLOOKUP($F$2:$F$402,pos,4,FALSE),\"\"),\"\")","v":""},{"$f":"IF($C194=\"RM\",IF(ISNA(VLOOKUP($F$2:$F$409,pos,5,FALSE))=FALSE,VLOOKUP($F$2:$F$409,pos,5,FALSE),IF(ISNA(VLOOKUP($F$2:$F$409,lot,5,FALSE))=FALSE,VLOOKUP($F$2:$F$409,lot,5,FALSE),0)),\"\")","v":5.6486674360011033},{"$f":"IF($H194>0,VLOOKUP($D:$D,prix,15,FALSE),\"\")","v":""},{"$f":"IF($C194=\"RM\",$O194*$G194,\"\")","v":225.94669744004415},{"$f":"IF($H194>0,$H194*$P194,\"\")","v":""},null,{"$f":"IF($F194>0,VALUE(LEFT($F194,4)),\"\")","v":6174},{"$f":"IF(F194>0,IF(ISERROR(SEARCH(\"*FZ*\",$E194))=FALSE,\"FZ\",IF(ISERROR(SEARCH(\"*FR*\",$E194))=FALSE,\"FR\",\"Aucun\")),\"\")","v":"FR"},{"$f":"IF($C194=\"RM\",IF($U194=\"FR\",IF(ISNA(VLOOKUP($F:$F,lot,6,FALSE))=TRUE,VLOOKUP($T:$T,date,2,FALSE),VLOOKUP($F:$F,lot,6,FALSE)),\"\"),\"\")","v":"2016-04-20"},{"$f":"IF($C194=\"RM\",IF($U194=\"Fz\",IF(ISNA(VLOOKUP($F:$F,lot,6,FALSE))=TRUE,VLOOKUP($T:$T,date,2,FALSE),VLOOKUP($F:$F,lot,6,FALSE)),\"\"),\"\")","v":""},{"$f":"IF($C194=\"FG\",VLOOKUP($A:$A,op,4,FALSE),\"\")","v":""},"2016-04-25",{"$f":"IF(C194=\"rm\",IF(U194=\"aucun\",\"OK\",IF(U194=\"fz\",IF(Y194-W194>730,Y194-W194,\"OK\"),IF(Y194-V194<1,1,Y194-V194))),\"\")","v":5}]
["6174P0512","Chicken","FG",26037,"BNLSS SEASONED CHICKEN BREAST**NF**BOITE BLANCHE *5 KG/CS FR @P","6174P0516","",40,5,null,{"$f":"IF(ISNA(VLOOKUP($D:$D,rend,2,FALSE))=FALSE,VLOOKUP($D:$D,rend,2,FALSE),\"\")","v":0.973776538508484},{"$f":"IF($C195=\"RM\",IF(ISNA(VLOOKUP($F$2:$F$409,pos,2,FALSE))=FALSE,VLOOKUP($F195:$F$409,pos,2,FALSE),IF(ISNA(VLOOKUP($F$2:$F$409,lot,2,FALSE))=FALSE,VLOOKUP($F$2:$F$409,lot,2,FALSE),\"MANQUANT\")),\"\")","v":""},{"$f":"IF($C195=\"RM\",IF(ISNA(VLOOKUP($F$2:$F$409,pos,3,FALSE))=FALSE,VLOOKUP($F195:$F568,pos,3,FALSE),\"OP\"),\"\")","v":""},{"$f":"IF($C195=\"RM\",IF(ISNA(VLOOKUP($F195:$F$402,pos,4,FALSE))=FALSE,VLOOKUP($F$2:$F$402,pos,4,FALSE),\"\"),\"\")","v":""},{"$f":"IF($C195=\"RM\",IF(ISNA(VLOOKUP($F$2:$F$409,pos,5,FALSE))=FALSE,VLOOKUP($F$2:$F$409,pos,5,FALSE),IF(ISNA(VLOOKUP($F$2:$F$409,lot,5,FALSE))=FALSE,VLOOKUP($F$2:$F$409,lot,5,FALSE),0)),\"\")","v":""},{"$f":"IF($H195>0,VLOOKUP($D:$D,prix,15,FALSE),\"\")","v":7.2},{"$f":"IF($C195=\"RM\",$O195*$G195,\"\")","v":""},288,null,{"$f":"IF($F195>0,VALUE(LEFT($F195,4)),\"\")","v":6174},{"$f":"IF(F195>0,IF(ISERROR(SEARCH(\"*FZ*\",$E195))=FALSE,\"FZ\",IF(ISERROR(SEARCH(\"*FR*\",$E195))=FALSE,\"FR\",\"Aucun\")),\"\")","v":"FR"},{"$f":"IF($C195=\"RM\",IF($U195=\"FR\",IF(ISNA(VLOOKUP($F:$F,lot,6,FALSE))=TRUE,VLOOKUP($T:$T,date,2,FALSE),VLOOKUP($F:$F,lot,6,FALSE)),\"\"),\"\")","v":""},{"$f":"IF($C195=\"RM\",IF($U195=\"Fz\",IF(ISNA(VLOOKUP($F:$F,lot,6,FALSE))=TRUE,VLOOKUP($T:$T,date,2,FALSE),VLOOKUP($F:$F,lot,6,FALSE)),\"\"),\"\")","v":""},{"$f":"IF($C195=\"FG\",VLOOKUP($A:$A,op,4,FALSE),\"\")","v":"2016-04-20"},"2016-04-25"]
["6174P0512 Total",null,null,null,null,null,{"$f":"SUBTOTAL(9,G194:G195)","v":40},{"$f":"SUBTOTAL(9,H194:H195)","v":40},null,{"$f":"$G196-$H196","v":0},{"$f":"$H196/$G196","v":1},null,null,null,{"$f":"$Q196/$H196","v":5.6486674360011033},null,{"$f":"SUBTOTAL(9,Q194:Q195)","v":225.94669744004415},{"$f":"SUBTOTAL(9,R194:R195)","v":288},{"$f":"($R196-$Q196)/$Q196","v":0.2746369088949483},null,null,null,null,null,null,{"$f":"V194","v":"2016-04-20"}]
["6174P0515","Chicken","RM",35750,"CHICKEN FINGERS FR #D","6174P0515",10,null,5,null,{"$f":"IF(ISNA(VLOOKUP($D:$D,rend,2,FALSE))=FALSE,VLOOKUP($D:$D,rend,2,FALSE),\"\")","v":0.73420780594965107},{"$f":"IF($C197=\"RM\",IF(ISNA(VLOOKUP($F$2:$F$409,pos,2,FALSE))=FALSE,VLOOKUP($F197:$F$409,pos,2,FALSE),IF(ISNA(VLOOKUP($F$2:$F$409,lot,2,FALSE))=FALSE,VLOOKUP($F$2:$F$409,lot,2,FALSE),\"MANQUANT\")),\"\")","v":"6174P055B"},{"$f":"IF($C197=\"RM\",IF(ISNA(VLOOKUP($F$2:$F$409,pos,3,FALSE))=FALSE,VLOOKUP($F197:$F569,pos,3,FALSE),\"OP\"),\"\")","v":"OP"},{"$f":"IF($C197=\"RM\",IF(ISNA(VLOOKUP($F197:$F$402,pos,4,FALSE))=FALSE,VLOOKUP($F$2:$F$402,pos,4,FALSE),\"\"),\"\")","v":""},{"$f":"IF($C197=\"RM\",IF(ISNA(VLOOKUP($F$2:$F$409,pos,5,FALSE))=FALSE,VLOOKUP($F$2:$F$409,pos,5,FALSE),IF(ISNA(VLOOKUP($F$2:$F$409,lot,5,FALSE))=FALSE,VLOOKUP($F$2:$F$409,lot,5,FALSE),0)),\"\")","v":6.2216540356119845},{"$f":"IF($H197>0,VLOOKUP($D:$D,prix,15,FALSE),\"\")","v":""},{"$f":"IF($C197=\"RM\",$O197*$G197,\"\")","v":62.216540356119843},{"$f":"IF($H197>0,$H197*$P197,\"\")","v":""},null,{"$f":"IF($F197>0,VALUE(LEFT($F197,4)),\"\")","v":6174},{"$f":"IF(F197>0,IF(ISERROR(SEARCH(\"*FZ*\",$E197))=FALSE,\"FZ\",IF(ISERROR(SEARCH(\"*FR*\",$E197))=FALSE,\"FR\",\"Aucun\")),\"\")","v":"FR"},{"$f":"IF($C197=\"RM\",IF($U197=\"FR\",IF(ISNA(VLOOKUP($F:$F,lot,6,FALSE))=TRUE,VLOOKUP($T:$T,date,2,FALSE),VLOOKUP($F:$F,lot,6,FALSE)),\"\"),\"\")","v":"2016-04-20"},{"$f":"IF($C197=\"RM\",IF($U197=\"Fz\",IF(ISNA(VLOOKUP($F:$F,lot,6,FALSE))=TRUE,VLOOKUP($T:$T,date,2,FALSE),VLOOKUP($F:$F,lot,6,FALSE)),\"\"),\"\")","v":""},{"$f":"IF($C197=\"FG\",VLOOKUP($A:$A,op,4,FALSE),\"\")","v":""},"2016-04-25",{"$f":"IF(C197=\"rm\",IF(U197=\"aucun\",\"OK\",IF(U197=\"fz\",IF(Y197-W197>730,Y197-W197,\"OK\"),IF(Y197-V197<1,1,Y197-V197))),\"\")","v":5}]
["6174P0515","Chicken","FG",35751,"CHICKEN FINGERS FZ #D","6174P0518","",10,5,null,{"$f":"IF(ISNA(VLOOKUP($D:$D,rend,2,FALSE))=FALSE,VLOOKUP($D:$D,rend,2,FALSE),\"\")","v":0.74604623705186879},{"$f":"IF($C198=\"RM\",IF(ISNA(VLOOKUP($F$2:$F$409,pos,2,FALSE))=FALSE,VLOOKUP($F198:$F$409,pos,2,FALSE),IF(ISNA(VLOOKUP($F$2:$F$409,lot,2,FALSE))=FALSE,VLOOKUP($F$2:$F$409,lot,2,FALSE),\"MANQUANT\")),\"\")","v":""},{"$f":"IF($C198=\"RM\",IF(ISNA(VLOOKUP($F$2:$F$409,pos,3,FALSE))=FALSE,VLOOKUP($F198:$F570,pos,3,FALSE),\"OP\"),\"\")","v":""},{"$f":"IF($C198=\"RM\",IF(ISNA(VLOOKUP($F198:$F$402,pos,4,FALSE))=FALSE,VLOOKUP($F$2:$F$402,pos,4,FALSE),\"\"),\"\")","v":""},{"$f":"IF($C198=\"RM\",IF(ISNA(VLOOKUP($F$2:$F$409,pos,5,FALSE))=FALSE,VLOOKUP($F$2:$F$409,pos,5,FALSE),IF(ISNA(VLOOKUP($F$2:$F$409,lot,5,FALSE))=FALSE,VLOOKUP($F$2:$F$409,lot,5,FALSE),0)),\"\")","v":""},{"$f":"IF($H198>0,VLOOKUP($D:$D,prix,15,FALSE),\"\")","v":6.35},{"$f":"IF($C198=\"RM\",$O198*$G198,\"\")","v":""},63.5,null,{"$f":"IF($F198>0,VALUE(LEFT($F198,4)),\"\")","v":6174},{"$f":"IF(F198>0,IF(ISERROR(SEARCH(\"*FZ*\",$E198))=FALSE,\"FZ\",IF(ISERROR(SEARCH(\"*FR*\",$E198))=FALSE,\"FR\",\"Aucun\")),\"\")","v":"FZ"},{"$f":"IF($C198=\"RM\",IF($U198=\"FR\",IF(ISNA(VLOOKUP($F:$F,lot,6,FALSE))=TRUE,VLOOKUP($T:$T,date,2,FALSE),VLOOKUP($F:$F,lot,6,FALSE)),\"\"),\"\")","v":""},{"$f":"IF($C198=\"RM\",IF($U198=\"Fz\",IF(ISNA(VLOOKUP($F:$F,lot,6,FALSE))=TRUE,VLOOKUP($T:$T,date,2,FALSE),VLOOKUP($F:$F,lot,6,FALSE)),\"\"),\"\")","v":""},{"$f":"IF($C198=\"FG\",VLOOKUP($A:$A,op,4,FALSE),\"\")","v":"2016-04-20"},"2016-04-25"]
["6174P0515 Total",null,null,null,null,null,{"$f":"SUBTOTAL(9,G197:G198)","v":10},{"$f":"SUBTOTAL(9,H197:H198)","v":10},null,{"$f":"$G199-$H199","v":0},{"$f":"$H199/$G199","v":1},null,null,null,{"$f":"$Q199/$H199","v":6.2216540356119845},null,{"$f":"SUBTOTAL(9,Q197:Q198)","v":62.216540356119843},{"$f":"SUBTOTAL(9,R197:R198)","v":63.5},{"$f":"($R199-$Q199)/$Q199","v":2.0628913734736638E-2},null,null,null,null,null,null,{"$f":"V197","v":"2016-04-20"}]
["6174P057B","Chicken","RM",35750,"CHICKEN FINGERS FR #D","6174P057",5,null,5,null,{"$f":"IF(ISNA(VLOOKUP($D:$D,rend,2,FALSE))=FALSE,VLOOKUP($D:$D,rend,2,FALSE),\"\")","v":0.73420780594965107},{"$f":"IF($C200=\"RM\",IF(ISNA(VLOOKUP($F$2:$F$409,pos,2,FALSE))=FALSE,VLOOKUP($F200:$F$409,pos,2,FALSE),IF(ISNA(VLOOKUP($F$2:$F$409,lot,2,FALSE))=FALSE,VLOOKUP($F$2:$F$409,lot,2,FALSE),\"MANQUANT\")),\"\")","v":"6174P05"},{"$f":"IF($C200=\"RM\",IF(ISNA(VLOOKUP($F$2:$F$409,pos,3,FALSE))=FALSE,VLOOKUP($F200:$F571,pos,3,FALSE),\"OP\"),\"\")","v":"OP"},{"$f":"IF($C200=\"RM\",IF(ISNA(VLOOKUP($F200:$F$402,pos,4,FALSE))=FALSE,VLOOKUP($F$2:$F$402,pos,4,FALSE),\"\"),\"\")","v":""},{"$f":"IF($C200=\"RM\",IF(ISNA(VLOOKUP($F$2:$F$409,pos,5,FALSE))=FALSE,VLOOKUP($F$2:$F$409,pos,5,FALSE),IF(ISNA(VLOOKUP($F$2:$F$409,lot,5,FALSE))=FALSE,VLOOKUP($F$2:$F$409,lot,5,FALSE),0)),\"\")","v":6.2605393733345593},{"$f":"IF($H200>0,VLOOKUP($D:$D,prix,15,FALSE),\"\")","v":""},{"$f":"IF($C200=\"RM\",$O200*$G200,\"\")","v":31.302696866672797},{"$f":"IF($H200>0,$H200*$P200,\"\")","v":""},null,{"$f":"IF($F200>0,VALUE(LEFT($F200,4)),\"\")","v":6174},{"$f":"IF(F200>0,IF(ISERROR(SEARCH(\"*FZ*\",$E200))=FALSE,\"FZ\",IF(ISERROR(SEARCH(\"*FR*\",$E200))=FALSE,\"FR\",\"Aucun\")),\"\")","v":"FR"},{"$f":"IF($C200=\"RM\",IF($U200=\"FR\",IF(ISNA(VLOOKUP($F:$F,lot,6,FALSE))=TRUE,VLOOKUP($T:$T,date,2,FALSE),VLOOKUP($F:$F,lot,6,FALSE)),\"\"),\"\")","v":"2016-04-20"},{"$f":"IF($C200=\"RM\",IF($U200=\"Fz\",IF(ISNA(VLOOKUP($F:$F,lot,6,FALSE))=TRUE,VLOOKUP($T:$T,date,2,FALSE),VLOOKUP($F:$F,lot,6,FALSE)),\"\"),\"\")","v":""},{"$f":"IF($C200=\"FG\",VLOOKUP($A:$A,op,4,FALSE),\"\")","v":""},"2016-04-25",{"$f":"IF(C200=\"rm\",IF(U200=\"aucun\",\"OK\",IF(U200=\"fz\",IF(Y200-W200>730,Y200-W200,\"OK\"),IF(Y200-V200<1,1,Y200-V200))),\"\")","v":5}]
["6174P057B","Chicken","FG",35751,"CHICKEN FINGERS FZ #D","6174P0517","",5,5,null,{"$f":"IF(ISNA(VLOOKUP($D:$D,rend,2,FALSE))=FALSE,VLOOKUP($D:$D,rend,2,FALSE),\"\")","v":0.74604623705186879},{"$f":"IF($C201=\"RM\",IF(ISNA(VLOOKUP($F$2:$F$409,pos,2,FALSE))=FALSE,VLOOKUP($F201:$F$409,pos,2,FALSE),IF(ISNA(VLOOKUP($F$2:$F$409,lot,2,FALSE))=FALSE,VLOOKUP($F$2:$F$409,lot,2,FALSE),\"MANQUANT\")),\"\")","v":""},{"$f":"IF($C201=\"RM\",IF(ISNA(VLOOKUP($F$2:$F$409,pos,3,FALSE))=FALSE,VLOOKUP($F201:$F572,pos,3,FALSE),\"OP\"),\"\")","v":""},{"$f":"IF($C201=\"RM\",IF(ISNA(VLOOKUP($F201:$F$402,pos,4,FALSE))=FALSE,VLOOKUP($F$2:$F$402,pos,4,FALSE),\"\"),\"\")","v":""},{"$f":"IF($C201=\"RM\",IF(ISNA(VLOOKUP($F$2:$F$409,pos,5,FALSE))=FALSE,VLOOKUP($F$2:$F$409,pos,5,FALSE),IF(ISNA(VLOOKUP($F$2:$F$409,lot,5,FALSE))=FALSE,VLOOKUP($F$2:$F$409,lot,5,FALSE),0)),\"\")","v":""},{"$f":"IF($H201>0,VLOOKUP($D:$D,prix,15,FALSE),\"\")","v":6.35},{"$f":"IF($C201=\"RM\",$O201*$G201,\"\")","v":""},31.75,null,{"$f":"IF($F201>0,VALUE(LEFT($F201,4)),\"\")","v":6174},{"$f":"IF(F201>0,IF(ISERROR(SEARCH(\"*FZ*\",$E201))=FALSE,\"FZ\",IF(ISERROR(SEARCH(\"*FR*\",$E201))=FALSE,\"FR\",\"Aucun\")),\"\")","v":"FZ"},{"$f":"IF($C201=\"RM\",IF($U201=\"FR\",IF(ISNA(VLOOKUP($F:$F,lot,6,FALSE))=TRUE,VLOOKUP($T:$T,date,2,FALSE),VLOOKUP($F:$F,lot,6,FALSE)),\"\"),\"\")","v":""},{"$f":"IF($C201=\"RM\",IF($U201=\"Fz\",IF(ISNA(VLOOKUP($F:$F,lot,6,FALSE))=TRUE,VLOOKUP($T:$T,date,2,FALSE),VLOOKUP($F:$F,lot,6,FALSE)),\"\"),\"\")","v":""},{"$f":"IF($C201=\"FG\",VLOOKUP($A:$A,op,4,FALSE),\"\")","v":"2016-04-20"},"2016-04-25"]
["6174P057B Total",null,null,null,null,null,{"$f":"SUBTOTAL(9,G200:G201)","v":5},{"$f":"SUBTOTAL(9,H200:H201)","v":5},null,{"$f":"$G202-$H202","v":0},{"$f":"$H202/$G202","v":1},null,null,null,{"$f":"$Q202/$H202","v":6.2605393733345593},null,{"$f":"SUBTOTAL(9,Q200:Q201)","v":31.302696866672797},{"$f":"SUBTOTAL(9,R200:R201)","v":31.75},{"$f":"($R202-$Q202)/$Q202","v":1.4289603711539494E-2},null,null,null,null,null,null,{"$f":"V200","v":"2016-04-20"}]
["6174P0611","Chicken","RM",35750,"CHICKEN FINGERS FR #D","6174P0611",165,null,5,null,{"$f":"IF(ISNA(VLOOKUP($D:$D,rend,2,FALSE))=FALSE,VLOOKUP($D:$D,rend,2,FALSE),\"\")","v":0.73420780594965107},{"$f":"IF($C203=\"RM\",IF(ISNA(VLOOKUP($F$2:$F$409,pos,2,FALSE))=FALSE,VLOOKUP($F203:$F$409,pos,2,FALSE),IF(ISNA(VLOOKUP($F$2:$F$409,lot,2,FALSE))=FALSE,VLOOKUP($F$2:$F$409,lot,2,FALSE),\"MANQUANT\")),\"\")","v":"6174P06"},{"$f":"IF($C203=\"RM\",IF(ISNA(VLOOKUP($F$2:$F$409,pos,3,FALSE))=FALSE,VLOOKUP($F203:$F573,pos,3,FALSE),\"OP\"),\"\")","v":"OP"},{"$f":"IF($C203=\"RM\",IF(ISNA(VLOOKUP($F203:$F$402,pos,4,FALSE))=FALSE,VLOOKUP($F$2:$F$402,pos,4,FALSE),\"\"),\"\")","v":""},{"$f":"IF($C203=\"RM\",IF(ISNA(VLOOKUP($F$2:$F$409,pos,5,FALSE))=FALSE,VLOOKUP($F$2:$F$409,pos,5,FALSE),IF(ISNA(VLOOKUP($F$2:$F$409,lot,5,FALSE))=FALSE,VLOOKUP($F$2:$F$409,lot,5,FALSE),0)),\"\")","v":5.731265216265216},{"$f":"IF($H203>0,VLOOKUP($D:$D,prix,15,FALSE),\"\")","v":""},{"$f":"IF($C203=\"RM\",$O203*$G203,\"\")","v":945.65876068376065},{"$f":"IF($H203>0,$H203*$P203,\"\")","v":""},null,{"$f":"IF($F203>0,VALUE(LEFT($F203,4)),\"\")","v":6174},{"$f":"IF(F203>0,IF(ISERROR(SEARCH(\"*FZ*\",$E203))=FALSE,\"FZ\",IF(ISERROR(SEARCH(\"*FR*\",$E203))=FALSE,\"FR\",\"Aucun\")),\"\")","v":"FR"},{"$f":"IF($C203=\"RM\",IF($U203=\"FR\",IF(ISNA(VLOOKUP($F:$F,lot,6,FALSE))=TRUE,VLOOKUP($T:$T,date,2,FALSE),VLOOKUP($F:$F,lot,6,FALSE)),\"\"),\"\")","v":"2016-04-20"},{"$f":"IF($C203=\"RM\",IF($U203=\"Fz\",IF(ISNA(VLOOKUP($F:$F,lot,6,FALSE))=TRUE,VLOOKUP($T:$T,date,2,FALSE),VLOOKUP($F:$F,lot,6,FALSE)),\"\"),\"\")","v":""},{"$f":"IF($C203=\"FG\",VLOOKUP($A:$A,op,4,FALSE),\"\")","v":""},"2016-04-25",{"$f":"IF(C203=\"rm\",IF(U203=\"aucun\",\"OK\",IF(U203=\"fz\",IF(Y203-W203>730,Y203-W203,\"OK\"),IF(Y203-V203<1,1,Y203-V203))),\"\")","v":5}]
["6174P0611","Chicken","FG",35750,"CHICKEN FINGERS FR #D","6174P0616","",165,5,null,{"$f":"IF(ISNA(VLOOKUP($D:$D,rend,2,FALSE))=FALSE,VLOOKUP($D:$D,rend,2,FALSE),\"\")","v":0.73420780594965107},{"$f":"IF($C204=\"RM\",IF(ISNA(VLOOKUP($F$2:$F$409,pos,2,FALSE))=FALSE,VLOOKUP($F204:$F$409,pos,2,FALSE),IF(ISNA(VLOOKUP($F$2:$F$409,lot,2,FALSE))=FALSE,VLOOKUP($F$2:$F$409,lot,2,FALSE),\"MANQUANT\")),\"\")","v":""},{"$f":"IF($C204=\"RM\",IF(ISNA(VLOOKUP($F$2:$F$409,pos,3,FALSE))=FALSE,VLOOKUP($F204:$F574,pos,3,FALSE),\"OP\"),\"\")","v":""},{"$f":"IF($C204=\"RM\",IF(ISNA(VLOOKUP($F204:$F$402,pos,4,FALSE))=FALSE,VLOOKUP($F$2:$F$402,pos,4,FALSE),\"\"),\"\")","v":""},{"$f":"IF($C204=\"RM\",IF(ISNA(VLOOKUP($F$2:$F$409,pos,5,FALSE))=FALSE,VLOOKUP($F$2:$F$409,pos,5,FALSE),IF(ISNA(VLOOKUP($F$2:$F$409,lot,5,FALSE))=FALSE,VLOOKUP($F$2:$F$409,lot,5,FALSE),0)),\"\")","v":""},{"$f":"IF($H204>0,VLOOKUP($D:$D,prix,15,FALSE),\"\")","v":6.5},{"$f":"IF($C204=\"RM\",$O204*$G204,\"\")","v":""},1072.5,null,{"$f":"IF($F204>0,VALUE(LEFT($F204,4)),\"\")","v":6174},{"$f":"IF(F204>0,IF(ISERROR(SEARCH(\"*FZ*\",$E204))=FALSE,\"FZ\",IF(ISERROR(SEARCH(\"*FR*\",$E204))=FALSE,\"FR\",\"Aucun\")),\"\")","v":"FR"},{"$f":"IF($C204=\"RM\",IF($U204=\"FR\",IF(ISNA(VLOOKUP($F:$F,lot,6,FALSE))=TRUE,VLOOKUP($T:$T,date,2,FALSE),VLOOKUP($F:$F,lot,6,FALSE)),\"\"),\"\")","v":""},{"$f":"IF($C204=\"RM\",IF($U204=\"Fz\",IF(ISNA(VLOOKUP($F:$F,lot,6,FALSE))=TRUE,VLOOKUP($T:$T,date,2,FALSE),VLOOKUP($F:$F,lot,6,FALSE)),\"\"),\"\")","v":""},{"$f":"IF($C204=\"FG\",VLOOKUP($A:$A,op,4,FALSE),\"\")","v":"2016-04-20"},"2016-04-25"]
["6174P0611 Total",null,null,null,null,null,{"$f":"SUBTOTAL(9,G203:G204)","v":165},{"$f":"SUBTOTAL(9,H203:H204)","v":165},null,{"$f":"$G205-$H205","v":0},{"$f":"$H205/$G205","v":1},null,null,null,{"$f":"$Q205/$H205","v":5.731265216265216},null,{"$f":"SUBTOTAL(9,Q203:Q204)","v":945.65876068376065},{"$f":"SUBTOTAL(9,R203:R204)","v":1072.5},{"$f":"($R205-$Q205)/$Q205","v":0.13413003145503197},null,null,null,null,null,null,{"$f":"V203","v":"2016-04-20"}]
["6174P0612","Chicken","RM",37003,"FULL TRIM RANDOM *IN PROCESS* CODE: 26019,27056,35760 FR @P","6174P0612",380,null,5,null,{"$f":"IF(ISNA(VLOOKUP($D:$D,rend,2,FALSE))=FALSE,VLOOKUP($D:$D,rend,2,FALSE),\"\")","v":0.8474087549148519},{"$f":"IF($C206=\"RM\",IF(ISNA(VLOOKUP($F$2:$F$409,pos,2,FALSE))=FALSE,VLOOKUP($F206:$F$409,pos,2,FALSE),IF(ISNA(VLOOKUP($F$2:$F$409,lot,2,FALSE))=FALSE,VLOOKUP($F$2:$F$409,lot,2,FALSE),\"MANQUANT\")),\"\")","v":"6174P06"},{"$f":"IF($C206=\"RM\",IF(ISNA(VLOOKUP($F$2:$F$409,pos,3,FALSE))=FALSE,VLOOKUP($F206:$F575,pos,3,FALSE),\"OP\"),\"\")","v":"OP"},{"$f":"IF($C206=\"RM\",IF(ISNA(VLOOKUP($F206:$F$402,pos,4,FALSE))=FALSE,VLOOKUP($F$2:$F$402,pos,4,FALSE),\"\"),\"\")","v":""},{"$f":"IF($C206=\"RM\",IF(ISNA(VLOOKUP($F$2:$F$409,pos,5,FALSE))=FALSE,VLOOKUP($F$2:$F$409,pos,5,FALSE),IF(ISNA(VLOOKUP($F$2:$F$409,lot,5,FALSE))=FALSE,VLOOKUP($F$2:$F$409,lot,5,FALSE),0)),\"\")","v":5.731265216265216},{"$f":"IF($H206>0,VLOOKUP($D:$D,prix,15,FALSE),\"\")","v":""},{"$f":"IF($C206=\"RM\",$O206*$G206,\"\")","v":2177.8807821807823},{"$f":"IF($H206>0,$H206*$P206,\"\")","v":""},null,{"$f":"IF($F206>0,VALUE(LEFT($F206,4)),\"\")","v":6174},{"$f":"IF(F206>0,IF(ISERROR(SEARCH(\"*FZ*\",$E206))=FALSE,\"FZ\",IF(ISERROR(SEARCH(\"*FR*\",$E206))=FALSE,\"FR\",\"Aucun\")),\"\")","v":"FR"},{"$f":"IF($C206=\"RM\",IF($U206=\"FR\",IF(ISNA(VLOOKUP($F:$F,lot,6,FALSE))=TRUE,VLOOKUP($T:$T,date,2,FALSE),VLOOKUP($F:$F,lot,6,FALSE)),\"\"),\"\")","v":"2016-04-20"},{"$f":"IF($C206=\"RM\",IF($U206=\"Fz\",IF(ISNA(VLOOKUP($F:$F,lot,6,FALSE))=TRUE,VLOOKUP($T:$T,date,2,FALSE),VLOOKUP($F:$F,lot,6,FALSE)),\"\"),\"\")","v":""},{"$f":"IF($C206=\"FG\",VLOOKUP($A:$A,op,4,FALSE),\"\")","v":""},"2016-04-25",{"$f":"IF(C206=\"rm\",IF(U206=\"aucun\",\"OK\",IF(U206=\"fz\",IF(Y206-W206>730,Y206-W206,\"OK\"),IF(Y206-V206<1,1,Y206-V206))),\"\")","v":5}]
["6174P0612","Chicken","FG",35760,"CH.FILET*CUT/2* NF*F.TRIM FR @P","6174P0619","",380,5,null,{"$f":"IF(ISNA(VLOOKUP($D:$D,rend,2,FALSE))=FALSE,VLOOKUP($D:$D,rend,2,FALSE),\"\")","v":0.87125664974782602},{"$f":"IF($C207=\"RM\",IF(ISNA(VLOOKUP($F$2:$F$409,pos,2,FALSE))=FALSE,VLOOKUP($F207:$F$409,pos,2,FALSE),IF(ISNA(VLOOKUP($F$2:$F$409,lot,2,FALSE))=FALSE,VLOOKUP($F$2:$F$409,lot,2,FALSE),\"MANQUANT\")),\"\")","v":""},{"$f":"IF($C207=\"RM\",IF(ISNA(VLOOKUP($F$2:$F$409,pos,3,FALSE))=FALSE,VLOOKUP($F207:$F576,pos,3,FALSE),\"OP\"),\"\")","v":""},{"$f":"IF($C207=\"RM\",IF(ISNA(VLOOKUP($F207:$F$402,pos,4,FALSE))=FALSE,VLOOKUP($F$2:$F$402,pos,4,FALSE),\"\"),\"\")","v":""},{"$f":"IF($C207=\"RM\",IF(ISNA(VLOOKUP($F$2:$F$409,pos,5,FALSE))=FALSE,VLOOKUP($F$2:$F$409,pos,5,FALSE),IF(ISNA(VLOOKUP($F$2:$F$409,lot,5,FALSE))=FALSE,VLOOKUP($F$2:$F$409,lot,5,FALSE),0)),\"\")","v":""},{"$f":"IF($H207>0,VLOOKUP($D:$D,prix,15,FALSE),\"\")","v":8.6999999999999993},{"$f":"IF($C207=\"RM\",$O207*$G207,\"\")","v":""},3305.9999999999995,null,{"$f":"IF($F207>0,VALUE(LEFT($F207,4)),\"\")","v":6174},{"$f":"IF(F207>0,IF(ISERROR(SEARCH(\"*FZ*\",$E207))=FALSE,\"FZ\",IF(ISERROR(SEARCH(\"*FR*\",$E207))=FALSE,\"FR\",\"Aucun\")),\"\")","v":"FR"},{"$f":"IF($C207=\"RM\",IF($U207=\"FR\",IF(ISNA(VLOOKUP($F:$F,lot,6,FALSE))=TRUE,VLOOKUP($T:$T,date,2,FALSE),VLOOKUP($F:$F,lot,6,FALSE)),\"\"),\"\")","v":""},{"$f":"IF($C207=\"RM\",IF($U207=\"Fz\",IF(ISNA(VLOOKUP($F:$F,lot,6,FALSE))=TRUE,VLOOKUP($T:$T,date,2,FALSE),VLOOKUP($F:$F,lot,6,FALSE)),\"\"),\"\")","v":""},{"$f":"IF($C207=\"FG\",VLOOKUP($A:$A,op,4,FALSE),\"\")","v":"2016-04-20"},"2016-04-25"]
["6174P0612 Total",null,null,null,null,null,{"$f":"SUBTOTAL(9,G206:G207)","v":380},{"$f":"SUBTOTAL(9,H206:H207)","v":380},null,{"$f":"$G208-$H208","v":0},{"$f":"$H208/$G208","v":1},null,null,null,{"$f":"$Q208/$H208","v":5.7312652162652169},null,{"$f":"SUBTOTAL(9,Q206:Q207)","v":2177.8807821807823},{"$f":"SUBTOTAL(9,R206:R207)","v":3305.9999999999995},{"$f":"($R208-$Q208)/$Q208","v":0.51798942671673476},null,null,null,null,null,null,{"$f":"V206","v":"2016-04-20"}]
["6174P0613","Chicken","RM",37004,"BONELESS CH.BREAST *IN PROCESS* FR @P","6174P0613",5,null,5,null,{"$f":"IF(ISNA(VLOOKUP($D:$D,rend,2,FALSE))=FALSE,VLOOKUP($D:$D,rend,2,FALSE),\"\")","v":0.80480511567184854},{"$f":"IF($C209=\"RM\",IF(ISNA(VLOOKUP($F$2:$F$409,pos,2,FALSE))=FALSE,VLOOKUP($F209:$F$409,pos,2,FALSE),IF(ISNA(VLOOKUP($F$2:$F$409,lot,2,FALSE))=FALSE,VLOOKUP($F$2:$F$409,lot,2,FALSE),\"MANQUANT\")),\"\")","v":"6174P06"},{"$f":"IF($C209=\"RM\",IF(ISNA(VLOOKUP($F$2:$F$409,pos,3,FALSE))=FALSE,VLOOKUP($F209:$F578,pos,3,FALSE),\"OP\"),\"\")","v":"OP"},{"$f":"IF($C209=\"RM\",IF(ISNA(VLOOKUP($F209:$F$402,pos,4,FALSE))=FALSE,VLOOKUP($F$2:$F$402,pos,4,FALSE),\"\"),\"\")","v":""},{"$f":"IF($C209=\"RM\",IF(ISNA(VLOOKUP($F$2:$F$409,pos,5,FALSE))=FALSE,VLOOKUP($F$2:$F$409,pos,5,FALSE),IF(ISNA(VLOOKUP($F$2:$F$409,lot,5,FALSE))=FALSE,VLOOKUP($F$2:$F$409,lot,5,FALSE),0)),\"\")","v":5.731265216265216},{"$f":"IF($H209>0,VLOOKUP($D:$D,prix,15,FALSE),\"\")","v":""},{"$f":"IF($C209=\"RM\",$O209*$G209,\"\")","v":28.656326081326078},null,null,{"$f":"IF($F209>0,VALUE(LEFT($F209,4)),\"\")","v":6174},{"$f":"IF(F209>0,IF(ISERROR(SEARCH(\"*FZ*\",$E209))=FALSE,\"FZ\",IF(ISERROR(SEARCH(\"*FR*\",$E209))=FALSE,\"FR\",\"Aucun\")),\"\")","v":"FR"},{"$f":"IF($C209=\"RM\",IF($U209=\"FR\",IF(ISNA(VLOOKUP($F:$F,lot,6,FALSE))=TRUE,VLOOKUP($T:$T,date,2,FALSE),VLOOKUP($F:$F,lot,6,FALSE)),\"\"),\"\")","v":"2016-04-20"},{"$f":"IF($C209=\"RM\",IF($U209=\"Fz\",IF(ISNA(VLOOKUP($F:$F,lot,6,FALSE))=TRUE,VLOOKUP($T:$T,date,2,FALSE),VLOOKUP($F:$F,lot,6,FALSE)),\"\"),\"\")","v":""},{"$f":"IF($C209=\"FG\",VLOOKUP($A:$A,op,4,FALSE),\"\")","v":""},"2016-04-25",{"$f":"IF(C209=\"rm\",IF(U209=\"aucun\",\"OK\",IF(U209=\"fz\",IF(Y209-W209>730,Y209-W209,\"OK\"),IF(Y209-V209<1,1,Y209-V209))),\"\")","v":5}]
["6174P0613","Chicken","FG",38000,"POITRINE POULET DESOSSE PAPILLION UNIFORME 5 KG/ CS**12-14 OZ FR @P","6174P0621","",5,5,null,{"$f":"IF(ISNA(VLOOKUP($D:$D,rend,2,FALSE))=FALSE,VLOOKUP($D:$D,rend,2,FALSE),\"\")","v":0.7160876155279885},{"$f":"IF($C210=\"RM\",IF(ISNA(VLOOKUP($F$2:$F$409,pos,2,FALSE))=FALSE,VLOOKUP($F210:$F$409,pos,2,FALSE),IF(ISNA(VLOOKUP($F$2:$F$409,lot,2,FALSE))=FALSE,VLOOKUP($F$2:$F$409,lot,2,FALSE),\"MANQUANT\")),\"\")","v":""},{"$f":"IF($C210=\"RM\",IF(ISNA(VLOOKUP($F$2:$F$409,pos,3,FALSE))=FALSE,VLOOKUP($F210:$F580,pos,3,FALSE),\"OP\"),\"\")","v":""},{"$f":"IF($C210=\"RM\",IF(ISNA(VLOOKUP($F210:$F$402,pos,4,FALSE))=FALSE,VLOOKUP($F$2:$F$402,pos,4,FALSE),\"\"),\"\")","v":""},{"$f":"IF($C210=\"RM\",IF(ISNA(VLOOKUP($F$2:$F$409,pos,5,FALSE))=FALSE,VLOOKUP($F$2:$F$409,pos,5,FALSE),IF(ISNA(VLOOKUP($F$2:$F$409,lot,5,FALSE))=FALSE,VLOOKUP($F$2:$F$409,lot,5,FALSE),0)),\"\")","v":""},{"$f":"IF($H210>0,VLOOKUP($D:$D,prix,15,FALSE),\"\")","v":8.75},{"$f":"IF($C210=\"RM\",$O210*$G210,\"\")","v":""},{"$f":"IF($H210>0,$H210*$P210,\"\")","v":43.75},null,{"$f":"IF($F210>0,VALUE(LEFT($F210,4)),\"\")","v":6174},{"$f":"IF(F210>0,IF(ISERROR(SEARCH(\"*FZ*\",$E210))=FALSE,\"FZ\",IF(ISERROR(SEARCH(\"*FR*\",$E210))=FALSE,\"FR\",\"Aucun\")),\"\")","v":"FR"},{"$f":"IF($C210=\"RM\",IF($U210=\"FR\",IF(ISNA(VLOOKUP($F:$F,lot,6,FALSE))=TRUE,VLOOKUP($T:$T,date,2,FALSE),VLOOKUP($F:$F,lot,6,FALSE)),\"\"),\"\")","v":""},{"$f":"IF($C210=\"RM\",IF($U210=\"Fz\",IF(ISNA(VLOOKUP($F:$F,lot,6,FALSE))=TRUE,VLOOKUP($T:$T,date,2,FALSE),VLOOKUP($F:$F,lot,6,FALSE)),\"\"),\"\")","v":""},{"$f":"IF($C210=\"FG\",VLOOKUP($A:$A,op,4,FALSE),\"\")","v":"2016-04-20"},"2016-04-25"]
["6174P0613 Total",null,null,null,null,null,{"$f":"SUBTOTAL(9,G209:G210)","v":5},{"$f":"SUBTOTAL(9,H209:H210)","v":5},null,{"$f":"$G211-$H211","v":0},{"$f":"$H211/$G211","v":1},null,null,null,{"$f":"$Q211/$H211","v":5.731265216265216},null,{"$f":"SUBTOTAL(9,Q209:Q210)","v":28.656326081326078},{"$f":"SUBTOTAL(9,R209:R210)","v":43.75},{"$f":"($R211-$Q211)/$Q211","v":0.52671350388177385},null,null,null,null,null,null,{"$f":"V209","v":"2016-04-20"}]
["6174P0614","Chicken","RM",37008,"CHICKEN *IN PROCESS* 8 OZ FR #D","6174P0614",30,null,5,null,{"$f":"IF(ISNA(VLOOKUP($D:$D,rend,2,FALSE))=FALSE,VLOOKUP($D:$D,rend,2,FALSE),\"\")","v":0.77268822821327032},{"$f":"IF($C212=\"RM\",IF(ISNA(VLOOKUP($F$2:$F$409,pos,2,FALSE))=FALSE,VLOOKUP($F212:$F$409,pos,2,FALSE),IF(ISNA(VLOOKUP($F$2:$F$409,lot,2,FALSE))=FALSE,VLOOKUP($F$2:$F$409,lot,2,FALSE),\"MANQUANT\")),\"\")","v":"6174P06"},{"$f":"IF($C212=\"RM\",IF(ISNA(VLOOKUP($F$2:$F$409,pos,3,FALSE))=FALSE,VLOOKUP($F212:$F581,pos,3,FALSE),\"OP\"),\"\")","v":"OP"},{"$f":"IF($C212=\"RM\",IF(ISNA(VLOOKUP($F212:$F$402,pos,4,FALSE))=FALSE,VLOOKUP($F$2:$F$402,pos,4,FALSE),\"\"),\"\")","v":""},{"$f":"IF($C212=\"RM\",IF(ISNA(VLOOKUP($F$2:$F$409,pos,5,FALSE))=FALSE,VLOOKUP($F$2:$F$409,pos,5,FALSE),IF(ISNA(VLOOKUP($F$2:$F$409,lot,5,FALSE))=FALSE,VLOOKUP($F$2:$F$409,lot,5,FALSE),0)),\"\")","v":5.731265216265216},{"$f":"IF($H212>0,VLOOKUP($D:$D,prix,15,FALSE),\"\")","v":""},{"$f":"IF($C212=\"RM\",$O212*$G212,\"\")","v":171.93795648795648},{"$f":"IF($H212>0,$H212*$P212,\"\")","v":""},null,{"$f":"IF($F212>0,VALUE(LEFT($F212,4)),\"\")","v":6174},{"$f":"IF(F212>0,IF(ISERROR(SEARCH(\"*FZ*\",$E212))=FALSE,\"FZ\",IF(ISERROR(SEARCH(\"*FR*\",$E212))=FALSE,\"FR\",\"Aucun\")),\"\")","v":"FR"},{"$f":"IF($C212=\"RM\",IF($U212=\"FR\",IF(ISNA(VLOOKUP($F:$F,lot,6,FALSE))=TRUE,VLOOKUP($T:$T,date,2,FALSE),VLOOKUP($F:$F,lot,6,FALSE)),\"\"),\"\")","v":"2016-04-20"},{"$f":"IF($C212=\"RM\",IF($U212=\"Fz\",IF(ISNA(VLOOKUP($F:$F,lot,6,FALSE))=TRUE,VLOOKUP($T:$T,date,2,FALSE),VLOOKUP($F:$F,lot,6,FALSE)),\"\"),\"\")","v":""},{"$f":"IF($C212=\"FG\",VLOOKUP($A:$A,op,4,FALSE),\"\")","v":""},"2016-04-25",{"$f":"IF(C212=\"rm\",IF(U212=\"aucun\",\"OK\",IF(U212=\"fz\",IF(Y212-W212>730,Y212-W212,\"OK\"),IF(Y212-V212<1,1,Y212-V212))),\"\")","v":5}]
["6174P0614","Chicken","FG",35778,"CH.FILET*NF*CUT/2*F.TRIM*8ONC FR @P","6174P0617","",30,5,null,{"$f":"IF(ISNA(VLOOKUP($D:$D,rend,2,FALSE))=FALSE,VLOOKUP($D:$D,rend,2,FALSE),\"\")","v":0.81359149016658128},{"$f":"IF($C213=\"RM\",IF(ISNA(VLOOKUP($F$2:$F$409,pos,2,FALSE))=FALSE,VLOOKUP($F213:$F$409,pos,2,FALSE),IF(ISNA(VLOOKUP($F$2:$F$409,lot,2,FALSE))=FALSE,VLOOKUP($F$2:$F$409,lot,2,FALSE),\"MANQUANT\")),\"\")","v":""},{"$f":"IF($C213=\"RM\",IF(ISNA(VLOOKUP($F$2:$F$409,pos,3,FALSE))=FALSE,VLOOKUP($F213:$F582,pos,3,FALSE),\"OP\"),\"\")","v":""},{"$f":"IF($C213=\"RM\",IF(ISNA(VLOOKUP($F213:$F$402,pos,4,FALSE))=FALSE,VLOOKUP($F$2:$F$402,pos,4,FALSE),\"\"),\"\")","v":""},{"$f":"IF($C213=\"RM\",IF(ISNA(VLOOKUP($F$2:$F$409,pos,5,FALSE))=FALSE,VLOOKUP($F$2:$F$409,pos,5,FALSE),IF(ISNA(VLOOKUP($F$2:$F$409,lot,5,FALSE))=FALSE,VLOOKUP($F$2:$F$409,lot,5,FALSE),0)),\"\")","v":""},{"$f":"IF($H213>0,VLOOKUP($D:$D,prix,15,FALSE),\"\")","v":9.85},{"$f":"IF($C213=\"RM\",$O213*$G213,\"\")","v":""},295.5,null,{"$f":"IF($F213>0,VALUE(LEFT($F213,4)),\"\")","v":6174},{"$f":"IF(F213>0,IF(ISERROR(SEARCH(\"*FZ*\",$E213))=FALSE,\"FZ\",IF(ISERROR(SEARCH(\"*FR*\",$E213))=FALSE,\"FR\",\"Aucun\")),\"\")","v":"FR"},{"$f":"IF($C213=\"RM\",IF($U213=\"FR\",IF(ISNA(VLOOKUP($F:$F,lot,6,FALSE))=TRUE,VLOOKUP($T:$T,date,2,FALSE),VLOOKUP($F:$F,lot,6,FALSE)),\"\"),\"\")","v":""},{"$f":"IF($C213=\"RM\",IF($U213=\"Fz\",IF(ISNA(VLOOKUP($F:$F,lot,6,FALSE))=TRUE,VLOOKUP($T:$T,date,2,FALSE),VLOOKUP($F:$F,lot,6,FALSE)),\"\"),\"\")","v":""},{"$f":"IF($C213=\"FG\",VLOOKUP($A:$A,op,4,FALSE),\"\")","v":"2016-04-20"},"2016-04-25"]
["6174P0614 Total",null,null,null,null,null,{"$f":"SUBTOTAL(9,G212:G213)","v":30},{"$f":"SUBTOTAL(9,H212:H213)","v":30},null,{"$f":"$G214-$H214","v":0},{"$f":"$H214/$G214","v":1},null,null,null,{"$f":"$Q214/$H214","v":5.731265216265216},null,{"$f":"SUBTOTAL(9,Q212:Q213)","v":171.93795648795648},{"$f":"SUBTOTAL(9,R212:R213)","v":295.5},{"$f":"($R214-$Q214)/$Q214","v":0.71864320151262528},null,null,null,null,null,null,{"$f":"V212","v":"2016-04-20"}]
["6174P0615","Chicken","RM",1,"ING EAU","5166AS",22.28,null,5,null,{"$f":"IF(ISNA(VLOOKUP($D:$D,rend,2,FALSE))=FALSE,VLOOKUP($D:$D,rend,2,FALSE),\"\")","v":""},{"$f":"IF($C215=\"RM\",IF(ISNA(VLOOKUP($F$2:$F$409,pos,2,FALSE))=FALSE,VLOOKUP($F215:$F$409,pos,2,FALSE),IF(ISNA(VLOOKUP($F$2:$F$409,lot,2,FALSE))=FALSE,VLOOKUP($F$2:$F$409,lot,2,FALSE),\"MANQUANT\")),\"\")","v":"Aucun"},{"$f":"IF($C215=\"RM\",IF(ISNA(VLOOKUP($F$2:$F$409,pos,3,FALSE))=FALSE,VLOOKUP($F215:$F583,pos,3,FALSE),\"OP\"),\"\")","v":"Aucun"},{"$f":"IF($C215=\"RM\",IF(ISNA(VLOOKUP($F215:$F$402,pos,4,FALSE))=FALSE,VLOOKUP($F$2:$F$402,pos,4,FALSE),\"\"),\"\")","v":0},{"$f":"IF($C215=\"RM\",IF(ISNA(VLOOKUP($F$2:$F$409,pos,5,FALSE))=FALSE,VLOOKUP($F$2:$F$409,pos,5,FALSE),IF(ISNA(VLOOKUP($F$2:$F$409,lot,5,FALSE))=FALSE,VLOOKUP($F$2:$F$409,lot,5,FALSE),0)),\"\")","v":0},{"$f":"IF($H215>0,VLOOKUP($D:$D,prix,15,FALSE),\"\")","v":""},{"$f":"IF($C215=\"RM\",$O215*$G215,\"\")","v":0},{"$f":"IF($H215>0,$H215*$P215,\"\")","v":""},null,{"$f":"IF($F215>0,VALUE(LEFT($F215,4)),\"\")","v":5166},{"$f":"IF(F215>0,IF(ISERROR(SEARCH(\"*FZ*\",$E215))=FALSE,\"FZ\",IF(ISERROR(SEARCH(\"*FR*\",$E215))=FALSE,\"FR\",\"Aucun\")),\"\")","v":"Aucun"},{"$f":"IF($C215=\"RM\",IF($U215=\"FR\",IF(ISNA(VLOOKUP($F:$F,lot,6,FALSE))=TRUE,VLOOKUP($T:$T,date,2,FALSE),VLOOKUP($F:$F,lot,6,FALSE)),\"\"),\"\")","v":""},{"$f":"IF($C215=\"RM\",IF($U215=\"Fz\",IF(ISNA(VLOOKUP($F:$F,lot,6,FALSE))=TRUE,VLOOKUP($T:$T,date,2,FALSE),VLOOKUP($F:$F,lot,6,FALSE)),\"\"),\"\")","v":""},{"$f":"IF($C215=\"FG\",VLOOKUP($A:$A,op,4,FALSE),\"\")","v":""},"2016-04-25",{"$f":"IF(C215=\"rm\",IF(U215=\"aucun\",\"OK\",IF(U215=\"fz\",IF(Y215-W215>730,Y215-W215,\"OK\"),IF(Y215-V215<1,1,Y215-V215))),\"\")","v":"OK"}]
["6174P0615","Chicken","RM",19,"ING MONTOUR 7139 / MARINADE STYLE COTES-LEVEES / ALLERG: AUCUN","6163AS01",15.3,null,5,null,"",{"$f":"IF($C216=\"RM\",IF(ISNA(VLOOKUP($F$2:$F$409,pos,2,FALSE))=FALSE,VLOOKUP($F216:$F$409,pos,2,FALSE),IF(ISNA(VLOOKUP($F$2:$F$409,lot,2,FALSE))=FALSE,VLOOKUP($F$2:$F$409,lot,2,FALSE),\"MANQUANT\")),\"\")","v":"PO-0021711"},"MONTO",{"$f":"IF($C216=\"RM\",IF(ISNA(VLOOKUP($F216:$F$402,pos,4,FALSE))=FALSE,VLOOKUP($F$2:$F$402,pos,4,FALSE),\"\"),\"\")","v":300},7.94,"",121.48200000000001,"",null,6163,"Aucun","","","","2016-04-25","OK"]
["6174P0615","Chicken","RM",37006,"CHICKEN *IN PROCESS* 4 OZ FR @P","6174P056",6,null,5,null,0.84379099121122703,{"$f":"IF($C217=\"RM\",IF(ISNA(VLOOKUP($F$2:$F$409,pos,2,FALSE))=FALSE,VLOOKUP($F217:$F$409,pos,2,FALSE),IF(ISNA(VLOOKUP($F$2:$F$409,lot,2,FALSE))=FALSE,VLOOKUP($F$2:$F$409,lot,2,FALSE),\"MANQUANT\")),\"\")","v":"6174P05"},"OP",{"$f":"IF($C217=\"RM\",IF(ISNA(VLOOKUP($F217:$F$402,pos,4,FALSE))=FALSE,VLOOKUP($F$2:$F$402,pos,4,FALSE),\"\"),\"\")","v":""},6.2605393733345593,"",37.563236240007356,"",null,6174,"FR","2016-04-20","","","2016-04-25",5]
["6174P0615","Chicken","RM",37006,"CHICKEN *IN PROCESS* 4 OZ FR @P","6174P0615",58,null,5,null,0.84379099121122703,{"$f":"IF($C218=\"RM\",IF(ISNA(VLOOKUP($F$2:$F$409,pos,2,FALSE))=FALSE,VLOOKUP($F218:$F$409,pos,2,FALSE),IF(ISNA(VLOOKUP($F$2:$F$409,lot,2,FALSE))=FALSE,VLOOKUP($F$2:$F$409,lot,2,FALSE),\"MANQUANT\")),\"\")","v":"6174P06"},"OP",{"$f":"IF($C218=\"RM\",IF(ISNA(VLOOKUP($F218:$F$402,pos,4,FALSE))=FALSE,VLOOKUP($F$2:$F$402,pos,4,FALSE),\"\"),\"\")","v":""},5.731265216265216,"",332.41338254338251,"",null,6174,"FR","2016-04-20","","","2016-04-25",5]
["6174P0615","Chicken","RM",37006,"CHICKEN *IN PROCESS* 4 OZ FR @P","6176P0114",4,null,5,null,0.84379099121122703,{"$f":"IF($C219=\"RM\",IF(ISNA(VLOOKUP($F$2:$F$409,pos,2,FALSE))=FALSE,VLOOKUP($F219:$F$409,pos,2,FALSE),IF(ISNA(VLOOKUP($F$2:$F$409,lot,2,FALSE))=FALSE,VLOOKUP($F$2:$F$409,lot,2,FALSE),\"MANQUANT\")),\"\")","v":"6176P011"},"OP",{"$f":"IF($C219=\"RM\",IF(ISNA(VLOOKUP($F219:$F$402,pos,4,FALSE))=FALSE,VLOOKUP($F$2:$F$402,pos,4,FALSE),\"\"),\"\")","v":""},3.1179770526902053,"",12.471908210760821,null,null,6176,"FR","2016-04-22","","","2016-04-25",3]
["6174P0615","Chicken","RM",37006,"CHICKEN *IN PROCESS* 4 OZ FR @P","6176P0117",72,null,5,null,0.84379099121122703,{"$f":"IF($C220=\"RM\",IF(ISNA(VLOOKUP($F$2:$F$409,pos,2,FALSE))=FALSE,VLOOKUP($F220:$F$409,pos,2,FALSE),IF(ISNA(VLOOKUP($F$2:$F$409,lot,2,FALSE))=FALSE,VLOOKUP($F$2:$F$409,lot,2,FALSE),\"MANQUANT\")),\"\")","v":"6176P011"},"OP",{"$f":"IF($C220=\"RM\",IF(ISNA(VLOOKUP($F220:$F$402,pos,4,FALSE))=FALSE,VLOOKUP($F$2:$F$402,pos,4,FALSE),\"\"),\"\")","v":""},3.1179770526902053,"",224.49434779369477,{"$f":"IF($H220>0,$H220*$P220,\"\")","v":""},null,6176,"FR","2016-04-22","","","2016-04-25",3]
["6174P0615","Chicken","RM",37006,"CHICKEN *IN PROCESS* 4 OZ FR @P","6176P0212",20,null,5,null,0.84379099121122703,{"$f":"IF($C221=\"RM\",IF(ISNA(VLOOKUP($F$2:$F$409,pos,2,FALSE))=FALSE,VLOOKUP($F221:$F$409,pos,2,FALSE),IF(ISNA(VLOOKUP($F$2:$F$409,lot,2,FALSE))=FALSE,VLOOKUP($F$2:$F$409,lot,2,FALSE),\"MANQUANT\")),\"\")","v":"6176P02"},"OP",{"$f":"IF($C221=\"RM\",IF(ISNA(VLOOKUP($F221:$F$402,pos,4,FALSE))=FALSE,VLOOKUP($F$2:$F$402,pos,4,FALSE),\"\"),\"\")","v":""},6.2243081492266468,"",124.48616298453294,"",null,6176,"FR","2016-04-22","","","2016-04-25",3]
["6174P0615","Chicken","RM",37006,"CHICKEN *IN PROCESS* 4 OZ FR @P","6182P019",28,null,5,null,0.84379099121122703,{"$f":"IF($C222=\"RM\",IF(ISNA(VLOOKUP($F$2:$F$409,pos,2,FALSE))=FALSE,VLOOKUP($F222:$F$409,pos,2,FALSE),IF(ISNA(VLOOKUP($F$2:$F$409,lot,2,FALSE))=FALSE,VLOOKUP($F$2:$F$409,lot,2,FALSE),\"MANQUANT\")),\"\")","v":"6182P01"},"OP",{"$f":"IF($C222=\"RM\",IF(ISNA(VLOOKUP($F222:$F$402,pos,4,FALSE))=FALSE,VLOOKUP($F$2:$F$402,pos,4,FALSE),\"\"),\"\")","v":""},6.6903212783994936,"",187.32899579518582,"",null,6182,"FR","2016-04-25","","","2016-04-25",1]
["6174P0615","Chicken","FG",37010,"CHICKEN SEASONED *IN PROCESS* CODE: 27054 FR @P","6174P0622","",223,5,null,0.96585341220661314,{"$f":"IF($C223=\"RM\",IF(ISNA(VLOOKUP($F$2:$F$409,pos,2,FALSE))=FALSE,VLOOKUP($F223:$F$409,pos,2,FALSE),IF(ISNA(VLOOKUP($F$2:$F$409,lot,2,FALSE))=FALSE,VLOOKUP($F$2:$F$409,lot,2,FALSE),\"MANQUANT\")),\"\")","v":""},"",{"$f":"IF($C223=\"RM\",IF(ISNA(VLOOKUP($F223:$F$402,pos,4,FALSE))=FALSE,VLOOKUP($F$2:$F$402,pos,4,FALSE),\"\"),\"\")","v":""},"",10.72,"",2390.56,null,6174,"FR","","","2016-04-20","2016-04-25"]
["6174P0615 Total",null,null,null,null,null,{"$f":"SUBTOTAL(9,G215:G223)","v":225.57999999999998},{"$f":"SUBTOTAL(9,H215:H223)","v":223},null,{"$f":"$G224-$H224","v":2.5799999999999841},{"$f":"$H224/$G224","v":0.9885628158524693},null,null,null,{"$f":"$Q224/$H224","v":4.664753513755894},null,{"$f":"SUBTOTAL(9,Q215:Q223)","v":1040.2400335675643},{"$f":"SUBTOTAL(9,R215:R223)","v":2390.56},{"$f":"($R224-$Q224)/$Q224","v":1.2980849831374341},null,null,null,null,null,null,{"$f":"V217","v":"2016-04-20"}]
["6174P068","Chicken","RM",37002,"CHICKEN *IN PROCESS* 7 OZ CODE: 36704,35777,35747 FR @P","6174P068",185,null,5,null,{"$f":"IF(ISNA(VLOOKUP($D:$D,rend,2,FALSE))=FALSE,VLOOKUP($D:$D,rend,2,FALSE),\"\")","v":0.78309963630295676},{"$f":"IF($C225=\"RM\",IF(ISNA(VLOOKUP($F$2:$F$409,pos,2,FALSE))=FALSE,VLOOKUP($F225:$F$409,pos,2,FALSE),IF(ISNA(VLOOKUP($F$2:$F$409,lot,2,FALSE))=FALSE,VLOOKUP($F$2:$F$409,lot,2,FALSE),\"MANQUANT\")),\"\")","v":"6174P06"},{"$f":"IF($C225=\"RM\",IF(ISNA(VLOOKUP($F$2:$F$409,pos,3,FALSE))=FALSE,VLOOKUP($F225:$F592,pos,3,FALSE),\"OP\"),\"\")","v":"OP"},{"$f":"IF($C225=\"RM\",IF(ISNA(VLOOKUP($F225:$F$402,pos,4,FALSE))=FALSE,VLOOKUP($F$2:$F$402,pos,4,FALSE),\"\"),\"\")","v":""},{"$f":"IF($C225=\"RM\",IF(ISNA(VLOOKUP($F$2:$F$409,pos,5,FALSE))=FALSE,VLOOKUP($F$2:$F$409,pos,5,FALSE),IF(ISNA(VLOOKUP($F$2:$F$409,lot,5,FALSE))=FALSE,VLOOKUP($F$2:$F$409,lot,5,FALSE),0)),\"\")","v":5.731265216265216},{"$f":"IF($H225>0,VLOOKUP($D:$D,prix,15,FALSE),\"\")","v":""},{"$f":"IF($C225=\"RM\",$O225*$G225,\"\")","v":1060.284065009065},{"$f":"IF($H225>0,$H225*$P225,\"\")","v":""},null,{"$f":"IF($F225>0,VALUE(LEFT($F225,4)),\"\")","v":6174},{"$f":"IF(F225>0,IF(ISERROR(SEARCH(\"*FZ*\",$E225))=FALSE,\"FZ\",IF(ISERROR(SEARCH(\"*FR*\",$E225))=FALSE,\"FR\",\"Aucun\")),\"\")","v":"FR"},{"$f":"IF($C225=\"RM\",IF($U225=\"FR\",IF(ISNA(VLOOKUP($F:$F,lot,6,FALSE))=TRUE,VLOOKUP($T:$T,date,2,FALSE),VLOOKUP($F:$F,lot,6,FALSE)),\"\"),\"\")","v":"2016-04-20"},{"$f":"IF($C225=\"RM\",IF($U225=\"Fz\",IF(ISNA(VLOOKUP($F:$F,lot,6,FALSE))=TRUE,VLOOKUP($T:$T,date,2,FALSE),VLOOKUP($F:$F,lot,6,FALSE)),\"\"),\"\")","v":""},{"$f":"IF($C225=\"FG\",VLOOKUP($A:$A,op,4,FALSE),\"\")","v":""},"2016-04-25",{"$f":"IF(C225=\"rm\",IF(U225=\"aucun\",\"OK\",IF(U225=\"fz\",IF(Y225-W225>730,Y225-W225,\"OK\"),IF(Y225-V225<1,1,Y225-V225))),\"\")","v":5}]
["6174P068","Chicken","FG",36704,"CH.FILET*NF*CUT/2*F.TRIM*7ONC ***ALIMPLUS***FR @P","6174P0618","",185,5,null,{"$f":"IF(ISNA(VLOOKUP($D:$D,rend,2,FALSE))=FALSE,VLOOKUP($D:$D,rend,2,FALSE),\"\")","v":0.80079207353180992},{"$f":"IF($C226=\"RM\",IF(ISNA(VLOOKUP($F$2:$F$409,pos,2,FALSE))=FALSE,VLOOKUP($F226:$F$409,pos,2,FALSE),IF(ISNA(VLOOKUP($F$2:$F$409,lot,2,FALSE))=FALSE,VLOOKUP($F$2:$F$409,lot,2,FALSE),\"MANQUANT\")),\"\")","v":""},{"$f":"IF($C226=\"RM\",IF(ISNA(VLOOKUP($F$2:$F$409,pos,3,FALSE))=FALSE,VLOOKUP($F226:$F593,pos,3,FALSE),\"OP\"),\"\")","v":""},{"$f":"IF($C226=\"RM\",IF(ISNA(VLOOKUP($F226:$F$402,pos,4,FALSE))=FALSE,VLOOKUP($F$2:$F$402,pos,4,FALSE),\"\"),\"\")","v":""},{"$f":"IF($C226=\"RM\",IF(ISNA(VLOOKUP($F$2:$F$409,pos,5,FALSE))=FALSE,VLOOKUP($F$2:$F$409,pos,5,FALSE),IF(ISNA(VLOOKUP($F$2:$F$409,lot,5,FALSE))=FALSE,VLOOKUP($F$2:$F$409,lot,5,FALSE),0)),\"\")","v":""},{"$f":"IF($H226>0,VLOOKUP($D:$D,prix,15,FALSE),\"\")","v":9.75},{"$f":"IF($C226=\"RM\",$O226*$G226,\"\")","v":""},1803.75,null,{"$f":"IF($F226>0,VALUE(LEFT($F226,4)),\"\")","v":6174},{"$f":"IF(F226>0,IF(ISERROR(SEARCH(\"*FZ*\",$E226))=FALSE,\"FZ\",IF(ISERROR(SEARCH(\"*FR*\",$E226))=FALSE,\"FR\",\"Aucun\")),\"\")","v":"FR"},{"$f":"IF($C226=\"RM\",IF($U226=\"FR\",IF(ISNA(VLOOKUP($F:$F,lot,6,FALSE))=TRUE,VLOOKUP($T:$T,date,2,FALSE),VLOOKUP($F:$F,lot,6,FALSE)),\"\"),\"\")","v":""},{"$f":"IF($C226=\"RM\",IF($U226=\"Fz\",IF(ISNA(VLOOKUP($F:$F,lot,6,FALSE))=TRUE,VLOOKUP($T:$T,date,2,FALSE),VLOOKUP($F:$F,lot,6,FALSE)),\"\"),\"\")","v":""},{"$f":"IF($C226=\"FG\",VLOOKUP($A:$A,op,4,FALSE),\"\")","v":"2016-04-20"},"2016-04-25"]
["6174P068 Total",null,null,null,null,null,{"$f":"SUBTOTAL(9,G225:G226)","v":185},{"$f":"SUBTOTAL(9,H225:H226)","v":185},null,{"$f":"$G227-$H227","v":0},{"$f":"$H227/$G227","v":1},null,null,null,{"$f":"$Q227/$H227","v":5.731265216265216},null,{"$f":"SUBTOTAL(9,Q225:Q226)","v":1060.284065009065},{"$f":"SUBTOTAL(9,R225:R226)","v":1803.75},{"$f":"($R227-$Q227)/$Q227","v":0.70119504718254788},null,null,null,null,null,null,{"$f":"V225","v":"2016-04-20"}]
["6174P086","Chicken","RM",37004,"BONELESS CH.BREAST *IN PROCESS* FR @P","6174P086",65,null,5,null,{"$f":"IF(ISNA(VLOOKUP($D:$D,rend,2,FALSE))=FALSE,VLOOKUP($D:$D,rend,2,FALSE),\"\")","v":0.80480511567184854},{"$f":"IF($C228=\"RM\",IF(ISNA(VLOOKUP($F$2:$F$409,pos,2,FALSE))=FALSE,VLOOKUP($F228:$F$409,pos,2,FALSE),IF(ISNA(VLOOKUP($F$2:$F$409,lot,2,FALSE))=FALSE,VLOOKUP($F$2:$F$409,lot,2,FALSE),\"MANQUANT\")),\"\")","v":"6174P08"},{"$f":"IF($C228=\"RM\",IF(ISNA(VLOOKUP($F$2:$F$409,pos,3,FALSE))=FALSE,VLOOKUP($F228:$F594,pos,3,FALSE),\"OP\"),\"\")","v":"OP"},{"$f":"IF($C228=\"RM\",IF(ISNA(VLOOKUP($F228:$F$402,pos,4,FALSE))=FALSE,VLOOKUP($F$2:$F$402,pos,4,FALSE),\"\"),\"\")","v":""},{"$f":"IF($C228=\"RM\",IF(ISNA(VLOOKUP($F$2:$F$409,pos,5,FALSE))=FALSE,VLOOKUP($F$2:$F$409,pos,5,FALSE),IF(ISNA(VLOOKUP($F$2:$F$409,lot,5,FALSE))=FALSE,VLOOKUP($F$2:$F$409,lot,5,FALSE),0)),\"\")","v":6.5166515837104075},{"$f":"IF($H228>0,VLOOKUP($D:$D,prix,15,FALSE),\"\")","v":""},{"$f":"IF($C228=\"RM\",$O228*$G228,\"\")","v":423.58235294117651},{"$f":"IF($H228>0,$H228*$P228,\"\")","v":""},null,{"$f":"IF($F228>0,VALUE(LEFT($F228,4)),\"\")","v":6174},{"$f":"IF(F228>0,IF(ISERROR(SEARCH(\"*FZ*\",$E228))=FALSE,\"FZ\",IF(ISERROR(SEARCH(\"*FR*\",$E228))=FALSE,\"FR\",\"Aucun\")),\"\")","v":"FR"},{"$f":"IF($C228=\"RM\",IF($U228=\"FR\",IF(ISNA(VLOOKUP($F:$F,lot,6,FALSE))=TRUE,VLOOKUP($T:$T,date,2,FALSE),VLOOKUP($F:$F,lot,6,FALSE)),\"\"),\"\")","v":"2016-04-20"},{"$f":"IF($C228=\"RM\",IF($U228=\"Fz\",IF(ISNA(VLOOKUP($F:$F,lot,6,FALSE))=TRUE,VLOOKUP($T:$T,date,2,FALSE),VLOOKUP($F:$F,lot,6,FALSE)),\"\"),\"\")","v":""},{"$f":"IF($C228=\"FG\",VLOOKUP($A:$A,op,4,FALSE),\"\")","v":""},"2016-04-25",{"$f":"IF(C228=\"rm\",IF(U228=\"aucun\",\"OK\",IF(U228=\"fz\",IF(Y228-W228>730,Y228-W228,\"OK\"),IF(Y228-V228<1,1,Y228-V228))),\"\")","v":5}]
["6174P086","Chicken","FG",35741,"BONELESS CHICKEN BREAST  RANDOM *SPLIT BIG FR @P","6174P088","",50,5,null,{"$f":"IF(ISNA(VLOOKUP($D:$D,rend,2,FALSE))=FALSE,VLOOKUP($D:$D,rend,2,FALSE),\"\")","v":0.86543046352414799},{"$f":"IF($C229=\"RM\",IF(ISNA(VLOOKUP($F$2:$F$409,pos,2,FALSE))=FALSE,VLOOKUP($F229:$F$409,pos,2,FALSE),IF(ISNA(VLOOKUP($F$2:$F$409,lot,2,FALSE))=FALSE,VLOOKUP($F$2:$F$409,lot,2,FALSE),\"MANQUANT\")),\"\")","v":""},{"$f":"IF($C229=\"RM\",IF(ISNA(VLOOKUP($F$2:$F$409,pos,3,FALSE))=FALSE,VLOOKUP($F229:$F595,pos,3,FALSE),\"OP\"),\"\")","v":""},{"$f":"IF($C229=\"RM\",IF(ISNA(VLOOKUP($F229:$F$402,pos,4,FALSE))=FALSE,VLOOKUP($F$2:$F$402,pos,4,FALSE),\"\"),\"\")","v":""},{"$f":"IF($C229=\"RM\",IF(ISNA(VLOOKUP($F$2:$F$409,pos,5,FALSE))=FALSE,VLOOKUP($F$2:$F$409,pos,5,FALSE),IF(ISNA(VLOOKUP($F$2:$F$409,lot,5,FALSE))=FALSE,VLOOKUP($F$2:$F$409,lot,5,FALSE),0)),\"\")","v":""},{"$f":"IF($H229>0,VLOOKUP($D:$D,prix,15,FALSE),\"\")","v":7.75},{"$f":"IF($C229=\"RM\",$O229*$G229,\"\")","v":""},387.5,null,{"$f":"IF($F229>0,VALUE(LEFT($F229,4)),\"\")","v":6174},{"$f":"IF(F229>0,IF(ISERROR(SEARCH(\"*FZ*\",$E229))=FALSE,\"FZ\",IF(ISERROR(SEARCH(\"*FR*\",$E229))=FALSE,\"FR\",\"Aucun\")),\"\")","v":"FR"},{"$f":"IF($C229=\"RM\",IF($U229=\"FR\",IF(ISNA(VLOOKUP($F:$F,lot,6,FALSE))=TRUE,VLOOKUP($T:$T,date,2,FALSE),VLOOKUP($F:$F,lot,6,FALSE)),\"\"),\"\")","v":""},{"$f":"IF($C229=\"RM\",IF($U229=\"Fz\",IF(ISNA(VLOOKUP($F:$F,lot,6,FALSE))=TRUE,VLOOKUP($T:$T,date,2,FALSE),VLOOKUP($F:$F,lot,6,FALSE)),\"\"),\"\")","v":""},{"$f":"IF($C229=\"FG\",VLOOKUP($A:$A,op,4,FALSE),\"\")","v":"2016-04-20"},"2016-04-25"]
["6174P086","Chicken","FG",35723,"BONELESS CHICKEN BREAST SPLIT**MEDIUM FR #P","6174P089","",15,5,null,{"$f":"IF(ISNA(VLOOKUP($D:$D,rend,2,FALSE))=FALSE,VLOOKUP($D:$D,rend,2,FALSE),\"\")","v":0.88313918705202821},{"$f":"IF($C230=\"RM\",IF(ISNA(VLOOKUP($F$2:$F$409,pos,2,FALSE))=FALSE,VLOOKUP($F230:$F$409,pos,2,FALSE),IF(ISNA(VLOOKUP($F$2:$F$409,lot,2,FALSE))=FALSE,VLOOKUP($F$2:$F$409,lot,2,FALSE),\"MANQUANT\")),\"\")","v":""},{"$f":"IF($C230=\"RM\",IF(ISNA(VLOOKUP($F$2:$F$409,pos,3,FALSE))=FALSE,VLOOKUP($F230:$F596,pos,3,FALSE),\"OP\"),\"\")","v":""},{"$f":"IF($C230=\"RM\",IF(ISNA(VLOOKUP($F230:$F$402,pos,4,FALSE))=FALSE,VLOOKUP($F$2:$F$402,pos,4,FALSE),\"\"),\"\")","v":""},{"$f":"IF($C230=\"RM\",IF(ISNA(VLOOKUP($F$2:$F$409,pos,5,FALSE))=FALSE,VLOOKUP($F$2:$F$409,pos,5,FALSE),IF(ISNA(VLOOKUP($F$2:$F$409,lot,5,FALSE))=FALSE,VLOOKUP($F$2:$F$409,lot,5,FALSE),0)),\"\")","v":""},{"$f":"IF($H230>0,VLOOKUP($D:$D,prix,15,FALSE),\"\")","v":7.5},{"$f":"IF($C230=\"RM\",$O230*$G230,\"\")","v":""},112.5,null,{"$f":"IF($F230>0,VALUE(LEFT($F230,4)),\"\")","v":6174},{"$f":"IF(F230>0,IF(ISERROR(SEARCH(\"*FZ*\",$E230))=FALSE,\"FZ\",IF(ISERROR(SEARCH(\"*FR*\",$E230))=FALSE,\"FR\",\"Aucun\")),\"\")","v":"FR"},{"$f":"IF($C230=\"RM\",IF($U230=\"FR\",IF(ISNA(VLOOKUP($F:$F,lot,6,FALSE))=TRUE,VLOOKUP($T:$T,date,2,FALSE),VLOOKUP($F:$F,lot,6,FALSE)),\"\"),\"\")","v":""},{"$f":"IF($C230=\"RM\",IF($U230=\"Fz\",IF(ISNA(VLOOKUP($F:$F,lot,6,FALSE))=TRUE,VLOOKUP($T:$T,date,2,FALSE),VLOOKUP($F:$F,lot,6,FALSE)),\"\"),\"\")","v":""},{"$f":"IF($C230=\"FG\",VLOOKUP($A:$A,op,4,FALSE),\"\")","v":"2016-04-20"},"2016-04-25"]
["6174P086 Total",null,null,null,null,null,{"$f":"SUBTOTAL(9,G228:G230)","v":65},{"$f":"SUBTOTAL(9,H228:H230)","v":65},null,{"$f":"$G231-$H231","v":0},{"$f":"$H231/$G231","v":1},null,null,null,{"$f":"$Q231/$H231","v":6.5166515837104075},null,{"$f":"SUBTOTAL(9,Q228:Q230)","v":423.58235294117651},{"$f":"SUBTOTAL(9,R228:R230)","v":500},{"$f":"($R231-$Q231)/$Q231","v":0.18040800455498607},null,null,null,null,null,null,{"$f":"V228","v":"2016-04-20"}]
["6174P087","Chicken","RM",1,"ING EAU","5166AS",47.03,null,5,null,{"$f":"IF(ISNA(VLOOKUP($D:$D,rend,2,FALSE))=FALSE,VLOOKUP($D:$D,rend,2,FALSE),\"\")","v":""},{"$f":"IF($C232=\"RM\",IF(ISNA(VLOOKUP($F$2:$F$409,pos,2,FALSE))=FALSE,VLOOKUP($F232:$F$409,pos,2,FALSE),IF(ISNA(VLOOKUP($F$2:$F$409,lot,2,FALSE))=FALSE,VLOOKUP($F$2:$F$409,lot,2,FALSE),\"MANQUANT\")),\"\")","v":"Aucun"},{"$f":"IF($C232=\"RM\",IF(ISNA(VLOOKUP($F$2:$F$409,pos,3,FALSE))=FALSE,VLOOKUP($F232:$F597,pos,3,FALSE),\"OP\"),\"\")","v":"Aucun"},{"$f":"IF($C232=\"RM\",IF(ISNA(VLOOKUP($F232:$F$402,pos,4,FALSE))=FALSE,VLOOKUP($F$2:$F$402,pos,4,FALSE),\"\"),\"\")","v":0},{"$f":"IF($C232=\"RM\",IF(ISNA(VLOOKUP($F$2:$F$409,pos,5,FALSE))=FALSE,VLOOKUP($F$2:$F$409,pos,5,FALSE),IF(ISNA(VLOOKUP($F$2:$F$409,lot,5,FALSE))=FALSE,VLOOKUP($F$2:$F$409,lot,5,FALSE),0)),\"\")","v":0},{"$f":"IF($H232>0,VLOOKUP($D:$D,prix,15,FALSE),\"\")","v":""},{"$f":"IF($C232=\"RM\",$O232*$G232,\"\")","v":0},{"$f":"IF($H232>0,$H232*$P232,\"\")","v":""},null,{"$f":"IF($F232>0,VALUE(LEFT($F232,4)),\"\")","v":5166},{"$f":"IF(F232>0,IF(ISERROR(SEARCH(\"*FZ*\",$E232))=FALSE,\"FZ\",IF(ISERROR(SEARCH(\"*FR*\",$E232))=FALSE,\"FR\",\"Aucun\")),\"\")","v":"Aucun"},{"$f":"IF($C232=\"RM\",IF($U232=\"FR\",IF(ISNA(VLOOKUP($F:$F,lot,6,FALSE))=TRUE,VLOOKUP($T:$T,date,2,FALSE),VLOOKUP($F:$F,lot,6,FALSE)),\"\"),\"\")","v":""},{"$f":"IF($C232=\"RM\",IF($U232=\"Fz\",IF(ISNA(VLOOKUP($F:$F,lot,6,FALSE))=TRUE,VLOOKUP($T:$T,date,2,FALSE),VLOOKUP($F:$F,lot,6,FALSE)),\"\"),\"\")","v":""},{"$f":"IF($C232=\"FG\",VLOOKUP($A:$A,op,4,FALSE),\"\")","v":""},"2016-04-25",{"$f":"IF(C232=\"rm\",IF(U232=\"aucun\",\"OK\",IF(U232=\"fz\",IF(Y232-W232>730,Y232-W232,\"OK\"),IF(Y232-V232<1,1,Y232-V232))),\"\")","v":"OK"}]
["6174P087","Chicken","RM",19,"ING MONTOUR 7139 / MARINADE STYLE COTES-LEVEES / ALLERG: AUCUN","6163AS01",32.299999999999997,null,5,null,{"$f":"IF(ISNA(VLOOKUP($D:$D,rend,2,FALSE))=FALSE,VLOOKUP($D:$D,rend,2,FALSE),\"\")","v":""},{"$f":"IF($C233=\"RM\",IF(ISNA(VLOOKUP($F$2:$F$409,pos,2,FALSE))=FALSE,VLOOKUP($F233:$F$409,pos,2,FALSE),IF(ISNA(VLOOKUP($F$2:$F$409,lot,2,FALSE))=FALSE,VLOOKUP($F$2:$F$409,lot,2,FALSE),\"MANQUANT\")),\"\")","v":"PO-0021711"},{"$f":"IF($C233=\"RM\",IF(ISNA(VLOOKUP($F$2:$F$409,pos,3,FALSE))=FALSE,VLOOKUP($F233:$F598,pos,3,FALSE),\"OP\"),\"\")","v":"MONTO"},{"$f":"IF($C233=\"RM\",IF(ISNA(VLOOKUP($F233:$F$402,pos,4,FALSE))=FALSE,VLOOKUP($F$2:$F$402,pos,4,FALSE),\"\"),\"\")","v":300},{"$f":"IF($C233=\"RM\",IF(ISNA(VLOOKUP($F$2:$F$409,pos,5,FALSE))=FALSE,VLOOKUP($F$2:$F$409,pos,5,FALSE),IF(ISNA(VLOOKUP($F$2:$F$409,lot,5,FALSE))=FALSE,VLOOKUP($F$2:$F$409,lot,5,FALSE),0)),\"\")","v":7.94},{"$f":"IF($H233>0,VLOOKUP($D:$D,prix,15,FALSE),\"\")","v":""},{"$f":"IF($C233=\"RM\",$O233*$G233,\"\")","v":256.46199999999999},"",null,{"$f":"IF($F233>0,VALUE(LEFT($F233,4)),\"\")","v":6163},{"$f":"IF(F233>0,IF(ISERROR(SEARCH(\"*FZ*\",$E233))=FALSE,\"FZ\",IF(ISERROR(SEARCH(\"*FR*\",$E233))=FALSE,\"FR\",\"Aucun\")),\"\")","v":"Aucun"},{"$f":"IF($C233=\"RM\",IF($U233=\"FR\",IF(ISNA(VLOOKUP($F:$F,lot,6,FALSE))=TRUE,VLOOKUP($T:$T,date,2,FALSE),VLOOKUP($F:$F,lot,6,FALSE)),\"\"),\"\")","v":""},{"$f":"IF($C233=\"RM\",IF($U233=\"Fz\",IF(ISNA(VLOOKUP($F:$F,lot,6,FALSE))=TRUE,VLOOKUP($T:$T,date,2,FALSE),VLOOKUP($F:$F,lot,6,FALSE)),\"\"),\"\")","v":""},{"$f":"IF($C233=\"FG\",VLOOKUP($A:$A,op,4,FALSE),\"\")","v":""},"2016-04-25","OK"]
["6174P087","Chicken","RM",37006,"CHICKEN *IN PROCESS* 4 OZ FR @P","6174P087",396,null,5,null,{"$f":"IF(ISNA(VLOOKUP($D:$D,rend,2,FALSE))=FALSE,VLOOKUP($D:$D,rend,2,FALSE),\"\")","v":0.84379099121122703},{"$f":"IF($C234=\"RM\",IF(ISNA(VLOOKUP($F$2:$F$409,pos,2,FALSE))=FALSE,VLOOKUP($F234:$F$409,pos,2,FALSE),IF(ISNA(VLOOKUP($F$2:$F$409,lot,2,FALSE))=FALSE,VLOOKUP($F$2:$F$409,lot,2,FALSE),\"MANQUANT\")),\"\")","v":"6174P08"},{"$f":"IF($C234=\"RM\",IF(ISNA(VLOOKUP($F$2:$F$409,pos,3,FALSE))=FALSE,VLOOKUP($F234:$F599,pos,3,FALSE),\"OP\"),\"\")","v":"OP"},{"$f":"IF($C234=\"RM\",IF(ISNA(VLOOKUP($F234:$F$402,pos,4,FALSE))=FALSE,VLOOKUP($F$2:$F$402,pos,4,FALSE),\"\"),\"\")","v":""},{"$f":"IF($C234=\"RM\",IF(ISNA(VLOOKUP($F$2:$F$409,pos,5,FALSE))=FALSE,VLOOKUP($F$2:$F$409,pos,5,FALSE),IF(ISNA(VLOOKUP($F$2:$F$409,lot,5,FALSE))=FALSE,VLOOKUP($F$2:$F$409,lot,5,FALSE),0)),\"\")","v":6.5166515837104075},{"$f":"IF($H234>0,VLOOKUP($D:$D,prix,15,FALSE),\"\")","v":""},{"$f":"IF($C234=\"RM\",$O234*$G234,\"\")","v":2580.5940271493214},"",null,{"$f":"IF($F234>0,VALUE(LEFT($F234,4)),\"\")","v":6174},{"$f":"IF(F234>0,IF(ISERROR(SEARCH(\"*FZ*\",$E234))=FALSE,\"FZ\",IF(ISERROR(SEARCH(\"*FR*\",$E234))=FALSE,\"FR\",\"Aucun\")),\"\")","v":"FR"},{"$f":"IF($C234=\"RM\",IF($U234=\"FR\",IF(ISNA(VLOOKUP($F:$F,lot,6,FALSE))=TRUE,VLOOKUP($T:$T,date,2,FALSE),VLOOKUP($F:$F,lot,6,FALSE)),\"\"),\"\")","v":"2016-04-20"},{"$f":"IF($C234=\"RM\",IF($U234=\"Fz\",IF(ISNA(VLOOKUP($F:$F,lot,6,FALSE))=TRUE,VLOOKUP($T:$T,date,2,FALSE),VLOOKUP($F:$F,lot,6,FALSE)),\"\"),\"\")","v":""},{"$f":"IF($C234=\"FG\",VLOOKUP($A:$A,op,4,FALSE),\"\")","v":""},"2016-04-25",5]
["6174P087","Chicken","FG",27054,"DEMI-POIT. POUL F TRIM BBQ COTES-LEVEES (120-130GR)(2 X 18 UN)**4.5KG/CS FR @P","6174P0811","",405,5,null,{"$f":"IF(ISNA(VLOOKUP($D:$D,rend,2,FALSE))=FALSE,VLOOKUP($D:$D,rend,2,FALSE),\"\")","v":0.96203544472650215},{"$f":"IF($C235=\"RM\",IF(ISNA(VLOOKUP($F$2:$F$409,pos,2,FALSE))=FALSE,VLOOKUP($F235:$F$409,pos,2,FALSE),IF(ISNA(VLOOKUP($F$2:$F$409,lot,2,FALSE))=FALSE,VLOOKUP($F$2:$F$409,lot,2,FALSE),\"MANQUANT\")),\"\")","v":""},{"$f":"IF($C235=\"RM\",IF(ISNA(VLOOKUP($F$2:$F$409,pos,3,FALSE))=FALSE,VLOOKUP($F235:$F600,pos,3,FALSE),\"OP\"),\"\")","v":""},{"$f":"IF($C235=\"RM\",IF(ISNA(VLOOKUP($F235:$F$402,pos,4,FALSE))=FALSE,VLOOKUP($F$2:$F$402,pos,4,FALSE),\"\"),\"\")","v":""},{"$f":"IF($C235=\"RM\",IF(ISNA(VLOOKUP($F$2:$F$409,pos,5,FALSE))=FALSE,VLOOKUP($F$2:$F$409,pos,5,FALSE),IF(ISNA(VLOOKUP($F$2:$F$409,lot,5,FALSE))=FALSE,VLOOKUP($F$2:$F$409,lot,5,FALSE),0)),\"\")","v":""},{"$f":"IF($H235>0,VLOOKUP($D:$D,prix,15,FALSE),\"\")","v":10.72},{"$f":"IF($C235=\"RM\",$O235*$G235,\"\")","v":""},4341.6000000000004,null,{"$f":"IF($F235>0,VALUE(LEFT($F235,4)),\"\")","v":6174},{"$f":"IF(F235>0,IF(ISERROR(SEARCH(\"*FZ*\",$E235))=FALSE,\"FZ\",IF(ISERROR(SEARCH(\"*FR*\",$E235))=FALSE,\"FR\",\"Aucun\")),\"\")","v":"FR"},{"$f":"IF($C235=\"RM\",IF($U235=\"FR\",IF(ISNA(VLOOKUP($F:$F,lot,6,FALSE))=TRUE,VLOOKUP($T:$T,date,2,FALSE),VLOOKUP($F:$F,lot,6,FALSE)),\"\"),\"\")","v":""},{"$f":"IF($C235=\"RM\",IF($U235=\"Fz\",IF(ISNA(VLOOKUP($F:$F,lot,6,FALSE))=TRUE,VLOOKUP($T:$T,date,2,FALSE),VLOOKUP($F:$F,lot,6,FALSE)),\"\"),\"\")","v":""},{"$f":"IF($C235=\"FG\",VLOOKUP($A:$A,op,4,FALSE),\"\")","v":"2016-04-20"},"2016-04-25"]
["6174P087","Chicken","FG",37010,"CHICKEN SEASONED *IN PROCESS* CODE: 27054 FR @P","6174P0813","",54,5,null,{"$f":"IF(ISNA(VLOOKUP($D:$D,rend,2,FALSE))=FALSE,VLOOKUP($D:$D,rend,2,FALSE),\"\")","v":0.96585341220661314},{"$f":"IF($C236=\"RM\",IF(ISNA(VLOOKUP($F$2:$F$409,pos,2,FALSE))=FALSE,VLOOKUP($F236:$F$409,pos,2,FALSE),IF(ISNA(VLOOKUP($F$2:$F$409,lot,2,FALSE))=FALSE,VLOOKUP($F$2:$F$409,lot,2,FALSE),\"MANQUANT\")),\"\")","v":""},{"$f":"IF($C236=\"RM\",IF(ISNA(VLOOKUP($F$2:$F$409,pos,3,FALSE))=FALSE,VLOOKUP($F236:$F601,pos,3,FALSE),\"OP\"),\"\")","v":""},{"$f":"IF($C236=\"RM\",IF(ISNA(VLOOKUP($F236:$F$402,pos,4,FALSE))=FALSE,VLOOKUP($F$2:$F$402,pos,4,FALSE),\"\"),\"\")","v":""},{"$f":"IF($C236=\"RM\",IF(ISNA(VLOOKUP($F$2:$F$409,pos,5,FALSE))=FALSE,VLOOKUP($F$2:$F$409,pos,5,FALSE),IF(ISNA(VLOOKUP($F$2:$F$409,lot,5,FALSE))=FALSE,VLOOKUP($F$2:$F$409,lot,5,FALSE),0)),\"\")","v":""},{"$f":"IF($H236>0,VLOOKUP($D:$D,prix,15,FALSE),\"\")","v":10.72},{"$f":"IF($C236=\"RM\",$O236*$G236,\"\")","v":""},578.88,null,{"$f":"IF($F236>0,VALUE(LEFT($F236,4)),\"\")","v":6174},{"$f":"IF(F236>0,IF(ISERROR(SEARCH(\"*FZ*\",$E236))=FALSE,\"FZ\",IF(ISERROR(SEARCH(\"*FR*\",$E236))=FALSE,\"FR\",\"Aucun\")),\"\")","v":"FR"},{"$f":"IF($C236=\"RM\",IF($U236=\"FR\",IF(ISNA(VLOOKUP($F:$F,lot,6,FALSE))=TRUE,VLOOKUP($T:$T,date,2,FALSE),VLOOKUP($F:$F,lot,6,FALSE)),\"\"),\"\")","v":""},{"$f":"IF($C236=\"RM\",IF($U236=\"Fz\",IF(ISNA(VLOOKUP($F:$F,lot,6,FALSE))=TRUE,VLOOKUP($T:$T,date,2,FALSE),VLOOKUP($F:$F,lot,6,FALSE)),\"\"),\"\")","v":""},{"$f":"IF($C236=\"FG\",VLOOKUP($A:$A,op,4,FALSE),\"\")","v":"2016-04-20"},"2016-04-25"]
["6174P087 Total",null,null,null,null,null,{"$f":"SUBTOTAL(9,G232:G236)","v":475.33},{"$f":"SUBTOTAL(9,H232:H236)","v":459},null,{"$f":"$G237-$H237","v":16.329999999999984},{"$f":"$H237/$G237","v":0.9656449203711106},null,null,null,{"$f":"$Q237/$H237","v":6.1809499502163865},null,{"$f":"SUBTOTAL(9,Q232:Q236)","v":2837.0560271493214},{"$f":"SUBTOTAL(9,R232:R236)","v":4920.4800000000005},{"$f":"($R237-$Q237)/$Q237","v":0.73436123675855181},null,null,null,null,null,null,{"$f":"V234","v":"2016-04-20"}]
["6174P087B","Chicken","RM",1,"ING EAU","5166AS",28.44,null,5,null,{"$f":"IF(ISNA(VLOOKUP($D:$D,rend,2,FALSE))=FALSE,VLOOKUP($D:$D,rend,2,FALSE),\"\")","v":""},{"$f":"IF($C238=\"RM\",IF(ISNA(VLOOKUP($F$2:$F$409,pos,2,FALSE))=FALSE,VLOOKUP($F238:$F$409,pos,2,FALSE),IF(ISNA(VLOOKUP($F$2:$F$409,lot,2,FALSE))=FALSE,VLOOKUP($F$2:$F$409,lot,2,FALSE),\"MANQUANT\")),\"\")","v":"Aucun"},{"$f":"IF($C238=\"RM\",IF(ISNA(VLOOKUP($F$2:$F$409,pos,3,FALSE))=FALSE,VLOOKUP($F238:$F602,pos,3,FALSE),\"OP\"),\"\")","v":"Aucun"},{"$f":"IF($C238=\"RM\",IF(ISNA(VLOOKUP($F238:$F$402,pos,4,FALSE))=FALSE,VLOOKUP($F$2:$F$402,pos,4,FALSE),\"\"),\"\")","v":0},{"$f":"IF($C238=\"RM\",IF(ISNA(VLOOKUP($F$2:$F$409,pos,5,FALSE))=FALSE,VLOOKUP($F$2:$F$409,pos,5,FALSE),IF(ISNA(VLOOKUP($F$2:$F$409,lot,5,FALSE))=FALSE,VLOOKUP($F$2:$F$409,lot,5,FALSE),0)),\"\")","v":0},{"$f":"IF($H238>0,VLOOKUP($D:$D,prix,15,FALSE),\"\")","v":""},{"$f":"IF($C238=\"RM\",$O238*$G238,\"\")","v":0},{"$f":"IF($H238>0,$H238*$P238,\"\")","v":""},null,{"$f":"IF($F238>0,VALUE(LEFT($F238,4)),\"\")","v":5166},{"$f":"IF(F238>0,IF(ISERROR(SEARCH(\"*FZ*\",$E238))=FALSE,\"FZ\",IF(ISERROR(SEARCH(\"*FR*\",$E238))=FALSE,\"FR\",\"Aucun\")),\"\")","v":"Aucun"},{"$f":"IF($C238=\"RM\",IF($U238=\"FR\",IF(ISNA(VLOOKUP($F:$F,lot,6,FALSE))=TRUE,VLOOKUP($T:$T,date,2,FALSE),VLOOKUP($F:$F,lot,6,FALSE)),\"\"),\"\")","v":""},{"$f":"IF($C238=\"RM\",IF($U238=\"Fz\",IF(ISNA(VLOOKUP($F:$F,lot,6,FALSE))=TRUE,VLOOKUP($T:$T,date,2,FALSE),VLOOKUP($F:$F,lot,6,FALSE)),\"\"),\"\")","v":""},{"$f":"IF($C238=\"FG\",VLOOKUP($A:$A,op,4,FALSE),\"\")","v":""},"2016-04-25",{"$f":"IF(C238=\"rm\",IF(U238=\"aucun\",\"OK\",IF(U238=\"fz\",IF(Y238-W238>730,Y238-W238,\"OK\"),IF(Y238-V238<1,1,Y238-V238))),\"\")","v":"OK"}]
["6174P087B","Chicken","RM",2,"ING HUILE CANOLA","6123AS01",0.56000000000000005,null,5,null,"",{"$f":"IF($C239=\"RM\",IF(ISNA(VLOOKUP($F$2:$F$409,pos,2,FALSE))=FALSE,VLOOKUP($F239:$F$409,pos,2,FALSE),IF(ISNA(VLOOKUP($F$2:$F$409,lot,2,FALSE))=FALSE,VLOOKUP($F$2:$F$409,lot,2,FALSE),\"MANQUANT\")),\"\")","v":"PO-0021498"},"ALIMPLUS",{"$f":"IF($C239=\"RM\",IF(ISNA(VLOOKUP($F239:$F$402,pos,4,FALSE))=FALSE,VLOOKUP($F$2:$F$402,pos,4,FALSE),\"\"),\"\")","v":16},1.484375,"",0.83125000000000004,"",null,6123,"Aucun","","","","2016-04-25","OK"]
["6174P087B","Chicken","RM",13,"ING BSA 2B4I014 / MARINADE CHIPOTLE, POIVRE, SAVEUR D'ERABLE / ALLERG: AUCUN","6161AS01",8.4830000000000005,null,5,null,"",{"$f":"IF($C240=\"RM\",IF(ISNA(VLOOKUP($F$2:$F$409,pos,2,FALSE))=FALSE,VLOOKUP($F240:$F$409,pos,2,FALSE),IF(ISNA(VLOOKUP($F$2:$F$409,lot,2,FALSE))=FALSE,VLOOKUP($F$2:$F$409,lot,2,FALSE),\"MANQUANT\")),\"\")","v":"PO-0021614"},"BSA",{"$f":"IF($C240=\"RM\",IF(ISNA(VLOOKUP($F240:$F$402,pos,4,FALSE))=FALSE,VLOOKUP($F$2:$F$402,pos,4,FALSE),\"\"),\"\")","v":100},6.34,"",53.782220000000002,"",null,6161,"Aucun","","","","2016-04-25","OK"]
["6174P087B","Chicken","RM",37006,"CHICKEN *IN PROCESS* 4 OZ FR @P","6172P1032",18,null,5,null,0.84379099121122703,{"$f":"IF($C241=\"RM\",IF(ISNA(VLOOKUP($F$2:$F$409,pos,2,FALSE))=FALSE,VLOOKUP($F241:$F$409,pos,2,FALSE),IF(ISNA(VLOOKUP($F$2:$F$409,lot,2,FALSE))=FALSE,VLOOKUP($F$2:$F$409,lot,2,FALSE),\"MANQUANT\")),\"\")","v":"6172P10B"},"OP",{"$f":"IF($C241=\"RM\",IF(ISNA(VLOOKUP($F241:$F$402,pos,4,FALSE))=FALSE,VLOOKUP($F$2:$F$402,pos,4,FALSE),\"\"),\"\")","v":""},6.8350254101146151,"",123.03045738206308,"",null,6172,"FR","2016-04-18","","","2016-04-25",7]
["6174P087B","Chicken","RM",37006,"CHICKEN *IN PROCESS* 4 OZ FR @P","6174P056",50,null,5,null,0.84379099121122703,{"$f":"IF($C242=\"RM\",IF(ISNA(VLOOKUP($F$2:$F$409,pos,2,FALSE))=FALSE,VLOOKUP($F242:$F$409,pos,2,FALSE),IF(ISNA(VLOOKUP($F$2:$F$409,lot,2,FALSE))=FALSE,VLOOKUP($F$2:$F$409,lot,2,FALSE),\"MANQUANT\")),\"\")","v":"6174P05"},"OP",{"$f":"IF($C242=\"RM\",IF(ISNA(VLOOKUP($F242:$F$402,pos,4,FALSE))=FALSE,VLOOKUP($F$2:$F$402,pos,4,FALSE),\"\"),\"\")","v":""},6.2605393733345593,"",313.02696866672795,"",null,6174,"FR","2016-04-20","","","2016-04-25",5]
["6174P087B","Chicken","RM",37006,"CHICKEN *IN PROCESS* 4 OZ FR @P","6174P087",120,null,5,null,0.84379099121122703,{"$f":"IF($C243=\"RM\",IF(ISNA(VLOOKUP($F$2:$F$409,pos,2,FALSE))=FALSE,VLOOKUP($F243:$F$409,pos,2,FALSE),IF(ISNA(VLOOKUP($F$2:$F$409,lot,2,FALSE))=FALSE,VLOOKUP($F$2:$F$409,lot,2,FALSE),\"MANQUANT\")),\"\")","v":"6174P08"},"OP",{"$f":"IF($C243=\"RM\",IF(ISNA(VLOOKUP($F243:$F$402,pos,4,FALSE))=FALSE,VLOOKUP($F$2:$F$402,pos,4,FALSE),\"\"),\"\")","v":""},6.5166515837104075,"",781.99819004524886,"",null,6174,"FR","2016-04-20","","","2016-04-25",5]
["6174P087B","Chicken","FG",27051,"CHIPOTLE SEASONED BNLS CH BREAST F-TRIM**120-130g (2 SACX18 UN)**4.5 kg FR #D","6174P0810","",157.5,5,null,0.96512641307292313,{"$f":"IF($C244=\"RM\",IF(ISNA(VLOOKUP($F$2:$F$409,pos,2,FALSE))=FALSE,VLOOKUP($F244:$F$409,pos,2,FALSE),IF(ISNA(VLOOKUP($F$2:$F$409,lot,2,FALSE))=FALSE,VLOOKUP($F$2:$F$409,lot,2,FALSE),\"MANQUANT\")),\"\")","v":""},"",{"$f":"IF($C244=\"RM\",IF(ISNA(VLOOKUP($F244:$F$402,pos,4,FALSE))=FALSE,VLOOKUP($F$2:$F$402,pos,4,FALSE),\"\"),\"\")","v":""},"",10.72,"",1688.4,null,6174,"FR","","","2016-04-18","2016-04-25"]
["6174P087B","Chicken","FG",37005,"POULET ASSAISONNE *IN PROCESS* CODE 27051 FR @P","6174P0812","",63,5,null,0.96964794520876518,{"$f":"IF($C245=\"RM\",IF(ISNA(VLOOKUP($F$2:$F$409,pos,2,FALSE))=FALSE,VLOOKUP($F245:$F$409,pos,2,FALSE),IF(ISNA(VLOOKUP($F$2:$F$409,lot,2,FALSE))=FALSE,VLOOKUP($F$2:$F$409,lot,2,FALSE),\"MANQUANT\")),\"\")","v":""},"",{"$f":"IF($C245=\"RM\",IF(ISNA(VLOOKUP($F245:$F$402,pos,4,FALSE))=FALSE,VLOOKUP($F$2:$F$402,pos,4,FALSE),\"\"),\"\")","v":""},"",10.72,"",675.36,null,6174,"FR","","","2016-04-18","2016-04-25"]
["6174P087B Total",null,null,null,null,null,{"$f":"SUBTOTAL(9,G238:G245)","v":225.483},{"$f":"SUBTOTAL(9,H238:H245)","v":220.5},null,{"$f":"$G246-$H246","v":4.9830000000000041},{"$f":"$H246/$G246","v":0.97790077300727773},null,null,null,{"$f":"$Q246/$H246","v":5.7717418870477992},null,{"$f":"SUBTOTAL(9,Q238:Q245)","v":1272.6690860940398},{"$f":"SUBTOTAL(9,R238:R245)","v":2363.7600000000002},{"$f":"($R246-$Q246)/$Q246","v":0.85732491330848415},null,null,null,null,null,null,{"$f":"V241","v":"2016-04-18"}]
["6176P01","Chicken","RM",35022,"BONELESS CHICKEN BREAST SMALL-MEDIUM***RAW MATERIAL FR #D","6176P01",16329.49,null,5,null,{"$f":"IF(ISNA(VLOOKUP($D:$D,rend,2,FALSE))=FALSE,VLOOKUP($D:$D,rend,2,FALSE),\"\")","v":0.94947128027888894},{"$f":"IF($C247=\"RM\",IF(ISNA(VLOOKUP($F$2:$F$409,pos,2,FALSE))=FALSE,VLOOKUP($F247:$F$409,pos,2,FALSE),IF(ISNA(VLOOKUP($F$2:$F$409,lot,2,FALSE))=FALSE,VLOOKUP($F$2:$F$409,lot,2,FALSE),\"MANQUANT\")),\"\")","v":"MANQUANT"},{"$f":"IF($C247=\"RM\",IF(ISNA(VLOOKUP($F$2:$F$409,pos,3,FALSE))=FALSE,VLOOKUP($F247:$F610,pos,3,FALSE),\"OP\"),\"\")","v":"OP"},{"$f":"IF($C247=\"RM\",IF(ISNA(VLOOKUP($F247:$F$402,pos,4,FALSE))=FALSE,VLOOKUP($F$2:$F$402,pos,4,FALSE),\"\"),\"\")","v":""},{"$f":"IF($C247=\"RM\",IF(ISNA(VLOOKUP($F$2:$F$409,pos,5,FALSE))=FALSE,VLOOKUP($F$2:$F$409,pos,5,FALSE),IF(ISNA(VLOOKUP($F$2:$F$409,lot,5,FALSE))=FALSE,VLOOKUP($F$2:$F$409,lot,5,FALSE),0)),\"\")","v":0},{"$f":"IF($H247>0,VLOOKUP($D:$D,prix,15,FALSE),\"\")","v":""},{"$f":"IF($C247=\"RM\",$O247*$G247,\"\")","v":0},{"$f":"IF($H247>0,$H247*$P247,\"\")","v":""},null,{"$f":"IF($F247>0,VALUE(LEFT($F247,4)),\"\")","v":6176},{"$f":"IF(F247>0,IF(ISERROR(SEARCH(\"*FZ*\",$E247))=FALSE,\"FZ\",IF(ISERROR(SEARCH(\"*FR*\",$E247))=FALSE,\"FR\",\"Aucun\")),\"\")","v":"FR"},{"$f":"IF($C247=\"RM\",IF($U247=\"FR\",IF(ISNA(VLOOKUP($F:$F,lot,6,FALSE))=TRUE,VLOOKUP($T:$T,date,2,FALSE),VLOOKUP($F:$F,lot,6,FALSE)),\"\"),\"\")","v":"2016-04-22"},{"$f":"IF($C247=\"RM\",IF($U247=\"Fz\",IF(ISNA(VLOOKUP($F:$F,lot,6,FALSE))=TRUE,VLOOKUP($T:$T,date,2,FALSE),VLOOKUP($F:$F,lot,6,FALSE)),\"\"),\"\")","v":""},{"$f":"IF($C247=\"FG\",VLOOKUP($A:$A,op,4,FALSE),\"\")","v":""},"2016-04-25",{"$f":"IF(C247=\"rm\",IF(U247=\"aucun\",\"OK\",IF(U247=\"fz\",IF(Y247-W247>730,Y247-W247,\"OK\"),IF(Y247-V247<1,1,Y247-V247))),\"\")","v":3}]
["6176P01","Chicken","FG",37004,"BONELESS CH.BREAST *IN PROCESS* FR @P","6176P011","",16329.4,5,null,{"$f":"IF(ISNA(VLOOKUP($D:$D,rend,2,FALSE))=FALSE,VLOOKUP($D:$D,rend,2,FALSE),\"\")","v":0.80480511567184854},{"$f":"IF($C248=\"RM\",IF(ISNA(VLOOKUP($F$2:$F$409,pos,2,FALSE))=FALSE,VLOOKUP($F248:$F$409,pos,2,FALSE),IF(ISNA(VLOOKUP($F$2:$F$409,lot,2,FALSE))=FALSE,VLOOKUP($F$2:$F$409,lot,2,FALSE),\"MANQUANT\")),\"\")","v":""},{"$f":"IF($C248=\"RM\",IF(ISNA(VLOOKUP($F$2:$F$409,pos,3,FALSE))=FALSE,VLOOKUP($F248:$F611,pos,3,FALSE),\"OP\"),\"\")","v":""},{"$f":"IF($C248=\"RM\",IF(ISNA(VLOOKUP($F248:$F$402,pos,4,FALSE))=FALSE,VLOOKUP($F$2:$F$402,pos,4,FALSE),\"\"),\"\")","v":""},{"$f":"IF($C248=\"RM\",IF(ISNA(VLOOKUP($F$2:$F$409,pos,5,FALSE))=FALSE,VLOOKUP($F$2:$F$409,pos,5,FALSE),IF(ISNA(VLOOKUP($F$2:$F$409,lot,5,FALSE))=FALSE,VLOOKUP($F$2:$F$409,lot,5,FALSE),0)),\"\")","v":""},{"$f":"IF($H248>0,VLOOKUP($D:$D,prix,15,FALSE),\"\")","v":7.5},{"$f":"IF($C248=\"RM\",$O248*$G248,\"\")","v":""},122470.5,null,{"$f":"IF($F248>0,VALUE(LEFT($F248,4)),\"\")","v":6176},{"$f":"IF(F248>0,IF(ISERROR(SEARCH(\"*FZ*\",$E248))=FALSE,\"FZ\",IF(ISERROR(SEARCH(\"*FR*\",$E248))=FALSE,\"FR\",\"Aucun\")),\"\")","v":"FR"},{"$f":"IF($C248=\"RM\",IF($U248=\"FR\",IF(ISNA(VLOOKUP($F:$F,lot,6,FALSE))=TRUE,VLOOKUP($T:$T,date,2,FALSE),VLOOKUP($F:$F,lot,6,FALSE)),\"\"),\"\")","v":""},{"$f":"IF($C248=\"RM\",IF($U248=\"Fz\",IF(ISNA(VLOOKUP($F:$F,lot,6,FALSE))=TRUE,VLOOKUP($T:$T,date,2,FALSE),VLOOKUP($F:$F,lot,6,FALSE)),\"\"),\"\")","v":""},{"$f":"IF($C248=\"FG\",VLOOKUP($A:$A,op,4,FALSE),\"\")","v":"2016-04-22"},"2016-04-25"]
["6176P01 Total",null,null,null,null,null,{"$f":"SUBTOTAL(9,G247:G248)","v":16329.49},{"$f":"SUBTOTAL(9,H247:H248)","v":16329.4},null,{"$f":"$G249-$H249","v":9.0000000000145519E-2},{"$f":"$H249/$G249","v":0.99999448849902839},null,null,null,{"$f":"$Q249/$H249","v":0},null,{"$f":"SUBTOTAL(9,Q247:Q248)","v":0},{"$f":"SUBTOTAL(9,R247:R248)","v":122470.5},{"$f":"($R249-$Q249)/$Q249","v":{"$error":"#DIV/0!"}},null,null,null,null,null,null,{"$f":"V247","v":"2016-04-22"}]
["6176P011","Chicken","RM",37004,"BONELESS CH.BREAST *IN PROCESS* FR @P","6176P011",7348.24,null,4,null,{"$f":"IF(ISNA(VLOOKUP($D:$D,rend,2,FALSE))=FALSE,VLOOKUP($D:$D,rend,2,FALSE),\"\")","v":0.80480511567184854},{"$f":"IF($C250=\"RM\",IF(ISNA(VLOOKUP($F$2:$F$409,pos,2,FALSE))=FALSE,VLOOKUP($F250:$F$409,pos,2,FALSE),IF(ISNA(VLOOKUP($F$2:$F$409,lot,2,FALSE))=FALSE,VLOOKUP($F$2:$F$409,lot,2,FALSE),\"MANQUANT\")),\"\")","v":"6176P01"},{"$f":"IF($C250=\"RM\",IF(ISNA(VLOOKUP($F$2:$F$409,pos,3,FALSE))=FALSE,VLOOKUP($F250:$F612,pos,3,FALSE),\"OP\"),\"\")","v":"OP"},{"$f":"IF($C250=\"RM\",IF(ISNA(VLOOKUP($F250:$F$402,pos,4,FALSE))=FALSE,VLOOKUP($F$2:$F$402,pos,4,FALSE),\"\"),\"\")","v":""},{"$f":"IF($C250=\"RM\",IF(ISNA(VLOOKUP($F$2:$F$409,pos,5,FALSE))=FALSE,VLOOKUP($F$2:$F$409,pos,5,FALSE),IF(ISNA(VLOOKUP($F$2:$F$409,lot,5,FALSE))=FALSE,VLOOKUP($F$2:$F$409,lot,5,FALSE),0)),\"\")","v":3.2700180227075091},{"$f":"IF($H250>0,VLOOKUP($D:$D,prix,15,FALSE),\"\")","v":""},{"$f":"IF($C250=\"RM\",$O250*$G250,\"\")","v":24028.877235180225},{"$f":"IF($H250>0,$H250*$P250,\"\")","v":""},null,{"$f":"IF($F250>0,VALUE(LEFT($F250,4)),\"\")","v":6176},{"$f":"IF(F250>0,IF(ISERROR(SEARCH(\"*FZ*\",$E250))=FALSE,\"FZ\",IF(ISERROR(SEARCH(\"*FR*\",$E250))=FALSE,\"FR\",\"Aucun\")),\"\")","v":"FR"},{"$f":"IF($C250=\"RM\",IF($U250=\"FR\",IF(ISNA(VLOOKUP($F:$F,lot,6,FALSE))=TRUE,VLOOKUP($T:$T,date,2,FALSE),VLOOKUP($F:$F,lot,6,FALSE)),\"\"),\"\")","v":"2016-04-22"},{"$f":"IF($C250=\"RM\",IF($U250=\"Fz\",IF(ISNA(VLOOKUP($F:$F,lot,6,FALSE))=TRUE,VLOOKUP($T:$T,date,2,FALSE),VLOOKUP($F:$F,lot,6,FALSE)),\"\"),\"\")","v":""},{"$f":"IF($C250=\"FG\",VLOOKUP($A:$A,op,4,FALSE),\"\")","v":""},"2016-04-25",{"$f":"IF(C250=\"rm\",IF(U250=\"aucun\",\"OK\",IF(U250=\"fz\",IF(Y250-W250>730,Y250-W250,\"OK\"),IF(Y250-V250<1,1,Y250-V250))),\"\")","v":3}]
["6176P011","Chicken","FG",11436,"BONELESS CHICKEN BREAST FULL TRIM AVEC FILET:2 SACX 5 KG/CS FR @P","6176P0111","",890,4,null,0.9014222364956892,{"$f":"IF($C251=\"RM\",IF(ISNA(VLOOKUP($F$2:$F$409,pos,2,FALSE))=FALSE,VLOOKUP($F251:$F$409,pos,2,FALSE),IF(ISNA(VLOOKUP($F$2:$F$409,lot,2,FALSE))=FALSE,VLOOKUP($F$2:$F$409,lot,2,FALSE),\"MANQUANT\")),\"\")","v":""},"",{"$f":"IF($C251=\"RM\",IF(ISNA(VLOOKUP($F251:$F$402,pos,4,FALSE))=FALSE,VLOOKUP($F$2:$F$402,pos,4,FALSE),\"\"),\"\")","v":""},"",9.75,"",8677.5,null,6176,"FR","","","2016-04-22","2016-04-25"]
["6176P011","Chicken","FG",35809,"PARURES DE POITRINE DE POULET 80% 25KG/CS CVP FR #D","6176P0112","",125,4,null,0.83125629532833933,{"$f":"IF($C252=\"RM\",IF(ISNA(VLOOKUP($F$2:$F$409,pos,2,FALSE))=FALSE,VLOOKUP($F252:$F$409,pos,2,FALSE),IF(ISNA(VLOOKUP($F$2:$F$409,lot,2,FALSE))=FALSE,VLOOKUP($F$2:$F$409,lot,2,FALSE),\"MANQUANT\")),\"\")","v":""},"",{"$f":"IF($C252=\"RM\",IF(ISNA(VLOOKUP($F252:$F$402,pos,4,FALSE))=FALSE,VLOOKUP($F$2:$F$402,pos,4,FALSE),\"\"),\"\")","v":""},"",3.75,"",468.75,null,6176,"FR","","","2016-04-22","2016-04-25"]
["6176P011","Chicken","FG",35802,"CHICKEN TRIMMINGS 80% FZ #D","6176P0113","",275,4,null,0.83345280817828782,{"$f":"IF($C253=\"RM\",IF(ISNA(VLOOKUP($F$2:$F$409,pos,2,FALSE))=FALSE,VLOOKUP($F253:$F$409,pos,2,FALSE),IF(ISNA(VLOOKUP($F$2:$F$409,lot,2,FALSE))=FALSE,VLOOKUP($F$2:$F$409,lot,2,FALSE),\"MANQUANT\")),\"\")","v":""},"",{"$f":"IF($C253=\"RM\",IF(ISNA(VLOOKUP($F253:$F$402,pos,4,FALSE))=FALSE,VLOOKUP($F$2:$F$402,pos,4,FALSE),\"\"),\"\")","v":""},"",2.75,"",756.25,null,6176,"FZ","","","2016-04-22","2016-04-25"]
["6176P011","Chicken","FG",37006,"CHICKEN *IN PROCESS* 4 OZ FR @P","6176P0114","",4,4,null,0.84379099121122703,{"$f":"IF($C254=\"RM\",IF(ISNA(VLOOKUP($F$2:$F$409,pos,2,FALSE))=FALSE,VLOOKUP($F254:$F$409,pos,2,FALSE),IF(ISNA(VLOOKUP($F$2:$F$409,lot,2,FALSE))=FALSE,VLOOKUP($F$2:$F$409,lot,2,FALSE),\"MANQUANT\")),\"\")","v":""},"",{"$f":"IF($C254=\"RM\",IF(ISNA(VLOOKUP($F254:$F$402,pos,4,FALSE))=FALSE,VLOOKUP($F$2:$F$402,pos,4,FALSE),\"\"),\"\")","v":""},"",8.5,"",34,null,6176,"FR","","","2016-04-22","2016-04-25"]
["6176P011","Chicken","FG",37003,"FULL TRIM RANDOM *IN PROCESS* CODE: 26019,27056,35760 FR @P","6176P0115","",505,4,null,0.8474087549148519,{"$f":"IF($C255=\"RM\",IF(ISNA(VLOOKUP($F$2:$F$409,pos,2,FALSE))=FALSE,VLOOKUP($F255:$F$409,pos,2,FALSE),IF(ISNA(VLOOKUP($F$2:$F$409,lot,2,FALSE))=FALSE,VLOOKUP($F$2:$F$409,lot,2,FALSE),\"MANQUANT\")),\"\")","v":""},"",{"$f":"IF($C255=\"RM\",IF(ISNA(VLOOKUP($F255:$F$402,pos,4,FALSE))=FALSE,VLOOKUP($F$2:$F$402,pos,4,FALSE),\"\"),\"\")","v":""},"",11.5,"",5807.5,null,6176,"FR","","","2016-04-22","2016-04-25"]
["6176P011","Chicken","FG",37006,"CHICKEN *IN PROCESS* 4 OZ FR @P","6176P0117","",127,4,null,0.84379099121122703,{"$f":"IF($C256=\"RM\",IF(ISNA(VLOOKUP($F$2:$F$409,pos,2,FALSE))=FALSE,VLOOKUP($F256:$F$409,pos,2,FALSE),IF(ISNA(VLOOKUP($F$2:$F$409,lot,2,FALSE))=FALSE,VLOOKUP($F$2:$F$409,lot,2,FALSE),\"MANQUANT\")),\"\")","v":""},"",{"$f":"IF($C256=\"RM\",IF(ISNA(VLOOKUP($F256:$F$402,pos,4,FALSE))=FALSE,VLOOKUP($F$2:$F$402,pos,4,FALSE),\"\"),\"\")","v":""},"",8.5,"",1079.5,null,6176,"FR","","","2016-04-22","2016-04-25"]
["6176P011","Chicken","FG",35022,"BONELESS CHICKEN BREAST SMALL-MEDIUM***RAW MATERIAL FR #D","6176P012","",526.05999999999995,4,null,0.94947128027888894,{"$f":"IF($C257=\"RM\",IF(ISNA(VLOOKUP($F$2:$F$409,pos,2,FALSE))=FALSE,VLOOKUP($F257:$F$409,pos,2,FALSE),IF(ISNA(VLOOKUP($F$2:$F$409,lot,2,FALSE))=FALSE,VLOOKUP($F$2:$F$409,lot,2,FALSE),\"MANQUANT\")),\"\")","v":""},"",{"$f":"IF($C257=\"RM\",IF(ISNA(VLOOKUP($F257:$F$402,pos,4,FALSE))=FALSE,VLOOKUP($F$2:$F$402,pos,4,FALSE),\"\"),\"\")","v":""},"",7.5,"",3945.45,null,6176,"FR","","","2016-04-22","2016-04-25"]
["6176P011","Chicken","FG",35723,"BONELESS CHICKEN BREAST SPLIT**MEDIUM FR #P","6176P013","",1380,4,null,0.88313918705202821,{"$f":"IF($C258=\"RM\",IF(ISNA(VLOOKUP($F$2:$F$409,pos,2,FALSE))=FALSE,VLOOKUP($F258:$F$409,pos,2,FALSE),IF(ISNA(VLOOKUP($F$2:$F$409,lot,2,FALSE))=FALSE,VLOOKUP($F$2:$F$409,lot,2,FALSE),\"MANQUANT\")),\"\")","v":""},"",{"$f":"IF($C258=\"RM\",IF(ISNA(VLOOKUP($F258:$F$402,pos,4,FALSE))=FALSE,VLOOKUP($F$2:$F$402,pos,4,FALSE),\"\"),\"\")","v":""},"",7.5,"",10350,null,6176,"FR","","","2016-04-22","2016-04-25"]
["6176P011","Chicken","FG",35760,"CH.FILET*CUT/2* NF*F.TRIM FR @P","6176P014","",190,4,null,0.87125664974782602,{"$f":"IF($C259=\"RM\",IF(ISNA(VLOOKUP($F$2:$F$409,pos,2,FALSE))=FALSE,VLOOKUP($F259:$F$409,pos,2,FALSE),IF(ISNA(VLOOKUP($F$2:$F$409,lot,2,FALSE))=FALSE,VLOOKUP($F$2:$F$409,lot,2,FALSE),\"MANQUANT\")),\"\")","v":""},"",{"$f":"IF($C259=\"RM\",IF(ISNA(VLOOKUP($F259:$F$402,pos,4,FALSE))=FALSE,VLOOKUP($F$2:$F$402,pos,4,FALSE),\"\"),\"\")","v":""},"",8.6999999999999993,"",1652.9999999999998,null,6176,"FR","","","2016-04-22","2016-04-25"]
["6176P011","Chicken","FG",36704,"CH.FILET*NF*CUT/2*F.TRIM*7ONC ***ALIMPLUS***FR @P","6176P015","",25,4,null,0.80079207353180992,{"$f":"IF($C260=\"RM\",IF(ISNA(VLOOKUP($F$2:$F$409,pos,2,FALSE))=FALSE,VLOOKUP($F260:$F$409,pos,2,FALSE),IF(ISNA(VLOOKUP($F$2:$F$409,lot,2,FALSE))=FALSE,VLOOKUP($F$2:$F$409,lot,2,FALSE),\"MANQUANT\")),\"\")","v":""},"",{"$f":"IF($C260=\"RM\",IF(ISNA(VLOOKUP($F260:$F$402,pos,4,FALSE))=FALSE,VLOOKUP($F$2:$F$402,pos,4,FALSE),\"\"),\"\")","v":""},"",9.75,"",243.75,null,6176,"FR","","","2016-04-22","2016-04-25"]
["6176P011","Chicken","FG",36404,"CH.FILET*CUT/2* NF*F.TRIM***ALIMPLUS**FR @P","6176P016","",100,4,null,0.89176055270607035,{"$f":"IF($C261=\"RM\",IF(ISNA(VLOOKUP($F$2:$F$409,pos,2,FALSE))=FALSE,VLOOKUP($F261:$F$409,pos,2,FALSE),IF(ISNA(VLOOKUP($F$2:$F$409,lot,2,FALSE))=FALSE,VLOOKUP($F$2:$F$409,lot,2,FALSE),\"MANQUANT\")),\"\")","v":""},"",{"$f":"IF($C261=\"RM\",IF(ISNA(VLOOKUP($F261:$F$402,pos,4,FALSE))=FALSE,VLOOKUP($F$2:$F$402,pos,4,FALSE),\"\"),\"\")","v":""},"",8.9499999999999993,"",894.99999999999989,null,6176,"FR","","","2016-04-22","2016-04-25"]
["6176P011","Chicken","FG",35779,"BONELESS SPLIT CHICKEN BREAST FULL TRIM**170 A 225 g **BOITE BLANCHES**5 KG/CS","6176P017","",150,4,null,0.85228437284421465,{"$f":"IF($C262=\"RM\",IF(ISNA(VLOOKUP($F$2:$F$409,pos,2,FALSE))=FALSE,VLOOKUP($F262:$F$409,pos,2,FALSE),IF(ISNA(VLOOKUP($F$2:$F$409,lot,2,FALSE))=FALSE,VLOOKUP($F$2:$F$409,lot,2,FALSE),\"MANQUANT\")),\"\")","v":""},"",{"$f":"IF($C262=\"RM\",IF(ISNA(VLOOKUP($F262:$F$402,pos,4,FALSE))=FALSE,VLOOKUP($F$2:$F$402,pos,4,FALSE),\"\"),\"\")","v":""},"",9.5,"",1425,null,6176,"Aucun","","","2016-04-22","2016-04-25"]
["6176P011","Chicken","FG",36315,"BONLESS CHICKEN BREAST SPLIT ( 2 X 5 KG CVP) **METRO** FR #D","6176P018","",3300,4,null,0.83718453419271532,{"$f":"IF($C263=\"RM\",IF(ISNA(VLOOKUP($F$2:$F$409,pos,2,FALSE))=FALSE,VLOOKUP($F263:$F$409,pos,2,FALSE),IF(ISNA(VLOOKUP($F$2:$F$409,lot,2,FALSE))=FALSE,VLOOKUP($F$2:$F$409,lot,2,FALSE),\"MANQUANT\")),\"\")","v":""},"",{"$f":"IF($C263=\"RM\",IF(ISNA(VLOOKUP($F263:$F$402,pos,4,FALSE))=FALSE,VLOOKUP($F$2:$F$402,pos,4,FALSE),\"\"),\"\")","v":""},"",8.65,"",28545,null,6176,"FR","","","2016-04-22","2016-04-25"]
["6176P011","Chicken","FG",37004,"BONELESS CH.BREAST *IN PROCESS* FR @P","6176P019","",109.5,4,null,0.80480511567184854,{"$f":"IF($C264=\"RM\",IF(ISNA(VLOOKUP($F$2:$F$409,pos,2,FALSE))=FALSE,VLOOKUP($F264:$F$409,pos,2,FALSE),IF(ISNA(VLOOKUP($F$2:$F$409,lot,2,FALSE))=FALSE,VLOOKUP($F$2:$F$409,lot,2,FALSE),\"MANQUANT\")),\"\")","v":""},"",{"$f":"IF($C264=\"RM\",IF(ISNA(VLOOKUP($F264:$F$402,pos,4,FALSE))=FALSE,VLOOKUP($F$2:$F$402,pos,4,FALSE),\"\"),\"\")","v":""},"",7.5,"",821.25,null,6176,"FR","","","2016-04-22","2016-04-25"]
["6176P011 Total",null,null,null,null,null,{"$f":"SUBTOTAL(9,G250:G264)","v":7348.24},{"$f":"SUBTOTAL(9,H250:H264)","v":7706.5599999999995},null,{"$f":"$G265-$H265","v":-358.31999999999971},{"$f":"$H265/$G265","v":1.0487626969179014},null,null,null,{"$f":"$Q265/$H265","v":3.1179770526902053},null,{"$f":"SUBTOTAL(9,Q250:Q264)","v":24028.877235180225},{"$f":"SUBTOTAL(9,R250:R264)","v":64701.95},{"$f":"($R265-$Q265)/$Q265","v":1.6926747082993581},null,null,null,null,null,null,{"$f":"V250","v":"2016-04-22"}]
["6176P0115","Chicken","RM",1,"ING EAU","5166AS",6.16,null,5,null,{"$f":"IF(ISNA(VLOOKUP($D:$D,rend,2,FALSE))=FALSE,VLOOKUP($D:$D,rend,2,FALSE),\"\")","v":""},{"$f":"IF($C266=\"RM\",IF(ISNA(VLOOKUP($F$2:$F$409,pos,2,FALSE))=FALSE,VLOOKUP($F266:$F$409,pos,2,FALSE),IF(ISNA(VLOOKUP($F$2:$F$409,lot,2,FALSE))=FALSE,VLOOKUP($F$2:$F$409,lot,2,FALSE),\"MANQUANT\")),\"\")","v":"Aucun"},{"$f":"IF($C266=\"RM\",IF(ISNA(VLOOKUP($F$2:$F$409,pos,3,FALSE))=FALSE,VLOOKUP($F266:$F627,pos,3,FALSE),\"OP\"),\"\")","v":"Aucun"},{"$f":"IF($C266=\"RM\",IF(ISNA(VLOOKUP($F266:$F$402,pos,4,FALSE))=FALSE,VLOOKUP($F$2:$F$402,pos,4,FALSE),\"\"),\"\")","v":0},{"$f":"IF($C266=\"RM\",IF(ISNA(VLOOKUP($F$2:$F$409,pos,5,FALSE))=FALSE,VLOOKUP($F$2:$F$409,pos,5,FALSE),IF(ISNA(VLOOKUP($F$2:$F$409,lot,5,FALSE))=FALSE,VLOOKUP($F$2:$F$409,lot,5,FALSE),0)),\"\")","v":0},{"$f":"IF($H266>0,VLOOKUP($D:$D,prix,15,FALSE),\"\")","v":""},{"$f":"IF($C266=\"RM\",$O266*$G266,\"\")","v":0},{"$f":"IF($H266>0,$H266*$P266,\"\")","v":""},null,{"$f":"IF($F266>0,VALUE(LEFT($F266,4)),\"\")","v":5166},{"$f":"IF(F266>0,IF(ISERROR(SEARCH(\"*FZ*\",$E266))=FALSE,\"FZ\",IF(ISERROR(SEARCH(\"*FR*\",$E266))=FALSE,\"FR\",\"Aucun\")),\"\")","v":"Aucun"},{"$f":"IF($C266=\"RM\",IF($U266=\"FR\",IF(ISNA(VLOOKUP($F:$F,lot,6,FALSE))=TRUE,VLOOKUP($T:$T,date,2,FALSE),VLOOKUP($F:$F,lot,6,FALSE)),\"\"),\"\")","v":""},{"$f":"IF($C266=\"RM\",IF($U266=\"Fz\",IF(ISNA(VLOOKUP($F:$F,lot,6,FALSE))=TRUE,VLOOKUP($T:$T,date,2,FALSE),VLOOKUP($F:$F,lot,6,FALSE)),\"\"),\"\")","v":""},{"$f":"IF($C266=\"FG\",VLOOKUP($A:$A,op,4,FALSE),\"\")","v":""},"2016-04-25",{"$f":"IF(C266=\"rm\",IF(U266=\"aucun\",\"OK\",IF(U266=\"fz\",IF(Y266-W266>730,Y266-W266,\"OK\"),IF(Y266-V266<1,1,Y266-V266))),\"\")","v":"OK"}]
["6176P0115","Chicken","RM",19,"ING MONTOUR 7139 / MARINADE STYLE COTES-LEVEES / ALLERG: AUCUN","6163AS01",4.8499999999999996,null,5,null,{"$f":"IF(ISNA(VLOOKUP($D:$D,rend,2,FALSE))=FALSE,VLOOKUP($D:$D,rend,2,FALSE),\"\")","v":""},{"$f":"IF($C267=\"RM\",IF(ISNA(VLOOKUP($F$2:$F$409,pos,2,FALSE))=FALSE,VLOOKUP($F267:$F$409,pos,2,FALSE),IF(ISNA(VLOOKUP($F$2:$F$409,lot,2,FALSE))=FALSE,VLOOKUP($F$2:$F$409,lot,2,FALSE),\"MANQUANT\")),\"\")","v":"PO-0021711"},{"$f":"IF($C267=\"RM\",IF(ISNA(VLOOKUP($F$2:$F$409,pos,3,FALSE))=FALSE,VLOOKUP($F267:$F628,pos,3,FALSE),\"OP\"),\"\")","v":"MONTO"},{"$f":"IF($C267=\"RM\",IF(ISNA(VLOOKUP($F267:$F$402,pos,4,FALSE))=FALSE,VLOOKUP($F$2:$F$402,pos,4,FALSE),\"\"),\"\")","v":300},{"$f":"IF($C267=\"RM\",IF(ISNA(VLOOKUP($F$2:$F$409,pos,5,FALSE))=FALSE,VLOOKUP($F$2:$F$409,pos,5,FALSE),IF(ISNA(VLOOKUP($F$2:$F$409,lot,5,FALSE))=FALSE,VLOOKUP($F$2:$F$409,lot,5,FALSE),0)),\"\")","v":7.94},{"$f":"IF($H267>0,VLOOKUP($D:$D,prix,15,FALSE),\"\")","v":""},{"$f":"IF($C267=\"RM\",$O267*$G267,\"\")","v":38.509},"",null,{"$f":"IF($F267>0,VALUE(LEFT($F267,4)),\"\")","v":6163},{"$f":"IF(F267>0,IF(ISERROR(SEARCH(\"*FZ*\",$E267))=FALSE,\"FZ\",IF(ISERROR(SEARCH(\"*FR*\",$E267))=FALSE,\"FR\",\"Aucun\")),\"\")","v":"Aucun"},{"$f":"IF($C267=\"RM\",IF($U267=\"FR\",IF(ISNA(VLOOKUP($F:$F,lot,6,FALSE))=TRUE,VLOOKUP($T:$T,date,2,FALSE),VLOOKUP($F:$F,lot,6,FALSE)),\"\"),\"\")","v":""},{"$f":"IF($C267=\"RM\",IF($U267=\"Fz\",IF(ISNA(VLOOKUP($F:$F,lot,6,FALSE))=TRUE,VLOOKUP($T:$T,date,2,FALSE),VLOOKUP($F:$F,lot,6,FALSE)),\"\"),\"\")","v":""},{"$f":"IF($C267=\"FG\",VLOOKUP($A:$A,op,4,FALSE),\"\")","v":""},"2016-04-25","OK"]
["6176P0115","Chicken","RM",37003,"FULL TRIM RANDOM *IN PROCESS* CODE: 26019,27056,35760 FR @P","6176P0115",55,null,5,null,{"$f":"IF(ISNA(VLOOKUP($D:$D,rend,2,FALSE))=FALSE,VLOOKUP($D:$D,rend,2,FALSE),\"\")","v":0.8474087549148519},{"$f":"IF($C268=\"RM\",IF(ISNA(VLOOKUP($F$2:$F$409,pos,2,FALSE))=FALSE,VLOOKUP($F268:$F$409,pos,2,FALSE),IF(ISNA(VLOOKUP($F$2:$F$409,lot,2,FALSE))=FALSE,VLOOKUP($F$2:$F$409,lot,2,FALSE),\"MANQUANT\")),\"\")","v":"6176P011"},{"$f":"IF($C268=\"RM\",IF(ISNA(VLOOKUP($F$2:$F$409,pos,3,FALSE))=FALSE,VLOOKUP($F268:$F629,pos,3,FALSE),\"OP\"),\"\")","v":"OP"},{"$f":"IF($C268=\"RM\",IF(ISNA(VLOOKUP($F268:$F$402,pos,4,FALSE))=FALSE,VLOOKUP($F$2:$F$402,pos,4,FALSE),\"\"),\"\")","v":""},{"$f":"IF($C268=\"RM\",IF(ISNA(VLOOKUP($F$2:$F$409,pos,5,FALSE))=FALSE,VLOOKUP($F$2:$F$409,pos,5,FALSE),IF(ISNA(VLOOKUP($F$2:$F$409,lot,5,FALSE))=FALSE,VLOOKUP($F$2:$F$409,lot,5,FALSE),0)),\"\")","v":3.1179770526902053},{"$f":"IF($H268>0,VLOOKUP($D:$D,prix,15,FALSE),\"\")","v":""},{"$f":"IF($C268=\"RM\",$O268*$G268,\"\")","v":171.4887378979613},"",null,{"$f":"IF($F268>0,VALUE(LEFT($F268,4)),\"\")","v":6176},{"$f":"IF(F268>0,IF(ISERROR(SEARCH(\"*FZ*\",$E268))=FALSE,\"FZ\",IF(ISERROR(SEARCH(\"*FR*\",$E268))=FALSE,\"FR\",\"Aucun\")),\"\")","v":"FR"},{"$f":"IF($C268=\"RM\",IF($U268=\"FR\",IF(ISNA(VLOOKUP($F:$F,lot,6,FALSE))=TRUE,VLOOKUP($T:$T,date,2,FALSE),VLOOKUP($F:$F,lot,6,FALSE)),\"\"),\"\")","v":"2016-04-22"},{"$f":"IF($C268=\"RM\",IF($U268=\"Fz\",IF(ISNA(VLOOKUP($F:$F,lot,6,FALSE))=TRUE,VLOOKUP($T:$T,date,2,FALSE),VLOOKUP($F:$F,lot,6,FALSE)),\"\"),\"\")","v":""},{"$f":"IF($C268=\"FG\",VLOOKUP($A:$A,op,4,FALSE),\"\")","v":""},"2016-04-25",3]
["6176P0115","Chicken","FG",26019,"POITRINE DE POULET DES. ASS. BBQ *LOBLAW* (12 X 2/TRAY 3D black) FR @P","6176P0118","",66,5,null,{"$f":"IF(ISNA(VLOOKUP($D:$D,rend,2,FALSE))=FALSE,VLOOKUP($D:$D,rend,2,FALSE),\"\")","v":0.9024538647118503},{"$f":"IF($C269=\"RM\",IF(ISNA(VLOOKUP($F$2:$F$409,pos,2,FALSE))=FALSE,VLOOKUP($F269:$F$409,pos,2,FALSE),IF(ISNA(VLOOKUP($F$2:$F$409,lot,2,FALSE))=FALSE,VLOOKUP($F$2:$F$409,lot,2,FALSE),\"MANQUANT\")),\"\")","v":""},{"$f":"IF($C269=\"RM\",IF(ISNA(VLOOKUP($F$2:$F$409,pos,3,FALSE))=FALSE,VLOOKUP($F269:$F630,pos,3,FALSE),\"OP\"),\"\")","v":""},{"$f":"IF($C269=\"RM\",IF(ISNA(VLOOKUP($F269:$F$402,pos,4,FALSE))=FALSE,VLOOKUP($F$2:$F$402,pos,4,FALSE),\"\"),\"\")","v":""},{"$f":"IF($C269=\"RM\",IF(ISNA(VLOOKUP($F$2:$F$409,pos,5,FALSE))=FALSE,VLOOKUP($F$2:$F$409,pos,5,FALSE),IF(ISNA(VLOOKUP($F$2:$F$409,lot,5,FALSE))=FALSE,VLOOKUP($F$2:$F$409,lot,5,FALSE),0)),\"\")","v":""},{"$f":"IF($H269>0,VLOOKUP($D:$D,prix,15,FALSE),\"\")","v":11.5},{"$f":"IF($C269=\"RM\",$O269*$G269,\"\")","v":""},759,null,{"$f":"IF($F269>0,VALUE(LEFT($F269,4)),\"\")","v":6176},{"$f":"IF(F269>0,IF(ISERROR(SEARCH(\"*FZ*\",$E269))=FALSE,\"FZ\",IF(ISERROR(SEARCH(\"*FR*\",$E269))=FALSE,\"FR\",\"Aucun\")),\"\")","v":"FR"},{"$f":"IF($C269=\"RM\",IF($U269=\"FR\",IF(ISNA(VLOOKUP($F:$F,lot,6,FALSE))=TRUE,VLOOKUP($T:$T,date,2,FALSE),VLOOKUP($F:$F,lot,6,FALSE)),\"\"),\"\")","v":""},{"$f":"IF($C269=\"RM\",IF($U269=\"Fz\",IF(ISNA(VLOOKUP($F:$F,lot,6,FALSE))=TRUE,VLOOKUP($T:$T,date,2,FALSE),VLOOKUP($F:$F,lot,6,FALSE)),\"\"),\"\")","v":""},{"$f":"IF($C269=\"FG\",VLOOKUP($A:$A,op,4,FALSE),\"\")","v":"2016-04-22"},"2016-04-25"]
["6176P0115 Total",null,null,null,null,null,{"$f":"SUBTOTAL(9,G266:G269)","v":66.010000000000005},{"$f":"SUBTOTAL(9,H266:H269)","v":66},null,{"$f":"$G270-$H270","v":1.0000000000005116E-2},{"$f":"$H270/$G270","v":0.99984850780184809},null,null,null,{"$f":"$Q270/$H270","v":3.1817839075448684},null,{"$f":"SUBTOTAL(9,Q266:Q269)","v":209.99773789796131},{"$f":"SUBTOTAL(9,R266:R269)","v":759},{"$f":"($R270-$Q270)/$Q270","v":2.6143246474816837},null,null,null,null,null,null,{"$f":"V268","v":"2016-04-22"}]
["6176P019","Chicken","RM",1,"ING EAU","5166AS",10.92,null,5,null,{"$f":"IF(ISNA(VLOOKUP($D:$D,rend,2,FALSE))=FALSE,VLOOKUP($D:$D,rend,2,FALSE),\"\")","v":""},{"$f":"IF($C271=\"RM\",IF(ISNA(VLOOKUP($F$2:$F$409,pos,2,FALSE))=FALSE,VLOOKUP($F271:$F$409,pos,2,FALSE),IF(ISNA(VLOOKUP($F$2:$F$409,lot,2,FALSE))=FALSE,VLOOKUP($F$2:$F$409,lot,2,FALSE),\"MANQUANT\")),\"\")","v":"Aucun"},{"$f":"IF($C271=\"RM\",IF(ISNA(VLOOKUP($F$2:$F$409,pos,3,FALSE))=FALSE,VLOOKUP($F271:$F631,pos,3,FALSE),\"OP\"),\"\")","v":"Aucun"},{"$f":"IF($C271=\"RM\",IF(ISNA(VLOOKUP($F271:$F$402,pos,4,FALSE))=FALSE,VLOOKUP($F$2:$F$402,pos,4,FALSE),\"\"),\"\")","v":0},{"$f":"IF($C271=\"RM\",IF(ISNA(VLOOKUP($F$2:$F$409,pos,5,FALSE))=FALSE,VLOOKUP($F$2:$F$409,pos,5,FALSE),IF(ISNA(VLOOKUP($F$2:$F$409,lot,5,FALSE))=FALSE,VLOOKUP($F$2:$F$409,lot,5,FALSE),0)),\"\")","v":0},{"$f":"IF($H271>0,VLOOKUP($D:$D,prix,15,FALSE),\"\")","v":""},{"$f":"IF($C271=\"RM\",$O271*$G271,\"\")","v":0},{"$f":"IF($H271>0,$H271*$P271,\"\")","v":""},null,{"$f":"IF($F271>0,VALUE(LEFT($F271,4)),\"\")","v":5166},{"$f":"IF(F271>0,IF(ISERROR(SEARCH(\"*FZ*\",$E271))=FALSE,\"FZ\",IF(ISERROR(SEARCH(\"*FR*\",$E271))=FALSE,\"FR\",\"Aucun\")),\"\")","v":"Aucun"},{"$f":"IF($C271=\"RM\",IF($U271=\"FR\",IF(ISNA(VLOOKUP($F:$F,lot,6,FALSE))=TRUE,VLOOKUP($T:$T,date,2,FALSE),VLOOKUP($F:$F,lot,6,FALSE)),\"\"),\"\")","v":""},{"$f":"IF($C271=\"RM\",IF($U271=\"Fz\",IF(ISNA(VLOOKUP($F:$F,lot,6,FALSE))=TRUE,VLOOKUP($T:$T,date,2,FALSE),VLOOKUP($F:$F,lot,6,FALSE)),\"\"),\"\")","v":""},{"$f":"IF($C271=\"FG\",VLOOKUP($A:$A,op,4,FALSE),\"\")","v":""},"2016-04-25",{"$f":"IF(C271=\"rm\",IF(U271=\"aucun\",\"OK\",IF(U271=\"fz\",IF(Y271-W271>730,Y271-W271,\"OK\"),IF(Y271-V271<1,1,Y271-V271))),\"\")","v":"OK"}]
["6176P019","Chicken","RM",16,"ING BSA 2A8E033 / TRIPOLYPHOSPHATE DE SODIUM GRANULE (3562) / ALLERG: AUCUN","6055AS01",0.33,null,5,null,{"$f":"IF(ISNA(VLOOKUP($D:$D,rend,2,FALSE))=FALSE,VLOOKUP($D:$D,rend,2,FALSE),\"\")","v":""},{"$f":"IF($C272=\"RM\",IF(ISNA(VLOOKUP($F$2:$F$409,pos,2,FALSE))=FALSE,VLOOKUP($F272:$F$409,pos,2,FALSE),IF(ISNA(VLOOKUP($F$2:$F$409,lot,2,FALSE))=FALSE,VLOOKUP($F$2:$F$409,lot,2,FALSE),\"MANQUANT\")),\"\")","v":"PO-0021532"},{"$f":"IF($C272=\"RM\",IF(ISNA(VLOOKUP($F$2:$F$409,pos,3,FALSE))=FALSE,VLOOKUP($F272:$F632,pos,3,FALSE),\"OP\"),\"\")","v":"BSA"},{"$f":"IF($C272=\"RM\",IF(ISNA(VLOOKUP($F272:$F$402,pos,4,FALSE))=FALSE,VLOOKUP($F$2:$F$402,pos,4,FALSE),\"\"),\"\")","v":25},{"$f":"IF($C272=\"RM\",IF(ISNA(VLOOKUP($F$2:$F$409,pos,5,FALSE))=FALSE,VLOOKUP($F$2:$F$409,pos,5,FALSE),IF(ISNA(VLOOKUP($F$2:$F$409,lot,5,FALSE))=FALSE,VLOOKUP($F$2:$F$409,lot,5,FALSE),0)),\"\")","v":2.78},{"$f":"IF($H272>0,VLOOKUP($D:$D,prix,15,FALSE),\"\")","v":""},{"$f":"IF($C272=\"RM\",$O272*$G272,\"\")","v":0.91739999999999999},"",null,{"$f":"IF($F272>0,VALUE(LEFT($F272,4)),\"\")","v":6055},{"$f":"IF(F272>0,IF(ISERROR(SEARCH(\"*FZ*\",$E272))=FALSE,\"FZ\",IF(ISERROR(SEARCH(\"*FR*\",$E272))=FALSE,\"FR\",\"Aucun\")),\"\")","v":"Aucun"},{"$f":"IF($C272=\"RM\",IF($U272=\"FR\",IF(ISNA(VLOOKUP($F:$F,lot,6,FALSE))=TRUE,VLOOKUP($T:$T,date,2,FALSE),VLOOKUP($F:$F,lot,6,FALSE)),\"\"),\"\")","v":""},{"$f":"IF($C272=\"RM\",IF($U272=\"Fz\",IF(ISNA(VLOOKUP($F:$F,lot,6,FALSE))=TRUE,VLOOKUP($T:$T,date,2,FALSE),VLOOKUP($F:$F,lot,6,FALSE)),\"\"),\"\")","v":""},{"$f":"IF($C272=\"FG\",VLOOKUP($A:$A,op,4,FALSE),\"\")","v":""},"2016-04-25","OK"]
["6176P019","Chicken","RM",15,"ING BSA 2B1A038 / SEL HI GRADE POLY OU TOP FLO / ALLERG: AUCUN","6133AS01",0.52,null,5,null,{"$f":"IF(ISNA(VLOOKUP($D:$D,rend,2,FALSE))=FALSE,VLOOKUP($D:$D,rend,2,FALSE),\"\")","v":""},{"$f":"IF($C273=\"RM\",IF(ISNA(VLOOKUP($F$2:$F$409,pos,2,FALSE))=FALSE,VLOOKUP($F273:$F$409,pos,2,FALSE),IF(ISNA(VLOOKUP($F$2:$F$409,lot,2,FALSE))=FALSE,VLOOKUP($F$2:$F$409,lot,2,FALSE),\"MANQUANT\")),\"\")","v":"PO-0021532"},{"$f":"IF($C273=\"RM\",IF(ISNA(VLOOKUP($F$2:$F$409,pos,3,FALSE))=FALSE,VLOOKUP($F273:$F633,pos,3,FALSE),\"OP\"),\"\")","v":"BSA"},{"$f":"IF($C273=\"RM\",IF(ISNA(VLOOKUP($F273:$F$402,pos,4,FALSE))=FALSE,VLOOKUP($F$2:$F$402,pos,4,FALSE),\"\"),\"\")","v":40},{"$f":"IF($C273=\"RM\",IF(ISNA(VLOOKUP($F$2:$F$409,pos,5,FALSE))=FALSE,VLOOKUP($F$2:$F$409,pos,5,FALSE),IF(ISNA(VLOOKUP($F$2:$F$409,lot,5,FALSE))=FALSE,VLOOKUP($F$2:$F$409,lot,5,FALSE),0)),\"\")","v":0.39},{"$f":"IF($H273>0,VLOOKUP($D:$D,prix,15,FALSE),\"\")","v":""},{"$f":"IF($C273=\"RM\",$O273*$G273,\"\")","v":0.20280000000000001},"",null,{"$f":"IF($F273>0,VALUE(LEFT($F273,4)),\"\")","v":6133},{"$f":"IF(F273>0,IF(ISERROR(SEARCH(\"*FZ*\",$E273))=FALSE,\"FZ\",IF(ISERROR(SEARCH(\"*FR*\",$E273))=FALSE,\"FR\",\"Aucun\")),\"\")","v":"Aucun"},{"$f":"IF($C273=\"RM\",IF($U273=\"FR\",IF(ISNA(VLOOKUP($F:$F,lot,6,FALSE))=TRUE,VLOOKUP($T:$T,date,2,FALSE),VLOOKUP($F:$F,lot,6,FALSE)),\"\"),\"\")","v":""},{"$f":"IF($C273=\"RM\",IF($U273=\"Fz\",IF(ISNA(VLOOKUP($F:$F,lot,6,FALSE))=TRUE,VLOOKUP($T:$T,date,2,FALSE),VLOOKUP($F:$F,lot,6,FALSE)),\"\"),\"\")","v":""},{"$f":"IF($C273=\"FG\",VLOOKUP($A:$A,op,4,FALSE),\"\")","v":""},"2016-04-25","OK"]
["6176P019","Chicken","RM",37004,"BONELESS CH.BREAST *IN PROCESS* FR @P","6176P019",64.5,null,5,null,{"$f":"IF(ISNA(VLOOKUP($D:$D,rend,2,FALSE))=FALSE,VLOOKUP($D:$D,rend,2,FALSE),\"\")","v":0.80480511567184854},{"$f":"IF($C274=\"RM\",IF(ISNA(VLOOKUP($F$2:$F$409,pos,2,FALSE))=FALSE,VLOOKUP($F274:$F$409,pos,2,FALSE),IF(ISNA(VLOOKUP($F$2:$F$409,lot,2,FALSE))=FALSE,VLOOKUP($F$2:$F$409,lot,2,FALSE),\"MANQUANT\")),\"\")","v":"6176P011"},{"$f":"IF($C274=\"RM\",IF(ISNA(VLOOKUP($F$2:$F$409,pos,3,FALSE))=FALSE,VLOOKUP($F274:$F634,pos,3,FALSE),\"OP\"),\"\")","v":"OP"},{"$f":"IF($C274=\"RM\",IF(ISNA(VLOOKUP($F274:$F$402,pos,4,FALSE))=FALSE,VLOOKUP($F$2:$F$402,pos,4,FALSE),\"\"),\"\")","v":""},{"$f":"IF($C274=\"RM\",IF(ISNA(VLOOKUP($F$2:$F$409,pos,5,FALSE))=FALSE,VLOOKUP($F$2:$F$409,pos,5,FALSE),IF(ISNA(VLOOKUP($F$2:$F$409,lot,5,FALSE))=FALSE,VLOOKUP($F$2:$F$409,lot,5,FALSE),0)),\"\")","v":3.1179770526902053},{"$f":"IF($H274>0,VLOOKUP($D:$D,prix,15,FALSE),\"\")","v":""},{"$f":"IF($C274=\"RM\",$O274*$G274,\"\")","v":201.10951989851824},"",null,{"$f":"IF($F274>0,VALUE(LEFT($F274,4)),\"\")","v":6176},{"$f":"IF(F274>0,IF(ISERROR(SEARCH(\"*FZ*\",$E274))=FALSE,\"FZ\",IF(ISERROR(SEARCH(\"*FR*\",$E274))=FALSE,\"FR\",\"Aucun\")),\"\")","v":"FR"},{"$f":"IF($C274=\"RM\",IF($U274=\"FR\",IF(ISNA(VLOOKUP($F:$F,lot,6,FALSE))=TRUE,VLOOKUP($T:$T,date,2,FALSE),VLOOKUP($F:$F,lot,6,FALSE)),\"\"),\"\")","v":"2016-04-22"},{"$f":"IF($C274=\"RM\",IF($U274=\"Fz\",IF(ISNA(VLOOKUP($F:$F,lot,6,FALSE))=TRUE,VLOOKUP($T:$T,date,2,FALSE),VLOOKUP($F:$F,lot,6,FALSE)),\"\"),\"\")","v":""},{"$f":"IF($C274=\"FG\",VLOOKUP($A:$A,op,4,FALSE),\"\")","v":""},"2016-04-25",3]
["6176P019","Chicken","FG",26017,"BONELESS SEASONED CHICKEN BREAST NO FINGERS FR @P","6176P0110","",75,5,null,{"$f":"IF(ISNA(VLOOKUP($D:$D,rend,2,FALSE))=FALSE,VLOOKUP($D:$D,rend,2,FALSE),\"\")","v":0.97744691385303573},{"$f":"IF($C275=\"RM\",IF(ISNA(VLOOKUP($F$2:$F$409,pos,2,FALSE))=FALSE,VLOOKUP($F275:$F$409,pos,2,FALSE),IF(ISNA(VLOOKUP($F$2:$F$409,lot,2,FALSE))=FALSE,VLOOKUP($F$2:$F$409,lot,2,FALSE),\"MANQUANT\")),\"\")","v":""},{"$f":"IF($C275=\"RM\",IF(ISNA(VLOOKUP($F$2:$F$409,pos,3,FALSE))=FALSE,VLOOKUP($F275:$F635,pos,3,FALSE),\"OP\"),\"\")","v":""},{"$f":"IF($C275=\"RM\",IF(ISNA(VLOOKUP($F275:$F$402,pos,4,FALSE))=FALSE,VLOOKUP($F$2:$F$402,pos,4,FALSE),\"\"),\"\")","v":""},{"$f":"IF($C275=\"RM\",IF(ISNA(VLOOKUP($F$2:$F$409,pos,5,FALSE))=FALSE,VLOOKUP($F$2:$F$409,pos,5,FALSE),IF(ISNA(VLOOKUP($F$2:$F$409,lot,5,FALSE))=FALSE,VLOOKUP($F$2:$F$409,lot,5,FALSE),0)),\"\")","v":""},{"$f":"IF($H275>0,VLOOKUP($D:$D,prix,15,FALSE),\"\")","v":7},{"$f":"IF($C275=\"RM\",$O275*$G275,\"\")","v":""},525,null,{"$f":"IF($F275>0,VALUE(LEFT($F275,4)),\"\")","v":6176},{"$f":"IF(F275>0,IF(ISERROR(SEARCH(\"*FZ*\",$E275))=FALSE,\"FZ\",IF(ISERROR(SEARCH(\"*FR*\",$E275))=FALSE,\"FR\",\"Aucun\")),\"\")","v":"FR"},{"$f":"IF($C275=\"RM\",IF($U275=\"FR\",IF(ISNA(VLOOKUP($F:$F,lot,6,FALSE))=TRUE,VLOOKUP($T:$T,date,2,FALSE),VLOOKUP($F:$F,lot,6,FALSE)),\"\"),\"\")","v":""},{"$f":"IF($C275=\"RM\",IF($U275=\"Fz\",IF(ISNA(VLOOKUP($F:$F,lot,6,FALSE))=TRUE,VLOOKUP($T:$T,date,2,FALSE),VLOOKUP($F:$F,lot,6,FALSE)),\"\"),\"\")","v":""},{"$f":"IF($C275=\"FG\",VLOOKUP($A:$A,op,4,FALSE),\"\")","v":"2016-04-22"},"2016-04-25"]
["6176P019 Total",null,null,null,null,null,{"$f":"SUBTOTAL(9,G271:G275)","v":76.27},{"$f":"SUBTOTAL(9,H271:H275)","v":75},null,{"$f":"$G276-$H276","v":1.269999999999996},{"$f":"$H276/$G276","v":0.98334862986757576},null,null,null,{"$f":"$Q276/$H276","v":2.6963962653135769},null,{"$f":"SUBTOTAL(9,Q271:Q275)","v":202.22971989851825},{"$f":"SUBTOTAL(9,R271:R275)","v":525},{"$f":"($R276-$Q276)/$Q276","v":1.5960575936289307},null,null,null,null,null,null,{"$f":"V274","v":"2016-04-22"}]
["6176P019B","Chicken","RM",1,"ING EAU","5166AS",4.91,null,5,null,{"$f":"IF(ISNA(VLOOKUP($D:$D,rend,2,FALSE))=FALSE,VLOOKUP($D:$D,rend,2,FALSE),\"\")","v":""},{"$f":"IF($C277=\"RM\",IF(ISNA(VLOOKUP($F$2:$F$409,pos,2,FALSE))=FALSE,VLOOKUP($F277:$F$409,pos,2,FALSE),IF(ISNA(VLOOKUP($F$2:$F$409,lot,2,FALSE))=FALSE,VLOOKUP($F$2:$F$409,lot,2,FALSE),\"MANQUANT\")),\"\")","v":"Aucun"},{"$f":"IF($C277=\"RM\",IF(ISNA(VLOOKUP($F$2:$F$409,pos,3,FALSE))=FALSE,VLOOKUP($F277:$F636,pos,3,FALSE),\"OP\"),\"\")","v":"Aucun"},{"$f":"IF($C277=\"RM\",IF(ISNA(VLOOKUP($F277:$F$402,pos,4,FALSE))=FALSE,VLOOKUP($F$2:$F$402,pos,4,FALSE),\"\"),\"\")","v":0},{"$f":"IF($C277=\"RM\",IF(ISNA(VLOOKUP($F$2:$F$409,pos,5,FALSE))=FALSE,VLOOKUP($F$2:$F$409,pos,5,FALSE),IF(ISNA(VLOOKUP($F$2:$F$409,lot,5,FALSE))=FALSE,VLOOKUP($F$2:$F$409,lot,5,FALSE),0)),\"\")","v":0},{"$f":"IF($H277>0,VLOOKUP($D:$D,prix,15,FALSE),\"\")","v":""},{"$f":"IF($C277=\"RM\",$O277*$G277,\"\")","v":0},{"$f":"IF($H277>0,$H277*$P277,\"\")","v":""},null,{"$f":"IF($F277>0,VALUE(LEFT($F277,4)),\"\")","v":5166},{"$f":"IF(F277>0,IF(ISERROR(SEARCH(\"*FZ*\",$E277))=FALSE,\"FZ\",IF(ISERROR(SEARCH(\"*FR*\",$E277))=FALSE,\"FR\",\"Aucun\")),\"\")","v":"Aucun"},{"$f":"IF($C277=\"RM\",IF($U277=\"FR\",IF(ISNA(VLOOKUP($F:$F,lot,6,FALSE))=TRUE,VLOOKUP($T:$T,date,2,FALSE),VLOOKUP($F:$F,lot,6,FALSE)),\"\"),\"\")","v":""},{"$f":"IF($C277=\"RM\",IF($U277=\"Fz\",IF(ISNA(VLOOKUP($F:$F,lot,6,FALSE))=TRUE,VLOOKUP($T:$T,date,2,FALSE),VLOOKUP($F:$F,lot,6,FALSE)),\"\"),\"\")","v":""},{"$f":"IF($C277=\"FG\",VLOOKUP($A:$A,op,4,FALSE),\"\")","v":""},"2016-04-25",{"$f":"IF(C277=\"rm\",IF(U277=\"aucun\",\"OK\",IF(U277=\"fz\",IF(Y277-W277>730,Y277-W277,\"OK\"),IF(Y277-V277<1,1,Y277-V277))),\"\")","v":"OK"}]
["6176P019B","Chicken","RM",16,"ING BSA 2A8E033 / TRIPOLYPHOSPHATE DE SODIUM GRANULE (3562) / ALLERG: AUCUN","6055AS01",0.22,null,5,null,{"$f":"IF(ISNA(VLOOKUP($D:$D,rend,2,FALSE))=FALSE,VLOOKUP($D:$D,rend,2,FALSE),\"\")","v":""},{"$f":"IF($C278=\"RM\",IF(ISNA(VLOOKUP($F$2:$F$409,pos,2,FALSE))=FALSE,VLOOKUP($F278:$F$409,pos,2,FALSE),IF(ISNA(VLOOKUP($F$2:$F$409,lot,2,FALSE))=FALSE,VLOOKUP($F$2:$F$409,lot,2,FALSE),\"MANQUANT\")),\"\")","v":"PO-0021532"},{"$f":"IF($C278=\"RM\",IF(ISNA(VLOOKUP($F$2:$F$409,pos,3,FALSE))=FALSE,VLOOKUP($F278:$F637,pos,3,FALSE),\"OP\"),\"\")","v":"BSA"},{"$f":"IF($C278=\"RM\",IF(ISNA(VLOOKUP($F278:$F$402,pos,4,FALSE))=FALSE,VLOOKUP($F$2:$F$402,pos,4,FALSE),\"\"),\"\")","v":25},{"$f":"IF($C278=\"RM\",IF(ISNA(VLOOKUP($F$2:$F$409,pos,5,FALSE))=FALSE,VLOOKUP($F$2:$F$409,pos,5,FALSE),IF(ISNA(VLOOKUP($F$2:$F$409,lot,5,FALSE))=FALSE,VLOOKUP($F$2:$F$409,lot,5,FALSE),0)),\"\")","v":2.78},{"$f":"IF($H278>0,VLOOKUP($D:$D,prix,15,FALSE),\"\")","v":""},{"$f":"IF($C278=\"RM\",$O278*$G278,\"\")","v":0.61159999999999992},"",null,{"$f":"IF($F278>0,VALUE(LEFT($F278,4)),\"\")","v":6055},{"$f":"IF(F278>0,IF(ISERROR(SEARCH(\"*FZ*\",$E278))=FALSE,\"FZ\",IF(ISERROR(SEARCH(\"*FR*\",$E278))=FALSE,\"FR\",\"Aucun\")),\"\")","v":"Aucun"},{"$f":"IF($C278=\"RM\",IF($U278=\"FR\",IF(ISNA(VLOOKUP($F:$F,lot,6,FALSE))=TRUE,VLOOKUP($T:$T,date,2,FALSE),VLOOKUP($F:$F,lot,6,FALSE)),\"\"),\"\")","v":""},{"$f":"IF($C278=\"RM\",IF($U278=\"Fz\",IF(ISNA(VLOOKUP($F:$F,lot,6,FALSE))=TRUE,VLOOKUP($T:$T,date,2,FALSE),VLOOKUP($F:$F,lot,6,FALSE)),\"\"),\"\")","v":""},{"$f":"IF($C278=\"FG\",VLOOKUP($A:$A,op,4,FALSE),\"\")","v":""},"2016-04-25","OK"]
["6176P019B","Chicken","RM",15,"ING BSA 2B1A038 / SEL HI GRADE POLY OU TOP FLO / ALLERG: AUCUN","6133AS01",0.25,null,5,null,{"$f":"IF(ISNA(VLOOKUP($D:$D,rend,2,FALSE))=FALSE,VLOOKUP($D:$D,rend,2,FALSE),\"\")","v":""},{"$f":"IF($C279=\"RM\",IF(ISNA(VLOOKUP($F$2:$F$409,pos,2,FALSE))=FALSE,VLOOKUP($F279:$F$409,pos,2,FALSE),IF(ISNA(VLOOKUP($F$2:$F$409,lot,2,FALSE))=FALSE,VLOOKUP($F$2:$F$409,lot,2,FALSE),\"MANQUANT\")),\"\")","v":"PO-0021532"},{"$f":"IF($C279=\"RM\",IF(ISNA(VLOOKUP($F$2:$F$409,pos,3,FALSE))=FALSE,VLOOKUP($F279:$F638,pos,3,FALSE),\"OP\"),\"\")","v":"BSA"},{"$f":"IF($C279=\"RM\",IF(ISNA(VLOOKUP($F279:$F$402,pos,4,FALSE))=FALSE,VLOOKUP($F$2:$F$402,pos,4,FALSE),\"\"),\"\")","v":40},{"$f":"IF($C279=\"RM\",IF(ISNA(VLOOKUP($F$2:$F$409,pos,5,FALSE))=FALSE,VLOOKUP($F$2:$F$409,pos,5,FALSE),IF(ISNA(VLOOKUP($F$2:$F$409,lot,5,FALSE))=FALSE,VLOOKUP($F$2:$F$409,lot,5,FALSE),0)),\"\")","v":0.39},{"$f":"IF($H279>0,VLOOKUP($D:$D,prix,15,FALSE),\"\")","v":""},{"$f":"IF($C279=\"RM\",$O279*$G279,\"\")","v":9.7500000000000003E-2},"",null,{"$f":"IF($F279>0,VALUE(LEFT($F279,4)),\"\")","v":6133},{"$f":"IF(F279>0,IF(ISERROR(SEARCH(\"*FZ*\",$E279))=FALSE,\"FZ\",IF(ISERROR(SEARCH(\"*FR*\",$E279))=FALSE,\"FR\",\"Aucun\")),\"\")","v":"Aucun"},{"$f":"IF($C279=\"RM\",IF($U279=\"FR\",IF(ISNA(VLOOKUP($F:$F,lot,6,FALSE))=TRUE,VLOOKUP($T:$T,date,2,FALSE),VLOOKUP($F:$F,lot,6,FALSE)),\"\"),\"\")","v":""},{"$f":"IF($C279=\"RM\",IF($U279=\"Fz\",IF(ISNA(VLOOKUP($F:$F,lot,6,FALSE))=TRUE,VLOOKUP($T:$T,date,2,FALSE),VLOOKUP($F:$F,lot,6,FALSE)),\"\"),\"\")","v":""},{"$f":"IF($C279=\"FG\",VLOOKUP($A:$A,op,4,FALSE),\"\")","v":""},"2016-04-25","OK"]
["6176P019B","Chicken","RM",37004,"BONELESS CH.BREAST *IN PROCESS* FR @P","6176P019",45,null,5,null,{"$f":"IF(ISNA(VLOOKUP($D:$D,rend,2,FALSE))=FALSE,VLOOKUP($D:$D,rend,2,FALSE),\"\")","v":0.80480511567184854},{"$f":"IF($C280=\"RM\",IF(ISNA(VLOOKUP($F$2:$F$409,pos,2,FALSE))=FALSE,VLOOKUP($F280:$F$409,pos,2,FALSE),IF(ISNA(VLOOKUP($F$2:$F$409,lot,2,FALSE))=FALSE,VLOOKUP($F$2:$F$409,lot,2,FALSE),\"MANQUANT\")),\"\")","v":"6176P011"},{"$f":"IF($C280=\"RM\",IF(ISNA(VLOOKUP($F$2:$F$409,pos,3,FALSE))=FALSE,VLOOKUP($F280:$F639,pos,3,FALSE),\"OP\"),\"\")","v":"OP"},{"$f":"IF($C280=\"RM\",IF(ISNA(VLOOKUP($F280:$F$402,pos,4,FALSE))=FALSE,VLOOKUP($F$2:$F$402,pos,4,FALSE),\"\"),\"\")","v":""},{"$f":"IF($C280=\"RM\",IF(ISNA(VLOOKUP($F$2:$F$409,pos,5,FALSE))=FALSE,VLOOKUP($F$2:$F$409,pos,5,FALSE),IF(ISNA(VLOOKUP($F$2:$F$409,lot,5,FALSE))=FALSE,VLOOKUP($F$2:$F$409,lot,5,FALSE),0)),\"\")","v":3.1179770526902053},{"$f":"IF($H280>0,VLOOKUP($D:$D,prix,15,FALSE),\"\")","v":""},{"$f":"IF($C280=\"RM\",$O280*$G280,\"\")","v":140.30896737105923},"",null,{"$f":"IF($F280>0,VALUE(LEFT($F280,4)),\"\")","v":6176},{"$f":"IF(F280>0,IF(ISERROR(SEARCH(\"*FZ*\",$E280))=FALSE,\"FZ\",IF(ISERROR(SEARCH(\"*FR*\",$E280))=FALSE,\"FR\",\"Aucun\")),\"\")","v":"FR"},{"$f":"IF($C280=\"RM\",IF($U280=\"FR\",IF(ISNA(VLOOKUP($F:$F,lot,6,FALSE))=TRUE,VLOOKUP($T:$T,date,2,FALSE),VLOOKUP($F:$F,lot,6,FALSE)),\"\"),\"\")","v":"2016-04-22"},{"$f":"IF($C280=\"RM\",IF($U280=\"Fz\",IF(ISNA(VLOOKUP($F:$F,lot,6,FALSE))=TRUE,VLOOKUP($T:$T,date,2,FALSE),VLOOKUP($F:$F,lot,6,FALSE)),\"\"),\"\")","v":""},{"$f":"IF($C280=\"FG\",VLOOKUP($A:$A,op,4,FALSE),\"\")","v":""},"2016-04-25",3]
["6176P019B","Chicken","FG",26037,"BNLSS SEASONED CHICKEN BREAST**NF**BOITE BLANCHE *5 KG/CS FR @P","6176P0116","",50,5,null,{"$f":"IF(ISNA(VLOOKUP($D:$D,rend,2,FALSE))=FALSE,VLOOKUP($D:$D,rend,2,FALSE),\"\")","v":0.973776538508484},{"$f":"IF($C281=\"RM\",IF(ISNA(VLOOKUP($F$2:$F$409,pos,2,FALSE))=FALSE,VLOOKUP($F281:$F$409,pos,2,FALSE),IF(ISNA(VLOOKUP($F$2:$F$409,lot,2,FALSE))=FALSE,VLOOKUP($F$2:$F$409,lot,2,FALSE),\"MANQUANT\")),\"\")","v":""},{"$f":"IF($C281=\"RM\",IF(ISNA(VLOOKUP($F$2:$F$409,pos,3,FALSE))=FALSE,VLOOKUP($F281:$F640,pos,3,FALSE),\"OP\"),\"\")","v":""},{"$f":"IF($C281=\"RM\",IF(ISNA(VLOOKUP($F281:$F$402,pos,4,FALSE))=FALSE,VLOOKUP($F$2:$F$402,pos,4,FALSE),\"\"),\"\")","v":""},{"$f":"IF($C281=\"RM\",IF(ISNA(VLOOKUP($F$2:$F$409,pos,5,FALSE))=FALSE,VLOOKUP($F$2:$F$409,pos,5,FALSE),IF(ISNA(VLOOKUP($F$2:$F$409,lot,5,FALSE))=FALSE,VLOOKUP($F$2:$F$409,lot,5,FALSE),0)),\"\")","v":""},{"$f":"IF($H281>0,VLOOKUP($D:$D,prix,15,FALSE),\"\")","v":7.2},{"$f":"IF($C281=\"RM\",$O281*$G281,\"\")","v":""},360,null,{"$f":"IF($F281>0,VALUE(LEFT($F281,4)),\"\")","v":6176},{"$f":"IF(F281>0,IF(ISERROR(SEARCH(\"*FZ*\",$E281))=FALSE,\"FZ\",IF(ISERROR(SEARCH(\"*FR*\",$E281))=FALSE,\"FR\",\"Aucun\")),\"\")","v":"FR"},{"$f":"IF($C281=\"RM\",IF($U281=\"FR\",IF(ISNA(VLOOKUP($F:$F,lot,6,FALSE))=TRUE,VLOOKUP($T:$T,date,2,FALSE),VLOOKUP($F:$F,lot,6,FALSE)),\"\"),\"\")","v":""},{"$f":"IF($C281=\"RM\",IF($U281=\"Fz\",IF(ISNA(VLOOKUP($F:$F,lot,6,FALSE))=TRUE,VLOOKUP($T:$T,date,2,FALSE),VLOOKUP($F:$F,lot,6,FALSE)),\"\"),\"\")","v":""},{"$f":"IF($C281=\"FG\",VLOOKUP($A:$A,op,4,FALSE),\"\")","v":"2016-04-22"},"2016-04-25",""]
["6176P019B Total",null,null,null,null,null,{"$f":"SUBTOTAL(9,G277:G281)","v":50.38},{"$f":"SUBTOTAL(9,H277:H281)","v":50},null,{"$f":"$G282-$H282","v":0.38000000000000256},{"$f":"$H282/$G282","v":0.99245732433505351},null,null,null,{"$f":"$Q282/$H282","v":2.8203613474211848},null,{"$f":"SUBTOTAL(9,Q277:Q281)","v":141.01806737105923},{"$f":"SUBTOTAL(9,R277:R281)","v":360},{"$f":"($R282-$Q282)/$Q282","v":1.5528643720009019},null,null,null,null,null,null,{"$f":"V280","v":"2016-04-22"}]
["6176P02","Chicken","RM",35004,"CH.BREAST NO BACK *CANADIAN**AIR** FR #D","6176P02",2484.0100000000002,null,4,null,{"$f":"IF(ISNA(VLOOKUP($D:$D,rend,2,FALSE))=FALSE,VLOOKUP($D:$D,rend,2,FALSE),\"\")","v":0.69861999513592132},{"$f":"IF($C283=\"RM\",IF(ISNA(VLOOKUP($F$2:$F$409,pos,2,FALSE))=FALSE,VLOOKUP($F283:$F$409,pos,2,FALSE),IF(ISNA(VLOOKUP($F$2:$F$409,lot,2,FALSE))=FALSE,VLOOKUP($F$2:$F$409,lot,2,FALSE),\"MANQUANT\")),\"\")","v":"MANQUANT"},{"$f":"IF($C283=\"RM\",IF(ISNA(VLOOKUP($F$2:$F$409,pos,3,FALSE))=FALSE,VLOOKUP($F283:$F641,pos,3,FALSE),\"OP\"),\"\")","v":"OP"},{"$f":"IF($C283=\"RM\",IF(ISNA(VLOOKUP($F283:$F$402,pos,4,FALSE))=FALSE,VLOOKUP($F$2:$F$402,pos,4,FALSE),\"\"),\"\")","v":""},{"$f":"IF($C283=\"RM\",IF(ISNA(VLOOKUP($F$2:$F$409,pos,5,FALSE))=FALSE,VLOOKUP($F$2:$F$409,pos,5,FALSE),IF(ISNA(VLOOKUP($F$2:$F$409,lot,5,FALSE))=FALSE,VLOOKUP($F$2:$F$409,lot,5,FALSE),0)),\"\")","v":0},{"$f":"IF($H283>0,VLOOKUP($D:$D,prix,15,FALSE),\"\")","v":""},{"$f":"IF($C283=\"RM\",$O283*$G283,\"\")","v":0},{"$f":"IF($H283>0,$H283*$P283,\"\")","v":""},null,{"$f":"IF($F283>0,VALUE(LEFT($F283,4)),\"\")","v":6176},{"$f":"IF(F283>0,IF(ISERROR(SEARCH(\"*FZ*\",$E283))=FALSE,\"FZ\",IF(ISERROR(SEARCH(\"*FR*\",$E283))=FALSE,\"FR\",\"Aucun\")),\"\")","v":"FR"},{"$f":"IF($C283=\"RM\",IF($U283=\"FR\",IF(ISNA(VLOOKUP($F:$F,lot,6,FALSE))=TRUE,VLOOKUP($T:$T,date,2,FALSE),VLOOKUP($F:$F,lot,6,FALSE)),\"\"),\"\")","v":"2016-04-22"},{"$f":"IF($C283=\"RM\",IF($U283=\"Fz\",IF(ISNA(VLOOKUP($F:$F,lot,6,FALSE))=TRUE,VLOOKUP($T:$T,date,2,FALSE),VLOOKUP($F:$F,lot,6,FALSE)),\"\"),\"\")","v":""},{"$f":"IF($C283=\"FG\",VLOOKUP($A:$A,op,4,FALSE),\"\")","v":""},"2016-04-25",{"$f":"IF(C283=\"rm\",IF(U283=\"aucun\",\"OK\",IF(U283=\"fz\",IF(Y283-W283>730,Y283-W283,\"OK\"),IF(Y283-V283<1,1,Y283-V283))),\"\")","v":3}]
["6176P02","Chicken","FG",35740,"BNLESS CHICKEN BREAST* PAPILLION**SMAL-MEDIUM FR @P","6176P021","",275,4,null,0.72026941335910277,{"$f":"IF($C284=\"RM\",IF(ISNA(VLOOKUP($F$2:$F$409,pos,2,FALSE))=FALSE,VLOOKUP($F284:$F$409,pos,2,FALSE),IF(ISNA(VLOOKUP($F$2:$F$409,lot,2,FALSE))=FALSE,VLOOKUP($F$2:$F$409,lot,2,FALSE),\"MANQUANT\")),\"\")","v":""},"",{"$f":"IF($C284=\"RM\",IF(ISNA(VLOOKUP($F284:$F$402,pos,4,FALSE))=FALSE,VLOOKUP($F$2:$F$402,pos,4,FALSE),\"\"),\"\")","v":""},"",8.75,"",2406.25,null,6176,"FR","","","2016-04-22","2016-04-25"]
["6176P02","Chicken","FG",35722,"CH.FILET TRIMMED PAPILLION FR @P","6176P0210","",55,4,null,0.69319033621882742,{"$f":"IF($C285=\"RM\",IF(ISNA(VLOOKUP($F$2:$F$409,pos,2,FALSE))=FALSE,VLOOKUP($F285:$F$409,pos,2,FALSE),IF(ISNA(VLOOKUP($F$2:$F$409,lot,2,FALSE))=FALSE,VLOOKUP($F$2:$F$409,lot,2,FALSE),\"MANQUANT\")),\"\")","v":""},"",{"$f":"IF($C285=\"RM\",IF(ISNA(VLOOKUP($F285:$F$402,pos,4,FALSE))=FALSE,VLOOKUP($F$2:$F$402,pos,4,FALSE),\"\"),\"\")","v":""},"",9.35,"",514.25,null,6176,"FR","","","2016-04-22","2016-04-25"]
["6176P02","Chicken","FG",35802,"CHICKEN TRIMMINGS 80% FZ #D","6176P0211","",75,4,null,0.83345280817828782,{"$f":"IF($C286=\"RM\",IF(ISNA(VLOOKUP($F$2:$F$409,pos,2,FALSE))=FALSE,VLOOKUP($F286:$F$409,pos,2,FALSE),IF(ISNA(VLOOKUP($F$2:$F$409,lot,2,FALSE))=FALSE,VLOOKUP($F$2:$F$409,lot,2,FALSE),\"MANQUANT\")),\"\")","v":""},"",{"$f":"IF($C286=\"RM\",IF(ISNA(VLOOKUP($F286:$F$402,pos,4,FALSE))=FALSE,VLOOKUP($F$2:$F$402,pos,4,FALSE),\"\"),\"\")","v":""},"",2.75,"",206.25,null,6176,"FZ","","","2016-04-22","2016-04-25"]
["6176P02","Chicken","FG",37006,"CHICKEN *IN PROCESS* 4 OZ FR @P","6176P0212","",20,4,null,0.84379099121122703,{"$f":"IF($C287=\"RM\",IF(ISNA(VLOOKUP($F$2:$F$409,pos,2,FALSE))=FALSE,VLOOKUP($F287:$F$409,pos,2,FALSE),IF(ISNA(VLOOKUP($F$2:$F$409,lot,2,FALSE))=FALSE,VLOOKUP($F$2:$F$409,lot,2,FALSE),\"MANQUANT\")),\"\")","v":""},"",{"$f":"IF($C287=\"RM\",IF(ISNA(VLOOKUP($F287:$F$402,pos,4,FALSE))=FALSE,VLOOKUP($F$2:$F$402,pos,4,FALSE),\"\"),\"\")","v":""},"",8.5,"",170,null,6176,"FR","","","2016-04-22","2016-04-25"]
["6176P02","Chicken","FG",35750,"CHICKEN FINGERS FR #D","6176P0213","",105,4,null,0.73420780594965107,{"$f":"IF($C288=\"RM\",IF(ISNA(VLOOKUP($F$2:$F$409,pos,2,FALSE))=FALSE,VLOOKUP($F288:$F$409,pos,2,FALSE),IF(ISNA(VLOOKUP($F$2:$F$409,lot,2,FALSE))=FALSE,VLOOKUP($F$2:$F$409,lot,2,FALSE),\"MANQUANT\")),\"\")","v":""},"",{"$f":"IF($C288=\"RM\",IF(ISNA(VLOOKUP($F288:$F$402,pos,4,FALSE))=FALSE,VLOOKUP($F$2:$F$402,pos,4,FALSE),\"\"),\"\")","v":""},"",6.5,"",682.5,null,6176,"FR","","","2016-04-22","2016-04-25"]
["6176P02","Chicken","FG",35721,"BONELESS CHICKEN BREAST BUTTERFLY BIG FR #D","6176P0214","",20,4,null,0.73270192931405309,{"$f":"IF($C289=\"RM\",IF(ISNA(VLOOKUP($F$2:$F$409,pos,2,FALSE))=FALSE,VLOOKUP($F289:$F$409,pos,2,FALSE),IF(ISNA(VLOOKUP($F$2:$F$409,lot,2,FALSE))=FALSE,VLOOKUP($F$2:$F$409,lot,2,FALSE),\"MANQUANT\")),\"\")","v":""},"",{"$f":"IF($C289=\"RM\",IF(ISNA(VLOOKUP($F289:$F$402,pos,4,FALSE))=FALSE,VLOOKUP($F$2:$F$402,pos,4,FALSE),\"\"),\"\")","v":""},"",8.4,"",168,null,6176,"FR","","","2016-04-22","2016-04-25"]
["6176P02","Chicken","FG",37004,"BONELESS CH.BREAST *IN PROCESS* FR @P","6176P0215","",219,4,null,0.80480511567184854,{"$f":"IF($C290=\"RM\",IF(ISNA(VLOOKUP($F$2:$F$409,pos,2,FALSE))=FALSE,VLOOKUP($F290:$F$409,pos,2,FALSE),IF(ISNA(VLOOKUP($F$2:$F$409,lot,2,FALSE))=FALSE,VLOOKUP($F$2:$F$409,lot,2,FALSE),\"MANQUANT\")),\"\")","v":""},"",{"$f":"IF($C290=\"RM\",IF(ISNA(VLOOKUP($F290:$F$402,pos,4,FALSE))=FALSE,VLOOKUP($F$2:$F$402,pos,4,FALSE),\"\"),\"\")","v":""},"",7.5,"",1642.5,null,6176,"FR","","","2016-04-22","2016-04-25"]
["6176P02","Chicken","FG",37008,"CHICKEN *IN PROCESS* 8 OZ FR #D","6176P0216","",15,4,null,0.77268822821327032,{"$f":"IF($C291=\"RM\",IF(ISNA(VLOOKUP($F$2:$F$409,pos,2,FALSE))=FALSE,VLOOKUP($F291:$F$409,pos,2,FALSE),IF(ISNA(VLOOKUP($F$2:$F$409,lot,2,FALSE))=FALSE,VLOOKUP($F$2:$F$409,lot,2,FALSE),\"MANQUANT\")),\"\")","v":""},"",{"$f":"IF($C291=\"RM\",IF(ISNA(VLOOKUP($F291:$F$402,pos,4,FALSE))=FALSE,VLOOKUP($F$2:$F$402,pos,4,FALSE),\"\"),\"\")","v":""},"",8.5,"",127.5,null,6176,"FR","","","2016-04-22","2016-04-25"]
["6176P02","Chicken","FG",37002,"CHICKEN *IN PROCESS* 7 OZ CODE: 36704,35777,35747 FR @P","6176P0217","",65,4,null,0.78309963630295676,{"$f":"IF($C292=\"RM\",IF(ISNA(VLOOKUP($F$2:$F$409,pos,2,FALSE))=FALSE,VLOOKUP($F292:$F$409,pos,2,FALSE),IF(ISNA(VLOOKUP($F$2:$F$409,lot,2,FALSE))=FALSE,VLOOKUP($F$2:$F$409,lot,2,FALSE),\"MANQUANT\")),\"\")","v":""},"",{"$f":"IF($C292=\"RM\",IF(ISNA(VLOOKUP($F292:$F$402,pos,4,FALSE))=FALSE,VLOOKUP($F$2:$F$402,pos,4,FALSE),\"\"),\"\")","v":""},"",9.5,"",617.5,null,6176,"FR","","","2016-04-22","2016-04-25"]
["6176P02","Chicken","FG",35005,"CH.BREAST NO BACK (U.S)*40LB FR #D","6176P022","",471.64,4,null,0.7604224173614238,{"$f":"IF($C293=\"RM\",IF(ISNA(VLOOKUP($F$2:$F$409,pos,2,FALSE))=FALSE,VLOOKUP($F293:$F$409,pos,2,FALSE),IF(ISNA(VLOOKUP($F$2:$F$409,lot,2,FALSE))=FALSE,VLOOKUP($F$2:$F$409,lot,2,FALSE),\"MANQUANT\")),\"\")","v":""},"",{"$f":"IF($C293=\"RM\",IF(ISNA(VLOOKUP($F293:$F$402,pos,4,FALSE))=FALSE,VLOOKUP($F$2:$F$402,pos,4,FALSE),\"\"),\"\")","v":""},"",5.25,"",2476.11,null,6176,"FR","","","2016-04-22","2016-04-25"]
["6176P02","Chicken","FG",35778,"CH.FILET*NF*CUT/2*F.TRIM*8ONC FR @P","6176P023","",150,4,null,0.81359149016658128,{"$f":"IF($C294=\"RM\",IF(ISNA(VLOOKUP($F$2:$F$409,pos,2,FALSE))=FALSE,VLOOKUP($F294:$F$409,pos,2,FALSE),IF(ISNA(VLOOKUP($F$2:$F$409,lot,2,FALSE))=FALSE,VLOOKUP($F$2:$F$409,lot,2,FALSE),\"MANQUANT\")),\"\")","v":""},"",{"$f":"IF($C294=\"RM\",IF(ISNA(VLOOKUP($F294:$F$402,pos,4,FALSE))=FALSE,VLOOKUP($F$2:$F$402,pos,4,FALSE),\"\"),\"\")","v":""},"",9.85,"",1477.5,null,6176,"FR","","","2016-04-22","2016-04-25"]
["6176P02","Chicken","FG",36704,"CH.FILET*NF*CUT/2*F.TRIM*7ONC ***ALIMPLUS***FR @P","6176P024","",235,4,null,0.80079207353180992,{"$f":"IF($C295=\"RM\",IF(ISNA(VLOOKUP($F$2:$F$409,pos,2,FALSE))=FALSE,VLOOKUP($F295:$F$409,pos,2,FALSE),IF(ISNA(VLOOKUP($F$2:$F$409,lot,2,FALSE))=FALSE,VLOOKUP($F$2:$F$409,lot,2,FALSE),\"MANQUANT\")),\"\")","v":""},"",{"$f":"IF($C295=\"RM\",IF(ISNA(VLOOKUP($F295:$F$402,pos,4,FALSE))=FALSE,VLOOKUP($F$2:$F$402,pos,4,FALSE),\"\"),\"\")","v":""},"",9.75,"",2291.25,null,6176,"FR","","","2016-04-22","2016-04-25"]
["6176P02","Chicken","FG",36304,"BONELESS CHICKEN BREAST (PAPILLON)*ALIMPLUS*FR @P","6174P0620","",15,4,null,0.80746337817037728,{"$f":"IF($C296=\"RM\",IF(ISNA(VLOOKUP($F$2:$F$409,pos,2,FALSE))=FALSE,VLOOKUP($F296:$F$409,pos,2,FALSE),IF(ISNA(VLOOKUP($F$2:$F$409,lot,2,FALSE))=FALSE,VLOOKUP($F$2:$F$409,lot,2,FALSE),\"MANQUANT\")),\"\")","v":""},{"$f":"IF($C296=\"RM\",IF(ISNA(VLOOKUP($F$2:$F$409,pos,3,FALSE))=FALSE,VLOOKUP($F296:$F666,pos,3,FALSE),\"OP\"),\"\")","v":""},{"$f":"IF($C296=\"RM\",IF(ISNA(VLOOKUP($F296:$F$402,pos,4,FALSE))=FALSE,VLOOKUP($F$2:$F$402,pos,4,FALSE),\"\"),\"\")","v":""},"",8.25,"",123.75,null,6174,"FR","","","2016-04-22","2016-04-25"]
["6176P02","Chicken","FG",36304,"BONELESS CHICKEN BREAST (PAPILLON)*ALIMPLUS*FR @P","6176P025","",35,4,null,0.80746337817037728,{"$f":"IF($C297=\"RM\",IF(ISNA(VLOOKUP($F$2:$F$409,pos,2,FALSE))=FALSE,VLOOKUP($F297:$F$409,pos,2,FALSE),IF(ISNA(VLOOKUP($F$2:$F$409,lot,2,FALSE))=FALSE,VLOOKUP($F$2:$F$409,lot,2,FALSE),\"MANQUANT\")),\"\")","v":""},{"$f":"IF($C297=\"RM\",IF(ISNA(VLOOKUP($F$2:$F$409,pos,3,FALSE))=FALSE,VLOOKUP($F297:$F654,pos,3,FALSE),\"OP\"),\"\")","v":""},{"$f":"IF($C297=\"RM\",IF(ISNA(VLOOKUP($F297:$F$402,pos,4,FALSE))=FALSE,VLOOKUP($F$2:$F$402,pos,4,FALSE),\"\"),\"\")","v":""},"",8.25,"",288.75,null,6176,"FR","","","2016-04-22","2016-04-25"]
["6176P02","Chicken","FG",35720,"CH.FILET*SKIN ON * BNLSS FR @P","6176P026","",50,4,null,0.72370067185253073,{"$f":"IF($C298=\"RM\",IF(ISNA(VLOOKUP($F$2:$F$409,pos,2,FALSE))=FALSE,VLOOKUP($F298:$F$409,pos,2,FALSE),IF(ISNA(VLOOKUP($F$2:$F$409,lot,2,FALSE))=FALSE,VLOOKUP($F$2:$F$409,lot,2,FALSE),\"MANQUANT\")),\"\")","v":""},{"$f":"IF($C298=\"RM\",IF(ISNA(VLOOKUP($F$2:$F$409,pos,3,FALSE))=FALSE,VLOOKUP($F298:$F655,pos,3,FALSE),\"OP\"),\"\")","v":""},{"$f":"IF($C298=\"RM\",IF(ISNA(VLOOKUP($F298:$F$402,pos,4,FALSE))=FALSE,VLOOKUP($F$2:$F$402,pos,4,FALSE),\"\"),\"\")","v":""},"",7.35,"",367.5,null,6176,"FR","","","2016-04-22","2016-04-25"]
["6176P02","Chicken","FG",38000,"POITRINE POULET DESOSSE PAPILLION UNIFORME 5 KG/ CS**12-14 OZ FR @P","6176P027","",55,4,null,0.7160876155279885,{"$f":"IF($C299=\"RM\",IF(ISNA(VLOOKUP($F$2:$F$409,pos,2,FALSE))=FALSE,VLOOKUP($F299:$F$409,pos,2,FALSE),IF(ISNA(VLOOKUP($F$2:$F$409,lot,2,FALSE))=FALSE,VLOOKUP($F$2:$F$409,lot,2,FALSE),\"MANQUANT\")),\"\")","v":""},{"$f":"IF($C299=\"RM\",IF(ISNA(VLOOKUP($F$2:$F$409,pos,3,FALSE))=FALSE,VLOOKUP($F299:$F656,pos,3,FALSE),\"OP\"),\"\")","v":""},{"$f":"IF($C299=\"RM\",IF(ISNA(VLOOKUP($F299:$F$402,pos,4,FALSE))=FALSE,VLOOKUP($F$2:$F$402,pos,4,FALSE),\"\"),\"\")","v":""},"",8.75,"",481.25,null,6176,"FR","","","2016-04-22","2016-04-25"]
["6176P02","Chicken","FG",38001,"POITRINE POULET DESOSSEE PAPILLON UNIFORME 5 KG/ CS**14-16 OZ FR @P","6176P028","",5,4,null,0.71031470192940915,{"$f":"IF($C300=\"RM\",IF(ISNA(VLOOKUP($F$2:$F$409,pos,2,FALSE))=FALSE,VLOOKUP($F300:$F$409,pos,2,FALSE),IF(ISNA(VLOOKUP($F$2:$F$409,lot,2,FALSE))=FALSE,VLOOKUP($F$2:$F$409,lot,2,FALSE),\"MANQUANT\")),\"\")","v":""},{"$f":"IF($C300=\"RM\",IF(ISNA(VLOOKUP($F$2:$F$409,pos,3,FALSE))=FALSE,VLOOKUP($F300:$F657,pos,3,FALSE),\"OP\"),\"\")","v":""},{"$f":"IF($C300=\"RM\",IF(ISNA(VLOOKUP($F300:$F$402,pos,4,FALSE))=FALSE,VLOOKUP($F$2:$F$402,pos,4,FALSE),\"\"),\"\")","v":""},"",8.75,"",43.75,null,6176,"FR","","","2016-04-22","2016-04-25"]
["6176P02","Chicken","FG",35777,"CH.FILET*NF*CUT/2*F.TRIM*7ONC FR@P","6176P029","",30,4,null,0.82083949260670197,{"$f":"IF($C301=\"RM\",IF(ISNA(VLOOKUP($F$2:$F$409,pos,2,FALSE))=FALSE,VLOOKUP($F301:$F$409,pos,2,FALSE),IF(ISNA(VLOOKUP($F$2:$F$409,lot,2,FALSE))=FALSE,VLOOKUP($F$2:$F$409,lot,2,FALSE),\"MANQUANT\")),\"\")","v":""},{"$f":"IF($C301=\"RM\",IF(ISNA(VLOOKUP($F$2:$F$409,pos,3,FALSE))=FALSE,VLOOKUP($F301:$F658,pos,3,FALSE),\"OP\"),\"\")","v":""},{"$f":"IF($C301=\"RM\",IF(ISNA(VLOOKUP($F301:$F$402,pos,4,FALSE))=FALSE,VLOOKUP($F$2:$F$402,pos,4,FALSE),\"\"),\"\")","v":""},"",9.85,"",295.5,null,6176,"FR","","","2016-04-22","2016-04-25"]
["6176P02 Total",null,null,null,null,null,{"$f":"SUBTOTAL(9,G283:G301)","v":2484.0100000000002},{"$f":"SUBTOTAL(9,H283:H301)","v":1895.6399999999999},null,{"$f":"$G302-$H302","v":588.37000000000035},{"$f":"$H302/$G302","v":0.76313702440811415},null,null,null,{"$f":"$Q302/$H302","v":0},null,{"$f":"SUBTOTAL(9,Q283:Q301)","v":0},{"$f":"SUBTOTAL(9,R283:R301)","v":14380.11},{"$f":"($R302-$Q302)/$Q302","v":{"$error":"#DIV/0!"}},null,null,null,null,null,null,{"$f":"V283","v":"2016-04-22"}]
["6176P03","Chicken","RM",35008,"CHICKEN THIGHS WHOLE FR #D","6176P03",163.27000000000001,null,4,null,{"$f":"IF(ISNA(VLOOKUP($D:$D,rend,2,FALSE))=FALSE,VLOOKUP($D:$D,rend,2,FALSE),\"\")","v":0.64157183005905072},{"$f":"IF($C303=\"RM\",IF(ISNA(VLOOKUP($F$2:$F$409,pos,2,FALSE))=FALSE,VLOOKUP($F303:$F$409,pos,2,FALSE),IF(ISNA(VLOOKUP($F$2:$F$409,lot,2,FALSE))=FALSE,VLOOKUP($F$2:$F$409,lot,2,FALSE),\"MANQUANT\")),\"\")","v":"MANQUANT"},{"$f":"IF($C303=\"RM\",IF(ISNA(VLOOKUP($F$2:$F$409,pos,3,FALSE))=FALSE,VLOOKUP($F303:$F659,pos,3,FALSE),\"OP\"),\"\")","v":"OP"},{"$f":"IF($C303=\"RM\",IF(ISNA(VLOOKUP($F303:$F$402,pos,4,FALSE))=FALSE,VLOOKUP($F$2:$F$402,pos,4,FALSE),\"\"),\"\")","v":""},{"$f":"IF($C303=\"RM\",IF(ISNA(VLOOKUP($F$2:$F$409,pos,5,FALSE))=FALSE,VLOOKUP($F$2:$F$409,pos,5,FALSE),IF(ISNA(VLOOKUP($F$2:$F$409,lot,5,FALSE))=FALSE,VLOOKUP($F$2:$F$409,lot,5,FALSE),0)),\"\")","v":0},{"$f":"IF($H303>0,VLOOKUP($D:$D,prix,15,FALSE),\"\")","v":""},{"$f":"IF($C303=\"RM\",$O303*$G303,\"\")","v":0},{"$f":"IF($H303>0,$H303*$P303,\"\")","v":""},null,{"$f":"IF($F303>0,VALUE(LEFT($F303,4)),\"\")","v":6176},{"$f":"IF(F303>0,IF(ISERROR(SEARCH(\"*FZ*\",$E303))=FALSE,\"FZ\",IF(ISERROR(SEARCH(\"*FR*\",$E303))=FALSE,\"FR\",\"Aucun\")),\"\")","v":"FR"},{"$f":"IF($C303=\"RM\",IF($U303=\"FR\",IF(ISNA(VLOOKUP($F:$F,lot,6,FALSE))=TRUE,VLOOKUP($T:$T,date,2,FALSE),VLOOKUP($F:$F,lot,6,FALSE)),\"\"),\"\")","v":"2016-04-22"},{"$f":"IF($C303=\"RM\",IF($U303=\"Fz\",IF(ISNA(VLOOKUP($F:$F,lot,6,FALSE))=TRUE,VLOOKUP($T:$T,date,2,FALSE),VLOOKUP($F:$F,lot,6,FALSE)),\"\"),\"\")","v":""},{"$f":"IF($C303=\"FG\",VLOOKUP($A:$A,op,4,FALSE),\"\")","v":""},"2016-04-25",{"$f":"IF(C303=\"rm\",IF(U303=\"aucun\",\"OK\",IF(U303=\"fz\",IF(Y303-W303>730,Y303-W303,\"OK\"),IF(Y303-V303<1,1,Y303-V303))),\"\")","v":3}]
["6176P03","Chicken","FG",35824,"CHICKEN THIGHS BONELESS FR @P","6176P031","",108,4,null,{"$f":"IF(ISNA(VLOOKUP($D:$D,rend,2,FALSE))=FALSE,VLOOKUP($D:$D,rend,2,FALSE),\"\")","v":0.68052333911271923},{"$f":"IF($C304=\"RM\",IF(ISNA(VLOOKUP($F$2:$F$409,pos,2,FALSE))=FALSE,VLOOKUP($F304:$F$409,pos,2,FALSE),IF(ISNA(VLOOKUP($F$2:$F$409,lot,2,FALSE))=FALSE,VLOOKUP($F$2:$F$409,lot,2,FALSE),\"MANQUANT\")),\"\")","v":""},{"$f":"IF($C304=\"RM\",IF(ISNA(VLOOKUP($F$2:$F$409,pos,3,FALSE))=FALSE,VLOOKUP($F304:$F660,pos,3,FALSE),\"OP\"),\"\")","v":""},{"$f":"IF($C304=\"RM\",IF(ISNA(VLOOKUP($F304:$F$402,pos,4,FALSE))=FALSE,VLOOKUP($F$2:$F$402,pos,4,FALSE),\"\"),\"\")","v":""},{"$f":"IF($C304=\"RM\",IF(ISNA(VLOOKUP($F$2:$F$409,pos,5,FALSE))=FALSE,VLOOKUP($F$2:$F$409,pos,5,FALSE),IF(ISNA(VLOOKUP($F$2:$F$409,lot,5,FALSE))=FALSE,VLOOKUP($F$2:$F$409,lot,5,FALSE),0)),\"\")","v":""},{"$f":"IF($H304>0,VLOOKUP($D:$D,prix,15,FALSE),\"\")","v":6.75},{"$f":"IF($C304=\"RM\",$O304*$G304,\"\")","v":""},729,null,{"$f":"IF($F304>0,VALUE(LEFT($F304,4)),\"\")","v":6176},{"$f":"IF(F304>0,IF(ISERROR(SEARCH(\"*FZ*\",$E304))=FALSE,\"FZ\",IF(ISERROR(SEARCH(\"*FR*\",$E304))=FALSE,\"FR\",\"Aucun\")),\"\")","v":"FR"},{"$f":"IF($C304=\"RM\",IF($U304=\"FR\",IF(ISNA(VLOOKUP($F:$F,lot,6,FALSE))=TRUE,VLOOKUP($T:$T,date,2,FALSE),VLOOKUP($F:$F,lot,6,FALSE)),\"\"),\"\")","v":""},{"$f":"IF($C304=\"RM\",IF($U304=\"Fz\",IF(ISNA(VLOOKUP($F:$F,lot,6,FALSE))=TRUE,VLOOKUP($T:$T,date,2,FALSE),VLOOKUP($F:$F,lot,6,FALSE)),\"\"),\"\")","v":""},{"$f":"IF($C304=\"FG\",VLOOKUP($A:$A,op,4,FALSE),\"\")","v":"2016-04-22"},"2016-04-25"]
["6176P03 Total",null,null,null,null,null,{"$f":"SUBTOTAL(9,G303:G304)","v":163.27000000000001},{"$f":"SUBTOTAL(9,H303:H304)","v":108},null,{"$f":"$G305-$H305","v":55.27000000000001},{"$f":"$H305/$G305","v":0.66148098242175535},null,null,null,{"$f":"$Q305/$H305","v":0},null,{"$f":"SUBTOTAL(9,Q303:Q304)","v":0},{"$f":"SUBTOTAL(9,R303:R304)","v":729},{"$f":"($R305-$Q305)/$Q305","v":{"$error":"#DIV/0!"}},null,null,null,null,null,null,{"$f":"V303","v":"2016-04-22"}]
["6176P05","Chicken","RM",35006,"CH.LEGS *WHOLE* FR #D","6176P05",0.01,null,5,null,{"$f":"IF(ISNA(VLOOKUP($D:$D,rend,2,FALSE))=FALSE,VLOOKUP($D:$D,rend,2,FALSE),\"\")","v":0.91616344332738064},{"$f":"IF($C306=\"RM\",IF(ISNA(VLOOKUP($F$2:$F$409,pos,2,FALSE))=FALSE,VLOOKUP($F306:$F$409,pos,2,FALSE),IF(ISNA(VLOOKUP($F$2:$F$409,lot,2,FALSE))=FALSE,VLOOKUP($F$2:$F$409,lot,2,FALSE),\"MANQUANT\")),\"\")","v":"MANQUANT"},{"$f":"IF($C306=\"RM\",IF(ISNA(VLOOKUP($F$2:$F$409,pos,3,FALSE))=FALSE,VLOOKUP($F306:$F661,pos,3,FALSE),\"OP\"),\"\")","v":"OP"},{"$f":"IF($C306=\"RM\",IF(ISNA(VLOOKUP($F306:$F$402,pos,4,FALSE))=FALSE,VLOOKUP($F$2:$F$402,pos,4,FALSE),\"\"),\"\")","v":""},{"$f":"IF($C306=\"RM\",IF(ISNA(VLOOKUP($F$2:$F$409,pos,5,FALSE))=FALSE,VLOOKUP($F$2:$F$409,pos,5,FALSE),IF(ISNA(VLOOKUP($F$2:$F$409,lot,5,FALSE))=FALSE,VLOOKUP($F$2:$F$409,lot,5,FALSE),0)),\"\")","v":0},{"$f":"IF($H306>0,VLOOKUP($D:$D,prix,15,FALSE),\"\")","v":""},{"$f":"IF($C306=\"RM\",$O306*$G306,\"\")","v":0},{"$f":"IF($H306>0,$H306*$P306,\"\")","v":""},null,{"$f":"IF($F306>0,VALUE(LEFT($F306,4)),\"\")","v":6176},{"$f":"IF(F306>0,IF(ISERROR(SEARCH(\"*FZ*\",$E306))=FALSE,\"FZ\",IF(ISERROR(SEARCH(\"*FR*\",$E306))=FALSE,\"FR\",\"Aucun\")),\"\")","v":"FR"},{"$f":"IF($C306=\"RM\",IF($U306=\"FR\",IF(ISNA(VLOOKUP($F:$F,lot,6,FALSE))=TRUE,VLOOKUP($T:$T,date,2,FALSE),VLOOKUP($F:$F,lot,6,FALSE)),\"\"),\"\")","v":"2016-04-22"},{"$f":"IF($C306=\"RM\",IF($U306=\"Fz\",IF(ISNA(VLOOKUP($F:$F,lot,6,FALSE))=TRUE,VLOOKUP($T:$T,date,2,FALSE),VLOOKUP($F:$F,lot,6,FALSE)),\"\"),\"\")","v":""},{"$f":"IF($C306=\"FG\",VLOOKUP($A:$A,op,4,FALSE),\"\")","v":""},"2016-04-25",{"$f":"IF(C306=\"rm\",IF(U306=\"aucun\",\"OK\",IF(U306=\"fz\",IF(Y306-W306>730,Y306-W306,\"OK\"),IF(Y306-V306<1,1,Y306-V306))),\"\")","v":3}]
["6176P05","Chicken","FG",26020,"CUISSE DE POULET AVEC DOS ASS. BBQ *LOBLAW* (8 X 3-4/TRAY 8D black) FR @P","6176P051","",0.2,5,null,{"$f":"IF(ISNA(VLOOKUP($D:$D,rend,2,FALSE))=FALSE,VLOOKUP($D:$D,rend,2,FALSE),\"\")","v":0.80876323364252056},{"$f":"IF($C307=\"RM\",IF(ISNA(VLOOKUP($F$2:$F$409,pos,2,FALSE))=FALSE,VLOOKUP($F307:$F$409,pos,2,FALSE),IF(ISNA(VLOOKUP($F$2:$F$409,lot,2,FALSE))=FALSE,VLOOKUP($F$2:$F$409,lot,2,FALSE),\"MANQUANT\")),\"\")","v":""},{"$f":"IF($C307=\"RM\",IF(ISNA(VLOOKUP($F$2:$F$409,pos,3,FALSE))=FALSE,VLOOKUP($F307:$F662,pos,3,FALSE),\"OP\"),\"\")","v":""},{"$f":"IF($C307=\"RM\",IF(ISNA(VLOOKUP($F307:$F$402,pos,4,FALSE))=FALSE,VLOOKUP($F$2:$F$402,pos,4,FALSE),\"\"),\"\")","v":""},{"$f":"IF($C307=\"RM\",IF(ISNA(VLOOKUP($F$2:$F$409,pos,5,FALSE))=FALSE,VLOOKUP($F$2:$F$409,pos,5,FALSE),IF(ISNA(VLOOKUP($F$2:$F$409,lot,5,FALSE))=FALSE,VLOOKUP($F$2:$F$409,lot,5,FALSE),0)),\"\")","v":""},{"$f":"IF($H307>0,VLOOKUP($D:$D,prix,15,FALSE),\"\")","v":4.5},{"$f":"IF($C307=\"RM\",$O307*$G307,\"\")","v":""},0.9,null,{"$f":"IF($F307>0,VALUE(LEFT($F307,4)),\"\")","v":6176},{"$f":"IF(F307>0,IF(ISERROR(SEARCH(\"*FZ*\",$E307))=FALSE,\"FZ\",IF(ISERROR(SEARCH(\"*FR*\",$E307))=FALSE,\"FR\",\"Aucun\")),\"\")","v":"FR"},{"$f":"IF($C307=\"RM\",IF($U307=\"FR\",IF(ISNA(VLOOKUP($F:$F,lot,6,FALSE))=TRUE,VLOOKUP($T:$T,date,2,FALSE),VLOOKUP($F:$F,lot,6,FALSE)),\"\"),\"\")","v":""},{"$f":"IF($C307=\"RM\",IF($U307=\"Fz\",IF(ISNA(VLOOKUP($F:$F,lot,6,FALSE))=TRUE,VLOOKUP($T:$T,date,2,FALSE),VLOOKUP($F:$F,lot,6,FALSE)),\"\"),\"\")","v":""},{"$f":"IF($C307=\"FG\",VLOOKUP($A:$A,op,4,FALSE),\"\")","v":"2016-04-22"},"2016-04-25"]
["6176P05 Total",null,null,null,null,null,{"$f":"SUBTOTAL(9,G306:G307)","v":0.01},{"$f":"SUBTOTAL(9,H306:H307)","v":0.2},null,{"$f":"$G308-$H308","v":-0.19},{"$f":"$H308/$G308","v":20},null,null,null,{"$f":"$Q308/$H308","v":0},null,{"$f":"SUBTOTAL(9,Q306:Q307)","v":0},{"$f":"SUBTOTAL(9,R306:R307)","v":0.9},{"$f":"($R308-$Q308)/$Q308","v":{"$error":"#DIV/0!"}},null,null,null,null,null,null,{"$f":"V306","v":"2016-04-22"}]
["6176P07","Chicken","RM",35015,"WHOLE CHICKEN* EXCELDOR 1.77-1.82 KG***AIR CHILLED***TIED FR #D","6176P07",26.91,null,5,null,{"$f":"IF(ISNA(VLOOKUP($D:$D,rend,2,FALSE))=FALSE,VLOOKUP($D:$D,rend,2,FALSE),\"\")","v":0.93048688280673253},{"$f":"IF($C309=\"RM\",IF(ISNA(VLOOKUP($F$2:$F$409,pos,2,FALSE))=FALSE,VLOOKUP($F309:$F$409,pos,2,FALSE),IF(ISNA(VLOOKUP($F$2:$F$409,lot,2,FALSE))=FALSE,VLOOKUP($F$2:$F$409,lot,2,FALSE),\"MANQUANT\")),\"\")","v":"MANQUANT"},{"$f":"IF($C309=\"RM\",IF(ISNA(VLOOKUP($F$2:$F$409,pos,3,FALSE))=FALSE,VLOOKUP($F309:$F663,pos,3,FALSE),\"OP\"),\"\")","v":"OP"},{"$f":"IF($C309=\"RM\",IF(ISNA(VLOOKUP($F309:$F$402,pos,4,FALSE))=FALSE,VLOOKUP($F$2:$F$402,pos,4,FALSE),\"\"),\"\")","v":""},{"$f":"IF($C309=\"RM\",IF(ISNA(VLOOKUP($F$2:$F$409,pos,5,FALSE))=FALSE,VLOOKUP($F$2:$F$409,pos,5,FALSE),IF(ISNA(VLOOKUP($F$2:$F$409,lot,5,FALSE))=FALSE,VLOOKUP($F$2:$F$409,lot,5,FALSE),0)),\"\")","v":0},{"$f":"IF($H309>0,VLOOKUP($D:$D,prix,15,FALSE),\"\")","v":""},{"$f":"IF($C309=\"RM\",$O309*$G309,\"\")","v":0},{"$f":"IF($H309>0,$H309*$P309,\"\")","v":""},null,{"$f":"IF($F309>0,VALUE(LEFT($F309,4)),\"\")","v":6176},{"$f":"IF(F309>0,IF(ISERROR(SEARCH(\"*FZ*\",$E309))=FALSE,\"FZ\",IF(ISERROR(SEARCH(\"*FR*\",$E309))=FALSE,\"FR\",\"Aucun\")),\"\")","v":"FR"},{"$f":"IF($C309=\"RM\",IF($U309=\"FR\",IF(ISNA(VLOOKUP($F:$F,lot,6,FALSE))=TRUE,VLOOKUP($T:$T,date,2,FALSE),VLOOKUP($F:$F,lot,6,FALSE)),\"\"),\"\")","v":"2016-04-22"},{"$f":"IF($C309=\"RM\",IF($U309=\"Fz\",IF(ISNA(VLOOKUP($F:$F,lot,6,FALSE))=TRUE,VLOOKUP($T:$T,date,2,FALSE),VLOOKUP($F:$F,lot,6,FALSE)),\"\"),\"\")","v":""},{"$f":"IF($C309=\"FG\",VLOOKUP($A:$A,op,4,FALSE),\"\")","v":""},"2016-04-25",{"$f":"IF(C309=\"rm\",IF(U309=\"aucun\",\"OK\",IF(U309=\"fz\",IF(Y309-W309>730,Y309-W309,\"OK\"),IF(Y309-V309<1,1,Y309-V309))),\"\")","v":3}]
["6176P07","Chicken","FG",35703,"BBQ CHICKEN 1.9-2.2 KG  **4 (UNIT/ CAISSES) FR #D","6176P071","",27.1,5,null,{"$f":"IF(ISNA(VLOOKUP($D:$D,rend,2,FALSE))=FALSE,VLOOKUP($D:$D,rend,2,FALSE),\"\")","v":0.96054879189068032},{"$f":"IF($C310=\"RM\",IF(ISNA(VLOOKUP($F$2:$F$409,pos,2,FALSE))=FALSE,VLOOKUP($F310:$F$409,pos,2,FALSE),IF(ISNA(VLOOKUP($F$2:$F$409,lot,2,FALSE))=FALSE,VLOOKUP($F$2:$F$409,lot,2,FALSE),\"MANQUANT\")),\"\")","v":""},{"$f":"IF($C310=\"RM\",IF(ISNA(VLOOKUP($F$2:$F$409,pos,3,FALSE))=FALSE,VLOOKUP($F310:$F664,pos,3,FALSE),\"OP\"),\"\")","v":""},{"$f":"IF($C310=\"RM\",IF(ISNA(VLOOKUP($F310:$F$402,pos,4,FALSE))=FALSE,VLOOKUP($F$2:$F$402,pos,4,FALSE),\"\"),\"\")","v":""},{"$f":"IF($C310=\"RM\",IF(ISNA(VLOOKUP($F$2:$F$409,pos,5,FALSE))=FALSE,VLOOKUP($F$2:$F$409,pos,5,FALSE),IF(ISNA(VLOOKUP($F$2:$F$409,lot,5,FALSE))=FALSE,VLOOKUP($F$2:$F$409,lot,5,FALSE),0)),\"\")","v":""},{"$f":"IF($H310>0,VLOOKUP($D:$D,prix,15,FALSE),\"\")","v":4.59},{"$f":"IF($C310=\"RM\",$O310*$G310,\"\")","v":""},124.389,null,{"$f":"IF($F310>0,VALUE(LEFT($F310,4)),\"\")","v":6176},{"$f":"IF(F310>0,IF(ISERROR(SEARCH(\"*FZ*\",$E310))=FALSE,\"FZ\",IF(ISERROR(SEARCH(\"*FR*\",$E310))=FALSE,\"FR\",\"Aucun\")),\"\")","v":"FR"},{"$f":"IF($C310=\"RM\",IF($U310=\"FR\",IF(ISNA(VLOOKUP($F:$F,lot,6,FALSE))=TRUE,VLOOKUP($T:$T,date,2,FALSE),VLOOKUP($F:$F,lot,6,FALSE)),\"\"),\"\")","v":""},{"$f":"IF($C310=\"RM\",IF($U310=\"Fz\",IF(ISNA(VLOOKUP($F:$F,lot,6,FALSE))=TRUE,VLOOKUP($T:$T,date,2,FALSE),VLOOKUP($F:$F,lot,6,FALSE)),\"\"),\"\")","v":""},{"$f":"IF($C310=\"FG\",VLOOKUP($A:$A,op,4,FALSE),\"\")","v":"2016-04-22"},"2016-04-25"]
["6176P07 Total",null,null,null,null,null,{"$f":"SUBTOTAL(9,G309:G310)","v":26.91},{"$f":"SUBTOTAL(9,H309:H310)","v":27.1},null,{"$f":"$G311-$H311","v":-0.19000000000000128},{"$f":"$H311/$G311","v":1.0070605722779635},null,null,null,{"$f":"$Q311/$H311","v":0},null,{"$f":"SUBTOTAL(9,Q309:Q310)","v":0},{"$f":"SUBTOTAL(9,R309:R310)","v":124.389},{"$f":"($R311-$Q311)/$Q311","v":{"$error":"#DIV/0!"}},null,null,null,null,null,null,{"$f":"V309","v":"2016-04-22"}]
["6182P01","Chicken","RM",35022,"BONELESS CHICKEN BREAST SMALL-MEDIUM***RAW MATERIAL FR #D","6182P01",4920.01,null,4,null,{"$f":"IF(ISNA(VLOOKUP($D:$D,rend,2,FALSE))=FALSE,VLOOKUP($D:$D,rend,2,FALSE),\"\")","v":0.94947128027888894},{"$f":"IF($C312=\"RM\",IF(ISNA(VLOOKUP($F$2:$F$409,pos,2,FALSE))=FALSE,VLOOKUP($F312:$F$409,pos,2,FALSE),IF(ISNA(VLOOKUP($F$2:$F$409,lot,2,FALSE))=FALSE,VLOOKUP($F$2:$F$409,lot,2,FALSE),\"MANQUANT\")),\"\")","v":"MANQUANT"},{"$f":"IF($C312=\"RM\",IF(ISNA(VLOOKUP($F$2:$F$409,pos,3,FALSE))=FALSE,VLOOKUP($F312:$F665,pos,3,FALSE),\"OP\"),\"\")","v":"OP"},{"$f":"IF($C312=\"RM\",IF(ISNA(VLOOKUP($F312:$F$402,pos,4,FALSE))=FALSE,VLOOKUP($F$2:$F$402,pos,4,FALSE),\"\"),\"\")","v":""},{"$f":"IF($C312=\"RM\",IF(ISNA(VLOOKUP($F$2:$F$409,pos,5,FALSE))=FALSE,VLOOKUP($F$2:$F$409,pos,5,FALSE),IF(ISNA(VLOOKUP($F$2:$F$409,lot,5,FALSE))=FALSE,VLOOKUP($F$2:$F$409,lot,5,FALSE),0)),\"\")","v":0},{"$f":"IF($H312>0,VLOOKUP($D:$D,prix,15,FALSE),\"\")","v":""},{"$f":"IF($C312=\"RM\",$O312*$G312,\"\")","v":0},{"$f":"IF($H312>0,$H312*$P312,\"\")","v":""},null,{"$f":"IF($F312>0,VALUE(LEFT($F312,4)),\"\")","v":6182},{"$f":"IF(F312>0,IF(ISERROR(SEARCH(\"*FZ*\",$E312))=FALSE,\"FZ\",IF(ISERROR(SEARCH(\"*FR*\",$E312))=FALSE,\"FR\",\"Aucun\")),\"\")","v":"FR"},{"$f":"IF($C312=\"RM\",IF($U312=\"FR\",IF(ISNA(VLOOKUP($F:$F,lot,6,FALSE))=TRUE,VLOOKUP($T:$T,date,2,FALSE),VLOOKUP($F:$F,lot,6,FALSE)),\"\"),\"\")","v":"2016-04-25"},{"$f":"IF($C312=\"RM\",IF($U312=\"Fz\",IF(ISNA(VLOOKUP($F:$F,lot,6,FALSE))=TRUE,VLOOKUP($T:$T,date,2,FALSE),VLOOKUP($F:$F,lot,6,FALSE)),\"\"),\"\")","v":""},{"$f":"IF($C312=\"FG\",VLOOKUP($A:$A,op,4,FALSE),\"\")","v":""},"2016-04-25",{"$f":"IF(C312=\"rm\",IF(U312=\"aucun\",\"OK\",IF(U312=\"fz\",IF(Y312-W312>730,Y312-W312,\"OK\"),IF(Y312-V312<1,1,Y312-V312))),\"\")","v":1}]
["6182P01","Chicken","FG",35760,"CH.FILET*CUT/2* NF*F.TRIM FR @P","6182P011","",450,4,null,0.87125664974782602,{"$f":"IF($C313=\"RM\",IF(ISNA(VLOOKUP($F$2:$F$409,pos,2,FALSE))=FALSE,VLOOKUP($F313:$F$409,pos,2,FALSE),IF(ISNA(VLOOKUP($F$2:$F$409,lot,2,FALSE))=FALSE,VLOOKUP($F$2:$F$409,lot,2,FALSE),\"MANQUANT\")),\"\")","v":""},"",{"$f":"IF($C313=\"RM\",IF(ISNA(VLOOKUP($F313:$F$402,pos,4,FALSE))=FALSE,VLOOKUP($F$2:$F$402,pos,4,FALSE),\"\"),\"\")","v":""},"",8.6999999999999993,"",3914.9999999999995,null,6182,"FR","","","2016-04-25","2016-04-25"]
["6182P01","Chicken","FG",37004,"BONELESS CH.BREAST *IN PROCESS* FR @P","6182P0110","",0.01,4,null,0.80480511567184854,{"$f":"IF($C314=\"RM\",IF(ISNA(VLOOKUP($F$2:$F$409,pos,2,FALSE))=FALSE,VLOOKUP($F314:$F$409,pos,2,FALSE),IF(ISNA(VLOOKUP($F$2:$F$409,lot,2,FALSE))=FALSE,VLOOKUP($F$2:$F$409,lot,2,FALSE),\"MANQUANT\")),\"\")","v":""},"",{"$f":"IF($C314=\"RM\",IF(ISNA(VLOOKUP($F314:$F$402,pos,4,FALSE))=FALSE,VLOOKUP($F$2:$F$402,pos,4,FALSE),\"\"),\"\")","v":""},"",7.5,"",7.4999999999999997E-2,null,6182,"FR","","","2016-04-25","2016-04-25"]
["6182P01","Chicken","FG",35022,"BONELESS CHICKEN BREAST SMALL-MEDIUM***RAW MATERIAL FR #D","6182P0111","",3013.5,4,null,0.94947128027888894,{"$f":"IF($C315=\"RM\",IF(ISNA(VLOOKUP($F$2:$F$409,pos,2,FALSE))=FALSE,VLOOKUP($F315:$F$409,pos,2,FALSE),IF(ISNA(VLOOKUP($F$2:$F$409,lot,2,FALSE))=FALSE,VLOOKUP($F$2:$F$409,lot,2,FALSE),\"MANQUANT\")),\"\")","v":""},"",{"$f":"IF($C315=\"RM\",IF(ISNA(VLOOKUP($F315:$F$402,pos,4,FALSE))=FALSE,VLOOKUP($F$2:$F$402,pos,4,FALSE),\"\"),\"\")","v":""},"",7.5,"",22601.25,null,6182,"FR","","","2016-04-25","2016-04-25"]
["6182P01","Chicken","FG",35741,"BONELESS CHICKEN BREAST  RANDOM *SPLIT BIG FR @P","6182P0112","",50,4,null,0.86543046352414799,{"$f":"IF($C316=\"RM\",IF(ISNA(VLOOKUP($F$2:$F$409,pos,2,FALSE))=FALSE,VLOOKUP($F316:$F$409,pos,2,FALSE),IF(ISNA(VLOOKUP($F$2:$F$409,lot,2,FALSE))=FALSE,VLOOKUP($F$2:$F$409,lot,2,FALSE),\"MANQUANT\")),\"\")","v":""},"",{"$f":"IF($C316=\"RM\",IF(ISNA(VLOOKUP($F316:$F$402,pos,4,FALSE))=FALSE,VLOOKUP($F$2:$F$402,pos,4,FALSE),\"\"),\"\")","v":""},"",7.75,"",387.5,null,6182,"FR","","","2016-04-25","2016-04-25"]
["6182P01","Chicken","FG",35723,"BONELESS CHICKEN BREAST SPLIT**MEDIUM FR #P","6182P0113","",10,4,null,0.88313918705202821,{"$f":"IF($C317=\"RM\",IF(ISNA(VLOOKUP($F$2:$F$409,pos,2,FALSE))=FALSE,VLOOKUP($F317:$F$409,pos,2,FALSE),IF(ISNA(VLOOKUP($F$2:$F$409,lot,2,FALSE))=FALSE,VLOOKUP($F$2:$F$409,lot,2,FALSE),\"MANQUANT\")),\"\")","v":""},"",{"$f":"IF($C317=\"RM\",IF(ISNA(VLOOKUP($F317:$F$402,pos,4,FALSE))=FALSE,VLOOKUP($F$2:$F$402,pos,4,FALSE),\"\"),\"\")","v":""},"",7.5,"",75,null,6182,"FR","","","2016-04-25","2016-04-25"]
["6182P01","Chicken","FG",37006,"CHICKEN *IN PROCESS* 4 OZ FR @P","6182P0114","",160,4,null,0.84379099121122703,{"$f":"IF($C318=\"RM\",IF(ISNA(VLOOKUP($F$2:$F$409,pos,2,FALSE))=FALSE,VLOOKUP($F318:$F$409,pos,2,FALSE),IF(ISNA(VLOOKUP($F$2:$F$409,lot,2,FALSE))=FALSE,VLOOKUP($F$2:$F$409,lot,2,FALSE),\"MANQUANT\")),\"\")","v":""},"",{"$f":"IF($C318=\"RM\",IF(ISNA(VLOOKUP($F318:$F$402,pos,4,FALSE))=FALSE,VLOOKUP($F$2:$F$402,pos,4,FALSE),\"\"),\"\")","v":""},"",8.5,"",1360,null,6182,"FR","","","2016-04-25","2016-04-25"]
["6182P01","Chicken","FG",37000,"CHICKEN *IN PROCESS* 5 OZ CODE:35775 FR @P","6182P0115","",12,4,null,0.84159666863495208,{"$f":"IF($C319=\"RM\",IF(ISNA(VLOOKUP($F$2:$F$409,pos,2,FALSE))=FALSE,VLOOKUP($F319:$F$409,pos,2,FALSE),IF(ISNA(VLOOKUP($F$2:$F$409,lot,2,FALSE))=FALSE,VLOOKUP($F$2:$F$409,lot,2,FALSE),\"MANQUANT\")),\"\")","v":""},"",{"$f":"IF($C319=\"RM\",IF(ISNA(VLOOKUP($F319:$F$402,pos,4,FALSE))=FALSE,VLOOKUP($F$2:$F$402,pos,4,FALSE),\"\"),\"\")","v":""},"",9.5,"",114,null,6182,"FR","","","2016-04-25","2016-04-25"]
["6182P01","Chicken","FG",37008,"CHICKEN *IN PROCESS* 8 OZ FR #D","6182P0118","",119,4,null,0.77268822821327032,{"$f":"IF($C320=\"RM\",IF(ISNA(VLOOKUP($F$2:$F$409,pos,2,FALSE))=FALSE,VLOOKUP($F320:$F$409,pos,2,FALSE),IF(ISNA(VLOOKUP($F$2:$F$409,lot,2,FALSE))=FALSE,VLOOKUP($F$2:$F$409,lot,2,FALSE),\"MANQUANT\")),\"\")","v":""},"",{"$f":"IF($C320=\"RM\",IF(ISNA(VLOOKUP($F320:$F$402,pos,4,FALSE))=FALSE,VLOOKUP($F$2:$F$402,pos,4,FALSE),\"\"),\"\")","v":""},"",8.5,"",1011.5,null,6182,"FR","","","2016-04-25","2016-04-25"]
["6182P01","Chicken","FG",37002,"CHICKEN *IN PROCESS* 7 OZ CODE: 36704,35777,35747 FR @P","6182P0119","",34,4,null,0.78309963630295676,{"$f":"IF($C321=\"RM\",IF(ISNA(VLOOKUP($F$2:$F$409,pos,2,FALSE))=FALSE,VLOOKUP($F321:$F$409,pos,2,FALSE),IF(ISNA(VLOOKUP($F$2:$F$409,lot,2,FALSE))=FALSE,VLOOKUP($F$2:$F$409,lot,2,FALSE),\"MANQUANT\")),\"\")","v":""},"",{"$f":"IF($C321=\"RM\",IF(ISNA(VLOOKUP($F321:$F$402,pos,4,FALSE))=FALSE,VLOOKUP($F$2:$F$402,pos,4,FALSE),\"\"),\"\")","v":""},"",9.5,"",323,null,6182,"FR","","","2016-04-25","2016-04-25"]
["6182P01","Chicken","FG",35810,"BONELESS CHICKEN BREAST STRIPS 2.5 KG FZ #D","6182P012","",50,4,null,0.95348324514991178,{"$f":"IF($C322=\"RM\",IF(ISNA(VLOOKUP($F$2:$F$409,pos,2,FALSE))=FALSE,VLOOKUP($F322:$F$409,pos,2,FALSE),IF(ISNA(VLOOKUP($F$2:$F$409,lot,2,FALSE))=FALSE,VLOOKUP($F$2:$F$409,lot,2,FALSE),\"MANQUANT\")),\"\")","v":""},"",{"$f":"IF($C322=\"RM\",IF(ISNA(VLOOKUP($F322:$F$402,pos,4,FALSE))=FALSE,VLOOKUP($F$2:$F$402,pos,4,FALSE),\"\"),\"\")","v":""},"",11,"",550,null,6182,"FZ","","","2016-04-25","2016-04-25"]
["6182P01","Chicken","FG",35776,"CH.FILET*NF*CUT/2*F.TRIM*6ONC FR @P","6182P013","",110,4,null,0.81068398020987931,{"$f":"IF($C323=\"RM\",IF(ISNA(VLOOKUP($F$2:$F$409,pos,2,FALSE))=FALSE,VLOOKUP($F323:$F$409,pos,2,FALSE),IF(ISNA(VLOOKUP($F$2:$F$409,lot,2,FALSE))=FALSE,VLOOKUP($F$2:$F$409,lot,2,FALSE),\"MANQUANT\")),\"\")","v":""},"",{"$f":"IF($C323=\"RM\",IF(ISNA(VLOOKUP($F323:$F$402,pos,4,FALSE))=FALSE,VLOOKUP($F$2:$F$402,pos,4,FALSE),\"\"),\"\")","v":""},"",9.85,"",1083.5,null,6182,"FR","","","2016-04-25","2016-04-25"]
["6182P01","Chicken","FG",36311,"BONELESS CHICKEN BREAST FULL TRIM *** 6 OZ**VIANDEX** FR @P","6182P014","",100,4,null,0.79539083989189463,{"$f":"IF($C324=\"RM\",IF(ISNA(VLOOKUP($F$2:$F$409,pos,2,FALSE))=FALSE,VLOOKUP($F324:$F$409,pos,2,FALSE),IF(ISNA(VLOOKUP($F$2:$F$409,lot,2,FALSE))=FALSE,VLOOKUP($F$2:$F$409,lot,2,FALSE),\"MANQUANT\")),\"\")","v":""},"",{"$f":"IF($C324=\"RM\",IF(ISNA(VLOOKUP($F324:$F$402,pos,4,FALSE))=FALSE,VLOOKUP($F$2:$F$402,pos,4,FALSE),\"\"),\"\")","v":""},"",9.9499999999999993,"",994.99999999999989,null,6182,"FR","","","2016-04-25","2016-04-25"]
["6182P01","Chicken","FG",11436,"BONELESS CHICKEN BREAST FULL TRIM AVEC FILET:2 SACX 5 KG/CS FR @P","6182P015","",110,4,null,0.9014222364956892,{"$f":"IF($C325=\"RM\",IF(ISNA(VLOOKUP($F$2:$F$409,pos,2,FALSE))=FALSE,VLOOKUP($F325:$F$409,pos,2,FALSE),IF(ISNA(VLOOKUP($F$2:$F$409,lot,2,FALSE))=FALSE,VLOOKUP($F$2:$F$409,lot,2,FALSE),\"MANQUANT\")),\"\")","v":""},"",{"$f":"IF($C325=\"RM\",IF(ISNA(VLOOKUP($F325:$F$402,pos,4,FALSE))=FALSE,VLOOKUP($F$2:$F$402,pos,4,FALSE),\"\"),\"\")","v":""},"",9.75,"",1072.5,null,6182,"FR","","","2016-04-25","2016-04-25"]
["6182P01","Chicken","FG",35723,"BONELESS CHICKEN BREAST SPLIT**MEDIUM FR #P","6182P016","",60,4,null,0.88313918705202821,{"$f":"IF($C326=\"RM\",IF(ISNA(VLOOKUP($F$2:$F$409,pos,2,FALSE))=FALSE,VLOOKUP($F326:$F$409,pos,2,FALSE),IF(ISNA(VLOOKUP($F$2:$F$409,lot,2,FALSE))=FALSE,VLOOKUP($F$2:$F$409,lot,2,FALSE),\"MANQUANT\")),\"\")","v":""},"",{"$f":"IF($C326=\"RM\",IF(ISNA(VLOOKUP($F326:$F$402,pos,4,FALSE))=FALSE,VLOOKUP($F$2:$F$402,pos,4,FALSE),\"\"),\"\")","v":""},"",7.5,"",450,null,6182,"FR","","","2016-04-25","2016-04-25"]
["6182P01","Chicken","FG",35802,"CHICKEN TRIMMINGS 80% FZ #D","6182P017","",325,4,null,0.83345280817828782,{"$f":"IF($C327=\"RM\",IF(ISNA(VLOOKUP($F$2:$F$409,pos,2,FALSE))=FALSE,VLOOKUP($F327:$F$409,pos,2,FALSE),IF(ISNA(VLOOKUP($F$2:$F$409,lot,2,FALSE))=FALSE,VLOOKUP($F$2:$F$409,lot,2,FALSE),\"MANQUANT\")),\"\")","v":""},"",{"$f":"IF($C327=\"RM\",IF(ISNA(VLOOKUP($F327:$F$402,pos,4,FALSE))=FALSE,VLOOKUP($F$2:$F$402,pos,4,FALSE),\"\"),\"\")","v":""},"",2.75,"",893.75,null,6182,"FZ","","","2016-04-25","2016-04-25"]
["6182P01","Chicken","FG",35775,"CH.FILET*NF*CUT/2*F.TRIM*5ONC FR @P","6182P018","",75,4,null,0.75927147913009474,{"$f":"IF($C328=\"RM\",IF(ISNA(VLOOKUP($F$2:$F$409,pos,2,FALSE))=FALSE,VLOOKUP($F328:$F$409,pos,2,FALSE),IF(ISNA(VLOOKUP($F$2:$F$409,lot,2,FALSE))=FALSE,VLOOKUP($F$2:$F$409,lot,2,FALSE),\"MANQUANT\")),\"\")","v":""},"",{"$f":"IF($C328=\"RM\",IF(ISNA(VLOOKUP($F328:$F$402,pos,4,FALSE))=FALSE,VLOOKUP($F$2:$F$402,pos,4,FALSE),\"\"),\"\")","v":""},"",9.85,"",738.75,null,6182,"FR","","","2016-04-25","2016-04-25"]
["6182P01","Chicken","FG",37006,"CHICKEN *IN PROCESS* 4 OZ FR @P","6182P019","",28,4,null,0.84379099121122703,{"$f":"IF($C329=\"RM\",IF(ISNA(VLOOKUP($F$2:$F$409,pos,2,FALSE))=FALSE,VLOOKUP($F329:$F$409,pos,2,FALSE),IF(ISNA(VLOOKUP($F$2:$F$409,lot,2,FALSE))=FALSE,VLOOKUP($F$2:$F$409,lot,2,FALSE),\"MANQUANT\")),\"\")","v":""},"",{"$f":"IF($C329=\"RM\",IF(ISNA(VLOOKUP($F329:$F$402,pos,4,FALSE))=FALSE,VLOOKUP($F$2:$F$402,pos,4,FALSE),\"\"),\"\")","v":""},"",8.5,"",238,null,6182,"FR","","","2016-04-25","2016-04-25"]
["6182P01 Total",null,null,null,null,null,{"$f":"SUBTOTAL(9,G312:G329)","v":4920.01},{"$f":"SUBTOTAL(9,H312:H329)","v":4706.51},null,{"$f":"$G330-$H330","v":213.5},{"$f":"$H330/$G330","v":0.95660577925654622},null,null,null,{"$f":"$Q330/$H330","v":0},null,{"$f":"SUBTOTAL(9,Q312:Q329)","v":0},{"$f":"SUBTOTAL(9,R312:R329)","v":35808.824999999997},{"$f":"($R330-$Q330)/$Q330","v":{"$error":"#DIV/0!"}},null,null,null,null,null,null,{"$f":"V312","v":"2016-04-25"}]
["6182P0110","Chicken","FG",35800,"CHICKEN BONES CAISSE FR #D","6182P0117",324,324,5,null,{"$f":"IF(ISNA(VLOOKUP($D:$D,rend,2,FALSE))=FALSE,VLOOKUP($D:$D,rend,2,FALSE),\"\")","v":0.96719324775961724},{"$f":"IF($C331=\"RM\",IF(ISNA(VLOOKUP($F$2:$F$409,pos,2,FALSE))=FALSE,VLOOKUP($F331:$F$409,pos,2,FALSE),IF(ISNA(VLOOKUP($F$2:$F$409,lot,2,FALSE))=FALSE,VLOOKUP($F$2:$F$409,lot,2,FALSE),\"MANQUANT\")),\"\")","v":""},{"$f":"IF($C331=\"RM\",IF(ISNA(VLOOKUP($F$2:$F$409,pos,3,FALSE))=FALSE,VLOOKUP($F331:$F684,pos,3,FALSE),\"OP\"),\"\")","v":""},{"$f":"IF($C331=\"RM\",IF(ISNA(VLOOKUP($F331:$F$402,pos,4,FALSE))=FALSE,VLOOKUP($F$2:$F$402,pos,4,FALSE),\"\"),\"\")","v":""},{"$f":"IF($C331=\"RM\",IF(ISNA(VLOOKUP($F$2:$F$409,pos,5,FALSE))=FALSE,VLOOKUP($F$2:$F$409,pos,5,FALSE),IF(ISNA(VLOOKUP($F$2:$F$409,lot,5,FALSE))=FALSE,VLOOKUP($F$2:$F$409,lot,5,FALSE),0)),\"\")","v":""},{"$f":"IF($H331>0,VLOOKUP($D:$D,prix,15,FALSE),\"\")","v":0.58333333333333337},{"$f":"IF($C331=\"RM\",$O331*$G331,\"\")","v":""},{"$f":"IF($H331>0,$H331*$P331,\"\")","v":189},null,{"$f":"IF($F331>0,VALUE(LEFT($F331,4)),\"\")","v":6182},{"$f":"IF(F331>0,IF(ISERROR(SEARCH(\"*FZ*\",$E331))=FALSE,\"FZ\",IF(ISERROR(SEARCH(\"*FR*\",$E331))=FALSE,\"FR\",\"Aucun\")),\"\")","v":"FR"},{"$f":"IF($C331=\"RM\",IF($U331=\"FR\",IF(ISNA(VLOOKUP($F:$F,lot,6,FALSE))=TRUE,VLOOKUP($T:$T,date,2,FALSE),VLOOKUP($F:$F,lot,6,FALSE)),\"\"),\"\")","v":""},{"$f":"IF($C331=\"RM\",IF($U331=\"Fz\",IF(ISNA(VLOOKUP($F:$F,lot,6,FALSE))=TRUE,VLOOKUP($T:$T,date,2,FALSE),VLOOKUP($F:$F,lot,6,FALSE)),\"\"),\"\")","v":""},{"$f":"IF($C331=\"FG\",VLOOKUP($A:$A,op,4,FALSE),\"\")","v":"2016-04-25"},"2016-04-25"]
["6182P0110 Total",null,null,null,null,null,{"$f":"SUBTOTAL(9,G331:G331)","v":324},{"$f":"SUBTOTAL(9,H331:H331)","v":324},null,{"$f":"$G332-$H332","v":0},{"$f":"$H332/$G332","v":1},null,null,null,{"$f":"$Q332/$H332","v":0},null,{"$f":"SUBTOTAL(9,Q331:Q331)","v":0},{"$f":"SUBTOTAL(9,R331:R331)","v":189},{"$f":"($R332-$Q332)/$Q332","v":{"$error":"#DIV/0!"}},null,null,null,null,null,null,{"$f":"Y331","v":"2016-04-25"}]
["6182P0114","Chicken","RM",1,"ING EAU","5166AS",28.44,null,5,null,{"$f":"IF(ISNA(VLOOKUP($D:$D,rend,2,FALSE))=FALSE,VLOOKUP($D:$D,rend,2,FALSE),\"\")","v":""},{"$f":"IF($C333=\"RM\",IF(ISNA(VLOOKUP($F$2:$F$409,pos,2,FALSE))=FALSE,VLOOKUP($F333:$F$409,pos,2,FALSE),IF(ISNA(VLOOKUP($F$2:$F$409,lot,2,FALSE))=FALSE,VLOOKUP($F$2:$F$409,lot,2,FALSE),\"MANQUANT\")),\"\")","v":"Aucun"},{"$f":"IF($C333=\"RM\",IF(ISNA(VLOOKUP($F$2:$F$409,pos,3,FALSE))=FALSE,VLOOKUP($F333:$F685,pos,3,FALSE),\"OP\"),\"\")","v":"Aucun"},{"$f":"IF($C333=\"RM\",IF(ISNA(VLOOKUP($F333:$F$402,pos,4,FALSE))=FALSE,VLOOKUP($F$2:$F$402,pos,4,FALSE),\"\"),\"\")","v":0},{"$f":"IF($C333=\"RM\",IF(ISNA(VLOOKUP($F$2:$F$409,pos,5,FALSE))=FALSE,VLOOKUP($F$2:$F$409,pos,5,FALSE),IF(ISNA(VLOOKUP($F$2:$F$409,lot,5,FALSE))=FALSE,VLOOKUP($F$2:$F$409,lot,5,FALSE),0)),\"\")","v":0},{"$f":"IF($H333>0,VLOOKUP($D:$D,prix,15,FALSE),\"\")","v":""},{"$f":"IF($C333=\"RM\",$O333*$G333,\"\")","v":0},{"$f":"IF($H333>0,$H333*$P333,\"\")","v":""},null,{"$f":"IF($F333>0,VALUE(LEFT($F333,4)),\"\")","v":5166},{"$f":"IF(F333>0,IF(ISERROR(SEARCH(\"*FZ*\",$E333))=FALSE,\"FZ\",IF(ISERROR(SEARCH(\"*FR*\",$E333))=FALSE,\"FR\",\"Aucun\")),\"\")","v":"Aucun"},{"$f":"IF($C333=\"RM\",IF($U333=\"FR\",IF(ISNA(VLOOKUP($F:$F,lot,6,FALSE))=TRUE,VLOOKUP($T:$T,date,2,FALSE),VLOOKUP($F:$F,lot,6,FALSE)),\"\"),\"\")","v":""},{"$f":"IF($C333=\"RM\",IF($U333=\"Fz\",IF(ISNA(VLOOKUP($F:$F,lot,6,FALSE))=TRUE,VLOOKUP($T:$T,date,2,FALSE),VLOOKUP($F:$F,lot,6,FALSE)),\"\"),\"\")","v":""},{"$f":"IF($C333=\"FG\",VLOOKUP($A:$A,op,4,FALSE),\"\")","v":""},"2016-04-25",{"$f":"IF(C333=\"rm\",IF(U333=\"aucun\",\"OK\",IF(U333=\"fz\",IF(Y333-W333>730,Y333-W333,\"OK\"),IF(Y333-V333<1,1,Y333-V333))),\"\")","v":"OK"}]
["6182P0114","Chicken","RM",2,"ING HUILE CANOLA","6123AS01",0.56000000000000005,null,5,null,"",{"$f":"IF($C334=\"RM\",IF(ISNA(VLOOKUP($F$2:$F$409,pos,2,FALSE))=FALSE,VLOOKUP($F334:$F$409,pos,2,FALSE),IF(ISNA(VLOOKUP($F$2:$F$409,lot,2,FALSE))=FALSE,VLOOKUP($F$2:$F$409,lot,2,FALSE),\"MANQUANT\")),\"\")","v":"PO-0021498"},"ALIMPLUS",{"$f":"IF($C334=\"RM\",IF(ISNA(VLOOKUP($F334:$F$402,pos,4,FALSE))=FALSE,VLOOKUP($F$2:$F$402,pos,4,FALSE),\"\"),\"\")","v":16},1.484375,"",0.83125000000000004,"",null,6123,"Aucun","","","","2016-04-25","OK"]
["6182P0114","Chicken","RM",13,"ING BSA 2B4I014 / MARINADE CHIPOTLE, POIVRE, SAVEUR D'ERABLE / ALLERG: AUCUN","6161AS01",8.48,null,5,null,"",{"$f":"IF($C335=\"RM\",IF(ISNA(VLOOKUP($F$2:$F$409,pos,2,FALSE))=FALSE,VLOOKUP($F335:$F$409,pos,2,FALSE),IF(ISNA(VLOOKUP($F$2:$F$409,lot,2,FALSE))=FALSE,VLOOKUP($F$2:$F$409,lot,2,FALSE),\"MANQUANT\")),\"\")","v":"PO-0021614"},"BSA",{"$f":"IF($C335=\"RM\",IF(ISNA(VLOOKUP($F335:$F$402,pos,4,FALSE))=FALSE,VLOOKUP($F$2:$F$402,pos,4,FALSE),\"\"),\"\")","v":100},6.34,"",53.763200000000005,"",null,6161,"Aucun","","","","2016-04-25","OK"]
["6182P0114","Chicken","RM",37006,"CHICKEN *IN PROCESS* 4 OZ FR @P","6176P0117",28,null,5,null,0.84379099121122703,{"$f":"IF($C336=\"RM\",IF(ISNA(VLOOKUP($F$2:$F$409,pos,2,FALSE))=FALSE,VLOOKUP($F336:$F$409,pos,2,FALSE),IF(ISNA(VLOOKUP($F$2:$F$409,lot,2,FALSE))=FALSE,VLOOKUP($F$2:$F$409,lot,2,FALSE),\"MANQUANT\")),\"\")","v":"6176P011"},"OP",{"$f":"IF($C336=\"RM\",IF(ISNA(VLOOKUP($F336:$F$402,pos,4,FALSE))=FALSE,VLOOKUP($F$2:$F$402,pos,4,FALSE),\"\"),\"\")","v":""},3.1179770526902053,"",87.303357475325754,"",null,6176,"FR","2016-04-22","","","2016-04-25",3]
["6182P0114","Chicken","RM",37006,"CHICKEN *IN PROCESS* 4 OZ FR @P","6182P0114",160,null,5,null,0.84379099121122703,{"$f":"IF($C337=\"RM\",IF(ISNA(VLOOKUP($F$2:$F$409,pos,2,FALSE))=FALSE,VLOOKUP($F337:$F$409,pos,2,FALSE),IF(ISNA(VLOOKUP($F$2:$F$409,lot,2,FALSE))=FALSE,VLOOKUP($F$2:$F$409,lot,2,FALSE),\"MANQUANT\")),\"\")","v":"6182P01"},"OP",{"$f":"IF($C337=\"RM\",IF(ISNA(VLOOKUP($F337:$F$402,pos,4,FALSE))=FALSE,VLOOKUP($F$2:$F$402,pos,4,FALSE),\"\"),\"\")","v":""},6.6903212783994936,"",1070.4514045439189,"",null,6182,"FR","2016-04-25","","","2016-04-25",1]
["6182P0114","Chicken","FG",37005,"POULET ASSAISONNE *IN PROCESS* CODE 27051 FR @P","6182P0116","",223,5,null,0.96964794520876518,{"$f":"IF($C338=\"RM\",IF(ISNA(VLOOKUP($F$2:$F$409,pos,2,FALSE))=FALSE,VLOOKUP($F338:$F$409,pos,2,FALSE),IF(ISNA(VLOOKUP($F$2:$F$409,lot,2,FALSE))=FALSE,VLOOKUP($F$2:$F$409,lot,2,FALSE),\"MANQUANT\")),\"\")","v":""},"",{"$f":"IF($C338=\"RM\",IF(ISNA(VLOOKUP($F338:$F$402,pos,4,FALSE))=FALSE,VLOOKUP($F$2:$F$402,pos,4,FALSE),\"\"),\"\")","v":""},"",10.72,"",2390.56,null,6182,"FR","","","2016-04-22","2016-04-25"]
["6182P0114 Total",null,null,null,null,null,{"$f":"SUBTOTAL(9,G333:G338)","v":225.48000000000002},{"$f":"SUBTOTAL(9,H333:H338)","v":223},null,{"$f":"$G339-$H339","v":2.4800000000000182},{"$f":"$H339/$G339","v":0.98900124179528115},null,null,null,{"$f":"$Q339/$H339","v":5.4365435516558049},null,{"$f":"SUBTOTAL(9,Q333:Q338)","v":1212.3492120192445},{"$f":"SUBTOTAL(9,R333:R338)","v":2390.56},{"$f":"($R339-$Q339)/$Q339","v":0.97184109685555908},null,null,null,null,null,null,{"$f":"V336","v":"2016-04-22"}]
["6184P0110","Chicken","RM",1,"ING EAU","5166AS",1.87,null,5,null,{"$f":"IF(ISNA(VLOOKUP($D:$D,rend,2,FALSE))=FALSE,VLOOKUP($D:$D,rend,2,FALSE),\"\")","v":""},{"$f":"IF($C340=\"RM\",IF(ISNA(VLOOKUP($F$2:$F$409,pos,2,FALSE))=FALSE,VLOOKUP($F340:$F$409,pos,2,FALSE),IF(ISNA(VLOOKUP($F$2:$F$409,lot,2,FALSE))=FALSE,VLOOKUP($F$2:$F$409,lot,2,FALSE),\"MANQUANT\")),\"\")","v":"Aucun"},{"$f":"IF($C340=\"RM\",IF(ISNA(VLOOKUP($F$2:$F$409,pos,3,FALSE))=FALSE,VLOOKUP($F340:$F691,pos,3,FALSE),\"OP\"),\"\")","v":"Aucun"},{"$f":"IF($C340=\"RM\",IF(ISNA(VLOOKUP($F340:$F$402,pos,4,FALSE))=FALSE,VLOOKUP($F$2:$F$402,pos,4,FALSE),\"\"),\"\")","v":0},{"$f":"IF($C340=\"RM\",IF(ISNA(VLOOKUP($F$2:$F$409,pos,5,FALSE))=FALSE,VLOOKUP($F$2:$F$409,pos,5,FALSE),IF(ISNA(VLOOKUP($F$2:$F$409,lot,5,FALSE))=FALSE,VLOOKUP($F$2:$F$409,lot,5,FALSE),0)),\"\")","v":0},{"$f":"IF($H340>0,VLOOKUP($D:$D,prix,15,FALSE),\"\")","v":""},{"$f":"IF($C340=\"RM\",$O340*$G340,\"\")","v":0},{"$f":"IF($H340>0,$H340*$P340,\"\")","v":""},null,{"$f":"IF($F340>0,VALUE(LEFT($F340,4)),\"\")","v":5166},{"$f":"IF(F340>0,IF(ISERROR(SEARCH(\"*FZ*\",$E340))=FALSE,\"FZ\",IF(ISERROR(SEARCH(\"*FR*\",$E340))=FALSE,\"FR\",\"Aucun\")),\"\")","v":"Aucun"},{"$f":"IF($C340=\"RM\",IF($U340=\"FR\",IF(ISNA(VLOOKUP($F:$F,lot,6,FALSE))=TRUE,VLOOKUP($T:$T,date,2,FALSE),VLOOKUP($F:$F,lot,6,FALSE)),\"\"),\"\")","v":""},{"$f":"IF($C340=\"RM\",IF($U340=\"Fz\",IF(ISNA(VLOOKUP($F:$F,lot,6,FALSE))=TRUE,VLOOKUP($T:$T,date,2,FALSE),VLOOKUP($F:$F,lot,6,FALSE)),\"\"),\"\")","v":""},{"$f":"IF($C340=\"FG\",VLOOKUP($A:$A,op,4,FALSE),\"\")","v":""},"2016-04-25",{"$f":"IF(C340=\"rm\",IF(U340=\"aucun\",\"OK\",IF(U340=\"fz\",IF(Y340-W340>730,Y340-W340,\"OK\"),IF(Y340-V340<1,1,Y340-V340))),\"\")","v":"OK"}]
["6184P0110","Chicken","RM",19,"ING MONTOUR 7139 / MARINADE STYLE COTES-LEVEES / ALLERG: AUCUN","6163AS01",1.47,null,5,null,{"$f":"IF(ISNA(VLOOKUP($D:$D,rend,2,FALSE))=FALSE,VLOOKUP($D:$D,rend,2,FALSE),\"\")","v":""},{"$f":"IF($C341=\"RM\",IF(ISNA(VLOOKUP($F$2:$F$409,pos,2,FALSE))=FALSE,VLOOKUP($F341:$F$409,pos,2,FALSE),IF(ISNA(VLOOKUP($F$2:$F$409,lot,2,FALSE))=FALSE,VLOOKUP($F$2:$F$409,lot,2,FALSE),\"MANQUANT\")),\"\")","v":"PO-0021711"},{"$f":"IF($C341=\"RM\",IF(ISNA(VLOOKUP($F$2:$F$409,pos,3,FALSE))=FALSE,VLOOKUP($F341:$F692,pos,3,FALSE),\"OP\"),\"\")","v":"MONTO"},{"$f":"IF($C341=\"RM\",IF(ISNA(VLOOKUP($F341:$F$402,pos,4,FALSE))=FALSE,VLOOKUP($F$2:$F$402,pos,4,FALSE),\"\"),\"\")","v":300},{"$f":"IF($C341=\"RM\",IF(ISNA(VLOOKUP($F$2:$F$409,pos,5,FALSE))=FALSE,VLOOKUP($F$2:$F$409,pos,5,FALSE),IF(ISNA(VLOOKUP($F$2:$F$409,lot,5,FALSE))=FALSE,VLOOKUP($F$2:$F$409,lot,5,FALSE),0)),\"\")","v":7.94},{"$f":"IF($H341>0,VLOOKUP($D:$D,prix,15,FALSE),\"\")","v":""},{"$f":"IF($C341=\"RM\",$O341*$G341,\"\")","v":11.671800000000001},"",null,{"$f":"IF($F341>0,VALUE(LEFT($F341,4)),\"\")","v":6163},{"$f":"IF(F341>0,IF(ISERROR(SEARCH(\"*FZ*\",$E341))=FALSE,\"FZ\",IF(ISERROR(SEARCH(\"*FR*\",$E341))=FALSE,\"FR\",\"Aucun\")),\"\")","v":"Aucun"},{"$f":"IF($C341=\"RM\",IF($U341=\"FR\",IF(ISNA(VLOOKUP($F:$F,lot,6,FALSE))=TRUE,VLOOKUP($T:$T,date,2,FALSE),VLOOKUP($F:$F,lot,6,FALSE)),\"\"),\"\")","v":""},{"$f":"IF($C341=\"RM\",IF($U341=\"Fz\",IF(ISNA(VLOOKUP($F:$F,lot,6,FALSE))=TRUE,VLOOKUP($T:$T,date,2,FALSE),VLOOKUP($F:$F,lot,6,FALSE)),\"\"),\"\")","v":""},{"$f":"IF($C341=\"FG\",VLOOKUP($A:$A,op,4,FALSE),\"\")","v":""},"2016-04-25","OK"]
["6184P0110","Chicken","RM",35827,"CHICKEN THIGHS BONELESS FULL TRIM FR @P","6184P0110",17,null,5,null,{"$f":"IF(ISNA(VLOOKUP($D:$D,rend,2,FALSE))=FALSE,VLOOKUP($D:$D,rend,2,FALSE),\"\")","v":0.60682427966560448},{"$f":"IF($C342=\"RM\",IF(ISNA(VLOOKUP($F$2:$F$409,pos,2,FALSE))=FALSE,VLOOKUP($F342:$F$409,pos,2,FALSE),IF(ISNA(VLOOKUP($F$2:$F$409,lot,2,FALSE))=FALSE,VLOOKUP($F$2:$F$409,lot,2,FALSE),\"MANQUANT\")),\"\")","v":"6184P01C"},{"$f":"IF($C342=\"RM\",IF(ISNA(VLOOKUP($F$2:$F$409,pos,3,FALSE))=FALSE,VLOOKUP($F342:$F693,pos,3,FALSE),\"OP\"),\"\")","v":"OP"},{"$f":"IF($C342=\"RM\",IF(ISNA(VLOOKUP($F342:$F$402,pos,4,FALSE))=FALSE,VLOOKUP($F$2:$F$402,pos,4,FALSE),\"\"),\"\")","v":""},{"$f":"IF($C342=\"RM\",IF(ISNA(VLOOKUP($F$2:$F$409,pos,5,FALSE))=FALSE,VLOOKUP($F$2:$F$409,pos,5,FALSE),IF(ISNA(VLOOKUP($F$2:$F$409,lot,5,FALSE))=FALSE,VLOOKUP($F$2:$F$409,lot,5,FALSE),0)),\"\")","v":5.0202832461260938},{"$f":"IF($H342>0,VLOOKUP($D:$D,prix,15,FALSE),\"\")","v":""},{"$f":"IF($C342=\"RM\",$O342*$G342,\"\")","v":85.344815184143599},"",null,{"$f":"IF($F342>0,VALUE(LEFT($F342,4)),\"\")","v":6184},{"$f":"IF(F342>0,IF(ISERROR(SEARCH(\"*FZ*\",$E342))=FALSE,\"FZ\",IF(ISERROR(SEARCH(\"*FR*\",$E342))=FALSE,\"FR\",\"Aucun\")),\"\")","v":"FR"},{"$f":"IF($C342=\"RM\",IF($U342=\"FR\",IF(ISNA(VLOOKUP($F:$F,lot,6,FALSE))=TRUE,VLOOKUP($T:$T,date,2,FALSE),VLOOKUP($F:$F,lot,6,FALSE)),\"\"),\"\")","v":"2016-04-20"},{"$f":"IF($C342=\"RM\",IF($U342=\"Fz\",IF(ISNA(VLOOKUP($F:$F,lot,6,FALSE))=TRUE,VLOOKUP($T:$T,date,2,FALSE),VLOOKUP($F:$F,lot,6,FALSE)),\"\"),\"\")","v":""},{"$f":"IF($C342=\"FG\",VLOOKUP($A:$A,op,4,FALSE),\"\")","v":""},"2016-04-25",5]
["6184P0110","Chicken","FG",26012,"HAUT DE CUISSE POULET DES. PAREE ASS. BBQ *LOBLAW* (8 X 12/TRAY 8D black) FR @P","6184P0112","",20,5,null,{"$f":"IF(ISNA(VLOOKUP($D:$D,rend,2,FALSE))=FALSE,VLOOKUP($D:$D,rend,2,FALSE),\"\")","v":0.92782827974587911},{"$f":"IF($C343=\"RM\",IF(ISNA(VLOOKUP($F$2:$F$409,pos,2,FALSE))=FALSE,VLOOKUP($F343:$F$409,pos,2,FALSE),IF(ISNA(VLOOKUP($F$2:$F$409,lot,2,FALSE))=FALSE,VLOOKUP($F$2:$F$409,lot,2,FALSE),\"MANQUANT\")),\"\")","v":""},{"$f":"IF($C343=\"RM\",IF(ISNA(VLOOKUP($F$2:$F$409,pos,3,FALSE))=FALSE,VLOOKUP($F343:$F694,pos,3,FALSE),\"OP\"),\"\")","v":""},{"$f":"IF($C343=\"RM\",IF(ISNA(VLOOKUP($F343:$F$402,pos,4,FALSE))=FALSE,VLOOKUP($F$2:$F$402,pos,4,FALSE),\"\"),\"\")","v":""},{"$f":"IF($C343=\"RM\",IF(ISNA(VLOOKUP($F$2:$F$409,pos,5,FALSE))=FALSE,VLOOKUP($F$2:$F$409,pos,5,FALSE),IF(ISNA(VLOOKUP($F$2:$F$409,lot,5,FALSE))=FALSE,VLOOKUP($F$2:$F$409,lot,5,FALSE),0)),\"\")","v":""},{"$f":"IF($H343>0,VLOOKUP($D:$D,prix,15,FALSE),\"\")","v":8.9499999999999993},{"$f":"IF($C343=\"RM\",$O343*$G343,\"\")","v":""},179,null,{"$f":"IF($F343>0,VALUE(LEFT($F343,4)),\"\")","v":6184},{"$f":"IF(F343>0,IF(ISERROR(SEARCH(\"*FZ*\",$E343))=FALSE,\"FZ\",IF(ISERROR(SEARCH(\"*FR*\",$E343))=FALSE,\"FR\",\"Aucun\")),\"\")","v":"FR"},{"$f":"IF($C343=\"RM\",IF($U343=\"FR\",IF(ISNA(VLOOKUP($F:$F,lot,6,FALSE))=TRUE,VLOOKUP($T:$T,date,2,FALSE),VLOOKUP($F:$F,lot,6,FALSE)),\"\"),\"\")","v":""},{"$f":"IF($C343=\"RM\",IF($U343=\"Fz\",IF(ISNA(VLOOKUP($F:$F,lot,6,FALSE))=TRUE,VLOOKUP($T:$T,date,2,FALSE),VLOOKUP($F:$F,lot,6,FALSE)),\"\"),\"\")","v":""},{"$f":"IF($C343=\"FG\",VLOOKUP($A:$A,op,4,FALSE),\"\")","v":"2016-04-20"},"2016-04-25"]
["6184P0110 Total",null,null,null,null,null,{"$f":"SUBTOTAL(9,G340:G343)","v":20.34},{"$f":"SUBTOTAL(9,H340:H343)","v":20},null,{"$f":"$G344-$H344","v":0.33999999999999986},{"$f":"$H344/$G344","v":0.98328416912487715},null,null,null,{"$f":"$Q344/$H344","v":4.85083075920718},null,{"$f":"SUBTOTAL(9,Q340:Q343)","v":97.016615184143603},{"$f":"SUBTOTAL(9,R340:R343)","v":179},{"$f":"($R344-$Q344)/$Q344","v":0.84504478599100585},null,null,null,null,null,null,{"$f":"V342","v":"2016-04-20"}]
["6184P01C","Chicken","RM",35008,"CHICKEN THIGHS WHOLE FR #D","6174P07",641.14,null,4,null,{"$f":"IF(ISNA(VLOOKUP($D:$D,rend,2,FALSE))=FALSE,VLOOKUP($D:$D,rend,2,FALSE),\"\")","v":0.64157183005905072},{"$f":"IF($C345=\"RM\",IF(ISNA(VLOOKUP($F$2:$F$409,pos,2,FALSE))=FALSE,VLOOKUP($F345:$F$409,pos,2,FALSE),IF(ISNA(VLOOKUP($F$2:$F$409,lot,2,FALSE))=FALSE,VLOOKUP($F$2:$F$409,lot,2,FALSE),\"MANQUANT\")),\"\")","v":"PO-0021786"},{"$f":"IF($C345=\"RM\",IF(ISNA(VLOOKUP($F$2:$F$409,pos,3,FALSE))=FALSE,VLOOKUP($F345:$F695,pos,3,FALSE),\"OP\"),\"\")","v":"EXCE"},{"$f":"IF($C345=\"RM\",IF(ISNA(VLOOKUP($F345:$F$402,pos,4,FALSE))=FALSE,VLOOKUP($F$2:$F$402,pos,4,FALSE),\"\"),\"\")","v":641.14},{"$f":"IF($C345=\"RM\",IF(ISNA(VLOOKUP($F$2:$F$409,pos,5,FALSE))=FALSE,VLOOKUP($F$2:$F$409,pos,5,FALSE),IF(ISNA(VLOOKUP($F$2:$F$409,lot,5,FALSE))=FALSE,VLOOKUP($F$2:$F$409,lot,5,FALSE),0)),\"\")","v":3.45},{"$f":"IF($H345>0,VLOOKUP($D:$D,prix,15,FALSE),\"\")","v":""},{"$f":"IF($C345=\"RM\",$O345*$G345,\"\")","v":2211.933},{"$f":"IF($H345>0,$H345*$P345,\"\")","v":""},null,{"$f":"IF($F345>0,VALUE(LEFT($F345,4)),\"\")","v":6174},{"$f":"IF(F345>0,IF(ISERROR(SEARCH(\"*FZ*\",$E345))=FALSE,\"FZ\",IF(ISERROR(SEARCH(\"*FR*\",$E345))=FALSE,\"FR\",\"Aucun\")),\"\")","v":"FR"},{"$f":"IF($C345=\"RM\",IF($U345=\"FR\",IF(ISNA(VLOOKUP($F:$F,lot,6,FALSE))=TRUE,VLOOKUP($T:$T,date,2,FALSE),VLOOKUP($F:$F,lot,6,FALSE)),\"\"),\"\")","v":"2016-04-20"},{"$f":"IF($C345=\"RM\",IF($U345=\"Fz\",IF(ISNA(VLOOKUP($F:$F,lot,6,FALSE))=TRUE,VLOOKUP($T:$T,date,2,FALSE),VLOOKUP($F:$F,lot,6,FALSE)),\"\"),\"\")","v":""},{"$f":"IF($C345=\"FG\",VLOOKUP($A:$A,op,4,FALSE),\"\")","v":""},"2016-04-25",{"$f":"IF(C345=\"rm\",IF(U345=\"aucun\",\"OK\",IF(U345=\"fz\",IF(Y345-W345>730,Y345-W345,\"OK\"),IF(Y345-V345<1,1,Y345-V345))),\"\")","v":5}]
["6184P01C","Chicken","RM",35008,"CHICKEN THIGHS WHOLE FR #D","6184P01",657.6,null,4,null,{"$f":"IF(ISNA(VLOOKUP($D:$D,rend,2,FALSE))=FALSE,VLOOKUP($D:$D,rend,2,FALSE),\"\")","v":0.64157183005905072},{"$f":"IF($C346=\"RM\",IF(ISNA(VLOOKUP($F$2:$F$409,pos,2,FALSE))=FALSE,VLOOKUP($F346:$F$409,pos,2,FALSE),IF(ISNA(VLOOKUP($F$2:$F$409,lot,2,FALSE))=FALSE,VLOOKUP($F$2:$F$409,lot,2,FALSE),\"MANQUANT\")),\"\")","v":"PO-0021768"},{"$f":"IF($C346=\"RM\",IF(ISNA(VLOOKUP($F$2:$F$409,pos,3,FALSE))=FALSE,VLOOKUP($F346:$F696,pos,3,FALSE),\"OP\"),\"\")","v":"EXCE"},{"$f":"IF($C346=\"RM\",IF(ISNA(VLOOKUP($F346:$F$402,pos,4,FALSE))=FALSE,VLOOKUP($F$2:$F$402,pos,4,FALSE),\"\"),\"\")","v":1927.42},{"$f":"IF($C346=\"RM\",IF(ISNA(VLOOKUP($F$2:$F$409,pos,5,FALSE))=FALSE,VLOOKUP($F$2:$F$409,pos,5,FALSE),IF(ISNA(VLOOKUP($F$2:$F$409,lot,5,FALSE))=FALSE,VLOOKUP($F$2:$F$409,lot,5,FALSE),0)),\"\")","v":3.45},{"$f":"IF($H346>0,VLOOKUP($D:$D,prix,15,FALSE),\"\")","v":""},{"$f":"IF($C346=\"RM\",$O346*$G346,\"\")","v":2268.7200000000003},"",null,{"$f":"IF($F346>0,VALUE(LEFT($F346,4)),\"\")","v":6184},{"$f":"IF(F346>0,IF(ISERROR(SEARCH(\"*FZ*\",$E346))=FALSE,\"FZ\",IF(ISERROR(SEARCH(\"*FR*\",$E346))=FALSE,\"FR\",\"Aucun\")),\"\")","v":"FR"},{"$f":"IF($C346=\"RM\",IF($U346=\"FR\",IF(ISNA(VLOOKUP($F:$F,lot,6,FALSE))=TRUE,VLOOKUP($T:$T,date,2,FALSE),VLOOKUP($F:$F,lot,6,FALSE)),\"\"),\"\")","v":"2016-04-27"},{"$f":"IF($C346=\"RM\",IF($U346=\"Fz\",IF(ISNA(VLOOKUP($F:$F,lot,6,FALSE))=TRUE,VLOOKUP($T:$T,date,2,FALSE),VLOOKUP($F:$F,lot,6,FALSE)),\"\"),\"\")","v":""},{"$f":"IF($C346=\"FG\",VLOOKUP($A:$A,op,4,FALSE),\"\")","v":""},"2016-04-25",1]
["6184P01C","Chicken","FG",35827,"CHICKEN THIGHS BONELESS FULL TRIM FR @P","6184P0110","",22,4,null,{"$f":"IF(ISNA(VLOOKUP($D:$D,rend,2,FALSE))=FALSE,VLOOKUP($D:$D,rend,2,FALSE),\"\")","v":0.60682427966560448},{"$f":"IF($C347=\"RM\",IF(ISNA(VLOOKUP($F$2:$F$409,pos,2,FALSE))=FALSE,VLOOKUP($F347:$F$409,pos,2,FALSE),IF(ISNA(VLOOKUP($F$2:$F$409,lot,2,FALSE))=FALSE,VLOOKUP($F$2:$F$409,lot,2,FALSE),\"MANQUANT\")),\"\")","v":""},{"$f":"IF($C347=\"RM\",IF(ISNA(VLOOKUP($F$2:$F$409,pos,3,FALSE))=FALSE,VLOOKUP($F347:$F697,pos,3,FALSE),\"OP\"),\"\")","v":""},{"$f":"IF($C347=\"RM\",IF(ISNA(VLOOKUP($F347:$F$402,pos,4,FALSE))=FALSE,VLOOKUP($F$2:$F$402,pos,4,FALSE),\"\"),\"\")","v":""},{"$f":"IF($C347=\"RM\",IF(ISNA(VLOOKUP($F$2:$F$409,pos,5,FALSE))=FALSE,VLOOKUP($F$2:$F$409,pos,5,FALSE),IF(ISNA(VLOOKUP($F$2:$F$409,lot,5,FALSE))=FALSE,VLOOKUP($F$2:$F$409,lot,5,FALSE),0)),\"\")","v":""},{"$f":"IF($H347>0,VLOOKUP($D:$D,prix,15,FALSE),\"\")","v":8.15},{"$f":"IF($C347=\"RM\",$O347*$G347,\"\")","v":""},179.3,null,{"$f":"IF($F347>0,VALUE(LEFT($F347,4)),\"\")","v":6184},{"$f":"IF(F347>0,IF(ISERROR(SEARCH(\"*FZ*\",$E347))=FALSE,\"FZ\",IF(ISERROR(SEARCH(\"*FR*\",$E347))=FALSE,\"FR\",\"Aucun\")),\"\")","v":"FR"},{"$f":"IF($C347=\"RM\",IF($U347=\"FR\",IF(ISNA(VLOOKUP($F:$F,lot,6,FALSE))=TRUE,VLOOKUP($T:$T,date,2,FALSE),VLOOKUP($F:$F,lot,6,FALSE)),\"\"),\"\")","v":""},{"$f":"IF($C347=\"RM\",IF($U347=\"Fz\",IF(ISNA(VLOOKUP($F:$F,lot,6,FALSE))=TRUE,VLOOKUP($T:$T,date,2,FALSE),VLOOKUP($F:$F,lot,6,FALSE)),\"\"),\"\")","v":""},{"$f":"IF($C347=\"FG\",VLOOKUP($A:$A,op,4,FALSE),\"\")","v":"2016-04-20"},"2016-04-25"]
["6184P01C","Chicken","FG",35824,"CHICKEN THIGHS BONELESS FR @P","6184P0111","",870.51,4,null,{"$f":"IF(ISNA(VLOOKUP($D:$D,rend,2,FALSE))=FALSE,VLOOKUP($D:$D,rend,2,FALSE),\"\")","v":0.68052333911271923},{"$f":"IF($C348=\"RM\",IF(ISNA(VLOOKUP($F$2:$F$409,pos,2,FALSE))=FALSE,VLOOKUP($F348:$F$409,pos,2,FALSE),IF(ISNA(VLOOKUP($F$2:$F$409,lot,2,FALSE))=FALSE,VLOOKUP($F$2:$F$409,lot,2,FALSE),\"MANQUANT\")),\"\")","v":""},{"$f":"IF($C348=\"RM\",IF(ISNA(VLOOKUP($F$2:$F$409,pos,3,FALSE))=FALSE,VLOOKUP($F348:$F698,pos,3,FALSE),\"OP\"),\"\")","v":""},{"$f":"IF($C348=\"RM\",IF(ISNA(VLOOKUP($F348:$F$402,pos,4,FALSE))=FALSE,VLOOKUP($F$2:$F$402,pos,4,FALSE),\"\"),\"\")","v":""},{"$f":"IF($C348=\"RM\",IF(ISNA(VLOOKUP($F$2:$F$409,pos,5,FALSE))=FALSE,VLOOKUP($F$2:$F$409,pos,5,FALSE),IF(ISNA(VLOOKUP($F$2:$F$409,lot,5,FALSE))=FALSE,VLOOKUP($F$2:$F$409,lot,5,FALSE),0)),\"\")","v":""},{"$f":"IF($H348>0,VLOOKUP($D:$D,prix,15,FALSE),\"\")","v":6.75},{"$f":"IF($C348=\"RM\",$O348*$G348,\"\")","v":""},5875.9425000000001,null,{"$f":"IF($F348>0,VALUE(LEFT($F348,4)),\"\")","v":6184},{"$f":"IF(F348>0,IF(ISERROR(SEARCH(\"*FZ*\",$E348))=FALSE,\"FZ\",IF(ISERROR(SEARCH(\"*FR*\",$E348))=FALSE,\"FR\",\"Aucun\")),\"\")","v":"FR"},{"$f":"IF($C348=\"RM\",IF($U348=\"FR\",IF(ISNA(VLOOKUP($F:$F,lot,6,FALSE))=TRUE,VLOOKUP($T:$T,date,2,FALSE),VLOOKUP($F:$F,lot,6,FALSE)),\"\"),\"\")","v":""},{"$f":"IF($C348=\"RM\",IF($U348=\"Fz\",IF(ISNA(VLOOKUP($F:$F,lot,6,FALSE))=TRUE,VLOOKUP($T:$T,date,2,FALSE),VLOOKUP($F:$F,lot,6,FALSE)),\"\"),\"\")","v":""},{"$f":"IF($C348=\"FG\",VLOOKUP($A:$A,op,4,FALSE),\"\")","v":"2016-04-20"},"2016-04-25"]
["6184P01C Total",null,null,null,null,null,{"$f":"SUBTOTAL(9,G345:G348)","v":1298.74},{"$f":"SUBTOTAL(9,H345:H348)","v":892.51},null,{"$f":"$G349-$H349","v":406.23},{"$f":"$H349/$G349","v":0.68721222107581192},null,null,null,{"$f":"$Q349/$H349","v":5.0202832461260938},null,{"$f":"SUBTOTAL(9,Q345:Q348)","v":4480.6530000000002},{"$f":"SUBTOTAL(9,R345:R348)","v":6055.2425000000003},{"$f":"($R349-$Q349)/$Q349","v":0.35141964798434511},null,null,null,null,null,null,{"$f":"V345","v":"2016-04-20"}]
["Grand Total",null,null,null,null,null,{"$f":"SUBTOTAL(9,G2:G349)","v":43408.243000000017},{"$f":"SUBTOTAL(9,H2:H349)","v":42244.670000000006},null,{"$f":"$G350-$H350","v":1163.5730000000112},{"$f":"$H350/$G350","v":0.97319465337493594},null,null,null,{"$f":"$Q350/$H350","v":2.1211141609422928},null,{"$f":"SUBTOTAL(9,Q2:Q349)","v":89605.767761334064},{"$f":"SUBTOTAL(9,R2:R349)","v":329213.38590000005},{"$f":"($R350-$Q350)/$Q350","v":2.6740200338092461}]
[null,null,null,null,null,null,""]

{"sheet":"pos","index":4,"n_rows":14119,"n_cols":5,"rows_kept":14119,"cut":false,"hidden":false,"merged":[]}
[{"$f":"[1]Pos!A1","v":"Batch #"},{"$f":"[1]Pos!B1","v":"Po No"},{"$f":"[1]Pos!C1","v":"Cie"},{"$f":"[1]Pos!D1","v":"Received"},{"$f":"[1]Pos!E1","v":"Unit Price"}]
[{"$f":"[1]Pos!A2","v":51540},{"$f":"[1]Pos!B2","v":"PO-0019258"},{"$f":"[1]Pos!C2","v":"UNIP"},{"$f":"[1]Pos!D2","v":2880},{"$f":"[1]Pos!E2","v":0.46978999999999999}]
[{"$f":"[1]Pos!A3","v":110762},{"$f":"[1]Pos!B3","v":"PO-0001622"},{"$f":"[1]Pos!C3","v":"OLYM"},{"$f":"[1]Pos!D3","v":276.95},{"$f":"[1]Pos!E3","v":3.86}]
[{"$f":"[1]Pos!A4","v":130742},{"$f":"[1]Pos!B4","v":"PO-0012944"},{"$f":"[1]Pos!C4","v":"ARCT"},{"$f":"[1]Pos!D4","v":589.66999999999996},{"$f":"[1]Pos!E4","v":4.3}]
[{"$f":"[1]Pos!A5","v":182588},{"$f":"[1]Pos!B5","v":"PO-0011578"},{"$f":"[1]Pos!C5","v":"DECA"},{"$f":"[1]Pos!D5","v":94.11},{"$f":"[1]Pos!E5","v":5.39}]
[{"$f":"[1]Pos!A6","v":189695},{"$f":"[1]Pos!B6","v":"PO-0012940"},{"$f":"[1]Pos!C6","v":"NUTR"},{"$f":"[1]Pos!D6","v":240},{"$f":"[1]Pos!E6","v":24.3}]
[{"$f":"[1]Pos!A7","v":193897},{"$f":"[1]Pos!B7","v":"PO-0012916"},{"$f":"[1]Pos!C7","v":"MIRO"},{"$f":"[1]Pos!D7","v":45},{"$f":"[1]Pos!E7","v":3.27}]
[{"$f":"[1]Pos!A8","v":194872},{"$f":"[1]Pos!B8","v":"PO-0012916"},{"$f":"[1]Pos!C8","v":"MIRO"},{"$f":"[1]Pos!D8","v":45},{"$f":"[1]Pos!E8","v":10.95}]
[{"$f":"[1]Pos!A9","v":195428},{"$f":"[1]Pos!B9","v":"PO-0016280"},{"$f":"[1]Pos!C9","v":"OLYM"},{"$f":"[1]Pos!D9","v":300},{"$f":"[1]Pos!E9","v":2.59}]
[{"$f":"[1]Pos!A10","v":195544},{"$f":"[1]Pos!B10","v":"PO-0012913"},{"$f":"[1]Pos!C10","v":"MLF"},{"$f":"[1]Pos!D10","v":60},{"$f":"[1]Pos!E10","v":3.6}]
[{"$f":"[1]Pos!A11","v":195732},{"$f":"[1]Pos!B11","v":"PO-0016445"},{"$f":"[1]Pos!C11","v":"OLYM"},{"$f":"[1]Pos!D11","v":1217.22},{"$f":"[1]Pos!E11","v":3.57}]
[{"$f":"[1]Pos!A12","v":195733},{"$f":"[1]Pos!B12","v":"PO-0016471"},{"$f":"[1]Pos!C12","v":"NUTR"},{"$f":"[1]Pos!D12","v":144},{"$f":"[1]Pos!E12","v":33}]
[{"$f":"[1]Pos!A13","v":"6156P09"},{"$f":"[1]Pos!B13","v":"PO-0021678"},{"$f":"[1]Pos!C13","v":99},{"$f":"[1]Pos!D13","v":18598},{"$f":"[1]Pos!E13","v":3.47}]
["6182B01","PO-0021799","WHIT",70.48,8.9]
["6173B04","PO-0021799","WHIT",156.38,14.9]
["6177P01","PO-0021802","EXCE",2568.5700000000002,4.75]
["6176P08","PO-0021802","EXCE",146.96,3.45]
["6182P03","PO-0021802","EXCE",128.56,3]
["6182P04","PO-0021802","EXCE",110.72,2]
["6182P05","PO-0021802","EXCE",36.44,6.5]
["6175B07","PO-0021815","RYDI",800,3.79]
["6175B05","PO-0021815","RYDI",742.5,7.28]
["6175B06","PO-0021815","RYDI",1600,6.48]
["6177B01","PO-0021818","DECA",1474,2.99]
["6182B02","PO-0021820","DECA",26.58,3.49]
["6183EM03","PO-0021821","MULT",600,3.24]
["6183EM02","PO-0021822","MITC",720,0.75600000000000001]
["6183EM01","PO-0021822","MITC",720,0.745]
["6182P06","PO-0021823","DESAUTELS",30.78,4.9899990000000001]
["6183P01","PO-0021826",99,2500,0.01]
["6183P02","PO-0021826",99,80,0.01]
["6183P03","PO-0021826",99,835,0.01]
[{"$f":"[1]Pos!A14","v":"6162EM01"},{"$f":"[1]Pos!B14","v":"PO-0021689"},{"$f":"[1]Pos!C14","v":"BEL"},{"$f":"[1]Pos!D14","v":1000},{"$f":"[1]Pos!E14","v":0.79500000000000004}]
[{"$f":"[1]Pos!A15","v":"6162EM02"},{"$f":"[1]Pos!B15","v":"PO-0021689"},{"$f":"[1]Pos!C15","v":"BEL"},{"$f":"[1]Pos!D15","v":1200},{"$f":"[1]Pos!E15","v":0.497}]
[{"$f":"[1]Pos!A16","v":"6162EM03"},{"$f":"[1]Pos!B16","v":"PO-0021689"},{"$f":"[1]Pos!C16","v":"BEL"},{"$f":"[1]Pos!D16","v":1200},{"$f":"[1]Pos!E16","v":0.72}]
[{"$f":"[1]Pos!A17","v":"6162EM04"},{"$f":"[1]Pos!B17","v":"PO-0021689"},{"$f":"[1]Pos!C17","v":"BEL"},{"$f":"[1]Pos!D17","v":500},{"$f":"[1]Pos!E17","v":0.73499999999999999}]
[{"$f":"[1]Pos!A18","v":"6162EM05"},{"$f":"[1]Pos!B18","v":"PO-0021689"},{"$f":"[1]Pos!C18","v":"BEL"},{"$f":"[1]Pos!D18","v":1200},{"$f":"[1]Pos!E18","v":0.55200000000000005}]
[{"$f":"[1]Pos!A19","v":"6153B05"},{"$f":"[1]Pos!B19","v":"PO-0021691"},{"$f":"[1]Pos!C19","v":"DECA"},{"$f":"[1]Pos!D19","v":1170.2612979999999},{"$f":"[1]Pos!E19","v":3.12}]
[{"$f":"[1]Pos!A20","v":"6155P06"},{"$f":"[1]Pos!B20","v":"PO-0021692"},{"$f":"[1]Pos!C20","v":"DESC"},{"$f":"[1]Pos!D20","v":5443.2},{"$f":"[1]Pos!E20","v":6.5}]
[{"$f":"[1]Pos!A21","v":"6155P05"},{"$f":"[1]Pos!B21","v":"PO-0021693"},{"$f":"[1]Pos!C21","v":"MOND"},{"$f":"[1]Pos!D21","v":5443.2},{"$f":"[1]Pos!E21","v":6.3}]
[{"$f":"[1]Pos!A22","v":"6155p05"},{"$f":"[1]Pos!B22","v":"PO-0021693"},{"$f":"[1]Pos!C22","v":"MOND"},{"$f":"[1]Pos!D22","v":296.8},{"$f":"[1]Pos!E22","v":6.3}]
[{"$f":"[1]Pos!A23","v":"6156P01"},{"$f":"[1]Pos!B23","v":"PO-0021694"},{"$f":"[1]Pos!C23","v":"EXCE"},{"$f":"[1]Pos!D23","v":1284.5999999999999},{"$f":"[1]Pos!E23","v":4.5999999999999996}]
[{"$f":"[1]Pos!A24","v":"6173EM01"},{"$f":"[1]Pos!B24","v":"PO-0021634"},{"$f":"[1]Pos!C24","v":"HEAT"},{"$f":"[1]Pos!D24","v":8000},{"$f":"[1]Pos!E24","v":0.19500000000000001}]
[{"$f":"[1]Pos!A25","v":"6173EM03"},{"$f":"[1]Pos!B25","v":"PO-0021679"},{"$f":"[1]Pos!C25","v":"MITC"},{"$f":"[1]Pos!D25","v":720},{"$f":"[1]Pos!E25","v":0.745}]
[{"$f":"[1]Pos!A26","v":"6173EM02"},{"$f":"[1]Pos!B26","v":"PO-0021680"},{"$f":"[1]Pos!C26","v":"MITC"},{"$f":"[1]Pos!D26","v":720},{"$f":"[1]Pos!E26","v":0.75600000000000001}]
[{"$f":"[1]Pos!A27","v":"6104B06"},{"$f":"[1]Pos!B27","v":"PO-0021707"},{"$f":"[1]Pos!C27","v":"RETA"},{"$f":"[1]Pos!D27","v":778.95417799999996},{"$f":"[1]Pos!E27","v":17.39}]
[{"$f":"[1]Pos!A28","v":"6173B03"},{"$f":"[1]Pos!B28","v":"PO-0021709"},{"$f":"[1]Pos!C28","v":"CAR"},{"$f":"[1]Pos!D28","v":1437.67},{"$f":"[1]Pos!E28","v":3.08}]
[{"$f":"[1]Pos!A29","v":"6163AS01"},{"$f":"[1]Pos!B29","v":"PO-0021711"},{"$f":"[1]Pos!C29","v":"MONTO"},{"$f":"[1]Pos!D29","v":300},{"$f":"[1]Pos!E29","v":7.94}]
[{"$f":"[1]Pos!A30","v":"6165P03"},{"$f":"[1]Pos!B30","v":"PO-0021720"},{"$f":"[1]Pos!C30","v":"VIST"},{"$f":"[1]Pos!D30","v":18506.88},{"$f":"[1]Pos!E30","v":2.33}]
[{"$f":"[1]Pos!A31","v":"6134B06"},{"$f":"[1]Pos!B31","v":"PO-0021726"},{"$f":"[1]Pos!C31","v":"C&C"},{"$f":"[1]Pos!D31","v":2232.7199999999998},{"$f":"[1]Pos!E31","v":7.5}]
[{"$f":"[1]Pos!A32","v":"6164B06"},{"$f":"[1]Pos!B32","v":"PO-0021732"},{"$f":"[1]Pos!C32","v":"DECA"},{"$f":"[1]Pos!D32","v":1215.0378820000001},{"$f":"[1]Pos!E32","v":3.1}]
[{"$f":"[1]Pos!A33","v":"6172P08"},{"$f":"[1]Pos!B33","v":"PO-0021741"},{"$f":"[1]Pos!C33","v":"EXCE"},{"$f":"[1]Pos!D33","v":1930.36},{"$f":"[1]Pos!E33","v":4.2}]
[{"$f":"[1]Pos!A34","v":"6173P06"},{"$f":"[1]Pos!B34","v":"PO-0021742"},{"$f":"[1]Pos!C34","v":"EXCE"},{"$f":"[1]Pos!D34","v":1930.98},{"$f":"[1]Pos!E34","v":4.2}]
[{"$f":"[1]Pos!A35","v":"6172EM01"},{"$f":"[1]Pos!B35","v":"PO-0021743"},{"$f":"[1]Pos!C35","v":"BEL"},{"$f":"[1]Pos!D35","v":2400},{"$f":"[1]Pos!E35","v":0.55200000000000005}]
[{"$f":"[1]Pos!A36","v":"6172EM02"},{"$f":"[1]Pos!B36","v":"PO-0021743"},{"$f":"[1]Pos!C36","v":"BEL"},{"$f":"[1]Pos!D36","v":2000},{"$f":"[1]Pos!E36","v":0.79500000000000004}]
[{"$f":"[1]Pos!A37","v":"6134B05"},{"$f":"[1]Pos!B37","v":"PO-0021745"},{"$f":"[1]Pos!C37","v":"C&C"},{"$f":"[1]Pos!D37","v":27.69},{"$f":"[1]Pos!E37","v":15.59}]
[{"$f":"[1]Pos!A38","v":"6165B01"},{"$f":"[1]Pos!B38","v":"PO-0021747"},{"$f":"[1]Pos!C38","v":"RYDI"},{"$f":"[1]Pos!D38","v":600},{"$f":"[1]Pos!E38","v":7.39}]
[{"$f":"[1]Pos!A39","v":"6165B02"},{"$f":"[1]Pos!B39","v":"PO-0021747"},{"$f":"[1]Pos!C39","v":"RYDI"},{"$f":"[1]Pos!D39","v":1720},{"$f":"[1]Pos!E39","v":6.52}]
[{"$f":"[1]Pos!A40","v":"6165B03"},{"$f":"[1]Pos!B40","v":"PO-0021747"},{"$f":"[1]Pos!C40","v":"RYDI"},{"$f":"[1]Pos!D40","v":900},{"$f":"[1]Pos!E40","v":3.95}]
[{"$f":"[1]Pos!A41","v":"6172B01"},{"$f":"[1]Pos!B41","v":"PO-0021748"},{"$f":"[1]Pos!C41","v":"RYDI"},{"$f":"[1]Pos!D41","v":618.5},{"$f":"[1]Pos!E41","v":7.5}]
[{"$f":"[1]Pos!A42","v":"6166B02"},{"$f":"[1]Pos!B42","v":"PO-0021748"},{"$f":"[1]Pos!C42","v":"RYDI"},{"$f":"[1]Pos!D42","v":1731},{"$f":"[1]Pos!E42","v":6.68}]
[{"$f":"[1]Pos!A43","v":"6172B02"},{"$f":"[1]Pos!B43","v":"PO-0021748"},{"$f":"[1]Pos!C43","v":"RYDI"},{"$f":"[1]Pos!D43","v":800},{"$f":"[1]Pos!E43","v":4.04}]
[{"$f":"[1]Pos!A44","v":"6174B01"},{"$f":"[1]Pos!B44","v":"PO-0021749"},{"$f":"[1]Pos!C44","v":"RYDI"},{"$f":"[1]Pos!D44","v":516.5},{"$f":"[1]Pos!E44","v":7.5}]
[{"$f":"[1]Pos!A45","v":"6174B02"},{"$f":"[1]Pos!B45","v":"PO-0021749"},{"$f":"[1]Pos!C45","v":"RYDI"},{"$f":"[1]Pos!D45","v":866.5},{"$f":"[1]Pos!E45","v":6.68}]
[{"$f":"[1]Pos!A46","v":"6175B01"},{"$f":"[1]Pos!B46","v":"PO-0021750"},{"$f":"[1]Pos!C46","v":"ASTR"},{"$f":"[1]Pos!D46","v":1200},{"$f":"[1]Pos!E46","v":35.5}]
[{"$f":"[1]Pos!A47","v":"6175B02"},{"$f":"[1]Pos!B47","v":"PO-0021750"},{"$f":"[1]Pos!C47","v":"ASTR"},{"$f":"[1]Pos!D47","v":800},{"$f":"[1]Pos!E47","v":36}]
[{"$f":"[1]Pos!A48","v":"6166P02"},{"$f":"[1]Pos!B48","v":"PO-0021751"},{"$f":"[1]Pos!C48","v":"EXCE"},{"$f":"[1]Pos!D48","v":1469.92},{"$f":"[1]Pos!E48","v":4.5999999999999996}]
[{"$f":"[1]Pos!A49","v":"6166P03"},{"$f":"[1]Pos!B49","v":"PO-0021751"},{"$f":"[1]Pos!C49","v":"EXCE"},{"$f":"[1]Pos!D49","v":110.47},{"$f":"[1]Pos!E49","v":3}]
[{"$f":"[1]Pos!A50","v":"6166P04"},{"$f":"[1]Pos!B50","v":"PO-0021751"},{"$f":"[1]Pos!C50","v":"EXCE"},{"$f":"[1]Pos!D50","v":110.02},{"$f":"[1]Pos!E50","v":2}]
[{"$f":"[1]Pos!A51","v":"6166P05"},{"$f":"[1]Pos!B51","v":"PO-0021751"},{"$f":"[1]Pos!C51","v":"EXCE"},{"$f":"[1]Pos!D51","v":36.770000000000003},{"$f":"[1]Pos!E51","v":6.5}]
[{"$f":"[1]Pos!A52","v":"6166P06"},{"$f":"[1]Pos!B52","v":"PO-0021751"},{"$f":"[1]Pos!C52","v":"EXCE"},{"$f":"[1]Pos!D52","v":80.72},{"$f":"[1]Pos!E52","v":4.08}]
[{"$f":"[1]Pos!A53","v":"6166P07"},{"$f":"[1]Pos!B53","v":"PO-0021752"},{"$f":"[1]Pos!C53","v":"DESC"},{"$f":"[1]Pos!D53","v":1814.4},{"$f":"[1]Pos!E53","v":6.5}]
[{"$f":"[1]Pos!A54","v":"6172P01"},{"$f":"[1]Pos!B54","v":"PO-0021753"},{"$f":"[1]Pos!C54","v":"MOND"},{"$f":"[1]Pos!D54","v":4100},{"$f":"[1]Pos!E54","v":6.35}]
[{"$f":"[1]Pos!A55","v":"6165P04"},{"$f":"[1]Pos!B55","v":"PO-0021754"},{"$f":"[1]Pos!C55","v":"CENT"},{"$f":"[1]Pos!D55","v":2721.6},{"$f":"[1]Pos!E55","v":6.8}]
[{"$f":"[1]Pos!A56","v":"6172EM03"},{"$f":"[1]Pos!B56","v":"PO-0021755"},{"$f":"[1]Pos!C56","v":"BEL"},{"$f":"[1]Pos!D56","v":1200},{"$f":"[1]Pos!E56","v":0.497}]
[{"$f":"[1]Pos!A57","v":"6172EM04"},{"$f":"[1]Pos!B57","v":"PO-0021756"},{"$f":"[1]Pos!C57","v":"MITC"},{"$f":"[1]Pos!D57","v":750},{"$f":"[1]Pos!E57","v":0.96035999999999999}]
[{"$f":"[1]Pos!A58","v":"6165AS01"},{"$f":"[1]Pos!B58","v":"PO-0021757"},{"$f":"[1]Pos!C58","v":"FIRS"},{"$f":"[1]Pos!D58","v":150},{"$f":"[1]Pos!E58","v":5.0599999999999996}]
[{"$f":"[1]Pos!A59","v":"6172EM05"},{"$f":"[1]Pos!B59","v":"PO-0021759"},{"$f":"[1]Pos!C59","v":"UNIP"},{"$f":"[1]Pos!D59","v":210000},{"$f":"[1]Pos!E59","v":1.0699999999999999E-2}]
[{"$f":"[1]Pos!A60","v":"6172EM06"},{"$f":"[1]Pos!B60","v":"PO-0021759"},{"$f":"[1]Pos!C60","v":"UNIP"},{"$f":"[1]Pos!D60","v":350000},{"$f":"[1]Pos!E60","v":6.4999999999999997E-3}]
[{"$f":"[1]Pos!A61","v":"6172EM07"},{"$f":"[1]Pos!B61","v":"PO-0021759"},{"$f":"[1]Pos!C61","v":"UNIP"},{"$f":"[1]Pos!D61","v":14400},{"$f":"[1]Pos!E61","v":0.29499999999999998}]
[{"$f":"[1]Pos!A62","v":"6172EM09"},{"$f":"[1]Pos!B62","v":"PO-0021760"},{"$f":"[1]Pos!C62","v":"WINP"},{"$f":"[1]Pos!D62","v":48485},{"$f":"[1]Pos!E62","v":0.12162000000000001}]
[{"$f":"[1]Pos!A63","v":"6172EM08"},{"$f":"[1]Pos!B63","v":"PO-0021761"},{"$f":"[1]Pos!C63","v":"HEAT"},{"$f":"[1]Pos!D63","v":8000},{"$f":"[1]Pos!E63","v":0.19500000000000001}]
[{"$f":"[1]Pos!A64","v":"6172P02"},{"$f":"[1]Pos!B64","v":"PO-0021762"},{"$f":"[1]Pos!C64","v":99},{"$f":"[1]Pos!D64","v":13.5},{"$f":"[1]Pos!E64","v":4.4000000000000004}]
[{"$f":"[1]Pos!A65","v":"6142B04"},{"$f":"[1]Pos!B65","v":"PO-0021763"},{"$f":"[1]Pos!C65","v":"C&C"},{"$f":"[1]Pos!D65","v":1021.33},{"$f":"[1]Pos!E65","v":7.09}]
[{"$f":"[1]Pos!A66","v":"6172P03"},{"$f":"[1]Pos!B66","v":"PO-0021766"},{"$f":"[1]Pos!C66","v":"EXCE"},{"$f":"[1]Pos!D66","v":641.67999999999995},{"$f":"[1]Pos!E66","v":4.5999999999999996}]
[{"$f":"[1]Pos!A67","v":"6172P04"},{"$f":"[1]Pos!B67","v":"PO-0021766"},{"$f":"[1]Pos!C67","v":"EXCE"},{"$f":"[1]Pos!D67","v":639.82000000000005},{"$f":"[1]Pos!E67","v":3.45}]
[{"$f":"[1]Pos!A68","v":"6166P08"},{"$f":"[1]Pos!B68","v":"PO-0021766"},{"$f":"[1]Pos!C68","v":"EXCE"},{"$f":"[1]Pos!D68","v":128.69999999999999},{"$f":"[1]Pos!E68","v":3}]
[{"$f":"[1]Pos!A69","v":"6172P05"},{"$f":"[1]Pos!B69","v":"PO-0021766"},{"$f":"[1]Pos!C69","v":"EXCE"},{"$f":"[1]Pos!D69","v":91.6},{"$f":"[1]Pos!E69","v":2}]
[{"$f":"[1]Pos!A70","v":"6172P06"},{"$f":"[1]Pos!B70","v":"PO-0021766"},{"$f":"[1]Pos!C70","v":"EXCE"},{"$f":"[1]Pos!D70","v":36.61},{"$f":"[1]Pos!E70","v":6.5}]
[{"$f":"[1]Pos!A71","v":"6173P02"},{"$f":"[1]Pos!B71","v":"PO-0021767"},{"$f":"[1]Pos!C71","v":"EXCE"},{"$f":"[1]Pos!D71","v":640.25},{"$f":"[1]Pos!E71","v":4.5999999999999996}]
[{"$f":"[1]Pos!A72","v":"6173P03"},{"$f":"[1]Pos!B72","v":"PO-0021767"},{"$f":"[1]Pos!C72","v":"EXCE"},{"$f":"[1]Pos!D72","v":108.28},{"$f":"[1]Pos!E72","v":3}]
[{"$f":"[1]Pos!A73","v":"6173P04"},{"$f":"[1]Pos!B73","v":"PO-0021767"},{"$f":"[1]Pos!C73","v":"EXCE"},{"$f":"[1]Pos!D73","v":55.08},{"$f":"[1]Pos!E73","v":2}]
[{"$f":"[1]Pos!A74","v":"6184P01"},{"$f":"[1]Pos!B74","v":"PO-0021768"},{"$f":"[1]Pos!C74","v":"EXCE"},{"$f":"[1]Pos!D74","v":1927.42},{"$f":"[1]Pos!E74","v":3.45}]
[{"$f":"[1]Pos!A75","v":"6174P01"},{"$f":"[1]Pos!B75","v":"PO-0021768"},{"$f":"[1]Pos!C75","v":"EXCE"},{"$f":"[1]Pos!D75","v":238.95},{"$f":"[1]Pos!E75","v":3}]
[{"$f":"[1]Pos!A76","v":"6174P02"},{"$f":"[1]Pos!B76","v":"PO-0021768"},{"$f":"[1]Pos!C76","v":"EXCE"},{"$f":"[1]Pos!D76","v":332},{"$f":"[1]Pos!E76","v":2}]
[{"$f":"[1]Pos!A77","v":"6174P03"},{"$f":"[1]Pos!B77","v":"PO-0021768"},{"$f":"[1]Pos!C77","v":"EXCE"},{"$f":"[1]Pos!D77","v":55.42},{"$f":"[1]Pos!E77","v":6.5}]
[{"$f":"[1]Pos!A78","v":"6174P04"},{"$f":"[1]Pos!B78","v":"PO-0021768"},{"$f":"[1]Pos!C78","v":"EXCE"},{"$f":"[1]Pos!D78","v":80.7},{"$f":"[1]Pos!E78","v":4.08}]
[{"$f":"[1]Pos!A79","v":"6174P05"},{"$f":"[1]Pos!B79","v":"PO-0021768"},{"$f":"[1]Pos!C79","v":"EXCE"},{"$f":"[1]Pos!D79","v":1297.78},{"$f":"[1]Pos!E79","v":4.2}]
[{"$f":"[1]Pos!A80","v":"6172P07"},{"$f":"[1]Pos!B80","v":"PO-0021769"},{"$f":"[1]Pos!C80","v":"EXCE"},{"$f":"[1]Pos!D80","v":107.26},{"$f":"[1]Pos!E80","v":4.08}]
[{"$f":"[1]Pos!A81","v":"6173B01"},{"$f":"[1]Pos!B81","v":"PO-0021770"},{"$f":"[1]Pos!C81","v":"BOUC"},{"$f":"[1]Pos!D81","v":187.04},{"$f":"[1]Pos!E81","v":3.73}]
[{"$f":"[1]Pos!A82","v":"6173B02"},{"$f":"[1]Pos!B82","v":"PO-0021771"},{"$f":"[1]Pos!C82","v":"BRET"},{"$f":"[1]Pos!D82","v":67.13},{"$f":"[1]Pos!E82","v":2.9}]
[{"$f":"[1]Pos!A83","v":"6173P05"},{"$f":"[1]Pos!B83","v":"PO-0021772"},{"$f":"[1]Pos!C83","v":"EXCE"},{"$f":"[1]Pos!D83","v":18.579999999999998},{"$f":"[1]Pos!E83","v":5.75}]
[{"$f":"[1]Pos!A84","v":"6166B01"},{"$f":"[1]Pos!B84","v":"PO-0021773"},{"$f":"[1]Pos!C84","v":"DESC"},{"$f":"[1]Pos!D84","v":60.5},{"$f":"[1]Pos!E84","v":5.5}]
[{"$f":"[1]Pos!A85","v":"6173P01"},{"$f":"[1]Pos!B85","v":"PO-0021774"},{"$f":"[1]Pos!C85","v":"MOND"},{"$f":"[1]Pos!D85","v":1640},{"$f":"[1]Pos!E85","v":6.35}]
[{"$f":"[1]Pos!A86","v":"6174EM02"},{"$f":"[1]Pos!B86","v":"PO-0021776"},{"$f":"[1]Pos!C86","v":"BEL"},{"$f":"[1]Pos!D86","v":1200},{"$f":"[1]Pos!E86","v":0.55200000000000005}]
[{"$f":"[1]Pos!A87","v":"6173P07"},{"$f":"[1]Pos!B87","v":"PO-0021777"},{"$f":"[1]Pos!C87","v":"ACCU"},{"$f":"[1]Pos!D87","v":1260},{"$f":"[1]Pos!E87","v":4.5}]
[{"$f":"[1]Pos!A88","v":"6172P09"},{"$f":"[1]Pos!B88","v":"PO-0021778"},{"$f":"[1]Pos!C88","v":"ACCU"},{"$f":"[1]Pos!D88","v":815.26},{"$f":"[1]Pos!E88","v":3.35}]
[{"$f":"[1]Pos!A89","v":"5463B02"},{"$f":"[1]Pos!B89","v":"PO-0021779"},{"$f":"[1]Pos!C89","v":"GEOR"},{"$f":"[1]Pos!D89","v":217.6},{"$f":"[1]Pos!E89","v":6.99}]
[{"$f":"[1]Pos!A90","v":"6174D01"},{"$f":"[1]Pos!B90","v":"PO-0021780"},{"$f":"[1]Pos!C90","v":99},{"$f":"[1]Pos!D90","v":68.099999999999994},{"$f":"[1]Pos!E90","v":10.79}]
[{"$f":"[1]Pos!A91","v":"6174EM03"},{"$f":"[1]Pos!B91","v":"PO-0021781"},{"$f":"[1]Pos!C91","v":"MITC"},{"$f":"[1]Pos!D91","v":1000},{"$f":"[1]Pos!E91","v":0.41299999999999998}]
[{"$f":"[1]Pos!A92","v":"5503B02"},{"$f":"[1]Pos!B92","v":"PO-0021782"},{"$f":"[1]Pos!C92","v":"DECA"},{"$f":"[1]Pos!D92","v":3277.43},{"$f":"[1]Pos!E92","v":5.8}]
[{"$f":"[1]Pos!A93","v":"6172P11"},{"$f":"[1]Pos!B93","v":"PO-0021783"},{"$f":"[1]Pos!C93","v":"MOND"},{"$f":"[1]Pos!D93","v":3628.8},{"$f":"[1]Pos!E93","v":6.35}]
[{"$f":"[1]Pos!A94","v":"6174P08"},{"$f":"[1]Pos!B94","v":"PO-0021784"},{"$f":"[1]Pos!C94","v":"MOND"},{"$f":"[1]Pos!D94","v":3628.8},{"$f":"[1]Pos!E94","v":6.35}]
[{"$f":"[1]Pos!A95","v":"6172P10"},{"$f":"[1]Pos!B95","v":"PO-0021785"},{"$f":"[1]Pos!C95","v":"DESC"},{"$f":"[1]Pos!D95","v":9072},{"$f":"[1]Pos!E95","v":6.5}]
[{"$f":"[1]Pos!A96","v":"6174P06"},{"$f":"[1]Pos!B96","v":"PO-0021786"},{"$f":"[1]Pos!C96","v":"EXCE"},{"$f":"[1]Pos!D96","v":1924.21},{"$f":"[1]Pos!E96","v":4.5999999999999996}]
[{"$f":"[1]Pos!A97","v":"6174P07"},{"$f":"[1]Pos!B97","v":"PO-0021786"},{"$f":"[1]Pos!C97","v":"EXCE"},{"$f":"[1]Pos!D97","v":641.14},{"$f":"[1]Pos!E97","v":3.45}]
[{"$f":"[1]Pos!A98","v":"6175EM02"},{"$f":"[1]Pos!B98","v":"PO-0021787"},{"$f":"[1]Pos!C98","v":"MITC"},{"$f":"[1]Pos!D98","v":480},{"$f":"[1]Pos!E98","v":0.745}]
[{"$f":"[1]Pos!A99","v":"6175EM01"},{"$f":"[1]Pos!B99","v":"PO-0021788"},{"$f":"[1]Pos!C99","v":"MITC"},{"$f":"[1]Pos!D99","v":480},{"$f":"[1]Pos!E99","v":0.75600000000000001}]
[{"$f":"[1]Pos!A100","v":"5472B04"},{"$f":"[1]Pos!B100","v":"PO-0021789"},{"$f":"[1]Pos!C100","v":"CHIS"},{"$f":"[1]Pos!D100","v":24171.360000000001},{"$f":"[1]Pos!E100","v":3.15}]
[{"$f":"[1]Pos!A101","v":"6176EM01"},{"$f":"[1]Pos!B101","v":"PO-0021790"},{"$f":"[1]Pos!C101","v":"BEL"},{"$f":"[1]Pos!D101","v":1200},{"$f":"[1]Pos!E101","v":0.55200000000000005}]
[{"$f":"[1]Pos!A102","v":"6176EM02"},{"$f":"[1]Pos!B102","v":"PO-0021790"},{"$f":"[1]Pos!C102","v":"BEL"},{"$f":"[1]Pos!D102","v":1200},{"$f":"[1]Pos!E102","v":0.497}]
[{"$f":"[1]Pos!A103","v":"6176EM03"},{"$f":"[1]Pos!B103","v":"PO-0021790"},{"$f":"[1]Pos!C103","v":"BEL"},{"$f":"[1]Pos!D103","v":600},{"$f":"[1]Pos!E103","v":0.72}]
[{"$f":"[1]Pos!A104","v":"6176EM04"},{"$f":"[1]Pos!B104","v":"PO-0021791"},{"$f":"[1]Pos!C104","v":"MITC"},{"$f":"[1]Pos!D104","v":960},{"$f":"[1]Pos!E104","v":0.745}]
[{"$f":"[1]Pos!A105","v":"6176EM05"},{"$f":"[1]Pos!B105","v":"PO-0021792"},{"$f":"[1]Pos!C105","v":"MITC"},{"$f":"[1]Pos!D105","v":1108},{"$f":"[1]Pos!E105","v":0.75600000000000001}]
[{"$f":"[1]Pos!A106","v":"6175B03"},{"$f":"[1]Pos!B106","v":"PO-0021793"},{"$f":"[1]Pos!C106","v":"DECA"},{"$f":"[1]Pos!D106","v":117.38},{"$f":"[1]Pos!E106","v":2.94}]
[{"$f":"[1]Pos!A107","v":"5413B04"},{"$f":"[1]Pos!B107","v":"PO-0021794"},{"$f":"[1]Pos!C107","v":"C&C"},{"$f":"[1]Pos!D107","v":1959.14},{"$f":"[1]Pos!E107","v":13.99}]
[{"$f":"[1]Pos!A108","v":"6176EM06"},{"$f":"[1]Pos!B108","v":"PO-0021797"},{"$f":"[1]Pos!C108","v":"R.D."},{"$f":"[1]Pos!D108","v":3022},{"$f":"[1]Pos!E108","v":0.63}]
[{"$f":"[1]Pos!A109","v":"6156P02"},{"$f":"[1]Pos!B109","v":"PO-0021694"},{"$f":"[1]Pos!C109","v":"EXCE"},{"$f":"[1]Pos!D109","v":639.22},{"$f":"[1]Pos!E109","v":3.45}]
[{"$f":"[1]Pos!A110","v":"6156P03"},{"$f":"[1]Pos!B110","v":"PO-0021694"},{"$f":"[1]Pos!C110","v":"EXCE"},{"$f":"[1]Pos!D110","v":128.49},{"$f":"[1]Pos!E110","v":3}]
[{"$f":"[1]Pos!A111","v":"6156P04"},{"$f":"[1]Pos!B111","v":"PO-0021694"},{"$f":"[1]Pos!C111","v":"EXCE"},{"$f":"[1]Pos!D111","v":144.43},{"$f":"[1]Pos!E111","v":2}]
[{"$f":"[1]Pos!A112","v":"6155P04"},{"$f":"[1]Pos!B112","v":"PO-0021694"},{"$f":"[1]Pos!C112","v":"EXCE"},{"$f":"[1]Pos!D112","v":80.459999999999994},{"$f":"[1]Pos!E112","v":4.08}]
[{"$f":"[1]Pos!A113","v":"6156P07"},{"$f":"[1]Pos!B113","v":"PO-0021696"},{"$f":"[1]Pos!C113","v":"ACCU"},{"$f":"[1]Pos!D113","v":816},{"$f":"[1]Pos!E113","v":3.15}]
[{"$f":"[1]Pos!A114","v":"6156P06"},{"$f":"[1]Pos!B114","v":"PO-0021697"},{"$f":"[1]Pos!C114","v":"CENT"},{"$f":"[1]Pos!D114","v":2591.2199999999998},{"$f":"[1]Pos!E114","v":4.3}]
[{"$f":"[1]Pos!A115","v":"6162P01"},{"$f":"[1]Pos!B115","v":"PO-0021697"},{"$f":"[1]Pos!C115","v":"CENT"},{"$f":"[1]Pos!D115","v":375},{"$f":"[1]Pos!E115","v":7.2}]
[{"$f":"[1]Pos!A116","v":"6162B01"},{"$f":"[1]Pos!B116","v":"PO-0021698"},{"$f":"[1]Pos!C116","v":"RYDI"},{"$f":"[1]Pos!D116","v":575},{"$f":"[1]Pos!E116","v":7.49}]
[{"$f":"[1]Pos!A117","v":"6162B02"},{"$f":"[1]Pos!B117","v":"PO-0021698"},{"$f":"[1]Pos!C117","v":"RYDI"},{"$f":"[1]Pos!D117","v":815},{"$f":"[1]Pos!E117","v":6.79}]
[{"$f":"[1]Pos!A118","v":"6156P08"},{"$f":"[1]Pos!B118","v":"PO-0021699"},{"$f":"[1]Pos!C118","v":"EXCE"},{"$f":"[1]Pos!D118","v":2683.74},{"$f":"[1]Pos!E118","v":4.2}]
[{"$f":"[1]Pos!A119","v":"6156P05"},{"$f":"[1]Pos!B119","v":"PO-0021700"},{"$f":"[1]Pos!C119","v":"EXCE"},{"$f":"[1]Pos!D119","v":36.6},{"$f":"[1]Pos!E119","v":6.5}]
[{"$f":"[1]Pos!A120","v":"6162D01"},{"$f":"[1]Pos!B120","v":"PO-0021701"},{"$f":"[1]Pos!C120","v":"DESC"},{"$f":"[1]Pos!D120","v":26.02},{"$f":"[1]Pos!E120","v":5.5}]
[{"$f":"[1]Pos!A121","v":"6116B02"},{"$f":"[1]Pos!B121","v":"PO-0021702"},{"$f":"[1]Pos!C121","v":"C&C"},{"$f":"[1]Pos!D121","v":193.683942},{"$f":"[1]Pos!E121","v":23.39}]
[{"$f":"[1]Pos!A122","v":"6162P02"},{"$f":"[1]Pos!B122","v":"PO-0021703"},{"$f":"[1]Pos!C122","v":"EXCE"},{"$f":"[1]Pos!D122","v":642.24},{"$f":"[1]Pos!E122","v":3.45}]
[{"$f":"[1]Pos!A123","v":"6156P10"},{"$f":"[1]Pos!B123","v":"PO-0021703"},{"$f":"[1]Pos!C123","v":"EXCE"},{"$f":"[1]Pos!D123","v":128.66999999999999},{"$f":"[1]Pos!E123","v":3}]
[{"$f":"[1]Pos!A124","v":"6162P03"},{"$f":"[1]Pos!B124","v":"PO-0021703"},{"$f":"[1]Pos!C124","v":"EXCE"},{"$f":"[1]Pos!D124","v":92.38},{"$f":"[1]Pos!E124","v":2}]
[{"$f":"[1]Pos!A125","v":"6162P04"},{"$f":"[1]Pos!B125","v":"PO-0021703"},{"$f":"[1]Pos!C125","v":"EXCE"},{"$f":"[1]Pos!D125","v":36.840000000000003},{"$f":"[1]Pos!E125","v":6.5}]
[{"$f":"[1]Pos!A126","v":"6162P05"},{"$f":"[1]Pos!B126","v":"PO-0021704"},{"$f":"[1]Pos!C126","v":"EXCE"},{"$f":"[1]Pos!D126","v":1929.77},{"$f":"[1]Pos!E126","v":4.5999999999999996}]
[{"$f":"[1]Pos!A127","v":"6162P06"},{"$f":"[1]Pos!B127","v":"PO-0021704"},{"$f":"[1]Pos!C127","v":"EXCE"},{"$f":"[1]Pos!D127","v":129.03},{"$f":"[1]Pos!E127","v":3}]
[{"$f":"[1]Pos!A128","v":"6162P07"},{"$f":"[1]Pos!B128","v":"PO-0021704"},{"$f":"[1]Pos!C128","v":"EXCE"},{"$f":"[1]Pos!D128","v":73.09},{"$f":"[1]Pos!E128","v":2}]
[{"$f":"[1]Pos!A129","v":"6164P01"},{"$f":"[1]Pos!B129","v":"PO-0021705"},{"$f":"[1]Pos!C129","v":"EXCE"},{"$f":"[1]Pos!D129","v":641.66},{"$f":"[1]Pos!E129","v":3.45}]
[{"$f":"[1]Pos!A130","v":"6164P02"},{"$f":"[1]Pos!B130","v":"PO-0021705"},{"$f":"[1]Pos!C130","v":"EXCE"},{"$f":"[1]Pos!D130","v":184.01},{"$f":"[1]Pos!E130","v":3}]
[{"$f":"[1]Pos!A131","v":"6164P03"},{"$f":"[1]Pos!B131","v":"PO-0021705"},{"$f":"[1]Pos!C131","v":"EXCE"},{"$f":"[1]Pos!D131","v":277.42},{"$f":"[1]Pos!E131","v":2}]
[{"$f":"[1]Pos!A132","v":"6164P04"},{"$f":"[1]Pos!B132","v":"PO-0021705"},{"$f":"[1]Pos!C132","v":"EXCE"},{"$f":"[1]Pos!D132","v":36.4},{"$f":"[1]Pos!E132","v":6.5}]
[{"$f":"[1]Pos!A133","v":"6164P05"},{"$f":"[1]Pos!B133","v":"PO-0021705"},{"$f":"[1]Pos!C133","v":"EXCE"},{"$f":"[1]Pos!D133","v":80.5},{"$f":"[1]Pos!E133","v":4.08}]
[{"$f":"[1]Pos!A134","v":"6156B03"},{"$f":"[1]Pos!B134","v":"PO-0021706"},{"$f":"[1]Pos!C134","v":"DECA"},{"$f":"[1]Pos!D134","v":74.56},{"$f":"[1]Pos!E134","v":5.59}]
[{"$f":"[1]Pos!A135","v":"6094B08"},{"$f":"[1]Pos!B135","v":"PO-0021708"},{"$f":"[1]Pos!C135","v":"RETA"},{"$f":"[1]Pos!D135","v":1049.52},{"$f":"[1]Pos!E135","v":15.98}]
[{"$f":"[1]Pos!A136","v":"6052AS02"},{"$f":"[1]Pos!B136","v":"PO-0021710"},{"$f":"[1]Pos!C136","v":"BSA"},{"$f":"[1]Pos!D136","v":100},{"$f":"[1]Pos!E136","v":10.42}]
[{"$f":"[1]Pos!A137","v":"6037AS01"},{"$f":"[1]Pos!B137","v":"PO-0021710"},{"$f":"[1]Pos!C137","v":"BSA"},{"$f":"[1]Pos!D137","v":50},{"$f":"[1]Pos!E137","v":2.78}]
[{"$f":"[1]Pos!A138","v":"6163EM01"},{"$f":"[1]Pos!B138","v":"PO-0021712"},{"$f":"[1]Pos!C138","v":"MITC"},{"$f":"[1]Pos!D138","v":1000},{"$f":"[1]Pos!E138","v":0.96035999999999999}]
[{"$f":"[1]Pos!A139","v":"6164EM01"},{"$f":"[1]Pos!B139","v":"PO-0021713"},{"$f":"[1]Pos!C139","v":"BEL"},{"$f":"[1]Pos!D139","v":600},{"$f":"[1]Pos!E139","v":0.64500000000000002}]
[{"$f":"[1]Pos!A140","v":"6164EM02"},{"$f":"[1]Pos!B140","v":"PO-0021713"},{"$f":"[1]Pos!C140","v":"BEL"},{"$f":"[1]Pos!D140","v":600},{"$f":"[1]Pos!E140","v":0.68700000000000006}]
[{"$f":"[1]Pos!A141","v":"6174EM01"},{"$f":"[1]Pos!B141","v":"PO-0021713"},{"$f":"[1]Pos!C141","v":"BEL"},{"$f":"[1]Pos!D141","v":1200},{"$f":"[1]Pos!E141","v":0.55200000000000005}]
[{"$f":"[1]Pos!A142","v":"6164EM03"},{"$f":"[1]Pos!B142","v":"PO-0021713"},{"$f":"[1]Pos!C142","v":"BEL"},{"$f":"[1]Pos!D142","v":600},{"$f":"[1]Pos!E142","v":0.68700000000000006}]
[{"$f":"[1]Pos!A143","v":"6162P08"},{"$f":"[1]Pos!B143","v":"PO-0021714"},{"$f":"[1]Pos!C143","v":"ACCU"},{"$f":"[1]Pos!D143","v":818.3},{"$f":"[1]Pos!E143","v":3.35}]
[{"$f":"[1]Pos!A144","v":"6165P01"},{"$f":"[1]Pos!B144","v":"PO-0021716"},{"$f":"[1]Pos!C144","v":"MOND"},{"$f":"[1]Pos!D144","v":5490},{"$f":"[1]Pos!E144","v":6.25}]
[{"$f":"[1]Pos!A145","v":"6163P02"},{"$f":"[1]Pos!B145","v":"PO-0021717"},{"$f":"[1]Pos!C145","v":"ACCU"},{"$f":"[1]Pos!D145","v":720},{"$f":"[1]Pos!E145","v":4.5}]
[{"$f":"[1]Pos!A146","v":"6164B01"},{"$f":"[1]Pos!B146","v":"PO-0021718"},{"$f":"[1]Pos!C146","v":"BOUC"},{"$f":"[1]Pos!D146","v":93.52},{"$f":"[1]Pos!E146","v":3.6}]
[{"$f":"[1]Pos!A147","v":"6164B02"},{"$f":"[1]Pos!B147","v":"PO-0021718"},{"$f":"[1]Pos!C147","v":"BOUC"},{"$f":"[1]Pos!D147","v":162.41999999999999},{"$f":"[1]Pos!E147","v":3.83}]
[{"$f":"[1]Pos!A148","v":"6122D01"},{"$f":"[1]Pos!B148","v":"PO-0021719"},{"$f":"[1]Pos!C148","v":"VEST"},{"$f":"[1]Pos!D148","v":30},{"$f":"[1]Pos!E148","v":46.4}]
[{"$f":"[1]Pos!A149","v":"6164EM05"},{"$f":"[1]Pos!B149","v":"PO-0021721"},{"$f":"[1]Pos!C149","v":"MITC"},{"$f":"[1]Pos!D149","v":700},{"$f":"[1]Pos!E149","v":0.62}]
[{"$f":"[1]Pos!A150","v":"6164EM04"},{"$f":"[1]Pos!B150","v":"PO-0021722"},{"$f":"[1]Pos!C150","v":"MITC"},{"$f":"[1]Pos!D150","v":480},{"$f":"[1]Pos!E150","v":0.745}]
[{"$f":"[1]Pos!A151","v":"6163P03"},{"$f":"[1]Pos!B151","v":"PO-0021723"},{"$f":"[1]Pos!C151","v":"ACCU"},{"$f":"[1]Pos!D151","v":2449.2800000000002},{"$f":"[1]Pos!E151","v":3.25}]
[{"$f":"[1]Pos!A152","v":"6156P11"},{"$f":"[1]Pos!B152","v":"PO-0021724"},{"$f":"[1]Pos!C152","v":"CENT"},{"$f":"[1]Pos!D152","v":417.31},{"$f":"[1]Pos!E152","v":6.8}]
[{"$f":"[1]Pos!A153","v":"6154B04"},{"$f":"[1]Pos!B153","v":"PO-0021725"},{"$f":"[1]Pos!C153","v":"C&C"},{"$f":"[1]Pos!D153","v":44.52},{"$f":"[1]Pos!E153","v":11.99}]
[{"$f":"[1]Pos!A154","v":"5406B04"},{"$f":"[1]Pos!B154","v":"PO-0021725"},{"$f":"[1]Pos!C154","v":"C&C"},{"$f":"[1]Pos!D154","v":3683.71},{"$f":"[1]Pos!E154","v":13.99}]
[{"$f":"[1]Pos!A155","v":"6152B07"},{"$f":"[1]Pos!B155","v":"PO-0021727"},{"$f":"[1]Pos!C155","v":"C&C"},{"$f":"[1]Pos!D155","v":46.76},{"$f":"[1]Pos!E155","v":17.09}]
[{"$f":"[1]Pos!A156","v":"6163P01"},{"$f":"[1]Pos!B156","v":"PO-0021728"},{"$f":"[1]Pos!C156","v":"CENT"},{"$f":"[1]Pos!D156","v":1500},{"$f":"[1]Pos!E156","v":7.2}]
[{"$f":"[1]Pos!A157","v":"6164P06"},{"$f":"[1]Pos!B157","v":"PO-0021729"},{"$f":"[1]Pos!C157","v":"EXCE"},{"$f":"[1]Pos!D157","v":642.70000000000005},{"$f":"[1]Pos!E157","v":4.5999999999999996}]
[{"$f":"[1]Pos!A158","v":"6163B01"},{"$f":"[1]Pos!B158","v":"PO-0021730"},{"$f":"[1]Pos!C158","v":"RYDI"},{"$f":"[1]Pos!D158","v":755},{"$f":"[1]Pos!E158","v":4.03}]
[{"$f":"[1]Pos!A159","v":"6163B02"},{"$f":"[1]Pos!B159","v":"PO-0021730"},{"$f":"[1]Pos!C159","v":"RYDI"},{"$f":"[1]Pos!D159","v":459.5},{"$f":"[1]Pos!E159","v":7.47}]
[{"$f":"[1]Pos!A160","v":"6163B03"},{"$f":"[1]Pos!B160","v":"PO-0021730"},{"$f":"[1]Pos!C160","v":"RYDI"},{"$f":"[1]Pos!D160","v":400},{"$f":"[1]Pos!E160","v":1.65}]
[{"$f":"[1]Pos!A161","v":"6163B04"},{"$f":"[1]Pos!B161","v":"PO-0021730"},{"$f":"[1]Pos!C161","v":"RYDI"},{"$f":"[1]Pos!D161","v":500},{"$f":"[1]Pos!E161","v":7.49}]
[{"$f":"[1]Pos!A162","v":"6162B03"},{"$f":"[1]Pos!B162","v":"PO-0021731"},{"$f":"[1]Pos!C162","v":"DECA"},{"$f":"[1]Pos!D162","v":80.7},{"$f":"[1]Pos!E162","v":2.96}]
[{"$f":"[1]Pos!A163","v":"5513B10"},{"$f":"[1]Pos!B163","v":"PO-0021734"},{"$f":"[1]Pos!C163","v":"C&C"},{"$f":"[1]Pos!D163","v":1084.4486360000001},{"$f":"[1]Pos!E163","v":17.3}]
[{"$f":"[1]Pos!A164","v":"6113B03"},{"$f":"[1]Pos!B164","v":"PO-0021735"},{"$f":"[1]Pos!C164","v":"DELF"},{"$f":"[1]Pos!D164","v":21.13},{"$f":"[1]Pos!E164","v":29}]
[{"$f":"[1]Pos!A165","v":"6163B05"},{"$f":"[1]Pos!B165","v":"PO-0021735"},{"$f":"[1]Pos!C165","v":"DELF"},{"$f":"[1]Pos!D165","v":20.39},{"$f":"[1]Pos!E165","v":19}]
[{"$f":"[1]Pos!A166","v":"6164B03"},{"$f":"[1]Pos!B166","v":"PO-0021736"},{"$f":"[1]Pos!C166","v":"RYDI"},{"$f":"[1]Pos!D166","v":866},{"$f":"[1]Pos!E166","v":6.79}]
[{"$f":"[1]Pos!A167","v":"6164B04"},{"$f":"[1]Pos!B167","v":"PO-0021736"},{"$f":"[1]Pos!C167","v":"RYDI"},{"$f":"[1]Pos!D167","v":755},{"$f":"[1]Pos!E167","v":4.03}]
[{"$f":"[1]Pos!A168","v":"6164B05"},{"$f":"[1]Pos!B168","v":"PO-0021736"},{"$f":"[1]Pos!C168","v":"RYDI"},{"$f":"[1]Pos!D168","v":635},{"$f":"[1]Pos!E168","v":7.49}]
[{"$f":"[1]Pos!A169","v":"6166P01"},{"$f":"[1]Pos!B169","v":"PO-0021737"},{"$f":"[1]Pos!C169","v":"MOND"},{"$f":"[1]Pos!D169","v":7935},{"$f":"[1]Pos!E169","v":6.25}]
[{"$f":"[1]Pos!A170","v":"6162P09"},{"$f":"[1]Pos!B170","v":"PO-0021739"},{"$f":"[1]Pos!C170","v":"DESC"},{"$f":"[1]Pos!D170","v":3573.58},{"$f":"[1]Pos!E170","v":6.5}]
[{"$f":"[1]Pos!A171","v":"6165P02"},{"$f":"[1]Pos!B171","v":"PO-0021740"},{"$f":"[1]Pos!C171","v":"EXCE"},{"$f":"[1]Pos!D171","v":1284.07},{"$f":"[1]Pos!E171","v":4.5999999999999996}]
[{"$f":"[1]Pos!A172","v":"6166EM01"},{"$f":"[1]Pos!B172","v":"PO-0021744"},{"$f":"[1]Pos!C172","v":"SCAN"},{"$f":"[1]Pos!D172","v":162000},{"$f":"[1]Pos!E172","v":0.01}]
[{"$f":"[1]Pos!A173","v":195734},{"$f":"[1]Pos!B173","v":"PO-0016469"},{"$f":"[1]Pos!C173","v":"HERI"},{"$f":"[1]Pos!D173","v":30},{"$f":"[1]Pos!E173","v":10.75}]
[{"$f":"[1]Pos!A174","v":195735},{"$f":"[1]Pos!B174","v":"PO-0016469"},{"$f":"[1]Pos!C174","v":"HERI"},{"$f":"[1]Pos!D174","v":50},{"$f":"[1]Pos!E174","v":27.5}]
[{"$f":"[1]Pos!A175","v":195743},{"$f":"[1]Pos!B175","v":"PO-0016460"},{"$f":"[1]Pos!C175","v":"RIEN"},{"$f":"[1]Pos!D175","v":451.15},{"$f":"[1]Pos!E175","v":6.09}]
[{"$f":"[1]Pos!A176","v":195755},{"$f":"[1]Pos!B176","v":"PO-0016483"},{"$f":"[1]Pos!C176","v":"LES"},{"$f":"[1]Pos!D176","v":61.48},{"$f":"[1]Pos!E176","v":4.5999999999999996}]
[{"$f":"[1]Pos!A177","v":195756},{"$f":"[1]Pos!B177","v":"PO-0016483"},{"$f":"[1]Pos!C177","v":"LES"},{"$f":"[1]Pos!D177","v":124.1},{"$f":"[1]Pos!E177","v":5.12}]
[{"$f":"[1]Pos!A178","v":195765},{"$f":"[1]Pos!B178","v":"PO-0016482"},{"$f":"[1]Pos!C178","v":"LEST"},{"$f":"[1]Pos!D178","v":255.22},{"$f":"[1]Pos!E178","v":8.4700000000000006}]
[{"$f":"[1]Pos!A179","v":195766},{"$f":"[1]Pos!B179","v":"PO-0016482"},{"$f":"[1]Pos!C179","v":"LEST"},{"$f":"[1]Pos!D179","v":32.979999999999997},{"$f":"[1]Pos!E179","v":8.4700000000000006}]
[{"$f":"[1]Pos!A180","v":195767},{"$f":"[1]Pos!B180","v":"PO-0016482"},{"$f":"[1]Pos!C180","v":"LEST"},{"$f":"[1]Pos!D180","v":8},{"$f":"[1]Pos!E180","v":27.3}]
[{"$f":"[1]Pos!A181","v":195768},{"$f":"[1]Pos!B181","v":"PO-0016482"},{"$f":"[1]Pos!C181","v":"LEST"},{"$f":"[1]Pos!D181","v":45},{"$f":"[1]Pos!E181","v":5.45}]
[{"$f":"[1]Pos!A182","v":195769},{"$f":"[1]Pos!B182","v":"PO-0016482"},{"$f":"[1]Pos!C182","v":"LEST"},{"$f":"[1]Pos!D182","v":46.96},{"$f":"[1]Pos!E182","v":6.07}]
[{"$f":"[1]Pos!A183","v":195771},{"$f":"[1]Pos!B183","v":"PO-0016495"},{"$f":"[1]Pos!C183","v":"NUTR"},{"$f":"[1]Pos!D183","v":192},{"$f":"[1]Pos!E183","v":30.6}]
[{"$f":"[1]Pos!A184","v":195772},{"$f":"[1]Pos!B184","v":"PO-0016495"},{"$f":"[1]Pos!C184","v":"NUTR"},{"$f":"[1]Pos!D184","v":96},{"$f":"[1]Pos!E184","v":33}]
[{"$f":"[1]Pos!A185","v":195778},{"$f":"[1]Pos!B185","v":"PO-0016488"},{"$f":"[1]Pos!C185","v":"OLYM"},{"$f":"[1]Pos!D185","v":95.27},{"$f":"[1]Pos!E185","v":3.34}]
[{"$f":"[1]Pos!A186","v":195780},{"$f":"[1]Pos!B186","v":"PO-0016470"},{"$f":"[1]Pos!C186","v":"PLAI"},{"$f":"[1]Pos!D186","v":50},{"$f":"[1]Pos!E186","v":13}]
[{"$f":"[1]Pos!A187","v":195783},{"$f":"[1]Pos!B187","v":"PO-0016491"},{"$f":"[1]Pos!C187","v":"TAIF"},{"$f":"[1]Pos!D187","v":174.24},{"$f":"[1]Pos!E187","v":19.510000000000002}]
[{"$f":"[1]Pos!A188","v":195784},{"$f":"[1]Pos!B188","v":"PO-0016490"},{"$f":"[1]Pos!C188","v":"ARCT"},{"$f":"[1]Pos!D188","v":119.79},{"$f":"[1]Pos!E188","v":6.5}]
[{"$f":"[1]Pos!A189","v":195785},{"$f":"[1]Pos!B189","v":"PO-0016490"},{"$f":"[1]Pos!C189","v":"ARCT"},{"$f":"[1]Pos!D189","v":90},{"$f":"[1]Pos!E189","v":8.0399999999999991}]
[{"$f":"[1]Pos!A190","v":195786},{"$f":"[1]Pos!B190","v":"PO-0016468"},{"$f":"[1]Pos!C190","v":"SALA"},{"$f":"[1]Pos!D190","v":50},{"$f":"[1]Pos!E190","v":30.64}]
[{"$f":"[1]Pos!A191","v":195788},{"$f":"[1]Pos!B191","v":"PO-0016496"},{"$f":"[1]Pos!C191","v":"DELS"},{"$f":"[1]Pos!D191","v":57},{"$f":"[1]Pos!E191","v":7.3999990000000002}]
[{"$f":"[1]Pos!A192","v":195795},{"$f":"[1]Pos!B192","v":"PO-0016502"},{"$f":"[1]Pos!C192","v":"OLYM"},{"$f":"[1]Pos!D192","v":15},{"$f":"[1]Pos!E192","v":45.8}]
[{"$f":"[1]Pos!A193","v":195796},{"$f":"[1]Pos!B193","v":"PO-0016511"},{"$f":"[1]Pos!C193","v":"OLYM"},{"$f":"[1]Pos!D193","v":200},{"$f":"[1]Pos!E193","v":2.59}]
[{"$f":"[1]Pos!A194","v":195800},{"$f":"[1]Pos!B194","v":"PO-0016503"},{"$f":"[1]Pos!C194","v":"FDA"},{"$f":"[1]Pos!D194","v":120},{"$f":"[1]Pos!E194","v":9.5500000000000007}]
[{"$f":"[1]Pos!A195","v":195801},{"$f":"[1]Pos!B195","v":"PO-0016492"},{"$f":"[1]Pos!C195","v":"OCEW"},{"$f":"[1]Pos!D195","v":454},{"$f":"[1]Pos!E195","v":15.33}]
[{"$f":"[1]Pos!A196","v":195802},{"$f":"[1]Pos!B196","v":"PO-0016504"},{"$f":"[1]Pos!C196","v":"PECH"},{"$f":"[1]Pos!D196","v":204.12},{"$f":"[1]Pos!E196","v":12.35}]
[{"$f":"[1]Pos!A197","v":195807},{"$f":"[1]Pos!B197","v":"PO-0016526"},{"$f":"[1]Pos!C197","v":"NUTR"},{"$f":"[1]Pos!D197","v":144},{"$f":"[1]Pos!E197","v":30.6}]
[{"$f":"[1]Pos!A198","v":195808},{"$f":"[1]Pos!B198","v":"PO-0016526"},{"$f":"[1]Pos!C198","v":"NUTR"},{"$f":"[1]Pos!D198","v":144},{"$f":"[1]Pos!E198","v":33}]
[{"$f":"[1]Pos!A199","v":195810},{"$f":"[1]Pos!B199","v":"PO-0016520"},{"$f":"[1]Pos!C199","v":"OLYM"},{"$f":"[1]Pos!D199","v":95.27},{"$f":"[1]Pos!E199","v":3.34}]
[{"$f":"[1]Pos!A200","v":195812},{"$f":"[1]Pos!B200","v":"PO-0016524"},{"$f":"[1]Pos!C200","v":"BLP"},{"$f":"[1]Pos!D200","v":20},{"$f":"[1]Pos!E200","v":74}]
[{"$f":"[1]Pos!A201","v":195813},{"$f":"[1]Pos!B201","v":"PO-0016523"},{"$f":"[1]Pos!C201","v":"HERI"},{"$f":"[1]Pos!D201","v":20},{"$f":"[1]Pos!E201","v":10.75}]
[{"$f":"[1]Pos!A202","v":195814},{"$f":"[1]Pos!B202","v":"PO-0016523"},{"$f":"[1]Pos!C202","v":"HERI"},{"$f":"[1]Pos!D202","v":42},{"$f":"[1]Pos!E202","v":27.5}]
[{"$f":"[1]Pos!A203","v":195818},{"$f":"[1]Pos!B203","v":"PO-0016532"},{"$f":"[1]Pos!C203","v":"LEST"},{"$f":"[1]Pos!D203","v":92.38},{"$f":"[1]Pos!E203","v":8.4700000000000006}]
[{"$f":"[1]Pos!A204","v":195819},{"$f":"[1]Pos!B204","v":"PO-0016525"},{"$f":"[1]Pos!C204","v":"SPEC"},{"$f":"[1]Pos!D204","v":60},{"$f":"[1]Pos!E204","v":23.5}]
[{"$f":"[1]Pos!A205","v":195820},{"$f":"[1]Pos!B205","v":"PO-0016525"},{"$f":"[1]Pos!C205","v":"SPEC"},{"$f":"[1]Pos!D205","v":60},{"$f":"[1]Pos!E205","v":33.950000000000003}]
[{"$f":"[1]Pos!A206","v":195821},{"$f":"[1]Pos!B206","v":"PO-0016534"},{"$f":"[1]Pos!C206","v":"MIRO"},{"$f":"[1]Pos!D206","v":40},{"$f":"[1]Pos!E206","v":20.5}]
[{"$f":"[1]Pos!A207","v":195822},{"$f":"[1]Pos!B207","v":"PO-0016534"},{"$f":"[1]Pos!C207","v":"MIRO"},{"$f":"[1]Pos!D207","v":135},{"$f":"[1]Pos!E207","v":7.65}]
[{"$f":"[1]Pos!A208","v":195838},{"$f":"[1]Pos!B208","v":"PO-0016520"},{"$f":"[1]Pos!C208","v":"OLYM"},{"$f":"[1]Pos!D208","v":15},{"$f":"[1]Pos!E208","v":8.43}]
[{"$f":"[1]Pos!A209","v":195839},{"$f":"[1]Pos!B209","v":"PO-0016522"},{"$f":"[1]Pos!C209","v":"LES"},{"$f":"[1]Pos!D209","v":29.72},{"$f":"[1]Pos!E209","v":3.79}]
[{"$f":"[1]Pos!A210","v":195840},{"$f":"[1]Pos!B210","v":"PO-0016522"},{"$f":"[1]Pos!C210","v":"LES"},{"$f":"[1]Pos!D210","v":31.44},{"$f":"[1]Pos!E210","v":4.5999999999999996}]
[{"$f":"[1]Pos!A211","v":195841},{"$f":"[1]Pos!B211","v":"PO-0016522"},{"$f":"[1]Pos!C211","v":"LES"},{"$f":"[1]Pos!D211","v":126.22},{"$f":"[1]Pos!E211","v":5.12}]
[{"$f":"[1]Pos!A212","v":195842},{"$f":"[1]Pos!B212","v":"PO-0016540"},{"$f":"[1]Pos!C212","v":"DECA"},{"$f":"[1]Pos!D212","v":16.782917999999999},{"$f":"[1]Pos!E212","v":12.68}]
[{"$f":"[1]Pos!A213","v":195859},{"$f":"[1]Pos!B213","v":"PO-0016552"},{"$f":"[1]Pos!C213","v":"CENT"},{"$f":"[1]Pos!D213","v":725.76},{"$f":"[1]Pos!E213","v":4.8}]
[{"$f":"[1]Pos!A214","v":195860},{"$f":"[1]Pos!B214","v":"PO-0016548"},{"$f":"[1]Pos!C214","v":"DECA"},{"$f":"[1]Pos!D214","v":55.020755000000001},{"$f":"[1]Pos!E214","v":12.68}]
[{"$f":"[1]Pos!A215","v":195862},{"$f":"[1]Pos!B215","v":"PO-0016516"},{"$f":"[1]Pos!C215","v":"MLF"},{"$f":"[1]Pos!D215","v":50},{"$f":"[1]Pos!E215","v":14.85}]
[{"$f":"[1]Pos!A216","v":195864},{"$f":"[1]Pos!B216","v":"PO-0016546"},{"$f":"[1]Pos!C216","v":"OLYM"},{"$f":"[1]Pos!D216","v":60},{"$f":"[1]Pos!E216","v":13.92}]
[{"$f":"[1]Pos!A217","v":195865},{"$f":"[1]Pos!B217","v":"PO-0016546"},{"$f":"[1]Pos!C217","v":"OLYM"},{"$f":"[1]Pos!D217","v":150},{"$f":"[1]Pos!E217","v":36.5}]
[{"$f":"[1]Pos!A218","v":195866},{"$f":"[1]Pos!B218","v":"PO-0016546"},{"$f":"[1]Pos!C218","v":"OLYM"},{"$f":"[1]Pos!D218","v":50},{"$f":"[1]Pos!E218","v":41.2}]
[{"$f":"[1]Pos!A219","v":195879},{"$f":"[1]Pos!B219","v":"PO-0016550"},{"$f":"[1]Pos!C219","v":"PECH"},{"$f":"[1]Pos!D219","v":454},{"$f":"[1]Pos!E219","v":3.64}]
[{"$f":"[1]Pos!A220","v":195880},{"$f":"[1]Pos!B220","v":"PO-0016558"},{"$f":"[1]Pos!C220","v":"NUTR"},{"$f":"[1]Pos!D220","v":240},{"$f":"[1]Pos!E220","v":30.6}]
[{"$f":"[1]Pos!A221","v":195881},{"$f":"[1]Pos!B221","v":"PO-0016558"},{"$f":"[1]Pos!C221","v":"NUTR"},{"$f":"[1]Pos!D221","v":192},{"$f":"[1]Pos!E221","v":33}]
[{"$f":"[1]Pos!A222","v":195894},{"$f":"[1]Pos!B222","v":"PO-0016568"},{"$f":"[1]Pos!C222","v":"OLYM"},{"$f":"[1]Pos!D222","v":500},{"$f":"[1]Pos!E222","v":2.59}]
[{"$f":"[1]Pos!A223","v":195897},{"$f":"[1]Pos!B223","v":"PO-0016566"},{"$f":"[1]Pos!C223","v":"OLYM"},{"$f":"[1]Pos!D223","v":1209.1199999999999},{"$f":"[1]Pos!E223","v":3.57}]
[{"$f":"[1]Pos!A224","v":195898},{"$f":"[1]Pos!B224","v":"PO-0016515"},{"$f":"[1]Pos!C224","v":"MLF"},{"$f":"[1]Pos!D224","v":180},{"$f":"[1]Pos!E224","v":124}]
[{"$f":"[1]Pos!A225","v":195899},{"$f":"[1]Pos!B225","v":"PO-0016515"},{"$f":"[1]Pos!C225","v":"MLF"},{"$f":"[1]Pos!D225","v":5},{"$f":"[1]Pos!E225","v":47.04}]
[{"$f":"[1]Pos!A226","v":195900},{"$f":"[1]Pos!B226","v":"PO-0016515"},{"$f":"[1]Pos!C226","v":"MLF"},{"$f":"[1]Pos!D226","v":1500},{"$f":"[1]Pos!E226","v":3.65}]
[{"$f":"[1]Pos!A227","v":195904},{"$f":"[1]Pos!B227","v":"PO-0016563"},{"$f":"[1]Pos!C227","v":"VEST"},{"$f":"[1]Pos!D227","v":100},{"$f":"[1]Pos!E227","v":46.4}]
[{"$f":"[1]Pos!A228","v":195905},{"$f":"[1]Pos!B228","v":"PO-0016573"},{"$f":"[1]Pos!C228","v":"VEST"},{"$f":"[1]Pos!D228","v":100},{"$f":"[1]Pos!E228","v":50.4}]
[{"$f":"[1]Pos!A229","v":195906},{"$f":"[1]Pos!B229","v":"PO-0016574"},{"$f":"[1]Pos!C229","v":"DELS"},{"$f":"[1]Pos!D229","v":107.02},{"$f":"[1]Pos!E229","v":7.3999990000000002}]
[{"$f":"[1]Pos!A230","v":195918},{"$f":"[1]Pos!B230","v":"PO-0016580"},{"$f":"[1]Pos!C230","v":"GIRO"},{"$f":"[1]Pos!D230","v":903.88},{"$f":"[1]Pos!E230","v":5.5}]
[{"$f":"[1]Pos!A231","v":195919},{"$f":"[1]Pos!B231","v":"PO-0016582"},{"$f":"[1]Pos!C231","v":"DELF-ON"},{"$f":"[1]Pos!D231","v":48},{"$f":"[1]Pos!E231","v":29.69}]
[{"$f":"[1]Pos!A232","v":195920},{"$f":"[1]Pos!B232","v":"PO-0016569"},{"$f":"[1]Pos!C232","v":"OLYM"},{"$f":"[1]Pos!D232","v":2700},{"$f":"[1]Pos!E232","v":3.79}]
[{"$f":"[1]Pos!A233","v":195921},{"$f":"[1]Pos!B233","v":"PO-0016569"},{"$f":"[1]Pos!C233","v":"OLYM"},{"$f":"[1]Pos!D233","v":900},{"$f":"[1]Pos!E233","v":3.79}]
[{"$f":"[1]Pos!A234","v":195928},{"$f":"[1]Pos!B234","v":"PO-0016577"},{"$f":"[1]Pos!C234","v":"ROMA"},{"$f":"[1]Pos!D234","v":500},{"$f":"[1]Pos!E234","v":5.5}]
[{"$f":"[1]Pos!A235","v":195929},{"$f":"[1]Pos!B235","v":"PO-0016577"},{"$f":"[1]Pos!C235","v":"ROMA"},{"$f":"[1]Pos!D235","v":240},{"$f":"[1]Pos!E235","v":6.7}]
[{"$f":"[1]Pos!A236","v":195930},{"$f":"[1]Pos!B236","v":"PO-0016577"},{"$f":"[1]Pos!C236","v":"ROMA"},{"$f":"[1]Pos!D236","v":15},{"$f":"[1]Pos!E236","v":6.67}]
[{"$f":"[1]Pos!A237","v":195931},{"$f":"[1]Pos!B237","v":"PO-0016584"},{"$f":"[1]Pos!C237","v":"NUTR"},{"$f":"[1]Pos!D237","v":48},{"$f":"[1]Pos!E237","v":30.6}]
[{"$f":"[1]Pos!A238","v":195932},{"$f":"[1]Pos!B238","v":"PO-0016584"},{"$f":"[1]Pos!C238","v":"NUTR"},{"$f":"[1]Pos!D238","v":144},{"$f":"[1]Pos!E238","v":33}]
[{"$f":"[1]Pos!A239","v":195942},{"$f":"[1]Pos!B239","v":"PO-0016587"},{"$f":"[1]Pos!C239","v":"SPEC"},{"$f":"[1]Pos!D239","v":120},{"$f":"[1]Pos!E239","v":17.95}]
[{"$f":"[1]Pos!A240","v":195943},{"$f":"[1]Pos!B240","v":"PO-0016587"},{"$f":"[1]Pos!C240","v":"SPEC"},{"$f":"[1]Pos!D240","v":80},{"$f":"[1]Pos!E240","v":19.95}]
[{"$f":"[1]Pos!A241","v":195944},{"$f":"[1]Pos!B241","v":"PO-0016586"},{"$f":"[1]Pos!C241","v":"HERI"},{"$f":"[1]Pos!D241","v":10},{"$f":"[1]Pos!E241","v":10.75}]
[{"$f":"[1]Pos!A242","v":195945},{"$f":"[1]Pos!B242","v":"PO-0016586"},{"$f":"[1]Pos!C242","v":"HERI"},{"$f":"[1]Pos!D242","v":42},{"$f":"[1]Pos!E242","v":27.5}]
[{"$f":"[1]Pos!A243","v":195946},{"$f":"[1]Pos!B243","v":"PO-0016591"},{"$f":"[1]Pos!C243","v":"FDA"},{"$f":"[1]Pos!D243","v":119.6},{"$f":"[1]Pos!E243","v":9.5500000000000007}]
[{"$f":"[1]Pos!A244","v":195947},{"$f":"[1]Pos!B244","v":"PO-0016588"},{"$f":"[1]Pos!C244","v":99},{"$f":"[1]Pos!D244","v":96},{"$f":"[1]Pos!E244","v":42}]
[{"$f":"[1]Pos!A245","v":195949},{"$f":"[1]Pos!B245","v":"PO-0016589"},{"$f":"[1]Pos!C245","v":"LEST"},{"$f":"[1]Pos!D245","v":380.78},{"$f":"[1]Pos!E245","v":8.4700000000000006}]
[{"$f":"[1]Pos!A246","v":195950},{"$f":"[1]Pos!B246","v":"PO-0016589"},{"$f":"[1]Pos!C246","v":"LEST"},{"$f":"[1]Pos!D246","v":58.54},{"$f":"[1]Pos!E246","v":8.4700000000000006}]
[{"$f":"[1]Pos!A247","v":195951},{"$f":"[1]Pos!B247","v":"PO-0016589"},{"$f":"[1]Pos!C247","v":"LEST"},{"$f":"[1]Pos!D247","v":19.7},{"$f":"[1]Pos!E247","v":7.49}]
[{"$f":"[1]Pos!A248","v":195952},{"$f":"[1]Pos!B248","v":"PO-0016589"},{"$f":"[1]Pos!C248","v":"LEST"},{"$f":"[1]Pos!D248","v":30},{"$f":"[1]Pos!E248","v":27.3}]
[{"$f":"[1]Pos!A249","v":195953},{"$f":"[1]Pos!B249","v":"PO-0016589"},{"$f":"[1]Pos!C249","v":"LEST"},{"$f":"[1]Pos!D249","v":10},{"$f":"[1]Pos!E249","v":27.3}]
[{"$f":"[1]Pos!A250","v":195954},{"$f":"[1]Pos!B250","v":"PO-0016589"},{"$f":"[1]Pos!C250","v":"LEST"},{"$f":"[1]Pos!D250","v":30},{"$f":"[1]Pos!E250","v":5.45}]
[{"$f":"[1]Pos!A251","v":195955},{"$f":"[1]Pos!B251","v":"PO-0016589"},{"$f":"[1]Pos!C251","v":"LEST"},{"$f":"[1]Pos!D251","v":69.989999999999995},{"$f":"[1]Pos!E251","v":6.07}]
[{"$f":"[1]Pos!A252","v":195957},{"$f":"[1]Pos!B252","v":"PO-0016594"},{"$f":"[1]Pos!C252","v":"OLYM"},{"$f":"[1]Pos!D252","v":95.27},{"$f":"[1]Pos!E252","v":3.45}]
[{"$f":"[1]Pos!A253","v":195959},{"$f":"[1]Pos!B253","v":"PO-0016594"},{"$f":"[1]Pos!C253","v":"OLYM"},{"$f":"[1]Pos!D253","v":24.13},{"$f":"[1]Pos!E253","v":2.4}]
[{"$f":"[1]Pos!A254","v":195995},{"$f":"[1]Pos!B254","v":"PO-0016576"},{"$f":"[1]Pos!C254","v":"PLAI"},{"$f":"[1]Pos!D254","v":60},{"$f":"[1]Pos!E254","v":13}]
[{"$f":"[1]Pos!A255","v":195996},{"$f":"[1]Pos!B255","v":"PO-0016618"},{"$f":"[1]Pos!C255","v":"LIBE"},{"$f":"[1]Pos!D255","v":227},{"$f":"[1]Pos!E255","v":11.58}]
[{"$f":"[1]Pos!A256","v":195997},{"$f":"[1]Pos!B256","v":"PO-0016621"},{"$f":"[1]Pos!C256","v":"NUTR"},{"$f":"[1]Pos!D256","v":96},{"$f":"[1]Pos!E256","v":33}]
[{"$f":"[1]Pos!A257","v":195998},{"$f":"[1]Pos!B257","v":"PO-0016621"},{"$f":"[1]Pos!C257","v":"NUTR"},{"$f":"[1]Pos!D257","v":48},{"$f":"[1]Pos!E257","v":30.6}]
[{"$f":"[1]Pos!A258","v":196002},{"$f":"[1]Pos!B258","v":"PO-0016622"},{"$f":"[1]Pos!C258","v":"ARCT"},{"$f":"[1]Pos!D258","v":130.68},{"$f":"[1]Pos!E258","v":6.5}]
[{"$f":"[1]Pos!A259","v":196003},{"$f":"[1]Pos!B259","v":"PO-0016622"},{"$f":"[1]Pos!C259","v":"ARCT"},{"$f":"[1]Pos!D259","v":90},{"$f":"[1]Pos!E259","v":8.08}]
[{"$f":"[1]Pos!A260","v":196006},{"$f":"[1]Pos!B260","v":"PO-0016626"},{"$f":"[1]Pos!C260","v":"ACCU"},{"$f":"[1]Pos!D260","v":1967.39},{"$f":"[1]Pos!E260","v":5.65}]
[{"$f":"[1]Pos!A261","v":196007},{"$f":"[1]Pos!B261","v":"PO-0016617"},{"$f":"[1]Pos!C261","v":"LES"},{"$f":"[1]Pos!D261","v":547.92999999999995},{"$f":"[1]Pos!E261","v":5.12}]
[{"$f":"[1]Pos!A262","v":196008},{"$f":"[1]Pos!B262","v":"PO-0016627"},{"$f":"[1]Pos!C262","v":"CHAMP"},{"$f":"[1]Pos!D262","v":20},{"$f":"[1]Pos!E262","v":37.21}]
[{"$f":"[1]Pos!A263","v":196025},{"$f":"[1]Pos!B263","v":"PO-0016637"},{"$f":"[1]Pos!C263","v":"HERI"},{"$f":"[1]Pos!D263","v":5},{"$f":"[1]Pos!E263","v":10.75}]
[{"$f":"[1]Pos!A264","v":196026},{"$f":"[1]Pos!B264","v":"PO-0016637"},{"$f":"[1]Pos!C264","v":"HERI"},{"$f":"[1]Pos!D264","v":42},{"$f":"[1]Pos!E264","v":27.5}]
[{"$f":"[1]Pos!A265","v":196027},{"$f":"[1]Pos!B265","v":"PO-0016638"},{"$f":"[1]Pos!C265","v":"BLP"},{"$f":"[1]Pos!D265","v":20},{"$f":"[1]Pos!E265","v":74}]
[{"$f":"[1]Pos!A266","v":196028},{"$f":"[1]Pos!B266","v":"PO-0016641"},{"$f":"[1]Pos!C266","v":"ECO"},{"$f":"[1]Pos!D266","v":68.040000000000006},{"$f":"[1]Pos!E266","v":22.93}]
[{"$f":"[1]Pos!A267","v":196030},{"$f":"[1]Pos!B267","v":"PO-0016634"},{"$f":"[1]Pos!C267","v":"OLYM"},{"$f":"[1]Pos!D267","v":10},{"$f":"[1]Pos!E267","v":27.05}]
[{"$f":"[1]Pos!A268","v":196031},{"$f":"[1]Pos!B268","v":"PO-0016634"},{"$f":"[1]Pos!C268","v":"OLYM"},{"$f":"[1]Pos!D268","v":10},{"$f":"[1]Pos!E268","v":19.3}]
[{"$f":"[1]Pos!A269","v":196032},{"$f":"[1]Pos!B269","v":"PO-0016634"},{"$f":"[1]Pos!C269","v":"OLYM"},{"$f":"[1]Pos!D269","v":1210.48},{"$f":"[1]Pos!E269","v":3.57}]
[{"$f":"[1]Pos!A270","v":196034},{"$f":"[1]Pos!B270","v":"PO-0016634"},{"$f":"[1]Pos!C270","v":"OLYM"},{"$f":"[1]Pos!D270","v":19.79},{"$f":"[1]Pos!E270","v":2.44}]
[{"$f":"[1]Pos!A271","v":196035},{"$f":"[1]Pos!B271","v":"PO-0016636"},{"$f":"[1]Pos!C271","v":"LEST"},{"$f":"[1]Pos!D271","v":343.78},{"$f":"[1]Pos!E271","v":8.4700000000000006}]
[{"$f":"[1]Pos!A272","v":196036},{"$f":"[1]Pos!B272","v":"PO-0016636"},{"$f":"[1]Pos!C272","v":"LEST"},{"$f":"[1]Pos!D272","v":76.319999999999993},{"$f":"[1]Pos!E272","v":8.4700000000000006}]
[{"$f":"[1]Pos!A273","v":196037},{"$f":"[1]Pos!B273","v":"PO-0016636"},{"$f":"[1]Pos!C273","v":"LEST"},{"$f":"[1]Pos!D273","v":4},{"$f":"[1]Pos!E273","v":27.3}]
[{"$f":"[1]Pos!A274","v":196038},{"$f":"[1]Pos!B274","v":"PO-0016636"},{"$f":"[1]Pos!C274","v":"LEST"},{"$f":"[1]Pos!D274","v":4},{"$f":"[1]Pos!E274","v":27.3}]
[{"$f":"[1]Pos!A275","v":196039},{"$f":"[1]Pos!B275","v":"PO-0016636"},{"$f":"[1]Pos!C275","v":"LEST"},{"$f":"[1]Pos!D275","v":30},{"$f":"[1]Pos!E275","v":27.3}]
[{"$f":"[1]Pos!A276","v":196040},{"$f":"[1]Pos!B276","v":"PO-0016636"},{"$f":"[1]Pos!C276","v":"LEST"},{"$f":"[1]Pos!D276","v":10},{"$f":"[1]Pos!E276","v":27.3}]
[{"$f":"[1]Pos!A277","v":196041},{"$f":"[1]Pos!B277","v":"PO-0016636"},{"$f":"[1]Pos!C277","v":"LEST"},{"$f":"[1]Pos!D277","v":40},{"$f":"[1]Pos!E277","v":6.07}]
[{"$f":"[1]Pos!A278","v":196042},{"$f":"[1]Pos!B278","v":"PO-0016636"},{"$f":"[1]Pos!C278","v":"LEST"},{"$f":"[1]Pos!D278","v":30},{"$f":"[1]Pos!E278","v":5.45}]
[{"$f":"[1]Pos!A279","v":196043},{"$f":"[1]Pos!B279","v":"PO-0016636"},{"$f":"[1]Pos!C279","v":"LEST"},{"$f":"[1]Pos!D279","v":75},{"$f":"[1]Pos!E279","v":5.28}]
[{"$f":"[1]Pos!A280","v":196055},{"$f":"[1]Pos!B280","v":"PO-0016645"},{"$f":"[1]Pos!C280","v":"OLYM"},{"$f":"[1]Pos!D280","v":95.27},{"$f":"[1]Pos!E280","v":3.67}]
[{"$f":"[1]Pos!A281","v":196057},{"$f":"[1]Pos!B281","v":"PO-0016645"},{"$f":"[1]Pos!C281","v":"OLYM"},{"$f":"[1]Pos!D281","v":341.46},{"$f":"[1]Pos!E281","v":3.22}]
[{"$f":"[1]Pos!A282","v":196068},{"$f":"[1]Pos!B282","v":"PO-0016659"},{"$f":"[1]Pos!C282","v":"OLYM"},{"$f":"[1]Pos!D282","v":500},{"$f":"[1]Pos!E282","v":2.59}]
[{"$f":"[1]Pos!A283","v":196084},{"$f":"[1]Pos!B283","v":"PO-0016663"},{"$f":"[1]Pos!C283","v":"PECH"},{"$f":"[1]Pos!D283","v":90.8},{"$f":"[1]Pos!E283","v":7.16}]
[{"$f":"[1]Pos!A284","v":196085},{"$f":"[1]Pos!B284","v":"PO-0016663"},{"$f":"[1]Pos!C284","v":"PECH"},{"$f":"[1]Pos!D284","v":227},{"$f":"[1]Pos!E284","v":2.87}]
[{"$f":"[1]Pos!A285","v":196086},{"$f":"[1]Pos!B285","v":"PO-0016628"},{"$f":"[1]Pos!C285","v":"SALA"},{"$f":"[1]Pos!D285","v":50},{"$f":"[1]Pos!E285","v":30.64}]
[{"$f":"[1]Pos!A286","v":196087},{"$f":"[1]Pos!B286","v":"PO-0016677"},{"$f":"[1]Pos!C286","v":"FDA"},{"$f":"[1]Pos!D286","v":90.8},{"$f":"[1]Pos!E286","v":10.79}]
[{"$f":"[1]Pos!A287","v":196090},{"$f":"[1]Pos!B287","v":"PO-0016673"},{"$f":"[1]Pos!C287","v":"NUTR"},{"$f":"[1]Pos!D287","v":192},{"$f":"[1]Pos!E287","v":30.6}]
[{"$f":"[1]Pos!A288","v":196091},{"$f":"[1]Pos!B288","v":"PO-0016673"},{"$f":"[1]Pos!C288","v":"NUTR"},{"$f":"[1]Pos!D288","v":96},{"$f":"[1]Pos!E288","v":33}]
[{"$f":"[1]Pos!A289","v":196092},{"$f":"[1]Pos!B289","v":"PO-0016660"},{"$f":"[1]Pos!C289","v":"OLYM"},{"$f":"[1]Pos!D289","v":3600},{"$f":"[1]Pos!E289","v":3.79}]
[{"$f":"[1]Pos!A290","v":196096},{"$f":"[1]Pos!B290","v":"PO-0016678"},{"$f":"[1]Pos!C290","v":"DELS"},{"$f":"[1]Pos!D290","v":128.56},{"$f":"[1]Pos!E290","v":7.4}]
[{"$f":"[1]Pos!A291","v":196110},{"$f":"[1]Pos!B291","v":"PO-0016689"},{"$f":"[1]Pos!C291","v":"VEST"},{"$f":"[1]Pos!D291","v":50},{"$f":"[1]Pos!E291","v":28.6}]
[{"$f":"[1]Pos!A292","v":196114},{"$f":"[1]Pos!B292","v":"PO-0016690"},{"$f":"[1]Pos!C292","v":"ALIMPLUS"},{"$f":"[1]Pos!D292","v":20},{"$f":"[1]Pos!E292","v":54.5}]
[{"$f":"[1]Pos!A293","v":196115},{"$f":"[1]Pos!B293","v":"PO-0016691"},{"$f":"[1]Pos!C293","v":"DELS"},{"$f":"[1]Pos!D293","v":122.56},{"$f":"[1]Pos!E293","v":7.4}]
[{"$f":"[1]Pos!A294","v":196131},{"$f":"[1]Pos!B294","v":"PO-0016662"},{"$f":"[1]Pos!C294","v":"UNI"},{"$f":"[1]Pos!D294","v":1000},{"$f":"[1]Pos!E294","v":7.7}]
[{"$f":"[1]Pos!A295","v":196132},{"$f":"[1]Pos!B295","v":"PO-0016698"},{"$f":"[1]Pos!C295","v":"PEAR"},{"$f":"[1]Pos!D295","v":45.4},{"$f":"[1]Pos!E295","v":31.97}]
[{"$f":"[1]Pos!A296","v":196133},{"$f":"[1]Pos!B296","v":"PO-0016698"},{"$f":"[1]Pos!C296","v":"PEAR"},{"$f":"[1]Pos!D296","v":113.5},{"$f":"[1]Pos!E296","v":9.3699999999999992}]
[{"$f":"[1]Pos!A297","v":196134},{"$f":"[1]Pos!B297","v":"PO-0016697"},{"$f":"[1]Pos!C297","v":"4FC"},{"$f":"[1]Pos!D297","v":45.4},{"$f":"[1]Pos!E297","v":40.79}]
[{"$f":"[1]Pos!A298","v":196135},{"$f":"[1]Pos!B298","v":"PO-0016697"},{"$f":"[1]Pos!C298","v":"4FC"},{"$f":"[1]Pos!D298","v":18.16},{"$f":"[1]Pos!E298","v":20.72}]
[{"$f":"[1]Pos!A299","v":196136},{"$f":"[1]Pos!B299","v":"PO-0016697"},{"$f":"[1]Pos!C299","v":"4FC"},{"$f":"[1]Pos!D299","v":113.5},{"$f":"[1]Pos!E299","v":8.7100000000000009}]
[{"$f":"[1]Pos!A300","v":196139},{"$f":"[1]Pos!B300","v":"PO-0016709"},{"$f":"[1]Pos!C300","v":"PIER"},{"$f":"[1]Pos!D300","v":68.099999999999994},{"$f":"[1]Pos!E300","v":6.26}]
[{"$f":"[1]Pos!A301","v":196140},{"$f":"[1]Pos!B301","v":"PO-0016709"},{"$f":"[1]Pos!C301","v":"PIER"},{"$f":"[1]Pos!D301","v":68.099999999999994},{"$f":"[1]Pos!E301","v":11.05}]
[{"$f":"[1]Pos!A302","v":196141},{"$f":"[1]Pos!B302","v":"PO-0016709"},{"$f":"[1]Pos!C302","v":"PIER"},{"$f":"[1]Pos!D302","v":22.7},{"$f":"[1]Pos!E302","v":16.21}]
[{"$f":"[1]Pos!A303","v":196145},{"$f":"[1]Pos!B303","v":"PO-0016704"},{"$f":"[1]Pos!C303","v":"GEOR"},{"$f":"[1]Pos!D303","v":175.7},{"$f":"[1]Pos!E303","v":10.5}]
[{"$f":"[1]Pos!A304","v":196146},{"$f":"[1]Pos!B304","v":"PO-0016716"},{"$f":"[1]Pos!C304","v":"DECA"},{"$f":"[1]Pos!D304","v":20.911000000000001},{"$f":"[1]Pos!E304","v":13.72}]
[{"$f":"[1]Pos!A305","v":196148},{"$f":"[1]Pos!B305","v":"PO-0016716"},{"$f":"[1]Pos!C305","v":"DECA"},{"$f":"[1]Pos!D305","v":32.068981000000001},{"$f":"[1]Pos!E305","v":8.49}]
[{"$f":"[1]Pos!A306","v":196149},{"$f":"[1]Pos!B306","v":"PO-0016710"},{"$f":"[1]Pos!C306","v":"HERI"},{"$f":"[1]Pos!D306","v":20},{"$f":"[1]Pos!E306","v":10.75}]
[{"$f":"[1]Pos!A307","v":196150},{"$f":"[1]Pos!B307","v":"PO-0016710"},{"$f":"[1]Pos!C307","v":"HERI"},{"$f":"[1]Pos!D307","v":42},{"$f":"[1]Pos!E307","v":27.5}]
[{"$f":"[1]Pos!A308","v":196152},{"$f":"[1]Pos!B308","v":"PO-0016712"},{"$f":"[1]Pos!C308","v":"SPEC"},{"$f":"[1]Pos!D308","v":60},{"$f":"[1]Pos!E308","v":17.95}]
[{"$f":"[1]Pos!A309","v":196153},{"$f":"[1]Pos!B309","v":"PO-0016712"},{"$f":"[1]Pos!C309","v":"SPEC"},{"$f":"[1]Pos!D309","v":80},{"$f":"[1]Pos!E309","v":19.95}]
[{"$f":"[1]Pos!A310","v":196154},{"$f":"[1]Pos!B310","v":"PO-0016713"},{"$f":"[1]Pos!C310","v":"LEST"},{"$f":"[1]Pos!D310","v":236.96},{"$f":"[1]Pos!E310","v":8.4700000000000006}]
[{"$f":"[1]Pos!A311","v":196155},{"$f":"[1]Pos!B311","v":"PO-0016713"},{"$f":"[1]Pos!C311","v":"LEST"},{"$f":"[1]Pos!D311","v":49.42},{"$f":"[1]Pos!E311","v":8.4700000000000006}]
[{"$f":"[1]Pos!A312","v":196156},{"$f":"[1]Pos!B312","v":"PO-0016713"},{"$f":"[1]Pos!C312","v":"LEST"},{"$f":"[1]Pos!D312","v":15.47},{"$f":"[1]Pos!E312","v":7.49}]
[{"$f":"[1]Pos!A313","v":196157},{"$f":"[1]Pos!B313","v":"PO-0016713"},{"$f":"[1]Pos!C313","v":"LEST"},{"$f":"[1]Pos!D313","v":2},{"$f":"[1]Pos!E313","v":27.3}]
[{"$f":"[1]Pos!A314","v":196158},{"$f":"[1]Pos!B314","v":"PO-0016713"},{"$f":"[1]Pos!C314","v":"LEST"},{"$f":"[1]Pos!D314","v":50},{"$f":"[1]Pos!E314","v":6.07}]
[{"$f":"[1]Pos!A315","v":196161},{"$f":"[1]Pos!B315","v":"PO-0016719"},{"$f":"[1]Pos!C315","v":"EXCE"},{"$f":"[1]Pos!D315","v":82.05},{"$f":"[1]Pos!E315","v":3.93}]
[{"$f":"[1]Pos!A316","v":196165},{"$f":"[1]Pos!B316","v":"PO-0016661"},{"$f":"[1]Pos!C316","v":"OLYM"},{"$f":"[1]Pos!D316","v":95.27},{"$f":"[1]Pos!E316","v":3.78}]
[{"$f":"[1]Pos!A317","v":196167},{"$f":"[1]Pos!B317","v":"PO-0016661"},{"$f":"[1]Pos!C317","v":"OLYM"},{"$f":"[1]Pos!D317","v":15},{"$f":"[1]Pos!E317","v":8.43}]
[{"$f":"[1]Pos!A318","v":196179},{"$f":"[1]Pos!B318","v":"PO-0016730"},{"$f":"[1]Pos!C318","v":"SAPO"},{"$f":"[1]Pos!D318","v":720},{"$f":"[1]Pos!E318","v":18.100000000000001}]
[{"$f":"[1]Pos!A319","v":196188},{"$f":"[1]Pos!B319","v":"PO-0016743"},{"$f":"[1]Pos!C319","v":"NUTR"},{"$f":"[1]Pos!D319","v":192},{"$f":"[1]Pos!E319","v":30.6}]
[{"$f":"[1]Pos!A320","v":196189},{"$f":"[1]Pos!B320","v":"PO-0016743"},{"$f":"[1]Pos!C320","v":"NUTR"},{"$f":"[1]Pos!D320","v":96},{"$f":"[1]Pos!E320","v":33}]
[{"$f":"[1]Pos!A321","v":196191},{"$f":"[1]Pos!B321","v":"PO-0016711"},{"$f":"[1]Pos!C321","v":"PLAI"},{"$f":"[1]Pos!D321","v":60},{"$f":"[1]Pos!E321","v":13}]
[{"$f":"[1]Pos!A322","v":196201},{"$f":"[1]Pos!B322","v":"PO-0016740"},{"$f":"[1]Pos!C322","v":"OLYM"},{"$f":"[1]Pos!D322","v":150},{"$f":"[1]Pos!E322","v":36.5}]
[{"$f":"[1]Pos!A323","v":196202},{"$f":"[1]Pos!B323","v":"PO-0016740"},{"$f":"[1]Pos!C323","v":"OLYM"},{"$f":"[1]Pos!D323","v":35.869999999999997},{"$f":"[1]Pos!E323","v":4.72}]
[{"$f":"[1]Pos!A324","v":196207},{"$f":"[1]Pos!B324","v":"PO-0016706"},{"$f":"[1]Pos!C324","v":"MLF"},{"$f":"[1]Pos!D324","v":120},{"$f":"[1]Pos!E324","v":124}]
[{"$f":"[1]Pos!A325","v":196208},{"$f":"[1]Pos!B325","v":"PO-0016706"},{"$f":"[1]Pos!C325","v":"MLF"},{"$f":"[1]Pos!D325","v":1500},{"$f":"[1]Pos!E325","v":3.65}]
[{"$f":"[1]Pos!A326","v":196209},{"$f":"[1]Pos!B326","v":"PO-0016742"},{"$f":"[1]Pos!C326","v":"VEST"},{"$f":"[1]Pos!D326","v":50},{"$f":"[1]Pos!E326","v":46.4}]
[{"$f":"[1]Pos!A327","v":196213},{"$f":"[1]Pos!B327","v":"PO-0016741"},{"$f":"[1]Pos!C327","v":"DELS"},{"$f":"[1]Pos!D327","v":135.24},{"$f":"[1]Pos!E327","v":7.4}]
[{"$f":"[1]Pos!A328","v":196224},{"$f":"[1]Pos!B328","v":"PO-0016705"},{"$f":"[1]Pos!C328","v":"GEOR"},{"$f":"[1]Pos!D328","v":129.04},{"$f":"[1]Pos!E328","v":10.99}]
[{"$f":"[1]Pos!A329","v":196230},{"$f":"[1]Pos!B329","v":"PO-0016765"},{"$f":"[1]Pos!C329","v":"NUTR"},{"$f":"[1]Pos!D329","v":96},{"$f":"[1]Pos!E329","v":33}]
[{"$f":"[1]Pos!A330","v":196242},{"$f":"[1]Pos!B330","v":"PO-0016764"},{"$f":"[1]Pos!C330","v":"SPEC"},{"$f":"[1]Pos!D330","v":60},{"$f":"[1]Pos!E330","v":17.95}]
[{"$f":"[1]Pos!A331","v":196243},{"$f":"[1]Pos!B331","v":"PO-0016763"},{"$f":"[1]Pos!C331","v":"BLP"},{"$f":"[1]Pos!D331","v":20},{"$f":"[1]Pos!E331","v":74}]
[{"$f":"[1]Pos!A332","v":196244},{"$f":"[1]Pos!B332","v":"PO-0016762"},{"$f":"[1]Pos!C332","v":"HERI"},{"$f":"[1]Pos!D332","v":15},{"$f":"[1]Pos!E332","v":10.75}]
[{"$f":"[1]Pos!A333","v":196245},{"$f":"[1]Pos!B333","v":"PO-0016762"},{"$f":"[1]Pos!C333","v":"HERI"},{"$f":"[1]Pos!D333","v":50},{"$f":"[1]Pos!E333","v":27.5}]
[{"$f":"[1]Pos!A334","v":196246},{"$f":"[1]Pos!B334","v":"PO-0016771"},{"$f":"[1]Pos!C334","v":"DECA"},{"$f":"[1]Pos!D334","v":135.62411800000001},{"$f":"[1]Pos!E334","v":13.89}]
[{"$f":"[1]Pos!A335","v":196248},{"$f":"[1]Pos!B335","v":"PO-0016761"},{"$f":"[1]Pos!C335","v":"LEST"},{"$f":"[1]Pos!D335","v":251.42},{"$f":"[1]Pos!E335","v":8.4700000000000006}]
[{"$f":"[1]Pos!A336","v":196249},{"$f":"[1]Pos!B336","v":"PO-0016761"},{"$f":"[1]Pos!C336","v":"LEST"},{"$f":"[1]Pos!D336","v":4},{"$f":"[1]Pos!E336","v":27.3}]
[{"$f":"[1]Pos!A337","v":196250},{"$f":"[1]Pos!B337","v":"PO-0016761"},{"$f":"[1]Pos!C337","v":"LEST"},{"$f":"[1]Pos!D337","v":15},{"$f":"[1]Pos!E337","v":27.3}]
[{"$f":"[1]Pos!A338","v":196251},{"$f":"[1]Pos!B338","v":"PO-0016761"},{"$f":"[1]Pos!C338","v":"LEST"},{"$f":"[1]Pos!D338","v":5},{"$f":"[1]Pos!E338","v":27.3}]
[{"$f":"[1]Pos!A339","v":196252},{"$f":"[1]Pos!B339","v":"PO-0016761"},{"$f":"[1]Pos!C339","v":"LEST"},{"$f":"[1]Pos!D339","v":71.91},{"$f":"[1]Pos!E339","v":6.07}]
[{"$f":"[1]Pos!A340","v":196254},{"$f":"[1]Pos!B340","v":"PO-0016760"},{"$f":"[1]Pos!C340","v":"ROMA"},{"$f":"[1]Pos!D340","v":500},{"$f":"[1]Pos!E340","v":5.5}]
[{"$f":"[1]Pos!A341","v":196255},{"$f":"[1]Pos!B341","v":"PO-0016760"},{"$f":"[1]Pos!C341","v":"ROMA"},{"$f":"[1]Pos!D341","v":144},{"$f":"[1]Pos!E341","v":6.7}]
[{"$f":"[1]Pos!A342","v":196257},{"$f":"[1]Pos!B342","v":"PO-0016777"},{"$f":"[1]Pos!C342","v":"OLYM"},{"$f":"[1]Pos!D342","v":95.27},{"$f":"[1]Pos!E342","v":3.78}]
[{"$f":"[1]Pos!A343","v":196258},{"$f":"[1]Pos!B343","v":"PO-0016777"},{"$f":"[1]Pos!C343","v":"OLYM"},{"$f":"[1]Pos!D343","v":50.6},{"$f":"[1]Pos!E343","v":4.72}]
[{"$f":"[1]Pos!A344","v":196260},{"$f":"[1]Pos!B344","v":"PO-0016775"},{"$f":"[1]Pos!C344","v":"OLYM"},{"$f":"[1]Pos!D344","v":1253.6600000000001},{"$f":"[1]Pos!E344","v":3.57}]
[{"$f":"[1]Pos!A345","v":196261},{"$f":"[1]Pos!B345","v":"PO-0016775"},{"$f":"[1]Pos!C345","v":"OLYM"},{"$f":"[1]Pos!D345","v":23.11},{"$f":"[1]Pos!E345","v":2.44}]
[{"$f":"[1]Pos!A346","v":196262},{"$f":"[1]Pos!B346","v":"PO-0016776"},{"$f":"[1]Pos!C346","v":"OLYM"},{"$f":"[1]Pos!D346","v":75},{"$f":"[1]Pos!E346","v":4.41}]
[{"$f":"[1]Pos!A347","v":196267},{"$f":"[1]Pos!B347","v":"PO-0016782"},{"$f":"[1]Pos!C347","v":"MIRO"},{"$f":"[1]Pos!D347","v":45},{"$f":"[1]Pos!E347","v":23}]
[{"$f":"[1]Pos!A348","v":196268},{"$f":"[1]Pos!B348","v":"PO-0016782"},{"$f":"[1]Pos!C348","v":"MIRO"},{"$f":"[1]Pos!D348","v":45},{"$f":"[1]Pos!E348","v":20.5}]
[{"$f":"[1]Pos!A349","v":196269},{"$f":"[1]Pos!B349","v":"PO-0016782"},{"$f":"[1]Pos!C349","v":"MIRO"},{"$f":"[1]Pos!D349","v":27.24},{"$f":"[1]Pos!E349","v":7.65}]
[{"$f":"[1]Pos!A350","v":196274},{"$f":"[1]Pos!B350","v":"PO-0016788"},{"$f":"[1]Pos!C350","v":"GEOR"},{"$f":"[1]Pos!D350","v":242.18},{"$f":"[1]Pos!E350","v":10.99}]
[{"$f":"[1]Pos!A351","v":196280},{"$f":"[1]Pos!B351","v":"PO-0016791"},{"$f":"[1]Pos!C351","v":"BENI"},{"$f":"[1]Pos!D351","v":288},{"$f":"[1]Pos!E351","v":1.19}]
[{"$f":"[1]Pos!A352","v":196283},{"$f":"[1]Pos!B352","v":"PO-0016785"},{"$f":"[1]Pos!C352","v":"OCEAN"},{"$f":"[1]Pos!D352","v":175},{"$f":"[1]Pos!E352","v":28.6}]
[{"$f":"[1]Pos!A353","v":196284},{"$f":"[1]Pos!B353","v":"PO-0016785"},{"$f":"[1]Pos!C353","v":"OCEAN"},{"$f":"[1]Pos!D353","v":20},{"$f":"[1]Pos!E353","v":54}]
[{"$f":"[1]Pos!A354","v":196288},{"$f":"[1]Pos!B354","v":"PO-0016797"},{"$f":"[1]Pos!C354","v":99},{"$f":"[1]Pos!D354","v":23.84},{"$f":"[1]Pos!E354","v":7.59}]
[{"$f":"[1]Pos!A355","v":196289},{"$f":"[1]Pos!B355","v":"PO-0016800"},{"$f":"[1]Pos!C355","v":"ASTR"},{"$f":"[1]Pos!D355","v":800},{"$f":"[1]Pos!E355","v":26.5}]
[{"$f":"[1]Pos!A356","v":196290},{"$f":"[1]Pos!B356","v":"PO-0016800"},{"$f":"[1]Pos!C356","v":"ASTR"},{"$f":"[1]Pos!D356","v":1200},{"$f":"[1]Pos!E356","v":27}]
[{"$f":"[1]Pos!A357","v":196292},{"$f":"[1]Pos!B357","v":"PO-0016792"},{"$f":"[1]Pos!C357","v":"NUTR"},{"$f":"[1]Pos!D357","v":192},{"$f":"[1]Pos!E357","v":30.6}]
[{"$f":"[1]Pos!A358","v":196293},{"$f":"[1]Pos!B358","v":"PO-0016792"},{"$f":"[1]Pos!C358","v":"NUTR"},{"$f":"[1]Pos!D358","v":96},{"$f":"[1]Pos!E358","v":33}]
[{"$f":"[1]Pos!A359","v":196304},{"$f":"[1]Pos!B359","v":"PO-0016808"},{"$f":"[1]Pos!C359","v":"DELS"},{"$f":"[1]Pos!D359","v":139.52000000000001},{"$f":"[1]Pos!E359","v":7.8}]
[{"$f":"[1]Pos!A360","v":196311},{"$f":"[1]Pos!B360","v":"PO-0016815"},{"$f":"[1]Pos!C360","v":"LES"},{"$f":"[1]Pos!D360","v":97.24},{"$f":"[1]Pos!E360","v":3.79}]
[{"$f":"[1]Pos!A361","v":196312},{"$f":"[1]Pos!B361","v":"PO-0016815"},{"$f":"[1]Pos!C361","v":"LES"},{"$f":"[1]Pos!D361","v":95.08},{"$f":"[1]Pos!E361","v":4.5999999999999996}]
[{"$f":"[1]Pos!A362","v":196315},{"$f":"[1]Pos!B362","v":"PO-0016823"},{"$f":"[1]Pos!C362","v":"NUTR"},{"$f":"[1]Pos!D362","v":192},{"$f":"[1]Pos!E362","v":30.6}]
[{"$f":"[1]Pos!A363","v":196316},{"$f":"[1]Pos!B363","v":"PO-0016823"},{"$f":"[1]Pos!C363","v":"NUTR"},{"$f":"[1]Pos!D363","v":240},{"$f":"[1]Pos!E363","v":33}]
[{"$f":"[1]Pos!A364","v":196326},{"$f":"[1]Pos!B364","v":"PO-0016826"},{"$f":"[1]Pos!C364","v":"LES"},{"$f":"[1]Pos!D364","v":454.62},{"$f":"[1]Pos!E364","v":5.12}]
[{"$f":"[1]Pos!A365","v":196327},{"$f":"[1]Pos!B365","v":"PO-0016824"},{"$f":"[1]Pos!C365","v":"SPEC"},{"$f":"[1]Pos!D365","v":60},{"$f":"[1]Pos!E365","v":17.95}]
[{"$f":"[1]Pos!A366","v":196328},{"$f":"[1]Pos!B366","v":"PO-0016824"},{"$f":"[1]Pos!C366","v":"SPEC"},{"$f":"[1]Pos!D366","v":80},{"$f":"[1]Pos!E366","v":19.95}]
[{"$f":"[1]Pos!A367","v":196332},{"$f":"[1]Pos!B367","v":"PO-0016828"},{"$f":"[1]Pos!C367","v":"HERI"},{"$f":"[1]Pos!D367","v":15},{"$f":"[1]Pos!E367","v":10.95}]
[{"$f":"[1]Pos!A368","v":196333},{"$f":"[1]Pos!B368","v":"PO-0016828"},{"$f":"[1]Pos!C368","v":"HERI"},{"$f":"[1]Pos!D368","v":42},{"$f":"[1]Pos!E368","v":27.95}]
[{"$f":"[1]Pos!A369","v":196334},{"$f":"[1]Pos!B369","v":"PO-0016825"},{"$f":"[1]Pos!C369","v":"LEST"},{"$f":"[1]Pos!D369","v":249.24},{"$f":"[1]Pos!E369","v":8.4700000000000006}]
[{"$f":"[1]Pos!A370","v":196335},{"$f":"[1]Pos!B370","v":"PO-0016825"},{"$f":"[1]Pos!C370","v":"LEST"},{"$f":"[1]Pos!D370","v":10},{"$f":"[1]Pos!E370","v":27.3}]
[{"$f":"[1]Pos!A371","v":196336},{"$f":"[1]Pos!B371","v":"PO-0016825"},{"$f":"[1]Pos!C371","v":"LEST"},{"$f":"[1]Pos!D371","v":6},{"$f":"[1]Pos!E371","v":27.3}]
[{"$f":"[1]Pos!A372","v":196337},{"$f":"[1]Pos!B372","v":"PO-0016825"},{"$f":"[1]Pos!C372","v":"LEST"},{"$f":"[1]Pos!D372","v":48.09},{"$f":"[1]Pos!E372","v":6.07}]
[{"$f":"[1]Pos!A373","v":196338},{"$f":"[1]Pos!B373","v":"PO-0016835"},{"$f":"[1]Pos!C373","v":"MIRO"},{"$f":"[1]Pos!D373","v":45},{"$f":"[1]Pos!E373","v":23}]
[{"$f":"[1]Pos!A374","v":196339},{"$f":"[1]Pos!B374","v":"PO-0016835"},{"$f":"[1]Pos!C374","v":"MIRO"},{"$f":"[1]Pos!D374","v":272.39999999999998},{"$f":"[1]Pos!E374","v":7.65}]
[{"$f":"[1]Pos!A375","v":196341},{"$f":"[1]Pos!B375","v":"PO-0016838"},{"$f":"[1]Pos!C375","v":"OLYM"},{"$f":"[1]Pos!D375","v":10},{"$f":"[1]Pos!E375","v":46.8}]
[{"$f":"[1]Pos!A376","v":196342},{"$f":"[1]Pos!B376","v":"PO-0016818"},{"$f":"[1]Pos!C376","v":"OLYM"},{"$f":"[1]Pos!D376","v":30},{"$f":"[1]Pos!E376","v":13.92}]
[{"$f":"[1]Pos!A377","v":196343},{"$f":"[1]Pos!B377","v":"PO-0016818"},{"$f":"[1]Pos!C377","v":"OLYM"},{"$f":"[1]Pos!D377","v":10},{"$f":"[1]Pos!E377","v":27.05}]
[{"$f":"[1]Pos!A378","v":196344},{"$f":"[1]Pos!B378","v":"PO-0016818"},{"$f":"[1]Pos!C378","v":"OLYM"},{"$f":"[1]Pos!D378","v":1252.6400000000001},{"$f":"[1]Pos!E378","v":3.57}]
[{"$f":"[1]Pos!A379","v":196345},{"$f":"[1]Pos!B379","v":"PO-0016818"},{"$f":"[1]Pos!C379","v":"OLYM"},{"$f":"[1]Pos!D379","v":24.15},{"$f":"[1]Pos!E379","v":2.66}]
[{"$f":"[1]Pos!A380","v":196346},{"$f":"[1]Pos!B380","v":"PO-0016818"},{"$f":"[1]Pos!C380","v":"OLYM"},{"$f":"[1]Pos!D380","v":666.8},{"$f":"[1]Pos!E380","v":4.8600000000000003}]
[{"$f":"[1]Pos!A381","v":196352},{"$f":"[1]Pos!B381","v":"PO-0016840"},{"$f":"[1]Pos!C381","v":"OLYM"},{"$f":"[1]Pos!D381","v":95.27},{"$f":"[1]Pos!E381","v":3.72}]
[{"$f":"[1]Pos!A382","v":196356},{"$f":"[1]Pos!B382","v":"PO-0016840"},{"$f":"[1]Pos!C382","v":"OLYM"},{"$f":"[1]Pos!D382","v":2800},{"$f":"[1]Pos!E382","v":3.79}]
[{"$f":"[1]Pos!A383","v":196357},{"$f":"[1]Pos!B383","v":"PO-0016840"},{"$f":"[1]Pos!C383","v":"OLYM"},{"$f":"[1]Pos!D383","v":900},{"$f":"[1]Pos!E383","v":3.79}]
[{"$f":"[1]Pos!A384","v":196366},{"$f":"[1]Pos!B384","v":"PO-0016821"},{"$f":"[1]Pos!C384","v":"VEST"},{"$f":"[1]Pos!D384","v":50},{"$f":"[1]Pos!E384","v":46.4}]
[{"$f":"[1]Pos!A385","v":196368},{"$f":"[1]Pos!B385","v":"PO-0016837"},{"$f":"[1]Pos!C385","v":"ARCT"},{"$f":"[1]Pos!D385","v":163.35},{"$f":"[1]Pos!E385","v":25.24}]
[{"$f":"[1]Pos!A386","v":196377},{"$f":"[1]Pos!B386","v":"PO-0016847"},{"$f":"[1]Pos!C386","v":"CENT"},{"$f":"[1]Pos!D386","v":635.04},{"$f":"[1]Pos!E386","v":4.8}]
[{"$f":"[1]Pos!A387","v":196390},{"$f":"[1]Pos!B387","v":"PO-0016821"},{"$f":"[1]Pos!C387","v":"VEST"},{"$f":"[1]Pos!D387","v":50},{"$f":"[1]Pos!E387","v":28.6}]
[{"$f":"[1]Pos!A388","v":196398},{"$f":"[1]Pos!B388","v":"PO-0016857"},{"$f":"[1]Pos!C388","v":"NUTR"},{"$f":"[1]Pos!D388","v":48},{"$f":"[1]Pos!E388","v":30.6}]
[{"$f":"[1]Pos!A389","v":196399},{"$f":"[1]Pos!B389","v":"PO-0016857"},{"$f":"[1]Pos!C389","v":"NUTR"},{"$f":"[1]Pos!D389","v":48},{"$f":"[1]Pos!E389","v":33}]
[{"$f":"[1]Pos!A390","v":196413},{"$f":"[1]Pos!B390","v":"PO-0016866"},{"$f":"[1]Pos!C390","v":"OLYM"},{"$f":"[1]Pos!D390","v":26.32},{"$f":"[1]Pos!E390","v":3.51}]
[{"$f":"[1]Pos!A391","v":196416},{"$f":"[1]Pos!B391","v":"PO-0016839"},{"$f":"[1]Pos!C391","v":"FDA"},{"$f":"[1]Pos!D391","v":119.85},{"$f":"[1]Pos!E391","v":9.5500000000000007}]
[{"$f":"[1]Pos!A392","v":196426},{"$f":"[1]Pos!B392","v":"PO-0016883"},{"$f":"[1]Pos!C392","v":"NUTR"},{"$f":"[1]Pos!D392","v":192},{"$f":"[1]Pos!E392","v":30.6}]
[{"$f":"[1]Pos!A393","v":196432},{"$f":"[1]Pos!B393","v":"PO-0016880"},{"$f":"[1]Pos!C393","v":"BLP"},{"$f":"[1]Pos!D393","v":20},{"$f":"[1]Pos!E393","v":74}]
[{"$f":"[1]Pos!A394","v":196433},{"$f":"[1]Pos!B394","v":"PO-0016882"},{"$f":"[1]Pos!C394","v":"LEST"},{"$f":"[1]Pos!D394","v":280.42},{"$f":"[1]Pos!E394","v":8.4700000000000006}]
[{"$f":"[1]Pos!A395","v":196434},{"$f":"[1]Pos!B395","v":"PO-0016882"},{"$f":"[1]Pos!C395","v":"LEST"},{"$f":"[1]Pos!D395","v":52.38},{"$f":"[1]Pos!E395","v":8.4700000000000006}]
[{"$f":"[1]Pos!A396","v":196435},{"$f":"[1]Pos!B396","v":"PO-0016882"},{"$f":"[1]Pos!C396","v":"LEST"},{"$f":"[1]Pos!D396","v":4},{"$f":"[1]Pos!E396","v":27.3}]
[{"$f":"[1]Pos!A397","v":196436},{"$f":"[1]Pos!B397","v":"PO-0016882"},{"$f":"[1]Pos!C397","v":"LEST"},{"$f":"[1]Pos!D397","v":20},{"$f":"[1]Pos!E397","v":27.3}]
[{"$f":"[1]Pos!A398","v":196437},{"$f":"[1]Pos!B398","v":"PO-0016882"},{"$f":"[1]Pos!C398","v":"LEST"},{"$f":"[1]Pos!D398","v":72.11},{"$f":"[1]Pos!E398","v":6.07}]
[{"$f":"[1]Pos!A399","v":196441},{"$f":"[1]Pos!B399","v":"PO-0016827"},{"$f":"[1]Pos!C399","v":"SALA"},{"$f":"[1]Pos!D399","v":50},{"$f":"[1]Pos!E399","v":30.64}]
[{"$f":"[1]Pos!A400","v":196442},{"$f":"[1]Pos!B400","v":"PO-0016889"},{"$f":"[1]Pos!C400","v":"CONCORD"},{"$f":"[1]Pos!D400","v":653.04},{"$f":"[1]Pos!E400","v":7.66}]
[{"$f":"[1]Pos!A401","v":196444},{"$f":"[1]Pos!B401","v":"PO-0016893"},{"$f":"[1]Pos!C401","v":"LIBE"},{"$f":"[1]Pos!D401","v":4.54},{"$f":"[1]Pos!E401","v":23.15}]
[{"$f":"[1]Pos!A402","v":196448},{"$f":"[1]Pos!B402","v":"PO-0016890"},{"$f":"[1]Pos!C402","v":"OLYM"},{"$f":"[1]Pos!D402","v":46.22},{"$f":"[1]Pos!E402","v":2.66}]
[{"$f":"[1]Pos!A403","v":196451},{"$f":"[1]Pos!B403","v":"PO-0016890"},{"$f":"[1]Pos!C403","v":"OLYM"},{"$f":"[1]Pos!D403","v":24},{"$f":"[1]Pos!E403","v":12}]
[{"$f":"[1]Pos!A404","v":196454},{"$f":"[1]Pos!B404","v":"PO-0016890"},{"$f":"[1]Pos!C404","v":"OLYM"},{"$f":"[1]Pos!D404","v":95.27},{"$f":"[1]Pos!E404","v":3.72}]
[{"$f":"[1]Pos!A405","v":196459},{"$f":"[1]Pos!B405","v":"PO-0016879"},{"$f":"[1]Pos!C405","v":"HERI"},{"$f":"[1]Pos!D405","v":15},{"$f":"[1]Pos!E405","v":10.95}]
[{"$f":"[1]Pos!A406","v":196460},{"$f":"[1]Pos!B406","v":"PO-0016879"},{"$f":"[1]Pos!C406","v":"HERI"},{"$f":"[1]Pos!D406","v":42},{"$f":"[1]Pos!E406","v":27.95}]
[{"$f":"[1]Pos!A407","v":196469},{"$f":"[1]Pos!B407","v":"PO-0016909"},{"$f":"[1]Pos!C407","v":99},{"$f":"[1]Pos!D407","v":10},{"$f":"[1]Pos!E407","v":37.21}]
[{"$f":"[1]Pos!A408","v":196480},{"$f":"[1]Pos!B408","v":"PO-0016914"},{"$f":"[1]Pos!C408","v":"CENT"},{"$f":"[1]Pos!D408","v":689.47},{"$f":"[1]Pos!E408","v":4.8}]
[{"$f":"[1]Pos!A409","v":196481},{"$f":"[1]Pos!B409","v":"PO-0016896"},{"$f":"[1]Pos!C409","v":"RIEN"},{"$f":"[1]Pos!D409","v":244.53},{"$f":"[1]Pos!E409","v":6.64}]
[{"$f":"[1]Pos!A410","v":196482},{"$f":"[1]Pos!B410","v":"PO-0016896"},{"$f":"[1]Pos!C410","v":"RIEN"},{"$f":"[1]Pos!D410","v":1247.6400000000001},{"$f":"[1]Pos!E410","v":6.44}]
[{"$f":"[1]Pos!A411","v":196483},{"$f":"[1]Pos!B411","v":"PO-0016912"},{"$f":"[1]Pos!C411","v":"PECH"},{"$f":"[1]Pos!D411","v":102.06},{"$f":"[1]Pos!E411","v":12.35}]
[{"$f":"[1]Pos!A412","v":196484},{"$f":"[1]Pos!B412","v":"PO-0016912"},{"$f":"[1]Pos!C412","v":"PECH"},{"$f":"[1]Pos!D412","v":75},{"$f":"[1]Pos!E412","v":14.33}]
[{"$f":"[1]Pos!A413","v":196485},{"$f":"[1]Pos!B413","v":"PO-0016913"},{"$f":"[1]Pos!C413","v":"CHAMP"},{"$f":"[1]Pos!D413","v":20},{"$f":"[1]Pos!E413","v":37.21}]
[{"$f":"[1]Pos!A414","v":196488},{"$f":"[1]Pos!B414","v":"PO-0016920"},{"$f":"[1]Pos!C414","v":"OLYM"},{"$f":"[1]Pos!D414","v":15},{"$f":"[1]Pos!E414","v":46.8}]
[{"$f":"[1]Pos!A415","v":196489},{"$f":"[1]Pos!B415","v":"PO-0016898"},{"$f":"[1]Pos!C415","v":"EXPO"},{"$f":"[1]Pos!D415","v":227},{"$f":"[1]Pos!E415","v":10.18}]
[{"$f":"[1]Pos!A416","v":196490},{"$f":"[1]Pos!B416","v":"PO-0016898"},{"$f":"[1]Pos!C416","v":"EXPO"},{"$f":"[1]Pos!D416","v":227},{"$f":"[1]Pos!E416","v":10.18}]
[{"$f":"[1]Pos!A417","v":196491},{"$f":"[1]Pos!B417","v":"PO-0016911"},{"$f":"[1]Pos!C417","v":"4FC"},{"$f":"[1]Pos!D417","v":217.8},{"$f":"[1]Pos!E417","v":19.84}]
[{"$f":"[1]Pos!A418","v":196492},{"$f":"[1]Pos!B418","v":"PO-0016911"},{"$f":"[1]Pos!C418","v":"4FC"},{"$f":"[1]Pos!D418","v":217.8},{"$f":"[1]Pos!E418","v":21.94}]
[{"$f":"[1]Pos!A419","v":196493},{"$f":"[1]Pos!B419","v":"PO-0016911"},{"$f":"[1]Pos!C419","v":"4FC"},{"$f":"[1]Pos!D419","v":13.62},{"$f":"[1]Pos!E419","v":20.72}]
[{"$f":"[1]Pos!A420","v":196495},{"$f":"[1]Pos!B420","v":"PO-0016918"},{"$f":"[1]Pos!C420","v":"NUTR"},{"$f":"[1]Pos!D420","v":144},{"$f":"[1]Pos!E420","v":30.6}]
[{"$f":"[1]Pos!A421","v":196496},{"$f":"[1]Pos!B421","v":"PO-0016918"},{"$f":"[1]Pos!C421","v":"NUTR"},{"$f":"[1]Pos!D421","v":144},{"$f":"[1]Pos!E421","v":33}]
[{"$f":"[1]Pos!A422","v":196498},{"$f":"[1]Pos!B422","v":"PO-0016916"},{"$f":"[1]Pos!C422","v":"OLYM"},{"$f":"[1]Pos!D422","v":3600},{"$f":"[1]Pos!E422","v":3.79}]
[{"$f":"[1]Pos!A423","v":196499},{"$f":"[1]Pos!B423","v":"PO-0016916"},{"$f":"[1]Pos!C423","v":"OLYM"},{"$f":"[1]Pos!D423","v":20.57},{"$f":"[1]Pos!E423","v":2.66}]
[{"$f":"[1]Pos!A424","v":196508},{"$f":"[1]Pos!B424","v":"PO-0016881"},{"$f":"[1]Pos!C424","v":"PLAI"},{"$f":"[1]Pos!D424","v":20},{"$f":"[1]Pos!E424","v":33}]
[{"$f":"[1]Pos!A425","v":196509},{"$f":"[1]Pos!B425","v":"PO-0016881"},{"$f":"[1]Pos!C425","v":"PLAI"},{"$f":"[1]Pos!D425","v":50},{"$f":"[1]Pos!E425","v":13}]
[{"$f":"[1]Pos!A426","v":196511},{"$f":"[1]Pos!B426","v":"PO-0016921"},{"$f":"[1]Pos!C426","v":"SPEC"},{"$f":"[1]Pos!D426","v":60},{"$f":"[1]Pos!E426","v":17.95}]
[{"$f":"[1]Pos!A427","v":196512},{"$f":"[1]Pos!B427","v":"PO-0016921"},{"$f":"[1]Pos!C427","v":"SPEC"},{"$f":"[1]Pos!D427","v":60},{"$f":"[1]Pos!E427","v":19.95}]
[{"$f":"[1]Pos!A428","v":196513},{"$f":"[1]Pos!B428","v":"PO-0016921"},{"$f":"[1]Pos!C428","v":"SPEC"},{"$f":"[1]Pos!D428","v":80},{"$f":"[1]Pos!E428","v":19.95}]
[{"$f":"[1]Pos!A429","v":196514},{"$f":"[1]Pos!B429","v":"PO-0016928"},{"$f":"[1]Pos!C429","v":"ARCT"},{"$f":"[1]Pos!D429","v":108.9},{"$f":"[1]Pos!E429","v":6.5}]
[{"$f":"[1]Pos!A430","v":196519},{"$f":"[1]Pos!B430","v":"PO-0016822"},{"$f":"[1]Pos!C430","v":"MLF"},{"$f":"[1]Pos!D430","v":120},{"$f":"[1]Pos!E430","v":124}]
[{"$f":"[1]Pos!A431","v":196520},{"$f":"[1]Pos!B431","v":"PO-0016822"},{"$f":"[1]Pos!C431","v":"MLF"},{"$f":"[1]Pos!D431","v":1000},{"$f":"[1]Pos!E431","v":3.65}]
[{"$f":"[1]Pos!A432","v":196521},{"$f":"[1]Pos!B432","v":"PO-0016822"},{"$f":"[1]Pos!C432","v":"MLF"},{"$f":"[1]Pos!D432","v":5},{"$f":"[1]Pos!E432","v":47.04}]
[{"$f":"[1]Pos!A433","v":196522},{"$f":"[1]Pos!B433","v":"PO-0016822"},{"$f":"[1]Pos!C433","v":"MLF"},{"$f":"[1]Pos!D433","v":10},{"$f":"[1]Pos!E433","v":22.92}]
[{"$f":"[1]Pos!A434","v":196527},{"$f":"[1]Pos!B434","v":"PO-0016930"},{"$f":"[1]Pos!C434","v":"FDA"},{"$f":"[1]Pos!D434","v":90.8},{"$f":"[1]Pos!E434","v":10.79}]
[{"$f":"[1]Pos!A435","v":196530},{"$f":"[1]Pos!B435","v":"PO-0016942"},{"$f":"[1]Pos!C435","v":"NUTR"},{"$f":"[1]Pos!D435","v":96},{"$f":"[1]Pos!E435","v":33}]
[{"$f":"[1]Pos!A436","v":196534},{"$f":"[1]Pos!B436","v":"PO-0016939"},{"$f":"[1]Pos!C436","v":"BLP"},{"$f":"[1]Pos!D436","v":1275},{"$f":"[1]Pos!E436","v":1}]
[{"$f":"[1]Pos!A437","v":196535},{"$f":"[1]Pos!B437","v":"PO-0016937"},{"$f":"[1]Pos!C437","v":"LEST"},{"$f":"[1]Pos!D437","v":301.68},{"$f":"[1]Pos!E437","v":8.4700000000000006}]
[{"$f":"[1]Pos!A438","v":196536},{"$f":"[1]Pos!B438","v":"PO-0016937"},{"$f":"[1]Pos!C438","v":"LEST"},{"$f":"[1]Pos!D438","v":79.58},{"$f":"[1]Pos!E438","v":8.4700000000000006}]
[{"$f":"[1]Pos!A439","v":196537},{"$f":"[1]Pos!B439","v":"PO-0016937"},{"$f":"[1]Pos!C439","v":"LEST"},{"$f":"[1]Pos!D439","v":4},{"$f":"[1]Pos!E439","v":27.3}]
[{"$f":"[1]Pos!A440","v":196538},{"$f":"[1]Pos!B440","v":"PO-0016937"},{"$f":"[1]Pos!C440","v":"LEST"},{"$f":"[1]Pos!D440","v":20},{"$f":"[1]Pos!E440","v":27.3}]
[{"$f":"[1]Pos!A441","v":196539},{"$f":"[1]Pos!B441","v":"PO-0016937"},{"$f":"[1]Pos!C441","v":"LEST"},{"$f":"[1]Pos!D441","v":8},{"$f":"[1]Pos!E441","v":27.3}]
[{"$f":"[1]Pos!A442","v":196541},{"$f":"[1]Pos!B442","v":"PO-0016949"},{"$f":"[1]Pos!C442","v":"LEST"},{"$f":"[1]Pos!D442","v":48.18},{"$f":"[1]Pos!E442","v":6.07}]
[{"$f":"[1]Pos!A443","v":196542},{"$f":"[1]Pos!B443","v":"PO-0016949"},{"$f":"[1]Pos!C443","v":"LEST"},{"$f":"[1]Pos!D443","v":30},{"$f":"[1]Pos!E443","v":5.28}]
[{"$f":"[1]Pos!A444","v":196543},{"$f":"[1]Pos!B444","v":"PO-0016948"},{"$f":"[1]Pos!C444","v":99},{"$f":"[1]Pos!D444","v":96},{"$f":"[1]Pos!E444","v":42}]
[{"$f":"[1]Pos!A445","v":196544},{"$f":"[1]Pos!B445","v":"PO-0016936"},{"$f":"[1]Pos!C445","v":"ROMA"},{"$f":"[1]Pos!D445","v":500},{"$f":"[1]Pos!E445","v":5.5}]
[{"$f":"[1]Pos!A446","v":196545},{"$f":"[1]Pos!B446","v":"PO-0016936"},{"$f":"[1]Pos!C446","v":"ROMA"},{"$f":"[1]Pos!D446","v":204},{"$f":"[1]Pos!E446","v":6.7}]
[{"$f":"[1]Pos!A447","v":196546},{"$f":"[1]Pos!B447","v":"PO-0016936"},{"$f":"[1]Pos!C447","v":"ROMA"},{"$f":"[1]Pos!D447","v":30.55},{"$f":"[1]Pos!E447","v":6.67}]
[{"$f":"[1]Pos!A448","v":196554},{"$f":"[1]Pos!B448","v":"PO-0016957"},{"$f":"[1]Pos!C448","v":"OLYM"},{"$f":"[1]Pos!D448","v":1245.8599999999999},{"$f":"[1]Pos!E448","v":3.57}]
[{"$f":"[1]Pos!A449","v":196555},{"$f":"[1]Pos!B449","v":"PO-0016957"},{"$f":"[1]Pos!C449","v":"OLYM"},{"$f":"[1]Pos!D449","v":9.06},{"$f":"[1]Pos!E449","v":9.85}]
[{"$f":"[1]Pos!A450","v":196562},{"$f":"[1]Pos!B450","v":"PO-0016957"},{"$f":"[1]Pos!C450","v":"OLYM"},{"$f":"[1]Pos!D450","v":95.27},{"$f":"[1]Pos!E450","v":3.76}]
[{"$f":"[1]Pos!A451","v":196565},{"$f":"[1]Pos!B451","v":"PO-0016938"},{"$f":"[1]Pos!C451","v":"HERI"},{"$f":"[1]Pos!D451","v":15},{"$f":"[1]Pos!E451","v":10.95}]
[{"$f":"[1]Pos!A452","v":196566},{"$f":"[1]Pos!B452","v":"PO-0016938"},{"$f":"[1]Pos!C452","v":"HERI"},{"$f":"[1]Pos!D452","v":42},{"$f":"[1]Pos!E452","v":27.95}]
[{"$f":"[1]Pos!A453","v":196568},{"$f":"[1]Pos!B453","v":"PO-0016950"},{"$f":"[1]Pos!C453","v":"LEST"},{"$f":"[1]Pos!D453","v":6.98},{"$f":"[1]Pos!E453","v":4.99}]
[{"$f":"[1]Pos!A454","v":196570},{"$f":"[1]Pos!B454","v":"PO-0016959"},{"$f":"[1]Pos!C454","v":"MYLO"},{"$f":"[1]Pos!D454","v":48.65},{"$f":"[1]Pos!E454","v":9.75}]
[{"$f":"[1]Pos!A455","v":196582},{"$f":"[1]Pos!B455","v":"PO-0016969"},{"$f":"[1]Pos!C455","v":"NUTR"},{"$f":"[1]Pos!D455","v":96},{"$f":"[1]Pos!E455","v":30.6}]
[{"$f":"[1]Pos!A456","v":196583},{"$f":"[1]Pos!B456","v":"PO-0016969"},{"$f":"[1]Pos!C456","v":"NUTR"},{"$f":"[1]Pos!D456","v":192},{"$f":"[1]Pos!E456","v":33}]
[{"$f":"[1]Pos!A457","v":196585},{"$f":"[1]Pos!B457","v":"PO-0016967"},{"$f":"[1]Pos!C457","v":"OLYM"},{"$f":"[1]Pos!D457","v":10},{"$f":"[1]Pos!E457","v":27.05}]
[{"$f":"[1]Pos!A458","v":196586},{"$f":"[1]Pos!B458","v":"PO-0016967"},{"$f":"[1]Pos!C458","v":"OLYM"},{"$f":"[1]Pos!D458","v":10},{"$f":"[1]Pos!E458","v":19.3}]
[{"$f":"[1]Pos!A459","v":196603},{"$f":"[1]Pos!B459","v":"PO-0016979"},{"$f":"[1]Pos!C459","v":"PIER"},{"$f":"[1]Pos!D459","v":56.75},{"$f":"[1]Pos!E459","v":16.21}]
[{"$f":"[1]Pos!A460","v":196604},{"$f":"[1]Pos!B460","v":"PO-0016979"},{"$f":"[1]Pos!C460","v":"PIER"},{"$f":"[1]Pos!D460","v":272.16000000000003},{"$f":"[1]Pos!E460","v":11.57}]
[{"$f":"[1]Pos!A461","v":196605},{"$f":"[1]Pos!B461","v":"PO-0016979"},{"$f":"[1]Pos!C461","v":"PIER"},{"$f":"[1]Pos!D461","v":133.91999999999999},{"$f":"[1]Pos!E461","v":4.1900000000000004}]
[{"$f":"[1]Pos!A462","v":196606},{"$f":"[1]Pos!B462","v":"PO-0016979"},{"$f":"[1]Pos!C462","v":"PIER"},{"$f":"[1]Pos!D462","v":45.4},{"$f":"[1]Pos!E462","v":11.05}]
[{"$f":"[1]Pos!A463","v":196608},{"$f":"[1]Pos!B463","v":"PO-0016977"},{"$f":"[1]Pos!C463","v":"GIRO"},{"$f":"[1]Pos!D463","v":318.52},{"$f":"[1]Pos!E463","v":5.25}]
[{"$f":"[1]Pos!A464","v":196611},{"$f":"[1]Pos!B464","v":"PO-0016968"},{"$f":"[1]Pos!C464","v":"DINA"},{"$f":"[1]Pos!D464","v":454},{"$f":"[1]Pos!E464","v":4.08}]
[{"$f":"[1]Pos!A465","v":196612},{"$f":"[1]Pos!B465","v":"PO-0016990"},{"$f":"[1]Pos!C465","v":"RIEN"},{"$f":"[1]Pos!D465","v":163.22},{"$f":"[1]Pos!E465","v":6.64}]
[{"$f":"[1]Pos!A466","v":196613},{"$f":"[1]Pos!B466","v":"PO-0016995"},{"$f":"[1]Pos!C466","v":"NUTR"},{"$f":"[1]Pos!D466","v":192},{"$f":"[1]Pos!E466","v":30.6}]
[{"$f":"[1]Pos!A467","v":196614},{"$f":"[1]Pos!B467","v":"PO-0016995"},{"$f":"[1]Pos!C467","v":"NUTR"},{"$f":"[1]Pos!D467","v":192},{"$f":"[1]Pos!E467","v":33}]
[{"$f":"[1]Pos!A468","v":196620},{"$f":"[1]Pos!B468","v":"PO-0016989"},{"$f":"[1]Pos!C468","v":"OLYM"},{"$f":"[1]Pos!D468","v":60},{"$f":"[1]Pos!E468","v":13.92}]
[{"$f":"[1]Pos!A469","v":196621},{"$f":"[1]Pos!B469","v":"PO-0016989"},{"$f":"[1]Pos!C469","v":"OLYM"},{"$f":"[1]Pos!D469","v":40},{"$f":"[1]Pos!E469","v":7.04}]
[{"$f":"[1]Pos!A470","v":196622},{"$f":"[1]Pos!B470","v":"PO-0016989"},{"$f":"[1]Pos!C470","v":"OLYM"},{"$f":"[1]Pos!D470","v":40},{"$f":"[1]Pos!E470","v":41.2}]
[{"$f":"[1]Pos!A471","v":196626},{"$f":"[1]Pos!B471","v":"PO-0016981"},{"$f":"[1]Pos!C471","v":"HERI"},{"$f":"[1]Pos!D471","v":15},{"$f":"[1]Pos!E471","v":10.95}]
[{"$f":"[1]Pos!A472","v":196627},{"$f":"[1]Pos!B472","v":"PO-0016981"},{"$f":"[1]Pos!C472","v":"HERI"},{"$f":"[1]Pos!D472","v":42},{"$f":"[1]Pos!E472","v":27.95}]
[{"$f":"[1]Pos!A473","v":196628},{"$f":"[1]Pos!B473","v":"PO-0016993"},{"$f":"[1]Pos!C473","v":"BLP"},{"$f":"[1]Pos!D473","v":20},{"$f":"[1]Pos!E473","v":74}]
[{"$f":"[1]Pos!A474","v":196632},{"$f":"[1]Pos!B474","v":"PO-0016998"},{"$f":"[1]Pos!C474","v":"ACCU"},{"$f":"[1]Pos!D474","v":180},{"$f":"[1]Pos!E474","v":4.4400000000000004}]
[{"$f":"[1]Pos!A475","v":196633},{"$f":"[1]Pos!B475","v":"PO-0016991"},{"$f":"[1]Pos!C475","v":"LEST"},{"$f":"[1]Pos!D475","v":243.38},{"$f":"[1]Pos!E475","v":8.4700000000000006}]
[{"$f":"[1]Pos!A476","v":196634},{"$f":"[1]Pos!B476","v":"PO-0016991"},{"$f":"[1]Pos!C476","v":"LEST"},{"$f":"[1]Pos!D476","v":36.92},{"$f":"[1]Pos!E476","v":8.4700000000000006}]
[{"$f":"[1]Pos!A477","v":196635},{"$f":"[1]Pos!B477","v":"PO-0016991"},{"$f":"[1]Pos!C477","v":"LEST"},{"$f":"[1]Pos!D477","v":48.16},{"$f":"[1]Pos!E477","v":7.49}]
[{"$f":"[1]Pos!A478","v":196636},{"$f":"[1]Pos!B478","v":"PO-0016991"},{"$f":"[1]Pos!C478","v":"LEST"},{"$f":"[1]Pos!D478","v":20},{"$f":"[1]Pos!E478","v":27.3}]
[{"$f":"[1]Pos!A479","v":196637},{"$f":"[1]Pos!B479","v":"PO-0016991"},{"$f":"[1]Pos!C479","v":"LEST"},{"$f":"[1]Pos!D479","v":48.18},{"$f":"[1]Pos!E479","v":6.07}]
[{"$f":"[1]Pos!A480","v":196640},{"$f":"[1]Pos!B480","v":"PO-0017001"},{"$f":"[1]Pos!C480","v":"DELF"},{"$f":"[1]Pos!D480","v":567},{"$f":"[1]Pos!E480","v":1.39}]
[{"$f":"[1]Pos!A481","v":196643},{"$f":"[1]Pos!B481","v":"PO-0017001"},{"$f":"[1]Pos!C481","v":"DELF"},{"$f":"[1]Pos!D481","v":46.47},{"$f":"[1]Pos!E481","v":12.85}]
[{"$f":"[1]Pos!A482","v":196655},{"$f":"[1]Pos!B482","v":"PO-0017003"},{"$f":"[1]Pos!C482","v":"OLYM"},{"$f":"[1]Pos!D482","v":95.27},{"$f":"[1]Pos!E482","v":3.89}]
[{"$f":"[1]Pos!A483","v":196657},{"$f":"[1]Pos!B483","v":"PO-0017003"},{"$f":"[1]Pos!C483","v":"OLYM"},{"$f":"[1]Pos!D483","v":432},{"$f":"[1]Pos!E483","v":3.59}]
[{"$f":"[1]Pos!A484","v":196658},{"$f":"[1]Pos!B484","v":"PO-0017003"},{"$f":"[1]Pos!C484","v":"OLYM"},{"$f":"[1]Pos!D484","v":70.73},{"$f":"[1]Pos!E484","v":5.08}]
[{"$f":"[1]Pos!A485","v":196662},{"$f":"[1]Pos!B485","v":"PO-0017013"},{"$f":"[1]Pos!C485","v":99},{"$f":"[1]Pos!D485","v":100},{"$f":"[1]Pos!E485","v":31}]
[{"$f":"[1]Pos!A486","v":196664},{"$f":"[1]Pos!B486","v":"PO-0017002"},{"$f":"[1]Pos!C486","v":"OLYM"},{"$f":"[1]Pos!D486","v":500},{"$f":"[1]Pos!E486","v":2.59}]
[{"$f":"[1]Pos!A487","v":196675},{"$f":"[1]Pos!B487","v":"PO-0016940"},{"$f":"[1]Pos!C487","v":"MLF"},{"$f":"[1]Pos!D487","v":50},{"$f":"[1]Pos!E487","v":14.85}]
[{"$f":"[1]Pos!A488","v":196676},{"$f":"[1]Pos!B488","v":"PO-0017025"},{"$f":"[1]Pos!C488","v":"VEST"},{"$f":"[1]Pos!D488","v":100},{"$f":"[1]Pos!E488","v":46.4}]
[{"$f":"[1]Pos!A489","v":196677},{"$f":"[1]Pos!B489","v":"PO-0017014"},{"$f":"[1]Pos!C489","v":"PECH"},{"$f":"[1]Pos!D489","v":163.29},{"$f":"[1]Pos!E489","v":12.35}]
[{"$f":"[1]Pos!A490","v":196678},{"$f":"[1]Pos!B490","v":"PO-0017014"},{"$f":"[1]Pos!C490","v":"PECH"},{"$f":"[1]Pos!D490","v":181.43},{"$f":"[1]Pos!E490","v":12.35}]
[{"$f":"[1]Pos!A491","v":196680},{"$f":"[1]Pos!B491","v":"PO-0016980"},{"$f":"[1]Pos!C491","v":"SALA"},{"$f":"[1]Pos!D491","v":50},{"$f":"[1]Pos!E491","v":30.64}]
[{"$f":"[1]Pos!A492","v":196682},{"$f":"[1]Pos!B492","v":"PO-0016992"},{"$f":"[1]Pos!C492","v":"LES"},{"$f":"[1]Pos!D492","v":42.64},{"$f":"[1]Pos!E492","v":3.79}]
[{"$f":"[1]Pos!A493","v":196683},{"$f":"[1]Pos!B493","v":"PO-0016992"},{"$f":"[1]Pos!C493","v":"LES"},{"$f":"[1]Pos!D493","v":31.8},{"$f":"[1]Pos!E493","v":4.5999999999999996}]
[{"$f":"[1]Pos!A494","v":196684},{"$f":"[1]Pos!B494","v":"PO-0016992"},{"$f":"[1]Pos!C494","v":"LES"},{"$f":"[1]Pos!D494","v":448.78},{"$f":"[1]Pos!E494","v":5.12}]
[{"$f":"[1]Pos!A495","v":196687},{"$f":"[1]Pos!B495","v":"PO-0017024"},{"$f":"[1]Pos!C495","v":"NUTR"},{"$f":"[1]Pos!D495","v":192},{"$f":"[1]Pos!E495","v":30.6}]
[{"$f":"[1]Pos!A496","v":196688},{"$f":"[1]Pos!B496","v":"PO-0017024"},{"$f":"[1]Pos!C496","v":"NUTR"},{"$f":"[1]Pos!D496","v":192},{"$f":"[1]Pos!E496","v":33}]
[{"$f":"[1]Pos!A497","v":196699},{"$f":"[1]Pos!B497","v":"PO-0017027"},{"$f":"[1]Pos!C497","v":"DELS"},{"$f":"[1]Pos!D497","v":48.52},{"$f":"[1]Pos!E497","v":7.8}]
[{"$f":"[1]Pos!A498","v":196701},{"$f":"[1]Pos!B498","v":"PO-0017037"},{"$f":"[1]Pos!C498","v":"FDA"},{"$f":"[1]Pos!D498","v":120.16},{"$f":"[1]Pos!E498","v":9.73}]
[{"$f":"[1]Pos!A499","v":196702},{"$f":"[1]Pos!B499","v":"PO-0017031"},{"$f":"[1]Pos!C499","v":"OLYM"},{"$f":"[1]Pos!D499","v":30},{"$f":"[1]Pos!E499","v":4.7}]
[{"$f":"[1]Pos!A500","v":196703},{"$f":"[1]Pos!B500","v":"PO-0017031"},{"$f":"[1]Pos!C500","v":"OLYM"},{"$f":"[1]Pos!D500","v":10},{"$f":"[1]Pos!E500","v":19.3}]
[{"$f":"[1]Pos!A501","v":196704},{"$f":"[1]Pos!B501","v":"PO-0017031"},{"$f":"[1]Pos!C501","v":"OLYM"},{"$f":"[1]Pos!D501","v":150},{"$f":"[1]Pos!E501","v":36.5}]
[{"$f":"[1]Pos!A502","v":196706},{"$f":"[1]Pos!B502","v":"PO-0017031"},{"$f":"[1]Pos!C502","v":"OLYM"},{"$f":"[1]Pos!D502","v":2700},{"$f":"[1]Pos!E502","v":3.79}]
[{"$f":"[1]Pos!A503","v":196708},{"$f":"[1]Pos!B503","v":"PO-0017031"},{"$f":"[1]Pos!C503","v":"OLYM"},{"$f":"[1]Pos!D503","v":900},{"$f":"[1]Pos!E503","v":3.79}]
[{"$f":"[1]Pos!A504","v":196709},{"$f":"[1]Pos!B504","v":"PO-0017031"},{"$f":"[1]Pos!C504","v":"OLYM"},{"$f":"[1]Pos!D504","v":22.89},{"$f":"[1]Pos!E504","v":2.93}]
[{"$f":"[1]Pos!A505","v":196711},{"$f":"[1]Pos!B505","v":"PO-0017029"},{"$f":"[1]Pos!C505","v":"MLF"},{"$f":"[1]Pos!D505","v":120},{"$f":"[1]Pos!E505","v":124}]
[{"$f":"[1]Pos!A506","v":196712},{"$f":"[1]Pos!B506","v":"PO-0017029"},{"$f":"[1]Pos!C506","v":"MLF"},{"$f":"[1]Pos!D506","v":1500},{"$f":"[1]Pos!E506","v":3.65}]
[{"$f":"[1]Pos!A507","v":196718},{"$f":"[1]Pos!B507","v":"PO-0017030"},{"$f":"[1]Pos!C507","v":"MIRO"},{"$f":"[1]Pos!D507","v":90.8},{"$f":"[1]Pos!E507","v":7.65}]
[{"$f":"[1]Pos!A508","v":196719},{"$f":"[1]Pos!B508","v":"PO-0017030"},{"$f":"[1]Pos!C508","v":"MIRO"},{"$f":"[1]Pos!D508","v":20},{"$f":"[1]Pos!E508","v":23}]
[{"$f":"[1]Pos!A509","v":196720},{"$f":"[1]Pos!B509","v":"PO-0017030"},{"$f":"[1]Pos!C509","v":"MIRO"},{"$f":"[1]Pos!D509","v":20},{"$f":"[1]Pos!E509","v":20.5}]
[{"$f":"[1]Pos!A510","v":196728},{"$f":"[1]Pos!B510","v":"PO-0017047"},{"$f":"[1]Pos!C510","v":"SPEC"},{"$f":"[1]Pos!D510","v":60},{"$f":"[1]Pos!E510","v":17.95}]
[{"$f":"[1]Pos!A511","v":196729},{"$f":"[1]Pos!B511","v":"PO-0017047"},{"$f":"[1]Pos!C511","v":"SPEC"},{"$f":"[1]Pos!D511","v":80},{"$f":"[1]Pos!E511","v":19.95}]
[{"$f":"[1]Pos!A512","v":196730},{"$f":"[1]Pos!B512","v":"PO-0017047"},{"$f":"[1]Pos!C512","v":"SPEC"},{"$f":"[1]Pos!D512","v":60},{"$f":"[1]Pos!E512","v":33.950000000000003}]
[{"$f":"[1]Pos!A513","v":196734},{"$f":"[1]Pos!B513","v":"PO-0017048"},{"$f":"[1]Pos!C513","v":"LEST"},{"$f":"[1]Pos!D513","v":292.3},{"$f":"[1]Pos!E513","v":8.4700000000000006}]
[{"$f":"[1]Pos!A514","v":196735},{"$f":"[1]Pos!B514","v":"PO-0017048"},{"$f":"[1]Pos!C514","v":"LEST"},{"$f":"[1]Pos!D514","v":68.64},{"$f":"[1]Pos!E514","v":8.4700000000000006}]
[{"$f":"[1]Pos!A515","v":196736},{"$f":"[1]Pos!B515","v":"PO-0017048"},{"$f":"[1]Pos!C515","v":"LEST"},{"$f":"[1]Pos!D515","v":4},{"$f":"[1]Pos!E515","v":27.3}]
[{"$f":"[1]Pos!A516","v":196737},{"$f":"[1]Pos!B516","v":"PO-0017048"},{"$f":"[1]Pos!C516","v":"LEST"},{"$f":"[1]Pos!D516","v":4},{"$f":"[1]Pos!E516","v":27.3}]
[{"$f":"[1]Pos!A517","v":196738},{"$f":"[1]Pos!B517","v":"PO-0017048"},{"$f":"[1]Pos!C517","v":"LEST"},{"$f":"[1]Pos!D517","v":15},{"$f":"[1]Pos!E517","v":27.3}]
[{"$f":"[1]Pos!A518","v":196740},{"$f":"[1]Pos!B518","v":"PO-0017048"},{"$f":"[1]Pos!C518","v":"LEST"},{"$f":"[1]Pos!D518","v":95.81},{"$f":"[1]Pos!E518","v":6.07}]
[{"$f":"[1]Pos!A519","v":196745},{"$f":"[1]Pos!B519","v":"PO-0017061"},{"$f":"[1]Pos!C519","v":"OLYM"},{"$f":"[1]Pos!D519","v":198.86},{"$f":"[1]Pos!E519","v":3.57}]
[{"$f":"[1]Pos!A520","v":196748},{"$f":"[1]Pos!B520","v":"PO-0017064"},{"$f":"[1]Pos!C520","v":"OLYM"},{"$f":"[1]Pos!D520","v":1244.92},{"$f":"[1]Pos!E520","v":3.57}]
[{"$f":"[1]Pos!A521","v":196750},{"$f":"[1]Pos!B521","v":"PO-0017042"},{"$f":"[1]Pos!C521","v":"OLYM"},{"$f":"[1]Pos!D521","v":95.27},{"$f":"[1]Pos!E521","v":4.03}]
[{"$f":"[1]Pos!A522","v":196758},{"$f":"[1]Pos!B522","v":"PO-0017046"},{"$f":"[1]Pos!C522","v":"HERI"},{"$f":"[1]Pos!D522","v":15},{"$f":"[1]Pos!E522","v":10.95}]
[{"$f":"[1]Pos!A523","v":196759},{"$f":"[1]Pos!B523","v":"PO-0017046"},{"$f":"[1]Pos!C523","v":"HERI"},{"$f":"[1]Pos!D523","v":42},{"$f":"[1]Pos!E523","v":27.95}]
[{"$f":"[1]Pos!A524","v":196763},{"$f":"[1]Pos!B524","v":"PO-0017063"},{"$f":"[1]Pos!C524","v":"BLP"},{"$f":"[1]Pos!D524","v":10},{"$f":"[1]Pos!E524","v":74}]
[{"$f":"[1]Pos!A525","v":196764},{"$f":"[1]Pos!B525","v":"PO-0017062"},{"$f":"[1]Pos!C525","v":"LEST"},{"$f":"[1]Pos!D525","v":19.39},{"$f":"[1]Pos!E525","v":7.49}]
[{"$f":"[1]Pos!A526","v":196765},{"$f":"[1]Pos!B526","v":"PO-0017045"},{"$f":"[1]Pos!C526","v":"CHAMP"},{"$f":"[1]Pos!D526","v":20},{"$f":"[1]Pos!E526","v":37.21}]
[{"$f":"[1]Pos!A527","v":196772},{"$f":"[1]Pos!B527","v":"PO-0017073"},{"$f":"[1]Pos!C527","v":"DECA"},{"$f":"[1]Pos!D527","v":39.326458000000002},{"$f":"[1]Pos!E527","v":8.44}]
[{"$f":"[1]Pos!A528","v":196773},{"$f":"[1]Pos!B528","v":"PO-0017069"},{"$f":"[1]Pos!C528","v":"ALIMPLUS"},{"$f":"[1]Pos!D528","v":719.8},{"$f":"[1]Pos!E528","v":11.78}]
[{"$f":"[1]Pos!A529","v":196781},{"$f":"[1]Pos!B529","v":"PO-0017076"},{"$f":"[1]Pos!C529","v":"OLYM"},{"$f":"[1]Pos!D529","v":21.57},{"$f":"[1]Pos!E529","v":2.93}]
[{"$f":"[1]Pos!A530","v":196789},{"$f":"[1]Pos!B530","v":"PO-0017068"},{"$f":"[1]Pos!C530","v":"DECA"},{"$f":"[1]Pos!D530","v":386.59},{"$f":"[1]Pos!E530","v":6.95}]
[{"$f":"[1]Pos!A531","v":196796},{"$f":"[1]Pos!B531","v":"PO-0017084"},{"$f":"[1]Pos!C531","v":"VEST"},{"$f":"[1]Pos!D531","v":65},{"$f":"[1]Pos!E531","v":46.4}]
[{"$f":"[1]Pos!A532","v":196801},{"$f":"[1]Pos!B532","v":"PO-0017086"},{"$f":"[1]Pos!C532","v":"NUTR"},{"$f":"[1]Pos!D532","v":96},{"$f":"[1]Pos!E532","v":30.6}]
[{"$f":"[1]Pos!A533","v":196802},{"$f":"[1]Pos!B533","v":"PO-0017086"},{"$f":"[1]Pos!C533","v":"NUTR"},{"$f":"[1]Pos!D533","v":192},{"$f":"[1]Pos!E533","v":33}]
[{"$f":"[1]Pos!A534","v":196822},{"$f":"[1]Pos!B534","v":"PO-0017098"},{"$f":"[1]Pos!C534","v":"VEST"},{"$f":"[1]Pos!D534","v":45},{"$f":"[1]Pos!E534","v":28.6}]
[{"$f":"[1]Pos!A535","v":196824},{"$f":"[1]Pos!B535","v":"PO-0017107"},{"$f":"[1]Pos!C535","v":"NUTR"},{"$f":"[1]Pos!D535","v":96},{"$f":"[1]Pos!E535","v":30.6}]
[{"$f":"[1]Pos!A536","v":196825},{"$f":"[1]Pos!B536","v":"PO-0017107"},{"$f":"[1]Pos!C536","v":"NUTR"},{"$f":"[1]Pos!D536","v":96},{"$f":"[1]Pos!E536","v":33}]
[{"$f":"[1]Pos!A537","v":196834},{"$f":"[1]Pos!B537","v":"PO-0017108"},{"$f":"[1]Pos!C537","v":"RYDI"},{"$f":"[1]Pos!D537","v":753},{"$f":"[1]Pos!E537","v":1.3}]
[{"$f":"[1]Pos!A538","v":196836},{"$f":"[1]Pos!B538","v":"PO-0017104"},{"$f":"[1]Pos!C538","v":"BLP"},{"$f":"[1]Pos!D538","v":20},{"$f":"[1]Pos!E538","v":74}]
[{"$f":"[1]Pos!A539","v":196837},{"$f":"[1]Pos!B539","v":"PO-0017105"},{"$f":"[1]Pos!C539","v":"HERI"},{"$f":"[1]Pos!D539","v":15},{"$f":"[1]Pos!E539","v":10.95}]
[{"$f":"[1]Pos!A540","v":196838},{"$f":"[1]Pos!B540","v":"PO-0017105"},{"$f":"[1]Pos!C540","v":"HERI"},{"$f":"[1]Pos!D540","v":42},{"$f":"[1]Pos!E540","v":27.95}]
[{"$f":"[1]Pos!A541","v":196839},{"$f":"[1]Pos!B541","v":"PO-0017101"},{"$f":"[1]Pos!C541","v":"ROMA"},{"$f":"[1]Pos!D541","v":400},{"$f":"[1]Pos!E541","v":5.5}]
[{"$f":"[1]Pos!A542","v":196840},{"$f":"[1]Pos!B542","v":"PO-0017101"},{"$f":"[1]Pos!C542","v":"ROMA"},{"$f":"[1]Pos!D542","v":120},{"$f":"[1]Pos!E542","v":6.7}]
[{"$f":"[1]Pos!A543","v":196841},{"$f":"[1]Pos!B543","v":"PO-0017102"},{"$f":"[1]Pos!C543","v":"LEST"},{"$f":"[1]Pos!D543","v":249.34},{"$f":"[1]Pos!E543","v":8.7899999999999991}]
[{"$f":"[1]Pos!A544","v":196842},{"$f":"[1]Pos!B544","v":"PO-0017102"},{"$f":"[1]Pos!C544","v":"LEST"},{"$f":"[1]Pos!D544","v":18.100000000000001},{"$f":"[1]Pos!E544","v":8.4700000000000006}]
[{"$f":"[1]Pos!A545","v":196843},{"$f":"[1]Pos!B545","v":"PO-0017102"},{"$f":"[1]Pos!C545","v":"LEST"},{"$f":"[1]Pos!D545","v":20},{"$f":"[1]Pos!E545","v":27.3}]
[{"$f":"[1]Pos!A546","v":196844},{"$f":"[1]Pos!B546","v":"PO-0017102"},{"$f":"[1]Pos!C546","v":"LEST"},{"$f":"[1]Pos!D546","v":15},{"$f":"[1]Pos!E546","v":5.45}]
[{"$f":"[1]Pos!A547","v":196845},{"$f":"[1]Pos!B547","v":"PO-0017102"},{"$f":"[1]Pos!C547","v":"LEST"},{"$f":"[1]Pos!D547","v":47.36},{"$f":"[1]Pos!E547","v":6.07}]
[{"$f":"[1]Pos!A548","v":196854},{"$f":"[1]Pos!B548","v":"PO-0017121"},{"$f":"[1]Pos!C548","v":"OLYM"},{"$f":"[1]Pos!D548","v":500},{"$f":"[1]Pos!E548","v":2.59}]
[{"$f":"[1]Pos!A549","v":196855},{"$f":"[1]Pos!B549","v":"PO-0017120"},{"$f":"[1]Pos!C549","v":"OLYM"},{"$f":"[1]Pos!D549","v":95.27},{"$f":"[1]Pos!E549","v":4.22}]
[{"$f":"[1]Pos!A550","v":196857},{"$f":"[1]Pos!B550","v":"PO-0017116"},{"$f":"[1]Pos!C550","v":"OLYM"},{"$f":"[1]Pos!D550","v":1205.72},{"$f":"[1]Pos!E550","v":3.57}]
[{"$f":"[1]Pos!A551","v":196858},{"$f":"[1]Pos!B551","v":"PO-0017116"},{"$f":"[1]Pos!C551","v":"OLYM"},{"$f":"[1]Pos!D551","v":30},{"$f":"[1]Pos!E551","v":13.92}]
[{"$f":"[1]Pos!A552","v":196859},{"$f":"[1]Pos!B552","v":"PO-0017116"},{"$f":"[1]Pos!C552","v":"OLYM"},{"$f":"[1]Pos!D552","v":22.01},{"$f":"[1]Pos!E552","v":3}]
[{"$f":"[1]Pos!A553","v":196865},{"$f":"[1]Pos!B553","v":"PO-0017125"},{"$f":"[1]Pos!C553","v":"OLYM"},{"$f":"[1]Pos!D553","v":15},{"$f":"[1]Pos!E553","v":46.8}]
[{"$f":"[1]Pos!A554","v":196866},{"$f":"[1]Pos!B554","v":"PO-0017125"},{"$f":"[1]Pos!C554","v":"OLYM"},{"$f":"[1]Pos!D554","v":15},{"$f":"[1]Pos!E554","v":46.8}]
[{"$f":"[1]Pos!A555","v":196869},{"$f":"[1]Pos!B555","v":"PO-0017129"},{"$f":"[1]Pos!C555","v":"ASTR"},{"$f":"[1]Pos!D555","v":1000},{"$f":"[1]Pos!E555","v":26.5}]
[{"$f":"[1]Pos!A556","v":196870},{"$f":"[1]Pos!B556","v":"PO-0017129"},{"$f":"[1]Pos!C556","v":"ASTR"},{"$f":"[1]Pos!D556","v":1000},{"$f":"[1]Pos!E556","v":27}]
[{"$f":"[1]Pos!A557","v":196881},{"$f":"[1]Pos!B557","v":"PO-0017138"},{"$f":"[1]Pos!C557","v":"LES"},{"$f":"[1]Pos!D557","v":43.22},{"$f":"[1]Pos!E557","v":4.7}]
[{"$f":"[1]Pos!A558","v":196882},{"$f":"[1]Pos!B558","v":"PO-0017138"},{"$f":"[1]Pos!C558","v":"LES"},{"$f":"[1]Pos!D558","v":326.51},{"$f":"[1]Pos!E558","v":5.14}]
[{"$f":"[1]Pos!A559","v":196896},{"$f":"[1]Pos!B559","v":"PO-0017106"},{"$f":"[1]Pos!C559","v":"PLAI"},{"$f":"[1]Pos!D559","v":15},{"$f":"[1]Pos!E559","v":33}]
[{"$f":"[1]Pos!A560","v":196897},{"$f":"[1]Pos!B560","v":"PO-0017106"},{"$f":"[1]Pos!C560","v":"PLAI"},{"$f":"[1]Pos!D560","v":50},{"$f":"[1]Pos!E560","v":13}]
[{"$f":"[1]Pos!A561","v":196900},{"$f":"[1]Pos!B561","v":"PO-0016941"},{"$f":"[1]Pos!C561","v":"MLF"},{"$f":"[1]Pos!D561","v":80},{"$f":"[1]Pos!E561","v":124}]
[{"$f":"[1]Pos!A562","v":196901},{"$f":"[1]Pos!B562","v":"PO-0016941"},{"$f":"[1]Pos!C562","v":"MLF"},{"$f":"[1]Pos!D562","v":100},{"$f":"[1]Pos!E562","v":3.65}]
[{"$f":"[1]Pos!A563","v":196902},{"$f":"[1]Pos!B563","v":"PO-0017029"},{"$f":"[1]Pos!C563","v":"MLF"},{"$f":"[1]Pos!D563","v":20},{"$f":"[1]Pos!E563","v":22.92}]
[{"$f":"[1]Pos!A564","v":196903},{"$f":"[1]Pos!B564","v":"PO-0017029"},{"$f":"[1]Pos!C564","v":"MLF"},{"$f":"[1]Pos!D564","v":10},{"$f":"[1]Pos!E564","v":47.04}]
[{"$f":"[1]Pos!A565","v":196907},{"$f":"[1]Pos!B565","v":"PO-0017144"},{"$f":"[1]Pos!C565","v":"RIEN"},{"$f":"[1]Pos!D565","v":371.16},{"$f":"[1]Pos!E565","v":6.55}]
[{"$f":"[1]Pos!A566","v":196909},{"$f":"[1]Pos!B566","v":"PO-0017146"},{"$f":"[1]Pos!C566","v":"DELS"},{"$f":"[1]Pos!D566","v":79.14},{"$f":"[1]Pos!E566","v":7.8}]
[{"$f":"[1]Pos!A567","v":196910},{"$f":"[1]Pos!B567","v":"PO-0017147"},{"$f":"[1]Pos!C567","v":"DECA"},{"$f":"[1]Pos!D567","v":31.751467000000002},{"$f":"[1]Pos!E567","v":5.95}]
[{"$f":"[1]Pos!A568","v":196911},{"$f":"[1]Pos!B568","v":"PO-0017145"},{"$f":"[1]Pos!C568","v":"OLYM"},{"$f":"[1]Pos!D568","v":1028.44},{"$f":"[1]Pos!E568","v":5.95}]
[{"$f":"[1]Pos!A569","v":196912},{"$f":"[1]Pos!B569","v":"PO-0017151"},{"$f":"[1]Pos!C569","v":"OLYM"},{"$f":"[1]Pos!D569","v":124.84},{"$f":"[1]Pos!E569","v":5.74}]
[{"$f":"[1]Pos!A570","v":196913},{"$f":"[1]Pos!B570","v":"PO-0017151"},{"$f":"[1]Pos!C570","v":"OLYM"},{"$f":"[1]Pos!D570","v":10},{"$f":"[1]Pos!E570","v":27.05}]
[{"$f":"[1]Pos!A571","v":196914},{"$f":"[1]Pos!B571","v":"PO-0017151"},{"$f":"[1]Pos!C571","v":"OLYM"},{"$f":"[1]Pos!D571","v":10},{"$f":"[1]Pos!E571","v":19.3}]
[{"$f":"[1]Pos!A572","v":196917},{"$f":"[1]Pos!B572","v":"PO-0017151"},{"$f":"[1]Pos!C572","v":"OLYM"},{"$f":"[1]Pos!D572","v":3600},{"$f":"[1]Pos!E572","v":3.79}]
[{"$f":"[1]Pos!A573","v":196924},{"$f":"[1]Pos!B573","v":"PO-0017152"},{"$f":"[1]Pos!C573","v":"PIER"},{"$f":"[1]Pos!D573","v":163.29},{"$f":"[1]Pos!E573","v":25.35}]
[{"$f":"[1]Pos!A574","v":196925},{"$f":"[1]Pos!B574","v":"PO-0017152"},{"$f":"[1]Pos!C574","v":"PIER"},{"$f":"[1]Pos!D574","v":90.72},{"$f":"[1]Pos!E574","v":11.57}]
[{"$f":"[1]Pos!A575","v":196926},{"$f":"[1]Pos!B575","v":"PO-0017152"},{"$f":"[1]Pos!C575","v":"PIER"},{"$f":"[1]Pos!D575","v":45.36},{"$f":"[1]Pos!E575","v":11.05}]
[{"$f":"[1]Pos!A576","v":196927},{"$f":"[1]Pos!B576","v":"PO-0017152"},{"$f":"[1]Pos!C576","v":"PIER"},{"$f":"[1]Pos!D576","v":68.040000000000006},{"$f":"[1]Pos!E576","v":7.14}]
[{"$f":"[1]Pos!A577","v":196928},{"$f":"[1]Pos!B577","v":"PO-0017152"},{"$f":"[1]Pos!C577","v":"PIER"},{"$f":"[1]Pos!D577","v":45.4},{"$f":"[1]Pos!E577","v":6.26}]
[{"$f":"[1]Pos!A578","v":196931},{"$f":"[1]Pos!B578","v":"PO-0017154"},{"$f":"[1]Pos!C578","v":"SPEC"},{"$f":"[1]Pos!D578","v":60},{"$f":"[1]Pos!E578","v":17.95}]
[{"$f":"[1]Pos!A579","v":196932},{"$f":"[1]Pos!B579","v":"PO-0017154"},{"$f":"[1]Pos!C579","v":"SPEC"},{"$f":"[1]Pos!D579","v":80},{"$f":"[1]Pos!E579","v":19.95}]
[{"$f":"[1]Pos!A580","v":196933},{"$f":"[1]Pos!B580","v":"PO-0017153"},{"$f":"[1]Pos!C580","v":"PECH"},{"$f":"[1]Pos!D580","v":136.19999999999999},{"$f":"[1]Pos!E580","v":11.13}]
[{"$f":"[1]Pos!A581","v":196934},{"$f":"[1]Pos!B581","v":"PO-0017153"},{"$f":"[1]Pos!C581","v":"PECH"},{"$f":"[1]Pos!D581","v":90.8},{"$f":"[1]Pos!E581","v":12.35}]
[{"$f":"[1]Pos!A582","v":196935},{"$f":"[1]Pos!B582","v":"PO-0017153"},{"$f":"[1]Pos!C582","v":"PECH"},{"$f":"[1]Pos!D582","v":50},{"$f":"[1]Pos!E582","v":14.33}]
[{"$f":"[1]Pos!A583","v":196936},{"$f":"[1]Pos!B583","v":"PO-0017168"},{"$f":"[1]Pos!C583","v":"NUTR"},{"$f":"[1]Pos!D583","v":192},{"$f":"[1]Pos!E583","v":30.6}]
[{"$f":"[1]Pos!A584","v":196937},{"$f":"[1]Pos!B584","v":"PO-0017168"},{"$f":"[1]Pos!C584","v":"NUTR"},{"$f":"[1]Pos!D584","v":96},{"$f":"[1]Pos!E584","v":33}]
[{"$f":"[1]Pos!A585","v":196943},{"$f":"[1]Pos!B585","v":"PO-0017166"},{"$f":"[1]Pos!C585","v":"FDA"},{"$f":"[1]Pos!D585","v":120},{"$f":"[1]Pos!E585","v":9.73}]
[{"$f":"[1]Pos!A586","v":196944},{"$f":"[1]Pos!B586","v":"PO-0017165"},{"$f":"[1]Pos!C586","v":"LEST"},{"$f":"[1]Pos!D586","v":277.77999999999997},{"$f":"[1]Pos!E586","v":8.7899999999999991}]
[{"$f":"[1]Pos!A587","v":196945},{"$f":"[1]Pos!B587","v":"PO-0017165"},{"$f":"[1]Pos!C587","v":"LEST"},{"$f":"[1]Pos!D587","v":30},{"$f":"[1]Pos!E587","v":28.2}]
[{"$f":"[1]Pos!A588","v":196946},{"$f":"[1]Pos!B588","v":"PO-0017165"},{"$f":"[1]Pos!C588","v":"LEST"},{"$f":"[1]Pos!D588","v":4},{"$f":"[1]Pos!E588","v":28.2}]
[{"$f":"[1]Pos!A589","v":196947},{"$f":"[1]Pos!B589","v":"PO-0017165"},{"$f":"[1]Pos!C589","v":"LEST"},{"$f":"[1]Pos!D589","v":4},{"$f":"[1]Pos!E589","v":28.2}]
[{"$f":"[1]Pos!A590","v":196948},{"$f":"[1]Pos!B590","v":"PO-0017165"},{"$f":"[1]Pos!C590","v":"LEST"},{"$f":"[1]Pos!D590","v":10},{"$f":"[1]Pos!E590","v":28.2}]
[{"$f":"[1]Pos!A591","v":196949},{"$f":"[1]Pos!B591","v":"PO-0017165"},{"$f":"[1]Pos!C591","v":"LEST"},{"$f":"[1]Pos!D591","v":15},{"$f":"[1]Pos!E591","v":5.6}]
[{"$f":"[1]Pos!A592","v":196950},{"$f":"[1]Pos!B592","v":"PO-0017165"},{"$f":"[1]Pos!C592","v":"LEST"},{"$f":"[1]Pos!D592","v":70.849999999999994},{"$f":"[1]Pos!E592","v":6.22}]
[{"$f":"[1]Pos!A593","v":196951},{"$f":"[1]Pos!B593","v":"PO-0017165"},{"$f":"[1]Pos!C593","v":"LEST"},{"$f":"[1]Pos!D593","v":14.88},{"$f":"[1]Pos!E593","v":4.99}]
[{"$f":"[1]Pos!A594","v":196952},{"$f":"[1]Pos!B594","v":"PO-0017170"},{"$f":"[1]Pos!C594","v":"ALIMPLUS"},{"$f":"[1]Pos!D594","v":10},{"$f":"[1]Pos!E594","v":54.5}]
[{"$f":"[1]Pos!A595","v":196958},{"$f":"[1]Pos!B595","v":"PO-0017178"},{"$f":"[1]Pos!C595","v":"OLYM"},{"$f":"[1]Pos!D595","v":95.27},{"$f":"[1]Pos!E595","v":4.55}]
[{"$f":"[1]Pos!A596","v":196960},{"$f":"[1]Pos!B596","v":"PO-0017178"},{"$f":"[1]Pos!C596","v":"OLYM"},{"$f":"[1]Pos!D596","v":9},{"$f":"[1]Pos!E596","v":8.43}]
[{"$f":"[1]Pos!A597","v":196969},{"$f":"[1]Pos!B597","v":"PO-0017163"},{"$f":"[1]Pos!C597","v":"HERI"},{"$f":"[1]Pos!D597","v":15},{"$f":"[1]Pos!E597","v":10.95}]
[{"$f":"[1]Pos!A598","v":196970},{"$f":"[1]Pos!B598","v":"PO-0017163"},{"$f":"[1]Pos!C598","v":"HERI"},{"$f":"[1]Pos!D598","v":42},{"$f":"[1]Pos!E598","v":27.95}]
[{"$f":"[1]Pos!A599","v":196971},{"$f":"[1]Pos!B599","v":"PO-0017164"},{"$f":"[1]Pos!C599","v":"BLP"},{"$f":"[1]Pos!D599","v":10},{"$f":"[1]Pos!E599","v":74}]
[{"$f":"[1]Pos!A600","v":196975},{"$f":"[1]Pos!B600","v":"PO-0017162"},{"$f":"[1]Pos!C600","v":"OCEAN"},{"$f":"[1]Pos!D600","v":200},{"$f":"[1]Pos!E600","v":30.6}]
[{"$f":"[1]Pos!A601","v":196976},{"$f":"[1]Pos!B601","v":"PO-0017162"},{"$f":"[1]Pos!C601","v":"OCEAN"},{"$f":"[1]Pos!D601","v":10},{"$f":"[1]Pos!E601","v":57}]
[{"$f":"[1]Pos!A602","v":196980},{"$f":"[1]Pos!B602","v":"PO-0017103"},{"$f":"[1]Pos!C602","v":"SALA"},{"$f":"[1]Pos!D602","v":50},{"$f":"[1]Pos!E602","v":30.64}]
[{"$f":"[1]Pos!A603","v":196996},{"$f":"[1]Pos!B603","v":"PO-0017148"},{"$f":"[1]Pos!C603","v":"OLYM"},{"$f":"[1]Pos!D603","v":1018.52},{"$f":"[1]Pos!E603","v":5.95}]
[{"$f":"[1]Pos!A604","v":197000},{"$f":"[1]Pos!B604","v":"PO-0017195"},{"$f":"[1]Pos!C604","v":"NUTR"},{"$f":"[1]Pos!D604","v":96},{"$f":"[1]Pos!E604","v":30.6}]
[{"$f":"[1]Pos!A605","v":197001},{"$f":"[1]Pos!B605","v":"PO-0017195"},{"$f":"[1]Pos!C605","v":"NUTR"},{"$f":"[1]Pos!D605","v":96},{"$f":"[1]Pos!E605","v":33}]
[{"$f":"[1]Pos!A606","v":197005},{"$f":"[1]Pos!B606","v":"PO-0017197"},{"$f":"[1]Pos!C606","v":"DELS"},{"$f":"[1]Pos!D606","v":69.599999999999994},{"$f":"[1]Pos!E606","v":7.8}]
[{"$f":"[1]Pos!A607","v":197009},{"$f":"[1]Pos!B607","v":"PO-0017217"},{"$f":"[1]Pos!C607","v":"DELF"},{"$f":"[1]Pos!D607","v":67.540000000000006},{"$f":"[1]Pos!E607","v":14.34}]
[{"$f":"[1]Pos!A608","v":197015},{"$f":"[1]Pos!B608","v":"PO-0017215"},{"$f":"[1]Pos!C608","v":"BENI"},{"$f":"[1]Pos!D608","v":720},{"$f":"[1]Pos!E608","v":1.19}]
[{"$f":"[1]Pos!A609","v":197020},{"$f":"[1]Pos!B609","v":"PO-0017219"},{"$f":"[1]Pos!C609","v":"VEST"},{"$f":"[1]Pos!D609","v":99},{"$f":"[1]Pos!E609","v":50.4}]
[{"$f":"[1]Pos!A610","v":197022},{"$f":"[1]Pos!B610","v":"PO-0017218"},{"$f":"[1]Pos!C610","v":"OLYM"},{"$f":"[1]Pos!D610","v":1293.44},{"$f":"[1]Pos!E610","v":3.39}]
[{"$f":"[1]Pos!A611","v":197023},{"$f":"[1]Pos!B611","v":"PO-0017218"},{"$f":"[1]Pos!C611","v":"OLYM"},{"$f":"[1]Pos!D611","v":1293.44},{"$f":"[1]Pos!E611","v":3.57}]
[{"$f":"[1]Pos!A612","v":197024},{"$f":"[1]Pos!B612","v":"PO-0017218"},{"$f":"[1]Pos!C612","v":"OLYM"},{"$f":"[1]Pos!D612","v":40},{"$f":"[1]Pos!E612","v":13.92}]
[{"$f":"[1]Pos!A613","v":197028},{"$f":"[1]Pos!B613","v":"PO-0017229"},{"$f":"[1]Pos!C613","v":"NUTR"},{"$f":"[1]Pos!D613","v":96},{"$f":"[1]Pos!E613","v":33}]
[{"$f":"[1]Pos!A614","v":197035},{"$f":"[1]Pos!B614","v":"PO-0017233"},{"$f":"[1]Pos!C614","v":"OLYM"},{"$f":"[1]Pos!D614","v":121.84},{"$f":"[1]Pos!E614","v":4.67}]
[{"$f":"[1]Pos!A615","v":197038},{"$f":"[1]Pos!B615","v":"PO-0017228"},{"$f":"[1]Pos!C615","v":"GEOR"},{"$f":"[1]Pos!D615","v":375.33},{"$f":"[1]Pos!E615","v":11.29}]
[{"$f":"[1]Pos!A616","v":197039},{"$f":"[1]Pos!B616","v":"PO-0017196"},{"$f":"[1]Pos!C616","v":"MLF"},{"$f":"[1]Pos!D616","v":120},{"$f":"[1]Pos!E616","v":124}]
[{"$f":"[1]Pos!A617","v":197041},{"$f":"[1]Pos!B617","v":"PO-0017196"},{"$f":"[1]Pos!C617","v":"MLF"},{"$f":"[1]Pos!D617","v":1000},{"$f":"[1]Pos!E617","v":3.65}]
[{"$f":"[1]Pos!A618","v":197043},{"$f":"[1]Pos!B618","v":"PO-0017226"},{"$f":"[1]Pos!C618","v":"ROMA"},{"$f":"[1]Pos!D618","v":600},{"$f":"[1]Pos!E618","v":5.5}]
[{"$f":"[1]Pos!A619","v":197044},{"$f":"[1]Pos!B619","v":"PO-0017226"},{"$f":"[1]Pos!C619","v":"ROMA"},{"$f":"[1]Pos!D619","v":180},{"$f":"[1]Pos!E619","v":6.7}]
[{"$f":"[1]Pos!A620","v":197045},{"$f":"[1]Pos!B620","v":"PO-0017226"},{"$f":"[1]Pos!C620","v":"ROMA"},{"$f":"[1]Pos!D620","v":15.34},{"$f":"[1]Pos!E620","v":6.67}]
[{"$f":"[1]Pos!A621","v":197046},{"$f":"[1]Pos!B621","v":"PO-0017223"},{"$f":"[1]Pos!C621","v":"HERI"},{"$f":"[1]Pos!D621","v":15},{"$f":"[1]Pos!E621","v":10.95}]
[{"$f":"[1]Pos!A622","v":197047},{"$f":"[1]Pos!B622","v":"PO-0017223"},{"$f":"[1]Pos!C622","v":"HERI"},{"$f":"[1]Pos!D622","v":42},{"$f":"[1]Pos!E622","v":27.95}]
[{"$f":"[1]Pos!A623","v":197048},{"$f":"[1]Pos!B623","v":"PO-0017227"},{"$f":"[1]Pos!C623","v":"LEST"},{"$f":"[1]Pos!D623","v":210.88},{"$f":"[1]Pos!E623","v":8.7899999999999991}]
[{"$f":"[1]Pos!A624","v":197049},{"$f":"[1]Pos!B624","v":"PO-0017227"},{"$f":"[1]Pos!C624","v":"LEST"},{"$f":"[1]Pos!D624","v":76.319999999999993},{"$f":"[1]Pos!E624","v":8.7899999999999991}]
[{"$f":"[1]Pos!A625","v":197050},{"$f":"[1]Pos!B625","v":"PO-0017227"},{"$f":"[1]Pos!C625","v":"LEST"},{"$f":"[1]Pos!D625","v":2},{"$f":"[1]Pos!E625","v":28.2}]
[{"$f":"[1]Pos!A626","v":197051},{"$f":"[1]Pos!B626","v":"PO-0017227"},{"$f":"[1]Pos!C626","v":"LEST"},{"$f":"[1]Pos!D626","v":2},{"$f":"[1]Pos!E626","v":28.2}]
[{"$f":"[1]Pos!A627","v":197052},{"$f":"[1]Pos!B627","v":"PO-0017227"},{"$f":"[1]Pos!C627","v":"LEST"},{"$f":"[1]Pos!D627","v":25},{"$f":"[1]Pos!E627","v":28.2}]
[{"$f":"[1]Pos!A628","v":197053},{"$f":"[1]Pos!B628","v":"PO-0017227"},{"$f":"[1]Pos!C628","v":"LEST"},{"$f":"[1]Pos!D628","v":5},{"$f":"[1]Pos!E628","v":28.2}]
[{"$f":"[1]Pos!A629","v":197054},{"$f":"[1]Pos!B629","v":"PO-0017227"},{"$f":"[1]Pos!C629","v":"LEST"},{"$f":"[1]Pos!D629","v":15},{"$f":"[1]Pos!E629","v":5.6}]
[{"$f":"[1]Pos!A630","v":197055},{"$f":"[1]Pos!B630","v":"PO-0017227"},{"$f":"[1]Pos!C630","v":"LEST"},{"$f":"[1]Pos!D630","v":47.24},{"$f":"[1]Pos!E630","v":6.22}]
[{"$f":"[1]Pos!A631","v":197056},{"$f":"[1]Pos!B631","v":"PO-0017225"},{"$f":"[1]Pos!C631","v":"LES"},{"$f":"[1]Pos!D631","v":68.28},{"$f":"[1]Pos!E631","v":3.55}]
[{"$f":"[1]Pos!A632","v":197057},{"$f":"[1]Pos!B632","v":"PO-0017225"},{"$f":"[1]Pos!C632","v":"LES"},{"$f":"[1]Pos!D632","v":85.04},{"$f":"[1]Pos!E632","v":4.7}]
[{"$f":"[1]Pos!A633","v":197058},{"$f":"[1]Pos!B633","v":"PO-0017225"},{"$f":"[1]Pos!C633","v":"LES"},{"$f":"[1]Pos!D633","v":429.02},{"$f":"[1]Pos!E633","v":5.14}]
[{"$f":"[1]Pos!A634","v":197064},{"$f":"[1]Pos!B634","v":"PO-0017241"},{"$f":"[1]Pos!C634","v":"OLYM"},{"$f":"[1]Pos!D634","v":267.58},{"$f":"[1]Pos!E634","v":7.65}]
[{"$f":"[1]Pos!A635","v":197070},{"$f":"[1]Pos!B635","v":"PO-0017198"},{"$f":"[1]Pos!C635","v":"MIRO"},{"$f":"[1]Pos!D635","v":90.8},{"$f":"[1]Pos!E635","v":7.65}]
[{"$f":"[1]Pos!A636","v":197071},{"$f":"[1]Pos!B636","v":"PO-0017198"},{"$f":"[1]Pos!C636","v":"MIRO"},{"$f":"[1]Pos!D636","v":20},{"$f":"[1]Pos!E636","v":23}]
[{"$f":"[1]Pos!A637","v":197072},{"$f":"[1]Pos!B637","v":"PO-0017198"},{"$f":"[1]Pos!C637","v":"MIRO"},{"$f":"[1]Pos!D637","v":20},{"$f":"[1]Pos!E637","v":20.5}]
[{"$f":"[1]Pos!A638","v":197073},{"$f":"[1]Pos!B638","v":"PO-0017244"},{"$f":"[1]Pos!C638","v":"VEST"},{"$f":"[1]Pos!D638","v":60},{"$f":"[1]Pos!E638","v":28.6}]
[{"$f":"[1]Pos!A639","v":197080},{"$f":"[1]Pos!B639","v":"PO-0017245"},{"$f":"[1]Pos!C639","v":"GIRO"},{"$f":"[1]Pos!D639","v":2171.13},{"$f":"[1]Pos!E639","v":6.56}]
[{"$f":"[1]Pos!A640","v":197091},{"$f":"[1]Pos!B640","v":"PO-0017255"},{"$f":"[1]Pos!C640","v":"VEST"},{"$f":"[1]Pos!D640","v":100},{"$f":"[1]Pos!E640","v":46.4}]
[{"$f":"[1]Pos!A641","v":197092},{"$f":"[1]Pos!B641","v":"PO-0017257"},{"$f":"[1]Pos!C641","v":"PREP"},{"$f":"[1]Pos!D641","v":89.82},{"$f":"[1]Pos!E641","v":4.3}]
[{"$f":"[1]Pos!A642","v":197093},{"$f":"[1]Pos!B642","v":"PO-0017254"},{"$f":"[1]Pos!C642","v":"NUTR"},{"$f":"[1]Pos!D642","v":144},{"$f":"[1]Pos!E642","v":30.6}]
[{"$f":"[1]Pos!A643","v":197094},{"$f":"[1]Pos!B643","v":"PO-0017254"},{"$f":"[1]Pos!C643","v":"NUTR"},{"$f":"[1]Pos!D643","v":144},{"$f":"[1]Pos!E643","v":33}]
[{"$f":"[1]Pos!A644","v":197103},{"$f":"[1]Pos!B644","v":"PO-0017224"},{"$f":"[1]Pos!C644","v":"PLAI"},{"$f":"[1]Pos!D644","v":10},{"$f":"[1]Pos!E644","v":33}]
[{"$f":"[1]Pos!A645","v":197104},{"$f":"[1]Pos!B645","v":"PO-0017224"},{"$f":"[1]Pos!C645","v":"PLAI"},{"$f":"[1]Pos!D645","v":60},{"$f":"[1]Pos!E645","v":13}]
[{"$f":"[1]Pos!A646","v":197112},{"$f":"[1]Pos!B646","v":"PO-0017273"},{"$f":"[1]Pos!C646","v":"DELS"},{"$f":"[1]Pos!D646","v":101.96},{"$f":"[1]Pos!E646","v":8.9}]
[{"$f":"[1]Pos!A647","v":197113},{"$f":"[1]Pos!B647","v":"PO-0017275"},{"$f":"[1]Pos!C647","v":"FDA"},{"$f":"[1]Pos!D647","v":90.8},{"$f":"[1]Pos!E647","v":10.79}]
[{"$f":"[1]Pos!A648","v":197114},{"$f":"[1]Pos!B648","v":"PO-0017258"},{"$f":"[1]Pos!C648","v":"PECH"},{"$f":"[1]Pos!D648","v":102.06},{"$f":"[1]Pos!E648","v":12.35}]
[{"$f":"[1]Pos!A649","v":197115},{"$f":"[1]Pos!B649","v":"PO-0017258"},{"$f":"[1]Pos!C649","v":"PECH"},{"$f":"[1]Pos!D649","v":113.5},{"$f":"[1]Pos!E649","v":3.75}]
[{"$f":"[1]Pos!A650","v":197121},{"$f":"[1]Pos!B650","v":"PO-0017246"},{"$f":"[1]Pos!C650","v":"GIRO"},{"$f":"[1]Pos!D650","v":3219.81},{"$f":"[1]Pos!E650","v":6.46}]
[{"$f":"[1]Pos!A651","v":197131},{"$f":"[1]Pos!B651","v":"PO-0017286"},{"$f":"[1]Pos!C651","v":"ALIMPLUS"},{"$f":"[1]Pos!D651","v":4.54},{"$f":"[1]Pos!E651","v":24.27}]
[{"$f":"[1]Pos!A652","v":197132},{"$f":"[1]Pos!B652","v":"PO-0017287"},{"$f":"[1]Pos!C652","v":"NUTR"},{"$f":"[1]Pos!D652","v":48},{"$f":"[1]Pos!E652","v":30.6}]
[{"$f":"[1]Pos!A653","v":197133},{"$f":"[1]Pos!B653","v":"PO-0017287"},{"$f":"[1]Pos!C653","v":"NUTR"},{"$f":"[1]Pos!D653","v":96},{"$f":"[1]Pos!E653","v":33}]
[{"$f":"[1]Pos!A654","v":197135},{"$f":"[1]Pos!B654","v":"PO-0017284"},{"$f":"[1]Pos!C654","v":"OLYM"},{"$f":"[1]Pos!D654","v":10},{"$f":"[1]Pos!E654","v":41.2}]
[{"$f":"[1]Pos!A655","v":197141},{"$f":"[1]Pos!B655","v":"PO-0017276"},{"$f":"[1]Pos!C655","v":"OLYM"},{"$f":"[1]Pos!D655","v":89.52},{"$f":"[1]Pos!E655","v":3.54}]
[{"$f":"[1]Pos!A656","v":197142},{"$f":"[1]Pos!B656","v":"PO-0017276"},{"$f":"[1]Pos!C656","v":"OLYM"},{"$f":"[1]Pos!D656","v":102.6},{"$f":"[1]Pos!E656","v":4.5999999999999996}]
[{"$f":"[1]Pos!A657","v":197145},{"$f":"[1]Pos!B657","v":"PO-0017293"},{"$f":"[1]Pos!C657","v":"BLP"},{"$f":"[1]Pos!D657","v":20},{"$f":"[1]Pos!E657","v":74}]
[{"$f":"[1]Pos!A658","v":197146},{"$f":"[1]Pos!B658","v":"PO-0017292"},{"$f":"[1]Pos!C658","v":"LEST"},{"$f":"[1]Pos!D658","v":25},{"$f":"[1]Pos!E658","v":28.2}]
[{"$f":"[1]Pos!A659","v":197147},{"$f":"[1]Pos!B659","v":"PO-0017294"},{"$f":"[1]Pos!C659","v":"MIRO"},{"$f":"[1]Pos!D659","v":40},{"$f":"[1]Pos!E659","v":20.5}]
[{"$f":"[1]Pos!A660","v":197148},{"$f":"[1]Pos!B660","v":"PO-0017294"},{"$f":"[1]Pos!C660","v":"MIRO"},{"$f":"[1]Pos!D660","v":181.6},{"$f":"[1]Pos!E660","v":7.65}]
[{"$f":"[1]Pos!A661","v":197150},{"$f":"[1]Pos!B661","v":"PO-0017300"},{"$f":"[1]Pos!C661","v":"ALIMPLUS"},{"$f":"[1]Pos!D661","v":15},{"$f":"[1]Pos!E661","v":22}]
[{"$f":"[1]Pos!A662","v":197160},{"$f":"[1]Pos!B662","v":"PO-0017303"},{"$f":"[1]Pos!C662","v":"ALIM"},{"$f":"[1]Pos!D662","v":1},{"$f":"[1]Pos!E662","v":37.950000000000003}]
[{"$f":"[1]Pos!A663","v":197163},{"$f":"[1]Pos!B663","v":"PO-0017276"},{"$f":"[1]Pos!C663","v":"OLYM"},{"$f":"[1]Pos!D663","v":500},{"$f":"[1]Pos!E663","v":2.59}]
[{"$f":"[1]Pos!A664","v":197177},{"$f":"[1]Pos!B664","v":"PO-0017313"},{"$f":"[1]Pos!C664","v":"VEST"},{"$f":"[1]Pos!D664","v":100},{"$f":"[1]Pos!E664","v":46.4}]
[{"$f":"[1]Pos!A665","v":197178},{"$f":"[1]Pos!B665","v":"PO-0017314"},{"$f":"[1]Pos!C665","v":"DELS"},{"$f":"[1]Pos!D665","v":116.56},{"$f":"[1]Pos!E665","v":8.9}]
[{"$f":"[1]Pos!A666","v":197188},{"$f":"[1]Pos!B666","v":"PO-0017322"},{"$f":"[1]Pos!C666","v":"RYDI"},{"$f":"[1]Pos!D666","v":677},{"$f":"[1]Pos!E666","v":1.3}]
[{"$f":"[1]Pos!A667","v":197199},{"$f":"[1]Pos!B667","v":"PO-0017221"},{"$f":"[1]Pos!C667","v":"OLYM"},{"$f":"[1]Pos!D667","v":925.96},{"$f":"[1]Pos!E667","v":5.95}]
[{"$f":"[1]Pos!A668","v":197200},{"$f":"[1]Pos!B668","v":"PO-0017329"},{"$f":"[1]Pos!C668","v":"MLF"},{"$f":"[1]Pos!D668","v":120},{"$f":"[1]Pos!E668","v":124}]
[{"$f":"[1]Pos!A669","v":197201},{"$f":"[1]Pos!B669","v":"PO-0017329"},{"$f":"[1]Pos!C669","v":"MLF"},{"$f":"[1]Pos!D669","v":1500},{"$f":"[1]Pos!E669","v":3.65}]
[{"$f":"[1]Pos!A670","v":197202},{"$f":"[1]Pos!B670","v":"PO-0017329"},{"$f":"[1]Pos!C670","v":"MLF"},{"$f":"[1]Pos!D670","v":20},{"$f":"[1]Pos!E670","v":22.92}]
[{"$f":"[1]Pos!A671","v":197206},{"$f":"[1]Pos!B671","v":"PO-0017330"},{"$f":"[1]Pos!C671","v":"DECA"},{"$f":"[1]Pos!D671","v":24},{"$f":"[1]Pos!E671","v":3.99}]
[{"$f":"[1]Pos!A672","v":197207},{"$f":"[1]Pos!B672","v":"PO-0017337"},{"$f":"[1]Pos!C672","v":"MIRO"},{"$f":"[1]Pos!D672","v":20},{"$f":"[1]Pos!E672","v":23}]
[{"$f":"[1]Pos!A673","v":197208},{"$f":"[1]Pos!B673","v":"PO-0017337"},{"$f":"[1]Pos!C673","v":"MIRO"},{"$f":"[1]Pos!D673","v":20},{"$f":"[1]Pos!E673","v":20.5}]
[{"$f":"[1]Pos!A674","v":197209},{"$f":"[1]Pos!B674","v":"PO-0017337"},{"$f":"[1]Pos!C674","v":"MIRO"},{"$f":"[1]Pos!D674","v":90.8},{"$f":"[1]Pos!E674","v":7.65}]
[{"$f":"[1]Pos!A675","v":197216},{"$f":"[1]Pos!B675","v":"PO-0017340"},{"$f":"[1]Pos!C675","v":"DECA"},{"$f":"[1]Pos!D675","v":23.74},{"$f":"[1]Pos!E675","v":2.16}]
[{"$f":"[1]Pos!A676","v":197230},{"$f":"[1]Pos!B676","v":"PO-0017355"},{"$f":"[1]Pos!C676","v":"BLP"},{"$f":"[1]Pos!D676","v":40},{"$f":"[1]Pos!E676","v":74}]
[{"$f":"[1]Pos!A677","v":197235},{"$f":"[1]Pos!B677","v":"PO-0017364"},{"$f":"[1]Pos!C677","v":"ASTR"},{"$f":"[1]Pos!D677","v":900},{"$f":"[1]Pos!E677","v":26.5}]
[{"$f":"[1]Pos!A678","v":197236},{"$f":"[1]Pos!B678","v":"PO-0017364"},{"$f":"[1]Pos!C678","v":"ASTR"},{"$f":"[1]Pos!D678","v":1200},{"$f":"[1]Pos!E678","v":27}]
[{"$f":"[1]Pos!A679","v":197247},{"$f":"[1]Pos!B679","v":"PO-0017372"},{"$f":"[1]Pos!C679","v":"DECA"},{"$f":"[1]Pos!D679","v":24.98},{"$f":"[1]Pos!E679","v":3.22}]
[{"$f":"[1]Pos!A680","v":197258},{"$f":"[1]Pos!B680","v":"PO-0017358"},{"$f":"[1]Pos!C680","v":"OLYM"},{"$f":"[1]Pos!D680","v":900},{"$f":"[1]Pos!E680","v":4.1500000000000004}]
[{"$f":"[1]Pos!A681","v":197267},{"$f":"[1]Pos!B681","v":"PO-0017386"},{"$f":"[1]Pos!C681","v":99},{"$f":"[1]Pos!D681","v":10.95},{"$f":"[1]Pos!E681","v":14.25}]
[{"$f":"[1]Pos!A682","v":197270},{"$f":"[1]Pos!B682","v":"PO-0017359"},{"$f":"[1]Pos!C682","v":"GIRO"},{"$f":"[1]Pos!D682","v":3971.07},{"$f":"[1]Pos!E682","v":6.66}]
[{"$f":"[1]Pos!A683","v":197282},{"$f":"[1]Pos!B683","v":"PO-0017393"},{"$f":"[1]Pos!C683","v":"RYDI"},{"$f":"[1]Pos!D683","v":498},{"$f":"[1]Pos!E683","v":1.3}]
[{"$f":"[1]Pos!A684","v":197283},{"$f":"[1]Pos!B684","v":"PO-0017390"},{"$f":"[1]Pos!C684","v":"PIER"},{"$f":"[1]Pos!D684","v":68.099999999999994},{"$f":"[1]Pos!E684","v":16.649999999999999}]
[{"$f":"[1]Pos!A685","v":197292},{"$f":"[1]Pos!B685","v":"PO-0017387"},{"$f":"[1]Pos!C685","v":"AGRO"},{"$f":"[1]Pos!D685","v":907.2},{"$f":"[1]Pos!E685","v":5.24}]
[{"$f":"[1]Pos!A686","v":197296},{"$f":"[1]Pos!B686","v":"PO-0017398"},{"$f":"[1]Pos!C686","v":"DECA"},{"$f":"[1]Pos!D686","v":24},{"$f":"[1]Pos!E686","v":3.99}]
[{"$f":"[1]Pos!A687","v":197304},{"$f":"[1]Pos!B687","v":"PO-0017406"},{"$f":"[1]Pos!C687","v":"MIRO"},{"$f":"[1]Pos!D687","v":40},{"$f":"[1]Pos!E687","v":23}]
[{"$f":"[1]Pos!A688","v":197305},{"$f":"[1]Pos!B688","v":"PO-0017406"},{"$f":"[1]Pos!C688","v":"MIRO"},{"$f":"[1]Pos!D688","v":40},{"$f":"[1]Pos!E688","v":20.5}]
[{"$f":"[1]Pos!A689","v":197306},{"$f":"[1]Pos!B689","v":"PO-0017406"},{"$f":"[1]Pos!C689","v":"MIRO"},{"$f":"[1]Pos!D689","v":181.6},{"$f":"[1]Pos!E689","v":7.65}]
[{"$f":"[1]Pos!A690","v":197307},{"$f":"[1]Pos!B690","v":"PO-0017401"},{"$f":"[1]Pos!C690","v":"GIRO"},{"$f":"[1]Pos!D690","v":2072.12},{"$f":"[1]Pos!E690","v":6.66}]
[{"$f":"[1]Pos!A691","v":197316},{"$f":"[1]Pos!B691","v":"PO-0017411"},{"$f":"[1]Pos!C691","v":"DELF"},{"$f":"[1]Pos!D691","v":110.79},{"$f":"[1]Pos!E691","v":14.57}]
[{"$f":"[1]Pos!A692","v":197319},{"$f":"[1]Pos!B692","v":"PO-0017415"},{"$f":"[1]Pos!C692","v":"FDA"},{"$f":"[1]Pos!D692","v":136.19999999999999},{"$f":"[1]Pos!E692","v":10.79}]
[{"$f":"[1]Pos!A693","v":197328},{"$f":"[1]Pos!B693","v":"PO-0017416"},{"$f":"[1]Pos!C693","v":"PEK"},{"$f":"[1]Pos!D693","v":150},{"$f":"[1]Pos!E693","v":7.25}]
[{"$f":"[1]Pos!A694","v":197334},{"$f":"[1]Pos!B694","v":"PO-0017426"},{"$f":"[1]Pos!C694","v":"BLP"},{"$f":"[1]Pos!D694","v":20},{"$f":"[1]Pos!E694","v":74}]
[{"$f":"[1]Pos!A695","v":197379},{"$f":"[1]Pos!B695","v":"PO-0017455"},{"$f":"[1]Pos!C695","v":"MIRO"},{"$f":"[1]Pos!D695","v":40},{"$f":"[1]Pos!E695","v":23}]
[{"$f":"[1]Pos!A696","v":197380},{"$f":"[1]Pos!B696","v":"PO-0017455"},{"$f":"[1]Pos!C696","v":"MIRO"},{"$f":"[1]Pos!D696","v":40},{"$f":"[1]Pos!E696","v":20.5}]
[{"$f":"[1]Pos!A697","v":197384},{"$f":"[1]Pos!B697","v":"PO-0017462"},{"$f":"[1]Pos!C697","v":99},{"$f":"[1]Pos!D697","v":27.24},{"$f":"[1]Pos!E697","v":11.37}]
[{"$f":"[1]Pos!A698","v":197391},{"$f":"[1]Pos!B698","v":"PO-0017473"},{"$f":"[1]Pos!C698","v":"BLP"},{"$f":"[1]Pos!D698","v":20},{"$f":"[1]Pos!E698","v":74}]
[{"$f":"[1]Pos!A699","v":197429},{"$f":"[1]Pos!B699","v":"PO-0017348"},{"$f":"[1]Pos!C699","v":"MLF"},{"$f":"[1]Pos!D699","v":240},{"$f":"[1]Pos!E699","v":124}]
[{"$f":"[1]Pos!A700","v":197430},{"$f":"[1]Pos!B700","v":"PO-0017348"},{"$f":"[1]Pos!C700","v":"MLF"},{"$f":"[1]Pos!D700","v":2500},{"$f":"[1]Pos!E700","v":3.65}]
[{"$f":"[1]Pos!A701","v":197431},{"$f":"[1]Pos!B701","v":"PO-0017348"},{"$f":"[1]Pos!C701","v":"MLF"},{"$f":"[1]Pos!D701","v":5},{"$f":"[1]Pos!E701","v":33.67}]
[{"$f":"[1]Pos!A702","v":197433},{"$f":"[1]Pos!B702","v":"PO-0017348"},{"$f":"[1]Pos!C702","v":"MLF"},{"$f":"[1]Pos!D702","v":40},{"$f":"[1]Pos!E702","v":22.92}]
[{"$f":"[1]Pos!A703","v":197434},{"$f":"[1]Pos!B703","v":"PO-0017348"},{"$f":"[1]Pos!C703","v":"MLF"},{"$f":"[1]Pos!D703","v":20},{"$f":"[1]Pos!E703","v":47.04}]
[{"$f":"[1]Pos!A704","v":197445},{"$f":"[1]Pos!B704","v":"PO-0017348"},{"$f":"[1]Pos!C704","v":"MLF"},{"$f":"[1]Pos!D704","v":100},{"$f":"[1]Pos!E704","v":14.85}]
[{"$f":"[1]Pos!A705","v":197474},{"$f":"[1]Pos!B705","v":"PO-0017528"},{"$f":"[1]Pos!C705","v":"OLYM"},{"$f":"[1]Pos!D705","v":25},{"$f":"[1]Pos!E705","v":135.652173}]
[{"$f":"[1]Pos!A706","v":197475},{"$f":"[1]Pos!B706","v":"PO-0017528"},{"$f":"[1]Pos!C706","v":"OLYM"},{"$f":"[1]Pos!D706","v":25},{"$f":"[1]Pos!E706","v":135.652173}]
[{"$f":"[1]Pos!A707","v":197482},{"$f":"[1]Pos!B707","v":"PO-0017519"},{"$f":"[1]Pos!C707","v":"AGRO"},{"$f":"[1]Pos!D707","v":1814.4},{"$f":"[1]Pos!E707","v":5.14}]
[{"$f":"[1]Pos!A708","v":197489},{"$f":"[1]Pos!B708","v":"PO-0017544"},{"$f":"[1]Pos!C708","v":"FDA"},{"$f":"[1]Pos!D708","v":136.19999999999999},{"$f":"[1]Pos!E708","v":10.79}]
[{"$f":"[1]Pos!A709","v":197501},{"$f":"[1]Pos!B709","v":"PO-0017551"},{"$f":"[1]Pos!C709","v":"CONCORD"},{"$f":"[1]Pos!D709","v":653.04},{"$f":"[1]Pos!E709","v":8.0500000000000007}]
[{"$f":"[1]Pos!A710","v":197505},{"$f":"[1]Pos!B710","v":"PO-0017550"},{"$f":"[1]Pos!C710","v":"OLYM"},{"$f":"[1]Pos!D710","v":900},{"$f":"[1]Pos!E710","v":4.66}]
[{"$f":"[1]Pos!A711","v":197522},{"$f":"[1]Pos!B711","v":"PO-0017561"},{"$f":"[1]Pos!C711","v":"ACCU"},{"$f":"[1]Pos!D711","v":101.07},{"$f":"[1]Pos!E711","v":6}]
[{"$f":"[1]Pos!A712","v":197536},{"$f":"[1]Pos!B712","v":"PO-0017578"},{"$f":"[1]Pos!C712","v":"ASTR"},{"$f":"[1]Pos!D712","v":1000},{"$f":"[1]Pos!E712","v":26.5}]
[{"$f":"[1]Pos!A713","v":197537},{"$f":"[1]Pos!B713","v":"PO-0017578"},{"$f":"[1]Pos!C713","v":"ASTR"},{"$f":"[1]Pos!D713","v":1200},{"$f":"[1]Pos!E713","v":27}]
[{"$f":"[1]Pos!A714","v":197550},{"$f":"[1]Pos!B714","v":"PO-0017589"},{"$f":"[1]Pos!C714","v":"ALIMPLUS"},{"$f":"[1]Pos!D714","v":2},{"$f":"[1]Pos!E714","v":22.25}]
[{"$f":"[1]Pos!A715","v":197552},{"$f":"[1]Pos!B715","v":"PO-0017579"},{"$f":"[1]Pos!C715","v":"ALIMPLUS"},{"$f":"[1]Pos!D715","v":520.26},{"$f":"[1]Pos!E715","v":6.59}]
[{"$f":"[1]Pos!A716","v":197555},{"$f":"[1]Pos!B716","v":"PO-0017574"},{"$f":"[1]Pos!C716","v":"VEST"},{"$f":"[1]Pos!D716","v":10},{"$f":"[1]Pos!E716","v":46.4}]
[{"$f":"[1]Pos!A717","v":197556},{"$f":"[1]Pos!B717","v":"PO-0017574"},{"$f":"[1]Pos!C717","v":"VEST"},{"$f":"[1]Pos!D717","v":10},{"$f":"[1]Pos!E717","v":32.799999999999997}]
[{"$f":"[1]Pos!A718","v":197564},{"$f":"[1]Pos!B718","v":"PO-0017601"},{"$f":"[1]Pos!C718","v":"ALIMPLUS"},{"$f":"[1]Pos!D718","v":10},{"$f":"[1]Pos!E718","v":23.46}]
[{"$f":"[1]Pos!A719","v":197572},{"$f":"[1]Pos!B719","v":"PO-0017606"},{"$f":"[1]Pos!C719","v":"VEST"},{"$f":"[1]Pos!D719","v":20},{"$f":"[1]Pos!E719","v":46.4}]
[{"$f":"[1]Pos!A720","v":197573},{"$f":"[1]Pos!B720","v":"PO-0017606"},{"$f":"[1]Pos!C720","v":"VEST"},{"$f":"[1]Pos!D720","v":20},{"$f":"[1]Pos!E720","v":32.799999999999997}]
[{"$f":"[1]Pos!A721","v":197575},{"$f":"[1]Pos!B721","v":"PO-0017608"},{"$f":"[1]Pos!C721","v":"CUNI"},{"$f":"[1]Pos!D721","v":23.14},{"$f":"[1]Pos!E721","v":16.95}]
[{"$f":"[1]Pos!A722","v":197581},{"$f":"[1]Pos!B722","v":"PO-0017614"},{"$f":"[1]Pos!C722","v":"VEST"},{"$f":"[1]Pos!D722","v":20},{"$f":"[1]Pos!E722","v":46.4}]
[{"$f":"[1]Pos!A723","v":197607},{"$f":"[1]Pos!B723","v":"PO-0017631"},{"$f":"[1]Pos!C723","v":99},{"$f":"[1]Pos!D723","v":36},{"$f":"[1]Pos!E723","v":0.01}]
[{"$f":"[1]Pos!A724","v":197623},{"$f":"[1]Pos!B724","v":"PO-0017640"},{"$f":"[1]Pos!C724","v":"VEST"},{"$f":"[1]Pos!D724","v":25},{"$f":"[1]Pos!E724","v":32.799999999999997}]
[{"$f":"[1]Pos!A725","v":197651},{"$f":"[1]Pos!B725","v":"PO-0017664"},{"$f":"[1]Pos!C725","v":"DECA"},{"$f":"[1]Pos!D725","v":107.04},{"$f":"[1]Pos!E725","v":7.34}]
[{"$f":"[1]Pos!A726","v":197658},{"$f":"[1]Pos!B726","v":"PO-0017663"},{"$f":"[1]Pos!C726","v":"OLYM"},{"$f":"[1]Pos!D726","v":900},{"$f":"[1]Pos!E726","v":4.66}]
[{"$f":"[1]Pos!A727","v":197659},{"$f":"[1]Pos!B727","v":"PO-0017663"},{"$f":"[1]Pos!C727","v":"OLYM"},{"$f":"[1]Pos!D727","v":100},{"$f":"[1]Pos!E727","v":5.05}]
[{"$f":"[1]Pos!A728","v":197667},{"$f":"[1]Pos!B728","v":"PO-0017674"},{"$f":"[1]Pos!C728","v":"OLYM"},{"$f":"[1]Pos!D728","v":133.24},{"$f":"[1]Pos!E728","v":7}]
[{"$f":"[1]Pos!A729","v":197740},{"$f":"[1]Pos!B729","v":"PO-0017718"},{"$f":"[1]Pos!C729","v":"ALIMPLUS"},{"$f":"[1]Pos!D729","v":10},{"$f":"[1]Pos!E729","v":23.46}]
[{"$f":"[1]Pos!A730","v":197755},{"$f":"[1]Pos!B730","v":"PO-0017728"},{"$f":"[1]Pos!C730","v":"LARO"},{"$f":"[1]Pos!D730","v":6.64},{"$f":"[1]Pos!E730","v":7.45}]
[{"$f":"[1]Pos!A731","v":197758},{"$f":"[1]Pos!B731","v":"PO-0017734"},{"$f":"[1]Pos!C731","v":"GEOR"},{"$f":"[1]Pos!D731","v":2801.45},{"$f":"[1]Pos!E731","v":14.49}]
[{"$f":"[1]Pos!A732","v":197759},{"$f":"[1]Pos!B732","v":"PO-0017735"},{"$f":"[1]Pos!C732","v":"LARO"},{"$f":"[1]Pos!D732","v":46},{"$f":"[1]Pos!E732","v":7.69}]
[{"$f":"[1]Pos!A733","v":197773},{"$f":"[1]Pos!B733","v":"PO-0017743"},{"$f":"[1]Pos!C733","v":"DECA"},{"$f":"[1]Pos!D733","v":40},{"$f":"[1]Pos!E733","v":4.6500000000000004}]
[{"$f":"[1]Pos!A734","v":197787},{"$f":"[1]Pos!B734","v":"PO-0017756"},{"$f":"[1]Pos!C734","v":"OLYM"},{"$f":"[1]Pos!D734","v":900},{"$f":"[1]Pos!E734","v":4.66}]
[{"$f":"[1]Pos!A735","v":197788},{"$f":"[1]Pos!B735","v":"PO-0017756"},{"$f":"[1]Pos!C735","v":"OLYM"},{"$f":"[1]Pos!D735","v":150},{"$f":"[1]Pos!E735","v":4.7}]
[{"$f":"[1]Pos!A736","v":197789},{"$f":"[1]Pos!B736","v":"PO-0017757"},{"$f":"[1]Pos!C736","v":"LARO"},{"$f":"[1]Pos!D736","v":569.34},{"$f":"[1]Pos!E736","v":6.25}]
[{"$f":"[1]Pos!A737","v":197806},{"$f":"[1]Pos!B737","v":"PO-0017775"},{"$f":"[1]Pos!C737","v":"ALIMPLUS"},{"$f":"[1]Pos!D737","v":100},{"$f":"[1]Pos!E737","v":2.4500000000000002}]
[{"$f":"[1]Pos!A738","v":197822},{"$f":"[1]Pos!B738","v":"PO-0017786"},{"$f":"[1]Pos!C738","v":"ASTR"},{"$f":"[1]Pos!D738","v":400},{"$f":"[1]Pos!E738","v":26.5}]
[{"$f":"[1]Pos!A739","v":197823},{"$f":"[1]Pos!B739","v":"PO-0017786"},{"$f":"[1]Pos!C739","v":"ASTR"},{"$f":"[1]Pos!D739","v":1600},{"$f":"[1]Pos!E739","v":27}]
[{"$f":"[1]Pos!A740","v":197843},{"$f":"[1]Pos!B740","v":"PO-0017793"},{"$f":"[1]Pos!C740","v":"OLYM"},{"$f":"[1]Pos!D740","v":450},{"$f":"[1]Pos!E740","v":4.8499999999999996}]
[{"$f":"[1]Pos!A741","v":197850},{"$f":"[1]Pos!B741","v":"PO-0017806"},{"$f":"[1]Pos!C741","v":"GEOR"},{"$f":"[1]Pos!D741","v":1574.92},{"$f":"[1]Pos!E741","v":14.49}]
[{"$f":"[1]Pos!A742","v":197859},{"$f":"[1]Pos!B742","v":"PO-0017812"},{"$f":"[1]Pos!C742","v":"VEST"},{"$f":"[1]Pos!D742","v":20},{"$f":"[1]Pos!E742","v":46.4}]
[{"$f":"[1]Pos!A743","v":197860},{"$f":"[1]Pos!B743","v":"PO-0017812"},{"$f":"[1]Pos!C743","v":"VEST"},{"$f":"[1]Pos!D743","v":50},{"$f":"[1]Pos!E743","v":32.799999999999997}]
[{"$f":"[1]Pos!A744","v":197875},{"$f":"[1]Pos!B744","v":"PO-0017832"},{"$f":"[1]Pos!C744","v":"ALIMPLUS"},{"$f":"[1]Pos!D744","v":1},{"$f":"[1]Pos!E744","v":78}]
[{"$f":"[1]Pos!A745","v":197876},{"$f":"[1]Pos!B745","v":"PO-0017832"},{"$f":"[1]Pos!C745","v":"ALIMPLUS"},{"$f":"[1]Pos!D745","v":5},{"$f":"[1]Pos!E745","v":22.15}]
[{"$f":"[1]Pos!A746","v":197878},{"$f":"[1]Pos!B746","v":"PO-0017835"},{"$f":"[1]Pos!C746","v":"ALIMPLUS"},{"$f":"[1]Pos!D746","v":6},{"$f":"[1]Pos!E746","v":5.78}]
[{"$f":"[1]Pos!A747","v":197883},{"$f":"[1]Pos!B747","v":"PO-0017833"},{"$f":"[1]Pos!C747","v":"FDA"},{"$f":"[1]Pos!D747","v":90.8},{"$f":"[1]Pos!E747","v":10.79}]
[{"$f":"[1]Pos!A748","v":197891},{"$f":"[1]Pos!B748","v":"PO-0017837"},{"$f":"[1]Pos!C748","v":"SUNC"},{"$f":"[1]Pos!D748","v":1000},{"$f":"[1]Pos!E748","v":5.5}]
[{"$f":"[1]Pos!A749","v":197907},{"$f":"[1]Pos!B749","v":"PO-0017854"},{"$f":"[1]Pos!C749","v":"SUNC"},{"$f":"[1]Pos!D749","v":1000},{"$f":"[1]Pos!E749","v":5.5}]
[{"$f":"[1]Pos!A750","v":197921},{"$f":"[1]Pos!B750","v":"PO-0017862"},{"$f":"[1]Pos!C750","v":"DECA"},{"$f":"[1]Pos!D750","v":49.305491000000004},{"$f":"[1]Pos!E750","v":9.99}]
[{"$f":"[1]Pos!A751","v":197936},{"$f":"[1]Pos!B751","v":"PO-0017863"},{"$f":"[1]Pos!C751","v":"VEST"},{"$f":"[1]Pos!D751","v":30},{"$f":"[1]Pos!E751","v":46.4}]
[{"$f":"[1]Pos!A752","v":197947},{"$f":"[1]Pos!B752","v":"PO-0017883"},{"$f":"[1]Pos!C752","v":"DECA"},{"$f":"[1]Pos!D752","v":24},{"$f":"[1]Pos!E752","v":4.6500000000000004}]
[{"$f":"[1]Pos!A753","v":197970},{"$f":"[1]Pos!B753","v":"PO-0017898"},{"$f":"[1]Pos!C753","v":"ASTR"},{"$f":"[1]Pos!D753","v":1000},{"$f":"[1]Pos!E753","v":26.5}]
[{"$f":"[1]Pos!A754","v":197971},{"$f":"[1]Pos!B754","v":"PO-0017898"},{"$f":"[1]Pos!C754","v":"ASTR"},{"$f":"[1]Pos!D754","v":1000},{"$f":"[1]Pos!E754","v":27}]
[{"$f":"[1]Pos!A755","v":197991},{"$f":"[1]Pos!B755","v":"PO-0017910"},{"$f":"[1]Pos!C755","v":"ALIMPLUS"},{"$f":"[1]Pos!D755","v":4},{"$f":"[1]Pos!E755","v":23.46}]
[{"$f":"[1]Pos!A756","v":197993},{"$f":"[1]Pos!B756","v":"PO-0017872"},{"$f":"[1]Pos!C756","v":"OLYM"},{"$f":"[1]Pos!D756","v":100},{"$f":"[1]Pos!E756","v":135.652173}]
[{"$f":"[1]Pos!A757","v":197994},{"$f":"[1]Pos!B757","v":"PO-0017872"},{"$f":"[1]Pos!C757","v":"OLYM"},{"$f":"[1]Pos!D757","v":100},{"$f":"[1]Pos!E757","v":135.652173}]
[{"$f":"[1]Pos!A758","v":197995},{"$f":"[1]Pos!B758","v":"PO-0017872"},{"$f":"[1]Pos!C758","v":"OLYM"},{"$f":"[1]Pos!D758","v":24},{"$f":"[1]Pos!E758","v":53.913043000000002}]
[{"$f":"[1]Pos!A759","v":198006},{"$f":"[1]Pos!B759","v":"PO-0017920"},{"$f":"[1]Pos!C759","v":"DECA"},{"$f":"[1]Pos!D759","v":71.239999999999995},{"$f":"[1]Pos!E759","v":8.9499999999999993}]
[{"$f":"[1]Pos!A760","v":198008},{"$f":"[1]Pos!B760","v":"PO-0017921"},{"$f":"[1]Pos!C760","v":99},{"$f":"[1]Pos!D760","v":9.89},{"$f":"[1]Pos!E760","v":10.99}]
[{"$f":"[1]Pos!A761","v":198060},{"$f":"[1]Pos!B761","v":"PO-0017951"},{"$f":"[1]Pos!C761","v":"C&C"},{"$f":"[1]Pos!D761","v":816.6},{"$f":"[1]Pos!E761","v":3.69}]
[{"$f":"[1]Pos!A762","v":198100},{"$f":"[1]Pos!B762","v":"PO-0017987"},{"$f":"[1]Pos!C762","v":"ALIMPLUS"},{"$f":"[1]Pos!D762","v":500},{"$f":"[1]Pos!E762","v":4.3899999999999997}]
[{"$f":"[1]Pos!A763","v":198123},{"$f":"[1]Pos!B763","v":"PO-0018011"},{"$f":"[1]Pos!C763","v":"VEST"},{"$f":"[1]Pos!D763","v":100},{"$f":"[1]Pos!E763","v":46.4}]
[{"$f":"[1]Pos!A764","v":198124},{"$f":"[1]Pos!B764","v":"PO-0018011"},{"$f":"[1]Pos!C764","v":"VEST"},{"$f":"[1]Pos!D764","v":50},{"$f":"[1]Pos!E764","v":32.799999999999997}]
[{"$f":"[1]Pos!A765","v":198136},{"$f":"[1]Pos!B765","v":"PO-0018017"},{"$f":"[1]Pos!C765","v":"VEST"},{"$f":"[1]Pos!D765","v":50},{"$f":"[1]Pos!E765","v":8.9}]
[{"$f":"[1]Pos!A766","v":198139},{"$f":"[1]Pos!B766","v":"PO-0018021"},{"$f":"[1]Pos!C766","v":"FDA"},{"$f":"[1]Pos!D766","v":90.8},{"$f":"[1]Pos!E766","v":10.79}]
[{"$f":"[1]Pos!A767","v":198141},{"$f":"[1]Pos!B767","v":"PO-0018023"},{"$f":"[1]Pos!C767","v":"DECA"},{"$f":"[1]Pos!D767","v":504.08},{"$f":"[1]Pos!E767","v":10.8}]
[{"$f":"[1]Pos!A768","v":198143},{"$f":"[1]Pos!B768","v":"PO-0018025"},{"$f":"[1]Pos!C768","v":"RYDI"},{"$f":"[1]Pos!D768","v":1402},{"$f":"[1]Pos!E768","v":1.3}]
[{"$f":"[1]Pos!A769","v":198146},{"$f":"[1]Pos!B769","v":"PO-0018026"},{"$f":"[1]Pos!C769","v":"DELF"},{"$f":"[1]Pos!D769","v":58.19},{"$f":"[1]Pos!E769","v":19.95}]
[{"$f":"[1]Pos!A770","v":198173},{"$f":"[1]Pos!B770","v":"PO-0018047"},{"$f":"[1]Pos!C770","v":"VEST"},{"$f":"[1]Pos!D770","v":50},{"$f":"[1]Pos!E770","v":46.4}]
[{"$f":"[1]Pos!A771","v":198186},{"$f":"[1]Pos!B771","v":"PO-0018058"},{"$f":"[1]Pos!C771","v":"VEST"},{"$f":"[1]Pos!D771","v":100},{"$f":"[1]Pos!E771","v":8.9}]
[{"$f":"[1]Pos!A772","v":198199},{"$f":"[1]Pos!B772","v":"PO-0018060"},{"$f":"[1]Pos!C772","v":"ALIMPLUS"},{"$f":"[1]Pos!D772","v":3},{"$f":"[1]Pos!E772","v":21.96}]
[{"$f":"[1]Pos!A773","v":198209},{"$f":"[1]Pos!B773","v":"PO-0018077"},{"$f":"[1]Pos!C773","v":"CONCORD"},{"$f":"[1]Pos!D773","v":490.32},{"$f":"[1]Pos!E773","v":8.48}]
[{"$f":"[1]Pos!A774","v":198222},{"$f":"[1]Pos!B774","v":"PO-0018082"},{"$f":"[1]Pos!C774","v":"ASTR"},{"$f":"[1]Pos!D774","v":800},{"$f":"[1]Pos!E774","v":26.5}]
[{"$f":"[1]Pos!A775","v":198223},{"$f":"[1]Pos!B775","v":"PO-0018082"},{"$f":"[1]Pos!C775","v":"ASTR"},{"$f":"[1]Pos!D775","v":1200},{"$f":"[1]Pos!E775","v":27}]
[{"$f":"[1]Pos!A776","v":198247},{"$f":"[1]Pos!B776","v":"PO-0018105"},{"$f":"[1]Pos!C776","v":"DECA"},{"$f":"[1]Pos!D776","v":504.24},{"$f":"[1]Pos!E776","v":7.2}]
[{"$f":"[1]Pos!A777","v":198252},{"$f":"[1]Pos!B777","v":"PO-0018112"},{"$f":"[1]Pos!C777","v":"DECA"},{"$f":"[1]Pos!D777","v":900.54},{"$f":"[1]Pos!E777","v":7.2}]
[{"$f":"[1]Pos!A778","v":198258},{"$f":"[1]Pos!B778","v":"PO-0018115"},{"$f":"[1]Pos!C778","v":"ALIMPLUS"},{"$f":"[1]Pos!D778","v":500},{"$f":"[1]Pos!E778","v":4.3899999999999997}]
[{"$f":"[1]Pos!A779","v":198261},{"$f":"[1]Pos!B779","v":"PO-0018120"},{"$f":"[1]Pos!C779","v":"AGRO"},{"$f":"[1]Pos!D779","v":297.60000000000002},{"$f":"[1]Pos!E779","v":6}]
[{"$f":"[1]Pos!A780","v":198269},{"$f":"[1]Pos!B780","v":"PO-0018132"},{"$f":"[1]Pos!C780","v":"ALIMPLUS"},{"$f":"[1]Pos!D780","v":10},{"$f":"[1]Pos!E780","v":20.350000000000001}]
[{"$f":"[1]Pos!A781","v":198308},{"$f":"[1]Pos!B781","v":"PO-0018153"},{"$f":"[1]Pos!C781","v":"VEST"},{"$f":"[1]Pos!D781","v":75},{"$f":"[1]Pos!E781","v":8.9}]
[{"$f":"[1]Pos!A782","v":198309},{"$f":"[1]Pos!B782","v":"PO-0018161"},{"$f":"[1]Pos!C782","v":"VEST"},{"$f":"[1]Pos!D782","v":525},{"$f":"[1]Pos!E782","v":9.1999999999999993}]
[{"$f":"[1]Pos!A783","v":198330},{"$f":"[1]Pos!B783","v":"PO-0018171"},{"$f":"[1]Pos!C783","v":"ALIMPLUS"},{"$f":"[1]Pos!D783","v":12},{"$f":"[1]Pos!E783","v":9.75}]
[{"$f":"[1]Pos!A784","v":198331},{"$f":"[1]Pos!B784","v":"PO-0018172"},{"$f":"[1]Pos!C784","v":"VEST"},{"$f":"[1]Pos!D784","v":25},{"$f":"[1]Pos!E784","v":8.9}]
[{"$f":"[1]Pos!A785","v":198348},{"$f":"[1]Pos!B785","v":"PO-0018189"},{"$f":"[1]Pos!C785","v":"DECA"},{"$f":"[1]Pos!D785","v":42.04},{"$f":"[1]Pos!E785","v":9.9499999999999993}]
[{"$f":"[1]Pos!A786","v":198376},{"$f":"[1]Pos!B786","v":"PO-0018195"},{"$f":"[1]Pos!C786","v":"ALIMPLUS"},{"$f":"[1]Pos!D786","v":1},{"$f":"[1]Pos!E786","v":78}]
[{"$f":"[1]Pos!A787","v":198382},{"$f":"[1]Pos!B787","v":"PO-0018197"},{"$f":"[1]Pos!C787","v":"FDA"},{"$f":"[1]Pos!D787","v":90.8},{"$f":"[1]Pos!E787","v":10.79}]
[{"$f":"[1]Pos!A788","v":198423},{"$f":"[1]Pos!B788","v":"PO-0018245"},{"$f":"[1]Pos!C788","v":"DECA"},{"$f":"[1]Pos!D788","v":40},{"$f":"[1]Pos!E788","v":4.1100000000000003}]
[{"$f":"[1]Pos!A789","v":198447},{"$f":"[1]Pos!B789","v":"PO-0018258"},{"$f":"[1]Pos!C789","v":"DECA"},{"$f":"[1]Pos!D789","v":18.63},{"$f":"[1]Pos!E789","v":10.69}]
[{"$f":"[1]Pos!A790","v":198499},{"$f":"[1]Pos!B790","v":"PO-0018297"},{"$f":"[1]Pos!C790","v":99},{"$f":"[1]Pos!D790","v":216},{"$f":"[1]Pos!E790","v":40}]
[{"$f":"[1]Pos!A791","v":198508},{"$f":"[1]Pos!B791","v":"PO-0018303"},{"$f":"[1]Pos!C791","v":"ALIMPLUS"},{"$f":"[1]Pos!D791","v":6},{"$f":"[1]Pos!E791","v":9.75}]
[{"$f":"[1]Pos!A792","v":198509},{"$f":"[1]Pos!B792","v":"PO-0018303"},{"$f":"[1]Pos!C792","v":"ALIMPLUS"},{"$f":"[1]Pos!D792","v":1},{"$f":"[1]Pos!E792","v":32.950000000000003}]
[{"$f":"[1]Pos!A793","v":198533},{"$f":"[1]Pos!B793","v":"PO-0018316"},{"$f":"[1]Pos!C793","v":"ALIMPLUS"},{"$f":"[1]Pos!D793","v":4.54},{"$f":"[1]Pos!E793","v":11.95}]
[{"$f":"[1]Pos!A794","v":198560},{"$f":"[1]Pos!B794","v":"PO-0018336"},{"$f":"[1]Pos!C794","v":99},{"$f":"[1]Pos!D794","v":100},{"$f":"[1]Pos!E794","v":40}]
[{"$f":"[1]Pos!A795","v":198585},{"$f":"[1]Pos!B795","v":"PO-0018353"},{"$f":"[1]Pos!C795","v":99},{"$f":"[1]Pos!D795","v":100},{"$f":"[1]Pos!E795","v":40}]
[{"$f":"[1]Pos!A796","v":198612},{"$f":"[1]Pos!B796","v":"PO-0018365"},{"$f":"[1]Pos!C796","v":99},{"$f":"[1]Pos!D796","v":100},{"$f":"[1]Pos!E796","v":40}]
[{"$f":"[1]Pos!A797","v":198616},{"$f":"[1]Pos!B797","v":"PO-0018370"},{"$f":"[1]Pos!C797","v":"ASTR"},{"$f":"[1]Pos!D797","v":1000},{"$f":"[1]Pos!E797","v":32.5}]
[{"$f":"[1]Pos!A798","v":198617},{"$f":"[1]Pos!B798","v":"PO-0018370"},{"$f":"[1]Pos!C798","v":"ASTR"},{"$f":"[1]Pos!D798","v":1000},{"$f":"[1]Pos!E798","v":33}]
[{"$f":"[1]Pos!A799","v":198624},{"$f":"[1]Pos!B799","v":"PO-0018377"},{"$f":"[1]Pos!C799","v":99},{"$f":"[1]Pos!D799","v":6.5},{"$f":"[1]Pos!E799","v":6.61}]
[{"$f":"[1]Pos!A800","v":198639},{"$f":"[1]Pos!B800","v":"PO-0018385"},{"$f":"[1]Pos!C800","v":"ALIMPLUS"},{"$f":"[1]Pos!D800","v":298.10000000000002},{"$f":"[1]Pos!E800","v":6.15}]
[{"$f":"[1]Pos!A801","v":198640},{"$f":"[1]Pos!B801","v":"PO-0018390"},{"$f":"[1]Pos!C801","v":"ALIMPLUS"},{"$f":"[1]Pos!D801","v":1},{"$f":"[1]Pos!E801","v":78}]
[{"$f":"[1]Pos!A802","v":198656},{"$f":"[1]Pos!B802","v":"PO-0018402"},{"$f":"[1]Pos!C802","v":"ALIMPLUS"},{"$f":"[1]Pos!D802","v":764.5},{"$f":"[1]Pos!E802","v":5.15}]
[{"$f":"[1]Pos!A803","v":198685},{"$f":"[1]Pos!B803","v":"PO-0018419"},{"$f":"[1]Pos!C803","v":"ALIMPLUS"},{"$f":"[1]Pos!D803","v":3328.04},{"$f":"[1]Pos!E803","v":6}]
[{"$f":"[1]Pos!A804","v":198690},{"$f":"[1]Pos!B804","v":"PO-0018428"},{"$f":"[1]Pos!C804","v":"DECA"},{"$f":"[1]Pos!D804","v":31.92},{"$f":"[1]Pos!E804","v":8.4499999999999993}]
[{"$f":"[1]Pos!A805","v":198691},{"$f":"[1]Pos!B805","v":"PO-0018428"},{"$f":"[1]Pos!C805","v":"DECA"},{"$f":"[1]Pos!D805","v":40.380000000000003},{"$f":"[1]Pos!E805","v":10.45}]
[{"$f":"[1]Pos!A806","v":198713},{"$f":"[1]Pos!B806","v":"PO-0018438"},{"$f":"[1]Pos!C806","v":"FDA"},{"$f":"[1]Pos!D806","v":90.8},{"$f":"[1]Pos!E806","v":10.79}]
[{"$f":"[1]Pos!A807","v":198749},{"$f":"[1]Pos!B807","v":"PO-0018466"},{"$f":"[1]Pos!C807","v":"DECA"},{"$f":"[1]Pos!D807","v":56.835124},{"$f":"[1]Pos!E807","v":10.69}]
[{"$f":"[1]Pos!A808","v":198750},{"$f":"[1]Pos!B808","v":"PO-0018464"},{"$f":"[1]Pos!C808","v":"DECA"},{"$f":"[1]Pos!D808","v":24},{"$f":"[1]Pos!E808","v":4.1100000000000003}]
[{"$f":"[1]Pos!A809","v":198786},{"$f":"[1]Pos!B809","v":"PO-0018491"},{"$f":"[1]Pos!C809","v":"RYDI"},{"$f":"[1]Pos!D809","v":705},{"$f":"[1]Pos!E809","v":1.65}]
[{"$f":"[1]Pos!A810","v":198790},{"$f":"[1]Pos!B810","v":"PO-0018497"},{"$f":"[1]Pos!C810","v":"ALIMPLUS"},{"$f":"[1]Pos!D810","v":6},{"$f":"[1]Pos!E810","v":9.75}]
[{"$f":"[1]Pos!A811","v":198799},{"$f":"[1]Pos!B811","v":"PO-0018504"},{"$f":"[1]Pos!C811","v":"DESC"},{"$f":"[1]Pos!D811","v":400},{"$f":"[1]Pos!E811","v":9.25}]
[{"$f":"[1]Pos!A812","v":198811},{"$f":"[1]Pos!B812","v":"PO-0018509"},{"$f":"[1]Pos!C812","v":"CENT"},{"$f":"[1]Pos!D812","v":1323.9159999999999},{"$f":"[1]Pos!E812","v":6.5}]
[{"$f":"[1]Pos!A813","v":198839},{"$f":"[1]Pos!B813","v":"PO-0018530"},{"$f":"[1]Pos!C813","v":"ALIMPLUS"},{"$f":"[1]Pos!D813","v":6},{"$f":"[1]Pos!E813","v":9.75}]
[{"$f":"[1]Pos!A814","v":198866},{"$f":"[1]Pos!B814","v":"PO-0018556"},{"$f":"[1]Pos!C814","v":"DECA"},{"$f":"[1]Pos!D814","v":18.32},{"$f":"[1]Pos!E814","v":3.99}]
[{"$f":"[1]Pos!A815","v":198920},{"$f":"[1]Pos!B815","v":"PO-0018595"},{"$f":"[1]Pos!C815","v":"ASTR"},{"$f":"[1]Pos!D815","v":1800},{"$f":"[1]Pos!E815","v":33}]
[{"$f":"[1]Pos!A816","v":198932},{"$f":"[1]Pos!B816","v":"PO-0018598"},{"$f":"[1]Pos!C816","v":"ALIMPLUS"},{"$f":"[1]Pos!D816","v":6},{"$f":"[1]Pos!E816","v":9.75}]
[{"$f":"[1]Pos!A817","v":198963},{"$f":"[1]Pos!B817","v":"PO-0018623"},{"$f":"[1]Pos!C817","v":"GEOR"},{"$f":"[1]Pos!D817","v":27.2},{"$f":"[1]Pos!E817","v":6.96}]
[{"$f":"[1]Pos!A818","v":199000},{"$f":"[1]Pos!B818","v":"PO-0018638"},{"$f":"[1]Pos!C818","v":"PEK"},{"$f":"[1]Pos!D818","v":20},{"$f":"[1]Pos!E818","v":6.05}]
[{"$f":"[1]Pos!A819","v":199002},{"$f":"[1]Pos!B819","v":"PO-0018644"},{"$f":"[1]Pos!C819","v":"FDA"},{"$f":"[1]Pos!D819","v":86.26},{"$f":"[1]Pos!E819","v":10.79}]
[{"$f":"[1]Pos!A820","v":199003},{"$f":"[1]Pos!B820","v":"PO-0018634"},{"$f":"[1]Pos!C820","v":"ALIMPLUS"},{"$f":"[1]Pos!D820","v":4.54},{"$f":"[1]Pos!E820","v":22.75}]
[{"$f":"[1]Pos!A821","v":199015},{"$f":"[1]Pos!B821","v":"PO-0018658"},{"$f":"[1]Pos!C821","v":"ALIMPLUS"},{"$f":"[1]Pos!D821","v":0.9},{"$f":"[1]Pos!E821","v":22.75}]
[{"$f":"[1]Pos!A822","v":199016},{"$f":"[1]Pos!B822","v":"PO-0018658"},{"$f":"[1]Pos!C822","v":"ALIMPLUS"},{"$f":"[1]Pos!D822","v":1},{"$f":"[1]Pos!E822","v":47.9}]
[{"$f":"[1]Pos!A823","v":199031},{"$f":"[1]Pos!B823","v":"PO-0018662"},{"$f":"[1]Pos!C823","v":"ALIMPLUS"},{"$f":"[1]Pos!D823","v":1},{"$f":"[1]Pos!E823","v":80}]
[{"$f":"[1]Pos!A824","v":199054},{"$f":"[1]Pos!B824","v":"PO-0018690"},{"$f":"[1]Pos!C824","v":"ALIMPLUS"},{"$f":"[1]Pos!D824","v":3},{"$f":"[1]Pos!E824","v":23.46}]
[{"$f":"[1]Pos!A825","v":199117},{"$f":"[1]Pos!B825","v":"PO-0018750"},{"$f":"[1]Pos!C825","v":"DECA"},{"$f":"[1]Pos!D825","v":422.54},{"$f":"[1]Pos!E825","v":6.89}]
[{"$f":"[1]Pos!A826","v":199179},{"$f":"[1]Pos!B826","v":"PO-0018788"},{"$f":"[1]Pos!C826","v":"ASTR"},{"$f":"[1]Pos!D826","v":800},{"$f":"[1]Pos!E826","v":32.5}]
[{"$f":"[1]Pos!A827","v":199180},{"$f":"[1]Pos!B827","v":"PO-0018788"},{"$f":"[1]Pos!C827","v":"ASTR"},{"$f":"[1]Pos!D827","v":1200},{"$f":"[1]Pos!E827","v":33}]
[{"$f":"[1]Pos!A828","v":199186},{"$f":"[1]Pos!B828","v":"PO-0018792"},{"$f":"[1]Pos!C828","v":"ALIMPLUS"},{"$f":"[1]Pos!D828","v":12},{"$f":"[1]Pos!E828","v":9.5}]
[{"$f":"[1]Pos!A829","v":199196},{"$f":"[1]Pos!B829","v":"PO-0018800"},{"$f":"[1]Pos!C829","v":"VEST"},{"$f":"[1]Pos!D829","v":15},{"$f":"[1]Pos!E829","v":39.6}]
[{"$f":"[1]Pos!A830","v":199209},{"$f":"[1]Pos!B830","v":"PO-0018798"},{"$f":"[1]Pos!C830","v":"ALIMPLUS"},{"$f":"[1]Pos!D830","v":4},{"$f":"[1]Pos!E830","v":21.7}]
[{"$f":"[1]Pos!A831","v":199233},{"$f":"[1]Pos!B831","v":"PO-0018797"},{"$f":"[1]Pos!C831","v":"BSA"},{"$f":"[1]Pos!D831","v":60},{"$f":"[1]Pos!E831","v":6.34}]
[{"$f":"[1]Pos!A832","v":199236},{"$f":"[1]Pos!B832","v":"PO-0018797"},{"$f":"[1]Pos!C832","v":"BSA"},{"$f":"[1]Pos!D832","v":25},{"$f":"[1]Pos!E832","v":8}]
[{"$f":"[1]Pos!A833","v":199237},{"$f":"[1]Pos!B833","v":"PO-0018797"},{"$f":"[1]Pos!C833","v":"BSA"},{"$f":"[1]Pos!D833","v":125},{"$f":"[1]Pos!E833","v":2.78}]
[{"$f":"[1]Pos!A834","v":199239},{"$f":"[1]Pos!B834","v":"PO-0018797"},{"$f":"[1]Pos!C834","v":"BSA"},{"$f":"[1]Pos!D834","v":192},{"$f":"[1]Pos!E834","v":14.06}]
[{"$f":"[1]Pos!A835","v":199291},{"$f":"[1]Pos!B835","v":"PO-0018868"},{"$f":"[1]Pos!C835","v":"VEST"},{"$f":"[1]Pos!D835","v":40},{"$f":"[1]Pos!E835","v":39.6}]
[{"$f":"[1]Pos!A836","v":199335},{"$f":"[1]Pos!B836","v":"PO-0018889"},{"$f":"[1]Pos!C836","v":"ALIMPLUS"},{"$f":"[1]Pos!D836","v":1},{"$f":"[1]Pos!E836","v":90.7}]
[{"$f":"[1]Pos!A837","v":199341},{"$f":"[1]Pos!B837","v":"PO-0018900"},{"$f":"[1]Pos!C837","v":"DECA"},{"$f":"[1]Pos!D837","v":199.92},{"$f":"[1]Pos!E837","v":7.25}]
[{"$f":"[1]Pos!A838","v":199353},{"$f":"[1]Pos!B838","v":"PO-0018910"},{"$f":"[1]Pos!C838","v":"DECA"},{"$f":"[1]Pos!D838","v":486.17},{"$f":"[1]Pos!E838","v":7.15}]
[{"$f":"[1]Pos!A839","v":199383},{"$f":"[1]Pos!B839","v":"PO-0018934"},{"$f":"[1]Pos!C839","v":"BSA"},{"$f":"[1]Pos!D839","v":100},{"$f":"[1]Pos!E839","v":6.34}]
[{"$f":"[1]Pos!A840","v":199384},{"$f":"[1]Pos!B840","v":"PO-0018934"},{"$f":"[1]Pos!C840","v":"BSA"},{"$f":"[1]Pos!D840","v":25},{"$f":"[1]Pos!E840","v":8.75}]
[{"$f":"[1]Pos!A841","v":199386},{"$f":"[1]Pos!B841","v":"PO-0018934"},{"$f":"[1]Pos!C841","v":"BSA"},{"$f":"[1]Pos!D841","v":240},{"$f":"[1]Pos!E841","v":12.59}]
[{"$f":"[1]Pos!A842","v":199411},{"$f":"[1]Pos!B842","v":"PO-0018950"},{"$f":"[1]Pos!C842","v":"ALIMPLUS"},{"$f":"[1]Pos!D842","v":9},{"$f":"[1]Pos!E842","v":9.75}]
[{"$f":"[1]Pos!A843","v":199471},{"$f":"[1]Pos!B843","v":"PO-0018991"},{"$f":"[1]Pos!C843","v":"BSA"},{"$f":"[1]Pos!D843","v":9.98},{"$f":"[1]Pos!E843","v":33.75}]
[{"$f":"[1]Pos!A844","v":199472},{"$f":"[1]Pos!B844","v":"PO-0018991"},{"$f":"[1]Pos!C844","v":"BSA"},{"$f":"[1]Pos!D844","v":25},{"$f":"[1]Pos!E844","v":2.31}]
[{"$f":"[1]Pos!A845","v":199478},{"$f":"[1]Pos!B845","v":"PO-0018997"},{"$f":"[1]Pos!C845","v":"BSA"},{"$f":"[1]Pos!D845","v":25},{"$f":"[1]Pos!E845","v":8.75}]
[{"$f":"[1]Pos!A846","v":199479},{"$f":"[1]Pos!B846","v":"PO-0018997"},{"$f":"[1]Pos!C846","v":"BSA"},{"$f":"[1]Pos!D846","v":60},{"$f":"[1]Pos!E846","v":0.1}]
[{"$f":"[1]Pos!A847","v":199510},{"$f":"[1]Pos!B847","v":"PO-0019019"},{"$f":"[1]Pos!C847","v":"FDA"},{"$f":"[1]Pos!D847","v":90.8},{"$f":"[1]Pos!E847","v":10.79}]
[{"$f":"[1]Pos!A848","v":199533},{"$f":"[1]Pos!B848","v":"PO-0019030"},{"$f":"[1]Pos!C848","v":"DECA"},{"$f":"[1]Pos!D848","v":498.52},{"$f":"[1]Pos!E848","v":6.89}]
[{"$f":"[1]Pos!A849","v":199549},{"$f":"[1]Pos!B849","v":"PO-0019052"},{"$f":"[1]Pos!C849","v":"DECA"},{"$f":"[1]Pos!D849","v":194.32},{"$f":"[1]Pos!E849","v":7.95}]
[{"$f":"[1]Pos!A850","v":199551},{"$f":"[1]Pos!B850","v":"PO-0019060"},{"$f":"[1]Pos!C850","v":"DESC"},{"$f":"[1]Pos!D850","v":33.9},{"$f":"[1]Pos!E850","v":10.7}]
[{"$f":"[1]Pos!A851","v":199748},{"$f":"[1]Pos!B851","v":"PO-0019213"},{"$f":"[1]Pos!C851","v":"VEST"},{"$f":"[1]Pos!D851","v":50},{"$f":"[1]Pos!E851","v":39.6}]
[{"$f":"[1]Pos!A852","v":199792},{"$f":"[1]Pos!B852","v":"PO-0019238"},{"$f":"[1]Pos!C852","v":"ALIMPLUS"},{"$f":"[1]Pos!D852","v":2},{"$f":"[1]Pos!E852","v":21.75}]
[{"$f":"[1]Pos!A853","v":199923},{"$f":"[1]Pos!B853","v":"PO-0019328"},{"$f":"[1]Pos!C853","v":"ALIMPLUS"},{"$f":"[1]Pos!D853","v":45.3},{"$f":"[1]Pos!E853","v":16.13}]
[{"$f":"[1]Pos!A854","v":200006},{"$f":"[1]Pos!B854","v":"PO-0019387"},{"$f":"[1]Pos!C854","v":"VEST"},{"$f":"[1]Pos!D854","v":100},{"$f":"[1]Pos!E854","v":46.4}]
[{"$f":"[1]Pos!A855","v":200257},{"$f":"[1]Pos!B855","v":"PO-0019571"},{"$f":"[1]Pos!C855","v":"OLYM"},{"$f":"[1]Pos!D855","v":81.3},{"$f":"[1]Pos!E855","v":5.85}]
[{"$f":"[1]Pos!A856","v":200443},{"$f":"[1]Pos!B856","v":"PO-0019693"},{"$f":"[1]Pos!C856","v":"DESC"},{"$f":"[1]Pos!D856","v":1954.95},{"$f":"[1]Pos!E856","v":4.5}]
[{"$f":"[1]Pos!A857","v":200462},{"$f":"[1]Pos!B857","v":"PO-0019708"},{"$f":"[1]Pos!C857","v":"EXCE"},{"$f":"[1]Pos!D857","v":18.11},{"$f":"[1]Pos!E857","v":6.4}]
[{"$f":"[1]Pos!A858","v":200615},{"$f":"[1]Pos!B858","v":"PO-0019817"},{"$f":"[1]Pos!C858","v":"VEST"},{"$f":"[1]Pos!D858","v":40},{"$f":"[1]Pos!E858","v":39.6}]
[{"$f":"[1]Pos!A859","v":201108},{"$f":"[1]Pos!B859","v":"PO-0020179"},{"$f":"[1]Pos!C859","v":"RICH"},{"$f":"[1]Pos!D859","v":30},{"$f":"[1]Pos!E859","v":16}]
[{"$f":"[1]Pos!A860","v":201356},{"$f":"[1]Pos!B860","v":"PO-0020293"},{"$f":"[1]Pos!C860","v":"OLYM"},{"$f":"[1]Pos!D860","v":135.30000000000001},{"$f":"[1]Pos!E860","v":8.6}]
[{"$f":"[1]Pos!A861","v":202381},{"$f":"[1]Pos!B861","v":"PO-0020883"},{"$f":"[1]Pos!C861","v":"MIRO"},{"$f":"[1]Pos!D861","v":10},{"$f":"[1]Pos!E861","v":23}]
[{"$f":"[1]Pos!A862","v":202382},{"$f":"[1]Pos!B862","v":"PO-0020883"},{"$f":"[1]Pos!C862","v":"MIRO"},{"$f":"[1]Pos!D862","v":45.35},{"$f":"[1]Pos!E862","v":8.82}]
[{"$f":"[1]Pos!A863","v":202479},{"$f":"[1]Pos!B863","v":"PO-0020942"},{"$f":"[1]Pos!C863","v":99},{"$f":"[1]Pos!D863","v":1.81},{"$f":"[1]Pos!E863","v":28.73}]
[{"$f":"[1]Pos!A864","v":202605},{"$f":"[1]Pos!B864","v":"PO-0021022"},{"$f":"[1]Pos!C864","v":"RYDI"},{"$f":"[1]Pos!D864","v":354.52},{"$f":"[1]Pos!E864","v":19.38}]
[{"$f":"[1]Pos!A865","v":515400},{"$f":"[1]Pos!B865","v":"PO-0019258"},{"$f":"[1]Pos!C865","v":"UNIP"},{"$f":"[1]Pos!D865","v":21600},{"$f":"[1]Pos!E865","v":0.29499999999999998}]
[{"$f":"[1]Pos!A866","v":"1524B01"},{"$f":"[1]Pos!B866","v":"PO-0016559"},{"$f":"[1]Pos!C866","v":"DESC"},{"$f":"[1]Pos!D866","v":832.99},{"$f":"[1]Pos!E866","v":6.5}]
[{"$f":"[1]Pos!A867","v":"1524B02"},{"$f":"[1]Pos!B867","v":"PO-0016559"},{"$f":"[1]Pos!C867","v":"DESC"},{"$f":"[1]Pos!D867","v":814.89},{"$f":"[1]Pos!E867","v":7.5}]
[{"$f":"[1]Pos!A868","v":"1524B03"},{"$f":"[1]Pos!B868","v":"PO-0016559"},{"$f":"[1]Pos!C868","v":"DESC"},{"$f":"[1]Pos!D868","v":1030.3699999999999},{"$f":"[1]Pos!E868","v":10}]
[{"$f":"[1]Pos!A869","v":"1524B04"},{"$f":"[1]Pos!B869","v":"PO-0016687"},{"$f":"[1]Pos!C869","v":"DELS"},{"$f":"[1]Pos!D869","v":1821.98},{"$f":"[1]Pos!E869","v":3.5}]
[{"$f":"[1]Pos!A870","v":"1524B05"},{"$f":"[1]Pos!B870","v":"PO-0016687"},{"$f":"[1]Pos!C870","v":"DELS"},{"$f":"[1]Pos!D870","v":2486.19},{"$f":"[1]Pos!E870","v":6.5}]
[{"$f":"[1]Pos!A871","v":"1524B06"},{"$f":"[1]Pos!B871","v":"PO-0016687"},{"$f":"[1]Pos!C871","v":"DELS"},{"$f":"[1]Pos!D871","v":812.05},{"$f":"[1]Pos!E871","v":10}]
[{"$f":"[1]Pos!A872","v":"1524B07"},{"$f":"[1]Pos!B872","v":"PO-0016752"},{"$f":"[1]Pos!C872","v":"DELS"},{"$f":"[1]Pos!D872","v":1715.72},{"$f":"[1]Pos!E872","v":6.5}]
[{"$f":"[1]Pos!A873","v":"1524B08"},{"$f":"[1]Pos!B873","v":"PO-0016752"},{"$f":"[1]Pos!C873","v":"DELS"},{"$f":"[1]Pos!D873","v":2011.59},{"$f":"[1]Pos!E873","v":10}]
[{"$f":"[1]Pos!A874","v":"1524B09"},{"$f":"[1]Pos!B874","v":"PO-0016849"},{"$f":"[1]Pos!C874","v":"DELS"},{"$f":"[1]Pos!D874","v":817.1},{"$f":"[1]Pos!E874","v":7.5}]
[{"$f":"[1]Pos!A875","v":"1524B10"},{"$f":"[1]Pos!B875","v":"PO-0016849"},{"$f":"[1]Pos!C875","v":"DELS"},{"$f":"[1]Pos!D875","v":1806.68},{"$f":"[1]Pos!E875","v":10}]
[{"$f":"[1]Pos!A876","v":"1524B11"},{"$f":"[1]Pos!B876","v":"PO-0016849"},{"$f":"[1]Pos!C876","v":"DELS"},{"$f":"[1]Pos!D876","v":1659.91},{"$f":"[1]Pos!E876","v":7}]
[{"$f":"[1]Pos!A877","v":"1524B12"},{"$f":"[1]Pos!B877","v":"PO-0016849"},{"$f":"[1]Pos!C877","v":"DELS"},{"$f":"[1]Pos!D877","v":1442.41},{"$f":"[1]Pos!E877","v":3}]
[{"$f":"[1]Pos!A878","v":"1524B13"},{"$f":"[1]Pos!B878","v":"PO-0016865"},{"$f":"[1]Pos!C878","v":"DELS"},{"$f":"[1]Pos!D878","v":1210.3599999999999},{"$f":"[1]Pos!E878","v":6}]
[{"$f":"[1]Pos!A879","v":"1524B14"},{"$f":"[1]Pos!B879","v":"PO-0016865"},{"$f":"[1]Pos!C879","v":"DELS"},{"$f":"[1]Pos!D879","v":2214.7600000000002},{"$f":"[1]Pos!E879","v":7}]
[{"$f":"[1]Pos!A880","v":"2264B01"},{"$f":"[1]Pos!B880","v":"PO-0017712"},{"$f":"[1]Pos!C880","v":"METR"},{"$f":"[1]Pos!D880","v":3739.99},{"$f":"[1]Pos!E880","v":3}]
[{"$f":"[1]Pos!A881","v":"2264B02"},{"$f":"[1]Pos!B881","v":"PO-0017765"},{"$f":"[1]Pos!C881","v":"METR"},{"$f":"[1]Pos!D881","v":3042.82},{"$f":"[1]Pos!E881","v":3}]
[{"$f":"[1]Pos!A882","v":"2295B01"},{"$f":"[1]Pos!B882","v":"PO-0017266"},{"$f":"[1]Pos!C882","v":"DECA"},{"$f":"[1]Pos!D882","v":13.4},{"$f":"[1]Pos!E882","v":9.3800000000000008}]
[{"$f":"[1]Pos!A883","v":"2402B01"},{"$f":"[1]Pos!B883","v":"PO-0016816"},{"$f":"[1]Pos!C883","v":"DECA"},{"$f":"[1]Pos!D883","v":26.9},{"$f":"[1]Pos!E883","v":8}]
[{"$f":"[1]Pos!A884","v":"2442B01"},{"$f":"[1]Pos!B884","v":"PO-0017588"},{"$f":"[1]Pos!C884","v":"METR"},{"$f":"[1]Pos!D884","v":1934.53},{"$f":"[1]Pos!E884","v":3}]
[{"$f":"[1]Pos!A885","v":"2462B02"},{"$f":"[1]Pos!B885","v":"PO-0017682"},{"$f":"[1]Pos!C885","v":"ALIMPLUS"},{"$f":"[1]Pos!D885","v":1561.47},{"$f":"[1]Pos!E885","v":10.5}]
[{"$f":"[1]Pos!A886","v":"2475B03"},{"$f":"[1]Pos!B886","v":"PO-0017902"},{"$f":"[1]Pos!C886","v":"SEAW"},{"$f":"[1]Pos!D886","v":952.7},{"$f":"[1]Pos!E886","v":3.5}]
[{"$f":"[1]Pos!A887","v":"2476B01"},{"$f":"[1]Pos!B887","v":"PO-0017660"},{"$f":"[1]Pos!C887","v":"METRO"},{"$f":"[1]Pos!D887","v":1799},{"$f":"[1]Pos!E887","v":3}]
[{"$f":"[1]Pos!A888","v":"3036B01"},{"$f":"[1]Pos!B888","v":"PO-0016783"},{"$f":"[1]Pos!C888","v":"GEOR"},{"$f":"[1]Pos!D888","v":616.14},{"$f":"[1]Pos!E888","v":11.95}]
[{"$f":"[1]Pos!A889","v":"3042B01"},{"$f":"[1]Pos!B889","v":"PO-0021666"},{"$f":"[1]Pos!C889","v":99},{"$f":"[1]Pos!D889","v":54.4},{"$f":"[1]Pos!E889","v":6.99}]
[{"$f":"[1]Pos!A890","v":"3163B05"},{"$f":"[1]Pos!B890","v":"PO-0017953"},{"$f":"[1]Pos!C890","v":"SEAW"},{"$f":"[1]Pos!D890","v":1987},{"$f":"[1]Pos!E890","v":3.99}]
[{"$f":"[1]Pos!A891","v":"3173B07"},{"$f":"[1]Pos!B891","v":"PO-0017421"},{"$f":"[1]Pos!C891","v":"GEOR"},{"$f":"[1]Pos!D891","v":2453.48},{"$f":"[1]Pos!E891","v":8.7899999999999991}]
[{"$f":"[1]Pos!A892","v":"3203B01"},{"$f":"[1]Pos!B892","v":"PO-0017580"},{"$f":"[1]Pos!C892","v":"OLYM"},{"$f":"[1]Pos!D892","v":1861.38},{"$f":"[1]Pos!E892","v":5.95}]
[{"$f":"[1]Pos!A893","v":"3274B06"},{"$f":"[1]Pos!B893","v":"PO-0018162"},{"$f":"[1]Pos!C893","v":"DECA"},{"$f":"[1]Pos!D893","v":70.260000000000005},{"$f":"[1]Pos!E893","v":10.220000000000001}]
[{"$f":"[1]Pos!A894","v":"3276B05"},{"$f":"[1]Pos!B894","v":"PO-0018065"},{"$f":"[1]Pos!C894","v":"METR"},{"$f":"[1]Pos!D894","v":7950},{"$f":"[1]Pos!E894","v":2.39}]
[{"$f":"[1]Pos!A895","v":"3276B06"},{"$f":"[1]Pos!B895","v":"PO-0018080"},{"$f":"[1]Pos!C895","v":"METR"},{"$f":"[1]Pos!D895","v":3870},{"$f":"[1]Pos!E895","v":2.39}]
[{"$f":"[1]Pos!A896","v":"3286B02"},{"$f":"[1]Pos!B896","v":"PO-0017414"},{"$f":"[1]Pos!C896","v":"DECA"},{"$f":"[1]Pos!D896","v":22.93},{"$f":"[1]Pos!E896","v":11.99}]
[{"$f":"[1]Pos!A897","v":"3296B04"},{"$f":"[1]Pos!B897","v":"PO-0016581"},{"$f":"[1]Pos!C897","v":"OLYM"},{"$f":"[1]Pos!D897","v":3987.3},{"$f":"[1]Pos!E897","v":3.75}]
[{"$f":"[1]Pos!A898","v":"3315B02"},{"$f":"[1]Pos!B898","v":"PO-0016832"},{"$f":"[1]Pos!C898","v":"OLYM"},{"$f":"[1]Pos!D898","v":4002.5},{"$f":"[1]Pos!E898","v":3.75}]
[{"$f":"[1]Pos!A899","v":"3321B01"},{"$f":"[1]Pos!B899","v":"PO-0017424"},{"$f":"[1]Pos!C899","v":"CAR"},{"$f":"[1]Pos!D899","v":4092.33},{"$f":"[1]Pos!E899","v":2.25}]
[{"$f":"[1]Pos!A900","v":"3332B09"},{"$f":"[1]Pos!B900","v":"PO-0016519"},{"$f":"[1]Pos!C900","v":"LACR"},{"$f":"[1]Pos!D900","v":9527},{"$f":"[1]Pos!E900","v":3.6}]
[{"$f":"[1]Pos!A901","v":"3346B04"},{"$f":"[1]Pos!B901","v":"PO-0017992"},{"$f":"[1]Pos!C901","v":"METR"},{"$f":"[1]Pos!D901","v":22254.47},{"$f":"[1]Pos!E901","v":2.39}]
[{"$f":"[1]Pos!A902","v":"3354B05"},{"$f":"[1]Pos!B902","v":"PO-0016833"},{"$f":"[1]Pos!C902","v":"LACR"},{"$f":"[1]Pos!D902","v":9527},{"$f":"[1]Pos!E902","v":3.6}]
[{"$f":"[1]Pos!A903","v":"3356B10"},{"$f":"[1]Pos!B903","v":"PO-0016514"},{"$f":"[1]Pos!C903","v":"C&C"},{"$f":"[1]Pos!D903","v":1632.09},{"$f":"[1]Pos!E903","v":2.15}]
[{"$f":"[1]Pos!A904","v":"3364B05"},{"$f":"[1]Pos!B904","v":"PO-0016668"},{"$f":"[1]Pos!C904","v":"C&C"},{"$f":"[1]Pos!D904","v":3266.4},{"$f":"[1]Pos!E904","v":2.2999999999999998}]
[{"$f":"[1]Pos!A905","v":"3372B09"},{"$f":"[1]Pos!B905","v":"PO-0016604"},{"$f":"[1]Pos!C905","v":"C&C"},{"$f":"[1]Pos!D905","v":3266.4},{"$f":"[1]Pos!E905","v":2.2999999999999998}]
[{"$f":"[1]Pos!A906","v":"3372B10"},{"$f":"[1]Pos!B906","v":"PO-0016643"},{"$f":"[1]Pos!C906","v":"LACR"},{"$f":"[1]Pos!D906","v":8574.2999999999993},{"$f":"[1]Pos!E906","v":3.6}]
[{"$f":"[1]Pos!A907","v":"3375B07"},{"$f":"[1]Pos!B907","v":"PO-0018133"},{"$f":"[1]Pos!C907","v":"METR"},{"$f":"[1]Pos!D907","v":1923.2824720000001},{"$f":"[1]Pos!E907","v":4.75}]
[{"$f":"[1]Pos!A908","v":"3383B02"},{"$f":"[1]Pos!B908","v":"PO-0016789"},{"$f":"[1]Pos!C908","v":"C&C"},{"$f":"[1]Pos!D908","v":3266.4},{"$f":"[1]Pos!E908","v":2.2999999999999998}]
[{"$f":"[1]Pos!A909","v":"3384B05"},{"$f":"[1]Pos!B909","v":"PO-0016736"},{"$f":"[1]Pos!C909","v":"C&C"},{"$f":"[1]Pos!D909","v":3266.4},{"$f":"[1]Pos!E909","v":2.2999999999999998}]
[{"$f":"[1]Pos!A910","v":"3396B02"},{"$f":"[1]Pos!B910","v":"PO-0017285"},{"$f":"[1]Pos!C910","v":"C&C"},{"$f":"[1]Pos!D910","v":2901.95003},{"$f":"[1]Pos!E910","v":10.19}]
[{"$f":"[1]Pos!A911","v":"3397B01"},{"$f":"[1]Pos!B911","v":"PO-0017720"},{"$f":"[1]Pos!C911","v":"C&C"},{"$f":"[1]Pos!D911","v":950.82032400000003},{"$f":"[1]Pos!E911","v":12}]
[{"$f":"[1]Pos!A912","v":"3397P01"},{"$f":"[1]Pos!B912","v":"PO-0017514"},{"$f":"[1]Pos!C912","v":"EXCE"},{"$f":"[1]Pos!D912","v":2571.73},{"$f":"[1]Pos!E912","v":3.8}]
[{"$f":"[1]Pos!A913","v":"3402B12"},{"$f":"[1]Pos!B913","v":"PO-0016514"},{"$f":"[1]Pos!C913","v":"C&C"},{"$f":"[1]Pos!D913","v":1862.9038619999999},{"$f":"[1]Pos!E913","v":9.59}]
[{"$f":"[1]Pos!A914","v":"3406B05"},{"$f":"[1]Pos!B914","v":"PO-0017813"},{"$f":"[1]Pos!C914","v":"C&C"},{"$f":"[1]Pos!D914","v":1142.3072589999999},{"$f":"[1]Pos!E914","v":12}]
[{"$f":"[1]Pos!A915","v":"3413B02"},{"$f":"[1]Pos!B915","v":"PO-0017800"},{"$f":"[1]Pos!C915","v":"DECA"},{"$f":"[1]Pos!D915","v":2968.3},{"$f":"[1]Pos!E915","v":9}]
[{"$f":"[1]Pos!A916","v":"3425B02"},{"$f":"[1]Pos!B916","v":"PO-0017948"},{"$f":"[1]Pos!C916","v":"SEAW"},{"$f":"[1]Pos!D916","v":3184},{"$f":"[1]Pos!E916","v":3.99}]
[{"$f":"[1]Pos!A917","v":"3434B07"},{"$f":"[1]Pos!B917","v":"PO-0016087"},{"$f":"[1]Pos!C917","v":"CHIS"},{"$f":"[1]Pos!D917","v":19040},{"$f":"[1]Pos!E917","v":4.41}]
[{"$f":"[1]Pos!A918","v":"3443B05"},{"$f":"[1]Pos!B918","v":"PO-0017881"},{"$f":"[1]Pos!C918","v":"DECA"},{"$f":"[1]Pos!D918","v":75},{"$f":"[1]Pos!E918","v":2.37}]
[{"$f":"[1]Pos!A919","v":"3446B09"},{"$f":"[1]Pos!B919","v":"PO-0015578"},{"$f":"[1]Pos!C919","v":"CHIS"},{"$f":"[1]Pos!D919","v":25005},{"$f":"[1]Pos!E919","v":2.2999999999999998}]
[{"$f":"[1]Pos!A920","v":"3446B10"},{"$f":"[1]Pos!B920","v":"PO-0017182"},{"$f":"[1]Pos!C920","v":"DELF"},{"$f":"[1]Pos!D920","v":101.48},{"$f":"[1]Pos!E920","v":10.5}]
[{"$f":"[1]Pos!A921","v":"3452B05"},{"$f":"[1]Pos!B921","v":"PO-0017112"},{"$f":"[1]Pos!C921","v":"OLYM"},{"$f":"[1]Pos!D921","v":4124.6000000000004},{"$f":"[1]Pos!E921","v":3.75}]
[{"$f":"[1]Pos!A922","v":"3453B05"},{"$f":"[1]Pos!B922","v":"PO-0018067"},{"$f":"[1]Pos!C922","v":"METR"},{"$f":"[1]Pos!D922","v":1440},{"$f":"[1]Pos!E922","v":2.39}]
[{"$f":"[1]Pos!A923","v":"3453B06"},{"$f":"[1]Pos!B923","v":"PO-0018081"},{"$f":"[1]Pos!C923","v":"METR"},{"$f":"[1]Pos!D923","v":11332.12},{"$f":"[1]Pos!E923","v":2.39}]
[{"$f":"[1]Pos!A924","v":"3454B03"},{"$f":"[1]Pos!B924","v":"PO-0016917"},{"$f":"[1]Pos!C924","v":"DECA"},{"$f":"[1]Pos!D924","v":27.3},{"$f":"[1]Pos!E924","v":4.79}]
[{"$f":"[1]Pos!A925","v":"3454B04"},{"$f":"[1]Pos!B925","v":"PO-0017206"},{"$f":"[1]Pos!C925","v":"DECA"},{"$f":"[1]Pos!D925","v":45.5},{"$f":"[1]Pos!E925","v":4.8899999999999997}]
[{"$f":"[1]Pos!A926","v":"3457B01"},{"$f":"[1]Pos!B926","v":"PO-0017685"},{"$f":"[1]Pos!C926","v":"ALIMPLUS"},{"$f":"[1]Pos!D926","v":80.42},{"$f":"[1]Pos!E926","v":12.95}]
[{"$f":"[1]Pos!A927","v":"3462B07"},{"$f":"[1]Pos!B927","v":"PO-0016066"},{"$f":"[1]Pos!C927","v":"CHIS"},{"$f":"[1]Pos!D927","v":18288.84},{"$f":"[1]Pos!E927","v":1.73}]
[{"$f":"[1]Pos!A928","v":"3466P09"},{"$f":"[1]Pos!B928","v":"PO-0017478"},{"$f":"[1]Pos!C928","v":"EXCE"},{"$f":"[1]Pos!D928","v":1926.98},{"$f":"[1]Pos!E928","v":3.4}]
[{"$f":"[1]Pos!A929","v":"3472B03"},{"$f":"[1]Pos!B929","v":"PO-0016685"},{"$f":"[1]Pos!C929","v":"OLYM"},{"$f":"[1]Pos!D929","v":267.91000000000003},{"$f":"[1]Pos!E929","v":11.19}]
[{"$f":"[1]Pos!A930","v":"3475B06"},{"$f":"[1]Pos!B930","v":"PO-0016165"},{"$f":"[1]Pos!C930","v":"DELF"},{"$f":"[1]Pos!D930","v":56.76},{"$f":"[1]Pos!E930","v":14.95}]
[{"$f":"[1]Pos!A931","v":"3482B04"},{"$f":"[1]Pos!B931","v":"PO-0016610"},{"$f":"[1]Pos!C931","v":"DECA"},{"$f":"[1]Pos!D931","v":45.5},{"$f":"[1]Pos!E931","v":4.79}]
[{"$f":"[1]Pos!A932","v":"3484B04"},{"$f":"[1]Pos!B932","v":"PO-0016924"},{"$f":"[1]Pos!C932","v":"LACR"},{"$f":"[1]Pos!D932","v":11432.4},{"$f":"[1]Pos!E932","v":3.6}]
[{"$f":"[1]Pos!A933","v":"3492B07"},{"$f":"[1]Pos!B933","v":"PO-0016501"},{"$f":"[1]Pos!C933","v":"EAST"},{"$f":"[1]Pos!D933","v":2347.13},{"$f":"[1]Pos!E933","v":5.45}]
[{"$f":"[1]Pos!A934","v":"3493B03"},{"$f":"[1]Pos!B934","v":"PO-0016952"},{"$f":"[1]Pos!C934","v":"C&C"},{"$f":"[1]Pos!D934","v":1213.26},{"$f":"[1]Pos!E934","v":10.19}]
[{"$f":"[1]Pos!A935","v":"3495B04"},{"$f":"[1]Pos!B935","v":"PO-0016517"},{"$f":"[1]Pos!C935","v":"EAST"},{"$f":"[1]Pos!D935","v":2066.27},{"$f":"[1]Pos!E935","v":5.65}]
[{"$f":"[1]Pos!A936","v":"3495B05"},{"$f":"[1]Pos!B936","v":"PO-0016983"},{"$f":"[1]Pos!C936","v":"EAST"},{"$f":"[1]Pos!D936","v":2409.25},{"$f":"[1]Pos!E936","v":5.79}]
[{"$f":"[1]Pos!A937","v":"3495B06"},{"$f":"[1]Pos!B937","v":"PO-0017236"},{"$f":"[1]Pos!C937","v":"ALIMPLUS"},{"$f":"[1]Pos!D937","v":890.32},{"$f":"[1]Pos!E937","v":10.75}]
[{"$f":"[1]Pos!A938","v":"3496B08"},{"$f":"[1]Pos!B938","v":"PO-0016107"},{"$f":"[1]Pos!C938","v":"CHIS"},{"$f":"[1]Pos!D938","v":25005},{"$f":"[1]Pos!E938","v":2.2999999999999998}]
[{"$f":"[1]Pos!A939","v":"3496B09"},{"$f":"[1]Pos!B939","v":"PO-0017041"},{"$f":"[1]Pos!C939","v":"C&C"},{"$f":"[1]Pos!D939","v":865.49},{"$f":"[1]Pos!E939","v":10.59}]
[{"$f":"[1]Pos!A940","v":"3502B06"},{"$f":"[1]Pos!B940","v":"PO-0016355"},{"$f":"[1]Pos!C940","v":"CHIS"},{"$f":"[1]Pos!D940","v":24606.880000000001},{"$f":"[1]Pos!E940","v":1.71}]
[{"$f":"[1]Pos!A941","v":"3502B07"},{"$f":"[1]Pos!B941","v":"PO-0017067"},{"$f":"[1]Pos!C941","v":"ALIMPLUS"},{"$f":"[1]Pos!D941","v":754.1},{"$f":"[1]Pos!E941","v":9.9499999999999993}]
[{"$f":"[1]Pos!A942","v":"3502B08"},{"$f":"[1]Pos!B942","v":"PO-0017175"},{"$f":"[1]Pos!C942","v":"ACCU"},{"$f":"[1]Pos!D942","v":675.14},{"$f":"[1]Pos!E942","v":5.4}]
[{"$f":"[1]Pos!A943","v":"3502B09"},{"$f":"[1]Pos!B943","v":"PO-0017185"},{"$f":"[1]Pos!C943","v":"EAST"},{"$f":"[1]Pos!D943","v":4149.08},{"$f":"[1]Pos!E943","v":5.85}]
[{"$f":"[1]Pos!A944","v":"3503B04"},{"$f":"[1]Pos!B944","v":"PO-0016813"},{"$f":"[1]Pos!C944","v":"EAST"},{"$f":"[1]Pos!D944","v":3868.61},{"$f":"[1]Pos!E944","v":5.75}]
[{"$f":"[1]Pos!A945","v":"3506B03"},{"$f":"[1]Pos!B945","v":"PO-0016510"},{"$f":"[1]Pos!C945","v":"DECA"},{"$f":"[1]Pos!D945","v":1248.77},{"$f":"[1]Pos!E945","v":11.15}]
[{"$f":"[1]Pos!A946","v":"3506B04"},{"$f":"[1]Pos!B946","v":"PO-0017210"},{"$f":"[1]Pos!C946","v":"OLYM"},{"$f":"[1]Pos!D946","v":4040.9},{"$f":"[1]Pos!E946","v":3.75}]
[{"$f":"[1]Pos!A947","v":"3512B07"},{"$f":"[1]Pos!B947","v":"PO-0017026"},{"$f":"[1]Pos!C947","v":"ALIMPLUS"},{"$f":"[1]Pos!D947","v":717.89},{"$f":"[1]Pos!E947","v":10.75}]
[{"$f":"[1]Pos!A948","v":"3514B01"},{"$f":"[1]Pos!B948","v":"PO-0016476"},{"$f":"[1]Pos!C948","v":"DECA"},{"$f":"[1]Pos!D948","v":3856.38},{"$f":"[1]Pos!E948","v":3.18}]
[{"$f":"[1]Pos!A949","v":"3515B08"},{"$f":"[1]Pos!B949","v":"PO-0017545"},{"$f":"[1]Pos!C949","v":"DECA"},{"$f":"[1]Pos!D949","v":41.82},{"$f":"[1]Pos!E949","v":11.99}]
[{"$f":"[1]Pos!A950","v":"3515B09"},{"$f":"[1]Pos!B950","v":"PO-0018140"},{"$f":"[1]Pos!C950","v":"METR"},{"$f":"[1]Pos!D950","v":501.88},{"$f":"[1]Pos!E950","v":4.75}]
[{"$f":"[1]Pos!A951","v":"3515B10"},{"$f":"[1]Pos!B951","v":"PO-0018155"},{"$f":"[1]Pos!C951","v":"METR"},{"$f":"[1]Pos!D951","v":1261.0043270000001},{"$f":"[1]Pos!E951","v":4.75}]
[{"$f":"[1]Pos!A952","v":"3516B02"},{"$f":"[1]Pos!B952","v":"PO-0016604"},{"$f":"[1]Pos!C952","v":"C&C"},{"$f":"[1]Pos!D952","v":2108.6},{"$f":"[1]Pos!E952","v":10.5}]
[{"$f":"[1]Pos!A953","v":"3516B03"},{"$f":"[1]Pos!B953","v":"PO-0018735"},{"$f":"[1]Pos!C953","v":"GEOR"},{"$f":"[1]Pos!D953","v":620.20000000000005},{"$f":"[1]Pos!E953","v":9.7899999999999991}]
[{"$f":"[1]Pos!A954","v":"3516P09"},{"$f":"[1]Pos!B954","v":"PO-0017594"},{"$f":"[1]Pos!C954","v":"EXCE"},{"$f":"[1]Pos!D954","v":2752.53},{"$f":"[1]Pos!E954","v":3.8}]
[{"$f":"[1]Pos!A955","v":"3522B04"},{"$f":"[1]Pos!B955","v":"PO-0016609"},{"$f":"[1]Pos!C955","v":"RETA"},{"$f":"[1]Pos!D955","v":3529.629825},{"$f":"[1]Pos!E955","v":3}]
[{"$f":"[1]Pos!A956","v":"3522B05"},{"$f":"[1]Pos!B956","v":"PO-0017576"},{"$f":"[1]Pos!C956","v":"ALIMPLUS"},{"$f":"[1]Pos!D956","v":261.83999999999997},{"$f":"[1]Pos!E956","v":12.2}]
[{"$f":"[1]Pos!A957","v":"3522P06"},{"$f":"[1]Pos!B957","v":"PO-0017515"},{"$f":"[1]Pos!C957","v":"EXCE"},{"$f":"[1]Pos!D957","v":4951.63},{"$f":"[1]Pos!E957","v":3.8}]
[{"$f":"[1]Pos!A958","v":"3523B03"},{"$f":"[1]Pos!B958","v":"PO-0016593"},{"$f":"[1]Pos!C958","v":"DECA"},{"$f":"[1]Pos!D958","v":39.869999999999997},{"$f":"[1]Pos!E958","v":23.76}]
[{"$f":"[1]Pos!A959","v":"3526B04"},{"$f":"[1]Pos!B959","v":"PO-0016501"},{"$f":"[1]Pos!C959","v":"EAST"},{"$f":"[1]Pos!D959","v":611.12},{"$f":"[1]Pos!E959","v":11.9}]
[{"$f":"[1]Pos!A960","v":"3526B05"},{"$f":"[1]Pos!B960","v":"PO-0016585"},{"$f":"[1]Pos!C960","v":"DECA"},{"$f":"[1]Pos!D960","v":343.41},{"$f":"[1]Pos!E960","v":6.39}]
[{"$f":"[1]Pos!A961","v":"3526B06"},{"$f":"[1]Pos!B961","v":"PO-0017434"},{"$f":"[1]Pos!C961","v":"ALIMPLUS"},{"$f":"[1]Pos!D961","v":875.39},{"$f":"[1]Pos!E961","v":12.2}]
[{"$f":"[1]Pos!A962","v":"3532B02"},{"$f":"[1]Pos!B962","v":"PO-0016474"},{"$f":"[1]Pos!C962","v":"DECA"},{"$f":"[1]Pos!D962","v":108.97},{"$f":"[1]Pos!E962","v":2.99}]
[{"$f":"[1]Pos!A963","v":"3532B03"},{"$f":"[1]Pos!B963","v":"PO-0016481"},{"$f":"[1]Pos!C963","v":"RYDI"},{"$f":"[1]Pos!D963","v":3214.5},{"$f":"[1]Pos!E963","v":4.87}]
[{"$f":"[1]Pos!A964","v":"3532D03"},{"$f":"[1]Pos!B964","v":"PO-0016405"},{"$f":"[1]Pos!C964","v":"OLYM"},{"$f":"[1]Pos!D964","v":500},{"$f":"[1]Pos!E964","v":5.47}]
[{"$f":"[1]Pos!A965","v":"3532P06"},{"$f":"[1]Pos!B965","v":"PO-0016472"},{"$f":"[1]Pos!C965","v":"CENT"},{"$f":"[1]Pos!D965","v":7257.6},{"$f":"[1]Pos!E965","v":3.8}]
[{"$f":"[1]Pos!A966","v":"3532P07"},{"$f":"[1]Pos!B966","v":"PO-0016458"},{"$f":"[1]Pos!C966","v":"DESC"},{"$f":"[1]Pos!D966","v":2721.6},{"$f":"[1]Pos!E966","v":5.65}]
[{"$f":"[1]Pos!A967","v":"3533B01"},{"$f":"[1]Pos!B967","v":"PO-0016481"},{"$f":"[1]Pos!C967","v":"RYDI"},{"$f":"[1]Pos!D967","v":801.5},{"$f":"[1]Pos!E967","v":3.28}]
[{"$f":"[1]Pos!A968","v":"3533B02"},{"$f":"[1]Pos!B968","v":"PO-0016481"},{"$f":"[1]Pos!C968","v":"RYDI"},{"$f":"[1]Pos!D968","v":1707},{"$f":"[1]Pos!E968","v":3.05}]
[{"$f":"[1]Pos!A969","v":"3533B03"},{"$f":"[1]Pos!B969","v":"PO-0016650"},{"$f":"[1]Pos!C969","v":"DECA"},{"$f":"[1]Pos!D969","v":237.02},{"$f":"[1]Pos!E969","v":5.96}]
[{"$f":"[1]Pos!A970","v":"3533P02"},{"$f":"[1]Pos!B970","v":"PO-0016472"},{"$f":"[1]Pos!C970","v":"CENT"},{"$f":"[1]Pos!D970","v":907.2},{"$f":"[1]Pos!E970","v":3.8}]
[{"$f":"[1]Pos!A971","v":"4014B01"},{"$f":"[1]Pos!B971","v":"PO-0016088"},{"$f":"[1]Pos!C971","v":"CHIS"},{"$f":"[1]Pos!D971","v":18509.599999999999},{"$f":"[1]Pos!E971","v":4.41}]
[{"$f":"[1]Pos!A972","v":"4015P01"},{"$f":"[1]Pos!B972","v":"PO-0016473"},{"$f":"[1]Pos!C972","v":"EXCE"},{"$f":"[1]Pos!D972","v":367.36},{"$f":"[1]Pos!E972","v":2.2000000000000002}]
[{"$f":"[1]Pos!A973","v":"4015P02"},{"$f":"[1]Pos!B973","v":"PO-0016473"},{"$f":"[1]Pos!C973","v":"EXCE"},{"$f":"[1]Pos!D973","v":107.22},{"$f":"[1]Pos!E973","v":3.96}]
[{"$f":"[1]Pos!A974","v":"4015P03"},{"$f":"[1]Pos!B974","v":"PO-0016466"},{"$f":"[1]Pos!C974","v":"ACCU"},{"$f":"[1]Pos!D974","v":3150},{"$f":"[1]Pos!E974","v":3.6}]
[{"$f":"[1]Pos!A975","v":"4015P04"},{"$f":"[1]Pos!B975","v":"PO-0016485"},{"$f":"[1]Pos!C975","v":"CENT"},{"$f":"[1]Pos!D975","v":5443.2},{"$f":"[1]Pos!E975","v":3.8}]
[{"$f":"[1]Pos!A976","v":"4015P05"},{"$f":"[1]Pos!B976","v":"PO-0016485"},{"$f":"[1]Pos!C976","v":"CENT"},{"$f":"[1]Pos!D976","v":2449.44},{"$f":"[1]Pos!E976","v":6.25}]
[{"$f":"[1]Pos!A977","v":"4015P06"},{"$f":"[1]Pos!B977","v":"PO-0016484"},{"$f":"[1]Pos!C977","v":"DESC"},{"$f":"[1]Pos!D977","v":1814.4},{"$f":"[1]Pos!E977","v":5.8}]
[{"$f":"[1]Pos!A978","v":"4015P07"},{"$f":"[1]Pos!B978","v":"PO-0016484"},{"$f":"[1]Pos!C978","v":"DESC"},{"$f":"[1]Pos!D978","v":2721.6},{"$f":"[1]Pos!E978","v":6}]
[{"$f":"[1]Pos!A979","v":"4015P08"},{"$f":"[1]Pos!B979","v":"PO-0016489"},{"$f":"[1]Pos!C979","v":"CENT"},{"$f":"[1]Pos!D979","v":1632.96},{"$f":"[1]Pos!E979","v":6.25}]
[{"$f":"[1]Pos!A980","v":"4016B01"},{"$f":"[1]Pos!B980","v":"PO-0016486"},{"$f":"[1]Pos!C980","v":"LARO"},{"$f":"[1]Pos!D980","v":1129},{"$f":"[1]Pos!E980","v":4.99}]
[{"$f":"[1]Pos!A981","v":"4016B02"},{"$f":"[1]Pos!B981","v":"PO-0016500"},{"$f":"[1]Pos!C981","v":"DECA"},{"$f":"[1]Pos!D981","v":186.26},{"$f":"[1]Pos!E981","v":2.8}]
[{"$f":"[1]Pos!A982","v":"4016B03"},{"$f":"[1]Pos!B982","v":"PO-0016509"},{"$f":"[1]Pos!C982","v":"GIRO"},{"$f":"[1]Pos!D982","v":1684.58},{"$f":"[1]Pos!E982","v":4.99}]
[{"$f":"[1]Pos!A983","v":"4016B04"},{"$f":"[1]Pos!B983","v":"PO-0016480"},{"$f":"[1]Pos!C983","v":"CAR"},{"$f":"[1]Pos!D983","v":1407.89},{"$f":"[1]Pos!E983","v":2.57}]
[{"$f":"[1]Pos!A984","v":"4016B05"},{"$f":"[1]Pos!B984","v":"PO-0016570"},{"$f":"[1]Pos!C984","v":"LARO"},{"$f":"[1]Pos!D984","v":734.94},{"$f":"[1]Pos!E984","v":3.4}]
[{"$f":"[1]Pos!A985","v":"4016B06"},{"$f":"[1]Pos!B985","v":"PO-0016507"},{"$f":"[1]Pos!C985","v":"CANA"},{"$f":"[1]Pos!D985","v":1739.6561529999999},{"$f":"[1]Pos!E985","v":11.2}]
[{"$f":"[1]Pos!A986","v":"4016B07"},{"$f":"[1]Pos!B986","v":"PO-0016633"},{"$f":"[1]Pos!C986","v":"EAST"},{"$f":"[1]Pos!D986","v":1910.91},{"$f":"[1]Pos!E986","v":5.75}]
[{"$f":"[1]Pos!A987","v":"4016P01"},{"$f":"[1]Pos!B987","v":"PO-0016477"},{"$f":"[1]Pos!C987","v":"EXCE"},{"$f":"[1]Pos!D987","v":1953.32},{"$f":"[1]Pos!E987","v":4}]
[{"$f":"[1]Pos!A988","v":"4016P02"},{"$f":"[1]Pos!B988","v":"PO-0016477"},{"$f":"[1]Pos!C988","v":"EXCE"},{"$f":"[1]Pos!D988","v":637.98},{"$f":"[1]Pos!E988","v":3.3}]
[{"$f":"[1]Pos!A989","v":"4016P03"},{"$f":"[1]Pos!B989","v":"PO-0016479"},{"$f":"[1]Pos!C989","v":"OLYM"},{"$f":"[1]Pos!D989","v":272.7},{"$f":"[1]Pos!E989","v":3.75}]
[{"$f":"[1]Pos!A990","v":"4016P04"},{"$f":"[1]Pos!B990","v":"PO-0016479"},{"$f":"[1]Pos!C990","v":"OLYM"},{"$f":"[1]Pos!D990","v":96.67},{"$f":"[1]Pos!E990","v":3.5}]
[{"$f":"[1]Pos!A991","v":"4016P05"},{"$f":"[1]Pos!B991","v":"PO-0016489"},{"$f":"[1]Pos!C991","v":"CENT"},{"$f":"[1]Pos!D991","v":3628.8},{"$f":"[1]Pos!E991","v":3.8}]
[{"$f":"[1]Pos!A992","v":"4016P06"},{"$f":"[1]Pos!B992","v":"PO-0016493"},{"$f":"[1]Pos!C992","v":"CENT"},{"$f":"[1]Pos!D992","v":1167.25},{"$f":"[1]Pos!E992","v":4.2}]
[{"$f":"[1]Pos!A993","v":"4017P01"},{"$f":"[1]Pos!B993","v":"PO-0016494"},{"$f":"[1]Pos!C993","v":"CENT"},{"$f":"[1]Pos!D993","v":1632.96},{"$f":"[1]Pos!E993","v":6.25}]
[{"$f":"[1]Pos!A994","v":"4017P02"},{"$f":"[1]Pos!B994","v":"PO-0016529"},{"$f":"[1]Pos!C994","v":"DESC"},{"$f":"[1]Pos!D994","v":2721.6},{"$f":"[1]Pos!E994","v":6}]
[{"$f":"[1]Pos!A995","v":"4017P03"},{"$f":"[1]Pos!B995","v":"PO-0016535"},{"$f":"[1]Pos!C995","v":"DESC"},{"$f":"[1]Pos!D995","v":2721.6},{"$f":"[1]Pos!E995","v":6}]
[{"$f":"[1]Pos!A996","v":"4022B01"},{"$f":"[1]Pos!B996","v":"PO-0016478"},{"$f":"[1]Pos!C996","v":"DECA"},{"$f":"[1]Pos!D996","v":306.230569},{"$f":"[1]Pos!E996","v":12.75}]
[{"$f":"[1]Pos!A997","v":"4022B02"},{"$f":"[1]Pos!B997","v":"PO-0016478"},{"$f":"[1]Pos!C997","v":"DECA"},{"$f":"[1]Pos!D997","v":53.98},{"$f":"[1]Pos!E997","v":5.29}]
[{"$f":"[1]Pos!A998","v":"4022B03"},{"$f":"[1]Pos!B998","v":"PO-0016475"},{"$f":"[1]Pos!C998","v":"DECA"},{"$f":"[1]Pos!D998","v":784},{"$f":"[1]Pos!E998","v":2.65}]
[{"$f":"[1]Pos!A999","v":"4022B04"},{"$f":"[1]Pos!B999","v":"PO-0016505"},{"$f":"[1]Pos!C999","v":"RYDI"},{"$f":"[1]Pos!D999","v":3404.5},{"$f":"[1]Pos!E999","v":5.33}]
[{"$f":"[1]Pos!A1000","v":"4022B05"},{"$f":"[1]Pos!B1000","v":"PO-0016505"},{"$f":"[1]Pos!C1000","v":"RYDI"},{"$f":"[1]Pos!D1000","v":1733.5},{"$f":"[1]Pos!E1000","v":3.2}]
[{"$f":"[1]Pos!A1001","v":"4022B06"},{"$f":"[1]Pos!B1001","v":"PO-0016560"},{"$f":"[1]Pos!C1001","v":"CHIS"},{"$f":"[1]Pos!D1001","v":19000},{"$f":"[1]Pos!E1001","v":1.77}]
[{"$f":"[1]Pos!A1002","v":"4022D01"},{"$f":"[1]Pos!B1002","v":"PO-0016521"},{"$f":"[1]Pos!C1002","v":"OLYM"},{"$f":"[1]Pos!D1002","v":500},{"$f":"[1]Pos!E1002","v":6.32}]
[{"$f":"[1]Pos!A1003","v":"4022P01"},{"$f":"[1]Pos!B1003","v":"PO-0016487"},{"$f":"[1]Pos!C1003","v":"PEGA"},{"$f":"[1]Pos!D1003","v":750},{"$f":"[1]Pos!E1003","v":5.2}]
[{"$f":"[1]Pos!A1004","v":"4022P02"},{"$f":"[1]Pos!B1004","v":"PO-0016497"},{"$f":"[1]Pos!C1004","v":"EXCE"},{"$f":"[1]Pos!D1004","v":277.47000000000003},{"$f":"[1]Pos!E1004","v":2.2999999999999998}]
[{"$f":"[1]Pos!A1005","v":"4022P03"},{"$f":"[1]Pos!B1005","v":"PO-0016530"},{"$f":"[1]Pos!C1005","v":"DESC"},{"$f":"[1]Pos!D1005","v":5443.2},{"$f":"[1]Pos!E1005","v":5.8}]
[{"$f":"[1]Pos!A1006","v":"4022P04"},{"$f":"[1]Pos!B1006","v":"PO-0016544"},{"$f":"[1]Pos!C1006","v":"CENT"},{"$f":"[1]Pos!D1006","v":1632.96},{"$f":"[1]Pos!E1006","v":6.25}]
[{"$f":"[1]Pos!A1007","v":"4023B01"},{"$f":"[1]Pos!B1007","v":"PO-0016518"},{"$f":"[1]Pos!C1007","v":"CAR"},{"$f":"[1]Pos!D1007","v":2939.5011890000001},{"$f":"[1]Pos!E1007","v":12.05}]
[{"$f":"[1]Pos!A1008","v":"4023B02"},{"$f":"[1]Pos!B1008","v":"PO-0016895"},{"$f":"[1]Pos!C1008","v":"DECA"},{"$f":"[1]Pos!D1008","v":96.252301000000003},{"$f":"[1]Pos!E1008","v":7.75}]
[{"$f":"[1]Pos!A1009","v":"4023B03"},{"$f":"[1]Pos!B1009","v":"PO-0018785"},{"$f":"[1]Pos!C1009","v":"GEOR"},{"$f":"[1]Pos!D1009","v":771.06},{"$f":"[1]Pos!E1009","v":9.7899999999999991}]
[{"$f":"[1]Pos!A1010","v":"4023P01"},{"$f":"[1]Pos!B1010","v":"PO-0016498"},{"$f":"[1]Pos!C1010","v":"PEGA"},{"$f":"[1]Pos!D1010","v":2400},{"$f":"[1]Pos!E1010","v":5.2}]
[{"$f":"[1]Pos!A1011","v":"4023P02"},{"$f":"[1]Pos!B1011","v":"PO-0016498"},{"$f":"[1]Pos!C1011","v":"PEGA"},{"$f":"[1]Pos!D1011","v":2600},{"$f":"[1]Pos!E1011","v":6.4}]
[{"$f":"[1]Pos!A1012","v":"4023P03"},{"$f":"[1]Pos!B1012","v":"PO-0016499"},{"$f":"[1]Pos!C1012","v":"NADE"},{"$f":"[1]Pos!D1012","v":2186.04},{"$f":"[1]Pos!E1012","v":4.2}]
[{"$f":"[1]Pos!A1013","v":"4023P04"},{"$f":"[1]Pos!B1013","v":"PO-0016512"},{"$f":"[1]Pos!C1013","v":"EXCE"},{"$f":"[1]Pos!D1013","v":201.69},{"$f":"[1]Pos!E1013","v":4}]
[{"$f":"[1]Pos!A1014","v":"4023P05"},{"$f":"[1]Pos!B1014","v":"PO-0016528"},{"$f":"[1]Pos!C1014","v":"ACCU"},{"$f":"[1]Pos!D1014","v":4184.68},{"$f":"[1]Pos!E1014","v":4.1500000000000004}]
[{"$f":"[1]Pos!A1015","v":"4023P06"},{"$f":"[1]Pos!B1015","v":"PO-0016544"},{"$f":"[1]Pos!C1015","v":"CENT"},{"$f":"[1]Pos!D1015","v":4373.7299999999996},{"$f":"[1]Pos!E1015","v":3.8}]
[{"$f":"[1]Pos!A1016","v":"4023P07"},{"$f":"[1]Pos!B1016","v":"PO-0017499"},{"$f":"[1]Pos!C1016","v":"EXCE"},{"$f":"[1]Pos!D1016","v":2558.0500000000002},{"$f":"[1]Pos!E1016","v":3.8}]
[{"$f":"[1]Pos!A1017","v":"4024B01"},{"$f":"[1]Pos!B1017","v":"PO-0016513"},{"$f":"[1]Pos!C1017","v":99},{"$f":"[1]Pos!D1017","v":204.3},{"$f":"[1]Pos!E1017","v":6.83}]
[{"$f":"[1]Pos!A1018","v":"4024B02"},{"$f":"[1]Pos!B1018","v":"PO-0016506"},{"$f":"[1]Pos!C1018","v":"BOUC"},{"$f":"[1]Pos!D1018","v":108.28},{"$f":"[1]Pos!E1018","v":3.09}]
[{"$f":"[1]Pos!A1019","v":"4024B03"},{"$f":"[1]Pos!B1019","v":"PO-0016375"},{"$f":"[1]Pos!C1019","v":"CAR"},{"$f":"[1]Pos!D1019","v":1071.58},{"$f":"[1]Pos!E1019","v":5.35}]
[{"$f":"[1]Pos!A1020","v":"4024B04"},{"$f":"[1]Pos!B1020","v":"PO-0016537"},{"$f":"[1]Pos!C1020","v":"GIRO"},{"$f":"[1]Pos!D1020","v":2988.67},{"$f":"[1]Pos!E1020","v":5.25}]
[{"$f":"[1]Pos!A1021","v":"4024B05"},{"$f":"[1]Pos!B1021","v":"PO-0016749"},{"$f":"[1]Pos!C1021","v":"DECA"},{"$f":"[1]Pos!D1021","v":292.15884599999998},{"$f":"[1]Pos!E1021","v":7.75}]
[{"$f":"[1]Pos!A1022","v":"4024B06"},{"$f":"[1]Pos!B1022","v":"PO-0019369"},{"$f":"[1]Pos!C1022","v":"GEOR"},{"$f":"[1]Pos!D1022","v":1103.0999999999999},{"$f":"[1]Pos!E1022","v":9}]
[{"$f":"[1]Pos!A1023","v":"4024D01"},{"$f":"[1]Pos!B1023","v":"PO-0016521"},{"$f":"[1]Pos!C1023","v":"OLYM"},{"$f":"[1]Pos!D1023","v":1500},{"$f":"[1]Pos!E1023","v":5.53}]
[{"$f":"[1]Pos!A1024","v":"4024D02"},{"$f":"[1]Pos!B1024","v":"PO-0016634"},{"$f":"[1]Pos!C1024","v":"OLYM"},{"$f":"[1]Pos!D1024","v":20},{"$f":"[1]Pos!E1024","v":175.09}]
[{"$f":"[1]Pos!A1025","v":"4024P01"},{"$f":"[1]Pos!B1025","v":"PO-0016508"},{"$f":"[1]Pos!C1025","v":"PEGA"},{"$f":"[1]Pos!D1025","v":1700},{"$f":"[1]Pos!E1025","v":5.2}]
[{"$f":"[1]Pos!A1026","v":"4024P02"},{"$f":"[1]Pos!B1026","v":"PO-0016512"},{"$f":"[1]Pos!C1026","v":"EXCE"},{"$f":"[1]Pos!D1026","v":275.95},{"$f":"[1]Pos!E1026","v":2.2000000000000002}]
[{"$f":"[1]Pos!A1027","v":"4024P03"},{"$f":"[1]Pos!B1027","v":"PO-0016512"},{"$f":"[1]Pos!C1027","v":"EXCE"},{"$f":"[1]Pos!D1027","v":79.33},{"$f":"[1]Pos!E1027","v":3.96}]
[{"$f":"[1]Pos!A1028","v":"4024P04"},{"$f":"[1]Pos!B1028","v":"PO-0016542"},{"$f":"[1]Pos!C1028","v":"ACCU"},{"$f":"[1]Pos!D1028","v":539.66},{"$f":"[1]Pos!E1028","v":3.4}]
[{"$f":"[1]Pos!A1029","v":"4024P05"},{"$f":"[1]Pos!B1029","v":"PO-0016542"},{"$f":"[1]Pos!C1029","v":"ACCU"},{"$f":"[1]Pos!D1029","v":1530.5},{"$f":"[1]Pos!E1029","v":4.1500000000000004}]
[{"$f":"[1]Pos!A1030","v":"4024P06"},{"$f":"[1]Pos!B1030","v":"PO-0016551"},{"$f":"[1]Pos!C1030","v":99},{"$f":"[1]Pos!D1030","v":91.41},{"$f":"[1]Pos!E1030","v":2.6}]
[{"$f":"[1]Pos!A1031","v":"4024P07"},{"$f":"[1]Pos!B1031","v":"PO-0016553"},{"$f":"[1]Pos!C1031","v":"DESC"},{"$f":"[1]Pos!D1031","v":6061.97},{"$f":"[1]Pos!E1031","v":4.05}]
[{"$f":"[1]Pos!A1032","v":"4025B01"},{"$f":"[1]Pos!B1032","v":"PO-0016520"},{"$f":"[1]Pos!C1032","v":"OLYM"},{"$f":"[1]Pos!D1032","v":271.5},{"$f":"[1]Pos!E1032","v":3.46}]
[{"$f":"[1]Pos!A1033","v":"4025B02"},{"$f":"[1]Pos!B1033","v":"PO-0016520"},{"$f":"[1]Pos!C1033","v":"OLYM"},{"$f":"[1]Pos!D1033","v":43.08},{"$f":"[1]Pos!E1033","v":3.11}]
[{"$f":"[1]Pos!A1034","v":"4025B03"},{"$f":"[1]Pos!B1034","v":"PO-0016536"},{"$f":"[1]Pos!C1034","v":"GIRO"},{"$f":"[1]Pos!D1034","v":2591.5500000000002},{"$f":"[1]Pos!E1034","v":5.25}]
[{"$f":"[1]Pos!A1035","v":"4025B04"},{"$f":"[1]Pos!B1035","v":"PO-0017778"},{"$f":"[1]Pos!C1035","v":"GEOR"},{"$f":"[1]Pos!D1035","v":561.74},{"$f":"[1]Pos!E1035","v":9.19}]
[{"$f":"[1]Pos!A1036","v":"4025D01"},{"$f":"[1]Pos!B1036","v":"PO-0016568"},{"$f":"[1]Pos!C1036","v":"OLYM"},{"$f":"[1]Pos!D1036","v":1000},{"$f":"[1]Pos!E1036","v":4.84}]
[{"$f":"[1]Pos!A1037","v":"4025P01"},{"$f":"[1]Pos!B1037","v":"PO-0016527"},{"$f":"[1]Pos!C1037","v":"OLYM"},{"$f":"[1]Pos!D1037","v":274.88},{"$f":"[1]Pos!E1037","v":3.75}]
[{"$f":"[1]Pos!A1038","v":"4025P02"},{"$f":"[1]Pos!B1038","v":"PO-0016527"},{"$f":"[1]Pos!C1038","v":"OLYM"},{"$f":"[1]Pos!D1038","v":59.58},{"$f":"[1]Pos!E1038","v":3.5}]
[{"$f":"[1]Pos!A1039","v":"4025P03"},{"$f":"[1]Pos!B1039","v":"PO-0016538"},{"$f":"[1]Pos!C1039","v":"NADE"},{"$f":"[1]Pos!D1039","v":3389.54},{"$f":"[1]Pos!E1039","v":3.95}]
[{"$f":"[1]Pos!A1040","v":"4025P04"},{"$f":"[1]Pos!B1040","v":"PO-0016538"},{"$f":"[1]Pos!C1040","v":"NADE"},{"$f":"[1]Pos!D1040","v":377.46},{"$f":"[1]Pos!E1040","v":3.35}]
[{"$f":"[1]Pos!A1041","v":"4025P05"},{"$f":"[1]Pos!B1041","v":"PO-0016543"},{"$f":"[1]Pos!C1041","v":"EXCE"},{"$f":"[1]Pos!D1041","v":272.10000000000002},{"$f":"[1]Pos!E1041","v":3.3}]
[{"$f":"[1]Pos!A1042","v":"4025P06"},{"$f":"[1]Pos!B1042","v":"PO-0016542"},{"$f":"[1]Pos!C1042","v":"ACCU"},{"$f":"[1]Pos!D1042","v":1350},{"$f":"[1]Pos!E1042","v":4.0999999999999996}]
[{"$f":"[1]Pos!A1043","v":"4025P07"},{"$f":"[1]Pos!B1043","v":"PO-0016552"},{"$f":"[1]Pos!C1043","v":"CENT"},{"$f":"[1]Pos!D1043","v":7257.6},{"$f":"[1]Pos!E1043","v":4}]
[{"$f":"[1]Pos!A1044","v":"4025P08"},{"$f":"[1]Pos!B1044","v":"PO-0016552"},{"$f":"[1]Pos!C1044","v":"CENT"},{"$f":"[1]Pos!D1044","v":4384.6000000000004},{"$f":"[1]Pos!E1044","v":3.8}]
[{"$f":"[1]Pos!A1045","v":"4026B01"},{"$f":"[1]Pos!B1045","v":"PO-0016610"},{"$f":"[1]Pos!C1045","v":"DECA"},{"$f":"[1]Pos!D1045","v":77.110703000000001},{"$f":"[1]Pos!E1045","v":7.29}]
[{"$f":"[1]Pos!A1046","v":"4026B02"},{"$f":"[1]Pos!B1046","v":"PO-0016649"},{"$f":"[1]Pos!C1046","v":"SYSC"},{"$f":"[1]Pos!D1046","v":988.88},{"$f":"[1]Pos!E1046","v":11.8}]
[{"$f":"[1]Pos!A1047","v":"4026D01"},{"$f":"[1]Pos!B1047","v":"PO-0016567"},{"$f":"[1]Pos!C1047","v":"OLYM"},{"$f":"[1]Pos!D1047","v":500},{"$f":"[1]Pos!E1047","v":4.84}]
[{"$f":"[1]Pos!A1048","v":"4026D02"},{"$f":"[1]Pos!B1048","v":"PO-0016568"},{"$f":"[1]Pos!C1048","v":"OLYM"},{"$f":"[1]Pos!D1048","v":1500},{"$f":"[1]Pos!E1048","v":5.08}]
[{"$f":"[1]Pos!A1049","v":"4026D03"},{"$f":"[1]Pos!B1049","v":"PO-0016568"},{"$f":"[1]Pos!C1049","v":"OLYM"},{"$f":"[1]Pos!D1049","v":1000},{"$f":"[1]Pos!E1049","v":5.87}]
[{"$f":"[1]Pos!A1050","v":"4026D04"},{"$f":"[1]Pos!B1050","v":"PO-0016568"},{"$f":"[1]Pos!C1050","v":"OLYM"},{"$f":"[1]Pos!D1050","v":500},{"$f":"[1]Pos!E1050","v":5.9}]
[{"$f":"[1]Pos!A1051","v":"4026P01"},{"$f":"[1]Pos!B1051","v":"PO-0016549"},{"$f":"[1]Pos!C1051","v":"EXCE"},{"$f":"[1]Pos!D1051","v":368.45},{"$f":"[1]Pos!E1051","v":2.2999999999999998}]
[{"$f":"[1]Pos!A1052","v":"4026P02"},{"$f":"[1]Pos!B1052","v":"PO-0016549"},{"$f":"[1]Pos!C1052","v":"EXCE"},{"$f":"[1]Pos!D1052","v":109.22},{"$f":"[1]Pos!E1052","v":3.96}]
[{"$f":"[1]Pos!A1053","v":"4026P03"},{"$f":"[1]Pos!B1053","v":"PO-0016555"},{"$f":"[1]Pos!C1053","v":"CENT"},{"$f":"[1]Pos!D1053","v":290},{"$f":"[1]Pos!E1053","v":6}]
[{"$f":"[1]Pos!A1054","v":"4026P04"},{"$f":"[1]Pos!B1054","v":"PO-0016556"},{"$f":"[1]Pos!C1054","v":"ACCU"},{"$f":"[1]Pos!D1054","v":2520},{"$f":"[1]Pos!E1054","v":4.05}]
[{"$f":"[1]Pos!A1055","v":"4026P05"},{"$f":"[1]Pos!B1055","v":"PO-0016564"},{"$f":"[1]Pos!C1055","v":"CENT"},{"$f":"[1]Pos!D1055","v":1814.4},{"$f":"[1]Pos!E1055","v":4}]
[{"$f":"[1]Pos!A1056","v":"4026P06"},{"$f":"[1]Pos!B1056","v":"PO-0016564"},{"$f":"[1]Pos!C1056","v":"CENT"},{"$f":"[1]Pos!D1056","v":907.2},{"$f":"[1]Pos!E1056","v":6.25}]
[{"$f":"[1]Pos!A1057","v":"4026P07"},{"$f":"[1]Pos!B1057","v":"PO-0016578"},{"$f":"[1]Pos!C1057","v":"CENT"},{"$f":"[1]Pos!D1057","v":2721.6},{"$f":"[1]Pos!E1057","v":4}]
[{"$f":"[1]Pos!A1058","v":"4027P01"},{"$f":"[1]Pos!B1058","v":"PO-0016549"},{"$f":"[1]Pos!C1058","v":"EXCE"},{"$f":"[1]Pos!D1058","v":265.89999999999998},{"$f":"[1]Pos!E1058","v":3.3}]
[{"$f":"[1]Pos!A1059","v":"4032B01"},{"$f":"[1]Pos!B1059","v":"PO-0016570"},{"$f":"[1]Pos!C1059","v":"LARO"},{"$f":"[1]Pos!D1059","v":1073.5},{"$f":"[1]Pos!E1059","v":5.12}]
[{"$f":"[1]Pos!A1060","v":"4032B02"},{"$f":"[1]Pos!B1060","v":"PO-0016572"},{"$f":"[1]Pos!C1060","v":"DECA"},{"$f":"[1]Pos!D1060","v":96.9},{"$f":"[1]Pos!E1060","v":2.8}]
[{"$f":"[1]Pos!A1061","v":"4032B03"},{"$f":"[1]Pos!B1061","v":"PO-0016572"},{"$f":"[1]Pos!C1061","v":"DECA"},{"$f":"[1]Pos!D1061","v":136},{"$f":"[1]Pos!E1061","v":2.82}]
[{"$f":"[1]Pos!A1062","v":"4032B04"},{"$f":"[1]Pos!B1062","v":"PO-0016545"},{"$f":"[1]Pos!C1062","v":"RYDI"},{"$f":"[1]Pos!D1062","v":3200},{"$f":"[1]Pos!E1062","v":5.34}]
[{"$f":"[1]Pos!A1063","v":"4032B05"},{"$f":"[1]Pos!B1063","v":"PO-0016545"},{"$f":"[1]Pos!C1063","v":"RYDI"},{"$f":"[1]Pos!D1063","v":1630},{"$f":"[1]Pos!E1063","v":3.2}]
[{"$f":"[1]Pos!A1064","v":"4032B06"},{"$f":"[1]Pos!B1064","v":"PO-0016639"},{"$f":"[1]Pos!C1064","v":"DECA"},{"$f":"[1]Pos!D1064","v":644.76},{"$f":"[1]Pos!E1064","v":7.29}]
[{"$f":"[1]Pos!A1065","v":"4032B07"},{"$f":"[1]Pos!B1065","v":"PO-0016651"},{"$f":"[1]Pos!C1065","v":"C&C"},{"$f":"[1]Pos!D1065","v":96.86},{"$f":"[1]Pos!E1065","v":8.89}]
[{"$f":"[1]Pos!A1066","v":"4032B08"},{"$f":"[1]Pos!B1066","v":"PO-0016814"},{"$f":"[1]Pos!C1066","v":"EAST"},{"$f":"[1]Pos!D1066","v":2379.19},{"$f":"[1]Pos!E1066","v":7.29}]
[{"$f":"[1]Pos!A1067","v":"4032D01"},{"$f":"[1]Pos!B1067","v":"PO-0016541"},{"$f":"[1]Pos!C1067","v":"PETI"},{"$f":"[1]Pos!D1067","v":750},{"$f":"[1]Pos!E1067","v":5.28}]
[{"$f":"[1]Pos!A1068","v":"4032P01"},{"$f":"[1]Pos!B1068","v":"PO-0016557"},{"$f":"[1]Pos!C1068","v":"PEGA"},{"$f":"[1]Pos!D1068","v":2000},{"$f":"[1]Pos!E1068","v":5.2}]
[{"$f":"[1]Pos!A1069","v":"4032P02"},{"$f":"[1]Pos!B1069","v":"PO-0016592"},{"$f":"[1]Pos!C1069","v":"CENT"},{"$f":"[1]Pos!D1069","v":2721.6},{"$f":"[1]Pos!E1069","v":4}]
[{"$f":"[1]Pos!A1070","v":"4032P03"},{"$f":"[1]Pos!B1070","v":"PO-0016595"},{"$f":"[1]Pos!C1070","v":"CENT"},{"$f":"[1]Pos!D1070","v":3955.39},{"$f":"[1]Pos!E1070","v":4}]
[{"$f":"[1]Pos!A1071","v":"4033B01"},{"$f":"[1]Pos!B1071","v":"PO-0016597"},{"$f":"[1]Pos!C1071","v":"RYDI"},{"$f":"[1]Pos!D1071","v":1699.5},{"$f":"[1]Pos!E1071","v":5.58}]
[{"$f":"[1]Pos!A1072","v":"4033B02"},{"$f":"[1]Pos!B1072","v":"PO-0016597"},{"$f":"[1]Pos!C1072","v":"RYDI"},{"$f":"[1]Pos!D1072","v":818.5},{"$f":"[1]Pos!E1072","v":3.35}]
[{"$f":"[1]Pos!A1073","v":"4033P01"},{"$f":"[1]Pos!B1073","v":"PO-0016565"},{"$f":"[1]Pos!C1073","v":"PEGA"},{"$f":"[1]Pos!D1073","v":2000},{"$f":"[1]Pos!E1073","v":5.2}]
[{"$f":"[1]Pos!A1074","v":"4033P02"},{"$f":"[1]Pos!B1074","v":"PO-0016579"},{"$f":"[1]Pos!C1074","v":"CENT"},{"$f":"[1]Pos!D1074","v":5725.21},{"$f":"[1]Pos!E1074","v":3.85}]
[{"$f":"[1]Pos!A1075","v":"4033P03"},{"$f":"[1]Pos!B1075","v":"PO-0016547"},{"$f":"[1]Pos!C1075","v":"OLYM"},{"$f":"[1]Pos!D1075","v":275.68},{"$f":"[1]Pos!E1075","v":3.75}]
[{"$f":"[1]Pos!A1076","v":"4034B01"},{"$f":"[1]Pos!B1076","v":"PO-0016596"},{"$f":"[1]Pos!C1076","v":"LARO"},{"$f":"[1]Pos!D1076","v":1081},{"$f":"[1]Pos!E1076","v":5.12}]
[{"$f":"[1]Pos!A1077","v":"4034B02"},{"$f":"[1]Pos!B1077","v":"PO-0016571"},{"$f":"[1]Pos!C1077","v":"LARO"},{"$f":"[1]Pos!D1077","v":998},{"$f":"[1]Pos!E1077","v":3.39}]
[{"$f":"[1]Pos!A1078","v":"4034B03"},{"$f":"[1]Pos!B1078","v":"PO-0016605"},{"$f":"[1]Pos!C1078","v":"GIRO"},{"$f":"[1]Pos!D1078","v":3433.1},{"$f":"[1]Pos!E1078","v":5.5}]
[{"$f":"[1]Pos!A1079","v":"4034B04"},{"$f":"[1]Pos!B1079","v":"PO-0016745"},{"$f":"[1]Pos!C1079","v":"C&C"},{"$f":"[1]Pos!D1079","v":243.488383},{"$f":"[1]Pos!E1079","v":12.09}]
[{"$f":"[1]Pos!A1080","v":"4034B05"},{"$f":"[1]Pos!B1080","v":"PO-0016757"},{"$f":"[1]Pos!C1080","v":"C&C"},{"$f":"[1]Pos!D1080","v":2691.1602929999999},{"$f":"[1]Pos!E1080","v":11.99}]
[{"$f":"[1]Pos!A1081","v":"4034B06"},{"$f":"[1]Pos!B1081","v":"PO-0017297"},{"$f":"[1]Pos!C1081","v":"C&C"},{"$f":"[1]Pos!D1081","v":544.4},{"$f":"[1]Pos!E1081","v":5.99}]
[{"$f":"[1]Pos!A1082","v":"4034B07"},{"$f":"[1]Pos!B1082","v":"PO-0017301"},{"$f":"[1]Pos!C1082","v":"C&C"},{"$f":"[1]Pos!D1082","v":544.4},{"$f":"[1]Pos!E1082","v":3.89}]
[{"$f":"[1]Pos!A1083","v":"4034B08"},{"$f":"[1]Pos!B1083","v":"PO-0017388"},{"$f":"[1]Pos!C1083","v":"C&C"},{"$f":"[1]Pos!D1083","v":1578.76},{"$f":"[1]Pos!E1083","v":3.89}]
[{"$f":"[1]Pos!A1084","v":"4034D01"},{"$f":"[1]Pos!B1084","v":"PO-0016603"},{"$f":"[1]Pos!C1084","v":"OLYM"},{"$f":"[1]Pos!D1084","v":1000},{"$f":"[1]Pos!E1084","v":5.0999999999999996}]
[{"$f":"[1]Pos!A1085","v":"4034D02"},{"$f":"[1]Pos!B1085","v":"PO-0016603"},{"$f":"[1]Pos!C1085","v":"OLYM"},{"$f":"[1]Pos!D1085","v":500},{"$f":"[1]Pos!E1085","v":6.13}]
[{"$f":"[1]Pos!A1086","v":"4034P01"},{"$f":"[1]Pos!B1086","v":"PO-0016547"},{"$f":"[1]Pos!C1086","v":"OLYM"},{"$f":"[1]Pos!D1086","v":87.33},{"$f":"[1]Pos!E1086","v":3.5}]
[{"$f":"[1]Pos!A1087","v":"4034P02"},{"$f":"[1]Pos!B1087","v":"PO-0016592"},{"$f":"[1]Pos!C1087","v":"CENT"},{"$f":"[1]Pos!D1087","v":1928.7},{"$f":"[1]Pos!E1087","v":4.7}]
[{"$f":"[1]Pos!A1088","v":"4034P03"},{"$f":"[1]Pos!B1088","v":"PO-0016590"},{"$f":"[1]Pos!C1088","v":"EXCE"},{"$f":"[1]Pos!D1088","v":277.36},{"$f":"[1]Pos!E1088","v":2.2999999999999998}]
[{"$f":"[1]Pos!A1089","v":"4034P04"},{"$f":"[1]Pos!B1089","v":"PO-0016590"},{"$f":"[1]Pos!C1089","v":"EXCE"},{"$f":"[1]Pos!D1089","v":79.77},{"$f":"[1]Pos!E1089","v":3.96}]
[{"$f":"[1]Pos!A1090","v":"4034P05"},{"$f":"[1]Pos!B1090","v":"PO-0016590"},{"$f":"[1]Pos!C1090","v":"EXCE"},{"$f":"[1]Pos!D1090","v":291.75},{"$f":"[1]Pos!E1090","v":3.3}]
[{"$f":"[1]Pos!A1091","v":"4034P06"},{"$f":"[1]Pos!B1091","v":"PO-0016599"},{"$f":"[1]Pos!C1091","v":"CENT"},{"$f":"[1]Pos!D1091","v":205.82},{"$f":"[1]Pos!E1091","v":3.65}]
[{"$f":"[1]Pos!A1092","v":"4034P07"},{"$f":"[1]Pos!B1092","v":"PO-0016607"},{"$f":"[1]Pos!C1092","v":"DESC"},{"$f":"[1]Pos!D1092","v":2721.6},{"$f":"[1]Pos!E1092","v":5.6}]
[{"$f":"[1]Pos!A1093","v":"4035B01"},{"$f":"[1]Pos!B1093","v":"PO-0016583"},{"$f":"[1]Pos!C1093","v":"BOUC"},{"$f":"[1]Pos!D1093","v":101.84},{"$f":"[1]Pos!E1093","v":3.19}]
[{"$f":"[1]Pos!A1094","v":"4035B02"},{"$f":"[1]Pos!B1094","v":"PO-0016601"},{"$f":"[1]Pos!C1094","v":"RYDI"},{"$f":"[1]Pos!D1094","v":3435.5},{"$f":"[1]Pos!E1094","v":5.8}]
[{"$f":"[1]Pos!A1095","v":"4035B03"},{"$f":"[1]Pos!B1095","v":"PO-0016601"},{"$f":"[1]Pos!C1095","v":"RYDI"},{"$f":"[1]Pos!D1095","v":1623},{"$f":"[1]Pos!E1095","v":3.35}]
[{"$f":"[1]Pos!A1096","v":"4035B04"},{"$f":"[1]Pos!B1096","v":"PO-0016625"},{"$f":"[1]Pos!C1096","v":"DECA"},{"$f":"[1]Pos!D1096","v":136},{"$f":"[1]Pos!E1096","v":2.82}]
[{"$f":"[1]Pos!A1097","v":"4035B05"},{"$f":"[1]Pos!B1097","v":"PO-0016703"},{"$f":"[1]Pos!C1097","v":"SYSC"},{"$f":"[1]Pos!D1097","v":1234.1400000000001},{"$f":"[1]Pos!E1097","v":11.8}]
[{"$f":"[1]Pos!A1098","v":"4035B06"},{"$f":"[1]Pos!B1098","v":"PO-0018119"},{"$f":"[1]Pos!C1098","v":"C&C"},{"$f":"[1]Pos!D1098","v":9520},{"$f":"[1]Pos!E1098","v":7.29}]
[{"$f":"[1]Pos!A1099","v":"4035D01"},{"$f":"[1]Pos!B1099","v":"PO-0016603"},{"$f":"[1]Pos!C1099","v":"OLYM"},{"$f":"[1]Pos!D1099","v":500},{"$f":"[1]Pos!E1099","v":5.0999999999999996}]
[{"$f":"[1]Pos!A1100","v":"4035D02"},{"$f":"[1]Pos!B1100","v":"PO-0016603"},{"$f":"[1]Pos!C1100","v":"OLYM"},{"$f":"[1]Pos!D1100","v":2000},{"$f":"[1]Pos!E1100","v":5.34}]
[{"$f":"[1]Pos!A1101","v":"4035P01"},{"$f":"[1]Pos!B1101","v":"PO-0016590"},{"$f":"[1]Pos!C1101","v":"EXCE"},{"$f":"[1]Pos!D1101","v":362.39},{"$f":"[1]Pos!E1101","v":3.3}]
[{"$f":"[1]Pos!A1102","v":"4035P02"},{"$f":"[1]Pos!B1102","v":"PO-0016598"},{"$f":"[1]Pos!C1102","v":"ACCU"},{"$f":"[1]Pos!D1102","v":1980},{"$f":"[1]Pos!E1102","v":3.8}]
[{"$f":"[1]Pos!A1103","v":"4035P03"},{"$f":"[1]Pos!B1103","v":"PO-0016613"},{"$f":"[1]Pos!C1103","v":"CENT"},{"$f":"[1]Pos!D1103","v":3628.8},{"$f":"[1]Pos!E1103","v":4}]
[{"$f":"[1]Pos!A1104","v":"4035P04"},{"$f":"[1]Pos!B1104","v":"PO-0016614"},{"$f":"[1]Pos!C1104","v":"ACCU"},{"$f":"[1]Pos!D1104","v":2700},{"$f":"[1]Pos!E1104","v":3.6}]
[{"$f":"[1]Pos!A1105","v":"4036B01"},{"$f":"[1]Pos!B1105","v":"PO-0016594"},{"$f":"[1]Pos!C1105","v":"OLYM"},{"$f":"[1]Pos!D1105","v":209.62},{"$f":"[1]Pos!E1105","v":3.58}]
[{"$f":"[1]Pos!A1106","v":"4036B02"},{"$f":"[1]Pos!B1106","v":"PO-0016594"},{"$f":"[1]Pos!C1106","v":"OLYM"},{"$f":"[1]Pos!D1106","v":39.78},{"$f":"[1]Pos!E1106","v":3.22}]
[{"$f":"[1]Pos!A1107","v":"4036B03"},{"$f":"[1]Pos!B1107","v":"PO-0016602"},{"$f":"[1]Pos!C1107","v":"DELF"},{"$f":"[1]Pos!D1107","v":604.88},{"$f":"[1]Pos!E1107","v":5.89}]
[{"$f":"[1]Pos!A1108","v":"4036B04"},{"$f":"[1]Pos!B1108","v":"PO-0016606"},{"$f":"[1]Pos!C1108","v":"GIRO"},{"$f":"[1]Pos!D1108","v":3161.47},{"$f":"[1]Pos!E1108","v":5.69}]
[{"$f":"[1]Pos!A1109","v":"4036B05"},{"$f":"[1]Pos!B1109","v":"PO-0016646"},{"$f":"[1]Pos!C1109","v":"WHIT"},{"$f":"[1]Pos!D1109","v":179.6},{"$f":"[1]Pos!E1109","v":6.75}]
[{"$f":"[1]Pos!A1110","v":"4036B06"},{"$f":"[1]Pos!B1110","v":"PO-0018074"},{"$f":"[1]Pos!C1110","v":"C&C"},{"$f":"[1]Pos!D1110","v":9520},{"$f":"[1]Pos!E1110","v":7.29}]
[{"$f":"[1]Pos!A1111","v":"4036D01"},{"$f":"[1]Pos!B1111","v":"PO-0016612"},{"$f":"[1]Pos!C1111","v":"PETI"},{"$f":"[1]Pos!D1111","v":750},{"$f":"[1]Pos!E1111","v":5.28}]
[{"$f":"[1]Pos!A1112","v":"4036P01"},{"$f":"[1]Pos!B1112","v":"PO-0016595"},{"$f":"[1]Pos!C1112","v":"CENT"},{"$f":"[1]Pos!D1112","v":225},{"$f":"[1]Pos!E1112","v":6.5}]
[{"$f":"[1]Pos!A1113","v":"4036P02"},{"$f":"[1]Pos!B1113","v":"PO-0016595"},{"$f":"[1]Pos!C1113","v":"CENT"},{"$f":"[1]Pos!D1113","v":324},{"$f":"[1]Pos!E1113","v":3}]
[{"$f":"[1]Pos!A1114","v":"4036P03"},{"$f":"[1]Pos!B1114","v":"PO-0016611"},{"$f":"[1]Pos!C1114","v":"OLYM"},{"$f":"[1]Pos!D1114","v":278.02},{"$f":"[1]Pos!E1114","v":3.75}]
[{"$f":"[1]Pos!A1115","v":"4036P04"},{"$f":"[1]Pos!B1115","v":"PO-0016611"},{"$f":"[1]Pos!C1115","v":"OLYM"},{"$f":"[1]Pos!D1115","v":92.89},{"$f":"[1]Pos!E1115","v":3.5}]
[{"$f":"[1]Pos!A1116","v":"4036P05"},{"$f":"[1]Pos!B1116","v":"PO-0016600"},{"$f":"[1]Pos!C1116","v":"NADE"},{"$f":"[1]Pos!D1116","v":2703.02},{"$f":"[1]Pos!E1116","v":3.4}]
[{"$f":"[1]Pos!A1117","v":"4036P06"},{"$f":"[1]Pos!B1117","v":"PO-0016615"},{"$f":"[1]Pos!C1117","v":"DESC"},{"$f":"[1]Pos!D1117","v":4536},{"$f":"[1]Pos!E1117","v":4.05}]
[{"$f":"[1]Pos!A1118","v":"4036P07"},{"$f":"[1]Pos!B1118","v":"PO-0016620"},{"$f":"[1]Pos!C1118","v":"CENT"},{"$f":"[1]Pos!D1118","v":1814.4},{"$f":"[1]Pos!E1118","v":4}]
[{"$f":"[1]Pos!A1119","v":"4037P01"},{"$f":"[1]Pos!B1119","v":"PO-0016630"},{"$f":"[1]Pos!C1119","v":"EXCE"},{"$f":"[1]Pos!D1119","v":2014.61},{"$f":"[1]Pos!E1119","v":3.4}]
[{"$f":"[1]Pos!A1120","v":"4042B01"},{"$f":"[1]Pos!B1120","v":"PO-0016625"},{"$f":"[1]Pos!C1120","v":"DECA"},{"$f":"[1]Pos!D1120","v":58.63},{"$f":"[1]Pos!E1120","v":2.93}]
[{"$f":"[1]Pos!A1121","v":"4042B02"},{"$f":"[1]Pos!B1121","v":"PO-0016629"},{"$f":"[1]Pos!C1121","v":"RYDI"},{"$f":"[1]Pos!D1121","v":1667.5},{"$f":"[1]Pos!E1121","v":5.8}]
[{"$f":"[1]Pos!A1122","v":"4042B03"},{"$f":"[1]Pos!B1122","v":"PO-0016629"},{"$f":"[1]Pos!C1122","v":"RYDI"},{"$f":"[1]Pos!D1122","v":753.5},{"$f":"[1]Pos!E1122","v":3.35}]
[{"$f":"[1]Pos!A1123","v":"4042B04"},{"$f":"[1]Pos!B1123","v":"PO-0016625"},{"$f":"[1]Pos!C1123","v":"DECA"},{"$f":"[1]Pos!D1123","v":151.68},{"$f":"[1]Pos!E1123","v":2.93}]
[{"$f":"[1]Pos!A1124","v":"4042B05"},{"$f":"[1]Pos!B1124","v":"PO-0016834"},{"$f":"[1]Pos!C1124","v":"DECA"},{"$f":"[1]Pos!D1124","v":153.54101700000001},{"$f":"[1]Pos!E1124","v":14.72}]
[{"$f":"[1]Pos!A1125","v":"4042B06"},{"$f":"[1]Pos!B1125","v":"PO-0017222"},{"$f":"[1]Pos!C1125","v":"OLYM"},{"$f":"[1]Pos!D1125","v":1087.7},{"$f":"[1]Pos!E1125","v":3.75}]
[{"$f":"[1]Pos!A1126","v":"4042P01"},{"$f":"[1]Pos!B1126","v":"PO-0016613"},{"$f":"[1]Pos!C1126","v":"CENT"},{"$f":"[1]Pos!D1126","v":190},{"$f":"[1]Pos!E1126","v":6}]
[{"$f":"[1]Pos!A1127","v":"4042P02"},{"$f":"[1]Pos!B1127","v":"PO-0016616"},{"$f":"[1]Pos!C1127","v":"PEGA"},{"$f":"[1]Pos!D1127","v":2000},{"$f":"[1]Pos!E1127","v":5.25}]
[{"$f":"[1]Pos!A1128","v":"4042P03"},{"$f":"[1]Pos!B1128","v":"PO-0016619"},{"$f":"[1]Pos!C1128","v":"CENT"},{"$f":"[1]Pos!D1128","v":2163.7199999999998},{"$f":"[1]Pos!E1128","v":4}]
[{"$f":"[1]Pos!A1129","v":"4042P04"},{"$f":"[1]Pos!B1129","v":"PO-0016620"},{"$f":"[1]Pos!C1129","v":"CENT"},{"$f":"[1]Pos!D1129","v":213},{"$f":"[1]Pos!E1129","v":6}]
[{"$f":"[1]Pos!A1130","v":"4042P05"},{"$f":"[1]Pos!B1130","v":"PO-0016640"},{"$f":"[1]Pos!C1130","v":"CENT"},{"$f":"[1]Pos!D1130","v":2721.6},{"$f":"[1]Pos!E1130","v":4}]
[{"$f":"[1]Pos!A1131","v":"4042P06"},{"$f":"[1]Pos!B1131","v":"PO-0016644"},{"$f":"[1]Pos!C1131","v":"CENT"},{"$f":"[1]Pos!D1131","v":1814.4},{"$f":"[1]Pos!E1131","v":4}]
[{"$f":"[1]Pos!A1132","v":"4043B01"},{"$f":"[1]Pos!B1132","v":"PO-0016646"},{"$f":"[1]Pos!C1132","v":"WHIT"},{"$f":"[1]Pos!D1132","v":196.92},{"$f":"[1]Pos!E1132","v":12.5}]
[{"$f":"[1]Pos!A1133","v":"4043B02"},{"$f":"[1]Pos!B1133","v":"PO-0017070"},{"$f":"[1]Pos!C1133","v":"ALIMPLUS"},{"$f":"[1]Pos!D1133","v":1940.62},{"$f":"[1]Pos!E1133","v":18.95}]
[{"$f":"[1]Pos!A1134","v":"4043P01"},{"$f":"[1]Pos!B1134","v":"PO-0016623"},{"$f":"[1]Pos!C1134","v":"PEGA"},{"$f":"[1]Pos!D1134","v":1500},{"$f":"[1]Pos!E1134","v":5.25}]
[{"$f":"[1]Pos!A1135","v":"4043P02"},{"$f":"[1]Pos!B1135","v":"PO-0016630"},{"$f":"[1]Pos!C1135","v":"EXCE"},{"$f":"[1]Pos!D1135","v":183.04},{"$f":"[1]Pos!E1135","v":2.4}]
[{"$f":"[1]Pos!A1136","v":"4043P03"},{"$f":"[1]Pos!B1136","v":"PO-0016630"},{"$f":"[1]Pos!C1136","v":"EXCE"},{"$f":"[1]Pos!D1136","v":199.04},{"$f":"[1]Pos!E1136","v":3.3}]
[{"$f":"[1]Pos!A1137","v":"4043P04"},{"$f":"[1]Pos!B1137","v":"PO-0016630"},{"$f":"[1]Pos!C1137","v":"EXCE"},{"$f":"[1]Pos!D1137","v":134.77000000000001},{"$f":"[1]Pos!E1137","v":3.96}]
[{"$f":"[1]Pos!A1138","v":"4043P05"},{"$f":"[1]Pos!B1138","v":"PO-0016624"},{"$f":"[1]Pos!C1138","v":"OLYM"},{"$f":"[1]Pos!D1138","v":276.18},{"$f":"[1]Pos!E1138","v":3.75}]
[{"$f":"[1]Pos!A1139","v":"4043P06"},{"$f":"[1]Pos!B1139","v":"PO-0016624"},{"$f":"[1]Pos!C1139","v":"OLYM"},{"$f":"[1]Pos!D1139","v":88.37},{"$f":"[1]Pos!E1139","v":3.5}]
[{"$f":"[1]Pos!A1140","v":"4043P07"},{"$f":"[1]Pos!B1140","v":"PO-0016635"},{"$f":"[1]Pos!C1140","v":"EXCE"},{"$f":"[1]Pos!D1140","v":2570.7800000000002},{"$f":"[1]Pos!E1140","v":3.4}]
[{"$f":"[1]Pos!A1141","v":"4043P08"},{"$f":"[1]Pos!B1141","v":"PO-0016644"},{"$f":"[1]Pos!C1141","v":"CENT"},{"$f":"[1]Pos!D1141","v":907.2},{"$f":"[1]Pos!E1141","v":4}]
[{"$f":"[1]Pos!A1142","v":"4044B01"},{"$f":"[1]Pos!B1142","v":"PO-0016646"},{"$f":"[1]Pos!C1142","v":"WHIT"},{"$f":"[1]Pos!D1142","v":66.98},{"$f":"[1]Pos!E1142","v":6.65}]
[{"$f":"[1]Pos!A1143","v":"4044B02"},{"$f":"[1]Pos!B1143","v":"PO-0016631"},{"$f":"[1]Pos!C1143","v":"LARO"},{"$f":"[1]Pos!D1143","v":1061},{"$f":"[1]Pos!E1143","v":5.12}]
[{"$f":"[1]Pos!A1144","v":"4044B03"},{"$f":"[1]Pos!B1144","v":"PO-0016650"},{"$f":"[1]Pos!C1144","v":"DECA"},{"$f":"[1]Pos!D1144","v":76.09},{"$f":"[1]Pos!E1144","v":2.88}]
[{"$f":"[1]Pos!A1145","v":"4044B04"},{"$f":"[1]Pos!B1145","v":"PO-0016665"},{"$f":"[1]Pos!C1145","v":"GIRO"},{"$f":"[1]Pos!D1145","v":2492.62},{"$f":"[1]Pos!E1145","v":5.89}]
[{"$f":"[1]Pos!A1146","v":"4044B05"},{"$f":"[1]Pos!B1146","v":"PO-0016674"},{"$f":"[1]Pos!C1146","v":"LARO"},{"$f":"[1]Pos!D1146","v":372.48},{"$f":"[1]Pos!E1146","v":6.55}]
[{"$f":"[1]Pos!A1147","v":"4044B06"},{"$f":"[1]Pos!B1147","v":"PO-0016674"},{"$f":"[1]Pos!C1147","v":"LARO"},{"$f":"[1]Pos!D1147","v":630.74},{"$f":"[1]Pos!E1147","v":8.15}]
[{"$f":"[1]Pos!A1148","v":"4044B07"},{"$f":"[1]Pos!B1148","v":"PO-0016725"},{"$f":"[1]Pos!C1148","v":"AGRO"},{"$f":"[1]Pos!D1148","v":4965.638551},{"$f":"[1]Pos!E1148","v":3.36}]
[{"$f":"[1]Pos!A1149","v":"4044D01"},{"$f":"[1]Pos!B1149","v":"PO-0016659"},{"$f":"[1]Pos!C1149","v":"OLYM"},{"$f":"[1]Pos!D1149","v":500},{"$f":"[1]Pos!E1149","v":6.23}]
[{"$f":"[1]Pos!A1150","v":"4044P01"},{"$f":"[1]Pos!B1150","v":"PO-0016635"},{"$f":"[1]Pos!C1150","v":"EXCE"},{"$f":"[1]Pos!D1150","v":198.92},{"$f":"[1]Pos!E1150","v":3.3}]
[{"$f":"[1]Pos!A1151","v":"4045B01"},{"$f":"[1]Pos!B1151","v":"PO-0016478"},{"$f":"[1]Pos!C1151","v":"DECA"},{"$f":"[1]Pos!D1151","v":48.31},{"$f":"[1]Pos!E1151","v":3.65}]
[{"$f":"[1]Pos!A1152","v":"4045B02"},{"$f":"[1]Pos!B1152","v":"PO-0016656"},{"$f":"[1]Pos!C1152","v":"RYDI"},{"$f":"[1]Pos!D1152","v":1684.5},{"$f":"[1]Pos!E1152","v":5.8}]
[{"$f":"[1]Pos!A1153","v":"4045B03"},{"$f":"[1]Pos!B1153","v":"PO-0016656"},{"$f":"[1]Pos!C1153","v":"RYDI"},{"$f":"[1]Pos!D1153","v":842},{"$f":"[1]Pos!E1153","v":3.37}]
[{"$f":"[1]Pos!A1154","v":"4045B04"},{"$f":"[1]Pos!B1154","v":"PO-0016650"},{"$f":"[1]Pos!C1154","v":"DECA"},{"$f":"[1]Pos!D1154","v":56.47},{"$f":"[1]Pos!E1154","v":2.99}]
[{"$f":"[1]Pos!A1155","v":"4045B05"},{"$f":"[1]Pos!B1155","v":"PO-0017381"},{"$f":"[1]Pos!C1155","v":"EAST"},{"$f":"[1]Pos!D1155","v":2593.63},{"$f":"[1]Pos!E1155","v":7.08}]
[{"$f":"[1]Pos!A1156","v":"4045D01"},{"$f":"[1]Pos!B1156","v":"PO-0016659"},{"$f":"[1]Pos!C1156","v":"OLYM"},{"$f":"[1]Pos!D1156","v":2000},{"$f":"[1]Pos!E1156","v":5.2}]
[{"$f":"[1]Pos!A1157","v":"4045D02"},{"$f":"[1]Pos!B1157","v":"PO-0016659"},{"$f":"[1]Pos!C1157","v":"OLYM"},{"$f":"[1]Pos!D1157","v":1500},{"$f":"[1]Pos!E1157","v":5.44}]
[{"$f":"[1]Pos!A1158","v":"4045P01"},{"$f":"[1]Pos!B1158","v":"PO-0016642"},{"$f":"[1]Pos!C1158","v":"PEGA"},{"$f":"[1]Pos!D1158","v":1000},{"$f":"[1]Pos!E1158","v":5.25}]
[{"$f":"[1]Pos!A1159","v":"4045P02"},{"$f":"[1]Pos!B1159","v":"PO-0016647"},{"$f":"[1]Pos!C1159","v":"CENT"},{"$f":"[1]Pos!D1159","v":320},{"$f":"[1]Pos!E1159","v":6.5}]
[{"$f":"[1]Pos!A1160","v":"4045P03"},{"$f":"[1]Pos!B1160","v":"PO-0016648"},{"$f":"[1]Pos!C1160","v":"EXCE"},{"$f":"[1]Pos!D1160","v":5504.83},{"$f":"[1]Pos!E1160","v":3.4}]
[{"$f":"[1]Pos!A1161","v":"4045P04"},{"$f":"[1]Pos!B1161","v":"PO-0016666"},{"$f":"[1]Pos!C1161","v":"CENT"},{"$f":"[1]Pos!D1161","v":5443.2},{"$f":"[1]Pos!E1161","v":4}]
[{"$f":"[1]Pos!A1162","v":"4045P05"},{"$f":"[1]Pos!B1162","v":"PO-0016669"},{"$f":"[1]Pos!C1162","v":"DESC"},{"$f":"[1]Pos!D1162","v":1814.4},{"$f":"[1]Pos!E1162","v":5.6}]
[{"$f":"[1]Pos!A1163","v":"4045P06"},{"$f":"[1]Pos!B1163","v":"PO-0016676"},{"$f":"[1]Pos!C1163","v":"CENT"},{"$f":"[1]Pos!D1163","v":3610.44},{"$f":"[1]Pos!E1163","v":3.7}]
[{"$f":"[1]Pos!A1164","v":"4045P07"},{"$f":"[1]Pos!B1164","v":"PO-0016681"},{"$f":"[1]Pos!C1164","v":"CENT"},{"$f":"[1]Pos!D1164","v":3882.81},{"$f":"[1]Pos!E1164","v":4}]
[{"$f":"[1]Pos!A1165","v":"4046B01"},{"$f":"[1]Pos!B1165","v":"PO-0016645"},{"$f":"[1]Pos!C1165","v":"OLYM"},{"$f":"[1]Pos!D1165","v":103.86},{"$f":"[1]Pos!E1165","v":3.58}]
[{"$f":"[1]Pos!A1166","v":"4046B02"},{"$f":"[1]Pos!B1166","v":"PO-0016654"},{"$f":"[1]Pos!C1166","v":"CHAT"},{"$f":"[1]Pos!D1166","v":166.59},{"$f":"[1]Pos!E1166","v":2.92}]
[{"$f":"[1]Pos!A1167","v":"4046B03"},{"$f":"[1]Pos!B1167","v":"PO-0016650"},{"$f":"[1]Pos!C1167","v":"DECA"},{"$f":"[1]Pos!D1167","v":136},{"$f":"[1]Pos!E1167","v":2.93}]
[{"$f":"[1]Pos!A1168","v":"4046B04"},{"$f":"[1]Pos!B1168","v":"PO-0016658"},{"$f":"[1]Pos!C1168","v":"DELF"},{"$f":"[1]Pos!D1168","v":62.95},{"$f":"[1]Pos!E1168","v":14.95}]
[{"$f":"[1]Pos!A1169","v":"4046B05"},{"$f":"[1]Pos!B1169","v":"PO-0016749"},{"$f":"[1]Pos!C1169","v":"DECA"},{"$f":"[1]Pos!D1169","v":312.64999999999998},{"$f":"[1]Pos!E1169","v":6.75}]
[{"$f":"[1]Pos!A1170","v":"4046B06"},{"$f":"[1]Pos!B1170","v":"PO-0016845"},{"$f":"[1]Pos!C1170","v":"CHAT"},{"$f":"[1]Pos!D1170","v":902.78489500000001},{"$f":"[1]Pos!E1170","v":7.39}]
[{"$f":"[1]Pos!A1171","v":"4046D01"},{"$f":"[1]Pos!B1171","v":"PO-0016659"},{"$f":"[1]Pos!C1171","v":"OLYM"},{"$f":"[1]Pos!D1171","v":500},{"$f":"[1]Pos!E1171","v":5.2}]
[{"$f":"[1]Pos!A1172","v":"4046D02"},{"$f":"[1]Pos!B1172","v":"PO-0016653"},{"$f":"[1]Pos!C1172","v":"OLYM"},{"$f":"[1]Pos!D1172","v":500},{"$f":"[1]Pos!E1172","v":5.38}]
[{"$f":"[1]Pos!A1173","v":"4046P01"},{"$f":"[1]Pos!B1173","v":"PO-0016652"},{"$f":"[1]Pos!C1173","v":"OLYM"},{"$f":"[1]Pos!D1173","v":274.77999999999997},{"$f":"[1]Pos!E1173","v":3.75}]
[{"$f":"[1]Pos!A1174","v":"4046P02"},{"$f":"[1]Pos!B1174","v":"PO-0016652"},{"$f":"[1]Pos!C1174","v":"OLYM"},{"$f":"[1]Pos!D1174","v":55.7},{"$f":"[1]Pos!E1174","v":3.5}]
[{"$f":"[1]Pos!A1175","v":"4046P03"},{"$f":"[1]Pos!B1175","v":"PO-0016667"},{"$f":"[1]Pos!C1175","v":"CENT"},{"$f":"[1]Pos!D1175","v":4736.1400000000003},{"$f":"[1]Pos!E1175","v":4.0999999999999996}]
[{"$f":"[1]Pos!A1176","v":"4046P04"},{"$f":"[1]Pos!B1176","v":"PO-0016682"},{"$f":"[1]Pos!C1176","v":"CENT"},{"$f":"[1]Pos!D1176","v":1814.4},{"$f":"[1]Pos!E1176","v":4}]
[{"$f":"[1]Pos!A1177","v":"4046P05"},{"$f":"[1]Pos!B1177","v":"PO-0016686"},{"$f":"[1]Pos!C1177","v":"ACCU"},{"$f":"[1]Pos!D1177","v":262},{"$f":"[1]Pos!E1177","v":3.25}]
[{"$f":"[1]Pos!A1178","v":"4047P01"},{"$f":"[1]Pos!B1178","v":"PO-0016700"},{"$f":"[1]Pos!C1178","v":"CENT"},{"$f":"[1]Pos!D1178","v":1106.78},{"$f":"[1]Pos!E1178","v":4}]
[{"$f":"[1]Pos!A1179","v":"4052B01"},{"$f":"[1]Pos!B1179","v":"PO-0016658"},{"$f":"[1]Pos!C1179","v":"DELF"},{"$f":"[1]Pos!D1179","v":320.42},{"$f":"[1]Pos!E1179","v":5.99}]
[{"$f":"[1]Pos!A1180","v":"4052B02"},{"$f":"[1]Pos!B1180","v":"PO-0016657"},{"$f":"[1]Pos!C1180","v":"RYDI"},{"$f":"[1]Pos!D1180","v":3281.5},{"$f":"[1]Pos!E1180","v":5.8}]
[{"$f":"[1]Pos!A1181","v":"4052B03"},{"$f":"[1]Pos!B1181","v":"PO-0016657"},{"$f":"[1]Pos!C1181","v":"RYDI"},{"$f":"[1]Pos!D1181","v":851},{"$f":"[1]Pos!E1181","v":3.37}]
[{"$f":"[1]Pos!A1182","v":"4052B04"},{"$f":"[1]Pos!B1182","v":"PO-0016845"},{"$f":"[1]Pos!C1182","v":"CHAT"},{"$f":"[1]Pos!D1182","v":308.01},{"$f":"[1]Pos!E1182","v":6.99}]
[{"$f":"[1]Pos!A1183","v":"4052B05"},{"$f":"[1]Pos!B1183","v":"PO-0017026"},{"$f":"[1]Pos!C1183","v":"ALIMPLUS"},{"$f":"[1]Pos!D1183","v":931.63},{"$f":"[1]Pos!E1183","v":18.95}]
[{"$f":"[1]Pos!A1184","v":"4052B06"},{"$f":"[1]Pos!B1184","v":"PO-0017459"},{"$f":"[1]Pos!C1184","v":"DELF"},{"$f":"[1]Pos!D1184","v":205.41},{"$f":"[1]Pos!E1184","v":28.5}]
[{"$f":"[1]Pos!A1185","v":"4052P01"},{"$f":"[1]Pos!B1185","v":"PO-0016671"},{"$f":"[1]Pos!C1185","v":"CENT"},{"$f":"[1]Pos!D1185","v":240},{"$f":"[1]Pos!E1185","v":6}]
[{"$f":"[1]Pos!A1186","v":"4052P02"},{"$f":"[1]Pos!B1186","v":"PO-0016671"},{"$f":"[1]Pos!C1186","v":"CENT"},{"$f":"[1]Pos!D1186","v":75},{"$f":"[1]Pos!E1186","v":6}]
[{"$f":"[1]Pos!A1187","v":"4052P03"},{"$f":"[1]Pos!B1187","v":"PO-0016683"},{"$f":"[1]Pos!C1187","v":"DMA"},{"$f":"[1]Pos!D1187","v":1000},{"$f":"[1]Pos!E1187","v":5.95}]
[{"$f":"[1]Pos!A1188","v":"4052P04"},{"$f":"[1]Pos!B1188","v":"PO-0016679"},{"$f":"[1]Pos!C1188","v":"CENT"},{"$f":"[1]Pos!D1188","v":8158.81},{"$f":"[1]Pos!E1188","v":4}]
[{"$f":"[1]Pos!A1189","v":"4052P05"},{"$f":"[1]Pos!B1189","v":"PO-0016670"},{"$f":"[1]Pos!C1189","v":"EXCE"},{"$f":"[1]Pos!D1189","v":370.65},{"$f":"[1]Pos!E1189","v":2.4}]
[{"$f":"[1]Pos!A1190","v":"4052P06"},{"$f":"[1]Pos!B1190","v":"PO-0016670"},{"$f":"[1]Pos!C1190","v":"EXCE"},{"$f":"[1]Pos!D1190","v":181.81},{"$f":"[1]Pos!E1190","v":3.3}]
[{"$f":"[1]Pos!A1191","v":"4052P07"},{"$f":"[1]Pos!B1191","v":"PO-0016670"},{"$f":"[1]Pos!C1191","v":"EXCE"},{"$f":"[1]Pos!D1191","v":80.17},{"$f":"[1]Pos!E1191","v":3.93}]
[{"$f":"[1]Pos!A1192","v":"4052P08"},{"$f":"[1]Pos!B1192","v":"PO-0016694"},{"$f":"[1]Pos!C1192","v":"OLYM"},{"$f":"[1]Pos!D1192","v":273.68},{"$f":"[1]Pos!E1192","v":3.75}]
[{"$f":"[1]Pos!A1193","v":"4052P09"},{"$f":"[1]Pos!B1193","v":"PO-0016714"},{"$f":"[1]Pos!C1193","v":"CENT"},{"$f":"[1]Pos!D1193","v":1814.4},{"$f":"[1]Pos!E1193","v":4}]
[{"$f":"[1]Pos!A1194","v":"4052P10"},{"$f":"[1]Pos!B1194","v":"PO-0016721"},{"$f":"[1]Pos!C1194","v":"CENT"},{"$f":"[1]Pos!D1194","v":1814.4},{"$f":"[1]Pos!E1194","v":4}]
[{"$f":"[1]Pos!A1195","v":"4052P11"},{"$f":"[1]Pos!B1195","v":"PO-0016723"},{"$f":"[1]Pos!C1195","v":"CENT"},{"$f":"[1]Pos!D1195","v":956.85},{"$f":"[1]Pos!E1195","v":3.75}]
[{"$f":"[1]Pos!A1196","v":"4053P01"},{"$f":"[1]Pos!B1196","v":"PO-0016684"},{"$f":"[1]Pos!C1196","v":"CENT"},{"$f":"[1]Pos!D1196","v":112},{"$f":"[1]Pos!E1196","v":6}]
[{"$f":"[1]Pos!A1197","v":"4053P02"},{"$f":"[1]Pos!B1197","v":"PO-0016688"},{"$f":"[1]Pos!C1197","v":"PEGA"},{"$f":"[1]Pos!D1197","v":4000},{"$f":"[1]Pos!E1197","v":5.25}]
[{"$f":"[1]Pos!A1198","v":"4053P03"},{"$f":"[1]Pos!B1198","v":"PO-0016694"},{"$f":"[1]Pos!C1198","v":"OLYM"},{"$f":"[1]Pos!D1198","v":57.94},{"$f":"[1]Pos!E1198","v":3.5}]
[{"$f":"[1]Pos!A1199","v":"4053P04"},{"$f":"[1]Pos!B1199","v":"PO-0016692"},{"$f":"[1]Pos!C1199","v":"DMA"},{"$f":"[1]Pos!D1199","v":500},{"$f":"[1]Pos!E1199","v":5.95}]
[{"$f":"[1]Pos!A1200","v":"4053P05"},{"$f":"[1]Pos!B1200","v":"PO-0016695"},{"$f":"[1]Pos!C1200","v":"EXCE"},{"$f":"[1]Pos!D1200","v":183.91},{"$f":"[1]Pos!E1200","v":2.4}]
[{"$f":"[1]Pos!A1201","v":"4053P06"},{"$f":"[1]Pos!B1201","v":"PO-0016695"},{"$f":"[1]Pos!C1201","v":"EXCE"},{"$f":"[1]Pos!D1201","v":254.43},{"$f":"[1]Pos!E1201","v":3.3}]
[{"$f":"[1]Pos!A1202","v":"4053P07"},{"$f":"[1]Pos!B1202","v":"PO-0016724"},{"$f":"[1]Pos!C1202","v":"DESC"},{"$f":"[1]Pos!D1202","v":1995.84},{"$f":"[1]Pos!E1202","v":5.75}]
[{"$f":"[1]Pos!A1203","v":"4054B01"},{"$f":"[1]Pos!B1203","v":"PO-0016728"},{"$f":"[1]Pos!C1203","v":"GIRO"},{"$f":"[1]Pos!D1203","v":3808.24},{"$f":"[1]Pos!E1203","v":5.99}]
[{"$f":"[1]Pos!A1204","v":"4054B02"},{"$f":"[1]Pos!B1204","v":"PO-0016842"},{"$f":"[1]Pos!C1204","v":"DECA"},{"$f":"[1]Pos!D1204","v":129.1},{"$f":"[1]Pos!E1204","v":6.35}]
[{"$f":"[1]Pos!A1205","v":"4054P01"},{"$f":"[1]Pos!B1205","v":"PO-0016701"},{"$f":"[1]Pos!C1205","v":"CENT"},{"$f":"[1]Pos!D1205","v":111},{"$f":"[1]Pos!E1205","v":6}]
[{"$f":"[1]Pos!A1206","v":"4054P02"},{"$f":"[1]Pos!B1206","v":"PO-0016695"},{"$f":"[1]Pos!C1206","v":"EXCE"},{"$f":"[1]Pos!D1206","v":1281.8699999999999},{"$f":"[1]Pos!E1206","v":4.2}]
[{"$f":"[1]Pos!A1207","v":"4054P03"},{"$f":"[1]Pos!B1207","v":"PO-0016707"},{"$f":"[1]Pos!C1207","v":"EXCE"},{"$f":"[1]Pos!D1207","v":1948.74},{"$f":"[1]Pos!E1207","v":4}]
[{"$f":"[1]Pos!A1208","v":"4054P04"},{"$f":"[1]Pos!B1208","v":"PO-0016693"},{"$f":"[1]Pos!C1208","v":"DMA"},{"$f":"[1]Pos!D1208","v":2000},{"$f":"[1]Pos!E1208","v":5.95}]
[{"$f":"[1]Pos!A1209","v":"4054P05"},{"$f":"[1]Pos!B1209","v":"PO-0016717"},{"$f":"[1]Pos!C1209","v":"ACCU"},{"$f":"[1]Pos!D1209","v":414},{"$f":"[1]Pos!E1209","v":3.4}]
[{"$f":"[1]Pos!A1210","v":"4054P06"},{"$f":"[1]Pos!B1210","v":"PO-0017463"},{"$f":"[1]Pos!C1210","v":"SUNC"},{"$f":"[1]Pos!D1210","v":1580},{"$f":"[1]Pos!E1210","v":3.75}]
[{"$f":"[1]Pos!A1211","v":"4055B01"},{"$f":"[1]Pos!B1211","v":"PO-0016708"},{"$f":"[1]Pos!C1211","v":"BOUC"},{"$f":"[1]Pos!D1211","v":128.16},{"$f":"[1]Pos!E1211","v":3.29}]
[{"$f":"[1]Pos!A1212","v":"4055B02"},{"$f":"[1]Pos!B1212","v":"PO-0017071"},{"$f":"[1]Pos!C1212","v":"EAST"},{"$f":"[1]Pos!D1212","v":2861.0338769999998},{"$f":"[1]Pos!E1212","v":3.69}]
[{"$f":"[1]Pos!A1213","v":"4055D01"},{"$f":"[1]Pos!B1213","v":"PO-0016726"},{"$f":"[1]Pos!C1213","v":"OLYM"},{"$f":"[1]Pos!D1213","v":500},{"$f":"[1]Pos!E1213","v":6.35}]
[{"$f":"[1]Pos!A1214","v":"4055P01"},{"$f":"[1]Pos!B1214","v":"PO-0016715"},{"$f":"[1]Pos!C1214","v":"CENT"},{"$f":"[1]Pos!D1214","v":75},{"$f":"[1]Pos!E1214","v":6}]
[{"$f":"[1]Pos!A1215","v":"4055P02"},{"$f":"[1]Pos!B1215","v":"PO-0016719"},{"$f":"[1]Pos!C1215","v":"EXCE"},{"$f":"[1]Pos!D1215","v":1284.26},{"$f":"[1]Pos!E1215","v":4}]
[{"$f":"[1]Pos!A1216","v":"4055P03"},{"$f":"[1]Pos!B1216","v":"PO-0016696"},{"$f":"[1]Pos!C1216","v":"EXCE"},{"$f":"[1]Pos!D1216","v":362.12},{"$f":"[1]Pos!E1216","v":3.3}]
[{"$f":"[1]Pos!A1217","v":"4055P04"},{"$f":"[1]Pos!B1217","v":"PO-0016720"},{"$f":"[1]Pos!C1217","v":"OLYM"},{"$f":"[1]Pos!D1217","v":269.3},{"$f":"[1]Pos!E1217","v":3.75}]
[{"$f":"[1]Pos!A1218","v":"4055P05"},{"$f":"[1]Pos!B1218","v":"PO-0016722"},{"$f":"[1]Pos!C1218","v":"DMA"},{"$f":"[1]Pos!D1218","v":1800},{"$f":"[1]Pos!E1218","v":5.95}]
[{"$f":"[1]Pos!A1219","v":"4055P06"},{"$f":"[1]Pos!B1219","v":"PO-0016731"},{"$f":"[1]Pos!C1219","v":"CENT"},{"$f":"[1]Pos!D1219","v":7257.6},{"$f":"[1]Pos!E1219","v":4}]
[{"$f":"[1]Pos!A1220","v":"4055P07"},{"$f":"[1]Pos!B1220","v":"PO-0016732"},{"$f":"[1]Pos!C1220","v":"CENT"},{"$f":"[1]Pos!D1220","v":4898.88},{"$f":"[1]Pos!E1220","v":6.25}]
[{"$f":"[1]Pos!A1221","v":"4055P08"},{"$f":"[1]Pos!B1221","v":"PO-0016735"},{"$f":"[1]Pos!C1221","v":"DESC"},{"$f":"[1]Pos!D1221","v":2721.6},{"$f":"[1]Pos!E1221","v":5.6}]
[{"$f":"[1]Pos!A1222","v":"4055P09"},{"$f":"[1]Pos!B1222","v":"PO-0016739"},{"$f":"[1]Pos!C1222","v":99},{"$f":"[1]Pos!D1222","v":2880},{"$f":"[1]Pos!E1222","v":3.9}]
[{"$f":"[1]Pos!A1223","v":"4056B01"},{"$f":"[1]Pos!B1223","v":"PO-0016661"},{"$f":"[1]Pos!C1223","v":"OLYM"},{"$f":"[1]Pos!D1223","v":157.18},{"$f":"[1]Pos!E1223","v":3.58}]
[{"$f":"[1]Pos!A1224","v":"4056B02"},{"$f":"[1]Pos!B1224","v":"PO-0016661"},{"$f":"[1]Pos!C1224","v":"OLYM"},{"$f":"[1]Pos!D1224","v":44.08},{"$f":"[1]Pos!E1224","v":3.45}]
[{"$f":"[1]Pos!A1225","v":"4056B03"},{"$f":"[1]Pos!B1225","v":"PO-0016748"},{"$f":"[1]Pos!C1225","v":"RYDI"},{"$f":"[1]Pos!D1225","v":2448.5},{"$f":"[1]Pos!E1225","v":5.89}]
[{"$f":"[1]Pos!A1226","v":"4056B04"},{"$f":"[1]Pos!B1226","v":"PO-0016748"},{"$f":"[1]Pos!C1226","v":"RYDI"},{"$f":"[1]Pos!D1226","v":856},{"$f":"[1]Pos!E1226","v":3.28}]
[{"$f":"[1]Pos!A1227","v":"4056B05"},{"$f":"[1]Pos!B1227","v":"PO-0016759"},{"$f":"[1]Pos!C1227","v":"GIRO"},{"$f":"[1]Pos!D1227","v":227.94},{"$f":"[1]Pos!E1227","v":5.99}]
[{"$f":"[1]Pos!A1228","v":"4056B06"},{"$f":"[1]Pos!B1228","v":"PO-0016810"},{"$f":"[1]Pos!C1228","v":"DECA"},{"$f":"[1]Pos!D1228","v":80.966237000000007},{"$f":"[1]Pos!E1228","v":9.19}]
[{"$f":"[1]Pos!A1229","v":"4056B07"},{"$f":"[1]Pos!B1229","v":"PO-0017036"},{"$f":"[1]Pos!C1229","v":"LACR"},{"$f":"[1]Pos!D1229","v":8166},{"$f":"[1]Pos!E1229","v":4}]
[{"$f":"[1]Pos!A1230","v":"4056B08"},{"$f":"[1]Pos!B1230","v":"PO-0017249"},{"$f":"[1]Pos!C1230","v":"EAST"},{"$f":"[1]Pos!D1230","v":1957.180973},{"$f":"[1]Pos!E1230","v":3.74}]
[{"$f":"[1]Pos!A1231","v":"4056P01"},{"$f":"[1]Pos!B1231","v":"PO-0016729"},{"$f":"[1]Pos!C1231","v":"EXCE"},{"$f":"[1]Pos!D1231","v":343.85},{"$f":"[1]Pos!E1231","v":3.3}]
[{"$f":"[1]Pos!A1232","v":"4056P02"},{"$f":"[1]Pos!B1232","v":"PO-0016733"},{"$f":"[1]Pos!C1232","v":"ACCU"},{"$f":"[1]Pos!D1232","v":4410},{"$f":"[1]Pos!E1232","v":4.1500000000000004}]
[{"$f":"[1]Pos!A1233","v":"4056P03"},{"$f":"[1]Pos!B1233","v":"PO-0016746"},{"$f":"[1]Pos!C1233","v":"DMA"},{"$f":"[1]Pos!D1233","v":490},{"$f":"[1]Pos!E1233","v":5.95}]
[{"$f":"[1]Pos!A1234","v":"4056P04"},{"$f":"[1]Pos!B1234","v":"PO-0016744"},{"$f":"[1]Pos!C1234","v":"CENT"},{"$f":"[1]Pos!D1234","v":3600.66},{"$f":"[1]Pos!E1234","v":4.3499999999999996}]
[{"$f":"[1]Pos!A1235","v":"4056P05"},{"$f":"[1]Pos!B1235","v":"PO-0016751"},{"$f":"[1]Pos!C1235","v":"DESC"},{"$f":"[1]Pos!D1235","v":1995.84},{"$f":"[1]Pos!E1235","v":5.75}]
[{"$f":"[1]Pos!A1236","v":"4057B01"},{"$f":"[1]Pos!B1236","v":"PO-0016068"},{"$f":"[1]Pos!C1236","v":"CHIS"},{"$f":"[1]Pos!D1236","v":18686},{"$f":"[1]Pos!E1236","v":4.74}]
[{"$f":"[1]Pos!A1237","v":"4057P01"},{"$f":"[1]Pos!B1237","v":"PO-0016729"},{"$f":"[1]Pos!C1237","v":"EXCE"},{"$f":"[1]Pos!D1237","v":1288.3900000000001},{"$f":"[1]Pos!E1237","v":4.2}]
[{"$f":"[1]Pos!A1238","v":"4057P02"},{"$f":"[1]Pos!B1238","v":"PO-0016755"},{"$f":"[1]Pos!C1238","v":"CENT"},{"$f":"[1]Pos!D1238","v":1814.4},{"$f":"[1]Pos!E1238","v":6.75}]
[{"$f":"[1]Pos!A1239","v":"4062B01"},{"$f":"[1]Pos!B1239","v":"PO-0016747"},{"$f":"[1]Pos!C1239","v":"DECA"},{"$f":"[1]Pos!D1239","v":3433},{"$f":"[1]Pos!E1239","v":2.68}]
[{"$f":"[1]Pos!A1240","v":"4062B02"},{"$f":"[1]Pos!B1240","v":"PO-0016747"},{"$f":"[1]Pos!C1240","v":"DECA"},{"$f":"[1]Pos!D1240","v":120.56},{"$f":"[1]Pos!E1240","v":3.04}]
[{"$f":"[1]Pos!A1241","v":"4062B03"},{"$f":"[1]Pos!B1241","v":"PO-0017026"},{"$f":"[1]Pos!C1241","v":"ALIMPLUS"},{"$f":"[1]Pos!D1241","v":798.77},{"$f":"[1]Pos!E1241","v":18.95}]
[{"$f":"[1]Pos!A1242","v":"4062D01"},{"$f":"[1]Pos!B1242","v":"PO-0016727"},{"$f":"[1]Pos!C1242","v":"PETI"},{"$f":"[1]Pos!D1242","v":750},{"$f":"[1]Pos!E1242","v":5.78}]
[{"$f":"[1]Pos!A1243","v":"4062D02"},{"$f":"[1]Pos!B1243","v":"PO-0016726"},{"$f":"[1]Pos!C1243","v":"OLYM"},{"$f":"[1]Pos!D1243","v":2000},{"$f":"[1]Pos!E1243","v":5.56}]
[{"$f":"[1]Pos!A1244","v":"4062D03"},{"$f":"[1]Pos!B1244","v":"PO-0016726"},{"$f":"[1]Pos!C1244","v":"OLYM"},{"$f":"[1]Pos!D1244","v":1500},{"$f":"[1]Pos!E1244","v":5.32}]
[{"$f":"[1]Pos!A1245","v":"4062D04"},{"$f":"[1]Pos!B1245","v":"PO-0016726"},{"$f":"[1]Pos!C1245","v":"OLYM"},{"$f":"[1]Pos!D1245","v":250},{"$f":"[1]Pos!E1245","v":6.33}]
[{"$f":"[1]Pos!A1246","v":"4062D05"},{"$f":"[1]Pos!B1246","v":"PO-0016890"},{"$f":"[1]Pos!C1246","v":"OLYM"},{"$f":"[1]Pos!D1246","v":20},{"$f":"[1]Pos!E1246","v":165.21}]
[{"$f":"[1]Pos!A1247","v":"4062P01"},{"$f":"[1]Pos!B1247","v":"PO-0016731"},{"$f":"[1]Pos!C1247","v":"CENT"},{"$f":"[1]Pos!D1247","v":395},{"$f":"[1]Pos!E1247","v":6}]
[{"$f":"[1]Pos!A1248","v":"4062P02"},{"$f":"[1]Pos!B1248","v":"PO-0016734"},{"$f":"[1]Pos!C1248","v":"CENT"},{"$f":"[1]Pos!D1248","v":126},{"$f":"[1]Pos!E1248","v":3.65}]
[{"$f":"[1]Pos!A1249","v":"4062P03"},{"$f":"[1]Pos!B1249","v":"PO-0016737"},{"$f":"[1]Pos!C1249","v":"PEGA"},{"$f":"[1]Pos!D1249","v":2000},{"$f":"[1]Pos!E1249","v":5.25}]
[{"$f":"[1]Pos!A1250","v":"4062P04"},{"$f":"[1]Pos!B1250","v":"PO-0016738"},{"$f":"[1]Pos!C1250","v":"EXCE"},{"$f":"[1]Pos!D1250","v":1931.23},{"$f":"[1]Pos!E1250","v":4.2}]
[{"$f":"[1]Pos!A1251","v":"4062P05"},{"$f":"[1]Pos!B1251","v":"PO-0016738"},{"$f":"[1]Pos!C1251","v":"EXCE"},{"$f":"[1]Pos!D1251","v":81.489999999999995},{"$f":"[1]Pos!E1251","v":3.96}]
[{"$f":"[1]Pos!A1252","v":"4062P06"},{"$f":"[1]Pos!B1252","v":"PO-0016750"},{"$f":"[1]Pos!C1252","v":"OLYM"},{"$f":"[1]Pos!D1252","v":81.150000000000006},{"$f":"[1]Pos!E1252","v":3.5}]
[{"$f":"[1]Pos!A1253","v":"4062P07"},{"$f":"[1]Pos!B1253","v":"PO-0016753"},{"$f":"[1]Pos!C1253","v":"BENI"},{"$f":"[1]Pos!D1253","v":1010.27},{"$f":"[1]Pos!E1253","v":2.19}]
[{"$f":"[1]Pos!A1254","v":"4062P08"},{"$f":"[1]Pos!B1254","v":"PO-0016756"},{"$f":"[1]Pos!C1254","v":"DMA"},{"$f":"[1]Pos!D1254","v":2000},{"$f":"[1]Pos!E1254","v":5.95}]
[{"$f":"[1]Pos!A1255","v":"4062P09"},{"$f":"[1]Pos!B1255","v":"PO-0016758"},{"$f":"[1]Pos!C1255","v":"BENI"},{"$f":"[1]Pos!D1255","v":803.96},{"$f":"[1]Pos!E1255","v":2.19}]
[{"$f":"[1]Pos!A1256","v":"4062P10"},{"$f":"[1]Pos!B1256","v":"PO-0016767"},{"$f":"[1]Pos!C1256","v":"CENT"},{"$f":"[1]Pos!D1256","v":2721.6},{"$f":"[1]Pos!E1256","v":4}]
[{"$f":"[1]Pos!A1257","v":"4062P11"},{"$f":"[1]Pos!B1257","v":"PO-0016767"},{"$f":"[1]Pos!C1257","v":"CENT"},{"$f":"[1]Pos!D1257","v":480},{"$f":"[1]Pos!E1257","v":3.65}]
[{"$f":"[1]Pos!A1258","v":"4062P12"},{"$f":"[1]Pos!B1258","v":"PO-0016769"},{"$f":"[1]Pos!C1258","v":"CENT"},{"$f":"[1]Pos!D1258","v":907.2},{"$f":"[1]Pos!E1258","v":6.85}]
[{"$f":"[1]Pos!A1259","v":"4062P13"},{"$f":"[1]Pos!B1259","v":"PO-0016773"},{"$f":"[1]Pos!C1259","v":"DESC"},{"$f":"[1]Pos!D1259","v":1814.4},{"$f":"[1]Pos!E1259","v":5.95}]
[{"$f":"[1]Pos!A1260","v":"4062P14"},{"$f":"[1]Pos!B1260","v":"PO-0016779"},{"$f":"[1]Pos!C1260","v":"CENT"},{"$f":"[1]Pos!D1260","v":816.48},{"$f":"[1]Pos!E1260","v":6.25}]
[{"$f":"[1]Pos!A1261","v":"4063B01"},{"$f":"[1]Pos!B1261","v":"PO-0016814"},{"$f":"[1]Pos!C1261","v":"EAST"},{"$f":"[1]Pos!D1261","v":1116.42},{"$f":"[1]Pos!E1261","v":7.29}]
[{"$f":"[1]Pos!A1262","v":"4063B02"},{"$f":"[1]Pos!B1262","v":"PO-0017008"},{"$f":"[1]Pos!C1262","v":"OLYM"},{"$f":"[1]Pos!D1262","v":55.71},{"$f":"[1]Pos!E1262","v":5.75}]
[{"$f":"[1]Pos!A1263","v":"4063B03"},{"$f":"[1]Pos!B1263","v":"PO-0017022"},{"$f":"[1]Pos!C1263","v":"DECA"},{"$f":"[1]Pos!D1263","v":141.76},{"$f":"[1]Pos!E1263","v":6.79}]
[{"$f":"[1]Pos!A1264","v":"4063B04"},{"$f":"[1]Pos!B1264","v":"PO-0017099"},{"$f":"[1]Pos!C1264","v":"LACR"},{"$f":"[1]Pos!D1264","v":3810.8},{"$f":"[1]Pos!E1264","v":4}]
[{"$f":"[1]Pos!A1265","v":"4063D01"},{"$f":"[1]Pos!B1265","v":"PO-0016726"},{"$f":"[1]Pos!C1265","v":"OLYM"},{"$f":"[1]Pos!D1265","v":250},{"$f":"[1]Pos!E1265","v":5.32}]
[{"$f":"[1]Pos!A1266","v":"4063P01"},{"$f":"[1]Pos!B1266","v":"PO-0016744"},{"$f":"[1]Pos!C1266","v":"CENT"},{"$f":"[1]Pos!D1266","v":225},{"$f":"[1]Pos!E1266","v":6.25}]
[{"$f":"[1]Pos!A1267","v":"4063P02"},{"$f":"[1]Pos!B1267","v":"PO-0016754"},{"$f":"[1]Pos!C1267","v":"EXCE"},{"$f":"[1]Pos!D1267","v":916.86},{"$f":"[1]Pos!E1267","v":4.2}]
[{"$f":"[1]Pos!A1268","v":"4063P03"},{"$f":"[1]Pos!B1268","v":"PO-0016754"},{"$f":"[1]Pos!C1268","v":"EXCE"},{"$f":"[1]Pos!D1268","v":273.64},{"$f":"[1]Pos!E1268","v":3.3}]
[{"$f":"[1]Pos!A1269","v":"4063P04"},{"$f":"[1]Pos!B1269","v":"PO-0016754"},{"$f":"[1]Pos!C1269","v":"EXCE"},{"$f":"[1]Pos!D1269","v":366.49},{"$f":"[1]Pos!E1269","v":2.4}]
[{"$f":"[1]Pos!A1270","v":"4063P05"},{"$f":"[1]Pos!B1270","v":"PO-0016756"},{"$f":"[1]Pos!C1270","v":"DMA"},{"$f":"[1]Pos!D1270","v":2500},{"$f":"[1]Pos!E1270","v":5.95}]
[{"$f":"[1]Pos!A1271","v":"4063P06"},{"$f":"[1]Pos!B1271","v":"PO-0016755"},{"$f":"[1]Pos!C1271","v":"CENT"},{"$f":"[1]Pos!D1271","v":1595.69},{"$f":"[1]Pos!E1271","v":4.25}]
[{"$f":"[1]Pos!A1272","v":"4063P07"},{"$f":"[1]Pos!B1272","v":"PO-0016774"},{"$f":"[1]Pos!C1272","v":"BENI"},{"$f":"[1]Pos!D1272","v":502.22},{"$f":"[1]Pos!E1272","v":2.19}]
[{"$f":"[1]Pos!A1273","v":"4063P08"},{"$f":"[1]Pos!B1273","v":"PO-0016780"},{"$f":"[1]Pos!C1273","v":"DMA"},{"$f":"[1]Pos!D1273","v":1500},{"$f":"[1]Pos!E1273","v":5.95}]
[{"$f":"[1]Pos!A1274","v":"4063P09"},{"$f":"[1]Pos!B1274","v":"PO-0016778"},{"$f":"[1]Pos!C1274","v":"CENT"},{"$f":"[1]Pos!D1274","v":1814.4},{"$f":"[1]Pos!E1274","v":4}]
[{"$f":"[1]Pos!A1275","v":"4063P10"},{"$f":"[1]Pos!B1275","v":"PO-0016780"},{"$f":"[1]Pos!C1275","v":"DMA"},{"$f":"[1]Pos!D1275","v":2500},{"$f":"[1]Pos!E1275","v":5.95}]
[{"$f":"[1]Pos!A1276","v":"4064B01"},{"$f":"[1]Pos!B1276","v":"PO-0017399"},{"$f":"[1]Pos!C1276","v":"EAST"},{"$f":"[1]Pos!D1276","v":2243.3035639999998},{"$f":"[1]Pos!E1276","v":3.69}]
[{"$f":"[1]Pos!A1277","v":"4064P01"},{"$f":"[1]Pos!B1277","v":"PO-0016766"},{"$f":"[1]Pos!C1277","v":"OLYM"},{"$f":"[1]Pos!D1277","v":282.3},{"$f":"[1]Pos!E1277","v":3.75}]
[{"$f":"[1]Pos!A1278","v":"4064P02"},{"$f":"[1]Pos!B1278","v":"PO-0016766"},{"$f":"[1]Pos!C1278","v":"OLYM"},{"$f":"[1]Pos!D1278","v":99.03},{"$f":"[1]Pos!E1278","v":3.5}]
[{"$f":"[1]Pos!A1279","v":"4064P03"},{"$f":"[1]Pos!B1279","v":"PO-0016772"},{"$f":"[1]Pos!C1279","v":"EXCE"},{"$f":"[1]Pos!D1279","v":18.489999999999998},{"$f":"[1]Pos!E1279","v":5}]
[{"$f":"[1]Pos!A1280","v":"4064P04"},{"$f":"[1]Pos!B1280","v":"PO-0016770"},{"$f":"[1]Pos!C1280","v":"EXCE"},{"$f":"[1]Pos!D1280","v":1924.37},{"$f":"[1]Pos!E1280","v":4.2}]
[{"$f":"[1]Pos!A1281","v":"4064P05"},{"$f":"[1]Pos!B1281","v":"PO-0016770"},{"$f":"[1]Pos!C1281","v":"EXCE"},{"$f":"[1]Pos!D1281","v":272.94},{"$f":"[1]Pos!E1281","v":3.3}]
[{"$f":"[1]Pos!A1282","v":"4065B01"},{"$f":"[1]Pos!B1282","v":"PO-0016809"},{"$f":"[1]Pos!C1282","v":"DECA"},{"$f":"[1]Pos!D1282","v":26.671230999999999},{"$f":"[1]Pos!E1282","v":9.19}]
[{"$f":"[1]Pos!A1283","v":"4065B02"},{"$f":"[1]Pos!B1283","v":"PO-0016873"},{"$f":"[1]Pos!C1283","v":"LARO"},{"$f":"[1]Pos!D1283","v":150.63999999999999},{"$f":"[1]Pos!E1283","v":5.65}]
[{"$f":"[1]Pos!A1284","v":"4065P01"},{"$f":"[1]Pos!B1284","v":"PO-0016769"},{"$f":"[1]Pos!C1284","v":"CENT"},{"$f":"[1]Pos!D1284","v":369},{"$f":"[1]Pos!E1284","v":6}]
[{"$f":"[1]Pos!A1285","v":"4065P02"},{"$f":"[1]Pos!B1285","v":"PO-0016781"},{"$f":"[1]Pos!C1285","v":"OLYM"},{"$f":"[1]Pos!D1285","v":138.94999999999999},{"$f":"[1]Pos!E1285","v":3.75}]
[{"$f":"[1]Pos!A1286","v":"4065P03"},{"$f":"[1]Pos!B1286","v":"PO-0016790"},{"$f":"[1]Pos!C1286","v":"CENT"},{"$f":"[1]Pos!D1286","v":1814.4},{"$f":"[1]Pos!E1286","v":4}]
[{"$f":"[1]Pos!A1287","v":"4065P04"},{"$f":"[1]Pos!B1287","v":"PO-0016786"},{"$f":"[1]Pos!C1287","v":"CENT"},{"$f":"[1]Pos!D1287","v":3628.8},{"$f":"[1]Pos!E1287","v":4.25}]
[{"$f":"[1]Pos!A1288","v":"4066B01"},{"$f":"[1]Pos!B1288","v":"PO-0016777"},{"$f":"[1]Pos!C1288","v":"OLYM"},{"$f":"[1]Pos!D1288","v":201.14},{"$f":"[1]Pos!E1288","v":3.7}]
[{"$f":"[1]Pos!A1289","v":"4066B02"},{"$f":"[1]Pos!B1289","v":"PO-0016803"},{"$f":"[1]Pos!C1289","v":"RYDI"},{"$f":"[1]Pos!D1289","v":846.5},{"$f":"[1]Pos!E1289","v":5.36}]
[{"$f":"[1]Pos!A1290","v":"4066B03"},{"$f":"[1]Pos!B1290","v":"PO-0016801"},{"$f":"[1]Pos!C1290","v":"RYDI"},{"$f":"[1]Pos!D1290","v":3228},{"$f":"[1]Pos!E1290","v":5.84}]
[{"$f":"[1]Pos!A1291","v":"4066B04"},{"$f":"[1]Pos!B1291","v":"PO-0016801"},{"$f":"[1]Pos!C1291","v":"RYDI"},{"$f":"[1]Pos!D1291","v":904},{"$f":"[1]Pos!E1291","v":3.22}]
[{"$f":"[1]Pos!A1292","v":"4066B05"},{"$f":"[1]Pos!B1292","v":"PO-0016947"},{"$f":"[1]Pos!C1292","v":"JBS"},{"$f":"[1]Pos!D1292","v":11892.21},{"$f":"[1]Pos!E1292","v":4.1500000000000004}]
[{"$f":"[1]Pos!A1293","v":"4066D01"},{"$f":"[1]Pos!B1293","v":"PO-0016806"},{"$f":"[1]Pos!C1293","v":"OLYM"},{"$f":"[1]Pos!D1293","v":2500},{"$f":"[1]Pos!E1293","v":5.75}]
[{"$f":"[1]Pos!A1294","v":"4066P01"},{"$f":"[1]Pos!B1294","v":"PO-0016787"},{"$f":"[1]Pos!C1294","v":"EXCE"},{"$f":"[1]Pos!D1294","v":218.32},{"$f":"[1]Pos!E1294","v":3.3}]
[{"$f":"[1]Pos!A1295","v":"4066P02"},{"$f":"[1]Pos!B1295","v":"PO-0016787"},{"$f":"[1]Pos!C1295","v":"EXCE"},{"$f":"[1]Pos!D1295","v":82.01},{"$f":"[1]Pos!E1295","v":3.96}]
[{"$f":"[1]Pos!A1296","v":"4066P03"},{"$f":"[1]Pos!B1296","v":"PO-0016786"},{"$f":"[1]Pos!C1296","v":"CENT"},{"$f":"[1]Pos!D1296","v":1457.27},{"$f":"[1]Pos!E1296","v":6.5}]
[{"$f":"[1]Pos!A1297","v":"4066P04"},{"$f":"[1]Pos!B1297","v":"PO-0016784"},{"$f":"[1]Pos!C1297","v":"DESC"},{"$f":"[1]Pos!D1297","v":5443.2},{"$f":"[1]Pos!E1297","v":5.75}]
[{"$f":"[1]Pos!A1298","v":"4066P05"},{"$f":"[1]Pos!B1298","v":"PO-0016796"},{"$f":"[1]Pos!C1298","v":"DESC"},{"$f":"[1]Pos!D1298","v":3628.8},{"$f":"[1]Pos!E1298","v":5.85}]
[{"$f":"[1]Pos!A1299","v":"4072B01"},{"$f":"[1]Pos!B1299","v":"PO-0016799"},{"$f":"[1]Pos!C1299","v":"BOUC"},{"$f":"[1]Pos!D1299","v":109.88},{"$f":"[1]Pos!E1299","v":3.49}]
[{"$f":"[1]Pos!A1300","v":"4072B02"},{"$f":"[1]Pos!B1300","v":"PO-0016804"},{"$f":"[1]Pos!C1300","v":"DECA"},{"$f":"[1]Pos!D1300","v":234.26},{"$f":"[1]Pos!E1300","v":3.04}]
[{"$f":"[1]Pos!A1301","v":"4072B03"},{"$f":"[1]Pos!B1301","v":"PO-0016867"},{"$f":"[1]Pos!C1301","v":"DECA"},{"$f":"[1]Pos!D1301","v":307.81},{"$f":"[1]Pos!E1301","v":6.79}]
[{"$f":"[1]Pos!A1302","v":"4072B04"},{"$f":"[1]Pos!B1302","v":"PO-0017203"},{"$f":"[1]Pos!C1302","v":"LACR"},{"$f":"[1]Pos!D1302","v":8166},{"$f":"[1]Pos!E1302","v":4.25}]
[{"$f":"[1]Pos!A1303","v":"4072D01"},{"$f":"[1]Pos!B1303","v":"PO-0016793"},{"$f":"[1]Pos!C1303","v":"SKOT"},{"$f":"[1]Pos!D1303","v":50},{"$f":"[1]Pos!E1303","v":52.75}]
[{"$f":"[1]Pos!A1304","v":"4072D02"},{"$f":"[1]Pos!B1304","v":"PO-0016820"},{"$f":"[1]Pos!C1304","v":"PETI"},{"$f":"[1]Pos!D1304","v":750},{"$f":"[1]Pos!E1304","v":5.93}]
[{"$f":"[1]Pos!A1305","v":"4072P01"},{"$f":"[1]Pos!B1305","v":"PO-0016786"},{"$f":"[1]Pos!C1305","v":"CENT"},{"$f":"[1]Pos!D1305","v":215},{"$f":"[1]Pos!E1305","v":6}]
[{"$f":"[1]Pos!A1306","v":"4072P02"},{"$f":"[1]Pos!B1306","v":"PO-0016795"},{"$f":"[1]Pos!C1306","v":"PEGA"},{"$f":"[1]Pos!D1306","v":4000},{"$f":"[1]Pos!E1306","v":5.3}]
[{"$f":"[1]Pos!A1307","v":"4072P03"},{"$f":"[1]Pos!B1307","v":"PO-0016794"},{"$f":"[1]Pos!C1307","v":"CENT"},{"$f":"[1]Pos!D1307","v":3000},{"$f":"[1]Pos!E1307","v":5.6}]
[{"$f":"[1]Pos!A1308","v":"4072P04"},{"$f":"[1]Pos!B1308","v":"PO-0016798"},{"$f":"[1]Pos!C1308","v":"EXCE"},{"$f":"[1]Pos!D1308","v":642.14},{"$f":"[1]Pos!E1308","v":4.2}]
[{"$f":"[1]Pos!A1309","v":"4072P05"},{"$f":"[1]Pos!B1309","v":"PO-0016798"},{"$f":"[1]Pos!C1309","v":"EXCE"},{"$f":"[1]Pos!D1309","v":184.33},{"$f":"[1]Pos!E1309","v":2.4}]
[{"$f":"[1]Pos!A1310","v":"4072P06"},{"$f":"[1]Pos!B1310","v":"PO-0016805"},{"$f":"[1]Pos!C1310","v":"BENI"},{"$f":"[1]Pos!D1310","v":390.78},{"$f":"[1]Pos!E1310","v":4.3499999999999996}]
[{"$f":"[1]Pos!A1311","v":"4072P07"},{"$f":"[1]Pos!B1311","v":"PO-0016805"},{"$f":"[1]Pos!C1311","v":"BENI"},{"$f":"[1]Pos!D1311","v":403.05},{"$f":"[1]Pos!E1311","v":4.6500000000000004}]
[{"$f":"[1]Pos!A1312","v":"4072P08"},{"$f":"[1]Pos!B1312","v":"PO-0016829"},{"$f":"[1]Pos!C1312","v":"DESC"},{"$f":"[1]Pos!D1312","v":4536},{"$f":"[1]Pos!E1312","v":4.05}]
[{"$f":"[1]Pos!A1313","v":"4073B01"},{"$f":"[1]Pos!B1313","v":"PO-0016831"},{"$f":"[1]Pos!C1313","v":"RYDI"},{"$f":"[1]Pos!D1313","v":2470},{"$f":"[1]Pos!E1313","v":5.84}]
[{"$f":"[1]Pos!A1314","v":"4073B02"},{"$f":"[1]Pos!B1314","v":"PO-0016831"},{"$f":"[1]Pos!C1314","v":"RYDI"},{"$f":"[1]Pos!D1314","v":866.5},{"$f":"[1]Pos!E1314","v":5.36}]
[{"$f":"[1]Pos!A1315","v":"4073B03"},{"$f":"[1]Pos!B1315","v":"PO-0016840"},{"$f":"[1]Pos!C1315","v":"OLYM"},{"$f":"[1]Pos!D1315","v":249.62},{"$f":"[1]Pos!E1315","v":3.7}]
[{"$f":"[1]Pos!A1316","v":"4073B04"},{"$f":"[1]Pos!B1316","v":"PO-0016895"},{"$f":"[1]Pos!C1316","v":"DECA"},{"$f":"[1]Pos!D1316","v":110.42},{"$f":"[1]Pos!E1316","v":6.09}]
[{"$f":"[1]Pos!A1317","v":"4073P01"},{"$f":"[1]Pos!B1317","v":"PO-0016811"},{"$f":"[1]Pos!C1317","v":"OLYM"},{"$f":"[1]Pos!D1317","v":292.56},{"$f":"[1]Pos!E1317","v":3.75}]
[{"$f":"[1]Pos!A1318","v":"4073P02"},{"$f":"[1]Pos!B1318","v":"PO-0016811"},{"$f":"[1]Pos!C1318","v":"OLYM"},{"$f":"[1]Pos!D1318","v":101.47},{"$f":"[1]Pos!E1318","v":3.5}]
[{"$f":"[1]Pos!A1319","v":"4073P03"},{"$f":"[1]Pos!B1319","v":"PO-0016812"},{"$f":"[1]Pos!C1319","v":"ACCU"},{"$f":"[1]Pos!D1319","v":2160},{"$f":"[1]Pos!E1319","v":4.5999999999999996}]
[{"$f":"[1]Pos!A1320","v":"4073P04"},{"$f":"[1]Pos!B1320","v":"PO-0016817"},{"$f":"[1]Pos!C1320","v":"EXCE"},{"$f":"[1]Pos!D1320","v":53.82},{"$f":"[1]Pos!E1320","v":3.93}]
[{"$f":"[1]Pos!A1321","v":"4073P05"},{"$f":"[1]Pos!B1321","v":"PO-0016768"},{"$f":"[1]Pos!C1321","v":"DMA"},{"$f":"[1]Pos!D1321","v":2750},{"$f":"[1]Pos!E1321","v":5.95}]
[{"$f":"[1]Pos!A1322","v":"4074B01"},{"$f":"[1]Pos!B1322","v":"PO-0016840"},{"$f":"[1]Pos!C1322","v":"OLYM"},{"$f":"[1]Pos!D1322","v":40.74},{"$f":"[1]Pos!E1322","v":3.57}]
[{"$f":"[1]Pos!A1323","v":"4074B02"},{"$f":"[1]Pos!B1323","v":"PO-0016846"},{"$f":"[1]Pos!C1323","v":"WHIT"},{"$f":"[1]Pos!D1323","v":274.08},{"$f":"[1]Pos!E1323","v":12.5}]
[{"$f":"[1]Pos!A1324","v":"4074B03"},{"$f":"[1]Pos!B1324","v":"PO-0016846"},{"$f":"[1]Pos!C1324","v":"WHIT"},{"$f":"[1]Pos!D1324","v":52.54},{"$f":"[1]Pos!E1324","v":6.75}]
[{"$f":"[1]Pos!A1325","v":"4074B04"},{"$f":"[1]Pos!B1325","v":"PO-0016917"},{"$f":"[1]Pos!C1325","v":"DECA"},{"$f":"[1]Pos!D1325","v":439.73},{"$f":"[1]Pos!E1325","v":6.69}]
[{"$f":"[1]Pos!A1326","v":"4074P01"},{"$f":"[1]Pos!B1326","v":"PO-0016817"},{"$f":"[1]Pos!C1326","v":"EXCE"},{"$f":"[1]Pos!D1326","v":276.52},{"$f":"[1]Pos!E1326","v":2.4}]
[{"$f":"[1]Pos!A1327","v":"4074P02"},{"$f":"[1]Pos!B1327","v":"PO-0016817"},{"$f":"[1]Pos!C1327","v":"EXCE"},{"$f":"[1]Pos!D1327","v":629.01},{"$f":"[1]Pos!E1327","v":3.3}]
[{"$f":"[1]Pos!A1328","v":"4074P03"},{"$f":"[1]Pos!B1328","v":"PO-0016830"},{"$f":"[1]Pos!C1328","v":"ACCU"},{"$f":"[1]Pos!D1328","v":1260},{"$f":"[1]Pos!E1328","v":4.5999999999999996}]
[{"$f":"[1]Pos!A1329","v":"4074P04"},{"$f":"[1]Pos!B1329","v":"PO-0016807"},{"$f":"[1]Pos!C1329","v":"NADE"},{"$f":"[1]Pos!D1329","v":773.39},{"$f":"[1]Pos!E1329","v":4.3}]
[{"$f":"[1]Pos!A1330","v":"4075B01"},{"$f":"[1]Pos!B1330","v":"PO-0016848"},{"$f":"[1]Pos!C1330","v":"RYDI"},{"$f":"[1]Pos!D1330","v":2510},{"$f":"[1]Pos!E1330","v":5.38}]
[{"$f":"[1]Pos!A1331","v":"4075B02"},{"$f":"[1]Pos!B1331","v":"PO-0016848"},{"$f":"[1]Pos!C1331","v":"RYDI"},{"$f":"[1]Pos!D1331","v":880.5},{"$f":"[1]Pos!E1331","v":3.28}]
[{"$f":"[1]Pos!A1332","v":"4075B03"},{"$f":"[1]Pos!B1332","v":"PO-0016855"},{"$f":"[1]Pos!C1332","v":"DECA"},{"$f":"[1]Pos!D1332","v":272},{"$f":"[1]Pos!E1332","v":2.93}]
[{"$f":"[1]Pos!A1333","v":"4075B04"},{"$f":"[1]Pos!B1333","v":"PO-0016855"},{"$f":"[1]Pos!C1333","v":"DECA"},{"$f":"[1]Pos!D1333","v":36.659999999999997},{"$f":"[1]Pos!E1333","v":3.04}]
[{"$f":"[1]Pos!A1334","v":"4075B05"},{"$f":"[1]Pos!B1334","v":"PO-0017133"},{"$f":"[1]Pos!C1334","v":"ALIMPLUS"},{"$f":"[1]Pos!D1334","v":1275},{"$f":"[1]Pos!E1334","v":18.95}]
[{"$f":"[1]Pos!A1335","v":"4075D01"},{"$f":"[1]Pos!B1335","v":"PO-0016841"},{"$f":"[1]Pos!C1335","v":"OLYM"},{"$f":"[1]Pos!D1335","v":2000},{"$f":"[1]Pos!E1335","v":5.71}]
[{"$f":"[1]Pos!A1336","v":"4075D02"},{"$f":"[1]Pos!B1336","v":"PO-0016841"},{"$f":"[1]Pos!C1336","v":"OLYM"},{"$f":"[1]Pos!D1336","v":1000},{"$f":"[1]Pos!E1336","v":5.47}]
[{"$f":"[1]Pos!A1337","v":"4075D03"},{"$f":"[1]Pos!B1337","v":"PO-0016841"},{"$f":"[1]Pos!C1337","v":"OLYM"},{"$f":"[1]Pos!D1337","v":500},{"$f":"[1]Pos!E1337","v":5.47}]
[{"$f":"[1]Pos!A1338","v":"4075P01"},{"$f":"[1]Pos!B1338","v":"PO-0016836"},{"$f":"[1]Pos!C1338","v":"PEGA"},{"$f":"[1]Pos!D1338","v":1500},{"$f":"[1]Pos!E1338","v":5.3}]
[{"$f":"[1]Pos!A1339","v":"4075P02"},{"$f":"[1]Pos!B1339","v":"PO-0016840"},{"$f":"[1]Pos!C1339","v":"OLYM"},{"$f":"[1]Pos!D1339","v":272.02},{"$f":"[1]Pos!E1339","v":3.75}]
[{"$f":"[1]Pos!A1340","v":"4075P03"},{"$f":"[1]Pos!B1340","v":"PO-0016843"},{"$f":"[1]Pos!C1340","v":"ACCU"},{"$f":"[1]Pos!D1340","v":2160},{"$f":"[1]Pos!E1340","v":4.5999999999999996}]
[{"$f":"[1]Pos!A1341","v":"4075P04"},{"$f":"[1]Pos!B1341","v":"PO-0016851"},{"$f":"[1]Pos!C1341","v":"CENT"},{"$f":"[1]Pos!D1341","v":3628.8},{"$f":"[1]Pos!E1341","v":4.25}]
[{"$f":"[1]Pos!A1342","v":"4075P05"},{"$f":"[1]Pos!B1342","v":"PO-0016851"},{"$f":"[1]Pos!C1342","v":"CENT"},{"$f":"[1]Pos!D1342","v":3265.92},{"$f":"[1]Pos!E1342","v":6.25}]
[{"$f":"[1]Pos!A1343","v":"4075P06"},{"$f":"[1]Pos!B1343","v":"PO-0016851"},{"$f":"[1]Pos!C1343","v":"CENT"},{"$f":"[1]Pos!D1343","v":1632.96},{"$f":"[1]Pos!E1343","v":5.6}]
[{"$f":"[1]Pos!A1344","v":"4075P07"},{"$f":"[1]Pos!B1344","v":"PO-0016853"},{"$f":"[1]Pos!C1344","v":"DESC"},{"$f":"[1]Pos!D1344","v":17236.8},{"$f":"[1]Pos!E1344","v":4.2}]
[{"$f":"[1]Pos!A1345","v":"4075P08"},{"$f":"[1]Pos!B1345","v":"PO-0016862"},{"$f":"[1]Pos!C1345","v":"CENT"},{"$f":"[1]Pos!D1345","v":1632.96},{"$f":"[1]Pos!E1345","v":6.25}]
[{"$f":"[1]Pos!A1346","v":"4076B01"},{"$f":"[1]Pos!B1346","v":"PO-0016844"},{"$f":"[1]Pos!C1346","v":"BOUC"},{"$f":"[1]Pos!D1346","v":187.56},{"$f":"[1]Pos!E1346","v":3.49}]
[{"$f":"[1]Pos!A1347","v":"4076B02"},{"$f":"[1]Pos!B1347","v":"PO-0016872"},{"$f":"[1]Pos!C1347","v":"RYDI"},{"$f":"[1]Pos!D1347","v":2489},{"$f":"[1]Pos!E1347","v":5.38}]
[{"$f":"[1]Pos!A1348","v":"4076B03"},{"$f":"[1]Pos!B1348","v":"PO-0016872"},{"$f":"[1]Pos!C1348","v":"RYDI"},{"$f":"[1]Pos!D1348","v":821.5},{"$f":"[1]Pos!E1348","v":3.28}]
[{"$f":"[1]Pos!A1349","v":"4076P01"},{"$f":"[1]Pos!B1349","v":"PO-0016852"},{"$f":"[1]Pos!C1349","v":"DESC"},{"$f":"[1]Pos!D1349","v":9072},{"$f":"[1]Pos!E1349","v":6.25}]
[{"$f":"[1]Pos!A1350","v":"4076P02"},{"$f":"[1]Pos!B1350","v":"PO-0016862"},{"$f":"[1]Pos!C1350","v":"CENT"},{"$f":"[1]Pos!D1350","v":359.55},{"$f":"[1]Pos!E1350","v":4.7}]
[{"$f":"[1]Pos!A1351","v":"4076P03"},{"$f":"[1]Pos!B1351","v":"PO-0016862"},{"$f":"[1]Pos!C1351","v":"CENT"},{"$f":"[1]Pos!D1351","v":907.2},{"$f":"[1]Pos!E1351","v":4.3}]
[{"$f":"[1]Pos!A1352","v":"4076P04"},{"$f":"[1]Pos!B1352","v":"PO-0016868"},{"$f":"[1]Pos!C1352","v":"ACCU"},{"$f":"[1]Pos!D1352","v":1800},{"$f":"[1]Pos!E1352","v":4.4000000000000004}]
[{"$f":"[1]Pos!A1353","v":"4076P05"},{"$f":"[1]Pos!B1353","v":"PO-0016885"},{"$f":"[1]Pos!C1353","v":"DESC"},{"$f":"[1]Pos!D1353","v":17236.8},{"$f":"[1]Pos!E1353","v":4.2}]
[{"$f":"[1]Pos!A1354","v":"4077P01"},{"$f":"[1]Pos!B1354","v":"PO-0016850"},{"$f":"[1]Pos!C1354","v":"EXCE"},{"$f":"[1]Pos!D1354","v":3888.43},{"$f":"[1]Pos!E1354","v":4.2}]
[{"$f":"[1]Pos!A1355","v":"4077P02"},{"$f":"[1]Pos!B1355","v":"PO-0016858"},{"$f":"[1]Pos!C1355","v":"EXCE"},{"$f":"[1]Pos!D1355","v":645.15},{"$f":"[1]Pos!E1355","v":4.5999999999999996}]
[{"$f":"[1]Pos!A1356","v":"4077P03"},{"$f":"[1]Pos!B1356","v":"PO-0016862"},{"$f":"[1]Pos!C1356","v":"CENT"},{"$f":"[1]Pos!D1356","v":1306.46},{"$f":"[1]Pos!E1356","v":4.3}]
[{"$f":"[1]Pos!A1357","v":"4082P01"},{"$f":"[1]Pos!B1357","v":"PO-0016854"},{"$f":"[1]Pos!C1357","v":"CENT"},{"$f":"[1]Pos!D1357","v":250},{"$f":"[1]Pos!E1357","v":6.5}]
[{"$f":"[1]Pos!A1358","v":"4082P02"},{"$f":"[1]Pos!B1358","v":"PO-0016856"},{"$f":"[1]Pos!C1358","v":"PEGA"},{"$f":"[1]Pos!D1358","v":1500},{"$f":"[1]Pos!E1358","v":5.3}]
[{"$f":"[1]Pos!A1359","v":"4082P03"},{"$f":"[1]Pos!B1359","v":"PO-0016858"},{"$f":"[1]Pos!C1359","v":"EXCE"},{"$f":"[1]Pos!D1359","v":183.76},{"$f":"[1]Pos!E1359","v":2.5}]
[{"$f":"[1]Pos!A1360","v":"4082P04"},{"$f":"[1]Pos!B1360","v":"PO-0016858"},{"$f":"[1]Pos!C1360","v":"EXCE"},{"$f":"[1]Pos!D1360","v":219.12},{"$f":"[1]Pos!E1360","v":3.3}]
[{"$f":"[1]Pos!A1361","v":"4082P05"},{"$f":"[1]Pos!B1361","v":"PO-0016858"},{"$f":"[1]Pos!C1361","v":"EXCE"},{"$f":"[1]Pos!D1361","v":53.98},{"$f":"[1]Pos!E1361","v":3.93}]
[{"$f":"[1]Pos!A1362","v":"4082P06"},{"$f":"[1]Pos!B1362","v":"PO-0016859"},{"$f":"[1]Pos!C1362","v":"OLYM"},{"$f":"[1]Pos!D1362","v":272.54000000000002},{"$f":"[1]Pos!E1362","v":3.75}]
[{"$f":"[1]Pos!A1363","v":"4082P07"},{"$f":"[1]Pos!B1363","v":"PO-0016884"},{"$f":"[1]Pos!C1363","v":"CENT"},{"$f":"[1]Pos!D1363","v":1814.4},{"$f":"[1]Pos!E1363","v":4.3499999999999996}]
[{"$f":"[1]Pos!A1364","v":"4082P08"},{"$f":"[1]Pos!B1364","v":"PO-0016884"},{"$f":"[1]Pos!C1364","v":"CENT"},{"$f":"[1]Pos!D1364","v":1632.9},{"$f":"[1]Pos!E1364","v":6.25}]
[{"$f":"[1]Pos!A1365","v":"4082P09"},{"$f":"[1]Pos!B1365","v":"PO-0016888"},{"$f":"[1]Pos!C1365","v":"CENT"},{"$f":"[1]Pos!D1365","v":1288.22},{"$f":"[1]Pos!E1365","v":6}]
[{"$f":"[1]Pos!A1366","v":"4082P10"},{"$f":"[1]Pos!B1366","v":"PO-0016902"},{"$f":"[1]Pos!C1366","v":"CENT"},{"$f":"[1]Pos!D1366","v":2721.6},{"$f":"[1]Pos!E1366","v":4.3499999999999996}]
[{"$f":"[1]Pos!A1367","v":"4083B01"},{"$f":"[1]Pos!B1367","v":"PO-0016875"},{"$f":"[1]Pos!C1367","v":"LARO"},{"$f":"[1]Pos!D1367","v":1119},{"$f":"[1]Pos!E1367","v":5.05}]
[{"$f":"[1]Pos!A1368","v":"4083B02"},{"$f":"[1]Pos!B1368","v":"PO-0016846"},{"$f":"[1]Pos!C1368","v":"WHIT"},{"$f":"[1]Pos!D1368","v":66.14},{"$f":"[1]Pos!E1368","v":6.65}]
[{"$f":"[1]Pos!A1369","v":"4083B03"},{"$f":"[1]Pos!B1369","v":"PO-0016899"},{"$f":"[1]Pos!C1369","v":"LARO"},{"$f":"[1]Pos!D1369","v":402.4},{"$f":"[1]Pos!E1369","v":5.65}]
[{"$f":"[1]Pos!A1370","v":"4083P01"},{"$f":"[1]Pos!B1370","v":"PO-0016859"},{"$f":"[1]Pos!C1370","v":"OLYM"},{"$f":"[1]Pos!D1370","v":83.37},{"$f":"[1]Pos!E1370","v":3.5}]
[{"$f":"[1]Pos!A1371","v":"4083P02"},{"$f":"[1]Pos!B1371","v":"PO-0016862"},{"$f":"[1]Pos!C1371","v":"CENT"},{"$f":"[1]Pos!D1371","v":175},{"$f":"[1]Pos!E1371","v":6}]
[{"$f":"[1]Pos!A1372","v":"4083P03"},{"$f":"[1]Pos!B1372","v":"PO-0016869"},{"$f":"[1]Pos!C1372","v":"PEGA"},{"$f":"[1]Pos!D1372","v":1500},{"$f":"[1]Pos!E1372","v":5.3}]
[{"$f":"[1]Pos!A1373","v":"4083P04"},{"$f":"[1]Pos!B1373","v":"PO-0016871"},{"$f":"[1]Pos!C1373","v":"EXCE"},{"$f":"[1]Pos!D1373","v":370.55},{"$f":"[1]Pos!E1373","v":3.3}]
[{"$f":"[1]Pos!A1374","v":"4083P05"},{"$f":"[1]Pos!B1374","v":"PO-0016878"},{"$f":"[1]Pos!C1374","v":"EXCE"},{"$f":"[1]Pos!D1374","v":693.5},{"$f":"[1]Pos!E1374","v":3.3}]
[{"$f":"[1]Pos!A1375","v":"4083P06"},{"$f":"[1]Pos!B1375","v":"PO-0016887"},{"$f":"[1]Pos!C1375","v":"CENT"},{"$f":"[1]Pos!D1375","v":225.82},{"$f":"[1]Pos!E1375","v":3.6}]
[{"$f":"[1]Pos!A1376","v":"4084B01"},{"$f":"[1]Pos!B1376","v":"PO-0016900"},{"$f":"[1]Pos!C1376","v":"RYDI"},{"$f":"[1]Pos!D1376","v":2455},{"$f":"[1]Pos!E1376","v":5.84}]
[{"$f":"[1]Pos!A1377","v":"4084B02"},{"$f":"[1]Pos!B1377","v":"PO-0016894"},{"$f":"[1]Pos!C1377","v":"GIRO"},{"$f":"[1]Pos!D1377","v":3923.21},{"$f":"[1]Pos!E1377","v":5.99}]
[{"$f":"[1]Pos!A1378","v":"4084B03"},{"$f":"[1]Pos!B1378","v":"PO-0016987"},{"$f":"[1]Pos!C1378","v":"DECA"},{"$f":"[1]Pos!D1378","v":461.87},{"$f":"[1]Pos!E1378","v":6.69}]
[{"$f":"[1]Pos!A1379","v":"4084D01"},{"$f":"[1]Pos!B1379","v":"PO-0016901"},{"$f":"[1]Pos!C1379","v":"OLYM"},{"$f":"[1]Pos!D1379","v":2000},{"$f":"[1]Pos!E1379","v":5.58}]
[{"$f":"[1]Pos!A1380","v":"4084D02"},{"$f":"[1]Pos!B1380","v":"PO-0016905"},{"$f":"[1]Pos!C1380","v":"PETI"},{"$f":"[1]Pos!D1380","v":705},{"$f":"[1]Pos!E1380","v":6.04}]
[{"$f":"[1]Pos!A1381","v":"4084P01"},{"$f":"[1]Pos!B1381","v":"PO-0016877"},{"$f":"[1]Pos!C1381","v":"CENT"},{"$f":"[1]Pos!D1381","v":115},{"$f":"[1]Pos!E1381","v":6}]
[{"$f":"[1]Pos!A1382","v":"4084P02"},{"$f":"[1]Pos!B1382","v":"PO-0016878"},{"$f":"[1]Pos!C1382","v":"EXCE"},{"$f":"[1]Pos!D1382","v":1946.87},{"$f":"[1]Pos!E1382","v":4.2}]
[{"$f":"[1]Pos!A1383","v":"4084P03"},{"$f":"[1]Pos!B1383","v":"PO-0016870"},{"$f":"[1]Pos!C1383","v":"NADE"},{"$f":"[1]Pos!D1383","v":723},{"$f":"[1]Pos!E1383","v":4.3}]
[{"$f":"[1]Pos!A1384","v":"4084P04"},{"$f":"[1]Pos!B1384","v":"PO-0016908"},{"$f":"[1]Pos!C1384","v":"DESC"},{"$f":"[1]Pos!D1384","v":5443.2},{"$f":"[1]Pos!E1384","v":3.95}]
[{"$f":"[1]Pos!A1385","v":"4084P05"},{"$f":"[1]Pos!B1385","v":"PO-0016903"},{"$f":"[1]Pos!C1385","v":"PEK"},{"$f":"[1]Pos!D1385","v":907},{"$f":"[1]Pos!E1385","v":3.75}]
[{"$f":"[1]Pos!A1386","v":"4085B01"},{"$f":"[1]Pos!B1386","v":"PO-0016904"},{"$f":"[1]Pos!C1386","v":"DECA"},{"$f":"[1]Pos!D1386","v":40.32},{"$f":"[1]Pos!E1386","v":3.1}]
[{"$f":"[1]Pos!A1387","v":"4085D01"},{"$f":"[1]Pos!B1387","v":"PO-0016901"},{"$f":"[1]Pos!C1387","v":"OLYM"},{"$f":"[1]Pos!D1387","v":2000},{"$f":"[1]Pos!E1387","v":5.82}]
[{"$f":"[1]Pos!A1388","v":"4085D02"},{"$f":"[1]Pos!B1388","v":"PO-0016927"},{"$f":"[1]Pos!C1388","v":"OLYM"},{"$f":"[1]Pos!D1388","v":500},{"$f":"[1]Pos!E1388","v":5.74}]
[{"$f":"[1]Pos!A1389","v":"4085D03"},{"$f":"[1]Pos!B1389","v":"PO-0016927"},{"$f":"[1]Pos!C1389","v":"OLYM"},{"$f":"[1]Pos!D1389","v":500},{"$f":"[1]Pos!E1389","v":5.92}]
[{"$f":"[1]Pos!A1390","v":"4085P01"},{"$f":"[1]Pos!B1390","v":"PO-0016886"},{"$f":"[1]Pos!C1390","v":"CENT"},{"$f":"[1]Pos!D1390","v":175},{"$f":"[1]Pos!E1390","v":6}]
[{"$f":"[1]Pos!A1391","v":"4085P02"},{"$f":"[1]Pos!B1391","v":"PO-0016890"},{"$f":"[1]Pos!C1391","v":"OLYM"},{"$f":"[1]Pos!D1391","v":277.76},{"$f":"[1]Pos!E1391","v":3.85}]
[{"$f":"[1]Pos!A1392","v":"4085P03"},{"$f":"[1]Pos!B1392","v":"PO-0016890"},{"$f":"[1]Pos!C1392","v":"OLYM"},{"$f":"[1]Pos!D1392","v":61.54},{"$f":"[1]Pos!E1392","v":3.4}]
[{"$f":"[1]Pos!A1393","v":"4085P04"},{"$f":"[1]Pos!B1393","v":"PO-0016914"},{"$f":"[1]Pos!C1393","v":"CENT"},{"$f":"[1]Pos!D1393","v":3628.8},{"$f":"[1]Pos!E1393","v":4.25}]
[{"$f":"[1]Pos!A1394","v":"4085P05"},{"$f":"[1]Pos!B1394","v":"PO-0016914"},{"$f":"[1]Pos!C1394","v":"CENT"},{"$f":"[1]Pos!D1394","v":3265.92},{"$f":"[1]Pos!E1394","v":6.25}]
[{"$f":"[1]Pos!A1395","v":"4085P06"},{"$f":"[1]Pos!B1395","v":"PO-0016919"},{"$f":"[1]Pos!C1395","v":"CENT"},{"$f":"[1]Pos!D1395","v":1977.7},{"$f":"[1]Pos!E1395","v":6.25}]
[{"$f":"[1]Pos!A1396","v":"4086B01"},{"$f":"[1]Pos!B1396","v":"PO-0016890"},{"$f":"[1]Pos!C1396","v":"OLYM"},{"$f":"[1]Pos!D1396","v":125.34},{"$f":"[1]Pos!E1396","v":3.82}]
[{"$f":"[1]Pos!A1397","v":"4086B02"},{"$f":"[1]Pos!B1397","v":"PO-0016907"},{"$f":"[1]Pos!C1397","v":"BOUC"},{"$f":"[1]Pos!D1397","v":160.97999999999999},{"$f":"[1]Pos!E1397","v":3.45}]
[{"$f":"[1]Pos!A1398","v":"4086B03"},{"$f":"[1]Pos!B1398","v":"PO-0016892"},{"$f":"[1]Pos!C1398","v":"LARO"},{"$f":"[1]Pos!D1398","v":1142.5},{"$f":"[1]Pos!E1398","v":5.05}]
[{"$f":"[1]Pos!A1399","v":"4086B04"},{"$f":"[1]Pos!B1399","v":"PO-0016956"},{"$f":"[1]Pos!C1399","v":"GIRO"},{"$f":"[1]Pos!D1399","v":3011.72},{"$f":"[1]Pos!E1399","v":5.99}]
[{"$f":"[1]Pos!A1400","v":"4086P01"},{"$f":"[1]Pos!B1400","v":"PO-0016897"},{"$f":"[1]Pos!C1400","v":"PEGA"},{"$f":"[1]Pos!D1400","v":1000},{"$f":"[1]Pos!E1400","v":5.3}]
[{"$f":"[1]Pos!A1401","v":"4086P02"},{"$f":"[1]Pos!B1401","v":"PO-0016906"},{"$f":"[1]Pos!C1401","v":"CENT"},{"$f":"[1]Pos!D1401","v":265},{"$f":"[1]Pos!E1401","v":6}]
[{"$f":"[1]Pos!A1402","v":"4086P03"},{"$f":"[1]Pos!B1402","v":"PO-0016910"},{"$f":"[1]Pos!C1402","v":"EXCE"},{"$f":"[1]Pos!D1402","v":82.95},{"$f":"[1]Pos!E1402","v":3.93}]
[{"$f":"[1]Pos!A1403","v":"4086P04"},{"$f":"[1]Pos!B1403","v":"PO-0016910"},{"$f":"[1]Pos!C1403","v":"EXCE"},{"$f":"[1]Pos!D1403","v":184.02},{"$f":"[1]Pos!E1403","v":2.5}]
[{"$f":"[1]Pos!A1404","v":"4086P05"},{"$f":"[1]Pos!B1404","v":"PO-0016910"},{"$f":"[1]Pos!C1404","v":"EXCE"},{"$f":"[1]Pos!D1404","v":272.8},{"$f":"[1]Pos!E1404","v":3.6}]
[{"$f":"[1]Pos!A1405","v":"4086P06"},{"$f":"[1]Pos!B1405","v":"PO-0016910"},{"$f":"[1]Pos!C1405","v":"EXCE"},{"$f":"[1]Pos!D1405","v":1921.18},{"$f":"[1]Pos!E1405","v":4.2}]
[{"$f":"[1]Pos!A1406","v":"4086P07"},{"$f":"[1]Pos!B1406","v":"PO-0016925"},{"$f":"[1]Pos!C1406","v":"CENT"},{"$f":"[1]Pos!D1406","v":2721.6},{"$f":"[1]Pos!E1406","v":4.25}]
[{"$f":"[1]Pos!A1407","v":"4086P08"},{"$f":"[1]Pos!B1407","v":"PO-0016922"},{"$f":"[1]Pos!C1407","v":"DESC"},{"$f":"[1]Pos!D1407","v":1814.4},{"$f":"[1]Pos!E1407","v":5.8}]
[{"$f":"[1]Pos!A1408","v":"4092B01"},{"$f":"[1]Pos!B1408","v":"PO-0016932"},{"$f":"[1]Pos!C1408","v":"RYDI"},{"$f":"[1]Pos!D1408","v":3422},{"$f":"[1]Pos!E1408","v":6.1}]
[{"$f":"[1]Pos!A1409","v":"4092B02"},{"$f":"[1]Pos!B1409","v":"PO-0016932"},{"$f":"[1]Pos!C1409","v":"RYDI"},{"$f":"[1]Pos!D1409","v":800},{"$f":"[1]Pos!E1409","v":3.28}]
[{"$f":"[1]Pos!A1410","v":"4092B03"},{"$f":"[1]Pos!B1410","v":"PO-0016933"},{"$f":"[1]Pos!C1410","v":"DECA"},{"$f":"[1]Pos!D1410","v":457.96},{"$f":"[1]Pos!E1410","v":3.1}]
[{"$f":"[1]Pos!A1411","v":"4092B04"},{"$f":"[1]Pos!B1411","v":"PO-0016951"},{"$f":"[1]Pos!C1411","v":"DELF"},{"$f":"[1]Pos!D1411","v":873.88},{"$f":"[1]Pos!E1411","v":5.99}]
[{"$f":"[1]Pos!A1412","v":"4092B05"},{"$f":"[1]Pos!B1412","v":"PO-0016975"},{"$f":"[1]Pos!C1412","v":"DECA"},{"$f":"[1]Pos!D1412","v":28.93},{"$f":"[1]Pos!E1412","v":17.72}]
[{"$f":"[1]Pos!A1413","v":"4092B06"},{"$f":"[1]Pos!B1413","v":"PO-0017090"},{"$f":"[1]Pos!C1413","v":"C&C"},{"$f":"[1]Pos!D1413","v":185.89},{"$f":"[1]Pos!E1413","v":7.79}]
[{"$f":"[1]Pos!A1414","v":"4092P01"},{"$f":"[1]Pos!B1414","v":"PO-0016915"},{"$f":"[1]Pos!C1414","v":"CENT"},{"$f":"[1]Pos!D1414","v":165},{"$f":"[1]Pos!E1414","v":6}]
[{"$f":"[1]Pos!A1415","v":"4092P02"},{"$f":"[1]Pos!B1415","v":"PO-0016923"},{"$f":"[1]Pos!C1415","v":"OLYM"},{"$f":"[1]Pos!D1415","v":267.82},{"$f":"[1]Pos!E1415","v":3.85}]
[{"$f":"[1]Pos!A1416","v":"4092P03"},{"$f":"[1]Pos!B1416","v":"PO-0016923"},{"$f":"[1]Pos!C1416","v":"OLYM"},{"$f":"[1]Pos!D1416","v":146.93},{"$f":"[1]Pos!E1416","v":3.4}]
[{"$f":"[1]Pos!A1417","v":"4092P04"},{"$f":"[1]Pos!B1417","v":"PO-0016944"},{"$f":"[1]Pos!C1417","v":"CENT"},{"$f":"[1]Pos!D1417","v":3628.8},{"$f":"[1]Pos!E1417","v":4.25}]
[{"$f":"[1]Pos!A1418","v":"4092P05"},{"$f":"[1]Pos!B1418","v":"PO-0016954"},{"$f":"[1]Pos!C1418","v":"CENT"},{"$f":"[1]Pos!D1418","v":2866.75},{"$f":"[1]Pos!E1418","v":4.25}]
[{"$f":"[1]Pos!A1419","v":"4092P06"},{"$f":"[1]Pos!B1419","v":"PO-0016954"},{"$f":"[1]Pos!C1419","v":"CENT"},{"$f":"[1]Pos!D1419","v":1632.96},{"$f":"[1]Pos!E1419","v":6.25}]
[{"$f":"[1]Pos!A1420","v":"4092P07"},{"$f":"[1]Pos!B1420","v":"PO-0016953"},{"$f":"[1]Pos!C1420","v":"DESC"},{"$f":"[1]Pos!D1420","v":1995.84},{"$f":"[1]Pos!E1420","v":5.85}]
[{"$f":"[1]Pos!A1421","v":"4093B01"},{"$f":"[1]Pos!B1421","v":"PO-0017089"},{"$f":"[1]Pos!C1421","v":"C&C"},{"$f":"[1]Pos!D1421","v":364.280033},{"$f":"[1]Pos!E1421","v":15.5}]
[{"$f":"[1]Pos!A1422","v":"4093D01"},{"$f":"[1]Pos!B1422","v":"PO-0017050"},{"$f":"[1]Pos!C1422","v":"OLYM"},{"$f":"[1]Pos!D1422","v":20},{"$f":"[1]Pos!E1422","v":165.21}]
[{"$f":"[1]Pos!A1423","v":"4093P01"},{"$f":"[1]Pos!B1423","v":"PO-0016926"},{"$f":"[1]Pos!C1423","v":"CENT"},{"$f":"[1]Pos!D1423","v":115},{"$f":"[1]Pos!E1423","v":6}]
[{"$f":"[1]Pos!A1424","v":"4093P02"},{"$f":"[1]Pos!B1424","v":"PO-0016931"},{"$f":"[1]Pos!C1424","v":"EXCE"},{"$f":"[1]Pos!D1424","v":1927.92},{"$f":"[1]Pos!E1424","v":4.3}]
[{"$f":"[1]Pos!A1425","v":"4093P03"},{"$f":"[1]Pos!B1425","v":"PO-0016931"},{"$f":"[1]Pos!C1425","v":"EXCE"},{"$f":"[1]Pos!D1425","v":275.27},{"$f":"[1]Pos!E1425","v":2.5}]
[{"$f":"[1]Pos!A1426","v":"4093P04"},{"$f":"[1]Pos!B1426","v":"PO-0016931"},{"$f":"[1]Pos!C1426","v":"EXCE"},{"$f":"[1]Pos!D1426","v":78.59},{"$f":"[1]Pos!E1426","v":3.93}]
[{"$f":"[1]Pos!A1427","v":"4093P05"},{"$f":"[1]Pos!B1427","v":"PO-0016934"},{"$f":"[1]Pos!C1427","v":"CENT"},{"$f":"[1]Pos!D1427","v":165},{"$f":"[1]Pos!E1427","v":6}]
[{"$f":"[1]Pos!A1428","v":"4093P06"},{"$f":"[1]Pos!B1428","v":"PO-0016943"},{"$f":"[1]Pos!C1428","v":"EXCE"},{"$f":"[1]Pos!D1428","v":3146.15},{"$f":"[1]Pos!E1428","v":4.2}]
[{"$f":"[1]Pos!A1429","v":"4094B01"},{"$f":"[1]Pos!B1429","v":"PO-0016935"},{"$f":"[1]Pos!C1429","v":"BOUC"},{"$f":"[1]Pos!D1429","v":159.34},{"$f":"[1]Pos!E1429","v":3.66}]
[{"$f":"[1]Pos!A1430","v":"4094B02"},{"$f":"[1]Pos!B1430","v":"PO-0016955"},{"$f":"[1]Pos!C1430","v":"RYDI"},{"$f":"[1]Pos!D1430","v":1700},{"$f":"[1]Pos!E1430","v":5.38}]
[{"$f":"[1]Pos!A1431","v":"4094B03"},{"$f":"[1]Pos!B1431","v":"PO-0016955"},{"$f":"[1]Pos!C1431","v":"RYDI"},{"$f":"[1]Pos!D1431","v":827},{"$f":"[1]Pos!E1431","v":3.28}]
[{"$f":"[1]Pos!A1432","v":"4094B04"},{"$f":"[1]Pos!B1432","v":"PO-0017089"},{"$f":"[1]Pos!C1432","v":"C&C"},{"$f":"[1]Pos!D1432","v":640.41999999999996},{"$f":"[1]Pos!E1432","v":12.19}]
[{"$f":"[1]Pos!A1433","v":"4094B05"},{"$f":"[1]Pos!B1433","v":"PO-0017316"},{"$f":"[1]Pos!C1433","v":"DECA"},{"$f":"[1]Pos!D1433","v":5444},{"$f":"[1]Pos!E1433","v":2.1}]
[{"$f":"[1]Pos!A1434","v":"4094D01"},{"$f":"[1]Pos!B1434","v":"PO-0016957"},{"$f":"[1]Pos!C1434","v":"OLYM"},{"$f":"[1]Pos!D1434","v":500},{"$f":"[1]Pos!E1434","v":5.92}]
[{"$f":"[1]Pos!A1435","v":"4094D02"},{"$f":"[1]Pos!B1435","v":"PO-0016957"},{"$f":"[1]Pos!C1435","v":"OLYM"},{"$f":"[1]Pos!D1435","v":1500},{"$f":"[1]Pos!E1435","v":5.74}]
[{"$f":"[1]Pos!A1436","v":"4094D03"},{"$f":"[1]Pos!B1436","v":"PO-0016957"},{"$f":"[1]Pos!C1436","v":"OLYM"},{"$f":"[1]Pos!D1436","v":1500},{"$f":"[1]Pos!E1436","v":5.98}]
[{"$f":"[1]Pos!A1437","v":"4094P01"},{"$f":"[1]Pos!B1437","v":"PO-0016945"},{"$f":"[1]Pos!C1437","v":"CENT"},{"$f":"[1]Pos!D1437","v":250},{"$f":"[1]Pos!E1437","v":6}]
[{"$f":"[1]Pos!A1438","v":"4094P02"},{"$f":"[1]Pos!B1438","v":"PO-0016946"},{"$f":"[1]Pos!C1438","v":"PROM"},{"$f":"[1]Pos!D1438","v":1796.82},{"$f":"[1]Pos!E1438","v":3.9}]
[{"$f":"[1]Pos!A1439","v":"4094P03"},{"$f":"[1]Pos!B1439","v":"PO-0016973"},{"$f":"[1]Pos!C1439","v":99},{"$f":"[1]Pos!D1439","v":78.290000000000006},{"$f":"[1]Pos!E1439","v":4.45}]
[{"$f":"[1]Pos!A1440","v":"4095B01"},{"$f":"[1]Pos!B1440","v":"PO-0016976"},{"$f":"[1]Pos!C1440","v":99},{"$f":"[1]Pos!D1440","v":204},{"$f":"[1]Pos!E1440","v":6.83}]
[{"$f":"[1]Pos!A1441","v":"4095B02"},{"$f":"[1]Pos!B1441","v":"PO-0016947"},{"$f":"[1]Pos!C1441","v":"JBS"},{"$f":"[1]Pos!D1441","v":758.28},{"$f":"[1]Pos!E1441","v":12.04}]
[{"$f":"[1]Pos!A1442","v":"4095B03"},{"$f":"[1]Pos!B1442","v":"PO-0016947"},{"$f":"[1]Pos!C1442","v":"JBS"},{"$f":"[1]Pos!D1442","v":624.08000000000004},{"$f":"[1]Pos!E1442","v":11.71}]
[{"$f":"[1]Pos!A1443","v":"4095B04"},{"$f":"[1]Pos!B1443","v":"PO-0016986"},{"$f":"[1]Pos!C1443","v":"C&C"},{"$f":"[1]Pos!D1443","v":6799.35},{"$f":"[1]Pos!E1443","v":12.35}]
[{"$f":"[1]Pos!A1444","v":"4095B05"},{"$f":"[1]Pos!B1444","v":"PO-0017236"},{"$f":"[1]Pos!C1444","v":"ALIMPLUS"},{"$f":"[1]Pos!D1444","v":571.63},{"$f":"[1]Pos!E1444","v":18.95}]
[{"$f":"[1]Pos!A1445","v":"4095B06"},{"$f":"[1]Pos!B1445","v":"PO-0018231"},{"$f":"[1]Pos!C1445","v":"GEOR"},{"$f":"[1]Pos!D1445","v":747.66},{"$f":"[1]Pos!E1445","v":9.25}]
[{"$f":"[1]Pos!A1446","v":"4095D01"},{"$f":"[1]Pos!B1446","v":"PO-0016957"},{"$f":"[1]Pos!C1446","v":"OLYM"},{"$f":"[1]Pos!D1446","v":500},{"$f":"[1]Pos!E1446","v":5.74}]
[{"$f":"[1]Pos!A1447","v":"4095D02"},{"$f":"[1]Pos!B1447","v":"PO-0016970"},{"$f":"[1]Pos!C1447","v":"PETI"},{"$f":"[1]Pos!D1447","v":750},{"$f":"[1]Pos!E1447","v":6.45}]
[{"$f":"[1]Pos!A1448","v":"4095P01"},{"$f":"[1]Pos!B1448","v":"PO-0016957"},{"$f":"[1]Pos!C1448","v":"OLYM"},{"$f":"[1]Pos!D1448","v":272.42},{"$f":"[1]Pos!E1448","v":3.75}]
[{"$f":"[1]Pos!A1449","v":"4095P02"},{"$f":"[1]Pos!B1449","v":"PO-0016962"},{"$f":"[1]Pos!C1449","v":"CENT"},{"$f":"[1]Pos!D1449","v":1632.96},{"$f":"[1]Pos!E1449","v":6.25}]
[{"$f":"[1]Pos!A1450","v":"4095P03"},{"$f":"[1]Pos!B1450","v":"PO-0016966"},{"$f":"[1]Pos!C1450","v":"ACCU"},{"$f":"[1]Pos!D1450","v":1890},{"$f":"[1]Pos!E1450","v":4}]
[{"$f":"[1]Pos!A1451","v":"4095P04"},{"$f":"[1]Pos!B1451","v":"PO-0016971"},{"$f":"[1]Pos!C1451","v":"CENT"},{"$f":"[1]Pos!D1451","v":2721.6},{"$f":"[1]Pos!E1451","v":4.25}]
[{"$f":"[1]Pos!A1452","v":"4095P05"},{"$f":"[1]Pos!B1452","v":"PO-0016971"},{"$f":"[1]Pos!C1452","v":"CENT"},{"$f":"[1]Pos!D1452","v":1632.96},{"$f":"[1]Pos!E1452","v":6.25}]
[{"$f":"[1]Pos!A1453","v":"4095P06"},{"$f":"[1]Pos!B1453","v":"PO-0016984"},{"$f":"[1]Pos!C1453","v":"OLYM"},{"$f":"[1]Pos!D1453","v":487.1},{"$f":"[1]Pos!E1453","v":3.75}]
[{"$f":"[1]Pos!A1454","v":"4096B01"},{"$f":"[1]Pos!B1454","v":"PO-0016957"},{"$f":"[1]Pos!C1454","v":"OLYM"},{"$f":"[1]Pos!D1454","v":129},{"$f":"[1]Pos!E1454","v":3.95}]
[{"$f":"[1]Pos!A1455","v":"4096B02"},{"$f":"[1]Pos!B1455","v":"PO-0016963"},{"$f":"[1]Pos!C1455","v":"LARO"},{"$f":"[1]Pos!D1455","v":713},{"$f":"[1]Pos!E1455","v":5.05}]
[{"$f":"[1]Pos!A1456","v":"4096B03"},{"$f":"[1]Pos!B1456","v":"PO-0016986"},{"$f":"[1]Pos!C1456","v":"C&C"},{"$f":"[1]Pos!D1456","v":3075.67},{"$f":"[1]Pos!E1456","v":12.35}]
[{"$f":"[1]Pos!A1457","v":"4096B04"},{"$f":"[1]Pos!B1457","v":"PO-0018037"},{"$f":"[1]Pos!C1457","v":"C&C"},{"$f":"[1]Pos!D1457","v":9527},{"$f":"[1]Pos!E1457","v":3.49}]
[{"$f":"[1]Pos!A1458","v":"4096P01"},{"$f":"[1]Pos!B1458","v":"PO-0016957"},{"$f":"[1]Pos!C1458","v":"OLYM"},{"$f":"[1]Pos!D1458","v":85.45},{"$f":"[1]Pos!E1458","v":3.4}]
[{"$f":"[1]Pos!A1459","v":"4096P02"},{"$f":"[1]Pos!B1459","v":"PO-0016958"},{"$f":"[1]Pos!C1459","v":"EXCE"},{"$f":"[1]Pos!D1459","v":363.73},{"$f":"[1]Pos!E1459","v":3.5}]
[{"$f":"[1]Pos!A1460","v":"4096P03"},{"$f":"[1]Pos!B1460","v":"PO-0016965"},{"$f":"[1]Pos!C1460","v":"CENT"},{"$f":"[1]Pos!D1460","v":225},{"$f":"[1]Pos!E1460","v":6}]
[{"$f":"[1]Pos!A1461","v":"4096P04"},{"$f":"[1]Pos!B1461","v":"PO-0016960"},{"$f":"[1]Pos!C1461","v":"DESC"},{"$f":"[1]Pos!D1461","v":10886.4},{"$f":"[1]Pos!E1461","v":6.1}]
[{"$f":"[1]Pos!A1462","v":"4096P05"},{"$f":"[1]Pos!B1462","v":"PO-0017012"},{"$f":"[1]Pos!C1462","v":"DESC"},{"$f":"[1]Pos!D1462","v":4536},{"$f":"[1]Pos!E1462","v":6}]
[{"$f":"[1]Pos!A1463","v":"4097P01"},{"$f":"[1]Pos!B1463","v":"PO-0016958"},{"$f":"[1]Pos!C1463","v":"EXCE"},{"$f":"[1]Pos!D1463","v":146.78},{"$f":"[1]Pos!E1463","v":2.5}]
[{"$f":"[1]Pos!A1464","v":"4097P02"},{"$f":"[1]Pos!B1464","v":"PO-0016958"},{"$f":"[1]Pos!C1464","v":"EXCE"},{"$f":"[1]Pos!D1464","v":80.569999999999993},{"$f":"[1]Pos!E1464","v":3.93}]
[{"$f":"[1]Pos!A1465","v":"4102B01"},{"$f":"[1]Pos!B1465","v":"PO-0016982"},{"$f":"[1]Pos!C1465","v":"RYDI"},{"$f":"[1]Pos!D1465","v":3320.5},{"$f":"[1]Pos!E1465","v":6.42}]
[{"$f":"[1]Pos!A1466","v":"4102B02"},{"$f":"[1]Pos!B1466","v":"PO-0016982"},{"$f":"[1]Pos!C1466","v":"RYDI"},{"$f":"[1]Pos!D1466","v":801},{"$f":"[1]Pos!E1466","v":3.59}]
[{"$f":"[1]Pos!A1467","v":"4102B03"},{"$f":"[1]Pos!B1467","v":"PO-0017338"},{"$f":"[1]Pos!C1467","v":"EAST"},{"$f":"[1]Pos!D1467","v":4014.8258609999998},{"$f":"[1]Pos!E1467","v":7.08}]
[{"$f":"[1]Pos!A1468","v":"4102B04"},{"$f":"[1]Pos!B1468","v":"PO-0018349"},{"$f":"[1]Pos!C1468","v":"GEOR"},{"$f":"[1]Pos!D1468","v":985.4},{"$f":"[1]Pos!E1468","v":9}]
[{"$f":"[1]Pos!A1469","v":"4102B05"},{"$f":"[1]Pos!B1469","v":"PO-0019106"},{"$f":"[1]Pos!C1469","v":"C&C"},{"$f":"[1]Pos!D1469","v":2028.3},{"$f":"[1]Pos!E1469","v":14.09}]
[{"$f":"[1]Pos!A1470","v":"4102B06"},{"$f":"[1]Pos!B1470","v":"PO-0019106"},{"$f":"[1]Pos!C1470","v":"C&C"},{"$f":"[1]Pos!D1470","v":368.48},{"$f":"[1]Pos!E1470","v":14.09}]
[{"$f":"[1]Pos!A1471","v":"4102D01"},{"$f":"[1]Pos!B1471","v":"PO-0017002"},{"$f":"[1]Pos!C1471","v":"OLYM"},{"$f":"[1]Pos!D1471","v":1000},{"$f":"[1]Pos!E1471","v":7.01}]
[{"$f":"[1]Pos!A1472","v":"4102P01"},{"$f":"[1]Pos!B1472","v":"PO-0016964"},{"$f":"[1]Pos!C1472","v":"PEGA"},{"$f":"[1]Pos!D1472","v":1500},{"$f":"[1]Pos!E1472","v":5.3}]
[{"$f":"[1]Pos!A1473","v":"4102P02"},{"$f":"[1]Pos!B1473","v":"PO-0016967"},{"$f":"[1]Pos!C1473","v":"OLYM"},{"$f":"[1]Pos!D1473","v":54.82},{"$f":"[1]Pos!E1473","v":3.75}]
[{"$f":"[1]Pos!A1474","v":"4102P03"},{"$f":"[1]Pos!B1474","v":"PO-0016971"},{"$f":"[1]Pos!C1474","v":"CENT"},{"$f":"[1]Pos!D1474","v":150},{"$f":"[1]Pos!E1474","v":6}]
[{"$f":"[1]Pos!A1475","v":"4102P04"},{"$f":"[1]Pos!B1475","v":"PO-0016973"},{"$f":"[1]Pos!C1475","v":99},{"$f":"[1]Pos!D1475","v":199.64},{"$f":"[1]Pos!E1475","v":2.8}]
[{"$f":"[1]Pos!A1476","v":"4102P05"},{"$f":"[1]Pos!B1476","v":"PO-0016994"},{"$f":"[1]Pos!C1476","v":"CENT"},{"$f":"[1]Pos!D1476","v":4536},{"$f":"[1]Pos!E1476","v":4.25}]
[{"$f":"[1]Pos!A1477","v":"4102P06"},{"$f":"[1]Pos!B1477","v":"PO-0016996"},{"$f":"[1]Pos!C1477","v":"DESC"},{"$f":"[1]Pos!D1477","v":907.2},{"$f":"[1]Pos!E1477","v":6.2}]
[{"$f":"[1]Pos!A1478","v":"4102P07"},{"$f":"[1]Pos!B1478","v":"PO-0016998"},{"$f":"[1]Pos!C1478","v":"ACCU"},{"$f":"[1]Pos!D1478","v":720},{"$f":"[1]Pos!E1478","v":4.2}]
[{"$f":"[1]Pos!A1479","v":"4102P08"},{"$f":"[1]Pos!B1479","v":"PO-0016998"},{"$f":"[1]Pos!C1479","v":"ACCU"},{"$f":"[1]Pos!D1479","v":377.7},{"$f":"[1]Pos!E1479","v":2.5}]
[{"$f":"[1]Pos!A1480","v":"4102P09"},{"$f":"[1]Pos!B1480","v":"PO-0017007"},{"$f":"[1]Pos!C1480","v":"CENT"},{"$f":"[1]Pos!D1480","v":2721.6},{"$f":"[1]Pos!E1480","v":4.25}]
[{"$f":"[1]Pos!A1481","v":"4102P10"},{"$f":"[1]Pos!B1481","v":"PO-0017004"},{"$f":"[1]Pos!C1481","v":"DESC"},{"$f":"[1]Pos!D1481","v":907.2},{"$f":"[1]Pos!E1481","v":6.2}]
[{"$f":"[1]Pos!A1482","v":"4103B01"},{"$f":"[1]Pos!B1482","v":"PO-0016978"},{"$f":"[1]Pos!C1482","v":"BOUC"},{"$f":"[1]Pos!D1482","v":149.30000000000001},{"$f":"[1]Pos!E1482","v":3.84}]
[{"$f":"[1]Pos!A1483","v":"4103B02"},{"$f":"[1]Pos!B1483","v":"PO-0016999"},{"$f":"[1]Pos!C1483","v":"RYDI"},{"$f":"[1]Pos!D1483","v":3358.5},{"$f":"[1]Pos!E1483","v":6.41}]
[{"$f":"[1]Pos!A1484","v":"4103B03"},{"$f":"[1]Pos!B1484","v":"PO-0016999"},{"$f":"[1]Pos!C1484","v":"RYDI"},{"$f":"[1]Pos!D1484","v":827},{"$f":"[1]Pos!E1484","v":3.59}]
[{"$f":"[1]Pos!A1485","v":"4103B04"},{"$f":"[1]Pos!B1485","v":"PO-0019165"},{"$f":"[1]Pos!C1485","v":"C&C"},{"$f":"[1]Pos!D1485","v":589.1},{"$f":"[1]Pos!E1485","v":14.09}]
[{"$f":"[1]Pos!A1486","v":"4103P01"},{"$f":"[1]Pos!B1486","v":"PO-0016972"},{"$f":"[1]Pos!C1486","v":"EXCE"},{"$f":"[1]Pos!D1486","v":3214.92},{"$f":"[1]Pos!E1486","v":4}]
[{"$f":"[1]Pos!A1487","v":"4104B01"},{"$f":"[1]Pos!B1487","v":"PO-0017023"},{"$f":"[1]Pos!C1487","v":"GIRO"},{"$f":"[1]Pos!D1487","v":2623.69},{"$f":"[1]Pos!E1487","v":5.99}]
[{"$f":"[1]Pos!A1488","v":"4104B02"},{"$f":"[1]Pos!B1488","v":"PO-0017123"},{"$f":"[1]Pos!C1488","v":"WHIT"},{"$f":"[1]Pos!D1488","v":103.56},{"$f":"[1]Pos!E1488","v":9.75}]
[{"$f":"[1]Pos!A1489","v":"4104B03"},{"$f":"[1]Pos!B1489","v":"PO-0017160"},{"$f":"[1]Pos!C1489","v":"C&C"},{"$f":"[1]Pos!D1489","v":728.76},{"$f":"[1]Pos!E1489","v":11.99}]
[{"$f":"[1]Pos!A1490","v":"4104B04"},{"$f":"[1]Pos!B1490","v":"PO-0017216"},{"$f":"[1]Pos!C1490","v":"C&C"},{"$f":"[1]Pos!D1490","v":1389.82},{"$f":"[1]Pos!E1490","v":12.29}]
[{"$f":"[1]Pos!A1491","v":"4104B05"},{"$f":"[1]Pos!B1491","v":"PO-0019094"},{"$f":"[1]Pos!C1491","v":"GEOR"},{"$f":"[1]Pos!D1491","v":92.46},{"$f":"[1]Pos!E1491","v":10.29}]
[{"$f":"[1]Pos!A1492","v":"4104B06"},{"$f":"[1]Pos!B1492","v":"PO-0019218"},{"$f":"[1]Pos!C1492","v":"C&C"},{"$f":"[1]Pos!D1492","v":1933.31},{"$f":"[1]Pos!E1492","v":15.99}]
[{"$f":"[1]Pos!A1493","v":"4104B07"},{"$f":"[1]Pos!B1493","v":"PO-0021034"},{"$f":"[1]Pos!C1493","v":"C&C"},{"$f":"[1]Pos!D1493","v":2418.89},{"$f":"[1]Pos!E1493","v":15.99}]
[{"$f":"[1]Pos!A1494","v":"4104P01"},{"$f":"[1]Pos!B1494","v":"PO-0016984"},{"$f":"[1]Pos!C1494","v":"OLYM"},{"$f":"[1]Pos!D1494","v":290.92},{"$f":"[1]Pos!E1494","v":3.4}]
[{"$f":"[1]Pos!A1495","v":"4104P02"},{"$f":"[1]Pos!B1495","v":"PO-0016994"},{"$f":"[1]Pos!C1495","v":"CENT"},{"$f":"[1]Pos!D1495","v":75},{"$f":"[1]Pos!E1495","v":6}]
[{"$f":"[1]Pos!A1496","v":"4104P03"},{"$f":"[1]Pos!B1496","v":"PO-0016985"},{"$f":"[1]Pos!C1496","v":"EXCE"},{"$f":"[1]Pos!D1496","v":5485.75},{"$f":"[1]Pos!E1496","v":3.9}]
[{"$f":"[1]Pos!A1497","v":"4104P04"},{"$f":"[1]Pos!B1497","v":"PO-0016985"},{"$f":"[1]Pos!C1497","v":"EXCE"},{"$f":"[1]Pos!D1497","v":183.67},{"$f":"[1]Pos!E1497","v":2.5}]
[{"$f":"[1]Pos!A1498","v":"4104P05"},{"$f":"[1]Pos!B1498","v":"PO-0016985"},{"$f":"[1]Pos!C1498","v":"EXCE"},{"$f":"[1]Pos!D1498","v":52.8},{"$f":"[1]Pos!E1498","v":3.93}]
[{"$f":"[1]Pos!A1499","v":"4104P06"},{"$f":"[1]Pos!B1499","v":"PO-0016994"},{"$f":"[1]Pos!C1499","v":"CENT"},{"$f":"[1]Pos!D1499","v":3059.61},{"$f":"[1]Pos!E1499","v":4.25}]
[{"$f":"[1]Pos!A1500","v":"4104P07"},{"$f":"[1]Pos!B1500","v":"PO-0017021"},{"$f":"[1]Pos!C1500","v":"DESC"},{"$f":"[1]Pos!D1500","v":1814},{"$f":"[1]Pos!E1500","v":6.3}]
[{"$f":"[1]Pos!A1501","v":"4104P08"},{"$f":"[1]Pos!B1501","v":"PO-0017020"},{"$f":"[1]Pos!C1501","v":"DESC"},{"$f":"[1]Pos!D1501","v":1814.4},{"$f":"[1]Pos!E1501","v":4.1500000000000004}]
[{"$f":"[1]Pos!A1502","v":"4105B01"},{"$f":"[1]Pos!B1502","v":"PO-0017059"},{"$f":"[1]Pos!C1502","v":"RYDI"},{"$f":"[1]Pos!D1502","v":1380.07},{"$f":"[1]Pos!E1502","v":6.79}]
[{"$f":"[1]Pos!A1503","v":"4105B02"},{"$f":"[1]Pos!B1503","v":"PO-0019218"},{"$f":"[1]Pos!C1503","v":"C&C"},{"$f":"[1]Pos!D1503","v":665.42},{"$f":"[1]Pos!E1503","v":15.99}]
[{"$f":"[1]Pos!A1504","v":"4105D01"},{"$f":"[1]Pos!B1504","v":"PO-0017002"},{"$f":"[1]Pos!C1504","v":"OLYM"},{"$f":"[1]Pos!D1504","v":1500},{"$f":"[1]Pos!E1504","v":6.22}]
[{"$f":"[1]Pos!A1505","v":"4105D02"},{"$f":"[1]Pos!B1505","v":"PO-0017002"},{"$f":"[1]Pos!C1505","v":"OLYM"},{"$f":"[1]Pos!D1505","v":1500},{"$f":"[1]Pos!E1505","v":5.98}]
[{"$f":"[1]Pos!A1506","v":"4105D03"},{"$f":"[1]Pos!B1506","v":"PO-0017002"},{"$f":"[1]Pos!C1506","v":"OLYM"},{"$f":"[1]Pos!D1506","v":500},{"$f":"[1]Pos!E1506","v":5.98}]
[{"$f":"[1]Pos!A1507","v":"4105P01"},{"$f":"[1]Pos!B1507","v":"PO-0016997"},{"$f":"[1]Pos!C1507","v":"EXCE"},{"$f":"[1]Pos!D1507","v":346.19},{"$f":"[1]Pos!E1507","v":3.5}]
[{"$f":"[1]Pos!A1508","v":"4105P02"},{"$f":"[1]Pos!B1508","v":"PO-0017009"},{"$f":"[1]Pos!C1508","v":"CENT"},{"$f":"[1]Pos!D1508","v":195},{"$f":"[1]Pos!E1508","v":6}]
[{"$f":"[1]Pos!A1509","v":"4105P03"},{"$f":"[1]Pos!B1509","v":"PO-0017010"},{"$f":"[1]Pos!C1509","v":"CENT"},{"$f":"[1]Pos!D1509","v":1841.55},{"$f":"[1]Pos!E1509","v":4.25}]
[{"$f":"[1]Pos!A1510","v":"4105P04"},{"$f":"[1]Pos!B1510","v":"PO-0017003"},{"$f":"[1]Pos!C1510","v":"OLYM"},{"$f":"[1]Pos!D1510","v":274.8},{"$f":"[1]Pos!E1510","v":3.75}]
[{"$f":"[1]Pos!A1511","v":"4105P05"},{"$f":"[1]Pos!B1511","v":"PO-0017003"},{"$f":"[1]Pos!C1511","v":"OLYM"},{"$f":"[1]Pos!D1511","v":58.16},{"$f":"[1]Pos!E1511","v":3.4}]
[{"$f":"[1]Pos!A1512","v":"4105P06"},{"$f":"[1]Pos!B1512","v":"PO-0017016"},{"$f":"[1]Pos!C1512","v":"CENT"},{"$f":"[1]Pos!D1512","v":3265.92},{"$f":"[1]Pos!E1512","v":6.5}]
[{"$f":"[1]Pos!A1513","v":"4105P07"},{"$f":"[1]Pos!B1513","v":"PO-0017016"},{"$f":"[1]Pos!C1513","v":"CENT"},{"$f":"[1]Pos!D1513","v":3628.8},{"$f":"[1]Pos!E1513","v":4.3}]
[{"$f":"[1]Pos!A1514","v":"4105P08"},{"$f":"[1]Pos!B1514","v":"PO-0017017"},{"$f":"[1]Pos!C1514","v":"DESC"},{"$f":"[1]Pos!D1514","v":12700.8},{"$f":"[1]Pos!E1514","v":6.2}]
[{"$f":"[1]Pos!A1515","v":"4106B01"},{"$f":"[1]Pos!B1515","v":"PO-0017001"},{"$f":"[1]Pos!C1515","v":"DELF"},{"$f":"[1]Pos!D1515","v":133.30000000000001},{"$f":"[1]Pos!E1515","v":6.75}]
[{"$f":"[1]Pos!A1516","v":"4106B02"},{"$f":"[1]Pos!B1516","v":"PO-0017003"},{"$f":"[1]Pos!C1516","v":"OLYM"},{"$f":"[1]Pos!D1516","v":204.66},{"$f":"[1]Pos!E1516","v":4.07}]
[{"$f":"[1]Pos!A1517","v":"4106B03"},{"$f":"[1]Pos!B1517","v":"PO-0017091"},{"$f":"[1]Pos!C1517","v":"DECA"},{"$f":"[1]Pos!D1517","v":105.07},{"$f":"[1]Pos!E1517","v":12.62}]
[{"$f":"[1]Pos!A1518","v":"4106B04"},{"$f":"[1]Pos!B1518","v":"PO-0017238"},{"$f":"[1]Pos!C1518","v":"CHAT"},{"$f":"[1]Pos!D1518","v":154.05000000000001},{"$f":"[1]Pos!E1518","v":6.45}]
[{"$f":"[1]Pos!A1519","v":"4106B05"},{"$f":"[1]Pos!B1519","v":"PO-0017434"},{"$f":"[1]Pos!C1519","v":"ALIMPLUS"},{"$f":"[1]Pos!D1519","v":2309.31},{"$f":"[1]Pos!E1519","v":18.95}]
[{"$f":"[1]Pos!A1520","v":"4106B06"},{"$f":"[1]Pos!B1520","v":"PO-0019218"},{"$f":"[1]Pos!C1520","v":"C&C"},{"$f":"[1]Pos!D1520","v":1499.72},{"$f":"[1]Pos!E1520","v":15.99}]
[{"$f":"[1]Pos!A1521","v":"4106P01"},{"$f":"[1]Pos!B1521","v":"PO-0016997"},{"$f":"[1]Pos!C1521","v":"EXCE"},{"$f":"[1]Pos!D1521","v":385.87},{"$f":"[1]Pos!E1521","v":4}]
[{"$f":"[1]Pos!A1522","v":"4106P02"},{"$f":"[1]Pos!B1522","v":"PO-0017015"},{"$f":"[1]Pos!C1522","v":"CENT"},{"$f":"[1]Pos!D1522","v":150},{"$f":"[1]Pos!E1522","v":6}]
[{"$f":"[1]Pos!A1523","v":"4106P03"},{"$f":"[1]Pos!B1523","v":"PO-0017019"},{"$f":"[1]Pos!C1523","v":"ACCU"},{"$f":"[1]Pos!D1523","v":1710},{"$f":"[1]Pos!E1523","v":4.2}]
[{"$f":"[1]Pos!A1524","v":"4106P04"},{"$f":"[1]Pos!B1524","v":"PO-0017018"},{"$f":"[1]Pos!C1524","v":"DESC"},{"$f":"[1]Pos!D1524","v":3624.42},{"$f":"[1]Pos!E1524","v":4.1500000000000004}]
[{"$f":"[1]Pos!A1525","v":"4106P05"},{"$f":"[1]Pos!B1525","v":"PO-0017017"},{"$f":"[1]Pos!C1525","v":"DESC"},{"$f":"[1]Pos!D1525","v":9072},{"$f":"[1]Pos!E1525","v":6.3}]
[{"$f":"[1]Pos!A1526","v":"4106P06"},{"$f":"[1]Pos!B1526","v":"PO-0017035"},{"$f":"[1]Pos!C1526","v":"CENT"},{"$f":"[1]Pos!D1526","v":1814.4},{"$f":"[1]Pos!E1526","v":4.3}]
[{"$f":"[1]Pos!A1527","v":"4106P07"},{"$f":"[1]Pos!B1527","v":"PO-0017038"},{"$f":"[1]Pos!C1527","v":"CENT"},{"$f":"[1]Pos!D1527","v":1814.4},{"$f":"[1]Pos!E1527","v":4.3}]
[{"$f":"[1]Pos!A1528","v":"4106P08"},{"$f":"[1]Pos!B1528","v":"PO-0017039"},{"$f":"[1]Pos!C1528","v":"DESC"},{"$f":"[1]Pos!D1528","v":3628.8},{"$f":"[1]Pos!E1528","v":6.3}]
[{"$f":"[1]Pos!A1529","v":"4107B01"},{"$f":"[1]Pos!B1529","v":"PO-0016561"},{"$f":"[1]Pos!C1529","v":"CHIS"},{"$f":"[1]Pos!D1529","v":18781.8},{"$f":"[1]Pos!E1529","v":1.77}]
[{"$f":"[1]Pos!A1530","v":"4112B01"},{"$f":"[1]Pos!B1530","v":"PO-0016974"},{"$f":"[1]Pos!C1530","v":"LARO"},{"$f":"[1]Pos!D1530","v":655.5},{"$f":"[1]Pos!E1530","v":5.35}]
[{"$f":"[1]Pos!A1531","v":"4112B02"},{"$f":"[1]Pos!B1531","v":"PO-0017238"},{"$f":"[1]Pos!C1531","v":"CHAT"},{"$f":"[1]Pos!D1531","v":529.81327699999997},{"$f":"[1]Pos!E1531","v":8.49}]
[{"$f":"[1]Pos!A1532","v":"4112D01"},{"$f":"[1]Pos!B1532","v":"PO-0016988"},{"$f":"[1]Pos!C1532","v":"OLYM"},{"$f":"[1]Pos!D1532","v":500},{"$f":"[1]Pos!E1532","v":6.56}]
[{"$f":"[1]Pos!A1533","v":"4112D02"},{"$f":"[1]Pos!B1533","v":"PO-0017028"},{"$f":"[1]Pos!C1533","v":"PETI"},{"$f":"[1]Pos!D1533","v":1500},{"$f":"[1]Pos!E1533","v":6.84}]
[{"$f":"[1]Pos!A1534","v":"4112D03"},{"$f":"[1]Pos!B1534","v":"PO-0017065"},{"$f":"[1]Pos!C1534","v":"OLYM"},{"$f":"[1]Pos!D1534","v":500},{"$f":"[1]Pos!E1534","v":6.38}]
[{"$f":"[1]Pos!A1535","v":"4112P01"},{"$f":"[1]Pos!B1535","v":"PO-0017016"},{"$f":"[1]Pos!C1535","v":"CENT"},{"$f":"[1]Pos!D1535","v":625},{"$f":"[1]Pos!E1535","v":6.5}]
[{"$f":"[1]Pos!A1536","v":"4112P02"},{"$f":"[1]Pos!B1536","v":"PO-0017011"},{"$f":"[1]Pos!C1536","v":"PEK"},{"$f":"[1]Pos!D1536","v":800},{"$f":"[1]Pos!E1536","v":6}]
[{"$f":"[1]Pos!A1537","v":"4112P03"},{"$f":"[1]Pos!B1537","v":"PO-0017005"},{"$f":"[1]Pos!C1537","v":"EXCE"},{"$f":"[1]Pos!D1537","v":1470.33},{"$f":"[1]Pos!E1537","v":4}]
[{"$f":"[1]Pos!A1538","v":"4112P04"},{"$f":"[1]Pos!B1538","v":"PO-0017005"},{"$f":"[1]Pos!C1538","v":"EXCE"},{"$f":"[1]Pos!D1538","v":136.07},{"$f":"[1]Pos!E1538","v":3.93}]
[{"$f":"[1]Pos!A1539","v":"4112P05"},{"$f":"[1]Pos!B1539","v":"PO-0017040"},{"$f":"[1]Pos!C1539","v":"DESC"},{"$f":"[1]Pos!D1539","v":1814.4},{"$f":"[1]Pos!E1539","v":6.3}]
[{"$f":"[1]Pos!A1540","v":"4112P06"},{"$f":"[1]Pos!B1540","v":"PO-0017033"},{"$f":"[1]Pos!C1540","v":"NADE"},{"$f":"[1]Pos!D1540","v":2818.2},{"$f":"[1]Pos!E1540","v":4.2}]
[{"$f":"[1]Pos!A1541","v":"4112P07"},{"$f":"[1]Pos!B1541","v":"PO-0017055"},{"$f":"[1]Pos!C1541","v":"CENT"},{"$f":"[1]Pos!D1541","v":907.2},{"$f":"[1]Pos!E1541","v":4.3}]
[{"$f":"[1]Pos!A1542","v":"4112P08"},{"$f":"[1]Pos!B1542","v":"PO-0017060"},{"$f":"[1]Pos!C1542","v":"CENT"},{"$f":"[1]Pos!D1542","v":2449.44},{"$f":"[1]Pos!E1542","v":6.5}]
[{"$f":"[1]Pos!A1543","v":"4112P09"},{"$f":"[1]Pos!B1543","v":"PO-0017066"},{"$f":"[1]Pos!C1543","v":"GEOR"},{"$f":"[1]Pos!D1543","v":1814.4},{"$f":"[1]Pos!E1543","v":5.9}]
[{"$f":"[1]Pos!A1544","v":"4112P10"},{"$f":"[1]Pos!B1544","v":"PO-0017072"},{"$f":"[1]Pos!C1544","v":"CENT"},{"$f":"[1]Pos!D1544","v":907.2},{"$f":"[1]Pos!E1544","v":4.3}]
[{"$f":"[1]Pos!A1545","v":"4113B01"},{"$f":"[1]Pos!B1545","v":"PO-0017684"},{"$f":"[1]Pos!C1545","v":"GEOR"},{"$f":"[1]Pos!D1545","v":2233.0500000000002},{"$f":"[1]Pos!E1545","v":9.3000000000000007}]
[{"$f":"[1]Pos!A1546","v":"4113D01"},{"$f":"[1]Pos!B1546","v":"PO-0017000"},{"$f":"[1]Pos!C1546","v":"SKOT"},{"$f":"[1]Pos!D1546","v":45},{"$f":"[1]Pos!E1546","v":52.75}]
[{"$f":"[1]Pos!A1547","v":"4113D02"},{"$f":"[1]Pos!B1547","v":"PO-0017065"},{"$f":"[1]Pos!C1547","v":"OLYM"},{"$f":"[1]Pos!D1547","v":1000},{"$f":"[1]Pos!E1547","v":7.41}]
[{"$f":"[1]Pos!A1548","v":"4113D03"},{"$f":"[1]Pos!B1548","v":"PO-0017151"},{"$f":"[1]Pos!C1548","v":"OLYM"},{"$f":"[1]Pos!D1548","v":10},{"$f":"[1]Pos!E1548","v":181.56}]
[{"$f":"[1]Pos!A1549","v":"4113P01"},{"$f":"[1]Pos!B1549","v":"PO-0017035"},{"$f":"[1]Pos!C1549","v":"CENT"},{"$f":"[1]Pos!D1549","v":165},{"$f":"[1]Pos!E1549","v":6}]
[{"$f":"[1]Pos!A1550","v":"4113P02"},{"$f":"[1]Pos!B1550","v":"PO-0017032"},{"$f":"[1]Pos!C1550","v":"ACCU"},{"$f":"[1]Pos!D1550","v":1800},{"$f":"[1]Pos!E1550","v":4.2}]
[{"$f":"[1]Pos!A1551","v":"4113P03"},{"$f":"[1]Pos!B1551","v":"PO-0017034"},{"$f":"[1]Pos!C1551","v":"EXCE"},{"$f":"[1]Pos!D1551","v":3850.12},{"$f":"[1]Pos!E1551","v":4.3}]
[{"$f":"[1]Pos!A1552","v":"4113P04"},{"$f":"[1]Pos!B1552","v":"PO-0017052"},{"$f":"[1]Pos!C1552","v":"DESC"},{"$f":"[1]Pos!D1552","v":7257.6},{"$f":"[1]Pos!E1552","v":6.3}]
[{"$f":"[1]Pos!A1553","v":"4113P05"},{"$f":"[1]Pos!B1553","v":"PO-0017080"},{"$f":"[1]Pos!C1553","v":"CENT"},{"$f":"[1]Pos!D1553","v":4281.9799999999996},{"$f":"[1]Pos!E1553","v":4.3}]
[{"$f":"[1]Pos!A1554","v":"4114B01"},{"$f":"[1]Pos!B1554","v":"PO-0017044"},{"$f":"[1]Pos!C1554","v":"BOUC"},{"$f":"[1]Pos!D1554","v":160.5},{"$f":"[1]Pos!E1554","v":4}]
[{"$f":"[1]Pos!A1555","v":"4114B02"},{"$f":"[1]Pos!B1555","v":"PO-0017042"},{"$f":"[1]Pos!C1555","v":"OLYM"},{"$f":"[1]Pos!D1555","v":36.659999999999997},{"$f":"[1]Pos!E1555","v":4}]
[{"$f":"[1]Pos!A1556","v":"4114B03"},{"$f":"[1]Pos!B1556","v":"PO-0017054"},{"$f":"[1]Pos!C1556","v":"RYDI"},{"$f":"[1]Pos!D1556","v":3277.5},{"$f":"[1]Pos!E1556","v":6.59}]
[{"$f":"[1]Pos!A1557","v":"4114B04"},{"$f":"[1]Pos!B1557","v":"PO-0017054"},{"$f":"[1]Pos!C1557","v":"RYDI"},{"$f":"[1]Pos!D1557","v":1600},{"$f":"[1]Pos!E1557","v":3.66}]
[{"$f":"[1]Pos!A1558","v":"4114B05"},{"$f":"[1]Pos!B1558","v":"PO-0017043"},{"$f":"[1]Pos!C1558","v":"GIRO"},{"$f":"[1]Pos!D1558","v":4168.8500000000004},{"$f":"[1]Pos!E1558","v":6.26}]
[{"$f":"[1]Pos!A1559","v":"4114B06"},{"$f":"[1]Pos!B1559","v":"PO-0017049"},{"$f":"[1]Pos!C1559","v":"CAR"},{"$f":"[1]Pos!D1559","v":1288.0999999999999},{"$f":"[1]Pos!E1559","v":2.64}]
[{"$f":"[1]Pos!A1560","v":"4114D01"},{"$f":"[1]Pos!B1560","v":"PO-0017031"},{"$f":"[1]Pos!C1560","v":"OLYM"},{"$f":"[1]Pos!D1560","v":22.09},{"$f":"[1]Pos!E1560","v":4.5}]
[{"$f":"[1]Pos!A1561","v":"4114D02"},{"$f":"[1]Pos!B1561","v":"PO-0017065"},{"$f":"[1]Pos!C1561","v":"OLYM"},{"$f":"[1]Pos!D1561","v":2000},{"$f":"[1]Pos!E1561","v":6.62}]
[{"$f":"[1]Pos!A1562","v":"4114D03"},{"$f":"[1]Pos!B1562","v":"PO-0017065"},{"$f":"[1]Pos!C1562","v":"OLYM"},{"$f":"[1]Pos!D1562","v":1500},{"$f":"[1]Pos!E1562","v":6.38}]
[{"$f":"[1]Pos!A1563","v":"4114P01"},{"$f":"[1]Pos!B1563","v":"PO-0017051"},{"$f":"[1]Pos!C1563","v":"EXCE"},{"$f":"[1]Pos!D1563","v":2744.75},{"$f":"[1]Pos!E1563","v":4.3}]
[{"$f":"[1]Pos!A1564","v":"4114P02"},{"$f":"[1]Pos!B1564","v":"PO-0017051"},{"$f":"[1]Pos!C1564","v":"EXCE"},{"$f":"[1]Pos!D1564","v":80.13},{"$f":"[1]Pos!E1564","v":3.93}]
[{"$f":"[1]Pos!A1565","v":"4114P03"},{"$f":"[1]Pos!B1565","v":"PO-0017055"},{"$f":"[1]Pos!C1565","v":"CENT"},{"$f":"[1]Pos!D1565","v":3204.73},{"$f":"[1]Pos!E1565","v":4.45}]
[{"$f":"[1]Pos!A1566","v":"4114P04"},{"$f":"[1]Pos!B1566","v":"PO-0017056"},{"$f":"[1]Pos!C1566","v":"CENT"},{"$f":"[1]Pos!D1566","v":125},{"$f":"[1]Pos!E1566","v":6}]
[{"$f":"[1]Pos!A1567","v":"4114P05"},{"$f":"[1]Pos!B1567","v":"PO-0017072"},{"$f":"[1]Pos!C1567","v":"CENT"},{"$f":"[1]Pos!D1567","v":2000},{"$f":"[1]Pos!E1567","v":6.7}]
[{"$f":"[1]Pos!A1568","v":"4114P06"},{"$f":"[1]Pos!B1568","v":"PO-0017058"},{"$f":"[1]Pos!C1568","v":"EXCE"},{"$f":"[1]Pos!D1568","v":2739.15},{"$f":"[1]Pos!E1568","v":4.25}]
[{"$f":"[1]Pos!A1569","v":"4114P07"},{"$f":"[1]Pos!B1569","v":"PO-0017074"},{"$f":"[1]Pos!C1569","v":"CENT"},{"$f":"[1]Pos!D1569","v":2449.44},{"$f":"[1]Pos!E1569","v":6.5}]
[{"$f":"[1]Pos!A1570","v":"4114P08"},{"$f":"[1]Pos!B1570","v":"PO-0017074"},{"$f":"[1]Pos!C1570","v":"CENT"},{"$f":"[1]Pos!D1570","v":400},{"$f":"[1]Pos!E1570","v":6.7}]
[{"$f":"[1]Pos!A1571","v":"4115B01"},{"$f":"[1]Pos!B1571","v":"PO-0017176"},{"$f":"[1]Pos!C1571","v":"DECA"},{"$f":"[1]Pos!D1571","v":325.54000000000002},{"$f":"[1]Pos!E1571","v":7.58}]
[{"$f":"[1]Pos!A1572","v":"4115B02"},{"$f":"[1]Pos!B1572","v":"PO-0018031"},{"$f":"[1]Pos!C1572","v":"C&C"},{"$f":"[1]Pos!D1572","v":1019.267415},{"$f":"[1]Pos!E1572","v":11.5}]
[{"$f":"[1]Pos!A1573","v":"4115P01"},{"$f":"[1]Pos!B1573","v":"PO-0017057"},{"$f":"[1]Pos!C1573","v":"PEGA"},{"$f":"[1]Pos!D1573","v":1000},{"$f":"[1]Pos!E1573","v":5.85}]
[{"$f":"[1]Pos!A1574","v":"4115P02"},{"$f":"[1]Pos!B1574","v":"PO-0017078"},{"$f":"[1]Pos!C1574","v":"CENT"},{"$f":"[1]Pos!D1574","v":1922.16},{"$f":"[1]Pos!E1574","v":4.45}]
[{"$f":"[1]Pos!A1575","v":"4115P03"},{"$f":"[1]Pos!B1575","v":"PO-0017079"},{"$f":"[1]Pos!C1575","v":"CENT"},{"$f":"[1]Pos!D1575","v":66},{"$f":"[1]Pos!E1575","v":6}]
[{"$f":"[1]Pos!A1576","v":"4115P04"},{"$f":"[1]Pos!B1576","v":"PO-0017076"},{"$f":"[1]Pos!C1576","v":"OLYM"},{"$f":"[1]Pos!D1576","v":272.38},{"$f":"[1]Pos!E1576","v":3.75}]
[{"$f":"[1]Pos!A1577","v":"4115P05"},{"$f":"[1]Pos!B1577","v":"PO-0017076"},{"$f":"[1]Pos!C1577","v":"OLYM"},{"$f":"[1]Pos!D1577","v":149.11000000000001},{"$f":"[1]Pos!E1577","v":3.4}]
[{"$f":"[1]Pos!A1578","v":"4115P06"},{"$f":"[1]Pos!B1578","v":"PO-0017075"},{"$f":"[1]Pos!C1578","v":"EXCE"},{"$f":"[1]Pos!D1578","v":3843.3},{"$f":"[1]Pos!E1578","v":4.2}]
[{"$f":"[1]Pos!A1579","v":"4115P07"},{"$f":"[1]Pos!B1579","v":"PO-0017075"},{"$f":"[1]Pos!C1579","v":"EXCE"},{"$f":"[1]Pos!D1579","v":365.01},{"$f":"[1]Pos!E1579","v":3.5}]
[{"$f":"[1]Pos!A1580","v":"4115P08"},{"$f":"[1]Pos!B1580","v":"PO-0017092"},{"$f":"[1]Pos!C1580","v":"DESC"},{"$f":"[1]Pos!D1580","v":7257.6},{"$f":"[1]Pos!E1580","v":6.6}]
[{"$f":"[1]Pos!A1581","v":"4115P09"},{"$f":"[1]Pos!B1581","v":"PO-0017085"},{"$f":"[1]Pos!C1581","v":"CENT"},{"$f":"[1]Pos!D1581","v":3628.8},{"$f":"[1]Pos!E1581","v":4.4000000000000004}]
[{"$f":"[1]Pos!A1582","v":"4115P10"},{"$f":"[1]Pos!B1582","v":"PO-0017510"},{"$f":"[1]Pos!C1582","v":"EXCE"},{"$f":"[1]Pos!D1582","v":608.27},{"$f":"[1]Pos!E1582","v":3.4}]
[{"$f":"[1]Pos!A1583","v":"4116B01"},{"$f":"[1]Pos!B1583","v":"PO-0017042"},{"$f":"[1]Pos!C1583","v":"OLYM"},{"$f":"[1]Pos!D1583","v":150.78},{"$f":"[1]Pos!E1583","v":4.1900000000000004}]
[{"$f":"[1]Pos!A1584","v":"4116B02"},{"$f":"[1]Pos!B1584","v":"PO-0017081"},{"$f":"[1]Pos!C1584","v":"DECA"},{"$f":"[1]Pos!D1584","v":19.100000000000001},{"$f":"[1]Pos!E1584","v":3.97}]
[{"$f":"[1]Pos!A1585","v":"4116B03"},{"$f":"[1]Pos!B1585","v":"PO-0017082"},{"$f":"[1]Pos!C1585","v":"GIRO"},{"$f":"[1]Pos!D1585","v":3260.29},{"$f":"[1]Pos!E1585","v":6.46}]
[{"$f":"[1]Pos!A1586","v":"4116P01"},{"$f":"[1]Pos!B1586","v":"PO-0017080"},{"$f":"[1]Pos!C1586","v":"CENT"},{"$f":"[1]Pos!D1586","v":140},{"$f":"[1]Pos!E1586","v":6.25}]
[{"$f":"[1]Pos!A1587","v":"4116P02"},{"$f":"[1]Pos!B1587","v":"PO-0017080"},{"$f":"[1]Pos!C1587","v":"CENT"},{"$f":"[1]Pos!D1587","v":443},{"$f":"[1]Pos!E1587","v":6.25}]
[{"$f":"[1]Pos!A1588","v":"4116P03"},{"$f":"[1]Pos!B1588","v":"PO-0017080"},{"$f":"[1]Pos!C1588","v":"CENT"},{"$f":"[1]Pos!D1588","v":250},{"$f":"[1]Pos!E1588","v":6.25}]
[{"$f":"[1]Pos!A1589","v":"4116P04"},{"$f":"[1]Pos!B1589","v":"PO-0017083"},{"$f":"[1]Pos!C1589","v":"DESC"},{"$f":"[1]Pos!D1589","v":3628.8},{"$f":"[1]Pos!E1589","v":6.3}]
[{"$f":"[1]Pos!A1590","v":"4116P05"},{"$f":"[1]Pos!B1590","v":"PO-0017083"},{"$f":"[1]Pos!C1590","v":"DESC"},{"$f":"[1]Pos!D1590","v":5443.2},{"$f":"[1]Pos!E1590","v":6.6}]
[{"$f":"[1]Pos!A1591","v":"4116P06"},{"$f":"[1]Pos!B1591","v":"PO-0017085"},{"$f":"[1]Pos!C1591","v":"CENT"},{"$f":"[1]Pos!D1591","v":3854.78},{"$f":"[1]Pos!E1591","v":4.4000000000000004}]
[{"$f":"[1]Pos!A1592","v":"4116P07"},{"$f":"[1]Pos!B1592","v":"PO-0017097"},{"$f":"[1]Pos!C1592","v":"CENT"},{"$f":"[1]Pos!D1592","v":3123.97},{"$f":"[1]Pos!E1592","v":4.4000000000000004}]
[{"$f":"[1]Pos!A1593","v":"4122B01"},{"$f":"[1]Pos!B1593","v":"PO-0017094"},{"$f":"[1]Pos!C1593","v":"DECA"},{"$f":"[1]Pos!D1593","v":40.46},{"$f":"[1]Pos!E1593","v":3.97}]
[{"$f":"[1]Pos!A1594","v":"4122B02"},{"$f":"[1]Pos!B1594","v":"PO-0017123"},{"$f":"[1]Pos!C1594","v":"WHIT"},{"$f":"[1]Pos!D1594","v":210.18},{"$f":"[1]Pos!E1594","v":12.5}]
[{"$f":"[1]Pos!A1595","v":"4122B03"},{"$f":"[1]Pos!B1595","v":"PO-0017096"},{"$f":"[1]Pos!C1595","v":"DECA"},{"$f":"[1]Pos!D1595","v":920.82},{"$f":"[1]Pos!E1595","v":6.94}]
[{"$f":"[1]Pos!A1596","v":"4122B04"},{"$f":"[1]Pos!B1596","v":"PO-0017345"},{"$f":"[1]Pos!C1596","v":"CHIS"},{"$f":"[1]Pos!D1596","v":6532.8},{"$f":"[1]Pos!E1596","v":2.0499999999999998}]
[{"$f":"[1]Pos!A1597","v":"4122B05"},{"$f":"[1]Pos!B1597","v":"PO-0017345"},{"$f":"[1]Pos!C1597","v":"CHIS"},{"$f":"[1]Pos!D1597","v":12240},{"$f":"[1]Pos!E1597","v":2.0499999999999998}]
[{"$f":"[1]Pos!A1598","v":"4122D01"},{"$f":"[1]Pos!B1598","v":"PO-0017076"},{"$f":"[1]Pos!C1598","v":"OLYM"},{"$f":"[1]Pos!D1598","v":24.3},{"$f":"[1]Pos!E1598","v":4.5}]
[{"$f":"[1]Pos!A1599","v":"4122D02"},{"$f":"[1]Pos!B1599","v":"PO-0017087"},{"$f":"[1]Pos!C1599","v":"OLYM"},{"$f":"[1]Pos!D1599","v":500},{"$f":"[1]Pos!E1599","v":6.88}]
[{"$f":"[1]Pos!A1600","v":"4122P01"},{"$f":"[1]Pos!B1600","v":"PO-0017093"},{"$f":"[1]Pos!C1600","v":"EXCE"},{"$f":"[1]Pos!D1600","v":18.28},{"$f":"[1]Pos!E1600","v":4.75}]
[{"$f":"[1]Pos!A1601","v":"4122P02"},{"$f":"[1]Pos!B1601","v":"PO-0017111"},{"$f":"[1]Pos!C1601","v":"CENT"},{"$f":"[1]Pos!D1601","v":3080.69},{"$f":"[1]Pos!E1601","v":4.2}]
[{"$f":"[1]Pos!A1602","v":"4122P03"},{"$f":"[1]Pos!B1602","v":"PO-0017113"},{"$f":"[1]Pos!C1602","v":"GEOR"},{"$f":"[1]Pos!D1602","v":1814.4},{"$f":"[1]Pos!E1602","v":5.25}]
[{"$f":"[1]Pos!A1603","v":"4122P04"},{"$f":"[1]Pos!B1603","v":"PO-0017118"},{"$f":"[1]Pos!C1603","v":"CENT"},{"$f":"[1]Pos!D1603","v":1814.4},{"$f":"[1]Pos!E1603","v":4.4000000000000004}]
[{"$f":"[1]Pos!A1604","v":"4123B01"},{"$f":"[1]Pos!B1604","v":"PO-0017095"},{"$f":"[1]Pos!C1604","v":"BOUC"},{"$f":"[1]Pos!D1604","v":101.6},{"$f":"[1]Pos!E1604","v":4.25}]
[{"$f":"[1]Pos!A1605","v":"4123B02"},{"$f":"[1]Pos!B1605","v":"PO-0017108"},{"$f":"[1]Pos!C1605","v":"RYDI"},{"$f":"[1]Pos!D1605","v":2622.5},{"$f":"[1]Pos!E1605","v":6.72}]
[{"$f":"[1]Pos!A1606","v":"4123B03"},{"$f":"[1]Pos!B1606","v":"PO-0017108"},{"$f":"[1]Pos!C1606","v":"RYDI"},{"$f":"[1]Pos!D1606","v":867.5},{"$f":"[1]Pos!E1606","v":4.38}]
[{"$f":"[1]Pos!A1607","v":"4123B04"},{"$f":"[1]Pos!B1607","v":"PO-0018852"},{"$f":"[1]Pos!C1607","v":"C&C"},{"$f":"[1]Pos!D1607","v":8166},{"$f":"[1]Pos!E1607","v":4.09}]
[{"$f":"[1]Pos!A1608","v":"4123P01"},{"$f":"[1]Pos!B1608","v":"PO-0017097"},{"$f":"[1]Pos!C1608","v":"CENT"},{"$f":"[1]Pos!D1608","v":60},{"$f":"[1]Pos!E1608","v":6.25}]
[{"$f":"[1]Pos!A1609","v":"4123P02"},{"$f":"[1]Pos!B1609","v":"PO-0017093"},{"$f":"[1]Pos!C1609","v":"EXCE"},{"$f":"[1]Pos!D1609","v":183.91},{"$f":"[1]Pos!E1609","v":2.5}]
[{"$f":"[1]Pos!A1610","v":"4123P03"},{"$f":"[1]Pos!B1610","v":"PO-0017093"},{"$f":"[1]Pos!C1610","v":"EXCE"},{"$f":"[1]Pos!D1610","v":91.79},{"$f":"[1]Pos!E1610","v":2.5}]
[{"$f":"[1]Pos!A1611","v":"4123P04"},{"$f":"[1]Pos!B1611","v":"PO-0017093"},{"$f":"[1]Pos!C1611","v":"EXCE"},{"$f":"[1]Pos!D1611","v":182.2},{"$f":"[1]Pos!E1611","v":3.5}]
[{"$f":"[1]Pos!A1612","v":"4123P05"},{"$f":"[1]Pos!B1612","v":"PO-0017093"},{"$f":"[1]Pos!C1612","v":"EXCE"},{"$f":"[1]Pos!D1612","v":106.36},{"$f":"[1]Pos!E1612","v":3.93}]
[{"$f":"[1]Pos!A1613","v":"4123P06"},{"$f":"[1]Pos!B1613","v":"PO-0017114"},{"$f":"[1]Pos!C1613","v":"CENT"},{"$f":"[1]Pos!D1613","v":204.98},{"$f":"[1]Pos!E1613","v":3.6}]
[{"$f":"[1]Pos!A1614","v":"4124B01"},{"$f":"[1]Pos!B1614","v":"PO-0017253"},{"$f":"[1]Pos!C1614","v":"DECA"},{"$f":"[1]Pos!D1614","v":23.92},{"$f":"[1]Pos!E1614","v":7.23}]
[{"$f":"[1]Pos!A1615","v":"4124D01"},{"$f":"[1]Pos!B1615","v":"PO-0017121"},{"$f":"[1]Pos!C1615","v":"OLYM"},{"$f":"[1]Pos!D1615","v":1500},{"$f":"[1]Pos!E1615","v":6.94}]
[{"$f":"[1]Pos!A1616","v":"4124D02"},{"$f":"[1]Pos!B1616","v":"PO-0017121"},{"$f":"[1]Pos!C1616","v":"OLYM"},{"$f":"[1]Pos!D1616","v":1000},{"$f":"[1]Pos!E1616","v":6.7}]
[{"$f":"[1]Pos!A1617","v":"4124D03"},{"$f":"[1]Pos!B1617","v":"PO-0017121"},{"$f":"[1]Pos!C1617","v":"OLYM"},{"$f":"[1]Pos!D1617","v":500},{"$f":"[1]Pos!E1617","v":7.73}]
[{"$f":"[1]Pos!A1618","v":"4124D04"},{"$f":"[1]Pos!B1618","v":"PO-0017151"},{"$f":"[1]Pos!C1618","v":"OLYM"},{"$f":"[1]Pos!D1618","v":80},{"$f":"[1]Pos!E1618","v":181.56}]
[{"$f":"[1]Pos!A1619","v":"4124P01"},{"$f":"[1]Pos!B1619","v":"PO-0017110"},{"$f":"[1]Pos!C1619","v":"ACCU"},{"$f":"[1]Pos!D1619","v":1800},{"$f":"[1]Pos!E1619","v":4.2}]
[{"$f":"[1]Pos!A1620","v":"4124P02"},{"$f":"[1]Pos!B1620","v":"PO-0017115"},{"$f":"[1]Pos!C1620","v":"OLYM"},{"$f":"[1]Pos!D1620","v":290.58999999999997},{"$f":"[1]Pos!E1620","v":3.75}]
[{"$f":"[1]Pos!A1621","v":"4124P03"},{"$f":"[1]Pos!B1621","v":"PO-0017143"},{"$f":"[1]Pos!C1621","v":"CENT"},{"$f":"[1]Pos!D1621","v":1814.4},{"$f":"[1]Pos!E1621","v":6.8}]
[{"$f":"[1]Pos!A1622","v":"4125B01"},{"$f":"[1]Pos!B1622","v":"PO-0017123"},{"$f":"[1]Pos!C1622","v":"WHIT"},{"$f":"[1]Pos!D1622","v":99.58},{"$f":"[1]Pos!E1622","v":6.65}]
[{"$f":"[1]Pos!A1623","v":"4125B02"},{"$f":"[1]Pos!B1623","v":"PO-0017124"},{"$f":"[1]Pos!C1623","v":"RYDI"},{"$f":"[1]Pos!D1623","v":3434.5},{"$f":"[1]Pos!E1623","v":6.72}]
[{"$f":"[1]Pos!A1624","v":"4125B03"},{"$f":"[1]Pos!B1624","v":"PO-0017124"},{"$f":"[1]Pos!C1624","v":"RYDI"},{"$f":"[1]Pos!D1624","v":1614.5},{"$f":"[1]Pos!E1624","v":4.38}]
[{"$f":"[1]Pos!A1625","v":"4125B04"},{"$f":"[1]Pos!B1625","v":"PO-0017132"},{"$f":"[1]Pos!C1625","v":"DECA"},{"$f":"[1]Pos!D1625","v":190.4},{"$f":"[1]Pos!E1625","v":4.1399999999999997}]
[{"$f":"[1]Pos!A1626","v":"4125D01"},{"$f":"[1]Pos!B1626","v":"PO-0017158"},{"$f":"[1]Pos!C1626","v":"OLYM"},{"$f":"[1]Pos!D1626","v":725},{"$f":"[1]Pos!E1626","v":7.39}]
[{"$f":"[1]Pos!A1627","v":"4125P01"},{"$f":"[1]Pos!B1627","v":"PO-0017114"},{"$f":"[1]Pos!C1627","v":"CENT"},{"$f":"[1]Pos!D1627","v":50},{"$f":"[1]Pos!E1627","v":6.25}]
[{"$f":"[1]Pos!A1628","v":"4125P02"},{"$f":"[1]Pos!B1628","v":"PO-0017119"},{"$f":"[1]Pos!C1628","v":"CENT"},{"$f":"[1]Pos!D1628","v":1260},{"$f":"[1]Pos!E1628","v":4.25}]
[{"$f":"[1]Pos!A1629","v":"4125P03"},{"$f":"[1]Pos!B1629","v":"PO-0017119"},{"$f":"[1]Pos!C1629","v":"CENT"},{"$f":"[1]Pos!D1629","v":1260},{"$f":"[1]Pos!E1629","v":4.25}]
[{"$f":"[1]Pos!A1630","v":"4125P04"},{"$f":"[1]Pos!B1630","v":"PO-0017130"},{"$f":"[1]Pos!C1630","v":"CENT"},{"$f":"[1]Pos!D1630","v":4536},{"$f":"[1]Pos!E1630","v":4.45}]
[{"$f":"[1]Pos!A1631","v":"4125P05"},{"$f":"[1]Pos!B1631","v":"PO-0017128"},{"$f":"[1]Pos!C1631","v":"DESC"},{"$f":"[1]Pos!D1631","v":2721.6},{"$f":"[1]Pos!E1631","v":4.25}]
[{"$f":"[1]Pos!A1632","v":"4126B01"},{"$f":"[1]Pos!B1632","v":"PO-0017120"},{"$f":"[1]Pos!C1632","v":"OLYM"},{"$f":"[1]Pos!D1632","v":100.56},{"$f":"[1]Pos!E1632","v":4.67}]
[{"$f":"[1]Pos!A1633","v":"4126B02"},{"$f":"[1]Pos!B1633","v":"PO-0017251"},{"$f":"[1]Pos!C1633","v":"DECA"},{"$f":"[1]Pos!D1633","v":210.15},{"$f":"[1]Pos!E1633","v":12.95}]
[{"$f":"[1]Pos!A1634","v":"4126B03"},{"$f":"[1]Pos!B1634","v":"PO-0019280"},{"$f":"[1]Pos!C1634","v":"AGRO"},{"$f":"[1]Pos!D1634","v":1180.1918430000001},{"$f":"[1]Pos!E1634","v":6.1}]
[{"$f":"[1]Pos!A1635","v":"4126B04"},{"$f":"[1]Pos!B1635","v":"PO-0019388"},{"$f":"[1]Pos!C1635","v":"ALIMPLUS"},{"$f":"[1]Pos!D1635","v":1189.3928069999999},{"$f":"[1]Pos!E1635","v":12.49}]
[{"$f":"[1]Pos!A1636","v":"4126D01"},{"$f":"[1]Pos!B1636","v":"PO-0017135"},{"$f":"[1]Pos!C1636","v":"PETI"},{"$f":"[1]Pos!D1636","v":750},{"$f":"[1]Pos!E1636","v":7.65}]
[{"$f":"[1]Pos!A1637","v":"4126D02"},{"$f":"[1]Pos!B1637","v":"PO-0017139"},{"$f":"[1]Pos!C1637","v":"OLYM"},{"$f":"[1]Pos!D1637","v":495},{"$f":"[1]Pos!E1637","v":7.33}]
[{"$f":"[1]Pos!A1638","v":"4126P01"},{"$f":"[1]Pos!B1638","v":"PO-0017131"},{"$f":"[1]Pos!C1638","v":"BENI"},{"$f":"[1]Pos!D1638","v":400.48},{"$f":"[1]Pos!E1638","v":4.6500000000000004}]
[{"$f":"[1]Pos!A1639","v":"4126P02"},{"$f":"[1]Pos!B1639","v":"PO-0017131"},{"$f":"[1]Pos!C1639","v":"BENI"},{"$f":"[1]Pos!D1639","v":400.49},{"$f":"[1]Pos!E1639","v":2.1}]
[{"$f":"[1]Pos!A1640","v":"4126P03"},{"$f":"[1]Pos!B1640","v":"PO-0017134"},{"$f":"[1]Pos!C1640","v":99},{"$f":"[1]Pos!D1640","v":3628.8},{"$f":"[1]Pos!E1640","v":5.35}]
[{"$f":"[1]Pos!A1641","v":"4126P04"},{"$f":"[1]Pos!B1641","v":"PO-0017127"},{"$f":"[1]Pos!C1641","v":"DESC"},{"$f":"[1]Pos!D1641","v":2721.6},{"$f":"[1]Pos!E1641","v":6.3}]
[{"$f":"[1]Pos!A1642","v":"4126P05"},{"$f":"[1]Pos!B1642","v":"PO-0017136"},{"$f":"[1]Pos!C1642","v":"EXCE"},{"$f":"[1]Pos!D1642","v":547.52},{"$f":"[1]Pos!E1642","v":3.5}]
[{"$f":"[1]Pos!A1643","v":"4126P06"},{"$f":"[1]Pos!B1643","v":"PO-0017141"},{"$f":"[1]Pos!C1643","v":"CENT"},{"$f":"[1]Pos!D1643","v":1019.54},{"$f":"[1]Pos!E1643","v":4.2}]
[{"$f":"[1]Pos!A1644","v":"4127P01"},{"$f":"[1]Pos!B1644","v":"PO-0017136"},{"$f":"[1]Pos!C1644","v":"EXCE"},{"$f":"[1]Pos!D1644","v":1921.49},{"$f":"[1]Pos!E1644","v":4.5999999999999996}]
[{"$f":"[1]Pos!A1645","v":"4127P02"},{"$f":"[1]Pos!B1645","v":"PO-0017141"},{"$f":"[1]Pos!C1645","v":"CENT"},{"$f":"[1]Pos!D1645","v":2951.13},{"$f":"[1]Pos!E1645","v":4.3499999999999996}]
[{"$f":"[1]Pos!A1646","v":"4132B01"},{"$f":"[1]Pos!B1646","v":"PO-0017137"},{"$f":"[1]Pos!C1646","v":"BOUC"},{"$f":"[1]Pos!D1646","v":139.4},{"$f":"[1]Pos!E1646","v":4.87}]
[{"$f":"[1]Pos!A1647","v":"4132B02"},{"$f":"[1]Pos!B1647","v":"PO-0017157"},{"$f":"[1]Pos!C1647","v":"DECA"},{"$f":"[1]Pos!D1647","v":152.94},{"$f":"[1]Pos!E1647","v":4.3600000000000003}]
[{"$f":"[1]Pos!A1648","v":"4132B03"},{"$f":"[1]Pos!B1648","v":"PO-0017562"},{"$f":"[1]Pos!C1648","v":"OLYM"},{"$f":"[1]Pos!D1648","v":1581.1},{"$f":"[1]Pos!E1648","v":3.75}]
[{"$f":"[1]Pos!A1649","v":"4132P01"},{"$f":"[1]Pos!B1649","v":"PO-0017136"},{"$f":"[1]Pos!C1649","v":"EXCE"},{"$f":"[1]Pos!D1649","v":134.55000000000001},{"$f":"[1]Pos!E1649","v":3.93}]
[{"$f":"[1]Pos!A1650","v":"4132P02"},{"$f":"[1]Pos!B1650","v":"PO-0017140"},{"$f":"[1]Pos!C1650","v":"OLYM"},{"$f":"[1]Pos!D1650","v":293.66000000000003},{"$f":"[1]Pos!E1650","v":3.75}]
[{"$f":"[1]Pos!A1651","v":"4132P03"},{"$f":"[1]Pos!B1651","v":"PO-0017140"},{"$f":"[1]Pos!C1651","v":"OLYM"},{"$f":"[1]Pos!D1651","v":61.54},{"$f":"[1]Pos!E1651","v":3.4}]
[{"$f":"[1]Pos!A1652","v":"4132P04"},{"$f":"[1]Pos!B1652","v":"PO-0017142"},{"$f":"[1]Pos!C1652","v":"CENT"},{"$f":"[1]Pos!D1652","v":300},{"$f":"[1]Pos!E1652","v":6.25}]
[{"$f":"[1]Pos!A1653","v":"4132P05"},{"$f":"[1]Pos!B1653","v":"PO-0017122"},{"$f":"[1]Pos!C1653","v":"DMA"},{"$f":"[1]Pos!D1653","v":5000},{"$f":"[1]Pos!E1653","v":6.3}]
[{"$f":"[1]Pos!A1654","v":"4132P06"},{"$f":"[1]Pos!B1654","v":"PO-0017155"},{"$f":"[1]Pos!C1654","v":"EXCE"},{"$f":"[1]Pos!D1654","v":1296.77},{"$f":"[1]Pos!E1654","v":4.3499999999999996}]
[{"$f":"[1]Pos!A1655","v":"4132P07"},{"$f":"[1]Pos!B1655","v":"PO-0017167"},{"$f":"[1]Pos!C1655","v":"CENT"},{"$f":"[1]Pos!D1655","v":3628.8},{"$f":"[1]Pos!E1655","v":4.45}]
[{"$f":"[1]Pos!A1656","v":"4133B01"},{"$f":"[1]Pos!B1656","v":"PO-0017159"},{"$f":"[1]Pos!C1656","v":"DECA"},{"$f":"[1]Pos!D1656","v":136},{"$f":"[1]Pos!E1656","v":4.12}]
[{"$f":"[1]Pos!A1657","v":"4133B02"},{"$f":"[1]Pos!B1657","v":"PO-0017178"},{"$f":"[1]Pos!C1657","v":"OLYM"},{"$f":"[1]Pos!D1657","v":42.26},{"$f":"[1]Pos!E1657","v":4.7300000000000004}]
[{"$f":"[1]Pos!A1658","v":"4133B03"},{"$f":"[1]Pos!B1658","v":"PO-0017184"},{"$f":"[1]Pos!C1658","v":"RYDI"},{"$f":"[1]Pos!D1658","v":3413.5},{"$f":"[1]Pos!E1658","v":6.72}]
[{"$f":"[1]Pos!A1659","v":"4133B04"},{"$f":"[1]Pos!B1659","v":"PO-0017184"},{"$f":"[1]Pos!C1659","v":"RYDI"},{"$f":"[1]Pos!D1659","v":1676.5},{"$f":"[1]Pos!E1659","v":4.3}]
[{"$f":"[1]Pos!A1660","v":"4133B05"},{"$f":"[1]Pos!B1660","v":"PO-0017184"},{"$f":"[1]Pos!C1660","v":"RYDI"},{"$f":"[1]Pos!D1660","v":767.5},{"$f":"[1]Pos!E1660","v":6.06}]
[{"$f":"[1]Pos!A1661","v":"4133B06"},{"$f":"[1]Pos!B1661","v":"PO-0017171"},{"$f":"[1]Pos!C1661","v":"GIRO"},{"$f":"[1]Pos!D1661","v":2543.2399999999998},{"$f":"[1]Pos!E1661","v":6.56}]
[{"$f":"[1]Pos!A1662","v":"4133P01"},{"$f":"[1]Pos!B1662","v":"PO-0017155"},{"$f":"[1]Pos!C1662","v":"EXCE"},{"$f":"[1]Pos!D1662","v":180.29},{"$f":"[1]Pos!E1662","v":2.6}]
[{"$f":"[1]Pos!A1663","v":"4133P02"},{"$f":"[1]Pos!B1663","v":"PO-0017161"},{"$f":"[1]Pos!C1663","v":99},{"$f":"[1]Pos!D1663","v":24.41},{"$f":"[1]Pos!E1663","v":4.55}]
[{"$f":"[1]Pos!A1664","v":"4133P03"},{"$f":"[1]Pos!B1664","v":"PO-0017156"},{"$f":"[1]Pos!C1664","v":"ACCU"},{"$f":"[1]Pos!D1664","v":1800},{"$f":"[1]Pos!E1664","v":4.2}]
[{"$f":"[1]Pos!A1665","v":"4133P04"},{"$f":"[1]Pos!B1665","v":"PO-0017180"},{"$f":"[1]Pos!C1665","v":"CENT"},{"$f":"[1]Pos!D1665","v":1814.4},{"$f":"[1]Pos!E1665","v":4.45}]
[{"$f":"[1]Pos!A1666","v":"4133P05"},{"$f":"[1]Pos!B1666","v":"PO-0017187"},{"$f":"[1]Pos!C1666","v":"CENT"},{"$f":"[1]Pos!D1666","v":362.88},{"$f":"[1]Pos!E1666","v":4.45}]
[{"$f":"[1]Pos!A1667","v":"4134B01"},{"$f":"[1]Pos!B1667","v":"PO-0017396"},{"$f":"[1]Pos!C1667","v":"C&C"},{"$f":"[1]Pos!D1667","v":2917.58},{"$f":"[1]Pos!E1667","v":12.5}]
[{"$f":"[1]Pos!A1668","v":"4134D01"},{"$f":"[1]Pos!B1668","v":"PO-0017181"},{"$f":"[1]Pos!C1668","v":"OLYM"},{"$f":"[1]Pos!D1668","v":1000},{"$f":"[1]Pos!E1668","v":8.18}]
[{"$f":"[1]Pos!A1669","v":"4134P01"},{"$f":"[1]Pos!B1669","v":"PO-0017169"},{"$f":"[1]Pos!C1669","v":"EXCE"},{"$f":"[1]Pos!D1669","v":134.05000000000001},{"$f":"[1]Pos!E1669","v":3.93}]
[{"$f":"[1]Pos!A1670","v":"4134P02"},{"$f":"[1]Pos!B1670","v":"PO-0017169"},{"$f":"[1]Pos!C1670","v":"EXCE"},{"$f":"[1]Pos!D1670","v":365.42},{"$f":"[1]Pos!E1670","v":3.5}]
[{"$f":"[1]Pos!A1671","v":"4134P03"},{"$f":"[1]Pos!B1671","v":"PO-0017169"},{"$f":"[1]Pos!C1671","v":"EXCE"},{"$f":"[1]Pos!D1671","v":365.42},{"$f":"[1]Pos!E1671","v":3.5}]
[{"$f":"[1]Pos!A1672","v":"4134P04"},{"$f":"[1]Pos!B1672","v":"PO-0017173"},{"$f":"[1]Pos!C1672","v":"CENT"},{"$f":"[1]Pos!D1672","v":260},{"$f":"[1]Pos!E1672","v":6.25}]
[{"$f":"[1]Pos!A1673","v":"4134P05"},{"$f":"[1]Pos!B1673","v":"PO-0017186"},{"$f":"[1]Pos!C1673","v":"DMA"},{"$f":"[1]Pos!D1673","v":1000},{"$f":"[1]Pos!E1673","v":6.3}]
[{"$f":"[1]Pos!A1674","v":"4135B01"},{"$f":"[1]Pos!B1674","v":"PO-0017263"},{"$f":"[1]Pos!C1674","v":"C&C"},{"$f":"[1]Pos!D1674","v":432.06},{"$f":"[1]Pos!E1674","v":12.49}]
[{"$f":"[1]Pos!A1675","v":"4135D01"},{"$f":"[1]Pos!B1675","v":"PO-0017181"},{"$f":"[1]Pos!C1675","v":"OLYM"},{"$f":"[1]Pos!D1675","v":500},{"$f":"[1]Pos!E1675","v":7.15}]
[{"$f":"[1]Pos!A1676","v":"4135D02"},{"$f":"[1]Pos!B1676","v":"PO-0017181"},{"$f":"[1]Pos!C1676","v":"OLYM"},{"$f":"[1]Pos!D1676","v":1175},{"$f":"[1]Pos!E1676","v":7.39}]
[{"$f":"[1]Pos!A1677","v":"4135D03"},{"$f":"[1]Pos!B1677","v":"PO-0017181"},{"$f":"[1]Pos!C1677","v":"OLYM"},{"$f":"[1]Pos!D1677","v":1470},{"$f":"[1]Pos!E1677","v":7.15}]
[{"$f":"[1]Pos!A1678","v":"4135P01"},{"$f":"[1]Pos!B1678","v":"PO-0016962"},{"$f":"[1]Pos!C1678","v":"CENT"},{"$f":"[1]Pos!D1678","v":3628.8},{"$f":"[1]Pos!E1678","v":4.25}]
[{"$f":"[1]Pos!A1679","v":"4135P02"},{"$f":"[1]Pos!B1679","v":"PO-0017177"},{"$f":"[1]Pos!C1679","v":"BENI"},{"$f":"[1]Pos!D1679","v":786.17},{"$f":"[1]Pos!E1679","v":4.4000000000000004}]
[{"$f":"[1]Pos!A1680","v":"4135P03"},{"$f":"[1]Pos!B1680","v":"PO-0017187"},{"$f":"[1]Pos!C1680","v":"CENT"},{"$f":"[1]Pos!D1680","v":2721.6},{"$f":"[1]Pos!E1680","v":4.45}]
[{"$f":"[1]Pos!A1681","v":"4135P04"},{"$f":"[1]Pos!B1681","v":"PO-0017192"},{"$f":"[1]Pos!C1681","v":"CENT"},{"$f":"[1]Pos!D1681","v":1632.96},{"$f":"[1]Pos!E1681","v":7}]
[{"$f":"[1]Pos!A1682","v":"4135P05"},{"$f":"[1]Pos!B1682","v":"PO-0017201"},{"$f":"[1]Pos!C1682","v":"CENT"},{"$f":"[1]Pos!D1682","v":1814.4},{"$f":"[1]Pos!E1682","v":4.45}]
[{"$f":"[1]Pos!A1683","v":"4136B01"},{"$f":"[1]Pos!B1683","v":"PO-0017178"},{"$f":"[1]Pos!C1683","v":"OLYM"},{"$f":"[1]Pos!D1683","v":115.44},{"$f":"[1]Pos!E1683","v":5.45}]
[{"$f":"[1]Pos!A1684","v":"4136B02"},{"$f":"[1]Pos!B1684","v":"PO-0017172"},{"$f":"[1]Pos!C1684","v":"GIRO"},{"$f":"[1]Pos!D1684","v":3448.59},{"$f":"[1]Pos!E1684","v":6.56}]
[{"$f":"[1]Pos!A1685","v":"4136B03"},{"$f":"[1]Pos!B1685","v":"PO-0017353"},{"$f":"[1]Pos!C1685","v":"ALIMPLUS"},{"$f":"[1]Pos!D1685","v":932.62},{"$f":"[1]Pos!E1685","v":12.25}]
[{"$f":"[1]Pos!A1686","v":"4136B04"},{"$f":"[1]Pos!B1686","v":"PO-0017391"},{"$f":"[1]Pos!C1686","v":"DECA"},{"$f":"[1]Pos!D1686","v":602.08000000000004},{"$f":"[1]Pos!E1686","v":13.78}]
[{"$f":"[1]Pos!A1687","v":"4136B05"},{"$f":"[1]Pos!B1687","v":"PO-0017391"},{"$f":"[1]Pos!C1687","v":"DECA"},{"$f":"[1]Pos!D1687","v":255.69},{"$f":"[1]Pos!E1687","v":13.89}]
[{"$f":"[1]Pos!A1688","v":"4136B06"},{"$f":"[1]Pos!B1688","v":"PO-0017878"},{"$f":"[1]Pos!C1688","v":"C&C"},{"$f":"[1]Pos!D1688","v":4853.6499999999996},{"$f":"[1]Pos!E1688","v":7.15}]
[{"$f":"[1]Pos!A1689","v":"4136P01"},{"$f":"[1]Pos!B1689","v":"PO-0017179"},{"$f":"[1]Pos!C1689","v":"OLYM"},{"$f":"[1]Pos!D1689","v":277.62},{"$f":"[1]Pos!E1689","v":3.75}]
[{"$f":"[1]Pos!A1690","v":"4136P02"},{"$f":"[1]Pos!B1690","v":"PO-0017179"},{"$f":"[1]Pos!C1690","v":"OLYM"},{"$f":"[1]Pos!D1690","v":60.66},{"$f":"[1]Pos!E1690","v":3.4}]
[{"$f":"[1]Pos!A1691","v":"4136P03"},{"$f":"[1]Pos!B1691","v":"PO-0017180"},{"$f":"[1]Pos!C1691","v":"CENT"},{"$f":"[1]Pos!D1691","v":600},{"$f":"[1]Pos!E1691","v":6.5}]
[{"$f":"[1]Pos!A1692","v":"4136P04"},{"$f":"[1]Pos!B1692","v":"PO-0017188"},{"$f":"[1]Pos!C1692","v":"CENT"},{"$f":"[1]Pos!D1692","v":495},{"$f":"[1]Pos!E1692","v":6.5}]
[{"$f":"[1]Pos!A1693","v":"4136P05"},{"$f":"[1]Pos!B1693","v":"PO-0017189"},{"$f":"[1]Pos!C1693","v":"BENI"},{"$f":"[1]Pos!D1693","v":397.97},{"$f":"[1]Pos!E1693","v":4.8499999999999996}]
[{"$f":"[1]Pos!A1694","v":"4136P06"},{"$f":"[1]Pos!B1694","v":"PO-0017189"},{"$f":"[1]Pos!C1694","v":"BENI"},{"$f":"[1]Pos!D1694","v":388.87},{"$f":"[1]Pos!E1694","v":4.55}]
[{"$f":"[1]Pos!A1695","v":"4136P07"},{"$f":"[1]Pos!B1695","v":"PO-0017191"},{"$f":"[1]Pos!C1695","v":"DESC"},{"$f":"[1]Pos!D1695","v":2721.6},{"$f":"[1]Pos!E1695","v":6.3}]
[{"$f":"[1]Pos!A1696","v":"4136P08"},{"$f":"[1]Pos!B1696","v":"PO-0017194"},{"$f":"[1]Pos!C1696","v":99},{"$f":"[1]Pos!D1696","v":2721.6},{"$f":"[1]Pos!E1696","v":5.65}]
[{"$f":"[1]Pos!A1697","v":"4136P09"},{"$f":"[1]Pos!B1697","v":"PO-0017202"},{"$f":"[1]Pos!C1697","v":"DMA"},{"$f":"[1]Pos!D1697","v":3000},{"$f":"[1]Pos!E1697","v":6.3}]
[{"$f":"[1]Pos!A1698","v":"4142B01"},{"$f":"[1]Pos!B1698","v":"PO-0017206"},{"$f":"[1]Pos!C1698","v":"DECA"},{"$f":"[1]Pos!D1698","v":118.66},{"$f":"[1]Pos!E1698","v":4.3600000000000003}]
[{"$f":"[1]Pos!A1699","v":"4142B02"},{"$f":"[1]Pos!B1699","v":"PO-0017383"},{"$f":"[1]Pos!C1699","v":"ALIMPLUS"},{"$f":"[1]Pos!D1699","v":1918.54},{"$f":"[1]Pos!E1699","v":15.9}]
[{"$f":"[1]Pos!A1700","v":"4142B03"},{"$f":"[1]Pos!B1700","v":"PO-0017383"},{"$f":"[1]Pos!C1700","v":"ALIMPLUS"},{"$f":"[1]Pos!D1700","v":1159.3800000000001},{"$f":"[1]Pos!E1700","v":12.2}]
[{"$f":"[1]Pos!A1701","v":"4142D01"},{"$f":"[1]Pos!B1701","v":"PO-0017205"},{"$f":"[1]Pos!C1701","v":"OLYM"},{"$f":"[1]Pos!D1701","v":500},{"$f":"[1]Pos!E1701","v":7.64}]
[{"$f":"[1]Pos!A1702","v":"4142D02"},{"$f":"[1]Pos!B1702","v":"PO-0017237"},{"$f":"[1]Pos!C1702","v":"OLYM"},{"$f":"[1]Pos!D1702","v":500},{"$f":"[1]Pos!E1702","v":7.46}]
[{"$f":"[1]Pos!A1703","v":"4142P01"},{"$f":"[1]Pos!B1703","v":"PO-0017199"},{"$f":"[1]Pos!C1703","v":"BENI"},{"$f":"[1]Pos!D1703","v":101.69},{"$f":"[1]Pos!E1703","v":3}]
[{"$f":"[1]Pos!A1704","v":"4142P02"},{"$f":"[1]Pos!B1704","v":"PO-0017190"},{"$f":"[1]Pos!C1704","v":"PEK"},{"$f":"[1]Pos!D1704","v":250},{"$f":"[1]Pos!E1704","v":6}]
[{"$f":"[1]Pos!A1705","v":"4142P03"},{"$f":"[1]Pos!B1705","v":"PO-0017200"},{"$f":"[1]Pos!C1705","v":"EXCE"},{"$f":"[1]Pos!D1705","v":132.51},{"$f":"[1]Pos!E1705","v":3.93}]
[{"$f":"[1]Pos!A1706","v":"4142P04"},{"$f":"[1]Pos!B1706","v":"PO-0017200"},{"$f":"[1]Pos!C1706","v":"EXCE"},{"$f":"[1]Pos!D1706","v":184.2},{"$f":"[1]Pos!E1706","v":2.5}]
[{"$f":"[1]Pos!A1707","v":"4142P05"},{"$f":"[1]Pos!B1707","v":"PO-0017200"},{"$f":"[1]Pos!C1707","v":"EXCE"},{"$f":"[1]Pos!D1707","v":1302.51},{"$f":"[1]Pos!E1707","v":4.5999999999999996}]
[{"$f":"[1]Pos!A1708","v":"4142P06"},{"$f":"[1]Pos!B1708","v":"PO-0017215"},{"$f":"[1]Pos!C1708","v":"BENI"},{"$f":"[1]Pos!D1708","v":807.6},{"$f":"[1]Pos!E1708","v":4.8499999999999996}]
[{"$f":"[1]Pos!A1709","v":"4142P07"},{"$f":"[1]Pos!B1709","v":"PO-0017213"},{"$f":"[1]Pos!C1709","v":"DMA"},{"$f":"[1]Pos!D1709","v":3000},{"$f":"[1]Pos!E1709","v":6.3}]
[{"$f":"[1]Pos!A1710","v":"4142P08"},{"$f":"[1]Pos!B1710","v":"PO-0017230"},{"$f":"[1]Pos!C1710","v":"CENT"},{"$f":"[1]Pos!D1710","v":2721.6},{"$f":"[1]Pos!E1710","v":4.45}]
[{"$f":"[1]Pos!A1711","v":"4142P09"},{"$f":"[1]Pos!B1711","v":"PO-0017230"},{"$f":"[1]Pos!C1711","v":"CENT"},{"$f":"[1]Pos!D1711","v":3265.92},{"$f":"[1]Pos!E1711","v":7}]
[{"$f":"[1]Pos!A1712","v":"4142P10"},{"$f":"[1]Pos!B1712","v":"PO-0017242"},{"$f":"[1]Pos!C1712","v":"CENT"},{"$f":"[1]Pos!D1712","v":1632.96},{"$f":"[1]Pos!E1712","v":7}]
[{"$f":"[1]Pos!A1713","v":"4143B01"},{"$f":"[1]Pos!B1713","v":"PO-0017204"},{"$f":"[1]Pos!C1713","v":"BOUC"},{"$f":"[1]Pos!D1713","v":166.36},{"$f":"[1]Pos!E1713","v":4.87}]
[{"$f":"[1]Pos!A1714","v":"4143B02"},{"$f":"[1]Pos!B1714","v":"PO-0017233"},{"$f":"[1]Pos!C1714","v":"OLYM"},{"$f":"[1]Pos!D1714","v":213.32},{"$f":"[1]Pos!E1714","v":5.57}]
[{"$f":"[1]Pos!A1715","v":"4143B03"},{"$f":"[1]Pos!B1715","v":"PO-0017271"},{"$f":"[1]Pos!C1715","v":"WHIT"},{"$f":"[1]Pos!D1715","v":213.46},{"$f":"[1]Pos!E1715","v":12.25}]
[{"$f":"[1]Pos!A1716","v":"4143B04"},{"$f":"[1]Pos!B1716","v":"PO-0017346"},{"$f":"[1]Pos!C1716","v":"CHIS"},{"$f":"[1]Pos!D1716","v":18291.84},{"$f":"[1]Pos!E1716","v":2.0499999999999998}]
[{"$f":"[1]Pos!A1717","v":"4143D01"},{"$f":"[1]Pos!B1717","v":"PO-0017237"},{"$f":"[1]Pos!C1717","v":"OLYM"},{"$f":"[1]Pos!D1717","v":1500},{"$f":"[1]Pos!E1717","v":7.46}]
[{"$f":"[1]Pos!A1718","v":"4143D02"},{"$f":"[1]Pos!B1718","v":"PO-0017237"},{"$f":"[1]Pos!C1718","v":"OLYM"},{"$f":"[1]Pos!D1718","v":1500},{"$f":"[1]Pos!E1718","v":7.7}]
[{"$f":"[1]Pos!A1719","v":"4143P01"},{"$f":"[1]Pos!B1719","v":"PO-0017207"},{"$f":"[1]Pos!C1719","v":"CENT"},{"$f":"[1]Pos!D1719","v":162},{"$f":"[1]Pos!E1719","v":6.5}]
[{"$f":"[1]Pos!A1720","v":"4143P02"},{"$f":"[1]Pos!B1720","v":"PO-0017215"},{"$f":"[1]Pos!C1720","v":"BENI"},{"$f":"[1]Pos!D1720","v":795.03},{"$f":"[1]Pos!E1720","v":4.55}]
[{"$f":"[1]Pos!A1721","v":"4143P03"},{"$f":"[1]Pos!B1721","v":"PO-0017214"},{"$f":"[1]Pos!C1721","v":"ACCU"},{"$f":"[1]Pos!D1721","v":900},{"$f":"[1]Pos!E1721","v":4.2}]
[{"$f":"[1]Pos!A1722","v":"4143P04"},{"$f":"[1]Pos!B1722","v":"PO-0017232"},{"$f":"[1]Pos!C1722","v":"DMA"},{"$f":"[1]Pos!D1722","v":2000},{"$f":"[1]Pos!E1722","v":6.3}]
[{"$f":"[1]Pos!A1723","v":"4143P05"},{"$f":"[1]Pos!B1723","v":"PO-0017242"},{"$f":"[1]Pos!C1723","v":"CENT"},{"$f":"[1]Pos!D1723","v":1814.4},{"$f":"[1]Pos!E1723","v":4.45}]
[{"$f":"[1]Pos!A1724","v":"4144B01"},{"$f":"[1]Pos!B1724","v":"PO-0017239"},{"$f":"[1]Pos!C1724","v":"RYDI"},{"$f":"[1]Pos!D1724","v":1633.5},{"$f":"[1]Pos!E1724","v":4.37}]
[{"$f":"[1]Pos!A1725","v":"4144B02"},{"$f":"[1]Pos!B1725","v":"PO-0017363"},{"$f":"[1]Pos!C1725","v":"DECA"},{"$f":"[1]Pos!D1725","v":632.76},{"$f":"[1]Pos!E1725","v":13.19}]
[{"$f":"[1]Pos!A1726","v":"4144B03"},{"$f":"[1]Pos!B1726","v":"PO-0017377"},{"$f":"[1]Pos!C1726","v":"DECA"},{"$f":"[1]Pos!D1726","v":576.1},{"$f":"[1]Pos!E1726","v":6.95}]
[{"$f":"[1]Pos!A1727","v":"4144B04"},{"$f":"[1]Pos!B1727","v":"PO-0017878"},{"$f":"[1]Pos!C1727","v":"C&C"},{"$f":"[1]Pos!D1727","v":5120.59},{"$f":"[1]Pos!E1727","v":7.15}]
[{"$f":"[1]Pos!A1728","v":"4144P01"},{"$f":"[1]Pos!B1728","v":"PO-0017211"},{"$f":"[1]Pos!C1728","v":"OLYM"},{"$f":"[1]Pos!D1728","v":279.72000000000003},{"$f":"[1]Pos!E1728","v":3.75}]
[{"$f":"[1]Pos!A1729","v":"4144P02"},{"$f":"[1]Pos!B1729","v":"PO-0017211"},{"$f":"[1]Pos!C1729","v":"OLYM"},{"$f":"[1]Pos!D1729","v":30.41},{"$f":"[1]Pos!E1729","v":3.4}]
[{"$f":"[1]Pos!A1730","v":"4144P03"},{"$f":"[1]Pos!B1730","v":"PO-0017220"},{"$f":"[1]Pos!C1730","v":"CENT"},{"$f":"[1]Pos!D1730","v":425},{"$f":"[1]Pos!E1730","v":6.5}]
[{"$f":"[1]Pos!A1731","v":"4144P04"},{"$f":"[1]Pos!B1731","v":"PO-0017230"},{"$f":"[1]Pos!C1731","v":"CENT"},{"$f":"[1]Pos!D1731","v":140},{"$f":"[1]Pos!E1731","v":6.5}]
[{"$f":"[1]Pos!A1732","v":"4144P05"},{"$f":"[1]Pos!B1732","v":"PO-0017231"},{"$f":"[1]Pos!C1732","v":"EXCE"},{"$f":"[1]Pos!D1732","v":1285.5899999999999},{"$f":"[1]Pos!E1732","v":4.8}]
[{"$f":"[1]Pos!A1733","v":"4144P06"},{"$f":"[1]Pos!B1733","v":"PO-0017235"},{"$f":"[1]Pos!C1733","v":"ACCU"},{"$f":"[1]Pos!D1733","v":900},{"$f":"[1]Pos!E1733","v":4.2}]
[{"$f":"[1]Pos!A1734","v":"4145B01"},{"$f":"[1]Pos!B1734","v":"PO-0017264"},{"$f":"[1]Pos!C1734","v":"DECA"},{"$f":"[1]Pos!D1734","v":155.16},{"$f":"[1]Pos!E1734","v":5.27}]
[{"$f":"[1]Pos!A1735","v":"4145B02"},{"$f":"[1]Pos!B1735","v":"PO-0017271"},{"$f":"[1]Pos!C1735","v":"WHIT"},{"$f":"[1]Pos!D1735","v":148.08000000000001},{"$f":"[1]Pos!E1735","v":6.75}]
[{"$f":"[1]Pos!A1736","v":"4145B03"},{"$f":"[1]Pos!B1736","v":"PO-0017317"},{"$f":"[1]Pos!C1736","v":"LARO"},{"$f":"[1]Pos!D1736","v":816.6},{"$f":"[1]Pos!E1736","v":3.72}]
[{"$f":"[1]Pos!A1737","v":"4145B04"},{"$f":"[1]Pos!B1737","v":"PO-0017340"},{"$f":"[1]Pos!C1737","v":"DECA"},{"$f":"[1]Pos!D1737","v":157.53263000000001},{"$f":"[1]Pos!E1737","v":6.36}]
[{"$f":"[1]Pos!A1738","v":"4145D01"},{"$f":"[1]Pos!B1738","v":"PO-0017208"},{"$f":"[1]Pos!C1738","v":"SKOT"},{"$f":"[1]Pos!D1738","v":50},{"$f":"[1]Pos!E1738","v":52.75}]
[{"$f":"[1]Pos!A1739","v":"4145P01"},{"$f":"[1]Pos!B1739","v":"PO-0017177"},{"$f":"[1]Pos!C1739","v":"BENI"},{"$f":"[1]Pos!D1739","v":797.81},{"$f":"[1]Pos!E1739","v":4.7}]
[{"$f":"[1]Pos!A1740","v":"4145P02"},{"$f":"[1]Pos!B1740","v":"PO-0017240"},{"$f":"[1]Pos!C1740","v":"DMA"},{"$f":"[1]Pos!D1740","v":2000},{"$f":"[1]Pos!E1740","v":6.3}]
[{"$f":"[1]Pos!A1741","v":"4145P03"},{"$f":"[1]Pos!B1741","v":"PO-0017234"},{"$f":"[1]Pos!C1741","v":"EXCE"},{"$f":"[1]Pos!D1741","v":1927.06},{"$f":"[1]Pos!E1741","v":4.8}]
[{"$f":"[1]Pos!A1742","v":"4145P04"},{"$f":"[1]Pos!B1742","v":"PO-0017234"},{"$f":"[1]Pos!C1742","v":"EXCE"},{"$f":"[1]Pos!D1742","v":184.34},{"$f":"[1]Pos!E1742","v":2.6}]
[{"$f":"[1]Pos!A1743","v":"4145P05"},{"$f":"[1]Pos!B1743","v":"PO-0017234"},{"$f":"[1]Pos!C1743","v":"EXCE"},{"$f":"[1]Pos!D1743","v":181.85},{"$f":"[1]Pos!E1743","v":3.5}]
[{"$f":"[1]Pos!A1744","v":"4145P06"},{"$f":"[1]Pos!B1744","v":"PO-0017250"},{"$f":"[1]Pos!C1744","v":"CENT"},{"$f":"[1]Pos!D1744","v":3628.8},{"$f":"[1]Pos!E1744","v":4.5}]
[{"$f":"[1]Pos!A1745","v":"4146B01"},{"$f":"[1]Pos!B1745","v":"PO-0017265"},{"$f":"[1]Pos!C1745","v":"DECA"},{"$f":"[1]Pos!D1745","v":94.77},{"$f":"[1]Pos!E1745","v":25.79}]
[{"$f":"[1]Pos!A1746","v":"4146B02"},{"$f":"[1]Pos!B1746","v":"PO-0017264"},{"$f":"[1]Pos!C1746","v":"DECA"},{"$f":"[1]Pos!D1746","v":34.39},{"$f":"[1]Pos!E1746","v":4.7300000000000004}]
[{"$f":"[1]Pos!A1747","v":"4146B03"},{"$f":"[1]Pos!B1747","v":"PO-0017259"},{"$f":"[1]Pos!C1747","v":"DECA"},{"$f":"[1]Pos!D1747","v":28.9},{"$f":"[1]Pos!E1747","v":15.5}]
[{"$f":"[1]Pos!A1748","v":"4146P01"},{"$f":"[1]Pos!B1748","v":"PO-0017247"},{"$f":"[1]Pos!C1748","v":"EXCE"},{"$f":"[1]Pos!D1748","v":546.47},{"$f":"[1]Pos!E1748","v":3.3}]
[{"$f":"[1]Pos!A1749","v":"4146P02"},{"$f":"[1]Pos!B1749","v":"PO-0017243"},{"$f":"[1]Pos!C1749","v":"DESC"},{"$f":"[1]Pos!D1749","v":3628.8},{"$f":"[1]Pos!E1749","v":7.1}]
[{"$f":"[1]Pos!A1750","v":"4146P03"},{"$f":"[1]Pos!B1750","v":"PO-0017262"},{"$f":"[1]Pos!C1750","v":"CENT"},{"$f":"[1]Pos!D1750","v":3628.8},{"$f":"[1]Pos!E1750","v":4.5}]
[{"$f":"[1]Pos!A1751","v":"4146P04"},{"$f":"[1]Pos!B1751","v":"PO-0017260"},{"$f":"[1]Pos!C1751","v":"DESC"},{"$f":"[1]Pos!D1751","v":907.2},{"$f":"[1]Pos!E1751","v":7.1}]
[{"$f":"[1]Pos!A1752","v":"4146P05"},{"$f":"[1]Pos!B1752","v":"PO-0017278"},{"$f":"[1]Pos!C1752","v":"CENT"},{"$f":"[1]Pos!D1752","v":2576.4499999999998},{"$f":"[1]Pos!E1752","v":4.5}]
[{"$f":"[1]Pos!A1753","v":"4147P01"},{"$f":"[1]Pos!B1753","v":"PO-0017247"},{"$f":"[1]Pos!C1753","v":"EXCE"},{"$f":"[1]Pos!D1753","v":1929.02},{"$f":"[1]Pos!E1753","v":4.8}]
[{"$f":"[1]Pos!A1754","v":"4147P02"},{"$f":"[1]Pos!B1754","v":"PO-0017252"},{"$f":"[1]Pos!C1754","v":"OLYM"},{"$f":"[1]Pos!D1754","v":283.48},{"$f":"[1]Pos!E1754","v":3.8}]
[{"$f":"[1]Pos!A1755","v":"4151B01"},{"$f":"[1]Pos!B1755","v":"PO-0017336"},{"$f":"[1]Pos!C1755","v":"DECA"},{"$f":"[1]Pos!D1755","v":588.95000000000005},{"$f":"[1]Pos!E1755","v":6.75}]
[{"$f":"[1]Pos!A1756","v":"4152B01"},{"$f":"[1]Pos!B1756","v":"PO-0017266"},{"$f":"[1]Pos!C1756","v":"DECA"},{"$f":"[1]Pos!D1756","v":78.400000000000006},{"$f":"[1]Pos!E1756","v":4.46}]
[{"$f":"[1]Pos!A1757","v":"4152B02"},{"$f":"[1]Pos!B1757","v":"PO-0017271"},{"$f":"[1]Pos!C1757","v":"WHIT"},{"$f":"[1]Pos!D1757","v":130.74},{"$f":"[1]Pos!E1757","v":6.65}]
[{"$f":"[1]Pos!A1758","v":"4152B03"},{"$f":"[1]Pos!B1758","v":"PO-0017377"},{"$f":"[1]Pos!C1758","v":"DECA"},{"$f":"[1]Pos!D1758","v":550.14},{"$f":"[1]Pos!E1758","v":8.2899999999999991}]
[{"$f":"[1]Pos!A1759","v":"4152D01"},{"$f":"[1]Pos!B1759","v":"PO-0017248"},{"$f":"[1]Pos!C1759","v":"PETI"},{"$f":"[1]Pos!D1759","v":750},{"$f":"[1]Pos!E1759","v":8.11}]
[{"$f":"[1]Pos!A1760","v":"4152P01"},{"$f":"[1]Pos!B1760","v":"PO-0017252"},{"$f":"[1]Pos!C1760","v":"OLYM"},{"$f":"[1]Pos!D1760","v":66.64},{"$f":"[1]Pos!E1760","v":3.4}]
[{"$f":"[1]Pos!A1761","v":"4152P02"},{"$f":"[1]Pos!B1761","v":"PO-0017261"},{"$f":"[1]Pos!C1761","v":"DMA"},{"$f":"[1]Pos!D1761","v":2000},{"$f":"[1]Pos!E1761","v":6.6}]
[{"$f":"[1]Pos!A1762","v":"4152P03"},{"$f":"[1]Pos!B1762","v":"PO-0017278"},{"$f":"[1]Pos!C1762","v":"CENT"},{"$f":"[1]Pos!D1762","v":1930.26},{"$f":"[1]Pos!E1762","v":4.5999999999999996}]
[{"$f":"[1]Pos!A1763","v":"4152P04"},{"$f":"[1]Pos!B1763","v":"PO-0017288"},{"$f":"[1]Pos!C1763","v":"CENT"},{"$f":"[1]Pos!D1763","v":2721.6},{"$f":"[1]Pos!E1763","v":4.5}]
[{"$f":"[1]Pos!A1764","v":"4152P05"},{"$f":"[1]Pos!B1764","v":"PO-0017288"},{"$f":"[1]Pos!C1764","v":"CENT"},{"$f":"[1]Pos!D1764","v":3265.92},{"$f":"[1]Pos!E1764","v":7.1}]
[{"$f":"[1]Pos!A1765","v":"4152P06"},{"$f":"[1]Pos!B1765","v":"PO-0017302"},{"$f":"[1]Pos!C1765","v":"CENT"},{"$f":"[1]Pos!D1765","v":1632.96},{"$f":"[1]Pos!E1765","v":7.1}]
[{"$f":"[1]Pos!A1766","v":"4153B01"},{"$f":"[1]Pos!B1766","v":"PO-0017325"},{"$f":"[1]Pos!C1766","v":"DECA"},{"$f":"[1]Pos!D1766","v":787.16634799999997},{"$f":"[1]Pos!E1766","v":5.15}]
[{"$f":"[1]Pos!A1767","v":"4153D01"},{"$f":"[1]Pos!B1767","v":"PO-0017277"},{"$f":"[1]Pos!C1767","v":"OLYM"},{"$f":"[1]Pos!D1767","v":500},{"$f":"[1]Pos!E1767","v":7.79}]
[{"$f":"[1]Pos!A1768","v":"4153P01"},{"$f":"[1]Pos!B1768","v":"PO-0017272"},{"$f":"[1]Pos!C1768","v":"CENT"},{"$f":"[1]Pos!D1768","v":70},{"$f":"[1]Pos!E1768","v":6.5}]
[{"$f":"[1]Pos!A1769","v":"4153P02"},{"$f":"[1]Pos!B1769","v":"PO-0017280"},{"$f":"[1]Pos!C1769","v":"OLYM"},{"$f":"[1]Pos!D1769","v":141.87},{"$f":"[1]Pos!E1769","v":3.75}]
[{"$f":"[1]Pos!A1770","v":"4153P03"},{"$f":"[1]Pos!B1770","v":"PO-0017270"},{"$f":"[1]Pos!C1770","v":"EXCE"},{"$f":"[1]Pos!D1770","v":1284.1099999999999},{"$f":"[1]Pos!E1770","v":4.8}]
[{"$f":"[1]Pos!A1771","v":"4153P04"},{"$f":"[1]Pos!B1771","v":"PO-0017270"},{"$f":"[1]Pos!C1771","v":"EXCE"},{"$f":"[1]Pos!D1771","v":183.25},{"$f":"[1]Pos!E1771","v":2.6}]
[{"$f":"[1]Pos!A1772","v":"4153P05"},{"$f":"[1]Pos!B1772","v":"PO-0017270"},{"$f":"[1]Pos!C1772","v":"EXCE"},{"$f":"[1]Pos!D1772","v":364.16},{"$f":"[1]Pos!E1772","v":3.4}]
[{"$f":"[1]Pos!A1773","v":"4153P06"},{"$f":"[1]Pos!B1773","v":"PO-0017270"},{"$f":"[1]Pos!C1773","v":"EXCE"},{"$f":"[1]Pos!D1773","v":80.37},{"$f":"[1]Pos!E1773","v":3.97}]
[{"$f":"[1]Pos!A1774","v":"4153P07"},{"$f":"[1]Pos!B1774","v":"PO-0017281"},{"$f":"[1]Pos!C1774","v":"DMA"},{"$f":"[1]Pos!D1774","v":2000},{"$f":"[1]Pos!E1774","v":6.6}]
[{"$f":"[1]Pos!A1775","v":"4153P08"},{"$f":"[1]Pos!B1775","v":"PO-0017282"},{"$f":"[1]Pos!C1775","v":"ACCU"},{"$f":"[1]Pos!D1775","v":1800},{"$f":"[1]Pos!E1775","v":4.2}]
[{"$f":"[1]Pos!A1776","v":"4153P09"},{"$f":"[1]Pos!B1776","v":"PO-0017302"},{"$f":"[1]Pos!C1776","v":"CENT"},{"$f":"[1]Pos!D1776","v":2721.6},{"$f":"[1]Pos!E1776","v":4.5}]
[{"$f":"[1]Pos!A1777","v":"4154B01"},{"$f":"[1]Pos!B1777","v":"PO-0017283"},{"$f":"[1]Pos!C1777","v":"DECA"},{"$f":"[1]Pos!D1777","v":39.94},{"$f":"[1]Pos!E1777","v":4.7300000000000004}]
[{"$f":"[1]Pos!A1778","v":"4154B02"},{"$f":"[1]Pos!B1778","v":"PO-0017289"},{"$f":"[1]Pos!C1778","v":"DECA"},{"$f":"[1]Pos!D1778","v":124.38},{"$f":"[1]Pos!E1778","v":4.7300000000000004}]
[{"$f":"[1]Pos!A1779","v":"4154B03"},{"$f":"[1]Pos!B1779","v":"PO-0017299"},{"$f":"[1]Pos!C1779","v":"LARO"},{"$f":"[1]Pos!D1779","v":369.56},{"$f":"[1]Pos!E1779","v":3.95}]
[{"$f":"[1]Pos!A1780","v":"4154B04"},{"$f":"[1]Pos!B1780","v":"PO-0017304"},{"$f":"[1]Pos!C1780","v":"GIRO"},{"$f":"[1]Pos!D1780","v":3014.46},{"$f":"[1]Pos!E1780","v":6.66}]
[{"$f":"[1]Pos!A1781","v":"4154D01"},{"$f":"[1]Pos!B1781","v":"PO-0017276"},{"$f":"[1]Pos!C1781","v":"OLYM"},{"$f":"[1]Pos!D1781","v":1000},{"$f":"[1]Pos!E1781","v":7.61}]
[{"$f":"[1]Pos!A1782","v":"4154P01"},{"$f":"[1]Pos!B1782","v":"PO-0017280"},{"$f":"[1]Pos!C1782","v":"OLYM"},{"$f":"[1]Pos!D1782","v":54.68},{"$f":"[1]Pos!E1782","v":3.4}]
[{"$f":"[1]Pos!A1783","v":"4154P02"},{"$f":"[1]Pos!B1783","v":"PO-0017290"},{"$f":"[1]Pos!C1783","v":"DMA"},{"$f":"[1]Pos!D1783","v":2000},{"$f":"[1]Pos!E1783","v":6.6}]
[{"$f":"[1]Pos!A1784","v":"4154P03"},{"$f":"[1]Pos!B1784","v":"PO-0017312"},{"$f":"[1]Pos!C1784","v":"CENT"},{"$f":"[1]Pos!D1784","v":1016.05},{"$f":"[1]Pos!E1784","v":7.1}]
[{"$f":"[1]Pos!A1785","v":"4155B01"},{"$f":"[1]Pos!B1785","v":"PO-0017276"},{"$f":"[1]Pos!C1785","v":"OLYM"},{"$f":"[1]Pos!D1785","v":134.5},{"$f":"[1]Pos!E1785","v":5.57}]
[{"$f":"[1]Pos!A1786","v":"4155B02"},{"$f":"[1]Pos!B1786","v":"PO-0017295"},{"$f":"[1]Pos!C1786","v":"DELF"},{"$f":"[1]Pos!D1786","v":715.74},{"$f":"[1]Pos!E1786","v":6.19}]
[{"$f":"[1]Pos!A1787","v":"4155B03"},{"$f":"[1]Pos!B1787","v":"PO-0017308"},{"$f":"[1]Pos!C1787","v":"DECA"},{"$f":"[1]Pos!D1787","v":83.1},{"$f":"[1]Pos!E1787","v":4.21}]
[{"$f":"[1]Pos!A1788","v":"4155B04"},{"$f":"[1]Pos!B1788","v":"PO-0017498"},{"$f":"[1]Pos!C1788","v":"GEOR"},{"$f":"[1]Pos!D1788","v":150.69},{"$f":"[1]Pos!E1788","v":13.89}]
[{"$f":"[1]Pos!A1789","v":"4155D01"},{"$f":"[1]Pos!B1789","v":"PO-0017284"},{"$f":"[1]Pos!C1789","v":"OLYM"},{"$f":"[1]Pos!D1789","v":22.79},{"$f":"[1]Pos!E1789","v":4.5}]
[{"$f":"[1]Pos!A1790","v":"4155D02"},{"$f":"[1]Pos!B1790","v":"PO-0017276"},{"$f":"[1]Pos!C1790","v":"OLYM"},{"$f":"[1]Pos!D1790","v":1000},{"$f":"[1]Pos!E1790","v":7.85}]
[{"$f":"[1]Pos!A1791","v":"4155P01"},{"$f":"[1]Pos!B1791","v":"PO-0017302"},{"$f":"[1]Pos!C1791","v":"CENT"},{"$f":"[1]Pos!D1791","v":1440},{"$f":"[1]Pos!E1791","v":4.5}]
[{"$f":"[1]Pos!A1792","v":"4155P02"},{"$f":"[1]Pos!B1792","v":"PO-0017291"},{"$f":"[1]Pos!C1792","v":"EXCE"},{"$f":"[1]Pos!D1792","v":2570.7199999999998},{"$f":"[1]Pos!E1792","v":4.8}]
[{"$f":"[1]Pos!A1793","v":"4155P03"},{"$f":"[1]Pos!B1793","v":"PO-0017291"},{"$f":"[1]Pos!C1793","v":"EXCE"},{"$f":"[1]Pos!D1793","v":363.4},{"$f":"[1]Pos!E1793","v":3.3}]
[{"$f":"[1]Pos!A1794","v":"4155P04"},{"$f":"[1]Pos!B1794","v":"PO-0017291"},{"$f":"[1]Pos!C1794","v":"EXCE"},{"$f":"[1]Pos!D1794","v":36.28},{"$f":"[1]Pos!E1794","v":3.2}]
[{"$f":"[1]Pos!A1795","v":"4155P05"},{"$f":"[1]Pos!B1795","v":"PO-0017305"},{"$f":"[1]Pos!C1795","v":"OLYM"},{"$f":"[1]Pos!D1795","v":294.33},{"$f":"[1]Pos!E1795","v":3.75}]
[{"$f":"[1]Pos!A1796","v":"4155P06"},{"$f":"[1]Pos!B1796","v":"PO-0017307"},{"$f":"[1]Pos!C1796","v":"SOBE"},{"$f":"[1]Pos!D1796","v":18285.59},{"$f":"[1]Pos!E1796","v":3.15}]
[{"$f":"[1]Pos!A1797","v":"4155P07"},{"$f":"[1]Pos!B1797","v":"PO-0017312"},{"$f":"[1]Pos!C1797","v":"CENT"},{"$f":"[1]Pos!D1797","v":1620},{"$f":"[1]Pos!E1797","v":4.5999999999999996}]
[{"$f":"[1]Pos!A1798","v":"4155P08"},{"$f":"[1]Pos!B1798","v":"PO-0017312"},{"$f":"[1]Pos!C1798","v":"CENT"},{"$f":"[1]Pos!D1798","v":1814.4},{"$f":"[1]Pos!E1798","v":4.55}]
[{"$f":"[1]Pos!A1799","v":"4155P09"},{"$f":"[1]Pos!B1799","v":"PO-0017318"},{"$f":"[1]Pos!C1799","v":"EXCE"},{"$f":"[1]Pos!D1799","v":78.61},{"$f":"[1]Pos!E1799","v":3.97}]
[{"$f":"[1]Pos!A1800","v":"4155P10"},{"$f":"[1]Pos!B1800","v":"PO-0017319"},{"$f":"[1]Pos!C1800","v":"CENT"},{"$f":"[1]Pos!D1800","v":1814.4},{"$f":"[1]Pos!E1800","v":4.5999999999999996}]
[{"$f":"[1]Pos!A1801","v":"4156B01"},{"$f":"[1]Pos!B1801","v":"PO-0017322"},{"$f":"[1]Pos!C1801","v":"RYDI"},{"$f":"[1]Pos!D1801","v":1655.5},{"$f":"[1]Pos!E1801","v":6.41}]
[{"$f":"[1]Pos!A1802","v":"4156B02"},{"$f":"[1]Pos!B1802","v":"PO-0017315"},{"$f":"[1]Pos!C1802","v":"GIRO"},{"$f":"[1]Pos!D1802","v":2513.1799999999998},{"$f":"[1]Pos!E1802","v":6.66}]
[{"$f":"[1]Pos!A1803","v":"4156B03"},{"$f":"[1]Pos!B1803","v":"PO-0017368"},{"$f":"[1]Pos!C1803","v":"C&C"},{"$f":"[1]Pos!D1803","v":319.47000000000003},{"$f":"[1]Pos!E1803","v":13.19}]
[{"$f":"[1]Pos!A1804","v":"4156B04"},{"$f":"[1]Pos!B1804","v":"PO-0017269"},{"$f":"[1]Pos!C1804","v":"OLYM"},{"$f":"[1]Pos!D1804","v":4115.3999999999996},{"$f":"[1]Pos!E1804","v":3.75}]
[{"$f":"[1]Pos!A1805","v":"4156P01"},{"$f":"[1]Pos!B1805","v":"PO-0017312"},{"$f":"[1]Pos!C1805","v":"CENT"},{"$f":"[1]Pos!D1805","v":100},{"$f":"[1]Pos!E1805","v":6.5}]
[{"$f":"[1]Pos!A1806","v":"4156P02"},{"$f":"[1]Pos!B1806","v":"PO-0017310"},{"$f":"[1]Pos!C1806","v":"DMA"},{"$f":"[1]Pos!D1806","v":6000},{"$f":"[1]Pos!E1806","v":6.6}]
[{"$f":"[1]Pos!A1807","v":"4156P03"},{"$f":"[1]Pos!B1807","v":"PO-0017311"},{"$f":"[1]Pos!C1807","v":"MOND"},{"$f":"[1]Pos!D1807","v":4082.4},{"$f":"[1]Pos!E1807","v":6.55}]
[{"$f":"[1]Pos!A1808","v":"4156P04"},{"$f":"[1]Pos!B1808","v":"PO-0017318"},{"$f":"[1]Pos!C1808","v":"EXCE"},{"$f":"[1]Pos!D1808","v":351.99},{"$f":"[1]Pos!E1808","v":3.3}]
[{"$f":"[1]Pos!A1809","v":"4156P05"},{"$f":"[1]Pos!B1809","v":"PO-0017326"},{"$f":"[1]Pos!C1809","v":"DESC"},{"$f":"[1]Pos!D1809","v":1814.4},{"$f":"[1]Pos!E1809","v":7.1}]
[{"$f":"[1]Pos!A1810","v":"4157B01"},{"$f":"[1]Pos!B1810","v":"PO-0017335"},{"$f":"[1]Pos!C1810","v":"JBS"},{"$f":"[1]Pos!D1810","v":18583.5},{"$f":"[1]Pos!E1810","v":5.64}]
[{"$f":"[1]Pos!A1811","v":"4157B02"},{"$f":"[1]Pos!B1811","v":"PO-0017772"},{"$f":"[1]Pos!C1811","v":"LACR"},{"$f":"[1]Pos!D1811","v":8574},{"$f":"[1]Pos!E1811","v":4.3}]
[{"$f":"[1]Pos!A1812","v":"4157P01"},{"$f":"[1]Pos!B1812","v":"PO-0017311"},{"$f":"[1]Pos!C1812","v":"MOND"},{"$f":"[1]Pos!D1812","v":4082.4},{"$f":"[1]Pos!E1812","v":5.85}]
[{"$f":"[1]Pos!A1813","v":"4157P02"},{"$f":"[1]Pos!B1813","v":"PO-0017318"},{"$f":"[1]Pos!C1813","v":"EXCE"},{"$f":"[1]Pos!D1813","v":642.24},{"$f":"[1]Pos!E1813","v":4.8}]
[{"$f":"[1]Pos!A1814","v":"4162B01"},{"$f":"[1]Pos!B1814","v":"PO-0017308"},{"$f":"[1]Pos!C1814","v":"DECA"},{"$f":"[1]Pos!D1814","v":114.56},{"$f":"[1]Pos!E1814","v":4.16}]
[{"$f":"[1]Pos!A1815","v":"4162B02"},{"$f":"[1]Pos!B1815","v":"PO-0017330"},{"$f":"[1]Pos!C1815","v":"DECA"},{"$f":"[1]Pos!D1815","v":78.64},{"$f":"[1]Pos!E1815","v":4.16}]
[{"$f":"[1]Pos!A1816","v":"4162B03"},{"$f":"[1]Pos!B1816","v":"PO-0017350"},{"$f":"[1]Pos!C1816","v":"LARO"},{"$f":"[1]Pos!D1816","v":499.32},{"$f":"[1]Pos!E1816","v":3.95}]
[{"$f":"[1]Pos!A1817","v":"4162B04"},{"$f":"[1]Pos!B1817","v":"PO-0017367"},{"$f":"[1]Pos!C1817","v":"C&C"},{"$f":"[1]Pos!D1817","v":1633.2},{"$f":"[1]Pos!E1817","v":3.89}]
[{"$f":"[1]Pos!A1818","v":"4162B05"},{"$f":"[1]Pos!B1818","v":"PO-0017385"},{"$f":"[1]Pos!C1818","v":"WHIT"},{"$f":"[1]Pos!D1818","v":214.56},{"$f":"[1]Pos!E1818","v":12.25}]
[{"$f":"[1]Pos!A1819","v":"4162B06"},{"$f":"[1]Pos!B1819","v":"PO-0017432"},{"$f":"[1]Pos!C1819","v":"C&C"},{"$f":"[1]Pos!D1819","v":4083},{"$f":"[1]Pos!E1819","v":3.89}]
[{"$f":"[1]Pos!A1820","v":"4162B07"},{"$f":"[1]Pos!B1820","v":"PO-0017745"},{"$f":"[1]Pos!C1820","v":"GEOR"},{"$f":"[1]Pos!D1820","v":206.92},{"$f":"[1]Pos!E1820","v":9.19}]
[{"$f":"[1]Pos!A1821","v":"4162B08"},{"$f":"[1]Pos!B1821","v":"PO-0018137"},{"$f":"[1]Pos!C1821","v":"CHIS"},{"$f":"[1]Pos!D1821","v":8188.28},{"$f":"[1]Pos!E1821","v":3.25}]
[{"$f":"[1]Pos!A1822","v":"4162P01"},{"$f":"[1]Pos!B1822","v":"PO-0017324"},{"$f":"[1]Pos!C1822","v":"MOND"},{"$f":"[1]Pos!D1822","v":1814.4},{"$f":"[1]Pos!E1822","v":6.55}]
[{"$f":"[1]Pos!A1823","v":"4162P02"},{"$f":"[1]Pos!B1823","v":"PO-0017323"},{"$f":"[1]Pos!C1823","v":"PEGA"},{"$f":"[1]Pos!D1823","v":1500},{"$f":"[1]Pos!E1823","v":6.15}]
[{"$f":"[1]Pos!A1824","v":"4162P03"},{"$f":"[1]Pos!B1824","v":"PO-0017320"},{"$f":"[1]Pos!C1824","v":"DMA"},{"$f":"[1]Pos!D1824","v":6000},{"$f":"[1]Pos!E1824","v":6.6}]
[{"$f":"[1]Pos!A1825","v":"4162P04"},{"$f":"[1]Pos!B1825","v":"PO-0017347"},{"$f":"[1]Pos!C1825","v":"CENT"},{"$f":"[1]Pos!D1825","v":1632.96},{"$f":"[1]Pos!E1825","v":7.5}]
[{"$f":"[1]Pos!A1826","v":"4162P05"},{"$f":"[1]Pos!B1826","v":"PO-0017341"},{"$f":"[1]Pos!C1826","v":"DESC"},{"$f":"[1]Pos!D1826","v":2721.6},{"$f":"[1]Pos!E1826","v":6.5}]
[{"$f":"[1]Pos!A1827","v":"4162P06"},{"$f":"[1]Pos!B1827","v":"PO-0017360"},{"$f":"[1]Pos!C1827","v":"CENT"},{"$f":"[1]Pos!D1827","v":2449.44},{"$f":"[1]Pos!E1827","v":7.25}]
[{"$f":"[1]Pos!A1828","v":"4163B01"},{"$f":"[1]Pos!B1828","v":"PO-0017381"},{"$f":"[1]Pos!C1828","v":"EAST"},{"$f":"[1]Pos!D1828","v":3510.5298109999999},{"$f":"[1]Pos!E1828","v":4.3899999999999997}]
[{"$f":"[1]Pos!A1829","v":"4163P01"},{"$f":"[1]Pos!B1829","v":"PO-0017331"},{"$f":"[1]Pos!C1829","v":"OLYM"},{"$f":"[1]Pos!D1829","v":282.42},{"$f":"[1]Pos!E1829","v":3.8}]
[{"$f":"[1]Pos!A1830","v":"4163P02"},{"$f":"[1]Pos!B1830","v":"PO-0017333"},{"$f":"[1]Pos!C1830","v":"DMA"},{"$f":"[1]Pos!D1830","v":6000},{"$f":"[1]Pos!E1830","v":6.6}]
[{"$f":"[1]Pos!A1831","v":"4164B01"},{"$f":"[1]Pos!B1831","v":"PO-0017331"},{"$f":"[1]Pos!C1831","v":"OLYM"},{"$f":"[1]Pos!D1831","v":215.26},{"$f":"[1]Pos!E1831","v":5.32}]
[{"$f":"[1]Pos!A1832","v":"4164B02"},{"$f":"[1]Pos!B1832","v":"PO-0017343"},{"$f":"[1]Pos!C1832","v":"BOUC"},{"$f":"[1]Pos!D1832","v":311.36},{"$f":"[1]Pos!E1832","v":4.7699999999999996}]
[{"$f":"[1]Pos!A1833","v":"4164B03"},{"$f":"[1]Pos!B1833","v":"PO-0017993"},{"$f":"[1]Pos!C1833","v":"CHIS"},{"$f":"[1]Pos!D1833","v":7921},{"$f":"[1]Pos!E1833","v":3.25}]
[{"$f":"[1]Pos!A1834","v":"4164D01"},{"$f":"[1]Pos!B1834","v":"PO-0017339"},{"$f":"[1]Pos!C1834","v":"PETI"},{"$f":"[1]Pos!D1834","v":1500},{"$f":"[1]Pos!E1834","v":8.34}]
[{"$f":"[1]Pos!A1835","v":"4164P01"},{"$f":"[1]Pos!B1835","v":"PO-0017331"},{"$f":"[1]Pos!C1835","v":"OLYM"},{"$f":"[1]Pos!D1835","v":124.64},{"$f":"[1]Pos!E1835","v":3.5}]
[{"$f":"[1]Pos!A1836","v":"4164P02"},{"$f":"[1]Pos!B1836","v":"PO-0017334"},{"$f":"[1]Pos!C1836","v":"EXCE"},{"$f":"[1]Pos!D1836","v":368.1},{"$f":"[1]Pos!E1836","v":3.3}]
[{"$f":"[1]Pos!A1837","v":"4164P03"},{"$f":"[1]Pos!B1837","v":"PO-0017334"},{"$f":"[1]Pos!C1837","v":"EXCE"},{"$f":"[1]Pos!D1837","v":82.67},{"$f":"[1]Pos!E1837","v":3.97}]
[{"$f":"[1]Pos!A1838","v":"4164P04"},{"$f":"[1]Pos!B1838","v":"PO-0017352"},{"$f":"[1]Pos!C1838","v":"DMA"},{"$f":"[1]Pos!D1838","v":6000},{"$f":"[1]Pos!E1838","v":6.6}]
[{"$f":"[1]Pos!A1839","v":"4164P05"},{"$f":"[1]Pos!B1839","v":"PO-0017361"},{"$f":"[1]Pos!C1839","v":"MOND"},{"$f":"[1]Pos!D1839","v":1814.4},{"$f":"[1]Pos!E1839","v":6.85}]
[{"$f":"[1]Pos!A1840","v":"4165B01"},{"$f":"[1]Pos!B1840","v":"PO-0017389"},{"$f":"[1]Pos!C1840","v":"DECA"},{"$f":"[1]Pos!D1840","v":119.8},{"$f":"[1]Pos!E1840","v":4.37}]
[{"$f":"[1]Pos!A1841","v":"4165B02"},{"$f":"[1]Pos!B1841","v":"PO-0017414"},{"$f":"[1]Pos!C1841","v":"DECA"},{"$f":"[1]Pos!D1841","v":145.28},{"$f":"[1]Pos!E1841","v":6.69}]
[{"$f":"[1]Pos!A1842","v":"4165P01"},{"$f":"[1]Pos!B1842","v":"PO-0017349"},{"$f":"[1]Pos!C1842","v":"MOND"},{"$f":"[1]Pos!D1842","v":1814.4},{"$f":"[1]Pos!E1842","v":6.75}]
[{"$f":"[1]Pos!A1843","v":"4165P02"},{"$f":"[1]Pos!B1843","v":"PO-0017354"},{"$f":"[1]Pos!C1843","v":"OLYM"},{"$f":"[1]Pos!D1843","v":229.42},{"$f":"[1]Pos!E1843","v":3.8}]
[{"$f":"[1]Pos!A1844","v":"4165P03"},{"$f":"[1]Pos!B1844","v":"PO-0017341"},{"$f":"[1]Pos!C1844","v":"DESC"},{"$f":"[1]Pos!D1844","v":3399.72},{"$f":"[1]Pos!E1844","v":4.8}]
[{"$f":"[1]Pos!A1845","v":"4165P04"},{"$f":"[1]Pos!B1845","v":"PO-0017362"},{"$f":"[1]Pos!C1845","v":"CENT"},{"$f":"[1]Pos!D1845","v":1621.18},{"$f":"[1]Pos!E1845","v":4.5999999999999996}]
[{"$f":"[1]Pos!A1846","v":"4165P05"},{"$f":"[1]Pos!B1846","v":"PO-0017362"},{"$f":"[1]Pos!C1846","v":"CENT"},{"$f":"[1]Pos!D1846","v":5443.2},{"$f":"[1]Pos!E1846","v":4.6500000000000004}]
[{"$f":"[1]Pos!A1847","v":"4165P06"},{"$f":"[1]Pos!B1847","v":"PO-0017370"},{"$f":"[1]Pos!C1847","v":"MOND"},{"$f":"[1]Pos!D1847","v":4536},{"$f":"[1]Pos!E1847","v":5.85}]
[{"$f":"[1]Pos!A1848","v":"4165P07"},{"$f":"[1]Pos!B1848","v":"PO-0017370"},{"$f":"[1]Pos!C1848","v":"MOND"},{"$f":"[1]Pos!D1848","v":9072},{"$f":"[1]Pos!E1848","v":6.8}]
[{"$f":"[1]Pos!A1849","v":"4165P08"},{"$f":"[1]Pos!B1849","v":"PO-0017376"},{"$f":"[1]Pos!C1849","v":"DESC"},{"$f":"[1]Pos!D1849","v":1814.4},{"$f":"[1]Pos!E1849","v":6.8}]
[{"$f":"[1]Pos!A1850","v":"4166B01"},{"$f":"[1]Pos!B1850","v":"PO-0016067"},{"$f":"[1]Pos!C1850","v":"CHIS"},{"$f":"[1]Pos!D1850","v":19054},{"$f":"[1]Pos!E1850","v":4.6900000000000004}]
[{"$f":"[1]Pos!A1851","v":"4166P01"},{"$f":"[1]Pos!B1851","v":"PO-0017369"},{"$f":"[1]Pos!C1851","v":"EXCE"},{"$f":"[1]Pos!D1851","v":314.41000000000003},{"$f":"[1]Pos!E1851","v":3.3}]
[{"$f":"[1]Pos!A1852","v":"4166P02"},{"$f":"[1]Pos!B1852","v":"PO-0017369"},{"$f":"[1]Pos!C1852","v":"EXCE"},{"$f":"[1]Pos!D1852","v":2738.19},{"$f":"[1]Pos!E1852","v":4.4000000000000004}]
[{"$f":"[1]Pos!A1853","v":"4166P03"},{"$f":"[1]Pos!B1853","v":"PO-0017375"},{"$f":"[1]Pos!C1853","v":"CENT"},{"$f":"[1]Pos!D1853","v":2449.44},{"$f":"[1]Pos!E1853","v":7.5}]
[{"$f":"[1]Pos!A1854","v":"4167P01"},{"$f":"[1]Pos!B1854","v":"PO-0017379"},{"$f":"[1]Pos!C1854","v":"CENT"},{"$f":"[1]Pos!D1854","v":1814.4},{"$f":"[1]Pos!E1854","v":4.6500000000000004}]
[{"$f":"[1]Pos!A1855","v":"4172B01"},{"$f":"[1]Pos!B1855","v":"PO-0017372"},{"$f":"[1]Pos!C1855","v":"DECA"},{"$f":"[1]Pos!D1855","v":196.28},{"$f":"[1]Pos!E1855","v":4.22}]
[{"$f":"[1]Pos!A1856","v":"4172B02"},{"$f":"[1]Pos!B1856","v":"PO-0017371"},{"$f":"[1]Pos!C1856","v":"RYDI"},{"$f":"[1]Pos!D1856","v":4862},{"$f":"[1]Pos!E1856","v":6.35}]
[{"$f":"[1]Pos!A1857","v":"4172B03"},{"$f":"[1]Pos!B1857","v":"PO-0017371"},{"$f":"[1]Pos!C1857","v":"RYDI"},{"$f":"[1]Pos!D1857","v":3217},{"$f":"[1]Pos!E1857","v":4.03}]
[{"$f":"[1]Pos!A1858","v":"4172B04"},{"$f":"[1]Pos!B1858","v":"PO-0017371"},{"$f":"[1]Pos!C1858","v":"RYDI"},{"$f":"[1]Pos!D1858","v":498},{"$f":"[1]Pos!E1858","v":5.47}]
[{"$f":"[1]Pos!A1859","v":"4172B05"},{"$f":"[1]Pos!B1859","v":"PO-0017445"},{"$f":"[1]Pos!C1859","v":"DECA"},{"$f":"[1]Pos!D1859","v":1807.81},{"$f":"[1]Pos!E1859","v":6.19}]
[{"$f":"[1]Pos!A1860","v":"4172D01"},{"$f":"[1]Pos!B1860","v":"PO-0017358"},{"$f":"[1]Pos!C1860","v":"OLYM"},{"$f":"[1]Pos!D1860","v":500},{"$f":"[1]Pos!E1860","v":7.33}]
[{"$f":"[1]Pos!A1861","v":"4172D02"},{"$f":"[1]Pos!B1861","v":"PO-0017358"},{"$f":"[1]Pos!C1861","v":"OLYM"},{"$f":"[1]Pos!D1861","v":500},{"$f":"[1]Pos!E1861","v":7.57}]
[{"$f":"[1]Pos!A1862","v":"4172P01"},{"$f":"[1]Pos!B1862","v":"PO-0017373"},{"$f":"[1]Pos!C1862","v":"DMA"},{"$f":"[1]Pos!D1862","v":5000},{"$f":"[1]Pos!E1862","v":6.6}]
[{"$f":"[1]Pos!A1863","v":"4172P02"},{"$f":"[1]Pos!B1863","v":"PO-0017365"},{"$f":"[1]Pos!C1863","v":"OLYM"},{"$f":"[1]Pos!D1863","v":291.48},{"$f":"[1]Pos!E1863","v":3.75}]
[{"$f":"[1]Pos!A1864","v":"4172P03"},{"$f":"[1]Pos!B1864","v":"PO-0017374"},{"$f":"[1]Pos!C1864","v":"BENI"},{"$f":"[1]Pos!D1864","v":135.38},{"$f":"[1]Pos!E1864","v":4.5}]
[{"$f":"[1]Pos!A1865","v":"4173B01"},{"$f":"[1]Pos!B1865","v":"PO-0017385"},{"$f":"[1]Pos!C1865","v":"WHIT"},{"$f":"[1]Pos!D1865","v":189.08},{"$f":"[1]Pos!E1865","v":6.65}]
[{"$f":"[1]Pos!A1866","v":"4173B02"},{"$f":"[1]Pos!B1866","v":"PO-0017402"},{"$f":"[1]Pos!C1866","v":"RYDI"},{"$f":"[1]Pos!D1866","v":1671.5},{"$f":"[1]Pos!E1866","v":6.33}]
[{"$f":"[1]Pos!A1867","v":"4173B03"},{"$f":"[1]Pos!B1867","v":"PO-0017392"},{"$f":"[1]Pos!C1867","v":"JBS"},{"$f":"[1]Pos!D1867","v":1416.91},{"$f":"[1]Pos!E1867","v":8.07}]
[{"$f":"[1]Pos!A1868","v":"4173B04"},{"$f":"[1]Pos!B1868","v":"PO-0017617"},{"$f":"[1]Pos!C1868","v":"DECA"},{"$f":"[1]Pos!D1868","v":48.489024000000001},{"$f":"[1]Pos!E1868","v":6.09}]
[{"$f":"[1]Pos!A1869","v":"4173B05"},{"$f":"[1]Pos!B1869","v":"PO-0018292"},{"$f":"[1]Pos!C1869","v":"EAST"},{"$f":"[1]Pos!D1869","v":2032.14},{"$f":"[1]Pos!E1869","v":2.5}]
[{"$f":"[1]Pos!A1870","v":"4173P01"},{"$f":"[1]Pos!B1870","v":"PO-0017375"},{"$f":"[1]Pos!C1870","v":"CENT"},{"$f":"[1]Pos!D1870","v":190},{"$f":"[1]Pos!E1870","v":6.5}]
[{"$f":"[1]Pos!A1871","v":"4173P02"},{"$f":"[1]Pos!B1871","v":"PO-0017378"},{"$f":"[1]Pos!C1871","v":"ACCU"},{"$f":"[1]Pos!D1871","v":1800},{"$f":"[1]Pos!E1871","v":4.2}]
[{"$f":"[1]Pos!A1872","v":"4173P03"},{"$f":"[1]Pos!B1872","v":"PO-0017380"},{"$f":"[1]Pos!C1872","v":"CENT"},{"$f":"[1]Pos!D1872","v":50},{"$f":"[1]Pos!E1872","v":6.5}]
[{"$f":"[1]Pos!A1873","v":"4173P04"},{"$f":"[1]Pos!B1873","v":"PO-0017382"},{"$f":"[1]Pos!C1873","v":"DMA"},{"$f":"[1]Pos!D1873","v":3000},{"$f":"[1]Pos!E1873","v":6.8}]
[{"$f":"[1]Pos!A1874","v":"4173P05"},{"$f":"[1]Pos!B1874","v":"PO-0017409"},{"$f":"[1]Pos!C1874","v":"OLYM"},{"$f":"[1]Pos!D1874","v":248.68},{"$f":"[1]Pos!E1874","v":3.8}]
[{"$f":"[1]Pos!A1875","v":"4174B01"},{"$f":"[1]Pos!B1875","v":"PO-0017402"},{"$f":"[1]Pos!C1875","v":"RYDI"},{"$f":"[1]Pos!D1875","v":800},{"$f":"[1]Pos!E1875","v":5.62}]
[{"$f":"[1]Pos!A1876","v":"4174B02"},{"$f":"[1]Pos!B1876","v":"PO-0017392"},{"$f":"[1]Pos!C1876","v":"JBS"},{"$f":"[1]Pos!D1876","v":3150.73},{"$f":"[1]Pos!E1876","v":8.07}]
[{"$f":"[1]Pos!A1877","v":"4174D01"},{"$f":"[1]Pos!B1877","v":"PO-0017356"},{"$f":"[1]Pos!C1877","v":"SKOT"},{"$f":"[1]Pos!D1877","v":50},{"$f":"[1]Pos!E1877","v":53.25}]
[{"$f":"[1]Pos!A1878","v":"4174P01"},{"$f":"[1]Pos!B1878","v":"PO-0017384"},{"$f":"[1]Pos!C1878","v":"OLYM"},{"$f":"[1]Pos!D1878","v":278.07},{"$f":"[1]Pos!E1878","v":3.8}]
[{"$f":"[1]Pos!A1879","v":"4174P02"},{"$f":"[1]Pos!B1879","v":"PO-0017397"},{"$f":"[1]Pos!C1879","v":"CENT"},{"$f":"[1]Pos!D1879","v":1639.36},{"$f":"[1]Pos!E1879","v":4.5999999999999996}]
[{"$f":"[1]Pos!A1880","v":"4175P01"},{"$f":"[1]Pos!B1880","v":"PO-0017394"},{"$f":"[1]Pos!C1880","v":99},{"$f":"[1]Pos!D1880","v":64.64},{"$f":"[1]Pos!E1880","v":3.95}]
[{"$f":"[1]Pos!A1881","v":"4175P02"},{"$f":"[1]Pos!B1881","v":"PO-0017400"},{"$f":"[1]Pos!C1881","v":"EXCE"},{"$f":"[1]Pos!D1881","v":1285.0999999999999},{"$f":"[1]Pos!E1881","v":4.3}]
[{"$f":"[1]Pos!A1882","v":"4175P03"},{"$f":"[1]Pos!B1882","v":"PO-0017404"},{"$f":"[1]Pos!C1882","v":"CENT"},{"$f":"[1]Pos!D1882","v":2721.6},{"$f":"[1]Pos!E1882","v":4.6500000000000004}]
[{"$f":"[1]Pos!A1883","v":"4175P04"},{"$f":"[1]Pos!B1883","v":"PO-0017404"},{"$f":"[1]Pos!C1883","v":"CENT"},{"$f":"[1]Pos!D1883","v":1632.96},{"$f":"[1]Pos!E1883","v":7.4}]
[{"$f":"[1]Pos!A1884","v":"4175P05"},{"$f":"[1]Pos!B1884","v":"PO-0017400"},{"$f":"[1]Pos!C1884","v":"EXCE"},{"$f":"[1]Pos!D1884","v":1924.95},{"$f":"[1]Pos!E1884","v":4.5999999999999996}]
[{"$f":"[1]Pos!A1885","v":"4176B01"},{"$f":"[1]Pos!B1885","v":"PO-0017395"},{"$f":"[1]Pos!C1885","v":"OLYM"},{"$f":"[1]Pos!D1885","v":159},{"$f":"[1]Pos!E1885","v":5.08}]
[{"$f":"[1]Pos!A1886","v":"4176B02"},{"$f":"[1]Pos!B1886","v":"PO-0017395"},{"$f":"[1]Pos!C1886","v":"OLYM"},{"$f":"[1]Pos!D1886","v":45.6},{"$f":"[1]Pos!E1886","v":4.49}]
[{"$f":"[1]Pos!A1887","v":"4176B03"},{"$f":"[1]Pos!B1887","v":"PO-0017453"},{"$f":"[1]Pos!C1887","v":"GIRO"},{"$f":"[1]Pos!D1887","v":660.45},{"$f":"[1]Pos!E1887","v":7.19}]
[{"$f":"[1]Pos!A1888","v":"4176B04"},{"$f":"[1]Pos!B1888","v":"PO-0017471"},{"$f":"[1]Pos!C1888","v":"OLYM"},{"$f":"[1]Pos!D1888","v":162.13999999999999},{"$f":"[1]Pos!E1888","v":12.86}]
[{"$f":"[1]Pos!A1889","v":"4176B05"},{"$f":"[1]Pos!B1889","v":"PO-0017748"},{"$f":"[1]Pos!C1889","v":"AGRO"},{"$f":"[1]Pos!D1889","v":600},{"$f":"[1]Pos!E1889","v":6}]
[{"$f":"[1]Pos!A1890","v":"4176P01"},{"$f":"[1]Pos!B1890","v":"PO-0017400"},{"$f":"[1]Pos!C1890","v":"EXCE"},{"$f":"[1]Pos!D1890","v":110.16},{"$f":"[1]Pos!E1890","v":2.6}]
[{"$f":"[1]Pos!A1891","v":"4176P02"},{"$f":"[1]Pos!B1891","v":"PO-0017400"},{"$f":"[1]Pos!C1891","v":"EXCE"},{"$f":"[1]Pos!D1891","v":346.2},{"$f":"[1]Pos!E1891","v":3.3}]
[{"$f":"[1]Pos!A1892","v":"4176P03"},{"$f":"[1]Pos!B1892","v":"PO-0017400"},{"$f":"[1]Pos!C1892","v":"EXCE"},{"$f":"[1]Pos!D1892","v":80.53},{"$f":"[1]Pos!E1892","v":3.97}]
[{"$f":"[1]Pos!A1893","v":"4176P04"},{"$f":"[1]Pos!B1893","v":"PO-0017403"},{"$f":"[1]Pos!C1893","v":"MOND"},{"$f":"[1]Pos!D1893","v":4536},{"$f":"[1]Pos!E1893","v":5.85}]
[{"$f":"[1]Pos!A1894","v":"4176P05"},{"$f":"[1]Pos!B1894","v":"PO-0017407"},{"$f":"[1]Pos!C1894","v":"CENT"},{"$f":"[1]Pos!D1894","v":562},{"$f":"[1]Pos!E1894","v":7.25}]
[{"$f":"[1]Pos!A1895","v":"4176P06"},{"$f":"[1]Pos!B1895","v":"PO-0017408"},{"$f":"[1]Pos!C1895","v":"EXCE"},{"$f":"[1]Pos!D1895","v":2214.9699999999998},{"$f":"[1]Pos!E1895","v":4.3}]
[{"$f":"[1]Pos!A1896","v":"4177B01"},{"$f":"[1]Pos!B1896","v":"PO-0017410"},{"$f":"[1]Pos!C1896","v":"DECA"},{"$f":"[1]Pos!D1896","v":84.12},{"$f":"[1]Pos!E1896","v":4.3099999999999996}]
[{"$f":"[1]Pos!A1897","v":"4177P01"},{"$f":"[1]Pos!B1897","v":"PO-0017417"},{"$f":"[1]Pos!C1897","v":"CENT"},{"$f":"[1]Pos!D1897","v":907.2},{"$f":"[1]Pos!E1897","v":4.6500000000000004}]
[{"$f":"[1]Pos!A1898","v":"4182B01"},{"$f":"[1]Pos!B1898","v":"PO-0017411"},{"$f":"[1]Pos!C1898","v":"DELF"},{"$f":"[1]Pos!D1898","v":350.94},{"$f":"[1]Pos!E1898","v":6.19}]
[{"$f":"[1]Pos!A1899","v":"4182B02"},{"$f":"[1]Pos!B1899","v":"PO-0017419"},{"$f":"[1]Pos!C1899","v":"DECA"},{"$f":"[1]Pos!D1899","v":277.89999999999998},{"$f":"[1]Pos!E1899","v":12.89}]
[{"$f":"[1]Pos!A1900","v":"4182B03"},{"$f":"[1]Pos!B1900","v":"PO-0017439"},{"$f":"[1]Pos!C1900","v":"DECA"},{"$f":"[1]Pos!D1900","v":147.68},{"$f":"[1]Pos!E1900","v":5.29}]
[{"$f":"[1]Pos!A1901","v":"4182P01"},{"$f":"[1]Pos!B1901","v":"PO-0017403"},{"$f":"[1]Pos!C1901","v":"MOND"},{"$f":"[1]Pos!D1901","v":13496.16},{"$f":"[1]Pos!E1901","v":6.8}]
[{"$f":"[1]Pos!A1902","v":"4182P02"},{"$f":"[1]Pos!B1902","v":"PO-0017409"},{"$f":"[1]Pos!C1902","v":"OLYM"},{"$f":"[1]Pos!D1902","v":123.86},{"$f":"[1]Pos!E1902","v":3.5}]
[{"$f":"[1]Pos!A1903","v":"4182P03"},{"$f":"[1]Pos!B1903","v":"PO-0017412"},{"$f":"[1]Pos!C1903","v":"MOND"},{"$f":"[1]Pos!D1903","v":2721.6},{"$f":"[1]Pos!E1903","v":5.85}]
[{"$f":"[1]Pos!A1904","v":"4182P04"},{"$f":"[1]Pos!B1904","v":"PO-0017413"},{"$f":"[1]Pos!C1904","v":"DMA"},{"$f":"[1]Pos!D1904","v":2013.54},{"$f":"[1]Pos!E1904","v":6.95}]
[{"$f":"[1]Pos!A1905","v":"4182P05"},{"$f":"[1]Pos!B1905","v":"PO-0017425"},{"$f":"[1]Pos!C1905","v":"CENT"},{"$f":"[1]Pos!D1905","v":1632.96},{"$f":"[1]Pos!E1905","v":7.4}]
[{"$f":"[1]Pos!A1906","v":"4183B01"},{"$f":"[1]Pos!B1906","v":"PO-0017570"},{"$f":"[1]Pos!C1906","v":"ALIMPLUS"},{"$f":"[1]Pos!D1906","v":341.86},{"$f":"[1]Pos!E1906","v":18.95}]
[{"$f":"[1]Pos!A1907","v":"4183P01"},{"$f":"[1]Pos!B1907","v":"PO-0017422"},{"$f":"[1]Pos!C1907","v":"ACCU"},{"$f":"[1]Pos!D1907","v":1800},{"$f":"[1]Pos!E1907","v":4.2}]
[{"$f":"[1]Pos!A1908","v":"4183P02"},{"$f":"[1]Pos!B1908","v":"PO-0017430"},{"$f":"[1]Pos!C1908","v":"OLYM"},{"$f":"[1]Pos!D1908","v":197.19},{"$f":"[1]Pos!E1908","v":3.75}]
[{"$f":"[1]Pos!A1909","v":"4183P03"},{"$f":"[1]Pos!B1909","v":"PO-0017456"},{"$f":"[1]Pos!C1909","v":"PEK"},{"$f":"[1]Pos!D1909","v":600},{"$f":"[1]Pos!E1909","v":6.3}]
[{"$f":"[1]Pos!A1910","v":"4184B01"},{"$f":"[1]Pos!B1910","v":"PO-0017420"},{"$f":"[1]Pos!C1910","v":"BOUC"},{"$f":"[1]Pos!D1910","v":180.94},{"$f":"[1]Pos!E1910","v":4.5599999999999996}]
[{"$f":"[1]Pos!A1911","v":"4184P01"},{"$f":"[1]Pos!B1911","v":"PO-0017418"},{"$f":"[1]Pos!C1911","v":"EXCE"},{"$f":"[1]Pos!D1911","v":1929.29},{"$f":"[1]Pos!E1911","v":4.5999999999999996}]
[{"$f":"[1]Pos!A1912","v":"4184P02"},{"$f":"[1]Pos!B1912","v":"PO-0017418"},{"$f":"[1]Pos!C1912","v":"EXCE"},{"$f":"[1]Pos!D1912","v":643.16999999999996},{"$f":"[1]Pos!E1912","v":3.7}]
[{"$f":"[1]Pos!A1913","v":"4184P03"},{"$f":"[1]Pos!B1913","v":"PO-0017427"},{"$f":"[1]Pos!C1913","v":"MOND"},{"$f":"[1]Pos!D1913","v":1814.4},{"$f":"[1]Pos!E1913","v":5.85}]
[{"$f":"[1]Pos!A1914","v":"4184P04"},{"$f":"[1]Pos!B1914","v":"PO-0017429"},{"$f":"[1]Pos!C1914","v":"MOND"},{"$f":"[1]Pos!D1914","v":9070},{"$f":"[1]Pos!E1914","v":6.8}]
[{"$f":"[1]Pos!A1915","v":"4184P05"},{"$f":"[1]Pos!B1915","v":"PO-0017443"},{"$f":"[1]Pos!C1915","v":"PACR"},{"$f":"[1]Pos!D1915","v":661.32},{"$f":"[1]Pos!E1915","v":4.8}]
[{"$f":"[1]Pos!A1916","v":"4185B01"},{"$f":"[1]Pos!B1916","v":"PO-0017444"},{"$f":"[1]Pos!C1916","v":"DECA"},{"$f":"[1]Pos!D1916","v":112.16},{"$f":"[1]Pos!E1916","v":4.22}]
[{"$f":"[1]Pos!A1917","v":"4185B02"},{"$f":"[1]Pos!B1917","v":"PO-0017503"},{"$f":"[1]Pos!C1917","v":"OLYM"},{"$f":"[1]Pos!D1917","v":160.77000000000001},{"$f":"[1]Pos!E1917","v":12.86}]
[{"$f":"[1]Pos!A1918","v":"4185B03"},{"$f":"[1]Pos!B1918","v":"PO-0017671"},{"$f":"[1]Pos!C1918","v":"LACR"},{"$f":"[1]Pos!D1918","v":5444},{"$f":"[1]Pos!E1918","v":4.3}]
[{"$f":"[1]Pos!A1919","v":"4185B04"},{"$f":"[1]Pos!B1919","v":"PO-0017538"},{"$f":"[1]Pos!C1919","v":"CHIS"},{"$f":"[1]Pos!D1919","v":18291.84},{"$f":"[1]Pos!E1919","v":1.97}]
[{"$f":"[1]Pos!A1920","v":"4185P01"},{"$f":"[1]Pos!B1920","v":"PO-0017431"},{"$f":"[1]Pos!C1920","v":"EXCE"},{"$f":"[1]Pos!D1920","v":455.64},{"$f":"[1]Pos!E1920","v":3.3}]
[{"$f":"[1]Pos!A1921","v":"4185P02"},{"$f":"[1]Pos!B1921","v":"PO-0017436"},{"$f":"[1]Pos!C1921","v":"CENT"},{"$f":"[1]Pos!D1921","v":2721.6},{"$f":"[1]Pos!E1921","v":4.6500000000000004}]
[{"$f":"[1]Pos!A1922","v":"4185P03"},{"$f":"[1]Pos!B1922","v":"PO-0017436"},{"$f":"[1]Pos!C1922","v":"CENT"},{"$f":"[1]Pos!D1922","v":4898.88},{"$f":"[1]Pos!E1922","v":7.5}]
[{"$f":"[1]Pos!A1923","v":"4186B01"},{"$f":"[1]Pos!B1923","v":"PO-0017438"},{"$f":"[1]Pos!C1923","v":"OLYM"},{"$f":"[1]Pos!D1923","v":209.18},{"$f":"[1]Pos!E1923","v":5.08}]
[{"$f":"[1]Pos!A1924","v":"4186B02"},{"$f":"[1]Pos!B1924","v":"PO-0017493"},{"$f":"[1]Pos!C1924","v":"DECA"},{"$f":"[1]Pos!D1924","v":697.62},{"$f":"[1]Pos!E1924","v":5.99}]
[{"$f":"[1]Pos!A1925","v":"4186B03"},{"$f":"[1]Pos!B1925","v":"PO-0017523"},{"$f":"[1]Pos!C1925","v":"GIRO"},{"$f":"[1]Pos!D1925","v":2253.85},{"$f":"[1]Pos!E1925","v":6.66}]
[{"$f":"[1]Pos!A1926","v":"4186B04"},{"$f":"[1]Pos!B1926","v":"PO-0017564"},{"$f":"[1]Pos!C1926","v":"ALIMPLUS"},{"$f":"[1]Pos!D1926","v":30.03},{"$f":"[1]Pos!E1926","v":18.95}]
[{"$f":"[1]Pos!A1927","v":"4186D01"},{"$f":"[1]Pos!B1927","v":"PO-0017460"},{"$f":"[1]Pos!C1927","v":"ALIMPLUS"},{"$f":"[1]Pos!D1927","v":150},{"$f":"[1]Pos!E1927","v":6.26}]
[{"$f":"[1]Pos!A1928","v":"4186P01"},{"$f":"[1]Pos!B1928","v":"PO-0017433"},{"$f":"[1]Pos!C1928","v":"PEK"},{"$f":"[1]Pos!D1928","v":1000},{"$f":"[1]Pos!E1928","v":6.3}]
[{"$f":"[1]Pos!A1929","v":"4186P02"},{"$f":"[1]Pos!B1929","v":"PO-0017435"},{"$f":"[1]Pos!C1929","v":"MOND"},{"$f":"[1]Pos!D1929","v":7256},{"$f":"[1]Pos!E1929","v":6.55}]
[{"$f":"[1]Pos!A1930","v":"4186P03"},{"$f":"[1]Pos!B1930","v":"PO-0017437"},{"$f":"[1]Pos!C1930","v":"DMA"},{"$f":"[1]Pos!D1930","v":3011.24},{"$f":"[1]Pos!E1930","v":6.95}]
[{"$f":"[1]Pos!A1931","v":"4186P04"},{"$f":"[1]Pos!B1931","v":"PO-0017448"},{"$f":"[1]Pos!C1931","v":"EXCE"},{"$f":"[1]Pos!D1931","v":1930.76},{"$f":"[1]Pos!E1931","v":4.5}]
[{"$f":"[1]Pos!A1932","v":"4186P05"},{"$f":"[1]Pos!B1932","v":"PO-0017451"},{"$f":"[1]Pos!C1932","v":"ACCU"},{"$f":"[1]Pos!D1932","v":80},{"$f":"[1]Pos!E1932","v":4.8499999999999996}]
[{"$f":"[1]Pos!A1933","v":"4186P06"},{"$f":"[1]Pos!B1933","v":"PO-0017446"},{"$f":"[1]Pos!C1933","v":"DESC"},{"$f":"[1]Pos!D1933","v":2721.6},{"$f":"[1]Pos!E1933","v":6.3}]
[{"$f":"[1]Pos!A1934","v":"4187P01"},{"$f":"[1]Pos!B1934","v":"PO-0017448"},{"$f":"[1]Pos!C1934","v":"EXCE"},{"$f":"[1]Pos!D1934","v":754.3},{"$f":"[1]Pos!E1934","v":4.5999999999999996}]
[{"$f":"[1]Pos!A1935","v":"4192B01"},{"$f":"[1]Pos!B1935","v":"PO-0017450"},{"$f":"[1]Pos!C1935","v":"DECA"},{"$f":"[1]Pos!D1935","v":66.739999999999995},{"$f":"[1]Pos!E1935","v":4.08}]
[{"$f":"[1]Pos!A1936","v":"4192B02"},{"$f":"[1]Pos!B1936","v":"PO-0017469"},{"$f":"[1]Pos!C1936","v":"RYDI"},{"$f":"[1]Pos!D1936","v":2440},{"$f":"[1]Pos!E1936","v":6.27}]
[{"$f":"[1]Pos!A1937","v":"4192B03"},{"$f":"[1]Pos!B1937","v":"PO-0017469"},{"$f":"[1]Pos!C1937","v":"RYDI"},{"$f":"[1]Pos!D1937","v":1600},{"$f":"[1]Pos!E1937","v":4.12}]
[{"$f":"[1]Pos!A1938","v":"4192B04"},{"$f":"[1]Pos!B1938","v":"PO-0017474"},{"$f":"[1]Pos!C1938","v":"RYDI"},{"$f":"[1]Pos!D1938","v":1600},{"$f":"[1]Pos!E1938","v":5.55}]
[{"$f":"[1]Pos!A1939","v":"4192P01"},{"$f":"[1]Pos!B1939","v":"PO-0017441"},{"$f":"[1]Pos!C1939","v":"MOND"},{"$f":"[1]Pos!D1939","v":14512},{"$f":"[1]Pos!E1939","v":5.95}]
[{"$f":"[1]Pos!A1940","v":"4192P02"},{"$f":"[1]Pos!B1940","v":"PO-0017440"},{"$f":"[1]Pos!C1940","v":"PEK"},{"$f":"[1]Pos!D1940","v":1000},{"$f":"[1]Pos!E1940","v":6.3}]
[{"$f":"[1]Pos!A1941","v":"4192P03"},{"$f":"[1]Pos!B1941","v":"PO-0017442"},{"$f":"[1]Pos!C1941","v":"MOND"},{"$f":"[1]Pos!D1941","v":4535},{"$f":"[1]Pos!E1941","v":6.8}]
[{"$f":"[1]Pos!A1942","v":"4192P04"},{"$f":"[1]Pos!B1942","v":"PO-0017449"},{"$f":"[1]Pos!C1942","v":"DMA"},{"$f":"[1]Pos!D1942","v":3011.24},{"$f":"[1]Pos!E1942","v":6.95}]
[{"$f":"[1]Pos!A1943","v":"4192P05"},{"$f":"[1]Pos!B1943","v":"PO-0017448"},{"$f":"[1]Pos!C1943","v":"EXCE"},{"$f":"[1]Pos!D1943","v":36.75},{"$f":"[1]Pos!E1943","v":3.75}]
[{"$f":"[1]Pos!A1944","v":"4192P06"},{"$f":"[1]Pos!B1944","v":"PO-0017452"},{"$f":"[1]Pos!C1944","v":"OLYM"},{"$f":"[1]Pos!D1944","v":155.55000000000001},{"$f":"[1]Pos!E1944","v":3.5}]
[{"$f":"[1]Pos!A1945","v":"4192P07"},{"$f":"[1]Pos!B1945","v":"PO-0017447"},{"$f":"[1]Pos!C1945","v":"MOND"},{"$f":"[1]Pos!D1945","v":3628},{"$f":"[1]Pos!E1945","v":6.8}]
[{"$f":"[1]Pos!A1946","v":"4192P08"},{"$f":"[1]Pos!B1946","v":"PO-0017458"},{"$f":"[1]Pos!C1946","v":"EXCE"},{"$f":"[1]Pos!D1946","v":90},{"$f":"[1]Pos!E1946","v":2.6}]
[{"$f":"[1]Pos!A1947","v":"4192P09"},{"$f":"[1]Pos!B1947","v":"PO-0017466"},{"$f":"[1]Pos!C1947","v":"DESC"},{"$f":"[1]Pos!D1947","v":5443.2},{"$f":"[1]Pos!E1947","v":6.4}]
[{"$f":"[1]Pos!A1948","v":"4192P10"},{"$f":"[1]Pos!B1948","v":"PO-0017479"},{"$f":"[1]Pos!C1948","v":"DESC"},{"$f":"[1]Pos!D1948","v":3628.8},{"$f":"[1]Pos!E1948","v":6.4}]
[{"$f":"[1]Pos!A1949","v":"4193B01"},{"$f":"[1]Pos!B1949","v":"PO-0017565"},{"$f":"[1]Pos!C1949","v":"C&C"},{"$f":"[1]Pos!D1949","v":2470.08},{"$f":"[1]Pos!E1949","v":5.78}]
[{"$f":"[1]Pos!A1950","v":"4193P01"},{"$f":"[1]Pos!B1950","v":"PO-0017458"},{"$f":"[1]Pos!C1950","v":"EXCE"},{"$f":"[1]Pos!D1950","v":315.68},{"$f":"[1]Pos!E1950","v":3.75}]
[{"$f":"[1]Pos!A1951","v":"4193P02"},{"$f":"[1]Pos!B1951","v":"PO-0017457"},{"$f":"[1]Pos!C1951","v":"DMA"},{"$f":"[1]Pos!D1951","v":3011.24},{"$f":"[1]Pos!E1951","v":6.95}]
[{"$f":"[1]Pos!A1952","v":"4193P03"},{"$f":"[1]Pos!B1952","v":"PO-0017461"},{"$f":"[1]Pos!C1952","v":"ACCU"},{"$f":"[1]Pos!D1952","v":1800},{"$f":"[1]Pos!E1952","v":4.8499999999999996}]
[{"$f":"[1]Pos!A1953","v":"4194B01"},{"$f":"[1]Pos!B1953","v":"PO-0017465"},{"$f":"[1]Pos!C1953","v":"RIEN"},{"$f":"[1]Pos!D1953","v":327.56},{"$f":"[1]Pos!E1953","v":4.51}]
[{"$f":"[1]Pos!A1954","v":"4194B02"},{"$f":"[1]Pos!B1954","v":"PO-0017453"},{"$f":"[1]Pos!C1954","v":"GIRO"},{"$f":"[1]Pos!D1954","v":255.05},{"$f":"[1]Pos!E1954","v":7.19}]
[{"$f":"[1]Pos!A1955","v":"4194B03"},{"$f":"[1]Pos!B1955","v":"PO-0017489"},{"$f":"[1]Pos!C1955","v":"WHIT"},{"$f":"[1]Pos!D1955","v":105.22},{"$f":"[1]Pos!E1955","v":12.25}]
[{"$f":"[1]Pos!A1956","v":"4194P01"},{"$f":"[1]Pos!B1956","v":"PO-0017464"},{"$f":"[1]Pos!C1956","v":"DMA"},{"$f":"[1]Pos!D1956","v":3101.94},{"$f":"[1]Pos!E1956","v":6.95}]
[{"$f":"[1]Pos!A1957","v":"4194P02"},{"$f":"[1]Pos!B1957","v":"PO-0017470"},{"$f":"[1]Pos!C1957","v":"EXCE"},{"$f":"[1]Pos!D1957","v":356.88},{"$f":"[1]Pos!E1957","v":3.7}]
[{"$f":"[1]Pos!A1958","v":"4194P03"},{"$f":"[1]Pos!B1958","v":"PO-0017468"},{"$f":"[1]Pos!C1958","v":"MOND"},{"$f":"[1]Pos!D1958","v":1814},{"$f":"[1]Pos!E1958","v":6.15}]
[{"$f":"[1]Pos!A1959","v":"4194P04"},{"$f":"[1]Pos!B1959","v":"PO-0017481"},{"$f":"[1]Pos!C1959","v":"MOND"},{"$f":"[1]Pos!D1959","v":1814.4},{"$f":"[1]Pos!E1959","v":6.8}]
[{"$f":"[1]Pos!A1960","v":"4195B01"},{"$f":"[1]Pos!B1960","v":"PO-0017484"},{"$f":"[1]Pos!C1960","v":"DELF"},{"$f":"[1]Pos!D1960","v":622.17999999999995},{"$f":"[1]Pos!E1960","v":6.19}]
[{"$f":"[1]Pos!A1961","v":"4195B02"},{"$f":"[1]Pos!B1961","v":"PO-0017537"},{"$f":"[1]Pos!C1961","v":"OLYM"},{"$f":"[1]Pos!D1961","v":128.79},{"$f":"[1]Pos!E1961","v":12.86}]
[{"$f":"[1]Pos!A1962","v":"4195B03"},{"$f":"[1]Pos!B1962","v":"PO-0018026"},{"$f":"[1]Pos!C1962","v":"DELF"},{"$f":"[1]Pos!D1962","v":196.89},{"$f":"[1]Pos!E1962","v":10.5}]
[{"$f":"[1]Pos!A1963","v":"4195B04"},{"$f":"[1]Pos!B1963","v":"PO-0018139"},{"$f":"[1]Pos!C1963","v":"CHIS"},{"$f":"[1]Pos!D1963","v":9472.56},{"$f":"[1]Pos!E1963","v":3.25}]
[{"$f":"[1]Pos!A1964","v":"4195P01"},{"$f":"[1]Pos!B1964","v":"PO-0017476"},{"$f":"[1]Pos!C1964","v":"PEK"},{"$f":"[1]Pos!D1964","v":500},{"$f":"[1]Pos!E1964","v":6.3}]
[{"$f":"[1]Pos!A1965","v":"4195P02"},{"$f":"[1]Pos!B1965","v":"PO-0017472"},{"$f":"[1]Pos!C1965","v":"EXCE"},{"$f":"[1]Pos!D1965","v":364.38},{"$f":"[1]Pos!E1965","v":3.3}]
[{"$f":"[1]Pos!A1966","v":"4195P03"},{"$f":"[1]Pos!B1966","v":"PO-0017472"},{"$f":"[1]Pos!C1966","v":"EXCE"},{"$f":"[1]Pos!D1966","v":1283.8},{"$f":"[1]Pos!E1966","v":4.8}]
[{"$f":"[1]Pos!A1967","v":"4195P04"},{"$f":"[1]Pos!B1967","v":"PO-0017463"},{"$f":"[1]Pos!C1967","v":"SUNC"},{"$f":"[1]Pos!D1967","v":660},{"$f":"[1]Pos!E1967","v":5.75}]
[{"$f":"[1]Pos!A1968","v":"4195P05"},{"$f":"[1]Pos!B1968","v":"PO-0017480"},{"$f":"[1]Pos!C1968","v":"DMA"},{"$f":"[1]Pos!D1968","v":2013.54},{"$f":"[1]Pos!E1968","v":6.95}]
[{"$f":"[1]Pos!A1969","v":"4195P06"},{"$f":"[1]Pos!B1969","v":"PO-0017485"},{"$f":"[1]Pos!C1969","v":"CENT"},{"$f":"[1]Pos!D1969","v":2721.6},{"$f":"[1]Pos!E1969","v":4.8499999999999996}]
[{"$f":"[1]Pos!A1970","v":"4195P07"},{"$f":"[1]Pos!B1970","v":"PO-0017485"},{"$f":"[1]Pos!C1970","v":"CENT"},{"$f":"[1]Pos!D1970","v":2449.44},{"$f":"[1]Pos!E1970","v":7.5}]
[{"$f":"[1]Pos!A1971","v":"4196B01"},{"$f":"[1]Pos!B1971","v":"PO-0017454"},{"$f":"[1]Pos!C1971","v":"DECA"},{"$f":"[1]Pos!D1971","v":134.25},{"$f":"[1]Pos!E1971","v":5.73}]
[{"$f":"[1]Pos!A1972","v":"4196B02"},{"$f":"[1]Pos!B1972","v":"PO-0017489"},{"$f":"[1]Pos!C1972","v":"WHIT"},{"$f":"[1]Pos!D1972","v":106.84},{"$f":"[1]Pos!E1972","v":6.75}]
[{"$f":"[1]Pos!A1973","v":"4196B03"},{"$f":"[1]Pos!B1973","v":"PO-0017536"},{"$f":"[1]Pos!C1973","v":"DECA"},{"$f":"[1]Pos!D1973","v":713.31936299999995},{"$f":"[1]Pos!E1973","v":16.98}]
[{"$f":"[1]Pos!A1974","v":"4196B04"},{"$f":"[1]Pos!B1974","v":"PO-0017560"},{"$f":"[1]Pos!C1974","v":"DECA"},{"$f":"[1]Pos!D1974","v":27.61},{"$f":"[1]Pos!E1974","v":25.89}]
[{"$f":"[1]Pos!A1975","v":"4196D01"},{"$f":"[1]Pos!B1975","v":"PO-0017491"},{"$f":"[1]Pos!C1975","v":"OLYM"},{"$f":"[1]Pos!D1975","v":250},{"$f":"[1]Pos!E1975","v":6.15}]
[{"$f":"[1]Pos!A1976","v":"4196D02"},{"$f":"[1]Pos!B1976","v":"PO-0017491"},{"$f":"[1]Pos!C1976","v":"OLYM"},{"$f":"[1]Pos!D1976","v":250},{"$f":"[1]Pos!E1976","v":6.39}]
[{"$f":"[1]Pos!A1977","v":"4196P01"},{"$f":"[1]Pos!B1977","v":"PO-0017486"},{"$f":"[1]Pos!C1977","v":"DESC"},{"$f":"[1]Pos!D1977","v":2721.6},{"$f":"[1]Pos!E1977","v":7.3}]
[{"$f":"[1]Pos!A1978","v":"4196P02"},{"$f":"[1]Pos!B1978","v":"PO-0017490"},{"$f":"[1]Pos!C1978","v":"DMA"},{"$f":"[1]Pos!D1978","v":3011.24},{"$f":"[1]Pos!E1978","v":6.95}]
[{"$f":"[1]Pos!A1979","v":"4196P03"},{"$f":"[1]Pos!B1979","v":"PO-0017477"},{"$f":"[1]Pos!C1979","v":"EXCE"},{"$f":"[1]Pos!D1979","v":1921.67},{"$f":"[1]Pos!E1979","v":5}]
[{"$f":"[1]Pos!A1980","v":"4196P04"},{"$f":"[1]Pos!B1980","v":"PO-0017477"},{"$f":"[1]Pos!C1980","v":"EXCE"},{"$f":"[1]Pos!D1980","v":273.77999999999997},{"$f":"[1]Pos!E1980","v":3.7}]
[{"$f":"[1]Pos!A1981","v":"4196P05"},{"$f":"[1]Pos!B1981","v":"PO-0017491"},{"$f":"[1]Pos!C1981","v":"OLYM"},{"$f":"[1]Pos!D1981","v":272.8},{"$f":"[1]Pos!E1981","v":3.8}]
[{"$f":"[1]Pos!A1982","v":"4196P06"},{"$f":"[1]Pos!B1982","v":"PO-0017492"},{"$f":"[1]Pos!C1982","v":"CENT"},{"$f":"[1]Pos!D1982","v":150},{"$f":"[1]Pos!E1982","v":7.25}]
[{"$f":"[1]Pos!A1983","v":"4202B01"},{"$f":"[1]Pos!B1983","v":"PO-0017475"},{"$f":"[1]Pos!C1983","v":"OLYM"},{"$f":"[1]Pos!D1983","v":198.88},{"$f":"[1]Pos!E1983","v":5.2}]
[{"$f":"[1]Pos!A1984","v":"4202B02"},{"$f":"[1]Pos!B1984","v":"PO-0017496"},{"$f":"[1]Pos!C1984","v":"DECA"},{"$f":"[1]Pos!D1984","v":146.58000000000001},{"$f":"[1]Pos!E1984","v":4.16}]
[{"$f":"[1]Pos!A1985","v":"4202B03"},{"$f":"[1]Pos!B1985","v":"PO-0017489"},{"$f":"[1]Pos!C1985","v":"WHIT"},{"$f":"[1]Pos!D1985","v":198.56},{"$f":"[1]Pos!E1985","v":6.65}]
[{"$f":"[1]Pos!A1986","v":"4202B04"},{"$f":"[1]Pos!B1986","v":"PO-0017504"},{"$f":"[1]Pos!C1986","v":"RYDI"},{"$f":"[1]Pos!D1986","v":1632},{"$f":"[1]Pos!E1986","v":6.2}]
[{"$f":"[1]Pos!A1987","v":"4202B05"},{"$f":"[1]Pos!B1987","v":"PO-0017504"},{"$f":"[1]Pos!C1987","v":"RYDI"},{"$f":"[1]Pos!D1987","v":2324.5},{"$f":"[1]Pos!E1987","v":4.12}]
[{"$f":"[1]Pos!A1988","v":"4202P01"},{"$f":"[1]Pos!B1988","v":"PO-0017488"},{"$f":"[1]Pos!C1988","v":"MOND"},{"$f":"[1]Pos!D1988","v":5442},{"$f":"[1]Pos!E1988","v":6.1}]
[{"$f":"[1]Pos!A1989","v":"4202P02"},{"$f":"[1]Pos!B1989","v":"PO-0017487"},{"$f":"[1]Pos!C1989","v":"MOND"},{"$f":"[1]Pos!D1989","v":9051.86},{"$f":"[1]Pos!E1989","v":6.75}]
[{"$f":"[1]Pos!A1990","v":"4202P03"},{"$f":"[1]Pos!B1990","v":"PO-0017495"},{"$f":"[1]Pos!C1990","v":"DMA"},{"$f":"[1]Pos!D1990","v":2263.54},{"$f":"[1]Pos!E1990","v":6.95}]
[{"$f":"[1]Pos!A1991","v":"4202P04"},{"$f":"[1]Pos!B1991","v":"PO-0017516"},{"$f":"[1]Pos!C1991","v":"DESC"},{"$f":"[1]Pos!D1991","v":7257.6},{"$f":"[1]Pos!E1991","v":6.4}]
[{"$f":"[1]Pos!A1992","v":"4203B01"},{"$f":"[1]Pos!B1992","v":"PO-0017577"},{"$f":"[1]Pos!C1992","v":"DECA"},{"$f":"[1]Pos!D1992","v":34.427661000000001},{"$f":"[1]Pos!E1992","v":28}]
[{"$f":"[1]Pos!A1993","v":"4203P01"},{"$f":"[1]Pos!B1993","v":"PO-0017502"},{"$f":"[1]Pos!C1993","v":"CENT"},{"$f":"[1]Pos!D1993","v":300},{"$f":"[1]Pos!E1993","v":7.25}]
[{"$f":"[1]Pos!A1994","v":"4203P02"},{"$f":"[1]Pos!B1994","v":"PO-0017499"},{"$f":"[1]Pos!C1994","v":"EXCE"},{"$f":"[1]Pos!D1994","v":640.79},{"$f":"[1]Pos!E1994","v":5}]
[{"$f":"[1]Pos!A1995","v":"4203P03"},{"$f":"[1]Pos!B1995","v":"PO-0017499"},{"$f":"[1]Pos!C1995","v":"EXCE"},{"$f":"[1]Pos!D1995","v":367.98},{"$f":"[1]Pos!E1995","v":3.7}]
[{"$f":"[1]Pos!A1996","v":"4203P04"},{"$f":"[1]Pos!B1996","v":"PO-0017499"},{"$f":"[1]Pos!C1996","v":"EXCE"},{"$f":"[1]Pos!D1996","v":92.04},{"$f":"[1]Pos!E1996","v":2.6}]
[{"$f":"[1]Pos!A1997","v":"4203P05"},{"$f":"[1]Pos!B1997","v":"PO-0017500"},{"$f":"[1]Pos!C1997","v":"DMA"},{"$f":"[1]Pos!D1997","v":3011.24},{"$f":"[1]Pos!E1997","v":6.95}]
[{"$f":"[1]Pos!A1998","v":"4203P06"},{"$f":"[1]Pos!B1998","v":"PO-0017501"},{"$f":"[1]Pos!C1998","v":"ACCU"},{"$f":"[1]Pos!D1998","v":1530},{"$f":"[1]Pos!E1998","v":4.6500000000000004}]
[{"$f":"[1]Pos!A1999","v":"4203P07"},{"$f":"[1]Pos!B1999","v":"PO-0017517"},{"$f":"[1]Pos!C1999","v":"DMA"},{"$f":"[1]Pos!D1999","v":970},{"$f":"[1]Pos!E1999","v":6.95}]
[{"$f":"[1]Pos!A2000","v":"4204B01"},{"$f":"[1]Pos!B2000","v":"PO-0017815"},{"$f":"[1]Pos!C2000","v":"OLYM"},{"$f":"[1]Pos!D2000","v":2203.8000000000002},{"$f":"[1]Pos!E2000","v":3.75}]
[{"$f":"[1]Pos!A2001","v":"4204B02"},{"$f":"[1]Pos!B2001","v":"PO-0017783"},{"$f":"[1]Pos!C2001","v":"AGRO"},{"$f":"[1]Pos!D2001","v":2530},{"$f":"[1]Pos!E2001","v":6}]
[{"$f":"[1]Pos!A2002","v":"4204B03"},{"$f":"[1]Pos!B2002","v":"PO-0017907"},{"$f":"[1]Pos!C2002","v":"LACR"},{"$f":"[1]Pos!D2002","v":8574.2999999999993},{"$f":"[1]Pos!E2002","v":4.5}]
[{"$f":"[1]Pos!A2003","v":"4204P01"},{"$f":"[1]Pos!B2003","v":"PO-0017505"},{"$f":"[1]Pos!C2003","v":"DMA"},{"$f":"[1]Pos!D2003","v":3011.24},{"$f":"[1]Pos!E2003","v":6.95}]
[{"$f":"[1]Pos!A2004","v":"4204P02"},{"$f":"[1]Pos!B2004","v":"PO-0017509"},{"$f":"[1]Pos!C2004","v":"CENT"},{"$f":"[1]Pos!D2004","v":1440},{"$f":"[1]Pos!E2004","v":4.75}]
[{"$f":"[1]Pos!A2005","v":"4204P03"},{"$f":"[1]Pos!B2005","v":"PO-0017506"},{"$f":"[1]Pos!C2005","v":"MOND"},{"$f":"[1]Pos!D2005","v":3628.8},{"$f":"[1]Pos!E2005","v":6.1}]
[{"$f":"[1]Pos!A2006","v":"4204P04"},{"$f":"[1]Pos!B2006","v":"PO-0017507"},{"$f":"[1]Pos!C2006","v":"MOND"},{"$f":"[1]Pos!D2006","v":2993.76},{"$f":"[1]Pos!E2006","v":6.75}]
[{"$f":"[1]Pos!A2007","v":"4204P05"},{"$f":"[1]Pos!B2007","v":"PO-0017510"},{"$f":"[1]Pos!C2007","v":"EXCE"},{"$f":"[1]Pos!D2007","v":1925.4},{"$f":"[1]Pos!E2007","v":5}]
[{"$f":"[1]Pos!A2008","v":"4205B01"},{"$f":"[1]Pos!B2008","v":"PO-0017522"},{"$f":"[1]Pos!C2008","v":"DECA"},{"$f":"[1]Pos!D2008","v":115.44},{"$f":"[1]Pos!E2008","v":4.2}]
[{"$f":"[1]Pos!A2009","v":"4205B02"},{"$f":"[1]Pos!B2009","v":"PO-0017617"},{"$f":"[1]Pos!C2009","v":"DECA"},{"$f":"[1]Pos!D2009","v":31.21},{"$f":"[1]Pos!E2009","v":25.89}]
[{"$f":"[1]Pos!A2010","v":"4205P01"},{"$f":"[1]Pos!B2010","v":"PO-0017508"},{"$f":"[1]Pos!C2010","v":"DESAUTELS"},{"$f":"[1]Pos!D2010","v":15},{"$f":"[1]Pos!E2010","v":2.85}]
[{"$f":"[1]Pos!A2011","v":"4205P02"},{"$f":"[1]Pos!B2011","v":"PO-0017512"},{"$f":"[1]Pos!C2011","v":"OLYM"},{"$f":"[1]Pos!D2011","v":299.51},{"$f":"[1]Pos!E2011","v":3.85}]
[{"$f":"[1]Pos!A2012","v":"4205P03"},{"$f":"[1]Pos!B2012","v":"PO-0017513"},{"$f":"[1]Pos!C2012","v":"OLYM"},{"$f":"[1]Pos!D2012","v":113.1},{"$f":"[1]Pos!E2012","v":3.65}]
[{"$f":"[1]Pos!A2013","v":"4205P04"},{"$f":"[1]Pos!B2013","v":"PO-0017510"},{"$f":"[1]Pos!C2013","v":"EXCE"},{"$f":"[1]Pos!D2013","v":273.63},{"$f":"[1]Pos!E2013","v":3.3}]
[{"$f":"[1]Pos!A2014","v":"4205P05"},{"$f":"[1]Pos!B2014","v":"PO-0017518"},{"$f":"[1]Pos!C2014","v":"CENT"},{"$f":"[1]Pos!D2014","v":2427.41},{"$f":"[1]Pos!E2014","v":4.95}]
[{"$f":"[1]Pos!A2015","v":"4205P06"},{"$f":"[1]Pos!B2015","v":"PO-0017521"},{"$f":"[1]Pos!C2015","v":"STLA"},{"$f":"[1]Pos!D2015","v":907.2},{"$f":"[1]Pos!E2015","v":6.9}]
[{"$f":"[1]Pos!A2016","v":"4205P07"},{"$f":"[1]Pos!B2016","v":"PO-0017520"},{"$f":"[1]Pos!C2016","v":"CENT"},{"$f":"[1]Pos!D2016","v":4770},{"$f":"[1]Pos!E2016","v":4.6500000000000004}]
[{"$f":"[1]Pos!A2017","v":"4205P08"},{"$f":"[1]Pos!B2017","v":"PO-0017527"},{"$f":"[1]Pos!C2017","v":"CENT"},{"$f":"[1]Pos!D2017","v":3628.8},{"$f":"[1]Pos!E2017","v":4.95}]
[{"$f":"[1]Pos!A2018","v":"4205P09"},{"$f":"[1]Pos!B2018","v":"PO-0017527"},{"$f":"[1]Pos!C2018","v":"CENT"},{"$f":"[1]Pos!D2018","v":6713.28},{"$f":"[1]Pos!E2018","v":7.35}]
[{"$f":"[1]Pos!A2019","v":"4205P10"},{"$f":"[1]Pos!B2019","v":"PO-0017526"},{"$f":"[1]Pos!C2019","v":"MOND"},{"$f":"[1]Pos!D2019","v":9072},{"$f":"[1]Pos!E2019","v":6.75}]
[{"$f":"[1]Pos!A2020","v":"4205P11"},{"$f":"[1]Pos!B2020","v":"PO-0017529"},{"$f":"[1]Pos!C2020","v":"CENT"},{"$f":"[1]Pos!D2020","v":907.2},{"$f":"[1]Pos!E2020","v":4.95}]
[{"$f":"[1]Pos!A2021","v":"4206B01"},{"$f":"[1]Pos!B2021","v":"PO-0017524"},{"$f":"[1]Pos!C2021","v":"BOUC"},{"$f":"[1]Pos!D2021","v":166.1},{"$f":"[1]Pos!E2021","v":4.51}]
[{"$f":"[1]Pos!A2022","v":"4206B02"},{"$f":"[1]Pos!B2022","v":"PO-0017535"},{"$f":"[1]Pos!C2022","v":"JBS"},{"$f":"[1]Pos!D2022","v":968.86},{"$f":"[1]Pos!E2022","v":7.85}]
[{"$f":"[1]Pos!A2023","v":"4206B03"},{"$f":"[1]Pos!B2023","v":"PO-0018239"},{"$f":"[1]Pos!C2023","v":"CHIS"},{"$f":"[1]Pos!D2023","v":9771.98},{"$f":"[1]Pos!E2023","v":3.25}]
[{"$f":"[1]Pos!A2024","v":"4206D01"},{"$f":"[1]Pos!B2024","v":"PO-0017534"},{"$f":"[1]Pos!C2024","v":"OLYM"},{"$f":"[1]Pos!D2024","v":250},{"$f":"[1]Pos!E2024","v":6.09}]
[{"$f":"[1]Pos!A2025","v":"4206P01"},{"$f":"[1]Pos!B2025","v":"PO-0017525"},{"$f":"[1]Pos!C2025","v":"DESC"},{"$f":"[1]Pos!D2025","v":9072},{"$f":"[1]Pos!E2025","v":6.4}]
[{"$f":"[1]Pos!A2026","v":"4206P02"},{"$f":"[1]Pos!B2026","v":"PO-0017769"},{"$f":"[1]Pos!C2026","v":"EXCE"},{"$f":"[1]Pos!D2026","v":3132.15},{"$f":"[1]Pos!E2026","v":3.75}]
[{"$f":"[1]Pos!A2027","v":"4213B01"},{"$f":"[1]Pos!B2027","v":"PO-0017545"},{"$f":"[1]Pos!C2027","v":"DECA"},{"$f":"[1]Pos!D2027","v":125.78},{"$f":"[1]Pos!E2027","v":5}]
[{"$f":"[1]Pos!A2028","v":"4213B02"},{"$f":"[1]Pos!B2028","v":"PO-0017535"},{"$f":"[1]Pos!C2028","v":"JBS"},{"$f":"[1]Pos!D2028","v":2053.4},{"$f":"[1]Pos!E2028","v":14.35}]
[{"$f":"[1]Pos!A2029","v":"4213B03"},{"$f":"[1]Pos!B2029","v":"PO-0017555"},{"$f":"[1]Pos!C2029","v":"JBS"},{"$f":"[1]Pos!D2029","v":1033.69},{"$f":"[1]Pos!E2029","v":11.05}]
[{"$f":"[1]Pos!A2030","v":"4213B04"},{"$f":"[1]Pos!B2030","v":"PO-0017558"},{"$f":"[1]Pos!C2030","v":"DECA"},{"$f":"[1]Pos!D2030","v":2650.39},{"$f":"[1]Pos!E2030","v":5.67}]
[{"$f":"[1]Pos!A2031","v":"4213B05"},{"$f":"[1]Pos!B2031","v":"PO-0017602"},{"$f":"[1]Pos!C2031","v":"DECA"},{"$f":"[1]Pos!D2031","v":790.88},{"$f":"[1]Pos!E2031","v":7.45}]
[{"$f":"[1]Pos!A2032","v":"4213B06"},{"$f":"[1]Pos!B2032","v":"PO-0017831"},{"$f":"[1]Pos!C2032","v":"VEST"},{"$f":"[1]Pos!D2032","v":72.94},{"$f":"[1]Pos!E2032","v":17}]
[{"$f":"[1]Pos!A2033","v":"4213D01"},{"$f":"[1]Pos!B2033","v":"PO-0017534"},{"$f":"[1]Pos!C2033","v":"OLYM"},{"$f":"[1]Pos!D2033","v":250},{"$f":"[1]Pos!E2033","v":6.33}]
[{"$f":"[1]Pos!A2034","v":"4213P01"},{"$f":"[1]Pos!B2034","v":"PO-0017532"},{"$f":"[1]Pos!C2034","v":"EXCE"},{"$f":"[1]Pos!D2034","v":369.4},{"$f":"[1]Pos!E2034","v":3.25}]
[{"$f":"[1]Pos!A2035","v":"4213P02"},{"$f":"[1]Pos!B2035","v":"PO-0017533"},{"$f":"[1]Pos!C2035","v":"DMA"},{"$f":"[1]Pos!D2035","v":1505.62},{"$f":"[1]Pos!E2035","v":7.4}]
[{"$f":"[1]Pos!A2036","v":"4214B01"},{"$f":"[1]Pos!B2036","v":"PO-0017621"},{"$f":"[1]Pos!C2036","v":"ALIMPLUS"},{"$f":"[1]Pos!D2036","v":78.788995},{"$f":"[1]Pos!E2036","v":14.95}]
[{"$f":"[1]Pos!A2037","v":"4214B02"},{"$f":"[1]Pos!B2037","v":"PO-0018134"},{"$f":"[1]Pos!C2037","v":"METR"},{"$f":"[1]Pos!D2037","v":18816.259999999998},{"$f":"[1]Pos!E2037","v":2.39}]
[{"$f":"[1]Pos!A2038","v":"4214P01"},{"$f":"[1]Pos!B2038","v":"PO-0017543"},{"$f":"[1]Pos!C2038","v":"MOND"},{"$f":"[1]Pos!D2038","v":5443.2},{"$f":"[1]Pos!E2038","v":6.9}]
[{"$f":"[1]Pos!A2039","v":"4214P02"},{"$f":"[1]Pos!B2039","v":"PO-0017543"},{"$f":"[1]Pos!C2039","v":"MOND"},{"$f":"[1]Pos!D2039","v":3628.8},{"$f":"[1]Pos!E2039","v":6.35}]
[{"$f":"[1]Pos!A2040","v":"4215B01"},{"$f":"[1]Pos!B2040","v":"PO-0017542"},{"$f":"[1]Pos!C2040","v":"DECA"},{"$f":"[1]Pos!D2040","v":161.5},{"$f":"[1]Pos!E2040","v":4.1900000000000004}]
[{"$f":"[1]Pos!A2041","v":"4215B02"},{"$f":"[1]Pos!B2041","v":"PO-0017550"},{"$f":"[1]Pos!C2041","v":"OLYM"},{"$f":"[1]Pos!D2041","v":213.11},{"$f":"[1]Pos!E2041","v":12.86}]
[{"$f":"[1]Pos!A2042","v":"4215B03"},{"$f":"[1]Pos!B2042","v":"PO-0017602"},{"$f":"[1]Pos!C2042","v":"DECA"},{"$f":"[1]Pos!D2042","v":153.81317300000001},{"$f":"[1]Pos!E2042","v":5.59}]
[{"$f":"[1]Pos!A2043","v":"4215P01"},{"$f":"[1]Pos!B2043","v":"PO-0017547"},{"$f":"[1]Pos!C2043","v":"CENT"},{"$f":"[1]Pos!D2043","v":4536},{"$f":"[1]Pos!E2043","v":5.05}]
[{"$f":"[1]Pos!A2044","v":"4215P02"},{"$f":"[1]Pos!B2044","v":"PO-0017547"},{"$f":"[1]Pos!C2044","v":"CENT"},{"$f":"[1]Pos!D2044","v":3265.92},{"$f":"[1]Pos!E2044","v":7.6}]
[{"$f":"[1]Pos!A2045","v":"4216B01"},{"$f":"[1]Pos!B2045","v":"PO-0017581"},{"$f":"[1]Pos!C2045","v":"GIRO"},{"$f":"[1]Pos!D2045","v":4936.01},{"$f":"[1]Pos!E2045","v":6.35}]
[{"$f":"[1]Pos!A2046","v":"4216B02"},{"$f":"[1]Pos!B2046","v":"PO-0017540"},{"$f":"[1]Pos!C2046","v":"CHIS"},{"$f":"[1]Pos!D2046","v":18289.031999999999},{"$f":"[1]Pos!E2046","v":1.97}]
[{"$f":"[1]Pos!A2047","v":"4216B03"},{"$f":"[1]Pos!B2047","v":"PO-0018387"},{"$f":"[1]Pos!C2047","v":"GEOR"},{"$f":"[1]Pos!D2047","v":1166.48},{"$f":"[1]Pos!E2047","v":9.2899999999999991}]
[{"$f":"[1]Pos!A2048","v":"4216P01"},{"$f":"[1]Pos!B2048","v":"PO-0017548"},{"$f":"[1]Pos!C2048","v":"DESC"},{"$f":"[1]Pos!D2048","v":3628.8},{"$f":"[1]Pos!E2048","v":6.6}]
[{"$f":"[1]Pos!A2049","v":"4216P02"},{"$f":"[1]Pos!B2049","v":"PO-0017548"},{"$f":"[1]Pos!C2049","v":"DESC"},{"$f":"[1]Pos!D2049","v":3628.8},{"$f":"[1]Pos!E2049","v":7.4}]
[{"$f":"[1]Pos!A2050","v":"4216P03"},{"$f":"[1]Pos!B2050","v":"PO-0017546"},{"$f":"[1]Pos!C2050","v":"EXCE"},{"$f":"[1]Pos!D2050","v":2568.4299999999998},{"$f":"[1]Pos!E2050","v":5.2}]
[{"$f":"[1]Pos!A2051","v":"4216P04"},{"$f":"[1]Pos!B2051","v":"PO-0017546"},{"$f":"[1]Pos!C2051","v":"EXCE"},{"$f":"[1]Pos!D2051","v":365.19},{"$f":"[1]Pos!E2051","v":3.3}]
[{"$f":"[1]Pos!A2052","v":"4216P05"},{"$f":"[1]Pos!B2052","v":"PO-0017549"},{"$f":"[1]Pos!C2052","v":"CENT"},{"$f":"[1]Pos!D2052","v":140},{"$f":"[1]Pos!E2052","v":7.6}]
[{"$f":"[1]Pos!A2053","v":"4216P06"},{"$f":"[1]Pos!B2053","v":"PO-0017552"},{"$f":"[1]Pos!C2053","v":"MOND"},{"$f":"[1]Pos!D2053","v":6350.4},{"$f":"[1]Pos!E2053","v":6.35}]
[{"$f":"[1]Pos!A2054","v":"4216P07"},{"$f":"[1]Pos!B2054","v":"PO-0017552"},{"$f":"[1]Pos!C2054","v":"MOND"},{"$f":"[1]Pos!D2054","v":11793.6},{"$f":"[1]Pos!E2054","v":6.95}]
[{"$f":"[1]Pos!A2055","v":"4216P08"},{"$f":"[1]Pos!B2055","v":"PO-0017559"},{"$f":"[1]Pos!C2055","v":"EXCE"},{"$f":"[1]Pos!D2055","v":359.59},{"$f":"[1]Pos!E2055","v":3.7}]
[{"$f":"[1]Pos!A2056","v":"4217P01"},{"$f":"[1]Pos!B2056","v":"PO-0017546"},{"$f":"[1]Pos!C2056","v":"EXCE"},{"$f":"[1]Pos!D2056","v":91.77},{"$f":"[1]Pos!E2056","v":2.6}]
[{"$f":"[1]Pos!A2057","v":"4217P02"},{"$f":"[1]Pos!B2057","v":"PO-0017553"},{"$f":"[1]Pos!C2057","v":"EXCE"},{"$f":"[1]Pos!D2057","v":1922.52},{"$f":"[1]Pos!E2057","v":5.2}]
[{"$f":"[1]Pos!A2058","v":"4221B01"},{"$f":"[1]Pos!B2058","v":"PO-0017644"},{"$f":"[1]Pos!C2058","v":"ALIMPLUS"},{"$f":"[1]Pos!D2058","v":422.34},{"$f":"[1]Pos!E2058","v":12.2}]
[{"$f":"[1]Pos!A2059","v":"4222B01"},{"$f":"[1]Pos!B2059","v":"PO-0017568"},{"$f":"[1]Pos!C2059","v":"DECA"},{"$f":"[1]Pos!D2059","v":117.9},{"$f":"[1]Pos!E2059","v":4.24}]
[{"$f":"[1]Pos!A2060","v":"4222B02"},{"$f":"[1]Pos!B2060","v":"PO-0017591"},{"$f":"[1]Pos!C2060","v":"GIRO"},{"$f":"[1]Pos!D2060","v":475.67},{"$f":"[1]Pos!E2060","v":7.89}]
[{"$f":"[1]Pos!A2061","v":"4222B03"},{"$f":"[1]Pos!B2061","v":"PO-0017573"},{"$f":"[1]Pos!C2061","v":"JBS"},{"$f":"[1]Pos!D2061","v":15531.86},{"$f":"[1]Pos!E2061","v":5.97}]
[{"$f":"[1]Pos!A2062","v":"4222B04"},{"$f":"[1]Pos!B2062","v":"PO-0017610"},{"$f":"[1]Pos!C2062","v":"DELF"},{"$f":"[1]Pos!D2062","v":98.6},{"$f":"[1]Pos!E2062","v":10.5}]
[{"$f":"[1]Pos!A2063","v":"4222B05"},{"$f":"[1]Pos!B2063","v":"PO-0018099"},{"$f":"[1]Pos!C2063","v":"DECA"},{"$f":"[1]Pos!D2063","v":735.66},{"$f":"[1]Pos!E2063","v":3.89}]
[{"$f":"[1]Pos!A2064","v":"4222P01"},{"$f":"[1]Pos!B2064","v":"PO-0017550"},{"$f":"[1]Pos!C2064","v":"OLYM"},{"$f":"[1]Pos!D2064","v":289.73},{"$f":"[1]Pos!E2064","v":3.85}]
[{"$f":"[1]Pos!A2065","v":"4222P02"},{"$f":"[1]Pos!B2065","v":"PO-0017556"},{"$f":"[1]Pos!C2065","v":"ACCU"},{"$f":"[1]Pos!D2065","v":1129.82},{"$f":"[1]Pos!E2065","v":5.25}]
[{"$f":"[1]Pos!A2066","v":"4223B01"},{"$f":"[1]Pos!B2066","v":"PO-0017557"},{"$f":"[1]Pos!C2066","v":"DELF"},{"$f":"[1]Pos!D2066","v":691.89},{"$f":"[1]Pos!E2066","v":6.25}]
[{"$f":"[1]Pos!A2067","v":"4223B02"},{"$f":"[1]Pos!B2067","v":"PO-0017603"},{"$f":"[1]Pos!C2067","v":"C&C"},{"$f":"[1]Pos!D2067","v":33.63841},{"$f":"[1]Pos!E2067","v":12.79}]
[{"$f":"[1]Pos!A2068","v":"4223P01"},{"$f":"[1]Pos!B2068","v":"PO-0017554"},{"$f":"[1]Pos!C2068","v":"NADE"},{"$f":"[1]Pos!D2068","v":924.08},{"$f":"[1]Pos!E2068","v":4.5999999999999996}]
[{"$f":"[1]Pos!A2069","v":"4223P02"},{"$f":"[1]Pos!B2069","v":"PO-0017530"},{"$f":"[1]Pos!C2069","v":"SUNC"},{"$f":"[1]Pos!D2069","v":500},{"$f":"[1]Pos!E2069","v":5.75}]
[{"$f":"[1]Pos!A2070","v":"4224B01"},{"$f":"[1]Pos!B2070","v":"PO-0017568"},{"$f":"[1]Pos!C2070","v":"DECA"},{"$f":"[1]Pos!D2070","v":153.94},{"$f":"[1]Pos!E2070","v":4.95}]
[{"$f":"[1]Pos!A2071","v":"4224P01"},{"$f":"[1]Pos!B2071","v":"PO-0017566"},{"$f":"[1]Pos!C2071","v":"MOND"},{"$f":"[1]Pos!D2071","v":8164.8},{"$f":"[1]Pos!E2071","v":6.95}]
[{"$f":"[1]Pos!A2072","v":"4224P02"},{"$f":"[1]Pos!B2072","v":"PO-0017571"},{"$f":"[1]Pos!C2072","v":"OLYM"},{"$f":"[1]Pos!D2072","v":294.60000000000002},{"$f":"[1]Pos!E2072","v":3.85}]
[{"$f":"[1]Pos!A2073","v":"4225B01"},{"$f":"[1]Pos!B2073","v":"PO-0017575"},{"$f":"[1]Pos!C2073","v":"DECA"},{"$f":"[1]Pos!D2073","v":31.58},{"$f":"[1]Pos!E2073","v":4.05}]
[{"$f":"[1]Pos!A2074","v":"4225B02"},{"$f":"[1]Pos!B2074","v":"PO-0017587"},{"$f":"[1]Pos!C2074","v":"RYDI"},{"$f":"[1]Pos!D2074","v":2591},{"$f":"[1]Pos!E2074","v":6.24}]
[{"$f":"[1]Pos!A2075","v":"4225B03"},{"$f":"[1]Pos!B2075","v":"PO-0017587"},{"$f":"[1]Pos!C2075","v":"RYDI"},{"$f":"[1]Pos!D2075","v":2517.5},{"$f":"[1]Pos!E2075","v":4.3}]
[{"$f":"[1]Pos!A2076","v":"4225B04"},{"$f":"[1]Pos!B2076","v":"PO-0017590"},{"$f":"[1]Pos!C2076","v":"DECA"},{"$f":"[1]Pos!D2076","v":149.62},{"$f":"[1]Pos!E2076","v":4.05}]
[{"$f":"[1]Pos!A2077","v":"4225B05"},{"$f":"[1]Pos!B2077","v":"PO-0017617"},{"$f":"[1]Pos!C2077","v":"DECA"},{"$f":"[1]Pos!D2077","v":62.02},{"$f":"[1]Pos!E2077","v":6.85}]
[{"$f":"[1]Pos!A2078","v":"4225B06"},{"$f":"[1]Pos!B2078","v":"PO-0017619"},{"$f":"[1]Pos!C2078","v":"JBS"},{"$f":"[1]Pos!D2078","v":64.17},{"$f":"[1]Pos!E2078","v":5.58}]
[{"$f":"[1]Pos!A2079","v":"4225P01"},{"$f":"[1]Pos!B2079","v":"PO-0017567"},{"$f":"[1]Pos!C2079","v":"MOND"},{"$f":"[1]Pos!D2079","v":4536},{"$f":"[1]Pos!E2079","v":6.35}]
[{"$f":"[1]Pos!A2080","v":"4225P02"},{"$f":"[1]Pos!B2080","v":"PO-0017572"},{"$f":"[1]Pos!C2080","v":"EXCE"},{"$f":"[1]Pos!D2080","v":1932.12},{"$f":"[1]Pos!E2080","v":5}]
[{"$f":"[1]Pos!A2081","v":"4225P03"},{"$f":"[1]Pos!B2081","v":"PO-0017582"},{"$f":"[1]Pos!C2081","v":"DESC"},{"$f":"[1]Pos!D2081","v":5443.2},{"$f":"[1]Pos!E2081","v":6.75}]
[{"$f":"[1]Pos!A2082","v":"4225P04"},{"$f":"[1]Pos!B2082","v":"PO-0017584"},{"$f":"[1]Pos!C2082","v":"CENT"},{"$f":"[1]Pos!D2082","v":4082.4},{"$f":"[1]Pos!E2082","v":7.6}]
[{"$f":"[1]Pos!A2083","v":"4225P05"},{"$f":"[1]Pos!B2083","v":"PO-0017583"},{"$f":"[1]Pos!C2083","v":"CENT"},{"$f":"[1]Pos!D2083","v":3628.8},{"$f":"[1]Pos!E2083","v":5.05}]
[{"$f":"[1]Pos!A2084","v":"4225P06"},{"$f":"[1]Pos!B2084","v":"PO-0017585"},{"$f":"[1]Pos!C2084","v":"MOND"},{"$f":"[1]Pos!D2084","v":11430.72},{"$f":"[1]Pos!E2084","v":6.85}]
[{"$f":"[1]Pos!A2085","v":"4225P07"},{"$f":"[1]Pos!B2085","v":"PO-0017592"},{"$f":"[1]Pos!C2085","v":"MOND"},{"$f":"[1]Pos!D2085","v":4536},{"$f":"[1]Pos!E2085","v":6.35}]
[{"$f":"[1]Pos!A2086","v":"4225P08"},{"$f":"[1]Pos!B2086","v":"PO-0017585"},{"$f":"[1]Pos!C2086","v":"MOND"},{"$f":"[1]Pos!D2086","v":362.88},{"$f":"[1]Pos!E2086","v":6.85}]
[{"$f":"[1]Pos!A2087","v":"4225P09"},{"$f":"[1]Pos!B2087","v":"PO-0017595"},{"$f":"[1]Pos!C2087","v":"CENT"},{"$f":"[1]Pos!D2087","v":907.2},{"$f":"[1]Pos!E2087","v":7.6}]
[{"$f":"[1]Pos!A2088","v":"4225P10"},{"$f":"[1]Pos!B2088","v":"PO-0017596"},{"$f":"[1]Pos!C2088","v":"CENT"},{"$f":"[1]Pos!D2088","v":907.2},{"$f":"[1]Pos!E2088","v":5.05}]
[{"$f":"[1]Pos!A2089","v":"4226B01"},{"$f":"[1]Pos!B2089","v":"PO-0017646"},{"$f":"[1]Pos!C2089","v":"DECA"},{"$f":"[1]Pos!D2089","v":176.16},{"$f":"[1]Pos!E2089","v":5.69}]
[{"$f":"[1]Pos!A2090","v":"4226B02"},{"$f":"[1]Pos!B2090","v":"PO-0017773"},{"$f":"[1]Pos!C2090","v":"DECA"},{"$f":"[1]Pos!D2090","v":533.4},{"$f":"[1]Pos!E2090","v":8.39}]
[{"$f":"[1]Pos!A2091","v":"4226P01"},{"$f":"[1]Pos!B2091","v":"PO-0017598"},{"$f":"[1]Pos!C2091","v":"ACCU"},{"$f":"[1]Pos!D2091","v":360},{"$f":"[1]Pos!E2091","v":5.15}]
[{"$f":"[1]Pos!A2092","v":"4231B01"},{"$f":"[1]Pos!B2092","v":"PO-0018240"},{"$f":"[1]Pos!C2092","v":"CHIS"},{"$f":"[1]Pos!D2092","v":9771.98},{"$f":"[1]Pos!E2092","v":3.25}]
[{"$f":"[1]Pos!A2093","v":"4232P01"},{"$f":"[1]Pos!B2093","v":"PO-0017609"},{"$f":"[1]Pos!C2093","v":"MOND"},{"$f":"[1]Pos!D2093","v":3628.8},{"$f":"[1]Pos!E2093","v":6.35}]
[{"$f":"[1]Pos!A2094","v":"4233B01"},{"$f":"[1]Pos!B2094","v":"PO-0017612"},{"$f":"[1]Pos!C2094","v":"DECA"},{"$f":"[1]Pos!D2094","v":35.08},{"$f":"[1]Pos!E2094","v":3.97}]
[{"$f":"[1]Pos!A2095","v":"4233P01"},{"$f":"[1]Pos!B2095","v":"PO-0017599"},{"$f":"[1]Pos!C2095","v":"ACCU"},{"$f":"[1]Pos!D2095","v":2160},{"$f":"[1]Pos!E2095","v":5.15}]
[{"$f":"[1]Pos!A2096","v":"4233P02"},{"$f":"[1]Pos!B2096","v":"PO-0017609"},{"$f":"[1]Pos!C2096","v":"MOND"},{"$f":"[1]Pos!D2096","v":6350.4},{"$f":"[1]Pos!E2096","v":6.95}]
[{"$f":"[1]Pos!A2097","v":"4233P03"},{"$f":"[1]Pos!B2097","v":"PO-0017615"},{"$f":"[1]Pos!C2097","v":"CENT"},{"$f":"[1]Pos!D2097","v":1814.4},{"$f":"[1]Pos!E2097","v":5.05}]
[{"$f":"[1]Pos!A2098","v":"4233P04"},{"$f":"[1]Pos!B2098","v":"PO-0017615"},{"$f":"[1]Pos!C2098","v":"CENT"},{"$f":"[1]Pos!D2098","v":4536},{"$f":"[1]Pos!E2098","v":7.8}]
[{"$f":"[1]Pos!A2099","v":"4233P05"},{"$f":"[1]Pos!B2099","v":"PO-0017616"},{"$f":"[1]Pos!C2099","v":"MOND"},{"$f":"[1]Pos!D2099","v":2721.6},{"$f":"[1]Pos!E2099","v":6.35}]
[{"$f":"[1]Pos!A2100","v":"4234B01"},{"$f":"[1]Pos!B2100","v":"PO-0017617"},{"$f":"[1]Pos!C2100","v":"DECA"},{"$f":"[1]Pos!D2100","v":70.22},{"$f":"[1]Pos!E2100","v":4.95}]
[{"$f":"[1]Pos!A2101","v":"4234B02"},{"$f":"[1]Pos!B2101","v":"PO-0017633"},{"$f":"[1]Pos!C2101","v":"DECA"},{"$f":"[1]Pos!D2101","v":192.59531999999999},{"$f":"[1]Pos!E2101","v":14.69}]
[{"$f":"[1]Pos!A2102","v":"4234B03"},{"$f":"[1]Pos!B2102","v":"PO-0017611"},{"$f":"[1]Pos!C2102","v":"WHIT"},{"$f":"[1]Pos!D2102","v":206.24},{"$f":"[1]Pos!E2102","v":12.25}]
[{"$f":"[1]Pos!A2103","v":"4234B04"},{"$f":"[1]Pos!B2103","v":"PO-0017641"},{"$f":"[1]Pos!C2103","v":"DECA"},{"$f":"[1]Pos!D2103","v":18.920000000000002},{"$f":"[1]Pos!E2103","v":4.24}]
[{"$f":"[1]Pos!A2104","v":"4234B05"},{"$f":"[1]Pos!B2104","v":"PO-0017672"},{"$f":"[1]Pos!C2104","v":"JBS"},{"$f":"[1]Pos!D2104","v":715.56},{"$f":"[1]Pos!E2104","v":11}]
[{"$f":"[1]Pos!A2105","v":"4234B06"},{"$f":"[1]Pos!B2105","v":"PO-0017681"},{"$f":"[1]Pos!C2105","v":"LARO"},{"$f":"[1]Pos!D2105","v":1361},{"$f":"[1]Pos!E2105","v":3.99}]
[{"$f":"[1]Pos!A2106","v":"4234P01"},{"$f":"[1]Pos!B2106","v":"PO-0017613"},{"$f":"[1]Pos!C2106","v":"CENT"},{"$f":"[1]Pos!D2106","v":1530},{"$f":"[1]Pos!E2106","v":6.75}]
[{"$f":"[1]Pos!A2107","v":"4234P02"},{"$f":"[1]Pos!B2107","v":"PO-0017607"},{"$f":"[1]Pos!C2107","v":"OLYM"},{"$f":"[1]Pos!D2107","v":295.01},{"$f":"[1]Pos!E2107","v":3.85}]
[{"$f":"[1]Pos!A2108","v":"4234P03"},{"$f":"[1]Pos!B2108","v":"PO-0017620"},{"$f":"[1]Pos!C2108","v":"ACCU"},{"$f":"[1]Pos!D2108","v":540},{"$f":"[1]Pos!E2108","v":3.4}]
[{"$f":"[1]Pos!A2109","v":"4235B01"},{"$f":"[1]Pos!B2109","v":"PO-0017604"},{"$f":"[1]Pos!C2109","v":"DECA"},{"$f":"[1]Pos!D2109","v":88.2},{"$f":"[1]Pos!E2109","v":5.39}]
[{"$f":"[1]Pos!A2110","v":"4235B02"},{"$f":"[1]Pos!B2110","v":"PO-0017730"},{"$f":"[1]Pos!C2110","v":"DECA"},{"$f":"[1]Pos!D2110","v":127.47},{"$f":"[1]Pos!E2110","v":15.95}]
[{"$f":"[1]Pos!A2111","v":"4235P01"},{"$f":"[1]Pos!B2111","v":"PO-0017623"},{"$f":"[1]Pos!C2111","v":99},{"$f":"[1]Pos!D2111","v":39.770000000000003},{"$f":"[1]Pos!E2111","v":2.8}]
[{"$f":"[1]Pos!A2112","v":"4235P02"},{"$f":"[1]Pos!B2112","v":"PO-0017625"},{"$f":"[1]Pos!C2112","v":"CENT"},{"$f":"[1]Pos!D2112","v":3628.8},{"$f":"[1]Pos!E2112","v":4.95}]
[{"$f":"[1]Pos!A2113","v":"4235P03"},{"$f":"[1]Pos!B2113","v":"PO-0017627"},{"$f":"[1]Pos!C2113","v":"DESC"},{"$f":"[1]Pos!D2113","v":3628.8},{"$f":"[1]Pos!E2113","v":6.8}]
[{"$f":"[1]Pos!A2114","v":"4236B01"},{"$f":"[1]Pos!B2114","v":"PO-0017624"},{"$f":"[1]Pos!C2114","v":"BOUC"},{"$f":"[1]Pos!D2114","v":165.86},{"$f":"[1]Pos!E2114","v":4.3099999999999996}]
[{"$f":"[1]Pos!A2115","v":"4236B02"},{"$f":"[1]Pos!B2115","v":"PO-0017611"},{"$f":"[1]Pos!C2115","v":"WHIT"},{"$f":"[1]Pos!D2115","v":58.36},{"$f":"[1]Pos!E2115","v":6.75}]
[{"$f":"[1]Pos!A2116","v":"4236B03"},{"$f":"[1]Pos!B2116","v":"PO-0017639"},{"$f":"[1]Pos!C2116","v":"LARO"},{"$f":"[1]Pos!D2116","v":571.62},{"$f":"[1]Pos!E2116","v":3.85}]
[{"$f":"[1]Pos!A2117","v":"4236B04"},{"$f":"[1]Pos!B2117","v":"PO-0017651"},{"$f":"[1]Pos!C2117","v":"JBS"},{"$f":"[1]Pos!D2117","v":81.180000000000007},{"$f":"[1]Pos!E2117","v":8}]
[{"$f":"[1]Pos!A2118","v":"4236B05"},{"$f":"[1]Pos!B2118","v":"PO-0017692"},{"$f":"[1]Pos!C2118","v":"C&C"},{"$f":"[1]Pos!D2118","v":1995.47901},{"$f":"[1]Pos!E2118","v":13.29}]
[{"$f":"[1]Pos!A2119","v":"4236P01"},{"$f":"[1]Pos!B2119","v":"PO-0017627"},{"$f":"[1]Pos!C2119","v":"DESC"},{"$f":"[1]Pos!D2119","v":3628.8},{"$f":"[1]Pos!E2119","v":7.4}]
[{"$f":"[1]Pos!A2120","v":"4236P02"},{"$f":"[1]Pos!B2120","v":"PO-0017628"},{"$f":"[1]Pos!C2120","v":"MOND"},{"$f":"[1]Pos!D2120","v":4536},{"$f":"[1]Pos!E2120","v":6.35}]
[{"$f":"[1]Pos!A2121","v":"4236P03"},{"$f":"[1]Pos!B2121","v":"PO-0017630"},{"$f":"[1]Pos!C2121","v":"ACCU"},{"$f":"[1]Pos!D2121","v":2700},{"$f":"[1]Pos!E2121","v":4.9000000000000004}]
[{"$f":"[1]Pos!A2122","v":"4236P04"},{"$f":"[1]Pos!B2122","v":"PO-0017630"},{"$f":"[1]Pos!C2122","v":"ACCU"},{"$f":"[1]Pos!D2122","v":360},{"$f":"[1]Pos!E2122","v":3.4}]
[{"$f":"[1]Pos!A2123","v":"4236P05"},{"$f":"[1]Pos!B2123","v":"PO-0017628"},{"$f":"[1]Pos!C2123","v":"MOND"},{"$f":"[1]Pos!D2123","v":6350.4},{"$f":"[1]Pos!E2123","v":6.95}]
[{"$f":"[1]Pos!A2124","v":"4242B01"},{"$f":"[1]Pos!B2124","v":"PO-0017633"},{"$f":"[1]Pos!C2124","v":"DECA"},{"$f":"[1]Pos!D2124","v":119.52},{"$f":"[1]Pos!E2124","v":4.29}]
[{"$f":"[1]Pos!A2125","v":"4242B02"},{"$f":"[1]Pos!B2125","v":"PO-0017636"},{"$f":"[1]Pos!C2125","v":"RYDI"},{"$f":"[1]Pos!D2125","v":2522.5},{"$f":"[1]Pos!E2125","v":6.24}]
[{"$f":"[1]Pos!A2126","v":"4242B03"},{"$f":"[1]Pos!B2126","v":"PO-0017666"},{"$f":"[1]Pos!C2126","v":"C&C"},{"$f":"[1]Pos!D2126","v":109.13},{"$f":"[1]Pos!E2126","v":16.79}]
[{"$f":"[1]Pos!A2127","v":"4242B04"},{"$f":"[1]Pos!B2127","v":"PO-0017720"},{"$f":"[1]Pos!C2127","v":"C&C"},{"$f":"[1]Pos!D2127","v":3296.374206},{"$f":"[1]Pos!E2127","v":12.99}]
[{"$f":"[1]Pos!A2128","v":"4242P01"},{"$f":"[1]Pos!B2128","v":"PO-0017626"},{"$f":"[1]Pos!C2128","v":"CENT"},{"$f":"[1]Pos!D2128","v":4000},{"$f":"[1]Pos!E2128","v":7}]
[{"$f":"[1]Pos!A2129","v":"4242P02"},{"$f":"[1]Pos!B2129","v":"PO-0017638"},{"$f":"[1]Pos!C2129","v":"ACCU"},{"$f":"[1]Pos!D2129","v":2700},{"$f":"[1]Pos!E2129","v":4.9000000000000004}]
[{"$f":"[1]Pos!A2130","v":"4243B01"},{"$f":"[1]Pos!B2130","v":"PO-0017634"},{"$f":"[1]Pos!C2130","v":"LARO"},{"$f":"[1]Pos!D2130","v":760.5},{"$f":"[1]Pos!E2130","v":6.1}]
[{"$f":"[1]Pos!A2131","v":"4243B02"},{"$f":"[1]Pos!B2131","v":"PO-0017634"},{"$f":"[1]Pos!C2131","v":"LARO"},{"$f":"[1]Pos!D2131","v":801.5},{"$f":"[1]Pos!E2131","v":4.0999999999999996}]
[{"$f":"[1]Pos!A2132","v":"4243B03"},{"$f":"[1]Pos!B2132","v":"PO-0017611"},{"$f":"[1]Pos!C2132","v":"WHIT"},{"$f":"[1]Pos!D2132","v":64.099999999999994},{"$f":"[1]Pos!E2132","v":6.65}]
[{"$f":"[1]Pos!A2133","v":"4243B04"},{"$f":"[1]Pos!B2133","v":"PO-0017647"},{"$f":"[1]Pos!C2133","v":"DECA"},{"$f":"[1]Pos!D2133","v":88.42},{"$f":"[1]Pos!E2133","v":3.37}]
[{"$f":"[1]Pos!A2134","v":"4243B05"},{"$f":"[1]Pos!B2134","v":"PO-0017636"},{"$f":"[1]Pos!C2134","v":"RYDI"},{"$f":"[1]Pos!D2134","v":1691},{"$f":"[1]Pos!E2134","v":4.3}]
[{"$f":"[1]Pos!A2135","v":"4243B06"},{"$f":"[1]Pos!B2135","v":"PO-0017717"},{"$f":"[1]Pos!C2135","v":"C&C"},{"$f":"[1]Pos!D2135","v":69.100261000000003},{"$f":"[1]Pos!E2135","v":16.39}]
[{"$f":"[1]Pos!A2136","v":"4243B07"},{"$f":"[1]Pos!B2136","v":"PO-0017829"},{"$f":"[1]Pos!C2136","v":"OLYM"},{"$f":"[1]Pos!D2136","v":2086.1},{"$f":"[1]Pos!E2136","v":3.75}]
[{"$f":"[1]Pos!A2137","v":"4243B08"},{"$f":"[1]Pos!B2137","v":"PO-0017541"},{"$f":"[1]Pos!C2137","v":"CHIS"},{"$f":"[1]Pos!D2137","v":18425.111000000001},{"$f":"[1]Pos!E2137","v":1.87}]
[{"$f":"[1]Pos!A2138","v":"4243P01"},{"$f":"[1]Pos!B2138","v":"PO-0017632"},{"$f":"[1]Pos!C2138","v":"CENT"},{"$f":"[1]Pos!D2138","v":2000},{"$f":"[1]Pos!E2138","v":7}]
[{"$f":"[1]Pos!A2139","v":"4243P02"},{"$f":"[1]Pos!B2139","v":"PO-0017632"},{"$f":"[1]Pos!C2139","v":"CENT"},{"$f":"[1]Pos!D2139","v":275},{"$f":"[1]Pos!E2139","v":7.5}]
[{"$f":"[1]Pos!A2140","v":"4243P03"},{"$f":"[1]Pos!B2140","v":"PO-0017643"},{"$f":"[1]Pos!C2140","v":"ACCU"},{"$f":"[1]Pos!D2140","v":2880},{"$f":"[1]Pos!E2140","v":4.8}]
[{"$f":"[1]Pos!A2141","v":"4244B01"},{"$f":"[1]Pos!B2141","v":"PO-0017635"},{"$f":"[1]Pos!C2141","v":"LARO"},{"$f":"[1]Pos!D2141","v":726},{"$f":"[1]Pos!E2141","v":6.1}]
[{"$f":"[1]Pos!A2142","v":"4244B02"},{"$f":"[1]Pos!B2142","v":"PO-0017635"},{"$f":"[1]Pos!C2142","v":"LARO"},{"$f":"[1]Pos!D2142","v":800},{"$f":"[1]Pos!E2142","v":4.0999999999999996}]
[{"$f":"[1]Pos!A2143","v":"4244B03"},{"$f":"[1]Pos!B2143","v":"PO-0017650"},{"$f":"[1]Pos!C2143","v":"DECA"},{"$f":"[1]Pos!D2143","v":192.6},{"$f":"[1]Pos!E2143","v":4.95}]
[{"$f":"[1]Pos!A2144","v":"4244B04"},{"$f":"[1]Pos!B2144","v":"PO-0017650"},{"$f":"[1]Pos!C2144","v":"DECA"},{"$f":"[1]Pos!D2144","v":55.88},{"$f":"[1]Pos!E2144","v":4.24}]
[{"$f":"[1]Pos!A2145","v":"4244B05"},{"$f":"[1]Pos!B2145","v":"PO-0017669"},{"$f":"[1]Pos!C2145","v":"DECA"},{"$f":"[1]Pos!D2145","v":2071.7399999999998},{"$f":"[1]Pos!E2145","v":8.39}]
[{"$f":"[1]Pos!A2146","v":"4244B06"},{"$f":"[1]Pos!B2146","v":"PO-0017717"},{"$f":"[1]Pos!C2146","v":"C&C"},{"$f":"[1]Pos!D2146","v":1326.46},{"$f":"[1]Pos!E2146","v":7.99}]
[{"$f":"[1]Pos!A2147","v":"4244P01"},{"$f":"[1]Pos!B2147","v":"PO-0017645"},{"$f":"[1]Pos!C2147","v":"MOND"},{"$f":"[1]Pos!D2147","v":4536},{"$f":"[1]Pos!E2147","v":6.25}]
[{"$f":"[1]Pos!A2148","v":"4244P02"},{"$f":"[1]Pos!B2148","v":"PO-0017652"},{"$f":"[1]Pos!C2148","v":"ACCU"},{"$f":"[1]Pos!D2148","v":540},{"$f":"[1]Pos!E2148","v":4.8}]
[{"$f":"[1]Pos!A2149","v":"4245B01"},{"$f":"[1]Pos!B2149","v":"PO-0017679"},{"$f":"[1]Pos!C2149","v":"METR"},{"$f":"[1]Pos!D2149","v":28.077368},{"$f":"[1]Pos!E2149","v":5}]
[{"$f":"[1]Pos!A2150","v":"4245B02"},{"$f":"[1]Pos!B2150","v":"PO-0017710"},{"$f":"[1]Pos!C2150","v":"DECA"},{"$f":"[1]Pos!D2150","v":2124.44},{"$f":"[1]Pos!E2150","v":8.5}]
[{"$f":"[1]Pos!A2151","v":"4245B03"},{"$f":"[1]Pos!B2151","v":"PO-0017843"},{"$f":"[1]Pos!C2151","v":"C&C"},{"$f":"[1]Pos!D2151","v":496.4},{"$f":"[1]Pos!E2151","v":14.3}]
[{"$f":"[1]Pos!A2152","v":"4245P01"},{"$f":"[1]Pos!B2152","v":"PO-0017645"},{"$f":"[1]Pos!C2152","v":"MOND"},{"$f":"[1]Pos!D2152","v":4536},{"$f":"[1]Pos!E2152","v":6.9}]
[{"$f":"[1]Pos!A2153","v":"4245P02"},{"$f":"[1]Pos!B2153","v":"PO-0017653"},{"$f":"[1]Pos!C2153","v":"CENT"},{"$f":"[1]Pos!D2153","v":3628.88},{"$f":"[1]Pos!E2153","v":4.95}]
[{"$f":"[1]Pos!A2154","v":"4245P03"},{"$f":"[1]Pos!B2154","v":"PO-0017654"},{"$f":"[1]Pos!C2154","v":"DESC"},{"$f":"[1]Pos!D2154","v":6350.4},{"$f":"[1]Pos!E2154","v":6.6}]
[{"$f":"[1]Pos!A2155","v":"4245P04"},{"$f":"[1]Pos!B2155","v":"PO-0017655"},{"$f":"[1]Pos!C2155","v":"MOND"},{"$f":"[1]Pos!D2155","v":10886.4},{"$f":"[1]Pos!E2155","v":6.25}]
[{"$f":"[1]Pos!A2156","v":"4245P05"},{"$f":"[1]Pos!B2156","v":"PO-0017655"},{"$f":"[1]Pos!C2156","v":"MOND"},{"$f":"[1]Pos!D2156","v":4536},{"$f":"[1]Pos!E2156","v":6.9}]
[{"$f":"[1]Pos!A2157","v":"4245P06"},{"$f":"[1]Pos!B2157","v":"PO-0017668"},{"$f":"[1]Pos!C2157","v":"DESC"},{"$f":"[1]Pos!D2157","v":4536},{"$f":"[1]Pos!E2157","v":6.6}]
[{"$f":"[1]Pos!A2158","v":"4245P07"},{"$f":"[1]Pos!B2158","v":"PO-0017659"},{"$f":"[1]Pos!C2158","v":"ACCU"},{"$f":"[1]Pos!D2158","v":1980},{"$f":"[1]Pos!E2158","v":4.8499999999999996}]
[{"$f":"[1]Pos!A2159","v":"4246B01"},{"$f":"[1]Pos!B2159","v":"PO-0017731"},{"$f":"[1]Pos!C2159","v":"GIRO"},{"$f":"[1]Pos!D2159","v":3836.48},{"$f":"[1]Pos!E2159","v":6.35}]
[{"$f":"[1]Pos!A2160","v":"4246B02"},{"$f":"[1]Pos!B2160","v":"PO-0017858"},{"$f":"[1]Pos!C2160","v":"DECA"},{"$f":"[1]Pos!D2160","v":66.430000000000007},{"$f":"[1]Pos!E2160","v":11.1}]
[{"$f":"[1]Pos!A2161","v":"4246D01"},{"$f":"[1]Pos!B2161","v":"PO-0017663"},{"$f":"[1]Pos!C2161","v":"OLYM"},{"$f":"[1]Pos!D2161","v":250},{"$f":"[1]Pos!E2161","v":6.54}]
[{"$f":"[1]Pos!A2162","v":"4246P01"},{"$f":"[1]Pos!B2162","v":"PO-0017657"},{"$f":"[1]Pos!C2162","v":"CENT"},{"$f":"[1]Pos!D2162","v":225},{"$f":"[1]Pos!E2162","v":7.5}]
[{"$f":"[1]Pos!A2163","v":"4246P02"},{"$f":"[1]Pos!B2163","v":"PO-0017654"},{"$f":"[1]Pos!C2163","v":"DESC"},{"$f":"[1]Pos!D2163","v":4536},{"$f":"[1]Pos!E2163","v":7.2}]
[{"$f":"[1]Pos!A2164","v":"4246P03"},{"$f":"[1]Pos!B2164","v":"PO-0017658"},{"$f":"[1]Pos!C2164","v":"BENI"},{"$f":"[1]Pos!D2164","v":81.92},{"$f":"[1]Pos!E2164","v":4.4000000000000004}]
[{"$f":"[1]Pos!A2165","v":"4246P04"},{"$f":"[1]Pos!B2165","v":"PO-0017658"},{"$f":"[1]Pos!C2165","v":"BENI"},{"$f":"[1]Pos!D2165","v":18.329999999999998},{"$f":"[1]Pos!E2165","v":2.75}]
[{"$f":"[1]Pos!A2166","v":"4246P05"},{"$f":"[1]Pos!B2166","v":"PO-0017656"},{"$f":"[1]Pos!C2166","v":"ACCU"},{"$f":"[1]Pos!D2166","v":2160},{"$f":"[1]Pos!E2166","v":4.9000000000000004}]
[{"$f":"[1]Pos!A2167","v":"4246P06"},{"$f":"[1]Pos!B2167","v":"PO-0017653"},{"$f":"[1]Pos!C2167","v":"CENT"},{"$f":"[1]Pos!D2167","v":3897.28},{"$f":"[1]Pos!E2167","v":4.75}]
[{"$f":"[1]Pos!A2168","v":"4246P07"},{"$f":"[1]Pos!B2168","v":"PO-0017676"},{"$f":"[1]Pos!C2168","v":"ACCU"},{"$f":"[1]Pos!D2168","v":378},{"$f":"[1]Pos!E2168","v":4.5999999999999996}]
[{"$f":"[1]Pos!A2169","v":"4246P08"},{"$f":"[1]Pos!B2169","v":"PO-0017673"},{"$f":"[1]Pos!C2169","v":"MOND"},{"$f":"[1]Pos!D2169","v":2721.6},{"$f":"[1]Pos!E2169","v":6.8}]
[{"$f":"[1]Pos!A2170","v":"4251B01"},{"$f":"[1]Pos!B2170","v":"PO-0017600"},{"$f":"[1]Pos!C2170","v":"DECA"},{"$f":"[1]Pos!D2170","v":31.22},{"$f":"[1]Pos!E2170","v":25.89}]
[{"$f":"[1]Pos!A2171","v":"4252B01"},{"$f":"[1]Pos!B2171","v":"PO-0017667"},{"$f":"[1]Pos!C2171","v":"DECA"},{"$f":"[1]Pos!D2171","v":75.239999999999995},{"$f":"[1]Pos!E2171","v":4.3499999999999996}]
[{"$f":"[1]Pos!A2172","v":"4252B02"},{"$f":"[1]Pos!B2172","v":"PO-0017836"},{"$f":"[1]Pos!C2172","v":"LARO"},{"$f":"[1]Pos!D2172","v":272.2},{"$f":"[1]Pos!E2172","v":4.0199999999999996}]
[{"$f":"[1]Pos!A2173","v":"4252D01"},{"$f":"[1]Pos!B2173","v":"PO-0017663"},{"$f":"[1]Pos!C2173","v":"OLYM"},{"$f":"[1]Pos!D2173","v":250},{"$f":"[1]Pos!E2173","v":6.78}]
[{"$f":"[1]Pos!A2174","v":"4252P01"},{"$f":"[1]Pos!B2174","v":"PO-0017661"},{"$f":"[1]Pos!C2174","v":"EXCE"},{"$f":"[1]Pos!D2174","v":493.04},{"$f":"[1]Pos!E2174","v":3.7}]
[{"$f":"[1]Pos!A2175","v":"4252P02"},{"$f":"[1]Pos!B2175","v":"PO-0017662"},{"$f":"[1]Pos!C2175","v":"OLYM"},{"$f":"[1]Pos!D2175","v":282.75},{"$f":"[1]Pos!E2175","v":3.85}]
[{"$f":"[1]Pos!A2176","v":"4252P03"},{"$f":"[1]Pos!B2176","v":"PO-0017670"},{"$f":"[1]Pos!C2176","v":"EXCE"},{"$f":"[1]Pos!D2176","v":5310.33},{"$f":"[1]Pos!E2176","v":4.3}]
[{"$f":"[1]Pos!A2177","v":"4252P04"},{"$f":"[1]Pos!B2177","v":"PO-0017770"},{"$f":"[1]Pos!C2177","v":"EXCE"},{"$f":"[1]Pos!D2177","v":1763.94},{"$f":"[1]Pos!E2177","v":3.75}]
[{"$f":"[1]Pos!A2178","v":"4253B01"},{"$f":"[1]Pos!B2178","v":"PO-0017738"},{"$f":"[1]Pos!C2178","v":"DECA"},{"$f":"[1]Pos!D2178","v":35.130000000000003},{"$f":"[1]Pos!E2178","v":24.29}]
[{"$f":"[1]Pos!A2179","v":"4253B02"},{"$f":"[1]Pos!B2179","v":"PO-0017749"},{"$f":"[1]Pos!C2179","v":"DECA"},{"$f":"[1]Pos!D2179","v":635.88},{"$f":"[1]Pos!E2179","v":6.89}]
[{"$f":"[1]Pos!A2180","v":"4253B03"},{"$f":"[1]Pos!B2180","v":"PO-0018620"},{"$f":"[1]Pos!C2180","v":"DECA"},{"$f":"[1]Pos!D2180","v":20.59},{"$f":"[1]Pos!E2180","v":7.59}]
[{"$f":"[1]Pos!A2181","v":"4254B02"},{"$f":"[1]Pos!B2181","v":"PO-0017707"},{"$f":"[1]Pos!C2181","v":"DECA"},{"$f":"[1]Pos!D2181","v":75.56},{"$f":"[1]Pos!E2181","v":4.1900000000000004}]
[{"$f":"[1]Pos!A2182","v":"4254P01"},{"$f":"[1]Pos!B2182","v":"PO-0017677"},{"$f":"[1]Pos!C2182","v":"EXCE"},{"$f":"[1]Pos!D2182","v":164.27},{"$f":"[1]Pos!E2182","v":3.3}]
[{"$f":"[1]Pos!A2183","v":"4254P02"},{"$f":"[1]Pos!B2183","v":"PO-0017677"},{"$f":"[1]Pos!C2183","v":"EXCE"},{"$f":"[1]Pos!D2183","v":108.68},{"$f":"[1]Pos!E2183","v":4.04}]
[{"$f":"[1]Pos!A2184","v":"4254P03"},{"$f":"[1]Pos!B2184","v":"PO-0017683"},{"$f":"[1]Pos!C2184","v":"MOND"},{"$f":"[1]Pos!D2184","v":7257.6},{"$f":"[1]Pos!E2184","v":6.25}]
[{"$f":"[1]Pos!A2185","v":"4254P04"},{"$f":"[1]Pos!B2185","v":"PO-0017675"},{"$f":"[1]Pos!C2185","v":"ACCU"},{"$f":"[1]Pos!D2185","v":17.850000000000001},{"$f":"[1]Pos!E2185","v":3.4}]
[{"$f":"[1]Pos!A2186","v":"4255B01"},{"$f":"[1]Pos!B2186","v":"PO-0017689"},{"$f":"[1]Pos!C2186","v":"DELF"},{"$f":"[1]Pos!D2186","v":41.53},{"$f":"[1]Pos!E2186","v":29.95}]
[{"$f":"[1]Pos!A2187","v":"4255B02"},{"$f":"[1]Pos!B2187","v":"PO-0017699"},{"$f":"[1]Pos!C2187","v":"DECA"},{"$f":"[1]Pos!D2187","v":47.68},{"$f":"[1]Pos!E2187","v":4.95}]
[{"$f":"[1]Pos!A2188","v":"4255B03"},{"$f":"[1]Pos!B2188","v":"PO-0017711"},{"$f":"[1]Pos!C2188","v":"WHIT"},{"$f":"[1]Pos!D2188","v":251.16},{"$f":"[1]Pos!E2188","v":12.25}]
[{"$f":"[1]Pos!A2189","v":"4255B04"},{"$f":"[1]Pos!B2189","v":"PO-0018514"},{"$f":"[1]Pos!C2189","v":"C&C"},{"$f":"[1]Pos!D2189","v":1598.79},{"$f":"[1]Pos!E2189","v":8.39}]
[{"$f":"[1]Pos!A2190","v":"4255B05"},{"$f":"[1]Pos!B2190","v":"PO-0018536"},{"$f":"[1]Pos!C2190","v":"CHIS"},{"$f":"[1]Pos!D2190","v":9254.7999999999993},{"$f":"[1]Pos!E2190","v":3.35}]
[{"$f":"[1]Pos!A2191","v":"4255P01"},{"$f":"[1]Pos!B2191","v":"PO-0017688"},{"$f":"[1]Pos!C2191","v":"OLYM"},{"$f":"[1]Pos!D2191","v":286.04000000000002},{"$f":"[1]Pos!E2191","v":3.85}]
[{"$f":"[1]Pos!A2192","v":"4255P02"},{"$f":"[1]Pos!B2192","v":"PO-0017680"},{"$f":"[1]Pos!C2192","v":"NADE"},{"$f":"[1]Pos!D2192","v":1764.54},{"$f":"[1]Pos!E2192","v":4.5999999999999996}]
[{"$f":"[1]Pos!A2193","v":"4255P03"},{"$f":"[1]Pos!B2193","v":"PO-0017693"},{"$f":"[1]Pos!C2193","v":"DESC"},{"$f":"[1]Pos!D2193","v":1814.4},{"$f":"[1]Pos!E2193","v":6.6}]
[{"$f":"[1]Pos!A2194","v":"4255P04"},{"$f":"[1]Pos!B2194","v":"PO-0017694"},{"$f":"[1]Pos!C2194","v":"CENT"},{"$f":"[1]Pos!D2194","v":3289.63},{"$f":"[1]Pos!E2194","v":4.75}]
[{"$f":"[1]Pos!A2195","v":"4255P05"},{"$f":"[1]Pos!B2195","v":"PO-0017694"},{"$f":"[1]Pos!C2195","v":"CENT"},{"$f":"[1]Pos!D2195","v":7348.32},{"$f":"[1]Pos!E2195","v":7.01}]
[{"$f":"[1]Pos!A2196","v":"4255P06"},{"$f":"[1]Pos!B2196","v":"PO-0017700"},{"$f":"[1]Pos!C2196","v":"DESC"},{"$f":"[1]Pos!D2196","v":3628.8},{"$f":"[1]Pos!E2196","v":4.75}]
[{"$f":"[1]Pos!A2197","v":"4256B01"},{"$f":"[1]Pos!B2197","v":"PO-0017691"},{"$f":"[1]Pos!C2197","v":"BOUC"},{"$f":"[1]Pos!D2197","v":151.68},{"$f":"[1]Pos!E2197","v":4.3099999999999996}]
[{"$f":"[1]Pos!A2198","v":"4256B02"},{"$f":"[1]Pos!B2198","v":"PO-0017689"},{"$f":"[1]Pos!C2198","v":"DELF"},{"$f":"[1]Pos!D2198","v":683},{"$f":"[1]Pos!E2198","v":6.49}]
[{"$f":"[1]Pos!A2199","v":"4256B03"},{"$f":"[1]Pos!B2199","v":"PO-0017699"},{"$f":"[1]Pos!C2199","v":"DECA"},{"$f":"[1]Pos!D2199","v":38.64},{"$f":"[1]Pos!E2199","v":4.29}]
[{"$f":"[1]Pos!A2200","v":"4256B04"},{"$f":"[1]Pos!B2200","v":"PO-0017714"},{"$f":"[1]Pos!C2200","v":"OLYM"},{"$f":"[1]Pos!D2200","v":10.4},{"$f":"[1]Pos!E2200","v":12.86}]
[{"$f":"[1]Pos!A2201","v":"4256B05"},{"$f":"[1]Pos!B2201","v":"PO-0017749"},{"$f":"[1]Pos!C2201","v":"DECA"},{"$f":"[1]Pos!D2201","v":170.48},{"$f":"[1]Pos!E2201","v":24.29}]
[{"$f":"[1]Pos!A2202","v":"4256B06"},{"$f":"[1]Pos!B2202","v":"PO-0017749"},{"$f":"[1]Pos!C2202","v":"DECA"},{"$f":"[1]Pos!D2202","v":928.3},{"$f":"[1]Pos!E2202","v":6.19}]
[{"$f":"[1]Pos!A2203","v":"4256B07"},{"$f":"[1]Pos!B2203","v":"PO-0017781"},{"$f":"[1]Pos!C2203","v":"GIRO"},{"$f":"[1]Pos!D2203","v":382},{"$f":"[1]Pos!E2203","v":8.89}]
[{"$f":"[1]Pos!A2204","v":"4256B08"},{"$f":"[1]Pos!B2204","v":"PO-0017918"},{"$f":"[1]Pos!C2204","v":"DECA"},{"$f":"[1]Pos!D2204","v":8.5500000000000007},{"$f":"[1]Pos!E2204","v":20.170000000000002}]
[{"$f":"[1]Pos!A2205","v":"4256B09"},{"$f":"[1]Pos!B2205","v":"PO-0018535"},{"$f":"[1]Pos!C2205","v":"CHIS"},{"$f":"[1]Pos!D2205","v":9276.7999999999993},{"$f":"[1]Pos!E2205","v":3.35}]
[{"$f":"[1]Pos!A2206","v":"4256D01"},{"$f":"[1]Pos!B2206","v":"PO-0017706"},{"$f":"[1]Pos!C2206","v":"OLYM"},{"$f":"[1]Pos!D2206","v":500},{"$f":"[1]Pos!E2206","v":6.66}]
[{"$f":"[1]Pos!A2207","v":"4256D02"},{"$f":"[1]Pos!B2207","v":"PO-0017706"},{"$f":"[1]Pos!C2207","v":"OLYM"},{"$f":"[1]Pos!D2207","v":250},{"$f":"[1]Pos!E2207","v":6.9}]
[{"$f":"[1]Pos!A2208","v":"4256P01"},{"$f":"[1]Pos!B2208","v":"PO-0017693"},{"$f":"[1]Pos!C2208","v":"DESC"},{"$f":"[1]Pos!D2208","v":1814.4},{"$f":"[1]Pos!E2208","v":7.2}]
[{"$f":"[1]Pos!A2209","v":"4256P02"},{"$f":"[1]Pos!B2209","v":"PO-0017693"},{"$f":"[1]Pos!C2209","v":"DESC"},{"$f":"[1]Pos!D2209","v":3628.8},{"$f":"[1]Pos!E2209","v":7.2}]
[{"$f":"[1]Pos!A2210","v":"4256P03"},{"$f":"[1]Pos!B2210","v":"PO-0017695"},{"$f":"[1]Pos!C2210","v":"EXCE"},{"$f":"[1]Pos!D2210","v":1944.28},{"$f":"[1]Pos!E2210","v":4.7}]
[{"$f":"[1]Pos!A2211","v":"4256P04"},{"$f":"[1]Pos!B2211","v":"PO-0017696"},{"$f":"[1]Pos!C2211","v":"MOND"},{"$f":"[1]Pos!D2211","v":5443.2},{"$f":"[1]Pos!E2211","v":6.25}]
[{"$f":"[1]Pos!A2212","v":"4256P05"},{"$f":"[1]Pos!B2212","v":"PO-0017690"},{"$f":"[1]Pos!C2212","v":"NADE"},{"$f":"[1]Pos!D2212","v":2242.92},{"$f":"[1]Pos!E2212","v":4.5999999999999996}]
[{"$f":"[1]Pos!A2213","v":"4256P06"},{"$f":"[1]Pos!B2213","v":"PO-0017697"},{"$f":"[1]Pos!C2213","v":"ACCU"},{"$f":"[1]Pos!D2213","v":1252.0999999999999},{"$f":"[1]Pos!E2213","v":3.4}]
[{"$f":"[1]Pos!A2214","v":"4256P07"},{"$f":"[1]Pos!B2214","v":"PO-0017702"},{"$f":"[1]Pos!C2214","v":"MOND"},{"$f":"[1]Pos!D2214","v":5443.2},{"$f":"[1]Pos!E2214","v":6.8}]
[{"$f":"[1]Pos!A2215","v":"4256P08"},{"$f":"[1]Pos!B2215","v":"PO-0017704"},{"$f":"[1]Pos!C2215","v":"CENT"},{"$f":"[1]Pos!D2215","v":907.2},{"$f":"[1]Pos!E2215","v":4.95}]
[{"$f":"[1]Pos!A2216","v":"4257B01"},{"$f":"[1]Pos!B2216","v":"PO-0017740"},{"$f":"[1]Pos!C2216","v":"DECA"},{"$f":"[1]Pos!D2216","v":89.584492999999995},{"$f":"[1]Pos!E2216","v":20.420000000000002}]
[{"$f":"[1]Pos!A2217","v":"4262B01"},{"$f":"[1]Pos!B2217","v":"PO-0017711"},{"$f":"[1]Pos!C2217","v":"WHIT"},{"$f":"[1]Pos!D2217","v":84.94},{"$f":"[1]Pos!E2217","v":6.75}]
[{"$f":"[1]Pos!A2218","v":"4262B02"},{"$f":"[1]Pos!B2218","v":"PO-0017724"},{"$f":"[1]Pos!C2218","v":"DECA"},{"$f":"[1]Pos!D2218","v":70.78},{"$f":"[1]Pos!E2218","v":4.4000000000000004}]
[{"$f":"[1]Pos!A2219","v":"4262B03"},{"$f":"[1]Pos!B2219","v":"PO-0017724"},{"$f":"[1]Pos!C2219","v":"DECA"},{"$f":"[1]Pos!D2219","v":99.46},{"$f":"[1]Pos!E2219","v":5.08}]
[{"$f":"[1]Pos!A2220","v":"4262P01"},{"$f":"[1]Pos!B2220","v":"PO-0017705"},{"$f":"[1]Pos!C2220","v":"OLYM"},{"$f":"[1]Pos!D2220","v":528.72},{"$f":"[1]Pos!E2220","v":3.45}]
[{"$f":"[1]Pos!A2221","v":"4262P02"},{"$f":"[1]Pos!B2221","v":"PO-0017705"},{"$f":"[1]Pos!C2221","v":"OLYM"},{"$f":"[1]Pos!D2221","v":263.3},{"$f":"[1]Pos!E2221","v":3.85}]
[{"$f":"[1]Pos!A2222","v":"4262P03"},{"$f":"[1]Pos!B2222","v":"PO-0017703"},{"$f":"[1]Pos!C2222","v":"ACCU"},{"$f":"[1]Pos!D2222","v":2700},{"$f":"[1]Pos!E2222","v":4.8499999999999996}]
[{"$f":"[1]Pos!A2223","v":"4262P04"},{"$f":"[1]Pos!B2223","v":"PO-0017708"},{"$f":"[1]Pos!C2223","v":"MOND"},{"$f":"[1]Pos!D2223","v":5443.2},{"$f":"[1]Pos!E2223","v":6.25}]
[{"$f":"[1]Pos!A2224","v":"4262P05"},{"$f":"[1]Pos!B2224","v":"PO-0017716"},{"$f":"[1]Pos!C2224","v":"CENT"},{"$f":"[1]Pos!D2224","v":907.2},{"$f":"[1]Pos!E2224","v":4.95}]
[{"$f":"[1]Pos!A2225","v":"4262P06"},{"$f":"[1]Pos!B2225","v":"PO-0017721"},{"$f":"[1]Pos!C2225","v":"MOND"},{"$f":"[1]Pos!D2225","v":3610.65},{"$f":"[1]Pos!E2225","v":6.9}]
[{"$f":"[1]Pos!A2226","v":"4263B01"},{"$f":"[1]Pos!B2226","v":"PO-0017711"},{"$f":"[1]Pos!C2226","v":"WHIT"},{"$f":"[1]Pos!D2226","v":71.66},{"$f":"[1]Pos!E2226","v":6.65}]
[{"$f":"[1]Pos!A2227","v":"4263P01"},{"$f":"[1]Pos!B2227","v":"PO-0017709"},{"$f":"[1]Pos!C2227","v":"ACCU"},{"$f":"[1]Pos!D2227","v":1800},{"$f":"[1]Pos!E2227","v":4.8499999999999996}]
[{"$f":"[1]Pos!A2228","v":"4264B01"},{"$f":"[1]Pos!B2228","v":"PO-0017713"},{"$f":"[1]Pos!C2228","v":"BOUC"},{"$f":"[1]Pos!D2228","v":161.78},{"$f":"[1]Pos!E2228","v":4.41}]
[{"$f":"[1]Pos!A2229","v":"4264B02"},{"$f":"[1]Pos!B2229","v":"PO-0017719"},{"$f":"[1]Pos!C2229","v":"DELF"},{"$f":"[1]Pos!D2229","v":636.79999999999995},{"$f":"[1]Pos!E2229","v":6.49}]
[{"$f":"[1]Pos!A2230","v":"4264B03"},{"$f":"[1]Pos!B2230","v":"PO-0017740"},{"$f":"[1]Pos!C2230","v":"DECA"},{"$f":"[1]Pos!D2230","v":106.911722},{"$f":"[1]Pos!E2230","v":15}]
[{"$f":"[1]Pos!A2231","v":"4264B04"},{"$f":"[1]Pos!B2231","v":"PO-0017759"},{"$f":"[1]Pos!C2231","v":"JBS"},{"$f":"[1]Pos!D2231","v":2973.72},{"$f":"[1]Pos!E2231","v":21.5}]
[{"$f":"[1]Pos!A2232","v":"4264P01"},{"$f":"[1]Pos!B2232","v":"PO-0017716"},{"$f":"[1]Pos!C2232","v":"CENT"},{"$f":"[1]Pos!D2232","v":2350},{"$f":"[1]Pos!E2232","v":6.75}]
[{"$f":"[1]Pos!A2233","v":"4264P02"},{"$f":"[1]Pos!B2233","v":"PO-0017723"},{"$f":"[1]Pos!C2233","v":"ACCU"},{"$f":"[1]Pos!D2233","v":2250},{"$f":"[1]Pos!E2233","v":4.8}]
[{"$f":"[1]Pos!A2234","v":"4265B01"},{"$f":"[1]Pos!B2234","v":"PO-0017722"},{"$f":"[1]Pos!C2234","v":"RYDI"},{"$f":"[1]Pos!D2234","v":1658.5},{"$f":"[1]Pos!E2234","v":4.5199999999999996}]
[{"$f":"[1]Pos!A2235","v":"4265B02"},{"$f":"[1]Pos!B2235","v":"PO-0017738"},{"$f":"[1]Pos!C2235","v":"DECA"},{"$f":"[1]Pos!D2235","v":78.8},{"$f":"[1]Pos!E2235","v":4.3899999999999997}]
[{"$f":"[1]Pos!A2236","v":"4265B03"},{"$f":"[1]Pos!B2236","v":"PO-0017919"},{"$f":"[1]Pos!C2236","v":"CAR"},{"$f":"[1]Pos!D2236","v":247.38},{"$f":"[1]Pos!E2236","v":15.8}]
[{"$f":"[1]Pos!A2237","v":"4265P01"},{"$f":"[1]Pos!B2237","v":"PO-0017725"},{"$f":"[1]Pos!C2237","v":"CENT"},{"$f":"[1]Pos!D2237","v":2721.6},{"$f":"[1]Pos!E2237","v":4.95}]
[{"$f":"[1]Pos!A2238","v":"4266B01"},{"$f":"[1]Pos!B2238","v":"PO-0017714"},{"$f":"[1]Pos!C2238","v":"OLYM"},{"$f":"[1]Pos!D2238","v":200.79},{"$f":"[1]Pos!E2238","v":12.86}]
[{"$f":"[1]Pos!A2239","v":"4266B02"},{"$f":"[1]Pos!B2239","v":"PO-0017826"},{"$f":"[1]Pos!C2239","v":"DECA"},{"$f":"[1]Pos!D2239","v":113.75},{"$f":"[1]Pos!E2239","v":6.59}]
[{"$f":"[1]Pos!A2240","v":"4266P01"},{"$f":"[1]Pos!B2240","v":"PO-0017726"},{"$f":"[1]Pos!C2240","v":"DESC"},{"$f":"[1]Pos!D2240","v":5443.2},{"$f":"[1]Pos!E2240","v":6.6}]
[{"$f":"[1]Pos!A2241","v":"4266P02"},{"$f":"[1]Pos!B2241","v":"PO-0017726"},{"$f":"[1]Pos!C2241","v":"DESC"},{"$f":"[1]Pos!D2241","v":5443.2},{"$f":"[1]Pos!E2241","v":7.3}]
[{"$f":"[1]Pos!A2242","v":"4266P03"},{"$f":"[1]Pos!B2242","v":"PO-0017727"},{"$f":"[1]Pos!C2242","v":"MOND"},{"$f":"[1]Pos!D2242","v":3628.8},{"$f":"[1]Pos!E2242","v":6.25}]
[{"$f":"[1]Pos!A2243","v":"4266P04"},{"$f":"[1]Pos!B2243","v":"PO-0017729"},{"$f":"[1]Pos!C2243","v":"DESC"},{"$f":"[1]Pos!D2243","v":3628.8},{"$f":"[1]Pos!E2243","v":6.6}]
[{"$f":"[1]Pos!A2244","v":"4266P05"},{"$f":"[1]Pos!B2244","v":"PO-0017736"},{"$f":"[1]Pos!C2244","v":"MOND"},{"$f":"[1]Pos!D2244","v":7257.6},{"$f":"[1]Pos!E2244","v":6.9}]
[{"$f":"[1]Pos!A2245","v":"4266P06"},{"$f":"[1]Pos!B2245","v":"PO-0017736"},{"$f":"[1]Pos!C2245","v":"MOND"},{"$f":"[1]Pos!D2245","v":1814.4},{"$f":"[1]Pos!E2245","v":6.9}]
[{"$f":"[1]Pos!A2246","v":"4266P07"},{"$f":"[1]Pos!B2246","v":"PO-0017739"},{"$f":"[1]Pos!C2246","v":"CENT"},{"$f":"[1]Pos!D2246","v":3628.8},{"$f":"[1]Pos!E2246","v":4.4000000000000004}]
[{"$f":"[1]Pos!A2247","v":"4271B01"},{"$f":"[1]Pos!B2247","v":"PO-0017939"},{"$f":"[1]Pos!C2247","v":"DECA"},{"$f":"[1]Pos!D2247","v":824.05},{"$f":"[1]Pos!E2247","v":8.69}]
[{"$f":"[1]Pos!A2248","v":"4272B01"},{"$f":"[1]Pos!B2248","v":"PO-0017738"},{"$f":"[1]Pos!C2248","v":"DECA"},{"$f":"[1]Pos!D2248","v":47.52},{"$f":"[1]Pos!E2248","v":4.34}]
[{"$f":"[1]Pos!A2249","v":"4272B02"},{"$f":"[1]Pos!B2249","v":"PO-0017759"},{"$f":"[1]Pos!C2249","v":"JBS"},{"$f":"[1]Pos!D2249","v":1715.96},{"$f":"[1]Pos!E2249","v":11.26}]
[{"$f":"[1]Pos!A2250","v":"4272B03"},{"$f":"[1]Pos!B2250","v":"PO-0017759"},{"$f":"[1]Pos!C2250","v":"JBS"},{"$f":"[1]Pos!D2250","v":1016.76},{"$f":"[1]Pos!E2250","v":6.53}]
[{"$f":"[1]Pos!A2251","v":"4272B04"},{"$f":"[1]Pos!B2251","v":"PO-0017785"},{"$f":"[1]Pos!C2251","v":"DELF"},{"$f":"[1]Pos!D2251","v":89.6},{"$f":"[1]Pos!E2251","v":10.5}]
[{"$f":"[1]Pos!A2252","v":"4272D01"},{"$f":"[1]Pos!B2252","v":"PO-0017741"},{"$f":"[1]Pos!C2252","v":"OLYM"},{"$f":"[1]Pos!D2252","v":300},{"$f":"[1]Pos!E2252","v":6.85}]
[{"$f":"[1]Pos!A2253","v":"4272P01"},{"$f":"[1]Pos!B2253","v":"PO-0017754"},{"$f":"[1]Pos!C2253","v":"CENT"},{"$f":"[1]Pos!D2253","v":907.2},{"$f":"[1]Pos!E2253","v":4.75}]
[{"$f":"[1]Pos!A2254","v":"4273B01"},{"$f":"[1]Pos!B2254","v":"PO-0017973"},{"$f":"[1]Pos!C2254","v":"DECA"},{"$f":"[1]Pos!D2254","v":25.718686999999999},{"$f":"[1]Pos!E2254","v":7.79}]
[{"$f":"[1]Pos!A2255","v":"4274B01"},{"$f":"[1]Pos!B2255","v":"PO-0017737"},{"$f":"[1]Pos!C2255","v":"LARO"},{"$f":"[1]Pos!D2255","v":785.5},{"$f":"[1]Pos!E2255","v":6.15}]
[{"$f":"[1]Pos!A2256","v":"4274B02"},{"$f":"[1]Pos!B2256","v":"PO-0017737"},{"$f":"[1]Pos!C2256","v":"LARO"},{"$f":"[1]Pos!D2256","v":771.5},{"$f":"[1]Pos!E2256","v":4.1900000000000004}]
[{"$f":"[1]Pos!A2257","v":"4274D01"},{"$f":"[1]Pos!B2257","v":"PO-0017741"},{"$f":"[1]Pos!C2257","v":"OLYM"},{"$f":"[1]Pos!D2257","v":300},{"$f":"[1]Pos!E2257","v":7.09}]
[{"$f":"[1]Pos!A2258","v":"4274P01"},{"$f":"[1]Pos!B2258","v":"PO-0017742"},{"$f":"[1]Pos!C2258","v":"MOND"},{"$f":"[1]Pos!D2258","v":6350.4},{"$f":"[1]Pos!E2258","v":6.25}]
[{"$f":"[1]Pos!A2259","v":"4274P02"},{"$f":"[1]Pos!B2259","v":"PO-0017746"},{"$f":"[1]Pos!C2259","v":"EXCE"},{"$f":"[1]Pos!D2259","v":641.26},{"$f":"[1]Pos!E2259","v":3.3}]
[{"$f":"[1]Pos!A2260","v":"4275B01"},{"$f":"[1]Pos!B2260","v":"PO-0017764"},{"$f":"[1]Pos!C2260","v":"RYDI"},{"$f":"[1]Pos!D2260","v":1660},{"$f":"[1]Pos!E2260","v":6.11}]
[{"$f":"[1]Pos!A2261","v":"4275B02"},{"$f":"[1]Pos!B2261","v":"PO-0017764"},{"$f":"[1]Pos!C2261","v":"RYDI"},{"$f":"[1]Pos!D2261","v":1642},{"$f":"[1]Pos!E2261","v":4.3899999999999997}]
[{"$f":"[1]Pos!A2262","v":"4275B03"},{"$f":"[1]Pos!B2262","v":"PO-0017764"},{"$f":"[1]Pos!C2262","v":"RYDI"},{"$f":"[1]Pos!D2262","v":1626.5},{"$f":"[1]Pos!E2262","v":6.33}]
[{"$f":"[1]Pos!A2263","v":"4275B04"},{"$f":"[1]Pos!B2263","v":"PO-0017759"},{"$f":"[1]Pos!C2263","v":"JBS"},{"$f":"[1]Pos!D2263","v":1238.25},{"$f":"[1]Pos!E2263","v":6.42}]
[{"$f":"[1]Pos!A2264","v":"4275B05"},{"$f":"[1]Pos!B2264","v":"PO-0017759"},{"$f":"[1]Pos!C2264","v":"JBS"},{"$f":"[1]Pos!D2264","v":1077.05},{"$f":"[1]Pos!E2264","v":6.53}]
[{"$f":"[1]Pos!A2265","v":"4275B06"},{"$f":"[1]Pos!B2265","v":"PO-0017919"},{"$f":"[1]Pos!C2265","v":"CAR"},{"$f":"[1]Pos!D2265","v":1037.55},{"$f":"[1]Pos!E2265","v":15.8}]
[{"$f":"[1]Pos!A2266","v":"4275P01"},{"$f":"[1]Pos!B2266","v":"PO-0017750"},{"$f":"[1]Pos!C2266","v":"BENI"},{"$f":"[1]Pos!D2266","v":818.54},{"$f":"[1]Pos!E2266","v":5.5}]
[{"$f":"[1]Pos!A2267","v":"4275P02"},{"$f":"[1]Pos!B2267","v":"PO-0017751"},{"$f":"[1]Pos!C2267","v":"MOND"},{"$f":"[1]Pos!D2267","v":5806.08},{"$f":"[1]Pos!E2267","v":6.8}]
[{"$f":"[1]Pos!A2268","v":"4275P03"},{"$f":"[1]Pos!B2268","v":"PO-0017747"},{"$f":"[1]Pos!C2268","v":"OLYM"},{"$f":"[1]Pos!D2268","v":27.53},{"$f":"[1]Pos!E2268","v":3.85}]
[{"$f":"[1]Pos!A2269","v":"4275P04"},{"$f":"[1]Pos!B2269","v":"PO-0017760"},{"$f":"[1]Pos!C2269","v":"DESC"},{"$f":"[1]Pos!D2269","v":5443.2},{"$f":"[1]Pos!E2269","v":6.6}]
[{"$f":"[1]Pos!A2270","v":"4275P05"},{"$f":"[1]Pos!B2270","v":"PO-0017762"},{"$f":"[1]Pos!C2270","v":"CENT"},{"$f":"[1]Pos!D2270","v":907.2},{"$f":"[1]Pos!E2270","v":4.75}]
[{"$f":"[1]Pos!A2271","v":"4275P06"},{"$f":"[1]Pos!B2271","v":"PO-0017771"},{"$f":"[1]Pos!C2271","v":"SOBE"},{"$f":"[1]Pos!D2271","v":1398.52},{"$f":"[1]Pos!E2271","v":4.7}]
[{"$f":"[1]Pos!A2272","v":"4276B01"},{"$f":"[1]Pos!B2272","v":"PO-0017758"},{"$f":"[1]Pos!C2272","v":"RIEN"},{"$f":"[1]Pos!D2272","v":98.1},{"$f":"[1]Pos!E2272","v":4.51}]
[{"$f":"[1]Pos!A2273","v":"4276B02"},{"$f":"[1]Pos!B2273","v":"PO-0017774"},{"$f":"[1]Pos!C2273","v":"DECA"},{"$f":"[1]Pos!D2273","v":62.47},{"$f":"[1]Pos!E2273","v":6.39}]
[{"$f":"[1]Pos!A2274","v":"4276B03"},{"$f":"[1]Pos!B2274","v":"PO-0017788"},{"$f":"[1]Pos!C2274","v":"GIRO"},{"$f":"[1]Pos!D2274","v":4932.58},{"$f":"[1]Pos!E2274","v":6.66}]
[{"$f":"[1]Pos!A2275","v":"4276B04"},{"$f":"[1]Pos!B2275","v":"PO-0017794"},{"$f":"[1]Pos!C2275","v":"DECA"},{"$f":"[1]Pos!D2275","v":105.42},{"$f":"[1]Pos!E2275","v":4.8899999999999997}]
[{"$f":"[1]Pos!A2276","v":"4276B05"},{"$f":"[1]Pos!B2276","v":"PO-0018241"},{"$f":"[1]Pos!C2276","v":"CHIS"},{"$f":"[1]Pos!D2276","v":3082.74},{"$f":"[1]Pos!E2276","v":3.85}]
[{"$f":"[1]Pos!A2277","v":"4276D01"},{"$f":"[1]Pos!B2277","v":"PO-0017767"},{"$f":"[1]Pos!C2277","v":"OLYM"},{"$f":"[1]Pos!D2277","v":800},{"$f":"[1]Pos!E2277","v":6.93}]
[{"$f":"[1]Pos!A2278","v":"4276P01"},{"$f":"[1]Pos!B2278","v":"PO-0017763"},{"$f":"[1]Pos!C2278","v":"OLYM"},{"$f":"[1]Pos!D2278","v":263.44},{"$f":"[1]Pos!E2278","v":3.85}]
[{"$f":"[1]Pos!A2279","v":"4276P02"},{"$f":"[1]Pos!B2279","v":"PO-0017761"},{"$f":"[1]Pos!C2279","v":"MOND"},{"$f":"[1]Pos!D2279","v":6350.4},{"$f":"[1]Pos!E2279","v":6.25}]
[{"$f":"[1]Pos!A2280","v":"4276P03"},{"$f":"[1]Pos!B2280","v":"PO-0017766"},{"$f":"[1]Pos!C2280","v":"MOND"},{"$f":"[1]Pos!D2280","v":6350.4},{"$f":"[1]Pos!E2280","v":6.85}]
[{"$f":"[1]Pos!A2281","v":"4276P04"},{"$f":"[1]Pos!B2281","v":"PO-0017768"},{"$f":"[1]Pos!C2281","v":"CENT"},{"$f":"[1]Pos!D2281","v":558.04},{"$f":"[1]Pos!E2281","v":4.95}]
[{"$f":"[1]Pos!A2282","v":"4281B01"},{"$f":"[1]Pos!B2282","v":"PO-0017821"},{"$f":"[1]Pos!C2282","v":"DECA"},{"$f":"[1]Pos!D2282","v":495.93},{"$f":"[1]Pos!E2282","v":16.559999999999999}]
[{"$f":"[1]Pos!A2283","v":"4282B01"},{"$f":"[1]Pos!B2283","v":"PO-0017773"},{"$f":"[1]Pos!C2283","v":"DECA"},{"$f":"[1]Pos!D2283","v":49.32},{"$f":"[1]Pos!E2283","v":4.8899999999999997}]
[{"$f":"[1]Pos!A2284","v":"4282B02"},{"$f":"[1]Pos!B2284","v":"PO-0017816"},{"$f":"[1]Pos!C2284","v":"DECA"},{"$f":"[1]Pos!D2284","v":82.009501},{"$f":"[1]Pos!E2284","v":20.29}]
[{"$f":"[1]Pos!A2285","v":"4282B03"},{"$f":"[1]Pos!B2285","v":"PO-0017838"},{"$f":"[1]Pos!C2285","v":"GIRO"},{"$f":"[1]Pos!D2285","v":2375.63},{"$f":"[1]Pos!E2285","v":6.81}]
[{"$f":"[1]Pos!A2286","v":"4282B04"},{"$f":"[1]Pos!B2286","v":"PO-0017820"},{"$f":"[1]Pos!C2286","v":"WHIT"},{"$f":"[1]Pos!D2286","v":298.7},{"$f":"[1]Pos!E2286","v":12.25}]
[{"$f":"[1]Pos!A2287","v":"4282B05"},{"$f":"[1]Pos!B2287","v":"PO-0018089"},{"$f":"[1]Pos!C2287","v":"SEAW"},{"$f":"[1]Pos!D2287","v":4896},{"$f":"[1]Pos!E2287","v":4.3}]
[{"$f":"[1]Pos!A2288","v":"4282B06"},{"$f":"[1]Pos!B2288","v":"PO-0018209"},{"$f":"[1]Pos!C2288","v":"AGRO"},{"$f":"[1]Pos!D2288","v":3000},{"$f":"[1]Pos!E2288","v":6}]
[{"$f":"[1]Pos!A2289","v":"4282D01"},{"$f":"[1]Pos!B2289","v":"PO-0017767"},{"$f":"[1]Pos!C2289","v":"OLYM"},{"$f":"[1]Pos!D2289","v":500},{"$f":"[1]Pos!E2289","v":7.17}]
[{"$f":"[1]Pos!A2290","v":"4282P01"},{"$f":"[1]Pos!B2290","v":"PO-0017782"},{"$f":"[1]Pos!C2290","v":"ACCU"},{"$f":"[1]Pos!D2290","v":2775.94},{"$f":"[1]Pos!E2290","v":5.0999999999999996}]
[{"$f":"[1]Pos!A2291","v":"4282P02"},{"$f":"[1]Pos!B2291","v":"PO-0017784"},{"$f":"[1]Pos!C2291","v":"DESC"},{"$f":"[1]Pos!D2291","v":5443.2},{"$f":"[1]Pos!E2291","v":6.7}]
[{"$f":"[1]Pos!A2292","v":"4283B01"},{"$f":"[1]Pos!B2292","v":"PO-0017787"},{"$f":"[1]Pos!C2292","v":"DECA"},{"$f":"[1]Pos!D2292","v":76.62},{"$f":"[1]Pos!E2292","v":4.37}]
[{"$f":"[1]Pos!A2293","v":"4283B02"},{"$f":"[1]Pos!B2293","v":"PO-0017794"},{"$f":"[1]Pos!C2293","v":"DECA"},{"$f":"[1]Pos!D2293","v":95.78},{"$f":"[1]Pos!E2293","v":4.1100000000000003}]
[{"$f":"[1]Pos!A2294","v":"4283B03"},{"$f":"[1]Pos!B2294","v":"PO-0018149"},{"$f":"[1]Pos!C2294","v":"VEST"},{"$f":"[1]Pos!D2294","v":577.12805100000003},{"$f":"[1]Pos!E2294","v":10.5}]
[{"$f":"[1]Pos!A2295","v":"4283P01"},{"$f":"[1]Pos!B2295","v":"PO-0017777"},{"$f":"[1]Pos!C2295","v":"EXCE"},{"$f":"[1]Pos!D2295","v":924.46},{"$f":"[1]Pos!E2295","v":4.9000000000000004}]
[{"$f":"[1]Pos!A2296","v":"4283P02"},{"$f":"[1]Pos!B2296","v":"PO-0017776"},{"$f":"[1]Pos!C2296","v":"EXCE"},{"$f":"[1]Pos!D2296","v":421.19},{"$f":"[1]Pos!E2296","v":3.3}]
[{"$f":"[1]Pos!A2297","v":"4283P03"},{"$f":"[1]Pos!B2297","v":"PO-0017791"},{"$f":"[1]Pos!C2297","v":"CENT"},{"$f":"[1]Pos!D2297","v":907.2},{"$f":"[1]Pos!E2297","v":4.9000000000000004}]
[{"$f":"[1]Pos!A2298","v":"4283P04"},{"$f":"[1]Pos!B2298","v":"PO-0017792"},{"$f":"[1]Pos!C2298","v":"MOND"},{"$f":"[1]Pos!D2298","v":7711.2},{"$f":"[1]Pos!E2298","v":6.8}]
[{"$f":"[1]Pos!A2299","v":"4284B01"},{"$f":"[1]Pos!B2299","v":"PO-0017779"},{"$f":"[1]Pos!C2299","v":"LARO"},{"$f":"[1]Pos!D2299","v":502},{"$f":"[1]Pos!E2299","v":4.1900000000000004}]
[{"$f":"[1]Pos!A2300","v":"4284B02"},{"$f":"[1]Pos!B2300","v":"PO-0017779"},{"$f":"[1]Pos!C2300","v":"LARO"},{"$f":"[1]Pos!D2300","v":790.5},{"$f":"[1]Pos!E2300","v":6.25}]
[{"$f":"[1]Pos!A2301","v":"4284B03"},{"$f":"[1]Pos!B2301","v":"PO-0017816"},{"$f":"[1]Pos!C2301","v":"DECA"},{"$f":"[1]Pos!D2301","v":139.75180900000001},{"$f":"[1]Pos!E2301","v":14.89}]
[{"$f":"[1]Pos!A2302","v":"4284B04"},{"$f":"[1]Pos!B2302","v":"PO-0017850"},{"$f":"[1]Pos!C2302","v":"DECA"},{"$f":"[1]Pos!D2302","v":135.034448},{"$f":"[1]Pos!E2302","v":18.39}]
[{"$f":"[1]Pos!A2303","v":"4285B01"},{"$f":"[1]Pos!B2303","v":"PO-0018822"},{"$f":"[1]Pos!C2303","v":"DECA"},{"$f":"[1]Pos!D2303","v":250},{"$f":"[1]Pos!E2303","v":7.09}]
[{"$f":"[1]Pos!A2304","v":"4285P01"},{"$f":"[1]Pos!B2304","v":"PO-0017790"},{"$f":"[1]Pos!C2304","v":"EXCE"},{"$f":"[1]Pos!D2304","v":18.059999999999999},{"$f":"[1]Pos!E2304","v":2.7}]
[{"$f":"[1]Pos!A2305","v":"4285P02"},{"$f":"[1]Pos!B2305","v":"PO-0017790"},{"$f":"[1]Pos!C2305","v":"EXCE"},{"$f":"[1]Pos!D2305","v":367.3},{"$f":"[1]Pos!E2305","v":3.3}]
[{"$f":"[1]Pos!A2306","v":"4285P03"},{"$f":"[1]Pos!B2306","v":"PO-0017798"},{"$f":"[1]Pos!C2306","v":"CENT"},{"$f":"[1]Pos!D2306","v":2721.6},{"$f":"[1]Pos!E2306","v":4.95}]
[{"$f":"[1]Pos!A2307","v":"4285P04"},{"$f":"[1]Pos!B2307","v":"PO-0017798"},{"$f":"[1]Pos!C2307","v":"CENT"},{"$f":"[1]Pos!D2307","v":2449.44},{"$f":"[1]Pos!E2307","v":7.4}]
[{"$f":"[1]Pos!A2308","v":"4286B01"},{"$f":"[1]Pos!B2308","v":"PO-0017796"},{"$f":"[1]Pos!C2308","v":"RIEN"},{"$f":"[1]Pos!D2308","v":167.72},{"$f":"[1]Pos!E2308","v":4.51}]
[{"$f":"[1]Pos!A2309","v":"4286B02"},{"$f":"[1]Pos!B2309","v":"PO-0017780"},{"$f":"[1]Pos!C2309","v":"LARO"},{"$f":"[1]Pos!D2309","v":510.5},{"$f":"[1]Pos!E2309","v":6.25}]
[{"$f":"[1]Pos!A2310","v":"4286B03"},{"$f":"[1]Pos!B2310","v":"PO-0017805"},{"$f":"[1]Pos!C2310","v":"GIRO"},{"$f":"[1]Pos!D2310","v":161.06},{"$f":"[1]Pos!E2310","v":8.99}]
[{"$f":"[1]Pos!A2311","v":"4286B04"},{"$f":"[1]Pos!B2311","v":"PO-0017820"},{"$f":"[1]Pos!C2311","v":"WHIT"},{"$f":"[1]Pos!D2311","v":64.94},{"$f":"[1]Pos!E2311","v":8.82}]
[{"$f":"[1]Pos!A2312","v":"4286B05"},{"$f":"[1]Pos!B2312","v":"PO-0019551"},{"$f":"[1]Pos!C2312","v":"DECA"},{"$f":"[1]Pos!D2312","v":1295.81},{"$f":"[1]Pos!E2312","v":4.1399999999999997}]
[{"$f":"[1]Pos!A2313","v":"4286P01"},{"$f":"[1]Pos!B2313","v":"PO-0017797"},{"$f":"[1]Pos!C2313","v":"DESC"},{"$f":"[1]Pos!D2313","v":5443.2},{"$f":"[1]Pos!E2313","v":6.7}]
[{"$f":"[1]Pos!A2314","v":"4286P02"},{"$f":"[1]Pos!B2314","v":"PO-0017793"},{"$f":"[1]Pos!C2314","v":"OLYM"},{"$f":"[1]Pos!D2314","v":279.19},{"$f":"[1]Pos!E2314","v":3.9}]
[{"$f":"[1]Pos!A2315","v":"4286P03"},{"$f":"[1]Pos!B2315","v":"PO-0017802"},{"$f":"[1]Pos!C2315","v":"EXCE"},{"$f":"[1]Pos!D2315","v":1285.3399999999999},{"$f":"[1]Pos!E2315","v":5.3}]
[{"$f":"[1]Pos!A2316","v":"4286P04"},{"$f":"[1]Pos!B2316","v":"PO-0017803"},{"$f":"[1]Pos!C2316","v":"EXCE"},{"$f":"[1]Pos!D2316","v":255.78},{"$f":"[1]Pos!E2316","v":3.3}]
[{"$f":"[1]Pos!A2317","v":"4286P05"},{"$f":"[1]Pos!B2317","v":"PO-0017799"},{"$f":"[1]Pos!C2317","v":"MOND"},{"$f":"[1]Pos!D2317","v":7257.6},{"$f":"[1]Pos!E2317","v":6.25}]
[{"$f":"[1]Pos!A2318","v":"4286P06"},{"$f":"[1]Pos!B2318","v":"PO-0017799"},{"$f":"[1]Pos!C2318","v":"MOND"},{"$f":"[1]Pos!D2318","v":1814.4},{"$f":"[1]Pos!E2318","v":6.8}]
[{"$f":"[1]Pos!A2319","v":"4286P07"},{"$f":"[1]Pos!B2319","v":"PO-0017807"},{"$f":"[1]Pos!C2319","v":"MOND"},{"$f":"[1]Pos!D2319","v":6713.28},{"$f":"[1]Pos!E2319","v":6.8}]
[{"$f":"[1]Pos!A2320","v":"4287P01"},{"$f":"[1]Pos!B2320","v":"PO-0017804"},{"$f":"[1]Pos!C2320","v":"EXCE"},{"$f":"[1]Pos!D2320","v":1926.82},{"$f":"[1]Pos!E2320","v":5.3}]
[{"$f":"[1]Pos!A2321","v":"4292B01"},{"$f":"[1]Pos!B2321","v":"PO-0018520"},{"$f":"[1]Pos!C2321","v":"DECA"},{"$f":"[1]Pos!D2321","v":250},{"$f":"[1]Pos!E2321","v":6.99}]
[{"$f":"[1]Pos!A2322","v":"4292P01"},{"$f":"[1]Pos!B2322","v":"PO-0017809"},{"$f":"[1]Pos!C2322","v":"CENT"},{"$f":"[1]Pos!D2322","v":250},{"$f":"[1]Pos!E2322","v":7.4}]
[{"$f":"[1]Pos!A2323","v":"4292P02"},{"$f":"[1]Pos!B2323","v":"PO-0017810"},{"$f":"[1]Pos!C2323","v":"ACCU"},{"$f":"[1]Pos!D2323","v":1926},{"$f":"[1]Pos!E2323","v":5.3}]
[{"$f":"[1]Pos!A2324","v":"4292P03"},{"$f":"[1]Pos!B2324","v":"PO-0017810"},{"$f":"[1]Pos!C2324","v":"ACCU"},{"$f":"[1]Pos!D2324","v":896.38},{"$f":"[1]Pos!E2324","v":3.7}]
[{"$f":"[1]Pos!A2325","v":"4292P04"},{"$f":"[1]Pos!B2325","v":"PO-0017823"},{"$f":"[1]Pos!C2325","v":"DESC"},{"$f":"[1]Pos!D2325","v":5443.2},{"$f":"[1]Pos!E2325","v":6.7}]
[{"$f":"[1]Pos!A2326","v":"4293B01"},{"$f":"[1]Pos!B2326","v":"PO-0017882"},{"$f":"[1]Pos!C2326","v":"JBS"},{"$f":"[1]Pos!D2326","v":529.43301499999995},{"$f":"[1]Pos!E2326","v":15.32}]
[{"$f":"[1]Pos!A2327","v":"4293B02"},{"$f":"[1]Pos!B2327","v":"PO-0017894"},{"$f":"[1]Pos!C2327","v":"DELF"},{"$f":"[1]Pos!D2327","v":107.11},{"$f":"[1]Pos!E2327","v":10.5}]
[{"$f":"[1]Pos!A2328","v":"4293P01"},{"$f":"[1]Pos!B2328","v":"PO-0017808"},{"$f":"[1]Pos!C2328","v":"DESC"},{"$f":"[1]Pos!D2328","v":3400},{"$f":"[1]Pos!E2328","v":7.4}]
[{"$f":"[1]Pos!A2329","v":"4293P02"},{"$f":"[1]Pos!B2329","v":"PO-0017839"},{"$f":"[1]Pos!C2329","v":"CENT"},{"$f":"[1]Pos!D2329","v":3628.8},{"$f":"[1]Pos!E2329","v":4.9000000000000004}]
[{"$f":"[1]Pos!A2330","v":"4293P03"},{"$f":"[1]Pos!B2330","v":"PO-0017842"},{"$f":"[1]Pos!C2330","v":"CENT"},{"$f":"[1]Pos!D2330","v":2721.6},{"$f":"[1]Pos!E2330","v":4.9000000000000004}]
[{"$f":"[1]Pos!A2331","v":"4293P04"},{"$f":"[1]Pos!B2331","v":"PO-0017884"},{"$f":"[1]Pos!C2331","v":"ALIMPLUS"},{"$f":"[1]Pos!D2331","v":50},{"$f":"[1]Pos!E2331","v":2.7}]
[{"$f":"[1]Pos!A2332","v":"4294B01"},{"$f":"[1]Pos!B2332","v":"PO-0017834"},{"$f":"[1]Pos!C2332","v":"BOUC"},{"$f":"[1]Pos!D2332","v":4.74},{"$f":"[1]Pos!E2332","v":4.92}]
[{"$f":"[1]Pos!A2333","v":"4294B02"},{"$f":"[1]Pos!B2333","v":"PO-0017848"},{"$f":"[1]Pos!C2333","v":"DECA"},{"$f":"[1]Pos!D2333","v":81.319999999999993},{"$f":"[1]Pos!E2333","v":4.3499999999999996}]
[{"$f":"[1]Pos!A2334","v":"4294B03"},{"$f":"[1]Pos!B2334","v":"PO-0019028"},{"$f":"[1]Pos!C2334","v":"DESC"},{"$f":"[1]Pos!D2334","v":2390.9899999999998},{"$f":"[1]Pos!E2334","v":10}]
[{"$f":"[1]Pos!A2335","v":"4294B04"},{"$f":"[1]Pos!B2335","v":"PO-0019028"},{"$f":"[1]Pos!C2335","v":"DESC"},{"$f":"[1]Pos!D2335","v":952.8},{"$f":"[1]Pos!E2335","v":10}]
[{"$f":"[1]Pos!A2336","v":"4294P01"},{"$f":"[1]Pos!B2336","v":"PO-0017824"},{"$f":"[1]Pos!C2336","v":"MOND"},{"$f":"[1]Pos!D2336","v":2721.6},{"$f":"[1]Pos!E2336","v":6.8}]
[{"$f":"[1]Pos!A2337","v":"4294P02"},{"$f":"[1]Pos!B2337","v":"PO-0017817"},{"$f":"[1]Pos!C2337","v":"EXCE"},{"$f":"[1]Pos!D2337","v":1284.92},{"$f":"[1]Pos!E2337","v":5.3}]
[{"$f":"[1]Pos!A2338","v":"4294P03"},{"$f":"[1]Pos!B2338","v":"PO-0017817"},{"$f":"[1]Pos!C2338","v":"EXCE"},{"$f":"[1]Pos!D2338","v":183.19},{"$f":"[1]Pos!E2338","v":3.3}]
[{"$f":"[1]Pos!A2339","v":"4294P04"},{"$f":"[1]Pos!B2339","v":"PO-0017830"},{"$f":"[1]Pos!C2339","v":"DESAUTELS"},{"$f":"[1]Pos!D2339","v":18},{"$f":"[1]Pos!E2339","v":2.75}]
[{"$f":"[1]Pos!A2340","v":"4294P05"},{"$f":"[1]Pos!B2340","v":"PO-0017827"},{"$f":"[1]Pos!C2340","v":"ACCU"},{"$f":"[1]Pos!D2340","v":561.21},{"$f":"[1]Pos!E2340","v":3.7}]
[{"$f":"[1]Pos!A2341","v":"4294P06"},{"$f":"[1]Pos!B2341","v":"PO-0017841"},{"$f":"[1]Pos!C2341","v":"MOND"},{"$f":"[1]Pos!D2341","v":2721.6},{"$f":"[1]Pos!E2341","v":6.8}]
[{"$f":"[1]Pos!A2342","v":"4294P07"},{"$f":"[1]Pos!B2342","v":"PO-0017845"},{"$f":"[1]Pos!C2342","v":"DESC"},{"$f":"[1]Pos!D2342","v":5443.2},{"$f":"[1]Pos!E2342","v":7.4}]
[{"$f":"[1]Pos!A2343","v":"4295B01"},{"$f":"[1]Pos!B2343","v":"PO-0017825"},{"$f":"[1]Pos!C2343","v":"BOUC"},{"$f":"[1]Pos!D2343","v":122.3},{"$f":"[1]Pos!E2343","v":4.51}]
[{"$f":"[1]Pos!A2344","v":"4295B02"},{"$f":"[1]Pos!B2344","v":"PO-0017840"},{"$f":"[1]Pos!C2344","v":"DELF"},{"$f":"[1]Pos!D2344","v":118.44},{"$f":"[1]Pos!E2344","v":10.5}]
[{"$f":"[1]Pos!A2345","v":"4295B03"},{"$f":"[1]Pos!B2345","v":"PO-0017819"},{"$f":"[1]Pos!C2345","v":"LARO"},{"$f":"[1]Pos!D2345","v":1049},{"$f":"[1]Pos!E2345","v":6.35}]
[{"$f":"[1]Pos!A2346","v":"4295B04"},{"$f":"[1]Pos!B2346","v":"PO-0017819"},{"$f":"[1]Pos!C2346","v":"LARO"},{"$f":"[1]Pos!D2346","v":826.5},{"$f":"[1]Pos!E2346","v":4.25}]
[{"$f":"[1]Pos!A2347","v":"4295B05"},{"$f":"[1]Pos!B2347","v":"PO-0017844"},{"$f":"[1]Pos!C2347","v":"DECA"},{"$f":"[1]Pos!D2347","v":81.08},{"$f":"[1]Pos!E2347","v":4.3899999999999997}]
[{"$f":"[1]Pos!A2348","v":"4295B06"},{"$f":"[1]Pos!B2348","v":"PO-0017844"},{"$f":"[1]Pos!C2348","v":"DECA"},{"$f":"[1]Pos!D2348","v":127.2},{"$f":"[1]Pos!E2348","v":5}]
[{"$f":"[1]Pos!A2349","v":"4295B07"},{"$f":"[1]Pos!B2349","v":"PO-0017850"},{"$f":"[1]Pos!C2349","v":"DECA"},{"$f":"[1]Pos!D2349","v":76.64},{"$f":"[1]Pos!E2349","v":4.3499999999999996}]
[{"$f":"[1]Pos!A2350","v":"4295B08"},{"$f":"[1]Pos!B2350","v":"PO-0017857"},{"$f":"[1]Pos!C2350","v":"DECA"},{"$f":"[1]Pos!D2350","v":106.185974},{"$f":"[1]Pos!E2350","v":19.39}]
[{"$f":"[1]Pos!A2351","v":"4295P01"},{"$f":"[1]Pos!B2351","v":"PO-0017828"},{"$f":"[1]Pos!C2351","v":"OLYM"},{"$f":"[1]Pos!D2351","v":284.8},{"$f":"[1]Pos!E2351","v":3.9}]
[{"$f":"[1]Pos!A2352","v":"4295P02"},{"$f":"[1]Pos!B2352","v":"PO-0017847"},{"$f":"[1]Pos!C2352","v":"CENT"},{"$f":"[1]Pos!D2352","v":5443.2},{"$f":"[1]Pos!E2352","v":4.9000000000000004}]
[{"$f":"[1]Pos!A2353","v":"4295P03"},{"$f":"[1]Pos!B2353","v":"PO-0017845"},{"$f":"[1]Pos!C2353","v":"DESC"},{"$f":"[1]Pos!D2353","v":7257.6},{"$f":"[1]Pos!E2353","v":6.7}]
[{"$f":"[1]Pos!A2354","v":"4296B01"},{"$f":"[1]Pos!B2354","v":"PO-0017801"},{"$f":"[1]Pos!C2354","v":"DECA"},{"$f":"[1]Pos!D2354","v":188.29},{"$f":"[1]Pos!E2354","v":6.59}]
[{"$f":"[1]Pos!A2355","v":"4296B02"},{"$f":"[1]Pos!B2355","v":"PO-0017852"},{"$f":"[1]Pos!C2355","v":"GIRO"},{"$f":"[1]Pos!D2355","v":2325.6799999999998},{"$f":"[1]Pos!E2355","v":7.05}]
[{"$f":"[1]Pos!A2356","v":"4296B03"},{"$f":"[1]Pos!B2356","v":"PO-0017891"},{"$f":"[1]Pos!C2356","v":"DECA"},{"$f":"[1]Pos!D2356","v":1803.33},{"$f":"[1]Pos!E2356","v":11.25}]
[{"$f":"[1]Pos!A2357","v":"4296P01"},{"$f":"[1]Pos!B2357","v":"PO-0017847"},{"$f":"[1]Pos!C2357","v":"CENT"},{"$f":"[1]Pos!D2357","v":375},{"$f":"[1]Pos!E2357","v":7.5}]
[{"$f":"[1]Pos!A2358","v":"4296P02"},{"$f":"[1]Pos!B2358","v":"PO-0017846"},{"$f":"[1]Pos!C2358","v":"MOND"},{"$f":"[1]Pos!D2358","v":4536},{"$f":"[1]Pos!E2358","v":6.25}]
[{"$f":"[1]Pos!A2359","v":"4296P03"},{"$f":"[1]Pos!B2359","v":"PO-0017846"},{"$f":"[1]Pos!C2359","v":"MOND"},{"$f":"[1]Pos!D2359","v":2721.6},{"$f":"[1]Pos!E2359","v":6.8}]
[{"$f":"[1]Pos!A2360","v":"4302B01"},{"$f":"[1]Pos!B2360","v":"PO-0017851"},{"$f":"[1]Pos!C2360","v":"LARO"},{"$f":"[1]Pos!D2360","v":825.5},{"$f":"[1]Pos!E2360","v":6.35}]
[{"$f":"[1]Pos!A2361","v":"4302B02"},{"$f":"[1]Pos!B2361","v":"PO-0017851"},{"$f":"[1]Pos!C2361","v":"LARO"},{"$f":"[1]Pos!D2361","v":563},{"$f":"[1]Pos!E2361","v":4.25}]
[{"$f":"[1]Pos!A2362","v":"4302B03"},{"$f":"[1]Pos!B2362","v":"PO-0017914"},{"$f":"[1]Pos!C2362","v":"DECA"},{"$f":"[1]Pos!D2362","v":40.92},{"$f":"[1]Pos!E2362","v":6.89}]
[{"$f":"[1]Pos!A2363","v":"4302D01"},{"$f":"[1]Pos!B2363","v":"PO-0017853"},{"$f":"[1]Pos!C2363","v":"OLYM"},{"$f":"[1]Pos!D2363","v":1000},{"$f":"[1]Pos!E2363","v":6.83}]
[{"$f":"[1]Pos!A2364","v":"4302P01"},{"$f":"[1]Pos!B2364","v":"PO-0017856"},{"$f":"[1]Pos!C2364","v":"ACCU"},{"$f":"[1]Pos!D2364","v":720},{"$f":"[1]Pos!E2364","v":5.15}]
[{"$f":"[1]Pos!A2365","v":"4302P02"},{"$f":"[1]Pos!B2365","v":"PO-0017860"},{"$f":"[1]Pos!C2365","v":"CENT"},{"$f":"[1]Pos!D2365","v":2721.6},{"$f":"[1]Pos!E2365","v":4.9000000000000004}]
[{"$f":"[1]Pos!A2366","v":"4303B01"},{"$f":"[1]Pos!B2366","v":"PO-0017914"},{"$f":"[1]Pos!C2366","v":"DECA"},{"$f":"[1]Pos!D2366","v":57.83},{"$f":"[1]Pos!E2366","v":8.7899999999999991}]
[{"$f":"[1]Pos!A2367","v":"4303P01"},{"$f":"[1]Pos!B2367","v":"PO-0017849"},{"$f":"[1]Pos!C2367","v":"EXCE"},{"$f":"[1]Pos!D2367","v":1303.43},{"$f":"[1]Pos!E2367","v":5}]
[{"$f":"[1]Pos!A2368","v":"4303P02"},{"$f":"[1]Pos!B2368","v":"PO-0017849"},{"$f":"[1]Pos!C2368","v":"EXCE"},{"$f":"[1]Pos!D2368","v":732.22},{"$f":"[1]Pos!E2368","v":3.3}]
[{"$f":"[1]Pos!A2369","v":"4303P03"},{"$f":"[1]Pos!B2369","v":"PO-0017865"},{"$f":"[1]Pos!C2369","v":"CENT"},{"$f":"[1]Pos!D2369","v":2721.6},{"$f":"[1]Pos!E2369","v":4.9000000000000004}]
[{"$f":"[1]Pos!A2370","v":"4303P04"},{"$f":"[1]Pos!B2370","v":"PO-0017864"},{"$f":"[1]Pos!C2370","v":"DESC"},{"$f":"[1]Pos!D2370","v":3628.8},{"$f":"[1]Pos!E2370","v":6.6}]
[{"$f":"[1]Pos!A2371","v":"4304B01"},{"$f":"[1]Pos!B2371","v":"PO-0017882"},{"$f":"[1]Pos!C2371","v":"JBS"},{"$f":"[1]Pos!D2371","v":988.37777500000004},{"$f":"[1]Pos!E2371","v":15.54}]
[{"$f":"[1]Pos!A2372","v":"4304B02"},{"$f":"[1]Pos!B2372","v":"PO-0017882"},{"$f":"[1]Pos!C2372","v":"JBS"},{"$f":"[1]Pos!D2372","v":1717.1574840000001},{"$f":"[1]Pos!E2372","v":15.54}]
[{"$f":"[1]Pos!A2373","v":"4304B03"},{"$f":"[1]Pos!B2373","v":"PO-0017882"},{"$f":"[1]Pos!C2373","v":"JBS"},{"$f":"[1]Pos!D2373","v":1756.7632490000001},{"$f":"[1]Pos!E2373","v":10.69}]
[{"$f":"[1]Pos!A2374","v":"4304B04"},{"$f":"[1]Pos!B2374","v":"PO-0017887"},{"$f":"[1]Pos!C2374","v":"LARO"},{"$f":"[1]Pos!D2374","v":335.32},{"$f":"[1]Pos!E2374","v":6.85}]
[{"$f":"[1]Pos!A2375","v":"4304B05"},{"$f":"[1]Pos!B2375","v":"PO-0017887"},{"$f":"[1]Pos!C2375","v":"LARO"},{"$f":"[1]Pos!D2375","v":628.86},{"$f":"[1]Pos!E2375","v":6.85}]
[{"$f":"[1]Pos!A2376","v":"4304B06"},{"$f":"[1]Pos!B2376","v":"PO-0017887"},{"$f":"[1]Pos!C2376","v":"LARO"},{"$f":"[1]Pos!D2376","v":335.32},{"$f":"[1]Pos!E2376","v":4.4000000000000004}]
[{"$f":"[1]Pos!A2377","v":"4304D01"},{"$f":"[1]Pos!B2377","v":"PO-0017853"},{"$f":"[1]Pos!C2377","v":"OLYM"},{"$f":"[1]Pos!D2377","v":60},{"$f":"[1]Pos!E2377","v":8.16}]
[{"$f":"[1]Pos!A2378","v":"4304P01"},{"$f":"[1]Pos!B2378","v":"PO-0017859"},{"$f":"[1]Pos!C2378","v":"MOND"},{"$f":"[1]Pos!D2378","v":2721.6},{"$f":"[1]Pos!E2378","v":6.25}]
[{"$f":"[1]Pos!A2379","v":"4304P02"},{"$f":"[1]Pos!B2379","v":"PO-0017866"},{"$f":"[1]Pos!C2379","v":"EXCE"},{"$f":"[1]Pos!D2379","v":365.72},{"$f":"[1]Pos!E2379","v":3.3}]
[{"$f":"[1]Pos!A2380","v":"4305B01"},{"$f":"[1]Pos!B2380","v":"PO-0017871"},{"$f":"[1]Pos!C2380","v":"RYDI"},{"$f":"[1]Pos!D2380","v":1617},{"$f":"[1]Pos!E2380","v":7.25}]
[{"$f":"[1]Pos!A2381","v":"4305B02"},{"$f":"[1]Pos!B2381","v":"PO-0017871"},{"$f":"[1]Pos!C2381","v":"RYDI"},{"$f":"[1]Pos!D2381","v":1600},{"$f":"[1]Pos!E2381","v":4.3899999999999997}]
[{"$f":"[1]Pos!A2382","v":"4305B03"},{"$f":"[1]Pos!B2382","v":"PO-0017922"},{"$f":"[1]Pos!C2382","v":"JBS"},{"$f":"[1]Pos!D2382","v":1218.81},{"$f":"[1]Pos!E2382","v":7.52}]
[{"$f":"[1]Pos!A2383","v":"4305B04"},{"$f":"[1]Pos!B2383","v":"PO-0017939"},{"$f":"[1]Pos!C2383","v":"DECA"},{"$f":"[1]Pos!D2383","v":905.928226},{"$f":"[1]Pos!E2383","v":8.69}]
[{"$f":"[1]Pos!A2384","v":"4305B05"},{"$f":"[1]Pos!B2384","v":"PO-0018108"},{"$f":"[1]Pos!C2384","v":"CAR"},{"$f":"[1]Pos!D2384","v":3299.2948240000001},{"$f":"[1]Pos!E2384","v":12.5}]
[{"$f":"[1]Pos!A2385","v":"4305P01"},{"$f":"[1]Pos!B2385","v":"PO-0017868"},{"$f":"[1]Pos!C2385","v":"DESC"},{"$f":"[1]Pos!D2385","v":1814.4},{"$f":"[1]Pos!E2385","v":6.55}]
[{"$f":"[1]Pos!A2386","v":"4305P02"},{"$f":"[1]Pos!B2386","v":"PO-0017868"},{"$f":"[1]Pos!C2386","v":"DESC"},{"$f":"[1]Pos!D2386","v":7257.6},{"$f":"[1]Pos!E2386","v":7.2}]
[{"$f":"[1]Pos!A2387","v":"4305P03"},{"$f":"[1]Pos!B2387","v":"PO-0017870"},{"$f":"[1]Pos!C2387","v":"CENT"},{"$f":"[1]Pos!D2387","v":5443.2},{"$f":"[1]Pos!E2387","v":4.9000000000000004}]
[{"$f":"[1]Pos!A2388","v":"4305P04"},{"$f":"[1]Pos!B2388","v":"PO-0017866"},{"$f":"[1]Pos!C2388","v":"EXCE"},{"$f":"[1]Pos!D2388","v":2748.92},{"$f":"[1]Pos!E2388","v":5.3}]
[{"$f":"[1]Pos!A2389","v":"4306B01"},{"$f":"[1]Pos!B2389","v":"PO-0017867"},{"$f":"[1]Pos!C2389","v":"GIRO"},{"$f":"[1]Pos!D2389","v":814.62},{"$f":"[1]Pos!E2389","v":7.29}]
[{"$f":"[1]Pos!A2390","v":"4306B02"},{"$f":"[1]Pos!B2390","v":"PO-0017867"},{"$f":"[1]Pos!C2390","v":"GIRO"},{"$f":"[1]Pos!D2390","v":1577.44},{"$f":"[1]Pos!E2390","v":7.29}]
[{"$f":"[1]Pos!A2391","v":"4306B03"},{"$f":"[1]Pos!B2391","v":"PO-0018117"},{"$f":"[1]Pos!C2391","v":"SYSC"},{"$f":"[1]Pos!D2391","v":53.58},{"$f":"[1]Pos!E2391","v":13.12}]
[{"$f":"[1]Pos!A2392","v":"4306P01"},{"$f":"[1]Pos!B2392","v":"PO-0017869"},{"$f":"[1]Pos!C2392","v":"MOND"},{"$f":"[1]Pos!D2392","v":6349},{"$f":"[1]Pos!E2392","v":6.25}]
[{"$f":"[1]Pos!A2393","v":"4306P02"},{"$f":"[1]Pos!B2393","v":"PO-0017866"},{"$f":"[1]Pos!C2393","v":"EXCE"},{"$f":"[1]Pos!D2393","v":135.16999999999999},{"$f":"[1]Pos!E2393","v":4.0599999999999996}]
[{"$f":"[1]Pos!A2394","v":"4306P03"},{"$f":"[1]Pos!B2394","v":"PO-0017876"},{"$f":"[1]Pos!C2394","v":"MOND"},{"$f":"[1]Pos!D2394","v":6168.96},{"$f":"[1]Pos!E2394","v":6.8}]
[{"$f":"[1]Pos!A2395","v":"4306P04"},{"$f":"[1]Pos!B2395","v":"PO-0017879"},{"$f":"[1]Pos!C2395","v":"BENI"},{"$f":"[1]Pos!D2395","v":58.09},{"$f":"[1]Pos!E2395","v":2.9}]
[{"$f":"[1]Pos!A2396","v":"4306P05"},{"$f":"[1]Pos!B2396","v":"PO-0017880"},{"$f":"[1]Pos!C2396","v":"ACCU"},{"$f":"[1]Pos!D2396","v":1800},{"$f":"[1]Pos!E2396","v":5.0999999999999996}]
[{"$f":"[1]Pos!A2397","v":"4311P01"},{"$f":"[1]Pos!B2397","v":"PO-0018050"},{"$f":"[1]Pos!C2397","v":"CENT"},{"$f":"[1]Pos!D2397","v":1687.39},{"$f":"[1]Pos!E2397","v":4.75}]
[{"$f":"[1]Pos!A2398","v":"4312B01"},{"$f":"[1]Pos!B2398","v":"PO-0017875"},{"$f":"[1]Pos!C2398","v":"DECA"},{"$f":"[1]Pos!D2398","v":932},{"$f":"[1]Pos!E2398","v":5.5}]
[{"$f":"[1]Pos!A2399","v":"4312B02"},{"$f":"[1]Pos!B2399","v":"PO-0017883"},{"$f":"[1]Pos!C2399","v":"DECA"},{"$f":"[1]Pos!D2399","v":154.22},{"$f":"[1]Pos!E2399","v":4.33}]
[{"$f":"[1]Pos!A2400","v":"4312B03"},{"$f":"[1]Pos!B2400","v":"PO-0017886"},{"$f":"[1]Pos!C2400","v":"DECA"},{"$f":"[1]Pos!D2400","v":1002.5},{"$f":"[1]Pos!E2400","v":4.09}]
[{"$f":"[1]Pos!A2401","v":"4312B04"},{"$f":"[1]Pos!B2401","v":"PO-0017888"},{"$f":"[1]Pos!C2401","v":"DECA"},{"$f":"[1]Pos!D2401","v":25.94},{"$f":"[1]Pos!E2401","v":5}]
[{"$f":"[1]Pos!A2402","v":"4312P01"},{"$f":"[1]Pos!B2402","v":"PO-0017900"},{"$f":"[1]Pos!C2402","v":"CENT"},{"$f":"[1]Pos!D2402","v":907.2},{"$f":"[1]Pos!E2402","v":4.9000000000000004}]
[{"$f":"[1]Pos!A2403","v":"4313B01"},{"$f":"[1]Pos!B2403","v":"PO-0017873"},{"$f":"[1]Pos!C2403","v":"BOUC"},{"$f":"[1]Pos!D2403","v":100.12},{"$f":"[1]Pos!E2403","v":4.42}]
[{"$f":"[1]Pos!A2404","v":"4313B02"},{"$f":"[1]Pos!B2404","v":"PO-0017887"},{"$f":"[1]Pos!C2404","v":"LARO"},{"$f":"[1]Pos!D2404","v":833},{"$f":"[1]Pos!E2404","v":6.85}]
[{"$f":"[1]Pos!A2405","v":"4313B03"},{"$f":"[1]Pos!B2405","v":"PO-0017887"},{"$f":"[1]Pos!C2405","v":"LARO"},{"$f":"[1]Pos!D2405","v":833},{"$f":"[1]Pos!E2405","v":4.4000000000000004}]
[{"$f":"[1]Pos!A2406","v":"4313B04"},{"$f":"[1]Pos!B2406","v":"PO-0017922"},{"$f":"[1]Pos!C2406","v":"JBS"},{"$f":"[1]Pos!D2406","v":978.14},{"$f":"[1]Pos!E2406","v":8.2899999999999991}]
[{"$f":"[1]Pos!A2407","v":"4313P01"},{"$f":"[1]Pos!B2407","v":"PO-0017893"},{"$f":"[1]Pos!C2407","v":"ACCU"},{"$f":"[1]Pos!D2407","v":1980},{"$f":"[1]Pos!E2407","v":4.9000000000000004}]
[{"$f":"[1]Pos!A2408","v":"4313P02"},{"$f":"[1]Pos!B2408","v":"PO-0018053"},{"$f":"[1]Pos!C2408","v":"ACCU"},{"$f":"[1]Pos!D2408","v":360.3},{"$f":"[1]Pos!E2408","v":3.75}]
[{"$f":"[1]Pos!A2409","v":"4314B01"},{"$f":"[1]Pos!B2409","v":"PO-0017890"},{"$f":"[1]Pos!C2409","v":"DECA"},{"$f":"[1]Pos!D2409","v":979.4},{"$f":"[1]Pos!E2409","v":5.5}]
[{"$f":"[1]Pos!A2410","v":"4314B02"},{"$f":"[1]Pos!B2410","v":"PO-0017889"},{"$f":"[1]Pos!C2410","v":"DECA"},{"$f":"[1]Pos!D2410","v":1003},{"$f":"[1]Pos!E2410","v":4.29}]
[{"$f":"[1]Pos!A2411","v":"4314B03"},{"$f":"[1]Pos!B2411","v":"PO-0017877"},{"$f":"[1]Pos!C2411","v":"DELF"},{"$f":"[1]Pos!D2411","v":701.62},{"$f":"[1]Pos!E2411","v":6.79}]
[{"$f":"[1]Pos!A2412","v":"4314B04"},{"$f":"[1]Pos!B2412","v":"PO-0017899"},{"$f":"[1]Pos!C2412","v":"DECA"},{"$f":"[1]Pos!D2412","v":4069.21},{"$f":"[1]Pos!E2412","v":4.8899999999999997}]
[{"$f":"[1]Pos!A2413","v":"4314B05"},{"$f":"[1]Pos!B2413","v":"PO-0018003"},{"$f":"[1]Pos!C2413","v":"DECA"},{"$f":"[1]Pos!D2413","v":930.66},{"$f":"[1]Pos!E2413","v":7.59}]
[{"$f":"[1]Pos!A2414","v":"4314P01"},{"$f":"[1]Pos!B2414","v":"PO-0017861"},{"$f":"[1]Pos!C2414","v":"EXCE"},{"$f":"[1]Pos!D2414","v":1259.2},{"$f":"[1]Pos!E2414","v":4.9000000000000004}]
[{"$f":"[1]Pos!A2415","v":"4314P02"},{"$f":"[1]Pos!B2415","v":"PO-0017896"},{"$f":"[1]Pos!C2415","v":"VEST"},{"$f":"[1]Pos!D2415","v":6480},{"$f":"[1]Pos!E2415","v":4.4000000000000004}]
[{"$f":"[1]Pos!A2416","v":"4314P03"},{"$f":"[1]Pos!B2416","v":"PO-0017896"},{"$f":"[1]Pos!C2416","v":"VEST"},{"$f":"[1]Pos!D2416","v":7920},{"$f":"[1]Pos!E2416","v":4.4000000000000004}]
[{"$f":"[1]Pos!A2417","v":"4315B01"},{"$f":"[1]Pos!B2417","v":"PO-0017897"},{"$f":"[1]Pos!C2417","v":"DECA"},{"$f":"[1]Pos!D2417","v":38.26},{"$f":"[1]Pos!E2417","v":4.24}]
[{"$f":"[1]Pos!A2418","v":"4315B02"},{"$f":"[1]Pos!B2418","v":"PO-0017906"},{"$f":"[1]Pos!C2418","v":"DECA"},{"$f":"[1]Pos!D2418","v":117.1},{"$f":"[1]Pos!E2418","v":4.43}]
[{"$f":"[1]Pos!A2419","v":"4315B03"},{"$f":"[1]Pos!B2419","v":"PO-0017906"},{"$f":"[1]Pos!C2419","v":"DECA"},{"$f":"[1]Pos!D2419","v":50.02},{"$f":"[1]Pos!E2419","v":5}]
[{"$f":"[1]Pos!A2420","v":"4315B04"},{"$f":"[1]Pos!B2420","v":"PO-0017922"},{"$f":"[1]Pos!C2420","v":"JBS"},{"$f":"[1]Pos!D2420","v":517.28},{"$f":"[1]Pos!E2420","v":10.82}]
[{"$f":"[1]Pos!A2421","v":"4315P01"},{"$f":"[1]Pos!B2421","v":"PO-0017861"},{"$f":"[1]Pos!C2421","v":"EXCE"},{"$f":"[1]Pos!D2421","v":1284.72},{"$f":"[1]Pos!E2421","v":5}]
[{"$f":"[1]Pos!A2422","v":"4315P02"},{"$f":"[1]Pos!B2422","v":"PO-0017895"},{"$f":"[1]Pos!C2422","v":"EXCE"},{"$f":"[1]Pos!D2422","v":420.39},{"$f":"[1]Pos!E2422","v":3.3}]
[{"$f":"[1]Pos!A2423","v":"4315P03"},{"$f":"[1]Pos!B2423","v":"PO-0017895"},{"$f":"[1]Pos!C2423","v":"EXCE"},{"$f":"[1]Pos!D2423","v":134.83000000000001},{"$f":"[1]Pos!E2423","v":4.0599999999999996}]
[{"$f":"[1]Pos!A2424","v":"4315P04"},{"$f":"[1]Pos!B2424","v":"PO-0017903"},{"$f":"[1]Pos!C2424","v":"CENT"},{"$f":"[1]Pos!D2424","v":1814.4},{"$f":"[1]Pos!E2424","v":4.9000000000000004}]
[{"$f":"[1]Pos!A2425","v":"4315P05"},{"$f":"[1]Pos!B2425","v":"PO-0017905"},{"$f":"[1]Pos!C2425","v":"DESC"},{"$f":"[1]Pos!D2425","v":2721.6},{"$f":"[1]Pos!E2425","v":6.55}]
[{"$f":"[1]Pos!A2426","v":"4315P06"},{"$f":"[1]Pos!B2426","v":"PO-0017911"},{"$f":"[1]Pos!C2426","v":"MOND"},{"$f":"[1]Pos!D2426","v":1814.4},{"$f":"[1]Pos!E2426","v":6.75}]
[{"$f":"[1]Pos!A2427","v":"4316B01"},{"$f":"[1]Pos!B2427","v":"PO-0017901"},{"$f":"[1]Pos!C2427","v":"BOUC"},{"$f":"[1]Pos!D2427","v":163.12},{"$f":"[1]Pos!E2427","v":4.42}]
[{"$f":"[1]Pos!A2428","v":"4316B02"},{"$f":"[1]Pos!B2428","v":"PO-0017937"},{"$f":"[1]Pos!C2428","v":"WHIT"},{"$f":"[1]Pos!D2428","v":145.19999999999999},{"$f":"[1]Pos!E2428","v":12}]
[{"$f":"[1]Pos!A2429","v":"4316P01"},{"$f":"[1]Pos!B2429","v":"PO-0017903"},{"$f":"[1]Pos!C2429","v":"CENT"},{"$f":"[1]Pos!D2429","v":150},{"$f":"[1]Pos!E2429","v":7.4}]
[{"$f":"[1]Pos!A2430","v":"4316P02"},{"$f":"[1]Pos!B2430","v":"PO-0017904"},{"$f":"[1]Pos!C2430","v":"MOND"},{"$f":"[1]Pos!D2430","v":2721},{"$f":"[1]Pos!E2430","v":6.25}]
[{"$f":"[1]Pos!A2431","v":"4316P03"},{"$f":"[1]Pos!B2431","v":"PO-0017904"},{"$f":"[1]Pos!C2431","v":"MOND"},{"$f":"[1]Pos!D2431","v":2721},{"$f":"[1]Pos!E2431","v":6.75}]
[{"$f":"[1]Pos!A2432","v":"4317B01"},{"$f":"[1]Pos!B2432","v":"PO-0017909"},{"$f":"[1]Pos!C2432","v":"RYDI"},{"$f":"[1]Pos!D2432","v":2500},{"$f":"[1]Pos!E2432","v":7.47}]
[{"$f":"[1]Pos!A2433","v":"4322B01"},{"$f":"[1]Pos!B2433","v":"PO-0017908"},{"$f":"[1]Pos!C2433","v":"LARO"},{"$f":"[1]Pos!D2433","v":848},{"$f":"[1]Pos!E2433","v":7.05}]
[{"$f":"[1]Pos!A2434","v":"4322B02"},{"$f":"[1]Pos!B2434","v":"PO-0017908"},{"$f":"[1]Pos!C2434","v":"LARO"},{"$f":"[1]Pos!D2434","v":547},{"$f":"[1]Pos!E2434","v":4.5999999999999996}]
[{"$f":"[1]Pos!A2435","v":"4322B03"},{"$f":"[1]Pos!B2435","v":"PO-0017956"},{"$f":"[1]Pos!C2435","v":"OLYM"},{"$f":"[1]Pos!D2435","v":213.37},{"$f":"[1]Pos!E2435","v":12.86}]
[{"$f":"[1]Pos!A2436","v":"4322P01"},{"$f":"[1]Pos!B2436","v":"PO-0017912"},{"$f":"[1]Pos!C2436","v":"CENT"},{"$f":"[1]Pos!D2436","v":698.44},{"$f":"[1]Pos!E2436","v":5.35}]
[{"$f":"[1]Pos!A2437","v":"4322P02"},{"$f":"[1]Pos!B2437","v":"PO-0017913"},{"$f":"[1]Pos!C2437","v":99},{"$f":"[1]Pos!D2437","v":82.36},{"$f":"[1]Pos!E2437","v":4.55}]
[{"$f":"[1]Pos!A2438","v":"4322P03"},{"$f":"[1]Pos!B2438","v":"PO-0017917"},{"$f":"[1]Pos!C2438","v":"CENT"},{"$f":"[1]Pos!D2438","v":2721.6},{"$f":"[1]Pos!E2438","v":4.9000000000000004}]
[{"$f":"[1]Pos!A2439","v":"4322P04"},{"$f":"[1]Pos!B2439","v":"PO-0017926"},{"$f":"[1]Pos!C2439","v":"CENT"},{"$f":"[1]Pos!D2439","v":1632.96},{"$f":"[1]Pos!E2439","v":7.25}]
[{"$f":"[1]Pos!A2440","v":"4323B01"},{"$f":"[1]Pos!B2440","v":"PO-0017937"},{"$f":"[1]Pos!C2440","v":"WHIT"},{"$f":"[1]Pos!D2440","v":19},{"$f":"[1]Pos!E2440","v":8.82}]
[{"$f":"[1]Pos!A2441","v":"4323D01"},{"$f":"[1]Pos!B2441","v":"PO-0019282"},{"$f":"[1]Pos!C2441","v":"C&C"},{"$f":"[1]Pos!D2441","v":9.071847},{"$f":"[1]Pos!E2441","v":14.19}]
[{"$f":"[1]Pos!A2442","v":"4323P01"},{"$f":"[1]Pos!B2442","v":"PO-0017915"},{"$f":"[1]Pos!C2442","v":99},{"$f":"[1]Pos!D2442","v":2373},{"$f":"[1]Pos!E2442","v":4.75}]
[{"$f":"[1]Pos!A2443","v":"4323P02"},{"$f":"[1]Pos!B2443","v":"PO-0017926"},{"$f":"[1]Pos!C2443","v":"CENT"},{"$f":"[1]Pos!D2443","v":1814.4},{"$f":"[1]Pos!E2443","v":4.7}]
[{"$f":"[1]Pos!A2444","v":"4324B01"},{"$f":"[1]Pos!B2444","v":"PO-0018779"},{"$f":"[1]Pos!C2444","v":"AGRO"},{"$f":"[1]Pos!D2444","v":3375.28},{"$f":"[1]Pos!E2444","v":3.75}]
[{"$f":"[1]Pos!A2445","v":"4324P01"},{"$f":"[1]Pos!B2445","v":"PO-0017892"},{"$f":"[1]Pos!C2445","v":"ACCU"},{"$f":"[1]Pos!D2445","v":1800},{"$f":"[1]Pos!E2445","v":4.45}]
[{"$f":"[1]Pos!A2446","v":"4324P02"},{"$f":"[1]Pos!B2446","v":"PO-0017928"},{"$f":"[1]Pos!C2446","v":"CENT"},{"$f":"[1]Pos!D2446","v":642.47},{"$f":"[1]Pos!E2446","v":5.4}]
[{"$f":"[1]Pos!A2447","v":"4324P03"},{"$f":"[1]Pos!B2447","v":"PO-0017931"},{"$f":"[1]Pos!C2447","v":"MOND"},{"$f":"[1]Pos!D2447","v":1814},{"$f":"[1]Pos!E2447","v":6.25}]
[{"$f":"[1]Pos!A2448","v":"4325B01"},{"$f":"[1]Pos!B2448","v":"PO-0017927"},{"$f":"[1]Pos!C2448","v":"DECA"},{"$f":"[1]Pos!D2448","v":129.44},{"$f":"[1]Pos!E2448","v":4.32}]
[{"$f":"[1]Pos!A2449","v":"4325P01"},{"$f":"[1]Pos!B2449","v":"PO-0017925"},{"$f":"[1]Pos!C2449","v":99},{"$f":"[1]Pos!D2449","v":805.88},{"$f":"[1]Pos!E2449","v":2.0499999999999998}]
[{"$f":"[1]Pos!A2450","v":"4325P02"},{"$f":"[1]Pos!B2450","v":"PO-0017932"},{"$f":"[1]Pos!C2450","v":99},{"$f":"[1]Pos!D2450","v":82.17},{"$f":"[1]Pos!E2450","v":4.5}]
[{"$f":"[1]Pos!A2451","v":"4325P03"},{"$f":"[1]Pos!B2451","v":"PO-0017935"},{"$f":"[1]Pos!C2451","v":"CENT"},{"$f":"[1]Pos!D2451","v":3628.8},{"$f":"[1]Pos!E2451","v":4.75}]
[{"$f":"[1]Pos!A2452","v":"4326B01"},{"$f":"[1]Pos!B2452","v":"PO-0017943"},{"$f":"[1]Pos!C2452","v":"RYDI"},{"$f":"[1]Pos!D2452","v":1776},{"$f":"[1]Pos!E2452","v":7.78}]
[{"$f":"[1]Pos!A2453","v":"4326B02"},{"$f":"[1]Pos!B2453","v":"PO-0017949"},{"$f":"[1]Pos!C2453","v":"GIRO"},{"$f":"[1]Pos!D2453","v":3130.55},{"$f":"[1]Pos!E2453","v":7.6}]
[{"$f":"[1]Pos!A2454","v":"4326B03"},{"$f":"[1]Pos!B2454","v":"PO-0017954"},{"$f":"[1]Pos!C2454","v":"GIRO"},{"$f":"[1]Pos!D2454","v":365.87},{"$f":"[1]Pos!E2454","v":9.89}]
[{"$f":"[1]Pos!A2455","v":"4326B04"},{"$f":"[1]Pos!B2455","v":"PO-0018607"},{"$f":"[1]Pos!C2455","v":"C&C"},{"$f":"[1]Pos!D2455","v":1544.7},{"$f":"[1]Pos!E2455","v":8.9499999999999993}]
[{"$f":"[1]Pos!A2456","v":"4326P01"},{"$f":"[1]Pos!B2456","v":"PO-0017930"},{"$f":"[1]Pos!C2456","v":"EXCE"},{"$f":"[1]Pos!D2456","v":1113.94},{"$f":"[1]Pos!E2456","v":4.7}]
[{"$f":"[1]Pos!A2457","v":"4326P02"},{"$f":"[1]Pos!B2457","v":"PO-0017934"},{"$f":"[1]Pos!C2457","v":"DESC"},{"$f":"[1]Pos!D2457","v":1840.4},{"$f":"[1]Pos!E2457","v":6.55}]
[{"$f":"[1]Pos!A2458","v":"4326P03"},{"$f":"[1]Pos!B2458","v":"PO-0017934"},{"$f":"[1]Pos!C2458","v":"DESC"},{"$f":"[1]Pos!D2458","v":1814.4},{"$f":"[1]Pos!E2458","v":7}]
[{"$f":"[1]Pos!A2459","v":"4326P04"},{"$f":"[1]Pos!B2459","v":"PO-0017933"},{"$f":"[1]Pos!C2459","v":"MOND"},{"$f":"[1]Pos!D2459","v":6349},{"$f":"[1]Pos!E2459","v":6.25}]
[{"$f":"[1]Pos!A2460","v":"4326P05"},{"$f":"[1]Pos!B2460","v":"PO-0017933"},{"$f":"[1]Pos!C2460","v":"MOND"},{"$f":"[1]Pos!D2460","v":5079.2},{"$f":"[1]Pos!E2460","v":6.75}]
[{"$f":"[1]Pos!A2461","v":"4326P06"},{"$f":"[1]Pos!B2461","v":"PO-0017940"},{"$f":"[1]Pos!C2461","v":"ACCU"},{"$f":"[1]Pos!D2461","v":1260},{"$f":"[1]Pos!E2461","v":5.15}]
[{"$f":"[1]Pos!A2462","v":"4326P07"},{"$f":"[1]Pos!B2462","v":"PO-0017942"},{"$f":"[1]Pos!C2462","v":99},{"$f":"[1]Pos!D2462","v":109.18},{"$f":"[1]Pos!E2462","v":4.4000000000000004}]
[{"$f":"[1]Pos!A2463","v":"4326P08"},{"$f":"[1]Pos!B2463","v":"PO-0017946"},{"$f":"[1]Pos!C2463","v":"EXCE"},{"$f":"[1]Pos!D2463","v":1744.24},{"$f":"[1]Pos!E2463","v":4.7}]
[{"$f":"[1]Pos!A2464","v":"4326P09"},{"$f":"[1]Pos!B2464","v":"PO-0017944"},{"$f":"[1]Pos!C2464","v":"MOND"},{"$f":"[1]Pos!D2464","v":2721},{"$f":"[1]Pos!E2464","v":6.75}]
[{"$f":"[1]Pos!A2465","v":"4326P10"},{"$f":"[1]Pos!B2465","v":"PO-0017947"},{"$f":"[1]Pos!C2465","v":99},{"$f":"[1]Pos!D2465","v":39.04},{"$f":"[1]Pos!E2465","v":2.9}]
[{"$f":"[1]Pos!A2466","v":"4326P11"},{"$f":"[1]Pos!B2466","v":"PO-0017941"},{"$f":"[1]Pos!C2466","v":"ACCU"},{"$f":"[1]Pos!D2466","v":1440},{"$f":"[1]Pos!E2466","v":4.9000000000000004}]
[{"$f":"[1]Pos!A2467","v":"4326P12"},{"$f":"[1]Pos!B2467","v":"PO-0017952"},{"$f":"[1]Pos!C2467","v":"DESC"},{"$f":"[1]Pos!D2467","v":1814.4},{"$f":"[1]Pos!E2467","v":6.55}]
[{"$f":"[1]Pos!A2468","v":"4327B01"},{"$f":"[1]Pos!B2468","v":"PO-0018036"},{"$f":"[1]Pos!C2468","v":"DECA"},{"$f":"[1]Pos!D2468","v":355.4},{"$f":"[1]Pos!E2468","v":7}]
[{"$f":"[1]Pos!A2469","v":"4327B02"},{"$f":"[1]Pos!B2469","v":"PO-0018106"},{"$f":"[1]Pos!C2469","v":"DECA"},{"$f":"[1]Pos!D2469","v":113.21},{"$f":"[1]Pos!E2469","v":16.95}]
[{"$f":"[1]Pos!A2470","v":"4332B01"},{"$f":"[1]Pos!B2470","v":"PO-0017936"},{"$f":"[1]Pos!C2470","v":"BOUC"},{"$f":"[1]Pos!D2470","v":127.14},{"$f":"[1]Pos!E2470","v":4.3099999999999996}]
[{"$f":"[1]Pos!A2471","v":"4332B02"},{"$f":"[1]Pos!B2471","v":"PO-0017945"},{"$f":"[1]Pos!C2471","v":"DECA"},{"$f":"[1]Pos!D2471","v":79.02},{"$f":"[1]Pos!E2471","v":4.4400000000000004}]
[{"$f":"[1]Pos!A2472","v":"4332B03"},{"$f":"[1]Pos!B2472","v":"PO-0017938"},{"$f":"[1]Pos!C2472","v":"LARO"},{"$f":"[1]Pos!D2472","v":786.5},{"$f":"[1]Pos!E2472","v":7.15}]
[{"$f":"[1]Pos!A2473","v":"4332B04"},{"$f":"[1]Pos!B2473","v":"PO-0017937"},{"$f":"[1]Pos!C2473","v":"WHIT"},{"$f":"[1]Pos!D2473","v":128.24},{"$f":"[1]Pos!E2473","v":7}]
[{"$f":"[1]Pos!A2474","v":"4332B05"},{"$f":"[1]Pos!B2474","v":"PO-0017959"},{"$f":"[1]Pos!C2474","v":"DECA"},{"$f":"[1]Pos!D2474","v":48.66},{"$f":"[1]Pos!E2474","v":0.277777}]
[{"$f":"[1]Pos!A2475","v":"4332B06"},{"$f":"[1]Pos!B2475","v":"PO-0018003"},{"$f":"[1]Pos!C2475","v":"DECA"},{"$f":"[1]Pos!D2475","v":828.39},{"$f":"[1]Pos!E2475","v":7.59}]
[{"$f":"[1]Pos!A2476","v":"4332B07"},{"$f":"[1]Pos!B2476","v":"PO-0018085"},{"$f":"[1]Pos!C2476","v":"DECA"},{"$f":"[1]Pos!D2476","v":45.58},{"$f":"[1]Pos!E2476","v":16.89}]
[{"$f":"[1]Pos!A2477","v":"4332B08"},{"$f":"[1]Pos!B2477","v":"PO-0018586"},{"$f":"[1]Pos!C2477","v":"C&C"},{"$f":"[1]Pos!D2477","v":28.36},{"$f":"[1]Pos!E2477","v":9.59}]
[{"$f":"[1]Pos!A2478","v":"4332B09"},{"$f":"[1]Pos!B2478","v":"PO-0018720"},{"$f":"[1]Pos!C2478","v":"C&C"},{"$f":"[1]Pos!D2478","v":902},{"$f":"[1]Pos!E2478","v":8.92}]
[{"$f":"[1]Pos!A2479","v":"4332P01"},{"$f":"[1]Pos!B2479","v":"PO-0017946"},{"$f":"[1]Pos!C2479","v":"EXCE"},{"$f":"[1]Pos!D2479","v":134.94999999999999},{"$f":"[1]Pos!E2479","v":4.0599999999999996}]
[{"$f":"[1]Pos!A2480","v":"4332P02"},{"$f":"[1]Pos!B2480","v":"PO-0017958"},{"$f":"[1]Pos!C2480","v":"CENT"},{"$f":"[1]Pos!D2480","v":907.2},{"$f":"[1]Pos!E2480","v":4.75}]
[{"$f":"[1]Pos!A2481","v":"4332P03"},{"$f":"[1]Pos!B2481","v":"PO-0017958"},{"$f":"[1]Pos!C2481","v":"CENT"},{"$f":"[1]Pos!D2481","v":1632.96},{"$f":"[1]Pos!E2481","v":7.2}]
[{"$f":"[1]Pos!A2482","v":"4332P04"},{"$f":"[1]Pos!B2482","v":"PO-0017958"},{"$f":"[1]Pos!C2482","v":"CENT"},{"$f":"[1]Pos!D2482","v":452.26},{"$f":"[1]Pos!E2482","v":3.85}]
[{"$f":"[1]Pos!A2483","v":"4332P05"},{"$f":"[1]Pos!B2483","v":"PO-0017966"},{"$f":"[1]Pos!C2483","v":"CENT"},{"$f":"[1]Pos!D2483","v":1814.4},{"$f":"[1]Pos!E2483","v":4.75}]
[{"$f":"[1]Pos!A2484","v":"4333B01"},{"$f":"[1]Pos!B2484","v":"PO-0017914"},{"$f":"[1]Pos!C2484","v":"DECA"},{"$f":"[1]Pos!D2484","v":96.18},{"$f":"[1]Pos!E2484","v":5}]
[{"$f":"[1]Pos!A2485","v":"4333P01"},{"$f":"[1]Pos!B2485","v":"PO-0017950"},{"$f":"[1]Pos!C2485","v":"EXCE"},{"$f":"[1]Pos!D2485","v":309.38},{"$f":"[1]Pos!E2485","v":4.0599999999999996}]
[{"$f":"[1]Pos!A2486","v":"4333P02"},{"$f":"[1]Pos!B2486","v":"PO-0017950"},{"$f":"[1]Pos!C2486","v":"EXCE"},{"$f":"[1]Pos!D2486","v":309.38},{"$f":"[1]Pos!E2486","v":3.3}]
[{"$f":"[1]Pos!A2487","v":"4333P03"},{"$f":"[1]Pos!B2487","v":"PO-0017960"},{"$f":"[1]Pos!C2487","v":"DESC"},{"$f":"[1]Pos!D2487","v":907.2},{"$f":"[1]Pos!E2487","v":6.55}]
[{"$f":"[1]Pos!A2488","v":"4333P04"},{"$f":"[1]Pos!B2488","v":"PO-0017967"},{"$f":"[1]Pos!C2488","v":"DESC"},{"$f":"[1]Pos!D2488","v":3175},{"$f":"[1]Pos!E2488","v":6.55}]
[{"$f":"[1]Pos!A2489","v":"4333P05"},{"$f":"[1]Pos!B2489","v":"PO-0017967"},{"$f":"[1]Pos!C2489","v":"DESC"},{"$f":"[1]Pos!D2489","v":1342.6},{"$f":"[1]Pos!E2489","v":7}]
[{"$f":"[1]Pos!A2490","v":"4334P01"},{"$f":"[1]Pos!B2490","v":"PO-0017955"},{"$f":"[1]Pos!C2490","v":"ACCU"},{"$f":"[1]Pos!D2490","v":2880},{"$f":"[1]Pos!E2490","v":4.9000000000000004}]
[{"$f":"[1]Pos!A2491","v":"4334P02"},{"$f":"[1]Pos!B2491","v":"PO-0017964"},{"$f":"[1]Pos!C2491","v":"MOND"},{"$f":"[1]Pos!D2491","v":6350},{"$f":"[1]Pos!E2491","v":6.25}]
[{"$f":"[1]Pos!A2492","v":"4334P03"},{"$f":"[1]Pos!B2492","v":"PO-0017963"},{"$f":"[1]Pos!C2492","v":"ACCU"},{"$f":"[1]Pos!D2492","v":1980},{"$f":"[1]Pos!E2492","v":4.9000000000000004}]
[{"$f":"[1]Pos!A2493","v":"4334P04"},{"$f":"[1]Pos!B2493","v":"PO-0017968"},{"$f":"[1]Pos!C2493","v":"CENT"},{"$f":"[1]Pos!D2493","v":250},{"$f":"[1]Pos!E2493","v":7.2}]
[{"$f":"[1]Pos!A2494","v":"4334P05"},{"$f":"[1]Pos!B2494","v":"PO-0017971"},{"$f":"[1]Pos!C2494","v":"DESC"},{"$f":"[1]Pos!D2494","v":1814.4},{"$f":"[1]Pos!E2494","v":7}]
[{"$f":"[1]Pos!A2495","v":"4335B01"},{"$f":"[1]Pos!B2495","v":"PO-0017972"},{"$f":"[1]Pos!C2495","v":"DECA"},{"$f":"[1]Pos!D2495","v":110.04},{"$f":"[1]Pos!E2495","v":4.4400000000000004}]
[{"$f":"[1]Pos!A2496","v":"4335B02"},{"$f":"[1]Pos!B2496","v":"PO-0017972"},{"$f":"[1]Pos!C2496","v":"DECA"},{"$f":"[1]Pos!D2496","v":102.02},{"$f":"[1]Pos!E2496","v":0.27111099999999999}]
[{"$f":"[1]Pos!A2497","v":"4335B03"},{"$f":"[1]Pos!B2497","v":"PO-0017962"},{"$f":"[1]Pos!C2497","v":"RYDI"},{"$f":"[1]Pos!D2497","v":2400},{"$f":"[1]Pos!E2497","v":7.5}]
[{"$f":"[1]Pos!A2498","v":"4335P01"},{"$f":"[1]Pos!B2498","v":"PO-0017969"},{"$f":"[1]Pos!C2498","v":"OLYM"},{"$f":"[1]Pos!D2498","v":29.73},{"$f":"[1]Pos!E2498","v":4.05}]
[{"$f":"[1]Pos!A2499","v":"4335P02"},{"$f":"[1]Pos!B2499","v":"PO-0017969"},{"$f":"[1]Pos!C2499","v":"OLYM"},{"$f":"[1]Pos!D2499","v":131.77000000000001},{"$f":"[1]Pos!E2499","v":3.9}]
[{"$f":"[1]Pos!A2500","v":"4335P03"},{"$f":"[1]Pos!B2500","v":"PO-0017971"},{"$f":"[1]Pos!C2500","v":"DESC"},{"$f":"[1]Pos!D2500","v":7257.6},{"$f":"[1]Pos!E2500","v":6.55}]
[{"$f":"[1]Pos!A2501","v":"4335P04"},{"$f":"[1]Pos!B2501","v":"PO-0017970"},{"$f":"[1]Pos!C2501","v":"CENT"},{"$f":"[1]Pos!D2501","v":3628.8},{"$f":"[1]Pos!E2501","v":4.75}]
[{"$f":"[1]Pos!A2502","v":"4335P05"},{"$f":"[1]Pos!B2502","v":"PO-0017970"},{"$f":"[1]Pos!C2502","v":"CENT"},{"$f":"[1]Pos!D2502","v":1632.96},{"$f":"[1]Pos!E2502","v":7.2}]
[{"$f":"[1]Pos!A2503","v":"4335P06"},{"$f":"[1]Pos!B2503","v":"PO-0017977"},{"$f":"[1]Pos!C2503","v":"ACCU"},{"$f":"[1]Pos!D2503","v":1980},{"$f":"[1]Pos!E2503","v":4.75}]
[{"$f":"[1]Pos!A2504","v":"4336B01"},{"$f":"[1]Pos!B2504","v":"PO-0017974"},{"$f":"[1]Pos!C2504","v":"GIRO"},{"$f":"[1]Pos!D2504","v":154.96},{"$f":"[1]Pos!E2504","v":9.89}]
[{"$f":"[1]Pos!A2505","v":"4336B02"},{"$f":"[1]Pos!B2505","v":"PO-0017961"},{"$f":"[1]Pos!C2505","v":"LARO"},{"$f":"[1]Pos!D2505","v":566},{"$f":"[1]Pos!E2505","v":7.15}]
[{"$f":"[1]Pos!A2506","v":"4336B03"},{"$f":"[1]Pos!B2506","v":"PO-0018162"},{"$f":"[1]Pos!C2506","v":"DECA"},{"$f":"[1]Pos!D2506","v":40},{"$f":"[1]Pos!E2506","v":4.33}]
[{"$f":"[1]Pos!A2507","v":"4336P01"},{"$f":"[1]Pos!B2507","v":"PO-0017970"},{"$f":"[1]Pos!C2507","v":"CENT"},{"$f":"[1]Pos!D2507","v":2779.08},{"$f":"[1]Pos!E2507","v":4.75}]
[{"$f":"[1]Pos!A2508","v":"4336P02"},{"$f":"[1]Pos!B2508","v":"PO-0017976"},{"$f":"[1]Pos!C2508","v":"MOND"},{"$f":"[1]Pos!D2508","v":10886.4},{"$f":"[1]Pos!E2508","v":6.25}]
[{"$f":"[1]Pos!A2509","v":"4336P03"},{"$f":"[1]Pos!B2509","v":"PO-0017975"},{"$f":"[1]Pos!C2509","v":"EXCE"},{"$f":"[1]Pos!D2509","v":1963.84},{"$f":"[1]Pos!E2509","v":4.4000000000000004}]
[{"$f":"[1]Pos!A2510","v":"4336P04"},{"$f":"[1]Pos!B2510","v":"PO-0017975"},{"$f":"[1]Pos!C2510","v":"EXCE"},{"$f":"[1]Pos!D2510","v":534},{"$f":"[1]Pos!E2510","v":4.5999999999999996}]
[{"$f":"[1]Pos!A2511","v":"4336P05"},{"$f":"[1]Pos!B2511","v":"PO-0017985"},{"$f":"[1]Pos!C2511","v":"CENT"},{"$f":"[1]Pos!D2511","v":1292.01},{"$f":"[1]Pos!E2511","v":4.75}]
[{"$f":"[1]Pos!A2512","v":"4336P06"},{"$f":"[1]Pos!B2512","v":"PO-0017982"},{"$f":"[1]Pos!C2512","v":"MOND"},{"$f":"[1]Pos!D2512","v":4807.1000000000004},{"$f":"[1]Pos!E2512","v":6.75}]
[{"$f":"[1]Pos!A2513","v":"4336P07"},{"$f":"[1]Pos!B2513","v":"PO-0017989"},{"$f":"[1]Pos!C2513","v":"EXCE"},{"$f":"[1]Pos!D2513","v":2776.19},{"$f":"[1]Pos!E2513","v":4.5}]
[{"$f":"[1]Pos!A2514","v":"4336P08"},{"$f":"[1]Pos!B2514","v":"PO-0017990"},{"$f":"[1]Pos!C2514","v":"CENT"},{"$f":"[1]Pos!D2514","v":1814.4},{"$f":"[1]Pos!E2514","v":3.6}]
[{"$f":"[1]Pos!A2515","v":"4336P09"},{"$f":"[1]Pos!B2515","v":"PO-0017990"},{"$f":"[1]Pos!C2515","v":"CENT"},{"$f":"[1]Pos!D2515","v":544.32000000000005},{"$f":"[1]Pos!E2515","v":3.6}]
[{"$f":"[1]Pos!A2516","v":"4336P10"},{"$f":"[1]Pos!B2516","v":"PO-0017995"},{"$f":"[1]Pos!C2516","v":"CENT"},{"$f":"[1]Pos!D2516","v":1814.4},{"$f":"[1]Pos!E2516","v":3.6}]
[{"$f":"[1]Pos!A2517","v":"4337P01"},{"$f":"[1]Pos!B2517","v":"PO-0017981"},{"$f":"[1]Pos!C2517","v":"CENT"},{"$f":"[1]Pos!D2517","v":3628.8},{"$f":"[1]Pos!E2517","v":4.75}]
[{"$f":"[1]Pos!A2518","v":"4342B01"},{"$f":"[1]Pos!B2518","v":"PO-0017979"},{"$f":"[1]Pos!C2518","v":"RIEN"},{"$f":"[1]Pos!D2518","v":134.76},{"$f":"[1]Pos!E2518","v":4.2}]
[{"$f":"[1]Pos!A2519","v":"4342B02"},{"$f":"[1]Pos!B2519","v":"PO-0017996"},{"$f":"[1]Pos!C2519","v":"DECA"},{"$f":"[1]Pos!D2519","v":60.1},{"$f":"[1]Pos!E2519","v":4.29}]
[{"$f":"[1]Pos!A2520","v":"4342B03"},{"$f":"[1]Pos!B2520","v":"PO-0018338"},{"$f":"[1]Pos!C2520","v":"METR"},{"$f":"[1]Pos!D2520","v":18720},{"$f":"[1]Pos!E2520","v":1.4}]
[{"$f":"[1]Pos!A2521","v":"4342P01"},{"$f":"[1]Pos!B2521","v":"PO-0017983"},{"$f":"[1]Pos!C2521","v":"EXCE"},{"$f":"[1]Pos!D2521","v":37.06},{"$f":"[1]Pos!E2521","v":2.7}]
[{"$f":"[1]Pos!A2522","v":"4342P02"},{"$f":"[1]Pos!B2522","v":"PO-0017988"},{"$f":"[1]Pos!C2522","v":"ACCU"},{"$f":"[1]Pos!D2522","v":3960},{"$f":"[1]Pos!E2522","v":4.6500000000000004}]
[{"$f":"[1]Pos!A2523","v":"4342P03"},{"$f":"[1]Pos!B2523","v":"PO-0017994"},{"$f":"[1]Pos!C2523","v":"DESC"},{"$f":"[1]Pos!D2523","v":3628.8},{"$f":"[1]Pos!E2523","v":6.55}]
[{"$f":"[1]Pos!A2524","v":"4342P04"},{"$f":"[1]Pos!B2524","v":"PO-0018000"},{"$f":"[1]Pos!C2524","v":"CENT"},{"$f":"[1]Pos!D2524","v":1632.6},{"$f":"[1]Pos!E2524","v":7.2}]
[{"$f":"[1]Pos!A2525","v":"4342P05"},{"$f":"[1]Pos!B2525","v":"PO-0018002"},{"$f":"[1]Pos!C2525","v":"DESC"},{"$f":"[1]Pos!D2525","v":5443.2},{"$f":"[1]Pos!E2525","v":7}]
[{"$f":"[1]Pos!A2526","v":"4342P06"},{"$f":"[1]Pos!B2526","v":"PO-0018001"},{"$f":"[1]Pos!C2526","v":"CENT"},{"$f":"[1]Pos!D2526","v":907.2},{"$f":"[1]Pos!E2526","v":4.75}]
[{"$f":"[1]Pos!A2527","v":"4342P07"},{"$f":"[1]Pos!B2527","v":"PO-0018125"},{"$f":"[1]Pos!C2527","v":"DECA"},{"$f":"[1]Pos!D2527","v":64.459999999999994},{"$f":"[1]Pos!E2527","v":3.8}]
[{"$f":"[1]Pos!A2528","v":"4343B01"},{"$f":"[1]Pos!B2528","v":"PO-0017984"},{"$f":"[1]Pos!C2528","v":"DECA"},{"$f":"[1]Pos!D2528","v":97.4},{"$f":"[1]Pos!E2528","v":0.27111099999999999}]
[{"$f":"[1]Pos!A2529","v":"4343P01"},{"$f":"[1]Pos!B2529","v":"PO-0017995"},{"$f":"[1]Pos!C2529","v":"CENT"},{"$f":"[1]Pos!D2529","v":1945.22},{"$f":"[1]Pos!E2529","v":4.75}]
[{"$f":"[1]Pos!A2530","v":"4343P02"},{"$f":"[1]Pos!B2530","v":"PO-0017997"},{"$f":"[1]Pos!C2530","v":"MOND"},{"$f":"[1]Pos!D2530","v":11791},{"$f":"[1]Pos!E2530","v":6.25}]
[{"$f":"[1]Pos!A2531","v":"4343P03"},{"$f":"[1]Pos!B2531","v":"PO-0017998"},{"$f":"[1]Pos!C2531","v":"DESC"},{"$f":"[1]Pos!D2531","v":3591},{"$f":"[1]Pos!E2531","v":6.55}]
[{"$f":"[1]Pos!A2532","v":"4343P04"},{"$f":"[1]Pos!B2532","v":"PO-0017999"},{"$f":"[1]Pos!C2532","v":"BENI"},{"$f":"[1]Pos!D2532","v":214.84},{"$f":"[1]Pos!E2532","v":4.4000000000000004}]
[{"$f":"[1]Pos!A2533","v":"4345B01"},{"$f":"[1]Pos!B2533","v":"PO-0017996"},{"$f":"[1]Pos!C2533","v":"DECA"},{"$f":"[1]Pos!D2533","v":63.76},{"$f":"[1]Pos!E2533","v":4.5599999999999996}]
[{"$f":"[1]Pos!A2534","v":"4345B02"},{"$f":"[1]Pos!B2534","v":"PO-0019107"},{"$f":"[1]Pos!C2534","v":"C&C"},{"$f":"[1]Pos!D2534","v":3167.61},{"$f":"[1]Pos!E2534","v":7.99}]
[{"$f":"[1]Pos!A2535","v":"4345P01"},{"$f":"[1]Pos!B2535","v":"PO-0018004"},{"$f":"[1]Pos!C2535","v":"ACCU"},{"$f":"[1]Pos!D2535","v":2700},{"$f":"[1]Pos!E2535","v":4.6500000000000004}]
[{"$f":"[1]Pos!A2536","v":"4345P02"},{"$f":"[1]Pos!B2536","v":"PO-0018005"},{"$f":"[1]Pos!C2536","v":"CENT"},{"$f":"[1]Pos!D2536","v":2721.6},{"$f":"[1]Pos!E2536","v":4.75}]
[{"$f":"[1]Pos!A2537","v":"4345P03"},{"$f":"[1]Pos!B2537","v":"PO-0018006"},{"$f":"[1]Pos!C2537","v":"CENT"},{"$f":"[1]Pos!D2537","v":907.2},{"$f":"[1]Pos!E2537","v":3.6}]
[{"$f":"[1]Pos!A2538","v":"4345P04"},{"$f":"[1]Pos!B2538","v":"PO-0018014"},{"$f":"[1]Pos!C2538","v":"CENT"},{"$f":"[1]Pos!D2538","v":2032.13},{"$f":"[1]Pos!E2538","v":4.75}]
[{"$f":"[1]Pos!A2539","v":"4346B01"},{"$f":"[1]Pos!B2539","v":"PO-0018028"},{"$f":"[1]Pos!C2539","v":"GIRO"},{"$f":"[1]Pos!D2539","v":2382.81},{"$f":"[1]Pos!E2539","v":7.6}]
[{"$f":"[1]Pos!A2540","v":"4346B02"},{"$f":"[1]Pos!B2540","v":"PO-0018032"},{"$f":"[1]Pos!C2540","v":"GIRO"},{"$f":"[1]Pos!D2540","v":109.3},{"$f":"[1]Pos!E2540","v":9.89}]
[{"$f":"[1]Pos!A2541","v":"4346P01"},{"$f":"[1]Pos!B2541","v":"PO-0018010"},{"$f":"[1]Pos!C2541","v":"MOND"},{"$f":"[1]Pos!D2541","v":4535},{"$f":"[1]Pos!E2541","v":6.25}]
[{"$f":"[1]Pos!A2542","v":"4346P02"},{"$f":"[1]Pos!B2542","v":"PO-0018014"},{"$f":"[1]Pos!C2542","v":"CENT"},{"$f":"[1]Pos!D2542","v":1561.92},{"$f":"[1]Pos!E2542","v":4.8}]
[{"$f":"[1]Pos!A2543","v":"4346P03"},{"$f":"[1]Pos!B2543","v":"PO-0018016"},{"$f":"[1]Pos!C2543","v":"MOND"},{"$f":"[1]Pos!D2543","v":8344.4},{"$f":"[1]Pos!E2543","v":6.6}]
[{"$f":"[1]Pos!A2544","v":"4346P04"},{"$f":"[1]Pos!B2544","v":"PO-0018020"},{"$f":"[1]Pos!C2544","v":"DESC"},{"$f":"[1]Pos!D2544","v":2721.6},{"$f":"[1]Pos!E2544","v":6.5}]
[{"$f":"[1]Pos!A2545","v":"4346P05"},{"$f":"[1]Pos!B2545","v":"PO-0018029"},{"$f":"[1]Pos!C2545","v":"CENT"},{"$f":"[1]Pos!D2545","v":1641.44},{"$f":"[1]Pos!E2545","v":4.7}]
[{"$f":"[1]Pos!A2546","v":"4347P01"},{"$f":"[1]Pos!B2546","v":"PO-0018015"},{"$f":"[1]Pos!C2546","v":"EXCE"},{"$f":"[1]Pos!D2546","v":3844.02},{"$f":"[1]Pos!E2546","v":4.8}]
[{"$f":"[1]Pos!A2547","v":"4352B01"},{"$f":"[1]Pos!B2547","v":"PO-0018008"},{"$f":"[1]Pos!C2547","v":"LARO"},{"$f":"[1]Pos!D2547","v":872.5},{"$f":"[1]Pos!E2547","v":7.1}]
[{"$f":"[1]Pos!A2548","v":"4352B02"},{"$f":"[1]Pos!B2548","v":"PO-0018008"},{"$f":"[1]Pos!C2548","v":"LARO"},{"$f":"[1]Pos!D2548","v":880.5},{"$f":"[1]Pos!E2548","v":4.6500000000000004}]
[{"$f":"[1]Pos!A2549","v":"4352B03"},{"$f":"[1]Pos!B2549","v":"PO-0018012"},{"$f":"[1]Pos!C2549","v":"DECA"},{"$f":"[1]Pos!D2549","v":39.78},{"$f":"[1]Pos!E2549","v":3.7}]
[{"$f":"[1]Pos!A2550","v":"4352B04"},{"$f":"[1]Pos!B2550","v":"PO-0018013"},{"$f":"[1]Pos!C2550","v":"DECA"},{"$f":"[1]Pos!D2550","v":122.26},{"$f":"[1]Pos!E2550","v":4.42}]
[{"$f":"[1]Pos!A2551","v":"4352B05"},{"$f":"[1]Pos!B2551","v":"PO-0018018"},{"$f":"[1]Pos!C2551","v":"DECA"},{"$f":"[1]Pos!D2551","v":40.880000000000003},{"$f":"[1]Pos!E2551","v":3.7}]
[{"$f":"[1]Pos!A2552","v":"4352B06"},{"$f":"[1]Pos!B2552","v":"PO-0018018"},{"$f":"[1]Pos!C2552","v":"DECA"},{"$f":"[1]Pos!D2552","v":43.32},{"$f":"[1]Pos!E2552","v":4.09}]
[{"$f":"[1]Pos!A2553","v":"4352B07"},{"$f":"[1]Pos!B2553","v":"PO-0018024"},{"$f":"[1]Pos!C2553","v":"DECA"},{"$f":"[1]Pos!D2553","v":72.2},{"$f":"[1]Pos!E2553","v":3.7}]
[{"$f":"[1]Pos!A2554","v":"4352B08"},{"$f":"[1]Pos!B2554","v":"PO-0018025"},{"$f":"[1]Pos!C2554","v":"RYDI"},{"$f":"[1]Pos!D2554","v":2400.5},{"$f":"[1]Pos!E2554","v":7.5}]
[{"$f":"[1]Pos!A2555","v":"4352B09"},{"$f":"[1]Pos!B2555","v":"PO-0018130"},{"$f":"[1]Pos!C2555","v":"CANA"},{"$f":"[1]Pos!D2555","v":1741.601318},{"$f":"[1]Pos!E2555","v":11.3}]
[{"$f":"[1]Pos!A2556","v":"4352B10"},{"$f":"[1]Pos!B2556","v":"PO-0019077"},{"$f":"[1]Pos!C2556","v":"GEOR"},{"$f":"[1]Pos!D2556","v":408},{"$f":"[1]Pos!E2556","v":6.96}]
[{"$f":"[1]Pos!A2557","v":"4352P01"},{"$f":"[1]Pos!B2557","v":"PO-0018041"},{"$f":"[1]Pos!C2557","v":"CENT"},{"$f":"[1]Pos!D2557","v":4536},{"$f":"[1]Pos!E2557","v":4.75}]
[{"$f":"[1]Pos!A2558","v":"4353B01"},{"$f":"[1]Pos!B2558","v":"PO-0018027"},{"$f":"[1]Pos!C2558","v":"DECA"},{"$f":"[1]Pos!D2558","v":544},{"$f":"[1]Pos!E2558","v":3.85}]
[{"$f":"[1]Pos!A2559","v":"4353B02"},{"$f":"[1]Pos!B2559","v":"PO-0018026"},{"$f":"[1]Pos!C2559","v":"DELF"},{"$f":"[1]Pos!D2559","v":68.5},{"$f":"[1]Pos!E2559","v":7}]
[{"$f":"[1]Pos!A2560","v":"4353B03"},{"$f":"[1]Pos!B2560","v":"PO-0018039"},{"$f":"[1]Pos!C2560","v":"DECA"},{"$f":"[1]Pos!D2560","v":76.66},{"$f":"[1]Pos!E2560","v":4.08}]
[{"$f":"[1]Pos!A2561","v":"4353B04"},{"$f":"[1]Pos!B2561","v":"PO-0018394"},{"$f":"[1]Pos!C2561","v":"C&C"},{"$f":"[1]Pos!D2561","v":230.8},{"$f":"[1]Pos!E2561","v":7.75}]
[{"$f":"[1]Pos!A2562","v":"4353B05"},{"$f":"[1]Pos!B2562","v":"PO-0018396"},{"$f":"[1]Pos!C2562","v":"C&C"},{"$f":"[1]Pos!D2562","v":703.93},{"$f":"[1]Pos!E2562","v":9.99}]
[{"$f":"[1]Pos!A2563","v":"4353B06"},{"$f":"[1]Pos!B2563","v":"PO-0018401"},{"$f":"[1]Pos!C2563","v":"C&C"},{"$f":"[1]Pos!D2563","v":2088.5500000000002},{"$f":"[1]Pos!E2563","v":7.69}]
[{"$f":"[1]Pos!A2564","v":"4353D01"},{"$f":"[1]Pos!B2564","v":"PO-0019251"},{"$f":"[1]Pos!C2564","v":"C&C"},{"$f":"[1]Pos!D2564","v":9.071847},{"$f":"[1]Pos!E2564","v":14.19}]
[{"$f":"[1]Pos!A2565","v":"4353P01"},{"$f":"[1]Pos!B2565","v":"PO-0018022"},{"$f":"[1]Pos!C2565","v":"EXCE"},{"$f":"[1]Pos!D2565","v":18.37},{"$f":"[1]Pos!E2565","v":2.7}]
[{"$f":"[1]Pos!A2566","v":"4353P02"},{"$f":"[1]Pos!B2566","v":"PO-0018035"},{"$f":"[1]Pos!C2566","v":"BENI"},{"$f":"[1]Pos!D2566","v":18.54},{"$f":"[1]Pos!E2566","v":3.8}]
[{"$f":"[1]Pos!A2567","v":"4353P03"},{"$f":"[1]Pos!B2567","v":"PO-0018033"},{"$f":"[1]Pos!C2567","v":"ACCU"},{"$f":"[1]Pos!D2567","v":3600},{"$f":"[1]Pos!E2567","v":4.8}]
[{"$f":"[1]Pos!A2568","v":"4353P04"},{"$f":"[1]Pos!B2568","v":"PO-0018043"},{"$f":"[1]Pos!C2568","v":"CENT"},{"$f":"[1]Pos!D2568","v":1814.4},{"$f":"[1]Pos!E2568","v":4.75}]
[{"$f":"[1]Pos!A2569","v":"4354B01"},{"$f":"[1]Pos!B2569","v":"PO-0018039"},{"$f":"[1]Pos!C2569","v":"DECA"},{"$f":"[1]Pos!D2569","v":150.72},{"$f":"[1]Pos!E2569","v":4.57}]
[{"$f":"[1]Pos!A2570","v":"4354B02"},{"$f":"[1]Pos!B2570","v":"PO-0018009"},{"$f":"[1]Pos!C2570","v":"LARO"},{"$f":"[1]Pos!D2570","v":966.5},{"$f":"[1]Pos!E2570","v":7.1}]
[{"$f":"[1]Pos!A2571","v":"4354B03"},{"$f":"[1]Pos!B2571","v":"PO-0018051"},{"$f":"[1]Pos!C2571","v":"RYDI"},{"$f":"[1]Pos!D2571","v":2492.5},{"$f":"[1]Pos!E2571","v":7.58}]
[{"$f":"[1]Pos!A2572","v":"4354B04"},{"$f":"[1]Pos!B2572","v":"PO-0018085"},{"$f":"[1]Pos!C2572","v":"DECA"},{"$f":"[1]Pos!D2572","v":44.86},{"$f":"[1]Pos!E2572","v":6.59}]
[{"$f":"[1]Pos!A2573","v":"4354B05"},{"$f":"[1]Pos!B2573","v":"PO-0018158"},{"$f":"[1]Pos!C2573","v":"ALIMPLUS"},{"$f":"[1]Pos!D2573","v":241.48},{"$f":"[1]Pos!E2573","v":12.86}]
[{"$f":"[1]Pos!A2574","v":"4354B06"},{"$f":"[1]Pos!B2574","v":"PO-0018475"},{"$f":"[1]Pos!C2574","v":"C&C"},{"$f":"[1]Pos!D2574","v":23.7},{"$f":"[1]Pos!E2574","v":8.9499999999999993}]
[{"$f":"[1]Pos!A2575","v":"4354B07"},{"$f":"[1]Pos!B2575","v":"PO-0018503"},{"$f":"[1]Pos!C2575","v":"C&C"},{"$f":"[1]Pos!D2575","v":883.1},{"$f":"[1]Pos!E2575","v":8.9499999999999993}]
[{"$f":"[1]Pos!A2576","v":"4354B08"},{"$f":"[1]Pos!B2576","v":"PO-0018915"},{"$f":"[1]Pos!C2576","v":"CAR"},{"$f":"[1]Pos!D2576","v":1701.036049},{"$f":"[1]Pos!E2576","v":12.1}]
[{"$f":"[1]Pos!A2577","v":"4354P01"},{"$f":"[1]Pos!B2577","v":"PO-0018015"},{"$f":"[1]Pos!C2577","v":"EXCE"},{"$f":"[1]Pos!D2577","v":133.91},{"$f":"[1]Pos!E2577","v":4.0599999999999996}]
[{"$f":"[1]Pos!A2578","v":"4354P02"},{"$f":"[1]Pos!B2578","v":"PO-0018042"},{"$f":"[1]Pos!C2578","v":"CENT"},{"$f":"[1]Pos!D2578","v":1283.8800000000001},{"$f":"[1]Pos!E2578","v":5.4}]
[{"$f":"[1]Pos!A2579","v":"4354P03"},{"$f":"[1]Pos!B2579","v":"PO-0018044"},{"$f":"[1]Pos!C2579","v":"EXCE"},{"$f":"[1]Pos!D2579","v":1301.93},{"$f":"[1]Pos!E2579","v":4.8}]
[{"$f":"[1]Pos!A2580","v":"4355B01"},{"$f":"[1]Pos!B2580","v":"PO-0018030"},{"$f":"[1]Pos!C2580","v":"DECA"},{"$f":"[1]Pos!D2580","v":24.4},{"$f":"[1]Pos!E2580","v":4.57}]
[{"$f":"[1]Pos!A2581","v":"4355B02"},{"$f":"[1]Pos!B2581","v":"PO-0018034"},{"$f":"[1]Pos!C2581","v":"BOUC"},{"$f":"[1]Pos!D2581","v":126.36},{"$f":"[1]Pos!E2581","v":4.01}]
[{"$f":"[1]Pos!A2582","v":"4355B03"},{"$f":"[1]Pos!B2582","v":"PO-0018091"},{"$f":"[1]Pos!C2582","v":"JBS"},{"$f":"[1]Pos!D2582","v":1320.84},{"$f":"[1]Pos!E2582","v":6.52}]
[{"$f":"[1]Pos!A2583","v":"4355P01"},{"$f":"[1]Pos!B2583","v":"PO-0018044"},{"$f":"[1]Pos!C2583","v":"EXCE"},{"$f":"[1]Pos!D2583","v":135.05000000000001},{"$f":"[1]Pos!E2583","v":4.0599999999999996}]
[{"$f":"[1]Pos!A2584","v":"4355P02"},{"$f":"[1]Pos!B2584","v":"PO-0018038"},{"$f":"[1]Pos!C2584","v":"ACCU"},{"$f":"[1]Pos!D2584","v":1640.27},{"$f":"[1]Pos!E2584","v":4.8499999999999996}]
[{"$f":"[1]Pos!A2585","v":"4355P03"},{"$f":"[1]Pos!B2585","v":"PO-0018045"},{"$f":"[1]Pos!C2585","v":"EXCE"},{"$f":"[1]Pos!D2585","v":134.19},{"$f":"[1]Pos!E2585","v":4.0599999999999996}]
[{"$f":"[1]Pos!A2586","v":"4356B01"},{"$f":"[1]Pos!B2586","v":"PO-0018061"},{"$f":"[1]Pos!C2586","v":"DELF"},{"$f":"[1]Pos!D2586","v":82.21},{"$f":"[1]Pos!E2586","v":12.5}]
[{"$f":"[1]Pos!A2587","v":"4356B02"},{"$f":"[1]Pos!B2587","v":"PO-0018064"},{"$f":"[1]Pos!C2587","v":"GIRO"},{"$f":"[1]Pos!D2587","v":290.61},{"$f":"[1]Pos!E2587","v":9.89}]
[{"$f":"[1]Pos!A2588","v":"4356B03"},{"$f":"[1]Pos!B2588","v":"PO-0018795"},{"$f":"[1]Pos!C2588","v":"C&C"},{"$f":"[1]Pos!D2588","v":2177.6},{"$f":"[1]Pos!E2588","v":7.49}]
[{"$f":"[1]Pos!A2589","v":"4356P01"},{"$f":"[1]Pos!B2589","v":"PO-0018049"},{"$f":"[1]Pos!C2589","v":"MOND"},{"$f":"[1]Pos!D2589","v":4535},{"$f":"[1]Pos!E2589","v":6.25}]
[{"$f":"[1]Pos!A2590","v":"4356P02"},{"$f":"[1]Pos!B2590","v":"PO-0018045"},{"$f":"[1]Pos!C2590","v":"EXCE"},{"$f":"[1]Pos!D2590","v":644.04999999999995},{"$f":"[1]Pos!E2590","v":4.8}]
[{"$f":"[1]Pos!A2591","v":"4356P03"},{"$f":"[1]Pos!B2591","v":"PO-0018048"},{"$f":"[1]Pos!C2591","v":"NADE"},{"$f":"[1]Pos!D2591","v":1813.38},{"$f":"[1]Pos!E2591","v":4.45}]
[{"$f":"[1]Pos!A2592","v":"4356P04"},{"$f":"[1]Pos!B2592","v":"PO-0018055"},{"$f":"[1]Pos!C2592","v":"DESC"},{"$f":"[1]Pos!D2592","v":3628.8},{"$f":"[1]Pos!E2592","v":6.5}]
[{"$f":"[1]Pos!A2593","v":"4356P05"},{"$f":"[1]Pos!B2593","v":"PO-0018056"},{"$f":"[1]Pos!C2593","v":"MOND"},{"$f":"[1]Pos!D2593","v":4535},{"$f":"[1]Pos!E2593","v":6.6}]
[{"$f":"[1]Pos!A2594","v":"4356P06"},{"$f":"[1]Pos!B2594","v":"PO-0018053"},{"$f":"[1]Pos!C2594","v":"ACCU"},{"$f":"[1]Pos!D2594","v":1817.84},{"$f":"[1]Pos!E2594","v":4.9000000000000004}]
[{"$f":"[1]Pos!A2595","v":"4356P07"},{"$f":"[1]Pos!B2595","v":"PO-0018046"},{"$f":"[1]Pos!C2595","v":"EDEN"},{"$f":"[1]Pos!D2595","v":3788.6},{"$f":"[1]Pos!E2595","v":4.45}]
[{"$f":"[1]Pos!A2596","v":"4356P08"},{"$f":"[1]Pos!B2596","v":"PO-0018062"},{"$f":"[1]Pos!C2596","v":"CENT"},{"$f":"[1]Pos!D2596","v":907.2},{"$f":"[1]Pos!E2596","v":4.75}]
[{"$f":"[1]Pos!A2597","v":"4356P09"},{"$f":"[1]Pos!B2597","v":"PO-0018066"},{"$f":"[1]Pos!C2597","v":"CENT"},{"$f":"[1]Pos!D2597","v":907.2},{"$f":"[1]Pos!E2597","v":4.75}]
[{"$f":"[1]Pos!A2598","v":"4362P01"},{"$f":"[1]Pos!B2598","v":"PO-0018069"},{"$f":"[1]Pos!C2598","v":"DESC"},{"$f":"[1]Pos!D2598","v":5258.11},{"$f":"[1]Pos!E2598","v":6.45}]
[{"$f":"[1]Pos!A2599","v":"4363B01"},{"$f":"[1]Pos!B2599","v":"PO-0018068"},{"$f":"[1]Pos!C2599","v":"DELF"},{"$f":"[1]Pos!D2599","v":330.39},{"$f":"[1]Pos!E2599","v":6.95}]
[{"$f":"[1]Pos!A2600","v":"4363B02"},{"$f":"[1]Pos!B2600","v":"PO-0018052"},{"$f":"[1]Pos!C2600","v":"RYDI"},{"$f":"[1]Pos!D2600","v":2416.5},{"$f":"[1]Pos!E2600","v":7.58}]
[{"$f":"[1]Pos!A2601","v":"4363B03"},{"$f":"[1]Pos!B2601","v":"PO-0018317"},{"$f":"[1]Pos!C2601","v":"LARO"},{"$f":"[1]Pos!D2601","v":18291.84},{"$f":"[1]Pos!E2601","v":7.39}]
[{"$f":"[1]Pos!A2602","v":"4363B04"},{"$f":"[1]Pos!B2602","v":"PO-0018138"},{"$f":"[1]Pos!C2602","v":"CHIS"},{"$f":"[1]Pos!D2602","v":18291.84},{"$f":"[1]Pos!E2602","v":2.63}]
[{"$f":"[1]Pos!A2603","v":"4363B05"},{"$f":"[1]Pos!B2603","v":"PO-0018458"},{"$f":"[1]Pos!C2603","v":"C&C"},{"$f":"[1]Pos!D2603","v":1529.65},{"$f":"[1]Pos!E2603","v":7.99}]
[{"$f":"[1]Pos!A2604","v":"4363P01"},{"$f":"[1]Pos!B2604","v":"PO-0018054"},{"$f":"[1]Pos!C2604","v":"CENT"},{"$f":"[1]Pos!D2604","v":2000},{"$f":"[1]Pos!E2604","v":6.5}]
[{"$f":"[1]Pos!A2605","v":"4363P02"},{"$f":"[1]Pos!B2605","v":"PO-0018057"},{"$f":"[1]Pos!C2605","v":"MOND"},{"$f":"[1]Pos!D2605","v":5442},{"$f":"[1]Pos!E2605","v":6.5}]
[{"$f":"[1]Pos!A2606","v":"4363P03"},{"$f":"[1]Pos!B2606","v":"PO-0018084"},{"$f":"[1]Pos!C2606","v":"DESC"},{"$f":"[1]Pos!D2606","v":3628.8},{"$f":"[1]Pos!E2606","v":6.55}]
[{"$f":"[1]Pos!A2607","v":"4364B01"},{"$f":"[1]Pos!B2607","v":"PO-0018061"},{"$f":"[1]Pos!C2607","v":"DELF"},{"$f":"[1]Pos!D2607","v":129.80000000000001},{"$f":"[1]Pos!E2607","v":7}]
[{"$f":"[1]Pos!A2608","v":"4364B02"},{"$f":"[1]Pos!B2608","v":"PO-0018063"},{"$f":"[1]Pos!C2608","v":"BOUC"},{"$f":"[1]Pos!D2608","v":98.12},{"$f":"[1]Pos!E2608","v":3.76}]
[{"$f":"[1]Pos!A2609","v":"4364B03"},{"$f":"[1]Pos!B2609","v":"PO-0018073"},{"$f":"[1]Pos!C2609","v":"DECA"},{"$f":"[1]Pos!D2609","v":17.86},{"$f":"[1]Pos!E2609","v":4.13}]
[{"$f":"[1]Pos!A2610","v":"4364B04"},{"$f":"[1]Pos!B2610","v":"PO-0018072"},{"$f":"[1]Pos!C2610","v":"DECA"},{"$f":"[1]Pos!D2610","v":19.98},{"$f":"[1]Pos!E2610","v":3.8}]
[{"$f":"[1]Pos!A2611","v":"4364B05"},{"$f":"[1]Pos!B2611","v":"PO-0018076"},{"$f":"[1]Pos!C2611","v":"DECA"},{"$f":"[1]Pos!D2611","v":41.26},{"$f":"[1]Pos!E2611","v":3.68}]
[{"$f":"[1]Pos!A2612","v":"4364B06"},{"$f":"[1]Pos!B2612","v":"PO-0018276"},{"$f":"[1]Pos!C2612","v":"DECA"},{"$f":"[1]Pos!D2612","v":1469.9067130000001},{"$f":"[1]Pos!E2612","v":11.39}]
[{"$f":"[1]Pos!A2613","v":"4364B07"},{"$f":"[1]Pos!B2613","v":"PO-0018582"},{"$f":"[1]Pos!C2613","v":"METR"},{"$f":"[1]Pos!D2613","v":2034.64},{"$f":"[1]Pos!E2613","v":4.25}]
[{"$f":"[1]Pos!A2614","v":"4364B08"},{"$f":"[1]Pos!B2614","v":"PO-0019146"},{"$f":"[1]Pos!C2614","v":"ALIMPLUS"},{"$f":"[1]Pos!D2614","v":1778.317851},{"$f":"[1]Pos!E2614","v":12.09}]
[{"$f":"[1]Pos!A2615","v":"4364P01"},{"$f":"[1]Pos!B2615","v":"PO-0018059"},{"$f":"[1]Pos!C2615","v":"NADE"},{"$f":"[1]Pos!D2615","v":2382.84},{"$f":"[1]Pos!E2615","v":4.6500000000000004}]
[{"$f":"[1]Pos!A2616","v":"4364P02"},{"$f":"[1]Pos!B2616","v":"PO-0018071"},{"$f":"[1]Pos!C2616","v":"ACCU"},{"$f":"[1]Pos!D2616","v":810},{"$f":"[1]Pos!E2616","v":3.5}]
[{"$f":"[1]Pos!A2617","v":"4365B01"},{"$f":"[1]Pos!B2617","v":"PO-0018085"},{"$f":"[1]Pos!C2617","v":"DECA"},{"$f":"[1]Pos!D2617","v":74.260000000000005},{"$f":"[1]Pos!E2617","v":3.7}]
[{"$f":"[1]Pos!A2618","v":"4365B02"},{"$f":"[1]Pos!B2618","v":"PO-0018085"},{"$f":"[1]Pos!C2618","v":"DECA"},{"$f":"[1]Pos!D2618","v":185.58},{"$f":"[1]Pos!E2618","v":4.42}]
[{"$f":"[1]Pos!A2619","v":"4365B03"},{"$f":"[1]Pos!B2619","v":"PO-0018185"},{"$f":"[1]Pos!C2619","v":"METR"},{"$f":"[1]Pos!D2619","v":2694.78},{"$f":"[1]Pos!E2619","v":2.39}]
[{"$f":"[1]Pos!A2620","v":"4365B04"},{"$f":"[1]Pos!B2620","v":"PO-0018264"},{"$f":"[1]Pos!C2620","v":"METR"},{"$f":"[1]Pos!D2620","v":18720},{"$f":"[1]Pos!E2620","v":1.8}]
[{"$f":"[1]Pos!A2621","v":"4365B05"},{"$f":"[1]Pos!B2621","v":"PO-0018460"},{"$f":"[1]Pos!C2621","v":"C&C"},{"$f":"[1]Pos!D2621","v":6806.1},{"$f":"[1]Pos!E2621","v":9.5500000000000007}]
[{"$f":"[1]Pos!A2622","v":"4365B06"},{"$f":"[1]Pos!B2622","v":"PO-0018940"},{"$f":"[1]Pos!C2622","v":"ALIMPLUS"},{"$f":"[1]Pos!D2622","v":39.326458000000002},{"$f":"[1]Pos!E2622","v":11.5}]
[{"$f":"[1]Pos!A2623","v":"4365P01"},{"$f":"[1]Pos!B2623","v":"PO-0018075"},{"$f":"[1]Pos!C2623","v":"EXCE"},{"$f":"[1]Pos!D2623","v":1284.33},{"$f":"[1]Pos!E2623","v":5.3}]
[{"$f":"[1]Pos!A2624","v":"4365P02"},{"$f":"[1]Pos!B2624","v":"PO-0018075"},{"$f":"[1]Pos!C2624","v":"EXCE"},{"$f":"[1]Pos!D2624","v":135.21},{"$f":"[1]Pos!E2624","v":4.0599999999999996}]
[{"$f":"[1]Pos!A2625","v":"4365P03"},{"$f":"[1]Pos!B2625","v":"PO-0018096"},{"$f":"[1]Pos!C2625","v":"DESC"},{"$f":"[1]Pos!D2625","v":1814.4},{"$f":"[1]Pos!E2625","v":7}]
[{"$f":"[1]Pos!A2626","v":"4365P04"},{"$f":"[1]Pos!B2626","v":"PO-0018093"},{"$f":"[1]Pos!C2626","v":"CENT"},{"$f":"[1]Pos!D2626","v":3628.8},{"$f":"[1]Pos!E2626","v":4.75}]
[{"$f":"[1]Pos!A2627","v":"4365P05"},{"$f":"[1]Pos!B2627","v":"PO-0018079"},{"$f":"[1]Pos!C2627","v":"NADE"},{"$f":"[1]Pos!D2627","v":2249.66},{"$f":"[1]Pos!E2627","v":4.2}]
[{"$f":"[1]Pos!A2628","v":"4366B01"},{"$f":"[1]Pos!B2628","v":"PO-0018086"},{"$f":"[1]Pos!C2628","v":"BOUC"},{"$f":"[1]Pos!D2628","v":47.54},{"$f":"[1]Pos!E2628","v":6.5}]
[{"$f":"[1]Pos!A2629","v":"4366B02"},{"$f":"[1]Pos!B2629","v":"PO-0018092"},{"$f":"[1]Pos!C2629","v":"LARO"},{"$f":"[1]Pos!D2629","v":922.5},{"$f":"[1]Pos!E2629","v":7.2}]
[{"$f":"[1]Pos!A2630","v":"4366B03"},{"$f":"[1]Pos!B2630","v":"PO-0018092"},{"$f":"[1]Pos!C2630","v":"LARO"},{"$f":"[1]Pos!D2630","v":824},{"$f":"[1]Pos!E2630","v":4.75}]
[{"$f":"[1]Pos!A2631","v":"4366B04"},{"$f":"[1]Pos!B2631","v":"PO-0018097"},{"$f":"[1]Pos!C2631","v":"GIRO"},{"$f":"[1]Pos!D2631","v":194.06},{"$f":"[1]Pos!E2631","v":9.89}]
[{"$f":"[1]Pos!A2632","v":"4366B05"},{"$f":"[1]Pos!B2632","v":"PO-0018090"},{"$f":"[1]Pos!C2632","v":"RYDI"},{"$f":"[1]Pos!D2632","v":2528},{"$f":"[1]Pos!E2632","v":7.58}]
[{"$f":"[1]Pos!A2633","v":"4366B06"},{"$f":"[1]Pos!B2633","v":"PO-0018090"},{"$f":"[1]Pos!C2633","v":"RYDI"},{"$f":"[1]Pos!D2633","v":1679},{"$f":"[1]Pos!E2633","v":5}]
[{"$f":"[1]Pos!A2634","v":"4366B07"},{"$f":"[1]Pos!B2634","v":"PO-0018100"},{"$f":"[1]Pos!C2634","v":"GIRO"},{"$f":"[1]Pos!D2634","v":2395.31},{"$f":"[1]Pos!E2634","v":7.6}]
[{"$f":"[1]Pos!A2635","v":"4366B08"},{"$f":"[1]Pos!B2635","v":"PO-0018156"},{"$f":"[1]Pos!C2635","v":"DECA"},{"$f":"[1]Pos!D2635","v":299.22000000000003},{"$f":"[1]Pos!E2635","v":11.23}]
[{"$f":"[1]Pos!A2636","v":"4366P01"},{"$f":"[1]Pos!B2636","v":"PO-0018096"},{"$f":"[1]Pos!C2636","v":"DESC"},{"$f":"[1]Pos!D2636","v":5443.2},{"$f":"[1]Pos!E2636","v":6.55}]
[{"$f":"[1]Pos!A2637","v":"4366P02"},{"$f":"[1]Pos!B2637","v":"PO-0018088"},{"$f":"[1]Pos!C2637","v":"EXCE"},{"$f":"[1]Pos!D2637","v":135.01},{"$f":"[1]Pos!E2637","v":4.08}]
[{"$f":"[1]Pos!A2638","v":"4366P03"},{"$f":"[1]Pos!B2638","v":"PO-0018088"},{"$f":"[1]Pos!C2638","v":"EXCE"},{"$f":"[1]Pos!D2638","v":4648.2700000000004},{"$f":"[1]Pos!E2638","v":4.5}]
[{"$f":"[1]Pos!A2639","v":"4366P04"},{"$f":"[1]Pos!B2639","v":"PO-0018095"},{"$f":"[1]Pos!C2639","v":"MOND"},{"$f":"[1]Pos!D2639","v":3628},{"$f":"[1]Pos!E2639","v":6.25}]
[{"$f":"[1]Pos!A2640","v":"4366P05"},{"$f":"[1]Pos!B2640","v":"PO-0018094"},{"$f":"[1]Pos!C2640","v":"MOND"},{"$f":"[1]Pos!D2640","v":18121.86},{"$f":"[1]Pos!E2640","v":6.65}]
[{"$f":"[1]Pos!A2641","v":"4366P06"},{"$f":"[1]Pos!B2641","v":"PO-0018101"},{"$f":"[1]Pos!C2641","v":"CENT"},{"$f":"[1]Pos!D2641","v":1632.96},{"$f":"[1]Pos!E2641","v":7.2}]
[{"$f":"[1]Pos!A2642","v":"4367B01"},{"$f":"[1]Pos!B2642","v":"PO-0018136"},{"$f":"[1]Pos!C2642","v":"CHIS"},{"$f":"[1]Pos!D2642","v":18536.82},{"$f":"[1]Pos!E2642","v":2.75}]
[{"$f":"[1]Pos!A2643","v":"4372B01"},{"$f":"[1]Pos!B2643","v":"PO-0018099"},{"$f":"[1]Pos!C2643","v":"DECA"},{"$f":"[1]Pos!D2643","v":80.2},{"$f":"[1]Pos!E2643","v":3.68}]
[{"$f":"[1]Pos!A2644","v":"4372B02"},{"$f":"[1]Pos!B2644","v":"PO-0018099"},{"$f":"[1]Pos!C2644","v":"DECA"},{"$f":"[1]Pos!D2644","v":49.6},{"$f":"[1]Pos!E2644","v":4.21}]
[{"$f":"[1]Pos!A2645","v":"4372B03"},{"$f":"[1]Pos!B2645","v":"PO-0018115"},{"$f":"[1]Pos!C2645","v":"ALIMPLUS"},{"$f":"[1]Pos!D2645","v":43.15},{"$f":"[1]Pos!E2645","v":12.2}]
[{"$f":"[1]Pos!A2646","v":"4372B04"},{"$f":"[1]Pos!B2646","v":"PO-0018127"},{"$f":"[1]Pos!C2646","v":"DELF"},{"$f":"[1]Pos!D2646","v":54.31},{"$f":"[1]Pos!E2646","v":12.9}]
[{"$f":"[1]Pos!A2647","v":"4372B05"},{"$f":"[1]Pos!B2647","v":"PO-0018103"},{"$f":"[1]Pos!C2647","v":"JBS"},{"$f":"[1]Pos!D2647","v":5752.04},{"$f":"[1]Pos!E2647","v":10.6}]
[{"$f":"[1]Pos!A2648","v":"4372B06"},{"$f":"[1]Pos!B2648","v":"PO-0018588"},{"$f":"[1]Pos!C2648","v":"DECA"},{"$f":"[1]Pos!D2648","v":75},{"$f":"[1]Pos!E2648","v":1.91}]
[{"$f":"[1]Pos!A2649","v":"4372B07"},{"$f":"[1]Pos!B2649","v":"PO-0018990"},{"$f":"[1]Pos!C2649","v":"GEOR"},{"$f":"[1]Pos!D2649","v":272},{"$f":"[1]Pos!E2649","v":6.96}]
[{"$f":"[1]Pos!A2650","v":"4372B08"},{"$f":"[1]Pos!B2650","v":"PO-0018999"},{"$f":"[1]Pos!C2650","v":"DECA"},{"$f":"[1]Pos!D2650","v":75},{"$f":"[1]Pos!E2650","v":1.85}]
[{"$f":"[1]Pos!A2651","v":"4372B09"},{"$f":"[1]Pos!B2651","v":"PO-0019655"},{"$f":"[1]Pos!C2651","v":99},{"$f":"[1]Pos!D2651","v":1002.235619},{"$f":"[1]Pos!E2651","v":16.45}]
[{"$f":"[1]Pos!A2652","v":"4372P01"},{"$f":"[1]Pos!B2652","v":"PO-0018098"},{"$f":"[1]Pos!C2652","v":"BENI"},{"$f":"[1]Pos!D2652","v":36.69},{"$f":"[1]Pos!E2652","v":3}]
[{"$f":"[1]Pos!A2653","v":"4372P02"},{"$f":"[1]Pos!B2653","v":"PO-0018107"},{"$f":"[1]Pos!C2653","v":"ACCU"},{"$f":"[1]Pos!D2653","v":5040},{"$f":"[1]Pos!E2653","v":4.4000000000000004}]
[{"$f":"[1]Pos!A2654","v":"4372P03"},{"$f":"[1]Pos!B2654","v":"PO-0018110"},{"$f":"[1]Pos!C2654","v":"EXCE"},{"$f":"[1]Pos!D2654","v":1929.61},{"$f":"[1]Pos!E2654","v":5}]
[{"$f":"[1]Pos!A2655","v":"4372P04"},{"$f":"[1]Pos!B2655","v":"PO-0018122"},{"$f":"[1]Pos!C2655","v":"DESC"},{"$f":"[1]Pos!D2655","v":5443.2},{"$f":"[1]Pos!E2655","v":7.2}]
[{"$f":"[1]Pos!A2656","v":"4373B01"},{"$f":"[1]Pos!B2656","v":"PO-0018127"},{"$f":"[1]Pos!C2656","v":"DELF"},{"$f":"[1]Pos!D2656","v":36.03},{"$f":"[1]Pos!E2656","v":10.5}]
[{"$f":"[1]Pos!A2657","v":"4373B02"},{"$f":"[1]Pos!B2657","v":"PO-0018103"},{"$f":"[1]Pos!C2657","v":"JBS"},{"$f":"[1]Pos!D2657","v":3511.58},{"$f":"[1]Pos!E2657","v":9.39}]
[{"$f":"[1]Pos!A2658","v":"4373B03"},{"$f":"[1]Pos!B2658","v":"PO-0018103"},{"$f":"[1]Pos!C2658","v":"JBS"},{"$f":"[1]Pos!D2658","v":1283.8},{"$f":"[1]Pos!E2658","v":6.64}]
[{"$f":"[1]Pos!A2659","v":"4373B04"},{"$f":"[1]Pos!B2659","v":"PO-0018348"},{"$f":"[1]Pos!C2659","v":"METR"},{"$f":"[1]Pos!D2659","v":18720},{"$f":"[1]Pos!E2659","v":1.4}]
[{"$f":"[1]Pos!A2660","v":"4373P01"},{"$f":"[1]Pos!B2660","v":"PO-0018124"},{"$f":"[1]Pos!C2660","v":"CENT"},{"$f":"[1]Pos!D2660","v":2177.2800000000002},{"$f":"[1]Pos!E2660","v":4.75}]
[{"$f":"[1]Pos!A2661","v":"4373P02"},{"$f":"[1]Pos!B2661","v":"PO-0018122"},{"$f":"[1]Pos!C2661","v":"DESC"},{"$f":"[1]Pos!D2661","v":2721.6},{"$f":"[1]Pos!E2661","v":6.55}]
[{"$f":"[1]Pos!A2662","v":"4374B01"},{"$f":"[1]Pos!B2662","v":"PO-0018104"},{"$f":"[1]Pos!C2662","v":"LARO"},{"$f":"[1]Pos!D2662","v":953.5},{"$f":"[1]Pos!E2662","v":7.25}]
[{"$f":"[1]Pos!A2663","v":"4374B02"},{"$f":"[1]Pos!B2663","v":"PO-0018109"},{"$f":"[1]Pos!C2663","v":"DECA"},{"$f":"[1]Pos!D2663","v":843},{"$f":"[1]Pos!E2663","v":3.36}]
[{"$f":"[1]Pos!A2664","v":"4374B03"},{"$f":"[1]Pos!B2664","v":"PO-0018125"},{"$f":"[1]Pos!C2664","v":"DECA"},{"$f":"[1]Pos!D2664","v":196.6},{"$f":"[1]Pos!E2664","v":4.3499999999999996}]
[{"$f":"[1]Pos!A2665","v":"4374B04"},{"$f":"[1]Pos!B2665","v":"PO-0018125"},{"$f":"[1]Pos!C2665","v":"DECA"},{"$f":"[1]Pos!D2665","v":38.76},{"$f":"[1]Pos!E2665","v":3.8}]
[{"$f":"[1]Pos!A2666","v":"4374P01"},{"$f":"[1]Pos!B2666","v":"PO-0018110"},{"$f":"[1]Pos!C2666","v":"EXCE"},{"$f":"[1]Pos!D2666","v":134.59},{"$f":"[1]Pos!E2666","v":4.08}]
[{"$f":"[1]Pos!A2667","v":"4374P02"},{"$f":"[1]Pos!B2667","v":"PO-0018113"},{"$f":"[1]Pos!C2667","v":"EXCE"},{"$f":"[1]Pos!D2667","v":181.97},{"$f":"[1]Pos!E2667","v":3.3}]
[{"$f":"[1]Pos!A2668","v":"4374P03"},{"$f":"[1]Pos!B2668","v":"PO-0018114"},{"$f":"[1]Pos!C2668","v":"MOND"},{"$f":"[1]Pos!D2668","v":2721},{"$f":"[1]Pos!E2668","v":6.25}]
[{"$f":"[1]Pos!A2669","v":"4374P04"},{"$f":"[1]Pos!B2669","v":"PO-0018121"},{"$f":"[1]Pos!C2669","v":"ACCU"},{"$f":"[1]Pos!D2669","v":2160},{"$f":"[1]Pos!E2669","v":4.75}]
[{"$f":"[1]Pos!A2670","v":"4375B01"},{"$f":"[1]Pos!B2670","v":"PO-0018188"},{"$f":"[1]Pos!C2670","v":"JBS"},{"$f":"[1]Pos!D2670","v":814.37974199999996},{"$f":"[1]Pos!E2670","v":17.09}]
[{"$f":"[1]Pos!A2671","v":"4375D01"},{"$f":"[1]Pos!B2671","v":"PO-0018176"},{"$f":"[1]Pos!C2671","v":"ALIMPLUS"},{"$f":"[1]Pos!D2671","v":375},{"$f":"[1]Pos!E2671","v":5.5}]
[{"$f":"[1]Pos!A2672","v":"4375P01"},{"$f":"[1]Pos!B2672","v":"PO-0018141"},{"$f":"[1]Pos!C2672","v":"CENT"},{"$f":"[1]Pos!D2672","v":7257},{"$f":"[1]Pos!E2672","v":4.75}]
[{"$f":"[1]Pos!A2673","v":"4375P02"},{"$f":"[1]Pos!B2673","v":"PO-0018129"},{"$f":"[1]Pos!C2673","v":"ACCU"},{"$f":"[1]Pos!D2673","v":540},{"$f":"[1]Pos!E2673","v":4.75}]
[{"$f":"[1]Pos!A2674","v":"4376B01"},{"$f":"[1]Pos!B2674","v":"PO-0018126"},{"$f":"[1]Pos!C2674","v":"BOUC"},{"$f":"[1]Pos!D2674","v":106.2},{"$f":"[1]Pos!E2674","v":3.76}]
[{"$f":"[1]Pos!A2675","v":"4376B02"},{"$f":"[1]Pos!B2675","v":"PO-0018145"},{"$f":"[1]Pos!C2675","v":"GIRO"},{"$f":"[1]Pos!D2675","v":2770.17},{"$f":"[1]Pos!E2675","v":7.6}]
[{"$f":"[1]Pos!A2676","v":"4376B03"},{"$f":"[1]Pos!B2676","v":"PO-0018151"},{"$f":"[1]Pos!C2676","v":"RYDI"},{"$f":"[1]Pos!D2676","v":1812},{"$f":"[1]Pos!E2676","v":5}]
[{"$f":"[1]Pos!A2677","v":"4376B04"},{"$f":"[1]Pos!B2677","v":"PO-0018151"},{"$f":"[1]Pos!C2677","v":"RYDI"},{"$f":"[1]Pos!D2677","v":3837},{"$f":"[1]Pos!E2677","v":7.58}]
[{"$f":"[1]Pos!A2678","v":"4376B05"},{"$f":"[1]Pos!B2678","v":"PO-0018146"},{"$f":"[1]Pos!C2678","v":"JBS"},{"$f":"[1]Pos!D2678","v":2041.17},{"$f":"[1]Pos!E2678","v":6.97}]
[{"$f":"[1]Pos!A2679","v":"4376B06"},{"$f":"[1]Pos!B2679","v":"PO-0018270"},{"$f":"[1]Pos!C2679","v":"ALIMPLUS"},{"$f":"[1]Pos!D2679","v":209.73},{"$f":"[1]Pos!E2679","v":12.86}]
[{"$f":"[1]Pos!A2680","v":"4376B07"},{"$f":"[1]Pos!B2680","v":"PO-0018951"},{"$f":"[1]Pos!C2680","v":"C&C"},{"$f":"[1]Pos!D2680","v":2964},{"$f":"[1]Pos!E2680","v":9.09}]
[{"$f":"[1]Pos!A2681","v":"4376B08"},{"$f":"[1]Pos!B2681","v":"PO-0019511"},{"$f":"[1]Pos!C2681","v":"DECA"},{"$f":"[1]Pos!D2681","v":1335.14},{"$f":"[1]Pos!E2681","v":2.59}]
[{"$f":"[1]Pos!A2682","v":"4376P01"},{"$f":"[1]Pos!B2682","v":"PO-0018144"},{"$f":"[1]Pos!C2682","v":"DESC"},{"$f":"[1]Pos!D2682","v":9072},{"$f":"[1]Pos!E2682","v":6.65}]
[{"$f":"[1]Pos!A2683","v":"4376P02"},{"$f":"[1]Pos!B2683","v":"PO-0018141"},{"$f":"[1]Pos!C2683","v":"CENT"},{"$f":"[1]Pos!D2683","v":1814.4},{"$f":"[1]Pos!E2683","v":4.75}]
[{"$f":"[1]Pos!A2684","v":"4376P03"},{"$f":"[1]Pos!B2684","v":"PO-0018135"},{"$f":"[1]Pos!C2684","v":"EXCE"},{"$f":"[1]Pos!D2684","v":2573.5},{"$f":"[1]Pos!E2684","v":4.5}]
[{"$f":"[1]Pos!A2685","v":"4376P04"},{"$f":"[1]Pos!B2685","v":"PO-0018135"},{"$f":"[1]Pos!C2685","v":"EXCE"},{"$f":"[1]Pos!D2685","v":135.05000000000001},{"$f":"[1]Pos!E2685","v":4.08}]
[{"$f":"[1]Pos!A2686","v":"4376P05"},{"$f":"[1]Pos!B2686","v":"PO-0018150"},{"$f":"[1]Pos!C2686","v":"CENT"},{"$f":"[1]Pos!D2686","v":907},{"$f":"[1]Pos!E2686","v":3.6}]
[{"$f":"[1]Pos!A2687","v":"4376P06"},{"$f":"[1]Pos!B2687","v":"PO-0018157"},{"$f":"[1]Pos!C2687","v":"MOND"},{"$f":"[1]Pos!D2687","v":907},{"$f":"[1]Pos!E2687","v":6.75}]
[{"$f":"[1]Pos!A2688","v":"4377B01"},{"$f":"[1]Pos!B2688","v":"PO-0018146"},{"$f":"[1]Pos!C2688","v":"JBS"},{"$f":"[1]Pos!D2688","v":8944.52},{"$f":"[1]Pos!E2688","v":6.42}]
[{"$f":"[1]Pos!A2689","v":"4377B02"},{"$f":"[1]Pos!B2689","v":"PO-0018444"},{"$f":"[1]Pos!C2689","v":"ALIMPLUS"},{"$f":"[1]Pos!D2689","v":341.49},{"$f":"[1]Pos!E2689","v":27.5}]
[{"$f":"[1]Pos!A2690","v":"4377P01"},{"$f":"[1]Pos!B2690","v":"PO-0018522"},{"$f":"[1]Pos!C2690","v":"SUNC"},{"$f":"[1]Pos!D2690","v":1000},{"$f":"[1]Pos!E2690","v":4.5999999999999996}]
[{"$f":"[1]Pos!A2691","v":"4381P01"},{"$f":"[1]Pos!B2691","v":"PO-0018142"},{"$f":"[1]Pos!C2691","v":"MOND"},{"$f":"[1]Pos!D2691","v":4536},{"$f":"[1]Pos!E2691","v":6.25}]
[{"$f":"[1]Pos!A2692","v":"4381P02"},{"$f":"[1]Pos!B2692","v":"PO-0018143"},{"$f":"[1]Pos!C2692","v":"MOND"},{"$f":"[1]Pos!D2692","v":1360},{"$f":"[1]Pos!E2692","v":6.75}]
[{"$f":"[1]Pos!A2693","v":"4382B01"},{"$f":"[1]Pos!B2693","v":"PO-0018127"},{"$f":"[1]Pos!C2693","v":"DELF"},{"$f":"[1]Pos!D2693","v":66.8},{"$f":"[1]Pos!E2693","v":7.36}]
[{"$f":"[1]Pos!A2694","v":"4382B02"},{"$f":"[1]Pos!B2694","v":"PO-0018131"},{"$f":"[1]Pos!C2694","v":"LARO"},{"$f":"[1]Pos!D2694","v":881},{"$f":"[1]Pos!E2694","v":7.25}]
[{"$f":"[1]Pos!A2695","v":"4382B03"},{"$f":"[1]Pos!B2695","v":"PO-0018154"},{"$f":"[1]Pos!C2695","v":"LARO"},{"$f":"[1]Pos!D2695","v":806},{"$f":"[1]Pos!E2695","v":4.75}]
[{"$f":"[1]Pos!A2696","v":"4382B04"},{"$f":"[1]Pos!B2696","v":"PO-0018165"},{"$f":"[1]Pos!C2696","v":"GIRO"},{"$f":"[1]Pos!D2696","v":925.73},{"$f":"[1]Pos!E2696","v":7.6}]
[{"$f":"[1]Pos!A2697","v":"4382B05"},{"$f":"[1]Pos!B2697","v":"PO-0018665"},{"$f":"[1]Pos!C2697","v":"WHIT"},{"$f":"[1]Pos!D2697","v":27.24},{"$f":"[1]Pos!E2697","v":12}]
[{"$f":"[1]Pos!A2698","v":"4382B06"},{"$f":"[1]Pos!B2698","v":"PO-0018849"},{"$f":"[1]Pos!C2698","v":"CHIS"},{"$f":"[1]Pos!D2698","v":4896},{"$f":"[1]Pos!E2698","v":7.03}]
[{"$f":"[1]Pos!A2699","v":"4382D01"},{"$f":"[1]Pos!B2699","v":"PO-0018176"},{"$f":"[1]Pos!C2699","v":"ALIMPLUS"},{"$f":"[1]Pos!D2699","v":60},{"$f":"[1]Pos!E2699","v":6.98}]
[{"$f":"[1]Pos!A2700","v":"4382P01"},{"$f":"[1]Pos!B2700","v":"PO-0018159"},{"$f":"[1]Pos!C2700","v":"DMA"},{"$f":"[1]Pos!D2700","v":1500},{"$f":"[1]Pos!E2700","v":7.65}]
[{"$f":"[1]Pos!A2701","v":"4382P02"},{"$f":"[1]Pos!B2701","v":"PO-0018166"},{"$f":"[1]Pos!C2701","v":"DESC"},{"$f":"[1]Pos!D2701","v":3628.8},{"$f":"[1]Pos!E2701","v":6.65}]
[{"$f":"[1]Pos!A2702","v":"4382P03"},{"$f":"[1]Pos!B2702","v":"PO-0018175"},{"$f":"[1]Pos!C2702","v":"CENT"},{"$f":"[1]Pos!D2702","v":1814.4},{"$f":"[1]Pos!E2702","v":4.75}]
[{"$f":"[1]Pos!A2703","v":"4383B01"},{"$f":"[1]Pos!B2703","v":"PO-0018152"},{"$f":"[1]Pos!C2703","v":"RYDI"},{"$f":"[1]Pos!D2703","v":2687.5},{"$f":"[1]Pos!E2703","v":7.58}]
[{"$f":"[1]Pos!A2704","v":"4383B02"},{"$f":"[1]Pos!B2704","v":"PO-0018152"},{"$f":"[1]Pos!C2704","v":"RYDI"},{"$f":"[1]Pos!D2704","v":873},{"$f":"[1]Pos!E2704","v":5}]
[{"$f":"[1]Pos!A2705","v":"4383B03"},{"$f":"[1]Pos!B2705","v":"PO-0018185"},{"$f":"[1]Pos!C2705","v":"METR"},{"$f":"[1]Pos!D2705","v":1400},{"$f":"[1]Pos!E2705","v":2.39}]
[{"$f":"[1]Pos!A2706","v":"4383B04"},{"$f":"[1]Pos!B2706","v":"PO-0018290"},{"$f":"[1]Pos!C2706","v":"DECA"},{"$f":"[1]Pos!D2706","v":8753.4500000000007},{"$f":"[1]Pos!E2706","v":3.2}]
[{"$f":"[1]Pos!A2707","v":"4383B05"},{"$f":"[1]Pos!B2707","v":"PO-0018299"},{"$f":"[1]Pos!C2707","v":"METR"},{"$f":"[1]Pos!D2707","v":18720},{"$f":"[1]Pos!E2707","v":1.8}]
[{"$f":"[1]Pos!A2708","v":"4383P01"},{"$f":"[1]Pos!B2708","v":"PO-0018160"},{"$f":"[1]Pos!C2708","v":"EXCE"},{"$f":"[1]Pos!D2708","v":36.799999999999997},{"$f":"[1]Pos!E2708","v":5.3}]
[{"$f":"[1]Pos!A2709","v":"4383P02"},{"$f":"[1]Pos!B2709","v":"PO-0018160"},{"$f":"[1]Pos!C2709","v":"EXCE"},{"$f":"[1]Pos!D2709","v":642.48},{"$f":"[1]Pos!E2709","v":5.3}]
[{"$f":"[1]Pos!A2710","v":"4383P03"},{"$f":"[1]Pos!B2710","v":"PO-0018160"},{"$f":"[1]Pos!C2710","v":"EXCE"},{"$f":"[1]Pos!D2710","v":36.799999999999997},{"$f":"[1]Pos!E2710","v":2.7}]
[{"$f":"[1]Pos!A2711","v":"4383P04"},{"$f":"[1]Pos!B2711","v":"PO-0018163"},{"$f":"[1]Pos!C2711","v":"EXCE"},{"$f":"[1]Pos!D2711","v":644.41},{"$f":"[1]Pos!E2711","v":5.3}]
[{"$f":"[1]Pos!A2712","v":"4383P05"},{"$f":"[1]Pos!B2712","v":"PO-0018169"},{"$f":"[1]Pos!C2712","v":"EXCE"},{"$f":"[1]Pos!D2712","v":643.54999999999995},{"$f":"[1]Pos!E2712","v":5.3}]
[{"$f":"[1]Pos!A2713","v":"4383P06"},{"$f":"[1]Pos!B2713","v":"PO-0018168"},{"$f":"[1]Pos!C2713","v":"EXCE"},{"$f":"[1]Pos!D2713","v":1926.48},{"$f":"[1]Pos!E2713","v":5.3}]
[{"$f":"[1]Pos!A2714","v":"4384B01"},{"$f":"[1]Pos!B2714","v":"PO-0018164"},{"$f":"[1]Pos!C2714","v":"LARO"},{"$f":"[1]Pos!D2714","v":755.5},{"$f":"[1]Pos!E2714","v":7.25}]
[{"$f":"[1]Pos!A2715","v":"4384B02"},{"$f":"[1]Pos!B2715","v":"PO-0018164"},{"$f":"[1]Pos!C2715","v":"LARO"},{"$f":"[1]Pos!D2715","v":808},{"$f":"[1]Pos!E2715","v":4.75}]
[{"$f":"[1]Pos!A2716","v":"4384B03"},{"$f":"[1]Pos!B2716","v":"PO-0018826"},{"$f":"[1]Pos!C2716","v":"OLYM"},{"$f":"[1]Pos!D2716","v":2012.43},{"$f":"[1]Pos!E2716","v":5.35}]
[{"$f":"[1]Pos!A2717","v":"4384P01"},{"$f":"[1]Pos!B2717","v":"PO-0018170"},{"$f":"[1]Pos!C2717","v":"MOND"},{"$f":"[1]Pos!D2717","v":2358},{"$f":"[1]Pos!E2717","v":6.25}]
[{"$f":"[1]Pos!A2718","v":"4384P02"},{"$f":"[1]Pos!B2718","v":"PO-0018173"},{"$f":"[1]Pos!C2718","v":"BENI"},{"$f":"[1]Pos!D2718","v":36.36},{"$f":"[1]Pos!E2718","v":2.95}]
[{"$f":"[1]Pos!A2719","v":"4384P03"},{"$f":"[1]Pos!B2719","v":"PO-0018174"},{"$f":"[1]Pos!C2719","v":"EXCE"},{"$f":"[1]Pos!D2719","v":1929.22},{"$f":"[1]Pos!E2719","v":5.3}]
[{"$f":"[1]Pos!A2720","v":"4384P04"},{"$f":"[1]Pos!B2720","v":"PO-0018167"},{"$f":"[1]Pos!C2720","v":"ACCU"},{"$f":"[1]Pos!D2720","v":3510},{"$f":"[1]Pos!E2720","v":5}]
[{"$f":"[1]Pos!A2721","v":"4384P05"},{"$f":"[1]Pos!B2721","v":"PO-0018177"},{"$f":"[1]Pos!C2721","v":"ACCU"},{"$f":"[1]Pos!D2721","v":432},{"$f":"[1]Pos!E2721","v":3.65}]
[{"$f":"[1]Pos!A2722","v":"4385P01"},{"$f":"[1]Pos!B2722","v":"PO-0018180"},{"$f":"[1]Pos!C2722","v":"DESC"},{"$f":"[1]Pos!D2722","v":3628.8},{"$f":"[1]Pos!E2722","v":7.3}]
[{"$f":"[1]Pos!A2723","v":"4385P02"},{"$f":"[1]Pos!B2723","v":"PO-0018181"},{"$f":"[1]Pos!C2723","v":"CENT"},{"$f":"[1]Pos!D2723","v":3628.8},{"$f":"[1]Pos!E2723","v":4.75}]
[{"$f":"[1]Pos!A2724","v":"4385P03"},{"$f":"[1]Pos!B2724","v":"PO-0018181"},{"$f":"[1]Pos!C2724","v":"CENT"},{"$f":"[1]Pos!D2724","v":3565.64},{"$f":"[1]Pos!E2724","v":4.75}]
[{"$f":"[1]Pos!A2725","v":"4386B01"},{"$f":"[1]Pos!B2725","v":"PO-0018189"},{"$f":"[1]Pos!C2725","v":"DECA"},{"$f":"[1]Pos!D2725","v":35.26},{"$f":"[1]Pos!E2725","v":3.74}]
[{"$f":"[1]Pos!A2726","v":"4386B02"},{"$f":"[1]Pos!B2726","v":"PO-0018189"},{"$f":"[1]Pos!C2726","v":"DECA"},{"$f":"[1]Pos!D2726","v":146.02000000000001},{"$f":"[1]Pos!E2726","v":4.18}]
[{"$f":"[1]Pos!A2727","v":"4386B03"},{"$f":"[1]Pos!B2727","v":"PO-0018188"},{"$f":"[1]Pos!C2727","v":"JBS"},{"$f":"[1]Pos!D2727","v":894.84702700000003},{"$f":"[1]Pos!E2727","v":14.79}]
[{"$f":"[1]Pos!A2728","v":"4386B04"},{"$f":"[1]Pos!B2728","v":"PO-0018188"},{"$f":"[1]Pos!C2728","v":"JBS"},{"$f":"[1]Pos!D2728","v":1120.5092340000001},{"$f":"[1]Pos!E2728","v":11.88}]
[{"$f":"[1]Pos!A2729","v":"4386B05"},{"$f":"[1]Pos!B2729","v":"PO-0018230"},{"$f":"[1]Pos!C2729","v":"DECA"},{"$f":"[1]Pos!D2729","v":117.94},{"$f":"[1]Pos!E2729","v":16.29}]
[{"$f":"[1]Pos!A2730","v":"4386B06"},{"$f":"[1]Pos!B2730","v":"PO-0018232"},{"$f":"[1]Pos!C2730","v":"GEOR"},{"$f":"[1]Pos!D2730","v":344.68},{"$f":"[1]Pos!E2730","v":24.99}]
[{"$f":"[1]Pos!A2731","v":"4386B07"},{"$f":"[1]Pos!B2731","v":"PO-0018260"},{"$f":"[1]Pos!C2731","v":"DECA"},{"$f":"[1]Pos!D2731","v":229.87},{"$f":"[1]Pos!E2731","v":16.489999999999998}]
[{"$f":"[1]Pos!A2732","v":"4386B08"},{"$f":"[1]Pos!B2732","v":"PO-0019201"},{"$f":"[1]Pos!C2732","v":"C&C"},{"$f":"[1]Pos!D2732","v":2197.7808380000001},{"$f":"[1]Pos!E2732","v":15.59}]
[{"$f":"[1]Pos!A2733","v":"4386P01"},{"$f":"[1]Pos!B2733","v":"PO-0018178"},{"$f":"[1]Pos!C2733","v":"ALIMPLUS"},{"$f":"[1]Pos!D2733","v":145.15},{"$f":"[1]Pos!E2733","v":5.6}]
[{"$f":"[1]Pos!A2734","v":"4386P02"},{"$f":"[1]Pos!B2734","v":"PO-0018180"},{"$f":"[1]Pos!C2734","v":"DESC"},{"$f":"[1]Pos!D2734","v":3628.8},{"$f":"[1]Pos!E2734","v":6.9}]
[{"$f":"[1]Pos!A2735","v":"4386P03"},{"$f":"[1]Pos!B2735","v":"PO-0018183"},{"$f":"[1]Pos!C2735","v":"MOND"},{"$f":"[1]Pos!D2735","v":3628.8},{"$f":"[1]Pos!E2735","v":6.45}]
[{"$f":"[1]Pos!A2736","v":"4386P04"},{"$f":"[1]Pos!B2736","v":"PO-0018183"},{"$f":"[1]Pos!C2736","v":"MOND"},{"$f":"[1]Pos!D2736","v":2721.6},{"$f":"[1]Pos!E2736","v":6.9}]
[{"$f":"[1]Pos!A2737","v":"4386P05"},{"$f":"[1]Pos!B2737","v":"PO-0018190"},{"$f":"[1]Pos!C2737","v":"CENT"},{"$f":"[1]Pos!D2737","v":2764.83},{"$f":"[1]Pos!E2737","v":4.7}]
[{"$f":"[1]Pos!A2738","v":"4386P06"},{"$f":"[1]Pos!B2738","v":"PO-0018192"},{"$f":"[1]Pos!C2738","v":"CENT"},{"$f":"[1]Pos!D2738","v":907.2},{"$f":"[1]Pos!E2738","v":3.6}]
[{"$f":"[1]Pos!A2739","v":"4392B01"},{"$f":"[1]Pos!B2739","v":"PO-0018191"},{"$f":"[1]Pos!C2739","v":"BOUC"},{"$f":"[1]Pos!D2739","v":109.34},{"$f":"[1]Pos!E2739","v":3.76}]
[{"$f":"[1]Pos!A2740","v":"4392B02"},{"$f":"[1]Pos!B2740","v":"PO-0018194"},{"$f":"[1]Pos!C2740","v":"DECA"},{"$f":"[1]Pos!D2740","v":76.040000000000006},{"$f":"[1]Pos!E2740","v":3.74}]
[{"$f":"[1]Pos!A2741","v":"4392B03"},{"$f":"[1]Pos!B2741","v":"PO-0018186"},{"$f":"[1]Pos!C2741","v":"RYDI"},{"$f":"[1]Pos!D2741","v":2552.5},{"$f":"[1]Pos!E2741","v":7.56}]
[{"$f":"[1]Pos!A2742","v":"4392B04"},{"$f":"[1]Pos!B2742","v":"PO-0018186"},{"$f":"[1]Pos!C2742","v":"RYDI"},{"$f":"[1]Pos!D2742","v":888.5},{"$f":"[1]Pos!E2742","v":4.96}]
[{"$f":"[1]Pos!A2743","v":"4392B05"},{"$f":"[1]Pos!B2743","v":"PO-0018196"},{"$f":"[1]Pos!C2743","v":"DELF"},{"$f":"[1]Pos!D2743","v":101.14},{"$f":"[1]Pos!E2743","v":13.05}]
[{"$f":"[1]Pos!A2744","v":"4392B06"},{"$f":"[1]Pos!B2744","v":"PO-0018203"},{"$f":"[1]Pos!C2744","v":"DECA"},{"$f":"[1]Pos!D2744","v":111.66},{"$f":"[1]Pos!E2744","v":3.73}]
[{"$f":"[1]Pos!A2745","v":"4392B07"},{"$f":"[1]Pos!B2745","v":"PO-0018236"},{"$f":"[1]Pos!C2745","v":"DECA"},{"$f":"[1]Pos!D2745","v":638.13},{"$f":"[1]Pos!E2745","v":7.48}]
[{"$f":"[1]Pos!A2746","v":"4392P01"},{"$f":"[1]Pos!B2746","v":"PO-0018193"},{"$f":"[1]Pos!C2746","v":"ACCU"},{"$f":"[1]Pos!D2746","v":2430},{"$f":"[1]Pos!E2746","v":4.8}]
[{"$f":"[1]Pos!A2747","v":"4392P02"},{"$f":"[1]Pos!B2747","v":"PO-0018201"},{"$f":"[1]Pos!C2747","v":"CENT"},{"$f":"[1]Pos!D2747","v":3628.8},{"$f":"[1]Pos!E2747","v":4.75}]
[{"$f":"[1]Pos!A2748","v":"4392P03"},{"$f":"[1]Pos!B2748","v":"PO-0018205"},{"$f":"[1]Pos!C2748","v":"CENT"},{"$f":"[1]Pos!D2748","v":1814.4},{"$f":"[1]Pos!E2748","v":4.75}]
[{"$f":"[1]Pos!A2749","v":"4393B01"},{"$f":"[1]Pos!B2749","v":"PO-0018196"},{"$f":"[1]Pos!C2749","v":"DELF"},{"$f":"[1]Pos!D2749","v":298.35000000000002},{"$f":"[1]Pos!E2749","v":7.49}]
[{"$f":"[1]Pos!A2750","v":"4393B02"},{"$f":"[1]Pos!B2750","v":"PO-0018187"},{"$f":"[1]Pos!C2750","v":"RYDI"},{"$f":"[1]Pos!D2750","v":3287},{"$f":"[1]Pos!E2750","v":7.56}]
[{"$f":"[1]Pos!A2751","v":"4393B03"},{"$f":"[1]Pos!B2751","v":"PO-0018187"},{"$f":"[1]Pos!C2751","v":"RYDI"},{"$f":"[1]Pos!D2751","v":1664.5},{"$f":"[1]Pos!E2751","v":4.96}]
[{"$f":"[1]Pos!A2752","v":"4393B04"},{"$f":"[1]Pos!B2752","v":"PO-0018218"},{"$f":"[1]Pos!C2752","v":"DECA"},{"$f":"[1]Pos!D2752","v":83.52},{"$f":"[1]Pos!E2752","v":3.67}]
[{"$f":"[1]Pos!A2753","v":"4393B05"},{"$f":"[1]Pos!B2753","v":"PO-0018218"},{"$f":"[1]Pos!C2753","v":"DECA"},{"$f":"[1]Pos!D2753","v":152.12},{"$f":"[1]Pos!E2753","v":4.4000000000000004}]
[{"$f":"[1]Pos!A2754","v":"4393B06"},{"$f":"[1]Pos!B2754","v":"PO-0018334"},{"$f":"[1]Pos!C2754","v":"ALIMPLUS"},{"$f":"[1]Pos!D2754","v":524.5},{"$f":"[1]Pos!E2754","v":12.86}]
[{"$f":"[1]Pos!A2755","v":"4393B07"},{"$f":"[1]Pos!B2755","v":"PO-0019474"},{"$f":"[1]Pos!C2755","v":"DECA"},{"$f":"[1]Pos!D2755","v":406.14},{"$f":"[1]Pos!E2755","v":2.59}]
[{"$f":"[1]Pos!A2756","v":"4393P01"},{"$f":"[1]Pos!B2756","v":"PO-0018199"},{"$f":"[1]Pos!C2756","v":"ACCU"},{"$f":"[1]Pos!D2756","v":3960},{"$f":"[1]Pos!E2756","v":4.5}]
[{"$f":"[1]Pos!A2757","v":"4394B01"},{"$f":"[1]Pos!B2757","v":"PO-0018196"},{"$f":"[1]Pos!C2757","v":"DELF"},{"$f":"[1]Pos!D2757","v":64.7},{"$f":"[1]Pos!E2757","v":7.69}]
[{"$f":"[1]Pos!A2758","v":"4394B02"},{"$f":"[1]Pos!B2758","v":"PO-0018202"},{"$f":"[1]Pos!C2758","v":"BOUC"},{"$f":"[1]Pos!D2758","v":157.96},{"$f":"[1]Pos!E2758","v":3.86}]
[{"$f":"[1]Pos!A2759","v":"4394B03"},{"$f":"[1]Pos!B2759","v":"PO-0018222"},{"$f":"[1]Pos!C2759","v":"DECA"},{"$f":"[1]Pos!D2759","v":30.98},{"$f":"[1]Pos!E2759","v":7.48}]
[{"$f":"[1]Pos!A2760","v":"4394B04"},{"$f":"[1]Pos!B2760","v":"PO-0018403"},{"$f":"[1]Pos!C2760","v":"METR"},{"$f":"[1]Pos!D2760","v":18720},{"$f":"[1]Pos!E2760","v":1.4}]
[{"$f":"[1]Pos!A2761","v":"4394B05"},{"$f":"[1]Pos!B2761","v":"PO-0019383"},{"$f":"[1]Pos!C2761","v":"MEAT"},{"$f":"[1]Pos!D2761","v":1637.84},{"$f":"[1]Pos!E2761","v":15.11}]
[{"$f":"[1]Pos!A2762","v":"4394P01"},{"$f":"[1]Pos!B2762","v":"PO-0018200"},{"$f":"[1]Pos!C2762","v":"MOND"},{"$f":"[1]Pos!D2762","v":5443.2},{"$f":"[1]Pos!E2762","v":6.45}]
[{"$f":"[1]Pos!A2763","v":"4394P02"},{"$f":"[1]Pos!B2763","v":"PO-0018207"},{"$f":"[1]Pos!C2763","v":"CENT"},{"$f":"[1]Pos!D2763","v":364.01},{"$f":"[1]Pos!E2763","v":3.8}]
[{"$f":"[1]Pos!A2764","v":"4395B01"},{"$f":"[1]Pos!B2764","v":"PO-0018198"},{"$f":"[1]Pos!C2764","v":"DECA"},{"$f":"[1]Pos!D2764","v":795},{"$f":"[1]Pos!E2764","v":3.25}]
[{"$f":"[1]Pos!A2765","v":"4395B02"},{"$f":"[1]Pos!B2765","v":"PO-0018227"},{"$f":"[1]Pos!C2765","v":"JBS"},{"$f":"[1]Pos!D2765","v":1566.54},{"$f":"[1]Pos!E2765","v":11.27}]
[{"$f":"[1]Pos!A2766","v":"4395P01"},{"$f":"[1]Pos!B2766","v":"PO-0018206"},{"$f":"[1]Pos!C2766","v":"EXCE"},{"$f":"[1]Pos!D2766","v":641.16},{"$f":"[1]Pos!E2766","v":5.2}]
[{"$f":"[1]Pos!A2767","v":"4395P02"},{"$f":"[1]Pos!B2767","v":"PO-0018206"},{"$f":"[1]Pos!C2767","v":"EXCE"},{"$f":"[1]Pos!D2767","v":133.61000000000001},{"$f":"[1]Pos!E2767","v":4.08}]
[{"$f":"[1]Pos!A2768","v":"4395P03"},{"$f":"[1]Pos!B2768","v":"PO-0018214"},{"$f":"[1]Pos!C2768","v":"EXCE"},{"$f":"[1]Pos!D2768","v":3852.26},{"$f":"[1]Pos!E2768","v":4.8}]
[{"$f":"[1]Pos!A2769","v":"4395P04"},{"$f":"[1]Pos!B2769","v":"PO-0018213"},{"$f":"[1]Pos!C2769","v":"CENT"},{"$f":"[1]Pos!D2769","v":3628.8},{"$f":"[1]Pos!E2769","v":4.75}]
[{"$f":"[1]Pos!A2770","v":"4396B01"},{"$f":"[1]Pos!B2770","v":"PO-0018147"},{"$f":"[1]Pos!C2770","v":"DECA"},{"$f":"[1]Pos!D2770","v":234.15},{"$f":"[1]Pos!E2770","v":16.690000000000001}]
[{"$f":"[1]Pos!A2771","v":"4396B02"},{"$f":"[1]Pos!B2771","v":"PO-0018274"},{"$f":"[1]Pos!C2771","v":"GIRO"},{"$f":"[1]Pos!D2771","v":2081.08},{"$f":"[1]Pos!E2771","v":7.69}]
[{"$f":"[1]Pos!A2772","v":"4396B03"},{"$f":"[1]Pos!B2772","v":"PO-0018893"},{"$f":"[1]Pos!C2772","v":"C&C"},{"$f":"[1]Pos!D2772","v":5860.05},{"$f":"[1]Pos!E2772","v":9.5500000000000007}]
[{"$f":"[1]Pos!A2773","v":"4396B04"},{"$f":"[1]Pos!B2773","v":"PO-0019243"},{"$f":"[1]Pos!C2773","v":"ALIMPLUS"},{"$f":"[1]Pos!D2773","v":523.24},{"$f":"[1]Pos!E2773","v":12.86}]
[{"$f":"[1]Pos!A2774","v":"4396B05"},{"$f":"[1]Pos!B2774","v":"PO-0019552"},{"$f":"[1]Pos!C2774","v":"DECA"},{"$f":"[1]Pos!D2774","v":2226.0100000000002},{"$f":"[1]Pos!E2774","v":2.59}]
[{"$f":"[1]Pos!A2775","v":"4396B06"},{"$f":"[1]Pos!B2775","v":"PO-0020112"},{"$f":"[1]Pos!C2775","v":"DECA"},{"$f":"[1]Pos!D2775","v":2194.46},{"$f":"[1]Pos!E2775","v":2.59}]
[{"$f":"[1]Pos!A2776","v":"4396B07"},{"$f":"[1]Pos!B2776","v":"PO-0020530"},{"$f":"[1]Pos!C2776","v":"DECA"},{"$f":"[1]Pos!D2776","v":2540.4499999999998},{"$f":"[1]Pos!E2776","v":2.69}]
[{"$f":"[1]Pos!A2777","v":"4396P01"},{"$f":"[1]Pos!B2777","v":"PO-0018214"},{"$f":"[1]Pos!C2777","v":"EXCE"},{"$f":"[1]Pos!D2777","v":36.15},{"$f":"[1]Pos!E2777","v":2.8}]
[{"$f":"[1]Pos!A2778","v":"4396P02"},{"$f":"[1]Pos!B2778","v":"PO-0018215"},{"$f":"[1]Pos!C2778","v":"MOND"},{"$f":"[1]Pos!D2778","v":3628.8},{"$f":"[1]Pos!E2778","v":6.45}]
[{"$f":"[1]Pos!A2779","v":"4396P03"},{"$f":"[1]Pos!B2779","v":"PO-0018219"},{"$f":"[1]Pos!C2779","v":"CENT"},{"$f":"[1]Pos!D2779","v":181.44},{"$f":"[1]Pos!E2779","v":3.6}]
[{"$f":"[1]Pos!A2780","v":"4396P04"},{"$f":"[1]Pos!B2780","v":"PO-0018217"},{"$f":"[1]Pos!C2780","v":"MOND"},{"$f":"[1]Pos!D2780","v":5443.2},{"$f":"[1]Pos!E2780","v":3.05}]
[{"$f":"[1]Pos!A2781","v":"4396P05"},{"$f":"[1]Pos!B2781","v":"PO-0018223"},{"$f":"[1]Pos!C2781","v":"CENT"},{"$f":"[1]Pos!D2781","v":1814.4},{"$f":"[1]Pos!E2781","v":4.75}]
[{"$f":"[1]Pos!A2782","v":"4396P06"},{"$f":"[1]Pos!B2782","v":"PO-0018224"},{"$f":"[1]Pos!C2782","v":"CENT"},{"$f":"[1]Pos!D2782","v":2721.6},{"$f":"[1]Pos!E2782","v":4.5}]
[{"$f":"[1]Pos!A2783","v":"4396P07"},{"$f":"[1]Pos!B2783","v":"PO-0018216"},{"$f":"[1]Pos!C2783","v":"MOND"},{"$f":"[1]Pos!D2783","v":3175.2},{"$f":"[1]Pos!E2783","v":6.9}]
[{"$f":"[1]Pos!A2784","v":"4402B01"},{"$f":"[1]Pos!B2784","v":"PO-0018226"},{"$f":"[1]Pos!C2784","v":"DECA"},{"$f":"[1]Pos!D2784","v":77.040000000000006},{"$f":"[1]Pos!E2784","v":3.67}]
[{"$f":"[1]Pos!A2785","v":"4402B02"},{"$f":"[1]Pos!B2785","v":"PO-0018247"},{"$f":"[1]Pos!C2785","v":"DECA"},{"$f":"[1]Pos!D2785","v":77.44},{"$f":"[1]Pos!E2785","v":3.7}]
[{"$f":"[1]Pos!A2786","v":"4402B03"},{"$f":"[1]Pos!B2786","v":"PO-0018326"},{"$f":"[1]Pos!C2786","v":"DECA"},{"$f":"[1]Pos!D2786","v":510.15},{"$f":"[1]Pos!E2786","v":12.69}]
[{"$f":"[1]Pos!A2787","v":"4402B04"},{"$f":"[1]Pos!B2787","v":"PO-0019983"},{"$f":"[1]Pos!C2787","v":"DECA"},{"$f":"[1]Pos!D2787","v":2603.66},{"$f":"[1]Pos!E2787","v":2.59}]
[{"$f":"[1]Pos!A2788","v":"4402P01"},{"$f":"[1]Pos!B2788","v":"PO-0018225"},{"$f":"[1]Pos!C2788","v":"CENT"},{"$f":"[1]Pos!D2788","v":2000},{"$f":"[1]Pos!E2788","v":6.75}]
[{"$f":"[1]Pos!A2789","v":"4402P02"},{"$f":"[1]Pos!B2789","v":"PO-0018235"},{"$f":"[1]Pos!C2789","v":"CENT"},{"$f":"[1]Pos!D2789","v":3628.8},{"$f":"[1]Pos!E2789","v":4.75}]
[{"$f":"[1]Pos!A2790","v":"4402P03"},{"$f":"[1]Pos!B2790","v":"PO-0018244"},{"$f":"[1]Pos!C2790","v":"CENT"},{"$f":"[1]Pos!D2790","v":3628.8},{"$f":"[1]Pos!E2790","v":4.5}]
[{"$f":"[1]Pos!A2791","v":"4402P04"},{"$f":"[1]Pos!B2791","v":"PO-0018243"},{"$f":"[1]Pos!C2791","v":"MOND"},{"$f":"[1]Pos!D2791","v":907},{"$f":"[1]Pos!E2791","v":6.9}]
[{"$f":"[1]Pos!A2792","v":"4403B01"},{"$f":"[1]Pos!B2792","v":"PO-0018229"},{"$f":"[1]Pos!C2792","v":"BOUC"},{"$f":"[1]Pos!D2792","v":91.2},{"$f":"[1]Pos!E2792","v":3.86}]
[{"$f":"[1]Pos!A2793","v":"4403B02"},{"$f":"[1]Pos!B2793","v":"PO-0018233"},{"$f":"[1]Pos!C2793","v":"DELF"},{"$f":"[1]Pos!D2793","v":22.45},{"$f":"[1]Pos!E2793","v":13.05}]
[{"$f":"[1]Pos!A2794","v":"4403B03"},{"$f":"[1]Pos!B2794","v":"PO-0018330"},{"$f":"[1]Pos!C2794","v":"C&C"},{"$f":"[1]Pos!D2794","v":981.22},{"$f":"[1]Pos!E2794","v":7.65}]
[{"$f":"[1]Pos!A2795","v":"4403P01"},{"$f":"[1]Pos!B2795","v":"PO-0018238"},{"$f":"[1]Pos!C2795","v":"CENT"},{"$f":"[1]Pos!D2795","v":642.20000000000005},{"$f":"[1]Pos!E2795","v":5}]
[{"$f":"[1]Pos!A2796","v":"4403P02"},{"$f":"[1]Pos!B2796","v":"PO-0018234"},{"$f":"[1]Pos!C2796","v":"MOND"},{"$f":"[1]Pos!D2796","v":1814.4},{"$f":"[1]Pos!E2796","v":6.45}]
[{"$f":"[1]Pos!A2797","v":"4403P03"},{"$f":"[1]Pos!B2797","v":"PO-0018244"},{"$f":"[1]Pos!C2797","v":"CENT"},{"$f":"[1]Pos!D2797","v":290.3},{"$f":"[1]Pos!E2797","v":7.5}]
[{"$f":"[1]Pos!A2798","v":"4404B01"},{"$f":"[1]Pos!B2798","v":"PO-0018246"},{"$f":"[1]Pos!C2798","v":"RYDI"},{"$f":"[1]Pos!D2798","v":820},{"$f":"[1]Pos!E2798","v":7.56}]
[{"$f":"[1]Pos!A2799","v":"4404B02"},{"$f":"[1]Pos!B2799","v":"PO-0018246"},{"$f":"[1]Pos!C2799","v":"RYDI"},{"$f":"[1]Pos!D2799","v":1704.5},{"$f":"[1]Pos!E2799","v":4.96}]
[{"$f":"[1]Pos!A2800","v":"4404B03"},{"$f":"[1]Pos!B2800","v":"PO-0018276"},{"$f":"[1]Pos!C2800","v":"DECA"},{"$f":"[1]Pos!D2800","v":941.13},{"$f":"[1]Pos!E2800","v":7.75}]
[{"$f":"[1]Pos!A2801","v":"4404B04"},{"$f":"[1]Pos!B2801","v":"PO-0018321"},{"$f":"[1]Pos!C2801","v":"DECA"},{"$f":"[1]Pos!D2801","v":510.42},{"$f":"[1]Pos!E2801","v":25.25}]
[{"$f":"[1]Pos!A2802","v":"4404B05"},{"$f":"[1]Pos!B2802","v":"PO-0018354"},{"$f":"[1]Pos!C2802","v":"DECA"},{"$f":"[1]Pos!D2802","v":523.98},{"$f":"[1]Pos!E2802","v":13}]
[{"$f":"[1]Pos!A2803","v":"4404B06"},{"$f":"[1]Pos!B2803","v":"PO-0018360"},{"$f":"[1]Pos!C2803","v":"DECA"},{"$f":"[1]Pos!D2803","v":8654.7099999999991},{"$f":"[1]Pos!E2803","v":3.19}]
[{"$f":"[1]Pos!A2804","v":"4404B07"},{"$f":"[1]Pos!B2804","v":"PO-0018396"},{"$f":"[1]Pos!C2804","v":"C&C"},{"$f":"[1]Pos!D2804","v":1352.39},{"$f":"[1]Pos!E2804","v":6.75}]
[{"$f":"[1]Pos!A2805","v":"4404B08"},{"$f":"[1]Pos!B2805","v":"PO-0018567"},{"$f":"[1]Pos!C2805","v":"ALIMPLUS"},{"$f":"[1]Pos!D2805","v":1474.4},{"$f":"[1]Pos!E2805","v":10.95}]
[{"$f":"[1]Pos!A2806","v":"4404P01"},{"$f":"[1]Pos!B2806","v":"PO-0018252"},{"$f":"[1]Pos!C2806","v":"CENT"},{"$f":"[1]Pos!D2806","v":816.48},{"$f":"[1]Pos!E2806","v":7}]
[{"$f":"[1]Pos!A2807","v":"4405B01"},{"$f":"[1]Pos!B2807","v":"PO-0018242"},{"$f":"[1]Pos!C2807","v":"DECA"},{"$f":"[1]Pos!D2807","v":603},{"$f":"[1]Pos!E2807","v":5}]
[{"$f":"[1]Pos!A2808","v":"4405B02"},{"$f":"[1]Pos!B2808","v":"PO-0018233"},{"$f":"[1]Pos!C2808","v":"DELF"},{"$f":"[1]Pos!D2808","v":104.97},{"$f":"[1]Pos!E2808","v":33.729999999999997}]
[{"$f":"[1]Pos!A2809","v":"4405B03"},{"$f":"[1]Pos!B2809","v":"PO-0018330"},{"$f":"[1]Pos!C2809","v":"C&C"},{"$f":"[1]Pos!D2809","v":672.39},{"$f":"[1]Pos!E2809","v":7.29}]
[{"$f":"[1]Pos!A2810","v":"4405B04"},{"$f":"[1]Pos!B2810","v":"PO-0018428"},{"$f":"[1]Pos!C2810","v":"DECA"},{"$f":"[1]Pos!D2810","v":346.84},{"$f":"[1]Pos!E2810","v":24.75}]
[{"$f":"[1]Pos!A2811","v":"4405B05"},{"$f":"[1]Pos!B2811","v":"PO-0018549"},{"$f":"[1]Pos!C2811","v":"ALIMPLUS"},{"$f":"[1]Pos!D2811","v":1256.03},{"$f":"[1]Pos!E2811","v":11.69}]
[{"$f":"[1]Pos!A2812","v":"4405B06"},{"$f":"[1]Pos!B2812","v":"PO-0018882"},{"$f":"[1]Pos!C2812","v":"C&C"},{"$f":"[1]Pos!D2812","v":12711.74},{"$f":"[1]Pos!E2812","v":3.99}]
[{"$f":"[1]Pos!A2813","v":"4405P01"},{"$f":"[1]Pos!B2813","v":"PO-0018252"},{"$f":"[1]Pos!C2813","v":"CENT"},{"$f":"[1]Pos!D2813","v":2721.6},{"$f":"[1]Pos!E2813","v":4.75}]
[{"$f":"[1]Pos!A2814","v":"4405P02"},{"$f":"[1]Pos!B2814","v":"PO-0018256"},{"$f":"[1]Pos!C2814","v":"CENT"},{"$f":"[1]Pos!D2814","v":1814.4},{"$f":"[1]Pos!E2814","v":4.75}]
[{"$f":"[1]Pos!A2815","v":"4406B01"},{"$f":"[1]Pos!B2815","v":"PO-0018247"},{"$f":"[1]Pos!C2815","v":"DECA"},{"$f":"[1]Pos!D2815","v":91.36},{"$f":"[1]Pos!E2815","v":4.18}]
[{"$f":"[1]Pos!A2816","v":"4406B02"},{"$f":"[1]Pos!B2816","v":"PO-0018254"},{"$f":"[1]Pos!C2816","v":"DELF"},{"$f":"[1]Pos!D2816","v":84.87},{"$f":"[1]Pos!E2816","v":13.5}]
[{"$f":"[1]Pos!A2817","v":"4406B03"},{"$f":"[1]Pos!B2817","v":"PO-0018283"},{"$f":"[1]Pos!C2817","v":"GIRO"},{"$f":"[1]Pos!D2817","v":1551.53},{"$f":"[1]Pos!E2817","v":7.69}]
[{"$f":"[1]Pos!A2818","v":"4406B04"},{"$f":"[1]Pos!B2818","v":"PO-0019257"},{"$f":"[1]Pos!C2818","v":"ALIMPLUS"},{"$f":"[1]Pos!D2818","v":1215.4100000000001},{"$f":"[1]Pos!E2818","v":13.95}]
[{"$f":"[1]Pos!A2819","v":"4406P01"},{"$f":"[1]Pos!B2819","v":"PO-0018251"},{"$f":"[1]Pos!C2819","v":"MOND"},{"$f":"[1]Pos!D2819","v":3628.8},{"$f":"[1]Pos!E2819","v":6.25}]
[{"$f":"[1]Pos!A2820","v":"4406P02"},{"$f":"[1]Pos!B2820","v":"PO-0018250"},{"$f":"[1]Pos!C2820","v":"MOND"},{"$f":"[1]Pos!D2820","v":5443.2},{"$f":"[1]Pos!E2820","v":6.35}]
[{"$f":"[1]Pos!A2821","v":"4406P03"},{"$f":"[1]Pos!B2821","v":"PO-0018256"},{"$f":"[1]Pos!C2821","v":"CENT"},{"$f":"[1]Pos!D2821","v":184.43},{"$f":"[1]Pos!E2821","v":3.8}]
[{"$f":"[1]Pos!A2822","v":"4406P04"},{"$f":"[1]Pos!B2822","v":"PO-0018255"},{"$f":"[1]Pos!C2822","v":"EXCE"},{"$f":"[1]Pos!D2822","v":36.72},{"$f":"[1]Pos!E2822","v":2.8}]
[{"$f":"[1]Pos!A2823","v":"4406P05"},{"$f":"[1]Pos!B2823","v":"PO-0018253"},{"$f":"[1]Pos!C2823","v":"DESC"},{"$f":"[1]Pos!D2823","v":1814.4},{"$f":"[1]Pos!E2823","v":6.4}]
[{"$f":"[1]Pos!A2824","v":"4406P06"},{"$f":"[1]Pos!B2824","v":"PO-0018278"},{"$f":"[1]Pos!C2824","v":"ALIMPLUS"},{"$f":"[1]Pos!D2824","v":184.6},{"$f":"[1]Pos!E2824","v":2.98}]
[{"$f":"[1]Pos!A2825","v":"4412B01"},{"$f":"[1]Pos!B2825","v":"PO-0018266"},{"$f":"[1]Pos!C2825","v":"DECA"},{"$f":"[1]Pos!D2825","v":160.68},{"$f":"[1]Pos!E2825","v":4.18}]
[{"$f":"[1]Pos!A2826","v":"4412B02"},{"$f":"[1]Pos!B2826","v":"PO-0018266"},{"$f":"[1]Pos!C2826","v":"DECA"},{"$f":"[1]Pos!D2826","v":160.68},{"$f":"[1]Pos!E2826","v":3.7}]
[{"$f":"[1]Pos!A2827","v":"4412B03"},{"$f":"[1]Pos!B2827","v":"PO-0018315"},{"$f":"[1]Pos!C2827","v":"DECA"},{"$f":"[1]Pos!D2827","v":994.26},{"$f":"[1]Pos!E2827","v":7.12}]
[{"$f":"[1]Pos!A2828","v":"4412P01"},{"$f":"[1]Pos!B2828","v":"PO-0018256"},{"$f":"[1]Pos!C2828","v":"CENT"},{"$f":"[1]Pos!D2828","v":2000},{"$f":"[1]Pos!E2828","v":6.75}]
[{"$f":"[1]Pos!A2829","v":"4412P02"},{"$f":"[1]Pos!B2829","v":"PO-0018249"},{"$f":"[1]Pos!C2829","v":"EXCE"},{"$f":"[1]Pos!D2829","v":134.25},{"$f":"[1]Pos!E2829","v":4.08}]
[{"$f":"[1]Pos!A2830","v":"4412P03"},{"$f":"[1]Pos!B2830","v":"PO-0018249"},{"$f":"[1]Pos!C2830","v":"EXCE"},{"$f":"[1]Pos!D2830","v":1289.55},{"$f":"[1]Pos!E2830","v":4.75}]
[{"$f":"[1]Pos!A2831","v":"4412P04"},{"$f":"[1]Pos!B2831","v":"PO-0018257"},{"$f":"[1]Pos!C2831","v":"ACCU"},{"$f":"[1]Pos!D2831","v":1080},{"$f":"[1]Pos!E2831","v":4.8}]
[{"$f":"[1]Pos!A2832","v":"4412P05"},{"$f":"[1]Pos!B2832","v":"PO-0018267"},{"$f":"[1]Pos!C2832","v":"CENT"},{"$f":"[1]Pos!D2832","v":2721.6},{"$f":"[1]Pos!E2832","v":4.75}]
[{"$f":"[1]Pos!A2833","v":"4412P06"},{"$f":"[1]Pos!B2833","v":"PO-0018262"},{"$f":"[1]Pos!C2833","v":"MOND"},{"$f":"[1]Pos!D2833","v":6350.4},{"$f":"[1]Pos!E2833","v":6}]
[{"$f":"[1]Pos!A2834","v":"4412P07"},{"$f":"[1]Pos!B2834","v":"PO-0018269"},{"$f":"[1]Pos!C2834","v":"DESC"},{"$f":"[1]Pos!D2834","v":1814.4},{"$f":"[1]Pos!E2834","v":6.8}]
[{"$f":"[1]Pos!A2835","v":"4413B01"},{"$f":"[1]Pos!B2835","v":"PO-0018305"},{"$f":"[1]Pos!C2835","v":"ALIMPLUS"},{"$f":"[1]Pos!D2835","v":5340.38},{"$f":"[1]Pos!E2835","v":11.2}]
[{"$f":"[1]Pos!A2836","v":"4413P01"},{"$f":"[1]Pos!B2836","v":"PO-0018261"},{"$f":"[1]Pos!C2836","v":"ACCU"},{"$f":"[1]Pos!D2836","v":1080},{"$f":"[1]Pos!E2836","v":4.7}]
[{"$f":"[1]Pos!A2837","v":"4413P02"},{"$f":"[1]Pos!B2837","v":"PO-0018263"},{"$f":"[1]Pos!C2837","v":"ACCU"},{"$f":"[1]Pos!D2837","v":5040},{"$f":"[1]Pos!E2837","v":4.55}]
[{"$f":"[1]Pos!A2838","v":"4413P03"},{"$f":"[1]Pos!B2838","v":"PO-0018271"},{"$f":"[1]Pos!C2838","v":"PEK"},{"$f":"[1]Pos!D2838","v":37.28},{"$f":"[1]Pos!E2838","v":3.65}]
[{"$f":"[1]Pos!A2839","v":"4413P04"},{"$f":"[1]Pos!B2839","v":"PO-0018277"},{"$f":"[1]Pos!C2839","v":"PEK"},{"$f":"[1]Pos!D2839","v":718.46},{"$f":"[1]Pos!E2839","v":3.65}]
[{"$f":"[1]Pos!A2840","v":"4414B01"},{"$f":"[1]Pos!B2840","v":"PO-0018265"},{"$f":"[1]Pos!C2840","v":"BOUC"},{"$f":"[1]Pos!D2840","v":154.94},{"$f":"[1]Pos!E2840","v":3.86}]
[{"$f":"[1]Pos!A2841","v":"4414B02"},{"$f":"[1]Pos!B2841","v":"PO-0018272"},{"$f":"[1]Pos!C2841","v":"DELF"},{"$f":"[1]Pos!D2841","v":59.47},{"$f":"[1]Pos!E2841","v":11.5}]
[{"$f":"[1]Pos!A2842","v":"4414B03"},{"$f":"[1]Pos!B2842","v":"PO-0018467"},{"$f":"[1]Pos!C2842","v":"ALIMPLUS"},{"$f":"[1]Pos!D2842","v":1650.7},{"$f":"[1]Pos!E2842","v":4}]
[{"$f":"[1]Pos!A2843","v":"4414B04"},{"$f":"[1]Pos!B2843","v":"PO-0018533"},{"$f":"[1]Pos!C2843","v":"CHIS"},{"$f":"[1]Pos!D2843","v":23870.5},{"$f":"[1]Pos!E2843","v":2.87}]
[{"$f":"[1]Pos!A2844","v":"4414B05"},{"$f":"[1]Pos!B2844","v":"PO-0018963"},{"$f":"[1]Pos!C2844","v":"OLYM"},{"$f":"[1]Pos!D2844","v":2184.6},{"$f":"[1]Pos!E2844","v":5.35}]
[{"$f":"[1]Pos!A2845","v":"4415B01"},{"$f":"[1]Pos!B2845","v":"PO-0018272"},{"$f":"[1]Pos!C2845","v":"DELF"},{"$f":"[1]Pos!D2845","v":25.55},{"$f":"[1]Pos!E2845","v":13.5}]
[{"$f":"[1]Pos!A2846","v":"4415B02"},{"$f":"[1]Pos!B2846","v":"PO-0018288"},{"$f":"[1]Pos!C2846","v":"DELF"},{"$f":"[1]Pos!D2846","v":31.24},{"$f":"[1]Pos!E2846","v":11.5}]
[{"$f":"[1]Pos!A2847","v":"4415B03"},{"$f":"[1]Pos!B2847","v":"PO-0018327"},{"$f":"[1]Pos!C2847","v":"DECA"},{"$f":"[1]Pos!D2847","v":4187.2},{"$f":"[1]Pos!E2847","v":3.19}]
[{"$f":"[1]Pos!A2848","v":"4415B04"},{"$f":"[1]Pos!B2848","v":"PO-0018330"},{"$f":"[1]Pos!C2848","v":"C&C"},{"$f":"[1]Pos!D2848","v":70.75},{"$f":"[1]Pos!E2848","v":8.39}]
[{"$f":"[1]Pos!A2849","v":"4415B05"},{"$f":"[1]Pos!B2849","v":"PO-0019852"},{"$f":"[1]Pos!C2849","v":"DECA"},{"$f":"[1]Pos!D2849","v":1043.8},{"$f":"[1]Pos!E2849","v":2.59}]
[{"$f":"[1]Pos!A2850","v":"4415P01"},{"$f":"[1]Pos!B2850","v":"PO-0018273"},{"$f":"[1]Pos!C2850","v":"EXCE"},{"$f":"[1]Pos!D2850","v":640.04999999999995},{"$f":"[1]Pos!E2850","v":3.8}]
[{"$f":"[1]Pos!A2851","v":"4415P02"},{"$f":"[1]Pos!B2851","v":"PO-0018273"},{"$f":"[1]Pos!C2851","v":"EXCE"},{"$f":"[1]Pos!D2851","v":134.38999999999999},{"$f":"[1]Pos!E2851","v":4.08}]
[{"$f":"[1]Pos!A2852","v":"4415P03"},{"$f":"[1]Pos!B2852","v":"PO-0018280"},{"$f":"[1]Pos!C2852","v":"CENT"},{"$f":"[1]Pos!D2852","v":1814.4},{"$f":"[1]Pos!E2852","v":4.6500000000000004}]
[{"$f":"[1]Pos!A2853","v":"4415P04"},{"$f":"[1]Pos!B2853","v":"PO-0018280"},{"$f":"[1]Pos!C2853","v":"CENT"},{"$f":"[1]Pos!D2853","v":1632.96},{"$f":"[1]Pos!E2853","v":7.1}]
[{"$f":"[1]Pos!A2854","v":"4415P05"},{"$f":"[1]Pos!B2854","v":"PO-0018285"},{"$f":"[1]Pos!C2854","v":"CENT"},{"$f":"[1]Pos!D2854","v":1814.4},{"$f":"[1]Pos!E2854","v":4.6500000000000004}]
[{"$f":"[1]Pos!A2855","v":"4416B01"},{"$f":"[1]Pos!B2855","v":"PO-0018288"},{"$f":"[1]Pos!C2855","v":"DELF"},{"$f":"[1]Pos!D2855","v":107.2},{"$f":"[1]Pos!E2855","v":13.5}]
[{"$f":"[1]Pos!A2856","v":"4416B02"},{"$f":"[1]Pos!B2856","v":"PO-0018289"},{"$f":"[1]Pos!C2856","v":"DECA"},{"$f":"[1]Pos!D2856","v":74.680000000000007},{"$f":"[1]Pos!E2856","v":3.7}]
[{"$f":"[1]Pos!A2857","v":"4416B03"},{"$f":"[1]Pos!B2857","v":"PO-0019022"},{"$f":"[1]Pos!C2857","v":"C&C"},{"$f":"[1]Pos!D2857","v":10888},{"$f":"[1]Pos!E2857","v":3.83}]
[{"$f":"[1]Pos!A2858","v":"4416B04"},{"$f":"[1]Pos!B2858","v":"PO-0019473"},{"$f":"[1]Pos!C2858","v":"C&C"},{"$f":"[1]Pos!D2858","v":7975.46},{"$f":"[1]Pos!E2858","v":3.55}]
[{"$f":"[1]Pos!A2859","v":"4416B05"},{"$f":"[1]Pos!B2859","v":"PO-0019954"},{"$f":"[1]Pos!C2859","v":"DECA"},{"$f":"[1]Pos!D2859","v":315.39999999999998},{"$f":"[1]Pos!E2859","v":2.59}]
[{"$f":"[1]Pos!A2860","v":"4416P01"},{"$f":"[1]Pos!B2860","v":"PO-0018275"},{"$f":"[1]Pos!C2860","v":99},{"$f":"[1]Pos!D2860","v":19.14},{"$f":"[1]Pos!E2860","v":3}]
[{"$f":"[1]Pos!A2861","v":"4416P02"},{"$f":"[1]Pos!B2861","v":"PO-0018281"},{"$f":"[1]Pos!C2861","v":"MOND"},{"$f":"[1]Pos!D2861","v":1814.4},{"$f":"[1]Pos!E2861","v":6}]
[{"$f":"[1]Pos!A2862","v":"4416P03"},{"$f":"[1]Pos!B2862","v":"PO-0018279"},{"$f":"[1]Pos!C2862","v":"MOND"},{"$f":"[1]Pos!D2862","v":18144},{"$f":"[1]Pos!E2862","v":6.15}]
[{"$f":"[1]Pos!A2863","v":"4416P04"},{"$f":"[1]Pos!B2863","v":"PO-0018211"},{"$f":"[1]Pos!C2863","v":"VIST"},{"$f":"[1]Pos!D2863","v":17236.8},{"$f":"[1]Pos!E2863","v":2.99}]
[{"$f":"[1]Pos!A2864","v":"4416P05"},{"$f":"[1]Pos!B2864","v":"PO-0018286"},{"$f":"[1]Pos!C2864","v":"PEK"},{"$f":"[1]Pos!D2864","v":731.59},{"$f":"[1]Pos!E2864","v":3.65}]
[{"$f":"[1]Pos!A2865","v":"4416P06"},{"$f":"[1]Pos!B2865","v":"PO-0018282"},{"$f":"[1]Pos!C2865","v":"ACCU"},{"$f":"[1]Pos!D2865","v":1980},{"$f":"[1]Pos!E2865","v":4.55}]
[{"$f":"[1]Pos!A2866","v":"4416P07"},{"$f":"[1]Pos!B2866","v":"PO-0018294"},{"$f":"[1]Pos!C2866","v":"MOND"},{"$f":"[1]Pos!D2866","v":907.2},{"$f":"[1]Pos!E2866","v":6.15}]
[{"$f":"[1]Pos!A2867","v":"4422P01"},{"$f":"[1]Pos!B2867","v":"PO-0018307"},{"$f":"[1]Pos!C2867","v":"CENT"},{"$f":"[1]Pos!D2867","v":1814.4},{"$f":"[1]Pos!E2867","v":7}]
[{"$f":"[1]Pos!A2868","v":"4423B01"},{"$f":"[1]Pos!B2868","v":"PO-0018295"},{"$f":"[1]Pos!C2868","v":"BOUC"},{"$f":"[1]Pos!D2868","v":150.9},{"$f":"[1]Pos!E2868","v":3.86}]
[{"$f":"[1]Pos!A2869","v":"4423B02"},{"$f":"[1]Pos!B2869","v":"PO-0018298"},{"$f":"[1]Pos!C2869","v":"DECA"},{"$f":"[1]Pos!D2869","v":150.19999999999999},{"$f":"[1]Pos!E2869","v":4.18}]
[{"$f":"[1]Pos!A2870","v":"4423B03"},{"$f":"[1]Pos!B2870","v":"PO-0018268"},{"$f":"[1]Pos!C2870","v":"LARO"},{"$f":"[1]Pos!D2870","v":1260},{"$f":"[1]Pos!E2870","v":7.25}]
[{"$f":"[1]Pos!A2871","v":"4423B04"},{"$f":"[1]Pos!B2871","v":"PO-0018511"},{"$f":"[1]Pos!C2871","v":"DECA"},{"$f":"[1]Pos!D2871","v":66.900000000000006},{"$f":"[1]Pos!E2871","v":10.39}]
[{"$f":"[1]Pos!A2872","v":"4423P01"},{"$f":"[1]Pos!B2872","v":"PO-0018300"},{"$f":"[1]Pos!C2872","v":"EXCE"},{"$f":"[1]Pos!D2872","v":362.45},{"$f":"[1]Pos!E2872","v":3.3}]
[{"$f":"[1]Pos!A2873","v":"4423P02"},{"$f":"[1]Pos!B2873","v":"PO-0018300"},{"$f":"[1]Pos!C2873","v":"EXCE"},{"$f":"[1]Pos!D2873","v":131.94999999999999},{"$f":"[1]Pos!E2873","v":4.08}]
[{"$f":"[1]Pos!A2874","v":"4423P03"},{"$f":"[1]Pos!B2874","v":"PO-0018307"},{"$f":"[1]Pos!C2874","v":"CENT"},{"$f":"[1]Pos!D2874","v":1814.4},{"$f":"[1]Pos!E2874","v":4.6500000000000004}]
[{"$f":"[1]Pos!A2875","v":"4424B01"},{"$f":"[1]Pos!B2875","v":"PO-0018268"},{"$f":"[1]Pos!C2875","v":"LARO"},{"$f":"[1]Pos!D2875","v":440.5},{"$f":"[1]Pos!E2875","v":4.95}]
[{"$f":"[1]Pos!A2876","v":"4424B02"},{"$f":"[1]Pos!B2876","v":"PO-0018309"},{"$f":"[1]Pos!C2876","v":"GIRO"},{"$f":"[1]Pos!D2876","v":795.6},{"$f":"[1]Pos!E2876","v":7.69}]
[{"$f":"[1]Pos!A2877","v":"4424B03"},{"$f":"[1]Pos!B2877","v":"PO-0018310"},{"$f":"[1]Pos!C2877","v":"RYDI"},{"$f":"[1]Pos!D2877","v":781},{"$f":"[1]Pos!E2877","v":7.61}]
[{"$f":"[1]Pos!A2878","v":"4424B04"},{"$f":"[1]Pos!B2878","v":"PO-0018357"},{"$f":"[1]Pos!C2878","v":"RETA"},{"$f":"[1]Pos!D2878","v":2456.7267940000002},{"$f":"[1]Pos!E2878","v":11.54}]
[{"$f":"[1]Pos!A2879","v":"4424P01"},{"$f":"[1]Pos!B2879","v":"PO-0018300"},{"$f":"[1]Pos!C2879","v":"EXCE"},{"$f":"[1]Pos!D2879","v":18.21},{"$f":"[1]Pos!E2879","v":2.8}]
[{"$f":"[1]Pos!A2880","v":"4424P02"},{"$f":"[1]Pos!B2880","v":"PO-0018302"},{"$f":"[1]Pos!C2880","v":"DESC"},{"$f":"[1]Pos!D2880","v":7251.98},{"$f":"[1]Pos!E2880","v":4.4000000000000004}]
[{"$f":"[1]Pos!A2881","v":"4424P03"},{"$f":"[1]Pos!B2881","v":"PO-0018304"},{"$f":"[1]Pos!C2881","v":"EXCE"},{"$f":"[1]Pos!D2881","v":270.36},{"$f":"[1]Pos!E2881","v":4.08}]
[{"$f":"[1]Pos!A2882","v":"4424P04"},{"$f":"[1]Pos!B2882","v":"PO-0018304"},{"$f":"[1]Pos!C2882","v":"EXCE"},{"$f":"[1]Pos!D2882","v":365.65},{"$f":"[1]Pos!E2882","v":3.3}]
[{"$f":"[1]Pos!A2883","v":"4424P05"},{"$f":"[1]Pos!B2883","v":"PO-0018306"},{"$f":"[1]Pos!C2883","v":"EXCE"},{"$f":"[1]Pos!D2883","v":1282.5999999999999},{"$f":"[1]Pos!E2883","v":4.8}]
[{"$f":"[1]Pos!A2884","v":"4424P06"},{"$f":"[1]Pos!B2884","v":"PO-0018308"},{"$f":"[1]Pos!C2884","v":"ACCU"},{"$f":"[1]Pos!D2884","v":1164.6600000000001},{"$f":"[1]Pos!E2884","v":4.0999999999999996}]
[{"$f":"[1]Pos!A2885","v":"4424P07"},{"$f":"[1]Pos!B2885","v":"PO-0018308"},{"$f":"[1]Pos!C2885","v":"ACCU"},{"$f":"[1]Pos!D2885","v":1038.6400000000001},{"$f":"[1]Pos!E2885","v":4.5}]
[{"$f":"[1]Pos!A2886","v":"4425B01"},{"$f":"[1]Pos!B2886","v":"PO-0018311"},{"$f":"[1]Pos!C2886","v":"DELF"},{"$f":"[1]Pos!D2886","v":199.34},{"$f":"[1]Pos!E2886","v":7.89}]
[{"$f":"[1]Pos!A2887","v":"4425B02"},{"$f":"[1]Pos!B2887","v":"PO-0018314"},{"$f":"[1]Pos!C2887","v":"DECA"},{"$f":"[1]Pos!D2887","v":77.900000000000006},{"$f":"[1]Pos!E2887","v":3.58}]
[{"$f":"[1]Pos!A2888","v":"4425B03"},{"$f":"[1]Pos!B2888","v":"PO-0018314"},{"$f":"[1]Pos!C2888","v":"DECA"},{"$f":"[1]Pos!D2888","v":54.51},{"$f":"[1]Pos!E2888","v":3.95}]
[{"$f":"[1]Pos!A2889","v":"4425B04"},{"$f":"[1]Pos!B2889","v":"PO-0018314"},{"$f":"[1]Pos!C2889","v":"DECA"},{"$f":"[1]Pos!D2889","v":121.03},{"$f":"[1]Pos!E2889","v":4.46}]
[{"$f":"[1]Pos!A2890","v":"4425B05"},{"$f":"[1]Pos!B2890","v":"PO-0018329"},{"$f":"[1]Pos!C2890","v":"DELF"},{"$f":"[1]Pos!D2890","v":318.83999999999997},{"$f":"[1]Pos!E2890","v":8}]
[{"$f":"[1]Pos!A2891","v":"4425B06"},{"$f":"[1]Pos!B2891","v":"PO-0018333"},{"$f":"[1]Pos!C2891","v":"RYDI"},{"$f":"[1]Pos!D2891","v":1742.5},{"$f":"[1]Pos!E2891","v":7}]
[{"$f":"[1]Pos!A2892","v":"4425D01"},{"$f":"[1]Pos!B2892","v":"PO-0018328"},{"$f":"[1]Pos!C2892","v":"ALIMPLUS"},{"$f":"[1]Pos!D2892","v":500},{"$f":"[1]Pos!E2892","v":6.532}]
[{"$f":"[1]Pos!A2893","v":"4425P01"},{"$f":"[1]Pos!B2893","v":"PO-0018313"},{"$f":"[1]Pos!C2893","v":"CENT"},{"$f":"[1]Pos!D2893","v":2721.6},{"$f":"[1]Pos!E2893","v":4.3499999999999996}]
[{"$f":"[1]Pos!A2894","v":"4425P02"},{"$f":"[1]Pos!B2894","v":"PO-0018313"},{"$f":"[1]Pos!C2894","v":"CENT"},{"$f":"[1]Pos!D2894","v":3265.92},{"$f":"[1]Pos!E2894","v":6.65}]
[{"$f":"[1]Pos!A2895","v":"4426B01"},{"$f":"[1]Pos!B2895","v":"PO-0018496"},{"$f":"[1]Pos!C2895","v":"DECA"},{"$f":"[1]Pos!D2895","v":1273.7},{"$f":"[1]Pos!E2895","v":12.95}]
[{"$f":"[1]Pos!A2896","v":"4426B02"},{"$f":"[1]Pos!B2896","v":"PO-0018740"},{"$f":"[1]Pos!C2896","v":"C&C"},{"$f":"[1]Pos!D2896","v":6581.35},{"$f":"[1]Pos!E2896","v":7.5}]
[{"$f":"[1]Pos!A2897","v":"4426P01"},{"$f":"[1]Pos!B2897","v":"PO-0018212"},{"$f":"[1]Pos!C2897","v":"VIST"},{"$f":"[1]Pos!D2897","v":16783.2},{"$f":"[1]Pos!E2897","v":2.99}]
[{"$f":"[1]Pos!A2898","v":"4426P02"},{"$f":"[1]Pos!B2898","v":"PO-0018312"},{"$f":"[1]Pos!C2898","v":"MOND"},{"$f":"[1]Pos!D2898","v":5443.2},{"$f":"[1]Pos!E2898","v":6.3}]
[{"$f":"[1]Pos!A2899","v":"4426P03"},{"$f":"[1]Pos!B2899","v":"PO-0018312"},{"$f":"[1]Pos!C2899","v":"MOND"},{"$f":"[1]Pos!D2899","v":2721.6},{"$f":"[1]Pos!E2899","v":6}]
[{"$f":"[1]Pos!A2900","v":"4426P04"},{"$f":"[1]Pos!B2900","v":"PO-0018323"},{"$f":"[1]Pos!C2900","v":"MOND"},{"$f":"[1]Pos!D2900","v":7257.6},{"$f":"[1]Pos!E2900","v":6.3}]
[{"$f":"[1]Pos!A2901","v":"4426P05"},{"$f":"[1]Pos!B2901","v":"PO-0018324"},{"$f":"[1]Pos!C2901","v":"CENT"},{"$f":"[1]Pos!D2901","v":362.88},{"$f":"[1]Pos!E2901","v":3.4}]
[{"$f":"[1]Pos!A2902","v":"4426P06"},{"$f":"[1]Pos!B2902","v":"PO-0018322"},{"$f":"[1]Pos!C2902","v":"CENT"},{"$f":"[1]Pos!D2902","v":1814.4},{"$f":"[1]Pos!E2902","v":4.3499999999999996}]
[{"$f":"[1]Pos!A2903","v":"4426P07"},{"$f":"[1]Pos!B2903","v":"PO-0018322"},{"$f":"[1]Pos!C2903","v":"CENT"},{"$f":"[1]Pos!D2903","v":1474.87},{"$f":"[1]Pos!E2903","v":4.5}]
[{"$f":"[1]Pos!A2904","v":"4426P08"},{"$f":"[1]Pos!B2904","v":"PO-0018332"},{"$f":"[1]Pos!C2904","v":"CENT"},{"$f":"[1]Pos!D2904","v":1551.54},{"$f":"[1]Pos!E2904","v":4.5}]
[{"$f":"[1]Pos!A2905","v":"4431B01"},{"$f":"[1]Pos!B2905","v":"PO-0018362"},{"$f":"[1]Pos!C2905","v":"METR"},{"$f":"[1]Pos!D2905","v":18720},{"$f":"[1]Pos!E2905","v":1.4}]
[{"$f":"[1]Pos!A2906","v":"4432B01"},{"$f":"[1]Pos!B2906","v":"PO-0018319"},{"$f":"[1]Pos!C2906","v":"BOUC"},{"$f":"[1]Pos!D2906","v":172.62},{"$f":"[1]Pos!E2906","v":3.9}]
[{"$f":"[1]Pos!A2907","v":"4432B02"},{"$f":"[1]Pos!B2907","v":"PO-0018331"},{"$f":"[1]Pos!C2907","v":"RYDI"},{"$f":"[1]Pos!D2907","v":800},{"$f":"[1]Pos!E2907","v":7.61}]
[{"$f":"[1]Pos!A2908","v":"4432B03"},{"$f":"[1]Pos!B2908","v":"PO-0018383"},{"$f":"[1]Pos!C2908","v":"RYDI"},{"$f":"[1]Pos!D2908","v":2041.5},{"$f":"[1]Pos!E2908","v":4.8}]
[{"$f":"[1]Pos!A2909","v":"4432B04"},{"$f":"[1]Pos!B2909","v":"PO-0021171"},{"$f":"[1]Pos!C2909","v":"C&C"},{"$f":"[1]Pos!D2909","v":164.56},{"$f":"[1]Pos!E2909","v":9.19}]
[{"$f":"[1]Pos!A2910","v":"4432P01"},{"$f":"[1]Pos!B2910","v":"PO-0018325"},{"$f":"[1]Pos!C2910","v":"ACCU"},{"$f":"[1]Pos!D2910","v":1800},{"$f":"[1]Pos!E2910","v":4.2}]
[{"$f":"[1]Pos!A2911","v":"4432P02"},{"$f":"[1]Pos!B2911","v":"PO-0018335"},{"$f":"[1]Pos!C2911","v":"CENT"},{"$f":"[1]Pos!D2911","v":1814.4},{"$f":"[1]Pos!E2911","v":4.6500000000000004}]
[{"$f":"[1]Pos!A2912","v":"4432P03"},{"$f":"[1]Pos!B2912","v":"PO-0018335"},{"$f":"[1]Pos!C2912","v":"CENT"},{"$f":"[1]Pos!D2912","v":1632.96},{"$f":"[1]Pos!E2912","v":6.55}]
[{"$f":"[1]Pos!A2913","v":"4432P04"},{"$f":"[1]Pos!B2913","v":"PO-0018340"},{"$f":"[1]Pos!C2913","v":"CENT"},{"$f":"[1]Pos!D2913","v":2721.6},{"$f":"[1]Pos!E2913","v":4.3499999999999996}]
[{"$f":"[1]Pos!A2914","v":"4433B01"},{"$f":"[1]Pos!B2914","v":"PO-0018337"},{"$f":"[1]Pos!C2914","v":"RYDI"},{"$f":"[1]Pos!D2914","v":850.5},{"$f":"[1]Pos!E2914","v":7.76}]
[{"$f":"[1]Pos!A2915","v":"4433B02"},{"$f":"[1]Pos!B2915","v":"PO-0018337"},{"$f":"[1]Pos!C2915","v":"RYDI"},{"$f":"[1]Pos!D2915","v":871},{"$f":"[1]Pos!E2915","v":4.72}]
[{"$f":"[1]Pos!A2916","v":"4433B03"},{"$f":"[1]Pos!B2916","v":"PO-0018345"},{"$f":"[1]Pos!C2916","v":"DECA"},{"$f":"[1]Pos!D2916","v":37.409999999999997},{"$f":"[1]Pos!E2916","v":3.85}]
[{"$f":"[1]Pos!A2917","v":"4434B01"},{"$f":"[1]Pos!B2917","v":"PO-0018318"},{"$f":"[1]Pos!C2917","v":"LARO"},{"$f":"[1]Pos!D2917","v":1007.5},{"$f":"[1]Pos!E2917","v":7.39}]
[{"$f":"[1]Pos!A2918","v":"4434B02"},{"$f":"[1]Pos!B2918","v":"PO-0018341"},{"$f":"[1]Pos!C2918","v":"RYDI"},{"$f":"[1]Pos!D2918","v":897.5},{"$f":"[1]Pos!E2918","v":7.69}]
[{"$f":"[1]Pos!A2919","v":"4434B03"},{"$f":"[1]Pos!B2919","v":"PO-0018435"},{"$f":"[1]Pos!C2919","v":"JBS"},{"$f":"[1]Pos!D2919","v":3183.29},{"$f":"[1]Pos!E2919","v":12.49}]
[{"$f":"[1]Pos!A2920","v":"4434B04"},{"$f":"[1]Pos!B2920","v":"PO-0018459"},{"$f":"[1]Pos!C2920","v":"METRO"},{"$f":"[1]Pos!D2920","v":18720},{"$f":"[1]Pos!E2920","v":1.4}]
[{"$f":"[1]Pos!A2921","v":"4434B05"},{"$f":"[1]Pos!B2921","v":"PO-0018511"},{"$f":"[1]Pos!C2921","v":"DECA"},{"$f":"[1]Pos!D2921","v":27.034105},{"$f":"[1]Pos!E2921","v":10.69}]
[{"$f":"[1]Pos!A2922","v":"4434P01"},{"$f":"[1]Pos!B2922","v":"PO-0018342"},{"$f":"[1]Pos!C2922","v":"ACCU"},{"$f":"[1]Pos!D2922","v":2160},{"$f":"[1]Pos!E2922","v":4}]
[{"$f":"[1]Pos!A2923","v":"4434P02"},{"$f":"[1]Pos!B2923","v":"PO-0019368"},{"$f":"[1]Pos!C2923","v":"AGRO"},{"$f":"[1]Pos!D2923","v":544.79999999999995},{"$f":"[1]Pos!E2923","v":5.79}]
[{"$f":"[1]Pos!A2924","v":"4435B01"},{"$f":"[1]Pos!B2924","v":"PO-0018345"},{"$f":"[1]Pos!C2924","v":"DECA"},{"$f":"[1]Pos!D2924","v":148.76},{"$f":"[1]Pos!E2924","v":4.07}]
[{"$f":"[1]Pos!A2925","v":"4435B02"},{"$f":"[1]Pos!B2925","v":"PO-0018354"},{"$f":"[1]Pos!C2925","v":"DECA"},{"$f":"[1]Pos!D2925","v":664.73961999999995},{"$f":"[1]Pos!E2925","v":17.95}]
[{"$f":"[1]Pos!A2926","v":"4435B03"},{"$f":"[1]Pos!B2926","v":"PO-0018369"},{"$f":"[1]Pos!C2926","v":"DECA"},{"$f":"[1]Pos!D2926","v":1463.32},{"$f":"[1]Pos!E2926","v":7.09}]
[{"$f":"[1]Pos!A2927","v":"4435B04"},{"$f":"[1]Pos!B2927","v":"PO-0018373"},{"$f":"[1]Pos!C2927","v":"VEST"},{"$f":"[1]Pos!D2927","v":970.13620700000001},{"$f":"[1]Pos!E2927","v":9.75}]
[{"$f":"[1]Pos!A2928","v":"4435B05"},{"$f":"[1]Pos!B2928","v":"PO-0018371"},{"$f":"[1]Pos!C2928","v":"DECA"},{"$f":"[1]Pos!D2928","v":7077.21},{"$f":"[1]Pos!E2928","v":7.02}]
[{"$f":"[1]Pos!A2929","v":"4435B06"},{"$f":"[1]Pos!B2929","v":"PO-0018391"},{"$f":"[1]Pos!C2929","v":"DECA"},{"$f":"[1]Pos!D2929","v":3541.1},{"$f":"[1]Pos!E2929","v":7.02}]
[{"$f":"[1]Pos!A2930","v":"4435B07"},{"$f":"[1]Pos!B2930","v":"PO-0018450"},{"$f":"[1]Pos!C2930","v":"DECA"},{"$f":"[1]Pos!D2930","v":514.39459099999999},{"$f":"[1]Pos!E2930","v":15.49}]
[{"$f":"[1]Pos!A2931","v":"4435P01"},{"$f":"[1]Pos!B2931","v":"PO-0018343"},{"$f":"[1]Pos!C2931","v":"CENT"},{"$f":"[1]Pos!D2931","v":5443.2},{"$f":"[1]Pos!E2931","v":4.3499999999999996}]
[{"$f":"[1]Pos!A2932","v":"4435P02"},{"$f":"[1]Pos!B2932","v":"PO-0018343"},{"$f":"[1]Pos!C2932","v":"CENT"},{"$f":"[1]Pos!D2932","v":816.48},{"$f":"[1]Pos!E2932","v":6.55}]
[{"$f":"[1]Pos!A2933","v":"4435P03"},{"$f":"[1]Pos!B2933","v":"PO-0018343"},{"$f":"[1]Pos!C2933","v":"CENT"},{"$f":"[1]Pos!D2933","v":1834.64},{"$f":"[1]Pos!E2933","v":4.4000000000000004}]
[{"$f":"[1]Pos!A2934","v":"4435P04"},{"$f":"[1]Pos!B2934","v":"PO-0018350"},{"$f":"[1]Pos!C2934","v":"CENT"},{"$f":"[1]Pos!D2934","v":907.2},{"$f":"[1]Pos!E2934","v":4.3499999999999996}]
[{"$f":"[1]Pos!A2935","v":"4435P05"},{"$f":"[1]Pos!B2935","v":"PO-0019410"},{"$f":"[1]Pos!C2935","v":"EXCE"},{"$f":"[1]Pos!D2935","v":7166.22},{"$f":"[1]Pos!E2935","v":4}]
[{"$f":"[1]Pos!A2936","v":"4435P06"},{"$f":"[1]Pos!B2936","v":"PO-0019442"},{"$f":"[1]Pos!C2936","v":"AGRO"},{"$f":"[1]Pos!D2936","v":1452.8},{"$f":"[1]Pos!E2936","v":5.79}]
[{"$f":"[1]Pos!A2937","v":"4436B01"},{"$f":"[1]Pos!B2937","v":"PO-0018320"},{"$f":"[1]Pos!C2937","v":"LARO"},{"$f":"[1]Pos!D2937","v":1004.5},{"$f":"[1]Pos!E2937","v":7.39}]
[{"$f":"[1]Pos!A2938","v":"4436B02"},{"$f":"[1]Pos!B2938","v":"PO-0018351"},{"$f":"[1]Pos!C2938","v":"RYDI"},{"$f":"[1]Pos!D2938","v":369.5},{"$f":"[1]Pos!E2938","v":7.61}]
[{"$f":"[1]Pos!A2939","v":"4436B03"},{"$f":"[1]Pos!B2939","v":"PO-0018400"},{"$f":"[1]Pos!C2939","v":"DECA"},{"$f":"[1]Pos!D2939","v":169.6},{"$f":"[1]Pos!E2939","v":8.59}]
[{"$f":"[1]Pos!A2940","v":"4436P01"},{"$f":"[1]Pos!B2940","v":"PO-0018344"},{"$f":"[1]Pos!C2940","v":"MOND"},{"$f":"[1]Pos!D2940","v":2721.6},{"$f":"[1]Pos!E2940","v":5.8}]
[{"$f":"[1]Pos!A2941","v":"4436P02"},{"$f":"[1]Pos!B2941","v":"PO-0018344"},{"$f":"[1]Pos!C2941","v":"MOND"},{"$f":"[1]Pos!D2941","v":2721.6},{"$f":"[1]Pos!E2941","v":6}]
[{"$f":"[1]Pos!A2942","v":"4436P03"},{"$f":"[1]Pos!B2942","v":"PO-0018346"},{"$f":"[1]Pos!C2942","v":"EXCE"},{"$f":"[1]Pos!D2942","v":646.14},{"$f":"[1]Pos!E2942","v":3.7}]
[{"$f":"[1]Pos!A2943","v":"4436P04"},{"$f":"[1]Pos!B2943","v":"PO-0018346"},{"$f":"[1]Pos!C2943","v":"EXCE"},{"$f":"[1]Pos!D2943","v":4039.89},{"$f":"[1]Pos!E2943","v":3.3}]
[{"$f":"[1]Pos!A2944","v":"4436P05"},{"$f":"[1]Pos!B2944","v":"PO-0018350"},{"$f":"[1]Pos!C2944","v":"CENT"},{"$f":"[1]Pos!D2944","v":6022.11},{"$f":"[1]Pos!E2944","v":4.4000000000000004}]
[{"$f":"[1]Pos!A2945","v":"4436P06"},{"$f":"[1]Pos!B2945","v":"PO-0018352"},{"$f":"[1]Pos!C2945","v":"EXCE"},{"$f":"[1]Pos!D2945","v":712.86},{"$f":"[1]Pos!E2945","v":3.3}]
[{"$f":"[1]Pos!A2946","v":"4436P07"},{"$f":"[1]Pos!B2946","v":"PO-0018355"},{"$f":"[1]Pos!C2946","v":"CENT"},{"$f":"[1]Pos!D2946","v":7257.6},{"$f":"[1]Pos!E2946","v":4.3499999999999996}]
[{"$f":"[1]Pos!A2947","v":"4442B01"},{"$f":"[1]Pos!B2947","v":"PO-0018347"},{"$f":"[1]Pos!C2947","v":"WHIT"},{"$f":"[1]Pos!D2947","v":93.84},{"$f":"[1]Pos!E2947","v":8.65}]
[{"$f":"[1]Pos!A2948","v":"4442B02"},{"$f":"[1]Pos!B2948","v":"PO-0018347"},{"$f":"[1]Pos!C2948","v":"WHIT"},{"$f":"[1]Pos!D2948","v":209.16},{"$f":"[1]Pos!E2948","v":13.95}]
[{"$f":"[1]Pos!A2949","v":"4442B03"},{"$f":"[1]Pos!B2949","v":"PO-0018347"},{"$f":"[1]Pos!C2949","v":"WHIT"},{"$f":"[1]Pos!D2949","v":99.86},{"$f":"[1]Pos!E2949","v":9.3699999999999992}]
[{"$f":"[1]Pos!A2950","v":"4442B04"},{"$f":"[1]Pos!B2950","v":"PO-0018372"},{"$f":"[1]Pos!C2950","v":"DECA"},{"$f":"[1]Pos!D2950","v":78.2},{"$f":"[1]Pos!E2950","v":3.63}]
[{"$f":"[1]Pos!A2951","v":"4442B05"},{"$f":"[1]Pos!B2951","v":"PO-0018372"},{"$f":"[1]Pos!C2951","v":"DECA"},{"$f":"[1]Pos!D2951","v":195.2},{"$f":"[1]Pos!E2951","v":4.07}]
[{"$f":"[1]Pos!A2952","v":"4442P01"},{"$f":"[1]Pos!B2952","v":"PO-0018346"},{"$f":"[1]Pos!C2952","v":"EXCE"},{"$f":"[1]Pos!D2952","v":134.43},{"$f":"[1]Pos!E2952","v":4.08}]
[{"$f":"[1]Pos!A2953","v":"4442P02"},{"$f":"[1]Pos!B2953","v":"PO-0018361"},{"$f":"[1]Pos!C2953","v":"CENT"},{"$f":"[1]Pos!D2953","v":3628.8},{"$f":"[1]Pos!E2953","v":4.3499999999999996}]
[{"$f":"[1]Pos!A2954","v":"4442P03"},{"$f":"[1]Pos!B2954","v":"PO-0018356"},{"$f":"[1]Pos!C2954","v":"ACCU"},{"$f":"[1]Pos!D2954","v":5452.22},{"$f":"[1]Pos!E2954","v":3.7}]
[{"$f":"[1]Pos!A2955","v":"4442P04"},{"$f":"[1]Pos!B2955","v":"PO-0018363"},{"$f":"[1]Pos!C2955","v":"DESC"},{"$f":"[1]Pos!D2955","v":3265.92},{"$f":"[1]Pos!E2955","v":6.85}]
[{"$f":"[1]Pos!A2956","v":"4442P05"},{"$f":"[1]Pos!B2956","v":"PO-0018366"},{"$f":"[1]Pos!C2956","v":"CENT"},{"$f":"[1]Pos!D2956","v":7257.6},{"$f":"[1]Pos!E2956","v":4.3499999999999996}]
[{"$f":"[1]Pos!A2957","v":"4443B01"},{"$f":"[1]Pos!B2957","v":"PO-0018475"},{"$f":"[1]Pos!C2957","v":"C&C"},{"$f":"[1]Pos!D2957","v":266.75},{"$f":"[1]Pos!E2957","v":8.09}]
[{"$f":"[1]Pos!A2958","v":"4443B02"},{"$f":"[1]Pos!B2958","v":"PO-0018525"},{"$f":"[1]Pos!C2958","v":"DECA"},{"$f":"[1]Pos!D2958","v":3409.9973799999998},{"$f":"[1]Pos!E2958","v":7.95}]
[{"$f":"[1]Pos!A2959","v":"4443P01"},{"$f":"[1]Pos!B2959","v":"PO-0018364"},{"$f":"[1]Pos!C2959","v":"ACCU"},{"$f":"[1]Pos!D2959","v":720},{"$f":"[1]Pos!E2959","v":3.7}]
[{"$f":"[1]Pos!A2960","v":"4443P02"},{"$f":"[1]Pos!B2960","v":"PO-0018367"},{"$f":"[1]Pos!C2960","v":"DESC"},{"$f":"[1]Pos!D2960","v":1814.4},{"$f":"[1]Pos!E2960","v":6.4}]
[{"$f":"[1]Pos!A2961","v":"4444B01"},{"$f":"[1]Pos!B2961","v":"PO-0018374"},{"$f":"[1]Pos!C2961","v":"RYDI"},{"$f":"[1]Pos!D2961","v":653},{"$f":"[1]Pos!E2961","v":7.61}]
[{"$f":"[1]Pos!A2962","v":"4444B02"},{"$f":"[1]Pos!B2962","v":"PO-0018451"},{"$f":"[1]Pos!C2962","v":"JBS"},{"$f":"[1]Pos!D2962","v":217.35},{"$f":"[1]Pos!E2962","v":17.649999999999999}]
[{"$f":"[1]Pos!A2963","v":"4444P01"},{"$f":"[1]Pos!B2963","v":"PO-0018368"},{"$f":"[1]Pos!C2963","v":"ACCU"},{"$f":"[1]Pos!D2963","v":4680},{"$f":"[1]Pos!E2963","v":3.55}]
[{"$f":"[1]Pos!A2964","v":"4444P02"},{"$f":"[1]Pos!B2964","v":"PO-0018380"},{"$f":"[1]Pos!C2964","v":"CENT"},{"$f":"[1]Pos!D2964","v":1618.88},{"$f":"[1]Pos!E2964","v":3.9}]
[{"$f":"[1]Pos!A2965","v":"4445B01"},{"$f":"[1]Pos!B2965","v":"PO-0018515"},{"$f":"[1]Pos!C2965","v":"DECA"},{"$f":"[1]Pos!D2965","v":2722},{"$f":"[1]Pos!E2965","v":3.1}]
[{"$f":"[1]Pos!A2966","v":"4445P01"},{"$f":"[1]Pos!B2966","v":"PO-0018380"},{"$f":"[1]Pos!C2966","v":"CENT"},{"$f":"[1]Pos!D2966","v":2083.9699999999998},{"$f":"[1]Pos!E2966","v":3.9}]
[{"$f":"[1]Pos!A2967","v":"4445P02"},{"$f":"[1]Pos!B2967","v":"PO-0018381"},{"$f":"[1]Pos!C2967","v":"CENT"},{"$f":"[1]Pos!D2967","v":3628.8},{"$f":"[1]Pos!E2967","v":4.25}]
[{"$f":"[1]Pos!A2968","v":"4445P03"},{"$f":"[1]Pos!B2968","v":"PO-0018381"},{"$f":"[1]Pos!C2968","v":"CENT"},{"$f":"[1]Pos!D2968","v":6492.81},{"$f":"[1]Pos!E2968","v":3.9}]
[{"$f":"[1]Pos!A2969","v":"4445P04"},{"$f":"[1]Pos!B2969","v":"PO-0018384"},{"$f":"[1]Pos!C2969","v":"DESC"},{"$f":"[1]Pos!D2969","v":1814.4},{"$f":"[1]Pos!E2969","v":6.85}]
[{"$f":"[1]Pos!A2970","v":"4446B01"},{"$f":"[1]Pos!B2970","v":"PO-0018378"},{"$f":"[1]Pos!C2970","v":"BOUC"},{"$f":"[1]Pos!D2970","v":99.84},{"$f":"[1]Pos!E2970","v":3.76}]
[{"$f":"[1]Pos!A2971","v":"4446B02"},{"$f":"[1]Pos!B2971","v":"PO-0018386"},{"$f":"[1]Pos!C2971","v":"DELF"},{"$f":"[1]Pos!D2971","v":449},{"$f":"[1]Pos!E2971","v":8.09}]
[{"$f":"[1]Pos!A2972","v":"4446B03"},{"$f":"[1]Pos!B2972","v":"PO-0018437"},{"$f":"[1]Pos!C2972","v":"DECA"},{"$f":"[1]Pos!D2972","v":70.41},{"$f":"[1]Pos!E2972","v":8.75}]
[{"$f":"[1]Pos!A2973","v":"4446B04"},{"$f":"[1]Pos!B2973","v":"PO-0018450"},{"$f":"[1]Pos!C2973","v":"DECA"},{"$f":"[1]Pos!D2973","v":315.24669599999999},{"$f":"[1]Pos!E2973","v":12.18}]
[{"$f":"[1]Pos!A2974","v":"4446B05"},{"$f":"[1]Pos!B2974","v":"PO-0019062"},{"$f":"[1]Pos!C2974","v":"OLYM"},{"$f":"[1]Pos!D2974","v":2149.2800000000002},{"$f":"[1]Pos!E2974","v":5.35}]
[{"$f":"[1]Pos!A2975","v":"4446EM01"},{"$f":"[1]Pos!B2975","v":"PO-0019848"},{"$f":"[1]Pos!C2975","v":"UNIP"},{"$f":"[1]Pos!D2975","v":2940},{"$f":"[1]Pos!E2975","v":0.46978999999999999}]
[{"$f":"[1]Pos!A2976","v":"4446P01"},{"$f":"[1]Pos!B2976","v":"PO-0018382"},{"$f":"[1]Pos!C2976","v":"ACCU"},{"$f":"[1]Pos!D2976","v":4500},{"$f":"[1]Pos!E2976","v":3.55}]
[{"$f":"[1]Pos!A2977","v":"4446P02"},{"$f":"[1]Pos!B2977","v":"PO-0018381"},{"$f":"[1]Pos!C2977","v":"CENT"},{"$f":"[1]Pos!D2977","v":544.32000000000005},{"$f":"[1]Pos!E2977","v":3.4}]
[{"$f":"[1]Pos!A2978","v":"4446P03"},{"$f":"[1]Pos!B2978","v":"PO-0018392"},{"$f":"[1]Pos!C2978","v":"CENT"},{"$f":"[1]Pos!D2978","v":3628.8},{"$f":"[1]Pos!E2978","v":4.25}]
[{"$f":"[1]Pos!A2979","v":"4446P04"},{"$f":"[1]Pos!B2979","v":"PO-0018392"},{"$f":"[1]Pos!C2979","v":"CENT"},{"$f":"[1]Pos!D2979","v":1542.24},{"$f":"[1]Pos!E2979","v":7}]
[{"$f":"[1]Pos!A2980","v":"4446P05"},{"$f":"[1]Pos!B2980","v":"PO-0018397"},{"$f":"[1]Pos!C2980","v":"CENT"},{"$f":"[1]Pos!D2980","v":1814.4},{"$f":"[1]Pos!E2980","v":4.25}]
[{"$f":"[1]Pos!A2981","v":"4447B01"},{"$f":"[1]Pos!B2981","v":"PO-0018405"},{"$f":"[1]Pos!C2981","v":"JBS"},{"$f":"[1]Pos!D2981","v":4820.01},{"$f":"[1]Pos!E2981","v":9.83}]
[{"$f":"[1]Pos!A2982","v":"4447B02"},{"$f":"[1]Pos!B2982","v":"PO-0019236"},{"$f":"[1]Pos!C2982","v":"C&C"},{"$f":"[1]Pos!D2982","v":831.12},{"$f":"[1]Pos!E2982","v":7.55}]
[{"$f":"[1]Pos!A2983","v":"4452B01"},{"$f":"[1]Pos!B2983","v":"PO-0018375"},{"$f":"[1]Pos!C2983","v":"RYDI"},{"$f":"[1]Pos!D2983","v":300.5},{"$f":"[1]Pos!E2983","v":7.61}]
[{"$f":"[1]Pos!A2984","v":"4452B02"},{"$f":"[1]Pos!B2984","v":"PO-0018404"},{"$f":"[1]Pos!C2984","v":"RYDI"},{"$f":"[1]Pos!D2984","v":2321.5},{"$f":"[1]Pos!E2984","v":7.14}]
[{"$f":"[1]Pos!A2985","v":"4452B03"},{"$f":"[1]Pos!B2985","v":"PO-0018404"},{"$f":"[1]Pos!C2985","v":"RYDI"},{"$f":"[1]Pos!D2985","v":816},{"$f":"[1]Pos!E2985","v":4.74}]
[{"$f":"[1]Pos!A2986","v":"4452B04"},{"$f":"[1]Pos!B2986","v":"PO-0018412"},{"$f":"[1]Pos!C2986","v":"DECA"},{"$f":"[1]Pos!D2986","v":214.29},{"$f":"[1]Pos!E2986","v":3.58}]
[{"$f":"[1]Pos!A2987","v":"4452B05"},{"$f":"[1]Pos!B2987","v":"PO-0018574"},{"$f":"[1]Pos!C2987","v":"CAR"},{"$f":"[1]Pos!D2987","v":1707.6},{"$f":"[1]Pos!E2987","v":13.5}]
[{"$f":"[1]Pos!A2988","v":"4452B06"},{"$f":"[1]Pos!B2988","v":"PO-0018659"},{"$f":"[1]Pos!C2988","v":"METR"},{"$f":"[1]Pos!D2988","v":1035.3},{"$f":"[1]Pos!E2988","v":4.25}]
[{"$f":"[1]Pos!A2989","v":"4452B07"},{"$f":"[1]Pos!B2989","v":"PO-0018534"},{"$f":"[1]Pos!C2989","v":"CHIS"},{"$f":"[1]Pos!D2989","v":24962.064999999999},{"$f":"[1]Pos!E2989","v":2.9}]
[{"$f":"[1]Pos!A2990","v":"4452P01"},{"$f":"[1]Pos!B2990","v":"PO-0018393"},{"$f":"[1]Pos!C2990","v":"ACCU"},{"$f":"[1]Pos!D2990","v":3240},{"$f":"[1]Pos!E2990","v":3.75}]
[{"$f":"[1]Pos!A2991","v":"4452P02"},{"$f":"[1]Pos!B2991","v":"PO-0018389"},{"$f":"[1]Pos!C2991","v":"ACCU"},{"$f":"[1]Pos!D2991","v":4500},{"$f":"[1]Pos!E2991","v":3.75}]
[{"$f":"[1]Pos!A2992","v":"4452P03"},{"$f":"[1]Pos!B2992","v":"PO-0018407"},{"$f":"[1]Pos!C2992","v":"CENT"},{"$f":"[1]Pos!D2992","v":3628.8},{"$f":"[1]Pos!E2992","v":4.25}]
[{"$f":"[1]Pos!A2993","v":"4452P04"},{"$f":"[1]Pos!B2993","v":"PO-0018406"},{"$f":"[1]Pos!C2993","v":"DESC"},{"$f":"[1]Pos!D2993","v":1814.4},{"$f":"[1]Pos!E2993","v":6.4}]
[{"$f":"[1]Pos!A2994","v":"4453B01"},{"$f":"[1]Pos!B2994","v":"PO-0018398"},{"$f":"[1]Pos!C2994","v":"LARO"},{"$f":"[1]Pos!D2994","v":833.5},{"$f":"[1]Pos!E2994","v":7.39}]
[{"$f":"[1]Pos!A2995","v":"4453B02"},{"$f":"[1]Pos!B2995","v":"PO-0018412"},{"$f":"[1]Pos!C2995","v":"DECA"},{"$f":"[1]Pos!D2995","v":76.959999999999994},{"$f":"[1]Pos!E2995","v":3.46}]
[{"$f":"[1]Pos!A2996","v":"4453B03"},{"$f":"[1]Pos!B2996","v":"PO-0018413"},{"$f":"[1]Pos!C2996","v":"RYDI"},{"$f":"[1]Pos!D2996","v":1600.5},{"$f":"[1]Pos!E2996","v":7.14}]
[{"$f":"[1]Pos!A2997","v":"4453B04"},{"$f":"[1]Pos!B2997","v":"PO-0018409"},{"$f":"[1]Pos!C2997","v":"RYDI"},{"$f":"[1]Pos!D2997","v":1500},{"$f":"[1]Pos!E2997","v":7.14}]
[{"$f":"[1]Pos!A2998","v":"4453B05"},{"$f":"[1]Pos!B2998","v":"PO-0018430"},{"$f":"[1]Pos!C2998","v":"LARO"},{"$f":"[1]Pos!D2998","v":820},{"$f":"[1]Pos!E2998","v":7.39}]
[{"$f":"[1]Pos!A2999","v":"4453B06"},{"$f":"[1]Pos!B2999","v":"PO-0018621"},{"$f":"[1]Pos!C2999","v":"DECA"},{"$f":"[1]Pos!D2999","v":682.01},{"$f":"[1]Pos!E2999","v":24.29}]
[{"$f":"[1]Pos!A3000","v":"4453B07"},{"$f":"[1]Pos!B3000","v":"PO-0019489"},{"$f":"[1]Pos!C3000","v":"CHIS"},{"$f":"[1]Pos!D3000","v":2120.11},{"$f":"[1]Pos!E3000","v":2.0499999999999998}]
[{"$f":"[1]Pos!A3001","v":"4453P01"},{"$f":"[1]Pos!B3001","v":"PO-0018395"},{"$f":"[1]Pos!C3001","v":"EXCE"},{"$f":"[1]Pos!D3001","v":1286.29},{"$f":"[1]Pos!E3001","v":4.25}]
[{"$f":"[1]Pos!A3002","v":"4453P02"},{"$f":"[1]Pos!B3002","v":"PO-0018395"},{"$f":"[1]Pos!C3002","v":"EXCE"},{"$f":"[1]Pos!D3002","v":217.34},{"$f":"[1]Pos!E3002","v":4.12}]
[{"$f":"[1]Pos!A3003","v":"4453P03"},{"$f":"[1]Pos!B3003","v":"PO-0018416"},{"$f":"[1]Pos!C3003","v":"CENT"},{"$f":"[1]Pos!D3003","v":291.39999999999998},{"$f":"[1]Pos!E3003","v":3.85}]
[{"$f":"[1]Pos!A3004","v":"4453P04"},{"$f":"[1]Pos!B3004","v":"PO-0018417"},{"$f":"[1]Pos!C3004","v":"DESC"},{"$f":"[1]Pos!D3004","v":907.2},{"$f":"[1]Pos!E3004","v":6.4}]
[{"$f":"[1]Pos!A3005","v":"4454B01"},{"$f":"[1]Pos!B3005","v":"PO-0018399"},{"$f":"[1]Pos!C3005","v":"DECA"},{"$f":"[1]Pos!D3005","v":544},{"$f":"[1]Pos!E3005","v":3.36}]
[{"$f":"[1]Pos!A3006","v":"4454B02"},{"$f":"[1]Pos!B3006","v":"PO-0018408"},{"$f":"[1]Pos!C3006","v":"RYDI"},{"$f":"[1]Pos!D3006","v":304},{"$f":"[1]Pos!E3006","v":7.61}]
[{"$f":"[1]Pos!A3007","v":"4454B03"},{"$f":"[1]Pos!B3007","v":"PO-0018523"},{"$f":"[1]Pos!C3007","v":99},{"$f":"[1]Pos!D3007","v":204.3},{"$f":"[1]Pos!E3007","v":6.39}]
[{"$f":"[1]Pos!A3008","v":"4454B04"},{"$f":"[1]Pos!B3008","v":"PO-0018650"},{"$f":"[1]Pos!C3008","v":"DECA"},{"$f":"[1]Pos!D3008","v":229.53},{"$f":"[1]Pos!E3008","v":24.49}]
[{"$f":"[1]Pos!A3009","v":"4454P01"},{"$f":"[1]Pos!B3009","v":"PO-0018411"},{"$f":"[1]Pos!C3009","v":"CENT"},{"$f":"[1]Pos!D3009","v":1929.9},{"$f":"[1]Pos!E3009","v":4.4000000000000004}]
[{"$f":"[1]Pos!A3010","v":"4454P02"},{"$f":"[1]Pos!B3010","v":"PO-0018410"},{"$f":"[1]Pos!C3010","v":"ACCU"},{"$f":"[1]Pos!D3010","v":1800},{"$f":"[1]Pos!E3010","v":3.75}]
[{"$f":"[1]Pos!A3011","v":"4454P03"},{"$f":"[1]Pos!B3011","v":"PO-0018415"},{"$f":"[1]Pos!C3011","v":"ACCU"},{"$f":"[1]Pos!D3011","v":600},{"$f":"[1]Pos!E3011","v":2.8}]
[{"$f":"[1]Pos!A3012","v":"4454P04"},{"$f":"[1]Pos!B3012","v":"PO-0018421"},{"$f":"[1]Pos!C3012","v":"CENT"},{"$f":"[1]Pos!D3012","v":907.2},{"$f":"[1]Pos!E3012","v":6.5}]
[{"$f":"[1]Pos!A3013","v":"4455B01"},{"$f":"[1]Pos!B3013","v":"PO-0018435"},{"$f":"[1]Pos!C3013","v":"JBS"},{"$f":"[1]Pos!D3013","v":56.94},{"$f":"[1]Pos!E3013","v":14.33}]
[{"$f":"[1]Pos!A3014","v":"4455B02"},{"$f":"[1]Pos!B3014","v":"PO-0018435"},{"$f":"[1]Pos!C3014","v":"JBS"},{"$f":"[1]Pos!D3014","v":84.66},{"$f":"[1]Pos!E3014","v":15.23}]
[{"$f":"[1]Pos!A3015","v":"4455B03"},{"$f":"[1]Pos!B3015","v":"PO-0018435"},{"$f":"[1]Pos!C3015","v":"JBS"},{"$f":"[1]Pos!D3015","v":132.88999999999999},{"$f":"[1]Pos!E3015","v":13.56}]
[{"$f":"[1]Pos!A3016","v":"4455B04"},{"$f":"[1]Pos!B3016","v":"PO-0018435"},{"$f":"[1]Pos!C3016","v":"JBS"},{"$f":"[1]Pos!D3016","v":104.83},{"$f":"[1]Pos!E3016","v":12.68}]
[{"$f":"[1]Pos!A3017","v":"4455B05"},{"$f":"[1]Pos!B3017","v":"PO-0018450"},{"$f":"[1]Pos!C3017","v":"DECA"},{"$f":"[1]Pos!D3017","v":208.74},{"$f":"[1]Pos!E3017","v":4.29}]
[{"$f":"[1]Pos!A3018","v":"4455B06"},{"$f":"[1]Pos!B3018","v":"PO-0018450"},{"$f":"[1]Pos!C3018","v":"DECA"},{"$f":"[1]Pos!D3018","v":800.00086199999998},{"$f":"[1]Pos!E3018","v":15.49}]
[{"$f":"[1]Pos!A3019","v":"4455B07"},{"$f":"[1]Pos!B3019","v":"PO-0018511"},{"$f":"[1]Pos!C3019","v":"DECA"},{"$f":"[1]Pos!D3019","v":107.274596},{"$f":"[1]Pos!E3019","v":15.79}]
[{"$f":"[1]Pos!A3020","v":"4455B08"},{"$f":"[1]Pos!B3020","v":"PO-0020417"},{"$f":"[1]Pos!C3020","v":"DECA"},{"$f":"[1]Pos!D3020","v":6298.54},{"$f":"[1]Pos!E3020","v":1.95}]
[{"$f":"[1]Pos!A3021","v":"4455P01"},{"$f":"[1]Pos!B3021","v":"PO-0018422"},{"$f":"[1]Pos!C3021","v":"DESC"},{"$f":"[1]Pos!D3021","v":9072},{"$f":"[1]Pos!E3021","v":3.98}]
[{"$f":"[1]Pos!A3022","v":"4455P02"},{"$f":"[1]Pos!B3022","v":"PO-0018421"},{"$f":"[1]Pos!C3022","v":"CENT"},{"$f":"[1]Pos!D3022","v":5443.2},{"$f":"[1]Pos!E3022","v":4.25}]
[{"$f":"[1]Pos!A3023","v":"4455P03"},{"$f":"[1]Pos!B3023","v":"PO-0018421"},{"$f":"[1]Pos!C3023","v":"CENT"},{"$f":"[1]Pos!D3023","v":6531.84},{"$f":"[1]Pos!E3023","v":6.5}]
[{"$f":"[1]Pos!A3024","v":"4455P04"},{"$f":"[1]Pos!B3024","v":"PO-0018429"},{"$f":"[1]Pos!C3024","v":"CENT"},{"$f":"[1]Pos!D3024","v":1814.4},{"$f":"[1]Pos!E3024","v":6.5}]
[{"$f":"[1]Pos!A3025","v":"4456B01"},{"$f":"[1]Pos!B3025","v":"PO-0018439"},{"$f":"[1]Pos!C3025","v":"WHIT"},{"$f":"[1]Pos!D3025","v":61.92},{"$f":"[1]Pos!E3025","v":9.3699999999999992}]
[{"$f":"[1]Pos!A3026","v":"4456P01"},{"$f":"[1]Pos!B3026","v":"PO-0018420"},{"$f":"[1]Pos!C3026","v":"DESC"},{"$f":"[1]Pos!D3026","v":3628.8},{"$f":"[1]Pos!E3026","v":6.25}]
[{"$f":"[1]Pos!A3027","v":"4456P02"},{"$f":"[1]Pos!B3027","v":"PO-0018423"},{"$f":"[1]Pos!C3027","v":"ACCU"},{"$f":"[1]Pos!D3027","v":4050},{"$f":"[1]Pos!E3027","v":4}]
[{"$f":"[1]Pos!A3028","v":"4456P03"},{"$f":"[1]Pos!B3028","v":"PO-0018429"},{"$f":"[1]Pos!C3028","v":"CENT"},{"$f":"[1]Pos!D3028","v":1849.24},{"$f":"[1]Pos!E3028","v":4.0999999999999996}]
[{"$f":"[1]Pos!A3029","v":"4456P04"},{"$f":"[1]Pos!B3029","v":"PO-0018425"},{"$f":"[1]Pos!C3029","v":"EXCE"},{"$f":"[1]Pos!D3029","v":3853.81},{"$f":"[1]Pos!E3029","v":4}]
[{"$f":"[1]Pos!A3030","v":"4456P05"},{"$f":"[1]Pos!B3030","v":"PO-0018433"},{"$f":"[1]Pos!C3030","v":"DESC"},{"$f":"[1]Pos!D3030","v":5443.2},{"$f":"[1]Pos!E3030","v":6.4}]
[{"$f":"[1]Pos!A3031","v":"4462B01"},{"$f":"[1]Pos!B3031","v":"PO-0018424"},{"$f":"[1]Pos!C3031","v":"DECA"},{"$f":"[1]Pos!D3031","v":159.34},{"$f":"[1]Pos!E3031","v":3.5}]
[{"$f":"[1]Pos!A3032","v":"4462B02"},{"$f":"[1]Pos!B3032","v":"PO-0018431"},{"$f":"[1]Pos!C3032","v":"RYDI"},{"$f":"[1]Pos!D3032","v":300.5},{"$f":"[1]Pos!E3032","v":7.61}]
[{"$f":"[1]Pos!A3033","v":"4462B03"},{"$f":"[1]Pos!B3033","v":"PO-0018431"},{"$f":"[1]Pos!C3033","v":"RYDI"},{"$f":"[1]Pos!D3033","v":2435},{"$f":"[1]Pos!E3033","v":7.28}]
[{"$f":"[1]Pos!A3034","v":"4462B04"},{"$f":"[1]Pos!B3034","v":"PO-0018431"},{"$f":"[1]Pos!C3034","v":"RYDI"},{"$f":"[1]Pos!D3034","v":920},{"$f":"[1]Pos!E3034","v":4.8099999999999996}]
[{"$f":"[1]Pos!A3035","v":"4462B05"},{"$f":"[1]Pos!B3035","v":"PO-0018443"},{"$f":"[1]Pos!C3035","v":"DECA"},{"$f":"[1]Pos!D3035","v":34.659999999999997},{"$f":"[1]Pos!E3035","v":4.1100000000000003}]
[{"$f":"[1]Pos!A3036","v":"4462B06"},{"$f":"[1]Pos!B3036","v":"PO-0018465"},{"$f":"[1]Pos!C3036","v":"DECA"},{"$f":"[1]Pos!D3036","v":974.27239999999995},{"$f":"[1]Pos!E3036","v":3.79}]
[{"$f":"[1]Pos!A3037","v":"4462B07"},{"$f":"[1]Pos!B3037","v":"PO-0018506"},{"$f":"[1]Pos!C3037","v":"CHIS"},{"$f":"[1]Pos!D3037","v":18288.400000000001},{"$f":"[1]Pos!E3037","v":2.82}]
[{"$f":"[1]Pos!A3038","v":"4462B08"},{"$f":"[1]Pos!B3038","v":"PO-0018554"},{"$f":"[1]Pos!C3038","v":"GIRO"},{"$f":"[1]Pos!D3038","v":1000.68},{"$f":"[1]Pos!E3038","v":9.19}]
[{"$f":"[1]Pos!A3039","v":"4462B09"},{"$f":"[1]Pos!B3039","v":"PO-0018903"},{"$f":"[1]Pos!C3039","v":"OLYM"},{"$f":"[1]Pos!D3039","v":2062.09},{"$f":"[1]Pos!E3039","v":5.35}]
[{"$f":"[1]Pos!A3040","v":"4462B10"},{"$f":"[1]Pos!B3040","v":"PO-0020472"},{"$f":"[1]Pos!C3040","v":"DECA"},{"$f":"[1]Pos!D3040","v":4182.99},{"$f":"[1]Pos!E3040","v":1.95}]
[{"$f":"[1]Pos!A3041","v":"4462P01"},{"$f":"[1]Pos!B3041","v":"PO-0018425"},{"$f":"[1]Pos!C3041","v":"EXCE"},{"$f":"[1]Pos!D3041","v":268.66000000000003},{"$f":"[1]Pos!E3041","v":4.12}]
[{"$f":"[1]Pos!A3042","v":"4462P02"},{"$f":"[1]Pos!B3042","v":"PO-0018434"},{"$f":"[1]Pos!C3042","v":"CENT"},{"$f":"[1]Pos!D3042","v":918.73},{"$f":"[1]Pos!E3042","v":3.9}]
[{"$f":"[1]Pos!A3043","v":"4462P03"},{"$f":"[1]Pos!B3043","v":"PO-0018434"},{"$f":"[1]Pos!C3043","v":"CENT"},{"$f":"[1]Pos!D3043","v":1946.84},{"$f":"[1]Pos!E3043","v":3.9}]
[{"$f":"[1]Pos!A3044","v":"4462P04"},{"$f":"[1]Pos!B3044","v":"PO-0018434"},{"$f":"[1]Pos!C3044","v":"CENT"},{"$f":"[1]Pos!D3044","v":1796.7},{"$f":"[1]Pos!E3044","v":3.95}]
[{"$f":"[1]Pos!A3045","v":"4462P05"},{"$f":"[1]Pos!B3045","v":"PO-0018440"},{"$f":"[1]Pos!C3045","v":"DESC"},{"$f":"[1]Pos!D3045","v":3628.8},{"$f":"[1]Pos!E3045","v":6.25}]
[{"$f":"[1]Pos!A3046","v":"4462P06"},{"$f":"[1]Pos!B3046","v":"PO-0018440"},{"$f":"[1]Pos!C3046","v":"DESC"},{"$f":"[1]Pos!D3046","v":5261.76},{"$f":"[1]Pos!E3046","v":6.25}]
[{"$f":"[1]Pos!A3047","v":"4463B01"},{"$f":"[1]Pos!B3047","v":"PO-0018439"},{"$f":"[1]Pos!C3047","v":"WHIT"},{"$f":"[1]Pos!D3047","v":218.66},{"$f":"[1]Pos!E3047","v":13.95}]
[{"$f":"[1]Pos!A3048","v":"4463B02"},{"$f":"[1]Pos!B3048","v":"PO-0018439"},{"$f":"[1]Pos!C3048","v":"WHIT"},{"$f":"[1]Pos!D3048","v":96.16},{"$f":"[1]Pos!E3048","v":8.65}]
[{"$f":"[1]Pos!A3049","v":"4463B03"},{"$f":"[1]Pos!B3049","v":"PO-0018450"},{"$f":"[1]Pos!C3049","v":"DECA"},{"$f":"[1]Pos!D3049","v":75.92},{"$f":"[1]Pos!E3049","v":3.41}]
[{"$f":"[1]Pos!A3050","v":"4463B04"},{"$f":"[1]Pos!B3050","v":"PO-0018521"},{"$f":"[1]Pos!C3050","v":"DECA"},{"$f":"[1]Pos!D3050","v":61.79},{"$f":"[1]Pos!E3050","v":8.7899999999999991}]
[{"$f":"[1]Pos!A3051","v":"4463B05"},{"$f":"[1]Pos!B3051","v":"PO-0018630"},{"$f":"[1]Pos!C3051","v":99},{"$f":"[1]Pos!D3051","v":27.08},{"$f":"[1]Pos!E3051","v":1E-4}]
[{"$f":"[1]Pos!A3052","v":"4463B06"},{"$f":"[1]Pos!B3052","v":"PO-0018679"},{"$f":"[1]Pos!C3052","v":"CHIS"},{"$f":"[1]Pos!D3052","v":12004.02},{"$f":"[1]Pos!E3052","v":7.05}]
[{"$f":"[1]Pos!A3053","v":"4463P01"},{"$f":"[1]Pos!B3053","v":"PO-0018426"},{"$f":"[1]Pos!C3053","v":"EXCE"},{"$f":"[1]Pos!D3053","v":1925.97},{"$f":"[1]Pos!E3053","v":3.7}]
[{"$f":"[1]Pos!A3054","v":"4463P02"},{"$f":"[1]Pos!B3054","v":"PO-0018427"},{"$f":"[1]Pos!C3054","v":"EXCE"},{"$f":"[1]Pos!D3054","v":5502.45},{"$f":"[1]Pos!E3054","v":4}]
[{"$f":"[1]Pos!A3055","v":"4463P03"},{"$f":"[1]Pos!B3055","v":"PO-0018441"},{"$f":"[1]Pos!C3055","v":"ACCU"},{"$f":"[1]Pos!D3055","v":1800},{"$f":"[1]Pos!E3055","v":3.85}]
[{"$f":"[1]Pos!A3056","v":"4463P04"},{"$f":"[1]Pos!B3056","v":"PO-0018446"},{"$f":"[1]Pos!C3056","v":"CENT"},{"$f":"[1]Pos!D3056","v":4536},{"$f":"[1]Pos!E3056","v":4.25}]
[{"$f":"[1]Pos!A3057","v":"4463P05"},{"$f":"[1]Pos!B3057","v":"PO-0018448"},{"$f":"[1]Pos!C3057","v":"CENT"},{"$f":"[1]Pos!D3057","v":907.2},{"$f":"[1]Pos!E3057","v":7}]
[{"$f":"[1]Pos!A3058","v":"4464B01"},{"$f":"[1]Pos!B3058","v":"PO-0018432"},{"$f":"[1]Pos!C3058","v":"RYDI"},{"$f":"[1]Pos!D3058","v":480},{"$f":"[1]Pos!E3058","v":7.61}]
[{"$f":"[1]Pos!A3059","v":"4464B02"},{"$f":"[1]Pos!B3059","v":"PO-0018432"},{"$f":"[1]Pos!C3059","v":"RYDI"},{"$f":"[1]Pos!D3059","v":1600},{"$f":"[1]Pos!E3059","v":7.28}]
[{"$f":"[1]Pos!A3060","v":"4464B03"},{"$f":"[1]Pos!B3060","v":"PO-0018432"},{"$f":"[1]Pos!C3060","v":"RYDI"},{"$f":"[1]Pos!D3060","v":842.5},{"$f":"[1]Pos!E3060","v":4.8099999999999996}]
[{"$f":"[1]Pos!A3061","v":"4464B04"},{"$f":"[1]Pos!B3061","v":"PO-0018457"},{"$f":"[1]Pos!C3061","v":"DECA"},{"$f":"[1]Pos!D3061","v":144.88},{"$f":"[1]Pos!E3061","v":3.2}]
[{"$f":"[1]Pos!A3062","v":"4464B05"},{"$f":"[1]Pos!B3062","v":"PO-0018862"},{"$f":"[1]Pos!C3062","v":"SEAW"},{"$f":"[1]Pos!D3062","v":5440},{"$f":"[1]Pos!E3062","v":6.95}]
[{"$f":"[1]Pos!A3063","v":"4464P01"},{"$f":"[1]Pos!B3063","v":"PO-0018442"},{"$f":"[1]Pos!C3063","v":"ACCU"},{"$f":"[1]Pos!D3063","v":3743.32},{"$f":"[1]Pos!E3063","v":4.1500000000000004}]
[{"$f":"[1]Pos!A3064","v":"4464P02"},{"$f":"[1]Pos!B3064","v":"PO-0018453"},{"$f":"[1]Pos!C3064","v":"CENT"},{"$f":"[1]Pos!D3064","v":3022.3},{"$f":"[1]Pos!E3064","v":3.85}]
[{"$f":"[1]Pos!A3065","v":"4465B01"},{"$f":"[1]Pos!B3065","v":"PO-0018455"},{"$f":"[1]Pos!C3065","v":"RYDI"},{"$f":"[1]Pos!D3065","v":2722},{"$f":"[1]Pos!E3065","v":4.7}]
[{"$f":"[1]Pos!A3066","v":"4465B02"},{"$f":"[1]Pos!B3066","v":"PO-0018566"},{"$f":"[1]Pos!C3066","v":"DECA"},{"$f":"[1]Pos!D3066","v":351.76},{"$f":"[1]Pos!E3066","v":24.75}]
[{"$f":"[1]Pos!A3067","v":"4465B03"},{"$f":"[1]Pos!B3067","v":"PO-0018566"},{"$f":"[1]Pos!C3067","v":"DECA"},{"$f":"[1]Pos!D3067","v":147.85},{"$f":"[1]Pos!E3067","v":26.49}]
[{"$f":"[1]Pos!A3068","v":"4465B04"},{"$f":"[1]Pos!B3068","v":"PO-0018651"},{"$f":"[1]Pos!C3068","v":"GEOR"},{"$f":"[1]Pos!D3068","v":34.979999999999997},{"$f":"[1]Pos!E3068","v":15.49}]
[{"$f":"[1]Pos!A3069","v":"4465P01"},{"$f":"[1]Pos!B3069","v":"PO-0018453"},{"$f":"[1]Pos!C3069","v":"CENT"},{"$f":"[1]Pos!D3069","v":3628.8},{"$f":"[1]Pos!E3069","v":4.0999999999999996}]
[{"$f":"[1]Pos!A3070","v":"4465P02"},{"$f":"[1]Pos!B3070","v":"PO-0018453"},{"$f":"[1]Pos!C3070","v":"CENT"},{"$f":"[1]Pos!D3070","v":362.88},{"$f":"[1]Pos!E3070","v":3.4}]
[{"$f":"[1]Pos!A3071","v":"4465P03"},{"$f":"[1]Pos!B3071","v":"PO-0018461"},{"$f":"[1]Pos!C3071","v":"CENT"},{"$f":"[1]Pos!D3071","v":7257.6},{"$f":"[1]Pos!E3071","v":4.0999999999999996}]
[{"$f":"[1]Pos!A3072","v":"4466B01"},{"$f":"[1]Pos!B3072","v":"PO-0018449"},{"$f":"[1]Pos!C3072","v":"BOUC"},{"$f":"[1]Pos!D3072","v":115.16},{"$f":"[1]Pos!E3072","v":3.58}]
[{"$f":"[1]Pos!A3073","v":"4466B02"},{"$f":"[1]Pos!B3073","v":"PO-0018498"},{"$f":"[1]Pos!C3073","v":"DECA"},{"$f":"[1]Pos!D3073","v":4762.53},{"$f":"[1]Pos!E3073","v":7.15}]
[{"$f":"[1]Pos!A3074","v":"4466B03"},{"$f":"[1]Pos!B3074","v":"PO-0018584"},{"$f":"[1]Pos!C3074","v":"C&C"},{"$f":"[1]Pos!D3074","v":210.55},{"$f":"[1]Pos!E3074","v":17.690000000000001}]
[{"$f":"[1]Pos!A3075","v":"4466B04"},{"$f":"[1]Pos!B3075","v":"PO-0019685"},{"$f":"[1]Pos!C3075","v":"C&C"},{"$f":"[1]Pos!D3075","v":2177.6},{"$f":"[1]Pos!E3075","v":3.55}]
[{"$f":"[1]Pos!A3076","v":"4466P01"},{"$f":"[1]Pos!B3076","v":"PO-0018452"},{"$f":"[1]Pos!C3076","v":"EXCE"},{"$f":"[1]Pos!D3076","v":1943.68},{"$f":"[1]Pos!E3076","v":3.5}]
[{"$f":"[1]Pos!A3077","v":"4466P02"},{"$f":"[1]Pos!B3077","v":"PO-0018456"},{"$f":"[1]Pos!C3077","v":"ACCU"},{"$f":"[1]Pos!D3077","v":18},{"$f":"[1]Pos!E3077","v":3.55}]
[{"$f":"[1]Pos!A3078","v":"4466P03"},{"$f":"[1]Pos!B3078","v":"PO-0018454"},{"$f":"[1]Pos!C3078","v":"DESC"},{"$f":"[1]Pos!D3078","v":2751.6},{"$f":"[1]Pos!E3078","v":6.25}]
[{"$f":"[1]Pos!A3079","v":"4466P04"},{"$f":"[1]Pos!B3079","v":"PO-0018462"},{"$f":"[1]Pos!C3079","v":"ACCU"},{"$f":"[1]Pos!D3079","v":3600},{"$f":"[1]Pos!E3079","v":3.7}]
[{"$f":"[1]Pos!A3080","v":"4466P05"},{"$f":"[1]Pos!B3080","v":"PO-0018469"},{"$f":"[1]Pos!C3080","v":"CENT"},{"$f":"[1]Pos!D3080","v":1814.4},{"$f":"[1]Pos!E3080","v":4.0999999999999996}]
[{"$f":"[1]Pos!A3081","v":"4472B01"},{"$f":"[1]Pos!B3081","v":"PO-0018472"},{"$f":"[1]Pos!C3081","v":"RYDI"},{"$f":"[1]Pos!D3081","v":400},{"$f":"[1]Pos!E3081","v":7.61}]
[{"$f":"[1]Pos!A3082","v":"4472B02"},{"$f":"[1]Pos!B3082","v":"PO-0018572"},{"$f":"[1]Pos!C3082","v":"C&C"},{"$f":"[1]Pos!D3082","v":2372.62},{"$f":"[1]Pos!E3082","v":6.99}]
[{"$f":"[1]Pos!A3083","v":"4472P01"},{"$f":"[1]Pos!B3083","v":"PO-0018463"},{"$f":"[1]Pos!C3083","v":"EXCE"},{"$f":"[1]Pos!D3083","v":1931.21},{"$f":"[1]Pos!E3083","v":3.5}]
[{"$f":"[1]Pos!A3084","v":"4472P02"},{"$f":"[1]Pos!B3084","v":"PO-0018463"},{"$f":"[1]Pos!C3084","v":"EXCE"},{"$f":"[1]Pos!D3084","v":133.44999999999999},{"$f":"[1]Pos!E3084","v":4.12}]
[{"$f":"[1]Pos!A3085","v":"4472P03"},{"$f":"[1]Pos!B3085","v":"PO-0018471"},{"$f":"[1]Pos!C3085","v":"ACCU"},{"$f":"[1]Pos!D3085","v":1800},{"$f":"[1]Pos!E3085","v":3.7}]
[{"$f":"[1]Pos!A3086","v":"4472P04"},{"$f":"[1]Pos!B3086","v":"PO-0018480"},{"$f":"[1]Pos!C3086","v":"DESC"},{"$f":"[1]Pos!D3086","v":2721.6},{"$f":"[1]Pos!E3086","v":6.25}]
[{"$f":"[1]Pos!A3087","v":"4472P05"},{"$f":"[1]Pos!B3087","v":"PO-0018482"},{"$f":"[1]Pos!C3087","v":"CENT"},{"$f":"[1]Pos!D3087","v":8164.8},{"$f":"[1]Pos!E3087","v":4.0999999999999996}]
[{"$f":"[1]Pos!A3088","v":"4472P06"},{"$f":"[1]Pos!B3088","v":"PO-0018485"},{"$f":"[1]Pos!C3088","v":"DESC"},{"$f":"[1]Pos!D3088","v":1814.4},{"$f":"[1]Pos!E3088","v":6.25}]
[{"$f":"[1]Pos!A3089","v":"4473P01"},{"$f":"[1]Pos!B3089","v":"PO-0018468"},{"$f":"[1]Pos!C3089","v":"EXCE"},{"$f":"[1]Pos!D3089","v":3867.02},{"$f":"[1]Pos!E3089","v":3.5}]
[{"$f":"[1]Pos!A3090","v":"4473P02"},{"$f":"[1]Pos!B3090","v":"PO-0018469"},{"$f":"[1]Pos!C3090","v":"CENT"},{"$f":"[1]Pos!D3090","v":642.09},{"$f":"[1]Pos!E3090","v":4.0999999999999996}]
[{"$f":"[1]Pos!A3091","v":"4473P03"},{"$f":"[1]Pos!B3091","v":"PO-0018470"},{"$f":"[1]Pos!C3091","v":"DESC"},{"$f":"[1]Pos!D3091","v":5397.78},{"$f":"[1]Pos!E3091","v":3.4}]
[{"$f":"[1]Pos!A3092","v":"4473P04"},{"$f":"[1]Pos!B3092","v":"PO-0018481"},{"$f":"[1]Pos!C3092","v":"EXCE"},{"$f":"[1]Pos!D3092","v":1562.2},{"$f":"[1]Pos!E3092","v":3.5}]
[{"$f":"[1]Pos!A3093","v":"4473P05"},{"$f":"[1]Pos!B3093","v":"PO-0018481"},{"$f":"[1]Pos!C3093","v":"EXCE"},{"$f":"[1]Pos!D3093","v":454.05},{"$f":"[1]Pos!E3093","v":3.6}]
[{"$f":"[1]Pos!A3094","v":"4473P06"},{"$f":"[1]Pos!B3094","v":"PO-0018480"},{"$f":"[1]Pos!C3094","v":"DESC"},{"$f":"[1]Pos!D3094","v":3597.34},{"$f":"[1]Pos!E3094","v":3.55}]
[{"$f":"[1]Pos!A3095","v":"4474P01"},{"$f":"[1]Pos!B3095","v":"PO-0018481"},{"$f":"[1]Pos!C3095","v":"EXCE"},{"$f":"[1]Pos!D3095","v":134.63},{"$f":"[1]Pos!E3095","v":4.12}]
[{"$f":"[1]Pos!A3096","v":"4474P02"},{"$f":"[1]Pos!B3096","v":"PO-0018488"},{"$f":"[1]Pos!C3096","v":"CENT"},{"$f":"[1]Pos!D3096","v":1814.4},{"$f":"[1]Pos!E3096","v":6.75}]
[{"$f":"[1]Pos!A3097","v":"4474P03"},{"$f":"[1]Pos!B3097","v":"PO-0018482"},{"$f":"[1]Pos!C3097","v":"CENT"},{"$f":"[1]Pos!D3097","v":2841.8},{"$f":"[1]Pos!E3097","v":3.9}]
[{"$f":"[1]Pos!A3098","v":"4474P04"},{"$f":"[1]Pos!B3098","v":"PO-0018499"},{"$f":"[1]Pos!C3098","v":"CENT"},{"$f":"[1]Pos!D3098","v":2896.92},{"$f":"[1]Pos!E3098","v":3.9}]
[{"$f":"[1]Pos!A3099","v":"4475B01"},{"$f":"[1]Pos!B3099","v":"PO-0018473"},{"$f":"[1]Pos!C3099","v":"RYDI"},{"$f":"[1]Pos!D3099","v":2309},{"$f":"[1]Pos!E3099","v":7.21}]
[{"$f":"[1]Pos!A3100","v":"4475B02"},{"$f":"[1]Pos!B3100","v":"PO-0018473"},{"$f":"[1]Pos!C3100","v":"RYDI"},{"$f":"[1]Pos!D3100","v":877},{"$f":"[1]Pos!E3100","v":4.76}]
[{"$f":"[1]Pos!A3101","v":"4475B03"},{"$f":"[1]Pos!B3101","v":"PO-0018487"},{"$f":"[1]Pos!C3101","v":"DECA"},{"$f":"[1]Pos!D3101","v":38.08},{"$f":"[1]Pos!E3101","v":3.4}]
[{"$f":"[1]Pos!A3102","v":"4475B04"},{"$f":"[1]Pos!B3102","v":"PO-0018487"},{"$f":"[1]Pos!C3102","v":"DECA"},{"$f":"[1]Pos!D3102","v":198.94},{"$f":"[1]Pos!E3102","v":4.0199999999999996}]
[{"$f":"[1]Pos!A3103","v":"4475B05"},{"$f":"[1]Pos!B3103","v":"PO-0018484"},{"$f":"[1]Pos!C3103","v":"DELF"},{"$f":"[1]Pos!D3103","v":1039.1099999999999},{"$f":"[1]Pos!E3103","v":8.57}]
[{"$f":"[1]Pos!A3104","v":"4475B06"},{"$f":"[1]Pos!B3104","v":"PO-0018525"},{"$f":"[1]Pos!C3104","v":"DECA"},{"$f":"[1]Pos!D3104","v":1338.87},{"$f":"[1]Pos!E3104","v":7.15}]
[{"$f":"[1]Pos!A3105","v":"4475B07"},{"$f":"[1]Pos!B3105","v":"PO-0018579"},{"$f":"[1]Pos!C3105","v":"DECA"},{"$f":"[1]Pos!D3105","v":320.78052400000001},{"$f":"[1]Pos!E3105","v":16.29}]
[{"$f":"[1]Pos!A3106","v":"4475B08"},{"$f":"[1]Pos!B3106","v":"PO-0018532"},{"$f":"[1]Pos!C3106","v":"CHIS"},{"$f":"[1]Pos!D3106","v":18291.84},{"$f":"[1]Pos!E3106","v":2.82}]
[{"$f":"[1]Pos!A3107","v":"4475B09"},{"$f":"[1]Pos!B3107","v":"PO-0019816"},{"$f":"[1]Pos!C3107","v":"C&C"},{"$f":"[1]Pos!D3107","v":3946.9},{"$f":"[1]Pos!E3107","v":3.4}]
[{"$f":"[1]Pos!A3108","v":"4475P01"},{"$f":"[1]Pos!B3108","v":"PO-0018490"},{"$f":"[1]Pos!C3108","v":"DESC"},{"$f":"[1]Pos!D3108","v":3590.12},{"$f":"[1]Pos!E3108","v":3.55}]
[{"$f":"[1]Pos!A3109","v":"4475P02"},{"$f":"[1]Pos!B3109","v":"PO-0018500"},{"$f":"[1]Pos!C3109","v":"DESC"},{"$f":"[1]Pos!D3109","v":3628.8},{"$f":"[1]Pos!E3109","v":6.25}]
[{"$f":"[1]Pos!A3110","v":"4475P03"},{"$f":"[1]Pos!B3110","v":"PO-0018501"},{"$f":"[1]Pos!C3110","v":"DESC"},{"$f":"[1]Pos!D3110","v":7200},{"$f":"[1]Pos!E3110","v":3.4}]
[{"$f":"[1]Pos!A3111","v":"4475P04"},{"$f":"[1]Pos!B3111","v":"PO-0018513"},{"$f":"[1]Pos!C3111","v":"CENT"},{"$f":"[1]Pos!D3111","v":353.22300000000001},{"$f":"[1]Pos!E3111","v":3.5}]
[{"$f":"[1]Pos!A3112","v":"4476B01"},{"$f":"[1]Pos!B3112","v":"PO-0018483"},{"$f":"[1]Pos!C3112","v":"BOUC"},{"$f":"[1]Pos!D3112","v":104.3},{"$f":"[1]Pos!E3112","v":3.53}]
[{"$f":"[1]Pos!A3113","v":"4476B02"},{"$f":"[1]Pos!B3113","v":"PO-0018474"},{"$f":"[1]Pos!C3113","v":"RYDI"},{"$f":"[1]Pos!D3113","v":406},{"$f":"[1]Pos!E3113","v":7.61}]
[{"$f":"[1]Pos!A3114","v":"4476B03"},{"$f":"[1]Pos!B3114","v":"PO-0018502"},{"$f":"[1]Pos!C3114","v":"DECA"},{"$f":"[1]Pos!D3114","v":37.78},{"$f":"[1]Pos!E3114","v":3.54}]
[{"$f":"[1]Pos!A3115","v":"4476B04"},{"$f":"[1]Pos!B3115","v":"PO-0018492"},{"$f":"[1]Pos!C3115","v":"RYDI"},{"$f":"[1]Pos!D3115","v":2597},{"$f":"[1]Pos!E3115","v":7.23}]
[{"$f":"[1]Pos!A3116","v":"4476B05"},{"$f":"[1]Pos!B3116","v":"PO-0018492"},{"$f":"[1]Pos!C3116","v":"RYDI"},{"$f":"[1]Pos!D3116","v":864},{"$f":"[1]Pos!E3116","v":4.8099999999999996}]
[{"$f":"[1]Pos!A3117","v":"4476B06"},{"$f":"[1]Pos!B3117","v":"PO-0018493"},{"$f":"[1]Pos!C3117","v":"RYDI"},{"$f":"[1]Pos!D3117","v":400},{"$f":"[1]Pos!E3117","v":7.61}]
[{"$f":"[1]Pos!A3118","v":"4476B07"},{"$f":"[1]Pos!B3118","v":"PO-0018588"},{"$f":"[1]Pos!C3118","v":"DECA"},{"$f":"[1]Pos!D3118","v":132.67259999999999},{"$f":"[1]Pos!E3118","v":6}]
[{"$f":"[1]Pos!A3119","v":"4476B08"},{"$f":"[1]Pos!B3119","v":"PO-0018630"},{"$f":"[1]Pos!C3119","v":99},{"$f":"[1]Pos!D3119","v":49.43},{"$f":"[1]Pos!E3119","v":1E-4}]
[{"$f":"[1]Pos!A3120","v":"4476P01"},{"$f":"[1]Pos!B3120","v":"PO-0018499"},{"$f":"[1]Pos!C3120","v":"CENT"},{"$f":"[1]Pos!D3120","v":362.88},{"$f":"[1]Pos!E3120","v":3.4}]
[{"$f":"[1]Pos!A3121","v":"4476P02"},{"$f":"[1]Pos!B3121","v":"PO-0018505"},{"$f":"[1]Pos!C3121","v":99},{"$f":"[1]Pos!D3121","v":3628.8},{"$f":"[1]Pos!E3121","v":6.6}]
[{"$f":"[1]Pos!A3122","v":"4476P03"},{"$f":"[1]Pos!B3122","v":"PO-0018507"},{"$f":"[1]Pos!C3122","v":"CENT"},{"$f":"[1]Pos!D3122","v":544.32000000000005},{"$f":"[1]Pos!E3122","v":3.4}]
[{"$f":"[1]Pos!A3123","v":"4476P04"},{"$f":"[1]Pos!B3123","v":"PO-0018507"},{"$f":"[1]Pos!C3123","v":"CENT"},{"$f":"[1]Pos!D3123","v":907.2},{"$f":"[1]Pos!E3123","v":4.0999999999999996}]
[{"$f":"[1]Pos!A3124","v":"4476P05"},{"$f":"[1]Pos!B3124","v":"PO-0018516"},{"$f":"[1]Pos!C3124","v":"CENT"},{"$f":"[1]Pos!D3124","v":907.2},{"$f":"[1]Pos!E3124","v":4.0999999999999996}]
[{"$f":"[1]Pos!A3125","v":"4476P06"},{"$f":"[1]Pos!B3125","v":"PO-0018518"},{"$f":"[1]Pos!C3125","v":99},{"$f":"[1]Pos!D3125","v":3628.8},{"$f":"[1]Pos!E3125","v":6.2}]
[{"$f":"[1]Pos!A3126","v":"4476P07"},{"$f":"[1]Pos!B3126","v":"PO-0018528"},{"$f":"[1]Pos!C3126","v":99},{"$f":"[1]Pos!D3126","v":943.48},{"$f":"[1]Pos!E3126","v":6.2}]
[{"$f":"[1]Pos!A3127","v":"4477B01"},{"$f":"[1]Pos!B3127","v":"PO-0018547"},{"$f":"[1]Pos!C3127","v":"DECA"},{"$f":"[1]Pos!D3127","v":1978.27},{"$f":"[1]Pos!E3127","v":7.15}]
[{"$f":"[1]Pos!A3128","v":"4477B02"},{"$f":"[1]Pos!B3128","v":"PO-0018878"},{"$f":"[1]Pos!C3128","v":"C&C"},{"$f":"[1]Pos!D3128","v":816.6},{"$f":"[1]Pos!E3128","v":3.99}]
[{"$f":"[1]Pos!A3129","v":"4482B01"},{"$f":"[1]Pos!B3129","v":"PO-0018603"},{"$f":"[1]Pos!C3129","v":"RETA"},{"$f":"[1]Pos!D3129","v":1687.953287},{"$f":"[1]Pos!E3129","v":12.4}]
[{"$f":"[1]Pos!A3130","v":"4482B02"},{"$f":"[1]Pos!B3130","v":"PO-0018679"},{"$f":"[1]Pos!C3130","v":"CHIS"},{"$f":"[1]Pos!D3130","v":11976.8},{"$f":"[1]Pos!E3130","v":7.05}]
[{"$f":"[1]Pos!A3131","v":"4482P01"},{"$f":"[1]Pos!B3131","v":"PO-0018524"},{"$f":"[1]Pos!C3131","v":"CENT"},{"$f":"[1]Pos!D3131","v":3628.8},{"$f":"[1]Pos!E3131","v":4.0999999999999996}]
[{"$f":"[1]Pos!A3132","v":"4483B01"},{"$f":"[1]Pos!B3132","v":"PO-0018494"},{"$f":"[1]Pos!C3132","v":"RYDI"},{"$f":"[1]Pos!D3132","v":2373},{"$f":"[1]Pos!E3132","v":7.23}]
[{"$f":"[1]Pos!A3133","v":"4483B02"},{"$f":"[1]Pos!B3133","v":"PO-0018494"},{"$f":"[1]Pos!C3133","v":"RYDI"},{"$f":"[1]Pos!D3133","v":858.5},{"$f":"[1]Pos!E3133","v":4.8099999999999996}]
[{"$f":"[1]Pos!A3134","v":"4483B03"},{"$f":"[1]Pos!B3134","v":"PO-0018495"},{"$f":"[1]Pos!C3134","v":"RYDI"},{"$f":"[1]Pos!D3134","v":591},{"$f":"[1]Pos!E3134","v":7.61}]
[{"$f":"[1]Pos!A3135","v":"4483B04"},{"$f":"[1]Pos!B3135","v":"PO-0018673"},{"$f":"[1]Pos!C3135","v":"CHIS"},{"$f":"[1]Pos!D3135","v":17856},{"$f":"[1]Pos!E3135","v":2.75}]
[{"$f":"[1]Pos!A3136","v":"4483B05"},{"$f":"[1]Pos!B3136","v":"PO-0018827"},{"$f":"[1]Pos!C3136","v":"SEAW"},{"$f":"[1]Pos!D3136","v":5440},{"$f":"[1]Pos!E3136","v":6.95}]
[{"$f":"[1]Pos!A3137","v":"4483P01"},{"$f":"[1]Pos!B3137","v":"PO-0018527"},{"$f":"[1]Pos!C3137","v":"CENT"},{"$f":"[1]Pos!D3137","v":4536},{"$f":"[1]Pos!E3137","v":4.0999999999999996}]
[{"$f":"[1]Pos!A3138","v":"4484B01"},{"$f":"[1]Pos!B3138","v":"PO-0018519"},{"$f":"[1]Pos!C3138","v":"BOUC"},{"$f":"[1]Pos!D3138","v":181.66},{"$f":"[1]Pos!E3138","v":3.48}]
[{"$f":"[1]Pos!A3139","v":"4484B02"},{"$f":"[1]Pos!B3139","v":"PO-0018525"},{"$f":"[1]Pos!C3139","v":"DECA"},{"$f":"[1]Pos!D3139","v":150.30000000000001},{"$f":"[1]Pos!E3139","v":3.97}]
[{"$f":"[1]Pos!A3140","v":"4484B03"},{"$f":"[1]Pos!B3140","v":"PO-0018593"},{"$f":"[1]Pos!C3140","v":"DECA"},{"$f":"[1]Pos!D3140","v":60.32},{"$f":"[1]Pos!E3140","v":10.49}]
[{"$f":"[1]Pos!A3141","v":"4484B04"},{"$f":"[1]Pos!B3141","v":"PO-0019346"},{"$f":"[1]Pos!C3141","v":"DECA"},{"$f":"[1]Pos!D3141","v":1518.64},{"$f":"[1]Pos!E3141","v":5.89}]
[{"$f":"[1]Pos!A3142","v":"4484P01"},{"$f":"[1]Pos!B3142","v":"PO-0018526"},{"$f":"[1]Pos!C3142","v":"BENI"},{"$f":"[1]Pos!D3142","v":672.48},{"$f":"[1]Pos!E3142","v":4.6500000000000004}]
[{"$f":"[1]Pos!A3143","v":"4484P02"},{"$f":"[1]Pos!B3143","v":"PO-0018526"},{"$f":"[1]Pos!C3143","v":"BENI"},{"$f":"[1]Pos!D3143","v":81.93},{"$f":"[1]Pos!E3143","v":4.5}]
[{"$f":"[1]Pos!A3144","v":"4484P03"},{"$f":"[1]Pos!B3144","v":"PO-0018546"},{"$f":"[1]Pos!C3144","v":"DESC"},{"$f":"[1]Pos!D3144","v":3628.8},{"$f":"[1]Pos!E3144","v":6.25}]
[{"$f":"[1]Pos!A3145","v":"4485B01"},{"$f":"[1]Pos!B3145","v":"PO-0018525"},{"$f":"[1]Pos!C3145","v":"DECA"},{"$f":"[1]Pos!D3145","v":152.97999999999999},{"$f":"[1]Pos!E3145","v":3.54}]
[{"$f":"[1]Pos!A3146","v":"4485B02"},{"$f":"[1]Pos!B3146","v":"PO-0018639"},{"$f":"[1]Pos!C3146","v":"DECA"},{"$f":"[1]Pos!D3146","v":582.41999999999996},{"$f":"[1]Pos!E3146","v":13.79}]
[{"$f":"[1]Pos!A3147","v":"4485B03"},{"$f":"[1]Pos!B3147","v":"PO-0018694"},{"$f":"[1]Pos!C3147","v":"DECA"},{"$f":"[1]Pos!D3147","v":639.79999999999995},{"$f":"[1]Pos!E3147","v":13.79}]
[{"$f":"[1]Pos!A3148","v":"4485P01"},{"$f":"[1]Pos!B3148","v":"PO-0018542"},{"$f":"[1]Pos!C3148","v":"EXCE"},{"$f":"[1]Pos!D3148","v":166.79},{"$f":"[1]Pos!E3148","v":3.7}]
[{"$f":"[1]Pos!A3149","v":"4486B01"},{"$f":"[1]Pos!B3149","v":"PO-0018543"},{"$f":"[1]Pos!C3149","v":"DELF-ON"},{"$f":"[1]Pos!D3149","v":32.58},{"$f":"[1]Pos!E3149","v":14.19}]
[{"$f":"[1]Pos!A3150","v":"4486B02"},{"$f":"[1]Pos!B3150","v":"PO-0018539"},{"$f":"[1]Pos!C3150","v":"RYDI"},{"$f":"[1]Pos!D3150","v":2650},{"$f":"[1]Pos!E3150","v":7.72}]
[{"$f":"[1]Pos!A3151","v":"4486B03"},{"$f":"[1]Pos!B3151","v":"PO-0018539"},{"$f":"[1]Pos!C3151","v":"RYDI"},{"$f":"[1]Pos!D3151","v":778.5},{"$f":"[1]Pos!E3151","v":3.11}]
[{"$f":"[1]Pos!A3152","v":"4486P01"},{"$f":"[1]Pos!B3152","v":"PO-0018540"},{"$f":"[1]Pos!C3152","v":"CENT"},{"$f":"[1]Pos!D3152","v":2721.6},{"$f":"[1]Pos!E3152","v":4.0999999999999996}]
[{"$f":"[1]Pos!A3153","v":"4486P02"},{"$f":"[1]Pos!B3153","v":"PO-0018540"},{"$f":"[1]Pos!C3153","v":"CENT"},{"$f":"[1]Pos!D3153","v":1669.24},{"$f":"[1]Pos!E3153","v":6.7}]
[{"$f":"[1]Pos!A3154","v":"4486P03"},{"$f":"[1]Pos!B3154","v":"PO-0018542"},{"$f":"[1]Pos!C3154","v":"EXCE"},{"$f":"[1]Pos!D3154","v":642.82000000000005},{"$f":"[1]Pos!E3154","v":3.6}]
[{"$f":"[1]Pos!A3155","v":"4486P04"},{"$f":"[1]Pos!B3155","v":"PO-0018538"},{"$f":"[1]Pos!C3155","v":99},{"$f":"[1]Pos!D3155","v":7257.6},{"$f":"[1]Pos!E3155","v":6.35}]
[{"$f":"[1]Pos!A3156","v":"4486P05"},{"$f":"[1]Pos!B3156","v":"PO-0018531"},{"$f":"[1]Pos!C3156","v":"DESC"},{"$f":"[1]Pos!D3156","v":1814.4},{"$f":"[1]Pos!E3156","v":6.25}]
[{"$f":"[1]Pos!A3157","v":"4486P06"},{"$f":"[1]Pos!B3157","v":"PO-0018545"},{"$f":"[1]Pos!C3157","v":"CENT"},{"$f":"[1]Pos!D3157","v":1814.4},{"$f":"[1]Pos!E3157","v":4.0999999999999996}]
[{"$f":"[1]Pos!A3158","v":"4486P07"},{"$f":"[1]Pos!B3158","v":"PO-0018545"},{"$f":"[1]Pos!C3158","v":"CENT"},{"$f":"[1]Pos!D3158","v":4082.4},{"$f":"[1]Pos!E3158","v":6.5}]
[{"$f":"[1]Pos!A3159","v":"4487P01"},{"$f":"[1]Pos!B3159","v":"PO-0018542"},{"$f":"[1]Pos!C3159","v":"EXCE"},{"$f":"[1]Pos!D3159","v":643.21},{"$f":"[1]Pos!E3159","v":4.25}]
[{"$f":"[1]Pos!A3160","v":"4492B01"},{"$f":"[1]Pos!B3160","v":"PO-0018543"},{"$f":"[1]Pos!C3160","v":"DELF-ON"},{"$f":"[1]Pos!D3160","v":60.5},{"$f":"[1]Pos!E3160","v":8.2899999999999991}]
[{"$f":"[1]Pos!A3161","v":"4492B02"},{"$f":"[1]Pos!B3161","v":"PO-0018548"},{"$f":"[1]Pos!C3161","v":"DECA"},{"$f":"[1]Pos!D3161","v":79.319999999999993},{"$f":"[1]Pos!E3161","v":3.48}]
[{"$f":"[1]Pos!A3162","v":"4492B03"},{"$f":"[1]Pos!B3162","v":"PO-0018558"},{"$f":"[1]Pos!C3162","v":"RYDI"},{"$f":"[1]Pos!D3162","v":402},{"$f":"[1]Pos!E3162","v":7.61}]
[{"$f":"[1]Pos!A3163","v":"4492B04"},{"$f":"[1]Pos!B3163","v":"PO-0018591"},{"$f":"[1]Pos!C3163","v":"RYDI"},{"$f":"[1]Pos!D3163","v":2722},{"$f":"[1]Pos!E3163","v":4.63}]
[{"$f":"[1]Pos!A3164","v":"4492B05"},{"$f":"[1]Pos!B3164","v":"PO-0018636"},{"$f":"[1]Pos!C3164","v":"DECA"},{"$f":"[1]Pos!D3164","v":31.75},{"$f":"[1]Pos!E3164","v":9.9499999999999993}]
[{"$f":"[1]Pos!A3165","v":"4492D01"},{"$f":"[1]Pos!B3165","v":"PO-0018634"},{"$f":"[1]Pos!C3165","v":"ALIMPLUS"},{"$f":"[1]Pos!D3165","v":15},{"$f":"[1]Pos!E3165","v":5.59}]
[{"$f":"[1]Pos!A3166","v":"4492P01"},{"$f":"[1]Pos!B3166","v":"PO-0018552"},{"$f":"[1]Pos!C3166","v":99},{"$f":"[1]Pos!D3166","v":27.32},{"$f":"[1]Pos!E3166","v":4.05}]
[{"$f":"[1]Pos!A3167","v":"4492P02"},{"$f":"[1]Pos!B3167","v":"PO-0018562"},{"$f":"[1]Pos!C3167","v":"CENT"},{"$f":"[1]Pos!D3167","v":3628.8},{"$f":"[1]Pos!E3167","v":4.0999999999999996}]
[{"$f":"[1]Pos!A3168","v":"4492P03"},{"$f":"[1]Pos!B3168","v":"PO-0018565"},{"$f":"[1]Pos!C3168","v":99},{"$f":"[1]Pos!D3168","v":20.170000000000002},{"$f":"[1]Pos!E3168","v":4.0999999999999996}]
[{"$f":"[1]Pos!A3169","v":"4492P04"},{"$f":"[1]Pos!B3169","v":"PO-0018563"},{"$f":"[1]Pos!C3169","v":"DESC"},{"$f":"[1]Pos!D3169","v":4536},{"$f":"[1]Pos!E3169","v":6.25}]
[{"$f":"[1]Pos!A3170","v":"4492P05"},{"$f":"[1]Pos!B3170","v":"PO-0018561"},{"$f":"[1]Pos!C3170","v":"DECA"},{"$f":"[1]Pos!D3170","v":36},{"$f":"[1]Pos!E3170","v":2.95}]
[{"$f":"[1]Pos!A3171","v":"4493B01"},{"$f":"[1]Pos!B3171","v":"PO-0018559"},{"$f":"[1]Pos!C3171","v":"RYDI"},{"$f":"[1]Pos!D3171","v":400},{"$f":"[1]Pos!E3171","v":7.61}]
[{"$f":"[1]Pos!A3172","v":"4493B02"},{"$f":"[1]Pos!B3172","v":"PO-0018674"},{"$f":"[1]Pos!C3172","v":"CHIS"},{"$f":"[1]Pos!D3172","v":17529.68},{"$f":"[1]Pos!E3172","v":2.75}]
[{"$f":"[1]Pos!A3173","v":"4493P01"},{"$f":"[1]Pos!B3173","v":"PO-0018551"},{"$f":"[1]Pos!C3173","v":99},{"$f":"[1]Pos!D3173","v":2368.34},{"$f":"[1]Pos!E3173","v":4.5}]
[{"$f":"[1]Pos!A3174","v":"4493P02"},{"$f":"[1]Pos!B3174","v":"PO-0018565"},{"$f":"[1]Pos!C3174","v":99},{"$f":"[1]Pos!D3174","v":1188.99},{"$f":"[1]Pos!E3174","v":4.5}]
[{"$f":"[1]Pos!A3175","v":"4493P03"},{"$f":"[1]Pos!B3175","v":"PO-0018569"},{"$f":"[1]Pos!C3175","v":"CENT"},{"$f":"[1]Pos!D3175","v":5443.2},{"$f":"[1]Pos!E3175","v":4.0999999999999996}]
[{"$f":"[1]Pos!A3176","v":"4493P04"},{"$f":"[1]Pos!B3176","v":"PO-0018570"},{"$f":"[1]Pos!C3176","v":"DESC"},{"$f":"[1]Pos!D3176","v":3628.8},{"$f":"[1]Pos!E3176","v":6.25}]
[{"$f":"[1]Pos!A3177","v":"4494B01"},{"$f":"[1]Pos!B3177","v":"PO-0018575"},{"$f":"[1]Pos!C3177","v":"DECA"},{"$f":"[1]Pos!D3177","v":140.26},{"$f":"[1]Pos!E3177","v":3.91}]
[{"$f":"[1]Pos!A3178","v":"4494B02"},{"$f":"[1]Pos!B3178","v":"PO-0018622"},{"$f":"[1]Pos!C3178","v":"DECA"},{"$f":"[1]Pos!D3178","v":55.56},{"$f":"[1]Pos!E3178","v":22.95}]
[{"$f":"[1]Pos!A3179","v":"4494P01"},{"$f":"[1]Pos!B3179","v":"PO-0018557"},{"$f":"[1]Pos!C3179","v":"EXCE"},{"$f":"[1]Pos!D3179","v":643.33000000000004},{"$f":"[1]Pos!E3179","v":4.25}]
[{"$f":"[1]Pos!A3180","v":"4494P02"},{"$f":"[1]Pos!B3180","v":"PO-0018557"},{"$f":"[1]Pos!C3180","v":"EXCE"},{"$f":"[1]Pos!D3180","v":642.87},{"$f":"[1]Pos!E3180","v":3.5}]
[{"$f":"[1]Pos!A3181","v":"4494P03"},{"$f":"[1]Pos!B3181","v":"PO-0018557"},{"$f":"[1]Pos!C3181","v":"EXCE"},{"$f":"[1]Pos!D3181","v":134.81},{"$f":"[1]Pos!E3181","v":4.12}]
[{"$f":"[1]Pos!A3182","v":"4494P04"},{"$f":"[1]Pos!B3182","v":"PO-0018577"},{"$f":"[1]Pos!C3182","v":"CENT"},{"$f":"[1]Pos!D3182","v":4100.54},{"$f":"[1]Pos!E3182","v":6.9}]
[{"$f":"[1]Pos!A3183","v":"4495B01"},{"$f":"[1]Pos!B3183","v":"PO-0018560"},{"$f":"[1]Pos!C3183","v":"DELF"},{"$f":"[1]Pos!D3183","v":646.88},{"$f":"[1]Pos!E3183","v":8.69}]
[{"$f":"[1]Pos!A3184","v":"4495B02"},{"$f":"[1]Pos!B3184","v":"PO-0018573"},{"$f":"[1]Pos!C3184","v":99},{"$f":"[1]Pos!D3184","v":306},{"$f":"[1]Pos!E3184","v":6.61}]
[{"$f":"[1]Pos!A3185","v":"4495B03"},{"$f":"[1]Pos!B3185","v":"PO-0018575"},{"$f":"[1]Pos!C3185","v":"DECA"},{"$f":"[1]Pos!D3185","v":161.13999999999999},{"$f":"[1]Pos!E3185","v":3.48}]
[{"$f":"[1]Pos!A3186","v":"4495B04"},{"$f":"[1]Pos!B3186","v":"PO-0018630"},{"$f":"[1]Pos!C3186","v":99},{"$f":"[1]Pos!D3186","v":100.76},{"$f":"[1]Pos!E3186","v":1E-4}]
[{"$f":"[1]Pos!A3187","v":"4495P01"},{"$f":"[1]Pos!B3187","v":"PO-0018564"},{"$f":"[1]Pos!C3187","v":99},{"$f":"[1]Pos!D3187","v":3628.8},{"$f":"[1]Pos!E3187","v":6.35}]
[{"$f":"[1]Pos!A3188","v":"4495P02"},{"$f":"[1]Pos!B3188","v":"PO-0018568"},{"$f":"[1]Pos!C3188","v":"EXCE"},{"$f":"[1]Pos!D3188","v":1925.11},{"$f":"[1]Pos!E3188","v":4.25}]
[{"$f":"[1]Pos!A3189","v":"4495P03"},{"$f":"[1]Pos!B3189","v":"PO-0018568"},{"$f":"[1]Pos!C3189","v":"EXCE"},{"$f":"[1]Pos!D3189","v":1922.94},{"$f":"[1]Pos!E3189","v":3.9}]
[{"$f":"[1]Pos!A3190","v":"4495P04"},{"$f":"[1]Pos!B3190","v":"PO-0018571"},{"$f":"[1]Pos!C3190","v":"CENT"},{"$f":"[1]Pos!D3190","v":1831.98},{"$f":"[1]Pos!E3190","v":3.9}]
[{"$f":"[1]Pos!A3191","v":"4495P05"},{"$f":"[1]Pos!B3191","v":"PO-0018577"},{"$f":"[1]Pos!C3191","v":"CENT"},{"$f":"[1]Pos!D3191","v":3628.8},{"$f":"[1]Pos!E3191","v":4.0999999999999996}]
[{"$f":"[1]Pos!A3192","v":"4496B01"},{"$f":"[1]Pos!B3192","v":"PO-0018585"},{"$f":"[1]Pos!C3192","v":"DECA"},{"$f":"[1]Pos!D3192","v":37.86},{"$f":"[1]Pos!E3192","v":3.15}]
[{"$f":"[1]Pos!A3193","v":"4496B02"},{"$f":"[1]Pos!B3193","v":"PO-0018587"},{"$f":"[1]Pos!C3193","v":"DELF"},{"$f":"[1]Pos!D3193","v":109.43},{"$f":"[1]Pos!E3193","v":14.5}]
[{"$f":"[1]Pos!A3194","v":"4496B03"},{"$f":"[1]Pos!B3194","v":"PO-0018592"},{"$f":"[1]Pos!C3194","v":"DECA"},{"$f":"[1]Pos!D3194","v":4599.2},{"$f":"[1]Pos!E3194","v":6.89}]
[{"$f":"[1]Pos!A3195","v":"4496B04"},{"$f":"[1]Pos!B3195","v":"PO-0018599"},{"$f":"[1]Pos!C3195","v":"DECA"},{"$f":"[1]Pos!D3195","v":2261.69},{"$f":"[1]Pos!E3195","v":6.89}]
[{"$f":"[1]Pos!A3196","v":"4496B05"},{"$f":"[1]Pos!B3196","v":"PO-0018606"},{"$f":"[1]Pos!C3196","v":"DECA"},{"$f":"[1]Pos!D3196","v":290.798067},{"$f":"[1]Pos!E3196","v":15.95}]
[{"$f":"[1]Pos!A3197","v":"4496B06"},{"$f":"[1]Pos!B3197","v":"PO-0018629"},{"$f":"[1]Pos!C3197","v":"JBS"},{"$f":"[1]Pos!D3197","v":487.71},{"$f":"[1]Pos!E3197","v":15.67}]
[{"$f":"[1]Pos!A3198","v":"4496P01"},{"$f":"[1]Pos!B3198","v":"PO-0018576"},{"$f":"[1]Pos!C3198","v":"EXCE"},{"$f":"[1]Pos!D3198","v":134.19},{"$f":"[1]Pos!E3198","v":4.12}]
[{"$f":"[1]Pos!A3199","v":"4496P02"},{"$f":"[1]Pos!B3199","v":"PO-0018576"},{"$f":"[1]Pos!C3199","v":"EXCE"},{"$f":"[1]Pos!D3199","v":3855.65},{"$f":"[1]Pos!E3199","v":3.9}]
[{"$f":"[1]Pos!A3200","v":"4496P03"},{"$f":"[1]Pos!B3200","v":"PO-0018578"},{"$f":"[1]Pos!C3200","v":99},{"$f":"[1]Pos!D3200","v":3628.8},{"$f":"[1]Pos!E3200","v":6.25}]
[{"$f":"[1]Pos!A3201","v":"4496P04"},{"$f":"[1]Pos!B3201","v":"PO-0018581"},{"$f":"[1]Pos!C3201","v":99},{"$f":"[1]Pos!D3201","v":36.46},{"$f":"[1]Pos!E3201","v":3}]
[{"$f":"[1]Pos!A3202","v":"4496P05"},{"$f":"[1]Pos!B3202","v":"PO-0018583"},{"$f":"[1]Pos!C3202","v":"CENT"},{"$f":"[1]Pos!D3202","v":3628.8},{"$f":"[1]Pos!E3202","v":6.9}]
[{"$f":"[1]Pos!A3203","v":"4496P06"},{"$f":"[1]Pos!B3203","v":"PO-0018583"},{"$f":"[1]Pos!C3203","v":"CENT"},{"$f":"[1]Pos!D3203","v":780.19},{"$f":"[1]Pos!E3203","v":6.5}]
[{"$f":"[1]Pos!A3204","v":"4496P07"},{"$f":"[1]Pos!B3204","v":"PO-0018583"},{"$f":"[1]Pos!C3204","v":"CENT"},{"$f":"[1]Pos!D3204","v":1814.4},{"$f":"[1]Pos!E3204","v":4.0999999999999996}]
[{"$f":"[1]Pos!A3205","v":"4496P08"},{"$f":"[1]Pos!B3205","v":"PO-0018596"},{"$f":"[1]Pos!C3205","v":"CENT"},{"$f":"[1]Pos!D3205","v":907.2},{"$f":"[1]Pos!E3205","v":4.0999999999999996}]
[{"$f":"[1]Pos!A3206","v":"4502B01"},{"$f":"[1]Pos!B3206","v":"PO-0018589"},{"$f":"[1]Pos!C3206","v":"RYDI"},{"$f":"[1]Pos!D3206","v":613},{"$f":"[1]Pos!E3206","v":7.61}]
[{"$f":"[1]Pos!A3207","v":"4502B02"},{"$f":"[1]Pos!B3207","v":"PO-0018629"},{"$f":"[1]Pos!C3207","v":"JBS"},{"$f":"[1]Pos!D3207","v":1780.2},{"$f":"[1]Pos!E3207","v":6.75}]
[{"$f":"[1]Pos!A3208","v":"4502B03"},{"$f":"[1]Pos!B3208","v":"PO-0018629"},{"$f":"[1]Pos!C3208","v":"JBS"},{"$f":"[1]Pos!D3208","v":2202.5},{"$f":"[1]Pos!E3208","v":6.75}]
[{"$f":"[1]Pos!A3209","v":"4502P01"},{"$f":"[1]Pos!B3209","v":"PO-0018596"},{"$f":"[1]Pos!C3209","v":"CENT"},{"$f":"[1]Pos!D3209","v":2721.6},{"$f":"[1]Pos!E3209","v":6.5}]
[{"$f":"[1]Pos!A3210","v":"4502P02"},{"$f":"[1]Pos!B3210","v":"PO-0018601"},{"$f":"[1]Pos!C3210","v":"CENT"},{"$f":"[1]Pos!D3210","v":1814.4},{"$f":"[1]Pos!E3210","v":4.0999999999999996}]
[{"$f":"[1]Pos!A3211","v":"4502P03"},{"$f":"[1]Pos!B3211","v":"PO-0018602"},{"$f":"[1]Pos!C3211","v":"DESC"},{"$f":"[1]Pos!D3211","v":1814.4},{"$f":"[1]Pos!E3211","v":5.8}]
[{"$f":"[1]Pos!A3212","v":"4502P04"},{"$f":"[1]Pos!B3212","v":"PO-0018605"},{"$f":"[1]Pos!C3212","v":"DESC"},{"$f":"[1]Pos!D3212","v":1814.4},{"$f":"[1]Pos!E3212","v":6}]
[{"$f":"[1]Pos!A3213","v":"4503B01"},{"$f":"[1]Pos!B3213","v":"PO-0018587"},{"$f":"[1]Pos!C3213","v":"DELF"},{"$f":"[1]Pos!D3213","v":129.1},{"$f":"[1]Pos!E3213","v":8.39}]
[{"$f":"[1]Pos!A3214","v":"4503B02"},{"$f":"[1]Pos!B3214","v":"PO-0018594"},{"$f":"[1]Pos!C3214","v":"BOUC"},{"$f":"[1]Pos!D3214","v":101.38},{"$f":"[1]Pos!E3214","v":3.39}]
[{"$f":"[1]Pos!A3215","v":"4503B03"},{"$f":"[1]Pos!B3215","v":"PO-0018629"},{"$f":"[1]Pos!C3215","v":"JBS"},{"$f":"[1]Pos!D3215","v":4769.51},{"$f":"[1]Pos!E3215","v":6.75}]
[{"$f":"[1]Pos!A3216","v":"4503P01"},{"$f":"[1]Pos!B3216","v":"PO-0018597"},{"$f":"[1]Pos!C3216","v":99},{"$f":"[1]Pos!D3216","v":18},{"$f":"[1]Pos!E3216","v":4}]
[{"$f":"[1]Pos!A3217","v":"4503P02"},{"$f":"[1]Pos!B3217","v":"PO-0018609"},{"$f":"[1]Pos!C3217","v":"CENT"},{"$f":"[1]Pos!D3217","v":1814.4},{"$f":"[1]Pos!E3217","v":4.0999999999999996}]
[{"$f":"[1]Pos!A3218","v":"4503P03"},{"$f":"[1]Pos!B3218","v":"PO-0018609"},{"$f":"[1]Pos!C3218","v":"CENT"},{"$f":"[1]Pos!D3218","v":3789.78},{"$f":"[1]Pos!E3218","v":4.0999999999999996}]
[{"$f":"[1]Pos!A3219","v":"4504B01"},{"$f":"[1]Pos!B3219","v":"PO-0018590"},{"$f":"[1]Pos!C3219","v":"RYDI"},{"$f":"[1]Pos!D3219","v":400},{"$f":"[1]Pos!E3219","v":7.61}]
[{"$f":"[1]Pos!A3220","v":"4504B02"},{"$f":"[1]Pos!B3220","v":"PO-0018633"},{"$f":"[1]Pos!C3220","v":"C&C"},{"$f":"[1]Pos!D3220","v":183.523473},{"$f":"[1]Pos!E3220","v":22.95}]
[{"$f":"[1]Pos!A3221","v":"4504B03"},{"$f":"[1]Pos!B3221","v":"PO-0018665"},{"$f":"[1]Pos!C3221","v":"WHIT"},{"$f":"[1]Pos!D3221","v":46.68},{"$f":"[1]Pos!E3221","v":10.5}]
[{"$f":"[1]Pos!A3222","v":"4504B04"},{"$f":"[1]Pos!B3222","v":"PO-0018670"},{"$f":"[1]Pos!C3222","v":"DECA"},{"$f":"[1]Pos!D3222","v":152.19999999999999},{"$f":"[1]Pos!E3222","v":10.65}]
[{"$f":"[1]Pos!A3223","v":"4504B05"},{"$f":"[1]Pos!B3223","v":"PO-0018776"},{"$f":"[1]Pos!C3223","v":"DECA"},{"$f":"[1]Pos!D3223","v":676.85},{"$f":"[1]Pos!E3223","v":7.99}]
[{"$f":"[1]Pos!A3224","v":"4504P01"},{"$f":"[1]Pos!B3224","v":"PO-0018600"},{"$f":"[1]Pos!C3224","v":"EXCE"},{"$f":"[1]Pos!D3224","v":1287.72},{"$f":"[1]Pos!E3224","v":4.25}]
[{"$f":"[1]Pos!A3225","v":"4504P02"},{"$f":"[1]Pos!B3225","v":"PO-0018600"},{"$f":"[1]Pos!C3225","v":"EXCE"},{"$f":"[1]Pos!D3225","v":135.01},{"$f":"[1]Pos!E3225","v":4.12}]
[{"$f":"[1]Pos!A3226","v":"4504P03"},{"$f":"[1]Pos!B3226","v":"PO-0018600"},{"$f":"[1]Pos!C3226","v":"EXCE"},{"$f":"[1]Pos!D3226","v":360.48},{"$f":"[1]Pos!E3226","v":3.5}]
[{"$f":"[1]Pos!A3227","v":"4504P04"},{"$f":"[1]Pos!B3227","v":"PO-0018613"},{"$f":"[1]Pos!C3227","v":"CENT"},{"$f":"[1]Pos!D3227","v":1814.4},{"$f":"[1]Pos!E3227","v":6.9}]
[{"$f":"[1]Pos!A3228","v":"4505B01"},{"$f":"[1]Pos!B3228","v":"PO-0018604"},{"$f":"[1]Pos!C3228","v":99},{"$f":"[1]Pos!D3228","v":272},{"$f":"[1]Pos!E3228","v":6.61}]
[{"$f":"[1]Pos!A3229","v":"4505B02"},{"$f":"[1]Pos!B3229","v":"PO-0018608"},{"$f":"[1]Pos!C3229","v":"C&C"},{"$f":"[1]Pos!D3229","v":376.55},{"$f":"[1]Pos!E3229","v":12.49}]
[{"$f":"[1]Pos!A3230","v":"4505B03"},{"$f":"[1]Pos!B3230","v":"PO-0018610"},{"$f":"[1]Pos!C3230","v":"DECA"},{"$f":"[1]Pos!D3230","v":205.34},{"$f":"[1]Pos!E3230","v":12.59}]
[{"$f":"[1]Pos!A3231","v":"4505B04"},{"$f":"[1]Pos!B3231","v":"PO-0018629"},{"$f":"[1]Pos!C3231","v":"JBS"},{"$f":"[1]Pos!D3231","v":1207.8699999999999},{"$f":"[1]Pos!E3231","v":11.82}]
[{"$f":"[1]Pos!A3232","v":"4505B05"},{"$f":"[1]Pos!B3232","v":"PO-0019730"},{"$f":"[1]Pos!C3232","v":"C&C"},{"$f":"[1]Pos!D3232","v":1992.94},{"$f":"[1]Pos!E3232","v":25.59}]
[{"$f":"[1]Pos!A3233","v":"4505P01"},{"$f":"[1]Pos!B3233","v":"PO-0018613"},{"$f":"[1]Pos!C3233","v":"CENT"},{"$f":"[1]Pos!D3233","v":2721.9},{"$f":"[1]Pos!E3233","v":4.0999999999999996}]
[{"$f":"[1]Pos!A3234","v":"4505P02"},{"$f":"[1]Pos!B3234","v":"PO-0018615"},{"$f":"[1]Pos!C3234","v":"CENT"},{"$f":"[1]Pos!D3234","v":786.9},{"$f":"[1]Pos!E3234","v":3.5}]
[{"$f":"[1]Pos!A3235","v":"4505P03"},{"$f":"[1]Pos!B3235","v":"PO-0018611"},{"$f":"[1]Pos!C3235","v":"DESC"},{"$f":"[1]Pos!D3235","v":1814.4},{"$f":"[1]Pos!E3235","v":5.75}]
[{"$f":"[1]Pos!A3236","v":"4505P04"},{"$f":"[1]Pos!B3236","v":"PO-0018611"},{"$f":"[1]Pos!C3236","v":"DESC"},{"$f":"[1]Pos!D3236","v":3628.8},{"$f":"[1]Pos!E3236","v":5.95}]
[{"$f":"[1]Pos!A3237","v":"4505P05"},{"$f":"[1]Pos!B3237","v":"PO-0018619"},{"$f":"[1]Pos!C3237","v":"CENT"},{"$f":"[1]Pos!D3237","v":3628.8},{"$f":"[1]Pos!E3237","v":4.0999999999999996}]
[{"$f":"[1]Pos!A3238","v":"4506B01"},{"$f":"[1]Pos!B3238","v":"PO-0018612"},{"$f":"[1]Pos!C3238","v":"DECA"},{"$f":"[1]Pos!D3238","v":114.82},{"$f":"[1]Pos!E3238","v":3.48}]
[{"$f":"[1]Pos!A3239","v":"4506B02"},{"$f":"[1]Pos!B3239","v":"PO-0018627"},{"$f":"[1]Pos!C3239","v":"DELF"},{"$f":"[1]Pos!D3239","v":662.92},{"$f":"[1]Pos!E3239","v":8.69}]
[{"$f":"[1]Pos!A3240","v":"4506P01"},{"$f":"[1]Pos!B3240","v":"PO-0018616"},{"$f":"[1]Pos!C3240","v":"ACCU"},{"$f":"[1]Pos!D3240","v":1116},{"$f":"[1]Pos!E3240","v":4.05}]
[{"$f":"[1]Pos!A3241","v":"4506P02"},{"$f":"[1]Pos!B3241","v":"PO-0018616"},{"$f":"[1]Pos!C3241","v":"ACCU"},{"$f":"[1]Pos!D3241","v":720},{"$f":"[1]Pos!E3241","v":3.5}]
[{"$f":"[1]Pos!A3242","v":"4506P03"},{"$f":"[1]Pos!B3242","v":"PO-0018619"},{"$f":"[1]Pos!C3242","v":"CENT"},{"$f":"[1]Pos!D3242","v":2174.8200000000002},{"$f":"[1]Pos!E3242","v":4.0999999999999996}]
[{"$f":"[1]Pos!A3243","v":"4506P04"},{"$f":"[1]Pos!B3243","v":"PO-0018626"},{"$f":"[1]Pos!C3243","v":"CENT"},{"$f":"[1]Pos!D3243","v":1814.4},{"$f":"[1]Pos!E3243","v":4.0999999999999996}]
[{"$f":"[1]Pos!A3244","v":"4506P05"},{"$f":"[1]Pos!B3244","v":"PO-0018628"},{"$f":"[1]Pos!C3244","v":"DESC"},{"$f":"[1]Pos!D3244","v":5443.2},{"$f":"[1]Pos!E3244","v":5.95}]
[{"$f":"[1]Pos!A3245","v":"4507P01"},{"$f":"[1]Pos!B3245","v":"PO-0018614"},{"$f":"[1]Pos!C3245","v":"EXCE"},{"$f":"[1]Pos!D3245","v":642.59},{"$f":"[1]Pos!E3245","v":4.25}]
[{"$f":"[1]Pos!A3246","v":"4507P02"},{"$f":"[1]Pos!B3246","v":"PO-0018614"},{"$f":"[1]Pos!C3246","v":"EXCE"},{"$f":"[1]Pos!D3246","v":268.18},{"$f":"[1]Pos!E3246","v":4.12}]
[{"$f":"[1]Pos!A3247","v":"4511P01"},{"$f":"[1]Pos!B3247","v":"PO-0018654"},{"$f":"[1]Pos!C3247","v":"MOND"},{"$f":"[1]Pos!D3247","v":3628.8},{"$f":"[1]Pos!E3247","v":6}]
[{"$f":"[1]Pos!A3248","v":"4512B01"},{"$f":"[1]Pos!B3248","v":"PO-0018624"},{"$f":"[1]Pos!C3248","v":"RYDI"},{"$f":"[1]Pos!D3248","v":1606.5},{"$f":"[1]Pos!E3248","v":7.23}]
[{"$f":"[1]Pos!A3249","v":"4512B02"},{"$f":"[1]Pos!B3249","v":"PO-0018624"},{"$f":"[1]Pos!C3249","v":"RYDI"},{"$f":"[1]Pos!D3249","v":829},{"$f":"[1]Pos!E3249","v":4.67}]
[{"$f":"[1]Pos!A3250","v":"4512B03"},{"$f":"[1]Pos!B3250","v":"PO-0018631"},{"$f":"[1]Pos!C3250","v":"RYDI"},{"$f":"[1]Pos!D3250","v":465.5},{"$f":"[1]Pos!E3250","v":7.61}]
[{"$f":"[1]Pos!A3251","v":"4512B04"},{"$f":"[1]Pos!B3251","v":"PO-0018652"},{"$f":"[1]Pos!C3251","v":"DECA"},{"$f":"[1]Pos!D3251","v":714.81},{"$f":"[1]Pos!E3251","v":9.19}]
[{"$f":"[1]Pos!A3252","v":"4512B05"},{"$f":"[1]Pos!B3252","v":"PO-0018681"},{"$f":"[1]Pos!C3252","v":"DECA"},{"$f":"[1]Pos!D3252","v":314.65702700000003},{"$f":"[1]Pos!E3252","v":12.09}]
[{"$f":"[1]Pos!A3253","v":"4512P01"},{"$f":"[1]Pos!B3253","v":"PO-0018618"},{"$f":"[1]Pos!C3253","v":"EXCE"},{"$f":"[1]Pos!D3253","v":2568.38},{"$f":"[1]Pos!E3253","v":3.75}]
[{"$f":"[1]Pos!A3254","v":"4512P02"},{"$f":"[1]Pos!B3254","v":"PO-0018617"},{"$f":"[1]Pos!C3254","v":"EXCE"},{"$f":"[1]Pos!D3254","v":1924.82},{"$f":"[1]Pos!E3254","v":4.25}]
[{"$f":"[1]Pos!A3255","v":"4512P03"},{"$f":"[1]Pos!B3255","v":"PO-0018635"},{"$f":"[1]Pos!C3255","v":"CENT"},{"$f":"[1]Pos!D3255","v":2721.6},{"$f":"[1]Pos!E3255","v":4.0999999999999996}]
[{"$f":"[1]Pos!A3256","v":"4513B01"},{"$f":"[1]Pos!B3256","v":"PO-0018627"},{"$f":"[1]Pos!C3256","v":"DELF"},{"$f":"[1]Pos!D3256","v":41.92},{"$f":"[1]Pos!E3256","v":14.56}]
[{"$f":"[1]Pos!A3257","v":"4513B02"},{"$f":"[1]Pos!B3257","v":"PO-0018646"},{"$f":"[1]Pos!C3257","v":"RYDI"},{"$f":"[1]Pos!D3257","v":532.5},{"$f":"[1]Pos!E3257","v":7.61}]
[{"$f":"[1]Pos!A3258","v":"4513B03"},{"$f":"[1]Pos!B3258","v":"PO-0018663"},{"$f":"[1]Pos!C3258","v":"DECA"},{"$f":"[1]Pos!D3258","v":581.42999999999995},{"$f":"[1]Pos!E3258","v":24.89}]
[{"$f":"[1]Pos!A3259","v":"4513B04"},{"$f":"[1]Pos!B3259","v":"PO-0018672"},{"$f":"[1]Pos!C3259","v":"CHIS"},{"$f":"[1]Pos!D3259","v":18046.86},{"$f":"[1]Pos!E3259","v":2.75}]
[{"$f":"[1]Pos!A3260","v":"4513P01"},{"$f":"[1]Pos!B3260","v":"PO-0018640"},{"$f":"[1]Pos!C3260","v":"ACCU"},{"$f":"[1]Pos!D3260","v":759.08},{"$f":"[1]Pos!E3260","v":4.25}]
[{"$f":"[1]Pos!A3261","v":"4513P02"},{"$f":"[1]Pos!B3261","v":"PO-0018649"},{"$f":"[1]Pos!C3261","v":"CENT"},{"$f":"[1]Pos!D3261","v":1814.4},{"$f":"[1]Pos!E3261","v":4.0999999999999996}]
[{"$f":"[1]Pos!A3262","v":"4513P03"},{"$f":"[1]Pos!B3262","v":"PO-0018641"},{"$f":"[1]Pos!C3262","v":"DESC"},{"$f":"[1]Pos!D3262","v":1814.4},{"$f":"[1]Pos!E3262","v":5.75}]
[{"$f":"[1]Pos!A3263","v":"4514B01"},{"$f":"[1]Pos!B3263","v":"PO-0018627"},{"$f":"[1]Pos!C3263","v":"DELF"},{"$f":"[1]Pos!D3263","v":121.9},{"$f":"[1]Pos!E3263","v":8.39}]
[{"$f":"[1]Pos!A3264","v":"4514B02"},{"$f":"[1]Pos!B3264","v":"PO-0018632"},{"$f":"[1]Pos!C3264","v":99},{"$f":"[1]Pos!D3264","v":380.8},{"$f":"[1]Pos!E3264","v":6.61}]
[{"$f":"[1]Pos!A3265","v":"4514B03"},{"$f":"[1]Pos!B3265","v":"PO-0018625"},{"$f":"[1]Pos!C3265","v":"BOUC"},{"$f":"[1]Pos!D3265","v":95.38},{"$f":"[1]Pos!E3265","v":3.39}]
[{"$f":"[1]Pos!A3266","v":"4514B04"},{"$f":"[1]Pos!B3266","v":"PO-0018647"},{"$f":"[1]Pos!C3266","v":"RYDI"},{"$f":"[1]Pos!D3266","v":895},{"$f":"[1]Pos!E3266","v":4.67}]
[{"$f":"[1]Pos!A3267","v":"4514B05"},{"$f":"[1]Pos!B3267","v":"PO-0018703"},{"$f":"[1]Pos!C3267","v":"JBS"},{"$f":"[1]Pos!D3267","v":1004.25},{"$f":"[1]Pos!E3267","v":7.74}]
[{"$f":"[1]Pos!A3268","v":"4514P01"},{"$f":"[1]Pos!B3268","v":"PO-0018637"},{"$f":"[1]Pos!C3268","v":"DESC"},{"$f":"[1]Pos!D3268","v":7209.68},{"$f":"[1]Pos!E3268","v":3.55}]
[{"$f":"[1]Pos!A3269","v":"4514P02"},{"$f":"[1]Pos!B3269","v":"PO-0018640"},{"$f":"[1]Pos!C3269","v":"ACCU"},{"$f":"[1]Pos!D3269","v":432},{"$f":"[1]Pos!E3269","v":3.85}]
[{"$f":"[1]Pos!A3270","v":"4514P03"},{"$f":"[1]Pos!B3270","v":"PO-0018660"},{"$f":"[1]Pos!C3270","v":"CENT"},{"$f":"[1]Pos!D3270","v":1282.82},{"$f":"[1]Pos!E3270","v":3.5}]
[{"$f":"[1]Pos!A3271","v":"4514P04"},{"$f":"[1]Pos!B3271","v":"PO-0018669"},{"$f":"[1]Pos!C3271","v":99},{"$f":"[1]Pos!D3271","v":134.19},{"$f":"[1]Pos!E3271","v":4.45}]
[{"$f":"[1]Pos!A3272","v":"4515B01"},{"$f":"[1]Pos!B3272","v":"PO-0018655"},{"$f":"[1]Pos!C3272","v":"DECA"},{"$f":"[1]Pos!D3272","v":39.6},{"$f":"[1]Pos!E3272","v":3.52}]
[{"$f":"[1]Pos!A3273","v":"4515B02"},{"$f":"[1]Pos!B3273","v":"PO-0018668"},{"$f":"[1]Pos!C3273","v":"DECA"},{"$f":"[1]Pos!D3273","v":146.38999999999999},{"$f":"[1]Pos!E3273","v":10.75}]
[{"$f":"[1]Pos!A3274","v":"4515B03"},{"$f":"[1]Pos!B3274","v":"PO-0018694"},{"$f":"[1]Pos!C3274","v":"DECA"},{"$f":"[1]Pos!D3274","v":593.17999999999995},{"$f":"[1]Pos!E3274","v":10.75}]
[{"$f":"[1]Pos!A3275","v":"4515B04"},{"$f":"[1]Pos!B3275","v":"PO-0018707"},{"$f":"[1]Pos!C3275","v":"C&C"},{"$f":"[1]Pos!D3275","v":1768.03},{"$f":"[1]Pos!E3275","v":7.19}]
[{"$f":"[1]Pos!A3276","v":"4515B05"},{"$f":"[1]Pos!B3276","v":"PO-0018816"},{"$f":"[1]Pos!C3276","v":"MB"},{"$f":"[1]Pos!D3276","v":816.6},{"$f":"[1]Pos!E3276","v":4.25}]
[{"$f":"[1]Pos!A3277","v":"4515B06"},{"$f":"[1]Pos!B3277","v":"PO-0018820"},{"$f":"[1]Pos!C3277","v":"DECA"},{"$f":"[1]Pos!D3277","v":748.04},{"$f":"[1]Pos!E3277","v":11.95}]
[{"$f":"[1]Pos!A3278","v":"4515B07"},{"$f":"[1]Pos!B3278","v":"PO-0018675"},{"$f":"[1]Pos!C3278","v":"CHIS"},{"$f":"[1]Pos!D3278","v":17529.68},{"$f":"[1]Pos!E3278","v":2.75}]
[{"$f":"[1]Pos!A3279","v":"4515P01"},{"$f":"[1]Pos!B3279","v":"PO-0018638"},{"$f":"[1]Pos!C3279","v":"PEK"},{"$f":"[1]Pos!D3279","v":52.14},{"$f":"[1]Pos!E3279","v":4.0999999999999996}]
[{"$f":"[1]Pos!A3280","v":"4515P02"},{"$f":"[1]Pos!B3280","v":"PO-0018643"},{"$f":"[1]Pos!C3280","v":"ACCU"},{"$f":"[1]Pos!D3280","v":2160},{"$f":"[1]Pos!E3280","v":3.95}]
[{"$f":"[1]Pos!A3281","v":"4515P03"},{"$f":"[1]Pos!B3281","v":"PO-0018653"},{"$f":"[1]Pos!C3281","v":"CENT"},{"$f":"[1]Pos!D3281","v":3628.8},{"$f":"[1]Pos!E3281","v":4.0999999999999996}]
[{"$f":"[1]Pos!A3282","v":"4515P04"},{"$f":"[1]Pos!B3282","v":"PO-0018656"},{"$f":"[1]Pos!C3282","v":"MOND"},{"$f":"[1]Pos!D3282","v":2721.6},{"$f":"[1]Pos!E3282","v":5.8}]
[{"$f":"[1]Pos!A3283","v":"4515P05"},{"$f":"[1]Pos!B3283","v":"PO-0019661"},{"$f":"[1]Pos!C3283","v":"EXCE"},{"$f":"[1]Pos!D3283","v":2565.83},{"$f":"[1]Pos!E3283","v":4.2}]
[{"$f":"[1]Pos!A3284","v":"4516B01"},{"$f":"[1]Pos!B3284","v":"PO-0018691"},{"$f":"[1]Pos!C3284","v":"JBS"},{"$f":"[1]Pos!D3284","v":2062.6},{"$f":"[1]Pos!E3284","v":23.39}]
[{"$f":"[1]Pos!A3285","v":"4516B02"},{"$f":"[1]Pos!B3285","v":"PO-0018703"},{"$f":"[1]Pos!C3285","v":"JBS"},{"$f":"[1]Pos!D3285","v":505.59},{"$f":"[1]Pos!E3285","v":12.04}]
[{"$f":"[1]Pos!A3286","v":"4516B03"},{"$f":"[1]Pos!B3286","v":"PO-0019203"},{"$f":"[1]Pos!C3286","v":"LUCY"},{"$f":"[1]Pos!D3286","v":492.1},{"$f":"[1]Pos!E3286","v":5.25}]
[{"$f":"[1]Pos!A3287","v":"4516P01"},{"$f":"[1]Pos!B3287","v":"PO-0018653"},{"$f":"[1]Pos!C3287","v":"CENT"},{"$f":"[1]Pos!D3287","v":3858.18},{"$f":"[1]Pos!E3287","v":3.5}]
[{"$f":"[1]Pos!A3288","v":"4516P02"},{"$f":"[1]Pos!B3288","v":"PO-0018657"},{"$f":"[1]Pos!C3288","v":"EXCE"},{"$f":"[1]Pos!D3288","v":134.51},{"$f":"[1]Pos!E3288","v":4.12}]
[{"$f":"[1]Pos!A3289","v":"4516P03"},{"$f":"[1]Pos!B3289","v":"PO-0018657"},{"$f":"[1]Pos!C3289","v":"EXCE"},{"$f":"[1]Pos!D3289","v":1930.22},{"$f":"[1]Pos!E3289","v":4.25}]
[{"$f":"[1]Pos!A3290","v":"4516P04"},{"$f":"[1]Pos!B3290","v":"PO-0018660"},{"$f":"[1]Pos!C3290","v":"CENT"},{"$f":"[1]Pos!D3290","v":2721.6},{"$f":"[1]Pos!E3290","v":4.0999999999999996}]
[{"$f":"[1]Pos!A3291","v":"4516P05"},{"$f":"[1]Pos!B3291","v":"PO-0018667"},{"$f":"[1]Pos!C3291","v":"MOND"},{"$f":"[1]Pos!D3291","v":2630.88},{"$f":"[1]Pos!E3291","v":4.95}]
[{"$f":"[1]Pos!A3292","v":"4516P06"},{"$f":"[1]Pos!B3292","v":"PO-0019619"},{"$f":"[1]Pos!C3292","v":"EXCE"},{"$f":"[1]Pos!D3292","v":2566.1999999999998},{"$f":"[1]Pos!E3292","v":4.2}]
[{"$f":"[1]Pos!A3293","v":"4517B01"},{"$f":"[1]Pos!B3293","v":"PO-0018700"},{"$f":"[1]Pos!C3293","v":"DELF"},{"$f":"[1]Pos!D3293","v":111.79},{"$f":"[1]Pos!E3293","v":14.56}]
[{"$f":"[1]Pos!A3294","v":"4522B01"},{"$f":"[1]Pos!B3294","v":"PO-0018663"},{"$f":"[1]Pos!C3294","v":"DECA"},{"$f":"[1]Pos!D3294","v":123.1},{"$f":"[1]Pos!E3294","v":3.38}]
[{"$f":"[1]Pos!A3295","v":"4522B02"},{"$f":"[1]Pos!B3295","v":"PO-0018665"},{"$f":"[1]Pos!C3295","v":"WHIT"},{"$f":"[1]Pos!D3295","v":236.7},{"$f":"[1]Pos!E3295","v":14.55}]
[{"$f":"[1]Pos!A3296","v":"4522B03"},{"$f":"[1]Pos!B3296","v":"PO-0018671"},{"$f":"[1]Pos!C3296","v":99},{"$f":"[1]Pos!D3296","v":142.80000000000001},{"$f":"[1]Pos!E3296","v":6.61}]
[{"$f":"[1]Pos!A3297","v":"4522B04"},{"$f":"[1]Pos!B3297","v":"PO-0018680"},{"$f":"[1]Pos!C3297","v":"RYDI"},{"$f":"[1]Pos!D3297","v":1703},{"$f":"[1]Pos!E3297","v":7.65}]
[{"$f":"[1]Pos!A3298","v":"4522B05"},{"$f":"[1]Pos!B3298","v":"PO-0018680"},{"$f":"[1]Pos!C3298","v":"RYDI"},{"$f":"[1]Pos!D3298","v":835},{"$f":"[1]Pos!E3298","v":4.54}]
[{"$f":"[1]Pos!A3299","v":"4522B06"},{"$f":"[1]Pos!B3299","v":"PO-0018680"},{"$f":"[1]Pos!C3299","v":"RYDI"},{"$f":"[1]Pos!D3299","v":440},{"$f":"[1]Pos!E3299","v":7.61}]
[{"$f":"[1]Pos!A3300","v":"4522P01"},{"$f":"[1]Pos!B3300","v":"PO-0018664"},{"$f":"[1]Pos!C3300","v":"EXCE"},{"$f":"[1]Pos!D3300","v":2567.9},{"$f":"[1]Pos!E3300","v":3.7}]
[{"$f":"[1]Pos!A3301","v":"4523B01"},{"$f":"[1]Pos!B3301","v":"PO-0018676"},{"$f":"[1]Pos!C3301","v":"BOUC"},{"$f":"[1]Pos!D3301","v":90.86},{"$f":"[1]Pos!E3301","v":3.39}]
[{"$f":"[1]Pos!A3302","v":"4523B02"},{"$f":"[1]Pos!B3302","v":"PO-0018687"},{"$f":"[1]Pos!C3302","v":"DECA"},{"$f":"[1]Pos!D3302","v":353.6},{"$f":"[1]Pos!E3302","v":2.99}]
[{"$f":"[1]Pos!A3303","v":"4523B03"},{"$f":"[1]Pos!B3303","v":"PO-0018697"},{"$f":"[1]Pos!C3303","v":"DECA"},{"$f":"[1]Pos!D3303","v":35.4},{"$f":"[1]Pos!E3303","v":3.56}]
[{"$f":"[1]Pos!A3304","v":"4523B04"},{"$f":"[1]Pos!B3304","v":"PO-0018744"},{"$f":"[1]Pos!C3304","v":"RETA"},{"$f":"[1]Pos!D3304","v":2254.3994379999999},{"$f":"[1]Pos!E3304","v":12.5}]
[{"$f":"[1]Pos!A3305","v":"4523B05"},{"$f":"[1]Pos!B3305","v":"PO-0018831"},{"$f":"[1]Pos!C3305","v":"DECA"},{"$f":"[1]Pos!D3305","v":457.184797},{"$f":"[1]Pos!E3305","v":18.89}]
[{"$f":"[1]Pos!A3306","v":"4523B06"},{"$f":"[1]Pos!B3306","v":"PO-0018919"},{"$f":"[1]Pos!C3306","v":"DELF"},{"$f":"[1]Pos!D3306","v":225.69},{"$f":"[1]Pos!E3306","v":12.69}]
[{"$f":"[1]Pos!A3307","v":"4523B07"},{"$f":"[1]Pos!B3307","v":"PO-0019119"},{"$f":"[1]Pos!C3307","v":"OLYM"},{"$f":"[1]Pos!D3307","v":625.28},{"$f":"[1]Pos!E3307","v":5.55}]
[{"$f":"[1]Pos!A3308","v":"4523B08"},{"$f":"[1]Pos!B3308","v":"PO-0019929"},{"$f":"[1]Pos!C3308","v":"C&C"},{"$f":"[1]Pos!D3308","v":2177.6},{"$f":"[1]Pos!E3308","v":3.4}]
[{"$f":"[1]Pos!A3309","v":"4523P01"},{"$f":"[1]Pos!B3309","v":"PO-0018678"},{"$f":"[1]Pos!C3309","v":"PEK"},{"$f":"[1]Pos!D3309","v":24.88},{"$f":"[1]Pos!E3309","v":4.05}]
[{"$f":"[1]Pos!A3310","v":"4523P02"},{"$f":"[1]Pos!B3310","v":"PO-0018677"},{"$f":"[1]Pos!C3310","v":"EXCE"},{"$f":"[1]Pos!D3310","v":3866.54},{"$f":"[1]Pos!E3310","v":3.5}]
[{"$f":"[1]Pos!A3311","v":"4523P03"},{"$f":"[1]Pos!B3311","v":"PO-0018682"},{"$f":"[1]Pos!C3311","v":"CENT"},{"$f":"[1]Pos!D3311","v":5804.5},{"$f":"[1]Pos!E3311","v":3.65}]
[{"$f":"[1]Pos!A3312","v":"4523P04"},{"$f":"[1]Pos!B3312","v":"PO-0018719"},{"$f":"[1]Pos!C3312","v":"EXCE"},{"$f":"[1]Pos!D3312","v":183.76},{"$f":"[1]Pos!E3312","v":3.75}]
[{"$f":"[1]Pos!A3313","v":"4524B01"},{"$f":"[1]Pos!B3313","v":"PO-0018692"},{"$f":"[1]Pos!C3313","v":99},{"$f":"[1]Pos!D3313","v":381.36},{"$f":"[1]Pos!E3313","v":6.61}]
[{"$f":"[1]Pos!A3314","v":"4524B02"},{"$f":"[1]Pos!B3314","v":"PO-0018723"},{"$f":"[1]Pos!C3314","v":"DECA"},{"$f":"[1]Pos!D3314","v":3386.96},{"$f":"[1]Pos!E3314","v":6.85}]
[{"$f":"[1]Pos!A3315","v":"4524B03"},{"$f":"[1]Pos!B3315","v":"PO-0019791"},{"$f":"[1]Pos!C3315","v":"GEOR"},{"$f":"[1]Pos!D3315","v":858.12},{"$f":"[1]Pos!E3315","v":9.19}]
[{"$f":"[1]Pos!A3316","v":"4526P01"},{"$f":"[1]Pos!B3316","v":"PO-0018683"},{"$f":"[1]Pos!C3316","v":"CENT"},{"$f":"[1]Pos!D3316","v":5443.2},{"$f":"[1]Pos!E3316","v":4.0999999999999996}]
[{"$f":"[1]Pos!A3317","v":"4526P02"},{"$f":"[1]Pos!B3317","v":"PO-0018689"},{"$f":"[1]Pos!C3317","v":"DESC"},{"$f":"[1]Pos!D3317","v":3628.8},{"$f":"[1]Pos!E3317","v":5.75}]
[{"$f":"[1]Pos!A3318","v":"4526P03"},{"$f":"[1]Pos!B3318","v":"PO-0018698"},{"$f":"[1]Pos!C3318","v":"MOND"},{"$f":"[1]Pos!D3318","v":907.2},{"$f":"[1]Pos!E3318","v":6}]
[{"$f":"[1]Pos!A3319","v":"4527P01"},{"$f":"[1]Pos!B3319","v":"PO-0018685"},{"$f":"[1]Pos!C3319","v":"ACCU"},{"$f":"[1]Pos!D3319","v":3060},{"$f":"[1]Pos!E3319","v":3.65}]
[{"$f":"[1]Pos!A3320","v":"4527P02"},{"$f":"[1]Pos!B3320","v":"PO-0018684"},{"$f":"[1]Pos!C3320","v":"CENT"},{"$f":"[1]Pos!D3320","v":2665.22},{"$f":"[1]Pos!E3320","v":4.0999999999999996}]
[{"$f":"[1]Pos!A3321","v":"4527P03"},{"$f":"[1]Pos!B3321","v":"PO-0018695"},{"$f":"[1]Pos!C3321","v":"CENT"},{"$f":"[1]Pos!D3321","v":3628.8},{"$f":"[1]Pos!E3321","v":4.0999999999999996}]
[{"$f":"[1]Pos!A3322","v":"4527P04"},{"$f":"[1]Pos!B3322","v":"PO-0018688"},{"$f":"[1]Pos!C3322","v":"ACCU"},{"$f":"[1]Pos!D3322","v":3600},{"$f":"[1]Pos!E3322","v":3.65}]
[{"$f":"[1]Pos!A3323","v":"4527P05"},{"$f":"[1]Pos!B3323","v":"PO-0018702"},{"$f":"[1]Pos!C3323","v":"CENT"},{"$f":"[1]Pos!D3323","v":1814.4},{"$f":"[1]Pos!E3323","v":4.0999999999999996}]
[{"$f":"[1]Pos!A3324","v":"4532B01"},{"$f":"[1]Pos!B3324","v":"PO-0018706"},{"$f":"[1]Pos!C3324","v":"RYDI"},{"$f":"[1]Pos!D3324","v":680.5},{"$f":"[1]Pos!E3324","v":4.54}]
[{"$f":"[1]Pos!A3325","v":"4532B02"},{"$f":"[1]Pos!B3325","v":"PO-0018708"},{"$f":"[1]Pos!C3325","v":"DELF"},{"$f":"[1]Pos!D3325","v":906.14},{"$f":"[1]Pos!E3325","v":8.69}]
[{"$f":"[1]Pos!A3326","v":"4532B03"},{"$f":"[1]Pos!B3326","v":"PO-0019225"},{"$f":"[1]Pos!C3326","v":"RICH"},{"$f":"[1]Pos!D3326","v":80.7},{"$f":"[1]Pos!E3326","v":12.5}]
[{"$f":"[1]Pos!A3327","v":"4532B04"},{"$f":"[1]Pos!B3327","v":"PO-0019320"},{"$f":"[1]Pos!C3327","v":"RICH"},{"$f":"[1]Pos!D3327","v":102.55},{"$f":"[1]Pos!E3327","v":13}]
[{"$f":"[1]Pos!A3328","v":"4532P01"},{"$f":"[1]Pos!B3328","v":"PO-0018686"},{"$f":"[1]Pos!C3328","v":"MOND"},{"$f":"[1]Pos!D3328","v":1433.37},{"$f":"[1]Pos!E3328","v":6}]
[{"$f":"[1]Pos!A3329","v":"4532P02"},{"$f":"[1]Pos!B3329","v":"PO-0018699"},{"$f":"[1]Pos!C3329","v":"EXCE"},{"$f":"[1]Pos!D3329","v":356.96},{"$f":"[1]Pos!E3329","v":3.3}]
[{"$f":"[1]Pos!A3330","v":"4533B01"},{"$f":"[1]Pos!B3330","v":"PO-0018706"},{"$f":"[1]Pos!C3330","v":"RYDI"},{"$f":"[1]Pos!D3330","v":705.5},{"$f":"[1]Pos!E3330","v":7.61}]
[{"$f":"[1]Pos!A3331","v":"4533B02"},{"$f":"[1]Pos!B3331","v":"PO-0018711"},{"$f":"[1]Pos!C3331","v":"DECA"},{"$f":"[1]Pos!D3331","v":51.12},{"$f":"[1]Pos!E3331","v":3.91}]
[{"$f":"[1]Pos!A3332","v":"4533P01"},{"$f":"[1]Pos!B3332","v":"PO-0018699"},{"$f":"[1]Pos!C3332","v":"EXCE"},{"$f":"[1]Pos!D3332","v":215.7},{"$f":"[1]Pos!E3332","v":4.05}]
[{"$f":"[1]Pos!A3333","v":"4533P02"},{"$f":"[1]Pos!B3333","v":"PO-0018699"},{"$f":"[1]Pos!C3333","v":"EXCE"},{"$f":"[1]Pos!D3333","v":1938.26},{"$f":"[1]Pos!E3333","v":3.7}]
[{"$f":"[1]Pos!A3334","v":"4533P03"},{"$f":"[1]Pos!B3334","v":"PO-0018702"},{"$f":"[1]Pos!C3334","v":"CENT"},{"$f":"[1]Pos!D3334","v":3895.18},{"$f":"[1]Pos!E3334","v":3.7}]
[{"$f":"[1]Pos!A3335","v":"4533P04"},{"$f":"[1]Pos!B3335","v":"PO-0018642"},{"$f":"[1]Pos!C3335","v":"DESC"},{"$f":"[1]Pos!D3335","v":9004.82},{"$f":"[1]Pos!E3335","v":4.0999999999999996}]
[{"$f":"[1]Pos!A3336","v":"4534B01"},{"$f":"[1]Pos!B3336","v":"PO-0018701"},{"$f":"[1]Pos!C3336","v":"BOUC"},{"$f":"[1]Pos!D3336","v":68.739999999999995},{"$f":"[1]Pos!E3336","v":3.39}]
[{"$f":"[1]Pos!A3337","v":"4534B02"},{"$f":"[1]Pos!B3337","v":"PO-0018723"},{"$f":"[1]Pos!C3337","v":"DECA"},{"$f":"[1]Pos!D3337","v":96.86},{"$f":"[1]Pos!E3337","v":7.09}]
[{"$f":"[1]Pos!A3338","v":"4534B03"},{"$f":"[1]Pos!B3338","v":"PO-0018738"},{"$f":"[1]Pos!C3338","v":"DECA"},{"$f":"[1]Pos!D3338","v":552.79302099999995},{"$f":"[1]Pos!E3338","v":3.65}]
[{"$f":"[1]Pos!A3339","v":"4534B04"},{"$f":"[1]Pos!B3339","v":"PO-0018912"},{"$f":"[1]Pos!C3339","v":99},{"$f":"[1]Pos!D3339","v":134.24},{"$f":"[1]Pos!E3339","v":26.5}]
[{"$f":"[1]Pos!A3340","v":"4534P01"},{"$f":"[1]Pos!B3340","v":"PO-0018710"},{"$f":"[1]Pos!C3340","v":"CENT"},{"$f":"[1]Pos!D3340","v":1891.98},{"$f":"[1]Pos!E3340","v":4.0999999999999996}]
[{"$f":"[1]Pos!A3341","v":"4534P02"},{"$f":"[1]Pos!B3341","v":"PO-0018710"},{"$f":"[1]Pos!C3341","v":"CENT"},{"$f":"[1]Pos!D3341","v":1832.74},{"$f":"[1]Pos!E3341","v":4.0999999999999996}]
[{"$f":"[1]Pos!A3342","v":"4534P03"},{"$f":"[1]Pos!B3342","v":"PO-0018712"},{"$f":"[1]Pos!C3342","v":99},{"$f":"[1]Pos!D3342","v":516.16999999999996},{"$f":"[1]Pos!E3342","v":2.1}]
[{"$f":"[1]Pos!A3343","v":"5015B01"},{"$f":"[1]Pos!B3343","v":"PO-0018709"},{"$f":"[1]Pos!C3343","v":"DECA"},{"$f":"[1]Pos!D3343","v":24},{"$f":"[1]Pos!E3343","v":4.1500000000000004}]
[{"$f":"[1]Pos!A3344","v":"5015P01"},{"$f":"[1]Pos!B3344","v":"PO-0018710"},{"$f":"[1]Pos!C3344","v":"CENT"},{"$f":"[1]Pos!D3344","v":5443.2},{"$f":"[1]Pos!E3344","v":4.25}]
[{"$f":"[1]Pos!A3345","v":"5016B01"},{"$f":"[1]Pos!B3345","v":"PO-0018704"},{"$f":"[1]Pos!C3345","v":"RYDI"},{"$f":"[1]Pos!D3345","v":1600},{"$f":"[1]Pos!E3345","v":7.41}]
[{"$f":"[1]Pos!A3346","v":"5016B02"},{"$f":"[1]Pos!B3346","v":"PO-0018728"},{"$f":"[1]Pos!C3346","v":"DECA"},{"$f":"[1]Pos!D3346","v":617.838166},{"$f":"[1]Pos!E3346","v":12.09}]
[{"$f":"[1]Pos!A3347","v":"5016B03"},{"$f":"[1]Pos!B3347","v":"PO-0018820"},{"$f":"[1]Pos!C3347","v":"DECA"},{"$f":"[1]Pos!D3347","v":723.52},{"$f":"[1]Pos!E3347","v":11.95}]
[{"$f":"[1]Pos!A3348","v":"5016P01"},{"$f":"[1]Pos!B3348","v":"PO-0018713"},{"$f":"[1]Pos!C3348","v":"MOND"},{"$f":"[1]Pos!D3348","v":9072},{"$f":"[1]Pos!E3348","v":5.85}]
[{"$f":"[1]Pos!A3349","v":"5016P02"},{"$f":"[1]Pos!B3349","v":"PO-0018715"},{"$f":"[1]Pos!C3349","v":"ACCU"},{"$f":"[1]Pos!D3349","v":1800},{"$f":"[1]Pos!E3349","v":3.8}]
[{"$f":"[1]Pos!A3350","v":"5016P03"},{"$f":"[1]Pos!B3350","v":"PO-0018722"},{"$f":"[1]Pos!C3350","v":"CENT"},{"$f":"[1]Pos!D3350","v":1711.58},{"$f":"[1]Pos!E3350","v":4.25}]
[{"$f":"[1]Pos!A3351","v":"5016P04"},{"$f":"[1]Pos!B3351","v":"PO-0018714"},{"$f":"[1]Pos!C3351","v":"MOND"},{"$f":"[1]Pos!D3351","v":6350.4},{"$f":"[1]Pos!E3351","v":5.85}]
[{"$f":"[1]Pos!A3352","v":"5016P05"},{"$f":"[1]Pos!B3352","v":"PO-0018745"},{"$f":"[1]Pos!C3352","v":"SUNC"},{"$f":"[1]Pos!D3352","v":950},{"$f":"[1]Pos!E3352","v":4}]
[{"$f":"[1]Pos!A3353","v":"5017B01"},{"$f":"[1]Pos!B3353","v":"PO-0018726"},{"$f":"[1]Pos!C3353","v":99},{"$f":"[1]Pos!D3353","v":272.39999999999998},{"$f":"[1]Pos!E3353","v":6.61}]
[{"$f":"[1]Pos!A3354","v":"5017P01"},{"$f":"[1]Pos!B3354","v":"PO-0018719"},{"$f":"[1]Pos!C3354","v":"EXCE"},{"$f":"[1]Pos!D3354","v":548.9},{"$f":"[1]Pos!E3354","v":3.3}]
[{"$f":"[1]Pos!A3355","v":"5017P02"},{"$f":"[1]Pos!B3355","v":"PO-0018719"},{"$f":"[1]Pos!C3355","v":"EXCE"},{"$f":"[1]Pos!D3355","v":5504.85},{"$f":"[1]Pos!E3355","v":4.25}]
[{"$f":"[1]Pos!A3356","v":"5022B01"},{"$f":"[1]Pos!B3356","v":"PO-0018718"},{"$f":"[1]Pos!C3356","v":"DECA"},{"$f":"[1]Pos!D3356","v":108.8},{"$f":"[1]Pos!E3356","v":3.26}]
[{"$f":"[1]Pos!A3357","v":"5022B02"},{"$f":"[1]Pos!B3357","v":"PO-0018705"},{"$f":"[1]Pos!C3357","v":"RYDI"},{"$f":"[1]Pos!D3357","v":2475.5},{"$f":"[1]Pos!E3357","v":7.87}]
[{"$f":"[1]Pos!A3358","v":"5022B03"},{"$f":"[1]Pos!B3358","v":"PO-0018731"},{"$f":"[1]Pos!C3358","v":"RYDI"},{"$f":"[1]Pos!D3358","v":567},{"$f":"[1]Pos!E3358","v":7.61}]
[{"$f":"[1]Pos!A3359","v":"5022B04"},{"$f":"[1]Pos!B3359","v":"PO-0018732"},{"$f":"[1]Pos!C3359","v":"DECA"},{"$f":"[1]Pos!D3359","v":74.92},{"$f":"[1]Pos!E3359","v":3.91}]
[{"$f":"[1]Pos!A3360","v":"5022B05"},{"$f":"[1]Pos!B3360","v":"PO-0018703"},{"$f":"[1]Pos!C3360","v":"JBS"},{"$f":"[1]Pos!D3360","v":4637.01},{"$f":"[1]Pos!E3360","v":8.18}]
[{"$f":"[1]Pos!A3361","v":"5022B06"},{"$f":"[1]Pos!B3361","v":"PO-0018793"},{"$f":"[1]Pos!C3361","v":"DECA"},{"$f":"[1]Pos!D3361","v":3601.91},{"$f":"[1]Pos!E3361","v":7.32}]
[{"$f":"[1]Pos!A3362","v":"5022B07"},{"$f":"[1]Pos!B3362","v":"PO-0018848"},{"$f":"[1]Pos!C3362","v":"DECA"},{"$f":"[1]Pos!D3362","v":890.15},{"$f":"[1]Pos!E3362","v":13.59}]
[{"$f":"[1]Pos!A3363","v":"5022B08"},{"$f":"[1]Pos!B3363","v":"PO-0019049"},{"$f":"[1]Pos!C3363","v":"SEAW"},{"$f":"[1]Pos!D3363","v":9411.2000000000007},{"$f":"[1]Pos!E3363","v":6.89}]
[{"$f":"[1]Pos!A3364","v":"5022P01"},{"$f":"[1]Pos!B3364","v":"PO-0018721"},{"$f":"[1]Pos!C3364","v":"VEST"},{"$f":"[1]Pos!D3364","v":1755},{"$f":"[1]Pos!E3364","v":7.75}]
[{"$f":"[1]Pos!A3365","v":"5022P02"},{"$f":"[1]Pos!B3365","v":"PO-0018716"},{"$f":"[1]Pos!C3365","v":"ACCU"},{"$f":"[1]Pos!D3365","v":1260},{"$f":"[1]Pos!E3365","v":4}]
[{"$f":"[1]Pos!A3366","v":"5022P03"},{"$f":"[1]Pos!B3366","v":"PO-0018724"},{"$f":"[1]Pos!C3366","v":"CENT"},{"$f":"[1]Pos!D3366","v":4069.49},{"$f":"[1]Pos!E3366","v":4.25}]
[{"$f":"[1]Pos!A3367","v":"5022P04"},{"$f":"[1]Pos!B3367","v":"PO-0018737"},{"$f":"[1]Pos!C3367","v":"DESC"},{"$f":"[1]Pos!D3367","v":3628.8},{"$f":"[1]Pos!E3367","v":6.4}]
[{"$f":"[1]Pos!A3368","v":"5022P05"},{"$f":"[1]Pos!B3368","v":"PO-0018717"},{"$f":"[1]Pos!C3368","v":"DESC"},{"$f":"[1]Pos!D3368","v":1814.4},{"$f":"[1]Pos!E3368","v":6.8}]
[{"$f":"[1]Pos!A3369","v":"5022P06"},{"$f":"[1]Pos!B3369","v":"PO-0018749"},{"$f":"[1]Pos!C3369","v":"CENT"},{"$f":"[1]Pos!D3369","v":3628.8},{"$f":"[1]Pos!E3369","v":4.25}]
[{"$f":"[1]Pos!A3370","v":"5022P07"},{"$f":"[1]Pos!B3370","v":"PO-0018752"},{"$f":"[1]Pos!C3370","v":"EXCE"},{"$f":"[1]Pos!D3370","v":637.99},{"$f":"[1]Pos!E3370","v":3.3}]
[{"$f":"[1]Pos!A3371","v":"5023B01"},{"$f":"[1]Pos!B3371","v":"PO-0018730"},{"$f":"[1]Pos!C3371","v":"DECA"},{"$f":"[1]Pos!D3371","v":80.489999999999995},{"$f":"[1]Pos!E3371","v":6.5}]
[{"$f":"[1]Pos!A3372","v":"5023B02"},{"$f":"[1]Pos!B3372","v":"PO-0018736"},{"$f":"[1]Pos!C3372","v":99},{"$f":"[1]Pos!D3372","v":190.68},{"$f":"[1]Pos!E3372","v":6.61}]
[{"$f":"[1]Pos!A3373","v":"5023B03"},{"$f":"[1]Pos!B3373","v":"PO-0018757"},{"$f":"[1]Pos!C3373","v":"DECA"},{"$f":"[1]Pos!D3373","v":44.64},{"$f":"[1]Pos!E3373","v":3.48}]
[{"$f":"[1]Pos!A3374","v":"5023P01"},{"$f":"[1]Pos!B3374","v":"PO-0018727"},{"$f":"[1]Pos!C3374","v":"VEST"},{"$f":"[1]Pos!D3374","v":2261},{"$f":"[1]Pos!E3374","v":8}]
[{"$f":"[1]Pos!A3375","v":"5023P02"},{"$f":"[1]Pos!B3375","v":"PO-0018725"},{"$f":"[1]Pos!C3375","v":"EXCE"},{"$f":"[1]Pos!D3375","v":5504.03},{"$f":"[1]Pos!E3375","v":4.25}]
[{"$f":"[1]Pos!A3376","v":"5023P03"},{"$f":"[1]Pos!B3376","v":"PO-0018734"},{"$f":"[1]Pos!C3376","v":"CENT"},{"$f":"[1]Pos!D3376","v":4038.12},{"$f":"[1]Pos!E3376","v":4.3499999999999996}]
[{"$f":"[1]Pos!A3377","v":"5023P04"},{"$f":"[1]Pos!B3377","v":"PO-0018761"},{"$f":"[1]Pos!C3377","v":"DESC"},{"$f":"[1]Pos!D3377","v":3628.8},{"$f":"[1]Pos!E3377","v":6.4}]
[{"$f":"[1]Pos!A3378","v":"5024B01"},{"$f":"[1]Pos!B3378","v":"PO-0018751"},{"$f":"[1]Pos!C3378","v":"DECA"},{"$f":"[1]Pos!D3378","v":37.42},{"$f":"[1]Pos!E3378","v":3.09}]
[{"$f":"[1]Pos!A3379","v":"5024B02"},{"$f":"[1]Pos!B3379","v":"PO-0018757"},{"$f":"[1]Pos!C3379","v":"DECA"},{"$f":"[1]Pos!D3379","v":24.12},{"$f":"[1]Pos!E3379","v":3.91}]
[{"$f":"[1]Pos!A3380","v":"5024P01"},{"$f":"[1]Pos!B3380","v":"PO-0018739"},{"$f":"[1]Pos!C3380","v":"VEST"},{"$f":"[1]Pos!D3380","v":2539},{"$f":"[1]Pos!E3380","v":8}]
[{"$f":"[1]Pos!A3381","v":"5024P02"},{"$f":"[1]Pos!B3381","v":"PO-0018733"},{"$f":"[1]Pos!C3381","v":"EXCE"},{"$f":"[1]Pos!D3381","v":7384.3},{"$f":"[1]Pos!E3381","v":4}]
[{"$f":"[1]Pos!A3382","v":"5024P03"},{"$f":"[1]Pos!B3382","v":"PO-0018733"},{"$f":"[1]Pos!C3382","v":"EXCE"},{"$f":"[1]Pos!D3382","v":186.97},{"$f":"[1]Pos!E3382","v":4.05}]
[{"$f":"[1]Pos!A3383","v":"5024P04"},{"$f":"[1]Pos!B3383","v":"PO-0018760"},{"$f":"[1]Pos!C3383","v":"ACCU"},{"$f":"[1]Pos!D3383","v":1080},{"$f":"[1]Pos!E3383","v":4.45}]
[{"$f":"[1]Pos!A3384","v":"5024P05"},{"$f":"[1]Pos!B3384","v":"PO-0018758"},{"$f":"[1]Pos!C3384","v":"EXCE"},{"$f":"[1]Pos!D3384","v":641.09},{"$f":"[1]Pos!E3384","v":3.3}]
[{"$f":"[1]Pos!A3385","v":"5025B01"},{"$f":"[1]Pos!B3385","v":"PO-0018766"},{"$f":"[1]Pos!C3385","v":"RYDI"},{"$f":"[1]Pos!D3385","v":640},{"$f":"[1]Pos!E3385","v":7.61}]
[{"$f":"[1]Pos!A3386","v":"5025B02"},{"$f":"[1]Pos!B3386","v":"PO-0018767"},{"$f":"[1]Pos!C3386","v":"RYDI"},{"$f":"[1]Pos!D3386","v":3376.5},{"$f":"[1]Pos!E3386","v":8.09}]
[{"$f":"[1]Pos!A3387","v":"5025B03"},{"$f":"[1]Pos!B3387","v":"PO-0018767"},{"$f":"[1]Pos!C3387","v":"RYDI"},{"$f":"[1]Pos!D3387","v":610.5},{"$f":"[1]Pos!E3387","v":4.7}]
[{"$f":"[1]Pos!A3388","v":"5025B04"},{"$f":"[1]Pos!B3388","v":"PO-0018855"},{"$f":"[1]Pos!C3388","v":"DECA"},{"$f":"[1]Pos!D3388","v":24},{"$f":"[1]Pos!E3388","v":4.2300000000000004}]
[{"$f":"[1]Pos!A3389","v":"5025P01"},{"$f":"[1]Pos!B3389","v":"PO-0018753"},{"$f":"[1]Pos!C3389","v":"EXCE"},{"$f":"[1]Pos!D3389","v":3694.94},{"$f":"[1]Pos!E3389","v":4}]
[{"$f":"[1]Pos!A3390","v":"5025P02"},{"$f":"[1]Pos!B3390","v":"PO-0018769"},{"$f":"[1]Pos!C3390","v":"CENT"},{"$f":"[1]Pos!D3390","v":907.2},{"$f":"[1]Pos!E3390","v":4.4000000000000004}]
[{"$f":"[1]Pos!A3391","v":"5026B01"},{"$f":"[1]Pos!B3391","v":"PO-0018754"},{"$f":"[1]Pos!C3391","v":"BOUC"},{"$f":"[1]Pos!D3391","v":102.08},{"$f":"[1]Pos!E3391","v":3.39}]
[{"$f":"[1]Pos!A3392","v":"5026B02"},{"$f":"[1]Pos!B3392","v":"PO-0018759"},{"$f":"[1]Pos!C3392","v":"CROW"},{"$f":"[1]Pos!D3392","v":22900},{"$f":"[1]Pos!E3392","v":0.1183}]
[{"$f":"[1]Pos!A3393","v":"5026B03"},{"$f":"[1]Pos!B3393","v":"PO-0018759"},{"$f":"[1]Pos!C3393","v":"CROW"},{"$f":"[1]Pos!D3393","v":17300},{"$f":"[1]Pos!E3393","v":0.1183}]
[{"$f":"[1]Pos!A3394","v":"5026B04"},{"$f":"[1]Pos!B3394","v":"PO-0018741"},{"$f":"[1]Pos!C3394","v":"LARO"},{"$f":"[1]Pos!D3394","v":935},{"$f":"[1]Pos!E3394","v":7.79}]
[{"$f":"[1]Pos!A3395","v":"5026B05"},{"$f":"[1]Pos!B3395","v":"PO-0018796"},{"$f":"[1]Pos!C3395","v":"GIRO"},{"$f":"[1]Pos!D3395","v":1076.5},{"$f":"[1]Pos!E3395","v":7.99}]
[{"$f":"[1]Pos!A3396","v":"5026B06"},{"$f":"[1]Pos!B3396","v":"PO-0018821"},{"$f":"[1]Pos!C3396","v":"DECA"},{"$f":"[1]Pos!D3396","v":139.46},{"$f":"[1]Pos!E3396","v":11.25}]
[{"$f":"[1]Pos!A3397","v":"5026P01"},{"$f":"[1]Pos!B3397","v":"PO-0018763"},{"$f":"[1]Pos!C3397","v":"MOND"},{"$f":"[1]Pos!D3397","v":1796.26},{"$f":"[1]Pos!E3397","v":6}]
[{"$f":"[1]Pos!A3398","v":"5026P02"},{"$f":"[1]Pos!B3398","v":"PO-0018769"},{"$f":"[1]Pos!C3398","v":"CENT"},{"$f":"[1]Pos!D3398","v":4078.47},{"$f":"[1]Pos!E3398","v":4.4000000000000004}]
[{"$f":"[1]Pos!A3399","v":"5026P03"},{"$f":"[1]Pos!B3399","v":"PO-0018743"},{"$f":"[1]Pos!C3399","v":"DESC"},{"$f":"[1]Pos!D3399","v":11793.6},{"$f":"[1]Pos!E3399","v":6.8}]
[{"$f":"[1]Pos!A3400","v":"5026P04"},{"$f":"[1]Pos!B3400","v":"PO-0018770"},{"$f":"[1]Pos!C3400","v":"MOND"},{"$f":"[1]Pos!D3400","v":3628.8},{"$f":"[1]Pos!E3400","v":5.9}]
[{"$f":"[1]Pos!A3401","v":"5026P05"},{"$f":"[1]Pos!B3401","v":"PO-0018775"},{"$f":"[1]Pos!C3401","v":"DESC"},{"$f":"[1]Pos!D3401","v":1814.4},{"$f":"[1]Pos!E3401","v":6.8}]
[{"$f":"[1]Pos!A3402","v":"5026P06"},{"$f":"[1]Pos!B3402","v":"PO-0018770"},{"$f":"[1]Pos!C3402","v":"MOND"},{"$f":"[1]Pos!D3402","v":3193.34},{"$f":"[1]Pos!E3402","v":6.35}]
[{"$f":"[1]Pos!A3403","v":"5027B01"},{"$f":"[1]Pos!B3403","v":"PO-0018890"},{"$f":"[1]Pos!C3403","v":"DECA"},{"$f":"[1]Pos!D3403","v":259.14},{"$f":"[1]Pos!E3403","v":12.99}]
[{"$f":"[1]Pos!A3404","v":"5027P01"},{"$f":"[1]Pos!B3404","v":"PO-0018758"},{"$f":"[1]Pos!C3404","v":"EXCE"},{"$f":"[1]Pos!D3404","v":642.44000000000005},{"$f":"[1]Pos!E3404","v":3.6}]
[{"$f":"[1]Pos!A3405","v":"5027P02"},{"$f":"[1]Pos!B3405","v":"PO-0018758"},{"$f":"[1]Pos!C3405","v":"EXCE"},{"$f":"[1]Pos!D3405","v":1283.55},{"$f":"[1]Pos!E3405","v":4.5}]
[{"$f":"[1]Pos!A3406","v":"5027P03"},{"$f":"[1]Pos!B3406","v":"PO-0018774"},{"$f":"[1]Pos!C3406","v":"CENT"},{"$f":"[1]Pos!D3406","v":3628.8},{"$f":"[1]Pos!E3406","v":4.4000000000000004}]
[{"$f":"[1]Pos!A3407","v":"5027P04"},{"$f":"[1]Pos!B3407","v":"PO-0018773"},{"$f":"[1]Pos!C3407","v":"EXCE"},{"$f":"[1]Pos!D3407","v":1931},{"$f":"[1]Pos!E3407","v":4.5}]
[{"$f":"[1]Pos!A3408","v":"5027P05"},{"$f":"[1]Pos!B3408","v":"PO-0018775"},{"$f":"[1]Pos!C3408","v":"DESC"},{"$f":"[1]Pos!D3408","v":1814.4},{"$f":"[1]Pos!E3408","v":6.5}]
[{"$f":"[1]Pos!A3409","v":"5027P06"},{"$f":"[1]Pos!B3409","v":"PO-0018782"},{"$f":"[1]Pos!C3409","v":"DESC"},{"$f":"[1]Pos!D3409","v":5442},{"$f":"[1]Pos!E3409","v":6.9}]
[{"$f":"[1]Pos!A3410","v":"5032B01"},{"$f":"[1]Pos!B3410","v":"PO-0018772"},{"$f":"[1]Pos!C3410","v":99},{"$f":"[1]Pos!D3410","v":190.68},{"$f":"[1]Pos!E3410","v":6.61}]
[{"$f":"[1]Pos!A3411","v":"5032B02"},{"$f":"[1]Pos!B3411","v":"PO-0018768"},{"$f":"[1]Pos!C3411","v":"RYDI"},{"$f":"[1]Pos!D3411","v":320.5},{"$f":"[1]Pos!E3411","v":7.61}]
[{"$f":"[1]Pos!A3412","v":"5032B03"},{"$f":"[1]Pos!B3412","v":"PO-0018768"},{"$f":"[1]Pos!C3412","v":"RYDI"},{"$f":"[1]Pos!D3412","v":3216.5},{"$f":"[1]Pos!E3412","v":8.09}]
[{"$f":"[1]Pos!A3413","v":"5032B04"},{"$f":"[1]Pos!B3413","v":"PO-0018768"},{"$f":"[1]Pos!C3413","v":"RYDI"},{"$f":"[1]Pos!D3413","v":800},{"$f":"[1]Pos!E3413","v":4.7}]
[{"$f":"[1]Pos!A3414","v":"5032B05"},{"$f":"[1]Pos!B3414","v":"PO-0019429"},{"$f":"[1]Pos!C3414","v":"GEOR"},{"$f":"[1]Pos!D3414","v":544},{"$f":"[1]Pos!E3414","v":6.96}]
[{"$f":"[1]Pos!A3415","v":"5032B06"},{"$f":"[1]Pos!B3415","v":"PO-0019752"},{"$f":"[1]Pos!C3415","v":"DECA"},{"$f":"[1]Pos!D3415","v":2379.98},{"$f":"[1]Pos!E3415","v":4.75}]
[{"$f":"[1]Pos!A3416","v":"5032P01"},{"$f":"[1]Pos!B3416","v":"PO-0018773"},{"$f":"[1]Pos!C3416","v":"EXCE"},{"$f":"[1]Pos!D3416","v":134.61000000000001},{"$f":"[1]Pos!E3416","v":4.05}]
[{"$f":"[1]Pos!A3417","v":"5032P02"},{"$f":"[1]Pos!B3417","v":"PO-0018773"},{"$f":"[1]Pos!C3417","v":"EXCE"},{"$f":"[1]Pos!D3417","v":438.2},{"$f":"[1]Pos!E3417","v":3.3}]
[{"$f":"[1]Pos!A3418","v":"5032P03"},{"$f":"[1]Pos!B3418","v":"PO-0018778"},{"$f":"[1]Pos!C3418","v":"PANG"},{"$f":"[1]Pos!D3418","v":907},{"$f":"[1]Pos!E3418","v":5.65}]
[{"$f":"[1]Pos!A3419","v":"5032P04"},{"$f":"[1]Pos!B3419","v":"PO-0018781"},{"$f":"[1]Pos!C3419","v":"ACCU"},{"$f":"[1]Pos!D3419","v":1080},{"$f":"[1]Pos!E3419","v":3.6}]
[{"$f":"[1]Pos!A3420","v":"5032P05"},{"$f":"[1]Pos!B3420","v":"PO-0018777"},{"$f":"[1]Pos!C3420","v":"ACCU"},{"$f":"[1]Pos!D3420","v":2160},{"$f":"[1]Pos!E3420","v":4.45}]
[{"$f":"[1]Pos!A3421","v":"5032P06"},{"$f":"[1]Pos!B3421","v":"PO-0018790"},{"$f":"[1]Pos!C3421","v":"CENT"},{"$f":"[1]Pos!D3421","v":1814.4},{"$f":"[1]Pos!E3421","v":4.4000000000000004}]
[{"$f":"[1]Pos!A3422","v":"5032P07"},{"$f":"[1]Pos!B3422","v":"PO-0018799"},{"$f":"[1]Pos!C3422","v":"DESC"},{"$f":"[1]Pos!D3422","v":3628.8},{"$f":"[1]Pos!E3422","v":6.9}]
[{"$f":"[1]Pos!A3423","v":"5033B01"},{"$f":"[1]Pos!B3423","v":"PO-0018756"},{"$f":"[1]Pos!C3423","v":"DELF"},{"$f":"[1]Pos!D3423","v":330.65},{"$f":"[1]Pos!E3423","v":8.69}]
[{"$f":"[1]Pos!A3424","v":"5033B02"},{"$f":"[1]Pos!B3424","v":"PO-0018786"},{"$f":"[1]Pos!C3424","v":99},{"$f":"[1]Pos!D3424","v":136.19999999999999},{"$f":"[1]Pos!E3424","v":6.61}]
[{"$f":"[1]Pos!A3425","v":"5033B03"},{"$f":"[1]Pos!B3425","v":"PO-0018755"},{"$f":"[1]Pos!C3425","v":"CAR"},{"$f":"[1]Pos!D3425","v":1388.92},{"$f":"[1]Pos!E3425","v":4}]
[{"$f":"[1]Pos!A3426","v":"5033P01"},{"$f":"[1]Pos!B3426","v":"PO-0018780"},{"$f":"[1]Pos!C3426","v":"EXCE"},{"$f":"[1]Pos!D3426","v":1927.96},{"$f":"[1]Pos!E3426","v":4.2}]
[{"$f":"[1]Pos!A3427","v":"5033P02"},{"$f":"[1]Pos!B3427","v":"PO-0018780"},{"$f":"[1]Pos!C3427","v":"EXCE"},{"$f":"[1]Pos!D3427","v":1284.3800000000001},{"$f":"[1]Pos!E3427","v":4.5}]
[{"$f":"[1]Pos!A3428","v":"5033P03"},{"$f":"[1]Pos!B3428","v":"PO-0018780"},{"$f":"[1]Pos!C3428","v":"EXCE"},{"$f":"[1]Pos!D3428","v":273.39},{"$f":"[1]Pos!E3428","v":3.3}]
[{"$f":"[1]Pos!A3429","v":"5033P04"},{"$f":"[1]Pos!B3429","v":"PO-0018782"},{"$f":"[1]Pos!C3429","v":"DESC"},{"$f":"[1]Pos!D3429","v":1814},{"$f":"[1]Pos!E3429","v":6.6}]
[{"$f":"[1]Pos!A3430","v":"5033P05"},{"$f":"[1]Pos!B3430","v":"PO-0018794"},{"$f":"[1]Pos!C3430","v":"CENT"},{"$f":"[1]Pos!D3430","v":1814.4},{"$f":"[1]Pos!E3430","v":4.4000000000000004}]
[{"$f":"[1]Pos!A3431","v":"5034B01"},{"$f":"[1]Pos!B3431","v":"PO-0018771"},{"$f":"[1]Pos!C3431","v":"DELF"},{"$f":"[1]Pos!D3431","v":64.599999999999994},{"$f":"[1]Pos!E3431","v":11.63}]
[{"$f":"[1]Pos!A3432","v":"5034B02"},{"$f":"[1]Pos!B3432","v":"PO-0018756"},{"$f":"[1]Pos!C3432","v":"DELF"},{"$f":"[1]Pos!D3432","v":71.099999999999994},{"$f":"[1]Pos!E3432","v":8.39}]
[{"$f":"[1]Pos!A3433","v":"5034B03"},{"$f":"[1]Pos!B3433","v":"PO-0018765"},{"$f":"[1]Pos!C3433","v":"CROW"},{"$f":"[1]Pos!D3433","v":22500},{"$f":"[1]Pos!E3433","v":0.1183}]
[{"$f":"[1]Pos!A3434","v":"5034B04"},{"$f":"[1]Pos!B3434","v":"PO-0018764"},{"$f":"[1]Pos!C3434","v":"CROW"},{"$f":"[1]Pos!D3434","v":59200},{"$f":"[1]Pos!E3434","v":8.9749999999999996E-2}]
[{"$f":"[1]Pos!A3435","v":"5034B05"},{"$f":"[1]Pos!B3435","v":"PO-0018784"},{"$f":"[1]Pos!C3435","v":"RYDI"},{"$f":"[1]Pos!D3435","v":371},{"$f":"[1]Pos!E3435","v":7.61}]
[{"$f":"[1]Pos!A3436","v":"5034B06"},{"$f":"[1]Pos!B3436","v":"PO-0018909"},{"$f":"[1]Pos!C3436","v":"DECA"},{"$f":"[1]Pos!D3436","v":63.820447000000001},{"$f":"[1]Pos!E3436","v":10.59}]
[{"$f":"[1]Pos!A3437","v":"5034B07"},{"$f":"[1]Pos!B3437","v":"PO-0018960"},{"$f":"[1]Pos!C3437","v":"CHIS"},{"$f":"[1]Pos!D3437","v":18291.84},{"$f":"[1]Pos!E3437","v":2.98}]
[{"$f":"[1]Pos!A3438","v":"5034B08"},{"$f":"[1]Pos!B3438","v":"PO-0019085"},{"$f":"[1]Pos!C3438","v":"DECA"},{"$f":"[1]Pos!D3438","v":827},{"$f":"[1]Pos!E3438","v":4.1399999999999997}]
[{"$f":"[1]Pos!A3439","v":"5034B09"},{"$f":"[1]Pos!B3439","v":"PO-0019417"},{"$f":"[1]Pos!C3439","v":"DECA"},{"$f":"[1]Pos!D3439","v":1876.59},{"$f":"[1]Pos!E3439","v":4.1399999999999997}]
[{"$f":"[1]Pos!A3440","v":"5034B10"},{"$f":"[1]Pos!B3440","v":"PO-0019444"},{"$f":"[1]Pos!C3440","v":"DECA"},{"$f":"[1]Pos!D3440","v":3901.18},{"$f":"[1]Pos!E3440","v":4.1399999999999997}]
[{"$f":"[1]Pos!A3441","v":"5034B11"},{"$f":"[1]Pos!B3441","v":"PO-0019573"},{"$f":"[1]Pos!C3441","v":"DECA"},{"$f":"[1]Pos!D3441","v":3897.39},{"$f":"[1]Pos!E3441","v":4.1399999999999997}]
[{"$f":"[1]Pos!A3442","v":"5034P01"},{"$f":"[1]Pos!B3442","v":"PO-0018787"},{"$f":"[1]Pos!C3442","v":"EXCE"},{"$f":"[1]Pos!D3442","v":3855.89},{"$f":"[1]Pos!E3442","v":4.5}]
[{"$f":"[1]Pos!A3443","v":"5034P02"},{"$f":"[1]Pos!B3443","v":"PO-0018787"},{"$f":"[1]Pos!C3443","v":"EXCE"},{"$f":"[1]Pos!D3443","v":134.93},{"$f":"[1]Pos!E3443","v":4.05}]
[{"$f":"[1]Pos!A3444","v":"5035B01"},{"$f":"[1]Pos!B3444","v":"PO-0018831"},{"$f":"[1]Pos!C3444","v":"DECA"},{"$f":"[1]Pos!D3444","v":412.55},{"$f":"[1]Pos!E3444","v":14.49}]
[{"$f":"[1]Pos!A3445","v":"5035B02"},{"$f":"[1]Pos!B3445","v":"PO-0019083"},{"$f":"[1]Pos!C3445","v":"C&C"},{"$f":"[1]Pos!D3445","v":2324.5500000000002},{"$f":"[1]Pos!E3445","v":9.59}]
[{"$f":"[1]Pos!A3446","v":"5035P01"},{"$f":"[1]Pos!B3446","v":"PO-0018791"},{"$f":"[1]Pos!C3446","v":"EXCE"},{"$f":"[1]Pos!D3446","v":1927.02},{"$f":"[1]Pos!E3446","v":4.2}]
[{"$f":"[1]Pos!A3447","v":"5035P02"},{"$f":"[1]Pos!B3447","v":"PO-0018791"},{"$f":"[1]Pos!C3447","v":"EXCE"},{"$f":"[1]Pos!D3447","v":166.34},{"$f":"[1]Pos!E3447","v":3.3}]
[{"$f":"[1]Pos!A3448","v":"5035P03"},{"$f":"[1]Pos!B3448","v":"PO-0018811"},{"$f":"[1]Pos!C3448","v":"EXCE"},{"$f":"[1]Pos!D3448","v":3880.4},{"$f":"[1]Pos!E3448","v":4.2}]
[{"$f":"[1]Pos!A3449","v":"5035P04"},{"$f":"[1]Pos!B3449","v":"PO-0018812"},{"$f":"[1]Pos!C3449","v":"CENT"},{"$f":"[1]Pos!D3449","v":1525.44},{"$f":"[1]Pos!E3449","v":4.4000000000000004}]
[{"$f":"[1]Pos!A3450","v":"5035P05"},{"$f":"[1]Pos!B3450","v":"PO-0018824"},{"$f":"[1]Pos!C3450","v":"DESC"},{"$f":"[1]Pos!D3450","v":1814.4},{"$f":"[1]Pos!E3450","v":6.5}]
[{"$f":"[1]Pos!A3451","v":"5036B01"},{"$f":"[1]Pos!B3451","v":"PO-0018756"},{"$f":"[1]Pos!C3451","v":"DELF"},{"$f":"[1]Pos!D3451","v":78.95},{"$f":"[1]Pos!E3451","v":13.85}]
[{"$f":"[1]Pos!A3452","v":"5036B02"},{"$f":"[1]Pos!B3452","v":"PO-0018892"},{"$f":"[1]Pos!C3452","v":"AGRO"},{"$f":"[1]Pos!D3452","v":846.22192900000005},{"$f":"[1]Pos!E3452","v":3.85}]
[{"$f":"[1]Pos!A3453","v":"5036P01"},{"$f":"[1]Pos!B3453","v":"PO-0018803"},{"$f":"[1]Pos!C3453","v":"EXCE"},{"$f":"[1]Pos!D3453","v":2568.56},{"$f":"[1]Pos!E3453","v":4.2}]
[{"$f":"[1]Pos!A3454","v":"5036P02"},{"$f":"[1]Pos!B3454","v":"PO-0018812"},{"$f":"[1]Pos!C3454","v":"CENT"},{"$f":"[1]Pos!D3454","v":1814.4},{"$f":"[1]Pos!E3454","v":4.4000000000000004}]
[{"$f":"[1]Pos!A3455","v":"5036P03"},{"$f":"[1]Pos!B3455","v":"PO-0018804"},{"$f":"[1]Pos!C3455","v":"MOND"},{"$f":"[1]Pos!D3455","v":5443.2},{"$f":"[1]Pos!E3455","v":6}]
[{"$f":"[1]Pos!A3456","v":"5036P04"},{"$f":"[1]Pos!B3456","v":"PO-0018804"},{"$f":"[1]Pos!C3456","v":"MOND"},{"$f":"[1]Pos!D3456","v":1814.4},{"$f":"[1]Pos!E3456","v":6.4}]
[{"$f":"[1]Pos!A3457","v":"5036P05"},{"$f":"[1]Pos!B3457","v":"PO-0018802"},{"$f":"[1]Pos!C3457","v":"DESC"},{"$f":"[1]Pos!D3457","v":907.2},{"$f":"[1]Pos!E3457","v":6.5}]
[{"$f":"[1]Pos!A3458","v":"5036P06"},{"$f":"[1]Pos!B3458","v":"PO-0018824"},{"$f":"[1]Pos!C3458","v":"DESC"},{"$f":"[1]Pos!D3458","v":3674.93},{"$f":"[1]Pos!E3458","v":4.3499999999999996}]
[{"$f":"[1]Pos!A3459","v":"5037P01"},{"$f":"[1]Pos!B3459","v":"PO-0018813"},{"$f":"[1]Pos!C3459","v":"DESC"},{"$f":"[1]Pos!D3459","v":3628.8},{"$f":"[1]Pos!E3459","v":4.3499999999999996}]
[{"$f":"[1]Pos!A3460","v":"5042B01"},{"$f":"[1]Pos!B3460","v":"PO-0018808"},{"$f":"[1]Pos!C3460","v":"BOUC"},{"$f":"[1]Pos!D3460","v":100.86},{"$f":"[1]Pos!E3460","v":3.33}]
[{"$f":"[1]Pos!A3461","v":"5042B02"},{"$f":"[1]Pos!B3461","v":"PO-0018809"},{"$f":"[1]Pos!C3461","v":"RYDI"},{"$f":"[1]Pos!D3461","v":277},{"$f":"[1]Pos!E3461","v":7.61}]
[{"$f":"[1]Pos!A3462","v":"5042B03"},{"$f":"[1]Pos!B3462","v":"PO-0018817"},{"$f":"[1]Pos!C3462","v":"RYDI"},{"$f":"[1]Pos!D3462","v":3365},{"$f":"[1]Pos!E3462","v":8.31}]
[{"$f":"[1]Pos!A3463","v":"5042B04"},{"$f":"[1]Pos!B3463","v":"PO-0018817"},{"$f":"[1]Pos!C3463","v":"RYDI"},{"$f":"[1]Pos!D3463","v":1652},{"$f":"[1]Pos!E3463","v":4.9400000000000004}]
[{"$f":"[1]Pos!A3464","v":"5042B05"},{"$f":"[1]Pos!B3464","v":"PO-0018836"},{"$f":"[1]Pos!C3464","v":"DECA"},{"$f":"[1]Pos!D3464","v":63.5},{"$f":"[1]Pos!E3464","v":3.85}]
[{"$f":"[1]Pos!A3465","v":"5042P01"},{"$f":"[1]Pos!B3465","v":"PO-0018806"},{"$f":"[1]Pos!C3465","v":"EXCE"},{"$f":"[1]Pos!D3465","v":2570.62},{"$f":"[1]Pos!E3465","v":4.2}]
[{"$f":"[1]Pos!A3466","v":"5042P02"},{"$f":"[1]Pos!B3466","v":"PO-0018832"},{"$f":"[1]Pos!C3466","v":"CENT"},{"$f":"[1]Pos!D3466","v":1451.52},{"$f":"[1]Pos!E3466","v":4.5}]
[{"$f":"[1]Pos!A3467","v":"5042P03"},{"$f":"[1]Pos!B3467","v":"PO-0018819"},{"$f":"[1]Pos!C3467","v":"MOND"},{"$f":"[1]Pos!D3467","v":3628.8},{"$f":"[1]Pos!E3467","v":6.25}]
[{"$f":"[1]Pos!A3468","v":"5043P01"},{"$f":"[1]Pos!B3468","v":"PO-0018807"},{"$f":"[1]Pos!C3468","v":"EXCE"},{"$f":"[1]Pos!D3468","v":2569.64},{"$f":"[1]Pos!E3468","v":4.2}]
[{"$f":"[1]Pos!A3469","v":"5043P02"},{"$f":"[1]Pos!B3469","v":"PO-0018823"},{"$f":"[1]Pos!C3469","v":"EXCE"},{"$f":"[1]Pos!D3469","v":1270.02},{"$f":"[1]Pos!E3469","v":4}]
[{"$f":"[1]Pos!A3470","v":"5043P03"},{"$f":"[1]Pos!B3470","v":"PO-0018825"},{"$f":"[1]Pos!C3470","v":"ACCU"},{"$f":"[1]Pos!D3470","v":2160},{"$f":"[1]Pos!E3470","v":4.3499999999999996}]
[{"$f":"[1]Pos!A3471","v":"5044B01"},{"$f":"[1]Pos!B3471","v":"PO-0018836"},{"$f":"[1]Pos!C3471","v":"DECA"},{"$f":"[1]Pos!D3471","v":184.84},{"$f":"[1]Pos!E3471","v":3.29}]
[{"$f":"[1]Pos!A3472","v":"5044B02"},{"$f":"[1]Pos!B3472","v":"PO-0018818"},{"$f":"[1]Pos!C3472","v":"LARO"},{"$f":"[1]Pos!D3472","v":498},{"$f":"[1]Pos!E3472","v":7.95}]
[{"$f":"[1]Pos!A3473","v":"5044B03"},{"$f":"[1]Pos!B3473","v":"PO-0018810"},{"$f":"[1]Pos!C3473","v":"RYDI"},{"$f":"[1]Pos!D3473","v":526},{"$f":"[1]Pos!E3473","v":7.61}]
[{"$f":"[1]Pos!A3474","v":"5044B04"},{"$f":"[1]Pos!B3474","v":"PO-0021330"},{"$f":"[1]Pos!C3474","v":"ALIMPLUS"},{"$f":"[1]Pos!D3474","v":26.13},{"$f":"[1]Pos!E3474","v":9.25}]
[{"$f":"[1]Pos!A3475","v":"5044P01"},{"$f":"[1]Pos!B3475","v":"PO-0018833"},{"$f":"[1]Pos!C3475","v":"ACCU"},{"$f":"[1]Pos!D3475","v":1890},{"$f":"[1]Pos!E3475","v":4.3499999999999996}]
[{"$f":"[1]Pos!A3476","v":"5044P02"},{"$f":"[1]Pos!B3476","v":"PO-0018838"},{"$f":"[1]Pos!C3476","v":"EXCE"},{"$f":"[1]Pos!D3476","v":638.17999999999995},{"$f":"[1]Pos!E3476","v":3.3}]
[{"$f":"[1]Pos!A3477","v":"5044P03"},{"$f":"[1]Pos!B3477","v":"PO-0018838"},{"$f":"[1]Pos!C3477","v":"EXCE"},{"$f":"[1]Pos!D3477","v":638.17999999999995},{"$f":"[1]Pos!E3477","v":3.3}]
[{"$f":"[1]Pos!A3478","v":"5044P04"},{"$f":"[1]Pos!B3478","v":"PO-0018840"},{"$f":"[1]Pos!C3478","v":"CENT"},{"$f":"[1]Pos!D3478","v":1652.5},{"$f":"[1]Pos!E3478","v":4.4000000000000004}]
[{"$f":"[1]Pos!A3479","v":"5045B01"},{"$f":"[1]Pos!B3479","v":"PO-0018709"},{"$f":"[1]Pos!C3479","v":"DECA"},{"$f":"[1]Pos!D3479","v":369.90457800000001},{"$f":"[1]Pos!E3479","v":9.19}]
[{"$f":"[1]Pos!A3480","v":"5045B02"},{"$f":"[1]Pos!B3480","v":"PO-0018837"},{"$f":"[1]Pos!C3480","v":"BOUC"},{"$f":"[1]Pos!D3480","v":104.18},{"$f":"[1]Pos!E3480","v":3.33}]
[{"$f":"[1]Pos!A3481","v":"5045B03"},{"$f":"[1]Pos!B3481","v":"PO-0018801"},{"$f":"[1]Pos!C3481","v":"DURO"},{"$f":"[1]Pos!D3481","v":48000},{"$f":"[1]Pos!E3481","v":0.12389}]
[{"$f":"[1]Pos!A3482","v":"5045B04"},{"$f":"[1]Pos!B3482","v":"PO-0018841"},{"$f":"[1]Pos!C3482","v":"DELF"},{"$f":"[1]Pos!D3482","v":73.099999999999994},{"$f":"[1]Pos!E3482","v":8.39}]
[{"$f":"[1]Pos!A3483","v":"5045B05"},{"$f":"[1]Pos!B3483","v":"PO-0018841"},{"$f":"[1]Pos!C3483","v":"DELF"},{"$f":"[1]Pos!D3483","v":5.07},{"$f":"[1]Pos!E3483","v":13.85}]
[{"$f":"[1]Pos!A3484","v":"5045B06"},{"$f":"[1]Pos!B3484","v":"PO-0018846"},{"$f":"[1]Pos!C3484","v":"RYDI"},{"$f":"[1]Pos!D3484","v":1667},{"$f":"[1]Pos!E3484","v":8.51}]
[{"$f":"[1]Pos!A3485","v":"5045B07"},{"$f":"[1]Pos!B3485","v":"PO-0018846"},{"$f":"[1]Pos!C3485","v":"RYDI"},{"$f":"[1]Pos!D3485","v":496.5},{"$f":"[1]Pos!E3485","v":7.61}]
[{"$f":"[1]Pos!A3486","v":"5045B08"},{"$f":"[1]Pos!B3486","v":"PO-0018850"},{"$f":"[1]Pos!C3486","v":"DECA"},{"$f":"[1]Pos!D3486","v":1361},{"$f":"[1]Pos!E3486","v":2.89}]
[{"$f":"[1]Pos!A3487","v":"5045B09"},{"$f":"[1]Pos!B3487","v":"PO-0018854"},{"$f":"[1]Pos!C3487","v":"LARO"},{"$f":"[1]Pos!D3487","v":400.6},{"$f":"[1]Pos!E3487","v":5.5}]
[{"$f":"[1]Pos!A3488","v":"5045B10"},{"$f":"[1]Pos!B3488","v":"PO-0018870"},{"$f":"[1]Pos!C3488","v":"DECA"},{"$f":"[1]Pos!D3488","v":32.07},{"$f":"[1]Pos!E3488","v":8.89}]
[{"$f":"[1]Pos!A3489","v":"5045B11"},{"$f":"[1]Pos!B3489","v":"PO-0018978"},{"$f":"[1]Pos!C3489","v":"CAR"},{"$f":"[1]Pos!D3489","v":1811.12},{"$f":"[1]Pos!E3489","v":14.5}]
[{"$f":"[1]Pos!A3490","v":"5045P01"},{"$f":"[1]Pos!B3490","v":"PO-0018838"},{"$f":"[1]Pos!C3490","v":"EXCE"},{"$f":"[1]Pos!D3490","v":642.33000000000004},{"$f":"[1]Pos!E3490","v":4.5}]
[{"$f":"[1]Pos!A3491","v":"5045P02"},{"$f":"[1]Pos!B3491","v":"PO-0018838"},{"$f":"[1]Pos!C3491","v":"EXCE"},{"$f":"[1]Pos!D3491","v":133.79},{"$f":"[1]Pos!E3491","v":4.05}]
[{"$f":"[1]Pos!A3492","v":"5045P03"},{"$f":"[1]Pos!B3492","v":"PO-0018843"},{"$f":"[1]Pos!C3492","v":"CENT"},{"$f":"[1]Pos!D3492","v":4561.71},{"$f":"[1]Pos!E3492","v":4.5}]
[{"$f":"[1]Pos!A3493","v":"5046B01"},{"$f":"[1]Pos!B3493","v":"PO-0018834"},{"$f":"[1]Pos!C3493","v":"RYDI"},{"$f":"[1]Pos!D3493","v":447.5},{"$f":"[1]Pos!E3493","v":1.65}]
[{"$f":"[1]Pos!A3494","v":"5046B02"},{"$f":"[1]Pos!B3494","v":"PO-0018841"},{"$f":"[1]Pos!C3494","v":"DELF"},{"$f":"[1]Pos!D3494","v":56.52},{"$f":"[1]Pos!E3494","v":13.85}]
[{"$f":"[1]Pos!A3495","v":"5046B03"},{"$f":"[1]Pos!B3495","v":"PO-0018930"},{"$f":"[1]Pos!C3495","v":"JBS"},{"$f":"[1]Pos!D3495","v":1933.95},{"$f":"[1]Pos!E3495","v":13.14}]
[{"$f":"[1]Pos!A3496","v":"5046P01"},{"$f":"[1]Pos!B3496","v":"PO-0018839"},{"$f":"[1]Pos!C3496","v":"PEK"},{"$f":"[1]Pos!D3496","v":200},{"$f":"[1]Pos!E3496","v":6.4}]
[{"$f":"[1]Pos!A3497","v":"5046P02"},{"$f":"[1]Pos!B3497","v":"PO-0018814"},{"$f":"[1]Pos!C3497","v":"SUNC"},{"$f":"[1]Pos!D3497","v":25},{"$f":"[1]Pos!E3497","v":10.9}]
[{"$f":"[1]Pos!A3498","v":"5046P03"},{"$f":"[1]Pos!B3498","v":"PO-0018843"},{"$f":"[1]Pos!C3498","v":"CENT"},{"$f":"[1]Pos!D3498","v":1814.4},{"$f":"[1]Pos!E3498","v":4.5}]
[{"$f":"[1]Pos!A3499","v":"5046P04"},{"$f":"[1]Pos!B3499","v":"PO-0018842"},{"$f":"[1]Pos!C3499","v":"MOND"},{"$f":"[1]Pos!D3499","v":4644.8599999999997},{"$f":"[1]Pos!E3499","v":6.4}]
[{"$f":"[1]Pos!A3500","v":"5046P05"},{"$f":"[1]Pos!B3500","v":"PO-0018842"},{"$f":"[1]Pos!C3500","v":"MOND"},{"$f":"[1]Pos!D3500","v":1814.4},{"$f":"[1]Pos!E3500","v":6}]
[{"$f":"[1]Pos!A3501","v":"5046P06"},{"$f":"[1]Pos!B3501","v":"PO-0018847"},{"$f":"[1]Pos!C3501","v":"ACCU"},{"$f":"[1]Pos!D3501","v":2520},{"$f":"[1]Pos!E3501","v":4.55}]
[{"$f":"[1]Pos!A3502","v":"5046P07"},{"$f":"[1]Pos!B3502","v":"PO-0018845"},{"$f":"[1]Pos!C3502","v":"DESC"},{"$f":"[1]Pos!D3502","v":3628.8},{"$f":"[1]Pos!E3502","v":6.8}]
[{"$f":"[1]Pos!A3503","v":"5046P08"},{"$f":"[1]Pos!B3503","v":"PO-0018844"},{"$f":"[1]Pos!C3503","v":"DESC"},{"$f":"[1]Pos!D3503","v":2721.6},{"$f":"[1]Pos!E3503","v":0.01}]
[{"$f":"[1]Pos!A3504","v":"5046P09"},{"$f":"[1]Pos!B3504","v":"PO-0018851"},{"$f":"[1]Pos!C3504","v":"MOND"},{"$f":"[1]Pos!D3504","v":4009.82},{"$f":"[1]Pos!E3504","v":6.4}]
[{"$f":"[1]Pos!A3505","v":"5052B01"},{"$f":"[1]Pos!B3505","v":"PO-0018867"},{"$f":"[1]Pos!C3505","v":"RYDI"},{"$f":"[1]Pos!D3505","v":1669},{"$f":"[1]Pos!E3505","v":8.51}]
[{"$f":"[1]Pos!A3506","v":"5052B02"},{"$f":"[1]Pos!B3506","v":"PO-0018867"},{"$f":"[1]Pos!C3506","v":"RYDI"},{"$f":"[1]Pos!D3506","v":870.5},{"$f":"[1]Pos!E3506","v":5}]
[{"$f":"[1]Pos!A3507","v":"5052B03"},{"$f":"[1]Pos!B3507","v":"PO-0018866"},{"$f":"[1]Pos!C3507","v":"RYDI"},{"$f":"[1]Pos!D3507","v":319},{"$f":"[1]Pos!E3507","v":7.61}]
[{"$f":"[1]Pos!A3508","v":"5052B04"},{"$f":"[1]Pos!B3508","v":"PO-0019043"},{"$f":"[1]Pos!C3508","v":"GEOR"},{"$f":"[1]Pos!D3508","v":257.5},{"$f":"[1]Pos!E3508","v":12.99}]
[{"$f":"[1]Pos!A3509","v":"5052P01"},{"$f":"[1]Pos!B3509","v":"PO-0018865"},{"$f":"[1]Pos!C3509","v":"CENT"},{"$f":"[1]Pos!D3509","v":1814.4},{"$f":"[1]Pos!E3509","v":4.5}]
[{"$f":"[1]Pos!A3510","v":"5052P02"},{"$f":"[1]Pos!B3510","v":"PO-0018869"},{"$f":"[1]Pos!C3510","v":"CENT"},{"$f":"[1]Pos!D3510","v":1814.4},{"$f":"[1]Pos!E3510","v":4.5}]
[{"$f":"[1]Pos!A3511","v":"5053B01"},{"$f":"[1]Pos!B3511","v":"PO-0018853"},{"$f":"[1]Pos!C3511","v":"LARO"},{"$f":"[1]Pos!D3511","v":656.5},{"$f":"[1]Pos!E3511","v":8.09}]
[{"$f":"[1]Pos!A3512","v":"5053B02"},{"$f":"[1]Pos!B3512","v":"PO-0018853"},{"$f":"[1]Pos!C3512","v":"LARO"},{"$f":"[1]Pos!D3512","v":792.5},{"$f":"[1]Pos!E3512","v":5.45}]
[{"$f":"[1]Pos!A3513","v":"5053B03"},{"$f":"[1]Pos!B3513","v":"PO-0018871"},{"$f":"[1]Pos!C3513","v":"DELF"},{"$f":"[1]Pos!D3513","v":335.13},{"$f":"[1]Pos!E3513","v":8.89}]
[{"$f":"[1]Pos!A3514","v":"5053B04"},{"$f":"[1]Pos!B3514","v":"PO-0018871"},{"$f":"[1]Pos!C3514","v":"DELF"},{"$f":"[1]Pos!D3514","v":53.61},{"$f":"[1]Pos!E3514","v":14}]
[{"$f":"[1]Pos!A3515","v":"5053B05"},{"$f":"[1]Pos!B3515","v":"PO-0018922"},{"$f":"[1]Pos!C3515","v":"DELF"},{"$f":"[1]Pos!D3515","v":7.28},{"$f":"[1]Pos!E3515","v":12.69}]
[{"$f":"[1]Pos!A3516","v":"5053B06"},{"$f":"[1]Pos!B3516","v":"PO-0018923"},{"$f":"[1]Pos!C3516","v":"CAR"},{"$f":"[1]Pos!D3516","v":627.1},{"$f":"[1]Pos!E3516","v":14.19}]
[{"$f":"[1]Pos!A3517","v":"5053B07"},{"$f":"[1]Pos!B3517","v":"PO-0019183"},{"$f":"[1]Pos!C3517","v":"CHIS"},{"$f":"[1]Pos!D3517","v":11895.14},{"$f":"[1]Pos!E3517","v":4.54}]
[{"$f":"[1]Pos!A3518","v":"5053P01"},{"$f":"[1]Pos!B3518","v":"PO-0018858"},{"$f":"[1]Pos!C3518","v":99},{"$f":"[1]Pos!D3518","v":412.61},{"$f":"[1]Pos!E3518","v":2.1}]
[{"$f":"[1]Pos!A3519","v":"5053P02"},{"$f":"[1]Pos!B3519","v":"PO-0018863"},{"$f":"[1]Pos!C3519","v":"ACCU"},{"$f":"[1]Pos!D3519","v":1260},{"$f":"[1]Pos!E3519","v":4.75}]
[{"$f":"[1]Pos!A3520","v":"5053P03"},{"$f":"[1]Pos!B3520","v":"PO-0018873"},{"$f":"[1]Pos!C3520","v":99},{"$f":"[1]Pos!D3520","v":19.059999999999999},{"$f":"[1]Pos!E3520","v":3.05}]
[{"$f":"[1]Pos!A3521","v":"5054P01"},{"$f":"[1]Pos!B3521","v":"PO-0018859"},{"$f":"[1]Pos!C3521","v":"EXCE"},{"$f":"[1]Pos!D3521","v":548.49},{"$f":"[1]Pos!E3521","v":3.3}]
[{"$f":"[1]Pos!A3522","v":"5054P02"},{"$f":"[1]Pos!B3522","v":"PO-0018859"},{"$f":"[1]Pos!C3522","v":"EXCE"},{"$f":"[1]Pos!D3522","v":134.71},{"$f":"[1]Pos!E3522","v":4.05}]
[{"$f":"[1]Pos!A3523","v":"5054P03"},{"$f":"[1]Pos!B3523","v":"PO-0018859"},{"$f":"[1]Pos!C3523","v":"EXCE"},{"$f":"[1]Pos!D3523","v":1941.78},{"$f":"[1]Pos!E3523","v":4.4000000000000004}]
[{"$f":"[1]Pos!A3524","v":"5054P04"},{"$f":"[1]Pos!B3524","v":"PO-0018860"},{"$f":"[1]Pos!C3524","v":"EXCE"},{"$f":"[1]Pos!D3524","v":3890.66},{"$f":"[1]Pos!E3524","v":4.4000000000000004}]
[{"$f":"[1]Pos!A3525","v":"5054P05"},{"$f":"[1]Pos!B3525","v":"PO-0018876"},{"$f":"[1]Pos!C3525","v":"EXCE"},{"$f":"[1]Pos!D3525","v":631.11},{"$f":"[1]Pos!E3525","v":3.6}]
[{"$f":"[1]Pos!A3526","v":"5054P06"},{"$f":"[1]Pos!B3526","v":"PO-0018881"},{"$f":"[1]Pos!C3526","v":"SUNC"},{"$f":"[1]Pos!D3526","v":1185},{"$f":"[1]Pos!E3526","v":4}]
[{"$f":"[1]Pos!A3527","v":"5055B01"},{"$f":"[1]Pos!B3527","v":"PO-0018870"},{"$f":"[1]Pos!C3527","v":"DECA"},{"$f":"[1]Pos!D3527","v":60},{"$f":"[1]Pos!E3527","v":3.55}]
[{"$f":"[1]Pos!A3528","v":"5055B02"},{"$f":"[1]Pos!B3528","v":"PO-0018870"},{"$f":"[1]Pos!C3528","v":"DECA"},{"$f":"[1]Pos!D3528","v":72.36},{"$f":"[1]Pos!E3528","v":3.86}]
[{"$f":"[1]Pos!A3529","v":"5055B03"},{"$f":"[1]Pos!B3529","v":"PO-0018874"},{"$f":"[1]Pos!C3529","v":"DECA"},{"$f":"[1]Pos!D3529","v":502.01},{"$f":"[1]Pos!E3529","v":6.7}]
[{"$f":"[1]Pos!A3530","v":"5055B04"},{"$f":"[1]Pos!B3530","v":"PO-0018877"},{"$f":"[1]Pos!C3530","v":"DECA"},{"$f":"[1]Pos!D3530","v":78.180000000000007},{"$f":"[1]Pos!E3530","v":3.64}]
[{"$f":"[1]Pos!A3531","v":"5055B05"},{"$f":"[1]Pos!B3531","v":"PO-0018884"},{"$f":"[1]Pos!C3531","v":"LARO"},{"$f":"[1]Pos!D3531","v":816.6},{"$f":"[1]Pos!E3531","v":4.99}]
[{"$f":"[1]Pos!A3532","v":"5055B06"},{"$f":"[1]Pos!B3532","v":"PO-0018911"},{"$f":"[1]Pos!C3532","v":"DECA"},{"$f":"[1]Pos!D3532","v":152.58847399999999},{"$f":"[1]Pos!E3532","v":15.37}]
[{"$f":"[1]Pos!A3533","v":"5055B07"},{"$f":"[1]Pos!B3533","v":"PO-0018938"},{"$f":"[1]Pos!C3533","v":"DECA"},{"$f":"[1]Pos!D3533","v":167.19414699999999},{"$f":"[1]Pos!E3533","v":15.37}]
[{"$f":"[1]Pos!A3534","v":"5055B08"},{"$f":"[1]Pos!B3534","v":"PO-0018939"},{"$f":"[1]Pos!C3534","v":"DECA"},{"$f":"[1]Pos!D3534","v":30.6},{"$f":"[1]Pos!E3534","v":14.95}]
[{"$f":"[1]Pos!A3535","v":"5055B09"},{"$f":"[1]Pos!B3535","v":"PO-0018923"},{"$f":"[1]Pos!C3535","v":"CAR"},{"$f":"[1]Pos!D3535","v":625.04},{"$f":"[1]Pos!E3535","v":14.19}]
[{"$f":"[1]Pos!A3536","v":"5055B10"},{"$f":"[1]Pos!B3536","v":"PO-0018915"},{"$f":"[1]Pos!C3536","v":"CAR"},{"$f":"[1]Pos!D3536","v":722.22},{"$f":"[1]Pos!E3536","v":13.5}]
[{"$f":"[1]Pos!A3537","v":"5055B11"},{"$f":"[1]Pos!B3537","v":"PO-0018746"},{"$f":"[1]Pos!C3537","v":"SEAW"},{"$f":"[1]Pos!D3537","v":9527},{"$f":"[1]Pos!E3537","v":4.4800000000000004}]
[{"$f":"[1]Pos!A3538","v":"5055B12"},{"$f":"[1]Pos!B3538","v":"PO-0019894"},{"$f":"[1]Pos!C3538","v":"DECA"},{"$f":"[1]Pos!D3538","v":20.37},{"$f":"[1]Pos!E3538","v":4.5}]
[{"$f":"[1]Pos!A3539","v":"5055P01"},{"$f":"[1]Pos!B3539","v":"PO-0018875"},{"$f":"[1]Pos!C3539","v":"CENT"},{"$f":"[1]Pos!D3539","v":1814.4},{"$f":"[1]Pos!E3539","v":4.5}]
[{"$f":"[1]Pos!A3540","v":"5055P02"},{"$f":"[1]Pos!B3540","v":"PO-0018875"},{"$f":"[1]Pos!C3540","v":"CENT"},{"$f":"[1]Pos!D3540","v":2004.17},{"$f":"[1]Pos!E3540","v":4.4000000000000004}]
[{"$f":"[1]Pos!A3541","v":"5056B01"},{"$f":"[1]Pos!B3541","v":"PO-0018871"},{"$f":"[1]Pos!C3541","v":"DELF"},{"$f":"[1]Pos!D3541","v":71.7},{"$f":"[1]Pos!E3541","v":8.39}]
[{"$f":"[1]Pos!A3542","v":"5056B02"},{"$f":"[1]Pos!B3542","v":"PO-0018872"},{"$f":"[1]Pos!C3542","v":"BOUC"},{"$f":"[1]Pos!D3542","v":107.02},{"$f":"[1]Pos!E3542","v":3.33}]
[{"$f":"[1]Pos!A3543","v":"5056B03"},{"$f":"[1]Pos!B3543","v":"PO-0018973"},{"$f":"[1]Pos!C3543","v":"DECA"},{"$f":"[1]Pos!D3543","v":4141.8599999999997},{"$f":"[1]Pos!E3543","v":13.49}]
[{"$f":"[1]Pos!A3544","v":"5056B04"},{"$f":"[1]Pos!B3544","v":"PO-0019190"},{"$f":"[1]Pos!C3544","v":"C&C"},{"$f":"[1]Pos!D3544","v":1752.3},{"$f":"[1]Pos!E3544","v":9.2899999999999991}]
[{"$f":"[1]Pos!A3545","v":"5056P01"},{"$f":"[1]Pos!B3545","v":"PO-0018880"},{"$f":"[1]Pos!C3545","v":"MOND"},{"$f":"[1]Pos!D3545","v":4154.97},{"$f":"[1]Pos!E3545","v":6.6}]
[{"$f":"[1]Pos!A3546","v":"5056P02"},{"$f":"[1]Pos!B3546","v":"PO-0018879"},{"$f":"[1]Pos!C3546","v":"MOND"},{"$f":"[1]Pos!D3546","v":2721.6},{"$f":"[1]Pos!E3546","v":6}]
[{"$f":"[1]Pos!A3547","v":"5056P03"},{"$f":"[1]Pos!B3547","v":"PO-0018883"},{"$f":"[1]Pos!C3547","v":"CENT"},{"$f":"[1]Pos!D3547","v":1814.4},{"$f":"[1]Pos!E3547","v":4.5}]
[{"$f":"[1]Pos!A3548","v":"5057P01"},{"$f":"[1]Pos!B3548","v":"PO-0018876"},{"$f":"[1]Pos!C3548","v":"EXCE"},{"$f":"[1]Pos!D3548","v":1282.57},{"$f":"[1]Pos!E3548","v":4.75}]
[{"$f":"[1]Pos!A3549","v":"5061B01"},{"$f":"[1]Pos!B3549","v":"PO-0018747"},{"$f":"[1]Pos!C3549","v":"SEAW"},{"$f":"[1]Pos!D3549","v":9527},{"$f":"[1]Pos!E3549","v":6.96}]
[{"$f":"[1]Pos!A3550","v":"5062B01"},{"$f":"[1]Pos!B3550","v":"PO-0018886"},{"$f":"[1]Pos!C3550","v":"RYDI"},{"$f":"[1]Pos!D3550","v":3425},{"$f":"[1]Pos!E3550","v":8.6199999999999992}]
[{"$f":"[1]Pos!A3551","v":"5062B02"},{"$f":"[1]Pos!B3551","v":"PO-0018886"},{"$f":"[1]Pos!C3551","v":"RYDI"},{"$f":"[1]Pos!D3551","v":1726},{"$f":"[1]Pos!E3551","v":4.78}]
[{"$f":"[1]Pos!A3552","v":"5062B03"},{"$f":"[1]Pos!B3552","v":"PO-0018886"},{"$f":"[1]Pos!C3552","v":"RYDI"},{"$f":"[1]Pos!D3552","v":347},{"$f":"[1]Pos!E3552","v":7.61}]
[{"$f":"[1]Pos!A3553","v":"5062P01"},{"$f":"[1]Pos!B3553","v":"PO-0018881"},{"$f":"[1]Pos!C3553","v":"SUNC"},{"$f":"[1]Pos!D3553","v":20},{"$f":"[1]Pos!E3553","v":5}]
[{"$f":"[1]Pos!A3554","v":"5062P02"},{"$f":"[1]Pos!B3554","v":"PO-0018888"},{"$f":"[1]Pos!C3554","v":"EXCE"},{"$f":"[1]Pos!D3554","v":134.81},{"$f":"[1]Pos!E3554","v":4.05}]
[{"$f":"[1]Pos!A3555","v":"5062P03"},{"$f":"[1]Pos!B3555","v":"PO-0018896"},{"$f":"[1]Pos!C3555","v":"CENT"},{"$f":"[1]Pos!D3555","v":2721.6},{"$f":"[1]Pos!E3555","v":4.5}]
[{"$f":"[1]Pos!A3556","v":"5063B01"},{"$f":"[1]Pos!B3556","v":"PO-0018921"},{"$f":"[1]Pos!C3556","v":"DECA"},{"$f":"[1]Pos!D3556","v":196.31477799999999},{"$f":"[1]Pos!E3556","v":15.37}]
[{"$f":"[1]Pos!A3557","v":"5063B02"},{"$f":"[1]Pos!B3557","v":"PO-0018938"},{"$f":"[1]Pos!C3557","v":"DECA"},{"$f":"[1]Pos!D3557","v":74.099999999999994},{"$f":"[1]Pos!E3557","v":10.49}]
[{"$f":"[1]Pos!A3558","v":"5063P01"},{"$f":"[1]Pos!B3558","v":"PO-0018887"},{"$f":"[1]Pos!C3558","v":"EXCE"},{"$f":"[1]Pos!D3558","v":368.51},{"$f":"[1]Pos!E3558","v":3.3}]
[{"$f":"[1]Pos!A3559","v":"5063P02"},{"$f":"[1]Pos!B3559","v":"PO-0018887"},{"$f":"[1]Pos!C3559","v":"EXCE"},{"$f":"[1]Pos!D3559","v":1824.78},{"$f":"[1]Pos!E3559","v":4.1500000000000004}]
[{"$f":"[1]Pos!A3560","v":"5063P03"},{"$f":"[1]Pos!B3560","v":"PO-0018861"},{"$f":"[1]Pos!C3560","v":"EXCE"},{"$f":"[1]Pos!D3560","v":3850.54},{"$f":"[1]Pos!E3560","v":4.4000000000000004}]
[{"$f":"[1]Pos!A3561","v":"5063P04"},{"$f":"[1]Pos!B3561","v":"PO-0018895"},{"$f":"[1]Pos!C3561","v":"ACCU"},{"$f":"[1]Pos!D3561","v":2700},{"$f":"[1]Pos!E3561","v":4.5}]
[{"$f":"[1]Pos!A3562","v":"5063P05"},{"$f":"[1]Pos!B3562","v":"PO-0018898"},{"$f":"[1]Pos!C3562","v":"CENT"},{"$f":"[1]Pos!D3562","v":1814.4},{"$f":"[1]Pos!E3562","v":4.5}]
[{"$f":"[1]Pos!A3563","v":"5063P06"},{"$f":"[1]Pos!B3563","v":"PO-0019084"},{"$f":"[1]Pos!C3563","v":"SUNC"},{"$f":"[1]Pos!D3563","v":500},{"$f":"[1]Pos!E3563","v":4}]
[{"$f":"[1]Pos!A3564","v":"5064B01"},{"$f":"[1]Pos!B3564","v":"PO-0018904"},{"$f":"[1]Pos!C3564","v":"RYDI"},{"$f":"[1]Pos!D3564","v":552},{"$f":"[1]Pos!E3564","v":7.61}]
[{"$f":"[1]Pos!A3565","v":"5064B02"},{"$f":"[1]Pos!B3565","v":"PO-0018973"},{"$f":"[1]Pos!C3565","v":"DECA"},{"$f":"[1]Pos!D3565","v":386.3},{"$f":"[1]Pos!E3565","v":13.49}]
[{"$f":"[1]Pos!A3566","v":"5064B03"},{"$f":"[1]Pos!B3566","v":"PO-0019037"},{"$f":"[1]Pos!C3566","v":"DECA"},{"$f":"[1]Pos!D3566","v":142.33000000000001},{"$f":"[1]Pos!E3566","v":3.09}]
[{"$f":"[1]Pos!A3567","v":"5064P01"},{"$f":"[1]Pos!B3567","v":"PO-0018894"},{"$f":"[1]Pos!C3567","v":"EXCE"},{"$f":"[1]Pos!D3567","v":1351.77},{"$f":"[1]Pos!E3567","v":4.1500000000000004}]
[{"$f":"[1]Pos!A3568","v":"5064P02"},{"$f":"[1]Pos!B3568","v":"PO-0018906"},{"$f":"[1]Pos!C3568","v":"CENT"},{"$f":"[1]Pos!D3568","v":819.58},{"$f":"[1]Pos!E3568","v":4.5}]
[{"$f":"[1]Pos!A3569","v":"5065B01"},{"$f":"[1]Pos!B3569","v":"PO-0018913"},{"$f":"[1]Pos!C3569","v":"DECA"},{"$f":"[1]Pos!D3569","v":40.4},{"$f":"[1]Pos!E3569","v":3.18}]
[{"$f":"[1]Pos!A3570","v":"5065B02"},{"$f":"[1]Pos!B3570","v":"PO-0018920"},{"$f":"[1]Pos!C3570","v":"WHIT"},{"$f":"[1]Pos!D3570","v":113.5},{"$f":"[1]Pos!E3570","v":10.5}]
[{"$f":"[1]Pos!A3571","v":"5065B03"},{"$f":"[1]Pos!B3571","v":"PO-0018952"},{"$f":"[1]Pos!C3571","v":"C&C"},{"$f":"[1]Pos!D3571","v":1128.2203},{"$f":"[1]Pos!E3571","v":14.5}]
[{"$f":"[1]Pos!A3572","v":"5065B04"},{"$f":"[1]Pos!B3572","v":"PO-0018961"},{"$f":"[1]Pos!C3572","v":"CHIS"},{"$f":"[1]Pos!D3572","v":18509.599999999999},{"$f":"[1]Pos!E3572","v":2.98}]
[{"$f":"[1]Pos!A3573","v":"5065B05"},{"$f":"[1]Pos!B3573","v":"PO-0017660"},{"$f":"[1]Pos!C3573","v":"METRO"},{"$f":"[1]Pos!D3573","v":8237.14},{"$f":"[1]Pos!E3573","v":3}]
[{"$f":"[1]Pos!A3574","v":"5065B06"},{"$f":"[1]Pos!B3574","v":"PO-0019737"},{"$f":"[1]Pos!C3574","v":"METR"},{"$f":"[1]Pos!D3574","v":8237.14},{"$f":"[1]Pos!E3574","v":5}]
[{"$f":"[1]Pos!A3575","v":"5065P01"},{"$f":"[1]Pos!B3575","v":"PO-0018897"},{"$f":"[1]Pos!C3575","v":"MOND"},{"$f":"[1]Pos!D3575","v":4445.28},{"$f":"[1]Pos!E3575","v":6.6}]
[{"$f":"[1]Pos!A3576","v":"5065P02"},{"$f":"[1]Pos!B3576","v":"PO-0018906"},{"$f":"[1]Pos!C3576","v":"CENT"},{"$f":"[1]Pos!D3576","v":3628.8},{"$f":"[1]Pos!E3576","v":4.5}]
[{"$f":"[1]Pos!A3577","v":"5065P03"},{"$f":"[1]Pos!B3577","v":"PO-0018907"},{"$f":"[1]Pos!C3577","v":"DESC"},{"$f":"[1]Pos!D3577","v":3628.8},{"$f":"[1]Pos!E3577","v":6.35}]
[{"$f":"[1]Pos!A3578","v":"5065P04"},{"$f":"[1]Pos!B3578","v":"PO-0019048"},{"$f":"[1]Pos!C3578","v":99},{"$f":"[1]Pos!D3578","v":20.61},{"$f":"[1]Pos!E3578","v":2.9}]
[{"$f":"[1]Pos!A3579","v":"5066B01"},{"$f":"[1]Pos!B3579","v":"PO-0018901"},{"$f":"[1]Pos!C3579","v":"BOUC"},{"$f":"[1]Pos!D3579","v":98.96},{"$f":"[1]Pos!E3579","v":3.33}]
[{"$f":"[1]Pos!A3580","v":"5066B02"},{"$f":"[1]Pos!B3580","v":"PO-0018930"},{"$f":"[1]Pos!C3580","v":"JBS"},{"$f":"[1]Pos!D3580","v":1263.83},{"$f":"[1]Pos!E3580","v":7.41}]
[{"$f":"[1]Pos!A3581","v":"5066B03"},{"$f":"[1]Pos!B3581","v":"PO-0019178"},{"$f":"[1]Pos!C3581","v":"CHIS"},{"$f":"[1]Pos!D3581","v":18618.48},{"$f":"[1]Pos!E3581","v":2.79}]
[{"$f":"[1]Pos!A3582","v":"5066B04"},{"$f":"[1]Pos!B3582","v":"PO-0019331"},{"$f":"[1]Pos!C3582","v":"C&C"},{"$f":"[1]Pos!D3582","v":2208.5500000000002},{"$f":"[1]Pos!E3582","v":9.2899999999999991}]
[{"$f":"[1]Pos!A3583","v":"5066D01"},{"$f":"[1]Pos!B3583","v":"PO-0018899"},{"$f":"[1]Pos!C3583","v":"ALIMPLUS"},{"$f":"[1]Pos!D3583","v":10},{"$f":"[1]Pos!E3583","v":6.6}]
[{"$f":"[1]Pos!A3584","v":"5066P01"},{"$f":"[1]Pos!B3584","v":"PO-0018902"},{"$f":"[1]Pos!C3584","v":"EXCE"},{"$f":"[1]Pos!D3584","v":1839.39},{"$f":"[1]Pos!E3584","v":4}]
[{"$f":"[1]Pos!A3585","v":"5066P02"},{"$f":"[1]Pos!B3585","v":"PO-0018914"},{"$f":"[1]Pos!C3585","v":"EXCE"},{"$f":"[1]Pos!D3585","v":549.29999999999995},{"$f":"[1]Pos!E3585","v":3.3}]
[{"$f":"[1]Pos!A3586","v":"5066P03"},{"$f":"[1]Pos!B3586","v":"PO-0018917"},{"$f":"[1]Pos!C3586","v":"CENT"},{"$f":"[1]Pos!D3586","v":1518.64},{"$f":"[1]Pos!E3586","v":4.5999999999999996}]
[{"$f":"[1]Pos!A3587","v":"5066P04"},{"$f":"[1]Pos!B3587","v":"PO-0018917"},{"$f":"[1]Pos!C3587","v":"CENT"},{"$f":"[1]Pos!D3587","v":1814.4},{"$f":"[1]Pos!E3587","v":4.5}]
[{"$f":"[1]Pos!A3588","v":"5066P05"},{"$f":"[1]Pos!B3588","v":"PO-0018926"},{"$f":"[1]Pos!C3588","v":"CENT"},{"$f":"[1]Pos!D3588","v":907.2},{"$f":"[1]Pos!E3588","v":4.5}]
[{"$f":"[1]Pos!A3589","v":"5072B01"},{"$f":"[1]Pos!B3589","v":"PO-0018919"},{"$f":"[1]Pos!C3589","v":"DELF"},{"$f":"[1]Pos!D3589","v":41.15},{"$f":"[1]Pos!E3589","v":11.5}]
[{"$f":"[1]Pos!A3590","v":"5072B02"},{"$f":"[1]Pos!B3590","v":"PO-0018924"},{"$f":"[1]Pos!C3590","v":"RYDI"},{"$f":"[1]Pos!D3590","v":2566.5},{"$f":"[1]Pos!E3590","v":8.24}]
[{"$f":"[1]Pos!A3591","v":"5072B03"},{"$f":"[1]Pos!B3591","v":"PO-0018924"},{"$f":"[1]Pos!C3591","v":"RYDI"},{"$f":"[1]Pos!D3591","v":2400},{"$f":"[1]Pos!E3591","v":4.91}]
[{"$f":"[1]Pos!A3592","v":"5072B04"},{"$f":"[1]Pos!B3592","v":"PO-0018925"},{"$f":"[1]Pos!C3592","v":"RYDI"},{"$f":"[1]Pos!D3592","v":486.5},{"$f":"[1]Pos!E3592","v":7.61}]
[{"$f":"[1]Pos!A3593","v":"5072B05"},{"$f":"[1]Pos!B3593","v":"PO-0018944"},{"$f":"[1]Pos!C3593","v":"DECA"},{"$f":"[1]Pos!D3593","v":65.62},{"$f":"[1]Pos!E3593","v":3.63}]
[{"$f":"[1]Pos!A3594","v":"5072B06"},{"$f":"[1]Pos!B3594","v":"PO-0018930"},{"$f":"[1]Pos!C3594","v":"JBS"},{"$f":"[1]Pos!D3594","v":973.2},{"$f":"[1]Pos!E3594","v":26.5}]
[{"$f":"[1]Pos!A3595","v":"5072B07"},{"$f":"[1]Pos!B3595","v":"PO-0019073"},{"$f":"[1]Pos!C3595","v":"DECA"},{"$f":"[1]Pos!D3595","v":1005.66},{"$f":"[1]Pos!E3595","v":13.95}]
[{"$f":"[1]Pos!A3596","v":"5072P01"},{"$f":"[1]Pos!B3596","v":"PO-0018908"},{"$f":"[1]Pos!C3596","v":"MOND"},{"$f":"[1]Pos!D3596","v":1451.52},{"$f":"[1]Pos!E3596","v":6.5}]
[{"$f":"[1]Pos!A3597","v":"5072P02"},{"$f":"[1]Pos!B3597","v":"PO-0018914"},{"$f":"[1]Pos!C3597","v":"EXCE"},{"$f":"[1]Pos!D3597","v":1837.67},{"$f":"[1]Pos!E3597","v":4}]
[{"$f":"[1]Pos!A3598","v":"5072P03"},{"$f":"[1]Pos!B3598","v":"PO-0018916"},{"$f":"[1]Pos!C3598","v":"MOND"},{"$f":"[1]Pos!D3598","v":7257.6},{"$f":"[1]Pos!E3598","v":6.5}]
[{"$f":"[1]Pos!A3599","v":"5072P04"},{"$f":"[1]Pos!B3599","v":"PO-0018932"},{"$f":"[1]Pos!C3599","v":"CENT"},{"$f":"[1]Pos!D3599","v":1814.4},{"$f":"[1]Pos!E3599","v":4.5}]
[{"$f":"[1]Pos!A3600","v":"5072P05"},{"$f":"[1]Pos!B3600","v":"PO-0018931"},{"$f":"[1]Pos!C3600","v":"DESC"},{"$f":"[1]Pos!D3600","v":3628.8},{"$f":"[1]Pos!E3600","v":6.35}]
[{"$f":"[1]Pos!A3601","v":"5073B01"},{"$f":"[1]Pos!B3601","v":"PO-0018920"},{"$f":"[1]Pos!C3601","v":"WHIT"},{"$f":"[1]Pos!D3601","v":230.36},{"$f":"[1]Pos!E3601","v":14.5}]
[{"$f":"[1]Pos!A3602","v":"5073B02"},{"$f":"[1]Pos!B3602","v":"PO-0018920"},{"$f":"[1]Pos!C3602","v":"WHIT"},{"$f":"[1]Pos!D3602","v":66.900000000000006},{"$f":"[1]Pos!E3602","v":8.9}]
[{"$f":"[1]Pos!A3603","v":"5073B03"},{"$f":"[1]Pos!B3603","v":"PO-0018930"},{"$f":"[1]Pos!C3603","v":"JBS"},{"$f":"[1]Pos!D3603","v":395.16},{"$f":"[1]Pos!E3603","v":16.23}]
[{"$f":"[1]Pos!A3604","v":"5073B04"},{"$f":"[1]Pos!B3604","v":"PO-0018930"},{"$f":"[1]Pos!C3604","v":"JBS"},{"$f":"[1]Pos!D3604","v":158.54},{"$f":"[1]Pos!E3604","v":11.49}]
[{"$f":"[1]Pos!A3605","v":"5073B05"},{"$f":"[1]Pos!B3605","v":"PO-0018930"},{"$f":"[1]Pos!C3605","v":"JBS"},{"$f":"[1]Pos!D3605","v":176.89},{"$f":"[1]Pos!E3605","v":10.38}]
[{"$f":"[1]Pos!A3606","v":"5073B06"},{"$f":"[1]Pos!B3606","v":"PO-0019205"},{"$f":"[1]Pos!C3606","v":"C&C"},{"$f":"[1]Pos!D3606","v":109.497198},{"$f":"[1]Pos!E3606","v":27.99}]
[{"$f":"[1]Pos!A3607","v":"5073P01"},{"$f":"[1]Pos!B3607","v":"PO-0018933"},{"$f":"[1]Pos!C3607","v":"MOND"},{"$f":"[1]Pos!D3607","v":1814.4},{"$f":"[1]Pos!E3607","v":6.5}]
[{"$f":"[1]Pos!A3608","v":"5073P02"},{"$f":"[1]Pos!B3608","v":"PO-0018943"},{"$f":"[1]Pos!C3608","v":"CENT"},{"$f":"[1]Pos!D3608","v":1814.4},{"$f":"[1]Pos!E3608","v":4.5}]
[{"$f":"[1]Pos!A3609","v":"5073P03"},{"$f":"[1]Pos!B3609","v":"PO-0019206"},{"$f":"[1]Pos!C3609","v":"SUNC"},{"$f":"[1]Pos!D3609","v":1860},{"$f":"[1]Pos!E3609","v":4}]
[{"$f":"[1]Pos!A3610","v":"5074B01"},{"$f":"[1]Pos!B3610","v":"PO-0018927"},{"$f":"[1]Pos!C3610","v":"ASTR"},{"$f":"[1]Pos!D3610","v":500},{"$f":"[1]Pos!E3610","v":32.5}]
[{"$f":"[1]Pos!A3611","v":"5074B02"},{"$f":"[1]Pos!B3611","v":"PO-0018927"},{"$f":"[1]Pos!C3611","v":"ASTR"},{"$f":"[1]Pos!D3611","v":700},{"$f":"[1]Pos!E3611","v":33}]
[{"$f":"[1]Pos!A3612","v":"5074B03"},{"$f":"[1]Pos!B3612","v":"PO-0018945"},{"$f":"[1]Pos!C3612","v":"RYDI"},{"$f":"[1]Pos!D3612","v":2261.5},{"$f":"[1]Pos!E3612","v":8.24}]
[{"$f":"[1]Pos!A3613","v":"5074B04"},{"$f":"[1]Pos!B3613","v":"PO-0018945"},{"$f":"[1]Pos!C3613","v":"RYDI"},{"$f":"[1]Pos!D3613","v":2432.5},{"$f":"[1]Pos!E3613","v":4.91}]
[{"$f":"[1]Pos!A3614","v":"5074B05"},{"$f":"[1]Pos!B3614","v":"PO-0018942"},{"$f":"[1]Pos!C3614","v":"RYDI"},{"$f":"[1]Pos!D3614","v":465.5},{"$f":"[1]Pos!E3614","v":7.61}]
[{"$f":"[1]Pos!A3615","v":"5074B06"},{"$f":"[1]Pos!B3615","v":"PO-0019020"},{"$f":"[1]Pos!C3615","v":"DECA"},{"$f":"[1]Pos!D3615","v":46.2},{"$f":"[1]Pos!E3615","v":14.95}]
[{"$f":"[1]Pos!A3616","v":"5074B07"},{"$f":"[1]Pos!B3616","v":"PO-0019063"},{"$f":"[1]Pos!C3616","v":"DECA"},{"$f":"[1]Pos!D3616","v":182.54},{"$f":"[1]Pos!E3616","v":10.54}]
[{"$f":"[1]Pos!A3617","v":"5074B08"},{"$f":"[1]Pos!B3617","v":"PO-0018828"},{"$f":"[1]Pos!C3617","v":"SEAW"},{"$f":"[1]Pos!D3617","v":4787.8999999999996},{"$f":"[1]Pos!E3617","v":7.5}]
[{"$f":"[1]Pos!A3618","v":"5074P01"},{"$f":"[1]Pos!B3618","v":"PO-0018929"},{"$f":"[1]Pos!C3618","v":"EXCE"},{"$f":"[1]Pos!D3618","v":1929.45},{"$f":"[1]Pos!E3618","v":4.75}]
[{"$f":"[1]Pos!A3619","v":"5074P02"},{"$f":"[1]Pos!B3619","v":"PO-0018929"},{"$f":"[1]Pos!C3619","v":"EXCE"},{"$f":"[1]Pos!D3619","v":135.37},{"$f":"[1]Pos!E3619","v":4.05}]
[{"$f":"[1]Pos!A3620","v":"5074P03"},{"$f":"[1]Pos!B3620","v":"PO-0018941"},{"$f":"[1]Pos!C3620","v":"EXCE"},{"$f":"[1]Pos!D3620","v":1286.27},{"$f":"[1]Pos!E3620","v":4.75}]
[{"$f":"[1]Pos!A3621","v":"5074P04"},{"$f":"[1]Pos!B3621","v":"PO-0018943"},{"$f":"[1]Pos!C3621","v":"CENT"},{"$f":"[1]Pos!D3621","v":1510.91},{"$f":"[1]Pos!E3621","v":4.5999999999999996}]
[{"$f":"[1]Pos!A3622","v":"5075B01"},{"$f":"[1]Pos!B3622","v":"PO-0018935"},{"$f":"[1]Pos!C3622","v":"BOUC"},{"$f":"[1]Pos!D3622","v":102.88},{"$f":"[1]Pos!E3622","v":3.29}]
[{"$f":"[1]Pos!A3623","v":"5075B02"},{"$f":"[1]Pos!B3623","v":"PO-0018989"},{"$f":"[1]Pos!C3623","v":"DECA"},{"$f":"[1]Pos!D3623","v":335.93050899999997},{"$f":"[1]Pos!E3623","v":15.25}]
[{"$f":"[1]Pos!A3624","v":"5075B03"},{"$f":"[1]Pos!B3624","v":"PO-0019012"},{"$f":"[1]Pos!C3624","v":"C&C"},{"$f":"[1]Pos!D3624","v":78.743635999999995},{"$f":"[1]Pos!E3624","v":32.49}]
[{"$f":"[1]Pos!A3625","v":"5075B04"},{"$f":"[1]Pos!B3625","v":"PO-0019058"},{"$f":"[1]Pos!C3625","v":"DECA"},{"$f":"[1]Pos!D3625","v":281.22726899999998},{"$f":"[1]Pos!E3625","v":18.52}]
[{"$f":"[1]Pos!A3626","v":"5075B05"},{"$f":"[1]Pos!B3626","v":"PO-0019064"},{"$f":"[1]Pos!C3626","v":"DECA"},{"$f":"[1]Pos!D3626","v":281.22726899999998},{"$f":"[1]Pos!E3626","v":18.52}]
[{"$f":"[1]Pos!A3627","v":"5075B06"},{"$f":"[1]Pos!B3627","v":"PO-0019170"},{"$f":"[1]Pos!C3627","v":"LUCY"},{"$f":"[1]Pos!D3627","v":968.55},{"$f":"[1]Pos!E3627","v":5.25}]
[{"$f":"[1]Pos!A3628","v":"5075P01"},{"$f":"[1]Pos!B3628","v":"PO-0018941"},{"$f":"[1]Pos!C3628","v":"EXCE"},{"$f":"[1]Pos!D3628","v":18.260000000000002},{"$f":"[1]Pos!E3628","v":5.65}]
[{"$f":"[1]Pos!A3629","v":"5075P02"},{"$f":"[1]Pos!B3629","v":"PO-0018941"},{"$f":"[1]Pos!C3629","v":"EXCE"},{"$f":"[1]Pos!D3629","v":81.290000000000006},{"$f":"[1]Pos!E3629","v":4.05}]
[{"$f":"[1]Pos!A3630","v":"5075P03"},{"$f":"[1]Pos!B3630","v":"PO-0018948"},{"$f":"[1]Pos!C3630","v":"CENT"},{"$f":"[1]Pos!D3630","v":1814.4},{"$f":"[1]Pos!E3630","v":4.25}]
[{"$f":"[1]Pos!A3631","v":"5075P04"},{"$f":"[1]Pos!B3631","v":"PO-0018948"},{"$f":"[1]Pos!C3631","v":"CENT"},{"$f":"[1]Pos!D3631","v":1632.96},{"$f":"[1]Pos!E3631","v":6.5}]
[{"$f":"[1]Pos!A3632","v":"5075P05"},{"$f":"[1]Pos!B3632","v":"PO-0018954"},{"$f":"[1]Pos!C3632","v":"CENT"},{"$f":"[1]Pos!D3632","v":1814.4},{"$f":"[1]Pos!E3632","v":4.25}]
[{"$f":"[1]Pos!A3633","v":"5076P01"},{"$f":"[1]Pos!B3633","v":"PO-0018947"},{"$f":"[1]Pos!C3633","v":"MOND"},{"$f":"[1]Pos!D3633","v":3628.8},{"$f":"[1]Pos!E3633","v":5.75}]
[{"$f":"[1]Pos!A3634","v":"5076P02"},{"$f":"[1]Pos!B3634","v":"PO-0018947"},{"$f":"[1]Pos!C3634","v":"MOND"},{"$f":"[1]Pos!D3634","v":2000},{"$f":"[1]Pos!E3634","v":6.6}]
[{"$f":"[1]Pos!A3635","v":"5076P03"},{"$f":"[1]Pos!B3635","v":"PO-0018953"},{"$f":"[1]Pos!C3635","v":"ACCU"},{"$f":"[1]Pos!D3635","v":1728},{"$f":"[1]Pos!E3635","v":4.55}]
[{"$f":"[1]Pos!A3636","v":"5076P04"},{"$f":"[1]Pos!B3636","v":"PO-0018957"},{"$f":"[1]Pos!C3636","v":"MOND"},{"$f":"[1]Pos!D3636","v":750},{"$f":"[1]Pos!E3636","v":6.6}]
[{"$f":"[1]Pos!A3637","v":"5076P05"},{"$f":"[1]Pos!B3637","v":"PO-0018956"},{"$f":"[1]Pos!C3637","v":"CENT"},{"$f":"[1]Pos!D3637","v":1814.4},{"$f":"[1]Pos!E3637","v":4.25}]
[{"$f":"[1]Pos!A3638","v":"5076P06"},{"$f":"[1]Pos!B3638","v":"PO-0018968"},{"$f":"[1]Pos!C3638","v":"MOND"},{"$f":"[1]Pos!D3638","v":140},{"$f":"[1]Pos!E3638","v":6.6}]
[{"$f":"[1]Pos!A3639","v":"5082B01"},{"$f":"[1]Pos!B3639","v":"PO-0018955"},{"$f":"[1]Pos!C3639","v":"DECA"},{"$f":"[1]Pos!D3639","v":99.02},{"$f":"[1]Pos!E3639","v":3.32}]
[{"$f":"[1]Pos!A3640","v":"5082P01"},{"$f":"[1]Pos!B3640","v":"PO-0018949"},{"$f":"[1]Pos!C3640","v":"CENT"},{"$f":"[1]Pos!D3640","v":1500},{"$f":"[1]Pos!E3640","v":6.5}]
[{"$f":"[1]Pos!A3641","v":"5082P02"},{"$f":"[1]Pos!B3641","v":"PO-0018954"},{"$f":"[1]Pos!C3641","v":"CENT"},{"$f":"[1]Pos!D3641","v":2000},{"$f":"[1]Pos!E3641","v":6.5}]
[{"$f":"[1]Pos!A3642","v":"5082P03"},{"$f":"[1]Pos!B3642","v":"PO-0018953"},{"$f":"[1]Pos!C3642","v":"ACCU"},{"$f":"[1]Pos!D3642","v":2696.88},{"$f":"[1]Pos!E3642","v":4.3}]
[{"$f":"[1]Pos!A3643","v":"5082P04"},{"$f":"[1]Pos!B3643","v":"PO-0018953"},{"$f":"[1]Pos!C3643","v":"ACCU"},{"$f":"[1]Pos!D3643","v":358.78},{"$f":"[1]Pos!E3643","v":3.4}]
[{"$f":"[1]Pos!A3644","v":"5082P05"},{"$f":"[1]Pos!B3644","v":"PO-0018966"},{"$f":"[1]Pos!C3644","v":"CENT"},{"$f":"[1]Pos!D3644","v":907.2},{"$f":"[1]Pos!E3644","v":4.25}]
[{"$f":"[1]Pos!A3645","v":"5082P06"},{"$f":"[1]Pos!B3645","v":"PO-0018970"},{"$f":"[1]Pos!C3645","v":99},{"$f":"[1]Pos!D3645","v":54.32},{"$f":"[1]Pos!E3645","v":4.45}]
[{"$f":"[1]Pos!A3646","v":"5082P07"},{"$f":"[1]Pos!B3646","v":"PO-0018969"},{"$f":"[1]Pos!C3646","v":"CENT"},{"$f":"[1]Pos!D3646","v":907.2},{"$f":"[1]Pos!E3646","v":4.25}]
[{"$f":"[1]Pos!A3647","v":"5083B01"},{"$f":"[1]Pos!B3647","v":"PO-0018958"},{"$f":"[1]Pos!C3647","v":"DELF"},{"$f":"[1]Pos!D3647","v":664.82},{"$f":"[1]Pos!E3647","v":8.9499999999999993}]
[{"$f":"[1]Pos!A3648","v":"5083B02"},{"$f":"[1]Pos!B3648","v":"PO-0018959"},{"$f":"[1]Pos!C3648","v":"RYDI"},{"$f":"[1]Pos!D3648","v":407.5},{"$f":"[1]Pos!E3648","v":8.11}]
[{"$f":"[1]Pos!A3649","v":"5083B03"},{"$f":"[1]Pos!B3649","v":"PO-0019015"},{"$f":"[1]Pos!C3649","v":"C&C"},{"$f":"[1]Pos!D3649","v":169.53},{"$f":"[1]Pos!E3649","v":12.29}]
[{"$f":"[1]Pos!A3650","v":"5083P01"},{"$f":"[1]Pos!B3650","v":"PO-0018956"},{"$f":"[1]Pos!C3650","v":"CENT"},{"$f":"[1]Pos!D3650","v":1000},{"$f":"[1]Pos!E3650","v":6.5}]
[{"$f":"[1]Pos!A3651","v":"5083P02"},{"$f":"[1]Pos!B3651","v":"PO-0018962"},{"$f":"[1]Pos!C3651","v":"ACCU"},{"$f":"[1]Pos!D3651","v":1620},{"$f":"[1]Pos!E3651","v":4.55}]
[{"$f":"[1]Pos!A3652","v":"5084B01"},{"$f":"[1]Pos!B3652","v":"PO-0018965"},{"$f":"[1]Pos!C3652","v":"BOUC"},{"$f":"[1]Pos!D3652","v":211.72},{"$f":"[1]Pos!E3652","v":3.29}]
[{"$f":"[1]Pos!A3653","v":"5084B02"},{"$f":"[1]Pos!B3653","v":"PO-0018964"},{"$f":"[1]Pos!C3653","v":"DECA"},{"$f":"[1]Pos!D3653","v":40.119999999999997},{"$f":"[1]Pos!E3653","v":3.03}]
[{"$f":"[1]Pos!A3654","v":"5084B03"},{"$f":"[1]Pos!B3654","v":"PO-0018967"},{"$f":"[1]Pos!C3654","v":"RYDI"},{"$f":"[1]Pos!D3654","v":487.5},{"$f":"[1]Pos!E3654","v":8.11}]
[{"$f":"[1]Pos!A3655","v":"5084P01"},{"$f":"[1]Pos!B3655","v":"PO-0018977"},{"$f":"[1]Pos!C3655","v":"EXCE"},{"$f":"[1]Pos!D3655","v":135.44999999999999},{"$f":"[1]Pos!E3655","v":4.05}]
[{"$f":"[1]Pos!A3656","v":"5085B01"},{"$f":"[1]Pos!B3656","v":"PO-0018964"},{"$f":"[1]Pos!C3656","v":"DECA"},{"$f":"[1]Pos!D3656","v":151.66},{"$f":"[1]Pos!E3656","v":3.68}]
[{"$f":"[1]Pos!A3657","v":"5085B02"},{"$f":"[1]Pos!B3657","v":"PO-0019014"},{"$f":"[1]Pos!C3657","v":"C&C"},{"$f":"[1]Pos!D3657","v":170.868246},{"$f":"[1]Pos!E3657","v":18.989999999999998}]
[{"$f":"[1]Pos!A3658","v":"5085B03"},{"$f":"[1]Pos!B3658","v":"PO-0019099"},{"$f":"[1]Pos!C3658","v":"DECA"},{"$f":"[1]Pos!D3658","v":824.34},{"$f":"[1]Pos!E3658","v":9.75}]
[{"$f":"[1]Pos!A3659","v":"5085B04"},{"$f":"[1]Pos!B3659","v":"PO-0019111"},{"$f":"[1]Pos!C3659","v":"DECA"},{"$f":"[1]Pos!D3659","v":24},{"$f":"[1]Pos!E3659","v":4.22}]
[{"$f":"[1]Pos!A3660","v":"5085B05"},{"$f":"[1]Pos!B3660","v":"PO-0019117"},{"$f":"[1]Pos!C3660","v":"CHIS"},{"$f":"[1]Pos!D3660","v":5440},{"$f":"[1]Pos!E3660","v":4.2}]
[{"$f":"[1]Pos!A3661","v":"5085P01"},{"$f":"[1]Pos!B3661","v":"PO-0018971"},{"$f":"[1]Pos!C3661","v":"ACCU"},{"$f":"[1]Pos!D3661","v":2610},{"$f":"[1]Pos!E3661","v":4.55}]
[{"$f":"[1]Pos!A3662","v":"5085P02"},{"$f":"[1]Pos!B3662","v":"PO-0018979"},{"$f":"[1]Pos!C3662","v":"CENT"},{"$f":"[1]Pos!D3662","v":5443.2},{"$f":"[1]Pos!E3662","v":4.25}]
[{"$f":"[1]Pos!A3663","v":"5085P03"},{"$f":"[1]Pos!B3663","v":"PO-0018982"},{"$f":"[1]Pos!C3663","v":"CENT"},{"$f":"[1]Pos!D3663","v":1088.6400000000001},{"$f":"[1]Pos!E3663","v":4.25}]
[{"$f":"[1]Pos!A3664","v":"5086B01"},{"$f":"[1]Pos!B3664","v":"PO-0018981"},{"$f":"[1]Pos!C3664","v":"RYDI"},{"$f":"[1]Pos!D3664","v":3420},{"$f":"[1]Pos!E3664","v":8.31}]
[{"$f":"[1]Pos!A3665","v":"5086B02"},{"$f":"[1]Pos!B3665","v":"PO-0019117"},{"$f":"[1]Pos!C3665","v":"CHIS"},{"$f":"[1]Pos!D3665","v":12548.42},{"$f":"[1]Pos!E3665","v":4.2}]
[{"$f":"[1]Pos!A3666","v":"5086D01"},{"$f":"[1]Pos!B3666","v":"PO-0018972"},{"$f":"[1]Pos!C3666","v":"ALIMPLUS"},{"$f":"[1]Pos!D3666","v":15},{"$f":"[1]Pos!E3666","v":6.31}]
[{"$f":"[1]Pos!A3667","v":"5086P01"},{"$f":"[1]Pos!B3667","v":"PO-0018977"},{"$f":"[1]Pos!C3667","v":"EXCE"},{"$f":"[1]Pos!D3667","v":182.53},{"$f":"[1]Pos!E3667","v":3.3}]
[{"$f":"[1]Pos!A3668","v":"5086P02"},{"$f":"[1]Pos!B3668","v":"PO-0018980"},{"$f":"[1]Pos!C3668","v":"CENT"},{"$f":"[1]Pos!D3668","v":2553.2800000000002},{"$f":"[1]Pos!E3668","v":4.5999999999999996}]
[{"$f":"[1]Pos!A3669","v":"5086P03"},{"$f":"[1]Pos!B3669","v":"PO-0018976"},{"$f":"[1]Pos!C3669","v":"DESC"},{"$f":"[1]Pos!D3669","v":7257.6},{"$f":"[1]Pos!E3669","v":6.25}]
[{"$f":"[1]Pos!A3670","v":"5086P04"},{"$f":"[1]Pos!B3670","v":"PO-0018975"},{"$f":"[1]Pos!C3670","v":"MOND"},{"$f":"[1]Pos!D3670","v":7257.6},{"$f":"[1]Pos!E3670","v":6}]
[{"$f":"[1]Pos!A3671","v":"5086P05"},{"$f":"[1]Pos!B3671","v":"PO-0018982"},{"$f":"[1]Pos!C3671","v":"CENT"},{"$f":"[1]Pos!D3671","v":907.2},{"$f":"[1]Pos!E3671","v":4.25}]
[{"$f":"[1]Pos!A3672","v":"5086P06"},{"$f":"[1]Pos!B3672","v":"PO-0018982"},{"$f":"[1]Pos!C3672","v":"CENT"},{"$f":"[1]Pos!D3672","v":133.76},{"$f":"[1]Pos!E3672","v":4.25}]
[{"$f":"[1]Pos!A3673","v":"5086P07"},{"$f":"[1]Pos!B3673","v":"PO-0018987"},{"$f":"[1]Pos!C3673","v":99},{"$f":"[1]Pos!D3673","v":39.92},{"$f":"[1]Pos!E3673","v":4.95}]
[{"$f":"[1]Pos!A3674","v":"5086P08"},{"$f":"[1]Pos!B3674","v":"PO-0018983"},{"$f":"[1]Pos!C3674","v":"ACCU"},{"$f":"[1]Pos!D3674","v":1440},{"$f":"[1]Pos!E3674","v":4.45}]
[{"$f":"[1]Pos!A3675","v":"5087P01"},{"$f":"[1]Pos!B3675","v":"PO-0018977"},{"$f":"[1]Pos!C3675","v":"EXCE"},{"$f":"[1]Pos!D3675","v":1931.57},{"$f":"[1]Pos!E3675","v":4.75}]
[{"$f":"[1]Pos!A3676","v":"5087P02"},{"$f":"[1]Pos!B3676","v":"PO-0018993"},{"$f":"[1]Pos!C3676","v":"CENT"},{"$f":"[1]Pos!D3676","v":1814.4},{"$f":"[1]Pos!E3676","v":4.25}]
[{"$f":"[1]Pos!A3677","v":"5087P03"},{"$f":"[1]Pos!B3677","v":"PO-0018993"},{"$f":"[1]Pos!C3677","v":"CENT"},{"$f":"[1]Pos!D3677","v":1451.52},{"$f":"[1]Pos!E3677","v":7}]
[{"$f":"[1]Pos!A3678","v":"5092B01"},{"$f":"[1]Pos!B3678","v":"PO-0018985"},{"$f":"[1]Pos!C3678","v":"RYDI"},{"$f":"[1]Pos!D3678","v":490},{"$f":"[1]Pos!E3678","v":7.61}]
[{"$f":"[1]Pos!A3679","v":"5092B02"},{"$f":"[1]Pos!B3679","v":"PO-0018998"},{"$f":"[1]Pos!C3679","v":"RYDI"},{"$f":"[1]Pos!D3679","v":609},{"$f":"[1]Pos!E3679","v":1.65}]
[{"$f":"[1]Pos!A3680","v":"5092P01"},{"$f":"[1]Pos!B3680","v":"PO-0018982"},{"$f":"[1]Pos!C3680","v":"CENT"},{"$f":"[1]Pos!D3680","v":2050},{"$f":"[1]Pos!E3680","v":6.25}]
[{"$f":"[1]Pos!A3681","v":"5092P02"},{"$f":"[1]Pos!B3681","v":"PO-0018988"},{"$f":"[1]Pos!C3681","v":"EXCE"},{"$f":"[1]Pos!D3681","v":644.91},{"$f":"[1]Pos!E3681","v":3.6}]
[{"$f":"[1]Pos!A3682","v":"5092P03"},{"$f":"[1]Pos!B3682","v":"PO-0018984"},{"$f":"[1]Pos!C3682","v":"MOND"},{"$f":"[1]Pos!D3682","v":14914.36},{"$f":"[1]Pos!E3682","v":6.2}]
[{"$f":"[1]Pos!A3683","v":"5092P04"},{"$f":"[1]Pos!B3683","v":"PO-0018994"},{"$f":"[1]Pos!C3683","v":99},{"$f":"[1]Pos!D3683","v":133.09},{"$f":"[1]Pos!E3683","v":4}]
[{"$f":"[1]Pos!A3684","v":"5092P05"},{"$f":"[1]Pos!B3684","v":"PO-0018995"},{"$f":"[1]Pos!C3684","v":"CENT"},{"$f":"[1]Pos!D3684","v":907.2},{"$f":"[1]Pos!E3684","v":4.25}]
[{"$f":"[1]Pos!A3685","v":"5093B01"},{"$f":"[1]Pos!B3685","v":"PO-0018998"},{"$f":"[1]Pos!C3685","v":"RYDI"},{"$f":"[1]Pos!D3685","v":1218.5},{"$f":"[1]Pos!E3685","v":1.65}]
[{"$f":"[1]Pos!A3686","v":"5093B02"},{"$f":"[1]Pos!B3686","v":"PO-0019020"},{"$f":"[1]Pos!C3686","v":"DECA"},{"$f":"[1]Pos!D3686","v":64.430000000000007},{"$f":"[1]Pos!E3686","v":9.25}]
[{"$f":"[1]Pos!A3687","v":"5093B03"},{"$f":"[1]Pos!B3687","v":"PO-0020197"},{"$f":"[1]Pos!C3687","v":"AGRO"},{"$f":"[1]Pos!D3687","v":854.09302700000001},{"$f":"[1]Pos!E3687","v":5.95}]
[{"$f":"[1]Pos!A3688","v":"5093P01"},{"$f":"[1]Pos!B3688","v":"PO-0018996"},{"$f":"[1]Pos!C3688","v":"ACCU"},{"$f":"[1]Pos!D3688","v":1698.52},{"$f":"[1]Pos!E3688","v":4.5999999999999996}]
[{"$f":"[1]Pos!A3689","v":"5093P02"},{"$f":"[1]Pos!B3689","v":"PO-0019001"},{"$f":"[1]Pos!C3689","v":"CENT"},{"$f":"[1]Pos!D3689","v":2721.6},{"$f":"[1]Pos!E3689","v":4.25}]
[{"$f":"[1]Pos!A3690","v":"5094B01"},{"$f":"[1]Pos!B3690","v":"PO-0018986"},{"$f":"[1]Pos!C3690","v":"RYDI"},{"$f":"[1]Pos!D3690","v":319.5},{"$f":"[1]Pos!E3690","v":7.61}]
[{"$f":"[1]Pos!A3691","v":"5094B02"},{"$f":"[1]Pos!B3691","v":"PO-0019513"},{"$f":"[1]Pos!C3691","v":"METR"},{"$f":"[1]Pos!D3691","v":751.98},{"$f":"[1]Pos!E3691","v":3}]
[{"$f":"[1]Pos!A3692","v":"5094B03"},{"$f":"[1]Pos!B3692","v":"PO-0021144"},{"$f":"[1]Pos!C3692","v":"C&C"},{"$f":"[1]Pos!D3692","v":2722},{"$f":"[1]Pos!E3692","v":2.25}]
[{"$f":"[1]Pos!A3693","v":"5095B01"},{"$f":"[1]Pos!B3693","v":"PO-0019004"},{"$f":"[1]Pos!C3693","v":"RYDI"},{"$f":"[1]Pos!D3693","v":4199},{"$f":"[1]Pos!E3693","v":8.27}]
[{"$f":"[1]Pos!A3694","v":"5095B02"},{"$f":"[1]Pos!B3694","v":"PO-0019008"},{"$f":"[1]Pos!C3694","v":"RYDI"},{"$f":"[1]Pos!D3694","v":805},{"$f":"[1]Pos!E3694","v":4.7}]
[{"$f":"[1]Pos!A3695","v":"5095P01"},{"$f":"[1]Pos!B3695","v":"PO-0019018"},{"$f":"[1]Pos!C3695","v":"DESC"},{"$f":"[1]Pos!D3695","v":3628.8},{"$f":"[1]Pos!E3695","v":6.6}]
[{"$f":"[1]Pos!A3696","v":"5096B01"},{"$f":"[1]Pos!B3696","v":"PO-0019002"},{"$f":"[1]Pos!C3696","v":"BOUC"},{"$f":"[1]Pos!D3696","v":116.2},{"$f":"[1]Pos!E3696","v":3.18}]
[{"$f":"[1]Pos!A3697","v":"5096B02"},{"$f":"[1]Pos!B3697","v":"PO-0019073"},{"$f":"[1]Pos!C3697","v":"DECA"},{"$f":"[1]Pos!D3697","v":369.81385699999998},{"$f":"[1]Pos!E3697","v":14.98}]
[{"$f":"[1]Pos!A3698","v":"5096B03"},{"$f":"[1]Pos!B3698","v":"PO-0019082"},{"$f":"[1]Pos!C3698","v":"WHIT"},{"$f":"[1]Pos!D3698","v":35.299999999999997},{"$f":"[1]Pos!E3698","v":10.25}]
[{"$f":"[1]Pos!A3699","v":"5096P01"},{"$f":"[1]Pos!B3699","v":"PO-0019006"},{"$f":"[1]Pos!C3699","v":"CENT"},{"$f":"[1]Pos!D3699","v":2566.36},{"$f":"[1]Pos!E3699","v":4.5999999999999996}]
[{"$f":"[1]Pos!A3700","v":"5096P02"},{"$f":"[1]Pos!B3700","v":"PO-0019005"},{"$f":"[1]Pos!C3700","v":"CENT"},{"$f":"[1]Pos!D3700","v":2721.6},{"$f":"[1]Pos!E3700","v":4.3499999999999996}]
[{"$f":"[1]Pos!A3701","v":"5096P03"},{"$f":"[1]Pos!B3701","v":"PO-0019000"},{"$f":"[1]Pos!C3701","v":"MOND"},{"$f":"[1]Pos!D3701","v":10868.25},{"$f":"[1]Pos!E3701","v":5.9}]
[{"$f":"[1]Pos!A3702","v":"5096P04"},{"$f":"[1]Pos!B3702","v":"PO-0019013"},{"$f":"[1]Pos!C3702","v":"EXCE"},{"$f":"[1]Pos!D3702","v":641.30999999999995},{"$f":"[1]Pos!E3702","v":3.3}]
[{"$f":"[1]Pos!A3703","v":"5096P05"},{"$f":"[1]Pos!B3703","v":"PO-0019013"},{"$f":"[1]Pos!C3703","v":"EXCE"},{"$f":"[1]Pos!D3703","v":134.83000000000001},{"$f":"[1]Pos!E3703","v":4.05}]
[{"$f":"[1]Pos!A3704","v":"5096P06"},{"$f":"[1]Pos!B3704","v":"PO-0019017"},{"$f":"[1]Pos!C3704","v":"CENT"},{"$f":"[1]Pos!D3704","v":855.1},{"$f":"[1]Pos!E3704","v":4.5999999999999996}]
[{"$f":"[1]Pos!A3705","v":"5096P07"},{"$f":"[1]Pos!B3705","v":"PO-0019011"},{"$f":"[1]Pos!C3705","v":"DESC"},{"$f":"[1]Pos!D3705","v":2721.6},{"$f":"[1]Pos!E3705","v":6.2}]
[{"$f":"[1]Pos!A3706","v":"5097P01"},{"$f":"[1]Pos!B3706","v":"PO-0019013"},{"$f":"[1]Pos!C3706","v":"EXCE"},{"$f":"[1]Pos!D3706","v":18.27},{"$f":"[1]Pos!E3706","v":4.75}]
[{"$f":"[1]Pos!A3707","v":"5097P02"},{"$f":"[1]Pos!B3707","v":"PO-0019017"},{"$f":"[1]Pos!C3707","v":"CENT"},{"$f":"[1]Pos!D3707","v":2721.6},{"$f":"[1]Pos!E3707","v":4.3499999999999996}]
[{"$f":"[1]Pos!A3708","v":"5101B01"},{"$f":"[1]Pos!B3708","v":"PO-0018829"},{"$f":"[1]Pos!C3708","v":"SEAW"},{"$f":"[1]Pos!D3708","v":7240.52},{"$f":"[1]Pos!E3708","v":7.03}]
[{"$f":"[1]Pos!A3709","v":"5102B01"},{"$f":"[1]Pos!B3709","v":"PO-0019009"},{"$f":"[1]Pos!C3709","v":"BSA"},{"$f":"[1]Pos!D3709","v":100},{"$f":"[1]Pos!E3709","v":6.34}]
[{"$f":"[1]Pos!A3710","v":"5102B02"},{"$f":"[1]Pos!B3710","v":"PO-0019009"},{"$f":"[1]Pos!C3710","v":"BSA"},{"$f":"[1]Pos!D3710","v":25},{"$f":"[1]Pos!E3710","v":8.75}]
[{"$f":"[1]Pos!A3711","v":"5102B03"},{"$f":"[1]Pos!B3711","v":"PO-0019026"},{"$f":"[1]Pos!C3711","v":"LARO"},{"$f":"[1]Pos!D3711","v":896.5},{"$f":"[1]Pos!E3711","v":7.99}]
[{"$f":"[1]Pos!A3712","v":"5102B04"},{"$f":"[1]Pos!B3712","v":"PO-0019016"},{"$f":"[1]Pos!C3712","v":"JBS"},{"$f":"[1]Pos!D3712","v":960.12},{"$f":"[1]Pos!E3712","v":16.78}]
[{"$f":"[1]Pos!A3713","v":"5102B05"},{"$f":"[1]Pos!B3713","v":"PO-0020178"},{"$f":"[1]Pos!C3713","v":"AGRO"},{"$f":"[1]Pos!D3713","v":794.64},{"$f":"[1]Pos!E3713","v":8}]
[{"$f":"[1]Pos!A3714","v":"5102P01"},{"$f":"[1]Pos!B3714","v":"PO-0019010"},{"$f":"[1]Pos!C3714","v":"ACCU"},{"$f":"[1]Pos!D3714","v":1440},{"$f":"[1]Pos!E3714","v":4.45}]
[{"$f":"[1]Pos!A3715","v":"5102P02"},{"$f":"[1]Pos!B3715","v":"PO-0019021"},{"$f":"[1]Pos!C3715","v":"DESC"},{"$f":"[1]Pos!D3715","v":400},{"$f":"[1]Pos!E3715","v":9.5}]
[{"$f":"[1]Pos!A3716","v":"5102P03"},{"$f":"[1]Pos!B3716","v":"PO-0019027"},{"$f":"[1]Pos!C3716","v":"MOND"},{"$f":"[1]Pos!D3716","v":7257.6},{"$f":"[1]Pos!E3716","v":5.8}]
[{"$f":"[1]Pos!A3717","v":"5102P04"},{"$f":"[1]Pos!B3717","v":"PO-0019038"},{"$f":"[1]Pos!C3717","v":"CENT"},{"$f":"[1]Pos!D3717","v":1814.4},{"$f":"[1]Pos!E3717","v":4.3499999999999996}]
[{"$f":"[1]Pos!A3718","v":"5103B01"},{"$f":"[1]Pos!B3718","v":"PO-0019025"},{"$f":"[1]Pos!C3718","v":"DELF"},{"$f":"[1]Pos!D3718","v":646.09},{"$f":"[1]Pos!E3718","v":8.9499999999999993}]
[{"$f":"[1]Pos!A3719","v":"5103B02"},{"$f":"[1]Pos!B3719","v":"PO-0019034"},{"$f":"[1]Pos!C3719","v":"RYDI"},{"$f":"[1]Pos!D3719","v":2517},{"$f":"[1]Pos!E3719","v":8.27}]
[{"$f":"[1]Pos!A3720","v":"5103B03"},{"$f":"[1]Pos!B3720","v":"PO-0019034"},{"$f":"[1]Pos!C3720","v":"RYDI"},{"$f":"[1]Pos!D3720","v":800},{"$f":"[1]Pos!E3720","v":4.7}]
[{"$f":"[1]Pos!A3721","v":"5103B04"},{"$f":"[1]Pos!B3721","v":"PO-0019032"},{"$f":"[1]Pos!C3721","v":"RYDI"},{"$f":"[1]Pos!D3721","v":306},{"$f":"[1]Pos!E3721","v":8.0500000000000007}]
[{"$f":"[1]Pos!A3722","v":"5103P01"},{"$f":"[1]Pos!B3722","v":"PO-0019023"},{"$f":"[1]Pos!C3722","v":"ACCU"},{"$f":"[1]Pos!D3722","v":3600},{"$f":"[1]Pos!E3722","v":4.55}]
[{"$f":"[1]Pos!A3723","v":"5103P02"},{"$f":"[1]Pos!B3723","v":"PO-0019029"},{"$f":"[1]Pos!C3723","v":99},{"$f":"[1]Pos!D3723","v":40.840000000000003},{"$f":"[1]Pos!E3723","v":4.8499999999999996}]
[{"$f":"[1]Pos!A3724","v":"5103P03"},{"$f":"[1]Pos!B3724","v":"PO-0019031"},{"$f":"[1]Pos!C3724","v":"ACCU"},{"$f":"[1]Pos!D3724","v":540},{"$f":"[1]Pos!E3724","v":3.4}]
[{"$f":"[1]Pos!A3725","v":"5104B01"},{"$f":"[1]Pos!B3725","v":"PO-0019036"},{"$f":"[1]Pos!C3725","v":"LARO"},{"$f":"[1]Pos!D3725","v":943},{"$f":"[1]Pos!E3725","v":7.99}]
[{"$f":"[1]Pos!A3726","v":"5104B02"},{"$f":"[1]Pos!B3726","v":"PO-0019036"},{"$f":"[1]Pos!C3726","v":"LARO"},{"$f":"[1]Pos!D3726","v":815},{"$f":"[1]Pos!E3726","v":4.8899999999999997}]
[{"$f":"[1]Pos!A3727","v":"5104B03"},{"$f":"[1]Pos!B3727","v":"PO-0019037"},{"$f":"[1]Pos!C3727","v":"DECA"},{"$f":"[1]Pos!D3727","v":39.17},{"$f":"[1]Pos!E3727","v":2.83}]
[{"$f":"[1]Pos!A3728","v":"5104B04"},{"$f":"[1]Pos!B3728","v":"PO-0019033"},{"$f":"[1]Pos!C3728","v":"RYDI"},{"$f":"[1]Pos!D3728","v":320.5},{"$f":"[1]Pos!E3728","v":8.0500000000000007}]
[{"$f":"[1]Pos!A3729","v":"5104P01"},{"$f":"[1]Pos!B3729","v":"PO-0019039"},{"$f":"[1]Pos!C3729","v":"CENT"},{"$f":"[1]Pos!D3729","v":738.64},{"$f":"[1]Pos!E3729","v":4.5999999999999996}]
[{"$f":"[1]Pos!A3730","v":"5104P02"},{"$f":"[1]Pos!B3730","v":"PO-0019039"},{"$f":"[1]Pos!C3730","v":"CENT"},{"$f":"[1]Pos!D3730","v":308.88},{"$f":"[1]Pos!E3730","v":4.25}]
[{"$f":"[1]Pos!A3731","v":"5104P03"},{"$f":"[1]Pos!B3731","v":"PO-0019041"},{"$f":"[1]Pos!C3731","v":"ACCU"},{"$f":"[1]Pos!D3731","v":1170},{"$f":"[1]Pos!E3731","v":4.45}]
[{"$f":"[1]Pos!A3732","v":"5105B01"},{"$f":"[1]Pos!B3732","v":"PO-0019050"},{"$f":"[1]Pos!C3732","v":"RYDI"},{"$f":"[1]Pos!D3732","v":3318},{"$f":"[1]Pos!E3732","v":8.33}]
[{"$f":"[1]Pos!A3733","v":"5105B02"},{"$f":"[1]Pos!B3733","v":"PO-0019050"},{"$f":"[1]Pos!C3733","v":"RYDI"},{"$f":"[1]Pos!D3733","v":965},{"$f":"[1]Pos!E3733","v":4.43}]
[{"$f":"[1]Pos!A3734","v":"5105B03"},{"$f":"[1]Pos!B3734","v":"PO-0019076"},{"$f":"[1]Pos!C3734","v":"DECA"},{"$f":"[1]Pos!D3734","v":740.54},{"$f":"[1]Pos!E3734","v":7.69}]
[{"$f":"[1]Pos!A3735","v":"5105B04"},{"$f":"[1]Pos!B3735","v":"PO-0019055"},{"$f":"[1]Pos!C3735","v":"WHIT"},{"$f":"[1]Pos!D3735","v":68.64},{"$f":"[1]Pos!E3735","v":10.5}]
[{"$f":"[1]Pos!A3736","v":"5105EM01"},{"$f":"[1]Pos!B3736","v":"PO-0019848"},{"$f":"[1]Pos!C3736","v":"UNIP"},{"$f":"[1]Pos!D3736","v":21600},{"$f":"[1]Pos!E3736","v":0.29499999999999998}]
[{"$f":"[1]Pos!A3737","v":"5105P01"},{"$f":"[1]Pos!B3737","v":"PO-0019042"},{"$f":"[1]Pos!C3737","v":"CENT"},{"$f":"[1]Pos!D3737","v":396},{"$f":"[1]Pos!E3737","v":4.25}]
[{"$f":"[1]Pos!A3738","v":"5105P02"},{"$f":"[1]Pos!B3738","v":"PO-0019041"},{"$f":"[1]Pos!C3738","v":"ACCU"},{"$f":"[1]Pos!D3738","v":139.91},{"$f":"[1]Pos!E3738","v":3.65}]
[{"$f":"[1]Pos!A3739","v":"5105P03"},{"$f":"[1]Pos!B3739","v":"PO-0019046"},{"$f":"[1]Pos!C3739","v":"CENT"},{"$f":"[1]Pos!D3739","v":3628.8},{"$f":"[1]Pos!E3739","v":4.3499999999999996}]
[{"$f":"[1]Pos!A3740","v":"5105P04"},{"$f":"[1]Pos!B3740","v":"PO-0019047"},{"$f":"[1]Pos!C3740","v":"CENT"},{"$f":"[1]Pos!D3740","v":241.36099999999999},{"$f":"[1]Pos!E3740","v":3.5}]
[{"$f":"[1]Pos!A3741","v":"5106B01"},{"$f":"[1]Pos!B3741","v":"PO-0019040"},{"$f":"[1]Pos!C3741","v":"BOUC"},{"$f":"[1]Pos!D3741","v":167.6},{"$f":"[1]Pos!E3741","v":3.18}]
[{"$f":"[1]Pos!A3742","v":"5106B02"},{"$f":"[1]Pos!B3742","v":"PO-0019054"},{"$f":"[1]Pos!C3742","v":"DELF"},{"$f":"[1]Pos!D3742","v":80.400000000000006},{"$f":"[1]Pos!E3742","v":14.5}]
[{"$f":"[1]Pos!A3743","v":"5106B03"},{"$f":"[1]Pos!B3743","v":"PO-0019526"},{"$f":"[1]Pos!C3743","v":"CHIS"},{"$f":"[1]Pos!D3743","v":4959.82},{"$f":"[1]Pos!E3743","v":9.9499999999999993}]
[{"$f":"[1]Pos!A3744","v":"5106P01"},{"$f":"[1]Pos!B3744","v":"PO-0019048"},{"$f":"[1]Pos!C3744","v":99},{"$f":"[1]Pos!D3744","v":18.12},{"$f":"[1]Pos!E3744","v":3.8}]
[{"$f":"[1]Pos!A3745","v":"5106P02"},{"$f":"[1]Pos!B3745","v":"PO-0019047"},{"$f":"[1]Pos!C3745","v":"CENT"},{"$f":"[1]Pos!D3745","v":125},{"$f":"[1]Pos!E3745","v":6.5}]
[{"$f":"[1]Pos!A3746","v":"5106P03"},{"$f":"[1]Pos!B3746","v":"PO-0019051"},{"$f":"[1]Pos!C3746","v":"MOND"},{"$f":"[1]Pos!D3746","v":5443.2},{"$f":"[1]Pos!E3746","v":6.2}]
[{"$f":"[1]Pos!A3747","v":"5106P04"},{"$f":"[1]Pos!B3747","v":"PO-0019044"},{"$f":"[1]Pos!C3747","v":"DESC"},{"$f":"[1]Pos!D3747","v":4608},{"$f":"[1]Pos!E3747","v":4.25}]
[{"$f":"[1]Pos!A3748","v":"5106P05"},{"$f":"[1]Pos!B3748","v":"PO-0019059"},{"$f":"[1]Pos!C3748","v":"CENT"},{"$f":"[1]Pos!D3748","v":1814.4},{"$f":"[1]Pos!E3748","v":4.3499999999999996}]
[{"$f":"[1]Pos!A3749","v":"5106P06"},{"$f":"[1]Pos!B3749","v":"PO-0019059"},{"$f":"[1]Pos!C3749","v":"CENT"},{"$f":"[1]Pos!D3749","v":1708.7},{"$f":"[1]Pos!E3749","v":4.5999999999999996}]
[{"$f":"[1]Pos!A3750","v":"5106P07"},{"$f":"[1]Pos!B3750","v":"PO-0019057"},{"$f":"[1]Pos!C3750","v":"ACCU"},{"$f":"[1]Pos!D3750","v":3240},{"$f":"[1]Pos!E3750","v":4.3499999999999996}]
[{"$f":"[1]Pos!A3751","v":"5107P01"},{"$f":"[1]Pos!B3751","v":"PO-0019069"},{"$f":"[1]Pos!C3751","v":"CENT"},{"$f":"[1]Pos!D3751","v":1814.4},{"$f":"[1]Pos!E3751","v":4.3499999999999996}]
[{"$f":"[1]Pos!A3752","v":"5112B01"},{"$f":"[1]Pos!B3752","v":"PO-0019071"},{"$f":"[1]Pos!C3752","v":"RYDI"},{"$f":"[1]Pos!D3752","v":318},{"$f":"[1]Pos!E3752","v":8.0500000000000007}]
[{"$f":"[1]Pos!A3753","v":"5112B02"},{"$f":"[1]Pos!B3753","v":"PO-0019056"},{"$f":"[1]Pos!C3753","v":"RYDI"},{"$f":"[1]Pos!D3753","v":800},{"$f":"[1]Pos!E3753","v":4.43}]
[{"$f":"[1]Pos!A3754","v":"5112B03"},{"$f":"[1]Pos!B3754","v":"PO-0019056"},{"$f":"[1]Pos!C3754","v":"RYDI"},{"$f":"[1]Pos!D3754","v":1361},{"$f":"[1]Pos!E3754","v":4.43}]
[{"$f":"[1]Pos!A3755","v":"5112B04"},{"$f":"[1]Pos!B3755","v":"PO-0019073"},{"$f":"[1]Pos!C3755","v":"DECA"},{"$f":"[1]Pos!D3755","v":42.82},{"$f":"[1]Pos!E3755","v":3.07}]
[{"$f":"[1]Pos!A3756","v":"5112B05"},{"$f":"[1]Pos!B3756","v":"PO-0019445"},{"$f":"[1]Pos!C3756","v":"METR"},{"$f":"[1]Pos!D3756","v":80.66},{"$f":"[1]Pos!E3756","v":1.1233329999999999}]
[{"$f":"[1]Pos!A3757","v":"5112B06"},{"$f":"[1]Pos!B3757","v":"PO-0019449"},{"$f":"[1]Pos!C3757","v":"DECA"},{"$f":"[1]Pos!D3757","v":5765.2016279999998},{"$f":"[1]Pos!E3757","v":5.5}]
[{"$f":"[1]Pos!A3758","v":"5112B07"},{"$f":"[1]Pos!B3758","v":"PO-0019118"},{"$f":"[1]Pos!C3758","v":"CHIS"},{"$f":"[1]Pos!D3758","v":17420.8},{"$f":"[1]Pos!E3758","v":4.2}]
[{"$f":"[1]Pos!A3759","v":"5112P01"},{"$f":"[1]Pos!B3759","v":"PO-0019046"},{"$f":"[1]Pos!C3759","v":"CENT"},{"$f":"[1]Pos!D3759","v":2000},{"$f":"[1]Pos!E3759","v":6.5}]
[{"$f":"[1]Pos!A3760","v":"5112P02"},{"$f":"[1]Pos!B3760","v":"PO-0019057"},{"$f":"[1]Pos!C3760","v":"ACCU"},{"$f":"[1]Pos!D3760","v":1440},{"$f":"[1]Pos!E3760","v":4.45}]
[{"$f":"[1]Pos!A3761","v":"5112P03"},{"$f":"[1]Pos!B3761","v":"PO-0019074"},{"$f":"[1]Pos!C3761","v":"CENT"},{"$f":"[1]Pos!D3761","v":1814.4},{"$f":"[1]Pos!E3761","v":4.3499999999999996}]
[{"$f":"[1]Pos!A3762","v":"5113B01"},{"$f":"[1]Pos!B3762","v":"PO-0019016"},{"$f":"[1]Pos!C3762","v":"JBS"},{"$f":"[1]Pos!D3762","v":970.47},{"$f":"[1]Pos!E3762","v":16.78}]
[{"$f":"[1]Pos!A3763","v":"5113B02"},{"$f":"[1]Pos!B3763","v":"PO-0019099"},{"$f":"[1]Pos!C3763","v":"DECA"},{"$f":"[1]Pos!D3763","v":1057.72},{"$f":"[1]Pos!E3763","v":7.69}]
[{"$f":"[1]Pos!A3764","v":"5113B03"},{"$f":"[1]Pos!B3764","v":"PO-0019409"},{"$f":"[1]Pos!C3764","v":"AGRO"},{"$f":"[1]Pos!D3764","v":2132.5191679999998},{"$f":"[1]Pos!E3764","v":5.49}]
[{"$f":"[1]Pos!A3765","v":"5113B04"},{"$f":"[1]Pos!B3765","v":"PO-0019741"},{"$f":"[1]Pos!C3765","v":"C&C"},{"$f":"[1]Pos!D3765","v":1885.77},{"$f":"[1]Pos!E3765","v":16.95}]
[{"$f":"[1]Pos!A3766","v":"5113P01"},{"$f":"[1]Pos!B3766","v":"PO-0019059"},{"$f":"[1]Pos!C3766","v":"CENT"},{"$f":"[1]Pos!D3766","v":1000},{"$f":"[1]Pos!E3766","v":6.5}]
[{"$f":"[1]Pos!A3767","v":"5113P02"},{"$f":"[1]Pos!B3767","v":"PO-0019065"},{"$f":"[1]Pos!C3767","v":99},{"$f":"[1]Pos!D3767","v":18.48},{"$f":"[1]Pos!E3767","v":3.75}]
[{"$f":"[1]Pos!A3768","v":"5113P03"},{"$f":"[1]Pos!B3768","v":"PO-0019066"},{"$f":"[1]Pos!C3768","v":"EXCE"},{"$f":"[1]Pos!D3768","v":135.27000000000001},{"$f":"[1]Pos!E3768","v":4.05}]
[{"$f":"[1]Pos!A3769","v":"5113P04"},{"$f":"[1]Pos!B3769","v":"PO-0019066"},{"$f":"[1]Pos!C3769","v":"EXCE"},{"$f":"[1]Pos!D3769","v":365.43},{"$f":"[1]Pos!E3769","v":3.3}]
[{"$f":"[1]Pos!A3770","v":"5113P05"},{"$f":"[1]Pos!B3770","v":"PO-0019066"},{"$f":"[1]Pos!C3770","v":"EXCE"},{"$f":"[1]Pos!D3770","v":5791.02},{"$f":"[1]Pos!E3770","v":4.0999999999999996}]
[{"$f":"[1]Pos!A3771","v":"5113P06"},{"$f":"[1]Pos!B3771","v":"PO-0019067"},{"$f":"[1]Pos!C3771","v":"DESC"},{"$f":"[1]Pos!D3771","v":3660.28},{"$f":"[1]Pos!E3771","v":4.25}]
[{"$f":"[1]Pos!A3772","v":"5113P07"},{"$f":"[1]Pos!B3772","v":"PO-0019079"},{"$f":"[1]Pos!C3772","v":"CENT"},{"$f":"[1]Pos!D3772","v":1814.4},{"$f":"[1]Pos!E3772","v":4.3499999999999996}]
[{"$f":"[1]Pos!A3773","v":"5114B01"},{"$f":"[1]Pos!B3773","v":"PO-0019080"},{"$f":"[1]Pos!C3773","v":"RYDI"},{"$f":"[1]Pos!D3773","v":334.5},{"$f":"[1]Pos!E3773","v":8.0500000000000007}]
[{"$f":"[1]Pos!A3774","v":"5114B02"},{"$f":"[1]Pos!B3774","v":"PO-0019081"},{"$f":"[1]Pos!C3774","v":"LARO"},{"$f":"[1]Pos!D3774","v":1012},{"$f":"[1]Pos!E3774","v":7.99}]
[{"$f":"[1]Pos!A3775","v":"5114B03"},{"$f":"[1]Pos!B3775","v":"PO-0019016"},{"$f":"[1]Pos!C3775","v":"JBS"},{"$f":"[1]Pos!D3775","v":2117.75},{"$f":"[1]Pos!E3775","v":14.46}]
[{"$f":"[1]Pos!A3776","v":"5114B04"},{"$f":"[1]Pos!B3776","v":"PO-0019847"},{"$f":"[1]Pos!C3776","v":"AGRO"},{"$f":"[1]Pos!D3776","v":2160.4653429999998},{"$f":"[1]Pos!E3776","v":5.49}]
[{"$f":"[1]Pos!A3777","v":"5114P01"},{"$f":"[1]Pos!B3777","v":"PO-0019070"},{"$f":"[1]Pos!C3777","v":"CENT"},{"$f":"[1]Pos!D3777","v":1500},{"$f":"[1]Pos!E3777","v":6.5}]
[{"$f":"[1]Pos!A3778","v":"5114P02"},{"$f":"[1]Pos!B3778","v":"PO-0018984"},{"$f":"[1]Pos!C3778","v":"MOND"},{"$f":"[1]Pos!D3778","v":2086.56},{"$f":"[1]Pos!E3778","v":6.2}]
[{"$f":"[1]Pos!A3779","v":"5114P03"},{"$f":"[1]Pos!B3779","v":"PO-0019089"},{"$f":"[1]Pos!C3779","v":"DESC"},{"$f":"[1]Pos!D3779","v":5929.82},{"$f":"[1]Pos!E3779","v":4.25}]
[{"$f":"[1]Pos!A3780","v":"5114P04"},{"$f":"[1]Pos!B3780","v":"PO-0019108"},{"$f":"[1]Pos!C3780","v":"CENT"},{"$f":"[1]Pos!D3780","v":500},{"$f":"[1]Pos!E3780","v":2.4}]
[{"$f":"[1]Pos!A3781","v":"5115B01"},{"$f":"[1]Pos!B3781","v":"PO-0019075"},{"$f":"[1]Pos!C3781","v":"ASTR"},{"$f":"[1]Pos!D3781","v":800},{"$f":"[1]Pos!E3781","v":35.5}]
[{"$f":"[1]Pos!A3782","v":"5115B02"},{"$f":"[1]Pos!B3782","v":"PO-0019075"},{"$f":"[1]Pos!C3782","v":"ASTR"},{"$f":"[1]Pos!D3782","v":1200},{"$f":"[1]Pos!E3782","v":36}]
[{"$f":"[1]Pos!A3783","v":"5115B03"},{"$f":"[1]Pos!B3783","v":"PO-0019072"},{"$f":"[1]Pos!C3783","v":"BOUC"},{"$f":"[1]Pos!D3783","v":111.76},{"$f":"[1]Pos!E3783","v":3.18}]
[{"$f":"[1]Pos!A3784","v":"5115B04"},{"$f":"[1]Pos!B3784","v":"PO-0019045"},{"$f":"[1]Pos!C3784","v":"DELF"},{"$f":"[1]Pos!D3784","v":327.02},{"$f":"[1]Pos!E3784","v":9.0500000000000007}]
[{"$f":"[1]Pos!A3785","v":"5115B05"},{"$f":"[1]Pos!B3785","v":"PO-0019055"},{"$f":"[1]Pos!C3785","v":"WHIT"},{"$f":"[1]Pos!D3785","v":93.72},{"$f":"[1]Pos!E3785","v":8.9}]
[{"$f":"[1]Pos!A3786","v":"5115B06"},{"$f":"[1]Pos!B3786","v":"PO-0019055"},{"$f":"[1]Pos!C3786","v":"WHIT"},{"$f":"[1]Pos!D3786","v":212.76},{"$f":"[1]Pos!E3786","v":14.5}]
[{"$f":"[1]Pos!A3787","v":"5115B07"},{"$f":"[1]Pos!B3787","v":"PO-0019095"},{"$f":"[1]Pos!C3787","v":"DECA"},{"$f":"[1]Pos!D3787","v":157.08000000000001},{"$f":"[1]Pos!E3787","v":3.08}]
[{"$f":"[1]Pos!A3788","v":"5115B08"},{"$f":"[1]Pos!B3788","v":"PO-0019179"},{"$f":"[1]Pos!C3788","v":"CHIS"},{"$f":"[1]Pos!D3788","v":18645.7},{"$f":"[1]Pos!E3788","v":2.79}]
[{"$f":"[1]Pos!A3789","v":"5115P01"},{"$f":"[1]Pos!B3789","v":"PO-0019074"},{"$f":"[1]Pos!C3789","v":"CENT"},{"$f":"[1]Pos!D3789","v":1000},{"$f":"[1]Pos!E3789","v":6.5}]
[{"$f":"[1]Pos!A3790","v":"5115P02"},{"$f":"[1]Pos!B3790","v":"PO-0019088"},{"$f":"[1]Pos!C3790","v":"CENT"},{"$f":"[1]Pos!D3790","v":5406.9},{"$f":"[1]Pos!E3790","v":4.3499999999999996}]
[{"$f":"[1]Pos!A3791","v":"5116AS01"},{"$f":"[1]Pos!B3791","v":"PO-0019365"},{"$f":"[1]Pos!C3791","v":"BSA"},{"$f":"[1]Pos!D3791","v":20},{"$f":"[1]Pos!E3791","v":8.75}]
[{"$f":"[1]Pos!A3792","v":"5116B01"},{"$f":"[1]Pos!B3792","v":"PO-0019078"},{"$f":"[1]Pos!C3792","v":"BSA"},{"$f":"[1]Pos!D3792","v":25},{"$f":"[1]Pos!E3792","v":8.75}]
[{"$f":"[1]Pos!A3793","v":"5116B02"},{"$f":"[1]Pos!B3793","v":"PO-0019090"},{"$f":"[1]Pos!C3793","v":"LARO"},{"$f":"[1]Pos!D3793","v":673.5},{"$f":"[1]Pos!E3793","v":7.99}]
[{"$f":"[1]Pos!A3794","v":"5116B03"},{"$f":"[1]Pos!B3794","v":"PO-0019111"},{"$f":"[1]Pos!C3794","v":"DECA"},{"$f":"[1]Pos!D3794","v":38.24},{"$f":"[1]Pos!E3794","v":3.08}]
[{"$f":"[1]Pos!A3795","v":"5116B04"},{"$f":"[1]Pos!B3795","v":"PO-0019122"},{"$f":"[1]Pos!C3795","v":"DECA"},{"$f":"[1]Pos!D3795","v":13005.26},{"$f":"[1]Pos!E3795","v":7.69}]
[{"$f":"[1]Pos!A3796","v":"5116B05"},{"$f":"[1]Pos!B3796","v":"PO-0019153"},{"$f":"[1]Pos!C3796","v":"DECA"},{"$f":"[1]Pos!D3796","v":71.849031999999994},{"$f":"[1]Pos!E3796","v":15.72}]
[{"$f":"[1]Pos!A3797","v":"5116B06"},{"$f":"[1]Pos!B3797","v":"PO-0019245"},{"$f":"[1]Pos!C3797","v":"DECA"},{"$f":"[1]Pos!D3797","v":596.41999999999996},{"$f":"[1]Pos!E3797","v":28}]
[{"$f":"[1]Pos!A3798","v":"5116B07"},{"$f":"[1]Pos!B3798","v":"PO-0020411"},{"$f":"[1]Pos!C3798","v":"GEOR"},{"$f":"[1]Pos!D3798","v":1059.32},{"$f":"[1]Pos!E3798","v":9.19}]
[{"$f":"[1]Pos!A3799","v":"5116P01"},{"$f":"[1]Pos!B3799","v":"PO-0019086"},{"$f":"[1]Pos!C3799","v":"ACCU"},{"$f":"[1]Pos!D3799","v":2160},{"$f":"[1]Pos!E3799","v":4.0999999999999996}]
[{"$f":"[1]Pos!A3800","v":"5116P02"},{"$f":"[1]Pos!B3800","v":"PO-0019092"},{"$f":"[1]Pos!C3800","v":"CENT"},{"$f":"[1]Pos!D3800","v":3628},{"$f":"[1]Pos!E3800","v":4.3499999999999996}]
[{"$f":"[1]Pos!A3801","v":"5116P03"},{"$f":"[1]Pos!B3801","v":"PO-0019091"},{"$f":"[1]Pos!C3801","v":"ACCU"},{"$f":"[1]Pos!D3801","v":3600},{"$f":"[1]Pos!E3801","v":4.0999999999999996}]
[{"$f":"[1]Pos!A3802","v":"5116P04"},{"$f":"[1]Pos!B3802","v":"PO-0019098"},{"$f":"[1]Pos!C3802","v":99},{"$f":"[1]Pos!D3802","v":907.2},{"$f":"[1]Pos!E3802","v":6}]
[{"$f":"[1]Pos!A3803","v":"5117AS01"},{"$f":"[1]Pos!B3803","v":"PO-0019718"},{"$f":"[1]Pos!C3803","v":"BSA"},{"$f":"[1]Pos!D3803","v":75},{"$f":"[1]Pos!E3803","v":2.78}]
[{"$f":"[1]Pos!A3804","v":"5117AS02"},{"$f":"[1]Pos!B3804","v":"PO-0019957"},{"$f":"[1]Pos!C3804","v":"BSA"},{"$f":"[1]Pos!D3804","v":150},{"$f":"[1]Pos!E3804","v":2.78}]
[{"$f":"[1]Pos!A3805","v":"5122B01"},{"$f":"[1]Pos!B3805","v":"PO-0019096"},{"$f":"[1]Pos!C3805","v":"RYDI"},{"$f":"[1]Pos!D3805","v":308},{"$f":"[1]Pos!E3805","v":8.0500000000000007}]
[{"$f":"[1]Pos!A3806","v":"5122B02"},{"$f":"[1]Pos!B3806","v":"PO-0019111"},{"$f":"[1]Pos!C3806","v":"DECA"},{"$f":"[1]Pos!D3806","v":120.71},{"$f":"[1]Pos!E3806","v":3.2}]
[{"$f":"[1]Pos!A3807","v":"5122B03"},{"$f":"[1]Pos!B3807","v":"PO-0019792"},{"$f":"[1]Pos!C3807","v":"DECA"},{"$f":"[1]Pos!D3807","v":222.68210199999999},{"$f":"[1]Pos!E3807","v":3.69}]
[{"$f":"[1]Pos!A3808","v":"5122B04"},{"$f":"[1]Pos!B3808","v":"PO-0020162"},{"$f":"[1]Pos!C3808","v":"GEOR"},{"$f":"[1]Pos!D3808","v":1265.6400000000001},{"$f":"[1]Pos!E3808","v":9.19}]
[{"$f":"[1]Pos!A3809","v":"5122P01"},{"$f":"[1]Pos!B3809","v":"PO-0019087"},{"$f":"[1]Pos!C3809","v":"PANG"},{"$f":"[1]Pos!D3809","v":9072},{"$f":"[1]Pos!E3809","v":6.3}]
[{"$f":"[1]Pos!A3810","v":"5122P02"},{"$f":"[1]Pos!B3810","v":"PO-0019091"},{"$f":"[1]Pos!C3810","v":"ACCU"},{"$f":"[1]Pos!D3810","v":1440},{"$f":"[1]Pos!E3810","v":4.45}]
[{"$f":"[1]Pos!A3811","v":"5122P03"},{"$f":"[1]Pos!B3811","v":"PO-0019102"},{"$f":"[1]Pos!C3811","v":"ACCU"},{"$f":"[1]Pos!D3811","v":450},{"$f":"[1]Pos!E3811","v":3.5}]
[{"$f":"[1]Pos!A3812","v":"5122P04"},{"$f":"[1]Pos!B3812","v":"PO-0019108"},{"$f":"[1]Pos!C3812","v":"CENT"},{"$f":"[1]Pos!D3812","v":1814.4},{"$f":"[1]Pos!E3812","v":4.3499999999999996}]
[{"$f":"[1]Pos!A3813","v":"5123B01"},{"$f":"[1]Pos!B3813","v":"PO-0019097"},{"$f":"[1]Pos!C3813","v":"RYDI"},{"$f":"[1]Pos!D3813","v":342},{"$f":"[1]Pos!E3813","v":8.0500000000000007}]
[{"$f":"[1]Pos!A3814","v":"5123B02"},{"$f":"[1]Pos!B3814","v":"PO-0019173"},{"$f":"[1]Pos!C3814","v":"DECA"},{"$f":"[1]Pos!D3814","v":154.52000000000001},{"$f":"[1]Pos!E3814","v":15.29}]
[{"$f":"[1]Pos!A3815","v":"5123B03"},{"$f":"[1]Pos!B3815","v":"PO-0019192"},{"$f":"[1]Pos!C3815","v":"DECA"},{"$f":"[1]Pos!D3815","v":799.63},{"$f":"[1]Pos!E3815","v":17.95}]
[{"$f":"[1]Pos!A3816","v":"5123B04"},{"$f":"[1]Pos!B3816","v":"PO-0019192"},{"$f":"[1]Pos!C3816","v":"DECA"},{"$f":"[1]Pos!D3816","v":838.54},{"$f":"[1]Pos!E3816","v":17.95}]
[{"$f":"[1]Pos!A3817","v":"5123P01"},{"$f":"[1]Pos!B3817","v":"PO-0019093"},{"$f":"[1]Pos!C3817","v":"EXCE"},{"$f":"[1]Pos!D3817","v":275.68},{"$f":"[1]Pos!E3817","v":3.3}]
[{"$f":"[1]Pos!A3818","v":"5123P02"},{"$f":"[1]Pos!B3818","v":"PO-0019093"},{"$f":"[1]Pos!C3818","v":"EXCE"},{"$f":"[1]Pos!D3818","v":3864.06},{"$f":"[1]Pos!E3818","v":4}]
[{"$f":"[1]Pos!A3819","v":"5123P03"},{"$f":"[1]Pos!B3819","v":"PO-0019104"},{"$f":"[1]Pos!C3819","v":"MOND"},{"$f":"[1]Pos!D3819","v":2939.32},{"$f":"[1]Pos!E3819","v":6.4}]
[{"$f":"[1]Pos!A3820","v":"5123P04"},{"$f":"[1]Pos!B3820","v":"PO-0019121"},{"$f":"[1]Pos!C3820","v":"CENT"},{"$f":"[1]Pos!D3820","v":3628.8},{"$f":"[1]Pos!E3820","v":4.3499999999999996}]
[{"$f":"[1]Pos!A3821","v":"5124B01"},{"$f":"[1]Pos!B3821","v":"PO-0019141"},{"$f":"[1]Pos!C3821","v":"DECA"},{"$f":"[1]Pos!D3821","v":36.24},{"$f":"[1]Pos!E3821","v":15.29}]
[{"$f":"[1]Pos!A3822","v":"5124B02"},{"$f":"[1]Pos!B3822","v":"PO-0019120"},{"$f":"[1]Pos!C3822","v":"OLYM"},{"$f":"[1]Pos!D3822","v":630.94000000000005},{"$f":"[1]Pos!E3822","v":5.55}]
[{"$f":"[1]Pos!A3823","v":"5124B03"},{"$f":"[1]Pos!B3823","v":"PO-0019172"},{"$f":"[1]Pos!C3823","v":"DECA"},{"$f":"[1]Pos!D3823","v":1610.343629},{"$f":"[1]Pos!E3823","v":3.55}]
[{"$f":"[1]Pos!A3824","v":"5124B04"},{"$f":"[1]Pos!B3824","v":"PO-0019893"},{"$f":"[1]Pos!C3824","v":"DECA"},{"$f":"[1]Pos!D3824","v":1793.17},{"$f":"[1]Pos!E3824","v":4.75}]
[{"$f":"[1]Pos!A3825","v":"5124B05"},{"$f":"[1]Pos!B3825","v":"PO-0020048"},{"$f":"[1]Pos!C3825","v":"METR"},{"$f":"[1]Pos!D3825","v":1364.636289},{"$f":"[1]Pos!E3825","v":5}]
[{"$f":"[1]Pos!A3826","v":"5124P01"},{"$f":"[1]Pos!B3826","v":"PO-0019100"},{"$f":"[1]Pos!C3826","v":"EXCE"},{"$f":"[1]Pos!D3826","v":134.05000000000001},{"$f":"[1]Pos!E3826","v":4.05}]
[{"$f":"[1]Pos!A3827","v":"5124P02"},{"$f":"[1]Pos!B3827","v":"PO-0019100"},{"$f":"[1]Pos!C3827","v":"EXCE"},{"$f":"[1]Pos!D3827","v":3852.58},{"$f":"[1]Pos!E3827","v":4.25}]
[{"$f":"[1]Pos!A3828","v":"5124P03"},{"$f":"[1]Pos!B3828","v":"PO-0019103"},{"$f":"[1]Pos!C3828","v":"PANG"},{"$f":"[1]Pos!D3828","v":1980},{"$f":"[1]Pos!E3828","v":4.25}]
[{"$f":"[1]Pos!A3829","v":"5124P04"},{"$f":"[1]Pos!B3829","v":"PO-0019114"},{"$f":"[1]Pos!C3829","v":"PANG"},{"$f":"[1]Pos!D3829","v":1800},{"$f":"[1]Pos!E3829","v":4.25}]
[{"$f":"[1]Pos!A3830","v":"5124P05"},{"$f":"[1]Pos!B3830","v":"PO-0019131"},{"$f":"[1]Pos!C3830","v":"PANG"},{"$f":"[1]Pos!D3830","v":2160},{"$f":"[1]Pos!E3830","v":4.25}]
[{"$f":"[1]Pos!A3831","v":"5125B01"},{"$f":"[1]Pos!B3831","v":"PO-0019101"},{"$f":"[1]Pos!C3831","v":"CROW"},{"$f":"[1]Pos!D3831","v":46200},{"$f":"[1]Pos!E3831","v":0.11799999999999999}]
[{"$f":"[1]Pos!A3832","v":"5125B02"},{"$f":"[1]Pos!B3832","v":"PO-0019112"},{"$f":"[1]Pos!C3832","v":"BOUC"},{"$f":"[1]Pos!D3832","v":162.88},{"$f":"[1]Pos!E3832","v":3.22}]
[{"$f":"[1]Pos!A3833","v":"5125B03"},{"$f":"[1]Pos!B3833","v":"PO-0019128"},{"$f":"[1]Pos!C3833","v":"RYDI"},{"$f":"[1]Pos!D3833","v":2343.96},{"$f":"[1]Pos!E3833","v":8.7100000000000009}]
[{"$f":"[1]Pos!A3834","v":"5125B04"},{"$f":"[1]Pos!B3834","v":"PO-0019166"},{"$f":"[1]Pos!C3834","v":"DECA"},{"$f":"[1]Pos!D3834","v":732.18852500000003},{"$f":"[1]Pos!E3834","v":3.55}]
[{"$f":"[1]Pos!A3835","v":"5125P01"},{"$f":"[1]Pos!B3835","v":"PO-0019104"},{"$f":"[1]Pos!C3835","v":"MOND"},{"$f":"[1]Pos!D3835","v":530},{"$f":"[1]Pos!E3835","v":6.4}]
[{"$f":"[1]Pos!A3836","v":"5125P02"},{"$f":"[1]Pos!B3836","v":"PO-0019115"},{"$f":"[1]Pos!C3836","v":"PANG"},{"$f":"[1]Pos!D3836","v":425},{"$f":"[1]Pos!E3836","v":6.3}]
[{"$f":"[1]Pos!A3837","v":"5125P03"},{"$f":"[1]Pos!B3837","v":"PO-0019113"},{"$f":"[1]Pos!C3837","v":"ACCU"},{"$f":"[1]Pos!D3837","v":3240},{"$f":"[1]Pos!E3837","v":4.0999999999999996}]
[{"$f":"[1]Pos!A3838","v":"5125P04"},{"$f":"[1]Pos!B3838","v":"PO-0019130"},{"$f":"[1]Pos!C3838","v":"DESC"},{"$f":"[1]Pos!D3838","v":1814.4},{"$f":"[1]Pos!E3838","v":6.4}]
[{"$f":"[1]Pos!A3839","v":"5125P05"},{"$f":"[1]Pos!B3839","v":"PO-0019130"},{"$f":"[1]Pos!C3839","v":"DESC"},{"$f":"[1]Pos!D3839","v":1814.4},{"$f":"[1]Pos!E3839","v":6.8}]
[{"$f":"[1]Pos!A3840","v":"5126B01"},{"$f":"[1]Pos!B3840","v":"PO-0019116"},{"$f":"[1]Pos!C3840","v":"BSA"},{"$f":"[1]Pos!D3840","v":60},{"$f":"[1]Pos!E3840","v":6.34}]
[{"$f":"[1]Pos!A3841","v":"5126B02"},{"$f":"[1]Pos!B3841","v":"PO-0019116"},{"$f":"[1]Pos!C3841","v":"BSA"},{"$f":"[1]Pos!D3841","v":240},{"$f":"[1]Pos!E3841","v":12.59}]
[{"$f":"[1]Pos!A3842","v":"5126B03"},{"$f":"[1]Pos!B3842","v":"PO-0019123"},{"$f":"[1]Pos!C3842","v":"HEAT"},{"$f":"[1]Pos!D3842","v":125000},{"$f":"[1]Pos!E3842","v":9.7799999999999998E-2}]
[{"$f":"[1]Pos!A3843","v":"5126B04"},{"$f":"[1]Pos!B3843","v":"PO-0019134"},{"$f":"[1]Pos!C3843","v":"DECA"},{"$f":"[1]Pos!D3843","v":154.47999999999999},{"$f":"[1]Pos!E3843","v":2.97}]
[{"$f":"[1]Pos!A3844","v":"5126B05"},{"$f":"[1]Pos!B3844","v":"PO-0019662"},{"$f":"[1]Pos!C3844","v":"METR"},{"$f":"[1]Pos!D3844","v":2023.9271699999999},{"$f":"[1]Pos!E3844","v":5}]
[{"$f":"[1]Pos!A3845","v":"5126P01"},{"$f":"[1]Pos!B3845","v":"PO-0019124"},{"$f":"[1]Pos!C3845","v":"PANG"},{"$f":"[1]Pos!D3845","v":750},{"$f":"[1]Pos!E3845","v":6.3}]
[{"$f":"[1]Pos!A3846","v":"5126P02"},{"$f":"[1]Pos!B3846","v":"PO-0019124"},{"$f":"[1]Pos!C3846","v":"PANG"},{"$f":"[1]Pos!D3846","v":670},{"$f":"[1]Pos!E3846","v":7}]
[{"$f":"[1]Pos!A3847","v":"5126P03"},{"$f":"[1]Pos!B3847","v":"PO-0019127"},{"$f":"[1]Pos!C3847","v":"CENT"},{"$f":"[1]Pos!D3847","v":4536},{"$f":"[1]Pos!E3847","v":4.4000000000000004}]
[{"$f":"[1]Pos!A3848","v":"5126P04"},{"$f":"[1]Pos!B3848","v":"PO-0019125"},{"$f":"[1]Pos!C3848","v":"ACCU"},{"$f":"[1]Pos!D3848","v":18},{"$f":"[1]Pos!E3848","v":4.4000000000000004}]
[{"$f":"[1]Pos!A3849","v":"5126P05"},{"$f":"[1]Pos!B3849","v":"PO-0019125"},{"$f":"[1]Pos!C3849","v":"ACCU"},{"$f":"[1]Pos!D3849","v":3960},{"$f":"[1]Pos!E3849","v":4.0999999999999996}]
[{"$f":"[1]Pos!A3850","v":"5126P06"},{"$f":"[1]Pos!B3850","v":"PO-0019135"},{"$f":"[1]Pos!C3850","v":"EXCE"},{"$f":"[1]Pos!D3850","v":134.85},{"$f":"[1]Pos!E3850","v":4.05}]
[{"$f":"[1]Pos!A3851","v":"5126P07"},{"$f":"[1]Pos!B3851","v":"PO-0019135"},{"$f":"[1]Pos!C3851","v":"EXCE"},{"$f":"[1]Pos!D3851","v":273.52999999999997},{"$f":"[1]Pos!E3851","v":3.3}]
[{"$f":"[1]Pos!A3852","v":"5126P08"},{"$f":"[1]Pos!B3852","v":"PO-0019139"},{"$f":"[1]Pos!C3852","v":99},{"$f":"[1]Pos!D3852","v":19.75},{"$f":"[1]Pos!E3852","v":4.75}]
[{"$f":"[1]Pos!A3853","v":"5126P09"},{"$f":"[1]Pos!B3853","v":"PO-0019138"},{"$f":"[1]Pos!C3853","v":"CENT"},{"$f":"[1]Pos!D3853","v":1814.4},{"$f":"[1]Pos!E3853","v":4.4000000000000004}]
[{"$f":"[1]Pos!A3854","v":"5126P10"},{"$f":"[1]Pos!B3854","v":"PO-0019138"},{"$f":"[1]Pos!C3854","v":"CENT"},{"$f":"[1]Pos!D3854","v":1267.92},{"$f":"[1]Pos!E3854","v":4.5}]
[{"$f":"[1]Pos!A3855","v":"5126P11"},{"$f":"[1]Pos!B3855","v":"PO-0019137"},{"$f":"[1]Pos!C3855","v":"ACCU"},{"$f":"[1]Pos!D3855","v":3042},{"$f":"[1]Pos!E3855","v":4.45}]
[{"$f":"[1]Pos!A3856","v":"5127B01"},{"$f":"[1]Pos!B3856","v":"PO-0019129"},{"$f":"[1]Pos!C3856","v":"LARO"},{"$f":"[1]Pos!D3856","v":483.88},{"$f":"[1]Pos!E3856","v":4.8899999999999997}]
[{"$f":"[1]Pos!A3857","v":"5127B02"},{"$f":"[1]Pos!B3857","v":"PO-0019391"},{"$f":"[1]Pos!C3857","v":"DECA"},{"$f":"[1]Pos!D3857","v":2196.0293339999998},{"$f":"[1]Pos!E3857","v":5.25}]
[{"$f":"[1]Pos!A3858","v":"5132B01"},{"$f":"[1]Pos!B3858","v":"PO-0019140"},{"$f":"[1]Pos!C3858","v":"LARO"},{"$f":"[1]Pos!D3858","v":985},{"$f":"[1]Pos!E3858","v":7.99}]
[{"$f":"[1]Pos!A3859","v":"5132B02"},{"$f":"[1]Pos!B3859","v":"PO-0019147"},{"$f":"[1]Pos!C3859","v":"RYDI"},{"$f":"[1]Pos!D3859","v":340.5},{"$f":"[1]Pos!E3859","v":8.2200000000000006}]
[{"$f":"[1]Pos!A3860","v":"5132B03"},{"$f":"[1]Pos!B3860","v":"PO-0019156"},{"$f":"[1]Pos!C3860","v":"RYDI"},{"$f":"[1]Pos!D3860","v":3069.89},{"$f":"[1]Pos!E3860","v":8.75}]
[{"$f":"[1]Pos!A3861","v":"5132P01"},{"$f":"[1]Pos!B3861","v":"PO-0019132"},{"$f":"[1]Pos!C3861","v":"PANG"},{"$f":"[1]Pos!D3861","v":1100},{"$f":"[1]Pos!E3861","v":6.4}]
[{"$f":"[1]Pos!A3862","v":"5132P02"},{"$f":"[1]Pos!B3862","v":"PO-0019132"},{"$f":"[1]Pos!C3862","v":"PANG"},{"$f":"[1]Pos!D3862","v":18.78},{"$f":"[1]Pos!E3862","v":6.4}]
[{"$f":"[1]Pos!A3863","v":"5132P03"},{"$f":"[1]Pos!B3863","v":"PO-0019132"},{"$f":"[1]Pos!C3863","v":"PANG"},{"$f":"[1]Pos!D3863","v":3628.8},{"$f":"[1]Pos!E3863","v":6.4}]
[{"$f":"[1]Pos!A3864","v":"5132P04"},{"$f":"[1]Pos!B3864","v":"PO-0019133"},{"$f":"[1]Pos!C3864","v":"PANG"},{"$f":"[1]Pos!D3864","v":1055.5999999999999},{"$f":"[1]Pos!E3864","v":6.4}]
[{"$f":"[1]Pos!A3865","v":"5132P05"},{"$f":"[1]Pos!B3865","v":"PO-0019135"},{"$f":"[1]Pos!C3865","v":"EXCE"},{"$f":"[1]Pos!D3865","v":3857.12},{"$f":"[1]Pos!E3865","v":4.0999999999999996}]
[{"$f":"[1]Pos!A3866","v":"5132P06"},{"$f":"[1]Pos!B3866","v":"PO-0019148"},{"$f":"[1]Pos!C3866","v":"ACCU"},{"$f":"[1]Pos!D3866","v":700},{"$f":"[1]Pos!E3866","v":3.4}]
[{"$f":"[1]Pos!A3867","v":"5132P07"},{"$f":"[1]Pos!B3867","v":"PO-0019143"},{"$f":"[1]Pos!C3867","v":"CENT"},{"$f":"[1]Pos!D3867","v":2843.72},{"$f":"[1]Pos!E3867","v":4.5}]
[{"$f":"[1]Pos!A3868","v":"5132P08"},{"$f":"[1]Pos!B3868","v":"PO-0019155"},{"$f":"[1]Pos!C3868","v":"CENT"},{"$f":"[1]Pos!D3868","v":4536},{"$f":"[1]Pos!E3868","v":4.4000000000000004}]
[{"$f":"[1]Pos!A3869","v":"5132P09"},{"$f":"[1]Pos!B3869","v":"PO-0019150"},{"$f":"[1]Pos!C3869","v":"SUNC"},{"$f":"[1]Pos!D3869","v":3628.77},{"$f":"[1]Pos!E3869","v":6.3}]
[{"$f":"[1]Pos!A3870","v":"5132P10"},{"$f":"[1]Pos!B3870","v":"PO-0019159"},{"$f":"[1]Pos!C3870","v":"PANG"},{"$f":"[1]Pos!D3870","v":1088.6400000000001},{"$f":"[1]Pos!E3870","v":6.4}]
[{"$f":"[1]Pos!A3871","v":"5133B01"},{"$f":"[1]Pos!B3871","v":"PO-0019149"},{"$f":"[1]Pos!C3871","v":"DECA"},{"$f":"[1]Pos!D3871","v":39.18},{"$f":"[1]Pos!E3871","v":2.97}]
[{"$f":"[1]Pos!A3872","v":"5133B02"},{"$f":"[1]Pos!B3872","v":"PO-0019161"},{"$f":"[1]Pos!C3872","v":"DECA"},{"$f":"[1]Pos!D3872","v":349.44},{"$f":"[1]Pos!E3872","v":6.79}]
[{"$f":"[1]Pos!A3873","v":"5133P01"},{"$f":"[1]Pos!B3873","v":"PO-0019145"},{"$f":"[1]Pos!C3873","v":"EXCE"},{"$f":"[1]Pos!D3873","v":3856.2},{"$f":"[1]Pos!E3873","v":4.0999999999999996}]
[{"$f":"[1]Pos!A3874","v":"5133P02"},{"$f":"[1]Pos!B3874","v":"PO-0019160"},{"$f":"[1]Pos!C3874","v":"ACCU"},{"$f":"[1]Pos!D3874","v":4261.9799999999996},{"$f":"[1]Pos!E3874","v":4.6500000000000004}]
[{"$f":"[1]Pos!A3875","v":"5133P03"},{"$f":"[1]Pos!B3875","v":"PO-0019162"},{"$f":"[1]Pos!C3875","v":"CENT"},{"$f":"[1]Pos!D3875","v":1814.4},{"$f":"[1]Pos!E3875","v":4.4000000000000004}]
[{"$f":"[1]Pos!A3876","v":"5134B01"},{"$f":"[1]Pos!B3876","v":"PO-0019163"},{"$f":"[1]Pos!C3876","v":"RYDI"},{"$f":"[1]Pos!D3876","v":338.5},{"$f":"[1]Pos!E3876","v":8.2200000000000006}]
[{"$f":"[1]Pos!A3877","v":"5134B02"},{"$f":"[1]Pos!B3877","v":"PO-0019757"},{"$f":"[1]Pos!C3877","v":"CHIS"},{"$f":"[1]Pos!D3877","v":4801.3900000000003},{"$f":"[1]Pos!E3877","v":9.9499999999999993}]
[{"$f":"[1]Pos!A3878","v":"5134P01"},{"$f":"[1]Pos!B3878","v":"PO-0019144"},{"$f":"[1]Pos!C3878","v":"MOND"},{"$f":"[1]Pos!D3878","v":761.88},{"$f":"[1]Pos!E3878","v":6.95}]
[{"$f":"[1]Pos!A3879","v":"5135B01"},{"$f":"[1]Pos!B3879","v":"PO-0019158"},{"$f":"[1]Pos!C3879","v":"BOUC"},{"$f":"[1]Pos!D3879","v":96.82},{"$f":"[1]Pos!E3879","v":3.33}]
[{"$f":"[1]Pos!A3880","v":"5135B02"},{"$f":"[1]Pos!B3880","v":"PO-0019151"},{"$f":"[1]Pos!C3880","v":"LARO"},{"$f":"[1]Pos!D3880","v":985},{"$f":"[1]Pos!E3880","v":7.99}]
[{"$f":"[1]Pos!A3881","v":"5135B03"},{"$f":"[1]Pos!B3881","v":"PO-0019199"},{"$f":"[1]Pos!C3881","v":"DECA"},{"$f":"[1]Pos!D3881","v":777.36660400000005},{"$f":"[1]Pos!E3881","v":14.95}]
[{"$f":"[1]Pos!A3882","v":"5135B04"},{"$f":"[1]Pos!B3882","v":"PO-0019269"},{"$f":"[1]Pos!C3882","v":"DECA"},{"$f":"[1]Pos!D3882","v":352.9},{"$f":"[1]Pos!E3882","v":11.39}]
[{"$f":"[1]Pos!A3883","v":"5135B05"},{"$f":"[1]Pos!B3883","v":"PO-0021040"},{"$f":"[1]Pos!C3883","v":"GEOR"},{"$f":"[1]Pos!D3883","v":721.12},{"$f":"[1]Pos!E3883","v":9.19}]
[{"$f":"[1]Pos!A3884","v":"5135P01"},{"$f":"[1]Pos!B3884","v":"PO-0019168"},{"$f":"[1]Pos!C3884","v":"CENT"},{"$f":"[1]Pos!D3884","v":3628.8},{"$f":"[1]Pos!E3884","v":4.3}]
[{"$f":"[1]Pos!A3885","v":"5136B01"},{"$f":"[1]Pos!B3885","v":"PO-0019171"},{"$f":"[1]Pos!C3885","v":"DECA"},{"$f":"[1]Pos!D3885","v":502.86},{"$f":"[1]Pos!E3885","v":6.79}]
[{"$f":"[1]Pos!A3886","v":"5136B02"},{"$f":"[1]Pos!B3886","v":"PO-0019189"},{"$f":"[1]Pos!C3886","v":"LARO"},{"$f":"[1]Pos!D3886","v":740.16},{"$f":"[1]Pos!E3886","v":5.5}]
[{"$f":"[1]Pos!A3887","v":"5136D01"},{"$f":"[1]Pos!B3887","v":"PO-0019167"},{"$f":"[1]Pos!C3887","v":"ALIMPLUS"},{"$f":"[1]Pos!D3887","v":15},{"$f":"[1]Pos!E3887","v":5.66}]
[{"$f":"[1]Pos!A3888","v":"5136P01"},{"$f":"[1]Pos!B3888","v":"PO-0019168"},{"$f":"[1]Pos!C3888","v":"CENT"},{"$f":"[1]Pos!D3888","v":425},{"$f":"[1]Pos!E3888","v":7}]
[{"$f":"[1]Pos!A3889","v":"5136P02"},{"$f":"[1]Pos!B3889","v":"PO-0019168"},{"$f":"[1]Pos!C3889","v":"CENT"},{"$f":"[1]Pos!D3889","v":1712.24},{"$f":"[1]Pos!E3889","v":4.5}]
[{"$f":"[1]Pos!A3890","v":"5136P03"},{"$f":"[1]Pos!B3890","v":"PO-0019169"},{"$f":"[1]Pos!C3890","v":"MOND"},{"$f":"[1]Pos!D3890","v":1814.4},{"$f":"[1]Pos!E3890","v":6.5}]
[{"$f":"[1]Pos!A3891","v":"5136P04"},{"$f":"[1]Pos!B3891","v":"PO-0019175"},{"$f":"[1]Pos!C3891","v":"CENT"},{"$f":"[1]Pos!D3891","v":1814.4},{"$f":"[1]Pos!E3891","v":4.3}]
[{"$f":"[1]Pos!A3892","v":"5136P05"},{"$f":"[1]Pos!B3892","v":"PO-0019176"},{"$f":"[1]Pos!C3892","v":"PANG"},{"$f":"[1]Pos!D3892","v":2721.6},{"$f":"[1]Pos!E3892","v":6.5}]
[{"$f":"[1]Pos!A3893","v":"5136P06"},{"$f":"[1]Pos!B3893","v":"PO-0019186"},{"$f":"[1]Pos!C3893","v":"CENT"},{"$f":"[1]Pos!D3893","v":1817.4},{"$f":"[1]Pos!E3893","v":4.3}]
[{"$f":"[1]Pos!A3894","v":"5137P01"},{"$f":"[1]Pos!B3894","v":"PO-0019175"},{"$f":"[1]Pos!C3894","v":"CENT"},{"$f":"[1]Pos!D3894","v":2566.91},{"$f":"[1]Pos!E3894","v":4.5}]
[{"$f":"[1]Pos!A3895","v":"5142B01"},{"$f":"[1]Pos!B3895","v":"PO-0019172"},{"$f":"[1]Pos!C3895","v":"DECA"},{"$f":"[1]Pos!D3895","v":73.66},{"$f":"[1]Pos!E3895","v":3.48}]
[{"$f":"[1]Pos!A3896","v":"5142B02"},{"$f":"[1]Pos!B3896","v":"PO-0019184"},{"$f":"[1]Pos!C3896","v":"RYDI"},{"$f":"[1]Pos!D3896","v":346},{"$f":"[1]Pos!E3896","v":8.2200000000000006}]
[{"$f":"[1]Pos!A3897","v":"5142B03"},{"$f":"[1]Pos!B3897","v":"PO-0019188"},{"$f":"[1]Pos!C3897","v":"RYDI"},{"$f":"[1]Pos!D3897","v":3313},{"$f":"[1]Pos!E3897","v":7.78}]
[{"$f":"[1]Pos!A3898","v":"5142B04"},{"$f":"[1]Pos!B3898","v":"PO-0019188"},{"$f":"[1]Pos!C3898","v":"RYDI"},{"$f":"[1]Pos!D3898","v":829},{"$f":"[1]Pos!E3898","v":4.3}]
[{"$f":"[1]Pos!A3899","v":"5142B05"},{"$f":"[1]Pos!B3899","v":"PO-0019225"},{"$f":"[1]Pos!C3899","v":"RICH"},{"$f":"[1]Pos!D3899","v":30},{"$f":"[1]Pos!E3899","v":13.5}]
[{"$f":"[1]Pos!A3900","v":"5142P01"},{"$f":"[1]Pos!B3900","v":"PO-0019177"},{"$f":"[1]Pos!C3900","v":"ACCU"},{"$f":"[1]Pos!D3900","v":1440},{"$f":"[1]Pos!E3900","v":4.45}]
[{"$f":"[1]Pos!A3901","v":"5142P02"},{"$f":"[1]Pos!B3901","v":"PO-0019194"},{"$f":"[1]Pos!C3901","v":"SUNC"},{"$f":"[1]Pos!D3901","v":4535},{"$f":"[1]Pos!E3901","v":6.3}]
[{"$f":"[1]Pos!A3902","v":"5142P03"},{"$f":"[1]Pos!B3902","v":"PO-0019197"},{"$f":"[1]Pos!C3902","v":"CENT"},{"$f":"[1]Pos!D3902","v":1814.4},{"$f":"[1]Pos!E3902","v":4.3}]
[{"$f":"[1]Pos!A3903","v":"5142P04"},{"$f":"[1]Pos!B3903","v":"PO-0019200"},{"$f":"[1]Pos!C3903","v":"MOND"},{"$f":"[1]Pos!D3903","v":1814.4},{"$f":"[1]Pos!E3903","v":6.3}]
[{"$f":"[1]Pos!A3904","v":"5143AS05"},{"$f":"[1]Pos!B3904","v":"Aucun"},{"$f":"[1]Pos!C3904","v":"MMIS"},{"$f":"[1]Pos!D3904","v":0},{"$f":"[1]Pos!E3904","v":5.58}]
[{"$f":"[1]Pos!A3905","v":"5143B01"},{"$f":"[1]Pos!B3905","v":"PO-0019174"},{"$f":"[1]Pos!C3905","v":"BSA"},{"$f":"[1]Pos!D3905","v":116},{"$f":"[1]Pos!E3905","v":6.34}]
[{"$f":"[1]Pos!A3906","v":"5143B02"},{"$f":"[1]Pos!B3906","v":"PO-0019174"},{"$f":"[1]Pos!C3906","v":"BSA"},{"$f":"[1]Pos!D3906","v":60},{"$f":"[1]Pos!E3906","v":0.1}]
[{"$f":"[1]Pos!A3907","v":"5143B03"},{"$f":"[1]Pos!B3907","v":"PO-0019174"},{"$f":"[1]Pos!C3907","v":"BSA"},{"$f":"[1]Pos!D3907","v":25},{"$f":"[1]Pos!E3907","v":8.75}]
[{"$f":"[1]Pos!A3908","v":"5143B04"},{"$f":"[1]Pos!B3908","v":"PO-0019174"},{"$f":"[1]Pos!C3908","v":"BSA"},{"$f":"[1]Pos!D3908","v":25},{"$f":"[1]Pos!E3908","v":2.78}]
[{"$f":"[1]Pos!A3909","v":"5143B05"},{"$f":"[1]Pos!B3909","v":"PO-0019181"},{"$f":"[1]Pos!C3909","v":"MMIS"},{"$f":"[1]Pos!D3909","v":42},{"$f":"[1]Pos!E3909","v":5.58}]
[{"$f":"[1]Pos!A3910","v":"5143B06"},{"$f":"[1]Pos!B3910","v":"PO-0019181"},{"$f":"[1]Pos!C3910","v":"MMIS"},{"$f":"[1]Pos!D3910","v":64.2},{"$f":"[1]Pos!E3910","v":4.3899999999999997}]
[{"$f":"[1]Pos!A3911","v":"5143B07"},{"$f":"[1]Pos!B3911","v":"PO-0019182"},{"$f":"[1]Pos!C3911","v":"FIRS"},{"$f":"[1]Pos!D3911","v":300},{"$f":"[1]Pos!E3911","v":4.82}]
[{"$f":"[1]Pos!A3912","v":"5143B08"},{"$f":"[1]Pos!B3912","v":"PO-0019212"},{"$f":"[1]Pos!C3912","v":"OLYM"},{"$f":"[1]Pos!D3912","v":562.52},{"$f":"[1]Pos!E3912","v":5.55}]
[{"$f":"[1]Pos!A3913","v":"5143B09"},{"$f":"[1]Pos!B3913","v":"PO-0019786"},{"$f":"[1]Pos!C3913","v":"DECA"},{"$f":"[1]Pos!D3913","v":1837.65},{"$f":"[1]Pos!E3913","v":4.75}]
[{"$f":"[1]Pos!A3914","v":"5143B10"},{"$f":"[1]Pos!B3914","v":"PO-0019911"},{"$f":"[1]Pos!C3914","v":"GEOR"},{"$f":"[1]Pos!D3914","v":529.64},{"$f":"[1]Pos!E3914","v":9.19}]
[{"$f":"[1]Pos!A3915","v":"5143D01"},{"$f":"[1]Pos!B3915","v":"PO-0019343"},{"$f":"[1]Pos!C3915","v":"DESC"},{"$f":"[1]Pos!D3915","v":33.9},{"$f":"[1]Pos!E3915","v":10.7}]
[{"$f":"[1]Pos!A3916","v":"5143P01"},{"$f":"[1]Pos!B3916","v":"PO-0019157"},{"$f":"[1]Pos!C3916","v":"BSA"},{"$f":"[1]Pos!D3916","v":50},{"$f":"[1]Pos!E3916","v":8.4700000000000006}]
[{"$f":"[1]Pos!A3917","v":"5143P02"},{"$f":"[1]Pos!B3917","v":"PO-0019193"},{"$f":"[1]Pos!C3917","v":"ACCU"},{"$f":"[1]Pos!D3917","v":564.17999999999995},{"$f":"[1]Pos!E3917","v":3.45}]
[{"$f":"[1]Pos!A3918","v":"5144B01"},{"$f":"[1]Pos!B3918","v":"PO-0019198"},{"$f":"[1]Pos!C3918","v":"WHIT"},{"$f":"[1]Pos!D3918","v":96.84},{"$f":"[1]Pos!E3918","v":8.9}]
[{"$f":"[1]Pos!A3919","v":"5144B02"},{"$f":"[1]Pos!B3919","v":"PO-0019198"},{"$f":"[1]Pos!C3919","v":"WHIT"},{"$f":"[1]Pos!D3919","v":273.33999999999997},{"$f":"[1]Pos!E3919","v":14.5}]
[{"$f":"[1]Pos!A3920","v":"5144B03"},{"$f":"[1]Pos!B3920","v":"PO-0019185"},{"$f":"[1]Pos!C3920","v":"RYDI"},{"$f":"[1]Pos!D3920","v":325},{"$f":"[1]Pos!E3920","v":8.2200000000000006}]
[{"$f":"[1]Pos!A3921","v":"5144B04"},{"$f":"[1]Pos!B3921","v":"PO-0019330"},{"$f":"[1]Pos!C3921","v":"DECA"},{"$f":"[1]Pos!D3921","v":580.71163000000001},{"$f":"[1]Pos!E3921","v":5.8}]
[{"$f":"[1]Pos!A3922","v":"5144B05"},{"$f":"[1]Pos!B3922","v":"PO-0019195"},{"$f":"[1]Pos!C3922","v":"CHIS"},{"$f":"[1]Pos!D3922","v":18291.84},{"$f":"[1]Pos!E3922","v":2.75}]
[{"$f":"[1]Pos!A3923","v":"5144P01"},{"$f":"[1]Pos!B3923","v":"PO-0019187"},{"$f":"[1]Pos!C3923","v":"CENT"},{"$f":"[1]Pos!D3923","v":1500},{"$f":"[1]Pos!E3923","v":6.5}]
[{"$f":"[1]Pos!A3924","v":"5144P02"},{"$f":"[1]Pos!B3924","v":"PO-0019197"},{"$f":"[1]Pos!C3924","v":"CENT"},{"$f":"[1]Pos!D3924","v":1925.76},{"$f":"[1]Pos!E3924","v":4.5}]
[{"$f":"[1]Pos!A3925","v":"5144P03"},{"$f":"[1]Pos!B3925","v":"PO-0019202"},{"$f":"[1]Pos!C3925","v":99},{"$f":"[1]Pos!D3925","v":107.04},{"$f":"[1]Pos!E3925","v":4.5}]
[{"$f":"[1]Pos!A3926","v":"5144P04"},{"$f":"[1]Pos!B3926","v":"PO-0019204"},{"$f":"[1]Pos!C3926","v":"CENT"},{"$f":"[1]Pos!D3926","v":4265.96},{"$f":"[1]Pos!E3926","v":4.5}]
[{"$f":"[1]Pos!A3927","v":"5144P05"},{"$f":"[1]Pos!B3927","v":"PO-0019217"},{"$f":"[1]Pos!C3927","v":"DESC"},{"$f":"[1]Pos!D3927","v":2721.6},{"$f":"[1]Pos!E3927","v":6.4}]
[{"$f":"[1]Pos!A3928","v":"5145B01"},{"$f":"[1]Pos!B3928","v":"PO-0019246"},{"$f":"[1]Pos!C3928","v":"DECA"},{"$f":"[1]Pos!D3928","v":2124.4449159999999},{"$f":"[1]Pos!E3928","v":5.99}]
[{"$f":"[1]Pos!A3929","v":"5145P01"},{"$f":"[1]Pos!B3929","v":"PO-0019207"},{"$f":"[1]Pos!C3929","v":"CENT"},{"$f":"[1]Pos!D3929","v":1814.4},{"$f":"[1]Pos!E3929","v":4.3}]
[{"$f":"[1]Pos!A3930","v":"5145P02"},{"$f":"[1]Pos!B3930","v":"PO-0019207"},{"$f":"[1]Pos!C3930","v":"CENT"},{"$f":"[1]Pos!D3930","v":2000},{"$f":"[1]Pos!E3930","v":6.5}]
[{"$f":"[1]Pos!A3931","v":"5145P03"},{"$f":"[1]Pos!B3931","v":"PO-0019207"},{"$f":"[1]Pos!C3931","v":"CENT"},{"$f":"[1]Pos!D3931","v":2296},{"$f":"[1]Pos!E3931","v":4.5}]
[{"$f":"[1]Pos!A3932","v":"5145P04"},{"$f":"[1]Pos!B3932","v":"PO-0019210"},{"$f":"[1]Pos!C3932","v":"SUNC"},{"$f":"[1]Pos!D3932","v":3628.76},{"$f":"[1]Pos!E3932","v":6.3}]
[{"$f":"[1]Pos!A3933","v":"5145P05"},{"$f":"[1]Pos!B3933","v":"PO-0019209"},{"$f":"[1]Pos!C3933","v":"CENT"},{"$f":"[1]Pos!D3933","v":2721.6},{"$f":"[1]Pos!E3933","v":4.3}]
[{"$f":"[1]Pos!A3934","v":"5146B01"},{"$f":"[1]Pos!B3934","v":"PO-0019152"},{"$f":"[1]Pos!C3934","v":"UNIP"},{"$f":"[1]Pos!D3934","v":6840},{"$f":"[1]Pos!E3934","v":0.29499999999999998}]
[{"$f":"[1]Pos!A3935","v":"5146B02"},{"$f":"[1]Pos!B3935","v":"PO-0019152"},{"$f":"[1]Pos!C3935","v":"UNIP"},{"$f":"[1]Pos!D3935","v":2880},{"$f":"[1]Pos!E3935","v":0.2}]
[{"$f":"[1]Pos!A3936","v":"5146B03"},{"$f":"[1]Pos!B3936","v":"PO-0019152"},{"$f":"[1]Pos!C3936","v":"UNIP"},{"$f":"[1]Pos!D3936","v":140000},{"$f":"[1]Pos!E3936","v":1E-3}]
[{"$f":"[1]Pos!A3937","v":"5146P01"},{"$f":"[1]Pos!B3937","v":"PO-0019208"},{"$f":"[1]Pos!C3937","v":"MOND"},{"$f":"[1]Pos!D3937","v":2539.6},{"$f":"[1]Pos!E3937","v":6.35}]
[{"$f":"[1]Pos!A3938","v":"5146P02"},{"$f":"[1]Pos!B3938","v":"PO-0019211"},{"$f":"[1]Pos!C3938","v":"EXCE"},{"$f":"[1]Pos!D3938","v":18.34},{"$f":"[1]Pos!E3938","v":5.25}]
[{"$f":"[1]Pos!A3939","v":"5146P03"},{"$f":"[1]Pos!B3939","v":"PO-0019211"},{"$f":"[1]Pos!C3939","v":"EXCE"},{"$f":"[1]Pos!D3939","v":640.41},{"$f":"[1]Pos!E3939","v":3.3}]
[{"$f":"[1]Pos!A3940","v":"5146P04"},{"$f":"[1]Pos!B3940","v":"PO-0019211"},{"$f":"[1]Pos!C3940","v":"EXCE"},{"$f":"[1]Pos!D3940","v":134.11000000000001},{"$f":"[1]Pos!E3940","v":4.05}]
[{"$f":"[1]Pos!A3941","v":"5146P05"},{"$f":"[1]Pos!B3941","v":"PO-0019219"},{"$f":"[1]Pos!C3941","v":"EXCE"},{"$f":"[1]Pos!D3941","v":1823.89},{"$f":"[1]Pos!E3941","v":3.3}]
[{"$f":"[1]Pos!A3942","v":"5152B01"},{"$f":"[1]Pos!B3942","v":"PO-0019222"},{"$f":"[1]Pos!C3942","v":"RYDI"},{"$f":"[1]Pos!D3942","v":314.5},{"$f":"[1]Pos!E3942","v":8.2200000000000006}]
[{"$f":"[1]Pos!A3943","v":"5152B02"},{"$f":"[1]Pos!B3943","v":"PO-0019224"},{"$f":"[1]Pos!C3943","v":"RYDI"},{"$f":"[1]Pos!D3943","v":3327.5},{"$f":"[1]Pos!E3943","v":8.59}]
[{"$f":"[1]Pos!A3944","v":"5152B03"},{"$f":"[1]Pos!B3944","v":"PO-0019224"},{"$f":"[1]Pos!C3944","v":"RYDI"},{"$f":"[1]Pos!D3944","v":830},{"$f":"[1]Pos!E3944","v":4.1900000000000004}]
[{"$f":"[1]Pos!A3945","v":"5152B04"},{"$f":"[1]Pos!B3945","v":"PO-0019247"},{"$f":"[1]Pos!C3945","v":"C&C"},{"$f":"[1]Pos!D3945","v":9112.7199999999993},{"$f":"[1]Pos!E3945","v":13.99}]
[{"$f":"[1]Pos!A3946","v":"5152P01"},{"$f":"[1]Pos!B3946","v":"PO-0019214"},{"$f":"[1]Pos!C3946","v":"ACCU"},{"$f":"[1]Pos!D3946","v":1440},{"$f":"[1]Pos!E3946","v":4.45}]
[{"$f":"[1]Pos!A3947","v":"5152P02"},{"$f":"[1]Pos!B3947","v":"PO-0019221"},{"$f":"[1]Pos!C3947","v":"ACCU"},{"$f":"[1]Pos!D3947","v":18},{"$f":"[1]Pos!E3947","v":4.5}]
[{"$f":"[1]Pos!A3948","v":"5153B01"},{"$f":"[1]Pos!B3948","v":"PO-0019226"},{"$f":"[1]Pos!C3948","v":"DECA"},{"$f":"[1]Pos!D3948","v":139.78},{"$f":"[1]Pos!E3948","v":3.53}]
[{"$f":"[1]Pos!A3949","v":"5153B02"},{"$f":"[1]Pos!B3949","v":"PO-0019226"},{"$f":"[1]Pos!C3949","v":"DECA"},{"$f":"[1]Pos!D3949","v":38.36},{"$f":"[1]Pos!E3949","v":2.93}]
[{"$f":"[1]Pos!A3950","v":"5153P01"},{"$f":"[1]Pos!B3950","v":"PO-0019228"},{"$f":"[1]Pos!C3950","v":"CENT"},{"$f":"[1]Pos!D3950","v":1898.04},{"$f":"[1]Pos!E3950","v":4.3}]
[{"$f":"[1]Pos!A3951","v":"5153P02"},{"$f":"[1]Pos!B3951","v":"PO-0019232"},{"$f":"[1]Pos!C3951","v":"CENT"},{"$f":"[1]Pos!D3951","v":852.9},{"$f":"[1]Pos!E3951","v":4.5999999999999996}]
[{"$f":"[1]Pos!A3952","v":"5153P03"},{"$f":"[1]Pos!B3952","v":"PO-0019232"},{"$f":"[1]Pos!C3952","v":"CENT"},{"$f":"[1]Pos!D3952","v":2721.6},{"$f":"[1]Pos!E3952","v":4.3}]
[{"$f":"[1]Pos!A3953","v":"5154B01"},{"$f":"[1]Pos!B3953","v":"PO-0019227"},{"$f":"[1]Pos!C3953","v":"DELF"},{"$f":"[1]Pos!D3953","v":334.62},{"$f":"[1]Pos!E3953","v":9.1999999999999993}]
[{"$f":"[1]Pos!A3954","v":"5154B02"},{"$f":"[1]Pos!B3954","v":"PO-0019220"},{"$f":"[1]Pos!C3954","v":"BOUC"},{"$f":"[1]Pos!D3954","v":103.02},{"$f":"[1]Pos!E3954","v":3.39}]
[{"$f":"[1]Pos!A3955","v":"5154B03"},{"$f":"[1]Pos!B3955","v":"PO-0019223"},{"$f":"[1]Pos!C3955","v":"RYDI"},{"$f":"[1]Pos!D3955","v":365.5},{"$f":"[1]Pos!E3955","v":8.2200000000000006}]
[{"$f":"[1]Pos!A3956","v":"5154B04"},{"$f":"[1]Pos!B3956","v":"PO-0019523"},{"$f":"[1]Pos!C3956","v":"DECA"},{"$f":"[1]Pos!D3956","v":341.17531200000002},{"$f":"[1]Pos!E3956","v":11.25}]
[{"$f":"[1]Pos!A3957","v":"5154B05"},{"$f":"[1]Pos!B3957","v":"PO-0019813"},{"$f":"[1]Pos!C3957","v":"DECA"},{"$f":"[1]Pos!D3957","v":1853.39},{"$f":"[1]Pos!E3957","v":4.75}]
[{"$f":"[1]Pos!A3958","v":"5154P01"},{"$f":"[1]Pos!B3958","v":"PO-0019239"},{"$f":"[1]Pos!C3958","v":"CENT"},{"$f":"[1]Pos!D3958","v":1814.4},{"$f":"[1]Pos!E3958","v":4.3}]
[{"$f":"[1]Pos!A3959","v":"5155P01"},{"$f":"[1]Pos!B3959","v":"PO-0019232"},{"$f":"[1]Pos!C3959","v":"CENT"},{"$f":"[1]Pos!D3959","v":488},{"$f":"[1]Pos!E3959","v":8}]
[{"$f":"[1]Pos!A3960","v":"5155P02"},{"$f":"[1]Pos!B3960","v":"PO-0019239"},{"$f":"[1]Pos!C3960","v":"CENT"},{"$f":"[1]Pos!D3960","v":1814.4},{"$f":"[1]Pos!E3960","v":4.3}]
[{"$f":"[1]Pos!A3961","v":"5155P03"},{"$f":"[1]Pos!B3961","v":"PO-0019230"},{"$f":"[1]Pos!C3961","v":"DESC"},{"$f":"[1]Pos!D3961","v":6350.4},{"$f":"[1]Pos!E3961","v":4.25}]
[{"$f":"[1]Pos!A3962","v":"5155P04"},{"$f":"[1]Pos!B3962","v":"PO-0019240"},{"$f":"[1]Pos!C3962","v":"MOND"},{"$f":"[1]Pos!D3962","v":4536},{"$f":"[1]Pos!E3962","v":6.35}]
[{"$f":"[1]Pos!A3963","v":"5155P05"},{"$f":"[1]Pos!B3963","v":"PO-0019249"},{"$f":"[1]Pos!C3963","v":"CENT"},{"$f":"[1]Pos!D3963","v":1814.4},{"$f":"[1]Pos!E3963","v":4.3}]
[{"$f":"[1]Pos!A3964","v":"5156B01"},{"$f":"[1]Pos!B3964","v":"PO-0019233"},{"$f":"[1]Pos!C3964","v":"ASTR"},{"$f":"[1]Pos!D3964","v":700},{"$f":"[1]Pos!E3964","v":35.5}]
[{"$f":"[1]Pos!A3965","v":"5156B02"},{"$f":"[1]Pos!B3965","v":"PO-0019233"},{"$f":"[1]Pos!C3965","v":"ASTR"},{"$f":"[1]Pos!D3965","v":1300},{"$f":"[1]Pos!E3965","v":36}]
[{"$f":"[1]Pos!A3966","v":"5156B03"},{"$f":"[1]Pos!B3966","v":"PO-0019580"},{"$f":"[1]Pos!C3966","v":"DECA"},{"$f":"[1]Pos!D3966","v":3741.3225969999999},{"$f":"[1]Pos!E3966","v":5.5}]
[{"$f":"[1]Pos!A3967","v":"5156P01"},{"$f":"[1]Pos!B3967","v":"PO-0019235"},{"$f":"[1]Pos!C3967","v":"EXCE"},{"$f":"[1]Pos!D3967","v":549.64},{"$f":"[1]Pos!E3967","v":3.3}]
[{"$f":"[1]Pos!A3968","v":"5156P02"},{"$f":"[1]Pos!B3968","v":"PO-0019235"},{"$f":"[1]Pos!C3968","v":"EXCE"},{"$f":"[1]Pos!D3968","v":134.11000000000001},{"$f":"[1]Pos!E3968","v":4.05}]
[{"$f":"[1]Pos!A3969","v":"5156P03"},{"$f":"[1]Pos!B3969","v":"PO-0019239"},{"$f":"[1]Pos!C3969","v":"CENT"},{"$f":"[1]Pos!D3969","v":2773.38},{"$f":"[1]Pos!E3969","v":4.5999999999999996}]
[{"$f":"[1]Pos!A3970","v":"5156P04"},{"$f":"[1]Pos!B3970","v":"PO-0019234"},{"$f":"[1]Pos!C3970","v":"ACCU"},{"$f":"[1]Pos!D3970","v":990},{"$f":"[1]Pos!E3970","v":4.55}]
[{"$f":"[1]Pos!A3971","v":"5156P05"},{"$f":"[1]Pos!B3971","v":"PO-0019231"},{"$f":"[1]Pos!C3971","v":"DESC"},{"$f":"[1]Pos!D3971","v":1814.4},{"$f":"[1]Pos!E3971","v":6.3}]
[{"$f":"[1]Pos!A3972","v":"5156P06"},{"$f":"[1]Pos!B3972","v":"PO-0019241"},{"$f":"[1]Pos!C3972","v":"EXCE"},{"$f":"[1]Pos!D3972","v":161.06},{"$f":"[1]Pos!E3972","v":4.05}]
[{"$f":"[1]Pos!A3973","v":"5156P07"},{"$f":"[1]Pos!B3973","v":"PO-0019241"},{"$f":"[1]Pos!C3973","v":"EXCE"},{"$f":"[1]Pos!D3973","v":183.38},{"$f":"[1]Pos!E3973","v":3.3}]
[{"$f":"[1]Pos!A3974","v":"5156P08"},{"$f":"[1]Pos!B3974","v":"PO-0019248"},{"$f":"[1]Pos!C3974","v":"ACCU"},{"$f":"[1]Pos!D3974","v":1440},{"$f":"[1]Pos!E3974","v":4.45}]
[{"$f":"[1]Pos!A3975","v":"5156P09"},{"$f":"[1]Pos!B3975","v":"PO-0019255"},{"$f":"[1]Pos!C3975","v":"CENT"},{"$f":"[1]Pos!D3975","v":1814.4},{"$f":"[1]Pos!E3975","v":4.3}]
[{"$f":"[1]Pos!A3976","v":"5157AS01"},{"$f":"[1]Pos!B3976","v":"PO-0020303"},{"$f":"[1]Pos!C3976","v":"BSA"},{"$f":"[1]Pos!D3976","v":100},{"$f":"[1]Pos!E3976","v":2.78}]
[{"$f":"[1]Pos!A3977","v":"5157P01"},{"$f":"[1]Pos!B3977","v":"PO-0019260"},{"$f":"[1]Pos!C3977","v":"CENT"},{"$f":"[1]Pos!D3977","v":2975.62},{"$f":"[1]Pos!E3977","v":4.3}]
[{"$f":"[1]Pos!A3978","v":"5162B01"},{"$f":"[1]Pos!B3978","v":"PO-0019253"},{"$f":"[1]Pos!C3978","v":"RYDI"},{"$f":"[1]Pos!D3978","v":394},{"$f":"[1]Pos!E3978","v":8.2200000000000006}]
[{"$f":"[1]Pos!A3979","v":"5162B02"},{"$f":"[1]Pos!B3979","v":"PO-0019292"},{"$f":"[1]Pos!C3979","v":"DECA"},{"$f":"[1]Pos!D3979","v":29.74},{"$f":"[1]Pos!E3979","v":9.15}]
[{"$f":"[1]Pos!A3980","v":"5162B03"},{"$f":"[1]Pos!B3980","v":"PO-0019252"},{"$f":"[1]Pos!C3980","v":"CANW"},{"$f":"[1]Pos!D3980","v":6476.52},{"$f":"[1]Pos!E3980","v":14.5}]
[{"$f":"[1]Pos!A3981","v":"5162B04"},{"$f":"[1]Pos!B3981","v":"PO-0019317"},{"$f":"[1]Pos!C3981","v":"OLYM"},{"$f":"[1]Pos!D3981","v":2136.25},{"$f":"[1]Pos!E3981","v":5.35}]
[{"$f":"[1]Pos!A3982","v":"5162P01"},{"$f":"[1]Pos!B3982","v":"PO-0019240"},{"$f":"[1]Pos!C3982","v":"MOND"},{"$f":"[1]Pos!D3982","v":1814.4},{"$f":"[1]Pos!E3982","v":6.05}]
[{"$f":"[1]Pos!A3983","v":"5162P02"},{"$f":"[1]Pos!B3983","v":"PO-0019250"},{"$f":"[1]Pos!C3983","v":"MOND"},{"$f":"[1]Pos!D3983","v":4536},{"$f":"[1]Pos!E3983","v":6.35}]
[{"$f":"[1]Pos!A3984","v":"5162P03"},{"$f":"[1]Pos!B3984","v":"PO-0019255"},{"$f":"[1]Pos!C3984","v":"CENT"},{"$f":"[1]Pos!D3984","v":1892.46},{"$f":"[1]Pos!E3984","v":4.5999999999999996}]
[{"$f":"[1]Pos!A3985","v":"5162P04"},{"$f":"[1]Pos!B3985","v":"PO-0019260"},{"$f":"[1]Pos!C3985","v":"CENT"},{"$f":"[1]Pos!D3985","v":1453.42},{"$f":"[1]Pos!E3985","v":4.5999999999999996}]
[{"$f":"[1]Pos!A3986","v":"5162P05"},{"$f":"[1]Pos!B3986","v":"PO-0019266"},{"$f":"[1]Pos!C3986","v":"CENT"},{"$f":"[1]Pos!D3986","v":1814.4},{"$f":"[1]Pos!E3986","v":4.3}]
[{"$f":"[1]Pos!A3987","v":"5163B01"},{"$f":"[1]Pos!B3987","v":"PO-0019259"},{"$f":"[1]Pos!C3987","v":"DELF"},{"$f":"[1]Pos!D3987","v":328.92},{"$f":"[1]Pos!E3987","v":9.39}]
[{"$f":"[1]Pos!A3988","v":"5163P01"},{"$f":"[1]Pos!B3988","v":"PO-0019268"},{"$f":"[1]Pos!C3988","v":"SUNC"},{"$f":"[1]Pos!D3988","v":3628},{"$f":"[1]Pos!E3988","v":6.3}]
[{"$f":"[1]Pos!A3989","v":"5163P02"},{"$f":"[1]Pos!B3989","v":"PO-0019267"},{"$f":"[1]Pos!C3989","v":"ACCU"},{"$f":"[1]Pos!D3989","v":540},{"$f":"[1]Pos!E3989","v":3.15}]
[{"$f":"[1]Pos!A3990","v":"5163P03"},{"$f":"[1]Pos!B3990","v":"PO-0019272"},{"$f":"[1]Pos!C3990","v":"SUNC"},{"$f":"[1]Pos!D3990","v":2721.6},{"$f":"[1]Pos!E3990","v":6.3}]
[{"$f":"[1]Pos!A3991","v":"5164B01"},{"$f":"[1]Pos!B3991","v":"PO-0019256"},{"$f":"[1]Pos!C3991","v":"BOUC"},{"$f":"[1]Pos!D3991","v":101.86},{"$f":"[1]Pos!E3991","v":3.39}]
[{"$f":"[1]Pos!A3992","v":"5164B02"},{"$f":"[1]Pos!B3992","v":"PO-0019259"},{"$f":"[1]Pos!C3992","v":"DELF"},{"$f":"[1]Pos!D3992","v":6.08},{"$f":"[1]Pos!E3992","v":19}]
[{"$f":"[1]Pos!A3993","v":"5164B03"},{"$f":"[1]Pos!B3993","v":"PO-0019254"},{"$f":"[1]Pos!C3993","v":"RYDI"},{"$f":"[1]Pos!D3993","v":300},{"$f":"[1]Pos!E3993","v":8.27}]
[{"$f":"[1]Pos!A3994","v":"5164B04"},{"$f":"[1]Pos!B3994","v":"PO-0019308"},{"$f":"[1]Pos!C3994","v":"WHIT"},{"$f":"[1]Pos!D3994","v":1573.34},{"$f":"[1]Pos!E3994","v":9.5}]
[{"$f":"[1]Pos!A3995","v":"5164B05"},{"$f":"[1]Pos!B3995","v":"PO-0020298"},{"$f":"[1]Pos!C3995","v":"C&C"},{"$f":"[1]Pos!D3995","v":2160.75},{"$f":"[1]Pos!E3995","v":8.2899999999999991}]
[{"$f":"[1]Pos!A3996","v":"5164I01"},{"$f":"[1]Pos!B3996","v":"PO-0019237"},{"$f":"[1]Pos!C3996","v":"BSA"},{"$f":"[1]Pos!D3996","v":172},{"$f":"[1]Pos!E3996","v":6.34}]
[{"$f":"[1]Pos!A3997","v":"5164I02"},{"$f":"[1]Pos!B3997","v":"PO-0019237"},{"$f":"[1]Pos!C3997","v":"BSA"},{"$f":"[1]Pos!D3997","v":144},{"$f":"[1]Pos!E3997","v":12.59}]
[{"$f":"[1]Pos!A3998","v":"5164I03"},{"$f":"[1]Pos!B3998","v":"PO-0019237"},{"$f":"[1]Pos!C3998","v":"BSA"},{"$f":"[1]Pos!D3998","v":25},{"$f":"[1]Pos!E3998","v":8.75}]
[{"$f":"[1]Pos!A3999","v":"5164P01"},{"$f":"[1]Pos!B3999","v":"PO-0019261"},{"$f":"[1]Pos!C3999","v":99},{"$f":"[1]Pos!D3999","v":1017.32},{"$f":"[1]Pos!E3999","v":5}]
[{"$f":"[1]Pos!A4000","v":"5164P02"},{"$f":"[1]Pos!B4000","v":"PO-0019266"},{"$f":"[1]Pos!C4000","v":"CENT"},{"$f":"[1]Pos!D4000","v":283.44},{"$f":"[1]Pos!E4000","v":4.5999999999999996}]
[{"$f":"[1]Pos!A4001","v":"5165AS01"},{"$f":"[1]Pos!B4001","v":"PO-0019263"},{"$f":"[1]Pos!C4001","v":"BSA"},{"$f":"[1]Pos!D4001","v":10},{"$f":"[1]Pos!E4001","v":0.01}]
[{"$f":"[1]Pos!A4002","v":"5165AS02"},{"$f":"[1]Pos!B4002","v":"PO-0020438"},{"$f":"[1]Pos!C4002","v":"BSA"},{"$f":"[1]Pos!D4002","v":50},{"$f":"[1]Pos!E4002","v":2.78}]
[{"$f":"[1]Pos!A4003","v":"5165B01"},{"$f":"[1]Pos!B4003","v":"PO-0019271"},{"$f":"[1]Pos!C4003","v":99},{"$f":"[1]Pos!D4003","v":408},{"$f":"[1]Pos!E4003","v":6.61}]
[{"$f":"[1]Pos!A4004","v":"5165B02"},{"$f":"[1]Pos!B4004","v":"PO-0019274"},{"$f":"[1]Pos!C4004","v":"RYDI"},{"$f":"[1]Pos!D4004","v":1662},{"$f":"[1]Pos!E4004","v":8.51}]
[{"$f":"[1]Pos!A4005","v":"5165B03"},{"$f":"[1]Pos!B4005","v":"PO-0019274"},{"$f":"[1]Pos!C4005","v":"RYDI"},{"$f":"[1]Pos!D4005","v":839.5},{"$f":"[1]Pos!E4005","v":4.2300000000000004}]
[{"$f":"[1]Pos!A4006","v":"5165B04"},{"$f":"[1]Pos!B4006","v":"PO-0019320"},{"$f":"[1]Pos!C4006","v":"RICH"},{"$f":"[1]Pos!D4006","v":150},{"$f":"[1]Pos!E4006","v":13}]
[{"$f":"[1]Pos!A4007","v":"5165EM01"},{"$f":"[1]Pos!B4007","v":"PO-0019264"},{"$f":"[1]Pos!C4007","v":"BEL"},{"$f":"[1]Pos!D4007","v":10},{"$f":"[1]Pos!E4007","v":0.01}]
[{"$f":"[1]Pos!A4008","v":"5165P01"},{"$f":"[1]Pos!B4008","v":"PO-0019262"},{"$f":"[1]Pos!C4008","v":"GEOR"},{"$f":"[1]Pos!D4008","v":362.88},{"$f":"[1]Pos!E4008","v":6.8}]
[{"$f":"[1]Pos!A4009","v":"5165P02"},{"$f":"[1]Pos!B4009","v":"PO-0019265"},{"$f":"[1]Pos!C4009","v":99},{"$f":"[1]Pos!D4009","v":818.24},{"$f":"[1]Pos!E4009","v":4.7}]
[{"$f":"[1]Pos!A4010","v":"5165P03"},{"$f":"[1]Pos!B4010","v":"PO-0019275"},{"$f":"[1]Pos!C4010","v":"DESC"},{"$f":"[1]Pos!D4010","v":3628.8},{"$f":"[1]Pos!E4010","v":6.6}]
[{"$f":"[1]Pos!A4011","v":"5165P04"},{"$f":"[1]Pos!B4011","v":"PO-0019278"},{"$f":"[1]Pos!C4011","v":"SUNC"},{"$f":"[1]Pos!D4011","v":3628.77},{"$f":"[1]Pos!E4011","v":6.3}]
[{"$f":"[1]Pos!A4012","v":"5165P05"},{"$f":"[1]Pos!B4012","v":"PO-0019279"},{"$f":"[1]Pos!C4012","v":"CENT"},{"$f":"[1]Pos!D4012","v":3628.8},{"$f":"[1]Pos!E4012","v":4.3}]
[{"$f":"[1]Pos!A4013","v":"5165P06"},{"$f":"[1]Pos!B4013","v":"PO-0019276"},{"$f":"[1]Pos!C4013","v":"MOND"},{"$f":"[1]Pos!D4013","v":2222.5},{"$f":"[1]Pos!E4013","v":6}]
[{"$f":"[1]Pos!A4014","v":"5166AS"},{"$f":"[1]Pos!B4014","v":"Aucun"},{"$f":"[1]Pos!C4014","v":"Aucun"},{"$f":"[1]Pos!D4014","v":0},{"$f":"[1]Pos!E4014","v":0}]
[{"$f":"[1]Pos!A4015","v":"5166AS02"},{"$f":"[1]Pos!B4015","v":"Aucun"},{"$f":"[1]Pos!C4015","v":"BSA"},{"$f":"[1]Pos!D4015","v":0},{"$f":"[1]Pos!E4015","v":19.88}]
[{"$f":"[1]Pos!A4016","v":"5166AS03"},{"$f":"[1]Pos!B4016","v":"Aucun"},{"$f":"[1]Pos!C4016","v":"BSA"},{"$f":"[1]Pos!D4016","v":0},{"$f":"[1]Pos!E4016","v":3.05}]
[{"$f":"[1]Pos!A4017","v":"5166EM01"},{"$f":"[1]Pos!B4017","v":"PO-0019229"},{"$f":"[1]Pos!C4017","v":"CROW"},{"$f":"[1]Pos!D4017","v":22500},{"$f":"[1]Pos!E4017","v":0.1183}]
[{"$f":"[1]Pos!A4018","v":"5166EM02"},{"$f":"[1]Pos!B4018","v":"PO-0019229"},{"$f":"[1]Pos!C4018","v":"CROW"},{"$f":"[1]Pos!D4018","v":22200},{"$f":"[1]Pos!E4018","v":0.1183}]
[{"$f":"[1]Pos!A4019","v":"5166EM03"},{"$f":"[1]Pos!B4019","v":"Aucun"},{"$f":"[1]Pos!C4019","v":"Crown"},{"$f":"[1]Pos!D4019","v":0},{"$f":"[1]Pos!E4019","v":0.11799999999999999}]
[{"$f":"[1]Pos!A4020","v":"5166P01"},{"$f":"[1]Pos!B4020","v":"PO-0019270"},{"$f":"[1]Pos!C4020","v":"EXCE"},{"$f":"[1]Pos!D4020","v":134.15},{"$f":"[1]Pos!E4020","v":4.04}]
[{"$f":"[1]Pos!A4021","v":"5166P02"},{"$f":"[1]Pos!B4021","v":"PO-0019275"},{"$f":"[1]Pos!C4021","v":"DESC"},{"$f":"[1]Pos!D4021","v":3628.8},{"$f":"[1]Pos!E4021","v":6.3}]
[{"$f":"[1]Pos!A4022","v":"5166P03"},{"$f":"[1]Pos!B4022","v":"PO-0019273"},{"$f":"[1]Pos!C4022","v":"ACCU"},{"$f":"[1]Pos!D4022","v":936.94},{"$f":"[1]Pos!E4022","v":3.35}]
[{"$f":"[1]Pos!A4023","v":"5166P04"},{"$f":"[1]Pos!B4023","v":"PO-0019284"},{"$f":"[1]Pos!C4023","v":"CENT"},{"$f":"[1]Pos!D4023","v":2721.6},{"$f":"[1]Pos!E4023","v":4.3}]
[{"$f":"[1]Pos!A4024","v":"5166P05"},{"$f":"[1]Pos!B4024","v":"PO-0019283"},{"$f":"[1]Pos!C4024","v":"ACCU"},{"$f":"[1]Pos!D4024","v":792},{"$f":"[1]Pos!E4024","v":3.3}]
[{"$f":"[1]Pos!A4025","v":"5167B01"},{"$f":"[1]Pos!B4025","v":"PO-0020023"},{"$f":"[1]Pos!C4025","v":"METR"},{"$f":"[1]Pos!D4025","v":336.99644899999998},{"$f":"[1]Pos!E4025","v":5}]
[{"$f":"[1]Pos!A4026","v":"5167P01"},{"$f":"[1]Pos!B4026","v":"PO-0019270"},{"$f":"[1]Pos!C4026","v":"EXCE"},{"$f":"[1]Pos!D4026","v":1931.2},{"$f":"[1]Pos!E4026","v":4.75}]
[{"$f":"[1]Pos!A4027","v":"5167P02"},{"$f":"[1]Pos!B4027","v":"PO-0019286"},{"$f":"[1]Pos!C4027","v":"ACCU"},{"$f":"[1]Pos!D4027","v":342},{"$f":"[1]Pos!E4027","v":4.5}]
[{"$f":"[1]Pos!A4028","v":"5171B01"},{"$f":"[1]Pos!B4028","v":"PO-0020222"},{"$f":"[1]Pos!C4028","v":"DECA"},{"$f":"[1]Pos!D4028","v":573.85470099999998},{"$f":"[1]Pos!E4028","v":5.75}]
[{"$f":"[1]Pos!A4029","v":"5171EM07"},{"$f":"[1]Pos!B4029","v":"Aucun"},{"$f":"[1]Pos!C4029","v":"Winpak"},{"$f":"[1]Pos!D4029","v":0},{"$f":"[1]Pos!E4029","v":5.3602382295627783E-4}]
[{"$f":"[1]Pos!A4030","v":"5171EM10"},{"$f":"[1]Pos!B4030","v":"Aucun"},{"$f":"[1]Pos!C4030","v":"Pemberton"},{"$f":"[1]Pos!D4030","v":0},{"$f":"[1]Pos!E4030","v":1.14E-2}]
[{"$f":"[1]Pos!A4031","v":"5171EM11"},{"$f":"[1]Pos!B4031","v":"Aucun"},{"$f":"[1]Pos!C4031","v":"Multiplus"},{"$f":"[1]Pos!D4031","v":0},{"$f":"[1]Pos!E4031","v":3.5999999999999997E-2}]
[{"$f":"[1]Pos!A4032","v":"5171EM12"},{"$f":"[1]Pos!B4032","v":"Aucun"},{"$f":"[1]Pos!C4032","v":"Multiplus"},{"$f":"[1]Pos!D4032","v":0},{"$f":"[1]Pos!E4032","v":2.1000000000000001E-2}]
[{"$f":"[1]Pos!A4033","v":"5171EM13"},{"$f":"[1]Pos!B4033","v":"Aucun"},{"$f":"[1]Pos!C4033","v":"Multiplus"},{"$f":"[1]Pos!D4033","v":0},{"$f":"[1]Pos!E4033","v":1.1339800000000001E-2}]
[{"$f":"[1]Pos!A4034","v":"5171EM14"},{"$f":"[1]Pos!B4034","v":"Aucun"},{"$f":"[1]Pos!C4034","v":"Multiplus"},{"$f":"[1]Pos!D4034","v":0},{"$f":"[1]Pos!E4034","v":1.1339800000000001E-2}]
[{"$f":"[1]Pos!A4035","v":"5171EM17"},{"$f":"[1]Pos!B4035","v":"Aucun"},{"$f":"[1]Pos!C4035","v":"Évolupack"},{"$f":"[1]Pos!D4035","v":0},{"$f":"[1]Pos!E4035","v":0.29437000000000002}]
[{"$f":"[1]Pos!A4036","v":"5171EM22"},{"$f":"[1]Pos!B4036","v":"Aucun"},{"$f":"[1]Pos!C4036","v":"Map Packaging"},{"$f":"[1]Pos!D4036","v":0},{"$f":"[1]Pos!E4036","v":0.23760000000000001}]
[{"$f":"[1]Pos!A4037","v":"5171EM26"},{"$f":"[1]Pos!B4037","v":"Aucun"},{"$f":"[1]Pos!C4037","v":"Duro Pack"},{"$f":"[1]Pos!D4037","v":0},{"$f":"[1]Pos!E4037","v":0.12389}]
[{"$f":"[1]Pos!A4038","v":"5171EM27"},{"$f":"[1]Pos!B4038","v":"Aucun"},{"$f":"[1]Pos!C4038","v":"Duro Pack"},{"$f":"[1]Pos!D4038","v":0},{"$f":"[1]Pos!E4038","v":0.19459000000000001}]
[{"$f":"[1]Pos!A4039","v":"5171EM28"},{"$f":"[1]Pos!B4039","v":"Aucun"},{"$f":"[1]Pos!C4039","v":"Duropac"},{"$f":"[1]Pos!D4039","v":0},{"$f":"[1]Pos!E4039","v":0.32650000000000001}]
[{"$f":"[1]Pos!A4040","v":"5171EM29"},{"$f":"[1]Pos!B4040","v":"Aucun"},{"$f":"[1]Pos!C4040","v":"Multiplus"},{"$f":"[1]Pos!D4040","v":0},{"$f":"[1]Pos!E4040","v":0.13700000000000001}]
[{"$f":"[1]Pos!A4041","v":"5171EM30"},{"$f":"[1]Pos!B4041","v":"Aucun"},{"$f":"[1]Pos!C4041","v":"Multiplus"},{"$f":"[1]Pos!D4041","v":0},{"$f":"[1]Pos!E4041","v":5.9299999999999999E-2}]
[{"$f":"[1]Pos!A4042","v":"5171EM31"},{"$f":"[1]Pos!B4042","v":"Aucun"},{"$f":"[1]Pos!C4042","v":"Map Packaging"},{"$f":"[1]Pos!D4042","v":0},{"$f":"[1]Pos!E4042","v":0.1008}]
[{"$f":"[1]Pos!A4043","v":"5171EM32"},{"$f":"[1]Pos!B4043","v":"Aucun"},{"$f":"[1]Pos!C4043","v":"Map Packaging"},{"$f":"[1]Pos!D4043","v":0},{"$f":"[1]Pos!E4043","v":0.20280000000000001}]
[{"$f":"[1]Pos!A4044","v":"5171EM33"},{"$f":"[1]Pos!B4044","v":"Aucun"},{"$f":"[1]Pos!C4044","v":"Map Packaging"},{"$f":"[1]Pos!D4044","v":0},{"$f":"[1]Pos!E4044","v":0.62083999999999995}]
[{"$f":"[1]Pos!A4045","v":"5171EM34"},{"$f":"[1]Pos!B4045","v":"Aucun"},{"$f":"[1]Pos!C4045","v":"Map Packaging"},{"$f":"[1]Pos!D4045","v":0},{"$f":"[1]Pos!E4045","v":0.1404}]
[{"$f":"[1]Pos!A4046","v":"5171EM35"},{"$f":"[1]Pos!B4046","v":"Aucun"},{"$f":"[1]Pos!C4046","v":"Multiplus"},{"$f":"[1]Pos!D4046","v":0},{"$f":"[1]Pos!E4046","v":0}]
[{"$f":"[1]Pos!A4047","v":"5171EM59"},{"$f":"[1]Pos!B4047","v":"Aucun"},{"$f":"[1]Pos!C4047","v":"Inconu"},{"$f":"[1]Pos!D4047","v":0},{"$f":"[1]Pos!E4047","v":0.61}]
[{"$f":"[1]Pos!A4048","v":"5172B01"},{"$f":"[1]Pos!B4048","v":"PO-0019287"},{"$f":"[1]Pos!C4048","v":"RYDI"},{"$f":"[1]Pos!D4048","v":297},{"$f":"[1]Pos!E4048","v":8.27}]
[{"$f":"[1]Pos!A4049","v":"5172B02"},{"$f":"[1]Pos!B4049","v":"PO-0019310"},{"$f":"[1]Pos!C4049","v":"LARO"},{"$f":"[1]Pos!D4049","v":309.22000000000003},{"$f":"[1]Pos!E4049","v":5.35}]
[{"$f":"[1]Pos!A4050","v":"5172B03"},{"$f":"[1]Pos!B4050","v":"PO-0019357"},{"$f":"[1]Pos!C4050","v":"DECA"},{"$f":"[1]Pos!D4050","v":238.49886799999999},{"$f":"[1]Pos!E4050","v":3.61}]
[{"$f":"[1]Pos!A4051","v":"5172B04"},{"$f":"[1]Pos!B4051","v":"PO-0019374"},{"$f":"[1]Pos!C4051","v":"DECA"},{"$f":"[1]Pos!D4051","v":71.959999999999994},{"$f":"[1]Pos!E4051","v":18.95}]
[{"$f":"[1]Pos!A4052","v":"5172P01"},{"$f":"[1]Pos!B4052","v":"PO-0019283"},{"$f":"[1]Pos!C4052","v":"ACCU"},{"$f":"[1]Pos!D4052","v":1440},{"$f":"[1]Pos!E4052","v":4.45}]
[{"$f":"[1]Pos!A4053","v":"5172P02"},{"$f":"[1]Pos!B4053","v":"PO-0019299"},{"$f":"[1]Pos!C4053","v":"CENT"},{"$f":"[1]Pos!D4053","v":1814.4},{"$f":"[1]Pos!E4053","v":4.3}]
[{"$f":"[1]Pos!A4054","v":"5172P03"},{"$f":"[1]Pos!B4054","v":"PO-0019296"},{"$f":"[1]Pos!C4054","v":"DESC"},{"$f":"[1]Pos!D4054","v":2121.6},{"$f":"[1]Pos!E4054","v":6.35}]
[{"$f":"[1]Pos!A4055","v":"5173B01"},{"$f":"[1]Pos!B4055","v":"PO-0019292"},{"$f":"[1]Pos!C4055","v":"DECA"},{"$f":"[1]Pos!D4055","v":162.63999999999999},{"$f":"[1]Pos!E4055","v":3.37}]
[{"$f":"[1]Pos!A4056","v":"5173B02"},{"$f":"[1]Pos!B4056","v":"PO-0019294"},{"$f":"[1]Pos!C4056","v":"DECA"},{"$f":"[1]Pos!D4056","v":80.66},{"$f":"[1]Pos!E4056","v":3.25}]
[{"$f":"[1]Pos!A4057","v":"5173EM01"},{"$f":"[1]Pos!B4057","v":"PO-0019281"},{"$f":"[1]Pos!C4057","v":"BEL"},{"$f":"[1]Pos!D4057","v":500},{"$f":"[1]Pos!E4057","v":1.32}]
[{"$f":"[1]Pos!A4058","v":"5173EM02"},{"$f":"[1]Pos!B4058","v":"PO-0019281"},{"$f":"[1]Pos!C4058","v":"BEL"},{"$f":"[1]Pos!D4058","v":1200},{"$f":"[1]Pos!E4058","v":0.432}]
[{"$f":"[1]Pos!A4059","v":"5173EM03"},{"$f":"[1]Pos!B4059","v":"PO-0019281"},{"$f":"[1]Pos!C4059","v":"BEL"},{"$f":"[1]Pos!D4059","v":600},{"$f":"[1]Pos!E4059","v":0.64500000000000002}]
[{"$f":"[1]Pos!A4060","v":"5173EM04"},{"$f":"[1]Pos!B4060","v":"PO-0019281"},{"$f":"[1]Pos!C4060","v":"BEL"},{"$f":"[1]Pos!D4060","v":600},{"$f":"[1]Pos!E4060","v":0.64500000000000002}]
[{"$f":"[1]Pos!A4061","v":"5173EM05"},{"$f":"[1]Pos!B4061","v":"PO-0019281"},{"$f":"[1]Pos!C4061","v":"BEL"},{"$f":"[1]Pos!D4061","v":1200},{"$f":"[1]Pos!E4061","v":0.626}]
[{"$f":"[1]Pos!A4062","v":"5173P01"},{"$f":"[1]Pos!B4062","v":"PO-0019293"},{"$f":"[1]Pos!C4062","v":"ACCU"},{"$f":"[1]Pos!D4062","v":2160},{"$f":"[1]Pos!E4062","v":4.6500000000000004}]
[{"$f":"[1]Pos!A4063","v":"5173P02"},{"$f":"[1]Pos!B4063","v":"PO-0019315"},{"$f":"[1]Pos!C4063","v":"CENT"},{"$f":"[1]Pos!D4063","v":1814.4},{"$f":"[1]Pos!E4063","v":4.3}]
[{"$f":"[1]Pos!A4064","v":"5174B01"},{"$f":"[1]Pos!B4064","v":"PO-0019305"},{"$f":"[1]Pos!C4064","v":"DECA"},{"$f":"[1]Pos!D4064","v":146.78},{"$f":"[1]Pos!E4064","v":3.29}]
[{"$f":"[1]Pos!A4065","v":"5174B02"},{"$f":"[1]Pos!B4065","v":"PO-0019288"},{"$f":"[1]Pos!C4065","v":"RYDI"},{"$f":"[1]Pos!D4065","v":330},{"$f":"[1]Pos!E4065","v":8.27}]
[{"$f":"[1]Pos!A4066","v":"5174B03"},{"$f":"[1]Pos!B4066","v":"PO-0019291"},{"$f":"[1]Pos!C4066","v":"LARO"},{"$f":"[1]Pos!D4066","v":765},{"$f":"[1]Pos!E4066","v":8.15}]
[{"$f":"[1]Pos!A4067","v":"5174B04"},{"$f":"[1]Pos!B4067","v":"PO-0019648"},{"$f":"[1]Pos!C4067","v":"C&C"},{"$f":"[1]Pos!D4067","v":2034.5},{"$f":"[1]Pos!E4067","v":8.75}]
[{"$f":"[1]Pos!A4068","v":"5174B05"},{"$f":"[1]Pos!B4068","v":"PO-0020030"},{"$f":"[1]Pos!C4068","v":"DECA"},{"$f":"[1]Pos!D4068","v":30.027815},{"$f":"[1]Pos!E4068","v":5.5}]
[{"$f":"[1]Pos!A4069","v":"5174B06"},{"$f":"[1]Pos!B4069","v":"PO-0020093"},{"$f":"[1]Pos!C4069","v":"DECA"},{"$f":"[1]Pos!D4069","v":2071.1960290000002},{"$f":"[1]Pos!E4069","v":4.99}]
[{"$f":"[1]Pos!A4070","v":"5174P01"},{"$f":"[1]Pos!B4070","v":"PO-0019297"},{"$f":"[1]Pos!C4070","v":"EXCE"},{"$f":"[1]Pos!D4070","v":1930.34},{"$f":"[1]Pos!E4070","v":4.5}]
[{"$f":"[1]Pos!A4071","v":"5174P02"},{"$f":"[1]Pos!B4071","v":"PO-0019295"},{"$f":"[1]Pos!C4071","v":"EXCE"},{"$f":"[1]Pos!D4071","v":136.88999999999999},{"$f":"[1]Pos!E4071","v":4.04}]
[{"$f":"[1]Pos!A4072","v":"5174P03"},{"$f":"[1]Pos!B4072","v":"PO-0019295"},{"$f":"[1]Pos!C4072","v":"EXCE"},{"$f":"[1]Pos!D4072","v":366.63},{"$f":"[1]Pos!E4072","v":4.75}]
[{"$f":"[1]Pos!A4073","v":"5174P04"},{"$f":"[1]Pos!B4073","v":"PO-0019298"},{"$f":"[1]Pos!C4073","v":"ACCU"},{"$f":"[1]Pos!D4073","v":2160},{"$f":"[1]Pos!E4073","v":4.6500000000000004}]
[{"$f":"[1]Pos!A4074","v":"5174P05"},{"$f":"[1]Pos!B4074","v":"PO-0019304"},{"$f":"[1]Pos!C4074","v":"CENT"},{"$f":"[1]Pos!D4074","v":1708.22},{"$f":"[1]Pos!E4074","v":4.5999999999999996}]
[{"$f":"[1]Pos!A4075","v":"5174P06"},{"$f":"[1]Pos!B4075","v":"PO-0019315"},{"$f":"[1]Pos!C4075","v":"CENT"},{"$f":"[1]Pos!D4075","v":4082.4},{"$f":"[1]Pos!E4075","v":6.5}]
[{"$f":"[1]Pos!A4076","v":"5174P07"},{"$f":"[1]Pos!B4076","v":"PO-0019311"},{"$f":"[1]Pos!C4076","v":"DESC"},{"$f":"[1]Pos!D4076","v":10146.6},{"$f":"[1]Pos!E4076","v":4.3499999999999996}]
[{"$f":"[1]Pos!A4077","v":"5175AS01"},{"$f":"[1]Pos!B4077","v":"PO-0019300"},{"$f":"[1]Pos!C4077","v":"MONTO"},{"$f":"[1]Pos!D4077","v":250},{"$f":"[1]Pos!E4077","v":7.94}]
[{"$f":"[1]Pos!A4078","v":"5175B01"},{"$f":"[1]Pos!B4078","v":"PO-0019335"},{"$f":"[1]Pos!C4078","v":"CAR"},{"$f":"[1]Pos!D4078","v":1427.15},{"$f":"[1]Pos!E4078","v":3.94}]
[{"$f":"[1]Pos!A4079","v":"5175B02"},{"$f":"[1]Pos!B4079","v":"PO-0019367"},{"$f":"[1]Pos!C4079","v":"DECA"},{"$f":"[1]Pos!D4079","v":1875.56},{"$f":"[1]Pos!E4079","v":7.29}]
[{"$f":"[1]Pos!A4080","v":"5175B03"},{"$f":"[1]Pos!B4080","v":"PO-0019407"},{"$f":"[1]Pos!C4080","v":"DECA"},{"$f":"[1]Pos!D4080","v":4317.0600000000004},{"$f":"[1]Pos!E4080","v":7.29}]
[{"$f":"[1]Pos!A4081","v":"5175B04"},{"$f":"[1]Pos!B4081","v":"PO-0019758"},{"$f":"[1]Pos!C4081","v":"C&C"},{"$f":"[1]Pos!D4081","v":1891.3},{"$f":"[1]Pos!E4081","v":8.49}]
[{"$f":"[1]Pos!A4082","v":"5175P01"},{"$f":"[1]Pos!B4082","v":"PO-0019303"},{"$f":"[1]Pos!C4082","v":"EXCE"},{"$f":"[1]Pos!D4082","v":1925.94},{"$f":"[1]Pos!E4082","v":4.75}]
[{"$f":"[1]Pos!A4083","v":"5175P02"},{"$f":"[1]Pos!B4083","v":"PO-0019302"},{"$f":"[1]Pos!C4083","v":"EXCE"},{"$f":"[1]Pos!D4083","v":7121.46},{"$f":"[1]Pos!E4083","v":4.5}]
[{"$f":"[1]Pos!A4084","v":"5175P03"},{"$f":"[1]Pos!B4084","v":"PO-0019302"},{"$f":"[1]Pos!C4084","v":"EXCE"},{"$f":"[1]Pos!D4084","v":363.54},{"$f":"[1]Pos!E4084","v":3}]
[{"$f":"[1]Pos!A4085","v":"5175P04"},{"$f":"[1]Pos!B4085","v":"PO-0019312"},{"$f":"[1]Pos!C4085","v":"DESC"},{"$f":"[1]Pos!D4085","v":10886.4},{"$f":"[1]Pos!E4085","v":7.25}]
[{"$f":"[1]Pos!A4086","v":"5175P05"},{"$f":"[1]Pos!B4086","v":"PO-0019316"},{"$f":"[1]Pos!C4086","v":"CENT"},{"$f":"[1]Pos!D4086","v":907.2},{"$f":"[1]Pos!E4086","v":4.4000000000000004}]
[{"$f":"[1]Pos!A4087","v":"5175P06"},{"$f":"[1]Pos!B4087","v":"PO-0019314"},{"$f":"[1]Pos!C4087","v":"MOND"},{"$f":"[1]Pos!D4087","v":2857.5},{"$f":"[1]Pos!E4087","v":6.15}]
[{"$f":"[1]Pos!A4088","v":"5176D01"},{"$f":"[1]Pos!B4088","v":"PO-0019309"},{"$f":"[1]Pos!C4088","v":"ALIMPLUS"},{"$f":"[1]Pos!D4088","v":10},{"$f":"[1]Pos!E4088","v":7.5}]
[{"$f":"[1]Pos!A4089","v":"5176EM01"},{"$f":"[1]Pos!B4089","v":"PO-0019307"},{"$f":"[1]Pos!C4089","v":"BEL"},{"$f":"[1]Pos!D4089","v":1224},{"$f":"[1]Pos!E4089","v":0.69099999999999995}]
[{"$f":"[1]Pos!A4090","v":"5176EM02"},{"$f":"[1]Pos!B4090","v":"PO-0019307"},{"$f":"[1]Pos!C4090","v":"BEL"},{"$f":"[1]Pos!D4090","v":1200},{"$f":"[1]Pos!E4090","v":0.626}]
[{"$f":"[1]Pos!A4091","v":"5176EM03"},{"$f":"[1]Pos!B4091","v":"PO-0019285"},{"$f":"[1]Pos!C4091","v":"UNIP"},{"$f":"[1]Pos!D4091","v":14400},{"$f":"[1]Pos!E4091","v":0.29499999999999998}]
[{"$f":"[1]Pos!A4092","v":"5176EM04"},{"$f":"[1]Pos!B4092","v":"PO-0019285"},{"$f":"[1]Pos!C4092","v":"UNIP"},{"$f":"[1]Pos!D4092","v":420000},{"$f":"[1]Pos!E4092","v":6.4999999999999997E-3}]
[{"$f":"[1]Pos!A4093","v":"5176EM05"},{"$f":"[1]Pos!B4093","v":"PO-0019285"},{"$f":"[1]Pos!C4093","v":"UNIP"},{"$f":"[1]Pos!D4093","v":112000},{"$f":"[1]Pos!E4093","v":9.75E-3}]
[{"$f":"[1]Pos!A4094","v":"5176P01"},{"$f":"[1]Pos!B4094","v":"PO-0019323"},{"$f":"[1]Pos!C4094","v":"CENT"},{"$f":"[1]Pos!D4094","v":1423.51},{"$f":"[1]Pos!E4094","v":4.5}]
[{"$f":"[1]Pos!A4095","v":"5176P02"},{"$f":"[1]Pos!B4095","v":"PO-0019323"},{"$f":"[1]Pos!C4095","v":"CENT"},{"$f":"[1]Pos!D4095","v":1814.4},{"$f":"[1]Pos!E4095","v":4.4000000000000004}]
[{"$f":"[1]Pos!A4096","v":"5176P03"},{"$f":"[1]Pos!B4096","v":"PO-0019324"},{"$f":"[1]Pos!C4096","v":"ACCU"},{"$f":"[1]Pos!D4096","v":1404},{"$f":"[1]Pos!E4096","v":4.45}]
[{"$f":"[1]Pos!A4097","v":"5176P04"},{"$f":"[1]Pos!B4097","v":"PO-0019327"},{"$f":"[1]Pos!C4097","v":"CENT"},{"$f":"[1]Pos!D4097","v":1814.4},{"$f":"[1]Pos!E4097","v":4.4000000000000004}]
[{"$f":"[1]Pos!A4098","v":"5176P05"},{"$f":"[1]Pos!B4098","v":"PO-0019338"},{"$f":"[1]Pos!C4098","v":"CENT"},{"$f":"[1]Pos!D4098","v":3628.8},{"$f":"[1]Pos!E4098","v":4.4000000000000004}]
[{"$f":"[1]Pos!A4099","v":"5177P01"},{"$f":"[1]Pos!B4099","v":"PO-0019327"},{"$f":"[1]Pos!C4099","v":"CENT"},{"$f":"[1]Pos!D4099","v":1283.53},{"$f":"[1]Pos!E4099","v":4.6500000000000004}]
[{"$f":"[1]Pos!A4100","v":"5182AS01"},{"$f":"[1]Pos!B4100","v":"PO-0019350"},{"$f":"[1]Pos!C4100","v":"BSA"},{"$f":"[1]Pos!D4100","v":120},{"$f":"[1]Pos!E4100","v":12.59}]
[{"$f":"[1]Pos!A4101","v":"5182B01"},{"$f":"[1]Pos!B4101","v":"PO-0019332"},{"$f":"[1]Pos!C4101","v":"RYDI"},{"$f":"[1]Pos!D4101","v":324},{"$f":"[1]Pos!E4101","v":8.27}]
[{"$f":"[1]Pos!A4102","v":"5182B02"},{"$f":"[1]Pos!B4102","v":"PO-0019366"},{"$f":"[1]Pos!C4102","v":"WHIT"},{"$f":"[1]Pos!D4102","v":71.84},{"$f":"[1]Pos!E4102","v":10.5}]
[{"$f":"[1]Pos!A4103","v":"5182B03"},{"$f":"[1]Pos!B4103","v":"PO-0019816"},{"$f":"[1]Pos!C4103","v":"C&C"},{"$f":"[1]Pos!D4103","v":848.4},{"$f":"[1]Pos!E4103","v":8.49}]
[{"$f":"[1]Pos!A4104","v":"5182B04"},{"$f":"[1]Pos!B4104","v":"PO-0020298"},{"$f":"[1]Pos!C4104","v":"C&C"},{"$f":"[1]Pos!D4104","v":23.67},{"$f":"[1]Pos!E4104","v":8.2899999999999991}]
[{"$f":"[1]Pos!A4105","v":"5182B05"},{"$f":"[1]Pos!B4105","v":"PO-0020324"},{"$f":"[1]Pos!C4105","v":"C&C"},{"$f":"[1]Pos!D4105","v":3521.34},{"$f":"[1]Pos!E4105","v":8.2899999999999991}]
[{"$f":"[1]Pos!A4106","v":"5182B06"},{"$f":"[1]Pos!B4106","v":"PO-0020325"},{"$f":"[1]Pos!C4106","v":"C&C"},{"$f":"[1]Pos!D4106","v":4793},{"$f":"[1]Pos!E4106","v":8.2899999999999991}]
[{"$f":"[1]Pos!A4107","v":"5182B07"},{"$f":"[1]Pos!B4107","v":"PO-0021170"},{"$f":"[1]Pos!C4107","v":"ALIMPLUS"},{"$f":"[1]Pos!D4107","v":2411.23},{"$f":"[1]Pos!E4107","v":3.85}]
[{"$f":"[1]Pos!A4108","v":"5182B08"},{"$f":"[1]Pos!B4108","v":"PO-0021172"},{"$f":"[1]Pos!C4108","v":99},{"$f":"[1]Pos!D4108","v":2411.23},{"$f":"[1]Pos!E4108","v":3.85}]
[{"$f":"[1]Pos!A4109","v":"5182B09"},{"$f":"[1]Pos!B4109","v":"PO-0021219"},{"$f":"[1]Pos!C4109","v":"ALIMPLUS"},{"$f":"[1]Pos!D4109","v":3688.48},{"$f":"[1]Pos!E4109","v":3.85}]
[{"$f":"[1]Pos!A4110","v":"5182P01"},{"$f":"[1]Pos!B4110","v":"PO-0019319"},{"$f":"[1]Pos!C4110","v":99},{"$f":"[1]Pos!D4110","v":181.4},{"$f":"[1]Pos!E4110","v":5.79}]
[{"$f":"[1]Pos!A4111","v":"5182P02"},{"$f":"[1]Pos!B4111","v":"PO-0019313"},{"$f":"[1]Pos!C4111","v":"MOND"},{"$f":"[1]Pos!D4111","v":5796},{"$f":"[1]Pos!E4111","v":6.45}]
[{"$f":"[1]Pos!A4112","v":"5182P03"},{"$f":"[1]Pos!B4112","v":"PO-0019313"},{"$f":"[1]Pos!C4112","v":"MOND"},{"$f":"[1]Pos!D4112","v":828},{"$f":"[1]Pos!E4112","v":6.45}]
[{"$f":"[1]Pos!A4113","v":"5182P04"},{"$f":"[1]Pos!B4113","v":"PO-0019325"},{"$f":"[1]Pos!C4113","v":"ACCU"},{"$f":"[1]Pos!D4113","v":1041.56},{"$f":"[1]Pos!E4113","v":3.3}]
[{"$f":"[1]Pos!A4114","v":"5182P05"},{"$f":"[1]Pos!B4114","v":"PO-0019338"},{"$f":"[1]Pos!C4114","v":"CENT"},{"$f":"[1]Pos!D4114","v":663.84},{"$f":"[1]Pos!E4114","v":3.5}]
[{"$f":"[1]Pos!A4115","v":"5183B01"},{"$f":"[1]Pos!B4115","v":"PO-0019366"},{"$f":"[1]Pos!C4115","v":"WHIT"},{"$f":"[1]Pos!D4115","v":167.68},{"$f":"[1]Pos!E4115","v":14.5}]
[{"$f":"[1]Pos!A4116","v":"5183B02"},{"$f":"[1]Pos!B4116","v":"PO-0019929"},{"$f":"[1]Pos!C4116","v":"C&C"},{"$f":"[1]Pos!D4116","v":2474.1},{"$f":"[1]Pos!E4116","v":8.25}]
[{"$f":"[1]Pos!A4117","v":"5183B03"},{"$f":"[1]Pos!B4117","v":"PO-0020323"},{"$f":"[1]Pos!C4117","v":"C&C"},{"$f":"[1]Pos!D4117","v":2298.9499999999998},{"$f":"[1]Pos!E4117","v":8.2899999999999991}]
[{"$f":"[1]Pos!A4118","v":"5183EM01"},{"$f":"[1]Pos!B4118","v":"PO-0019322"},{"$f":"[1]Pos!C4118","v":"BEL"},{"$f":"[1]Pos!D4118","v":2000},{"$f":"[1]Pos!E4118","v":0.69099999999999995}]
[{"$f":"[1]Pos!A4119","v":"5183EM02"},{"$f":"[1]Pos!B4119","v":"PO-0019322"},{"$f":"[1]Pos!C4119","v":"BEL"},{"$f":"[1]Pos!D4119","v":1200},{"$f":"[1]Pos!E4119","v":0.48}]
[{"$f":"[1]Pos!A4120","v":"5183EM03"},{"$f":"[1]Pos!B4120","v":"PO-0019322"},{"$f":"[1]Pos!C4120","v":"BEL"},{"$f":"[1]Pos!D4120","v":500},{"$f":"[1]Pos!E4120","v":0.6}]
[{"$f":"[1]Pos!A4121","v":"5183EM04"},{"$f":"[1]Pos!B4121","v":"PO-0019322"},{"$f":"[1]Pos!C4121","v":"BEL"},{"$f":"[1]Pos!D4121","v":1200},{"$f":"[1]Pos!E4121","v":0.432}]
[{"$f":"[1]Pos!A4122","v":"5183P01"},{"$f":"[1]Pos!B4122","v":"PO-0019337"},{"$f":"[1]Pos!C4122","v":99},{"$f":"[1]Pos!D4122","v":920},{"$f":"[1]Pos!E4122","v":6.85}]
[{"$f":"[1]Pos!A4123","v":"5183P02"},{"$f":"[1]Pos!B4123","v":"PO-0019339"},{"$f":"[1]Pos!C4123","v":"MOND"},{"$f":"[1]Pos!D4123","v":1269.8},{"$f":"[1]Pos!E4123","v":6.65}]
[{"$f":"[1]Pos!A4124","v":"5184AS01"},{"$f":"[1]Pos!B4124","v":"PO-0020584"},{"$f":"[1]Pos!C4124","v":"BSA"},{"$f":"[1]Pos!D4124","v":100},{"$f":"[1]Pos!E4124","v":2.78}]
[{"$f":"[1]Pos!A4125","v":"5184B01"},{"$f":"[1]Pos!B4125","v":"PO-0019326"},{"$f":"[1]Pos!C4125","v":"BOUC"},{"$f":"[1]Pos!D4125","v":170.2},{"$f":"[1]Pos!E4125","v":3.48}]
[{"$f":"[1]Pos!A4126","v":"5184B02"},{"$f":"[1]Pos!B4126","v":"PO-0019336"},{"$f":"[1]Pos!C4126","v":"DECA"},{"$f":"[1]Pos!D4126","v":143.79},{"$f":"[1]Pos!E4126","v":7.22}]
[{"$f":"[1]Pos!A4127","v":"5184B03"},{"$f":"[1]Pos!B4127","v":"PO-0019341"},{"$f":"[1]Pos!C4127","v":"DECA"},{"$f":"[1]Pos!D4127","v":37.880000000000003},{"$f":"[1]Pos!E4127","v":2.88}]
[{"$f":"[1]Pos!A4128","v":"5184B04"},{"$f":"[1]Pos!B4128","v":"PO-0019348"},{"$f":"[1]Pos!C4128","v":"DECA"},{"$f":"[1]Pos!D4128","v":117.82},{"$f":"[1]Pos!E4128","v":2.88}]
[{"$f":"[1]Pos!A4129","v":"5184B05"},{"$f":"[1]Pos!B4129","v":"PO-0019333"},{"$f":"[1]Pos!C4129","v":"RYDI"},{"$f":"[1]Pos!D4129","v":350.5},{"$f":"[1]Pos!E4129","v":8.27}]
[{"$f":"[1]Pos!A4130","v":"5184B06"},{"$f":"[1]Pos!B4130","v":"PO-0019500"},{"$f":"[1]Pos!C4130","v":"DECA"},{"$f":"[1]Pos!D4130","v":59.602037000000003},{"$f":"[1]Pos!E4130","v":18.45}]
[{"$f":"[1]Pos!A4131","v":"5184EM01"},{"$f":"[1]Pos!B4131","v":"PO-0019329"},{"$f":"[1]Pos!C4131","v":"HEAT"},{"$f":"[1]Pos!D4131","v":728},{"$f":"[1]Pos!E4131","v":0.15}]
[{"$f":"[1]Pos!A4132","v":"5184EM02"},{"$f":"[1]Pos!B4132","v":"PO-0019321"},{"$f":"[1]Pos!C4132","v":"BEL"},{"$f":"[1]Pos!D4132","v":1080},{"$f":"[1]Pos!E4132","v":0.44700000000000001}]
[{"$f":"[1]Pos!A4133","v":"5184P01"},{"$f":"[1]Pos!B4133","v":"PO-0019337"},{"$f":"[1]Pos!C4133","v":99},{"$f":"[1]Pos!D4133","v":816.64},{"$f":"[1]Pos!E4133","v":5.0999999999999996}]
[{"$f":"[1]Pos!A4134","v":"5184P02"},{"$f":"[1]Pos!B4134","v":"PO-0019334"},{"$f":"[1]Pos!C4134","v":"EXCE"},{"$f":"[1]Pos!D4134","v":1924.93},{"$f":"[1]Pos!E4134","v":4.8499999999999996}]
[{"$f":"[1]Pos!A4135","v":"5184P03"},{"$f":"[1]Pos!B4135","v":"PO-0019334"},{"$f":"[1]Pos!C4135","v":"EXCE"},{"$f":"[1]Pos!D4135","v":133.93},{"$f":"[1]Pos!E4135","v":4.04}]
[{"$f":"[1]Pos!A4136","v":"5184P04"},{"$f":"[1]Pos!B4136","v":"PO-0019342"},{"$f":"[1]Pos!C4136","v":"DESC"},{"$f":"[1]Pos!D4136","v":1500},{"$f":"[1]Pos!E4136","v":9.85}]
[{"$f":"[1]Pos!A4137","v":"5184P05"},{"$f":"[1]Pos!B4137","v":"PO-0019352"},{"$f":"[1]Pos!C4137","v":"DESC"},{"$f":"[1]Pos!D4137","v":3628.8},{"$f":"[1]Pos!E4137","v":7.25}]
[{"$f":"[1]Pos!A4138","v":"5185B01"},{"$f":"[1]Pos!B4138","v":"PO-0019351"},{"$f":"[1]Pos!C4138","v":"RYDI"},{"$f":"[1]Pos!D4138","v":1742},{"$f":"[1]Pos!E4138","v":8.3800000000000008}]
[{"$f":"[1]Pos!A4139","v":"5185B02"},{"$f":"[1]Pos!B4139","v":"PO-0019351"},{"$f":"[1]Pos!C4139","v":"RYDI"},{"$f":"[1]Pos!D4139","v":1711},{"$f":"[1]Pos!E4139","v":4.17}]
[{"$f":"[1]Pos!A4140","v":"5185B03"},{"$f":"[1]Pos!B4140","v":"PO-0019380"},{"$f":"[1]Pos!C4140","v":"DECA"},{"$f":"[1]Pos!D4140","v":98.36},{"$f":"[1]Pos!E4140","v":6.69}]
[{"$f":"[1]Pos!A4141","v":"5185B04"},{"$f":"[1]Pos!B4141","v":"PO-0019615"},{"$f":"[1]Pos!C4141","v":"DECA"},{"$f":"[1]Pos!D4141","v":144.24237400000001},{"$f":"[1]Pos!E4141","v":16.89}]
[{"$f":"[1]Pos!A4142","v":"5185B05"},{"$f":"[1]Pos!B4142","v":"PO-0019196"},{"$f":"[1]Pos!C4142","v":"CHIS"},{"$f":"[1]Pos!D4142","v":18291.84},{"$f":"[1]Pos!E4142","v":2.75}]
[{"$f":"[1]Pos!A4143","v":"5185B06"},{"$f":"[1]Pos!B4143","v":"PO-0020060"},{"$f":"[1]Pos!C4143","v":"C&C"},{"$f":"[1]Pos!D4143","v":983.1},{"$f":"[1]Pos!E4143","v":8.2899999999999991}]
[{"$f":"[1]Pos!A4144","v":"5185P01"},{"$f":"[1]Pos!B4144","v":"PO-0019349"},{"$f":"[1]Pos!C4144","v":"EXCE"},{"$f":"[1]Pos!D4144","v":3854.2},{"$f":"[1]Pos!E4144","v":4.8499999999999996}]
[{"$f":"[1]Pos!A4145","v":"5185P02"},{"$f":"[1]Pos!B4145","v":"PO-0019355"},{"$f":"[1]Pos!C4145","v":"EXCE"},{"$f":"[1]Pos!D4145","v":366.14},{"$f":"[1]Pos!E4145","v":3.3}]
[{"$f":"[1]Pos!A4146","v":"5185P03"},{"$f":"[1]Pos!B4146","v":"PO-0019356"},{"$f":"[1]Pos!C4146","v":"CENT"},{"$f":"[1]Pos!D4146","v":1814.4},{"$f":"[1]Pos!E4146","v":4.7}]
[{"$f":"[1]Pos!A4147","v":"5185P04"},{"$f":"[1]Pos!B4147","v":"PO-0019358"},{"$f":"[1]Pos!C4147","v":"ACCU"},{"$f":"[1]Pos!D4147","v":1265.18},{"$f":"[1]Pos!E4147","v":3.4}]
[{"$f":"[1]Pos!A4148","v":"5186B01"},{"$f":"[1]Pos!B4148","v":"PO-0019438"},{"$f":"[1]Pos!C4148","v":"DECA"},{"$f":"[1]Pos!D4148","v":32.36},{"$f":"[1]Pos!E4148","v":8.89}]
[{"$f":"[1]Pos!A4149","v":"5186B02"},{"$f":"[1]Pos!B4149","v":"PO-0019439"},{"$f":"[1]Pos!C4149","v":"ALIMO"},{"$f":"[1]Pos!D4149","v":902.7},{"$f":"[1]Pos!E4149","v":5.4}]
[{"$f":"[1]Pos!A4150","v":"5186B03"},{"$f":"[1]Pos!B4150","v":"PO-0019536"},{"$f":"[1]Pos!C4150","v":"DECA"},{"$f":"[1]Pos!D4150","v":160.13999999999999},{"$f":"[1]Pos!E4150","v":10.75}]
[{"$f":"[1]Pos!A4151","v":"5186B04"},{"$f":"[1]Pos!B4151","v":"PO-0019548"},{"$f":"[1]Pos!C4151","v":"DECA"},{"$f":"[1]Pos!D4151","v":317.14999999999998},{"$f":"[1]Pos!E4151","v":10.75}]
[{"$f":"[1]Pos!A4152","v":"5186B05"},{"$f":"[1]Pos!B4152","v":"PO-0020092"},{"$f":"[1]Pos!C4152","v":"C&C"},{"$f":"[1]Pos!D4152","v":2000.2},{"$f":"[1]Pos!E4152","v":8.2899999999999991}]
[{"$f":"[1]Pos!A4153","v":"5186B06"},{"$f":"[1]Pos!B4153","v":"PO-0020192"},{"$f":"[1]Pos!C4153","v":"CHIS"},{"$f":"[1]Pos!D4153","v":18994.400000000001},{"$f":"[1]Pos!E4153","v":1.92}]
[{"$f":"[1]Pos!A4154","v":"5186B07"},{"$f":"[1]Pos!B4154","v":"PO-0020259"},{"$f":"[1]Pos!C4154","v":"C&C"},{"$f":"[1]Pos!D4154","v":2156.3000000000002},{"$f":"[1]Pos!E4154","v":8.2899999999999991}]
[{"$f":"[1]Pos!A4155","v":"5186B08"},{"$f":"[1]Pos!B4155","v":"PO-0020512"},{"$f":"[1]Pos!C4155","v":"DECA"},{"$f":"[1]Pos!D4155","v":68},{"$f":"[1]Pos!E4155","v":1.75}]
[{"$f":"[1]Pos!A4156","v":"5186B09"},{"$f":"[1]Pos!B4156","v":"PO-0020701"},{"$f":"[1]Pos!C4156","v":"C&C"},{"$f":"[1]Pos!D4156","v":2560.4},{"$f":"[1]Pos!E4156","v":8.2899999999999991}]
[{"$f":"[1]Pos!A4157","v":"5186EM01"},{"$f":"[1]Pos!B4157","v":"PO-0019345"},{"$f":"[1]Pos!C4157","v":"BEL"},{"$f":"[1]Pos!D4157","v":1000},{"$f":"[1]Pos!E4157","v":0.69099999999999995}]
[{"$f":"[1]Pos!A4158","v":"5186EM02"},{"$f":"[1]Pos!B4158","v":"PO-0019345"},{"$f":"[1]Pos!C4158","v":"BEL"},{"$f":"[1]Pos!D4158","v":500},{"$f":"[1]Pos!E4158","v":0.6}]
[{"$f":"[1]Pos!A4159","v":"5186EM03"},{"$f":"[1]Pos!B4159","v":"PO-0019345"},{"$f":"[1]Pos!C4159","v":"BEL"},{"$f":"[1]Pos!D4159","v":832},{"$f":"[1]Pos!E4159","v":0.52900000000000003}]
[{"$f":"[1]Pos!A4160","v":"5186P01"},{"$f":"[1]Pos!B4160","v":"PO-0019355"},{"$f":"[1]Pos!C4160","v":"EXCE"},{"$f":"[1]Pos!D4160","v":133.88999999999999},{"$f":"[1]Pos!E4160","v":4.04}]
[{"$f":"[1]Pos!A4161","v":"5186P02"},{"$f":"[1]Pos!B4161","v":"PO-0019352"},{"$f":"[1]Pos!C4161","v":"DESC"},{"$f":"[1]Pos!D4161","v":5443.2},{"$f":"[1]Pos!E4161","v":6.85}]
[{"$f":"[1]Pos!A4162","v":"5186P03"},{"$f":"[1]Pos!B4162","v":"PO-0019359"},{"$f":"[1]Pos!C4162","v":"ACCU"},{"$f":"[1]Pos!D4162","v":1260},{"$f":"[1]Pos!E4162","v":4.8499999999999996}]
[{"$f":"[1]Pos!A4163","v":"5187P01"},{"$f":"[1]Pos!B4163","v":"PO-0019355"},{"$f":"[1]Pos!C4163","v":"EXCE"},{"$f":"[1]Pos!D4163","v":1376.46},{"$f":"[1]Pos!E4163","v":4.9000000000000004}]
[{"$f":"[1]Pos!A4164","v":"5192AS01"},{"$f":"[1]Pos!B4164","v":"PO-0019350"},{"$f":"[1]Pos!C4164","v":"BSA"},{"$f":"[1]Pos!D4164","v":108},{"$f":"[1]Pos!E4164","v":6.34}]
[{"$f":"[1]Pos!A4165","v":"5192AS02"},{"$f":"[1]Pos!B4165","v":"PO-0019350"},{"$f":"[1]Pos!C4165","v":"BSA"},{"$f":"[1]Pos!D4165","v":20},{"$f":"[1]Pos!E4165","v":0.39}]
[{"$f":"[1]Pos!A4166","v":"5192AS03"},{"$f":"[1]Pos!B4166","v":"PO-0019350"},{"$f":"[1]Pos!C4166","v":"BSA"},{"$f":"[1]Pos!D4166","v":25},{"$f":"[1]Pos!E4166","v":2.78}]
[{"$f":"[1]Pos!A4167","v":"5192B01"},{"$f":"[1]Pos!B4167","v":"PO-0019366"},{"$f":"[1]Pos!C4167","v":"WHIT"},{"$f":"[1]Pos!D4167","v":93},{"$f":"[1]Pos!E4167","v":8.9}]
[{"$f":"[1]Pos!A4168","v":"5192B02"},{"$f":"[1]Pos!B4168","v":"PO-0019373"},{"$f":"[1]Pos!C4168","v":"RYDI"},{"$f":"[1]Pos!D4168","v":337},{"$f":"[1]Pos!E4168","v":8.27}]
[{"$f":"[1]Pos!A4169","v":"5192B03"},{"$f":"[1]Pos!B4169","v":"PO-0019375"},{"$f":"[1]Pos!C4169","v":"RYDI"},{"$f":"[1]Pos!D4169","v":2558},{"$f":"[1]Pos!E4169","v":8.27}]
[{"$f":"[1]Pos!A4170","v":"5192B04"},{"$f":"[1]Pos!B4170","v":"PO-0019375"},{"$f":"[1]Pos!C4170","v":"RYDI"},{"$f":"[1]Pos!D4170","v":855.5},{"$f":"[1]Pos!E4170","v":4.17}]
[{"$f":"[1]Pos!A4171","v":"5192B05"},{"$f":"[1]Pos!B4171","v":"PO-0019374"},{"$f":"[1]Pos!C4171","v":"DECA"},{"$f":"[1]Pos!D4171","v":40.44},{"$f":"[1]Pos!E4171","v":2.88}]
[{"$f":"[1]Pos!A4172","v":"5192B06"},{"$f":"[1]Pos!B4172","v":"PO-0019374"},{"$f":"[1]Pos!C4172","v":"DECA"},{"$f":"[1]Pos!D4172","v":167.3},{"$f":"[1]Pos!E4172","v":3.51}]
[{"$f":"[1]Pos!A4173","v":"5192B07"},{"$f":"[1]Pos!B4173","v":"PO-0020042"},{"$f":"[1]Pos!C4173","v":"C&C"},{"$f":"[1]Pos!D4173","v":1028.45},{"$f":"[1]Pos!E4173","v":8.5500000000000007}]
[{"$f":"[1]Pos!A4174","v":"5192P01"},{"$f":"[1]Pos!B4174","v":"PO-0019340"},{"$f":"[1]Pos!C4174","v":"MOND"},{"$f":"[1]Pos!D4174","v":2721.6},{"$f":"[1]Pos!E4174","v":6.75}]
[{"$f":"[1]Pos!A4175","v":"5192P02"},{"$f":"[1]Pos!B4175","v":"PO-0019340"},{"$f":"[1]Pos!C4175","v":"MOND"},{"$f":"[1]Pos!D4175","v":1750},{"$f":"[1]Pos!E4175","v":6.35}]
[{"$f":"[1]Pos!A4176","v":"5192P03"},{"$f":"[1]Pos!B4176","v":"PO-0019364"},{"$f":"[1]Pos!C4176","v":"EXCE"},{"$f":"[1]Pos!D4176","v":1926.82},{"$f":"[1]Pos!E4176","v":4.9000000000000004}]
[{"$f":"[1]Pos!A4177","v":"5192P04"},{"$f":"[1]Pos!B4177","v":"PO-0019363"},{"$f":"[1]Pos!C4177","v":"CENT"},{"$f":"[1]Pos!D4177","v":1990.48},{"$f":"[1]Pos!E4177","v":4.5999999999999996}]
[{"$f":"[1]Pos!A4178","v":"5192P05"},{"$f":"[1]Pos!B4178","v":"PO-0019361"},{"$f":"[1]Pos!C4178","v":"ACCU"},{"$f":"[1]Pos!D4178","v":1440},{"$f":"[1]Pos!E4178","v":4.45}]
[{"$f":"[1]Pos!A4179","v":"5192P06"},{"$f":"[1]Pos!B4179","v":"PO-0019361"},{"$f":"[1]Pos!C4179","v":"ACCU"},{"$f":"[1]Pos!D4179","v":144},{"$f":"[1]Pos!E4179","v":3.4}]
[{"$f":"[1]Pos!A4180","v":"5192P07"},{"$f":"[1]Pos!B4180","v":"PO-0019340"},{"$f":"[1]Pos!C4180","v":"MOND"},{"$f":"[1]Pos!D4180","v":907.2},{"$f":"[1]Pos!E4180","v":6.75}]
[{"$f":"[1]Pos!A4181","v":"5193B01"},{"$f":"[1]Pos!B4181","v":"PO-0019412"},{"$f":"[1]Pos!C4181","v":"DECA"},{"$f":"[1]Pos!D4181","v":115.575335},{"$f":"[1]Pos!E4181","v":3.77}]
[{"$f":"[1]Pos!A4182","v":"5193B02"},{"$f":"[1]Pos!B4182","v":"PO-0019420"},{"$f":"[1]Pos!C4182","v":"GEOR"},{"$f":"[1]Pos!D4182","v":206.47},{"$f":"[1]Pos!E4182","v":16.989999999999998}]
[{"$f":"[1]Pos!A4183","v":"5193EM01"},{"$f":"[1]Pos!B4183","v":"PO-0019362"},{"$f":"[1]Pos!C4183","v":"BEL"},{"$f":"[1]Pos!D4183","v":1000},{"$f":"[1]Pos!E4183","v":0.69099999999999995}]
[{"$f":"[1]Pos!A4184","v":"5193EM02"},{"$f":"[1]Pos!B4184","v":"PO-0019362"},{"$f":"[1]Pos!C4184","v":"BEL"},{"$f":"[1]Pos!D4184","v":500},{"$f":"[1]Pos!E4184","v":1.32}]
[{"$f":"[1]Pos!A4185","v":"5193EM03"},{"$f":"[1]Pos!B4185","v":"PO-0019362"},{"$f":"[1]Pos!C4185","v":"BEL"},{"$f":"[1]Pos!D4185","v":2400},{"$f":"[1]Pos!E4185","v":0.432}]
[{"$f":"[1]Pos!A4186","v":"5193EM04"},{"$f":"[1]Pos!B4186","v":"PO-0019362"},{"$f":"[1]Pos!C4186","v":"BEL"},{"$f":"[1]Pos!D4186","v":1200},{"$f":"[1]Pos!E4186","v":0.626}]
[{"$f":"[1]Pos!A4187","v":"5193EM05"},{"$f":"[1]Pos!B4187","v":"PO-0019362"},{"$f":"[1]Pos!C4187","v":"BEL"},{"$f":"[1]Pos!D4187","v":1200},{"$f":"[1]Pos!E4187","v":0.48}]
[{"$f":"[1]Pos!A4188","v":"5193P01"},{"$f":"[1]Pos!B4188","v":"PO-0019340"},{"$f":"[1]Pos!C4188","v":"MOND"},{"$f":"[1]Pos!D4188","v":344.73},{"$f":"[1]Pos!E4188","v":6.35}]
[{"$f":"[1]Pos!A4189","v":"5193P02"},{"$f":"[1]Pos!B4189","v":"PO-0019340"},{"$f":"[1]Pos!C4189","v":"MOND"},{"$f":"[1]Pos!D4189","v":235.87},{"$f":"[1]Pos!E4189","v":6.75}]
[{"$f":"[1]Pos!A4190","v":"5193P03"},{"$f":"[1]Pos!B4190","v":"PO-0019370"},{"$f":"[1]Pos!C4190","v":"ACCU"},{"$f":"[1]Pos!D4190","v":630},{"$f":"[1]Pos!E4190","v":4.9000000000000004}]
[{"$f":"[1]Pos!A4191","v":"5193P04"},{"$f":"[1]Pos!B4191","v":"PO-0019370"},{"$f":"[1]Pos!C4191","v":"ACCU"},{"$f":"[1]Pos!D4191","v":2070},{"$f":"[1]Pos!E4191","v":4.9000000000000004}]
[{"$f":"[1]Pos!A4192","v":"5193P05"},{"$f":"[1]Pos!B4192","v":"PO-0019377"},{"$f":"[1]Pos!C4192","v":"SUNC"},{"$f":"[1]Pos!D4192","v":3628.8},{"$f":"[1]Pos!E4192","v":6.85}]
[{"$f":"[1]Pos!A4193","v":"5193P06"},{"$f":"[1]Pos!B4193","v":"PO-0019376"},{"$f":"[1]Pos!C4193","v":"EXCE"},{"$f":"[1]Pos!D4193","v":1285.8599999999999},{"$f":"[1]Pos!E4193","v":4.5999999999999996}]
[{"$f":"[1]Pos!A4194","v":"5193P07"},{"$f":"[1]Pos!B4194","v":"PO-0019385"},{"$f":"[1]Pos!C4194","v":"MOND"},{"$f":"[1]Pos!D4194","v":7475.32},{"$f":"[1]Pos!E4194","v":6.75}]
[{"$f":"[1]Pos!A4195","v":"5193P08"},{"$f":"[1]Pos!B4195","v":"PO-0019386"},{"$f":"[1]Pos!C4195","v":"MOND"},{"$f":"[1]Pos!D4195","v":72.569999999999993},{"$f":"[1]Pos!E4195","v":6.45}]
[{"$f":"[1]Pos!A4196","v":"5193P09"},{"$f":"[1]Pos!B4196","v":"PO-0019392"},{"$f":"[1]Pos!C4196","v":"CENT"},{"$f":"[1]Pos!D4196","v":907.2},{"$f":"[1]Pos!E4196","v":4.7}]
[{"$f":"[1]Pos!A4197","v":"5193P10"},{"$f":"[1]Pos!B4197","v":"PO-0019393"},{"$f":"[1]Pos!C4197","v":"DESC"},{"$f":"[1]Pos!D4197","v":3628.8},{"$f":"[1]Pos!E4197","v":7.25}]
[{"$f":"[1]Pos!A4198","v":"5193P11"},{"$f":"[1]Pos!B4198","v":"PO-0019394"},{"$f":"[1]Pos!C4198","v":"DESC"},{"$f":"[1]Pos!D4198","v":5443.2},{"$f":"[1]Pos!E4198","v":7.05}]
[{"$f":"[1]Pos!A4199","v":"5194AS01"},{"$f":"[1]Pos!B4199","v":"PO-0019427"},{"$f":"[1]Pos!C4199","v":"BSA"},{"$f":"[1]Pos!D4199","v":240},{"$f":"[1]Pos!E4199","v":12.59}]
[{"$f":"[1]Pos!A4200","v":"5194B01"},{"$f":"[1]Pos!B4200","v":"PO-0019389"},{"$f":"[1]Pos!C4200","v":"DECA"},{"$f":"[1]Pos!D4200","v":37.18},{"$f":"[1]Pos!E4200","v":2.88}]
[{"$f":"[1]Pos!A4201","v":"5194B02"},{"$f":"[1]Pos!B4201","v":"PO-0019372"},{"$f":"[1]Pos!C4201","v":"RYDI"},{"$f":"[1]Pos!D4201","v":361},{"$f":"[1]Pos!E4201","v":8.27}]
[{"$f":"[1]Pos!A4202","v":"5194B03"},{"$f":"[1]Pos!B4202","v":"PO-0019400"},{"$f":"[1]Pos!C4202","v":"LARO"},{"$f":"[1]Pos!D4202","v":294.14},{"$f":"[1]Pos!E4202","v":5.35}]
[{"$f":"[1]Pos!A4203","v":"5194B04"},{"$f":"[1]Pos!B4203","v":"PO-0019463"},{"$f":"[1]Pos!C4203","v":"DECA"},{"$f":"[1]Pos!D4203","v":45.41},{"$f":"[1]Pos!E4203","v":20.96}]
[{"$f":"[1]Pos!A4204","v":"5194P01"},{"$f":"[1]Pos!B4204","v":"PO-0019376"},{"$f":"[1]Pos!C4204","v":"EXCE"},{"$f":"[1]Pos!D4204","v":2754.5},{"$f":"[1]Pos!E4204","v":4.9000000000000004}]
[{"$f":"[1]Pos!A4205","v":"5194P02"},{"$f":"[1]Pos!B4205","v":"PO-0019376"},{"$f":"[1]Pos!C4205","v":"EXCE"},{"$f":"[1]Pos!D4205","v":133.97},{"$f":"[1]Pos!E4205","v":4.04}]
[{"$f":"[1]Pos!A4206","v":"5194P03"},{"$f":"[1]Pos!B4206","v":"PO-0019378"},{"$f":"[1]Pos!C4206","v":"EXCE"},{"$f":"[1]Pos!D4206","v":805.83},{"$f":"[1]Pos!E4206","v":3.3}]
[{"$f":"[1]Pos!A4207","v":"5194P04"},{"$f":"[1]Pos!B4207","v":"PO-0019384"},{"$f":"[1]Pos!C4207","v":"CENT"},{"$f":"[1]Pos!D4207","v":1931.7},{"$f":"[1]Pos!E4207","v":4.7}]
[{"$f":"[1]Pos!A4208","v":"5194P05"},{"$f":"[1]Pos!B4208","v":"PO-0019392"},{"$f":"[1]Pos!C4208","v":"CENT"},{"$f":"[1]Pos!D4208","v":183.26},{"$f":"[1]Pos!E4208","v":4.7}]
[{"$f":"[1]Pos!A4209","v":"5194P06"},{"$f":"[1]Pos!B4209","v":"PO-0019394"},{"$f":"[1]Pos!C4209","v":"DESC"},{"$f":"[1]Pos!D4209","v":7257.6},{"$f":"[1]Pos!E4209","v":7.3}]
[{"$f":"[1]Pos!A4210","v":"5195B01"},{"$f":"[1]Pos!B4210","v":"PO-0019382"},{"$f":"[1]Pos!C4210","v":"BOUC"},{"$f":"[1]Pos!D4210","v":171.02},{"$f":"[1]Pos!E4210","v":3.48}]
[{"$f":"[1]Pos!A4211","v":"5195B02"},{"$f":"[1]Pos!B4211","v":"PO-0019412"},{"$f":"[1]Pos!C4211","v":"DECA"},{"$f":"[1]Pos!D4211","v":22.37},{"$f":"[1]Pos!E4211","v":20.96}]
[{"$f":"[1]Pos!A4212","v":"5195B03"},{"$f":"[1]Pos!B4212","v":"PO-0019423"},{"$f":"[1]Pos!C4212","v":"DECA"},{"$f":"[1]Pos!D4212","v":225.526127},{"$f":"[1]Pos!E4212","v":3.77}]
[{"$f":"[1]Pos!A4213","v":"5195B04"},{"$f":"[1]Pos!B4213","v":"PO-0019500"},{"$f":"[1]Pos!C4213","v":"DECA"},{"$f":"[1]Pos!D4213","v":73.022499999999994},{"$f":"[1]Pos!E4213","v":3.71}]
[{"$f":"[1]Pos!A4214","v":"5195D01"},{"$f":"[1]Pos!B4214","v":"PO-0019402"},{"$f":"[1]Pos!C4214","v":"ALIMPLUS"},{"$f":"[1]Pos!D4214","v":30},{"$f":"[1]Pos!E4214","v":5.38}]
[{"$f":"[1]Pos!A4215","v":"5195EM01"},{"$f":"[1]Pos!B4215","v":"PO-0019381"},{"$f":"[1]Pos!C4215","v":"BEL"},{"$f":"[1]Pos!D4215","v":500},{"$f":"[1]Pos!E4215","v":0.52900000000000003}]
[{"$f":"[1]Pos!A4216","v":"5195EM02"},{"$f":"[1]Pos!B4216","v":"PO-0019381"},{"$f":"[1]Pos!C4216","v":"BEL"},{"$f":"[1]Pos!D4216","v":500},{"$f":"[1]Pos!E4216","v":0.746}]
[{"$f":"[1]Pos!A4217","v":"5195EM03"},{"$f":"[1]Pos!B4217","v":"PO-0019381"},{"$f":"[1]Pos!C4217","v":"BEL"},{"$f":"[1]Pos!D4217","v":1000},{"$f":"[1]Pos!E4217","v":0.69099999999999995}]
[{"$f":"[1]Pos!A4218","v":"5195EM04"},{"$f":"[1]Pos!B4218","v":"PO-0019381"},{"$f":"[1]Pos!C4218","v":"BEL"},{"$f":"[1]Pos!D4218","v":1200},{"$f":"[1]Pos!E4218","v":0.432}]
[{"$f":"[1]Pos!A4219","v":"5195EM05"},{"$f":"[1]Pos!B4219","v":"PO-0019381"},{"$f":"[1]Pos!C4219","v":"BEL"},{"$f":"[1]Pos!D4219","v":500},{"$f":"[1]Pos!E4219","v":0.6}]
[{"$f":"[1]Pos!A4220","v":"5195EM06"},{"$f":"[1]Pos!B4220","v":"PO-0019381"},{"$f":"[1]Pos!C4220","v":"BEL"},{"$f":"[1]Pos!D4220","v":912},{"$f":"[1]Pos!E4220","v":0.64500000000000002}]
[{"$f":"[1]Pos!A4221","v":"5195EM07"},{"$f":"[1]Pos!B4221","v":"PO-0019381"},{"$f":"[1]Pos!C4221","v":"BEL"},{"$f":"[1]Pos!D4221","v":600},{"$f":"[1]Pos!E4221","v":0.01}]
[{"$f":"[1]Pos!A4222","v":"5195EM08"},{"$f":"[1]Pos!B4222","v":"PO-0020607"},{"$f":"[1]Pos!C4222","v":"HEAT"},{"$f":"[1]Pos!D4222","v":4000},{"$f":"[1]Pos!E4222","v":0.19500000000000001}]
[{"$f":"[1]Pos!A4223","v":"5195P01"},{"$f":"[1]Pos!B4223","v":"PO-0019399"},{"$f":"[1]Pos!C4223","v":99},{"$f":"[1]Pos!D4223","v":80.819999999999993},{"$f":"[1]Pos!E4223","v":2.75}]
[{"$f":"[1]Pos!A4224","v":"5195P02"},{"$f":"[1]Pos!B4224","v":"PO-0019401"},{"$f":"[1]Pos!C4224","v":"CENT"},{"$f":"[1]Pos!D4224","v":704.76},{"$f":"[1]Pos!E4224","v":3.35}]
[{"$f":"[1]Pos!A4225","v":"5195P03"},{"$f":"[1]Pos!B4225","v":"PO-0019404"},{"$f":"[1]Pos!C4225","v":"CENT"},{"$f":"[1]Pos!D4225","v":1814.4},{"$f":"[1]Pos!E4225","v":4.7}]
[{"$f":"[1]Pos!A4226","v":"5195P04"},{"$f":"[1]Pos!B4226","v":"PO-0019406"},{"$f":"[1]Pos!C4226","v":"SUNC"},{"$f":"[1]Pos!D4226","v":3628.77},{"$f":"[1]Pos!E4226","v":6.85}]
[{"$f":"[1]Pos!A4227","v":"5195P05"},{"$f":"[1]Pos!B4227","v":"PO-0019413"},{"$f":"[1]Pos!C4227","v":"CENT"},{"$f":"[1]Pos!D4227","v":1814.4},{"$f":"[1]Pos!E4227","v":4.7}]
[{"$f":"[1]Pos!A4228","v":"5196AS01"},{"$f":"[1]Pos!B4228","v":"PO-0019440"},{"$f":"[1]Pos!C4228","v":"BSA"},{"$f":"[1]Pos!D4228","v":50},{"$f":"[1]Pos!E4228","v":8.75}]
[{"$f":"[1]Pos!A4229","v":"5196AS02"},{"$f":"[1]Pos!B4229","v":"PO-0019535"},{"$f":"[1]Pos!C4229","v":"BSA"},{"$f":"[1]Pos!D4229","v":25},{"$f":"[1]Pos!E4229","v":8.75}]
[{"$f":"[1]Pos!A4230","v":"5196B01"},{"$f":"[1]Pos!B4230","v":"PO-0019400"},{"$f":"[1]Pos!C4230","v":"LARO"},{"$f":"[1]Pos!D4230","v":884},{"$f":"[1]Pos!E4230","v":7.89}]
[{"$f":"[1]Pos!A4231","v":"5196B02"},{"$f":"[1]Pos!B4231","v":"PO-0019486"},{"$f":"[1]Pos!C4231","v":"DECA"},{"$f":"[1]Pos!D4231","v":102.01},{"$f":"[1]Pos!E4231","v":18.45}]
[{"$f":"[1]Pos!A4232","v":"5196B03"},{"$f":"[1]Pos!B4232","v":"PO-0019500"},{"$f":"[1]Pos!C4232","v":"DECA"},{"$f":"[1]Pos!D4232","v":196.76837},{"$f":"[1]Pos!E4232","v":11.53}]
[{"$f":"[1]Pos!A4233","v":"5196B04"},{"$f":"[1]Pos!B4233","v":"PO-0019518"},{"$f":"[1]Pos!C4233","v":"DECA"},{"$f":"[1]Pos!D4233","v":53.478540000000002},{"$f":"[1]Pos!E4233","v":21.23}]
[{"$f":"[1]Pos!A4234","v":"5196B05"},{"$f":"[1]Pos!B4234","v":"PO-0019539"},{"$f":"[1]Pos!C4234","v":"CAR"},{"$f":"[1]Pos!D4234","v":1392.75136},{"$f":"[1]Pos!E4234","v":18.940000000000001}]
[{"$f":"[1]Pos!A4235","v":"5196P01"},{"$f":"[1]Pos!B4235","v":"PO-0019408"},{"$f":"[1]Pos!C4235","v":"ACCU"},{"$f":"[1]Pos!D4235","v":522},{"$f":"[1]Pos!E4235","v":3.4}]
[{"$f":"[1]Pos!A4236","v":"5197P01"},{"$f":"[1]Pos!B4236","v":"PO-0019403"},{"$f":"[1]Pos!C4236","v":"EXCE"},{"$f":"[1]Pos!D4236","v":1930.95},{"$f":"[1]Pos!E4236","v":5}]
[{"$f":"[1]Pos!A4237","v":"5197P02"},{"$f":"[1]Pos!B4237","v":"PO-0019403"},{"$f":"[1]Pos!C4237","v":"EXCE"},{"$f":"[1]Pos!D4237","v":1926.53},{"$f":"[1]Pos!E4237","v":3.4}]
[{"$f":"[1]Pos!A4238","v":"5202AS01"},{"$f":"[1]Pos!B4238","v":"PO-0019451"},{"$f":"[1]Pos!C4238","v":"MONTO"},{"$f":"[1]Pos!D4238","v":500},{"$f":"[1]Pos!E4238","v":7.94}]
[{"$f":"[1]Pos!A4239","v":"5202B01"},{"$f":"[1]Pos!B4239","v":"PO-0019422"},{"$f":"[1]Pos!C4239","v":"RYDI"},{"$f":"[1]Pos!D4239","v":2496.5},{"$f":"[1]Pos!E4239","v":8.27}]
[{"$f":"[1]Pos!A4240","v":"5202B02"},{"$f":"[1]Pos!B4240","v":"PO-0019422"},{"$f":"[1]Pos!C4240","v":"RYDI"},{"$f":"[1]Pos!D4240","v":832.5},{"$f":"[1]Pos!E4240","v":4.17}]
[{"$f":"[1]Pos!A4241","v":"5202B03"},{"$f":"[1]Pos!B4241","v":"PO-0019425"},{"$f":"[1]Pos!C4241","v":"LARO"},{"$f":"[1]Pos!D4241","v":837},{"$f":"[1]Pos!E4241","v":7.99}]
[{"$f":"[1]Pos!A4242","v":"5202D01"},{"$f":"[1]Pos!B4242","v":"PO-0019416"},{"$f":"[1]Pos!C4242","v":"ALIMPLUS"},{"$f":"[1]Pos!D4242","v":20},{"$f":"[1]Pos!E4242","v":1.0760000000000001}]
[{"$f":"[1]Pos!A4243","v":"5202P01"},{"$f":"[1]Pos!B4243","v":"PO-0019411"},{"$f":"[1]Pos!C4243","v":"EXCE"},{"$f":"[1]Pos!D4243","v":55.31},{"$f":"[1]Pos!E4243","v":2.4}]
[{"$f":"[1]Pos!A4244","v":"5202P02"},{"$f":"[1]Pos!B4244","v":"PO-0019405"},{"$f":"[1]Pos!C4244","v":"EXCE"},{"$f":"[1]Pos!D4244","v":3860.26},{"$f":"[1]Pos!E4244","v":4.7}]
[{"$f":"[1]Pos!A4245","v":"5202P03"},{"$f":"[1]Pos!B4245","v":"PO-0019411"},{"$f":"[1]Pos!C4245","v":"EXCE"},{"$f":"[1]Pos!D4245","v":909.19},{"$f":"[1]Pos!E4245","v":3.4}]
[{"$f":"[1]Pos!A4246","v":"5202P04"},{"$f":"[1]Pos!B4246","v":"PO-0019395"},{"$f":"[1]Pos!C4246","v":"MOND"},{"$f":"[1]Pos!D4246","v":8164.8},{"$f":"[1]Pos!E4246","v":6.9}]
[{"$f":"[1]Pos!A4247","v":"5202P05"},{"$f":"[1]Pos!B4247","v":"PO-0019414"},{"$f":"[1]Pos!C4247","v":"ACCU"},{"$f":"[1]Pos!D4247","v":612},{"$f":"[1]Pos!E4247","v":4.45}]
[{"$f":"[1]Pos!A4248","v":"5202P06"},{"$f":"[1]Pos!B4248","v":"PO-0019431"},{"$f":"[1]Pos!C4248","v":"DESC"},{"$f":"[1]Pos!D4248","v":2721.6},{"$f":"[1]Pos!E4248","v":7.05}]
[{"$f":"[1]Pos!A4249","v":"5202P07"},{"$f":"[1]Pos!B4249","v":"PO-0019447"},{"$f":"[1]Pos!C4249","v":"SUNC"},{"$f":"[1]Pos!D4249","v":3628.77},{"$f":"[1]Pos!E4249","v":6.85}]
[{"$f":"[1]Pos!A4250","v":"5203B01"},{"$f":"[1]Pos!B4250","v":"PO-0019421"},{"$f":"[1]Pos!C4250","v":"RYDI"},{"$f":"[1]Pos!D4250","v":389},{"$f":"[1]Pos!E4250","v":8.27}]
[{"$f":"[1]Pos!A4251","v":"5203B02"},{"$f":"[1]Pos!B4251","v":"PO-0019438"},{"$f":"[1]Pos!C4251","v":"DECA"},{"$f":"[1]Pos!D4251","v":92.52},{"$f":"[1]Pos!E4251","v":3.42}]
[{"$f":"[1]Pos!A4252","v":"5203B03"},{"$f":"[1]Pos!B4252","v":"PO-0019663"},{"$f":"[1]Pos!C4252","v":"C&C"},{"$f":"[1]Pos!D4252","v":776.39},{"$f":"[1]Pos!E4252","v":14}]
[{"$f":"[1]Pos!A4253","v":"5203D01"},{"$f":"[1]Pos!B4253","v":"PO-0019416"},{"$f":"[1]Pos!C4253","v":"ALIMPLUS"},{"$f":"[1]Pos!D4253","v":16},{"$f":"[1]Pos!E4253","v":2.5000000000000001E-3}]
[{"$f":"[1]Pos!A4254","v":"5203P01"},{"$f":"[1]Pos!B4254","v":"PO-0019415"},{"$f":"[1]Pos!C4254","v":"EXCE"},{"$f":"[1]Pos!D4254","v":1914.09},{"$f":"[1]Pos!E4254","v":3.4}]
[{"$f":"[1]Pos!A4255","v":"5203P02"},{"$f":"[1]Pos!B4255","v":"PO-0019430"},{"$f":"[1]Pos!C4255","v":99},{"$f":"[1]Pos!D4255","v":1625.6},{"$f":"[1]Pos!E4255","v":4.95}]
[{"$f":"[1]Pos!A4256","v":"5203P03"},{"$f":"[1]Pos!B4256","v":"PO-0019432"},{"$f":"[1]Pos!C4256","v":"MOND"},{"$f":"[1]Pos!D4256","v":3175.2},{"$f":"[1]Pos!E4256","v":7.05}]
[{"$f":"[1]Pos!A4257","v":"5203P04"},{"$f":"[1]Pos!B4257","v":"PO-0019433"},{"$f":"[1]Pos!C4257","v":"ACCU"},{"$f":"[1]Pos!D4257","v":1688.4},{"$f":"[1]Pos!E4257","v":3.4}]
[{"$f":"[1]Pos!A4258","v":"5204B01"},{"$f":"[1]Pos!B4258","v":"PO-0019438"},{"$f":"[1]Pos!C4258","v":"DECA"},{"$f":"[1]Pos!D4258","v":35.979999999999997},{"$f":"[1]Pos!E4258","v":2.97}]
[{"$f":"[1]Pos!A4259","v":"5204B02"},{"$f":"[1]Pos!B4259","v":"PO-0019450"},{"$f":"[1]Pos!C4259","v":"RYDI"},{"$f":"[1]Pos!D4259","v":300.5},{"$f":"[1]Pos!E4259","v":8.27}]
[{"$f":"[1]Pos!A4260","v":"5204B03"},{"$f":"[1]Pos!B4260","v":"PO-0019469"},{"$f":"[1]Pos!C4260","v":"DELF"},{"$f":"[1]Pos!D4260","v":18.54},{"$f":"[1]Pos!E4260","v":19}]
[{"$f":"[1]Pos!A4261","v":"5204B04"},{"$f":"[1]Pos!B4261","v":"PO-0019716"},{"$f":"[1]Pos!C4261","v":"C&C"},{"$f":"[1]Pos!D4261","v":455.62},{"$f":"[1]Pos!E4261","v":21}]
[{"$f":"[1]Pos!A4262","v":"5204D01"},{"$f":"[1]Pos!B4262","v":"PO-0019428"},{"$f":"[1]Pos!C4262","v":99},{"$f":"[1]Pos!D4262","v":66.75},{"$f":"[1]Pos!E4262","v":10.79}]
[{"$f":"[1]Pos!A4263","v":"5204EM01"},{"$f":"[1]Pos!B4263","v":"PO-0019426"},{"$f":"[1]Pos!C4263","v":"BEL"},{"$f":"[1]Pos!D4263","v":1200},{"$f":"[1]Pos!E4263","v":0.626}]
[{"$f":"[1]Pos!A4264","v":"5204EM02"},{"$f":"[1]Pos!B4264","v":"PO-0019426"},{"$f":"[1]Pos!C4264","v":"BEL"},{"$f":"[1]Pos!D4264","v":1000},{"$f":"[1]Pos!E4264","v":0.69099999999999995}]
[{"$f":"[1]Pos!A4265","v":"5204EM03"},{"$f":"[1]Pos!B4265","v":"PO-0019426"},{"$f":"[1]Pos!C4265","v":"BEL"},{"$f":"[1]Pos!D4265","v":500},{"$f":"[1]Pos!E4265","v":1.32}]
[{"$f":"[1]Pos!A4266","v":"5204EM04"},{"$f":"[1]Pos!B4266","v":"PO-0019426"},{"$f":"[1]Pos!C4266","v":"BEL"},{"$f":"[1]Pos!D4266","v":500},{"$f":"[1]Pos!E4266","v":0.6}]
[{"$f":"[1]Pos!A4267","v":"5204EM05"},{"$f":"[1]Pos!B4267","v":"PO-0019426"},{"$f":"[1]Pos!C4267","v":"BEL"},{"$f":"[1]Pos!D4267","v":1200},{"$f":"[1]Pos!E4267","v":0.432}]
[{"$f":"[1]Pos!A4268","v":"5204EM06"},{"$f":"[1]Pos!B4268","v":"PO-0019426"},{"$f":"[1]Pos!C4268","v":"BEL"},{"$f":"[1]Pos!D4268","v":1200},{"$f":"[1]Pos!E4268","v":0.48}]
[{"$f":"[1]Pos!A4269","v":"5204P01"},{"$f":"[1]Pos!B4269","v":"PO-0019424"},{"$f":"[1]Pos!C4269","v":"EXCE"},{"$f":"[1]Pos!D4269","v":644.70000000000005},{"$f":"[1]Pos!E4269","v":3.4}]
[{"$f":"[1]Pos!A4270","v":"5205B01"},{"$f":"[1]Pos!B4270","v":"PO-0019434"},{"$f":"[1]Pos!C4270","v":"BOUC"},{"$f":"[1]Pos!D4270","v":94},{"$f":"[1]Pos!E4270","v":3.64}]
[{"$f":"[1]Pos!A4271","v":"5205B02"},{"$f":"[1]Pos!B4271","v":"PO-0019469"},{"$f":"[1]Pos!C4271","v":"DELF"},{"$f":"[1]Pos!D4271","v":330.36},{"$f":"[1]Pos!E4271","v":9.39}]
[{"$f":"[1]Pos!A4272","v":"5205B03"},{"$f":"[1]Pos!B4272","v":"PO-0019487"},{"$f":"[1]Pos!C4272","v":"RICH"},{"$f":"[1]Pos!D4272","v":283.58},{"$f":"[1]Pos!E4272","v":14}]
[{"$f":"[1]Pos!A4273","v":"5205B04"},{"$f":"[1]Pos!B4273","v":"PO-0019733"},{"$f":"[1]Pos!C4273","v":"C&C"},{"$f":"[1]Pos!D4273","v":705.19799},{"$f":"[1]Pos!E4273","v":12.09}]
[{"$f":"[1]Pos!A4274","v":"5205EM01"},{"$f":"[1]Pos!B4274","v":"PO-0019456"},{"$f":"[1]Pos!C4274","v":"UNIP"},{"$f":"[1]Pos!D4274","v":17280},{"$f":"[1]Pos!E4274","v":0.29499999999999998}]
[{"$f":"[1]Pos!A4275","v":"5205EM02"},{"$f":"[1]Pos!B4275","v":"PO-0019456"},{"$f":"[1]Pos!C4275","v":"UNIP"},{"$f":"[1]Pos!D4275","v":1555.2},{"$f":"[1]Pos!E4275","v":0.46978999999999999}]
[{"$f":"[1]Pos!A4276","v":"5205EM03"},{"$f":"[1]Pos!B4276","v":"PO-0019492"},{"$f":"[1]Pos!C4276","v":"R.D."},{"$f":"[1]Pos!D4276","v":2800},{"$f":"[1]Pos!E4276","v":0.63}]
[{"$f":"[1]Pos!A4277","v":"5205P01"},{"$f":"[1]Pos!B4277","v":"PO-0019432"},{"$f":"[1]Pos!C4277","v":"MOND"},{"$f":"[1]Pos!D4277","v":1814.4},{"$f":"[1]Pos!E4277","v":6.55}]
[{"$f":"[1]Pos!A4278","v":"5205P02"},{"$f":"[1]Pos!B4278","v":"PO-0019446"},{"$f":"[1]Pos!C4278","v":99},{"$f":"[1]Pos!D4278","v":816.75},{"$f":"[1]Pos!E4278","v":5.25}]
[{"$f":"[1]Pos!A4279","v":"5205P03"},{"$f":"[1]Pos!B4279","v":"PO-0019435"},{"$f":"[1]Pos!C4279","v":"EXCE"},{"$f":"[1]Pos!D4279","v":1286.42},{"$f":"[1]Pos!E4279","v":5}]
[{"$f":"[1]Pos!A4280","v":"5205P04"},{"$f":"[1]Pos!B4280","v":"PO-0019436"},{"$f":"[1]Pos!C4280","v":"EXCE"},{"$f":"[1]Pos!D4280","v":267.7},{"$f":"[1]Pos!E4280","v":4.04}]
[{"$f":"[1]Pos!A4281","v":"5205P05"},{"$f":"[1]Pos!B4281","v":"PO-0019441"},{"$f":"[1]Pos!C4281","v":"ACCU"},{"$f":"[1]Pos!D4281","v":1541.12},{"$f":"[1]Pos!E4281","v":5.25}]
[{"$f":"[1]Pos!A4282","v":"5205P06"},{"$f":"[1]Pos!B4282","v":"PO-0019452"},{"$f":"[1]Pos!C4282","v":"CENT"},{"$f":"[1]Pos!D4282","v":4536},{"$f":"[1]Pos!E4282","v":4.9000000000000004}]
[{"$f":"[1]Pos!A4283","v":"5205P07"},{"$f":"[1]Pos!B4283","v":"PO-0019454"},{"$f":"[1]Pos!C4283","v":"SUNC"},{"$f":"[1]Pos!D4283","v":4536},{"$f":"[1]Pos!E4283","v":6.85}]
[{"$f":"[1]Pos!A4284","v":"5205P08"},{"$f":"[1]Pos!B4284","v":"PO-0019459"},{"$f":"[1]Pos!C4284","v":"CENT"},{"$f":"[1]Pos!D4284","v":1814.4},{"$f":"[1]Pos!E4284","v":4.9000000000000004}]
[{"$f":"[1]Pos!A4285","v":"5205P09"},{"$f":"[1]Pos!B4285","v":"PO-0019457"},{"$f":"[1]Pos!C4285","v":"DESC"},{"$f":"[1]Pos!D4285","v":7257.6},{"$f":"[1]Pos!E4285","v":7.3}]
[{"$f":"[1]Pos!A4286","v":"5205P10"},{"$f":"[1]Pos!B4286","v":"PO-0019457"},{"$f":"[1]Pos!C4286","v":"DESC"},{"$f":"[1]Pos!D4286","v":2721.6},{"$f":"[1]Pos!E4286","v":7.05}]
[{"$f":"[1]Pos!A4287","v":"5206B01"},{"$f":"[1]Pos!B4287","v":"PO-0019443"},{"$f":"[1]Pos!C4287","v":"ASTR"},{"$f":"[1]Pos!D4287","v":1200},{"$f":"[1]Pos!E4287","v":35.5}]
[{"$f":"[1]Pos!A4288","v":"5206B02"},{"$f":"[1]Pos!B4288","v":"PO-0019443"},{"$f":"[1]Pos!C4288","v":"ASTR"},{"$f":"[1]Pos!D4288","v":800},{"$f":"[1]Pos!E4288","v":36}]
[{"$f":"[1]Pos!A4289","v":"5206B03"},{"$f":"[1]Pos!B4289","v":"PO-0019455"},{"$f":"[1]Pos!C4289","v":"LARO"},{"$f":"[1]Pos!D4289","v":846},{"$f":"[1]Pos!E4289","v":7.89}]
[{"$f":"[1]Pos!A4290","v":"5206B04"},{"$f":"[1]Pos!B4290","v":"PO-0019469"},{"$f":"[1]Pos!C4290","v":"DELF"},{"$f":"[1]Pos!D4290","v":220.87},{"$f":"[1]Pos!E4290","v":12.69}]
[{"$f":"[1]Pos!A4291","v":"5206B05"},{"$f":"[1]Pos!B4291","v":"PO-0019458"},{"$f":"[1]Pos!C4291","v":"DECA"},{"$f":"[1]Pos!D4291","v":721.576866},{"$f":"[1]Pos!E4291","v":18.95}]
[{"$f":"[1]Pos!A4292","v":"5206B06"},{"$f":"[1]Pos!B4292","v":"PO-0019478"},{"$f":"[1]Pos!C4292","v":"RYDI"},{"$f":"[1]Pos!D4292","v":339},{"$f":"[1]Pos!E4292","v":8.27}]
[{"$f":"[1]Pos!A4293","v":"5206EM01"},{"$f":"[1]Pos!B4293","v":"PO-0019448"},{"$f":"[1]Pos!C4293","v":"BEL"},{"$f":"[1]Pos!D4293","v":1000},{"$f":"[1]Pos!E4293","v":0.69099999999999995}]
[{"$f":"[1]Pos!A4294","v":"5206EM02"},{"$f":"[1]Pos!B4294","v":"PO-0019448"},{"$f":"[1]Pos!C4294","v":"BEL"},{"$f":"[1]Pos!D4294","v":600},{"$f":"[1]Pos!E4294","v":0.64500000000000002}]
[{"$f":"[1]Pos!A4295","v":"5206EM03"},{"$f":"[1]Pos!B4295","v":"PO-0019448"},{"$f":"[1]Pos!C4295","v":"BEL"},{"$f":"[1]Pos!D4295","v":1200},{"$f":"[1]Pos!E4295","v":0.48}]
[{"$f":"[1]Pos!A4296","v":"5206EM04"},{"$f":"[1]Pos!B4296","v":"PO-0019448"},{"$f":"[1]Pos!C4296","v":"BEL"},{"$f":"[1]Pos!D4296","v":903},{"$f":"[1]Pos!E4296","v":0.64500000000000002}]
[{"$f":"[1]Pos!A4297","v":"5206EM05"},{"$f":"[1]Pos!B4297","v":"PO-0019448"},{"$f":"[1]Pos!C4297","v":"BEL"},{"$f":"[1]Pos!D4297","v":1080},{"$f":"[1]Pos!E4297","v":0.44700000000000001}]
[{"$f":"[1]Pos!A4298","v":"5206P01"},{"$f":"[1]Pos!B4298","v":"PO-0019461"},{"$f":"[1]Pos!C4298","v":"CENT"},{"$f":"[1]Pos!D4298","v":125},{"$f":"[1]Pos!E4298","v":7}]
[{"$f":"[1]Pos!A4299","v":"5206P02"},{"$f":"[1]Pos!B4299","v":"PO-0019461"},{"$f":"[1]Pos!C4299","v":"CENT"},{"$f":"[1]Pos!D4299","v":50},{"$f":"[1]Pos!E4299","v":7}]
[{"$f":"[1]Pos!A4300","v":"5206P03"},{"$f":"[1]Pos!B4300","v":"PO-0019465"},{"$f":"[1]Pos!C4300","v":"DESC"},{"$f":"[1]Pos!D4300","v":3084.48},{"$f":"[1]Pos!E4300","v":4.75}]
[{"$f":"[1]Pos!A4301","v":"5206P04"},{"$f":"[1]Pos!B4301","v":"PO-0019468"},{"$f":"[1]Pos!C4301","v":"MOND"},{"$f":"[1]Pos!D4301","v":2721.6},{"$f":"[1]Pos!E4301","v":6.95}]
[{"$f":"[1]Pos!A4302","v":"5206P05"},{"$f":"[1]Pos!B4302","v":"PO-0019470"},{"$f":"[1]Pos!C4302","v":"ACCU"},{"$f":"[1]Pos!D4302","v":87.69},{"$f":"[1]Pos!E4302","v":4.25}]
[{"$f":"[1]Pos!A4303","v":"5206P06"},{"$f":"[1]Pos!B4303","v":"PO-0019476"},{"$f":"[1]Pos!C4303","v":"ACCU"},{"$f":"[1]Pos!D4303","v":2736},{"$f":"[1]Pos!E4303","v":4.45}]
[{"$f":"[1]Pos!A4304","v":"5206P07"},{"$f":"[1]Pos!B4304","v":"PO-0019538"},{"$f":"[1]Pos!C4304","v":"MOND"},{"$f":"[1]Pos!D4304","v":454.4},{"$f":"[1]Pos!E4304","v":6.4}]
[{"$f":"[1]Pos!A4305","v":"5207P01"},{"$f":"[1]Pos!B4305","v":"PO-0019460"},{"$f":"[1]Pos!C4305","v":"EXCE"},{"$f":"[1]Pos!D4305","v":1290.51},{"$f":"[1]Pos!E4305","v":3.4}]
[{"$f":"[1]Pos!A4306","v":"5207P02"},{"$f":"[1]Pos!B4306","v":"PO-0019477"},{"$f":"[1]Pos!C4306","v":"EXCE"},{"$f":"[1]Pos!D4306","v":1274.44},{"$f":"[1]Pos!E4306","v":3.4}]
[{"$f":"[1]Pos!A4307","v":"5207P03"},{"$f":"[1]Pos!B4307","v":"PO-0019485"},{"$f":"[1]Pos!C4307","v":"CENT"},{"$f":"[1]Pos!D4307","v":907.2},{"$f":"[1]Pos!E4307","v":4.9000000000000004}]
[{"$f":"[1]Pos!A4308","v":"5212B01"},{"$f":"[1]Pos!B4308","v":"PO-0019630"},{"$f":"[1]Pos!C4308","v":"DECA"},{"$f":"[1]Pos!D4308","v":25.355813000000001},{"$f":"[1]Pos!E4308","v":19.79}]
[{"$f":"[1]Pos!A4309","v":"5212P01"},{"$f":"[1]Pos!B4309","v":"PO-0019453"},{"$f":"[1]Pos!C4309","v":"MOND"},{"$f":"[1]Pos!D4309","v":3628.8},{"$f":"[1]Pos!E4309","v":6.55}]
[{"$f":"[1]Pos!A4310","v":"5212P02"},{"$f":"[1]Pos!B4310","v":"PO-0019453"},{"$f":"[1]Pos!C4310","v":"MOND"},{"$f":"[1]Pos!D4310","v":2721.6},{"$f":"[1]Pos!E4310","v":6.95}]
[{"$f":"[1]Pos!A4311","v":"5212P03"},{"$f":"[1]Pos!B4311","v":"PO-0019490"},{"$f":"[1]Pos!C4311","v":"SUNC"},{"$f":"[1]Pos!D4311","v":2721.58},{"$f":"[1]Pos!E4311","v":6.85}]
[{"$f":"[1]Pos!A4312","v":"5212P04"},{"$f":"[1]Pos!B4312","v":"PO-0019502"},{"$f":"[1]Pos!C4312","v":"CENT"},{"$f":"[1]Pos!D4312","v":907.2},{"$f":"[1]Pos!E4312","v":4.9000000000000004}]
[{"$f":"[1]Pos!A4313","v":"5213B01"},{"$f":"[1]Pos!B4313","v":"PO-0019483"},{"$f":"[1]Pos!C4313","v":"RYDI"},{"$f":"[1]Pos!D4313","v":1665},{"$f":"[1]Pos!E4313","v":4.17}]
[{"$f":"[1]Pos!A4314","v":"5213B02"},{"$f":"[1]Pos!B4314","v":"PO-0019483"},{"$f":"[1]Pos!C4314","v":"RYDI"},{"$f":"[1]Pos!D4314","v":3486.5},{"$f":"[1]Pos!E4314","v":8.27}]
[{"$f":"[1]Pos!A4315","v":"5213B03"},{"$f":"[1]Pos!B4315","v":"PO-0019479"},{"$f":"[1]Pos!C4315","v":"RYDI"},{"$f":"[1]Pos!D4315","v":306},{"$f":"[1]Pos!E4315","v":8.27}]
[{"$f":"[1]Pos!A4316","v":"5213B04"},{"$f":"[1]Pos!B4316","v":"PO-0019531"},{"$f":"[1]Pos!C4316","v":"WHIT"},{"$f":"[1]Pos!D4316","v":211.46},{"$f":"[1]Pos!E4316","v":14.5}]
[{"$f":"[1]Pos!A4317","v":"5213B05"},{"$f":"[1]Pos!B4317","v":"PO-0019546"},{"$f":"[1]Pos!C4317","v":"DECA"},{"$f":"[1]Pos!D4317","v":314.33999999999997},{"$f":"[1]Pos!E4317","v":19.95}]
[{"$f":"[1]Pos!A4318","v":"5213B06"},{"$f":"[1]Pos!B4318","v":"PO-0019598"},{"$f":"[1]Pos!C4318","v":"DECA"},{"$f":"[1]Pos!D4318","v":78.834352999999993},{"$f":"[1]Pos!E4318","v":10.59}]
[{"$f":"[1]Pos!A4319","v":"5213B07"},{"$f":"[1]Pos!B4319","v":"PO-0020092"},{"$f":"[1]Pos!C4319","v":"C&C"},{"$f":"[1]Pos!D4319","v":3293.62},{"$f":"[1]Pos!E4319","v":3.4}]
[{"$f":"[1]Pos!A4320","v":"5213EM01"},{"$f":"[1]Pos!B4320","v":"PO-0019472"},{"$f":"[1]Pos!C4320","v":"STLA"},{"$f":"[1]Pos!D4320","v":2000},{"$f":"[1]Pos!E4320","v":0.9}]
[{"$f":"[1]Pos!A4321","v":"5213EM02"},{"$f":"[1]Pos!B4321","v":"PO-0019472"},{"$f":"[1]Pos!C4321","v":"STLA"},{"$f":"[1]Pos!D4321","v":2000},{"$f":"[1]Pos!E4321","v":0.9}]
[{"$f":"[1]Pos!A4322","v":"5213P01"},{"$f":"[1]Pos!B4322","v":"PO-0019475"},{"$f":"[1]Pos!C4322","v":"MOND"},{"$f":"[1]Pos!D4322","v":4591.43},{"$f":"[1]Pos!E4322","v":6.55}]
[{"$f":"[1]Pos!A4323","v":"5213P02"},{"$f":"[1]Pos!B4323","v":"PO-0019477"},{"$f":"[1]Pos!C4323","v":"EXCE"},{"$f":"[1]Pos!D4323","v":268.68},{"$f":"[1]Pos!E4323","v":4.04}]
[{"$f":"[1]Pos!A4324","v":"5213P03"},{"$f":"[1]Pos!B4324","v":"PO-0019476"},{"$f":"[1]Pos!C4324","v":"ACCU"},{"$f":"[1]Pos!D4324","v":180},{"$f":"[1]Pos!E4324","v":5.2}]
[{"$f":"[1]Pos!A4325","v":"5213P04"},{"$f":"[1]Pos!B4325","v":"PO-0019488"},{"$f":"[1]Pos!C4325","v":"MOND"},{"$f":"[1]Pos!D4325","v":1814.4},{"$f":"[1]Pos!E4325","v":6.95}]
[{"$f":"[1]Pos!A4326","v":"5214AS01"},{"$f":"[1]Pos!B4326","v":"PO-0019604"},{"$f":"[1]Pos!C4326","v":"BSA"},{"$f":"[1]Pos!D4326","v":16},{"$f":"[1]Pos!E4326","v":20.94}]
[{"$f":"[1]Pos!A4327","v":"5214AS02"},{"$f":"[1]Pos!B4327","v":"PO-0019725"},{"$f":"[1]Pos!C4327","v":"BSA"},{"$f":"[1]Pos!D4327","v":50},{"$f":"[1]Pos!E4327","v":8.75}]
[{"$f":"[1]Pos!A4328","v":"5214B01"},{"$f":"[1]Pos!B4328","v":"PO-0019484"},{"$f":"[1]Pos!C4328","v":"LARO"},{"$f":"[1]Pos!D4328","v":742.5},{"$f":"[1]Pos!E4328","v":7.89}]
[{"$f":"[1]Pos!A4329","v":"5214B02"},{"$f":"[1]Pos!B4329","v":"PO-0019487"},{"$f":"[1]Pos!C4329","v":"RICH"},{"$f":"[1]Pos!D4329","v":364},{"$f":"[1]Pos!E4329","v":14}]
[{"$f":"[1]Pos!A4330","v":"5214B03"},{"$f":"[1]Pos!B4330","v":"PO-0019500"},{"$f":"[1]Pos!C4330","v":"DECA"},{"$f":"[1]Pos!D4330","v":95.88},{"$f":"[1]Pos!E4330","v":3.71}]
[{"$f":"[1]Pos!A4331","v":"5214B04"},{"$f":"[1]Pos!B4331","v":"PO-0019630"},{"$f":"[1]Pos!C4331","v":"DECA"},{"$f":"[1]Pos!D4331","v":207.02855500000001},{"$f":"[1]Pos!E4331","v":31.49}]
[{"$f":"[1]Pos!A4332","v":"5214B05"},{"$f":"[1]Pos!B4332","v":"PO-0019692"},{"$f":"[1]Pos!C4332","v":"CAR"},{"$f":"[1]Pos!D4332","v":1982.87},{"$f":"[1]Pos!E4332","v":18.600000000000001}]
[{"$f":"[1]Pos!A4333","v":"5214EM01"},{"$f":"[1]Pos!B4333","v":"PO-0019480"},{"$f":"[1]Pos!C4333","v":"BEL"},{"$f":"[1]Pos!D4333","v":500},{"$f":"[1]Pos!E4333","v":0.6}]
[{"$f":"[1]Pos!A4334","v":"5214EM02"},{"$f":"[1]Pos!B4334","v":"PO-0019480"},{"$f":"[1]Pos!C4334","v":"BEL"},{"$f":"[1]Pos!D4334","v":1200},{"$f":"[1]Pos!E4334","v":0.626}]
[{"$f":"[1]Pos!A4335","v":"5214EM03"},{"$f":"[1]Pos!B4335","v":"PO-0019480"},{"$f":"[1]Pos!C4335","v":"BEL"},{"$f":"[1]Pos!D4335","v":1000},{"$f":"[1]Pos!E4335","v":0.69099999999999995}]
[{"$f":"[1]Pos!A4336","v":"5214EM04"},{"$f":"[1]Pos!B4336","v":"PO-0019480"},{"$f":"[1]Pos!C4336","v":"BEL"},{"$f":"[1]Pos!D4336","v":500},{"$f":"[1]Pos!E4336","v":0.746}]
[{"$f":"[1]Pos!A4337","v":"5214EM05"},{"$f":"[1]Pos!B4337","v":"PO-0019480"},{"$f":"[1]Pos!C4337","v":"BEL"},{"$f":"[1]Pos!D4337","v":1200},{"$f":"[1]Pos!E4337","v":0.48}]
[{"$f":"[1]Pos!A4338","v":"5214P01"},{"$f":"[1]Pos!B4338","v":"PO-0019482"},{"$f":"[1]Pos!C4338","v":"EXCE"},{"$f":"[1]Pos!D4338","v":1286.81},{"$f":"[1]Pos!E4338","v":5.2}]
[{"$f":"[1]Pos!A4339","v":"5214P02"},{"$f":"[1]Pos!B4339","v":"PO-0019503"},{"$f":"[1]Pos!C4339","v":"MOND"},{"$f":"[1]Pos!D4339","v":2721.6},{"$f":"[1]Pos!E4339","v":6.95}]
[{"$f":"[1]Pos!A4340","v":"5215AS01"},{"$f":"[1]Pos!B4340","v":"PO-0019481"},{"$f":"[1]Pos!C4340","v":"BSA"},{"$f":"[1]Pos!D4340","v":160},{"$f":"[1]Pos!E4340","v":6.34}]
[{"$f":"[1]Pos!A4341","v":"5215AS02"},{"$f":"[1]Pos!B4341","v":"PO-0019481"},{"$f":"[1]Pos!C4341","v":"BSA"},{"$f":"[1]Pos!D4341","v":96},{"$f":"[1]Pos!E4341","v":12.59}]
[{"$f":"[1]Pos!A4342","v":"5215AS03"},{"$f":"[1]Pos!B4342","v":"PO-0019481"},{"$f":"[1]Pos!C4342","v":"BSA"},{"$f":"[1]Pos!D4342","v":25},{"$f":"[1]Pos!E4342","v":8.75}]
[{"$f":"[1]Pos!A4343","v":"5215AS04"},{"$f":"[1]Pos!B4343","v":"PO-0019481"},{"$f":"[1]Pos!C4343","v":"BSA"},{"$f":"[1]Pos!D4343","v":8},{"$f":"[1]Pos!E4343","v":20.94}]
[{"$f":"[1]Pos!A4344","v":"5215AS05"},{"$f":"[1]Pos!B4344","v":"PO-0019527"},{"$f":"[1]Pos!C4344","v":"BSA"},{"$f":"[1]Pos!D4344","v":100},{"$f":"[1]Pos!E4344","v":8.4700000000000006}]
[{"$f":"[1]Pos!A4345","v":"5215AS06"},{"$f":"[1]Pos!B4345","v":"PO-0019496"},{"$f":"[1]Pos!C4345","v":"MONTO"},{"$f":"[1]Pos!D4345","v":500},{"$f":"[1]Pos!E4345","v":7.94}]
[{"$f":"[1]Pos!A4346","v":"5215AS07"},{"$f":"[1]Pos!B4346","v":"PO-0019495"},{"$f":"[1]Pos!C4346","v":"MONTO"},{"$f":"[1]Pos!D4346","v":500},{"$f":"[1]Pos!E4346","v":7.94}]
[{"$f":"[1]Pos!A4347","v":"5215AS08"},{"$f":"[1]Pos!B4347","v":"PO-0019540"},{"$f":"[1]Pos!C4347","v":"BSA"},{"$f":"[1]Pos!D4347","v":200},{"$f":"[1]Pos!E4347","v":6.34}]
[{"$f":"[1]Pos!A4348","v":"5215AS09"},{"$f":"[1]Pos!B4348","v":"PO-0019876"},{"$f":"[1]Pos!C4348","v":"BSA"},{"$f":"[1]Pos!D4348","v":100},{"$f":"[1]Pos!E4348","v":8.4700000000000006}]
[{"$f":"[1]Pos!A4349","v":"5215B01"},{"$f":"[1]Pos!B4349","v":"PO-0019500"},{"$f":"[1]Pos!C4349","v":"DECA"},{"$f":"[1]Pos!D4349","v":39.1},{"$f":"[1]Pos!E4349","v":3.63}]
[{"$f":"[1]Pos!A4350","v":"5215B02"},{"$f":"[1]Pos!B4350","v":"PO-0019500"},{"$f":"[1]Pos!C4350","v":"DECA"},{"$f":"[1]Pos!D4350","v":37.22},{"$f":"[1]Pos!E4350","v":3.26}]
[{"$f":"[1]Pos!A4351","v":"5215B03"},{"$f":"[1]Pos!B4351","v":"PO-0019525"},{"$f":"[1]Pos!C4351","v":"DECA"},{"$f":"[1]Pos!D4351","v":98.73},{"$f":"[1]Pos!E4351","v":8.4499999999999993}]
[{"$f":"[1]Pos!A4352","v":"5215EM01"},{"$f":"[1]Pos!B4352","v":"PO-0019493"},{"$f":"[1]Pos!C4352","v":"HEAT"},{"$f":"[1]Pos!D4352","v":2926.23},{"$f":"[1]Pos!E4352","v":0.15}]
[{"$f":"[1]Pos!A4353","v":"5215P01"},{"$f":"[1]Pos!B4353","v":"PO-0019499"},{"$f":"[1]Pos!C4353","v":"EXCE"},{"$f":"[1]Pos!D4353","v":1286.8599999999999},{"$f":"[1]Pos!E4353","v":5.2}]
[{"$f":"[1]Pos!A4354","v":"5215P02"},{"$f":"[1]Pos!B4354","v":"PO-0019499"},{"$f":"[1]Pos!C4354","v":"EXCE"},{"$f":"[1]Pos!D4354","v":1284.0999999999999},{"$f":"[1]Pos!E4354","v":3.4}]
[{"$f":"[1]Pos!A4355","v":"5215P03"},{"$f":"[1]Pos!B4355","v":"PO-0019499"},{"$f":"[1]Pos!C4355","v":"EXCE"},{"$f":"[1]Pos!D4355","v":268.7},{"$f":"[1]Pos!E4355","v":4.04}]
[{"$f":"[1]Pos!A4356","v":"5215P04"},{"$f":"[1]Pos!B4356","v":"PO-0019505"},{"$f":"[1]Pos!C4356","v":"CENT"},{"$f":"[1]Pos!D4356","v":3628.8},{"$f":"[1]Pos!E4356","v":4.9000000000000004}]
[{"$f":"[1]Pos!A4357","v":"5215P05"},{"$f":"[1]Pos!B4357","v":"PO-0019508"},{"$f":"[1]Pos!C4357","v":"DESC"},{"$f":"[1]Pos!D4357","v":3628.8},{"$f":"[1]Pos!E4357","v":6.95}]
[{"$f":"[1]Pos!A4358","v":"5215P06"},{"$f":"[1]Pos!B4358","v":"PO-0019501"},{"$f":"[1]Pos!C4358","v":"PEK"},{"$f":"[1]Pos!D4358","v":1814},{"$f":"[1]Pos!E4358","v":3.4}]
[{"$f":"[1]Pos!A4359","v":"5215P07"},{"$f":"[1]Pos!B4359","v":"PO-0019517"},{"$f":"[1]Pos!C4359","v":"ACCU"},{"$f":"[1]Pos!D4359","v":954},{"$f":"[1]Pos!E4359","v":3.45}]
[{"$f":"[1]Pos!A4360","v":"5216B01"},{"$f":"[1]Pos!B4360","v":"PO-0019701"},{"$f":"[1]Pos!C4360","v":"CAR"},{"$f":"[1]Pos!D4360","v":1051.0642419999999},{"$f":"[1]Pos!E4360","v":17.61}]
[{"$f":"[1]Pos!A4361","v":"5216P01"},{"$f":"[1]Pos!B4361","v":"PO-0019507"},{"$f":"[1]Pos!C4361","v":"MOND"},{"$f":"[1]Pos!D4361","v":5443.2},{"$f":"[1]Pos!E4361","v":6.85}]
[{"$f":"[1]Pos!A4362","v":"5216P02"},{"$f":"[1]Pos!B4362","v":"PO-0019506"},{"$f":"[1]Pos!C4362","v":"MOND"},{"$f":"[1]Pos!D4362","v":5443.2},{"$f":"[1]Pos!E4362","v":6.4}]
[{"$f":"[1]Pos!A4363","v":"5216P03"},{"$f":"[1]Pos!B4363","v":"PO-0019504"},{"$f":"[1]Pos!C4363","v":"EXCE"},{"$f":"[1]Pos!D4363","v":1924.92},{"$f":"[1]Pos!E4363","v":5.4}]
[{"$f":"[1]Pos!A4364","v":"5216P04"},{"$f":"[1]Pos!B4364","v":"PO-0019517"},{"$f":"[1]Pos!C4364","v":"ACCU"},{"$f":"[1]Pos!D4364","v":954},{"$f":"[1]Pos!E4364","v":4.45}]
[{"$f":"[1]Pos!A4365","v":"5217P01"},{"$f":"[1]Pos!B4365","v":"PO-0019514"},{"$f":"[1]Pos!C4365","v":"CENT"},{"$f":"[1]Pos!D4365","v":5358.2},{"$f":"[1]Pos!E4365","v":5.25}]
[{"$f":"[1]Pos!A4366","v":"5217P02"},{"$f":"[1]Pos!B4366","v":"PO-0019515"},{"$f":"[1]Pos!C4366","v":"EXCE"},{"$f":"[1]Pos!D4366","v":1282.5899999999999},{"$f":"[1]Pos!E4366","v":3.4}]
[{"$f":"[1]Pos!A4367","v":"5222B01"},{"$f":"[1]Pos!B4367","v":"PO-0019516"},{"$f":"[1]Pos!C4367","v":"LARO"},{"$f":"[1]Pos!D4367","v":574.5},{"$f":"[1]Pos!E4367","v":7.89}]
[{"$f":"[1]Pos!A4368","v":"5222B02"},{"$f":"[1]Pos!B4368","v":"PO-0019491"},{"$f":"[1]Pos!C4368","v":"BOUC"},{"$f":"[1]Pos!D4368","v":136.30000000000001},{"$f":"[1]Pos!E4368","v":3.77}]
[{"$f":"[1]Pos!A4369","v":"5222B03"},{"$f":"[1]Pos!B4369","v":"PO-0019520"},{"$f":"[1]Pos!C4369","v":"RYDI"},{"$f":"[1]Pos!D4369","v":439},{"$f":"[1]Pos!E4369","v":8.27}]
[{"$f":"[1]Pos!A4370","v":"5222B04"},{"$f":"[1]Pos!B4370","v":"PO-0019522"},{"$f":"[1]Pos!C4370","v":"RYDI"},{"$f":"[1]Pos!D4370","v":3217.5},{"$f":"[1]Pos!E4370","v":8.27}]
[{"$f":"[1]Pos!A4371","v":"5222B05"},{"$f":"[1]Pos!B4371","v":"PO-0019522"},{"$f":"[1]Pos!C4371","v":"RYDI"},{"$f":"[1]Pos!D4371","v":1752.5},{"$f":"[1]Pos!E4371","v":4.17}]
[{"$f":"[1]Pos!A4372","v":"5222B06"},{"$f":"[1]Pos!B4372","v":"PO-0019531"},{"$f":"[1]Pos!C4372","v":"WHIT"},{"$f":"[1]Pos!D4372","v":49.64},{"$f":"[1]Pos!E4372","v":10.5}]
[{"$f":"[1]Pos!A4373","v":"5222EM01"},{"$f":"[1]Pos!B4373","v":"PO-0019512"},{"$f":"[1]Pos!C4373","v":"BEL"},{"$f":"[1]Pos!D4373","v":1200},{"$f":"[1]Pos!E4373","v":0.432}]
[{"$f":"[1]Pos!A4374","v":"5222EM02"},{"$f":"[1]Pos!B4374","v":"PO-0019512"},{"$f":"[1]Pos!C4374","v":"BEL"},{"$f":"[1]Pos!D4374","v":1200},{"$f":"[1]Pos!E4374","v":0.626}]
[{"$f":"[1]Pos!A4375","v":"5222EM03"},{"$f":"[1]Pos!B4375","v":"PO-0019512"},{"$f":"[1]Pos!C4375","v":"BEL"},{"$f":"[1]Pos!D4375","v":2400},{"$f":"[1]Pos!E4375","v":0.48}]
[{"$f":"[1]Pos!A4376","v":"5222P01"},{"$f":"[1]Pos!B4376","v":"PO-0019515"},{"$f":"[1]Pos!C4376","v":"EXCE"},{"$f":"[1]Pos!D4376","v":1284.31},{"$f":"[1]Pos!E4376","v":5.4}]
[{"$f":"[1]Pos!A4377","v":"5222P02"},{"$f":"[1]Pos!B4377","v":"PO-0019515"},{"$f":"[1]Pos!C4377","v":"EXCE"},{"$f":"[1]Pos!D4377","v":269.58},{"$f":"[1]Pos!E4377","v":4.04}]
[{"$f":"[1]Pos!A4378","v":"5222P03"},{"$f":"[1]Pos!B4378","v":"PO-0019515"},{"$f":"[1]Pos!C4378","v":"EXCE"},{"$f":"[1]Pos!D4378","v":26.85},{"$f":"[1]Pos!E4378","v":4.04}]
[{"$f":"[1]Pos!A4379","v":"5222P04"},{"$f":"[1]Pos!B4379","v":"PO-0019530"},{"$f":"[1]Pos!C4379","v":"ACCU"},{"$f":"[1]Pos!D4379","v":1704.74},{"$f":"[1]Pos!E4379","v":5.45}]
[{"$f":"[1]Pos!A4380","v":"5222P05"},{"$f":"[1]Pos!B4380","v":"PO-0019537"},{"$f":"[1]Pos!C4380","v":"SUNC"},{"$f":"[1]Pos!D4380","v":3628.8},{"$f":"[1]Pos!E4380","v":6.85}]
[{"$f":"[1]Pos!A4381","v":"5223AS01"},{"$f":"[1]Pos!B4381","v":"PO-0019535"},{"$f":"[1]Pos!C4381","v":"BSA"},{"$f":"[1]Pos!D4381","v":200},{"$f":"[1]Pos!E4381","v":0.39}]
[{"$f":"[1]Pos!A4382","v":"5223B01"},{"$f":"[1]Pos!B4382","v":"PO-0019519"},{"$f":"[1]Pos!C4382","v":"LARO"},{"$f":"[1]Pos!D4382","v":554.5},{"$f":"[1]Pos!E4382","v":7.89}]
[{"$f":"[1]Pos!A4383","v":"5223B02"},{"$f":"[1]Pos!B4383","v":"PO-0019531"},{"$f":"[1]Pos!C4383","v":"WHIT"},{"$f":"[1]Pos!D4383","v":100.22},{"$f":"[1]Pos!E4383","v":8.9}]
[{"$f":"[1]Pos!A4384","v":"5223B03"},{"$f":"[1]Pos!B4384","v":"PO-0019550"},{"$f":"[1]Pos!C4384","v":"DECA"},{"$f":"[1]Pos!D4384","v":112.3},{"$f":"[1]Pos!E4384","v":3.08}]
[{"$f":"[1]Pos!A4385","v":"5223B04"},{"$f":"[1]Pos!B4385","v":"PO-0019558"},{"$f":"[1]Pos!C4385","v":"LARO"},{"$f":"[1]Pos!D4385","v":409.84},{"$f":"[1]Pos!E4385","v":5.35}]
[{"$f":"[1]Pos!A4386","v":"5223B05"},{"$f":"[1]Pos!B4386","v":"PO-0019577"},{"$f":"[1]Pos!C4386","v":"DECA"},{"$f":"[1]Pos!D4386","v":684.26},{"$f":"[1]Pos!E4386","v":10.25}]
[{"$f":"[1]Pos!A4387","v":"5223B06"},{"$f":"[1]Pos!B4387","v":"PO-0019705"},{"$f":"[1]Pos!C4387","v":"DECA"},{"$f":"[1]Pos!D4387","v":584.64},{"$f":"[1]Pos!E4387","v":14.95}]
[{"$f":"[1]Pos!A4388","v":"5223B07"},{"$f":"[1]Pos!B4388","v":"PO-0020528"},{"$f":"[1]Pos!C4388","v":"CHIS"},{"$f":"[1]Pos!D4388","v":4831.4799999999996},{"$f":"[1]Pos!E4388","v":2.0499999999999998}]
[{"$f":"[1]Pos!A4389","v":"5223P01"},{"$f":"[1]Pos!B4389","v":"PO-0019509"},{"$f":"[1]Pos!C4389","v":"DESC"},{"$f":"[1]Pos!D4389","v":4758},{"$f":"[1]Pos!E4389","v":7.3}]
[{"$f":"[1]Pos!A4390","v":"5223P02"},{"$f":"[1]Pos!B4390","v":"PO-0019524"},{"$f":"[1]Pos!C4390","v":99},{"$f":"[1]Pos!D4390","v":73.31},{"$f":"[1]Pos!E4390","v":5.15}]
[{"$f":"[1]Pos!A4391","v":"5223P03"},{"$f":"[1]Pos!B4391","v":"PO-0019529"},{"$f":"[1]Pos!C4391","v":"EXCE"},{"$f":"[1]Pos!D4391","v":1290.22},{"$f":"[1]Pos!E4391","v":3.4}]
[{"$f":"[1]Pos!A4392","v":"5223P04"},{"$f":"[1]Pos!B4392","v":"PO-0019533"},{"$f":"[1]Pos!C4392","v":"EXCE"},{"$f":"[1]Pos!D4392","v":1281.03},{"$f":"[1]Pos!E4392","v":3.4}]
[{"$f":"[1]Pos!A4393","v":"5223P05"},{"$f":"[1]Pos!B4393","v":"PO-0019549"},{"$f":"[1]Pos!C4393","v":"CENT"},{"$f":"[1]Pos!D4393","v":544.32000000000005},{"$f":"[1]Pos!E4393","v":4.9000000000000004}]
[{"$f":"[1]Pos!A4394","v":"5224B01"},{"$f":"[1]Pos!B4394","v":"PO-0019532"},{"$f":"[1]Pos!C4394","v":"BOUC"},{"$f":"[1]Pos!D4394","v":174.88},{"$f":"[1]Pos!E4394","v":3.77}]
[{"$f":"[1]Pos!A4395","v":"5224B02"},{"$f":"[1]Pos!B4395","v":"PO-0019521"},{"$f":"[1]Pos!C4395","v":"RYDI"},{"$f":"[1]Pos!D4395","v":408.5},{"$f":"[1]Pos!E4395","v":8.27}]
[{"$f":"[1]Pos!A4396","v":"5224B03"},{"$f":"[1]Pos!B4396","v":"PO-0020528"},{"$f":"[1]Pos!C4396","v":"CHIS"},{"$f":"[1]Pos!D4396","v":6432.02},{"$f":"[1]Pos!E4396","v":2.0499999999999998}]
[{"$f":"[1]Pos!A4397","v":"5224EM01"},{"$f":"[1]Pos!B4397","v":"PO-0019528"},{"$f":"[1]Pos!C4397","v":"BEL"},{"$f":"[1]Pos!D4397","v":2000},{"$f":"[1]Pos!E4397","v":0.69099999999999995}]
[{"$f":"[1]Pos!A4398","v":"5224EM02"},{"$f":"[1]Pos!B4398","v":"PO-0019528"},{"$f":"[1]Pos!C4398","v":"BEL"},{"$f":"[1]Pos!D4398","v":1200},{"$f":"[1]Pos!E4398","v":0.48}]
[{"$f":"[1]Pos!A4399","v":"5224EM03"},{"$f":"[1]Pos!B4399","v":"PO-0019528"},{"$f":"[1]Pos!C4399","v":"BEL"},{"$f":"[1]Pos!D4399","v":1200},{"$f":"[1]Pos!E4399","v":0.432}]
[{"$f":"[1]Pos!A4400","v":"5224EM04"},{"$f":"[1]Pos!B4400","v":"PO-0019528"},{"$f":"[1]Pos!C4400","v":"BEL"},{"$f":"[1]Pos!D4400","v":500},{"$f":"[1]Pos!E4400","v":0.6}]
[{"$f":"[1]Pos!A4401","v":"5224P01"},{"$f":"[1]Pos!B4401","v":"PO-0019545"},{"$f":"[1]Pos!C4401","v":"EXCE"},{"$f":"[1]Pos!D4401","v":1284.98},{"$f":"[1]Pos!E4401","v":5.4}]
[{"$f":"[1]Pos!A4402","v":"5224P02"},{"$f":"[1]Pos!B4402","v":"PO-0019538"},{"$f":"[1]Pos!C4402","v":"MOND"},{"$f":"[1]Pos!D4402","v":2268},{"$f":"[1]Pos!E4402","v":6.4}]
[{"$f":"[1]Pos!A4403","v":"5225AS01"},{"$f":"[1]Pos!B4403","v":"PO-0019592"},{"$f":"[1]Pos!C4403","v":"MONTO"},{"$f":"[1]Pos!D4403","v":500},{"$f":"[1]Pos!E4403","v":7.94}]
[{"$f":"[1]Pos!A4404","v":"5225B01"},{"$f":"[1]Pos!B4404","v":"PO-0019550"},{"$f":"[1]Pos!C4404","v":"DECA"},{"$f":"[1]Pos!D4404","v":91.04},{"$f":"[1]Pos!E4404","v":3.89}]
[{"$f":"[1]Pos!A4405","v":"5225B02"},{"$f":"[1]Pos!B4405","v":"PO-0019560"},{"$f":"[1]Pos!C4405","v":"DELF"},{"$f":"[1]Pos!D4405","v":823.59},{"$f":"[1]Pos!E4405","v":9.25}]
[{"$f":"[1]Pos!A4406","v":"5225B03"},{"$f":"[1]Pos!B4406","v":"PO-0021407"},{"$f":"[1]Pos!C4406","v":"C&C"},{"$f":"[1]Pos!D4406","v":1959.84},{"$f":"[1]Pos!E4406","v":2.4500000000000002}]
[{"$f":"[1]Pos!A4407","v":"5225EM01"},{"$f":"[1]Pos!B4407","v":"PO-0019542"},{"$f":"[1]Pos!C4407","v":"BEL"},{"$f":"[1]Pos!D4407","v":500},{"$f":"[1]Pos!E4407","v":0.746}]
[{"$f":"[1]Pos!A4408","v":"5225EM02"},{"$f":"[1]Pos!B4408","v":"PO-0019543"},{"$f":"[1]Pos!C4408","v":"UNIP"},{"$f":"[1]Pos!D4408","v":230000},{"$f":"[1]Pos!E4408","v":0.13650000000000001}]
[{"$f":"[1]Pos!A4409","v":"5225EM03"},{"$f":"[1]Pos!B4409","v":"PO-0019543"},{"$f":"[1]Pos!C4409","v":"UNIP"},{"$f":"[1]Pos!D4409","v":2400},{"$f":"[1]Pos!E4409","v":0.46978999999999999}]
[{"$f":"[1]Pos!A4410","v":"5225EM04"},{"$f":"[1]Pos!B4410","v":"PO-0019543"},{"$f":"[1]Pos!C4410","v":"UNIP"},{"$f":"[1]Pos!D4410","v":14400},{"$f":"[1]Pos!E4410","v":0.29499999999999998}]
[{"$f":"[1]Pos!A4411","v":"5225P01"},{"$f":"[1]Pos!B4411","v":"PO-0019547"},{"$f":"[1]Pos!C4411","v":"EXCE"},{"$f":"[1]Pos!D4411","v":816.15},{"$f":"[1]Pos!E4411","v":3.4}]
[{"$f":"[1]Pos!A4412","v":"5225P02"},{"$f":"[1]Pos!B4412","v":"PO-0019563"},{"$f":"[1]Pos!C4412","v":"DESC"},{"$f":"[1]Pos!D4412","v":5443.2},{"$f":"[1]Pos!E4412","v":4.5999999999999996}]
[{"$f":"[1]Pos!A4413","v":"5225P03"},{"$f":"[1]Pos!B4413","v":"PO-0019565"},{"$f":"[1]Pos!C4413","v":"SUNC"},{"$f":"[1]Pos!D4413","v":3628},{"$f":"[1]Pos!E4413","v":6.5}]
[{"$f":"[1]Pos!A4414","v":"5225P04"},{"$f":"[1]Pos!B4414","v":"PO-0019559"},{"$f":"[1]Pos!C4414","v":"CENT"},{"$f":"[1]Pos!D4414","v":2721.6},{"$f":"[1]Pos!E4414","v":4.9000000000000004}]
[{"$f":"[1]Pos!A4415","v":"5226AS01"},{"$f":"[1]Pos!B4415","v":"PO-0019689"},{"$f":"[1]Pos!C4415","v":"BSA"},{"$f":"[1]Pos!D4415","v":200},{"$f":"[1]Pos!E4415","v":6.34}]
[{"$f":"[1]Pos!A4416","v":"5226B01"},{"$f":"[1]Pos!B4416","v":"PO-0019556"},{"$f":"[1]Pos!C4416","v":"DECA"},{"$f":"[1]Pos!D4416","v":76},{"$f":"[1]Pos!E4416","v":3.59}]
[{"$f":"[1]Pos!A4417","v":"5226B02"},{"$f":"[1]Pos!B4417","v":"PO-0019598"},{"$f":"[1]Pos!C4417","v":"DECA"},{"$f":"[1]Pos!D4417","v":236.45770200000001},{"$f":"[1]Pos!E4417","v":4.0199999999999996}]
[{"$f":"[1]Pos!A4418","v":"5226B03"},{"$f":"[1]Pos!B4418","v":"PO-0020342"},{"$f":"[1]Pos!C4418","v":"CHIS"},{"$f":"[1]Pos!D4418","v":1834.45},{"$f":"[1]Pos!E4418","v":9.65}]
[{"$f":"[1]Pos!A4419","v":"5226EM01"},{"$f":"[1]Pos!B4419","v":"PO-0019557"},{"$f":"[1]Pos!C4419","v":"BEL"},{"$f":"[1]Pos!D4419","v":1200},{"$f":"[1]Pos!E4419","v":0.626}]
[{"$f":"[1]Pos!A4420","v":"5226P01"},{"$f":"[1]Pos!B4420","v":"PO-0019563"},{"$f":"[1]Pos!C4420","v":"DESC"},{"$f":"[1]Pos!D4420","v":7257.6},{"$f":"[1]Pos!E4420","v":7.05}]
[{"$f":"[1]Pos!A4421","v":"5226P02"},{"$f":"[1]Pos!B4421","v":"PO-0019559"},{"$f":"[1]Pos!C4421","v":"CENT"},{"$f":"[1]Pos!D4421","v":1609.17},{"$f":"[1]Pos!E4421","v":5}]
[{"$f":"[1]Pos!A4422","v":"5226P03"},{"$f":"[1]Pos!B4422","v":"PO-0019566"},{"$f":"[1]Pos!C4422","v":"MOND"},{"$f":"[1]Pos!D4422","v":3628.8},{"$f":"[1]Pos!E4422","v":6.45}]
[{"$f":"[1]Pos!A4423","v":"5226P04"},{"$f":"[1]Pos!B4423","v":"PO-0019567"},{"$f":"[1]Pos!C4423","v":"MOND"},{"$f":"[1]Pos!D4423","v":7888.6},{"$f":"[1]Pos!E4423","v":6.85}]
[{"$f":"[1]Pos!A4424","v":"5226P05"},{"$f":"[1]Pos!B4424","v":"PO-0019562"},{"$f":"[1]Pos!C4424","v":"ACCU"},{"$f":"[1]Pos!D4424","v":900},{"$f":"[1]Pos!E4424","v":5.5}]
[{"$f":"[1]Pos!A4425","v":"5226P06"},{"$f":"[1]Pos!B4425","v":"PO-0019562"},{"$f":"[1]Pos!C4425","v":"ACCU"},{"$f":"[1]Pos!D4425","v":1514.76},{"$f":"[1]Pos!E4425","v":5.5}]
[{"$f":"[1]Pos!A4426","v":"5226P07"},{"$f":"[1]Pos!B4426","v":"PO-0019587"},{"$f":"[1]Pos!C4426","v":99},{"$f":"[1]Pos!D4426","v":55.08},{"$f":"[1]Pos!E4426","v":2.95}]
[{"$f":"[1]Pos!A4427","v":"5232B01"},{"$f":"[1]Pos!B4427","v":"PO-0019561"},{"$f":"[1]Pos!C4427","v":"BOUC"},{"$f":"[1]Pos!D4427","v":157.1},{"$f":"[1]Pos!E4427","v":4.0199999999999996}]
[{"$f":"[1]Pos!A4428","v":"5232B02"},{"$f":"[1]Pos!B4428","v":"PO-0019576"},{"$f":"[1]Pos!C4428","v":"RYDI"},{"$f":"[1]Pos!D4428","v":416.5},{"$f":"[1]Pos!E4428","v":8.1300000000000008}]
[{"$f":"[1]Pos!A4429","v":"5232B03"},{"$f":"[1]Pos!B4429","v":"PO-0019576"},{"$f":"[1]Pos!C4429","v":"RYDI"},{"$f":"[1]Pos!D4429","v":1689.5},{"$f":"[1]Pos!E4429","v":4.2300000000000004}]
[{"$f":"[1]Pos!A4430","v":"5232B04"},{"$f":"[1]Pos!B4430","v":"PO-0019576"},{"$f":"[1]Pos!C4430","v":"RYDI"},{"$f":"[1]Pos!D4430","v":1697},{"$f":"[1]Pos!E4430","v":8.44}]
[{"$f":"[1]Pos!A4431","v":"5232B05"},{"$f":"[1]Pos!B4431","v":"PO-0019588"},{"$f":"[1]Pos!C4431","v":"DECA"},{"$f":"[1]Pos!D4431","v":44.26},{"$f":"[1]Pos!E4431","v":4}]
[{"$f":"[1]Pos!A4432","v":"5232B06"},{"$f":"[1]Pos!B4432","v":"PO-0019685"},{"$f":"[1]Pos!C4432","v":"C&C"},{"$f":"[1]Pos!D4432","v":44.361333999999999},{"$f":"[1]Pos!E4432","v":18.59}]
[{"$f":"[1]Pos!A4433","v":"5232B07"},{"$f":"[1]Pos!B4433","v":"PO-0019673"},{"$f":"[1]Pos!C4433","v":"C&C"},{"$f":"[1]Pos!D4433","v":544.4},{"$f":"[1]Pos!E4433","v":5.29}]
[{"$f":"[1]Pos!A4434","v":"5232B08"},{"$f":"[1]Pos!B4434","v":"PO-0021612"},{"$f":"[1]Pos!C4434","v":"C&C"},{"$f":"[1]Pos!D4434","v":2722},{"$f":"[1]Pos!E4434","v":2.15}]
[{"$f":"[1]Pos!A4435","v":"5232EM01"},{"$f":"[1]Pos!B4435","v":"PO-0019570"},{"$f":"[1]Pos!C4435","v":"BEL"},{"$f":"[1]Pos!D4435","v":600},{"$f":"[1]Pos!E4435","v":0.64500000000000002}]
[{"$f":"[1]Pos!A4436","v":"5232EM02"},{"$f":"[1]Pos!B4436","v":"PO-0019570"},{"$f":"[1]Pos!C4436","v":"BEL"},{"$f":"[1]Pos!D4436","v":600},{"$f":"[1]Pos!E4436","v":0.64500000000000002}]
[{"$f":"[1]Pos!A4437","v":"5232EM03"},{"$f":"[1]Pos!B4437","v":"PO-0019570"},{"$f":"[1]Pos!C4437","v":"BEL"},{"$f":"[1]Pos!D4437","v":2000},{"$f":"[1]Pos!E4437","v":0.69099999999999995}]
[{"$f":"[1]Pos!A4438","v":"5232EM04"},{"$f":"[1]Pos!B4438","v":"PO-0019570"},{"$f":"[1]Pos!C4438","v":"BEL"},{"$f":"[1]Pos!D4438","v":1200},{"$f":"[1]Pos!E4438","v":0.432}]
[{"$f":"[1]Pos!A4439","v":"5232EM05"},{"$f":"[1]Pos!B4439","v":"PO-0019570"},{"$f":"[1]Pos!C4439","v":"BEL"},{"$f":"[1]Pos!D4439","v":2400},{"$f":"[1]Pos!E4439","v":0.48}]
[{"$f":"[1]Pos!A4440","v":"5232EM06"},{"$f":"[1]Pos!B4440","v":"PO-0019570"},{"$f":"[1]Pos!C4440","v":"BEL"},{"$f":"[1]Pos!D4440","v":600},{"$f":"[1]Pos!E4440","v":0.432}]
[{"$f":"[1]Pos!A4441","v":"5232P01"},{"$f":"[1]Pos!B4441","v":"PO-0019569"},{"$f":"[1]Pos!C4441","v":"EXCE"},{"$f":"[1]Pos!D4441","v":1282.97},{"$f":"[1]Pos!E4441","v":5.4}]
[{"$f":"[1]Pos!A4442","v":"5232P02"},{"$f":"[1]Pos!B4442","v":"PO-0019569"},{"$f":"[1]Pos!C4442","v":"EXCE"},{"$f":"[1]Pos!D4442","v":1919.42},{"$f":"[1]Pos!E4442","v":3.4}]
[{"$f":"[1]Pos!A4443","v":"5232P03"},{"$f":"[1]Pos!B4443","v":"PO-0019595"},{"$f":"[1]Pos!C4443","v":"SUNC"},{"$f":"[1]Pos!D4443","v":3628.8},{"$f":"[1]Pos!E4443","v":6.5}]
[{"$f":"[1]Pos!A4444","v":"5233B01"},{"$f":"[1]Pos!B4444","v":"PO-0019579"},{"$f":"[1]Pos!C4444","v":"BOUC"},{"$f":"[1]Pos!D4444","v":94.06},{"$f":"[1]Pos!E4444","v":4.0199999999999996}]
[{"$f":"[1]Pos!A4445","v":"5233B02"},{"$f":"[1]Pos!B4445","v":"PO-0019582"},{"$f":"[1]Pos!C4445","v":"DECA"},{"$f":"[1]Pos!D4445","v":38.64},{"$f":"[1]Pos!E4445","v":3.08}]
[{"$f":"[1]Pos!A4446","v":"5233B03"},{"$f":"[1]Pos!B4446","v":"PO-0019626"},{"$f":"[1]Pos!C4446","v":"DECA"},{"$f":"[1]Pos!D4446","v":108.01},{"$f":"[1]Pos!E4446","v":4.16}]
[{"$f":"[1]Pos!A4447","v":"5233B04"},{"$f":"[1]Pos!B4447","v":"PO-0019839"},{"$f":"[1]Pos!C4447","v":"GEOR"},{"$f":"[1]Pos!D4447","v":206.57},{"$f":"[1]Pos!E4447","v":14.95}]
[{"$f":"[1]Pos!A4448","v":"5233B05"},{"$f":"[1]Pos!B4448","v":"PO-0020528"},{"$f":"[1]Pos!C4448","v":"CHIS"},{"$f":"[1]Pos!D4448","v":2923.65},{"$f":"[1]Pos!E4448","v":2.0499999999999998}]
[{"$f":"[1]Pos!A4449","v":"5233EM01"},{"$f":"[1]Pos!B4449","v":"PO-0019575"},{"$f":"[1]Pos!C4449","v":"UNIP"},{"$f":"[1]Pos!D4449","v":1800},{"$f":"[1]Pos!E4449","v":0.17899999999999999}]
[{"$f":"[1]Pos!A4450","v":"5233P01"},{"$f":"[1]Pos!B4450","v":"PO-0019572"},{"$f":"[1]Pos!C4450","v":"MOND"},{"$f":"[1]Pos!D4450","v":2381.4},{"$f":"[1]Pos!E4450","v":6.75}]
[{"$f":"[1]Pos!A4451","v":"5233P02"},{"$f":"[1]Pos!B4451","v":"PO-0019553"},{"$f":"[1]Pos!C4451","v":"ACCU"},{"$f":"[1]Pos!D4451","v":2160},{"$f":"[1]Pos!E4451","v":5.45}]
[{"$f":"[1]Pos!A4452","v":"5233P03"},{"$f":"[1]Pos!B4452","v":"PO-0019564"},{"$f":"[1]Pos!C4452","v":"DESC"},{"$f":"[1]Pos!D4452","v":9548},{"$f":"[1]Pos!E4452","v":7.35}]
[{"$f":"[1]Pos!A4453","v":"5233P04"},{"$f":"[1]Pos!B4453","v":"PO-0019578"},{"$f":"[1]Pos!C4453","v":"EXCE"},{"$f":"[1]Pos!D4453","v":1267.51},{"$f":"[1]Pos!E4453","v":3.4}]
[{"$f":"[1]Pos!A4454","v":"5233P05"},{"$f":"[1]Pos!B4454","v":"PO-0019584"},{"$f":"[1]Pos!C4454","v":"DESC"},{"$f":"[1]Pos!D4454","v":5443.2},{"$f":"[1]Pos!E4454","v":7.05}]
[{"$f":"[1]Pos!A4455","v":"5233P06"},{"$f":"[1]Pos!B4455","v":"PO-0019585"},{"$f":"[1]Pos!C4455","v":"MOND"},{"$f":"[1]Pos!D4455","v":3628.8},{"$f":"[1]Pos!E4455","v":6.9}]
[{"$f":"[1]Pos!A4456","v":"5233P07"},{"$f":"[1]Pos!B4456","v":"PO-0019585"},{"$f":"[1]Pos!C4456","v":"MOND"},{"$f":"[1]Pos!D4456","v":3628.8},{"$f":"[1]Pos!E4456","v":6.45}]
[{"$f":"[1]Pos!A4457","v":"5233P08"},{"$f":"[1]Pos!B4457","v":"PO-0019591"},{"$f":"[1]Pos!C4457","v":"DESC"},{"$f":"[1]Pos!D4457","v":7257.6},{"$f":"[1]Pos!E4457","v":7.35}]
[{"$f":"[1]Pos!A4458","v":"5233P09"},{"$f":"[1]Pos!B4458","v":"PO-0019601"},{"$f":"[1]Pos!C4458","v":"CENT"},{"$f":"[1]Pos!D4458","v":5443.2},{"$f":"[1]Pos!E4458","v":4.9000000000000004}]
[{"$f":"[1]Pos!A4459","v":"5234AS01"},{"$f":"[1]Pos!B4459","v":"PO-0019631"},{"$f":"[1]Pos!C4459","v":"BSA"},{"$f":"[1]Pos!D4459","v":83.2},{"$f":"[1]Pos!E4459","v":12.59}]
[{"$f":"[1]Pos!A4460","v":"5234AS02"},{"$f":"[1]Pos!B4460","v":"PO-0019632"},{"$f":"[1]Pos!C4460","v":"BSA"},{"$f":"[1]Pos!D4460","v":100},{"$f":"[1]Pos!E4460","v":8.4700000000000006}]
[{"$f":"[1]Pos!A4461","v":"5234AS03"},{"$f":"[1]Pos!B4461","v":"PO-0019810"},{"$f":"[1]Pos!C4461","v":"BSA"},{"$f":"[1]Pos!D4461","v":240},{"$f":"[1]Pos!E4461","v":12.59}]
[{"$f":"[1]Pos!A4462","v":"5234B01"},{"$f":"[1]Pos!B4462","v":"PO-0019599"},{"$f":"[1]Pos!C4462","v":"RYDI"},{"$f":"[1]Pos!D4462","v":400},{"$f":"[1]Pos!E4462","v":8.1300000000000008}]
[{"$f":"[1]Pos!A4463","v":"5234B02"},{"$f":"[1]Pos!B4463","v":"PO-0019599"},{"$f":"[1]Pos!C4463","v":"RYDI"},{"$f":"[1]Pos!D4463","v":2490.5},{"$f":"[1]Pos!E4463","v":8.44}]
[{"$f":"[1]Pos!A4464","v":"5234B03"},{"$f":"[1]Pos!B4464","v":"PO-0019598"},{"$f":"[1]Pos!C4464","v":"DECA"},{"$f":"[1]Pos!D4464","v":117.02},{"$f":"[1]Pos!E4464","v":3.08}]
[{"$f":"[1]Pos!A4465","v":"5234B04"},{"$f":"[1]Pos!B4465","v":"PO-0019693"},{"$f":"[1]Pos!C4465","v":"DESC"},{"$f":"[1]Pos!D4465","v":80.78},{"$f":"[1]Pos!E4465","v":14}]
[{"$f":"[1]Pos!A4466","v":"5234B05"},{"$f":"[1]Pos!B4466","v":"PO-0019820"},{"$f":"[1]Pos!C4466","v":"RETA"},{"$f":"[1]Pos!D4466","v":1785.4253229999999},{"$f":"[1]Pos!E4466","v":16.75}]
[{"$f":"[1]Pos!A4467","v":"5234B06"},{"$f":"[1]Pos!B4467","v":"PO-0019937"},{"$f":"[1]Pos!C4467","v":"RETA"},{"$f":"[1]Pos!D4467","v":2605.2946959999999},{"$f":"[1]Pos!E4467","v":16.54}]
[{"$f":"[1]Pos!A4468","v":"5234D01"},{"$f":"[1]Pos!B4468","v":"PO-0019583"},{"$f":"[1]Pos!C4468","v":"FDA"},{"$f":"[1]Pos!D4468","v":72.64},{"$f":"[1]Pos!E4468","v":10.79}]
[{"$f":"[1]Pos!A4469","v":"5234EM01"},{"$f":"[1]Pos!B4469","v":"PO-0019581"},{"$f":"[1]Pos!C4469","v":"BEL"},{"$f":"[1]Pos!D4469","v":1200},{"$f":"[1]Pos!E4469","v":0.626}]
[{"$f":"[1]Pos!A4470","v":"5234EM02"},{"$f":"[1]Pos!B4470","v":"PO-0019581"},{"$f":"[1]Pos!C4470","v":"BEL"},{"$f":"[1]Pos!D4470","v":1200},{"$f":"[1]Pos!E4470","v":0.432}]
[{"$f":"[1]Pos!A4471","v":"5234EM03"},{"$f":"[1]Pos!B4471","v":"PO-0019581"},{"$f":"[1]Pos!C4471","v":"BEL"},{"$f":"[1]Pos!D4471","v":1000},{"$f":"[1]Pos!E4471","v":0.69099999999999995}]
[{"$f":"[1]Pos!A4472","v":"5234EM04"},{"$f":"[1]Pos!B4472","v":"PO-0019581"},{"$f":"[1]Pos!C4472","v":"BEL"},{"$f":"[1]Pos!D4472","v":1000},{"$f":"[1]Pos!E4472","v":0.6}]
[{"$f":"[1]Pos!A4473","v":"5234P01"},{"$f":"[1]Pos!B4473","v":"PO-0019586"},{"$f":"[1]Pos!C4473","v":"EXCE"},{"$f":"[1]Pos!D4473","v":1928.76},{"$f":"[1]Pos!E4473","v":5.4}]
[{"$f":"[1]Pos!A4474","v":"5234P02"},{"$f":"[1]Pos!B4474","v":"PO-0019586"},{"$f":"[1]Pos!C4474","v":"EXCE"},{"$f":"[1]Pos!D4474","v":1282.06},{"$f":"[1]Pos!E4474","v":3.4}]
[{"$f":"[1]Pos!A4475","v":"5234P03"},{"$f":"[1]Pos!B4475","v":"PO-0019596"},{"$f":"[1]Pos!C4475","v":"EXCE"},{"$f":"[1]Pos!D4475","v":1278.6099999999999},{"$f":"[1]Pos!E4475","v":3.4}]
[{"$f":"[1]Pos!A4476","v":"5235B01"},{"$f":"[1]Pos!B4476","v":"PO-0019719"},{"$f":"[1]Pos!C4476","v":"JBS"},{"$f":"[1]Pos!D4476","v":475.95},{"$f":"[1]Pos!E4476","v":18.2}]
[{"$f":"[1]Pos!A4477","v":"5235EM01"},{"$f":"[1]Pos!B4477","v":"PO-0019590"},{"$f":"[1]Pos!C4477","v":"BEL"},{"$f":"[1]Pos!D4477","v":600},{"$f":"[1]Pos!E4477","v":0.626}]
[{"$f":"[1]Pos!A4478","v":"5235EM02"},{"$f":"[1]Pos!B4478","v":"PO-0019590"},{"$f":"[1]Pos!C4478","v":"BEL"},{"$f":"[1]Pos!D4478","v":2000},{"$f":"[1]Pos!E4478","v":0.69099999999999995}]
[{"$f":"[1]Pos!A4479","v":"5235P01"},{"$f":"[1]Pos!B4479","v":"PO-0019589"},{"$f":"[1]Pos!C4479","v":"ACCU"},{"$f":"[1]Pos!D4479","v":1800},{"$f":"[1]Pos!E4479","v":5.35}]
[{"$f":"[1]Pos!A4480","v":"5235P02"},{"$f":"[1]Pos!B4480","v":"PO-0019605"},{"$f":"[1]Pos!C4480","v":"CENT"},{"$f":"[1]Pos!D4480","v":3628.8},{"$f":"[1]Pos!E4480","v":4.9000000000000004}]
[{"$f":"[1]Pos!A4481","v":"5235P03"},{"$f":"[1]Pos!B4481","v":"PO-0019609"},{"$f":"[1]Pos!C4481","v":"SUNC"},{"$f":"[1]Pos!D4481","v":5443.2},{"$f":"[1]Pos!E4481","v":6.4}]
[{"$f":"[1]Pos!A4482","v":"5235P04"},{"$f":"[1]Pos!B4482","v":"PO-0019613"},{"$f":"[1]Pos!C4482","v":"DESC"},{"$f":"[1]Pos!D4482","v":2721.6},{"$f":"[1]Pos!E4482","v":6.95}]
[{"$f":"[1]Pos!A4483","v":"5236AS01"},{"$f":"[1]Pos!B4483","v":"PO-0019603"},{"$f":"[1]Pos!C4483","v":"MMIS"},{"$f":"[1]Pos!D4483","v":128.4},{"$f":"[1]Pos!E4483","v":4.3899999999999997}]
[{"$f":"[1]Pos!A4484","v":"5236AS02"},{"$f":"[1]Pos!B4484","v":"PO-0019603"},{"$f":"[1]Pos!C4484","v":"MMIS"},{"$f":"[1]Pos!D4484","v":84},{"$f":"[1]Pos!E4484","v":5.58}]
[{"$f":"[1]Pos!A4485","v":"5236B01"},{"$f":"[1]Pos!B4485","v":"PO-0019616"},{"$f":"[1]Pos!C4485","v":"LARO"},{"$f":"[1]Pos!D4485","v":541},{"$f":"[1]Pos!E4485","v":7.89}]
[{"$f":"[1]Pos!A4486","v":"5236B02"},{"$f":"[1]Pos!B4486","v":"PO-0019705"},{"$f":"[1]Pos!C4486","v":"DECA"},{"$f":"[1]Pos!D4486","v":494.87},{"$f":"[1]Pos!E4486","v":10.39}]
[{"$f":"[1]Pos!A4487","v":"5236B03"},{"$f":"[1]Pos!B4487","v":"PO-0020104"},{"$f":"[1]Pos!C4487","v":"DECA"},{"$f":"[1]Pos!D4487","v":40.799999999999997},{"$f":"[1]Pos!E4487","v":2.2000000000000002}]
[{"$f":"[1]Pos!A4488","v":"5236EM01"},{"$f":"[1]Pos!B4488","v":"PO-0019995"},{"$f":"[1]Pos!C4488","v":"UNIP"},{"$f":"[1]Pos!D4488","v":28800},{"$f":"[1]Pos!E4488","v":0.29499999999999998}]
[{"$f":"[1]Pos!A4489","v":"5236P01"},{"$f":"[1]Pos!B4489","v":"PO-0019602"},{"$f":"[1]Pos!C4489","v":"MOND"},{"$f":"[1]Pos!D4489","v":1814.4},{"$f":"[1]Pos!E4489","v":6.45}]
[{"$f":"[1]Pos!A4490","v":"5236P02"},{"$f":"[1]Pos!B4490","v":"PO-0019602"},{"$f":"[1]Pos!C4490","v":"MOND"},{"$f":"[1]Pos!D4490","v":907},{"$f":"[1]Pos!E4490","v":6.9}]
[{"$f":"[1]Pos!A4491","v":"5236P03"},{"$f":"[1]Pos!B4491","v":"PO-0019606"},{"$f":"[1]Pos!C4491","v":"EXCE"},{"$f":"[1]Pos!D4491","v":461.4},{"$f":"[1]Pos!E4491","v":3}]
[{"$f":"[1]Pos!A4492","v":"5236P04"},{"$f":"[1]Pos!B4492","v":"PO-0019607"},{"$f":"[1]Pos!C4492","v":"EXCE"},{"$f":"[1]Pos!D4492","v":458.21},{"$f":"[1]Pos!E4492","v":3}]
[{"$f":"[1]Pos!A4493","v":"5236P05"},{"$f":"[1]Pos!B4493","v":"PO-0019607"},{"$f":"[1]Pos!C4493","v":"EXCE"},{"$f":"[1]Pos!D4493","v":134.97},{"$f":"[1]Pos!E4493","v":4.04}]
[{"$f":"[1]Pos!A4494","v":"5236P06"},{"$f":"[1]Pos!B4494","v":"PO-0019610"},{"$f":"[1]Pos!C4494","v":"MOND"},{"$f":"[1]Pos!D4494","v":4536},{"$f":"[1]Pos!E4494","v":6.85}]
[{"$f":"[1]Pos!A4495","v":"5236P07"},{"$f":"[1]Pos!B4495","v":"PO-0019618"},{"$f":"[1]Pos!C4495","v":"CENT"},{"$f":"[1]Pos!D4495","v":1814.4},{"$f":"[1]Pos!E4495","v":4.9000000000000004}]
[{"$f":"[1]Pos!A4496","v":"5237B01"},{"$f":"[1]Pos!B4496","v":"PO-0019614"},{"$f":"[1]Pos!C4496","v":"DECA"},{"$f":"[1]Pos!D4496","v":24.02},{"$f":"[1]Pos!E4496","v":4.34}]
[{"$f":"[1]Pos!A4497","v":"5237P01"},{"$f":"[1]Pos!B4497","v":"PO-0019607"},{"$f":"[1]Pos!C4497","v":"EXCE"},{"$f":"[1]Pos!D4497","v":1926.85},{"$f":"[1]Pos!E4497","v":5.5}]
[{"$f":"[1]Pos!A4498","v":"5242B01"},{"$f":"[1]Pos!B4498","v":"PO-0019623"},{"$f":"[1]Pos!C4498","v":"RYDI"},{"$f":"[1]Pos!D4498","v":404.5},{"$f":"[1]Pos!E4498","v":8.27}]
[{"$f":"[1]Pos!A4499","v":"5242B02"},{"$f":"[1]Pos!B4499","v":"PO-0019623"},{"$f":"[1]Pos!C4499","v":"RYDI"},{"$f":"[1]Pos!D4499","v":1670},{"$f":"[1]Pos!E4499","v":8.42}]
[{"$f":"[1]Pos!A4500","v":"5242B03"},{"$f":"[1]Pos!B4500","v":"PO-0019623"},{"$f":"[1]Pos!C4500","v":"RYDI"},{"$f":"[1]Pos!D4500","v":1651},{"$f":"[1]Pos!E4500","v":4.25}]
[{"$f":"[1]Pos!A4501","v":"5242B04"},{"$f":"[1]Pos!B4501","v":"PO-0019626"},{"$f":"[1]Pos!C4501","v":"DECA"},{"$f":"[1]Pos!D4501","v":81.87},{"$f":"[1]Pos!E4501","v":2.98}]
[{"$f":"[1]Pos!A4502","v":"5242B05"},{"$f":"[1]Pos!B4502","v":"PO-0019617"},{"$f":"[1]Pos!C4502","v":"LARO"},{"$f":"[1]Pos!D4502","v":599},{"$f":"[1]Pos!E4502","v":7.89}]
[{"$f":"[1]Pos!A4503","v":"5242B06"},{"$f":"[1]Pos!B4503","v":"PO-0019627"},{"$f":"[1]Pos!C4503","v":"WHIT"},{"$f":"[1]Pos!D4503","v":170.88},{"$f":"[1]Pos!E4503","v":14.5}]
[{"$f":"[1]Pos!A4504","v":"5242B07"},{"$f":"[1]Pos!B4504","v":"PO-0019693"},{"$f":"[1]Pos!C4504","v":"DESC"},{"$f":"[1]Pos!D4504","v":333.28},{"$f":"[1]Pos!E4504","v":4}]
[{"$f":"[1]Pos!A4505","v":"5242EM01"},{"$f":"[1]Pos!B4505","v":"PO-0019611"},{"$f":"[1]Pos!C4505","v":"HANE"},{"$f":"[1]Pos!D4505","v":25600},{"$f":"[1]Pos!E4505","v":0.29399999999999998}]
[{"$f":"[1]Pos!A4506","v":"5242P01"},{"$f":"[1]Pos!B4506","v":"PO-0019608"},{"$f":"[1]Pos!C4506","v":"CENT"},{"$f":"[1]Pos!D4506","v":3000},{"$f":"[1]Pos!E4506","v":7}]
[{"$f":"[1]Pos!A4507","v":"5242P02"},{"$f":"[1]Pos!B4507","v":"PO-0019634"},{"$f":"[1]Pos!C4507","v":"SUNC"},{"$f":"[1]Pos!D4507","v":3628.8},{"$f":"[1]Pos!E4507","v":6.35}]
[{"$f":"[1]Pos!A4508","v":"5242P03"},{"$f":"[1]Pos!B4508","v":"PO-0019628"},{"$f":"[1]Pos!C4508","v":"CENT"},{"$f":"[1]Pos!D4508","v":907.2},{"$f":"[1]Pos!E4508","v":4.9000000000000004}]
[{"$f":"[1]Pos!A4509","v":"5242P04"},{"$f":"[1]Pos!B4509","v":"PO-0019647"},{"$f":"[1]Pos!C4509","v":"SUNC"},{"$f":"[1]Pos!D4509","v":907.2},{"$f":"[1]Pos!E4509","v":6.35}]
[{"$f":"[1]Pos!A4510","v":"5243AS01"},{"$f":"[1]Pos!B4510","v":"PO-0019690"},{"$f":"[1]Pos!C4510","v":"BSA"},{"$f":"[1]Pos!D4510","v":80},{"$f":"[1]Pos!E4510","v":14.95}]
[{"$f":"[1]Pos!A4511","v":"5243AS02"},{"$f":"[1]Pos!B4511","v":"PO-0020130"},{"$f":"[1]Pos!C4511","v":"BSA"},{"$f":"[1]Pos!D4511","v":38.4},{"$f":"[1]Pos!E4511","v":14.95}]
[{"$f":"[1]Pos!A4512","v":"5243B01"},{"$f":"[1]Pos!B4512","v":"PO-0019693"},{"$f":"[1]Pos!C4512","v":"DESC"},{"$f":"[1]Pos!D4512","v":2661.38},{"$f":"[1]Pos!E4512","v":4.5}]
[{"$f":"[1]Pos!A4513","v":"5243B02"},{"$f":"[1]Pos!B4513","v":"PO-0019693"},{"$f":"[1]Pos!C4513","v":"DESC"},{"$f":"[1]Pos!D4513","v":110.03},{"$f":"[1]Pos!E4513","v":4.75}]
[{"$f":"[1]Pos!A4514","v":"5243B03"},{"$f":"[1]Pos!B4514","v":"PO-0019693"},{"$f":"[1]Pos!C4514","v":"DESC"},{"$f":"[1]Pos!D4514","v":213.56},{"$f":"[1]Pos!E4514","v":7.5}]
[{"$f":"[1]Pos!A4515","v":"5243B04"},{"$f":"[1]Pos!B4515","v":"PO-0019693"},{"$f":"[1]Pos!C4515","v":"DESC"},{"$f":"[1]Pos!D4515","v":646.46},{"$f":"[1]Pos!E4515","v":4.95}]
[{"$f":"[1]Pos!A4516","v":"5243P01"},{"$f":"[1]Pos!B4516","v":"PO-0019618"},{"$f":"[1]Pos!C4516","v":"CENT"},{"$f":"[1]Pos!D4516","v":1500},{"$f":"[1]Pos!E4516","v":7}]
[{"$f":"[1]Pos!A4517","v":"5243P02"},{"$f":"[1]Pos!B4517","v":"PO-0019620"},{"$f":"[1]Pos!C4517","v":"EXCE"},{"$f":"[1]Pos!D4517","v":18.329999999999998},{"$f":"[1]Pos!E4517","v":3.5}]
[{"$f":"[1]Pos!A4518","v":"5243P03"},{"$f":"[1]Pos!B4518","v":"PO-0019620"},{"$f":"[1]Pos!C4518","v":"EXCE"},{"$f":"[1]Pos!D4518","v":18.41},{"$f":"[1]Pos!E4518","v":2.4500000000000002}]
[{"$f":"[1]Pos!A4519","v":"5243P04"},{"$f":"[1]Pos!B4519","v":"PO-0019620"},{"$f":"[1]Pos!C4519","v":"EXCE"},{"$f":"[1]Pos!D4519","v":18.36},{"$f":"[1]Pos!E4519","v":5.4}]
[{"$f":"[1]Pos!A4520","v":"5243P05"},{"$f":"[1]Pos!B4520","v":"PO-0019620"},{"$f":"[1]Pos!C4520","v":"EXCE"},{"$f":"[1]Pos!D4520","v":642.45000000000005},{"$f":"[1]Pos!E4520","v":5.5}]
[{"$f":"[1]Pos!A4521","v":"5243P06"},{"$f":"[1]Pos!B4521","v":"PO-0019620"},{"$f":"[1]Pos!C4521","v":"EXCE"},{"$f":"[1]Pos!D4521","v":632.70000000000005},{"$f":"[1]Pos!E4521","v":3.4}]
[{"$f":"[1]Pos!A4522","v":"5243P07"},{"$f":"[1]Pos!B4522","v":"PO-0019629"},{"$f":"[1]Pos!C4522","v":"MOND"},{"$f":"[1]Pos!D4522","v":907.2},{"$f":"[1]Pos!E4522","v":6.8}]
[{"$f":"[1]Pos!A4523","v":"5243P08"},{"$f":"[1]Pos!B4523","v":"PO-0019644"},{"$f":"[1]Pos!C4523","v":"CENT"},{"$f":"[1]Pos!D4523","v":1814.4},{"$f":"[1]Pos!E4523","v":4.9000000000000004}]
[{"$f":"[1]Pos!A4524","v":"5244B01"},{"$f":"[1]Pos!B4524","v":"PO-0019627"},{"$f":"[1]Pos!C4524","v":"WHIT"},{"$f":"[1]Pos!D4524","v":26.58},{"$f":"[1]Pos!E4524","v":20}]
[{"$f":"[1]Pos!A4525","v":"5244B02"},{"$f":"[1]Pos!B4525","v":"PO-0019678"},{"$f":"[1]Pos!C4525","v":"C&C"},{"$f":"[1]Pos!D4525","v":223.258545},{"$f":"[1]Pos!E4525","v":4.29}]
[{"$f":"[1]Pos!A4526","v":"5244B03"},{"$f":"[1]Pos!B4526","v":"PO-0019754"},{"$f":"[1]Pos!C4526","v":"DECA"},{"$f":"[1]Pos!D4526","v":155.99041600000001},{"$f":"[1]Pos!E4526","v":8.18}]
[{"$f":"[1]Pos!A4527","v":"5244B04"},{"$f":"[1]Pos!B4527","v":"PO-0020528"},{"$f":"[1]Pos!C4527","v":"CHIS"},{"$f":"[1]Pos!D4527","v":4816.71},{"$f":"[1]Pos!E4527","v":2.0499999999999998}]
[{"$f":"[1]Pos!A4528","v":"5244EM01"},{"$f":"[1]Pos!B4528","v":"PO-0019622"},{"$f":"[1]Pos!C4528","v":"BEL"},{"$f":"[1]Pos!D4528","v":1200},{"$f":"[1]Pos!E4528","v":0.432}]
[{"$f":"[1]Pos!A4529","v":"5244EM02"},{"$f":"[1]Pos!B4529","v":"PO-0019622"},{"$f":"[1]Pos!C4529","v":"BEL"},{"$f":"[1]Pos!D4529","v":1000},{"$f":"[1]Pos!E4529","v":0.6}]
[{"$f":"[1]Pos!A4530","v":"5244P01"},{"$f":"[1]Pos!B4530","v":"PO-0019625"},{"$f":"[1]Pos!C4530","v":"EXCE"},{"$f":"[1]Pos!D4530","v":642.16},{"$f":"[1]Pos!E4530","v":5.5}]
[{"$f":"[1]Pos!A4531","v":"5244P02"},{"$f":"[1]Pos!B4531","v":"PO-0019625"},{"$f":"[1]Pos!C4531","v":"EXCE"},{"$f":"[1]Pos!D4531","v":1280.01},{"$f":"[1]Pos!E4531","v":3.4}]
[{"$f":"[1]Pos!A4532","v":"5245B01"},{"$f":"[1]Pos!B4532","v":"PO-0019624"},{"$f":"[1]Pos!C4532","v":"RYDI"},{"$f":"[1]Pos!D4532","v":411.5},{"$f":"[1]Pos!E4532","v":8.1300000000000008}]
[{"$f":"[1]Pos!A4533","v":"5245B02"},{"$f":"[1]Pos!B4533","v":"PO-0019627"},{"$f":"[1]Pos!C4533","v":"WHIT"},{"$f":"[1]Pos!D4533","v":130.94},{"$f":"[1]Pos!E4533","v":8.9}]
[{"$f":"[1]Pos!A4534","v":"5245B03"},{"$f":"[1]Pos!B4534","v":"PO-0019639"},{"$f":"[1]Pos!C4534","v":"RYDI"},{"$f":"[1]Pos!D4534","v":411},{"$f":"[1]Pos!E4534","v":8.1300000000000008}]
[{"$f":"[1]Pos!A4535","v":"5245B04"},{"$f":"[1]Pos!B4535","v":"PO-0019639"},{"$f":"[1]Pos!C4535","v":"RYDI"},{"$f":"[1]Pos!D4535","v":850},{"$f":"[1]Pos!E4535","v":7.5}]
[{"$f":"[1]Pos!A4536","v":"5245B05"},{"$f":"[1]Pos!B4536","v":"PO-0019705"},{"$f":"[1]Pos!C4536","v":"DECA"},{"$f":"[1]Pos!D4536","v":636.48081200000001},{"$f":"[1]Pos!E4536","v":18.29}]
[{"$f":"[1]Pos!A4537","v":"5245B06"},{"$f":"[1]Pos!B4537","v":"PO-0019721"},{"$f":"[1]Pos!C4537","v":"CHIS"},{"$f":"[1]Pos!D4537","v":17529.68},{"$f":"[1]Pos!E4537","v":2.25}]
[{"$f":"[1]Pos!A4538","v":"5245B07"},{"$f":"[1]Pos!B4538","v":"PO-0020397"},{"$f":"[1]Pos!C4538","v":"C&C"},{"$f":"[1]Pos!D4538","v":5444},{"$f":"[1]Pos!E4538","v":2.4}]
[{"$f":"[1]Pos!A4539","v":"5245B08"},{"$f":"[1]Pos!B4539","v":"PO-0021033"},{"$f":"[1]Pos!C4539","v":"C&C"},{"$f":"[1]Pos!D4539","v":932.7},{"$f":"[1]Pos!E4539","v":9.49}]
[{"$f":"[1]Pos!A4540","v":"5245B09"},{"$f":"[1]Pos!B4540","v":"PO-0021280"},{"$f":"[1]Pos!C4540","v":"C&C"},{"$f":"[1]Pos!D4540","v":940.7},{"$f":"[1]Pos!E4540","v":9.49}]
[{"$f":"[1]Pos!A4541","v":"5245EM01"},{"$f":"[1]Pos!B4541","v":"PO-0019635"},{"$f":"[1]Pos!C4541","v":"BEL"},{"$f":"[1]Pos!D4541","v":1408},{"$f":"[1]Pos!E4541","v":0.626}]
[{"$f":"[1]Pos!A4542","v":"5245EM02"},{"$f":"[1]Pos!B4542","v":"PO-0019635"},{"$f":"[1]Pos!C4542","v":"BEL"},{"$f":"[1]Pos!D4542","v":1200},{"$f":"[1]Pos!E4542","v":0.48}]
[{"$f":"[1]Pos!A4543","v":"5245EM03"},{"$f":"[1]Pos!B4543","v":"PO-0019635"},{"$f":"[1]Pos!C4543","v":"BEL"},{"$f":"[1]Pos!D4543","v":1000},{"$f":"[1]Pos!E4543","v":0.69099999999999995}]
[{"$f":"[1]Pos!A4544","v":"5245EM04"},{"$f":"[1]Pos!B4544","v":"PO-0019635"},{"$f":"[1]Pos!C4544","v":"BEL"},{"$f":"[1]Pos!D4544","v":1200},{"$f":"[1]Pos!E4544","v":0.432}]
[{"$f":"[1]Pos!A4545","v":"5245EM05"},{"$f":"[1]Pos!B4545","v":"PO-0019635"},{"$f":"[1]Pos!C4545","v":"BEL"},{"$f":"[1]Pos!D4545","v":500},{"$f":"[1]Pos!E4545","v":0.01}]
[{"$f":"[1]Pos!A4546","v":"5245EM06"},{"$f":"[1]Pos!B4546","v":"PO-0019637"},{"$f":"[1]Pos!C4546","v":"UNIP"},{"$f":"[1]Pos!D4546","v":4320},{"$f":"[1]Pos!E4546","v":0.46978999999999999}]
[{"$f":"[1]Pos!A4547","v":"5245EM07"},{"$f":"[1]Pos!B4547","v":"PO-0019637"},{"$f":"[1]Pos!C4547","v":"UNIP"},{"$f":"[1]Pos!D4547","v":420000},{"$f":"[1]Pos!E4547","v":6.4999999999999997E-3}]
[{"$f":"[1]Pos!A4548","v":"5245EM08"},{"$f":"[1]Pos!B4548","v":"PO-0019637"},{"$f":"[1]Pos!C4548","v":"UNIP"},{"$f":"[1]Pos!D4548","v":14400},{"$f":"[1]Pos!E4548","v":0.29499999999999998}]
[{"$f":"[1]Pos!A4549","v":"5245EM09"},{"$f":"[1]Pos!B4549","v":"PO-0020410"},{"$f":"[1]Pos!C4549","v":"UNIP"},{"$f":"[1]Pos!D4549","v":28800},{"$f":"[1]Pos!E4549","v":0.29499999999999998}]
[{"$f":"[1]Pos!A4550","v":"5245P01"},{"$f":"[1]Pos!B4550","v":"PO-0019628"},{"$f":"[1]Pos!C4550","v":"CENT"},{"$f":"[1]Pos!D4550","v":1000},{"$f":"[1]Pos!E4550","v":7}]
[{"$f":"[1]Pos!A4551","v":"5245P02"},{"$f":"[1]Pos!B4551","v":"PO-0019640"},{"$f":"[1]Pos!C4551","v":"EXCE"},{"$f":"[1]Pos!D4551","v":367.19},{"$f":"[1]Pos!E4551","v":5.5}]
[{"$f":"[1]Pos!A4552","v":"5245P03"},{"$f":"[1]Pos!B4552","v":"PO-0019640"},{"$f":"[1]Pos!C4552","v":"EXCE"},{"$f":"[1]Pos!D4552","v":639.47},{"$f":"[1]Pos!E4552","v":3.4}]
[{"$f":"[1]Pos!A4553","v":"5245P04"},{"$f":"[1]Pos!B4553","v":"PO-0019651"},{"$f":"[1]Pos!C4553","v":"CENT"},{"$f":"[1]Pos!D4553","v":2721.6},{"$f":"[1]Pos!E4553","v":4.9000000000000004}]
[{"$f":"[1]Pos!A4554","v":"5245P05"},{"$f":"[1]Pos!B4554","v":"PO-0019652"},{"$f":"[1]Pos!C4554","v":"SUNC"},{"$f":"[1]Pos!D4554","v":3628.8},{"$f":"[1]Pos!E4554","v":6.3}]
[{"$f":"[1]Pos!A4555","v":"5245P06"},{"$f":"[1]Pos!B4555","v":"PO-0019653"},{"$f":"[1]Pos!C4555","v":"DESC"},{"$f":"[1]Pos!D4555","v":3628.8},{"$f":"[1]Pos!E4555","v":6.5}]
[{"$f":"[1]Pos!A4556","v":"5245P07"},{"$f":"[1]Pos!B4556","v":"PO-0019656"},{"$f":"[1]Pos!C4556","v":"CENT"},{"$f":"[1]Pos!D4556","v":2721},{"$f":"[1]Pos!E4556","v":4.9000000000000004}]
[{"$f":"[1]Pos!A4557","v":"5246AS01"},{"$f":"[1]Pos!B4557","v":"PO-0019641"},{"$f":"[1]Pos!C4557","v":"FIRS"},{"$f":"[1]Pos!D4557","v":300},{"$f":"[1]Pos!E4557","v":5.0599999999999996}]
[{"$f":"[1]Pos!A4558","v":"5246AS02"},{"$f":"[1]Pos!B4558","v":"PO-0019691"},{"$f":"[1]Pos!C4558","v":"BSA"},{"$f":"[1]Pos!D4558","v":100},{"$f":"[1]Pos!E4558","v":9.1300000000000008}]
[{"$f":"[1]Pos!A4559","v":"5246B01"},{"$f":"[1]Pos!B4559","v":"PO-0020320"},{"$f":"[1]Pos!C4559","v":"LARO"},{"$f":"[1]Pos!D4559","v":1088.8},{"$f":"[1]Pos!E4559","v":3.55}]
[{"$f":"[1]Pos!A4560","v":"5246B02"},{"$f":"[1]Pos!B4560","v":"PO-0020656"},{"$f":"[1]Pos!C4560","v":"DECA"},{"$f":"[1]Pos!D4560","v":2469.91},{"$f":"[1]Pos!E4560","v":5.79}]
[{"$f":"[1]Pos!A4561","v":"5246P01"},{"$f":"[1]Pos!B4561","v":"PO-0019651"},{"$f":"[1]Pos!C4561","v":"CENT"},{"$f":"[1]Pos!D4561","v":2500},{"$f":"[1]Pos!E4561","v":7}]
[{"$f":"[1]Pos!A4562","v":"5246P02"},{"$f":"[1]Pos!B4562","v":"PO-0019650"},{"$f":"[1]Pos!C4562","v":"EXCE"},{"$f":"[1]Pos!D4562","v":641.59},{"$f":"[1]Pos!E4562","v":5.5}]
[{"$f":"[1]Pos!A4563","v":"5246P03"},{"$f":"[1]Pos!B4563","v":"PO-0019650"},{"$f":"[1]Pos!C4563","v":"EXCE"},{"$f":"[1]Pos!D4563","v":80.67},{"$f":"[1]Pos!E4563","v":4.0199999999999996}]
[{"$f":"[1]Pos!A4564","v":"5246P04"},{"$f":"[1]Pos!B4564","v":"PO-0019658"},{"$f":"[1]Pos!C4564","v":"EXCE"},{"$f":"[1]Pos!D4564","v":1279.04},{"$f":"[1]Pos!E4564","v":3.4}]
[{"$f":"[1]Pos!A4565","v":"5246P05"},{"$f":"[1]Pos!B4565","v":"PO-0019665"},{"$f":"[1]Pos!C4565","v":"CENT"},{"$f":"[1]Pos!D4565","v":1723.68},{"$f":"[1]Pos!E4565","v":4.9000000000000004}]
[{"$f":"[1]Pos!A4566","v":"5247P01"},{"$f":"[1]Pos!B4566","v":"PO-0019658"},{"$f":"[1]Pos!C4566","v":"EXCE"},{"$f":"[1]Pos!D4566","v":1284.53},{"$f":"[1]Pos!E4566","v":5.5}]
[{"$f":"[1]Pos!A4567","v":"5252B01"},{"$f":"[1]Pos!B4567","v":"PO-0019657"},{"$f":"[1]Pos!C4567","v":"LARO"},{"$f":"[1]Pos!D4567","v":489.5},{"$f":"[1]Pos!E4567","v":7.89}]
[{"$f":"[1]Pos!A4568","v":"5252B02"},{"$f":"[1]Pos!B4568","v":"PO-0019671"},{"$f":"[1]Pos!C4568","v":"LARO"},{"$f":"[1]Pos!D4568","v":539},{"$f":"[1]Pos!E4568","v":8.0500000000000007}]
[{"$f":"[1]Pos!A4569","v":"5252B03"},{"$f":"[1]Pos!B4569","v":"PO-0019664"},{"$f":"[1]Pos!C4569","v":"RYDI"},{"$f":"[1]Pos!D4569","v":433},{"$f":"[1]Pos!E4569","v":8.1300000000000008}]
[{"$f":"[1]Pos!A4570","v":"5252B04"},{"$f":"[1]Pos!B4570","v":"PO-0019664"},{"$f":"[1]Pos!C4570","v":"RYDI"},{"$f":"[1]Pos!D4570","v":2320},{"$f":"[1]Pos!E4570","v":8.35}]
[{"$f":"[1]Pos!A4571","v":"5252B05"},{"$f":"[1]Pos!B4571","v":"PO-0019664"},{"$f":"[1]Pos!C4571","v":"RYDI"},{"$f":"[1]Pos!D4571","v":1701},{"$f":"[1]Pos!E4571","v":4.25}]
[{"$f":"[1]Pos!A4572","v":"5252B06"},{"$f":"[1]Pos!B4572","v":"PO-0019729"},{"$f":"[1]Pos!C4572","v":"RYDI"},{"$f":"[1]Pos!D4572","v":22.39},{"$f":"[1]Pos!E4572","v":11}]
[{"$f":"[1]Pos!A4573","v":"5252EM01"},{"$f":"[1]Pos!B4573","v":"PO-0020081"},{"$f":"[1]Pos!C4573","v":"HEAT"},{"$f":"[1]Pos!D4573","v":4400},{"$f":"[1]Pos!E4573","v":0.1}]
[{"$f":"[1]Pos!A4574","v":"5252P01"},{"$f":"[1]Pos!B4574","v":"PO-0019654"},{"$f":"[1]Pos!C4574","v":"MOND"},{"$f":"[1]Pos!D4574","v":1814.4},{"$f":"[1]Pos!E4574","v":6.15}]
[{"$f":"[1]Pos!A4575","v":"5252P02"},{"$f":"[1]Pos!B4575","v":"PO-0019654"},{"$f":"[1]Pos!C4575","v":"MOND"},{"$f":"[1]Pos!D4575","v":3468},{"$f":"[1]Pos!E4575","v":6.15}]
[{"$f":"[1]Pos!A4576","v":"5252P03"},{"$f":"[1]Pos!B4576","v":"PO-0019660"},{"$f":"[1]Pos!C4576","v":"MOND"},{"$f":"[1]Pos!D4576","v":4536},{"$f":"[1]Pos!E4576","v":6.75}]
[{"$f":"[1]Pos!A4577","v":"5252P04"},{"$f":"[1]Pos!B4577","v":"PO-0019667"},{"$f":"[1]Pos!C4577","v":"ACCU"},{"$f":"[1]Pos!D4577","v":2841.4},{"$f":"[1]Pos!E4577","v":5.6}]
[{"$f":"[1]Pos!A4578","v":"5252P05"},{"$f":"[1]Pos!B4578","v":"PO-0019679"},{"$f":"[1]Pos!C4578","v":"CENT"},{"$f":"[1]Pos!D4578","v":907.2},{"$f":"[1]Pos!E4578","v":4.8}]
[{"$f":"[1]Pos!A4579","v":"5252P06"},{"$f":"[1]Pos!B4579","v":"PO-0019666"},{"$f":"[1]Pos!C4579","v":"SUNC"},{"$f":"[1]Pos!D4579","v":6350.4},{"$f":"[1]Pos!E4579","v":6.25}]
[{"$f":"[1]Pos!A4580","v":"5252P07"},{"$f":"[1]Pos!B4580","v":"PO-0019683"},{"$f":"[1]Pos!C4580","v":"DESC"},{"$f":"[1]Pos!D4580","v":907.2},{"$f":"[1]Pos!E4580","v":6.5}]
[{"$f":"[1]Pos!A4581","v":"5252P08"},{"$f":"[1]Pos!B4581","v":"PO-0019688"},{"$f":"[1]Pos!C4581","v":"DESC"},{"$f":"[1]Pos!D4581","v":2177.2800000000002},{"$f":"[1]Pos!E4581","v":7.3}]
[{"$f":"[1]Pos!A4582","v":"5252P09"},{"$f":"[1]Pos!B4582","v":"PO-0019773"},{"$f":"[1]Pos!C4582","v":"EXCE"},{"$f":"[1]Pos!D4582","v":600},{"$f":"[1]Pos!E4582","v":6}]
[{"$f":"[1]Pos!A4583","v":"5253B01"},{"$f":"[1]Pos!B4583","v":"PO-0019659"},{"$f":"[1]Pos!C4583","v":"BOUC"},{"$f":"[1]Pos!D4583","v":124.44},{"$f":"[1]Pos!E4583","v":4.0199999999999996}]
[{"$f":"[1]Pos!A4584","v":"5253B02"},{"$f":"[1]Pos!B4584","v":"PO-0019729"},{"$f":"[1]Pos!C4584","v":"RYDI"},{"$f":"[1]Pos!D4584","v":27.07},{"$f":"[1]Pos!E4584","v":10.91}]
[{"$f":"[1]Pos!A4585","v":"5253P01"},{"$f":"[1]Pos!B4585","v":"PO-0019672"},{"$f":"[1]Pos!C4585","v":"EXCE"},{"$f":"[1]Pos!D4585","v":1292.79},{"$f":"[1]Pos!E4585","v":3.4}]
[{"$f":"[1]Pos!A4586","v":"5253P02"},{"$f":"[1]Pos!B4586","v":"PO-0019686"},{"$f":"[1]Pos!C4586","v":"CENT"},{"$f":"[1]Pos!D4586","v":3628.8},{"$f":"[1]Pos!E4586","v":4.9000000000000004}]
[{"$f":"[1]Pos!A4587","v":"5254B01"},{"$f":"[1]Pos!B4587","v":"PO-0019671"},{"$f":"[1]Pos!C4587","v":"LARO"},{"$f":"[1]Pos!D4587","v":564.5},{"$f":"[1]Pos!E4587","v":7.89}]
[{"$f":"[1]Pos!A4588","v":"5254B02"},{"$f":"[1]Pos!B4588","v":"PO-0019676"},{"$f":"[1]Pos!C4588","v":"RYDI"},{"$f":"[1]Pos!D4588","v":419},{"$f":"[1]Pos!E4588","v":8.1300000000000008}]
[{"$f":"[1]Pos!A4589","v":"5254EM01"},{"$f":"[1]Pos!B4589","v":"PO-0019669"},{"$f":"[1]Pos!C4589","v":"BEL"},{"$f":"[1]Pos!D4589","v":2400},{"$f":"[1]Pos!E4589","v":0.432}]
[{"$f":"[1]Pos!A4590","v":"5254EM02"},{"$f":"[1]Pos!B4590","v":"PO-0019669"},{"$f":"[1]Pos!C4590","v":"BEL"},{"$f":"[1]Pos!D4590","v":1200},{"$f":"[1]Pos!E4590","v":0.626}]
[{"$f":"[1]Pos!A4591","v":"5254EM03"},{"$f":"[1]Pos!B4591","v":"PO-0019669"},{"$f":"[1]Pos!C4591","v":"BEL"},{"$f":"[1]Pos!D4591","v":1200},{"$f":"[1]Pos!E4591","v":0.48}]
[{"$f":"[1]Pos!A4592","v":"5254EM04"},{"$f":"[1]Pos!B4592","v":"PO-0019669"},{"$f":"[1]Pos!C4592","v":"BEL"},{"$f":"[1]Pos!D4592","v":1000},{"$f":"[1]Pos!E4592","v":0.6}]
[{"$f":"[1]Pos!A4593","v":"5254EM05"},{"$f":"[1]Pos!B4593","v":"PO-0019669"},{"$f":"[1]Pos!C4593","v":"BEL"},{"$f":"[1]Pos!D4593","v":1000},{"$f":"[1]Pos!E4593","v":0.69099999999999995}]
[{"$f":"[1]Pos!A4594","v":"5254EM06"},{"$f":"[1]Pos!B4594","v":"PO-0019677"},{"$f":"[1]Pos!C4594","v":"R.D."},{"$f":"[1]Pos!D4594","v":3495},{"$f":"[1]Pos!E4594","v":0.63}]
[{"$f":"[1]Pos!A4595","v":"5254P01"},{"$f":"[1]Pos!B4595","v":"PO-0019679"},{"$f":"[1]Pos!C4595","v":"CENT"},{"$f":"[1]Pos!D4595","v":2371.5},{"$f":"[1]Pos!E4595","v":5.0999999999999996}]
[{"$f":"[1]Pos!A4596","v":"5254P02"},{"$f":"[1]Pos!B4596","v":"PO-0019670"},{"$f":"[1]Pos!C4596","v":"EXCE"},{"$f":"[1]Pos!D4596","v":1284.1199999999999},{"$f":"[1]Pos!E4596","v":5.0999999999999996}]
[{"$f":"[1]Pos!A4597","v":"5254P03"},{"$f":"[1]Pos!B4597","v":"PO-0019670"},{"$f":"[1]Pos!C4597","v":"EXCE"},{"$f":"[1]Pos!D4597","v":1281.55},{"$f":"[1]Pos!E4597","v":5.5}]
[{"$f":"[1]Pos!A4598","v":"5254P04"},{"$f":"[1]Pos!B4598","v":"PO-0019670"},{"$f":"[1]Pos!C4598","v":"EXCE"},{"$f":"[1]Pos!D4598","v":214.94},{"$f":"[1]Pos!E4598","v":4.0199999999999996}]
[{"$f":"[1]Pos!A4599","v":"5254P05"},{"$f":"[1]Pos!B4599","v":"PO-0019668"},{"$f":"[1]Pos!C4599","v":"ACCU"},{"$f":"[1]Pos!D4599","v":3744},{"$f":"[1]Pos!E4599","v":5.6}]
[{"$f":"[1]Pos!A4600","v":"5254P06"},{"$f":"[1]Pos!B4600","v":"PO-0019696"},{"$f":"[1]Pos!C4600","v":"CENT"},{"$f":"[1]Pos!D4600","v":3084.48},{"$f":"[1]Pos!E4600","v":4.9000000000000004}]
[{"$f":"[1]Pos!A4601","v":"5255B01"},{"$f":"[1]Pos!B4601","v":"PO-0019680"},{"$f":"[1]Pos!C4601","v":"BOUC"},{"$f":"[1]Pos!D4601","v":45.12},{"$f":"[1]Pos!E4601","v":3.45}]
[{"$f":"[1]Pos!A4602","v":"5255B02"},{"$f":"[1]Pos!B4602","v":"PO-0019680"},{"$f":"[1]Pos!C4602","v":"BOUC"},{"$f":"[1]Pos!D4602","v":148.58000000000001},{"$f":"[1]Pos!E4602","v":4.29}]
[{"$f":"[1]Pos!A4603","v":"5255B03"},{"$f":"[1]Pos!B4603","v":"PO-0019674"},{"$f":"[1]Pos!C4603","v":"VEST"},{"$f":"[1]Pos!D4603","v":35},{"$f":"[1]Pos!E4603","v":94.92}]
[{"$f":"[1]Pos!A4604","v":"5255B04"},{"$f":"[1]Pos!B4604","v":"PO-0019707"},{"$f":"[1]Pos!C4604","v":"RYDI"},{"$f":"[1]Pos!D4604","v":3000.5},{"$f":"[1]Pos!E4604","v":7.5}]
[{"$f":"[1]Pos!A4605","v":"5255EM01"},{"$f":"[1]Pos!B4605","v":"PO-0019642"},{"$f":"[1]Pos!C4605","v":"WINP"},{"$f":"[1]Pos!D4605","v":950},{"$f":"[1]Pos!E4605","v":0.01}]
[{"$f":"[1]Pos!A4606","v":"5255EM02"},{"$f":"[1]Pos!B4606","v":"PO-0019642"},{"$f":"[1]Pos!C4606","v":"WINP"},{"$f":"[1]Pos!D4606","v":3325},{"$f":"[1]Pos!E4606","v":0.01}]
[{"$f":"[1]Pos!A4607","v":"5255EM03"},{"$f":"[1]Pos!B4607","v":"PO-0019642"},{"$f":"[1]Pos!C4607","v":"WINP"},{"$f":"[1]Pos!D4607","v":8550},{"$f":"[1]Pos!E4607","v":0.01}]
[{"$f":"[1]Pos!A4608","v":"5255P01"},{"$f":"[1]Pos!B4608","v":"PO-0019674"},{"$f":"[1]Pos!C4608","v":"VEST"},{"$f":"[1]Pos!D4608","v":11},{"$f":"[1]Pos!E4608","v":111.15}]
[{"$f":"[1]Pos!A4609","v":"5255P02"},{"$f":"[1]Pos!B4609","v":"PO-0019687"},{"$f":"[1]Pos!C4609","v":"EXCE"},{"$f":"[1]Pos!D4609","v":81.05},{"$f":"[1]Pos!E4609","v":4.0199999999999996}]
[{"$f":"[1]Pos!A4610","v":"5255P03"},{"$f":"[1]Pos!B4610","v":"PO-0019697"},{"$f":"[1]Pos!C4610","v":"CENT"},{"$f":"[1]Pos!D4610","v":737.84},{"$f":"[1]Pos!E4610","v":5.0999999999999996}]
[{"$f":"[1]Pos!A4611","v":"5255P04"},{"$f":"[1]Pos!B4611","v":"PO-0019697"},{"$f":"[1]Pos!C4611","v":"CENT"},{"$f":"[1]Pos!D4611","v":2663.11},{"$f":"[1]Pos!E4611","v":5.0999999999999996}]
[{"$f":"[1]Pos!A4612","v":"5255P05"},{"$f":"[1]Pos!B4612","v":"PO-0019700"},{"$f":"[1]Pos!C4612","v":"SUNC"},{"$f":"[1]Pos!D4612","v":3628.8},{"$f":"[1]Pos!E4612","v":6.25}]
[{"$f":"[1]Pos!A4613","v":"5255P06"},{"$f":"[1]Pos!B4613","v":"PO-0019694"},{"$f":"[1]Pos!C4613","v":"DESC"},{"$f":"[1]Pos!D4613","v":3628.8},{"$f":"[1]Pos!E4613","v":7.3}]
[{"$f":"[1]Pos!A4614","v":"5255P07"},{"$f":"[1]Pos!B4614","v":"PO-0019704"},{"$f":"[1]Pos!C4614","v":"CENT"},{"$f":"[1]Pos!D4614","v":907.2},{"$f":"[1]Pos!E4614","v":4.9000000000000004}]
[{"$f":"[1]Pos!A4615","v":"5256B01"},{"$f":"[1]Pos!B4615","v":"PO-0019706"},{"$f":"[1]Pos!C4615","v":"RYDI"},{"$f":"[1]Pos!D4615","v":432.5},{"$f":"[1]Pos!E4615","v":8.1300000000000008}]
[{"$f":"[1]Pos!A4616","v":"5256P01"},{"$f":"[1]Pos!B4616","v":"PO-0019687"},{"$f":"[1]Pos!C4616","v":"EXCE"},{"$f":"[1]Pos!D4616","v":1285.97},{"$f":"[1]Pos!E4616","v":5.5}]
[{"$f":"[1]Pos!A4617","v":"5256P02"},{"$f":"[1]Pos!B4617","v":"PO-0019698"},{"$f":"[1]Pos!C4617","v":"EXCE"},{"$f":"[1]Pos!D4617","v":1922.81},{"$f":"[1]Pos!E4617","v":5.4}]
[{"$f":"[1]Pos!A4618","v":"5256P03"},{"$f":"[1]Pos!B4618","v":"PO-0019695"},{"$f":"[1]Pos!C4618","v":"MOND"},{"$f":"[1]Pos!D4618","v":7257.6},{"$f":"[1]Pos!E4618","v":6.8}]
[{"$f":"[1]Pos!A4619","v":"5257P01"},{"$f":"[1]Pos!B4619","v":"PO-0019681"},{"$f":"[1]Pos!C4619","v":"EXCE"},{"$f":"[1]Pos!D4619","v":3217.02},{"$f":"[1]Pos!E4619","v":5.0999999999999996}]
[{"$f":"[1]Pos!A4620","v":"5257P02"},{"$f":"[1]Pos!B4620","v":"PO-0019722"},{"$f":"[1]Pos!C4620","v":"CENT"},{"$f":"[1]Pos!D4620","v":907.2},{"$f":"[1]Pos!E4620","v":4.9000000000000004}]
[{"$f":"[1]Pos!A4621","v":"5262B01"},{"$f":"[1]Pos!B4621","v":"PO-0019702"},{"$f":"[1]Pos!C4621","v":"BOUC"},{"$f":"[1]Pos!D4621","v":94.78},{"$f":"[1]Pos!E4621","v":4.24}]
[{"$f":"[1]Pos!A4622","v":"5262B02"},{"$f":"[1]Pos!B4622","v":"PO-0019707"},{"$f":"[1]Pos!C4622","v":"RYDI"},{"$f":"[1]Pos!D4622","v":816},{"$f":"[1]Pos!E4622","v":4.25}]
[{"$f":"[1]Pos!A4623","v":"5262P01"},{"$f":"[1]Pos!B4623","v":"PO-0019708"},{"$f":"[1]Pos!C4623","v":"EXCE"},{"$f":"[1]Pos!D4623","v":134.22999999999999},{"$f":"[1]Pos!E4623","v":4.0199999999999996}]
[{"$f":"[1]Pos!A4624","v":"5262P02"},{"$f":"[1]Pos!B4624","v":"PO-0019709"},{"$f":"[1]Pos!C4624","v":"DESC"},{"$f":"[1]Pos!D4624","v":3628.88},{"$f":"[1]Pos!E4624","v":4.75}]
[{"$f":"[1]Pos!A4625","v":"5262P03"},{"$f":"[1]Pos!B4625","v":"PO-0019712"},{"$f":"[1]Pos!C4625","v":"SUNC"},{"$f":"[1]Pos!D4625","v":3628.8},{"$f":"[1]Pos!E4625","v":6.25}]
[{"$f":"[1]Pos!A4626","v":"5262P04"},{"$f":"[1]Pos!B4626","v":"PO-0019722"},{"$f":"[1]Pos!C4626","v":"CENT"},{"$f":"[1]Pos!D4626","v":163.32},{"$f":"[1]Pos!E4626","v":5}]
[{"$f":"[1]Pos!A4627","v":"5262P05"},{"$f":"[1]Pos!B4627","v":"PO-0019731"},{"$f":"[1]Pos!C4627","v":"CENT"},{"$f":"[1]Pos!D4627","v":1814.4},{"$f":"[1]Pos!E4627","v":4.9000000000000004}]
[{"$f":"[1]Pos!A4628","v":"5263B01"},{"$f":"[1]Pos!B4628","v":"PO-0019723"},{"$f":"[1]Pos!C4628","v":"BOUC"},{"$f":"[1]Pos!D4628","v":105.06},{"$f":"[1]Pos!E4628","v":4.0199999999999996}]
[{"$f":"[1]Pos!A4629","v":"5263B02"},{"$f":"[1]Pos!B4629","v":"PO-0019701"},{"$f":"[1]Pos!C4629","v":"CAR"},{"$f":"[1]Pos!D4629","v":1402.4},{"$f":"[1]Pos!E4629","v":4.0999999999999996}]
[{"$f":"[1]Pos!A4630","v":"5263B03"},{"$f":"[1]Pos!B4630","v":"PO-0019842"},{"$f":"[1]Pos!C4630","v":"C&C"},{"$f":"[1]Pos!D4630","v":660.81},{"$f":"[1]Pos!E4630","v":18.95}]
[{"$f":"[1]Pos!A4631","v":"5263B04"},{"$f":"[1]Pos!B4631","v":"PO-0020696"},{"$f":"[1]Pos!C4631","v":"CHIS"},{"$f":"[1]Pos!D4631","v":2571.6999999999998},{"$f":"[1]Pos!E4631","v":9.6999999999999993}]
[{"$f":"[1]Pos!A4632","v":"5263EM01"},{"$f":"[1]Pos!B4632","v":"PO-0019703"},{"$f":"[1]Pos!C4632","v":"BEL"},{"$f":"[1]Pos!D4632","v":500},{"$f":"[1]Pos!E4632","v":0.01}]
[{"$f":"[1]Pos!A4633","v":"5263EM02"},{"$f":"[1]Pos!B4633","v":"PO-0019703"},{"$f":"[1]Pos!C4633","v":"BEL"},{"$f":"[1]Pos!D4633","v":500},{"$f":"[1]Pos!E4633","v":0.6}]
[{"$f":"[1]Pos!A4634","v":"5263EM03"},{"$f":"[1]Pos!B4634","v":"PO-0019703"},{"$f":"[1]Pos!C4634","v":"BEL"},{"$f":"[1]Pos!D4634","v":1120},{"$f":"[1]Pos!E4634","v":0.48}]
[{"$f":"[1]Pos!A4635","v":"5263EM04"},{"$f":"[1]Pos!B4635","v":"PO-0019703"},{"$f":"[1]Pos!C4635","v":"BEL"},{"$f":"[1]Pos!D4635","v":2400},{"$f":"[1]Pos!E4635","v":0.432}]
[{"$f":"[1]Pos!A4636","v":"5263EM05"},{"$f":"[1]Pos!B4636","v":"PO-0019703"},{"$f":"[1]Pos!C4636","v":"BEL"},{"$f":"[1]Pos!D4636","v":1200},{"$f":"[1]Pos!E4636","v":0.69099999999999995}]
[{"$f":"[1]Pos!A4637","v":"5263EM06"},{"$f":"[1]Pos!B4637","v":"PO-0019703"},{"$f":"[1]Pos!C4637","v":"BEL"},{"$f":"[1]Pos!D4637","v":1000},{"$f":"[1]Pos!E4637","v":0.69099999999999995}]
[{"$f":"[1]Pos!A4638","v":"5263EM07"},{"$f":"[1]Pos!B4638","v":"PO-0019703"},{"$f":"[1]Pos!C4638","v":"BEL"},{"$f":"[1]Pos!D4638","v":500},{"$f":"[1]Pos!E4638","v":0.746}]
[{"$f":"[1]Pos!A4639","v":"5263P01"},{"$f":"[1]Pos!B4639","v":"PO-0019710"},{"$f":"[1]Pos!C4639","v":"MOND"},{"$f":"[1]Pos!D4639","v":3628},{"$f":"[1]Pos!E4639","v":6.8}]
[{"$f":"[1]Pos!A4640","v":"5263P02"},{"$f":"[1]Pos!B4640","v":"PO-0019711"},{"$f":"[1]Pos!C4640","v":"EXCE"},{"$f":"[1]Pos!D4640","v":1275.43},{"$f":"[1]Pos!E4640","v":3.4}]
[{"$f":"[1]Pos!A4641","v":"5263P03"},{"$f":"[1]Pos!B4641","v":"PO-0019717"},{"$f":"[1]Pos!C4641","v":"DESC"},{"$f":"[1]Pos!D4641","v":4536},{"$f":"[1]Pos!E4641","v":4.5}]
[{"$f":"[1]Pos!A4642","v":"5263P04"},{"$f":"[1]Pos!B4642","v":"PO-0019682"},{"$f":"[1]Pos!C4642","v":"EXCE"},{"$f":"[1]Pos!D4642","v":3857.12},{"$f":"[1]Pos!E4642","v":5.0999999999999996}]
[{"$f":"[1]Pos!A4643","v":"5263P05"},{"$f":"[1]Pos!B4643","v":"PO-0019682"},{"$f":"[1]Pos!C4643","v":"EXCE"},{"$f":"[1]Pos!D4643","v":2811.36},{"$f":"[1]Pos!E4643","v":5.0999999999999996}]
[{"$f":"[1]Pos!A4644","v":"5263P06"},{"$f":"[1]Pos!B4644","v":"PO-0019736"},{"$f":"[1]Pos!C4644","v":"EXCE"},{"$f":"[1]Pos!D4644","v":1309.58},{"$f":"[1]Pos!E4644","v":3.4}]
[{"$f":"[1]Pos!A4645","v":"5264B01"},{"$f":"[1]Pos!B4645","v":"PO-0019735"},{"$f":"[1]Pos!C4645","v":"RYDI"},{"$f":"[1]Pos!D4645","v":1600},{"$f":"[1]Pos!E4645","v":7.49}]
[{"$f":"[1]Pos!A4646","v":"5264B02"},{"$f":"[1]Pos!B4646","v":"PO-0019734"},{"$f":"[1]Pos!C4646","v":"WHIT"},{"$f":"[1]Pos!D4646","v":208.76},{"$f":"[1]Pos!E4646","v":14.5}]
[{"$f":"[1]Pos!A4647","v":"5264B03"},{"$f":"[1]Pos!B4647","v":"PO-0019719"},{"$f":"[1]Pos!C4647","v":"JBS"},{"$f":"[1]Pos!D4647","v":1970.68},{"$f":"[1]Pos!E4647","v":17.5}]
[{"$f":"[1]Pos!A4648","v":"5264B04"},{"$f":"[1]Pos!B4648","v":"PO-0019776"},{"$f":"[1]Pos!C4648","v":"DECA"},{"$f":"[1]Pos!D4648","v":768.54},{"$f":"[1]Pos!E4648","v":18.75}]
[{"$f":"[1]Pos!A4649","v":"5264B05"},{"$f":"[1]Pos!B4649","v":"PO-0020114"},{"$f":"[1]Pos!C4649","v":"CHIS"},{"$f":"[1]Pos!D4649","v":1833.25},{"$f":"[1]Pos!E4649","v":9.65}]
[{"$f":"[1]Pos!A4650","v":"5264B06"},{"$f":"[1]Pos!B4650","v":"PO-0020219"},{"$f":"[1]Pos!C4650","v":"C&C"},{"$f":"[1]Pos!D4650","v":8166},{"$f":"[1]Pos!E4650","v":2.1}]
[{"$f":"[1]Pos!A4651","v":"5264B07"},{"$f":"[1]Pos!B4651","v":"PO-0020433"},{"$f":"[1]Pos!C4651","v":"CHIS"},{"$f":"[1]Pos!D4651","v":3796.1},{"$f":"[1]Pos!E4651","v":9.65}]
[{"$f":"[1]Pos!A4652","v":"5264B08"},{"$f":"[1]Pos!B4652","v":"PO-0020581"},{"$f":"[1]Pos!C4652","v":"CHIS"},{"$f":"[1]Pos!D4652","v":2579.1999999999998},{"$f":"[1]Pos!E4652","v":9.6999999999999993}]
[{"$f":"[1]Pos!A4653","v":"5264P01"},{"$f":"[1]Pos!B4653","v":"PO-0019728"},{"$f":"[1]Pos!C4653","v":"ACCU"},{"$f":"[1]Pos!D4653","v":1980},{"$f":"[1]Pos!E4653","v":4.8}]
[{"$f":"[1]Pos!A4654","v":"5264P02"},{"$f":"[1]Pos!B4654","v":"PO-0019748"},{"$f":"[1]Pos!C4654","v":"CENT"},{"$f":"[1]Pos!D4654","v":7257.6},{"$f":"[1]Pos!E4654","v":4.5999999999999996}]
[{"$f":"[1]Pos!A4655","v":"5265AS01"},{"$f":"[1]Pos!B4655","v":"PO-0020066"},{"$f":"[1]Pos!C4655","v":"BSA"},{"$f":"[1]Pos!D4655","v":100},{"$f":"[1]Pos!E4655","v":6.34}]
[{"$f":"[1]Pos!A4656","v":"5265AS02"},{"$f":"[1]Pos!B4656","v":"PO-0020130"},{"$f":"[1]Pos!C4656","v":"BSA"},{"$f":"[1]Pos!D4656","v":96},{"$f":"[1]Pos!E4656","v":6.34}]
[{"$f":"[1]Pos!A4657","v":"5265B01"},{"$f":"[1]Pos!B4657","v":"PO-0019734"},{"$f":"[1]Pos!C4657","v":"WHIT"},{"$f":"[1]Pos!D4657","v":68.3},{"$f":"[1]Pos!E4657","v":8.9}]
[{"$f":"[1]Pos!A4658","v":"5265B02"},{"$f":"[1]Pos!B4658","v":"PO-0019732"},{"$f":"[1]Pos!C4658","v":"RYDI"},{"$f":"[1]Pos!D4658","v":410.5},{"$f":"[1]Pos!E4658","v":8.1300000000000008}]
[{"$f":"[1]Pos!A4659","v":"5265B03"},{"$f":"[1]Pos!B4659","v":"PO-0019749"},{"$f":"[1]Pos!C4659","v":"RYDI"},{"$f":"[1]Pos!D4659","v":1600},{"$f":"[1]Pos!E4659","v":4.25}]
[{"$f":"[1]Pos!A4660","v":"5265B04"},{"$f":"[1]Pos!B4660","v":"PO-0019720"},{"$f":"[1]Pos!C4660","v":"CHIS"},{"$f":"[1]Pos!D4660","v":14072.74},{"$f":"[1]Pos!E4660","v":2.25}]
[{"$f":"[1]Pos!A4661","v":"5265B05"},{"$f":"[1]Pos!B4661","v":"PO-0020832"},{"$f":"[1]Pos!C4661","v":"CHIS"},{"$f":"[1]Pos!D4661","v":3276.4},{"$f":"[1]Pos!E4661","v":9.6999999999999993}]
[{"$f":"[1]Pos!A4662","v":"5265P01"},{"$f":"[1]Pos!B4662","v":"PO-0019726"},{"$f":"[1]Pos!C4662","v":"DESC"},{"$f":"[1]Pos!D4662","v":18144},{"$f":"[1]Pos!E4662","v":7.35}]
[{"$f":"[1]Pos!A4663","v":"5265P02"},{"$f":"[1]Pos!B4663","v":"PO-0019746"},{"$f":"[1]Pos!C4663","v":99},{"$f":"[1]Pos!D4663","v":3628.8},{"$f":"[1]Pos!E4663","v":6.25}]
[{"$f":"[1]Pos!A4664","v":"5265P03"},{"$f":"[1]Pos!B4664","v":"PO-0019742"},{"$f":"[1]Pos!C4664","v":"EXCE"},{"$f":"[1]Pos!D4664","v":1927.63},{"$f":"[1]Pos!E4664","v":3.4}]
[{"$f":"[1]Pos!A4665","v":"5266AS01"},{"$f":"[1]Pos!B4665","v":"PO-0019876"},{"$f":"[1]Pos!C4665","v":"BSA"},{"$f":"[1]Pos!D4665","v":100},{"$f":"[1]Pos!E4665","v":8.75}]
[{"$f":"[1]Pos!A4666","v":"5266B01"},{"$f":"[1]Pos!B4666","v":"PO-0019713"},{"$f":"[1]Pos!C4666","v":"LARO"},{"$f":"[1]Pos!D4666","v":656.5},{"$f":"[1]Pos!E4666","v":7.89}]
[{"$f":"[1]Pos!A4667","v":"5266B02"},{"$f":"[1]Pos!B4667","v":"PO-0019755"},{"$f":"[1]Pos!C4667","v":"RYDI"},{"$f":"[1]Pos!D4667","v":438},{"$f":"[1]Pos!E4667","v":8.27}]
[{"$f":"[1]Pos!A4668","v":"5266B03"},{"$f":"[1]Pos!B4668","v":"PO-0019719"},{"$f":"[1]Pos!C4668","v":"JBS"},{"$f":"[1]Pos!D4668","v":997.65},{"$f":"[1]Pos!E4668","v":9.94}]
[{"$f":"[1]Pos!A4669","v":"5266B04"},{"$f":"[1]Pos!B4669","v":"PO-0019719"},{"$f":"[1]Pos!C4669","v":"JBS"},{"$f":"[1]Pos!D4669","v":2319.86},{"$f":"[1]Pos!E4669","v":15.78}]
[{"$f":"[1]Pos!A4670","v":"5266EM01"},{"$f":"[1]Pos!B4670","v":"PO-0019738"},{"$f":"[1]Pos!C4670","v":"BEL"},{"$f":"[1]Pos!D4670","v":1080},{"$f":"[1]Pos!E4670","v":0.44700000000000001}]
[{"$f":"[1]Pos!A4671","v":"5266EM02"},{"$f":"[1]Pos!B4671","v":"PO-0019738"},{"$f":"[1]Pos!C4671","v":"BEL"},{"$f":"[1]Pos!D4671","v":500},{"$f":"[1]Pos!E4671","v":0.44700000000000001}]
[{"$f":"[1]Pos!A4672","v":"5266P01"},{"$f":"[1]Pos!B4672","v":"PO-0019740"},{"$f":"[1]Pos!C4672","v":"EXCE"},{"$f":"[1]Pos!D4672","v":1925.09},{"$f":"[1]Pos!E4672","v":5}]
[{"$f":"[1]Pos!A4673","v":"5266P02"},{"$f":"[1]Pos!B4673","v":"PO-0019740"},{"$f":"[1]Pos!C4673","v":"EXCE"},{"$f":"[1]Pos!D4673","v":1912.83},{"$f":"[1]Pos!E4673","v":3.4}]
[{"$f":"[1]Pos!A4674","v":"5266P03"},{"$f":"[1]Pos!B4674","v":"PO-0019740"},{"$f":"[1]Pos!C4674","v":"EXCE"},{"$f":"[1]Pos!D4674","v":134.88999999999999},{"$f":"[1]Pos!E4674","v":4.0199999999999996}]
[{"$f":"[1]Pos!A4675","v":"5266P04"},{"$f":"[1]Pos!B4675","v":"PO-0019745"},{"$f":"[1]Pos!C4675","v":"ACCU"},{"$f":"[1]Pos!D4675","v":1800},{"$f":"[1]Pos!E4675","v":4.8}]
[{"$f":"[1]Pos!A4676","v":"5267EM01"},{"$f":"[1]Pos!B4676","v":"PO-0019978"},{"$f":"[1]Pos!C4676","v":"HEAT"},{"$f":"[1]Pos!D4676","v":100000},{"$f":"[1]Pos!E4676","v":0.01}]
[{"$f":"[1]Pos!A4677","v":"5267P01"},{"$f":"[1]Pos!B4677","v":"PO-0019753"},{"$f":"[1]Pos!C4677","v":"CENT"},{"$f":"[1]Pos!D4677","v":1814.4},{"$f":"[1]Pos!E4677","v":4.8}]
[{"$f":"[1]Pos!A4678","v":"5271B01"},{"$f":"[1]Pos!B4678","v":"PO-0019939"},{"$f":"[1]Pos!C4678","v":"CHIS"},{"$f":"[1]Pos!D4678","v":19054},{"$f":"[1]Pos!E4678","v":6.81}]
[{"$f":"[1]Pos!A4679","v":"5272B01"},{"$f":"[1]Pos!B4679","v":"PO-0019754"},{"$f":"[1]Pos!C4679","v":"DECA"},{"$f":"[1]Pos!D4679","v":39.96},{"$f":"[1]Pos!E4679","v":3.15}]
[{"$f":"[1]Pos!A4680","v":"5272EM01"},{"$f":"[1]Pos!B4680","v":"PO-0019751"},{"$f":"[1]Pos!C4680","v":"BEL"},{"$f":"[1]Pos!D4680","v":1000},{"$f":"[1]Pos!E4680","v":0.6}]
[{"$f":"[1]Pos!A4681","v":"5272EM02"},{"$f":"[1]Pos!B4681","v":"PO-0019751"},{"$f":"[1]Pos!C4681","v":"BEL"},{"$f":"[1]Pos!D4681","v":2000},{"$f":"[1]Pos!E4681","v":0.69099999999999995}]
[{"$f":"[1]Pos!A4682","v":"5272EM03"},{"$f":"[1]Pos!B4682","v":"PO-0019751"},{"$f":"[1]Pos!C4682","v":"BEL"},{"$f":"[1]Pos!D4682","v":1200},{"$f":"[1]Pos!E4682","v":0.626}]
[{"$f":"[1]Pos!A4683","v":"5272EM04"},{"$f":"[1]Pos!B4683","v":"PO-0019751"},{"$f":"[1]Pos!C4683","v":"BEL"},{"$f":"[1]Pos!D4683","v":1200},{"$f":"[1]Pos!E4683","v":0.432}]
[{"$f":"[1]Pos!A4684","v":"5272EM05"},{"$f":"[1]Pos!B4684","v":"PO-0019751"},{"$f":"[1]Pos!C4684","v":"BEL"},{"$f":"[1]Pos!D4684","v":1200},{"$f":"[1]Pos!E4684","v":0.48}]
[{"$f":"[1]Pos!A4685","v":"5272P01"},{"$f":"[1]Pos!B4685","v":"PO-0019747"},{"$f":"[1]Pos!C4685","v":"MOND"},{"$f":"[1]Pos!D4685","v":1690},{"$f":"[1]Pos!E4685","v":6.75}]
[{"$f":"[1]Pos!A4686","v":"5272P02"},{"$f":"[1]Pos!B4686","v":"PO-0019756"},{"$f":"[1]Pos!C4686","v":"MOND"},{"$f":"[1]Pos!D4686","v":3628.8},{"$f":"[1]Pos!E4686","v":6.15}]
[{"$f":"[1]Pos!A4687","v":"5272P03"},{"$f":"[1]Pos!B4687","v":"PO-0019760"},{"$f":"[1]Pos!C4687","v":"MOND"},{"$f":"[1]Pos!D4687","v":5443.2},{"$f":"[1]Pos!E4687","v":6.75}]
[{"$f":"[1]Pos!A4688","v":"5272P04"},{"$f":"[1]Pos!B4688","v":"PO-0019761"},{"$f":"[1]Pos!C4688","v":99},{"$f":"[1]Pos!D4688","v":3628.8},{"$f":"[1]Pos!E4688","v":6.25}]
[{"$f":"[1]Pos!A4689","v":"5272P05"},{"$f":"[1]Pos!B4689","v":"PO-0019727"},{"$f":"[1]Pos!C4689","v":"DESC"},{"$f":"[1]Pos!D4689","v":8164.8},{"$f":"[1]Pos!E4689","v":7.4}]
[{"$f":"[1]Pos!A4690","v":"5273B01"},{"$f":"[1]Pos!B4690","v":"PO-0019714"},{"$f":"[1]Pos!C4690","v":"LARO"},{"$f":"[1]Pos!D4690","v":569.5},{"$f":"[1]Pos!E4690","v":7.89}]
[{"$f":"[1]Pos!A4691","v":"5273B02"},{"$f":"[1]Pos!B4691","v":"PO-0019764"},{"$f":"[1]Pos!C4691","v":"RYDI"},{"$f":"[1]Pos!D4691","v":1600},{"$f":"[1]Pos!E4691","v":7.58}]
[{"$f":"[1]Pos!A4692","v":"5273B03"},{"$f":"[1]Pos!B4692","v":"PO-0019793"},{"$f":"[1]Pos!C4692","v":"DECA"},{"$f":"[1]Pos!D4692","v":679.58},{"$f":"[1]Pos!E4692","v":8.6199999999999992}]
[{"$f":"[1]Pos!A4693","v":"5273B04"},{"$f":"[1]Pos!B4693","v":"PO-0019835"},{"$f":"[1]Pos!C4693","v":"C&C"},{"$f":"[1]Pos!D4693","v":456.903594},{"$f":"[1]Pos!E4693","v":4.1500000000000004}]
[{"$f":"[1]Pos!A4694","v":"5273B05"},{"$f":"[1]Pos!B4694","v":"PO-0019940"},{"$f":"[1]Pos!C4694","v":"CHIS"},{"$f":"[1]Pos!D4694","v":9998.82},{"$f":"[1]Pos!E4694","v":4.3499999999999996}]
[{"$f":"[1]Pos!A4695","v":"5273P01"},{"$f":"[1]Pos!B4695","v":"PO-0019772"},{"$f":"[1]Pos!C4695","v":"CENT"},{"$f":"[1]Pos!D4695","v":907.2},{"$f":"[1]Pos!E4695","v":4.8}]
[{"$f":"[1]Pos!A4696","v":"5274P01"},{"$f":"[1]Pos!B4696","v":"PO-0019743"},{"$f":"[1]Pos!C4696","v":"EXCE"},{"$f":"[1]Pos!D4696","v":1283.98},{"$f":"[1]Pos!E4696","v":3.4}]
[{"$f":"[1]Pos!A4697","v":"5274P02"},{"$f":"[1]Pos!B4697","v":"PO-0019744"},{"$f":"[1]Pos!C4697","v":"EXCE"},{"$f":"[1]Pos!D4697","v":1283.81},{"$f":"[1]Pos!E4697","v":3.4}]
[{"$f":"[1]Pos!A4698","v":"5274P03"},{"$f":"[1]Pos!B4698","v":"PO-0019771"},{"$f":"[1]Pos!C4698","v":"EXCE"},{"$f":"[1]Pos!D4698","v":135.57},{"$f":"[1]Pos!E4698","v":4.0199999999999996}]
[{"$f":"[1]Pos!A4699","v":"5274P04"},{"$f":"[1]Pos!B4699","v":"PO-0019799"},{"$f":"[1]Pos!C4699","v":"EXCE"},{"$f":"[1]Pos!D4699","v":633.77},{"$f":"[1]Pos!E4699","v":3.4}]
[{"$f":"[1]Pos!A4700","v":"5274P05"},{"$f":"[1]Pos!B4700","v":"PO-0019808"},{"$f":"[1]Pos!C4700","v":"ACCU"},{"$f":"[1]Pos!D4700","v":1980},{"$f":"[1]Pos!E4700","v":5.0999999999999996}]
[{"$f":"[1]Pos!A4701","v":"5275B01"},{"$f":"[1]Pos!B4701","v":"PO-0019765"},{"$f":"[1]Pos!C4701","v":"RYDI"},{"$f":"[1]Pos!D4701","v":416},{"$f":"[1]Pos!E4701","v":8.26}]
[{"$f":"[1]Pos!A4702","v":"5275EM01"},{"$f":"[1]Pos!B4702","v":"PO-0019769"},{"$f":"[1]Pos!C4702","v":"UNIP"},{"$f":"[1]Pos!D4702","v":14400},{"$f":"[1]Pos!E4702","v":0.46978999999999999}]
[{"$f":"[1]Pos!A4703","v":"5275EM02"},{"$f":"[1]Pos!B4703","v":"PO-0019769"},{"$f":"[1]Pos!C4703","v":"UNIP"},{"$f":"[1]Pos!D4703","v":4320},{"$f":"[1]Pos!E4703","v":0.46978999999999999}]
[{"$f":"[1]Pos!A4704","v":"5275EM03"},{"$f":"[1]Pos!B4704","v":"PO-0019769"},{"$f":"[1]Pos!C4704","v":"UNIP"},{"$f":"[1]Pos!D4704","v":210000},{"$f":"[1]Pos!E4704","v":0.13650000000000001}]
[{"$f":"[1]Pos!A4705","v":"5275EM04"},{"$f":"[1]Pos!B4705","v":"PO-0019770"},{"$f":"[1]Pos!C4705","v":"BEL"},{"$f":"[1]Pos!D4705","v":1200},{"$f":"[1]Pos!E4705","v":0.432}]
[{"$f":"[1]Pos!A4706","v":"5275EM05"},{"$f":"[1]Pos!B4706","v":"PO-0019770"},{"$f":"[1]Pos!C4706","v":"BEL"},{"$f":"[1]Pos!D4706","v":600},{"$f":"[1]Pos!E4706","v":0.64500000000000002}]
[{"$f":"[1]Pos!A4707","v":"5275EM06"},{"$f":"[1]Pos!B4707","v":"PO-0019770"},{"$f":"[1]Pos!C4707","v":"BEL"},{"$f":"[1]Pos!D4707","v":1000},{"$f":"[1]Pos!E4707","v":0.69099999999999995}]
[{"$f":"[1]Pos!A4708","v":"5275EM07"},{"$f":"[1]Pos!B4708","v":"PO-0019770"},{"$f":"[1]Pos!C4708","v":"BEL"},{"$f":"[1]Pos!D4708","v":500},{"$f":"[1]Pos!E4708","v":0.746}]
[{"$f":"[1]Pos!A4709","v":"5275EM08"},{"$f":"[1]Pos!B4709","v":"PO-0019770"},{"$f":"[1]Pos!C4709","v":"BEL"},{"$f":"[1]Pos!D4709","v":500},{"$f":"[1]Pos!E4709","v":0.6}]
[{"$f":"[1]Pos!A4710","v":"5275EM09"},{"$f":"[1]Pos!B4710","v":"PO-0019770"},{"$f":"[1]Pos!C4710","v":"BEL"},{"$f":"[1]Pos!D4710","v":1200},{"$f":"[1]Pos!E4710","v":0.48}]
[{"$f":"[1]Pos!A4711","v":"5275P01"},{"$f":"[1]Pos!B4711","v":"PO-0019771"},{"$f":"[1]Pos!C4711","v":"EXCE"},{"$f":"[1]Pos!D4711","v":2463.92},{"$f":"[1]Pos!E4711","v":5}]
[{"$f":"[1]Pos!A4712","v":"5275P02"},{"$f":"[1]Pos!B4712","v":"PO-0019777"},{"$f":"[1]Pos!C4712","v":"CENT"},{"$f":"[1]Pos!D4712","v":2721.6},{"$f":"[1]Pos!E4712","v":4.8}]
[{"$f":"[1]Pos!A4713","v":"5275P03"},{"$f":"[1]Pos!B4713","v":"PO-0019766"},{"$f":"[1]Pos!C4713","v":"DESC"},{"$f":"[1]Pos!D4713","v":10886.4},{"$f":"[1]Pos!E4713","v":7.4}]
[{"$f":"[1]Pos!A4714","v":"5275P04"},{"$f":"[1]Pos!B4714","v":"PO-0019778"},{"$f":"[1]Pos!C4714","v":99},{"$f":"[1]Pos!D4714","v":3628.8},{"$f":"[1]Pos!E4714","v":6.25}]
[{"$f":"[1]Pos!A4715","v":"5276AS01"},{"$f":"[1]Pos!B4715","v":"PO-0020894"},{"$f":"[1]Pos!C4715","v":"BSA"},{"$f":"[1]Pos!D4715","v":75},{"$f":"[1]Pos!E4715","v":2.78}]
[{"$f":"[1]Pos!A4716","v":"5276B01"},{"$f":"[1]Pos!B4716","v":"PO-0019784"},{"$f":"[1]Pos!C4716","v":"RYDI"},{"$f":"[1]Pos!D4716","v":700},{"$f":"[1]Pos!E4716","v":1.65}]
[{"$f":"[1]Pos!A4717","v":"5276P01"},{"$f":"[1]Pos!B4717","v":"PO-0019767"},{"$f":"[1]Pos!C4717","v":"DESC"},{"$f":"[1]Pos!D4717","v":7257.6},{"$f":"[1]Pos!E4717","v":4.8}]
[{"$f":"[1]Pos!A4718","v":"5276P02"},{"$f":"[1]Pos!B4718","v":"PO-0019768"},{"$f":"[1]Pos!C4718","v":"MOND"},{"$f":"[1]Pos!D4718","v":6894.72},{"$f":"[1]Pos!E4718","v":6.8}]
[{"$f":"[1]Pos!A4719","v":"5276P03"},{"$f":"[1]Pos!B4719","v":"PO-0019775"},{"$f":"[1]Pos!C4719","v":"EXCE"},{"$f":"[1]Pos!D4719","v":1276.04},{"$f":"[1]Pos!E4719","v":3.4}]
[{"$f":"[1]Pos!A4720","v":"5276P04"},{"$f":"[1]Pos!B4720","v":"PO-0019783"},{"$f":"[1]Pos!C4720","v":"CENT"},{"$f":"[1]Pos!D4720","v":591.98},{"$f":"[1]Pos!E4720","v":5.0999999999999996}]
[{"$f":"[1]Pos!A4721","v":"5277P01"},{"$f":"[1]Pos!B4721","v":"PO-0019774"},{"$f":"[1]Pos!C4721","v":"EXCE"},{"$f":"[1]Pos!D4721","v":1931.7},{"$f":"[1]Pos!E4721","v":5.25}]
[{"$f":"[1]Pos!A4722","v":"5281EM01"},{"$f":"[1]Pos!B4722","v":"PO-0020081"},{"$f":"[1]Pos!C4722","v":"HEAT"},{"$f":"[1]Pos!D4722","v":4000},{"$f":"[1]Pos!E4722","v":0.1}]
[{"$f":"[1]Pos!A4723","v":"5281EM02"},{"$f":"[1]Pos!B4723","v":"PO-0020143"},{"$f":"[1]Pos!C4723","v":"HEAT"},{"$f":"[1]Pos!D4723","v":4000},{"$f":"[1]Pos!E4723","v":0.19500000000000001}]
[{"$f":"[1]Pos!A4724","v":"5281EM03"},{"$f":"[1]Pos!B4724","v":"PO-0020496"},{"$f":"[1]Pos!C4724","v":"HEAT"},{"$f":"[1]Pos!D4724","v":4000},{"$f":"[1]Pos!E4724","v":0.19500000000000001}]
[{"$f":"[1]Pos!A4725","v":"5282B01"},{"$f":"[1]Pos!B4725","v":"PO-0019785"},{"$f":"[1]Pos!C4725","v":"DECA"},{"$f":"[1]Pos!D4725","v":58.74},{"$f":"[1]Pos!E4725","v":3.25}]
[{"$f":"[1]Pos!A4726","v":"5282B02"},{"$f":"[1]Pos!B4726","v":"PO-0019795"},{"$f":"[1]Pos!C4726","v":"RYDI"},{"$f":"[1]Pos!D4726","v":441.5},{"$f":"[1]Pos!E4726","v":8.26}]
[{"$f":"[1]Pos!A4727","v":"5282B03"},{"$f":"[1]Pos!B4727","v":"PO-0019794"},{"$f":"[1]Pos!C4727","v":"RYDI"},{"$f":"[1]Pos!D4727","v":3327.5},{"$f":"[1]Pos!E4727","v":8.51}]
[{"$f":"[1]Pos!A4728","v":"5282B04"},{"$f":"[1]Pos!B4728","v":"PO-0019794"},{"$f":"[1]Pos!C4728","v":"RYDI"},{"$f":"[1]Pos!D4728","v":1678},{"$f":"[1]Pos!E4728","v":4.37}]
[{"$f":"[1]Pos!A4729","v":"5282B05"},{"$f":"[1]Pos!B4729","v":"PO-0021132"},{"$f":"[1]Pos!C4729","v":"DECA"},{"$f":"[1]Pos!D4729","v":1214.8414889999999},{"$f":"[1]Pos!E4729","v":5.84}]
[{"$f":"[1]Pos!A4730","v":"5282EM01"},{"$f":"[1]Pos!B4730","v":"PO-0019780"},{"$f":"[1]Pos!C4730","v":"BEL"},{"$f":"[1]Pos!D4730","v":2000},{"$f":"[1]Pos!E4730","v":0.69099999999999995}]
[{"$f":"[1]Pos!A4731","v":"5282EM02"},{"$f":"[1]Pos!B4731","v":"PO-0019780"},{"$f":"[1]Pos!C4731","v":"BEL"},{"$f":"[1]Pos!D4731","v":600},{"$f":"[1]Pos!E4731","v":0.626}]
[{"$f":"[1]Pos!A4732","v":"5282P01"},{"$f":"[1]Pos!B4732","v":"PO-0019779"},{"$f":"[1]Pos!C4732","v":"MOND"},{"$f":"[1]Pos!D4732","v":3308},{"$f":"[1]Pos!E4732","v":6.8}]
[{"$f":"[1]Pos!A4733","v":"5282P02"},{"$f":"[1]Pos!B4733","v":"PO-0019788"},{"$f":"[1]Pos!C4733","v":"ACCU"},{"$f":"[1]Pos!D4733","v":3726},{"$f":"[1]Pos!E4733","v":5.0999999999999996}]
[{"$f":"[1]Pos!A4734","v":"5282P03"},{"$f":"[1]Pos!B4734","v":"PO-0019803"},{"$f":"[1]Pos!C4734","v":"SUNC"},{"$f":"[1]Pos!D4734","v":3628.8},{"$f":"[1]Pos!E4734","v":6.25}]
[{"$f":"[1]Pos!A4735","v":"5283B01"},{"$f":"[1]Pos!B4735","v":"PO-0019762"},{"$f":"[1]Pos!C4735","v":"LARO"},{"$f":"[1]Pos!D4735","v":590.5},{"$f":"[1]Pos!E4735","v":8.19}]
[{"$f":"[1]Pos!A4736","v":"5283B02"},{"$f":"[1]Pos!B4736","v":"PO-0019787"},{"$f":"[1]Pos!C4736","v":"BOUC"},{"$f":"[1]Pos!D4736","v":129.30000000000001},{"$f":"[1]Pos!E4736","v":3.86}]
[{"$f":"[1]Pos!A4737","v":"5283B03"},{"$f":"[1]Pos!B4737","v":"PO-0019787"},{"$f":"[1]Pos!C4737","v":"BOUC"},{"$f":"[1]Pos!D4737","v":114.98},{"$f":"[1]Pos!E4737","v":3.87}]
[{"$f":"[1]Pos!A4738","v":"5283P01"},{"$f":"[1]Pos!B4738","v":"PO-0019781"},{"$f":"[1]Pos!C4738","v":"MOND"},{"$f":"[1]Pos!D4738","v":1814.4},{"$f":"[1]Pos!E4738","v":6.8}]
[{"$f":"[1]Pos!A4739","v":"5283P02"},{"$f":"[1]Pos!B4739","v":"PO-0019781"},{"$f":"[1]Pos!C4739","v":"MOND"},{"$f":"[1]Pos!D4739","v":1700},{"$f":"[1]Pos!E4739","v":6.8}]
[{"$f":"[1]Pos!A4740","v":"5283P03"},{"$f":"[1]Pos!B4740","v":"PO-0019797"},{"$f":"[1]Pos!C4740","v":"EXCE"},{"$f":"[1]Pos!D4740","v":971.98},{"$f":"[1]Pos!E4740","v":3.4}]
[{"$f":"[1]Pos!A4741","v":"5283P04"},{"$f":"[1]Pos!B4741","v":"PO-0019814"},{"$f":"[1]Pos!C4741","v":"CENT"},{"$f":"[1]Pos!D4741","v":907.2},{"$f":"[1]Pos!E4741","v":4.8}]
[{"$f":"[1]Pos!A4742","v":"5284B01"},{"$f":"[1]Pos!B4742","v":"PO-0019796"},{"$f":"[1]Pos!C4742","v":"RYDI"},{"$f":"[1]Pos!D4742","v":417},{"$f":"[1]Pos!E4742","v":8.27}]
[{"$f":"[1]Pos!A4743","v":"5284B02"},{"$f":"[1]Pos!B4743","v":"PO-0019763"},{"$f":"[1]Pos!C4743","v":"LARO"},{"$f":"[1]Pos!D4743","v":579},{"$f":"[1]Pos!E4743","v":8.19}]
[{"$f":"[1]Pos!A4744","v":"5284B03"},{"$f":"[1]Pos!B4744","v":"PO-0019821"},{"$f":"[1]Pos!C4744","v":"WHIT"},{"$f":"[1]Pos!D4744","v":222.82},{"$f":"[1]Pos!E4744","v":7.1}]
[{"$f":"[1]Pos!A4745","v":"5284EM01"},{"$f":"[1]Pos!B4745","v":"PO-0019801"},{"$f":"[1]Pos!C4745","v":"BEL"},{"$f":"[1]Pos!D4745","v":2000},{"$f":"[1]Pos!E4745","v":0.69099999999999995}]
[{"$f":"[1]Pos!A4746","v":"5284EM02"},{"$f":"[1]Pos!B4746","v":"PO-0019801"},{"$f":"[1]Pos!C4746","v":"BEL"},{"$f":"[1]Pos!D4746","v":1200},{"$f":"[1]Pos!E4746","v":0.626}]
[{"$f":"[1]Pos!A4747","v":"5284EM03"},{"$f":"[1]Pos!B4747","v":"PO-0019801"},{"$f":"[1]Pos!C4747","v":"BEL"},{"$f":"[1]Pos!D4747","v":600},{"$f":"[1]Pos!E4747","v":0.01}]
[{"$f":"[1]Pos!A4748","v":"5284EM04"},{"$f":"[1]Pos!B4748","v":"PO-0019801"},{"$f":"[1]Pos!C4748","v":"BEL"},{"$f":"[1]Pos!D4748","v":2400},{"$f":"[1]Pos!E4748","v":0.432}]
[{"$f":"[1]Pos!A4749","v":"5284EM05"},{"$f":"[1]Pos!B4749","v":"PO-0019801"},{"$f":"[1]Pos!C4749","v":"BEL"},{"$f":"[1]Pos!D4749","v":840},{"$f":"[1]Pos!E4749","v":0.44700000000000001}]
[{"$f":"[1]Pos!A4750","v":"5284EM06"},{"$f":"[1]Pos!B4750","v":"PO-0019801"},{"$f":"[1]Pos!C4750","v":"BEL"},{"$f":"[1]Pos!D4750","v":1200},{"$f":"[1]Pos!E4750","v":0.48}]
[{"$f":"[1]Pos!A4751","v":"5284EM07"},{"$f":"[1]Pos!B4751","v":"PO-0019801"},{"$f":"[1]Pos!C4751","v":"BEL"},{"$f":"[1]Pos!D4751","v":500},{"$f":"[1]Pos!E4751","v":0.6}]
[{"$f":"[1]Pos!A4752","v":"5284P01"},{"$f":"[1]Pos!B4752","v":"PO-0019800"},{"$f":"[1]Pos!C4752","v":"EXCE"},{"$f":"[1]Pos!D4752","v":134.46},{"$f":"[1]Pos!E4752","v":4.0199999999999996}]
[{"$f":"[1]Pos!A4753","v":"5284P02"},{"$f":"[1]Pos!B4753","v":"PO-0019798"},{"$f":"[1]Pos!C4753","v":"EXCE"},{"$f":"[1]Pos!D4753","v":1289.49},{"$f":"[1]Pos!E4753","v":3.4}]
[{"$f":"[1]Pos!A4754","v":"5284P03"},{"$f":"[1]Pos!B4754","v":"PO-0019804"},{"$f":"[1]Pos!C4754","v":"EXCE"},{"$f":"[1]Pos!D4754","v":1131.24},{"$f":"[1]Pos!E4754","v":4.0199999999999996}]
[{"$f":"[1]Pos!A4755","v":"5285B01"},{"$f":"[1]Pos!B4755","v":"PO-0019811"},{"$f":"[1]Pos!C4755","v":"RYDI"},{"$f":"[1]Pos!D4755","v":3350},{"$f":"[1]Pos!E4755","v":8.6199999999999992}]
[{"$f":"[1]Pos!A4756","v":"5285B02"},{"$f":"[1]Pos!B4756","v":"PO-0019811"},{"$f":"[1]Pos!C4756","v":"RYDI"},{"$f":"[1]Pos!D4756","v":800},{"$f":"[1]Pos!E4756","v":4.37}]
[{"$f":"[1]Pos!A4757","v":"5285B03"},{"$f":"[1]Pos!B4757","v":"PO-0019821"},{"$f":"[1]Pos!C4757","v":"WHIT"},{"$f":"[1]Pos!D4757","v":221.76},{"$f":"[1]Pos!E4757","v":14.5}]
[{"$f":"[1]Pos!A4758","v":"5285B04"},{"$f":"[1]Pos!B4758","v":"PO-0019821"},{"$f":"[1]Pos!C4758","v":"WHIT"},{"$f":"[1]Pos!D4758","v":43.48},{"$f":"[1]Pos!E4758","v":10.5}]
[{"$f":"[1]Pos!A4759","v":"5285EM01"},{"$f":"[1]Pos!B4759","v":"PO-0019854"},{"$f":"[1]Pos!C4759","v":"WINP"},{"$f":"[1]Pos!D4759","v":52066},{"$f":"[1]Pos!E4759","v":0.12162000000000001}]
[{"$f":"[1]Pos!A4760","v":"5285P01"},{"$f":"[1]Pos!B4760","v":"PO-0019802"},{"$f":"[1]Pos!C4760","v":"MOND"},{"$f":"[1]Pos!D4760","v":3628.8},{"$f":"[1]Pos!E4760","v":6.8}]
[{"$f":"[1]Pos!A4761","v":"5285P02"},{"$f":"[1]Pos!B4761","v":"PO-0019800"},{"$f":"[1]Pos!C4761","v":"EXCE"},{"$f":"[1]Pos!D4761","v":1931.18},{"$f":"[1]Pos!E4761","v":5.25}]
[{"$f":"[1]Pos!A4762","v":"5285P03"},{"$f":"[1]Pos!B4762","v":"PO-0019809"},{"$f":"[1]Pos!C4762","v":"EXCE"},{"$f":"[1]Pos!D4762","v":18.010000000000002},{"$f":"[1]Pos!E4762","v":2.6}]
[{"$f":"[1]Pos!A4763","v":"5285P04"},{"$f":"[1]Pos!B4763","v":"PO-0019809"},{"$f":"[1]Pos!C4763","v":"EXCE"},{"$f":"[1]Pos!D4763","v":18.36},{"$f":"[1]Pos!E4763","v":6.4}]
[{"$f":"[1]Pos!A4764","v":"5285P05"},{"$f":"[1]Pos!B4764","v":"PO-0019789"},{"$f":"[1]Pos!C4764","v":"DESC"},{"$f":"[1]Pos!D4764","v":6531.84},{"$f":"[1]Pos!E4764","v":4.8}]
[{"$f":"[1]Pos!A4765","v":"5285P06"},{"$f":"[1]Pos!B4765","v":"PO-0019819"},{"$f":"[1]Pos!C4765","v":"EXCE"},{"$f":"[1]Pos!D4765","v":543.70000000000005},{"$f":"[1]Pos!E4765","v":3.4}]
[{"$f":"[1]Pos!A4766","v":"5285P07"},{"$f":"[1]Pos!B4766","v":"PO-0019825"},{"$f":"[1]Pos!C4766","v":"SUNC"},{"$f":"[1]Pos!D4766","v":2721.6},{"$f":"[1]Pos!E4766","v":6.15}]
[{"$f":"[1]Pos!A4767","v":"5285P08"},{"$f":"[1]Pos!B4767","v":"PO-0019822"},{"$f":"[1]Pos!C4767","v":"DESC"},{"$f":"[1]Pos!D4767","v":3628.8},{"$f":"[1]Pos!E4767","v":7.1}]
[{"$f":"[1]Pos!A4768","v":"5285P09"},{"$f":"[1]Pos!B4768","v":"PO-0019823"},{"$f":"[1]Pos!C4768","v":"CENT"},{"$f":"[1]Pos!D4768","v":2721.6},{"$f":"[1]Pos!E4768","v":4.8}]
[{"$f":"[1]Pos!A4769","v":"5285P10"},{"$f":"[1]Pos!B4769","v":"PO-0019823"},{"$f":"[1]Pos!C4769","v":"CENT"},{"$f":"[1]Pos!D4769","v":1764.42},{"$f":"[1]Pos!E4769","v":5.0999999999999996}]
[{"$f":"[1]Pos!A4770","v":"5285P11"},{"$f":"[1]Pos!B4770","v":"PO-0019823"},{"$f":"[1]Pos!C4770","v":"CENT"},{"$f":"[1]Pos!D4770","v":907.2},{"$f":"[1]Pos!E4770","v":3.4}]
[{"$f":"[1]Pos!A4771","v":"5285P12"},{"$f":"[1]Pos!B4771","v":"PO-0019829"},{"$f":"[1]Pos!C4771","v":"DESC"},{"$f":"[1]Pos!D4771","v":4536},{"$f":"[1]Pos!E4771","v":7.1}]
[{"$f":"[1]Pos!A4772","v":"5286AS01"},{"$f":"[1]Pos!B4772","v":"PO-0019892"},{"$f":"[1]Pos!C4772","v":"BSA"},{"$f":"[1]Pos!D4772","v":249.6},{"$f":"[1]Pos!E4772","v":12.59}]
[{"$f":"[1]Pos!A4773","v":"5286B01"},{"$f":"[1]Pos!B4773","v":"PO-0020744"},{"$f":"[1]Pos!C4773","v":"CHIS"},{"$f":"[1]Pos!D4773","v":16740.3},{"$f":"[1]Pos!E4773","v":3.05}]
[{"$f":"[1]Pos!A4774","v":"5286EM01"},{"$f":"[1]Pos!B4774","v":"PO-0019815"},{"$f":"[1]Pos!C4774","v":"BEL"},{"$f":"[1]Pos!D4774","v":1000},{"$f":"[1]Pos!E4774","v":1.32}]
[{"$f":"[1]Pos!A4775","v":"5286EM02"},{"$f":"[1]Pos!B4775","v":"PO-0019815"},{"$f":"[1]Pos!C4775","v":"BEL"},{"$f":"[1]Pos!D4775","v":500},{"$f":"[1]Pos!E4775","v":0.6}]
[{"$f":"[1]Pos!A4776","v":"5286EM03"},{"$f":"[1]Pos!B4776","v":"PO-0019815"},{"$f":"[1]Pos!C4776","v":"BEL"},{"$f":"[1]Pos!D4776","v":1200},{"$f":"[1]Pos!E4776","v":0.48}]
[{"$f":"[1]Pos!A4777","v":"5286P01"},{"$f":"[1]Pos!B4777","v":"PO-0019790"},{"$f":"[1]Pos!C4777","v":"DESC"},{"$f":"[1]Pos!D4777","v":8618.4},{"$f":"[1]Pos!E4777","v":4.8}]
[{"$f":"[1]Pos!A4778","v":"5286P02"},{"$f":"[1]Pos!B4778","v":"PO-0019826"},{"$f":"[1]Pos!C4778","v":"EXCE"},{"$f":"[1]Pos!D4778","v":26.7},{"$f":"[1]Pos!E4778","v":4.0199999999999996}]
[{"$f":"[1]Pos!A4779","v":"5286P03"},{"$f":"[1]Pos!B4779","v":"PO-0019827"},{"$f":"[1]Pos!C4779","v":99},{"$f":"[1]Pos!D4779","v":25.24},{"$f":"[1]Pos!E4779","v":4.55}]
[{"$f":"[1]Pos!A4780","v":"5286P04"},{"$f":"[1]Pos!B4780","v":"PO-0019824"},{"$f":"[1]Pos!C4780","v":"MOND"},{"$f":"[1]Pos!D4780","v":4536},{"$f":"[1]Pos!E4780","v":6.8}]
[{"$f":"[1]Pos!A4781","v":"5292B01"},{"$f":"[1]Pos!B4781","v":"PO-0019805"},{"$f":"[1]Pos!C4781","v":"LARO"},{"$f":"[1]Pos!D4781","v":755},{"$f":"[1]Pos!E4781","v":8.19}]
[{"$f":"[1]Pos!A4782","v":"5292B02"},{"$f":"[1]Pos!B4782","v":"PO-0019821"},{"$f":"[1]Pos!C4782","v":"WHIT"},{"$f":"[1]Pos!D4782","v":69.239999999999995},{"$f":"[1]Pos!E4782","v":8.9}]
[{"$f":"[1]Pos!A4783","v":"5292B03"},{"$f":"[1]Pos!B4783","v":"PO-0019832"},{"$f":"[1]Pos!C4783","v":"RYDI"},{"$f":"[1]Pos!D4783","v":390.5},{"$f":"[1]Pos!E4783","v":8.27}]
[{"$f":"[1]Pos!A4784","v":"5292B04"},{"$f":"[1]Pos!B4784","v":"PO-0019853"},{"$f":"[1]Pos!C4784","v":"DELF"},{"$f":"[1]Pos!D4784","v":342.97},{"$f":"[1]Pos!E4784","v":9}]
[{"$f":"[1]Pos!A4785","v":"5292B05"},{"$f":"[1]Pos!B4785","v":"PO-0019926"},{"$f":"[1]Pos!C4785","v":"DELF"},{"$f":"[1]Pos!D4785","v":161.44},{"$f":"[1]Pos!E4785","v":12.69}]
[{"$f":"[1]Pos!A4786","v":"5292EM01"},{"$f":"[1]Pos!B4786","v":"PO-0019978"},{"$f":"[1]Pos!C4786","v":"HEAT"},{"$f":"[1]Pos!D4786","v":10000},{"$f":"[1]Pos!E4786","v":0.01}]
[{"$f":"[1]Pos!A4787","v":"5292P01"},{"$f":"[1]Pos!B4787","v":"PO-0019836"},{"$f":"[1]Pos!C4787","v":"ACCU"},{"$f":"[1]Pos!D4787","v":2700},{"$f":"[1]Pos!E4787","v":5.0999999999999996}]
[{"$f":"[1]Pos!A4788","v":"5292P02"},{"$f":"[1]Pos!B4788","v":"PO-0019830"},{"$f":"[1]Pos!C4788","v":"MOND"},{"$f":"[1]Pos!D4788","v":1780},{"$f":"[1]Pos!E4788","v":6.7}]
[{"$f":"[1]Pos!A4789","v":"5292P03"},{"$f":"[1]Pos!B4789","v":"PO-0019838"},{"$f":"[1]Pos!C4789","v":"SUNC"},{"$f":"[1]Pos!D4789","v":3628.8},{"$f":"[1]Pos!E4789","v":7.1}]
[{"$f":"[1]Pos!A4790","v":"5292P04"},{"$f":"[1]Pos!B4790","v":"PO-0019850"},{"$f":"[1]Pos!C4790","v":"MOND"},{"$f":"[1]Pos!D4790","v":1890},{"$f":"[1]Pos!E4790","v":6.8}]
[{"$f":"[1]Pos!A4791","v":"5293B01"},{"$f":"[1]Pos!B4791","v":"PO-0019806"},{"$f":"[1]Pos!C4791","v":"LARO"},{"$f":"[1]Pos!D4791","v":649},{"$f":"[1]Pos!E4791","v":8.19}]
[{"$f":"[1]Pos!A4792","v":"5293B02"},{"$f":"[1]Pos!B4792","v":"PO-0019812"},{"$f":"[1]Pos!C4792","v":"RYDI"},{"$f":"[1]Pos!D4792","v":5462},{"$f":"[1]Pos!E4792","v":8.6199999999999992}]
[{"$f":"[1]Pos!A4793","v":"5293B03"},{"$f":"[1]Pos!B4793","v":"PO-0019812"},{"$f":"[1]Pos!C4793","v":"RYDI"},{"$f":"[1]Pos!D4793","v":851.5},{"$f":"[1]Pos!E4793","v":4.37}]
[{"$f":"[1]Pos!A4794","v":"5293B04"},{"$f":"[1]Pos!B4794","v":"PO-0020045"},{"$f":"[1]Pos!C4794","v":"DECA"},{"$f":"[1]Pos!D4794","v":27.92},{"$f":"[1]Pos!E4794","v":22.09}]
[{"$f":"[1]Pos!A4795","v":"5293EM01"},{"$f":"[1]Pos!B4795","v":"PO-0019840"},{"$f":"[1]Pos!C4795","v":"BEL"},{"$f":"[1]Pos!D4795","v":1000},{"$f":"[1]Pos!E4795","v":0.69099999999999995}]
[{"$f":"[1]Pos!A4796","v":"5293EM02"},{"$f":"[1]Pos!B4796","v":"PO-0019840"},{"$f":"[1]Pos!C4796","v":"BEL"},{"$f":"[1]Pos!D4796","v":1200},{"$f":"[1]Pos!E4796","v":0.432}]
[{"$f":"[1]Pos!A4797","v":"5293EM03"},{"$f":"[1]Pos!B4797","v":"PO-0019840"},{"$f":"[1]Pos!C4797","v":"BEL"},{"$f":"[1]Pos!D4797","v":1200},{"$f":"[1]Pos!E4797","v":0.626}]
[{"$f":"[1]Pos!A4798","v":"5293EM04"},{"$f":"[1]Pos!B4798","v":"PO-0019840"},{"$f":"[1]Pos!C4798","v":"BEL"},{"$f":"[1]Pos!D4798","v":500},{"$f":"[1]Pos!E4798","v":0.6}]
[{"$f":"[1]Pos!A4799","v":"5293EM05"},{"$f":"[1]Pos!B4799","v":"PO-0019840"},{"$f":"[1]Pos!C4799","v":"BEL"},{"$f":"[1]Pos!D4799","v":2400},{"$f":"[1]Pos!E4799","v":0.48}]
[{"$f":"[1]Pos!A4800","v":"5293P01"},{"$f":"[1]Pos!B4800","v":"PO-0019831"},{"$f":"[1]Pos!C4800","v":"EXCE"},{"$f":"[1]Pos!D4800","v":1272.73},{"$f":"[1]Pos!E4800","v":3.4}]
[{"$f":"[1]Pos!A4801","v":"5293P02"},{"$f":"[1]Pos!B4801","v":"PO-0019831"},{"$f":"[1]Pos!C4801","v":"EXCE"},{"$f":"[1]Pos!D4801","v":134.12},{"$f":"[1]Pos!E4801","v":4.0199999999999996}]
[{"$f":"[1]Pos!A4802","v":"5293P03"},{"$f":"[1]Pos!B4802","v":"PO-0019831"},{"$f":"[1]Pos!C4802","v":"EXCE"},{"$f":"[1]Pos!D4802","v":1286.02},{"$f":"[1]Pos!E4802","v":4.9000000000000004}]
[{"$f":"[1]Pos!A4803","v":"5293P04"},{"$f":"[1]Pos!B4803","v":"PO-0019856"},{"$f":"[1]Pos!C4803","v":"CENT"},{"$f":"[1]Pos!D4803","v":1814.4},{"$f":"[1]Pos!E4803","v":4.8}]
[{"$f":"[1]Pos!A4804","v":"5293P05"},{"$f":"[1]Pos!B4804","v":"PO-0019874"},{"$f":"[1]Pos!C4804","v":"SUNC"},{"$f":"[1]Pos!D4804","v":1814.4},{"$f":"[1]Pos!E4804","v":7.1}]
[{"$f":"[1]Pos!A4805","v":"5294AS01"},{"$f":"[1]Pos!B4805","v":"PO-0019966"},{"$f":"[1]Pos!C4805","v":"BSA"},{"$f":"[1]Pos!D4805","v":125},{"$f":"[1]Pos!E4805","v":9.1300000000000008}]
[{"$f":"[1]Pos!A4806","v":"5294B01"},{"$f":"[1]Pos!B4806","v":"PO-0019812"},{"$f":"[1]Pos!C4806","v":"RYDI"},{"$f":"[1]Pos!D4806","v":405},{"$f":"[1]Pos!E4806","v":8.27}]
[{"$f":"[1]Pos!A4807","v":"5294B02"},{"$f":"[1]Pos!B4807","v":"PO-0019807"},{"$f":"[1]Pos!C4807","v":"LARO"},{"$f":"[1]Pos!D4807","v":669.5},{"$f":"[1]Pos!E4807","v":8.19}]
[{"$f":"[1]Pos!A4808","v":"5294B03"},{"$f":"[1]Pos!B4808","v":"PO-0019875"},{"$f":"[1]Pos!C4808","v":"DECA"},{"$f":"[1]Pos!D4808","v":669.64},{"$f":"[1]Pos!E4808","v":10.15}]
[{"$f":"[1]Pos!A4809","v":"5294P01"},{"$f":"[1]Pos!B4809","v":"PO-0019843"},{"$f":"[1]Pos!C4809","v":"EXCE"},{"$f":"[1]Pos!D4809","v":1931.83},{"$f":"[1]Pos!E4809","v":5.25}]
[{"$f":"[1]Pos!A4810","v":"5294P02"},{"$f":"[1]Pos!B4810","v":"PO-0019843"},{"$f":"[1]Pos!C4810","v":"EXCE"},{"$f":"[1]Pos!D4810","v":1280.82},{"$f":"[1]Pos!E4810","v":3.4}]
[{"$f":"[1]Pos!A4811","v":"5294P03"},{"$f":"[1]Pos!B4811","v":"PO-0019845"},{"$f":"[1]Pos!C4811","v":"ACCU"},{"$f":"[1]Pos!D4811","v":1800},{"$f":"[1]Pos!E4811","v":5.0999999999999996}]
[{"$f":"[1]Pos!A4812","v":"5295B01"},{"$f":"[1]Pos!B4812","v":"PO-0019853"},{"$f":"[1]Pos!C4812","v":"DELF"},{"$f":"[1]Pos!D4812","v":18.45},{"$f":"[1]Pos!E4812","v":19.95}]
[{"$f":"[1]Pos!A4813","v":"5295B02"},{"$f":"[1]Pos!B4813","v":"PO-0020105"},{"$f":"[1]Pos!C4813","v":"CHIS"},{"$f":"[1]Pos!D4813","v":21381.02},{"$f":"[1]Pos!E4813","v":4.1500000000000004}]
[{"$f":"[1]Pos!A4814","v":"5295B03"},{"$f":"[1]Pos!B4814","v":"PO-0020290"},{"$f":"[1]Pos!C4814","v":"GEOR"},{"$f":"[1]Pos!D4814","v":130.24},{"$f":"[1]Pos!E4814","v":18.5}]
[{"$f":"[1]Pos!A4815","v":"5295EM01"},{"$f":"[1]Pos!B4815","v":"PO-0019848"},{"$f":"[1]Pos!C4815","v":"UNIP"},{"$f":"[1]Pos!D4815","v":140000},{"$f":"[1]Pos!E4815","v":6.4999999999999997E-3}]
[{"$f":"[1]Pos!A4816","v":"5295EM02"},{"$f":"[1]Pos!B4816","v":"PO-0019851"},{"$f":"[1]Pos!C4816","v":"BEL"},{"$f":"[1]Pos!D4816","v":1200},{"$f":"[1]Pos!E4816","v":0.432}]
[{"$f":"[1]Pos!A4817","v":"5295EM03"},{"$f":"[1]Pos!B4817","v":"PO-0019851"},{"$f":"[1]Pos!C4817","v":"BEL"},{"$f":"[1]Pos!D4817","v":2160},{"$f":"[1]Pos!E4817","v":0.44700000000000001}]
[{"$f":"[1]Pos!A4818","v":"5295EM04"},{"$f":"[1]Pos!B4818","v":"PO-0019851"},{"$f":"[1]Pos!C4818","v":"BEL"},{"$f":"[1]Pos!D4818","v":500},{"$f":"[1]Pos!E4818","v":0.6}]
[{"$f":"[1]Pos!A4819","v":"5295EM05"},{"$f":"[1]Pos!B4819","v":"PO-0019851"},{"$f":"[1]Pos!C4819","v":"BEL"},{"$f":"[1]Pos!D4819","v":1200},{"$f":"[1]Pos!E4819","v":0.48}]
[{"$f":"[1]Pos!A4820","v":"5295P01"},{"$f":"[1]Pos!B4820","v":"PO-0019844"},{"$f":"[1]Pos!C4820","v":"EXCE"},{"$f":"[1]Pos!D4820","v":1275.3699999999999},{"$f":"[1]Pos!E4820","v":3.4}]
[{"$f":"[1]Pos!A4821","v":"5295P02"},{"$f":"[1]Pos!B4821","v":"PO-0019857"},{"$f":"[1]Pos!C4821","v":"CENT"},{"$f":"[1]Pos!D4821","v":4536},{"$f":"[1]Pos!E4821","v":4.9000000000000004}]
[{"$f":"[1]Pos!A4822","v":"5295P03"},{"$f":"[1]Pos!B4822","v":"PO-0019861"},{"$f":"[1]Pos!C4822","v":"SUNC"},{"$f":"[1]Pos!D4822","v":3628.8},{"$f":"[1]Pos!E4822","v":6.64}]
[{"$f":"[1]Pos!A4823","v":"5295P04"},{"$f":"[1]Pos!B4823","v":"PO-0019855"},{"$f":"[1]Pos!C4823","v":"DESC"},{"$f":"[1]Pos!D4823","v":3810.24},{"$f":"[1]Pos!E4823","v":7.1}]
[{"$f":"[1]Pos!A4824","v":"5296B01"},{"$f":"[1]Pos!B4824","v":"PO-0019879"},{"$f":"[1]Pos!C4824","v":"DECA"},{"$f":"[1]Pos!D4824","v":90.84},{"$f":"[1]Pos!E4824","v":2.98}]
[{"$f":"[1]Pos!A4825","v":"5296B02"},{"$f":"[1]Pos!B4825","v":"PO-0019931"},{"$f":"[1]Pos!C4825","v":"RYDI"},{"$f":"[1]Pos!D4825","v":1513},{"$f":"[1]Pos!E4825","v":1.65}]
[{"$f":"[1]Pos!A4826","v":"5296P01"},{"$f":"[1]Pos!B4826","v":"PO-0019833"},{"$f":"[1]Pos!C4826","v":"DESC"},{"$f":"[1]Pos!D4826","v":10886.4},{"$f":"[1]Pos!E4826","v":4.8499999999999996}]
[{"$f":"[1]Pos!A4827","v":"5296P02"},{"$f":"[1]Pos!B4827","v":"PO-0019873"},{"$f":"[1]Pos!C4827","v":"EXCE"},{"$f":"[1]Pos!D4827","v":645.78},{"$f":"[1]Pos!E4827","v":3.2}]
[{"$f":"[1]Pos!A4828","v":"5296P03"},{"$f":"[1]Pos!B4828","v":"PO-0019863"},{"$f":"[1]Pos!C4828","v":"EXCE"},{"$f":"[1]Pos!D4828","v":1282.1199999999999},{"$f":"[1]Pos!E4828","v":5.25}]
[{"$f":"[1]Pos!A4829","v":"5296P04"},{"$f":"[1]Pos!B4829","v":"PO-0019863"},{"$f":"[1]Pos!C4829","v":"EXCE"},{"$f":"[1]Pos!D4829","v":631.4},{"$f":"[1]Pos!E4829","v":3.4}]
[{"$f":"[1]Pos!A4830","v":"5296P05"},{"$f":"[1]Pos!B4830","v":"PO-0019859"},{"$f":"[1]Pos!C4830","v":"MOND"},{"$f":"[1]Pos!D4830","v":3628.8},{"$f":"[1]Pos!E4830","v":6}]
[{"$f":"[1]Pos!A4831","v":"5296P06"},{"$f":"[1]Pos!B4831","v":"PO-0019882"},{"$f":"[1]Pos!C4831","v":"CENT"},{"$f":"[1]Pos!D4831","v":1814.4},{"$f":"[1]Pos!E4831","v":4.9000000000000004}]
[{"$f":"[1]Pos!A4832","v":"5296P07"},{"$f":"[1]Pos!B4832","v":"PO-0019859"},{"$f":"[1]Pos!C4832","v":"MOND"},{"$f":"[1]Pos!D4832","v":5443.2},{"$f":"[1]Pos!E4832","v":6}]
[{"$f":"[1]Pos!A4833","v":"5302B01"},{"$f":"[1]Pos!B4833","v":"PO-0019885"},{"$f":"[1]Pos!C4833","v":"LARO"},{"$f":"[1]Pos!D4833","v":615.5},{"$f":"[1]Pos!E4833","v":5.09}]
[{"$f":"[1]Pos!A4834","v":"5302B02"},{"$f":"[1]Pos!B4834","v":"PO-0019870"},{"$f":"[1]Pos!C4834","v":"RYDI"},{"$f":"[1]Pos!D4834","v":407.5},{"$f":"[1]Pos!E4834","v":8.27}]
[{"$f":"[1]Pos!A4835","v":"5302B03"},{"$f":"[1]Pos!B4835","v":"PO-0019945"},{"$f":"[1]Pos!C4835","v":"DECA"},{"$f":"[1]Pos!D4835","v":679.53},{"$f":"[1]Pos!E4835","v":16.95}]
[{"$f":"[1]Pos!A4836","v":"5302EM01"},{"$f":"[1]Pos!B4836","v":"PO-0019878"},{"$f":"[1]Pos!C4836","v":"BEL"},{"$f":"[1]Pos!D4836","v":1000},{"$f":"[1]Pos!E4836","v":0.69099999999999995}]
[{"$f":"[1]Pos!A4837","v":"5302EM02"},{"$f":"[1]Pos!B4837","v":"PO-0019878"},{"$f":"[1]Pos!C4837","v":"BEL"},{"$f":"[1]Pos!D4837","v":500},{"$f":"[1]Pos!E4837","v":0.48}]
[{"$f":"[1]Pos!A4838","v":"5302EM03"},{"$f":"[1]Pos!B4838","v":"PO-0019878"},{"$f":"[1]Pos!C4838","v":"BEL"},{"$f":"[1]Pos!D4838","v":1200},{"$f":"[1]Pos!E4838","v":0.432}]
[{"$f":"[1]Pos!A4839","v":"5302EM04"},{"$f":"[1]Pos!B4839","v":"PO-0019878"},{"$f":"[1]Pos!C4839","v":"BEL"},{"$f":"[1]Pos!D4839","v":1200},{"$f":"[1]Pos!E4839","v":0.48}]
[{"$f":"[1]Pos!A4840","v":"5302EM05"},{"$f":"[1]Pos!B4840","v":"PO-0019880"},{"$f":"[1]Pos!C4840","v":"BEL"},{"$f":"[1]Pos!D4840","v":50},{"$f":"[1]Pos!E4840","v":0.01}]
[{"$f":"[1]Pos!A4841","v":"5302P01"},{"$f":"[1]Pos!B4841","v":"PO-0019866"},{"$f":"[1]Pos!C4841","v":"EXCE"},{"$f":"[1]Pos!D4841","v":613.37},{"$f":"[1]Pos!E4841","v":4.9000000000000004}]
[{"$f":"[1]Pos!A4842","v":"5302P02"},{"$f":"[1]Pos!B4842","v":"PO-0019865"},{"$f":"[1]Pos!C4842","v":"EXCE"},{"$f":"[1]Pos!D4842","v":1286.47},{"$f":"[1]Pos!E4842","v":5.25}]
[{"$f":"[1]Pos!A4843","v":"5302P03"},{"$f":"[1]Pos!B4843","v":"PO-0019865"},{"$f":"[1]Pos!C4843","v":"EXCE"},{"$f":"[1]Pos!D4843","v":1265.78},{"$f":"[1]Pos!E4843","v":3.4}]
[{"$f":"[1]Pos!A4844","v":"5302P04"},{"$f":"[1]Pos!B4844","v":"PO-0019867"},{"$f":"[1]Pos!C4844","v":"EXCE"},{"$f":"[1]Pos!D4844","v":1288.6600000000001},{"$f":"[1]Pos!E4844","v":5.25}]
[{"$f":"[1]Pos!A4845","v":"5302P05"},{"$f":"[1]Pos!B4845","v":"PO-0019867"},{"$f":"[1]Pos!C4845","v":"EXCE"},{"$f":"[1]Pos!D4845","v":632.20000000000005},{"$f":"[1]Pos!E4845","v":3.4}]
[{"$f":"[1]Pos!A4846","v":"5303AS01"},{"$f":"[1]Pos!B4846","v":"PO-0020018"},{"$f":"[1]Pos!C4846","v":"BSA"},{"$f":"[1]Pos!D4846","v":50},{"$f":"[1]Pos!E4846","v":8.75}]
[{"$f":"[1]Pos!A4847","v":"5303AS02"},{"$f":"[1]Pos!B4847","v":"PO-0020017"},{"$f":"[1]Pos!C4847","v":"BSA"},{"$f":"[1]Pos!D4847","v":100},{"$f":"[1]Pos!E4847","v":8.4700000000000006}]
[{"$f":"[1]Pos!A4848","v":"5303B01"},{"$f":"[1]Pos!B4848","v":"PO-0019883"},{"$f":"[1]Pos!C4848","v":"BOUC"},{"$f":"[1]Pos!D4848","v":80.94},{"$f":"[1]Pos!E4848","v":3.61}]
[{"$f":"[1]Pos!A4849","v":"5303B02"},{"$f":"[1]Pos!B4849","v":"PO-0019928"},{"$f":"[1]Pos!C4849","v":"CAR"},{"$f":"[1]Pos!D4849","v":2249.5},{"$f":"[1]Pos!E4849","v":17.170000000000002}]
[{"$f":"[1]Pos!A4850","v":"5303B03"},{"$f":"[1]Pos!B4850","v":"PO-0020053"},{"$f":"[1]Pos!C4850","v":"CHIS"},{"$f":"[1]Pos!D4850","v":18291.84},{"$f":"[1]Pos!E4850","v":2}]
[{"$f":"[1]Pos!A4851","v":"5303EM01"},{"$f":"[1]Pos!B4851","v":"PO-0020200"},{"$f":"[1]Pos!C4851","v":"UNIP"},{"$f":"[1]Pos!D4851","v":1440},{"$f":"[1]Pos!E4851","v":0.46978999999999999}]
[{"$f":"[1]Pos!A4852","v":"5303EM02"},{"$f":"[1]Pos!B4852","v":"PO-0020410"},{"$f":"[1]Pos!C4852","v":"UNIP"},{"$f":"[1]Pos!D4852","v":4320},{"$f":"[1]Pos!E4852","v":0.46978999999999999}]
[{"$f":"[1]Pos!A4853","v":"5303P01"},{"$f":"[1]Pos!B4853","v":"PO-0019864"},{"$f":"[1]Pos!C4853","v":"EXCE"},{"$f":"[1]Pos!D4853","v":80.92},{"$f":"[1]Pos!E4853","v":4.0199999999999996}]
[{"$f":"[1]Pos!A4854","v":"5303P02"},{"$f":"[1]Pos!B4854","v":"PO-0019868"},{"$f":"[1]Pos!C4854","v":"EXCE"},{"$f":"[1]Pos!D4854","v":1282.28},{"$f":"[1]Pos!E4854","v":5.25}]
[{"$f":"[1]Pos!A4855","v":"5303P03"},{"$f":"[1]Pos!B4855","v":"PO-0019860"},{"$f":"[1]Pos!C4855","v":"MOND"},{"$f":"[1]Pos!D4855","v":2268},{"$f":"[1]Pos!E4855","v":6.7}]
[{"$f":"[1]Pos!A4856","v":"5303P04"},{"$f":"[1]Pos!B4856","v":"PO-0019862"},{"$f":"[1]Pos!C4856","v":"SUNC"},{"$f":"[1]Pos!D4856","v":3628.8},{"$f":"[1]Pos!E4856","v":7.1}]
[{"$f":"[1]Pos!A4857","v":"5303P05"},{"$f":"[1]Pos!B4857","v":"PO-0019858"},{"$f":"[1]Pos!C4857","v":"CENT"},{"$f":"[1]Pos!D4857","v":2268},{"$f":"[1]Pos!E4857","v":4.9000000000000004}]
[{"$f":"[1]Pos!A4858","v":"5304B01"},{"$f":"[1]Pos!B4858","v":"PO-0019888"},{"$f":"[1]Pos!C4858","v":"BOUC"},{"$f":"[1]Pos!D4858","v":93.04},{"$f":"[1]Pos!E4858","v":3.61}]
[{"$f":"[1]Pos!A4859","v":"5304B02"},{"$f":"[1]Pos!B4859","v":"PO-0019884"},{"$f":"[1]Pos!C4859","v":"DECA"},{"$f":"[1]Pos!D4859","v":503.67},{"$f":"[1]Pos!E4859","v":6.99}]
[{"$f":"[1]Pos!A4860","v":"5304B03"},{"$f":"[1]Pos!B4860","v":"PO-0019871"},{"$f":"[1]Pos!C4860","v":"RYDI"},{"$f":"[1]Pos!D4860","v":456.5},{"$f":"[1]Pos!E4860","v":8.27}]
[{"$f":"[1]Pos!A4861","v":"5304B04"},{"$f":"[1]Pos!B4861","v":"PO-0019926"},{"$f":"[1]Pos!C4861","v":"DELF"},{"$f":"[1]Pos!D4861","v":17.87},{"$f":"[1]Pos!E4861","v":19}]
[{"$f":"[1]Pos!A4862","v":"5304EM01"},{"$f":"[1]Pos!B4862","v":"PO-0019887"},{"$f":"[1]Pos!C4862","v":"BEL"},{"$f":"[1]Pos!D4862","v":1140},{"$f":"[1]Pos!E4862","v":0.52900000000000003}]
[{"$f":"[1]Pos!A4863","v":"5304EM02"},{"$f":"[1]Pos!B4863","v":"PO-0019887"},{"$f":"[1]Pos!C4863","v":"BEL"},{"$f":"[1]Pos!D4863","v":1200},{"$f":"[1]Pos!E4863","v":0.432}]
[{"$f":"[1]Pos!A4864","v":"5304EM03"},{"$f":"[1]Pos!B4864","v":"PO-0019887"},{"$f":"[1]Pos!C4864","v":"BEL"},{"$f":"[1]Pos!D4864","v":1028},{"$f":"[1]Pos!E4864","v":0.69099999999999995}]
[{"$f":"[1]Pos!A4865","v":"5304EM04"},{"$f":"[1]Pos!B4865","v":"PO-0019887"},{"$f":"[1]Pos!C4865","v":"BEL"},{"$f":"[1]Pos!D4865","v":1200},{"$f":"[1]Pos!E4865","v":0.626}]
[{"$f":"[1]Pos!A4866","v":"5304P01"},{"$f":"[1]Pos!B4866","v":"PO-0019886"},{"$f":"[1]Pos!C4866","v":"EXCE"},{"$f":"[1]Pos!D4866","v":18.350000000000001},{"$f":"[1]Pos!E4866","v":2.6}]
[{"$f":"[1]Pos!A4867","v":"5304P02"},{"$f":"[1]Pos!B4867","v":"PO-0019886"},{"$f":"[1]Pos!C4867","v":"EXCE"},{"$f":"[1]Pos!D4867","v":18.54},{"$f":"[1]Pos!E4867","v":3.5}]
[{"$f":"[1]Pos!A4868","v":"5304P03"},{"$f":"[1]Pos!B4868","v":"PO-0019886"},{"$f":"[1]Pos!C4868","v":"EXCE"},{"$f":"[1]Pos!D4868","v":18.579999999999998},{"$f":"[1]Pos!E4868","v":6.55}]
[{"$f":"[1]Pos!A4869","v":"5304P04"},{"$f":"[1]Pos!B4869","v":"PO-0019868"},{"$f":"[1]Pos!C4869","v":"EXCE"},{"$f":"[1]Pos!D4869","v":1279.2},{"$f":"[1]Pos!E4869","v":3.4}]
[{"$f":"[1]Pos!A4870","v":"5304P05"},{"$f":"[1]Pos!B4870","v":"PO-0019889"},{"$f":"[1]Pos!C4870","v":"VEST"},{"$f":"[1]Pos!D4870","v":1800},{"$f":"[1]Pos!E4870","v":5.3}]
[{"$f":"[1]Pos!A4871","v":"5304P06"},{"$f":"[1]Pos!B4871","v":"PO-0019869"},{"$f":"[1]Pos!C4871","v":"EXCE"},{"$f":"[1]Pos!D4871","v":1285.46},{"$f":"[1]Pos!E4871","v":5.25}]
[{"$f":"[1]Pos!A4872","v":"5305AS01"},{"$f":"[1]Pos!B4872","v":"PO-0019895"},{"$f":"[1]Pos!C4872","v":"MONTO"},{"$f":"[1]Pos!D4872","v":500},{"$f":"[1]Pos!E4872","v":7.94}]
[{"$f":"[1]Pos!A4873","v":"5305B01"},{"$f":"[1]Pos!B4873","v":"PO-0019927"},{"$f":"[1]Pos!C4873","v":"DECA"},{"$f":"[1]Pos!D4873","v":393.27},{"$f":"[1]Pos!E4873","v":3.89}]
[{"$f":"[1]Pos!A4874","v":"5305B02"},{"$f":"[1]Pos!B4874","v":"PO-0020121"},{"$f":"[1]Pos!C4874","v":"METR"},{"$f":"[1]Pos!D4874","v":1330.794787},{"$f":"[1]Pos!E4874","v":5}]
[{"$f":"[1]Pos!A4875","v":"5305B03"},{"$f":"[1]Pos!B4875","v":"PO-0020128"},{"$f":"[1]Pos!C4875","v":"DECA"},{"$f":"[1]Pos!D4875","v":888.39},{"$f":"[1]Pos!E4875","v":14.95}]
[{"$f":"[1]Pos!A4876","v":"5305P01"},{"$f":"[1]Pos!B4876","v":"PO-0019869"},{"$f":"[1]Pos!C4876","v":"EXCE"},{"$f":"[1]Pos!D4876","v":969.5},{"$f":"[1]Pos!E4876","v":3.2}]
[{"$f":"[1]Pos!A4877","v":"5305P02"},{"$f":"[1]Pos!B4877","v":"PO-0019902"},{"$f":"[1]Pos!C4877","v":"EXCE"},{"$f":"[1]Pos!D4877","v":625.41999999999996},{"$f":"[1]Pos!E4877","v":5.0999999999999996}]
[{"$f":"[1]Pos!A4878","v":"5305P03"},{"$f":"[1]Pos!B4878","v":"PO-0019909"},{"$f":"[1]Pos!C4878","v":"CENT"},{"$f":"[1]Pos!D4878","v":2721.6},{"$f":"[1]Pos!E4878","v":4.9000000000000004}]
[{"$f":"[1]Pos!A4879","v":"5305P04"},{"$f":"[1]Pos!B4879","v":"PO-0019912"},{"$f":"[1]Pos!C4879","v":99},{"$f":"[1]Pos!D4879","v":3628.8},{"$f":"[1]Pos!E4879","v":6.64}]
[{"$f":"[1]Pos!A4880","v":"5305P05"},{"$f":"[1]Pos!B4880","v":"PO-0019898"},{"$f":"[1]Pos!C4880","v":"DESC"},{"$f":"[1]Pos!D4880","v":1814.4},{"$f":"[1]Pos!E4880","v":7.1}]
[{"$f":"[1]Pos!A4881","v":"5305P06"},{"$f":"[1]Pos!B4881","v":"PO-0019923"},{"$f":"[1]Pos!C4881","v":"DESC"},{"$f":"[1]Pos!D4881","v":3603.7913800000001},{"$f":"[1]Pos!E4881","v":7.1}]
[{"$f":"[1]Pos!A4882","v":"5305P07"},{"$f":"[1]Pos!B4882","v":"PO-0019917"},{"$f":"[1]Pos!C4882","v":"MOND"},{"$f":"[1]Pos!D4882","v":1814.4},{"$f":"[1]Pos!E4882","v":6.7}]
[{"$f":"[1]Pos!A4883","v":"5306AS01"},{"$f":"[1]Pos!B4883","v":"PO-0019903"},{"$f":"[1]Pos!C4883","v":"ALIMPLUS"},{"$f":"[1]Pos!D4883","v":2},{"$f":"[1]Pos!E4883","v":22.8}]
[{"$f":"[1]Pos!A4884","v":"5306B01"},{"$f":"[1]Pos!B4884","v":"PO-0019905"},{"$f":"[1]Pos!C4884","v":"BOUC"},{"$f":"[1]Pos!D4884","v":112.64},{"$f":"[1]Pos!E4884","v":3.61}]
[{"$f":"[1]Pos!A4885","v":"5306B02"},{"$f":"[1]Pos!B4885","v":"PO-0019905"},{"$f":"[1]Pos!C4885","v":"BOUC"},{"$f":"[1]Pos!D4885","v":67.48},{"$f":"[1]Pos!E4885","v":3.67}]
[{"$f":"[1]Pos!A4886","v":"5306B03"},{"$f":"[1]Pos!B4886","v":"PO-0019910"},{"$f":"[1]Pos!C4886","v":"LARO"},{"$f":"[1]Pos!D4886","v":609},{"$f":"[1]Pos!E4886","v":8.19}]
[{"$f":"[1]Pos!A4887","v":"5306B04"},{"$f":"[1]Pos!B4887","v":"PO-0019916"},{"$f":"[1]Pos!C4887","v":"RYDI"},{"$f":"[1]Pos!D4887","v":1600},{"$f":"[1]Pos!E4887","v":4.34}]
[{"$f":"[1]Pos!A4888","v":"5306B05"},{"$f":"[1]Pos!B4888","v":"PO-0021379"},{"$f":"[1]Pos!C4888","v":99},{"$f":"[1]Pos!D4888","v":1197.01},{"$f":"[1]Pos!E4888","v":9.4499999999999993}]
[{"$f":"[1]Pos!A4889","v":"5306EM01"},{"$f":"[1]Pos!B4889","v":"PO-0019897"},{"$f":"[1]Pos!C4889","v":"BEL"},{"$f":"[1]Pos!D4889","v":2080},{"$f":"[1]Pos!E4889","v":0.01}]
[{"$f":"[1]Pos!A4890","v":"5306EM02"},{"$f":"[1]Pos!B4890","v":"PO-0019897"},{"$f":"[1]Pos!C4890","v":"BEL"},{"$f":"[1]Pos!D4890","v":2080},{"$f":"[1]Pos!E4890","v":0.01}]
[{"$f":"[1]Pos!A4891","v":"5306EM03"},{"$f":"[1]Pos!B4891","v":"PO-0019904"},{"$f":"[1]Pos!C4891","v":"BEL"},{"$f":"[1]Pos!D4891","v":600},{"$f":"[1]Pos!E4891","v":0.64500000000000002}]
[{"$f":"[1]Pos!A4892","v":"5306EM04"},{"$f":"[1]Pos!B4892","v":"PO-0019904"},{"$f":"[1]Pos!C4892","v":"BEL"},{"$f":"[1]Pos!D4892","v":1200},{"$f":"[1]Pos!E4892","v":0.432}]
[{"$f":"[1]Pos!A4893","v":"5306EM05"},{"$f":"[1]Pos!B4893","v":"PO-0019908"},{"$f":"[1]Pos!C4893","v":"UNIP"},{"$f":"[1]Pos!D4893","v":5400},{"$f":"[1]Pos!E4893","v":0.17899999999999999}]
[{"$f":"[1]Pos!A4894","v":"5306EM06"},{"$f":"[1]Pos!B4894","v":"PO-0019759"},{"$f":"[1]Pos!C4894","v":"HEAT"},{"$f":"[1]Pos!D4894","v":125000},{"$f":"[1]Pos!E4894","v":9.7799999999999998E-2}]
[{"$f":"[1]Pos!A4895","v":"5306EM07"},{"$f":"[1]Pos!B4895","v":"PO-0019759"},{"$f":"[1]Pos!C4895","v":"HEAT"},{"$f":"[1]Pos!D4895","v":25000},{"$f":"[1]Pos!E4895","v":0.33100000000000002}]
[{"$f":"[1]Pos!A4896","v":"5306P01"},{"$f":"[1]Pos!B4896","v":"PO-0019860"},{"$f":"[1]Pos!C4896","v":"MOND"},{"$f":"[1]Pos!D4896","v":3268},{"$f":"[1]Pos!E4896","v":6.7}]
[{"$f":"[1]Pos!A4897","v":"5306P02"},{"$f":"[1]Pos!B4897","v":"PO-0019902"},{"$f":"[1]Pos!C4897","v":"EXCE"},{"$f":"[1]Pos!D4897","v":1284.22},{"$f":"[1]Pos!E4897","v":5.0999999999999996}]
[{"$f":"[1]Pos!A4898","v":"5306P03"},{"$f":"[1]Pos!B4898","v":"PO-0019901"},{"$f":"[1]Pos!C4898","v":"ACCU"},{"$f":"[1]Pos!D4898","v":1260},{"$f":"[1]Pos!E4898","v":5.3}]
[{"$f":"[1]Pos!A4899","v":"5306P04"},{"$f":"[1]Pos!B4899","v":"PO-0019899"},{"$f":"[1]Pos!C4899","v":"MOND"},{"$f":"[1]Pos!D4899","v":3628.8},{"$f":"[1]Pos!E4899","v":6.7}]
[{"$f":"[1]Pos!A4900","v":"5306P05"},{"$f":"[1]Pos!B4900","v":"PO-0019918"},{"$f":"[1]Pos!C4900","v":"CENT"},{"$f":"[1]Pos!D4900","v":1814.4},{"$f":"[1]Pos!E4900","v":4.9000000000000004}]
[{"$f":"[1]Pos!A4901","v":"5306P06"},{"$f":"[1]Pos!B4901","v":"PO-0019921"},{"$f":"[1]Pos!C4901","v":99},{"$f":"[1]Pos!D4901","v":82.84},{"$f":"[1]Pos!E4901","v":4.45}]
[{"$f":"[1]Pos!A4902","v":"5312AS01"},{"$f":"[1]Pos!B4902","v":"PO-0019896"},{"$f":"[1]Pos!C4902","v":"MMIS"},{"$f":"[1]Pos!D4902","v":321},{"$f":"[1]Pos!E4902","v":4.3899999999999997}]
[{"$f":"[1]Pos!A4903","v":"5312AS02"},{"$f":"[1]Pos!B4903","v":"PO-0020066"},{"$f":"[1]Pos!C4903","v":"BSA"},{"$f":"[1]Pos!D4903","v":244.8},{"$f":"[1]Pos!E4903","v":12.59}]
[{"$f":"[1]Pos!A4904","v":"5312AS03"},{"$f":"[1]Pos!B4904","v":"PO-0020130"},{"$f":"[1]Pos!C4904","v":"BSA"},{"$f":"[1]Pos!D4904","v":144},{"$f":"[1]Pos!E4904","v":12.59}]
[{"$f":"[1]Pos!A4905","v":"5312B01"},{"$f":"[1]Pos!B4905","v":"PO-0019915"},{"$f":"[1]Pos!C4905","v":"BOUC"},{"$f":"[1]Pos!D4905","v":61.18},{"$f":"[1]Pos!E4905","v":3.67}]
[{"$f":"[1]Pos!A4906","v":"5312B02"},{"$f":"[1]Pos!B4906","v":"PO-0019931"},{"$f":"[1]Pos!C4906","v":"RYDI"},{"$f":"[1]Pos!D4906","v":464},{"$f":"[1]Pos!E4906","v":8.27}]
[{"$f":"[1]Pos!A4907","v":"5312B03"},{"$f":"[1]Pos!B4907","v":"PO-0019927"},{"$f":"[1]Pos!C4907","v":"DECA"},{"$f":"[1]Pos!D4907","v":19.309999999999999},{"$f":"[1]Pos!E4907","v":3.16}]
[{"$f":"[1]Pos!A4908","v":"5312B04"},{"$f":"[1]Pos!B4908","v":"PO-0019965"},{"$f":"[1]Pos!C4908","v":"C&C"},{"$f":"[1]Pos!D4908","v":530.19000000000005},{"$f":"[1]Pos!E4908","v":16.89}]
[{"$f":"[1]Pos!A4909","v":"5312D01"},{"$f":"[1]Pos!B4909","v":"PO-0019913"},{"$f":"[1]Pos!C4909","v":"DESC"},{"$f":"[1]Pos!D4909","v":3},{"$f":"[1]Pos!E4909","v":42.8}]
[{"$f":"[1]Pos!A4910","v":"5312EM01"},{"$f":"[1]Pos!B4910","v":"PO-0019914"},{"$f":"[1]Pos!C4910","v":"VEST"},{"$f":"[1]Pos!D4910","v":800},{"$f":"[1]Pos!E4910","v":0.65}]
[{"$f":"[1]Pos!A4911","v":"5312P01"},{"$f":"[1]Pos!B4911","v":"PO-0019923"},{"$f":"[1]Pos!C4911","v":"DESC"},{"$f":"[1]Pos!D4911","v":850},{"$f":"[1]Pos!E4911","v":10.25}]
[{"$f":"[1]Pos!A4912","v":"5312P02"},{"$f":"[1]Pos!B4912","v":"PO-0019943"},{"$f":"[1]Pos!C4912","v":"SUNC"},{"$f":"[1]Pos!D4912","v":3628.8},{"$f":"[1]Pos!E4912","v":7.1}]
[{"$f":"[1]Pos!A4913","v":"5313B01"},{"$f":"[1]Pos!B4913","v":"PO-0019976"},{"$f":"[1]Pos!C4913","v":"DECA"},{"$f":"[1]Pos!D4913","v":35.799999999999997},{"$f":"[1]Pos!E4913","v":7.79}]
[{"$f":"[1]Pos!A4914","v":"5313B02"},{"$f":"[1]Pos!B4914","v":"PO-0020677"},{"$f":"[1]Pos!C4914","v":"DELF-ON"},{"$f":"[1]Pos!D4914","v":841.05},{"$f":"[1]Pos!E4914","v":8}]
[{"$f":"[1]Pos!A4915","v":"5313B03"},{"$f":"[1]Pos!B4915","v":"PO-0020824"},{"$f":"[1]Pos!C4915","v":"DELF-ON"},{"$f":"[1]Pos!D4915","v":420.31},{"$f":"[1]Pos!E4915","v":8}]
[{"$f":"[1]Pos!A4916","v":"5313EM01"},{"$f":"[1]Pos!B4916","v":"PO-0019919"},{"$f":"[1]Pos!C4916","v":"BEL"},{"$f":"[1]Pos!D4916","v":1000},{"$f":"[1]Pos!E4916","v":0.69099999999999995}]
[{"$f":"[1]Pos!A4917","v":"5313EM02"},{"$f":"[1]Pos!B4917","v":"PO-0019919"},{"$f":"[1]Pos!C4917","v":"BEL"},{"$f":"[1]Pos!D4917","v":1200},{"$f":"[1]Pos!E4917","v":0.432}]
[{"$f":"[1]Pos!A4918","v":"5313EM03"},{"$f":"[1]Pos!B4918","v":"PO-0019919"},{"$f":"[1]Pos!C4918","v":"BEL"},{"$f":"[1]Pos!D4918","v":1055},{"$f":"[1]Pos!E4918","v":0.626}]
[{"$f":"[1]Pos!A4919","v":"5313EM04"},{"$f":"[1]Pos!B4919","v":"PO-0019919"},{"$f":"[1]Pos!C4919","v":"BEL"},{"$f":"[1]Pos!D4919","v":500},{"$f":"[1]Pos!E4919","v":0.6}]
[{"$f":"[1]Pos!A4920","v":"5313EM05"},{"$f":"[1]Pos!B4920","v":"PO-0019919"},{"$f":"[1]Pos!C4920","v":"BEL"},{"$f":"[1]Pos!D4920","v":600},{"$f":"[1]Pos!E4920","v":0.64500000000000002}]
[{"$f":"[1]Pos!A4921","v":"5313EM06"},{"$f":"[1]Pos!B4921","v":"PO-0019919"},{"$f":"[1]Pos!C4921","v":"BEL"},{"$f":"[1]Pos!D4921","v":840},{"$f":"[1]Pos!E4921","v":0.46200000000000002}]
[{"$f":"[1]Pos!A4922","v":"5313EM07"},{"$f":"[1]Pos!B4922","v":"PO-0019924"},{"$f":"[1]Pos!C4922","v":"R.D."},{"$f":"[1]Pos!D4922","v":2800},{"$f":"[1]Pos!E4922","v":0.63}]
[{"$f":"[1]Pos!A4923","v":"5313P01"},{"$f":"[1]Pos!B4923","v":"PO-0019920"},{"$f":"[1]Pos!C4923","v":"EXCE"},{"$f":"[1]Pos!D4923","v":640.84},{"$f":"[1]Pos!E4923","v":3.4}]
[{"$f":"[1]Pos!A4924","v":"5313P02"},{"$f":"[1]Pos!B4924","v":"PO-0019941"},{"$f":"[1]Pos!C4924","v":"ACCU"},{"$f":"[1]Pos!D4924","v":720},{"$f":"[1]Pos!E4924","v":5.45}]
[{"$f":"[1]Pos!A4925","v":"5313P03"},{"$f":"[1]Pos!B4925","v":"PO-0019947"},{"$f":"[1]Pos!C4925","v":"EXCE"},{"$f":"[1]Pos!D4925","v":643.36},{"$f":"[1]Pos!E4925","v":3.2}]
[{"$f":"[1]Pos!A4926","v":"5313P04"},{"$f":"[1]Pos!B4926","v":"PO-0019948"},{"$f":"[1]Pos!C4926","v":"CENT"},{"$f":"[1]Pos!D4926","v":181.44},{"$f":"[1]Pos!E4926","v":4.9000000000000004}]
[{"$f":"[1]Pos!A4927","v":"5314B01"},{"$f":"[1]Pos!B4927","v":"PO-0019932"},{"$f":"[1]Pos!C4927","v":"RYDI"},{"$f":"[1]Pos!D4927","v":521},{"$f":"[1]Pos!E4927","v":8.27}]
[{"$f":"[1]Pos!A4928","v":"5314B02"},{"$f":"[1]Pos!B4928","v":"PO-0019934"},{"$f":"[1]Pos!C4928","v":"LARO"},{"$f":"[1]Pos!D4928","v":610.5},{"$f":"[1]Pos!E4928","v":8.19}]
[{"$f":"[1]Pos!A4929","v":"5314B03"},{"$f":"[1]Pos!B4929","v":"PO-0019934"},{"$f":"[1]Pos!C4929","v":"LARO"},{"$f":"[1]Pos!D4929","v":675},{"$f":"[1]Pos!E4929","v":5.05}]
[{"$f":"[1]Pos!A4930","v":"5314B04"},{"$f":"[1]Pos!B4930","v":"PO-0019930"},{"$f":"[1]Pos!C4930","v":"JBS"},{"$f":"[1]Pos!D4930","v":4782.0600000000004},{"$f":"[1]Pos!E4930","v":9.75}]
[{"$f":"[1]Pos!A4931","v":"5314B05"},{"$f":"[1]Pos!B4931","v":"PO-0019944"},{"$f":"[1]Pos!C4931","v":"JBS"},{"$f":"[1]Pos!D4931","v":1545.12},{"$f":"[1]Pos!E4931","v":16.23}]
[{"$f":"[1]Pos!A4932","v":"5314B06"},{"$f":"[1]Pos!B4932","v":"PO-0020753"},{"$f":"[1]Pos!C4932","v":"DELF-ON"},{"$f":"[1]Pos!D4932","v":1074.49},{"$f":"[1]Pos!E4932","v":8}]
[{"$f":"[1]Pos!A4933","v":"5314B07"},{"$f":"[1]Pos!B4933","v":"PO-0021223"},{"$f":"[1]Pos!C4933","v":"C&C"},{"$f":"[1]Pos!D4933","v":85.55},{"$f":"[1]Pos!E4933","v":10.29}]
[{"$f":"[1]Pos!A4934","v":"5314D01"},{"$f":"[1]Pos!B4934","v":"PO-0019936"},{"$f":"[1]Pos!C4934","v":"FDA"},{"$f":"[1]Pos!D4934","v":49.89},{"$f":"[1]Pos!E4934","v":10.79}]
[{"$f":"[1]Pos!A4935","v":"5314EM01"},{"$f":"[1]Pos!B4935","v":"PO-0019938"},{"$f":"[1]Pos!C4935","v":"BEL"},{"$f":"[1]Pos!D4935","v":500},{"$f":"[1]Pos!E4935","v":1.32}]
[{"$f":"[1]Pos!A4936","v":"5314EM02"},{"$f":"[1]Pos!B4936","v":"PO-0019938"},{"$f":"[1]Pos!C4936","v":"BEL"},{"$f":"[1]Pos!D4936","v":1200},{"$f":"[1]Pos!E4936","v":0.626}]
[{"$f":"[1]Pos!A4937","v":"5314EM03"},{"$f":"[1]Pos!B4937","v":"PO-0019938"},{"$f":"[1]Pos!C4937","v":"BEL"},{"$f":"[1]Pos!D4937","v":500},{"$f":"[1]Pos!E4937","v":0.6}]
[{"$f":"[1]Pos!A4938","v":"5314EM04"},{"$f":"[1]Pos!B4938","v":"PO-0019938"},{"$f":"[1]Pos!C4938","v":"BEL"},{"$f":"[1]Pos!D4938","v":600},{"$f":"[1]Pos!E4938","v":0.64500000000000002}]
[{"$f":"[1]Pos!A4939","v":"5314EM05"},{"$f":"[1]Pos!B4939","v":"PO-0019984"},{"$f":"[1]Pos!C4939","v":"BEL"},{"$f":"[1]Pos!D4939","v":1000},{"$f":"[1]Pos!E4939","v":0.69099999999999995}]
[{"$f":"[1]Pos!A4940","v":"5314EM06"},{"$f":"[1]Pos!B4940","v":"PO-0020200"},{"$f":"[1]Pos!C4940","v":"UNIP"},{"$f":"[1]Pos!D4940","v":4800},{"$f":"[1]Pos!E4940","v":0.59499999999999997}]
[{"$f":"[1]Pos!A4941","v":"5315B01"},{"$f":"[1]Pos!B4941","v":"PO-0019953"},{"$f":"[1]Pos!C4941","v":"DECA"},{"$f":"[1]Pos!D4941","v":116.38},{"$f":"[1]Pos!E4941","v":2.89}]
[{"$f":"[1]Pos!A4942","v":"5315B02"},{"$f":"[1]Pos!B4942","v":"PO-0020307"},{"$f":"[1]Pos!C4942","v":"JBS"},{"$f":"[1]Pos!D4942","v":23953.599999999999},{"$f":"[1]Pos!E4942","v":3}]
[{"$f":"[1]Pos!A4943","v":"5315EM01"},{"$f":"[1]Pos!B4943","v":"PO-0019946"},{"$f":"[1]Pos!C4943","v":"UNIP"},{"$f":"[1]Pos!D4943","v":14400},{"$f":"[1]Pos!E4943","v":0.29499999999999998}]
[{"$f":"[1]Pos!A4944","v":"5315EM02"},{"$f":"[1]Pos!B4944","v":"PO-0019946"},{"$f":"[1]Pos!C4944","v":"UNIP"},{"$f":"[1]Pos!D4944","v":280000},{"$f":"[1]Pos!E4944","v":6.4999999999999997E-3}]
[{"$f":"[1]Pos!A4945","v":"5315P01"},{"$f":"[1]Pos!B4945","v":"PO-0019942"},{"$f":"[1]Pos!C4945","v":"MOND"},{"$f":"[1]Pos!D4945","v":1814.4},{"$f":"[1]Pos!E4945","v":6.7}]
[{"$f":"[1]Pos!A4946","v":"5315P02"},{"$f":"[1]Pos!B4946","v":"PO-0019947"},{"$f":"[1]Pos!C4946","v":"EXCE"},{"$f":"[1]Pos!D4946","v":235.46},{"$f":"[1]Pos!E4946","v":3.4}]
[{"$f":"[1]Pos!A4947","v":"5315P03"},{"$f":"[1]Pos!B4947","v":"PO-0019948"},{"$f":"[1]Pos!C4947","v":"CENT"},{"$f":"[1]Pos!D4947","v":2160},{"$f":"[1]Pos!E4947","v":5.2}]
[{"$f":"[1]Pos!A4948","v":"5315P04"},{"$f":"[1]Pos!B4948","v":"PO-0019952"},{"$f":"[1]Pos!C4948","v":99},{"$f":"[1]Pos!D4948","v":27.18},{"$f":"[1]Pos!E4948","v":4.4000000000000004}]
[{"$f":"[1]Pos!A4949","v":"5315P05"},{"$f":"[1]Pos!B4949","v":"PO-0019960"},{"$f":"[1]Pos!C4949","v":"CENT"},{"$f":"[1]Pos!D4949","v":3628.8},{"$f":"[1]Pos!E4949","v":4.75}]
[{"$f":"[1]Pos!A4950","v":"5315P06"},{"$f":"[1]Pos!B4950","v":"PO-0019962"},{"$f":"[1]Pos!C4950","v":"SUNC"},{"$f":"[1]Pos!D4950","v":3628.8},{"$f":"[1]Pos!E4950","v":7.1}]
[{"$f":"[1]Pos!A4951","v":"5315P07"},{"$f":"[1]Pos!B4951","v":"PO-0019949"},{"$f":"[1]Pos!C4951","v":"EXCE"},{"$f":"[1]Pos!D4951","v":744.02},{"$f":"[1]Pos!E4951","v":3.4}]
[{"$f":"[1]Pos!A4952","v":"5315P08"},{"$f":"[1]Pos!B4952","v":"PO-0019964"},{"$f":"[1]Pos!C4952","v":"CENT"},{"$f":"[1]Pos!D4952","v":3628.8},{"$f":"[1]Pos!E4952","v":4.5}]
[{"$f":"[1]Pos!A4953","v":"5316B01"},{"$f":"[1]Pos!B4953","v":"PO-0019969"},{"$f":"[1]Pos!C4953","v":"ASTA"},{"$f":"[1]Pos!D4953","v":559.74},{"$f":"[1]Pos!E4953","v":4.5}]
[{"$f":"[1]Pos!A4954","v":"5316B02"},{"$f":"[1]Pos!B4954","v":"PO-0020024"},{"$f":"[1]Pos!C4954","v":"RYDI"},{"$f":"[1]Pos!D4954","v":475.5},{"$f":"[1]Pos!E4954","v":8.27}]
[{"$f":"[1]Pos!A4955","v":"5316B03"},{"$f":"[1]Pos!B4955","v":"PO-0021330"},{"$f":"[1]Pos!C4955","v":"ALIMPLUS"},{"$f":"[1]Pos!D4955","v":44.43},{"$f":"[1]Pos!E4955","v":9.4499999999999993}]
[{"$f":"[1]Pos!A4956","v":"5316P01"},{"$f":"[1]Pos!B4956","v":"PO-0019949"},{"$f":"[1]Pos!C4956","v":"EXCE"},{"$f":"[1]Pos!D4956","v":644.39},{"$f":"[1]Pos!E4956","v":5.4}]
[{"$f":"[1]Pos!A4957","v":"5316P02"},{"$f":"[1]Pos!B4957","v":"PO-0019949"},{"$f":"[1]Pos!C4957","v":"EXCE"},{"$f":"[1]Pos!D4957","v":133.91999999999999},{"$f":"[1]Pos!E4957","v":4.0199999999999996}]
[{"$f":"[1]Pos!A4958","v":"5316P03"},{"$f":"[1]Pos!B4958","v":"PO-0019964"},{"$f":"[1]Pos!C4958","v":"CENT"},{"$f":"[1]Pos!D4958","v":1655.1},{"$f":"[1]Pos!E4958","v":5.25}]
[{"$f":"[1]Pos!A4959","v":"5316P04"},{"$f":"[1]Pos!B4959","v":"PO-0019959"},{"$f":"[1]Pos!C4959","v":"MOND"},{"$f":"[1]Pos!D4959","v":5443.2},{"$f":"[1]Pos!E4959","v":6.8}]
[{"$f":"[1]Pos!A4960","v":"5316P05"},{"$f":"[1]Pos!B4960","v":"PO-0019970"},{"$f":"[1]Pos!C4960","v":"CENT"},{"$f":"[1]Pos!D4960","v":2721.6},{"$f":"[1]Pos!E4960","v":4.75}]
[{"$f":"[1]Pos!A4961","v":"5316P06"},{"$f":"[1]Pos!B4961","v":"PO-0019970"},{"$f":"[1]Pos!C4961","v":"CENT"},{"$f":"[1]Pos!D4961","v":583.29999999999995},{"$f":"[1]Pos!E4961","v":5.25}]
[{"$f":"[1]Pos!A4962","v":"5316P07"},{"$f":"[1]Pos!B4962","v":"PO-0019956"},{"$f":"[1]Pos!C4962","v":"ACCU"},{"$f":"[1]Pos!D4962","v":1530},{"$f":"[1]Pos!E4962","v":5.45}]
[{"$f":"[1]Pos!A4963","v":"5316P08"},{"$f":"[1]Pos!B4963","v":"PO-0019982"},{"$f":"[1]Pos!C4963","v":"CENT"},{"$f":"[1]Pos!D4963","v":2160},{"$f":"[1]Pos!E4963","v":2.6}]
[{"$f":"[1]Pos!A4964","v":"5316P09"},{"$f":"[1]Pos!B4964","v":"PO-0019968"},{"$f":"[1]Pos!C4964","v":"EXCE"},{"$f":"[1]Pos!D4964","v":1276.6600000000001},{"$f":"[1]Pos!E4964","v":3.4}]
[{"$f":"[1]Pos!A4965","v":"5316P10"},{"$f":"[1]Pos!B4965","v":"PO-0020013"},{"$f":"[1]Pos!C4965","v":"EXCE"},{"$f":"[1]Pos!D4965","v":134.4},{"$f":"[1]Pos!E4965","v":3.99}]
[{"$f":"[1]Pos!A4966","v":"5317P01"},{"$f":"[1]Pos!B4966","v":"PO-0019949"},{"$f":"[1]Pos!C4966","v":"EXCE"},{"$f":"[1]Pos!D4966","v":399.25},{"$f":"[1]Pos!E4966","v":3.4}]
[{"$f":"[1]Pos!A4967","v":"5322AS01"},{"$f":"[1]Pos!B4967","v":"PO-0019957"},{"$f":"[1]Pos!C4967","v":"BSA"},{"$f":"[1]Pos!D4967","v":200},{"$f":"[1]Pos!E4967","v":0.39}]
[{"$f":"[1]Pos!A4968","v":"5322B01"},{"$f":"[1]Pos!B4968","v":"PO-0019973"},{"$f":"[1]Pos!C4968","v":"BOUC"},{"$f":"[1]Pos!D4968","v":157.6},{"$f":"[1]Pos!E4968","v":3.61}]
[{"$f":"[1]Pos!A4969","v":"5322B02"},{"$f":"[1]Pos!B4969","v":"PO-0019935"},{"$f":"[1]Pos!C4969","v":"LARO"},{"$f":"[1]Pos!D4969","v":632},{"$f":"[1]Pos!E4969","v":8.19}]
[{"$f":"[1]Pos!A4970","v":"5322B03"},{"$f":"[1]Pos!B4970","v":"PO-0019935"},{"$f":"[1]Pos!C4970","v":"LARO"},{"$f":"[1]Pos!D4970","v":573.5},{"$f":"[1]Pos!E4970","v":5.05}]
[{"$f":"[1]Pos!A4971","v":"5322B04"},{"$f":"[1]Pos!B4971","v":"PO-0020109"},{"$f":"[1]Pos!C4971","v":"DECA"},{"$f":"[1]Pos!D4971","v":214.231675},{"$f":"[1]Pos!E4971","v":3.82}]
[{"$f":"[1]Pos!A4972","v":"5322P01"},{"$f":"[1]Pos!B4972","v":"PO-0019970"},{"$f":"[1]Pos!C4972","v":"CENT"},{"$f":"[1]Pos!D4972","v":378},{"$f":"[1]Pos!E4972","v":4.5}]
[{"$f":"[1]Pos!A4973","v":"5322P02"},{"$f":"[1]Pos!B4973","v":"PO-0019991"},{"$f":"[1]Pos!C4973","v":"CENT"},{"$f":"[1]Pos!D4973","v":1814.4},{"$f":"[1]Pos!E4973","v":4.75}]
[{"$f":"[1]Pos!A4974","v":"5322P03"},{"$f":"[1]Pos!B4974","v":"PO-0019991"},{"$f":"[1]Pos!C4974","v":"CENT"},{"$f":"[1]Pos!D4974","v":1814.4},{"$f":"[1]Pos!E4974","v":4.5}]
[{"$f":"[1]Pos!A4975","v":"5322P04"},{"$f":"[1]Pos!B4975","v":"PO-0019993"},{"$f":"[1]Pos!C4975","v":"SUNC"},{"$f":"[1]Pos!D4975","v":3628.8},{"$f":"[1]Pos!E4975","v":7.1}]
[{"$f":"[1]Pos!A4976","v":"5322P05"},{"$f":"[1]Pos!B4976","v":"PO-0020002"},{"$f":"[1]Pos!C4976","v":"SUNC"},{"$f":"[1]Pos!D4976","v":3628.8},{"$f":"[1]Pos!E4976","v":7.1}]
[{"$f":"[1]Pos!A4977","v":"5323AS01"},{"$f":"[1]Pos!B4977","v":"PO-0020019"},{"$f":"[1]Pos!C4977","v":"BSA"},{"$f":"[1]Pos!D4977","v":175},{"$f":"[1]Pos!E4977","v":9.1300000000000008}]
[{"$f":"[1]Pos!A4978","v":"5323AS02"},{"$f":"[1]Pos!B4978","v":"PO-0020017"},{"$f":"[1]Pos!C4978","v":"BSA"},{"$f":"[1]Pos!D4978","v":125},{"$f":"[1]Pos!E4978","v":9.1300000000000008}]
[{"$f":"[1]Pos!A4979","v":"5323B01"},{"$f":"[1]Pos!B4979","v":"PO-0020006"},{"$f":"[1]Pos!C4979","v":"WHIT"},{"$f":"[1]Pos!D4979","v":19.8},{"$f":"[1]Pos!E4979","v":10.5}]
[{"$f":"[1]Pos!A4980","v":"5323B02"},{"$f":"[1]Pos!B4980","v":"PO-0019975"},{"$f":"[1]Pos!C4980","v":"RYDI"},{"$f":"[1]Pos!D4980","v":3228.5},{"$f":"[1]Pos!E4980","v":8.49}]
[{"$f":"[1]Pos!A4981","v":"5323B03"},{"$f":"[1]Pos!B4981","v":"PO-0019975"},{"$f":"[1]Pos!C4981","v":"RYDI"},{"$f":"[1]Pos!D4981","v":800},{"$f":"[1]Pos!E4981","v":4.1900000000000004}]
[{"$f":"[1]Pos!A4982","v":"5323B04"},{"$f":"[1]Pos!B4982","v":"PO-0019987"},{"$f":"[1]Pos!C4982","v":"RYDI"},{"$f":"[1]Pos!D4982","v":411},{"$f":"[1]Pos!E4982","v":8.27}]
[{"$f":"[1]Pos!A4983","v":"5323B05"},{"$f":"[1]Pos!B4983","v":"PO-0020025"},{"$f":"[1]Pos!C4983","v":"DECA"},{"$f":"[1]Pos!D4983","v":202.39291499999999},{"$f":"[1]Pos!E4983","v":3.75}]
[{"$f":"[1]Pos!A4984","v":"5323EM01"},{"$f":"[1]Pos!B4984","v":"PO-0019979"},{"$f":"[1]Pos!C4984","v":"HEAT"},{"$f":"[1]Pos!D4984","v":8000},{"$f":"[1]Pos!E4984","v":0.1}]
[{"$f":"[1]Pos!A4985","v":"5323EM02"},{"$f":"[1]Pos!B4985","v":"PO-0019979"},{"$f":"[1]Pos!C4985","v":"HEAT"},{"$f":"[1]Pos!D4985","v":2000},{"$f":"[1]Pos!E4985","v":0.1}]
[{"$f":"[1]Pos!A4986","v":"5323EM03"},{"$f":"[1]Pos!B4986","v":"PO-0019979"},{"$f":"[1]Pos!C4986","v":"HEAT"},{"$f":"[1]Pos!D4986","v":1200},{"$f":"[1]Pos!E4986","v":0.1}]
[{"$f":"[1]Pos!A4987","v":"5323P01"},{"$f":"[1]Pos!B4987","v":"PO-0019982"},{"$f":"[1]Pos!C4987","v":"CENT"},{"$f":"[1]Pos!D4987","v":216},{"$f":"[1]Pos!E4987","v":4.5}]
[{"$f":"[1]Pos!A4988","v":"5323P02"},{"$f":"[1]Pos!B4988","v":"PO-0019971"},{"$f":"[1]Pos!C4988","v":"CENT"},{"$f":"[1]Pos!D4988","v":2000},{"$f":"[1]Pos!E4988","v":7}]
[{"$f":"[1]Pos!A4989","v":"5323P03"},{"$f":"[1]Pos!B4989","v":"PO-0019972"},{"$f":"[1]Pos!C4989","v":"EXCE"},{"$f":"[1]Pos!D4989","v":135},{"$f":"[1]Pos!E4989","v":4.0199999999999996}]
[{"$f":"[1]Pos!A4990","v":"5323P04"},{"$f":"[1]Pos!B4990","v":"PO-0019974"},{"$f":"[1]Pos!C4990","v":"EXCE"},{"$f":"[1]Pos!D4990","v":1932.98},{"$f":"[1]Pos!E4990","v":5.4}]
[{"$f":"[1]Pos!A4991","v":"5323P05"},{"$f":"[1]Pos!B4991","v":"PO-0019992"},{"$f":"[1]Pos!C4991","v":"ACCU"},{"$f":"[1]Pos!D4991","v":1097.32},{"$f":"[1]Pos!E4991","v":3.5}]
[{"$f":"[1]Pos!A4992","v":"5323P06"},{"$f":"[1]Pos!B4992","v":"PO-0020007"},{"$f":"[1]Pos!C4992","v":99},{"$f":"[1]Pos!D4992","v":40.020000000000003},{"$f":"[1]Pos!E4992","v":2.8}]
[{"$f":"[1]Pos!A4993","v":"5324B01"},{"$f":"[1]Pos!B4993","v":"PO-0019967"},{"$f":"[1]Pos!C4993","v":"LARO"},{"$f":"[1]Pos!D4993","v":673},{"$f":"[1]Pos!E4993","v":8.19}]
[{"$f":"[1]Pos!A4994","v":"5324B02"},{"$f":"[1]Pos!B4994","v":"PO-0019986"},{"$f":"[1]Pos!C4994","v":"RYDI"},{"$f":"[1]Pos!D4994","v":400},{"$f":"[1]Pos!E4994","v":8.27}]
[{"$f":"[1]Pos!A4995","v":"5324EM01"},{"$f":"[1]Pos!B4995","v":"PO-0019984"},{"$f":"[1]Pos!C4995","v":"BEL"},{"$f":"[1]Pos!D4995","v":2400},{"$f":"[1]Pos!E4995","v":0.432}]
[{"$f":"[1]Pos!A4996","v":"5324EM02"},{"$f":"[1]Pos!B4996","v":"PO-0019984"},{"$f":"[1]Pos!C4996","v":"BEL"},{"$f":"[1]Pos!D4996","v":500},{"$f":"[1]Pos!E4996","v":0.44700000000000001}]
[{"$f":"[1]Pos!A4997","v":"5324EM03"},{"$f":"[1]Pos!B4997","v":"PO-0019984"},{"$f":"[1]Pos!C4997","v":"BEL"},{"$f":"[1]Pos!D4997","v":2400},{"$f":"[1]Pos!E4997","v":0.626}]
[{"$f":"[1]Pos!A4998","v":"5324EM04"},{"$f":"[1]Pos!B4998","v":"PO-0019995"},{"$f":"[1]Pos!C4998","v":"UNIP"},{"$f":"[1]Pos!D4998","v":28000},{"$f":"[1]Pos!E4998","v":9.7000000000000003E-3}]
[{"$f":"[1]Pos!A4999","v":"5324EM05"},{"$f":"[1]Pos!B4999","v":"PO-0019995"},{"$f":"[1]Pos!C4999","v":"UNIP"},{"$f":"[1]Pos!D4999","v":420000},{"$f":"[1]Pos!E4999","v":6.4999999999999997E-3}]
[{"$f":"[1]Pos!A5000","v":"5324EM06"},{"$f":"[1]Pos!B5000","v":"PO-0019998"},{"$f":"[1]Pos!C5000","v":"HEAT"},{"$f":"[1]Pos!D5000","v":2000},{"$f":"[1]Pos!E5000","v":1E-3}]
[{"$f":"[1]Pos!A5001","v":"5324P01"},{"$f":"[1]Pos!B5001","v":"PO-0019991"},{"$f":"[1]Pos!C5001","v":"CENT"},{"$f":"[1]Pos!D5001","v":180},{"$f":"[1]Pos!E5001","v":4.5}]
[{"$f":"[1]Pos!A5002","v":"5324P02"},{"$f":"[1]Pos!B5002","v":"PO-0019980"},{"$f":"[1]Pos!C5002","v":"EXCE"},{"$f":"[1]Pos!D5002","v":1277.42},{"$f":"[1]Pos!E5002","v":3.4}]
[{"$f":"[1]Pos!A5003","v":"5324P03"},{"$f":"[1]Pos!B5003","v":"PO-0019980"},{"$f":"[1]Pos!C5003","v":"EXCE"},{"$f":"[1]Pos!D5003","v":1104.76},{"$f":"[1]Pos!E5003","v":3.4}]
[{"$f":"[1]Pos!A5004","v":"5324P04"},{"$f":"[1]Pos!B5004","v":"PO-0019980"},{"$f":"[1]Pos!C5004","v":"EXCE"},{"$f":"[1]Pos!D5004","v":918.8},{"$f":"[1]Pos!E5004","v":2.6}]
[{"$f":"[1]Pos!A5005","v":"5324P05"},{"$f":"[1]Pos!B5005","v":"PO-0019997"},{"$f":"[1]Pos!C5005","v":"ACCU"},{"$f":"[1]Pos!D5005","v":2160},{"$f":"[1]Pos!E5005","v":5.45}]
[{"$f":"[1]Pos!A5006","v":"5324P06"},{"$f":"[1]Pos!B5006","v":"PO-0020022"},{"$f":"[1]Pos!C5006","v":99},{"$f":"[1]Pos!D5006","v":81.58},{"$f":"[1]Pos!E5006","v":2.8}]
[{"$f":"[1]Pos!A5007","v":"5325AS01"},{"$f":"[1]Pos!B5007","v":"PO-0020065"},{"$f":"[1]Pos!C5007","v":"BSA"},{"$f":"[1]Pos!D5007","v":380},{"$f":"[1]Pos!E5007","v":9.1300000000000008}]
[{"$f":"[1]Pos!A5008","v":"5325AS02"},{"$f":"[1]Pos!B5008","v":"PO-0020065"},{"$f":"[1]Pos!C5008","v":"BSA"},{"$f":"[1]Pos!D5008","v":150},{"$f":"[1]Pos!E5008","v":8.4700000000000006}]
[{"$f":"[1]Pos!A5009","v":"5325AS03"},{"$f":"[1]Pos!B5009","v":"PO-0020130"},{"$f":"[1]Pos!C5009","v":"BSA"},{"$f":"[1]Pos!D5009","v":170},{"$f":"[1]Pos!E5009","v":9.1300000000000008}]
[{"$f":"[1]Pos!A5010","v":"5325AS04"},{"$f":"[1]Pos!B5010","v":"PO-0020170"},{"$f":"[1]Pos!C5010","v":"BSA"},{"$f":"[1]Pos!D5010","v":75},{"$f":"[1]Pos!E5010","v":8.4700000000000006}]
[{"$f":"[1]Pos!A5011","v":"5325B01"},{"$f":"[1]Pos!B5011","v":"PO-0020006"},{"$f":"[1]Pos!C5011","v":"WHIT"},{"$f":"[1]Pos!D5011","v":206.32},{"$f":"[1]Pos!E5011","v":14.5}]
[{"$f":"[1]Pos!A5012","v":"5325B02"},{"$f":"[1]Pos!B5012","v":"PO-0020006"},{"$f":"[1]Pos!C5012","v":"WHIT"},{"$f":"[1]Pos!D5012","v":62.72},{"$f":"[1]Pos!E5012","v":8.9}]
[{"$f":"[1]Pos!A5013","v":"5325B03"},{"$f":"[1]Pos!B5013","v":"PO-0020155"},{"$f":"[1]Pos!C5013","v":"DECA"},{"$f":"[1]Pos!D5013","v":33.4},{"$f":"[1]Pos!E5013","v":7.99}]
[{"$f":"[1]Pos!A5014","v":"5325B04"},{"$f":"[1]Pos!B5014","v":"PO-0020198"},{"$f":"[1]Pos!C5014","v":"DELF"},{"$f":"[1]Pos!D5014","v":41.17},{"$f":"[1]Pos!E5014","v":31.95}]
[{"$f":"[1]Pos!A5015","v":"5325EM01"},{"$f":"[1]Pos!B5015","v":"PO-0019994"},{"$f":"[1]Pos!C5015","v":"CPAQ"},{"$f":"[1]Pos!D5015","v":40000},{"$f":"[1]Pos!E5015","v":2.1000000000000001E-2}]
[{"$f":"[1]Pos!A5016","v":"5325EM02"},{"$f":"[1]Pos!B5016","v":"PO-0019989"},{"$f":"[1]Pos!C5016","v":"FLEXO"},{"$f":"[1]Pos!D5016","v":10670},{"$f":"[1]Pos!E5016","v":2.5999999999999999E-2}]
[{"$f":"[1]Pos!A5017","v":"5325EM03"},{"$f":"[1]Pos!B5017","v":"PO-0019989"},{"$f":"[1]Pos!C5017","v":"FLEXO"},{"$f":"[1]Pos!D5017","v":10590},{"$f":"[1]Pos!E5017","v":3.6999999999999998E-2}]
[{"$f":"[1]Pos!A5018","v":"5325EM04"},{"$f":"[1]Pos!B5018","v":"PO-0019989"},{"$f":"[1]Pos!C5018","v":"FLEXO"},{"$f":"[1]Pos!D5018","v":10680},{"$f":"[1]Pos!E5018","v":2.5999999999999999E-2}]
[{"$f":"[1]Pos!A5019","v":"5325EM05"},{"$f":"[1]Pos!B5019","v":"PO-0019989"},{"$f":"[1]Pos!C5019","v":"FLEXO"},{"$f":"[1]Pos!D5019","v":10670},{"$f":"[1]Pos!E5019","v":2.5999999999999999E-2}]
[{"$f":"[1]Pos!A5020","v":"5325EM06"},{"$f":"[1]Pos!B5020","v":"PO-0019989"},{"$f":"[1]Pos!C5020","v":"FLEXO"},{"$f":"[1]Pos!D5020","v":10500},{"$f":"[1]Pos!E5020","v":2.5999999999999999E-2}]
[{"$f":"[1]Pos!A5021","v":"5325EM07"},{"$f":"[1]Pos!B5021","v":"PO-0020016"},{"$f":"[1]Pos!C5021","v":"SCAN"},{"$f":"[1]Pos!D5021","v":19800},{"$f":"[1]Pos!E5021","v":0.11}]
[{"$f":"[1]Pos!A5022","v":"5325P01"},{"$f":"[1]Pos!B5022","v":"PO-0019985"},{"$f":"[1]Pos!C5022","v":"EXCE"},{"$f":"[1]Pos!D5022","v":2572.11},{"$f":"[1]Pos!E5022","v":5.4}]
[{"$f":"[1]Pos!A5023","v":"5325P02"},{"$f":"[1]Pos!B5023","v":"PO-0019980"},{"$f":"[1]Pos!C5023","v":"EXCE"},{"$f":"[1]Pos!D5023","v":918.46},{"$f":"[1]Pos!E5023","v":6.75}]
[{"$f":"[1]Pos!A5024","v":"5325P03"},{"$f":"[1]Pos!B5024","v":"PO-0019988"},{"$f":"[1]Pos!C5024","v":"EXCE"},{"$f":"[1]Pos!D5024","v":1152.46},{"$f":"[1]Pos!E5024","v":4.8499999999999996}]
[{"$f":"[1]Pos!A5025","v":"5325P04"},{"$f":"[1]Pos!B5025","v":"PO-0020007"},{"$f":"[1]Pos!C5025","v":99},{"$f":"[1]Pos!D5025","v":654.05999999999995},{"$f":"[1]Pos!E5025","v":2.25}]
[{"$f":"[1]Pos!A5026","v":"5325P05"},{"$f":"[1]Pos!B5026","v":"PO-0020026"},{"$f":"[1]Pos!C5026","v":"CENT"},{"$f":"[1]Pos!D5026","v":3628.8},{"$f":"[1]Pos!E5026","v":4.75}]
[{"$f":"[1]Pos!A5027","v":"5325P06"},{"$f":"[1]Pos!B5027","v":"PO-0020027"},{"$f":"[1]Pos!C5027","v":"CENT"},{"$f":"[1]Pos!D5027","v":901.58},{"$f":"[1]Pos!E5027","v":4.5}]
[{"$f":"[1]Pos!A5028","v":"5325P07"},{"$f":"[1]Pos!B5028","v":"PO-0020026"},{"$f":"[1]Pos!C5028","v":"CENT"},{"$f":"[1]Pos!D5028","v":2896.14},{"$f":"[1]Pos!E5028","v":5.25}]
[{"$f":"[1]Pos!A5029","v":"5325P08"},{"$f":"[1]Pos!B5029","v":"PO-0020029"},{"$f":"[1]Pos!C5029","v":99},{"$f":"[1]Pos!D5029","v":3628.8},{"$f":"[1]Pos!E5029","v":6.9}]
[{"$f":"[1]Pos!A5030","v":"5326AS01"},{"$f":"[1]Pos!B5030","v":"PO-0020170"},{"$f":"[1]Pos!C5030","v":"BSA"},{"$f":"[1]Pos!D5030","v":125},{"$f":"[1]Pos!E5030","v":8.75}]
[{"$f":"[1]Pos!A5031","v":"5326EM01"},{"$f":"[1]Pos!B5031","v":"PO-0020008"},{"$f":"[1]Pos!C5031","v":"BEL"},{"$f":"[1]Pos!D5031","v":500},{"$f":"[1]Pos!E5031","v":1.32}]
[{"$f":"[1]Pos!A5032","v":"5326EM02"},{"$f":"[1]Pos!B5032","v":"PO-0020008"},{"$f":"[1]Pos!C5032","v":"BEL"},{"$f":"[1]Pos!D5032","v":1080},{"$f":"[1]Pos!E5032","v":0.44700000000000001}]
[{"$f":"[1]Pos!A5033","v":"5326P01"},{"$f":"[1]Pos!B5033","v":"PO-0020015"},{"$f":"[1]Pos!C5033","v":"CENT"},{"$f":"[1]Pos!D5033","v":306},{"$f":"[1]Pos!E5033","v":4.5}]
[{"$f":"[1]Pos!A5034","v":"5326P02"},{"$f":"[1]Pos!B5034","v":"PO-0020021"},{"$f":"[1]Pos!C5034","v":"PEK"},{"$f":"[1]Pos!D5034","v":700},{"$f":"[1]Pos!E5034","v":6.25}]
[{"$f":"[1]Pos!A5035","v":"5326P03"},{"$f":"[1]Pos!B5035","v":"PO-0020013"},{"$f":"[1]Pos!C5035","v":"EXCE"},{"$f":"[1]Pos!D5035","v":582.33000000000004},{"$f":"[1]Pos!E5035","v":3.4}]
[{"$f":"[1]Pos!A5036","v":"5326P04"},{"$f":"[1]Pos!B5036","v":"PO-0020027"},{"$f":"[1]Pos!C5036","v":"CENT"},{"$f":"[1]Pos!D5036","v":90},{"$f":"[1]Pos!E5036","v":4.5}]
[{"$f":"[1]Pos!A5037","v":"5326P05"},{"$f":"[1]Pos!B5037","v":"PO-0020032"},{"$f":"[1]Pos!C5037","v":"EXCE"},{"$f":"[1]Pos!D5037","v":1932.22},{"$f":"[1]Pos!E5037","v":5.0999999999999996}]
[{"$f":"[1]Pos!A5038","v":"5326P06"},{"$f":"[1]Pos!B5038","v":"PO-0020031"},{"$f":"[1]Pos!C5038","v":99},{"$f":"[1]Pos!D5038","v":809.54},{"$f":"[1]Pos!E5038","v":5.5}]
[{"$f":"[1]Pos!A5039","v":"5327B01"},{"$f":"[1]Pos!B5039","v":"PO-0020085"},{"$f":"[1]Pos!C5039","v":"DECA"},{"$f":"[1]Pos!D5039","v":67.36},{"$f":"[1]Pos!E5039","v":11.59}]
[{"$f":"[1]Pos!A5040","v":"5332B01"},{"$f":"[1]Pos!B5040","v":"PO-0020033"},{"$f":"[1]Pos!C5040","v":"BOUC"},{"$f":"[1]Pos!D5040","v":129.04},{"$f":"[1]Pos!E5040","v":3.67}]
[{"$f":"[1]Pos!A5041","v":"5332B02"},{"$f":"[1]Pos!B5041","v":"PO-0020044"},{"$f":"[1]Pos!C5041","v":"RYDI"},{"$f":"[1]Pos!D5041","v":1600.5},{"$f":"[1]Pos!E5041","v":7.58}]
[{"$f":"[1]Pos!A5042","v":"5332B03"},{"$f":"[1]Pos!B5042","v":"PO-0020043"},{"$f":"[1]Pos!C5042","v":"RYDI"},{"$f":"[1]Pos!D5042","v":418.5},{"$f":"[1]Pos!E5042","v":8.27}]
[{"$f":"[1]Pos!A5043","v":"5332B04"},{"$f":"[1]Pos!B5043","v":"PO-0020011"},{"$f":"[1]Pos!C5043","v":"LARO"},{"$f":"[1]Pos!D5043","v":800},{"$f":"[1]Pos!E5043","v":8.26}]
[{"$f":"[1]Pos!A5044","v":"5332B05"},{"$f":"[1]Pos!B5044","v":"PO-0020011"},{"$f":"[1]Pos!C5044","v":"LARO"},{"$f":"[1]Pos!D5044","v":569},{"$f":"[1]Pos!E5044","v":4.8499999999999996}]
[{"$f":"[1]Pos!A5045","v":"5332B06"},{"$f":"[1]Pos!B5045","v":"PO-0020467"},{"$f":"[1]Pos!C5045","v":"RICH"},{"$f":"[1]Pos!D5045","v":90.54},{"$f":"[1]Pos!E5045","v":14.25}]
[{"$f":"[1]Pos!A5046","v":"5332EM01"},{"$f":"[1]Pos!B5046","v":"PO-0020009"},{"$f":"[1]Pos!C5046","v":"BEL"},{"$f":"[1]Pos!D5046","v":500},{"$f":"[1]Pos!E5046","v":0.69099999999999995}]
[{"$f":"[1]Pos!A5047","v":"5332EM02"},{"$f":"[1]Pos!B5047","v":"PO-0020009"},{"$f":"[1]Pos!C5047","v":"BEL"},{"$f":"[1]Pos!D5047","v":1000},{"$f":"[1]Pos!E5047","v":0.69099999999999995}]
[{"$f":"[1]Pos!A5048","v":"5332EM03"},{"$f":"[1]Pos!B5048","v":"PO-0020009"},{"$f":"[1]Pos!C5048","v":"BEL"},{"$f":"[1]Pos!D5048","v":1200},{"$f":"[1]Pos!E5048","v":0.432}]
[{"$f":"[1]Pos!A5049","v":"5332EM04"},{"$f":"[1]Pos!B5049","v":"PO-0020009"},{"$f":"[1]Pos!C5049","v":"BEL"},{"$f":"[1]Pos!D5049","v":600},{"$f":"[1]Pos!E5049","v":0.46200000000000002}]
[{"$f":"[1]Pos!A5050","v":"5332EM05"},{"$f":"[1]Pos!B5050","v":"PO-0020009"},{"$f":"[1]Pos!C5050","v":"BEL"},{"$f":"[1]Pos!D5050","v":1200},{"$f":"[1]Pos!E5050","v":0.626}]
[{"$f":"[1]Pos!A5051","v":"5332EM06"},{"$f":"[1]Pos!B5051","v":"PO-0020009"},{"$f":"[1]Pos!C5051","v":"BEL"},{"$f":"[1]Pos!D5051","v":600},{"$f":"[1]Pos!E5051","v":0.626}]
[{"$f":"[1]Pos!A5052","v":"5332P01"},{"$f":"[1]Pos!B5052","v":"PO-0020004"},{"$f":"[1]Pos!C5052","v":"MOND"},{"$f":"[1]Pos!D5052","v":3308},{"$f":"[1]Pos!E5052","v":7}]
[{"$f":"[1]Pos!A5053","v":"5332P02"},{"$f":"[1]Pos!B5053","v":"PO-0020003"},{"$f":"[1]Pos!C5053","v":"MOND"},{"$f":"[1]Pos!D5053","v":3628.8},{"$f":"[1]Pos!E5053","v":7}]
[{"$f":"[1]Pos!A5054","v":"5332P03"},{"$f":"[1]Pos!B5054","v":"PO-0020028"},{"$f":"[1]Pos!C5054","v":"CENT"},{"$f":"[1]Pos!D5054","v":1250},{"$f":"[1]Pos!E5054","v":7}]
[{"$f":"[1]Pos!A5055","v":"5332P04"},{"$f":"[1]Pos!B5055","v":"PO-0020036"},{"$f":"[1]Pos!C5055","v":"CENT"},{"$f":"[1]Pos!D5055","v":1814.4},{"$f":"[1]Pos!E5055","v":4.75}]
[{"$f":"[1]Pos!A5056","v":"5332P05"},{"$f":"[1]Pos!B5056","v":"PO-0020038"},{"$f":"[1]Pos!C5056","v":"CENT"},{"$f":"[1]Pos!D5056","v":1750},{"$f":"[1]Pos!E5056","v":7}]
[{"$f":"[1]Pos!A5057","v":"5332P06"},{"$f":"[1]Pos!B5057","v":"PO-0020039"},{"$f":"[1]Pos!C5057","v":"EXCE"},{"$f":"[1]Pos!D5057","v":640.91},{"$f":"[1]Pos!E5057","v":3.4}]
[{"$f":"[1]Pos!A5058","v":"5332P07"},{"$f":"[1]Pos!B5058","v":"PO-0020040"},{"$f":"[1]Pos!C5058","v":"EXCE"},{"$f":"[1]Pos!D5058","v":134.88},{"$f":"[1]Pos!E5058","v":3.99}]
[{"$f":"[1]Pos!A5059","v":"5333B01"},{"$f":"[1]Pos!B5059","v":"PO-0020046"},{"$f":"[1]Pos!C5059","v":"DECA"},{"$f":"[1]Pos!D5059","v":181.54},{"$f":"[1]Pos!E5059","v":2.96}]
[{"$f":"[1]Pos!A5060","v":"5333B02"},{"$f":"[1]Pos!B5060","v":"PO-0020012"},{"$f":"[1]Pos!C5060","v":"LARO"},{"$f":"[1]Pos!D5060","v":338.5},{"$f":"[1]Pos!E5060","v":8.26}]
[{"$f":"[1]Pos!A5061","v":"5333B03"},{"$f":"[1]Pos!B5061","v":"PO-0020050"},{"$f":"[1]Pos!C5061","v":"RYDI"},{"$f":"[1]Pos!D5061","v":419.5},{"$f":"[1]Pos!E5061","v":8.27}]
[{"$f":"[1]Pos!A5062","v":"5333B04"},{"$f":"[1]Pos!B5062","v":"PO-0020087"},{"$f":"[1]Pos!C5062","v":"DECA"},{"$f":"[1]Pos!D5062","v":65.544098000000005},{"$f":"[1]Pos!E5062","v":12.29}]
[{"$f":"[1]Pos!A5063","v":"5333B05"},{"$f":"[1]Pos!B5063","v":"PO-0020054"},{"$f":"[1]Pos!C5063","v":"CHIS"},{"$f":"[1]Pos!D5063","v":18285.12},{"$f":"[1]Pos!E5063","v":2}]
[{"$f":"[1]Pos!A5064","v":"5333B06"},{"$f":"[1]Pos!B5064","v":"PO-0020146"},{"$f":"[1]Pos!C5064","v":"DECA"},{"$f":"[1]Pos!D5064","v":266.71231399999999},{"$f":"[1]Pos!E5064","v":12.49}]
[{"$f":"[1]Pos!A5065","v":"5333EM01"},{"$f":"[1]Pos!B5065","v":"PO-0020037"},{"$f":"[1]Pos!C5065","v":"BEL"},{"$f":"[1]Pos!D5065","v":600},{"$f":"[1]Pos!E5065","v":0.64500000000000002}]
[{"$f":"[1]Pos!A5066","v":"5333EM02"},{"$f":"[1]Pos!B5066","v":"PO-0020037"},{"$f":"[1]Pos!C5066","v":"BEL"},{"$f":"[1]Pos!D5066","v":1024},{"$f":"[1]Pos!E5066","v":0.48}]
[{"$f":"[1]Pos!A5067","v":"5333EM03"},{"$f":"[1]Pos!B5067","v":"PO-0020037"},{"$f":"[1]Pos!C5067","v":"BEL"},{"$f":"[1]Pos!D5067","v":600},{"$f":"[1]Pos!E5067","v":0.64500000000000002}]
[{"$f":"[1]Pos!A5068","v":"5333EM04"},{"$f":"[1]Pos!B5068","v":"PO-0020041"},{"$f":"[1]Pos!C5068","v":"SCAN"},{"$f":"[1]Pos!D5068","v":5500},{"$f":"[1]Pos!E5068","v":0.155}]
[{"$f":"[1]Pos!A5069","v":"5333P01"},{"$f":"[1]Pos!B5069","v":"PO-0020040"},{"$f":"[1]Pos!C5069","v":"EXCE"},{"$f":"[1]Pos!D5069","v":635.23},{"$f":"[1]Pos!E5069","v":3.4}]
[{"$f":"[1]Pos!A5070","v":"5333P02"},{"$f":"[1]Pos!B5070","v":"PO-0020034"},{"$f":"[1]Pos!C5070","v":"EXCE"},{"$f":"[1]Pos!D5070","v":1284.68},{"$f":"[1]Pos!E5070","v":5.4}]
[{"$f":"[1]Pos!A5071","v":"5334AS01"},{"$f":"[1]Pos!B5071","v":"PO-0019961"},{"$f":"[1]Pos!C5071","v":"MONTO"},{"$f":"[1]Pos!D5071","v":300},{"$f":"[1]Pos!E5071","v":7.94}]
[{"$f":"[1]Pos!A5072","v":"5334B01"},{"$f":"[1]Pos!B5072","v":"PO-0020047"},{"$f":"[1]Pos!C5072","v":"DELF"},{"$f":"[1]Pos!D5072","v":650.76},{"$f":"[1]Pos!E5072","v":8.85}]
[{"$f":"[1]Pos!A5073","v":"5334B02"},{"$f":"[1]Pos!B5073","v":"PO-0020251"},{"$f":"[1]Pos!C5073","v":"C&C"},{"$f":"[1]Pos!D5073","v":1334.45},{"$f":"[1]Pos!E5073","v":7.29}]
[{"$f":"[1]Pos!A5074","v":"5334P01"},{"$f":"[1]Pos!B5074","v":"PO-0020049"},{"$f":"[1]Pos!C5074","v":"EXCE"},{"$f":"[1]Pos!D5074","v":1287.4100000000001},{"$f":"[1]Pos!E5074","v":5.4}]
[{"$f":"[1]Pos!A5075","v":"5334P02"},{"$f":"[1]Pos!B5075","v":"PO-0020049"},{"$f":"[1]Pos!C5075","v":"EXCE"},{"$f":"[1]Pos!D5075","v":641},{"$f":"[1]Pos!E5075","v":3.4}]
[{"$f":"[1]Pos!A5076","v":"5334P03"},{"$f":"[1]Pos!B5076","v":"PO-0020005"},{"$f":"[1]Pos!C5076","v":"MOND"},{"$f":"[1]Pos!D5076","v":1814.4},{"$f":"[1]Pos!E5076","v":7}]
[{"$f":"[1]Pos!A5077","v":"5334P04"},{"$f":"[1]Pos!B5077","v":"PO-0020056"},{"$f":"[1]Pos!C5077","v":"ACCU"},{"$f":"[1]Pos!D5077","v":1980},{"$f":"[1]Pos!E5077","v":4.8499999999999996}]
[{"$f":"[1]Pos!A5078","v":"5335B01"},{"$f":"[1]Pos!B5078","v":"PO-0020035"},{"$f":"[1]Pos!C5078","v":"ASTR"},{"$f":"[1]Pos!D5078","v":1100},{"$f":"[1]Pos!E5078","v":35.5}]
[{"$f":"[1]Pos!A5079","v":"5335B02"},{"$f":"[1]Pos!B5079","v":"PO-0020035"},{"$f":"[1]Pos!C5079","v":"ASTR"},{"$f":"[1]Pos!D5079","v":900},{"$f":"[1]Pos!E5079","v":36}]
[{"$f":"[1]Pos!A5080","v":"5335EM01"},{"$f":"[1]Pos!B5080","v":"PO-0020051"},{"$f":"[1]Pos!C5080","v":"BEL"},{"$f":"[1]Pos!D5080","v":1200},{"$f":"[1]Pos!E5080","v":0.626}]
[{"$f":"[1]Pos!A5081","v":"5335EM02"},{"$f":"[1]Pos!B5081","v":"PO-0020051"},{"$f":"[1]Pos!C5081","v":"BEL"},{"$f":"[1]Pos!D5081","v":1200},{"$f":"[1]Pos!E5081","v":0.48}]
[{"$f":"[1]Pos!A5082","v":"5335EM03"},{"$f":"[1]Pos!B5082","v":"PO-0020051"},{"$f":"[1]Pos!C5082","v":"BEL"},{"$f":"[1]Pos!D5082","v":500},{"$f":"[1]Pos!E5082","v":1.32}]
[{"$f":"[1]Pos!A5083","v":"5335EM04"},{"$f":"[1]Pos!B5083","v":"PO-0020051"},{"$f":"[1]Pos!C5083","v":"BEL"},{"$f":"[1]Pos!D5083","v":1000},{"$f":"[1]Pos!E5083","v":0.69099999999999995}]
[{"$f":"[1]Pos!A5084","v":"5335EM05"},{"$f":"[1]Pos!B5084","v":"PO-0020051"},{"$f":"[1]Pos!C5084","v":"BEL"},{"$f":"[1]Pos!D5084","v":668},{"$f":"[1]Pos!E5084","v":0.6}]
[{"$f":"[1]Pos!A5085","v":"5335EM06"},{"$f":"[1]Pos!B5085","v":"PO-0020055"},{"$f":"[1]Pos!C5085","v":"SCAN"},{"$f":"[1]Pos!D5085","v":198000},{"$f":"[1]Pos!E5085","v":0.11}]
[{"$f":"[1]Pos!A5086","v":"5335EM07"},{"$f":"[1]Pos!B5086","v":"PO-0020055"},{"$f":"[1]Pos!C5086","v":"SCAN"},{"$f":"[1]Pos!D5086","v":52000},{"$f":"[1]Pos!E5086","v":0.11}]
[{"$f":"[1]Pos!A5087","v":"5335EM08"},{"$f":"[1]Pos!B5087","v":"PO-0020496"},{"$f":"[1]Pos!C5087","v":"HEAT"},{"$f":"[1]Pos!D5087","v":2000},{"$f":"[1]Pos!E5087","v":0.13}]
[{"$f":"[1]Pos!A5088","v":"5335P01"},{"$f":"[1]Pos!B5088","v":"PO-0020058"},{"$f":"[1]Pos!C5088","v":"EXCE"},{"$f":"[1]Pos!D5088","v":638.38},{"$f":"[1]Pos!E5088","v":3.4}]
[{"$f":"[1]Pos!A5089","v":"5335P02"},{"$f":"[1]Pos!B5089","v":"PO-0020076"},{"$f":"[1]Pos!C5089","v":"DESC"},{"$f":"[1]Pos!D5089","v":9979.2000000000007},{"$f":"[1]Pos!E5089","v":4.95}]
[{"$f":"[1]Pos!A5090","v":"5335P03"},{"$f":"[1]Pos!B5090","v":"PO-0020074"},{"$f":"[1]Pos!C5090","v":"CENT"},{"$f":"[1]Pos!D5090","v":9072},{"$f":"[1]Pos!E5090","v":4.9000000000000004}]
[{"$f":"[1]Pos!A5091","v":"5336AS01"},{"$f":"[1]Pos!B5091","v":"PO-0020063"},{"$f":"[1]Pos!C5091","v":"MONTO"},{"$f":"[1]Pos!D5091","v":500},{"$f":"[1]Pos!E5091","v":7.94}]
[{"$f":"[1]Pos!A5092","v":"5336AS02"},{"$f":"[1]Pos!B5092","v":"PO-0020064"},{"$f":"[1]Pos!C5092","v":"MONTO"},{"$f":"[1]Pos!D5092","v":270},{"$f":"[1]Pos!E5092","v":7.94}]
[{"$f":"[1]Pos!A5093","v":"5336B01"},{"$f":"[1]Pos!B5093","v":"PO-0020088"},{"$f":"[1]Pos!C5093","v":"RYDI"},{"$f":"[1]Pos!D5093","v":3208.5},{"$f":"[1]Pos!E5093","v":8.5299999999999994}]
[{"$f":"[1]Pos!A5094","v":"5336B02"},{"$f":"[1]Pos!B5094","v":"PO-0020088"},{"$f":"[1]Pos!C5094","v":"RYDI"},{"$f":"[1]Pos!D5094","v":1600},{"$f":"[1]Pos!E5094","v":3.97}]
[{"$f":"[1]Pos!A5095","v":"5336B03"},{"$f":"[1]Pos!B5095","v":"PO-0020109"},{"$f":"[1]Pos!C5095","v":"DECA"},{"$f":"[1]Pos!D5095","v":61.7},{"$f":"[1]Pos!E5095","v":2.98}]
[{"$f":"[1]Pos!A5096","v":"5336P01"},{"$f":"[1]Pos!B5096","v":"PO-0020059"},{"$f":"[1]Pos!C5096","v":"CENT"},{"$f":"[1]Pos!D5096","v":1814.4},{"$f":"[1]Pos!E5096","v":4.9000000000000004}]
[{"$f":"[1]Pos!A5097","v":"5336P02"},{"$f":"[1]Pos!B5097","v":"PO-0020067"},{"$f":"[1]Pos!C5097","v":"EXCE"},{"$f":"[1]Pos!D5097","v":1287.5999999999999},{"$f":"[1]Pos!E5097","v":5.2}]
[{"$f":"[1]Pos!A5098","v":"5336P03"},{"$f":"[1]Pos!B5098","v":"PO-0020078"},{"$f":"[1]Pos!C5098","v":"MOND"},{"$f":"[1]Pos!D5098","v":3628.8},{"$f":"[1]Pos!E5098","v":6.4}]
[{"$f":"[1]Pos!A5099","v":"5336P04"},{"$f":"[1]Pos!B5099","v":"PO-0020086"},{"$f":"[1]Pos!C5099","v":"CENT"},{"$f":"[1]Pos!D5099","v":4536},{"$f":"[1]Pos!E5099","v":4.75}]
[{"$f":"[1]Pos!A5100","v":"5336P05"},{"$f":"[1]Pos!B5100","v":"PO-0020068"},{"$f":"[1]Pos!C5100","v":"EXCE"},{"$f":"[1]Pos!D5100","v":1287.52},{"$f":"[1]Pos!E5100","v":5.2}]
[{"$f":"[1]Pos!A5101","v":"5336P06"},{"$f":"[1]Pos!B5101","v":"PO-0020068"},{"$f":"[1]Pos!C5101","v":"EXCE"},{"$f":"[1]Pos!D5101","v":1264.82},{"$f":"[1]Pos!E5101","v":3.4}]
[{"$f":"[1]Pos!A5102","v":"5336P07"},{"$f":"[1]Pos!B5102","v":"PO-0020068"},{"$f":"[1]Pos!C5102","v":"EXCE"},{"$f":"[1]Pos!D5102","v":649.70000000000005},{"$f":"[1]Pos!E5102","v":3.2}]
[{"$f":"[1]Pos!A5103","v":"5337EM01"},{"$f":"[1]Pos!B5103","v":"PO-0020182"},{"$f":"[1]Pos!C5103","v":"CROW"},{"$f":"[1]Pos!D5103","v":25500},{"$f":"[1]Pos!E5103","v":9.7100000000000006E-2}]
[{"$f":"[1]Pos!A5104","v":"5337P01"},{"$f":"[1]Pos!B5104","v":"PO-0020073"},{"$f":"[1]Pos!C5104","v":99},{"$f":"[1]Pos!D5104","v":3628.8},{"$f":"[1]Pos!E5104","v":7.19}]
[{"$f":"[1]Pos!A5105","v":"5337P02"},{"$f":"[1]Pos!B5105","v":"PO-0020086"},{"$f":"[1]Pos!C5105","v":"CENT"},{"$f":"[1]Pos!D5105","v":4536},{"$f":"[1]Pos!E5105","v":4.75}]
[{"$f":"[1]Pos!A5106","v":"5337P03"},{"$f":"[1]Pos!B5106","v":"PO-0020098"},{"$f":"[1]Pos!C5106","v":"CENT"},{"$f":"[1]Pos!D5106","v":4154.97},{"$f":"[1]Pos!E5106","v":4.9000000000000004}]
[{"$f":"[1]Pos!A5107","v":"5342B01"},{"$f":"[1]Pos!B5107","v":"PO-0020079"},{"$f":"[1]Pos!C5107","v":"BOUC"},{"$f":"[1]Pos!D5107","v":63.54},{"$f":"[1]Pos!E5107","v":3.77}]
[{"$f":"[1]Pos!A5108","v":"5342B02"},{"$f":"[1]Pos!B5108","v":"PO-0020079"},{"$f":"[1]Pos!C5108","v":"BOUC"},{"$f":"[1]Pos!D5108","v":296.39999999999998},{"$f":"[1]Pos!E5108","v":3.47}]
[{"$f":"[1]Pos!A5109","v":"5342B03"},{"$f":"[1]Pos!B5109","v":"PO-0020089"},{"$f":"[1]Pos!C5109","v":"RYDI"},{"$f":"[1]Pos!D5109","v":432.5},{"$f":"[1]Pos!E5109","v":8.27}]
[{"$f":"[1]Pos!A5110","v":"5342B04"},{"$f":"[1]Pos!B5110","v":"PO-0020091"},{"$f":"[1]Pos!C5110","v":"RYDI"},{"$f":"[1]Pos!D5110","v":425.5},{"$f":"[1]Pos!E5110","v":8.26}]
[{"$f":"[1]Pos!A5111","v":"5342B05"},{"$f":"[1]Pos!B5111","v":"PO-0020090"},{"$f":"[1]Pos!C5111","v":"RYDI"},{"$f":"[1]Pos!D5111","v":2473.5},{"$f":"[1]Pos!E5111","v":8.5299999999999994}]
[{"$f":"[1]Pos!A5112","v":"5342B06"},{"$f":"[1]Pos!B5112","v":"PO-0020113"},{"$f":"[1]Pos!C5112","v":"LARO"},{"$f":"[1]Pos!D5112","v":980.5},{"$f":"[1]Pos!E5112","v":8.26}]
[{"$f":"[1]Pos!A5113","v":"5342B07"},{"$f":"[1]Pos!B5113","v":"PO-0020113"},{"$f":"[1]Pos!C5113","v":"LARO"},{"$f":"[1]Pos!D5113","v":604},{"$f":"[1]Pos!E5113","v":4.8499999999999996}]
[{"$f":"[1]Pos!A5114","v":"5342B08"},{"$f":"[1]Pos!B5114","v":"PO-0020177"},{"$f":"[1]Pos!C5114","v":"DECA"},{"$f":"[1]Pos!D5114","v":265.21545900000001},{"$f":"[1]Pos!E5114","v":20.89}]
[{"$f":"[1]Pos!A5115","v":"5342B09"},{"$f":"[1]Pos!B5115","v":"PO-0020227"},{"$f":"[1]Pos!C5115","v":"CHIS"},{"$f":"[1]Pos!D5115","v":18288.84},{"$f":"[1]Pos!E5115","v":2}]
[{"$f":"[1]Pos!A5116","v":"5342D01"},{"$f":"[1]Pos!B5116","v":"PO-0020140"},{"$f":"[1]Pos!C5116","v":"DESC"},{"$f":"[1]Pos!D5116","v":10},{"$f":"[1]Pos!E5116","v":42.8}]
[{"$f":"[1]Pos!A5117","v":"5342EM01"},{"$f":"[1]Pos!B5117","v":"PO-0020081"},{"$f":"[1]Pos!C5117","v":"HEAT"},{"$f":"[1]Pos!D5117","v":4000},{"$f":"[1]Pos!E5117","v":1E-3}]
[{"$f":"[1]Pos!A5118","v":"5342EM02"},{"$f":"[1]Pos!B5118","v":"PO-0020080"},{"$f":"[1]Pos!C5118","v":"CROW"},{"$f":"[1]Pos!D5118","v":8400},{"$f":"[1]Pos!E5118","v":9.7100000000000006E-2}]
[{"$f":"[1]Pos!A5119","v":"5342EM03"},{"$f":"[1]Pos!B5119","v":"PO-0020080"},{"$f":"[1]Pos!C5119","v":"CROW"},{"$f":"[1]Pos!D5119","v":25600},{"$f":"[1]Pos!E5119","v":9.7100000000000006E-2}]
[{"$f":"[1]Pos!A5120","v":"5342P01"},{"$f":"[1]Pos!B5120","v":"PO-0020082"},{"$f":"[1]Pos!C5120","v":"ACCU"},{"$f":"[1]Pos!D5120","v":1980},{"$f":"[1]Pos!E5120","v":4.9000000000000004}]
[{"$f":"[1]Pos!A5121","v":"5342P02"},{"$f":"[1]Pos!B5121","v":"PO-0020068"},{"$f":"[1]Pos!C5121","v":"EXCE"},{"$f":"[1]Pos!D5121","v":135.28},{"$f":"[1]Pos!E5121","v":4.0199999999999996}]
[{"$f":"[1]Pos!A5122","v":"5342P03"},{"$f":"[1]Pos!B5122","v":"PO-0020069"},{"$f":"[1]Pos!C5122","v":"EXCE"},{"$f":"[1]Pos!D5122","v":369.02},{"$f":"[1]Pos!E5122","v":3.4}]
[{"$f":"[1]Pos!A5123","v":"5342P04"},{"$f":"[1]Pos!B5123","v":"PO-0020069"},{"$f":"[1]Pos!C5123","v":"EXCE"},{"$f":"[1]Pos!D5123","v":642.91999999999996},{"$f":"[1]Pos!E5123","v":2.6}]
[{"$f":"[1]Pos!A5124","v":"5342P05"},{"$f":"[1]Pos!B5124","v":"PO-0020069"},{"$f":"[1]Pos!C5124","v":"EXCE"},{"$f":"[1]Pos!D5124","v":549.27},{"$f":"[1]Pos!E5124","v":6.75}]
[{"$f":"[1]Pos!A5125","v":"5342P06"},{"$f":"[1]Pos!B5125","v":"PO-0020084"},{"$f":"[1]Pos!C5125","v":"ACCU"},{"$f":"[1]Pos!D5125","v":849.7},{"$f":"[1]Pos!E5125","v":3.55}]
[{"$f":"[1]Pos!A5126","v":"5342P07"},{"$f":"[1]Pos!B5126","v":"PO-0020099"},{"$f":"[1]Pos!C5126","v":"SUNC"},{"$f":"[1]Pos!D5126","v":3628.8},{"$f":"[1]Pos!E5126","v":7.69}]
[{"$f":"[1]Pos!A5127","v":"5342P08"},{"$f":"[1]Pos!B5127","v":"PO-0020117"},{"$f":"[1]Pos!C5127","v":"CENT"},{"$f":"[1]Pos!D5127","v":1814.4},{"$f":"[1]Pos!E5127","v":4.9000000000000004}]
[{"$f":"[1]Pos!A5128","v":"5343B01"},{"$f":"[1]Pos!B5128","v":"PO-0020095"},{"$f":"[1]Pos!C5128","v":"BOUC"},{"$f":"[1]Pos!D5128","v":40.76},{"$f":"[1]Pos!E5128","v":3.77}]
[{"$f":"[1]Pos!A5129","v":"5343B02"},{"$f":"[1]Pos!B5129","v":"PO-0020094"},{"$f":"[1]Pos!C5129","v":"BOUC"},{"$f":"[1]Pos!D5129","v":91.4},{"$f":"[1]Pos!E5129","v":3.47}]
[{"$f":"[1]Pos!A5130","v":"5343B03"},{"$f":"[1]Pos!B5130","v":"PO-0020113"},{"$f":"[1]Pos!C5130","v":"LARO"},{"$f":"[1]Pos!D5130","v":714},{"$f":"[1]Pos!E5130","v":8.26}]
[{"$f":"[1]Pos!A5131","v":"5343B04"},{"$f":"[1]Pos!B5131","v":"PO-0020122"},{"$f":"[1]Pos!C5131","v":"DECA"},{"$f":"[1]Pos!D5131","v":147.508239},{"$f":"[1]Pos!E5131","v":11.79}]
[{"$f":"[1]Pos!A5132","v":"5343P01"},{"$f":"[1]Pos!B5132","v":"PO-0020070"},{"$f":"[1]Pos!C5132","v":"EXCE"},{"$f":"[1]Pos!D5132","v":1288.33},{"$f":"[1]Pos!E5132","v":5.2}]
[{"$f":"[1]Pos!A5133","v":"5343P02"},{"$f":"[1]Pos!B5133","v":"PO-0020057"},{"$f":"[1]Pos!C5133","v":"EXCE"},{"$f":"[1]Pos!D5133","v":3865.64},{"$f":"[1]Pos!E5133","v":4.75}]
[{"$f":"[1]Pos!A5134","v":"5343P03"},{"$f":"[1]Pos!B5134","v":"PO-0020108"},{"$f":"[1]Pos!C5134","v":"EXCE"},{"$f":"[1]Pos!D5134","v":183.73},{"$f":"[1]Pos!E5134","v":6.9}]
[{"$f":"[1]Pos!A5135","v":"5343P04"},{"$f":"[1]Pos!B5135","v":"PO-0020108"},{"$f":"[1]Pos!C5135","v":"EXCE"},{"$f":"[1]Pos!D5135","v":717.22},{"$f":"[1]Pos!E5135","v":3.2}]
[{"$f":"[1]Pos!A5136","v":"5344B01"},{"$f":"[1]Pos!B5136","v":"PO-0020094"},{"$f":"[1]Pos!C5136","v":"BOUC"},{"$f":"[1]Pos!D5136","v":180},{"$f":"[1]Pos!E5136","v":3.47}]
[{"$f":"[1]Pos!A5137","v":"5344B02"},{"$f":"[1]Pos!B5137","v":"PO-0020113"},{"$f":"[1]Pos!C5137","v":"LARO"},{"$f":"[1]Pos!D5137","v":963.5},{"$f":"[1]Pos!E5137","v":8.26}]
[{"$f":"[1]Pos!A5138","v":"5344B03"},{"$f":"[1]Pos!B5138","v":"PO-0020127"},{"$f":"[1]Pos!C5138","v":"RYDI"},{"$f":"[1]Pos!D5138","v":410},{"$f":"[1]Pos!E5138","v":8.27}]
[{"$f":"[1]Pos!A5139","v":"5344B04"},{"$f":"[1]Pos!B5139","v":"PO-0020124"},{"$f":"[1]Pos!C5139","v":"RYDI"},{"$f":"[1]Pos!D5139","v":472.87},{"$f":"[1]Pos!E5139","v":10.34}]
[{"$f":"[1]Pos!A5140","v":"5344B05"},{"$f":"[1]Pos!B5140","v":"PO-0020155"},{"$f":"[1]Pos!C5140","v":"DECA"},{"$f":"[1]Pos!D5140","v":61.12},{"$f":"[1]Pos!E5140","v":10.06}]
[{"$f":"[1]Pos!A5141","v":"5344B06"},{"$f":"[1]Pos!B5141","v":"PO-0020123"},{"$f":"[1]Pos!C5141","v":"DECA"},{"$f":"[1]Pos!D5141","v":526.16999999999996},{"$f":"[1]Pos!E5141","v":11.79}]
[{"$f":"[1]Pos!A5142","v":"5344B07"},{"$f":"[1]Pos!B5142","v":"PO-0020261"},{"$f":"[1]Pos!C5142","v":"DECA"},{"$f":"[1]Pos!D5142","v":39.799999999999997},{"$f":"[1]Pos!E5142","v":35.79}]
[{"$f":"[1]Pos!A5143","v":"5344B08"},{"$f":"[1]Pos!B5143","v":"PO-0020956"},{"$f":"[1]Pos!C5143","v":"GIRO"},{"$f":"[1]Pos!D5143","v":328},{"$f":"[1]Pos!E5143","v":6.4}]
[{"$f":"[1]Pos!A5144","v":"5344EM01"},{"$f":"[1]Pos!B5144","v":"PO-0020096"},{"$f":"[1]Pos!C5144","v":"BEL"},{"$f":"[1]Pos!D5144","v":1200},{"$f":"[1]Pos!E5144","v":0.48}]
[{"$f":"[1]Pos!A5145","v":"5344EM02"},{"$f":"[1]Pos!B5145","v":"PO-0020096"},{"$f":"[1]Pos!C5145","v":"BEL"},{"$f":"[1]Pos!D5145","v":1000},{"$f":"[1]Pos!E5145","v":0.69099999999999995}]
[{"$f":"[1]Pos!A5146","v":"5344EM03"},{"$f":"[1]Pos!B5146","v":"PO-0020097"},{"$f":"[1]Pos!C5146","v":"UNIP"},{"$f":"[1]Pos!D5146","v":238000},{"$f":"[1]Pos!E5146","v":9.7000000000000003E-3}]
[{"$f":"[1]Pos!A5147","v":"5344EM04"},{"$f":"[1]Pos!B5147","v":"PO-0020100"},{"$f":"[1]Pos!C5147","v":"R.D."},{"$f":"[1]Pos!D5147","v":2800},{"$f":"[1]Pos!E5147","v":0.63}]
[{"$f":"[1]Pos!A5148","v":"5344EM05"},{"$f":"[1]Pos!B5148","v":"PO-0020103"},{"$f":"[1]Pos!C5148","v":"BEL"},{"$f":"[1]Pos!D5148","v":600},{"$f":"[1]Pos!E5148","v":0.64500000000000002}]
[{"$f":"[1]Pos!A5149","v":"5344EM06"},{"$f":"[1]Pos!B5149","v":"PO-0020103"},{"$f":"[1]Pos!C5149","v":"BEL"},{"$f":"[1]Pos!D5149","v":500},{"$f":"[1]Pos!E5149","v":0.6}]
[{"$f":"[1]Pos!A5150","v":"5344P01"},{"$f":"[1]Pos!B5150","v":"PO-0020106"},{"$f":"[1]Pos!C5150","v":"VEST"},{"$f":"[1]Pos!D5150","v":2452},{"$f":"[1]Pos!E5150","v":8.25}]
[{"$f":"[1]Pos!A5151","v":"5344P02"},{"$f":"[1]Pos!B5151","v":"PO-0020108"},{"$f":"[1]Pos!C5151","v":"EXCE"},{"$f":"[1]Pos!D5151","v":217.32},{"$f":"[1]Pos!E5151","v":2.6}]
[{"$f":"[1]Pos!A5152","v":"5344P03"},{"$f":"[1]Pos!B5152","v":"PO-0020107"},{"$f":"[1]Pos!C5152","v":"SUNC"},{"$f":"[1]Pos!D5152","v":179.7},{"$f":"[1]Pos!E5152","v":3.4}]
[{"$f":"[1]Pos!A5153","v":"5344P04"},{"$f":"[1]Pos!B5153","v":"PO-0020101"},{"$f":"[1]Pos!C5153","v":"ACCU"},{"$f":"[1]Pos!D5153","v":1890},{"$f":"[1]Pos!E5153","v":4.8499999999999996}]
[{"$f":"[1]Pos!A5154","v":"5344P05"},{"$f":"[1]Pos!B5154","v":"PO-0020111"},{"$f":"[1]Pos!C5154","v":"EXCE"},{"$f":"[1]Pos!D5154","v":634.14},{"$f":"[1]Pos!E5154","v":3.2}]
[{"$f":"[1]Pos!A5155","v":"5344P06"},{"$f":"[1]Pos!B5155","v":"PO-0020111"},{"$f":"[1]Pos!C5155","v":"EXCE"},{"$f":"[1]Pos!D5155","v":631.91999999999996},{"$f":"[1]Pos!E5155","v":3.4}]
[{"$f":"[1]Pos!A5156","v":"5344P07"},{"$f":"[1]Pos!B5156","v":"PO-0020136"},{"$f":"[1]Pos!C5156","v":"DESC"},{"$f":"[1]Pos!D5156","v":8874.4666830000006},{"$f":"[1]Pos!E5156","v":4.95}]
[{"$f":"[1]Pos!A5157","v":"5344P08"},{"$f":"[1]Pos!B5157","v":"PO-0020136"},{"$f":"[1]Pos!C5157","v":"DESC"},{"$f":"[1]Pos!D5157","v":2769.5830810000002},{"$f":"[1]Pos!E5157","v":4.95}]
[{"$f":"[1]Pos!A5158","v":"5345B01"},{"$f":"[1]Pos!B5158","v":"PO-0020119"},{"$f":"[1]Pos!C5158","v":"BOUC"},{"$f":"[1]Pos!D5158","v":98.36},{"$f":"[1]Pos!E5158","v":3.77}]
[{"$f":"[1]Pos!A5159","v":"5345B02"},{"$f":"[1]Pos!B5159","v":"PO-0020118"},{"$f":"[1]Pos!C5159","v":"BOUC"},{"$f":"[1]Pos!D5159","v":243.58},{"$f":"[1]Pos!E5159","v":3.47}]
[{"$f":"[1]Pos!A5160","v":"5345B03"},{"$f":"[1]Pos!B5160","v":"PO-0020133"},{"$f":"[1]Pos!C5160","v":"RYDI"},{"$f":"[1]Pos!D5160","v":3238},{"$f":"[1]Pos!E5160","v":8.5500000000000007}]
[{"$f":"[1]Pos!A5161","v":"5345B04"},{"$f":"[1]Pos!B5161","v":"PO-0020133"},{"$f":"[1]Pos!C5161","v":"RYDI"},{"$f":"[1]Pos!D5161","v":1700},{"$f":"[1]Pos!E5161","v":4.01}]
[{"$f":"[1]Pos!A5162","v":"5345B05"},{"$f":"[1]Pos!B5162","v":"PO-0020244"},{"$f":"[1]Pos!C5162","v":"DECA"},{"$f":"[1]Pos!D5162","v":178.95},{"$f":"[1]Pos!E5162","v":8.48}]
[{"$f":"[1]Pos!A5163","v":"5345B06"},{"$f":"[1]Pos!B5163","v":"PO-0020694"},{"$f":"[1]Pos!C5163","v":"CHIS"},{"$f":"[1]Pos!D5163","v":19040},{"$f":"[1]Pos!E5163","v":7.03}]
[{"$f":"[1]Pos!A5164","v":"5345EM01"},{"$f":"[1]Pos!B5164","v":"PO-0020110"},{"$f":"[1]Pos!C5164","v":"CROW"},{"$f":"[1]Pos!D5164","v":18900},{"$f":"[1]Pos!E5164","v":9.7100000000000006E-2}]
[{"$f":"[1]Pos!A5165","v":"5345EM02"},{"$f":"[1]Pos!B5165","v":"PO-0020115"},{"$f":"[1]Pos!C5165","v":"BEL"},{"$f":"[1]Pos!D5165","v":1200},{"$f":"[1]Pos!E5165","v":0.432}]
[{"$f":"[1]Pos!A5166","v":"5345EM03"},{"$f":"[1]Pos!B5166","v":"PO-0020115"},{"$f":"[1]Pos!C5166","v":"BEL"},{"$f":"[1]Pos!D5166","v":1200},{"$f":"[1]Pos!E5166","v":0.48}]
[{"$f":"[1]Pos!A5167","v":"5345EM04"},{"$f":"[1]Pos!B5167","v":"PO-0020115"},{"$f":"[1]Pos!C5167","v":"BEL"},{"$f":"[1]Pos!D5167","v":1000},{"$f":"[1]Pos!E5167","v":0.69099999999999995}]
[{"$f":"[1]Pos!A5168","v":"5345EM05"},{"$f":"[1]Pos!B5168","v":"PO-0020115"},{"$f":"[1]Pos!C5168","v":"BEL"},{"$f":"[1]Pos!D5168","v":1200},{"$f":"[1]Pos!E5168","v":0.626}]
[{"$f":"[1]Pos!A5169","v":"5345P01"},{"$f":"[1]Pos!B5169","v":"PO-0020071"},{"$f":"[1]Pos!C5169","v":"EXCE"},{"$f":"[1]Pos!D5169","v":1289.07},{"$f":"[1]Pos!E5169","v":5.2}]
[{"$f":"[1]Pos!A5170","v":"5345P02"},{"$f":"[1]Pos!B5170","v":"PO-0020116"},{"$f":"[1]Pos!C5170","v":"MOND"},{"$f":"[1]Pos!D5170","v":5352.48},{"$f":"[1]Pos!E5170","v":6.9}]
[{"$f":"[1]Pos!A5171","v":"5345P03"},{"$f":"[1]Pos!B5171","v":"PO-0020137"},{"$f":"[1]Pos!C5171","v":"MOND"},{"$f":"[1]Pos!D5171","v":7443.07},{"$f":"[1]Pos!E5171","v":7}]
[{"$f":"[1]Pos!A5172","v":"5345P04"},{"$f":"[1]Pos!B5172","v":"PO-0020141"},{"$f":"[1]Pos!C5172","v":"CENT"},{"$f":"[1]Pos!D5172","v":3628.8},{"$f":"[1]Pos!E5172","v":4.9000000000000004}]
[{"$f":"[1]Pos!A5173","v":"5345P05"},{"$f":"[1]Pos!B5173","v":"PO-0020168"},{"$f":"[1]Pos!C5173","v":99},{"$f":"[1]Pos!D5173","v":1814.4},{"$f":"[1]Pos!E5173","v":7.6}]
[{"$f":"[1]Pos!A5174","v":"5346AS01"},{"$f":"[1]Pos!B5174","v":"PO-0020130"},{"$f":"[1]Pos!C5174","v":"BSA"},{"$f":"[1]Pos!D5174","v":100},{"$f":"[1]Pos!E5174","v":0.39}]
[{"$f":"[1]Pos!A5175","v":"5346AS02"},{"$f":"[1]Pos!B5175","v":"PO-0020169"},{"$f":"[1]Pos!C5175","v":"BSA"},{"$f":"[1]Pos!D5175","v":96},{"$f":"[1]Pos!E5175","v":6.34}]
[{"$f":"[1]Pos!A5176","v":"5346AS03"},{"$f":"[1]Pos!B5176","v":"PO-0020169"},{"$f":"[1]Pos!C5176","v":"BSA"},{"$f":"[1]Pos!D5176","v":80},{"$f":"[1]Pos!E5176","v":9.1300000000000008}]
[{"$f":"[1]Pos!A5177","v":"5346AS04"},{"$f":"[1]Pos!B5177","v":"PO-0020170"},{"$f":"[1]Pos!C5177","v":"BSA"},{"$f":"[1]Pos!D5177","v":100},{"$f":"[1]Pos!E5177","v":6.34}]
[{"$f":"[1]Pos!A5178","v":"5346AS05"},{"$f":"[1]Pos!B5178","v":"PO-0020438"},{"$f":"[1]Pos!C5178","v":"BSA"},{"$f":"[1]Pos!D5178","v":40},{"$f":"[1]Pos!E5178","v":6.34}]
[{"$f":"[1]Pos!A5179","v":"5346AS06"},{"$f":"[1]Pos!B5179","v":"PO-0020616"},{"$f":"[1]Pos!C5179","v":"BSA"},{"$f":"[1]Pos!D5179","v":100},{"$f":"[1]Pos!E5179","v":6.34}]
[{"$f":"[1]Pos!A5180","v":"5346B01"},{"$f":"[1]Pos!B5180","v":"PO-0020262"},{"$f":"[1]Pos!C5180","v":"JBS"},{"$f":"[1]Pos!D5180","v":1290.0999999999999},{"$f":"[1]Pos!E5180","v":22.29}]
[{"$f":"[1]Pos!A5181","v":"5346EM01"},{"$f":"[1]Pos!B5181","v":"PO-0020129"},{"$f":"[1]Pos!C5181","v":"CROW"},{"$f":"[1]Pos!D5181","v":16800},{"$f":"[1]Pos!E5181","v":0.06}]
[{"$f":"[1]Pos!A5182","v":"5346P01"},{"$f":"[1]Pos!B5182","v":"PO-0020111"},{"$f":"[1]Pos!C5182","v":"EXCE"},{"$f":"[1]Pos!D5182","v":134.04},{"$f":"[1]Pos!E5182","v":3.99}]
[{"$f":"[1]Pos!A5183","v":"5346P02"},{"$f":"[1]Pos!B5183","v":"PO-0020135"},{"$f":"[1]Pos!C5183","v":"EXCE"},{"$f":"[1]Pos!D5183","v":257.35000000000002},{"$f":"[1]Pos!E5183","v":6.9}]
[{"$f":"[1]Pos!A5184","v":"5346P03"},{"$f":"[1]Pos!B5184","v":"PO-0020135"},{"$f":"[1]Pos!C5184","v":"EXCE"},{"$f":"[1]Pos!D5184","v":198},{"$f":"[1]Pos!E5184","v":2.6}]
[{"$f":"[1]Pos!A5185","v":"5346P04"},{"$f":"[1]Pos!B5185","v":"PO-0020139"},{"$f":"[1]Pos!C5185","v":99},{"$f":"[1]Pos!D5185","v":3628.8},{"$f":"[1]Pos!E5185","v":7.24}]
[{"$f":"[1]Pos!A5186","v":"5346P05"},{"$f":"[1]Pos!B5186","v":"PO-0020138"},{"$f":"[1]Pos!C5186","v":"ACCU"},{"$f":"[1]Pos!D5186","v":912.78},{"$f":"[1]Pos!E5186","v":3.6}]
[{"$f":"[1]Pos!A5187","v":"5346P06"},{"$f":"[1]Pos!B5187","v":"PO-0020134"},{"$f":"[1]Pos!C5187","v":"EXCE"},{"$f":"[1]Pos!D5187","v":5443.8},{"$f":"[1]Pos!E5187","v":4.75}]
[{"$f":"[1]Pos!A5188","v":"5346P07"},{"$f":"[1]Pos!B5188","v":"PO-0020137"},{"$f":"[1]Pos!C5188","v":"MOND"},{"$f":"[1]Pos!D5188","v":3714.2867630000001},{"$f":"[1]Pos!E5188","v":7}]
[{"$f":"[1]Pos!A5189","v":"5346P08"},{"$f":"[1]Pos!B5189","v":"PO-0020125"},{"$f":"[1]Pos!C5189","v":"SUNC"},{"$f":"[1]Pos!D5189","v":162.30000000000001},{"$f":"[1]Pos!E5189","v":3.4}]
[{"$f":"[1]Pos!A5190","v":"5346P09"},{"$f":"[1]Pos!B5190","v":"PO-0020145"},{"$f":"[1]Pos!C5190","v":"CENT"},{"$f":"[1]Pos!D5190","v":3628.8},{"$f":"[1]Pos!E5190","v":4.9000000000000004}]
[{"$f":"[1]Pos!A5191","v":"5347P01"},{"$f":"[1]Pos!B5191","v":"PO-0020135"},{"$f":"[1]Pos!C5191","v":"EXCE"},{"$f":"[1]Pos!D5191","v":927.86},{"$f":"[1]Pos!E5191","v":3.4}]
[{"$f":"[1]Pos!A5192","v":"5352B01"},{"$f":"[1]Pos!B5192","v":"PO-0020154"},{"$f":"[1]Pos!C5192","v":"RYDI"},{"$f":"[1]Pos!D5192","v":4033.5},{"$f":"[1]Pos!E5192","v":8.5500000000000007}]
[{"$f":"[1]Pos!A5193","v":"5352B02"},{"$f":"[1]Pos!B5193","v":"PO-0020154"},{"$f":"[1]Pos!C5193","v":"RYDI"},{"$f":"[1]Pos!D5193","v":1717},{"$f":"[1]Pos!E5193","v":4.01}]
[{"$f":"[1]Pos!A5194","v":"5352B03"},{"$f":"[1]Pos!B5194","v":"PO-0020152"},{"$f":"[1]Pos!C5194","v":"RYDI"},{"$f":"[1]Pos!D5194","v":422},{"$f":"[1]Pos!E5194","v":8.26}]
[{"$f":"[1]Pos!A5195","v":"5352B04"},{"$f":"[1]Pos!B5195","v":"PO-0020155"},{"$f":"[1]Pos!C5195","v":"DECA"},{"$f":"[1]Pos!D5195","v":28.58},{"$f":"[1]Pos!E5195","v":2.91}]
[{"$f":"[1]Pos!A5196","v":"5352B05"},{"$f":"[1]Pos!B5196","v":"PO-0020201"},{"$f":"[1]Pos!C5196","v":"DECA"},{"$f":"[1]Pos!D5196","v":773.19355499999995},{"$f":"[1]Pos!E5196","v":5.75}]
[{"$f":"[1]Pos!A5197","v":"5352B06"},{"$f":"[1]Pos!B5197","v":"PO-0020262"},{"$f":"[1]Pos!C5197","v":"JBS"},{"$f":"[1]Pos!D5197","v":151.1},{"$f":"[1]Pos!E5197","v":12.15}]
[{"$f":"[1]Pos!A5198","v":"5352B07"},{"$f":"[1]Pos!B5198","v":"PO-0020262"},{"$f":"[1]Pos!C5198","v":"JBS"},{"$f":"[1]Pos!D5198","v":1022.29},{"$f":"[1]Pos!E5198","v":9.94}]
[{"$f":"[1]Pos!A5199","v":"5352B08"},{"$f":"[1]Pos!B5199","v":"PO-0020360"},{"$f":"[1]Pos!C5199","v":"LARO"},{"$f":"[1]Pos!D5199","v":2722},{"$f":"[1]Pos!E5199","v":3.5}]
[{"$f":"[1]Pos!A5200","v":"5352EM01"},{"$f":"[1]Pos!B5200","v":"PO-0020378"},{"$f":"[1]Pos!C5200","v":"WINP"},{"$f":"[1]Pos!D5200","v":76800},{"$f":"[1]Pos!E5200","v":0.12162000000000001}]
[{"$f":"[1]Pos!A5201","v":"5352EM02"},{"$f":"[1]Pos!B5201","v":"PO-0020378"},{"$f":"[1]Pos!C5201","v":"WINP"},{"$f":"[1]Pos!D5201","v":19200},{"$f":"[1]Pos!E5201","v":0.12162000000000001}]
[{"$f":"[1]Pos!A5202","v":"5352P01"},{"$f":"[1]Pos!B5202","v":"PO-0020151"},{"$f":"[1]Pos!C5202","v":"MOND"},{"$f":"[1]Pos!D5202","v":1634},{"$f":"[1]Pos!E5202","v":7.2}]
[{"$f":"[1]Pos!A5203","v":"5352P02"},{"$f":"[1]Pos!B5203","v":"PO-0020126"},{"$f":"[1]Pos!C5203","v":"SUNC"},{"$f":"[1]Pos!D5203","v":394.46},{"$f":"[1]Pos!E5203","v":3.4}]
[{"$f":"[1]Pos!A5204","v":"5352P03"},{"$f":"[1]Pos!B5204","v":"PO-0020158"},{"$f":"[1]Pos!C5204","v":"PEK"},{"$f":"[1]Pos!D5204","v":739.22},{"$f":"[1]Pos!E5204","v":3.45}]
[{"$f":"[1]Pos!A5205","v":"5352P04"},{"$f":"[1]Pos!B5205","v":"PO-0020163"},{"$f":"[1]Pos!C5205","v":"SUNC"},{"$f":"[1]Pos!D5205","v":3628.8},{"$f":"[1]Pos!E5205","v":7.75}]
[{"$f":"[1]Pos!A5206","v":"5353AS01"},{"$f":"[1]Pos!B5206","v":"PO-0020169"},{"$f":"[1]Pos!C5206","v":"BSA"},{"$f":"[1]Pos!D5206","v":243.2},{"$f":"[1]Pos!E5206","v":12.59}]
[{"$f":"[1]Pos!A5207","v":"5353AS02"},{"$f":"[1]Pos!B5207","v":"PO-0020170"},{"$f":"[1]Pos!C5207","v":"BSA"},{"$f":"[1]Pos!D5207","v":90},{"$f":"[1]Pos!E5207","v":12.59}]
[{"$f":"[1]Pos!A5208","v":"5353AS03"},{"$f":"[1]Pos!B5208","v":"PO-0020438"},{"$f":"[1]Pos!C5208","v":"BSA"},{"$f":"[1]Pos!D5208","v":96},{"$f":"[1]Pos!E5208","v":12.59}]
[{"$f":"[1]Pos!A5209","v":"5353AS04"},{"$f":"[1]Pos!B5209","v":"PO-0020669"},{"$f":"[1]Pos!C5209","v":"BSA"},{"$f":"[1]Pos!D5209","v":115.2},{"$f":"[1]Pos!E5209","v":12.59}]
[{"$f":"[1]Pos!A5210","v":"5353B01"},{"$f":"[1]Pos!B5210","v":"PO-0020219"},{"$f":"[1]Pos!C5210","v":"C&C"},{"$f":"[1]Pos!D5210","v":370.76640200000003},{"$f":"[1]Pos!E5210","v":16.39}]
[{"$f":"[1]Pos!A5211","v":"5353B02"},{"$f":"[1]Pos!B5211","v":"PO-0020275"},{"$f":"[1]Pos!C5211","v":"CHIS"},{"$f":"[1]Pos!D5211","v":17529.68},{"$f":"[1]Pos!E5211","v":2}]
[{"$f":"[1]Pos!A5212","v":"5353EM01"},{"$f":"[1]Pos!B5212","v":"PO-0020147"},{"$f":"[1]Pos!C5212","v":"BEL"},{"$f":"[1]Pos!D5212","v":500},{"$f":"[1]Pos!E5212","v":0.6}]
[{"$f":"[1]Pos!A5213","v":"5353EM02"},{"$f":"[1]Pos!B5213","v":"PO-0020147"},{"$f":"[1]Pos!C5213","v":"BEL"},{"$f":"[1]Pos!D5213","v":1200},{"$f":"[1]Pos!E5213","v":0.432}]
[{"$f":"[1]Pos!A5214","v":"5353EM03"},{"$f":"[1]Pos!B5214","v":"PO-0020147"},{"$f":"[1]Pos!C5214","v":"BEL"},{"$f":"[1]Pos!D5214","v":1200},{"$f":"[1]Pos!E5214","v":0.48}]
[{"$f":"[1]Pos!A5215","v":"5353EM04"},{"$f":"[1]Pos!B5215","v":"PO-0020147"},{"$f":"[1]Pos!C5215","v":"BEL"},{"$f":"[1]Pos!D5215","v":2000},{"$f":"[1]Pos!E5215","v":0.69099999999999995}]
[{"$f":"[1]Pos!A5216","v":"5353EM05"},{"$f":"[1]Pos!B5216","v":"PO-0020147"},{"$f":"[1]Pos!C5216","v":"BEL"},{"$f":"[1]Pos!D5216","v":1200},{"$f":"[1]Pos!E5216","v":0.626}]
[{"$f":"[1]Pos!A5217","v":"5353P01"},{"$f":"[1]Pos!B5217","v":"PO-0020142"},{"$f":"[1]Pos!C5217","v":"EXCE"},{"$f":"[1]Pos!D5217","v":654.98},{"$f":"[1]Pos!E5217","v":3.4}]
[{"$f":"[1]Pos!A5218","v":"5353P02"},{"$f":"[1]Pos!B5218","v":"PO-0020157"},{"$f":"[1]Pos!C5218","v":"EXCE"},{"$f":"[1]Pos!D5218","v":331.17},{"$f":"[1]Pos!E5218","v":6.75}]
[{"$f":"[1]Pos!A5219","v":"5353P03"},{"$f":"[1]Pos!B5219","v":"PO-0020156"},{"$f":"[1]Pos!C5219","v":99},{"$f":"[1]Pos!D5219","v":604.88},{"$f":"[1]Pos!E5219","v":2.8}]
[{"$f":"[1]Pos!A5220","v":"5353P04"},{"$f":"[1]Pos!B5220","v":"PO-0020156"},{"$f":"[1]Pos!C5220","v":99},{"$f":"[1]Pos!D5220","v":312.73},{"$f":"[1]Pos!E5220","v":5.15}]
[{"$f":"[1]Pos!A5221","v":"5353P05"},{"$f":"[1]Pos!B5221","v":"PO-0020159"},{"$f":"[1]Pos!C5221","v":"ACCU"},{"$f":"[1]Pos!D5221","v":775.86},{"$f":"[1]Pos!E5221","v":3.6}]
[{"$f":"[1]Pos!A5222","v":"5354AS01"},{"$f":"[1]Pos!B5222","v":"PO-0021360"},{"$f":"[1]Pos!C5222","v":"BSA"},{"$f":"[1]Pos!D5222","v":25},{"$f":"[1]Pos!E5222","v":2.78}]
[{"$f":"[1]Pos!A5223","v":"5354B01"},{"$f":"[1]Pos!B5223","v":"PO-0020132"},{"$f":"[1]Pos!C5223","v":"WHIT"},{"$f":"[1]Pos!D5223","v":44.24},{"$f":"[1]Pos!E5223","v":10.5}]
[{"$f":"[1]Pos!A5224","v":"5354B02"},{"$f":"[1]Pos!B5224","v":"PO-0020132"},{"$f":"[1]Pos!C5224","v":"WHIT"},{"$f":"[1]Pos!D5224","v":62.02},{"$f":"[1]Pos!E5224","v":8.9}]
[{"$f":"[1]Pos!A5225","v":"5354B03"},{"$f":"[1]Pos!B5225","v":"PO-0020153"},{"$f":"[1]Pos!C5225","v":"RYDI"},{"$f":"[1]Pos!D5225","v":444},{"$f":"[1]Pos!E5225","v":8.26}]
[{"$f":"[1]Pos!A5226","v":"5354B04"},{"$f":"[1]Pos!B5226","v":"PO-0020191"},{"$f":"[1]Pos!C5226","v":"C&C"},{"$f":"[1]Pos!D5226","v":175.2},{"$f":"[1]Pos!E5226","v":29.95}]
[{"$f":"[1]Pos!A5227","v":"5354P01"},{"$f":"[1]Pos!B5227","v":"PO-0020149"},{"$f":"[1]Pos!C5227","v":"EXCE"},{"$f":"[1]Pos!D5227","v":1922.65},{"$f":"[1]Pos!E5227","v":3.4}]
[{"$f":"[1]Pos!A5228","v":"5354P02"},{"$f":"[1]Pos!B5228","v":"PO-0020171"},{"$f":"[1]Pos!C5228","v":99},{"$f":"[1]Pos!D5228","v":40.6},{"$f":"[1]Pos!E5228","v":5.75}]
[{"$f":"[1]Pos!A5229","v":"5354P03"},{"$f":"[1]Pos!B5229","v":"PO-0020160"},{"$f":"[1]Pos!C5229","v":"ACCU"},{"$f":"[1]Pos!D5229","v":1980},{"$f":"[1]Pos!E5229","v":5.3}]
[{"$f":"[1]Pos!A5230","v":"5354P04"},{"$f":"[1]Pos!B5230","v":"PO-0020167"},{"$f":"[1]Pos!C5230","v":"CENT"},{"$f":"[1]Pos!D5230","v":2256.5100000000002},{"$f":"[1]Pos!E5230","v":5.25}]
[{"$f":"[1]Pos!A5231","v":"5354P05"},{"$f":"[1]Pos!B5231","v":"PO-0020195"},{"$f":"[1]Pos!C5231","v":"CENT"},{"$f":"[1]Pos!D5231","v":710.76400000000001},{"$f":"[1]Pos!E5231","v":4.5}]
[{"$f":"[1]Pos!A5232","v":"5355AS01"},{"$f":"[1]Pos!B5232","v":"PO-0020172"},{"$f":"[1]Pos!C5232","v":"MONTO"},{"$f":"[1]Pos!D5232","v":300},{"$f":"[1]Pos!E5232","v":7.94}]
[{"$f":"[1]Pos!A5233","v":"5355AS02"},{"$f":"[1]Pos!B5233","v":"PO-0020173"},{"$f":"[1]Pos!C5233","v":"MONTO"},{"$f":"[1]Pos!D5233","v":300},{"$f":"[1]Pos!E5233","v":7.94}]
[{"$f":"[1]Pos!A5234","v":"5355B01"},{"$f":"[1]Pos!B5234","v":"PO-0020132"},{"$f":"[1]Pos!C5234","v":"WHIT"},{"$f":"[1]Pos!D5234","v":164.16},{"$f":"[1]Pos!E5234","v":14.5}]
[{"$f":"[1]Pos!A5235","v":"5355EM01"},{"$f":"[1]Pos!B5235","v":"PO-0020164"},{"$f":"[1]Pos!C5235","v":"BEL"},{"$f":"[1]Pos!D5235","v":500},{"$f":"[1]Pos!E5235","v":0.6}]
[{"$f":"[1]Pos!A5236","v":"5355EM02"},{"$f":"[1]Pos!B5236","v":"PO-0020164"},{"$f":"[1]Pos!C5236","v":"BEL"},{"$f":"[1]Pos!D5236","v":500},{"$f":"[1]Pos!E5236","v":1.32}]
[{"$f":"[1]Pos!A5237","v":"5355EM03"},{"$f":"[1]Pos!B5237","v":"PO-0020164"},{"$f":"[1]Pos!C5237","v":"BEL"},{"$f":"[1]Pos!D5237","v":1200},{"$f":"[1]Pos!E5237","v":0.432}]
[{"$f":"[1]Pos!A5238","v":"5355EM04"},{"$f":"[1]Pos!B5238","v":"PO-0020164"},{"$f":"[1]Pos!C5238","v":"BEL"},{"$f":"[1]Pos!D5238","v":1200},{"$f":"[1]Pos!E5238","v":0.48}]
[{"$f":"[1]Pos!A5239","v":"5355EM05"},{"$f":"[1]Pos!B5239","v":"PO-0020164"},{"$f":"[1]Pos!C5239","v":"BEL"},{"$f":"[1]Pos!D5239","v":500},{"$f":"[1]Pos!E5239","v":0.44700000000000001}]
[{"$f":"[1]Pos!A5240","v":"5355EM06"},{"$f":"[1]Pos!B5240","v":"PO-0020164"},{"$f":"[1]Pos!C5240","v":"BEL"},{"$f":"[1]Pos!D5240","v":1000},{"$f":"[1]Pos!E5240","v":0.69099999999999995}]
[{"$f":"[1]Pos!A5241","v":"5355P01"},{"$f":"[1]Pos!B5241","v":"PO-0020150"},{"$f":"[1]Pos!C5241","v":"EXCE"},{"$f":"[1]Pos!D5241","v":847.75},{"$f":"[1]Pos!E5241","v":3.4}]
[{"$f":"[1]Pos!A5242","v":"5355P02"},{"$f":"[1]Pos!B5242","v":"PO-0020183"},{"$f":"[1]Pos!C5242","v":"CENT"},{"$f":"[1]Pos!D5242","v":5443.2},{"$f":"[1]Pos!E5242","v":4.9000000000000004}]
[{"$f":"[1]Pos!A5243","v":"5355P03"},{"$f":"[1]Pos!B5243","v":"PO-0020189"},{"$f":"[1]Pos!C5243","v":99},{"$f":"[1]Pos!D5243","v":3628.8},{"$f":"[1]Pos!E5243","v":7.15}]
[{"$f":"[1]Pos!A5244","v":"5355P04"},{"$f":"[1]Pos!B5244","v":"PO-0020190"},{"$f":"[1]Pos!C5244","v":"EXCE"},{"$f":"[1]Pos!D5244","v":134.56},{"$f":"[1]Pos!E5244","v":3.99}]
[{"$f":"[1]Pos!A5245","v":"5355P05"},{"$f":"[1]Pos!B5245","v":"PO-0020180"},{"$f":"[1]Pos!C5245","v":"VIST"},{"$f":"[1]Pos!D5245","v":18125.849999999999},{"$f":"[1]Pos!E5245","v":2.8}]
[{"$f":"[1]Pos!A5246","v":"5356B01"},{"$f":"[1]Pos!B5246","v":"PO-0020262"},{"$f":"[1]Pos!C5246","v":"JBS"},{"$f":"[1]Pos!D5246","v":686.84},{"$f":"[1]Pos!E5246","v":28.57}]
[{"$f":"[1]Pos!A5247","v":"5356P01"},{"$f":"[1]Pos!B5247","v":"PO-0020181"},{"$f":"[1]Pos!C5247","v":"EXCE"},{"$f":"[1]Pos!D5247","v":6587.92},{"$f":"[1]Pos!E5247","v":5.05}]
[{"$f":"[1]Pos!A5248","v":"5356P02"},{"$f":"[1]Pos!B5248","v":"PO-0020184"},{"$f":"[1]Pos!C5248","v":"CENT"},{"$f":"[1]Pos!D5248","v":275},{"$f":"[1]Pos!E5248","v":8.5}]
[{"$f":"[1]Pos!A5249","v":"5356P03"},{"$f":"[1]Pos!B5249","v":"PO-0020184"},{"$f":"[1]Pos!C5249","v":"CENT"},{"$f":"[1]Pos!D5249","v":575},{"$f":"[1]Pos!E5249","v":7.5}]
[{"$f":"[1]Pos!A5250","v":"5356P04"},{"$f":"[1]Pos!B5250","v":"PO-0020188"},{"$f":"[1]Pos!C5250","v":"ACCU"},{"$f":"[1]Pos!D5250","v":797},{"$f":"[1]Pos!E5250","v":3.6}]
[{"$f":"[1]Pos!A5251","v":"5356P05"},{"$f":"[1]Pos!B5251","v":"PO-0020187"},{"$f":"[1]Pos!C5251","v":"ACCU"},{"$f":"[1]Pos!D5251","v":2700},{"$f":"[1]Pos!E5251","v":5.3}]
[{"$f":"[1]Pos!A5252","v":"5356P06"},{"$f":"[1]Pos!B5252","v":"PO-0020190"},{"$f":"[1]Pos!C5252","v":"EXCE"},{"$f":"[1]Pos!D5252","v":629.58000000000004},{"$f":"[1]Pos!E5252","v":3.2}]
[{"$f":"[1]Pos!A5253","v":"5356P07"},{"$f":"[1]Pos!B5253","v":"PO-0020190"},{"$f":"[1]Pos!C5253","v":"EXCE"},{"$f":"[1]Pos!D5253","v":216.68},{"$f":"[1]Pos!E5253","v":2.6}]
[{"$f":"[1]Pos!A5254","v":"5356P08"},{"$f":"[1]Pos!B5254","v":"PO-0020190"},{"$f":"[1]Pos!C5254","v":"EXCE"},{"$f":"[1]Pos!D5254","v":202.38},{"$f":"[1]Pos!E5254","v":6.9}]
[{"$f":"[1]Pos!A5255","v":"5356P09"},{"$f":"[1]Pos!B5255","v":"PO-0020193"},{"$f":"[1]Pos!C5255","v":"EXCE"},{"$f":"[1]Pos!D5255","v":55.88},{"$f":"[1]Pos!E5255","v":5.5}]
[{"$f":"[1]Pos!A5256","v":"5356P10"},{"$f":"[1]Pos!B5256","v":"PO-0020194"},{"$f":"[1]Pos!C5256","v":"CENT"},{"$f":"[1]Pos!D5256","v":1814.4},{"$f":"[1]Pos!E5256","v":4.9000000000000004}]
[{"$f":"[1]Pos!A5257","v":"5356P11"},{"$f":"[1]Pos!B5257","v":"PO-0020196"},{"$f":"[1]Pos!C5257","v":"EXCE"},{"$f":"[1]Pos!D5257","v":1289.83},{"$f":"[1]Pos!E5257","v":5.4}]
[{"$f":"[1]Pos!A5258","v":"5356P12"},{"$f":"[1]Pos!B5258","v":"PO-0020196"},{"$f":"[1]Pos!C5258","v":"EXCE"},{"$f":"[1]Pos!D5258","v":1284.01},{"$f":"[1]Pos!E5258","v":3.4}]
[{"$f":"[1]Pos!A5259","v":"5356P13"},{"$f":"[1]Pos!B5259","v":"PO-0020194"},{"$f":"[1]Pos!C5259","v":"CENT"},{"$f":"[1]Pos!D5259","v":1108.5999999999999},{"$f":"[1]Pos!E5259","v":5.25}]
[{"$f":"[1]Pos!A5260","v":"5357P01"},{"$f":"[1]Pos!B5260","v":"PO-0020190"},{"$f":"[1]Pos!C5260","v":"EXCE"},{"$f":"[1]Pos!D5260","v":220.16},{"$f":"[1]Pos!E5260","v":3.5}]
[{"$f":"[1]Pos!A5261","v":"5362AS01"},{"$f":"[1]Pos!B5261","v":"PO-0020438"},{"$f":"[1]Pos!C5261","v":"BSA"},{"$f":"[1]Pos!D5261","v":50},{"$f":"[1]Pos!E5261","v":8.75}]
[{"$f":"[1]Pos!A5262","v":"5362B01"},{"$f":"[1]Pos!B5262","v":"PO-0020166"},{"$f":"[1]Pos!C5262","v":"LARO"},{"$f":"[1]Pos!D5262","v":1080},{"$f":"[1]Pos!E5262","v":8.2899999999999991}]
[{"$f":"[1]Pos!A5263","v":"5362B02"},{"$f":"[1]Pos!B5263","v":"PO-0020166"},{"$f":"[1]Pos!C5263","v":"LARO"},{"$f":"[1]Pos!D5263","v":574.5},{"$f":"[1]Pos!E5263","v":4.75}]
[{"$f":"[1]Pos!A5264","v":"5362B03"},{"$f":"[1]Pos!B5264","v":"PO-0020258"},{"$f":"[1]Pos!C5264","v":"DECA"},{"$f":"[1]Pos!D5264","v":773.96},{"$f":"[1]Pos!E5264","v":8.48}]
[{"$f":"[1]Pos!A5265","v":"5362P01"},{"$f":"[1]Pos!B5265","v":"PO-0020185"},{"$f":"[1]Pos!C5265","v":"MOND"},{"$f":"[1]Pos!D5265","v":7938},{"$f":"[1]Pos!E5265","v":7.15}]
[{"$f":"[1]Pos!A5266","v":"5362P02"},{"$f":"[1]Pos!B5266","v":"PO-0020185"},{"$f":"[1]Pos!C5266","v":"MOND"},{"$f":"[1]Pos!D5266","v":1814.4},{"$f":"[1]Pos!E5266","v":6.6}]
[{"$f":"[1]Pos!A5267","v":"5362P03"},{"$f":"[1]Pos!B5267","v":"PO-0020203"},{"$f":"[1]Pos!C5267","v":"ACCU"},{"$f":"[1]Pos!D5267","v":816.9},{"$f":"[1]Pos!E5267","v":3.6}]
[{"$f":"[1]Pos!A5268","v":"5362P04"},{"$f":"[1]Pos!B5268","v":"PO-0020214"},{"$f":"[1]Pos!C5268","v":"SUNC"},{"$f":"[1]Pos!D5268","v":3628.8},{"$f":"[1]Pos!E5268","v":7.46}]
[{"$f":"[1]Pos!A5269","v":"5363B01"},{"$f":"[1]Pos!B5269","v":"PO-0020198"},{"$f":"[1]Pos!C5269","v":"DELF"},{"$f":"[1]Pos!D5269","v":124.9},{"$f":"[1]Pos!E5269","v":8.6}]
[{"$f":"[1]Pos!A5270","v":"5363B02"},{"$f":"[1]Pos!B5270","v":"PO-0020144"},{"$f":"[1]Pos!C5270","v":"JBS"},{"$f":"[1]Pos!D5270","v":2295.9},{"$f":"[1]Pos!E5270","v":15.15}]
[{"$f":"[1]Pos!A5271","v":"5363B03"},{"$f":"[1]Pos!B5271","v":"PO-0020244"},{"$f":"[1]Pos!C5271","v":"DECA"},{"$f":"[1]Pos!D5271","v":204.79695599999999},{"$f":"[1]Pos!E5271","v":3.69}]
[{"$f":"[1]Pos!A5272","v":"5363B04"},{"$f":"[1]Pos!B5272","v":"PO-0020131"},{"$f":"[1]Pos!C5272","v":"CAR"},{"$f":"[1]Pos!D5272","v":1420.9},{"$f":"[1]Pos!E5272","v":4.28}]
[{"$f":"[1]Pos!A5273","v":"5363EM01"},{"$f":"[1]Pos!B5273","v":"PO-0020199"},{"$f":"[1]Pos!C5273","v":"BEL"},{"$f":"[1]Pos!D5273","v":500},{"$f":"[1]Pos!E5273","v":0.6}]
[{"$f":"[1]Pos!A5274","v":"5363EM02"},{"$f":"[1]Pos!B5274","v":"PO-0020199"},{"$f":"[1]Pos!C5274","v":"BEL"},{"$f":"[1]Pos!D5274","v":1200},{"$f":"[1]Pos!E5274","v":0.48}]
[{"$f":"[1]Pos!A5275","v":"5363EM03"},{"$f":"[1]Pos!B5275","v":"PO-0020199"},{"$f":"[1]Pos!C5275","v":"BEL"},{"$f":"[1]Pos!D5275","v":600},{"$f":"[1]Pos!E5275","v":0.64500000000000002}]
[{"$f":"[1]Pos!A5276","v":"5363EM04"},{"$f":"[1]Pos!B5276","v":"PO-0020199"},{"$f":"[1]Pos!C5276","v":"BEL"},{"$f":"[1]Pos!D5276","v":2000},{"$f":"[1]Pos!E5276","v":0.69099999999999995}]
[{"$f":"[1]Pos!A5277","v":"5363EM05"},{"$f":"[1]Pos!B5277","v":"PO-0020199"},{"$f":"[1]Pos!C5277","v":"BEL"},{"$f":"[1]Pos!D5277","v":1200},{"$f":"[1]Pos!E5277","v":0.432}]
[{"$f":"[1]Pos!A5278","v":"5363P01"},{"$f":"[1]Pos!B5278","v":"PO-0020205"},{"$f":"[1]Pos!C5278","v":"EXCE"},{"$f":"[1]Pos!D5278","v":1282.6300000000001},{"$f":"[1]Pos!E5278","v":5.4}]
[{"$f":"[1]Pos!A5279","v":"5363P02"},{"$f":"[1]Pos!B5279","v":"PO-0020205"},{"$f":"[1]Pos!C5279","v":"EXCE"},{"$f":"[1]Pos!D5279","v":1284.18},{"$f":"[1]Pos!E5279","v":3.5}]
[{"$f":"[1]Pos!A5280","v":"5363P03"},{"$f":"[1]Pos!B5280","v":"PO-0020209"},{"$f":"[1]Pos!C5280","v":99},{"$f":"[1]Pos!D5280","v":294.04000000000002},{"$f":"[1]Pos!E5280","v":2.8}]
[{"$f":"[1]Pos!A5281","v":"5363P04"},{"$f":"[1]Pos!B5281","v":"PO-0020206"},{"$f":"[1]Pos!C5281","v":"SUNC"},{"$f":"[1]Pos!D5281","v":125.78},{"$f":"[1]Pos!E5281","v":3.4}]
[{"$f":"[1]Pos!A5282","v":"5363P05"},{"$f":"[1]Pos!B5282","v":"PO-0020213"},{"$f":"[1]Pos!C5282","v":"EXCE"},{"$f":"[1]Pos!D5282","v":5866.1},{"$f":"[1]Pos!E5282","v":5.05}]
[{"$f":"[1]Pos!A5283","v":"5363P06"},{"$f":"[1]Pos!B5283","v":"PO-0020220"},{"$f":"[1]Pos!C5283","v":99},{"$f":"[1]Pos!D5283","v":134.96},{"$f":"[1]Pos!E5283","v":4.45}]
[{"$f":"[1]Pos!A5284","v":"5363P07"},{"$f":"[1]Pos!B5284","v":"PO-0020210"},{"$f":"[1]Pos!C5284","v":"DESC"},{"$f":"[1]Pos!D5284","v":5443.2},{"$f":"[1]Pos!E5284","v":7.5}]
[{"$f":"[1]Pos!A5285","v":"5363P08"},{"$f":"[1]Pos!B5285","v":"PO-0020224"},{"$f":"[1]Pos!C5285","v":"MOND"},{"$f":"[1]Pos!D5285","v":1360.8},{"$f":"[1]Pos!E5285","v":7.15}]
[{"$f":"[1]Pos!A5286","v":"5364AS01"},{"$f":"[1]Pos!B5286","v":"PO-0020861"},{"$f":"[1]Pos!C5286","v":"BSA"},{"$f":"[1]Pos!D5286","v":193.6},{"$f":"[1]Pos!E5286","v":12.59}]
[{"$f":"[1]Pos!A5287","v":"5364B01"},{"$f":"[1]Pos!B5287","v":"PO-0020202"},{"$f":"[1]Pos!C5287","v":"BOUC"},{"$f":"[1]Pos!D5287","v":88.5},{"$f":"[1]Pos!E5287","v":3.51}]
[{"$f":"[1]Pos!A5288","v":"5364B02"},{"$f":"[1]Pos!B5288","v":"PO-0020215"},{"$f":"[1]Pos!C5288","v":"RYDI"},{"$f":"[1]Pos!D5288","v":406},{"$f":"[1]Pos!E5288","v":8.26}]
[{"$f":"[1]Pos!A5289","v":"5364B03"},{"$f":"[1]Pos!B5289","v":"PO-0020241"},{"$f":"[1]Pos!C5289","v":"AGRO"},{"$f":"[1]Pos!D5289","v":1580.08},{"$f":"[1]Pos!E5289","v":8}]
[{"$f":"[1]Pos!A5290","v":"5364B04"},{"$f":"[1]Pos!B5290","v":"PO-0021330"},{"$f":"[1]Pos!C5290","v":"ALIMPLUS"},{"$f":"[1]Pos!D5290","v":35.729999999999997},{"$f":"[1]Pos!E5290","v":9}]
[{"$f":"[1]Pos!A5291","v":"5364P01"},{"$f":"[1]Pos!B5291","v":"PO-0020207"},{"$f":"[1]Pos!C5291","v":"EXCE"},{"$f":"[1]Pos!D5291","v":295.61},{"$f":"[1]Pos!E5291","v":6.9}]
[{"$f":"[1]Pos!A5292","v":"5364P02"},{"$f":"[1]Pos!B5292","v":"PO-0020213"},{"$f":"[1]Pos!C5292","v":"EXCE"},{"$f":"[1]Pos!D5292","v":1284.56},{"$f":"[1]Pos!E5292","v":5.4}]
[{"$f":"[1]Pos!A5293","v":"5364P03"},{"$f":"[1]Pos!B5293","v":"PO-0020213"},{"$f":"[1]Pos!C5293","v":"EXCE"},{"$f":"[1]Pos!D5293","v":1282.96},{"$f":"[1]Pos!E5293","v":3.5}]
[{"$f":"[1]Pos!A5294","v":"5364P04"},{"$f":"[1]Pos!B5294","v":"PO-0020204"},{"$f":"[1]Pos!C5294","v":"ACCU"},{"$f":"[1]Pos!D5294","v":901.12},{"$f":"[1]Pos!E5294","v":5.45}]
[{"$f":"[1]Pos!A5295","v":"5364P05"},{"$f":"[1]Pos!B5295","v":"PO-0020217"},{"$f":"[1]Pos!C5295","v":"ACCU"},{"$f":"[1]Pos!D5295","v":814.53},{"$f":"[1]Pos!E5295","v":5.4}]
[{"$f":"[1]Pos!A5296","v":"5364P06"},{"$f":"[1]Pos!B5296","v":"PO-0020223"},{"$f":"[1]Pos!C5296","v":"EXCE"},{"$f":"[1]Pos!D5296","v":1286.1300000000001},{"$f":"[1]Pos!E5296","v":5.4}]
[{"$f":"[1]Pos!A5297","v":"5364P07"},{"$f":"[1]Pos!B5297","v":"PO-0020223"},{"$f":"[1]Pos!C5297","v":"EXCE"},{"$f":"[1]Pos!D5297","v":1272.45},{"$f":"[1]Pos!E5297","v":3.5}]
[{"$f":"[1]Pos!A5298","v":"5364P08"},{"$f":"[1]Pos!B5298","v":"PO-0020234"},{"$f":"[1]Pos!C5298","v":"CENT"},{"$f":"[1]Pos!D5298","v":2721.6},{"$f":"[1]Pos!E5298","v":4.9000000000000004}]
[{"$f":"[1]Pos!A5299","v":"5365B01"},{"$f":"[1]Pos!B5299","v":"PO-0020249"},{"$f":"[1]Pos!C5299","v":"DECA"},{"$f":"[1]Pos!D5299","v":1595.48},{"$f":"[1]Pos!E5299","v":6.99}]
[{"$f":"[1]Pos!A5300","v":"5365D01"},{"$f":"[1]Pos!B5300","v":"PO-0020211"},{"$f":"[1]Pos!C5300","v":"FDA"},{"$f":"[1]Pos!D5300","v":45.35},{"$f":"[1]Pos!E5300","v":10.79}]
[{"$f":"[1]Pos!A5301","v":"5365P01"},{"$f":"[1]Pos!B5301","v":"PO-0020212"},{"$f":"[1]Pos!C5301","v":"MOND"},{"$f":"[1]Pos!D5301","v":5298.04},{"$f":"[1]Pos!E5301","v":7.15}]
[{"$f":"[1]Pos!A5302","v":"5365P02"},{"$f":"[1]Pos!B5302","v":"PO-0020218"},{"$f":"[1]Pos!C5302","v":"MOND"},{"$f":"[1]Pos!D5302","v":1632.96},{"$f":"[1]Pos!E5302","v":6.6}]
[{"$f":"[1]Pos!A5303","v":"5365P03"},{"$f":"[1]Pos!B5303","v":"PO-0020218"},{"$f":"[1]Pos!C5303","v":"MOND"},{"$f":"[1]Pos!D5303","v":181.4},{"$f":"[1]Pos!E5303","v":6.6}]
[{"$f":"[1]Pos!A5304","v":"5365P04"},{"$f":"[1]Pos!B5304","v":"PO-0020225"},{"$f":"[1]Pos!C5304","v":"EXCE"},{"$f":"[1]Pos!D5304","v":134.6},{"$f":"[1]Pos!E5304","v":3.99}]
[{"$f":"[1]Pos!A5305","v":"5365P05"},{"$f":"[1]Pos!B5305","v":"PO-0020224"},{"$f":"[1]Pos!C5305","v":"MOND"},{"$f":"[1]Pos!D5305","v":2267.5},{"$f":"[1]Pos!E5305","v":7.15}]
[{"$f":"[1]Pos!A5306","v":"5365P06"},{"$f":"[1]Pos!B5306","v":"PO-0020229"},{"$f":"[1]Pos!C5306","v":"EXCE"},{"$f":"[1]Pos!D5306","v":623.76},{"$f":"[1]Pos!E5306","v":3.2}]
[{"$f":"[1]Pos!A5307","v":"5365P07"},{"$f":"[1]Pos!B5307","v":"PO-0020229"},{"$f":"[1]Pos!C5307","v":"EXCE"},{"$f":"[1]Pos!D5307","v":146.69},{"$f":"[1]Pos!E5307","v":6.9}]
[{"$f":"[1]Pos!A5308","v":"5365P08"},{"$f":"[1]Pos!B5308","v":"PO-0020229"},{"$f":"[1]Pos!C5308","v":"EXCE"},{"$f":"[1]Pos!D5308","v":162.83000000000001},{"$f":"[1]Pos!E5308","v":2.6}]
[{"$f":"[1]Pos!A5309","v":"5365P09"},{"$f":"[1]Pos!B5309","v":"PO-0020226"},{"$f":"[1]Pos!C5309","v":"DESC"},{"$f":"[1]Pos!D5309","v":1415.2},{"$f":"[1]Pos!E5309","v":7.5}]
[{"$f":"[1]Pos!A5310","v":"5365P10"},{"$f":"[1]Pos!B5310","v":"PO-0020236"},{"$f":"[1]Pos!C5310","v":"CENT"},{"$f":"[1]Pos!D5310","v":3628.8},{"$f":"[1]Pos!E5310","v":4.9000000000000004}]
[{"$f":"[1]Pos!A5311","v":"5365P11"},{"$f":"[1]Pos!B5311","v":"PO-0020237"},{"$f":"[1]Pos!C5311","v":99},{"$f":"[1]Pos!D5311","v":3628.8},{"$f":"[1]Pos!E5311","v":7}]
[{"$f":"[1]Pos!A5312","v":"5366B01"},{"$f":"[1]Pos!B5312","v":"PO-0020221"},{"$f":"[1]Pos!C5312","v":"BOUC"},{"$f":"[1]Pos!D5312","v":121.06},{"$f":"[1]Pos!E5312","v":3.47}]
[{"$f":"[1]Pos!A5313","v":"5366B02"},{"$f":"[1]Pos!B5313","v":"PO-0020221"},{"$f":"[1]Pos!C5313","v":"BOUC"},{"$f":"[1]Pos!D5313","v":74.72},{"$f":"[1]Pos!E5313","v":3.51}]
[{"$f":"[1]Pos!A5314","v":"5366B03"},{"$f":"[1]Pos!B5314","v":"PO-0020245"},{"$f":"[1]Pos!C5314","v":"RYDI"},{"$f":"[1]Pos!D5314","v":449.5},{"$f":"[1]Pos!E5314","v":8.27}]
[{"$f":"[1]Pos!A5315","v":"5366B04"},{"$f":"[1]Pos!B5315","v":"PO-0020244"},{"$f":"[1]Pos!C5315","v":"DECA"},{"$f":"[1]Pos!D5315","v":59.24},{"$f":"[1]Pos!E5315","v":2.97}]
[{"$f":"[1]Pos!A5316","v":"5366B05"},{"$f":"[1]Pos!B5316","v":"PO-0020262"},{"$f":"[1]Pos!C5316","v":"JBS"},{"$f":"[1]Pos!D5316","v":526.5},{"$f":"[1]Pos!E5316","v":11.88}]
[{"$f":"[1]Pos!A5317","v":"5366B06"},{"$f":"[1]Pos!B5317","v":"PO-0020729"},{"$f":"[1]Pos!C5317","v":"DECA"},{"$f":"[1]Pos!D5317","v":73.2},{"$f":"[1]Pos!E5317","v":1.69}]
[{"$f":"[1]Pos!A5318","v":"5366B07"},{"$f":"[1]Pos!B5318","v":"PO-0020733"},{"$f":"[1]Pos!C5318","v":"DECA"},{"$f":"[1]Pos!D5318","v":73.2},{"$f":"[1]Pos!E5318","v":3.12}]
[{"$f":"[1]Pos!A5319","v":"5366EM01"},{"$f":"[1]Pos!B5319","v":"PO-0020230"},{"$f":"[1]Pos!C5319","v":"BEL"},{"$f":"[1]Pos!D5319","v":1000},{"$f":"[1]Pos!E5319","v":0.69099999999999995}]
[{"$f":"[1]Pos!A5320","v":"5366EM02"},{"$f":"[1]Pos!B5320","v":"PO-0020230"},{"$f":"[1]Pos!C5320","v":"BEL"},{"$f":"[1]Pos!D5320","v":500},{"$f":"[1]Pos!E5320","v":1.32}]
[{"$f":"[1]Pos!A5321","v":"5366EM03"},{"$f":"[1]Pos!B5321","v":"PO-0020230"},{"$f":"[1]Pos!C5321","v":"BEL"},{"$f":"[1]Pos!D5321","v":1200},{"$f":"[1]Pos!E5321","v":0.48}]
[{"$f":"[1]Pos!A5322","v":"5366EM04"},{"$f":"[1]Pos!B5322","v":"PO-0020230"},{"$f":"[1]Pos!C5322","v":"BEL"},{"$f":"[1]Pos!D5322","v":1080},{"$f":"[1]Pos!E5322","v":0.44700000000000001}]
[{"$f":"[1]Pos!A5323","v":"5366EM05"},{"$f":"[1]Pos!B5323","v":"PO-0020230"},{"$f":"[1]Pos!C5323","v":"BEL"},{"$f":"[1]Pos!D5323","v":500},{"$f":"[1]Pos!E5323","v":0.6}]
[{"$f":"[1]Pos!A5324","v":"5366EM06"},{"$f":"[1]Pos!B5324","v":"PO-0020230"},{"$f":"[1]Pos!C5324","v":"BEL"},{"$f":"[1]Pos!D5324","v":1200},{"$f":"[1]Pos!E5324","v":0.432}]
[{"$f":"[1]Pos!A5325","v":"5366EM07"},{"$f":"[1]Pos!B5325","v":"PO-0020230"},{"$f":"[1]Pos!C5325","v":"BEL"},{"$f":"[1]Pos!D5325","v":50},{"$f":"[1]Pos!E5325","v":0.01}]
[{"$f":"[1]Pos!A5326","v":"5366P01"},{"$f":"[1]Pos!B5326","v":"PO-0020229"},{"$f":"[1]Pos!C5326","v":"EXCE"},{"$f":"[1]Pos!D5326","v":183.9},{"$f":"[1]Pos!E5326","v":3.5}]
[{"$f":"[1]Pos!A5327","v":"5366P02"},{"$f":"[1]Pos!B5327","v":"PO-0020232"},{"$f":"[1]Pos!C5327","v":"MOND"},{"$f":"[1]Pos!D5327","v":7257.6},{"$f":"[1]Pos!E5327","v":7.2}]
[{"$f":"[1]Pos!A5328","v":"5366P03"},{"$f":"[1]Pos!B5328","v":"PO-0020232"},{"$f":"[1]Pos!C5328","v":"MOND"},{"$f":"[1]Pos!D5328","v":7257.6},{"$f":"[1]Pos!E5328","v":7.2}]
[{"$f":"[1]Pos!A5329","v":"5366P04"},{"$f":"[1]Pos!B5329","v":"PO-0020235"},{"$f":"[1]Pos!C5329","v":"ACCU"},{"$f":"[1]Pos!D5329","v":1440},{"$f":"[1]Pos!E5329","v":5.65}]
[{"$f":"[1]Pos!A5330","v":"5366P05"},{"$f":"[1]Pos!B5330","v":"PO-0020239"},{"$f":"[1]Pos!C5330","v":"CENT"},{"$f":"[1]Pos!D5330","v":404.76},{"$f":"[1]Pos!E5330","v":5.25}]
[{"$f":"[1]Pos!A5331","v":"5366P06"},{"$f":"[1]Pos!B5331","v":"PO-0020239"},{"$f":"[1]Pos!C5331","v":"CENT"},{"$f":"[1]Pos!D5331","v":128.04},{"$f":"[1]Pos!E5331","v":5.25}]
[{"$f":"[1]Pos!A5332","v":"5366P07"},{"$f":"[1]Pos!B5332","v":"PO-0020240"},{"$f":"[1]Pos!C5332","v":"EXCE"},{"$f":"[1]Pos!D5332","v":3860.76},{"$f":"[1]Pos!E5332","v":5.5}]
[{"$f":"[1]Pos!A5333","v":"5367P01"},{"$f":"[1]Pos!B5333","v":"PO-0020240"},{"$f":"[1]Pos!C5333","v":"EXCE"},{"$f":"[1